{"text_format":"1","workbook":"xlsx","n_sheets":6,"sheets":["Orçamentária","Composições","BDI","Serviços Sinapi","Insumos Sinapi","planilha auxiliar"],"not_rendered":{"charts":0,"images":3,"macros":0,"external_links":1,"defined_names":86,"comments":0,"pivot_tables":0},"unopened":[],"bounds":{"document_bytes":16777216,"sheet_cells":100000,"rows_first":2000,"rows_last":500,"rows_between":2000,"halvings":0,"cell_chars":16384,"cell_head_chars":4096},"cells_cut":0,"cells_raw":0,"read":"whole","date_system":"1900"}

{"sheet":"Orçamentária","index":0,"n_rows":16,"n_cols":11,"rows_kept":16,"cut":false,"hidden":false,"merged":[[0,0,0,10],[1,0,1,10],[15,7,15,10],[14,0,14,6],[15,0,15,6],[2,0,2,10]]}
["Linha de vida - Anexo I"]
["PLANILHA ORÇAMENTÁRIA"]
[]
[]
["Item","Grande Área","Categoria","DISCRIMINAÇÃO","UN","QUANT. TOTAL","PREÇO UNITÁRIO","CUSTO DIRETO","BDI (%)","PREÇO UNITÁRIO COM BDI","CUSTO TOTAL"]
["SF-00001","Serviços de Apoio","Serviços Técnicos","Engenheiro(a) /Arquiteto(a) júnior","hh",45,{"$f":"OFFSET(INDEX(Composições!A:K,MATCH(Orçamentária!A6,Composições!A:A,0),11),2,0)","v":69.16},{"$f":"IF(ISNUMBER(G6),ROUND(F6*G6,2),\"-\")","v":3112.2},{"$f":"BDI!$C$17","v":0.2636},{"$f":"IF(ISNUMBER(G6),ROUND(G6*(1+I6),2),0)","v":87.39},{"$f":"ROUND(J6*F6,2)","v":3932.55}]
["SF-00003","Serviços de Apoio","Serviços Técnicos","Planejamento físico-financeiro","un",1,{"$f":"OFFSET(INDEX(Composições!A:K,MATCH(Orçamentária!A7,Composições!A:A,0),11),2,0)","v":1257.1199999999999},{"$f":"IF(ISNUMBER(G7),ROUND(F7*G7,2),\"-\")","v":1257.1199999999999},{"$f":"BDI!$C$17","v":0.2636},{"$f":"IF(ISNUMBER(G7),ROUND(G7*(1+I7),2),0)","v":1588.5},{"$f":"ROUND(J7*F7,2)","v":1588.5}]
["SF-00004","Serviços de Apoio","Serviços Técnicos","Projetos de segurança do trabalho","un",1,{"$f":"OFFSET(INDEX(Composições!A:K,MATCH(Orçamentária!A8,Composições!A:A,0),11),2,0)","v":1797.9},1797.9,{"$f":"BDI!$C$17","v":0.2636},2271.83,2271.83]
["SF-00045","Serviços de Apoio","Serviços Preliminares","Remoção de vidro comum","m2",145,{"$f":"OFFSET(INDEX(Composições!A:K,MATCH(Orçamentária!A9,Composições!A:A,0),11),2,0)","v":11.830000000000002},{"$f":"IF(ISNUMBER(G9),ROUND(F9*G9,2),\"-\")","v":1715.35},{"$f":"BDI!$C$17","v":0.2636},{"$f":"IF(ISNUMBER(G9),ROUND(G9*(1+I9),2),0)","v":14.95},{"$f":"ROUND(J9*F9,2)","v":2167.75}]
["SF-00051","Serviços de Apoio","Segurança do Trabalho","Corda de poliamida 12 mm tipo bombeiro, para trabalho em altura","m",150,{"$f":"OFFSET(INDEX(Composições!A:K,MATCH(Orçamentária!A10,Composições!A:A,0),11),2,0)","v":4.4400000000000004},666,{"$f":"BDI!$C$17","v":0.2636},5.61,841.5]
["SF-00155","Civil","Vidro Comum","Instalação de vidro reaproveitado","m2",145,{"$f":"OFFSET(INDEX(Composições!A:K,MATCH(Orçamentária!A11,Composições!A:A,0),11),2,0)","v":17.77},2576.65,{"$f":"BDI!$C$17","v":0.2636},22.45,3255.25]
["SF-00158","Civil","Vidro Comum","Vidro liso comum transparente 6mm","m2",100,{"$f":"OFFSET(INDEX(Composições!A:K,MATCH(Orçamentária!A12,Composições!A:A,0),11),2,0)","v":158.63},15863,{"$f":"BDI!$C$17","v":0.2636},200.44,20044]
["SF-00998","Serviços de Apoio","Segurança do Trabalho","Linha de vida horizontal em trilho","pavimento",28,27026.25,{"$f":"IF(ISNUMBER(G13),ROUND(F13*G13,2),\"-\")","v":756735},0,{"$f":"IF(ISNUMBER(G13),ROUND(G13*(1+I13),2),0)","v":27026.25},756735]
["SF-01000","Ferramentas e Equipamentos","Uso Geral","Corda poliéster 8mm","m",150,0.97,145.5,{"$f":"BDI!$C$17","v":0.2636},1.23,{"$f":"ROUND(J14*F14,2)","v":184.5}]
["CUSTO DIRETO TOTAL",null,null,null,null,null,null,{"$f":"SUBTOTAL(109,H6:H14)","v":783868.72},null,null,{"$f":"SUBTOTAL(109,K6:K14)","v":791020.88}]
["CUSTO TOTAL DA LICITAÇÃO",null,null,null,null,null,null,{"$f":"K15","v":791020.88}]

{"sheet":"Composições","index":1,"n_rows":39,"n_cols":11,"rows_kept":39,"cut":false,"hidden":false,"merged":[[17,0,21,0],[4,1,7,1],[8,0,11,0],[8,1,11,1],[12,1,16,1],[12,0,16,0],[32,0,38,0],[32,1,38,1],[26,1,31,1],[26,0,31,0],[17,1,21,1],[4,0,7,0],[2,0,2,10],[0,0,0,10],[1,0,1,10],[22,0,25,0],[22,1,25,1]]}
["Linha de vida - Anexo I"]
["COMPOSIÇÕES DE CUSTO UNITÁRIO"]
[]
["ITEM","DESCRIÇÃO","CÓDIGO","COMPOSIÇÃO","C/MO/I","DISCRIMINAÇÃO DA COMPOSIÇÃO","UNIDADE","COEFICIENTE","CUSTO UNITÁRIO","CUSTO TOTAL","TOTAL DO SERVIÇO"]
["SF-00001","Engenheiro(a) /Arquiteto(a) júnior",{"$f":"IF(AND(F5<>\"\",#REF!=\"\"),C4,IF(F5<>\"\",#REF!,\"\"))","v":{"$error":"#REF!"}},{"$f":"IF(C5<>\"\",INDEX(Orçamentária!A:K,MATCH(C5,Orçamentária!A:A,0),12),IF(AND(C5=\"\",#REF!=\"\"),\"\",#REF!))","v":{"$error":"#REF!"}},{"$f":"IF(RIGHT(F5,27)=\"com encargos complementares\",\"MO\",IF(ISNUMBER(INDEX('Insumos Sinapi'!$A:$H,MATCH(#REF!,'Insumos Sinapi'!$H:$H,0),7)),\"I\",IF(OR(ISNUMBER(OFFSET(INDEX(#REF!,MATCH(F5,#REF!,0),12),2,0)),ISNUMBER(INDEX('Serviços Sinapi'!$A:$H,MATCH(#REF!,'Serviços Sinapi'!$I:$I,0),8))),\"C\",IF(ISTEXT(#REF!),\"I\",\"\"))))","v":""},null,{"$f":"Orçamentária!E6","v":"hh"},null,"",{"$f":"IF(ISNUMBER(I5),ROUND(H5*I5,2),\"\")","v":""}]
[null,null,{"$f":"IF(AND(F6<>\"\",A4=\"\"),C5,IF(F6<>\"\",A4,\"\"))","v":""},{"$f":"IF(C6<>\"\",INDEX(Orçamentária!A:K,MATCH(C6,Orçamentária!A:A,0),12),IF(AND(C6=\"\",#REF!=\"\"),\"\",#REF!))","v":{"$error":"#REF!"}},{"$f":"IF(RIGHT(F6,27)=\"com encargos complementares\",\"MO\",IF(ISNUMBER(INDEX('Insumos Sinapi'!$A:$H,MATCH(#REF!,'Insumos Sinapi'!$H:$H,0),7)),\"I\",IF(OR(ISNUMBER(OFFSET(INDEX(#REF!,MATCH(F6,#REF!,0),12),2,0)),ISNUMBER(INDEX('Serviços Sinapi'!$A:$H,MATCH(#REF!,'Serviços Sinapi'!$I:$I,0),8))),\"C\",IF(ISTEXT(#REF!),\"I\",\"\"))))","v":""},null,null,null,"",{"$f":"IF(ISNUMBER(I6),ROUND(H6*I6,2),\"\")","v":""}]
[null,null,"SF-00001",{"$f":"IF(C7<>\"\",INDEX(Orçamentária!A:K,MATCH(C7,Orçamentária!A:A,0),12),IF(AND(C7=\"\",#REF!=\"\"),\"\",#REF!))","v":{"$error":"#REF!"}},{"$f":"IF(RIGHT(F7,27)=\"com encargos complementares\",\"MO\",IF(ISNUMBER(INDEX('Insumos Sinapi'!$A:$H,MATCH(#REF!,'Insumos Sinapi'!$H:$H,0),7)),\"I\",IF(OR(ISNUMBER(OFFSET(INDEX(#REF!,MATCH(F7,#REF!,0),12),2,0)),ISNUMBER(INDEX('Serviços Sinapi'!$A:$H,MATCH(#REF!,'Serviços Sinapi'!$I:$I,0),8))),\"C\",IF(ISTEXT(#REF!),\"I\",\"\"))))","v":"MO"},"Engenheiro civil de obra junior com encargos complementares","h",1,69.16,{"$f":"IF(ISNUMBER(I7),ROUND(H7*I7,2),\"\")","v":69.16},{"$f":"SUM(J7:J7)","v":69.16}]
[null,null,"",{"$f":"IF(C8<>\"\",INDEX(Orçamentária!A:K,MATCH(C8,Orçamentária!A:A,0),12),IF(AND(C8=\"\",#REF!=\"\"),\"\",#REF!))","v":{"$error":"#REF!"}},{"$f":"IF(RIGHT(F8,27)=\"com encargos complementares\",\"MO\",IF(ISNUMBER(INDEX('Insumos Sinapi'!$A:$H,MATCH(#REF!,'Insumos Sinapi'!$H:$H,0),7)),\"I\",IF(OR(ISNUMBER(OFFSET(INDEX(#REF!,MATCH(F8,#REF!,0),12),2,0)),ISNUMBER(INDEX('Serviços Sinapi'!$A:$H,MATCH(#REF!,'Serviços Sinapi'!$I:$I,0),8))),\"C\",IF(ISTEXT(#REF!),\"I\",\"\"))))","v":""},null,null,null,"",{"$f":"IF(ISNUMBER(I8),ROUND(H8*I8,2),\"\")","v":""}]
["SF-00003","Planejamento físico-financeiro","",{"$f":"IF(C9<>\"\",INDEX(Orçamentária!A:K,MATCH(C9,Orçamentária!A:A,0),12),IF(AND(C9=\"\",#REF!=\"\"),\"\",#REF!))","v":{"$error":"#REF!"}},{"$f":"IF(RIGHT(F9,27)=\"com encargos complementares\",\"MO\",IF(ISNUMBER(INDEX('Insumos Sinapi'!$A:$H,MATCH(#REF!,'Insumos Sinapi'!$H:$H,0),7)),\"I\",IF(OR(ISNUMBER(OFFSET(INDEX(#REF!,MATCH(F9,#REF!,0),12),2,0)),ISNUMBER(INDEX('Serviços Sinapi'!$A:$H,MATCH(#REF!,'Serviços Sinapi'!$I:$I,0),8))),\"C\",IF(ISTEXT(#REF!),\"I\",\"\"))))","v":""},null,{"$f":"Orçamentária!E7","v":"un"},null,"",{"$f":"IF(ISNUMBER(I9),ROUND(H9*I9,2),\"\")","v":""}]
[null,null,"",{"$f":"IF(C10<>\"\",INDEX(Orçamentária!A:K,MATCH(C10,Orçamentária!A:A,0),12),IF(AND(C10=\"\",#REF!=\"\"),\"\",#REF!))","v":{"$error":"#REF!"}},{"$f":"IF(RIGHT(F10,27)=\"com encargos complementares\",\"MO\",IF(ISNUMBER(INDEX('Insumos Sinapi'!$A:$H,MATCH(#REF!,'Insumos Sinapi'!$H:$H,0),7)),\"I\",IF(OR(ISNUMBER(OFFSET(INDEX(#REF!,MATCH(F10,#REF!,0),12),2,0)),ISNUMBER(INDEX('Serviços Sinapi'!$A:$H,MATCH(#REF!,'Serviços Sinapi'!$I:$I,0),8))),\"C\",IF(ISTEXT(#REF!),\"I\",\"\"))))","v":""},null,null,null,"",{"$f":"IF(ISNUMBER(I10),ROUND(H10*I10,2),\"\")","v":""}]
[null,null,"SF-00003",{"$f":"IF(C11<>\"\",INDEX(Orçamentária!A:K,MATCH(C11,Orçamentária!A:A,0),12),IF(AND(C11=\"\",#REF!=\"\"),\"\",#REF!))","v":{"$error":"#REF!"}},{"$f":"IF(RIGHT(F11,27)=\"com encargos complementares\",\"MO\",IF(ISNUMBER(INDEX('Insumos Sinapi'!$A:$H,MATCH(#REF!,'Insumos Sinapi'!$H:$H,0),7)),\"I\",IF(OR(ISNUMBER(OFFSET(INDEX(#REF!,MATCH(F11,#REF!,0),12),2,0)),ISNUMBER(INDEX('Serviços Sinapi'!$A:$H,MATCH(#REF!,'Serviços Sinapi'!$I:$I,0),8))),\"C\",IF(ISTEXT(#REF!),\"I\",\"\"))))","v":"MO"},"Engenheiro Civil de Obra Pleno com encargos complementares","h",16,78.569999999999993,{"$f":"IF(ISNUMBER(I11),ROUND(H11*I11,2),\"\")","v":1257.1199999999999},{"$f":"SUM(J11:J11)","v":1257.1199999999999}]
[null,null,"",{"$f":"IF(C12<>\"\",INDEX(Orçamentária!A:K,MATCH(C12,Orçamentária!A:A,0),12),IF(AND(C12=\"\",#REF!=\"\"),\"\",#REF!))","v":{"$error":"#REF!"}},{"$f":"IF(RIGHT(F12,27)=\"com encargos complementares\",\"MO\",IF(ISNUMBER(INDEX('Insumos Sinapi'!$A:$H,MATCH(#REF!,'Insumos Sinapi'!$H:$H,0),7)),\"I\",IF(OR(ISNUMBER(OFFSET(INDEX(#REF!,MATCH(F12,#REF!,0),12),2,0)),ISNUMBER(INDEX('Serviços Sinapi'!$A:$H,MATCH(#REF!,'Serviços Sinapi'!$I:$I,0),8))),\"C\",IF(ISTEXT(#REF!),\"I\",\"\"))))","v":""},null,null,null,"",{"$f":"IF(ISNUMBER(I12),ROUND(H12*I12,2),\"\")","v":""}]
["SF-00004","Projetos de segurança do trabalho","",{"$f":"IF(C13<>\"\",INDEX(Orçamentária!A:K,MATCH(C13,Orçamentária!A:A,0),12),IF(AND(C13=\"\",#REF!=\"\"),\"\",#REF!))","v":{"$error":"#REF!"}},{"$f":"IF(RIGHT(F13,27)=\"com encargos complementares\",\"MO\",IF(ISNUMBER(INDEX('Insumos Sinapi'!$A:$H,MATCH(#REF!,'Insumos Sinapi'!$H:$H,0),7)),\"I\",IF(OR(ISNUMBER(OFFSET(INDEX(#REF!,MATCH(F13,#REF!,0),12),2,0)),ISNUMBER(INDEX('Serviços Sinapi'!$A:$H,MATCH(#REF!,'Serviços Sinapi'!$I:$I,0),8))),\"C\",IF(ISTEXT(#REF!),\"I\",\"\"))))","v":""},null,{"$f":"Orçamentária!E11","v":"m2"},null,"",{"$f":"IF(ISNUMBER(I13),ROUND(H13*I13,2),\"\")","v":""}]
[null,null,"",{"$f":"IF(C14<>\"\",INDEX(Orçamentária!A:K,MATCH(C14,Orçamentária!A:A,0),12),IF(AND(C14=\"\",#REF!=\"\"),\"\",#REF!))","v":{"$error":"#REF!"}},{"$f":"IF(RIGHT(F14,27)=\"com encargos complementares\",\"MO\",IF(ISNUMBER(INDEX('Insumos Sinapi'!$A:$H,MATCH(#REF!,'Insumos Sinapi'!$H:$H,0),7)),\"I\",IF(OR(ISNUMBER(OFFSET(INDEX(#REF!,MATCH(F14,#REF!,0),12),2,0)),ISNUMBER(INDEX('Serviços Sinapi'!$A:$H,MATCH(#REF!,'Serviços Sinapi'!$I:$I,0),8))),\"C\",IF(ISTEXT(#REF!),\"I\",\"\"))))","v":""},null,null,null,"",{"$f":"IF(ISNUMBER(I14),ROUND(H14*I14,2),\"\")","v":""}]
[null,null,"SF-00004",{"$f":"IF(C15<>\"\",INDEX(Orçamentária!A:K,MATCH(C15,Orçamentária!A:A,0),12),IF(AND(C15=\"\",#REF!=\"\"),\"\",#REF!))","v":{"$error":"#REF!"}},{"$f":"IF(RIGHT(F15,27)=\"com encargos complementares\",\"MO\",IF(ISNUMBER(INDEX('Insumos Sinapi'!$A:$H,MATCH(#REF!,'Insumos Sinapi'!$H:$H,0),7)),\"I\",IF(OR(ISNUMBER(OFFSET(INDEX(#REF!,MATCH(F15,#REF!,0),12),2,0)),ISNUMBER(INDEX('Serviços Sinapi'!$A:$H,MATCH(#REF!,'Serviços Sinapi'!$I:$I,0),8))),\"C\",IF(ISTEXT(#REF!),\"I\",\"\"))))","v":"MO"},"Engenheiro Civil de Obra Pleno com encargos complementares","h",20,78.569999999999993,{"$f":"IF(ISNUMBER(I15),ROUND(H15*I15,2),\"\")","v":1571.4},{"$f":"SUM(J15:J16)","v":1797.9}]
[null,null,"SF-00004",{"$f":"IF(C16<>\"\",INDEX(Orçamentária!A:K,MATCH(C16,Orçamentária!A:A,0),12),IF(AND(C16=\"\",#REF!=\"\"),\"\",#REF!))","v":{"$error":"#REF!"}},{"$f":"IF(RIGHT(F16,27)=\"com encargos complementares\",\"MO\",IF(ISNUMBER(INDEX('Insumos Sinapi'!$A:$H,MATCH(#REF!,'Insumos Sinapi'!$H:$H,0),7)),\"I\",IF(OR(ISNUMBER(OFFSET(INDEX(#REF!,MATCH(F16,#REF!,0),12),2,0)),ISNUMBER(INDEX('Serviços Sinapi'!$A:$H,MATCH(#REF!,'Serviços Sinapi'!$I:$I,0),8))),\"C\",IF(ISTEXT(#REF!),\"I\",\"\"))))","v":""},"Anotação de Responsabilidade Técnica","un",1,226.5,{"$f":"IF(ISNUMBER(I16),ROUND(H16*I16,2),\"\")","v":226.5}]
[null,null,"",{"$f":"IF(C17<>\"\",INDEX(Orçamentária!A:K,MATCH(C17,Orçamentária!A:A,0),12),IF(AND(C17=\"\",#REF!=\"\"),\"\",#REF!))","v":{"$error":"#REF!"}},{"$f":"IF(RIGHT(F17,27)=\"com encargos complementares\",\"MO\",IF(ISNUMBER(INDEX('Insumos Sinapi'!$A:$H,MATCH(#REF!,'Insumos Sinapi'!$H:$H,0),7)),\"I\",IF(OR(ISNUMBER(OFFSET(INDEX(#REF!,MATCH(F17,#REF!,0),12),2,0)),ISNUMBER(INDEX('Serviços Sinapi'!$A:$H,MATCH(#REF!,'Serviços Sinapi'!$I:$I,0),8))),\"C\",IF(ISTEXT(#REF!),\"I\",\"\"))))","v":""},null,null,null,"",{"$f":"IF(ISNUMBER(I17),ROUND(H17*I17,2),\"\")","v":""}]
["SF-00045","Remoção de vidro comum","",{"$f":"IF(C18<>\"\",INDEX(Orçamentária!A:K,MATCH(C18,Orçamentária!A:A,0),12),IF(AND(C18=\"\",#REF!=\"\"),\"\",#REF!))","v":{"$error":"#REF!"}},{"$f":"IF(RIGHT(F18,27)=\"com encargos complementares\",\"MO\",IF(ISNUMBER(INDEX('Insumos Sinapi'!$A:$H,MATCH(#REF!,'Insumos Sinapi'!$H:$H,0),7)),\"I\",IF(OR(ISNUMBER(OFFSET(INDEX(#REF!,MATCH(F18,#REF!,0),12),2,0)),ISNUMBER(INDEX('Serviços Sinapi'!$A:$H,MATCH(#REF!,'Serviços Sinapi'!$I:$I,0),8))),\"C\",IF(ISTEXT(#REF!),\"I\",\"\"))))","v":""},null,{"$f":"Orçamentária!E9","v":"m2"},null,"",{"$f":"IF(ISNUMBER(I18),ROUND(H18*I18,2),\"\")","v":""}]
[null,null,"",{"$f":"IF(C19<>\"\",INDEX(Orçamentária!A:K,MATCH(C19,Orçamentária!A:A,0),12),IF(AND(C19=\"\",#REF!=\"\"),\"\",#REF!))","v":{"$error":"#REF!"}},{"$f":"IF(RIGHT(F19,27)=\"com encargos complementares\",\"MO\",IF(ISNUMBER(INDEX('Insumos Sinapi'!$A:$H,MATCH(#REF!,'Insumos Sinapi'!$H:$H,0),7)),\"I\",IF(OR(ISNUMBER(OFFSET(INDEX(#REF!,MATCH(F19,#REF!,0),12),2,0)),ISNUMBER(INDEX('Serviços Sinapi'!$A:$H,MATCH(#REF!,'Serviços Sinapi'!$I:$I,0),8))),\"C\",IF(ISTEXT(#REF!),\"I\",\"\"))))","v":""},null,null,null,"",{"$f":"IF(ISNUMBER(I19),ROUND(H19*I19,2),\"\")","v":""}]
[null,null,"SF-00045",{"$f":"IF(C20<>\"\",INDEX(Orçamentária!A:K,MATCH(C20,Orçamentária!A:A,0),12),IF(AND(C20=\"\",#REF!=\"\"),\"\",#REF!))","v":{"$error":"#REF!"}},{"$f":"IF(RIGHT(F20,27)=\"com encargos complementares\",\"MO\",IF(ISNUMBER(INDEX('Insumos Sinapi'!$A:$H,MATCH(#REF!,'Insumos Sinapi'!$H:$H,0),7)),\"I\",IF(OR(ISNUMBER(OFFSET(INDEX(#REF!,MATCH(F20,#REF!,0),12),2,0)),ISNUMBER(INDEX('Serviços Sinapi'!$A:$H,MATCH(#REF!,'Serviços Sinapi'!$I:$I,0),8))),\"C\",IF(ISTEXT(#REF!),\"I\",\"\"))))","v":"MO"},"Servente com Encargos Complementares","h",0.2,14.37,{"$f":"IF(ISNUMBER(I20),ROUND(H20*I20,2),\"\")","v":2.87},{"$f":"SUM(J20:J21)","v":11.830000000000002}]
[null,null,"SF-00045",{"$f":"IF(C21<>\"\",INDEX(Orçamentária!A:K,MATCH(C21,Orçamentária!A:A,0),12),IF(AND(C21=\"\",#REF!=\"\"),\"\",#REF!))","v":{"$error":"#REF!"}},{"$f":"IF(RIGHT(F21,27)=\"com encargos complementares\",\"MO\",IF(ISNUMBER(INDEX('Insumos Sinapi'!$A:$H,MATCH(#REF!,'Insumos Sinapi'!$H:$H,0),7)),\"I\",IF(OR(ISNUMBER(OFFSET(INDEX(#REF!,MATCH(F21,#REF!,0),12),2,0)),ISNUMBER(INDEX('Serviços Sinapi'!$A:$H,MATCH(#REF!,'Serviços Sinapi'!$I:$I,0),8))),\"C\",IF(ISTEXT(#REF!),\"I\",\"\"))))","v":"MO"},"Vidraceiro com encargos complementares","h",0.5,17.920000000000002,{"$f":"IF(ISNUMBER(I21),ROUND(H21*I21,2),\"\")","v":8.9600000000000009}]
[null,null,"",{"$f":"IF(C22<>\"\",INDEX(Orçamentária!A:K,MATCH(C22,Orçamentária!A:A,0),12),IF(AND(C22=\"\",#REF!=\"\"),\"\",#REF!))","v":{"$error":"#REF!"}},{"$f":"IF(RIGHT(F22,27)=\"com encargos complementares\",\"MO\",IF(ISNUMBER(INDEX('Insumos Sinapi'!$A:$H,MATCH(#REF!,'Insumos Sinapi'!$H:$H,0),7)),\"I\",IF(OR(ISNUMBER(OFFSET(INDEX(#REF!,MATCH(F22,#REF!,0),12),2,0)),ISNUMBER(INDEX('Serviços Sinapi'!$A:$H,MATCH(#REF!,'Serviços Sinapi'!$I:$I,0),8))),\"C\",IF(ISTEXT(#REF!),\"I\",\"\"))))","v":""},null,null,null,"",{"$f":"IF(ISNUMBER(I22),ROUND(H22*I22,2),\"\")","v":""}]
["SF-00051","Corda de poliamida 12 mm tipo bombeiro, para trabalho em altura","",{"$f":"IF(C23<>\"\",INDEX(Orçamentária!A:K,MATCH(C23,Orçamentária!A:A,0),12),IF(AND(C23=\"\",#REF!=\"\"),\"\",#REF!))","v":{"$error":"#REF!"}},{"$f":"IF(RIGHT(F23,27)=\"com encargos complementares\",\"MO\",IF(ISNUMBER(INDEX('Insumos Sinapi'!$A:$H,MATCH(#REF!,'Insumos Sinapi'!$H:$H,0),7)),\"I\",IF(OR(ISNUMBER(OFFSET(INDEX(#REF!,MATCH(F23,#REF!,0),12),2,0)),ISNUMBER(INDEX('Serviços Sinapi'!$A:$H,MATCH(#REF!,'Serviços Sinapi'!$I:$I,0),8))),\"C\",IF(ISTEXT(#REF!),\"I\",\"\"))))","v":""},null,{"$f":"Orçamentária!E10","v":"m"},null,"",{"$f":"IF(ISNUMBER(I23),ROUND(H23*I23,2),\"\")","v":""}]
[null,null,"",{"$f":"IF(C24<>\"\",INDEX(Orçamentária!A:K,MATCH(C24,Orçamentária!A:A,0),12),IF(AND(C24=\"\",#REF!=\"\"),\"\",#REF!))","v":{"$error":"#REF!"}},{"$f":"IF(RIGHT(F24,27)=\"com encargos complementares\",\"MO\",IF(ISNUMBER(INDEX('Insumos Sinapi'!$A:$H,MATCH(#REF!,'Insumos Sinapi'!$H:$H,0),7)),\"I\",IF(OR(ISNUMBER(OFFSET(INDEX(#REF!,MATCH(F24,#REF!,0),12),2,0)),ISNUMBER(INDEX('Serviços Sinapi'!$A:$H,MATCH(#REF!,'Serviços Sinapi'!$I:$I,0),8))),\"C\",IF(ISTEXT(#REF!),\"I\",\"\"))))","v":""},null,null,null,"",{"$f":"IF(ISNUMBER(I24),ROUND(H24*I24,2),\"\")","v":""}]
[null,null,"SF-00051",{"$f":"IF(C25<>\"\",INDEX(Orçamentária!A:K,MATCH(C25,Orçamentária!A:A,0),12),IF(AND(C25=\"\",#REF!=\"\"),\"\",#REF!))","v":{"$error":"#REF!"}},{"$f":"IF(RIGHT(F25,27)=\"com encargos complementares\",\"MO\",IF(ISNUMBER(INDEX('Insumos Sinapi'!$A:$H,MATCH(#REF!,'Insumos Sinapi'!$H:$H,0),7)),\"I\",IF(OR(ISNUMBER(OFFSET(INDEX(#REF!,MATCH(F25,#REF!,0),12),2,0)),ISNUMBER(INDEX('Serviços Sinapi'!$A:$H,MATCH(#REF!,'Serviços Sinapi'!$I:$I,0),8))),\"C\",IF(ISTEXT(#REF!),\"I\",\"\"))))","v":""},"CORDA DE POLIAMIDA 12 MM TIPO BOMBEIRO, PARA TRABALHO EM ALTURA","100m",0.01,444,{"$f":"IF(ISNUMBER(I25),ROUND(H25*I25,2),\"\")","v":4.4400000000000004},{"$f":"SUM(J25:J25)","v":4.4400000000000004}]
[null,null,"",{"$f":"IF(C26<>\"\",INDEX(Orçamentária!A:K,MATCH(C26,Orçamentária!A:A,0),12),IF(AND(C26=\"\",#REF!=\"\"),\"\",#REF!))","v":{"$error":"#REF!"}},{"$f":"IF(RIGHT(F26,27)=\"com encargos complementares\",\"MO\",IF(ISNUMBER(INDEX('Insumos Sinapi'!$A:$H,MATCH(#REF!,'Insumos Sinapi'!$H:$H,0),7)),\"I\",IF(OR(ISNUMBER(OFFSET(INDEX(#REF!,MATCH(F26,#REF!,0),12),2,0)),ISNUMBER(INDEX('Serviços Sinapi'!$A:$H,MATCH(#REF!,'Serviços Sinapi'!$I:$I,0),8))),\"C\",IF(ISTEXT(#REF!),\"I\",\"\"))))","v":""},null,null,null,"",{"$f":"IF(ISNUMBER(I26),ROUND(H26*I26,2),\"\")","v":""}]
["SF-00155","Instalação de vidro reaproveitado","",{"$f":"IF(C27<>\"\",INDEX(Orçamentária!A:K,MATCH(C27,Orçamentária!A:A,0),12),IF(AND(C27=\"\",#REF!=\"\"),\"\",#REF!))","v":{"$error":"#REF!"}},{"$f":"IF(RIGHT(F27,27)=\"com encargos complementares\",\"MO\",IF(ISNUMBER(INDEX('Insumos Sinapi'!$A:$H,MATCH(#REF!,'Insumos Sinapi'!$H:$H,0),7)),\"I\",IF(OR(ISNUMBER(OFFSET(INDEX(#REF!,MATCH(F27,#REF!,0),12),2,0)),ISNUMBER(INDEX('Serviços Sinapi'!$A:$H,MATCH(#REF!,'Serviços Sinapi'!$I:$I,0),8))),\"C\",IF(ISTEXT(#REF!),\"I\",\"\"))))","v":""},null,{"$f":"Orçamentária!E11","v":"m2"},null,"",{"$f":"IF(ISNUMBER(I27),ROUND(H27*I27,2),\"\")","v":""}]
[null,null,"",{"$f":"IF(C28<>\"\",INDEX(Orçamentária!A:K,MATCH(C28,Orçamentária!A:A,0),12),IF(AND(C28=\"\",#REF!=\"\"),\"\",#REF!))","v":{"$error":"#REF!"}},{"$f":"IF(RIGHT(F28,27)=\"com encargos complementares\",\"MO\",IF(ISNUMBER(INDEX('Insumos Sinapi'!$A:$H,MATCH(#REF!,'Insumos Sinapi'!$H:$H,0),7)),\"I\",IF(OR(ISNUMBER(OFFSET(INDEX(#REF!,MATCH(F28,#REF!,0),12),2,0)),ISNUMBER(INDEX('Serviços Sinapi'!$A:$H,MATCH(#REF!,'Serviços Sinapi'!$I:$I,0),8))),\"C\",IF(ISTEXT(#REF!),\"I\",\"\"))))","v":""},null,null,null,"",{"$f":"IF(ISNUMBER(I28),ROUND(H28*I28,2),\"\")","v":""}]
[null,null,"SF-00155",{"$f":"IF(C29<>\"\",INDEX(Orçamentária!A:K,MATCH(C29,Orçamentária!A:A,0),12),IF(AND(C29=\"\",#REF!=\"\"),\"\",#REF!))","v":{"$error":"#REF!"}},{"$f":"IF(RIGHT(F29,27)=\"com encargos complementares\",\"MO\",IF(ISNUMBER(INDEX('Insumos Sinapi'!$A:$H,MATCH(#REF!,'Insumos Sinapi'!$H:$H,0),7)),\"I\",IF(OR(ISNUMBER(OFFSET(INDEX(#REF!,MATCH(F29,#REF!,0),12),2,0)),ISNUMBER(INDEX('Serviços Sinapi'!$A:$H,MATCH(#REF!,'Serviços Sinapi'!$I:$I,0),8))),\"C\",IF(ISTEXT(#REF!),\"I\",\"\"))))","v":"MO"},"Vidraceiro com encargos complementares","h",0.5,17.920000000000002,{"$f":"IF(ISNUMBER(I29),ROUND(H29*I29,2),\"\")","v":8.9600000000000009},{"$f":"SUM(J29:J31)","v":17.77}]
[null,null,"SF-00155",{"$f":"IF(C30<>\"\",INDEX(Orçamentária!A:K,MATCH(C30,Orçamentária!A:A,0),12),IF(AND(C30=\"\",#REF!=\"\"),\"\",#REF!))","v":{"$error":"#REF!"}},{"$f":"IF(RIGHT(F30,27)=\"com encargos complementares\",\"MO\",IF(ISNUMBER(INDEX('Insumos Sinapi'!$A:$H,MATCH(#REF!,'Insumos Sinapi'!$H:$H,0),7)),\"I\",IF(OR(ISNUMBER(OFFSET(INDEX(#REF!,MATCH(F30,#REF!,0),12),2,0)),ISNUMBER(INDEX('Serviços Sinapi'!$A:$H,MATCH(#REF!,'Serviços Sinapi'!$I:$I,0),8))),\"C\",IF(ISTEXT(#REF!),\"I\",\"\"))))","v":"MO"},"Servente com Encargos Complementares","h",{"$f":"H29/2","v":0.25},14.37,{"$f":"IF(ISNUMBER(I30),ROUND(H30*I30,2),\"\")","v":3.59}]
[null,null,"SF-00155",{"$f":"IF(C31<>\"\",INDEX(Orçamentária!A:K,MATCH(C31,Orçamentária!A:A,0),12),IF(AND(C31=\"\",#REF!=\"\"),\"\",#REF!))","v":{"$error":"#REF!"}},{"$f":"IF(RIGHT(F31,27)=\"com encargos complementares\",\"MO\",IF(ISNUMBER(INDEX('Insumos Sinapi'!$A:$H,MATCH(#REF!,'Insumos Sinapi'!$H:$H,0),7)),\"I\",IF(OR(ISNUMBER(OFFSET(INDEX(#REF!,MATCH(F31,#REF!,0),12),2,0)),ISNUMBER(INDEX('Serviços Sinapi'!$A:$H,MATCH(#REF!,'Serviços Sinapi'!$I:$I,0),8))),\"C\",IF(ISTEXT(#REF!),\"I\",\"\"))))","v":""},"Silicone acetico uso geral incolor 280 g","un",{"$f":"1/3","v":0.33333333333333331},15.66,{"$f":"IF(ISNUMBER(I31),ROUND(H31*I31,2),\"\")","v":5.22}]
[null,null,"",{"$f":"IF(C32<>\"\",INDEX(Orçamentária!A:K,MATCH(C32,Orçamentária!A:A,0),12),IF(AND(C32=\"\",#REF!=\"\"),\"\",#REF!))","v":{"$error":"#REF!"}},{"$f":"IF(RIGHT(F32,27)=\"com encargos complementares\",\"MO\",IF(ISNUMBER(INDEX('Insumos Sinapi'!$A:$H,MATCH(#REF!,'Insumos Sinapi'!$H:$H,0),7)),\"I\",IF(OR(ISNUMBER(OFFSET(INDEX(#REF!,MATCH(F32,#REF!,0),12),2,0)),ISNUMBER(INDEX('Serviços Sinapi'!$A:$H,MATCH(#REF!,'Serviços Sinapi'!$I:$I,0),8))),\"C\",IF(ISTEXT(#REF!),\"I\",\"\"))))","v":""},null,null,null,"",{"$f":"IF(ISNUMBER(I32),ROUND(H32*I32,2),\"\")","v":""}]
["SF-00158","Vidro liso comum transparente 6mm","",{"$f":"IF(C33<>\"\",INDEX(Orçamentária!A:K,MATCH(C33,Orçamentária!A:A,0),12),IF(AND(C33=\"\",#REF!=\"\"),\"\",#REF!))","v":{"$error":"#REF!"}},{"$f":"IF(RIGHT(F33,27)=\"com encargos complementares\",\"MO\",IF(ISNUMBER(INDEX('Insumos Sinapi'!$A:$H,MATCH(#REF!,'Insumos Sinapi'!$H:$H,0),7)),\"I\",IF(OR(ISNUMBER(OFFSET(INDEX(#REF!,MATCH(F33,#REF!,0),12),2,0)),ISNUMBER(INDEX('Serviços Sinapi'!$A:$H,MATCH(#REF!,'Serviços Sinapi'!$I:$I,0),8))),\"C\",IF(ISTEXT(#REF!),\"I\",\"\"))))","v":""},null,{"$f":"Orçamentária!E12","v":"m2"},null,"",{"$f":"IF(ISNUMBER(I33),ROUND(H33*I33,2),\"\")","v":""}]
[null,null,"",{"$f":"IF(C34<>\"\",INDEX(Orçamentária!A:K,MATCH(C34,Orçamentária!A:A,0),12),IF(AND(C34=\"\",#REF!=\"\"),\"\",#REF!))","v":{"$error":"#REF!"}},{"$f":"IF(RIGHT(F34,27)=\"com encargos complementares\",\"MO\",IF(ISNUMBER(INDEX('Insumos Sinapi'!$A:$H,MATCH(#REF!,'Insumos Sinapi'!$H:$H,0),7)),\"I\",IF(OR(ISNUMBER(OFFSET(INDEX(#REF!,MATCH(F34,#REF!,0),12),2,0)),ISNUMBER(INDEX('Serviços Sinapi'!$A:$H,MATCH(#REF!,'Serviços Sinapi'!$I:$I,0),8))),\"C\",IF(ISTEXT(#REF!),\"I\",\"\"))))","v":""},null,null,null,"",{"$f":"IF(ISNUMBER(I34),ROUND(H34*I34,2),\"\")","v":""}]
[null,null,"SF-00158",{"$f":"IF(C35<>\"\",INDEX(Orçamentária!A:K,MATCH(C35,Orçamentária!A:A,0),12),IF(AND(C35=\"\",#REF!=\"\"),\"\",#REF!))","v":{"$error":"#REF!"}},{"$f":"IF(RIGHT(F35,27)=\"com encargos complementares\",\"MO\",IF(ISNUMBER(INDEX('Insumos Sinapi'!$A:$H,MATCH(#REF!,'Insumos Sinapi'!$H:$H,0),7)),\"I\",IF(OR(ISNUMBER(OFFSET(INDEX(#REF!,MATCH(F35,#REF!,0),12),2,0)),ISNUMBER(INDEX('Serviços Sinapi'!$A:$H,MATCH(#REF!,'Serviços Sinapi'!$I:$I,0),8))),\"C\",IF(ISTEXT(#REF!),\"I\",\"\"))))","v":"MO"},"Servente com Encargos Complementares","h",0.2,14.37,{"$f":"IF(ISNUMBER(I35),ROUND(H35*I35,2),\"\")","v":2.87},{"$f":"SUM(J35:J38)","v":158.63}]
[null,null,"SF-00158",{"$f":"IF(C36<>\"\",INDEX(Orçamentária!A:K,MATCH(C36,Orçamentária!A:A,0),12),IF(AND(C36=\"\",#REF!=\"\"),\"\",#REF!))","v":{"$error":"#REF!"}},{"$f":"IF(RIGHT(F36,27)=\"com encargos complementares\",\"MO\",IF(ISNUMBER(INDEX('Insumos Sinapi'!$A:$H,MATCH(#REF!,'Insumos Sinapi'!$H:$H,0),7)),\"I\",IF(OR(ISNUMBER(OFFSET(INDEX(#REF!,MATCH(F36,#REF!,0),12),2,0)),ISNUMBER(INDEX('Serviços Sinapi'!$A:$H,MATCH(#REF!,'Serviços Sinapi'!$I:$I,0),8))),\"C\",IF(ISTEXT(#REF!),\"I\",\"\"))))","v":"MO"},"Vidraceiro com encargos complementares","h",1,17.920000000000002,{"$f":"IF(ISNUMBER(I36),ROUND(H36*I36,2),\"\")","v":17.920000000000002}]
[null,null,"SF-00158",{"$f":"IF(C37<>\"\",INDEX(Orçamentária!A:K,MATCH(C37,Orçamentária!A:A,0),12),IF(AND(C37=\"\",#REF!=\"\"),\"\",#REF!))","v":{"$error":"#REF!"}},{"$f":"IF(RIGHT(F37,27)=\"com encargos complementares\",\"MO\",IF(ISNUMBER(INDEX('Insumos Sinapi'!$A:$H,MATCH(#REF!,'Insumos Sinapi'!$H:$H,0),7)),\"I\",IF(OR(ISNUMBER(OFFSET(INDEX(#REF!,MATCH(F37,#REF!,0),12),2,0)),ISNUMBER(INDEX('Serviços Sinapi'!$A:$H,MATCH(#REF!,'Serviços Sinapi'!$I:$I,0),8))),\"C\",IF(ISTEXT(#REF!),\"I\",\"\"))))","v":""},"VIDRO LISO INCOLOR 6 MM - SEM COLOCACAO","m2",1,126.5,{"$f":"IF(ISNUMBER(I37),ROUND(H37*I37,2),\"\")","v":126.5}]
[null,null,"SF-00158",{"$f":"IF(C38<>\"\",INDEX(Orçamentária!A:K,MATCH(C38,Orçamentária!A:A,0),12),IF(AND(C38=\"\",#REF!=\"\"),\"\",#REF!))","v":{"$error":"#REF!"}},{"$f":"IF(RIGHT(F38,27)=\"com encargos complementares\",\"MO\",IF(ISNUMBER(INDEX('Insumos Sinapi'!$A:$H,MATCH(#REF!,'Insumos Sinapi'!$H:$H,0),7)),\"I\",IF(OR(ISNUMBER(OFFSET(INDEX(#REF!,MATCH(F38,#REF!,0),12),2,0)),ISNUMBER(INDEX('Serviços Sinapi'!$A:$H,MATCH(#REF!,'Serviços Sinapi'!$I:$I,0),8))),\"C\",IF(ISTEXT(#REF!),\"I\",\"\"))))","v":""},"Massa para vidro","kg",2,5.67,{"$f":"IF(ISNUMBER(I38),ROUND(H38*I38,2),\"\")","v":11.34}]
[null,null,"",{"$f":"IF(C39<>\"\",INDEX(Orçamentária!A:K,MATCH(C39,Orçamentária!A:A,0),12),IF(AND(C39=\"\",#REF!=\"\"),\"\",#REF!))","v":{"$error":"#REF!"}},{"$f":"IF(RIGHT(F39,27)=\"com encargos complementares\",\"MO\",IF(ISNUMBER(INDEX('Insumos Sinapi'!$A:$H,MATCH(#REF!,'Insumos Sinapi'!$H:$H,0),7)),\"I\",IF(OR(ISNUMBER(OFFSET(INDEX(#REF!,MATCH(F39,#REF!,0),12),2,0)),ISNUMBER(INDEX('Serviços Sinapi'!$A:$H,MATCH(#REF!,'Serviços Sinapi'!$I:$I,0),8))),\"C\",IF(ISTEXT(#REF!),\"I\",\"\"))))","v":""},null,null,null,"",{"$f":"IF(ISNUMBER(I39),ROUND(H39*I39,2),\"\")","v":""}]

{"sheet":"BDI","index":2,"n_rows":47,"n_cols":9,"rows_kept":47,"cut":false,"hidden":false,"merged":[[46,0,46,8],[0,0,0,8],[1,0,1,8],[3,0,3,3],[3,5,3,8],[18,0,18,3],[18,5,18,8],[4,0,5,0],[4,5,5,5]]}
[{"$f":"Orçamentária!A1","v":"Linha de vida - Anexo I"}]
["BENEFÍCIOS E DESPESAS INDIRETAS - BDI"]
[]
["BDI Edificações",null,null,null,null,"BDI mero fornecimento"]
["Componentes do BDI","Cálculo sem CPRB","Cálculo com CPRB",null,null,"Componentes do BDI","Cálculo sem CPRB","Cálculo com CPRB"]
[null,"(não-desonerado)","(desonerado)",null,null,null,"(não-desonerado)","(desonerado)"]
[null,"% considerado","% considerado",null,null,null,"% considerado","% considerado"]
["AC",0.04,{"$f":"B8","v":0.04},null,null,"AC",1.6899999999999998E-2,1.6899999999999998E-2]
["S+G",8.0000000000000002E-3,8.0000000000000002E-3,null,null,"S+G",3.0000000000000001E-3,3.0000000000000001E-3]
["R",1.09E-2,1.09E-2,null,null,"R",5.5999999999999999E-3,5.5999999999999999E-3]
["DF",0.01,0.01,null,null,"DF",8.5000000000000006E-3,8.5000000000000006E-3]
["L",6.1600000000000002E-2,6.1600000000000002E-2,null,null,"L",3.5000000000000003E-2,3.5000000000000003E-2]
["PIS",6.4999999999999997E-3,6.4999999999999997E-3,null,null,"PIS",6.4999999999999997E-3,6.4999999999999997E-3]
["COFINS",0.03,0.03,null,null,"COFINS",0.03,0.03]
["CPRB",0,4.4999999999999998E-2,null,null,"CPRB",0,4.4999999999999998E-2]
["ISS",0.02,{"$f":"B16","v":0.02},null,null,"ISS",0,0]
["BDI Edificações",{"$f":"ROUND(((1+B8+B9+B10)*(1+B11)*(1+B12))/(1-(B13+B14+B15+B16))-1,4)","v":0.2034},{"$f":"ROUND(((1+C8+C9+C10)*(1+C11)*(1+C12))/(1-(C13+C14+C15+C16))-1,4)","v":0.2636},null,null,"BDI mero fornecimento",{"$f":"ROUND(((1+G8+G9+G10)*(1+G11)*(1+G12))/(1-(G13+G14+G15+G16))-1,2)","v":0.11},{"$f":"ROUND(((1+H8+H9+H10)*(1+H11)*(1+H12))/(1-(H13+H14+H15+H16))-1,4)","v":0.16539999999999999}]
[]
["Referências TCU - BDI Edificações",null,null,null,null,"Referências TCU - BDI mero fornecimento"]
[null,"1º Quartil","Médio","3º Quartil",null,null,"1º Quartil","Médio","3º Quartil"]
["AC",0.03,0.04,5.5E-2,null,"AC",1.4999999999999999E-2,3.4500000000000003E-2,4.4900000000000002E-2]
["S+G",8.0000000000000002E-3,8.0000000000000002E-3,0.01,null,"S+G",3.0000000000000001E-3,4.7999999999999996E-3,8.2000000000000007E-3]
["R",9.7000000000000003E-3,1.2699999999999999E-2,1.2699999999999999E-2,null,"R",5.5999999999999999E-3,8.5000000000000006E-3,8.8999999999999999E-3]
["DF",5.8999999999999999E-3,1.23E-2,1.3899999999999999E-2,null,"DF",8.5000000000000006E-3,8.5000000000000006E-3,1.11E-2]
["L",6.1600000000000002E-2,7.400000000000001E-2,8.9599999999999999E-2,null,"L",3.5000000000000003E-2,5.11E-2,6.2199999999999998E-2]
[]
["BDI",0.2034,0.22120000000000001,0.25,null,"BDI",0.111,0.14019999999999999,0.16800000000000001]
[]
[]
[]
[]
[]
[]
[]
[]
[]
[]
[]
[]
[]
[]
[]
[]
[]
[]
[]
["Fonte: Acórdãos 2.369/2011-TCU-Plenário e 2.622/2013-TCU-Plenário."]

{"sheet":"Serviços Sinapi","index":3,"n_rows":6500,"n_cols":12,"rows_kept":6500,"cut":false,"hidden":true,"merged":[[2,6,3,6],[2,7,3,7]]}
[]
[]
[null,null,null,null,null,null,"data-base","2019-12-01",null,null,"Coluna D","Desonerado"]
[]
["CODIGO  DA COMPOSICAO","DESCRICAO DA COMPOSICAO","UNIDADE","CUSTO TOTAL","CUSTO TOTAL",null,null,null,null,null,"Coluna E","Não-desonerado"]
[null,null,null,null,null,null,"Desonerado","Não-desonerado"]
["97141","ASSENTAMENTO DE TUBO DE FERRO FUNDIDO PARA REDE DE ÁGUA, DN 80 MM, JUNTA ELÁSTICA, INSTALADO EM LOCAL COM NÍVEL ALTO DE INTERFERÊNCIAS (NÃO INCLUI FORNECIMENTO). AF_11/2017","M","5,39","5,82",null,{"$f":"IF(D7=\"\",\"\",D7+0)","v":5.39},{"$f":"IF(E7=\"\",\"\",E7+0)","v":5.82},{"$f":"IF(OR(G7=\"\",H7=\"\"),\"\",CONCATENATE(\"Sinapi \",A7))","v":"Sinapi 97141"}]
["97142","ASSENTAMENTO DE TUBO DE FERRO FUNDIDO PARA REDE DE ÁGUA, DN 100 MM, JUNTA ELÁSTICA, INSTALADO EM LOCAL COM NÍVEL ALTO DE INTERFERÊNCIAS (NÃO INCLUI FORNECIMENTO). AF_11/2017","M","6,03","6,50",null,{"$f":"IF(D8=\"\",\"\",D8+0)","v":6.03},{"$f":"IF(E8=\"\",\"\",E8+0)","v":6.5},{"$f":"IF(OR(G8=\"\",H8=\"\"),\"\",CONCATENATE(\"Sinapi \",A8))","v":"Sinapi 97142"}]
["97143","ASSENTAMENTO DE TUBO DE FERRO FUNDIDO PARA REDE DE ÁGUA, DN 150 MM, JUNTA ELÁSTICA, INSTALADO EM LOCAL COM NÍVEL ALTO DE INTERFERÊNCIAS (NÃO INCLUI FORNECIMENTO). AF_11/2017","M","7,58","8,21",null,7.58,8.2100000000000009,"Sinapi 97143"]
["97144","ASSENTAMENTO DE TUBO DE FERRO FUNDIDO PARA REDE DE ÁGUA, DN 200 MM, JUNTA ELÁSTICA, INSTALADO EM LOCAL COM NÍVEL ALTO DE INTERFERÊNCIAS (NÃO INCLUI FORNECIMENTO). AF_11/2017","M","9,16","9,91",null,9.16,9.91,"Sinapi 97144"]
["97145","ASSENTAMENTO DE TUBO DE FERRO FUNDIDO PARA REDE DE ÁGUA, DN 250 MM, JUNTA ELÁSTICA, INSTALADO EM LOCAL COM NÍVEL ALTO DE INTERFERÊNCIAS (NÃO INCLUI FORNECIMENTO). AF_11/2017","M","10,74","11,62",null,10.74,11.62,"Sinapi 97145"]
["97146","ASSENTAMENTO DE TUBO DE FERRO FUNDIDO PARA REDE DE ÁGUA, DN 300 MM, JUNTA ELÁSTICA, INSTALADO EM LOCAL COM NÍVEL ALTO DE INTERFERÊNCIAS (NÃO INCLUI FORNECIMENTO). AF_11/2017","M","12,32","13,35",null,12.32,13.35,"Sinapi 97146"]
["97147","ASSENTAMENTO DE TUBO DE FERRO FUNDIDO PARA REDE DE ÁGUA, DN 350 MM, JUNTA ELÁSTICA, INSTALADO EM LOCAL COM NÍVEL ALTO DE INTERFERÊNCIAS (NÃO INCLUI FORNECIMENTO). AF_11/2017","M","13,91","15,08",null,13.91,15.08,"Sinapi 97147"]
["97148","ASSENTAMENTO DE TUBO DE FERRO FUNDIDO PARA REDE DE ÁGUA, DN 400 MM, JUNTA ELÁSTICA, INSTALADO EM LOCAL COM NÍVEL ALTO DE INTERFERÊNCIAS (NÃO INCLUI FORNECIMENTO). AF_11/2017","M","15,49","16,79",null,15.49,16.79,"Sinapi 97148"]
["97149","ASSENTAMENTO DE TUBO DE FERRO FUNDIDO PARA REDE DE ÁGUA, DN 450 MM, JUNTA ELÁSTICA, INSTALADO EM LOCAL COM NÍVEL ALTO DE INTERFERÊNCIAS (NÃO INCLUI FORNECIMENTO). AF_11/2017","M","17,10","18,54",null,17.100000000000001,18.54,"Sinapi 97149"]
["97150","ASSENTAMENTO DE TUBO DE FERRO FUNDIDO PARA REDE DE ÁGUA, DN 500 MM, JUNTA ELÁSTICA, INSTALADO EM LOCAL COM NÍVEL ALTO DE INTERFERÊNCIAS (NÃO INCLUI FORNECIMENTO). AF_11/2017","M","20,68","22,26",null,20.68,22.26,"Sinapi 97150"]
["97151","ASSENTAMENTO DE TUBO DE FERRO FUNDIDO PARA REDE DE ÁGUA, DN 600 MM, JUNTA ELÁSTICA, INSTALADO EM LOCAL COM NÍVEL ALTO DE INTERFERÊNCIAS (NÃO INCLUI FORNECIMENTO). AF_11/2017","M","24,17","26,03",null,24.17,26.03,"Sinapi 97151"]
["97152","ASSENTAMENTO DE TUBO DE FERRO FUNDIDO PARA REDE DE ÁGUA, DN 700 MM, JUNTA ELÁSTICA, INSTALADO EM LOCAL COM NÍVEL ALTO DE INTERFERÊNCIAS (NÃO INCLUI FORNECIMENTO). AF_11/2017","M","27,47","29,58",null,27.47,29.58,"Sinapi 97152"]
["97153","ASSENTAMENTO DE TUBO DE FERRO FUNDIDO PARA REDE DE ÁGUA, DN 800 MM, JUNTA ELÁSTICA, INSTALADO EM LOCAL COM NÍVEL ALTO DE INTERFERÊNCIAS (NÃO INCLUI FORNECIMENTO). AF_11/2017","M","30,88","33,27",null,30.88,33.270000000000003,"Sinapi 97153"]
["97154","ASSENTAMENTO DE TUBO DE FERRO FUNDIDO PARA REDE DE ÁGUA, DN 900 MM, JUNTA ELÁSTICA, INSTALADO EM LOCAL COM NÍVEL ALTO DE INTERFERÊNCIAS (NÃO INCLUI FORNECIMENTO). AF_11/2017","M","34,32","36,98",null,34.32,36.979999999999997,"Sinapi 97154"]
["97155","ASSENTAMENTO DE TUBO DE FERRO FUNDIDO PARA REDE DE ÁGUA, DN 1000 MM, JUNTA ELÁSTICA, INSTALADO EM LOCAL COM NÍVEL ALTO DE INTERFERÊNCIAS (NÃO INCLUI FORNECIMENTO). AF_11/2017","M","37,76","40,70",null,37.76,40.700000000000003,"Sinapi 97155"]
["97156","ASSENTAMENTO DE TUBO DE FERRO FUNDIDO PARA REDE DE ÁGUA, DN 1200 MM, JUNTA ELÁSTICA, INSTALADO EM LOCAL COM NÍVEL ALTO DE INTERFERÊNCIAS (NÃO INCLUI FORNECIMENTO). AF_11/2017","M","44,96","48,45",null,44.96,48.45,"Sinapi 97156"]
["97157","ASSENTAMENTO DE TUBO DE FERRO FUNDIDO PARA REDE DE ÁGUA, DN 80 MM, JUNTA ELÁSTICA, INSTALADO EM LOCAL COM NÍVEL BAIXO DE INTERFERÊNCIAS (NÃO INCLUI FORNECIMENTO). AF_11/2017","M","3,29","3,53",null,3.29,3.53,"Sinapi 97157"]
["97158","ASSENTAMENTO DE TUBO DE FERRO FUNDIDO PARA REDE DE ÁGUA, DN 100 MM, JUNTA ELÁSTICA, INSTALADO EM LOCAL COM NÍVEL BAIXO DE INTERFERÊNCIAS (NÃO INCLUI FORNECIMENTO). AF_11/2017","M","3,68","3,95",null,3.68,3.95,"Sinapi 97158"]
["97159","ASSENTAMENTO DE TUBO DE FERRO FUNDIDO PARA REDE DE ÁGUA, DN 150 MM, JUNTA ELÁSTICA, INSTALADO EM LOCAL COM NÍVEL BAIXO DE INTERFERÊNCIAS (NÃO INCLUI FORNECIMENTO). AF_11/2017","M","4,63","4,99",null,4.63,4.99,"Sinapi 97159"]
["97160","ASSENTAMENTO DE TUBO DE FERRO FUNDIDO PARA REDE DE ÁGUA, DN 200 MM, JUNTA ELÁSTICA, INSTALADO EM LOCAL COM NÍVEL BAIXO DE INTERFERÊNCIAS (NÃO INCLUI FORNECIMENTO). AF_11/2017","M","5,60","6,03",null,5.6,6.03,"Sinapi 97160"]
["97161","ASSENTAMENTO DE TUBO DE FERRO FUNDIDO PARA REDE DE ÁGUA, DN 250 MM, JUNTA ELÁSTICA, INSTALADO EM LOCAL COM NÍVEL BAIXO DE INTERFERÊNCIAS (NÃO INCLUI FORNECIMENTO). AF_11/2017","M","6,57","7,10",null,6.57,7.1,"Sinapi 97161"]
["97162","ASSENTAMENTO DE TUBO DE FERRO FUNDIDO PARA REDE DE ÁGUA, DN 300 MM, JUNTA ELÁSTICA, INSTALADO EM LOCAL COM NÍVEL BAIXO DE INTERFERÊNCIAS (NÃO INCLUI FORNECIMENTO). AF_11/2017","M","7,55","8,15",null,7.55,8.15,"Sinapi 97162"]
["97163","ASSENTAMENTO DE TUBO DE FERRO FUNDIDO PARA REDE DE ÁGUA, DN 350 MM, JUNTA ELÁSTICA, INSTALADO EM LOCAL COM NÍVEL BAIXO DE INTERFERÊNCIAS (NÃO INCLUI FORNECIMENTO). AF_11/2017","M","8,54","9,21",null,8.5399999999999991,9.2100000000000009,"Sinapi 97163"]
["97164","ASSENTAMENTO DE TUBO DE FERRO FUNDIDO PARA REDE DE ÁGUA, DN 400 MM, JUNTA ELÁSTICA, INSTALADO EM LOCAL COM NÍVEL BAIXO DE INTERFERÊNCIAS (NÃO INCLUI FORNECIMENTO). AF_11/2017","M","9,51","10,27",null,9.51,10.27,"Sinapi 97164"]
["97165","ASSENTAMENTO DE TUBO DE FERRO FUNDIDO PARA REDE DE ÁGUA, DN 450 MM, JUNTA ELÁSTICA, INSTALADO EM LOCAL COM NÍVEL BAIXO DE INTERFERÊNCIAS (NÃO INCLUI FORNECIMENTO). AF_11/2017","M","10,51","11,35",null,10.51,11.35,"Sinapi 97165"]
["97166","ASSENTAMENTO DE TUBO DE FERRO FUNDIDO PARA REDE DE ÁGUA, DN 500 MM, JUNTA ELÁSTICA, INSTALADO EM LOCAL COM NÍVEL BAIXO DE INTERFERÊNCIAS (NÃO INCLUI FORNECIMENTO). AF_11/2017","M","12,71","13,64",null,12.71,13.64,"Sinapi 97166"]
["97167","ASSENTAMENTO DE TUBO DE FERRO FUNDIDO PARA REDE DE ÁGUA, DN 600 MM, JUNTA ELÁSTICA, INSTALADO EM LOCAL COM NÍVEL BAIXO DE INTERFERÊNCIAS (NÃO INCLUI FORNECIMENTO). AF_11/2017","M","14,89","15,97",null,14.89,15.97,"Sinapi 97167"]
["97168","ASSENTAMENTO DE TUBO DE FERRO FUNDIDO PARA REDE DE ÁGUA, DN 700 MM, JUNTA ELÁSTICA, INSTALADO EM LOCAL COM NÍVEL BAIXO DE INTERFERÊNCIAS (NÃO INCLUI FORNECIMENTO). AF_11/2017","M","16,87","18,11",null,16.87,18.11,"Sinapi 97168"]
["97169","ASSENTAMENTO DE TUBO DE FERRO FUNDIDO PARA REDE DE ÁGUA, DN 800 MM, JUNTA ELÁSTICA, INSTALADO EM LOCAL COM NÍVEL BAIXO DE INTERFERÊNCIAS (NÃO INCLUI FORNECIMENTO). AF_11/2017","M","18,95","20,35",null,18.95,20.350000000000001,"Sinapi 97169"]
["97170","ASSENTAMENTO DE TUBO DE FERRO FUNDIDO PARA REDE DE ÁGUA, DN 900 MM, JUNTA ELÁSTICA, INSTALADO EM LOCAL COM NÍVEL BAIXO DE INTERFERÊNCIAS (NÃO INCLUI FORNECIMENTO). AF_11/2017","M","21,07","22,63",null,21.07,22.63,"Sinapi 97170"]
["97171","ASSENTAMENTO DE TUBO DE FERRO FUNDIDO PARA REDE DE ÁGUA, DN 1000 MM, JUNTA ELÁSTICA, INSTALADO EM LOCAL COM NÍVEL BAIXO DE INTERFERÊNCIAS (NÃO INCLUI FORNECIMENTO). AF_11/2017","M","23,20","24,92",null,23.2,24.92,"Sinapi 97171"]
["97172","ASSENTAMENTO DE TUBO DE FERRO FUNDIDO PARA REDE DE ÁGUA, DN 1200 MM, JUNTA ELÁSTICA, INSTALADO EM LOCAL COM NÍVEL BAIXO DE INTERFERÊNCIAS (NÃO INCLUI FORNECIMENTO). AF_11/2017","M","27,77","29,81",null,27.77,29.81,"Sinapi 97172"]
["97173","ASSENTAMENTO DE TUBO DE AÇO CARBONO PARA REDE DE ÁGUA, DN 600 MM (24\u0092\u0092), JUNTA SOLDADA, INSTALADO EM LOCAL COM NÍVEL ALTO DE INTERFERÊNCIAS (NÃO INCLUI FORNECIMENTO). AF_11/2017","M","23,65","25,38",null,23.65,25.38,"Sinapi 97173"]
["97174","ASSENTAMENTO DE TUBO DE AÇO CARBONO PARA REDE DE ÁGUA, DN 700 MM (28\u0092\u0092), JUNTA SOLDADA, INSTALADO EM LOCAL COM NÍVEL ALTO DE INTERFERÊNCIAS (NÃO INCLUI FORNECIMENTO). AF_11/2017","M","27,36","29,35",null,27.36,29.35,"Sinapi 97174"]
["97175","ASSENTAMENTO DE TUBO DE AÇO CARBONO PARA REDE DE ÁGUA, DN 800 MM (32\u0092\u0092), JUNTA SOLDADA, INSTALADO EM LOCAL COM NÍVEL ALTO DE INTERFERÊNCIAS (NÃO INCLUI FORNECIMENTO). AF_11/2017","M","31,06","33,32",null,31.06,33.32,"Sinapi 97175"]
["97176","ASSENTAMENTO DE TUBO DE AÇO CARBONO PARA REDE DE ÁGUA, DN 900 MM (36\u0092\u0092), JUNTA SOLDADA, INSTALADO EM LOCAL COM NÍVEL ALTO DE INTERFERÊNCIAS (NÃO INCLUI FORNECIMENTO). AF_11/2017","M","34,77","37,29",null,34.770000000000003,37.29,"Sinapi 97176"]
["97177","ASSENTAMENTO DE TUBO DE AÇO CARBONO PARA REDE DE ÁGUA, DN 1000 MM (40\u0092\u0092) OU DN 1100 MM (44\u0092\u0092), JUNTA SOLDADA, INSTALADO EM LOCAL COM NÍVEL ALTO DE INTERFERÊNCIAS (NÃO INCLUI FORNECIMENTO). AF_11/2017","M","42,21","45,24",null,42.21,45.24,"Sinapi 97177"]
["97178","ASSENTAMENTO DE TUBO DE AÇO CARBONO PARA REDE DE ÁGUA, DN 1200 MM (48\u0092\u0092) OU DN 1300 MM (52\u0092\u0092), JUNTA SOLDADA, INSTALADO EM LOCAL COM NÍVEL ALTO DE INTERFERÊNCIAS (NÃO INCLUI FORNECIMENTO). AF_11/2017","M","49,62","53,18",null,49.62,53.18,"Sinapi 97178"]
["97179","ASSENTAMENTO DE TUBO DE AÇO CARBONO PARA REDE DE ÁGUA, DN 1400 MM (56'') OU DN 1500 MM (60\u0092\u0092), JUNTA SOLDADA, INSTALADO EM LOCAL COM NÍVEL ALTO DE INTERFERÊNCIAS (NÃO INCLUI FORNECIMENTO). AF_11/2017","M","57,05","61,14",null,57.05,61.14,"Sinapi 97179"]
["97180","ASSENTAMENTO DE TUBO DE AÇO CARBONO PARA REDE DE ÁGUA, DN 1600 MM (64\u0092\u0092) OU DN 1700 MM (68\u0092\u0092), JUNTA SOLDADA, INSTALADO EM LOCAL COM NÍVEL ALTO DE INTERFERÊNCIAS (NÃO INCLUI FORNECIMENTO). AF_11/2017","M","64,47","69,08",null,64.47,69.08,"Sinapi 97180"]
["97181","ASSENTAMENTO DE TUBO DE AÇO CARBONO PARA REDE DE ÁGUA, DN 1800 MM (72\u0092\u0092) OU DN 1900 MM (76\u0092\u0092), JUNTA SOLDADA, INSTALADO EM LOCAL COM NÍVEL ALTO DE INTERFERÊNCIAS (NÃO INCLUI FORNECIMENTO). AF_11/2017","M","74,32","79,47",null,74.319999999999993,79.47,"Sinapi 97181"]
["97182","ASSENTAMENTO DE TUBO DE AÇO CARBONO PARA REDE DE ÁGUA, DN 2000 MM (80\u0092\u0092) OU DN 2100 MM (84\u0092\u0092), JUNTA SOLDADA, INSTALADO EM LOCAL COM NÍVEL ALTO DE INTERFERÊNCIAS (NÃO INCLUI FORNECIMENTO). AF_11/2017","M","82,00","87,69",null,82,87.69,"Sinapi 97182"]
["97183","ASSENTAMENTO DE TUBO DE AÇO CARBONO PARA REDE DE ÁGUA, DN 600 MM (24\u0092\u0092), JUNTA SOLDADA, INSTALADO EM LOCAL COM NÍVEL BAIXO DE INTERFERÊNCIAS (NÃO INCLUI FORNECIMENTO). AF_11/2017","M","19,55","21,00",null,19.55,21,"Sinapi 97183"]
["97184","ASSENTAMENTO DE TUBO DE AÇO CARBONO PARA REDE DE ÁGUA, DN 700 MM (28\u0092\u0092), JUNTA SOLDADA, INSTALADO EM LOCAL COM NÍVEL BAIXO DE INTERFERÊNCIAS (NÃO INCLUI FORNECIMENTO). AF_11/2017","M","22,66","24,35",null,22.66,24.35,"Sinapi 97184"]
["97185","ASSENTAMENTO DE TUBO DE AÇO CARBONO PARA REDE DE ÁGUA, DN 800 MM (32\u0092\u0092), JUNTA SOLDADA, INSTALADO EM LOCAL COM NÍVEL BAIXO DE INTERFERÊNCIAS (NÃO INCLUI FORNECIMENTO). AF_11/2017","M","25,79","27,69",null,25.79,27.69,"Sinapi 97185"]
["97186","ASSENTAMENTO DE TUBO DE AÇO CARBONO PARA REDE DE ÁGUA, DN 900 MM (36\u0092\u0092), JUNTA SOLDADA, INSTALADO EM LOCAL COM NÍVEL BAIXO DE INTERFERÊNCIAS (NÃO INCLUI FORNECIMENTO). AF_11/2017","M","28,91","31,04",null,28.91,31.04,"Sinapi 97186"]
["97187","ASSENTAMENTO DE TUBO DE AÇO CARBONO PARA REDE DE ÁGUA, DN 1000 MM (40  ) OU DN 1100 MM (44  ), JUNTA SOLDADA, INSTALADO EM LOCAL COM NÍVEL BAIXO DE INTERFERÊNCIAS (NÃO INCLUI FORNECIMENTO). AF_11/2017","M","35,15","37,73",null,35.15,37.729999999999997,"Sinapi 97187"]
["97188","ASSENTAMENTO DE TUBO DE AÇO CARBONO PARA REDE DE ÁGUA, DN 1200 MM (48\u0092\u0092) OU DN 1300 MM (52\u0092\u0092), JUNTA SOLDADA, INSTALADO EM LOCAL COM NÍVEL BAIXO DE INTERFERÊNCIAS (NÃO INCLUI FORNECIMENTO). AF_11/2017","M","41,38","44,41",null,41.38,44.41,"Sinapi 97188"]
["97189","ASSENTAMENTO DE TUBO DE AÇO CARBONO PARA REDE DE ÁGUA, DN 1400 MM (56'') OU DN 1500 MM (60\u0092\u0092), JUNTA SOLDADA, INSTALADO EM LOCAL COM NÍVEL BAIXO DE INTERFERÊNCIAS (NÃO INCLUI FORNECIMENTO). AF_11/2017","M","47,63","51,12",null,47.63,51.12,"Sinapi 97189"]
["97190","ASSENTAMENTO DE TUBO DE AÇO CARBONO PARA REDE DE ÁGUA, DN 1600 MM (64\u0092\u0092) OU DN 1700 MM (68\u0092\u0092), JUNTA SOLDADA, INSTALADO EM LOCAL COM NÍVEL BAIXO DE INTERFERÊNCIAS (NÃO INCLUI FORNECIMENTO). AF_11/2017","M","53,86","57,81",null,53.86,57.81,"Sinapi 97190"]
["97191","ASSENTAMENTO DE TUBO DE AÇO CARBONO PARA REDE DE ÁGUA, DN 1800 MM (72\u0092\u0092) OU DN 1900 MM (76\u0092\u0092), JUNTA SOLDADA, INSTALADO EM LOCAL COM NÍVEL BAIXO DE INTERFERÊNCIAS (NÃO INCLUI FORNECIMENTO). AF_11/2017","M","61,97","66,37",null,61.97,66.37,"Sinapi 97191"]
["97192","ASSENTAMENTO DE TUBO DE AÇO CARBONO PARA REDE DE ÁGUA, DN 2000 MM (80\u0092\u0092) OU DN 2100 MM (84\u0092\u0092), JUNTA SOLDADA, INSTALADO EM LOCAL COM NÍVEL BAIXO DE INTERFERÊNCIAS (NÃO INCLUI FORNECIMENTO). AF_11/2017","M","68,42","73,27",null,68.42,73.27,"Sinapi 97192"]
["90694","TUBO DE PVC PARA REDE COLETORA DE ESGOTO DE PAREDE MACIÇA, DN 100 MM, JUNTA ELÁSTICA, INSTALADO EM LOCAL COM NÍVEL BAIXO DE INTERFERÊNCIAS - FORNECIMENTO E ASSENTAMENTO. AF_06/2015","M","21,13","21,32",null,21.13,21.32,"Sinapi 90694"]
["90695","TUBO DE PVC PARA REDE COLETORA DE ESGOTO DE PAREDE MACIÇA, DN 150 MM, JUNTA ELÁSTICA, INSTALADO EM LOCAL COM NÍVEL BAIXO DE INTERFERÊNCIAS - FORNECIMENTO E ASSENTAMENTO. AF_06/2015","M","43,69","43,92",null,43.69,43.92,"Sinapi 90695"]
["90696","TUBO DE PVC PARA REDE COLETORA DE ESGOTO DE PAREDE MACIÇA, DN 200 MM, JUNTA ELÁSTICA, INSTALADO EM LOCAL COM NÍVEL BAIXO DE INTERFERÊNCIAS - FORNECIMENTO E ASSENTAMENTO. AF_06/2015","M","64,78","65,06",null,64.78,65.06,"Sinapi 90696"]
["90697","TUBO DE PVC PARA REDE COLETORA DE ESGOTO DE PAREDE MACIÇA, DN 250 MM, JUNTA ELÁSTICA, INSTALADO EM LOCAL COM NÍVEL BAIXO DE INTERFERÊNCIAS - FORNECIMENTO E ASSENTAMENTO. AF_06/2015","M","108,84","109,16",null,108.84,109.16,"Sinapi 90697"]
["90698","TUBO DE PVC PARA REDE COLETORA DE ESGOTO DE PAREDE MACIÇA, DN 300 MM, JUNTA ELÁSTICA, INSTALADO EM LOCAL COM NÍVEL BAIXO DE INTERFERÊNCIAS - FORNECIMENTO E ASSENTAMENTO. AF_06/2015","M","174,13","174,50",null,174.13,174.5,"Sinapi 90698"]
["90699","TUBO DE PVC PARA REDE COLETORA DE ESGOTO DE PAREDE MACIÇA, DN 350 MM, JUNTA ELÁSTICA, INSTALADO EM LOCAL COM NÍVEL BAIXO DE INTERFERÊNCIAS - FORNECIMENTO E ASSENTAMENTO. AF_06/2015","M","215,20","215,61",null,215.2,215.61,"Sinapi 90699"]
["90700","TUBO DE PVC PARA REDE COLETORA DE ESGOTO DE PAREDE MACIÇA, DN 400 MM, JUNTA ELÁSTICA, INSTALADO EM LOCAL COM NÍVEL BAIXO DE INTERFERÊNCIAS - FORNECIMENTO E ASSENTAMENTO. AF_06/2015","M","282,76","283,39",null,282.76,283.39,"Sinapi 90700"]
["90701","TUBO DE PVC CORRUGADO DE DUPLA PAREDE PARA REDE COLETORA DE ESGOTO, DN 150 MM, JUNTA ELÁSTICA, INSTALADO EM LOCAL COM NÍVEL BAIXO DE INTERFERÊNCIAS - FORNECIMENTO E ASSENTAMENTO. AF_06/2015","M","37,78","38,22",null,37.78,38.22,"Sinapi 90701"]
["90702","TUBO DE PVC CORRUGADO DE DUPLA PAREDE PARA REDE COLETORA DE ESGOTO, DN 200 MM, JUNTA ELÁSTICA, INSTALADO EM LOCAL COM NÍVEL BAIXO DE INTERFERÊNCIAS - FORNECIMENTO E ASSENTAMENTO. AF_06/2015","M","58,83","59,31",null,58.83,59.31,"Sinapi 90702"]
["90703","TUBO DE PVC CORRUGADO DE DUPLA PAREDE PARA REDE COLETORA DE ESGOTO, DN 250 MM, JUNTA ELÁSTICA, INSTALADO EM LOCAL COM NÍVEL BAIXO DE INTERFERÊNCIAS - FORNECIMENTO E ASSENTAMENTO. AF_06/2015","M","95,17","95,69",null,95.17,95.69,"Sinapi 90703"]
["90704","TUBO DE PVC CORRUGADO DE DUPLA PAREDE PARA REDE COLETORA DE ESGOTO, DN 300 MM, JUNTA ELÁSTICA, INSTALADO EM LOCAL COM NÍVEL BAIXO DE INTERFERÊNCIAS - FORNECIMENTO E ASSENTAMENTO. AF_06/2015","M","130,76","131,33",null,130.76,131.33000000000001,"Sinapi 90704"]
["90705","TUBO DE PVC CORRUGADO DE DUPLA PAREDE PARA REDE COLETORA DE ESGOTO, DN 350 MM, JUNTA ELÁSTICA, INSTALADO EM LOCAL COM NÍVEL BAIXO DE INTERFERÊNCIAS - FORNECIMENTO E ASSENTAMENTO. AF_06/2015","M","183,15","183,75",null,183.15,183.75,"Sinapi 90705"]
["90706","TUBO DE PVC CORRUGADO DE DUPLA PAREDE PARA REDE COLETORA DE ESGOTO, DN 400 MM, JUNTA ELÁSTICA, INSTALADO EM LOCAL COM NÍVEL BAIXO DE INTERFERÊNCIAS - FORNECIMENTO E ASSENTAMENTO. AF_06/2015","M","219,58","220,47",null,219.58,220.47,"Sinapi 90706"]
["90708","TUBO DE PEAD CORRUGADO DE DUPLA PAREDE PARA REDE COLETORA DE ESGOTO, DN 600 MM, JUNTA ELÁSTICA INTEGRADA, INSTALADO EM LOCAL COM NÍVEL BAIXO DE INTERFERÊNCIAS - FORNECIMENTO E ASSENTAMENTO. AF_06/2015","M","591,44","592,03",null,{"$f":"IF(D72=\"\",\"\",D72+0)","v":591.44000000000005},{"$f":"IF(E72=\"\",\"\",E72+0)","v":592.03},{"$f":"IF(OR(G72=\"\",H72=\"\"),\"\",CONCATENATE(\"Sinapi \",A72))","v":"Sinapi 90708"}]
["90709","TUBO DE PVC PARA REDE COLETORA DE ESGOTO DE PAREDE MACIÇA, DN 100 MM, JUNTA ELÁSTICA, INSTALADO EM LOCAL COM NÍVEL ALTO DE INTERFERÊNCIAS - FORNECIMENTO E ASSENTAMENTO. AF_06/2015","M","22,60","22,95",null,22.6,22.95,"Sinapi 90709"]
["90710","TUBO DE PVC PARA REDE COLETORA DE ESGOTO DE PAREDE MACIÇA, DN 150 MM, JUNTA ELÁSTICA, INSTALADO EM LOCAL COM NÍVEL ALTO DE INTERFERÊNCIAS - FORNECIMENTO E ASSENTAMENTO. AF_06/2015","M","45,16","45,55",null,45.16,45.55,"Sinapi 90710"]
["90711","TUBO DE PVC PARA REDE COLETORA DE ESGOTO DE PAREDE MACIÇA, DN 200 MM, JUNTA ELÁSTICA, INSTALADO EM LOCAL COM NÍVEL ALTO DE INTERFERÊNCIAS - FORNECIMENTO E ASSENTAMENTO. AF_06/2015","M","66,25","66,68",null,66.25,66.680000000000007,"Sinapi 90711"]
["90712","TUBO DE PVC PARA REDE COLETORA DE ESGOTO DE PAREDE MACIÇA, DN 250 MM, JUNTA ELÁSTICA, INSTALADO EM LOCAL COM NÍVEL ALTO DE INTERFERÊNCIAS - FORNECIMENTO E ASSENTAMENTO. AF_06/2015","M","110,31","110,79",null,110.31,110.79,"Sinapi 90712"]
["90713","TUBO DE PVC PARA REDE COLETORA DE ESGOTO DE PAREDE MACIÇA, DN 300 MM, JUNTA ELÁSTICA, INSTALADO EM LOCAL COM NÍVEL ALTO DE INTERFERÊNCIAS - FORNECIMENTO E ASSENTAMENTO. AF_06/2015","M","175,60","176,12",null,175.6,176.12,"Sinapi 90713"]
["90714","TUBO DE PVC PARA REDE COLETORA DE ESGOTO DE PAREDE MACIÇA, DN 350 MM, JUNTA ELÁSTICA, INSTALADO EM LOCAL COM NÍVEL ALTO DE INTERFERÊNCIAS - FORNECIMENTO E ASSENTAMENTO. AF_06/2015","M","216,67","217,24",null,216.67,217.24,"Sinapi 90714"]
["90715","TUBO DE PVC PARA REDE COLETORA DE ESGOTO DE PAREDE MACIÇA, DN 400 MM, JUNTA ELÁSTICA, INSTALADO EM LOCAL COM NÍVEL ALTO DE INTERFERÊNCIAS - FORNECIMENTO E ASSENTAMENTO. AF_06/2015","M","285,89","286,73",null,285.89,286.73,"Sinapi 90715"]
["90716","TUBO DE PVC CORRUGADO DE DUPLA PAREDE PARA REDE COLETORA DE ESGOTO, DN 150 MM, JUNTA ELÁSTICA, INSTALADO EM LOCAL COM NÍVEL ALTO DE INTERFERÊNCIAS - FORNECIMENTO E ASSENTAMENTO. AF_06/2015","M","39,25","39,84",null,39.25,39.840000000000003,"Sinapi 90716"]
["90717","TUBO DE PVC CORRUGADO DE DUPLA PAREDE PARA REDE COLETORA DE ESGOTO, DN 200 MM, JUNTA ELÁSTICA, INSTALADO EM LOCAL COM NÍVEL ALTO DE INTERFERÊNCIAS - FORNECIMENTO E ASSENTAMENTO. AF_06/2015","M","60,29","60,92",null,60.29,60.92,"Sinapi 90717"]
["90718","TUBO DE PVC CORRUGADO DE DUPLA PAREDE PARA REDE COLETORA DE ESGOTO, DN 250 MM, JUNTA ELÁSTICA, INSTALADO EM LOCAL COM NÍVEL ALTO DE INTERFERÊNCIAS - FORNECIMENTO E ASSENTAMENTO. AF_06/2015","M","96,65","97,32",null,96.65,97.32,"Sinapi 90718"]
["90719","TUBO DE PVC CORRUGADO DE DUPLA PAREDE PARA REDE COLETORA DE ESGOTO, DN 300 MM, JUNTA ELÁSTICA, INSTALADO EM LOCAL COM NÍVEL ALTO DE INTERFERÊNCIAS - FORNECIMENTO E ASSENTAMENTO. AF_06/2015","M","132,24","132,95",null,132.24,132.94999999999999,"Sinapi 90719"]
["90720","TUBO DE PVC CORRUGADO DE DUPLA PAREDE PARA REDE COLETORA DE ESGOTO, DN 350 MM, JUNTA ELÁSTICA, INSTALADO EM LOCAL COM NÍVEL ALTO DE INTERFERÊNCIAS - FORNECIMENTO E ASSENTAMENTO. AF_06/2015","M","184,62","185,38",null,184.62,185.38,"Sinapi 90720"]
["90721","TUBO DE PVC CORRUGADO DE DUPLA PAREDE PARA REDE COLETORA DE ESGOTO, DN 400 MM, EM JUNTA ELÁSTICA, INSTALADO EM LOCAL COM NÍVEL ALTO DE INTERFERÊNCIAS - FORNECIMENTO E ASSENTAMENTO. AF_06/2015","M","222,70","223,81",null,222.7,223.81,"Sinapi 90721"]
["90723","TUBO DE PEAD CORRUGADO DE DUPLA PAREDE PARA REDE COLETORA DE ESGOTO, DN 600 MM, JUNTA ELÁSTICA INTEGRADA, INSTALADO EM LOCAL COM NÍVEL ALTO DE INTERFERÊNCIAS - FORNECIMENTO E ASSENTAMENTO. AF_06/2015","M","593,38","594,06",null,593.38,594.05999999999995,"Sinapi 90723"]
["90724","JUNTA ARGAMASSADA ENTRE TUBO DN 100 MM E O POÇO DE VISITA/ CAIXA DE CONCRETO OU ALVENARIA EM REDES DE ESGOTO. AF_06/2015","UN","17,41","19,11",null,17.41,19.11,"Sinapi 90724"]
["90725","JUNTA ARGAMASSADA ENTRE TUBO DN 150 MM E O POÇO DE VISITA/ CAIXA DE CONCRETO OU ALVENARIA EM REDES DE ESGOTO. AF_06/2015","UN","21,54","23,62",null,21.54,23.62,"Sinapi 90725"]
["90726","JUNTA ARGAMASSADA ENTRE TUBO DN 200 MM E O POÇO/ CAIXA DE CONCRETO OU ALVENARIA EM REDES DE ESGOTO. AF_06/2015","UN","25,67","28,14",null,25.67,28.14,"Sinapi 90726"]
["90727","JUNTA ARGAMASSADA ENTRE TUBO DN 250 MM E O POÇO DE VISITA/ CAIXA DE CONCRETO OU ALVENARIA EM REDES DE ESGOTO. AF_06/2015","UN","29,81","32,66",null,29.81,32.659999999999997,"Sinapi 90727"]
["90728","JUNTA ARGAMASSADA ENTRE TUBO DN 300 MM E O POÇO DE VISITA/ CAIXA DE CONCRETO OU ALVENARIA EM REDES DE ESGOTO. AF_06/2015","UN","33,93","37,18",null,33.93,37.18,"Sinapi 90728"]
["90729","JUNTA ARGAMASSADA ENTRE TUBO DN 350 MM E O POÇO DE VISITA/ CAIXA DE CONCRETO OU ALVENARIA EM REDES DE ESGOTO. AF_06/2015","UN","38,07","41,69",null,38.07,41.69,"Sinapi 90729"]
["90730","JUNTA ARGAMASSADA ENTRE TUBO DN 400 MM E O POÇO DE VISITA/ CAIXA DE CONCRETO OU ALVENARIA EM REDES DE ESGOTO. AF_06/2015","UN","42,25","46,25",null,42.25,46.25,"Sinapi 90730"]
["90731","JUNTA ARGAMASSADA ENTRE TUBO DN 450 MM E O POÇO DE VISITA/ CAIXA DE CONCRETO OU ALVENARIA EM REDES DE ESGOTO. AF_06/2015","UN","46,38","50,76",null,46.38,50.76,"Sinapi 90731"]
["90732","JUNTA ARGAMASSADA ENTRE TUBO DN 600 MM E O POÇO DE VISITA/ CAIXA DE CONCRETO OU ALVENARIA EM REDES DE ESGOTO. AF_06/2015","UN","58,76","64,31",null,58.76,64.31,"Sinapi 90732"]
["90733","ASSENTAMENTO DE TUBO DE PVC PARA REDE COLETORA DE ESGOTO DE PAREDE MACIÇA, DN 100 MM, JUNTA ELÁSTICA, INSTALADO EM LOCAL COM NÍVEL BAIXO DE INTERFERÊNCIAS (NÃO INCLUI FORNECIMENTO). AF_06/2015","M","1,85","2,04",null,1.85,2.04,"Sinapi 90733"]
["90734","ASSENTAMENTO DE TUBO DE PVC PARA REDE COLETORA DE ESGOTO DE PAREDE MACIÇA, DN 150 MM, JUNTA ELÁSTICA, INSTALADO EM LOCAL COM NÍVEL BAIXO DE INTERFERÊNCIAS (NÃO INCLUI FORNECIMENTO). AF_06/2015","M","2,26","2,49",null,2.2599999999999998,2.4900000000000002,"Sinapi 90734"]
["90735","ASSENTAMENTO DE TUBO DE PVC PARA REDE COLETORA DE ESGOTO DE PAREDE MACIÇA, DN 200 MM, JUNTA ELÁSTICA, INSTALADO EM LOCAL COM NÍVEL BAIXO DE INTERFERÊNCIAS (NÃO INCLUI FORNECIMENTO). AF_06/2015","M","2,68","2,96",null,2.68,2.96,"Sinapi 90735"]
["90736","ASSENTAMENTO DE TUBO DE PVC PARA REDE COLETORA DE ESGOTO DE PAREDE MACIÇA, DN 250 MM, JUNTA ELÁSTICA, INSTALADO EM LOCAL COM NÍVEL BAIXO DE INTERFERÊNCIAS (NÃO INCLUI FORNECIMENTO). AF_06/2015","M","3,10","3,42",null,3.1,3.42,"Sinapi 90736"]
["90737","ASSENTAMENTO DE TUBO DE PVC PARA REDE COLETORA DE ESGOTO DE PAREDE MACIÇA, DN 300 MM, JUNTA ELÁSTICA, INSTALADO EM LOCAL COM NÍVEL BAIXO DE INTERFERÊNCIAS (NÃO INCLUI FORNECIMENTO). AF_06/2015","M","3,51","3,88",null,3.51,3.88,"Sinapi 90737"]
["90738","ASSENTAMENTO DE TUBO DE PVC PARA REDE COLETORA DE ESGOTO DE PAREDE MACIÇA, DN 350 MM, JUNTA ELÁSTICA, INSTALADO EM LOCAL COM NÍVEL BAIXO DE INTERFERÊNCIAS (NÃO INCLUI FORNECIMENTO). AF_06/2015","M","3,92","4,33",null,3.92,4.33,"Sinapi 90738"]
["90739","ASSENTAMENTO DE TUBO DE PVC PARA REDE COLETORA DE ESGOTO DE PAREDE MACIÇA, DN 400 MM, JUNTA ELÁSTICA, INSTALADO EM LOCAL COM NÍVEL BAIXO DE INTERFERÊNCIAS (NÃO INCLUI FORNECIMENTO). AF_06/2015","M","9,21","9,84",null,9.2100000000000009,9.84,"Sinapi 90739"]
["90740","ASSENTAMENTO DE TUBO DE PVC CORRUGADO DE DUPLA PAREDE PARA REDE COLETORA DE ESGOTO, DN 150 MM, JUNTA ELÁSTICA, INSTALADO EM LOCAL COM NÍVEL BAIXO DE INTERFERÊNCIAS (NÃO INCLUI FORNECIMENTO). AF_06/2015","M","4,13","4,57",null,4.13,4.57,"Sinapi 90740"]
["90741","ASSENTAMENTO DE TUBO DE PVC CORRUGADO DE DUPLA PAREDE PARA REDE COLETORA DE ESGOTO, DN 200 MM, JUNTA ELÁSTICA, INSTALADO EM LOCAL COM NÍVEL BAIXO DE INTERFERÊNCIAS (NÃO INCLUI FORNECIMENTO). AF_06/2015","M","4,55","5,03",null,4.55,5.03,"Sinapi 90741"]
["90742","ASSENTAMENTO DE TUBO DE PVC CORRUGADO DE DUPLA PAREDE PARA REDE COLETORA DE ESGOTO, DN 250 MM, JUNTA ELÁSTICA, INSTALADO EM LOCAL COM NÍVEL BAIXO DE INTERFERÊNCIAS (NÃO INCLUI FORNECIMENTO). AF_06/2015","M","4,96","5,48",null,4.96,5.48,"Sinapi 90742"]
["90743","ASSENTAMENTO DE TUBO DE PVC CORRUGADO DE DUPLA PAREDE PARA REDE COLETORA DE ESGOTO, DN 300 MM, JUNTA ELÁSTICA, INSTALADO EM LOCAL COM NÍVEL BAIXO DE INTERFERÊNCIAS (NÃO INCLUI FORNECIMENTO). AF_06/2015","M","5,37","5,94",null,5.37,5.94,"Sinapi 90743"]
["90744","ASSENTAMENTO DE TUBO DE PVC CORRUGADO DE DUPLA PAREDE PARA REDE COLETORA DE ESGOTO, DN 350 MM, JUNTA ELÁSTICA, INSTALADO EM LOCAL COM NÍVEL BAIXO DE INTERFERÊNCIAS (NÃO INCLUI FORNECIMENTO). AF_06/2015","M","5,79","6,39",null,5.79,6.39,"Sinapi 90744"]
["90745","ASSENTAMENTO DE TUBO DE PVC CORRUGADO DE DUPLA PAREDE PARA REDE COLETORA DE ESGOTO, DN 400 MM, JUNTA ELÁSTICA, INSTALADO EM LOCAL COM NÍVEL BAIXO DE INTERFERÊNCIAS (NÃO INCLUI FORNECIMENTO). AF_06/2015","M","13,18","14,07",null,13.18,14.07,"Sinapi 90745"]
["90746","ASSENTAMENTO DE TUBO DE PEAD CORRUGADO DE DUPLA PAREDE PARA REDE COLETORA DE ESGOTO, DN 450 MM, JUNTA ELÁSTICA INTEGRADA, INSTALADO EM LOCAL COM NÍVEL BAIXO DE INTERFERÊNCIAS (NÃO INCLUI FORNECIMENTO). AF_06/2015","M","2,52","2,78",null,2.52,2.78,"Sinapi 90746"]
["90747","ASSENTAMENTO DE TUBO DE PEAD CORRUGADO DE DUPLA PAREDE PARA REDE COLETORA DE ESGOTO, DN 600 MM, JUNTA ELÁSTICA INTEGRADA, INSTALADO EM LOCAL COM NÍVEL BAIXO DE INTERFERÊNCIAS (NÃO INCLUI FORNECIMENTO). AF_06/2015","M","10,09","10,68",null,10.09,10.68,"Sinapi 90747"]
["90748","ASSENTAMENTO DE TUBO DE PVC PARA REDE COLETORA DE ESGOTO DE PAREDE MACIÇA, DN 100 MM, JUNTA ELÁSTICA, INSTALADO EM LOCAL COM NÍVEL ALTO DE INTERFERÊNCIAS (NÃO INCLUI FORNECIMENTO). AF_06/2015","M","3,32","3,67",null,3.32,3.67,"Sinapi 90748"]
["90749","ASSENTAMENTO DE TUBO DE PVC PARA REDE COLETORA DE ESGOTO DE PAREDE MACIÇA, DN 150 MM, JUNTA ELÁSTICA, INSTALADO EM LOCAL COM NÍVEL ALTO DE INTERFERÊNCIAS (NÃO INCLUI FORNECIMENTO). AF_06/2015","M","3,73","4,12",null,3.73,4.12,"Sinapi 90749"]
["90750","ASSENTAMENTO DE TUBO DE PVC PARA REDE COLETORA DE ESGOTO DE PAREDE MACIÇA, DN 200 MM, JUNTA ELÁSTICA, INSTALADO EM LOCAL COM NÍVEL ALTO DE INTERFERÊNCIAS (NÃO INCLUI FORNECIMENTO). AF_06/2015","M","4,15","4,58",null,4.1500000000000004,4.58,"Sinapi 90750"]
["90751","ASSENTAMENTO DE TUBO DE PVC PARA REDE COLETORA DE ESGOTO DE PAREDE MACIÇA, DN 250 MM, JUNTA ELÁSTICA, INSTALADO EM LOCAL COM NÍVEL ALTO DE INTERFERÊNCIAS (NÃO INCLUI FORNECIMENTO). AF_06/2015","M","4,57","5,05",null,4.57,5.05,"Sinapi 90751"]
["90752","ASSENTAMENTO DE TUBO DE PVC PARA REDE COLETORA DE ESGOTO DE PAREDE MACIÇA, DN 300 MM, JUNTA ELÁSTICA, INSTALADO EM LOCAL COM NÍVEL ALTO DE INTERFERÊNCIAS (NÃO INCLUI FORNECIMENTO). AF_06/2015","M","4,98","5,50",null,4.9800000000000004,5.5,"Sinapi 90752"]
["90753","ASSENTAMENTO DE TUBO DE PVC PARA REDE COLETORA DE ESGOTO DE PAREDE MACIÇA, DN 350 MM, JUNTA ELÁSTICA, INSTALADO EM LOCAL COM NÍVEL ALTO DE INTERFERÊNCIAS (NÃO INCLUI FORNECIMENTO). AF_06/2015","M","5,39","5,96",null,5.39,5.96,"Sinapi 90753"]
["90754","ASSENTAMENTO DE TUBO DE PVC PARA REDE COLETORA DE ESGOTO DE PAREDE MACIÇA, DN 400 MM, JUNTA ELÁSTICA, INSTALADO EM LOCAL COM NÍVEL ALTO DE INTERFERÊNCIAS (NÃO INCLUI FORNECIMENTO). AF_06/2015","M","12,34","13,18",null,12.34,13.18,"Sinapi 90754"]
["90755","ASSENTAMENTO DE TUBO DE PVC CORRUGADO DE DUPLA PAREDE PARA REDE COLETORA DE ESGOTO, DN 150 MM, JUNTA ELÁSTICA, INSTALADO EM LOCAL COM NÍVEL ALTO DE INTERFERÊNCIAS (NÃO INCLUI FORNECIMENTO). AF_06/2015","M","5,60","6,19",null,5.6,6.19,"Sinapi 90755"]
["90756","ASSENTAMENTO DE TUBO DE PVC CORRUGADO DE DUPLA PAREDE PARA REDE COLETORA DE ESGOTO, DN 200 MM, JUNTA ELÁSTICA, INSTALADO EM LOCAL COM NÍVEL ALTO DE INTERFERÊNCIAS (NÃO INCLUI FORNECIMENTO). AF_06/2015","M","6,01","6,64",null,6.01,6.64,"Sinapi 90756"]
["90757","ASSENTAMENTO DE TUBO DE PVC CORRUGADO DE DUPLA PAREDE PARA REDE COLETORA DE ESGOTO, DN 250 MM, JUNTA ELÁSTICA, INSTALADO EM LOCAL COM NÍVEL ALTO DE INTERFERÊNCIAS (NÃO INCLUI FORNECIMENTO). AF_06/2015","M","6,44","7,11",null,6.44,7.11,"Sinapi 90757"]
["90758","ASSENTAMENTO DE TUBO DE PVC CORRUGADO DE DUPLA PAREDE PARA REDE COLETORA DE ESGOTO, DN 300 MM, JUNTA ELÁSTICA, INSTALADO EM LOCAL COM NÍVEL ALTO DE INTERFERÊNCIAS (NÃO INCLUI FORNECIMENTO). AF_06/2015","M","6,85","7,56",null,6.85,7.56,"Sinapi 90758"]
["90759","ASSENTAMENTO DE TUBO DE PVC CORRUGADO DE DUPLA PAREDE PARA REDE COLETORA DE ESGOTO, DN 350 MM, JUNTA ELÁSTICA, INSTALADO EM LOCAL COM NÍVEL ALTO DE INTERFERÊNCIAS (NÃO INCLUI FORNECIMENTO). AF_06/2015","M","7,26","8,02",null,7.26,8.02,"Sinapi 90759"]
["90760","ASSENTAMENTO DE TUBO DE PVC CORRUGADO DE DUPLA PAREDE PARA REDE COLETORA DE ESGOTO, DN 400 MM, EM JUNTA ELÁSTICA, INSTALADO EM LOCAL COM NÍVEL ALTO DE INTERFERÊNCIAS (NÃO INCLUI FORNECIMENTO). AF_06/2015","M","16,30","17,41",null,16.3,17.41,"Sinapi 90760"]
["90761","ASSENTAMENTO DE TUBO DE PEAD CORRUGADO DE DUPLA PAREDE PARA REDE COLETORA DE ESGOTO, DN 450 MM, JUNTA ELÁSTICA INTEGRADA, INSTALADO EM LOCAL COM NÍVEL ALTO DE INTERFERÊNCIAS (NÃO INCLUI FORNECIMENTO). AF_06/2015","M","3,08","3,40",null,3.08,3.4,"Sinapi 90761"]
["90762","ASSENTAMENTO DE TUBO DE PEAD CORRUGADO DE DUPLA PAREDE PARA REDE COLETORA DE ESGOTO, DN 600 MM, JUNTA ELÁSTICA INTEGRADA, INSTALADO EM LOCAL COM NÍVEL ALTO DE INTERFERÊNCIAS (NÃO INCLUI FORNECIMENTO). AF_06/2015","M","12,03","12,71",null,12.03,12.71,"Sinapi 90762"]
["94869","TUBO DE PEAD CORRUGADO DE DUPLA PAREDE PARA REDE COLETORA DE ESGOTO, DN 250 MM, JUNTA ELÁSTICA INTEGRADA, INSTALADO EM LOCAL COM NÍVEL BAIXO DE INTERFERÊNCIAS - FORNECIMENTO E ASSENTAMENTO. AF_06/2016","M","120,34","120,41",null,120.34,120.41,"Sinapi 94869"]
["94870","ASSENTAMENTO DE TUBO DE PEAD CORRUGADO DE DUPLA PAREDE PARA REDE COLETORA DE ESGOTO, DN 250 MM, JUNTA ELÁSTICA INTEGRADA, INSTALADO EM LOCAL COM NÍVEL BAIXO DE INTERFERÊNCIAS (NÃO INCLUI FORNECIMENTO). AF_06/2016","M","0,61","0,68",null,0.61,0.68,"Sinapi 94870"]
["94871","TUBO DE PEAD CORRUGADO DE DUPLA PAREDE PARA REDE COLETORA DE ESGOTO, DN 300 MM, JUNTA ELÁSTICA INTEGRADA, INSTALADO EM LOCAL COM NÍVEL BAIXO DE INTERFERÊNCIAS - FORNECIMENTO E ASSENTAMENTO. AF_06/2016","M","142,60","142,72",null,142.6,142.72,"Sinapi 94871"]
["94872","ASSENTAMENTO DE TUBO DE PEAD CORRUGADO DE DUPLA PAREDE PARA REDE COLETORA DE ESGOTO, DN 300 MM, JUNTA ELÁSTICA INTEGRADA, INSTALADO EM LOCAL COM NÍVEL BAIXO DE INTERFERÊNCIAS (NÃO INCLUI FORNECIMENTO). AF_06/2016","M","1,07","1,19",null,1.07,1.19,"Sinapi 94872"]
["94875","TUBO DE PEAD CORRUGADO DE DUPLA PAREDE PARA REDE COLETORA DE ESGOTO, DN 750 MM, JUNTA ELÁSTICA INTEGRADA, INSTALADO EM LOCAL COM NÍVEL BAIXO DE INTERFERÊNCIAS - FORNECIMENTO E ASSENTAMENTO. AF_06/2016","M","835,82","836,69",null,835.82,836.69,"Sinapi 94875"]
["94876","ASSENTAMENTO DE TUBO DE PEAD CORRUGADO DE DUPLA PAREDE PARA REDE COLETORA DE ESGOTO, DN 750 MM, JUNTA ELÁSTICA INTEGRADA, INSTALADO EM LOCAL COM NÍVEL BAIXO DE INTERFERÊNCIAS (NÃO INCLUI FORNECIMENTO). AF_06/2016","M","15,30","16,17",null,15.3,16.170000000000002,"Sinapi 94876"]
["94878","ASSENTAMENTO DE TUBO DE PEAD CORRUGADO DE DUPLA PAREDE PARA REDE COLETORA DE ESGOTO, DN 900 MM, JUNTA ELÁSTICA INTEGRADA, INSTALADO EM LOCAL COM NÍVEL BAIXO DE INTERFERÊNCIAS (NÃO INCLUI FORNECIMENTO). AF_06/2016","M","17,95","18,98",null,17.95,18.98,"Sinapi 94878"]
["94879","TUBO DE PEAD CORRUGADO DE DUPLA PAREDE PARA REDE COLETORA DE ESGOTO, DN 1000 MM, JUNTA ELÁSTICA INTEGRADA, INSTALADO EM LOCAL COM NÍVEL BAIXO DE INTERFERÊNCIAS - FORNECIMENTO E ASSENTAMENTO. AF_06/2016","M","1.114,07","1.115,33",null,1114.07,1115.33,"Sinapi 94879"]
["94880","ASSENTAMENTO DE TUBO DE PEAD CORRUGADO DE DUPLA PAREDE PARA REDE COLETORA DE ESGOTO, DN 1000 MM, JUNTA ELÁSTICA INTEGRADA, INSTALADO EM LOCAL COM NÍVEL BAIXO DE INTERFERÊNCIAS (NÃO INCLUI FORNECIMENTO). AF_06/2016","M","21,99","23,25",null,21.99,23.25,"Sinapi 94880"]
["94881","TUBO DE PEAD CORRUGADO DE DUPLA PAREDE PARA REDE COLETORA DE ESGOTO, DN 1200 MM, JUNTA ELÁSTICA INTEGRADA, INSTALADO EM LOCAL COM NÍVEL BAIXO DE INTERFERÊNCIAS - FORNECIMENTO E ASSENTAMENTO. AF_06/2016","M","1.737,62","1.739,11",null,1737.62,1739.11,"Sinapi 94881"]
["94882","ASSENTAMENTO DE TUBO DE PEAD CORRUGADO DE DUPLA PAREDE PARA REDE COLETORA DE ESGOTO, DN 1200 MM, JUNTA ELÁSTICA INTEGRADA, INSTALADO EM LOCAL COM NÍVEL BAIXO DE INTERFERÊNCIAS (NÃO INCLUI FORNECIMENTO). AF_06/2016","M","26,08","27,57",null,{"$f":"IF(D136=\"\",\"\",D136+0)","v":26.08},{"$f":"IF(E136=\"\",\"\",E136+0)","v":27.57},{"$f":"IF(OR(G136=\"\",H136=\"\"),\"\",CONCATENATE(\"Sinapi \",A136))","v":"Sinapi 94882"}]
["94884","ASSENTAMENTO DE TUBO DE PEAD CORRUGADO DE DUPLA PAREDE PARA REDE COLETORA DE ESGOTO, DN 1500 MM, JUNTA ELÁSTICA INTEGRADA, INSTALADO EM LOCAL COM NÍVEL BAIXO DE INTERFERÊNCIAS (NÃO INCLUI FORNECIMENTO). AF_06/2016","M","34,39","36,35",null,34.39,36.35,"Sinapi 94884"]
["94885","TUBO DE PEAD CORRUGADO DE DUPLA PAREDE PARA REDE COLETORA DE ESGOTO, DN 250 MM, JUNTA ELÁSTICA INTEGRADA, INSTALADO EM LOCAL COM NÍVEL ALTO DE INTERFERÊNCIAS - FORNECIMENTO E ASSENTAMENTO. AF_06/2016","M","120,53","120,60",null,120.53,120.6,"Sinapi 94885"]
["94886","ASSENTAMENTO DE TUBO DE PEAD CORRUGADO DE DUPLA PAREDE PARA REDE COLETORA DE ESGOTO, DN 250 MM, JUNTA ELÁSTICA INTEGRADA, INSTALADO EM LOCAL COM NÍVEL ALTO DE INTERFERÊNCIAS (NÃO INCLUI FORNECIMENTO). AF_06/2016","M","0,80","0,87",null,0.8,0.87,"Sinapi 94886"]
["94887","TUBO DE PEAD CORRUGADO DE DUPLA PAREDE PARA REDE COLETORA DE ESGOTO, DN 300 MM, JUNTA ELÁSTICA INTEGRADA, INSTALADO EM LOCAL COM NÍVEL ALTO DE INTERFERÊNCIAS - FORNECIMENTO E ASSENTAMENTO. AF_06/2016","M","142,90","143,04",null,142.9,143.04,"Sinapi 94887"]
["94888","ASSENTAMENTO DE TUBO DE PEAD CORRUGADO DE DUPLA PAREDE PARA REDE COLETORA DE ESGOTO, DN 300 MM, JUNTA ELÁSTICA INTEGRADA, INSTALADO EM LOCAL COM NÍVEL ALTO DE INTERFERÊNCIAS (NÃO INCLUI FORNECIMENTO). AF_06/2016","M","1,37","1,51",null,1.37,1.51,"Sinapi 94888"]
["94891","TUBO DE PEAD CORRUGADO DE DUPLA PAREDE PARA REDE COLETORA DE ESGOTO, DN 750 MM, JUNTA ELÁSTICA INTEGRADA, INSTALADO EM LOCAL COM NÍVEL ALTO DE INTERFERÊNCIAS - FORNECIMENTO E ASSENTAMENTO. AF_06/2016","M","838,28","839,30",null,838.28,839.3,"Sinapi 94891"]
["94892","ASSENTAMENTO DE TUBO DE PEAD CORRUGADO DE DUPLA PAREDE PARA REDE COLETORA DE ESGOTO, DN 750 MM, JUNTA ELÁSTICA INTEGRADA, INSTALADO EM LOCAL COM NÍVEL ALTO DE INTERFERÊNCIAS (NÃO INCLUI FORNECIMENTO). AF_06/2016","M","17,76","18,78",null,17.760000000000002,18.78,"Sinapi 94892"]
["94894","ASSENTAMENTO DE TUBO DE PEAD CORRUGADO DE DUPLA PAREDE PARA REDE COLETORA DE ESGOTO, DN 900 MM, JUNTA ELÁSTICA INTEGRADA, INSTALADO EM LOCAL COM NÍVEL ALTO DE INTERFERÊNCIAS (NÃO INCLUI FORNECIMENTO). AF_06/2016","M","20,64","21,82",null,20.64,21.82,"Sinapi 94894"]
["94895","TUBO DE PEAD CORRUGADO DE DUPLA PAREDE PARA REDE COLETORA DE ESGOTO, DN 1000 MM, JUNTA ELÁSTICA INTEGRADA, INSTALADO EM LOCAL COM NÍVEL ALTO DE INTERFERÊNCIAS - FORNECIMENTO E ASSENTAMENTO. AF_06/2016","M","1.117,01","1.118,43",null,1117.01,1118.43,"Sinapi 94895"]
["94896","ASSENTAMENTO DE TUBO DE PEAD CORRUGADO DE DUPLA PAREDE PARA REDE COLETORA DE ESGOTO, DN 1000 MM, JUNTA ELÁSTICA INTEGRADA, INSTALADO EM LOCAL COM NÍVEL ALTO DE INTERFERÊNCIAS (NÃO INCLUI FORNECIMENTO). AF_06/2016","M","24,93","26,35",null,24.93,26.35,"Sinapi 94896"]
["94897","TUBO DE PEAD CORRUGADO DE DUPLA PAREDE PARA REDE COLETORA DE ESGOTO, DN 1200 MM, JUNTA ELÁSTICA INTEGRADA, INSTALADO EM LOCAL COM NÍVEL ALTO DE INTERFERÊNCIAS - FORNECIMENTO E ASSENTAMENTO. AF_06/2016","M","1.740,76","1.742,44",null,1740.76,1742.44,"Sinapi 94897"]
["94898","ASSENTAMENTO DE TUBO DE PEAD CORRUGADO DE DUPLA PAREDE PARA REDE COLETORA DE ESGOTO, DN 1200 MM, JUNTA ELÁSTICA INTEGRADA, INSTALADO EM LOCAL COM NÍVEL ALTO DE INTERFERÊNCIAS (NÃO INCLUI FORNECIMENTO). AF_06/2016","M","29,22","30,90",null,29.22,30.9,"Sinapi 94898"]
["94900","ASSENTAMENTO DE TUBO DE PEAD CORRUGADO DE DUPLA PAREDE PARA REDE COLETORA DE ESGOTO, DN 1500 MM, JUNTA ELÁSTICA INTEGRADA, INSTALADO EM LOCAL COM NÍVEL ALTO DE INTERFERÊNCIAS (NÃO INCLUI FORNECIMENTO). AF_06/2016","M","37,83","40,00",null,37.83,40,"Sinapi 94900"]
["97121","ASSENTAMENTO DE TUBO DE PVC PBA PARA REDE DE ÁGUA, DN 50 MM, JUNTA ELÁSTICA INTEGRADA, INSTALADO EM LOCAL COM NÍVEL ALTO DE INTERFERÊNCIAS (NÃO INCLUI FORNECIMENTO). AF_11/2017","M","1,39","1,53",null,1.39,1.53,"Sinapi 97121"]
["97122","ASSENTAMENTO DE TUBO DE PVC PBA PARA REDE DE ÁGUA, DN 75 MM, JUNTA ELÁSTICA INTEGRADA, INSTALADO EM LOCAL COM NÍVEL ALTO DE INTERFERÊNCIAS (NÃO INCLUI FORNECIMENTO). AF_11/2017","M","1,95","2,13",null,1.95,2.13,"Sinapi 97122"]
["97123","ASSENTAMENTO DE TUBO DE PVC PBA PARA REDE DE ÁGUA, DN 100 MM, JUNTA ELÁSTICA INTEGRADA, INSTALADO EM LOCAL COM NÍVEL ALTO DE INTERFERÊNCIAS (NÃO INCLUI FORNECIMENTO). AF_11/2017","M","2,48","2,72",null,2.48,2.72,"Sinapi 97123"]
["97124","ASSENTAMENTO DE TUBO DE PVC PBA PARA REDE DE ÁGUA, DN 50 MM, JUNTA ELÁSTICA INTEGRADA, INSTALADO EM LOCAL COM NÍVEL BAIXO DE INTERFERÊNCIAS (NÃO INCLUI FORNECIMENTO). AF_11/2017","M","0,61","0,68",null,0.61,0.68,"Sinapi 97124"]
["97125","ASSENTAMENTO DE TUBO DE PVC PBA PARA REDE DE ÁGUA, DN 75 MM, JUNTA ELÁSTICA INTEGRADA, INSTALADO EM LOCAL COM NÍVEL BAIXO DE INTERFERÊNCIAS (NÃO INCLUI FORNECIMENTO). AF_11/2017","M","0,89","0,97",null,0.89,0.97,"Sinapi 97125"]
["97126","ASSENTAMENTO DE TUBO DE PVC PBA PARA REDE DE ÁGUA, DN 100 MM, JUNTA ELÁSTICA INTEGRADA, INSTALADO EM LOCAL COM NÍVEL BAIXO DE INTERFERÊNCIAS (NÃO INCLUI FORNECIMENTO). AF_11/2017","M","1,14","1,23",null,1.1399999999999999,1.23,"Sinapi 97126"]
["92833","TUBO DE CONCRETO PARA REDES COLETORAS DE ESGOTO SANITÁRIO, DIÂMETRO DE 300 MM, JUNTA ELÁSTICA, INSTALADO EM LOCAL COM BAIXO NÍVEL DE INTERFERÊNCIAS - FORNECIMENTO E ASSENTAMENTO. AF_12/2015","M","135,96","136,34",null,135.96,136.34,"Sinapi 92833"]
["92834","ASSENTAMENTO DE TUBO DE CONCRETO PARA REDES COLETORAS DE ESGOTO SANITÁRIO, DIÂMETRO DE 300 MM, JUNTA ELÁSTICA, INSTALADO EM LOCAL COM BAIXO NÍVEL DE INTERFERÊNCIAS (NÃO INCLUI FORNECIMENTO). AF_12/2015","M","5,59","5,98",null,5.59,5.98,"Sinapi 92834"]
["92835","TUBO DE CONCRETO PARA REDES COLETORAS DE ESGOTO SANITÁRIO, DIÂMETRO DE 400 MM, JUNTA ELÁSTICA, INSTALADO EM LOCAL COM BAIXO NÍVEL DE INTERFERÊNCIAS - FORNECIMENTO E ASSENTAMENTO. AF_12/2015","M","179,12","179,61",null,179.12,179.61,"Sinapi 92835"]
["92836","ASSENTAMENTO DE TUBO DE CONCRETO PARA REDES COLETORAS DE ESGOTO SANITÁRIO, DIÂMETRO DE 400 MM, JUNTA ELÁSTICA, INSTALADO EM LOCAL COM BAIXO NÍVEL DE INTERFERÊNCIAS (NÃO INCLUI FORNECIMENTO). AF_12/2015","M","7,15","7,63",null,7.15,7.63,"Sinapi 92836"]
["92837","TUBO DE CONCRETO PARA REDES COLETORAS DE ESGOTO SANITÁRIO, DIÂMETRO DE 500 MM, JUNTA ELÁSTICA, INSTALADO EM LOCAL COM BAIXO NÍVEL DE INTERFERÊNCIAS - FORNECIMENTO E ASSENTAMENTO. AF_12/2015","M","225,83","226,44",null,225.83,226.44,"Sinapi 92837"]
["92838","ASSENTAMENTO DE TUBO DE CONCRETO PARA REDES COLETORAS DE ESGOTO SANITÁRIO, DIÂMETRO DE 500 MM, JUNTA ELÁSTICA, INSTALADO EM LOCAL COM BAIXO NÍVEL DE INTERFERÊNCIAS (NÃO INCLUI FORNECIMENTO). AF_12/2015","M","8,58","9,18",null,8.58,9.18,"Sinapi 92838"]
["92839","TUBO DE CONCRETO PARA REDES COLETORAS DE ESGOTO SANITÁRIO, DIÂMETRO DE 600 MM, JUNTA ELÁSTICA, INSTALADO EM LOCAL COM BAIXO NÍVEL DE INTERFERÊNCIAS - FORNECIMENTO E ASSENTAMENTO. AF_12/2015","M","296,77","297,48",null,296.77,297.48,"Sinapi 92839"]
["92840","ASSENTAMENTO DE TUBO DE CONCRETO PARA REDES COLETORAS DE ESGOTO SANITÁRIO, DIÂMETRO DE 600 MM, JUNTA ELÁSTICA, INSTALADO EM LOCAL COM BAIXO NÍVEL DE INTERFERÊNCIAS (NÃO INCLUI FORNECIMENTO). AF_12/2015","M","10,16","10,86",null,10.16,10.86,"Sinapi 92840"]
["92841","TUBO DE CONCRETO PARA REDES COLETORAS DE ESGOTO SANITÁRIO, DIÂMETRO DE 700 MM, JUNTA ELÁSTICA, INSTALADO EM LOCAL COM BAIXO NÍVEL DE INTERFERÊNCIAS - FORNECIMENTO E ASSENTAMENTO. AF_12/2015","M","336,26","337,06",null,336.26,337.06,"Sinapi 92841"]
["92842","ASSENTAMENTO DE TUBO DE CONCRETO PARA REDES COLETORAS DE ESGOTO SANITÁRIO, DIÂMETRO DE 700 MM, JUNTA ELÁSTICA, INSTALADO EM LOCAL COM BAIXO NÍVEL DE INTERFERÊNCIAS (NÃO INCLUI FORNECIMENTO). AF_12/2015","M","11,62","12,41",null,11.62,12.41,"Sinapi 92842"]
["92844","ASSENTAMENTO DE TUBO DE CONCRETO PARA REDES COLETORAS DE ESGOTO SANITÁRIO, DIÂMETRO DE 800 MM, JUNTA ELÁSTICA, INSTALADO EM LOCAL COM BAIXO NÍVEL DE INTERFERÊNCIAS (NÃO INCLUI FORNECIMENTO). AF_12/2015","M","13,20","14,11",null,13.2,14.11,"Sinapi 92844"]
["92846","ASSENTAMENTO DE TUBO DE CONCRETO PARA REDES COLETORAS DE ESGOTO SANITÁRIO, DIÂMETRO DE 900 MM, JUNTA ELÁSTICA, INSTALADO EM LOCAL COM BAIXO NÍVEL DE INTERFERÊNCIAS (NÃO INCLUI FORNECIMENTO). AF_12/2015","M","14,63","15,65",null,14.63,15.65,"Sinapi 92846"]
["92847","TUBO DE CONCRETO PARA REDES COLETORAS DE ESGOTO SANITÁRIO, DIÂMETRO DE 1000 MM, JUNTA ELÁSTICA, INSTALADO EM LOCAL COM BAIXO NÍVEL DE INTERFERÊNCIAS - FORNECIMENTO E ASSENTAMENTO. AF_12/2015","M","588,23","589,33",null,588.23,589.33000000000004,"Sinapi 92847"]
["92848","ASSENTAMENTO DE TUBO DE CONCRETO PARA REDES COLETORAS DE ESGOTO SANITÁRIO, DIÂMETRO DE 1000 MM, JUNTA ELÁSTICA, INSTALADO EM LOCAL COM BAIXO NÍVEL DE INTERFERÊNCIAS (NÃO INCLUI FORNECIMENTO). AF_12/2015","M","16,25","17,34",null,16.25,17.34,"Sinapi 92848"]
["92849","TUBO DE CONCRETO PARA REDES COLETORAS DE ESGOTO SANITÁRIO, DIÂMETRO DE 300 MM, JUNTA ELÁSTICA, INSTALADO EM LOCAL COM ALTO NÍVEL DE INTERFERÊNCIAS - FORNECIMENTO E ASSENTAMENTO. AF_12/2015","M","140,96","141,69",null,140.96,141.69,"Sinapi 92849"]
["92850","ASSENTAMENTO DE TUBO DE CONCRETO PARA REDES COLETORAS DE ESGOTO SANITÁRIO, DIÂMETRO DE 300 MM, JUNTA ELÁSTICA, INSTALADO EM LOCAL COM ALTO NÍVEL DE INTERFERÊNCIAS (NÃO INCLUI FORNECIMENTO). AF_12/2015","M","10,59","11,32",null,10.59,11.32,"Sinapi 92850"]
["92851","TUBO DE CONCRETO PARA REDES COLETORAS DE ESGOTO SANITÁRIO, DIÂMETRO DE 400 MM, JUNTA ELÁSTICA, INSTALADO EM LOCAL COM ALTO NÍVEL DE INTERFERÊNCIAS - FORNECIMENTO E ASSENTAMENTO. AF_12/2015","M","185,38","186,30",null,185.38,186.3,"Sinapi 92851"]
["92852","ASSENTAMENTO DE TUBO DE CONCRETO PARA REDES COLETORAS DE ESGOTO SANITÁRIO, DIÂMETRO DE 400 MM, JUNTA ELÁSTICA, INSTALADO EM LOCAL COM ALTO NÍVEL DE INTERFERÊNCIAS (NÃO INCLUI FORNECIMENTO). AF_12/2015","M","13,39","14,31",null,13.39,14.31,"Sinapi 92852"]
["92853","TUBO DE CONCRETO PARA REDES COLETORAS DE ESGOTO SANITÁRIO, DIÂMETRO DE 500 MM, JUNTA ELÁSTICA, INSTALADO EM LOCAL COM ALTO NÍVEL DE INTERFERÊNCIAS - FORNECIMENTO E ASSENTAMENTO. AF_12/2015","M","233,57","234,69",null,233.57,234.69,"Sinapi 92853"]
["92854","ASSENTAMENTO DE TUBO DE CONCRETO PARA REDES COLETORAS DE ESGOTO SANITÁRIO, DIÂMETRO DE 500 MM, JUNTA ELÁSTICA, INSTALADO EM LOCAL COM ALTO NÍVEL DE INTERFERÊNCIAS (NÃO INCLUI FORNECIMENTO). AF_12/2015","M","16,30","17,41",null,16.3,17.41,"Sinapi 92854"]
["92855","TUBO DE CONCRETO PARA REDES COLETORAS DE ESGOTO SANITÁRIO, DIÂMETRO DE 600 MM, JUNTA ELÁSTICA, INSTALADO EM LOCAL COM ALTO NÍVEL DE INTERFERÊNCIAS - FORNECIMENTO E ASSENTAMENTO. AF_12/2015","M","305,84","307,16",null,305.83999999999997,307.16000000000003,"Sinapi 92855"]
["92856","ASSENTAMENTO DE TUBO DE CONCRETO PARA REDES COLETORAS DE ESGOTO SANITÁRIO, DIÂMETRO DE 600 MM, JUNTA ELÁSTICA, INSTALADO EM LOCAL COM ALTO NÍVEL DE INTERFERÊNCIAS (NÃO INCLUI FORNECIMENTO). AF_12/2015","M","19,21","20,53",null,19.21,20.53,"Sinapi 92856"]
["92857","TUBO DE CONCRETO PARA REDES COLETORAS DE ESGOTO SANITÁRIO, DIÂMETRO DE 700 MM, JUNTA ELÁSTICA, INSTALADO EM LOCAL COM ALTO NÍVEL DE INTERFERÊNCIAS - FORNECIMENTO E ASSENTAMENTO. AF_12/2015","M","346,65","348,16",null,346.65,348.16,"Sinapi 92857"]
["92858","ASSENTAMENTO DE TUBO DE CONCRETO PARA REDES COLETORAS DE ESGOTO SANITÁRIO, DIÂMETRO DE 700 MM, JUNTA ELÁSTICA, INSTALADO EM LOCAL COM ALTO NÍVEL DE INTERFERÊNCIAS (NÃO INCLUI FORNECIMENTO). AF_12/2015","M","21,98","23,49",null,21.98,23.49,"Sinapi 92858"]
["92860","ASSENTAMENTO DE TUBO DE CONCRETO PARA REDES COLETORAS DE ESGOTO SANITÁRIO, DIÂMETRO DE 800 MM, JUNTA ELÁSTICA, INSTALADO EM LOCAL COM ALTO NÍVEL DE INTERFERÊNCIAS (NÃO INCLUI FORNECIMENTO). AF_12/2015","M","24,96","26,68",null,24.96,26.68,"Sinapi 92860"]
["92862","ASSENTAMENTO DE TUBO DE CONCRETO PARA REDES COLETORAS DE ESGOTO SANITÁRIO, DIÂMETRO DE 900 MM, JUNTA ELÁSTICA, INSTALADO EM LOCAL COM ALTO NÍVEL DE INTERFERÊNCIAS (NÃO INCLUI FORNECIMENTO). AF_12/2015","M","27,85","29,77",null,27.85,29.77,"Sinapi 92862"]
["92863","TUBO DE CONCRETO PARA REDES COLETORAS DE ESGOTO SANITÁRIO, DIÂMETRO DE 1000 MM, JUNTA ELÁSTICA, INSTALADO EM LOCAL COM ALTO NÍVEL DE INTERFERÊNCIAS - FORNECIMENTO E ASSENTAMENTO. AF_12/2015","M","602,77","604,89",null,602.77,604.89,"Sinapi 92863"]
["92864","ASSENTAMENTO DE TUBO DE CONCRETO PARA REDES COLETORAS DE ESGOTO SANITÁRIO, DIÂMETRO DE 1000 MM, JUNTA ELÁSTICA, INSTALADO EM LOCAL COM ALTO NÍVEL DE INTERFERÊNCIAS (NÃO INCLUI FORNECIMENTO). AF_12/2015","M","30,76","32,87",null,30.76,32.869999999999997,"Sinapi 92864"]
["92210","TUBO DE CONCRETO PARA REDES COLETORAS DE ÁGUAS PLUVIAIS, DIÂMETRO DE 400 MM, JUNTA RÍGIDA, INSTALADO EM LOCAL COM BAIXO NÍVEL DE INTERFERÊNCIAS - FORNECIMENTO E ASSENTAMENTO. AF_12/2015","M","105,99","108,18",null,105.99,108.18,"Sinapi 92210"]
["92211","TUBO DE CONCRETO PARA REDES COLETORAS DE ÁGUAS PLUVIAIS, DIÂMETRO DE 500 MM, JUNTA RÍGIDA, INSTALADO EM LOCAL COM BAIXO NÍVEL DE INTERFERÊNCIAS - FORNECIMENTO E ASSENTAMENTO. AF_12/2015","M","136,63","139,30",null,136.63,139.30000000000001,"Sinapi 92211"]
["92212","TUBO DE CONCRETO PARA REDES COLETORAS DE ÁGUAS PLUVIAIS, DIÂMETRO DE 600 MM, JUNTA RÍGIDA, INSTALADO EM LOCAL COM BAIXO NÍVEL DE INTERFERÊNCIAS - FORNECIMENTO E ASSENTAMENTO. AF_12/2015","M","175,61","178,76",null,175.61,178.76,"Sinapi 92212"]
["92213","TUBO DE CONCRETO PARA REDES COLETORAS DE ÁGUAS PLUVIAIS, DIÂMETRO DE 700 MM, JUNTA RÍGIDA, INSTALADO EM LOCAL COM BAIXO NÍVEL DE INTERFERÊNCIAS - FORNECIMENTO E ASSENTAMENTO. AF_12/2015","M","234,97","238,61",null,234.97,238.61,"Sinapi 92213"]
["92214","TUBO DE CONCRETO PARA REDES COLETORAS DE ÁGUAS PLUVIAIS, DIÂMETRO DE 800 MM, JUNTA RÍGIDA, INSTALADO EM LOCAL COM BAIXO NÍVEL DE INTERFERÊNCIAS - FORNECIMENTO E ASSENTAMENTO. AF_12/2015","M","268,09","272,24",null,268.08999999999997,272.24,"Sinapi 92214"]
["92215","TUBO DE CONCRETO PARA REDES COLETORAS DE ÁGUAS PLUVIAIS, DIÂMETRO DE 900 MM, JUNTA RÍGIDA, INSTALADO EM LOCAL COM BAIXO NÍVEL DE INTERFERÊNCIAS - FORNECIMENTO E ASSENTAMENTO. AF_12/2015","M","325,46","330,15",null,325.45999999999998,330.15,"Sinapi 92215"]
["92216","TUBO DE CONCRETO PARA REDES COLETORAS DE ÁGUAS PLUVIAIS, DIÂMETRO DE 1000 MM, JUNTA RÍGIDA, INSTALADO EM LOCAL COM BAIXO NÍVEL DE INTERFERÊNCIAS - FORNECIMENTO E ASSENTAMENTO. AF_12/2015","M","364,71","369,99",null,364.71,369.99,"Sinapi 92216"]
["92219","TUBO DE CONCRETO PARA REDES COLETORAS DE ÁGUAS PLUVIAIS, DIÂMETRO DE 400 MM, JUNTA RÍGIDA, INSTALADO EM LOCAL COM ALTO NÍVEL DE INTERFERÊNCIAS - FORNECIMENTO E ASSENTAMENTO. AF_12/2015","M","112,22","114,85",null,112.22,114.85,"Sinapi 92219"]
["92220","TUBO DE CONCRETO PARA REDES COLETORAS DE ÁGUAS PLUVIAIS, DIÂMETRO DE 500 MM, JUNTA RÍGIDA, INSTALADO EM LOCAL COM ALTO NÍVEL DE INTERFERÊNCIAS - FORNECIMENTO E ASSENTAMENTO. AF_12/2015","M","144,35","147,54",null,144.35,147.54,"Sinapi 92220"]
["92221","TUBO DE CONCRETO PARA REDES COLETORAS DE ÁGUAS PLUVIAIS, DIÂMETRO DE 600 MM, JUNTA RÍGIDA, INSTALADO EM LOCAL COM ALTO NÍVEL DE INTERFERÊNCIAS - FORNECIMENTO E ASSENTAMENTO. AF_12/2015","M","184,65","188,43",null,184.65,188.43,"Sinapi 92221"]
["92222","TUBO DE CONCRETO PARA REDES COLETORAS DE ÁGUAS PLUVIAIS, DIÂMETRO DE 700 MM, JUNTA RÍGIDA, INSTALADO EM LOCAL COM ALTO NÍVEL DE INTERFERÊNCIAS - FORNECIMENTO E ASSENTAMENTO. AF_12/2015","M","245,47","249,82",null,245.47,249.82,"Sinapi 92222"]
["92223","TUBO DE CONCRETO PARA REDES COLETORAS DE ÁGUAS PLUVIAIS, DIÂMETRO DE 800 MM, JUNTA RÍGIDA, INSTALADO EM LOCAL COM ALTO NÍVEL DE INTERFERÊNCIAS - FORNECIMENTO E ASSENTAMENTO. AF_12/2015","M","279,86","284,82",null,279.86,284.82,"Sinapi 92223"]
["92224","TUBO DE CONCRETO PARA REDES COLETORAS DE ÁGUAS PLUVIAIS, DIÂMETRO DE 900 MM, JUNTA RÍGIDA, INSTALADO EM LOCAL COM ALTO NÍVEL DE INTERFERÊNCIAS - FORNECIMENTO E ASSENTAMENTO. AF_12/2015","M","338,52","344,10",null,338.52,344.1,"Sinapi 92224"]
["92226","TUBO DE CONCRETO PARA REDES COLETORAS DE ÁGUAS PLUVIAIS, DIÂMETRO DE 1000 MM, JUNTA RÍGIDA, INSTALADO EM LOCAL COM ALTO NÍVEL DE INTERFERÊNCIAS - FORNECIMENTO E ASSENTAMENTO. AF_12/2015","M","379,31","385,59",null,379.31,385.59,"Sinapi 92226"]
["92808","ASSENTAMENTO DE TUBO DE CONCRETO PARA REDES COLETORAS DE ÁGUAS PLUVIAIS, DIÂMETRO DE 300 MM, JUNTA RÍGIDA, INSTALADO EM LOCAL COM BAIXO NÍVEL DE INTERFERÊNCIAS (NÃO INCLUI FORNECIMENTO). AF_12/2015","M","25,29","27,01",null,25.29,27.01,"Sinapi 92808"]
["92809","ASSENTAMENTO DE TUBO DE CONCRETO PARA REDES COLETORAS DE ÁGUAS PLUVIAIS, DIÂMETRO DE 400 MM, JUNTA RÍGIDA, INSTALADO EM LOCAL COM BAIXO NÍVEL DE INTERFERÊNCIAS (NÃO INCLUI FORNECIMENTO). AF_12/2015","M","32,48","34,67",null,32.479999999999997,34.67,"Sinapi 92809"]
["92810","ASSENTAMENTO DE TUBO DE CONCRETO PARA REDES COLETORAS DE ÁGUAS PLUVIAIS, DIÂMETRO DE 500 MM, JUNTA RÍGIDA, INSTALADO EM LOCAL COM BAIXO NÍVEL DE INTERFERÊNCIAS (NÃO INCLUI FORNECIMENTO). AF_12/2015","M","39,57","42,24",null,{"$f":"IF(D200=\"\",\"\",D200+0)","v":39.57},{"$f":"IF(E200=\"\",\"\",E200+0)","v":42.24},{"$f":"IF(OR(G200=\"\",H200=\"\"),\"\",CONCATENATE(\"Sinapi \",A200))","v":"Sinapi 92810"}]
["92811","ASSENTAMENTO DE TUBO DE CONCRETO PARA REDES COLETORAS DE ÁGUAS PLUVIAIS, DIÂMETRO DE 600 MM, JUNTA RÍGIDA, INSTALADO EM LOCAL COM BAIXO NÍVEL DE INTERFERÊNCIAS (NÃO INCLUI FORNECIMENTO). AF_12/2015","M","47,20","50,35",null,47.2,50.35,"Sinapi 92811"]
["92812","ASSENTAMENTO DE TUBO DE CONCRETO PARA REDES COLETORAS DE ÁGUAS PLUVIAIS, DIÂMETRO DE 700 MM, JUNTA RÍGIDA, INSTALADO EM LOCAL COM BAIXO NÍVEL DE INTERFERÊNCIAS (NÃO INCLUI FORNECIMENTO). AF_12/2015","M","54,74","58,38",null,54.74,58.38,"Sinapi 92812"]
["92813","ASSENTAMENTO DE TUBO DE CONCRETO PARA REDES COLETORAS DE ÁGUAS PLUVIAIS, DIÂMETRO DE 800 MM, JUNTA RÍGIDA, INSTALADO EM LOCAL COM BAIXO NÍVEL DE INTERFERÊNCIAS (NÃO INCLUI FORNECIMENTO). AF_12/2015","M","63,70","67,85",null,63.7,67.849999999999994,"Sinapi 92813"]
["92814","ASSENTAMENTO DE TUBO DE CONCRETO PARA REDES COLETORAS DE ÁGUAS PLUVIAIS, DIÂMETRO DE 900 MM, JUNTA RÍGIDA, INSTALADO EM LOCAL COM BAIXO NÍVEL DE INTERFERÊNCIAS (NÃO INCLUI FORNECIMENTO). AF_12/2015","M","73,13","77,82",null,73.13,77.819999999999993,"Sinapi 92814"]
["92815","ASSENTAMENTO DE TUBO DE CONCRETO PARA REDES COLETORAS DE ÁGUAS PLUVIAIS, DIÂMETRO DE 1000 MM, JUNTA RÍGIDA, INSTALADO EM LOCAL COM BAIXO NÍVEL DE INTERFERÊNCIAS (NÃO INCLUI FORNECIMENTO). AF_12/2015","M","84,16","89,44",null,84.16,89.44,"Sinapi 92815"]
["92816","TUBO DE CONCRETO PARA REDES COLETORAS DE ÁGUAS PLUVIAIS, DIÂMETRO DE 1200 MM, JUNTA RÍGIDA, INSTALADO EM LOCAL COM BAIXO NÍVEL DE INTERFERÊNCIAS - FORNECIMENTO E ASSENTAMENTO. AF_12/2015","M","502,89","509,50",null,502.89,509.5,"Sinapi 92816"]
["92817","ASSENTAMENTO DE TUBO DE CONCRETO PARA REDES COLETORAS DE ÁGUAS PLUVIAIS, DIÂMETRO DE 1200 MM, JUNTA RÍGIDA, INSTALADO EM LOCAL COM BAIXO NÍVEL DE INTERFERÊNCIAS (NÃO INCLUI FORNECIMENTO). AF_12/2015","M","105,30","111,91",null,105.3,111.91,"Sinapi 92817"]
["92818","TUBO DE CONCRETO PARA REDES COLETORAS DE ÁGUAS PLUVIAIS, DIÂMETRO DE 1500 MM, JUNTA RÍGIDA, INSTALADO EM LOCAL COM BAIXO NÍVEL DE INTERFERÊNCIAS - FORNECIMENTO E ASSENTAMENTO. AF_12/2015","M","733,14","742,03",null,733.14,742.03,"Sinapi 92818"]
["92819","ASSENTAMENTO DE TUBO DE CONCRETO PARA REDES COLETORAS DE ÁGUAS PLUVIAIS, DIÂMETRO DE 1500 MM, JUNTA RÍGIDA, INSTALADO EM LOCAL COM BAIXO NÍVEL DE INTERFERÊNCIAS (NÃO INCLUI FORNECIMENTO). AF_12/2015","M","141,76","150,65",null,141.76,150.65,"Sinapi 92819"]
["92820","ASSENTAMENTO DE TUBO DE CONCRETO PARA REDES COLETORAS DE ÁGUAS PLUVIAIS, DIÂMETRO DE 300 MM, JUNTA RÍGIDA, INSTALADO EM LOCAL COM ALTO NÍVEL DE INTERFERÊNCIAS (NÃO INCLUI FORNECIMENTO). AF_12/2015","M","30,17","32,22",null,30.17,32.22,"Sinapi 92820"]
["92821","ASSENTAMENTO DE TUBO DE CONCRETO PARA REDES COLETORAS DE ÁGUAS PLUVIAIS, DIÂMETRO DE 400 MM, JUNTA RÍGIDA, INSTALADO EM LOCAL COM ALTO NÍVEL DE INTERFERÊNCIAS (NÃO INCLUI FORNECIMENTO). AF_12/2015","M","38,71","41,34",null,38.71,41.34,"Sinapi 92821"]
["92822","ASSENTAMENTO DE TUBO DE CONCRETO PARA REDES COLETORAS DE ÁGUAS PLUVIAIS, DIÂMETRO DE 500 MM, JUNTA RÍGIDA, INSTALADO EM LOCAL COM ALTO NÍVEL DE INTERFERÊNCIAS (NÃO INCLUI FORNECIMENTO). AF_12/2015","M","47,29","50,48",null,47.29,50.48,"Sinapi 92822"]
["92824","ASSENTAMENTO DE TUBO DE CONCRETO PARA REDES COLETORAS DE ÁGUAS PLUVIAIS, DIÂMETRO DE 600 MM, JUNTA RÍGIDA, INSTALADO EM LOCAL COM ALTO NÍVEL DE INTERFERÊNCIAS (NÃO INCLUI FORNECIMENTO). AF_12/2015","M","56,24","60,02",null,56.24,60.02,"Sinapi 92824"]
["92825","ASSENTAMENTO DE TUBO DE CONCRETO PARA REDES COLETORAS DE ÁGUAS PLUVIAIS, DIÂMETRO DE 700 MM, JUNTA RÍGIDA, INSTALADO EM LOCAL COM ALTO NÍVEL DE INTERFERÊNCIAS (NÃO INCLUI FORNECIMENTO). AF_12/2015","M","65,24","69,59",null,65.239999999999995,69.59,"Sinapi 92825"]
["92826","ASSENTAMENTO DE TUBO DE CONCRETO PARA REDES COLETORAS DE ÁGUAS PLUVIAIS, DIÂMETRO DE 800 MM, JUNTA RÍGIDA, INSTALADO EM LOCAL COM ALTO NÍVEL DE INTERFERÊNCIAS (NÃO INCLUI FORNECIMENTO). AF_12/2015","M","75,47","80,43",null,75.47,80.430000000000007,"Sinapi 92826"]
["92827","ASSENTAMENTO DE TUBO DE CONCRETO PARA REDES COLETORAS DE ÁGUAS PLUVIAIS, DIÂMETRO DE 900 MM, JUNTA RÍGIDA, INSTALADO EM LOCAL COM ALTO NÍVEL DE INTERFERÊNCIAS (NÃO INCLUI FORNECIMENTO). AF_12/2015","M","86,19","91,77",null,86.19,91.77,"Sinapi 92827"]
["92828","ASSENTAMENTO DE TUBO DE CONCRETO PARA REDES COLETORAS DE ÁGUAS PLUVIAIS, DIÂMETRO DE 1000 MM, JUNTA RÍGIDA, INSTALADO EM LOCAL COM ALTO NÍVEL DE INTERFERÊNCIAS (NÃO INCLUI FORNECIMENTO). AF_12/2015","M","98,76","105,04",null,98.76,105.04,"Sinapi 92828"]
["92829","TUBO DE CONCRETO PARA REDES COLETORAS DE ÁGUAS PLUVIAIS, DIÂMETRO DE 1200 MM, JUNTA RÍGIDA, INSTALADO EM LOCAL COM ALTO NÍVEL DE INTERFERÊNCIAS - FORNECIMENTO E ASSENTAMENTO. AF_12/2015","M","520,08","527,88",null,520.08000000000004,527.88,"Sinapi 92829"]
["92830","ASSENTAMENTO DE TUBO DE CONCRETO PARA REDES COLETORAS DE ÁGUAS PLUVIAIS, DIÂMETRO DE 1200 MM, JUNTA RÍGIDA, INSTALADO EM LOCAL COM ALTO NÍVEL DE INTERFERÊNCIAS (NÃO INCLUI FORNECIMENTO). AF_12/2015","M","122,49","130,29",null,122.49,130.29,"Sinapi 92830"]
["92831","TUBO DE CONCRETO PARA REDES COLETORAS DE ÁGUAS PLUVIAIS, DIÂMETRO DE 1500 MM, JUNTA RÍGIDA, INSTALADO EM LOCAL COM ALTO NÍVEL DE INTERFERÊNCIAS - FORNECIMENTO E ASSENTAMENTO. AF_12/2015","M","754,22","764,58",null,754.22,764.58,"Sinapi 92831"]
["92832","ASSENTAMENTO DE TUBO DE CONCRETO PARA REDES COLETORAS DE ÁGUAS PLUVIAIS, DIÂMETRO DE 1500 MM, JUNTA RÍGIDA, INSTALADO EM LOCAL COM ALTO NÍVEL DE INTERFERÊNCIAS (NÃO INCLUI FORNECIMENTO). AF_12/2015","M","162,84","173,20",null,162.84,173.2,"Sinapi 92832"]
["95565","TUBO DE CONCRETO PARA REDES COLETORAS DE ÁGUAS PLUVIAIS, DIÂMETRO DE 300MM, JUNTA RÍGIDA, INSTALADO EM LOCAL COM BAIXO NÍVEL DE INTERFERÊNCIAS - FORNECIMENTO E ASSENTAMENTO. AF_12/2015","M","94,88","96,62",null,94.88,96.62,"Sinapi 95565"]
["95566","TUBO DE CONCRETO PARA REDES COLETORAS DE ÁGUAS PLUVIAIS, DIÂMETRO DE 300MM, JUNTA RÍGIDA, INSTALADO EM LOCAL COM ALTO NÍVEL DE INTERFERÊNCIAS - FORNECIMENTO E ASSENTAMENTO. AF_12/2015","M","99,78","101,84",null,99.78,101.84,"Sinapi 95566"]
["95567","TUBO DE CONCRETO (SIMPLES) PARA REDES COLETORAS DE ÁGUAS PLUVIAIS, DIÂMETRO DE 300 MM, JUNTA RÍGIDA, INSTALADO EM LOCAL COM BAIXO NÍVEL DE INTERFERÊNCIAS - FORNECIMENTO E ASSENTAMENTO. AF_12/2015","M","59,32","61,06",null,59.32,61.06,"Sinapi 95567"]
["95568","TUBO DE CONCRETO (SIMPLES) PARA REDES COLETORAS DE ÁGUAS PLUVIAIS, DIÂMETRO DE 400 MM, JUNTA RÍGIDA, INSTALADO EM LOCAL COM BAIXO NÍVEL DE INTERFERÊNCIAS - FORNECIMENTO E ASSENTAMENTO. AF_12/2015","M","77,46","79,66",null,77.459999999999994,79.66,"Sinapi 95568"]
["95569","TUBO DE CONCRETO (SIMPLES) PARA REDES COLETORAS DE ÁGUAS PLUVIAIS, DIÂMETRO DE 500 MM, JUNTA RÍGIDA, INSTALADO EM LOCAL COM BAIXO NÍVEL DE INTERFERÊNCIAS - FORNECIMENTO E ASSENTAMENTO. AF_12/2015","M","104,74","107,42",null,104.74,107.42,"Sinapi 95569"]
["95570","TUBO DE CONCRETO (SIMPLES) PARA REDES COLETORAS DE ÁGUAS PLUVIAIS, DIÂMETRO DE 300 MM, JUNTA RÍGIDA, INSTALADO EM LOCAL COM ALTO NÍVEL DE INTERFERÊNCIAS - FORNECIMENTO E ASSENTAMENTO. AF_12/2015","M","64,22","66,28",null,64.22,66.28,"Sinapi 95570"]
["95571","TUBO DE CONCRETO (SIMPLES) PARA REDES COLETORAS DE ÁGUAS PLUVIAIS, DIÂMETRO DE 400 MM, JUNTA RÍGIDA, INSTALADO EM LOCAL COM ALTO NÍVEL DE INTERFERÊNCIAS - FORNECIMENTO E ASSENTAMENTO. AF_12/2015","M","83,71","86,34",null,83.71,86.34,"Sinapi 95571"]
["95572","TUBO DE CONCRETO (SIMPLES) PARA REDES COLETORAS DE ÁGUAS PLUVIAIS, DIÂMETRO DE 500 MM, JUNTA RÍGIDA, INSTALADO EM LOCAL COM ALTO NÍVEL DE INTERFERÊNCIAS - FORNECIMENTO E ASSENTAMENTO. AF_12/2015","M","112,47","115,67",null,112.47,115.67,"Sinapi 95572"]
["73606","ASSENTAMENTO DE TAMPAO DE FERRO FUNDIDO 900 MM","UN","121,08","132,51",null,121.08,132.51,"Sinapi 73606"]
["73607","ASSENTAMENTO DE TAMPAO DE FERRO FUNDIDO 600 MM","UN","80,72","88,34",null,80.72,88.34,"Sinapi 73607"]
["83623","GRELHA DE FERRO FUNDIDO PARA CANALETA LARG = 30CM, FORNECIMENTO E ASSENTAMENTO","M","196,85","197,09",null,196.85,197.09,"Sinapi 83623"]
["83624","GRELHA DE FERRO FUNDIDO PARA CANALETA LARG = 20CM, FORNECIMENTO E ASSENTAMENTO","M","138,74","138,98",null,138.74,138.97999999999999,"Sinapi 83624"]
["83626","GRELHA DE FERRO FUNDIDO PARA CANALETA LARG = 15CM, FORNECIMENTO E ASSENTAMENTO","M","109,69","109,93",null,109.69,109.93,"Sinapi 83626"]
["83627","TAMPAO FOFO ARTICULADO, CLASSE B125 CARGA MAX 12,5 T, REDONDO TAMPA 600 MM, REDE PLUVIAL/ESGOTO, P = CHAMINE CX AREIA / POCO VISITA ASSENTADO COM ARG CIM/AREIA 1:4, FORNECIMENTO E ASSENTAMENTO","UN","389,69","397,35",null,389.69,397.35,"Sinapi 83627"]
["83724","ASSENTAMENTO DE PECAS, CONEXOES, APARELHOS E ACESSORIOS DE FERRO FUNDIDO DUCTIL, JUNTA ELASTICA, MECANICA OU FLANGEADA, COM DIAMETROS DE 50 A 300 MM.","KG","1,38","1,52",null,1.38,1.52,"Sinapi 83724"]
["83725","ASSENTAMENTO DE PECAS, CONEXOES, APARELHOS E ACESSORIOS DE FERRO FUNDIDO DUCTIL, JUNTA ELASTICA, MECANICA OU FLANGEADA, COM DIAMETROS DE 350 A 600 MM.","KG","0,93","0,99",null,0.93,0.99,"Sinapi 83725"]
["83726","ASSENTAMENTO DE PECAS, CONEXOES, APARELHOS E ACESSORIOS DE FERRO FUNDIDO DUCTIL, JUNTA ELASTICA, MECANICA OU FLANGEADA, COM DIAMETROS DE 700 A 1200 MM.","KG","0,67","0,73",null,0.67,0.73,"Sinapi 83726"]
["97127","ASSENTAMENTO DE TUBO DE PVC DEFOFO OU PRFV OU RPVC PARA REDE DE ÁGUA, DN 150 MM, JUNTA ELÁSTICA INTEGRADA, INSTALADO EM LOCAL COM NÍVEL ALTO DE INTERFERÊNCIAS (NÃO INCLUI FORNECIMENTO). AF_11/2017","M","3,55","3,89",null,3.55,3.89,"Sinapi 97127"]
["97128","ASSENTAMENTO DE TUBO DE PVC DEFOFO OU PRFV OU RPVC PARA REDE DE ÁGUA, DN 200 MM, JUNTA ELÁSTICA INTEGRADA, INSTALADO EM LOCAL COM NÍVEL ALTO DE INTERFERÊNCIAS (NÃO INCLUI FORNECIMENTO). AF_11/2017","M","6,78","7,33",null,6.78,7.33,"Sinapi 97128"]
["97129","ASSENTAMENTO DE TUBO DE PVC DEFOFO OU PRFV OU RPVC PARA REDE DE ÁGUA, DN 250 MM, JUNTA ELÁSTICA INTEGRADA, INSTALADO EM LOCAL COM NÍVEL ALTO DE INTERFERÊNCIAS (NÃO INCLUI FORNECIMENTO). AF_11/2017","M","8,35","9,02",null,8.35,9.02,"Sinapi 97129"]
["97130","ASSENTAMENTO DE TUBO DE PVC DEFOFO OU PRFV OU RPVC PARA REDE DE ÁGUA, DN 300 MM, JUNTA ELÁSTICA INTEGRADA, INSTALADO EM LOCAL COM NÍVEL ALTO DE INTERFERÊNCIAS (NÃO INCLUI FORNECIMENTO). AF_11/2017","M","9,90","10,72",null,9.9,10.72,"Sinapi 97130"]
["97131","ASSENTAMENTO DE TUBO DE PVC DEFOFO OU PRFV OU RPVC PARA REDE DE ÁGUA, DN 350 MM, JUNTA ELÁSTICA INTEGRADA, INSTALADO EM LOCAL COM NÍVEL ALTO DE INTERFERÊNCIAS (NÃO INCLUI FORNECIMENTO). AF_11/2017","M","11,46","12,39",null,11.46,12.39,"Sinapi 97131"]
["97132","ASSENTAMENTO DE TUBO DE PVC DEFOFO OU PRFV OU RPVC PARA REDE DE ÁGUA, DN 400 MM, JUNTA ELÁSTICA INTEGRADA, INSTALADO EM LOCAL COM NÍVEL ALTO DE INTERFERÊNCIAS (NÃO INCLUI FORNECIMENTO). AF_11/2017","M","13,00","14,06",null,13,14.06,"Sinapi 97132"]
["97133","ASSENTAMENTO DE TUBO DE PVC DEFOFO OU PRFV OU RPVC PARA REDE DE ÁGUA, DN 500 MM, JUNTA ELÁSTICA INTEGRADA, INSTALADO EM LOCAL COM NÍVEL ALTO DE INTERFERÊNCIAS (NÃO INCLUI FORNECIMENTO). AF_11/2017","M","16,13","17,45",null,16.13,17.45,"Sinapi 97133"]
["97134","ASSENTAMENTO DE TUBO DE PVC DEFOFO OU PRFV OU RPVC PARA REDE DE ÁGUA, DN 150 MM, JUNTA ELÁSTICA INTEGRADA, INSTALADO EM LOCAL COM NÍVEL BAIXO DE INTERFERÊNCIAS (NÃO INCLUI FORNECIMENTO). AF_11/2017","M","1,64","1,79",null,1.64,1.79,"Sinapi 97134"]
["97135","ASSENTAMENTO DE TUBO DE PVC DEFOFO OU PRFV OU RPVC PARA REDE DE ÁGUA, DN 200 MM, JUNTA ELÁSTICA INTEGRADA, INSTALADO EM LOCAL COM NÍVEL BAIXO DE INTERFERÊNCIAS (NÃO INCLUI FORNECIMENTO). AF_11/2017","M","3,44","3,68",null,3.44,3.68,"Sinapi 97135"]
["97136","ASSENTAMENTO DE TUBO DE PVC DEFOFO OU PRFV OU RPVC PARA REDE DE ÁGUA, DN 250 MM, JUNTA ELÁSTICA INTEGRADA, INSTALADO EM LOCAL COM NÍVEL BAIXO DE INTERFERÊNCIAS (NÃO INCLUI FORNECIMENTO). AF_11/2017","M","4,24","4,53",null,4.24,4.53,"Sinapi 97136"]
["97137","ASSENTAMENTO DE TUBO DE PVC DEFOFO OU PRFV OU RPVC PARA REDE DE ÁGUA, DN 300 MM, JUNTA ELÁSTICA INTEGRADA, INSTALADO EM LOCAL COM NÍVEL BAIXO DE INTERFERÊNCIAS (NÃO INCLUI FORNECIMENTO). AF_11/2017","M","5,03","5,39",null,5.03,5.39,"Sinapi 97137"]
["97138","ASSENTAMENTO DE TUBO DE PVC DEFOFO OU PRFV OU RPVC PARA REDE DE ÁGUA, DN 350 MM, JUNTA ELÁSTICA INTEGRADA, INSTALADO EM LOCAL COM NÍVEL BAIXO DE INTERFERÊNCIAS (NÃO INCLUI FORNECIMENTO). AF_11/2017","M","5,82","6,23",null,5.82,6.23,"Sinapi 97138"]
["97139","ASSENTAMENTO DE TUBO DE PVC DEFOFO OU PRFV OU RPVC PARA REDE DE ÁGUA, DN 400 MM, JUNTA ELÁSTICA INTEGRADA, INSTALADO EM LOCAL COM NÍVEL BAIXO DE INTERFERÊNCIAS (NÃO INCLUI FORNECIMENTO). AF_11/2017","M","6,61","7,06",null,6.61,7.06,"Sinapi 97139"]
["97140","ASSENTAMENTO DE TUBO DE PVC DEFOFO OU PRFV OU RPVC PARA REDE DE ÁGUA, DN 500 MM, JUNTA ELÁSTICA INTEGRADA, INSTALADO EM LOCAL COM NÍVEL BAIXO DE INTERFERÊNCIAS (NÃO INCLUI FORNECIMENTO). AF_11/2017","M","8,20","8,78",null,8.1999999999999993,8.7799999999999994,"Sinapi 97140"]
["83520","TE PVC PARA COLETOR ESGOTO, EB644, D=100MM, COM JUNTA ELASTICA.","UN","79,59","83,38",null,79.59,83.38,"Sinapi 83520"]
["83531","CURVA PARA REDE COLETOR ESGOTO, EB 644, 90GR, DN=200MM, COM JUNTA ELASTICA","UN","346,74","349,49",null,346.74,349.49,"Sinapi 83531"]
["83535","CURVA PVC PARA REDE COLETOR ESGOTO, EB-644, 45 GR, 200 MM, COM JUNTA ELASTICA.","UN","286,69","289,44",null,286.69,289.44,"Sinapi 83535"]
["92235","FECHAMENTO DE CONSTRUÇÃO TEMPORÁRIA EM CHAPA DE MADEIRA COMPENSADA E=10MM, COM REAPROVEITAMENTO DE 2X.","M2","53,11","57,05",null,53.11,57.05,"Sinapi 92235"]
["93206","EXECUÇÃO DE ESCRITÓRIO EM CANTEIRO DE OBRA EM ALVENARIA, NÃO INCLUSO MOBILIÁRIO E EQUIPAMENTOS. AF_02/2016","M2","788,41","826,00",null,788.41,826,"Sinapi 93206"]
["93207","EXECUÇÃO DE ESCRITÓRIO EM CANTEIRO DE OBRA EM CHAPA DE MADEIRA COMPENSADA, NÃO INCLUSO MOBILIÁRIO E EQUIPAMENTOS. AF_02/2016","M2","749,98","771,67",null,749.98,771.67,"Sinapi 93207"]
["93208","EXECUÇÃO DE ALMOXARIFADO EM CANTEIRO DE OBRA EM CHAPA DE MADEIRA COMPENSADA, INCLUSO PRATELEIRAS. AF_02/2016","M2","576,75","592,42",null,576.75,592.41999999999996,"Sinapi 93208"]
["93209","EXECUÇÃO DE ALMOXARIFADO EM CANTEIRO DE OBRA EM ALVENARIA, INCLUSO PRATELEIRAS. AF_02/2016","M2","624,11","652,29",null,624.11,652.29,"Sinapi 93209"]
["93210","EXECUÇÃO DE REFEITÓRIO EM CANTEIRO DE OBRA EM CHAPA DE MADEIRA COMPENSADA, NÃO INCLUSO MOBILIÁRIO E EQUIPAMENTOS. AF_02/2016","M2","375,64","388,69",null,375.64,388.69,"Sinapi 93210"]
["93211","EXECUÇÃO DE REFEITÓRIO EM CANTEIRO DE OBRA EM ALVENARIA, NÃO INCLUSO MOBILIÁRIO E EQUIPAMENTOS. AF_02/2016","M2","381,06","397,61",null,381.06,397.61,"Sinapi 93211"]
["93212","EXECUÇÃO DE SANITÁRIO E VESTIÁRIO EM CANTEIRO DE OBRA EM CHAPA DE MADEIRA COMPENSADA, NÃO INCLUSO MOBILIÁRIO. AF_02/2016","M2","662,69","685,42",null,662.69,685.42,"Sinapi 93212"]
["93213","EXECUÇÃO DE SANITÁRIO E VESTIÁRIO EM CANTEIRO DE OBRA EM ALVENARIA, NÃO INCLUSO MOBILIÁRIO. AF_02/2016","M2","689,42","720,40",null,{"$f":"IF(D264=\"\",\"\",D264+0)","v":689.42},{"$f":"IF(E264=\"\",\"\",E264+0)","v":720.4},{"$f":"IF(OR(G264=\"\",H264=\"\"),\"\",CONCATENATE(\"Sinapi \",A264))","v":"Sinapi 93213"}]
["93214","EXECUÇÃO DE RESERVATÓRIO ELEVADO DE ÁGUA (1000 LITROS) EM CANTEIRO DE OBRA, APOIADO EM ESTRUTURA DE MADEIRA. AF_02/2016","UN","4.643,03","4.680,15",null,4643.03,4680.1499999999996,"Sinapi 93214"]
["93243","EXECUÇÃO DE RESERVATÓRIO ELEVADO DE ÁGUA (2000 LITROS) EM CANTEIRO DE OBRA, APOIADO EM ESTRUTURA DE MADEIRA. AF_02/2016","UN","6.957,42","7.006,70",null,6957.42,7006.7,"Sinapi 93243"]
["93582","EXECUÇÃO DE CENTRAL DE ARMADURA EM CANTEIRO DE OBRA, NÃO INCLUSO MOBILIÁRIO E EQUIPAMENTOS. AF_04/2016","M2","186,65","192,42",null,186.65,192.42,"Sinapi 93582"]
["93583","EXECUÇÃO DE CENTRAL DE FÔRMAS, PRODUÇÃO DE ARGAMASSA OU CONCRETO EM CANTEIRO DE OBRA, NÃO INCLUSO MOBILIÁRIO E EQUIPAMENTOS. AF_04/2016","M2","310,41","320,13",null,310.41000000000003,320.13,"Sinapi 93583"]
["93584","EXECUÇÃO DE DEPÓSITO EM CANTEIRO DE OBRA EM CHAPA DE MADEIRA COMPENSADA, NÃO INCLUSO MOBILIÁRIO. AF_04/2016","M2","590,40","607,03",null,590.4,607.03,"Sinapi 93584"]
["93585","EXECUÇÃO DE GUARITA EM CANTEIRO DE OBRA EM CHAPA DE MADEIRA COMPENSADA, NÃO INCLUSO MOBILIÁRIO. AF_04/2016","M2","831,94","852,78",null,831.94,852.78,"Sinapi 93585"]
["98441","PAREDE DE MADEIRA COMPENSADA PARA CONSTRUÇÃO TEMPORÁRIA EM CHAPA SIMPLES, EXTERNA, COM ÁREA LÍQUIDA MAIOR OU IGUAL A 6 M², SEM VÃO. AF_05/2018","M2","98,96","101,25",null,98.96,101.25,"Sinapi 98441"]
["98442","PAREDE DE MADEIRA COMPENSADA PARA CONSTRUÇÃO TEMPORÁRIA EM CHAPA SIMPLES, EXTERNA, COM ÁREA LÍQUIDA MENOR QUE 6 M², SEM VÃO. AF_05/2018","M2","101,49","104,03",null,101.49,104.03,"Sinapi 98442"]
["98443","PAREDE DE MADEIRA COMPENSADA PARA CONSTRUÇÃO TEMPORÁRIA EM CHAPA SIMPLES, INTERNA, COM ÁREA LÍQUIDA MAIOR OU IGUAL A 6 M², SEM VÃO. AF_05/2018","M2","86,25","87,47",null,86.25,87.47,"Sinapi 98443"]
["98444","PAREDE DE MADEIRA COMPENSADA PARA CONSTRUÇÃO TEMPORÁRIA EM CHAPA SIMPLES, INTERNA, COM ÁREA LÍQUIDA MENOR QUE 6 M², SEM VÃO. AF_05/2018","M2","88,05","89,46",null,88.05,89.46,"Sinapi 98444"]
["98445","PAREDE DE MADEIRA COMPENSADA PARA CONSTRUÇÃO TEMPORÁRIA EM CHAPA SIMPLES, EXTERNA, COM ÁREA LÍQUIDA MAIOR OU IGUAL A 6 M², COM VÃO. AF_05/2018","M2","118,51","121,82",null,118.51,121.82,"Sinapi 98445"]
["98446","PAREDE DE MADEIRA COMPENSADA PARA CONSTRUÇÃO TEMPORÁRIA EM CHAPA SIMPLES, EXTERNA, COM ÁREA LÍQUIDA MENOR QUE 6 M², COM VÃO. AF_05/2018","M2","152,13","157,56",null,152.13,157.56,"Sinapi 98446"]
["98447","PAREDE DE MADEIRA COMPENSADA PARA CONSTRUÇÃO TEMPORÁRIA EM CHAPA SIMPLES, INTERNA, COM ÁREA LÍQUIDA MAIOR OU IGUAL A 6 M², COM VÃO. AF_05/2018","M2","100,92","102,78",null,100.92,102.78,"Sinapi 98447"]
["98448","PAREDE DE MADEIRA COMPENSADA PARA CONSTRUÇÃO TEMPORÁRIA EM CHAPA SIMPLES, INTERNA, COM ÁREA LÍQUIDA MENOR QUE 6 M², COM VÃO. AF_05/2018","M2","126,85","130,20",null,126.85,130.19999999999999,"Sinapi 98448"]
["98449","PAREDE DE MADEIRA COMPENSADA PARA CONSTRUÇÃO TEMPORÁRIA EM CHAPA DUPLA, EXTERNA, COM ÁREA LÍQUIDA MAIOR OU IGUAL A 6 M², SEM VÃO. AF_05/2018","M2","119,37","122,05",null,119.37,122.05,"Sinapi 98449"]
["98450","PAREDE DE MADEIRA COMPENSADA PARA CONSTRUÇÃO TEMPORÁRIA EM CHAPA DUPLA, EXTERNA, COM ÁREA LÍQUIDA MENOR QUE 6 M², SEM VÃO. AF_05/2018","M2","123,04","126,13",null,123.04,126.13,"Sinapi 98450"]
["98451","PAREDE DE MADEIRA COMPENSADA PARA CONSTRUÇÃO TEMPORÁRIA EM CHAPA DUPLA, INTERNA, COM ÁREA LÍQUIDA MAIOR OU IGUAL A 6 M², SEM VÃO. AF_05/2018","M2","104,50","105,89",null,104.5,105.89,"Sinapi 98451"]
["98452","PAREDE DE MADEIRA COMPENSADA PARA CONSTRUÇÃO TEMPORÁRIA EM CHAPA DUPLA, INTERNA, COM ÁREA LÍQUIDA MENOR QUE 6 M², SEM VÃO. AF_05/2018","M2","106,73","108,35",null,106.73,108.35,"Sinapi 98452"]
["98453","PAREDE DE MADEIRA COMPENSADA PARA CONSTRUÇÃO TEMPORÁRIA EM CHAPA DUPLA, EXTERNA, COM ÁREA LÍQUIDA MAIOR OU IGUAL A QUE 6 M², COM VÃO. AF_05/2018","M2","143,14","147,33",null,143.13999999999999,147.33000000000001,"Sinapi 98453"]
["98454","PAREDE DE MADEIRA COMPENSADA PARA CONSTRUÇÃO TEMPORÁRIA EM CHAPA DUPLA, EXTERNA, COM ÁREA LÍQUIDA MENOR QUE 6 M², COM VÃO. AF_05/2018","M2","187,11","194,54",null,187.11,194.54,"Sinapi 98454"]
["98455","PAREDE DE MADEIRA COMPENSADA PARA CONSTRUÇÃO TEMPORÁRIA EM CHAPA DUPLA, INTERNA, COM ÁREA LÍQUIDA MAIOR OU IGUAL A 6 M², COM VÃO. AF_05/2018","M2","123,40","125,88",null,123.4,125.88,"Sinapi 98455"]
["98456","PAREDE DE MADEIRA COMPENSADA PARA CONSTRUÇÃO TEMPORÁRIA EM CHAPA DUPLA, INTERNA, COM ÁREA LÍQUIDA MENOR QUE 6 M², COM VÃO. AF_05/2018","M2","158,96","163,99",null,158.96,163.99,"Sinapi 98456"]
["98458","TAPUME COM COMPENSADO DE MADEIRA. AF_05/2018","M2","94,86","96,70",null,94.86,96.7,"Sinapi 98458"]
["98459","TAPUME COM TELHA METÁLICA. AF_05/2018","M2","76,14","77,84",null,76.14,77.84,"Sinapi 98459"]
["98460","PISO PARA CONSTRUÇÃO TEMPORÁRIA EM MADEIRA, SEM REAPROVEITAMENTO. AF_05/2018","M2","81,79","82,53",null,81.790000000000006,82.53,"Sinapi 98460"]
["98461","ESTRUTURA DE MADEIRA PROVISÓRIA PARA SUPORTE DE CAIXA D\u0092ÁGUA ELEVADA DE 1000 LITROS. AF_05/2018","UN","4.038,89","4.060,95",null,4038.89,4060.95,"Sinapi 98461"]
["98462","ESTRUTURA DE MADEIRA PROVISÓRIA PARA SUPORTE DE CAIXA D\u0092ÁGUA ELEVADA DE 3000 LITROS. AF_05/2018","UN","5.923,59","5.957,29",null,5923.59,5957.29,"Sinapi 98462"]
["74209/1","PLACA DE OBRA EM CHAPA DE ACO GALVANIZADO","M2","358,47","363,82",null,358.47,363.82,"Sinapi 74209/1"]
["5631","ESCAVADEIRA HIDRÁULICA SOBRE ESTEIRAS, CAÇAMBA 0,80 M3, PESO OPERACIONAL 17 T, POTENCIA BRUTA 111 HP - CHP DIURNO. AF_06/2014","CHP","115,83","118,12",null,115.83,118.12,"Sinapi 5631"]
["5678","RETROESCAVADEIRA SOBRE RODAS COM CARREGADEIRA, TRAÇÃO 4X4, POTÊNCIA LÍQ. 88 HP, CAÇAMBA CARREG. CAP. MÍN. 1 M3, CAÇAMBA RETRO CAP. 0,26 M3, PESO OPERACIONAL MÍN. 6.674 KG, PROFUNDIDADE ESCAVAÇÃO MÁX. 4,37 M - CHP DIURNO. AF_06/2014","CHP","86,04","88,33",null,86.04,88.33,"Sinapi 5678"]
["5680","RETROESCAVADEIRA SOBRE RODAS COM CARREGADEIRA, TRAÇÃO 4X2, POTÊNCIA LÍQ. 79 HP, CAÇAMBA CARREG. CAP. MÍN. 1 M3, CAÇAMBA RETRO CAP. 0,20 M3, PESO OPERACIONAL MÍN. 6.570 KG, PROFUNDIDADE ESCAVAÇÃO MÁX. 4,37 M - CHP DIURNO. AF_06/2014","CHP","79,82","82,11",null,79.819999999999993,82.11,"Sinapi 5680"]
["5684","ROLO COMPACTADOR VIBRATÓRIO DE UM CILINDRO AÇO LISO, POTÊNCIA 80 HP, PESO OPERACIONAL MÁXIMO 8,1 T, IMPACTO DINÂMICO 16,15 / 9,5 T, LARGURA DE TRABALHO 1,68 M - CHP DIURNO. AF_06/2014","CHP","89,28","91,03",null,89.28,91.03,"Sinapi 5684"]
["5689","GRADE DE DISCO CONTROLE REMOTO REBOCÁVEL, COM 24 DISCOS 24 X 6 MM COM PNEUS PARA TRANSPORTE - CHP DIURNO. AF_06/2014","CHP","3,14","3,14",null,3.14,3.14,"Sinapi 5689"]
["5795","MARTELETE OU ROMPEDOR PNEUMÁTICO MANUAL, 28 KG, COM SILENCIADOR - CHP DIURNO. AF_07/2016","CHP","18,30","20,09",null,18.3,20.09,"Sinapi 5795"]
["5811","CAMINHÃO BASCULANTE 6 M3, PESO BRUTO TOTAL 16.000 KG, CARGA ÚTIL MÁXIMA 13.071 KG, DISTÂNCIA ENTRE EIXOS 4,80 M, POTÊNCIA 230 CV INCLUSIVE CAÇAMBA METÁLICA - CHP DIURNO. AF_06/2014","CHP","119,49","121,26",null,119.49,121.26,"Sinapi 5811"]
["5823","USINA DE CONCRETO FIXA, CAPACIDADE NOMINAL DE 90 A 120 M3/H, SEM SILO - CHP DIURNO. AF_07/2016","CHP","164,06","171,94",null,164.06,171.94,"Sinapi 5823"]
["5824","CAMINHÃO TOCO, PBT 16.000 KG, CARGA ÚTIL MÁX. 10.685 KG, DIST. ENTRE EIXOS 4,8 M, POTÊNCIA 189 CV, INCLUSIVE CARROCERIA FIXA ABERTA DE MADEIRA P/ TRANSPORTE GERAL DE CARGA SECA, DIMEN. APROX. 2,5 X 7,00 X 0,50 M - CHP DIURNO. AF_06/2014","CHP","115,61","117,48",null,115.61,117.48,"Sinapi 5824"]
["5835","VIBROACABADORA DE ASFALTO SOBRE ESTEIRAS, LARGURA DE PAVIMENTAÇÃO 1,90 M A 5,30 M, POTÊNCIA 105 HP CAPACIDADE 450 T/H - CHP DIURNO. AF_11/2014","CHP","256,65","258,85",null,256.64999999999998,258.85000000000002,"Sinapi 5835"]
["5839","VASSOURA MECÂNICA REBOCÁVEL COM ESCOVA CILÍNDRICA, LARGURA ÚTIL DE VARRIMENTO DE 2,44 M - CHP DIURNO. AF_06/2014","CHP","4,71","4,71",null,4.71,4.71,"Sinapi 5839"]
["5843","TRATOR DE PNEUS, POTÊNCIA 122 CV, TRAÇÃO 4X4, PESO COM LASTRO DE 4.510 KG - CHP DIURNO. AF_06/2014","CHP","147,81","149,54",null,147.81,149.54,"Sinapi 5843"]
["5847","TRATOR DE ESTEIRAS, POTÊNCIA 170 HP, PESO OPERACIONAL 19 T, CAÇAMBA 5,2 M3 - CHP DIURNO. AF_06/2014","CHP","150,93","152,66",null,150.93,152.66,"Sinapi 5847"]
["5851","TRATOR DE ESTEIRAS, POTÊNCIA 150 HP, PESO OPERACIONAL 16,7 T, COM RODA MOTRIZ ELEVADA E LÂMINA 3,18 M3 - CHP DIURNO. AF_06/2014","CHP","143,35","145,08",null,143.35,145.08000000000001,"Sinapi 5851"]
["5855","TRATOR DE ESTEIRAS, POTÊNCIA 347 HP, PESO OPERACIONAL 38,5 T, COM LÂMINA 8,70 M3 - CHP DIURNO. AF_06/2014","CHP","375,63","377,36",null,375.63,377.36,"Sinapi 5855"]
["5863","ROLO COMPACTADOR VIBRATÓRIO REBOCÁVEL, CILINDRO DE AÇO LISO, POTÊNCIA DE TRAÇÃO DE 65 CV, PESO 4,7 T, IMPACTO DINÂMICO 18,3 T, LARGURA DE TRABALHO 1,67 M - CHP DIURNO. AF_02/2016","CHP","11,09","11,09",null,11.09,11.09,"Sinapi 5863"]
["5867","ROLO COMPACTADOR VIBRATÓRIO TANDEM AÇO LISO, POTÊNCIA 58 HP, PESO SEM/COM LASTRO 6,5 / 9,4 T, LARGURA DE TRABALHO 1,2 M - CHP DIURNO. AF_06/2014","CHP","87,58","89,33",null,87.58,89.33,"Sinapi 5867"]
["5875","RETROESCAVADEIRA SOBRE RODAS COM CARREGADEIRA, TRAÇÃO 4X4, POTÊNCIA LÍQ. 72 HP, CAÇAMBA CARREG. CAP. MÍN. 0,79 M3, CAÇAMBA RETRO CAP. 0,18 M3, PESO OPERACIONAL MÍN. 7.140 KG, PROFUNDIDADE ESCAVAÇÃO MÁX. 4,50 M - CHP DIURNO. AF_06/2014","CHP","79,68","81,97",null,79.680000000000007,81.97,"Sinapi 5875"]
["5879","ROLO COMPACTADOR VIBRATÓRIO PÉ DE CARNEIRO, OPERADO POR CONTROLE REMOTO, POTÊNCIA 12,5 KW, PESO OPERACIONAL 1,675 T, LARGURA DE TRABALHO 0,85 M - CHP DIURNO. AF_02/2016","CHP","73,83","75,58",null,73.83,75.58,"Sinapi 5879"]
["5882","USINA DE LAMA ASFÁLTICA, PROD 30 A 50 T/H, SILO DE AGREGADO 7 M3, RESERVATÓRIOS PARA EMULSÃO E ÁGUA DE 2,3 M3 CADA, MISTURADOR TIPO PUG MILL A SER MONTADO SOBRE CAMINHÃO - CHP DIURNO. AF_10/2014","CHP","77,67","79,17",null,77.67,79.17,"Sinapi 5882"]
["5890","CAMINHÃO TOCO, PESO BRUTO TOTAL 14.300 KG, CARGA ÚTIL MÁXIMA 9590 KG, DISTÂNCIA ENTRE EIXOS 4,76 M, POTÊNCIA 185 CV (NÃO INCLUI CARROCERIA) - CHP DIURNO. AF_06/2014","CHP","116,54","118,41",null,116.54,118.41,"Sinapi 5890"]
["5894","CAMINHÃO TOCO, PESO BRUTO TOTAL 16.000 KG, CARGA ÚTIL MÁXIMA DE 10.685 KG, DISTÂNCIA ENTRE EIXOS 4,80 M, POTÊNCIA 189 CV EXCLUSIVE CARROCERIA - CHP DIURNO. AF_06/2014","CHP","113,88","115,75",null,113.88,115.75,"Sinapi 5894"]
["5901","CAMINHÃO PIPA 10.000 L TRUCADO, PESO BRUTO TOTAL 23.000 KG, CARGA ÚTIL MÁXIMA 15.935 KG, DISTÂNCIA ENTRE EIXOS 4,8 M, POTÊNCIA 230 CV, INCLUSIVE TANQUE DE AÇO PARA TRANSPORTE DE ÁGUA - CHP DIURNO. AF_06/2014","CHP","178,43","180,30",null,178.43,180.3,"Sinapi 5901"]
["5909","ESPARGIDOR DE ASFALTO PRESSURIZADO COM TANQUE DE 2500 L, REBOCÁVEL COM MOTOR A GASOLINA POTÊNCIA 3,4 HP - CHP DIURNO. AF_07/2014","CHP","23,24","24,74",null,23.24,24.74,"Sinapi 5909"]
["5921","GRADE DE DISCO REBOCÁVEL COM 20 DISCOS 24\" X 6 MM COM PNEUS PARA TRANSPORTE - CHP DIURNO. AF_06/2014","CHP","2,45","2,45",null,2.4500000000000002,2.4500000000000002,"Sinapi 5921"]
["5928","GUINDAUTO HIDRÁULICO, CAPACIDADE MÁXIMA DE CARGA 6200 KG, MOMENTO MÁXIMO DE CARGA 11,7 TM, ALCANCE MÁXIMO HORIZONTAL 9,70 M, INCLUSIVE CAMINHÃO TOCO PBT 16.000 KG, POTÊNCIA DE 189 CV - CHP DIURNO. AF_06/2014","CHP","147,65","149,39",null,147.65,149.38999999999999,"Sinapi 5928"]
["5932","MOTONIVELADORA POTÊNCIA BÁSICA LÍQUIDA (PRIMEIRA MARCHA) 125 HP, PESO BRUTO 13032 KG, LARGURA DA LÂMINA DE 3,7 M - CHP DIURNO. AF_06/2014","CHP","135,85","138,45",null,135.85,138.44999999999999,"Sinapi 5932"]
["5940","PÁ CARREGADEIRA SOBRE RODAS, POTÊNCIA LÍQUIDA 128 HP, CAPACIDADE DA CAÇAMBA 1,7 A 2,8 M3, PESO OPERACIONAL 11632 KG - CHP DIURNO. AF_06/2014","CHP","117,59","119,57",null,117.59,119.57,"Sinapi 5940"]
["5944","PÁ CARREGADEIRA SOBRE RODAS, POTÊNCIA 197 HP, CAPACIDADE DA CAÇAMBA 2,5 A 3,5 M3, PESO OPERACIONAL 18338 KG - CHP DIURNO. AF_06/2014","CHP","130,36","132,34",null,130.36000000000001,132.34,"Sinapi 5944"]
["5953","COMPRESSOR DE AR REBOCÁVEL, VAZÃO 189 PCM, PRESSÃO EFETIVA DE TRABALHO 102 PSI, MOTOR DIESEL, POTÊNCIA 63 CV - CHP DIURNO. AF_06/2015","CHP","35,75","35,75",null,35.75,35.75,"Sinapi 5953"]
["6259","CAMINHÃO PIPA 6.000 L, PESO BRUTO TOTAL 13.000 KG, DISTÂNCIA ENTRE EIXOS 4,80 M, POTÊNCIA 189 CV INCLUSIVE TANQUE DE AÇO PARA TRANSPORTE DE ÁGUA, CAPACIDADE 6 M3 - CHP DIURNO. AF_06/2014","CHP","147,96","149,83",null,147.96,149.83000000000001,"Sinapi 6259"]
["6879","ROLO COMPACTADOR DE PNEUS ESTÁTICO, PRESSÃO VARIÁVEL, POTÊNCIA 111 HP, PESO SEM/COM LASTRO 9,5 / 26 T, LARGURA DE TRABALHO 1,90 M - CHP DIURNO. AF_07/2014","CHP","114,64","116,39",null,114.64,116.39,"Sinapi 6879"]
["7030","TANQUE DE ASFALTO ESTACIONÁRIO COM SERPENTINA, CAPACIDADE 30.000 L - CHP DIURNO. AF_06/2014","CHP","145,33","145,33",null,145.33000000000001,145.33000000000001,"Sinapi 7030"]
["7042","MOTOBOMBA TRASH (PARA ÁGUA SUJA) AUTO ESCORVANTE, MOTOR GASOLINA DE 6,41 HP, DIÂMETROS DE SUCÇÃO X RECALQUE: 3\" X 3\", HM/Q = 10 MCA / 60 M3/H A 23 MCA / 0 M3/H - CHP DIURNO. AF_10/2014","CHP","7,93","7,93",null,7.93,7.93,"Sinapi 7042"]
["7049","ROLO COMPACTADOR PE DE CARNEIRO VIBRATORIO, POTENCIA 125 HP, PESO OPERACIONAL SEM/COM LASTRO 11,95 / 13,30 T, IMPACTO DINAMICO 38,5 / 22,5 T, LARGURA DE TRABALHO 2,15 M - CHP DIURNO. AF_06/2014","CHP","124,05","125,80",null,124.05,125.8,"Sinapi 7049"]
["67826","CAMINHÃO BASCULANTE 6 M3 TOCO, PESO BRUTO TOTAL 16.000 KG, CARGA ÚTIL MÁXIMA 11.130 KG, DISTÂNCIA ENTRE EIXOS 5,36 M, POTÊNCIA 185 CV, INCLUSIVE CAÇAMBA METÁLICA - CHP DIURNO. AF_06/2014","CHP","105,06","106,83",null,{"$f":"IF(D328=\"\",\"\",D328+0)","v":105.06},{"$f":"IF(E328=\"\",\"\",E328+0)","v":106.83},{"$f":"IF(OR(G328=\"\",H328=\"\"),\"\",CONCATENATE(\"Sinapi \",A328))","v":"Sinapi 67826"}]
["73417","GRUPO GERADOR ESTACIONÁRIO, MOTOR DIESEL POTÊNCIA 170 KVA - CHP DIURNO. AF_02/2016","CHP","121,91","121,91",null,121.91,121.91,"Sinapi 73417"]
["73436","ROLO COMPACTADOR VIBRATÓRIO PÉ DE CARNEIRO PARA SOLOS, POTÊNCIA 80 HP, PESO OPERACIONAL SEM/COM LASTRO 7,4 / 8,8 T, LARGURA DE TRABALHO 1,68 M - CHP DIURNO. AF_02/2016","CHP","122,64","127,89",null,122.64,127.89,"Sinapi 73436"]
["73467","CAMINHÃO TOCO, PBT 14.300 KG, CARGA ÚTIL MÁX. 9.710 KG, DIST. ENTRE EIXOS 3,56 M, POTÊNCIA 185 CV, INCLUSIVE CARROCERIA FIXA ABERTA DE MADEIRA P/ TRANSPORTE GERAL DE CARGA SECA, DIMEN. APROX. 2,50 X 6,50 X 0,50 M - CHP DIURNO. AF_06/2014","CHP","97,80","99,67",null,97.8,99.67,"Sinapi 73467"]
["73536","MOTOBOMBA CENTRÍFUGA, MOTOR A GASOLINA, POTÊNCIA 5,42 HP, BOCAIS 1 1/2\" X 1\", DIÂMETRO ROTOR 143 MM HM/Q = 6 MCA / 16,8 M3/H A 38 MCA / 6,6 M3/H - CHP DIURNO. AF_06/2014","CHP","6,72","6,72",null,6.72,6.72,"Sinapi 73536"]
["83362","ESPARGIDOR DE ASFALTO PRESSURIZADO, TANQUE 6 M3 COM ISOLAÇÃO TÉRMICA, AQUECIDO COM 2 MAÇARICOS, COM BARRA ESPARGIDORA 3,60 M, MONTADO SOBRE CAMINHÃO  TOCO, PBT 14.300 KG, POTÊNCIA 185 CV - CHP DIURNO. AF_08/2015","CHP","181,89","183,76",null,181.89,183.76,"Sinapi 83362"]
["83765","GRUPO DE SOLDAGEM COM GERADOR A DIESEL 60 CV PARA SOLDA ELÉTRICA, SOBRE 04 RODAS, COM MOTOR 4 CILINDROS 600 A - CHP DIURNO. AF_02/2016","CHP","74,04","76,33",null,74.040000000000006,76.33,"Sinapi 83765"]
["87445","BETONEIRA CAPACIDADE NOMINAL 400 L, CAPACIDADE DE MISTURA 310 L, MOTOR A DIESEL POTÊNCIA 5,0 HP, SEM CARREGADOR - CHP DIURNO. AF_06/2014","CHP","3,39","3,39",null,3.39,3.39,"Sinapi 87445"]
["88386","MISTURADOR DE ARGAMASSA, EIXO HORIZONTAL, CAPACIDADE DE MISTURA 300 KG, MOTOR ELÉTRICO POTÊNCIA 5 CV - CHP DIURNO. AF_06/2014","CHP","3,49","3,49",null,3.49,3.49,"Sinapi 88386"]
["88393","MISTURADOR DE ARGAMASSA, EIXO HORIZONTAL, CAPACIDADE DE MISTURA 600 KG, MOTOR ELÉTRICO POTÊNCIA 7,5 CV - CHP DIURNO. AF_06/2014","CHP","4,75","4,75",null,4.75,4.75,"Sinapi 88393"]
["88399","MISTURADOR DE ARGAMASSA, EIXO HORIZONTAL, CAPACIDADE DE MISTURA 160 KG, MOTOR ELÉTRICO POTÊNCIA 3 CV - CHP DIURNO. AF_06/2014","CHP","2,63","2,63",null,2.63,2.63,"Sinapi 88399"]
["88418","PROJETOR DE ARGAMASSA, CAPACIDADE DE PROJEÇÃO 1,5 M3/H, ALCANCE DE 30 ATÉ 60 M, MOTOR ELÉTRICO POTÊNCIA 7,5 HP - CHP DIURNO. AF_06/2014","CHP","11,93","11,93",null,11.93,11.93,"Sinapi 88418"]
["88433","PROJETOR DE ARGAMASSA, CAPACIDADE DE PROJEÇÃO 2 M3/H, ALCANCE ATÉ 50 M, MOTOR ELÉTRICO POTÊNCIA 7,5 HP - CHP DIURNO. AF_06/2014","CHP","14,84","14,84",null,14.84,14.84,"Sinapi 88433"]
["88830","BETONEIRA CAPACIDADE NOMINAL DE 400 L, CAPACIDADE DE MISTURA 280 L, MOTOR ELÉTRICO TRIFÁSICO POTÊNCIA DE 2 CV, SEM CARREGADOR - CHP DIURNO. AF_10/2014","CHP","1,26","1,26",null,1.26,1.26,"Sinapi 88830"]
["88843","TRATOR DE ESTEIRAS, POTÊNCIA 125 HP, PESO OPERACIONAL 12,9 T, COM LÂMINA 2,7 M3 - CHP DIURNO. AF_10/2014","CHP","120,33","122,06",null,120.33,122.06,"Sinapi 88843"]
["88907","ESCAVADEIRA HIDRÁULICA SOBRE ESTEIRAS, CAÇAMBA 1,20 M3, PESO OPERACIONAL 21 T, POTÊNCIA BRUTA 155 HP - CHP DIURNO. AF_06/2014","CHP","138,36","140,65",null,138.36000000000001,140.65,"Sinapi 88907"]
["89021","BOMBA SUBMERSÍVEL ELÉTRICA TRIFÁSICA, POTÊNCIA 2,96 HP, Ø ROTOR 144 MM SEMI-ABERTO, BOCAL DE SAÍDA Ø 2\u0094, HM/Q = 2 MCA / 38,8 M3/H A 28 MCA / 5 M3/H - CHP DIURNO. AF_06/2014","CHP","1,77","1,77",null,1.77,1.77,"Sinapi 89021"]
["89028","TANQUE DE ASFALTO ESTACIONÁRIO COM MAÇARICO, CAPACIDADE 20.000 L - CHP DIURNO. AF_06/2014","CHP","134,41","134,41",null,134.41,134.41,"Sinapi 89028"]
["89032","TRATOR DE ESTEIRAS, POTÊNCIA 100 HP, PESO OPERACIONAL 9,4 T, COM LÂMINA 2,19 M3 - CHP DIURNO. AF_06/2014","CHP","107,88","109,61",null,107.88,109.61,"Sinapi 89032"]
["89035","TRATOR DE PNEUS, POTÊNCIA 85 CV, TRAÇÃO 4X4, PESO COM LASTRO DE 4.675 KG - CHP DIURNO. AF_06/2014","CHP","108,60","110,33",null,108.6,110.33,"Sinapi 89035"]
["89225","BETONEIRA CAPACIDADE NOMINAL DE 600 L, CAPACIDADE DE MISTURA 360 L, MOTOR ELÉTRICO TRIFÁSICO POTÊNCIA DE 4 CV, SEM CARREGADOR - CHP DIURNO. AF_11/2014","CHP","3,62","3,62",null,3.62,3.62,"Sinapi 89225"]
["89234","FRESADORA DE ASFALTO A FRIO SOBRE RODAS, LARGURA FRESAGEM DE 1,0 M, POTÊNCIA 208 HP - CHP DIURNO. AF_11/2014","CHP","392,09","394,29",null,392.09,394.29,"Sinapi 89234"]
["89242","FRESADORA DE ASFALTO A FRIO SOBRE RODAS, LARGURA FRESAGEM DE 2,0 M, POTÊNCIA 550 HP - CHP DIURNO. AF_11/2014","CHP","923,97","926,17",null,923.97,926.17,"Sinapi 89242"]
["89250","RECICLADORA DE ASFALTO A FRIO SOBRE RODAS, LARGURA FRESAGEM DE 2,0 M, POTÊNCIA 422 HP - CHP DIURNO. AF_11/2014","CHP","800,64","802,84",null,800.64,802.84,"Sinapi 89250"]
["89257","VIBROACABADORA DE ASFALTO SOBRE ESTEIRAS, LARGURA DE PAVIMENTAÇÃO 2,13 M A 4,55 M, POTÊNCIA 100 HP CAPACIDADE 400 T/H - CHP DIURNO. AF_11/2014","CHP","221,27","223,47",null,221.27,223.47,"Sinapi 89257"]
["89272","GUINDASTE HIDRÁULICO AUTOPROPELIDO, COM LANÇA TELESCÓPICA 28,80 M, CAPACIDADE MÁXIMA 30 T, POTÊNCIA 97 KW, TRAÇÃO 4 X 4 - CHP DIURNO. AF_11/2014","CHP","109,98","111,72",null,109.98,111.72,"Sinapi 89272"]
["89278","BETONEIRA CAPACIDADE NOMINAL DE 600 L, CAPACIDADE DE MISTURA 440 L, MOTOR A DIESEL POTÊNCIA 10 HP, COM CARREGADOR - CHP DIURNO. AF_11/2014","CHP","7,95","7,95",null,7.95,7.95,"Sinapi 89278"]
["89843","BATE-ESTACAS POR GRAVIDADE, POTÊNCIA DE 160 HP, PESO DO MARTELO ATÉ 3 TONELADAS - CHP DIURNO. AF_11/2014","CHP","125,68","129,58",null,125.68,129.58000000000001,"Sinapi 89843"]
["89876","CAMINHÃO BASCULANTE 14 M3, COM CAVALO MECÂNICO DE CAPACIDADE MÁXIMA DE TRAÇÃO COMBINADO DE 36000 KG, POTÊNCIA 286 CV, INCLUSIVE SEMIREBOQUE COM CAÇAMBA METÁLICA - CHP DIURNO. AF_12/2014","CHP","191,23","193,00",null,191.23,193,"Sinapi 89876"]
["89883","CAMINHÃO BASCULANTE 18 M3, COM CAVALO MECÂNICO DE CAPACIDADE MÁXIMA DE TRAÇÃO COMBINADO DE 45000 KG, POTÊNCIA 330 CV, INCLUSIVE SEMIREBOQUE COM CAÇAMBA METÁLICA - CHP DIURNO. AF_12/2014","CHP","211,78","213,55",null,211.78,213.55,"Sinapi 89883"]
["90586","VIBRADOR DE IMERSÃO, DIÂMETRO DE PONTEIRA 45MM, MOTOR ELÉTRICO TRIFÁSICO POTÊNCIA DE 2 CV - CHP DIURNO. AF_06/2015","CHP","1,22","1,22",null,1.22,1.22,"Sinapi 90586"]
["90625","PERFURATRIZ MANUAL, TORQUE MÁXIMO 83 N.M, POTÊNCIA 5 CV, COM DIÂMETRO MÁXIMO 4\" - CHP DIURNO. AF_06/2015","CHP","4,78","4,78",null,4.78,4.78,"Sinapi 90625"]
["90631","PERFURATRIZ SOBRE ESTEIRA, TORQUE MÁXIMO 600 KGF, PESO MÉDIO 1000 KG, POTÊNCIA 20 HP, DIÂMETRO MÁXIMO 10\" - CHP DIURNO. AF_06/2015","CHP","80,19","81,92",null,80.19,81.92,"Sinapi 90631"]
["90637","MISTURADOR DUPLO HORIZONTAL DE ALTA TURBULÊNCIA, CAPACIDADE / VOLUME 2 X 500 LITROS, MOTORES ELÉTRICOS MÍNIMO 5 CV CADA, PARA NATA CIMENTO, ARGAMASSA E OUTROS - CHP DIURNO. AF_06/2015","CHP","10,78","10,78",null,10.78,10.78,"Sinapi 90637"]
["90643","BOMBA TRIPLEX, PARA INJEÇÃO DE NATA DE CIMENTO, VAZÃO MÁXIMA DE 100 LITROS/MINUTO, PRESSÃO MÁXIMA DE 70 BAR - CHP DIURNO. AF_06/2015","CHP","16,20","16,20",null,16.2,16.2,"Sinapi 90643"]
["90650","BOMBA CENTRÍFUGA MONOESTÁGIO COM MOTOR ELÉTRICO MONOFÁSICO, POTÊNCIA 15 HP, DIÂMETRO DO ROTOR 173 MM, HM/Q = 30 MCA / 90 M3/H A 45 MCA / 55 M3/H - CHP DIURNO. AF_06/2015","CHP","7,16","7,16",null,7.16,7.16,"Sinapi 90650"]
["90656","BOMBA DE PROJEÇÃO DE CONCRETO SECO, POTÊNCIA 10 CV, VAZÃO 3 M3/H - CHP DIURNO. AF_06/2015","CHP","10,65","10,65",null,10.65,10.65,"Sinapi 90656"]
["90662","BOMBA DE PROJEÇÃO DE CONCRETO SECO, POTÊNCIA 10 CV, VAZÃO 6 M3/H - CHP DIURNO. AF_06/2015","CHP","11,12","11,12",null,11.12,11.12,"Sinapi 90662"]
["90668","PROJETOR PNEUMÁTICO DE ARGAMASSA PARA CHAPISCO E REBOCO COM RECIPIENTE ACOPLADO, TIPO CANEQUINHA, COM COMPRESSOR DE AR REBOCÁVEL VAZÃO 89 PCM E MOTOR DIESEL DE 20 CV - CHP DIURNO. AF_06/2015","CHP","17,89","17,89",null,17.89,17.89,"Sinapi 90668"]
["90674","PERFURATRIZ COM TORRE METÁLICA PARA EXECUÇÃO DE ESTACA HÉLICE CONTÍNUA, PROFUNDIDADE MÁXIMA DE 30 M, DIÂMETRO MÁXIMO DE 800 MM, POTÊNCIA INSTALADA DE 268 HP, MESA ROTATIVA COM TORQUE MÁXIMO DE 170 KNM - CHP DIURNO. AF_06/2015","CHP","351,12","352,85",null,351.12,352.85,"Sinapi 90674"]
["90680","PERFURATRIZ HIDRÁULICA SOBRE CAMINHÃO COM TRADO CURTO ACOPLADO, PROFUNDIDADE MÁXIMA DE 20 M, DIÂMETRO MÁXIMO DE 1500 MM, POTÊNCIA INSTALADA DE 137 HP, MESA ROTATIVA COM TORQUE MÁXIMO DE 30 KNM - CHP DIURNO. AF_06/2015","CHP","214,66","216,39",null,214.66,216.39,"Sinapi 90680"]
["90686","MANIPULADOR TELESCÓPICO, POTÊNCIA DE 85 HP, CAPACIDADE DE CARGA DE 3.500 KG, ALTURA MÁXIMA DE ELEVAÇÃO DE 12,3 M - CHP DIURNO. AF_06/2015","CHP","100,06","102,04",null,100.06,102.04,"Sinapi 90686"]
["90692","MINICARREGADEIRA SOBRE RODAS, POTÊNCIA LÍQUIDA DE 47 HP, CAPACIDADE NOMINAL DE OPERAÇÃO DE 646 KG - CHP DIURNO. AF_06/2015","CHP","78,21","80,19",null,78.209999999999994,80.19,"Sinapi 90692"]
["90964","COMPRESSOR DE AR REBOCÁVEL, VAZÃO 89 PCM, PRESSÃO EFETIVA DE TRABALHO 102 PSI, MOTOR DIESEL, POTÊNCIA 20 CV - CHP DIURNO. AF_06/2015","CHP","17,00","17,00",null,17,17,"Sinapi 90964"]
["90972","COMPRESSOR DE AR REBOCAVEL, VAZÃO 250 PCM, PRESSAO DE TRABALHO 102 PSI, MOTOR A DIESEL POTÊNCIA 81 CV - CHP DIURNO. AF_06/2015","CHP","46,25","46,25",null,46.25,46.25,"Sinapi 90972"]
["90979","COMPRESSOR DE AR REBOCÁVEL, VAZÃO 748 PCM, PRESSÃO EFETIVA DE TRABALHO 102 PSI, MOTOR DIESEL, POTÊNCIA 210 CV - CHP DIURNO. AF_06/2015","CHP","119,60","119,60",null,119.6,119.6,"Sinapi 90979"]
["90991","ESCAVADEIRA HIDRÁULICA SOBRE ESTEIRAS, CAÇAMBA 0,80 M3, PESO OPERACIONAL 17,8 T, POTÊNCIA LÍQUIDA 110 HP - CHP DIURNO. AF_10/2014","CHP","112,91","115,20",null,112.91,115.2,"Sinapi 90991"]
["90999","COMPRESSOR DE AR REBOCAVEL, VAZÃO 400 PCM, PRESSAO DE TRABALHO 102 PSI, MOTOR A DIESEL POTÊNCIA 110 CV - CHP DIURNO. AF_06/2015","CHP","61,54","61,54",null,61.54,61.54,"Sinapi 90999"]
["91031","CAMINHÃO TRUCADO (C/ TERCEIRO EIXO) ELETRÔNICO - POTÊNCIA 231CV - PBT = 22000KG - DIST. ENTRE EIXOS 5170 MM - INCLUI CARROCERIA FIXA ABERTA DE MADEIRA - CHP DIURNO. AF_06/2015","CHP","142,32","144,19",null,142.32,144.19,"Sinapi 91031"]
["91277","PLACA VIBRATÓRIA REVERSÍVEL COM MOTOR 4 TEMPOS A GASOLINA, FORÇA CENTRÍFUGA DE 25 KN (2500 KGF), POTÊNCIA 5,5 CV - CHP DIURNO. AF_08/2015","CHP","7,56","7,56",null,7.56,7.56,"Sinapi 91277"]
["91283","CORTADORA DE PISO COM MOTOR 4 TEMPOS A GASOLINA, POTÊNCIA DE 13 HP, COM DISCO DE CORTE DIAMANTADO SEGMENTADO PARA CONCRETO, DIÂMETRO DE 350 MM, FURO DE 1\" (14 X 1\") - CHP DIURNO. AF_08/2015","CHP","16,63","16,63",null,16.63,16.63,"Sinapi 91283"]
["91386","CAMINHÃO BASCULANTE 10 M3, TRUCADO CABINE SIMPLES, PESO BRUTO TOTAL 23.000 KG, CARGA ÚTIL MÁXIMA 15.935 KG, DISTÂNCIA ENTRE EIXOS 4,80 M, POTÊNCIA 230 CV INCLUSIVE CAÇAMBA METÁLICA - CHP DIURNO. AF_06/2014","CHP","150,40","152,17",null,150.4,152.16999999999999,"Sinapi 91386"]
["91533","COMPACTADOR DE SOLOS DE PERCUSSÃO (SOQUETE) COM MOTOR A GASOLINA 4 TEMPOS, POTÊNCIA 4 CV - CHP DIURNO. AF_08/2015","CHP","22,26","23,99",null,22.26,23.99,"Sinapi 91533"]
["91634","GUINDAUTO HIDRÁULICO, CAPACIDADE MÁXIMA DE CARGA 6500 KG, MOMENTO MÁXIMO DE CARGA 5,8 TM, ALCANCE MÁXIMO HORIZONTAL 7,60 M, INCLUSIVE CAMINHÃO TOCO PBT 9.700 KG, POTÊNCIA DE 160 CV - CHP DIURNO. AF_08/2015","CHP","129,80","131,54",null,129.80000000000001,131.54,"Sinapi 91634"]
["91645","CAMINHÃO DE TRANSPORTE DE MATERIAL ASFÁLTICO 30.000 L, COM CAVALO MECÂNICO DE CAPACIDADE MÁXIMA DE TRAÇÃO COMBINADO DE 66.000 KG, POTÊNCIA 360 CV, INCLUSIVE TANQUE DE ASFALTO COM SERPENTINA - CHP DIURNO. AF_08/2015","CHP","280,37","282,87",null,280.37,282.87,"Sinapi 91645"]
["91692","SERRA CIRCULAR DE BANCADA COM MOTOR ELÉTRICO POTÊNCIA DE 5HP, COM COIFA PARA DISCO 10\" - CHP DIURNO. AF_08/2015","CHP","17,97","19,70",null,17.97,19.7,"Sinapi 91692"]
["92043","DISTRIBUIDOR DE AGREGADOS REBOCAVEL, CAPACIDADE 1,9 M³, LARGURA DE TRABALHO 3,66 M - CHP DIURNO. AF_11/2015","CHP","8,00","8,00",null,8,8,"Sinapi 92043"]
["92106","CAMINHÃO PARA EQUIPAMENTO DE LIMPEZA A SUCÇÃO, COM CAMINHÃO TRUCADO DE PESO BRUTO TOTAL 23000 KG, CARGA ÚTIL MÁXIMA 15935 KG, DISTÂNCIA ENTRE EIXOS 4,80 M, POTÊNCIA 230 CV, INCLUSIVE LIMPADORA A SUCÇÃO, TANQUE 12000 L - CHP DIURNO. AF_11/2015","CHP","183,91","185,78",null,183.91,185.78,"Sinapi 92106"]
["92112","PENEIRA ROTATIVA COM MOTOR ELÉTRICO TRIFÁSICO DE 2 CV, CILINDRO DE 1 M X 0,60 M, COM FUROS DE 3,17 MM - CHP DIURNO. AF_11/2015","CHP","2,15","2,15",null,2.15,2.15,"Sinapi 92112"]
["92118","DOSADOR DE AREIA, CAPACIDADE DE 26 LITROS - CHP DIURNO. AF_11/2015","CHP","0,18","0,18",null,0.18,0.18,"Sinapi 92118"]
["92138","CAMINHONETE COM MOTOR A DIESEL, POTÊNCIA 180 CV, CABINE DUPLA, 4X4 - CHP DIURNO. AF_11/2015","CHP","59,13","60,86",null,59.13,60.86,"Sinapi 92138"]
["92145","CAMINHONETE CABINE SIMPLES COM MOTOR 1.6 FLEX, CÂMBIO MANUAL, POTÊNCIA 101/104 CV, 2 PORTAS - CHP DIURNO. AF_11/2015","CHP","51,46","53,19",null,51.46,53.19,"Sinapi 92145"]
["92242","CAMINHÃO DE TRANSPORTE DE MATERIAL ASFÁLTICO 20.000 L, COM CAVALO MECÂNICO DE CAPACIDADE MÁXIMA DE TRAÇÃO COMBINADO DE 45.000 KG, POTÊNCIA 330 CV, INCLUSIVE TANQUE DE ASFALTO COM MAÇARICO - CHP DIURNO. AF_12/2015","CHP","246,27","248,77",null,246.27,248.77,"Sinapi 92242"]
["92716","APARELHO PARA CORTE E SOLDA OXI-ACETILENO SOBRE RODAS, INCLUSIVE CILINDROS E MAÇARICOS - CHP DIURNO. AF_12/2015","CHP","16,31","16,31",null,16.309999999999999,16.309999999999999,"Sinapi 92716"]
["92960","MÁQUINA EXTRUSORA DE CONCRETO PARA GUIAS E SARJETAS, MOTOR A DIESEL, POTÊNCIA 14 CV - CHP DIURNO. AF_12/2015","CHP","17,01","17,01",null,{"$f":"IF(D392=\"\",\"\",D392+0)","v":17.010000000000002},{"$f":"IF(E392=\"\",\"\",E392+0)","v":17.010000000000002},{"$f":"IF(OR(G392=\"\",H392=\"\"),\"\",CONCATENATE(\"Sinapi \",A392))","v":"Sinapi 92960"}]
["92966","MARTELO PERFURADOR PNEUMÁTICO MANUAL, HASTE 25 X 75 MM, 21 KG - CHP DIURNO. AF_12/2015","CHP","18,37","20,16",null,18.37,20.16,"Sinapi 92966"]
["93224","PERFURATRIZ COM TORRE METÁLICA PARA EXECUÇÃO DE ESTACA HÉLICE CONTÍNUA, PROFUNDIDADE MÁXIMA DE 32 M, DIÂMETRO MÁXIMO DE 1000 MM, POTÊNCIA INSTALADA DE 350 HP, MESA ROTATIVA COM TORQUE MÁXIMO DE 263 KNM - CHP DIURNO. AF_01/2016","CHP","518,08","519,81",null,518.08000000000004,519.80999999999995,"Sinapi 93224"]
["93233","BETONEIRA CAPACIDADE NOMINAL 400 L, CAPACIDADE DE MISTURA 310 L, MOTOR A GASOLINA POTÊNCIA 5,5 HP, SEM CARREGADOR - CHP DIURNO. AF_02/2016","CHP","7,12","7,12",null,7.12,7.12,"Sinapi 93233"]
["93272","GRUA ASCENSIONAL, LANCA DE 30 M, CAPACIDADE DE 1,0 T A 30 M, ALTURA ATE 39 M - CHP DIURNO. AF_03/2016","CHP","75,19","76,93",null,75.19,76.930000000000007,"Sinapi 93272"]
["93281","GUINCHO ELÉTRICO DE COLUNA, CAPACIDADE 400 KG, COM MOTO FREIO, MOTOR TRIFÁSICO DE 1,25 CV - CHP DIURNO. AF_03/2016","CHP","16,96","18,70",null,16.96,18.7,"Sinapi 93281"]
["93287","GUINDASTE HIDRÁULICO AUTOPROPELIDO, COM LANÇA TELESCÓPICA 40 M, CAPACIDADE MÁXIMA 60 T, POTÊNCIA 260 KW - CHP DIURNO. AF_03/2016","CHP","298,64","300,38",null,298.64,300.38,"Sinapi 93287"]
["93402","GUINDAUTO HIDRÁULICO, CAPACIDADE MÁXIMA DE CARGA 3300 KG, MOMENTO MÁXIMO DE CARGA 5,8 TM, ALCANCE MÁXIMO HORIZONTAL 7,60 M, INCLUSIVE CAMINHÃO TOCO PBT 16.000 KG, POTÊNCIA DE 189 CV - CHP DIURNO. AF_03/2016","CHP","145,35","147,09",null,145.35,147.09,"Sinapi 93402"]
["93408","MÁQUINA JATO DE PRESSAO PORTÁTIL PARA JATEAMENTO, CONTROLE AUTOMATICO REMOTO, CAMARA DE 1 SAIDA, CAPACIDADE 280 L, DIAMETRO 670 MM, BICO DE JATO CURTO VENTURI DE 5/16\u0094, MANGUEIRA DE 1\u0094 COM COMPRESSOR DE AR REBOCÁVEL VAZÃO 189 PCM E MOTOR DIESEL DE 63 CV- CHP DIURNO. AF_03/2016","CHP","61,01","63,49",null,61.01,63.49,"Sinapi 93408"]
["93415","GERADOR PORTÁTIL MONOFÁSICO, POTÊNCIA 5500 VA, MOTOR A GASOLINA, POTÊNCIA DO MOTOR 13 CV - CHP DIURNO. AF_03/2016","CHP","11,59","11,59",null,11.59,11.59,"Sinapi 93415"]
["93421","GRUPO GERADOR REBOCÁVEL, POTÊNCIA 66 KVA, MOTOR A DIESEL - CHP DIURNO. AF_03/2016","CHP","48,36","48,36",null,48.36,48.36,"Sinapi 93421"]
["93427","GRUPO GERADOR ESTACIONÁRIO, POTÊNCIA 150 KVA, MOTOR A DIESEL- CHP DIURNO. AF_03/2016","CHP","110,30","110,30",null,110.3,110.3,"Sinapi 93427"]
["93433","USINA DE MISTURA ASFÁLTICA À QUENTE, TIPO CONTRA FLUXO, PROD 40 A 80 TON/HORA - CHP DIURNO. AF_03/2016","CHP","2.091,29","2.099,17",null,2091.29,2099.17,"Sinapi 93433"]
["93439","USINA DE ASFALTO À FRIO, CAPACIDADE DE 40 A 60 TON/HORA, ELÉTRICA POTÊNCIA 30 CV - CHP DIURNO. AF_03/2016","CHP","106,79","114,67",null,106.79,114.67,"Sinapi 93439"]
["95121","USINA MISTURADORA DE SOLOS, CAPACIDADE DE 200 A 500 TON/H, POTENCIA 75KW - CHP DIURNO. AF_07/2016","CHP","195,75","203,63",null,195.75,203.63,"Sinapi 95121"]
["95127","DISTRIBUIDOR DE AGREGADOS AUTOPROPELIDO, CAP 3 M3, A DIESEL, POTÊNCIA 176CV - CHP DIURNO. AF_07/2016","CHP","135,81","137,54",null,135.81,137.54,"Sinapi 95127"]
["95133","MÁQUINA DEMARCADORA DE FAIXA DE TRÁFEGO À FRIO, AUTOPROPELIDA, POTÊNCIA 38 HP - CHP DIURNO. AF_07/2016","CHP","100,50","102,58",null,100.5,102.58,"Sinapi 95133"]
["95139","TALHA MANUAL DE CORRENTE, CAPACIDADE DE 2 TON. COM ELEVAÇÃO DE 3 M - CHP DIURNO. AF_07/2016","CHP","0,06","0,06",null,0.06,0.06,"Sinapi 95139"]
["95212","GRUA ASCENCIONAL, LANCA DE 42 M, CAPACIDADE DE 1,5 T A 30 M, ALTURA ATE 39 M - CHP DIURNO. AF_08/2016","CHP","82,31","84,05",null,82.31,84.05,"Sinapi 95212"]
["95218","PULVERIZADOR DE TINTA ELÉTRICO/MÁQUINA DE PINTURA AIRLESS, VAZÃO 2 L/MIN - CHP DIURNO. AF_08/2016","CHP","22,15","24,44",null,22.15,24.44,"Sinapi 95218"]
["95258","MARTELO DEMOLIDOR PNEUMÁTICO MANUAL, 32 KG - CHP DIURNO. AF_09/2016","CHP","18,06","19,85",null,18.059999999999999,19.850000000000001,"Sinapi 95258"]
["95264","COMPACTADOR DE SOLOS DE PERCUSÃO (SOQUETE) COM MOTOR A GASOLINA, POTÊNCIA 3 CV - CHP DIURNO. AF_09/2016","CHP","4,97","4,97",null,4.97,4.97,"Sinapi 95264"]
["95270","RÉGUA VIBRATÓRIA DUPLA PARA CONCRETO, PESO DE 60KG, COMPRIMENTO 4 M, COM MOTOR A GASOLINA, POTÊNCIA 5,5 HP - CHP DIURNO. AF_09/2016","CHP","7,23","7,23",null,7.23,7.23,"Sinapi 95270"]
["95276","POLIDORA DE PISO (POLITRIZ), PESO DE 100KG, DIÂMETRO 450 MM, MOTOR ELÉTRICO, POTÊNCIA 4 HP - CHP DIURNO. AF_09/2016","CHP","2,24","2,24",null,2.2400000000000002,2.2400000000000002,"Sinapi 95276"]
["95282","DESEMPENADEIRA DE CONCRETO, PESO DE 75KG, 4 PÁS, MOTOR A GASOLINA, POTÊNCIA 5,5 HP - CHP DIURNO. AF_09/2016","CHP","7,22","7,22",null,7.22,7.22,"Sinapi 95282"]
["95620","PERFURATRIZ PNEUMATICA MANUAL DE PESO MEDIO, MARTELETE, 18KG, COMPRIMENTO MÁXIMO DE CURSO DE 6 M, DIAMETRO DO PISTAO DE 5,5 CM - CHP DIURNO. AF_11/2016","CHP","17,71","19,50",null,17.71,19.5,"Sinapi 95620"]
["95631","ROLO COMPACTADOR VIBRATORIO TANDEM, ACO LISO, POTENCIA 125 HP, PESO SEM/COM LASTRO 10,20/11,65 T, LARGURA DE TRABALHO 1,73 M - CHP DIURNO. AF_11/2016","CHP","128,08","129,83",null,128.08000000000001,129.83000000000001,"Sinapi 95631"]
["95702","PERFURATRIZ MANUAL, TORQUE MAXIMO 55 KGF.M, POTENCIA 5 CV, COM DIAMETRO MAXIMO 8 1/2\" - CHP DIURNO. AF_11/2016","CHP","24,16","25,89",null,24.16,25.89,"Sinapi 95702"]
["95708","PERFURATRIZ SOBRE ESTEIRA, TORQUE MÁXIMO 600 KGF, POTÊNCIA ENTRE 50 E 60 HP, DIÂMETRO MÁXIMO 10\u0094 - CHP DIURNO. AF_11/2016","CHP","91,60","93,33",null,91.6,93.33,"Sinapi 95708"]
["95714","ESCAVADEIRA HIDRAULICA SOBRE ESTEIRA, COM GARRA GIRATORIA DE MANDIBULAS, PESO OPERACIONAL ENTRE 22,00 E 25,50 TON, POTENCIA LIQUIDA ENTRE 150 E 160 HP - CHP DIURNO. AF_11/2016","CHP","141,69","143,98",null,141.69,143.97999999999999,"Sinapi 95714"]
["95720","ESCAVADEIRA HIDRAULICA SOBRE ESTEIRA, EQUIPADA COM CLAMSHELL, COM CAPACIDADE DA CAÇAMBA ENTRE 1,20 E 1,50 M3, PESO OPERACIONAL ENTRE 20,00 E 22,00 TON, POTENCIA LIQUIDA ENTRE 150 E 160 HP - CHP DIURNO. AF_11/2016","CHP","139,26","141,55",null,139.26,141.55000000000001,"Sinapi 95720"]
["95872","GRUPO GERADOR COM CARENAGEM, MOTOR DIESEL POTÊNCIA STANDART ENTRE 250 E 260 KVA - CHP DIURNO. AF_12/2016","CHP","187,11","187,11",null,187.11,187.11,"Sinapi 95872"]
["96013","TRATOR DE PNEUS COM POTÊNCIA DE 122 CV, TRAÇÃO 4X4, COM VASSOURA MECÂNICA ACOPLADA - CHP DIURNO. AF_02/2017","CHP","152,01","153,74",null,152.01,153.74,"Sinapi 96013"]
["96020","TRATOR DE PNEUS COM POTÊNCIA DE 122 CV, TRAÇÃO 4X4, COM GRADE DE DISCOS ACOPLADA - CHP DIURNO. AF_02/2017","CHP","151,77","153,50",null,151.77000000000001,153.5,"Sinapi 96020"]
["96028","TRATOR DE PNEUS COM POTÊNCIA DE 85 CV, TRAÇÃO 4X4, COM GRADE DE DISCOS ACOPLADA - CHP DIURNO. AF_02/2017","CHP","112,56","114,29",null,112.56,114.29,"Sinapi 96028"]
["96035","CAMINHÃO BASCULANTE 10 M3, TRUCADO, POTÊNCIA 230 CV, INCLUSIVE CAÇAMBA METÁLICA, COM DISTRIBUIDOR DE AGREGADOS ACOPLADO - CHP DIURNO. AF_02/2017","CHP","157,57","159,34",null,157.57,159.34,"Sinapi 96035"]
["96157","TRATOR DE PNEUS COM POTÊNCIA DE 85 CV, TRAÇÃO 4X4, COM VASSOURA MECÂNICA ACOPLADA - CHP DIURNO. AF_03/2017","CHP","112,80","114,53",null,112.8,114.53,"Sinapi 96157"]
["96158","MINICARREGADEIRA SOBRE RODAS POTENCIA 47HP CAPACIDADE OPERACAO 646 KG, COM VASSOURA MECÂNICA ACOPLADA - CHP DIURNO. AF_03/2017","CHP","84,86","86,84",null,84.86,86.84,"Sinapi 96158"]
["96245","MINIESCAVADEIRA SOBRE ESTEIRAS, POTENCIA LIQUIDA DE *30* HP, PESO OPERACIONAL DE *3.500* KG - CHP DIURNO. AF_04/2017","CHP","59,85","62,14",null,59.85,62.14,"Sinapi 96245"]
["96303","PERFURATRIZ ROTATIVA SOBRE ESTEIRA, TORQUE MAXIMO 2500 KGM, POTENCIA 110 HP, MOTOR DIESEL- CHP DIURNO. AF_05/2017","CHP","131,66","133,39",null,131.66,133.38999999999999,"Sinapi 96303"]
["96309","COMPRESSOR DE AR, VAZAO DE 10 PCM, RESERVATORIO 100 L, PRESSAO DE TRABALHO ENTRE 6,9 E 9,7 BAR, POTENCIA 2 HP, TENSAO 110/220 V - CHP DIURNO. AF_05/2017","CHP","1,04","1,04",null,1.04,1.04,"Sinapi 96309"]
["96463","ROLO COMPACTADOR DE PNEUS, ESTATICO, PRESSAO VARIAVEL, POTENCIA 110 HP, PESO SEM/COM LASTRO 10,8/27 T, LARGURA DE ROLAGEM 2,30 M - CHP DIURNO. AF_06/2017","CHP","117,79","119,54",null,117.79,119.54,"Sinapi 96463"]
["98764","INVERSOR DE SOLDA MONOFÁSICO DE 160 A, POTÊNCIA DE 5400 W, TENSÃO DE 220 V, PARA SOLDA COM ELETRODOS DE 2,0 A 4,0 MM E PROCESSO TIG - CHP DIURNO. AF_06/2018","CHP","2,98","2,98",null,2.98,2.98,"Sinapi 98764"]
["99833","LAVADORA DE ALTA PRESSAO (LAVA-JATO) PARA AGUA FRIA, PRESSAO DE OPERACAO ENTRE 1400 E 1900 LIB/POL2, VAZAO MAXIMA ENTRE 400 E 700 L/H - CHP DIURNO. AF_04/2019","CHP","1,05","1,05",null,1.05,1.05,"Sinapi 99833"]
["100641","USINA DE MISTURA ASFÁLTICA À QUENTE, TIPO CONTRA FLUXO, PROD 100 A 140 TON/HORA - CHP DIURNO. AF_12/2019","CHP","380,01","381,89",null,380.01,381.89,"Sinapi 100641"]
["100647","USINA DE ASFALTO, TIPO GRAVIMÉTRICA, PROD 150 TON/HORA - CHP DIURNO. AF_12/2019","CHP","795,51","797,39",null,795.51,797.39,"Sinapi 100647"]
["5632","ESCAVADEIRA HIDRÁULICA SOBRE ESTEIRAS, CAÇAMBA 0,80 M3, PESO OPERACIONAL 17 T, POTENCIA BRUTA 111 HP - CHI DIURNO. AF_06/2014","CHI","45,64","47,93",null,45.64,47.93,"Sinapi 5632"]
["5679","RETROESCAVADEIRA SOBRE RODAS COM CARREGADEIRA, TRAÇÃO 4X4, POTÊNCIA LÍQ. 88 HP, CAÇAMBA CARREG. CAP. MÍN. 1 M3, CAÇAMBA RETRO CAP. 0,26 M3, PESO OPERACIONAL MÍN. 6.674 KG, PROFUNDIDADE ESCAVAÇÃO MÁX. 4,37 M - CHI DIURNO. AF_06/2014","CHI","34,83","37,12",null,34.83,37.119999999999997,"Sinapi 5679"]
["5681","RETROESCAVADEIRA SOBRE RODAS COM CARREGADEIRA, TRAÇÃO 4X2, POTÊNCIA LÍQ. 79 HP, CAÇAMBA CARREG. CAP. MÍN. 1 M3, CAÇAMBA RETRO CAP. 0,20 M3, PESO OPERACIONAL MÍN. 6.570 KG, PROFUNDIDADE ESCAVAÇÃO MÁX. 4,37 M - CHI DIURNO. AF_06/2014","CHI","33,11","35,40",null,33.11,35.4,"Sinapi 5681"]
["5685","ROLO COMPACTADOR VIBRATÓRIO DE UM CILINDRO AÇO LISO, POTÊNCIA 80 HP, PESO OPERACIONAL MÁXIMO 8,1 T, IMPACTO DINÂMICO 16,15 / 9,5 T, LARGURA DE TRABALHO 1,68 M - CHI DIURNO. AF_06/2014","CHI","33,46","35,21",null,33.46,35.21,"Sinapi 5685"]
["5690","GRADE DE DISCO CONTROLE REMOTO REBOCÁVEL, COM 24 DISCOS 24\u0094 X 6 MM COM PNEUS PARA TRANSPORTE - CHI DIURNO. AF_06/2014","CHI","1,95","1,95",null,1.95,1.95,"Sinapi 5690"]
["5806","MOTOBOMBA CENTRÍFUGA, MOTOR A GASOLINA, POTÊNCIA 5,42 HP, BOCAIS 1 1/2\" X 1\", DIÂMETRO ROTOR 143 MM HM/Q = 6 MCA / 16,8 M3/H A 38 MCA / 6,6 M3/H - CHI DIURNO. AF_06/2014","CHI","0,16","0,16",null,0.16,0.16,"Sinapi 5806"]
["5826","CAMINHÃO TOCO, PBT 16.000 KG, CARGA ÚTIL MÁX. 10.685 KG, DIST. ENTRE EIXOS 4,8 M, POTÊNCIA 189 CV, INCLUSIVE CARROCERIA FIXA ABERTA DE MADEIRA P/ TRANSPORTE GERAL DE CARGA SECA, DIMEN. APROX. 2,5 X 7,00 X 0,50 M - CHI DIURNO. AF_06/2014","CHI","26,64","28,51",null,26.64,28.51,"Sinapi 5826"]
["5829","USINA DE CONCRETO FIXA, CAPACIDADE NOMINAL DE 90 A 120 M3/H, SEM SILO - CHI DIURNO. AF_07/2016","CHI","114,31","122,19",null,114.31,122.19,"Sinapi 5829"]
["5837","VIBROACABADORA DE ASFALTO SOBRE ESTEIRAS, LARGURA DE PAVIMENTAÇÃO 1,90 M A 5,30 M, POTÊNCIA 105 HP CAPACIDADE 450 T/H - CHI DIURNO. AF_11/2014","CHI","95,31","97,51",null,95.31,97.51,"Sinapi 5837"]
["5841","VASSOURA MECÂNICA REBOCÁVEL COM ESCOVA CILÍNDRICA, LARGURA ÚTIL DE VARRIMENTO DE 2,44 M - CHI DIURNO. AF_06/2014","CHI","2,24","2,24",null,2.2400000000000002,2.2400000000000002,"Sinapi 5841"]
["5845","TRATOR DE PNEUS, POTÊNCIA 122 CV, TRAÇÃO 4X4, PESO COM LASTRO DE 4.510 KG - CHI DIURNO. AF_06/2014","CHI","27,05","28,78",null,27.05,28.78,"Sinapi 5845"]
["5849","TRATOR DE ESTEIRAS, POTÊNCIA 170 HP, PESO OPERACIONAL 19 T, CAÇAMBA 5,2 M3 - CHI DIURNO. AF_06/2014","CHI","43,13","44,86",null,43.13,44.86,"Sinapi 5849"]
["5853","TRATOR DE ESTEIRAS, POTÊNCIA 150 HP, PESO OPERACIONAL 16,7 T, COM RODA MOTRIZ ELEVADA E LÂMINA 3,18 M3 - CHI DIURNO. AF_06/2014","CHI","43,31","45,04",null,43.31,45.04,"Sinapi 5853"]
["5857","TRATOR DE ESTEIRAS, POTÊNCIA 347 HP, PESO OPERACIONAL 38,5 T, COM LÂMINA 8,70 M3 - CHI DIURNO. AF_06/2014","CHI","105,72","107,45",null,105.72,107.45,"Sinapi 5857"]
["5865","ROLO COMPACTADOR VIBRATÓRIO REBOCÁVEL, CILINDRO DE AÇO LISO, POTÊNCIA DE TRAÇÃO DE 65 CV, PESO 4,7 T, IMPACTO DINÂMICO 18,3 T, LARGURA DE TRABALHO 1,67 M - CHI DIURNO. AF_02/2016","CHI","5,28","5,28",null,5.28,5.28,"Sinapi 5865"]
["5869","ROLO COMPACTADOR VIBRATÓRIO TANDEM AÇO LISO, POTÊNCIA 58 HP, PESO SEM/COM LASTRO 6,5 / 9,4 T, LARGURA DE TRABALHO 1,2 M - CHI DIURNO. AF_06/2014","CHI","37,45","39,20",null,37.450000000000003,39.200000000000003,"Sinapi 5869"]
["5877","RETROESCAVADEIRA SOBRE RODAS COM CARREGADEIRA, TRAÇÃO 4X4, POTÊNCIA LÍQ. 72 HP, CAÇAMBA CARREG. CAP. MÍN. 0,79 M3, CAÇAMBA RETRO CAP. 0,18 M3, PESO OPERACIONAL MÍN. 7.140 KG, PROFUNDIDADE ESCAVAÇÃO MÁX. 4,50 M - CHI DIURNO. AF_06/2014","CHI","34,28","36,57",null,34.28,36.57,"Sinapi 5877"]
["5881","ROLO COMPACTADOR VIBRATÓRIO PÉ DE CARNEIRO, OPERADO POR CONTROLE REMOTO, POTÊNCIA 12,5 KW, PESO OPERACIONAL 1,675 T, LARGURA DE TRABALHO 0,85 M - CHI DIURNO. AF_02/2016","CHI","39,87","41,62",null,39.869999999999997,41.62,"Sinapi 5881"]
["5884","USINA DE LAMA ASFÁLTICA, PROD 30 A 50 T/H, SILO DE AGREGADO 7 M3, RESERVATÓRIOS PARA EMULSÃO E ÁGUA DE 2,3 M3 CADA, MISTURADOR TIPO PUG MILL A SER MONTADO SOBRE CAMINHÃO - CHI DIURNO. AF_10/2014","CHI","32,73","34,23",null,{"$f":"IF(D456=\"\",\"\",D456+0)","v":32.729999999999997},{"$f":"IF(E456=\"\",\"\",E456+0)","v":34.229999999999997},{"$f":"IF(OR(G456=\"\",H456=\"\"),\"\",CONCATENATE(\"Sinapi \",A456))","v":"Sinapi 5884"}]
["5892","CAMINHÃO TOCO, PESO BRUTO TOTAL 14.300 KG, CARGA ÚTIL MÁXIMA 9590 KG, DISTÂNCIA ENTRE EIXOS 4,76 M, POTÊNCIA 185 CV (NÃO INCLUI CARROCERIA) - CHI DIURNO. AF_06/2014","CHI","27,67","29,54",null,27.67,29.54,"Sinapi 5892"]
["5896","CAMINHÃO TOCO, PESO BRUTO TOTAL 16.000 KG, CARGA ÚTIL MÁXIMA DE 10.685 KG, DISTÂNCIA ENTRE EIXOS 4,80 M, POTÊNCIA 189 CV EXCLUSIVE CARROCERIA - CHI DIURNO. AF_06/2014","CHI","25,94","27,81",null,25.94,27.81,"Sinapi 5896"]
["5903","CAMINHÃO PIPA 10.000 L TRUCADO, PESO BRUTO TOTAL 23.000 KG, CARGA ÚTIL MÁXIMA 15.935 KG, DISTÂNCIA ENTRE EIXOS 4,8 M, POTÊNCIA 230 CV, INCLUSIVE TANQUE DE AÇO PARA TRANSPORTE DE ÁGUA - CHI DIURNO. AF_06/2014","CHI","32,44","34,31",null,32.44,34.31,"Sinapi 5903"]
["5911","ESPARGIDOR DE ASFALTO PRESSURIZADO COM TANQUE DE 2500 L, REBOCÁVEL COM MOTOR A GASOLINA POTÊNCIA 3,4 HP - CHI DIURNO. AF_07/2014","CHI","18,12","19,62",null,18.12,19.62,"Sinapi 5911"]
["5923","GRADE DE DISCO REBOCÁVEL COM 20 DISCOS 24\" X 6 MM COM PNEUS PARA TRANSPORTE - CHI DIURNO. AF_06/2014","CHI","1,52","1,52",null,1.52,1.52,"Sinapi 5923"]
["5930","GUINDAUTO HIDRÁULICO, CAPACIDADE MÁXIMA DE CARGA 6200 KG, MOMENTO MÁXIMO DE CARGA 11,7 TM, ALCANCE MÁXIMO HORIZONTAL 9,70 M, INCLUSIVE CAMINHÃO TOCO PBT 16.000 KG, POTÊNCIA DE 189 CV - CHI DIURNO. AF_06/2014","CHI","28,35","30,09",null,28.35,30.09,"Sinapi 5930"]
["5934","MOTONIVELADORA POTÊNCIA BÁSICA LÍQUIDA (PRIMEIRA MARCHA) 125 HP, PESO BRUTO 13032 KG, LARGURA DA LÂMINA DE 3,7 M - CHI DIURNO. AF_06/2014","CHI","47,10","49,70",null,47.1,49.7,"Sinapi 5934"]
["5942","PÁ CARREGADEIRA SOBRE RODAS, POTÊNCIA LÍQUIDA 128 HP, CAPACIDADE DA CAÇAMBA 1,7 A 2,8 M3, PESO OPERACIONAL 11632 KG - CHI DIURNO. AF_06/2014","CHI","40,73","42,71",null,40.729999999999997,42.71,"Sinapi 5942"]
["5946","PÁ CARREGADEIRA SOBRE RODAS, POTÊNCIA 197 HP, CAPACIDADE DA CAÇAMBA 2,5 A 3,5 M3, PESO OPERACIONAL 18338 KG - CHI DIURNO. AF_06/2014","CHI","49,74","51,72",null,49.74,51.72,"Sinapi 5946"]
["5952","MARTELETE OU ROMPEDOR PNEUMÁTICO MANUAL, 28 KG, COM SILENCIADOR - CHI DIURNO. AF_07/2016","CHI","17,17","18,96",null,17.170000000000002,18.96,"Sinapi 5952"]
["5954","COMPRESSOR DE AR REBOCÁVEL, VAZÃO 189 PCM, PRESSÃO EFETIVA DE TRABALHO 102 PSI, MOTOR DIESEL, POTÊNCIA 63 CV - CHI DIURNO. AF_06/2015","CHI","2,65","2,65",null,2.65,2.65,"Sinapi 5954"]
["5961","CAMINHÃO BASCULANTE 6 M3, PESO BRUTO TOTAL 16.000 KG, CARGA ÚTIL MÁXIMA 13.071 KG, DISTÂNCIA ENTRE EIXOS 4,80 M, POTÊNCIA 230 CV INCLUSIVE CAÇAMBA METÁLICA - CHI DIURNO. AF_06/2014","CHI","31,54","33,31",null,31.54,33.31,"Sinapi 5961"]
["6260","CAMINHÃO PIPA 6.000 L, PESO BRUTO TOTAL 13.000 KG, DISTÂNCIA ENTRE EIXOS 4,80 M, POTÊNCIA 189 CV INCLUSIVE TANQUE DE AÇO PARA TRANSPORTE DE ÁGUA, CAPACIDADE 6 M3 - CHI DIURNO. AF_06/2014","CHI","28,97","30,84",null,28.97,30.84,"Sinapi 6260"]
["6880","ROLO COMPACTADOR DE PNEUS ESTÁTICO, PRESSÃO VARIÁVEL, POTÊNCIA 111 HP, PESO SEM/COM LASTRO 9,5 / 26 T, LARGURA DE TRABALHO 1,90 M - CHI DIURNO. AF_07/2014","CHI","43,32","45,07",null,43.32,45.07,"Sinapi 6880"]
["7031","TANQUE DE ASFALTO ESTACIONÁRIO COM SERPENTINA, CAPACIDADE 30.000 L - CHI DIURNO. AF_06/2014","CHI","3,27","3,27",null,3.27,3.27,"Sinapi 7031"]
["7043","MOTOBOMBA TRASH (PARA ÁGUA SUJA) AUTO ESCORVANTE, MOTOR GASOLINA DE 6,41 HP, DIÂMETROS DE SUCÇÃO X RECALQUE: 3\" X 3\", HM/Q = 10 MCA / 60 M3/H A 23 MCA / 0 M3/H - CHI DIURNO. AF_10/2014","CHI","0,20","0,20",null,0.2,0.2,"Sinapi 7043"]
["7050","ROLO COMPACTADOR PE DE CARNEIRO VIBRATORIO, POTENCIA 125 HP, PESO OPERACIONAL SEM/COM LASTRO 11,95 / 13,30 T, IMPACTO DINAMICO 38,5 / 22,5 T, LARGURA DE TRABALHO 2,15 M - CHI DIURNO. AF_06/2014","CHI","40,23","41,98",null,40.229999999999997,41.98,"Sinapi 7050"]
["67827","CAMINHÃO BASCULANTE 6 M3 TOCO, PESO BRUTO TOTAL 16.000 KG, CARGA ÚTIL MÁXIMA 11.130 KG, DISTÂNCIA ENTRE EIXOS 5,36 M, POTÊNCIA 185 CV, INCLUSIVE CAÇAMBA METÁLICA - CHI DIURNO. AF_06/2014","CHI","30,84","32,61",null,30.84,32.61,"Sinapi 67827"]
["73395","GRUPO GERADOR ESTACIONÁRIO, MOTOR DIESEL POTÊNCIA 170 KVA - CHI DIURNO. AF_02/2016","CHI","4,92","4,92",null,4.92,4.92,"Sinapi 73395"]
["83766","GRUPO DE SOLDAGEM COM GERADOR A DIESEL 60 CV PARA SOLDA ELÉTRICA, SOBRE 04 RODAS, COM MOTOR 4 CILINDROS 600 A - CHI DIURNO. AF_02/2016","CHI","30,78","33,07",null,30.78,33.07,"Sinapi 83766"]
["84013","ESCAVADEIRA HIDRÁULICA SOBRE ESTEIRAS, CAÇAMBA 0,80 M3, PESO OPERACIONAL 17,8 T, POTÊNCIA LÍQUIDA 110 HP - CHI DIURNO. AF_10/2014","CHI","44,43","46,72",null,44.43,46.72,"Sinapi 84013"]
["87446","BETONEIRA CAPACIDADE NOMINAL 400 L, CAPACIDADE DE MISTURA 310 L, MOTOR A DIESEL POTÊNCIA 5,0 HP, SEM CARREGADOR - CHI DIURNO. AF_06/2014","CHI","0,37","0,37",null,0.37,0.37,"Sinapi 87446"]
["88392","MISTURADOR DE ARGAMASSA, EIXO HORIZONTAL, CAPACIDADE DE MISTURA 300 KG, MOTOR ELÉTRICO POTÊNCIA 5 CV - CHI DIURNO. AF_06/2014","CHI","0,73","0,73",null,0.73,0.73,"Sinapi 88392"]
["88398","MISTURADOR DE ARGAMASSA, EIXO HORIZONTAL, CAPACIDADE DE MISTURA 600 KG, MOTOR ELÉTRICO POTÊNCIA 7,5 CV - CHI DIURNO. AF_06/2014","CHI","0,87","0,87",null,0.87,0.87,"Sinapi 88398"]
["88404","MISTURADOR DE ARGAMASSA, EIXO HORIZONTAL, CAPACIDADE DE MISTURA 160 KG, MOTOR ELÉTRICO POTÊNCIA 3 CV - CHI DIURNO. AF_06/2014","CHI","0,69","0,69",null,0.69,0.69,"Sinapi 88404"]
["88430","PROJETOR DE ARGAMASSA, CAPACIDADE DE PROJEÇÃO 1,5 M3/H, ALCANCE DE 30 ATÉ 60 M, MOTOR ELÉTRICO POTÊNCIA 7,5 HP - CHI DIURNO. AF_06/2014","CHI","4,54","4,54",null,4.54,4.54,"Sinapi 88430"]
["88438","PROJETOR DE ARGAMASSA, CAPACIDADE DE PROJEÇÃO 2 M3/H, ALCANCE ATÉ 50 M, MOTOR ELÉTRICO POTÊNCIA 7,5 HP - CHI DIURNO. AF_06/2014","CHI","6,01","6,01",null,6.01,6.01,"Sinapi 88438"]
["88831","BETONEIRA CAPACIDADE NOMINAL DE 400 L, CAPACIDADE DE MISTURA 280 L, MOTOR ELÉTRICO TRIFÁSICO POTÊNCIA DE 2 CV, SEM CARREGADOR - CHI DIURNO. AF_10/2014","CHI","0,26","0,26",null,0.26,0.26,"Sinapi 88831"]
["88844","TRATOR DE ESTEIRAS, POTÊNCIA 125 HP, PESO OPERACIONAL 12,9 T, COM LÂMINA 2,7 M3 - CHI DIURNO. AF_10/2014","CHI","38,01","39,74",null,38.01,39.74,"Sinapi 88844"]
["88908","ESCAVADEIRA HIDRÁULICA SOBRE ESTEIRAS, CAÇAMBA 1,20 M3, PESO OPERACIONAL 21 T, POTÊNCIA BRUTA 155 HP - CHI DIURNO. AF_06/2014","CHI","48,59","50,88",null,48.59,50.88,"Sinapi 88908"]
["89022","BOMBA SUBMERSÍVEL ELÉTRICA TRIFÁSICA, POTÊNCIA 2,96 HP, Ø ROTOR 144 MM SEMI-ABERTO, BOCAL DE SAÍDA Ø 2\u0094, HM/Q = 2 MCA / 38,8 M3/H A 28 MCA / 5 M3/H - CHI DIURNO. AF_06/2014","CHI","0,30","0,30",null,0.3,0.3,"Sinapi 89022"]
["89027","TANQUE DE ASFALTO ESTACIONÁRIO COM MAÇARICO, CAPACIDADE 20.000 L - CHI DIURNO. AF_06/2014","CHI","2,66","2,66",null,2.66,2.66,"Sinapi 89027"]
["89031","TRATOR DE ESTEIRAS, POTÊNCIA 100 HP, PESO OPERACIONAL 9,4 T, COM LÂMINA 2,19 M3 - CHI DIURNO. AF_06/2014","CHI","37,03","38,76",null,37.03,38.76,"Sinapi 89031"]
["89036","TRATOR DE PNEUS, POTÊNCIA 85 CV, TRAÇÃO 4X4, PESO COM LASTRO DE 4.675 KG - CHI DIURNO. AF_06/2014","CHI","24,06","25,79",null,24.06,25.79,"Sinapi 89036"]
["89218","BATE-ESTACAS POR GRAVIDADE, POTÊNCIA DE 160 HP, PESO DO MARTELO ATÉ 3 TONELADAS - CHI DIURNO. AF_11/2014","CHI","51,99","55,89",null,51.99,55.89,"Sinapi 89218"]
["89226","BETONEIRA CAPACIDADE NOMINAL DE 600 L, CAPACIDADE DE MISTURA 360 L, MOTOR ELÉTRICO TRIFÁSICO POTÊNCIA DE 4 CV, SEM CARREGADOR - CHI DIURNO. AF_11/2014","CHI","1,13","1,13",null,1.1299999999999999,1.1299999999999999,"Sinapi 89226"]
["89235","FRESADORA DE ASFALTO A FRIO SOBRE RODAS, LARGURA FRESAGEM DE 1,0 M, POTÊNCIA 208 HP - CHI DIURNO. AF_11/2014","CHI","123,60","125,80",null,123.6,125.8,"Sinapi 89235"]
["89243","FRESADORA DE ASFALTO A FRIO SOBRE RODAS, LARGURA FRESAGEM DE 2,0 M, POTÊNCIA 550 HP - CHI DIURNO. AF_11/2014","CHI","263,77","265,97",null,263.77,265.97000000000003,"Sinapi 89243"]
["89251","RECICLADORA DE ASFALTO A FRIO SOBRE RODAS, LARGURA FRESAGEM DE 2,0 M, POTÊNCIA 422 HP - CHI DIURNO. AF_11/2014","CHI","231,64","233,84",null,231.64,233.84,"Sinapi 89251"]
["89258","VIBROACABADORA DE ASFALTO SOBRE ESTEIRAS, LARGURA DE PAVIMENTAÇÃO 2,13 M A 4,55 M, POTÊNCIA 100 HP, CAPACIDADE 400 T/H - CHI DIURNO. AF_11/2014","CHI","81,48","83,68",null,81.48,83.68,"Sinapi 89258"]
["89273","GUINDASTE HIDRÁULICO AUTOPROPELIDO, COM LANÇA TELESCÓPICA 28,80 M, CAPACIDADE MÁXIMA 30 T, POTÊNCIA 97 KW, TRAÇÃO 4 X 4 - CHI DIURNO. AF_11/2014","CHI","48,93","50,67",null,48.93,50.67,"Sinapi 89273"]
["89279","BETONEIRA CAPACIDADE NOMINAL DE 600 L, CAPACIDADE DE MISTURA 440 L, MOTOR A DIESEL POTÊNCIA 10 HP, COM CARREGADOR - CHI DIURNO. AF_11/2014","CHI","1,37","1,37",null,1.37,1.37,"Sinapi 89279"]
["89877","CAMINHÃO BASCULANTE 14 M3, COM CAVALO MECÂNICO DE CAPACIDADE MÁXIMA DE TRAÇÃO COMBINADO DE 36000 KG, POTÊNCIA 286 CV, INCLUSIVE SEMIREBOQUE COM CAÇAMBA METÁLICA - CHI DIURNO. AF_12/2014","CHI","41,06","42,83",null,41.06,42.83,"Sinapi 89877"]
["89884","CAMINHÃO BASCULANTE 18 M3, COM CAVALO MECÂNICO DE CAPACIDADE MÁXIMA DE TRAÇÃO COMBINADO DE 45000 KG, POTÊNCIA 330 CV, INCLUSIVE SEMIREBOQUE COM CAÇAMBA METÁLICA - CHI DIURNO. AF_12/2014","CHI","42,35","44,12",null,42.35,44.12,"Sinapi 89884"]
["90587","VIBRADOR DE IMERSÃO, DIÂMETRO DE PONTEIRA 45MM, MOTOR ELÉTRICO TRIFÁSICO POTÊNCIA DE 2 CV - CHI DIURNO. AF_06/2015","CHI","0,26","0,26",null,0.26,0.26,"Sinapi 90587"]
["90626","PERFURATRIZ MANUAL, TORQUE MÁXIMO 83 N.M, POTÊNCIA 5 CV, COM DIÂMETRO MÁXIMO 4\" - CHI DIURNO. AF_06/2015","CHI","1,34","1,34",null,1.34,1.34,"Sinapi 90626"]
["90632","PERFURATRIZ SOBRE ESTEIRA, TORQUE MÁXIMO 600 KGF, PESO MÉDIO 1000 KG, POTÊNCIA 20 HP, DIÂMETRO MÁXIMO 10\" - CHI DIURNO. AF_06/2015","CHI","42,83","44,56",null,42.83,44.56,"Sinapi 90632"]
["90638","MISTURADOR DUPLO HORIZONTAL DE ALTA TURBULÊNCIA, CAPACIDADE / VOLUME 2 X 500 LITROS, MOTORES ELÉTRICOS MÍNIMO 5 CV CADA, PARA NATA CIMENTO, ARGAMASSA E OUTROS - CHI DIURNO. AF_06/2015","CHI","3,49","3,49",null,3.49,3.49,"Sinapi 90638"]
["90644","BOMBA TRIPLEX, PARA INJEÇÃO DE NATA DE CIMENTO, VAZÃO MÁXIMA DE 100 LITROS/MINUTO, PRESSÃO MÁXIMA DE 70 BAR - CHI DIURNO. AF_06/2015","CHI","5,21","5,21",null,5.21,5.21,"Sinapi 90644"]
["90651","BOMBA CENTRÍFUGA MONOESTÁGIO COM MOTOR ELÉTRICO MONOFÁSICO, POTÊNCIA 15 HP, DIÂMETRO DO ROTOR 173 MM, HM/Q = 30 MCA / 90 M3/H A 45 MCA / 55 M3/H - CHI DIURNO. AF_06/2015","CHI","0,59","0,59",null,0.59,0.59,"Sinapi 90651"]
["90657","BOMBA DE PROJEÇÃO DE CONCRETO SECO, POTÊNCIA 10 CV, VAZÃO 3 M3/H - CHI DIURNO. AF_06/2015","CHI","3,39","3,39",null,3.39,3.39,"Sinapi 90657"]
["90663","BOMBA DE PROJEÇÃO DE CONCRETO SECO, POTÊNCIA 10 CV, VAZÃO 6 M3/H - CHI DIURNO. AF_06/2015","CHI","3,63","3,63",null,3.63,3.63,"Sinapi 90663"]
["90669","PROJETOR PNEUMÁTICO DE ARGAMASSA PARA CHAPISCO E REBOCO COM RECIPIENTE ACOPLADO, TIPO CANEQUINHA, COM COMPRESSOR DE AR REBOCÁVEL VAZÃO 89 PCM E MOTOR DIESEL DE 20 CV - CHI DIURNO. AF_06/2015","CHI","4,20","4,20",null,4.2,4.2,"Sinapi 90669"]
["90675","PERFURATRIZ COM TORRE METÁLICA PARA EXECUÇÃO DE ESTACA HÉLICE CONTÍNUA, PROFUNDIDADE MÁXIMA DE 30 M, DIÂMETRO MÁXIMO DE 800 MM, POTÊNCIA INSTALADA DE 268 HP, MESA ROTATIVA COM TORQUE MÁXIMO DE 170 KNM - CHI DIURNO. AF_06/2015","CHI","139,12","140,85",null,139.12,140.85,"Sinapi 90675"]
["90681","PERFURATRIZ HIDRÁULICA SOBRE CAMINHÃO COM TRADO CURTO ACOPLADO, PROFUNDIDADE MÁXIMA DE 20 M, DIÂMETRO MÁXIMO DE 1500 MM, POTÊNCIA INSTALADA DE 137 HP, MESA ROTATIVA COM TORQUE MÁXIMO DE 30 KNM - CHI DIURNO. AF_06/2015","CHI","84,25","85,98",null,84.25,85.98,"Sinapi 90681"]
["90687","MANIPULADOR TELESCÓPICO, POTÊNCIA DE 85 HP, CAPACIDADE DE CARGA DE 3.500 KG, ALTURA MÁXIMA DE ELEVAÇÃO DE 12,3 M - CHI DIURNO. AF_06/2015","CHI","40,79","42,77",null,40.79,42.77,"Sinapi 90687"]
["90693","MINICARREGADEIRA SOBRE RODAS, POTÊNCIA LÍQUIDA DE 47 HP, CAPACIDADE NOMINAL DE OPERAÇÃO DE 646 KG - CHI DIURNO. AF_06/2015","CHI","30,18","32,16",null,30.18,32.159999999999997,"Sinapi 90693"]
["90965","COMPRESSOR DE AR REBOCÁVEL, VAZÃO 89 PCM, PRESSÃO EFETIVA DE TRABALHO 102 PSI, MOTOR DIESEL, POTÊNCIA 20 CV - CHI DIURNO. AF_06/2015","CHI","3,54","3,54",null,3.54,3.54,"Sinapi 90965"]
["90973","COMPRESSOR DE AR REBOCAVEL, VAZÃO 250 PCM, PRESSAO DE TRABALHO 102 PSI, MOTOR A DIESEL POTÊNCIA 81 CV - CHI DIURNO. AF_06/2015","CHI","3,55","3,55",null,3.55,3.55,"Sinapi 90973"]
["90982","COMPRESSOR DE AR REBOCÁVEL, VAZÃO 748 PCM, PRESSÃO EFETIVA DE TRABALHO 102 PSI, MOTOR DIESEL, POTÊNCIA 210 CV - CHI DIURNO. AF_06/2015","CHI","9,03","9,03",null,9.0299999999999994,9.0299999999999994,"Sinapi 90982"]
["91001","COMPRESSOR DE AR REBOCAVEL, VAZÃO 400 PCM, PRESSAO DE TRABALHO 102 PSI, MOTOR A DIESEL POTÊNCIA 110 CV - CHI DIURNO. AF_06/2015","CHI","4,21","4,21",null,4.21,4.21,"Sinapi 91001"]
["91032","CAMINHÃO TRUCADO (C/ TERCEIRO EIXO) ELETRÔNICO - POTÊNCIA 231CV - PBT = 22000KG - DIST. ENTRE EIXOS 5170 MM - INCLUI CARROCERIA FIXA ABERTA DE MADEIRA - CHI DIURNO. AF_06/2015","CHI","30,77","32,64",null,30.77,32.64,"Sinapi 91032"]
["91278","PLACA VIBRATÓRIA REVERSÍVEL COM MOTOR 4 TEMPOS A GASOLINA, FORÇA CENTRÍFUGA DE 25 KN (2500 KGF), POTÊNCIA 5,5 CV - CHI DIURNO. AF_08/2015","CHI","0,55","0,55",null,0.55000000000000004,0.55000000000000004,"Sinapi 91278"]
["91285","CORTADORA DE PISO COM MOTOR 4 TEMPOS A GASOLINA, POTÊNCIA DE 13 HP, COM DISCO DE CORTE DIAMANTADO SEGMENTADO PARA CONCRETO, DIÂMETRO DE 350 MM, FURO DE 1\" (14 X 1\") - CHI DIURNO. AF_08/2015","CHI","0,62","0,62",null,{"$f":"IF(D520=\"\",\"\",D520+0)","v":0.62},{"$f":"IF(E520=\"\",\"\",E520+0)","v":0.62},{"$f":"IF(OR(G520=\"\",H520=\"\"),\"\",CONCATENATE(\"Sinapi \",A520))","v":"Sinapi 91285"}]
["91387","CAMINHÃO BASCULANTE 10 M3, TRUCADO CABINE SIMPLES, PESO BRUTO TOTAL 23.000 KG, CARGA ÚTIL MÁXIMA 15.935 KG, DISTÂNCIA ENTRE EIXOS 4,80 M, POTÊNCIA 230 CV INCLUSIVE CAÇAMBA METÁLICA - CHI DIURNO. AF_06/2014","CHI","33,55","35,32",null,33.549999999999997,35.32,"Sinapi 91387"]
["91395","CAMINHÃO TOCO, PBT 14.300 KG, CARGA ÚTIL MÁX. 9.710 KG, DIST. ENTRE EIXOS 3,56 M, POTÊNCIA 185 CV, INCLUSIVE CARROCERIA FIXA ABERTA DE MADEIRA P/ TRANSPORTE GERAL DE CARGA SECA, DIMEN. APROX. 2,50 X 6,50 X 0,50 M - CHI DIURNO. AF_06/2014","CHI","28,52","30,39",null,28.52,30.39,"Sinapi 91395"]
["91486","ESPARGIDOR DE ASFALTO PRESSURIZADO, TANQUE 6 M3 COM ISOLAÇÃO TÉRMICA, AQUECIDO COM 2 MAÇARICOS, COM BARRA ESPARGIDORA 3,60 M, MONTADO SOBRE CAMINHÃO  TOCO, PBT 14.300 KG, POTÊNCIA 185 CV - CHI DIURNO. AF_08/2015","CHI","34,01","35,88",null,34.01,35.880000000000003,"Sinapi 91486"]
["91534","COMPACTADOR DE SOLOS DE PERCUSSÃO (SOQUETE) COM MOTOR A GASOLINA 4 TEMPOS, POTÊNCIA 4 CV - CHI DIURNO. AF_08/2015","CHI","16,72","18,45",null,16.72,18.45,"Sinapi 91534"]
["91635","GUINDAUTO HIDRÁULICO, CAPACIDADE MÁXIMA DE CARGA 6500 KG, MOMENTO MÁXIMO DE CARGA 5,8 TM, ALCANCE MÁXIMO HORIZONTAL 7,60 M, INCLUSIVE CAMINHÃO TOCO PBT 9.700 KG, POTÊNCIA DE 160 CV - CHI DIURNO. AF_08/2015","CHI","27,41","29,15",null,27.41,29.15,"Sinapi 91635"]
["91646","CAMINHÃO DE TRANSPORTE DE MATERIAL ASFÁLTICO 30.000 L, COM CAVALO MECÂNICO DE CAPACIDADE MÁXIMA DE TRAÇÃO COMBINADO DE 66.000 KG, POTÊNCIA 360 CV, INCLUSIVE TANQUE DE ASFALTO COM SERPENTINA - CHI DIURNO. AF_08/2015","CHI","47,94","50,44",null,47.94,50.44,"Sinapi 91646"]
["91693","SERRA CIRCULAR DE BANCADA COM MOTOR ELÉTRICO POTÊNCIA DE 5HP, COM COIFA PARA DISCO 10\" - CHI DIURNO. AF_08/2015","CHI","15,97","17,70",null,15.97,17.7,"Sinapi 91693"]
["92044","DISTRIBUIDOR DE AGREGADOS REBOCAVEL, CAPACIDADE 1,9 M³, LARGURA DE TRABALHO 3,66 M - CHI DIURNO. AF_11/2015","CHI","4,56","4,56",null,4.5599999999999996,4.5599999999999996,"Sinapi 92044"]
["92107","CAMINHÃO PARA EQUIPAMENTO DE LIMPEZA A SUCÇÃO COM CAMINHÃO TRUCADO DE PESO BRUTO TOTAL 23000 KG, CARGA ÚTIL MÁXIMA 15935 KG, DISTÂNCIA ENTRE EIXOS 4,80 M, POTÊNCIA 230 CV, INCLUSIVE LIMPADORA A SUCÇÃO, TANQUE 12000 L - CHI DIURNO. AF_11/2015","CHI","34,67","36,54",null,34.67,36.54,"Sinapi 92107"]
["92113","PENEIRA ROTATIVA COM MOTOR ELÉTRICO TRIFÁSICO DE 2 CV, CILINDRO DE 1 M X 0,60 M, COM FUROS DE 3,17 MM - CHI DIURNO. AF_11/2015","CHI","0,81","0,81",null,0.81,0.81,"Sinapi 92113"]
["92119","DOSADOR DE AREIA, CAPACIDADE DE 26 LITROS - CHI DIURNO. AF_11/2015","CHI","0,08","0,08",null,0.08,0.08,"Sinapi 92119"]
["92139","CAMINHONETE COM MOTOR A DIESEL, POTÊNCIA 180 CV, CABINE DUPLA, 4X4 - CHI DIURNO. AF_11/2015","CHI","24,70","26,43",null,24.7,26.43,"Sinapi 92139"]
["92146","CAMINHONETE CABINE SIMPLES COM MOTOR 1.6 FLEX, CÂMBIO MANUAL, POTÊNCIA 101/104 CV, 2 PORTAS - CHI DIURNO. AF_11/2015","CHI","18,52","20,25",null,18.52,20.25,"Sinapi 92146"]
["92243","CAMINHÃO DE TRANSPORTE DE MATERIAL ASFÁLTICO 20.000 L, COM CAVALO MECÂNICO DE CAPACIDADE MÁXIMA DE TRAÇÃO COMBINADO DE 45.000 KG, POTÊNCIA 330 CV, INCLUSIVE TANQUE DE ASFALTO COM MAÇARICO - CHI DIURNO. AF_12/2015","CHI","40,58","43,08",null,40.58,43.08,"Sinapi 92243"]
["92717","APARELHO PARA CORTE E SOLDA OXI-ACETILENO SOBRE RODAS, INCLUSIVE CILINDROS E MAÇARICOS - CHI DIURNO. AF_12/2015","CHI","0,17","0,17",null,0.17,0.17,"Sinapi 92717"]
["92961","MÁQUINA EXTRUSORA DE CONCRETO PARA GUIAS E SARJETAS, MOTOR A DIESEL, POTÊNCIA 14 CV - CHI DIURNO. AF_12/2015","CHI","5,60","5,60",null,5.6,5.6,"Sinapi 92961"]
["92967","MARTELO PERFURADOR PNEUMÁTICO MANUAL, HASTE 25 X 75 MM, 21 KG - CHI DIURNO. AF_12/2015","CHI","17,21","19,00",null,17.21,19,"Sinapi 92967"]
["93225","PERFURATRIZ COM TORRE METÁLICA PARA EXECUÇÃO DE ESTACA HÉLICE CONTÍNUA, PROFUNDIDADE MÁXIMA DE 32 M, DIÂMETRO MÁXIMO DE 1000 MM, POTÊNCIA INSTALADA DE 350 HP, MESA ROTATIVA COM TORQUE MÁXIMO DE 263 KNM - CHI DIURNO. AF_01/2016","CHI","207,50","209,23",null,207.5,209.23,"Sinapi 93225"]
["93234","BETONEIRA CAPACIDADE NOMINAL 400 L, CAPACIDADE DE MISTURA 310 L, MOTOR A GASOLINA POTÊNCIA 5,5 HP, SEM CARREGADOR - CHI DIURNO. AF_02/2016","CHI","0,34","0,34",null,0.34,0.34,"Sinapi 93234"]
["93244","ROLO COMPACTADOR VIBRATÓRIO PÉ DE CARNEIRO PARA SOLOS, POTÊNCIA 80 HP, PESO OPERACIONAL SEM/COM LASTRO 7,4 / 8,8 T, LARGURA DE TRABALHO 1,68 M - CHI DIURNO. AF_02/2016","CHI","34,16","35,91",null,34.159999999999997,35.909999999999997,"Sinapi 93244"]
["93274","GRUA ASCENSIONAL, LANÇA DE 30 M, CAPACIDADE DE 1,0 T A 30 M, ALTURA ATÉ 39 M - CHI DIURNO. AF_03/2016","CHI","42,96","44,70",null,42.96,44.7,"Sinapi 93274"]
["93282","GUINCHO ELÉTRICO DE COLUNA, CAPACIDADE 400 KG, COM MOTO FREIO, MOTOR TRIFÁSICO DE 1,25 CV - CHI DIURNO. AF_03/2016","CHI","16,22","17,96",null,16.22,17.96,"Sinapi 93282"]
["93288","GUINDASTE HIDRÁULICO AUTOPROPELIDO, COM LANÇA TELESCÓPICA 40 M, CAPACIDADE MÁXIMA 60 T, POTÊNCIA 260 KW - CHI DIURNO. AF_03/2016","CHI","79,93","81,67",null,79.930000000000007,81.67,"Sinapi 93288"]
["93403","GUINDAUTO HIDRÁULICO, CAPACIDADE MÁXIMA DE CARGA 3300 KG, MOMENTO MÁXIMO DE CARGA 5,8 TM, ALCANCE MÁXIMO HORIZONTAL 7,60 M, INCLUSIVE CAMINHÃO TOCO PBT 16.000 KG, POTÊNCIA DE 189 CV - CHI DIURNO. AF_03/2016","CHI","27,41","29,15",null,27.41,29.15,"Sinapi 93403"]
["93409","MÁQUINA JATO DE PRESSAO PORTÁTIL PARA JATEAMENTO, CONTROLE AUTOMATICO REMOTO, CAMARA DE 1 SAIDA, CAPACIDADE 280 L, DIAMETRO 670 MM, BICO DE JATO CURTO VENTURI DE 5/16\u0094, MANGUEIRA DE 1\u0094 COM COMPRESSOR DE AR REBOCÁVEL VAZÃO 189 PCM E MOTOR DIESEL DE 63 CV- CHI DIURNO. AF_03/2016","CHI","25,34","27,82",null,25.34,27.82,"Sinapi 93409"]
["93416","GERADOR PORTÁTIL MONOFÁSICO, POTÊNCIA 5500 VA, MOTOR A GASOLINA, POTÊNCIA DO MOTOR 13 CV - CHI DIURNO. AF_03/2016","CHI","0,23","0,23",null,0.23,0.23,"Sinapi 93416"]
["93422","GRUPO GERADOR REBOCÁVEL, POTÊNCIA 66 KVA, MOTOR A DIESEL - CHI DIURNO. AF_03/2016","CHI","3,09","3,09",null,3.09,3.09,"Sinapi 93422"]
["93428","GRUPO GERADOR ESTACIONÁRIO, POTÊNCIA 150 KVA, MOTOR A DIESEL- CHI DIURNO. AF_03/2016","CHI","4,38","4,38",null,4.38,4.38,"Sinapi 93428"]
["93434","USINA DE MISTURA ASFÁLTICA À QUENTE, TIPO CONTRA FLUXO, PROD 40 A 80 TON/HORA - CHI DIURNO. AF_03/2016","CHI","151,62","159,50",null,151.62,159.5,"Sinapi 93434"]
["93440","USINA DE ASFALTO À FRIO, CAPACIDADE DE 40 A 60 TON/HORA, ELÉTRICA POTÊNCIA 30 CV - CHI DIURNO. AF_03/2016","CHI","81,40","89,28",null,81.400000000000006,89.28,"Sinapi 93440"]
["95122","USINA MISTURADORA DE SOLOS, CAPACIDADE DE 200 A 500 TON/H, POTENCIA 75KW - CHI DIURNO. AF_07/2016","CHI","115,61","123,49",null,115.61,123.49,"Sinapi 95122"]
["95128","DISTRIBUIDOR DE AGREGADOS AUTOPROPELIDO, CAP 3 M3, A DIESEL, POTÊNCIA 176CV - CHI DIURNO. AF_07/2016","CHI","29,09","30,82",null,29.09,30.82,"Sinapi 95128"]
["95140","TALHA MANUAL DE CORRENTE, CAPACIDADE DE 2 TON. COM ELEVAÇÃO DE 3 M - CHI DIURNO. AF_07/2016","CHI","0,04","0,04",null,0.04,0.04,"Sinapi 95140"]
["95213","GRUA ASCENCIONAL, LANÇA DE 42 M, CAPACIDADE DE 1,5 T A 30 M, ALTURA ATÉ 39 M - CHI DIURNO. AF_08/2016","CHI","46,56","48,30",null,46.56,48.3,"Sinapi 95213"]
["95219","PULVERIZADOR DE TINTA ELÉTRICO/MÁQUINA DE PINTURA AIRLESS, VAZÃO 2 L/MIN - CHI DIURNO. AF_08/2016","CHI","21,59","23,88",null,21.59,23.88,"Sinapi 95219"]
["95259","MARTELO DEMOLIDOR PNEUMÁTICO MANUAL, 32 KG - CHI DIURNO. AF_09/2016","CHI","17,06","18,85",null,17.059999999999999,18.850000000000001,"Sinapi 95259"]
["95265","COMPACTADOR DE SOLOS DE PERCUSÃO (SOQUETE) COM MOTOR A GASOLINA, POTÊNCIA 3 CV - CHI DIURNO. AF_09/2016","CHI","0,67","0,67",null,0.67,0.67,"Sinapi 95265"]
["95271","RÉGUA VIBRATÓRIA DUPLA PARA CONCRETO, PESO DE 60KG, COMPRIMENTO 4 M, COM MOTOR A GASOLINA, POTÊNCIA 5,5 HP - CHI DIURNO. AF_09/2016","CHI","0,39","0,39",null,0.39,0.39,"Sinapi 95271"]
["95277","POLIDORA DE PISO (POLITRIZ), PESO DE 100KG, DIÂMETRO 450 MM, MOTOR ELÉTRICO, POTÊNCIA 4 HP - CHI DIURNO. AF_09/2016","CHI","0,39","0,39",null,0.39,0.39,"Sinapi 95277"]
["95283","DESEMPENADEIRA DE CONCRETO, PESO DE 75KG, 4 PÁS, MOTOR A GASOLINA, POTÊNCIA 5,5 HP - CHI DIURNO. AF_09/2016","CHI","0,43","0,43",null,0.43,0.43,"Sinapi 95283"]
["95621","PERFURATRIZ PNEUMATICA MANUAL DE PESO MEDIO, MARTELETE, 18KG, COMPRIMENTO MÁXIMO DE CURSO DE 6 M, DIAMETRO DO PISTAO DE 5,5 CM - CHI DIURNO. AF_11/2016","CHI","16,89","18,68",null,16.89,18.68,"Sinapi 95621"]
["95632","ROLO COMPACTADOR VIBRATORIO TANDEM, ACO LISO, POTENCIA 125 HP, PESO SEM/COM LASTRO 10,20/11,65 T, LARGURA DE TRABALHO 1,73 M - CHI DIURNO. AF_11/2016","CHI","42,15","43,90",null,42.15,43.9,"Sinapi 95632"]
["95703","PERFURATRIZ MANUAL, TORQUE MAXIMO 55 KGF.M, POTENCIA 5 CV, COM DIAMETRO MAXIMO 8 1/2\" - CHI DIURNO. AF_11/2016","CHI","18,88","20,61",null,18.88,20.61,"Sinapi 95703"]
["95709","PERFURATRIZ SOBRE ESTEIRA, TORQUE MÁXIMO 600 KGF, POTÊNCIA ENTRE 50 E 60 HP, DIÂMETRO MÁXIMO 10\u0094 - CHI DIURNO. AF_11/2016","CHI","41,71","43,44",null,41.71,43.44,"Sinapi 95709"]
["95715","ESCAVADEIRA HIDRAULICA SOBRE ESTEIRA, COM GARRA GIRATORIA DE MANDIBULAS, PESO OPERACIONAL ENTRE 22,00 E 25,50 TON, POTENCIA LIQUIDA ENTRE 150 E 160 HP - CHI DIURNO. AF_11/2016","CHI","50,18","52,47",null,50.18,52.47,"Sinapi 95715"]
["95721","ESCAVADEIRA HIDRAULICA SOBRE ESTEIRA, EQUIPADA COM CLAMSHELL, COM CAPACIDADE DA CAÇAMBA ENTRE 1,20 E 1,50 M3, PESO OPERACIONAL ENTRE 20,00 E 22,00 TON, POTENCIA LIQUIDA ENTRE 150 E 160 HP - CHI DIURNO. AF_11/2016","CHI","49,02","51,31",null,49.02,51.31,"Sinapi 95721"]
["95873","GRUPO GERADOR COM CARENAGEM, MOTOR DIESEL POTÊNCIA STANDART ENTRE 250 E 260 KVA - CHI DIURNO. AF_12/2016","CHI","7,01","7,01",null,7.01,7.01,"Sinapi 95873"]
["96014","TRATOR DE PNEUS COM POTÊNCIA DE 122 CV, TRAÇÃO 4X4, COM VASSOURA MECÂNICA ACOPLADA - CHI DIURNO. AF_02/2017","CHI","29,19","30,92",null,29.19,30.92,"Sinapi 96014"]
["96021","TRATOR DE PNEUS COM POTÊNCIA DE 122 CV, TRAÇÃO 4X4, COM GRADE DE DISCOS ACOPLADA - CHI DIURNO. AF_02/2017","CHI","29,07","30,80",null,29.07,30.8,"Sinapi 96021"]
["96029","TRATOR DE PNEUS COM POTÊNCIA DE 85 CV, TRAÇÃO 4X4, COM GRADE DE DISCOS ACOPLADA - CHI DIURNO. AF_02/2017","CHI","26,08","27,81",null,26.08,27.81,"Sinapi 96029"]
["96036","CAMINHÃO BASCULANTE 10 M3, TRUCADO, POTÊNCIA 230 CV, INCLUSIVE CAÇAMBA METÁLICA, COM DISTRIBUIDOR DE AGREGADOS ACOPLADO - CHI DIURNO. AF_02/2017","CHI","36,42","38,19",null,36.42,38.19,"Sinapi 96036"]
["96155","TRATOR DE PNEUS COM POTÊNCIA DE 85 CV, TRAÇÃO 4X4, COM VASSOURA MECÂNICA ACOPLADA - CHI DIURNO. AF_02/2017","CHI","26,20","27,93",null,26.2,27.93,"Sinapi 96155"]
["96156","MINICARREGADEIRA SOBRE RODAS POTENCIA 47HP CAPACIDADE OPERACAO 646 KG, COM VASSOURA MECÂNICA ACOPLADA - CHI DIURNO. AF_03/2017","CHI","33,29","35,27",null,33.29,35.270000000000003,"Sinapi 96156"]
["96159","MÁQUINA DEMARCADORA DE FAIXA DE TRÁFEGO À FRIO, AUTOPROPELIDA, POTÊNCIA 38 HP - CHI DIURNO. AF_07/2016","CHI","41,92","44,00",null,41.92,44,"Sinapi 96159"]
["96246","MINIESCAVADEIRA SOBRE ESTEIRAS, POTENCIA LIQUIDA DE *30* HP, PESO OPERACIONAL DE *3.500* KG - CHI DIURNO. AF_04/2017","CHI","33,32","35,61",null,33.32,35.61,"Sinapi 96246"]
["96302","PERFURATRIZ ROTATIVA SOBRE ESTEIRA, TORQUE MAXIMO 2500 KGM, POTENCIA 110 HP, MOTOR DIESEL - CHI DIURNO. AF_05/2017","CHI","56,07","57,80",null,56.07,57.8,"Sinapi 96302"]
["96308","COMPRESSOR DE AR, VAZAO DE 10 PCM, RESERVATORIO 100 L, PRESSAO DE TRABALHO ENTRE 6,9 E 9,7 BAR  POTENCIA 2 HP, TENSAO 110/220 V \u0096 CHI DIURNO. AF_05/2017","CHI","0,12","0,12",null,0.12,0.12,"Sinapi 96308"]
["96464","ROLO COMPACTADOR DE PNEUS, ESTATICO, PRESSAO VARIAVEL, POTENCIA 110 HP, PESO SEM/COM LASTRO 10,8/27 T, LARGURA DE ROLAGEM 2,30 M - CHI DIURNO. AF_06/2017","CHI","45,00","46,75",null,45,46.75,"Sinapi 96464"]
["98765","INVERSOR DE SOLDA MONOFÁSICO DE 160 A, POTÊNCIA DE 5400 W, TENSÃO DE 220 V, PARA SOLDA COM ELETRODOS DE 2,0 A 4,0 MM E PROCESSO TIG - CHI DIURNO. AF_06/2018","CHI","0,07","0,07",null,7.0000000000000007E-2,7.0000000000000007E-2,"Sinapi 98765"]
["99834","LAVADORA DE ALTA PRESSAO (LAVA-JATO) PARA AGUA FRIA, PRESSAO DE OPERACAO ENTRE 1400 E 1900 LIB/POL2, VAZAO MAXIMA ENTRE 400 E 700 L/H - CHI DIURNO. AF_04/2019","CHI","0,14","0,14",null,0.14000000000000001,0.14000000000000001,"Sinapi 99834"]
["100642","USINA DE MISTURA ASFÁLTICA À QUENTE, TIPO CONTRA FLUXO, PROD 100 A 140 TON/HORA - CHI DIURNO. AF_12/2019","CHI","108,06","109,94",null,108.06,109.94,"Sinapi 100642"]
["100648","USINA DE ASFALTO, TIPO GRAVIMÉTRICA, PROD 150 TON/HORA - CHI DIURNO. AF_12/2019","CHI","257,18","259,06",null,257.18,259.06,"Sinapi 100648"]
["5089","ROLO COMPACTADOR VIBRATÓRIO PÉ DE CARNEIRO PARA SOLOS, POTÊNCIA 80 HP, PESO OPERACIONAL SEM/COM LASTRO 7,4 / 8,8 T, LARGURA DE TRABALHO 1,68 M - MANUTENÇÃO. AF_02/2016","H","20,01","20,01",null,20.010000000000002,20.010000000000002,"Sinapi 5089"]
["5627","ESCAVADEIRA HIDRÁULICA SOBRE ESTEIRAS, CAÇAMBA 0,80 M3, PESO OPERACIONAL 17 T, POTENCIA BRUTA 111 HP - DEPRECIAÇÃO. AF_06/2014","H","23,16","23,16",null,{"$f":"IF(D584=\"\",\"\",D584+0)","v":23.16},{"$f":"IF(E584=\"\",\"\",E584+0)","v":23.16},{"$f":"IF(OR(G584=\"\",H584=\"\"),\"\",CONCATENATE(\"Sinapi \",A584))","v":"Sinapi 5627"}]
["5628","ESCAVADEIRA HIDRÁULICA SOBRE ESTEIRAS, CAÇAMBA 0,80 M3, PESO OPERACIONAL 17 T, POTENCIA BRUTA 111 HP - JUROS. AF_06/2014","H","3,14","3,14",null,3.14,3.14,"Sinapi 5628"]
["5629","ESCAVADEIRA HIDRÁULICA SOBRE ESTEIRAS, CAÇAMBA 0,80 M3, PESO OPERACIONAL 17 T, POTENCIA BRUTA 111 HP - MANUTENÇÃO. AF_06/2014","H","28,95","28,95",null,28.95,28.95,"Sinapi 5629"]
["5630","ESCAVADEIRA HIDRÁULICA SOBRE ESTEIRAS, CAÇAMBA 0,80 M3, PESO OPERACIONAL 17 T, POTENCIA BRUTA 111 HP - MATERIAIS NA OPERAÇÃO. AF_06/2014","H","41,24","41,24",null,41.24,41.24,"Sinapi 5630"]
["5658","GRADE DE DISCO CONTROLE REMOTO REBOCÁVEL, COM 24 DISCOS 24\u0094 X 6 MM COM PNEUS PARA TRANSPORTE - MANUTENÇÃO. AF_06/2014","H","1,19","1,19",null,1.19,1.19,"Sinapi 5658"]
["5664","RETROESCAVADEIRA SOBRE RODAS COM CARREGADEIRA, TRAÇÃO 4X4, POTÊNCIA LÍQ. 88 HP, CAÇAMBA CARREG. CAP. MÍN. 1 M3, CAÇAMBA RETRO CAP. 0,26 M3, PESO OPERACIONAL MÍN. 6.674 KG, PROFUNDIDADE ESCAVAÇÃO MÁX. 4,37 M - MANUTENÇÃO. AF_06/2014","H","17,05","17,05",null,17.05,17.05,"Sinapi 5664"]
["5667","RETROESCAVADEIRA SOBRE RODAS COM CARREGADEIRA, TRAÇÃO 4X2, POTÊNCIA LÍQ. 79 HP, CAÇAMBA CARREG. CAP. MÍN. 1 M3, CAÇAMBA RETRO CAP. 0,20 M3, PESO OPERACIONAL MÍN. 6.570 KG, PROFUNDIDADE ESCAVAÇÃO MÁX. 4,37 M - MANUTENÇÃO. AF_06/2014","H","15,16","15,16",null,15.16,15.16,"Sinapi 5667"]
["5668","RETROESCAVADEIRA SOBRE RODAS COM CARREGADEIRA, TRAÇÃO 4X2, POTÊNCIA LÍQ. 79 HP, CAÇAMBA CARREG. CAP. MÍN. 1 M3, CAÇAMBA RETRO CAP. 0,20 M3, PESO OPERACIONAL MÍN. 6.570 KG, PROFUNDIDADE ESCAVAÇÃO MÁX. 4,37 M - MATERIAIS NA OPERAÇÃO. AF_06/2014","H","31,55","31,55",null,31.55,31.55,"Sinapi 5668"]
["5674","ROLO COMPACTADOR VIBRATÓRIO DE UM CILINDRO AÇO LISO, POTÊNCIA 80 HP, PESO OPERACIONAL MÁXIMO 8,1 T, IMPACTO DINÂMICO 16,15 / 9,5 T, LARGURA DE TRABALHO 1,68 M - MANUTENÇÃO. AF_06/2014","H","19,25","19,25",null,19.25,19.25,"Sinapi 5674"]
["5692","MOTOBOMBA CENTRÍFUGA, MOTOR A GASOLINA, POTÊNCIA 5,42 HP, BOCAIS 1 1/2\" X 1\", DIÂMETRO ROTOR 143 MM HM/Q = 6 MCA / 16,8 M3/H A 38 MCA / 6,6 M3/H - MANUTENÇÃO. AF_06/2014","H","0,16","0,16",null,0.16,0.16,"Sinapi 5692"]
["5693","MOTOBOMBA CENTRÍFUGA, MOTOR A GASOLINA, POTÊNCIA 5,42 HP, BOCAIS 1 1/2\" X 1\", DIÂMETRO ROTOR 143 MM HM/Q = 6 MCA / 16,8 M3/H A 38 MCA / 6,6 M3/H - MATERIAIS NA OPERAÇÃO. AF_06/2014","H","6,40","6,40",null,6.4,6.4,"Sinapi 5693"]
["5695","CAMINHÃO BASCULANTE 6 M3, PESO BRUTO TOTAL 16.000 KG, CARGA ÚTIL MÁXIMA 13.071 KG, DISTÂNCIA ENTRE EIXOS 4,80 M, POTÊNCIA 230 CV INCLUSIVE CAÇAMBA METÁLICA - MANUTENÇÃO. AF_06/2014","H","23,11","23,11",null,23.11,23.11,"Sinapi 5695"]
["5703","USINA DE CONCRETO FIXA, CAPACIDADE NOMINAL DE 90 A 120 M3/H, SEM SILO - MATERIAIS NA OPERAÇÃO. AF_07/2016","H","14,75","14,75",null,14.75,14.75,"Sinapi 5703"]
["5705","CAMINHÃO TOCO, PBT 16.000 KG, CARGA ÚTIL MÁX. 10.685 KG, DIST. ENTRE EIXOS 4,8 M, POTÊNCIA 189 CV, INCLUSIVE CARROCERIA FIXA ABERTA DE MADEIRA P/ TRANSPORTE GERAL DE CARGA SECA, DIMEN. APROX. 2,5 X 7,00 X 0,50 M - MANUTENÇÃO. AF_06/2014","H","14,40","14,40",null,14.4,14.4,"Sinapi 5705"]
["5707","USINA MISTURADORA DE SOLOS, CAPACIDADE DE 200 A 500 TON/H, POTENCIA 75KW - MANUTENÇÃO. AF_07/2016","H","40,62","40,62",null,40.619999999999997,40.619999999999997,"Sinapi 5707"]
["5710","VIBROACABADORA DE ASFALTO SOBRE ESTEIRAS, LARGURA DE PAVIMENTAÇÃO 1,90 M A 5,30 M, POTÊNCIA 105 HP CAPACIDADE 450 T/H - MANUTENÇÃO. AF_11/2014","H","104,35","104,35",null,104.35,104.35,"Sinapi 5710"]
["5711","VIBROACABADORA DE ASFALTO SOBRE ESTEIRAS, LARGURA DE PAVIMENTAÇÃO 1,90 M A 5,30 M, POTÊNCIA 105 HP CAPACIDADE 450 T/H - MATERIAIS NA OPERAÇÃO. AF_11/2014","H","56,99","56,99",null,56.99,56.99,"Sinapi 5711"]
["5714","TRATOR DE PNEUS, POTÊNCIA 85 CV, TRAÇÃO 4X4, PESO COM LASTRO DE 4.675 KG - MANUTENÇÃO. AF_06/2014","H","7,87","7,87",null,7.87,7.87,"Sinapi 5714"]
["5715","TRATOR DE PNEUS, POTÊNCIA 85 CV, TRAÇÃO 4X4, PESO COM LASTRO DE 4.675 KG - MATERIAIS NA OPERAÇÃO. AF_06/2014","H","76,67","76,67",null,76.67,76.67,"Sinapi 5715"]
["5718","TRATOR DE ESTEIRAS, POTÊNCIA 170 HP, PESO OPERACIONAL 19 T, CAÇAMBA 5,2 M3 - MATERIAIS NA OPERAÇÃO. AF_06/2014","H","68,02","68,02",null,68.02,68.02,"Sinapi 5718"]
["5721","TRATOR DE ESTEIRAS, POTÊNCIA 150 HP, PESO OPERACIONAL 16,7 T, COM RODA MOTRIZ ELEVADA E LÂMINA 3,18 M3 - MATERIAIS NA OPERAÇÃO. AF_06/2014","H","60,01","60,01",null,60.01,60.01,"Sinapi 5721"]
["5722","TRATOR DE ESTEIRAS, POTÊNCIA 347 HP, PESO OPERACIONAL 38,5 T, COM LÂMINA 8,70 M3 - MATERIAIS NA OPERAÇÃO. AF_06/2014","H","138,79","138,79",null,138.79,138.79,"Sinapi 5722"]
["5724","TRATOR DE ESTEIRAS, POTÊNCIA 100 HP, PESO OPERACIONAL 9,4 T, COM LÂMINA 2,19 M3 - MANUTENÇÃO. AF_06/2014","H","30,87","30,87",null,30.87,30.87,"Sinapi 5724"]
["5727","ROLO COMPACTADOR VIBRATÓRIO REBOCÁVEL, CILINDRO DE AÇO LISO, POTÊNCIA DE TRAÇÃO DE 65 CV, PESO 4,7 T, IMPACTO DINÂMICO 18,3 T, LARGURA DE TRABALHO 1,67 M - MANUTENÇÃO. AF_02/2016","H","5,81","5,81",null,5.81,5.81,"Sinapi 5727"]
["5729","ROLO COMPACTADOR VIBRATÓRIO TANDEM AÇO LISO, POTÊNCIA 58 HP, PESO SEM/COM LASTRO 6,5 / 9,4 T, LARGURA DE TRABALHO 1,2 M - MANUTENÇÃO. AF_06/2014","H","23,63","23,63",null,23.63,23.63,"Sinapi 5729"]
["5730","ROLO COMPACTADOR VIBRATÓRIO TANDEM AÇO LISO, POTÊNCIA 58 HP, PESO SEM/COM LASTRO 6,5 / 9,4 T, LARGURA DE TRABALHO 1,2 M - MATERIAIS NA OPERAÇÃO. AF_06/2014","H","26,50","26,50",null,26.5,26.5,"Sinapi 5730"]
["5735","RETROESCAVADEIRA SOBRE RODAS COM CARREGADEIRA, TRAÇÃO 4X4, POTÊNCIA LÍQ. 72 HP, CAÇAMBA CARREG. CAP. MÍN. 0,79 M3, CAÇAMBA RETRO CAP. 0,18 M3, PESO OPERACIONAL MÍN. 7.140 KG, PROFUNDIDADE ESCAVAÇÃO MÁX. 4,50 M - MANUTENÇÃO. AF_06/2014","H","16,45","16,45",null,16.45,16.45,"Sinapi 5735"]
["5736","RETROESCAVADEIRA SOBRE RODAS COM CARREGADEIRA, TRAÇÃO 4X4, POTÊNCIA LÍQ. 72 HP, CAÇAMBA CARREG. CAP. MÍN. 0,79 M3, CAÇAMBA RETRO CAP. 0,18 M3, PESO OPERACIONAL MÍN. 7.140 KG, PROFUNDIDADE ESCAVAÇÃO MÁX. 4,50 M - MATERIAIS NA OPERAÇÃO. AF_06/2014","H","28,95","28,95",null,28.95,28.95,"Sinapi 5736"]
["5738","ROLO COMPACTADOR VIBRATÓRIO PÉ DE CARNEIRO, OPERADO POR CONTROLE REMOTO, POTÊNCIA 12,5 KW, PESO OPERACIONAL 1,675 T, LARGURA DE TRABALHO 0,85 M - DEPRECIAÇÃO. AF_02/2016","H","21,01","21,01",null,21.01,21.01,"Sinapi 5738"]
["5739","ROLO COMPACTADOR VIBRATÓRIO PÉ DE CARNEIRO, OPERADO POR CONTROLE REMOTO, POTÊNCIA 12,5 KW, PESO OPERACIONAL 1,675 T, LARGURA DE TRABALHO 0,85 M - MANUTENÇÃO. AF_02/2016","H","26,30","26,30",null,26.3,26.3,"Sinapi 5739"]
["5741","USINA DE LAMA ASFÁLTICA, PROD 30 A 50 T/H, SILO DE AGREGADO 7 M3, RESERVATÓRIOS PARA EMULSÃO E ÁGUA DE 2,3 M3 CADA, MISTURADOR TIPO PUG MILL A SER MONTADO SOBRE CAMINHÃO - MANUTENÇÃO. AF_10/2014","H","27,29","27,29",null,27.29,27.29,"Sinapi 5741"]
["5742","USINA DE LAMA ASFÁLTICA, PROD 30 A 50 T/H, SILO DE AGREGADO 7 M3, RESERVATÓRIOS PARA EMULSÃO E ÁGUA DE 2,3 M3 CADA, MISTURADOR TIPO PUG MILL A SER MONTADO SOBRE CAMINHÃO - MATERIAIS NA OPERAÇÃO. AF_10/2014","H","17,65","17,65",null,17.649999999999999,17.649999999999999,"Sinapi 5742"]
["5747","CAMINHÃO PIPA 6.000 L, PESO BRUTO TOTAL 13.000 KG, DISTÂNCIA ENTRE EIXOS 4,80 M, POTÊNCIA 189 CV INCLUSIVE TANQUE DE AÇO PARA TRANSPORTE DE ÁGUA, CAPACIDADE 6 M3 - MATERIAIS NA OPERAÇÃO. AF_06/2014","H","101,22","101,22",null,101.22,101.22,"Sinapi 5747"]
["5751","CAMINHÃO TOCO, PESO BRUTO TOTAL 14.300 KG, CARGA ÚTIL MÁXIMA 9590 KG, DISTÂNCIA ENTRE EIXOS 4,76 M, POTÊNCIA 185 CV (NÃO INCLUI CARROCERIA) - MANUTENÇÃO. AF_06/2014","H","15,88","15,88",null,15.88,15.88,"Sinapi 5751"]
["5754","CAMINHÃO TOCO, PESO BRUTO TOTAL 16.000 KG, CARGA ÚTIL MÁXIMA DE 10.685 KG, DISTÂNCIA ENTRE EIXOS 4,80 M, POTÊNCIA 189 CV EXCLUSIVE CARROCERIA - MANUTENÇÃO. AF_06/2014","H","13,37","13,37",null,13.37,13.37,"Sinapi 5754"]
["5763","CAMINHÃO PIPA 10.000 L TRUCADO, PESO BRUTO TOTAL 23.000 KG, CARGA ÚTIL MÁXIMA 15.935 KG, DISTÂNCIA ENTRE EIXOS 4,8 M, POTÊNCIA 230 CV, INCLUSIVE TANQUE DE AÇO PARA TRANSPORTE DE ÁGUA - MANUTENÇÃO. AF_06/2014","H","22,82","22,82",null,22.82,22.82,"Sinapi 5763"]
["5765","ESPARGIDOR DE ASFALTO PRESSURIZADO COM TANQUE DE 2500 L, REBOCÁVEL COM MOTOR A GASOLINA POTÊNCIA 3,4 HP - MANUTENÇÃO. AF_07/2014","H","1,92","1,92",null,1.92,1.92,"Sinapi 5765"]
["5766","ESPARGIDOR DE ASFALTO PRESSURIZADO COM TANQUE DE 2500 L, REBOCÁVEL COM MOTOR A GASOLINA POTÊNCIA 3,4 HP - MATERIAIS NA OPERAÇÃO. AF_07/2014","H","3,20","3,20",null,3.2,3.2,"Sinapi 5766"]
["5779","MOTONIVELADORA POTÊNCIA BÁSICA LÍQUIDA (PRIMEIRA MARCHA) 125 HP, PESO BRUTO 13032 KG, LARGURA DA LÂMINA DE 3,7 M - MANUTENÇÃO. AF_06/2014","H","35,17","35,17",null,35.17,35.17,"Sinapi 5779"]
["5787","PÁ CARREGADEIRA SOBRE RODAS, POTÊNCIA 197 HP, CAPACIDADE DA CAÇAMBA 2,5 A 3,5 M3, PESO OPERACIONAL 18338 KG - MATERIAIS NA OPERAÇÃO. AF_06/2014","H","45,04","45,04",null,45.04,45.04,"Sinapi 5787"]
["5797","COMPRESSOR DE AR REBOCÁVEL, VAZÃO 189 PCM, PRESSÃO EFETIVA DE TRABALHO 102 PSI, MOTOR DIESEL, POTÊNCIA 63 CV - MANUTENÇÃO. AF_06/2015","H","2,92","2,92",null,2.92,2.92,"Sinapi 5797"]
["5800","BOMBA SUBMERSÍVEL ELÉTRICA TRIFÁSICA, POTÊNCIA 2,96 HP, Ø ROTOR 144 MM SEMI-ABERTO, BOCAL DE SAÍDA Ø 2\u0094, HM/Q = 2 MCA / 38,8 M3/H A 28 MCA / 5 M3/H - MANUTENÇÃO. AF_06/2014","H","0,29","0,29",null,0.28999999999999998,0.28999999999999998,"Sinapi 5800"]
["7032","TANQUE DE ASFALTO ESTACIONÁRIO COM SERPENTINA, CAPACIDADE 30.000 L - DEPRECIAÇÃO. AF_06/2014","H","2,81","2,81",null,2.81,2.81,"Sinapi 7032"]
["7033","TANQUE DE ASFALTO ESTACIONÁRIO COM SERPENTINA, CAPACIDADE 30.000 L - JUROS. AF_06/2014","H","0,46","0,46",null,0.46,0.46,"Sinapi 7033"]
["7034","TANQUE DE ASFALTO ESTACIONÁRIO COM SERPENTINA, CAPACIDADE 30.000 L - MANUTENÇÃO. AF_06/2014","H","5,27","5,27",null,5.27,5.27,"Sinapi 7034"]
["7035","TANQUE DE ASFALTO ESTACIONÁRIO COM SERPENTINA, CAPACIDADE 30.000 L - MATERIAIS NA OPERAÇÃO. AF_06/2014","H","136,79","136,79",null,136.79,136.79,"Sinapi 7035"]
["7038","ROLO COMPACTADOR DE PNEUS ESTÁTICO, PRESSÃO VARIÁVEL, POTÊNCIA 111 HP, PESO SEM/COM LASTRO 9,5 / 26 T, LARGURA DE TRABALHO 1,90 M - DEPRECIAÇÃO. AF_07/2014","H","24,04","24,04",null,24.04,24.04,"Sinapi 7038"]
["7039","ROLO COMPACTADOR DE PNEUS ESTÁTICO, PRESSÃO VARIÁVEL, POTÊNCIA 111 HP, PESO SEM/COM LASTRO 9,5 / 26 T, LARGURA DE TRABALHO 1,90 M - JUROS. AF_07/2014","H","3,33","3,33",null,3.33,3.33,"Sinapi 7039"]
["7040","ROLO COMPACTADOR DE PNEUS ESTÁTICO, PRESSÃO VARIÁVEL, POTÊNCIA 111 HP, PESO SEM/COM LASTRO 9,5 / 26 T, LARGURA DE TRABALHO 1,90 M - MANUTENÇÃO. AF_07/2014","H","30,08","30,08",null,30.08,30.08,"Sinapi 7040"]
["7044","MOTOBOMBA TRASH (PARA ÁGUA SUJA) AUTO ESCORVANTE, MOTOR GASOLINA DE 6,41 HP, DIÂMETROS DE SUCÇÃO X RECALQUE: 3\" X 3\", HM/Q = 10 MCA / 60 M3/H A 23 MCA / 0 M3/H - DEPRECIAÇÃO. AF_10/2014","H","0,18","0,18",null,0.18,0.18,"Sinapi 7044"]
["7045","MOTOBOMBA TRASH (PARA ÁGUA SUJA) AUTO ESCORVANTE, MOTOR GASOLINA DE 6,41 HP, DIÂMETROS DE SUCÇÃO X RECALQUE: 3\" X 3\", HM/Q = 10 MCA / 60 M3/H A 23 MCA / 0 M3/H - JUROS. AF_10/2014","H","0,02","0,02",null,0.02,0.02,"Sinapi 7045"]
["7046","MOTOBOMBA TRASH (PARA ÁGUA SUJA) AUTO ESCORVANTE, MOTOR GASOLINA DE 6,41 HP, DIÂMETROS DE SUCÇÃO X RECALQUE: 3\" X 3\", HM/Q = 10 MCA / 60 M3/H A 23 MCA / 0 M3/H - MANUTENÇÃO. AF_10/2014","H","0,20","0,20",null,0.2,0.2,"Sinapi 7046"]
["7047","MOTOBOMBA TRASH (PARA ÁGUA SUJA) AUTO ESCORVANTE, MOTOR GASOLINA DE 6,41 HP, DIÂMETROS DE SUCÇÃO X RECALQUE: 3\" X 3\", HM/Q = 10 MCA / 60 M3/H A 23 MCA / 0 M3/H - MATERIAIS NA OPERAÇÃO. AF_10/2014","H","7,53","7,53",null,7.53,7.53,"Sinapi 7047"]
["7051","ROLO COMPACTADOR PE DE CARNEIRO VIBRATORIO, POTENCIA 125 HP, PESO OPERACIONAL SEM/COM LASTRO 11,95 / 13,30 T, IMPACTO DINAMICO 38,5 / 22,5 T, LARGURA DE TRABALHO 2,15 M - DEPRECIAÇÃO. AF_06/2014","H","21,32","21,32",null,21.32,21.32,"Sinapi 7051"]
["7052","ROLO COMPACTADOR PE DE CARNEIRO VIBRATORIO, POTENCIA 125 HP, PESO OPERACIONAL SEM/COM LASTRO 11,95 / 13,30 T, IMPACTO DINAMICO 38,5 / 22,5 T, LARGURA DE TRABALHO 2,15 M - JUROS. AF_06/2014","H","2,96","2,96",null,2.96,2.96,"Sinapi 7052"]
["7053","ROLO COMPACTADOR PE DE CARNEIRO VIBRATORIO, POTENCIA 125 HP, PESO OPERACIONAL SEM/COM LASTRO 11,95 / 13,30 T, IMPACTO DINAMICO 38,5 / 22,5 T, LARGURA DE TRABALHO 2,15 M - MANUTENÇÃO. AF_06/2014","H","26,68","26,68",null,26.68,26.68,"Sinapi 7053"]
["7054","ROLO COMPACTADOR PE DE CARNEIRO VIBRATORIO, POTENCIA 125 HP, PESO OPERACIONAL SEM/COM LASTRO 11,95 / 13,30 T, IMPACTO DINAMICO 38,5 / 22,5 T, LARGURA DE TRABALHO 2,15 M - MATERIAIS NA OPERAÇÃO. AF_06/2014","H","57,14","57,14",null,57.14,57.14,"Sinapi 7054"]
["7058","CAMINHÃO BASCULANTE 6 M3 TOCO, PESO BRUTO TOTAL 16.000 KG, CARGA ÚTIL MÁXIMA 11.130 KG, DISTÂNCIA ENTRE EIXOS 5,36 M, POTÊNCIA 185 CV, INCLUSIVE CAÇAMBA METÁLICA - DEPRECIAÇÃO. AF_06/2014","H","11,76","11,76",null,11.76,11.76,"Sinapi 7058"]
["7059","CAMINHÃO BASCULANTE 6 M3 TOCO, PESO BRUTO TOTAL 16.000 KG, CARGA ÚTIL MÁXIMA 11.130 KG, DISTÂNCIA ENTRE EIXOS 5,36 M, POTÊNCIA 185 CV, INCLUSIVE CAÇAMBA METÁLICA - JUROS. AF_06/2014","H","2,17","2,17",null,2.17,2.17,"Sinapi 7059"]
["7060","CAMINHÃO BASCULANTE 6 M3 TOCO, PESO BRUTO TOTAL 16.000 KG, CARGA ÚTIL MÁXIMA 11.130 KG, DISTÂNCIA ENTRE EIXOS 5,36 M, POTÊNCIA 185 CV, INCLUSIVE CAÇAMBA METÁLICA - MANUTENÇÃO. AF_06/2014","H","22,06","22,06",null,22.06,22.06,"Sinapi 7060"]
["7061","CAMINHÃO BASCULANTE 6 M3 TOCO, PESO BRUTO TOTAL 16.000 KG, CARGA ÚTIL MÁXIMA 11.130 KG, DISTÂNCIA ENTRE EIXOS 5,36 M, POTÊNCIA 185 CV, INCLUSIVE CAÇAMBA METÁLICA - MATERIAIS NA OPERAÇÃO. AF_06/2014","H","52,16","52,16",null,52.16,52.16,"Sinapi 7061"]
["7063","TRATOR DE PNEUS, POTÊNCIA 122 CV, TRAÇÃO 4X4, PESO COM LASTRO DE 4.510 KG - DEPRECIAÇÃO. AF_06/2014","H","9,81","9,81",null,9.81,9.81,"Sinapi 7063"]
["7064","TRATOR DE PNEUS, POTÊNCIA 122 CV, TRAÇÃO 4X4, PESO COM LASTRO DE 4.510 KG - JUROS. AF_06/2014","H","1,36","1,36",null,1.36,1.36,"Sinapi 7064"]
["7065","TRATOR DE PNEUS, POTÊNCIA 122 CV, TRAÇÃO 4X4, PESO COM LASTRO DE 4.510 KG - MANUTENÇÃO. AF_06/2014","H","10,73","10,73",null,10.73,10.73,"Sinapi 7065"]
["7066","TRATOR DE PNEUS, POTÊNCIA 122 CV, TRAÇÃO 4X4, PESO COM LASTRO DE 4.510 KG - MATERIAIS NA OPERAÇÃO. AF_06/2014","H","110,03","110,03",null,{"$f":"IF(D648=\"\",\"\",D648+0)","v":110.03},{"$f":"IF(E648=\"\",\"\",E648+0)","v":110.03},{"$f":"IF(OR(G648=\"\",H648=\"\"),\"\",CONCATENATE(\"Sinapi \",A648))","v":"Sinapi 7066"}]
["53786","RETROESCAVADEIRA SOBRE RODAS COM CARREGADEIRA, TRAÇÃO 4X4, POTÊNCIA LÍQ. 88 HP, CAÇAMBA CARREG. CAP. MÍN. 1 M3, CAÇAMBA RETRO CAP. 0,26 M3, PESO OPERACIONAL MÍN. 6.674 KG, PROFUNDIDADE ESCAVAÇÃO MÁX. 4,37 M - MATERIAIS NA OPERAÇÃO. AF_06/2014","H","34,16","34,16",null,34.159999999999997,34.159999999999997,"Sinapi 53786"]
["53788","ROLO COMPACTADOR VIBRATÓRIO DE UM CILINDRO AÇO LISO, POTÊNCIA 80 HP, PESO OPERACIONAL MÁXIMO 8,1 T, IMPACTO DINÂMICO 16,15 / 9,5 T, LARGURA DE TRABALHO 1,68 M - MATERIAIS NA OPERAÇÃO. AF_06/2014","H","36,57","36,57",null,36.57,36.57,"Sinapi 53788"]
["53792","CAMINHÃO BASCULANTE 6 M3, PESO BRUTO TOTAL 16.000 KG, CARGA ÚTIL MÁXIMA 13.071 KG, DISTÂNCIA ENTRE EIXOS 4,80 M, POTÊNCIA 230 CV INCLUSIVE CAÇAMBA METÁLICA - MATERIAIS NA OPERAÇÃO. AF_06/2014","H","64,84","64,84",null,64.84,64.84,"Sinapi 53792"]
["53794","USINA DE CONCRETO FIXA, CAPACIDADE NOMINAL DE 90 A 120 M3/H, SEM SILO - MANUTENÇÃO. AF_07/2016","H","35,00","35,00",null,35,35,"Sinapi 53794"]
["53797","CAMINHÃO TOCO, PBT 16.000 KG, CARGA ÚTIL MÁX. 10.685 KG, DIST. ENTRE EIXOS 4,8 M, POTÊNCIA 189 CV, INCLUSIVE CARROCERIA FIXA ABERTA DE MADEIRA P/ TRANSPORTE GERAL DE CARGA SECA, DIMEN. APROX. 2,5 X 7,00 X 0,50 M - MATERIAIS NA OPERAÇÃO. AF_06/2014","H","74,57","74,57",null,74.569999999999993,74.569999999999993,"Sinapi 53797"]
["53804","VASSOURA MECÂNICA REBOCÁVEL COM ESCOVA CILÍNDRICA, LARGURA ÚTIL DE VARRIMENTO DE 2,44 M - MANUTENÇÃO. AF_06/2014","H","2,47","2,47",null,2.4700000000000002,2.4700000000000002,"Sinapi 53804"]
["53806","TRATOR DE ESTEIRAS, POTÊNCIA 170 HP, PESO OPERACIONAL 19 T, CAÇAMBA 5,2 M3 - MANUTENÇÃO. AF_06/2014","H","39,78","39,78",null,39.78,39.78,"Sinapi 53806"]
["53810","TRATOR DE ESTEIRAS, POTÊNCIA 150 HP, PESO OPERACIONAL 16,7 T, COM RODA MOTRIZ ELEVADA E LÂMINA 3,18 M3 - MANUTENÇÃO. AF_06/2014","H","40,03","40,03",null,40.03,40.03,"Sinapi 53810"]
["53814","TRATOR DE ESTEIRAS, POTÊNCIA 347 HP, PESO OPERACIONAL 38,5 T, COM LÂMINA 8,70 M3 - MANUTENÇÃO. AF_06/2014","H","131,12","131,12",null,131.12,131.12,"Sinapi 53814"]
["53817","TRATOR DE ESTEIRAS, POTÊNCIA 100 HP, PESO OPERACIONAL 9,4 T, COM LÂMINA 2,19 M3 - MATERIAIS NA OPERAÇÃO. AF_06/2014","H","39,98","39,98",null,39.979999999999997,39.979999999999997,"Sinapi 53817"]
["53818","ROLO COMPACTADOR VIBRATÓRIO REBOCÁVEL, CILINDRO DE AÇO LISO, POTÊNCIA DE TRAÇÃO DE 65 CV, PESO 4,7 T, IMPACTO DINÂMICO 18,3 T, LARGURA DE TRABALHO 1,67 M - DEPRECIAÇÃO. AF_02/2016","H","4,64","4,64",null,4.6399999999999997,4.6399999999999997,"Sinapi 53818"]
["53827","CAMINHÃO TOCO, PESO BRUTO TOTAL 14.300 KG, CARGA ÚTIL MÁXIMA 9590 KG, DISTÂNCIA ENTRE EIXOS 4,76 M, POTÊNCIA 185 CV (NÃO INCLUI CARROCERIA) - MATERIAIS NA OPERAÇÃO. AF_06/2014","H","72,99","72,99",null,72.989999999999995,72.989999999999995,"Sinapi 53827"]
["53829","CAMINHÃO TOCO, PESO BRUTO TOTAL 16.000 KG, CARGA ÚTIL MÁXIMA DE 10.685 KG, DISTÂNCIA ENTRE EIXOS 4,80 M, POTÊNCIA 189 CV EXCLUSIVE CARROCERIA - MATERIAIS NA OPERAÇÃO. AF_06/2014","H","74,57","74,57",null,74.569999999999993,74.569999999999993,"Sinapi 53829"]
["53831","CAMINHÃO PIPA 10.000 L TRUCADO, PESO BRUTO TOTAL 23.000 KG, CARGA ÚTIL MÁXIMA 15.935 KG, DISTÂNCIA ENTRE EIXOS 4,8 M, POTÊNCIA 230 CV, INCLUSIVE TANQUE DE AÇO PARA TRANSPORTE DE ÁGUA - MATERIAIS NA OPERAÇÃO. AF_06/2014","H","123,17","123,17",null,123.17,123.17,"Sinapi 53831"]
["53840","GRADE DE DISCO REBOCÁVEL COM 20 DISCOS 24\" X 6 MM COM PNEUS PARA TRANSPORTE - DEPRECIAÇÃO. AF_06/2014","H","1,34","1,34",null,1.34,1.34,"Sinapi 53840"]
["53841","GRADE DE DISCO REBOCÁVEL COM 20 DISCOS 24\" X 6 MM COM PNEUS PARA TRANSPORTE - MANUTENÇÃO. AF_06/2014","H","0,93","0,93",null,0.93,0.93,"Sinapi 53841"]
["53849","MOTONIVELADORA POTÊNCIA BÁSICA LÍQUIDA (PRIMEIRA MARCHA) 125 HP, PESO BRUTO 13032 KG, LARGURA DA LÂMINA DE 3,7 M - MATERIAIS NA OPERAÇÃO. AF_06/2014","H","53,58","53,58",null,53.58,53.58,"Sinapi 53849"]
["53857","PÁ CARREGADEIRA SOBRE RODAS, POTÊNCIA LÍQUIDA 128 HP, CAPACIDADE DA CAÇAMBA 1,7 A 2,8 M3, PESO OPERACIONAL 11632 KG - MANUTENÇÃO. AF_06/2014","H","25,66","25,66",null,25.66,25.66,"Sinapi 53857"]
["53858","PÁ CARREGADEIRA SOBRE RODAS, POTÊNCIA LÍQUIDA 128 HP, CAPACIDADE DA CAÇAMBA 1,7 A 2,8 M3, PESO OPERACIONAL 11632 KG - MATERIAIS NA OPERAÇÃO. AF_06/2014","H","51,20","51,20",null,51.2,51.2,"Sinapi 53858"]
["53861","PÁ CARREGADEIRA SOBRE RODAS, POTÊNCIA 197 HP, CAPACIDADE DA CAÇAMBA 2,5 A 3,5 M3, PESO OPERACIONAL 18338 KG - MANUTENÇÃO. AF_06/2014","H","35,58","35,58",null,35.58,35.58,"Sinapi 53861"]
["53863","MARTELETE OU ROMPEDOR PNEUMÁTICO MANUAL, 28 KG, COM SILENCIADOR - MANUTENÇÃO. AF_07/2016","H","1,13","1,13",null,1.1299999999999999,1.1299999999999999,"Sinapi 53863"]
["53865","COMPRESSOR DE AR REBOCÁVEL, VAZÃO 189 PCM, PRESSÃO EFETIVA DE TRABALHO 102 PSI, MOTOR DIESEL, POTÊNCIA 63 CV - MATERIAIS NA OPERAÇÃO. AF_06/2015","H","30,18","30,18",null,30.18,30.18,"Sinapi 53865"]
["53866","BOMBA SUBMERSÍVEL ELÉTRICA TRIFÁSICA, POTÊNCIA 2,96 HP, Ø ROTOR 144 MM SEMI-ABERTO, BOCAL DE SAÍDA Ø 2\u0094, HM/Q = 2 MCA / 38,8 M3/H A 28 MCA / 5 M3/H - MATERIAIS NA OPERAÇÃO. AF_06/2014","H","1,18","1,18",null,1.18,1.18,"Sinapi 53866"]
["53882","CAMINHÃO PIPA 6.000 L, PESO BRUTO TOTAL 13.000 KG, DISTÂNCIA ENTRE EIXOS 4,80 M, POTÊNCIA 189 CV INCLUSIVE TANQUE DE AÇO PARA TRANSPORTE DE ÁGUA, CAPACIDADE 6 M3 - MANUTENÇÃO. AF_06/2014","H","17,77","17,77",null,17.77,17.77,"Sinapi 53882"]
["55263","ROLO COMPACTADOR DE PNEUS ESTÁTICO, PRESSÃO VARIÁVEL, POTÊNCIA 111 HP, PESO SEM/COM LASTRO 9,5 / 26 T, LARGURA DE TRABALHO 1,90 M - MATERIAIS NA OPERAÇÃO. AF_07/2014","H","41,24","41,24",null,41.24,41.24,"Sinapi 55263"]
["73303","GRUPO GERADOR ESTACIONÁRIO, MOTOR DIESEL POTÊNCIA 170 KVA - DEPRECIAÇÃO. AF_02/2016","H","4,17","4,17",null,4.17,4.17,"Sinapi 73303"]
["73307","GRUPO GERADOR ESTACIONÁRIO, MOTOR DIESEL POTÊNCIA 170 KVA - MANUTENÇÃO. AF_02/2016","H","3,73","3,73",null,3.73,3.73,"Sinapi 73307"]
["73309","ROLO COMPACTADOR VIBRATÓRIO PÉ DE CARNEIRO PARA SOLOS, POTÊNCIA 80 HP, PESO OPERACIONAL SEM/COM LASTRO 7,4 / 8,8 T, LARGURA DE TRABALHO 1,68 M - DEPRECIAÇÃO. AF_02/2016","H","15,99","15,99",null,15.99,15.99,"Sinapi 73309"]
["73311","GRUPO GERADOR ESTACIONÁRIO, MOTOR DIESEL POTÊNCIA 170 KVA - MATERIAIS NA OPERAÇÃO. AF_02/2016","H","114,01","114,01",null,114.01,114.01,"Sinapi 73311"]
["73313","ROLO COMPACTADOR VIBRATÓRIO PÉ DE CARNEIRO PARA SOLOS, POTÊNCIA 80 HP, PESO OPERACIONAL SEM/COM LASTRO 7,4 / 8,8 T, LARGURA DE TRABALHO 1,68 M - JUROS. AF_02/2016","H","2,22","2,22",null,2.2200000000000002,2.2200000000000002,"Sinapi 73313"]
["73315","ROLO COMPACTADOR VIBRATÓRIO PÉ DE CARNEIRO PARA SOLOS, POTÊNCIA 80 HP, PESO OPERACIONAL SEM/COM LASTRO 7,4 / 8,8 T, LARGURA DE TRABALHO 1,68 M - MATERIAIS NA OPERAÇÃO. AF_02/2016","H","36,57","36,57",null,36.57,36.57,"Sinapi 73315"]
["73335","CAMINHÃO TOCO, PBT 14.300 KG, CARGA ÚTIL MÁX. 9.710 KG, DIST. ENTRE EIXOS 3,56 M, POTÊNCIA 185 CV, INCLUSIVE CARROCERIA FIXA ABERTA DE MADEIRA P/ TRANSPORTE GERAL DE CARGA SECA, DIMEN. APROX. 2,50 X 6,50 X 0,50 M - MANUTENÇÃO. AF_06/2014","H","17,12","17,12",null,17.12,17.12,"Sinapi 73335"]
["73340","CAMINHÃO TOCO, PBT 14.300 KG, CARGA ÚTIL MÁX. 9.710 KG, DIST. ENTRE EIXOS 3,56 M, POTÊNCIA 185 CV, INCLUSIVE CARROCERIA FIXA ABERTA DE MADEIRA P/ TRANSPORTE GERAL DE CARGA SECA, DIMEN. APROX. 2,50 X 6,50 X 0,50 M - MATERIAIS NA OPERAÇÃO. AF_06/2014","H","52,16","52,16",null,52.16,52.16,"Sinapi 73340"]
["83361","ESPARGIDOR DE ASFALTO PRESSURIZADO, TANQUE 6 M3 COM ISOLAÇÃO TÉRMICA, AQUECIDO COM 2 MAÇARICOS, COM BARRA ESPARGIDORA 3,60 M, MONTADO SOBRE CAMINHÃO  TOCO, PBT 14.300 KG, POTÊNCIA 185 CV - MANUTENÇÃO. AF_08/2015","H","10,50","10,50",null,10.5,10.5,"Sinapi 83361"]
["83761","GRUPO DE SOLDAGEM COM GERADOR A DIESEL 60 CV PARA SOLDA ELÉTRICA, SOBRE 04 RODAS, COM MOTOR 4 CILINDROS 600 A - DEPRECIAÇÃO. AF_02/2016","H","8,91","8,91",null,8.91,8.91,"Sinapi 83761"]
["83762","GRUPO DE SOLDAGEM COM GERADOR A DIESEL 60 CV PARA SOLDA ELÉTRICA, SOBRE 04 RODAS, COM MOTOR 4 CILINDROS 600 A - MANUTENÇÃO. AF_02/2016","H","11,13","11,13",null,11.13,11.13,"Sinapi 83762"]
["83763","GRUPO DE SOLDAGEM COM GERADOR A DIESEL 60 CV PARA SOLDA ELÉTRICA, SOBRE 04 RODAS, COM MOTOR 4 CILINDROS 600 A - MATERIAIS NA OPERAÇÃO. AF_02/2016","H","32,13","32,13",null,32.130000000000003,32.130000000000003,"Sinapi 83763"]
["83764","GRUPO DE SOLDAGEM COM GERADOR A DIESEL 60 CV PARA SOLDA ELÉTRICA, SOBRE 04 RODAS, COM MOTOR 4 CILINDROS 600 A - JUROS. AF_02/2016","H","1,00","1,00",null,1,1,"Sinapi 83764"]
["87026","GRADE DE DISCO REBOCÁVEL COM 20 DISCOS 24\" X 6 MM COM PNEUS PARA TRANSPORTE - JUROS. AF_06/2014","H","0,18","0,18",null,0.18,0.18,"Sinapi 87026"]
["87441","BETONEIRA CAPACIDADE NOMINAL 400 L, CAPACIDADE DE MISTURA 310 L, MOTOR A DIESEL POTÊNCIA 5,0 HP, SEM CARREGADOR - DEPRECIAÇÃO. AF_06/2014","H","0,33","0,33",null,0.33,0.33,"Sinapi 87441"]
["87442","BETONEIRA CAPACIDADE NOMINAL 400 L, CAPACIDADE DE MISTURA 310 L, MOTOR A DIESEL POTÊNCIA 5,0 HP, SEM CARREGADOR - JUROS. AF_06/2014","H","0,04","0,04",null,0.04,0.04,"Sinapi 87442"]
["87443","BETONEIRA CAPACIDADE NOMINAL 400 L, CAPACIDADE DE MISTURA 310 L, MOTOR A DIESEL POTÊNCIA 5,0 HP, SEM CARREGADOR - MANUTENÇÃO. AF_06/2014","H","0,31","0,31",null,0.31,0.31,"Sinapi 87443"]
["87444","BETONEIRA CAPACIDADE NOMINAL 400 L, CAPACIDADE DE MISTURA 310 L, MOTOR A DIESEL POTÊNCIA 5,0 HP, SEM CARREGADOR - MATERIAIS NA OPERAÇÃO. AF_06/2014","H","2,71","2,71",null,2.71,2.71,"Sinapi 87444"]
["88387","MISTURADOR DE ARGAMASSA, EIXO HORIZONTAL, CAPACIDADE DE MISTURA 300 KG, MOTOR ELÉTRICO POTÊNCIA 5 CV - DEPRECIAÇÃO. AF_06/2014","H","0,66","0,66",null,0.66,0.66,"Sinapi 88387"]
["88389","MISTURADOR DE ARGAMASSA, EIXO HORIZONTAL, CAPACIDADE DE MISTURA 300 KG, MOTOR ELÉTRICO POTÊNCIA 5 CV - JUROS. AF_06/2014","H","0,07","0,07",null,7.0000000000000007E-2,7.0000000000000007E-2,"Sinapi 88389"]
["88390","MISTURADOR DE ARGAMASSA, EIXO HORIZONTAL, CAPACIDADE DE MISTURA 300 KG, MOTOR ELÉTRICO POTÊNCIA 5 CV - MANUTENÇÃO. AF_06/2014","H","0,82","0,82",null,0.82,0.82,"Sinapi 88390"]
["88391","MISTURADOR DE ARGAMASSA, EIXO HORIZONTAL, CAPACIDADE DE MISTURA 300 KG, MOTOR ELÉTRICO POTÊNCIA 5 CV - MATERIAIS NA OPERAÇÃO. AF_06/2014","H","1,94","1,94",null,1.94,1.94,"Sinapi 88391"]
["88394","MISTURADOR DE ARGAMASSA, EIXO HORIZONTAL, CAPACIDADE DE MISTURA 600 KG, MOTOR ELÉTRICO POTÊNCIA 7,5 CV - DEPRECIAÇÃO. AF_06/2014","H","0,78","0,78",null,0.78,0.78,"Sinapi 88394"]
["88395","MISTURADOR DE ARGAMASSA, EIXO HORIZONTAL, CAPACIDADE DE MISTURA 600 KG, MOTOR ELÉTRICO POTÊNCIA 7,5 CV - JUROS. AF_06/2014","H","0,09","0,09",null,0.09,0.09,"Sinapi 88395"]
["88396","MISTURADOR DE ARGAMASSA, EIXO HORIZONTAL, CAPACIDADE DE MISTURA 600 KG, MOTOR ELÉTRICO POTÊNCIA 7,5 CV - MANUTENÇÃO. AF_06/2014","H","0,98","0,98",null,0.98,0.98,"Sinapi 88396"]
["88397","MISTURADOR DE ARGAMASSA, EIXO HORIZONTAL, CAPACIDADE DE MISTURA 600 KG, MOTOR ELÉTRICO POTÊNCIA 7,5 CV - MATERIAIS NA OPERAÇÃO. AF_06/2014","H","2,90","2,90",null,2.9,2.9,"Sinapi 88397"]
["88400","MISTURADOR DE ARGAMASSA, EIXO HORIZONTAL, CAPACIDADE DE MISTURA 160 KG, MOTOR ELÉTRICO POTÊNCIA 3 CV - DEPRECIAÇÃO. AF_06/2014","H","0,62","0,62",null,0.62,0.62,"Sinapi 88400"]
["88401","MISTURADOR DE ARGAMASSA, EIXO HORIZONTAL, CAPACIDADE DE MISTURA 160 KG, MOTOR ELÉTRICO POTÊNCIA 3 CV - JUROS. AF_06/2014","H","0,07","0,07",null,7.0000000000000007E-2,7.0000000000000007E-2,"Sinapi 88401"]
["88402","MISTURADOR DE ARGAMASSA, EIXO HORIZONTAL, CAPACIDADE DE MISTURA 160 KG, MOTOR ELÉTRICO POTÊNCIA 3 CV - MANUTENÇÃO. AF_06/2014","H","0,78","0,78",null,0.78,0.78,"Sinapi 88402"]
["88403","MISTURADOR DE ARGAMASSA, EIXO HORIZONTAL, CAPACIDADE DE MISTURA 160 KG, MOTOR ELÉTRICO POTÊNCIA 3 CV - MATERIAIS NA OPERAÇÃO. AF_06/2014","H","1,16","1,16",null,1.1599999999999999,1.1599999999999999,"Sinapi 88403"]
["88419","PROJETOR DE ARGAMASSA, CAPACIDADE DE PROJEÇÃO 1,5 M3/H, ALCANCE DE 30 ATÉ 60 M, MOTOR ELÉTRICO POTÊNCIA 7,5 HP - DEPRECIAÇÃO. AF_06/2014","H","4,06","4,06",null,4.0599999999999996,4.0599999999999996,"Sinapi 88419"]
["88422","PROJETOR DE ARGAMASSA, CAPACIDADE DE PROJEÇÃO 1,5 M3/H, ALCANCE DE 30 ATÉ 60 M, MOTOR ELÉTRICO POTÊNCIA 7,5 HP - JUROS. AF_06/2014","H","0,48","0,48",null,0.48,0.48,"Sinapi 88422"]
["88425","PROJETOR DE ARGAMASSA, CAPACIDADE DE PROJEÇÃO 1,5 M3/H, ALCANCE DE 30 ATÉ 60 M, MOTOR ELÉTRICO POTÊNCIA 7,5 HP - MANUTENÇÃO. AF_06/2014","H","4,44","4,44",null,4.4400000000000004,4.4400000000000004,"Sinapi 88425"]
["88427","PROJETOR DE ARGAMASSA, CAPACIDADE DE PROJEÇÃO 1,5 M3/H, ALCANCE DE 30 ATÉ 60 M, MOTOR ELÉTRICO POTÊNCIA 7,5 HP - MATERIAIS NA OPERAÇÃO. AF_06/2014","H","2,95","2,95",null,2.95,2.95,"Sinapi 88427"]
["88434","PROJETOR DE ARGAMASSA, CAPACIDADE DE PROJEÇÃO 2 M3/H, ALCANCE ATÉ 50 M, MOTOR ELÉTRICO POTÊNCIA 7,5 HP - DEPRECIAÇÃO. AF_06/2014","H","5,38","5,38",null,5.38,5.38,"Sinapi 88434"]
["88435","PROJETOR DE ARGAMASSA, CAPACIDADE DE PROJEÇÃO 2 M3/H, ALCANCE ATÉ 50 M, MOTOR ELÉTRICO POTÊNCIA 7,5 HP - JUROS. AF_06/2014","H","0,63","0,63",null,0.63,0.63,"Sinapi 88435"]
["88436","PROJETOR DE ARGAMASSA, CAPACIDADE DE PROJEÇÃO 2 M3/H, ALCANCE ATÉ 50 M, MOTOR ELÉTRICO POTÊNCIA 7,5 HP - MANUTENÇÃO. AF_06/2014","H","5,88","5,88",null,5.88,5.88,"Sinapi 88436"]
["88437","PROJETOR DE ARGAMASSA, CAPACIDADE DE PROJEÇÃO 2 M3/H, ALCANCE ATÉ 50 M, MOTOR ELÉTRICO POTÊNCIA 7,5 HP - MATERIAIS NA OPERAÇÃO. AF_06/2014","H","2,95","2,95",null,2.95,2.95,"Sinapi 88437"]
["88569","ESPARGIDOR DE ASFALTO PRESSURIZADO COM TANQUE DE 2500 L, REBOCÁVEL COM MOTOR A GASOLINA POTÊNCIA 3,4 HP - DEPRECIAÇÃO. AF_07/2014","H","2,46","2,46",null,{"$f":"IF(D712=\"\",\"\",D712+0)","v":2.46},{"$f":"IF(E712=\"\",\"\",E712+0)","v":2.46},{"$f":"IF(OR(G712=\"\",H712=\"\"),\"\",CONCATENATE(\"Sinapi \",A712))","v":"Sinapi 88569"}]
["88570","ESPARGIDOR DE ASFALTO PRESSURIZADO COM TANQUE DE 2500 L, REBOCÁVEL COM MOTOR A GASOLINA POTÊNCIA 3,4 HP - JUROS. AF_07/2014","H","0,53","0,53",null,0.53,0.53,"Sinapi 88570"]
["88826","BETONEIRA CAPACIDADE NOMINAL DE 400 L, CAPACIDADE DE MISTURA 280 L, MOTOR ELÉTRICO TRIFÁSICO POTÊNCIA DE 2 CV, SEM CARREGADOR - DEPRECIAÇÃO. AF_10/2014","H","0,24","0,24",null,0.24,0.24,"Sinapi 88826"]
["88827","BETONEIRA CAPACIDADE NOMINAL DE 400 L, CAPACIDADE DE MISTURA 280 L, MOTOR ELÉTRICO TRIFÁSICO POTÊNCIA DE 2 CV, SEM CARREGADOR - JUROS. AF_10/2014","H","0,02","0,02",null,0.02,0.02,"Sinapi 88827"]
["88828","BETONEIRA CAPACIDADE NOMINAL DE 400 L, CAPACIDADE DE MISTURA 280 L, MOTOR ELÉTRICO TRIFÁSICO POTÊNCIA DE 2 CV, SEM CARREGADOR - MANUTENÇÃO. AF_10/2014","H","0,23","0,23",null,0.23,0.23,"Sinapi 88828"]
["88829","BETONEIRA CAPACIDADE NOMINAL DE 400 L, CAPACIDADE DE MISTURA 280 L, MOTOR ELÉTRICO TRIFÁSICO POTÊNCIA DE 2 CV, SEM CARREGADOR - MATERIAIS NA OPERAÇÃO. AF_10/2014","H","0,77","0,77",null,0.77,0.77,"Sinapi 88829"]
["88832","ESCAVADEIRA HIDRÁULICA SOBRE ESTEIRAS, CAÇAMBA 0,80 M3, PESO OPERACIONAL 17,8 T, POTÊNCIA LÍQUIDA 110 HP - DEPRECIAÇÃO. AF_10/2014","H","22,10","22,10",null,22.1,22.1,"Sinapi 88832"]
["88834","ESCAVADEIRA HIDRÁULICA SOBRE ESTEIRAS, CAÇAMBA 0,80 M3, PESO OPERACIONAL 17,8 T, POTÊNCIA LÍQUIDA 110 HP - JUROS. AF_10/2014","H","2,99","2,99",null,2.99,2.99,"Sinapi 88834"]
["88835","ESCAVADEIRA HIDRÁULICA SOBRE ESTEIRAS, CAÇAMBA 0,80 M3, PESO OPERACIONAL 17,8 T, POTÊNCIA LÍQUIDA 110 HP - MANUTENÇÃO. AF_10/2014","H","27,62","27,62",null,27.62,27.62,"Sinapi 88835"]
["88836","ESCAVADEIRA HIDRÁULICA SOBRE ESTEIRAS, CAÇAMBA 0,80 M3, PESO OPERACIONAL 17,8 T, POTÊNCIA LÍQUIDA 110 HP - MATERIAIS NA OPERAÇÃO. AF_10/2014","H","40,86","40,86",null,40.86,40.86,"Sinapi 88836"]
["88839","TRATOR DE ESTEIRAS, POTÊNCIA 125 HP, PESO OPERACIONAL 12,9 T, COM LÂMINA 2,7 M3 - DEPRECIAÇÃO. AF_10/2014","H","18,07","18,07",null,18.07,18.07,"Sinapi 88839"]
["88840","TRATOR DE ESTEIRAS, POTÊNCIA 125 HP, PESO OPERACIONAL 12,9 T, COM LÂMINA 2,7 M3 - JUROS. AF_10/2014","H","4,06","4,06",null,4.0599999999999996,4.0599999999999996,"Sinapi 88840"]
["88841","TRATOR DE ESTEIRAS, POTÊNCIA 125 HP, PESO OPERACIONAL 12,9 T, COM LÂMINA 2,7 M3 - MANUTENÇÃO. AF_10/2014","H","32,31","32,31",null,32.31,32.31,"Sinapi 88841"]
["88842","TRATOR DE ESTEIRAS, POTÊNCIA 125 HP, PESO OPERACIONAL 12,9 T, COM LÂMINA 2,7 M3 - MATERIAIS NA OPERAÇÃO. AF_10/2014","H","50,01","50,01",null,50.01,50.01,"Sinapi 88842"]
["88847","USINA DE LAMA ASFÁLTICA, PROD 30 A 50 T/H, SILO DE AGREGADO 7 M3, RESERVATÓRIOS PARA EMULSÃO E ÁGUA DE 2,3 M3 CADA, MISTURADOR TIPO PUG MILL A SER MONTADO SOBRE CAMINHÃO - DEPRECIAÇÃO. AF_10/2014","H","14,55","14,55",null,14.55,14.55,"Sinapi 88847"]
["88848","USINA DE LAMA ASFÁLTICA, PROD 30 A 50 T/H, SILO DE AGREGADO 7 M3, RESERVATÓRIOS PARA EMULSÃO E ÁGUA DE 2,3 M3 CADA, MISTURADOR TIPO PUG MILL A SER MONTADO SOBRE CAMINHÃO - JUROS. AF_10/2014","H","3,05","3,05",null,3.05,3.05,"Sinapi 88848"]
["88853","MOTOBOMBA CENTRÍFUGA, MOTOR A GASOLINA, POTÊNCIA 5,42 HP, BOCAIS 1 1/2\" X 1\", DIÂMETRO ROTOR 143 MM HM/Q = 6 MCA / 16,8 M3/H A 38 MCA / 6,6 M3/H - DEPRECIAÇÃO. AF_06/2014","H","0,15","0,15",null,0.15,0.15,"Sinapi 88853"]
["88854","MOTOBOMBA CENTRÍFUGA, MOTOR A GASOLINA, POTÊNCIA 5,42 HP, BOCAIS 1 1/2\" X 1\", DIÂMETRO ROTOR 143 MM HM/Q = 6 MCA / 16,8 M3/H A 38 MCA / 6,6 M3/H - JUROS. AF_06/2014","H","0,01","0,01",null,0.01,0.01,"Sinapi 88854"]
["88855","GRADE DE DISCO CONTROLE REMOTO REBOCÁVEL, COM 24 DISCOS 24\u0094 X 6 MM COM PNEUS PARA TRANSPORTE - DEPRECIAÇÃO. AF_06/2014","H","1,71","1,71",null,1.71,1.71,"Sinapi 88855"]
["88856","GRADE DE DISCO CONTROLE REMOTO REBOCÁVEL, COM 24 DISCOS 24\u0094 X 6 MM COM PNEUS PARA TRANSPORTE - JUROS. AF_06/2014","H","0,24","0,24",null,0.24,0.24,"Sinapi 88856"]
["88857","RETROESCAVADEIRA SOBRE RODAS COM CARREGADEIRA, TRAÇÃO 4X4, POTÊNCIA LÍQ. 88 HP, CAÇAMBA CARREG. CAP. MÍN. 1 M3, CAÇAMBA RETRO CAP. 0,26 M3, PESO OPERACIONAL MÍN. 6.674 KG, PROFUNDIDADE ESCAVAÇÃO MÁX. 4,37 M - DEPRECIAÇÃO. AF_06/2014","H","13,64","13,64",null,13.64,13.64,"Sinapi 88857"]
["88858","RETROESCAVADEIRA SOBRE RODAS COM CARREGADEIRA, TRAÇÃO 4X4, POTÊNCIA LÍQ. 88 HP, CAÇAMBA CARREG. CAP. MÍN. 1 M3, CAÇAMBA RETRO CAP. 0,26 M3, PESO OPERACIONAL MÍN. 6.674 KG, PROFUNDIDADE ESCAVAÇÃO MÁX. 4,37 M - JUROS. AF_06/2014","H","1,85","1,85",null,1.85,1.85,"Sinapi 88858"]
["88859","RETROESCAVADEIRA SOBRE RODAS COM CARREGADEIRA, TRAÇÃO 4X2, POTÊNCIA LÍQ. 79 HP, CAÇAMBA CARREG. CAP. MÍN. 1 M3, CAÇAMBA RETRO CAP. 0,20 M3, PESO OPERACIONAL MÍN. 6.570 KG, PROFUNDIDADE ESCAVAÇÃO MÁX. 4,37 M - DEPRECIAÇÃO. AF_06/2014","H","12,13","12,13",null,12.13,12.13,"Sinapi 88859"]
["88860","RETROESCAVADEIRA SOBRE RODAS COM CARREGADEIRA, TRAÇÃO 4X2, POTÊNCIA LÍQ. 79 HP, CAÇAMBA CARREG. CAP. MÍN. 1 M3, CAÇAMBA RETRO CAP. 0,20 M3, PESO OPERACIONAL MÍN. 6.570 KG, PROFUNDIDADE ESCAVAÇÃO MÁX. 4,37 M - JUROS. AF_06/2014","H","1,64","1,64",null,1.64,1.64,"Sinapi 88860"]
["88900","ESCAVADEIRA HIDRÁULICA SOBRE ESTEIRAS, CAÇAMBA 1,20 M3, PESO OPERACIONAL 21 T, POTÊNCIA BRUTA 155 HP - DEPRECIAÇÃO. AF_06/2014","H","25,76","25,76",null,25.76,25.76,"Sinapi 88900"]
["88902","ESCAVADEIRA HIDRÁULICA SOBRE ESTEIRAS, CAÇAMBA 1,20 M3, PESO OPERACIONAL 21 T, POTÊNCIA BRUTA 155 HP - JUROS. AF_06/2014","H","3,49","3,49",null,3.49,3.49,"Sinapi 88902"]
["88903","ESCAVADEIRA HIDRÁULICA SOBRE ESTEIRAS, CAÇAMBA 1,20 M3, PESO OPERACIONAL 21 T, POTÊNCIA BRUTA 155 HP - MANUTENÇÃO. AF_06/2014","H","32,21","32,21",null,32.21,32.21,"Sinapi 88903"]
["88904","ESCAVADEIRA HIDRÁULICA SOBRE ESTEIRAS, CAÇAMBA 1,20 M3, PESO OPERACIONAL 21 T, POTÊNCIA BRUTA 155 HP - MATERIAIS NA OPERAÇÃO. AF_06/2014","H","57,56","57,56",null,57.56,57.56,"Sinapi 88904"]
["89009","TRATOR DE ESTEIRAS, POTÊNCIA 150 HP, PESO OPERACIONAL 16,7 T, COM RODA MOTRIZ ELEVADA E LÂMINA 3,18 M3 - DEPRECIAÇÃO. AF_06/2014","H","22,39","22,39",null,22.39,22.39,"Sinapi 89009"]
["89010","TRATOR DE ESTEIRAS, POTÊNCIA 150 HP, PESO OPERACIONAL 16,7 T, COM RODA MOTRIZ ELEVADA E LÂMINA 3,18 M3 - JUROS. AF_06/2014","H","5,04","5,04",null,5.04,5.04,"Sinapi 89010"]
["89011","RETROESCAVADEIRA SOBRE RODAS COM CARREGADEIRA, TRAÇÃO 4X4, POTÊNCIA LÍQ. 72 HP, CAÇAMBA CARREG. CAP. MÍN. 0,79 M3, CAÇAMBA RETRO CAP. 0,18 M3, PESO OPERACIONAL MÍN. 7.140 KG, PROFUNDIDADE ESCAVAÇÃO MÁX. 4,50 M - DEPRECIAÇÃO. AF_06/2014","H","13,16","13,16",null,13.16,13.16,"Sinapi 89011"]
["89012","RETROESCAVADEIRA SOBRE RODAS COM CARREGADEIRA, TRAÇÃO 4X4, POTÊNCIA LÍQ. 72 HP, CAÇAMBA CARREG. CAP. MÍN. 0,79 M3, CAÇAMBA RETRO CAP. 0,18 M3, PESO OPERACIONAL MÍN. 7.140 KG, PROFUNDIDADE ESCAVAÇÃO MÁX. 4,50 M - JUROS. AF_06/2014","H","1,78","1,78",null,1.78,1.78,"Sinapi 89012"]
["89013","TRATOR DE ESTEIRAS, POTÊNCIA 347 HP, PESO OPERACIONAL 38,5 T, COM LÂMINA 8,70 M3 - DEPRECIAÇÃO. AF_06/2014","H","73,34","73,34",null,73.34,73.34,"Sinapi 89013"]
["89014","TRATOR DE ESTEIRAS, POTÊNCIA 347 HP, PESO OPERACIONAL 38,5 T, COM LÂMINA 8,70 M3 - JUROS. AF_06/2014","H","16,50","16,50",null,16.5,16.5,"Sinapi 89014"]
["89015","VASSOURA MECÂNICA REBOCÁVEL COM ESCOVA CILÍNDRICA, LARGURA ÚTIL DE VARRIMENTO DE 2,44 M - DEPRECIAÇÃO. AF_06/2014","H","1,98","1,98",null,1.98,1.98,"Sinapi 89015"]
["89016","VASSOURA MECÂNICA REBOCÁVEL COM ESCOVA CILÍNDRICA, LARGURA ÚTIL DE VARRIMENTO DE 2,44 M - JUROS. AF_06/2014","H","0,26","0,26",null,0.26,0.26,"Sinapi 89016"]
["89017","TRATOR DE ESTEIRAS, POTÊNCIA 170 HP, PESO OPERACIONAL 19 T, CAÇAMBA 5,2 M3 - DEPRECIAÇÃO. AF_06/2014","H","22,25","22,25",null,22.25,22.25,"Sinapi 89017"]
["89018","TRATOR DE ESTEIRAS, POTÊNCIA 170 HP, PESO OPERACIONAL 19 T, CAÇAMBA 5,2 M3 - JUROS. AF_06/2014","H","5,00","5,00",null,5,5,"Sinapi 89018"]
["89019","BOMBA SUBMERSÍVEL ELÉTRICA TRIFÁSICA, POTÊNCIA 2,96 HP, Ø ROTOR 144 MM SEMI-ABERTO, BOCAL DE SAÍDA Ø 2\u0094, HM/Q = 2 MCA / 38,8 M3/H A 28 MCA / 5 M3/H - DEPRECIAÇÃO. AF_06/2014","H","0,27","0,27",null,0.27,0.27,"Sinapi 89019"]
["89020","BOMBA SUBMERSÍVEL ELÉTRICA TRIFÁSICA, POTÊNCIA 2,96 HP, Ø ROTOR 144 MM SEMI-ABERTO, BOCAL DE SAÍDA Ø 2\u0094, HM/Q = 2 MCA / 38,8 M3/H A 28 MCA / 5 M3/H - JUROS. AF_06/2014","H","0,03","0,03",null,0.03,0.03,"Sinapi 89020"]
["89023","TANQUE DE ASFALTO ESTACIONÁRIO COM MAÇARICO, CAPACIDADE 20.000 L - DEPRECIAÇÃO. AF_06/2014","H","2,28","2,28",null,2.2799999999999998,2.2799999999999998,"Sinapi 89023"]
["89024","TANQUE DE ASFALTO ESTACIONÁRIO COM MAÇARICO, CAPACIDADE 20.000 L - JUROS. AF_06/2014","H","0,38","0,38",null,0.38,0.38,"Sinapi 89024"]
["89025","TANQUE DE ASFALTO ESTACIONÁRIO COM MAÇARICO, CAPACIDADE 20.000 L - MANUTENÇÃO. AF_06/2014","H","4,29","4,29",null,4.29,4.29,"Sinapi 89025"]
["89026","TANQUE DE ASFALTO ESTACIONÁRIO COM MAÇARICO, CAPACIDADE 20.000 L - MATERIAIS NA OPERAÇÃO. AF_06/2014","H","127,46","127,46",null,127.46,127.46,"Sinapi 89026"]
["89029","TRATOR DE ESTEIRAS, POTÊNCIA 100 HP, PESO OPERACIONAL 9,4 T, COM LÂMINA 2,19 M3 - DEPRECIAÇÃO. AF_06/2014","H","17,27","17,27",null,17.27,17.27,"Sinapi 89029"]
["89030","TRATOR DE ESTEIRAS, POTÊNCIA 100 HP, PESO OPERACIONAL 9,4 T, COM LÂMINA 2,19 M3 - JUROS. AF_06/2014","H","3,88","3,88",null,3.88,3.88,"Sinapi 89030"]
["89033","TRATOR DE PNEUS, POTÊNCIA 85 CV, TRAÇÃO 4X4, PESO COM LASTRO DE 4.675 KG - DEPRECIAÇÃO. AF_06/2014","H","7,19","7,19",null,7.19,7.19,"Sinapi 89033"]
["89034","TRATOR DE PNEUS, POTÊNCIA 85 CV, TRAÇÃO 4X4, PESO COM LASTRO DE 4.675 KG - JUROS. AF_06/2014","H","0,99","0,99",null,0.99,0.99,"Sinapi 89034"]
["89128","PÁ CARREGADEIRA SOBRE RODAS, POTÊNCIA LÍQUIDA 128 HP, CAPACIDADE DA CAÇAMBA 1,7 A 2,8 M3, PESO OPERACIONAL 11632 KG - DEPRECIAÇÃO. AF_06/2014","H","20,53","20,53",null,20.53,20.53,"Sinapi 89128"]
["89129","PÁ CARREGADEIRA SOBRE RODAS, POTÊNCIA LÍQUIDA 128 HP, CAPACIDADE DA CAÇAMBA 1,7 A 2,8 M3, PESO OPERACIONAL 11632 KG - JUROS. AF_06/2014","H","2,78","2,78",null,2.78,2.78,"Sinapi 89129"]
["89130","PÁ CARREGADEIRA SOBRE RODAS, POTÊNCIA 197 HP, CAPACIDADE DA CAÇAMBA 2,5 A 3,5 M3, PESO OPERACIONAL 18338 KG - DEPRECIAÇÃO. AF_06/2014","H","28,46","28,46",null,28.46,28.46,"Sinapi 89130"]
["89131","PÁ CARREGADEIRA SOBRE RODAS, POTÊNCIA 197 HP, CAPACIDADE DA CAÇAMBA 2,5 A 3,5 M3, PESO OPERACIONAL 18338 KG - JUROS. AF_06/2014","H","3,86","3,86",null,3.86,3.86,"Sinapi 89131"]
["89210","ROLO COMPACTADOR VIBRATÓRIO DE UM CILINDRO AÇO LISO, POTÊNCIA 80 HP, PESO OPERACIONAL MÁXIMO 8,1 T, IMPACTO DINÂMICO 16,15 / 9,5 T, LARGURA DE TRABALHO 1,68 M - DEPRECIAÇÃO. AF_06/2014","H","15,38","15,38",null,15.38,15.38,"Sinapi 89210"]
["89211","ROLO COMPACTADOR VIBRATÓRIO DE UM CILINDRO AÇO LISO, POTÊNCIA 80 HP, PESO OPERACIONAL MÁXIMO 8,1 T, IMPACTO DINÂMICO 16,15 / 9,5 T, LARGURA DE TRABALHO 1,68 M - JUROS. AF_06/2014","H","2,13","2,13",null,2.13,2.13,"Sinapi 89211"]
["89212","BATE-ESTACAS POR GRAVIDADE, POTÊNCIA DE 160 HP, PESO DO MARTELO ATÉ 3 TONELADAS - DEPRECIAÇÃO. AF_11/2014","H","15,18","15,18",null,15.18,15.18,"Sinapi 89212"]
["89213","BATE-ESTACAS POR GRAVIDADE, POTÊNCIA DE 160 HP, PESO DO MARTELO ATÉ 3 TONELADAS - JUROS. AF_11/2014","H","2,39","2,39",null,2.39,2.39,"Sinapi 89213"]
["89214","BATE-ESTACAS POR GRAVIDADE, POTÊNCIA DE 160 HP, PESO DO MARTELO ATÉ 3 TONELADAS - MANUTENÇÃO. AF_11/2014","H","14,25","14,25",null,14.25,14.25,"Sinapi 89214"]
["89215","BATE-ESTACAS POR GRAVIDADE, POTÊNCIA DE 160 HP, PESO DO MARTELO ATÉ 3 TONELADAS - MATERIAIS NA OPERAÇÃO. AF_11/2014","H","59,44","59,44",null,59.44,59.44,"Sinapi 89215"]
["89221","BETONEIRA CAPACIDADE NOMINAL DE 600 L, CAPACIDADE DE MISTURA 360 L, MOTOR ELÉTRICO TRIFÁSICO POTÊNCIA DE 4 CV, SEM CARREGADOR - DEPRECIAÇÃO. AF_11/2014","H","1,01","1,01",null,1.01,1.01,"Sinapi 89221"]
["89222","BETONEIRA CAPACIDADE NOMINAL DE 600 L, CAPACIDADE DE MISTURA 360 L, MOTOR ELÉTRICO TRIFÁSICO POTÊNCIA DE 4 CV, SEM CARREGADOR - JUROS. AF_11/2014","H","0,12","0,12",null,0.12,0.12,"Sinapi 89222"]
["89223","BETONEIRA CAPACIDADE NOMINAL DE 600 L, CAPACIDADE DE MISTURA 360 L, MOTOR ELÉTRICO TRIFÁSICO POTÊNCIA DE 4 CV, SEM CARREGADOR - MANUTENÇÃO. AF_11/2014","H","0,94","0,94",null,0.94,0.94,"Sinapi 89223"]
["89224","BETONEIRA CAPACIDADE NOMINAL DE 600 L, CAPACIDADE DE MISTURA 360 L, MOTOR ELÉTRICO TRIFÁSICO POTÊNCIA DE 4 CV, SEM CARREGADOR - MATERIAIS NA OPERAÇÃO. AF_11/2014","H","1,55","1,55",null,1.55,1.55,"Sinapi 89224"]
["89228","MOTONIVELADORA POTÊNCIA BÁSICA LÍQUIDA (PRIMEIRA MARCHA) 125 HP, PESO BRUTO 13032 KG, LARGURA DA LÂMINA DE 3,7 M - DEPRECIAÇÃO. AF_06/2014","H","21,88","21,88",null,21.88,21.88,"Sinapi 89228"]
["89229","MOTONIVELADORA POTÊNCIA BÁSICA LÍQUIDA (PRIMEIRA MARCHA) 125 HP, PESO BRUTO 13032 KG, LARGURA DA LÂMINA DE 3,7 M - JUROS. AF_06/2014","H","3,93","3,93",null,3.93,3.93,"Sinapi 89229"]
["89230","FRESADORA DE ASFALTO A FRIO SOBRE RODAS, LARGURA FRESAGEM DE 1,0 M, POTÊNCIA 208 HP - DEPRECIAÇÃO. AF_11/2014","H","90,55","90,55",null,{"$f":"IF(D776=\"\",\"\",D776+0)","v":90.55},{"$f":"IF(E776=\"\",\"\",E776+0)","v":90.55},{"$f":"IF(OR(G776=\"\",H776=\"\"),\"\",CONCATENATE(\"Sinapi \",A776))","v":"Sinapi 89230"}]
["89231","FRESADORA DE ASFALTO A FRIO SOBRE RODAS, LARGURA FRESAGEM DE 1,0 M, POTÊNCIA 208 HP - JUROS. AF_11/2014","H","14,34","14,34",null,14.34,14.34,"Sinapi 89231"]
["89232","FRESADORA DE ASFALTO A FRIO SOBRE RODAS, LARGURA FRESAGEM DE 1,0 M, POTÊNCIA 208 HP - MANUTENÇÃO. AF_11/2014","H","161,52","161,52",null,161.52000000000001,161.52000000000001,"Sinapi 89232"]
["89233","FRESADORA DE ASFALTO A FRIO SOBRE RODAS, LARGURA FRESAGEM DE 1,0 M, POTÊNCIA 208 HP - MATERIAIS NA OPERAÇÃO. AF_11/2014","H","106,97","106,97",null,106.97,106.97,"Sinapi 89233"]
["89236","FRESADORA DE ASFALTO A FRIO SOBRE RODAS, LARGURA FRESAGEM DE 2,0 M, POTÊNCIA 550 HP - DEPRECIAÇÃO. AF_11/2014","H","211,54","211,54",null,211.54,211.54,"Sinapi 89236"]
["89237","FRESADORA DE ASFALTO A FRIO SOBRE RODAS, LARGURA FRESAGEM DE 2,0 M, POTÊNCIA 550 HP - JUROS. AF_11/2014","H","33,52","33,52",null,33.520000000000003,33.520000000000003,"Sinapi 89237"]
["89238","FRESADORA DE ASFALTO A FRIO SOBRE RODAS, LARGURA FRESAGEM DE 2,0 M, POTÊNCIA 550 HP - MANUTENÇÃO. AF_11/2014","H","377,32","377,32",null,377.32,377.32,"Sinapi 89238"]
["89239","FRESADORA DE ASFALTO A FRIO SOBRE RODAS, LARGURA FRESAGEM DE 2,0 M, POTÊNCIA 550 HP - MATERIAIS NA OPERAÇÃO. AF_11/2014","H","282,88","282,88",null,282.88,282.88,"Sinapi 89239"]
["89240","VIBROACABADORA DE ASFALTO SOBRE ESTEIRAS, LARGURA DE PAVIMENTAÇÃO 1,90 M A 5,30 M, POTÊNCIA 105 HP CAPACIDADE 450 T/H - DEPRECIAÇÃO. AF_11/2014","H","64,92","64,92",null,64.92,64.92,"Sinapi 89240"]
["89241","VIBROACABADORA DE ASFALTO SOBRE ESTEIRAS, LARGURA DE PAVIMENTAÇÃO 1,90 M A 5,30 M, POTÊNCIA 105 HP CAPACIDADE 450 T/H - JUROS. AF_11/2014","H","11,68","11,68",null,11.68,11.68,"Sinapi 89241"]
["89246","RECICLADORA DE ASFALTO A FRIO SOBRE RODAS, LARGURA FRESAGEM DE 2,0 M, POTÊNCIA 422 HP - DEPRECIAÇÃO. AF_11/2014","H","183,81","183,81",null,183.81,183.81,"Sinapi 89246"]
["89247","RECICLADORA DE ASFALTO A FRIO SOBRE RODAS, LARGURA FRESAGEM DE 2,0 M, POTÊNCIA 422 HP - JUROS. AF_11/2014","H","29,12","29,12",null,29.12,29.12,"Sinapi 89247"]
["89248","RECICLADORA DE ASFALTO A FRIO SOBRE RODAS, LARGURA FRESAGEM DE 2,0 M, POTÊNCIA 422 HP - MANUTENÇÃO. AF_11/2014","H","327,87","327,87",null,327.87,327.87,"Sinapi 89248"]
["89249","RECICLADORA DE ASFALTO A FRIO SOBRE RODAS, LARGURA FRESAGEM DE 2,0 M, POTÊNCIA 422 HP - MATERIAIS NA OPERAÇÃO. AF_11/2014","H","241,13","241,13",null,241.13,241.13,"Sinapi 89249"]
["89253","VIBROACABADORA DE ASFALTO SOBRE ESTEIRAS, LARGURA DE PAVIMENTAÇÃO 2,13 M A 4,55 M, POTÊNCIA 100 HP, CAPACIDADE 400 T/H - DEPRECIAÇÃO. AF_11/2014","H","53,20","53,20",null,53.2,53.2,"Sinapi 89253"]
["89254","VIBROACABADORA DE ASFALTO SOBRE ESTEIRAS, LARGURA DE PAVIMENTAÇÃO 2,13 M A 4,55 M, POTÊNCIA 100 HP, CAPACIDADE 400 T/H - JUROS. AF_11/2014","H","9,57","9,57",null,9.57,9.57,"Sinapi 89254"]
["89255","VIBROACABADORA DE ASFALTO SOBRE ESTEIRAS, LARGURA DE PAVIMENTAÇÃO 2,13 M A 4,55 M, POTÊNCIA 100 HP, CAPACIDADE 400 T/H - MANUTENÇÃO. AF_11/2014","H","85,52","85,52",null,85.52,85.52,"Sinapi 89255"]
["89256","VIBROACABADORA DE ASFALTO SOBRE ESTEIRAS, LARGURA DE PAVIMENTAÇÃO 2,13 M A 4,55 M, POTÊNCIA 100 HP, CAPACIDADE 400 T/H - MATERIAIS NA OPERAÇÃO. AF_11/2014","H","54,27","54,27",null,54.27,54.27,"Sinapi 89256"]
["89259","GUINDAUTO HIDRÁULICO, CAPACIDADE MÁXIMA DE CARGA 6200 KG, MOMENTO MÁXIMO DE CARGA 11,7 TM, ALCANCE MÁXIMO HORIZONTAL 9,70 M, INCLUSIVE CAMINHÃO TOCO PBT 16.000 KG, POTÊNCIA DE 189 CV - DEPRECIAÇÃO. AF_06/2014","H","9,64","9,64",null,9.64,9.64,"Sinapi 89259"]
["89260","GUINDAUTO HIDRÁULICO, CAPACIDADE MÁXIMA DE CARGA 6200 KG, MOMENTO MÁXIMO DE CARGA 11,7 TM, ALCANCE MÁXIMO HORIZONTAL 9,70 M, INCLUSIVE CAMINHÃO TOCO PBT 16.000 KG, POTÊNCIA DE 189 CV - JUROS. AF_06/2014","H","2,01","2,01",null,2.0099999999999998,2.0099999999999998,"Sinapi 89260"]
["89262","GUINDAUTO HIDRÁULICO, CAPACIDADE MÁXIMA DE CARGA 6200 KG, MOMENTO MÁXIMO DE CARGA 11,7 TM, ALCANCE MÁXIMO HORIZONTAL 9,70 M, INCLUSIVE CAMINHÃO TOCO PBT 16.000 KG, POTÊNCIA DE 189 CV - MANUTENÇÃO. AF_06/2014","H","18,08","18,08",null,18.079999999999998,18.079999999999998,"Sinapi 89262"]
["89264","CAMINHÃO TOCO, PBT 16.000 KG, CARGA ÚTIL MÁX. 10.685 KG, DIST. ENTRE EIXOS 4,8 M, POTÊNCIA 189 CV, INCLUSIVE CARROCERIA FIXA ABERTA DE MADEIRA P/ TRANSPORTE GERAL DE CARGA SECA, DIMEN. APROX. 2,5 X 7,00 X 0,50 M - DEPRECIAÇÃO. AF_06/2014","H","7,68","7,68",null,7.68,7.68,"Sinapi 89264"]
["89265","CAMINHÃO TOCO, PBT 16.000 KG, CARGA ÚTIL MÁX. 10.685 KG, DIST. ENTRE EIXOS 4,8 M, POTÊNCIA 189 CV, INCLUSIVE CARROCERIA FIXA ABERTA DE MADEIRA P/ TRANSPORTE GERAL DE CARGA SECA, DIMEN. APROX. 2,5 X 7,00 X 0,50 M - JUROS. AF_06/2014","H","1,60","1,60",null,1.6,1.6,"Sinapi 89265"]
["89266","CAMINHÃO TOCO, PBT 16.000 KG, CARGA ÚTIL MÁX. 10.685 KG, DIST. ENTRE EIXOS 4,8 M, POTÊNCIA 189 CV, INCLUSIVE CARROCERIA FIXA ABERTA DE MADEIRA P/ TRANSPORTE GERAL DE CARGA SECA, DIMEN. APROX. 2,5 X 7,00 X 0,50 M - IMPOSTOS E SEGUROS. AF_06/2014","H","0,62","0,62",null,0.62,0.62,"Sinapi 89266"]
["89267","GUINDASTE HIDRÁULICO AUTOPROPELIDO, COM LANÇA TELESCÓPICA 28,80 M, CAPACIDADE MÁXIMA 30 T, POTÊNCIA 97 KW, TRAÇÃO 4 X 4 - DEPRECIAÇÃO. AF_11/2014","H","26,42","26,42",null,26.42,26.42,"Sinapi 89267"]
["89268","GUINDASTE HIDRÁULICO AUTOPROPELIDO, COM LANÇA TELESCÓPICA 28,80 M, CAPACIDADE MÁXIMA 30 T, POTÊNCIA 97 KW, TRAÇÃO 4 X 4 - JUROS. AF_11/2014","H","4,75","4,75",null,4.75,4.75,"Sinapi 89268"]
["89269","GUINDASTE HIDRÁULICO AUTOPROPELIDO, COM LANÇA TELESCÓPICA 28,80 M, CAPACIDADE MÁXIMA 30 T, POTÊNCIA 97 KW, TRAÇÃO 4 X 4 - IMPOSTOS E SEGUROS. AF_11/2014","H","1,84","1,84",null,1.84,1.84,"Sinapi 89269"]
["89270","GUINDASTE HIDRÁULICO AUTOPROPELIDO, COM LANÇA TELESCÓPICA 28,80 M, CAPACIDADE MÁXIMA 30 T, POTÊNCIA 97 KW, TRAÇÃO 4 X 4 - MANUTENÇÃO. AF_11/2014","H","42,48","42,48",null,42.48,42.48,"Sinapi 89270"]
["89271","GUINDASTE HIDRÁULICO AUTOPROPELIDO, COM LANÇA TELESCÓPICA 28,80 M, CAPACIDADE MÁXIMA 30 T, POTÊNCIA 97 KW, TRAÇÃO 4 X 4 - MATERIAIS NA OPERAÇÃO. AF_11/2014","H","18,57","18,57",null,18.57,18.57,"Sinapi 89271"]
["89274","BETONEIRA CAPACIDADE NOMINAL DE 600 L, CAPACIDADE DE MISTURA 440 L, MOTOR A DIESEL POTÊNCIA 10 HP, COM CARREGADOR - DEPRECIAÇÃO. AF_11/2014","H","1,23","1,23",null,1.23,1.23,"Sinapi 89274"]
["89275","BETONEIRA CAPACIDADE NOMINAL DE 600 L, CAPACIDADE DE MISTURA 440 L, MOTOR A DIESEL POTÊNCIA 10 HP, COM CARREGADOR - JUROS. AF_11/2014","H","0,14","0,14",null,0.14000000000000001,0.14000000000000001,"Sinapi 89275"]
["89276","BETONEIRA CAPACIDADE NOMINAL DE 600 L, CAPACIDADE DE MISTURA 440 L, MOTOR A DIESEL POTÊNCIA 10 HP, COM CARREGADOR - MANUTENÇÃO. AF_11/2014","H","1,15","1,15",null,1.1499999999999999,1.1499999999999999,"Sinapi 89276"]
["89277","BETONEIRA CAPACIDADE NOMINAL DE 600 L, CAPACIDADE DE MISTURA 440 L, MOTOR A DIESEL POTÊNCIA 10 HP, COM CARREGADOR - MATERIAIS NA OPERAÇÃO. AF_11/2014","H","5,43","5,43",null,5.43,5.43,"Sinapi 89277"]
["89280","ROLO COMPACTADOR VIBRATÓRIO TANDEM AÇO LISO, POTÊNCIA 58 HP, PESO SEM/COM LASTRO 6,5 / 9,4 T, LARGURA DE TRABALHO 1,2 M - DEPRECIAÇÃO. AF_06/2014","H","18,88","18,88",null,18.88,18.88,"Sinapi 89280"]
["89281","ROLO COMPACTADOR VIBRATÓRIO TANDEM AÇO LISO, POTÊNCIA 58 HP, PESO SEM/COM LASTRO 6,5 / 9,4 T, LARGURA DE TRABALHO 1,2 M - JUROS. AF_06/2014","H","2,62","2,62",null,2.62,2.62,"Sinapi 89281"]
["89870","CAMINHÃO BASCULANTE 14 M3, COM CAVALO MECÂNICO DE CAPACIDADE MÁXIMA DE TRAÇÃO COMBINADO DE 36000 KG, POTÊNCIA 286 CV, INCLUSIVE SEMIREBOQUE COM CAÇAMBA METÁLICA - DEPRECIAÇÃO. AF_12/2014","H","19,89","19,89",null,19.89,19.89,"Sinapi 89870"]
["89871","CAMINHÃO BASCULANTE 14 M3, COM CAVALO MECÂNICO DE CAPACIDADE MÁXIMA DE TRAÇÃO COMBINADO DE 36000 KG, POTÊNCIA 286 CV, INCLUSIVE SEMIREBOQUE COM CAÇAMBA METÁLICA - JUROS. AF_12/2014","H","3,67","3,67",null,3.67,3.67,"Sinapi 89871"]
["89872","CAMINHÃO BASCULANTE 14 M3, COM CAVALO MECÂNICO DE CAPACIDADE MÁXIMA DE TRAÇÃO COMBINADO DE 36000 KG, POTÊNCIA 286 CV, INCLUSIVE SEMIREBOQUE COM CAÇAMBA METÁLICA - IMPOSTOS E SEGUROS. AF_12/2014","H","1,43","1,43",null,1.43,1.43,"Sinapi 89872"]
["89873","CAMINHÃO BASCULANTE 14 M3, COM CAVALO MECÂNICO DE CAPACIDADE MÁXIMA DE TRAÇÃO COMBINADO DE 36000 KG, POTÊNCIA 286 CV, INCLUSIVE SEMIREBOQUE COM CAÇAMBA METÁLICA - MANUTENÇÃO. AF_12/2014","H","37,30","37,30",null,37.299999999999997,37.299999999999997,"Sinapi 89873"]
["89874","CAMINHÃO BASCULANTE 14 M3, COM CAVALO MECÂNICO DE CAPACIDADE MÁXIMA DE TRAÇÃO COMBINADO DE 36000 KG, POTÊNCIA 286 CV, INCLUSIVE SEMIREBOQUE COM CAÇAMBA METÁLICA - MATERIAIS NA OPERAÇÃO. AF_12/2014","H","112,87","112,87",null,112.87,112.87,"Sinapi 89874"]
["89878","CAMINHÃO BASCULANTE 18 M3, COM CAVALO MECÂNICO DE CAPACIDADE MÁXIMA DE TRAÇÃO COMBINADO DE 45000 KG, POTÊNCIA 330 CV, INCLUSIVE SEMIREBOQUE COM CAÇAMBA METÁLICA - DEPRECIAÇÃO. AF_12/2014","H","20,91","20,91",null,20.91,20.91,"Sinapi 89878"]
["89879","CAMINHÃO BASCULANTE 18 M3, COM CAVALO MECÂNICO DE CAPACIDADE MÁXIMA DE TRAÇÃO COMBINADO DE 45000 KG, POTÊNCIA 330 CV, INCLUSIVE SEMIREBOQUE COM CAÇAMBA METÁLICA - JUROS. AF_12/2014","H","3,86","3,86",null,3.86,3.86,"Sinapi 89879"]
["89880","CAMINHÃO BASCULANTE 18 M3, COM CAVALO MECÂNICO DE CAPACIDADE MÁXIMA DE TRAÇÃO COMBINADO DE 45000 KG, POTÊNCIA 330 CV, INCLUSIVE SEMIREBOQUE COM CAÇAMBA METÁLICA - IMPOSTOS E SEGUROS. AF_12/2014","H","1,51","1,51",null,1.51,1.51,"Sinapi 89880"]
["89881","CAMINHÃO BASCULANTE 18 M3, COM CAVALO MECÂNICO DE CAPACIDADE MÁXIMA DE TRAÇÃO COMBINADO DE 45000 KG, POTÊNCIA 330 CV, INCLUSIVE SEMIREBOQUE COM CAÇAMBA METÁLICA - MANUTENÇÃO. AF_12/2014","H","39,21","39,21",null,39.21,39.21,"Sinapi 89881"]
["89882","CAMINHÃO BASCULANTE 18 M3, COM CAVALO MECÂNICO DE CAPACIDADE MÁXIMA DE TRAÇÃO COMBINADO DE 45000 KG, POTÊNCIA 330 CV, INCLUSIVE SEMIREBOQUE COM CAÇAMBA METÁLICA - MATERIAIS NA OPERAÇÃO. AF_12/2014","H","130,22","130,22",null,130.22,130.22,"Sinapi 89882"]
["90582","VIBRADOR DE IMERSÃO, DIÂMETRO DE PONTEIRA 45MM, MOTOR ELÉTRICO TRIFÁSICO POTÊNCIA DE 2 CV - DEPRECIAÇÃO. AF_06/2015","H","0,24","0,24",null,0.24,0.24,"Sinapi 90582"]
["90583","VIBRADOR DE IMERSÃO, DIÂMETRO DE PONTEIRA 45MM, MOTOR ELÉTRICO TRIFÁSICO POTÊNCIA DE 2 CV - JUROS. AF_06/2015","H","0,02","0,02",null,0.02,0.02,"Sinapi 90583"]
["90584","VIBRADOR DE IMERSÃO, DIÂMETRO DE PONTEIRA 45MM, MOTOR ELÉTRICO TRIFÁSICO POTÊNCIA DE 2 CV - MANUTENÇÃO. AF_06/2015","H","0,19","0,19",null,0.19,0.19,"Sinapi 90584"]
["90585","VIBRADOR DE IMERSÃO, DIÂMETRO DE PONTEIRA 45MM, MOTOR ELÉTRICO TRIFÁSICO POTÊNCIA DE 2 CV - MATERIAIS NA OPERAÇÃO. AF_06/2015","H","0,77","0,77",null,0.77,0.77,"Sinapi 90585"]
["90621","PERFURATRIZ MANUAL, TORQUE MÁXIMO 83 N.M, POTÊNCIA 5 CV, COM DIÂMETRO MÁXIMO 4\" - DEPRECIAÇÃO. AF_06/2015","H","1,20","1,20",null,1.2,1.2,"Sinapi 90621"]
["90622","PERFURATRIZ MANUAL, TORQUE MÁXIMO 83 N.M, POTÊNCIA 5 CV, COM DIÂMETRO MÁXIMO 4\" - JUROS. AF_06/2015","H","0,14","0,14",null,0.14000000000000001,0.14000000000000001,"Sinapi 90622"]
["90623","PERFURATRIZ MANUAL, TORQUE MÁXIMO 83 N.M, POTÊNCIA 5 CV, COM DIÂMETRO MÁXIMO 4\" - MANUTENÇÃO. AF_06/2015","H","1,50","1,50",null,1.5,1.5,"Sinapi 90623"]
["90624","PERFURATRIZ MANUAL, TORQUE MÁXIMO 83 N.M, POTÊNCIA 5 CV, COM DIÂMETRO MÁXIMO 4\" - MATERIAIS NA OPERAÇÃO. AF_06/2015","H","1,94","1,94",null,1.94,1.94,"Sinapi 90624"]
["90627","PERFURATRIZ SOBRE ESTEIRA, TORQUE MÁXIMO 600 KGF, PESO MÉDIO 1000 KG, POTÊNCIA 20 HP, DIÂMETRO MÁXIMO 10\" - DEPRECIAÇÃO. AF_06/2015","H","23,57","23,57",null,23.57,23.57,"Sinapi 90627"]
["90628","PERFURATRIZ SOBRE ESTEIRA, TORQUE MÁXIMO 600 KGF, PESO MÉDIO 1000 KG, POTÊNCIA 20 HP, DIÂMETRO MÁXIMO 10\" - JUROS. AF_06/2015","H","3,36","3,36",null,3.36,3.36,"Sinapi 90628"]
["90629","PERFURATRIZ SOBRE ESTEIRA, TORQUE MÁXIMO 600 KGF, PESO MÉDIO 1000 KG, POTÊNCIA 20 HP, DIÂMETRO MÁXIMO 10\" - MANUTENÇÃO. AF_06/2015","H","29,50","29,50",null,29.5,29.5,"Sinapi 90629"]
["90630","PERFURATRIZ SOBRE ESTEIRA, TORQUE MÁXIMO 600 KGF, PESO MÉDIO 1000 KG, POTÊNCIA 20 HP, DIÂMETRO MÁXIMO 10\" - MATERIAIS NA OPERAÇÃO. AF_06/2015","H","7,86","7,86",null,7.86,7.86,"Sinapi 90630"]
["90633","MISTURADOR DUPLO HORIZONTAL DE ALTA TURBULÊNCIA, CAPACIDADE / VOLUME 2 X 500 LITROS, MOTORES ELÉTRICOS MÍNIMO 5 CV CADA, PARA NATA CIMENTO, ARGAMASSA E OUTROS - DEPRECIAÇÃO. AF_06/2015","H","3,12","3,12",null,3.12,3.12,"Sinapi 90633"]
["90634","MISTURADOR DUPLO HORIZONTAL DE ALTA TURBULÊNCIA, CAPACIDADE / VOLUME 2 X 500 LITROS, MOTORES ELÉTRICOS MÍNIMO 5 CV CADA, PARA NATA CIMENTO, ARGAMASSA E OUTROS - JUROS. AF_06/2015","H","0,37","0,37",null,0.37,0.37,"Sinapi 90634"]
["90635","MISTURADOR DUPLO HORIZONTAL DE ALTA TURBULÊNCIA, CAPACIDADE / VOLUME 2 X 500 LITROS, MOTORES ELÉTRICOS MÍNIMO 5 CV CADA, PARA NATA CIMENTO, ARGAMASSA E OUTROS - MANUTENÇÃO. AF_06/2015","H","3,41","3,41",null,3.41,3.41,"Sinapi 90635"]
["90636","MISTURADOR DUPLO HORIZONTAL DE ALTA TURBULÊNCIA, CAPACIDADE / VOLUME 2 X 500 LITROS, MOTORES ELÉTRICOS MÍNIMO 5 CV CADA, PARA NATA CIMENTO, ARGAMASSA E OUTROS - MATERIAIS NA OPERAÇÃO. AF_06/2015","H","3,88","3,88",null,3.88,3.88,"Sinapi 90636"]
["90639","BOMBA TRIPLEX, PARA INJEÇÃO DE NATA DE CIMENTO, VAZÃO MÁXIMA DE 100 LITROS/MINUTO, PRESSÃO MÁXIMA DE 70 BAR - DEPRECIAÇÃO. AF_06/2015","H","4,66","4,66",null,4.66,4.66,"Sinapi 90639"]
["90640","BOMBA TRIPLEX, PARA INJEÇÃO DE NATA DE CIMENTO, VAZÃO MÁXIMA DE 100 LITROS/MINUTO, PRESSÃO MÁXIMA DE 70 BAR - JUROS. AF_06/2015","H","0,55","0,55",null,0.55000000000000004,0.55000000000000004,"Sinapi 90640"]
["90641","BOMBA TRIPLEX, PARA INJEÇÃO DE NATA DE CIMENTO, VAZÃO MÁXIMA DE 100 LITROS/MINUTO, PRESSÃO MÁXIMA DE 70 BAR - MANUTENÇÃO. AF_06/2015","H","5,10","5,10",null,5.0999999999999996,5.0999999999999996,"Sinapi 90641"]
["90642","BOMBA TRIPLEX, PARA INJEÇÃO DE NATA DE CIMENTO, VAZÃO MÁXIMA DE 100 LITROS/MINUTO, PRESSÃO MÁXIMA DE 70 BAR - MATERIAIS NA OPERAÇÃO. AF_06/2015","H","5,89","5,89",null,{"$f":"IF(D840=\"\",\"\",D840+0)","v":5.89},{"$f":"IF(E840=\"\",\"\",E840+0)","v":5.89},{"$f":"IF(OR(G840=\"\",H840=\"\"),\"\",CONCATENATE(\"Sinapi \",A840))","v":"Sinapi 90642"}]
["90646","BOMBA CENTRÍFUGA MONOESTÁGIO COM MOTOR ELÉTRICO MONOFÁSICO, POTÊNCIA 15 HP, DIÂMETRO DO ROTOR 173 MM, HM/Q = 30 MCA / 90 M3/H A 45 MCA / 55 M3/H - DEPRECIAÇÃO. AF_06/2015","H","0,53","0,53",null,0.53,0.53,"Sinapi 90646"]
["90647","BOMBA CENTRÍFUGA MONOESTÁGIO COM MOTOR ELÉTRICO MONOFÁSICO, POTÊNCIA 15 HP, DIÂMETRO DO ROTOR 173 MM, HM/Q = 30 MCA / 90 M3/H A 45 MCA / 55 M3/H - JUROS. AF_06/2015","H","0,06","0,06",null,0.06,0.06,"Sinapi 90647"]
["90648","BOMBA CENTRÍFUGA MONOESTÁGIO COM MOTOR ELÉTRICO MONOFÁSICO, POTÊNCIA 15 HP, DIÂMETRO DO ROTOR 173 MM, HM/Q = 30 MCA / 90 M3/H A 45 MCA / 55 M3/H - MANUTENÇÃO. AF_06/2015","H","0,58","0,58",null,0.57999999999999996,0.57999999999999996,"Sinapi 90648"]
["90649","BOMBA CENTRÍFUGA MONOESTÁGIO COM MOTOR ELÉTRICO MONOFÁSICO, POTÊNCIA 15 HP, DIÂMETRO DO ROTOR 173 MM, HM/Q = 30 MCA / 90 M3/H A 45 MCA / 55 M3/H - MATERIAIS NA OPERAÇÃO. AF_06/2015","H","5,99","5,99",null,5.99,5.99,"Sinapi 90649"]
["90652","BOMBA DE PROJEÇÃO DE CONCRETO SECO, POTÊNCIA 10 CV, VAZÃO 3 M3/H - DEPRECIAÇÃO. AF_06/2015","H","3,03","3,03",null,3.03,3.03,"Sinapi 90652"]
["90653","BOMBA DE PROJEÇÃO DE CONCRETO SECO, POTÊNCIA 10 CV, VAZÃO 3 M3/H - JUROS. AF_06/2015","H","0,36","0,36",null,0.36,0.36,"Sinapi 90653"]
["90654","BOMBA DE PROJEÇÃO DE CONCRETO SECO, POTÊNCIA 10 CV, VAZÃO 3 M3/H - MANUTENÇÃO. AF_06/2015","H","3,32","3,32",null,3.32,3.32,"Sinapi 90654"]
["90655","BOMBA DE PROJEÇÃO DE CONCRETO SECO, POTÊNCIA 10 CV, VAZÃO 3 M3/H - MATERIAIS NA OPERAÇÃO. AF_06/2015","H","3,94","3,94",null,3.94,3.94,"Sinapi 90655"]
["90658","BOMBA DE PROJEÇÃO DE CONCRETO SECO, POTÊNCIA 10 CV, VAZÃO 6 M3/H - DEPRECIAÇÃO. AF_06/2015","H","3,25","3,25",null,3.25,3.25,"Sinapi 90658"]
["90659","BOMBA DE PROJEÇÃO DE CONCRETO SECO, POTÊNCIA 10 CV, VAZÃO 6 M3/H - JUROS. AF_06/2015","H","0,38","0,38",null,0.38,0.38,"Sinapi 90659"]
["90660","BOMBA DE PROJEÇÃO DE CONCRETO SECO, POTÊNCIA 10 CV, VAZÃO 6 M3/H - MANUTENÇÃO. AF_06/2015","H","3,55","3,55",null,3.55,3.55,"Sinapi 90660"]
["90661","BOMBA DE PROJEÇÃO DE CONCRETO SECO, POTÊNCIA 10 CV, VAZÃO 6 M3/H - MATERIAIS NA OPERAÇÃO. AF_06/2015","H","3,94","3,94",null,3.94,3.94,"Sinapi 90661"]
["90664","PROJETOR PNEUMÁTICO DE ARGAMASSA PARA CHAPISCO E REBOCO COM RECIPIENTE ACOPLADO, TIPO CANEQUINHA, COM COMPRESSOR DE AR REBOCÁVEL VAZÃO 89 PCM E MOTOR DIESEL DE 20 CV - DEPRECIAÇÃO. AF_06/2015","H","3,77","3,77",null,3.77,3.77,"Sinapi 90664"]
["90665","PROJETOR PNEUMÁTICO DE ARGAMASSA PARA CHAPISCO E REBOCO COM RECIPIENTE ACOPLADO, TIPO CANEQUINHA, COM COMPRESSOR DE AR REBOCÁVEL VAZÃO 89 PCM E MOTOR DIESEL DE 20 CV - JUROS. AF_06/2015","H","0,43","0,43",null,0.43,0.43,"Sinapi 90665"]
["90666","PROJETOR PNEUMÁTICO DE ARGAMASSA PARA CHAPISCO E REBOCO COM RECIPIENTE ACOPLADO, TIPO CANEQUINHA, COM COMPRESSOR DE AR REBOCÁVEL VAZÃO 89 PCM E MOTOR DIESEL DE 20 CV - MANUTENÇÃO. AF_06/2015","H","4,12","4,12",null,4.12,4.12,"Sinapi 90666"]
["90667","PROJETOR PNEUMÁTICO DE ARGAMASSA PARA CHAPISCO E REBOCO COM RECIPIENTE ACOPLADO, TIPO CANEQUINHA, COM COMPRESSOR DE AR REBOCÁVEL VAZÃO 89 PCM E MOTOR DIESEL DE 20 CV - MATERIAIS NA OPERAÇÃO. AF_06/2015","H","9,57","9,57",null,9.57,9.57,"Sinapi 90667"]
["90670","PERFURATRIZ COM TORRE METÁLICA PARA EXECUÇÃO DE ESTACA HÉLICE CONTÍNUA, PROFUNDIDADE MÁXIMA DE 30 M, DIÂMETRO MÁXIMO DE 800 MM, POTÊNCIA INSTALADA DE 268 HP, MESA ROTATIVA COM TORQUE MÁXIMO DE 170 KNM - DEPRECIAÇÃO. AF_06/2015","H","108,20","108,20",null,108.2,108.2,"Sinapi 90670"]
["90671","PERFURATRIZ COM TORRE METÁLICA PARA EXECUÇÃO DE ESTACA HÉLICE CONTÍNUA, PROFUNDIDADE MÁXIMA DE 30 M, DIÂMETRO MÁXIMO DE 800 MM, POTÊNCIA INSTALADA DE 268 HP, MESA ROTATIVA COM TORQUE MÁXIMO DE 170 KNM - JUROS. AF_06/2015","H","15,02","15,02",null,15.02,15.02,"Sinapi 90671"]
["90672","PERFURATRIZ COM TORRE METÁLICA PARA EXECUÇÃO DE ESTACA HÉLICE CONTÍNUA, PROFUNDIDADE MÁXIMA DE 30 M, DIÂMETRO MÁXIMO DE 800 MM, POTÊNCIA INSTALADA DE 268 HP, MESA ROTATIVA COM TORQUE MÁXIMO DE 170 KNM - MANUTENÇÃO. AF_06/2015","H","135,40","135,40",null,135.4,135.4,"Sinapi 90672"]
["90673","PERFURATRIZ COM TORRE METÁLICA PARA EXECUÇÃO DE ESTACA HÉLICE CONTÍNUA, PROFUNDIDADE MÁXIMA DE 30 M, DIÂMETRO MÁXIMO DE 800 MM, POTÊNCIA INSTALADA DE 268 HP, MESA ROTATIVA COM TORQUE MÁXIMO DE 170 KNM - MATERIAIS NA OPERAÇÃO. AF_06/2015","H","76,60","76,60",null,76.599999999999994,76.599999999999994,"Sinapi 90673"]
["90676","PERFURATRIZ HIDRÁULICA SOBRE CAMINHÃO COM TRADO CURTO ACOPLADO, PROFUNDIDADE MÁXIMA DE 20 M, DIÂMETRO MÁXIMO DE 1500 MM, POTÊNCIA INSTALADA DE 137 HP, MESA ROTATIVA COM TORQUE MÁXIMO DE 30 KNM - DEPRECIAÇÃO. AF_06/2015","H","57,30","57,30",null,57.3,57.3,"Sinapi 90676"]
["90677","PERFURATRIZ HIDRÁULICA SOBRE CAMINHÃO COM TRADO CURTO ACOPLADO, PROFUNDIDADE MÁXIMA DE 20 M, DIÂMETRO MÁXIMO DE 1500 MM, POTÊNCIA INSTALADA DE 137 HP, MESA ROTATIVA COM TORQUE MÁXIMO DE 30 KNM - JUROS. AF_06/2015","H","7,94","7,94",null,7.94,7.94,"Sinapi 90677"]
["90678","PERFURATRIZ HIDRÁULICA SOBRE CAMINHÃO COM TRADO CURTO ACOPLADO, PROFUNDIDADE MÁXIMA DE 20 M, DIÂMETRO MÁXIMO DE 1500 MM, POTÊNCIA INSTALADA DE 137 HP, MESA ROTATIVA COM TORQUE MÁXIMO DE 30 KNM - MANUTENÇÃO. AF_06/2015","H","71,70","71,70",null,71.7,71.7,"Sinapi 90678"]
["90679","PERFURATRIZ HIDRÁULICA SOBRE CAMINHÃO COM TRADO CURTO ACOPLADO, PROFUNDIDADE MÁXIMA DE 20 M, DIÂMETRO MÁXIMO DE 1500 MM, POTÊNCIA INSTALADA DE 137 HP, MESA ROTATIVA COM TORQUE MÁXIMO DE 30 KNM - MATERIAIS NA OPERAÇÃO. AF_06/2015","H","58,71","58,71",null,58.71,58.71,"Sinapi 90679"]
["90682","MANIPULADOR TELESCÓPICO, POTÊNCIA DE 85 HP, CAPACIDADE DE CARGA DE 3.500 KG, ALTURA MÁXIMA DE ELEVAÇÃO DE 12,3 M - DEPRECIAÇÃO. AF_06/2015","H","20,89","20,89",null,20.89,20.89,"Sinapi 90682"]
["90683","MANIPULADOR TELESCÓPICO, POTÊNCIA DE 85 HP, CAPACIDADE DE CARGA DE 3.500 KG, ALTURA MÁXIMA DE ELEVAÇÃO DE 12,3 M - JUROS. AF_06/2015","H","2,48","2,48",null,2.48,2.48,"Sinapi 90683"]
["90684","MANIPULADOR TELESCÓPICO, POTÊNCIA DE 85 HP, CAPACIDADE DE CARGA DE 3.500 KG, ALTURA MÁXIMA DE ELEVAÇÃO DE 12,3 M - MANUTENÇÃO. AF_06/2015","H","22,85","22,85",null,22.85,22.85,"Sinapi 90684"]
["90685","MANIPULADOR TELESCÓPICO, POTÊNCIA DE 85 HP, CAPACIDADE DE CARGA DE 3.500 KG, ALTURA MÁXIMA DE ELEVAÇÃO DE 12,3 M - MATERIAIS NA OPERAÇÃO. AF_06/2015","H","36,42","36,42",null,36.42,36.42,"Sinapi 90685"]
["90688","MINICARREGADEIRA SOBRE RODAS, POTÊNCIA LÍQUIDA DE 47 HP, CAPACIDADE NOMINAL DE OPERAÇÃO DE 646 KG - DEPRECIAÇÃO. AF_06/2015","H","11,59","11,59",null,11.59,11.59,"Sinapi 90688"]
["90689","MINICARREGADEIRA SOBRE RODAS, POTÊNCIA LÍQUIDA DE 47 HP, CAPACIDADE NOMINAL DE OPERAÇÃO DE 646 KG - JUROS. AF_06/2015","H","1,17","1,17",null,1.17,1.17,"Sinapi 90689"]
["90690","MINICARREGADEIRA SOBRE RODAS, POTÊNCIA LÍQUIDA DE 47 HP, CAPACIDADE NOMINAL DE OPERAÇÃO DE 646 KG - MANUTENÇÃO. AF_06/2015","H","14,48","14,48",null,14.48,14.48,"Sinapi 90690"]
["90691","MINICARREGADEIRA SOBRE RODAS, POTÊNCIA LÍQUIDA DE 47 HP, CAPACIDADE NOMINAL DE OPERAÇÃO DE 646 KG - MATERIAIS NA OPERAÇÃO. AF_06/2015","H","33,55","33,55",null,33.549999999999997,33.549999999999997,"Sinapi 90691"]
["90957","COMPRESSOR DE AR REBOCÁVEL, VAZÃO 189 PCM, PRESSÃO EFETIVA DE TRABALHO 102 PSI, MOTOR DIESEL, POTÊNCIA 63 CV - DEPRECIAÇÃO. AF_06/2015","H","2,33","2,33",null,2.33,2.33,"Sinapi 90957"]
["90958","COMPRESSOR DE AR REBOCÁVEL, VAZÃO 189 PCM, PRESSÃO EFETIVA DE TRABALHO 102 PSI, MOTOR DIESEL, POTÊNCIA 63 CV - JUROS. AF_06/2015","H","0,32","0,32",null,0.32,0.32,"Sinapi 90958"]
["90960","COMPRESSOR DE AR REBOCÁVEL, VAZÃO 89 PCM, PRESSÃO EFETIVA DE TRABALHO 102 PSI, MOTOR DIESEL, POTÊNCIA 20 CV - DEPRECIAÇÃO. AF_06/2015","H","3,11","3,11",null,3.11,3.11,"Sinapi 90960"]
["90961","COMPRESSOR DE AR REBOCÁVEL, VAZÃO 89 PCM, PRESSÃO EFETIVA DE TRABALHO 102 PSI, MOTOR DIESEL, POTÊNCIA 20 CV - JUROS. AF_06/2015","H","0,43","0,43",null,0.43,0.43,"Sinapi 90961"]
["90962","COMPRESSOR DE AR REBOCÁVEL, VAZÃO 89 PCM, PRESSÃO EFETIVA DE TRABALHO 102 PSI, MOTOR DIESEL, POTÊNCIA 20 CV - MANUTENÇÃO. AF_06/2015","H","3,89","3,89",null,3.89,3.89,"Sinapi 90962"]
["90963","COMPRESSOR DE AR REBOCÁVEL, VAZÃO 89 PCM, PRESSÃO EFETIVA DE TRABALHO 102 PSI, MOTOR DIESEL, POTÊNCIA 20 CV - MATERIAIS NA OPERAÇÃO. AF_06/2015","H","9,57","9,57",null,9.57,9.57,"Sinapi 90963"]
["90968","COMPRESSOR DE AR REBOCAVEL, VAZÃO 250 PCM, PRESSAO DE TRABALHO 102 PSI, MOTOR A DIESEL POTÊNCIA 81 CV - DEPRECIAÇÃO. AF_06/2015","H","3,12","3,12",null,3.12,3.12,"Sinapi 90968"]
["90969","COMPRESSOR DE AR REBOCAVEL, VAZÃO 250 PCM, PRESSAO DE TRABALHO 102 PSI, MOTOR A DIESEL POTÊNCIA 81 CV - JUROS. AF_06/2015","H","0,43","0,43",null,0.43,0.43,"Sinapi 90969"]
["90970","COMPRESSOR DE AR REBOCAVEL, VAZÃO 250 PCM, PRESSAO DE TRABALHO 102 PSI, MOTOR A DIESEL POTÊNCIA 81 CV - MANUTENÇÃO. AF_06/2015","H","3,91","3,91",null,3.91,3.91,"Sinapi 90970"]
["90971","COMPRESSOR DE AR REBOCAVEL, VAZÃO 250 PCM, PRESSAO DE TRABALHO 102 PSI, MOTOR A DIESEL POTÊNCIA 81 CV - MATERIAIS NA OPERAÇÃO. AF_06/2015","H","38,79","38,79",null,38.79,38.79,"Sinapi 90971"]
["90975","COMPRESSOR DE AR REBOCÁVEL, VAZÃO 748 PCM, PRESSÃO EFETIVA DE TRABALHO 102 PSI, MOTOR DIESEL, POTÊNCIA 210 CV - DEPRECIAÇÃO. AF_06/2015","H","7,93","7,93",null,7.93,7.93,"Sinapi 90975"]
["90976","COMPRESSOR DE AR REBOCÁVEL, VAZÃO 748 PCM, PRESSÃO EFETIVA DE TRABALHO 102 PSI, MOTOR DIESEL, POTÊNCIA 210 CV - JUROS. AF_06/2015","H","1,10","1,10",null,1.1000000000000001,1.1000000000000001,"Sinapi 90976"]
["90977","COMPRESSOR DE AR REBOCÁVEL, VAZÃO 748 PCM, PRESSÃO EFETIVA DE TRABALHO 102 PSI, MOTOR DIESEL, POTÊNCIA 210 CV - MANUTENÇÃO. AF_06/2015","H","9,92","9,92",null,9.92,9.92,"Sinapi 90977"]
["90978","COMPRESSOR DE AR REBOCÁVEL, VAZÃO 748 PCM, PRESSÃO EFETIVA DE TRABALHO 102 PSI, MOTOR DIESEL, POTÊNCIA 210 CV - MATERIAIS NA OPERAÇÃO. AF_06/2015","H","100,65","100,65",null,100.65,100.65,"Sinapi 90978"]
["90992","COMPRESSOR DE AR REBOCAVEL, VAZÃO 400 PCM, PRESSAO DE TRABALHO 102 PSI, MOTOR A DIESEL POTÊNCIA 110 CV - DEPRECIAÇÃO. AF_06/2015","H","3,70","3,70",null,3.7,3.7,"Sinapi 90992"]
["90993","COMPRESSOR DE AR REBOCAVEL, VAZÃO 400 PCM, PRESSAO DE TRABALHO 102 PSI, MOTOR A DIESEL POTÊNCIA 110 CV - JUROS. AF_06/2015","H","0,51","0,51",null,0.51,0.51,"Sinapi 90993"]
["90994","COMPRESSOR DE AR REBOCAVEL, VAZÃO 400 PCM, PRESSAO DE TRABALHO 102 PSI, MOTOR A DIESEL POTÊNCIA 110 CV - MANUTENÇÃO. AF_06/2015","H","4,63","4,63",null,4.63,4.63,"Sinapi 90994"]
["90995","COMPRESSOR DE AR REBOCAVEL, VAZÃO 400 PCM, PRESSAO DE TRABALHO 102 PSI, MOTOR A DIESEL POTÊNCIA 110 CV - MATERIAIS NA OPERAÇÃO. AF_06/2015","H","52,70","52,70",null,52.7,52.7,"Sinapi 90995"]
["91021","PERFURATRIZ HIDRÁULICA SOBRE CAMINHÃO COM TRADO CURTO ACOPLADO, PROFUNDIDADE MÁXIMA DE 20 M, DIÂMETRO MÁXIMO DE 1500 MM, POTÊNCIA INSTALADA DE 137 HP, MESA ROTATIVA COM TORQUE MÁXIMO DE 30 KNM - IMPOSTOS E SEGUROS. AF_06/2015","H","3,11","3,11",null,3.11,3.11,"Sinapi 91021"]
["91026","CAMINHÃO TRUCADO (C/ TERCEIRO EIXO) ELETRÔNICO - POTÊNCIA 231CV - PBT = 22000KG - DIST. ENTRE EIXOS 5170 MM - INCLUI CARROCERIA FIXA ABERTA DE MADEIRA - DEPRECIAÇÃO. AF_06/2015","H","10,88","10,88",null,10.88,10.88,"Sinapi 91026"]
["91027","CAMINHÃO TRUCADO (C/ TERCEIRO EIXO) ELETRÔNICO - POTÊNCIA 231CV - PBT = 22000KG - DIST. ENTRE EIXOS 5170 MM - INCLUI CARROCERIA FIXA ABERTA DE MADEIRA - JUROS. AF_06/2015","H","2,27","2,27",null,2.27,2.27,"Sinapi 91027"]
["91028","CAMINHÃO TRUCADO (C/ TERCEIRO EIXO) ELETRÔNICO - POTÊNCIA 231CV - PBT = 22000KG - DIST. ENTRE EIXOS 5170 MM - INCLUI CARROCERIA FIXA ABERTA DE MADEIRA - IMPOSTOS E SEGUROS. AF_06/2015","H","0,88","0,88",null,0.88,0.88,"Sinapi 91028"]
["91029","CAMINHÃO TRUCADO (C/ TERCEIRO EIXO) ELETRÔNICO - POTÊNCIA 231CV - PBT = 22000KG - DIST. ENTRE EIXOS 5170 MM - INCLUI CARROCERIA FIXA ABERTA DE MADEIRA - MANUTENÇÃO. AF_06/2015","H","20,40","20,40",null,20.399999999999999,20.399999999999999,"Sinapi 91029"]
["91030","CAMINHÃO TRUCADO (C/ TERCEIRO EIXO) ELETRÔNICO - POTÊNCIA 231CV - PBT = 22000KG - DIST. ENTRE EIXOS 5170 MM - INCLUI CARROCERIA FIXA ABERTA DE MADEIRA - MATERIAIS NA OPERAÇÃO. AF_06/2015","H","91,15","91,15",null,91.15,91.15,"Sinapi 91030"]
["91273","PLACA VIBRATÓRIA REVERSÍVEL COM MOTOR 4 TEMPOS A GASOLINA, FORÇA CENTRÍFUGA DE 25 KN (2500 KGF), POTÊNCIA 5,5 CV - DEPRECIAÇÃO. AF_08/2015","H","0,49","0,49",null,0.49,0.49,"Sinapi 91273"]
["91274","PLACA VIBRATÓRIA REVERSÍVEL COM MOTOR 4 TEMPOS A GASOLINA, FORÇA CENTRÍFUGA DE 25 KN (2500 KGF), POTÊNCIA 5,5 CV - JUROS. AF_08/2015","H","0,06","0,06",null,0.06,0.06,"Sinapi 91274"]
["91275","PLACA VIBRATÓRIA REVERSÍVEL COM MOTOR 4 TEMPOS A GASOLINA, FORÇA CENTRÍFUGA DE 25 KN (2500 KGF), POTÊNCIA 5,5 CV - MANUTENÇÃO. AF_08/2015","H","0,61","0,61",null,0.61,0.61,"Sinapi 91275"]
["91276","PLACA VIBRATÓRIA REVERSÍVEL COM MOTOR 4 TEMPOS A GASOLINA, FORÇA CENTRÍFUGA DE 25 KN (2500 KGF), POTÊNCIA 5,5 CV - MATERIAIS NA OPERAÇÃO. AF_08/2015","H","6,40","6,40",null,6.4,6.4,"Sinapi 91276"]
["91279","CORTADORA DE PISO COM MOTOR 4 TEMPOS A GASOLINA, POTÊNCIA DE 13 HP, COM DISCO DE CORTE DIAMANTADO SEGMENTADO PARA CONCRETO, DIÂMETRO DE 350 MM, FURO DE 1\" (14 X 1\") - DEPRECIAÇÃO. AF_08/2015","H","0,56","0,56",null,0.56000000000000005,0.56000000000000005,"Sinapi 91279"]
["91280","CORTADORA DE PISO COM MOTOR 4 TEMPOS A GASOLINA, POTÊNCIA DE 13 HP, COM DISCO DE CORTE DIAMANTADO SEGMENTADO PARA CONCRETO, DIÂMETRO DE 350 MM, FURO DE 1\" (14 X 1\") - JUROS. AF_08/2015","H","0,06","0,06",null,0.06,0.06,"Sinapi 91280"]
["91281","CORTADORA DE PISO COM MOTOR 4 TEMPOS A GASOLINA, POTÊNCIA DE 13 HP, COM DISCO DE CORTE DIAMANTADO SEGMENTADO PARA CONCRETO, DIÂMETRO DE 350 MM, FURO DE 1\" (14 X 1\") - MANUTENÇÃO. AF_08/2015","H","0,70","0,70",null,0.7,0.7,"Sinapi 91281"]
["91282","CORTADORA DE PISO COM MOTOR 4 TEMPOS A GASOLINA, POTÊNCIA DE 13 HP, COM DISCO DE CORTE DIAMANTADO SEGMENTADO PARA CONCRETO, DIÂMETRO DE 350 MM, FURO DE 1\" (14 X 1\") - MATERIAIS NA OPERAÇÃO. AF_08/2015","H","15,31","15,31",null,{"$f":"IF(D904=\"\",\"\",D904+0)","v":15.31},{"$f":"IF(E904=\"\",\"\",E904+0)","v":15.31},{"$f":"IF(OR(G904=\"\",H904=\"\"),\"\",CONCATENATE(\"Sinapi \",A904))","v":"Sinapi 91282"}]
["91354","CAMINHÃO TOCO, PESO BRUTO TOTAL 14.300 KG, CARGA ÚTIL MÁXIMA 9590 KG, DISTÂNCIA ENTRE EIXOS 4,76 M, POTÊNCIA 185 CV (NÃO INCLUI CARROCERIA) - DEPRECIAÇÃO. AF_06/2014","H","8,47","8,47",null,8.4700000000000006,8.4700000000000006,"Sinapi 91354"]
["91355","CAMINHÃO TOCO, PESO BRUTO TOTAL 14.300 KG, CARGA ÚTIL MÁXIMA 9590 KG, DISTÂNCIA ENTRE EIXOS 4,76 M, POTÊNCIA 185 CV (NÃO INCLUI CARROCERIA) - JUROS. AF_06/2014","H","1,77","1,77",null,1.77,1.77,"Sinapi 91355"]
["91356","CAMINHÃO TOCO, PESO BRUTO TOTAL 14.300 KG, CARGA ÚTIL MÁXIMA 9590 KG, DISTÂNCIA ENTRE EIXOS 4,76 M, POTÊNCIA 185 CV (NÃO INCLUI CARROCERIA) - IMPOSTOS E SEGUROS. AF_06/2014","H","0,69","0,69",null,0.69,0.69,"Sinapi 91356"]
["91359","CAMINHÃO PIPA 6.000 L, PESO BRUTO TOTAL 13.000 KG, DISTÂNCIA ENTRE EIXOS 4,80 M, POTÊNCIA 189 CV INCLUSIVE TANQUE DE AÇO PARA TRANSPORTE DE ÁGUA, CAPACIDADE 6 M3 - DEPRECIAÇÃO. AF_06/2014","H","9,48","9,48",null,9.48,9.48,"Sinapi 91359"]
["91360","CAMINHÃO PIPA 6.000 L, PESO BRUTO TOTAL 13.000 KG, DISTÂNCIA ENTRE EIXOS 4,80 M, POTÊNCIA 189 CV INCLUSIVE TANQUE DE AÇO PARA TRANSPORTE DE ÁGUA, CAPACIDADE 6 M3 - JUROS. AF_06/2014","H","1,98","1,98",null,1.98,1.98,"Sinapi 91360"]
["91361","CAMINHÃO PIPA 6.000 L, PESO BRUTO TOTAL 13.000 KG, DISTÂNCIA ENTRE EIXOS 4,80 M, POTÊNCIA 189 CV INCLUSIVE TANQUE DE AÇO PARA TRANSPORTE DE ÁGUA, CAPACIDADE 6 M3 - IMPOSTOS E SEGUROS. AF_06/2014","H","0,77","0,77",null,0.77,0.77,"Sinapi 91361"]
["91367","CAMINHÃO BASCULANTE 6 M3, PESO BRUTO TOTAL 16.000 KG, CARGA ÚTIL MÁXIMA 13.071 KG, DISTÂNCIA ENTRE EIXOS 4,80 M, POTÊNCIA 230 CV INCLUSIVE CAÇAMBA METÁLICA - DEPRECIAÇÃO. AF_06/2014","H","12,32","12,32",null,12.32,12.32,"Sinapi 91367"]
["91368","CAMINHÃO BASCULANTE 6 M3, PESO BRUTO TOTAL 16.000 KG, CARGA ÚTIL MÁXIMA 13.071 KG, DISTÂNCIA ENTRE EIXOS 4,80 M, POTÊNCIA 230 CV INCLUSIVE CAÇAMBA METÁLICA - JUROS. AF_06/2014","H","2,27","2,27",null,2.27,2.27,"Sinapi 91368"]
["91369","CAMINHÃO BASCULANTE 6 M3, PESO BRUTO TOTAL 16.000 KG, CARGA ÚTIL MÁXIMA 13.071 KG, DISTÂNCIA ENTRE EIXOS 4,80 M, POTÊNCIA 230 CV INCLUSIVE CAÇAMBA METÁLICA - IMPOSTOS E SEGUROS. AF_06/2014","H","0,88","0,88",null,0.88,0.88,"Sinapi 91369"]
["91375","CAMINHÃO TOCO, PESO BRUTO TOTAL 16.000 KG, CARGA ÚTIL MÁXIMA DE 10.685 KG, DISTÂNCIA ENTRE EIXOS 4,80 M, POTÊNCIA 189 CV EXCLUSIVE CARROCERIA - DEPRECIAÇÃO. AF_06/2014","H","7,13","7,13",null,7.13,7.13,"Sinapi 91375"]
["91376","CAMINHÃO TOCO, PESO BRUTO TOTAL 16.000 KG, CARGA ÚTIL MÁXIMA DE 10.685 KG, DISTÂNCIA ENTRE EIXOS 4,80 M, POTÊNCIA 189 CV EXCLUSIVE CARROCERIA - JUROS. AF_06/2014","H","1,49","1,49",null,1.49,1.49,"Sinapi 91376"]
["91377","CAMINHÃO TOCO, PESO BRUTO TOTAL 16.000 KG, CARGA ÚTIL MÁXIMA DE 10.685 KG, DISTÂNCIA ENTRE EIXOS 4,80 M, POTÊNCIA 189 CV EXCLUSIVE CARROCERIA - IMPOSTOS E SEGUROS. AF_06/2014","H","0,58","0,58",null,0.57999999999999996,0.57999999999999996,"Sinapi 91377"]
["91380","CAMINHÃO BASCULANTE 10 M3, TRUCADO CABINE SIMPLES, PESO BRUTO TOTAL 23.000 KG, CARGA ÚTIL MÁXIMA 15.935 KG, DISTÂNCIA ENTRE EIXOS 4,80 M, POTÊNCIA 230 CV INCLUSIVE CAÇAMBA METÁLICA - DEPRECIAÇÃO. AF_06/2014","H","13,91","13,91",null,13.91,13.91,"Sinapi 91380"]
["91381","CAMINHÃO BASCULANTE 10 M3, TRUCADO CABINE SIMPLES, PESO BRUTO TOTAL 23.000 KG, CARGA ÚTIL MÁXIMA 15.935 KG, DISTÂNCIA ENTRE EIXOS 4,80 M, POTÊNCIA 230 CV INCLUSIVE CAÇAMBA METÁLICA - JUROS. AF_06/2014","H","2,57","2,57",null,2.57,2.57,"Sinapi 91381"]
["91382","CAMINHÃO BASCULANTE 10 M3, TRUCADO CABINE SIMPLES, PESO BRUTO TOTAL 23.000 KG, CARGA ÚTIL MÁXIMA 15.935 KG, DISTÂNCIA ENTRE EIXOS 4,80 M, POTÊNCIA 230 CV INCLUSIVE CAÇAMBA METÁLICA - IMPOSTOS E SEGUROS. AF_06/2014","H","1,00","1,00",null,1,1,"Sinapi 91382"]
["91383","CAMINHÃO BASCULANTE 10 M3, TRUCADO CABINE SIMPLES, PESO BRUTO TOTAL 23.000 KG, CARGA ÚTIL MÁXIMA 15.935 KG, DISTÂNCIA ENTRE EIXOS 4,80 M, POTÊNCIA 230 CV INCLUSIVE CAÇAMBA METÁLICA - MANUTENÇÃO. AF_06/2014","H","26,08","26,08",null,26.08,26.08,"Sinapi 91383"]
["91384","CAMINHÃO BASCULANTE 10 M3, TRUCADO CABINE SIMPLES, PESO BRUTO TOTAL 23.000 KG, CARGA ÚTIL MÁXIMA 15.935 KG, DISTÂNCIA ENTRE EIXOS 4,80 M, POTÊNCIA 230 CV INCLUSIVE CAÇAMBA METÁLICA - MATERIAIS NA OPERAÇÃO. AF_06/2014","H","90,77","90,77",null,90.77,90.77,"Sinapi 91384"]
["91390","CAMINHÃO TOCO, PBT 14.300 KG, CARGA ÚTIL MÁX. 9.710 KG, DIST. ENTRE EIXOS 3,56 M, POTÊNCIA 185 CV, INCLUSIVE CARROCERIA FIXA ABERTA DE MADEIRA P/ TRANSPORTE GERAL DE CARGA SECA, DIMEN. APROX. 2,50 X 6,50 X 0,50 M - DEPRECIAÇÃO. AF_06/2014","H","9,13","9,13",null,9.1300000000000008,9.1300000000000008,"Sinapi 91390"]
["91391","CAMINHÃO TOCO, PBT 14.300 KG, CARGA ÚTIL MÁX. 9.710 KG, DIST. ENTRE EIXOS 3,56 M, POTÊNCIA 185 CV, INCLUSIVE CARROCERIA FIXA ABERTA DE MADEIRA P/ TRANSPORTE GERAL DE CARGA SECA, DIMEN. APROX. 2,50 X 6,50 X 0,50 M - JUROS. AF_06/2014","H","1,91","1,91",null,1.91,1.91,"Sinapi 91391"]
["91392","CAMINHÃO TOCO, PBT 14.300 KG, CARGA ÚTIL MÁX. 9.710 KG, DIST. ENTRE EIXOS 3,56 M, POTÊNCIA 185 CV, INCLUSIVE CARROCERIA FIXA ABERTA DE MADEIRA P/ TRANSPORTE GERAL DE CARGA SECA, DIMEN. APROX. 2,50 X 6,50 X 0,50 M - IMPOSTOS E SEGUROS. AF_06/2014","H","0,74","0,74",null,0.74,0.74,"Sinapi 91392"]
["91396","CAMINHÃO PIPA 10.000 L TRUCADO, PESO BRUTO TOTAL 23.000 KG, CARGA ÚTIL MÁXIMA 15.935 KG, DISTÂNCIA ENTRE EIXOS 4,8 M, POTÊNCIA 230 CV, INCLUSIVE TANQUE DE AÇO PARA TRANSPORTE DE ÁGUA - DEPRECIAÇÃO. AF_06/2014","H","12,17","12,17",null,12.17,12.17,"Sinapi 91396"]
["91397","CAMINHÃO PIPA 10.000 L TRUCADO, PESO BRUTO TOTAL 23.000 KG, CARGA ÚTIL MÁXIMA 15.935 KG, DISTÂNCIA ENTRE EIXOS 4,8 M, POTÊNCIA 230 CV, INCLUSIVE TANQUE DE AÇO PARA TRANSPORTE DE ÁGUA - JUROS. AF_06/2014","H","2,55","2,55",null,2.5499999999999998,2.5499999999999998,"Sinapi 91397"]
["91398","CAMINHÃO PIPA 10.000 L TRUCADO, PESO BRUTO TOTAL 23.000 KG, CARGA ÚTIL MÁXIMA 15.935 KG, DISTÂNCIA ENTRE EIXOS 4,8 M, POTÊNCIA 230 CV, INCLUSIVE TANQUE DE AÇO PARA TRANSPORTE DE ÁGUA - IMPOSTOS E SEGUROS. AF_06/2014","H","0,98","0,98",null,0.98,0.98,"Sinapi 91398"]
["91402","CAMINHÃO BASCULANTE 6 M3 TOCO, PESO BRUTO TOTAL 16.000 KG, CARGA ÚTIL MÁXIMA 11.130 KG, DISTÂNCIA ENTRE EIXOS 5,36 M, POTÊNCIA 185 CV, INCLUSIVE CAÇAMBA METÁLICA - IMPOSTOS E SEGUROS. AF_06/2014","H","0,84","0,84",null,0.84,0.84,"Sinapi 91402"]
["91466","GUINDAUTO HIDRÁULICO, CAPACIDADE MÁXIMA DE CARGA 6200 KG, MOMENTO MÁXIMO DE CARGA 11,7 TM, ALCANCE MÁXIMO HORIZONTAL 9,70 M, INCLUSIVE CAMINHÃO TOCO PBT 16.000 KG, POTÊNCIA DE 189 CV - IMPOSTOS E SEGUROS. AF_08/2015","H","0,78","0,78",null,0.78,0.78,"Sinapi 91466"]
["91467","GUINDAUTO HIDRÁULICO, CAPACIDADE MÁXIMA DE CARGA 6200 KG, MOMENTO MÁXIMO DE CARGA 11,7 TM, ALCANCE MÁXIMO HORIZONTAL 9,70 M, INCLUSIVE CAMINHÃO TOCO PBT 16.000 KG, POTÊNCIA DE 189 CV - MATERIAIS NA OPERAÇÃO. AF_08/2015","H","101,22","101,22",null,101.22,101.22,"Sinapi 91467"]
["91468","ESPARGIDOR DE ASFALTO PRESSURIZADO, TANQUE 6 M3 COM ISOLAÇÃO TÉRMICA, AQUECIDO COM 2 MAÇARICOS, COM BARRA ESPARGIDORA 3,60 M, MONTADO SOBRE CAMINHÃO  TOCO, PBT 14.300 KG, POTÊNCIA 185 CV - DEPRECIAÇÃO. AF_08/2015","H","13,45","13,45",null,13.45,13.45,"Sinapi 91468"]
["91469","ESPARGIDOR DE ASFALTO PRESSURIZADO, TANQUE 6 M3 COM ISOLAÇÃO TÉRMICA, AQUECIDO COM 2 MAÇARICOS, COM BARRA ESPARGIDORA 3,60 M, MONTADO SOBRE CAMINHÃO  TOCO, PBT 14.300 KG, POTÊNCIA 185 CV - JUROS. AF_08/2015","H","2,90","2,90",null,2.9,2.9,"Sinapi 91469"]
["91484","ESPARGIDOR DE ASFALTO PRESSURIZADO, TANQUE 6 M3 COM ISOLAÇÃO TÉRMICA, AQUECIDO COM 2 MAÇARICOS, COM BARRA ESPARGIDORA 3,60 M, MONTADO SOBRE CAMINHÃO  TOCO, PBT 14.300 KG, POTÊNCIA 185 CV - IMPOSTOS E SEGUROS. AF_08/2015","H","0,92","0,92",null,0.92,0.92,"Sinapi 91484"]
["91485","ESPARGIDOR DE ASFALTO PRESSURIZADO, TANQUE 6 M3 COM ISOLAÇÃO TÉRMICA, AQUECIDO COM 2 MAÇARICOS, COM BARRA ESPARGIDORA 3,60 M, MONTADO SOBRE CAMINHÃO  TOCO, PBT 14.300 KG, POTÊNCIA 185 CV - MATERIAIS NA OPERAÇÃO. AF_08/2015","H","137,38","137,38",null,137.38,137.38,"Sinapi 91485"]
["91529","COMPACTADOR DE SOLOS DE PERCUSSÃO (SOQUETE) COM MOTOR A GASOLINA 4 TEMPOS, POTÊNCIA 4 CV - DEPRECIAÇÃO. AF_08/2015","H","0,72","0,72",null,0.72,0.72,"Sinapi 91529"]
["91530","COMPACTADOR DE SOLOS DE PERCUSSÃO (SOQUETE) COM MOTOR A GASOLINA 4 TEMPOS, POTÊNCIA 4 CV - JUROS. AF_08/2015","H","0,10","0,10",null,0.1,0.1,"Sinapi 91530"]
["91531","COMPACTADOR DE SOLOS DE PERCUSSÃO (SOQUETE) COM MOTOR A GASOLINA 4 TEMPOS, POTÊNCIA 4 CV - MANUTENÇÃO. AF_08/2015","H","0,90","0,90",null,0.9,0.9,"Sinapi 91531"]
["91532","COMPACTADOR DE SOLOS DE PERCUSSÃO (SOQUETE) COM MOTOR A GASOLINA 4 TEMPOS, POTÊNCIA 4 CV - MATERIAIS NA OPERAÇÃO. AF_08/2015","H","4,64","4,64",null,4.6399999999999997,4.6399999999999997,"Sinapi 91532"]
["91629","GUINDAUTO HIDRÁULICO, CAPACIDADE MÁXIMA DE CARGA 6500 KG, MOMENTO MÁXIMO DE CARGA 5,8 TM, ALCANCE MÁXIMO HORIZONTAL 7,60 M, INCLUSIVE CAMINHÃO TOCO PBT 9.700 KG, POTÊNCIA DE 160 CV - DEPRECIAÇÃO. AF_08/2015","H","8,91","8,91",null,8.91,8.91,"Sinapi 91629"]
["91630","GUINDAUTO HIDRÁULICO, CAPACIDADE MÁXIMA DE CARGA 6500 KG, MOMENTO MÁXIMO DE CARGA 5,8 TM, ALCANCE MÁXIMO HORIZONTAL 7,60 M, INCLUSIVE CAMINHÃO TOCO PBT 9.700 KG, POTÊNCIA DE 160 CV - JUROS. AF_08/2015","H","1,86","1,86",null,1.86,1.86,"Sinapi 91630"]
["91631","GUINDAUTO HIDRÁULICO, CAPACIDADE MÁXIMA DE CARGA 6500 KG, MOMENTO MÁXIMO DE CARGA 5,8 TM, ALCANCE MÁXIMO HORIZONTAL 7,60 M, INCLUSIVE CAMINHÃO TOCO PBT 9.700 KG, POTÊNCIA DE 160 CV - IMPOSTOS E SEGUROS. AF_08/2015","H","0,72","0,72",null,0.72,0.72,"Sinapi 91631"]
["91632","GUINDAUTO HIDRÁULICO, CAPACIDADE MÁXIMA DE CARGA 6500 KG, MOMENTO MÁXIMO DE CARGA 5,8 TM, ALCANCE MÁXIMO HORIZONTAL 7,60 M, INCLUSIVE CAMINHÃO TOCO PBT 9.700 KG, POTÊNCIA DE 160 CV - MANUTENÇÃO. AF_08/2015","H","16,72","16,72",null,16.72,16.72,"Sinapi 91632"]
["91633","GUINDAUTO HIDRÁULICO, CAPACIDADE MÁXIMA DE CARGA 6500 KG, MOMENTO MÁXIMO DE CARGA 5,8 TM, ALCANCE MÁXIMO HORIZONTAL 7,60 M, INCLUSIVE CAMINHÃO TOCO PBT 9.700 KG, POTÊNCIA DE 160 CV - MATERIAIS NA OPERAÇÃO. AF_08/2015","H","85,67","85,67",null,85.67,85.67,"Sinapi 91633"]
["91640","CAMINHÃO DE TRANSPORTE DE MATERIAL ASFÁLTICO 30.000 L, COM CAVALO MECÂNICO DE CAPACIDADE MÁXIMA DE TRAÇÃO COMBINADO DE 66.000 KG, POTÊNCIA 360 CV, INCLUSIVE TANQUE DE ASFALTO COM SERPENTINA - DEPRECIAÇÃO. AF_08/2015","H","21,14","21,14",null,21.14,21.14,"Sinapi 91640"]
["91641","CAMINHÃO DE TRANSPORTE DE MATERIAL ASFÁLTICO 30.000 L, COM CAVALO MECÂNICO DE CAPACIDADE MÁXIMA DE TRAÇÃO COMBINADO DE 66.000 KG, POTÊNCIA 360 CV, INCLUSIVE TANQUE DE ASFALTO COM SERPENTINA - JUROS. AF_08/2015","H","4,43","4,43",null,4.43,4.43,"Sinapi 91641"]
["91642","CAMINHÃO DE TRANSPORTE DE MATERIAL ASFÁLTICO 30.000 L, COM CAVALO MECÂNICO DE CAPACIDADE MÁXIMA DE TRAÇÃO COMBINADO DE 66.000 KG, POTÊNCIA 360 CV, INCLUSIVE TANQUE DE ASFALTO COM SERPENTINA - IMPOSTOS E SEGUROS. AF_08/2015","H","1,71","1,71",null,1.71,1.71,"Sinapi 91642"]
["91643","CAMINHÃO DE TRANSPORTE DE MATERIAL ASFÁLTICO 30.000 L, COM CAVALO MECÂNICO DE CAPACIDADE MÁXIMA DE TRAÇÃO COMBINADO DE 66.000 KG, POTÊNCIA 360 CV, INCLUSIVE TANQUE DE ASFALTO COM SERPENTINA - MANUTENÇÃO. AF_08/2015","H","39,63","39,63",null,39.630000000000003,39.630000000000003,"Sinapi 91643"]
["91644","CAMINHÃO DE TRANSPORTE DE MATERIAL ASFÁLTICO 30.000 L, COM CAVALO MECÂNICO DE CAPACIDADE MÁXIMA DE TRAÇÃO COMBINADO DE 66.000 KG, POTÊNCIA 360 CV, INCLUSIVE TANQUE DE ASFALTO COM SERPENTINA - MATERIAIS NA OPERAÇÃO. AF_08/2015","H","192,80","192,80",null,192.8,192.8,"Sinapi 91644"]
["91688","SERRA CIRCULAR DE BANCADA COM MOTOR ELÉTRICO POTÊNCIA DE 5HP, COM COIFA PARA DISCO 10\" - DEPRECIAÇÃO. AF_08/2015","H","0,06","0,06",null,0.06,0.06,"Sinapi 91688"]
["91689","SERRA CIRCULAR DE BANCADA COM MOTOR ELÉTRICO POTÊNCIA DE 5HP, COM COIFA PARA DISCO 10\" - JUROS. AF_08/2015","H","0,01","0,01",null,0.01,0.01,"Sinapi 91689"]
["91690","SERRA CIRCULAR DE BANCADA COM MOTOR ELÉTRICO POTÊNCIA DE 5HP, COM COIFA PARA DISCO 10\" - MANUTENÇÃO. AF_08/2015","H","0,04","0,04",null,0.04,0.04,"Sinapi 91690"]
["91691","SERRA CIRCULAR DE BANCADA COM MOTOR ELÉTRICO POTÊNCIA DE 5HP, COM COIFA PARA DISCO 10\" - MATERIAIS NA OPERAÇÃO. AF_08/2015","H","1,96","1,96",null,1.96,1.96,"Sinapi 91691"]
["92040","DISTRIBUIDOR DE AGREGADOS REBOCAVEL, CAPACIDADE 1,9 M³, LARGURA DE TRABALHO 3,66 M - DEPRECIAÇÃO. AF_11/2015","H","4,13","4,13",null,4.13,4.13,"Sinapi 92040"]
["92041","DISTRIBUIDOR DE AGREGADOS REBOCAVEL, CAPACIDADE 1,9 M³, LARGURA DE TRABALHO 3,66 M - JUROS. AF_11/2015","H","0,43","0,43",null,0.43,0.43,"Sinapi 92041"]
["92042","DISTRIBUIDOR DE AGREGADOS REBOCAVEL, CAPACIDADE 1,9 M³, LARGURA DE TRABALHO 3,66 M - MANUTENÇÃO. AF_11/2015","H","3,44","3,44",null,3.44,3.44,"Sinapi 92042"]
["92101","CAMINHÃO PARA EQUIPAMENTO DE LIMPEZA A SUCÇÃO COM CAMINHÃO TRUCADO DE PESO BRUTO TOTAL 23000 KG, CARGA ÚTIL MÁXIMA 15935 KG, DISTÂNCIA ENTRE EIXOS 4,80 M, POTÊNCIA 230 CV, INCLUSIVE LIMPADORA A SUCÇÃO, TANQUE 12000 L - DEPRECIAÇÃO. AF_11/2015","H","13,90","13,90",null,13.9,13.9,"Sinapi 92101"]
["92102","CAMINHÃO PARA EQUIPAMENTO DE LIMPEZA A SUCÇÃO COM CAMINHÃO TRUCADO DE PESO BRUTO TOTAL 23000 KG, CARGA ÚTIL MÁXIMA 15935 KG, DISTÂNCIA ENTRE EIXOS 4,80 M, POTÊNCIA 230 CV, INCLUSIVE LIMPADORA A SUCÇÃO, TANQUE 12000 L - JUROS. AF_11/2015","H","2,91","2,91",null,2.91,2.91,"Sinapi 92102"]
["92103","CAMINHÃO PARA EQUIPAMENTO DE LIMPEZA A SUCÇÃO COM CAMINHÃO TRUCADO DE PESO BRUTO TOTAL 23000 KG, CARGA ÚTIL MÁXIMA 15935 KG, DISTÂNCIA ENTRE EIXOS 4,80 M, POTÊNCIA 230 CV, INCLUSIVE LIMPADORA A SUCÇÃO, TANQUE 12000 L - IMPOSTOS E SEGUROS. AF_11/2015","H","1,12","1,12",null,1.1200000000000001,1.1200000000000001,"Sinapi 92103"]
["92104","CAMINHÃO PARA EQUIPAMENTO DE LIMPEZA A SUCÇÃO COM CAMINHÃO TRUCADO DE PESO BRUTO TOTAL 23000 KG, CARGA ÚTIL MÁXIMA 15935 KG, DISTÂNCIA ENTRE EIXOS 4,80 M, POTÊNCIA 230 CV, INCLUSIVE LIMPADORA A SUCÇÃO, TANQUE 12000 L - MANUTENÇÃO. AF_11/2015","H","26,07","26,07",null,26.07,26.07,"Sinapi 92104"]
["92105","CAMINHÃO PARA EQUIPAMENTO DE LIMPEZA A SUCÇÃO COM CAMINHÃO TRUCADO DE PESO BRUTO TOTAL 23000 KG, CARGA ÚTIL MÁX. 15935 KG, DISTÂNCIA ENTRE EIXOS 4,80 M, POTÊNCIA 230 CV, INCLUSIVE LIMPADORA A SUCÇÃO, TANQUE 12000 L - MATERIAIS NA OPERAÇÃO. AF_11/2015","H","123,17","123,17",null,123.17,123.17,"Sinapi 92105"]
["92108","PENEIRA ROTATIVA COM MOTOR ELÉTRICO TRIFÁSICO DE 2 CV, CILINDRO DE 1 M X 0,60 M, COM FUROS DE 3,17 MM - DEPRECIAÇÃO. AF_11/2015","H","0,73","0,73",null,0.73,0.73,"Sinapi 92108"]
["92109","PENEIRA ROTATIVA COM MOTOR ELÉTRICO TRIFÁSICO DE 2 CV, CILINDRO DE 1 M X 0,60 M, COM FUROS DE 3,17 MM - JUROS. AF_11/2015","H","0,08","0,08",null,0.08,0.08,"Sinapi 92109"]
["92110","PENEIRA ROTATIVA COM MOTOR ELÉTRICO TRIFÁSICO DE 2 CV, CILINDRO DE 1 M X 0,60 M, COM FUROS DE 3,17 MM - MANUTENÇÃO. AF_11/2015","H","0,57","0,57",null,0.56999999999999995,0.56999999999999995,"Sinapi 92110"]
["92111","PENEIRA ROTATIVA COM MOTOR ELÉTRICO TRIFÁSICO DE 2 CV, CILINDRO DE 1 M X 0,60 M, COM FUROS DE 3,17 MM - MATERIAIS NA OPERAÇÃO. AF_11/2015","H","0,77","0,77",null,0.77,0.77,"Sinapi 92111"]
["92114","DOSADOR DE AREIA, CAPACIDADE DE 26 LITROS - DEPRECIAÇÃO. AF_11/2015","H","0,08","0,08",null,0.08,0.08,"Sinapi 92114"]
["92115","DOSADOR DE AREIA, CAPACIDADE DE 26 LITROS - JUROS. AF_11/2015","H","0,00","0,00",null,0,0,"Sinapi 92115"]
["92116","DOSADOR DE AREIA, CAPACIDADE DE 26 LITROS - MANUTENÇÃO. AF_11/2015","H","0,10","0,10",null,0.1,0.1,"Sinapi 92116"]
["92133","CAMINHONETE COM MOTOR A DIESEL, POTÊNCIA 180 CV, CABINE DUPLA, 4X4 - DEPRECIAÇÃO. AF_11/2015","H","7,27","7,27",null,{"$f":"IF(D968=\"\",\"\",D968+0)","v":7.27},{"$f":"IF(E968=\"\",\"\",E968+0)","v":7.27},{"$f":"IF(OR(G968=\"\",H968=\"\"),\"\",CONCATENATE(\"Sinapi \",A968))","v":"Sinapi 92133"}]
["92134","CAMINHONETE COM MOTOR A DIESEL, POTÊNCIA 180 CV, CABINE DUPLA, 4X4 - JUROS. AF_11/2015","H","1,15","1,15",null,1.1499999999999999,1.1499999999999999,"Sinapi 92134"]
["92135","CAMINHONETE COM MOTOR A DIESEL, POTÊNCIA 180 CV, CABINE DUPLA, 4X4 - IMPOSTOS E SEGUROS. AF_11/2015","H","0,45","0,45",null,0.45,0.45,"Sinapi 92135"]
["92136","CAMINHONETE COM MOTOR A DIESEL, POTÊNCIA 180 CV, CABINE DUPLA, 4X4 - MANUTENÇÃO. AF_11/2015","H","9,08","9,08",null,9.08,9.08,"Sinapi 92136"]
["92137","CAMINHONETE COM MOTOR A DIESEL, POTÊNCIA 180 CV, CABINE DUPLA, 4X4 - MATERIAIS NA OPERAÇÃO. AF_11/2015","H","25,35","25,35",null,25.35,25.35,"Sinapi 92137"]
["92140","CAMINHONETE CABINE SIMPLES COM MOTOR 1.6 FLEX, CÂMBIO MANUAL, POTÊNCIA 101/104 CV, 2 PORTAS - DEPRECIAÇÃO. AF_11/2015","H","2,21","2,21",null,2.21,2.21,"Sinapi 92140"]
["92141","CAMINHONETE CABINE SIMPLES COM MOTOR 1.6 FLEX, CÂMBIO MANUAL, POTÊNCIA 101/104 CV, 2 PORTAS - JUROS. AF_11/2015","H","0,35","0,35",null,0.35,0.35,"Sinapi 92141"]
["92142","CAMINHONETE CABINE SIMPLES COM MOTOR 1.6 FLEX, CÂMBIO MANUAL, POTÊNCIA 101/104 CV, 2 PORTAS - IMPOSTOS E SEGUROS. AF_11/2015","H","0,13","0,13",null,0.13,0.13,"Sinapi 92142"]
["92143","CAMINHONETE CABINE SIMPLES COM MOTOR 1.6 FLEX, CÂMBIO MANUAL, POTÊNCIA 101/104 CV, 2 PORTAS - MANUTENÇÃO. AF_11/2015","H","2,77","2,77",null,2.77,2.77,"Sinapi 92143"]
["92144","CAMINHONETE CABINE SIMPLES COM MOTOR 1.6 FLEX, CÂMBIO MANUAL, POTÊNCIA 101/104 CV, 2 PORTAS - MATERIAIS NA OPERAÇÃO. AF_11/2015","H","30,17","30,17",null,30.17,30.17,"Sinapi 92144"]
["92237","CAMINHÃO DE TRANSPORTE DE MATERIAL ASFÁLTICO 20.000 L, COM CAVALO MECÂNICO DE CAPACIDADE MÁXIMA DE TRAÇÃO COMBINADO DE 45.000 KG, POTÊNCIA 330 CV, INCLUSIVE TANQUE DE ASFALTO COM MAÇARICO - DEPRECIAÇÃO. AF_12/2015","H","15,43","15,43",null,15.43,15.43,"Sinapi 92237"]
["92238","CAMINHÃO DE TRANSPORTE DE MATERIAL ASFÁLTICO 20.000 L, COM CAVALO MECÂNICO DE CAPACIDADE MÁXIMA DE TRAÇÃO COMBINADO DE 45.000 KG, POTÊNCIA 330 CV, INCLUSIVE TANQUE DE ASFALTO COM MAÇARICO - JUROS. AF_12/2015","H","3,24","3,24",null,3.24,3.24,"Sinapi 92238"]
["92239","CAMINHÃO DE TRANSPORTE DE MATERIAL ASFÁLTICO 20.000 L, COM CAVALO MECÂNICO DE CAPACIDADE MÁXIMA DE TRAÇÃO COMBINADO DE 45.000 KG, POTÊNCIA 330 CV, INCLUSIVE TANQUE DE ASFALTO COM MAÇARICO - IMPOSTOS E SEGUROS. AF_12/2015","H","1,25","1,25",null,1.25,1.25,"Sinapi 92239"]
["92240","CAMINHÃO DE TRANSPORTE DE MATERIAL ASFÁLTICO 20.000 L, COM CAVALO MECÂNICO DE CAPACIDADE MÁXIMA DE TRAÇÃO COMBINADO DE 45.000 KG, POTÊNCIA 330 CV, INCLUSIVE TANQUE DE ASFALTO COM MAÇARICO - MANUTENÇÃO. AF_12/2015","H","28,94","28,94",null,28.94,28.94,"Sinapi 92240"]
["92241","CAMINHÃO DE TRANSPORTE DE MATERIAL ASFÁLTICO 20.000 L, COM CAVALO MECÂNICO DE CAPACIDADE MÁXIMA DE TRAÇÃO COMBINADO DE 45.000 KG, POTÊNCIA 330 CV, INCLUSIVE TANQUE DE ASFALTO COM MAÇARICO - MATERIAIS NA OPERAÇÃO. AF_12/2015","H","176,75","176,75",null,176.75,176.75,"Sinapi 92241"]
["92712","APARELHO PARA CORTE E SOLDA OXI-ACETILENO SOBRE RODAS, INCLUSIVE CILINDROS E MAÇARICOS - DEPRECIAÇÃO. AF_12/2015","H","0,16","0,16",null,0.16,0.16,"Sinapi 92712"]
["92713","APARELHO PARA CORTE E SOLDA OXI-ACETILENO SOBRE RODAS, INCLUSIVE CILINDROS E MAÇARICOS - JUROS. AF_12/2015","H","0,01","0,01",null,0.01,0.01,"Sinapi 92713"]
["92714","APARELHO PARA CORTE E SOLDA OXI-ACETILENO SOBRE RODAS, INCLUSIVE CILINDROS E MAÇARICOS - MANUTENÇÃO. AF_12/2015","H","0,21","0,21",null,0.21,0.21,"Sinapi 92714"]
["92715","APARELHO PARA CORTE E SOLDA OXI-ACETILENO SOBRE RODAS, INCLUSIVE CILINDROS E MAÇARICOS - MATERIAIS NA OPERAÇÃO. AF_12/2015","H","15,93","15,93",null,15.93,15.93,"Sinapi 92715"]
["92956","MÁQUINA EXTRUSORA DE CONCRETO PARA GUIAS E SARJETAS, MOTOR A DIESEL, POTÊNCIA 14 CV - DEPRECIAÇÃO. AF_12/2015","H","5,01","5,01",null,5.01,5.01,"Sinapi 92956"]
["92957","MÁQUINA EXTRUSORA DE CONCRETO PARA GUIAS E SARJETAS, MOTOR A DIESEL, POTÊNCIA 14 CV - JUROS. AF_12/2015","H","0,59","0,59",null,0.59,0.59,"Sinapi 92957"]
["92958","MÁQUINA EXTRUSORA DE CONCRETO PARA GUIAS E SARJETAS, MOTOR A DIESEL, POTÊNCIA 14 CV - MANUTENÇÃO. AF_12/2015","H","5,48","5,48",null,5.48,5.48,"Sinapi 92958"]
["92959","MÁQUINA EXTRUSORA DE CONCRETO PARA GUIAS E SARJETAS, MOTOR A DIESEL, POTÊNCIA 14 CV - MATERIAIS NA OPERAÇÃO. AF_12/2015","H","5,93","5,93",null,5.93,5.93,"Sinapi 92959"]
["92963","MARTELO PERFURADOR PNEUMÁTICO MANUAL, HASTE 25 X 75 MM, 21 KG - DEPRECIAÇÃO. AF_12/2015","H","0,93","0,93",null,0.93,0.93,"Sinapi 92963"]
["92964","MARTELO PERFURADOR PNEUMÁTICO MANUAL, HASTE 25 X 75 MM, 21 KG - JUROS. AF_12/2015","H","0,11","0,11",null,0.11,0.11,"Sinapi 92964"]
["92965","MARTELO PERFURADOR PNEUMÁTICO MANUAL, HASTE 25 X 75 MM, 21 KG - MANUTENÇÃO. AF_12/2015","H","1,16","1,16",null,1.1599999999999999,1.1599999999999999,"Sinapi 92965"]
["93220","PERFURATRIZ COM TORRE METÁLICA PARA EXECUÇÃO DE ESTACA HÉLICE CONTÍNUA, PROFUNDIDADE MÁXIMA DE 32 M, DIÂMETRO MÁXIMO DE 1000 MM, POTÊNCIA INSTALADA DE 350 HP, MESA ROTATIVA COM TORQUE MÁXIMO DE 263 KNM - DEPRECIAÇÃO. AF_01/2016","H","168,25","168,25",null,168.25,168.25,"Sinapi 93220"]
["93221","PERFURATRIZ COM TORRE METÁLICA PARA EXECUÇÃO DE ESTACA HÉLICE CONTÍNUA, PROFUNDIDADE MÁXIMA DE 32 M, DIÂMETRO MÁXIMO DE 1000 MM, POTÊNCIA INSTALADA DE 350 HP, MESA ROTATIVA COM TORQUE MÁXIMO DE 263 KNM - JUROS. AF_01/2016","H","23,35","23,35",null,23.35,23.35,"Sinapi 93221"]
["93222","PERFURATRIZ COM TORRE METÁLICA PARA EXECUÇÃO DE ESTACA HÉLICE CONTÍNUA, PROFUNDIDADE MÁXIMA DE 32 M, DIÂMETRO MÁXIMO DE 1000 MM, POTÊNCIA INSTALADA DE 350 HP, MESA ROTATIVA COM TORQUE MÁXIMO DE 263 KNM - MANUTENÇÃO. AF_01/2016","H","210,55","210,55",null,210.55,210.55,"Sinapi 93222"]
["93223","PERFURATRIZ COM TORRE METÁLICA PARA EXECUÇÃO DE ESTACA HÉLICE CONTÍNUA, PROFUNDIDADE MÁXIMA DE 32 M, DIÂMETRO MÁXIMO DE 1000 MM, POTÊNCIA INSTALADA DE 350 HP, MESA ROTATIVA COM TORQUE MÁXIMO DE 263 KNM \u0096 MATERIAIS NA OPERAÇÃO. AF_01/2016","H","100,03","100,03",null,100.03,100.03,"Sinapi 93223"]
["93229","BETONEIRA CAPACIDADE NOMINAL 400 L, CAPACIDADE DE MISTURA 310 L, MOTOR A GASOLINA POTÊNCIA 5,5 HP, SEM CARREGADOR - DEPRECIAÇÃO. AF_02/2016","H","0,31","0,31",null,0.31,0.31,"Sinapi 93229"]
["93230","BETONEIRA CAPACIDADE NOMINAL 400 L, CAPACIDADE DE MISTURA 310 L, MOTOR A GASOLINA POTÊNCIA 5,5 HP, SEM CARREGADOR - JUROS. AF_02/2016","H","0,03","0,03",null,0.03,0.03,"Sinapi 93230"]
["93231","BETONEIRA CAPACIDADE NOMINAL 400 L, CAPACIDADE DE MISTURA 310 L, MOTOR A GASOLINA POTÊNCIA 5,5 HP, SEM CARREGADOR - MANUTENÇÃO. AF_02/2016","H","0,29","0,29",null,0.28999999999999998,0.28999999999999998,"Sinapi 93231"]
["93232","BETONEIRA CAPACIDADE NOMINAL 400 L, CAPACIDADE DE MISTURA 310 L, MOTOR A GASOLINA POTÊNCIA 5,5 HP, SEM CARREGADOR - MATERIAIS NA OPERAÇÃO. AF_02/2016","H","6,49","6,49",null,6.49,6.49,"Sinapi 93232"]
["93235","GRUPO GERADOR ESTACIONÁRIO, MOTOR DIESEL POTÊNCIA 170 KVA - JUROS. AF_02/2016","H","0,75","0,75",null,0.75,0.75,"Sinapi 93235"]
["93238","ROLO COMPACTADOR VIBRATÓRIO REBOCÁVEL, CILINDRO DE AÇO LISO, POTÊNCIA DE TRAÇÃO DE 65 CV, PESO 4,7 T, IMPACTO DINÂMICO 18,3 T, LARGURA DE TRABALHO 1,67 M - JUROS. AF_02/2016","H","0,64","0,64",null,0.64,0.64,"Sinapi 93238"]
["93239","ROLO COMPACTADOR VIBRATÓRIO PÉ DE CARNEIRO, OPERADO POR CONTROLE REMOTO, POTÊNCIA 12,5 KW, PESO OPERACIONAL 1,675 T, LARGURA DE TRABALHO 0,85 M - JUROS. AF_02/2016","H","2,91","2,91",null,2.91,2.91,"Sinapi 93239"]
["93240","ROLO COMPACTADOR VIBRATÓRIO PÉ DE CARNEIRO, OPERADO POR CONTROLE REMOTO, POTÊNCIA 12,5 KW, PESO OPERACIONAL 1,675 T, LARGURA DE TRABALHO 0,85 M - MATERIAIS NA OPERAÇÃO. AF_02/2016","H","7,66","7,66",null,7.66,7.66,"Sinapi 93240"]
["93267","GRUA ASCENCIONAL, LANÇA DE 30 M, CAPACIDADE DE 1,0 T A 30 M, ALTURA ATÉ 39 M \u0096 DEPRECIAÇÃO. AF_03/2016","H","24,17","24,17",null,24.17,24.17,"Sinapi 93267"]
["93269","GRUA ASCENCIONAL, LANÇA DE 30 M, CAPACIDADE DE 1,0 T A 30 M, ALTURA ATÉ 39 M   JUROS. AF_03/2016","H","2,87","2,87",null,2.87,2.87,"Sinapi 93269"]
["93270","GRUA ASCENCIONAL, LANÇA DE 30 M, CAPACIDADE DE 1,0 T A 30 M, ALTURA ATÉ 39 M   MANUTENÇÃO. AF_03/2016","H","26,44","26,44",null,26.44,26.44,"Sinapi 93270"]
["93271","GRUA ASCENCIONAL, LANÇA DE 30 M, CAPACIDADE DE 1,0 T A 30 M, ALTURA ATÉ 39 M   MATERIAIS NA OPERAÇÃO. AF_03/2016","H","5,79","5,79",null,5.79,5.79,"Sinapi 93271"]
["93277","GUINCHO ELÉTRICO DE COLUNA, CAPACIDADE 400 KG, COM MOTO FREIO, MOTOR TRIFÁSICO DE 1,25 CV - DEPRECIAÇÃO. AF_03/2016","H","0,27","0,27",null,0.27,0.27,"Sinapi 93277"]
["93278","GUINCHO ELÉTRICO DE COLUNA, CAPACIDADE 400 KG, COM MOTO FREIO, MOTOR TRIFÁSICO DE 1,25 CV - JUROS. AF_03/2016","H","0,03","0,03",null,0.03,0.03,"Sinapi 93278"]
["93279","GUINCHO ELÉTRICO DE COLUNA, CAPACIDADE 400 KG, COM MOTO FREIO, MOTOR TRIFÁSICO DE 1,25 CV - MANUTENÇÃO. AF_03/2016","H","0,26","0,26",null,0.26,0.26,"Sinapi 93279"]
["93280","GUINCHO ELÉTRICO DE COLUNA, CAPACIDADE 400 KG, COM MOTO FREIO, MOTOR TRIFÁSICO DE 1,25 CV - MATERIAIS NA OPERAÇÃO. AF_03/2016","H","0,48","0,48",null,0.48,0.48,"Sinapi 93280"]
["93283","GUINDASTE HIDRÁULICO AUTOPROPELIDO, COM LANÇA TELESCÓPICA 40 M, CAPACIDADE MÁXIMA 60 T, POTÊNCIA 260 KW - DEPRECIAÇÃO. AF_03/2016","H","50,81","50,81",null,50.81,50.81,"Sinapi 93283"]
["93284","GUINDASTE HIDRÁULICO AUTOPROPELIDO, COM LANÇA TELESCÓPICA 40 M, CAPACIDADE MÁXIMA 60 T, POTÊNCIA 260 KW - JUROS. AF_03/2016","H","9,65","9,65",null,9.65,9.65,"Sinapi 93284"]
["93285","GUINDASTE HIDRÁULICO AUTOPROPELIDO, COM LANÇA TELESCÓPICA 40 M, CAPACIDADE MÁXIMA 60 T, POTÊNCIA 260 KW - MANUTENÇÃO. AF_03/2016","H","81,69","81,69",null,81.69,81.69,"Sinapi 93285"]
["93286","GUINDASTE HIDRÁULICO AUTOPROPELIDO, COM LANÇA TELESCÓPICA 40 M, CAPACIDADE MÁXIMA 60 T, POTÊNCIA 260 KW - MATERIAIS NA OPERAÇÃO. AF_03/2016","H","137,02","137,02",null,137.02000000000001,137.02000000000001,"Sinapi 93286"]
["93296","GUINDASTE HIDRÁULICO AUTOPROPELIDO, COM LANÇA TELESCÓPICA 40 M, CAPACIDADE MÁXIMA 60 T, POTÊNCIA 260 KW - IMPOSTOS E SEGUROS. AF_03/2016","H","3,55","3,55",null,3.55,3.55,"Sinapi 93296"]
["93397","GUINDAUTO HIDRÁULICO, CAPACIDADE MÁXIMA DE CARGA 3300 KG, MOMENTO MÁXIMO DE CARGA 5,8 TM, ALCANCE MÁXIMO HORIZONTAL 7,60 M, INCLUSIVE CAMINHÃO TOCO PBT 16.000 KG, POTÊNCIA DE 189 CV - DEPRECIAÇÃO. AF_03/2016","H","8,91","8,91",null,8.91,8.91,"Sinapi 93397"]
["93398","GUINDAUTO HIDRÁULICO, CAPACIDADE MÁXIMA DE CARGA 3300 KG, MOMENTO MÁXIMO DE CARGA 5,8 TM, ALCANCE MÁXIMO HORIZONTAL 7,60 M, INCLUSIVE CAMINHÃO TOCO PBT 16.000 KG, POTÊNCIA DE 189 CV - JUROS. AF_03/2016","H","1,86","1,86",null,1.86,1.86,"Sinapi 93398"]
["93399","GUINDAUTO HIDRÁULICO, CAPACIDADE MÁXIMA DE CARGA 3300 KG, MOMENTO MÁXIMO DE CARGA 5,8 TM, ALCANCE MÁXIMO HORIZONTAL 7,60 M, INCLUSIVE CAMINHÃO TOCO PBT 16.000 KG, POTÊNCIA DE 189 CV \u0096 IMPOSTOS E SEGUROS. AF_03/2016","H","0,72","0,72",null,0.72,0.72,"Sinapi 93399"]
["93400","GUINDAUTO HIDRÁULICO, CAPACIDADE MÁXIMA DE CARGA 3300 KG, MOMENTO MÁXIMO DE CARGA 5,8 TM, ALCANCE MÁXIMO HORIZONTAL 7,60 M, INCLUSIVE CAMINHÃO TOCO PBT 16.000 KG, POTÊNCIA DE 189 CV - MANUTENÇÃO. AF_03/2016","H","16,72","16,72",null,16.72,16.72,"Sinapi 93400"]
["93401","GUINDAUTO HIDRÁULICO, CAPACIDADE MÁXIMA DE CARGA 3300 KG, MOMENTO MÁXIMO DE CARGA 5,8 TM, ALCANCE MÁXIMO HORIZONTAL 7,60 M, INCLUSIVE CAMINHÃO TOCO PBT 16.000 KG, POTÊNCIA DE 189 CV - MATERIAIS NA OPERAÇÃO. AF_03/2016","H","101,22","101,22",null,101.22,101.22,"Sinapi 93401"]
["93404","MÁQUINA JATO DE PRESSAO PORTÁTIL PARA JATEAMENTO, CONTROLE AUTOMATICO REMOTO, CAMARA DE 1 SAIDA, CAPACIDADE 280 L, DIAMETRO 670 MM, BICO DE JATO CURTO VENTURI DE 5/16\u0094, MANGUEIRA DE 1\u0094 COM COMPRESSOR DE AR REBOCÁVEL VAZÃO 189 PCM E MOTOR DIESEL DE 63 CV- DEPRECIAÇÃO. AF_03/2016","H","4,39","4,39",null,4.3899999999999997,4.3899999999999997,"Sinapi 93404"]
["93405","MÁQUINA JATO DE PRESSAO PORTÁTIL PARA JATEAMENTO, CONTROLE AUTOMATICO REMOTO, CAMARA DE 1 SAIDA, CAPACIDADE 280 L, DIAMETRO 670 MM, BICO DE JATO CURTO VENTURI DE 5/16\u0094, MANGUEIRA DE 1\u0094 COM COMPRESSOR DE AR REBOCÁVEL VAZÃO 189 PCM E MOTOR DIESEL DE 63 CV- JUROS. AF_03/2016","H","0,44","0,44",null,0.44,0.44,"Sinapi 93405"]
["93406","MÁQUINA JATO DE PRESSAO PORTÁTIL PARA JATEAMENTO, CONTROLE AUTOMATICO REMOTO, CAMARA DE 1 SAIDA, CAPACIDADE 280 L, DIAMETRO 670 MM, BICO DE JATO CURTO VENTURI DE 5/16\u0094, MANGUEIRA DE 1\u0094 COM COMPRESSOR DE AR REBOCÁVEL VAZÃO 189 PCM E MOTOR DIESEL DE 63 CV- MANUTENÇÃO. AF_03/2016","H","5,49","5,49",null,5.49,5.49,"Sinapi 93406"]
["93407","MÁQUINA JATO DE PRESSAO PORTÁTIL PARA JATEAMENTO, CONTROLE AUTOMATICO REMOTO, CAMARA DE 1 SAIDA, CAPACIDADE 280 L, DIAMETRO 670 MM, BICO DE JATO CURTO VENTURI DE 5/16\u0094, MANGUEIRA DE 1\u0094 COM COMPRESSOR DE AR REBOCÁVEL VAZÃO 189 PCM E MOTOR DIESEL DE 63 CV- MATERIAIS NA OPERAÇÃO. AF_03/2016","H","30,18","30,18",null,30.18,30.18,"Sinapi 93407"]
["93411","GERADOR PORTÁTIL MONOFÁSICO, POTÊNCIA 5500 VA, MOTOR A GASOLINA, POTÊNCIA DO MOTOR 13 CV - DEPRECIAÇÃO. AF_03/2016","H","0,20","0,20",null,0.2,0.2,"Sinapi 93411"]
["93412","GERADOR PORTÁTIL MONOFÁSICO, POTÊNCIA 5500 VA, MOTOR A GASOLINA, POTÊNCIA DO MOTOR 13 CV - JUROS. AF_03/2016","H","0,03","0,03",null,0.03,0.03,"Sinapi 93412"]
["93413","GERADOR PORTÁTIL MONOFÁSICO, POTÊNCIA 5500 VA, MOTOR A GASOLINA, POTÊNCIA DO MOTOR 13 CV - MANUTENÇÃO. AF_03/2016","H","0,17","0,17",null,0.17,0.17,"Sinapi 93413"]
["93414","GERADOR PORTÁTIL MONOFÁSICO, POTÊNCIA 5500 VA, MOTOR A GASOLINA, POTÊNCIA DO MOTOR 13 CV - MATERIAIS NA OPERAÇÃO. AF_03/2016","H","11,19","11,19",null,11.19,11.19,"Sinapi 93414"]
["93417","GRUPO GERADOR REBOCÁVEL, POTÊNCIA 66 KVA, MOTOR A DIESEL - DEPRECIAÇÃO. AF_03/2016","H","2,62","2,62",null,{"$f":"IF(D1032=\"\",\"\",D1032+0)","v":2.62},{"$f":"IF(E1032=\"\",\"\",E1032+0)","v":2.62},{"$f":"IF(OR(G1032=\"\",H1032=\"\"),\"\",CONCATENATE(\"Sinapi \",A1032))","v":"Sinapi 93417"}]
["93418","GRUPO GERADOR REBOCÁVEL, POTÊNCIA 66 KVA, MOTOR A DIESEL - JUROS. AF_03/2016","H","0,47","0,47",null,0.47,0.47,"Sinapi 93418"]
["93419","GRUPO GERADOR REBOCÁVEL, POTÊNCIA 66 KVA, MOTOR A DIESEL - MANUTENÇÃO. AF_03/2016","H","2,34","2,34",null,2.34,2.34,"Sinapi 93419"]
["93420","GRUPO GERADOR REBOCÁVEL, POTÊNCIA 66 KVA, MOTOR A DIESEL - MATERIAIS NA OPERAÇÃO. AF_03/2016","H","42,93","42,93",null,42.93,42.93,"Sinapi 93420"]
["93423","GRUPO GERADOR ESTACIONÁRIO, POTÊNCIA 150 KVA, MOTOR A DIESEL- DEPRECIAÇÃO. AF_03/2016","H","3,72","3,72",null,3.72,3.72,"Sinapi 93423"]
["93424","GRUPO GERADOR ESTACIONÁRIO, POTÊNCIA 150 KVA, MOTOR A DIESEL- JUROS. AF_03/2016","H","0,66","0,66",null,0.66,0.66,"Sinapi 93424"]
["93425","GRUPO GERADOR ESTACIONÁRIO, POTÊNCIA 150 KVA, MOTOR A DIESEL- MANUTENÇÃO. AF_03/2016","H","3,32","3,32",null,3.32,3.32,"Sinapi 93425"]
["93426","GRUPO GERADOR ESTACIONÁRIO, POTÊNCIA 150 KVA, MOTOR A DIESEL- MATERIAIS NA OPERAÇÃO. AF_03/2016","H","102,60","102,60",null,102.6,102.6,"Sinapi 93426"]
["93429","USINA DE MISTURA ASFÁLTICA À QUENTE, TIPO CONTRA FLUXO, PROD 40 A 80 TON/HORA - DEPRECIAÇÃO. AF_03/2016","H","63,00","63,00",null,63,63,"Sinapi 93429"]
["93430","USINA DE MISTURA ASFÁLTICA À QUENTE, TIPO CONTRA FLUXO, PROD 40 A 80 TON/HORA - JUROS. AF_03/2016","H","11,34","11,34",null,11.34,11.34,"Sinapi 93430"]
["93431","USINA DE MISTURA ASFÁLTICA À QUENTE, TIPO CONTRA FLUXO, PROD 40 A 80 TON/HORA - MANUTENÇÃO. AF_03/2016","H","101,27","101,27",null,101.27,101.27,"Sinapi 93431"]
["93432","USINA DE MISTURA ASFÁLTICA À QUENTE, TIPO CONTRA FLUXO, PROD 40 A 80 TON/HORA - MATERIAIS NA OPERAÇÃO. AF_03/2016","H","1.838,40","1.838,40",null,1838.4,1838.4,"Sinapi 93432"]
["93435","USINA DE ASFALTO À FRIO, CAPACIDADE DE 40 A 60 TON/HORA, ELÉTRICA POTÊNCIA 30 CV - DEPRECIAÇÃO. AF_03/2016","H","3,41","3,41",null,3.41,3.41,"Sinapi 93435"]
["93436","USINA DE ASFALTO À FRIO, CAPACIDADE DE 40 A 60 TON/HORA, ELÉTRICA POTÊNCIA 30 CV - JUROS. AF_03/2016","H","0,71","0,71",null,0.71,0.71,"Sinapi 93436"]
["93437","USINA DE ASFALTO À FRIO, CAPACIDADE DE 40 A 60 TON/HORA, ELÉTRICA POTÊNCIA 30 CV - MANUTENÇÃO. AF_03/2016","H","6,39","6,39",null,6.39,6.39,"Sinapi 93437"]
["93438","USINA DE ASFALTO À FRIO, CAPACIDADE DE 40 A 60 TON/HORA, ELÉTRICA POTÊNCIA 30 CV - MATERIAIS NA OPERAÇÃO. AF_03/2016","H","19,00","19,00",null,19,19,"Sinapi 93438"]
["95114","MARTELETE OU ROMPEDOR PNEUMÁTICO MANUAL, 28 KG, COM SILENCIADOR - DEPRECIAÇÃO. AF_07/2016","H","0,90","0,90",null,0.9,0.9,"Sinapi 95114"]
["95115","MARTELETE OU ROMPEDOR PNEUMÁTICO MANUAL, 28 KG, COM SILENCIADOR - JUROS. AF_07/2016","H","0,10","0,10",null,0.1,0.1,"Sinapi 95115"]
["95116","USINA DE CONCRETO FIXA, CAPACIDADE NOMINAL DE 90 A 120 M3/H, SEM SILO - DEPRECIAÇÃO. AF_07/2016","H","31,99","31,99",null,31.99,31.99,"Sinapi 95116"]
["95117","USINA DE CONCRETO FIXA, CAPACIDADE NOMINAL DE 90 A 120 M3/H, SEM SILO - JUROS. AF_07/2016","H","5,04","5,04",null,5.04,5.04,"Sinapi 95117"]
["95118","USINA MISTURADORA DE SOLOS, CAPACIDADE DE 200 A 500 TON/H, POTENCIA 75KW - DEPRECIAÇÃO. AF_07/2016","H","32,49","32,49",null,32.49,32.49,"Sinapi 95118"]
["95119","USINA MISTURADORA DE SOLOS, CAPACIDADE DE 200 A 500 TON/H, POTENCIA 75KW - JUROS. AF_07/2016","H","5,84","5,84",null,5.84,5.84,"Sinapi 95119"]
["95120","USINA MISTURADORA DE SOLOS, CAPACIDADE DE 200 A 500 TON/H, POTENCIA 75KW - MATERIAIS NA OPERAÇÃO. AF_07/2016","H","39,52","39,52",null,39.520000000000003,39.520000000000003,"Sinapi 95120"]
["95123","DISTRIBUIDOR DE AGREGADOS AUTOPROPELIDO, CAP 3 M3, A DIESEL, POTÊNCIA 176CV - DEPRECIAÇÃO. AF_07/2016","H","11,40","11,40",null,11.4,11.4,"Sinapi 95123"]
["95124","DISTRIBUIDOR DE AGREGADOS AUTOPROPELIDO, C/AP 3 M3, A DIESEL, POTÊNCIA 176CV - JUROS. AF_07/2016","H","1,79","1,79",null,1.79,1.79,"Sinapi 95124"]
["95125","DISTRIBUIDOR DE AGREGADOS AUTOPROPELIDO, CAP 3 M3, A DIESEL, POTÊNCIA 176CV - MANUTENÇÃO. AF_07/2016","H","12,47","12,47",null,12.47,12.47,"Sinapi 95125"]
["95126","DISTRIBUIDOR DE AGREGADOS AUTOPROPELIDO, CAP 3 M3, A DIESEL, POTÊNCIA 176CV \u0096 MATERIAIS NA OPERAÇÃO. AF_07/2016","H","94,25","94,25",null,94.25,94.25,"Sinapi 95126"]
["95129","MÁQUINA DEMARCADORA DE FAIXA DE TRÁFEGO À FRIO, AUTOPROPELIDA, POTÊNCIA 38 HP - DEPRECIAÇÃO. AF_07/2016","H","20,23","20,23",null,20.23,20.23,"Sinapi 95129"]
["95130","MÁQUINA DEMARCADORA DE FAIXA DE TRÁFEGO À FRIO, AUTOPROPELIDA, POTÊNCIA 38 HP - JUROS. AF_07/2016","H","3,64","3,64",null,3.64,3.64,"Sinapi 95130"]
["95131","MÁQUINA DEMARCADORA DE FAIXA DE TRÁFEGO À FRIO, AUTOPROPELIDA, POTÊNCIA 38 HP - MANUTENÇÃO. AF_07/2016","H","37,94","37,94",null,37.94,37.94,"Sinapi 95131"]
["95132","MÁQUINA DEMARCADORA DE FAIXA DE TRÁFEGO À FRIO, AUTOPROPELIDA, POTÊNCIA 38 HP - MATERIAIS NA OPERAÇÃO. AF_07/2016","H","20,64","20,64",null,20.64,20.64,"Sinapi 95132"]
["95136","TALHA MANUAL DE CORRENTE, CAPACIDADE DE 2 TON. COM ELEVAÇÃO DE 3 M - DEPRECIAÇÃO. AF_07/2016","H","0,03","0,03",null,0.03,0.03,"Sinapi 95136"]
["95137","TALHA MANUAL DE CORRENTE, CAPACIDADE DE 2 TON. COM ELEVAÇÃO DE 3 M - JUROS. AF_07/2016","H","0,01","0,01",null,0.01,0.01,"Sinapi 95137"]
["95138","TALHA MANUAL DE CORRENTE, CAPACIDADE DE 2 TON. COM ELEVAÇÃO DE 3 M - MANUTENÇÃO. AF_07/2016","H","0,02","0,02",null,0.02,0.02,"Sinapi 95138"]
["95208","GRUA ASCENCIONAL, LANÇA DE 42 M, CAPACIDADE DE 1,5 T A 30 M, ALTURA ATÉ 39 M \u0096 DEPRECIAÇÃO. AF_08/2016","H","27,39","27,39",null,27.39,27.39,"Sinapi 95208"]
["95209","GRUA ASCENCIONAL, LANCA DE 42 M, CAPACIDADE DE 1,5 T A 30 M, ALTURA ATE 39 M \u0096 JUROS. AF_08/2016","H","3,25","3,25",null,3.25,3.25,"Sinapi 95209"]
["95210","GRUA ASCENCIONAL, LANCA DE 42 M, CAPACIDADE DE 1,5 T A 30 M, ALTURA ATE 39 M \u0096 MANUTENÇÃO. AF_08/2016","H","29,96","29,96",null,29.96,29.96,"Sinapi 95210"]
["95211","GRUA ASCENCIONAL, LANCA DE 42 M, CAPACIDADE DE 1,5 T A 30 M, ALTURA ATE 39 M \u0096 MATERIAIS NA OPERAÇÃO. AF_08/2016","H","5,79","5,79",null,5.79,5.79,"Sinapi 95211"]
["95214","PULVERIZADOR DE TINTA ELÉTRICO/MÁQUINA DE PINTURA AIRLESS, VAZÃO 2 L/MIN - DEPRECIAÇÃO. AF_08/2016","H","0,24","0,24",null,0.24,0.24,"Sinapi 95214"]
["95215","PULVERIZADOR DE TINTA ELÉTRICO/MÁQUINA DE PINTURA AIRLESS, VAZÃO 2 L/MIN - JUROS. AF_08/2016","H","0,02","0,02",null,0.02,0.02,"Sinapi 95215"]
["95216","PULVERIZADOR DE TINTA ELÉTRICO/MÁQUINA DE PINTURA AIRLESS, VAZÃO 2 L/MIN - MANUTENÇÃO. AF_08/2016","H","0,17","0,17",null,0.17,0.17,"Sinapi 95216"]
["95217","PULVERIZADOR DE TINTA ELÉTRICO/MÁQUINA DE PINTURA AIRLESS, VAZÃO 2 L/MIN - MATERIAIS NA OPERAÇÃO. AF_08/2016","H","0,39","0,39",null,0.39,0.39,"Sinapi 95217"]
["95255","MARTELO DEMOLIDOR PNEUMÁTICO MANUAL, 32 KG - DEPRECIAÇÃO. AF_09/2016","H","0,80","0,80",null,0.8,0.8,"Sinapi 95255"]
["95256","MARTELO DEMOLIDOR PNEUMÁTICO MANUAL, 32 KG - JUROS. AF_09/2016","H","0,09","0,09",null,0.09,0.09,"Sinapi 95256"]
["95257","MARTELO DEMOLIDOR PNEUMÁTICO MANUAL, 32 KG - MANUTENÇÃO. AF_09/2016","H","1,00","1,00",null,1,1,"Sinapi 95257"]
["95260","COMPACTADOR DE SOLOS DE PERCUSÃO (SOQUETE) COM MOTOR A GASOLINA, POTÊNCIA 3 CV - DEPRECIAÇÃO. AF_09/2016","H","0,58","0,58",null,0.57999999999999996,0.57999999999999996,"Sinapi 95260"]
["95261","COMPACTADOR DE SOLOS DE PERCUSÃO (SOQUETE) COM MOTOR A GASOLINA, POTÊNCIA 3 CV - JUROS. AF_09/2016","H","0,09","0,09",null,0.09,0.09,"Sinapi 95261"]
["95262","COMPACTADOR DE SOLOS DE PERCUSÃO (SOQUETE) COM MOTOR A GASOLINA, POTÊNCIA 3 CV - MANUTENÇÃO. AF_09/2016","H","0,83","0,83",null,0.83,0.83,"Sinapi 95262"]
["95263","COMPACTADOR DE SOLOS DE PERCUSÃO (SOQUETE) COM MOTOR A GASOLINA, POTÊNCIA 3 CV - MATERIAIS NA OPERAÇÃO. AF_09/2016","H","3,47","3,47",null,3.47,3.47,"Sinapi 95263"]
["95266","RÉGUA VIBRATÓRIA DUPLA PARA CONCRETO, PESO DE 60KG, COMPRIMENTO 4 M, COM MOTOR A GASOLINA, POTÊNCIA 5,5 HP - DEPRECIAÇÃO. AF_09/2016","H","0,36","0,36",null,0.36,0.36,"Sinapi 95266"]
["95267","RÉGUA VIBRATÓRIA DUPLA PARA CONCRETO, PESO DE 60KG, COMPRIMENTO 4 M, COM MOTOR A GASOLINA, POTÊNCIA 5,5 HP - JUROS. AF_09/2016","H","0,03","0,03",null,0.03,0.03,"Sinapi 95267"]
["95268","RÉGUA VIBRATÓRIA DUPLA PARA CONCRETO, PESO DE 60KG, COMPRIMENTO 4 M, COM MOTOR A GASOLINA, POTÊNCIA 5,5 HP - MANUTENÇÃO. AF_09/2016","H","0,35","0,35",null,0.35,0.35,"Sinapi 95268"]
["95269","RÉGUA VIBRATÓRIA DUPLA PARA CONCRETO, PESO DE 60KG, COMPRIMENTO 4 M, COM MOTOR A GASOLINA, POTÊNCIA 5,5 HP \u0096 MATERIAIS NA OPERAÇÃO. AF_09/2016","H","6,49","6,49",null,6.49,6.49,"Sinapi 95269"]
["95272","POLIDORA DE PISO (POLITRIZ), PESO DE 100KG, DIÂMETRO 450 MM, MOTOR ELÉTRICO, POTÊNCIA 4 HP - DEPRECIAÇÃO. AF_09/2016","H","0,35","0,35",null,0.35,0.35,"Sinapi 95272"]
["95273","POLIDORA DE PISO (POLITRIZ), PESO DE 100KG, DIÂMETRO 450 MM, MOTOR ELÉTRICO, POTÊNCIA 4 HP - JUROS. AF_09/2016","H","0,04","0,04",null,0.04,0.04,"Sinapi 95273"]
["95274","POLIDORA DE PISO (POLITRIZ), PESO DE 100KG, DIÂMETRO 450 MM, MOTOR ELÉTRICO, POTÊNCIA 4 HP - MANUTENÇÃO. AF_09/2016","H","0,28","0,28",null,0.28000000000000003,0.28000000000000003,"Sinapi 95274"]
["95275","POLIDORA DE PISO (POLITRIZ), PESO DE 100KG, DIÂMETRO 450 MM, MOTOR ELÉTRICO, POTÊNCIA 4 HP \u0096 MATERIAIS NA OPERAÇÃO. AF_09/2016","H","1,57","1,57",null,1.57,1.57,"Sinapi 95275"]
["95278","DESEMPENADEIRA DE CONCRETO, PESO DE 75KG, 4 PÁS, MOTOR A GASOLINA, POTÊNCIA 5,5 HP - DEPRECIAÇÃO. AF_09/2016","H","0,39","0,39",null,0.39,0.39,"Sinapi 95278"]
["95279","DESEMPENADEIRA DE CONCRETO, PESO DE 75KG, 4 PÁS, MOTOR A GASOLINA, POTÊNCIA 5,5 HP - JUROS. AF_09/2016","H","0,04","0,04",null,0.04,0.04,"Sinapi 95279"]
["95280","DESEMPENADEIRA DE CONCRETO, PESO DE 75KG, 4 PÁS, MOTOR A GASOLINA, POTÊNCIA 5,5 HP - MANUTENÇÃO. AF_09/2016","H","0,30","0,30",null,0.3,0.3,"Sinapi 95280"]
["95281","DESEMPENADEIRA DE CONCRETO, PESO DE 75KG, 4 PÁS, MOTOR A GASOLINA, POTÊNCIA 5,5 HP \u0096 MATERIAIS NA OPERAÇÃO. AF_09/2016","H","6,49","6,49",null,6.49,6.49,"Sinapi 95281"]
["95617","PERFURATRIZ PNEUMATICA MANUAL DE PESO MEDIO, MARTELETE, 18KG, COMPRIMENTO MÁXIMO DE CURSO DE 6 M, DIAMETRO DO PISTAO DE 5,5 CM - DEPRECIAÇÃO. AF_11/2016","H","0,65","0,65",null,0.65,0.65,"Sinapi 95617"]
["95618","PERFURATRIZ PNEUMATICA MANUAL DE PESO MEDIO, MARTELETE, 18KG, COMPRIMENTO MÁXIMO DE CURSO DE 6 M, DIAMETRO DO PISTAO DE 5,5 CM - JUROS. AF_11/2016","H","0,07","0,07",null,7.0000000000000007E-2,7.0000000000000007E-2,"Sinapi 95618"]
["95619","PERFURATRIZ PNEUMATICA MANUAL DE PESO MEDIO, MARTELETE, 18KG, COMPRIMENTO MÁXIMO DE CURSO DE 6 M, DIAMETRO DO PISTAO DE 5,5 CM - MANUTENÇÃO. AF_11/2016","H","0,82","0,82",null,0.82,0.82,"Sinapi 95619"]
["95627","ROLO COMPACTADOR VIBRATORIO TANDEM, ACO LISO, POTENCIA 125 HP, PESO SEM/COM LASTRO 10,20/11,65 T, LARGURA DE TRABALHO 1,73 M - DEPRECIAÇÃO. AF_11/2016","H","23,01","23,01",null,{"$f":"IF(D1096=\"\",\"\",D1096+0)","v":23.01},{"$f":"IF(E1096=\"\",\"\",E1096+0)","v":23.01},{"$f":"IF(OR(G1096=\"\",H1096=\"\"),\"\",CONCATENATE(\"Sinapi \",A1096))","v":"Sinapi 95627"}]
["95628","ROLO COMPACTADOR VIBRATORIO TANDEM, ACO LISO, POTENCIA 125 HP, PESO SEM/COM LASTRO 10,20/11,65 T, LARGURA DE TRABALHO 1,73 M - JUROS. AF_11/2016","H","3,19","3,19",null,3.19,3.19,"Sinapi 95628"]
["95629","ROLO COMPACTADOR VIBRATORIO TANDEM, ACO LISO, POTENCIA 125 HP, PESO SEM/COM LASTRO 10,20/11,65 T, LARGURA DE TRABALHO 1,73 M - MANUTENÇÃO. AF_11/2016","H","28,79","28,79",null,28.79,28.79,"Sinapi 95629"]
["95630","ROLO COMPACTADOR VIBRATORIO TANDEM, ACO LISO, POTENCIA 125 HP, PESO SEM/COM LASTRO 10,20/11,65 T, LARGURA DE TRABALHO 1,73 M - MATERIAIS NA OPERAÇÃO. AF_11/2016","H","57,14","57,14",null,57.14,57.14,"Sinapi 95630"]
["95698","PERFURATRIZ MANUAL, TORQUE MAXIMO 55 KGF.M, POTENCIA 5 CV, COM DIAMETRO MAXIMO 8 1/2\" - DEPRECIAÇÃO. AF_11/2016","H","2,67","2,67",null,2.67,2.67,"Sinapi 95698"]
["95699","PERFURATRIZ MANUAL, TORQUE MAXIMO 55 KGF.M, POTENCIA 5 CV, COM DIAMETRO MAXIMO 8 1/2\" - JUROS. AF_11/2016","H","0,31","0,31",null,0.31,0.31,"Sinapi 95699"]
["95700","PERFURATRIZ MANUAL, TORQUE MAXIMO 55 KGF.M, POTENCIA 5 CV, COM DIAMETRO MAXIMO 8 1/2\" - MANUTENÇÃO. AF_11/2016","H","3,34","3,34",null,3.34,3.34,"Sinapi 95700"]
["95701","PERFURATRIZ MANUAL, TORQUE MAXIMO 55 KGF.M, POTENCIA 5 CV, COM DIAMETRO MAXIMO 8 1/2\" - MATERIAIS NA OPERAÇÃO. AF_11/2016","H","1,94","1,94",null,1.94,1.94,"Sinapi 95701"]
["95704","PERFURATRIZ SOBRE ESTEIRA, TORQUE MÁXIMO 600 KGF, POTÊNCIA ENTRE 50 E 60 HP, DIÂMETRO MÁXIMO 10\u0094 - DEPRECIAÇÃO. AF_11/2016","H","22,59","22,59",null,22.59,22.59,"Sinapi 95704"]
["95705","PERFURATRIZ SOBRE ESTEIRA, TORQUE MÁXIMO 600 KGF, POTÊNCIA ENTRE 50 E 60 HP, DIÂMETRO MÁXIMO 10\u0094 - JUROS. AF_11/2016","H","3,22","3,22",null,3.22,3.22,"Sinapi 95705"]
["95706","PERFURATRIZ SOBRE ESTEIRA, TORQUE MÁXIMO 600 KGF, POTÊNCIA ENTRE 50 E 60 HP, DIÂMETRO MÁXIMO 10\u0094 - MANUTENÇÃO. AF_11/2016","H","28,27","28,27",null,28.27,28.27,"Sinapi 95706"]
["95707","PERFURATRIZ SOBRE ESTEIRA, TORQUE MÁXIMO 600 KGF, POTÊNCIA ENTRE 50 E 60 HP, DIÂMETRO MÁXIMO 10\u0094 - MATERIAIS NA OPERAÇÃO. AF_11/2016","H","21,62","21,62",null,21.62,21.62,"Sinapi 95707"]
["95710","ESCAVADEIRA HIDRAULICA SOBRE ESTEIRA, COM GARRA GIRATORIA DE MANDIBULAS, PESO OPERACIONAL ENTRE 22,00 E 25,50 TON, POTENCIA LIQUIDA ENTRE 150 E 160 HP - DEPRECIAÇÃO. AF_11/2016","H","27,16","27,16",null,27.16,27.16,"Sinapi 95710"]
["95711","ESCAVADEIRA HIDRAULICA SOBRE ESTEIRA, COM GARRA GIRATORIA DE MANDIBULAS, PESO OPERACIONAL ENTRE 22,00 E 25,50 TON, POTENCIA LIQUIDA ENTRE 150 E 160 HP - JUROS. AF_11/2016","H","3,68","3,68",null,3.68,3.68,"Sinapi 95711"]
["95712","ESCAVADEIRA HIDRAULICA SOBRE ESTEIRA, COM GARRA GIRATORIA DE MANDIBULAS, PESO OPERACIONAL ENTRE 22,00 E 25,50 TON, POTENCIA LIQUIDA ENTRE 150 E 160 HP - MANUTENÇÃO. AF_11/2016","H","33,95","33,95",null,33.950000000000003,33.950000000000003,"Sinapi 95712"]
["95713","ESCAVADEIRA HIDRAULICA SOBRE ESTEIRA, COM GARRA GIRATORIA DE MANDIBULAS, PESO OPERACIONAL ENTRE 22,00 E 25,50 TON, POTENCIA LIQUIDA ENTRE 150 E 160 HP - MATERIAIS NA OPERAÇÃO. AF_11/2016","H","57,56","57,56",null,57.56,57.56,"Sinapi 95713"]
["95716","ESCAVADEIRA HIDRAULICA SOBRE ESTEIRA, EQUIPADA COM CLAMSHELL, COM CAPACIDADE DA CAÇAMBA ENTRE 1,20 E 1,50 M3, PESO OPERACIONAL ENTRE 20,00 E 22,00 TON, POTENCIA LIQUIDA ENTRE 150 E 160 HP - DEPRECIAÇÃO. AF_11/2016","H","26,14","26,14",null,26.14,26.14,"Sinapi 95716"]
["95717","ESCAVADEIRA HIDRAULICA SOBRE ESTEIRA, EQUIPADA COM CLAMSHELL, COM CAPACIDADE DA CAÇAMBA ENTRE 1,20 E 1,50 M3, PESO OPERACIONAL ENTRE 20,00 E 22,00 TON, POTENCIA LIQUIDA ENTRE 150 E 160 HP - JUROS. AF_11/2016","H","3,54","3,54",null,3.54,3.54,"Sinapi 95717"]
["95718","ESCAVADEIRA HIDRAULICA SOBRE ESTEIRA, EQUIPADA COM CLAMSHELL, COM CAPACIDADE DA CAÇAMBA ENTRE 1,20 E 1,50 M3, PESO OPERACIONAL ENTRE 20,00 E 22,00 TON, POTENCIA LIQUIDA ENTRE 150 E 160 HP - MANUTENÇÃO. AF_11/2016","H","32,68","32,68",null,32.68,32.68,"Sinapi 95718"]
["95719","ESCAVADEIRA HIDRAULICA SOBRE ESTEIRA, EQUIPADA COM CLAMSHELL, COM CAPACIDADE DA CAÇAMBA ENTRE 1,20 E 1,50 M3, PESO OPERACIONAL ENTRE 20,00 E 22,00 TON, POTENCIA LIQUIDA ENTRE 150 E 160 HP - MATERIAIS NA OPERAÇÃO. AF_11/2016","H","57,56","57,56",null,57.56,57.56,"Sinapi 95719"]
["95869","GRUPO GERADOR COM CARENAGEM, MOTOR DIESEL POTÊNCIA STANDART ENTRE 250 E 260 KVA - JUROS. AF_12/2016","H","1,07","1,07",null,1.07,1.07,"Sinapi 95869"]
["95870","GRUPO GERADOR COM CARENAGEM, MOTOR DIESEL POTÊNCIA STANDART ENTRE 250 E 260 KVA - MANUTENÇÃO. AF_12/2016","H","5,30","5,30",null,5.3,5.3,"Sinapi 95870"]
["95871","GRUPO GERADOR COM CARENAGEM, MOTOR DIESEL POTÊNCIA STANDART ENTRE 250 E 260 KVA - MATERIAIS NA OPERAÇÃO. AF_12/2016","H","174,80","174,80",null,174.8,174.8,"Sinapi 95871"]
["95874","GRUPO GERADOR COM CARENAGEM, MOTOR DIESEL POTÊNCIA STANDART ENTRE 250 E 260 KVA - DEPRECIAÇÃO. AF_12/2016","H","5,94","5,94",null,5.94,5.94,"Sinapi 95874"]
["96008","TRATOR DE PNEUS COM POTÊNCIA DE 122 CV, TRAÇÃO 4X4, COM VASSOURA MECÂNICA ACOPLADA - DEPRECIAÇÃO. AF_02/2017","H","11,69","11,69",null,11.69,11.69,"Sinapi 96008"]
["96009","TRATOR DE PNEUS COM POTÊNCIA DE 122 CV, TRAÇÃO 4X4, COM VASSOURA MECÂNICA ACOPLADA - JUROS. AF_02/2017","H","1,62","1,62",null,1.62,1.62,"Sinapi 96009"]
["96011","TRATOR DE PNEUS COM POTÊNCIA DE 122 CV, TRAÇÃO 4X4, COM VASSOURA MECÂNICA ACOPLADA - MANUTENÇÃO. AF_02/2017","H","12,79","12,79",null,12.79,12.79,"Sinapi 96011"]
["96012","TRATOR DE PNEUS COM POTÊNCIA DE 122 CV, TRAÇÃO 4X4, COM VASSOURA MECÂNICA ACOPLADA - MATERIAIS NA OPERAÇÃO. AF_02/2017","H","110,03","110,03",null,110.03,110.03,"Sinapi 96012"]
["96015","TRATOR DE PNEUS COM POTÊNCIA DE 122 CV, TRAÇÃO 4X4, COM GRADE DE DISCOS ACOPLADA - DEPRECIAÇÃO. AF_02/2017","H","11,59","11,59",null,11.59,11.59,"Sinapi 96015"]
["96016","TRATOR DE PNEUS COM POTÊNCIA DE 122 CV, TRAÇÃO 4X4, COM GRADE DE DISCOS ACOPLADA - JUROS. AF_02/2017","H","1,60","1,60",null,1.6,1.6,"Sinapi 96016"]
["96018","TRATOR DE PNEUS COM POTÊNCIA DE 122 CV, TRAÇÃO 4X4, COM GRADE DE DISCOS ACOPLADA - MANUTENÇÃO. AF_02/2017","H","12,67","12,67",null,12.67,12.67,"Sinapi 96018"]
["96019","TRATOR DE PNEUS COM POTÊNCIA DE 122 CV, TRAÇÃO 4X4, COM GRADE DE DISCOS ACOPLADA - MATERIAIS NA OPERAÇÃO. AF_02/2017","H","110,03","110,03",null,110.03,110.03,"Sinapi 96019"]
["96023","TRATOR DE PNEUS COM POTÊNCIA DE 85 CV, TRAÇÃO 4X4, COM GRADE DE DISCOS ACOPLADA - DEPRECIAÇÃO. AF_02/2017","H","8,97","8,97",null,8.9700000000000006,8.9700000000000006,"Sinapi 96023"]
["96024","TRATOR DE PNEUS COM POTÊNCIA DE 85 CV, TRAÇÃO 4X4, COM GRADE DE DISCOS ACOPLADA - JUROS. AF_02/2017","H","1,23","1,23",null,1.23,1.23,"Sinapi 96024"]
["96026","TRATOR DE PNEUS COM POTÊNCIA DE 85 CV, TRAÇÃO 4X4, COM GRADE DE DISCOS ACOPLADA - MANUTENÇÃO. AF_02/2017","H","9,81","9,81",null,9.81,9.81,"Sinapi 96026"]
["96027","TRATOR DE PNEUS COM POTÊNCIA DE 85 CV, TRAÇÃO 4X4, COM GRADE DE DISCOS ACOPLADA - MATERIAIS NA OPERAÇÃO. AF_02/2017","H","76,67","76,67",null,76.67,76.67,"Sinapi 96027"]
["96030","CAMINHÃO BASCULANTE 10 M3, TRUCADO, POTÊNCIA 230 CV, INCLUSIVE CAÇAMBA METÁLICA, COM DISTRIBUIDOR DE AGREGADOS ACOPLADO - DEPRECIAÇÃO. AF_02/2017","H","16,20","16,20",null,16.2,16.2,"Sinapi 96030"]
["96031","CAMINHÃO BASCULANTE 10 M3, TRUCADO, POTÊNCIA 230 CV, INCLUSIVE CAÇAMBA METÁLICA, COM DISTRIBUIDOR DE AGREGADOS ACOPLADO - JUROS. AF_02/2017","H","2,99","2,99",null,2.99,2.99,"Sinapi 96031"]
["96032","CAMINHÃO BASCULANTE 10 M3, TRUCADO, POTÊNCIA 230 CV, INCLUSIVE CAÇAMBA METÁLICA, COM DISTRIBUIDOR DE AGREGADOS ACOPLADO - IMPOSTOS E SEGUROS. AF_02/2017","H","1,16","1,16",null,1.1599999999999999,1.1599999999999999,"Sinapi 96032"]
["96033","CAMINHÃO BASCULANTE 10 M3, TRUCADO, POTÊNCIA 230 CV, INCLUSIVE CAÇAMBA METÁLICA, COM DISTRIBUIDOR DE AGREGADOS ACOPLADO - MANUTENÇÃO. AF_02/2017","H","30,38","30,38",null,30.38,30.38,"Sinapi 96033"]
["96034","CAMINHÃO BASCULANTE 10 M3, TRUCADO, POTÊNCIA 230 CV, INCLUSIVE CAÇAMBA METÁLICA, COM DISTRIBUIDOR DE AGREGADOS ACOPLADO - MATERIAIS NA OPERAÇÃO. AF_02/2017","H","90,77","90,77",null,90.77,90.77,"Sinapi 96034"]
["96053","TRATOR DE PNEUS COM POTÊNCIA DE 85 CV, TRAÇÃO 4X4, COM VASSOURA MECÂNICA ACOPLADA - DEPRECIAÇÃO. AF_03/2017","H","9,07","9,07",null,9.07,9.07,"Sinapi 96053"]
["96054","MINICARREGADEIRA SOBRE RODAS POTENCIA 47HP CAPACIDADE OPERACAO 646 KG, COM VASSOURA MECÂNICA ACOPLADA - DEPRECIAÇÃO. AF_03/2017","H","14,42","14,42",null,14.42,14.42,"Sinapi 96054"]
["96055","TRATOR DE PNEUS COM POTÊNCIA DE 85 CV, TRAÇÃO 4X4, COM VASSOURA MECÂNICA ACOPLADA - JUROS. AF_03/2017","H","1,25","1,25",null,1.25,1.25,"Sinapi 96055"]
["96056","TRATOR DE PNEUS COM POTÊNCIA DE 85 CV, TRAÇÃO 4X4, COM VASSOURA MECÂNICA ACOPLADA - MANUTENÇÃO. AF_03/2017","H","9,93","9,93",null,9.93,9.93,"Sinapi 96056"]
["96057","TRATOR DE PNEUS COM POTÊNCIA DE 85 CV, TRAÇÃO 4X4, COM VASSOURA MECÂNICA ACOPLADA - MATERIAIS NA OPERAÇÃO. AF_03/2017","H","76,67","76,67",null,76.67,76.67,"Sinapi 96057"]
["96060","MINICARREGADEIRA SOBRE RODAS POTENCIA 47HP CAPACIDADE OPERACAO 646 KG, COM VASSOURA MECÂNICA ACOPLADA - JUROS. AF_03/2017","H","1,45","1,45",null,1.45,1.45,"Sinapi 96060"]
["96061","MINICARREGADEIRA SOBRE RODAS POTENCIA 47HP CAPACIDADE OPERACAO 646 KG, COM VASSOURA MECÂNICA ACOPLADA - MANUTENÇÃO. AF_03/2017","H","18,02","18,02",null,18.02,18.02,"Sinapi 96061"]
["96062","MINICARREGADEIRA SOBRE RODAS POTENCIA 47HP CAPACIDADE OPERACAO 646 KG, COM VASSOURA MECÂNICA ACOPLADA - MATERIAIS NA OPERAÇÃO. AF_03/2017","H","33,55","33,55",null,33.549999999999997,33.549999999999997,"Sinapi 96062"]
["96241","MINIESCAVADEIRA SOBRE ESTEIRAS, POTENCIA LIQUIDA DE *30* HP, PESO OPERACIONAL DE *3.500* KG - DEPRECIACAO. AF_04/2017","H","12,31","12,31",null,12.31,12.31,"Sinapi 96241"]
["96242","MINIESCAVADEIRA SOBRE ESTEIRAS, POTENCIA LIQUIDA DE *30* HP, PESO OPERACIONAL DE *3.500* KG - JUROS. AF_04/2017","H","1,67","1,67",null,1.67,1.67,"Sinapi 96242"]
["96243","MINIESCAVADEIRA SOBRE ESTEIRAS, POTENCIA LIQUIDA DE *30* HP, PESO OPERACIONAL DE *3.500* KG - MANUTENCAO. AF_04/2017","H","15,39","15,39",null,15.39,15.39,"Sinapi 96243"]
["96244","MINIESCAVADEIRA SOBRE ESTEIRAS, POTENCIA LIQUIDA DE *30* HP, PESO OPERACIONAL DE *3.500* KG - MATERIAIS NA OPERACAO. AF_04/2017","H","11,14","11,14",null,11.14,11.14,"Sinapi 96244"]
["96298","PERFURATRIZ ROTATIVA SOBRE ESTEIRA, TORQUE MAXIMO 2500 KGM, POTENCIA 110 HP, MOTOR DIESEL - DEPRECIAÇÃO. AF_05/2017","H","35,28","35,28",null,35.28,35.28,"Sinapi 96298"]
["96299","PERFURATRIZ ROTATIVA SOBRE ESTEIRA, TORQUE MAXIMO 2500 KGM, POTENCIA 110 HP, MOTOR DIESEL - JUROS. AF_05/2017","H","4,89","4,89",null,4.8899999999999997,4.8899999999999997,"Sinapi 96299"]
["96300","PERFURATRIZ ROTATIVA SOBRE ESTEIRA, TORQUE MAXIMO 2500 KGM, POTENCIA 110 HP, MOTOR DIESEL - MANUTENÇÃO. AF_05/2017","H","44,15","44,15",null,44.15,44.15,"Sinapi 96300"]
["96301","PERFURATRIZ ROTATIVA SOBRE ESTEIRA, TORQUE MAXIMO 2500 KGM, POTENCIA 110 HP, MOTOR DIESEL - MATERIAIS NA OPERAÇÃO. AF_05/2017","H","31,44","31,44",null,31.44,31.44,"Sinapi 96301"]
["96304","COMPRESSOR DE AR, VAZAO DE 10 PCM, RESERVATORIO 100 L, PRESSAO DE TRABALHO ENTRE 6,9 E 9,7 BAR,  POTENCIA 2 HP, TENSAO 110/220 V - DEPRECIAÇÃO. AF_05/2017","H","0,11","0,11",null,0.11,0.11,"Sinapi 96304"]
["96305","COMPRESSOR DE AR, VAZAO DE 10 PCM, RESERVATORIO 100 L, PRESSAO DE TRABALHO ENTRE 6,9 E 9,7 BAR,  POTENCIA 2 HP, TENSAO 110/220 V - JUROS. AF_05/2017","H","0,01","0,01",null,0.01,0.01,"Sinapi 96305"]
["96306","COMPRESSOR DE AR, VAZAO DE 10 PCM, RESERVATORIO 100 L, PRESSAO DE TRABALHO ENTRE 6,9 E 9,7 BAR,  POTENCIA 2 HP, TENSAO 110/220 V - MANUTENÇÃO. AF_05/2017","H","0,14","0,14",null,0.14000000000000001,0.14000000000000001,"Sinapi 96306"]
["96307","COMPRESSOR DE AR, VAZAO DE 10 PCM, RESERVATORIO 100 L, PRESSAO DE TRABALHO ENTRE 6,9 E 9,7 BAR, POTENCIA 2 HP, TENSAO 110/220 V - MATERIAIS NA OPERAÇÃO. AF_05/2017","H","0,78","0,78",null,0.78,0.78,"Sinapi 96307"]
["96457","ROLO COMPACTADOR DE PNEUS, ESTATICO, PRESSAO VARIAVEL, POTENCIA 110 HP, PESO SEM/COM LASTRO 10,8/27 T, LARGURA DE ROLAGEM 2,30 M - MATERIAIS NA OPERACAO. AF_06/2017","H","40,86","40,86",null,40.86,40.86,"Sinapi 96457"]
["96458","ROLO COMPACTADOR DE PNEUS, ESTATICO, PRESSAO VARIAVEL, POTENCIA 110 HP, PESO SEM/COM LASTRO 10,8/27 T, LARGURA DE ROLAGEM 2,30 M - MANUTENCAO. AF_06/2017","H","31,93","31,93",null,31.93,31.93,"Sinapi 96458"]
["96459","ROLO COMPACTADOR DE PNEUS, ESTATICO, PRESSAO VARIAVEL, POTENCIA 110 HP, PESO SEM/COM LASTRO 10,8/27 T, LARGURA DE ROLAGEM 2,30 M - JUROS. AF_06/2017","H","3,54","3,54",null,3.54,3.54,"Sinapi 96459"]
["96460","ROLO COMPACTADOR DE PNEUS, ESTATICO, PRESSAO VARIAVEL, POTENCIA 110 HP, PESO SEM/COM LASTRO 10,8/27 T, LARGURA DE ROLAGEM 2,30 M - DEPRECIAÇÃO. AF_06/2017","H","25,51","25,51",null,{"$f":"IF(D1160=\"\",\"\",D1160+0)","v":25.51},{"$f":"IF(E1160=\"\",\"\",E1160+0)","v":25.51},{"$f":"IF(OR(G1160=\"\",H1160=\"\"),\"\",CONCATENATE(\"Sinapi \",A1160))","v":"Sinapi 96460"}]
["98760","INVERSOR DE SOLDA MONOFÁSICO DE 160 A, POTÊNCIA DE 5400 W, TENSÃO DE 220 V, PARA SOLDA COM ELETRODOS DE 2,0 A 4,0 MM E PROCESSO TIG - DEPRECIAÇÃO. AF_06/2018","H","0,06","0,06",null,0.06,0.06,"Sinapi 98760"]
["98761","INVERSOR DE SOLDA MONOFÁSICO DE 160 A, POTÊNCIA DE 5400 W, TENSÃO DE 220 V, PARA SOLDA COM ELETRODOS DE 2,0 A 4,0 MM E PROCESSO TIG - JUROS. AF_06/2018","H","0,01","0,01",null,0.01,0.01,"Sinapi 98761"]
["98762","INVERSOR DE SOLDA MONOFÁSICO DE 160 A, POTÊNCIA DE 5400 W, TENSÃO DE 220 V, PARA SOLDA COM ELETRODOS DE 2,0 A 4,0 MM E PROCESSO TIG - MANUTENÇÃO. AF_06/2018","H","0,07","0,07",null,7.0000000000000007E-2,7.0000000000000007E-2,"Sinapi 98762"]
["98763","INVERSOR DE SOLDA MONOFÁSICO DE 160 A, POTÊNCIA DE 5400 W, TENSÃO DE 220 V, PARA SOLDA COM ELETRODOS DE 2,0 A 4,0 MM E PROCESSO TIG - MATERIAIS NA OPERAÇÃO. AF_06/2018","H","2,84","2,84",null,2.84,2.84,"Sinapi 98763"]
["99829","LAVADORA DE ALTA PRESSAO (LAVA-JATO) PARA AGUA FRIA, PRESSAO DE OPERACAO ENTRE 1400 E 1900 LIB/POL2, VAZAO MAXIMA ENTRE 400 E 700 L/H - DEPRECIAÇÃO. AF_04/2019","H","0,13","0,13",null,0.13,0.13,"Sinapi 99829"]
["99830","LAVADORA DE ALTA PRESSAO (LAVA-JATO) PARA AGUA FRIA, PRESSAO DE OPERACAO ENTRE 1400 E 1900 LIB/POL2, VAZAO MAXIMA ENTRE 400 E 700 L/H - JUROS. AF_04/2019","H","0,01","0,01",null,0.01,0.01,"Sinapi 99830"]
["99831","LAVADORA DE ALTA PRESSAO (LAVA-JATO) PARA AGUA FRIA, PRESSAO DE OPERACAO ENTRE 1400 E 1900 LIB/POL2, VAZAO MAXIMA ENTRE 400 E 700 L/H - MANUTENÇÃO. AF_04/2019","H","0,18","0,18",null,0.18,0.18,"Sinapi 99831"]
["99832","LAVADORA DE ALTA PRESSAO (LAVA-JATO) PARA AGUA FRIA, PRESSAO DE OPERACAO ENTRE 1400 E 1900 LIB/POL2, VAZAO MAXIMA ENTRE 400 E 700 L/H - MATERIAIS NA OPERAÇÃO. AF_04/2019","H","0,73","0,73",null,0.73,0.73,"Sinapi 99832"]
["100637","USINA DE MISTURA ASFÁLTICA À QUENTE, TIPO CONTRA FLUXO, PROD 100 A 140 TON/HORA - DEPRECIAÇÃO. AF_12/2019","H","77,38","77,38",null,77.38,77.38,"Sinapi 100637"]
["100638","USINA DE MISTURA ASFÁLTICA À QUENTE, TIPO CONTRA FLUXO, PROD 100 A 140 TON/HORA - JUROS. AF_12/2019","H","13,92","13,92",null,13.92,13.92,"Sinapi 100638"]
["100639","USINA DE MISTURA ASFÁLTICA À QUENTE, TIPO CONTRA FLUXO, PROD 100 A 140 TON/HORA - MANUTENÇÃO. AF_12/2019","H","124,39","124,39",null,124.39,124.39,"Sinapi 100639"]
["100640","USINA DE MISTURA ASFÁLTICA À QUENTE, TIPO CONTRA FLUXO, PROD 100 A 140 TON/HORA - MATERIAIS NA OPERAÇÃO. AF_12/2019","H","147,56","147,56",null,147.56,147.56,"Sinapi 100640"]
["100643","USINA DE ASFALTO, TIPO GRAVIMÉTRICA, PROD 150 TON/HORA - DEPRECIAÇÃO. AF_12/2019","H","203,75","203,75",null,203.75,203.75,"Sinapi 100643"]
["100644","USINA DE ASFALTO, TIPO GRAVIMÉTRICA, PROD 150 TON/HORA - JUROS. AF_12/2019","H","36,67","36,67",null,36.67,36.67,"Sinapi 100644"]
["100645","USINA DE ASFALTO, TIPO GRAVIMÉTRICA, PROD 150 TON/HORA - MANUTENÇÃO. AF_12/2019","H","327,53","327,53",null,327.52999999999997,327.52999999999997,"Sinapi 100645"]
["100646","USINA DE ASFALTO, TIPO GRAVIMÉTRICA, PROD 150 TON/HORA - MATERIAIS NA OPERAÇÃO. AF_12/2019","H","210,80","210,80",null,210.8,210.8,"Sinapi 100646"]
["55960","IMUNIZACAO DE MADEIRAMENTO PARA COBERTURA UTILIZANDO CUPINICIDA INCOLOR","M2","5,07","5,37",null,5.07,5.37,"Sinapi 55960"]
["92259","INSTALAÇÃO DE TESOURA (INTEIRA OU MEIA), BIAPOIADA, EM MADEIRA NÃO APARELHADA, PARA VÃOS MAIORES OU IGUAIS A 3,0 M E MENORES QUE 6,0 M, INCLUSO IÇAMENTO. AF_07/2019","UN","331,09","342,07",null,331.09,342.07,"Sinapi 92259"]
["92260","INSTALAÇÃO DE TESOURA (INTEIRA OU MEIA), BIAPOIADA, EM MADEIRA NÃO APARELHADA, PARA VÃOS MAIORES OU IGUAIS A 6,0 M E MENORES QUE 8,0 M, INCLUSO IÇAMENTO. AF_07/2019","UN","379,12","395,51",null,379.12,395.51,"Sinapi 92260"]
["92261","INSTALAÇÃO DE TESOURA (INTEIRA OU MEIA), BIAPOIADA, EM MADEIRA NÃO APARELHADA, PARA VÃOS MAIORES OU IGUAIS A 8,0 M E MENORES QUE 10,0 M, INCLUSO IÇAMENTO. AF_07/2019","UN","425,68","447,31",null,425.68,447.31,"Sinapi 92261"]
["92262","INSTALAÇÃO DE TESOURA (INTEIRA OU MEIA), BIAPOIADA, EM MADEIRA NÃO APARELHADA, PARA VÃOS MAIORES OU IGUAIS A 10,0 M E MENORES QUE 12,0 M, INCLUSO IÇAMENTO. AF_07/2019","UN","500,65","530,73",null,500.65,530.73,"Sinapi 92262"]
["92539","TRAMA DE MADEIRA COMPOSTA POR RIPAS, CAIBROS E TERÇAS PARA TELHADOS DE ATÉ 2 ÁGUAS PARA TELHA DE ENCAIXE DE CERÂMICA OU DE CONCRETO, INCLUSO TRANSPORTE VERTICAL. AF_07/2019","M2","57,92","59,68",null,57.92,59.68,"Sinapi 92539"]
["92540","TRAMA DE MADEIRA COMPOSTA POR RIPAS, CAIBROS E TERÇAS PARA TELHADOS DE MAIS QUE 2 ÁGUAS PARA TELHA DE ENCAIXE DE CERÂMICA OU DE CONCRETO, INCLUSO TRANSPORTE VERTICAL. AF_07/2019","M2","65,10","67,63",null,65.099999999999994,67.63,"Sinapi 92540"]
["92541","TRAMA DE MADEIRA COMPOSTA POR RIPAS, CAIBROS E TERÇAS PARA TELHADOS DE ATÉ 2 ÁGUAS PARA TELHA CERÂMICA CAPA-CANAL, INCLUSO TRANSPORTE VERTICAL. AF_07/2019","M2","62,19","64,01",null,62.19,64.010000000000005,"Sinapi 92541"]
["92542","TRAMA DE MADEIRA COMPOSTA POR RIPAS, CAIBROS E TERÇAS PARA TELHADOS DE MAIS QUE 2 ÁGUAS PARA TELHA CERÂMICA CAPA-CANAL, INCLUSO TRANSPORTE VERTICAL. AF_07/2019","M2","75,26","77,88",null,75.260000000000005,77.88,"Sinapi 92542"]
["92543","TRAMA DE MADEIRA COMPOSTA POR TERÇAS PARA TELHADOS DE ATÉ 2 ÁGUAS PARA TELHA ONDULADA DE FIBROCIMENTO, METÁLICA, PLÁSTICA OU TERMOACÚSTICA, INCLUSO TRANSPORTE VERTICAL. AF_07/2019","M2","16,46","16,87",null,16.46,16.87,"Sinapi 92543"]
["92544","TRAMA DE MADEIRA COMPOSTA POR TERÇAS PARA TELHADOS DE ATÉ 2 ÁGUAS PARA TELHA ESTRUTURAL DE FIBROCIMENTO, INCLUSO TRANSPORTE VERTICAL. AF_07/2019","M2","14,01","14,34",null,14.01,14.34,"Sinapi 92544"]
["92545","FABRICAÇÃO E INSTALAÇÃO DE TESOURA INTEIRA EM MADEIRA NÃO APARELHADA, VÃO DE 3 M, PARA TELHA CERÂMICA OU DE CONCRETO, INCLUSO IÇAMENTO. AF_07/2019","UN","718,79","750,04",null,718.79,750.04,"Sinapi 92545"]
["92546","FABRICAÇÃO E INSTALAÇÃO DE TESOURA INTEIRA EM MADEIRA NÃO APARELHADA, VÃO DE 4 M, PARA TELHA CERÂMICA OU DE CONCRETO, INCLUSO IÇAMENTO. AF_07/2019","UN","883,31","924,70",null,883.31,924.7,"Sinapi 92546"]
["92547","FABRICAÇÃO E INSTALAÇÃO DE TESOURA INTEIRA EM MADEIRA NÃO APARELHADA, VÃO DE 5 M, PARA TELHA CERÂMICA OU DE CONCRETO, INCLUSO IÇAMENTO. AF_07/2019","UN","932,03","973,42",null,932.03,973.42,"Sinapi 92547"]
["92548","FABRICAÇÃO E INSTALAÇÃO DE TESOURA INTEIRA EM MADEIRA NÃO APARELHADA, VÃO DE 6 M, PARA TELHA CERÂMICA OU DE CONCRETO, INCLUSO IÇAMENTO. AF_07/2019","UN","1.038,66","1.085,46",null,1038.6600000000001,1085.46,"Sinapi 92548"]
["92549","FABRICAÇÃO E INSTALAÇÃO DE TESOURA INTEIRA EM MADEIRA NÃO APARELHADA, VÃO DE 7 M, PARA TELHA CERÂMICA OU DE CONCRETO, INCLUSO IÇAMENTO. AF_07/2019","UN","1.308,96","1.376,03",null,1308.96,1376.03,"Sinapi 92549"]
["92550","FABRICAÇÃO E INSTALAÇÃO DE TESOURA INTEIRA EM MADEIRA NÃO APARELHADA, VÃO DE 8 M, PARA TELHA CERÂMICA OU DE CONCRETO, INCLUSO IÇAMENTO. AF_07/2019","UN","1.603,01","1.675,32",null,1603.01,1675.32,"Sinapi 92550"]
["92551","FABRICAÇÃO E INSTALAÇÃO DE TESOURA INTEIRA EM MADEIRA NÃO APARELHADA, VÃO DE 9 M, PARA TELHA CERÂMICA OU DE CONCRETO, INCLUSO IÇAMENTO. AF_07/2019","UN","1.667,81","1.740,12",null,1667.81,1740.12,"Sinapi 92551"]
["92552","FABRICAÇÃO E INSTALAÇÃO DE TESOURA INTEIRA EM MADEIRA NÃO APARELHADA, VÃO DE 10 M, PARA TELHA CERÂMICA OU DE CONCRETO, INCLUSO IÇAMENTO. AF_07/2019","UN","1.817,46","1.898,22",null,1817.46,1898.22,"Sinapi 92552"]
["92553","FABRICAÇÃO E INSTALAÇÃO DE TESOURA INTEIRA EM MADEIRA NÃO APARELHADA, VÃO DE 11 M, PARA TELHA CERÂMICA OU DE CONCRETO, INCLUSO IÇAMENTO. AF_07/2019","UN","2.098,26","2.199,30",null,2098.2600000000002,2199.3000000000002,"Sinapi 92553"]
["92554","FABRICAÇÃO E INSTALAÇÃO DE TESOURA INTEIRA EM MADEIRA NÃO APARELHADA, VÃO DE 12 M, PARA TELHA CERÂMICA OU DE CONCRETO, INCLUSO IÇAMENTO. AF_07/2019","UN","2.172,00","2.273,04",null,2172,2273.04,"Sinapi 92554"]
["92555","FABRICAÇÃO E INSTALAÇÃO DE TESOURA INTEIRA EM MADEIRA NÃO APARELHADA, VÃO DE 3 M, PARA TELHA ONDULADA DE FIBROCIMENTO, METÁLICA, PLÁSTICA OU TERMOACÚSTICA, INCLUSO IÇAMENTO. AF_07/2019","UN","708,92","740,17",null,708.92,740.17,"Sinapi 92555"]
["92556","FABRICAÇÃO E INSTALAÇÃO DE TESOURA INTEIRA EM MADEIRA NÃO APARELHADA, VÃO DE 4 M, PARA TELHA ONDULADA DE FIBROCIMENTO, METÁLICA, PLÁSTICA OU TERMOACÚSTICA, INCLUSO IÇAMENTO. AF_07/2019","UN","867,00","908,39",null,867,908.39,"Sinapi 92556"]
["92557","FABRICAÇÃO E INSTALAÇÃO DE TESOURA INTEIRA EM MADEIRA NÃO APARELHADA, VÃO DE 5 M, PARA TELHA ONDULADA DE FIBROCIMENTO, METÁLICA, PLÁSTICA OU TERMOACÚSTICA, INCLUSO IÇAMENTO. AF_07/2019","UN","915,72","957,11",null,915.72,957.11,"Sinapi 92557"]
["92558","FABRICAÇÃO E INSTALAÇÃO DE TESOURA INTEIRA EM MADEIRA NÃO APARELHADA, VÃO DE 6 M, PARA TELHA ONDULADA DE FIBROCIMENTO, METÁLICA, PLÁSTICA OU TERMOACÚSTICA, INCLUSO IÇAMENTO. AF_07/2019","UN","1.028,78","1.075,58",null,1028.78,1075.58,"Sinapi 92558"]
["92559","FABRICAÇÃO E INSTALAÇÃO DE TESOURA INTEIRA EM MADEIRA NÃO APARELHADA, VÃO DE 7 M, PARA TELHA ONDULADA DE FIBROCIMENTO, METÁLICA, PLÁSTICA OU TERMOACÚSTICA, INCLUSO IÇAMENTO. AF_07/2019","UN","1.291,58","1.358,65",null,1291.58,1358.65,"Sinapi 92559"]
["92560","FABRICAÇÃO E INSTALAÇÃO DE TESOURA INTEIRA EM MADEIRA NÃO APARELHADA, VÃO DE 8 M, PARA TELHA ONDULADA DE FIBROCIMENTO, METÁLICA, PLÁSTICA OU TERMOACÚSTICA, INCLUSO IÇAMENTO. AF_07/2019","UN","1.576,51","1.648,82",null,1576.51,1648.82,"Sinapi 92560"]
["92561","FABRICAÇÃO E INSTALAÇÃO DE TESOURA INTEIRA EM MADEIRA NÃO APARELHADA, VÃO DE 9 M, PARA TELHA ONDULADA DE FIBROCIMENTO, METÁLICA, PLÁSTICA OU TERMOACÚSTICA, INCLUSO IÇAMENTO. AF_07/2019","UN","1.642,49","1.714,80",null,1642.49,1714.8,"Sinapi 92561"]
["92562","FABRICAÇÃO E INSTALAÇÃO DE TESOURA INTEIRA EM MADEIRA NÃO APARELHADA, VÃO DE 10 M, PARA TELHA ONDULADA DE FIBROCIMENTO, METÁLICA, PLÁSTICA OU TERMOACÚSTICA, INCLUSO IÇAMENTO. AF_07/2019","UN","1.775,83","1.856,59",null,1775.83,1856.59,"Sinapi 92562"]
["92563","FABRICAÇÃO E INSTALAÇÃO DE TESOURA INTEIRA EM MADEIRA NÃO APARELHADA, VÃO DE 11 M, PARA TELHA ONDULADA DE FIBROCIMENTO, METÁLICA, PLÁSTICA OU TERMOACÚSTICA, INCLUSO IÇAMENTO. AF_07/2019","UN","2.047,63","2.148,67",null,2047.63,2148.67,"Sinapi 92563"]
["92564","FABRICAÇÃO E INSTALAÇÃO DE TESOURA INTEIRA EM MADEIRA NÃO APARELHADA, VÃO DE 12 M, PARA TELHA ONDULADA DE FIBROCIMENTO, METÁLICA, PLÁSTICA OU TERMOACÚSTICA, INCLUSO IÇAMENTO. AF_07/2019","UN","2.110,43","2.211,47",null,2110.4299999999998,2211.4699999999998,"Sinapi 92564"]
["92565","FABRICAÇÃO E INSTALAÇÃO DE ESTRUTURA PONTALETADA DE MADEIRA NÃO APARELHADA PARA TELHADOS COM ATÉ 2 ÁGUAS E PARA TELHA CERÂMICA OU DE CONCRETO, INCLUSO TRANSPORTE VERTICAL. AF_12/2015","M2","27,55","28,69",null,27.55,28.69,"Sinapi 92565"]
["92566","FABRICAÇÃO E INSTALAÇÃO DE ESTRUTURA PONTALETADA DE MADEIRA NÃO APARELHADA PARA TELHADOS COM ATÉ 2 ÁGUAS E PARA TELHA ONDULADA DE FIBROCIMENTO, METÁLICA, PLÁSTICA OU TERMOACÚSTICA, INCLUSO TRANSPORTE VERTICAL. AF_12/2015","M2","17,05","17,47",null,17.05,17.47,"Sinapi 92566"]
["92567","FABRICAÇÃO E INSTALAÇÃO DE ESTRUTURA PONTALETADA DE MADEIRA NÃO APARELHADA PARA TELHADOS COM MAIS QUE 2 ÁGUAS E PARA TELHA CERÂMICA OU DE CONCRETO, INCLUSO TRANSPORTE VERTICAL. AF_12/2015","M2","24,66","25,49",null,24.66,25.49,"Sinapi 92567"]
["100379","FABRICAÇÃO E INSTALAÇÃO DE PONTALETES DE MADEIRA NÃO APARELHADA PARA TELHADOS COM ATÉ 2 ÁGUAS E COM TELHA CERÂMICA OU DE CONCRETO EM EDIFÍCIO RESIDENCIAL TÉRREO, INCLUSO TRANSPORTE VERTICAL. AF_07/2019","M2","27,55","28,69",null,27.55,28.69,"Sinapi 100379"]
["100380","FABRICAÇÃO E INSTALAÇÃO DE PONTALETES DE MADEIRA NÃO APARELHADA PARA TELHADOS COM ATÉ 2 ÁGUAS E COM TELHA CERÂMICA OU DE CONCRETO EM EDIFÍCIO RESIDENCIAL DE MÚLTIPLOS PAVIMENTOS, INCLUSO TRANSPORTE VERTICAL. AF_07/2019","M2","36,80","38,59",null,36.799999999999997,38.590000000000003,"Sinapi 100380"]
["100381","FABRICAÇÃO E INSTALAÇÃO DE PONTALETES DE MADEIRA NÃO APARELHADA PARA TELHADOS COM ATÉ 2 ÁGUAS E COM TELHA CERÂMICA OU DE CONCRETO EM EDIFÍCIO INSTITUCIONAL TÉRREO, INCLUSO TRANSPORTE VERTICAL. AF_07/2019","M2","41,48","43,72",null,41.48,43.72,"Sinapi 100381"]
["100383","FABRICAÇÃO E INSTALAÇÃO DE PONTALETES DE MADEIRA NÃO APARELHADA PARA TELHADOS COM ATÉ 2 ÁGUAS E COM TELHA ONDULADA DE FIBROCIMENTO, ALUMÍNIO OU PLÁSTICA EM EDIFÍCIO RESIDENCIAL DE MÚLTIPLOS PAVIMENTOS, INCLUSO TRANSPORTE VERTICAL. AF_07/2019","M2","18,53","19,03",null,18.53,19.03,"Sinapi 100383"]
["100384","FABRICAÇÃO E INSTALAÇÃO DE PONTALETES DE MADEIRA NÃO APARELHADA PARA TELHADOS COM ATÉ 2 ÁGUAS E COM TELHA ONDULADA DE FIBROCIMENTO, ALUMÍNIO OU PLÁSTICA EM EDIFÍCIO INSTITUCIONAL TÉRREO, INCLUSO TRANSPORTE VERTICAL. AF_07/2019","M2","19,55","20,17",null,19.55,20.170000000000002,"Sinapi 100384"]
["100385","FABRICAÇÃO E INSTALAÇÃO DE PONTALETES DE MADEIRA NÃO APARELHADA PARA TELHADOS COM MAIS QUE 2 ÁGUAS E COM TELHA CERÂMICA OU DE CONCRETO EM EDIFÍCIO RESIDENCIAL TÉRREO, INCLUSO TRANSPORTE VERTICAL. AF_07/2019","M2","24,66","25,49",null,24.66,25.49,"Sinapi 100385"]
["100386","FABRICAÇÃO E INSTALAÇÃO DE PONTALETES DE MADEIRA NÃO APARELHADA PARA TELHADOS COM MAIS QUE 2 ÁGUAS E COM TELHA CERÂMICA OU DE CONCRETO EM EDIFÍCIO RESIDENCIAL DE MÚLTIPLOS PAVIMENTOS. AF_07/2019","M2","31,92","33,20",null,31.92,33.200000000000003,"Sinapi 100386"]
["100387","FABRICAÇÃO E INSTALAÇÃO DE PONTALETES DE MADEIRA NÃO APARELHADA PARA TELHADOS COM MAIS QUE 2 ÁGUAS E COM TELHA CERÂMICA OU DE CONCRETO EM EDIFÍCIO INSTITUCIONAL TÉRREO, INCLUSO TRANSPORTE VERTICAL. AF_07/2019","M2","39,36","41,00",null,39.36,41,"Sinapi 100387"]
["100388","RETIRADA E RECOLOCAÇÃO DE RIPA EM TELHADOS DE ATÉ 2 ÁGUAS COM TELHA CERÂMICA OU DE CONCRETO DE ENCAIXE, INCLUSO TRANSPORTE VERTICAL. AF_07/2019","M2","15,55","16,40",null,15.55,16.399999999999999,"Sinapi 100388"]
["100389","RETIRADA E RECOLOCAÇÃO DE CAIBRO EM TELHADOS DE ATÉ 2 ÁGUAS COM TELHA CERÂMICA OU DE CONCRETO DE ENCAIXE, INCLUSO TRANSPORTE VERTICAL. AF_07/2019","M2","12,88","13,81",null,12.88,13.81,"Sinapi 100389"]
["100390","RETIRADA E RECOLOCAÇÃO DE RIPA EM TELHADOS DE MAIS DE 2 ÁGUAS COM TELHA CERÂMICA OU DE CONCRETO DE ENCAIXE, INCLUSO TRANSPORTE VERTICAL. AF_07/2019","M2","18,41","19,56",null,18.41,19.559999999999999,"Sinapi 100390"]
["100391","RETIRADA E RECOLOCAÇÃO DE CAIBRO EM TELHADOS DE MAIS DE 2 ÁGUAS COM TELHA CERÂMICA OU DE CONCRETO DE ENCAIXE, INCLUSO TRANSPORTE VERTICAL. AF_07/2019","M2","14,81","15,97",null,14.81,15.97,"Sinapi 100391"]
["100392","RETIRADA E RECOLOCAÇÃO DE RIPA EM TELHADOS DE ATÉ 2 ÁGUAS COM TELHA CERÂMICA CAPA-CANAL, INCLUSO TRANSPORTE VERTICAL. AF_07/2019","M2","12,21","12,87",null,12.21,12.87,"Sinapi 100392"]
["100393","RETIRADA E RECOLOCAÇÃO DE CAIBRO EM TELHADOS DE ATÉ 2 ÁGUAS COM TELHA CERÂMICA CAPA-CANAL, INCLUSO TRANSPORTE VERTICAL. AF_07/2019","M2","14,86","15,93",null,{"$f":"IF(D1224=\"\",\"\",D1224+0)","v":14.86},{"$f":"IF(E1224=\"\",\"\",E1224+0)","v":15.93},{"$f":"IF(OR(G1224=\"\",H1224=\"\"),\"\",CONCATENATE(\"Sinapi \",A1224))","v":"Sinapi 100393"}]
["100394","RETIRADA E RECOLOCAÇÃO DE RIPA EM TELHADOS DE MAIS DE 2 ÁGUAS COM TELHA CERÂMICA CAPA-CANAL, INCLUSO TRANSPORTE VERTICAL. AF_07/2019","M2","14,46","15,35",null,14.46,15.35,"Sinapi 100394"]
["100395","RETIRADA E RECOLOCAÇÃO DE CAIBRO EM TELHADOS DE MAIS DE 2 ÁGUAS COM TELHA CERÂMICA CAPA-CANAL, INCLUSO TRANSPORTE VERTICAL. AF_07/2019","M2","17,71","19,09",null,17.71,19.09,"Sinapi 100395"]
["94189","TELHAMENTO COM TELHA DE CONCRETO DE ENCAIXE, COM ATÉ 2 ÁGUAS, INCLUSO TRANSPORTE VERTICAL. AF_07/2019","M2","24,12","24,52",null,24.12,24.52,"Sinapi 94189"]
["94192","TELHAMENTO COM TELHA DE CONCRETO DE ENCAIXE, COM MAIS DE 2 ÁGUAS, INCLUSO TRANSPORTE VERTICAL. AF_07/2019","M2","26,10","26,71",null,26.1,26.71,"Sinapi 94192"]
["94195","TELHAMENTO COM TELHA CERÂMICA DE ENCAIXE, TIPO PORTUGUESA, COM ATÉ 2 ÁGUAS, INCLUSO TRANSPORTE VERTICAL. AF_07/2019","M2","24,25","24,92",null,24.25,24.92,"Sinapi 94195"]
["94198","TELHAMENTO COM TELHA CERÂMICA DE ENCAIXE, TIPO PORTUGUESA, COM MAIS DE 2 ÁGUAS, INCLUSO TRANSPORTE VERTICAL. AF_07/2019","M2","26,86","27,82",null,26.86,27.82,"Sinapi 94198"]
["94201","TELHAMENTO COM TELHA CERÂMICA CAPA-CANAL, TIPO COLONIAL, COM ATÉ 2 ÁGUAS, INCLUSO TRANSPORTE VERTICAL. AF_07/2019","M2","34,72","35,80",null,34.72,35.799999999999997,"Sinapi 94201"]
["94204","TELHAMENTO COM TELHA CERÂMICA CAPA-CANAL, TIPO COLONIAL, COM MAIS DE 2 ÁGUAS, INCLUSO TRANSPORTE VERTICAL. AF_07/2019","M2","39,16","40,72",null,39.159999999999997,40.72,"Sinapi 94204"]
["94224","EMBOÇAMENTO COM ARGAMASSA TRAÇO 1:2:9 (CIMENTO, CAL E AREIA). AF_07/2019","M","19,50","21,31",null,19.5,21.31,"Sinapi 94224"]
["94225","ISOLAMENTO TERMOACÚSTICO COM LÃ MINERAL NA SUBCOBERTURA, INCLUSO TRANSPORTE VERTICAL. AF_07/2019","M2","23,59","23,80",null,23.59,23.8,"Sinapi 94225"]
["94226","SUBCOBERTURA COM MANTA PLÁSTICA REVESTIDA POR PELÍCULA DE ALUMÍNO, INCLUSO TRANSPORTE VERTICAL. AF_07/2019","M2","14,65","15,38",null,14.65,15.38,"Sinapi 94226"]
["94232","AMARRAÇÃO DE TELHAS CERÂMICAS OU DE CONCRETO. AF_07/2019","UN","2,27","2,53",null,2.27,2.5299999999999998,"Sinapi 94232"]
["94440","TELHAMENTO COM TELHA CERÂMICA DE ENCAIXE, TIPO FRANCESA, COM ATÉ 2 ÁGUAS, INCLUSO TRANSPORTE VERTICAL. AF_07/2019","M2","24,25","24,92",null,24.25,24.92,"Sinapi 94440"]
["94441","TELHAMENTO COM TELHA CERÂMICA DE ENCAIXE, TIPO FRANCESA, COM MAIS DE 2 ÁGUAS, INCLUSO TRANSPORTE VERTICAL. AF_07/2019","M2","26,86","27,82",null,26.86,27.82,"Sinapi 94441"]
["94442","TELHAMENTO COM TELHA CERÂMICA DE ENCAIXE, TIPO ROMANA, COM ATÉ 2 ÁGUAS, INCLUSO TRANSPORTE VERTICAL. AF_07/2019","M2","24,25","24,92",null,24.25,24.92,"Sinapi 94442"]
["94443","TELHAMENTO COM TELHA CERÂMICA DE ENCAIXE, TIPO ROMANA, COM MAIS DE 2 ÁGUAS, INCLUSO TRANSPORTE VERTICAL. AF_07/2019","M2","26,86","27,82",null,26.86,27.82,"Sinapi 94443"]
["94445","TELHAMENTO COM TELHA CERÂMICA CAPA-CANAL, TIPO PLAN, COM ATÉ 2 ÁGUAS, INCLUSO TRANSPORTE VERTICAL. AF_07/2019","M2","34,72","35,80",null,34.72,35.799999999999997,"Sinapi 94445"]
["94446","TELHAMENTO COM TELHA CERÂMICA CAPA-CANAL, TIPO PLAN, COM MAIS DE 2 ÁGUAS, INCLUSO TRANSPORTE VERTICAL. AF_07/2019","M2","39,16","40,72",null,39.159999999999997,40.72,"Sinapi 94446"]
["94447","TELHAMENTO COM TELHA CERÂMICA CAPA-CANAL, TIPO PAULISTA, COM ATÉ 2 ÁGUAS, INCLUSO TRANSPORTE VERTICAL. AF_07/2019","M2","34,72","35,80",null,34.72,35.799999999999997,"Sinapi 94447"]
["94448","TELHAMENTO COM TELHA CERÂMICA CAPA-CANAL, TIPO PAULISTA, COM MAIS DE 2 ÁGUAS, INCLUSO TRANSPORTE VERTICAL. AF_07/2019","M2","39,16","40,72",null,39.159999999999997,40.72,"Sinapi 94448"]
["94207","TELHAMENTO COM TELHA ONDULADA DE FIBROCIMENTO E = 6 MM, COM RECOBRIMENTO LATERAL DE 1/4 DE ONDA PARA TELHADO COM INCLINAÇÃO MAIOR QUE 10°, COM ATÉ 2 ÁGUAS, INCLUSO IÇAMENTO. AF_07/2019","M2","28,85","29,39",null,28.85,29.39,"Sinapi 94207"]
["94210","TELHAMENTO COM TELHA ONDULADA DE FIBROCIMENTO E = 6 MM, COM RECOBRIMENTO LATERAL DE 1 1/4 DE ONDA PARA TELHADO COM INCLINAÇÃO MÁXIMA DE 10°, COM ATÉ 2 ÁGUAS, INCLUSO IÇAMENTO. AF_07/2019","M2","30,68","31,28",null,30.68,31.28,"Sinapi 94210"]
["94218","TELHAMENTO COM TELHA ESTRUTURAL DE FIBROCIMENTO E= 6 MM, COM ATÉ 2 ÁGUAS, INCLUSO IÇAMENTO. AF_07/2019","M2","61,45","62,05",null,61.45,62.05,"Sinapi 94218"]
["94213","TELHAMENTO COM TELHA DE AÇO/ALUMÍNIO E = 0,5 MM, COM ATÉ 2 ÁGUAS, INCLUSO IÇAMENTO. AF_07/2019","M2","43,52","43,90",null,43.52,43.9,"Sinapi 94213"]
["94216","TELHAMENTO COM TELHA METÁLICA TERMOACÚSTICA E = 30 MM, COM ATÉ 2 ÁGUAS, INCLUSO IÇAMENTO. AF_07/2019","M2","165,56","165,81",null,165.56,165.81,"Sinapi 94216"]
["94219","CUMEEIRA E ESPIGÃO PARA TELHA CERÂMICA EMBOÇADA COM ARGAMASSA TRAÇO 1:2:9 (CIMENTO, CAL E AREIA), PARA TELHADOS COM MAIS DE 2 ÁGUAS, INCLUSO TRANSPORTE VERTICAL. AF_07/2019","M","23,47","24,87",null,23.47,24.87,"Sinapi 94219"]
["94220","CUMEEIRA E ESPIGÃO PARA TELHA DE CONCRETO EMBOÇADA COM ARGAMASSA TRAÇO 1:2:9 (CIMENTO, CAL E AREIA), PARA TELHADOS COM MAIS DE 2 ÁGUAS, INCLUSO TRANSPORTE VERTICAL. AF_07/2019","M","36,16","37,56",null,36.159999999999997,37.56,"Sinapi 94220"]
["94221","CUMEEIRA PARA TELHA CERÂMICA EMBOÇADA COM ARGAMASSA TRAÇO 1:2:9 (CIMENTO, CAL E AREIA) PARA TELHADOS COM ATÉ 2 ÁGUAS, INCLUSO TRANSPORTE VERTICAL. AF_07/2019","M","18,32","19,15",null,18.32,19.149999999999999,"Sinapi 94221"]
["94222","CUMEEIRA PARA TELHA DE CONCRETO EMBOÇADA COM ARGAMASSA TRAÇO 1:2:9 (CIMENTO, CAL E AREIA) PARA TELHADOS COM ATÉ 2 ÁGUAS, INCLUSO TRANSPORTE VERTICAL. AF_07/2019","M","31,01","31,84",null,31.01,31.84,"Sinapi 94222"]
["94223","CUMEEIRA PARA TELHA DE FIBROCIMENTO ONDULADA E = 6 MM, INCLUSO ACESSÓRIOS DE FIXAÇÃO E IÇAMENTO. AF_07/2019","M","36,74","37,00",null,36.74,37,"Sinapi 94223"]
["94451","CUMEEIRA PARA TELHA DE FIBROCIMENTO ESTRUTURAL E = 6 MM, INCLUSO ACESSÓRIOS DE FIXAÇÃO E IÇAMENTO. AF_07/2019","M","80,20","80,46",null,80.2,80.459999999999994,"Sinapi 94451"]
["100325","CUMEEIRA SHED PARA TELHA ONDULADA DE FIBROCIMENTO, E = 6 MM, INCLUSO ACESSÓRIOS DE FIXAÇÃO E IÇAMENTO. AF_07/2019","M","35,25","35,43",null,35.25,35.43,"Sinapi 100325"]
["100327","RUFO EXTERNO/INTERNO EM CHAPA DE AÇO GALVANIZADO NÚMERO 26, CORTE DE 33 CM, INCLUSO IÇAMENTO. AF_07/2019","M","33,78","34,55",null,33.78,34.549999999999997,"Sinapi 100327"]
["100328","RETIRADA E RECOLOCAÇÃO DE  TELHA CERÂMICA DE ENCAIXE, COM ATÉ DUAS ÁGUAS, INCLUSO IÇAMENTO. AF_07/2019","M2","9,86","10,54",null,9.86,10.54,"Sinapi 100328"]
["100329","RETIRADA E RECOLOCAÇÃO DE  TELHA CERÂMICA DE ENCAIXE, COM MAIS DE DUAS ÁGUAS, INCLUSO IÇAMENTO. AF_07/2019","M2","12,48","13,44",null,12.48,13.44,"Sinapi 100329"]
["100330","RETIRADA E RECOLOCAÇÃO DE  TELHA CERÂMICA CAPA-CANAL, COM ATÉ DUAS ÁGUAS, INCLUSO IÇAMENTO. AF_07/2019","M2","13,37","14,28",null,13.37,14.28,"Sinapi 100330"]
["100331","RETIRADA E RECOLOCAÇÃO DE  TELHA CERÂMICA CAPA-CANAL, COM MAIS DE DUAS ÁGUAS, INCLUSO IÇAMENTO. AF_07/2019","M2","17,82","19,22",null,17.82,19.22,"Sinapi 100331"]
["100434","CALHA DE BEIRAL, SEMICIRCULAR DE PVC, DIAMETRO 125 MM, INCLUINDO CABECEIRAS, EMENDAS, BOCAIS, SUPORTES E VEDAÇÕES, EXCLUINDO CONDUTORES, INCLUSO TRANSPORTE VERTICAL. AF_07/2019","M","47,46","48,27",null,47.46,48.27,"Sinapi 100434"]
["100435","RUFO EM FIBROCIMENTO PARA TELHA ONDULADA E = 6 MM, ABA DE 26 CM, INCLUSO TRANSPORTE VERTICAL, EXCETO CONTRARRUFO. AF_07/2019","M","19,38","19,92",null,19.38,19.920000000000002,"Sinapi 100435"]
["94227","CALHA EM CHAPA DE AÇO GALVANIZADO NÚMERO 24, DESENVOLVIMENTO DE 33 CM, INCLUSO TRANSPORTE VERTICAL. AF_07/2019","M","36,09","37,03",null,36.090000000000003,37.03,"Sinapi 94227"]
["94228","CALHA EM CHAPA DE AÇO GALVANIZADO NÚMERO 24, DESENVOLVIMENTO DE 50 CM, INCLUSO TRANSPORTE VERTICAL. AF_07/2019","M","49,06","50,35",null,49.06,50.35,"Sinapi 94228"]
["94229","CALHA EM CHAPA DE AÇO GALVANIZADO NÚMERO 24, DESENVOLVIMENTO DE 100 CM, INCLUSO TRANSPORTE VERTICAL. AF_07/2019","M","94,44","96,79",null,94.44,96.79,"Sinapi 94229"]
["94231","RUFO EM CHAPA DE AÇO GALVANIZADO NÚMERO 24, CORTE DE 25 CM, INCLUSO TRANSPORTE VERTICAL. AF_07/2019","M","29,93","30,57",null,29.93,30.57,"Sinapi 94231"]
["94449","TELHAMENTO COM TELHA ONDULADA DE FIBRA DE VIDRO E = 0,6 MM, PARA TELHADO COM INCLINAÇÃO MAIOR QUE 10°, COM ATÉ 2 ÁGUAS, INCLUSO IÇAMENTO. AF_07/2019","M2","43,59","44,13",null,43.59,44.13,"Sinapi 94449"]
["73970/1","ESTRUTURA METALICA EM ACO ESTRUTURAL PERFIL \u0094I\u0094 12\u0092\u0092 X 5 1/4\u0092\u0092","KG","10,45","10,94",null,10.45,10.94,"Sinapi 73970/1"]
["73970/2","ESTRUTURA METALICA EM ACO ESTRUTURAL PERFIL \u0094I\u0094 6\u0092\u0092 X 3 3/8\u0092\u0092","KG","6,79","6,97",null,6.79,6.97,"Sinapi 73970/2"]
["92255","INSTALAÇÃO DE TESOURA (INTEIRA OU MEIA), EM AÇO, PARA VÃOS MAIORES OU IGUAIS A 3,0 M E MENORES QUE 6,0 M, INCLUSO IÇAMENTO. AF_07/2019","UN","129,08","136,01",null,129.08000000000001,136.01,"Sinapi 92255"]
["92256","INSTALAÇÃO DE TESOURA (INTEIRA OU MEIA), EM AÇO, PARA VÃOS MAIORES OU IGUAIS A 6,0 M E MENORES QUE 8,0 M, INCLUSO IÇAMENTO. AF_07/2019","UN","157,53","167,50",null,157.53,167.5,"Sinapi 92256"]
["92257","INSTALAÇÃO DE TESOURA (INTEIRA OU MEIA), EM AÇO, PARA VÃOS MAIORES OU IGUAIS A 8,0 M E MENORES QUE 10,0 M, INCLUSO IÇAMENTO. AF_07/2019","UN","185,73","198,69",null,185.73,198.69,"Sinapi 92257"]
["92258","INSTALAÇÃO DE TESOURA (INTEIRA OU MEIA), EM AÇO, PARA VÃOS MAIORES OU IGUAIS A 10,0 M E MENORES QUE 12,0 M, INCLUSO IÇAMENTO. AF_07/2019","UN","231,05","248,84",null,231.05,248.84,"Sinapi 92258"]
["92568","TRAMA DE AÇO COMPOSTA POR RIPAS, CAIBROS E TERÇAS PARA TELHADOS DE ATÉ 2 ÁGUAS PARA TELHA DE ENCAIXE DE CERÂMICA OU DE CONCRETO, INCLUSO TRANSPORTE VERTICAL. AF_07/2019","M2","71,98","72,91",null,71.98,72.91,"Sinapi 92568"]
["92569","TRAMA DE AÇO COMPOSTA POR RIPAS E CAIBROS PARA TELHADOS DE ATÉ 2 ÁGUAS PARA TELHA DE ENCAIXE DE CERÂMICA OU DE CONCRETO, INCLUSO TRANSPORTE VERTICAL. AF_07/2019","M2","39,99","40,41",null,39.99,40.409999999999997,"Sinapi 92569"]
["92570","TRAMA DE AÇO COMPOSTA POR RIPAS PARA TELHADOS DE ATÉ 2 ÁGUAS PARA TELHA DE ENCAIXE DE CERÂMICA OU DE CONCRETO, INCLUSO TRANSPORTE VERTICAL. AF_07/2019","M2","25,32","25,51",null,25.32,25.51,"Sinapi 92570"]
["92571","TRAMA DE AÇO COMPOSTA POR RIPAS, CAIBROS E TERÇAS PARA TELHADOS DE MAIS DE 2 ÁGUAS PARA TELHA DE ENCAIXE DE CERÂMICA OU DE CONCRETO, INCLUSO TRANSPORTE VERTICAL. AF_07/2019","M2","77,39","78,85",null,77.39,78.849999999999994,"Sinapi 92571"]
["92572","TRAMA DE AÇO COMPOSTA POR RIPAS E CAIBROS PARA TELHADOS DE MAIS DE 2 ÁGUAS PARA TELHA DE ENCAIXE DE CERÂMICA OU DE CONCRETO, INCLUSO TRANSPORTE VERTICAL. AF_07/2019","M2","46,25","47,00",null,46.25,47,"Sinapi 92572"]
["92573","TRAMA DE AÇO COMPOSTA POR RIPAS PARA TELHADOS DE MAIS DE 2 ÁGUAS PARA TELHA DE ENCAIXE DE CERÂMICA OU DE CONCRETO, INCLUSO TRANSPORTE VERTICAL, INCLUSO TRANSPORTE VERTICAL. AF_07/2019","M2","27,64","28,07",null,27.64,28.07,"Sinapi 92573"]
["92574","TRAMA DE AÇO COMPOSTA POR RIPAS, CAIBROS E TERÇAS PARA TELHADOS DE ATÉ 2 ÁGUAS PARA TELHA CERÂMICA CAPA-CANAL, INCLUSO TRANSPORTE VERTICAL. AF_07/2019","M2","73,26","74,26",null,73.260000000000005,74.260000000000005,"Sinapi 92574"]
["92575","TRAMA DE AÇO COMPOSTA POR RIPAS E CAIBROS PARA TELHADOS DE ATÉ 2 ÁGUAS PARA TELHA CERÂMICA CAPA-CANAL, INCLUSO TRANSPORTE VERTICAL. AF_07/2019","M2","36,68","37,07",null,36.68,37.07,"Sinapi 92575"]
["92576","TRAMA DE AÇO COMPOSTA POR RIPAS PARA TELHADOS DE ATÉ 2 ÁGUAS PARA TELHA CERÂMICA CAPA-CANAL, INCLUSO TRANSPORTE VERTICAL. AF_07/2019","M2","20,07","20,22",null,20.07,20.22,"Sinapi 92576"]
["92577","TRAMA DE AÇO COMPOSTA POR RIPAS, CAIBROS E TERÇAS PARA TELHADOS DE MAIS DE 2 ÁGUAS PARA TELHA CERÂMICA CAPA-CANAL, INCLUSO TRANSPORTE VERTICAL. AF_07/2019","M2","78,93","80,45",null,78.930000000000007,80.45,"Sinapi 92577"]
["92578","TRAMA DE AÇO COMPOSTA POR RIPAS E CAIBROS PARA TELHADOS DE MAIS DE 2 ÁGUAS PARA TELHA CERÂMICA CAPA-CANAL, INCLUSO TRANSPORTE VERTICAL. AF_07/2019","M2","39,86","40,54",null,39.86,40.54,"Sinapi 92578"]
["92579","TRAMA DE AÇO COMPOSTA POR RIPAS PARA TELHADOS DE MAIS DE 2 ÁGUAS PARA TELHA CERÂMICA CAPA-CANAL, INCLUSO TRANSPORTE VERTICAL. AF_07/2019","M2","21,93","22,27",null,21.93,22.27,"Sinapi 92579"]
["92580","TRAMA DE AÇO COMPOSTA POR TERÇAS PARA TELHADOS DE ATÉ 2 ÁGUAS PARA TELHA ONDULADA DE FIBROCIMENTO, METÁLICA, PLÁSTICA OU TERMOACÚSTICA, INCLUSO TRANSPORTE VERTICAL. AF_07/2019","M2","27,49","28,02",null,27.49,28.02,"Sinapi 92580"]
["92581","TRAMA DE AÇO COMPOSTA POR TERÇAS PARA TELHADOS DE ATÉ 2 ÁGUAS PARA TELHA ESTRUTURAL DE FIBROCIMENTO, INCLUSO TRANSPORTE VERTICAL. AF_07/2019","M2","28,53","29,02",null,{"$f":"IF(D1288=\"\",\"\",D1288+0)","v":28.53},{"$f":"IF(E1288=\"\",\"\",E1288+0)","v":29.02},{"$f":"IF(OR(G1288=\"\",H1288=\"\"),\"\",CONCATENATE(\"Sinapi \",A1288))","v":"Sinapi 92581"}]
["92582","FABRICAÇÃO E INSTALAÇÃO DE TESOURA INTEIRA EM AÇO, VÃO DE 3 M, PARA TELHA CERÂMICA OU DE CONCRETO, INCLUSO IÇAMENTO. AF_12/2015","UN","416,92","426,73",null,416.92,426.73,"Sinapi 92582"]
["92584","FABRICAÇÃO E INSTALAÇÃO DE TESOURA INTEIRA EM AÇO, VÃO DE 4 M, PARA TELHA CERÂMICA OU DE CONCRETO, INCLUSO IÇAMENTO. AF_12/2015","UN","483,00","492,81",null,483,492.81,"Sinapi 92584"]
["92586","FABRICAÇÃO E INSTALAÇÃO DE TESOURA INTEIRA EM AÇO, VÃO DE 5 M, PARA TELHA CERÂMICA OU DE CONCRETO, INCLUSO IÇAMENTO. AF_12/2015","UN","549,08","558,89",null,549.08000000000004,558.89,"Sinapi 92586"]
["92588","FABRICAÇÃO E INSTALAÇÃO DE TESOURA INTEIRA EM AÇO, VÃO DE 6 M, PARA TELHA CERÂMICA OU DE CONCRETO, INCLUSO IÇAMENTO. AF_12/2015","UN","693,08","707,38",null,693.08,707.38,"Sinapi 92588"]
["92590","FABRICAÇÃO E INSTALAÇÃO DE TESOURA INTEIRA EM AÇO, VÃO DE 7 M, PARA TELHA CERÂMICA OU DE CONCRETO, INCLUSO IÇAMENTO. AF_12/2015","UN","759,16","773,46",null,759.16,773.46,"Sinapi 92590"]
["92592","FABRICAÇÃO E INSTALAÇÃO DE TESOURA INTEIRA EM AÇO, VÃO DE 8 M, PARA TELHA CERÂMICA OU DE CONCRETO, INCLUSO IÇAMENTO. AF_12/2015","UN","853,44","870,73",null,853.44,870.73,"Sinapi 92592"]
["92593","(COMPOSIÇÃO REPRESENTATIVA) FABRICAÇÃO E INSTALAÇÃO DE TESOURA INTEIRA EM AÇO, PARA VÃOS DE 3 A 12 M E PARA QUALQUER TIPO DE TELHA, INCLUSO IÇAMENTO. AF_12/2015","KG","6,45","6,59",null,6.45,6.59,"Sinapi 92593"]
["92594","FABRICAÇÃO E INSTALAÇÃO DE TESOURA INTEIRA EM AÇO, VÃO DE 9 M, PARA TELHA CERÂMICA OU DE CONCRETO, INCLUSO IÇAMENTO. AF_12/2015","UN","985,74","1.004,46",null,985.74,1004.46,"Sinapi 92594"]
["92596","FABRICAÇÃO E INSTALAÇÃO DE TESOURA INTEIRA EM AÇO, VÃO DE 10 M, PARA TELHA CERÂMICA OU DE CONCRETO, INCLUSO IÇAMENTO. AF_12/2015","UN","1.099,97","1.123,52",null,1099.97,1123.52,"Sinapi 92596"]
["92598","FABRICAÇÃO E INSTALAÇÃO DE TESOURA INTEIRA EM AÇO, VÃO DE 11 M, PARA TELHA CERÂMICA OU DE CONCRETO, INCLUSO IÇAMENTO. AF_12/2015","UN","1.166,05","1.189,60",null,1166.05,1189.5999999999999,"Sinapi 92598"]
["92600","FABRICAÇÃO E INSTALAÇÃO DE TESOURA INTEIRA EM AÇO, VÃO DE 12 M, PARA TELHA CERÂMICA OU DE CONCRETO, INCLUSO IÇAMENTO. AF_12/2015","UN","1.248,85","1.272,40",null,1248.8499999999999,1272.4000000000001,"Sinapi 92600"]
["92602","FABRICAÇÃO E INSTALAÇÃO DE TESOURA INTEIRA EM AÇO, VÃO DE 3 M, PARA TELHA ONDULADA DE FIBROCIMENTO, METÁLICA, PLÁSTICA OU TERMOACÚSTICA, INCLUSO IÇAMENTO.. AF_12/2015","UN","416,92","426,73",null,416.92,426.73,"Sinapi 92602"]
["92604","FABRICAÇÃO E INSTALAÇÃO DE TESOURA INTEIRA EM AÇO, VÃO DE 4 M, PARA TELHA ONDULADA DE FIBROCIMENTO, METÁLICA, PLÁSTICA OU TERMOACÚSTICA, INCLUSO IÇAMENTO. AF_12/2015","UN","466,27","476,08",null,466.27,476.08,"Sinapi 92604"]
["92606","FABRICAÇÃO E INSTALAÇÃO DE TESOURA INTEIRA EM AÇO, VÃO DE 5 M, PARA TELHA ONDULADA DE FIBROCIMENTO, METÁLICA, PLÁSTICA OU TERMOACÚSTICA, INCLUSO IÇAMENTO. AF_12/2015","UN","532,35","542,16",null,532.35,542.16,"Sinapi 92606"]
["92608","FABRICAÇÃO E INSTALAÇÃO DE TESOURA INTEIRA EM AÇO, VÃO DE 6 M, PARA TELHA ONDULADA DE FIBROCIMENTO, METÁLICA, PLÁSTICA OU TERMOACÚSTICA, INCLUSO IÇAMENTO. AF_12/2015","UN","659,63","673,93",null,659.63,673.93,"Sinapi 92608"]
["92610","FABRICAÇÃO E INSTALAÇÃO DE TESOURA INTEIRA EM AÇO, VÃO DE 7 M, PARA TELHA ONDULADA DE FIBROCIMENTO, METÁLICA, PLÁSTICA OU TERMOACÚSTICA, INCLUSO IÇAMENTO. AF_12/2015","UN","725,71","740,01",null,725.71,740.01,"Sinapi 92610"]
["92612","FABRICAÇÃO E INSTALAÇÃO DE TESOURA INTEIRA EM AÇO, VÃO DE 8 M, PARA TELHA ONDULADA DE FIBROCIMENTO, METÁLICA, PLÁSTICA OU TERMOACÚSTICA, INCLUSO IÇAMENTO, INCLUSO IÇAMENTO. AF_12/2015","UN","819,98","837,27",null,819.98,837.27,"Sinapi 92612"]
["92614","FABRICAÇÃO E INSTALAÇÃO DE TESOURA INTEIRA EM AÇO, VÃO DE 9 M, PARA TELHA ONDULADA DE FIBROCIMENTO, METÁLICA, PLÁSTICA OU TERMOACÚSTICA, INCLUSO IÇAMENTO. AF_12/2015","UN","918,84","937,56",null,918.84,937.56,"Sinapi 92614"]
["92616","FABRICAÇÃO E INSTALAÇÃO DE TESOURA INTEIRA EM AÇO, VÃO DE 10 M, PARA TELHA ONDULADA DE FIBROCIMENTO, METÁLICA, PLÁSTICA OU TERMOACÚSTICA, INCLUSO IÇAMENTO. AF_12/2015","UN","1.049,79","1.073,34",null,1049.79,1073.3399999999999,"Sinapi 92616"]
["92618","FABRICAÇÃO E INSTALAÇÃO DE TESOURA INTEIRA EM AÇO, VÃO DE 11 M, PARA TELHA ONDULADA DE FIBROCIMENTO, METÁLICA, PLÁSTICA OU TERMOACÚSTICA, INCLUSO IÇAMENTO. AF_12/2015","UN","1.115,87","1.139,42",null,1115.8699999999999,1139.42,"Sinapi 92618"]
["92620","FABRICAÇÃO E INSTALAÇÃO DE TESOURA INTEIRA EM AÇO, VÃO DE 12 M, PARA TELHA ONDULADA DE FIBROCIMENTO, METÁLICA, PLÁSTICA OU TERMOACÚSTICA, INCLUSO IÇAMENTO. AF_12/2015","UN","1.181,95","1.205,50",null,1181.95,1205.5,"Sinapi 92620"]
["100357","FABRICAÇÃO E INSTALAÇÃO DE MEIA TESOURA DE MADEIRA NÃO APARELHADA, COM VÃO DE 3 M, PARA TELHA CERÂMICA OU DE CONCRETO, INCLUSO IÇAMENTO. AF_07/2019","UN","743,03","774,28",null,743.03,774.28,"Sinapi 100357"]
["100358","FABRICAÇÃO E INSTALAÇÃO DE MEIA TESOURA DE MADEIRA NÃO APARELHADA, COM VÃO DE 4 M, PARA TELHA CERÂMICA OU DE CONCRETO, INCLUSO IÇAMENTO. AF_07/2019","UN","1.018,52","1.070,06",null,1018.52,1070.06,"Sinapi 100358"]
["100359","FABRICAÇÃO E INSTALAÇÃO DE MEIA TESOURA DE MADEIRA NÃO APARELHADA, COM VÃO DE 5 M, PARA TELHA CERÂMICA OU DE CONCRETO, INCLUSO IÇAMENTO. AF_07/2019","UN","1.068,99","1.120,53",null,1068.99,1120.53,"Sinapi 100359"]
["100360","FABRICAÇÃO E INSTALAÇÃO DE MEIA TESOURA DE MADEIRA NÃO APARELHADA, COM VÃO DE 6 M, PARA TELHA CERÂMICA OU DE CONCRETO, INCLUSO IÇAMENTO. AF_07/2019","UN","1.186,04","1.242,99",null,1186.04,1242.99,"Sinapi 100360"]
["100361","FABRICAÇÃO E INSTALAÇÃO DE MEIA TESOURA DE MADEIRA NÃO APARELHADA, COM VÃO DE 7 M, PARA TELHA CERÂMICA OU DE CONCRETO, INCLUSO IÇAMENTO. AF_07/2019","UN","1.483,41","1.560,62",null,1483.41,1560.62,"Sinapi 100361"]
["100362","FABRICAÇÃO E INSTALAÇÃO DE MEIA TESOURA DE MADEIRA NÃO APARELHADA, COM VÃO DE 8 M, PARA TELHA CERÂMICA OU DE CONCRETO, INCLUSO IÇAMENTO. AF_07/2019","UN","1.930,02","2.012,47",null,1930.02,2012.47,"Sinapi 100362"]
["100363","FABRICAÇÃO E INSTALAÇÃO DE MEIA TESOURA DE MADEIRA NÃO APARELHADA, COM VÃO DE 9 M, PARA TELHA CERÂMICA OU DE CONCRETO, INCLUSO IÇAMENTO. AF_07/2019","UN","2.003,75","2.086,20",null,2003.75,2086.1999999999998,"Sinapi 100363"]
["100364","FABRICAÇÃO E INSTALAÇÃO DE MEIA TESOURA DE MADEIRA NÃO APARELHADA, COM VÃO DE 10 M, PARA TELHA CERÂMICA OU DE CONCRETO, INCLUSO IÇAMENTO. AF_07/2019","UN","2.185,93","2.276,83",null,2185.9299999999998,2276.83,"Sinapi 100364"]
["100365","FABRICAÇÃO E INSTALAÇÃO DE MEIA TESOURA DE MADEIRA NÃO APARELHADA, COM VÃO DE 11 M, PARA TELHA CERÂMICA OU DE CONCRETO, INCLUSO IÇAMENTO. AF_07/2019","UN","2.524,74","2.635,92",null,2524.7399999999998,2635.92,"Sinapi 100365"]
["100366","FABRICAÇÃO E INSTALAÇÃO DE MEIA TESOURA DE MADEIRA NÃO APARELHADA, COM VÃO DE 12 M, PARA TELHA CERÂMICA OU DE CONCRETO, INCLUSO IÇAMENTO. AF_07/2019","UN","2.702,05","2.813,23",null,2702.05,2813.23,"Sinapi 100366"]
["100367","FABRICAÇÃO E INSTALAÇÃO DE MEIA TESOURA DE MADEIRA NÃO APARELHADA, COM VÃO DE 3 M, PARA TELHA ONDULADA DE FIBROCIMENTO, ALUMÍNIO, PLÁSTICA OU TERMOACÚSTICA, INCLUSO IÇAMENTO. AF_07/2019","UN","723,28","754,53",null,723.28,754.53,"Sinapi 100367"]
["100368","FABRICAÇÃO E INSTALAÇÃO DE MEIA TESOURA DE MADEIRA NÃO APARELHADA, COM VÃO DE 4 M, PARA TELHA ONDULADA DE FIBROCIMENTO, ALUMÍNIO, PLÁSTICA OU TERMOACÚSTICA, INCLUSO IÇAMENTO. AF_07/2019","UN","993,20","1.044,74",null,993.2,1044.74,"Sinapi 100368"]
["100369","FABRICAÇÃO E INSTALAÇÃO DE MEIA TESOURA DE MADEIRA NÃO APARELHADA, COM VÃO DE 5 M, PARA TELHA ONDULADA DE FIBROCIMENTO, ALUMÍNIO, PLÁSTICA OU TERMOACÚSTICA, INCLUSO IÇAMENTO. AF_07/2019","UN","1.043,67","1.095,21",null,1043.67,1095.21,"Sinapi 100369"]
["100370","FABRICAÇÃO E INSTALAÇÃO DE MEIA TESOURA DE MADEIRA NÃO APARELHADA, COM VÃO DE 6 M, PARA TELHA ONDULADA DE FIBROCIMENTO, ALUMÍNIO, PLÁSTICA OU TERMOACÚSTICA, INCLUSO IÇAMENTO. AF_07/2019","UN","1.235,23","1.292,18",null,1235.23,1292.18,"Sinapi 100370"]
["100371","FABRICAÇÃO E INSTALAÇÃO DE MEIA TESOURA DE MADEIRA NÃO APARELHADA, COM VÃO DE 7 M, PARA TELHA ONDULADA DE FIBROCIMENTO, ALUMÍNIO, PLÁSTICA OU TERMOACÚSTICA, INCLUSO IÇAMENTO. AF_07/2019","UN","1.415,09","1.492,30",null,1415.09,1492.3,"Sinapi 100371"]
["100372","FABRICAÇÃO E INSTALAÇÃO DE MEIA TESOURA DE MADEIRA NÃO APARELHADA, COM VÃO DE 8 M, PARA TELHA ONDULADA DE FIBROCIMENTO, ALUMÍNIO, PLÁSTICA OU TERMOACÚSTICA, INCLUSO IÇAMENTO. AF_07/2019","UN","1.820,81","1.903,26",null,1820.81,1903.26,"Sinapi 100372"]
["100373","FABRICAÇÃO E INSTALAÇÃO DE MEIA TESOURA DE MADEIRA NÃO APARELHADA, COM VÃO DE 9 M, PARA TELHA ONDULADA DE FIBROCIMENTO, ALUMÍNIO, PLÁSTICA OU TERMOACÚSTICA, INCLUSO IÇAMENTO. AF_07/2019","UN","1.882,85","1.965,30",null,1882.85,1965.3,"Sinapi 100373"]
["100374","FABRICAÇÃO E INSTALAÇÃO DE MEIA TESOURA DE MADEIRA NÃO APARELHADA, COM VÃO DE 10 M, PARA TELHA ONDULADA DE FIBROCIMENTO, ALUMÍNIO, PLÁSTICA OU TERMOACÚSTICA, INCLUSO IÇAMENTO. AF_07/2019","UN","2.024,37","2.115,27",null,2024.37,2115.27,"Sinapi 100374"]
["100375","FABRICAÇÃO E INSTALAÇÃO DE MEIA TESOURA DE MADEIRA NÃO APARELHADA, COM VÃO DE 11 M, PARA TELHA ONDULADA DE FIBROCIMENTO, ALUMÍNIO, PLÁSTICA OU TERMOACÚSTICA, INCLUSO IÇAMENTO. AF_07/2019","UN","2.289,23","2.400,41",null,2289.23,2400.41,"Sinapi 100375"]
["100376","FABRICAÇÃO E INSTALAÇÃO DE MEIA TESOURA DE MADEIRA NÃO APARELHADA, COM VÃO DE 12 M, PARA TELHA ONDULADA DE FIBROCIMENTO, ALUMÍNIO, PLÁSTICA OU TERMOACÚSTICA, INCLUSO IÇAMENTO. AF_07/2019","UN","2.220,76","2.331,94",null,2220.7600000000002,2331.94,"Sinapi 100376"]
["100377","FABRICAÇÃO E INSTALAÇÃO DE TESOURA (INTEIRA OU MEIA) EM AÇO, VÃOS MAIORES OU IGUAIS A 3,0 M E MENORES OU IGUAL A 6,0 M, INCLUSO IÇAMENTO. AF_07/2019","KG","6,80","6,93",null,6.8,6.93,"Sinapi 100377"]
["100378","FABRICAÇÃO E INSTALAÇÃO DE TESOURA (INTEIRA OU MEIA) EM AÇO, VÃOS MAIORES QUE 6,0 M E MENORES QUE 12,0 M, INCLUSO IÇAMENTO. AF_07/2019","KG","6,23","6,34",null,6.23,6.34,"Sinapi 100378"]
["100382","FABRICAÇÃO E INSTALAÇÃO DE PONTALETES DE MADEIRA NÃO APARELHADA PARA TELHADOS COM ATÉ 2 ÁGUAS E COM TELHA ONDULADA DE FIBROCIMENTO, ALUMÍNIO OU PLÁSTICA EM EDIFÍCIO RESIDENCIAL TÉRREO, INCLUSO TRANSPORTE VERTICAL. AF_07/2019","M2","17,05","17,47",null,17.05,17.47,"Sinapi 100382"]
["94444","TELHAMENTO COM TELHA DE ENCAIXE, TIPO FRANCESA DE VIDRO, COM ATÉ 2 ÁGUAS, INCLUSO TRANSPORTE VERTICAL. AF_07/2019","M2","521,40","522,07",null,521.4,522.07000000000005,"Sinapi 94444"]
["73882/1","CALHA EM CONCRETO SIMPLES, EM MEIA CANA, DIAMETRO 200 MM","M","28,53","29,59",null,28.53,29.59,"Sinapi 73882/1"]
["73882/5","CALHA EM CONCRETO SIMPLES, EM MEIA CANA DE CONCRETO, DIAMETRO 600 MM","M","80,03","83,19",null,80.03,83.19,"Sinapi 73882/5"]
["73816/1","EXECUCAO DE DRENO COM TUBOS DE PVC CORRUGADO FLEXIVEL PERFURADO - DN 100","M","28,41","29,66",null,28.41,29.66,"Sinapi 73816/1"]
["73816/2","EXECUCAO DE DRENO VERTICAL COM PEDRISCO, DIAMETRO 200MM","M","23,67","25,25",null,23.67,25.25,"Sinapi 73816/2"]
["73881/1","EXECUCAO DE DRENO COM MANTA GEOTEXTIL 200 G/M2","M2","5,76","5,79",null,5.76,5.79,"Sinapi 73881/1"]
["73881/3","EXECUCAO DE DRENO COM MANTA GEOTEXTIL 400 G/M2","M2","11,25","11,28",null,11.25,11.28,"Sinapi 73881/3"]
["73883/1","EXECUCAO DE DRENO FRANCES COM AREIA MEDIA","M3","139,66","141,61",null,139.66,141.61000000000001,"Sinapi 73883/1"]
["73883/2","EXECUCAO DE DRENO FRANCES COM BRITA NUM 2","M3","126,08","129,08",null,126.08,129.08000000000001,"Sinapi 73883/2"]
["73883/3","EXECUCAO DE DRENO FRANCES COM CASCALHO","M3","77,73","79,68",null,77.73,79.680000000000007,"Sinapi 73883/3"]
["73969/1","EXECUCAO DE DRENOS DE CHORUME EM TUBOS DRENANTES DE CONCRETO, DIAM=200MM, ENVOLTOS EM BRITA E GEOTEXTIL","M","73,53","74,77",null,73.53,74.77,"Sinapi 73969/1"]
["74017/1","EXECUCAO DE DRENOS DE CHORUME EM TUBOS DRENANTES, PVC, DIAM=100 MM, ENVOLTOS EM BRITA E GEOTEXTIL","M","48,12","49,36",null,48.12,49.36,"Sinapi 74017/1"]
["74017/2","EXECUCAO DE DRENOS DE CHORUME EM TUBOS DRENANTES, PVC, DIAM=150 MM, ENVOLTOS EM BRITA E GEOTEXTIL","M","63,65","64,89",null,63.65,64.89,"Sinapi 74017/2"]
["75029/1","TUBO PVC CORRUGADO RIGIDO PERFURADO DN 150 PARA DRENAGEM - FORNECIMENTO E INSTALACAO","M","40,30","41,96",null,40.299999999999997,41.96,"Sinapi 75029/1"]
["83651","TUBO PVC CORRUGADO PERFURADO 100 MM C/ JUNTA ELASTICA PARA DRENAGEM.","M","30,90","32,94",null,30.9,32.94,"Sinapi 83651"]
["83658","EXECUCAO DRENO PROFUNDO, COM CORTE TRAPEZOIDAL EM SOLO, DE 70X80X150CM EXCL TUBO INCL MATERIAL EXECUCAO, COM SELO ENCHIMENTO MATERIAL DRENANTE E ESCAVACAO","M","193,91","202,97",null,193.91,202.97,"Sinapi 83658"]
["83661","EXECUCAO DE DRENO PROFUNDO, CORTE EM SOLO, COM TUBO POROSO D=0,20M","M","122,81","126,82",null,122.81,126.82,"Sinapi 83661"]
["83662","EXECUCAO DE DRENO CEGO","M3","112,75","116,24",null,112.75,116.24,"Sinapi 83662"]
["83664","EXECUCAO DE DRENO DE TUBO DE CONRETO SIMPLES POROSO D=0,20 M (0,5MX0,5M) PARA GALERIAS DE AGUAS PLUVIAIS","M","73,07","75,03",null,73.069999999999993,75.03,"Sinapi 83664"]
["83665","FORNECIMENTO E INSTALACAO DE MANTA BIDIM RT - 14","M2","7,44","7,48",null,{"$f":"IF(D1352=\"\",\"\",D1352+0)","v":7.44},{"$f":"IF(E1352=\"\",\"\",E1352+0)","v":7.48},{"$f":"IF(OR(G1352=\"\",H1352=\"\"),\"\",CONCATENATE(\"Sinapi \",A1352))","v":"Sinapi 83665"}]
["83669","FORNECIMENTO/INSTALACAO MANTA BIDIM RT-16","M2","8,85","8,89",null,8.85,8.89,"Sinapi 83669"]
["83670","TUBO PVC DN 75 MM PARA DRENAGEM - FORNECIMENTO E INSTALACAO","M","45,69","49,42",null,45.69,49.42,"Sinapi 83670"]
["83671","TUBO PVC DN 100 MM PARA DRENAGEM - FORNECIMENTO E INSTALACAO","M","49,06","53,01",null,49.06,53.01,"Sinapi 83671"]
["83679","TUBO PVC D=2\u0094 COM MATERIAL DRENANTE PARA DRENO/BARBACA - FORNECIMENTO E INSTALACAO","M","13,61","14,36",null,13.61,14.36,"Sinapi 83679"]
["83680","TUBO PVC D=3\" COM MATERIAL DRENANTE PARA DRENO/BARBACA - FORNECIMENTO E INSTALACAO","M","16,37","17,12",null,16.37,17.12,"Sinapi 83680"]
["83681","TUBO PVC D=4\" COM MATERIAL DRENANTE PARA DRENO/BARBACA - FORNECIMENTO E INSTALACAO","M","17,63","18,38",null,17.63,18.38,"Sinapi 83681"]
["83682","CAMADA VERTICAL DRENANTE C/ PEDRA BRITADA NUMS 1 E 2","M3","129,48","133,23",null,129.47999999999999,133.22999999999999,"Sinapi 83682"]
["83729","FORNECIMENTO/INSTALACAO DE MANTA BIDIM RT-31","M2","17,35","17,39",null,17.350000000000001,17.39,"Sinapi 83729"]
["83739","FORNECIMENTO/INSTALACAO DE MANTA BIDIM RT-10","M2","6,06","6,10",null,6.06,6.1,"Sinapi 83739"]
["6454","FORNECIMENTO E LANCAMENTO DE PEDRA DE MAO","M3","186,61","195,61",null,186.61,195.61,"Sinapi 6454"]
["73611","ENROCAMENTO COM PEDRA ARGAMASSADA TRAÇO 1:4 COM PEDRA DE MÃO","M3","397,29","419,95",null,397.29,419.95,"Sinapi 73611"]
["73697","ENROCAMENTO MANUAL, SEM ARRUMACAO DO MATERIAL","M3","186,60","196,02",null,186.6,196.02,"Sinapi 73697"]
["73698","ENROCAMENTO MANUAL, COM ARRUMACAO DO MATERIAL","M3","239,59","254,72",null,239.59,254.72,"Sinapi 73698"]
["73890/1","ENSECADEIRA DE MADEIRA COM PAREDE SIMPLES","M2","138,75","146,33",null,138.75,146.33000000000001,"Sinapi 73890/1"]
["73890/2","ENSECADEIRA DE MADEIRA COM PAREDE DUPLA","M2","351,37","370,32",null,351.37,370.32,"Sinapi 73890/2"]
["92743","MURO DE GABIÃO, ENCHIMENTO COM PEDRA DE MÃO TIPO RACHÃO, DE GRAVIDADE, COM GAIOLAS DE COMPRIMENTO IGUAL A 2 M, PARA MUROS COM ALTURA MENOR OU IGUAL A 4 M \u0096 FORNECIMENTO E EXECUÇÃO. AF_12/2015","M3","514,46","526,33",null,514.46,526.33000000000004,"Sinapi 92743"]
["92744","MURO DE GABIÃO, ENCHIMENTO COM PEDRA DE MÃO TIPO RACHÃO, DE GRAVIDADE, COM GAIOLAS DE COMPRIMENTO IGUAL A 5 M, PARA MUROS COM ALTURA MENOR OU IGUAL A 4 M \u0096 FORNECIMENTO E EXECUÇÃO. AF_12/2015","M3","503,20","508,94",null,503.2,508.94,"Sinapi 92744"]
["92745","MURO DE GABIÃO, ENCHIMENTO COM PEDRA DE MÃO TIPO RACHÃO, DE GRAVIDADE, COM GAIOLAS DE COMPRIMENTO IGUAL A 2 M, PARA MUROS COM ALTURA MAIOR QUE 4 M E MENOR OU IGUAL A 6 M \u0096 FORNECIMENTO E EXECUÇÃO. AF_12/2015","M3","634,13","648,41",null,634.13,648.41,"Sinapi 92745"]
["92746","MURO DE GABIÃO, ENCHIMENTO COM PEDRA DE MÃO TIPO RACHÃO, DE GRAVIDADE, COM GAIOLAS DE COMPRIMENTO IGUAL A 5 M, PARA MUROS COM ALTURA MAIOR QUE 4 M E MENOR OU IGUAL A 6 M   FORNECIMENTO E EXECUÇÃO. AF_12/2015","M3","590,46","598,53",null,590.46,598.53,"Sinapi 92746"]
["92747","MURO DE GABIÃO, ENCHIMENTO COM PEDRA DE MÃO TIPO RACHÃO, DE GRAVIDADE, COM GAIOLAS DE COMPRIMENTO IGUAL A 2 M, PARA MUROS COM ALTURA MAIOR QUE 6 M E MENOR OU IGUAL A 10 M   FORNECIMENTO E EXECUÇÃO. AF_12/2015","M3","701,77","717,44",null,701.77,717.44,"Sinapi 92747"]
["92748","MURO DE GABIÃO, ENCHIMENTO COM PEDRA DE MÃO TIPO RACHÃO, DE GRAVIDADE, COM GAIOLAS DE COMPRIMENTO IGUAL A 5 M, PARA MUROS COM ALTURA MAIOR QUE 6 M E MENOR OU IGUAL A 10 M\u0096 FORNECIMENTO E EXECUÇÃO. AF_12/2015","M3","639,94","649,39",null,639.94000000000005,649.39,"Sinapi 92748"]
["92749","MURO DE GABIÃO, ENCHIMENTO COM PEDRA DE MÃO TIPO RACHÃO, COM SOLO REFORÇADO, PARA MUROS COM ALTURA MENOR OU IGUAL A 4 M   FORNECIMENTO E EXECUÇÃO. AF_12/2015","M3","735,55","747,28",null,735.55,747.28,"Sinapi 92749"]
["92750","MURO DE GABIÃO, ENCHIMENTO COM PEDRA DE MÃO TIPO RACHÃO, COM SOLO REFORÇADO, PARA MUROS COM ALTURA MAIOR QUE 4 M E MENOR OU IGUAL A 12 M   FORNECIMENTO E EXECUÇÃO. AF_12/2015","M3","1.256,66","1.272,80",null,1256.6600000000001,1272.8,"Sinapi 92750"]
["92751","MURO DE GABIÃO, ENCHIMENTO COM PEDRA DE MÃO TIPO RACHÃO, COM SOLO REFORÇADO, PARA MUROS COM ALTURA MAIOR QUE 12 M E MENOR OU IGUAL A 20 M    FORNECIMENTO E EXECUÇÃO. AF_12/2015","M3","1.559,32","1.577,93",null,1559.32,1577.93,"Sinapi 92751"]
["92752","MURO DE GABIÃO, ENCHIMENTO COM PEDRA DE MÃO TIPO RACHÃO, COM SOLO REFORÇADO, PARA MUROS COM ALTURA MAIOR QUE 20 M E MENOR OU IGUAL A 28 M   FORNECIMENTO E EXECUÇÃO. AF_12/2015","M3","1.860,94","1.881,94",null,1860.94,1881.94,"Sinapi 92752"]
["92753","MURO DE GABIÃO, ENCHIMENTO COM RESÍDUO DE CONSTRUÇÃO E DEMOLIÇÃO, DE GRAVIDADE, COM GAIOLA TRAPEZOIDAL DE COMPRIMENTO IGUAL A 2 M, PARA MUROS COM ALTURA MENOR OU IGUAL A 2 M   FORNECIMENTO E EXECUÇÃO. AF_12/2015","M3","468,74","477,02",null,468.74,477.02,"Sinapi 92753"]
["92754","MURO DE GABIÃO, ENCHIMENTO COM RESÍDUO DE CONSTRUÇÃO E DEMOLIÇÃO, DE GRAVIDADE, COM GAIOLA TRAPEZOIDAL DE COMPRIMENTO IGUAL A 2 M, PARA MUROS COM ALTURA MAIOR QUE 2 M E MENOR OU IGUAL A 4 M    FORNECIMENTO E EXECUÇÃO. AF_12/2015","M3","427,95","435,56",null,427.95,435.56,"Sinapi 92754"]
["92755","PROTEÇÃO SUPERFICIAL DE CANAL EM GABIÃO TIPO COLCHÃO, ALTURA DE 17 CENTÍMETROS, ENCHIMENTO COM PEDRA DE MÃO TIPO RACHÃO - FORNECIMENTO E EXECUÇÃO. AF_12/2015","M2","183,97","187,89",null,183.97,187.89,"Sinapi 92755"]
["92756","PROTEÇÃO SUPERFICIAL DE CANAL EM GABIÃO TIPO COLCHÃO, ALTURA DE 23 CENTÍMETROS, ENCHIMENTO COM PEDRA DE MÃO TIPO RACHÃO - FORNECIMENTO E EXECUÇÃO. AF_12/2015","M2","209,18","213,82",null,209.18,213.82,"Sinapi 92756"]
["92757","PROTEÇÃO SUPERFICIAL DE CANAL EM GABIÃO TIPO COLCHÃO, ALTURA DE 30 CENTÍMETROS, ENCHIMENTO COM PEDRA DE MÃO TIPO RACHÃO - FORNECIMENTO E EXECUÇÃO. AF_12/2015","M2","239,76","245,26",null,239.76,245.26,"Sinapi 92757"]
["92758","PROTEÇÃO SUPERFICIAL DE CANAL EM GABIÃO TIPO SACO, DIÂMETRO DE 65 CENTÍMETROS, ENCHIMENTO MANUAL COM PEDRA DE MÃO TIPO RACHÃO - FORNECIMENTO E EXECUÇÃO. AF_12/2015","M3","597,50","606,39",null,597.5,606.39,"Sinapi 92758"]
["91069","EXECUÇÃO DE REVESTIMENTO DE CONCRETO PROJETADO COM ESPESSURA DE 7 CM, ARMADO COM TELA, INCLINAÇÃO MENOR QUE 90°, APLICAÇÃO CONTÍNUA, UTILIZANDO EQUIPAMENTO DE PROJEÇÃO COM 6 M³/H DE CAPACIDADE. AF_01/2016","M2","79,65","81,67",null,79.650000000000006,81.67,"Sinapi 91069"]
["91070","EXECUÇÃO DE REVESTIMENTO DE CONCRETO PROJETADO COM ESPESSURA DE 10 CM, ARMADO COM TELA, INCLINAÇÃO MENOR QUE 90°, APLICAÇÃO CONTÍNUA, UTILIZANDO EQUIPAMENTO DE PROJEÇÃO COM 6 M³/H DE CAPACIDADE. AF_01/2016","M2","88,87","91,02",null,88.87,91.02,"Sinapi 91070"]
["91071","EXECUÇÃO DE REVESTIMENTO DE CONCRETO PROJETADO COM ESPESSURA DE 7 CM, ARMADO COM TELA, INCLINAÇÃO DE 90°, APLICAÇÃO CONTÍNUA, UTILIZANDO EQUIPAMENTO DE PROJEÇÃO COM 6 M³/H DE CAPACIDADE. AF_01/2016","M2","110,09","115,04",null,110.09,115.04,"Sinapi 91071"]
["91072","EXECUÇÃO DE REVESTIMENTO DE CONCRETO PROJETADO COM ESPESSURA DE 10 CM, ARMADO COM TELA, INCLINAÇÃO DE 90°, APLICAÇÃO CONTÍNUA, UTILIZANDO EQUIPAMENTO DE PROJEÇÃO COM 6 M³/H DE CAPACIDADE. AF_01/2016","M2","119,32","124,41",null,119.32,124.41,"Sinapi 91072"]
["91073","EXECUÇÃO DE REVESTIMENTO DE CONCRETO PROJETADO COM ESPESSURA DE 7 CM, ARMADO COM TELA, INCLINAÇÃO MENOR QUE 90°, APLICAÇÃO CONTÍNUA, UTILIZANDO EQUIPAMENTO DE PROJEÇÃO COM 3 M³/H DE CAPACIDADE. AF_01/2016","M2","90,14","93,24",null,90.14,93.24,"Sinapi 91073"]
["91074","EXECUÇÃO DE REVESTIMENTO DE CONCRETO PROJETADO COM ESPESSURA DE 10 CM, ARMADO COM TELA, INCLINAÇÃO MENOR QUE 90°, APLICAÇÃO CONTÍNUA, UTILIZANDO EQUIPAMENTO DE PROJEÇÃO COM 3 M³/H DE CAPACIDADE. AF_01/2016","M2","100,46","103,78",null,100.46,103.78,"Sinapi 91074"]
["91075","EXECUÇÃO DE REVESTIMENTO DE CONCRETO PROJETADO COM ESPESSURA DE 7 CM, ARMADO COM TELA, INCLINAÇÃO DE 90°, APLICAÇÃO CONTÍNUA, UTILIZANDO EQUIPAMENTO DE PROJEÇÃO COM 3 M³/H DE CAPACIDADE. AF_01/2016","M2","122,79","129,13",null,122.79,129.13,"Sinapi 91075"]
["91076","EXECUÇÃO DE REVESTIMENTO DE CONCRETO PROJETADO COM ESPESSURA DE 10 CM, ARMADO COM TELA, INCLINAÇÃO DE 90°, APLICAÇÃO CONTÍNUA, UTILIZANDO EQUIPAMENTO DE PROJEÇÃO COM 3 M³/H DE CAPACIDADE. AF_01/2016","M2","133,16","139,77",null,133.16,139.77000000000001,"Sinapi 91076"]
["91077","EXECUÇÃO DE REVESTIMENTO DE CONCRETO PROJETADO COM ESPESSURA DE 7 CM, ARMADO COM FIBRAS DE AÇO, INCLINAÇÃO MENOR QUE 90°, APLICAÇÃO CONTÍNUA, UTILIZANDO EQUIPAMENTO DE PROJEÇÃO COM 6 M³/H DE CAPACIDADE. AF_01/2016","M2","81,31","82,72",null,81.31,82.72,"Sinapi 91077"]
["91078","EXECUÇÃO DE REVESTIMENTO DE CONCRETO PROJETADO COM ESPESSURA DE 10 CM, ARMADO COM FIBRAS DE AÇO, INCLINAÇÃO MENOR QUE 90°, APLICAÇÃO CONTÍNUA, UTILIZANDO EQUIPAMENTO DE PROJEÇÃO COM 6 M³/H DE CAPACIDADE. AF_01/2016","M2","95,17","96,69",null,95.17,96.69,"Sinapi 91078"]
["91079","EXECUÇÃO DE REVESTIMENTO DE CONCRETO PROJETADO COM ESPESSURA DE 7 CM, ARMADO COM FIBRAS DE AÇO, INCLINAÇÃO DE 90°, APLICAÇÃO CONTÍNUA, UTILIZANDO EQUIPAMENTO DE PROJEÇÃO COM 6 M³/H DE CAPACIDADE. AF_01/2016","M2","85,89","87,73",null,85.89,87.73,"Sinapi 91079"]
["91080","EXECUÇÃO DE REVESTIMENTO DE CONCRETO PROJETADO COM ESPESSURA DE 10 CM, ARMADO COM FIBRAS DE AÇO, INCLINAÇÃO DE 90°, APLICAÇÃO CONTÍNUA, UTILIZANDO EQUIPAMENTO DE PROJEÇÃO COM 6 M³/H DE CAPACIDADE. AF_01/2016","M2","99,58","101,54",null,99.58,101.54,"Sinapi 91080"]
["91081","EXECUÇÃO DE REVESTIMENTO DE CONCRETO PROJETADO COM ESPESSURA DE 7 CM, ARMADO COM FIBRAS DE AÇO, INCLINAÇÃO MENOR QUE 90°, APLICAÇÃO CONTÍNUA, UTILIZANDO EQUIPAMENTO DE PROJEÇÃO COM 3 M³/H DE CAPACIDADE. AF_01/2016","M2","93,00","95,54",null,93,95.54,"Sinapi 91081"]
["91082","EXECUÇÃO DE REVESTIMENTO DE CONCRETO PROJETADO COM ESPESSURA DE 10 CM, ARMADO COM FIBRAS DE AÇO, INCLINAÇÃO MENOR QUE 90°, APLICAÇÃO CONTÍNUA, UTILIZANDO EQUIPAMENTO DE PROJEÇÃO COM 3 M³/H DE CAPACIDADE. AF_01/2016","M2","107,82","110,56",null,107.82,110.56,"Sinapi 91082"]
["91083","EXECUÇÃO DE REVESTIMENTO DE CONCRETO PROJETADO COM ESPESSURA DE 7 CM, ARMADO COM FIBRAS DE AÇO, INCLINAÇÃO DE 90°, APLICAÇÃO CONTÍNUA, UTILIZANDO EQUIPAMENTO DE PROJEÇÃO COM 3 M³/H DE CAPACIDADE. AF_01/2016","M2","101,04","104,41",null,101.04,104.41,"Sinapi 91083"]
["91084","EXECUÇÃO DE REVESTIMENTO DE CONCRETO PROJETADO COM ESPESSURA DE 10 CM, ARMADO COM FIBRAS DE AÇO, INCLINAÇÃO DE 90°, APLICAÇÃO CONTÍNUA, UTILIZANDO EQUIPAMENTO DE PROJEÇÃO COM 3 M³/H DE CAPACIDADE. AF_01/2016","M2","115,71","119,27",null,115.71,119.27,"Sinapi 91084"]
["91086","EXECUÇÃO DE REVESTIMENTO DE CONCRETO PROJETADO COM ESPESSURA DE 7 CM, ARMADO COM TELA, INCLINAÇÃO MENOR QUE 90°, APLICAÇÃO DESCONTÍNUA, UTILIZANDO EQUIPAMENTO DE PROJEÇÃO COM 6 M³/H DE CAPACIDADE. AF_01/2016","M2","87,28","90,01",null,87.28,90.01,"Sinapi 91086"]
["91087","EXECUÇÃO DE REVESTIMENTO DE CONCRETO PROJETADO COM ESPESSURA DE 10 CM, ARMADO COM TELA, INCLINAÇÃO MENOR QUE 90°, APLICAÇÃO DESCONTÍNUA, UTILIZANDO EQUIPAMENTO DE PROJEÇÃO COM 6 M³/H DE CAPACIDADE. AF_01/2016","M2","96,75","99,61",null,96.75,99.61,"Sinapi 91087"]
["91088","EXECUÇÃO DE REVESTIMENTO DE CONCRETO PROJETADO COM ESPESSURA DE 7 CM, ARMADO COM TELA, INCLINAÇÃO DE 90°, APLICAÇÃO DESCONTÍNUA, UTILIZANDO EQUIPAMENTO DE PROJEÇÃO COM 6 M³/H DE CAPACIDADE. AF_01/2016","M2","118,92","124,72",null,118.92,124.72,"Sinapi 91088"]
["91089","EXECUÇÃO DE REVESTIMENTO DE CONCRETO PROJETADO COM ESPESSURA DE 10 CM, ARMADO COM TELA, INCLINAÇÃO DE 90°, APLICAÇÃO DESCONTÍNUA, UTILIZANDO EQUIPAMENTO DE PROJEÇÃO COM 6 M³/H DE CAPACIDADE. AF_01/2016","M2","128,52","134,48",null,128.52000000000001,134.47999999999999,"Sinapi 91089"]
["91090","EXECUÇÃO DE REVESTIMENTO DE CONCRETO PROJETADO COM ESPESSURA DE 7 CM, ARMADO COM TELA, INCLINAÇÃO MENOR QUE 90°, APLICAÇÃO DESCONTÍNUA, UTILIZANDO EQUIPAMENTO DE PROJEÇÃO COM 3 M³/H DE CAPACIDADE. AF_01/2016","M2","96,36","100,05",null,96.36,100.05,"Sinapi 91090"]
["91091","EXECUÇÃO DE REVESTIMENTO DE CONCRETO PROJETADO COM ESPESSURA DE 10 CM, ARMADO COM TELA, INCLINAÇÃO MENOR QUE 90°, APLICAÇÃO DESCONTÍNUA, UTILIZANDO EQUIPAMENTO DE PROJEÇÃO COM 3 M³/H DE CAPACIDADE. AF_01/2016","M2","107,04","111,00",null,107.04,111,"Sinapi 91091"]
["91092","EXECUÇÃO DE REVESTIMENTO DE CONCRETO PROJETADO COM ESPESSURA DE 7 CM, ARMADO COM TELA, INCLINAÇÃO DE 90°, APLICAÇÃO DESCONTÍNUA, UTILIZANDO EQUIPAMENTO DE PROJEÇÃO COM 3 M³/H DE CAPACIDADE. AF_01/2016","M2","129,83","136,90",null,129.83000000000001,136.9,"Sinapi 91092"]
["91093","EXECUÇÃO DE REVESTIMENTO DE CONCRETO PROJETADO COM ESPESSURA DE 10 CM, ARMADO COM TELA, INCLINAÇÃO DE 90°, APLICAÇÃO DESCONTÍNUA, UTILIZANDO EQUIPAMENTO DE PROJEÇÃO COM 3 M³/H DE CAPACIDADE. AF_01/2016","M2","140,83","148,19",null,140.83000000000001,148.19,"Sinapi 91093"]
["91094","EXECUÇÃO DE REVESTIMENTO DE CONCRETO PROJETADO COM ESPESSURA DE 7 CM, ARMADO COM FIBRAS DE AÇO, INCLINAÇÃO MENOR QUE 90°, APLICAÇÃO DESCONTÍNUA, UTILIZANDO EQUIPAMENTO DE PROJEÇÃO COM 6 M³/H DE CAPACIDADE. AF_01/2016","M2","85,94","87,82",null,85.94,87.82,"Sinapi 91094"]
["91095","EXECUÇÃO DE REVESTIMENTO DE CONCRETO PROJETADO COM ESPESSURA DE 10 CM, ARMADO COM FIBRAS DE AÇO, INCLINAÇÃO MENOR QUE 90°, APLICAÇÃO DESCONTÍNUA, UTILIZANDO EQUIPAMENTO DE PROJEÇÃO COM 6 M³/H DE CAPACIDADE. AF_01/2016","M2","100,08","102,08",null,100.08,102.08,"Sinapi 91095"]
["91096","EXECUÇÃO DE REVESTIMENTO DE CONCRETO PROJETADO COM ESPESSURA DE 7 CM, ARMADO COM FIBRAS DE AÇO, INCLINAÇÃO DE 90°, APLICAÇÃO DESCONTÍNUA, UTILIZANDO EQUIPAMENTO DE PROJEÇÃO COM 6 M³/H DE CAPACIDADE. AF_01/2016","M2","88,42","90,58",null,88.42,90.58,"Sinapi 91096"]
["91097","EXECUÇÃO DE REVESTIMENTO DE CONCRETO PROJETADO COM ESPESSURA DE 10 CM, ARMADO COM FIBRAS DE AÇO, INCLINAÇÃO DE 90°, APLICAÇÃO DESCONTÍNUA, UTILIZANDO EQUIPAMENTO DE PROJEÇÃO COM 6 M³/H DE CAPACIDADE. AF_01/2016","M2","102,47","104,75",null,102.47,104.75,"Sinapi 91097"]
["91098","EXECUÇÃO DE REVESTIMENTO DE CONCRETO PROJETADO COM ESPESSURA DE 7 CM, ARMADO COM FIBRAS DE AÇO, INCLINAÇÃO MENOR QUE 90°, APLICAÇÃO DESCONTÍNUA, UTILIZANDO EQUIPAMENTO DE PROJEÇÃO COM 3 M³/H DE CAPACIDADE. AF_01/2016","M2","97,54","100,57",null,97.54,100.57,"Sinapi 91098"]
["91099","EXECUÇÃO DE REVESTIMENTO DE CONCRETO PROJETADO COM ESPESSURA DE 10 CM, ARMADO COM FIBRAS DE AÇO, INCLINAÇÃO MENOR QUE 90°, APLICAÇÃO DESCONTÍNUA, UTILIZANDO EQUIPAMENTO DE PROJEÇÃO COM 3 M³/H DE CAPACIDADE. AF_01/2016","M2","112,71","115,97",null,112.71,115.97,"Sinapi 91099"]
["91100","EXECUÇÃO DE REVESTIMENTO DE CONCRETO PROJETADO COM ESPESSURA DE 7 CM, ARMADO COM FIBRAS DE AÇO, INCLINAÇÃO DE 90°, APLICAÇÃO DESCONTÍNUA, UTILIZANDO EQUIPAMENTO DE PROJEÇÃO COM 3 M³/H DE CAPACIDADE. AF_01/2016","M2","104,08","107,81",null,104.08,107.81,"Sinapi 91100"]
["91101","EXECUÇÃO DE REVESTIMENTO DE CONCRETO PROJETADO COM ESPESSURA DE 10 CM, ARMADO COM FIBRAS DE AÇO, INCLINAÇÃO DE 90°, APLICAÇÃO DESCONTÍNUA, UTILIZANDO EQUIPAMENTO DE PROJEÇÃO COM 3 M³/H DE CAPACIDADE. AF_01/2016","M2","119,21","123,19",null,119.21,123.19,"Sinapi 91101"]
["93952","EXECUÇÃO DE GRAMPO PARA SOLO GRAMPEADO COM COMPRIMENTO MENOR OU IGUAL A 4 M, DIÂMETRO DE 10 CM, PERFURAÇÃO COM EQUIPAMENTO MANUAL E ARMADURA COM DIÂMETRO DE 16 MM. AF_05/2016","M","143,78","152,88",null,{"$f":"IF(D1416=\"\",\"\",D1416+0)","v":143.78},{"$f":"IF(E1416=\"\",\"\",E1416+0)","v":152.88},{"$f":"IF(OR(G1416=\"\",H1416=\"\"),\"\",CONCATENATE(\"Sinapi \",A1416))","v":"Sinapi 93952"}]
["93953","EXECUÇÃO DE GRAMPO PARA SOLO GRAMPEADO COM COMPRIMENTO MAIOR QUE 4 M E MENOR OU IGUAL A 6 M, DIÂMETRO DE 10 CM, PERFURAÇÃO COM EQUIPAMENTO MANUAL E ARMADURA COM DIÂMETRO DE 16 MM. AF_05/2016","M","133,64","141,76",null,133.63999999999999,141.76,"Sinapi 93953"]
["93954","EXECUÇÃO DE GRAMPO PARA SOLO GRAMPEADO COM COMPRIMENTO MAIOR QUE 6 M E MENOR OU IGUAL A 8 M, DIÂMETRO DE 10 CM, PERFURAÇÃO COM EQUIPAMENTO MANUAL E ARMADURA COM DIÂMETRO DE 16 MM. AF_05/2016","M","127,52","135,08",null,127.52,135.08000000000001,"Sinapi 93954"]
["93955","EXECUÇÃO DE GRAMPO PARA SOLO GRAMPEADO COM COMPRIMENTO MAIOR QUE 8 M E MENOR OU IGUAL A 10 M, DIÂMETRO DE 10 CM, PERFURAÇÃO COM EQUIPAMENTO MANUAL E ARMADURA COM DIÂMETRO DE 16 MM. AF_05/2016","M","123,22","130,37",null,123.22,130.37,"Sinapi 93955"]
["93956","EXECUÇÃO DE GRAMPO PARA SOLO GRAMPEADO COM COMPRIMENTO MAIOR QUE 10 M, DIÂMETRO DE 10 CM, PERFURAÇÃO COM EQUIPAMENTO MANUAL E ARMADURA COM DIÂMETRO DE 16 MM. AF_05/2016","M","119,78","126,62",null,119.78,126.62,"Sinapi 93956"]
["93957","EXECUÇÃO DE GRAMPO PARA SOLO GRAMPEADO COM COMPRIMENTO MENOR OU IGUAL A 4 M, DIÂMETRO DE 10 CM, PERFURAÇÃO COM EQUIPAMENTO MANUAL E ARMADURA COM DIÂMETRO DE 20 MM. AF_05/2016","M","152,62","161,93",null,152.62,161.93,"Sinapi 93957"]
["93958","EXECUÇÃO DE GRAMPO PARA SOLO GRAMPEADO COM COMPRIMENTO MAIOR QUE 4 M E MENOR OU IGUAL A 6 M, DIÂMETRO DE 10 CM, PERFURAÇÃO COM EQUIPAMENTO MANUAL E ARMADURA COM DIÂMETRO DE 20 MM. AF_05/2016","M","141,87","150,13",null,141.87,150.13,"Sinapi 93958"]
["93959","EXECUÇÃO DE GRAMPO PARA SOLO GRAMPEADO COM COMPRIMENTO MAIOR QUE 6 M E MENOR OU IGUAL A 8 M, DIÂMETRO DE 10 CM, PERFURAÇÃO COM EQUIPAMENTO MANUAL E ARMADURA COM DIÂMETRO DE 20 MM. AF_05/2016","M","135,47","143,13",null,135.47,143.13,"Sinapi 93959"]
["93960","EXECUÇÃO DE GRAMPO PARA SOLO GRAMPEADO COM COMPRIMENTO MAIOR QUE 8 M E MENOR OU IGUAL A 10 M, DIÂMETRO DE 10 CM, PERFURAÇÃO COM EQUIPAMENTO MANUAL E ARMADURA COM DIÂMETRO DE 20 MM. AF_05/2016","M","130,98","138,24",null,130.97999999999999,138.24,"Sinapi 93960"]
["93961","EXECUÇÃO DE GRAMPO PARA SOLO GRAMPEADO COM COMPRIMENTO MAIOR QUE 10 M, DIÂMETRO DE 10 CM, PERFURAÇÃO COM EQUIPAMENTO MANUAL E ARMADURA COM DIÂMETRO DE 20 MM. AF_05/2016","M","127,45","134,36",null,127.45,134.36000000000001,"Sinapi 93961"]
["93962","EXECUÇÃO DE GRAMPO PARA SOLO GRAMPEADO COM COMPRIMENTO MENOR OU IGUAL A 4 M, DIÂMETRO DE 7 CM, PERFURAÇÃO COM EQUIPAMENTO MANUAL E ARMADURA COM DIÂMETRO DE 16 MM. AF_05/2016","M","135,57","144,37",null,135.57,144.37,"Sinapi 93962"]
["93963","EXECUÇÃO DE GRAMPO PARA SOLO GRAMPEADO COM COMPRIMENTO MAIOR QUE 4 E MENOR OU IGUAL A 6 M, DIÂMETRO DE 7 CM, PERFURAÇÃO COM EQUIPAMENTO MANUAL E ARMADURA COM DIÂMETRO DE 16 MM. AF_05/2016","M","125,45","133,27",null,125.45,133.27000000000001,"Sinapi 93963"]
["93964","EXECUÇÃO DE GRAMPO PARA SOLO GRAMPEADO COM COMPRIMENTO MAIOR QUE 6 M E MENOR OU IGUAL A 8 M, DIÂMETRO DE 7 CM, PERFURAÇÃO COM EQUIPAMENTO MANUAL E ARMADURA COM DIÂMETRO DE 16 MM. AF_05/2016","M","119,40","126,65",null,119.4,126.65,"Sinapi 93964"]
["93965","EXECUÇÃO DE GRAMPO PARA SOLO GRAMPEADO COM COMPRIMENTO MAIOR QUE 8 M E MENOR OU IGUAL A 10 M, DIÂMETRO DE 7 CM, PERFURAÇÃO COM EQUIPAMENTO MANUAL E ARMADURA COM DIÂMETRO DE 16 MM. AF_05/2016","M","113,47","120,15",null,113.47,120.15,"Sinapi 93965"]
["93966","EXECUÇÃO DE GRAMPO PARA SOLO GRAMPEADO COM COMPRIMENTO MAIOR QUE 10 M, DIÂMETRO DE 7 CM, PERFURAÇÃO COM EQUIPAMENTO MANUAL E ARMADURA COM DIÂMETRO DE 16 MM. AF_05/2016","M","111,70","118,22",null,111.7,118.22,"Sinapi 93966"]
["93967","EXECUÇÃO DE GRAMPO PARA SOLO GRAMPEADO COM COMPRIMENTO MENOR OU IGUAL A 4 M, DIÂMETRO DE 7 CM, PERFURAÇÃO COM EQUIPAMENTO MANUAL E ARMADURA COM DIÂMETRO DE 20 MM. AF_05/2016","M","144,42","153,41",null,144.41999999999999,153.41,"Sinapi 93967"]
["93968","EXECUÇÃO DE GRAMPO PARA SOLO GRAMPEADO COM COMPRIMENTO MAIOR QUE 4 E MENOR OU IGUAL A 6 M, DIÂMETRO DE 7 CM, PERFURAÇÃO COM EQUIPAMENTO MANUAL E ARMADURA COM DIÂMETRO DE 20 MM. AF_05/2016","M","133,70","141,65",null,133.69999999999999,141.65,"Sinapi 93968"]
["93969","EXECUÇÃO DE GRAMPO PARA SOLO GRAMPEADO COM COMPRIMENTO MAIOR QUE 6 M E MENOR OU IGUAL A 8 M, DIÂMETRO DE 7 CM, PERFURAÇÃO COM EQUIPAMENTO MANUAL E ARMADURA COM DIÂMETRO DE 20 MM. AF_05/2016","M","127,32","134,67",null,127.32,134.66999999999999,"Sinapi 93969"]
["93970","EXECUÇÃO DE GRAMPO PARA SOLO GRAMPEADO COM COMPRIMENTO MAIOR QUE 8 MENOR OU IGUAL A 10 M, DIÂMETRO DE 7 CM, PERFURAÇÃO COM EQUIPAMENTO MANUAL E ARMADURA COM DIÂMETRO DE 20 MM. AF_05/2016","M","122,85","129,79",null,122.85,129.79,"Sinapi 93970"]
["93971","EXECUÇÃO DE GRAMPO PARA SOLO GRAMPEADO COM COMPRIMENTO MAIOR QUE 10 M, DIÂMETRO DE 7 CM, PERFURAÇÃO COM EQUIPAMENTO MANUAL E ARMADURA COM DIÂMETRO DE 20 MM. AF_05/2016","M","115,95","122,42",null,115.95,122.42,"Sinapi 93971"]
["95108","EXECUÇÃO DE PROTEÇÃO DA CABEÇA DO TIRANTE COM USO DE FÔRMAS EM CHAPA COMPENSADA PLASTIFICADA DE MADEIRA E CONCRETO FCK =15 MPA. AF_07/2016","UN","23,00","25,02",null,23,25.02,"Sinapi 95108"]
["100332","CONTENÇÃO EM PERFIL PRANCHADO COM PRANCHÃO DE MADEIRA, PERFIS ESPAÇADOS A 1,5 M PARA 1 SUBSOLO. AF_07/2019","M2","479,41","484,87",null,479.41,484.87,"Sinapi 100332"]
["100333","CONTENÇÃO EM PERFIL PRANCHADO COM PRANCHÃO DE MADEIRA, PERFIS ESPAÇADOS A 1,5 M PARA 2 OU MAIS SUBSOLOS. AF_07/2019","M2","299,85","304,29",null,299.85000000000002,304.29000000000002,"Sinapi 100333"]
["100334","CONTENÇÃO EM PERFIL PRANCHADO COM PRANCHÃO DE MADEIRA, PERFIS ESPAÇADOS A 2 M PARA 1 SUBSOLO. AF_07/2019","M2","381,60","386,37",null,381.6,386.37,"Sinapi 100334"]
["100335","CONTENÇÃO EM PERFIL PRANCHADO COM PRANCHÃO DE MADEIRA, PERFIS ESPAÇADOS A 2 M PARA 2 OU MAIS SUBSOLOS. AF_07/2019","M2","246,93","250,94",null,246.93,250.94,"Sinapi 100335"]
["100341","FABRICAÇÃO, MONTAGEM E DESMONTAGEM DE FÔRMA PARA CORTINA DE CONTENÇÃO, EM CHAPA DE MADEIRA COMPENSADA PLASTIFICADA, E = 18 MM, 10 UTILIZAÇÕES. AF_07/2019","M2","22,74","24,29",null,22.74,24.29,"Sinapi 100341"]
["100342","ARMAÇÃO DE CORTINA DE CONTENÇÃO EM CONCRETO ARMADO, COM AÇO CA-50 DE 6,3 MM - MONTAGEM. AF_07/2019","KG","9,95","10,34",null,9.9499999999999993,10.34,"Sinapi 100342"]
["100343","ARMAÇÃO DE CORTINA DE CONTENÇÃO EM CONCRETO ARMADO, COM AÇO CA-50 DE 8 MM - MONTAGEM. AF_07/2019","KG","9,13","9,39",null,9.1300000000000008,9.39,"Sinapi 100343"]
["100344","ARMAÇÃO DE CORTINA DE CONTENÇÃO EM CONCRETO ARMADO, COM AÇO CA-50 DE 10 MM - MONTAGEM. AF_07/2019","KG","8,05","8,24",null,8.0500000000000007,8.24,"Sinapi 100344"]
["100345","ARMAÇÃO DE CORTINA DE CONTENÇÃO EM CONCRETO ARMADO, COM AÇO CA-50 DE 12,5 MM - MONTAGEM. AF_07/2019","KG","6,74","6,87",null,6.74,6.87,"Sinapi 100345"]
["100346","ARMAÇÃO DE CORTINA DE CONTENÇÃO EM CONCRETO ARMADO, COM AÇO CA-50 DE 16 MM - MONTAGEM. AF_07/2019","KG","6,30","6,39",null,6.3,6.39,"Sinapi 100346"]
["100347","ARMAÇÃO DE CORTINA DE CONTENÇÃO EM CONCRETO ARMADO, COM AÇO CA-50 DE 20 MM - MONTAGEM. AF_07/2019","KG","6,99","7,04",null,6.99,7.04,"Sinapi 100347"]
["100348","ARMAÇÃO DE CORTINA DE CONTENÇÃO EM CONCRETO ARMADO, COM AÇO CA-50 DE 25 MM - MONTAGEM. AF_07/2019","KG","6,78","6,81",null,6.78,6.81,"Sinapi 100348"]
["100349","CONCRETAGEM DE CORTINA DE CONTENÇÃO, ATRAVÉS DE BOMBA  \u0096 LANÇAMENTO, ADENSAMENTO E ACABAMENTO. AF_07/2019","M3","364,27","366,78",null,364.27,366.78,"Sinapi 100349"]
["73799/1","GRELHA EM FERRO FUNDIDO SIMPLES COM REQUADRO, CARGA MÁXIMA 12,5 T,  300 X 1000 MM, E = 15 MM, FORNECIDA E ASSENTADA COM ARGAMASSA 1:4 CIMENTO:AREIA.","UN","289,73","299,77",null,289.73,299.77,"Sinapi 73799/1"]
["73856/1","BOCA P/BUEIRO SIMPLES TUBULAR D=0,40M EM CONCRETO CICLOPICO, INCLINDO FORMAS, ESCAVACAO, REATERRO E MATERIAIS, EXCLUINDO MATERIAL REATERRO JAZIDA E TRANSPORTE","UN","586,89","627,57",null,586.89,627.57000000000005,"Sinapi 73856/1"]
["73856/2","BOCA PARA BUEIRO SIMPLES TUBULAR, DIAMETRO =0,60M, EM CONCRETO CICLOPICO, INCLUINDO FORMAS, ESCAVACAO, REATERRO E MATERIAIS, EXCLUINDO MATERIAL REATERRO JAZIDA E TRANSPORTE.","UN","960,29","1.025,91",null,960.29,1025.9100000000001,"Sinapi 73856/2"]
["73856/3","BOCA PARA BUEIRO SIMPLES TUBULAR, DIAMETRO =0,80M, EM CONCRETO CICLOPICO, INCLUINDO FORMAS, ESCAVACAO, REATERRO E MATERIAIS, EXCLUINDO MATERIAL REATERRO JAZIDA E TRANSPORTE.","UN","1.437,48","1.534,58",null,1437.48,1534.58,"Sinapi 73856/3"]
["73856/4","BOCA PARA BUEIRO SIMPLES TUBULAR, DIAMETRO =1,00M, EM CONCRETO CICLOPICO, INCLUINDO FORMAS, ESCAVACAO, REATERRO E MATERIAIS, EXCLUINDO MATERIAL REATERRO JAZIDA E TRANSPORTE.","UN","2.025,35","2.160,79",null,2025.35,2160.79,"Sinapi 73856/4"]
["73856/5","BOCA PARA BUEIRO SIMPLES TUBULAR, DIAMETRO =1,20M, EM CONCRETO CICLOPICO, INCLUINDO FORMAS, ESCAVACAO, REATERRO E MATERIAIS, EXCLUINDO MATERIAL REATERRO JAZIDA E TRANSPORTE.","UN","2.729,39","2.910,27",null,2729.39,2910.27,"Sinapi 73856/5"]
["73856/6","BOCA PARA BUEIRO DUPLO TUBULAR, DIAMETRO =0,40M, EM CONCRETO CICLOPICO, INCLUINDO FORMAS, ESCAVACAO, REATERRO E MATERIAIS, EXCLUINDO MATERIAL REATERRO JAZIDA E TRANSPORTE.","UN","828,04","884,95",null,828.04,884.95,"Sinapi 73856/6"]
["73856/7","BOCA PARA BUEIRO DUPLO TUBULAR, DIAMETRO =0,60M, EM CONCRETO CICLOPICO, INCLUINDO FORMAS, ESCAVACAO, REATERRO E MATERIAIS, EXCLUINDO MATERIAL REATERRO JAZIDA E TRANSPORTE.","UN","1.362,89","1.455,36",null,1362.89,1455.36,"Sinapi 73856/7"]
["73856/8","BOCA PARA BUEIRO DUPLO TUBULAR, DIAMETRO =0,80M, EM CONCRETO CICLOPICO, INCLUINDO FORMAS, ESCAVACAO, REATERRO E MATERIAIS, EXCLUINDO MATERIAL REATERRO JAZIDA E TRANSPORTE.","UN","2.043,88","2.181,11",null,2043.88,2181.11,"Sinapi 73856/8"]
["73856/9","BOCA PARA BUEIRO DUPLO TUBULAR, DIAMETRO =1,00M, EM CONCRETO CICLOPICO, INCLUINDO FORMAS, ESCAVACAO, REATERRO E MATERIAIS, EXCLUINDO MATERIAL REATERRO JAZIDA E TRANSPORTE.","UN","2.605,86","2.777,43",null,2605.86,2777.43,"Sinapi 73856/9"]
["73856/10","BOCA PARA BUEIRO DUPLOTUBULAR, DIAMETRO =1,20M, EM CONCRETO CICLOPICO, INCLUINDO FORMAS, ESCAVACAO, REATERRO E MATERIAIS, EXCLUINDO MATERIAL REATERRO JAZIDA E TRANSPORTE.","UN","3.874,38","4.130,21",null,3874.38,4130.21,"Sinapi 73856/10"]
["73856/11","BOCA PARA BUEIRO TRIPLO TUBULAR, DIAMETRO =0,40M, EM CONCRETO CICLOPICO, INCLUINDO FORMAS, ESCAVACAO, REATERRO E MATERIAIS, EXCLUINDO MATERIAL REATERRO JAZIDA E TRANSPORTE.","UN","1.068,74","1.141,86",null,1068.74,1141.8599999999999,"Sinapi 73856/11"]
["73856/12","BOCA PARA BUEIRO TRIPLO TUBULAR, DIAMETRO =0,60M, EM CONCRETO CICLOPICO, INCLUINDO FORMAS, ESCAVACAO, REATERRO E MATERIAIS, EXCLUINDO MATERIAL REATERRO JAZIDA E TRANSPORTE.","UN","1.765,01","1.884,31",null,1765.01,1884.31,"Sinapi 73856/12"]
["73856/13","BOCA PARA BUEIRO TRIPLO TUBULAR, DIAMETRO =0,80M, EM CONCRETO CICLOPICO, INCLUINDO FORMAS, ESCAVACAO, REATERRO E MATERIAIS, EXCLUINDO MATERIAL REATERRO JAZIDA E TRANSPORTE.","UN","2.649,88","2.827,23",null,2649.88,2827.23,"Sinapi 73856/13"]
["73856/14","BOCA PARA BUEIRO TRIPLO TUBULAR, DIAMETRO =1,00M, EM CONCRETO CICLOPICO, INCLUINDO FORMAS, ESCAVACAO, REATERRO E MATERIAIS, EXCLUINDO MATERIAL REATERRO JAZIDA E TRANSPORTE.","UN","3.731,96","3.979,66",null,3731.96,3979.66,"Sinapi 73856/14"]
["73856/15","BOCA PARA BUEIRO TRIPLO TUBULAR, DIAMETRO =1,20M, EM CONCRETO CICLOPICO, INCLUINDO FORMAS, ESCAVACAO, REATERRO E MATERIAIS, EXCLUINDO MATERIAL REATERRO JAZIDA E TRANSPORTE.","UN","5.019,47","5.350,26",null,5019.47,5350.26,"Sinapi 73856/15"]
["74224/1","POCO DE VISITA PARA DRENAGEM PLUVIAL, EM CONCRETO ESTRUTURAL, DIMENSOES INTERNAS DE 90X150X80CM (LARGXCOMPXALT), PARA REDE DE 600 MM, EXCLUSOS TAMPAO E CHAMINE.","UN","1.393,18","1.457,64",null,1393.18,1457.64,"Sinapi 74224/1"]
["83659","BOCA DE LOBO EM ALVENARIA TIJOLO MACICO, REVESTIDA C/ ARGAMASSA DE CIMENTO E AREIA 1:3, SOBRE LASTRO DE CONCRETO 10CM E TAMPA DE CONCRETO ARMADO","UN","750,12","801,83",null,750.12,801.83,"Sinapi 83659"]
["83716","GRELHA FF 30X90CM, 135KG, P/ CX RALO COM ASSENTAMENTO DE ARGAMASSA CIMENTO/AREIA 1:4 - FORNECIMENTO E INSTALAÇÃO","UN","288,96","298,92",null,288.95999999999998,298.92,"Sinapi 83716"]
["97976","POÇO DE INSPEÇÃO CIRCULAR PARA ESGOTO, EM ALVENARIA COM TIJOLOS CERÂMICOS MACIÇOS, DIÂMETRO INTERNO = 0,6 M, PROFUNDIDADE = 1 M, EXCLUINDO TAMPÃO. AF_05/2018","UN","852,04","900,32",null,852.04,900.32,"Sinapi 97976"]
["97977","POÇO DE INSPEÇÃO CIRCULAR PARA ESGOTO, EM ALVENARIA COM TIJOLOS CERÂMICOS MACIÇOS, DIÂMETRO INTERNO = 0,6 M, PROFUNDIDADE = 1,5 M, EXCLUINDO TAMPÃO. AF_05/2018","UN","1.233,33","1.305,61",null,1233.33,1305.6099999999999,"Sinapi 97977"]
["97980","BASE PARA POÇO DE VISITA CIRCULAR PARA  ESGOTO, EM ALVENARIA COM TIJOLOS CERÂMICOS MACIÇOS, DIÂMETRO INTERNO = 0,8 M, PROFUNDIDADE = 1,45 M, EXCLUINDO TAMPÃO. AF_05/2018","UN","1.579,10","1.669,06",null,1579.1,1669.06,"Sinapi 97980"]
["97981","ACRÉSCIMO PARA POÇO DE VISITA CIRCULAR PARA ESGOTO, EM ALVENARIA COM TIJOLOS CERÂMICOS MACIÇOS, DIÂMETRO INTERNO = 0,8 M. AF_05/2018","M","933,16","993,05",null,933.16,993.05,"Sinapi 97981"]
["97983","ACRÉSCIMO PARA POÇO DE VISITA CIRCULAR PARA ESGOTO, EM CONCRETO PRÉ-MOLDADO, DIÂMETRO INTERNO = 1 M. AF_05/2018","M","381,39","387,14",null,381.39,387.14,"Sinapi 97983"]
["97985","ACRÉSCIMO PARA POÇO DE VISITA CIRCULAR PARA  ESGOTO, EM ALVENARIA COM TIJOLOS CERÂMICOS MACIÇOS, DIÂMETRO INTERNO = 1 M. AF_05/2018","M","1.127,96","1.201,29",null,1127.96,1201.29,"Sinapi 97985"]
["97987","ACRÉSCIMO PARA POÇO DE VISITA CIRCULAR PARA ESGOTO, EM CONCRETO PRÉ-MOLDADO, DIÂMETRO INTERNO = 1,2 M. AF_05/2018","M","426,77","433,58",null,426.77,433.58,"Sinapi 97987"]
["97988","BASE PARA POÇO DE VISITA CIRCULAR PARA  ESGOTO, EM ALVENARIA COM TIJOLOS CERÂMICOS MACIÇOS, DIÂMETRO INTERNO = 1,2 M, PROFUNDIDADE = 1,45 M, EXCLUINDO TAMPÃO. AF_05/2018","UN","2.285,41","2.412,04",null,2285.41,2412.04,"Sinapi 97988"]
["97989","ACRÉSCIMO PARA POÇO DE VISITA CIRCULAR PARA ESGOTO, EM ALVENARIA COM TIJOLOS CERÂMICOS MACIÇOS, DIÂMETRO INTERNO = 1,2 M. AF_05/2018","M","1.322,77","1.409,54",null,1322.77,1409.54,"Sinapi 97989"]
["97991","ACRÉSCIMO PARA POÇO DE VISITA CIRCULAR PARA  ESGOTO, EM CONCRETO PRÉ-MOLDADO, DIÂMETRO INTERNO = 1,5 M. AF_05/2018","M","660,37","669,06",null,660.37,669.06,"Sinapi 97991"]
["97992","BASE PARA POÇO DE VISITA CIRCULAR PARA  ESGOTO, EM ALVENARIA COM TIJOLOS CERÂMICOS MACIÇOS, DIÂMETRO INTERNO = 1,5 M, PROFUNDIDADE = 1,45 M, EXCLUINDO TAMPÃO. AF_05/2018","UN","2.901,66","3.058,27",null,2901.66,3058.27,"Sinapi 97992"]
["97993","ACRÉSCIMO PARA POÇO DE VISITA CIRCULAR PARA  ESGOTO, EM ALVENARIA COM TIJOLOS CERÂMICOS MACIÇOS, DIÂMETRO INTERNO = 1,5 M. AF_05/2018","M","1.614,97","1.721,91",null,{"$f":"IF(D1480=\"\",\"\",D1480+0)","v":1614.97},{"$f":"IF(E1480=\"\",\"\",E1480+0)","v":1721.91},{"$f":"IF(OR(G1480=\"\",H1480=\"\"),\"\",CONCATENATE(\"Sinapi \",A1480))","v":"Sinapi 97993"}]
["97994","BASE PARA POÇO DE VISITA RETANGULAR PARA  ESGOTO, EM ALVENARIA COM BLOCOS DE CONCRETO, DIMENSÕES INTERNAS = 1X1 M, PROFUNDIDADE = 1,45 M, EXCLUINDO TAMPÃO. AF_05/2018","UN","1.991,74","2.101,12",null,1991.74,2101.12,"Sinapi 97994"]
["97995","ACRÉSCIMO PARA POÇO DE VISITA RETANGULAR PARA ESGOTO, EM ALVENARIA COM BLOCOS DE CONCRETO, DIMENSÕES INTERNAS = 1X1 M. AF_05/2018","M","999,46","1.063,70",null,999.46,1063.7,"Sinapi 97995"]
["97996","BASE PARA POÇO DE VISITA RETANGULAR PARA ESGOTO, EM ALVENARIA COM BLOCOS DE CONCRETO, DIMENSÕES INTERNAS = 1X1,5 M, PROFUNDIDADE = 1,45 M, EXCLUINDO TAMPÃO. AF_05/2018","UN","2.516,41","2.653,60",null,2516.41,2653.6,"Sinapi 97996"]
["97997","ACRÉSCIMO PARA POÇO DE VISITA RETANGULAR PARA ESGOTO, EM ALVENARIA COM BLOCOS DE CONCRETO, DIMENSÕES INTERNAS = 1X1,5 M. AF_05/2018","M","1.196,63","1.273,77",null,1196.6300000000001,1273.77,"Sinapi 97997"]
["97999","ACRÉSCIMO PARA POÇO DE VISITA RETANGULAR PARA ESGOTO, EM ALVENARIA COM BLOCOS DE CONCRETO, DIMENSÕES INTERNAS = 1X2 M. AF_05/2018","M","1.393,82","1.483,84",null,1393.82,1483.84,"Sinapi 97999"]
["98001","ACRÉSCIMO PARA POÇO DE VISITA RETANGULAR PARA ESGOTO, EM ALVENARIA COM BLOCOS DE CONCRETO, DIMENSÕES INTERNAS = 1X2,5 M. AF_05/2018","M","1.590,98","1.693,89",null,1590.98,1693.89,"Sinapi 98001"]
["98002","BASE PARA POÇO DE VISITA RETANGULAR PARA ESGOTO, EM ALVENARIA COM BLOCOS DE CONCRETO, DIMENSÕES INTERNAS = 1X3 M, PROFUNDIDADE = 1,45 M, EXCLUINDO TAMPÃO. AF_05/2018","UN","4.110,29","4.330,86",null,4110.29,4330.8599999999997,"Sinapi 98002"]
["98003","ACRÉSCIMO PARA POÇO DE VISITA RETANGULAR PARA ESGOTO, EM ALVENARIA COM BLOCOS DE CONCRETO, DIMENSÕES INTERNAS = 1X3 M. AF_05/2018","M","1.788,17","1.903,97",null,1788.17,1903.97,"Sinapi 98003"]
["98005","ACRÉSCIMO PARA POÇO DE VISITA RETANGULAR PARA ESGOTO, EM ALVENARIA COM BLOCOS DE CONCRETO, DIMENSÕES INTERNAS = 1X3,5 M. AF_05/2018","M","1.985,36","2.114,04",null,1985.36,2114.04,"Sinapi 98005"]
["98006","BASE PARA POÇO DE VISITA RETANGULAR PARA ESGOTO, EM ALVENARIA COM BLOCOS DE CONCRETO, DIMENSÕES INTERNAS = 1X4 M, PROFUNDIDADE = 1,45 M, EXCLUINDO TAMPÃO. AF_05/2018","UN","5.164,58","5.440,73",null,5164.58,5440.73,"Sinapi 98006"]
["98007","ACRÉSCIMO PARA POÇO DE VISITA RETANGULAR PARA ESGOTO, EM ALVENARIA COM BLOCOS DE CONCRETO, DIMENSÕES INTERNAS = 1X4 M. AF_05/2018","M","2.182,51","2.324,09",null,2182.5100000000002,2324.09,"Sinapi 98007"]
["98008","BASE PARA POÇO DE VISITA RETANGULAR PARA ESGOTO, EM ALVENARIA COM BLOCOS DE CONCRETO, DIMENSÕES INTERNAS = 1,5X1,5 M, PROFUNDIDADE = 1,45 M, EXCLUINDO TAMPÃO . AF_05/2018","UN","3.115,51","3.280,88",null,3115.51,3280.88,"Sinapi 98008"]
["98009","ACRÉSCIMO PARA POÇO DE VISITA RETANGULAR PARA ESGOTO, EM ALVENARIA COM BLOCOS DE CONCRETO, DIMENSÕES INTERNAS = 1,5X1,5 M. AF_05/2018","M","1.393,82","1.483,84",null,1393.82,1483.84,"Sinapi 98009"]
["98010","BASE PARA POÇO DE VISITA RETANGULAR PARA ESGOTO, EM ALVENARIA COM BLOCOS DE CONCRETO, DIMENSÕES INTERNAS = 1,5X2 M, PROFUNDIDADE = 1,45 M, EXCLUINDO TAMPÃO. AF_05/2018","UN","3.789,30","3.987,52",null,3789.3,3987.52,"Sinapi 98010"]
["98011","ACRÉSCIMO PARA POÇO DE VISITA RETANGULAR PARA ESGOTO, EM ALVENARIA COM BLOCOS DE CONCRETO, DIMENSÕES INTERNAS = 1,5X2 M. AF_05/2018","M","1.590,98","1.693,89",null,1590.98,1693.89,"Sinapi 98011"]
["98012","BASE PARA POÇO DE VISITA RETANGULAR PARA ESGOTO, EM ALVENARIA COM BLOCOS DE CONCRETO, DIMENSÕES INTERNAS = 1,5X2,5 M, PROFUNDIDADE = 1,45 M, EXCLUINDO TAMPÃO. AF_05/2018","UN","4.447,39","4.678,46",null,4447.3900000000003,4678.46,"Sinapi 98012"]
["98013","ACRÉSCIMO PARA POÇO DE VISITA RETANGULAR PARA ESGOTO, EM ALVENARIA COM BLOCOS DE CONCRETO, DIMENSÕES INTERNAS = 1,5X2,5 M. AF_05/2018","M","1.788,17","1.903,97",null,1788.17,1903.97,"Sinapi 98013"]
["98014","BASE PARA POÇO DE VISITA RETANGULAR PARA ESGOTO, EM ALVENARIA COM BLOCOS DE CONCRETO, DIMENSÕES INTERNAS = 1,5X3 M, PROFUNDIDADE = 1,45 M, EXCLUINDO TAMPÃO. AF_05/2018","UN","5.105,41","5.369,32",null,5105.41,5369.32,"Sinapi 98014"]
["98015","ACRÉSCIMO PARA POÇO DE VISITA RETANGULAR PARA ESGOTO, EM ALVENARIA COM BLOCOS DE CONCRETO, DIMENSÕES INTERNAS = 1,5X3 M. AF_05/2018","M","1.985,36","2.114,04",null,1985.36,2114.04,"Sinapi 98015"]
["98016","BASE PARA POÇO DE VISITA RETANGULAR PARA ESGOTO, EM ALVENARIA COM BLOCOS DE CONCRETO, DIMENSÕES INTERNAS = 1,5X3,5 M, PROFUNDIDADE = 1,45 M, EXCLUINDO TAMPÃO. AF_05/2018","UN","5.763,53","6.060,27",null,5763.53,6060.27,"Sinapi 98016"]
["98017","ACRÉSCIMO PARA POÇO DE VISITA RETANGULAR PARA ESGOTO, EM ALVENARIA COM BLOCOS DE CONCRETO, DIMENSÕES INTERNAS = 1,5X3,5 M. AF_05/2018","M","2.182,51","2.324,09",null,2182.5100000000002,2324.09,"Sinapi 98017"]
["98018","BASE PARA POÇO DE VISITA RETANGULAR PARA ESGOTO, EM ALVENARIA COM BLOCOS DE CONCRETO, DIMENSÕES INTERNAS = 1,5X4 M, PROFUNDIDADE = 1,45 M, EXCLUINDO TAMPÃO. AF_05/2018","UN","6.421,62","6.751,21",null,6421.62,6751.21,"Sinapi 98018"]
["98019","ACRÉSCIMO PARA POÇO DE VISITA RETANGULAR PARA ESGOTO, EM ALVENARIA COM BLOCOS DE CONCRETO, DIMENSÕES INTERNAS = 1,5X4 M. AF_05/2018","M","2.408,24","2.563,87",null,2408.2399999999998,2563.87,"Sinapi 98019"]
["98020","BASE PARA POÇO DE VISITA RETANGULAR PARA ESGOTO, EM ALVENARIA COM BLOCOS DE CONCRETO, DIMENSÕES INTERNAS = 2X2 M, PROFUNDIDADE = 1,45 M, EXCLUINDO TAMPÃO. AF_05/2018","UN","4.583,65","4.820,48",null,4583.6499999999996,4820.4799999999996,"Sinapi 98020"]
["98021","ACRÉSCIMO PARA POÇO DE VISITA RETANGULAR PARA ESGOTO, EM ALVENARIA COM BLOCOS DE CONCRETO, DIMENSÕES INTERNAS = 2X2 M. AF_05/2018","M","1.816,71","1.933,69",null,1816.71,1933.69,"Sinapi 98021"]
["98022","BASE PARA POÇO DE VISITA RETANGULAR PARA ESGOTO, EM ALVENARIA COM BLOCOS DE CONCRETO, DIMENSÕES INTERNAS = 2X2,5 M, PROFUNDIDADE = 1,45 M, EXCLUINDO TAMPÃO. AF_05/2018","UN","5.366,24","5.640,94",null,5366.24,5640.94,"Sinapi 98022"]
["98023","ACRÉSCIMO PARA POÇO DE VISITA RETANGULAR PARA ESGOTO, EM ALVENARIA COM BLOCOS DE CONCRETO, DIMENSÕES INTERNAS = 2X2,5 M. AF_05/2018","M","2.013,90","2.143,75",null,2013.9,2143.75,"Sinapi 98023"]
["98024","BASE PARA POÇO DE VISITA RETANGULAR PARA ESGOTO, EM ALVENARIA COM BLOCOS DE CONCRETO, DIMENSÕES INTERNAS = 2X3 M, PROFUNDIDADE = 1,45 M, EXCLUINDO TAMPÃO. AF_05/2018","UN","6.184,76","6.497,32",null,6184.76,6497.32,"Sinapi 98024"]
["98025","ACRÉSCIMO PARA POÇO DE VISITA RETANGULAR PARA ESGOTO, EM ALVENARIA COM BLOCOS DE CONCRETO, DIMENSÕES INTERNAS = 2X3 M. AF_05/2018","M","2.211,06","2.353,79",null,2211.06,2353.79,"Sinapi 98025"]
["98026","BASE PARA POÇO DE VISITA RETANGULAR PARA ESGOTO, EM ALVENARIA COM BLOCOS DE CONCRETO, DIMENSÕES INTERNAS = 2X3,5 M, PROFUNDIDADE = 1,45 M, EXCLUINDO TAMPÃO. AF_05/2018","UN","6.971,80","7.322,26",null,6971.8,7322.26,"Sinapi 98026"]
["98027","ACRÉSCIMO PARA POÇO DE VISITA RETANGULAR PARA ESGOTO, EM ALVENARIA COM BLOCOS DE CONCRETO, DIMENSÕES INTERNAS = 2X3,5 M. AF_05/2018","M","2.408,24","2.563,87",null,2408.2399999999998,2563.87,"Sinapi 98027"]
["98028","BASE PARA POÇO DE VISITA RETANGULAR PARA ESGOTO, EM ALVENARIA COM BLOCOS DE CONCRETO, DIMENSÕES INTERNAS = 2X4 M, PROFUNDIDADE = 1,45 M, EXCLUINDO TAMPÃO. AF_05/2018","UN","7.758,83","8.147,12",null,7758.83,8147.12,"Sinapi 98028"]
["98029","ACRÉSCIMO PARA POÇO DE VISITA RETANGULAR PARA ESGOTO, EM ALVENARIA COM BLOCOS DE CONCRETO, DIMENSÕES INTERNAS = 2X4 M. AF_05/2018","M","2.611,29","2.780,07",null,2611.29,2780.07,"Sinapi 98029"]
["98030","BASE PARA POÇO DE VISITA RETANGULAR PARA ESGOTO, EM ALVENARIA COM BLOCOS DE CONCRETO, DIMENSÕES INTERNAS = 2,5X2,5 M, PROFUNDIDADE = 1,45 M, EXCLUINDO TAMPÃO. AF_05/2018","UN","6.328,23","6.639,79",null,6328.23,6639.79,"Sinapi 98030"]
["98031","ACRÉSCIMO PARA POÇO DE VISITA RETANGULAR PARA ESGOTO, EM ALVENARIA COM BLOCOS DE CONCRETO, DIMENSÕES INTERNAS = 2,5X2,5 M. AF_05/2018","M","2.217,02","2.360,01",null,2217.02,2360.0100000000002,"Sinapi 98031"]
["98032","BASE PARA POÇO DE VISITA RETANGULAR PARA ESGOTO, EM ALVENARIA COM BLOCOS DE CONCRETO, DIMENSÕES INTERNAS = 2,5X3 M, PROFUNDIDADE = 1,45 M, EXCLUINDO TAMPÃO. AF_05/2018","UN","7.272,62","7.627,25",null,7272.62,7627.25,"Sinapi 98032"]
["98033","ACRÉSCIMO PARA POÇO DE VISITA RETANGULAR PARA ESGOTO, EM ALVENARIA COM BLOCOS DE CONCRETO, DIMENSÕES INTERNAS = 2,5X3 M. AF_05/2018","M","2.414,20","2.570,08",null,2414.1999999999998,2570.08,"Sinapi 98033"]
["98034","BASE PARA POÇO DE VISITA RETANGULAR PARA ESGOTO, EM ALVENARIA COM BLOCOS DE CONCRETO, DIMENSÕES INTERNAS = 2,5X3,5 M, PROFUNDIDADE = 1,45 M, EXCLUINDO TAMPÃO. AF_05/2018","UN","8.217,07","8.614,74",null,8217.07,8614.74,"Sinapi 98034"]
["98035","ACRÉSCIMO PARA POÇO DE VISITA RETANGULAR PARA ESGOTO, EM ALVENARIA COM BLOCOS DE CONCRETO, DIMENSÕES INTERNAS = 2,5X3,5 M. AF_05/2018","M","2.611,29","2.780,07",null,2611.29,2780.07,"Sinapi 98035"]
["98036","BASE PARA POÇO DE VISITA RETANGULAR PARA ESGOTO, EM ALVENARIA COM BLOCOS DE CONCRETO, DIMENSÕES INTERNAS = 2,5X4 M, PROFUNDIDADE = 1,45 M, EXCLUINDO TAMPÃO. AF_05/2018","UN","9.161,53","9.602,24",null,9161.5300000000007,9602.24,"Sinapi 98036"]
["98037","ACRÉSCIMO PARA POÇO DE VISITA RETANGULAR PARA ESGOTO, EM ALVENARIA COM BLOCOS DE CONCRETO, DIMENSÕES INTERNAS = 2,5X4 M. AF_05/2018","M","2.814,43","2.996,31",null,2814.43,2996.31,"Sinapi 98037"]
["98038","BASE PARA POÇO DE VISITA RETANGULAR PARA ESGOTO, EM ALVENARIA COM BLOCOS DE CONCRETO, DIMENSÕES INTERNAS = 3X3 M, PROFUNDIDADE = 1,45 M, EXCLUINDO TAMPÃO. AF_05/2018","UN","8.400,80","8.803,76",null,8400.7999999999993,8803.76,"Sinapi 98038"]
["98039","ACRÉSCIMO PARA POÇO DE VISITA RETANGULAR PARA ESGOTO, EM ALVENARIA COM BLOCOS DE CONCRETO, DIMENSÕES INTERNAS = 3X3 M. AF_05/2018","M","2.617,26","2.786,27",null,2617.2600000000002,2786.27,"Sinapi 98039"]
["98040","BASE PARA POÇO DE VISITA RETANGULAR PARA ESGOTO, EM ALVENARIA COM BLOCOS DE CONCRETO, DIMENSÕES INTERNAS = 3X3,5 M, PROFUNDIDADE = 1,45 M, EXCLUINDO TAMPÃO. AF_05/2018","UN","9.487,09","9.938,22",null,9487.09,9938.2199999999993,"Sinapi 98040"]
["98041","ACRÉSCIMO PARA POÇO DE VISITA RETANGULAR PARA ESGOTO, EM ALVENARIA COM BLOCOS DE CONCRETO, DIMENSÕES INTERNAS = 3X3,5 M. AF_05/2018","M","2.814,43","2.996,31",null,2814.43,2996.31,"Sinapi 98041"]
["98042","BASE PARA POÇO DE VISITA RETANGULAR PARA ESGOTO, EM ALVENARIA COM BLOCOS DE CONCRETO, DIMENSÕES INTERNAS = 3X4 M, PROFUNDIDADE = 1,45 M, EXCLUINDO TAMPÃO. AF_05/2018","UN","10.573,43","11.072,69",null,10573.43,11072.69,"Sinapi 98042"]
["98043","ACRÉSCIMO PARA POÇO DE VISITA RETANGULAR PARA ESGOTO, EM ALVENARIA COM BLOCOS DE CONCRETO, DIMENSÕES INTERNAS = 3X4 M. AF_05/2018","M","3.017,56","3.212,59",null,3017.56,3212.59,"Sinapi 98043"]
["98044","BASE PARA POÇO DE VISITA RETANGULAR PARA ESGOTO, EM ALVENARIA COM BLOCOS DE CONCRETO, DIMENSÕES INTERNAS = 3,5X3,5 M, PROFUNDIDADE = 1,45 M, EXCLUINDO TAMPÃO. AF_05/2018","UN","10.764,77","11.269,35",null,10764.77,11269.35,"Sinapi 98044"]
["98045","ACRÉSCIMO PARA POÇO DE VISITA RETANGULAR PARA ESGOTO, EM ALVENARIA COM BLOCOS DE CONCRETO, DIMENSÕES INTERNAS = 3,5X3,5 M. AF_05/2018","M","3.017,56","3.212,59",null,3017.56,3212.59,"Sinapi 98045"]
["98046","BASE PARA POÇO DE VISITA RETANGULAR PARA ESGOTO, EM ALVENARIA COM BLOCOS DE CONCRETO, DIMENSÕES INTERNAS = 3,5X4 M, PROFUNDIDADE = 1,45 M, EXCLUINDO TAMPÃO. AF_05/2018","UN","11.994,04","12.551,86",null,11994.04,12551.86,"Sinapi 98046"]
["98047","ACRÉSCIMO PARA POÇO DE VISITA RETANGULAR PARA ESGOTO, EM ALVENARIA COM BLOCOS DE CONCRETO, DIMENSÕES INTERNAS = 3,5X4 M. AF_05/2018","M","3.220,69","3.428,86",null,3220.69,3428.86,"Sinapi 98047"]
["98048","BASE PARA POÇO DE VISITA RETANGULAR PARA ESGOTO, EM ALVENARIA COM BLOCOS DE CONCRETO, DIMENSÕES INTERNAS = 4X4 M, PROFUNDIDADE = 1,45 M, EXCLUINDO TAMPÃO. AF_05/2018","UN","13.423,49","14.039,93",null,13423.49,14039.93,"Sinapi 98048"]
["98049","ACRÉSCIMO PARA POÇO DE VISITA RETANGULAR PARA ESGOTO, EM ALVENARIA COM BLOCOS DE CONCRETO, DIMENSÕES INTERNAS = 4X4 M. AF_05/2018","M","3.365,52","3.584,43",null,3365.52,3584.43,"Sinapi 98049"]
["98050","CHAMINÉ CIRCULAR PARA POÇO DE VISITA PARA ESGOTO, EM CONCRETO PRÉ-MOLDADO, DIÂMETRO INTERNO = 0,6 M. AF_05/2018","M","206,61","209,62",null,206.61,209.62,"Sinapi 98050"]
["98051","CHAMINÉ CIRCULAR PARA POÇO DE VISITA PARA ESGOTO, EM ALVENARIA COM TIJOLOS CERÂMICOS MACIÇOS, DIÂMETRO INTERNO = 0,6 M. AF_05/2018","M","738,31","784,72",null,738.31,784.72,"Sinapi 98051"]
["98405","BASE PARA POÇO DE VISITA CIRCULAR PARA  ESGOTO, EM ALVENARIA COM TIJOLOS CERÂMICOS MACIÇOS, DIÂMETRO INTERNO = 1 M, PROFUNDIDADE = 1,45 M, EXCLUINDO TAMPÃO. AF_05/2018","UN","1.934,92","2.043,85",null,1934.92,2043.85,"Sinapi 98405"]
["98406","BASE PARA POÇO DE VISITA RETANGULAR PARA ESGOTO, EM ALVENARIA COM BLOCOS DE CONCRETO, DIMENSÕES INTERNAS = 1X3,5 M, PROFUNDIDADE = 1,45 M, EXCLUINDO TAMPÃO. AF_05/2018","UN","4.637,37","4.885,70",null,4637.37,4885.7,"Sinapi 98406"]
["98407","BASE PARA POÇO DE VISITA RETANGULAR PARA ESGOTO, EM ALVENARIA COM BLOCOS DE CONCRETO, DIMENSÕES INTERNAS = 1X2 M, PROFUNDIDADE = 1,45 M, EXCLUINDO TAMPÃO. AF_05/2018","UN","3.041,02","3.205,97",null,3041.02,3205.97,"Sinapi 98407"]
["98408","BASE PARA POÇO DE VISITA RETANGULAR PARA ESGOTO, EM ALVENARIA COM BLOCOS DE CONCRETO, DIMENSÕES INTERNAS = 1X2,5 M, PROFUNDIDADE = 1,45 M, EXCLUINDO TAMPÃO. AF_05/2018","UN","3.565,63","3.758,42",null,3565.63,3758.42,"Sinapi 98408"]
["98409","ACRÉSCIMO PARA POÇO DE VISITA CIRCULAR PARA ESGOTO, EM CONCRETO PRÉ-MOLDADO, DIÂMETRO INTERNO = 0,8 M. AF_05/2018","M","315,05","319,81",null,315.05,319.81,"Sinapi 98409"]
["98414","BASE PARA POÇO DE VISITA CIRCULAR PARA  ESGOTO, EM CONCRETO PRÉ-MOLDADO, DIÂMETRO INTERNO = 1 M, PROFUNDIDADE = 1,45 M, EXCLUINDO TAMPÃO. AF_05/2018_P","UN","951,15","980,05",null,951.15,980.05,"Sinapi 98414"]
["98415","(COMPOSIÇÃO REPRESENTATIVA) POÇO DE VISITA CIRCULAR PARA ESGOTO, EM CONCRETO PRÉ-MOLDADO, DIÂMETRO INTERNO = 1,0 M, PROFUNDIDADE ATÉ 1,50 M, EXCLUINDO TAMPÃO. AF_04/2018","UN","951,15","980,05",null,951.15,980.05,"Sinapi 98415"]
["98416","(COMPOSIÇÃO REPRESENTATIVA) POÇO DE VISITA CIRCULAR PARA ESGOTO, EM CONCRETO PRÉ-MOLDADO, DIÂMETRO INTERNO = 1,0 M, PROFUNDIDADE DE 1,50 A 2,00 M, EXCLUINDO TAMPÃO. AF_04/2018","UN","1.141,84","1.173,62",null,1141.8399999999999,1173.6199999999999,"Sinapi 98416"]
["98417","(COMPOSIÇÃO REPRESENTATIVA) POÇO DE VISITA CIRCULAR PARA ESGOTO, EM CONCRETO PRÉ-MOLDADO, DIÂMETRO INTERNO = 1,0 M, PROFUNDIDADE DE 2,00 A 2,50 M, EXCLUINDO TAMPÃO. AF_04/2018","UN","1.332,54","1.367,19",null,{"$f":"IF(D1544=\"\",\"\",D1544+0)","v":1332.54},{"$f":"IF(E1544=\"\",\"\",E1544+0)","v":1367.19},{"$f":"IF(OR(G1544=\"\",H1544=\"\"),\"\",CONCATENATE(\"Sinapi \",A1544))","v":"Sinapi 98417"}]
["98418","(COMPOSIÇÃO REPRESENTATIVA) POÇO DE VISITA CIRCULAR PARA ESGOTO, EM CONCRETO PRÉ-MOLDADO, DIÂMETRO INTERNO = 1,0 M, PROFUNDIDADE DE 2,50 A 3,00 M, EXCLUINDO TAMPÃO. AF_04/2018","UN","1.435,84","1.472,00",null,1435.84,1472,"Sinapi 98418"]
["98419","(COMPOSIÇÃO REPRESENTATIVA) POÇO DE VISITA CIRCULAR PARA ESGOTO, EM CONCRETO PRÉ-MOLDADO, DIÂMETRO INTERNO = 1,0 M, PROFUNDIDADE DE 3,00 A 3,50 M, EXCLUINDO TAMPÃO. AF_04/2018","UN","1.539,15","1.576,81",null,1539.15,1576.81,"Sinapi 98419"]
["98420","(COMPOSIÇÃO REPRESENTATIVA) POÇO DE VISITA CIRCULAR PARA ESGOTO, EM CONCRETO PRÉ-MOLDADO, DIÂMETRO INTERNO = 1,0 M, PROFUNDIDADE ATÉ 1,50 M, INCLUINDO TAMPÃO DE FERRO FUNDIDO, DIÂMETRO DE 60 CM. AF_04/2018","UN","1.327,08","1.361,48",null,1327.08,1361.48,"Sinapi 98420"]
["98421","(COMPOSIÇÃO REPRESENTATIVA) POÇO DE VISITA CIRCULAR PARA ESGOTO, EM CONCRETO PRÉ-MOLDADO, DIÂMETRO INTERNO = 1,0 M, PROFUNDIDADE DE 1,50 A 2,00 M, INCLUINDO TAMPÃO DE FERRO FUNDIDO, DIÂMETRO DE 60 CM. AF_04/2018","UN","1.517,77","1.555,05",null,1517.77,1555.05,"Sinapi 98421"]
["98422","(COMPOSIÇÃO REPRESENTATIVA) POÇO DE VISITA CIRCULAR PARA ESGOTO, EM CONCRETO PRÉ-MOLDADO, DIÂMETRO INTERNO = 1,0 M, PROFUNDIDADE DE 2,00 A 2,50 M, INCLUINDO TAMPÃO DE FERRO FUNDIDO, DIÂMETRO DE 60 CM. AF_04/2018","UN","1.708,47","1.748,62",null,1708.47,1748.62,"Sinapi 98422"]
["98423","(COMPOSIÇÃO REPRESENTATIVA) POÇO DE VISITA CIRCULAR PARA ESGOTO, EM CONCRETO PRÉ-MOLDADO, DIÂMETRO INTERNO = 1,0 M, PROFUNDIDADE DE 2,50 A 3,00 M, INCLUINDO TAMPÃO DE FERRO FUNDIDO, DIÂMETRO DE 60 CM. AF_04/2018","UN","1.811,77","1.853,43",null,1811.77,1853.43,"Sinapi 98423"]
["98424","(COMPOSIÇÃO REPRESENTATIVA) POÇO DE VISITA CIRCULAR PARA ESGOTO, EM CONCRETO PRÉ-MOLDADO, DIÂMETRO INTERNO = 1,0 M, PROFUNDIDADE DE 3,00 A 3,50 M, INCLUINDO TAMPÃO DE FERRO FUNDIDO, DIÂMETRO DE 60 CM. AF_04/2018","UN","1.915,08","1.958,24",null,1915.08,1958.24,"Sinapi 98424"]
["98425","(COMPOSIÇÃO REPRESENTATIVA) POÇO DE VISITA CIRCULAR PARA ESGOTO, EM ALVENARIA COM TIJOLOS CERÂMICOS MACIÇOS, DIÂMETRO INTERNO = 1,2 M, PROFUNDIDADE ATÉ 1,50 M, EXCLUINDO TAMPÃO. AF_04/2018","UN","2.285,41","2.412,04",null,2285.41,2412.04,"Sinapi 98425"]
["98426","(COMPOSIÇÃO REPRESENTATIVA) POÇO DE VISITA CIRCULAR PARA ESGOTO, EM ALVENARIA COM TIJOLOS CERÂMICOS MACIÇOS, DIÂMETRO INTERNO = 1,2 M, PROFUNDIDADE DE 1,50 A 2,00 M, EXCLUINDO TAMPÃO. AF_04/2018","UN","2.946,79","3.116,81",null,2946.79,3116.81,"Sinapi 98426"]
["98427","(COMPOSIÇÃO REPRESENTATIVA) POÇO DE VISITA CIRCULAR PARA ESGOTO, EM ALVENARIA COM TIJOLOS CERÂMICOS MACIÇOS, DIÂMETRO INTERNO = 1,2 M, PROFUNDIDADE DE 2,00 A 2,50 M, EXCLUINDO TAMPÃO. AF_04/2018","UN","3.608,18","3.821,58",null,3608.18,3821.58,"Sinapi 98427"]
["98428","(COMPOSIÇÃO REPRESENTATIVA) POÇO DE VISITA CIRCULAR PARA ESGOTO, EM ALVENARIA COM TIJOLOS CERÂMICOS MACIÇOS, DIÂMETRO INTERNO = 1,2 M, PROFUNDIDADE DE 2,50 A 3,00 M, EXCLUINDO TAMPÃO. AF_04/2018","UN","3.977,33","4.213,94",null,3977.33,4213.9399999999996,"Sinapi 98428"]
["98429","(COMPOSIÇÃO REPRESENTATIVA) POÇO DE VISITA CIRCULAR PARA ESGOTO, EM ALVENARIA COM TIJOLOS CERÂMICOS MACIÇOS, DIÂMETRO INTERNO = 1,2 M, PROFUNDIDADE DE 3,00 A 3,50 M, EXCLUINDO TAMPÃO. AF_04/2018","UN","4.346,49","4.606,30",null,4346.49,4606.3,"Sinapi 98429"]
["98430","(COMPOSIÇÃO REPRESENTATIVA) POÇO DE VISITA CIRCULAR PARA ESGOTO, EM ALVENARIA COM TIJOLOS CERÂMICOS MACIÇOS, DIÂMETRO INTERNO = 1,2 M, PROFUNDIDADE ATÉ 1,50 M, INCLUINDO TAMPÃO DE FERRO FUNDIDO, DIÂMETRO DE 60 CM. AF_04/2018","UN","2.661,34","2.793,47",null,2661.34,2793.47,"Sinapi 98430"]
["98431","(COMPOSIÇÃO REPRESENTATIVA) POÇO DE VISITA CIRCULAR PARA ESGOTO, EM ALVENARIA COM TIJOLOS CERÂMICOS MACIÇOS, DIÂMETRO INTERNO = 1,2 M, PROFUNDIDADE DE 1,50 A 2,00 M, INCLUINDO TAMPÃO DE FERRO FUNDIDO, DIÂMETRO DE 60 CM. AF_04/2018","UN","3.322,72","3.498,24",null,3322.72,3498.24,"Sinapi 98431"]
["98432","(COMPOSIÇÃO REPRESENTATIVA) POÇO DE VISITA CIRCULAR PARA ESGOTO, EM ALVENARIA COM TIJOLOS CERÂMICOS MACIÇOS, DIÂMETRO INTERNO = 1,2 M, PROFUNDIDADE DE 2,00 A 2,50 M, INCLUINDO TAMPÃO DE FERRO FUNDIDO, DIÂMETRO DE 60 CM. AF_04/2018","UN","3.984,11","4.203,01",null,3984.11,4203.01,"Sinapi 98432"]
["98433","(COMPOSIÇÃO REPRESENTATIVA) POÇO DE VISITA CIRCULAR PARA ESGOTO, EM ALVENARIA COM TIJOLOS CERÂMICOS MACIÇOS, DIÂMETRO INTERNO = 1,2 M, PROFUNDIDADE DE 2,50 A 3,00 M, INCLUINDO TAMPÃO DE FERRO FUNDIDO, DIÂMETRO DE 60 CM. AF_04/2018","UN","4.353,26","4.595,37",null,4353.26,4595.37,"Sinapi 98433"]
["98434","(COMPOSIÇÃO REPRESENTATIVA) POÇO DE VISITA CIRCULAR PARA ESGOTO, EM ALVENARIA COM TIJOLOS CERÂMICOS MACIÇOS, DIÂMETRO INTERNO = 1,2 M, PROFUNDIDADE DE 3,00 A 3,50 M, INCLUINDO TAMPÃO DE FERRO FUNDIDO, DIÂMETRO DE 60 CM. AF_04/2018","UN","4.722,42","4.987,73",null,4722.42,4987.7299999999996,"Sinapi 98434"]
["99240","ACRÉSCIMO PARA POÇO DE VISITA CIRCULAR PARA DRENAGEM, EM CONCRETO PRÉ-MOLDADO, DIÂMETRO INTERNO = 1,2 M. AF_05/2018","M","416,93","423,69",null,416.93,423.69,"Sinapi 99240"]
["99241","ACRÉSCIMO PARA POÇO DE VISITA RETANGULAR PARA DRENAGEM, EM ALVENARIA COM BLOCOS DE CONCRETO, DIMENSÕES INTERNAS = 1,5X1,5 M. AF_05/2018","M","1.342,25","1.432,02",null,1342.25,1432.02,"Sinapi 99241"]
["99242","BASE PARA POÇO DE VISITA CIRCULAR PARA DRENAGEM, EM ALVENARIA COM TIJOLOS CERÂMICOS MACIÇOS, DIÂMETRO INTERNO = 1,2 M, PROFUNDIDADE = 1,45 M, EXCLUINDO TAMPÃO. AF_05/2018","UN","2.202,54","2.328,76",null,2202.54,2328.7600000000002,"Sinapi 99242"]
["99243","ACRÉSCIMO PARA POÇO DE VISITA CIRCULAR PARA DRENAGEM, EM ALVENARIA COM TIJOLOS CERÂMICOS MACIÇOS, DIÂMETRO INTERNO = 1,2 M. AF_05/2018","M","1.256,36","1.342,81",null,1256.3599999999999,1342.81,"Sinapi 99243"]
["99244","BASE PARA POÇO DE VISITA RETANGULAR PARA DRENAGEM, EM ALVENARIA COM BLOCOS DE CONCRETO, DIMENSÕES INTERNAS = 1,5X2 M, PROFUNDIDADE = 1,45 M, EXCLUINDO TAMPÃO. AF_05/2018","UN","3.683,18","3.880,87",null,3683.18,3880.87,"Sinapi 99244"]
["99246","ACRÉSCIMO PARA POÇO DE VISITA CIRCULAR PARA DRENAGEM, EM CONCRETO PRÉ-MOLDADO, DIÂMETRO INTERNO = 1,5 M. AF_05/2018","M","646,95","655,57",null,646.95000000000005,655.57,"Sinapi 99246"]
["99247","ACRÉSCIMO PARA POÇO DE VISITA RETANGULAR PARA DRENAGEM, EM ALVENARIA COM BLOCOS DE CONCRETO, DIMENSÕES INTERNAS = 1,5X2 M. AF_05/2018","M","1.531,83","1.634,45",null,1531.83,1634.45,"Sinapi 99247"]
["99248","BASE PARA POÇO DE VISITA CIRCULAR PARA DRENAGEM, EM ALVENARIA COM TIJOLOS CERÂMICOS MACIÇOS, DIÂMETRO INTERNO = 1,5 M, PROFUNDIDADE = 1,45 M, EXCLUINDO TAMPÃO. AF_05/2018","UN","2.798,79","2.954,89",null,2798.79,2954.89,"Sinapi 99248"]
["99249","ACRÉSCIMO PARA POÇO DE VISITA CIRCULAR PARA DRENAGEM, EM ALVENARIA COM TIJOLOS CERÂMICOS MACIÇOS, DIÂMETRO INTERNO = 1,5 M. AF_05/2018","M","1.538,23","1.644,78",null,1538.23,1644.78,"Sinapi 99249"]
["99252","BASE PARA POÇO DE VISITA RETANGULAR PARA DRENAGEM, EM ALVENARIA COM BLOCOS DE CONCRETO, DIMENSÕES INTERNAS = 1X1 M, PROFUNDIDADE = 1,45 M, EXCLUINDO TAMPÃO. AF_05/2018","UN","1.937,33","2.046,44",null,1937.33,2046.44,"Sinapi 99252"]
["99254","ACRÉSCIMO PARA POÇO DE VISITA RETANGULAR PARA DRENAGEM, EM ALVENARIA COM BLOCOS DE CONCRETO, DIMENSÕES INTERNAS = 1X1 M. AF_05/2018","M","963,06","1.027,12",null,963.06,1027.1199999999999,"Sinapi 99254"]
["99256","BASE PARA POÇO DE VISITA RETANGULAR PARA DRENAGEM, EM ALVENARIA COM BLOCOS DE CONCRETO, DIMENSÕES INTERNAS = 1,5X2,5 M, PROFUNDIDADE = 1,45 M, EXCLUINDO TAMPÃO. AF_05/2018","UN","4.322,08","4.552,53",null,4322.08,4552.53,"Sinapi 99256"]
["99259","BASE PARA POÇO DE VISITA RETANGULAR PARA DRENAGEM, EM ALVENARIA COM BLOCOS DE CONCRETO, DIMENSÕES INTERNAS = 1X1,5 M, PROFUNDIDADE = 1,45 M, EXCLUINDO TAMPÃO. AF_05/2018","UN","2.447,37","2.584,22",null,2447.37,2584.2199999999998,"Sinapi 99259"]
["99261","ACRÉSCIMO PARA POÇO DE VISITA RETANGULAR PARA DRENAGEM, EM ALVENARIA COM BLOCOS DE CONCRETO, DIMENSÕES INTERNAS = 1X1,5 M. AF_05/2018","M","1.152,66","1.229,58",null,1152.6600000000001,1229.58,"Sinapi 99261"]
["99263","ACRÉSCIMO PARA POÇO DE VISITA RETANGULAR PARA DRENAGEM, EM ALVENARIA COM BLOCOS DE CONCRETO, DIMENSÕES INTERNAS = 1,5X2,5 M. AF_05/2018","M","1.721,44","1.836,91",null,1721.44,1836.91,"Sinapi 99263"]
["99265","BASE PARA POÇO DE VISITA RETANGULAR PARA DRENAGEM, EM ALVENARIA COM BLOCOS DE CONCRETO, DIMENSÕES INTERNAS = 1X2 M, PROFUNDIDADE = 1,45 M, EXCLUINDO TAMPÃO. AF_05/2018","UN","2.957,36","3.121,89",null,2957.36,3121.89,"Sinapi 99265"]
["99266","ACRÉSCIMO PARA POÇO DE VISITA RETANGULAR PARA DRENAGEM, EM ALVENARIA COM BLOCOS DE CONCRETO, DIMENSÕES INTERNAS = 1X2 M. AF_05/2018","M","1.342,25","1.432,02",null,1342.25,1432.02,"Sinapi 99266"]
["99267","BASE PARA POÇO DE VISITA RETANGULAR PARA DRENAGEM, EM ALVENARIA COM BLOCOS DE CONCRETO, DIMENSÕES INTERNAS = 1X2,5 M, PROFUNDIDADE = 1,45 M, EXCLUINDO TAMPÃO. AF_05/2018","UN","3.467,35","3.659,65",null,3467.35,3659.65,"Sinapi 99267"]
["99269","ACRÉSCIMO PARA POÇO DE VISITA RETANGULAR PARA DRENAGEM, EM ALVENARIA COM BLOCOS DE CONCRETO, DIMENSÕES INTERNAS = 1X2,5 M. AF_05/2018","M","1.531,83","1.634,45",null,1531.83,1634.45,"Sinapi 99269"]
["99271","BASE PARA POÇO DE VISITA RETANGULAR PARA DRENAGEM, EM ALVENARIA COM BLOCOS DE CONCRETO, DIMENSÕES INTERNAS = 1,5X3 M, PROFUNDIDADE = 1,45 M, EXCLUINDO TAMPÃO. AF_05/2018","UN","4.960,91","5.224,10",null,4960.91,5224.1000000000004,"Sinapi 99271"]
["99272","POÇO DE INSPEÇÃO CIRCULAR PARA DRENAGEM, EM ALVENARIA COM TIJOLOS CERÂMICOS MACIÇOS, DIÂMETRO INTERNO = 0,6 M, PROFUNDIDADE = 1 M, EXCLUINDO TAMPÃO. AF_05/2018","UN","817,03","865,13",null,817.03,865.13,"Sinapi 99272"]
["99273","POÇO DE INSPEÇÃO CIRCULAR PARA DRENAGEM, EM ALVENARIA COM TIJOLOS CERÂMICOS MACIÇOS, DIÂMETRO INTERNO = 0,6 M, PROFUNDIDADE = 1,5 M, EXCLUINDO TAMPÃO. AF_05/2018","UN","1.173,92","1.245,90",null,1173.92,1245.9000000000001,"Sinapi 99273"]
["99274","BASE PARA POÇO DE VISITA RETANGULAR PARA DRENAGEM, EM ALVENARIA COM BLOCOS DE CONCRETO, DIMENSÕES INTERNAS = 1X3 M, PROFUNDIDADE = 1,45 M, EXCLUINDO TAMPÃO. AF_05/2018","UN","3.997,37","4.217,38",null,3997.37,4217.38,"Sinapi 99274"]
["99276","ACRÉSCIMO PARA POÇO DE VISITA RETANGULAR PARA DRENAGEM, EM ALVENARIA COM BLOCOS DE CONCRETO, DIMENSÕES INTERNAS = 1,5X3 M. AF_05/2018","M","1.911,04","2.039,35",null,1911.04,2039.35,"Sinapi 99276"]
["99277","ACRÉSCIMO PARA POÇO DE VISITA RETANGULAR PARA DRENAGEM, EM ALVENARIA COM BLOCOS DE CONCRETO, DIMENSÕES INTERNAS = 1X3 M. AF_05/2018","M","1.721,44","1.836,91",null,1721.44,1836.91,"Sinapi 99277"]
["99278","ACRÉSCIMO PARA POÇO DE VISITA CIRCULAR PARA DRENAGEM, EM CONCRETO PRÉ-MOLDADO, DIÂMETRO INTERNO = 0,8 M. AF_05/2018","M","309,08","313,82",null,309.08,313.82,"Sinapi 99278"]
["99279","BASE PARA POÇO DE VISITA RETANGULAR PARA DRENAGEM, EM ALVENARIA COM BLOCOS DE CONCRETO, DIMENSÕES INTERNAS = 1X3,5 M, PROFUNDIDADE = 1,45 M, EXCLUINDO TAMPÃO. AF_05/2018","UN","4.509,83","4.757,53",null,4509.83,4757.53,"Sinapi 99279"]
["99280","BASE PARA POÇO DE VISITA CIRCULAR PARA DRENAGEM, EM ALVENARIA COM TIJOLOS CERÂMICOS MACIÇOS, DIÂMETRO INTERNO = 0,8 M, PROFUNDIDADE = 1,45 M, EXCLUINDO TAMPÃO. AF_05/2018","UN","1.516,10","1.605,75",null,1516.1,1605.75,"Sinapi 99280"]
["99281","ACRÉSCIMO PARA POÇO DE VISITA RETANGULAR PARA DRENAGEM, EM ALVENARIA COM BLOCOS DE CONCRETO, DIMENSÕES INTERNAS = 1X3,5 M. AF_05/2018","M","1.911,04","2.039,35",null,1911.04,2039.35,"Sinapi 99281"]
["99282","ACRÉSCIMO PARA POÇO DE VISITA RETANGULAR PARA DRENAGEM, EM ALVENARIA COM BLOCOS DE CONCRETO, DIMENSÕES INTERNAS = 2,5X2,5 M. AF_05/2018","M","2.129,62","2.272,17",null,2129.62,2272.17,"Sinapi 99282"]
["99283","ACRÉSCIMO PARA POÇO DE VISITA CIRCULAR PARA DRENAGEM, EM ALVENARIA COM TIJOLOS CERÂMICOS MACIÇOS, DIÂMETRO INTERNO = 0,8 M. AF_05/2018","M","880,52","940,15",null,880.52,940.15,"Sinapi 99283"]
["99284","BASE PARA POÇO DE VISITA RETANGULAR PARA DRENAGEM, EM ALVENARIA COM BLOCOS DE CONCRETO, DIMENSÕES INTERNAS = 1,5X3,5 M, PROFUNDIDADE = 1,45 M, EXCLUINDO TAMPÃO. AF_05/2018","UN","5.599,84","5.895,76",null,5599.84,5895.76,"Sinapi 99284"]
["99286","BASE PARA POÇO DE VISITA RETANGULAR PARA DRENAGEM, EM ALVENARIA COM BLOCOS DE CONCRETO, DIMENSÕES INTERNAS = 1X4 M, PROFUNDIDADE = 1,45 M, EXCLUINDO TAMPÃO. AF_05/2018","UN","5.022,42","5.297,86",null,5022.42,5297.86,"Sinapi 99286"]
["99287","BASE PARA POÇO DE VISITA RETANGULAR PARA DRENAGEM, EM ALVENARIA COM BLOCOS DE CONCRETO, DIMENSÕES INTERNAS = 2,5X3 M, PROFUNDIDADE = 1,45 M, EXCLUINDO TAMPÃO. AF_05/2018","UN","7.053,14","7.406,67",null,7053.14,7406.67,"Sinapi 99287"]
["99288","ACRÉSCIMO PARA POÇO DE VISITA CIRCULAR PARA DRENAGEM, EM CONCRETO PRÉ-MOLDADO, DIÂMETRO INTERNO = 1 M. AF_05/2018","M","373,56","379,28",null,373.56,379.28,"Sinapi 99288"]
["99289","ACRÉSCIMO PARA POÇO DE VISITA RETANGULAR PARA DRENAGEM, EM ALVENARIA COM BLOCOS DE CONCRETO, DIMENSÕES INTERNAS = 1X4 M. AF_05/2018","M","2.100,62","2.241,78",null,2100.62,2241.7800000000002,"Sinapi 99289"]
["99290","BASE PARA POÇO DE VISITA RETANGULAR PARA DRENAGEM, EM ALVENARIA COM BLOCOS DE CONCRETO, DIMENSÕES INTERNAS = 1,5X1,5 M, PROFUNDIDADE = 1,45 M, EXCLUINDO TAMPÃO. AF_05/2018","UN","3.028,57","3.193,51",null,3028.57,3193.51,"Sinapi 99290"]
["99291","ACRÉSCIMO PARA POÇO DE VISITA RETANGULAR PARA DRENAGEM, EM ALVENARIA COM BLOCOS DE CONCRETO, DIMENSÕES INTERNAS = 1,5X3,5 M. AF_05/2018","M","2.100,62","2.241,78",null,2100.62,2241.7800000000002,"Sinapi 99291"]
["99292","BASE PARA POÇO DE VISITA CIRCULAR PARA DRENAGEM, EM ALVENARIA COM TIJOLOS CERÂMICOS MACIÇOS, DIÂMETRO INTERNO = 1 M, PROFUNDIDADE = 1,45 M, EXCLUINDO TAMPÃO. AF_05/2018","UN","1.861,82","1.970,39",null,1861.82,1970.39,"Sinapi 99292"]
["99293","ACRÉSCIMO PARA POÇO DE VISITA CIRCULAR PARA DRENAGEM, EM ALVENARIA COM TIJOLOS CERÂMICOS MACIÇOS, DIÂMETRO INTERNO = 1 M. AF_05/2018","M","1.068,43","1.141,47",null,1068.43,1141.47,"Sinapi 99293"]
["99294","BASE PARA POÇO DE VISITA RETANGULAR PARA DRENAGEM, EM ALVENARIA COM BLOCOS DE CONCRETO, DIMENSÕES INTERNAS = 1,5X4 M, PROFUNDIDADE = 1,45 M, EXCLUINDO TAMPÃO. AF_05/2018","UN","6.238,73","6.567,41",null,6238.73,6567.41,"Sinapi 99294"]
["99296","ACRÉSCIMO PARA POÇO DE VISITA RETANGULAR PARA DRENAGEM, EM ALVENARIA COM BLOCOS DE CONCRETO, DIMENSÕES INTERNAS = 2,5X3 M. AF_05/2018","M","2.319,20","2.474,62",null,2319.1999999999998,2474.62,"Sinapi 99296"]
["99297","ACRÉSCIMO PARA POÇO DE VISITA RETANGULAR PARA DRENAGEM, EM ALVENARIA COM BLOCOS DE CONCRETO, DIMENSÕES INTERNAS = 1,5X4 M. AF_05/2018","M","2.314,20","2.469,36",null,2314.1999999999998,2469.36,"Sinapi 99297"]
["99298","BASE PARA POÇO DE VISITA RETANGULAR PARA DRENAGEM, EM ALVENARIA COM BLOCOS DE CONCRETO, DIMENSÕES INTERNAS = 2,5X3,5 M, PROFUNDIDADE = 1,45 M, EXCLUINDO TAMPÃO. AF_05/2018","UN","7.967,23","8.363,65",null,7967.23,8363.65,"Sinapi 99298"]
["99299","ACRÉSCIMO PARA POÇO DE VISITA RETANGULAR PARA DRENAGEM, EM ALVENARIA COM BLOCOS DE CONCRETO, DIMENSÕES INTERNAS = 2,5X3,5 M. AF_05/2018","M","2.508,72","2.676,99",null,2508.7199999999998,2676.99,"Sinapi 99299"]
["99300","BASE PARA POÇO DE VISITA RETANGULAR PARA DRENAGEM, EM ALVENARIA COM BLOCOS DE CONCRETO, DIMENSÕES INTERNAS = 2,5X4 M, PROFUNDIDADE = 1,45 M, EXCLUINDO TAMPÃO. AF_05/2018","UN","8.881,33","9.320,64",null,8881.33,9320.64,"Sinapi 99300"]
["99301","BASE PARA POÇO DE VISITA RETANGULAR PARA DRENAGEM, EM ALVENARIA COM BLOCOS DE CONCRETO, DIMENSÕES INTERNAS = 2X2 M, PROFUNDIDADE = 1,45 M, EXCLUINDO TAMPÃO. AF_05/2018","UN","4.452,46","4.688,64",null,{"$f":"IF(D1608=\"\",\"\",D1608+0)","v":4452.46},{"$f":"IF(E1608=\"\",\"\",E1608+0)","v":4688.6400000000003},{"$f":"IF(OR(G1608=\"\",H1608=\"\"),\"\",CONCATENATE(\"Sinapi \",A1608))","v":"Sinapi 99301"}]
["99302","ACRÉSCIMO PARA POÇO DE VISITA RETANGULAR PARA DRENAGEM, EM ALVENARIA COM BLOCOS DE CONCRETO, DIMENSÕES INTERNAS = 2,5X4 M. AF_05/2018","M","2.703,33","2.884,66",null,2703.33,2884.66,"Sinapi 99302"]
["99303","BASE PARA POÇO DE VISITA RETANGULAR PARA DRENAGEM, EM ALVENARIA COM BLOCOS DE CONCRETO, DIMENSÕES INTERNAS = 3X3 M, PROFUNDIDADE = 1,45 M, EXCLUINDO TAMPÃO. AF_05/2018","UN","8.142,13","8.543,80",null,8142.13,8543.7999999999993,"Sinapi 99303"]
["99304","ACRÉSCIMO PARA POÇO DE VISITA RETANGULAR PARA DRENAGEM, EM ALVENARIA COM BLOCOS DE CONCRETO, DIMENSÕES INTERNAS = 3X3 M. AF_05/2018","M","2.513,74","2.682,23",null,2513.7399999999998,2682.23,"Sinapi 99304"]
["99305","BASE PARA POÇO DE VISITA RETANGULAR PARA DRENAGEM, EM ALVENARIA COM BLOCOS DE CONCRETO, DIMENSÕES INTERNAS = 3X3,5 M, PROFUNDIDADE = 1,45 M, EXCLUINDO TAMPÃO. AF_05/2018","UN","9.192,67","9.642,33",null,9192.67,9642.33,"Sinapi 99305"]
["99306","ACRÉSCIMO PARA POÇO DE VISITA RETANGULAR PARA DRENAGEM, EM ALVENARIA COM BLOCOS DE CONCRETO, DIMENSÕES INTERNAS = 3X3,5 M. AF_05/2018","M","2.703,33","2.884,66",null,2703.33,2884.66,"Sinapi 99306"]
["99307","ACRÉSCIMO PARA POÇO DE VISITA RETANGULAR PARA DRENAGEM, EM ALVENARIA COM BLOCOS DE CONCRETO, DIMENSÕES INTERNAS = 2X2 M. AF_05/2018","M","1.745,42","1.862,05",null,1745.42,1862.05,"Sinapi 99307"]
["99308","BASE PARA POÇO DE VISITA RETANGULAR PARA DRENAGEM, EM ALVENARIA COM BLOCOS DE CONCRETO, DIMENSÕES INTERNAS = 3X4 M, PROFUNDIDADE = 1,45 M, EXCLUINDO TAMPÃO. AF_05/2018","UN","10.243,26","10.740,87",null,10243.26,10740.87,"Sinapi 99308"]
["99309","ACRÉSCIMO PARA POÇO DE VISITA RETANGULAR PARA DRENAGEM, EM ALVENARIA COM BLOCOS DE CONCRETO, DIMENSÕES INTERNAS = 3X4 M. AF_05/2018","M","2.897,92","3.092,35",null,2897.92,3092.35,"Sinapi 99309"]
["99310","BASE PARA POÇO DE VISITA RETANGULAR PARA DRENAGEM, EM ALVENARIA COM BLOCOS DE CONCRETO, DIMENSÕES INTERNAS = 3,5X3,5 M, PROFUNDIDADE = 1,45 M, EXCLUINDO TAMPÃO. AF_05/2018","UN","10.425,08","10.927,96",null,10425.08,10927.96,"Sinapi 99310"]
["99311","ACRÉSCIMO PARA POÇO DE VISITA RETANGULAR PARA DRENAGEM, EM ALVENARIA COM BLOCOS DE CONCRETO, DIMENSÕES INTERNAS = 3,5X3,5 M. AF_05/2018","M","2.897,92","3.092,35",null,2897.92,3092.35,"Sinapi 99311"]
["99312","BASE PARA POÇO DE VISITA RETANGULAR PARA DRENAGEM, EM ALVENARIA COM BLOCOS DE CONCRETO, DIMENSÕES INTERNAS = 2X2,5 M, PROFUNDIDADE = 1,45 M, EXCLUINDO TAMPÃO. AF_05/2018","UN","5.211,63","5.485,56",null,5211.63,5485.56,"Sinapi 99312"]
["99313","BASE PARA POÇO DE VISITA RETANGULAR PARA DRENAGEM, EM ALVENARIA COM BLOCOS DE CONCRETO, DIMENSÕES INTERNAS = 3,5X4 M, PROFUNDIDADE = 1,45 M, EXCLUINDO TAMPÃO. AF_05/2018","UN","11.613,10","12.169,02",null,11613.1,12169.02,"Sinapi 99313"]
["99314","ACRÉSCIMO PARA POÇO DE VISITA RETANGULAR PARA DRENAGEM, EM ALVENARIA COM BLOCOS DE CONCRETO, DIMENSÕES INTERNAS = 3,5X4 M. AF_05/2018","M","3.092,53","3.300,05",null,3092.53,3300.05,"Sinapi 99314"]
["99315","BASE PARA POÇO DE VISITA RETANGULAR PARA DRENAGEM, EM ALVENARIA COM BLOCOS DE CONCRETO, DIMENSÕES INTERNAS = 4X4 M, PROFUNDIDADE = 1,45 M, EXCLUINDO TAMPÃO. AF_05/2018","UN","12.991,00","13.605,29",null,12991,13605.29,"Sinapi 99315"]
["99317","ACRÉSCIMO PARA POÇO DE VISITA RETANGULAR PARA DRENAGEM, EM ALVENARIA COM BLOCOS DE CONCRETO, DIMENSÕES INTERNAS = 2X2,5 M. AF_05/2018","M","1.935,02","2.064,48",null,1935.02,2064.48,"Sinapi 99317"]
["99318","CHAMINÉ CIRCULAR PARA POÇO DE VISITA PARA DRENAGEM, EM CONCRETO PRÉ-MOLDADO, DIÂMETRO INTERNO = 0,6 M. AF_05/2018","M","203,93","206,92",null,203.93,206.92,"Sinapi 99318"]
["99319","CHAMINÉ CIRCULAR PARA POÇO DE VISITA PARA DRENAGEM, EM ALVENARIA COM TIJOLOS CERÂMICOS MACIÇOS, DIÂMETRO INTERNO = 0,6 M. AF_05/2018","M","694,28","740,47",null,694.28,740.47,"Sinapi 99319"]
["99320","BASE PARA POÇO DE VISITA RETANGULAR PARA DRENAGEM, EM ALVENARIA COM BLOCOS DE CONCRETO, DIMENSÕES INTERNAS = 2X3 M, PROFUNDIDADE = 1,45 M, EXCLUINDO TAMPÃO. AF_05/2018","UN","6.006,71","6.318,39",null,6006.71,6318.39,"Sinapi 99320"]
["99321","ACRÉSCIMO PARA POÇO DE VISITA RETANGULAR PARA DRENAGEM, EM ALVENARIA COM BLOCOS DE CONCRETO, DIMENSÕES INTERNAS = 2X3 M. AF_05/2018","M","2.124,61","2.266,91",null,2124.61,2266.91,"Sinapi 99321"]
["99322","BASE PARA POÇO DE VISITA RETANGULAR PARA DRENAGEM, EM ALVENARIA COM BLOCOS DE CONCRETO, DIMENSÕES INTERNAS = 2X3,5 M, PROFUNDIDADE = 1,45 M, EXCLUINDO TAMPÃO. AF_05/2018","UN","6.770,33","7.119,79",null,6770.33,7119.79,"Sinapi 99322"]
["99323","ACRÉSCIMO PARA POÇO DE VISITA RETANGULAR PARA DRENAGEM, EM ALVENARIA COM BLOCOS DE CONCRETO, DIMENSÕES INTERNAS = 2X3,5 M. AF_05/2018","M","2.314,20","2.469,36",null,2314.1999999999998,2469.36,"Sinapi 99323"]
["99324","BASE PARA POÇO DE VISITA RETANGULAR PARA DRENAGEM, EM ALVENARIA COM BLOCOS DE CONCRETO, DIMENSÕES INTERNAS = 2X4 M, PROFUNDIDADE = 1,45 M, EXCLUINDO TAMPÃO. AF_05/2018","UN","7.533,94","7.921,11",null,7533.94,7921.11,"Sinapi 99324"]
["99325","ACRÉSCIMO PARA POÇO DE VISITA RETANGULAR PARA DRENAGEM, EM ALVENARIA COM BLOCOS DE CONCRETO, DIMENSÕES INTERNAS = 2X4 M. AF_05/2018","M","2.508,72","2.676,99",null,2508.7199999999998,2676.99,"Sinapi 99325"]
["99326","BASE PARA POÇO DE VISITA RETANGULAR PARA DRENAGEM, EM ALVENARIA COM BLOCOS DE CONCRETO, DIMENSÕES INTERNAS = 2,5X2,5 M, PROFUNDIDADE = 1,45 M, EXCLUINDO TAMPÃO. AF_05/2018","UN","6.139,10","6.449,72",null,6139.1,6449.72,"Sinapi 99326"]
["99327","ACRÉSCIMO PARA POÇO DE VISITA RETANGULAR PARA DRENAGEM, EM ALVENARIA COM BLOCOS DE CONCRETO, DIMENSÕES INTERNAS = 4X4 M. AF_05/2018","M","3.238,12","3.456,39",null,3238.12,3456.39,"Sinapi 99327"]
["94263","GUIA (MEIO-FIO) CONCRETO, MOLDADA  IN LOCO  EM TRECHO RETO COM EXTRUSORA, 13 CM BASE X 22 CM ALTURA. AF_06/2016","M","22,25","23,62",null,22.25,23.62,"Sinapi 94263"]
["94264","GUIA (MEIO-FIO) CONCRETO, MOLDADA  IN LOCO  EM TRECHO CURVO COM EXTRUSORA, 13 CM BASE X 22 CM ALTURA. AF_06/2016","M","25,07","26,72",null,25.07,26.72,"Sinapi 94264"]
["94265","GUIA (MEIO-FIO) CONCRETO, MOLDADA  IN LOCO  EM TRECHO RETO COM EXTRUSORA, 15 CM BASE X 30 CM ALTURA. AF_06/2016","M","28,17","29,63",null,28.17,29.63,"Sinapi 94265"]
["94266","GUIA (MEIO-FIO) CONCRETO, MOLDADA  IN LOCO  EM TRECHO CURVO COM EXTRUSORA, 15 CM BASE X 30 CM ALTURA. AF_06/2016","M","31,40","33,15",null,31.4,33.15,"Sinapi 94266"]
["94267","GUIA (MEIO-FIO) E SARJETA CONJUGADOS DE CONCRETO, MOLDADA  IN LOCO  EM TRECHO RETO COM EXTRUSORA, 45 CM BASE (15 CM BASE DA GUIA + 30 CM BASE DA SARJETA) X 22 CM ALTURA. AF_06/2016","M","33,34","34,88",null,33.340000000000003,34.880000000000003,"Sinapi 94267"]
["94268","GUIA (MEIO-FIO) E SARJETA CONJUGADOS DE CONCRETO, MOLDADA  IN LOCO  EM TRECHO CURVO COM EXTRUSORA, 45 CM BASE (15 CM BASE DA GUIA + 30 CM BASE DA SARJETA) X 22 CM ALTURA. AF_06/2016","M","36,90","38,78",null,36.9,38.78,"Sinapi 94268"]
["94269","GUIA (MEIO-FIO) E SARJETA CONJUGADOS DE CONCRETO, MOLDADA  IN LOCO  EM TRECHO RETO COM EXTRUSORA, 60 CM BASE (15 CM BASE DA GUIA + 45 CM BASE DA SARJETA) X 26 CM ALTURA. AF_06/2016","M","46,66","48,52",null,46.66,48.52,"Sinapi 94269"]
["94270","GUIA (MEIO-FIO) E SARJETA CONJUGADOS DE CONCRETO, MOLDADA IN LOCO  EM TRECHO CURVO COM EXTRUSORA, 60 CM BASE (15 CM BASE DA GUIA + 45 CM BASE DA SARJETA) X 26 CM ALTURA. AF_06/2016","M","51,61","53,95",null,51.61,53.95,"Sinapi 94270"]
["94271","GUIA (MEIO-FIO) E SARJETA CONJUGADOS DE CONCRETO, MOLDADA  IN LOCO  EM TRECHO RETO COM EXTRUSORA, 65 CM BASE (15 CM BASE DA GUIA + 50 CM BASE DA SARJETA) X 26 CM ALTURA. AF_06/2016","M","56,73","58,98",null,56.73,58.98,"Sinapi 94271"]
["94272","GUIA (MEIO-FIO) E SARJETA CONJUGADOS DE CONCRETO, MOLDADA  IN LOCO  EM TRECHO CURVO COM EXTRUSORA, 65 CM BASE (15 CM BASE DA GUIA + 50 CM BASE DA SARJETA) X 26 CM ALTURA. AF_06/2016","M","63,32","66,20",null,63.32,66.2,"Sinapi 94272"]
["94273","ASSENTAMENTO DE GUIA (MEIO-FIO) EM TRECHO RETO, CONFECCIONADA EM CONCRETO PRÉ-FABRICADO, DIMENSÕES 100X15X13X30 CM (COMPRIMENTO X BASE INFERIOR X BASE SUPERIOR X ALTURA), PARA VIAS URBANAS (USO VIÁRIO). AF_06/2016","M","32,78","34,31",null,32.78,34.31,"Sinapi 94273"]
["94274","ASSENTAMENTO DE GUIA (MEIO-FIO) EM TRECHO CURVO, CONFECCIONADA EM CONCRETO PRÉ-FABRICADO, DIMENSÕES 100X15X13X30 CM (COMPRIMENTO X BASE INFERIOR X BASE SUPERIOR X ALTURA), PARA VIAS URBANAS (USO VIÁRIO). AF_06/2016","M","35,92","37,80",null,35.92,37.799999999999997,"Sinapi 94274"]
["94275","ASSENTAMENTO DE GUIA (MEIO-FIO) EM TRECHO RETO, CONFECCIONADA EM CONCRETO PRÉ-FABRICADO, DIMENSÕES 100X15X13X20 CM (COMPRIMENTO X BASE INFERIOR X BASE SUPERIOR X ALTURA), PARA URBANIZAÇÃO INTERNA DE EMPREENDIMENTOS. AF_06/2016_P","M","31,13","32,52",null,31.13,32.520000000000003,"Sinapi 94275"]
["94276","ASSENTAMENTO DE GUIA (MEIO-FIO) EM TRECHO CURVO, CONFECCIONADA EM CONCRETO PRÉ-FABRICADO, DIMENSÕES 100X15X13X20 CM (COMPRIMENTO X BASE INFERIOR X BASE SUPERIOR X ALTURA), PARA URBANIZAÇÃO INTERNA DE EMPREENDIMENTOS. AF_06/2016_P","M","34,28","36,00",null,34.28,36,"Sinapi 94276"]
["94281","EXECUÇÃO DE SARJETA DE CONCRETO USINADO, MOLDADA  IN LOCO  EM TRECHO RETO, 30 CM BASE X 15 CM ALTURA. AF_06/2016","M","34,63","36,53",null,34.630000000000003,36.53,"Sinapi 94281"]
["94282","EXECUÇÃO DE SARJETA DE CONCRETO USINADO, MOLDADA  IN LOCO  EM TRECHO CURVO, 30 CM BASE X 15 CM ALTURA. AF_06/2016","M","44,21","47,14",null,44.21,47.14,"Sinapi 94282"]
["94283","EXECUÇÃO DE SARJETA DE CONCRETO USINADO, MOLDADA  IN LOCO  EM TRECHO RETO, 45 CM BASE X 15 CM ALTURA. AF_06/2016","M","43,65","45,73",null,43.65,45.73,"Sinapi 94283"]
["94284","EXECUÇÃO DE SARJETA DE CONCRETO USINADO, MOLDADA  IN LOCO  EM TRECHO CURVO, 45 CM BASE X 15 CM ALTURA. AF_06/2016","M","53,23","56,33",null,53.23,56.33,"Sinapi 94284"]
["94285","EXECUÇÃO DE SARJETA DE CONCRETO USINADO, MOLDADA  IN LOCO  EM TRECHO RETO, 60 CM BASE X 15 CM ALTURA. AF_06/2016","M","52,21","54,41",null,52.21,54.41,"Sinapi 94285"]
["94286","EXECUÇÃO DE SARJETA DE CONCRETO USINADO, MOLDADA  IN LOCO  EM TRECHO CURVO, 60 CM BASE X 15 CM ALTURA. AF_06/2016","M","61,79","65,02",null,61.79,65.02,"Sinapi 94286"]
["94287","EXECUÇÃO DE SARJETA DE CONCRETO USINADO, MOLDADA  IN LOCO  EM TRECHO RETO, 30 CM BASE X 10 CM ALTURA. AF_06/2016","M","27,71","29,45",null,27.71,29.45,"Sinapi 94287"]
["94288","EXECUÇÃO DE SARJETA DE CONCRETO USINADO, MOLDADA  IN LOCO  EM TRECHO CURVO, 30 CM BASE X 10 CM ALTURA. AF_06/2016","M","36,10","38,73",null,36.1,38.729999999999997,"Sinapi 94288"]
["94289","EXECUÇÃO DE SARJETA DE CONCRETO USINADO, MOLDADA  IN LOCO  EM TRECHO RETO, 45 CM BASE X 10 CM ALTURA. AF_06/2016","M","34,33","36,21",null,34.33,36.21,"Sinapi 94289"]
["94290","EXECUÇÃO DE SARJETA DE CONCRETO USINADO, MOLDADA  IN LOCO  EM TRECHO CURVO, 45 CM BASE X 10 CM ALTURA. AF_06/2016","M","42,72","45,49",null,42.72,45.49,"Sinapi 94290"]
["94291","EXECUÇÃO DE SARJETA DE CONCRETO USINADO, MOLDADA  IN LOCO  EM TRECHO RETO, 60 CM BASE X 10 CM ALTURA. AF_06/2016","M","40,52","42,52",null,40.520000000000003,42.52,"Sinapi 94291"]
["94292","EXECUÇÃO DE SARJETA DE CONCRETO USINADO, MOLDADA  IN LOCO  EM TRECHO CURVO, 60 CM BASE X 10 CM ALTURA. AF_06/2016","M","48,90","51,80",null,48.9,51.8,"Sinapi 94292"]
["94293","EXECUÇÃO DE SARJETÃO DE CONCRETO USINADO, MOLDADA  IN LOCO  EM TRECHO RETO, 100 CM BASE X 20 CM ALTURA. AF_06/2016","M","100,40","103,57",null,100.4,103.57,"Sinapi 94293"]
["94294","EXECUÇÃO DE ESCORAS DE CONCRETO PARA CONTENÇÃO DE GUIAS PRÉ-FABRICADAS. AF_06/2016","M","6,49","6,75",null,6.49,6.75,"Sinapi 94294"]
["94037","ESCORAMENTO DE VALA, TIPO PONTALETEAMENTO, COM PROFUNDIDADE DE 0 A 1,5 M, LARGURA MENOR QUE 1,5 M, EM LOCAL COM NÍVEL ALTO DE INTERFERÊNCIA. AF_06/2016","M2","16,93","18,37",null,16.93,18.37,"Sinapi 94037"]
["94038","ESCORAMENTO DE VALA, TIPO PONTALETEAMENTO, COM PROFUNDIDADE DE 0 A 1,5 M, LARGURA MAIOR OU IGUAL A 1,5 M E MENOR QUE 2,5 M, EM LOCAL COM NÍVEL ALTO DE INTERFERÊNCIA. AF_06/2016","M2","23,11","25,19",null,23.11,25.19,"Sinapi 94038"]
["94039","ESCORAMENTO DE VALA, TIPO PONTALETEAMENTO, COM PROFUNDIDADE DE 1,5 A 3,0 M, LARGURA MENOR QUE 1,5 M, EM LOCAL COM NÍVEL ALTO DE INTERFERÊNCIA. AF_06/2016","M2","13,37","14,47",null,13.37,14.47,"Sinapi 94039"]
["94040","ESCORAMENTO DE VALA, TIPO PONTALETEAMENTO, COM PROFUNDIDADE DE 1,5 A 3,0 M, LARGURA MAIOR OU IGUAL A 1,5 M E MENOR QUE 2,5 M, EM LOCAL COM NÍVEL ALTO DE INTERFERÊNCIA. AF_06/2016","M2","19,59","21,33",null,19.59,21.33,"Sinapi 94040"]
["94041","ESCORAMENTO DE VALA, TIPO PONTALETEAMENTO, COM PROFUNDIDADE DE 3,0 A 4,5 M, LARGURA MENOR QUE 1,5 M EM LOCAL COM NÍVEL ALTO DE INTERFERÊNCIA. AF_06/2016","M2","10,28","11,03",null,10.28,11.03,"Sinapi 94041"]
["94042","ESCORAMENTO DE VALA, TIPO PONTALETEAMENTO, COM PROFUNDIDADE DE 3,0 A 4,5 M, LARGURA MAIOR OU IGUAL A 1,5 M E MENOR QUE 2,5 M, EM LOCAL COM NÍVEL ALTO DE INTERFERÊNCIA. AF_06/2016","M2","16,64","18,04",null,16.64,18.04,"Sinapi 94042"]
["94043","ESCORAMENTO DE VALA, TIPO PONTALETEAMENTO, COM PROFUNDIDADE DE 0 A 1,5 M, LARGURA MENOR QUE 1,5 M, EM LOCAL COM NÍVEL BAIXO DE INTERFERÊNCIA. AF_06/2016","M2","15,95","17,28",null,15.95,17.28,"Sinapi 94043"]
["94044","ESCORAMENTO DE VALA, TIPO PONTALETEAMENTO, COM PROFUNDIDADE DE 0 A 1,5 M, LARGURA MAIOR OU IGUAL A 1,5 M E MENOR QUE 2,5 M, EM LOCAL COM NÍVEL BAIXO DE INTERFERÊNCIA. AF_06/2016","M2","22,17","24,14",null,22.17,24.14,"Sinapi 94044"]
["94045","ESCORAMENTO DE VALA, TIPO PONTALETEAMENTO, COM PROFUNDIDADE DE 1,5 A 3,0 M, LARGURA MENOR QUE 1,5 M, EM LOCAL COM NÍVEL BAIXO DE INTERFERÊNCIA. AF_06/2016","M2","12,42","13,41",null,12.42,13.41,"Sinapi 94045"]
["94046","ESCORAMENTO DE VALA, TIPO PONTALETEAMENTO, COM PROFUNDIDADE DE 1,5 A 3,0 M, LARGURA MAIOR OU IGUAL A 1,5 M E MENOR QUE 2,5 M, EM LOCAL COM NÍVEL BAIXO DE INTERFERÊNCIA. AF_06/2016","M2","18,61","20,23",null,18.61,20.23,"Sinapi 94046"]
["94047","ESCORAMENTO DE VALA, TIPO PONTALETEAMENTO, COM PROFUNDIDADE DE 3,0 A 4,5 M, LARGURA MENOR QUE 1,5 M EM LOCAL COM NÍVEL BAIXO DE INTERFERÊNCIA. AF_06/2016","M2","9,32","9,97",null,{"$f":"IF(D1672=\"\",\"\",D1672+0)","v":9.32},{"$f":"IF(E1672=\"\",\"\",E1672+0)","v":9.9700000000000006},{"$f":"IF(OR(G1672=\"\",H1672=\"\"),\"\",CONCATENATE(\"Sinapi \",A1672))","v":"Sinapi 94047"}]
["94048","ESCORAMENTO DE VALA, TIPO PONTALETEAMENTO, COM PROFUNDIDADE DE 3,0 A 4,5 M, LARGURA MAIOR OU IGUAL A 1,5 M E MENOR QUE 2,5 M, EM LOCAL COM NÍVEL BAIXO DE INTERFERÊNCIA. AF_06/2016","M2","15,65","16,94",null,15.65,16.940000000000001,"Sinapi 94048"]
["94049","ESCORAMENTO DE VALA, TIPO DESCONTÍNUO, COM PROFUNDIDADE DE 0 A 1,5 M, LARGURA MENOR QUE 1,5 M, EM LOCAL COM NÍVEL ALTO DE INTERFERÊNCIA. AF_06/2016","M2","29,14","31,00",null,29.14,31,"Sinapi 94049"]
["94050","ESCORAMENTO DE VALA, TIPO DESCONTÍNUO, COM PROFUNDIDADE DE 0 A 1,5 M, LARGURA MAIOR OU IGUAL A 1,5 M E MENOR QUE 2,5 M, EM LOCAL COM NÍVEL ALTO DE INTERFERÊNCIA. AF_06/2016","M2","37,19","39,89",null,37.19,39.89,"Sinapi 94050"]
["94051","ESCORAMENTO DE VALA, TIPO DESCONTÍNUO, COM PROFUNDIDADE DE 1,5 M A 3,0 M, LARGURA MENOR QUE 1,5 M, EM LOCAL COM NÍVEL ALTO DE INTERFERÊNCIA. AF_06/2016","M2","24,14","25,56",null,24.14,25.56,"Sinapi 94051"]
["94052","ESCORAMENTO DE VALA, TIPO DESCONTÍNUO, COM PROFUNDIDADE DE 1,5 A 3,0 M, LARGURA MAIOR OU IGUAL A 1,5 M E MENOR QUE 2,5 M, EM LOCAL COM NÍVEL ALTO DE INTERFERÊNCIA. AF_06/2016","M2","32,07","34,33",null,32.07,34.33,"Sinapi 94052"]
["94053","ESCORAMENTO DE VALA, TIPO DESCONTÍNUO, COM PROFUNDIDADE DE 3,0 A 4,5 M, LARGURA MENOR QUE 1,5 M, EM LOCAL COM NÍVEL ALTO DE INTERFERÊNCIA. AF_06/2016","M2","21,21","22,18",null,21.21,22.18,"Sinapi 94053"]
["94054","ESCORAMENTO DE VALA, TIPO DESCONTÍNUO, COM PROFUNDIDADE DE 3,0 A 4,5 M, LARGURA MAIOR OU IGUAL A 1,5 E MENOR QUE 2,5 M, EM LOCAL COM NÍVEL ALTO DE INTERFERÊNCIA. AF_06/2016","M2","29,27","31,08",null,29.27,31.08,"Sinapi 94054"]
["94055","ESCORAMENTO DE VALA, TIPO DESCONTÍNUO, COM PROFUNDIDADE DE 0 A 1,5 M, LARGURA MENOR QUE 1,5 M, EM LOCAL COM NÍVEL BAIXO DE INTERFERÊNCIA. AF_06/2016","M2","27,87","29,60",null,27.87,29.6,"Sinapi 94055"]
["94056","ESCORAMENTO DE VALA, TIPO DESCONTÍNUO, COM PROFUNDIDADE DE 0 A 1,5 M, LARGURA MAIOR OU IGUAL A 1,5 M E MENOR QUE 2,5 M, EM LOCAL COM NÍVEL BAIXO DE INTERFERÊNCIA. AF_06/2016","M2","35,94","38,51",null,35.94,38.51,"Sinapi 94056"]
["94057","ESCORAMENTO DE VALA, TIPO DESCONTÍNUO, COM PROFUNDIDADE DE 1,5 M A 3,0 M, LARGURA MENOR QUE 1,5 M, EM LOCAL COM NÍVEL BAIXO DE INTERFERÊNCIA. AF_06/2016","M2","22,89","24,18",null,22.89,24.18,"Sinapi 94057"]
["94058","ESCORAMENTO DE VALA, TIPO DESCONTÍNUO, COM PROFUNDIDADE DE 1,5 A 3,0 M, LARGURA MAIOR OU IGUAL A 1,5 M E MENOR QUE 2,5 M, EM LOCAL COM NÍVEL BAIXO DE INTERFERÊNCIA. AF_06/2016","M2","30,81","32,92",null,30.81,32.92,"Sinapi 94058"]
["94059","ESCORAMENTO DE VALA, TIPO DESCONTÍNUO, COM PROFUNDIDADE DE 3,0 A 4,5 M, LARGURA MENOR QUE 1,5 M, EM LOCAL COM NÍVEL BAIXO DE INTERFERÊNCIA. AF_06/2016","M2","19,96","20,80",null,19.96,20.8,"Sinapi 94059"]
["94060","ESCORAMENTO DE VALA, TIPO DESCONTÍNUO, COM PROFUNDIDADE DE 3,0 A 4,5 M, LARGURA MAIOR OU IGUAL A 1,5 E MENOR QUE 2,5 M, EM LOCAL COM NÍVEL BAIXO DE INTERFERÊNCIA. AF_06/2016","M2","28,02","29,68",null,28.02,29.68,"Sinapi 94060"]
["83770","ESCORAMENTO CONTINUO DE VALAS, MISTO, COM PERFIL I DE 8\"","M2","139,29","146,26",null,139.29,146.26,"Sinapi 83770"]
["73301","ESCORAMENTO FORMAS ATE H = 3,30M, COM MADEIRA DE 3A QUALIDADE, NAO APARELHADA, APROVEITAMENTO TABUAS 3X E PRUMOS 4X.","M3","8,73","9,37",null,8.73,9.3699999999999992,"Sinapi 73301"]
["83515","ESCORAMENTO FORMAS DE H=3,30 A 3,50 M, COM MADEIRA 3A QUALIDADE, NAO APARELHADA, APROVEITAMENTO TABUAS 3X E PRUMOS 4X","M3","16,73","17,43",null,16.73,17.43,"Sinapi 83515"]
["83516","ESCORAMENTO FORMAS H=3,50 A 4,00 M, COM MADEIRA DE 3A QUALIDADE, NAO APARELHADA, APROVEITAMENTO TABUAS 3X E PRUMOS 4X.","M3","19,31","20,12",null,19.309999999999999,20.12,"Sinapi 83516"]
["90788","KIT DE PORTA-PRONTA DE MADEIRA EM ACABAMENTO MELAMÍNICO BRANCO, FOLHA LEVE OU MÉDIA, 60X210CM, EXCLUSIVE FECHADURA, FIXAÇÃO COM PREENCHIMENTO PARCIAL DE ESPUMA EXPANSIVA - FORNECIMENTO E INSTALAÇÃO. AF_12/2019","UN","388,80","390,20",null,388.8,390.2,"Sinapi 90788"]
["90789","KIT DE PORTA-PRONTA DE MADEIRA EM ACABAMENTO MELAMÍNICO BRANCO, FOLHA LEVE OU MÉDIA, 70X210CM, EXCLUSIVE FECHADURA, FIXAÇÃO COM PREENCHIMENTO PARCIAL DE ESPUMA EXPANSIVA - FORNECIMENTO E INSTALAÇÃO. AF_12/2019","UN","401,87","403,41",null,401.87,403.41,"Sinapi 90789"]
["90790","KIT DE PORTA-PRONTA DE MADEIRA EM ACABAMENTO MELAMÍNICO BRANCO, FOLHA LEVE OU MÉDIA, 80X210CM, EXCLUSIVE FECHADURA, FIXAÇÃO COM PREENCHIMENTO PARCIAL DE ESPUMA EXPANSIVA - FORNECIMENTO E INSTALAÇÃO. AF_12/2019","UN","405,50","407,19",null,405.5,407.19,"Sinapi 90790"]
["90791","KIT DE PORTA-PRONTA DE MADEIRA EM ACABAMENTO MELAMÍNICO BRANCO, FOLHA PESADA OU SUPERPESADA, 80X210CM, EXCLUSIVE FECHADURA, FIXAÇÃO COM PREENCHIMENTO PARCIAL DE ESPUMA EXPANSIVA - FORNECIMENTO E INSTALAÇÃO. AF_12/2019","UN","434,36","436,63",null,434.36,436.63,"Sinapi 90791"]
["90793","KIT DE PORTA-PRONTA DE MADEIRA EM ACABAMENTO MELAMÍNICO BRANCO, FOLHA PESADA OU SUPERPESADA, 90X210CM, EXCLUSIVE FECHADURA, FIXAÇÃO COM PREENCHIMENTO TOTAL DE ESPUMA EXPANSIVA - FORNECIMENTO E INSTALAÇÃO. AF_12/2019","UN","467,80","470,62",null,467.8,470.62,"Sinapi 90793"]
["90794","KIT DE PORTA-PRONTA DE MADEIRA EM ACABAMENTO MELAMÍNICO BRANCO, FOLHA LEVE OU MÉDIA, E BATENTE METÁLICO, 60X210CM, EXCLUSIVE FECHADURA, FIXAÇÃO COM ARGAMASSA - FORNECIMENTO E INSTALAÇÃO. AF_19/2019","UN","426,16","431,86",null,426.16,431.86,"Sinapi 90794"]
["90795","KIT DE PORTA-PRONTA DE MADEIRA EM ACABAMENTO MELAMÍNICO BRANCO, FOLHA LEVE OU MÉDIA, E BATENTE METÁLICO, 70X210CM,  EXCLUSIVE FECHADURA, FIXAÇÃO COM ARGAMASSA - FORNECIMENTO E INSTALAÇÃO. AF_12/2019","UN","443,37","449,66",null,443.37,449.66,"Sinapi 90795"]
["90796","KIT DE PORTA-PRONTA DE MADEIRA EM ACABAMENTO MELAMÍNICO BRANCO, FOLHA LEVE OU MÉDIA, E BATENTE METÁLICO, 80X210CM, EXCLUSIVE FECHADURA, FIXAÇÃO COM ARGAMASSA - FORNECIMENTO E INSTALAÇÃO. AF_12/2019","UN","451,19","458,07",null,451.19,458.07,"Sinapi 90796"]
["90797","KIT DE PORTA-PRONTA DE MADEIRA EM ACABAMENTO MELAMÍNICO BRANCO, FOLHA LEVE OU MÉDIA, E BATENTE METÁLICO, 90X210CM,  EXCLUSIVE FECHADURA, FIXAÇÃO COM ARGAMASSA - FORNECIMENTO E INSTALAÇÃO. AF_12/2019","UN","478,78","486,26",null,478.78,486.26,"Sinapi 90797"]
["90798","KIT DE PORTA-PRONTA DE MADEIRA EM ACABAMENTO MELAMÍNICO BRANCO, FOLHA PESADA OU SUPERPESADA, E BATENTE METÁLICO, 80X210CM, EXCLUSIVE FECHADURA, FIXAÇÃO COM ARGAMASSA - FORNECIMENTO E INSTALAÇÃO. AF_12/2019","UN","482,62","490,38",null,482.62,490.38,"Sinapi 90798"]
["90799","KIT DE PORTA-PRONTA DE MADEIRA EM ACABAMENTO MELAMÍNICO BRANCO, FOLHA PESADA OU SUPERPESADA, E BATENTE METÁLICO, 90X210CM, EXCLUSIVE FECHADURA, FIXAÇÃO COM ARGAMASSA - FORNECIMENTO E INSTALAÇÃO. AF_12/2019","UN","499,31","507,74",null,499.31,507.74,"Sinapi 90799"]
["90801","BATENTE PARA PORTA DE MADEIRA, PADRÃO MÉDIO - FORNECIMENTO E MONTAGEM. AF_12/2019","UN","251,05","259,36",null,251.05,259.36,"Sinapi 90801"]
["90806","BATENTE PARA PORTA DE MADEIRA, FIXAÇÃO COM ARGAMASSA, PADRÃO MÉDIO - FORNECIMENTO E INSTALAÇÃO. AF_12/2019_P","UN","317,48","331,94",null,317.48,331.94,"Sinapi 90806"]
["90820","PORTA DE MADEIRA PARA PINTURA, SEMI-OCA (LEVE OU MÉDIA), 60X210CM, ESPESSURA DE 3,5CM, INCLUSO DOBRADIÇAS - FORNECIMENTO E INSTALAÇÃO. AF_12/2019","UN","263,81","267,70",null,263.81,267.7,"Sinapi 90820"]
["90821","PORTA DE MADEIRA PARA PINTURA, SEMI-OCA (LEVE OU MÉDIA), 70X210CM, ESPESSURA DE 3,5CM, INCLUSO DOBRADIÇAS - FORNECIMENTO E INSTALAÇÃO. AF_12/2019","UN","287,38","291,68",null,287.38,291.68,"Sinapi 90821"]
["90822","PORTA DE MADEIRA PARA PINTURA, SEMI-OCA (LEVE OU MÉDIA), 80X210CM, ESPESSURA DE 3,5CM, INCLUSO DOBRADIÇAS - FORNECIMENTO E INSTALAÇÃO. AF_12/2019","UN","284,44","289,14",null,284.44,289.14,"Sinapi 90822"]
["90823","PORTA DE MADEIRA PARA PINTURA, SEMI-OCA (LEVE OU MÉDIA), 90X210CM, ESPESSURA DE 3,5CM, INCLUSO DOBRADIÇAS - FORNECIMENTO E INSTALAÇÃO. AF_12/2019","UN","299,49","304,59",null,299.49,304.58999999999997,"Sinapi 90823"]
["90824","PORTA DE MADEIRA PARA PINTURA, SEMI-OCA (PESADA OU SUPERPESADA), 80X210CM, ESPESSURA DE 3,5CM, INCLUSO DOBRADIÇAS - FORNECIMENTO E INSTALAÇÃO. AF_12/2019","UN","308,97","315,49",null,308.97000000000003,315.49,"Sinapi 90824"]
["90825","PORTA DE MADEIRA, MACIÇA (PESADA OU SUPERPESADA), 90X210CM, ESPESSURA DE 3,5CM, INCLUSO DOBRADIÇAS - FORNECIMENTO E INSTALAÇÃO. AF_12/2019","UN","331,14","338,22",null,331.14,338.22,"Sinapi 90825"]
["90830","FECHADURA DE EMBUTIR COM CILINDRO, EXTERNA, COMPLETA, ACABAMENTO PADRÃO MÉDIO, INCLUSO EXECUÇÃO DE FURO - FORNECIMENTO E INSTALAÇÃO. AF_12/2019","UN","102,16","105,20",null,102.16,105.2,"Sinapi 90830"]
["90831","FECHADURA DE EMBUTIR PARA PORTA DE BANHEIRO, COMPLETA, ACABAMENTO PADRÃO MÉDIO, INCLUSO EXECUÇÃO DE FURO - FORNECIMENTO E INSTALAÇÃO. AF_12/2019","UN","80,08","82,41",null,80.08,82.41,"Sinapi 90831"]
["90841","KIT DE PORTA DE MADEIRA PARA PINTURA, SEMI-OCA (LEVE OU MÉDIA), PADRÃO MÉDIO, 60X210CM, ESPESSURA DE 3,5CM, ITENS INCLUSOS: DOBRADIÇAS, MONTAGEM E INSTALAÇÃO DO BATENTE, FECHADURA COM EXECUÇÃO DO FURO - FORNECIMENTO E INSTALAÇÃO. AF_12/2019","UN","738,93","761,63",null,738.93,761.63,"Sinapi 90841"]
["90842","KIT DE PORTA DE MADEIRA PARA PINTURA, SEMI-OCA (LEVE OU MÉDIA), PADRÃO MÉDIO, 70X210CM, ESPESSURA DE 3,5CM, ITENS INCLUSOS: DOBRADIÇAS, MONTAGEM E INSTALAÇÃO DO BATENTE, FECHADURA COM EXECUÇÃO DO FURO - FORNECIMENTO E INSTALAÇÃO. AF_12/2019","UN","771,34","794,49",null,771.34,794.49,"Sinapi 90842"]
["90843","KIT DE PORTA DE MADEIRA PARA PINTURA, SEMI-OCA (LEVE OU MÉDIA), PADRÃO MÉDIO, 80X210CM, ESPESSURA DE 3,5CM, ITENS INCLUSOS: DOBRADIÇAS, MONTAGEM E INSTALAÇÃO DO BATENTE, FECHADURA COM EXECUÇÃO DO FURO - FORNECIMENTO E INSTALAÇÃO. AF_12/2019","UN","784,88","809,18",null,784.88,809.18,"Sinapi 90843"]
["90844","KIT DE PORTA DE MADEIRA PARA PINTURA, SEMI-OCA (LEVE OU MÉDIA), PADRÃO MÉDIO, 90X210CM, ESPESSURA DE 3,5CM, ITENS INCLUSOS: DOBRADIÇAS, MONTAGEM E INSTALAÇÃO DO BATENTE, FECHADURA COM EXECUÇÃO DO FURO - FORNECIMENTO E INSTALAÇÃO. AF_12/2019","UN","801,54","826,28",null,801.54,826.28,"Sinapi 90844"]
["90847","KIT DE PORTA DE MADEIRA PARA PINTURA, SEMI-OCA (LEVE OU MÉDIA), PADRÃO MÉDIO, 60X210CM, ESPESSURA DE 3,5CM, ITENS INCLUSOS: DOBRADIÇAS, MONTAGEM E INSTALAÇÃO DO BATENTE, SEM FECHADURA - FORNECIMENTO E INSTALAÇÃO. AF_12/2019","UN","658,85","679,22",null,658.85,679.22,"Sinapi 90847"]
["90848","KIT DE PORTA DE MADEIRA PARA PINTURA, SEMI-OCA (LEVE OU MÉDIA), PADRÃO MÉDIO, 70X210CM, ESPESSURA DE 3,5CM, ITENS INCLUSOS: DOBRADIÇAS, MONTAGEM E INSTALAÇÃO DO BATENTE, SEM FECHADURA - FORNECIMENTO E INSTALAÇÃO. AF_12/2019","UN","684,04","704,86",null,684.04,704.86,"Sinapi 90848"]
["90849","KIT DE PORTA DE MADEIRA PARA PINTURA, SEMI-OCA (LEVE OU MÉDIA), PADRÃO MÉDIO, 80X210CM, ESPESSURA DE 3,5CM, ITENS INCLUSOS: DOBRADIÇAS, MONTAGEM E INSTALAÇÃO DO BATENTE, SEM FECHADURA - FORNECIMENTO E INSTALAÇÃO. AF_12/2019","UN","682,72","703,98",null,682.72,703.98,"Sinapi 90849"]
["90850","KIT DE PORTA DE MADEIRA PARA PINTURA, SEMI-OCA (LEVE OU MÉDIA), PADRÃO MÉDIO, 90X210CM, ESPESSURA DE 3,5CM, ITENS INCLUSOS: DOBRADIÇAS, MONTAGEM E INSTALAÇÃO DO BATENTE, SEM FECHADURA - FORNECIMENTO E INSTALAÇÃO. AF_12/2019","UN","699,38","721,08",null,699.38,721.08,"Sinapi 90850"]
["91009","PORTA DE MADEIRA PARA VERNIZ, SEMI-OCA (LEVE OU MÉDIA), 60X210CM, ESPESSURA DE 3,5CM, INCLUSO DOBRADIÇAS - FORNECIMENTO E INSTALAÇÃO. AF_12/2019","UN","270,04","273,93",null,270.04000000000002,273.93,"Sinapi 91009"]
["91010","PORTA DE MADEIRA PARA VERNIZ, SEMI-OCA (LEVE OU MÉDIA), 70X210CM, ESPESSURA DE 3,5CM, INCLUSO DOBRADIÇAS - FORNECIMENTO E INSTALAÇÃO. AF_12/2019","UN","219,06","223,36",null,219.06,223.36,"Sinapi 91010"]
["91011","PORTA DE MADEIRA PARA VERNIZ, SEMI-OCA (LEVE OU MÉDIA), 80X210CM, ESPESSURA DE 3,5CM, INCLUSO DOBRADIÇAS - FORNECIMENTO E INSTALAÇÃO. AF_12/2019","UN","307,78","312,48",null,307.77999999999997,312.48,"Sinapi 91011"]
["91012","PORTA DE MADEIRA PARA VERNIZ, SEMI-OCA (LEVE OU MÉDIA), 90X210CM, ESPESSURA DE 3,5CM, INCLUSO DOBRADIÇAS - FORNECIMENTO E INSTALAÇÃO. AF_12/2019","UN","294,70","299,80",null,294.7,299.8,"Sinapi 91012"]
["91013","KIT DE PORTA DE MADEIRA PARA VERNIZ, SEMI-OCA (LEVE OU MÉDIA), PADRÃO MÉDIO, 60X210CM, ESPESSURA DE 3,5CM, ITENS INCLUSOS: DOBRADIÇAS, MONTAGEM E INSTALAÇÃO DO BATENTE, SEM FECHADURA - FORNECIMENTO E INSTALAÇÃO. AF_12/2019","UN","665,08","685,45",null,665.08,685.45,"Sinapi 91013"]
["91014","KIT DE PORTA DE MADEIRA PARA VERNIZ, SEMI-OCA (LEVE OU MÉDIA), PADRÃO MÉDIO, 70X210CM, ESPESSURA DE 3,5CM, ITENS INCLUSOS: DOBRADIÇAS, MONTAGEM E INSTALAÇÃO DO BATENTE, SEM FECHADURA - FORNECIMENTO E INSTALAÇÃO. AF_12/2019","UN","615,72","636,54",null,615.72,636.54,"Sinapi 91014"]
["91015","KIT DE PORTA DE MADEIRA PARA VERNIZ, SEMI-OCA (LEVE OU MÉDIA), PADRÃO MÉDIO, 80X210CM, ESPESSURA DE 3,5CM, ITENS INCLUSOS: DOBRADIÇAS, MONTAGEM E INSTALAÇÃO DO BATENTE, SEM FECHADURA - FORNECIMENTO E INSTALAÇÃO. AF_12/2019","UN","706,06","727,32",null,706.06,727.32,"Sinapi 91015"]
["91016","KIT DE PORTA DE MADEIRA PARA VERNIZ, SEMI-OCA (LEVE OU MÉDIA), PADRÃO MÉDIO, 90X210CM, ESPESSURA DE 3,5CM, ITENS INCLUSOS: DOBRADIÇAS, MONTAGEM E INSTALAÇÃO DO BATENTE, SEM FECHADURA - FORNECIMENTO E INSTALAÇÃO. AF_12/2019","UN","694,59","716,29",null,694.59,716.29,"Sinapi 91016"]
["91287","BATENTE PARA PORTA DE MADEIRA, PADRÃO POPULAR - FORNECIMENTO E MONTAGEM. AF_12/2019","UN","191,98","200,32",null,191.98,200.32,"Sinapi 91287"]
["91292","BATENTE PARA PORTA DE MADEIRA, FIXAÇÃO COM ARGAMASSA, PADRÃO POPULAR. FORNECIMENTO E INSTALAÇÃO. AF_12/2019_P","UN","258,41","272,90",null,258.41000000000003,272.89999999999998,"Sinapi 91292"]
["91295","PORTA DE MADEIRA FRISADA, SEMI-OCA (LEVE OU MÉDIA), 60X210CM, ESPESSURA DE 3CM, INCLUSO DOBRADIÇAS - FORNECIMENTO E INSTALAÇÃO. AF_12/2019","UN","253,29","257,18",null,253.29,257.18,"Sinapi 91295"]
["91296","PORTA DE MADEIRA FRISADA, SEMI-OCA (LEVE OU MÉDIA), 70X210CM, ESPESSURA DE 3CM, INCLUSO DOBRADIÇAS - FORNECIMENTO E INSTALAÇÃO. AF_12/2019","UN","269,17","273,47",null,269.17,273.47000000000003,"Sinapi 91296"]
["91297","PORTA DE MADEIRA FRISADA, SEMI-OCA (LEVE OU MÉDIA), 80X210CM, ESPESSURA DE 3,5CM, INCLUSO DOBRADIÇAS - FORNECIMENTO E INSTALAÇÃO. AF_12/2019","UN","309,49","314,19",null,309.49,314.19,"Sinapi 91297"]
["91298","PORTA DE MADEIRA TIPO VENEZIANA, 80X210CM, ESPESSURA DE 3CM, INCLUSO DOBRADIÇAS - FORNECIMENTO E INSTALAÇÃO. AF_12/2019","UN","564,59","569,29",null,564.59,569.29,"Sinapi 91298"]
["91299","PORTA DE MADEIRA, TIPO MEXICANA, MACIÇA (PESADA OU SUPERPESADA), 80X210CM, ESPESSURA DE 3,5CM, INCLUSO DOBRADIÇAS - FORNECIMENTO E INSTALAÇÃO. AF_12/2019","UN","783,38","789,90",null,783.38,789.9,"Sinapi 91299"]
["91304","FECHADURA DE EMBUTIR COM CILINDRO, EXTERNA, COMPLETA, ACABAMENTO PADRÃO POPULAR, INCLUSO EXECUÇÃO DE FURO - FORNECIMENTO E INSTALAÇÃO. AF_12/2019","UN","76,91","79,95",null,76.91,79.95,"Sinapi 91304"]
["91305","FECHADURA DE EMBUTIR PARA PORTA DE BANHEIRO, COMPLETA, ACABAMENTO PADRÃO POPULAR, INCLUSO EXECUÇÃO DE FURO - FORNECIMENTO E INSTALAÇÃO. AF_12/2019","UN","58,02","60,35",null,58.02,60.35,"Sinapi 91305"]
["91306","FECHADURA DE EMBUTIR PARA PORTAS INTERNAS, COMPLETA, ACABAMENTO PADRÃO MÉDIO, COM EXECUÇÃO DE FURO - FORNECIMENTO E INSTALAÇÃO. AF_12/2019","UN","87,30","89,63",null,{"$f":"IF(D1736=\"\",\"\",D1736+0)","v":87.3},{"$f":"IF(E1736=\"\",\"\",E1736+0)","v":89.63},{"$f":"IF(OR(G1736=\"\",H1736=\"\"),\"\",CONCATENATE(\"Sinapi \",A1736))","v":"Sinapi 91306"}]
["91307","FECHADURA DE EMBUTIR PARA PORTAS INTERNAS, COMPLETA, ACABAMENTO PADRÃO POPULAR, COM EXECUÇÃO DE FURO - FORNECIMENTO E INSTALAÇÃO. AF_12/2019","UN","60,99","63,32",null,60.99,63.32,"Sinapi 91307"]
["91312","KIT DE PORTA DE MADEIRA PARA PINTURA, SEMI-OCA (LEVE OU MÉDIA), PADRÃO POPULAR, 60X210CM, ESPESSURA DE 3,5CM, ITENS INCLUSOS: DOBRADIÇAS, MONTAGEM E INSTALAÇÃO DO BATENTE, FECHADURA COM EXECUÇÃO DO FURO - FORNECIMENTO E INSTALAÇÃO. AF_12/2019","UN","644,08","666,80",null,644.08000000000004,666.8,"Sinapi 91312"]
["91313","KIT DE PORTA DE MADEIRA PARA PINTURA, SEMI-OCA (LEVE OU MÉDIA), PADRÃO POPULAR, 70X210CM, ESPESSURA DE 3,5CM, ITENS INCLUSOS: DOBRADIÇAS, MONTAGEM E INSTALAÇÃO DO BATENTE, FECHADURA COM EXECUÇÃO DO FURO - FORNECIMENTO E INSTALAÇÃO. AF_12/2019","UN","671,95","695,12",null,671.95,695.12,"Sinapi 91313"]
["91314","KIT DE PORTA DE MADEIRA PARA PINTURA, SEMI-OCA (LEVE OU MÉDIA), PADRÃO POPULAR, 80X210CM, ESPESSURA DE 3,5CM, ITENS INCLUSOS: DOBRADIÇAS, MONTAGEM E INSTALAÇÃO DO BATENTE, FECHADURA COM EXECUÇÃO DO FURO - FORNECIMENTO E INSTALAÇÃO. AF_12/2019","UN","686,26","710,59",null,686.26,710.59,"Sinapi 91314"]
["91315","KIT DE PORTA DE MADEIRA PARA PINTURA, SEMI-OCA (LEVE OU MÉDIA), PADRÃO POPULAR, 90X210CM, ESPESSURA DE 3,5CM, ITENS INCLUSOS: DOBRADIÇAS, MONTAGEM E INSTALAÇÃO DO BATENTE, FECHADURA COM EXECUÇÃO DO FURO - FORNECIMENTO E INSTALAÇÃO. AF_12/2019","UN","702,64","727,41",null,702.64,727.41,"Sinapi 91315"]
["91318","KIT DE PORTA DE MADEIRA PARA PINTURA, SEMI-OCA (LEVE OU MÉDIA), PADRÃO POPULAR, 60X210CM, ESPESSURA DE 3,5CM, ITENS INCLUSOS: DOBRADIÇAS, MONTAGEM E INSTALAÇÃO DO BATENTE, SEM FECHADURA - FORNECIMENTO E INSTALAÇÃO. AF_12/2019","UN","586,06","606,45",null,586.05999999999995,606.45000000000005,"Sinapi 91318"]
["91319","KIT DE PORTA DE MADEIRA PARA PINTURA, SEMI-OCA (LEVE OU MÉDIA), PADRÃO POPULAR, 70X210CM, ESPESSURA DE 3,5CM, ITENS INCLUSOS: DOBRADIÇAS, MONTAGEM E INSTALAÇÃO DO BATENTE, SEM FECHADURA - FORNECIMENTO E INSTALAÇÃO. AF_12/2019","UN","610,96","631,80",null,610.96,631.79999999999995,"Sinapi 91319"]
["91320","KIT DE PORTA DE MADEIRA PARA PINTURA, SEMI-OCA (LEVE OU MÉDIA), PADRÃO POPULAR, 80X210CM, ESPESSURA DE 3,5CM, ITENS INCLUSOS: DOBRADIÇAS, MONTAGEM E INSTALAÇÃO DO BATENTE, SEM FECHADURA - FORNECIMENTO E INSTALAÇÃO. AF_12/2019","UN","609,35","630,64",null,609.35,630.64,"Sinapi 91320"]
["91321","KIT DE PORTA DE MADEIRA PARA PINTURA, SEMI-OCA (LEVE OU MÉDIA), PADRÃO POPULAR, 90X210CM, ESPESSURA DE 3,5CM, ITENS INCLUSOS: DOBRADIÇAS, MONTAGEM E INSTALAÇÃO DO BATENTE, SEM FECHADURA - FORNECIMENTO E INSTALAÇÃO. AF_12/2019","UN","625,73","647,46",null,625.73,647.46,"Sinapi 91321"]
["91324","KIT DE PORTA DE MADEIRA PARA VERNIZ, SEMI-OCA (LEVE OU MÉDIA), PADRÃO POPULAR, 60X210CM, ESPESSURA DE 3,5CM, ITENS INCLUSOS: DOBRADIÇAS, MONTAGEM E INSTALAÇÃO DO BATENTE, SEM FECHADURA - FORNECIMENTO E INSTALAÇÃO. AF_12/2019","UN","592,29","612,68",null,592.29,612.67999999999995,"Sinapi 91324"]
["91325","KIT DE PORTA DE MADEIRA PARA VERNIZ, SEMI-OCA (LEVE OU MÉDIA), PADRÃO POPULAR, 70X210CM, ESPESSURA DE 3,5CM, ITENS INCLUSOS: DOBRADIÇAS, MONTAGEM E INSTALAÇÃO DO BATENTE, SEM FECHADURA - FORNECIMENTO E INSTALAÇÃO. AF_12/2019","UN","542,64","563,48",null,542.64,563.48,"Sinapi 91325"]
["91326","KIT DE PORTA DE MADEIRA PARA VERNIZ, SEMI-OCA (LEVE OU MÉDIA), PADRÃO POPULAR, 80X210CM, ESPESSURA DE 3,5CM, ITENS INCLUSOS: DOBRADIÇAS, MONTAGEM E INSTALAÇÃO DO BATENTE, SEM FECHADURA - FORNECIMENTO E INSTALAÇÃO. AF_12/2019","UN","632,69","653,98",null,632.69000000000005,653.98,"Sinapi 91326"]
["91327","KIT DE PORTA DE MADEIRA PARA VERNIZ, SEMI-OCA (LEVE OU MÉDIA), PADRÃO POPULAR, 90X210CM, ESPESSURA DE 3,5CM, ITENS INCLUSOS: DOBRADIÇAS, MONTAGEM E INSTALAÇÃO DO BATENTE, SEM FECHADURA - FORNECIMENTO E INSTALAÇÃO. AF_12/2019","UN","620,94","642,67",null,620.94000000000005,642.66999999999996,"Sinapi 91327"]
["91328","KIT DE PORTA DE MADEIRA FRISADA, SEMI-OCA (LEVE OU MÉDIA), PADRÃO MÉDIO 60X210CM, ESPESSURA DE 3CM, ITENS INCLUSOS: DOBRADIÇAS, MONTAGEM E INSTALAÇÃO DO BATENTE, SEM FECHADURA - FORNECIMENTO E INSTALAÇÃO. AF_12/2019","UN","648,33","668,70",null,648.33000000000004,668.7,"Sinapi 91328"]
["91329","KIT DE PORTA DE MADEIRA FRISADA, SEMI-OCA (LEVE OU MÉDIA), PADRÃO POPULAR, 60X210CM, ESPESSURA DE 3CM, ITENS INCLUSOS: DOBRADIÇAS, MONTAGEM E INSTALAÇÃO DO BATENTE, SEM FECHADURA - FORNECIMENTO E INSTALAÇÃO. AF_12/2019","UN","575,54","595,93",null,575.54,595.92999999999995,"Sinapi 91329"]
["91330","KIT DE PORTA DE MADEIRA FRISADA, SEMI-OCA (LEVE OU MÉDIA), PADRÃO MÉDIO, 70X210CM, ESPESSURA DE 3CM, ITENS INCLUSOS: DOBRADIÇAS, MONTAGEM E INSTALAÇÃO DO BATENTE, SEM FECHADURA - FORNECIMENTO E INSTALAÇÃO. AF_12/2019","UN","665,83","686,65",null,665.83,686.65,"Sinapi 91330"]
["91331","KIT DE PORTA DE MADEIRA FRISADA, SEMI-OCA (LEVE OU MÉDIA), PADRÃO POPULAR, 70X210CM, ESPESSURA DE 3CM, ITENS INCLUSOS: DOBRADIÇAS, MONTAGEM E INSTALAÇÃO DO BATENTE, SEM FECHADURA - FORNECIMENTO E INSTALAÇÃO. AF_12/2019","UN","592,75","613,59",null,592.75,613.59,"Sinapi 91331"]
["91332","KIT DE PORTA DE MADEIRA FRISADA, SEMI-OCA (LEVE OU MÉDIA), PADRÃO MÉDIO, 80X210CM, ESPESSURA DE 3,5CM, ITENS INCLUSOS: DOBRADIÇAS, MONTAGEM E INSTALAÇÃO DO BATENTE, SEM FECHADURA - FORNECIMENTO E INSTALAÇÃO. AF_12/2019","UN","707,77","729,03",null,707.77,729.03,"Sinapi 91332"]
["91333","KIT DE PORTA DE MADEIRA FRISADA, SEMI-OCA (LEVE OU MÉDIA), PADRÃO POPULAR, 80X210CM, ESPESSURA DE 3,5CM, ITENS INCLUSOS: DOBRADIÇAS, MONTAGEM E INSTALAÇÃO DO BATENTE, SEM FECHADURA - FORNECIMENTO E INSTALAÇÃO. AF_12/2019","UN","634,40","655,69",null,634.4,655.69,"Sinapi 91333"]
["91334","KIT DE PORTA DE MADEIRA TIPO VENEZIANA, PADRÃO MÉDIO, 80X210CM, ESPESSURA DE 3CM, ITENS INCLUSOS: DOBRADIÇAS, MONTAGEM E INSTALAÇÃO DO BATENTE, SEM FECHADURA - FORNECIMENTO E INSTALAÇÃO. AF_12/2019","UN","962,87","984,13",null,962.87,984.13,"Sinapi 91334"]
["91335","KIT DE PORTA DE MADEIRA TIPO VENEZIANA, PADRÃO POPULAR, 80X210CM, ESPESSURA DE 3CM, ITENS INCLUSOS: DOBRADIÇAS, MONTAGEM E INSTALAÇÃO DO BATENTE, SEM FECHADURA - FORNECIMENTO E INSTALAÇÃO. AF_12/2019","UN","889,50","910,79",null,889.5,910.79,"Sinapi 91335"]
["91336","KIT DE PORTA DE MADEIRA TIPO MEXICANA, MACIÇA (PESADA OU SUPERPESADA), PADRÃO MÉDIO, 80X210CM, ESPESSURA DE 3CM, ITENS INCLUSOS: DOBRADIÇAS, MONTAGEM E INSTALAÇÃO DO BATENTE, SEM FECHADURA - FORNECIMENTO E INSTALAÇÃO. AF_12/2019","UN","1.181,66","1.204,74",null,1181.6600000000001,1204.74,"Sinapi 91336"]
["91337","KIT DE PORTA DE MADEIRA TIPO MEXICANA, MACIÇA (PESADA OU SUPERPESADA), PADRÃO POPULAR, 80X210CM, ESPESSURA DE 3CM, ITENS INCLUSOS: DOBRADIÇAS, MONTAGEM E INSTALAÇÃO DO BATENTE, SEM FECHADURA - FORNECIMENTO E INSTALAÇÃO. AF_12/2019","UN","1.108,29","1.131,40",null,1108.29,1131.4000000000001,"Sinapi 91337"]
["100659","ALIZAR DE 5X1,5CM PARA PORTA FIXADO COM PREGOS, PADRÃO MÉDIO - FORNECIMENTO E INSTALAÇÃO. AF_12/2019","M","8,08","8,29",null,8.08,8.2899999999999991,"Sinapi 100659"]
["100660","ALIZAR DE 5X1,5CM PARA PORTA FIXADO COM PREGOS, PADRÃO POPULAR - FORNECIMENTO E INSTALAÇÃO. AF_12/2019","M","6,65","6,86",null,6.65,6.86,"Sinapi 100660"]
["100675","KIT DE PORTA-PRONTA DE MADEIRA EM ACABAMENTO MELAMÍNICO BRANCO, FOLHA LEVE OU MÉDIA, 90X210, EXCLUSIVE FECHADURA, FIXAÇÃO COM PREENCHIMENTO TOTAL DE ESPUMA EXPANSIVA - FORNECIMENTO E INSTALAÇÃO. AF_12/2019","UN","449,10","451,17",null,449.1,451.17,"Sinapi 100675"]
["100676","BATENTE PARA PORTA COM BANDEIRA, FIXAÇÃO COM PARAFUSO E BUCHA. AF_12/2019","UN","160,93","167,55",null,160.93,167.55,"Sinapi 100676"]
["100677","BANDEIRA PARA PORTA EM MADEIRA. AF_12/2019","UN","43,85","45,82",null,43.85,45.82,"Sinapi 100677"]
["100678","KIT DE PORTA DE MADEIRA PARA VERNIZ, SEMI-OCA (LEVE OU MÉDIA), PADRÃO MÉDIO, 60X210CM, ESPESSURA DE 3,5CM, ITENS INCLUSOS: DOBRADIÇAS, MONTAGEM E INSTALAÇÃO DE BATENTE, FECHADURA COM EXECUÇÃO DO FURO - FORNECIMENTO E INSTALAÇÃO. AF_12/2019","UN","745,16","767,86",null,745.16,767.86,"Sinapi 100678"]
["100679","KIT DE PORTA DE MADEIRA PARA VERNIZ, SEMI-OCA (LEVE OU MÉDIA), PADRÃO POPULAR, 60X210CM, ESPESSURA DE 3,5CM, ITENS INCLUSOS: DOBRADIÇAS, MONTAGEM E INSTALAÇÃO DE BATENTE, FECHADURA COM EXECUÇÃO DO FURO - FORNECIMENTO E INSTALAÇÃO. AF_12/2019","UN","650,31","673,03",null,650.30999999999995,673.03,"Sinapi 100679"]
["100680","KIT DE PORTA DE MADEIRA PARA VERNIZ, SEMI-OCA (LEVE OU MÉDIA), PADRÃO MÉDIO, 70X210CM, ESPESSURA DE 3,5CM, ITENS INCLUSOS: DOBRADIÇAS, MONTAGEM E INSTALAÇÃO DE BATENTE, FECHADURA COM EXECUÇÃO DO FURO - FORNECIMENTO E INSTALAÇÃO. AF_12/2019","UN","703,02","726,17",null,703.02,726.17,"Sinapi 100680"]
["100681","KIT DE PORTA DE MADEIRA FRISADA, SEMI-OCA (LEVE OU MÉDIA), PADRÃO MÉDIO, 70X210CM, ESPESSURA DE 3CM, ITENS INCLUSOS: DOBRADIÇAS, MONTAGEM E INSTALAÇÃO DE BATENTE, FECHADURA COM EXECUÇÃO DO FURO - FORNECIMENTO E INSTALAÇÃO. AF_12/2019","UN","753,13","776,28",null,753.13,776.28,"Sinapi 100681"]
["100682","KIT DE PORTA DE MADEIRA FRISADA, SEMI-OCA (LEVE OU MÉDIA), PADRÃO POPULAR, 70X210CM, ESPESSURA DE 3CM, ITENS INCLUSOS: DOBRADIÇAS, MONTAGEM E INSTALAÇÃO DE BATENTE, FECHADURA COM EXECUÇÃO DO FURO - FORNECIMENTO E INSTALAÇÃO. AF_12/2019","UN","653,74","676,91",null,653.74,676.91,"Sinapi 100682"]
["100683","KIT DE PORTA DE MADEIRA PARA VERNIZ, SEMI-OCA (LEVE OU MÉDIA), PADRÃO MÉDIO, 80X210CM, ESPESSURA DE 3,5CM, ITENS INCLUSOS: DOBRADIÇAS, MONTAGEM E INSTALAÇÃO DE BATENTE, FECHADURA COM EXECUÇÃO DO FURO - FORNECIMENTO E INSTALAÇÃO. AF_12/2019","UN","808,22","832,52",null,808.22,832.52,"Sinapi 100683"]
["100684","KIT DE PORTA DE MADEIRA PARA VERNIZ, SEMI-OCA (LEVE OU MÉDIA), PADRÃO POPULAR, 80X210CM, ESPESSURA DE 3,5CM, ITENS INCLUSOS: DOBRADIÇAS, MONTAGEM E INSTALAÇÃO DE BATENTE, FECHADURA COM EXECUÇÃO DO FURO - FORNECIMENTO E INSTALAÇÃO. AF_12/2019","UN","709,60","733,93",null,709.6,733.93,"Sinapi 100684"]
["100685","KIT DE PORTA DE MADEIRA PARA VERNIZ, SEMI-OCA (LEVE OU MÉDIA), PADRÃO MÉDIO, 90X210CM, ESPESSURA DE 3,5CM, ITENS INCLUSOS: DOBRADIÇAS, MONTAGEM E INSTALAÇÃO DE BATENTE, FECHADURA COM EXECUÇÃO DO FURO - FORNECIMENTO E INSTALAÇÃO. AF_12/2019","UN","796,75","821,49",null,796.75,821.49,"Sinapi 100685"]
["100686","KIT DE PORTA DE MADEIRA PARA VERNIZ, SEMI-OCA (LEVE OU MÉDIA), PADRÃO POPULAR, 90X210CM, ESPESSURA DE 3CM, ITENS INCLUSOS: DOBRADIÇAS, MONTAGEM E INSTALAÇÃO DE BATENTE, FECHADURA COM EXECUÇÃO DO FURO - FORNECIMENTO E INSTALAÇÃO. AF_12/2019","UN","697,85","722,62",null,697.85,722.62,"Sinapi 100686"]
["100687","KIT DE PORTA DE MADEIRA FRISADA, SEMI-OCA (LEVE OU MÉDIA), PADRÃO MÉDIO, 60X210CM, ESPESSURA DE 3,5CM, ITENS INCLUSOS: DOBRADIÇAS, MONTAGEM E INSTALAÇÃO DE BATENTE, FECHADURA COM EXECUÇÃO DO FURO - FORNECIMENTO E INSTALAÇÃO. AF_12/2019","UN","728,41","751,11",null,728.41,751.11,"Sinapi 100687"]
["100688","KIT DE PORTA DE MADEIRA FRISADA, SEMI-OCA (LEVE OU MÉDIA), PADRÃO POPULAR, 60X210CM, ESPESSURA DE 3CM, ITENS INCLUSOS: DOBRADIÇAS, MONTAGEM E INSTALAÇÃO DE BATENTE, FECHADURA COM EXECUÇÃO DO FURO - FORNECIMENTO E INSTALAÇÃO. AF_12/2019","UN","633,56","656,28",null,633.55999999999995,656.28,"Sinapi 100688"]
["100689","KIT DE PORTA DE MADEIRA FRISADA, SEMI-OCA (LEVE OU MÉDIA), PADRÃO MÉDIO, 80X210CM, ESPESSURA DE 3,5CM, ITENS INCLUSOS: DOBRADIÇAS, MONTAGEM E INSTALAÇÃO DE BATENTE, FECHADURA COM EXECUÇÃO DO FURO - FORNECIMENTO E INSTALAÇÃO. AF_12/2019","UN","809,93","834,23",null,809.93,834.23,"Sinapi 100689"]
["100690","KIT DE PORTA DE MADEIRA FRISADA, SEMI-OCA (LEVE OU MÉDIA), PADRÃO POPULAR, 80X210CM, ESPESSURA DE 3,5CM, ITENS INCLUSOS: DOBRADIÇAS, MONTAGEM E INSTALAÇÃO DE BATENTE, FECHADURA COM EXECUÇÃO DO FURO - FORNECIMENTO E INSTALAÇÃO. AF_12/2019","UN","711,31","735,64",null,711.31,735.64,"Sinapi 100690"]
["100691","KIT DE PORTA DE MADEIRA TIPO VENEZIANA, 80X210CM (ESPESSURA DE 3CM), PADRÃO MÉDIO, ITENS INCLUSOS: DOBRADIÇAS, MONTAGEM E INSTALAÇÃO DE BATENTE, FECHADURA COM EXECUÇÃO DO FURO - FORNECIMENTO E INSTALAÇÃO. AF_12/2019","UN","1.065,03","1.089,33",null,1065.03,1089.33,"Sinapi 100691"]
["100692","KIT DE PORTA DE MADEIRA TIPO VENEZIANA, 80X210CM (ESPESSURA DE 3CM), PADRÃO POPULAR, ITENS INCLUSOS: DOBRADIÇAS, MONTAGEM E INSTALAÇÃO DE BATENTE, FECHADURA COM EXECUÇÃO DO FURO - FORNECIMENTO E INSTALAÇÃO. AF_12/2019","UN","966,41","990,74",null,966.41,990.74,"Sinapi 100692"]
["100693","KIT DE PORTA DE MADEIRA TIPO MEXICANA, MACIÇA (PESADA OU SUPERPESADA), PADRÃO MÉDIO, 80X210CM, ESPESSURA DE 3,5CM, ITENS INCLUSOS: DOBRADIÇAS, MONTAGEM E INSTALAÇÃO DE BATENTE, FECHADURA COM EXECUÇÃO DO FURO - FORNECIMENTO E INSTALAÇÃO. AF_12/2019","UN","1.283,82","1.309,94",null,1283.82,1309.94,"Sinapi 100693"]
["100694","KIT DE PORTA DE MADEIRA TIPO MEXICANA, MACIÇA (PESADA OU SUPERPESADA), PADRÃO POPULAR, 80X210CM, ESPESSURA DE 3,5CM, ITENS INCLUSOS: DOBRADIÇAS, MONTAGEM E INSTALAÇÃO DE BATENTE, FECHADURA COM EXECUÇÃO DO FURO - FORNECIMENTO E INSTALAÇÃO. AF_12/2019","UN","1.185,20","1.211,35",null,1185.2,1211.3499999999999,"Sinapi 100694"]
["100695","RECOLOCAÇÃO DE FOLHAS DE PORTA DE MADEIRA LEVE OU MÉDIA DE 60CM DE LARGURA, CONSIDERANDO REAPROVEITAMENTO DO MATERIAL. AF_12/2019","UN","44,54","49,30",null,44.54,49.3,"Sinapi 100695"]
["100696","RECOLOCAÇÃO DE FOLHAS DE PORTA DE MADEIRA LEVE OU MÉDIA DE 70CM DE LARGURA, CONSIDERANDO REAPROVEITAMENTO DO MATERIAL. AF_12/2019","UN","49,56","54,87",null,49.56,54.87,"Sinapi 100696"]
["100697","RECOLOCAÇÃO DE FOLHAS DE PORTA DE MADEIRA LEVE OU MÉDIA DE 80CM DE LARGURA, CONSIDERANDO REAPROVEITAMENTO DO MATERIAL. AF_12/2019","UN","54,61","60,47",null,54.61,60.47,"Sinapi 100697"]
["100698","RECOLOCAÇÃO DE FOLHAS DE PORTA DE MADEIRA LEVE OU MÉDIA DE 90CM DE LARGURA, CONSIDERANDO REAPROVEITAMENTO DO MATERIAL. AF_12/2019","UN","59,65","66,05",null,59.65,66.05,"Sinapi 100698"]
["100699","RECOLOCAÇÃO DE FOLHAS DE PORTA DE MADEIRA PESADA OU SUPERPESADA DE 80CM DE LARGURA, CONSIDERANDO REAPROVEITAMENTO DO MATERIAL. AF_12/2019","UN","71,18","78,86",null,71.180000000000007,78.86,"Sinapi 100699"]
["100700","PORTA DE MADEIRA COMPENSADA LISA PARA PINTURA, 120X210X3,5CM, 2 FOLHAS, INCLUSO ADUELA 2A, ALIZAR 2A E DOBRADIÇAS. AF_12/2019","UN","676,89","691,98",null,676.89,691.98,"Sinapi 100700"]
["100712","KIT DE PORTA DE MADEIRA PARA VERNIZ, SEMI-OCA (LEVE OU MÉDIA), PADRÃO POPULAR, 70X210CM, ESPESSURA DE 3,5CM, ITENS INCLUSOS: DOBRADIÇAS, MONTAGEM E INSTALAÇÃO DE BATENTE, FECHADURA COM EXECUÇÃO DO FURO - FORNECIMENTO E INSTALAÇÃO. AF_12/2019","UN","603,63","626,80",null,603.63,626.79999999999995,"Sinapi 100712"]
["100665","JANELA DE MADEIRA - CEDRINHO/ANGELIM OU EQUIVALENTE DA REGIÃO - DE ABRIR COM 4 FOLHAS (2 VENEZIANAS E 2 GUILHOTINAS PARA VIDRO), COM BATENTE, ALIZAR E FERRAGENS. EXCLUSIVE VIDROS, ACABAMENTO E CONTRAMARCO. FORNECIMENTO E INSTALAÇÃO. AF_12/2019","M2","707,72","712,98",null,707.72,712.98,"Sinapi 100665"]
["100666","JANELA DE MADEIRA (PINUS/EUCALIPTO OU EQUIV.) DE ABRIR COM 4 FOLHAS (2 VENEZIANAS E 2 GUILHOTINAS PARA VIDRO), COM BATENTE, ALIZAR E FERRAGENS. EXCLUSIVE VIDROS, ACABAMENTO E CONTRAMARCO. FORNECIMENTO E INSTALAÇÃO. AF_12/2019","M2","560,49","565,75",null,560.49,565.75,"Sinapi 100666"]
["100667","JANELA DE MADEIRA (IMBUIA/CEDRO OU EQUIV.) DE ABRIR COM 4 FOLHAS (2 VENEZIANAS E 2 GUILHOTINAS PARA VIDRO), COM BATENTE, ALIZAR E FERRAGENS. EXCLUSIVE VIDROS, ACABAMENTO E CONTRAMARCO. FORNECIMENTO E INSTALAÇÃO. AF_12/2019","M2","915,85","921,11",null,915.85,921.11,"Sinapi 100667"]
["100668","JANELA DE MADEIRA (CEDRINHO/ANGELIM OU EQUIV.) TIPO MAXIM-AR, PARA VIDRO, COM BATENTE, ALIZAR E FERRAGENS. EXCLUSIVE VIDRO, ACABAMENTO E CONTRAMARCO. FORNECIMENTO E INSTALAÇÃO. AF_12/2019","M2","1.108,43","1.120,29",null,1108.43,1120.29,"Sinapi 100668"]
["100669","JANELA DE MADEIRA (PINUS/EUCALIPTO OU EQUIV.) TIPO BASCULANTE COM 2 FOLHAS PARA VIDRO, COM BATENTE, ALIZAR E FERRAGENS. EXCLUSIVE VIDROS, ACABAMENTO E CONTRAMARCO. FORNECIMENTO E INSTALAÇÃO. AF_12/2019","M2","660,78","668,38",null,660.78,668.38,"Sinapi 100669"]
["100670","JANELA DE MADEIRA (CEDRINHO/ANGELIM OU EQUIV.) DE CORRER COM 6 FOLHAS (2 VENEZ. FIXAS, 2 VENEZ. DE CORRER E 2 DE CORRER PARA VIDRO), COM BATENTE, ALIZAR E FERRAGENS. EXCLUSIVE VIDROS, ACABAMENTO E CONTRAMARCO. FORNECIMENTO E INSTALAÇÃO. AF_12/2019","M2","883,25","889,10",null,883.25,889.1,"Sinapi 100670"]
["100671","JANELA DE MADEIRA (IMBUIA/CEDRO OU EQUIV) DE CORRER COM 6 FOLHAS (2 VENEZIANAS FIXAS, 2 VENEZIANAS DE CORRER E 2 DE CORRER PARA VIDRO), COM BATENTE, ALIZAR E FERRAGENS. EXCLUSIVE VIDROS, ACABAMENTO E CONTRAMARCO. FORNECIMENTO E INSTALAÇÃO. AF_12/2019","M2","1.094,87","1.100,72",null,1094.8699999999999,1100.72,"Sinapi 100671"]
["100672","JANELA DE MADEIRA (PINUS/EUCALIPTO OU EQUIV.) DE CORRER COM 6 FOLHAS (2 VENEZ. FIXAS, 2 VENEZ. DE CORRER E 2 DE CORRER PARA VIDRO), COM BATENTE, ALIZAR E FERRAGENS. EXCLUSIVE VIDROS, ACABAMENTO E CONTRAMARCO. FORNECIMENTO EINSTALAÇÃO. AF_12/2019","M2","708,86","714,71",null,708.86,714.71,"Sinapi 100672"]
["100673","JANELA DE MADEIRA (CEDRINHO/ANGELIM OU EQUIV.) DE CORRER COM 4 FOLHAS (2 VENEZIANAS PANTOGRÁFICAS DE CORRER E 2 DE CORRER PARA VIDROS), COM BATENTE, ALIZAR E FERRAGENS. EXCLUSIVE VIDROS, ACABAMENTO E CONTRAMARCO. FORNECIMENTO E INSTALAÇÃO. AF_12/2019","M2","97,85","103,11",null,97.85,103.11,"Sinapi 100673"]
["100701","PORTA DE FERRO, DE ABRIR, TIPO GRADE COM CHAPA, COM GUARNIÇÕES. AF_12/2019","M2","340,58","342,12",null,340.58,342.12,"Sinapi 100701"]
["94559","JANELA DE AÇO TIPO BASCULANTE PARA VIDROS, COM BATENTE, FERRAGENS E PINTURA ANTICORROSIVA. EXCLUSIVE VIDROS, ACABAMENTO, ALIZAR E CONTRAMARCO. FORNECIMENTO E INSTALAÇÃO. AF_12/2019","M2","538,19","552,47",null,538.19000000000005,552.47,"Sinapi 94559"]
["94560","JANELA DE AÇO DE CORRER COM 2 FOLHAS PARA VIDRO, COM VIDROS, BATENTE, FERRAGENS E PINTURAS ANTICORROSIVA E DE ACABAMENTO. EXCLUSIVE ALIZAR E CONTRAMARCO. FORNECIMENTO E INSTALAÇÃO. AF_12/2019","M2","480,59","485,91",null,{"$f":"IF(D1800=\"\",\"\",D1800+0)","v":480.59},{"$f":"IF(E1800=\"\",\"\",E1800+0)","v":485.91},{"$f":"IF(OR(G1800=\"\",H1800=\"\"),\"\",CONCATENATE(\"Sinapi \",A1800))","v":"Sinapi 94560"}]
["94562","JANELA DE AÇO DE CORRER COM 4 FOLHAS PARA VIDRO, COM BATENTE, FERRAGENS E PINTURA ANTICORROSIVA. EXCLUSIVE VIDROS, ALIZAR E CONTRAMARCO. FORNECIMENTO E INSTALAÇÃO. AF_12/2019","M2","505,59","512,11",null,505.59,512.11,"Sinapi 94562"]
["94563","JANELA DE AÇO DE CORRER COM 6 FOLHAS (4 VENEZIANAS E 2 PARA VIDRO), COM VIDROS, BATENTE, FERRAGENS E PINTURAS ANTICORROSIVA E DE ACABAMENTO. EXCLUSIVE ALIZAR E CONTRAMARCO. FORNECIMENTO E INSTALAÇÃO. AF_12/2019","M2","634,60","642,03",null,634.6,642.03,"Sinapi 94563"]
["94587","CONTRAMARCO DE AÇO, FIXAÇÃO COM ARGAMASSA - FORNECIMENTO E INSTALAÇÃO. AF_12/2019","M","40,07","42,11",null,40.07,42.11,"Sinapi 94587"]
["94588","CONTRAMARCO DE AÇO, FIXAÇÃO COM PARAFUSO - FORNECIMENTO E INSTALAÇÃO. AF_12/2019","M","34,34","35,40",null,34.340000000000003,35.4,"Sinapi 94588"]
["99837","GUARDA-CORPO DE AÇO GALVANIZADO DE 1,10M, MONTANTES TUBULARES DE 1.1/4\" ESPAÇADOS DE 1,20M, TRAVESSA SUPERIOR DE 1.1/2\", GRADIL FORMADO POR TUBOS HORIZONTAIS DE 1\" E VERTICAIS DE 3/4\", FIXADO COM CHUMBADOR MECÂNICO. AF_04/2019_P","M","397,85","418,21",null,397.85,418.21,"Sinapi 99837"]
["99839","GUARDA-CORPO DE AÇO GALVANIZADO DE 1,10M DE ALTURA, MONTANTES TUBULARES DE 1.1/2\u0094 ESPAÇADOS DE 1,20M, TRAVESSA SUPERIOR DE 2\u0094, GRADIL FORMADO POR BARRAS CHATAS EM FERRO DE 32X4,8MM, FIXADO COM CHUMBADOR MECÂNICO. AF_04/2019_P","M","329,61","350,96",null,329.61,350.96,"Sinapi 99839"]
["99841","GUARDA-CORPO PANORÂMICO COM PERFIS DE ALUMÍNIO E VIDRO LAMINADO 8 MM, FIXADO COM CHUMBADOR MECÂNICO. AF_04/2019_P","M","709,61","722,00",null,709.61,722,"Sinapi 99841"]
["99855","CORRIMÃO SIMPLES, DIÂMETRO EXTERNO = 1 1/2\", EM AÇO GALVANIZADO. AF_04/2019_P","M","72,98","76,48",null,72.98,76.48,"Sinapi 99855"]
["99857","CORRIMÃO SIMPLES, DIÂMETRO EXTERNO = 1 1/2\", EM ALUMÍNIO. AF_04/2019_P","M","63,99","68,90",null,63.99,68.900000000000006,"Sinapi 99857"]
["99861","GRADIL EM FERRO FIXADO EM VÃOS DE JANELAS, FORMADO POR BARRAS CHATAS DE 25X4,8 MM. AF_04/2019","M2","410,71","442,13",null,410.71,442.13,"Sinapi 99861"]
["99862","GRADIL EM ALUMÍNIO FIXADO EM VÃOS DE JANELAS, FORMADO POR TUBOS DE 3/4\". AF_04/2019","M2","421,67","454,32",null,421.67,454.32,"Sinapi 99862"]
["73665","ESCADA TIPO MARINHEIRO EM ACO CA-50 9,52MM INCLUSO PINTURA COM FUNDO ANTICORROSIVO TIPO ZARCAO","M","63,85","68,93",null,63.85,68.930000000000007,"Sinapi 73665"]
["74194/1","ESCADA TIPO MARINHEIRO EM TUBO ACO GALVANIZADO 1 1/2\" 5 DEGRAUS","M","257,17","269,85",null,257.17,269.85000000000002,"Sinapi 74194/1"]
["90838","PORTA CORTA-FOGO 90X210X4CM - FORNECIMENTO E INSTALAÇÃO. AF_12/2019","UN","782,12","793,26",null,782.12,793.26,"Sinapi 90838"]
["91338","PORTA DE ALUMÍNIO DE ABRIR COM LAMBRI, COM GUARNIÇÃO, FIXAÇÃO COM PARAFUSOS - FORNECIMENTO E INSTALAÇÃO. AF_12/2019","M2","534,47","535,55",null,534.47,535.54999999999995,"Sinapi 91338"]
["91341","PORTA EM ALUMÍNIO DE ABRIR TIPO VENEZIANA COM GUARNIÇÃO, FIXAÇÃO COM PARAFUSOS - FORNECIMENTO E INSTALAÇÃO. AF_12/2019","M2","394,67","395,84",null,394.67,395.84,"Sinapi 91341"]
["94805","PORTA DE ALUMÍNIO DE ABRIR PARA VIDRO SEM GUARNIÇÃO, 87X210CM, FIXAÇÃO COM PARAFUSOS, INCLUSIVE VIDROS - FORNECIMENTO E INSTALAÇÃO. AF_12/2019","UN","626,56","628,55",null,626.55999999999995,628.54999999999995,"Sinapi 94805"]
["94806","PORTA EM AÇO DE ABRIR PARA VIDRO SEM GUARNIÇÃO, 87X210CM, FIXAÇÃO COM PARAFUSOS, EXCLUSIVE VIDROS - FORNECIMENTO E INSTALAÇÃO. AF_12/2019","UN","371,18","373,99",null,371.18,373.99,"Sinapi 94806"]
["94807","PORTA EM AÇO DE ABRIR TIPO VENEZIANA SEM GUARNIÇÃO, 87X210CM, FIXAÇÃO COM PARAFUSOS - FORNECIMENTO E INSTALAÇÃO. AF_12/2019","UN","443,57","446,52",null,443.57,446.52,"Sinapi 94807"]
["100702","PORTA DE CORRER DE ALUMÍNIO, COM DUAS FOLHAS PARA VIDRO, INCLUSO VIDRO LISO INCOLOR, FECHADURA E PUXADOR, SEM ALIZAR. AF_12/2019","M2","318,55","319,41",null,318.55,319.41000000000003,"Sinapi 100702"]
["84885","JOGO DE FERRAGENS CROMADAS PARA PORTA DE VIDRO TEMPERADO, UMA FOLHA COMPOSTO DE DOBRADICAS SUPERIOR E INFERIOR, TRINCO, FECHADURA, CONTRA FECHADURA COM CAPUCHINHO SEM MOLA E PUXADOR","UN","675,11","703,81",null,675.11,703.81,"Sinapi 84885"]
["84886","MOLA HIDRAULICA DE PISO PARA PORTA DE VIDRO TEMPERADO","UN","1.258,93","1.260,94",null,1258.93,1260.94,"Sinapi 84886"]
["74046/2","TARJETA TIPO LIVRE/OCUPADO PARA PORTA DE BANHEIRO","UN","32,45","33,47",null,32.450000000000003,33.47,"Sinapi 74046/2"]
["100703","PUXADOR CENTRAL PARA ESQUADRIA DE MADEIRA. AF_12/2019","UN","19,31","20,33",null,19.309999999999999,20.329999999999998,"Sinapi 100703"]
["100704","PORTA CADEADO ZINCADO OXIDADO PRETO COM CADEADO DE AÇO INOX, LARGURA DE *50* MM. AF_12/2019","UN","142,66","144,27",null,142.66,144.27000000000001,"Sinapi 100704"]
["100705","TARJETA TIPO LIVRE/OCUPADO PARA PORTA DE BANHEIRO. AF_12/2019","UN","48,45","51,23",null,48.45,51.23,"Sinapi 100705"]
["100706","CREMONA EM LATÃO CROMADO OU POLIDO, COMPLETA. AF_12/2019","UN","87,65","91,25",null,87.65,91.25,"Sinapi 100706"]
["100707","FECHO DE EMBUTIR TIPO UNHA 22CM. AF_12/2019","UN","50,96","54,39",null,50.96,54.39,"Sinapi 100707"]
["100708","FECHO DE EMBUTIR TIPO UNHA 40CM. AF_12/2019","UN","65,32","69,12",null,65.319999999999993,69.12,"Sinapi 100708"]
["100709","DOBRADIÇA EM AÇO/FERRO, 3\" X 21/2\", E=1,9 A 2MM, SEN ANEL, CROMADO OU ZINCADO, TAMPA BOLA, COM PARAFUSOS. AF_12/2019","UN","36,61","39,40",null,36.61,39.4,"Sinapi 100709"]
["100710","DOBRADIÇA TIPO VAI E VEM EM LATÃO POLIDO 3\". AF_12/2019","UN","93,56","97,28",null,93.56,97.28,"Sinapi 100710"]
["72116","VIDRO LISO COMUM TRANSPARENTE, ESPESSURA 3MM","M2","93,04","94,47",null,93.04,94.47,"Sinapi 72116"]
["72117","VIDRO LISO COMUM TRANSPARENTE, ESPESSURA 4MM","M2","118,82","120,44",null,118.82,120.44,"Sinapi 72117"]
["72118","VIDRO TEMPERADO INCOLOR, ESPESSURA 6MM, FORNECIMENTO E INSTALACAO, INCLUSIVE MASSA PARA VEDACAO","M2","99,59","101,38",null,99.59,101.38,"Sinapi 72118"]
["72119","VIDRO TEMPERADO INCOLOR, ESPESSURA 8MM, FORNECIMENTO E INSTALACAO, INCLUSIVE MASSA PARA VEDACAO","M2","122,08","123,87",null,122.08,123.87,"Sinapi 72119"]
["72120","VIDRO TEMPERADO INCOLOR, ESPESSURA 10MM, FORNECIMENTO E INSTALACAO, INCLUSIVE MASSA PARA VEDACAO","M2","150,75","152,54",null,150.75,152.54,"Sinapi 72120"]
["72122","VIDRO FANTASIA TIPO CANELADO, ESPESSURA 4MM","M2","102,56","104,18",null,102.56,104.18,"Sinapi 72122"]
["72123","VIDRO ARAMADO, ESPESSURA 7MM","M2","267,06","268,68",null,267.06,268.68,"Sinapi 72123"]
["73838/1","PORTA DE VIDRO TEMPERADO, 0,9X2,10M, ESPESSURA 10MM, INCLUSIVE ACESSORIOS","UN","1.909,27","1.909,90",null,1909.27,1909.9,"Sinapi 73838/1"]
["74125/1","ESPELHO CRISTAL ESPESSURA 4MM, COM MOLDURA DE MADEIRA","M2","368,45","376,63",null,368.45,376.63,"Sinapi 74125/1"]
["74125/2","ESPELHO CRISTAL ESPESSURA 4MM, COM MOLDURA EM ALUMINIO E COMPENSADO 6MM PLASTIFICADO COLADO","M2","402,63","409,62",null,402.63,409.62,"Sinapi 74125/2"]
["84957","VIDRO LISO COMUM TRANSPARENTE, ESPESSURA 5MM","M2","143,48","145,86",null,143.47999999999999,145.86000000000001,"Sinapi 84957"]
["84959","VIDRO LISO COMUM TRANSPARENTE, ESPESSURA 6MM","M2","166,98","169,36",null,166.98,169.36,"Sinapi 84959"]
["85001","VIDRO LISO FUME, ESPESSURA 4MM","M2","159,15","161,53",null,159.15,161.53,"Sinapi 85001"]
["85002","VIDRO LISO FUME, ESPESSURA 6MM","M2","221,82","224,20",null,221.82,224.2,"Sinapi 85002"]
["85004","VIDRO FANTASIA MARTELADO 4MM","M2","112,15","114,53",null,112.15,114.53,"Sinapi 85004"]
["85005","ESPELHO CRISTAL, ESPESSURA 4MM, COM PARAFUSOS DE FIXACAO, SEM MOLDURA","M2","327,95","332,71",null,327.95,332.71,"Sinapi 85005"]
["94569","JANELA DE ALUMÍNIO TIPO MAXIM-AR, COM VIDROS, BATENTE E FERRAGENS. EXCLUSIVE ALIZAR, ACABAMENTO E CONTRAMARCO. FORNECIMENTO E INSTALAÇÃO. AF_12/2019","M2","362,42","367,64",null,362.42,367.64,"Sinapi 94569"]
["94570","JANELA DE ALUMÍNIO DE CORRER COM 2 FOLHAS PARA VIDROS, COM VIDROS, BATENTE, ACABAMENTO COM ACETATO OU BRILHANTE E FERRAGENS. EXCLUSIVE ALIZAR E CONTRAMARCO. FORNECIMENTO E INSTALAÇÃO. AF_12/2019","M2","222,64","224,23",null,222.64,224.23,"Sinapi 94570"]
["94572","JANELA DE ALUMÍNIO DE CORRER COM 3 FOLHAS (2 VENEZIANAS E 1 PARA VIDRO), COM VIDROS, BATENTE E FERRAGENS. EXCLUSIVE ACABAMENTO, ALIZAR E CONTRAMARCO. FORNECIMENTO E INSTALAÇÃO. AF_12/2019","M2","331,97","334,10",null,331.97,334.1,"Sinapi 94572"]
["94573","JANELA DE ALUMÍNIO DE CORRER COM 4 FOLHAS PARA VIDROS, COM VIDROS, BATENTE, ACABAMENTO COM ACETATO OU BRILHANTE E FERRAGENS. EXCLUSIVE ALIZAR E CONTRAMARCO. FORNECIMENTO E INSTALAÇÃO. AF_12/2019","M2","259,06","261,99",null,259.06,261.99,"Sinapi 94573"]
["94580","JANELA DE ALUMÍNIO DE CORRER COM 6 FOLHAS (2 VENEZIANAS FIXAS, 2 VENEZIANAS DE CORRER E 2 PARA VIDRO), COM VIDROS, BATENTE, ACABAMENTO COM ACETATO OU BRILHANTE E FERRAGENS. EXCLUSIVE ALIZAR E CONTRAMARCO. FORNECIMENTO E INSTALAÇÃO. AF_12/2019","M2","377,44","380,87",null,377.44,380.87,"Sinapi 94580"]
["100674","JANELA FIXA DE ALUMÍNIO PARA VIDRO, COM VIDRO, BATENTE E FERRAGENS. EXCLUSIVE ACABAMENTO, ALIZAR E CONTRAMARCO. FORNECIMENTO E INSTALAÇÃO. AF_12/2019","M2","245,16","247,37",null,245.16,247.37,"Sinapi 100674"]
["73908/1","CANTONEIRA DE ALUMINIO 2\"X2\", PARA PROTECAO DE QUINA DE PAREDE","M","41,53","43,51",null,41.53,43.51,"Sinapi 73908/1"]
["73908/2","CANTONEIRA DE ALUMINIO 1\"X1\u0094, PARA PROTECAO DE QUINA DE PAREDE","M","31,98","33,96",null,31.98,33.96,"Sinapi 73908/2"]
["85015","CANTONEIRA DE MADEIRA 3,0X3,0X1,0CM","M","22,88","24,92",null,22.88,24.92,"Sinapi 85015"]
["85016","CANTONEIRA DE MADEIRA COM LAMINADO MELAMINICO FOSCO 3,0X3,0X1,0CM","M","28,87","30,99",null,28.87,30.99,"Sinapi 85016"]
["97751","TUBULÃO A CÉU ABERTO, DIÂMETRO DO FUSTE DE 70 CM, PROFUNDIDADE MENOR OU IGUAL A 5 M, ESCAVAÇÃO MANUAL, SEM ALARGAMENTO DE BASE, CONCRETO FEITO EM OBRA E LANÇADO COM JERICA. AF_01/2018","M3","619,59","648,75",null,619.59,648.75,"Sinapi 97751"]
["97752","TUBULÃO A CÉU ABERTO, DIÂMETRO DO FUSTE DE 80 CM, PROFUNDIDADE MENOR OU IGUAL A 5 M, ESCAVAÇÃO MANUAL, SEM ALARGAMENTO DE BASE, CONCRETO FEITO EM OBRA E LANÇADO COM JERICA. AF_01/2018","M3","590,28","616,91",null,590.28,616.91,"Sinapi 97752"]
["97753","TUBULÃO A CÉU ABERTO, DIÂMETRO DO FUSTE DE 100 CM, PROFUNDIDADE MENOR OU IGUAL A 5 M, ESCAVAÇÃO MANUAL, SEM ALARGAMENTO DE BASE, CONCRETO FEITO EM OBRA E LANÇADO COM JERICA. AF_01/2018","M3","549,31","572,47",null,549.30999999999995,572.47,"Sinapi 97753"]
["97754","TUBULÃO A CÉU ABERTO, DIÂMETRO DO FUSTE DE 120 CM, PROFUNDIDADE MENOR OU IGUAL A 5 M, ESCAVAÇÃO MANUAL, SEM ALARGAMENTO DE BASE, CONCRETO FEITO EM OBRA E LANÇADO COM JERICA. AF_01/2018","M3","522,42","543,32",null,522.41999999999996,543.32000000000005,"Sinapi 97754"]
["97755","TUBULÃO A CÉU ABERTO, DIÂMETRO DO FUSTE DE 70 CM, PROFUNDIDADE MAIOR QUE 5 M E MENOR OU IGUAL A 10 M, ESCAVAÇÃO MANUAL, SEM ALARGAMENTO DE BASE, CONCRETO FEITO EM OBRA E LANÇADO COM JERICA. AF_01/2018","M3","599,99","628,52",null,599.99,628.52,"Sinapi 97755"]
["97756","TUBULÃO A CÉU ABERTO, DIÂMETRO DO FUSTE DE 80 CM, PROFUNDIDADE MAIOR QUE 5 M E MENOR OU IGUAL A 10 M, ESCAVAÇÃO MANUAL, SEM ALARGAMENTO DE BASE, CONCRETO FEITO EM OBRA E LANÇADO COM JERICA. AF_01/2018","M3","573,89","599,95",null,573.89,599.95000000000005,"Sinapi 97756"]
["97757","TUBULÃO A CÉU ABERTO, DIÂMETRO DO FUSTE DE 100 CM, PROFUNDIDADE MAIOR QUE 5 M E MENOR OU IGUAL A 10 M, ESCAVAÇÃO MANUAL, SEM ALARGAMENTO DE BASE, CONCRETO FEITO EM OBRA E LANÇADO COM JERICA. AF_01/2018","M3","529,96","552,50",null,{"$f":"IF(D1864=\"\",\"\",D1864+0)","v":529.96},{"$f":"IF(E1864=\"\",\"\",E1864+0)","v":552.5},{"$f":"IF(OR(G1864=\"\",H1864=\"\"),\"\",CONCATENATE(\"Sinapi \",A1864))","v":"Sinapi 97757"}]
["97758","TUBULÃO A CÉU ABERTO, DIÂMETRO DO FUSTE DE 120 CM, PROFUNDIDADE MAIOR QUE 5 M E MENOR OU IGUAL A 10 M, ESCAVAÇÃO MANUAL, SEM ALARGAMENTO DE BASE, CONCRETO FEITO EM OBRA E LANÇADO COM JERICA. AF_01/2018","M3","496,92","517,11",null,496.92,517.11,"Sinapi 97758"]
["97759","TUBULÃO A CÉU ABERTO, DIÂMETRO DO FUSTE DE 70 CM, PROFUNDIDADE MAIOR QUE 10 M, ESCAVAÇÃO MANUAL, SEM ALARGAMENTO DE BASE, CONCRETO FEITO EM OBRA E LANÇADO COM JERICA. AF_01/2018","M3","597,56","626,41",null,597.55999999999995,626.41,"Sinapi 97759"]
["97760","TUBULÃO A CÉU ABERTO, DIÂMETRO DO FUSTE DE 80 CM, PROFUNDIDADE MAIOR QUE 10 M, ESCAVAÇÃO MANUAL, SEM ALARGAMENTO DE BASE, CONCRETO FEITO EM OBRA E LANÇADO COM JERICA. AF_01/2018","M3","563,60","589,71",null,563.6,589.71,"Sinapi 97760"]
["97761","TUBULÃO A CÉU ABERTO, DIÂMETRO DO FUSTE DE 100 CM, PROFUNDIDADE MAIOR QUE 10 M, ESCAVAÇÃO MANUAL, SEM ALARGAMENTO DE BASE, CONCRETO FEITO EM OBRA E LANÇADO COM JERICA. AF_01/2018","M3","514,92","537,31",null,514.91999999999996,537.30999999999995,"Sinapi 97761"]
["97762","TUBULÃO A CÉU ABERTO, DIÂMETRO DO FUSTE DE 120 CM, PROFUNDIDADE MAIOR QUE 10 M, ESCAVAÇÃO MANUAL, SEM ALARGAMENTO DE BASE, CONCRETO FEITO EM OBRA E LANÇADO COM JERICA. AF_01/2018","M3","477,95","497,86",null,477.95,497.86,"Sinapi 97762"]
["97763","TUBULÃO A CÉU ABERTO, DIÂMETRO DO FUSTE DE 70 CM, PROFUNDIDADE MENOR OU IGUAL A 5 M, ESCAVAÇÃO MECÂNICA, SEM ALARGAMENTO DE BASE, CONCRETO FEITO EM OBRA E LANÇADO COM JERICA. AF_01/2018","M3","537,87","555,35",null,537.87,555.35,"Sinapi 97763"]
["97764","TUBULÃO A CÉU ABERTO, DIÂMETRO DO FUSTE DE 80 CM, PROFUNDIDADE MENOR OU IGUAL A 5 M, ESCAVAÇÃO MECÂNICA, SEM ALARGAMENTO DE BASE, CONCRETO FEITO EM OBRA E LANÇADO COM JERICA. AF_01/2018","M3","518,17","534,45",null,518.16999999999996,534.45000000000005,"Sinapi 97764"]
["97765","TUBULÃO A CÉU ABERTO, DIÂMETRO DO FUSTE DE 100 CM, PROFUNDIDADE MENOR OU IGUAL A 5 M, ESCAVAÇÃO MECÂNICA, SEM ALARGAMENTO DE BASE, CONCRETO FEITO EM OBRA E LANÇADO COM JERICA. AF_01/2018","M3","491,45","506,18",null,491.45,506.18,"Sinapi 97765"]
["97766","TUBULÃO A CÉU ABERTO, DIÂMETRO DO FUSTE DE 120 CM, PROFUNDIDADE MENOR OU IGUAL A 5 M, ESCAVAÇÃO MECÂNICA, SEM ALARGAMENTO DE BASE, CONCRETO FEITO EM OBRA E LANÇADO COM JERICA. AF_01/2018","M3","474,61","488,36",null,474.61,488.36,"Sinapi 97766"]
["97767","TUBULÃO A CÉU ABERTO, DIÂMETRO DO FUSTE DE 70 CM, PROFUNDIDADE MAIOR QUE 5 M E MENOR OU IGUAL A 10 M, ESCAVAÇÃO MECÂNICA, SEM ALARGAMENTO DE BASE, CONCRETO FEITO EM OBRA E LANÇADO COM JERICA. AF_01/2018","M3","492,08","506,85",null,492.08,506.85,"Sinapi 97767"]
["97768","TUBULÃO A CÉU ABERTO, DIÂMETRO DO FUSTE DE 80 CM, PROFUNDIDADE MAIOR QUE 5 M E MENOR OU IGUAL A 10 M, ESCAVAÇÃO MECÂNICA, SEM ALARGAMENTO DE BASE, CONCRETO FEITO EM OBRA E LANÇADO COM JERICA. AF_01/2018","M3","480,89","494,97",null,480.89,494.97,"Sinapi 97768"]
["97769","TUBULÃO A CÉU ABERTO, DIÂMETRO DO FUSTE DE 100 CM, PROFUNDIDADE MAIOR QUE 5 M E MENOR OU IGUAL A 10 M, ESCAVAÇÃO MECÂNICA, SEM ALARGAMENTO DE BASE, CONCRETO FEITO EM OBRA E LANÇADO COM JERICA. AF_01/2018","M3","457,32","470,27",null,457.32,470.27,"Sinapi 97769"]
["97770","TUBULÃO A CÉU ABERTO, DIÂMETRO DO FUSTE DE 120 CM, PROFUNDIDADE MAIOR QUE 5 M E MENOR OU IGUAL A 10 M, ESCAVAÇÃO MECÂNICA, SEM ALARGAMENTO DE BASE, CONCRETO FEITO EM OBRA E LANÇADO COM JERICA. AF_01/2018","M3","437,43","449,59",null,437.43,449.59,"Sinapi 97770"]
["97771","TUBULÃO A CÉU ABERTO, DIÂMETRO DO FUSTE DE 70 CM, PROFUNDIDADE MAIOR QUE 10 M, ESCAVAÇÃO MECÂNICA, SEM ALARGAMENTO DE BASE, CONCRETO FEITO EM OBRA E LANÇADO COM JERICA. AF_01/2018","M3","473,82","487,51",null,473.82,487.51,"Sinapi 97771"]
["97772","TUBULÃO A CÉU ABERTO, DIÂMETRO DO FUSTE DE 80 CM, PROFUNDIDADE MAIOR QUE 10 M, ESCAVAÇÃO MECÂNICA, SEM ALARGAMENTO DE BASE, CONCRETO FEITO EM OBRA E LANÇADO COM JERICA. AF_01/2018","M3","458,10","471,13",null,458.1,471.13,"Sinapi 97772"]
["97773","TUBULÃO A CÉU ABERTO, DIÂMETRO DO FUSTE DE 100 CM, PROFUNDIDADE MAIOR QUE 10 M, ESCAVAÇÃO MECÂNICA, SEM ALARGAMENTO DE BASE, CONCRETO FEITO EM OBRA E LANÇADO COM JERICA. AF_01/2018","M3","433,48","445,54",null,433.48,445.54,"Sinapi 97773"]
["97774","TUBULÃO A CÉU ABERTO, DIÂMETRO DO FUSTE DE 120 CM, PROFUNDIDADE MAIOR QUE 10 M, ESCAVAÇÃO MECÂNICA, SEM ALARGAMENTO DE BASE, CONCRETO FEITO EM OBRA E LANÇADO COM JERICA. AF_01/2018","M3","411,89","423,23",null,411.89,423.23,"Sinapi 97774"]
["97775","TUBULÃO A CÉU ABERTO, DIÂMETRO DO FUSTE DE 70 CM, PROFUNDIDADE MENOR OU IGUAL A 5 M, ESCAVAÇÃO MANUAL, SEM ALARGAMENTO DE BASE, CONCRETO USINADO E LANÇADO COM BOMBA OU DIRETAMENTE DO CAMINHÃO. AF_01/2018","M3","558,74","579,11",null,558.74,579.11,"Sinapi 97775"]
["97776","TUBULÃO A CÉU ABERTO, DIÂMETRO DO FUSTE DE 80 CM, PROFUNDIDADE MENOR OU IGUAL A 5 M, ESCAVAÇÃO MANUAL, SEM ALARGAMENTO DE BASE, CONCRETO USINADO E LANÇADO COM BOMBA OU DIRETAMENTE DO CAMINHÃO. AF_01/2018","M3","529,85","547,78",null,529.85,547.78,"Sinapi 97776"]
["97777","TUBULÃO A CÉU ABERTO, DIÂMETRO DO FUSTE DE 100 CM, PROFUNDIDADE MENOR OU IGUAL A 5 M, ESCAVAÇÃO MANUAL, SEM ALARGAMENTO DE BASE, CONCRETO USINADO E LANÇADO COM BOMBA OU DIRETAMENTE DO CAMINHÃO. AF_01/2018","M3","490,17","504,80",null,490.17,504.8,"Sinapi 97777"]
["97778","TUBULÃO A CÉU ABERTO, DIÂMETRO DO FUSTE DE 120 CM, PROFUNDIDADE MENOR OU IGUAL A 5 M, ESCAVAÇÃO MANUAL, SEM ALARGAMENTO DE BASE, CONCRETO USINADO E LANÇADO COM BOMBA OU DIRETAMENTE DO CAMINHÃO. AF_01/2018","M3","464,58","477,12",null,464.58,477.12,"Sinapi 97778"]
["97779","TUBULÃO A CÉU ABERTO, DIÂMETRO DO FUSTE DE 70 CM, PROFUNDIDADE MAIOR QUE 5 M E MENOR OU IGUAL A 10 M, ESCAVAÇÃO MANUAL, SEM ALARGAMENTO DE BASE, CONCRETO USINADO E LANÇADO COM BOMBA OU DIRETAMENTE DO CAMINHÃO. AF_01/2018","M3","534,64","554,63",null,534.64,554.63,"Sinapi 97779"]
["97780","TUBULÃO A CÉU ABERTO, DIÂMETRO DO FUSTE DE 80 CM, PROFUNDIDADE MAIOR QUE 5 M E MENOR OU IGUAL A 10 M, ESCAVAÇÃO MANUAL, SEM ALARGAMENTO DE BASE, CONCRETO USINADO E LANÇADO COM BOMBA OU DIRETAMENTE DO CAMINHÃO. AF_01/2018","M3","509,37","526,98",null,509.37,526.98,"Sinapi 97780"]
["97781","TUBULÃO A CÉU ABERTO, DIÂMETRO DO FUSTE DE 100 CM, PROFUNDIDADE MAIOR QUE 5 M E MENOR OU IGUAL A 10 M, ESCAVAÇÃO MANUAL, SEM ALARGAMENTO DE BASE, CONCRETO USINADO E LANÇADO COM BOMBA OU DIRETAMENTE DO CAMINHÃO. AF_01/2018","M3","467,93","482,35",null,467.93,482.35,"Sinapi 97781"]
["97782","TUBULÃO A CÉU ABERTO, DIÂMETRO DO FUSTE DE 120 CM, PROFUNDIDADE MAIOR QUE 5 M E MENOR OU IGUAL A 10 M, ESCAVAÇÃO MANUAL, SEM ALARGAMENTO DE BASE, CONCRETO USINADO E LANÇADO COM BOMBA OU DIRETAMENTE DO CAMINHÃO. AF_01/2018","M3","437,32","449,71",null,437.32,449.71,"Sinapi 97782"]
["97783","TUBULÃO A CÉU ABERTO, DIÂMETRO DO FUSTE DE 70 CM, PROFUNDIDADE MAIOR QUE 10 M, ESCAVAÇÃO MANUAL, SEM ALARGAMENTO DE BASE, CONCRETO USINADO E LANÇADO COM BOMBA OU DIRETAMENTE DO CAMINHÃO. AF_01/2018","M3","533,64","554,13",null,533.64,554.13,"Sinapi 97783"]
["97784","TUBULÃO A CÉU ABERTO, DIÂMETRO DO FUSTE DE 80 CM, PROFUNDIDADE MAIOR QUE 10 M, ESCAVAÇÃO MANUAL, SEM ALARGAMENTO DE BASE, CONCRETO USINADO E LANÇADO COM BOMBA OU DIRETAMENTE DO CAMINHÃO. AF_01/2018","M3","501,45","519,42",null,501.45,519.41999999999996,"Sinapi 97784"]
["97785","TUBULÃO A CÉU ABERTO, DIÂMETRO DO FUSTE DE 100 CM, PROFUNDIDADE MAIOR QUE 10 M, ESCAVAÇÃO MANUAL, SEM ALARGAMENTO DE BASE, CONCRETO USINADO E LANÇADO COM BOMBA OU DIRETAMENTE DO CAMINHÃO. AF_01/2018","M3","455,77","470,41",null,455.77,470.41,"Sinapi 97785"]
["97786","TUBULÃO A CÉU ABERTO, DIÂMETRO DO FUSTE DE 120 CM, PROFUNDIDADE MAIOR QUE 10 M, ESCAVAÇÃO MANUAL, SEM ALARGAMENTO DE BASE, CONCRETO USINADO E LANÇADO COM BOMBA OU DIRETAMENTE DO CAMINHÃO. AF_01/2018","M3","421,66","434,17",null,421.66,434.17,"Sinapi 97786"]
["97787","TUBULÃO A CÉU ABERTO, DIÂMETRO DO FUSTE DE 70 CM, PROFUNDIDADE MENOR OU IGUAL A 5 M, ESCAVAÇÃO MECÂNICA, SEM ALARGAMENTO DE BASE, CONCRETO USINADO E LANÇADO COM BOMBA OU DIRETAMENTE DO CAMINHÃO. AF_01/2018","M3","477,02","485,71",null,477.02,485.71,"Sinapi 97787"]
["97788","TUBULÃO A CÉU ABERTO, DIÂMETRO DO FUSTE DE 80 CM, PROFUNDIDADE MENOR OU IGUAL A 5 M, ESCAVAÇÃO MECÂNICA, SEM ALARGAMENTO DE BASE, CONCRETO USINADO E LANÇADO COM BOMBA OU DIRETAMENTE DO CAMINHÃO. AF_01/2018","M3","457,74","465,32",null,457.74,465.32,"Sinapi 97788"]
["97789","TUBULÃO A CÉU ABERTO, DIÂMETRO DO FUSTE DE 100 CM, PROFUNDIDADE MENOR OU IGUAL A 5 M, ESCAVAÇÃO MECÂNICA, SEM ALARGAMENTO DE BASE, CONCRETO USINADO E LANÇADO COM BOMBA OU DIRETAMENTE DO CAMINHÃO. AF_01/2018","M3","432,31","438,51",null,432.31,438.51,"Sinapi 97789"]
["97790","TUBULÃO A CÉU ABERTO, DIÂMETRO DO FUSTE DE 120 CM, PROFUNDIDADE MENOR OU IGUAL A 5 M, ESCAVAÇÃO MECÂNICA, SEM ALARGAMENTO DE BASE, CONCRETO USINADO E LANÇADO COM BOMBA OU DIRETAMENTE DO CAMINHÃO. AF_01/2018","M3","416,77","422,16",null,416.77,422.16,"Sinapi 97790"]
["97791","TUBULÃO A CÉU ABERTO, DIÂMETRO DO FUSTE DE 70 CM, PROFUNDIDADE MAIOR QUE 5 M E MENOR OU IGUAL A 10M, ESCAVAÇÃO MECÂNICA, SEM ALARGAMENTO DE BASE, CONCRETO USINADO E LANÇADO COM BOMBA OU DIRETAMENTE DO CAMINHÃO. AF_01/2018","M3","426,73","432,96",null,426.73,432.96,"Sinapi 97791"]
["97792","TUBULÃO A CÉU ABERTO, DIÂMETRO DO FUSTE DE 80 CM, PROFUNDIDADE MAIOR QUE 5 M E MENOR OU IGUAL A 10M, ESCAVAÇÃO MECÂNICA, SEM ALARGAMENTO DE BASE, CONCRETO USINADO E LANÇADO COM BOMBA OU DIRETAMENTE DO CAMINHÃO. AF_01/2018","M3","416,37","422,00",null,416.37,422,"Sinapi 97792"]
["97793","TUBULÃO A CÉU ABERTO, DIÂMETRO DO FUSTE DE 100 CM, PROFUNDIDADE MAIOR QUE 5 M E MENOR OU IGUAL A 10M, ESCAVAÇÃO MECÂNICA, SEM ALARGAMENTO DE BASE, CONCRETO USINADO E LANÇADO COM BOMBA OU DIRETAMENTE DO CAMINHÃO. AF_01/2018","M3","395,29","400,12",null,395.29,400.12,"Sinapi 97793"]
["97794","TUBULÃO A CÉU ABERTO, DIÂMETRO DO FUSTE DE 120 CM, PROFUNDIDADE MAIOR QUE 5 M E MENOR OU IGUAL A 10M, ESCAVAÇÃO MECÂNICA, SEM ALARGAMENTO DE BASE, CONCRETO USINADO E LANÇADO COM BOMBA OU DIRETAMENTE DO CAMINHÃO. AF_01/2018","M3","377,83","382,19",null,377.83,382.19,"Sinapi 97794"]
["97795","TUBULÃO A CÉU ABERTO, DIÂMETRO DO FUSTE DE 70 CM, PROFUNDIDADE MAIOR QUE 10M, ESCAVAÇÃO MECÂNICA, SEM ALARGAMENTO DE BASE, CONCRETO USINADO E LANÇADO COM BOMBA OU DIRETAMENTE DO CAMINHÃO. AF_01/2018","M3","409,90","415,23",null,409.9,415.23,"Sinapi 97795"]
["97796","TUBULÃO A CÉU ABERTO, DIÂMETRO DO FUSTE DE 80 CM, PROFUNDIDADE MAIOR QUE 10M, ESCAVAÇÃO MECÂNICA, SEM ALARGAMENTO DE BASE, CONCRETO USINADO E LANÇADO COM BOMBA OU DIRETAMENTE DO CAMINHÃO. AF_01/2018","M3","395,95","400,84",null,395.95,400.84,"Sinapi 97796"]
["97797","TUBULÃO A CÉU ABERTO, DIÂMETRO DO FUSTE DE 100 CM, PROFUNDIDADE MAIOR QUE 10M, ESCAVAÇÃO MECÂNICA, SEM ALARGAMENTO DE BASE, CONCRETO USINADO E LANÇADO COM BOMBA OU DIRETAMENTE DO CAMINHÃO. AF_01/2018","M3","374,33","378,64",null,374.33,378.64,"Sinapi 97797"]
["97798","TUBULÃO A CÉU ABERTO, DIÂMETRO DO FUSTE DE 120 CM, PROFUNDIDADE MAIOR QUE 10M, ESCAVAÇÃO MECÂNICA, SEM ALARGAMENTO DE BASE, CONCRETO USINADO E LANÇADO COM BOMBA OU DIRETAMENTE DO CAMINHÃO. AF_01/2018","M3","355,60","359,54",null,355.6,359.54,"Sinapi 97798"]
["97799","ALARGAMENTO DE BASE DE TUBULÃO A CÉU ABERTO, ESCAVAÇÃO MANUAL, CONCRETO FEITO EM OBRA E LANÇADO COM JERICA. AF_01/2018","M3","544,83","567,40",null,544.83000000000004,567.4,"Sinapi 97799"]
["97800","ALARGAMENTO DE BASE DE TUBULÃO A CÉU ABERTO, ESCAVAÇÃO MANUAL, CONCRETO USINADO E LANÇADO COM BOMBA OU DIRETAMENTE DO CAMINHÃO. AF_01/2018","M3","487,47","501,65",null,487.47,501.65,"Sinapi 97800"]
["90877","ESTACA ESCAVADA MECANICAMENTE, SEM FLUIDO ESTABILIZANTE, COM 25 CM DE DIÂMETRO, ATÉ 9 M DE COMPRIMENTO, CONCRETO LANÇADO POR CAMINHÃO BETONEIRA (EXCLUSIVE MOBILIZAÇÃO E DESMOBILIZAÇÃO). AF_02/2015","M","36,08","37,42",null,36.08,37.42,"Sinapi 90877"]
["90878","ESTACA ESCAVADA MECANICAMENTE, SEM FLUIDO ESTABILIZANTE, COM 25 CM DE DIÂMETRO, ACIMA DE 9 M DE COMPRIMENTO, CONCRETO LANÇADO POR CAMINHÃO BETONEIRA (EXCLUSIVE MOBILIZAÇÃO E DESMOBILIZAÇÃO). AF_02/2015","M","34,59","35,82",null,34.590000000000003,35.82,"Sinapi 90878"]
["90880","ESTACA ESCAVADA MECANICAMENTE, SEM FLUIDO ESTABILIZANTE, COM 25 CM DE DIÂMETRO, ATÉ 9 M DE COMPRIMENTO, CONCRETO LANÇADO MANUALMENTE (EXCLUSIVE MOBILIZAÇÃO E DESMOBILIZAÇÃO). AF_02/2015","M","48,83","51,53",null,48.83,51.53,"Sinapi 90880"]
["90881","ESTACA ESCAVADA MECANICAMENTE, SEM FLUIDO ESTABILIZANTE, COM 25 CM DE DIÂMETRO, ACIMA DE 9 M DE COMPRIMENTO, CONCRETO LANÇADO MANUALMENTE (EXCLUSIVE MOBILIZAÇÃO E DESMOBILIZAÇÃO). AF_02/2015","M","44,88","47,22",null,44.88,47.22,"Sinapi 90881"]
["90883","ESTACA ESCAVADA MECANICAMENTE, SEM FLUIDO ESTABILIZANTE, COM 40 CM DE DIÂMETRO, ATÉ 9 M DE COMPRIMENTO, CONCRETO LANÇADO POR CAMINHÃO BETONEIRA (EXCLUSIVE MOBILIZAÇÃO E DESMOBILIZAÇÃO). AF_02/2015","M","61,84","63,10",null,61.84,63.1,"Sinapi 90883"]
["90884","ESTACA ESCAVADA MECANICAMENTE, SEM FLUIDO ESTABILIZANTE, COM 40 CM DE DIÂMETRO, ACIMA DE 9 M ATÉ 15 M DE COMPRIMENTO, CONCRETO LANÇADO POR CAMINHÃO BETONEIRA (EXCLUSIVE MOBILIZAÇÃO E DESMOBILIZAÇÃO). AF_02/2015","M","60,09","61,25",null,60.09,61.25,"Sinapi 90884"]
["90885","ESTACA ESCAVADA MECANICAMENTE, SEM FLUIDO ESTABILIZANTE, COM 40 CM DE DIÂMETRO, ACIMA DE 15 M DE COMPRIMENTO, CONCRETO LANÇADO POR CAMINHÃO BETONEIRA (EXCLUSIVE MOBILIZAÇÃO E DESMOBILIZAÇÃO). AF_02/2015","M","59,32","60,40",null,59.32,60.4,"Sinapi 90885"]
["90886","ESTACA ESCAVADA MECANICAMENTE, SEM FLUIDO ESTABILIZANTE, COM 60 CM DE DIÂMETRO, ATÉ 9 M DE COMPRIMENTO, CONCRETO LANÇADO POR CAMINHÃO BETONEIRA (EXCLUSIVE MOBILIZAÇÃO E DESMOBILIZAÇÃO). AF_02/2015","M","120,26","121,83",null,120.26,121.83,"Sinapi 90886"]
["90887","ESTACA ESCAVADA MECANICAMENTE, SEM FLUIDO ESTABILIZANTE, COM 60 CM DE DIÂMETRO, ACIMA DE 9 M ATÉ 15 M DE COMPRIMENTO, CONCRETO LANÇADO POR CAMINHÃO BETONEIRA (EXCLUSIVE MOBILIZAÇÃO E DESMOBILIZAÇÃO). AF_02/2015","M","118,29","119,70",null,118.29,119.7,"Sinapi 90887"]
["90888","ESTACA ESCAVADA MECANICAMENTE, SEM FLUIDO ESTABILIZANTE, COM 60 CM DE DIÂMETRO, ACIMA DE 15 M DE COMPRIMENTO, CONCRETO LANÇADO POR CAMINHÃO BETONEIRA (EXCLUSIVE MOBILIZAÇÃO E DESMOBILIZAÇÃO). AF_02/2015","M","117,44","118,80",null,117.44,118.8,"Sinapi 90888"]
["90889","ESTACA ESCAVADA MECANICAMENTE, SEM FLUIDO ESTABILIZANTE, COM 60 CM DE DIÂMETRO, ATÉ 9 M DE COMPRIMENTO, CONCRETO LANÇADO POR BOMBA LANÇA (EXCLUSIVE MOBILIZAÇÃO E DESMOBILIZAÇÃO). AF_02/2015","M","142,00","143,87",null,142,143.87,"Sinapi 90889"]
["90890","ESTACA ESCAVADA MECANICAMENTE, SEM FLUIDO ESTABILIZANTE, COM 60 CM DE DIÂMETRO, ACIMA DE 9 M ATÉ 15 M DE COMPRIMENTO, CONCRETO LANÇADO POR BOMBA LANÇA (EXCLUSIVE MOBILIZAÇÃO E DESMOBILIZAÇÃO). AF_02/2015","M","138,97","140,57",null,138.97,140.57,"Sinapi 90890"]
["90891","ESTACA ESCAVADA MECANICAMENTE, SEM FLUIDO ESTABILIZANTE, COM 60 CM DE DIÂMETRO, ACIMA DE 15 M DE COMPRIMENTO, CONCRETO LANÇADO POR BOMBA LANÇA (EXCLUSIVE MOBILIZAÇÃO E DESMOBILIZAÇÃO). AF_02/2015","M","137,63","139,12",null,137.63,139.12,"Sinapi 90891"]
["95601","ARRASAMENTO MECANICO DE ESTACA DE CONCRETO ARMADO, DIAMETROS DE ATÉ 40 CM. AF_11/2016","UN","15,84","17,50",null,15.84,17.5,"Sinapi 95601"]
["95602","ARRASAMENTO MECANICO DE ESTACA DE CONCRETO ARMADO, DIAMETROS DE 41 CM A 60 CM. AF_11/2016","UN","20,15","22,25",null,20.149999999999999,22.25,"Sinapi 95602"]
["95603","ARRASAMENTO MECANICO DE ESTACA DE CONCRETO ARMADO, DIAMETROS DE 61 CM A 80 CM. AF_11/2016","UN","26,46","29,20",null,26.46,29.2,"Sinapi 95603"]
["95604","ARRASAMENTO MECANICO DE ESTACA DE CONCRETO ARMADO, DIAMETROS DE 81 CM A 100 CM. AF_11/2016","UN","34,85","38,44",null,34.85,38.44,"Sinapi 95604"]
["95605","ARRASAMENTO MECANICO DE ESTACA DE CONCRETO ARMADO, DIAMETROS DE 101 CM A 150 CM. AF_11/2016","UN","54,61","60,27",null,54.61,60.27,"Sinapi 95605"]
["95607","ARRASAMENTO DE ESTACA METÁLICA, PERFIL LAMINADO TIPO \u0093I\u0094 FAMÍLIA 250. AF_11/2016","UN","5,06","5,49",null,5.0599999999999996,5.49,"Sinapi 95607"]
["95608","ARRASAMENTO DE ESTACA METÁLICA, PERFIL LAMINADO TIPO \u0093H\u0094 FAMÍLIA 250. AF_11/2016","UN","5,84","6,34",null,5.84,6.34,"Sinapi 95608"]
["95609","ARRASAMENTO DE ESTACA METÁLICA, PERFIL LAMINADO TIPO \u0093H\u0094 FAMÍLIA 310. AF_11/2016","UN","6,52","7,07",null,{"$f":"IF(D1928=\"\",\"\",D1928+0)","v":6.52},{"$f":"IF(E1928=\"\",\"\",E1928+0)","v":7.07},{"$f":"IF(OR(G1928=\"\",H1928=\"\"),\"\",CONCATENATE(\"Sinapi \",A1928))","v":"Sinapi 95609"}]
["96160","ESTACA RAIZ, DIÂMETRO DE 20 CM, COMPRIMENTO DE ATÉ 10 M, SEM PRESENÇA DE ROCHA. AF_04/2017","M","179,73","186,46",null,179.73,186.46,"Sinapi 96160"]
["96161","ESTACA RAIZ, DIÂMETRO DE 31 CM, COMPRIMENTO DE ATÉ 10 M, SEM PRESENÇA DE ROCHA. AF_05/2017","M","264,39","273,93",null,264.39,273.93,"Sinapi 96161"]
["96162","ESTACA RAIZ, DIÂMETRO DE 40 CM, COMPRIMENTO DE ATÉ 10 M, SEM PRESENÇA DE ROCHA. AF_05/2017","M","339,25","351,88",null,339.25,351.88,"Sinapi 96162"]
["96163","ESTACA RAIZ, DIÂMETRO DE 45 CM, COMPRIMENTO DE ATÉ 10 M, SEM PRESENÇA DE ROCHA. AF_05/2017","M","378,51","393,54",null,378.51,393.54,"Sinapi 96163"]
["96164","ESTACA RAIZ, DIÂMETRO DE 20 CM, COMPRIMENTO DE 11 A 20 M, SEM PRESENÇA DE ROCHA. AF_05/2017","M","168,05","173,39",null,168.05,173.39,"Sinapi 96164"]
["96165","ESTACA RAIZ, DIÂMETRO DE 31 CM, COMPRIMENTO DE 11 A 20 M, SEM PRESENÇA DE ROCHA. AF_05/2017","M","248,21","255,90",null,248.21,255.9,"Sinapi 96165"]
["96166","ESTACA RAIZ, DIÂMETRO DE 40 CM, COMPRIMENTO DE 11 A 20 M, SEM PRESENÇA DE ROCHA. AF_05/2017","M","313,58","323,51",null,313.58,323.51,"Sinapi 96166"]
["96167","ESTACA RAIZ, DIÂMETRO DE 45 CM, COMPRIMENTO DE 11 A 20 M, SEM PRESENÇA DE ROCHA. AF_05/2017","M","341,17","352,59",null,341.17,352.59,"Sinapi 96167"]
["96168","ESTACA RAIZ, DIÂMETRO DE 20 CM, COMPRIMENTO DE 21 A 30 M, SEM PRESENÇA DE ROCHA. AF_05/2017","M","162,21","166,91",null,162.21,166.91,"Sinapi 96168"]
["96169","ESTACA RAIZ, DIÂMETRO DE 31 CM, COMPRIMENTO DE 21 A 30 M, SEM PRESENÇA DE ROCHA. AF_05/2017","M","240,66","247,57",null,240.66,247.57,"Sinapi 96169"]
["96170","ESTACA RAIZ, DIÂMETRO DE 40 CM, COMPRIMENTO DE 21 A 30 M, SEM PRESENÇA DE ROCHA. AF_05/2017","M","304,17","313,17",null,304.17,313.17,"Sinapi 96170"]
["96171","ESTACA RAIZ, DIÂMETRO DE 45 CM, COMPRIMENTO DE 21 A 30 M, SEM PRESENÇA DE ROCHA. AF_05/2017","M","328,35","338,50",null,328.35,338.5,"Sinapi 96171"]
["96172","ESTACA RAIZ, DIÂMETRO DE 20 CM, COMPRIMENTO DE ATÉ 10 M, COM PRESENÇA DE ROCHA. AF_05/2017","M","189,20","196,54",null,189.2,196.54,"Sinapi 96172"]
["96173","ESTACA RAIZ, DIÂMETRO DE 31 CM, COMPRIMENTO DE ATÉ 10 M, COM PRESENÇA DE ROCHA. AF_05/2017","M","276,24","286,56",null,276.24,286.56,"Sinapi 96173"]
["96174","ESTACA RAIZ, DIÂMETRO DE 40 CM, COMPRIMENTO DE ATÉ 10 M, COM PRESENÇA DE ROCHA. AF_05/2017","M","354,38","368,02",null,354.38,368.02,"Sinapi 96174"]
["96175","ESTACA RAIZ, DIÂMETRO DE 45 CM, COMPRIMENTO DE ATÉ 10 M, COM PRESENÇA DE ROCHA. AF_05/2017","M","396,18","412,37",null,396.18,412.37,"Sinapi 96175"]
["96176","ESTACA RAIZ, DIÂMETRO DE 20 CM, COMPRIMENTO DE 11 A 20 M, COM PRESENÇA DE ROCHA. AF_05/2017","M","174,36","180,13",null,174.36,180.13,"Sinapi 96176"]
["96177","ESTACA RAIZ, DIÂMETRO DE 31 CM, COMPRIMENTO DE 11 A 20 M, COM PRESENÇA DE ROCHA. AF_05/2017","M","255,50","263,68",null,255.5,263.68,"Sinapi 96177"]
["96178","ESTACA RAIZ, DIÂMETRO DE 40 CM, COMPRIMENTO DE 11 A 20 M, COM PRESENÇA DE ROCHA. AF_05/2017","M","322,19","332,68",null,322.19,332.68,"Sinapi 96178"]
["96179","ESTACA RAIZ, DIÂMETRO DE 45 CM, COMPRIMENTO DE 11 A 20 M, COM PRESENÇA DE ROCHA. AF_05/2017","M","350,51","362,53",null,350.51,362.53,"Sinapi 96179"]
["96180","ESTACA RAIZ, DIÂMETRO DE 20 CM, COMPRIMENTO DE 21 A 30 M, COM PRESENÇA DE ROCHA. AF_05/2017","M","166,85","171,87",null,166.85,171.87,"Sinapi 96180"]
["96181","ESTACA RAIZ, DIÂMETRO DE 31 CM, COMPRIMENTO DE 21 A 30 M, COM PRESENÇA DE ROCHA. AF_05/2017","M","246,07","253,33",null,246.07,253.33,"Sinapi 96181"]
["96182","ESTACA RAIZ, DIÂMETRO DE 40 CM, COMPRIMENTO DE 21 A 30 M, COM PRESENÇA DE ROCHA. AF_05/2017","M","309,44","318,75",null,309.44,318.75,"Sinapi 96182"]
["96183","ESTACA RAIZ, DIÂMETRO DE 45 CM, COMPRIMENTO DE 21 A 30 M, COM PRESENÇA DE ROCHA. AF_05/2017","M","334,72","345,29",null,334.72,345.29,"Sinapi 96183"]
["98228","ESTACA BROCA DE CONCRETO, DIÃMETRO DE 20 CM, PROFUNDIDADE DE ATÉ 3 M, ESCAVAÇÃO MANUAL COM TRADO CONCHA, NÃO ARMADA. AF_03/2018","M","50,24","53,18",null,50.24,53.18,"Sinapi 98228"]
["98229","ESTACA BROCA DE CONCRETO, DIÃMETRO DE 25 CM, PROFUNDIDADE DE ATÉ 3 M, ESCAVAÇÃO MANUAL COM TRADO CONCHA, NÃO ARMADA. AF_03/2018","M","67,57","71,83",null,67.569999999999993,71.83,"Sinapi 98229"]
["98230","ESTACA BROCA DE CONCRETO, DIÂMETRO DE 30 CM, PROFUNDIDADE DE ATÉ 3 M, ESCAVAÇÃO MANUAL COM TRADO CONCHA, NÃO ARMADA. AF_03/2018","M","90,36","95,90",null,90.36,95.9,"Sinapi 98230"]
["100035","ESTACA METÁLICA PARA CONTENÇÃO, COMPRIMENTO TOTAL CRAVADO DE ATÉ 10 M (EXCLUSIVE MOBILIZAÇÃO E DESMOBILIZAÇÃO). AF_07/2019","KG","7,06","7,10",null,7.06,7.1,"Sinapi 100035"]
["100036","ESTACA METÁLICA PARA CONTENÇÃO, COMPRIMENTO TOTAL CRAVADO MAIOR DO QUE 10 M E MENOR OU IGUAL A 20 M (EXCLUSIVE MOBILIZAÇÃO E DESMOBILIZAÇÃO). AF_07/2019","KG","6,93","6,97",null,6.93,6.97,"Sinapi 100036"]
["100037","ESTACA METÁLICA PARA CONTENÇÃO, COMPRIMENTO TOTAL CRAVADO MAIOR DO QUE 20 M E MENOR OU IGUAL A 30 M (EXCLUSIVE MOBILIZAÇÃO E DESMOBILIZAÇÃO). AF_07/2019","KG","6,74","6,77",null,6.74,6.77,"Sinapi 100037"]
["100651","ESTACA HÉLICE CONTÍNUA, DIÂMETRO DE 30 CM, INCLUSO CONCRETO FCK=20MPA E ARMADURA MÍNIMA (EXCLUSIVE MOBILIZAÇÃO E DESMOBILIZAÇÃO). AF_12/2019","M","81,70","83,00",null,81.7,83,"Sinapi 100651"]
["100652","ESTACA HÉLICE CONTÍNUA , DIÂMETRO DE 50 CM, INCLUSO CONCRETO FCK=20MPA E ARMADURA MÍNIMA (EXCLUSIVE MOBILIZAÇÃO E DESMOBILIZAÇÃO). AF_12/2019","M","157,59","159,36",null,157.59,159.36000000000001,"Sinapi 100652"]
["100653","ESTACA HÉLICE CONTÍNUA, DIÂMETRO DE 70 CM, INCLUSO CONCRETO FCK=20MPA E ARMADURA MÍNIMA (EXCLUSIVE MOBILIZAÇÃO E DESMOBILIZAÇÃO). AF_12/2019","M","264,11","266,48",null,264.11,266.48,"Sinapi 100653"]
["100654","ESTACA HÉLICE CONTÍNUA, DIÂMETRO DE 80 CM, INCLUSO CONCRETO FCK=20MPA E ARMADURA MÍNIMA (EXCLUSIVE MOBILIZAÇÃO E DESMOBILIZAÇÃO). AF_12/2019.","M","357,49","360,14",null,357.49,360.14,"Sinapi 100654"]
["100655","ESTACA HÉLICE CONTÍNUA, DIÂMETRO DE 90 CM, INCLUSO CONCRETO FCK=20MPA E ARMADURA MÍNIMA (EXCLUSIVE MOBILIZAÇÃO E DESMOBILIZAÇÃO). AF_12/2019.","M","412,98","415,36",null,412.98,415.36,"Sinapi 100655"]
["100656","ESTACA PRÉ-MOLDADA DE CONCRETO, SEÇÃO QUADRADA, CAPACIDADE DE 25 TONELADAS, INCLUSO EMENDA (EXCLUSIVE MOBILIZAÇÃO E DESMOBILIZAÇÃO). AF_12/2019","M","58,75","59,94",null,58.75,59.94,"Sinapi 100656"]
["100657","ESTACA PRÉ-MOLDADA DE CONCRETO SEÇÃO QUADRADA, CAPACIDADE DE 50 TONELADAS, INCLUSO EMENDA (EXCLUSIVE MOBILIZAÇÃO E DESMOBILIZAÇÃO). AF_12/2019","M","75,11","76,35",null,75.11,76.349999999999994,"Sinapi 100657"]
["100658","ESTACA PRÉ-MOLDADA DE CONCRETO CENTRIFUGADO, SEÇÃO CIRCULAR, CAPACIDADE DE 100 TONELADAS, INCLUSO EMENDA (EXCLUSIVE MOBILIZAÇÃO E DESMOBILIZAÇÃO). AF_12/2019","M","170,28","171,95",null,170.28,171.95,"Sinapi 100658"]
["83534","LASTRO DE CONCRETO, PREPARO MECÂNICO, INCLUSOS ADITIVO IMPERMEABILIZANTE, LANÇAMENTO E ADENSAMENTO","M3","516,29","535,85",null,516.29,535.85,"Sinapi 83534"]
["95240","LASTRO DE CONCRETO MAGRO, APLICADO EM PISOS OU RADIERS, ESPESSURA DE 3 CM. AF_07/2016","M2","13,41","14,03",null,13.41,14.03,"Sinapi 95240"]
["95241","LASTRO DE CONCRETO MAGRO, APLICADO EM PISOS OU RADIERS, ESPESSURA DE 5 CM. AF_07/2016","M2","22,36","23,40",null,22.36,23.4,"Sinapi 95241"]
["96616","LASTRO DE CONCRETO MAGRO, APLICADO EM BLOCOS DE COROAMENTO OU SAPATAS. AF_08/2017","M3","466,33","489,25",null,466.33,489.25,"Sinapi 96616"]
["96617","LASTRO DE CONCRETO MAGRO, APLICADO EM BLOCOS DE COROAMENTO OU SAPATAS, ESPESSURA DE 3 CM. AF_08/2017","M2","13,97","14,66",null,13.97,14.66,"Sinapi 96617"]
["96619","LASTRO DE CONCRETO MAGRO, APLICADO EM BLOCOS DE COROAMENTO OU SAPATAS, ESPESSURA DE 5 CM. AF_08/2017","M2","23,31","24,44",null,23.31,24.44,"Sinapi 96619"]
["96620","LASTRO DE CONCRETO MAGRO, APLICADO EM PISOS OU RADIERS. AF_08/2017","M3","447,46","468,28",null,447.46,468.28,"Sinapi 96620"]
["96621","LASTRO COM MATERIAL GRANULAR, APLICAÇÃO EM BLOCOS DE COROAMENTO, ESPESSURA DE *5 CM*. AF_08/2017","M3","180,42","189,97",null,180.42,189.97,"Sinapi 96621"]
["96622","LASTRO COM MATERIAL GRANULAR, APLICAÇÃO EM PISOS OU RADIERS, ESPESSURA DE *5 CM*. AF_08/2017","M3","124,97","128,37",null,124.97,128.37,"Sinapi 96622"]
["96623","LASTRO COM MATERIAL GRANULAR, APLICADO EM BLOCOS DE COROAMENTO, ESPESSURA DE *10 CM*. AF_08/2017","M3","167,51","175,61",null,167.51,175.61,"Sinapi 96623"]
["96624","LASTRO COM MATERIAL GRANULAR (PEDRA BRITADA N.2), APLICADO EM PISOS OU RADIERS, ESPESSURA DE *10 CM*. AF_08/2017","M3","120,41","123,31",null,120.41,123.31,"Sinapi 96624"]
["97082","ESCAVAÇÃO MANUAL DE VIGA DE BORDA PARA RADIER. AF_09/2017","M3","43,93","48,29",null,43.93,48.29,"Sinapi 97082"]
["97083","COMPACTAÇÃO MECÂNICA DE SOLO PARA EXECUÇÃO DE RADIER, COM COMPACTADOR DE SOLOS A PERCUSSÃO. AF_09/2017","M2","2,38","2,63",null,2.38,2.63,"Sinapi 97083"]
["97084","COMPACTAÇÃO MECÂNICA DE SOLO PARA EXECUÇÃO DE RADIER, COM COMPACTADOR DE SOLOS TIPO PLACA VIBRATÓRIA. AF_09/2017","M2","0,49","0,54",null,0.49,0.54,"Sinapi 97084"]
["97086","FABRICAÇÃO, MONTAGEM E DESMONTAGEM DE FORMA PARA RADIER, EM MADEIRA SERRADA, 4 UTILIZAÇÕES. AF_09/2017","M2","88,93","96,92",null,88.93,96.92,"Sinapi 97086"]
["97094","CONCRETAGEM DE RADIER, PISO OU LAJE SOBRE SOLO, FCK 30 MPA, PARA ESPESSURA DE 10 CM - LANÇAMENTO, ADENSAMENTO E ACABAMENTO. AF_09/2017","M3","378,69","380,61",null,378.69,380.61,"Sinapi 97094"]
["97095","CONCRETAGEM DE RADIER, PISO OU LAJE SOBRE SOLO, FCK 30 MPA, PARA ESPESSURA DE 15 CM - LANÇAMENTO, ADENSAMENTO E ACABAMENTO. AF_09/2017","M3","355,39","357,08",null,355.39,357.08,"Sinapi 97095"]
["97096","CONCRETAGEM DE RADIER, PISO OU LAJE SOBRE SOLO, FCK 30 MPA, PARA ESPESSURA DE 20 CM - LANÇAMENTO, ADENSAMENTO E ACABAMENTO. AF_09/2017","M3","343,43","344,99",null,343.43,344.99,"Sinapi 97096"]
["100322","LASTRO COM MATERIAL GRANULAR (PEDRA BRITADA N.3), APLICADO EM PISOS OU RADIERS, ESPESSURA DE *10 CM*. AF_07/2019","M3","120,41","123,31",null,120.41,123.31,"Sinapi 100322"]
["100323","LASTRO COM MATERIAL GRANULAR (AREIA MÉDIA), APLICADO EM PISOS OU RADIERS, ESPESSURA DE *10 CM*. AF_07/2019","M3","139,25","142,15",null,139.25,142.15,"Sinapi 100323"]
["100324","LASTRO COM MATERIAL GRANULAR (PEDRA BRITADA N.1 E PEDRA BRITADA N.2), APLICADO EM PISOS OU RADIERS, ESPESSURA DE *10 CM*. AF_07/2019","M3","120,41","123,31",null,120.41,123.31,"Sinapi 100324"]
["90996","FORMAS MANUSEÁVEIS PARA PAREDES DE CONCRETO MOLDADAS IN LOCO, DE EDIFICAÇÕES DE MULTIPLOS PAVIMENTO, EM PLATIBANDA. AF_06/2015","M2","11,97","12,82",null,11.97,12.82,"Sinapi 90996"]
["90997","FORMAS MANUSEÁVEIS PARA PAREDES DE CONCRETO MOLDADAS IN LOCO, DE EDIFICAÇÕES DE MULTIPLOS PAVIMENTOS, EM FACES INTERNAS DE PAREDES. AF_06/2015","M2","16,36","17,69",null,16.36,17.690000000000001,"Sinapi 90997"]
["90998","FORMAS MANUSEÁVEIS PARA PAREDES DE CONCRETO MOLDADAS IN LOCO, DE EDIFICAÇÕES DE MULTIPLOS PAVIMENTOS, EM LAJES. AF_06/2015","M2","19,81","21,51",null,19.809999999999999,21.51,"Sinapi 90998"]
["91000","FORMAS MANUSEÁVEIS PARA PAREDES DE CONCRETO MOLDADAS IN LOCO, DE EDIFICAÇÕES DE MULTIPLOS PAVIMENTOS, EM PANOS DE FACHADA COM VÃOS. AF_06/2015","M2","15,06","16,25",null,15.06,16.25,"Sinapi 91000"]
["91002","FORMAS MANUSEÁVEIS PARA PAREDES DE CONCRETO MOLDADAS IN LOCO, DE EDIFICAÇÕES DE MULTIPLOS PAVIMENTOS, EM PANOS DE FACHADA SEM VÃOS. AF_06/2015","M2","13,83","14,88",null,{"$f":"IF(D1992=\"\",\"\",D1992+0)","v":13.83},{"$f":"IF(E1992=\"\",\"\",E1992+0)","v":14.88},{"$f":"IF(OR(G1992=\"\",H1992=\"\"),\"\",CONCATENATE(\"Sinapi \",A1992))","v":"Sinapi 91002"}]
["91003","FORMAS MANUSEÁVEIS PARA PAREDES DE CONCRETO MOLDADAS IN LOCO, DE EDIFICAÇÕES DE MULTIPLOS PAVIMENTOS, EM PANOS DE FACHADA COM VARANDAS. AF_06/2015","M2","16,06","17,35",null,16.059999999999999,17.350000000000001,"Sinapi 91003"]
["91004","FORMAS MANUSEÁVEIS PARA PAREDES DE CONCRETO MOLDADAS IN LOCO, DE EDIFICAÇÕES DE PAVIMENTO ÚNICO, EM FACES INTERNAS DE PAREDES. AF_06/2015","M2","12,69","13,69",null,12.69,13.69,"Sinapi 91004"]
["91005","FORMAS MANUSEÁVEIS PARA PAREDES DE CONCRETO MOLDADAS IN LOCO, DE EDIFICAÇÕES DE PAVIMENTO ÚNICO, EM LAJES. AF_06/2015","M2","15,26","16,54",null,15.26,16.54,"Sinapi 91005"]
["91006","FORMAS MANUSEÁVEIS PARA PAREDES DE CONCRETO MOLDADAS IN LOCO, DE EDIFICAÇÕES DE PAVIMENTO ÚNICO, EM PANOS DE FACHADA COM VÃOS. AF_06/2015","M2","11,72","12,60",null,11.72,12.6,"Sinapi 91006"]
["91007","FORMAS MANUSEÁVEIS PARA PAREDES DE CONCRETO MOLDADAS IN LOCO, DE EDIFICAÇÕES DE PAVIMENTO ÚNICO, EM PANOS DE FACHADA SEM VÃOS. AF_06/2015","M2","10,50","11,25",null,10.5,11.25,"Sinapi 91007"]
["91008","FORMAS MANUSEÁVEIS PARA PAREDES DE CONCRETO MOLDADAS IN LOCO, DE EDIFICAÇÕES DE PAVIMENTO ÚNICO, EM PANOS DE FACHADA COM VARANDA. AF_06/2015","M2","12,72","13,71",null,12.72,13.71,"Sinapi 91008"]
["92263","FABRICAÇÃO DE FÔRMA PARA PILARES E ESTRUTURAS SIMILARES, EM CHAPA DE MADEIRA COMPENSADA RESINADA, E = 17 MM. AF_12/2015","M2","91,38","95,51",null,91.38,95.51,"Sinapi 92263"]
["92264","FABRICAÇÃO DE FÔRMA PARA PILARES E ESTRUTURAS SIMILARES, EM CHAPA DE MADEIRA COMPENSADA PLASTIFICADA, E = 18 MM. AF_12/2015","M2","107,48","111,61",null,107.48,111.61,"Sinapi 92264"]
["92265","FABRICAÇÃO DE FÔRMA PARA VIGAS, EM CHAPA DE MADEIRA COMPENSADA RESINADA, E = 17 MM. AF_12/2015","M2","71,76","75,10",null,71.760000000000005,75.099999999999994,"Sinapi 92265"]
["92266","FABRICAÇÃO DE FÔRMA PARA VIGAS, EM CHAPA DE MADEIRA COMPENSADA PLASTIFICADA, E = 18 MM. AF_12/2015","M2","86,12","89,46",null,86.12,89.46,"Sinapi 92266"]
["92267","FABRICAÇÃO DE FÔRMA PARA LAJES, EM CHAPA DE MADEIRA COMPENSADA RESINADA, E = 17 MM. AF_12/2015","M2","27,49","27,57",null,27.49,27.57,"Sinapi 92267"]
["92268","FABRICAÇÃO DE FÔRMA PARA LAJES, EM CHAPA DE MADEIRA COMPENSADA PLASTIFICADA, E = 18 MM. AF_12/2015","M2","40,15","40,23",null,40.15,40.229999999999997,"Sinapi 92268"]
["92269","FABRICAÇÃO DE FÔRMA PARA PILARES E ESTRUTURAS SIMILARES, EM MADEIRA SERRADA, E=25 MM. AF_12/2015","M2","89,89","91,91",null,89.89,91.91,"Sinapi 92269"]
["92270","FABRICAÇÃO DE FÔRMA PARA VIGAS, COM MADEIRA SERRADA, E = 25 MM. AF_12/2015","M2","74,79","76,12",null,74.790000000000006,76.12,"Sinapi 92270"]
["92271","FABRICAÇÃO DE FÔRMA PARA LAJES, EM MADEIRA SERRADA, E=25 MM. AF_12/2015","M2","57,34","57,37",null,57.34,57.37,"Sinapi 92271"]
["92272","FABRICAÇÃO DE ESCORAS DE VIGA DO TIPO GARFO, EM MADEIRA. AF_12/2015","M","17,34","17,85",null,17.34,17.850000000000001,"Sinapi 92272"]
["92273","FABRICAÇÃO DE ESCORAS DO TIPO PONTALETE, EM MADEIRA. AF_12/2015","M","6,97","7,16",null,6.97,7.16,"Sinapi 92273"]
["92408","MONTAGEM E DESMONTAGEM DE FÔRMA DE PILARES RETANGULARES E ESTRUTURAS SIMILARES COM ÁREA MÉDIA DAS SEÇÕES MENOR OU IGUAL A 0,25 M², PÉ-DIREITO SIMPLES, EM MADEIRA SERRADA, 1 UTILIZAÇÃO. AF_12/2015","M2","171,54","182,58",null,171.54,182.58,"Sinapi 92408"]
["92409","MONTAGEM E DESMONTAGEM DE FÔRMA DE PILARES RETANGULARES E ESTRUTURAS SIMILARES COM ÁREA MÉDIA DAS SEÇÕES MAIOR QUE 0,25 M², PÉ-DIREITO SIMPLES, EM MADEIRA SERRADA, 1 UTILIZAÇÃO. AF_12/2015","M2","162,27","172,25",null,162.27000000000001,172.25,"Sinapi 92409"]
["92410","MONTAGEM E DESMONTAGEM DE FÔRMA DE PILARES RETANGULARES E ESTRUTURAS SIMILARES COM ÁREA MÉDIA DAS SEÇÕES MENOR OU IGUAL A 0,25 M², PÉ-DIREITO SIMPLES, EM MADEIRA SERRADA, 2 UTILIZAÇÕES. AF_12/2015","M2","118,19","127,17",null,118.19,127.17,"Sinapi 92410"]
["92411","MONTAGEM E DESMONTAGEM DE FÔRMA DE PILARES RETANGULARES E ESTRUTURAS SIMILARES COM ÁREA MÉDIA DAS SEÇÕES MAIOR QUE 0,25 M², PÉ-DIREITO SIMPLES, EM MADEIRA SERRADA, 2 UTILIZAÇÕES. AF_12/2015","M2","109,99","118,04",null,109.99,118.04,"Sinapi 92411"]
["92412","MONTAGEM E DESMONTAGEM DE FÔRMA DE PILARES RETANGULARES E ESTRUTURAS SIMILARES COM ÁREA MÉDIA DAS SEÇÕES MENOR OU IGUAL A 0,25 M², PÉ-DIREITO SIMPLES, EM MADEIRA SERRADA, 4 UTILIZAÇÕES. AF_12/2015","M2","79,07","85,72",null,79.069999999999993,85.72,"Sinapi 92412"]
["92413","MONTAGEM E DESMONTAGEM DE FÔRMA DE PILARES RETANGULARES E ESTRUTURAS SIMILARES COM ÁREA MÉDIA DAS SEÇÕES MAIOR QUE 0,25 M², PÉ-DIREITO SIMPLES, EM MADEIRA SERRADA, 4 UTILIZAÇÕES. AF_12/2015","M2","72,75","78,69",null,72.75,78.69,"Sinapi 92413"]
["92414","MONTAGEM E DESMONTAGEM DE FÔRMA DE PILARES RETANGULARES E ESTRUTURAS SIMILARES COM ÁREA MÉDIA DAS SEÇÕES MENOR OU IGUAL A 0,25 M², PÉ-DIREITO SIMPLES, EM CHAPA DE MADEIRA COMPENSADA RESINADA, 2 UTILIZAÇÕES. AF_12/2015","M2","91,13","97,17",null,91.13,97.17,"Sinapi 92414"]
["92415","MONTAGEM E DESMONTAGEM DE FÔRMA DE PILARES RETANGULARES E ESTRUTURAS SIMILARES COM ÁREA MÉDIA DAS SEÇÕES MAIOR QUE 0,25 M², PÉ-DIREITO SIMPLES, EM CHAPA DE MADEIRA COMPENSADA RESINADA, 2 UTILIZAÇÕES. AF_12/2015","M2","82,93","88,04",null,82.93,88.04,"Sinapi 92415"]
["92416","MONTAGEM E DESMONTAGEM DE FÔRMA DE PILARES RETANGULARES E ESTRUTURAS SIMILARES COM ÁREA MÉDIA DAS SEÇÕES MENOR OU IGUAL A 0,25 M², PÉ-DIREITO DUPLO, EM CHAPA DE MADEIRA COMPENSADA RESINADA, 2 UTILIZAÇÕES. AF_12/2015","M2","107,98","115,93",null,107.98,115.93,"Sinapi 92416"]
["92417","MONTAGEM E DESMONTAGEM DE FÔRMA DE PILARES RETANGULARES E ESTRUTURAS SIMILARES COM ÁREA MÉDIA DAS SEÇÕES MAIOR QUE 0,25 M², PÉ-DIREITO DUPLO, EM CHAPA DE MADEIRA COMPENSADA RESINADA, 2 UTILIZAÇÕES. AF_12/2015","M2","99,82","106,84",null,99.82,106.84,"Sinapi 92417"]
["92418","MONTAGEM E DESMONTAGEM DE FÔRMA DE PILARES RETANGULARES E ESTRUTURAS SIMILARES COM ÁREA MÉDIA DAS SEÇÕES MENOR OU IGUAL A 0,25 M², PÉ-DIREITO SIMPLES, EM CHAPA DE MADEIRA COMPENSADA RESINADA, 4 UTILIZAÇÕES. AF_12/2015","M2","59,27","63,32",null,59.27,63.32,"Sinapi 92418"]
["92419","MONTAGEM E DESMONTAGEM DE FÔRMA DE PILARES RETANGULARES E ESTRUTURAS SIMILARES COM ÁREA MÉDIA DAS SEÇÕES MAIOR QUE 0,25 M², PÉ-DIREITO SIMPLES, EM CHAPA DE MADEIRA COMPENSADA RESINADA, 4 UTILIZAÇÕES. AF_12/2015","M2","52,98","56,34",null,52.98,56.34,"Sinapi 92419"]
["92420","MONTAGEM E DESMONTAGEM DE FÔRMA DE PILARES RETANGULARES E ESTRUTURAS SIMILARES COM ÁREA MÉDIA DAS SEÇÕES MENOR OU IGUAL A 0,25 M², PÉ-DIREITO DUPLO, EM CHAPA DE MADEIRA COMPENSADA RESINADA, 4 UTILIZAÇÕES. AF_12/2015","M2","72,23","77,75",null,72.23,77.75,"Sinapi 92420"]
["92421","MONTAGEM E DESMONTAGEM DE FÔRMA DE PILARES RETANGULARES E ESTRUTURAS SIMILARES COM ÁREA MÉDIA DAS SEÇÕES MAIOR QUE 0,25 M², PÉ-DIREITO DUPLO, EM CHAPA DE MADEIRA COMPENSADA RESINADA, 4 UTILIZAÇÕES. AF_12/2015","M2","65,93","70,74",null,65.930000000000007,70.739999999999995,"Sinapi 92421"]
["92422","MONTAGEM E DESMONTAGEM DE FÔRMA DE PILARES RETANGULARES E ESTRUTURAS SIMILARES COM ÁREA MÉDIA DAS SEÇÕES MENOR OU IGUAL A 0,25 M², PÉ-DIREITO SIMPLES, EM CHAPA DE MADEIRA COMPENSADA RESINADA, 6 UTILIZAÇÕES. AF_12/2015","M2","48,92","52,29",null,48.92,52.29,"Sinapi 92422"]
["92423","MONTAGEM E DESMONTAGEM DE FÔRMA DE PILARES RETANGULARES E ESTRUTURAS SIMILARES COM ÁREA MÉDIA DAS SEÇÕES MAIOR QUE 0,25 M², PÉ-DIREITO SIMPLES, EM CHAPA DE MADEIRA COMPENSADA RESINADA, 6 UTILIZAÇÕES. AF_12/2015","M2","43,47","46,22",null,43.47,46.22,"Sinapi 92423"]
["92424","MONTAGEM E DESMONTAGEM DE FÔRMA DE PILARES RETANGULARES E ESTRUTURAS SIMILARES COM ÁREA MÉDIA DAS SEÇÕES MENOR OU IGUAL A 0,25 M², PÉ-DIREITO DUPLO, EM CHAPA DE MADEIRA COMPENSADA RESINADA, 6 UTILIZAÇÕES. AF_12/2015","M2","60,21","64,85",null,60.21,64.849999999999994,"Sinapi 92424"]
["92425","MONTAGEM E DESMONTAGEM DE FÔRMA DE PILARES RETANGULARES E ESTRUTURAS SIMILARES COM ÁREA MÉDIA DAS SEÇÕES MAIOR QUE 0,25 M², PÉ-DIREITO DUPLO, EM CHAPA DE MADEIRA COMPENSADA RESINADA, 6 UTILIZAÇÕES. AF_12/2015","M2","54,74","58,76",null,54.74,58.76,"Sinapi 92425"]
["92426","MONTAGEM E DESMONTAGEM DE FÔRMA DE PILARES RETANGULARES E ESTRUTURAS SIMILARES COM ÁREA MÉDIA DAS SEÇÕES MENOR OU IGUAL A 0,25 M², PÉ-DIREITO SIMPLES, EM CHAPA DE MADEIRA COMPENSADA RESINADA, 8 UTILIZAÇÕES. AF_12/2015","M2","43,74","46,75",null,43.74,46.75,"Sinapi 92426"]
["92427","MONTAGEM E DESMONTAGEM DE FÔRMA DE PILARES RETANGULARES E ESTRUTURAS SIMILARES COM ÁREA MÉDIA DAS SEÇÕES MAIOR QUE 0,25 M², PÉ-DIREITO SIMPLES, EM CHAPA DE MADEIRA COMPENSADA RESINADA, 8 UTILIZAÇÕES. AF_12/2015","M2","38,67","41,11",null,38.67,41.11,"Sinapi 92427"]
["92428","MONTAGEM E DESMONTAGEM DE FÔRMA DE PILARES RETANGULARES E ESTRUTURAS SIMILARES COM ÁREA MÉDIA DAS SEÇÕES MENOR OU IGUAL A 0,25 M², PÉ-DIREITO DUPLO, EM CHAPA DE MADEIRA COMPENSADA RESINADA, 8 UTILIZAÇÕES. AF_12/2015","M2","54,17","58,36",null,54.17,58.36,"Sinapi 92428"]
["92429","MONTAGEM E DESMONTAGEM DE FÔRMA DE PILARES RETANGULARES E ESTRUTURAS SIMILARES COM ÁREA MÉDIA DAS SEÇÕES MAIOR QUE 0,25 M², PÉ-DIREITO DUPLO, EM CHAPA DE MADEIRA COMPENSADA RESINADA, 8 UTILIZAÇÕES. AF_12/2015","M2","49,11","52,73",null,49.11,52.73,"Sinapi 92429"]
["92430","MONTAGEM E DESMONTAGEM DE FÔRMA DE PILARES RETANGULARES E ESTRUTURAS SIMILARES COM ÁREA MÉDIA DAS SEÇÕES MENOR OU IGUAL A 0,25 M², PÉ-DIREITO SIMPLES, EM CHAPA DE MADEIRA COMPENSADA PLASTIFICADA, 10 UTILIZAÇÕES. AF_12/2015","M2","40,24","42,95",null,40.24,42.95,"Sinapi 92430"]
["92431","MONTAGEM E DESMONTAGEM DE FÔRMA DE PILARES RETANGULARES E ESTRUTURAS SIMILARES COM ÁREA MÉDIA DAS SEÇÕES MAIOR QUE 0,25 M², PÉ-DIREITO SIMPLES, EM CHAPA DE MADEIRA COMPENSADA PLASTIFICADA, 10 UTILIZAÇÕES. AF_12/2015","M2","35,43","37,60",null,35.43,37.6,"Sinapi 92431"]
["92432","MONTAGEM E DESMONTAGEM DE FÔRMA DE PILARES RETANGULARES E ESTRUTURAS SIMILARES COM ÁREA MÉDIA DAS SEÇÕES MENOR OU IGUAL A 0,25 M², PÉ-DIREITO DUPLO, EM CHAPA DE MADEIRA COMPENSADA PLASTIFICADA, 10 UTILIZAÇÕES. AF_12/2015","M2","50,15","53,98",null,50.15,53.98,"Sinapi 92432"]
["92433","MONTAGEM E DESMONTAGEM DE FÔRMA DE PILARES RETANGULARES E ESTRUTURAS SIMILARES COM ÁREA MÉDIA DAS SEÇÕES MAIOR QUE 0,25 M², PÉ-DIREITO DUPLO, EM CHAPA DE MADEIRA COMPENSADA PLASTIFICADA, 10 UTILIZAÇÕES. AF_12/2015","M2","45,34","48,62",null,45.34,48.62,"Sinapi 92433"]
["92434","MONTAGEM E DESMONTAGEM DE FÔRMA DE PILARES RETANGULARES E ESTRUTURAS SIMILARES COM ÁREA MÉDIA DAS SEÇÕES MENOR OU IGUAL A 0,25 M², PÉ-DIREITO SIMPLES, EM CHAPA DE MADEIRA COMPENSADA PLASTIFICADA, 12 UTILIZAÇÕES. AF_12/2015","M2","38,37","40,96",null,38.369999999999997,40.96,"Sinapi 92434"]
["92435","MONTAGEM E DESMONTAGEM DE FÔRMA DE PILARES RETANGULARES E ESTRUTURAS SIMILARES COM ÁREA MÉDIA DAS SEÇÕES MAIOR QUE 0,25 M², PÉ-DIREITO SIMPLES, EM CHAPA DE MADEIRA COMPENSADA PLASTIFICADA, 12 UTILIZAÇÕES. AF_12/2015","M2","33,72","35,78",null,33.72,35.78,"Sinapi 92435"]
["92436","MONTAGEM E DESMONTAGEM DE FÔRMA DE PILARES RETANGULARES E ESTRUTURAS SIMILARES COM ÁREA MÉDIA DAS SEÇÕES MENOR OU IGUAL A 0,25 M², PÉ-DIREITO DUPLO, EM CHAPA DE MADEIRA COMPENSADA PLASTIFICADA, 12 UTILIZAÇÕES. AF_12/2015","M2","47,93","51,60",null,47.93,51.6,"Sinapi 92436"]
["92437","MONTAGEM E DESMONTAGEM DE FÔRMA DE PILARES RETANGULARES E ESTRUTURAS SIMILARES COM ÁREA MÉDIA DAS SEÇÕES MAIOR QUE 0,25 M², PÉ-DIREITO DUPLO, EM CHAPA DE MADEIRA COMPENSADA PLASTIFICADA, 12 UTILIZAÇÕES. AF_12/2015","M2","43,30","46,44",null,43.3,46.44,"Sinapi 92437"]
["92438","MONTAGEM E DESMONTAGEM DE FÔRMA DE PILARES RETANGULARES E ESTRUTURAS SIMILARES COM ÁREA MÉDIA DAS SEÇÕES MENOR OU IGUAL A 0,25 M², PÉ-DIREITO SIMPLES, EM CHAPA DE MADEIRA COMPENSADA PLASTIFICADA, 14 UTILIZAÇÕES. AF_12/2015","M2","37,03","39,52",null,37.03,39.520000000000003,"Sinapi 92438"]
["92439","MONTAGEM E DESMONTAGEM DE FÔRMA DE PILARES RETANGULARES E ESTRUTURAS SIMILARES COM ÁREA MÉDIA DAS SEÇÕES MAIOR QUE 0,25 M², PÉ-DIREITO SIMPLES, EM CHAPA DE MADEIRA COMPENSADA PLASTIFICADA, 14 UTILIZAÇÕES. AF_12/2015","M2","32,49","34,48",null,32.49,34.479999999999997,"Sinapi 92439"]
["92440","MONTAGEM E DESMONTAGEM DE FÔRMA DE PILARES RETANGULARES E ESTRUTURAS SIMILARES COM ÁREA MÉDIA DAS SEÇÕES MENOR OU IGUAL A 0,25 M², PÉ-DIREITO DUPLO, EM CHAPA DE MADEIRA COMPENSADA PLASTIFICADA, 14 UTILIZAÇÕES. AF_12/2015","M2","46,32","49,86",null,46.32,49.86,"Sinapi 92440"]
["92441","MONTAGEM E DESMONTAGEM DE FÔRMA DE PILARES RETANGULARES E ESTRUTURAS SIMILARES COM ÁREA MÉDIA DAS SEÇÕES MAIOR QUE 0,25 M², PÉ-DIREITO DUPLO, EM CHAPA DE MADEIRA COMPENSADA PLASTIFICADA, 14 UTILIZAÇÕES. AF_12/2015","M2","41,83","44,86",null,41.83,44.86,"Sinapi 92441"]
["92442","MONTAGEM E DESMONTAGEM DE FÔRMA DE PILARES RETANGULARES E ESTRUTURAS SIMILARES COM ÁREA MÉDIA DAS SEÇÕES MENOR OU IGUAL A 0,25 M², PÉ-DIREITO SIMPLES, EM CHAPA DE MADEIRA COMPENSADA PLASTIFICADA, 18 UTILIZAÇÕES. AF_12/2015","M2","34,32","36,65",null,34.32,36.65,"Sinapi 92442"]
["92443","MONTAGEM E DESMONTAGEM DE FÔRMA DE PILARES RETANGULARES E ESTRUTURAS SIMILARES COM ÁREA MÉDIA DAS SEÇÕES MAIOR QUE 0,25 M², PÉ-DIREITO SIMPLES, EM CHAPA DE MADEIRA COMPENSADA PLASTIFICADA, 18 UTILIZAÇÕES. AF_12/2015","M2","29,94","31,78",null,29.94,31.78,"Sinapi 92443"]
["92444","MONTAGEM E DESMONTAGEM DE FÔRMA DE PILARES RETANGULARES E ESTRUTURAS SIMILARES COM ÁREA MÉDIA DAS SEÇÕES MENOR OU IGUAL A 0,25 M², PÉ-DIREITO DUPLO, EM CHAPA DE MADEIRA COMPENSADA PLASTIFICADA, 18 UTILIZAÇÕES. AF_12/2015","M2","43,32","46,67",null,43.32,46.67,"Sinapi 92444"]
["92445","MONTAGEM E DESMONTAGEM DE FÔRMA DE PILARES RETANGULARES E ESTRUTURAS SIMILARES COM ÁREA MÉDIA DAS SEÇÕES MAIOR QUE 0,25 M², PÉ-DIREITO DUPLO, EM CHAPA DE MADEIRA COMPENSADA PLASTIFICADA, 18 UTILIZAÇÕES. AF_12/2015","M2","38,94","41,81",null,38.94,41.81,"Sinapi 92445"]
["92446","MONTAGEM E DESMONTAGEM DE FÔRMA DE VIGA, ESCORAMENTO COM PONTALETE DE MADEIRA, PÉ-DIREITO SIMPLES, EM MADEIRA SERRADA, 1 UTILIZAÇÃO. AF_12/2015","M2","156,19","164,37",null,156.19,164.37,"Sinapi 92446"]
["92447","MONTAGEM E DESMONTAGEM DE FÔRMA DE VIGA, ESCORAMENTO COM PONTALETE DE MADEIRA, PÉ-DIREITO SIMPLES, EM MADEIRA SERRADA, 2 UTILIZAÇÕES. AF_12/2015","M2","111,34","117,82",null,111.34,117.82,"Sinapi 92447"]
["92448","MONTAGEM E DESMONTAGEM DE FÔRMA DE VIGA, ESCORAMENTO COM PONTALETE DE MADEIRA, PÉ-DIREITO SIMPLES, EM MADEIRA SERRADA, 4 UTILIZAÇÕES. AF_12/2015","M2","87,94","93,28",null,87.94,93.28,"Sinapi 92448"]
["92449","MONTAGEM E DESMONTAGEM DE FÔRMA DE VIGA, ESCORAMENTO COM GARFO DE MADEIRA, PÉ-DIREITO DUPLO, EM CHAPA DE MADEIRA RESINADA, 2 UTILIZAÇÕES. AF_12/2015","M2","154,05","162,32",null,154.05000000000001,162.32,"Sinapi 92449"]
["92450","MONTAGEM E DESMONTAGEM DE FÔRMA DE VIGA, ESCORAMENTO METÁLICO, PÉ-DIREITO DUPLO, EM CHAPA DE MADEIRA RESINADA, 2 UTILIZAÇÕES. AF_12/2015","M2","204,89","213,13",null,204.89,213.13,"Sinapi 92450"]
["92451","MONTAGEM E DESMONTAGEM DE FÔRMA DE VIGA, ESCORAMENTO COM GARFO DE MADEIRA, PÉ-DIREITO SIMPLES, EM CHAPA DE MADEIRA RESINADA, 2 UTILIZAÇÕES. AF_12/2015","M2","107,71","113,64",null,107.71,113.64,"Sinapi 92451"]
["92452","MONTAGEM E DESMONTAGEM DE FÔRMA DE VIGA, ESCORAMENTO METÁLICO, PÉ-DIREITO SIMPLES, EM CHAPA DE MADEIRA RESINADA, 2 UTILIZAÇÕES. AF_12/2015","M2","104,33","111,04",null,104.33,111.04,"Sinapi 92452"]
["92453","MONTAGEM E DESMONTAGEM DE FÔRMA DE VIGA, ESCORAMENTO COM GARFO DE MADEIRA, PÉ-DIREITO DUPLO, EM CHAPA DE MADEIRA RESINADA, 4 UTILIZAÇÕES. AF_12/2015","M2","131,00","138,17",null,131,138.16999999999999,"Sinapi 92453"]
["92454","MONTAGEM E DESMONTAGEM DE FÔRMA DE VIGA, ESCORAMENTO METÁLICO, PÉ-DIREITO DUPLO, EM CHAPA DE MADEIRA RESINADA, 4 UTILIZAÇÕES. AF_12/2015","M2","185,90","193,00",null,{"$f":"IF(D2056=\"\",\"\",D2056+0)","v":185.9},{"$f":"IF(E2056=\"\",\"\",E2056+0)","v":193},{"$f":"IF(OR(G2056=\"\",H2056=\"\"),\"\",CONCATENATE(\"Sinapi \",A2056))","v":"Sinapi 92454"}]
["92455","MONTAGEM E DESMONTAGEM DE FÔRMA DE VIGA, ESCORAMENTO COM GARFO DE MADEIRA, PÉ-DIREITO SIMPLES, EM CHAPA DE MADEIRA RESINADA, 4 UTILIZAÇÕES. AF_12/2015","M2","87,84","92,82",null,87.84,92.82,"Sinapi 92455"]
["92456","MONTAGEM E DESMONTAGEM DE FÔRMA DE VIGA, ESCORAMENTO METÁLICO, PÉ-DIREITO SIMPLES, EM CHAPA DE MADEIRA RESINADA, 4 UTILIZAÇÕES. AF_12/2015","M2","85,65","91,33",null,85.65,91.33,"Sinapi 92456"]
["92457","MONTAGEM E DESMONTAGEM DE FÔRMA DE VIGA, ESCORAMENTO COM GARFO DE MADEIRA, PÉ-DIREITO DUPLO, EM CHAPA DE MADEIRA RESINADA, 6 UTILIZAÇÕES. AF_12/2015","M2","113,73","120,01",null,113.73,120.01,"Sinapi 92457"]
["92458","MONTAGEM E DESMONTAGEM DE FÔRMA DE VIGA, ESCORAMENTO METÁLICO, PÉ-DIREITO DUPLO, EM CHAPA DE MADEIRA RESINADA, 6 UTILIZAÇÕES. AF_12/2015","M2","173,67","179,94",null,173.67,179.94,"Sinapi 92458"]
["92459","MONTAGEM E DESMONTAGEM DE FÔRMA DE VIGA, ESCORAMENTO COM GARFO DE MADEIRA, PÉ-DIREITO SIMPLES, EM CHAPA DE MADEIRA RESINADA, 6 UTILIZAÇÕES. AF_12/2015","M2","74,53","78,82",null,74.53,78.819999999999993,"Sinapi 92459"]
["92460","MONTAGEM E DESMONTAGEM DE FÔRMA DE VIGA, ESCORAMENTO METÁLICO, PÉ-DIREITO SIMPLES, EM CHAPA DE MADEIRA RESINADA, 6 UTILIZAÇÕES. AF_12/2015","M2","70,67","75,62",null,70.67,75.62,"Sinapi 92460"]
["92461","MONTAGEM E DESMONTAGEM DE FÔRMA DE VIGA, ESCORAMENTO COM GARFO DE MADEIRA, PÉ-DIREITO DUPLO, EM CHAPA DE MADEIRA RESINADA, 8 UTILIZAÇÕES. AF_12/2015","M2","104,48","110,21",null,104.48,110.21,"Sinapi 92461"]
["92462","MONTAGEM E DESMONTAGEM DE FÔRMA DE VIGA, ESCORAMENTO METÁLICO, PÉ-DIREITO DUPLO, EM CHAPA DE MADEIRA RESINADA, 8 UTILIZAÇÕES. AF_12/2015","M2","165,74","171,40",null,165.74,171.4,"Sinapi 92462"]
["92463","MONTAGEM E DESMONTAGEM DE FÔRMA DE VIGA, ESCORAMENTO COM GARFO DE MADEIRA, PÉ-DIREITO SIMPLES, EM CHAPA DE MADEIRA RESINADA, 8 UTILIZAÇÕES. AF_12/2015","M2","67,26","71,13",null,67.260000000000005,71.13,"Sinapi 92463"]
["92464","MONTAGEM E DESMONTAGEM DE FÔRMA DE VIGA, ESCORAMENTO METÁLICO, PÉ-DIREITO SIMPLES, EM CHAPA DE MADEIRA RESINADA, 8 UTILIZAÇÕES. AF_12/2015","M2","66,57","71,03",null,66.569999999999993,71.03,"Sinapi 92464"]
["92465","MONTAGEM E DESMONTAGEM DE FÔRMA DE VIGA, ESCORAMENTO COM GARFO DE MADEIRA, PÉ-DIREITO DUPLO, EM CHAPA DE MADEIRA PLASTIFICADA, 10 UTILIZAÇÕES. AF_12/2015","M2","84,01","88,79",null,84.01,88.79,"Sinapi 92465"]
["92466","MONTAGEM E DESMONTAGEM DE FÔRMA DE VIGA, ESCORAMENTO METÁLICO, PÉ-DIREITO DUPLO, EM CHAPA DE MADEIRA PLASTIFICADA, 10 UTILIZAÇÕES. AF_12/2015","M2","159,72","164,79",null,159.72,164.79,"Sinapi 92466"]
["92467","MONTAGEM E DESMONTAGEM DE FÔRMA DE VIGA, ESCORAMENTO COM GARFO DE MADEIRA, PÉ-DIREITO SIMPLES, EM CHAPA DE MADEIRA PLASTIFICADA, 10 UTILIZAÇÕES. AF_12/2015","M2","55,26","58,49",null,55.26,58.49,"Sinapi 92467"]
["92468","MONTAGEM E DESMONTAGEM DE FÔRMA DE VIGA, ESCORAMENTO METÁLICO, PÉ-DIREITO SIMPLES, EM CHAPA DE MADEIRA PLASTIFICADA, 10 UTILIZAÇÕES. AF_12/2015","M2","61,05","65,00",null,61.05,65,"Sinapi 92468"]
["92469","MONTAGEM E DESMONTAGEM DE FÔRMA DE VIGA, ESCORAMENTO COM GARFO DE MADEIRA, PÉ-DIREITO DUPLO, EM CHAPA DE MADEIRA PLASTIFICADA, 12 UTILIZAÇÕES. AF_12/2015","M2","76,70","81,07",null,76.7,81.069999999999993,"Sinapi 92469"]
["92470","MONTAGEM E DESMONTAGEM DE FÔRMA DE VIGA, ESCORAMENTO METÁLICO, PÉ-DIREITO DUPLO, EM CHAPA DE MADEIRA PLASTIFICADA, 12 UTILIZAÇÕES. AF_12/2015","M2","155,24","159,91",null,155.24,159.91,"Sinapi 92470"]
["92471","MONTAGEM E DESMONTAGEM DE FÔRMA DE VIGA, ESCORAMENTO COM GARFO DE MADEIRA, PÉ-DIREITO SIMPLES, EM CHAPA DE MADEIRA PLASTIFICADA, 12 UTILIZAÇÕES. AF_12/2015","M2","50,51","53,46",null,50.51,53.46,"Sinapi 92471"]
["92472","MONTAGEM E DESMONTAGEM DE FÔRMA DE VIGA, ESCORAMENTO METÁLICO, PÉ-DIREITO SIMPLES, EM CHAPA DE MADEIRA PLASTIFICADA, 12 UTILIZAÇÕES. AF_12/2015","M2","57,24","60,87",null,57.24,60.87,"Sinapi 92472"]
["92473","MONTAGEM E DESMONTAGEM DE FÔRMA DE VIGA, ESCORAMENTO COM GARFO DE MADEIRA, PÉ-DIREITO DUPLO, EM CHAPA DE MADEIRA PLASTIFICADA, 14 UTILIZAÇÕES. AF_12/2015","M2","70,71","74,72",null,70.709999999999994,74.72,"Sinapi 92473"]
["92474","MONTAGEM E DESMONTAGEM DE FÔRMA DE VIGA, ESCORAMENTO METÁLICO, PÉ-DIREITO DUPLO, EM CHAPA DE MADEIRA PLASTIFICADA, 14 UTILIZAÇÕES. AF_12/2015","M2","151,33","155,63",null,151.33000000000001,155.63,"Sinapi 92474"]
["92475","MONTAGEM E DESMONTAGEM DE FÔRMA DE VIGA, ESCORAMENTO COM GARFO DE MADEIRA, PÉ-DIREITO SIMPLES, EM CHAPA DE MADEIRA PLASTIFICADA, 14 UTILIZAÇÕES. AF_12/2015","M2","46,60","49,31",null,46.6,49.31,"Sinapi 92475"]
["92476","MONTAGEM E DESMONTAGEM DE FÔRMA DE VIGA, ESCORAMENTO METÁLICO, PÉ-DIREITO SIMPLES, EM CHAPA DE MADEIRA PLASTIFICADA, 14 UTILIZAÇÕES. AF_12/2015","M2","53,96","57,31",null,53.96,57.31,"Sinapi 92476"]
["92477","MONTAGEM E DESMONTAGEM DE FÔRMA DE VIGA, ESCORAMENTO COM GARFO DE MADEIRA, PÉ-DIREITO DUPLO, EM CHAPA DE MADEIRA PLASTIFICADA, 18 UTILIZAÇÕES. AF_12/2015","M2","58,13","61,46",null,58.13,61.46,"Sinapi 92477"]
["92478","MONTAGEM E DESMONTAGEM DE FÔRMA DE VIGA, ESCORAMENTO METÁLICO, PÉ-DIREITO DUPLO, EM CHAPA DE MADEIRA PLASTIFICADA, 18 UTILIZAÇÕES. AF_12/2015","M2","143,75","147,39",null,143.75,147.38999999999999,"Sinapi 92478"]
["92479","MONTAGEM E DESMONTAGEM DE FÔRMA DE VIGA, ESCORAMENTO COM GARFO DE MADEIRA, PÉ-DIREITO SIMPLES, EM CHAPA DE MADEIRA PLASTIFICADA, 18 UTILIZAÇÕES. AF_12/2015","M2","38,39","40,63",null,38.39,40.630000000000003,"Sinapi 92479"]
["92480","MONTAGEM E DESMONTAGEM DE FÔRMA DE VIGA, ESCORAMENTO METÁLICO, PÉ-DIREITO SIMPLES, EM CHAPA DE MADEIRA PLASTIFICADA, 18 UTILIZAÇÕES. AF_12/2015","M2","47,53","50,35",null,47.53,50.35,"Sinapi 92480"]
["92481","MONTAGEM E DESMONTAGEM DE FÔRMA DE LAJE MACIÇA COM ÁREA MÉDIA MENOR OU IGUAL A 20 M², PÉ-DIREITO SIMPLES, EM MADEIRA SERRADA, 1 UTILIZAÇÃO. AF_12/2015","M2","205,01","216,93",null,205.01,216.93,"Sinapi 92481"]
["92482","MONTAGEM E DESMONTAGEM DE FÔRMA DE LAJE MACIÇA COM ÁREA MÉDIA MAIOR QUE 20 M², PÉ-DIREITO SIMPLES, EM MADEIRA SERRADA, 1 UTILIZAÇÃO. AF_12/2015","M2","194,19","204,91",null,194.19,204.91,"Sinapi 92482"]
["92483","MONTAGEM E DESMONTAGEM DE FÔRMA DE LAJE MACIÇA COM ÁREA MÉDIA MENOR OU IGUAL A 20 M², PÉ-DIREITO SIMPLES, EM MADEIRA SERRADA, 2 UTILIZAÇÕES. AF_12/2015","M2","153,15","163,67",null,153.15,163.66999999999999,"Sinapi 92483"]
["92484","MONTAGEM E DESMONTAGEM DE FÔRMA DE LAJE MACIÇA COM ÁREA MÉDIA MAIOR QUE 20 M², PÉ-DIREITO SIMPLES, EM MADEIRA SERRADA, 2 UTILIZAÇÕES. AF_12/2015","M2","143,59","153,05",null,143.59,153.05000000000001,"Sinapi 92484"]
["92485","MONTAGEM E DESMONTAGEM DE FÔRMA DE LAJE MACIÇA COM ÁREA MÉDIA MENOR OU IGUAL A 20 M², PÉ-DIREITO SIMPLES, EM MADEIRA SERRADA, 4 UTILIZAÇÕES. AF_12/2015","M2","108,45","116,58",null,108.45,116.58,"Sinapi 92485"]
["92486","MONTAGEM E DESMONTAGEM DE FÔRMA DE LAJE MACIÇA COM ÁREA MÉDIA MAIOR QUE 20 M², PÉ-DIREITO SIMPLES, EM MADEIRA SERRADA, 4 UTILIZAÇÕES. AF_12/2015","M2","101,11","108,41",null,101.11,108.41,"Sinapi 92486"]
["92487","MONTAGEM E DESMONTAGEM DE FÔRMA DE LAJE NERVURADA COM CUBETA E ASSOALHO COM ÁREA MÉDIA MENOR OU IGUAL A 20 M², PÉ-DIREITO DUPLO, EM CHAPA DE MADEIRA COMPENSADA RESINADA, 8 UTILIZAÇÕES. AF_12/2015","M2","65,98","69,43",null,65.98,69.430000000000007,"Sinapi 92487"]
["92488","MONTAGEM E DESMONTAGEM DE FÔRMA DE LAJE NERVURADA COM CUBETA E ASSOALHO COM ÁREA MÉDIA MAIOR QUE 20 M², PÉ-DIREITO DUPLO, EM CHAPA DE MADEIRA COMPENSADA RESINADA, 8 UTILIZAÇÕES. AF_12/2015","M2","63,45","66,62",null,63.45,66.62,"Sinapi 92488"]
["92489","MONTAGEM E DESMONTAGEM DE FÔRMA DE LAJE NERVURADA COM CUBETA E ASSOALHO COM ÁREA MÉDIA MENOR OU IGUAL A 20 M², PÉ-DIREITO SIMPLES, EM CHAPA DE MADEIRA COMPENSADA RESINADA, 8 UTILIZAÇÕES. AF_12/2015","M2","39,02","41,55",null,39.020000000000003,41.55,"Sinapi 92489"]
["92490","MONTAGEM E DESMONTAGEM DE FÔRMA DE LAJE NERVURADA COM CUBETA E ASSOALHO COM ÁREA MÉDIA MAIOR QUE 20 M², PÉ-DIREITO SIMPLES, EM CHAPA DE MADEIRA COMPENSADA RESINADA, 8 UTILIZAÇÕES. AF_12/2015","M2","36,70","38,97",null,36.700000000000003,38.97,"Sinapi 92490"]
["92491","MONTAGEM E DESMONTAGEM DE FÔRMA DE LAJE NERVURADA COM CUBETA E ASSOALHO COM ÁREA MÉDIA MENOR OU IGUAL A 20 M², PÉ-DIREITO DUPLO, EM CHAPA DE MADEIRA COMPENSADA RESINADA, 10 UTILIZAÇÕES. AF_12/2015","M2","63,50","66,79",null,63.5,66.790000000000006,"Sinapi 92491"]
["92492","MONTAGEM E DESMONTAGEM DE FÔRMA DE LAJE NERVURADA COM CUBETA E ASSOALHO COM ÁREA MÉDIA MAIOR QUE 20 M², PÉ-DIREITO DUPLO, EM CHAPA DE MADEIRA COMPENSADA RESINADA, 10 UTILIZAÇÕES. AF_12/2015","M2","61,09","64,10",null,61.09,64.099999999999994,"Sinapi 92492"]
["92493","MONTAGEM E DESMONTAGEM DE FÔRMA DE LAJE NERVURADA COM CUBETA E ASSOALHO COM ÁREA MÉDIA MENOR OU IGUAL A 20 M², PÉ-DIREITO SIMPLES, EM CHAPA DE MADEIRA COMPENSADA RESINADA, 10 UTILIZAÇÕES. AF_12/2015","M2","35,05","37,46",null,35.049999999999997,37.46,"Sinapi 92493"]
["92494","MONTAGEM E DESMONTAGEM DE FÔRMA DE LAJE NERVURADA COM CUBETA E ASSOALHO COM ÁREA MÉDIA MAIOR QUE 20 M², PÉ-DIREITO SIMPLES, EM CHAPA DE MADEIRA COMPENSADA RESINADA, 10 UTILIZAÇÕES. AF_12/2015","M2","34,72","36,87",null,34.72,36.869999999999997,"Sinapi 92494"]
["92495","MONTAGEM E DESMONTAGEM DE FÔRMA DE LAJE NERVURADA COM CUBETA E ASSOALHO COM ÁREA MÉDIA MENOR OU IGUAL A 20 M², PÉ-DIREITO DUPLO, EM CHAPA DE MADEIRA COMPENSADA RESINADA, 12 UTILIZAÇÕES. AF_12/2015","M2","61,81","64,99",null,61.81,64.989999999999995,"Sinapi 92495"]
["92496","MONTAGEM E DESMONTAGEM DE FÔRMA DE LAJE NERVURADA COM CUBETA E ASSOALHO COM ÁREA MÉDIA MAIOR QUE 20 M², PÉ-DIREITO DUPLO, EM CHAPA DE MADEIRA COMPENSADA RESINADA, 12 UTILIZAÇÕES. AF_12/2015","M2","59,49","62,41",null,59.49,62.41,"Sinapi 92496"]
["92497","MONTAGEM E DESMONTAGEM DE FÔRMA DE LAJE NERVURADA COM CUBETA E ASSOALHO COM ÁREA MÉDIA MENOR OU IGUAL A 20 M², PÉ-DIREITO SIMPLES, EM CHAPA DE MADEIRA COMPENSADA RESINADA, 12 UTILIZAÇÕES. AF_12/2015","M2","35,53","37,86",null,35.53,37.86,"Sinapi 92497"]
["92498","MONTAGEM E DESMONTAGEM DE FÔRMA DE LAJE NERVURADA COM CUBETA E ASSOALHO COM ÁREA MÉDIA MAIOR QUE 20 M², PÉ-DIREITO SIMPLES, EM CHAPA DE MADEIRA COMPENSADA RESINADA, 12 UTILIZAÇÕES. AF_12/2015","M2","33,38","35,46",null,33.380000000000003,35.46,"Sinapi 92498"]
["92499","MONTAGEM E DESMONTAGEM DE FÔRMA DE LAJE NERVURADA COM CUBETA E ASSOALHO COM ÁREA MÉDIA MENOR OU IGUAL A 20 M², PÉ-DIREITO DUPLO, EM CHAPA DE MADEIRA COMPENSADA RESINADA, 14 UTILIZAÇÕES. AF_12/2015","M2","60,80","63,89",null,60.8,63.89,"Sinapi 92499"]
["92500","MONTAGEM E DESMONTAGEM DE FÔRMA DE LAJE NERVURADA COM CUBETA E ASSOALHO COM ÁREA MÉDIA MAIOR QUE 20 M², PÉ-DIREITO DUPLO, EM CHAPA DE MADEIRA COMPENSADA RESINADA, 14 UTILIZAÇÕES. AF_12/2015","M2","58,54","61,38",null,58.54,61.38,"Sinapi 92500"]
["92501","MONTAGEM E DESMONTAGEM DE FÔRMA DE LAJE NERVURADA COM CUBETA E ASSOALHO COM ÁREA MÉDIA MENOR OU IGUAL A 20 M², PÉ-DIREITO SIMPLES, EM CHAPA DE MADEIRA COMPENSADA RESINADA, 14 UTILIZAÇÕES. AF_12/2015","M2","34,70","36,97",null,34.700000000000003,36.97,"Sinapi 92501"]
["92502","MONTAGEM E DESMONTAGEM DE FÔRMA DE LAJE NERVURADA COM CUBETA E ASSOALHO COM ÁREA MÉDIA MAIOR QUE 20 M², PÉ-DIREITO SIMPLES, EM CHAPA DE MADEIRA COMPENSADA RESINADA, 14 UTILIZAÇÕES. AF_12/2015","M2","32,60","34,64",null,32.6,34.64,"Sinapi 92502"]
["92503","MONTAGEM E DESMONTAGEM DE FÔRMA DE LAJE NERVURADA COM CUBETA E ASSOALHO COM ÁREA MÉDIA MENOR OU IGUAL A 20 M², PÉ-DIREITO DUPLO, EM CHAPA DE MADEIRA COMPENSADA RESINADA, 18 UTILIZAÇÕES. AF_12/2015","M2","59,19","62,16",null,59.19,62.16,"Sinapi 92503"]
["92504","MONTAGEM E DESMONTAGEM DE FÔRMA DE LAJE NERVURADA COM CUBETA E ASSOALHO COM ÁREA MÉDIA MAIOR QUE 20 M², PÉ-DIREITO DUPLO, EM CHAPA DE MADEIRA COMPENSADA RESINADA, 18 UTILIZAÇÕES. AF_12/2015","M2","38,17","40,89",null,38.17,40.89,"Sinapi 92504"]
["92505","MONTAGEM E DESMONTAGEM DE FÔRMA DE LAJE NERVURADA COM CUBETA E ASSOALHO COM ÁREA MÉDIA MENOR OU IGUAL A 20 M², PÉ-DIREITO SIMPLES, EM CHAPA DE MADEIRA COMPENSADA RESINADA, 18 UTILIZAÇÕES. AF_12/2015","M2","33,34","35,51",null,33.340000000000003,35.51,"Sinapi 92505"]
["92506","MONTAGEM E DESMONTAGEM DE FÔRMA DE LAJE NERVURADA COM CUBETA E ASSOALHO COM ÁREA MÉDIA MAIOR QUE 20 M², PÉ-DIREITO SIMPLES, EM CHAPA DE MADEIRA COMPENSADA RESINADA, 18 UTILIZAÇÕES. AF_12/2015","M2","31,32","33,26",null,31.32,33.26,"Sinapi 92506"]
["92507","MONTAGEM E DESMONTAGEM DE FÔRMA DE LAJE MACIÇA COM ÁREA MÉDIA MENOR OU IGUAL A 20 M², PÉ-DIREITO DUPLO, EM CHAPA DE MADEIRA COMPENSADA RESINADA, 2 UTILIZAÇÕES. AF_12/2015","M2","67,77","71,15",null,67.77,71.150000000000006,"Sinapi 92507"]
["92508","MONTAGEM E DESMONTAGEM DE FÔRMA DE LAJE MACIÇA COM ÁREA MÉDIA MAIOR QUE 20 M², PÉ-DIREITO DUPLO, EM CHAPA DE MADEIRA COMPENSADA RESINADA, 2 UTILIZAÇÕES. AF_12/2015","M2","65,75","68,90",null,65.75,68.900000000000006,"Sinapi 92508"]
["92509","MONTAGEM E DESMONTAGEM DE FÔRMA DE LAJE MACIÇA COM ÁREA MÉDIA MENOR OU IGUAL A 20 M², PÉ-DIREITO SIMPLES, EM CHAPA DE MADEIRA COMPENSADA RESINADA, 2 UTILIZAÇÕES. AF_12/2015","M2","37,21","39,27",null,37.21,39.270000000000003,"Sinapi 92509"]
["92510","MONTAGEM E DESMONTAGEM DE FÔRMA DE LAJE MACIÇA COM ÁREA MÉDIA MAIOR QUE 20 M², PÉ-DIREITO SIMPLES, EM CHAPA DE MADEIRA COMPENSADA RESINADA, 2 UTILIZAÇÕES. AF_12/2015","M2","35,36","37,19",null,35.36,37.19,"Sinapi 92510"]
["92511","MONTAGEM E DESMONTAGEM DE FÔRMA DE LAJE MACIÇA COM ÁREA MÉDIA MENOR OU IGUAL A 20 M², PÉ-DIREITO DUPLO, EM CHAPA DE MADEIRA COMPENSADA RESINADA, 4 UTILIZAÇÕES. AF_12/2015","M2","54,45","57,05",null,54.45,57.05,"Sinapi 92511"]
["92512","MONTAGEM E DESMONTAGEM DE FÔRMA DE LAJE MACIÇA COM ÁREA MÉDIA MAIOR QUE 20 M², PÉ-DIREITO DUPLO, EM CHAPA DE MADEIRA COMPENSADA RESINADA, 4 UTILIZAÇÕES. AF_12/2015","M2","52,90","55,33",null,52.9,55.33,"Sinapi 92512"]
["92513","MONTAGEM E DESMONTAGEM DE FÔRMA DE LAJE MACIÇA COM ÁREA MÉDIA MENOR OU IGUAL A 20 M², PÉ-DIREITO SIMPLES, EM CHAPA DE MADEIRA COMPENSADA RESINADA, 4 UTILIZAÇÕES. AF_12/2015","M2","26,61","28,18",null,26.61,28.18,"Sinapi 92513"]
["92514","MONTAGEM E DESMONTAGEM DE FÔRMA DE LAJE MACIÇA COM ÁREA MÉDIA MAIOR QUE 20 M², PÉ-DIREITO SIMPLES, EM CHAPA DE MADEIRA COMPENSADA RESINADA, 4 UTILIZAÇÕES. AF_12/2015","M2","25,17","26,59",null,25.17,26.59,"Sinapi 92514"]
["92515","MONTAGEM E DESMONTAGEM DE FÔRMA DE LAJE MACIÇA COM ÁREA MÉDIA MAIOR QUE 20 M², PÉ-DIREITO DUPLO, EM CHAPA DE MADEIRA COMPENSADA RESINADA, 6 UTILIZAÇÕES. AF_12/2015","M2","48,81","51,06",null,48.81,51.06,"Sinapi 92515"]
["92516","MONTAGEM E DESMONTAGEM DE FÔRMA DE LAJE MACIÇA COM ÁREA MÉDIA MENOR OU IGUAL A 20 M², PÉ-DIREITO DUPLO, EM CHAPA DE MADEIRA COMPENSADA RESINADA, 6 UTILIZAÇÕES. AF_12/2015","M2","47,48","49,57",null,47.48,49.57,"Sinapi 92516"]
["92517","MONTAGEM E DESMONTAGEM DE FÔRMA DE LAJE MACIÇA COM ÁREA MÉDIA MENOR OU IGUAL A 20 M², PÉ-DIREITO SIMPLES, EM CHAPA DE MADEIRA COMPENSADA RESINADA, 6 UTILIZAÇÕES. AF_12/2015","M2","22,18","23,55",null,22.18,23.55,"Sinapi 92517"]
["92518","MONTAGEM E DESMONTAGEM DE FÔRMA DE LAJE MACIÇA COM ÁREA MÉDIA MAIOR QUE 20 M², PÉ-DIREITO SIMPLES, EM CHAPA DE MADEIRA COMPENSADA RESINADA, 6 UTILIZAÇÕES. AF_12/2015","M2","20,93","22,15",null,{"$f":"IF(D2120=\"\",\"\",D2120+0)","v":20.93},{"$f":"IF(E2120=\"\",\"\",E2120+0)","v":22.15},{"$f":"IF(OR(G2120=\"\",H2120=\"\"),\"\",CONCATENATE(\"Sinapi \",A2120))","v":"Sinapi 92518"}]
["92519","MONTAGEM E DESMONTAGEM DE FÔRMA DE LAJE MACIÇA COM ÁREA MÉDIA MENOR OU IGUAL A 20 M², PÉ-DIREITO DUPLO, EM CHAPA DE MADEIRA COMPENSADA RESINADA, 8 UTILIZAÇÕES. AF_12/2015","M2","45,95","48,02",null,45.95,48.02,"Sinapi 92519"]
["92520","MONTAGEM E DESMONTAGEM DE FÔRMA DE LAJE MACIÇA COM ÁREA MÉDIA MAIOR QUE 20 M², PÉ-DIREITO DUPLO, EM CHAPA DE MADEIRA COMPENSADA RESINADA, 8 UTILIZAÇÕES. AF_12/2015","M2","44,71","46,64",null,44.71,46.64,"Sinapi 92520"]
["92521","MONTAGEM E DESMONTAGEM DE FÔRMA DE LAJE MACIÇA COM ÁREA MÉDIA MENOR OU IGUAL A 20 M², PÉ-DIREITO SIMPLES, EM CHAPA DE MADEIRA COMPENSADA RESINADA, 8 UTILIZAÇÕES. AF_12/2015","M2","19,91","21,16",null,19.91,21.16,"Sinapi 92521"]
["92522","MONTAGEM E DESMONTAGEM DE FÔRMA DE LAJE MACIÇA COM ÁREA MÉDIA MAIOR QUE 20 M², PÉ-DIREITO SIMPLES, EM CHAPA DE MADEIRA COMPENSADA RESINADA, 8 UTILIZAÇÕES. AF_12/2015","M2","18,75","19,87",null,18.75,19.87,"Sinapi 92522"]
["92523","MONTAGEM E DESMONTAGEM DE FÔRMA DE LAJE MACIÇA COM ÁREA MÉDIA MENOR OU IGUAL A 20 M², PÉ-DIREITO DUPLO, EM CHAPA DE MADEIRA COMPENSADA PLASTIFICADA, 10 UTILIZAÇÕES. AF_12/2015","M2","45,11","47,09",null,45.11,47.09,"Sinapi 92523"]
["92524","MONTAGEM E DESMONTAGEM DE FÔRMA DE LAJE MACIÇA COM ÁREA MÉDIA MAIOR QUE 20 M², PÉ-DIREITO DUPLO, EM CHAPA DE MADEIRA COMPENSADA PLASTIFICADA, 10 UTILIZAÇÕES. AF_12/2015","M2","43,94","45,78",null,43.94,45.78,"Sinapi 92524"]
["92525","MONTAGEM E DESMONTAGEM DE FÔRMA DE LAJE MACIÇA COM ÁREA MÉDIA MENOR OU IGUAL A 20 M², PÉ-DIREITO SIMPLES, EM CHAPA DE MADEIRA COMPENSADA PLASTIFICADA, 10 UTILIZAÇÕES. AF_12/2015","M2","19,45","20,64",null,19.45,20.64,"Sinapi 92525"]
["92526","MONTAGEM E DESMONTAGEM DE FÔRMA DE LAJE MACIÇA COM ÁREA MÉDIA MAIOR QUE 20 M², PÉ-DIREITO SIMPLES, EM CHAPA DE MADEIRA COMPENSADA PLASTIFICADA, 10 UTILIZAÇÕES. AF_12/2015","M2","18,33","19,39",null,18.329999999999998,19.39,"Sinapi 92526"]
["92527","MONTAGEM E DESMONTAGEM DE FÔRMA DE LAJE MACIÇA COM ÁREA MÉDIA MENOR OU IGUAL A 20 M², PÉ-DIREITO DUPLO, EM CHAPA DE MADEIRA COMPENSADA PLASTIFICADA, 12 UTILIZAÇÕES. AF_12/2015","M2","43,96","45,86",null,43.96,45.86,"Sinapi 92527"]
["92528","MONTAGEM E DESMONTAGEM DE FÔRMA DE LAJE MACIÇA COM ÁREA MÉDIA MAIOR QUE 20 M², PÉ-DIREITO DUPLO, EM CHAPA DE MADEIRA COMPENSADA PLASTIFICADA, 12 UTILIZAÇÕES. AF_12/2015","M2","42,82","44,59",null,42.82,44.59,"Sinapi 92528"]
["92529","MONTAGEM E DESMONTAGEM DE FÔRMA DE LAJE MACIÇA COM ÁREA MÉDIA MENOR OU IGUAL A 20 M², PÉ-DIREITO SIMPLES, EM CHAPA DE MADEIRA COMPENSADA PLASTIFICADA, 12 UTILIZAÇÕES. AF_12/2015","M2","18,50","19,65",null,18.5,19.649999999999999,"Sinapi 92529"]
["92530","MONTAGEM E DESMONTAGEM DE FÔRMA DE LAJE MACIÇA COM ÁREA MÉDIA MAIOR QUE 20 M², PÉ-DIREITO SIMPLES, EM CHAPA DE MADEIRA COMPENSADA PLASTIFICADA, 12 UTILIZAÇÕES. AF_12/2015","M2","17,43","18,45",null,17.43,18.45,"Sinapi 92530"]
["92531","MONTAGEM E DESMONTAGEM DE FÔRMA DE LAJE MACIÇA COM ÁREA MÉDIA MENOR OU IGUAL A 20 M², PÉ-DIREITO DUPLO, EM CHAPA DE MADEIRA COMPENSADA PLASTIFICADA, 14 UTILIZAÇÕES. AF_12/2015","M2","43,09","44,94",null,43.09,44.94,"Sinapi 92531"]
["92532","MONTAGEM E DESMONTAGEM DE FÔRMA DE LAJE MACIÇA COM ÁREA MÉDIA MAIOR QUE 20 M², PÉ-DIREITO DUPLO, EM CHAPA DE MADEIRA COMPENSADA PLASTIFICADA, 14 UTILIZAÇÕES. AF_12/2015","M2","41,96","43,70",null,41.96,43.7,"Sinapi 92532"]
["92533","MONTAGEM E DESMONTAGEM DE FÔRMA DE LAJE MACIÇA COM ÁREA MÉDIA MENOR OU IGUAL A 20 M², PÉ-DIREITO SIMPLES, EM CHAPA DE MADEIRA COMPENSADA PLASTIFICADA, 14 UTILIZAÇÕES. AF_12/2015","M2","17,81","18,93",null,17.809999999999999,18.93,"Sinapi 92533"]
["92534","MONTAGEM E DESMONTAGEM DE FÔRMA DE LAJE MACIÇA COM ÁREA MÉDIA MAIOR QUE 20 M², PÉ-DIREITO SIMPLES, EM CHAPA DE MADEIRA COMPENSADA PLASTIFICADA, 14 UTILIZAÇÕES. AF_12/2015","M2","16,79","17,80",null,16.79,17.8,"Sinapi 92534"]
["92535","MONTAGEM E DESMONTAGEM DE FÔRMA DE LAJE MACIÇA COM ÁREA MÉDIA MENOR OU IGUAL A 20 M², PÉ-DIREITO DUPLO, EM CHAPA DE MADEIRA COMPENSADA PLASTIFICADA, 18 UTILIZAÇÕES. AF_12/2015","M2","41,56","43,34",null,41.56,43.34,"Sinapi 92535"]
["92536","MONTAGEM E DESMONTAGEM DE FÔRMA DE LAJE MACIÇA COM ÁREA MÉDIA MAIOR QUE 20 M², PÉ-DIREITO DUPLO, EM CHAPA DE MADEIRA COMPENSADA PLASTIFICADA, 18 UTILIZAÇÕES. AF_12/2015","M2","40,48","42,14",null,40.479999999999997,42.14,"Sinapi 92536"]
["92537","MONTAGEM E DESMONTAGEM DE FÔRMA DE LAJE MACIÇA COM ÁREA MÉDIA MENOR OU IGUAL A 20 M², PÉ-DIREITO SIMPLES, EM CHAPA DE MADEIRA COMPENSADA PLASTIFICADA, 18 UTILIZAÇÕES. AF_12/2015","M2","16,50","17,58",null,16.5,17.579999999999998,"Sinapi 92537"]
["92538","MONTAGEM E DESMONTAGEM DE FÔRMA DE LAJE MACIÇA COM ÁREA MÉDIA MAIOR QUE 20 M², PÉ-DIREITO SIMPLES, EM CHAPA DE MADEIRA COMPENSADA PLASTIFICADA, 18 UTILIZAÇÕES. AF_12/2015","M2","15,50","16,47",null,15.5,16.47,"Sinapi 92538"]
["95934","FABRICAÇÃO DE FÔRMA PARA ESCADAS, COM 2 LANCES, EM CHAPA DE MADEIRA COMPENSADA PLASTIFICADA, E=18 MM. AF_01/2017","M2","102,30","105,38",null,102.3,105.38,"Sinapi 95934"]
["95935","FABRICAÇÃO DE FÔRMA PARA ESCADAS, COM 2 LANCES, EM CHAPA DE MADEIRA COMPENSADA RESINADA, E= 17 MM. AF_01/2017","M2","86,08","89,16",null,86.08,89.16,"Sinapi 95935"]
["95936","FABRICAÇÃO DE FÔRMA PARA ESCADAS, COM 2 LANCES, EM MADEIRA SERRADA, E=25 MM. AF_01/2017","M2","126,46","129,19",null,126.46,129.19,"Sinapi 95936"]
["95937","MONTAGEM E DESMONTAGEM DE FÔRMA PARA ESCADAS, COM 2 LANCES, EM MADEIRA SERRADA, 1 UTILIZAÇÃO. AF_01/2017","M2","272,84","288,40",null,272.83999999999997,288.39999999999998,"Sinapi 95937"]
["95938","MONTAGEM E DESMONTAGEM DE FÔRMA PARA ESCADAS, COM 2 LANCES, EM MADEIRA SERRADA, 2 UTILIZAÇÕES. AF_01/2017","M2","228,47","240,36",null,228.47,240.36,"Sinapi 95938"]
["95939","MONTAGEM E DESMONTAGEM DE FÔRMA PARA ESCADAS, COM 2 LANCES, EM CHAPA DE MADEIRA COMPENSADA RESINADA, 4 UTILIZAÇÕES. AF_01/2017","M2","143,04","151,61",null,143.04,151.61000000000001,"Sinapi 95939"]
["95940","MONTAGEM E DESMONTAGEM DE FÔRMA PARA ESCADAS, COM 2 LANCES, EM CHAPA DE MADEIRA COMPENSADA PLASTIFICADA, 6 UTILIZAÇÕES. AF_01/2017","M2","117,15","124,13",null,117.15,124.13,"Sinapi 95940"]
["95941","MONTAGEM E DESMONTAGEM DE FÔRMA PARA ESCADAS, COM 2 LANCES, EM CHAPA DE MADEIRA COMPENSADA PLASTIFICADA, 8 UTILIZAÇÕES. AF_01/2017","M2","103,74","110,15",null,103.74,110.15,"Sinapi 95941"]
["95942","MONTAGEM E DESMONTAGEM DE FÔRMA PARA ESCADAS, COM 2 LANCES, EM CHAPA DE MADEIRA COMPENSADA PLASTIFICADA, 10 UTILIZAÇÕES. AF_01/2017","M2","95,40","101,46",null,95.4,101.46,"Sinapi 95942"]
["96252","FABRICAÇÃO DE FÔRMA PARA PILARES CIRCULARES, EM CHAPA DE MADEIRA COMPENSADA RESINADA. AF_06/2017","M2","152,53","158,50",null,152.53,158.5,"Sinapi 96252"]
["96257","MONTAGEM E DESMONTAGEM DE FÔRMA DE PILARES CIRCULARES, COM ÁREA MÉDIA DAS SEÇÕES MENOR OU IGUAL A 0,28 M², PÉ-DIREITO SIMPLES, EM MADEIRA, 2 UTILIZAÇÕES. AF_06/2017","M2","132,27","140,80",null,132.27000000000001,140.80000000000001,"Sinapi 96257"]
["96258","MONTAGEM E DESMONTAGEM DE FÔRMA DE PILARES CIRCULARES, COM ÁREA MÉDIA DAS SEÇÕES MAIOR QUE 0,28 M², PÉ-DIREITO SIMPLES, EM MADEIRA, 2 UTILIZAÇÕES. AF_06/2017","M2","123,56","131,27",null,123.56,131.27000000000001,"Sinapi 96258"]
["96259","MONTAGEM E DESMONTAGEM DE FÔRMA DE PILARES CIRCULARES, COM ÁREA MÉDIA DAS SEÇÕES MENOR OU IGUAL A 0,28 M², PÉ-DIREITO DUPLO, EM MADEIRA, 2 UTILIZAÇÕES. AF_06/2017","M2","150,58","161,33",null,150.58000000000001,161.33000000000001,"Sinapi 96259"]
["96529","FABRICAÇÃO, MONTAGEM E DESMONTAGEM DE FÔRMA PARA SAPATA, EM MADEIRA SERRADA, E=25 MM, 1 UTILIZAÇÃO. AF_06/2017","M2","216,94","230,25",null,216.94,230.25,"Sinapi 96529"]
["96530","FABRICAÇÃO, MONTAGEM E DESMONTAGEM DE FÔRMA PARA VIGA BALDRAME, EM MADEIRA SERRADA, E=25 MM, 1 UTILIZAÇÃO. AF_06/2017","M2","112,82","117,60",null,112.82,117.6,"Sinapi 96530"]
["96531","FABRICAÇÃO, MONTAGEM E DESMONTAGEM DE FÔRMA PARA BLOCO DE COROAMENTO, EM MADEIRA SERRADA, E=25 MM, 2 UTILIZAÇÕES. AF_06/2017","M2","81,95","86,75",null,81.95,86.75,"Sinapi 96531"]
["96532","FABRICAÇÃO, MONTAGEM E DESMONTAGEM DE FÔRMA PARA SAPATA, EM MADEIRA SERRADA, E=25 MM, 2 UTILIZAÇÕES. AF_06/2017","M2","141,76","151,91",null,141.76,151.91,"Sinapi 96532"]
["96533","FABRICAÇÃO, MONTAGEM E DESMONTAGEM DE FÔRMA PARA VIGA BALDRAME, EM MADEIRA SERRADA, E=25 MM, 2 UTILIZAÇÕES. AF_06/2017","M2","72,00","75,96",null,72,75.959999999999994,"Sinapi 96533"]
["96534","FABRICAÇÃO, MONTAGEM E DESMONTAGEM DE FÔRMA PARA BLOCO DE COROAMENTO, EM MADEIRA SERRADA, E=25 MM, 4 UTILIZAÇÕES. AF_06/2017","M2","59,46","63,81",null,59.46,63.81,"Sinapi 96534"]
["96535","FABRICAÇÃO, MONTAGEM E DESMONTAGEM DE FÔRMA PARA SAPATA, EM MADEIRA SERRADA, E=25 MM, 4 UTILIZAÇÕES. AF_06/2017","M2","102,61","111,13",null,102.61,111.13,"Sinapi 96535"]
["96536","FABRICAÇÃO, MONTAGEM E DESMONTAGEM DE FÔRMA PARA VIGA BALDRAME, EM MADEIRA SERRADA, E=25 MM, 4 UTILIZAÇÕES. AF_06/2017","M2","50,76","54,28",null,50.76,54.28,"Sinapi 96536"]
["96537","FABRICAÇÃO, MONTAGEM E DESMONTAGEM DE FÔRMA PARA BLOCO DE COROAMENTO, EM CHAPA DE MADEIRA COMPENSADA RESINADA, E=17 MM, 2 UTILIZAÇÕES. AF_06/2017","M2","119,56","127,44",null,119.56,127.44,"Sinapi 96537"]
["96538","FABRICAÇÃO, MONTAGEM E DESMONTAGEM DE FÔRMA PARA SAPATA, EM CHAPA DE MADEIRA COMPENSADA RESINADA, E=17 MM, 2 UTILIZAÇÕES. AF_06/2017","M2","175,31","189,73",null,175.31,189.73,"Sinapi 96538"]
["96539","FABRICAÇÃO, MONTAGEM E DESMONTAGEM DE FÔRMA PARA VIGA BALDRAME, EM CHAPA DE MADEIRA COMPENSADA RESINADA, E=17 MM, 2 UTILIZAÇÕES. AF_06/2017","M2","78,58","84,54",null,78.58,84.54,"Sinapi 96539"]
["96540","FABRICAÇÃO, MONTAGEM E DESMONTAGEM DE FÔRMA PARA BLOCO DE COROAMENTO, EM CHAPA DE MADEIRA COMPENSADA RESINADA, E=17 MM, 4 UTILIZAÇÕES. AF_06/2017","M2","86,93","93,72",null,86.93,93.72,"Sinapi 96540"]
["96541","FABRICAÇÃO, MONTAGEM E DESMONTAGEM DE FÔRMA PARA SAPATA, EM CHAPA DE MADEIRA COMPENSADA RESINADA, E=17 MM, 4 UTILIZAÇÕES. AF_06/2017","M2","128,58","140,17",null,128.58000000000001,140.16999999999999,"Sinapi 96541"]
["96542","FABRICAÇÃO, MONTAGEM E DESMONTAGEM DE FÔRMA PARA VIGA BALDRAME, EM CHAPA DE MADEIRA COMPENSADA RESINADA, E=17 MM, 4 UTILIZAÇÕES. AF_06/2017","M2","61,72","67,11",null,61.72,67.11,"Sinapi 96542"]
["96543","ARMAÇÃO DE BLOCO, VIGA BALDRAME E SAPATA UTILIZANDO AÇO CA-60 DE 5 MM - MONTAGEM. AF_06/2017","KG","12,71","13,45",null,12.71,13.45,"Sinapi 96543"]
["97747","MONTAGEM E DESMONTAGEM DE FÔRMA DE PILARES CIRCULARES, COM ÁREA MÉDIA DAS SEÇÕES MAIOR QUE 0,28 M², PÉ-DIREITO DUPLO, EM MADEIRA, 2 UTILIZAÇÕES.  AF_06/2017","M2","139,22","148,79",null,139.22,148.79,"Sinapi 97747"]
["73771/1","PROTENSAO DE TIRANTES DE BARRA DE ACO CA-50 EXCL MATERIAIS","UN","19,89","22,11",null,19.89,22.11,"Sinapi 73771/1"]
["73990/1","ARMACAO ACO CA-50 P/1,0M3 DE CONCRETO","UN","564,85","577,72",null,564.85,577.72,"Sinapi 73990/1"]
["85662","ARMACAO EM TELA DE ACO SOLDADA NERVURADA Q-92, ACO CA-60, 4,2MM, MALHA 15X15CM","M2","10,49","10,65",null,10.49,10.65,"Sinapi 85662"]
["89996","ARMAÇÃO VERTICAL DE ALVENARIA ESTRUTURAL; DIÂMETRO DE 10,0 MM. AF_01/2015","KG","7,40","7,61",null,7.4,7.61,"Sinapi 89996"]
["89997","ARMAÇÃO VERTICAL DE ALVENARIA ESTRUTURAL; DIÂMETRO DE 12,5 MM. AF_01/2015","KG","5,98","6,12",null,5.98,6.12,"Sinapi 89997"]
["89998","ARMAÇÃO DE CINTA DE ALVENARIA ESTRUTURAL; DIÂMETRO DE 10,0 MM. AF_01/2015","KG","6,98","7,14",null,6.98,7.14,"Sinapi 89998"]
["89999","ARMAÇÃO DE VERGA E CONTRAVERGA DE ALVENARIA ESTRUTURAL; DIÂMETRO DE 8,0 MM. AF_01/2015","KG","10,48","10,99",null,10.48,10.99,"Sinapi 89999"]
["90000","ARMAÇÃO DE VERGA E CONTRAVERGA DE ALVENARIA ESTRUTURAL; DIÂMETRO DE 10,0 MM. AF_01/2015","KG","8,47","8,79",null,8.4700000000000006,8.7899999999999991,"Sinapi 90000"]
["91593","ARMAÇÃO DO SISTEMA DE PAREDES DE CONCRETO, EXECUTADA EM PAREDES DE EDIFICAÇÕES DE MÚLTIPLOS PAVIMENTOS, TELA Q-138. AF_06/2019","KG","6,96","7,02",null,6.96,7.02,"Sinapi 91593"]
["91594","ARMAÇÃO DO SISTEMA DE PAREDES DE CONCRETO, EXECUTADA EM PAREDES DE EDIFICAÇÕES TÉRREAS OU DE MÚLTIPLOS PAVIMENTOS, TELA Q-92. AF_06/2019","KG","7,27","7,37",null,7.27,7.37,"Sinapi 91594"]
["91595","ARMAÇÃO DO SISTEMA DE PAREDES DE CONCRETO, EXECUTADA EM PAREDES DE EDIFICAÇÕES TÉRREAS, TELA Q-61. AF_06/2019","KG","7,80","7,97",null,7.8,7.97,"Sinapi 91595"]
["91596","ARMAÇÃO DO SISTEMA DE PAREDES DE CONCRETO, EXECUTADA COMO ARMADURA POSITIVA DE LAJES, TELA Q-138. AF_06/2019","KG","7,19","7,28",null,7.19,7.28,"Sinapi 91596"]
["91597","ARMAÇÃO DO SISTEMA DE PAREDES DE CONCRETO, EXECUTADA COMO ARMADURA NEGATIVA DE LAJES, TELA T-196. AF_06/2019","KG","5,15","5,25",null,5.15,5.25,"Sinapi 91597"]
["91598","ARMAÇÃO DO SISTEMA DE PAREDES DE CONCRETO, EXECUTADA COMO ARMADURA POSITIVA DE LAJES, TELA Q-113. AF_06/2019","KG","7,11","7,22",null,7.11,7.22,"Sinapi 91598"]
["91599","ARMAÇÃO DO SISTEMA DE PAREDES DE CONCRETO, EXECUTADA COMO ARMADURA NEGATIVA DE LAJES, TELA L-159. AF_06/2019","KG","5,43","5,55",null,{"$f":"IF(D2184=\"\",\"\",D2184+0)","v":5.43},{"$f":"IF(E2184=\"\",\"\",E2184+0)","v":5.55},{"$f":"IF(OR(G2184=\"\",H2184=\"\"),\"\",CONCATENATE(\"Sinapi \",A2184))","v":"Sinapi 91599"}]
["91600","ARMAÇÃO DO SISTEMA DE PAREDES DE CONCRETO, EXECUTADA EM PLATIBANDAS, TELA Q-92. AF_06/2019","KG","9,10","9,41",null,9.1,9.41,"Sinapi 91600"]
["91601","ARMAÇÃO DO SISTEMA DE PAREDES DE CONCRETO, EXECUTADA COMO REFORÇO, VERGALHÃO DE 6,3 MM DE DIÂMETRO. AF_06/2019","KG","8,47","8,68",null,8.4700000000000006,8.68,"Sinapi 91601"]
["91602","ARMAÇÃO DO SISTEMA DE PAREDES DE CONCRETO, EXECUTADA COMO REFORÇO, VERGALHÃO DE 8,0 MM DE DIÂMETRO. AF_06/2019","KG","7,71","7,84",null,7.71,7.84,"Sinapi 91602"]
["91603","ARMAÇÃO DO SISTEMA DE PAREDES DE CONCRETO, EXECUTADA COMO REFORÇO, VERGALHÃO DE 10,0 MM DE DIÂMETRO. AF_06/2019","KG","7,29","7,41",null,7.29,7.41,"Sinapi 91603"]
["92759","ARMAÇÃO DE PILAR OU VIGA DE UMA ESTRUTURA CONVENCIONAL DE CONCRETO ARMADO EM UM EDIFÍCIO DE MÚLTIPLOS PAVIMENTOS UTILIZANDO AÇO CA-60 DE 5,0 MM - MONTAGEM. AF_12/2015","KG","10,50","11,01",null,10.5,11.01,"Sinapi 92759"]
["92760","ARMAÇÃO DE PILAR OU VIGA DE UMA ESTRUTURA CONVENCIONAL DE CONCRETO ARMADO EM UM EDIFÍCIO DE MÚLTIPLOS PAVIMENTOS UTILIZANDO AÇO CA-50 DE 6,3 MM - MONTAGEM. AF_12/2015","KG","9,65","10,00",null,9.65,10,"Sinapi 92760"]
["92761","ARMAÇÃO DE PILAR OU VIGA DE UMA ESTRUTURA CONVENCIONAL DE CONCRETO ARMADO EM UM EDIFÍCIO DE MÚLTIPLOS PAVIMENTOS UTILIZANDO AÇO CA-50 DE 8,0 MM - MONTAGEM. AF_12/2015","KG","8,91","9,13",null,8.91,9.1300000000000008,"Sinapi 92761"]
["92762","ARMAÇÃO DE PILAR OU VIGA DE UMA ESTRUTURA CONVENCIONAL DE CONCRETO ARMADO EM UM EDIFÍCIO DE MÚLTIPLOS PAVIMENTOS UTILIZANDO AÇO CA-50 DE 10,0 MM - MONTAGEM. AF_12/2015","KG","7,88","8,05",null,7.88,8.0500000000000007,"Sinapi 92762"]
["92763","ARMAÇÃO DE PILAR OU VIGA DE UMA ESTRUTURA CONVENCIONAL DE CONCRETO ARMADO EM UM EDIFÍCIO DE MÚLTIPLOS PAVIMENTOS UTILIZANDO AÇO CA-50 DE 12,5 MM - MONTAGEM. AF_12/2015","KG","6,60","6,71",null,6.6,6.71,"Sinapi 92763"]
["92764","ARMAÇÃO DE PILAR OU VIGA DE UMA ESTRUTURA CONVENCIONAL DE CONCRETO ARMADO EM UM EDIFÍCIO DE MÚLTIPLOS PAVIMENTOS UTILIZANDO AÇO CA-50 DE 16,0 MM - MONTAGEM. AF_12/2015","KG","6,21","6,29",null,6.21,6.29,"Sinapi 92764"]
["92765","ARMAÇÃO DE PILAR OU VIGA DE UMA ESTRUTURA CONVENCIONAL DE CONCRETO ARMADO EM UM EDIFÍCIO DE MÚLTIPLOS PAVIMENTOS UTILIZANDO AÇO CA-50 DE 20,0 MM - MONTAGEM. AF_12/2015","KG","6,93","6,97",null,6.93,6.97,"Sinapi 92765"]
["92766","ARMAÇÃO DE PILAR OU VIGA DE UMA ESTRUTURA CONVENCIONAL DE CONCRETO ARMADO EM UM EDIFÍCIO DE MÚLTIPLOS PAVIMENTOS UTILIZANDO AÇO CA-50 DE 25,0 MM - MONTAGEM. AF_12/2015","KG","6,74","6,76",null,6.74,6.76,"Sinapi 92766"]
["92767","ARMAÇÃO DE LAJE DE UMA ESTRUTURA CONVENCIONAL DE CONCRETO ARMADO EM UM EDIFÍCIO DE MÚLTIPLOS PAVIMENTOS UTILIZANDO AÇO CA-60 DE 4,2 MM - MONTAGEM. AF_12/2015","KG","10,64","11,15",null,10.64,11.15,"Sinapi 92767"]
["92768","ARMAÇÃO DE LAJE DE UMA ESTRUTURA CONVENCIONAL DE CONCRETO ARMADO EM UM EDIFÍCIO DE MÚLTIPLOS PAVIMENTOS UTILIZANDO AÇO CA-60 DE 5,0 MM - MONTAGEM. AF_12/2015","KG","9,33","9,70",null,9.33,9.6999999999999993,"Sinapi 92768"]
["92769","ARMAÇÃO DE LAJE DE UMA ESTRUTURA CONVENCIONAL DE CONCRETO ARMADO EM UM EDIFÍCIO DE MÚLTIPLOS PAVIMENTOS UTILIZANDO AÇO CA-50 DE 6,3 MM - MONTAGEM. AF_12/2015","KG","8,77","9,01",null,8.77,9.01,"Sinapi 92769"]
["92770","ARMAÇÃO DE LAJE DE UMA ESTRUTURA CONVENCIONAL DE CONCRETO ARMADO EM UM EDIFÍCIO DE MÚLTIPLOS PAVIMENTOS UTILIZANDO AÇO CA-50 DE 8,0 MM - MONTAGEM. AF_12/2015","KG","8,23","8,39",null,8.23,8.39,"Sinapi 92770"]
["92771","ARMAÇÃO DE LAJE DE UMA ESTRUTURA CONVENCIONAL DE CONCRETO ARMADO EM UM EDIFÍCIO DE MÚLTIPLOS PAVIMENTOS UTILIZANDO AÇO CA-50 DE 10,0 MM - MONTAGEM. AF_12/2015","KG","7,35","7,47",null,7.35,7.47,"Sinapi 92771"]
["92772","ARMAÇÃO DE LAJE DE UMA ESTRUTURA CONVENCIONAL DE CONCRETO ARMADO EM UM EDIFÍCIO DE MÚLTIPLOS PAVIMENTOS UTILIZANDO AÇO CA-50 DE 12,5 MM - MONTAGEM. AF_12/2015","KG","6,21","6,28",null,6.21,6.28,"Sinapi 92772"]
["92773","ARMAÇÃO DE LAJE DE UMA ESTRUTURA CONVENCIONAL DE CONCRETO ARMADO EM UM EDIFÍCIO DE MÚLTIPLOS PAVIMENTOS UTILIZANDO AÇO CA-50 DE 16,0 MM - MONTAGEM. AF_12/2015","KG","5,94","5,98",null,5.94,5.98,"Sinapi 92773"]
["92774","ARMAÇÃO DE LAJE DE UMA ESTRUTURA CONVENCIONAL DE CONCRETO ARMADO EM UM EDIFÍCIO DE MÚLTIPLOS PAVIMENTOS UTILIZANDO AÇO CA-50 DE 20,0 MM - MONTAGEM. AF_12/2015","KG","6,72","6,75",null,6.72,6.75,"Sinapi 92774"]
["92775","ARMAÇÃO DE PILAR OU VIGA DE UMA ESTRUTURA CONVENCIONAL DE CONCRETO ARMADO EM UMA EDIFICAÇÃO TÉRREA OU SOBRADO UTILIZANDO AÇO CA-60 DE 5,0 MM - MONTAGEM. AF_12/2015","KG","12,77","13,54",null,12.77,13.54,"Sinapi 92775"]
["92776","ARMAÇÃO DE PILAR OU VIGA DE UMA ESTRUTURA CONVENCIONAL DE CONCRETO ARMADO EM UMA EDIFICAÇÃO TÉRREA OU SOBRADO UTILIZANDO AÇO CA-50 DE 6,3 MM - MONTAGEM. AF_12/2015","KG","11,39","11,94",null,11.39,11.94,"Sinapi 92776"]
["92777","ARMAÇÃO DE PILAR OU VIGA DE UMA ESTRUTURA CONVENCIONAL DE CONCRETO ARMADO EM UMA EDIFICAÇÃO TÉRREA OU SOBRADO UTILIZANDO AÇO CA-50 DE 8,0 MM - MONTAGEM. AF_12/2015","KG","10,20","10,58",null,10.199999999999999,10.58,"Sinapi 92777"]
["92778","ARMAÇÃO DE PILAR OU VIGA DE UMA ESTRUTURA CONVENCIONAL DE CONCRETO ARMADO EM UMA EDIFICAÇÃO TÉRREA OU SOBRADO UTILIZANDO AÇO CA-50 DE 10,0 MM - MONTAGEM. AF_12/2015","KG","8,85","9,14",null,8.85,9.14,"Sinapi 92778"]
["92779","ARMAÇÃO DE PILAR OU VIGA DE UMA ESTRUTURA CONVENCIONAL DE CONCRETO ARMADO EM UMA EDIFICAÇÃO TÉRREA OU SOBRADO UTILIZANDO AÇO CA-50 DE 12,5 MM - MONTAGEM. AF_12/2015","KG","7,31","7,50",null,7.31,7.5,"Sinapi 92779"]
["92780","ARMAÇÃO DE PILAR OU VIGA DE UMA ESTRUTURA CONVENCIONAL DE CONCRETO ARMADO EM UMA EDIFICAÇÃO TÉRREA OU SOBRADO UTILIZANDO AÇO CA-50 DE 16,0 MM - MONTAGEM. AF_12/2015","KG","6,70","6,83",null,6.7,6.83,"Sinapi 92780"]
["92781","ARMAÇÃO DE PILAR OU VIGA DE UMA ESTRUTURA CONVENCIONAL DE CONCRETO ARMADO EM UMA EDIFICAÇÃO TÉRREA OU SOBRADO UTILIZANDO AÇO CA-50 DE 20,0 MM - MONTAGEM. AF_12/2015","KG","7,25","7,32",null,7.25,7.32,"Sinapi 92781"]
["92782","ARMAÇÃO DE PILAR OU VIGA DE UMA ESTRUTURA CONVENCIONAL DE CONCRETO ARMADO EM UMA EDIFICAÇÃO TÉRREA OU SOBRADO UTILIZANDO AÇO CA-50 DE 25,0 MM - MONTAGEM. AF_12/2015","KG","6,92","6,98",null,6.92,6.98,"Sinapi 92782"]
["92783","ARMAÇÃO DE LAJE DE UMA ESTRUTURA CONVENCIONAL DE CONCRETO ARMADO EM UMA EDIFICAÇÃO TÉRREA OU SOBRADO UTILIZANDO AÇO CA-60 DE 4,2 MM - MONTAGEM. AF_12/2015","KG","12,57","13,30",null,12.57,13.3,"Sinapi 92783"]
["92784","ARMAÇÃO DE LAJE DE UMA ESTRUTURA CONVENCIONAL DE CONCRETO ARMADO EM UMA EDIFICAÇÃO TÉRREA OU SOBRADO UTILIZANDO AÇO CA-60 DE 5,0 MM - MONTAGEM. AF_12/2015","KG","10,89","11,44",null,10.89,11.44,"Sinapi 92784"]
["92785","ARMAÇÃO DE LAJE DE UMA ESTRUTURA CONVENCIONAL DE CONCRETO ARMADO EM UMA EDIFICAÇÃO TÉRREA OU SOBRADO UTILIZANDO AÇO CA-50 DE 6,3 MM - MONTAGEM. AF_12/2015","KG","9,96","10,33",null,9.9600000000000009,10.33,"Sinapi 92785"]
["92786","ARMAÇÃO DE LAJE DE UMA ESTRUTURA CONVENCIONAL DE CONCRETO ARMADO EM UMA EDIFICAÇÃO TÉRREA OU SOBRADO UTILIZANDO AÇO CA-50 DE 8,0 MM - MONTAGEM. AF_12/2015","KG","9,10","9,36",null,9.1,9.36,"Sinapi 92786"]
["92787","ARMAÇÃO DE LAJE DE UMA ESTRUTURA CONVENCIONAL DE CONCRETO ARMADO EM UMA EDIFICAÇÃO TÉRREA OU SOBRADO UTILIZANDO AÇO CA-50 DE 10,0 MM - MONTAGEM. AF_12/2015","KG","7,99","8,18",null,7.99,8.18,"Sinapi 92787"]
["92788","ARMAÇÃO DE LAJE DE UMA ESTRUTURA CONVENCIONAL DE CONCRETO ARMADO EM UMA EDIFICAÇÃO TÉRREA OU SOBRADO UTILIZANDO AÇO CA-50 DE 12,5 MM - MONTAGEM. AF_12/2015","KG","6,66","6,78",null,6.66,6.78,"Sinapi 92788"]
["92789","ARMAÇÃO DE LAJE DE UMA ESTRUTURA CONVENCIONAL DE CONCRETO ARMADO EM UMA EDIFICAÇÃO TÉRREA OU SOBRADO UTILIZANDO AÇO CA-50 DE 16,0 MM - MONTAGEM. AF_12/2015","KG","6,23","6,30",null,6.23,6.3,"Sinapi 92789"]
["92790","ARMAÇÃO DE LAJE DE UMA ESTRUTURA CONVENCIONAL DE CONCRETO ARMADO EM UMA EDIFICAÇÃO TÉRREA OU SOBRADO UTILIZANDO AÇO CA-50 DE 20,0 MM - MONTAGEM. AF_12/2015","KG","6,90","6,94",null,6.9,6.94,"Sinapi 92790"]
["92791","CORTE E DOBRA DE AÇO CA-60, DIÂMETRO DE 5,0 MM, UTILIZADO EM ESTRUTURAS DIVERSAS, EXCETO LAJES. AF_12/2015","KG","7,25","7,44",null,7.25,7.44,"Sinapi 92791"]
["92792","CORTE E DOBRA DE AÇO CA-50, DIÂMETRO DE 6,3 MM, UTILIZADO EM ESTRUTURAS DIVERSAS, EXCETO LAJES. AF_12/2015","KG","7,10","7,21",null,7.1,7.21,"Sinapi 92792"]
["92793","CORTE E DOBRA DE AÇO CA-50, DIÂMETRO DE 8,0 MM, UTILIZADO EM ESTRUTURAS DIVERSAS, EXCETO LAJES. AF_12/2015","KG","6,93","6,98",null,6.93,6.98,"Sinapi 92793"]
["92794","CORTE E DOBRA DE AÇO CA-50, DIÂMETRO DE 10,0 MM, UTILIZADO EM ESTRUTURAS DIVERSAS, EXCETO LAJES. AF_12/2015","KG","6,34","6,38",null,6.34,6.38,"Sinapi 92794"]
["92795","CORTE E DOBRA DE AÇO CA-50, DIÂMETRO DE 12,5 MM, UTILIZADO EM ESTRUTURAS DIVERSAS, EXCETO LAJES. AF_12/2015","KG","5,41","5,42",null,5.41,5.42,"Sinapi 92795"]
["92796","CORTE E DOBRA DE AÇO CA-50, DIÂMETRO DE 16,0 MM, UTILIZADO EM ESTRUTURAS DIVERSAS, EXCETO LAJES. AF_12/2015","KG","5,33","5,34",null,5.33,5.34,"Sinapi 92796"]
["92797","CORTE E DOBRA DE AÇO CA-50, DIÂMETRO DE 20,0 MM, UTILIZADO EM ESTRUTURAS DIVERSAS, EXCETO LAJES. AF_12/2015","KG","6,26","6,26",null,6.26,6.26,"Sinapi 92797"]
["92798","CORTE E DOBRA DE AÇO CA-50, DIÂMETRO DE 25,0 MM, UTILIZADO EM ESTRUTURAS DIVERSAS, EXCETO LAJES. AF_12/2015","KG","6,24","6,24",null,6.24,6.24,"Sinapi 92798"]
["92799","CORTE E DOBRA DE AÇO CA-60, DIÂMETRO DE 4,2 MM, UTILIZADO EM LAJE. AF_12/2015","KG","7,61","7,85",null,7.61,7.85,"Sinapi 92799"]
["92800","CORTE E DOBRA DE AÇO CA-60, DIÂMETRO DE 5,0 MM, UTILIZADO EM LAJE. AF_12/2015","KG","6,82","6,98",null,6.82,6.98,"Sinapi 92800"]
["92801","CORTE E DOBRA DE AÇO CA-50, DIÂMETRO DE 6,3 MM, UTILIZADO EM LAJE. AF_12/2015","KG","6,85","6,93",null,6.85,6.93,"Sinapi 92801"]
["92802","CORTE E DOBRA DE AÇO CA-50, DIÂMETRO DE 8,0 MM, UTILIZADO EM LAJE. AF_12/2015","KG","6,78","6,82",null,6.78,6.82,"Sinapi 92802"]
["92803","CORTE E DOBRA DE AÇO CA-50, DIÂMETRO DE 10,0 MM, UTILIZADO EM LAJE. AF_12/2015","KG","6,25","6,28",null,6.25,6.28,"Sinapi 92803"]
["92804","CORTE E DOBRA DE AÇO CA-50, DIÂMETRO DE 12,5 MM, UTILIZADO EM LAJE. AF_12/2015","KG","5,36","5,37",null,5.36,5.37,"Sinapi 92804"]
["92805","CORTE E DOBRA DE AÇO CA-50, DIÂMETRO DE 16,0 MM, UTILIZADO EM LAJE. AF_12/2015","KG","5,31","5,31",null,5.31,5.31,"Sinapi 92805"]
["92806","CORTE E DOBRA DE AÇO CA-50, DIÂMETRO DE 20,0 MM, UTILIZADO EM LAJE. AF_12/2015","KG","6,24","6,24",null,6.24,6.24,"Sinapi 92806"]
["92875","CORTE E DOBRA DE AÇO CA-25, DIÂMETRO DE 6,3 MM. AF_12/2015","KG","6,54","6,65",null,6.54,6.65,"Sinapi 92875"]
["92876","CORTE E DOBRA DE AÇO CA-25, DIÂMETRO DE 8,0 MM. AF_12/2015","KG","6,32","6,37",null,6.32,6.37,"Sinapi 92876"]
["92877","CORTE E DOBRA DE AÇO CA-25, DIÂMETRO DE 10,0 MM. AF_12/2015","KG","6,79","6,83",null,6.79,6.83,"Sinapi 92877"]
["92878","CORTE E DOBRA DE AÇO CA-25, DIÂMETRO DE 12,5 MM. AF_12/2015","KG","4,94","4,95",null,4.9400000000000004,4.95,"Sinapi 92878"]
["92879","CORTE E DOBRA DE AÇO CA-25, DIÂMETRO DE 16,0 MM. AF_12/2015","KG","6,59","6,60",null,6.59,6.6,"Sinapi 92879"]
["92880","CORTE E DOBRA DE AÇO CA-25, DIÂMETRO DE 20,0 MM. AF_12/2015","KG","6,74","6,74",null,6.74,6.74,"Sinapi 92880"]
["92881","CORTE E DOBRA DE AÇO CA-25, DIÂMETRO DE 25,0 MM. AF_12/2015","KG","6,72","6,72",null,6.72,6.72,"Sinapi 92881"]
["92882","ARMAÇÃO UTILIZANDO AÇO CA-25 DE 6,3 MM - MONTAGEM. AF_12/2015","KG","9,09","9,44",null,9.09,9.44,"Sinapi 92882"]
["92883","ARMAÇÃO UTILIZANDO AÇO CA-25 DE 8,0 MM - MONTAGEM. AF_12/2015","KG","8,30","8,52",null,8.3000000000000007,8.52,"Sinapi 92883"]
["92884","ARMAÇÃO UTILIZANDO AÇO CA-25 DE 10,0 MM - MONTAGEM. AF_12/2015","KG","8,33","8,50",null,8.33,8.5,"Sinapi 92884"]
["92885","ARMAÇÃO UTILIZANDO AÇO CA-25 DE 12,5 MM - MONTAGEM. AF_12/2015","KG","6,13","6,24",null,6.13,6.24,"Sinapi 92885"]
["92886","ARMAÇÃO UTILIZANDO AÇO CA-25 DE 16,0 MM - MONTAGEM. AF_12/2015","KG","7,47","7,55",null,{"$f":"IF(D2248=\"\",\"\",D2248+0)","v":7.47},{"$f":"IF(E2248=\"\",\"\",E2248+0)","v":7.55},{"$f":"IF(OR(G2248=\"\",H2248=\"\"),\"\",CONCATENATE(\"Sinapi \",A2248))","v":"Sinapi 92886"}]
["92887","ARMAÇÃO UTILIZANDO AÇO CA-25 DE 20,0 MM - MONTAGEM. AF_12/2015","KG","7,41","7,45",null,7.41,7.45,"Sinapi 92887"]
["92888","ARMAÇÃO UTILIZANDO AÇO CA-25 DE 25,0 MM - MONTAGEM. AF_12/2015","KG","7,22","7,24",null,7.22,7.24,"Sinapi 92888"]
["92915","ARMAÇÃO DE ESTRUTURAS DE CONCRETO ARMADO, EXCETO VIGAS, PILARES, LAJES E FUNDAÇÕES, UTILIZANDO AÇO CA-60 DE 5,0 MM - MONTAGEM. AF_12/2015","KG","11,63","12,27",null,11.63,12.27,"Sinapi 92915"]
["92916","ARMAÇÃO DE ESTRUTURAS DE CONCRETO ARMADO, EXCETO VIGAS, PILARES, LAJES E FUNDAÇÕES, UTILIZANDO AÇO CA-50 DE 6,3 MM - MONTAGEM. AF_12/2015","KG","10,52","10,97",null,10.52,10.97,"Sinapi 92916"]
["92917","ARMAÇÃO DE ESTRUTURAS DE CONCRETO ARMADO, EXCETO VIGAS, PILARES, LAJES E FUNDAÇÕES, UTILIZANDO AÇO CA-50 DE 8,0 MM - MONTAGEM. AF_12/2015","KG","9,55","9,86",null,9.5500000000000007,9.86,"Sinapi 92917"]
["92919","ARMAÇÃO DE ESTRUTURAS DE CONCRETO ARMADO, EXCETO VIGAS, PILARES, LAJES E FUNDAÇÕES, UTILIZANDO AÇO CA-50 DE 10,0 MM - MONTAGEM. AF_12/2015","KG","8,37","8,60",null,8.3699999999999992,8.6,"Sinapi 92919"]
["92921","ARMAÇÃO DE ESTRUTURAS DE CONCRETO ARMADO, EXCETO VIGAS, PILARES, LAJES E FUNDAÇÕES, UTILIZANDO AÇO CA-50 DE 12,5 MM - MONTAGEM. AF_12/2015","KG","6,97","7,11",null,6.97,7.11,"Sinapi 92921"]
["92922","ARMAÇÃO DE ESTRUTURAS DE CONCRETO ARMADO, EXCETO VIGAS, PILARES, LAJES E FUNDAÇÕES, UTILIZANDO AÇO CA-50 DE 16,0 MM - MONTAGEM. AF_12/2015","KG","6,45","6,56",null,6.45,6.56,"Sinapi 92922"]
["92923","ARMAÇÃO DE ESTRUTURAS DE CONCRETO ARMADO, EXCETO VIGAS, PILARES, LAJES E FUNDAÇÕES, UTILIZANDO AÇO CA-50 DE 20,0 MM - MONTAGEM. AF_12/2015","KG","7,09","7,15",null,7.09,7.15,"Sinapi 92923"]
["92924","ARMAÇÃO DE ESTRUTURAS DE CONCRETO ARMADO, EXCETO VIGAS, PILARES, LAJES E FUNDAÇÕES, UTILIZANDO AÇO CA-50 DE 25,0 MM - MONTAGEM. AF_12/2015","KG","6,83","6,86",null,6.83,6.86,"Sinapi 92924"]
["95445","CORTE E DOBRA DE AÇO CA-60, DIÂMETRO DE 5,0 MM, UTILIZADO EM ESTRIBO CONTÍNUO HELICOIDAL. AF_10/2016","KG","5,74","5,81",null,5.74,5.81,"Sinapi 95445"]
["95446","CORTE E DOBRA DE AÇO CA-50, DIÂMETRO DE 6,3 MM, UTILIZADO EM ESTRIBO CONTÍNUO HELICOIDAL. AF_10/2016","KG","6,19","6,23",null,6.19,6.23,"Sinapi 95446"]
["95576","MONTAGEM DE ARMADURA LONGITUDINAL/TRANSVERSAL DE ESTACAS DE SEÇÃO CIRCULAR, DIÂMETRO = 8,0 MM. AF_11/2016","KG","9,05","9,32",null,9.0500000000000007,9.32,"Sinapi 95576"]
["95577","MONTAGEM DE ARMADURA LONGITUDINAL DE ESTACAS DE SEÇÃO CIRCULAR, DIÂMETRO = 10,0 MM. AF_11/2016","KG","8,08","8,29",null,8.08,8.2899999999999991,"Sinapi 95577"]
["95578","MONTAGEM DE ARMADURA LONGITUDINAL/TRANSVERSAL DE ESTACAS DE SEÇÃO CIRCULAR, DIÂMETRO = 12,5 MM. AF_11/2016","KG","6,86","7,01",null,6.86,7.01,"Sinapi 95578"]
["95579","MONTAGEM DE ARMADURA LONGITUDINAL DE ESTACAS DE SEÇÃO CIRCULAR, DIÂMETRO = 16,0 MM. AF_11/2016","KG","6,50","6,62",null,6.5,6.62,"Sinapi 95579"]
["95580","MONTAGEM DE ARMADURA LONGITUDINAL DE ESTACAS DE SEÇÃO CIRCULAR, DIÂMETRO = 20,0 MM. AF_11/2016","KG","7,26","7,34",null,7.26,7.34,"Sinapi 95580"]
["95581","MONTAGEM DE ARMADURA LONGITUDINAL DE ESTACAS DE SEÇÃO CIRCULAR, DIÂMETRO = 25,0 MM. AF_11/2016","KG","7,08","7,16",null,7.08,7.16,"Sinapi 95581"]
["95583","MONTAGEM DE ARMADURA TRANSVERSAL DE ESTACAS DE SEÇÃO CIRCULAR, DIÂMETRO = 5,0 MM. AF_11/2016","KG","12,05","12,81",null,12.05,12.81,"Sinapi 95583"]
["95584","MONTAGEM DE ARMADURA TRANSVERSAL DE ESTACAS DE SEÇÃO CIRCULAR, DIÂMETRO = 6,3 MM. AF_11/2016","KG","10,20","10,68",null,10.199999999999999,10.68,"Sinapi 95584"]
["95585","MONTAGEM DE ARMADURA LONGITUDINAL/TRANSVERSAL DE ESTACAS DE SEÇÃO RETANGULAR (BARRETE), DIÂMETRO = 8,0 MM. AF_11/2016","KG","9,44","9,75",null,9.44,9.75,"Sinapi 95585"]
["95586","MONTAGEM DE ARMADURA LONGITUDINAL DE ESTACAS DE SEÇÃO RETANGULAR (BARRETE), DIÂMETRO = 10,0 MM. AF_11/2016","KG","8,39","8,63",null,8.39,8.6300000000000008,"Sinapi 95586"]
["95587","MONTAGEM DE ARMADURA LONGITUDINAL/TRANSVERSAL DE ESTACAS DE SEÇÃO RETANGULAR (BARRETE), DIÂMETRO = 12,5 MM. AF_11/2016","KG","7,11","7,29",null,7.11,7.29,"Sinapi 95587"]
["95588","MONTAGEM DE ARMADURA LONGITUDINAL DE ESTACAS DE SEÇÃO RETANGULAR (BARRETE), DIÂMETRO = 16,0 MM. AF_11/2016","KG","6,70","6,84",null,6.7,6.84,"Sinapi 95588"]
["95589","MONTAGEM DE ARMADURA LONGITUDINAL DE ESTACAS DE SEÇÃO RETANGULAR (BARRETE), DIÂMETRO = 20,0 MM. AF_11/2016","KG","7,41","7,52",null,7.41,7.52,"Sinapi 95589"]
["95590","MONTAGEM DE ARMADURA LONGITUDINAL DE ESTACAS DE SEÇÃO RETANGULAR (BARRETE), DIÂMETRO = 25,0 MM. AF_11/2016","KG","7,22","7,30",null,7.22,7.3,"Sinapi 95590"]
["95592","MONTAGEM DE ARMADURA TRANSVERSAL DE ESTACAS DE SEÇÃO RETANGULAR (BARRETE), DIÂMETRO = 5,0 MM. AF_11/2016","KG","14,79","15,81",null,14.79,15.81,"Sinapi 95592"]
["95593","MONTAGEM DE ARMADURA TRANSVERSAL DE ESTACAS DE SEÇÃO RETANGULAR (BARRETE), DIÂMETRO = 6,3 MM. AF_11/2016","KG","11,86","12,48",null,11.86,12.48,"Sinapi 95593"]
["95943","ARMAÇÃO DE ESCADA, COM 2 LANCES, DE UMA ESTRUTURA CONVENCIONAL DE CONCRETO ARMADO UTILIZANDO AÇO CA-60 DE 5,0 MM - MONTAGEM. AF_01/2017","KG","15,51","16,60",null,15.51,16.600000000000001,"Sinapi 95943"]
["95944","ARMAÇÃO DE ESCADA, COM 2 LANCES, DE UMA ESTRUTURA CONVENCIONAL DE CONCRETO ARMADO UTILIZANDO AÇO CA-50 DE 6,3 MM - MONTAGEM. AF_01/2017","KG","13,95","14,78",null,13.95,14.78,"Sinapi 95944"]
["95945","ARMAÇÃO DE ESCADA, COM 2 LANCES, DE UMA ESTRUTURA CONVENCIONAL DE CONCRETO ARMADO UTILIZANDO AÇO CA-50 DE 8,0 MM - MONTAGEM. AF_01/2017","KG","11,10","11,58",null,11.1,11.58,"Sinapi 95945"]
["95946","ARMAÇÃO DE ESCADA, COM 2 LANCES, DE UMA ESTRUTURA CONVENCIONAL DE CONCRETO ARMADO UTILIZANDO AÇO CA-50 DE 10,0 MM - MONTAGEM. AF_01/2017","KG","8,71","8,98",null,8.7100000000000009,8.98,"Sinapi 95946"]
["95947","ARMAÇÃO DE ESCADA, COM 2 LANCES, DE UMA ESTRUTURA CONVENCIONAL DE CONCRETO ARMADO UTILIZANDO AÇO CA-50 DE 12,5 MM - MONTAGEM. AF_01/2017","KG","6,62","6,74",null,6.62,6.74,"Sinapi 95947"]
["95948","ARMAÇÃO DE ESCADA, COM 2 LANCES, DE UMA ESTRUTURA CONVENCIONAL DE CONCRETO ARMADO UTILIZANDO AÇO CA-50 DE 16,0 MM - MONTAGEM. AF_01/2017","KG","5,76","5,77",null,5.76,5.77,"Sinapi 95948"]
["96544","ARMAÇÃO DE BLOCO, VIGA BALDRAME OU SAPATA UTILIZANDO AÇO CA-50 DE 6,3 MM - MONTAGEM. AF_06/2017","KG","11,34","11,88",null,11.34,11.88,"Sinapi 96544"]
["96545","ARMAÇÃO DE BLOCO, VIGA BALDRAME OU SAPATA UTILIZANDO AÇO CA-50 DE 8 MM - MONTAGEM. AF_06/2017","KG","10,22","10,59",null,10.220000000000001,10.59,"Sinapi 96545"]
["96546","ARMAÇÃO DE BLOCO, VIGA BALDRAME OU SAPATA UTILIZANDO AÇO CA-50 DE 10 MM - MONTAGEM. AF_06/2017","KG","8,92","9,21",null,8.92,9.2100000000000009,"Sinapi 96546"]
["96547","ARMAÇÃO DE BLOCO, VIGA BALDRAME OU SAPATA UTILIZANDO AÇO CA-50 DE 12,5 MM - MONTAGEM. AF_06/2017","KG","7,43","7,64",null,7.43,7.64,"Sinapi 96547"]
["96548","ARMAÇÃO DE BLOCO, VIGA BALDRAME OU SAPATA UTILIZANDO AÇO CA-50 DE 16 MM - MONTAGEM. AF_06/2017","KG","6,87","7,01",null,6.87,7.01,"Sinapi 96548"]
["96549","ARMAÇÃO DE BLOCO, VIGA BALDRAME OU SAPATA UTILIZANDO AÇO CA-50 DE 20 MM - MONTAGEM. AF_06/2017","KG","7,46","7,56",null,7.46,7.56,"Sinapi 96549"]
["96550","ARMAÇÃO DE BLOCO, VIGA BALDRAME OU SAPATA UTILIZANDO AÇO CA-50 DE 25 MM - MONTAGEM. AF_06/2017","KG","7,18","7,25",null,7.18,7.25,"Sinapi 96550"]
["100066","ARMAÇÃO DO SISTEMA DE PAREDES DE CONCRETO, EXECUTADA COMO ARMADURA POSITIVA DE LAJES, TELA Q-196. AF_06/2019","KG","7,08","7,14",null,7.08,7.14,"Sinapi 100066"]
["100067","ARMAÇÃO DO SISTEMA DE PAREDES DE CONCRETO, EXECUTADA COMO REFORÇO, VERGALHÃO DE 5,0 MM DE DIÂMETRO. AF_06/2019","KG","8,29","8,57",null,8.2899999999999991,8.57,"Sinapi 100067"]
["100068","ARMAÇÃO DO SISTEMA DE PAREDES DE CONCRETO, EXECUTADA COMO REFORÇO, VERGALHÃO DE 12,5 MM DE DIÂMETRO. AF_06/2019","KG","6,23","6,33",null,6.23,6.33,"Sinapi 100068"]
["40780","REGULARIZAÇÃO DE SUPERFICIE DE CONCRETO APARENTE","M2","9,32","10,31",null,9.32,10.31,"Sinapi 40780"]
["74157/4","LANCAMENTO/APLICACAO MANUAL DE CONCRETO EM FUNDACOES","M3","101,80","112,36",null,101.8,112.36,"Sinapi 74157/4"]
["89993","GRAUTEAMENTO VERTICAL EM ALVENARIA ESTRUTURAL. AF_01/2015","M3","643,71","676,65",null,643.71,676.65,"Sinapi 89993"]
["89994","GRAUTEAMENTO DE CINTA INTERMEDIÁRIA OU DE CONTRAVERGA EM ALVENARIA ESTRUTURAL. AF_01/2015","M3","539,55","561,14",null,539.54999999999995,561.14,"Sinapi 89994"]
["89995","GRAUTEAMENTO DE CINTA SUPERIOR OU DE VERGA EM ALVENARIA ESTRUTURAL. AF_01/2015","M3","617,07","647,11",null,617.07000000000005,647.11,"Sinapi 89995"]
["90278","GRAUTE FGK=15 MPA; TRAÇO 1:0,04:2,0:2,4 (CIMENTO/ CAL/ AREIA GROSSA/ BRITA 0) - PREPARO MECÂNICO COM BETONEIRA 400 L. AF_02/2015","M3","314,20","319,42",null,314.2,319.42,"Sinapi 90278"]
["90279","GRAUTE FGK=20 MPA; TRAÇO 1:0,04:1,6:1,9 (CIMENTO/ CAL/ AREIA GROSSA/ BRITA 0) - PREPARO MECÂNICO COM BETONEIRA 400 L. AF_02/2015","M3","326,90","331,59",null,326.89999999999998,331.59,"Sinapi 90279"]
["90280","GRAUTE FGK=25 MPA; TRAÇO 1:0,02:1,2:1,5 (CIMENTO/ CAL/ AREIA GROSSA/ BRITA 0) - PREPARO MECÂNICO COM BETONEIRA 400 L. AF_02/2015","M3","354,13","359,25",null,354.13,359.25,"Sinapi 90280"]
["90281","GRAUTE FGK=30 MPA; TRAÇO 1:0,02:0,8:1,1 (CIMENTO/ CAL/ AREIA GROSSA/ BRITA 0) - PREPARO MECÂNICO COM BETONEIRA 400 L. AF_02/2015","M3","391,06","395,97",null,391.06,395.97,"Sinapi 90281"]
["90282","GRAUTE FGK=15 MPA; TRAÇO 1:2,0:2,4 (CIMENTO/ AREIA GROSSA/ BRITA 0/ ADITIVO) - PREPARO MECÂNICO COM BETONEIRA 400 L. AF_02/2015","M3","317,15","322,54",null,317.14999999999998,322.54000000000002,"Sinapi 90282"]
["90283","GRAUTE FGK=20 MPA; TRAÇO 1:1,6:1,9 (CIMENTO/ AREIA GROSSA/ BRITA 0/ ADITIVO) - PREPARO MECÂNICO COM BETONEIRA 400 L. AF_02/2015","M3","331,15","336,00",null,331.15,336,"Sinapi 90283"]
["90284","GRAUTE FGK=25 MPA; TRAÇO 1:1,2:1,5 (CIMENTO/ AREIA GROSSA/ BRITA 0/ ADITIVO) - PREPARO MECÂNICO COM BETONEIRA 400 L. AF_02/2015","M3","359,13","364,41",null,359.13,364.41,"Sinapi 90284"]
["90285","GRAUTE FGK=30 MPA; TRAÇO 1:0,8:1,1 (CIMENTO/ AREIA GROSSA/ BRITA 0/ ADITIVO) - PREPARO MECÂNICO COM BETONEIRA 400 L. AF_02/2015","M3","398,72","403,77",null,398.72,403.77,"Sinapi 90285"]
["90853","CONCRETAGEM DE LAJES EM EDIFICAÇÕES UNIFAMILIARES FEITAS COM SISTEMA DE FÔRMAS MANUSEÁVEIS, COM CONCRETO USINADO BOMBEÁVEL FCK 20 MPA - LANÇAMENTO, ADENSAMENTO E ACABAMENTO. AF_06/2015","M3","363,86","366,79",null,363.86,366.79,"Sinapi 90853"]
["90854","CONCRETAGEM DE PAREDES EM EDIFICAÇÕES UNIFAMILIARES FEITAS COM SISTEMA DE FÔRMAS MANUSEÁVEIS, COM CONCRETO USINADO BOMBEÁVEL FCK 20 MPA - LANÇAMENTO, ADENSAMENTO E ACABAMENTO. AF_06/2015","M3","352,50","355,18",null,352.5,355.18,"Sinapi 90854"]
["90855","CONCRETAGEM DE PLATIBANDA EM EDIFICAÇÕES UNIFAMILIARES FEITAS COM SISTEMA DE FÔRMAS MANUSEÁVEIS, COM CONCRETO USINADO BOMBEÁVEL FCK 20 MPA - LANÇAMENTO, ADENSAMENTO E ACABAMENTO. AF_06/2015","M3","387,64","391,81",null,387.64,391.81,"Sinapi 90855"]
["90856","CONCRETAGEM DE LAJES EM EDIFICAÇÕES MULTIFAMILIARES FEITAS COM SISTEMA DE FÔRMAS MANUSEÁVEIS, COM CONCRETO USINADO BOMBEÁVEL FCK 20 MPA - LANÇAMENTO, ADENSAMENTO E ACABAMENTO. AF_06/2015","M3","367,40","370,73",null,367.4,370.73,"Sinapi 90856"]
["90857","CONCRETAGEM DE PAREDES EM EDIFICAÇÕES MULTIFAMILIARES FEITAS COM SISTEMA DE FÔRMAS MANUSEÁVEIS, COM CONCRETO USINADO BOMBEÁVEL FCK 20 MPA - LANÇAMENTO, ADENSAMENTO E ACABAMENTO. AF_06/2015","M3","354,87","357,81",null,354.87,357.81,"Sinapi 90857"]
["90858","CONCRETAGEM DE PLATIBANDA EM EDIFICAÇÕES MULTIFAMILIARES FEITAS COM SISTEMA DE FÔRMAS MANUSEÁVEIS, COM CONCRETO USINADO BOMBEÁVEL FCK 20 MPA - LANÇAMENTO, ADENSAMENTO E ACABAMENTO. AF_06/2015","M3","403,93","409,87",null,403.93,409.87,"Sinapi 90858"]
["90859","CONCRETAGEM DE PLATIBANDA EM EDIFICAÇÕES UNIFAMILIARES FEITAS COM SISTEMA DE FÔRMAS MANUSEÁVEIS, COM CONCRETO USINADO AUTOADENSÁVEL FCK 20 MPA - LANÇAMENTO E ACABAMENTO. AF_06/2015","M3","345,72","347,91",null,{"$f":"IF(D2312=\"\",\"\",D2312+0)","v":345.72},{"$f":"IF(E2312=\"\",\"\",E2312+0)","v":347.91},{"$f":"IF(OR(G2312=\"\",H2312=\"\"),\"\",CONCATENATE(\"Sinapi \",A2312))","v":"Sinapi 90859"}]
["90860","CONCRETAGEM DE PLATIBANDA EM EDIFICAÇÕES MULTIFAMILIARES FEITAS COM SISTEMA DE FÔRMAS MANUSEÁVEIS, COM CONCRETO USINADO AUTOADENSÁVEL FCK 20 MPA - LANÇAMENTO E ACABAMENTO. AF_06/2015","M3","350,65","353,36",null,350.65,353.36,"Sinapi 90860"]
["90861","CONCRETAGEM DE EDIFICAÇÕES (PAREDES E LAJES) FEITAS COM SISTEMA DE FÔRMAS MANUSEÁVEIS, COM CONCRETO USINADO BOMBEÁVEL FCK 20 MPA - LANÇAMENTO, ADENSAMENTO E ACABAMENTO. AF_06/2015","M3","358,27","361,25",null,358.27,361.25,"Sinapi 90861"]
["90862","CONCRETAGEM DE EDIFICAÇÕES (PAREDES E LAJES) FEITAS COM SISTEMA DE FÔRMAS MANUSEÁVEIS, COM CONCRETO USINADO AUTOADENSÁVEL FCK 20 MPA - LANÇAMENTO E ACABAMENTO. AF_06/2015","M3","324,34","326,06",null,324.33999999999997,326.06,"Sinapi 90862"]
["92718","CONCRETAGEM DE PILARES, FCK = 25 MPA,  COM USO DE BALDES EM EDIFICAÇÃO COM SEÇÃO MÉDIA DE PILARES MENOR OU IGUAL A 0,25 M² - LANÇAMENTO, ADENSAMENTO E ACABAMENTO. AF_12/2015","M3","442,94","459,75",null,442.94,459.75,"Sinapi 92718"]
["92719","CONCRETAGEM DE PILARES, FCK = 25 MPA, COM USO DE GRUA EM EDIFICAÇÃO COM SEÇÃO MÉDIA DE PILARES MENOR OU IGUAL A 0,25 M² - LANÇAMENTO, ADENSAMENTO E ACABAMENTO. AF_12/2015","M3","314,11","317,33",null,314.11,317.33,"Sinapi 92719"]
["92720","CONCRETAGEM DE PILARES, FCK = 25 MPA, COM USO DE BOMBA EM EDIFICAÇÃO COM SEÇÃO MÉDIA DE PILARES MENOR OU IGUAL A 0,25 M² - LANÇAMENTO, ADENSAMENTO E ACABAMENTO. AF_12/2015","M3","357,18","359,89",null,357.18,359.89,"Sinapi 92720"]
["92721","CONCRETAGEM DE PILARES, FCK = 25 MPA, COM USO DE GRUA EM EDIFICAÇÃO COM SEÇÃO MÉDIA DE PILARES MAIOR QUE 0,25 M² - LANÇAMENTO, ADENSAMENTO E ACABAMENTO. AF_12/2015","M3","306,23","308,62",null,306.23,308.62,"Sinapi 92721"]
["92722","CONCRETAGEM DE PILARES, FCK = 25 MPA, COM USO DE BOMBA EM EDIFICAÇÃO COM SEÇÃO MÉDIA DE PILARES MAIOR QUE 0,25 M² - LANÇAMENTO, ADENSAMENTO E ACABAMENTO. AF_12/2015","M3","353,93","356,30",null,353.93,356.3,"Sinapi 92722"]
["92723","CONCRETAGEM DE VIGAS E LAJES, FCK=20 MPA, PARA LAJES PREMOLDADAS COM USO DE BOMBA EM EDIFICAÇÃO COM ÁREA MÉDIA DE LAJES MENOR OU IGUAL A 20 M² - LANÇAMENTO, ADENSAMENTO E ACABAMENTO. AF_12/2015","M3","344,82","347,74",null,344.82,347.74,"Sinapi 92723"]
["92724","CONCRETAGEM DE VIGAS E LAJES, FCK=20 MPA, PARA LAJES PREMOLDADAS COM USO DE BOMBA EM EDIFICAÇÃO COM ÁREA MÉDIA DE LAJES MAIOR QUE 20 M² - LANÇAMENTO, ADENSAMENTO E ACABAMENTO. AF_12/2015","M3","341,92","344,53",null,341.92,344.53,"Sinapi 92724"]
["92725","CONCRETAGEM DE VIGAS E LAJES, FCK=20 MPA, PARA LAJES MACIÇAS OU NERVURADAS COM USO DE BOMBA EM EDIFICAÇÃO COM ÁREA MÉDIA DE LAJES MENOR OU IGUAL A 20 M² - LANÇAMENTO, ADENSAMENTO E ACABAMENTO. AF_12/2015","M3","340,70","343,17",null,340.7,343.17,"Sinapi 92725"]
["92726","CONCRETAGEM DE VIGAS E LAJES, FCK=20 MPA, PARA LAJES MACIÇAS OU NERVURADAS COM USO DE BOMBA EM EDIFICAÇÃO COM ÁREA MÉDIA DE LAJES MAIOR QUE 20 M² - LANÇAMENTO, ADENSAMENTO E ACABAMENTO. AF_12/2015","M3","338,65","340,91",null,338.65,340.91,"Sinapi 92726"]
["92727","CONCRETAGEM DE VIGAS E LAJES, FCK=20 MPA, PARA LAJES PREMOLDADAS COM JERICAS EM ELEVADOR DE CABO EM EDIFICAÇÃO DE MULTIPAVIMENTOS ATÉ 16 ANDARES, COM ÁREA MÉDIA DE LAJES MENOR OU IGUAL A 20 M² - LANÇAMENTO, ADENSAMENTO E ACABAMENTO. AF_12/2015","M3","384,37","395,99",null,384.37,395.99,"Sinapi 92727"]
["92728","CONCRETAGEM DE VIGAS E LAJES, FCK=20 MPA, PARA LAJES PREMOLDADAS COM JERICAS EM ELEVADOR DE CABO EM EDIFICAÇÃO DE MULTIPAVIMENTOS ATÉ 16 ANDARES, COM ÁREA MÉDIA DE LAJES MAIOR QUE 20 M² - LANÇAMENTO, ADENSAMENTO E ACABAMENTO. AF_12/2015","M3","363,93","373,41",null,363.93,373.41,"Sinapi 92728"]
["92729","CONCRETAGEM DE VIGAS E LAJES, FCK=20 MPA, PARA LAJES MACIÇAS OU NERVURADAS COM JERICAS EM ELEVADOR DE CABO EM EDIFICAÇÃO DE ATÉ 16 ANDARES, COM ÁREA MÉDIA DE LAJES MENOR OU IGUAL A 20 M² - LANÇAMENTO, ADENSAMENTO E ACABAMENTO. AF_12/2015","M3","355,27","363,84",null,355.27,363.84,"Sinapi 92729"]
["92730","CONCRETAGEM DE VIGAS E LAJES, FCK=20 MPA, PARA LAJES MACIÇAS OU NERVURADAS COM JERICAS EM ELEVADOR DE CABO EM EDIFICAÇÃO DE MULTIPAVIMENTOS ATÉ 16 ANDARES, COM ÁREA MÉDIA DE LAJES MAIOR QUE 20 M² - LANÇAMENTO, ADENSAMENTO E ACABAMENTO. AF_12/2015","M3","340,84","347,90",null,340.84,347.9,"Sinapi 92730"]
["92731","CONCRETAGEM DE VIGAS E LAJES, FCK=20 MPA, PARA LAJES PREMOLDADAS COM JERICAS EM CREMALHEIRA EM EDIFICAÇÃO DE MULTIPAVIMENTOS ATÉ 16 ANDARES, COM ÁREA MÉDIA DE LAJES MENOR OU IGUAL A 20 M² - LANÇAMENTO, ADENSAMENTO E ACABAMENTO. AF_12/2015","M3","357,44","366,21",null,357.44,366.21,"Sinapi 92731"]
["92732","CONCRETAGEM DE VIGAS E LAJES, FCK=20 MPA, PARA LAJES PREMOLDADAS COM JERICAS EM CREMALHEIRA EM EDIFICAÇÃO DE MULTIPAVIMENTOS ATÉ 16 ANDARES, COM ÁREA MÉDIA DE LAJES MAIOR QUE 20 M² - LANÇAMENTO, ADENSAMENTO E ACABAMENTO. AF_12/2015","M3","343,44","350,75",null,343.44,350.75,"Sinapi 92732"]
["92733","CONCRETAGEM DE VIGAS E LAJES, FCK=20 MPA, PARA LAJES MACIÇAS OU NERVURADAS COM JERICAS EM CREMALHEIRA EM EDIFICAÇÃO DE MULTIPAVIMENTOS ATÉ 16 ANDARES, COM ÁREA MÉDIA DE LAJES MENOR OU IGUAL A 20 M² - LANÇAMENTO, ADENSAMENTO E ACABAMENTO. AF_12/2015","M3","337,47","344,17",null,337.47,344.17,"Sinapi 92733"]
["92734","CONCRETAGEM DE VIGAS E LAJES, FCK=20 MPA, PARA LAJES MACIÇAS OU NERVURADAS COM JERICAS EM CREMALHEIRA EM EDIFICAÇÃO DE MULTIPAVIMENTOS ATÉ 16 ANDARES, COM ÁREA MÉDIA DE LAJES MAIOR QUE 20 M² - LANÇAMENTO, ADENSAMENTO E ACABAMENTO. AF_12/2015","M3","327,61","333,29",null,327.61,333.29,"Sinapi 92734"]
["92735","CONCRETAGEM DE VIGAS E LAJES, FCK=20 MPA, PARA LAJES PREMOLDADAS COM GRUA DE CAÇAMBA DE 350 L EM EDIFICAÇÃO DE MULTIPAVIMENTOS ATÉ 16 ANDARES, COM ÁREA MÉDIA DE LAJES MENOR OU IGUAL A 20 M² - LANÇAMENTO, ADENSAMENTO E ACABAMENTO. AF_12/2015","M3","334,48","341,15",null,334.48,341.15,"Sinapi 92735"]
["92736","CONCRETAGEM DE VIGAS E LAJES, FCK=20 MPA, PARA LAJES PREMOLDADAS COM GRUA DE CAÇAMBA DE 350 L EM EDIFICAÇÃO DE MULTIPAVIMENTOS ATÉ 16 ANDARES, COM ÁREA MÉDIA DE LAJES MAIOR QUE 20 M² - LANÇAMENTO, ADENSAMENTO E ACABAMENTO. AF_12/2015","M3","323,60","329,09",null,323.60000000000002,329.09,"Sinapi 92736"]
["92739","CONCRETAGEM DE VIGAS E LAJES, FCK=20 MPA, PARA LAJES MACIÇAS OU NERVURADAS COM GRUA DE CAÇAMBA DE 500 L EM EDIFICAÇÃO DE MULTIPAVIMENTOS ATÉ 16 ANDARES, COM ÁREA MÉDIA DE LAJES MENOR OU IGUAL A 20 M² - LANÇAMENTO, ADENSAMENTO E ACABAMENTO. AF_12/2015","M3","307,81","311,58",null,307.81,311.58,"Sinapi 92739"]
["92740","CONCRETAGEM DE VIGAS E LAJES, FCK=20 MPA, PARA LAJES MACIÇAS OU NERVURADAS COM GRUA DE CAÇAMBA DE 500 L EM EDIFICAÇÃO DE MULTIPAVIMENTOS ATÉ 16 ANDARES, COM ÁREA MÉDIA DE LAJES MAIOR QUE 20 M² - LANÇAMENTO, ADENSAMENTO E ACABAMENTO. AF_12/2015","M3","302,41","305,60",null,302.41000000000003,305.60000000000002,"Sinapi 92740"]
["92741","CONCRETAGEM DE VIGAS E LAJES, FCK=20 MPA, PARA QUALQUER TIPO DE LAJE COM BALDES EM EDIFICAÇÃO TÉRREA, COM ÁREA MÉDIA DE LAJES MENOR OU IGUAL A 20 M² - LANÇAMENTO, ADENSAMENTO E ACABAMENTO. AF_12/2015","M3","497,24","520,83",null,497.24,520.83000000000004,"Sinapi 92741"]
["92742","CONCRETAGEM DE VIGAS E LAJES, FCK=20 MPA, PARA QUALQUER TIPO DE LAJE COM BALDES EM EDIFICAÇÃO DE MULTIPAVIMENTOS ATÉ 04 ANDARES, COM ÁREA MÉDIA DE LAJES MENOR OU IGUAL A 20 M² - LANÇAMENTO, ADENSAMENTO E ACABAMENTO. AF_12/2015","M3","702,53","747,73",null,702.53,747.73,"Sinapi 92742"]
["92873","LANÇAMENTO COM USO DE BALDES, ADENSAMENTO E ACABAMENTO DE CONCRETO EM ESTRUTURAS. AF_12/2015","M3","159,29","176,10",null,159.29,176.1,"Sinapi 92873"]
["92874","LANÇAMENTO COM USO DE BOMBA, ADENSAMENTO E ACABAMENTO DE CONCRETO EM ESTRUTURAS. AF_12/2015","M3","26,15","28,86",null,26.15,28.86,"Sinapi 92874"]
["94962","CONCRETO MAGRO PARA LASTRO, TRAÇO 1:4,5:4,5 (CIMENTO/ AREIA MÉDIA/ BRITA 1)  - PREPARO MECÂNICO COM BETONEIRA 400 L. AF_07/2016","M3","281,07","287,01",null,281.07,287.01,"Sinapi 94962"]
["94963","CONCRETO FCK = 15MPA, TRAÇO 1:3,4:3,5 (CIMENTO/ AREIA MÉDIA/ BRITA 1)  - PREPARO MECÂNICO COM BETONEIRA 400 L. AF_07/2016","M3","304,90","310,80",null,304.89999999999998,310.8,"Sinapi 94963"]
["94964","CONCRETO FCK = 20MPA, TRAÇO 1:2,7:3 (CIMENTO/ AREIA MÉDIA/ BRITA 1)  - PREPARO MECÂNICO COM BETONEIRA 400 L. AF_07/2016","M3","327,23","333,65",null,327.23,333.65,"Sinapi 94964"]
["94965","CONCRETO FCK = 25MPA, TRAÇO 1:2,3:2,7 (CIMENTO/ AREIA MÉDIA/ BRITA 1)  - PREPARO MECÂNICO COM BETONEIRA 400 L. AF_07/2016","M3","335,94","341,79",null,335.94,341.79,"Sinapi 94965"]
["94966","CONCRETO FCK = 30MPA, TRAÇO 1:2,1:2,5 (CIMENTO/ AREIA MÉDIA/ BRITA 1)  - PREPARO MECÂNICO COM BETONEIRA 400 L. AF_07/2016","M3","345,06","350,89",null,345.06,350.89,"Sinapi 94966"]
["94967","CONCRETO FCK = 40MPA, TRAÇO 1:1,6:1,9 (CIMENTO/ AREIA MÉDIA/ BRITA 1)  - PREPARO MECÂNICO COM BETONEIRA 400 L. AF_07/2016","M3","385,10","391,29",null,385.1,391.29,"Sinapi 94967"]
["94968","CONCRETO MAGRO PARA LASTRO, TRAÇO 1:4,5:4,5 (CIMENTO/ AREIA MÉDIA/ BRITA 1)  - PREPARO MECÂNICO COM BETONEIRA 600 L. AF_07/2016","M3","278,85","284,19",null,278.85000000000002,284.19,"Sinapi 94968"]
["94969","CONCRETO FCK = 15MPA, TRAÇO 1:3,4:3,5 (CIMENTO/ AREIA MÉDIA/ BRITA 1)  - PREPARO MECÂNICO COM BETONEIRA 600 L. AF_07/2016","M3","300,32","305,46",null,300.32,305.45999999999998,"Sinapi 94969"]
["94970","CONCRETO FCK = 20MPA, TRAÇO 1:2,7:3 (CIMENTO/ AREIA MÉDIA/ BRITA 1)  - PREPARO MECÂNICO COM BETONEIRA 600 L. AF_07/2016","M3","318,42","323,56",null,318.42,323.56,"Sinapi 94970"]
["94971","CONCRETO FCK = 25MPA, TRAÇO 1:2,3:2,7 (CIMENTO/ AREIA MÉDIA/ BRITA 1)  - PREPARO MECÂNICO COM BETONEIRA 600 L. AF_07/2016","M3","331,32","336,34",null,331.32,336.34,"Sinapi 94971"]
["94972","CONCRETO FCK = 30MPA, TRAÇO 1:2,1:2,5 (CIMENTO/ AREIA MÉDIA/ BRITA 1)  - PREPARO MECÂNICO COM BETONEIRA 600 L. AF_07/2016","M3","340,29","345,26",null,340.29,345.26,"Sinapi 94972"]
["94973","CONCRETO FCK = 40MPA, TRAÇO 1:1,6:1,9 (CIMENTO/ AREIA MÉDIA/ BRITA 1)  - PREPARO MECÂNICO COM BETONEIRA 600 L. AF_07/2016","M3","379,20","384,34",null,379.2,384.34,"Sinapi 94973"]
["94974","CONCRETO MAGRO PARA LASTRO, TRAÇO 1:4,5:4,5 (CIMENTO/ AREIA MÉDIA/ BRITA 1)  - PREPARO MANUAL. AF_07/2016","M3","380,27","395,27",null,380.27,395.27,"Sinapi 94974"]
["94975","CONCRETO FCK = 15MPA, TRAÇO 1:3,4:3,5 (CIMENTO/ AREIA MÉDIA/ BRITA 1)  - PREPARO MANUAL. AF_07/2016","M3","401,89","416,92",null,401.89,416.92,"Sinapi 94975"]
["96555","CONCRETAGEM DE BLOCOS DE COROAMENTO E VIGAS BALDRAME, FCK 30 MPA, COM USO DE JERICA \u0096 LANÇAMENTO, ADENSAMENTO E ACABAMENTO. AF_06/2017","M3","477,24","492,14",null,477.24,492.14,"Sinapi 96555"]
["96556","CONCRETAGEM DE SAPATAS, FCK 30 MPA, COM USO DE JERICA \u0096 LANÇAMENTO, ADENSAMENTO E ACABAMENTO. AF_06/2017","M3","541,20","563,20",null,541.20000000000005,563.20000000000005,"Sinapi 96556"]
["96557","CONCRETAGEM DE BLOCOS DE COROAMENTO E VIGAS BALDRAMES, FCK 30 MPA, COM USO DE BOMBA \u0096 LANÇAMENTO, ADENSAMENTO E ACABAMENTO. AF_06/2017","M3","372,44","374,09",null,372.44,374.09,"Sinapi 96557"]
["96558","CONCRETAGEM DE SAPATAS, FCK 30 MPA, COM USO DE BOMBA \u0096 LANÇAMENTO, ADENSAMENTO E ACABAMENTO. AF_11/2016","M3","378,08","380,33",null,378.08,380.33,"Sinapi 96558"]
["99235","CONCRETAGEM DE EDIFICAÇÕES (PAREDES E LAJES) FEITAS COM SISTEMA DE FÔRMAS MANUSEÁVEIS, COM CONCRETO USINADO AUTOADENSÁVEL FCK 25 MPA - LANÇAMENTO E ACABAMENTO. AF_06/2015","M3","335,36","337,08",null,335.36,337.08,"Sinapi 99235"]
["99431","CONCRETAGEM DE LAJES EM EDIFICAÇÕES UNIFAMILIARES FEITAS COM SISTEMA DE FÔRMAS MANUSEÁVEIS, COM CONCRETO USINADO BOMBEÁVEL FCK 25 MPA - LANÇAMENTO, ADENSAMENTO E ACABAMENTO (EXCLUSIVE BOMBA LANÇA). AF_06/2015","M3","399,08","402,01",null,399.08,402.01,"Sinapi 99431"]
["99432","CONCRETAGEM DE PAREDES EM EDIFICAÇÕES UNIFAMILIARES FEITAS COM SISTEMA DE FÔRMAS MANUSEÁVEIS, COM CONCRETO USINADO BOMBEÁVEL FCK 25 MPA - LANÇAMENTO, ADENSAMENTO E ACABAMENTO (EXCLUSIVE BOMBA LANÇA). AF_06/2015","M3","376,76","378,45",null,376.76,378.45,"Sinapi 99432"]
["99433","CONCRETAGEM DE PLATIBANDA EM EDIFICAÇÕES UNIFAMILIARES FEITAS COM SISTEMA DE FÔRMAS MANUSEÁVEIS, COM CONCRETO USINADO BOMBEÁVEL FCK 25 MPA, - LANÇAMENTO, ADENSAMENTO E ACABAMENTO (EXCLUSIVE BOMBA LANÇA). AF_06/2015","M3","424,13","428,30",null,424.13,428.3,"Sinapi 99433"]
["99434","CONCRETAGEM DE LAJES EM EDIFICAÇÕES MULTIFAMILIARES FEITAS COM SISTEMA DE FÔRMAS MANUSEÁVEIS, COM CONCRETO USINADO BOMBEÁVEL FCK 25 MPA - LANÇAMENTO, ADENSAMENTO E ACABAMENTO (EXCLUSIVE BOMBA LANÇA). AF_06/2015","M3","402,62","405,95",null,402.62,405.95,"Sinapi 99434"]
["99435","CONCRETAGEM DE PAREDES EM EDIFICAÇÕES MULTIFAMILIARES FEITAS COM SISTEMA DE FÔRMAS MANUSEÁVEIS, COM CONCRETO USINADO BOMBEÁVEL FCK 25 MPA - LANÇAMENTO, ADENSAMENTO E ACABAMENTO (EXCLUSIVE BOMBA LANÇA). AF_06/2015","M3","389,14","392,08",null,389.14,392.08,"Sinapi 99435"]
["99436","CONCRETAGEM DE PLATIBANDA EM EDIFICAÇÕES MULTIFAMILIARES FEITAS COM SISTEMA DE FÔRMAS MANUSEÁVEIS, COM CONCRETO USINADO BOMBEÁVEL FCK 25 MPA - LANÇAMENTO, ADENSAMENTO E ACABAMENTO (EXCLUSIVE BOMBA LANÇA). AF_06/2015","M3","440,42","446,36",null,440.42,446.36,"Sinapi 99436"]
["99437","CONCRETAGEM DE PLATIBANDA EM EDIFICAÇÕES UNIFAMILIARES FEITAS COM SISTEMA DE FÔRMAS MANUSEÁVEIS, COM CONCRETO USINADO AUTOADENSÁVEL FCK 25 MPA - LANÇAMENTO E ACABAMENTO. AF_06/2015","M3","357,34","359,53",null,357.34,359.53,"Sinapi 99437"]
["99438","CONCRETAGEM DE PLATIBANDA EM EDIFICAÇÕES MULTIFAMILIARES FEITAS COM SISTEMA DE FÔRMAS MANUSEÁVEIS, COM CONCRETO USINADO AUTOADENSÁVEL FCK 25 MPA - LANÇAMENTO E ACABAMENTO. AF_06/2015","M3","362,27","364,98",null,362.27,364.98,"Sinapi 99438"]
["99439","CONCRETAGEM DE EDIFICAÇÕES (PAREDES E LAJES) FEITAS COM SISTEMA DE FÔRMAS MANUSEÁVEIS, COM CONCRETO USINADO BOMBEÁVEL FCK 25 MPA - LANÇAMENTO, ADENSAMENTO E ACABAMENTO (EXCLUSIVE BOMBA LANÇA). AF_06/2015","M3","392,86","395,84",null,392.86,395.84,"Sinapi 99439"]
["74141/1","LAJE PRE-MOLD BETA 11 P/1KN/M2 VAOS 4,40M/INCL VIGOTAS TIJOLOS ARMADURA NEGATIVA CAPEAMENTO 3CM CONCRETO 20MPA ESCORAMENTO MATERIAL E MAO  DE OBRA.","M2","73,35","75,89",null,73.349999999999994,75.89,"Sinapi 74141/1"]
["74141/2","LAJE PRE-MOLD BETA 12 P/3,5KN/M2 VAO 4,1M INCL VIGOTAS TIJOLOS ARMADU-RA NEGATIVA CAPEAMENTO 3CM CONCRETO 15MPA ESCORAMENTO MATERIAIS E MAO DE OBRA.","M2","81,38","84,25",null,81.38,84.25,"Sinapi 74141/2"]
["74141/3","LAJE PRE-MOLD BETA 16 P/3,5KN/M2 VAO 5,2M INCL VIGOTAS TIJOLOS ARMADU-RA NEGATIVA CAPEAMENTO 3CM CONCRETO 15MPA ESCORAMENTO MATERIAL E MAO  DE OBRA.","M2","96,91","100,20",null,96.91,100.2,"Sinapi 74141/3"]
["74141/4","LAJE PRE-MOLD BETA 20 P/3,5KN/M2 VAO 6,2M INCL VIGOTAS TIJOLOS ARMADU-RA NEGATIVA CAPEAMENTO 3CM CONCRETO 15MPA ESCORAMENTO MATERIAL E MAO  DE OBRA.","M2","111,06","114,54",null,111.06,114.54,"Sinapi 74141/4"]
["74202/1","LAJE PRE-MOLDADA P/FORRO, SOBRECARGA 100KG/M2, VAOS ATE 3,50M/E=8CM, C/LAJOTAS E CAP.C/CONC FCK=20MPA, 3CM, INTER-EIXO 38CM, C/ESCORAMENTO (REAPR.3X) E FERRAGEM NEGATIVA","M2","66,17","68,43",null,66.17,68.430000000000007,"Sinapi 74202/1"]
["74202/2","LAJE PRE-MOLDADA P/PISO, SOBRECARGA 200KG/M2, VAOS ATE 3,50M/E=8CM, C/LAJOTAS E CAP.C/CONC FCK=20MPA, 4CM, INTER-EIXO 38CM, C/ESCORAMENTO (REAPR.3X) E FERRAGEM NEGATIVA","M2","73,00","75,58",null,73,75.58,"Sinapi 74202/2"]
["73817/1","EMBASAMENTO DE MATERIAL GRANULAR - PO DE PEDRA","M3","111,14","113,09",null,111.14,113.09,"Sinapi 73817/1"]
["73817/2","EMBASAMENTO DE MATERIAL GRANULAR - RACHAO","M3","142,36","146,11",null,{"$f":"IF(D2376=\"\",\"\",D2376+0)","v":142.36000000000001},{"$f":"IF(E2376=\"\",\"\",E2376+0)","v":146.11000000000001},{"$f":"IF(OR(G2376=\"\",H2376=\"\"),\"\",CONCATENATE(\"Sinapi \",A2376))","v":"Sinapi 73817/2"}]
["74078/1","AGULHAMENTO FUNDO DE VALAS C/MACO 30KG PEDRA-DE-MAO H=10CM","M2","31,40","33,65",null,31.4,33.65,"Sinapi 74078/1"]
["83518","ALVENARIA EMBASAMENTO E=20 CM BLOCO CONCRETO","M3","315,59","330,56",null,315.58999999999997,330.56,"Sinapi 83518"]
["95467","EMBASAMENTO C/PEDRA ARGAMASSADA UTILIZANDO ARG.CIM/AREIA 1:4","M3","406,59","431,73",null,406.59,431.73,"Sinapi 95467"]
["68328","JUNTA DE DILATACAO COM ISOPOR 10 MM","M2","15,41","15,61",null,15.41,15.61,"Sinapi 68328"]
["73898/1","JUNTA DE DILATACAO ELASTICA (PVC) O-220/6 PRESSAO ATE 30 MCA","M","88,07","88,53",null,88.07,88.53,"Sinapi 73898/1"]
["79471","PINTURA ADESIVA P/ CONCRETO, A BASE DE RESINA EPOXI ( SIKADUR 32 )","KG","54,75","56,09",null,54.75,56.09,"Sinapi 79471"]
["98576","TRATAMENTO DE JUNTA DE DILATAÇÃO COM MANTA ASFÁLTICA ADERIDA COM MAÇARICO. AF_06/2018","M","15,59","15,66",null,15.59,15.66,"Sinapi 98576"]
["93182","VERGA PRÉ-MOLDADA PARA JANELAS COM ATÉ 1,5 M DE VÃO. AF_03/2016","M","26,73","27,47",null,26.73,27.47,"Sinapi 93182"]
["93183","VERGA PRÉ-MOLDADA PARA JANELAS COM MAIS DE 1,5 M DE VÃO. AF_03/2016","M","33,72","34,48",null,33.72,34.479999999999997,"Sinapi 93183"]
["93184","VERGA PRÉ-MOLDADA PARA PORTAS COM ATÉ 1,5 M DE VÃO. AF_03/2016","M","20,27","20,93",null,20.27,20.93,"Sinapi 93184"]
["93185","VERGA PRÉ-MOLDADA PARA PORTAS COM MAIS DE 1,5 M DE VÃO. AF_03/2016","M","33,18","33,89",null,33.18,33.89,"Sinapi 93185"]
["93186","VERGA MOLDADA IN LOCO EM CONCRETO PARA JANELAS COM ATÉ 1,5 M DE VÃO. AF_03/2016","M","47,88","49,65",null,47.88,49.65,"Sinapi 93186"]
["93187","VERGA MOLDADA IN LOCO EM CONCRETO PARA JANELAS COM MAIS DE 1,5 M DE VÃO. AF_03/2016","M","54,64","56,44",null,54.64,56.44,"Sinapi 93187"]
["93188","VERGA MOLDADA IN LOCO EM CONCRETO PARA PORTAS COM ATÉ 1,5 M DE VÃO. AF_03/2016","M","44,28","45,97",null,44.28,45.97,"Sinapi 93188"]
["93189","VERGA MOLDADA IN LOCO EM CONCRETO PARA PORTAS COM MAIS DE 1,5 M DE VÃO. AF_03/2016","M","54,91","56,68",null,54.91,56.68,"Sinapi 93189"]
["93190","VERGA MOLDADA IN LOCO COM UTILIZAÇÃO DE BLOCOS CANALETA PARA JANELAS COM ATÉ 1,5 M DE VÃO. AF_03/2016","M","29,22","30,19",null,29.22,30.19,"Sinapi 93190"]
["93191","VERGA MOLDADA IN LOCO COM UTILIZAÇÃO DE BLOCOS CANALETA PARA JANELAS COM MAIS DE 1,5 M DE VÃO. AF_03/2016","M","30,41","31,31",null,30.41,31.31,"Sinapi 93191"]
["93192","VERGA MOLDADA IN LOCO COM UTILIZAÇÃO DE BLOCOS CANALETA PARA PORTAS COM ATÉ 1,5 M DE VÃO. AF_03/2016","M","31,23","32,22",null,31.23,32.22,"Sinapi 93192"]
["93193","VERGA MOLDADA IN LOCO COM UTILIZAÇÃO DE BLOCOS CANALETA PARA PORTAS COM MAIS DE 1,5 M DE VÃO. AF_03/2016","M","30,76","31,62",null,30.76,31.62,"Sinapi 93193"]
["93194","CONTRAVERGA PRÉ-MOLDADA PARA VÃOS DE ATÉ 1,5 M DE COMPRIMENTO. AF_03/2016","M","26,28","27,01",null,26.28,27.01,"Sinapi 93194"]
["93195","CONTRAVERGA PRÉ-MOLDADA PARA VÃOS DE MAIS DE 1,5 M DE COMPRIMENTO. AF_03/2016","M","31,43","32,20",null,31.43,32.200000000000003,"Sinapi 93195"]
["93196","CONTRAVERGA MOLDADA IN LOCO EM CONCRETO PARA VÃOS DE ATÉ 1,5 M DE COMPRIMENTO. AF_03/2016","M","46,67","48,44",null,46.67,48.44,"Sinapi 93196"]
["93197","CONTRAVERGA MOLDADA IN LOCO EM CONCRETO PARA VÃOS DE MAIS DE 1,5 M DE COMPRIMENTO. AF_03/2016","M","51,88","53,70",null,51.88,53.7,"Sinapi 93197"]
["93198","CONTRAVERGA MOLDADA IN LOCO COM UTILIZAÇÃO DE BLOCOS CANALETA PARA VÃOS DE ATÉ 1,5 M DE COMPRIMENTO. AF_03/2016","M","26,15","27,12",null,26.15,27.12,"Sinapi 93198"]
["93199","CONTRAVERGA MOLDADA IN LOCO COM UTILIZAÇÃO DE BLOCOS CANALETA PARA VÃOS DE MAIS DE 1,5 M DE COMPRIMENTO. AF_03/2016","M","25,71","26,63",null,25.71,26.63,"Sinapi 93199"]
["93200","FIXAÇÃO (ENCUNHAMENTO) DE ALVENARIA DE VEDAÇÃO COM ARGAMASSA APLICADA COM BISNAGA. AF_03/2016","M","2,34","2,48",null,2.34,2.48,"Sinapi 93200"]
["93201","FIXAÇÃO (ENCUNHAMENTO) DE ALVENARIA DE VEDAÇÃO COM ARGAMASSA APLICADA COM COLHER. AF_03/2016","M","4,83","5,24",null,4.83,5.24,"Sinapi 93201"]
["93202","FIXAÇÃO (ENCUNHAMENTO) DE ALVENARIA DE VEDAÇÃO COM TIJOLO MACIÇO. AF_03/2016","M","17,77","19,19",null,17.77,19.190000000000001,"Sinapi 93202"]
["93203","FIXAÇÃO (ENCUNHAMENTO) DE ALVENARIA DE VEDAÇÃO COM ESPUMA DE POLIURETANO EXPANSIVA. AF_03/2016","M","11,30","11,51",null,11.3,11.51,"Sinapi 93203"]
["93204","CINTA DE AMARRAÇÃO DE ALVENARIA MOLDADA IN LOCO EM CONCRETO. AF_03/2016","M","36,16","37,66",null,36.159999999999997,37.659999999999997,"Sinapi 93204"]
["93205","CINTA DE AMARRAÇÃO DE ALVENARIA MOLDADA IN LOCO COM UTILIZAÇÃO DE BLOCOS CANALETA. AF_03/2016","M","23,52","24,41",null,23.52,24.41,"Sinapi 93205"]
["71623","CHAPIM DE CONCRETO APARENTE COM ACABAMENTO DESEMPENADO, FORMA DE COMPENSADO PLASTIFICADO (MADEIRIT) DE 14 X 10 CM, FUNDIDO NO LOCAL.","M","27,50","29,23",null,27.5,29.23,"Sinapi 71623"]
["74144/2","SUPORTE APOIO CAIXA D AGUA BARROTES MADEIRA DE 1","UN","24,68","24,68",null,24.68,24.68,"Sinapi 74144/2"]
["83513","FORNECIMENTO DE PERFIL SIMPLES \"I\" OU \"H\" ATE 8\" INCLUSIVE PERDAS","KG","6,47","6,54",null,6.47,6.54,"Sinapi 83513"]
["83514","FORNECIMENTO DE PERFIL SIMPLES \"I\" OU \"H\" 8 A 12\" INCLUSIVE PERDAS","KG","6,44","6,47",null,6.44,6.47,"Sinapi 83514"]
["84153","APARELHO DE APOIO NEOPRENE NAO FRETADO (1,4KG/DM3)","KG","66,45","66,70",null,66.45,66.7,"Sinapi 84153"]
["84154","APARELHO APOIO NEOPRENE FRETADO","DM3","137,87","138,12",null,137.87,138.12,"Sinapi 84154"]
["85233","ESCADA EM CONCRETO ARMADO, FCK = 15 MPA, MOLDADA IN LOCO","M3","2.398,16","2.529,97",null,2398.16,2529.9699999999998,"Sinapi 85233"]
["95952","(COMPOSIÇÃO REPRESENTATIVA) EXECUÇÃO DE ESTRUTURAS DE CONCRETO ARMADO CONVENCIONAL, PARA EDIFICAÇÃO HABITACIONAL MULTIFAMILIAR (PRÉDIO), FCK = 25 MPA. AF_01/2017","M3","1.397,89","1.445,53",null,1397.89,1445.53,"Sinapi 95952"]
["95953","(COMPOSIÇÃO REPRESENTATIVA) EXECUÇÃO DE ESTRUTURAS DE CONCRETO ARMADO, PARA EDIFICAÇÃO HABITACIONAL UNIFAMILIAR COM DOIS PAVIMENTOS (CASA ISOLADA), FCK = 25 MPA. AF_01/2017","M3","2.314,21","2.420,52",null,2314.21,2420.52,"Sinapi 95953"]
["95954","(COMPOSIÇÃO REPRESENTATIVA) EXECUÇÃO DE ESTRUTURAS DE CONCRETO ARMADO, PARA EDIFICAÇÃO HABITACIONAL UNIFAMILIAR COM DOIS PAVIMENTOS (CASA EM EMPREENDIMENTOS), FCK = 25 MPA. AF_01/2017","M3","1.650,25","1.719,26",null,1650.25,1719.26,"Sinapi 95954"]
["95955","(COMPOSIÇÃO REPRESENTATIVA) EXECUÇÃO DE ESTRUTURAS DE CONCRETO ARMADO, PARA EDIFICAÇÃO HABITACIONAL UNIFAMILIAR TÉRREA (CASA ISOLADA), FCK = 25 MPA. AF_01/2017","M3","2.063,65","2.154,69",null,2063.65,2154.69,"Sinapi 95955"]
["95956","(COMPOSIÇÃO REPRESENTATIVA) EXECUÇÃO DE ESTRUTURAS DE CONCRETO ARMADO, PARA EDIFICAÇÃO HABITACIONAL UNIFAMILIAR TÉRREA (CASA EM EMPREENDIMENTOS), FCK = 25 MPA. AF_01/2017","M3","1.620,29","1.686,72",null,1620.29,1686.72,"Sinapi 95956"]
["95957","(COMPOSIÇÃO REPRESENTATIVA) EXECUÇÃO DE ESTRUTURAS DE CONCRETO ARMADO, PARA EDIFICAÇÃO INSTITUCIONAL TÉRREA, FCK = 25 MPA. AF_01/2017","M3","2.054,62","2.132,13",null,2054.62,2132.13,"Sinapi 95957"]
["95969","(COMPOSIÇÃO REPRESENTATIVA) EXECUÇÃO DE ESCADA EM CONCRETO ARMADO, MOLDADA IN LOCO, FCK = 25 MPA. AF_02/2017","M3","1.916,55","2.008,47",null,1916.55,2008.47,"Sinapi 95969"]
["97733","PEÇA RETANGULAR PRÉ-MOLDADA, VOLUME DE CONCRETO DE ATÉ 10 LITROS, TAXA DE AÇO APROXIMADA DE 30KG/M³. AF_01/2018","M3","2.412,07","2.599,02",null,2412.0700000000002,2599.02,"Sinapi 97733"]
["97734","PEÇA RETANGULAR PRÉ-MOLDADA, VOLUME DE CONCRETO DE 10 A 30 LITROS, TAXA DE AÇO APROXIMADA DE 30KG/M³. AF_01/2018","M3","2.098,15","2.262,59",null,2098.15,2262.59,"Sinapi 97734"]
["97735","PEÇA RETANGULAR PRÉ-MOLDADA, VOLUME DE CONCRETO DE 30 A 100 LITROS, TAXA DE AÇO APROXIMADA DE 30KG/M³. AF_01/2018","M3","1.731,41","1.856,74",null,1731.41,1856.74,"Sinapi 97735"]
["97736","PEÇA RETANGULAR PRÉ-MOLDADA, VOLUME DE CONCRETO ACIMA DE 100 LITROS, TAXA DE AÇO APROXIMADA DE 30KG/M³. AF_01/2018","M3","1.064,63","1.116,07",null,1064.6300000000001,1116.07,"Sinapi 97736"]
["97737","PEÇA RETANGULAR PRÉ-MOLDADA, VOLUME DE CONCRETO DE 30 A 70 LITROS , TAXA DE AÇO APROXIMADA DE 70KG/M³. AF_01/2018","M3","2.374,28","2.537,50",null,2374.2800000000002,2537.5,"Sinapi 97737"]
["97738","PEÇA CIRCULAR PRÉ-MOLDADA, VOLUME DE CONCRETO DE 10 A 30 LITROS, TAXA DE FIBRA DE POLIPROPILENO APROXIMADA DE 6 KG/M³. AF_01/2018_P","M3","3.147,72","3.339,99",null,3147.72,3339.99,"Sinapi 97738"]
["97739","PEÇA CIRCULAR PRÉ-MOLDADA, VOLUME DE CONCRETO DE 30 A 100 LITROS, TAXA DE AÇO APROXIMADA DE 30KG/M³. AF_01/2018","M3","1.954,26","2.085,09",null,1954.26,2085.09,"Sinapi 97739"]
["97740","PEÇA CIRCULAR PRÉ-MOLDADA, VOLUME DE CONCRETO ACIMA DE 100 LITROS, TAXA DE AÇO APROXIMADA DE 30KG/M³. AF_01/2018","M3","1.395,99","1.462,10",null,1395.99,1462.1,"Sinapi 97740"]
["98615","CONTENÇÃO EM CORTINA COM ESTACAS ESPAÇADAS COM 30 CM DE DIÂMETRO E PROFUNDIDADE MENOR OU IGUAL A 10 M. AF_06/2018","M2","78,40","79,79",null,78.400000000000006,79.790000000000006,"Sinapi 98615"]
["98616","CONTENÇÃO EM CORTINA COM ESTACAS ESPAÇADAS COM 30 CM DE DIÂMETRO E PROFUNDIDADE MAIOR QUE 10 M E MENOR OU IGUAL A 15 M. AF_06/2018","M2","60,42","61,33",null,60.42,61.33,"Sinapi 98616"]
["98617","CONTENÇÃO EM CORTINA COM ESTACAS ESPAÇADAS COM 30 CM DE DIÂMETRO E PROFUNDIDADE MAIOR QUE 15 M. AF_06/2018","M2","55,55","56,25",null,55.55,56.25,"Sinapi 98617"]
["98618","CONTENÇÃO EM CORTINA COM ESTACAS ESPAÇADAS COM 40 CM DE DIÂMETRO E PROFUNDIDADE MENOR OU IGUAL A 10 M. AF_06/2018","M2","76,42","77,44",null,76.42,77.44,"Sinapi 98618"]
["98619","CONTENÇÃO EM CORTINA COM ESTACAS ESPAÇADAS COM 40 CM DE DIÂMETRO E PROFUNDIDADE MAIOR QUE 10 M E MENOR OU IGUAL A 15 M. AF_06/2018","M2","69,03","69,77",null,69.03,69.77,"Sinapi 98619"]
["98620","CONTENÇÃO EM CORTINA COM ESTACAS ESPAÇADAS COM 40 CM DE DIÂMETRO E PROFUNDIDADE MAIOR QUE 15 M. AF_06/2018","M2","65,31","65,92",null,65.31,65.92,"Sinapi 98620"]
["98621","CONTENÇÃO EM CORTINA COM ESTACAS ESPAÇADAS COM 50 CM DE DIÂMETRO E PROFUNDIDADE MENOR OU IGUAL A 10 M. AF_06/2018","M2","86,00","86,89",null,86,86.89,"Sinapi 98621"]
["98622","CONTENÇÃO EM CORTINA COM ESTACAS ESPAÇADAS COM 50 CM DE DIÂMETRO E PROFUNDIDADE MAIOR QUE 10 M E MENOR OU IGUAL A 15 M. AF_06/2018","M2","80,06","80,71",null,80.06,80.709999999999994,"Sinapi 98622"]
["98623","CONTENÇÃO EM CORTINA COM ESTACAS ESPAÇADAS COM 50 CM DE DIÂMETRO E PROFUNDIDADE MAIOR QUE 15 M. AF_06/2018","M2","77,05","77,60",null,77.05,77.599999999999994,"Sinapi 98623"]
["98624","CONTENÇÃO EM CORTINA COM ESTACAS ESPAÇADAS COM 60 CM DE DIÂMETRO E PROFUNDIDADE MENOR OU IGUAL A 10 M. AF_06/2018","M2","96,54","97,37",null,96.54,97.37,"Sinapi 98624"]
["98625","CONTENÇÃO EM CORTINA COM ESTACAS ESPAÇADAS COM 60 CM DE DIÂMETRO E PROFUNDIDADE MAIOR QUE 10 M E MENOR OU IGUAL A 15 M. AF_06/2018","M2","91,54","92,17",null,{"$f":"IF(D2440=\"\",\"\",D2440+0)","v":91.54},{"$f":"IF(E2440=\"\",\"\",E2440+0)","v":92.17},{"$f":"IF(OR(G2440=\"\",H2440=\"\"),\"\",CONCATENATE(\"Sinapi \",A2440))","v":"Sinapi 98625"}]
["98626","CONTENÇÃO EM CORTINA COM ESTACAS ESPAÇADAS COM 60 CM DE DIÂMETRO E PROFUNDIDADE MAIOR QUE 15 M. AF_06/2018","M2","88,97","89,49",null,88.97,89.49,"Sinapi 98626"]
["98655","EXECUÇÃO DE MURETA GUIA PARA CONTENÇÃO/ FUNDAÇÃO COM 30 CM DE ESPESSURA. AF_06/2018","M","421,71","438,80",null,421.71,438.8,"Sinapi 98655"]
["98656","EXECUÇÃO DE MURETA GUIA PARA CONTENÇÃO/ FUNDAÇÃO COM 40 CM DE ESPESSURA. AF_06/2018","M","427,15","444,38",null,427.15,444.38,"Sinapi 98656"]
["98657","EXECUÇÃO DE MURETA GUIA PARA CONTENÇÃO/ FUNDAÇÃO COM 50 CM DE ESPESSURA. AF_06/2018","M","432,59","449,97",null,432.59,449.97,"Sinapi 98657"]
["98658","EXECUÇÃO DE MURETA GUIA PARA CONTENÇÃO/ FUNDAÇÃO COM 60 CM DE ESPESSURA. AF_06/2018","M","438,02","455,55",null,438.02,455.55,"Sinapi 98658"]
["98659","EXECUÇÃO DE MURETA GUIA PARA CONTENÇÃO/ FUNDAÇÃO COM 80 CM DE ESPESSURA. AF_06/2018","M","448,90","466,73",null,448.9,466.73,"Sinapi 98659"]
["98746","SOLDA DE TOPO EM CHAPA/PERFIL/TUBO DE AÇO CHANFRADO, ESPESSURA=1/4''. AF_06/2018","M","43,29","46,86",null,43.29,46.86,"Sinapi 98746"]
["98749","SOLDA DE TOPO EM CHAPA/PERFIL/TUBO DE AÇO CHANFRADO, ESPESSURA=5/16''. AF_06/2018","M","50,00","53,71",null,50,53.71,"Sinapi 98749"]
["98750","SOLDA DE TOPO EM CHAPA/PERFIL/TUBO DE AÇO CHANFRADO, ESPESSURA=3/8''. AF_06/2018","M","57,97","61,79",null,57.97,61.79,"Sinapi 98750"]
["98751","SOLDA DE TOPO EM CHAPA/PERFIL/TUBO DE AÇO CHANFRADO, ESPESSURA=1/2''. AF_06/2018","M","78,68","82,78",null,78.680000000000007,82.78,"Sinapi 98751"]
["98752","SOLDA DE TOPO EM CHAPA/PERFIL/TUBO DE AÇO CHANFRADO, ESPESSURA=5/8''. AF_06/2018","M","103,38","107,73",null,103.38,107.73,"Sinapi 98752"]
["98753","SOLDA DE TOPO EM CHAPA/PERFIL/TUBO DE AÇO CHANFRADO, ESPESSURA=3/4''. AF_06/2018","M","133,90","138,51",null,133.9,138.51,"Sinapi 98753"]
["98560","IMPERMEABILIZAÇÃO DE PISO COM ARGAMASSA DE CIMENTO E AREIA, COM ADITIVO IMPERMEABILIZANTE, E = 2CM. AF_06/2018","M2","35,21","37,93",null,35.21,37.93,"Sinapi 98560"]
["98561","IMPERMEABILIZAÇÃO DE PAREDES COM ARGAMASSA DE CIMENTO E AREIA, COM ADITIVO IMPERMEABILIZANTE, E = 2CM. AF_06/2018","M2","32,21","34,68",null,32.21,34.68,"Sinapi 98561"]
["98562","IMPERMEABILIZAÇÃO DE FLOREIRA OU VIGA BALDRAME COM ARGAMASSA DE CIMENTO E AREIA, COM ADITIVO IMPERMEABILIZANTE, E = 2 CM. AF_06/2018","M2","30,96","33,05",null,30.96,33.049999999999997,"Sinapi 98562"]
["83735","IMPERMEABILIZACAO DE SUPERFICIE COM CIMENTO IMPERMEABILIZANTE DE PEGA ULTRA RAPIDA, TRACO 1:1, E=0,5 CM","M2","59,72","62,00",null,59.72,62,"Sinapi 83735"]
["98555","IMPERMEABILIZAÇÃO DE SUPERFÍCIE COM ARGAMASSA POLIMÉRICA / MEMBRANA ACRÍLICA, 3 DEMÃOS. AF_06/2018","M2","20,28","21,72",null,20.28,21.72,"Sinapi 98555"]
["98556","IMPERMEABILIZAÇÃO DE SUPERFÍCIE COM ARGAMASSA POLIMÉRICA / MEMBRANA ACRÍLICA, 4 DEMÃOS, REFORÇADA COM VÉU DE POLIÉSTER (MAV). AF_06/2018","M2","37,48","39,85",null,37.479999999999997,39.85,"Sinapi 98556"]
["98558","TRATAMENTO DE RALO OU PONTO EMERGENTE COM ARGAMASSA POLIMÉRICA / MEMBRANA ACRÍLICA REFORÇADO COM VÉU DE POLIÉSTER (MAV). AF_06/2018","UN","5,70","6,03",null,5.7,6.03,"Sinapi 98558"]
["98559","TRATAMENTO DE RODAPÉ COM VÉU DE POLIÉSTER. AF_06/2018","M","3,31","3,46",null,3.31,3.46,"Sinapi 98559"]
["68053","FORNECIMENTO/INSTALACAO LONA PLASTICA PRETA, PARA IMPERMEABILIZACAO, ESPESSURA 150 MICRAS.","M2","5,14","5,60",null,5.14,5.6,"Sinapi 68053"]
["74033/1","IMPERMEABILIZACAO DE SUPERFICIE COM GEOMEMBRANA (MANTA TERMOPLASTICA LISA) TIPO PEAD, E=2MM.","M2","44,20","44,96",null,44.2,44.96,"Sinapi 74033/1"]
["98546","IMPERMEABILIZAÇÃO DE SUPERFÍCIE COM MANTA ASFÁLTICA, UMA CAMADA, INCLUSIVE APLICAÇÃO DE PRIMER ASFÁLTICO, E=3MM. AF_06/2018","M2","75,18","77,74",null,75.180000000000007,77.739999999999995,"Sinapi 98546"]
["98547","IMPERMEABILIZAÇÃO DE SUPERFÍCIE COM MANTA ASFÁLTICA, DUAS CAMADAS, INCLUSIVE APLICAÇÃO DE PRIMER ASFÁLTICO, E=3MM E E=4MM. AF_06/2018","M2","137,68","141,39",null,137.68,141.38999999999999,"Sinapi 98547"]
["73762/4","IMPERMEABILIZACAO DE SUPERFICIE COM ASFALTO ELASTOMERICO, INCLUSOS PRIMER E VEU DE FIBRA DE VIDRO.","M2","146,40","150,97",null,146.4,150.97,"Sinapi 73762/4"]
["74066/2","IMPERMEABILIZACAO DE SUPERFICIE, COM IMPERMEABILIZANTE FLEXIVEL A BASE ACRILICA.","M2","73,06","77,35",null,73.06,77.349999999999994,"Sinapi 74066/2"]
["74106/1","IMPERMEABILIZACAO DE ESTRUTURAS ENTERRADAS, COM TINTA ASFALTICA, DUAS DEMAOS.","M2","9,51","10,11",null,9.51,10.11,"Sinapi 74106/1"]
["98557","IMPERMEABILIZAÇÃO DE SUPERFÍCIE COM EMULSÃO ASFÁLTICA, 2 DEMÃOS AF_06/2018","M2","30,44","31,57",null,30.44,31.57,"Sinapi 98557"]
["73872/1","IMPERMEABILIZACAO COM PINTURA A BASE DE RESINA EPOXI ALCATRAO, UMA DEMAO.","M2","30,41","32,24",null,30.41,32.24,"Sinapi 73872/1"]
["73872/2","IMPERMEABILIZACAO COM PINTURA A BASE DE RESINA EPOXI ALCATRAO, DUAS DEMAOS.","M2","59,69","63,36",null,59.69,63.36,"Sinapi 73872/2"]
["72124","IMPERMEABILIZACAO DE SUPERFICIE COM MASTIQUE ELASTICO A BASE DE SILICONE, POR VOLUME.","DM3","87,12","87,88",null,87.12,87.88,"Sinapi 72124"]
["74025/1","IMPERMEABILIZACAO DE SUPERFICIE COM MASTIQUE BETUMINOSO A FRIO, POR METRO.","M","51,98","54,11",null,51.98,54.11,"Sinapi 74025/1"]
["74190/1","IMPERMEABILIZACAO DE SUPERFICIE COM MASTIQUE BETUMINOSO A FRIO, POR AREA.","M2","172,22","179,28",null,172.22,179.28,"Sinapi 74190/1"]
["98563","PROTEÇÃO MECÂNICA DE SUPERFÍCIE HORIZONTAL COM ARGAMASSA DE CIMENTO E AREIA, TRAÇO 1:3, E=2CM. AF_06/2018","M2","24,81","26,34",null,24.81,26.34,"Sinapi 98563"]
["98564","PROTEÇÃO MECÂNICA DE SUPERFÍCIE VERTICAL COM ARGAMASSA DE CIMENTO E AREIA, TRAÇO 1:3, E=2CM. AF_06/2018","M2","31,29","32,94",null,31.29,32.94,"Sinapi 98564"]
["98565","PROTEÇÃO MECÂNICA DE SUPERFICIE HORIZONTAL COM ARGAMASSA DE CIMENTO E AREIA, TRAÇO 1:3, E=3CM. AF_06/2018","M2","35,82","38,15",null,35.82,38.15,"Sinapi 98565"]
["98566","PROTEÇÃO MECÂNICA DE SUPERFÍCIE VERTICAL COM ARGAMASSA DE CIMENTO E AREIA, TRAÇO 1:3, E=3CM. AF_06/2018","M2","42,29","44,74",null,42.29,44.74,"Sinapi 98566"]
["98567","PROTEÇÃO MECÂNICA DE SUPERFICIE HORIZONTAL COM ARGAMASSA DE CIMENTO E AREIA, TRAÇO 1:3, E=4CM. AF_06/2018","M2","46,30","49,42",null,46.3,49.42,"Sinapi 98567"]
["98568","PROTEÇÃO MECÂNICA DE SUPERFÍCIE VERTICAL COM ARGAMASSA DE CIMENTO E AREIA, TRAÇO 1:3, E=4CM. AF_06/2018","M2","52,75","56,00",null,52.75,56,"Sinapi 98568"]
["98569","PROTEÇÃO MECÂNICA DE SUPERFICIE HORIZONTAL COM ARGAMASSA DE CIMENTO E AREIA, TRAÇO 1:3, E=5CM. AF_06/2018","M2","57,30","61,21",null,57.3,61.21,"Sinapi 98569"]
["98570","PROTEÇÃO MECÂNICA DE SUPERFÍCIE VERTICAL COM ARGAMASSA DE CIMENTO E AREIA, TRAÇO 1:3, E=5CM. AF_06/2018","M2","63,80","67,84",null,63.8,67.84,"Sinapi 98570"]
["98571","PROTEÇÃO MECÂNICA DE SUPERFICIE HORIZONTAL COM CONCRETO 15 MPA, E=4CM. AF_06/2018","M2","27,27","28,93",null,27.27,28.93,"Sinapi 98571"]
["98572","PROTEÇÃO MECÂNICA DE SUPERFICIE HORIZONTAL COM CONCRETO 15 MPA, E=5CM. AF_06/2018","M2","33,66","35,77",null,33.659999999999997,35.770000000000003,"Sinapi 98572"]
["98573","PROTEÇÃO MECÂNICA DE SUPERFÍCIE VERTICAL COM CONCRETO 15 MPA, E=5CM. AF_06/2018","M2","39,83","42,02",null,39.83,42.02,"Sinapi 98573"]
["73798/1","DUTO ESPIRAL FLEXIVEL SINGELO PEAD D=50MM(2\") REVESTIDO COM PVC COM FIO GUIA DE ACO GALVANIZADO, LANCADO DIRETO NO SOLO, INCL CONEXOES","M","23,42","25,40",null,23.42,25.4,"Sinapi 73798/1"]
["73798/3","DUTO ESPIRAL FLEXIVEL SINGELO PEAD D=75MM(3\") REVESTIDO COM PVC COM FIO GUIA DE ACO GALVANIZADO, LANCADO DIRETO NO SOLO, INCL CONEXOES","M","36,44","39,61",null,36.44,39.61,"Sinapi 73798/3"]
["91831","ELETRODUTO FLEXÍVEL CORRUGADO, PVC, DN 20 MM (1/2\"), PARA CIRCUITOS TERMINAIS, INSTALADO EM FORRO - FORNECIMENTO E INSTALAÇÃO. AF_12/2015","M","5,75","6,15",null,5.75,6.15,"Sinapi 91831"]
["91833","ELETRODUTO FLEXÍVEL CORRUGADO REFORÇADO, PVC, DN 20 MM (1/2\"), PARA CIRCUITOS TERMINAIS, INSTALADO EM FORRO - FORNECIMENTO E INSTALAÇÃO. AF_12/2015","M","6,09","6,49",null,6.09,6.49,"Sinapi 91833"]
["91834","ELETRODUTO FLEXÍVEL CORRUGADO, PVC, DN 25 MM (3/4\"), PARA CIRCUITOS TERMINAIS, INSTALADO EM FORRO - FORNECIMENTO E INSTALAÇÃO. AF_12/2015","M","6,42","6,88",null,6.42,6.88,"Sinapi 91834"]
["91835","ELETRODUTO FLEXÍVEL CORRUGADO REFORÇADO, PVC, DN 25 MM (3/4\"), PARA CIRCUITOS TERMINAIS, INSTALADO EM FORRO - FORNECIMENTO E INSTALAÇÃO. AF_12/2015","M","7,29","7,75",null,7.29,7.75,"Sinapi 91835"]
["91836","ELETRODUTO FLEXÍVEL CORRUGADO, PVC, DN 32 MM (1\"), PARA CIRCUITOS TERMINAIS, INSTALADO EM FORRO - FORNECIMENTO E INSTALAÇÃO. AF_12/2015","M","8,34","8,88",null,8.34,8.8800000000000008,"Sinapi 91836"]
["91837","ELETRODUTO FLEXÍVEL CORRUGADO REFORÇADO, PVC, DN 32 MM (1\"), PARA CIRCUITOS TERMINAIS, INSTALADO EM FORRO - FORNECIMENTO E INSTALAÇÃO. AF_12/2015","M","10,37","10,91",null,10.37,10.91,"Sinapi 91837"]
["91839","ELETRODUTO FLEXÍVEL LISO, PEAD, DN 32 MM (1\"), PARA CIRCUITOS TERMINAIS, INSTALADO EM FORRO - FORNECIMENTO E INSTALAÇÃO. AF_12/2015","M","7,76","8,30",null,7.76,8.3000000000000007,"Sinapi 91839"]
["91840","ELETRODUTO FLEXÍVEL CORRUGADO, PEAD, DN 40 MM (1 1/4\"), PARA CIRCUITOS TERMINAIS, INSTALADO EM FORRO - FORNECIMENTO E INSTALAÇÃO. AF_12/2015","M","9,78","10,41",null,9.7799999999999994,10.41,"Sinapi 91840"]
["91841","ELETRODUTO FLEXÍVEL LISO, PEAD, DN 40 MM (1 1/4\"), PARA CIRCUITOS TERMINAIS, INSTALADO EM FORRO - FORNECIMENTO E INSTALAÇÃO. AF_12/2015","M","9,25","9,88",null,9.25,9.8800000000000008,"Sinapi 91841"]
["91842","ELETRODUTO FLEXÍVEL CORRUGADO, PVC, DN 20 MM (1/2\"), PARA CIRCUITOS TERMINAIS, INSTALADO EM LAJE - FORNECIMENTO E INSTALAÇÃO. AF_12/2015","M","4,17","4,46",null,4.17,4.46,"Sinapi 91842"]
["91843","ELETRODUTO FLEXÍVEL CORRUGADO REFORÇADO, PVC, DN 20 MM (1/2\"), PARA CIRCUITOS TERMINAIS, INSTALADO EM LAJE - FORNECIMENTO E INSTALAÇÃO. AF_12/2015","M","4,51","4,80",null,4.51,4.8,"Sinapi 91843"]
["91844","ELETRODUTO FLEXÍVEL CORRUGADO, PVC, DN 25 MM (3/4\"), PARA CIRCUITOS TERMINAIS, INSTALADO EM LAJE - FORNECIMENTO E INSTALAÇÃO. AF_12/2015","M","4,85","5,19",null,4.8499999999999996,5.19,"Sinapi 91844"]
["91845","ELETRODUTO FLEXÍVEL CORRUGADO REFORÇADO, PVC, DN 25 MM (3/4\"), PARA CIRCUITOS TERMINAIS, INSTALADO EM LAJE - FORNECIMENTO E INSTALAÇÃO. AF_12/2015","M","5,72","6,06",null,5.72,6.06,"Sinapi 91845"]
["91846","ELETRODUTO FLEXÍVEL CORRUGADO, PVC, DN 32 MM (1\"), PARA CIRCUITOS TERMINAIS, INSTALADO EM LAJE - FORNECIMENTO E INSTALAÇÃO. AF_12/2015","M","6,77","7,20",null,6.77,7.2,"Sinapi 91846"]
["91847","ELETRODUTO FLEXÍVEL CORRUGADO REFORÇADO, PVC, DN 32 MM (1\"), PARA CIRCUITOS TERMINAIS, INSTALADO EM LAJE - FORNECIMENTO E INSTALAÇÃO. AF_12/2015","M","8,80","9,23",null,8.8000000000000007,9.23,"Sinapi 91847"]
["91849","ELETRODUTO FLEXÍVEL LISO, PEAD, DN 32 MM (1\"), PARA CIRCUITOS TERMINAIS, INSTALADO EM LAJE - FORNECIMENTO E INSTALAÇÃO. AF_12/2015","M","6,19","6,62",null,6.19,6.62,"Sinapi 91849"]
["91850","ELETRODUTO FLEXÍVEL CORRUGADO, PEAD, DN 40 MM (1 1/4\"), PARA CIRCUITOS TERMINAIS, INSTALADO EM LAJE - FORNECIMENTO E INSTALAÇÃO. AF_12/2015","M","8,26","8,77",null,8.26,8.77,"Sinapi 91850"]
["91851","ELETRODUTO FLEXÍVEL LISO, PEAD, DN 40 MM (1 1/4\"), PARA CIRCUITOS TERMINAIS, INSTALADO EM LAJE - FORNECIMENTO E INSTALAÇÃO. AF_12/2015","M","7,73","8,24",null,{"$f":"IF(D2504=\"\",\"\",D2504+0)","v":7.73},{"$f":"IF(E2504=\"\",\"\",E2504+0)","v":8.24},{"$f":"IF(OR(G2504=\"\",H2504=\"\"),\"\",CONCATENATE(\"Sinapi \",A2504))","v":"Sinapi 91851"}]
["91852","ELETRODUTO FLEXÍVEL CORRUGADO, PVC, DN 20 MM (1/2\"), PARA CIRCUITOS TERMINAIS, INSTALADO EM PAREDE - FORNECIMENTO E INSTALAÇÃO. AF_12/2015","M","6,12","6,63",null,6.12,6.63,"Sinapi 91852"]
["91853","ELETRODUTO FLEXÍVEL CORRUGADO REFORÇADO, PVC, DN 20 MM (1/2\"), PARA CIRCUITOS TERMINAIS, INSTALADO EM PAREDE - FORNECIMENTO E INSTALAÇÃO. AF_12/2015","M","6,43","6,94",null,6.43,6.94,"Sinapi 91853"]
["91854","ELETRODUTO FLEXÍVEL CORRUGADO, PVC, DN 25 MM (3/4\"), PARA CIRCUITOS TERMINAIS, INSTALADO EM PAREDE - FORNECIMENTO E INSTALAÇÃO. AF_12/2015","M","6,78","7,35",null,6.78,7.35,"Sinapi 91854"]
["91855","ELETRODUTO FLEXÍVEL CORRUGADO REFORÇADO, PVC, DN 25 MM (3/4\"), PARA CIRCUITOS TERMINAIS, INSTALADO EM PAREDE - FORNECIMENTO E INSTALAÇÃO. AF_12/2015","M","7,58","8,15",null,7.58,8.15,"Sinapi 91855"]
["91856","ELETRODUTO FLEXÍVEL CORRUGADO, PVC, DN 32 MM (1\"), PARA CIRCUITOS TERMINAIS, INSTALADO EM PAREDE - FORNECIMENTO E INSTALAÇÃO. AF_12/2015","M","8,61","9,26",null,8.61,9.26,"Sinapi 91856"]
["91857","ELETRODUTO FLEXÍVEL CORRUGADO REFORÇADO, PVC, DN 32 MM (1\"), PARA CIRCUITOS TERMINAIS, INSTALADO EM PAREDE - FORNECIMENTO E INSTALAÇÃO. AF_12/2015","M","10,49","11,14",null,10.49,11.14,"Sinapi 91857"]
["91859","ELETRODUTO FLEXÍVEL LISO, PEAD, DN 32 MM (1\"), PARA CIRCUITOS TERMINAIS, INSTALADO EM PAREDE - FORNECIMENTO E INSTALAÇÃO. AF_12/2015","M","8,08","8,73",null,8.08,8.73,"Sinapi 91859"]
["91860","ELETRODUTO FLEXÍVEL CORRUGADO, PEAD, DN 40 MM (1 1/4\"), PARA CIRCUITOS TERMINAIS, INSTALADO EM PAREDE - FORNECIMENTO E INSTALAÇÃO. AF_12/2015","M","10,05","10,79",null,10.050000000000001,10.79,"Sinapi 91860"]
["91861","ELETRODUTO FLEXÍVEL LISO, PEAD, DN 40 MM (1 1/4\"), PARA CIRCUITOS TERMINAIS, INSTALADO EM PAREDE - FORNECIMENTO E INSTALAÇÃO. AF_12/2015","M","9,56","10,30",null,9.56,10.3,"Sinapi 91861"]
["91862","ELETRODUTO RÍGIDO ROSCÁVEL, PVC, DN 20 MM (1/2\"), PARA CIRCUITOS TERMINAIS, INSTALADO EM FORRO - FORNECIMENTO E INSTALAÇÃO. AF_12/2015","M","6,92","7,36",null,6.92,7.36,"Sinapi 91862"]
["91863","ELETRODUTO RÍGIDO ROSCÁVEL, PVC, DN 25 MM (3/4\"), PARA CIRCUITOS TERMINAIS, INSTALADO EM FORRO - FORNECIMENTO E INSTALAÇÃO. AF_12/2015","M","8,12","8,63",null,8.1199999999999992,8.6300000000000008,"Sinapi 91863"]
["91864","ELETRODUTO RÍGIDO ROSCÁVEL, PVC, DN 32 MM (1\"), PARA CIRCUITOS TERMINAIS, INSTALADO EM FORRO - FORNECIMENTO E INSTALAÇÃO. AF_12/2015","M","10,65","11,24",null,10.65,11.24,"Sinapi 91864"]
["91865","ELETRODUTO RÍGIDO ROSCÁVEL, PVC, DN 40 MM (1 1/4\"), PARA CIRCUITOS TERMINAIS, INSTALADO EM FORRO - FORNECIMENTO E INSTALAÇÃO. AF_12/2015","M","13,20","13,91",null,13.2,13.91,"Sinapi 91865"]
["91866","ELETRODUTO RÍGIDO ROSCÁVEL, PVC, DN 20 MM (1/2\"), PARA CIRCUITOS TERMINAIS, INSTALADO EM LAJE - FORNECIMENTO E INSTALAÇÃO. AF_12/2015","M","5,46","5,80",null,5.46,5.8,"Sinapi 91866"]
["91867","ELETRODUTO RÍGIDO ROSCÁVEL, PVC, DN 25 MM (3/4\"), PARA CIRCUITOS TERMINAIS, INSTALADO EM LAJE - FORNECIMENTO E INSTALAÇÃO. AF_12/2015","M","6,66","7,06",null,6.66,7.06,"Sinapi 91867"]
["91868","ELETRODUTO RÍGIDO ROSCÁVEL, PVC, DN 32 MM (1\"), PARA CIRCUITOS TERMINAIS, INSTALADO EM LAJE - FORNECIMENTO E INSTALAÇÃO. AF_12/2015","M","9,19","9,69",null,9.19,9.69,"Sinapi 91868"]
["91869","ELETRODUTO RÍGIDO ROSCÁVEL, PVC, DN 40 MM (1 1/4\"), PARA CIRCUITOS TERMINAIS, INSTALADO EM LAJE - FORNECIMENTO E INSTALAÇÃO. AF_12/2015","M","11,75","12,36",null,11.75,12.36,"Sinapi 91869"]
["91870","ELETRODUTO RÍGIDO ROSCÁVEL, PVC, DN 20 MM (1/2\"), PARA CIRCUITOS TERMINAIS, INSTALADO EM PAREDE - FORNECIMENTO E INSTALAÇÃO. AF_12/2015","M","7,89","8,49",null,7.89,8.49,"Sinapi 91870"]
["91871","ELETRODUTO RÍGIDO ROSCÁVEL, PVC, DN 25 MM (3/4\"), PARA CIRCUITOS TERMINAIS, INSTALADO EM PAREDE - FORNECIMENTO E INSTALAÇÃO. AF_12/2015","M","9,12","9,79",null,9.1199999999999992,9.7899999999999991,"Sinapi 91871"]
["91872","ELETRODUTO RÍGIDO ROSCÁVEL, PVC, DN 32 MM (1\"), PARA CIRCUITOS TERMINAIS, INSTALADO EM PAREDE - FORNECIMENTO E INSTALAÇÃO. AF_12/2015","M","11,64","12,41",null,11.64,12.41,"Sinapi 91872"]
["91873","ELETRODUTO RÍGIDO ROSCÁVEL, PVC, DN 40 MM (1 1/4\"), PARA CIRCUITOS TERMINAIS, INSTALADO EM PAREDE - FORNECIMENTO E INSTALAÇÃO. AF_12/2015","M","14,16","15,04",null,14.16,15.04,"Sinapi 91873"]
["93008","ELETRODUTO RÍGIDO ROSCÁVEL, PVC, DN 50 MM (1 1/2\") - FORNECIMENTO E INSTALAÇÃO. AF_12/2015","M","11,33","11,78",null,11.33,11.78,"Sinapi 93008"]
["93009","ELETRODUTO RÍGIDO ROSCÁVEL, PVC, DN 60 MM (2\") - FORNECIMENTO E INSTALAÇÃO. AF_12/2015","M","16,56","17,07",null,16.559999999999999,17.07,"Sinapi 93009"]
["93010","ELETRODUTO RÍGIDO ROSCÁVEL, PVC, DN 75 MM (2 1/2\") - FORNECIMENTO E INSTALAÇÃO. AF_12/2015","M","22,93","23,54",null,22.93,23.54,"Sinapi 93010"]
["93011","ELETRODUTO RÍGIDO ROSCÁVEL, PVC, DN 85 MM (3\") - FORNECIMENTO E INSTALAÇÃO. AF_12/2015","M","27,94","28,62",null,27.94,28.62,"Sinapi 93011"]
["93012","ELETRODUTO RÍGIDO ROSCÁVEL, PVC, DN 110 MM (4\") - FORNECIMENTO E INSTALAÇÃO. AF_12/2015","M","41,99","42,84",null,41.99,42.84,"Sinapi 93012"]
["95726","ELETRODUTO RÍGIDO SOLDÁVEL, PVC, DN 20 MM (½\u0092\u0092), APARENTE, INSTALADO EM TETO - FORNECIMENTO E INSTALAÇÃO. AF_11/2016_P","M","4,74","5,04",null,4.74,5.04,"Sinapi 95726"]
["95727","ELETRODUTO RÍGIDO SOLDÁVEL, PVC, DN 25 MM (3/4\u0092\u0092), APARENTE, INSTALADO EM TETO - FORNECIMENTO E INSTALAÇÃO. AF_11/2016_P","M","5,39","5,73",null,5.39,5.73,"Sinapi 95727"]
["95728","ELETRODUTO RÍGIDO SOLDÁVEL, PVC, DN 32 MM (1\u0092\u0092), APARENTE, INSTALADO EM TETO - FORNECIMENTO E INSTALAÇÃO. AF_11/2016_P","M","6,77","7,15",null,6.77,7.15,"Sinapi 95728"]
["95729","ELETRODUTO RÍGIDO SOLDÁVEL, PVC, DN 20 MM (½\u0092\u0092), APARENTE, INSTALADO EM PAREDE - FORNECIMENTO E INSTALAÇÃO. AF_11/2016_P","M","6,30","6,77",null,6.3,6.77,"Sinapi 95729"]
["95730","ELETRODUTO RÍGIDO SOLDÁVEL, PVC, DN 25 MM (3/4\u0092\u0092), APARENTE, INSTALADO EM PAREDE - FORNECIMENTO E INSTALAÇÃO. AF_11/2016_P","M","6,96","7,46",null,6.96,7.46,"Sinapi 95730"]
["95731","ELETRODUTO RÍGIDO SOLDÁVEL, PVC, DN 32 MM (1\u0092\u0092), APARENTE, INSTALADO EM PAREDE - FORNECIMENTO E INSTALAÇÃO. AF_11/2016_P","M","8,32","8,87",null,8.32,8.8699999999999992,"Sinapi 95731"]
["95732","LUVA PARA ELETRODUTO, PVC, SOLDÁVEL, DN 20 MM (1/2\u0092\u0092), APARENTE, INSTALADA EM TETO - FORNECIMENTO E INSTALAÇÃO. AF_11/2016_P","UN","3,23","3,47",null,3.23,3.47,"Sinapi 95732"]
["95745","ELETRODUTO DE AÇO GALVANIZADO, CLASSE LEVE, DN 20 MM (3/4\u0092\u0092), APARENTE, INSTALADO EM TETO - FORNECIMENTO E INSTALAÇÃO. AF_11/2016_P","M","16,76","17,40",null,16.760000000000002,17.399999999999999,"Sinapi 95745"]
["95746","ELETRODUTO DE AÇO GALVANIZADO, CLASSE LEVE, DN 25 MM (1\u0092\u0092), APARENTE, INSTALADO EM TETO - FORNECIMENTO E INSTALAÇÃO. AF_11/2016_P","M","20,84","21,61",null,20.84,21.61,"Sinapi 95746"]
["95747","ELETRODUTO DE AÇO GALVANIZADO, CLASSE SEMI PESADO, DN 32 MM (1 1/4\u0092\u0092), APARENTE, INSTALADO EM TETO - FORNECIMENTO E INSTALAÇÃO. AF_11/2016_P","M","34,58","35,53",null,34.58,35.53,"Sinapi 95747"]
["95748","ELETRODUTO DE AÇO GALVANIZADO, CLASSE SEMI PESADO, DN 40 MM (1 1/2 ), APARENTE, INSTALADO EM TETO - FORNECIMENTO E INSTALAÇÃO. AF_11/2016_P","M","37,34","38,49",null,37.340000000000003,38.49,"Sinapi 95748"]
["95749","ELETRODUTO DE AÇO GALVANIZADO, CLASSE LEVE, DN 20 MM (3/4\u0092\u0092), APARENTE, INSTALADO EM PAREDE - FORNECIMENTO E INSTALAÇÃO. AF_11/2016_P","M","21,81","23,00",null,21.81,23,"Sinapi 95749"]
["95750","ELETRODUTO DE AÇO GALVANIZADO, CLASSE LEVE, DN 25 MM (1\u0092\u0092), APARENTE, INSTALADO EM PAREDE - FORNECIMENTO E INSTALAÇÃO. AF_11/2016_P","M","25,78","27,08",null,25.78,27.08,"Sinapi 95750"]
["95751","ELETRODUTO DE AÇO GALVANIZADO, CLASSE SEMI PESADO, DN 32 MM (1 1/4\u0092\u0092), APARENTE, INSTALADO EM PAREDE - FORNECIMENTO E INSTALAÇÃO. AF_11/2016_P","M","39,36","40,84",null,39.36,40.840000000000003,"Sinapi 95751"]
["95752","ELETRODUTO DE AÇO GALVANIZADO, CLASSE SEMI PESADO, DN 40 MM (1 1/2  ), APARENTE, INSTALADO EM PAREDE - FORNECIMENTO E INSTALAÇÃO. AF_11/2016_P","M","41,95","43,60",null,41.95,43.6,"Sinapi 95752"]
["97667","ELETRODUTO FLEXÍVEL CORRUGADO, PEAD, DN 50 (1 ½\u0094)  - FORNECIMENTO E INSTALAÇÃO. AF_04/2016","M","6,22","6,46",null,6.22,6.46,"Sinapi 97667"]
["97668","ELETRODUTO FLEXÍVEL CORRUGADO, PEAD, DN 63 (2\")  - FORNECIMENTO E INSTALAÇÃO. AF_04/2016","M","9,52","9,93",null,9.52,9.93,"Sinapi 97668"]
["97669","ELETRODUTO FLEXÍVEL CORRUGADO, PEAD, DN 90 (3\u0094) - FORNECIMENTO E INSTALAÇÃO. AF_04/2016","M","15,12","15,90",null,15.12,15.9,"Sinapi 97669"]
["97670","ELETRODUTO FLEXÍVEL CORRUGADO, PEAD, DN 100 (4\u0094) - FORNECIMENTO E INSTALAÇÃO. AF_04/2016","M","19,52","20,43",null,19.52,20.43,"Sinapi 97670"]
["72263","TERMINAL OU CONECTOR DE PRESSAO - PARA CABO 50MM2 - FORNECIMENTO E INSTALACAO","UN","20,23","21,82",null,20.23,21.82,"Sinapi 72263"]
["72271","CONECTOR PARAFUSO FENDIDO \u0094SPLIT-BOLT\u0094 - PARA CABO DE 16MM2 - FORNECIMENTO E INSTALACAO","UN","11,87","12,66",null,11.87,12.66,"Sinapi 72271"]
["72272","CONECTOR PARAFUSO FENDIDO \u0094SPLIT-BOLT\u0094 - PARA CABO DE 35MM2 - FORNECIMENTO E INSTALACAO","UN","13,33","14,12",null,13.33,14.12,"Sinapi 72272"]
["91874","LUVA PARA ELETRODUTO, PVC, ROSCÁVEL, DN 20 MM (1/2\"), PARA CIRCUITOS TERMINAIS, INSTALADA EM FORRO - FORNECIMENTO E INSTALAÇÃO. AF_12/2015","UN","3,53","3,85",null,3.53,3.85,"Sinapi 91874"]
["91875","LUVA PARA ELETRODUTO, PVC, ROSCÁVEL, DN 25 MM (3/4\"), PARA CIRCUITOS TERMINAIS, INSTALADA EM FORRO - FORNECIMENTO E INSTALAÇÃO. AF_12/2015","UN","4,64","5,07",null,4.6399999999999997,5.07,"Sinapi 91875"]
["91876","LUVA PARA ELETRODUTO, PVC, ROSCÁVEL, DN 32 MM (1\"), PARA CIRCUITOS TERMINAIS, INSTALADA EM FORRO - FORNECIMENTO E INSTALAÇÃO. AF_12/2015","UN","6,11","6,66",null,6.11,6.66,"Sinapi 91876"]
["91877","LUVA PARA ELETRODUTO, PVC, ROSCÁVEL, DN 40 MM (1 1/4\"), PARA CIRCUITOS TERMINAIS, INSTALADA EM FORRO - FORNECIMENTO E INSTALAÇÃO. AF_12/2015","UN","8,05","8,75",null,8.0500000000000007,8.75,"Sinapi 91877"]
["91878","LUVA PARA ELETRODUTO, PVC, ROSCÁVEL, DN 20 MM (1/2\"), PARA CIRCUITOS TERMINAIS, INSTALADA EM LAJE - FORNECIMENTO E INSTALAÇÃO. AF_12/2015","UN","4,58","5,03",null,4.58,5.03,"Sinapi 91878"]
["91879","LUVA PARA ELETRODUTO, PVC, ROSCÁVEL, DN 25 MM (3/4\"), PARA CIRCUITOS TERMINAIS, INSTALADA EM LAJE - FORNECIMENTO E INSTALAÇÃO. AF_12/2015","UN","5,66","6,19",null,5.66,6.19,"Sinapi 91879"]
["91880","LUVA PARA ELETRODUTO, PVC, ROSCÁVEL, DN 32 MM (1\"), PARA CIRCUITOS TERMINAIS, INSTALADA EM LAJE - FORNECIMENTO E INSTALAÇÃO. AF_12/2015","UN","7,16","7,83",null,7.16,7.83,"Sinapi 91880"]
["91881","LUVA PARA ELETRODUTO, PVC, ROSCÁVEL, DN 40 MM (1 1/4\"), PARA CIRCUITOS TERMINAIS, INSTALADA EM LAJE - FORNECIMENTO E INSTALAÇÃO. AF_12/2015","UN","9,11","9,91",null,9.11,9.91,"Sinapi 91881"]
["91882","LUVA PARA ELETRODUTO, PVC, ROSCÁVEL, DN 20 MM (1/2\"), PARA CIRCUITOS TERMINAIS, INSTALADA EM PAREDE - FORNECIMENTO E INSTALAÇÃO. AF_12/2015","UN","5,71","6,29",null,5.71,6.29,"Sinapi 91882"]
["91884","LUVA PARA ELETRODUTO, PVC, ROSCÁVEL, DN 25 MM (3/4\"), PARA CIRCUITOS TERMINAIS, INSTALADA EM PAREDE - FORNECIMENTO E INSTALAÇÃO. AF_12/2015","UN","6,54","7,17",null,6.54,7.17,"Sinapi 91884"]
["91885","LUVA PARA ELETRODUTO, PVC, ROSCÁVEL, DN 32 MM (1\"), PARA CIRCUITOS TERMINAIS, INSTALADA EM PAREDE - FORNECIMENTO E INSTALAÇÃO. AF_12/2015","UN","7,68","8,40",null,7.68,8.4,"Sinapi 91885"]
["91886","LUVA PARA ELETRODUTO, PVC, ROSCÁVEL, DN 40 MM (1 1/4\"), PARA CIRCUITOS TERMINAIS, INSTALADA EM PAREDE - FORNECIMENTO E INSTALAÇÃO. AF_12/2015","UN","9,22","10,04",null,9.2200000000000006,10.039999999999999,"Sinapi 91886"]
["91887","CURVA 90 GRAUS PARA ELETRODUTO, PVC, ROSCÁVEL, DN 20 MM (1/2\"), PARA CIRCUITOS TERMINAIS, INSTALADA EM FORRO - FORNECIMENTO E INSTALAÇÃO. AF_12/2015","UN","6,27","6,77",null,6.27,6.77,"Sinapi 91887"]
["91889","CURVA 180 GRAUS PARA ELETRODUTO, PVC, ROSCÁVEL, DN 20 MM (1/2\"), PARA CIRCUITOS TERMINAIS, INSTALADA EM FORRO - FORNECIMENTO E INSTALAÇÃO. AF_12/2015","UN","6,08","6,58",null,6.08,6.58,"Sinapi 91889"]
["91890","CURVA 90 GRAUS PARA ELETRODUTO, PVC, ROSCÁVEL, DN 25 MM (3/4\"), PARA CIRCUITOS TERMINAIS, INSTALADA EM FORRO - FORNECIMENTO E INSTALAÇÃO. AF_12/2015","UN","7,57","8,20",null,7.57,8.1999999999999993,"Sinapi 91890"]
["91892","CURVA 180 GRAUS PARA ELETRODUTO, PVC, ROSCÁVEL, DN 25 MM (3/4\"), PARA CIRCUITOS TERMINAIS, INSTALADA EM FORRO - FORNECIMENTO E INSTALAÇÃO. AF_12/2015","UN","8,82","9,45",null,{"$f":"IF(D2568=\"\",\"\",D2568+0)","v":8.82},{"$f":"IF(E2568=\"\",\"\",E2568+0)","v":9.4499999999999993},{"$f":"IF(OR(G2568=\"\",H2568=\"\"),\"\",CONCATENATE(\"Sinapi \",A2568))","v":"Sinapi 91892"}]
["91893","CURVA 90 GRAUS PARA ELETRODUTO, PVC, ROSCÁVEL, DN 32 MM (1\"), PARA CIRCUITOS TERMINAIS, INSTALADA EM FORRO - FORNECIMENTO E INSTALAÇÃO. AF_12/2015","UN","10,25","11,08",null,10.25,11.08,"Sinapi 91893"]
["91895","CURVA 180 GRAUS PARA ELETRODUTO, PVC, ROSCÁVEL, DN 32 MM (1\"), PARA CIRCUITOS TERMINAIS, INSTALADA EM FORRO - FORNECIMENTO E INSTALAÇÃO. AF_12/2015","UN","11,51","12,34",null,11.51,12.34,"Sinapi 91895"]
["91896","CURVA 90 GRAUS PARA ELETRODUTO, PVC, ROSCÁVEL, DN 40 MM (1 1/4\"), PARA CIRCUITOS TERMINAIS, INSTALADA EM FORRO - FORNECIMENTO E INSTALAÇÃO. AF_12/2015","UN","12,60","13,65",null,12.6,13.65,"Sinapi 91896"]
["91898","CURVA 180 GRAUS PARA ELETRODUTO, PVC, ROSCÁVEL, DN 40 MM (1 1/4\"), PARA CIRCUITOS TERMINAIS, INSTALADA EM FORRO - FORNECIMENTO E INSTALAÇÃO. AF_12/2015","UN","13,95","15,00",null,13.95,15,"Sinapi 91898"]
["91899","CURVA 90 GRAUS PARA ELETRODUTO, PVC, ROSCÁVEL, DN 20 MM (1/2\"), PARA CIRCUITOS TERMINAIS, INSTALADA EM LAJE - FORNECIMENTO E INSTALAÇÃO. AF_12/2015","UN","7,80","8,46",null,7.8,8.4600000000000009,"Sinapi 91899"]
["91901","CURVA 180 GRAUS PARA ELETRODUTO, PVC, ROSCÁVEL, DN 20 MM (1/2\"), PARA CIRCUITOS TERMINAIS, INSTALADA EM LAJE - FORNECIMENTO E INSTALAÇÃO. AF_12/2015","UN","7,61","8,27",null,7.61,8.27,"Sinapi 91901"]
["91902","CURVA 90 GRAUS PARA ELETRODUTO, PVC, ROSCÁVEL, DN 25 MM (3/4\"), PARA CIRCUITOS TERMINAIS, INSTALADA EM LAJE - FORNECIMENTO E INSTALAÇÃO. AF_12/2015","UN","9,10","9,90",null,9.1,9.9,"Sinapi 91902"]
["91904","CURVA 180 GRAUS PARA ELETRODUTO, PVC, ROSCÁVEL, DN 25 MM (3/4\"), PARA CIRCUITOS TERMINAIS, INSTALADA EM LAJE - FORNECIMENTO E INSTALAÇÃO. AF_12/2015","UN","10,35","11,15",null,10.35,11.15,"Sinapi 91904"]
["91905","CURVA 90 GRAUS PARA ELETRODUTO, PVC, ROSCÁVEL, DN 32 MM (1\"), PARA CIRCUITOS TERMINAIS, INSTALADA EM LAJE - FORNECIMENTO E INSTALAÇÃO. AF_12/2015","UN","11,79","12,78",null,11.79,12.78,"Sinapi 91905"]
["91907","CURVA 180 GRAUS PARA ELETRODUTO, PVC, ROSCÁVEL, DN 32 MM (1\u0094), PARA CIRCUITOS TERMINAIS, INSTALADA EM LAJE - FORNECIMENTO E INSTALAÇÃO. AF_12/2015","UN","13,05","14,04",null,13.05,14.04,"Sinapi 91907"]
["91908","CURVA 90 GRAUS PARA ELETRODUTO, PVC, ROSCÁVEL, DN 40 MM (1 1/4\"), PARA CIRCUITOS TERMINAIS, INSTALADA EM LAJE - FORNECIMENTO E INSTALAÇÃO. AF_12/2015","UN","14,17","15,38",null,14.17,15.38,"Sinapi 91908"]
["91910","CURVA 180 GRAUS PARA ELETRODUTO, PVC, ROSCÁVEL, DN 40 MM (1 1/4\"), PARA CIRCUITOS TERMINAIS, INSTALADA EM LAJE - FORNECIMENTO E INSTALAÇÃO. AF_12/2015","UN","15,52","16,73",null,15.52,16.73,"Sinapi 91910"]
["91911","CURVA 90 GRAUS PARA ELETRODUTO, PVC, ROSCÁVEL, DN 20 MM (1/2\"), PARA CIRCUITOS TERMINAIS, INSTALADA EM PAREDE - FORNECIMENTO E INSTALAÇÃO. AF_12/2015","UN","9,55","10,40",null,9.5500000000000007,10.4,"Sinapi 91911"]
["91913","CURVA 180 GRAUS PARA ELETRODUTO, PVC, ROSCÁVEL, DN 20 MM (1/2\"), PARA CIRCUITOS TERMINAIS, INSTALADA EM PAREDE - FORNECIMENTO E INSTALAÇÃO. AF_12/2015","UN","9,36","10,21",null,9.36,10.210000000000001,"Sinapi 91913"]
["91914","CURVA 90 GRAUS PARA ELETRODUTO, PVC, ROSCÁVEL, DN 25 MM (3/4\"), PARA CIRCUITOS TERMINAIS, INSTALADA EM PAREDE - FORNECIMENTO E INSTALAÇÃO. AF_12/2015","UN","10,45","11,40",null,10.45,11.4,"Sinapi 91914"]
["91916","CURVA 180 GRAUS PARA ELETRODUTO, PVC, ROSCÁVEL, DN 25 MM (3/4\"), PARA CIRCUITOS TERMINAIS, INSTALADA EM PAREDE - FORNECIMENTO E INSTALAÇÃO. AF_12/2015","UN","11,70","12,65",null,11.7,12.65,"Sinapi 91916"]
["91917","CURVA 90 GRAUS PARA ELETRODUTO, PVC, ROSCÁVEL, DN 32 MM (1\"), PARA CIRCUITOS TERMINAIS, INSTALADA EM PAREDE - FORNECIMENTO E INSTALAÇÃO. AF_12/2015","UN","12,58","13,67",null,12.58,13.67,"Sinapi 91917"]
["91919","CURVA 180 GRAUS PARA ELETRODUTO, PVC, ROSCÁVEL, DN 32 MM (1\u0094), PARA CIRCUITOS TERMINAIS, INSTALADA EM PAREDE - FORNECIMENTO E INSTALAÇÃO. AF_12/2015","UN","13,84","14,93",null,13.84,14.93,"Sinapi 91919"]
["91920","CURVA 90 GRAUS PARA ELETRODUTO, PVC, ROSCÁVEL, DN 40 MM (1 1/4\"), PARA CIRCUITOS TERMINAIS, INSTALADA EM PAREDE - FORNECIMENTO E INSTALAÇÃO. AF_12/2015","UN","14,35","15,59",null,14.35,15.59,"Sinapi 91920"]
["91922","CURVA 180 GRAUS PARA ELETRODUTO, PVC, ROSCÁVEL, DN 40 MM (1 1/4\"), PARA CIRCUITOS TERMINAIS, INSTALADA EM PAREDE - FORNECIMENTO E INSTALAÇÃO. AF_12/2015","UN","15,70","16,94",null,15.7,16.940000000000001,"Sinapi 91922"]
["93013","LUVA PARA ELETRODUTO, PVC, ROSCÁVEL, DN 50 MM (1 1/2\") - FORNECIMENTO E INSTALAÇÃO. AF_12/2015","UN","10,40","11,30",null,10.4,11.3,"Sinapi 93013"]
["93014","LUVA PARA ELETRODUTO, PVC, ROSCÁVEL, DN 60 MM (2\") - FORNECIMENTO E INSTALAÇÃO. AF_12/2015","UN","12,66","13,68",null,12.66,13.68,"Sinapi 93014"]
["93015","LUVA PARA ELETRODUTO, PVC, ROSCÁVEL, DN 75 MM (2 1/2\") - FORNECIMENTO E INSTALAÇÃO. AF_12/2015","UN","18,46","19,69",null,18.46,19.690000000000001,"Sinapi 93015"]
["93016","LUVA PARA ELETRODUTO, PVC, ROSCÁVEL, DN 85 MM (3\") - FORNECIMENTO E INSTALAÇÃO. AF_12/2015","UN","22,19","23,55",null,22.19,23.55,"Sinapi 93016"]
["93017","LUVA PARA ELETRODUTO, PVC, ROSCÁVEL, DN 110 MM (4\") - FORNECIMENTO E INSTALAÇÃO. AF_12/2015","UN","32,63","34,32",null,32.630000000000003,34.32,"Sinapi 93017"]
["93018","CURVA 90 GRAUS PARA ELETRODUTO, PVC, ROSCÁVEL, DN 50 MM (1 1/2\") - FORNECIMENTO E INSTALAÇÃO. AF_12/2015","UN","15,84","17,17",null,15.84,17.170000000000002,"Sinapi 93018"]
["93020","CURVA 90 GRAUS PARA ELETRODUTO, PVC, ROSCÁVEL, DN 60 MM (2\") - FORNECIMENTO E INSTALAÇÃO. AF_12/2015","UN","19,96","21,49",null,19.96,21.49,"Sinapi 93020"]
["93022","CURVA 90 GRAUS PARA ELETRODUTO, PVC, ROSCÁVEL, DN 75 MM (2 1/2\") - FORNECIMENTO E INSTALAÇÃO. AF_12/2015","UN","31,83","33,66",null,31.83,33.659999999999997,"Sinapi 93022"]
["93024","CURVA 90 GRAUS PARA ELETRODUTO, PVC, ROSCÁVEL, DN 85 MM (3\") - FORNECIMENTO E INSTALAÇÃO. AF_12/2015","UN","33,67","35,71",null,33.67,35.71,"Sinapi 93024"]
["93026","CURVA 90 GRAUS PARA ELETRODUTO, PVC, ROSCÁVEL, DN 110 MM (4\") - FORNECIMENTO E INSTALAÇÃO. AF_12/2015","UN","53,37","55,91",null,53.37,55.91,"Sinapi 93026"]
["95733","LUVA PARA ELETRODUTO, PVC, SOLDÁVEL, DN 25 MM (3/4\u0092\u0092), APARENTE, INSTALADA EM TETO - FORNECIMENTO E INSTALAÇÃO. AF_11/2016_P","UN","4,20","4,51",null,4.2,4.51,"Sinapi 95733"]
["95734","LUVA PARA ELETRODUTO, PVC, SOLDÁVEL, DN 32 MM (1\u0092\u0092), APARENTE, INSTALADA EM TETO - FORNECIMENTO E INSTALAÇÃO. AF_11/2016_P","UN","5,57","5,98",null,5.57,5.98,"Sinapi 95734"]
["95735","LUVA PARA ELETRODUTO, PVC, SOLDÁVEL, DN 20 MM (1/2\u0092\u0092), APARENTE, INSTALADA EM PAREDE - FORNECIMENTO E INSTALAÇÃO. AF_11/2016_P","UN","4,84","5,26",null,4.84,5.26,"Sinapi 95735"]
["95736","LUVA PARA ELETRODUTO, PVC, SOLDÁVEL, DN 25 MM (3/4\u0092\u0092), APARENTE, INSTALADA EM PAREDE - FORNECIMENTO E INSTALAÇÃO. AF_11/2016_P","UN","5,63","6,09",null,5.63,6.09,"Sinapi 95736"]
["95738","LUVA PARA ELETRODUTO, PVC, SOLDÁVEL, DN 32 MM (1\u0092\u0092), APARENTE, INSTALADA EM PAREDE - FORNECIMENTO E INSTALAÇÃO. AF_11/2016_P","UN","6,73","7,26",null,6.73,7.26,"Sinapi 95738"]
["95753","LUVA DE EMENDA PARA ELETRODUTO, AÇO GALVANIZADO, DN 20 MM (3/4  ), APARENTE, INSTALADA EM TETO - FORNECIMENTO E INSTALAÇÃO. AF_11/2016_P","UN","5,54","5,97",null,5.54,5.97,"Sinapi 95753"]
["95754","LUVA DE EMENDA PARA ELETRODUTO, AÇO GALVANIZADO, DN 25 MM (1''), APARENTE, INSTALADA EM TETO - FORNECIMENTO E INSTALAÇÃO. AF_11/2016_P","UN","6,91","7,44",null,6.91,7.44,"Sinapi 95754"]
["95755","LUVA DE EMENDA PARA ELETRODUTO, AÇO GALVANIZADO, DN 32 MM (1 1/4''), APARENTE, INSTALADA EM TETO - FORNECIMENTO E INSTALAÇÃO. AF_11/2016_P","UN","9,96","10,66",null,9.9600000000000009,10.66,"Sinapi 95755"]
["95756","LUVA DE EMENDA PARA ELETRODUTO, AÇO GALVANIZADO, DN 40 MM (1 1/2''), APARENTE, INSTALADA EM TETO - FORNECIMENTO E INSTALAÇÃO. AF_11/2016_P","UN","13,26","14,15",null,13.26,14.15,"Sinapi 95756"]
["95757","LUVA DE EMENDA PARA ELETRODUTO, AÇO GALVANIZADO, DN 20 MM (3/4''), APARENTE, INSTALADA EM PAREDE - FORNECIMENTO E INSTALAÇÃO. AF_11/2016_P","UN","8,35","9,08",null,8.35,9.08,"Sinapi 95757"]
["95758","LUVA DE EMENDA PARA ELETRODUTO, AÇO GALVANIZADO, DN 25 MM (1''), APARENTE, INSTALADA EM PAREDE - FORNECIMENTO E INSTALAÇÃO. AF_11/2016_P","UN","9,38","10,19",null,9.3800000000000008,10.19,"Sinapi 95758"]
["95759","LUVA DE EMENDA PARA ELETRODUTO, AÇO GALVANIZADO, DN 32 MM (1 1/4''), APARENTE, INSTALADA EM PAREDE - FORNECIMENTO E INSTALAÇÃO. AF_11/2016_P","UN","11,97","12,88",null,11.97,12.88,"Sinapi 95759"]
["95760","LUVA DE EMENDA PARA ELETRODUTO, AÇO GALVANIZADO, DN 40 MM (1 1/2''), APARENTE, INSTALADA EM PAREDE - FORNECIMENTO E INSTALAÇÃO. AF_11/2016_P","UN","14,74","15,79",null,14.74,15.79,"Sinapi 95760"]
["97559","CURVA 135 GRAUS PARA ELETRODUTO, PVC, ROSCÁVEL, DN 25 MM (3/4\u0094), PARA CIRCUITOS TERMINAIS, INSTALADA EM FORRO - FORNECIMENTO E INSTALAÇÃO. AF_12/2015","UN","7,43","8,06",null,7.43,8.06,"Sinapi 97559"]
["97562","CURVA 135 GRAUS PARA ELETRODUTO, PVC, ROSCÁVEL, DN 25 MM (3/4\u0094), PARA CIRCUITOS TERMINAIS, INSTALADA EM LAJE - FORNECIMENTO E INSTALAÇÃO. AF_12/2015","UN","8,96","9,76",null,8.9600000000000009,9.76,"Sinapi 97562"]
["97564","CURVA 135 GRAUS PARA ELETRODUTO, PVC, ROSCÁVEL, DN 25 MM (3/4\u0094), PARA CIRCUITOS TERMINAIS, INSTALADA EM PAREDE - FORNECIMENTO E INSTALAÇÃO. AF_12/2015","UN","10,31","11,26",null,10.31,11.26,"Sinapi 97564"]
["91924","CABO DE COBRE FLEXÍVEL ISOLADO, 1,5 MM², ANTI-CHAMA 450/750 V, PARA CIRCUITOS TERMINAIS - FORNECIMENTO E INSTALAÇÃO. AF_12/2015","M","1,97","2,07",null,1.97,2.0699999999999998,"Sinapi 91924"]
["91925","CABO DE COBRE FLEXÍVEL ISOLADO, 1,5 MM², ANTI-CHAMA 0,6/1,0 KV, PARA CIRCUITOS TERMINAIS - FORNECIMENTO E INSTALAÇÃO. AF_12/2015","M","2,74","2,84",null,2.74,2.84,"Sinapi 91925"]
["91926","CABO DE COBRE FLEXÍVEL ISOLADO, 2,5 MM², ANTI-CHAMA 450/750 V, PARA CIRCUITOS TERMINAIS - FORNECIMENTO E INSTALAÇÃO. AF_12/2015","M","2,84","2,96",null,2.84,2.96,"Sinapi 91926"]
["91927","CABO DE COBRE FLEXÍVEL ISOLADO, 2,5 MM², ANTI-CHAMA 0,6/1,0 KV, PARA CIRCUITOS TERMINAIS - FORNECIMENTO E INSTALAÇÃO. AF_12/2015","M","3,69","3,81",null,3.69,3.81,"Sinapi 91927"]
["91928","CABO DE COBRE FLEXÍVEL ISOLADO, 4 MM², ANTI-CHAMA 450/750 V, PARA CIRCUITOS TERMINAIS - FORNECIMENTO E INSTALAÇÃO. AF_12/2015","M","4,57","4,72",null,4.57,4.72,"Sinapi 91928"]
["91929","CABO DE COBRE FLEXÍVEL ISOLADO, 4 MM², ANTI-CHAMA 0,6/1,0 KV, PARA CIRCUITOS TERMINAIS - FORNECIMENTO E INSTALAÇÃO. AF_12/2015","M","5,16","5,31",null,5.16,5.31,"Sinapi 91929"]
["91930","CABO DE COBRE FLEXÍVEL ISOLADO, 6 MM², ANTI-CHAMA 450/750 V, PARA CIRCUITOS TERMINAIS - FORNECIMENTO E INSTALAÇÃO. AF_12/2015","M","6,25","6,46",null,6.25,6.46,"Sinapi 91930"]
["91931","CABO DE COBRE FLEXÍVEL ISOLADO, 6 MM², ANTI-CHAMA 0,6/1,0 KV, PARA CIRCUITOS TERMINAIS - FORNECIMENTO E INSTALAÇÃO. AF_12/2015","M","6,96","7,17",null,6.96,7.17,"Sinapi 91931"]
["91932","CABO DE COBRE FLEXÍVEL ISOLADO, 10 MM², ANTI-CHAMA 450/750 V, PARA CIRCUITOS TERMINAIS - FORNECIMENTO E INSTALAÇÃO. AF_12/2015","M","10,24","10,55",null,10.24,10.55,"Sinapi 91932"]
["91933","CABO DE COBRE FLEXÍVEL ISOLADO, 10 MM², ANTI-CHAMA 0,6/1,0 KV, PARA CIRCUITOS TERMINAIS - FORNECIMENTO E INSTALAÇÃO. AF_12/2015","M","10,91","11,22",null,10.91,11.22,"Sinapi 91933"]
["91934","CABO DE COBRE FLEXÍVEL ISOLADO, 16 MM², ANTI-CHAMA 450/750 V, PARA CIRCUITOS TERMINAIS - FORNECIMENTO E INSTALAÇÃO. AF_12/2015","M","15,63","16,09",null,15.63,16.09,"Sinapi 91934"]
["91935","CABO DE COBRE FLEXÍVEL ISOLADO, 16 MM², ANTI-CHAMA 0,6/1,0 KV, PARA CIRCUITOS TERMINAIS - FORNECIMENTO E INSTALAÇÃO. AF_12/2015","M","16,60","17,06",null,16.600000000000001,17.059999999999999,"Sinapi 91935"]
["92979","CABO DE COBRE FLEXÍVEL ISOLADO, 10 MM², ANTI-CHAMA 450/750 V, PARA DISTRIBUIÇÃO - FORNECIMENTO E INSTALAÇÃO. AF_12/2015","M","6,75","6,78",null,6.75,6.78,"Sinapi 92979"]
["92980","CABO DE COBRE FLEXÍVEL ISOLADO, 10 MM², ANTI-CHAMA 0,6/1,0 KV, PARA DISTRIBUIÇÃO - FORNECIMENTO E INSTALAÇÃO. AF_12/2015","M","7,33","7,36",null,7.33,7.36,"Sinapi 92980"]
["92981","CABO DE COBRE FLEXÍVEL ISOLADO, 16 MM², ANTI-CHAMA 450/750 V, PARA DISTRIBUIÇÃO - FORNECIMENTO E INSTALAÇÃO. AF_12/2015","M","10,35","10,41",null,10.35,10.41,"Sinapi 92981"]
["92982","CABO DE COBRE FLEXÍVEL ISOLADO, 16 MM², ANTI-CHAMA 0,6/1,0 KV, PARA DISTRIBUIÇÃO - FORNECIMENTO E INSTALAÇÃO. AF_12/2015","M","11,20","11,26",null,11.2,11.26,"Sinapi 92982"]
["92983","CABO DE COBRE FLEXÍVEL ISOLADO, 25 MM², ANTI-CHAMA 450/750 V, PARA DISTRIBUIÇÃO - FORNECIMENTO E INSTALAÇÃO. AF_12/2015","M","17,98","18,24",null,17.98,18.239999999999998,"Sinapi 92983"]
["92984","CABO DE COBRE FLEXÍVEL ISOLADO, 25 MM², ANTI-CHAMA 0,6/1,0 KV, PARA DISTRIBUIÇÃO - FORNECIMENTO E INSTALAÇÃO. AF_12/2015","M","18,44","18,70",null,{"$f":"IF(D2632=\"\",\"\",D2632+0)","v":18.440000000000001},{"$f":"IF(E2632=\"\",\"\",E2632+0)","v":18.7},{"$f":"IF(OR(G2632=\"\",H2632=\"\"),\"\",CONCATENATE(\"Sinapi \",A2632))","v":"Sinapi 92984"}]
["92985","CABO DE COBRE FLEXÍVEL ISOLADO, 35 MM², ANTI-CHAMA 450/750 V, PARA DISTRIBUIÇÃO - FORNECIMENTO E INSTALAÇÃO. AF_12/2015","M","24,16","24,45",null,24.16,24.45,"Sinapi 92985"]
["92986","CABO DE COBRE FLEXÍVEL ISOLADO, 35 MM², ANTI-CHAMA 0,6/1,0 KV, PARA DISTRIBUIÇÃO - FORNECIMENTO E INSTALAÇÃO. AF_12/2015","M","24,86","25,15",null,24.86,25.15,"Sinapi 92986"]
["92987","CABO DE COBRE FLEXÍVEL ISOLADO, 50 MM², ANTI-CHAMA 450/750 V, PARA DISTRIBUIÇÃO - FORNECIMENTO E INSTALAÇÃO. AF_12/2015","M","34,72","35,06",null,34.72,35.06,"Sinapi 92987"]
["92988","CABO DE COBRE FLEXÍVEL ISOLADO, 50 MM², ANTI-CHAMA 0,6/1,0 KV, PARA DISTRIBUIÇÃO - FORNECIMENTO E INSTALAÇÃO. AF_12/2015","M","34,81","35,15",null,34.81,35.15,"Sinapi 92988"]
["92989","CABO DE COBRE FLEXÍVEL ISOLADO, 70 MM², ANTI-CHAMA 450/750 V, PARA DISTRIBUIÇÃO - FORNECIMENTO E INSTALAÇÃO. AF_12/2015","M","48,20","48,61",null,48.2,48.61,"Sinapi 92989"]
["92990","CABO DE COBRE FLEXÍVEL ISOLADO, 70 MM², ANTI-CHAMA 0,6/1,0 KV, PARA DISTRIBUIÇÃO - FORNECIMENTO E INSTALAÇÃO. AF_12/2015","M","47,65","48,06",null,47.65,48.06,"Sinapi 92990"]
["92991","CABO DE COBRE FLEXÍVEL ISOLADO, 95 MM², ANTI-CHAMA 450/750 V, PARA DISTRIBUIÇÃO - FORNECIMENTO E INSTALAÇÃO. AF_12/2015","M","62,84","63,34",null,62.84,63.34,"Sinapi 92991"]
["92992","CABO DE COBRE FLEXÍVEL ISOLADO, 95 MM², ANTI-CHAMA 0,6/1,0 KV, PARA DISTRIBUIÇÃO - FORNECIMENTO E INSTALAÇÃO. AF_12/2015","M","62,89","63,39",null,62.89,63.39,"Sinapi 92992"]
["92993","CABO DE COBRE FLEXÍVEL ISOLADO, 120 MM², ANTI-CHAMA 450/750 V, PARA DISTRIBUIÇÃO - FORNECIMENTO E INSTALAÇÃO. AF_12/2015","M","80,53","81,13",null,80.53,81.13,"Sinapi 92993"]
["92994","CABO DE COBRE FLEXÍVEL ISOLADO, 120 MM², ANTI-CHAMA 0,6/1,0 KV, PARA DISTRIBUIÇÃO - FORNECIMENTO E INSTALAÇÃO. AF_12/2015","M","81,32","81,92",null,81.319999999999993,81.92,"Sinapi 92994"]
["92995","CABO DE COBRE FLEXÍVEL ISOLADO, 150 MM², ANTI-CHAMA 450/750 V, PARA DISTRIBUIÇÃO - FORNECIMENTO E INSTALAÇÃO. AF_12/2015","M","100,14","100,84",null,100.14,100.84,"Sinapi 92995"]
["92996","CABO DE COBRE FLEXÍVEL ISOLADO, 150 MM², ANTI-CHAMA 0,6/1,0 KV, PARA DISTRIBUIÇÃO - FORNECIMENTO E INSTALAÇÃO. AF_12/2015","M","100,41","101,11",null,100.41,101.11,"Sinapi 92996"]
["92997","CABO DE COBRE FLEXÍVEL ISOLADO, 185 MM², ANTI-CHAMA 450/750 V, PARA DISTRIBUIÇÃO - FORNECIMENTO E INSTALAÇÃO. AF_12/2015","M","121,65","122,49",null,121.65,122.49,"Sinapi 92997"]
["92998","CABO DE COBRE FLEXÍVEL ISOLADO, 185 MM², ANTI-CHAMA 0,6/1,0 KV, PARA DISTRIBUIÇÃO - FORNECIMENTO E INSTALAÇÃO. AF_12/2015","M","122,82","123,66",null,122.82,123.66,"Sinapi 92998"]
["92999","CABO DE COBRE FLEXÍVEL ISOLADO, 240 MM², ANTI-CHAMA 450/750 V, PARA DISTRIBUIÇÃO - FORNECIMENTO E INSTALAÇÃO. AF_12/2015","M","160,15","161,19",null,160.15,161.19,"Sinapi 92999"]
["93000","CABO DE COBRE FLEXÍVEL ISOLADO, 240 MM², ANTI-CHAMA 0,6/1,0 KV, PARA DISTRIBUIÇÃO - FORNECIMENTO E INSTALAÇÃO. AF_12/2015","M","161,12","162,16",null,161.12,162.16,"Sinapi 93000"]
["93001","CABO DE COBRE RÍGIDO ISOLADO, 300 MM², ANTI-CHAMA 450/750 V, PARA DISTRIBUIÇÃO - FORNECIMENTO E INSTALAÇÃO. AF_12/2015","M","195,56","196,79",null,195.56,196.79,"Sinapi 93001"]
["93002","CABO DE COBRE FLEXÍVEL ISOLADO, 300 MM², ANTI-CHAMA 0,6/1,0 KV, PARA DISTRIBUIÇÃO - FORNECIMENTO E INSTALAÇÃO. AF_12/2015","M","200,98","202,21",null,200.98,202.21,"Sinapi 93002"]
["83446","CAIXA DE PASSAGEM 30X30X40 COM TAMPA E DRENO BRITA","UN","153,32","163,92",null,153.32,163.92,"Sinapi 83446"]
["91936","CAIXA OCTOGONAL 4\" X 4\", PVC, INSTALADA EM LAJE - FORNECIMENTO E INSTALAÇÃO. AF_12/2015","UN","9,08","9,66",null,9.08,9.66,"Sinapi 91936"]
["91937","CAIXA OCTOGONAL 3\" X 3\", PVC, INSTALADA EM LAJE - FORNECIMENTO E INSTALAÇÃO. AF_12/2015","UN","7,89","8,47",null,7.89,8.4700000000000006,"Sinapi 91937"]
["91939","CAIXA RETANGULAR 4\" X 2\" ALTA (2,00 M DO PISO), PVC, INSTALADA EM PAREDE - FORNECIMENTO E INSTALAÇÃO. AF_12/2015","UN","20,81","22,88",null,20.81,22.88,"Sinapi 91939"]
["91940","CAIXA RETANGULAR 4\" X 2\" MÉDIA (1,30 M DO PISO), PVC, INSTALADA EM PAREDE - FORNECIMENTO E INSTALAÇÃO. AF_12/2015","UN","10,88","11,89",null,10.88,11.89,"Sinapi 91940"]
["91941","CAIXA RETANGULAR 4\" X 2\" BAIXA (0,30 M DO PISO), PVC, INSTALADA EM PAREDE - FORNECIMENTO E INSTALAÇÃO. AF_12/2015","UN","7,17","7,76",null,7.17,7.76,"Sinapi 91941"]
["91942","CAIXA RETANGULAR 4\" X 4\" ALTA (2,00 M DO PISO), PVC, INSTALADA EM PAREDE - FORNECIMENTO E INSTALAÇÃO. AF_12/2015","UN","25,24","27,61",null,25.24,27.61,"Sinapi 91942"]
["91943","CAIXA RETANGULAR 4\" X 4\" MÉDIA (1,30 M DO PISO), PVC, INSTALADA EM PAREDE - FORNECIMENTO E INSTALAÇÃO. AF_12/2015","UN","13,83","14,96",null,13.83,14.96,"Sinapi 91943"]
["91944","CAIXA RETANGULAR 4\" X 4\" BAIXA (0,30 M DO PISO), PVC, INSTALADA EM PAREDE - FORNECIMENTO E INSTALAÇÃO. AF_12/2015","UN","9,56","10,23",null,9.56,10.23,"Sinapi 91944"]
["92865","CAIXA OCTOGONAL 4\" X 4\", METÁLICA, INSTALADA EM LAJE - FORNECIMENTO E INSTALAÇÃO. AF_12/2015","UN","6,98","7,56",null,6.98,7.56,"Sinapi 92865"]
["92866","CAIXA SEXTAVADA 3\" X 3\", METÁLICA, INSTALADA EM LAJE - FORNECIMENTO E INSTALAÇÃO. AF_12/2015","UN","6,01","6,59",null,6.01,6.59,"Sinapi 92866"]
["92867","CAIXA RETANGULAR 4\" X 2\" ALTA (2,00 M DO PISO), METÁLICA, INSTALADA EM PAREDE - FORNECIMENTO E INSTALAÇÃO. AF_12/2015","UN","20,15","22,22",null,20.149999999999999,22.22,"Sinapi 92867"]
["92868","CAIXA RETANGULAR 4\" X 2\" MÉDIA (1,30 M DO PISO), METÁLICA, INSTALADA EM PAREDE - FORNECIMENTO E INSTALAÇÃO. AF_12/2015","UN","10,22","11,23",null,10.220000000000001,11.23,"Sinapi 92868"]
["92869","CAIXA RETANGULAR 4\" X 2\" BAIXA (0,30 M DO PISO), METÁLICA, INSTALADA EM PAREDE - FORNECIMENTO E INSTALAÇÃO. AF_12/2015","UN","6,51","7,10",null,6.51,7.1,"Sinapi 92869"]
["92870","CAIXA RETANGULAR 4\" X 4\" ALTA (2,00 M DO PISO), METÁLICA, INSTALADA EM PAREDE - FORNECIMENTO E INSTALAÇÃO. AF_12/2015","UN","24,03","26,40",null,24.03,26.4,"Sinapi 92870"]
["92871","CAIXA RETANGULAR 4\" X 4\" MÉDIA (1,30 M DO PISO), METÁLICA, INSTALADA EM PAREDE - FORNECIMENTO E INSTALAÇÃO. AF_12/2015","UN","12,62","13,75",null,12.62,13.75,"Sinapi 92871"]
["92872","CAIXA RETANGULAR 4\" X 4\" BAIXA (0,30 M DO PISO), METÁLICA, INSTALADA EM PAREDE - FORNECIMENTO E INSTALAÇÃO. AF_12/2015","UN","8,35","9,02",null,8.35,9.02,"Sinapi 92872"]
["95777","CONDULETE DE ALUMÍNIO, TIPO B, PARA ELETRODUTO DE AÇO GALVANIZADO DN 20 MM (3/4''), APARENTE - FORNECIMENTO E INSTALAÇÃO. AF_11/2016_P","UN","19,87","21,23",null,19.87,21.23,"Sinapi 95777"]
["95778","CONDULETE DE ALUMÍNIO, TIPO C, PARA ELETRODUTO DE AÇO GALVANIZADO DN 20 MM (3/4''), APARENTE - FORNECIMENTO E INSTALAÇÃO. AF_11/2016_P","UN","20,29","21,65",null,20.29,21.65,"Sinapi 95778"]
["95779","CONDULETE DE ALUMÍNIO, TIPO E, PARA ELETRODUTO DE AÇO GALVANIZADO DN 20 MM (3/4''), APARENTE - FORNECIMENTO E INSTALAÇÃO. AF_11/2016_P","UN","18,89","20,25",null,18.89,20.25,"Sinapi 95779"]
["95780","CONDULETE DE ALUMÍNIO, TIPO B, PARA ELETRODUTO DE AÇO GALVANIZADO DN 25 MM (1''), APARENTE - FORNECIMENTO E INSTALAÇÃO. AF_11/2016_P","UN","22,32","23,73",null,22.32,23.73,"Sinapi 95780"]
["95781","CONDULETE DE ALUMÍNIO, TIPO C, PARA ELETRODUTO DE AÇO GALVANIZADO DN 25 MM (1''), APARENTE - FORNECIMENTO E INSTALAÇÃO. AF_11/2016_P","UN","22,64","24,05",null,22.64,24.05,"Sinapi 95781"]
["95782","CONDULETE DE ALUMÍNIO, TIPO E, ELETRODUTO DE AÇO GALVANIZADO DN 25 MM (1''), APARENTE - FORNECIMENTO E INSTALAÇÃO. AF_11/2016_P","UN","23,45","24,86",null,23.45,24.86,"Sinapi 95782"]
["95785","CONDULETE DE ALUMÍNIO, TIPO E, PARA ELETRODUTO DE AÇO GALVANIZADO DN 32 MM (1 1/4''), APARENTE - FORNECIMENTO E INSTALAÇÃO. AF_11/2016_P","UN","26,42","27,91",null,26.42,27.91,"Sinapi 95785"]
["95787","CONDULETE DE ALUMÍNIO, TIPO LR, PARA ELETRODUTO DE AÇO GALVANIZADO DN 20 MM (3/4''), APARENTE - FORNECIMENTO E INSTALAÇÃO. AF_11/2016_P","UN","20,30","21,80",null,20.3,21.8,"Sinapi 95787"]
["95789","CONDULETE DE ALUMÍNIO, TIPO LR, PARA ELETRODUTO DE AÇO GALVANIZADO DN 25 MM (1''), APARENTE - FORNECIMENTO E INSTALAÇÃO. AF_11/2016_P","UN","24,61","26,19",null,24.61,26.19,"Sinapi 95789"]
["95791","CONDULETE DE ALUMÍNIO, TIPO LR, PARA ELETRODUTO DE AÇO GALVANIZADO DN 32 MM (1 1/4''), APARENTE - FORNECIMENTO E INSTALAÇÃO. AF_11/2016_P","UN","31,00","32,68",null,31,32.68,"Sinapi 95791"]
["95795","CONDULETE DE ALUMÍNIO, TIPO T, PARA ELETRODUTO DE AÇO GALVANIZADO DN 20 MM (3/4''), APARENTE - FORNECIMENTO E INSTALAÇÃO. AF_11/2016_P","UN","23,44","25,17",null,23.44,25.17,"Sinapi 95795"]
["95796","CONDULETE DE ALUMÍNIO, TIPO T, PARA ELETRODUTO DE AÇO GALVANIZADO DN 25 MM (1''), APARENTE - FORNECIMENTO E INSTALAÇÃO. AF_11/2016_P","UN","28,94","30,79",null,28.94,30.79,"Sinapi 95796"]
["95797","CONDULETE DE ALUMÍNIO, TIPO T, PARA ELETRODUTO DE AÇO GALVANIZADO DN 32 MM (1 1/4''), APARENTE - FORNECIMENTO E INSTALAÇÃO. AF_11/2016_P","UN","36,10","38,14",null,36.1,38.14,"Sinapi 95797"]
["95801","CONDULETE DE ALUMÍNIO, TIPO X, PARA ELETRODUTO DE AÇO GALVANIZADO DN 20 MM (3/4''), APARENTE - FORNECIMENTO E INSTALAÇÃO. AF_11/2016_P","UN","27,91","29,87",null,27.91,29.87,"Sinapi 95801"]
["95802","CONDULETE DE ALUMÍNIO, TIPO X, PARA ELETRODUTO DE AÇO GALVANIZADO DN 25 MM (1''), APARENTE - FORNECIMENTO E INSTALAÇÃO. AF_11/2016_P","UN","31,01","33,15",null,31.01,33.15,"Sinapi 95802"]
["95803","CONDULETE DE ALUMÍNIO, TIPO X, PARA ELETRODUTO DE AÇO GALVANIZADO DN 32 MM (1 1/4''), APARENTE - FORNECIMENTO E INSTALAÇÃO. AF_11/2016_P","UN","40,19","42,55",null,40.19,42.55,"Sinapi 95803"]
["95804","CONDULETE DE PVC, TIPO B, PARA ELETRODUTO DE PVC SOLDÁVEL DN 20 MM (1/2''), APARENTE - FORNECIMENTO E INSTALAÇÃO. AF_11/2016","UN","17,07","18,20",null,17.07,18.2,"Sinapi 95804"]
["95805","CONDULETE DE PVC, TIPO B, PARA ELETRODUTO DE PVC SOLDÁVEL DN 25 MM (3/4''), APARENTE - FORNECIMENTO E INSTALAÇÃO. AF_11/2016","UN","17,25","18,39",null,17.25,18.39,"Sinapi 95805"]
["95806","CONDULETE DE PVC, TIPO B, PARA ELETRODUTO DE PVC SOLDÁVEL DN 32 MM (1''), APARENTE - FORNECIMENTO E INSTALAÇÃO. AF_11/2016","UN","17,77","18,95",null,17.77,18.95,"Sinapi 95806"]
["95807","CONDULETE DE PVC, TIPO LL, PARA ELETRODUTO DE PVC SOLDÁVEL DN 20 MM (1/2''), APARENTE - FORNECIMENTO E INSTALAÇÃO. AF_11/2016","UN","19,68","21,02",null,19.68,21.02,"Sinapi 95807"]
["95808","CONDULETE DE PVC, TIPO LL, PARA ELETRODUTO DE PVC SOLDÁVEL DN 25 MM (3/4''), APARENTE - FORNECIMENTO E INSTALAÇÃO. AF_11/2016","UN","20,20","21,59",null,20.2,21.59,"Sinapi 95808"]
["95809","CONDULETE DE PVC, TIPO LL, PARA ELETRODUTO DE PVC SOLDÁVEL DN 32 MM (1''), APARENTE - FORNECIMENTO E INSTALAÇÃO. AF_11/2016","UN","22,07","23,54",null,22.07,23.54,"Sinapi 95809"]
["95810","CONDULETE DE PVC, TIPO LB, PARA ELETRODUTO DE PVC SOLDÁVEL DN 20 MM (1/2''), APARENTE - FORNECIMENTO E INSTALAÇÃO. AF_11/2016","UN","9,91","10,23",null,9.91,10.23,"Sinapi 95810"]
["95811","CONDULETE DE PVC, TIPO LB, PARA ELETRODUTO DE PVC SOLDÁVEL DN 25 MM (3/4''), APARENTE - FORNECIMENTO E INSTALAÇÃO. AF_11/2016","UN","10,42","10,80",null,10.42,10.8,"Sinapi 95811"]
["95812","CONDULETE DE PVC, TIPO LB, PARA ELETRODUTO DE PVC SOLDÁVEL DN 32 MM (1''), APARENTE - FORNECIMENTO E INSTALAÇÃO. AF_11/2016","UN","12,28","12,74",null,12.28,12.74,"Sinapi 95812"]
["95813","CONDULETE DE PVC, TIPO TB, PARA ELETRODUTO DE PVC SOLDÁVEL DN 20 MM (1/2''), APARENTE - FORNECIMENTO E INSTALAÇÃO. AF_11/2016","UN","12,11","12,59",null,12.11,12.59,"Sinapi 95813"]
["95814","CONDULETE DE PVC, TIPO TB, PARA ELETRODUTO DE PVC SOLDÁVEL DN 25 MM (3/4''), APARENTE - FORNECIMENTO E INSTALAÇÃO. AF_11/2016","UN","12,88","13,44",null,12.88,13.44,"Sinapi 95814"]
["95815","CONDULETE DE PVC, TIPO TB, PARA ELETRODUTO DE PVC SOLDÁVEL DN 32 MM (1''), APARENTE - FORNECIMENTO E INSTALAÇÃO. AF_11/2016","UN","16,41","17,10",null,16.41,17.100000000000001,"Sinapi 95815"]
["95816","CONDULETE DE PVC, TIPO X, PARA ELETRODUTO DE PVC SOLDÁVEL DN 20 MM (1/2''), APARENTE - FORNECIMENTO E INSTALAÇÃO. AF_11/2016","UN","24,23","25,90",null,{"$f":"IF(D2696=\"\",\"\",D2696+0)","v":24.23},{"$f":"IF(E2696=\"\",\"\",E2696+0)","v":25.9},{"$f":"IF(OR(G2696=\"\",H2696=\"\"),\"\",CONCATENATE(\"Sinapi \",A2696))","v":"Sinapi 95816"}]
["95817","CONDULETE DE PVC, TIPO X, PARA ELETRODUTO DE PVC SOLDÁVEL DN 25 MM (3/4''), APARENTE - FORNECIMENTO E INSTALAÇÃO. AF_11/2016","UN","24,99","26,76",null,24.99,26.76,"Sinapi 95817"]
["95818","CONDULETE DE PVC, TIPO X, PARA ELETRODUTO DE PVC SOLDÁVEL DN 32 MM (1''), APARENTE - FORNECIMENTO E INSTALAÇÃO. AF_11/2016","UN","29,72","31,66",null,29.72,31.66,"Sinapi 95818"]
["97886","CAIXA ENTERRADA ELÉTRICA RETANGULAR, EM ALVENARIA COM TIJOLOS CERÂMICOS MACIÇOS, FUNDO COM BRITA, DIMENSÕES INTERNAS: 0,3X0,3X0,3 M. AF_05/2018","UN","124,74","134,04",null,124.74,134.04,"Sinapi 97886"]
["97887","CAIXA ENTERRADA ELÉTRICA RETANGULAR, EM ALVENARIA COM TIJOLOS CERÂMICOS MACIÇOS, FUNDO COM BRITA, DIMENSÕES INTERNAS: 0,4X0,4X0,4 M. AF_05/2018","UN","196,60","211,29",null,196.6,211.29,"Sinapi 97887"]
["97888","CAIXA ENTERRADA ELÉTRICA RETANGULAR, EM ALVENARIA COM TIJOLOS CERÂMICOS MACIÇOS, FUNDO COM BRITA, DIMENSÕES INTERNAS: 0,6X0,6X0,6 M. AF_05/2018","UN","377,70","405,22",null,377.7,405.22,"Sinapi 97888"]
["97889","CAIXA ENTERRADA ELÉTRICA RETANGULAR, EM ALVENARIA COM TIJOLOS CERÂMICOS MACIÇOS, FUNDO COM BRITA, DIMENSÕES INTERNAS: 0,8X0,8X0,6 M. AF_05/2018","UN","507,10","543,90",null,507.1,543.9,"Sinapi 97889"]
["97890","CAIXA ENTERRADA ELÉTRICA RETANGULAR, EM ALVENARIA COM TIJOLOS CERÂMICOS MACIÇOS, FUNDO COM BRITA, DIMENSÕES INTERNAS: 1X1X0,6 M. AF_05/2018","UN","581,64","621,09",null,581.64,621.09,"Sinapi 97890"]
["97891","CAIXA ENTERRADA ELÉTRICA RETANGULAR, EM ALVENARIA COM BLOCOS DE CONCRETO, FUNDO COM BRITA, DIMENSÕES INTERNAS: 0,4X0,4X0,4 M. AF_05/2018","UN","150,07","161,22",null,150.07,161.22,"Sinapi 97891"]
["97892","CAIXA ENTERRADA ELÉTRICA RETANGULAR, EM ALVENARIA COM BLOCOS DE CONCRETO, FUNDO COM BRITA, DIMENSÕES INTERNAS: 0,6X0,6X0,6 M. AF_05/2018","UN","279,31","299,32",null,279.31,299.32,"Sinapi 97892"]
["97893","CAIXA ENTERRADA ELÉTRICA RETANGULAR, EM ALVENARIA COM BLOCOS DE CONCRETO, FUNDO COM BRITA, DIMENSÕES INTERNAS: 0,8X0,8X0,6 M. AF_05/2018","UN","381,62","408,83",null,381.62,408.83,"Sinapi 97893"]
["97894","CAIXA ENTERRADA ELÉTRICA RETANGULAR, EM ALVENARIA COM BLOCOS DE CONCRETO, FUNDO COM BRITA, DIMENSÕES INTERNAS: 1X1X0,6 M. AF_05/2018","UN","429,57","457,42",null,429.57,457.42,"Sinapi 97894"]
["68066","CAIXA DE PROTECAO PARA MEDIDOR MONOFASICO, FORNECIMENTO E INSTALACAO","UN","161,65","166,76",null,161.65,166.76,"Sinapi 68066"]
["72319","DISJUNTOR BAIXA TENSAO TRIPOLAR A SECO  800A/600V, INCLUSIVE ELETROTÉCNICO","UN","4.504,63","4.549,99",null,4504.63,4549.99,"Sinapi 72319"]
["72341","CONTATOR TRIPOLAR I NOMINAL 12A - FORNECIMENTO E INSTALACAO INCLUSIVE ELETROTÉCNICO","UN","230,38","243,97",null,230.38,243.97,"Sinapi 72341"]
["72343","CONTATOR TRIPOLAR I NOMINAL 22A - FORNECIMENTO E INSTALACAO INCLUSIVE ELETROTÉCNICO","UN","272,90","288,47",null,272.89999999999998,288.47000000000003,"Sinapi 72343"]
["72344","CONTATOR TRIPOLAR I NOMINAL 36A - FORNECIMENTO E INSTALACAO INCLUSIVE ELETROTÉCNICO","UN","429,52","446,28",null,429.52,446.28,"Sinapi 72344"]
["72345","CONTATOR TRIPOLAR I NOMIMAL 94A - FORNECIMENTO E INSTALACAO INCLUSIVE ELETROTÉCNICO","UN","1.232,62","1.252,15",null,1232.6199999999999,1252.1500000000001,"Sinapi 72345"]
["74130/1","DISJUNTOR TERMOMAGNETICO MONOPOLAR PADRAO NEMA (AMERICANO) 10 A 30A 240V, FORNECIMENTO E INSTALACAO","UN","13,31","13,60",null,13.31,13.6,"Sinapi 74130/1"]
["74130/2","DISJUNTOR TERMOMAGNETICO MONOPOLAR PADRAO NEMA (AMERICANO) 35 A 50A 240V, FORNECIMENTO E INSTALACAO","UN","20,60","20,89",null,20.6,20.89,"Sinapi 74130/2"]
["74130/3","DISJUNTOR TERMOMAGNETICO BIPOLAR PADRAO NEMA (AMERICANO) 10 A 50A 240V, FORNECIMENTO E INSTALACAO","UN","60,97","61,31",null,60.97,61.31,"Sinapi 74130/3"]
["74130/4","DISJUNTOR TERMOMAGNETICO TRIPOLAR PADRAO NEMA (AMERICANO) 10 A 50A 240V, FORNECIMENTO E INSTALACAO","UN","86,81","88,40",null,86.81,88.4,"Sinapi 74130/4"]
["74130/5","DISJUNTOR TERMOMAGNETICO TRIPOLAR PADRAO NEMA (AMERICANO) 60 A 100A 240V, FORNECIMENTO E INSTALACAO","UN","116,34","117,93",null,116.34,117.93,"Sinapi 74130/5"]
["74130/6","DISJUNTOR TERMOMAGNETICO TRIPOLAR PADRAO NEMA (AMERICANO) 125 A 150A 240V, FORNECIMENTO E INSTALACAO","UN","332,83","334,42",null,332.83,334.42,"Sinapi 74130/6"]
["74130/7","DISJUNTOR TERMOMAGNETICO TRIPOLAR EM CAIXA MOLDADA 250A 600V, FORNECIMENTO E INSTALACAO","UN","863,11","864,70",null,863.11,864.7,"Sinapi 74130/7"]
["74130/8","DISJUNTOR TERMOMAGNETICO TRIPOLAR EM CAIXA MOLDADA 300 A 400A 600V, FORNECIMENTO E INSTALACAO","UN","1.180,15","1.181,74",null,1180.1500000000001,1181.74,"Sinapi 74130/8"]
["74130/9","DISJUNTOR TERMOMAGNETICO TRIPOLAR EM CAIXA MOLDADA 500 A 600A 600V, FORNECIMENTO E INSTALACAO","UN","1.934,27","1.935,86",null,1934.27,1935.86,"Sinapi 74130/9"]
["74130/10","DISJUNTOR TERMOMAGNETICO TRIPOLAR EM CAIXA MOLDADA 175 A 225A 240V, FORNECIMENTO E INSTALACAO","UN","521,28","522,87",null,521.28,522.87,"Sinapi 74130/10"]
["74131/1","QUADRO DE DISTRIBUICAO DE ENERGIA DE EMBUTIR, EM CHAPA METALICA, PARA 3 DISJUNTORES TERMOMAGNETICOS MONOPOLARES SEM BARRAMENTO FORNECIMENTO E INSTALACAO","UN","71,14","75,10",null,71.14,75.099999999999994,"Sinapi 74131/1"]
["74131/4","QUADRO DE DISTRIBUICAO DE ENERGIA DE EMBUTIR, EM CHAPA METALICA, PARA 18 DISJUNTORES TERMOMAGNETICOS MONOPOLARES, COM BARRAMENTO TRIFASICO E NEUTRO, FORNECIMENTO E INSTALACAO","UN","339,49","349,39",null,339.49,349.39,"Sinapi 74131/4"]
["74131/5","QUADRO DE DISTRIBUICAO DE ENERGIA DE EMBUTIR, EM CHAPA METALICA, PARA 24 DISJUNTORES TERMOMAGNETICOS MONOPOLARES, COM BARRAMENTO TRIFASICO E NEUTRO, FORNECIMENTO E INSTALACAO","UN","391,37","403,25",null,391.37,403.25,"Sinapi 74131/5"]
["74131/6","QUADRO DE DISTRIBUICAO DE ENERGIA DE EMBUTIR, EM CHAPA METALICA, PARA 32 DISJUNTORES TERMOMAGNETICOS MONOPOLARES, COM BARRAMENTO TRIFASICO E NEUTRO, FORNECIMENTO E INSTALACAO","UN","450,99","464,85",null,450.99,464.85,"Sinapi 74131/6"]
["74131/7","QUADRO DE DISTRIBUICAO DE ENERGIA DE EMBUTIR, EM CHAPA METALICA, PARA 40 DISJUNTORES TERMOMAGNETICOS MONOPOLARES, COM BARRAMENTO TRIFASICO E NEUTRO, FORNECIMENTO E INSTALACAO","UN","620,35","636,19",null,620.35,636.19000000000005,"Sinapi 74131/7"]
["74131/8","QUADRO DE DISTRIBUICAO DE ENERGIA DE EMBUTIR, EM CHAPA METALICA, PARA 50 DISJUNTORES TERMOMAGNETICOS MONOPOLARES, COM BARRAMENTO TRIFASICO E NEUTRO, FORNECIMENTO E INSTALACAO","UN","901,53","925,29",null,901.53,925.29,"Sinapi 74131/8"]
["83463","QUADRO DE DISTRIBUICAO DE ENERGIA EM CHAPA DE ACO GALVANIZADO, PARA 12 DISJUNTORES TERMOMAGNETICOS MONOPOLARES, COM BARRAMENTO TRIFASICO E NEUTRO - FORNECIMENTO E INSTALACAO","UN","264,39","272,31",null,264.39,272.31,"Sinapi 83463"]
["84402","QUADRO DE DISTRIBUICAO DE ENERGIA P/ 6 DISJUNTORES TERMOMAGNETICOS MONOPOLARES SEM BARRAMENTO, DE EMBUTIR, EM CHAPA METALICA - FORNECIMENTO E INSTALACAO","UN","84,15","88,11",null,84.15,88.11,"Sinapi 84402"]
["93653","DISJUNTOR MONOPOLAR TIPO DIN, CORRENTE NOMINAL DE 10A - FORNECIMENTO E INSTALAÇÃO. AF_04/2016","UN","10,16","10,29",null,10.16,10.29,"Sinapi 93653"]
["93654","DISJUNTOR MONOPOLAR TIPO DIN, CORRENTE NOMINAL DE 16A - FORNECIMENTO E INSTALAÇÃO. AF_04/2016","UN","10,63","10,82",null,10.63,10.82,"Sinapi 93654"]
["93655","DISJUNTOR MONOPOLAR TIPO DIN, CORRENTE NOMINAL DE 20A - FORNECIMENTO E INSTALAÇÃO. AF_04/2016","UN","11,47","11,73",null,11.47,11.73,"Sinapi 93655"]
["93656","DISJUNTOR MONOPOLAR TIPO DIN, CORRENTE NOMINAL DE 25A - FORNECIMENTO E INSTALAÇÃO. AF_04/2016","UN","11,47","11,73",null,11.47,11.73,"Sinapi 93656"]
["93657","DISJUNTOR MONOPOLAR TIPO DIN, CORRENTE NOMINAL DE 32A - FORNECIMENTO E INSTALAÇÃO. AF_04/2016","UN","12,53","12,89",null,12.53,12.89,"Sinapi 93657"]
["93658","DISJUNTOR MONOPOLAR TIPO DIN, CORRENTE NOMINAL DE 40A - FORNECIMENTO E INSTALAÇÃO. AF_04/2016","UN","18,22","18,75",null,18.22,18.75,"Sinapi 93658"]
["93659","DISJUNTOR MONOPOLAR TIPO DIN, CORRENTE NOMINAL DE 50A - FORNECIMENTO E INSTALAÇÃO. AF_04/2016","UN","20,38","21,13",null,20.38,21.13,"Sinapi 93659"]
["93660","DISJUNTOR BIPOLAR TIPO DIN, CORRENTE NOMINAL DE 10A - FORNECIMENTO E INSTALAÇÃO. AF_04/2016","UN","51,34","51,62",null,51.34,51.62,"Sinapi 93660"]
["93661","DISJUNTOR BIPOLAR TIPO DIN, CORRENTE NOMINAL DE 16A - FORNECIMENTO E INSTALAÇÃO. AF_04/2016","UN","52,25","52,63",null,52.25,52.63,"Sinapi 93661"]
["93662","DISJUNTOR BIPOLAR TIPO DIN, CORRENTE NOMINAL DE 20A - FORNECIMENTO E INSTALAÇÃO. AF_04/2016","UN","54,00","54,53",null,54,54.53,"Sinapi 93662"]
["93663","DISJUNTOR BIPOLAR TIPO DIN, CORRENTE NOMINAL DE 25A - FORNECIMENTO E INSTALAÇÃO. AF_04/2016","UN","54,00","54,53",null,54,54.53,"Sinapi 93663"]
["93664","DISJUNTOR BIPOLAR TIPO DIN, CORRENTE NOMINAL DE 32A - FORNECIMENTO E INSTALAÇÃO. AF_04/2016","UN","56,09","56,81",null,56.09,56.81,"Sinapi 93664"]
["93665","DISJUNTOR BIPOLAR TIPO DIN, CORRENTE NOMINAL DE 40A - FORNECIMENTO E INSTALAÇÃO. AF_04/2016","UN","58,70","59,77",null,58.7,59.77,"Sinapi 93665"]
["93666","DISJUNTOR BIPOLAR TIPO DIN, CORRENTE NOMINAL DE 50A - FORNECIMENTO E INSTALAÇÃO. AF_04/2016","UN","63,03","64,53",null,63.03,64.53,"Sinapi 93666"]
["93667","DISJUNTOR TRIPOLAR TIPO DIN, CORRENTE NOMINAL DE 10A - FORNECIMENTO E INSTALAÇÃO. AF_04/2016","UN","63,93","64,34",null,63.93,64.34,"Sinapi 93667"]
["93668","DISJUNTOR TRIPOLAR TIPO DIN, CORRENTE NOMINAL DE 16A - FORNECIMENTO E INSTALAÇÃO. AF_04/2016","UN","65,31","65,89",null,65.31,65.89,"Sinapi 93668"]
["93669","DISJUNTOR TRIPOLAR TIPO DIN, CORRENTE NOMINAL DE 20A - FORNECIMENTO E INSTALAÇÃO. AF_04/2016","UN","67,89","68,69",null,67.89,68.69,"Sinapi 93669"]
["93670","DISJUNTOR TRIPOLAR TIPO DIN, CORRENTE NOMINAL DE 25A - FORNECIMENTO E INSTALAÇÃO. AF_04/2016","UN","67,89","68,69",null,67.89,68.69,"Sinapi 93670"]
["93671","DISJUNTOR TRIPOLAR TIPO DIN, CORRENTE NOMINAL DE 32A - FORNECIMENTO E INSTALAÇÃO. AF_04/2016","UN","71,04","72,13",null,71.040000000000006,72.13,"Sinapi 93671"]
["93672","DISJUNTOR TRIPOLAR TIPO DIN, CORRENTE NOMINAL DE 40A - FORNECIMENTO E INSTALAÇÃO. AF_04/2016","UN","76,11","77,71",null,76.11,77.709999999999994,"Sinapi 93672"]
["93673","DISJUNTOR TRIPOLAR TIPO DIN, CORRENTE NOMINAL DE 50A - FORNECIMENTO E INSTALAÇÃO. AF_04/2016","UN","82,58","84,84",null,82.58,84.84,"Sinapi 93673"]
["72339","TOMADA 3P+T 30A/440V SEM PLACA - FORNECIMENTO E INSTALACAO","UN","55,85","57,62",null,55.85,57.62,"Sinapi 72339"]
["83403","INTERRUPTOR PULSADOR DE CAMPAINHA OU MINUTERIA 2A/250V C/ CAIXA - FORNECIMENTO E INSTALACAO","UN","17,28","18,11",null,17.28,18.11,"Sinapi 83403"]
["83465","INTERRUPTOR INTERMEDIARIO (FOUR-WAY) - FORNECIMENTO E INSTALACAO","UN","45,44","47,54",null,45.44,47.54,"Sinapi 83465"]
["91945","SUPORTE PARAFUSADO COM PLACA DE ENCAIXE 4\" X 2\" ALTO (2,00 M DO PISO) PARA PONTO ELÉTRICO - FORNECIMENTO E INSTALAÇÃO. AF_12/2015","UN","7,80","8,22",null,7.8,8.2200000000000006,"Sinapi 91945"]
["91946","SUPORTE PARAFUSADO COM PLACA DE ENCAIXE 4\" X 2\" MÉDIO (1,30 M DO PISO) PARA PONTO ELÉTRICO - FORNECIMENTO E INSTALAÇÃO. AF_12/2015","UN","6,61","6,90",null,6.61,6.9,"Sinapi 91946"]
["91947","SUPORTE PARAFUSADO COM PLACA DE ENCAIXE 4\" X 2\" BAIXO (0,30 M DO PISO) PARA PONTO ELÉTRICO - FORNECIMENTO E INSTALAÇÃO. AF_12/2015","UN","5,88","6,09",null,5.88,6.09,"Sinapi 91947"]
["91949","SUPORTE PARAFUSADO COM PLACA DE ENCAIXE 4\" X 4\" ALTO (2,00 M DO PISO) PARA PONTO ELÉTRICO - FORNECIMENTO E INSTALAÇÃO. AF_12/2015","UN","12,16","12,66",null,12.16,12.66,"Sinapi 91949"]
["91950","SUPORTE PARAFUSADO COM PLACA DE ENCAIXE 4\" X 4\" MÉDIO (1,30 M DO PISO) PARA PONTO ELÉTRICO - FORNECIMENTO E INSTALAÇÃO. AF_12/2015","UN","10,73","11,07",null,{"$f":"IF(D2760=\"\",\"\",D2760+0)","v":10.73},{"$f":"IF(E2760=\"\",\"\",E2760+0)","v":11.07},{"$f":"IF(OR(G2760=\"\",H2760=\"\"),\"\",CONCATENATE(\"Sinapi \",A2760))","v":"Sinapi 91950"}]
["91951","SUPORTE PARAFUSADO COM PLACA DE ENCAIXE 4\" X 4\" BAIXO (0,30 M DO PISO) PARA PONTO ELÉTRICO - FORNECIMENTO E INSTALAÇÃO. AF_12/2015","UN","9,88","10,12",null,9.8800000000000008,10.119999999999999,"Sinapi 91951"]
["91952","INTERRUPTOR SIMPLES (1 MÓDULO), 10A/250V, SEM SUPORTE E SEM PLACA - FORNECIMENTO E INSTALAÇÃO. AF_12/2015","UN","14,55","15,44",null,14.55,15.44,"Sinapi 91952"]
["91953","INTERRUPTOR SIMPLES (1 MÓDULO), 10A/250V, INCLUINDO SUPORTE E PLACA - FORNECIMENTO E INSTALAÇÃO. AF_12/2015","UN","21,16","22,34",null,21.16,22.34,"Sinapi 91953"]
["91954","INTERRUPTOR PARALELO (1 MÓDULO), 10A/250V, SEM SUPORTE E SEM PLACA - FORNECIMENTO E INSTALAÇÃO. AF_12/2015","UN","19,50","20,73",null,19.5,20.73,"Sinapi 91954"]
["91955","INTERRUPTOR PARALELO (1 MÓDULO), 10A/250V, INCLUINDO SUPORTE E PLACA - FORNECIMENTO E INSTALAÇÃO. AF_12/2015","UN","26,11","27,63",null,26.11,27.63,"Sinapi 91955"]
["91956","INTERRUPTOR SIMPLES (1 MÓDULO) COM INTERRUPTOR PARALELO (1 MÓDULO), 10A/250V, SEM SUPORTE E SEM PLACA - FORNECIMENTO E INSTALAÇÃO. AF_12/2015","UN","31,83","33,70",null,31.83,33.700000000000003,"Sinapi 91956"]
["91957","INTERRUPTOR SIMPLES (1 MÓDULO) COM INTERRUPTOR PARALELO (1 MÓDULO), 10A/250V, INCLUINDO SUPORTE E PLACA - FORNECIMENTO E INSTALAÇÃO. AF_12/2015","UN","38,44","40,60",null,38.44,40.6,"Sinapi 91957"]
["91958","INTERRUPTOR SIMPLES (2 MÓDULOS), 10A/250V, SEM SUPORTE E SEM PLACA - FORNECIMENTO E INSTALAÇÃO. AF_12/2015","UN","26,91","28,46",null,26.91,28.46,"Sinapi 91958"]
["91959","INTERRUPTOR SIMPLES (2 MÓDULOS), 10A/250V, INCLUINDO SUPORTE E PLACA - FORNECIMENTO E INSTALAÇÃO. AF_12/2015","UN","33,52","35,36",null,33.520000000000003,35.36,"Sinapi 91959"]
["91960","INTERRUPTOR PARALELO (2 MÓDULOS), 10A/250V, SEM SUPORTE E SEM PLACA - FORNECIMENTO E INSTALAÇÃO. AF_12/2015","UN","36,79","38,99",null,36.79,38.99,"Sinapi 91960"]
["91961","INTERRUPTOR PARALELO (2 MÓDULOS), 10A/250V, INCLUINDO SUPORTE E PLACA - FORNECIMENTO E INSTALAÇÃO. AF_12/2015","UN","43,40","45,89",null,43.4,45.89,"Sinapi 91961"]
["91962","INTERRUPTOR SIMPLES (1 MÓDULO) COM INTERRUPTOR PARALELO (2 MÓDULOS), 10A/250V, SEM SUPORTE E SEM PLACA - FORNECIMENTO E INSTALAÇÃO. AF_12/2015","UN","49,16","52,01",null,49.16,52.01,"Sinapi 91962"]
["91963","INTERRUPTOR SIMPLES (1 MÓDULO) COM INTERRUPTOR PARALELO (2 MÓDULOS), 10A/250V, INCLUINDO SUPORTE E PLACA - FORNECIMENTO E INSTALAÇÃO. AF_12/2015","UN","55,77","58,91",null,55.77,58.91,"Sinapi 91963"]
["91964","INTERRUPTOR SIMPLES (2 MÓDULOS) COM INTERRUPTOR PARALELO (1 MÓDULO), 10A/250V, SEM SUPORTE E SEM PLACA - FORNECIMENTO E INSTALAÇÃO. AF_12/2015","UN","44,20","46,72",null,44.2,46.72,"Sinapi 91964"]
["91965","INTERRUPTOR SIMPLES (2 MÓDULOS) COM INTERRUPTOR PARALELO (1 MÓDULO), 10A/250V, INCLUINDO SUPORTE E PLACA - FORNECIMENTO E INSTALAÇÃO. AF_12/2015","UN","50,81","53,62",null,50.81,53.62,"Sinapi 91965"]
["91966","INTERRUPTOR SIMPLES (3 MÓDULOS), 10A/250V, SEM SUPORTE E SEM PLACA - FORNECIMENTO E INSTALAÇÃO. AF_12/2015","UN","39,28","41,48",null,39.28,41.48,"Sinapi 91966"]
["91967","INTERRUPTOR SIMPLES (3 MÓDULOS), 10A/250V, INCLUINDO SUPORTE E PLACA - FORNECIMENTO E INSTALAÇÃO. AF_12/2015","UN","45,89","48,38",null,45.89,48.38,"Sinapi 91967"]
["91968","INTERRUPTOR PARALELO (3 MÓDULOS), 10A/250V, SEM SUPORTE E SEM PLACA - FORNECIMENTO E INSTALAÇÃO. AF_12/2015","UN","54,08","57,25",null,54.08,57.25,"Sinapi 91968"]
["91969","INTERRUPTOR PARALELO (3 MÓDULOS), 10A/250V, INCLUINDO SUPORTE E PLACA - FORNECIMENTO E INSTALAÇÃO. AF_12/2015","UN","60,69","64,15",null,60.69,64.150000000000006,"Sinapi 91969"]
["91970","INTERRUPTOR SIMPLES (3 MÓDULOS) COM INTERRUPTOR PARALELO (1 MÓDULO), 10A/250V, SEM SUPORTE E SEM PLACA - FORNECIMENTO E INSTALAÇÃO. AF_12/2015","UN","56,83","60,02",null,56.83,60.02,"Sinapi 91970"]
["91971","INTERRUPTOR SIMPLES (3 MÓDULOS) COM INTERRUPTOR PARALELO (1 MÓDULO), 10A/250V, INCLUINDO SUPORTE E PLACA - FORNECIMENTO E INSTALAÇÃO. AF_12/2015","UN","67,56","71,09",null,67.56,71.09,"Sinapi 91971"]
["91972","INTERRUPTOR SIMPLES (2 MÓDULOS) COM INTERRUPTOR PARALELO (2 MÓDULOS), 10A/250V, SEM SUPORTE E SEM PLACA - FORNECIMENTO E INSTALAÇÃO. AF_12/2015","UN","61,78","65,31",null,61.78,65.31,"Sinapi 91972"]
["91973","INTERRUPTOR SIMPLES (2 MÓDULOS) COM INTERRUPTOR PARALELO (2 MÓDULOS), 10A/250V, INCLUINDO SUPORTE E PLACA - FORNECIMENTO E INSTALAÇÃO. AF_12/2015","UN","72,51","76,38",null,72.510000000000005,76.38,"Sinapi 91973"]
["91974","INTERRUPTOR SIMPLES (4 MÓDULOS), 10A/250V, SEM SUPORTE E SEM PLACA - FORNECIMENTO E INSTALAÇÃO. AF_12/2015","UN","51,87","54,75",null,51.87,54.75,"Sinapi 91974"]
["91975","INTERRUPTOR SIMPLES (4 MÓDULOS), 10A/250V, INCLUINDO SUPORTE E PLACA - FORNECIMENTO E INSTALAÇÃO. AF_12/2015","UN","62,60","65,82",null,62.6,65.819999999999993,"Sinapi 91975"]
["91976","INTERRUPTOR SIMPLES (6 MÓDULOS), 10A/250V, SEM SUPORTE E SEM PLACA - FORNECIMENTO E INSTALAÇÃO. AF_12/2015","UN","76,68","80,86",null,76.680000000000007,80.86,"Sinapi 91976"]
["91977","INTERRUPTOR SIMPLES (6 MÓDULOS), 10A/250V, INCLUINDO SUPORTE E PLACA - FORNECIMENTO E INSTALAÇÃO. AF_12/2015","UN","87,41","91,93",null,87.41,91.93,"Sinapi 91977"]
["91978","INTERRUPTOR INTERMEDIÁRIO (1 MÓDULO), 10A/250V, SEM SUPORTE E SEM PLACA - FORNECIMENTO E INSTALAÇÃO. AF_09/2017","UN","31,79","33,34",null,31.79,33.340000000000003,"Sinapi 91978"]
["91979","INTERRUPTOR INTERMEDIÁRIO (1 MÓDULO), 10A/250V, INCLUINDO SUPORTE E PLACA - FORNECIMENTO E INSTALAÇÃO. AF_09/2017","UN","38,40","40,24",null,38.4,40.24,"Sinapi 91979"]
["91980","INTERRUPTOR BIPOLAR (1 MÓDULO), 10A/250V, SEM SUPORTE E SEM PLACA - FORNECIMENTO E INSTALAÇÃO. AF_09/2017","UN","30,68","32,23",null,30.68,32.229999999999997,"Sinapi 91980"]
["91981","INTERRUPTOR BIPOLAR (1 MÓDULO), 10A/250V, INCLUINDO SUPORTE E PLACA - FORNECIMENTO E INSTALAÇÃO. AF_09/2017","UN","37,29","39,13",null,37.29,39.130000000000003,"Sinapi 91981"]
["91982","DIMMER ROTATIVO (1 MÓDULO), 220V/600W, SEM SUPORTE E SEM PLACA - FORNECIMENTO E INSTALAÇÃO. AF_09/2017","UN","78,95","79,84",null,78.95,79.84,"Sinapi 91982"]
["91983","DIMMER ROTATIVO (1 MÓDULO), 220V/600W, INCLUINDO SUPORTE E PLACA - FORNECIMENTO E INSTALAÇÃO. AF_09/2017","UN","85,56","86,74",null,85.56,86.74,"Sinapi 91983"]
["91984","INTERRUPTOR PULSADOR CAMPAINHA (1 MÓDULO), 10A/250V, SEM SUPORTE E SEM PLACA - FORNECIMENTO E INSTALAÇÃO. AF_09/2017","UN","13,52","14,41",null,13.52,14.41,"Sinapi 91984"]
["91985","INTERRUPTOR PULSADOR CAMPAINHA (1 MÓDULO), 10A/250V, INCLUINDO SUPORTE E PLACA - FORNECIMENTO E INSTALAÇÃO. AF_09/2017","UN","20,13","21,31",null,20.13,21.31,"Sinapi 91985"]
["91986","CAMPAINHA CIGARRA (1 MÓDULO), 10A/250V, SEM SUPORTE E SEM PLACA - FORNECIMENTO E INSTALAÇÃO. AF_09/2017","UN","29,83","31,21",null,29.83,31.21,"Sinapi 91986"]
["91987","CAMPAINHA CIGARRA (1 MÓDULO), 10A/250V, INCLUINDO SUPORTE E PLACA - FORNECIMENTO E INSTALAÇÃO. AF_09/2017","UN","36,44","38,11",null,36.44,38.11,"Sinapi 91987"]
["91988","INTERRUPTOR PULSADOR MINUTERIA (1 MÓDULO), 10A/250V, SEM SUPORTE E SEM PLACA - FORNECIMENTO E INSTALAÇÃO. AF_09/2017","UN","17,27","18,16",null,17.27,18.16,"Sinapi 91988"]
["91989","INTERRUPTOR PULSADOR MINUTERIA (1 MÓDULO), 10A/250V, INCLUINDO SUPORTE E PLACA - FORNECIMENTO E INSTALAÇÃO. AF_09/2017","UN","23,88","25,06",null,23.88,25.06,"Sinapi 91989"]
["91990","TOMADA ALTA DE EMBUTIR (1 MÓDULO), 2P+T 10 A, SEM SUPORTE E SEM PLACA - FORNECIMENTO E INSTALAÇÃO. AF_12/2015","UN","25,31","27,27",null,25.31,27.27,"Sinapi 91990"]
["91991","TOMADA ALTA DE EMBUTIR (1 MÓDULO), 2P+T 20 A, SEM SUPORTE E SEM PLACA - FORNECIMENTO E INSTALAÇÃO. AF_12/2015","UN","27,33","29,29",null,27.33,29.29,"Sinapi 91991"]
["91992","TOMADA ALTA DE EMBUTIR (1 MÓDULO), 2P+T 10 A, INCLUINDO SUPORTE E PLACA - FORNECIMENTO E INSTALAÇÃO. AF_12/2015","UN","31,92","34,17",null,31.92,34.17,"Sinapi 91992"]
["91993","TOMADA ALTA DE EMBUTIR (1 MÓDULO), 2P+T 20 A, INCLUINDO SUPORTE E PLACA - FORNECIMENTO E INSTALAÇÃO. AF_12/2015","UN","33,94","36,19",null,33.94,36.19,"Sinapi 91993"]
["91994","TOMADA MÉDIA DE EMBUTIR (1 MÓDULO), 2P+T 10 A, SEM SUPORTE E SEM PLACA - FORNECIMENTO E INSTALAÇÃO. AF_12/2015","UN","18,45","19,68",null,18.45,19.68,"Sinapi 91994"]
["91995","TOMADA MÉDIA DE EMBUTIR (1 MÓDULO), 2P+T 20 A, SEM SUPORTE E SEM PLACA - FORNECIMENTO E INSTALAÇÃO. AF_12/2015","UN","20,47","21,70",null,20.47,21.7,"Sinapi 91995"]
["91996","TOMADA MÉDIA DE EMBUTIR (1 MÓDULO), 2P+T 10 A, INCLUINDO SUPORTE E PLACA - FORNECIMENTO E INSTALAÇÃO. AF_12/2015","UN","25,06","26,58",null,25.06,26.58,"Sinapi 91996"]
["91997","TOMADA MÉDIA DE EMBUTIR (1 MÓDULO), 2P+T 20 A, INCLUINDO SUPORTE E PLACA - FORNECIMENTO E INSTALAÇÃO. AF_12/2015","UN","27,08","28,60",null,27.08,28.6,"Sinapi 91997"]
["91998","TOMADA BAIXA DE EMBUTIR (1 MÓDULO), 2P+T 10 A, SEM SUPORTE E SEM PLACA - FORNECIMENTO E INSTALAÇÃO. AF_12/2015","UN","15,79","16,72",null,15.79,16.72,"Sinapi 91998"]
["91999","TOMADA BAIXA DE EMBUTIR (1 MÓDULO), 2P+T 20 A, SEM SUPORTE E SEM PLACA - FORNECIMENTO E INSTALAÇÃO. AF_12/2015","UN","17,81","18,74",null,17.809999999999999,18.739999999999998,"Sinapi 91999"]
["92000","TOMADA BAIXA DE EMBUTIR (1 MÓDULO), 2P+T 10 A, INCLUINDO SUPORTE E PLACA - FORNECIMENTO E INSTALAÇÃO. AF_12/2015","UN","22,40","23,62",null,22.4,23.62,"Sinapi 92000"]
["92001","TOMADA BAIXA DE EMBUTIR (1 MÓDULO), 2P+T 20 A, INCLUINDO SUPORTE E PLACA - FORNECIMENTO E INSTALAÇÃO. AF_12/2015","UN","24,42","25,64",null,24.42,25.64,"Sinapi 92001"]
["92002","TOMADA MÉDIA DE EMBUTIR (2 MÓDULOS), 2P+T 10 A, SEM SUPORTE E SEM PLACA - FORNECIMENTO E INSTALAÇÃO. AF_12/2015","UN","34,69","36,89",null,34.69,36.89,"Sinapi 92002"]
["92003","TOMADA MÉDIA DE EMBUTIR (2 MÓDULOS), 2P+T 20 A, SEM SUPORTE E SEM PLACA - FORNECIMENTO E INSTALAÇÃO. AF_12/2015","UN","38,73","40,93",null,38.729999999999997,40.93,"Sinapi 92003"]
["92004","TOMADA MÉDIA DE EMBUTIR (2 MÓDULOS), 2P+T 10 A, INCLUINDO SUPORTE E PLACA - FORNECIMENTO E INSTALAÇÃO. AF_12/2015","UN","41,30","43,79",null,41.3,43.79,"Sinapi 92004"]
["92005","TOMADA MÉDIA DE EMBUTIR (2 MÓDULOS), 2P+T 20 A, INCLUINDO SUPORTE E PLACA - FORNECIMENTO E INSTALAÇÃO. AF_12/2015","UN","45,34","47,83",null,45.34,47.83,"Sinapi 92005"]
["92006","TOMADA BAIXA DE EMBUTIR (2 MÓDULOS), 2P+T 10 A, SEM SUPORTE E SEM PLACA - FORNECIMENTO E INSTALAÇÃO. AF_12/2015","UN","29,37","30,98",null,29.37,30.98,"Sinapi 92006"]
["92007","TOMADA BAIXA DE EMBUTIR (2 MÓDULOS), 2P+T 20 A, SEM SUPORTE E SEM PLACA - FORNECIMENTO E INSTALAÇÃO. AF_12/2015","UN","33,41","35,02",null,33.409999999999997,35.020000000000003,"Sinapi 92007"]
["92008","TOMADA BAIXA DE EMBUTIR (2 MÓDULOS), 2P+T 10 A, INCLUINDO SUPORTE E PLACA - FORNECIMENTO E INSTALAÇÃO. AF_12/2015","UN","35,98","37,88",null,35.979999999999997,37.880000000000003,"Sinapi 92008"]
["92009","TOMADA BAIXA DE EMBUTIR (2 MÓDULOS), 2P+T 20 A, INCLUINDO SUPORTE E PLACA - FORNECIMENTO E INSTALAÇÃO. AF_12/2015","UN","40,02","41,92",null,40.020000000000003,41.92,"Sinapi 92009"]
["92010","TOMADA MÉDIA DE EMBUTIR (3 MÓDULOS), 2P+T 10 A, SEM SUPORTE E SEM PLACA - FORNECIMENTO E INSTALAÇÃO. AF_12/2015","UN","50,93","54,10",null,50.93,54.1,"Sinapi 92010"]
["92011","TOMADA MÉDIA DE EMBUTIR (3 MÓDULOS), 2P+T 20 A, SEM SUPORTE E SEM PLACA - FORNECIMENTO E INSTALAÇÃO. AF_12/2015","UN","56,99","60,16",null,56.99,60.16,"Sinapi 92011"]
["92012","TOMADA MÉDIA DE EMBUTIR (3 MÓDULOS), 2P+T 10 A, INCLUINDO SUPORTE E PLACA - FORNECIMENTO E INSTALAÇÃO. AF_12/2015","UN","57,54","61,00",null,57.54,61,"Sinapi 92012"]
["92013","TOMADA MÉDIA DE EMBUTIR (3 MÓDULOS), 2P+T 20 A, INCLUINDO SUPORTE E PLACA - FORNECIMENTO E INSTALAÇÃO. AF_12/2015","UN","63,60","67,06",null,63.6,67.06,"Sinapi 92013"]
["92014","TOMADA BAIXA DE EMBUTIR (3 MÓDULOS), 2P+T 10 A, SEM SUPORTE E SEM PLACA - FORNECIMENTO E INSTALAÇÃO. AF_12/2015","UN","42,94","45,25",null,{"$f":"IF(D2824=\"\",\"\",D2824+0)","v":42.94},{"$f":"IF(E2824=\"\",\"\",E2824+0)","v":45.25},{"$f":"IF(OR(G2824=\"\",H2824=\"\"),\"\",CONCATENATE(\"Sinapi \",A2824))","v":"Sinapi 92014"}]
["92015","TOMADA BAIXA DE EMBUTIR (3 MÓDULOS), 2P+T 20 A, SEM SUPORTE E SEM PLACA - FORNECIMENTO E INSTALAÇÃO. AF_12/2015","UN","49,00","51,31",null,49,51.31,"Sinapi 92015"]
["92016","TOMADA BAIXA DE EMBUTIR (3 MÓDULOS), 2P+T 10 A, INCLUINDO SUPORTE E PLACA - FORNECIMENTO E INSTALAÇÃO. AF_12/2015","UN","49,55","52,15",null,49.55,52.15,"Sinapi 92016"]
["92017","TOMADA BAIXA DE EMBUTIR (3 MÓDULOS), 2P+T 20 A, INCLUINDO SUPORTE E PLACA - FORNECIMENTO E INSTALAÇÃO. AF_12/2015","UN","55,61","58,21",null,55.61,58.21,"Sinapi 92017"]
["92018","TOMADA BAIXA DE EMBUTIR (4 MÓDULOS), 2P+T 10 A, SEM SUPORTE E SEM PLACA - FORNECIMENTO E INSTALAÇÃO. AF_12/2015","UN","56,88","59,92",null,56.88,59.92,"Sinapi 92018"]
["92019","TOMADA BAIXA DE EMBUTIR (4 MÓDULOS), 2P+T 10 A, INCLUINDO SUPORTE E PLACA - FORNECIMENTO E INSTALAÇÃO. AF_12/2015","UN","67,61","70,99",null,67.61,70.989999999999995,"Sinapi 92019"]
["92020","TOMADA BAIXA DE EMBUTIR (6 MÓDULOS), 2P+T 10 A, SEM SUPORTE E SEM PLACA - FORNECIMENTO E INSTALAÇÃO. AF_12/2015","UN","84,21","88,65",null,84.21,88.65,"Sinapi 92020"]
["92021","TOMADA BAIXA DE EMBUTIR (6 MÓDULOS), 2P+T 10 A, INCLUINDO SUPORTE E PLACA - FORNECIMENTO E INSTALAÇÃO. AF_12/2015","UN","94,94","99,72",null,94.94,99.72,"Sinapi 92021"]
["92022","INTERRUPTOR SIMPLES (1 MÓDULO) COM 1 TOMADA DE EMBUTIR 2P+T 10 A,  SEM SUPORTE E SEM PLACA - FORNECIMENTO E INSTALAÇÃO. AF_12/2015","UN","30,78","32,65",null,30.78,32.65,"Sinapi 92022"]
["92023","INTERRUPTOR SIMPLES (1 MÓDULO) COM 1 TOMADA DE EMBUTIR 2P+T 10 A,  INCLUINDO SUPORTE E PLACA - FORNECIMENTO E INSTALAÇÃO. AF_12/2015","UN","37,39","39,55",null,37.39,39.549999999999997,"Sinapi 92023"]
["92024","INTERRUPTOR SIMPLES (1 MÓDULO) COM 2 TOMADAS DE EMBUTIR 2P+T 10 A,  SEM SUPORTE E SEM PLACA - FORNECIMENTO E INSTALAÇÃO. AF_12/2015","UN","47,06","49,91",null,47.06,49.91,"Sinapi 92024"]
["92025","INTERRUPTOR SIMPLES (1 MÓDULO) COM 2 TOMADAS DE EMBUTIR 2P+T 10 A,  INCLUINDO SUPORTE E PLACA - FORNECIMENTO E INSTALAÇÃO. AF_12/2015","UN","53,67","56,81",null,53.67,56.81,"Sinapi 92025"]
["92026","INTERRUPTOR SIMPLES (2 MÓDULOS) COM 1 TOMADA DE EMBUTIR 2P+T 10 A,  SEM SUPORTE E SEM PLACA - FORNECIMENTO E INSTALAÇÃO. AF_12/2015","UN","43,15","45,67",null,43.15,45.67,"Sinapi 92026"]
["92027","INTERRUPTOR SIMPLES (2 MÓDULOS) COM 1 TOMADA DE EMBUTIR 2P+T 10 A,  INCLUINDO SUPORTE E PLACA - FORNECIMENTO E INSTALAÇÃO. AF_12/2015","UN","49,76","52,57",null,49.76,52.57,"Sinapi 92027"]
["92028","INTERRUPTOR PARALELO (1 MÓDULO) COM 1 TOMADA DE EMBUTIR 2P+T 10 A,  SEM SUPORTE E SEM PLACA - FORNECIMENTO E INSTALAÇÃO. AF_12/2015","UN","35,74","37,94",null,35.74,37.94,"Sinapi 92028"]
["92029","INTERRUPTOR PARALELO (1 MÓDULO) COM 1 TOMADA DE EMBUTIR 2P+T 10 A,  INCLUINDO SUPORTE E PLACA - FORNECIMENTO E INSTALAÇÃO. AF_12/2015","UN","42,35","44,84",null,42.35,44.84,"Sinapi 92029"]
["92030","INTERRUPTOR PARALELO (1 MÓDULO) COM 2 TOMADAS DE EMBUTIR 2P+T 10 A,  SEM SUPORTE E SEM PLACA - FORNECIMENTO E INSTALAÇÃO. AF_12/2015","UN","51,98","55,15",null,51.98,55.15,"Sinapi 92030"]
["92031","INTERRUPTOR PARALELO (1 MÓDULO) COM 2 TOMADAS DE EMBUTIR 2P+T 10 A,  INCLUINDO SUPORTE E PLACA - FORNECIMENTO E INSTALAÇÃO. AF_12/2015","UN","58,59","62,05",null,58.59,62.05,"Sinapi 92031"]
["92032","INTERRUPTOR PARALELO (2 MÓDULOS) COM 1 TOMADA DE EMBUTIR 2P+T 10 A,  SEM SUPORTE E SEM PLACA - FORNECIMENTO E INSTALAÇÃO. AF_12/2015","UN","53,03","56,20",null,53.03,56.2,"Sinapi 92032"]
["92033","INTERRUPTOR PARALELO (2 MÓDULOS) COM 1 TOMADA DE EMBUTIR 2P+T 10 A,  INCLUINDO SUPORTE E PLACA - FORNECIMENTO E INSTALAÇÃO. AF_12/2015","UN","59,64","63,10",null,59.64,63.1,"Sinapi 92033"]
["92034","INTERRUPTOR SIMPLES (1 MÓDULO), INTERRUPTOR PARALELO (1 MÓDULO) E 1 TOMADA DE EMBUTIR 2P+T 10 A,  SEM SUPORTE E SEM PLACA - FORNECIMENTO E INSTALAÇÃO. AF_12/2015","UN","48,11","50,96",null,48.11,50.96,"Sinapi 92034"]
["92035","INTERRUPTOR SIMPLES (1 MÓDULO), INTERRUPTOR PARALELO (1 MÓDULO) E 1 TOMADA DE EMBUTIR 2P+T 10 A,  INCLUINDO SUPORTE E PLACA - FORNECIMENTO E INSTALAÇÃO. AF_12/2015","UN","54,72","57,86",null,54.72,57.86,"Sinapi 92035"]
["72278","LAMPADA VAPOR METALICO 400W - FORNECIMENTO E INSTALACAO","UN","74,94","76,12",null,74.94,76.12,"Sinapi 72278"]
["72280","IGNITOR PARA PARTIDA LÂMPADA VAPOR SÓDIO ALTA PRESSÃO ATÉ 400W","UN","39,73","41,71",null,39.729999999999997,41.71,"Sinapi 72280"]
["73953/4","LUMINÁRIAS TIPO CALHA, DE SOBREPOR, COM REATORES DE PARTIDA RÁPIDA E LÂMPADAS FLUORESCENTES 2X2X18W, COMPLETAS, FORNECIMENTO E INSTALAÇÃO","UN","137,69","142,28",null,137.69,142.28,"Sinapi 73953/4"]
["73953/8","LUMINÁRIAS TIPO CALHA, DE SOBREPOR, COM REATORES DE PARTIDA RÁPIDA E LÂMPADAS FLUORESCENTES 2X2X36W, COMPLETAS, FORNECIMENTO E INSTALAÇÃO","UN","182,38","187,55",null,182.38,187.55,"Sinapi 73953/8"]
["73953/9","LUMINARIA SOBREPOR TP CALHA C/REATOR PART CONVENC LAMP 1X20W E STARTERFIX EM LAJE OU FORRO - FORNECIMENTO E COLOCACAO","UN","52,05","53,96",null,52.05,53.96,"Sinapi 73953/9"]
["83391","REATOR PARA LAMPADA FLUORESCENTE 2X40W PARTIDA RAPIDA FORNECIMENTO E INSTALACAO","UN","28,32","29,36",null,28.32,29.36,"Sinapi 83391"]
["83392","REATOR PARA LAMPADA FLUORESCENTE 1X20W PARTIDA RAPIDA FORNECIMENTO E INSTALACAO","UN","20,84","21,61",null,20.84,21.61,"Sinapi 83392"]
["83393","REATOR PARA LAMPADA FLUORESCENTE 1X40W PARTIDA RAPIDA FORNECIMENTO E INSTALACAO","UN","26,80","27,84",null,26.8,27.84,"Sinapi 83393"]
["83470","LAMPADA FLUORESCENTE TP HO 85W - FORNECIMENTO E INSTALACAO","UN","71,13","71,36",null,71.13,71.36,"Sinapi 83470"]
["93040","LÂMPADA FLUORESCENTE COMPACTA 15 W 2U, BASE E27 - FORNECIMENTO E INSTALAÇÃO","UN","11,51","11,68",null,11.51,11.68,"Sinapi 93040"]
["93041","LÂMPADA FLUORESCENTE ESPIRAL BRANCA 65 W, BASE E27 - FORNECIMENTO E INSTALAÇÃO","UN","70,69","70,86",null,70.69,70.86,"Sinapi 93041"]
["93044","LÂMPADA FLUORESCENTE COMPACTA 3U BRANCA 20 W, BASE E27 - FORNECIMENTO E INSTALAÇÃO","UN","12,91","13,08",null,12.91,13.08,"Sinapi 93044"]
["93045","LÂMPADA FLUORESCENTE ESPIRAL BRANCA 45 W, BASE E27 - FORNECIMENTO E INSTALAÇÃO","UN","39,78","39,95",null,39.78,39.950000000000003,"Sinapi 93045"]
["97583","LUMINÁRIA TIPO CALHA, DE SOBREPOR, COM 1 LÂMPADA TUBULAR DE 18 W - FORNECIMENTO E INSTALAÇÃO. AF_11/2017","UN","44,16","45,25",null,44.16,45.25,"Sinapi 97583"]
["97584","LUMINÁRIA TIPO CALHA, DE SOBREPOR, COM 1 LÂMPADA TUBULAR DE 36 W - FORNECIMENTO E INSTALAÇÃO. AF_11/2017","UN","60,47","61,56",null,60.47,61.56,"Sinapi 97584"]
["97585","LUMINÁRIA TIPO CALHA, DE SOBREPOR, COM 2 LÂMPADAS TUBULARES DE 18 W - FORNECIMENTO E INSTALAÇÃO. AF_11/2017","UN","60,28","61,70",null,60.28,61.7,"Sinapi 97585"]
["97586","LUMINÁRIA TIPO CALHA, DE SOBREPOR, COM 2 LÂMPADAS TUBULARES DE 36 W - FORNECIMENTO E INSTALAÇÃO. AF_11/2017","UN","79,96","81,38",null,79.959999999999994,81.38,"Sinapi 97586"]
["97587","LUMINÁRIA TIPO CALHA, DE EMBUTIR, COM 2 LÂMPADAS DE 14 W COM REFLETOR - FORNECIMENTO E INSTALAÇÃO. AF_11/2017","UN","138,27","139,20",null,138.27000000000001,139.19999999999999,"Sinapi 97587"]
["97589","LUMINÁRIA TIPO PLAFON EM PLÁSTICO, DE SOBREPOR, COM 1 LÂMPADA DE 15 W, - FORNECIMENTO E INSTALAÇÃO. AF_11/2017","UN","27,63","29,24",null,27.63,29.24,"Sinapi 97589"]
["97590","LUMINÁRIA TIPO PLAFON REDONDO COM VIDRO FOSCO, DE SOBREPOR, COM 1 LÂMPADA DE 15 W - FORNECIMENTO E INSTALAÇÃO. AF_11/2017","UN","54,84","56,45",null,54.84,56.45,"Sinapi 97590"]
["97591","LUMINÁRIA TIPO PLAFON REDONDO COM VIDRO FOSCO, DE SOBREPOR, COM 2 LÂMPADAS DE 15 W - FORNECIMENTO E INSTALAÇÃO. AF_11/2017","UN","73,80","75,88",null,73.8,75.88,"Sinapi 97591"]
["97592","LUMINÁRIA TIPO PLAFON, DE SOBREPOR, COM 1 LÂMPADA LED - FORNECIMENTO E INSTALAÇÃO. AF_11/2017","UN","98,13","100,21",null,98.13,100.21,"Sinapi 97592"]
["97593","LUMINÁRIA TIPO SPOT, DE SOBREPOR, COM 1 LÂMPADA DE 15 W - FORNECIMENTO E INSTALAÇÃO. AF_11/2017","UN","74,91","76,26",null,74.91,76.260000000000005,"Sinapi 97593"]
["97594","LUMINÁRIA TIPO SPOT, DE SOBREPOR, COM 2 LÂMPADAS DE 15 W - FORNECIMENTO E INSTALAÇÃO. AF_11/2017","UN","73,09","74,85",null,73.09,74.849999999999994,"Sinapi 97594"]
["97595","SENSOR DE PRESENÇA COM FOTOCÉLULA, FIXAÇÃO EM PAREDE - FORNECIMENTO E INSTALAÇÃO. AF_11/2017","UN","48,69","49,83",null,48.69,49.83,"Sinapi 97595"]
["97596","SENSOR DE PRESENÇA SEM FOTOCÉLULA, FIXAÇÃO EM PAREDE - FORNECIMENTO E INSTALAÇÃO. AF_11/2017","UN","33,99","35,13",null,33.99,35.130000000000003,"Sinapi 97596"]
["97597","SENSOR DE PRESENÇA COM FOTOCÉLULA, FIXAÇÃO EM TETO - FORNECIMENTO E INSTALAÇÃO. AF_11/2017","UN","42,09","43,79",null,42.09,43.79,"Sinapi 97597"]
["97598","SENSOR DE PRESENÇA SEM FOTOCÉLULA, FIXAÇÃO EM TETO - FORNECIMENTO E INSTALAÇÃO. AF_11/2017","UN","40,21","41,91",null,40.21,41.91,"Sinapi 97598"]
["97599","LUMINÁRIA DE EMERGÊNCIA - FORNECIMENTO E INSTALAÇÃO. AF_11/2017","UN","37,39","37,93",null,37.39,37.93,"Sinapi 97599"]
["97609","LÂMPADA COMPACTA DE LED 6 W, BASE E27 - FORNECIMENTO E INSTALAÇÃO. AF_11/2017","UN","28,42","28,93",null,28.42,28.93,"Sinapi 97609"]
["97610","LÂMPADA COMPACTA DE LED 10 W, BASE E27 - FORNECIMENTO E INSTALAÇÃO. AF_11/2017","UN","35,97","36,48",null,35.97,36.479999999999997,"Sinapi 97610"]
["97611","LÂMPADA COMPACTA FLUORESCENTE DE 15 W, BASE E27 - FORNECIMENTO E INSTALAÇÃO. AF_11/2017","UN","16,86","17,37",null,16.86,17.37,"Sinapi 97611"]
["97612","LÂMPADA COMPACTA FLUORESCENTE DE 20 W, BASE E27 - FORNECIMENTO E INSTALAÇÃO. AF_11/2017","UN","18,26","18,77",null,18.260000000000002,18.77,"Sinapi 97612"]
["97613","LÂMPADA COMPACTA DE VAPOR MERCURIO 125 W, BASE E27 - FORNECIMENTO E INSTALAÇÃO. AF_11/2017","UN","22,90","23,41",null,22.9,23.41,"Sinapi 97613"]
["97614","LÂMPADA COMPACTA DE VAPOR METÁLICO OVOIDE 150 W, BASE E27 - FORNECIMENTO E INSTALAÇÃO. AF_11/2017","UN","39,66","40,17",null,39.659999999999997,40.17,"Sinapi 97614"]
["97615","LÂMPADA TUBULAR FLUORESCENTE T8 DE 16/18 W, BASE G13 - FORNECIMENTO E INSTALAÇÃO. AF_11/2017_P","UN","31,69","32,43",null,31.69,32.43,"Sinapi 97615"]
["97616","LÂMPADA TUBULAR FLUORESCENTE T8 DE 32/36 W, BASE G13 - FORNECIMENTO E INSTALAÇÃO. AF_11/2017_P","UN","35,55","36,29",null,35.549999999999997,36.29,"Sinapi 97616"]
["97617","LÂMPADA TUBULAR FLUORESCENTE T10 DE 20/40 W, BASE G13 - FORNECIMENTO E INSTALAÇÃO. AF_11/2017_P","UN","35,34","36,08",null,35.340000000000003,36.08,"Sinapi 97617"]
["97618","LÂMPADA TUBULAR FLUORESCENTE T5 DE 14 W, BASE G13 - FORNECIMENTO E INSTALAÇÃO. AF_11/2017_P","UN","33,65","34,39",null,33.65,34.39,"Sinapi 97618"]
["41598","ENTRADA PROVISORIA DE ENERGIA ELETRICA AEREA TRIFASICA 40A EM POSTE MADEIRA","UN","1.521,07","1.551,71",null,1521.07,1551.71,"Sinapi 41598"]
["72941","APARELHO SINALIZADOR DE SAIDA DE GARAGEM, COM CELULA FOTOELETRICA - FORNECIMENTO E INSTALACAO","UN","177,81","183,75",null,177.81,183.75,"Sinapi 72941"]
["73624","SUPORTE PARA TRANSFORMADOR EM POSTE DE CONCRETO CIRCULAR","UN","78,89","84,83",null,78.89,84.83,"Sinapi 73624"]
["73767/1","GRAMPO PARALELO EM ALUMINIO FUNDIDO OU ESTRUDADO DE 2 PARAFUSOS, PARA CABO DE 6 A 50 MM2, PASTA ANTIOXIDANTE. FORNEC E INSTALAÇÃO.","UN","11,56","11,89",null,{"$f":"IF(D2888=\"\",\"\",D2888+0)","v":11.56},{"$f":"IF(E2888=\"\",\"\",E2888+0)","v":11.89},{"$f":"IF(OR(G2888=\"\",H2888=\"\"),\"\",CONCATENATE(\"Sinapi \",A2888))","v":"Sinapi 73767/1"}]
["73767/2","ALCA PRE-FORMADA DISTRIBUIÇÃO EM  ACO RECOBERTO COM ALUMINIO PARA CABO 25MM2, ENCAPADO. FORNECIMENTO E INSTALAÇÃO.","UN","10,00","10,33",null,10,10.33,"Sinapi 73767/2"]
["73767/3","LACO DE ROLDANA PRE-FORMADO ACO RECOBERTO DE ALUMINIO PARA CABO DE ALUMINIO NU BITOLA 25MM2 - FORNECIMENTO E COLOCACAO","UN","7,16","7,49",null,7.16,7.49,"Sinapi 73767/3"]
["73767/4","ALCA PRE-FORMADA DISTRIBUICAO EM ACO RECOBERTO COM ALUMINIO NU PARA CABO 25MM2, ENCAPADO. FORNECIMENTO E INSTALACAO.","UN","4,58","4,91",null,4.58,4.91,"Sinapi 73767/4"]
["73767/5","ALCA PRE-FORMADA SERV DE ACO RECOB C/ALUM NU ENCAPADO 25MM2 (BITOLA)  CONF PROJ A4-148-CP RIOLUZ FORNECIMENTO E COLOCACAO","UN","4,17","4,50",null,4.17,4.5,"Sinapi 73767/5"]
["73781/2","ISOLADOR DE PINO TP HI-POT CILINDRICO CLASSE 15KV. FORNECIMENTO E INSTALACAO.","UN","26,46","27,22",null,26.46,27.22,"Sinapi 73781/2"]
["73781/3","ISOLADOR DE SUSPENSAO (DISCO) TP CAVILHA CLASSE 15KV - 6''. FORNECIMENTO E INSTALACAO.","UN","81,01","82,92",null,81.010000000000005,82.92,"Sinapi 73781/3"]
["88543","ARMACAO SECUNDARIA OU REX COMPLETA PARA TRESLINHAS-FORNECIMENTO E INSTALACAO.","UN","140,98","147,87",null,140.97999999999999,147.87,"Sinapi 88543"]
["88544","ARMACAO SECUNDARIA OU REX COMPLETA PARA DUAS LINHAS-FORNECIMENTO E INSTALACAO.","UN","88,05","93,79",null,88.05,93.79,"Sinapi 88544"]
["88545","ARMACAO SECUNDARIA OU REX COMPLETA PARA QUATRO LINHAS-FORNECIMENTO E INSTALACAO.","UN","163,18","170,84",null,163.18,170.84,"Sinapi 88545"]
["100578","ASSENTAMENTO DE POSTE DE CONCRETO COM COMPRIMENTO NOMINAL DE 9 M, CARGA NOMINAL MENOR OU IGUAL A 1000 DAN, ENGASTAMENTO SIMPLES COM 1,5 M DE SOLO (NÃO INCLUI FORNECIMENTO). AF_11/2019","UN","257,74","269,23",null,257.74,269.23,"Sinapi 100578"]
["100579","ASSENTAMENTO DE POSTE DE CONCRETO COM COMPRIMENTO NOMINAL DE 10 M, CARGA NOMINAL MENOR OU IGUAL A 1000 DAN, ENGASTAMENTO SIMPLES COM 1,6 M DE SOLO (NÃO INCLUI FORNECIMENTO). AF_11/2019","UN","281,69","294,04",null,281.69,294.04000000000002,"Sinapi 100579"]
["100580","ASSENTAMENTO DE POSTE DE CONCRETO COM COMPRIMENTO NOMINAL DE 10 M, CARGA NOMINAL MAIOR QUE 1000 DAN, ENGASTAMENTO SIMPLES COM 1,6 M DE SOLO (NÃO INCLUI FORNECIMENTO). AF_11/2019","UN","316,60","332,70",null,316.60000000000002,332.7,"Sinapi 100580"]
["100581","ASSENTAMENTO DE POSTE DE CONCRETO COM COMPRIMENTO NOMINAL DE 10,5 M, CARGA NOMINAL MENOR OU IGUAL A 1000 DAN, ENGASTAMENTO SIMPLES COM 1,65 M DE SOLO (NÃO INCLUI FORNECIMENTO). AF_11/2019","UN","293,53","306,31",null,293.52999999999997,306.31,"Sinapi 100581"]
["100582","ASSENTAMENTO DE POSTE DE CONCRETO COM COMPRIMENTO NOMINAL DE 10,5 M, CARGA NOMINAL MAIOR QUE 1000 DAN, ENGASTAMENTO SIMPLES COM 1,65 M DE SOLO (NÃO INCLUI FORNECIMENTO). AF_11/2019","UN","356,52","376,09",null,356.52,376.09,"Sinapi 100582"]
["100583","ASSENTAMENTO DE POSTE DE CONCRETO COM COMPRIMENTO NOMINAL DE 11 M, CARGA NOMINAL MENOR OU IGUAL A 1000 DAN, ENGASTAMENTO SIMPLES COM 1,7 M DE SOLO (NÃO INCLUI FORNECIMENTO). AF_11/2019","UN","306,50","319,80",null,306.5,319.8,"Sinapi 100583"]
["100584","ASSENTAMENTO DE POSTE DE CONCRETO COM COMPRIMENTO NOMINAL DE 11 M, CARGA NOMINAL MAIOR QUE 1000 DAN, ENGASTAMENTO SIMPLES COM 1,7 M DE SOLO (NÃO INCLUI FORNECIMENTO). AF_11/2019","UN","344,33","361,69",null,344.33,361.69,"Sinapi 100584"]
["100585","ASSENTAMENTO DE POSTE DE CONCRETO COM COMPRIMENTO NOMINAL DE 12 M, CARGA NOMINAL MENOR OU IGUAL A 1000 DAN, ENGASTAMENTO SIMPLES COM 1,8 M DE SOLO (NÃO INCLUI FORNECIMENTO). AF_11/2019","UN","331,47","345,76",null,331.47,345.76,"Sinapi 100585"]
["100586","ASSENTAMENTO DE POSTE DE CONCRETO COM COMPRIMENTO NOMINAL DE 12 M, CARGA NOMINAL MAIOR QUE 1000 DAN, ENGASTAMENTO SIMPLES COM 1,8 M DE SOLO (NÃO INCLUI FORNECIMENTO). AF_11/2019","UN","391,71","412,44",null,391.71,412.44,"Sinapi 100586"]
["100587","ASSENTAMENTO DE POSTE DE CONCRETO COM COMPRIMENTO NOMINAL DE 13 M, CARGA NOMINAL MENOR OU IGUAL A 1000 DAN, ENGASTAMENTO SIMPLES COM 1,9 M DE SOLO (NÃO INCLUI FORNECIMENTO). AF_11/2019","UN","357,65","373,05",null,357.65,373.05,"Sinapi 100587"]
["100588","ASSENTAMENTO DE POSTE DE CONCRETO COM COMPRIMENTO NOMINAL DE 13 M, CARGA NOMINAL MAIOR QUE 1000 DAN, ENGASTAMENTO SIMPLES COM 1,9 M DE SOLO (NÃO INCLUI FORNECIMENTO). AF_11/2019","UN","404,46","424,88",null,404.46,424.88,"Sinapi 100588"]
["100589","ASSENTAMENTO DE POSTE DE CONCRETO COM COMPRIMENTO NOMINAL DE 13,5 M, CARGA NOMINAL MENOR OU IGUAL A 1000 DAN, ENGASTAMENTO SIMPLES COM 1,95 M DE SOLO (NÃO INCLUI FORNECIMENTO). AF_11/2019","UN","403,37","422,89",null,403.37,422.89,"Sinapi 100589"]
["100590","ASSENTAMENTO DE POSTE DE CONCRETO COM COMPRIMENTO NOMINAL DE 13,5 M, CARGA NOMINAL MAIOR QUE 1000 DAN, ENGASTAMENTO SIMPLES COM 1,95 M DE SOLO (NÃO INCLUI FORNECIMENTO). AF_11/2019","UN","449,76","474,30",null,449.76,474.3,"Sinapi 100590"]
["100591","ASSENTAMENTO DE POSTE DE CONCRETO COM COMPRIMENTO NOMINAL DE 14 M, CARGA NOMINAL MENOR OU IGUAL A 1000 DAN, ENGASTAMENTO SIMPLES COM 2 M DE SOLO (NÃO INCLUI FORNECIMENTO). AF_11/2019","UN","396,05","413,82",null,396.05,413.82,"Sinapi 100591"]
["100592","ASSENTAMENTO DE POSTE DE CONCRETO COM COMPRIMENTO NOMINAL DE 14 M, CARGA NOMINAL MAIOR QUE 1000 DAN, ENGASTAMENTO SIMPLES COM 2 M DE SOLO (NÃO INCLUI FORNECIMENTO). AF_11/2019","UN","434,45","456,39",null,434.45,456.39,"Sinapi 100592"]
["100593","ASSENTAMENTO DE POSTE DE CONCRETO COM COMPRIMENTO NOMINAL DE 15 M, CARGA NOMINAL MENOR OU IGUAL A 1000 DAN, ENGASTAMENTO SIMPLES COM 2,1 M DE SOLO (NÃO INCLUI FORNECIMENTO). AF_11/2019","UN","424,30","443,42",null,424.3,443.42,"Sinapi 100593"]
["100594","ASSENTAMENTO DE POSTE DE CONCRETO COM COMPRIMENTO NOMINAL DE 15 M, CARGA NOMINAL MAIOR QUE 1000 DAN, ENGASTAMENTO SIMPLES COM 2,1 M DE SOLO (NÃO INCLUI FORNECIMENTO). AF_11/2019","UN","489,34","515,42",null,489.34,515.41999999999996,"Sinapi 100594"]
["100595","ASSENTAMENTO DE POSTE DE CONCRETO COM COMPRIMENTO NOMINAL DE 18 M, CARGA NOMINAL MENOR OU IGUAL A 1000 DAN, ENGASTAMENTO SIMPLES COM 2,4 M DE SOLO (NÃO INCLUI FORNECIMENTO). AF_11/2019","UN","509,17","532,32",null,509.17,532.32000000000005,"Sinapi 100595"]
["100596","ASSENTAMENTO DE POSTE DE CONCRETO COM COMPRIMENTO NOMINAL DE 18 M, CARGA NOMINAL MAIOR QUE 1000 DAN, ENGASTAMENTO SIMPLES COM 2,4 M DE SOLO (NÃO INCLUI FORNECIMENTO). AF_11/2019","UN","596,80","629,30",null,596.79999999999995,629.29999999999995,"Sinapi 100596"]
["100597","ASSENTAMENTO DE POSTE DE CONCRETO COM COMPRIMENTO NOMINAL DE 20 M, CARGA NOMINAL MENOR OU IGUAL A 1000 DAN, ENGASTAMENTO SIMPLES COM 2,6 M DE SOLO (NÃO INCLUI FORNECIMENTO). AF_11/2019","UN","595,60","624,62",null,595.6,624.62,"Sinapi 100597"]
["100598","ASSENTAMENTO DE POSTE DE CONCRETO COM COMPRIMENTO NOMINAL DE 20 M, CARGA NOMINAL MAIOR QUE 1000, ENGASTAMENTO SIMPLES COM 2,6 M DE SOLO (NÃO INCLUI FORNECIMENTO). AF_11/2019","UN","667,84","704,57",null,667.84,704.57,"Sinapi 100598"]
["100599","ASSENTAMENTO DE POSTE DE CONCRETO COM COMPRIMENTO NOMINAL DE 9 M, CARGA NOMINAL DE 150 DAN, ENGASTAMENTO BASE CONCRETADA COM 1 M DE CONCRETO E 0,5 M DE SOLO (NÃO INCLUI FORNECIMENTO). AF_11/2019","UN","272,71","282,21",null,272.70999999999998,282.20999999999998,"Sinapi 100599"]
["100600","ASSENTAMENTO DE POSTE DE CONCRETO COM COMPRIMENTO NOMINAL DE 9 M, CARGA NOMINAL DE 300 DAN, ENGASTAMENTO BASE CONCRETADA COM 1 M DE CONCRETO E 0,5 M DE SOLO (NÃO INCLUI FORNECIMENTO). AF_11/2019","UN","340,48","354,34",null,340.48,354.34,"Sinapi 100600"]
["100601","ASSENTAMENTO DE POSTE DE CONCRETO COM COMPRIMENTO NOMINAL DE 9 M, CARGA NOMINAL DE 400 DAN, ENGASTAMENTO BASE CONCRETADA COM 1 M DE CONCRETO E 0,5 M DE SOLO (NÃO INCLUI FORNECIMENTO). AF_11/2019","UN","456,03","476,39",null,456.03,476.39,"Sinapi 100601"]
["100602","ASSENTAMENTO DE POSTE DE CONCRETO COM COMPRIMENTO NOMINAL DE 9 M, CARGA NOMINAL DE 600 DAN, ENGASTAMENTO BASE CONCRETADA COM 1 M DE CONCRETO E 0,5 M DE SOLO (NÃO INCLUI FORNECIMENTO). AF_11/2019","UN","600,19","628,66",null,600.19000000000005,628.66,"Sinapi 100602"]
["100603","ASSENTAMENTO DE POSTE DE CONCRETO COM COMPRIMENTO NOMINAL DE 9 M, CARGA NOMINAL DE 1000 DAN, ENGASTAMENTO BASE CONCRETADA COM 1 M DE CONCRETO E 0,5 M DE SOLO (NÃO INCLUI FORNECIMENTO). AF_11/2019","UN","970,56","1.020,20",null,970.56,1020.2,"Sinapi 100603"]
["100604","ASSENTAMENTO DE POSTE DE CONCRETO COM COMPRIMENTO NOMINAL DE 10 M, CARGA NOMINAL DE 300 DAN, ENGASTAMENTO BASE CONCRETADA COM 1 M DE CONCRETO E 0,6 M DE SOLO (NÃO INCLUI FORNECIMENTO). AF_11/2019","UN","357,43","371,75",null,357.43,371.75,"Sinapi 100604"]
["100605","ASSENTAMENTO DE POSTE DE CONCRETO COM COMPRIMENTO NOMINAL DE 10 M, CARGA NOMINAL DE 600 DAN, ENGASTAMENTO BASE CONCRETADA COM 1 M DE CONCRETO E 0,6 M DE SOLO (NÃO INCLUI FORNECIMENTO). AF_11/2019","UN","623,55","653,21",null,623.54999999999995,653.21,"Sinapi 100605"]
["100606","ASSENTAMENTO DE POSTE DE CONCRETO COM COMPRIMENTO NOMINAL DE 10 M, CARGA NOMINAL DE 1000 DAN, ENGASTAMENTO BASE CONCRETADA COM 1 M DE CONCRETO E 0,6 M DE SOLO (NÃO INCLUI FORNECIMENTO). AF_11/2019","UN","1.002,23","1.054,04",null,1002.23,1054.04,"Sinapi 100606"]
["100607","ASSENTAMENTO DE POSTE DE CONCRETO COM COMPRIMENTO NOMINAL DE 10,5 M, CARGA NOMINAL DE 300 DAN, ENGASTAMENTO BASE CONCRETADA COM 1 M DE CONCRETO E 0,65 M DE SOLO (NÃO INCLUI FORNECIMENTO). AF_11/2019","UN","365,28","379,81",null,365.28,379.81,"Sinapi 100607"]
["100608","ASSENTAMENTO DE POSTE DE CONCRETO COM COMPRIMENTO NOMINAL DE 10,5 M, CARGA NOMINAL DE 600 DAN, ENGASTAMENTO BASE CONCRETADA COM 1 M DE CONCRETO E 0,65 M DE SOLO (NÃO INCLUI FORNECIMENTO). AF_11/2019","UN","635,04","665,29",null,635.04,665.29,"Sinapi 100608"]
["100609","ASSENTAMENTO DE POSTE DE CONCRETO COM COMPRIMENTO NOMINAL DE 10,5 M, CARGA NOMINAL DE 1000 DAN, ENGASTAMENTO BASE CONCRETADA COM 1 M DE CONCRETO E 0,65 M DE SOLO (NÃO INCLUI FORNECIMENTO). AF_11/2019","UN","1.019,40","1.072,44",null,1019.4,1072.44,"Sinapi 100609"]
["100610","ASSENTAMENTO DE POSTE DE CONCRETO COM COMPRIMENTO NOMINAL DE 11 M, CARGA NOMINAL DE 300 DAN, ENGASTAMENTO BASE CONCRETADA COM 1 M DE CONCRETO E 0,7 M DE SOLO (NÃO INCLUI FORNECIMENTO). AF_11/2019","UN","373,07","387,79",null,373.07,387.79,"Sinapi 100610"]
["100611","ASSENTAMENTO DE POSTE DE CONCRETO COM COMPRIMENTO NOMINAL DE 11 M, CARGA NOMINAL DE 400 DAN, ENGASTAMENTO BASE CONCRETADA COM 1 M DE CONCRETO E 0,7 M DE SOLO (NÃO INCLUI FORNECIMENTO). AF_11/2019","UN","494,29","516,16",null,494.29,516.16,"Sinapi 100611"]
["100612","ASSENTAMENTO DE POSTE DE CONCRETO COM COMPRIMENTO NOMINAL DE 11 M, CARGA NOMINAL DE 600 DAN, ENGASTAMENTO BASE CONCRETADA COM 1 M DE CONCRETO E 0,7 M DE SOLO (NÃO INCLUI FORNECIMENTO). AF_11/2019","UN","646,18","677,00",null,646.17999999999995,677,"Sinapi 100612"]
["100613","ASSENTAMENTO DE POSTE DE CONCRETO COM COMPRIMENTO NOMINAL DE 11 M, CARGA NOMINAL DE 1000 DAN, ENGASTAMENTO BASE CONCRETADA COM 1 M DE CONCRETO E 0,7 M DE SOLO (NÃO INCLUI FORNECIMENTO). AF_11/2019","UN","1.036,11","1.090,36",null,1036.1099999999999,1090.3599999999999,"Sinapi 100613"]
["100614","ASSENTAMENTO DE POSTE DE CONCRETO COM COMPRIMENTO NOMINAL DE 12 M, CARGA NOMINAL DE 400 DAN, ENGASTAMENTO BASE CONCRETADA COM 1 M DE CONCRETO E 0,8 M DE SOLO (NÃO INCLUI FORNECIMENTO). AF_11/2019","UN","512,89","535,47",null,512.89,535.47,"Sinapi 100614"]
["100615","ASSENTAMENTO DE POSTE DE CONCRETO COM COMPRIMENTO NOMINAL DE 12 M, CARGA NOMINAL DE 600 DAN, ENGASTAMENTO BASE CONCRETADA COM 1 M DE CONCRETO E 0,8 M DE SOLO (NÃO INCLUI FORNECIMENTO). AF_11/2019","UN","668,22","700,15",null,668.22,700.15,"Sinapi 100615"]
["100616","ASSENTAMENTO DE POSTE DE CONCRETO COM COMPRIMENTO NOMINAL DE 12 M, CARGA NOMINAL DE 1000 DAN, ENGASTAMENTO BASE CONCRETADA COM 1 M DE CONCRETO E 0,8 M DE SOLO (NÃO INCLUI FORNECIMENTO). AF_11/2019","UN","1.071,55","1.128,42",null,1071.55,1128.42,"Sinapi 100616"]
["100617","ASSENTAMENTO DE POSTE DE CONCRETO COM COMPRIMENTO NOMINAL DE 13 M, CARGA NOMINAL DE 600 DAN, ENGASTAMENTO BASE CONCRETADA COM 1 M DE CONCRETO E 0,9 M DE SOLO (NÃO INCLUI FORNECIMENTO). AF_11/2019","UN","690,11","723,16",null,690.11,723.16,"Sinapi 100617"]
["100618","ASSENTAMENTO DE POSTE DE CONCRETO COM COMPRIMENTO NOMINAL DE 13 M, CARGA NOMINAL DE 1000 DAN, ENGASTAMENTO BASE CONCRETADA COM 1 M DE CONCRETO E 0,9 M DE SOLO - SOMENTE INSTALAÇÃO, SEM FORNECIMENTO. AF_11/2019","UN","1.111,21","1.170,49",null,1111.21,1170.49,"Sinapi 100618"]
["100619","POSTE DECORATIVO PARA JARDIM EM AÇO TUBULAR, H = *2,5* M, SEM LUMINÁRIA - FORNECIMENTO E INSTALAÇÃO. AF_11/2019","UN","342,50","352,23",null,342.5,352.23,"Sinapi 100619"]
["100620","POSTE DE AÇO CONICO CONTÍNUO CURVO SIMPLES, FLANGEADO, H=9M, INCLUSIVE LUMINÁRIA, SEM LÂMPADA - FORNECIMENTO E INSTALACAO. AF_11/2019","UN","2.048,69","2.054,90",null,2048.69,2054.9,"Sinapi 100620"]
["100621","POSTE DE AÇO CONICO CONTÍNUO CURVO DUPLO, FLANGEADO, H=9M, INCLUSIVE LUMINÁRIAS, SEM LÂMPADAS - FORNECIMENTO E INSTALACAO. AF_11/2019","UN","2.292,06","2.300,93",null,2292.06,2300.9299999999998,"Sinapi 100621"]
["100622","POSTE DE AÇO CONICO CONTÍNUO CURVO SIMPLES, ENGASTADO, H=9M, INCLUSIVE LUMINÁRIA, SEM LÂMPADA - FORNECIMENTO E INSTALACAO. AF_11/2019","UN","1.301,49","1.312,03",null,1301.49,1312.03,"Sinapi 100622"]
["100623","POSTE DE AÇO CONICO CONTÍNUO CURVO DUPLO, ENGASTADO, H=9M, INCLUSIVE LUMINÁRIAS, SEM LÂMPADAS - FORNECIMENTO E INSTALACAO. AF_11/2019","UN","1.401,14","1.414,35",null,1401.14,1414.35,"Sinapi 100623"]
["72281","REATOR PARA LAMPADA VAPOR DE MERCURIO USO EXTERNO 220V/400W","UN","104,96","108,13",null,104.96,108.13,"Sinapi 72281"]
["72282","REATOR PARA LAMPADA VAPOR DE SODIO ALTA PRESSAO - 220V/250W - USO EXTERNO","UN","142,25","144,62",null,142.25,144.62,"Sinapi 72282"]
["73831/2","LAMPADA DE VAPOR DE MERCURIO DE 250W - FORNECIMENTO E INSTALACAO","UN","32,51","32,97",null,32.51,32.97,"Sinapi 73831/2"]
["73831/3","LAMPADA DE VAPOR DE MERCURIO DE 400W/250V - FORNECIMENTO E INSTALACAO","UN","42,88","43,34",null,42.88,43.34,"Sinapi 73831/3"]
["73831/4","LAMPADA MISTA DE 160W - FORNECIMENTO E INSTALACAO","UN","20,94","21,28",null,20.94,21.28,"Sinapi 73831/4"]
["73831/5","LAMPADA MISTA DE 250W - FORNECIMENTO E INSTALACAO","UN","27,11","27,45",null,27.11,27.45,"Sinapi 73831/5"]
["73831/6","LAMPADA MISTA DE 500W - FORNECIMENTO E INSTALACAO","UN","48,00","48,34",null,48,48.34,"Sinapi 73831/6"]
["73831/7","LAMPADA DE VAPOR DE SODIO DE 150WX220V - FORNECIMENTO E INSTALACAO","UN","38,63","39,09",null,38.630000000000003,39.090000000000003,"Sinapi 73831/7"]
["73831/8","LAMPADA DE VAPOR DE SODIO DE 250WX220V - FORNECIMENTO E INSTALACAO","UN","44,03","44,49",null,{"$f":"IF(D2952=\"\",\"\",D2952+0)","v":44.03},{"$f":"IF(E2952=\"\",\"\",E2952+0)","v":44.49},{"$f":"IF(OR(G2952=\"\",H2952=\"\"),\"\",CONCATENATE(\"Sinapi \",A2952))","v":"Sinapi 73831/8"}]
["73831/9","LAMPADA DE VAPOR DE SODIO DE 400WX220V - FORNECIMENTO E INSTALACAO","UN","50,66","51,12",null,50.66,51.12,"Sinapi 73831/9"]
["74231/1","LUMINARIA ABERTA PARA ILUMINACAO PUBLICA, PARA LAMPADA A VAPOR DE MERCURIO ATE 400W E MISTA ATE 500W, COM BRACO EM TUBO DE ACO GALV D=50MM PROJ HOR=2.500MM E PROJ VERT= 2.200MM, FORNECIMENTO E INSTALACAO","UN","131,32","138,98",null,131.32,138.97999999999999,"Sinapi 74231/1"]
["74246/1","REFLETOR RETANGULAR FECHADO COM LAMPADA VAPOR METALICO 400 W","UN","265,83","273,75",null,265.83,273.75,"Sinapi 74246/1"]
["83399","RELE FOTOELETRICO P/ COMANDO DE ILUMINACAO EXTERNA 220V/1000W - FORNECIMENTO E INSTALACAO","UN","29,87","31,21",null,29.87,31.21,"Sinapi 83399"]
["83400","BRACO P/ ILUMINACAO DE RUAS EM TUBO ACO GALV 1\" COMP = 1,20M E INCLINACAO 25GRAUS EM RELACAO AO PLANO VERTICAL P/ FIXACAO EM POSTE OU PAREDE - FORNECIMENTO E INSTALACAO","UN","93,96","99,49",null,93.96,99.49,"Sinapi 83400"]
["83401","BRACO P/ LUMINARIA PUBLICA 1 X 1,50 M, EM TUBO ACO GALV 3/4\u0094, P/ FIXACAO EM POSTE OU PAREDE - FORNECIMENTO E INSTALACAO","UN","93,96","99,49",null,93.96,99.49,"Sinapi 83401"]
["83402","ABRACADEIRA DE FIXACAO DE BRACOS DE LUMINARIAS DE 4\" - FORNECIMENTO E INSTALACAO","UN","52,58","54,66",null,52.58,54.66,"Sinapi 83402"]
["83475","LUMINARIA FECHADA PARA ILUMINACAO PUBLICA COM REATOR DE PARTIDA RAPIDA COM LAMPADA A VAPOR DE MERCURIO 250W - FORNECIMENTO E INSTALACAO","UN","376,65","379,03",null,376.65,379.03,"Sinapi 83475"]
["83478","LUMINARIA FECHADA PARA ILUMINACAO PUBLICA - LAMPADAS DE 250/500W - FORNECIMENTO E INSTALACAO (EXCLUINDO LAMPADAS)","UN","267,54","272,53",null,267.54000000000002,272.52999999999997,"Sinapi 83478"]
["83479","LUMINARIA ESTANQUE - PROTECAO CONTRA AGUA, POEIRA OU IMPACTOS - TIPO AQUATIC PIAL OU EQUIVALENTE","UN","107,23","110,40",null,107.23,110.4,"Sinapi 83479"]
["83480","REATOR PARA LAMPADA VAPOR DE MERCURIO 125W  USO EXTERNO","UN","84,34","87,51",null,84.34,87.51,"Sinapi 83480"]
["83481","REATOR PARA LAMPADA VAPOR DE MERCURIO 250W USO EXTERNO","UN","94,96","98,13",null,94.96,98.13,"Sinapi 83481"]
["97600","REFLETOR EM ALUMÍNIO COM SUPORTE E ALÇA, LÂMPADA 125 W - FORNECIMENTO E INSTALAÇÃO. AF_11/2017","UN","241,39","242,65",null,241.39,242.65,"Sinapi 97600"]
["97601","REFLETOR EM ALUMÍNIO COM SUPORTE E ALÇA, LÂMPADA 250 W - FORNECIMENTO E INSTALAÇÃO. AF_11/2017","UN","253,87","255,13",null,253.87,255.13,"Sinapi 97601"]
["97605","LUMINÁRIA ARANDELA TIPO MEIA-LUA, PARA 1 LÂMPADA LED - FORNECIMENTO E INSTALAÇÃO. AF_11/2017","UN","66,37","67,80",null,66.37,67.8,"Sinapi 97605"]
["97606","LUMINÁRIA ARANDELA TIPO MEIA-LUA, PARA 1 LÂMPADA DE 15 W - FORNECIMENTO E INSTALAÇÃO. AF_11/2017","UN","54,81","56,24",null,54.81,56.24,"Sinapi 97606"]
["97607","LUMINÁRIA ARANDELA TIPO TARTARUGA PARA 1 LÂMPADA LED - FORNECIMENTO E INSTALAÇÃO. AF_11/2017","UN","76,13","77,79",null,76.13,77.790000000000006,"Sinapi 97607"]
["97608","LUMINÁRIA ARANDELA TIPO TARTARUGA, COM GRADE, PARA 1 LÂMPADA DE 15 W - FORNECIMENTO E INSTALAÇÃO. AF_11/2017","UN","64,57","66,23",null,64.569999999999993,66.23,"Sinapi 97608"]
["73857/1","TRANSFORMADOR DISTRIBUICAO  75KVA TRIFASICO 60HZ CLASSE 15KV IMERSO EM ÓLEO MINERAL FORNECIMENTO E INSTALACAO","UN","6.577,06","6.584,72",null,6577.06,6584.72,"Sinapi 73857/1"]
["73857/2","TRANSFORMADOR DISTRIBUICAO  112,5KVA TRIFASICO 60HZ CLASSE 15KV IMERSO EM ÓLEO MINERAL FORNECIMENTO E INSTALACAO","UN","8.127,81","8.137,38",null,8127.81,8137.38,"Sinapi 73857/2"]
["73857/3","TRANSFORMADOR DISTRIBUICAO  150KVA TRIFASICO 60HZ CLASSE 15KV IMERSO EM ÓLEO MINERAL FORNECIMENTO E INSTALACAO","UN","10.245,67","10.257,16",null,10245.67,10257.16,"Sinapi 73857/3"]
["73857/4","TRANSFORMADOR DISTRIBUICAO  225KVA TRIFASICO 60HZ CLASSE 15KV IMERSO EM ÓLEO MINERAL FORNECIMENTO E INSTALACAO","UN","14.347,99","14.361,39",null,14347.99,14361.39,"Sinapi 73857/4"]
["73857/5","TRANSFORMADOR DISTRIBUICAO  300KVA TRIFASICO 60HZ CLASSE 15KV IMERSO EM ÓLEO MINERAL FORNECIMENTO E INSTALACAO","UN","16.736,37","16.751,69",null,16736.37,16751.689999999999,"Sinapi 73857/5"]
["73857/6","TRANSFORMADOR DISTRIBUICAO  500KVA TRIFASICO 60HZ CLASSE 15KV IMERSO EM ÓLEO MINERAL FORNECIMENTO E INSTALACAO","UN","27.239,06","27.256,29",null,27239.06,27256.29,"Sinapi 73857/6"]
["73857/7","TRANSFORMADOR DISTRIBUICAO  30KVA TRIFASICO 60HZ CLASSE 15KV IMERSO EM ÓLEO MINERAL FORNECIMENTO E INSTALACAO","UN","4.539,68","4.543,51",null,4539.68,4543.51,"Sinapi 73857/7"]
["73857/8","TRANSFORMADOR DISTRIBUICAO  45KVA TRIFASICO 60HZ CLASSE 15KV IMERSO EM ÓLEO MINERAL FORNECIMENTO E INSTALACAO","UN","5.084,24","5.089,98",null,5084.24,5089.9799999999996,"Sinapi 73857/8"]
["73857/9","TRANSFORMADOR DISTRIBUICAO  750KVA TRIFASICO 60HZ CLASSE 15KV IMERSO EM ÓLEO MINERAL FORNECIMENTO E INSTALACAO","UN","37.321,37","37.340,52",null,37321.370000000003,37340.519999999997,"Sinapi 73857/9"]
["73857/10","TRANSFORMADOR DISTRIBUICAO  1000KVA TRIFASICO 60HZ CLASSE 15KV IMERSO EM ÓLEO MINERAL FORNECIMENTO E INSTALACAO","UN","52.201,26","52.222,32",null,52201.26,52222.32,"Sinapi 73857/10"]
["93128","PONTO DE ILUMINAÇÃO RESIDENCIAL INCLUINDO INTERRUPTOR SIMPLES, CAIXA ELÉTRICA, ELETRODUTO, CABO, RASGO, QUEBRA E CHUMBAMENTO (EXCLUINDO LUMINÁRIA E LÂMPADA). AF_01/2016","UN","109,21","118,04",null,109.21,118.04,"Sinapi 93128"]
["93137","PONTO DE ILUMINAÇÃO RESIDENCIAL INCLUINDO INTERRUPTOR SIMPLES (2 MÓDULOS), CAIXA ELÉTRICA, ELETRODUTO, CABO, RASGO, QUEBRA E CHUMBAMENTO (EXCLUINDO LUMINÁRIA E LÂMPADA). AF_01/2016","UN","129,85","139,76",null,129.85,139.76,"Sinapi 93137"]
["93138","PONTO DE ILUMINAÇÃO RESIDENCIAL INCLUINDO INTERRUPTOR PARALELO, CAIXA ELÉTRICA, ELETRODUTO, CABO, RASGO, QUEBRA E CHUMBAMENTO (EXCLUINDO LUMINÁRIA E LÂMPADA). AF_01/2016","UN","122,44","132,03",null,122.44,132.03,"Sinapi 93138"]
["93139","PONTO DE ILUMINAÇÃO RESIDENCIAL INCLUINDO INTERRUPTOR PARALELO (2 MÓDULOS), CAIXA ELÉTRICA, ELETRODUTO, CABO, RASGO, QUEBRA E CHUMBAMENTO (EXCLUINDO LUMINÁRIA E LÂMPADA). AF_01/2016","UN","156,28","167,68",null,156.28,167.68,"Sinapi 93139"]
["93140","PONTO DE ILUMINAÇÃO RESIDENCIAL INCLUINDO INTERRUPTOR SIMPLES CONJUGADO COM PARALELO, CAIXA ELÉTRICA, ELETRODUTO, CABO, RASGO, QUEBRA E CHUMBAMENTO (EXCLUINDO LUMINÁRIA E LÂMPADA). AF_01/2016","UN","147,18","158,04",null,147.18,158.04,"Sinapi 93140"]
["93141","PONTO DE TOMADA RESIDENCIAL INCLUINDO TOMADA 10A/250V, CAIXA ELÉTRICA, ELETRODUTO, CABO, RASGO, QUEBRA E CHUMBAMENTO. AF_01/2016","UN","132,35","142,19",null,132.35,142.19,"Sinapi 93141"]
["93142","PONTO DE TOMADA RESIDENCIAL INCLUINDO TOMADA (2 MÓDULOS) 10A/250V, CAIXA ELÉTRICA, ELETRODUTO, CABO, RASGO, QUEBRA E CHUMBAMENTO. AF_01/2016","UN","148,59","159,40",null,148.59,159.4,"Sinapi 93142"]
["93143","PONTO DE TOMADA RESIDENCIAL INCLUINDO TOMADA 20A/250V, CAIXA ELÉTRICA, ELETRODUTO, CABO, RASGO, QUEBRA E CHUMBAMENTO. AF_01/2016","UN","134,37","144,21",null,134.37,144.21,"Sinapi 93143"]
["93144","PONTO DE UTILIZAÇÃO DE EQUIPAMENTOS ELÉTRICOS, RESIDENCIAL, INCLUINDO SUPORTE E PLACA, CAIXA ELÉTRICA, ELETRODUTO, CABO, RASGO, QUEBRA E CHUMBAMENTO. AF_01/2016","UN","169,91","180,42",null,169.91,180.42,"Sinapi 93144"]
["93145","PONTO DE ILUMINAÇÃO E TOMADA, RESIDENCIAL, INCLUINDO INTERRUPTOR SIMPLES E TOMADA 10A/250V, CAIXA ELÉTRICA, ELETRODUTO, CABO, RASGO, QUEBRA E CHUMBAMENTO (EXCLUINDO LUMINÁRIA E LÂMPADA). AF_01/2016","UN","161,22","172,54",null,161.22,172.54,"Sinapi 93145"]
["93146","PONTO DE ILUMINAÇÃO E TOMADA, RESIDENCIAL, INCLUINDO INTERRUPTOR PARALELO E TOMADA 10A/250V, CAIXA ELÉTRICA, ELETRODUTO, CABO, RASGO, QUEBRA E CHUMBAMENTO (EXCLUINDO LUMINÁRIA E LÂMPADA). AF_01/2016","UN","174,46","186,53",null,174.46,186.53,"Sinapi 93146"]
["93147","PONTO DE ILUMINAÇÃO E TOMADA, RESIDENCIAL, INCLUINDO INTERRUPTOR SIMPLES, INTERRUPTOR PARALELO E TOMADA 10A/250V, CAIXA ELÉTRICA, ELETRODUTO, CABO, RASGO, QUEBRA E CHUMBAMENTO (EXCLUINDO LUMINÁRIA E LÂMPADA). AF_01/2016","UN","199,24","212,59",null,199.24,212.59,"Sinapi 93147"]
["8260","INSTALACAO PARA-RAIOS P/RESERVATORIO","UN","3.064,52","3.096,20",null,3064.52,3096.2,"Sinapi 8260"]
["72315","TERMINAL AEREO EM ACO GALVANIZADO COM BASE DE FIXACAO H = 30CM","UN","29,24","31,22",null,29.24,31.22,"Sinapi 72315"]
["96971","CORDOALHA DE COBRE NU 16 MM², NÃO ENTERRADA, COM ISOLADOR - FORNECIMENTO E INSTALAÇÃO. AF_12/2017","M","21,86","22,87",null,21.86,22.87,"Sinapi 96971"]
["96972","CORDOALHA DE COBRE NU 25 MM², NÃO ENTERRADA, COM ISOLADOR - FORNECIMENTO E INSTALAÇÃO. AF_12/2017","M","29,45","30,81",null,29.45,30.81,"Sinapi 96972"]
["96973","CORDOALHA DE COBRE NU 35 MM², NÃO ENTERRADA, COM ISOLADOR - FORNECIMENTO E INSTALAÇÃO. AF_12/2017","M","36,59","38,22",null,36.590000000000003,38.22,"Sinapi 96973"]
["96974","CORDOALHA DE COBRE NU 50 MM², NÃO ENTERRADA, COM ISOLADOR - FORNECIMENTO E INSTALAÇÃO. AF_12/2017","M","45,84","47,75",null,45.84,47.75,"Sinapi 96974"]
["96975","CORDOALHA DE COBRE NU 70 MM², NÃO ENTERRADA, COM ISOLADOR - FORNECIMENTO E INSTALAÇÃO. AF_12/2017","M","57,92","60,10",null,57.92,60.1,"Sinapi 96975"]
["96976","CORDOALHA DE COBRE NU 95 MM², NÃO ENTERRADA, COM ISOLADOR - FORNECIMENTO E INSTALAÇÃO. AF_12/2017","M","73,71","76,14",null,73.709999999999994,76.14,"Sinapi 96976"]
["96977","CORDOALHA DE COBRE NU 50 MM², ENTERRADA, SEM ISOLADOR - FORNECIMENTO E INSTALAÇÃO. AF_12/2017","M","25,86","25,99",null,25.86,25.99,"Sinapi 96977"]
["96978","CORDOALHA DE COBRE NU 70 MM², ENTERRADA, SEM ISOLADOR - FORNECIMENTO E INSTALAÇÃO. AF_12/2017","M","36,19","36,35",null,36.19,36.35,"Sinapi 96978"]
["96979","CORDOALHA DE COBRE NU 95 MM², ENTERRADA, SEM ISOLADOR - FORNECIMENTO E INSTALAÇÃO. AF_12/2017","M","50,61","50,80",null,50.61,50.8,"Sinapi 96979"]
["96984","ELETRODUTO PVC 40MM (1 ¼ ) PARA SPDA - FORNECIMENTO E INSTALAÇÃO. AF_12/2017","UN","42,04","45,33",null,42.04,45.33,"Sinapi 96984"]
["96985","HASTE DE ATERRAMENTO 5/8  PARA SPDA - FORNECIMENTO E INSTALAÇÃO. AF_12/2017","UN","53,95","54,95",null,53.95,54.95,"Sinapi 96985"]
["96986","HASTE DE ATERRAMENTO 3/4  PARA SPDA - FORNECIMENTO E INSTALAÇÃO. AF_12/2017","UN","80,59","82,16",null,80.59,82.16,"Sinapi 96986"]
["96987","BASE METÁLICA PARA MASTRO 1 ½  PARA SPDA - FORNECIMENTO E INSTALAÇÃO. AF_12/2017","UN","111,18","115,67",null,111.18,115.67,"Sinapi 96987"]
["96988","MASTRO 1 ½  PARA SPDA - FORNECIMENTO E INSTALAÇÃO. AF_12/2017","UN","165,91","166,54",null,165.91,166.54,"Sinapi 96988"]
["96989","CAPTOR TIPO FRANKLIN PARA SPDA - FORNECIMENTO E INSTALAÇÃO. AF_12/2017","UN","109,14","109,64",null,109.14,109.64,"Sinapi 96989"]
["98463","SUPORTE ISOLADOR PARA CORDOALHA DE COBRE - FORNECIMENTO E INSTALAÇÃO. AF_12/2017","UN","20,94","22,20",null,20.94,22.2,"Sinapi 98463"]
["9535","CHUVEIRO ELETRICO COMUM CORPO PLASTICO TIPO DUCHA, FORNECIMENTO E INSTALACAO","UN","66,24","67,73",null,66.239999999999995,67.73,"Sinapi 9535"]
["88547","CHAVE DE BOIA AUTOMÁTICA SUPERIOR 10A/250V - FORNECIMENTO E INSTALACAO","UN","73,27","77,23",null,73.27,77.23,"Sinapi 88547"]
["72283","ABRIGO PARA HIDRANTE, 75X45X17CM, COM REGISTRO GLOBO ANGULAR 45º 2.1/2\", ADAPTADOR STORZ 2.1/2\", MANGUEIRA DE INCÊNDIO 15M, REDUÇÃO 2.1/2X1.1/2\" E ESGUICHO EM LATÃO 1.1/2\" - FORNECIMENTO E INSTALAÇÃO","UN","789,90","803,20",null,789.9,803.2,"Sinapi 72283"]
["72287","CAIXA DE INCÊNDIO 45X75X17CM - FORNECIMENTO E INSTALAÇÃO","UN","201,62","204,27",null,201.62,204.27,"Sinapi 72287"]
["72288","CAIXA DE INCÊNDIO 60X75X17CM - FORNECIMENTO E INSTALAÇÃO","UN","250,72","253,77",null,250.72,253.77,"Sinapi 72288"]
["72553","EXTINTOR DE PQS 4KG - FORNECIMENTO E INSTALACAO","UN","156,90","158,04",null,{"$f":"IF(D3016=\"\",\"\",D3016+0)","v":156.9},{"$f":"IF(E3016=\"\",\"\",E3016+0)","v":158.04},{"$f":"IF(OR(G3016=\"\",H3016=\"\"),\"\",CONCATENATE(\"Sinapi \",A3016))","v":"Sinapi 72553"}]
["72554","EXTINTOR DE CO2 6KG - FORNECIMENTO E INSTALACAO","UN","528,44","529,58",null,528.44000000000005,529.58000000000004,"Sinapi 72554"]
["73775/1","EXTINTOR INCENDIO TP PO QUIMICO 4KG FORNECIMENTO E COLOCACAO","UN","163,63","165,53",null,163.63,165.53,"Sinapi 73775/1"]
["73775/2","EXTINTOR INCENDIO AGUA-PRESSURIZADA 10L INCL SUPORTE PAREDE CARGA     COMPLETA FORNECIMENTO E COLOCACAO","UN","168,60","170,50",null,168.6,170.5,"Sinapi 73775/2"]
["83633","HIDRANTE SUBTERRANEO FERRO FUNDIDO C/ CURVA LONGA E CAIXA DN=75MM","UN","1.958,10","1.962,61",null,1958.1,1962.61,"Sinapi 83633"]
["83634","EXTINTOR INCENDIO TP GAS CARBONICO 4KG COMPLETO - FORNECIMENTO E INSTALACAO","UN","495,36","497,26",null,495.36,497.26,"Sinapi 83634"]
["83635","EXTINTOR INCENDIO TP PO QUIMICO 6KG - FORNECIMENTO E INSTALACAO","UN","190,17","192,07",null,190.17,192.07,"Sinapi 83635"]
["96765","ABRIGO PARA HIDRANTE, 90X60X17CM, COM REGISTRO GLOBO ANGULAR 45 GRAUS 2 1/2\", ADAPTADOR STORZ 2 1/2\", MANGUEIRA DE INCÊNDIO 20M, REDUÇÃO 2 1/2 X 1 1/2\" E ESGUICHO EM LATÃO 1 1/2\" - FORNECIMENTO E INSTALAÇÃO. AF_08/2017","UN","927,38","939,31",null,927.38,939.31,"Sinapi 96765"]
["73749/1","CAIXA ENTERRADA PARA INSTALACOES TELEFONICAS TIPO R1 0,60X0,35X0,50M EM BLOCOS DE CONCRETO ESTRUTURAL","UN","184,70","194,71",null,184.7,194.71,"Sinapi 73749/1"]
["73749/2","CAIXA ENTERRADA PARA INSTALACOES TELEFONICAS TIPO R2 1,07X0,52X0,50M EM BLOCOS DE CONCRETO ESTRUTURAL","UN","339,76","356,82",null,339.76,356.82,"Sinapi 73749/2"]
["73749/3","CAIXA ENTERRADA PARA INSTALACOES TELEFONICAS TIPO R3 1,30X1,20X1,20M EM BLOCOS DE CONCRETO ESTRUTURAL","UN","1.093,41","1.151,12",null,1093.4100000000001,1151.1199999999999,"Sinapi 73749/3"]
["84796","TAMPAO FOFO P/ CAIXA R2 PADRAO TELEBRAS COMPLETO - FORNECIMENTO E INSTALACAO","UN","474,05","480,58",null,474.05,480.58,"Sinapi 84796"]
["84798","TAMPAO FOFO P/ CAIXA R1 PADRAO TELEBRAS COMPLETO - FORNECIMENTO E INSTALACAO","UN","216,74","222,49",null,216.74,222.49,"Sinapi 84798"]
["98261","CABO TELEFÔNICO CCI-50 1 PAR, INSTALADO EM ENTRADA DE EDIFICAÇÃO - FORNECIMENTO E INSTALAÇÃO. AF_11/2019","M","2,86","3,10",null,2.86,3.1,"Sinapi 98261"]
["98262","CABO TELEFÔNICO CCI-50 2 PARES, SEM BLINDAGEM, INSTALADO EM ENTRADA DE EDIFICAÇÃO - FORNECIMENTO E INSTALAÇÃO. AF_11/2019","M","3,42","3,67",null,3.42,3.67,"Sinapi 98262"]
["98263","CABO TELEFÔNICO CCI-50 3 PARES, SEM BLINDAGEM, INSTALADO EM ENTRADA DE EDIFICAÇÃO - FORNECIMENTO E INSTALAÇÃO. AF_11/2019","M","4,11","4,37",null,4.1100000000000003,4.37,"Sinapi 98263"]
["98264","CABO TELEFÔNICO CCI-50 4 PARES, SEM BLINDAGEM, INSTALADO EM ENTRADA DE EDIFICAÇÃO - FORNECIMENTO E INSTALAÇÃO. AF_11/2019","M","4,64","4,91",null,4.6399999999999997,4.91,"Sinapi 98264"]
["98265","CABO TELEFÔNICO CCI-50 5 PARES, SEM BLINDAGEM, INSTALADO EM ENTRADA DE EDIFICAÇÃO - FORNECIMENTO E INSTALAÇÃO. AF_11/2019","M","5,45","5,73",null,5.45,5.73,"Sinapi 98265"]
["98266","CABO TELEFÔNICO CCI-50 6 PARES, SEM BLINDAGEM, INSTALADO EM ENTRADA DE EDIFICAÇÃO - FORNECIMENTO E INSTALAÇÃO. AF_11/2019","M","5,92","6,19",null,5.92,6.19,"Sinapi 98266"]
["98267","CABO TELEFÔNICO CI-50 10 PARES INSTALADO EM ENTRADA DE EDIFICAÇÃO - FORNECIMENTO E INSTALAÇÃO. AF_11/2019","M","9,90","10,26",null,9.9,10.26,"Sinapi 98267"]
["98268","CABO TELEFÔNICO CI-50 20 PARES INSTALADO EM ENTRADA DE EDIFICAÇÃO - FORNECIMENTO E INSTALAÇÃO. AF_11/2019","M","16,50","16,91",null,16.5,16.91,"Sinapi 98268"]
["98269","CABO TELEFÔNICO CI-50 30 PARES INSTALADO EM ENTRADA DE EDIFICAÇÃO - FORNECIMENTO E INSTALAÇÃO. AF_11/2019","M","21,46","21,91",null,21.46,21.91,"Sinapi 98269"]
["98270","CABO TELEFÔNICO CI-50 50 PARES INSTALADO EM ENTRADA DE EDIFICAÇÃO - FORNECIMENTO E INSTALAÇÃO. AF_11/2019","M","35,33","35,83",null,35.33,35.83,"Sinapi 98270"]
["98271","CABO TELEFÔNICO CI-50 75 PARES INSTALADO EM ENTRADA DE EDIFICAÇÃO - FORNECIMENTO E INSTALAÇÃO. AF_11/2019","M","55,25","55,79",null,55.25,55.79,"Sinapi 98271"]
["98272","CABO TELEFÔNICO CI-50 200 PARES INSTALADO EM ENTRADA DE EDIFICAÇÃO - FORNECIMENTO E INSTALAÇÃO. AF_11/2019","M","130,54","131,28",null,130.54,131.28,"Sinapi 98272"]
["98273","CABO TELEFÔNICO CCI-50 4 PARES, SEM BLINDAGEM, INSTALADO EM PRUMADA - FORNECIMENTO E INSTALAÇÃO. AF_11/2019","M","2,45","2,48",null,2.4500000000000002,2.48,"Sinapi 98273"]
["98274","CABO TELEFÔNICO CCI-50 5 PARES, SEM BLINDAGEM, INSTALADO EM PRUMADA - FORNECIMENTO E INSTALAÇÃO. AF_11/2019","M","3,26","3,29",null,3.26,3.29,"Sinapi 98274"]
["98275","CABO TELEFÔNICO CCI-50 6 PARES, SEM BLINDAGEM, INSTALADO EM PRUMADA - FORNECIMENTO E INSTALAÇÃO. AF_11/2019","M","3,72","3,76",null,3.72,3.76,"Sinapi 98275"]
["98276","CABO TELEFÔNICO CI-50 10 PARES INSTALADO EM PRUMADA - FORNECIMENTO E INSTALAÇÃO. AF_11/2019","M","7,70","7,82",null,7.7,7.82,"Sinapi 98276"]
["98277","CABO TELEFÔNICO CI-50 20 PARES INSTALADO EM PRUMADA - FORNECIMENTO E INSTALAÇÃO. AF_11/2019","M","14,30","14,47",null,14.3,14.47,"Sinapi 98277"]
["98278","CABO TELEFÔNICO CI-50 30 PARES INSTALADO EM PRUMADA - FORNECIMENTO E INSTALAÇÃO. AF_11/2019","M","19,26","19,47",null,19.260000000000002,19.47,"Sinapi 98278"]
["98279","CABO TELEFÔNICO CI-50 50 PARES INSTALADO EM PRUMADA - FORNECIMENTO E INSTALAÇÃO. AF_11/2019","M","33,13","33,39",null,33.130000000000003,33.39,"Sinapi 98279"]
["98280","CABO TELEFÔNICO CCI-50 1 PAR, SEM BLINDAGEM, INSTALADO EM DISTRIBUIÇÃO DE EDIFICAÇÃO RESIDENCIAL - FORNECIMENTO E INSTALAÇÃO. AF_11/2019","M","5,69","6,23",null,5.69,6.23,"Sinapi 98280"]
["98281","CABO TELEFÔNICO CCI-50 2 PARES, SEM BLINDAGEM, INSTALADO EM DISTRIBUIÇÃO DE EDIFICAÇÃO RESIDENCIAL - FORNECIMENTO E INSTALAÇÃO. AF_11/2019","M","6,24","6,80",null,6.24,6.8,"Sinapi 98281"]
["98282","CABO TELEFÔNICO CCI-50 3 PARES, SEM BLINDAGEM, INSTALADO EM DISTRIBUIÇÃO DE EDIFICAÇÃO RESIDENCIAL - FORNECIMENTO E INSTALAÇÃO. AF_11/2019","M","6,93","7,51",null,6.93,7.51,"Sinapi 98282"]
["98283","CABO TELEFÔNICO CCI-50 4 PARES, SEM BLINDAGEM, INSTALADO EM DISTRIBUIÇÃO DE EDIFICAÇÃO RESIDENCIAL - FORNECIMENTO E INSTALAÇÃO. AF_11/2019","M","7,47","8,05",null,7.47,8.0500000000000007,"Sinapi 98283"]
["98284","CABO TELEFÔNICO CCI-50 5 PARES, SEM BLINDAGEM, INSTALADO EM DISTRIBUIÇÃO DE EDIFICAÇÃO RESIDENCIAL - FORNECIMENTO E INSTALAÇÃO. AF_11/2019","M","8,28","8,86",null,8.2799999999999994,8.86,"Sinapi 98284"]
["98285","CABO TELEFÔNICO CCI-50 6 PARES, SEM BLINDAGEM, INSTALADO EM DISTRIBUIÇÃO DE EDIFICAÇÃO RESIDENCIAL - FORNECIMENTO E INSTALAÇÃO. AF_11/2019","M","8,74","9,33",null,8.74,9.33,"Sinapi 98285"]
["98286","CABO TELEFÔNICO CI-50 10 PARES INSTALADO EM DISTRIBUIÇÃO DE EDIFICAÇÃO RESIDENCIAL - FORNECIMENTO E INSTALAÇÃO. AF_11/2019","M","12,73","13,40",null,12.73,13.4,"Sinapi 98286"]
["98287","CABO TELEFÔNICO CCI-50 1 PAR, SEM BLINDAGEM, INSTALADO EM DISTRIBUIÇÃO DE EDIFICAÇÃO INSTITUCIONAL - FORNECIMENTO E INSTALAÇÃO. AF_11/2019","M","1,16","1,22",null,1.1599999999999999,1.22,"Sinapi 98287"]
["98288","CABO TELEFÔNICO CCI-50 2 PARES, SEM BLINDAGEM, INSTALADO EM DISTRIBUIÇÃO DE EDIFICAÇÃO INSTITUCIONAL - FORNECIMENTO E INSTALAÇÃO. AF_11/2019","M","1,72","1,80",null,1.72,1.8,"Sinapi 98288"]
["98289","CABO TELEFÔNICO CCI-50 3 PARES, SEM BLINDAGEM, INSTALADO EM DISTRIBUIÇÃO DE EDIFICAÇÃO INSTITUCIONAL - FORNECIMENTO E INSTALAÇÃO. AF_11/2019","M","2,42","2,49",null,2.42,2.4900000000000002,"Sinapi 98289"]
["98290","CABO TELEFÔNICO CCI-50 4 PARES, SEM BLINDAGEM, INSTALADO EM DISTRIBUIÇÃO DE EDIFICAÇÃO INSTITUCIONAL - FORNECIMENTO E INSTALAÇÃO. AF_11/2019","M","2,95","3,04",null,2.95,3.04,"Sinapi 98290"]
["98291","CABO TELEFÔNICO CCI-50 5 PARES, SEM BLINDAGEM, INSTALADO EM DISTRIBUIÇÃO DE EDIFICAÇÃO INSTITUCIONAL - FORNECIMENTO E INSTALAÇÃO. AF_11/2019","M","3,76","3,86",null,3.76,3.86,"Sinapi 98291"]
["98292","CABO TELEFÔNICO CCI-50 6 PARES, SEM BLINDAGEM, INSTALADO EM DISTRIBUIÇÃO DE EDIFICAÇÃO INSTITUCIONAL - FORNECIMENTO E INSTALAÇÃO. AF_11/2019","M","4,22","4,31",null,4.22,4.3099999999999996,"Sinapi 98292"]
["98293","CABO TELEFÔNICO CI-50 10 PARES INSTALADO EM DISTRIBUIÇÃO DE EDIFICAÇÃO INSTITUCIONAL - FORNECIMENTO E INSTALAÇÃO. AF_11/2019","M","8,20","8,39",null,8.1999999999999993,8.39,"Sinapi 98293"]
["98400","CABO TELEFÔNICO CTP-APL-50 10 PARES INSTALADO EM ENTRADA DE EDIFICAÇÃO - FORNECIMENTO E INSTALAÇÃO. AF_11/2019","M","11,85","12,21",null,11.85,12.21,"Sinapi 98400"]
["98401","CABO TELEFÔNICO CTP-APL-50 20 PARES INSTALADO EM ENTRADA DE EDIFICAÇÃO - FORNECIMENTO E INSTALAÇÃO. AF_11/2019","M","18,60","19,01",null,18.600000000000001,19.010000000000002,"Sinapi 98401"]
["98402","CABO TELEFÔNICO CTP-APL-50 30 PARES INSTALADO EM ENTRADA DE EDIFICAÇÃO - FORNECIMENTO E INSTALAÇÃO. AF_11/2019","M","24,26","24,71",null,24.26,24.71,"Sinapi 98402"]
["100556","CAIXA DE PASSAGEM PARA TELEFONE 15X15X10CM (SOBREPOR), FORNECIMENTO E INSTALACAO. AF_11/2019","UN","24,65","26,02",null,24.65,26.02,"Sinapi 100556"]
["100557","CAIXA DE PASSAGEM PARA TELEFONE 80X80X15CM (SOBREPOR) FORNECIMENTO E INSTALACAO. AF_11/2019","UN","262,64","266,74",null,262.64,266.74,"Sinapi 100557"]
["100559","CAIXA DE PASSAGEM PARA TELEFONE 150X150X15CM (SOBREPOR) FORNECIMENTO E INSTALACAO. AF_11/2019","UN","68,64","74,78",null,68.64,74.78,"Sinapi 100559"]
["100560","QUADRO DE DISTRIBUIÇÃO PARA TELEFONE N.2, 20X20X12CM EM CHAPA METALICA, DE EMBUTIR, SEM ACESSORIOS, PADRÃO TELEBRAS, FORNECIMENTO E INSTALAÇÃO. AF_11/2019","UN","66,90","70,45",null,66.900000000000006,70.45,"Sinapi 100560"]
["100561","QUADRO DE DISTRIBUICAO PARA TELEFONE N.3, 40X40X12CM EM CHAPA METALICA, DE EMBUTIR, SEM ACESSORIOS, PADRAO TELEBRAS, FORNECIMENTO E INSTALAÇÃO. AF_11/2019","UN","114,48","118,55",null,114.48,118.55,"Sinapi 100561"]
["100562","QUADRO DE DISTRIBUICAO PARA TELEFONE N.4, 60X60X12CM EM CHAPA METALICA, DE EMBUTIR, SEM ACESSORIOS, PADRAO TELEBRAS, FORNECIMENTO E INSTALAÇÃO. AF_11/2019","UN","172,32","176,94",null,172.32,176.94,"Sinapi 100562"]
["100563","QUADRO DE DISTRIBUIÇÃO PARA TELEFONE N.5, 80X80X12CM EM CHAPA METALICA, SEM ACESSORIOS, PADRAO TELEBRAS, FORNECIMENTO E INSTALAÇÃO. AF_11/2019","UN","244,37","249,62",null,244.37,249.62,"Sinapi 100563"]
["98397","PINTURA ANTICORROSIVA DE DUTO METÁLICO. AF_04/2018","M2","8,88","9,44",null,8.8800000000000008,9.44,"Sinapi 98397"]
["74003/1","INSTALACOES GAS CENTRAL P/ EDIFICIO RESIDENCIAL C/ 4 PAVTOS 16 UNID.  UMA CENTRAL POR BLOCO COM 16 PONTOS","UN","5.584,56","5.859,74",null,5584.56,5859.74,"Sinapi 74003/1"]
["85120","MANOMETRO 0 A 200 PSI (0 A 14 KGF/CM2), D = 50MM - FORNECIMENTO E COLOCACAO","UN","120,79","123,33",null,120.79,123.33,"Sinapi 85120"]
["83486","BOMBA CENTRIFUGA C/ MOTOR ELETRICO TRIFASICO 1CV","UN","1.226,53","1.257,97",null,1226.53,1257.97,"Sinapi 83486"]
["83643","BOMBA SUBMERSIVEL ELETRICA, TRIFASICA, POTÊNCIA 3,75 HP, DIAMETRO DO ROTOR 90 MM SEMIABERTO, BOCAL DE SAIDA DIAMETRO DE 2 POLEGADAS, HM/Q = 5 M / 61,2 M3/H A 25,5 M / 3,6 M3/H","UN","3.823,06","3.848,62",null,3823.06,3848.62,"Sinapi 83643"]
["83644","BOMBA RECALQUE D'AGUA TRIFASICA 10,0 HP","UN","5.214,00","5.240,59",null,5214,5240.59,"Sinapi 83644"]
["83645","BOMBA RECALQUE D'AGUA TRIFASICA 3,0 HP","UN","1.648,59","1.675,18",null,1648.59,1675.18,"Sinapi 83645"]
["83646","BOMBA RECALQUE D'AGUA DE ESTAGIOS TRIFASICA 2,0 HP","UN","1.915,72","1.942,31",null,1915.72,1942.31,"Sinapi 83646"]
["83647","BOMBA RECALQUE D'AGUA TRIFASICA 1,5HP","UN","1.248,83","1.275,42",null,{"$f":"IF(D3080=\"\",\"\",D3080+0)","v":1248.83},{"$f":"IF(E3080=\"\",\"\",E3080+0)","v":1275.42},{"$f":"IF(OR(G3080=\"\",H3080=\"\"),\"\",CONCATENATE(\"Sinapi \",A3080))","v":"Sinapi 83647"}]
["83648","BOMBA RECALQUE D'AGUA TRIFASICA 0,5 HP","UN","797,20","823,79",null,797.2,823.79,"Sinapi 83648"]
["83649","BOMBA RECALQUE D'AGUA PREDIO 6 A 10 PAVTOS - 2UD","UN","4.849,31","4.966,80",null,4849.3100000000004,4966.8,"Sinapi 83649"]
["83650","BOMBA RECALQUE D'AGUA PREDIO 3 A 5 PAVTOS - 2UD","UN","4.049,79","4.167,28",null,4049.79,4167.28,"Sinapi 83650"]
["98294","CABO ELETRÔNICO CATEGORIA 5E, INSTALADO EM EDIFICAÇÃO RESIDENCIAL - FORNECIMENTO E INSTALAÇÃO. AF_11/2019","M","1,77","1,83",null,1.77,1.83,"Sinapi 98294"]
["98295","CABO ELETRÔNICO CATEGORIA 5E, INSTALADO EM EDIFICAÇÃO INSTITUCIONAL - FORNECIMENTO E INSTALAÇÃO. AF_11/2019","M","1,25","1,26",null,1.25,1.26,"Sinapi 98295"]
["98296","CABO ELETRÔNICO CATEGORIA 6, INSTALADO EM EDIFICAÇÃO RESIDENCIAL - FORNECIMENTO E INSTALAÇÃO. AF_11/2019","M","2,72","2,83",null,2.72,2.83,"Sinapi 98296"]
["98297","CABO ELETRÔNICO CATEGORIA 6, INSTALADO EM EDIFICAÇÃO INSTITUCIONAL - FORNECIMENTO E INSTALAÇÃO. AF_11/2019","M","1,91","1,92",null,1.91,1.92,"Sinapi 98297"]
["98301","PATCH PANEL 24 PORTAS, CATEGORIA 5E - FORNECIMENTO E INSTALAÇÃO. AF_11/2019","UN","405,13","429,69",null,405.13,429.69,"Sinapi 98301"]
["98302","PATCH PANEL 24 PORTAS, CATEGORIA 6 - FORNECIMENTO E INSTALAÇÃO. AF_11/2019","UN","538,12","562,68",null,538.12,562.67999999999995,"Sinapi 98302"]
["98304","PATCH PANEL 48 PORTAS, CATEGORIA 6 - FORNECIMENTO E INSTALAÇÃO. AF_11/2019","UN","870,17","918,96",null,870.17,918.96,"Sinapi 98304"]
["98307","TOMADA DE REDE RJ45 - FORNECIMENTO E INSTALAÇÃO. AF_11/2019","UN","40,57","41,38",null,40.57,41.38,"Sinapi 98307"]
["98308","TOMADA PARA TELEFONE RJ11 - FORNECIMENTO E INSTALAÇÃO. AF_11/2019","UN","26,24","27,05",null,26.24,27.05,"Sinapi 98308"]
["98593","PATCH PANEL 48 PORTAS, CATEGORIA 5E - FORNECIMENTO E INSTALAÇÃO. AF_11/2019","UN","711,33","760,12",null,711.33,760.12,"Sinapi 98593"]
["89355","TUBO, PVC, SOLDÁVEL, DN 20MM, INSTALADO EM RAMAL OU SUB-RAMAL DE ÁGUA - FORNECIMENTO E INSTALAÇÃO. AF_12/2014","M","13,73","14,98",null,13.73,14.98,"Sinapi 89355"]
["89356","TUBO, PVC, SOLDÁVEL, DN 25MM, INSTALADO EM RAMAL OU SUB-RAMAL DE ÁGUA - FORNECIMENTO E INSTALAÇÃO. AF_12/2014","M","16,17","17,62",null,16.170000000000002,17.62,"Sinapi 89356"]
["89357","TUBO, PVC, SOLDÁVEL, DN 32MM, INSTALADO EM RAMAL OU SUB-RAMAL DE ÁGUA - FORNECIMENTO E INSTALAÇÃO. AF_12/2014","M","22,36","24,09",null,22.36,24.09,"Sinapi 89357"]
["89401","TUBO, PVC, SOLDÁVEL, DN 20MM, INSTALADO EM RAMAL DE DISTRIBUIÇÃO DE ÁGUA - FORNECIMENTO E INSTALAÇÃO. AF_12/2014","M","5,75","6,13",null,5.75,6.13,"Sinapi 89401"]
["89402","TUBO, PVC, SOLDÁVEL, DN 25MM, INSTALADO EM RAMAL DE DISTRIBUIÇÃO DE ÁGUA - FORNECIMENTO E INSTALAÇÃO. AF_12/2014","M","6,96","7,40",null,6.96,7.4,"Sinapi 89402"]
["89403","TUBO, PVC, SOLDÁVEL, DN 32MM, INSTALADO EM RAMAL DE DISTRIBUIÇÃO DE ÁGUA - FORNECIMENTO E INSTALAÇÃO. AF_12/2014","M","11,35","11,87",null,11.35,11.87,"Sinapi 89403"]
["89446","TUBO, PVC, SOLDÁVEL, DN 25MM, INSTALADO EM PRUMADA DE ÁGUA - FORNECIMENTO E INSTALAÇÃO. AF_12/2014","M","3,46","3,53",null,3.46,3.53,"Sinapi 89446"]
["89447","TUBO, PVC, SOLDÁVEL, DN 32MM, INSTALADO EM PRUMADA DE ÁGUA - FORNECIMENTO E INSTALAÇÃO. AF_12/2014","M","7,24","7,32",null,7.24,7.32,"Sinapi 89447"]
["89448","TUBO, PVC, SOLDÁVEL, DN 40MM, INSTALADO EM PRUMADA DE ÁGUA - FORNECIMENTO E INSTALAÇÃO. AF_12/2014","M","10,38","10,48",null,10.38,10.48,"Sinapi 89448"]
["89449","TUBO, PVC, SOLDÁVEL, DN 50MM, INSTALADO EM PRUMADA DE ÁGUA - FORNECIMENTO E INSTALAÇÃO. AF_12/2014","M","11,95","12,06",null,11.95,12.06,"Sinapi 89449"]
["89450","TUBO, PVC, SOLDÁVEL, DN 60MM, INSTALADO EM PRUMADA DE ÁGUA - FORNECIMENTO E INSTALAÇÃO. AF_12/2014","M","19,63","19,76",null,19.63,19.760000000000002,"Sinapi 89450"]
["89451","TUBO, PVC, SOLDÁVEL, DN 75MM, INSTALADO EM PRUMADA DE ÁGUA - FORNECIMENTO E INSTALAÇÃO. AF_12/2014","M","32,37","32,53",null,32.369999999999997,32.53,"Sinapi 89451"]
["89452","TUBO, PVC, SOLDÁVEL, DN 85MM, INSTALADO EM PRUMADA DE ÁGUA - FORNECIMENTO E INSTALAÇÃO. AF_12/2014","M","40,25","40,42",null,40.25,40.42,"Sinapi 89452"]
["89508","TUBO PVC, SÉRIE R, ÁGUA PLUVIAL, DN 40 MM, FORNECIDO E INSTALADO EM RAMAL DE ENCAMINHAMENTO. AF_12/2014","M","14,21","14,86",null,14.21,14.86,"Sinapi 89508"]
["89509","TUBO PVC, SÉRIE R, ÁGUA PLUVIAL, DN 50 MM, FORNECIDO E INSTALADO EM RAMAL DE ENCAMINHAMENTO. AF_12/2014","M","19,52","20,35",null,19.52,20.350000000000001,"Sinapi 89509"]
["89511","TUBO PVC, SÉRIE R, ÁGUA PLUVIAL, DN 75 MM, FORNECIDO E INSTALADO EM RAMAL DE ENCAMINHAMENTO. AF_12/2014","M","29,19","30,46",null,29.19,30.46,"Sinapi 89511"]
["89512","TUBO PVC, SÉRIE R, ÁGUA PLUVIAL, DN 100 MM, FORNECIDO E INSTALADO EM RAMAL DE ENCAMINHAMENTO. AF_12/2014","M","45,72","47,46",null,45.72,47.46,"Sinapi 89512"]
["89576","TUBO PVC, SÉRIE R, ÁGUA PLUVIAL, DN 75 MM, FORNECIDO E INSTALADO EM CONDUTORES VERTICAIS DE ÁGUAS PLUVIAIS. AF_12/2014","M","16,53","16,80",null,16.53,16.8,"Sinapi 89576"]
["89578","TUBO PVC, SÉRIE R, ÁGUA PLUVIAL, DN 100 MM, FORNECIDO E INSTALADO EM CONDUTORES VERTICAIS DE ÁGUAS PLUVIAIS. AF_12/2014","M","28,40","28,84",null,28.4,28.84,"Sinapi 89578"]
["89580","TUBO PVC, SÉRIE R, ÁGUA PLUVIAL, DN 150 MM, FORNECIDO E INSTALADO EM CONDUTORES VERTICAIS DE ÁGUAS PLUVIAIS. AF_12/2014","M","55,68","56,39",null,55.68,56.39,"Sinapi 89580"]
["89633","TUBO, CPVC, SOLDÁVEL, DN 15MM, INSTALADO EM RAMAL OU SUB-RAMAL DE ÁGUA - FORNECIMENTO E INSTALAÇÃO. AF_12/2014","M","14,89","15,94",null,14.89,15.94,"Sinapi 89633"]
["89634","TUBO, CPVC, SOLDÁVEL, DN 22MM, INSTALADO EM RAMAL OU SUB-RAMAL DE ÁGUA - FORNECIMENTO E INSTALAÇÃO. AF_12/2014","M","21,58","22,92",null,21.58,22.92,"Sinapi 89634"]
["89635","TUBO, CPVC, SOLDÁVEL, DN 28MM, INSTALADO EM RAMAL OU SUB-RAMAL DE ÁGUA - FORNECIMENTO E INSTALAÇÃO. AF_12/2014","M","29,55","31,12",null,29.55,31.12,"Sinapi 89635"]
["89636","TUBO, CPVC, SOLDÁVEL, DN 35MM, INSTALADO EM RAMAL OU SUB-RAMAL DE ÁGUA \u0096 FORNECIMENTO E INSTALAÇÃO. AF_12/2014","M","35,72","37,57",null,35.72,37.57,"Sinapi 89636"]
["89711","TUBO PVC, SERIE NORMAL, ESGOTO PREDIAL, DN 40 MM, FORNECIDO E INSTALADO EM RAMAL DE DESCARGA OU RAMAL DE ESGOTO SANITÁRIO. AF_12/2014","M","14,29","15,46",null,14.29,15.46,"Sinapi 89711"]
["89712","TUBO PVC, SERIE NORMAL, ESGOTO PREDIAL, DN 50 MM, FORNECIDO E INSTALADO EM RAMAL DE DESCARGA OU RAMAL DE ESGOTO SANITÁRIO. AF_12/2014","M","21,03","22,52",null,21.03,22.52,"Sinapi 89712"]
["89713","TUBO PVC, SERIE NORMAL, ESGOTO PREDIAL, DN 75 MM, FORNECIDO E INSTALADO EM RAMAL DE DESCARGA OU RAMAL DE ESGOTO SANITÁRIO. AF_12/2014","M","32,06","34,26",null,32.06,34.26,"Sinapi 89713"]
["89714","TUBO PVC, SERIE NORMAL, ESGOTO PREDIAL, DN 100 MM, FORNECIDO E INSTALADO EM RAMAL DE DESCARGA OU RAMAL DE ESGOTO SANITÁRIO. AF_12/2014","M","41,36","44,27",null,41.36,44.27,"Sinapi 89714"]
["89716","TUBO, CPVC, SOLDÁVEL, DN 22MM, INSTALADO EM RAMAL DE DISTRIBUIÇÃO DE ÁGUA - FORNECIMENTO E INSTALAÇÃO. AF_12/2014","M","13,22","13,63",null,13.22,13.63,"Sinapi 89716"]
["89717","TUBO, CPVC, SOLDÁVEL, DN 28MM, INSTALADO EM RAMAL DE DISTRIBUIÇÃO DE ÁGUA - FORNECIMENTO E INSTALAÇÃO. AF_12/2014","M","19,70","20,18",null,19.7,20.18,"Sinapi 89717"]
["89770","TUBO, CPVC, SOLDÁVEL, DN 35MM, INSTALADO EM PRUMADA DE ÁGUA \u0096 FORNECIMENTO E INSTALAÇÃO. AF_12/2014","M","19,79","19,88",null,19.79,19.88,"Sinapi 89770"]
["89771","TUBO, CPVC, SOLDÁVEL, DN 42MM, INSTALADO EM PRUMADA DE ÁGUA \u0096 FORNECIMENTO E INSTALAÇÃO. AF_12/2014","M","27,00","27,10",null,27,27.1,"Sinapi 89771"]
["89773","TUBO, CPVC, SOLDÁVEL, DN 73MM, INSTALADO EM PRUMADA DE ÁGUA \u0096 FORNECIMENTO E INSTALAÇÃO. AF_12/2014","M","62,61","62,77",null,62.61,62.77,"Sinapi 89773"]
["89775","TUBO, CPVC, SOLDÁVEL, DN 89MM, INSTALADO EM PRUMADA DE ÁGUA \u0096 FORNECIMENTO E INSTALAÇÃO. AF_12/2014","M","98,68","98,87",null,98.68,98.87,"Sinapi 89775"]
["89798","TUBO PVC, SERIE NORMAL, ESGOTO PREDIAL, DN 50 MM, FORNECIDO E INSTALADO EM PRUMADA DE ESGOTO SANITÁRIO OU VENTILAÇÃO. AF_12/2014","M","8,18","8,37",null,8.18,8.3699999999999992,"Sinapi 89798"]
["89799","TUBO PVC, SERIE NORMAL, ESGOTO PREDIAL, DN 75 MM, FORNECIDO E INSTALADO EM PRUMADA DE ESGOTO SANITÁRIO OU VENTILAÇÃO. AF_12/2014","M","13,63","14,07",null,13.63,14.07,"Sinapi 89799"]
["89800","TUBO PVC, SERIE NORMAL, ESGOTO PREDIAL, DN 100 MM, FORNECIDO E INSTALADO EM PRUMADA DE ESGOTO SANITÁRIO OU VENTILAÇÃO. AF_12/2014","M","17,08","17,71",null,17.079999999999998,17.71,"Sinapi 89800"]
["89848","TUBO PVC, SERIE NORMAL, ESGOTO PREDIAL, DN 100 MM, FORNECIDO E INSTALADO EM SUBCOLETOR AÉREO DE ESGOTO SANITÁRIO. AF_12/2014","M","21,33","22,39",null,21.33,22.39,"Sinapi 89848"]
["89849","TUBO PVC, SERIE NORMAL, ESGOTO PREDIAL, DN 150 MM, FORNECIDO E INSTALADO EM SUBCOLETOR AÉREO DE ESGOTO SANITÁRIO. AF_12/2014","M","40,59","42,04",null,40.590000000000003,42.04,"Sinapi 89849"]
["89865","TUBO, PVC, SOLDÁVEL, DN 25MM, INSTALADO EM DRENO DE AR-CONDICIONADO - FORNECIMENTO E INSTALAÇÃO. AF_12/2014","M","9,70","10,44",null,9.6999999999999993,10.44,"Sinapi 89865"]
["91784","(COMPOSIÇÃO REPRESENTATIVA) DO SERVIÇO DE INSTALAÇÃO DE TUBOS DE PVC, SOLDÁVEL, ÁGUA FRIA, DN 20 MM (INSTALADO EM RAMAL, SUB-RAMAL OU RAMAL DE DISTRIBUIÇÃO), INCLUSIVE CONEXÕES, CORTES E FIXAÇÕES, PARA PRÉDIOS. AF_10/2015","M","32,61","35,41",null,32.61,35.409999999999997,"Sinapi 91784"]
["91785","(COMPOSIÇÃO REPRESENTATIVA) DO SERVIÇO DE INSTALAÇÃO DE TUBOS DE PVC, SOLDÁVEL, ÁGUA FRIA, DN 25 MM (INSTALADO EM RAMAL, SUB-RAMAL, RAMAL DE DISTRIBUIÇÃO OU PRUMADA), INCLUSIVE CONEXÕES, CORTES E FIXAÇÕES, PARA PRÉDIOS. AF_10/2015","M","32,21","34,94",null,32.21,34.94,"Sinapi 91785"]
["91786","(COMPOSIÇÃO REPRESENTATIVA) DO SERVIÇO DE INSTALAÇÃO TUBOS DE PVC, SOLDÁVEL, ÁGUA FRIA, DN 32 MM (INSTALADO EM RAMAL, SUB-RAMAL, RAMAL DE DISTRIBUIÇÃO OU PRUMADA), INCLUSIVE CONEXÕES, CORTES E FIXAÇÕES, PARA PRÉDIOS. AF_10/2015","M","21,01","22,08",null,21.01,22.08,"Sinapi 91786"]
["91787","(COMPOSIÇÃO REPRESENTATIVA) DO SERVIÇO DE INSTALAÇÃO DE TUBOS DE PVC, SOLDÁVEL, ÁGUA FRIA, DN 40 MM (INSTALADO EM PRUMADA), INCLUSIVE CONEXÕES, CORTES E FIXAÇÕES, PARA PRÉDIOS. AF_10/2015","M","22,70","23,16",null,22.7,23.16,"Sinapi 91787"]
["91788","(COMPOSIÇÃO REPRESENTATIVA) DO SERVIÇO DE INSTALAÇÃO DE TUBOS DE PVC, SOLDÁVEL, ÁGUA FRIA, DN 50 MM (INSTALADO EM PRUMADA), INCLUSIVE CONEXÕES, CORTES E FIXAÇÕES, PARA PRÉDIOS. AF_10/2015","M","29,28","30,11",null,29.28,30.11,"Sinapi 91788"]
["91789","(COMPOSIÇÃO REPRESENTATIVA) DO SERVIÇO DE INSTALAÇÃO DE TUBOS DE PVC, SÉRIE R, ÁGUA PLUVIAL, DN 75 MM (INSTALADO EM RAMAL DE ENCAMINHAMENTO, OU CONDUTORES VERTICAIS), INCLUSIVE CONEXÕES, CORTE E FIXAÇÕES, PARA PRÉDIOS. AF_10/2015","M","30,24","30,95",null,30.24,30.95,"Sinapi 91789"]
["91790","(COMPOSIÇÃO REPRESENTATIVA) DO SERVIÇO DE INSTALAÇÃO DE TUBOS DE PVC, SÉRIE R, ÁGUA PLUVIAL, DN 100 MM (INSTALADO EM RAMAL DE ENCAMINHAMENTO, OU CONDUTORES VERTICAIS), INCLUSIVE CONEXÕES, CORTES E FIXAÇÕES, PARA PRÉDIOS. AF_10/2015","M","46,38","47,78",null,46.38,47.78,"Sinapi 91790"]
["91791","(COMPOSIÇÃO REPRESENTATIVA) DO SERVIÇO DE INSTALAÇÃO DE TUBOS DE PVC, SÉRIE R, ÁGUA PLUVIAL, DN 150 MM (INSTALADO EM CONDUTORES VERTICAIS), INCLUSIVE CONEXÕES, CORTES E FIXAÇÕES, PARA PRÉDIOS. AF_10/2015","M","59,36","60,12",null,59.36,60.12,"Sinapi 91791"]
["91792","(COMPOSIÇÃO REPRESENTATIVA) DO SERVIÇO DE INSTALAÇÃO DE TUBO DE PVC, SÉRIE NORMAL, ESGOTO PREDIAL, DN 40 MM (INSTALADO EM RAMAL DE DESCARGA OU RAMAL DE ESGOTO SANITÁRIO), INCLUSIVE CONEXÕES, CORTES E FIXAÇÕES, PARA PRÉDIOS. AF_10/2015","M","42,63","46,15",null,42.63,46.15,"Sinapi 91792"]
["91793","(COMPOSIÇÃO REPRESENTATIVA) DO SERVIÇO DE INSTALAÇÃO DE TUBO DE PVC, SÉRIE NORMAL, ESGOTO PREDIAL, DN 50 MM (INSTALADO EM RAMAL DE DESCARGA OU RAMAL DE ESGOTO SANITÁRIO), INCLUSIVE CONEXÕES, CORTES E FIXAÇÕES PARA, PRÉDIOS. AF_10/2015","M","62,76","67,12",null,62.76,67.12,"Sinapi 91793"]
["91794","(COMPOSIÇÃO REPRESENTATIVA) DO SERVIÇO DE INST. TUBO PVC, SÉRIE N, ESGOTO PREDIAL, DN 75 MM, (INST. EM RAMAL DE DESCARGA, RAMAL DE ESG. SANITÁRIO, PRUMADA DE ESG. SANITÁRIO OU VENTILAÇÃO), INCL. CONEXÕES, CORTES E FIXAÇÕES, P/ PRÉDIOS. AF_10/2015","M","28,28","29,61",null,{"$f":"IF(D3144=\"\",\"\",D3144+0)","v":28.28},{"$f":"IF(E3144=\"\",\"\",E3144+0)","v":29.61},{"$f":"IF(OR(G3144=\"\",H3144=\"\"),\"\",CONCATENATE(\"Sinapi \",A3144))","v":"Sinapi 91794"}]
["91795","(COMPOSIÇÃO REPRESENTATIVA) DO SERVIÇO DE INST. TUBO PVC, SÉRIE N, ESGOTO PREDIAL, 100 MM (INST. RAMAL DESCARGA, RAMAL DE ESG. SANIT., PRUMADA ESG. SANIT., VENTILAÇÃO OU SUB-COLETOR AÉREO), INCL. CONEXÕES E CORTES, FIXAÇÕES, P/ PRÉDIOS. AF_10/2015","M","48,17","50,75",null,48.17,50.75,"Sinapi 91795"]
["91796","(COMPOSIÇÃO REPRESENTATIVA) DO SERVIÇO DE INSTALAÇÃO DE TUBO DE PVC, SÉRIE NORMAL, ESGOTO PREDIAL, DN 150 MM (INSTALADO EM SUB-COLETOR AÉREO), INCLUSIVE CONEXÕES, CORTES E FIXAÇÕES, PARA PRÉDIOS. AF_10/2015","M","51,00","53,28",null,51,53.28,"Sinapi 91796"]
["92275","TUBO EM COBRE RÍGIDO, DN 22 MM, CLASSE E, SEM ISOLAMENTO, INSTALADO EM PRUMADA \u0096 FORNECIMENTO E INSTALAÇÃO. AF_12/2015","M","32,87","33,04",null,32.869999999999997,33.04,"Sinapi 92275"]
["92276","TUBO EM COBRE RÍGIDO, DN 28 MM, CLASSE E, SEM ISOLAMENTO, INSTALADO EM PRUMADA \u0096 FORNECIMENTO E INSTALAÇÃO. AF_12/2015","M","41,57","41,79",null,41.57,41.79,"Sinapi 92276"]
["92277","TUBO EM COBRE RÍGIDO, DN 35 MM, CLASSE E, SEM ISOLAMENTO, INSTALADO EM PRUMADA \u0096 FORNECIMENTO E INSTALAÇÃO. AF_12/2015","M","59,84","60,10",null,59.84,60.1,"Sinapi 92277"]
["92278","TUBO EM COBRE RÍGIDO, DN 42 MM, CLASSE E, SEM ISOLAMENTO, INSTALADO EM PRUMADA \u0096 FORNECIMENTO E INSTALAÇÃO. AF_12/2015","M","80,36","80,65",null,80.36,80.650000000000006,"Sinapi 92278"]
["92279","TUBO EM COBRE RÍGIDO, DN 54 MM, CLASSE E, SEM ISOLAMENTO, INSTALADO EM PRUMADA \u0096 FORNECIMENTO E INSTALAÇÃO. AF_12/2015","M","115,97","116,33",null,115.97,116.33,"Sinapi 92279"]
["92280","TUBO EM COBRE RÍGIDO, DN 66 MM, CLASSE E, SEM ISOLAMENTO, INSTALADO EM PRUMADA \u0096 FORNECIMENTO E INSTALAÇÃO. AF_12/2015","M","162,62","163,06",null,162.62,163.06,"Sinapi 92280"]
["92281","TUBO EM COBRE RÍGIDO, DN 22 MM, CLASSE E, COM ISOLAMENTO, INSTALADO EM PRUMADA \u0096 FORNECIMENTO E INSTALAÇÃO. AF_12/2015","M","93,47","93,74",null,93.47,93.74,"Sinapi 92281"]
["92282","TUBO EM COBRE RÍGIDO, DN 28 MM, CLASSE E, COM ISOLAMENTO, INSTALADO EM PRUMADA \u0096 FORNECIMENTO E INSTALAÇÃO. AF_12/2015","M","104,62","104,92",null,104.62,104.92,"Sinapi 92282"]
["92283","TUBO EM COBRE RÍGIDO, DN 35 MM, CLASSE E, COM ISOLAMENTO, INSTALADO EM PRUMADA \u0096 FORNECIMENTO E INSTALAÇÃO. AF_12/2015","M","139,54","139,88",null,139.54,139.88,"Sinapi 92283"]
["92284","TUBO EM COBRE RÍGIDO, DN 42 MM, CLASSE E, COM ISOLAMENTO, INSTALADO EM PRUMADA \u0096 FORNECIMENTO E INSTALAÇÃO. AF_12/2015","M","171,24","171,62",null,171.24,171.62,"Sinapi 92284"]
["92285","TUBO EM COBRE RÍGIDO, DN 54 MM, CLASSE E, COM ISOLAMENTO, INSTALADO EM PRUMADA \u0096 FORNECIMENTO E INSTALAÇÃO. AF_12/2015","M","224,53","224,99",null,224.53,224.99,"Sinapi 92285"]
["92286","TUBO EM COBRE RÍGIDO, DN 66 MM, CLASSE E, COM ISOLAMENTO, INSTALADO EM PRUMADA \u0096 FORNECIMENTO E INSTALAÇÃO. AF_12/2015","M","272,71","273,23",null,272.70999999999998,273.23,"Sinapi 92286"]
["92305","TUBO EM COBRE RÍGIDO, DN 15 MM, CLASSE E, SEM ISOLAMENTO, INSTALADO EM RAMAL DE DISTRIBUIÇÃO \u0096 FORNECIMENTO E INSTALAÇÃO. AF_12/2015","M","22,56","23,05",null,22.56,23.05,"Sinapi 92305"]
["92306","TUBO EM COBRE RÍGIDO, DN 22 MM, CLASSE E, SEM ISOLAMENTO, INSTALADO EM RAMAL DE DISTRIBUIÇÃO \u0096 FORNECIMENTO E INSTALAÇÃO. AF_12/2015","M","36,30","36,87",null,36.299999999999997,36.869999999999997,"Sinapi 92306"]
["92307","TUBO EM COBRE RÍGIDO, DN 28 MM, CLASSE E, SEM ISOLAMENTO, INSTALADO EM RAMAL DE DISTRIBUIÇÃO \u0096 FORNECIMENTO E INSTALAÇÃO. AF_12/2015","M","45,25","45,88",null,45.25,45.88,"Sinapi 92307"]
["92308","TUBO EM COBRE RÍGIDO, DN 15 MM, CLASSE E, COM ISOLAMENTO, INSTALADO EM RAMAL DE DISTRIBUIÇÃO \u0096 FORNECIMENTO E INSTALAÇÃO. AF_12/2015","M","37,16","37,91",null,37.159999999999997,37.909999999999997,"Sinapi 92308"]
["92309","TUBO EM COBRE RÍGIDO, DN 22 MM, CLASSE E, COM ISOLAMENTO, INSTALADO EM RAMAL DE DISTRIBUIÇÃO \u0096 FORNECIMENTO E INSTALAÇÃO. AF_12/2015","M","98,64","99,49",null,98.64,99.49,"Sinapi 92309"]
["92310","TUBO EM COBRE RÍGIDO, DN 28 MM, CLASSE E, COM ISOLAMENTO, INSTALADO EM RAMAL DE DISTRIBUIÇÃO \u0096 FORNECIMENTO E INSTALAÇÃO. AF_12/2015","M","110,07","110,98",null,110.07,110.98,"Sinapi 92310"]
["92320","TUBO EM COBRE RÍGIDO, DN 15 MM, CLASSE E, SEM ISOLAMENTO, INSTALADO EM RAMAL E SUB-RAMAL \u0096 FORNECIMENTO E INSTALAÇÃO. AF_12/2015","M","30,10","31,42",null,30.1,31.42,"Sinapi 92320"]
["92321","TUBO EM COBRE RÍGIDO, DN 22 MM, CLASSE E, SEM ISOLAMENTO, INSTALADO EM RAMAL E SUB-RAMAL \u0096 FORNECIMENTO E INSTALAÇÃO. AF_12/2015","M","49,25","51,26",null,49.25,51.26,"Sinapi 92321"]
["92322","TUBO EM COBRE RÍGIDO, DN 28 MM, CLASSE E, SEM ISOLAMENTO, INSTALADO EM RAMAL E SUB-RAMAL \u0096 FORNECIMENTO E INSTALAÇÃO. AF_12/2015","M","62,92","65,51",null,62.92,65.510000000000005,"Sinapi 92322"]
["92323","TUBO EM COBRE RÍGIDO, DN 15 MM, CLASSE E, COM ISOLAMENTO, INSTALADO EM RAMAL E SUB-RAMAL \u0096 FORNECIMENTO E INSTALAÇÃO. AF_12/2015","M","42,88","44,29",null,42.88,44.29,"Sinapi 92323"]
["92324","TUBO EM COBRE RÍGIDO, DN 22 MM, CLASSE E, COM ISOLAMENTO, INSTALADO EM RAMAL E SUB-RAMAL \u0096 FORNECIMENTO E INSTALAÇÃO. AF_12/2015","M","109,79","111,88",null,109.79,111.88,"Sinapi 92324"]
["92325","TUBO EM COBRE RÍGIDO, DN 28 MM, CLASSE E, COM ISOLAMENTO, INSTALADO EM RAMAL E SUB-RAMAL \u0096 FORNECIMENTO E INSTALAÇÃO. AF_12/2015","M","125,89","128,56",null,125.89,128.56,"Sinapi 92325"]
["92335","TUBO DE AÇO GALVANIZADO COM COSTURA, CLASSE MÉDIA, CONEXÃO RANHURADA, DN 50 (2\"), INSTALADO EM PRUMADAS - FORNECIMENTO E INSTALAÇÃO. AF_12/2015","M","59,43","60,47",null,59.43,60.47,"Sinapi 92335"]
["92336","TUBO DE AÇO GALVANIZADO COM COSTURA, CLASSE MÉDIA, CONEXÃO RANHURADA, DN 65 (2 1/2\"), INSTALADO EM PRUMADAS - FORNECIMENTO E INSTALAÇÃO. AF_12/2015","M","72,96","74,17",null,72.959999999999994,74.17,"Sinapi 92336"]
["92337","TUBO DE AÇO GALVANIZADO COM COSTURA, CLASSE MÉDIA, CONEXÃO RANHURADA, DN 80 (3\"), INSTALADO EM PRUMADAS - FORNECIMENTO E INSTALAÇÃO. AF_12/2015","M","95,85","97,21",null,95.85,97.21,"Sinapi 92337"]
["92338","TUBO DE AÇO PRETO SEM COSTURA, CONEXÃO SOLDADA, DN 50 (2\"), INSTALADO EM PRUMADAS - FORNECIMENTO E INSTALAÇÃO. AF_12/2015","M","75,74","78,10",null,75.739999999999995,78.099999999999994,"Sinapi 92338"]
["92339","TUBO DE AÇO PRETO SEM COSTURA, CONEXÃO SOLDADA, DN 65 (2 1/2\"), INSTALADO EM PRUMADAS - FORNECIMENTO E INSTALAÇÃO. AF_12/2015","M","111,85","114,45",null,111.85,114.45,"Sinapi 92339"]
["92341","TUBO DE AÇO GALVANIZADO COM COSTURA, CLASSE MÉDIA, DN 50 (2\"), CONEXÃO ROSQUEADA, INSTALADO EM PRUMADAS - FORNECIMENTO E INSTALAÇÃO. AF_12/2015","M","66,97","68,85",null,66.97,68.849999999999994,"Sinapi 92341"]
["92342","TUBO DE AÇO GALVANIZADO COM COSTURA, CLASSE MÉDIA, DN 65 (2 1/2\"), CONEXÃO ROSQUEADA, INSTALADO EM PRUMADAS - FORNECIMENTO E INSTALAÇÃO. AF_12/2015","M","80,54","82,58",null,80.540000000000006,82.58,"Sinapi 92342"]
["92343","TUBO DE AÇO GALVANIZADO COM COSTURA, CLASSE MÉDIA, DN 80 (3\"), CONEXÃO ROSQUEADA, INSTALADO EM PRUMADAS - FORNECIMENTO E INSTALAÇÃO. AF_12/2015","M","103,49","105,71",null,103.49,105.71,"Sinapi 92343"]
["92361","TUBO DE AÇO PRETO SEM COSTURA, CONEXÃO SOLDADA, DN 50 (2\"), INSTALADO EM REDE DE ALIMENTAÇÃO PARA HIDRANTE - FORNECIMENTO E INSTALAÇÃO. AF_12/2015","M","60,11","60,73",null,60.11,60.73,"Sinapi 92361"]
["92362","TUBO DE AÇO PRETO SEM COSTURA, CONEXÃO SOLDADA, DN 65 (2 1/2\"), INSTALADO EM REDE DE ALIMENTAÇÃO PARA HIDRANTE - FORNECIMENTO E INSTALAÇÃO. AF_12/2015","M","95,59","96,40",null,95.59,96.4,"Sinapi 92362"]
["92364","TUBO DE AÇO GALVANIZADO COM COSTURA, CLASSE MÉDIA, DN 32 (1 1/4\"), CONEXÃO ROSQUEADA, INSTALADO EM REDE DE ALIMENTAÇÃO PARA HIDRANTE - FORNECIMENTO E INSTALAÇÃO. AF_12/2015","M","36,18","36,88",null,36.18,36.880000000000003,"Sinapi 92364"]
["92365","TUBO DE AÇO GALVANIZADO COM COSTURA, CLASSE MÉDIA, DN 40 (1 1/2\"), CONEXÃO ROSQUEADA, INSTALADO EM REDE DE ALIMENTAÇÃO PARA HIDRANTE - FORNECIMENTO E INSTALAÇÃO. AF_12/2015","M","41,58","42,34",null,41.58,42.34,"Sinapi 92365"]
["92366","TUBO DE AÇO GALVANIZADO COM COSTURA, CLASSE MÉDIA, DN 50 (2\"), CONEXÃO ROSQUEADA, INSTALADO EM REDE DE ALIMENTAÇÃO PARA HIDRANTE - FORNECIMENTO E INSTALAÇÃO. AF_12/2015","M","57,66","58,51",null,57.66,58.51,"Sinapi 92366"]
["92367","TUBO DE AÇO GALVANIZADO COM COSTURA, CLASSE MÉDIA, DN 65 (2 1/2\"), CONEXÃO ROSQUEADA, INSTALADO EM REDE DE ALIMENTAÇÃO PARA HIDRANTE - FORNECIMENTO E INSTALAÇÃO. AF_12/2015","M","70,81","71,77",null,70.81,71.77,"Sinapi 92367"]
["92368","TUBO DE AÇO GALVANIZADO COM COSTURA, CLASSE MÉDIA, DN 80 (3\"), CONEXÃO ROSQUEADA, INSTALADO EM REDE DE ALIMENTAÇÃO PARA HIDRANTE - FORNECIMENTO E INSTALAÇÃO. AF_12/2015","M","93,37","94,45",null,93.37,94.45,"Sinapi 92368"]
["92648","TUBO DE AÇO PRETO SEM COSTURA, CONEXÃO SOLDADA, DN 40 (1 1/2\"), INSTALADO EM REDE DE ALIMENTAÇÃO PARA SPRINKLER - FORNECIMENTO E INSTALAÇÃO. AF_12/2015","M","51,70","52,51",null,51.7,52.51,"Sinapi 92648"]
["92649","TUBO DE AÇO PRETO SEM COSTURA, CONEXÃO SOLDADA, DN 50 (2\"), INSTALADO EM REDE DE ALIMENTAÇÃO PARA SPRINKLER - FORNECIMENTO E INSTALAÇÃO. AF_12/2015","M","62,93","63,85",null,62.93,63.85,"Sinapi 92649"]
["92650","TUBO DE AÇO PRETO SEM COSTURA, CONEXÃO SOLDADA, DN 65 (2 1/2\"), INSTALADO EM REDE DE ALIMENTAÇÃO PARA SPRINKLER - FORNECIMENTO E INSTALAÇÃO. AF_12/2015","M","98,40","99,52",null,98.4,99.52,"Sinapi 92650"]
["92652","TUBO DE AÇO GALVANIZADO COM COSTURA, CLASSE MÉDIA, CONEXÃO ROSQUEADA, DN 32 (1 1/4\"), INSTALADO EM REDE DE ALIMENTAÇÃO PARA SPRINKLER - FORNECIMENTO E INSTALAÇÃO. AF_12/2015","M","39,62","40,69",null,39.619999999999997,40.69,"Sinapi 92652"]
["92653","TUBO DE AÇO GALVANIZADO COM COSTURA, CLASSE MÉDIA, CONEXÃO ROSQUEADA, DN 40 (1 1/2\"), INSTALADO EM REDE DE ALIMENTAÇÃO PARA SPRINKLER - FORNECIMENTO E INSTALAÇÃO. AF_12/2015","M","45,05","46,20",null,45.05,46.2,"Sinapi 92653"]
["92654","TUBO DE AÇO GALVANIZADO COM COSTURA, CLASSE MÉDIA, CONEXÃO ROSQUEADA, DN 50 (2\"), INSTALADO EM REDE DE ALIMENTAÇÃO PARA SPRINKLER - FORNECIMENTO E INSTALAÇÃO. AF_12/2015","M","61,13","62,36",null,61.13,62.36,"Sinapi 92654"]
["92655","TUBO DE AÇO GALVANIZADO COM COSTURA, CLASSE MÉDIA, CONEXÃO ROSQUEADA, DN 65 (2 1/2\"), INSTALADO EM REDE DE ALIMENTAÇÃO PARA SPRINKLER - FORNECIMENTO E INSTALAÇÃO. AF_12/2015","M","74,35","75,70",null,74.349999999999994,75.7,"Sinapi 92655"]
["92656","TUBO DE AÇO GALVANIZADO COM COSTURA, CLASSE MÉDIA, CONEXÃO ROSQUEADA, DN 80 (3\"), INSTALADO EM REDE DE ALIMENTAÇÃO PARA SPRINKLER - FORNECIMENTO E INSTALAÇÃO. AF_12/2015","M","96,91","98,38",null,96.91,98.38,"Sinapi 92656"]
["92687","TUBO DE AÇO GALVANIZADO COM COSTURA, CLASSE MÉDIA, CONEXÃO ROSQUEADA, DN 15 (1/2\"), INSTALADO EM RAMAIS E SUB-RAMAIS DE GÁS - FORNECIMENTO E INSTALAÇÃO. AF_12/2015","M","18,73","19,42",null,18.73,19.420000000000002,"Sinapi 92687"]
["92688","TUBO DE AÇO GALVANIZADO COM COSTURA, CLASSE MÉDIA, CONEXÃO ROSQUEADA, DN 20 (3/4\"), INSTALADO EM RAMAIS E SUB-RAMAIS DE GÁS - FORNECIMENTO E INSTALAÇÃO. AF_12/2015","M","26,47","27,63",null,26.47,27.63,"Sinapi 92688"]
["92689","TUBO DE AÇO PRETO SEM COSTURA, CLASSE MÉDIA, CONEXÃO SOLDADA, DN 15 (1/2\"), INSTALADO EM RAMAIS E SUB-RAMAIS DE GÁS - FORNECIMENTO E INSTALAÇÃO. AF_12/2015","M","26,19","26,91",null,26.19,26.91,"Sinapi 92689"]
["92690","TUBO DE AÇO PRETO SEM COSTURA, CLASSE MÉDIA, CONEXÃO SOLDADA, DN 20 (3/4\"), INSTALADO EM RAMAIS E SUB-RAMAIS DE GÁS - FORNECIMENTO E INSTALAÇÃO. AF_12/2015","M","38,03","39,24",null,38.03,39.24,"Sinapi 92690"]
["94462","TUBO DE AÇO GALVANIZADO COM COSTURA, CLASSE MÉDIA, DN 50 (2\u0094), CONEXÃO ROSQUEADA, INSTALADO EM RESERVAÇÃO DE ÁGUA DE EDIFICAÇÃO QUE POSSUA RESERVATÓRIO DE FIBRA/FIBROCIMENTO \u0096 FORNECIMENTO E INSTALAÇÃO. AF_06/2016","M","66,68","68,96",null,66.680000000000007,68.959999999999994,"Sinapi 94462"]
["94463","TUBO DE AÇO GALVANIZADO COM COSTURA, CLASSE MÉDIA, DN 65 (2 1/2\u0094), CONEXÃO ROSQUEADA, INSTALADO EM RESERVAÇÃO DE ÁGUA DE EDIFICAÇÃO QUE POSSUA RESERVATÓRIO DE FIBRA/FIBROCIMENTO \u0096 FORNECIMENTO E INSTALAÇÃO. AF_06/2016","M","77,81","80,09",null,77.81,80.09,"Sinapi 94463"]
["94464","TUBO DE AÇO GALVANIZADO COM COSTURA, CLASSE MÉDIA, DN 80 (3\u0094), CONEXÃO ROSQUEADA, INSTALADO EM RESERVAÇÃO DE ÁGUA DE EDIFICAÇÃO QUE POSSUA RESERVATÓRIO DE FIBRA/FIBROCIMENTO \u0096 FORNECIMENTO E INSTALAÇÃO. AF_06/2016","M","109,27","112,12",null,109.27,112.12,"Sinapi 94464"]
["94602","TUBO EM COBRE RÍGIDO, DN 54 MM, CLASSE E, SEM ISOLAMENTO, INSTALADO EM RESERVAÇÃO DE ÁGUA DE EDIFICAÇÃO QUE POSSUA RESERVATÓRIO DE FIBRA/FIBROCIMENTO \u0096 FORNECIMENTO E INSTALAÇÃO. AF_06/2016","M","129,16","131,85",null,129.16,131.85,"Sinapi 94602"]
["94603","TUBO EM COBRE RÍGIDO, DN 66 MM, CLASSE E, SEM ISOLAMENTO, INSTALADO EM RESERVAÇÃO DE ÁGUA DE EDIFICAÇÃO QUE POSSUA RESERVATÓRIO DE FIBRA/FIBROCIMENTO \u0096 FORNECIMENTO E INSTALAÇÃO. AF_06/2016","M","172,09","174,78",null,172.09,174.78,"Sinapi 94603"]
["94604","TUBO EM COBRE RÍGIDO, DN 79 MM, CLASSE E, SEM ISOLAMENTO, INSTALADO EM RESERVAÇÃO DE ÁGUA DE EDIFICAÇÃO QUE POSSUA RESERVATÓRIO DE FIBRA/FIBROCIMENTO \u0096 FORNECIMENTO E INSTALAÇÃO. AF_06/2016","M","233,97","236,89",null,233.97,236.89,"Sinapi 94604"]
["94605","TUBO EM COBRE RÍGIDO, DN 104 MM, CLASSE E, SEM ISOLAMENTO, INSTALADO EM RESERVAÇÃO DE ÁGUA DE EDIFICAÇÃO QUE POSSUA RESERVATÓRIO DE FIBRA/FIBROCIMENTO \u0096 FORNECIMENTO E INSTALAÇÃO. AF_06/2016","M","332,53","335,45",null,332.53,335.45,"Sinapi 94605"]
["94648","TUBO, PVC, SOLDÁVEL, DN  25 MM, INSTALADO EM RESERVAÇÃO DE ÁGUA DE EDIFICAÇÃO QUE POSSUA RESERVATÓRIO DE FIBRA/FIBROCIMENTO   FORNECIMENTO E INSTALAÇÃO. AF_06/2016","M","7,56","8,08",null,7.56,8.08,"Sinapi 94648"]
["94649","TUBO, PVC, SOLDÁVEL, DN 32 MM, INSTALADO EM RESERVAÇÃO DE ÁGUA DE EDIFICAÇÃO QUE POSSUA RESERVATÓRIO DE FIBRA/FIBROCIMENTO   FORNECIMENTO E INSTALAÇÃO. AF_06/2016","M","11,13","11,65",null,11.13,11.65,"Sinapi 94649"]
["94650","TUBO, PVC, SOLDÁVEL, DN 40 MM, INSTALADO EM RESERVAÇÃO DE ÁGUA DE EDIFICAÇÃO QUE POSSUA RESERVATÓRIO DE FIBRA/FIBROCIMENTO   FORNECIMENTO E INSTALAÇÃO. AF_06/2016","M","15,92","16,66",null,15.92,16.66,"Sinapi 94650"]
["94651","TUBO, PVC, SOLDÁVEL, DN 50 MM, INSTALADO EM RESERVAÇÃO DE ÁGUA DE EDIFICAÇÃO QUE POSSUA RESERVATÓRIO DE FIBRA/FIBROCIMENTO   FORNECIMENTO E INSTALAÇÃO. AF_06/2016","M","17,26","18,00",null,{"$f":"IF(D3208=\"\",\"\",D3208+0)","v":17.260000000000002},{"$f":"IF(E3208=\"\",\"\",E3208+0)","v":18},{"$f":"IF(OR(G3208=\"\",H3208=\"\"),\"\",CONCATENATE(\"Sinapi \",A3208))","v":"Sinapi 94651"}]
["94652","TUBO, PVC, SOLDÁVEL, DN 60 MM, INSTALADO EM RESERVAÇÃO DE ÁGUA DE EDIFICAÇÃO QUE POSSUA RESERVATÓRIO DE FIBRA/FIBROCIMENTO   FORNECIMENTO E INSTALAÇÃO. AF_06/2016","M","28,08","29,29",null,28.08,29.29,"Sinapi 94652"]
["94653","TUBO, PVC, SOLDÁVEL, DN 75 MM, INSTALADO EM RESERVAÇÃO DE ÁGUA DE EDIFICAÇÃO QUE POSSUA RESERVATÓRIO DE FIBRA/FIBROCIMENTO   FORNECIMENTO E INSTALAÇÃO. AF_06/2016","M","39,70","40,91",null,39.700000000000003,40.909999999999997,"Sinapi 94653"]
["94654","TUBO, PVC, SOLDÁVEL, DN 85 MM, INSTALADO EM RESERVAÇÃO DE ÁGUA DE EDIFICAÇÃO QUE POSSUA RESERVATÓRIO DE FIBRA/FIBROCIMENTO   FORNECIMENTO E INSTALAÇÃO. AF_06/2016","M","53,34","55,44",null,53.34,55.44,"Sinapi 94654"]
["94655","TUBO, PVC, SOLDÁVEL, DN 110 MM, INSTALADO EM RESERVAÇÃO DE ÁGUA DE EDIFICAÇÃO QUE POSSUA RESERVATÓRIO DE FIBRA/FIBROCIMENTO   FORNECIMENTO E INSTALAÇÃO. AF_06/2016","M","74,04","76,14",null,74.040000000000006,76.14,"Sinapi 94655"]
["94716","TUBO, CPVC, SOLDÁVEL, DN 22 MM, INSTALADO EM RESERVAÇÃO DE ÁGUA DE EDIFICAÇÃO QUE POSSUA RESERVATÓRIO DE FIBRA/FIBROCIMENTO \u0096 FORNECIMENTO E INSTALAÇÃO. AF_06/2016","M","13,66","14,15",null,13.66,14.15,"Sinapi 94716"]
["94717","TUBO, CPVC, SOLDÁVEL, DN 28 MM, INSTALADO EM RESERVAÇÃO DE ÁGUA DE EDIFICAÇÃO QUE POSSUA RESERVATÓRIO DE FIBRA/FIBROCIMENTO \u0096 FORNECIMENTO E INSTALAÇÃO. AF_06/2016","M","19,28","19,77",null,19.28,19.77,"Sinapi 94717"]
["94718","TUBO, CPVC, SOLDÁVEL, DN 35 MM, INSTALADO EM RESERVAÇÃO DE ÁGUA DE EDIFICAÇÃO QUE POSSUA RESERVATÓRIO DE FIBRA/FIBROCIMENTO \u0096 FORNECIMENTO E INSTALAÇÃO. AF_06/2016","M","23,99","24,64",null,23.99,24.64,"Sinapi 94718"]
["94719","TUBO, CPVC, SOLDÁVEL, DN 42 MM, INSTALADO EM RESERVAÇÃO DE ÁGUA DE EDIFICAÇÃO QUE POSSUA RESERVATÓRIO DE FIBRA/FIBROCIMENTO \u0096 FORNECIMENTO E INSTALAÇÃO. AF_06/2016","M","30,73","31,38",null,30.73,31.38,"Sinapi 94719"]
["94720","TUBO, CPVC, SOLDÁVEL, DN 54 MM, INSTALADO EM RESERVAÇÃO DE ÁGUA DE EDIFICAÇÃO QUE POSSUA RESERVATÓRIO DE FIBRA/FIBROCIMENTO \u0096 FORNECIMENTO E INSTALAÇÃO. AF_06/2016","M","46,91","48,02",null,46.91,48.02,"Sinapi 94720"]
["94721","TUBO, CPVC, SOLDÁVEL, DN 73 MM, INSTALADO EM RESERVAÇÃO DE ÁGUA DE EDIFICAÇÃO QUE POSSUA RESERVATÓRIO DE FIBRA/FIBROCIMENTO \u0096 FORNECIMENTO E INSTALAÇÃO. AF_06/2016","M","66,67","67,78",null,66.67,67.78,"Sinapi 94721"]
["94722","TUBO, CPVC, SOLDÁVEL, DN 89 MM, INSTALADO EM RESERVAÇÃO DE ÁGUA DE EDIFICAÇÃO QUE POSSUA RESERVATÓRIO DE FIBRA/FIBROCIMENTO \u0096 FORNECIMENTO E INSTALAÇÃO. AF_06/2016","M","117,30","119,55",null,117.3,119.55,"Sinapi 94722"]
["95697","TUBO DE AÇO PRETO SEM COSTURA, CONEXÃO SOLDADA, DN 40 (1 1/2\"), INSTALADO EM REDE DE ALIMENTAÇÃO PARA HIDRANTE - FORNECIMENTO E INSTALAÇÃO. AF_12/2015","M","48,88","49,38",null,48.88,49.38,"Sinapi 95697"]
["96635","TUBO, PPR, DN 25, CLASSE PN 20,  INSTALADO EM RAMAL OU SUB-RAMAL DE ÁGUA \u0096 FORNECIMENTO E INSTALAÇÃO. AF_06/2015","M","22,01","23,61",null,22.01,23.61,"Sinapi 96635"]
["96636","TUBO, PPR, DN 25, CLASSE PN 25 INSTALADO EM RAMAL OU SUB-RAMAL DE ÁGUA \u0096 FORNECIMENTO E INSTALAÇÃO. AF_06/2015","M","23,29","25,02",null,23.29,25.02,"Sinapi 96636"]
["96644","TUBO, PPR, DN 25, CLASSE PN 20,  INSTALADO EM RAMAL DE DISTRIBUIÇÃO DE ÁGUA \u0096 FORNECIMENTO E INSTALAÇÃO. AF_06/2015","M","14,19","14,91",null,14.19,14.91,"Sinapi 96644"]
["96645","TUBO, PPR, DN 32, CLASSE PN 12,  INSTALADO EM RAMAL DE DISTRIBUIÇÃO DE ÁGUA \u0096 FORNECIMENTO E INSTALAÇÃO. AF_06/2015","M","18,40","19,38",null,18.399999999999999,19.38,"Sinapi 96645"]
["96646","TUBO, PPR, DN 40, CLASSE PN 12,  INSTALADO EM RAMAL DE DISTRIBUIÇÃO DE ÁGUA \u0096 FORNECIMENTO E INSTALAÇÃO. AF_06/2015","M","28,55","30,09",null,28.55,30.09,"Sinapi 96646"]
["96647","TUBO, PPR, DN 25, CLASSE PN 25,  INSTALADO EM RAMAL DE DISTRIBUIÇÃO DE ÁGUA \u0096 FORNECIMENTO E INSTALAÇÃO. AF_06/2015","M","12,78","13,34",null,12.78,13.34,"Sinapi 96647"]
["96648","TUBO, PPR, DN 32, CLASSE PN 25,  INSTALADO EM RAMAL DE DISTRIBUIÇÃO DE ÁGUA \u0096 FORNECIMENTO E INSTALAÇÃO. AF_06/2015","M","23,34","24,51",null,23.34,24.51,"Sinapi 96648"]
["96649","TUBO, PPR, DN 40, CLASSE PN 25,  INSTALADO EM RAMAL DE DISTRIBUIÇÃO DE ÁGUA \u0096 FORNECIMENTO E INSTALAÇÃO. AF_06/2015","M","34,45","36,31",null,34.450000000000003,36.31,"Sinapi 96649"]
["96668","TUBO, PPR, DN 25, CLASSE PN 20,  INSTALADO EM PRUMADA DE ÁGUA \u0096 FORNECIMENTO E INSTALAÇÃO. AF_06/2015","M","8,74","8,86",null,8.74,8.86,"Sinapi 96668"]
["96669","TUBO, PPR, DN 32, CLASSE PN 12,  INSTALADO EM PRUMADA DE ÁGUA \u0096 FORNECIMENTO E INSTALAÇÃO. AF_06/2015","M","10,86","11,00",null,10.86,11,"Sinapi 96669"]
["96670","TUBO, PPR, DN 40, CLASSE PN 12,  INSTALADO EM PRUMADA DE ÁGUA \u0096 FORNECIMENTO E INSTALAÇÃO. AF_06/2015","M","16,47","16,69",null,16.47,16.690000000000001,"Sinapi 96670"]
["96671","TUBO, PPR, DN 50, CLASSE PN 12,  INSTALADO EM PRUMADA DE ÁGUA \u0096 FORNECIMENTO E INSTALAÇÃO. AF_06/2015","M","22,09","22,40",null,22.09,22.4,"Sinapi 96671"]
["96672","TUBO, PPR, DN 63, CLASSE PN 12,  INSTALADO EM PRUMADA DE ÁGUA \u0096 FORNECIMENTO E INSTALAÇÃO. AF_06/2015","M","32,44","32,91",null,32.44,32.909999999999997,"Sinapi 96672"]
["96673","TUBO, PPR, DN 75, CLASSE PN 12,  INSTALADO EM PRUMADA DE ÁGUA \u0096 FORNECIMENTO E INSTALAÇÃO. AF_06/2015","M","52,89","53,55",null,52.89,53.55,"Sinapi 96673"]
["96674","TUBO, PPR, DN 90, CLASSE PN 12,  INSTALADO EM PRUMADA DE ÁGUA \u0096 FORNECIMENTO E INSTALAÇÃO. AF_06/2015","M","74,33","75,26",null,74.33,75.260000000000005,"Sinapi 96674"]
["96675","TUBO, PPR, DN 110, CLASSE PN 12,  INSTALADO EM PRUMADA DE ÁGUA \u0096 FORNECIMENTO E INSTALAÇÃO. AF_06/2015","M","128,97","130,35",null,128.97,130.35,"Sinapi 96675"]
["96676","TUBO, PPR, DN 25, CLASSE PN 25,  INSTALADO EM PRUMADA DE ÁGUA \u0096 FORNECIMENTO E INSTALAÇÃO. AF_06/2015","M","8,70","8,82",null,8.6999999999999993,8.82,"Sinapi 96676"]
["96677","TUBO, PPR, DN 32, CLASSE PN 25,  INSTALADO EM PRUMADA DE ÁGUA \u0096 FORNECIMENTO E INSTALAÇÃO. AF_06/2015","M","14,35","14,52",null,14.35,14.52,"Sinapi 96677"]
["96678","TUBO, PPR, DN 40, CLASSE PN 25,  INSTALADO EM PRUMADA DE ÁGUA \u0096 FORNECIMENTO E INSTALAÇÃO. AF_06/2015","M","19,94","20,19",null,19.940000000000001,20.190000000000001,"Sinapi 96678"]
["96679","TUBO, PPR, DN 50, CLASSE PN 25,  INSTALADO EM PRUMADA DE ÁGUA \u0096 FORNECIMENTO E INSTALAÇÃO. AF_06/2015","M","29,11","29,47",null,29.11,29.47,"Sinapi 96679"]
["96680","TUBO, PPR, DN 63, CLASSE PN 25,  INSTALADO EM PRUMADA DE ÁGUA \u0096 FORNECIMENTO E INSTALAÇÃO. AF_06/2015","M","39,28","39,85",null,39.28,39.85,"Sinapi 96680"]
["96681","TUBO, PPR, DN 75, CLASSE PN 25,  INSTALADO EM PRUMADA DE ÁGUA \u0096 FORNECIMENTO E INSTALAÇÃO. AF_06/2015","M","73,05","73,85",null,73.05,73.849999999999994,"Sinapi 96681"]
["96682","TUBO, PPR, DN 90, CLASSE PN 25,  INSTALADO EM PRUMADA DE ÁGUA \u0096 FORNECIMENTO E INSTALAÇÃO. AF_06/2015","M","107,71","108,83",null,107.71,108.83,"Sinapi 96682"]
["96683","TUBO, PPR, DN 110, CLASSE PN 25,  INSTALADO EM PRUMADA DE ÁGUA \u0096 FORNECIMENTO E INSTALAÇÃO. AF_06/2015","M","147,57","149,23",null,147.57,149.22999999999999,"Sinapi 96683"]
["96718","TUBO, PPR, DN 20, CLASSE PN 20,  INSTALADO EM RESERVAÇÃO DE ÁGUA DE EDIFICAÇÃO QUE POSSUA RESERVATÓRIO DE FIBRA/FIBROCIMENTO \u0096 FORNECIMENTO E INSTALAÇÃO. AF_06/2016","M","5,67","5,71",null,5.67,5.71,"Sinapi 96718"]
["96719","TUBO, PPR, DN 25, CLASSE PN 20,  INSTALADO EM RESERVAÇÃO DE ÁGUA DE EDIFICAÇÃO QUE POSSUA RESERVATÓRIO DE FIBRA/FIBROCIMENTO \u0096 FORNECIMENTO E INSTALAÇÃO. AF_06/2016","M","12,02","12,53",null,12.02,12.53,"Sinapi 96719"]
["96720","TUBO, PPR, DN 32, CLASSE PN 12,  INSTALADO EM RESERVAÇÃO DE ÁGUA DE EDIFICAÇÃO QUE POSSUA RESERVATÓRIO DE FIBRA/FIBROCIMENTO \u0096 FORNECIMENTO E INSTALAÇÃO. AF_06/2016","M","14,57","15,18",null,14.57,15.18,"Sinapi 96720"]
["96721","TUBO, PPR, DN 40, CLASSE PN 12,  INSTALADO EM RESERVAÇÃO DE ÁGUA DE EDIFICAÇÃO QUE POSSUA RESERVATÓRIO DE FIBRA/FIBROCIMENTO \u0096 FORNECIMENTO E INSTALAÇÃO. AF_06/2016","M","19,36","19,97",null,19.36,19.97,"Sinapi 96721"]
["96722","TUBO, PPR, DN 50, CLASSE PN 12,  INSTALADO EM RESERVAÇÃO DE ÁGUA DE EDIFICAÇÃO QUE POSSUA RESERVATÓRIO DE FIBRA/FIBROCIMENTO \u0096 FORNECIMENTO E INSTALAÇÃO. AF_06/2016","M","26,56","27,47",null,26.56,27.47,"Sinapi 96722"]
["96723","TUBO, PPR, DN 63, CLASSE PN 12,  INSTALADO EM RESERVAÇÃO DE ÁGUA DE EDIFICAÇÃO QUE POSSUA RESERVATÓRIO DE FIBRA/FIBROCIMENTO \u0096 FORNECIMENTO E INSTALAÇÃO. AF_06/2016","M","34,95","35,86",null,34.950000000000003,35.86,"Sinapi 96723"]
["96724","TUBO, PPR, DN 75, CLASSE PN 12,  INSTALADO EM RESERVAÇÃO DE ÁGUA DE EDIFICAÇÃO QUE POSSUA RESERVATÓRIO DE FIBRA/FIBROCIMENTO \u0096 FORNECIMENTO E INSTALAÇÃO. AF_06/2016","M","57,10","58,60",null,57.1,58.6,"Sinapi 96724"]
["96725","TUBO, PPR, DN 90, CLASSE PN 12,  INSTALADO EM RESERVAÇÃO DE ÁGUA DE EDIFICAÇÃO QUE POSSUA RESERVATÓRIO DE FIBRA/FIBROCIMENTO \u0096 FORNECIMENTO E INSTALAÇÃO. AF_06/2016","M","74,61","76,11",null,74.61,76.11,"Sinapi 96725"]
["96726","TUBO, PPR, DN 110, CLASSE PN 12,  INSTALADO EM RESERVAÇÃO DE ÁGUA DE EDIFICAÇÃO QUE POSSUA RESERVATÓRIO DE FIBRA/FIBROCIMENTO \u0096 FORNECIMENTO E INSTALAÇÃO. AF_06/2016","M","121,54","123,91",null,121.54,123.91,"Sinapi 96726"]
["96727","TUBO, PPR, DN 20, CLASSE PN 25,  INSTALADO EM RESERVAÇÃO DE ÁGUA DE EDIFICAÇÃO QUE POSSUA RESERVATÓRIO DE FIBRA/FIBROCIMENTO \u0096 FORNECIMENTO E INSTALAÇÃO. AF_06/2016","M","10,50","11,06",null,10.5,11.06,"Sinapi 96727"]
["96728","TUBO, PPR, DN 25, CLASSE PN 25,  INSTALADO EM RESERVAÇÃO DE ÁGUA DE EDIFICAÇÃO QUE POSSUA RESERVATÓRIO DE FIBRA/FIBROCIMENTO \u0096 FORNECIMENTO E INSTALAÇÃO. AF_06/2016","M","12,45","13,01",null,12.45,13.01,"Sinapi 96728"]
["96729","TUBO, PPR, DN 32, CLASSE PN 25,  INSTALADO EM RESERVAÇÃO DE ÁGUA DE EDIFICAÇÃO QUE POSSUA RESERVATÓRIO DE FIBRA/FIBROCIMENTO \u0096 FORNECIMENTO E INSTALAÇÃO. AF_06/2016","M","18,70","19,42",null,18.7,19.420000000000002,"Sinapi 96729"]
["96730","TUBO, PPR, DN 40, CLASSE PN 25,  INSTALADO EM RESERVAÇÃO DE ÁGUA DE EDIFICAÇÃO QUE POSSUA RESERVATÓRIO DE FIBRA/FIBROCIMENTO \u0096 FORNECIMENTO E INSTALAÇÃO. AF_06/2016","M","23,40","24,12",null,23.4,24.12,"Sinapi 96730"]
["96731","TUBO, PPR, DN 50, CLASSE PN 25,  INSTALADO EM RESERVAÇÃO DE ÁGUA DE EDIFICAÇÃO QUE POSSUA RESERVATÓRIO DE FIBRA/FIBROCIMENTO \u0096 FORNECIMENTO E INSTALAÇÃO. AF_06/2016","M","34,30","35,39",null,34.299999999999997,35.39,"Sinapi 96731"]
["96732","TUBO, PPR, DN 63, CLASSE PN 25,  INSTALADO EM RESERVAÇÃO DE ÁGUA DE EDIFICAÇÃO QUE POSSUA RESERVATÓRIO DE FIBRA/FIBROCIMENTO \u0096 FORNECIMENTO E INSTALAÇÃO. AF_06/2016","M","42,26","43,35",null,42.26,43.35,"Sinapi 96732"]
["96733","TUBO, PPR, DN 75, CLASSE PN 25,  INSTALADO EM RESERVAÇÃO DE ÁGUA DE EDIFICAÇÃO QUE POSSUA RESERVATÓRIO DE FIBRA/FIBROCIMENTO \u0096 FORNECIMENTO E INSTALAÇÃO. AF_06/2016","M","77,37","79,18",null,77.37,79.180000000000007,"Sinapi 96733"]
["96734","TUBO, PPR, DN 90, CLASSE PN 25,  INSTALADO EM RESERVAÇÃO DE ÁGUA DE EDIFICAÇÃO QUE POSSUA RESERVATÓRIO DE FIBRA/FIBROCIMENTO \u0096 FORNECIMENTO E INSTALAÇÃO. AF_06/2016","M","106,70","108,51",null,106.7,108.51,"Sinapi 96734"]
["96735","TUBO, PPR, DN 110, CLASSE PN 25,  INSTALADO EM RESERVAÇÃO DE ÁGUA DE EDIFICAÇÃO QUE POSSUA RESERVATÓRIO DE FIBRA/FIBROCIMENTO \u0096 FORNECIMENTO E INSTALAÇÃO. AF_06/2016","M","139,66","142,50",null,139.66,142.5,"Sinapi 96735"]
["96794","TUBO, PEX, MONOCAMADA, DN 16, INSTALADO EM RAMAL OU SUB-RAMAL DE ÁGUA \u0096 FORNECIMENTO E INSTALAÇÃO. AF_06/2015","M","6,44","6,68",null,6.44,6.68,"Sinapi 96794"]
["96795","TUBO, PEX, MONOCAMADA, DN 20, INSTALADO EM RAMAL OU SUB-RAMAL DE ÁGUA \u0096 FORNECIMENTO E INSTALAÇÃO. AF_06/2015","M","8,15","8,45",null,8.15,8.4499999999999993,"Sinapi 96795"]
["96796","TUBO, PEX, MONOCAMADA, DN 25, INSTALADO EM RAMAL OU SUB-RAMAL DE ÁGUA \u0096 FORNECIMENTO E INSTALAÇÃO. AF_06/2015","M","11,37","11,73",null,11.37,11.73,"Sinapi 96796"]
["96797","TUBO, PEX, MONOCAMADA, DN 32, INSTALADO EM RAMAL OU SUB-RAMAL DE ÁGUA \u0096 FORNECIMENTO E INSTALAÇÃO. AF_06/2015","M","17,07","17,51",null,17.07,17.510000000000002,"Sinapi 96797"]
["96798","TUBO, PEX, MONOCAMADA, DN 16, INSTALADO EM RAMAL DE DISTRIBUIÇÃO DE ÁGUA \u0096 FORNECIMENTO E INSTALAÇÃO. AF_06/2015","M","6,55","6,81",null,6.55,6.81,"Sinapi 96798"]
["96799","TUBO, PEX, MONOCAMADA, DN 20, INSTALADO EM RAMAL DE DISTRIBUIÇÃO DE ÁGUA \u0096 FORNECIMENTO E INSTALAÇÃO. AF_06/2015","M","8,78","9,15",null,8.7799999999999994,9.15,"Sinapi 96799"]
["96800","TUBO, PEX, MONOCAMADA, DN 25, INSTALADO EM RAMAL DE DISTRIBUIÇÃO DE ÁGUA \u0096 FORNECIMENTO E INSTALAÇÃO. AF_06/2015","M","12,65","13,14",null,12.65,13.14,"Sinapi 96800"]
["96801","TUBO, PEX, MONOCAMADA, DN 32, INSTALADO EM RAMAL DE DISTRIBUIÇÃO DE ÁGUA \u0096 FORNECIMENTO E INSTALAÇÃO. AF_06/2015","M","19,27","19,95",null,19.27,19.95,"Sinapi 96801"]
["97327","TUBO EM COBRE FLEXÍVEL, DN 1/4\u0094, COM ISOLAMENTO, INSTALADO EM RAMAL DE ALIMENTAÇÃO DE AR CONDICIONADO COM CONDENSADORA INDIVIDUAL   FORNECIMENTO E INSTALAÇÃO. AF_12/2015","M","17,66","17,86",null,17.66,17.86,"Sinapi 97327"]
["97328","TUBO EM COBRE FLEXÍVEL, DN 3/8\", COM ISOLAMENTO, INSTALADO EM RAMAL DE ALIMENTAÇÃO DE AR CONDICIONADO COM CONDENSADORA INDIVIDUAL \u0096 FORNECIMENTO E INSTALAÇÃO. AF_12/2015","M","30,64","30,87",null,{"$f":"IF(D3272=\"\",\"\",D3272+0)","v":30.64},{"$f":"IF(E3272=\"\",\"\",E3272+0)","v":30.87},{"$f":"IF(OR(G3272=\"\",H3272=\"\"),\"\",CONCATENATE(\"Sinapi \",A3272))","v":"Sinapi 97328"}]
["97329","TUBO EM COBRE FLEXÍVEL, DN 1/2\", COM ISOLAMENTO, INSTALADO EM RAMAL DE ALIMENTAÇÃO DE AR CONDICIONADO COM CONDENSADORA INDIVIDUAL \u0096 FORNECIMENTO E INSTALAÇÃO. AF_12/2015","M","38,17","38,41",null,38.17,38.409999999999997,"Sinapi 97329"]
["97330","TUBO EM COBRE FLEXÍVEL, DN 5/8\", COM ISOLAMENTO, INSTALADO EM RAMAL DE ALIMENTAÇÃO DE AR CONDICIONADO COM CONDENSADORA INDIVIDUAL \u0096 FORNECIMENTO E INSTALAÇÃO. AF_12/2015","M","46,45","46,71",null,46.45,46.71,"Sinapi 97330"]
["97331","TUBO EM COBRE FLEXÍVEL, DN 1/4\", COM ISOLAMENTO, INSTALADO EM RAMAL DE ALIMENTAÇÃO DE AR CONDICIONADO COM CONDENSADORA CENTRAL \u0096 FORNECIMENTO E INSTALAÇÃO. AF_12/2015","M","17,91","18,14",null,17.91,18.14,"Sinapi 97331"]
["97332","TUBO EM COBRE FLEXÍVEL, DN 3/8\", COM ISOLAMENTO, INSTALADO EM RAMAL DE ALIMENTAÇÃO DE AR CONDICIONADO COM CONDENSADORA CENTRAL \u0096 FORNECIMENTO E INSTALAÇÃO. AF_12/2015","M","30,93","31,18",null,30.93,31.18,"Sinapi 97332"]
["97333","TUBO EM COBRE FLEXÍVEL, DN 1/2\", COM ISOLAMENTO, INSTALADO EM RAMAL DE ALIMENTAÇÃO DE AR CONDICIONADO COM CONDENSADORA CENTRAL \u0096 FORNECIMENTO E INSTALAÇÃO. AF_12/2015","M","38,52","38,80",null,38.520000000000003,38.799999999999997,"Sinapi 97333"]
["97334","TUBO EM COBRE FLEXÍVEL, DN 5/8\u0094, COM ISOLAMENTO, INSTALADO EM RAMAL DE ALIMENTAÇÃO DE AR CONDICIONADO COM CONDENSADORA CENTRAL   FORNECIMENTO E INSTALAÇÃO. AF_12/2015","M","46,85","47,14",null,46.85,47.14,"Sinapi 97334"]
["97335","TUBO EM COBRE RÍGIDO, DN 22 MM, CLASSE A, SEM ISOLAMENTO, INSTALADO EM PRUMADA \u0096 FORNECIMENTO E INSTALAÇÃO. AF_12/2015","M","47,10","47,27",null,47.1,47.27,"Sinapi 97335"]
["97336","TUBO EM COBRE RÍGIDO, DN 28 MM, CLASSE A, SEM ISOLAMENTO, INSTALADO EM PRUMADA \u0096 FORNECIMENTO E INSTALAÇÃO. AF_12/2015","M","59,79","60,01",null,59.79,60.01,"Sinapi 97336"]
["97337","TUBO EM COBRE RÍGIDO, DN 35 MM, CLASSE A, SEM ISOLAMENTO, INSTALADO EM PRUMADA \u0096 FORNECIMENTO E INSTALAÇÃO. AF_12/2015","M","89,65","89,91",null,89.65,89.91,"Sinapi 97337"]
["97338","TUBO EM COBRE RÍGIDO, DN 42 MM, CLASSE A, SEM ISOLAMENTO, INSTALADO EM PRUMADA \u0096 FORNECIMENTO E INSTALAÇÃO. AF_12/2015","M","107,75","108,04",null,107.75,108.04,"Sinapi 97338"]
["97339","TUBO EM COBRE RÍGIDO, DN 54 MM, CLASSE A, SEM ISOLAMENTO, INSTALADO EM PRUMADA \u0096 FORNECIMENTO E INSTALAÇÃO. AF_12/2015","M","115,97","116,33",null,115.97,116.33,"Sinapi 97339"]
["97340","TUBO EM COBRE RÍGIDO, DN 66 MM, CLASSE A, SEM ISOLAMENTO, INSTALADO EM PRUMADA \u0096 FORNECIMENTO E INSTALAÇÃO. AF_12/2015","M","116,57","117,01",null,116.57,117.01,"Sinapi 97340"]
["97341","TUBO EM COBRE RÍGIDO, DN 15 MM, CLASSE A, SEM ISOLAMENTO, INSTALADO EM RAMAL DE DISTRIBUIÇÃO \u0096 FORNECIMENTO E INSTALAÇÃO. AF_12/2015","M","32,51","33,00",null,32.51,33,"Sinapi 97341"]
["97342","TUBO EM COBRE RÍGIDO, DN 22 MM, CLASSE A, SEM ISOLAMENTO, INSTALADO EM RAMAL DE DISTRIBUIÇÃO\u0096 FORNECIMENTO E INSTALAÇÃO. AF_12/2015","M","50,53","51,10",null,50.53,51.1,"Sinapi 97342"]
["97343","TUBO EM COBRE RÍGIDO, DN 28 MM, CLASSE A, SEM ISOLAMENTO, INSTALADO EM RAMAL DE DISTRIBUIÇÃO\u0096 FORNECIMENTO E INSTALAÇÃO. AF_12/2015","M","63,47","64,10",null,63.47,64.099999999999994,"Sinapi 97343"]
["97344","TUBO EM COBRE RÍGIDO, DN 15 MM, CLASSE A, SEM ISOLAMENTO, INSTALADO EM RAMAL E SUB-RAMAL \u0096 FORNECIMENTO E INSTALAÇÃO. AF_12/2015","M","40,05","41,37",null,40.049999999999997,41.37,"Sinapi 97344"]
["97345","TUBO EM COBRE RÍGIDO, DN 22 MM, CLASSE A, SEM ISOLAMENTO, INSTALADO EM RAMAL E SUB-RAMAL \u0096 FORNECIMENTO E INSTALAÇÃO. AF_12/2015","M","63,48","65,49",null,63.48,65.489999999999995,"Sinapi 97345"]
["97346","TUBO EM COBRE RÍGIDO, DN 28 MM, CLASSE A, SEM ISOLAMENTO, INSTALADO EM RAMAL E SUB-RAMAL \u0096 FORNECIMENTO E INSTALAÇÃO. AF_12/2015","M","81,14","83,73",null,81.14,83.73,"Sinapi 97346"]
["97347","TUBO EM COBRE RÍGIDO, DN 22 MM, CLASSE I, SEM ISOLAMENTO, INSTALADO EM PRUMADA \u0096 FORNECIMENTO E INSTALAÇÃO. AF_12/2015","M","56,66","56,83",null,56.66,56.83,"Sinapi 97347"]
["97348","TUBO EM COBRE RÍGIDO, DN 28 MM, CLASSE I, SEM ISOLAMENTO, INSTALADO EM PRUMADA \u0096 FORNECIMENTO E INSTALAÇÃO. AF_12/2015","M","78,17","78,39",null,78.17,78.39,"Sinapi 97348"]
["97349","TUBO EM COBRE RÍGIDO, DN 35 MM, CLASSE I, SEM ISOLAMENTO, INSTALADO EM PRUMADA \u0096 FORNECIMENTO E INSTALAÇÃO. AF_12/2015","M","112,53","112,79",null,112.53,112.79,"Sinapi 97349"]
["97350","TUBO EM COBRE RÍGIDO, DN 42 MM, CLASSE I, SEM ISOLAMENTO, INSTALADO EM PRUMADA \u0096 FORNECIMENTO E INSTALAÇÃO. AF_12/2015","M","136,61","136,90",null,136.61000000000001,136.9,"Sinapi 97350"]
["97351","TUBO EM COBRE RÍGIDO, DN 54 MM, CLASSE I, SEM ISOLAMENTO, INSTALADO EM PRUMADA \u0096 FORNECIMENTO E INSTALAÇÃO. AF_12/2015","M","188,79","189,15",null,188.79,189.15,"Sinapi 97351"]
["97352","TUBO EM COBRE RÍGIDO, DN 66 MM, CLASSE I, SEM ISOLAMENTO, INSTALADO EM PRUMADA \u0096 FORNECIMENTO E INSTALAÇÃO. AF_12/2015","M","244,57","245,01",null,244.57,245.01,"Sinapi 97352"]
["97353","TUBO EM COBRE RÍGIDO, DN 15 MM, CLASSE I, SEM ISOLAMENTO, INSTALADO EM RAMAL DE DISTRIBUIÇÃO \u0096 FORNECIMENTO E INSTALAÇÃO. AF_12/2015","M","38,16","38,65",null,38.159999999999997,38.65,"Sinapi 97353"]
["97354","TUBO EM COBRE RÍGIDO, DN 22 MM, CLASSE I, SEM ISOLAMENTO, INSTALADO EM RAMAL DE DISTRIBUIÇÃO\u0096 FORNECIMENTO E INSTALAÇÃO. AF_12/2015","M","60,09","60,66",null,60.09,60.66,"Sinapi 97354"]
["97355","TUBO EM COBRE RÍGIDO, DN 28 MM, CLASSE I, SEM ISOLAMENTO, INSTALADO EM RAMAL DE DISTRIBUIÇÃO\u0096 FORNECIMENTO E INSTALAÇÃO. AF_12/2015","M","81,85","82,48",null,81.849999999999994,82.48,"Sinapi 97355"]
["97356","TUBO EM COBRE RÍGIDO, DN 15 MM, CLASSE I, SEM ISOLAMENTO, INSTALADO EM RAMAL E SUB-RAMAL \u0096 FORNECIMENTO E INSTALAÇÃO. AF_12/2015","M","45,70","47,02",null,45.7,47.02,"Sinapi 97356"]
["97357","TUBO EM COBRE RÍGIDO, DN 22 MM, CLASSE I, SEM ISOLAMENTO, INSTALADO EM RAMAL E SUB-RAMAL \u0096 FORNECIMENTO E INSTALAÇÃO. AF_12/2015","M","73,04","75,05",null,73.040000000000006,75.05,"Sinapi 97357"]
["97358","TUBO EM COBRE RÍGIDO, DN 28 MM, CLASSE I, SEM ISOLAMENTO, INSTALADO EM RAMAL E SUB-RAMAL \u0096 FORNECIMENTO E INSTALAÇÃO. AF_12/2015","M","99,52","102,11",null,99.52,102.11,"Sinapi 97358"]
["97498","TUBO DE AÇO GALVANIZADO COM COSTURA, CLASSE MÉDIA, DN 25 (1\"), CONEXÃO ROSQUEADA, INSTALADO EM REDE DE ALIMENTAÇÃO PARA HIDRANTE - FORNECIMENTO E INSTALAÇÃO. AF_12/2015","M","29,45","30,09",null,29.45,30.09,"Sinapi 97498"]
["97535","TUBO DE AÇO GALVANIZADO COM COSTURA, CLASSE MÉDIA, CONEXÃO ROSQUEADA, DN 25 (1\"), INSTALADO EM REDE DE ALIMENTAÇÃO PARA SPRINKLER - FORNECIMENTO E INSTALAÇÃO. AF_12/2015","M","32,88","33,90",null,32.880000000000003,33.9,"Sinapi 97535"]
["97536","TUBO DE AÇO GALVANIZADO COM COSTURA, CLASSE MÉDIA, CONEXÃO ROSQUEADA, DN 25 (1\"), INSTALADO EM RAMAIS  E SUB-RAMAIS DE GÁS - FORNECIMENTO E INSTALAÇÃO. AF_12/2015","M","40,78","42,68",null,40.78,42.68,"Sinapi 97536"]
["72293","CAP PVC ESGOTO 50MM (TAMPÃO) - FORNECIMENTO E INSTALAÇÃO","UN","5,49","5,74",null,5.49,5.74,"Sinapi 72293"]
["72306","COTOVELO DE AÇO GALVANIZADO 4\" - FORNECIMENTO E INSTALAÇÃO","UN","162,20","165,80",null,162.19999999999999,165.8,"Sinapi 72306"]
["72307","COTOVELO DE AÇO GALVANIZADO 5\" - FORNECIMENTO E INSTALAÇÃO","UN","226,68","230,86",null,226.68,230.86,"Sinapi 72307"]
["72313","COTOVELO DE AÇO GALVANIZADO 6\" - FORNECIMENTO E INSTALAÇÃO","UN","524,84","529,58",null,524.84,529.58000000000004,"Sinapi 72313"]
["72482","UNIAO DE ACO GALVANIZADO 4\" - FORNECIMENTO E INSTALACAO","UN","226,51","229,93",null,226.51,229.93,"Sinapi 72482"]
["72619","LUVA DE ACO GALVANIZADO 4\" - FORNECIMENTO E INSTALACAO","UN","94,71","96,23",null,94.71,96.23,"Sinapi 72619"]
["72620","LUVA DE ACO GALVANIZADO 5\" - FORNECIMENTO E INSTALACAO","UN","164,56","166,46",null,164.56,166.46,"Sinapi 72620"]
["72621","LUVA DE ACO GALVANIZADO 6\" - FORNECIMENTO E INSTALACAO","UN","263,57","265,85",null,263.57,265.85000000000002,"Sinapi 72621"]
["72667","LUVA REDUCAO ACO GALVANIZADO 4X2.1/2\" - FORNECIMENTO E INSTALACAO","UN","131,58","135,38",null,131.58000000000001,135.38,"Sinapi 72667"]
["72668","LUVA REDUCAO ACO GALVANIZADO 4X2\" - FORNECIMENTO E INSTALACAO","UN","130,83","134,55",null,130.83000000000001,134.55000000000001,"Sinapi 72668"]
["72669","LUVA REDUCAO ACO GALVANIZADO 4X3\" - FORNECIMENTO E INSTALACAO","UN","135,13","139,31",null,135.13,139.31,"Sinapi 72669"]
["72681","NIPLE DE ACO GALVANIZADO 4\" - FORNECIMENTO E INSTALACAO","UN","92,09","93,99",null,92.09,93.99,"Sinapi 72681"]
["72682","NIPLE DE ACO GALVANIZADO 5\" - FORNECIMENTO E INSTALACAO","UN","183,95","186,03",null,183.95,186.03,"Sinapi 72682"]
["72683","NIPLE DE ACO GALVANIZADO 6\" - FORNECIMENTO E INSTALACAO","UN","294,68","296,96",null,294.68,296.95999999999998,"Sinapi 72683"]
["72719","TE DE ACO GALVANIZADO 4\" - FORNECIMENTO E INSTALACAO","UN","203,17","207,35",null,203.17,207.35,"Sinapi 72719"]
["72720","TE DE ACO GALVANIZADO 5\" - FORNECIMENTO E INSTALACAO","UN","279,00","283,74",null,279,283.74,"Sinapi 72720"]
["72721","TE DE ACO GALVANIZADO 6\" - FORNECIMENTO E INSTALACAO","UN","600,51","605,83",null,600.51,605.83000000000004,"Sinapi 72721"]
["89358","JOELHO 90 GRAUS, PVC, SOLDÁVEL, DN 20MM, INSTALADO EM RAMAL OU SUB-RAMAL DE ÁGUA - FORNECIMENTO E INSTALAÇÃO. AF_12/2014","UN","5,65","6,16",null,5.65,6.16,"Sinapi 89358"]
["89359","JOELHO 45 GRAUS, PVC, SOLDÁVEL, DN 20MM, INSTALADO EM RAMAL OU SUB-RAMAL DE ÁGUA - FORNECIMENTO E INSTALAÇÃO. AF_12/2014","UN","5,91","6,42",null,5.91,6.42,"Sinapi 89359"]
["89360","CURVA 90 GRAUS, PVC, SOLDÁVEL, DN 20MM, INSTALADO EM RAMAL OU SUB-RAMAL DE ÁGUA - FORNECIMENTO E INSTALAÇÃO. AF_12/2014","UN","7,02","7,53",null,7.02,7.53,"Sinapi 89360"]
["89361","CURVA 45 GRAUS, PVC, SOLDÁVEL, DN 20MM, INSTALADO EM RAMAL OU SUB-RAMAL DE ÁGUA - FORNECIMENTO E INSTALAÇÃO. AF_12/2014","UN","6,59","7,10",null,6.59,7.1,"Sinapi 89361"]
["89362","JOELHO 90 GRAUS, PVC, SOLDÁVEL, DN 25MM, INSTALADO EM RAMAL OU SUB-RAMAL DE ÁGUA - FORNECIMENTO E INSTALAÇÃO. AF_12/2014","UN","6,71","7,29",null,6.71,7.29,"Sinapi 89362"]
["89363","JOELHO 45 GRAUS, PVC, SOLDÁVEL, DN 25MM, INSTALADO EM RAMAL OU SUB-RAMAL DE ÁGUA - FORNECIMENTO E INSTALAÇÃO. AF_12/2014","UN","7,28","7,86",null,7.28,7.86,"Sinapi 89363"]
["89364","CURVA 90 GRAUS, PVC, SOLDÁVEL, DN 25MM, INSTALADO EM RAMAL OU SUB-RAMAL DE ÁGUA - FORNECIMENTO E INSTALAÇÃO. AF_12/2014","UN","8,44","9,02",null,8.44,9.02,"Sinapi 89364"]
["89365","CURVA 45 GRAUS, PVC, SOLDÁVEL, DN 25MM, INSTALADO EM RAMAL OU SUB-RAMAL DE ÁGUA - FORNECIMENTO E INSTALAÇÃO. AF_12/2014","UN","7,92","8,50",null,7.92,8.5,"Sinapi 89365"]
["89366","JOELHO 90 GRAUS COM BUCHA DE LATÃO, PVC, SOLDÁVEL, DN 25MM, X 3/4\u0094 INSTALADO EM RAMAL OU SUB-RAMAL DE ÁGUA - FORNECIMENTO E INSTALAÇÃO. AF_12/2014","UN","11,54","12,12",null,11.54,12.12,"Sinapi 89366"]
["89367","JOELHO 90 GRAUS, PVC, SOLDÁVEL, DN 32MM, INSTALADO EM RAMAL OU SUB-RAMAL DE ÁGUA - FORNECIMENTO E INSTALAÇÃO. AF_12/2014","UN","9,10","9,80",null,9.1,9.8000000000000007,"Sinapi 89367"]
["89368","JOELHO 45 GRAUS, PVC, SOLDÁVEL, DN 32MM, INSTALADO EM RAMAL OU SUB-RAMAL DE ÁGUA - FORNECIMENTO E INSTALAÇÃO. AF_12/2014","UN","10,68","11,38",null,10.68,11.38,"Sinapi 89368"]
["89369","CURVA 90 GRAUS, PVC, SOLDÁVEL, DN 32MM, INSTALADO EM RAMAL OU SUB-RAMAL DE ÁGUA - FORNECIMENTO E INSTALAÇÃO. AF_12/2014","UN","12,65","13,35",null,12.65,13.35,"Sinapi 89369"]
["89370","CURVA 45 GRAUS, PVC, SOLDÁVEL, DN 32MM, INSTALADO EM RAMAL OU SUB-RAMAL DE ÁGUA - FORNECIMENTO E INSTALAÇÃO. AF_12/2014","UN","10,35","11,05",null,10.35,11.05,"Sinapi 89370"]
["89371","LUVA, PVC, SOLDÁVEL, DN 20MM, INSTALADO EM RAMAL OU SUB-RAMAL DE ÁGUA - FORNECIMENTO E INSTALAÇÃO. AF_12/2014","UN","4,21","4,55",null,{"$f":"IF(D3336=\"\",\"\",D3336+0)","v":4.21},{"$f":"IF(E3336=\"\",\"\",E3336+0)","v":4.55},{"$f":"IF(OR(G3336=\"\",H3336=\"\"),\"\",CONCATENATE(\"Sinapi \",A3336))","v":"Sinapi 89371"}]
["89372","LUVA DE CORRER, PVC, SOLDÁVEL, DN 20MM, INSTALADO EM RAMAL OU SUB-RAMAL DE ÁGUA - FORNECIMENTO E INSTALAÇÃO. AF_12/2014","UN","9,45","9,79",null,9.4499999999999993,9.7899999999999991,"Sinapi 89372"]
["89373","LUVA DE REDUÇÃO, PVC, SOLDÁVEL, DN 25MM X 20MM, INSTALADO EM RAMAL OU SUB-RAMAL DE ÁGUA - FORNECIMENTO E INSTALAÇÃO. AF_12/2014","UN","4,69","5,03",null,4.6900000000000004,5.03,"Sinapi 89373"]
["89374","LUVA COM BUCHA DE LATÃO, PVC, SOLDÁVEL, DN 20MM X 1/2\u0094, INSTALADO EM RAMAL OU SUB-RAMAL DE ÁGUA - FORNECIMENTO E INSTALAÇÃO. AF_12/2014","UN","7,53","7,87",null,7.53,7.87,"Sinapi 89374"]
["89375","UNIÃO, PVC, SOLDÁVEL, DN 20MM, INSTALADO EM RAMAL OU SUB-RAMAL DE ÁGUA - FORNECIMENTO E INSTALAÇÃO. AF_12/2014","UN","9,24","9,58",null,9.24,9.58,"Sinapi 89375"]
["89376","ADAPTADOR CURTO COM BOLSA E ROSCA PARA REGISTRO, PVC, SOLDÁVEL, DN 20MM X 1/2\u0094, INSTALADO EM RAMAL OU SUB-RAMAL DE ÁGUA - FORNECIMENTO E INSTALAÇÃO. AF_12/2014","UN","4,27","4,61",null,4.2699999999999996,4.6100000000000003,"Sinapi 89376"]
["89377","CURVA DE TRANSPOSIÇÃO, PVC, SOLDÁVEL, DN 20MM, INSTALADO EM RAMAL OU SUB-RAMAL DE ÁGUA - FORNECIMENTO E INSTALAÇÃO. AF_12/2014","UN","6,80","7,14",null,6.8,7.14,"Sinapi 89377"]
["89378","LUVA, PVC, SOLDÁVEL, DN 25MM, INSTALADO EM RAMAL OU SUB-RAMAL DE ÁGUA - FORNECIMENTO E INSTALAÇÃO. AF_12/2014","UN","4,98","5,37",null,4.9800000000000004,5.37,"Sinapi 89378"]
["89379","LUVA DE CORRER, PVC, SOLDÁVEL, DN 25MM, INSTALADO EM RAMAL OU SUB-RAMAL DE ÁGUA - FORNECIMENTO E INSTALAÇÃO. AF_12/2014","UN","11,96","12,35",null,11.96,12.35,"Sinapi 89379"]
["89380","LUVA DE REDUÇÃO, PVC, SOLDÁVEL, DN 32MM X 25MM, INSTALADO EM RAMAL OU SUB-RAMAL DE ÁGUA - FORNECIMENTO E INSTALAÇÃO. AF_12/2014","UN","7,12","7,51",null,7.12,7.51,"Sinapi 89380"]
["89381","LUVA COM BUCHA DE LATÃO, PVC, SOLDÁVEL, DN 25MM X 3/4\u0094, INSTALADO EM RAMAL OU SUB-RAMAL DE ÁGUA - FORNECIMENTO E INSTALAÇÃO. AF_12/2014","UN","9,39","9,78",null,9.39,9.7799999999999994,"Sinapi 89381"]
["89382","UNIÃO, PVC, SOLDÁVEL, DN 25MM, INSTALADO EM RAMAL OU SUB-RAMAL DE ÁGUA - FORNECIMENTO E INSTALAÇÃO. AF_12/2014","UN","10,99","11,38",null,10.99,11.38,"Sinapi 89382"]
["89383","ADAPTADOR CURTO COM BOLSA E ROSCA PARA REGISTRO, PVC, SOLDÁVEL, DN 25MM X 3/4\u0094, INSTALADO EM RAMAL OU SUB-RAMAL DE ÁGUA - FORNECIMENTO E INSTALAÇÃO. AF_12/2014","UN","5,05","5,44",null,5.05,5.44,"Sinapi 89383"]
["89384","CURVA DE TRANSPOSIÇÃO, PVC, SOLDÁVEL, DN 25MM, INSTALADO EM RAMAL OU SUB-RAMAL DE ÁGUA   FORNECIMENTO E INSTALAÇÃO. AF_12/2014","UN","9,51","9,90",null,9.51,9.9,"Sinapi 89384"]
["89385","LUVA SOLDÁVEL E COM ROSCA, PVC, SOLDÁVEL, DN 25MM X 3/4\u0094, INSTALADO EM RAMAL OU SUB-RAMAL DE ÁGUA - FORNECIMENTO E INSTALAÇÃO. AF_12/2014","UN","5,60","5,99",null,5.6,5.99,"Sinapi 89385"]
["89386","LUVA, PVC, SOLDÁVEL, DN 32MM, INSTALADO EM RAMAL OU SUB-RAMAL DE ÁGUA - FORNECIMENTO E INSTALAÇÃO. AF_12/2014","UN","6,77","7,24",null,6.77,7.24,"Sinapi 89386"]
["89387","LUVA DE CORRER, PVC, SOLDÁVEL, DN 32MM, INSTALADO EM RAMAL OU SUB-RAMAL DE ÁGUA   FORNECIMENTO E INSTALAÇÃO. AF_12/2014","UN","23,43","23,90",null,23.43,23.9,"Sinapi 89387"]
["89388","LUVA DE REDUÇÃO, PVC, SOLDÁVEL, DN 40MM X 32MM, INSTALADO EM RAMAL OU SUB-RAMAL DE ÁGUA - FORNECIMENTO E INSTALAÇÃO. AF_12/2014","UN","8,66","9,13",null,8.66,9.1300000000000008,"Sinapi 89388"]
["89389","LUVA SOLDÁVEL E COM ROSCA, PVC, SOLDÁVEL, DN 32MM X 1\u0094, INSTALADO EM RAMAL OU SUB-RAMAL DE ÁGUA - FORNECIMENTO E INSTALAÇÃO. AF_12/2014","UN","9,30","9,77",null,9.3000000000000007,9.77,"Sinapi 89389"]
["89390","UNIÃO, PVC, SOLDÁVEL, DN 32MM, INSTALADO EM RAMAL OU SUB-RAMAL DE ÁGUA - FORNECIMENTO E INSTALAÇÃO. AF_12/2014","UN","16,17","16,64",null,16.170000000000002,16.64,"Sinapi 89390"]
["89391","ADAPTADOR CURTO COM BOLSA E ROSCA PARA REGISTRO, PVC, SOLDÁVEL, DN 32MM X 1\u0094, INSTALADO EM RAMAL OU SUB-RAMAL DE ÁGUA - FORNECIMENTO E INSTALAÇÃO. AF_12/2014","UN","6,70","7,17",null,6.7,7.17,"Sinapi 89391"]
["89392","CURVA DE TRANSPOSIÇÃO, PVC, SOLDÁVEL, DN 32MM, INSTALADO EM RAMAL OU SUB-RAMAL DE ÁGUA   FORNECIMENTO E INSTALAÇÃO. AF_12/2014","UN","19,04","19,51",null,19.04,19.510000000000002,"Sinapi 89392"]
["89393","TE, PVC, SOLDÁVEL, DN 20MM, INSTALADO EM RAMAL OU SUB-RAMAL DE ÁGUA - FORNECIMENTO E INSTALAÇÃO. AF_12/2014","UN","7,84","8,52",null,7.84,8.52,"Sinapi 89393"]
["89394","TÊ COM BUCHA DE LATÃO NA BOLSA CENTRAL, PVC, SOLDÁVEL, DN 20MM X 1/2\u0094, INSTALADO EM RAMAL OU SUB-RAMAL DE ÁGUA - FORNECIMENTO E INSTALAÇÃO. AF_12/2014","UN","14,38","15,06",null,14.38,15.06,"Sinapi 89394"]
["89395","TE, PVC, SOLDÁVEL, DN 25MM, INSTALADO EM RAMAL OU SUB-RAMAL DE ÁGUA - FORNECIMENTO E INSTALAÇÃO. AF_12/2014","UN","9,33","10,11",null,9.33,10.11,"Sinapi 89395"]
["89396","TÊ COM BUCHA DE LATÃO NA BOLSA CENTRAL, PVC, SOLDÁVEL, DN 25MM X 1/2\u0094, INSTALADO EM RAMAL OU SUB-RAMAL DE ÁGUA - FORNECIMENTO E INSTALAÇÃO. AF_12/2014","UN","14,92","15,70",null,14.92,15.7,"Sinapi 89396"]
["89397","TÊ DE REDUÇÃO, PVC, SOLDÁVEL, DN 25MM X 20MM, INSTALADO EM RAMAL OU SUB-RAMAL DE ÁGUA - FORNECIMENTO E INSTALAÇÃO. AF_12/2014","UN","10,82","11,60",null,10.82,11.6,"Sinapi 89397"]
["89398","TE, PVC, SOLDÁVEL, DN 32MM, INSTALADO EM RAMAL OU SUB-RAMAL DE ÁGUA - FORNECIMENTO E INSTALAÇÃO. AF_12/2014","UN","13,26","14,19",null,13.26,14.19,"Sinapi 89398"]
["89399","TÊ COM BUCHA DE LATÃO NA BOLSA CENTRAL, PVC, SOLDÁVEL, DN 32MM X 3/4\u0094, INSTALADO EM RAMAL OU SUB-RAMAL DE ÁGUA - FORNECIMENTO E INSTALAÇÃO. AF_12/2014","UN","22,75","23,68",null,22.75,23.68,"Sinapi 89399"]
["89400","TÊ DE REDUÇÃO, PVC, SOLDÁVEL, DN 32MM X 25MM, INSTALADO EM RAMAL OU SUB-RAMAL DE ÁGUA - FORNECIMENTO E INSTALAÇÃO. AF_12/2014","UN","14,74","15,67",null,14.74,15.67,"Sinapi 89400"]
["89404","JOELHO 90 GRAUS, PVC, SOLDÁVEL, DN 20MM, INSTALADO EM RAMAL DE DISTRIBUIÇÃO DE ÁGUA - FORNECIMENTO E INSTALAÇÃO. AF_12/2014","UN","3,78","4,08",null,3.78,4.08,"Sinapi 89404"]
["89405","JOELHO 45 GRAUS, PVC, SOLDÁVEL, DN 20MM, INSTALADO EM RAMAL DE DISTRIBUIÇÃO DE ÁGUA - FORNECIMENTO E INSTALAÇÃO. AF_12/2014","UN","4,04","4,34",null,4.04,4.34,"Sinapi 89405"]
["89406","CURVA 90 GRAUS, PVC, SOLDÁVEL, DN 20MM, INSTALADO EM RAMAL DE DISTRIBUIÇÃO DE ÁGUA - FORNECIMENTO E INSTALAÇÃO. AF_12/2014","UN","5,15","5,45",null,5.15,5.45,"Sinapi 89406"]
["89407","CURVA 45 GRAUS, PVC, SOLDÁVEL, DN 20MM, INSTALADO EM RAMAL DE DISTRIBUIÇÃO DE ÁGUA - FORNECIMENTO E INSTALAÇÃO. AF_12/2014","UN","4,72","5,02",null,4.72,5.0199999999999996,"Sinapi 89407"]
["89408","JOELHO 90 GRAUS, PVC, SOLDÁVEL, DN 25MM, INSTALADO EM RAMAL DE DISTRIBUIÇÃO DE ÁGUA - FORNECIMENTO E INSTALAÇÃO. AF_12/2014","UN","4,55","4,90",null,4.55,4.9000000000000004,"Sinapi 89408"]
["89409","JOELHO 45 GRAUS, PVC, SOLDÁVEL, DN 25MM, INSTALADO EM RAMAL DE DISTRIBUIÇÃO DE ÁGUA - FORNECIMENTO E INSTALAÇÃO. AF_12/2014","UN","5,12","5,47",null,5.12,5.47,"Sinapi 89409"]
["89410","CURVA 90 GRAUS, PVC, SOLDÁVEL, DN 25MM, INSTALADO EM RAMAL DE DISTRIBUIÇÃO DE ÁGUA - FORNECIMENTO E INSTALAÇÃO. AF_12/2014","UN","6,28","6,63",null,6.28,6.63,"Sinapi 89410"]
["89411","CURVA 45 GRAUS, PVC, SOLDÁVEL, DN 25MM, INSTALADO EM RAMAL DE DISTRIBUIÇÃO DE ÁGUA - FORNECIMENTO E INSTALAÇÃO. AF_12/2014","UN","5,76","6,11",null,5.76,6.11,"Sinapi 89411"]
["89412","JOELHO 90 GRAUS, PVC, SOLDÁVEL, DN 25MM, X 3/4\u0094 INSTALADO EM RAMAL DE DISTRIBUIÇÃO DE ÁGUA - FORNECIMENTO E INSTALAÇÃO. AF_12/2014","UN","6,48","6,83",null,6.48,6.83,"Sinapi 89412"]
["89413","JOELHO 90 GRAUS, PVC, SOLDÁVEL, DN 32MM, INSTALADO EM RAMAL DE DISTRIBUIÇÃO DE ÁGUA - FORNECIMENTO E INSTALAÇÃO. AF_12/2014","UN","6,50","6,93",null,6.5,6.93,"Sinapi 89413"]
["89414","JOELHO 45 GRAUS, PVC, SOLDÁVEL, DN 32MM, INSTALADO EM RAMAL DE DISTRIBUIÇÃO DE ÁGUA - FORNECIMENTO E INSTALAÇÃO. AF_12/2014","UN","8,08","8,51",null,8.08,8.51,"Sinapi 89414"]
["89415","CURVA 90 GRAUS, PVC, SOLDÁVEL, DN 32MM, INSTALADO EM RAMAL DE DISTRIBUIÇÃO DE ÁGUA - FORNECIMENTO E INSTALAÇÃO. AF_12/2014","UN","10,05","10,48",null,10.050000000000001,10.48,"Sinapi 89415"]
["89416","CURVA 45 GRAUS, PVC, SOLDÁVEL, DN 32MM, INSTALADO EM RAMAL DE DISTRIBUIÇÃO DE ÁGUA - FORNECIMENTO E INSTALAÇÃO. AF_12/2014","UN","7,75","8,18",null,7.75,8.18,"Sinapi 89416"]
["89417","LUVA, PVC, SOLDÁVEL, DN 20MM, INSTALADO EM RAMAL DE DISTRIBUIÇÃO DE ÁGUA - FORNECIMENTO E INSTALAÇÃO. AF_12/2014","UN","2,97","3,17",null,2.97,3.17,"Sinapi 89417"]
["89418","LUVA DE CORRER, PVC, SOLDÁVEL, DN 20MM, INSTALADO EM RAMAL DE DISTRIBUIÇÃO DE ÁGUA - FORNECIMENTO E INSTALAÇÃO. AF_12/2014","UN","8,21","8,41",null,8.2100000000000009,8.41,"Sinapi 89418"]
["89419","LUVA DE REDUÇÃO, PVC, SOLDÁVEL, DN 25MM X 20MM, INSTALADO EM RAMAL DE DISTRIBUIÇÃO DE ÁGUA - FORNECIMENTO E INSTALAÇÃO. AF_12/2014","UN","3,45","3,65",null,3.45,3.65,"Sinapi 89419"]
["89420","LUVA COM BUCHA DE LATÃO, PVC, SOLDÁVEL, DN 20MM X 1/2\u0094, INSTALADO EM RAMAL DE DISTRIBUIÇÃO DE ÁGUA - FORNECIMENTO E INSTALAÇÃO. AF_12/2014","UN","6,29","6,49",null,6.29,6.49,"Sinapi 89420"]
["89421","UNIÃO, PVC, SOLDÁVEL, DN 20MM, INSTALADO EM RAMAL DE DISTRIBUIÇÃO DE ÁGUA - FORNECIMENTO E INSTALAÇÃO. AF_12/2014","UN","8,00","8,20",null,8,8.1999999999999993,"Sinapi 89421"]
["89422","ADAPTADOR CURTO COM BOLSA E ROSCA PARA REGISTRO, PVC, SOLDÁVEL, DN 20MM X 1/2\u0094, INSTALADO EM RAMAL DE DISTRIBUIÇÃO DE ÁGUA - FORNECIMENTO E INSTALAÇÃO. AF_12/2014","UN","3,03","3,23",null,3.03,3.23,"Sinapi 89422"]
["89423","CURVA DE TRANSPOSIÇÃO, PVC, SOLDÁVEL, DN 20MM, INSTALADO EM RAMAL DE DISTRIBUIÇÃO DE ÁGUA   FORNECIMENTO E INSTALAÇÃO. AF_12/2014","UN","5,96","6,16",null,5.96,6.16,"Sinapi 89423"]
["89424","LUVA, PVC, SOLDÁVEL, DN 25MM, INSTALADO EM RAMAL DE DISTRIBUIÇÃO DE ÁGUA - FORNECIMENTO E INSTALAÇÃO. AF_12/2014","UN","3,52","3,76",null,3.52,3.76,"Sinapi 89424"]
["89425","LUVA DE CORRER, PVC, SOLDÁVEL, DN 25MM, INSTALADO EM RAMAL DE DISTRIBUIÇÃO DE ÁGUA - FORNECIMENTO E INSTALAÇÃO. AF_12/2014","UN","10,50","10,74",null,10.5,10.74,"Sinapi 89425"]
["89426","LUVA DE REDUÇÃO, PVC, SOLDÁVEL, DN 32MM X 25MM, INSTALADO EM RAMAL DE DISTRIBUIÇÃO DE ÁGUA - FORNECIMENTO E INSTALAÇÃO. AF_12/2014","UN","5,66","5,90",null,5.66,5.9,"Sinapi 89426"]
["89427","LUVA COM BUCHA DE LATÃO, PVC, SOLDÁVEL, DN 25MM X 3/4\u0094, INSTALADO EM RAMAL DE DISTRIBUIÇÃO DE ÁGUA - FORNECIMENTO E INSTALAÇÃO. AF_12/2014","UN","7,93","8,17",null,7.93,8.17,"Sinapi 89427"]
["89428","UNIÃO, PVC, SOLDÁVEL, DN 25MM, INSTALADO EM RAMAL DE DISTRIBUIÇÃO DE ÁGUA - FORNECIMENTO E INSTALAÇÃO. AF_12/2014","UN","9,53","9,77",null,9.5299999999999994,9.77,"Sinapi 89428"]
["89429","ADAPTADOR CURTO COM BOLSA E ROSCA PARA REGISTRO, PVC, SOLDÁVEL, DN 25MM X 3/4\u0094, INSTALADO EM RAMAL DE DISTRIBUIÇÃO DE ÁGUA - FORNECIMENTO E INSTALAÇÃO. AF_12/2014","UN","3,59","3,83",null,3.59,3.83,"Sinapi 89429"]
["89430","CURVA DE TRANSPOSIÇÃO, PVC, SOLDÁVEL, DN 25MM, INSTALADO EM RAMAL DE DISTRIBUIÇÃO DE ÁGUA   FORNECIMENTO E INSTALAÇÃO. AF_12/2014","UN","8,05","8,29",null,8.0500000000000007,8.2899999999999991,"Sinapi 89430"]
["89431","LUVA, PVC, SOLDÁVEL, DN 32MM, INSTALADO EM RAMAL DE DISTRIBUIÇÃO DE ÁGUA - FORNECIMENTO E INSTALAÇÃO. AF_12/2014","UN","5,03","5,31",null,5.03,5.31,"Sinapi 89431"]
["89432","LUVA DE CORRER, PVC, SOLDÁVEL, DN 32MM, INSTALADO EM RAMAL DE DISTRIBUIÇÃO DE ÁGUA   FORNECIMENTO E INSTALAÇÃO. AF_12/2014","UN","21,69","21,97",null,21.69,21.97,"Sinapi 89432"]
["89433","LUVA DE REDUÇÃO, PVC, SOLDÁVEL, DN 40MM X 32MM, INSTALADO EM RAMAL DE DISTRIBUIÇÃO DE ÁGUA - FORNECIMENTO E INSTALAÇÃO. AF_12/2014","UN","6,92","7,20",null,6.92,7.2,"Sinapi 89433"]
["89434","LUVA SOLDÁVEL E COM ROSCA, PVC, SOLDÁVEL, DN 32MM X 1\u0094, INSTALADO EM RAMAL DE DISTRIBUIÇÃO DE ÁGUA - FORNECIMENTO E INSTALAÇÃO. AF_12/2014","UN","7,56","7,84",null,7.56,7.84,"Sinapi 89434"]
["89435","UNIÃO, PVC, SOLDÁVEL, DN 32MM, INSTALADO EM RAMAL DE DISTRIBUIÇÃO DE ÁGUA - FORNECIMENTO E INSTALAÇÃO. AF_12/2014","UN","14,43","14,71",null,14.43,14.71,"Sinapi 89435"]
["89436","ADAPTADOR CURTO COM BOLSA E ROSCA PARA REGISTRO, PVC, SOLDÁVEL, DN 32MM X 1\u0094, INSTALADO EM RAMAL DE DISTRIBUIÇÃO DE ÁGUA - FORNECIMENTO E INSTALAÇÃO. AF_12/2014","UN","4,96","5,24",null,4.96,5.24,"Sinapi 89436"]
["89437","CURVA DE TRANSPOSIÇÃO, PVC, SOLDÁVEL, DN 32MM, INSTALADO EM RAMAL DE DISTRIBUIÇÃO DE ÁGUA   FORNECIMENTO E INSTALAÇÃO. AF_12/2014","UN","17,30","17,58",null,17.3,17.579999999999998,"Sinapi 89437"]
["89438","TE, PVC, SOLDÁVEL, DN 20MM, INSTALADO EM RAMAL DE DISTRIBUIÇÃO DE ÁGUA - FORNECIMENTO E INSTALAÇÃO. AF_12/2014","UN","5,34","5,75",null,{"$f":"IF(D3400=\"\",\"\",D3400+0)","v":5.34},{"$f":"IF(E3400=\"\",\"\",E3400+0)","v":5.75},{"$f":"IF(OR(G3400=\"\",H3400=\"\"),\"\",CONCATENATE(\"Sinapi \",A3400))","v":"Sinapi 89438"}]
["89439","TÊ SOLDÁVEL E COM ROSCA NA BOLSA CENTRAL, PVC, SOLDÁVEL, DN 20MM X 1/2\u0094, INSTALADO EM RAMAL DE DISTRIBUIÇÃO DE ÁGUA - FORNECIMENTO E INSTALAÇÃO. AF_12/2014","UN","6,84","7,25",null,6.84,7.25,"Sinapi 89439"]
["89440","TE, PVC, SOLDÁVEL, DN 25MM, INSTALADO EM RAMAL DE DISTRIBUIÇÃO DE ÁGUA - FORNECIMENTO E INSTALAÇÃO. AF_12/2014","UN","6,44","6,91",null,6.44,6.91,"Sinapi 89440"]
["89441","TÊ COM BUCHA DE LATÃO NA BOLSA CENTRAL, PVC, SOLDÁVEL, DN 25MM X 1/2\u0094, INSTALADO EM RAMAL DE DISTRIBUIÇÃO DE ÁGUA - FORNECIMENTO E INSTALAÇÃO. AF_12/2014","UN","12,03","12,50",null,12.03,12.5,"Sinapi 89441"]
["89442","TÊ DE REDUÇÃO, PVC, SOLDÁVEL, DN 25MM X 20MM, INSTALADO EM RAMAL DE DISTRIBUIÇÃO DE ÁGUA - FORNECIMENTO E INSTALAÇÃO. AF_12/2014","UN","7,93","8,40",null,7.93,8.4,"Sinapi 89442"]
["89443","TE, PVC, SOLDÁVEL, DN 32MM, INSTALADO EM RAMAL DE DISTRIBUIÇÃO DE ÁGUA - FORNECIMENTO E INSTALAÇÃO. AF_12/2014","UN","9,84","10,40",null,9.84,10.4,"Sinapi 89443"]
["89444","TÊ COM BUCHA DE LATÃO NA BOLSA CENTRAL, PVC, SOLDÁVEL, DN 32MM X 3/4\u0094, INSTALADO EM RAMAL DE DISTRIBUIÇÃO DE ÁGUA - FORNECIMENTO E INSTALAÇÃO. AF_12/2014","UN","19,33","19,89",null,19.329999999999998,19.89,"Sinapi 89444"]
["89445","TÊ DE REDUÇÃO, PVC, SOLDÁVEL, DN 32MM X 25MM, INSTALADO EM RAMAL DE DISTRIBUIÇÃO DE ÁGUA - FORNECIMENTO E INSTALAÇÃO. AF_12/2014","UN","11,32","11,88",null,11.32,11.88,"Sinapi 89445"]
["89481","JOELHO 90 GRAUS, PVC, SOLDÁVEL, DN 25MM, INSTALADO EM PRUMADA DE ÁGUA - FORNECIMENTO E INSTALAÇÃO. AF_12/2014","UN","3,45","3,69",null,3.45,3.69,"Sinapi 89481"]
["89485","JOELHO 45 GRAUS, PVC, SOLDÁVEL, DN 25MM, INSTALADO EM PRUMADA DE ÁGUA - FORNECIMENTO E INSTALAÇÃO. AF_12/2014","UN","4,02","4,26",null,4.0199999999999996,4.26,"Sinapi 89485"]
["89489","CURVA 90 GRAUS, PVC, SOLDÁVEL, DN 25MM, INSTALADO EM PRUMADA DE ÁGUA - FORNECIMENTO E INSTALAÇÃO. AF_12/2014","UN","5,18","5,42",null,5.18,5.42,"Sinapi 89489"]
["89490","CURVA 45 GRAUS, PVC, SOLDÁVEL, DN 25MM, INSTALADO EM PRUMADA DE ÁGUA - FORNECIMENTO E INSTALAÇÃO. AF_12/2014","UN","4,66","4,90",null,4.66,4.9000000000000004,"Sinapi 89490"]
["89492","JOELHO 90 GRAUS, PVC, SOLDÁVEL, DN 32MM, INSTALADO EM PRUMADA DE ÁGUA - FORNECIMENTO E INSTALAÇÃO. AF_12/2014","UN","5,26","5,55",null,5.26,5.55,"Sinapi 89492"]
["89493","JOELHO 45 GRAUS, PVC, SOLDÁVEL, DN 32MM, INSTALADO EM PRUMADA DE ÁGUA - FORNECIMENTO E INSTALAÇÃO. AF_12/2014","UN","6,84","7,13",null,6.84,7.13,"Sinapi 89493"]
["89494","CURVA 90 GRAUS, PVC, SOLDÁVEL, DN 32MM, INSTALADO EM PRUMADA DE ÁGUA - FORNECIMENTO E INSTALAÇÃO. AF_12/2014","UN","8,81","9,10",null,8.81,9.1,"Sinapi 89494"]
["89496","CURVA 45 GRAUS, PVC, SOLDÁVEL, DN 32MM, INSTALADO EM PRUMADA DE ÁGUA - FORNECIMENTO E INSTALAÇÃO. AF_12/2014","UN","6,51","6,80",null,6.51,6.8,"Sinapi 89496"]
["89497","JOELHO 90 GRAUS, PVC, SOLDÁVEL, DN 40MM, INSTALADO EM PRUMADA DE ÁGUA - FORNECIMENTO E INSTALAÇÃO. AF_12/2014","UN","8,38","8,73",null,8.3800000000000008,8.73,"Sinapi 89497"]
["89498","JOELHO 45 GRAUS, PVC, SOLDÁVEL, DN 40MM, INSTALADO EM PRUMADA DE ÁGUA - FORNECIMENTO E INSTALAÇÃO. AF_12/2014","UN","9,10","9,45",null,9.1,9.4499999999999993,"Sinapi 89498"]
["89499","CURVA 90 GRAUS, PVC, SOLDÁVEL, DN 40MM, INSTALADO EM PRUMADA DE ÁGUA - FORNECIMENTO E INSTALAÇÃO. AF_12/2014","UN","13,73","14,08",null,13.73,14.08,"Sinapi 89499"]
["89500","CURVA 45 GRAUS, PVC, SOLDÁVEL, DN 40MM, INSTALADO EM PRUMADA DE ÁGUA - FORNECIMENTO E INSTALAÇÃO. AF_12/2014","UN","9,24","9,59",null,9.24,9.59,"Sinapi 89500"]
["89501","JOELHO 90 GRAUS, PVC, SOLDÁVEL, DN 50MM, INSTALADO EM PRUMADA DE ÁGUA - FORNECIMENTO E INSTALAÇÃO. AF_12/2014","UN","10,11","10,54",null,10.11,10.54,"Sinapi 89501"]
["89502","JOELHO 45 GRAUS, PVC, SOLDÁVEL, DN 50MM, INSTALADO EM PRUMADA DE ÁGUA - FORNECIMENTO E INSTALAÇÃO. AF_12/2014","UN","11,42","11,85",null,11.42,11.85,"Sinapi 89502"]
["89503","CURVA 90 GRAUS, PVC, SOLDÁVEL, DN 50MM, INSTALADO EM PRUMADA DE ÁGUA - FORNECIMENTO E INSTALAÇÃO. AF_12/2014","UN","17,16","17,59",null,17.16,17.59,"Sinapi 89503"]
["89504","CURVA 45 GRAUS, PVC, SOLDÁVEL, DN 50MM, INSTALADO EM PRUMADA DE ÁGUA - FORNECIMENTO E INSTALAÇÃO. AF_12/2014","UN","15,08","15,51",null,15.08,15.51,"Sinapi 89504"]
["89505","JOELHO 90 GRAUS, PVC, SOLDÁVEL, DN 60MM, INSTALADO EM PRUMADA DE ÁGUA - FORNECIMENTO E INSTALAÇÃO. AF_12/2014","UN","25,44","25,94",null,25.44,25.94,"Sinapi 89505"]
["89506","JOELHO 45 GRAUS, PVC, SOLDÁVEL, DN 60MM, INSTALADO EM PRUMADA DE ÁGUA - FORNECIMENTO E INSTALAÇÃO. AF_12/2014","UN","28,57","29,07",null,28.57,29.07,"Sinapi 89506"]
["89507","CURVA 90 GRAUS, PVC, SOLDÁVEL, DN 60MM, INSTALADO EM PRUMADA DE ÁGUA - FORNECIMENTO E INSTALAÇÃO. AF_12/2014","UN","35,10","35,60",null,35.1,35.6,"Sinapi 89507"]
["89510","CURVA 45 GRAUS, PVC, SOLDÁVEL, DN 60MM, INSTALADO EM PRUMADA DE ÁGUA - FORNECIMENTO E INSTALAÇÃO. AF_12/2014","UN","23,13","23,63",null,23.13,23.63,"Sinapi 89510"]
["89513","JOELHO 90 GRAUS, PVC, SOLDÁVEL, DN 75MM, INSTALADO EM PRUMADA DE ÁGUA - FORNECIMENTO E INSTALAÇÃO. AF_12/2014","UN","78,14","78,76",null,78.14,78.760000000000005,"Sinapi 89513"]
["89514","JOELHO 90 GRAUS, PVC, SERIE R, ÁGUA PLUVIAL, DN 40 MM, JUNTA SOLDÁVEL, FORNECIDO E INSTALADO EM RAMAL DE ENCAMINHAMENTO. AF_12/2014","UN","6,85","7,04",null,6.85,7.04,"Sinapi 89514"]
["89515","JOELHO 45 GRAUS, PVC, SOLDÁVEL, DN 75MM, INSTALADO EM PRUMADA DE ÁGUA - FORNECIMENTO E INSTALAÇÃO. AF_12/2014","UN","59,08","59,70",null,59.08,59.7,"Sinapi 89515"]
["89516","JOELHO 45 GRAUS, PVC, SERIE R, ÁGUA PLUVIAL, DN 40 MM, JUNTA SOLDÁVEL, FORNECIDO E INSTALADO EM RAMAL DE ENCAMINHAMENTO. AF_12/2014","UN","6,02","6,21",null,6.02,6.21,"Sinapi 89516"]
["89517","CURVA 90 GRAUS, PVC, SOLDÁVEL, DN 75MM, INSTALADO EM PRUMADA DE ÁGUA - FORNECIMENTO E INSTALAÇÃO. AF_12/2014","UN","49,80","50,42",null,49.8,50.42,"Sinapi 89517"]
["89518","JOELHO 90 GRAUS, PVC, SERIE R, ÁGUA PLUVIAL, DN 50 MM, JUNTA ELÁSTICA, FORNECIDO E INSTALADO EM RAMAL DE ENCAMINHAMENTO. AF_12/2014","UN","9,54","9,79",null,9.5399999999999991,9.7899999999999991,"Sinapi 89518"]
["89519","CURVA 45 GRAUS, PVC, SOLDÁVEL, DN 75MM, INSTALADO EM PRUMADA DE ÁGUA - FORNECIMENTO E INSTALAÇÃO. AF_12/2014","UN","33,79","34,41",null,33.79,34.409999999999997,"Sinapi 89519"]
["89520","JOELHO 45 GRAUS, PVC, SERIE R, ÁGUA PLUVIAL, DN 50 MM, JUNTA ELÁSTICA, FORNECIDO E INSTALADO EM RAMAL DE ENCAMINHAMENTO. AF_12/2014","UN","8,44","8,69",null,8.44,8.69,"Sinapi 89520"]
["89521","JOELHO 90 GRAUS, PVC, SOLDÁVEL, DN 85MM, INSTALADO EM PRUMADA DE ÁGUA - FORNECIMENTO E INSTALAÇÃO. AF_12/2014","UN","92,08","92,77",null,92.08,92.77,"Sinapi 89521"]
["89522","JOELHO 90 GRAUS, PVC, SERIE R, ÁGUA PLUVIAL, DN 75 MM, JUNTA ELÁSTICA, FORNECIDO E INSTALADO EM RAMAL DE ENCAMINHAMENTO. AF_12/2014","UN","19,02","19,41",null,19.02,19.41,"Sinapi 89522"]
["89523","JOELHO 45 GRAUS, PVC, SOLDÁVEL, DN 85MM, INSTALADO EM PRUMADA DE ÁGUA - FORNECIMENTO E INSTALAÇÃO. AF_12/2014","UN","69,63","70,32",null,69.63,70.319999999999993,"Sinapi 89523"]
["89524","JOELHO 45 GRAUS, PVC, SERIE R, ÁGUA PLUVIAL, DN 75 MM, JUNTA ELÁSTICA, FORNECIDO E INSTALADO EM RAMAL DE ENCAMINHAMENTO. AF_12/2014","UN","16,92","17,31",null,16.920000000000002,17.309999999999999,"Sinapi 89524"]
["89525","CURVA 90 GRAUS, PVC, SOLDÁVEL, DN 85MM, INSTALADO EM PRUMADA DE ÁGUA - FORNECIMENTO E INSTALAÇÃO. AF_12/2014","UN","68,49","69,18",null,68.489999999999995,69.180000000000007,"Sinapi 89525"]
["89526","CURVA 87 GRAUS E 30 MINUTOS, PVC, SERIE R, ÁGUA PLUVIAL, DN 75 MM, JUNTA ELÁSTICA, FORNECIDO E INSTALADO EM RAMAL DE ENCAMINHAMENTO. AF_12/2014","UN","24,57","24,96",null,24.57,24.96,"Sinapi 89526"]
["89527","CURVA 45 GRAUS, PVC, SOLDÁVEL, DN 85MM, INSTALADO EM PRUMADA DE ÁGUA - FORNECIMENTO E INSTALAÇÃO. AF_12/2014","UN","52,74","53,43",null,52.74,53.43,"Sinapi 89527"]
["89528","LUVA, PVC, SOLDÁVEL, DN 25MM, INSTALADO EM PRUMADA DE ÁGUA - FORNECIMENTO E INSTALAÇÃO. AF_12/2014","UN","2,79","2,94",null,2.79,2.94,"Sinapi 89528"]
["89529","JOELHO 90 GRAUS, PVC, SERIE R, ÁGUA PLUVIAL, DN 100 MM, JUNTA ELÁSTICA, FORNECIDO E INSTALADO EM RAMAL DE ENCAMINHAMENTO. AF_12/2014","UN","28,13","28,68",null,28.13,28.68,"Sinapi 89529"]
["89530","LUVA DE CORRER, PVC, SOLDÁVEL, DN 25MM, INSTALADO EM PRUMADA DE ÁGUA - FORNECIMENTO E INSTALAÇÃO. AF_12/2014","UN","9,77","9,92",null,9.77,9.92,"Sinapi 89530"]
["89531","JOELHO 45 GRAUS, PVC, SERIE R, ÁGUA PLUVIAL, DN 100 MM, JUNTA ELÁSTICA, FORNECIDO E INSTALADO EM RAMAL DE ENCAMINHAMENTO. AF_12/2014","UN","23,02","23,57",null,23.02,23.57,"Sinapi 89531"]
["89532","LUVA DE REDUÇÃO, PVC, SOLDÁVEL, DN 32MM X 25MM, INSTALADO EM PRUMADA DE ÁGUA - FORNECIMENTO E INSTALAÇÃO. AF_12/2014","UN","4,93","5,08",null,4.93,5.08,"Sinapi 89532"]
["89533","JOELHO 45 GRAUS PARA PÉ DE COLUNA, PVC, SERIE R, ÁGUA PLUVIAL, DN 100 MM, JUNTA ELÁSTICA, FORNECIDO E INSTALADO EM RAMAL DE ENCAMINHAMENTO. AF_12/2014","UN","23,02","23,57",null,23.02,23.57,"Sinapi 89533"]
["89534","LUVA SOLDÁVEL E COM ROSCA, PVC, SOLDÁVEL, DN 25MM X 3/4\u0094, INSTALADO EM PRUMADA DE ÁGUA - FORNECIMENTO E INSTALAÇÃO. AF_12/2014","UN","3,41","3,56",null,3.41,3.56,"Sinapi 89534"]
["89535","CURVA 87 GRAUS E 30 MINUTOS, PVC, SERIE R, ÁGUA PLUVIAL, DN 100 MM, JUNTA ELÁSTICA, FORNECIDO E INSTALADO EM RAMAL DE ENCAMINHAMENTO. AF_12/2014","UN","36,14","36,69",null,36.14,36.69,"Sinapi 89535"]
["89536","UNIÃO, PVC, SOLDÁVEL, DN 25MM, INSTALADO EM PRUMADA DE ÁGUA - FORNECIMENTO E INSTALAÇÃO. AF_12/2014","UN","8,80","8,95",null,8.8000000000000007,8.9499999999999993,"Sinapi 89536"]
["89538","ADAPTADOR CURTO COM BOLSA E ROSCA PARA REGISTRO, PVC, SOLDÁVEL, DN 25MM X 3/4\u0094, INSTALADO EM PRUMADA DE ÁGUA - FORNECIMENTO E INSTALAÇÃO. AF_12/2014","UN","2,86","3,01",null,2.86,3.01,"Sinapi 89538"]
["89540","CURVA DE TRANSPOSIÇÃO, PVC, SOLDÁVEL, DN 25MM, INSTALADO EM PRUMADA DE ÁGUA  - FORNECIMENTO E INSTALAÇÃO. AF_12/2014","UN","7,32","7,47",null,7.32,7.47,"Sinapi 89540"]
["89541","LUVA, PVC, SOLDÁVEL, DN 32MM, INSTALADO EM PRUMADA DE ÁGUA - FORNECIMENTO E INSTALAÇÃO. AF_12/2014","UN","4,22","4,41",null,4.22,4.41,"Sinapi 89541"]
["89542","LUVA DE CORRER, PVC, SOLDÁVEL, DN 32MM, INSTALADO EM PRUMADA DE ÁGUA - FORNECIMENTO E INSTALAÇÃO. AF_12/2014","UN","20,88","21,07",null,20.88,21.07,"Sinapi 89542"]
["89544","LUVA SIMPLES, PVC, SERIE R, ÁGUA PLUVIAL, DN 40 MM, JUNTA SOLDÁVEL, FORNECIDO E INSTALADO EM RAMAL DE ENCAMINHAMENTO. AF_12/2014","UN","5,99","6,13",null,5.99,6.13,"Sinapi 89544"]
["89545","LUVA SIMPLES, PVC, SERIE R, ÁGUA PLUVIAL, DN 50 MM, JUNTA ELÁSTICA, FORNECIDO E INSTALADO EM RAMAL DE ENCAMINHAMENTO. AF_12/2014","UN","8,60","8,77",null,8.6,8.77,"Sinapi 89545"]
["89546","BUCHA DE REDUÇÃO LONGA, PVC, SERIE R, ÁGUA PLUVIAL, DN 50 X 40 MM, JUNTA ELÁSTICA, FORNECIDO E INSTALADO EM RAMAL DE ENCAMINHAMENTO. AF_12/2014","UN","7,50","7,67",null,7.5,7.67,"Sinapi 89546"]
["89547","LUVA SIMPLES, PVC, SERIE R, ÁGUA PLUVIAL, DN 75 MM, JUNTA ELÁSTICA, FORNECIDO E INSTALADO EM RAMAL DE ENCAMINHAMENTO. AF_12/2014","UN","12,93","13,20",null,12.93,13.2,"Sinapi 89547"]
["89548","LUVA DE CORRER, PVC, SERIE R, ÁGUA PLUVIAL, DN 75 MM, JUNTA ELÁSTICA, FORNECIDO E INSTALADO EM RAMAL DE ENCAMINHAMENTO. AF_12/2014","UN","13,98","14,25",null,13.98,14.25,"Sinapi 89548"]
["89549","REDUÇÃO EXCÊNTRICA, PVC, SERIE R, ÁGUA PLUVIAL, DN 75 X 50 MM, JUNTA ELÁSTICA, FORNECIDO E INSTALADO EM RAMAL DE ENCAMINHAMENTO. AF_12/2014","UN","10,13","10,40",null,10.130000000000001,10.4,"Sinapi 89549"]
["89550","TÊ DE INSPEÇÃO, PVC, SERIE R, ÁGUA PLUVIAL, DN 75 MM, JUNTA ELÁSTICA, FORNECIDO E INSTALADO EM RAMAL DE ENCAMINHAMENTO. AF_12/2014","UN","24,41","24,68",null,24.41,24.68,"Sinapi 89550"]
["89551","LUVA SOLDÁVEL E COM ROSCA, PVC, SOLDÁVEL, DN 32MM X 1\u0094, INSTALADO EM PRUMADA DE ÁGUA - FORNECIMENTO E INSTALAÇÃO. AF_12/2014","UN","6,75","6,94",null,6.75,6.94,"Sinapi 89551"]
["89552","UNIÃO, PVC, SOLDÁVEL, DN 32MM, INSTALADO EM PRUMADA DE ÁGUA - FORNECIMENTO E INSTALAÇÃO. AF_12/2014","UN","13,62","13,81",null,{"$f":"IF(D3464=\"\",\"\",D3464+0)","v":13.62},{"$f":"IF(E3464=\"\",\"\",E3464+0)","v":13.81},{"$f":"IF(OR(G3464=\"\",H3464=\"\"),\"\",CONCATENATE(\"Sinapi \",A3464))","v":"Sinapi 89552"}]
["89553","ADAPTADOR CURTO COM BOLSA E ROSCA PARA REGISTRO, PVC, SOLDÁVEL, DN 32MM X 1\u0094, INSTALADO EM PRUMADA DE ÁGUA - FORNECIMENTO E INSTALAÇÃO. AF_12/2014","UN","4,15","4,34",null,4.1500000000000004,4.34,"Sinapi 89553"]
["89554","LUVA SIMPLES, PVC, SERIE R, ÁGUA PLUVIAL, DN 100 MM, JUNTA ELÁSTICA, FORNECIDO E INSTALADO EM RAMAL DE ENCAMINHAMENTO. AF_12/2014","UN","16,00","16,36",null,16,16.36,"Sinapi 89554"]
["89555","CURVA DE TRANSPOSIÇÃO, PVC, SOLDÁVEL, DN 32MM, INSTALADO EM PRUMADA DE ÁGUA   FORNECIMENTO E INSTALAÇÃO. AF_12/2014","UN","16,49","16,68",null,16.489999999999998,16.68,"Sinapi 89555"]
["89556","LUVA DE CORRER, PVC, SERIE R, ÁGUA PLUVIAL, DN 100 MM, JUNTA ELÁSTICA, FORNECIDO E INSTALADO EM RAMAL DE ENCAMINHAMENTO. AF_12/2014","UN","23,15","23,51",null,23.15,23.51,"Sinapi 89556"]
["89557","REDUÇÃO EXCÊNTRICA, PVC, SERIE R, ÁGUA PLUVIAL, DN 100 X 75 MM, JUNTA ELÁSTICA, FORNECIDO E INSTALADO EM RAMAL DE ENCAMINHAMENTO. AF_12/2014","UN","18,45","18,81",null,18.45,18.809999999999999,"Sinapi 89557"]
["89558","LUVA, PVC, SOLDÁVEL, DN 40MM, INSTALADO EM PRUMADA DE ÁGUA - FORNECIMENTO E INSTALAÇÃO. AF_12/2014","UN","6,38","6,61",null,6.38,6.61,"Sinapi 89558"]
["89559","TÊ DE INSPEÇÃO, PVC, SERIE R, ÁGUA PLUVIAL, DN 100 MM, JUNTA ELÁSTICA, FORNECIDO E INSTALADO EM RAMAL DE ENCAMINHAMENTO. AF_12/2014","UN","40,19","40,55",null,40.19,40.549999999999997,"Sinapi 89559"]
["89561","JUNÇÃO SIMPLES, PVC, SERIE R, ÁGUA PLUVIAL, DN 40 MM, JUNTA SOLDÁVEL, FORNECIDO E INSTALADO EM RAMAL DE ENCAMINHAMENTO. AF_12/2014","UN","8,91","9,18",null,8.91,9.18,"Sinapi 89561"]
["89562","LUVA DE REDUÇÃO, PVC, SOLDÁVEL, DN 40MM X 32MM, INSTALADO EM PRUMADA DE ÁGUA - FORNECIMENTO E INSTALAÇÃO. AF_12/2014","UN","6,79","7,02",null,6.79,7.02,"Sinapi 89562"]
["89563","JUNÇÃO SIMPLES, PVC, SERIE R, ÁGUA PLUVIAL, DN 50 MM, JUNTA ELÁSTICA, FORNECIDO E INSTALADO EM RAMAL DE ENCAMINHAMENTO. AF_12/2014","UN","14,26","14,61",null,14.26,14.61,"Sinapi 89563"]
["89564","LUVA COM ROSCA, PVC, SOLDÁVEL, DN 40MM X 1.1/4\u0094, INSTALADO EM PRUMADA DE ÁGUA - FORNECIMENTO E INSTALAÇÃO. AF_12/2014","UN","12,23","12,46",null,12.23,12.46,"Sinapi 89564"]
["89565","JUNÇÃO SIMPLES, PVC, SERIE R, ÁGUA PLUVIAL, DN 75 X 75 MM, JUNTA ELÁSTICA, FORNECIDO E INSTALADO EM RAMAL DE ENCAMINHAMENTO. AF_12/2014","UN","34,30","34,83",null,34.299999999999997,34.83,"Sinapi 89565"]
["89566","TÊ, PVC, SERIE R, ÁGUA PLUVIAL, DN 75 MM, JUNTA ELÁSTICA, FORNECIDO E INSTALADO EM RAMAL DE ENCAMINHAMENTO. AF_12/2014","UN","29,77","30,30",null,29.77,30.3,"Sinapi 89566"]
["89567","JUNÇÃO SIMPLES, PVC, SERIE R, ÁGUA PLUVIAL, DN 100 X 100 MM, JUNTA ELÁSTICA, FORNECIDO E INSTALADO EM RAMAL DE ENCAMINHAMENTO. AF_12/2014","UN","50,61","51,33",null,50.61,51.33,"Sinapi 89567"]
["89568","UNIÃO, PVC, SOLDÁVEL, DN 40MM, INSTALADO EM PRUMADA DE ÁGUA - FORNECIMENTO E INSTALAÇÃO. AF_12/2014","UN","24,56","24,79",null,24.56,24.79,"Sinapi 89568"]
["89569","JUNÇÃO SIMPLES, PVC, SERIE R, ÁGUA PLUVIAL, DN 100 X 75 MM, JUNTA ELÁSTICA, FORNECIDO E INSTALADO EM RAMAL DE ENCAMINHAMENTO. AF_12/2014","UN","47,93","48,65",null,47.93,48.65,"Sinapi 89569"]
["89570","ADAPTADOR CURTO COM BOLSA E ROSCA PARA REGISTRO, PVC, SOLDÁVEL, DN 40MM X 1.1/2\u0094, INSTALADO EM PRUMADA DE ÁGUA - FORNECIMENTO E INSTALAÇÃO. AF_12/2014","UN","8,69","8,92",null,8.69,8.92,"Sinapi 89570"]
["89571","TÊ, PVC, SERIE R, ÁGUA PLUVIAL, DN 100 X 100 MM, JUNTA ELÁSTICA, FORNECIDO E INSTALADO EM RAMAL DE ENCAMINHAMENTO. AF_12/2014","UN","46,64","47,36",null,46.64,47.36,"Sinapi 89571"]
["89572","ADAPTADOR CURTO COM BOLSA E ROSCA PARA REGISTRO, PVC, SOLDÁVEL, DN 40MM X 1.1/4\u0094, INSTALADO EM PRUMADA DE ÁGUA - FORNECIMENTO E INSTALAÇÃO. AF_12/2014","UN","6,05","6,28",null,6.05,6.28,"Sinapi 89572"]
["89573","TÊ, PVC, SERIE R, ÁGUA PLUVIAL, DN 100 X 75 MM, JUNTA ELÁSTICA, FORNECIDO E INSTALADO EM RAMAL DE ENCAMINHAMENTO. AF_12/2014","UN","42,55","43,27",null,42.55,43.27,"Sinapi 89573"]
["89574","JUNÇÃO DUPLA, PVC, SERIE R, ÁGUA PLUVIAL, DN 100 X 100 X 100 MM, JUNTA ELÁSTICA, FORNECIDO E INSTALADO EM RAMAL DE ENCAMINHAMENTO. AF_12/2014","UN","82,48","83,60",null,82.48,83.6,"Sinapi 89574"]
["89575","LUVA, PVC, SOLDÁVEL, DN 50MM, INSTALADO EM PRUMADA DE ÁGUA - FORNECIMENTO E INSTALAÇÃO. AF_12/2014","UN","8,09","8,38",null,8.09,8.3800000000000008,"Sinapi 89575"]
["89577","LUVA DE CORRER, PVC, SOLDÁVEL, DN 50MM, INSTALADO EM PRUMADA DE ÁGUA - FORNECIMENTO E INSTALAÇÃO. AF_12/2014","UN","25,22","25,51",null,25.22,25.51,"Sinapi 89577"]
["89579","LUVA DE REDUÇÃO, PVC, SOLDÁVEL, DN 50MM X 25MM, INSTALADO EM PRUMADA DE ÁGUA   FORNECIMENTO E INSTALAÇÃO. AF_12/2014","UN","8,29","8,58",null,8.2899999999999991,8.58,"Sinapi 89579"]
["89581","JOELHO 90 GRAUS, PVC, SERIE R, ÁGUA PLUVIAL, DN 75 MM, JUNTA ELÁSTICA, FORNECIDO E INSTALADO EM CONDUTORES VERTICAIS DE ÁGUAS PLUVIAIS. AF_12/2014","UN","17,59","17,83",null,17.59,17.829999999999998,"Sinapi 89581"]
["89582","JOELHO 45 GRAUS, PVC, SERIE R, ÁGUA PLUVIAL, DN 75 MM, JUNTA ELÁSTICA, FORNECIDO E INSTALADO EM CONDUTORES VERTICAIS DE ÁGUAS PLUVIAIS. AF_12/2014","UN","15,49","15,73",null,15.49,15.73,"Sinapi 89582"]
["89583","CURVA 87 GRAUS E 30 MINUTOS, PVC, SERIE R, ÁGUA PLUVIAL, DN 75 MM, JUNTA ELÁSTICA, FORNECIDO E INSTALADO EM CONDUTORES VERTICAIS DE ÁGUAS PLUVIAIS. AF_12/2014","UN","23,14","23,38",null,23.14,23.38,"Sinapi 89583"]
["89584","JOELHO 90 GRAUS, PVC, SERIE R, ÁGUA PLUVIAL, DN 100 MM, JUNTA ELÁSTICA, FORNECIDO E INSTALADO EM CONDUTORES VERTICAIS DE ÁGUAS PLUVIAIS. AF_12/2014","UN","26,72","27,11",null,26.72,27.11,"Sinapi 89584"]
["89585","JOELHO 45 GRAUS, PVC, SERIE R, ÁGUA PLUVIAL, DN 100 MM, JUNTA ELÁSTICA, FORNECIDO E INSTALADO EM CONDUTORES VERTICAIS DE ÁGUAS PLUVIAIS. AF_12/2014","UN","21,61","22,00",null,21.61,22,"Sinapi 89585"]
["89586","JOELHO 45 GRAUS PARA PÉ DE COLUNA, PVC, SERIE R, ÁGUA PLUVIAL, DN 100 MM, JUNTA ELÁSTICA, FORNECIDO E INSTALADO EM CONDUTORES VERTICAIS DE ÁGUAS PLUVIAIS. AF_12/2014","UN","21,61","22,00",null,21.61,22,"Sinapi 89586"]
["89587","CURVA 87 GRAUS E 30 MINUTOS, PVC, SERIE R, ÁGUA PLUVIAL, DN 100 MM, JUNTA ELÁSTICA, FORNECIDO E INSTALADO EM CONDUTORES VERTICAIS DE ÁGUAS PLUVIAIS. AF_12/2014","UN","34,73","35,12",null,34.729999999999997,35.119999999999997,"Sinapi 89587"]
["89590","JOELHO 90 GRAUS, PVC, SERIE R, ÁGUA PLUVIAL, DN 150 MM, JUNTA ELÁSTICA, FORNECIDO E INSTALADO EM CONDUTORES VERTICAIS DE ÁGUAS PLUVIAIS. AF_12/2014","UN","83,45","84,11",null,83.45,84.11,"Sinapi 89590"]
["89591","JOELHO 45 GRAUS, PVC, SERIE R, ÁGUA PLUVIAL, DN 150 MM, JUNTA ELÁSTICA, FORNECIDO E INSTALADO EM CONDUTORES VERTICAIS DE ÁGUAS PLUVIAIS. AF_12/2014","UN","68,77","69,43",null,68.77,69.430000000000007,"Sinapi 89591"]
["89592","CURVA 87 GRAUS E 30 MINUTOS, PVC, SERIE R, ÁGUA PLUVIAL, DN 150 MM, JUNTA ELÁSTICA, FORNECIDO E INSTALADO EM CONDUTORES VERTICAIS DE ÁGUAS PLUVIAIS. AF_12/2014","UN","111,46","112,12",null,111.46,112.12,"Sinapi 89592"]
["89593","LUVA COM ROSCA, PVC, SOLDÁVEL, DN 50MM X 1.1/2\u0094, INSTALADO EM PRUMADA DE ÁGUA - FORNECIMENTO E INSTALAÇÃO. AF_12/2014","UN","22,85","23,14",null,22.85,23.14,"Sinapi 89593"]
["89594","UNIÃO, PVC, SOLDÁVEL, DN 50MM, INSTALADO EM PRUMADA DE ÁGUA - FORNECIMENTO E INSTALAÇÃO. AF_12/2014","UN","27,51","27,80",null,27.51,27.8,"Sinapi 89594"]
["89595","ADAPTADOR CURTO COM BOLSA E ROSCA PARA REGISTRO, PVC, SOLDÁVEL, DN 50MM X 1.1/4\u0094, INSTALADO EM PRUMADA DE ÁGUA - FORNECIMENTO E INSTALAÇÃO. AF_12/2014","UN","10,70","10,99",null,10.7,10.99,"Sinapi 89595"]
["89596","ADAPTADOR CURTO COM BOLSA E ROSCA PARA REGISTRO, PVC, SOLDÁVEL, DN 50MM X 1.1/2\u0094, INSTALADO EM PRUMADA DE ÁGUA - FORNECIMENTO E INSTALAÇÃO. AF_12/2014","UN","7,96","8,25",null,7.96,8.25,"Sinapi 89596"]
["89597","LUVA, PVC, SOLDÁVEL, DN 60MM, INSTALADO EM PRUMADA DE ÁGUA - FORNECIMENTO E INSTALAÇÃO. AF_12/2014","UN","14,76","15,09",null,14.76,15.09,"Sinapi 89597"]
["89598","LUVA DE CORRER, PVC, SOLDÁVEL, DN 60MM, INSTALADO EM PRUMADA DE ÁGUA   FORNECIMENTO E INSTALAÇÃO. AF_12/2014","UN","37,96","38,29",null,37.96,38.29,"Sinapi 89598"]
["89599","LUVA SIMPLES, PVC, SERIE R, ÁGUA PLUVIAL, DN 75 MM, JUNTA ELÁSTICA, FORNECIDO E INSTALADO EM CONDUTORES VERTICAIS DE ÁGUAS PLUVIAIS. AF_12/2014","UN","11,87","12,02",null,11.87,12.02,"Sinapi 89599"]
["89600","LUVA DE CORRER, PVC, SERIE R, ÁGUA PLUVIAL, DN 75 MM, JUNTA ELÁSTICA, FORNECIDO E INSTALADO EM CONDUTORES VERTICAIS DE ÁGUAS PLUVIAIS. AF_12/2014","UN","12,92","13,07",null,12.92,13.07,"Sinapi 89600"]
["89605","LUVA DE REDUÇÃO, PVC, SOLDÁVEL, DN 60MM X 50MM, INSTALADO EM PRUMADA DE ÁGUA - FORNECIMENTO E INSTALAÇÃO. AF_12/2014","UN","14,42","14,75",null,14.42,14.75,"Sinapi 89605"]
["89609","UNIÃO, PVC, SOLDÁVEL, DN 60MM, INSTALADO EM PRUMADA DE ÁGUA - FORNECIMENTO E INSTALAÇÃO. AF_12/2014","UN","63,35","63,68",null,63.35,63.68,"Sinapi 89609"]
["89610","ADAPTADOR CURTO COM BOLSA E ROSCA PARA REGISTRO, PVC, SOLDÁVEL, DN 60MM X 2\u0094, INSTALADO EM PRUMADA DE ÁGUA - FORNECIMENTO E INSTALAÇÃO. AF_12/2014","UN","14,77","15,10",null,14.77,15.1,"Sinapi 89610"]
["89611","LUVA, PVC, SOLDÁVEL, DN 75MM, INSTALADO EM PRUMADA DE ÁGUA - FORNECIMENTO E INSTALAÇÃO. AF_12/2014","UN","24,00","24,41",null,24,24.41,"Sinapi 89611"]
["89612","UNIÃO, PVC, SOLDÁVEL, DN 75MM, INSTALADO EM PRUMADA DE ÁGUA - FORNECIMENTO E INSTALAÇÃO. AF_12/2014","UN","124,51","124,92",null,124.51,124.92,"Sinapi 89612"]
["89613","ADAPTADOR CURTO COM BOLSA E ROSCA PARA REGISTRO, PVC, SOLDÁVEL, DN 75MM X 2.1/2\u0094, INSTALADO EM PRUMADA DE ÁGUA - FORNECIMENTO E INSTALAÇÃO. AF_12/2014","UN","21,48","21,89",null,21.48,21.89,"Sinapi 89613"]
["89614","LUVA, PVC, SOLDÁVEL, DN 85MM, INSTALADO EM PRUMADA DE ÁGUA - FORNECIMENTO E INSTALAÇÃO. AF_12/2014","UN","45,15","45,61",null,45.15,45.61,"Sinapi 89614"]
["89615","UNIÃO, PVC, SOLDÁVEL, DN 85MM, INSTALADO EM PRUMADA DE ÁGUA - FORNECIMENTO E INSTALAÇÃO. AF_12/2014","UN","188,11","188,57",null,188.11,188.57,"Sinapi 89615"]
["89616","ADAPTADOR CURTO COM BOLSA E ROSCA PARA REGISTRO, PVC, SOLDÁVEL, DN 85MM X 3\u0094, INSTALADO EM PRUMADA DE ÁGUA - FORNECIMENTO E INSTALAÇÃO. AF_12/2014","UN","31,04","31,50",null,31.04,31.5,"Sinapi 89616"]
["89617","TE, PVC, SOLDÁVEL, DN 25MM, INSTALADO EM PRUMADA DE ÁGUA - FORNECIMENTO E INSTALAÇÃO. AF_12/2014","UN","4,98","5,29",null,4.9800000000000004,5.29,"Sinapi 89617"]
["89618","TÊ COM BUCHA DE LATÃO NA BOLSA CENTRAL, PVC, SOLDÁVEL, DN 25MM X 1/2\u0094, INSTALADO EM PRUMADA DE ÁGUA - FORNECIMENTO E INSTALAÇÃO. AF_12/2014","UN","10,57","10,88",null,10.57,10.88,"Sinapi 89618"]
["89619","TÊ DE REDUÇÃO, PVC, SOLDÁVEL, DN 25MM X 20MM, INSTALADO EM PRUMADA DE ÁGUA - FORNECIMENTO E INSTALAÇÃO. AF_12/2014","UN","6,47","6,78",null,6.47,6.78,"Sinapi 89619"]
["89620","TE, PVC, SOLDÁVEL, DN 32MM, INSTALADO EM PRUMADA DE ÁGUA - FORNECIMENTO E INSTALAÇÃO. AF_12/2014","UN","8,19","8,57",null,8.19,8.57,"Sinapi 89620"]
["89621","TÊ COM BUCHA DE LATÃO NA BOLSA CENTRAL, PVC, SOLDÁVEL, DN 32MM X 3/4\u0094, INSTALADO EM PRUMADA DE ÁGUA - FORNECIMENTO E INSTALAÇÃO. AF_12/2014","UN","17,68","18,06",null,17.68,18.059999999999999,"Sinapi 89621"]
["89622","TÊ DE REDUÇÃO, PVC, SOLDÁVEL, DN 32MM X 25MM, INSTALADO EM PRUMADA DE ÁGUA - FORNECIMENTO E INSTALAÇÃO. AF_12/2014","UN","9,67","10,05",null,9.67,10.050000000000001,"Sinapi 89622"]
["89623","TE, PVC, SOLDÁVEL, DN 40MM, INSTALADO EM PRUMADA DE ÁGUA - FORNECIMENTO E INSTALAÇÃO. AF_12/2014","UN","13,00","13,47",null,13,13.47,"Sinapi 89623"]
["89624","TÊ DE REDUÇÃO, PVC, SOLDÁVEL, DN 40MM X 32MM, INSTALADO EM PRUMADA DE ÁGUA - FORNECIMENTO E INSTALAÇÃO. AF_12/2014","UN","13,75","14,22",null,13.75,14.22,"Sinapi 89624"]
["89625","TE, PVC, SOLDÁVEL, DN 50MM, INSTALADO EM PRUMADA DE ÁGUA - FORNECIMENTO E INSTALAÇÃO. AF_12/2014","UN","15,74","16,31",null,15.74,16.309999999999999,"Sinapi 89625"]
["89626","TÊ DE REDUÇÃO, PVC, SOLDÁVEL, DN 50MM X 40MM, INSTALADO EM PRUMADA DE ÁGUA - FORNECIMENTO E INSTALAÇÃO. AF_12/2014","UN","21,50","22,07",null,21.5,22.07,"Sinapi 89626"]
["89627","TÊ DE REDUÇÃO, PVC, SOLDÁVEL, DN 50MM X 25MM, INSTALADO EM PRUMADA DE ÁGUA - FORNECIMENTO E INSTALAÇÃO. AF_12/2014","UN","14,88","15,45",null,14.88,15.45,"Sinapi 89627"]
["89628","TE, PVC, SOLDÁVEL, DN 60MM, INSTALADO EM PRUMADA DE ÁGUA - FORNECIMENTO E INSTALAÇÃO. AF_12/2014","UN","32,60","33,26",null,32.6,33.26,"Sinapi 89628"]
["89629","TE, PVC, SOLDÁVEL, DN 75MM, INSTALADO EM PRUMADA DE ÁGUA - FORNECIMENTO E INSTALAÇÃO. AF_12/2014","UN","59,36","60,18",null,{"$f":"IF(D3528=\"\",\"\",D3528+0)","v":59.36},{"$f":"IF(E3528=\"\",\"\",E3528+0)","v":60.18},{"$f":"IF(OR(G3528=\"\",H3528=\"\"),\"\",CONCATENATE(\"Sinapi \",A3528))","v":"Sinapi 89629"}]
["89630","TE DE REDUÇÃO, PVC, SOLDÁVEL, DN 75MM X 50MM, INSTALADO EM PRUMADA DE ÁGUA - FORNECIMENTO E INSTALAÇÃO. AF_12/2014","UN","51,52","52,34",null,51.52,52.34,"Sinapi 89630"]
["89631","TE, PVC, SOLDÁVEL, DN 85MM, INSTALADO EM PRUMADA DE ÁGUA - FORNECIMENTO E INSTALAÇÃO. AF_12/2014","UN","90,07","90,99",null,90.07,90.99,"Sinapi 89631"]
["89632","TE DE REDUÇÃO, PVC, SOLDÁVEL, DN 85MM X 60MM, INSTALADO EM PRUMADA DE ÁGUA - FORNECIMENTO E INSTALAÇÃO. AF_12/2014","UN","74,02","74,94",null,74.02,74.94,"Sinapi 89632"]
["89637","JOELHO 90 GRAUS, CPVC, SOLDÁVEL, DN 15MM, INSTALADO EM RAMAL OU SUB-RAMAL DE ÁGUA - FORNECIMENTO E INSTALAÇÃO. AF_12/2014","UN","6,11","6,53",null,6.11,6.53,"Sinapi 89637"]
["89638","JOELHO 45 GRAUS, CPVC, SOLDÁVEL, DN 15MM, INSTALADO EM RAMAL OU SUB-RAMAL DE ÁGUA - FORNECIMENTO E INSTALAÇÃO. AF_12/2014","UN","6,57","6,99",null,6.57,6.99,"Sinapi 89638"]
["89639","CURVA 90 GRAUS, CPVC, SOLDÁVEL, DN 15MM, INSTALADO EM RAMAL OU SUB-RAMAL DE ÁGUA - FORNECIMENTO E INSTALAÇÃO. AF_12/2014","UN","6,74","7,16",null,6.74,7.16,"Sinapi 89639"]
["89640","JOELHO DE TRANSIÇÃO, 90 GRAUS, CPVC, SOLDÁVEL, DN 15MM X 1/2\", INSTALADO EM RAMAL OU SUB-RAMAL DE ÁGUA - FORNECIMENTO E INSTALAÇÃO. AF_12/2014","UN","9,48","9,90",null,9.48,9.9,"Sinapi 89640"]
["89641","JOELHO 90 GRAUS, CPVC, SOLDÁVEL, DN 22MM, INSTALADO EM RAMAL OU SUB-RAMAL DE ÁGUA - FORNECIMENTO E INSTALAÇÃO. AF_12/2014","UN","8,41","8,94",null,8.41,8.94,"Sinapi 89641"]
["89642","JOELHO 45 GRAUS, CPVC, SOLDÁVEL, DN 22MM, INSTALADO EM RAMAL OU SUB-RAMAL DE ÁGUA - FORNECIMENTO E INSTALAÇÃO. AF_12/2014","UN","9,29","9,82",null,9.2899999999999991,9.82,"Sinapi 89642"]
["89643","CURVA 90 GRAUS, CPVC, SOLDÁVEL, DN 22MM, INSTALADO EM RAMAL OU SUB-RAMAL DE ÁGUA - FORNECIMENTO E INSTALAÇÃO. AF_12/2014","UN","9,58","10,11",null,9.58,10.11,"Sinapi 89643"]
["89644","JOELHO DE TRANSIÇÃO, 90 GRAUS, CPVC, SOLDÁVEL, DN 22MM X 1/2\", INSTALADO EM RAMAL OU SUB-RAMAL DE ÁGUA - FORNECIMENTO E INSTALAÇÃO. AF_12/2014","UN","13,75","14,28",null,13.75,14.28,"Sinapi 89644"]
["89645","JOELHO DE TRANSIÇÃO, 90 GRAUS, CPVC, SOLDÁVEL, DN 22MM X 3/4\", INSTALADO EM RAMAL OU SUB-RAMAL DE ÁGUA - FORNECIMENTO E INSTALAÇÃO. AF_12/2014","UN","14,39","14,81",null,14.39,14.81,"Sinapi 89645"]
["89646","JOELHO 90 GRAUS, CPVC, SOLDÁVEL, DN 28MM, INSTALADO EM RAMAL OU SUB-RAMAL DE ÁGUA - FORNECIMENTO E INSTALAÇÃO. AF_12/2014","UN","12,17","12,82",null,12.17,12.82,"Sinapi 89646"]
["89647","JOELHO 45 GRAUS, CPVC, SOLDÁVEL, DN 28MM, INSTALADO EM RAMAL OU SUB-RAMAL DE ÁGUA \u0096 FORNECIMENTO E INSTALAÇÃO. AF_12/2014","UN","11,97","12,62",null,11.97,12.62,"Sinapi 89647"]
["89648","CURVA 90 GRAUS, CPVC, SOLDÁVEL, DN 28MM, INSTALADO EM RAMAL OU SUB-RAMAL DE ÁGUA \u0096 FORNECIMENTO E INSTALAÇÃO. AF_12/2014","UN","12,91","13,56",null,12.91,13.56,"Sinapi 89648"]
["89649","JOELHO 90 GRAUS, CPVC, SOLDÁVEL, DN 35MM, INSTALADO EM RAMAL OU SUB-RAMAL DE ÁGUA \u0096 FORNECIMENTO E INSTALAÇÃO. AF_12/2014","UN","17,10","17,86",null,17.100000000000001,17.86,"Sinapi 89649"]
["89650","JOELHO 45 GRAUS, CPVC, SOLDÁVEL, DN 35MM, INSTALADO EM RAMAL OU SUB-RAMAL DE ÁGUA \u0096 FORNECIMENTO E INSTALAÇÃO. AF_12/2014","UN","17,10","17,86",null,17.100000000000001,17.86,"Sinapi 89650"]
["89651","LUVA, CPVC, SOLDÁVEL, DN 15MM, INSTALADO EM RAMAL OU SUB-RAMAL DE ÁGUA - FORNECIMENTO E INSTALAÇÃO. AF_12/2014","UN","4,25","4,54",null,4.25,4.54,"Sinapi 89651"]
["89652","LUVA DE CORRER, CPVC, SOLDÁVEL, DN 15MM, INSTALADO EM RAMAL OU SUB-RAMAL DE ÁGUA \u0096 FORNECIMENTO E INSTALAÇÃO. AF_12/2014","UN","6,27","6,56",null,6.27,6.56,"Sinapi 89652"]
["89653","LUVA DE TRANSIÇÃO, CPVC, SOLDÁVEL, DN15MM X 1/2\", INSTALADO EM RAMAL OU SUB-RAMAL DE ÁGUA - FORNECIMENTO E INSTALAÇÃO. AF_12/2014","UN","9,38","9,67",null,9.3800000000000008,9.67,"Sinapi 89653"]
["89654","UNIÃO, CPVC, SOLDÁVEL, DN15MM, INSTALADO EM RAMAL OU SUB-RAMAL DE ÁGUA \u0096 FORNECIMENTO E INSTALAÇÃO. AF_12/2014","UN","9,17","9,46",null,9.17,9.4600000000000009,"Sinapi 89654"]
["89655","CONECTOR, CPVC, SOLDÁVEL, DN 15MM X 1/2\u0094, INSTALADO EM RAMAL OU SUB-RAMAL DE ÁGUA \u0096 FORNECIMENTO E INSTALAÇÃO. AF_12/2014","UN","12,97","13,26",null,12.97,13.26,"Sinapi 89655"]
["89656","ADAPTADOR, CPVC, SOLDÁVEL, DN15MM, INSTALADO EM RAMAL OU SUB-RAMAL DE ÁGUA \u0096 FORNECIMENTO E INSTALAÇÃO. AF_12/2014","UN","6,59","6,88",null,6.59,6.88,"Sinapi 89656"]
["89657","CURVA DE TRANSPOSIÇÃO, CPVC, SOLDÁVEL, DN15MM, INSTALADO EM RAMAL OU SUB-RAMAL DE ÁGUA \u0096 FORNECIMENTO E INSTALAÇÃO. AF_12/2014","UN","6,69","6,98",null,6.69,6.98,"Sinapi 89657"]
["89658","LUVA, CPVC, SOLDÁVEL, DN 22MM, INSTALADO EM RAMAL OU SUB-RAMAL DE ÁGUA \u0096 FORNECIMENTO E INSTALAÇÃO. AF_12/2014","UN","5,78","6,14",null,5.78,6.14,"Sinapi 89658"]
["89659","LUVA DE CORRER, CPVC, SOLDÁVEL, DN 22MM, INSTALADO EM RAMAL OU SUB-RAMAL DE ÁGUA \u0096 FORNECIMENTO E INSTALAÇÃO. AF_12/2014","UN","8,87","9,23",null,8.8699999999999992,9.23,"Sinapi 89659"]
["89660","LUVA DE TRANSIÇÃO, CPVC, SOLDÁVEL, DN22MM X 25MM, INSTALADO EM RAMAL OU SUB-RAMAL DE ÁGUA - FORNECIMENTO E INSTALAÇÃO. AF_12/2014","UN","5,51","5,87",null,5.51,5.87,"Sinapi 89660"]
["89661","UNIÃO, CPVC, SOLDÁVEL, DN22MM, INSTALADO EM RAMAL OU SUB-RAMAL DE ÁGUA \u0096 FORNECIMENTO E INSTALAÇÃO. AF_12/2014","UN","11,23","11,59",null,11.23,11.59,"Sinapi 89661"]
["89662","CONECTOR, CPVC, SOLDÁVEL, DN 22MM X 1/2\u0094, INSTALADO EM RAMAL OU SUB-RAMAL DE ÁGUA \u0096 FORNECIMENTO E INSTALAÇÃO. AF_12/2014","UN","16,27","16,63",null,16.27,16.63,"Sinapi 89662"]
["89663","ADAPTADOR, CPVC, SOLDÁVEL, DN22MM, INSTALADO EM RAMAL OU SUB-RAMAL DE ÁGUA \u0096 FORNECIMENTO E INSTALAÇÃO. AF_12/2014","UN","7,83","8,19",null,7.83,8.19,"Sinapi 89663"]
["89664","CURVA DE TRANSPOSIÇÃO, CPVC, SOLDÁVEL, DN22MM, INSTALADO EM RAMAL OU SUB-RAMAL DE ÁGUA \u0096 FORNECIMENTO E INSTALAÇÃO. AF_12/2014","UN","8,87","9,23",null,8.8699999999999992,9.23,"Sinapi 89664"]
["89665","REDUÇÃO EXCÊNTRICA, PVC, SERIE R, ÁGUA PLUVIAL, DN 75 X 50 MM, JUNTA ELÁSTICA, FORNECIDO E INSTALADO EM CONDUTORES VERTICAIS DE ÁGUAS PLUVIAIS. AF_12/2014","UN","9,07","9,22",null,9.07,9.2200000000000006,"Sinapi 89665"]
["89666","BUCHA DE REDUÇÃO, CPVC, SOLDÁVEL, DN22MM X 15MM, INSTALADO EM RAMAL OU SUB-RAMAL DE ÁGUA \u0096 FORNECIMENTO E INSTALAÇÃO. AF_12/2014","UN","5,05","5,41",null,5.05,5.41,"Sinapi 89666"]
["89667","TÊ DE INSPEÇÃO, PVC, SERIE R, ÁGUA PLUVIAL, DN 75 MM, JUNTA ELÁSTICA, FORNECIDO E INSTALADO EM CONDUTORES VERTICAIS DE ÁGUAS PLUVIAIS. AF_12/2014","UN","23,35","23,50",null,23.35,23.5,"Sinapi 89667"]
["89668","CONECTOR, CPVC, SOLDÁVEL, DN22MM X 3/4\", INSTALADO EM RAMAL OU SUB-RAMAL DE ÁGUA - FORNECIMENTO E INSTALAÇÃO. AF_12/2014","UN","15,53","15,89",null,15.53,15.89,"Sinapi 89668"]
["89669","LUVA SIMPLES, PVC, SERIE R, ÁGUA PLUVIAL, DN 100 MM, JUNTA ELÁSTICA, FORNECIDO E INSTALADO EM CONDUTORES VERTICAIS DE ÁGUAS PLUVIAIS. AF_12/2014","UN","15,11","15,38",null,15.11,15.38,"Sinapi 89669"]
["89670","LUVA, CPVC, SOLDÁVEL, DN 28MM, INSTALADO EM RAMAL OU SUB-RAMAL DE ÁGUA \u0096 FORNECIMENTO E INSTALAÇÃO. AF_12/2014","UN","8,06","8,49",null,8.06,8.49,"Sinapi 89670"]
["89671","LUVA DE CORRER, PVC, SERIE R, ÁGUA PLUVIAL, DN 100 MM, JUNTA ELÁSTICA, FORNECIDO E INSTALADO EM CONDUTORES VERTICAIS DE ÁGUAS PLUVIAIS. AF_12/2014","UN","22,26","22,53",null,22.26,22.53,"Sinapi 89671"]
["89672","LUVA DE CORRER, CPVC, SOLDÁVEL, DN 28MM, INSTALADO EM RAMAL OU SUB-RAMAL DE ÁGUA \u0096 FORNECIMENTO E INSTALAÇÃO. AF_12/2014","UN","11,60","12,03",null,11.6,12.03,"Sinapi 89672"]
["89673","REDUÇÃO EXCÊNTRICA, PVC, SERIE R, ÁGUA PLUVIAL, DN 100 X 75 MM, JUNTA ELÁSTICA, FORNECIDO E INSTALADO EM CONDUTORES VERTICAIS DE ÁGUAS PLUVIAIS. AF_12/2014","UN","17,56","17,83",null,17.559999999999999,17.829999999999998,"Sinapi 89673"]
["89674","UNIÃO, CPVC, SOLDÁVEL, DN28MM, INSTALADO EM RAMAL OU SUB-RAMAL DE ÁGUA \u0096 FORNECIMENTO E INSTALAÇÃO. AF_12/2014","UN","16,12","16,55",null,16.12,16.55,"Sinapi 89674"]
["89675","TÊ DE INSPEÇÃO, PVC, SERIE R, ÁGUA PLUVIAL, DN 100 MM, JUNTA ELÁSTICA, FORNECIDO E INSTALADO EM CONDUTORES VERTICAIS DE ÁGUAS PLUVIAIS. AF_12/2014","UN","39,30","39,57",null,39.299999999999997,39.57,"Sinapi 89675"]
["89676","CONECTOR, CPVC, SOLDÁVEL, DN 28MM X 1\u0094, INSTALADO EM RAMAL OU SUB-RAMAL DE ÁGUA \u0096 FORNECIMENTO E INSTALAÇÃO. AF_12/2014","UN","23,49","23,92",null,23.49,23.92,"Sinapi 89676"]
["89677","LUVA SIMPLES, PVC, SERIE R, ÁGUA PLUVIAL, DN 150 MM, JUNTA ELÁSTICA, FORNECIDO E INSTALADO EM CONDUTORES VERTICAIS DE ÁGUAS PLUVIAIS. AF_12/2014","UN","43,07","43,51",null,43.07,43.51,"Sinapi 89677"]
["89678","BUCHA DE REDUÇÃO, CPVC, SOLDÁVEL, DN28MM X 22MM, INSTALADO EM RAMAL OU SUB-RAMAL DE ÁGUA \u0096 FORNECIMENTO E INSTALAÇÃO. AF_12/2014","UN","6,49","6,92",null,6.49,6.92,"Sinapi 89678"]
["89679","LUVA DE CORRER, PVC, SERIE R, ÁGUA PLUVIAL, DN 150 MM, JUNTA ELÁSTICA, FORNECIDO E INSTALADO EM CONDUTORES VERTICAIS DE ÁGUAS PLUVIAIS. AF_12/2014","UN","68,59","69,03",null,68.59,69.03,"Sinapi 89679"]
["89680","LUVA, CPVC, SOLDÁVEL, DN 35MM, INSTALADO EM RAMAL OU SUB-RAMAL DE ÁGUA \u0096 FORNECIMENTO E INSTALAÇÃO. AF_12/2014","UN","11,83","12,32",null,11.83,12.32,"Sinapi 89680"]
["89681","REDUÇÃO EXCÊNTRICA, PVC, SERIE R, ÁGUA PLUVIAL, DN 150 X 100 MM, JUNTA ELÁSTICA, FORNECIDO E INSTALADO EM CONDUTORES VERTICAIS DE ÁGUAS PLUVIAIS. AF_12/2014","UN","47,59","48,03",null,47.59,48.03,"Sinapi 89681"]
["89682","LUVA DE CORRER, CPVC, SOLDÁVEL, DN 35MM, INSTALADO EM RAMAL OU SUB-RAMAL DE ÁGUA \u0096 FORNECIMENTO E INSTALAÇÃO. AF_12/2014","UN","17,13","17,62",null,17.13,17.62,"Sinapi 89682"]
["89684","UNIÃO, CPVC, SOLDÁVEL, DN35MM, INSTALADO EM RAMAL OU SUB-RAMAL DE ÁGUA \u0096 FORNECIMENTO E INSTALAÇÃO. AF_12/2014","UN","22,81","23,30",null,22.81,23.3,"Sinapi 89684"]
["89685","JUNÇÃO SIMPLES, PVC, SERIE R, ÁGUA PLUVIAL, DN 75 X 75 MM, JUNTA ELÁSTICA, FORNECIDO E INSTALADO EM CONDUTORES VERTICAIS DE ÁGUAS PLUVIAIS. AF_12/2014","UN","32,35","32,66",null,32.35,32.659999999999997,"Sinapi 89685"]
["89686","CONECTOR, CPVC, SOLDÁVEL, DN 35MM X 1 1/4\u0094, INSTALADO EM RAMAL OU SUB-RAMAL DE ÁGUA \u0096 FORNECIMENTO E INSTALAÇÃO. AF_12/2014","UN","79,00","79,49",null,79,79.489999999999995,"Sinapi 89686"]
["89687","TÊ, PVC, SERIE R, ÁGUA PLUVIAL, DN 75 X 75 MM, JUNTA ELÁSTICA, FORNECIDO E INSTALADO EM CONDUTORES VERTICAIS DE ÁGUAS PLUVIAIS. AF_12/2014","UN","27,82","28,13",null,27.82,28.13,"Sinapi 89687"]
["89689","BUCHA DE REDUÇÃO, CPVC, SOLDÁVEL, DN35MM X 28MM, INSTALADO EM RAMAL OU SUB-RAMAL DE ÁGUA \u0096 FORNECIMENTO E INSTALAÇÃO. AF_12/2014","UN","18,27","18,76",null,18.27,18.760000000000002,"Sinapi 89689"]
["89690","JUNÇÃO SIMPLES, PVC, SERIE R, ÁGUA PLUVIAL, DN 100 X 100 MM, JUNTA ELÁSTICA, FORNECIDO E INSTALADO EM CONDUTORES VERTICAIS DE ÁGUAS PLUVIAIS. AF_12/2014","UN","48,66","49,17",null,48.66,49.17,"Sinapi 89690"]
["89691","TE, CPVC, SOLDÁVEL, DN 15MM, INSTALADO EM RAMAL OU SUB-RAMAL DE ÁGUA - FORNECIMENTO E INSTALAÇÃO. AF_12/2014","UN","8,02","8,58",null,8.02,8.58,"Sinapi 89691"]
["89692","JUNÇÃO SIMPLES, PVC, SERIE R, ÁGUA PLUVIAL, DN 100 X 75 MM, JUNTA ELÁSTICA, FORNECIDO E INSTALADO EM CONDUTORES VERTICAIS DE ÁGUAS PLUVIAIS. AF_12/2014","UN","45,98","46,49",null,45.98,46.49,"Sinapi 89692"]
["89693","TÊ, PVC, SERIE R, ÁGUA PLUVIAL, DN 100 X 100 MM, JUNTA ELÁSTICA, FORNECIDO E INSTALADO EM CONDUTORES VERTICAIS DE ÁGUAS PLUVIAIS. AF_12/2014","UN","44,69","45,20",null,44.69,45.2,"Sinapi 89693"]
["89694","TE DE TRANSIÇÃO, CPVC, SOLDÁVEL, DN 15MM X 1/2\u0094, INSTALADO EM RAMAL OU SUB-RAMAL DE ÁGUA \u0096 FORNECIMENTO E INSTALAÇÃO. AF_12/2014","UN","11,48","12,04",null,11.48,12.04,"Sinapi 89694"]
["89695","TÊ MISTURADOR, CPVC, SOLDÁVEL, DN15MM, INSTALADO EM RAMAL OU SUB-RAMAL DE ÁGUA \u0096 FORNECIMENTO E INSTALAÇÃO. AF_12/2014","UN","10,83","11,39",null,10.83,11.39,"Sinapi 89695"]
["89696","TÊ, PVC, SERIE R, ÁGUA PLUVIAL, DN 100 X 75 MM, JUNTA ELÁSTICA, FORNECIDO E INSTALADO EM CONDUTORES VERTICAIS DE ÁGUAS PLUVIAIS. AF_12/2014","UN","40,60","41,11",null,40.6,41.11,"Sinapi 89696"]
["89697","TE, CPVC, SOLDÁVEL, DN 22MM, INSTALADO EM RAMAL OU SUB-RAMAL DE ÁGUA - FORNECIMENTO E INSTALAÇÃO. AF_12/2014","UN","9,29","10,01",null,9.2899999999999991,10.01,"Sinapi 89697"]
["89698","JUNÇÃO SIMPLES, PVC, SERIE R, ÁGUA PLUVIAL, DN 150 X 150 MM, JUNTA ELÁSTICA, FORNECIDO E INSTALADO EM CONDUTORES VERTICAIS DE ÁGUAS PLUVIAIS. AF_12/2014","UN","143,00","143,91",null,143,143.91,"Sinapi 89698"]
["89699","JUNÇÃO SIMPLES, PVC, SERIE R, ÁGUA PLUVIAL, DN 150 X 100 MM, JUNTA ELÁSTICA, FORNECIDO E INSTALADO EM CONDUTORES VERTICAIS DE ÁGUAS PLUVIAIS. AF_12/2014","UN","122,51","123,42",null,{"$f":"IF(D3592=\"\",\"\",D3592+0)","v":122.51},{"$f":"IF(E3592=\"\",\"\",E3592+0)","v":123.42},{"$f":"IF(OR(G3592=\"\",H3592=\"\"),\"\",CONCATENATE(\"Sinapi \",A3592))","v":"Sinapi 89699"}]
["89700","TE DE TRANSIÇÃO, CPVC, SOLDÁVEL, DN 22MM X 1/2\u0094, INSTALADO EM RAMAL OU SUB-RAMAL DE ÁGUA \u0096 FORNECIMENTO E INSTALAÇÃO. AF_12/2014","UN","12,26","12,98",null,12.26,12.98,"Sinapi 89700"]
["89701","TÊ, PVC, SERIE R, ÁGUA PLUVIAL, DN 150 X 150 MM, JUNTA ELÁSTICA, FORNECIDO E INSTALADO EM CONDUTORES VERTICAIS DE ÁGUAS PLUVIAIS. AF_12/2014","UN","96,06","96,97",null,96.06,96.97,"Sinapi 89701"]
["89702","TÊ MISTURADOR, CPVC, SOLDÁVEL, DN22MM, INSTALADO EM RAMAL OU SUB-RAMAL DE ÁGUA \u0096 FORNECIMENTO E INSTALAÇÃO. AF_12/2014","UN","12,26","12,98",null,12.26,12.98,"Sinapi 89702"]
["89703","TE MISTURADOR DE TRANSIÇÃO, CPVC, SOLDÁVEL, DN 22MM X 3/4\", INSTALADO EM RAMAL OU SUB-RAMAL DE ÁGUA - FORNECIMENTO E INSTALAÇÃO. AF_12/2014","UN","24,31","25,03",null,24.31,25.03,"Sinapi 89703"]
["89704","TÊ, PVC, SERIE R, ÁGUA PLUVIAL, DN 150 X 100 MM, JUNTA ELÁSTICA, FORNECIDO E INSTALADO EM CONDUTORES VERTICAIS DE ÁGUAS PLUVIAIS. AF_12/2014","UN","77,87","78,78",null,77.87,78.78,"Sinapi 89704"]
["89705","TÊ, CPVC, SOLDÁVEL, DN28MM, INSTALADO EM RAMAL OU SUB-RAMAL DE ÁGUA   FORNECIMENTO E INSTALAÇÃO. AF_12/2014","UN","15,05","15,91",null,15.05,15.91,"Sinapi 89705"]
["89706","TÊ, CPVC, SOLDÁVEL, DN35MM, INSTALADO EM RAMAL OU SUB-RAMAL DE ÁGUA \u0096 FORNECIMENTO E INSTALAÇÃO. AF_12/2014","UN","28,81","29,82",null,28.81,29.82,"Sinapi 89706"]
["89718","TUBO, CPVC, SOLDÁVEL, DN 35MM, INSTALADO EM RAMAL DE DISTRIBUIÇÃO DE ÁGUA   FORNECIMENTO E INSTALAÇÃO. AF_12/2014","M","24,15","24,72",null,24.15,24.72,"Sinapi 89718"]
["89719","JOELHO 90 GRAUS, CPVC, SOLDÁVEL, DN 22MM, INSTALADO EM RAMAL DE DISTRIBUIÇÃO DE ÁGUA   FORNECIMENTO E INSTALAÇÃO. AF_12/2014","UN","6,42","6,75",null,6.42,6.75,"Sinapi 89719"]
["89720","JOELHO 45 GRAUS, CPVC, SOLDÁVEL, DN 22MM, INSTALADO EM RAMAL DE DISTRIBUIÇÃO DE ÁGUA   FORNECIMENTO E INSTALAÇÃO. AF_12/2014","UN","7,30","7,63",null,7.3,7.63,"Sinapi 89720"]
["89721","CURVA 90 GRAUS, CPVC, SOLDÁVEL, DN 22MM, INSTALADO EM RAMAL DE DISTRIBUIÇÃO DE ÁGUA - FORNECIMENTO E INSTALAÇÃO. AF_12/2014","UN","7,59","7,92",null,7.59,7.92,"Sinapi 89721"]
["89722","JOELHO DE TRANSIÇÃO, 90 GRAUS, CPVC, SOLDÁVEL, DN 22MM X 1/2\", INSTALADO EM RAMAL DE ALIMENTAÇAÕ DE ÁGUA - FORNECIMENTO E INSTALAÇÃO. AF_12/2014","UN","11,76","12,09",null,11.76,12.09,"Sinapi 89722"]
["89723","JOELHO 90 GRAUS, CPVC, SOLDÁVEL, DN 28MM, INSTALADO EM RAMAL DE DISTRIBUIÇÃO DE ÁGUA   FORNECIMENTO E INSTALAÇÃO. AF_12/2014","UN","9,88","10,26",null,9.8800000000000008,10.26,"Sinapi 89723"]
["89724","JOELHO 90 GRAUS, PVC, SERIE NORMAL, ESGOTO PREDIAL, DN 40 MM, JUNTA SOLDÁVEL, FORNECIDO E INSTALADO EM RAMAL DE DESCARGA OU RAMAL DE ESGOTO SANITÁRIO. AF_12/2014","UN","7,19","7,58",null,7.19,7.58,"Sinapi 89724"]
["89725","JOELHO 45 GRAUS, CPVC, SOLDÁVEL, DN 28MM, INSTALADO EM RAMAL DE DISTRIBUIÇÃO DE ÁGUA   FORNECIMENTO E INSTALAÇÃO. AF_12/2014","UN","9,68","10,06",null,9.68,10.06,"Sinapi 89725"]
["89726","JOELHO 45 GRAUS, PVC, SERIE NORMAL, ESGOTO PREDIAL, DN 40 MM, JUNTA SOLDÁVEL, FORNECIDO E INSTALADO EM RAMAL DE DESCARGA OU RAMAL DE ESGOTO SANITÁRIO. AF_12/2014","UN","5,53","5,92",null,5.53,5.92,"Sinapi 89726"]
["89727","CURVA 90 GRAUS, CPVC, SOLDÁVEL, DN 28MM, INSTALADO EM RAMAL DE DISTRIBUIÇÃO DE ÁGUA   FORNECIMENTO E INSTALAÇÃO. AF_12/2014","UN","10,62","11,00",null,10.62,11,"Sinapi 89727"]
["89728","CURVA CURTA 90 GRAUS, PVC, SERIE NORMAL, ESGOTO PREDIAL, DN 40 MM, JUNTA SOLDÁVEL, FORNECIDO E INSTALADO EM RAMAL DE DESCARGA OU RAMAL DE ESGOTO SANITÁRIO. AF_12/2014","UN","7,60","7,99",null,7.6,7.99,"Sinapi 89728"]
["89729","JOELHO 90 GRAUS, CPVC, SOLDÁVEL, DN 35MM, INSTALADO EM RAMAL DE DISTRIBUIÇÃO DE ÁGUA   FORNECIMENTO E INSTALAÇÃO. AF_12/2014","UN","14,37","14,82",null,14.37,14.82,"Sinapi 89729"]
["89730","CURVA LONGA 90 GRAUS, PVC, SERIE NORMAL, ESGOTO PREDIAL, DN 40 MM, JUNTA SOLDÁVEL, FORNECIDO E INSTALADO EM RAMAL DE DESCARGA OU RAMAL DE ESGOTO SANITÁRIO. AF_12/2014","UN","8,14","8,53",null,8.14,8.5299999999999994,"Sinapi 89730"]
["89731","JOELHO 90 GRAUS, PVC, SERIE NORMAL, ESGOTO PREDIAL, DN 50 MM, JUNTA ELÁSTICA, FORNECIDO E INSTALADO EM RAMAL DE DESCARGA OU RAMAL DE ESGOTO SANITÁRIO. AF_12/2014","UN","7,98","8,49",null,7.98,8.49,"Sinapi 89731"]
["89732","JOELHO 45 GRAUS, PVC, SERIE NORMAL, ESGOTO PREDIAL, DN 50 MM, JUNTA ELÁSTICA, FORNECIDO E INSTALADO EM RAMAL DE DESCARGA OU RAMAL DE ESGOTO SANITÁRIO. AF_12/2014","UN","8,38","8,89",null,8.3800000000000008,8.89,"Sinapi 89732"]
["89733","CURVA CURTA 90 GRAUS, PVC, SERIE NORMAL, ESGOTO PREDIAL, DN 50 MM, JUNTA ELÁSTICA, FORNECIDO E INSTALADO EM RAMAL DE DESCARGA OU RAMAL DE ESGOTO SANITÁRIO. AF_12/2014","UN","12,59","13,10",null,12.59,13.1,"Sinapi 89733"]
["89734","JOELHO 45 GRAUS, CPVC, SOLDÁVEL, DN 35MM, INSTALADO EM RAMAL DE DISTRIBUIÇÃO DE ÁGUA   FORNECIMENTO E INSTALAÇÃO. AF_12/2014","UN","14,37","14,82",null,14.37,14.82,"Sinapi 89734"]
["89735","CURVA LONGA 90 GRAUS, PVC, SERIE NORMAL, ESGOTO PREDIAL, DN 50 MM, JUNTA ELÁSTICA, FORNECIDO E INSTALADO EM RAMAL DE DESCARGA OU RAMAL DE ESGOTO SANITÁRIO. AF_12/2014","UN","13,24","13,75",null,13.24,13.75,"Sinapi 89735"]
["89736","LUVA, CPVC, SOLDÁVEL, DN 22MM, INSTALADO EM RAMAL DE DISTRIBUIÇÃO DE ÁGUA   FORNECIMENTO E INSTALAÇÃO. AF_12/2014","UN","4,46","4,68",null,4.46,4.68,"Sinapi 89736"]
["89737","JOELHO 90 GRAUS, PVC, SERIE NORMAL, ESGOTO PREDIAL, DN 75 MM, JUNTA ELÁSTICA, FORNECIDO E INSTALADO EM RAMAL DE DESCARGA OU RAMAL DE ESGOTO SANITÁRIO. AF_12/2014","UN","13,46","14,20",null,13.46,14.2,"Sinapi 89737"]
["89738","LUVA DE CORRER, CPVC, SOLDÁVEL, DN 22MM, INSTALADO EM RAMAL DE DISTRIBUIÇÃO DE ÁGUA   FORNECIMENTO E INSTALAÇÃO. AF_12/2014","UN","7,55","7,77",null,7.55,7.77,"Sinapi 89738"]
["89739","JOELHO 45 GRAUS, PVC, SERIE NORMAL, ESGOTO PREDIAL, DN 75 MM, JUNTA ELÁSTICA, FORNECIDO E INSTALADO EM RAMAL DE DESCARGA OU RAMAL DE ESGOTO SANITÁRIO. AF_12/2014","UN","14,01","14,75",null,14.01,14.75,"Sinapi 89739"]
["89740","LUVA DE TRANSIÇÃO, CPVC, SOLDÁVEL, DN 22MM X 25MM, INSTALADO EM RAMAL DE DISTRIBUIÇÃO DE ÁGUA   FORNECIMENTO E INSTALAÇÃO. AF_12/2014","UN","4,19","4,41",null,4.1900000000000004,4.41,"Sinapi 89740"]
["89741","UNIÃO, CPVC, SOLDÁVEL, DN 22MM, INSTALADO EM RAMAL DE DISTRIBUIÇÃO DE ÁGUA   FORNECIMENTO E INSTALAÇÃO. AF_12/2014","UN","9,91","10,13",null,9.91,10.130000000000001,"Sinapi 89741"]
["89742","CURVA CURTA 90 GRAUS, PVC, SERIE NORMAL, ESGOTO PREDIAL, DN 75 MM, JUNTA ELÁSTICA, FORNECIDO E INSTALADO EM RAMAL DE DESCARGA OU RAMAL DE ESGOTO SANITÁRIO. AF_12/2014","UN","21,45","22,19",null,21.45,22.19,"Sinapi 89742"]
["89743","CURVA LONGA 90 GRAUS, PVC, SERIE NORMAL, ESGOTO PREDIAL, DN 75 MM, JUNTA ELÁSTICA, FORNECIDO E INSTALADO EM RAMAL DE DESCARGA OU RAMAL DE ESGOTO SANITÁRIO. AF_12/2014","UN","29,47","30,21",null,29.47,30.21,"Sinapi 89743"]
["89744","JOELHO 90 GRAUS, PVC, SERIE NORMAL, ESGOTO PREDIAL, DN 100 MM, JUNTA ELÁSTICA, FORNECIDO E INSTALADO EM RAMAL DE DESCARGA OU RAMAL DE ESGOTO SANITÁRIO. AF_12/2014","UN","17,55","18,52",null,17.55,18.52,"Sinapi 89744"]
["89745","CONECTOR, CPVC, SOLDÁVEL, DN 22MM X 1/2 , INSTALADO EM RAMAL DE DISTRIBUIÇÃO DE ÁGUA   FORNECIMENTO E INSTALAÇÃO. AF_12/2014","UN","14,95","15,17",null,14.95,15.17,"Sinapi 89745"]
["89746","JOELHO 45 GRAUS, PVC, SERIE NORMAL, ESGOTO PREDIAL, DN 100 MM, JUNTA ELÁSTICA, FORNECIDO E INSTALADO EM RAMAL DE DESCARGA OU RAMAL DE ESGOTO SANITÁRIO. AF_12/2014","UN","17,52","18,49",null,17.52,18.489999999999998,"Sinapi 89746"]
["89747","ADAPTADOR, CPVC, SOLDÁVEL, DN 22MM, INSTALADO EM RAMAL DE DISTRIBUIÇÃO DE ÁGUA   FORNECIMENTO E INSTALAÇÃO. AF_12/2014","UN","6,51","6,73",null,6.51,6.73,"Sinapi 89747"]
["89748","CURVA CURTA 90 GRAUS, PVC, SERIE NORMAL, ESGOTO PREDIAL, DN 100 MM, JUNTA ELÁSTICA, FORNECIDO E INSTALADO EM RAMAL DE DESCARGA OU RAMAL DE ESGOTO SANITÁRIO. AF_12/2014","UN","26,24","27,21",null,26.24,27.21,"Sinapi 89748"]
["89749","CURVA DE TRANSPOSIÇÃO, CPVC, SOLDÁVEL, DN 22MM, INSTALADO EM RAMAL DE DISTRIBUIÇÃO DE ÁGUA   FORNECIMENTO E INSTALAÇÃO. AF_12/2014","UN","7,55","7,77",null,7.55,7.77,"Sinapi 89749"]
["89750","CURVA LONGA 90 GRAUS, PVC, SERIE NORMAL, ESGOTO PREDIAL, DN 100 MM, JUNTA ELÁSTICA, FORNECIDO E INSTALADO EM RAMAL DE DESCARGA OU RAMAL DE ESGOTO SANITÁRIO. AF_12/2014","UN","41,67","42,64",null,41.67,42.64,"Sinapi 89750"]
["89751","BUCHA DE REDUÇÃO, CPVC, SOLDÁVEL, DN 22MM X 15MM, INSTALADO EM RAMAL DE DISTRIBUIÇÃO DE ÁGUA   FORNECIMENTO E INSTALAÇÃO. AF_12/2014","UN","3,73","3,95",null,3.73,3.95,"Sinapi 89751"]
["89752","LUVA SIMPLES, PVC, SERIE NORMAL, ESGOTO PREDIAL, DN 40 MM, JUNTA SOLDÁVEL, FORNECIDO E INSTALADO EM RAMAL DE DESCARGA OU RAMAL DE ESGOTO SANITÁRIO. AF_12/2014","UN","4,61","4,88",null,4.6100000000000003,4.88,"Sinapi 89752"]
["89753","LUVA SIMPLES, PVC, SERIE NORMAL, ESGOTO PREDIAL, DN 50 MM, JUNTA ELÁSTICA, FORNECIDO E INSTALADO EM RAMAL DE DESCARGA OU RAMAL DE ESGOTO SANITÁRIO. AF_12/2014","UN","6,45","6,76",null,6.45,6.76,"Sinapi 89753"]
["89754","LUVA DE CORRER, PVC, SERIE NORMAL, ESGOTO PREDIAL, DN 50 MM, JUNTA ELÁSTICA, FORNECIDO E INSTALADO EM RAMAL DE DESCARGA OU RAMAL DE ESGOTO SANITÁRIO. AF_12/2014","UN","11,13","11,44",null,11.13,11.44,"Sinapi 89754"]
["89755","LUVA, CPVC, SOLDÁVEL, DN 28MM, INSTALADO EM RAMAL DE DISTRIBUIÇÃO DE ÁGUA   FORNECIMENTO E INSTALAÇÃO. AF_12/2014","UN","6,54","6,79",null,6.54,6.79,"Sinapi 89755"]
["89756","LUVA DE CORRER, CPVC, SOLDÁVEL, DN 28MM, INSTALADO EM RAMAL DE DISTRIBUIÇÃO DE ÁGUA   FORNECIMENTO E INSTALAÇÃO. AF_12/2014","UN","10,08","10,33",null,10.08,10.33,"Sinapi 89756"]
["89757","UNIÃO, CPVC, SOLDÁVEL, DN 28MM, INSTALADO EM RAMAL DE DISTRIBUIÇÃO DE ÁGUA   FORNECIMENTO E INSTALAÇÃO. AF_12/2014","UN","14,60","14,85",null,14.6,14.85,"Sinapi 89757"]
["89758","CONECTOR, CPVC, SOLDÁVEL, DN 28MM X 1 , INSTALADO EM RAMAL DE DISTRIBUIÇÃO DE ÁGUA   FORNECIMENTO E INSTALAÇÃO. AF_12/2014","UN","21,97","22,22",null,21.97,22.22,"Sinapi 89758"]
["89759","BUCHA DE REDUÇÃO, CPVC, SOLDÁVEL, DN 28MM X 22MM, INSTALADO EM RAMAL DE DISTRIBUIÇÃO DE ÁGUA - FORNECIMENTO E INSTALAÇÃO. AF_12/2014","UN","4,97","5,22",null,4.97,5.22,"Sinapi 89759"]
["89760","LUVA, CPVC, SOLDÁVEL, DN 35MM, INSTALADO EM RAMAL DE DISTRIBUIÇÃO DE ÁGUA - FORNECIMENTO E INSTALAÇÃO. AF_12/2014","UN","10,02","10,31",null,10.02,10.31,"Sinapi 89760"]
["89761","LUVA DE CORRER, CPVC, SOLDÁVEL, DN 35MM, INSTALADO EM RAMAL DE DISTRIBUIÇÃO DE ÁGUA - FORNECIMENTO E INSTALAÇÃO. AF_12/2014","UN","15,32","15,61",null,15.32,15.61,"Sinapi 89761"]
["89762","UNIÃO, CPVC, SOLDÁVEL, DN35MM, INSTALADO EM RAMAL DE DISTRIBUIÇÃO DE ÁGUA - FORNECIMENTO E INSTALAÇÃO. AF_12/2014","UN","21,00","21,29",null,21,21.29,"Sinapi 89762"]
["89763","CONECTOR, CPVC, SOLDÁVEL, DN 35MM X 1 1/4 , INSTALADO EM RAMAL DE DISTRIBUIÇÃO DE ÁGUA - FORNECIMENTO E INSTALAÇÃO. AF_12/2014","UN","77,19","77,48",null,77.19,77.48,"Sinapi 89763"]
["89764","BUCHA DE REDUÇÃO, CPVC, SOLDÁVEL, DN35MM X 28MM, INSTALADO EM RAMAL DE DISTRIBUIÇÃO DE ÁGUA - FORNECIMENTO E INSTALAÇÃO. AF_12/2014","UN","16,46","16,75",null,16.46,16.75,"Sinapi 89764"]
["89765","TE, CPVC, SOLDÁVEL, DN 22MM, INSTALADO EM RAMAL DE DISTRIBUIÇÃO DE ÁGUA - FORNECIMENTO E INSTALAÇÃO. AF_12/2014","UN","8,43","8,87",null,8.43,8.8699999999999992,"Sinapi 89765"]
["89766","TE DE TRANSIÇÃO, CPVC, SOLDÁVEL, DN 22MM X 1/2 , INSTALADO EM RAMAL DE DISTRIBUIÇÃO DE ÁGUA   FORNECIMENTO E INSTALAÇÃO. AF_12/2014","UN","11,40","11,84",null,11.4,11.84,"Sinapi 89766"]
["89767","TÊ MISTURADOR, CPVC, SOLDÁVEL, DN 22MM, INSTALADO EM RAMAL DE DISTRIBUIÇÃO DE ÁGUA - FORNECIMENTO E INSTALAÇÃO. AF_12/2014","UN","11,40","11,84",null,11.4,11.84,"Sinapi 89767"]
["89768","TÊ, CPVC, SOLDÁVEL, DN 28MM, INSTALADO EM RAMAL DE DISTRIBUIÇÃO DE ÁGUA - FORNECIMENTO E INSTALAÇÃO. AF_12/2014","UN","11,98","12,49",null,11.98,12.49,"Sinapi 89768"]
["89769","TÊ, CPVC, SOLDÁVEL, DN35MM, INSTALADO EM RAMAL DE DISTRIBUIÇÃO DE ÁGUA - FORNECIMENTO E INSTALAÇÃO. AF_12/2014","UN","25,17","25,76",null,25.17,25.76,"Sinapi 89769"]
["89772","TUBO, CPVC, SOLDÁVEL, DN 54MM, INSTALADO EM PRUMADA DE ÁGUA \u0096 FORNECIMENTO E INSTALAÇÃO. AF_12/2014","M","40,91","41,03",null,40.909999999999997,41.03,"Sinapi 89772"]
["89774","LUVA SIMPLES, PVC, SERIE NORMAL, ESGOTO PREDIAL, DN 75 MM, JUNTA ELÁSTICA, FORNECIDO E INSTALADO EM RAMAL DE DESCARGA OU RAMAL DE ESGOTO SANITÁRIO. AF_12/2014","UN","10,65","11,16",null,10.65,11.16,"Sinapi 89774"]
["89776","LUVA DE CORRER, PVC, SERIE NORMAL, ESGOTO PREDIAL, DN 75 MM, JUNTA ELÁSTICA, FORNECIDO E INSTALADO EM RAMAL DE DESCARGA OU RAMAL DE ESGOTO SANITÁRIO. AF_12/2014","UN","14,27","14,78",null,14.27,14.78,"Sinapi 89776"]
["89777","JOELHO 90 GRAUS, CPVC, SOLDÁVEL, DN 35MM, INSTALADO EM PRUMADA DE ÁGUA \u0096 FORNECIMENTO E INSTALAÇÃO. AF_12/2014","UN","13,14","13,45",null,13.14,13.45,"Sinapi 89777"]
["89778","LUVA SIMPLES, PVC, SERIE NORMAL, ESGOTO PREDIAL, DN 100 MM, JUNTA ELÁSTICA, FORNECIDO E INSTALADO EM RAMAL DE DESCARGA OU RAMAL DE ESGOTO SANITÁRIO. AF_12/2014","UN","13,46","14,12",null,{"$f":"IF(D3656=\"\",\"\",D3656+0)","v":13.46},{"$f":"IF(E3656=\"\",\"\",E3656+0)","v":14.12},{"$f":"IF(OR(G3656=\"\",H3656=\"\"),\"\",CONCATENATE(\"Sinapi \",A3656))","v":"Sinapi 89778"}]
["89779","LUVA DE CORRER, PVC, SERIE NORMAL, ESGOTO PREDIAL, DN 100 MM, JUNTA ELÁSTICA, FORNECIDO E INSTALADO EM RAMAL DE DESCARGA OU RAMAL DE ESGOTO SANITÁRIO. AF_12/2014","UN","20,16","20,82",null,20.16,20.82,"Sinapi 89779"]
["89780","JOELHO 45 GRAUS, CPVC, SOLDÁVEL, DN 35MM, INSTALADO EM PRUMADA DE ÁGUA - FORNECIMENTO E INSTALAÇÃO. AF_12/2014","UN","13,14","13,45",null,13.14,13.45,"Sinapi 89780"]
["89781","JOELHO 90 GRAUS, CPVC, SOLDÁVEL, DN 42MM, INSTALADO EM PRUMADA DE ÁGUA \u0096 FORNECIMENTO E INSTALAÇÃO. AF_12/2014","UN","19,03","19,39",null,19.03,19.39,"Sinapi 89781"]
["89782","TE, PVC, SERIE NORMAL, ESGOTO PREDIAL, DN 40 X 40 MM, JUNTA SOLDÁVEL, FORNECIDO E INSTALADO EM RAMAL DE DESCARGA OU RAMAL DE ESGOTO SANITÁRIO. AF_12/2014","UN","8,76","9,31",null,8.76,9.31,"Sinapi 89782"]
["89783","JUNÇÃO SIMPLES, PVC, SERIE NORMAL, ESGOTO PREDIAL, DN 40 MM, JUNTA SOLDÁVEL, FORNECIDO E INSTALADO EM RAMAL DE DESCARGA OU RAMAL DE ESGOTO SANITÁRIO. AF_12/2014","UN","8,93","9,48",null,8.93,9.48,"Sinapi 89783"]
["89784","TE, PVC, SERIE NORMAL, ESGOTO PREDIAL, DN 50 X 50 MM, JUNTA ELÁSTICA, FORNECIDO E INSTALADO EM RAMAL DE DESCARGA OU RAMAL DE ESGOTO SANITÁRIO. AF_12/2014","UN","14,12","14,78",null,14.12,14.78,"Sinapi 89784"]
["89785","JUNÇÃO SIMPLES, PVC, SERIE NORMAL, ESGOTO PREDIAL, DN 50 X 50 MM, JUNTA ELÁSTICA, FORNECIDO E INSTALADO EM RAMAL DE DESCARGA OU RAMAL DE ESGOTO SANITÁRIO. AF_12/2014","UN","15,23","15,89",null,15.23,15.89,"Sinapi 89785"]
["89786","TE, PVC, SERIE NORMAL, ESGOTO PREDIAL, DN 75 X 75 MM, JUNTA ELÁSTICA, FORNECIDO E INSTALADO EM RAMAL DE DESCARGA OU RAMAL DE ESGOTO SANITÁRIO. AF_12/2014","UN","23,03","24,00",null,23.03,24,"Sinapi 89786"]
["89787","JOELHO 45 GRAUS, CPVC, SOLDÁVEL, DN 42MM, INSTALADO EM PRUMADA DE ÁGUA \u0096 FORNECIMENTO E INSTALAÇÃO. AF_12/2014","UN","19,03","19,39",null,19.03,19.39,"Sinapi 89787"]
["89788","JOELHO 90 GRAUS, CPVC, SOLDÁVEL, DN 54MM, INSTALADO EM PRUMADA DE ÁGUA \u0096 FORNECIMENTO E INSTALAÇÃO. AF_12/2014","UN","35,69","36,15",null,35.69,36.15,"Sinapi 89788"]
["89789","JOELHO 45 GRAUS, CPVC, SOLDÁVEL, DN 54MM, INSTALADO EM PRUMADA DE ÁGUA \u0096 FORNECIMENTO E INSTALAÇÃO. AF_12/2014","UN","36,21","36,67",null,36.21,36.67,"Sinapi 89789"]
["89790","JOELHO 90 GRAUS, CPVC, SOLDÁVEL, DN 73MM, INSTALADO EM PRUMADA DE ÁGUA \u0096 FORNECIMENTO E INSTALAÇÃO. AF_12/2014","UN","85,43","86,04",null,85.43,86.04,"Sinapi 89790"]
["89791","JOELHO 45 GRAUS, CPVC, SOLDÁVEL, DN 73MM, INSTALADO EM PRUMADA DE ÁGUA \u0096 FORNECIMENTO E INSTALAÇÃO. AF_12/2014","UN","87,35","87,96",null,87.35,87.96,"Sinapi 89791"]
["89792","JOELHO 90 GRAUS, CPVC, SOLDÁVEL, DN 89MM, INSTALADO EM PRUMADA DE ÁGUA \u0096 FORNECIMENTO E INSTALAÇÃO. AF_12/2014","UN","100,90","101,62",null,100.9,101.62,"Sinapi 89792"]
["89793","JOELHO 45 GRAUS, CPVC, SOLDÁVEL, DN 89MM, INSTALADO EM PRUMADA DE ÁGUA \u0096 FORNECIMENTO E INSTALAÇÃO. AF_12/2014","UN","103,48","104,20",null,103.48,104.2,"Sinapi 89793"]
["89794","LUVA, CPVC, SOLDÁVEL, DN 35MM, INSTALADO EM PRUMADA DE ÁGUA \u0096 FORNECIMENTO E INSTALAÇÃO. AF_12/2014","UN","9,20","9,42",null,9.1999999999999993,9.42,"Sinapi 89794"]
["89795","JUNÇÃO SIMPLES, PVC, SERIE NORMAL, ESGOTO PREDIAL, DN 75 X 75 MM, JUNTA ELÁSTICA, FORNECIDO E INSTALADO EM RAMAL DE DESCARGA OU RAMAL DE ESGOTO SANITÁRIO. AF_12/2014","UN","24,56","25,53",null,24.56,25.53,"Sinapi 89795"]
["89796","TE, PVC, SERIE NORMAL, ESGOTO PREDIAL, DN 100 X 100 MM, JUNTA ELÁSTICA, FORNECIDO E INSTALADO EM RAMAL DE DESCARGA OU RAMAL DE ESGOTO SANITÁRIO. AF_12/2014","UN","28,66","29,96",null,28.66,29.96,"Sinapi 89796"]
["89797","JUNÇÃO SIMPLES, PVC, SERIE NORMAL, ESGOTO PREDIAL, DN 100 X 100 MM, JUNTA ELÁSTICA, FORNECIDO E INSTALADO EM RAMAL DE DESCARGA OU RAMAL DE ESGOTO SANITÁRIO. AF_12/2014","UN","32,25","33,55",null,32.25,33.549999999999997,"Sinapi 89797"]
["89801","JOELHO 90 GRAUS, PVC, SERIE NORMAL, ESGOTO PREDIAL, DN 50 MM, JUNTA ELÁSTICA, FORNECIDO E INSTALADO EM PRUMADA DE ESGOTO SANITÁRIO OU VENTILAÇÃO. AF_12/2014","UN","4,80","4,95",null,4.8,4.95,"Sinapi 89801"]
["89802","JOELHO 45 GRAUS, PVC, SERIE NORMAL, ESGOTO PREDIAL, DN 50 MM, JUNTA ELÁSTICA, FORNECIDO E INSTALADO EM PRUMADA DE ESGOTO SANITÁRIO OU VENTILAÇÃO. AF_12/2014","UN","5,20","5,35",null,5.2,5.35,"Sinapi 89802"]
["89803","CURVA CURTA 90 GRAUS, PVC, SERIE NORMAL, ESGOTO PREDIAL, DN 50 MM, JUNTA ELÁSTICA, FORNECIDO E INSTALADO EM PRUMADA DE ESGOTO SANITÁRIO OU VENTILAÇÃO. AF_12/2014","UN","9,41","9,56",null,9.41,9.56,"Sinapi 89803"]
["89804","CURVA LONGA 90 GRAUS, PVC, SERIE NORMAL, ESGOTO PREDIAL, DN 50 MM, JUNTA ELÁSTICA, FORNECIDO E INSTALADO EM PRUMADA DE ESGOTO SANITÁRIO OU VENTILAÇÃO. AF_12/2014","UN","10,06","10,21",null,10.06,10.210000000000001,"Sinapi 89804"]
["89805","JOELHO 90 GRAUS, PVC, SERIE NORMAL, ESGOTO PREDIAL, DN 75 MM, JUNTA ELÁSTICA, FORNECIDO E INSTALADO EM PRUMADA DE ESGOTO SANITÁRIO OU VENTILAÇÃO. AF_12/2014","UN","9,56","9,87",null,9.56,9.8699999999999992,"Sinapi 89805"]
["89806","JOELHO 45 GRAUS, PVC, SERIE NORMAL, ESGOTO PREDIAL, DN 75 MM, JUNTA ELÁSTICA, FORNECIDO E INSTALADO EM PRUMADA DE ESGOTO SANITÁRIO OU VENTILAÇÃO. AF_12/2014","UN","10,11","10,42",null,10.11,10.42,"Sinapi 89806"]
["89807","CURVA CURTA 90 GRAUS, PVC, SERIE NORMAL, ESGOTO PREDIAL, DN 75 MM, JUNTA ELÁSTICA, FORNECIDO E INSTALADO EM PRUMADA DE ESGOTO SANITÁRIO OU VENTILAÇÃO. AF_12/2014","UN","17,55","17,86",null,17.55,17.86,"Sinapi 89807"]
["89808","CURVA LONGA 90 GRAUS, PVC, SERIE NORMAL, ESGOTO PREDIAL, DN 75 MM, JUNTA ELÁSTICA, FORNECIDO E INSTALADO EM PRUMADA DE ESGOTO SANITÁRIO OU VENTILAÇÃO. AF_12/2014","UN","25,57","25,88",null,25.57,25.88,"Sinapi 89808"]
["89809","JOELHO 90 GRAUS, PVC, SERIE NORMAL, ESGOTO PREDIAL, DN 100 MM, JUNTA ELÁSTICA, FORNECIDO E INSTALADO EM PRUMADA DE ESGOTO SANITÁRIO OU VENTILAÇÃO. AF_12/2014","UN","12,94","13,41",null,12.94,13.41,"Sinapi 89809"]
["89810","JOELHO 45 GRAUS, PVC, SERIE NORMAL, ESGOTO PREDIAL, DN 100 MM, JUNTA ELÁSTICA, FORNECIDO E INSTALADO EM PRUMADA DE ESGOTO SANITÁRIO OU VENTILAÇÃO. AF_12/2014","UN","12,91","13,38",null,12.91,13.38,"Sinapi 89810"]
["89811","CURVA CURTA 90 GRAUS, PVC, SERIE NORMAL, ESGOTO PREDIAL, DN 100 MM, JUNTA ELÁSTICA, FORNECIDO E INSTALADO EM PRUMADA DE ESGOTO SANITÁRIO OU VENTILAÇÃO. AF_12/2014","UN","21,63","22,10",null,21.63,22.1,"Sinapi 89811"]
["89812","CURVA LONGA 90 GRAUS, PVC, SERIE NORMAL, ESGOTO PREDIAL, DN 100 MM, JUNTA ELÁSTICA, FORNECIDO E INSTALADO EM PRUMADA DE ESGOTO SANITÁRIO OU VENTILAÇÃO. AF_12/2014","UN","37,06","37,53",null,37.06,37.53,"Sinapi 89812"]
["89813","LUVA SIMPLES, PVC, SERIE NORMAL, ESGOTO PREDIAL, DN 50 MM, JUNTA ELÁSTICA, FORNECIDO E INSTALADO EM PRUMADA DE ESGOTO SANITÁRIO OU VENTILAÇÃO. AF_12/2014","UN","4,68","4,80",null,4.68,4.8,"Sinapi 89813"]
["89814","LUVA DE CORRER, PVC, SERIE NORMAL, ESGOTO PREDIAL, DN 50 MM, JUNTA ELÁSTICA, FORNECIDO E INSTALADO EM PRUMADA DE ESGOTO SANITÁRIO OU VENTILAÇÃO. AF_12/2014","UN","9,36","9,48",null,9.36,9.48,"Sinapi 89814"]
["89815","LUVA DE CORRER, CPVC, SOLDÁVEL, DN 35MM, INSTALADO EM PRUMADA DE ÁGUA \u0096 FORNECIMENTO E INSTALAÇÃO. AF_12/2014","UN","14,50","14,72",null,14.5,14.72,"Sinapi 89815"]
["89816","UNIÃO, CPVC, SOLDÁVEL, DN35MM, INSTALADO EM PRUMADA DE ÁGUA \u0096 FORNECIMENTO E INSTALAÇÃO. AF_12/2014","UN","20,18","20,40",null,20.18,20.399999999999999,"Sinapi 89816"]
["89817","LUVA SIMPLES, PVC, SERIE NORMAL, ESGOTO PREDIAL, DN 75 MM, JUNTA ELÁSTICA, FORNECIDO E INSTALADO EM PRUMADA DE ESGOTO SANITÁRIO OU VENTILAÇÃO. AF_12/2014","UN","8,17","8,41",null,8.17,8.41,"Sinapi 89817"]
["89818","CONECTOR, CPVC, SOLDÁVEL, DN 35MM X 1 1/4\u0094, INSTALADO EM PRUMADA DE ÁGUA \u0096 FORNECIMENTO E INSTALAÇÃO. AF_12/2014","UN","76,37","76,59",null,76.37,76.59,"Sinapi 89818"]
["89819","LUVA DE CORRER, PVC, SERIE NORMAL, ESGOTO PREDIAL, DN 75 MM, JUNTA ELÁSTICA, FORNECIDO E INSTALADO EM PRUMADA DE ESGOTO SANITÁRIO OU VENTILAÇÃO. AF_12/2014","UN","11,79","12,03",null,11.79,12.03,"Sinapi 89819"]
["89820","BUCHA DE REDUÇÃO, CPVC, SOLDÁVEL, DN35MM X 28MM, INSTALADO EM PRUMADA DE ÁGUA \u0096 FORNECIMENTO E INSTALAÇÃO. AF_12/2014","UN","15,64","15,86",null,15.64,15.86,"Sinapi 89820"]
["89821","LUVA SIMPLES, PVC, SERIE NORMAL, ESGOTO PREDIAL, DN 100 MM, JUNTA ELÁSTICA, FORNECIDO E INSTALADO EM PRUMADA DE ESGOTO SANITÁRIO OU VENTILAÇÃO. AF_12/2014","UN","10,27","10,58",null,10.27,10.58,"Sinapi 89821"]
["89822","LUVA, CPVC, SOLDÁVEL, DN 42MM, INSTALADO EM PRUMADA DE ÁGUA \u0096 FORNECIMENTO E INSTALAÇÃO. AF_12/2014","UN","11,91","12,16",null,11.91,12.16,"Sinapi 89822"]
["89823","LUVA DE CORRER, PVC, SERIE NORMAL, ESGOTO PREDIAL, DN 100 MM, JUNTA ELÁSTICA, FORNECIDO E INSTALADO EM PRUMADA DE ESGOTO SANITÁRIO OU VENTILAÇÃO. AF_12/2014","UN","16,97","17,28",null,16.97,17.28,"Sinapi 89823"]
["89824","LUVA DE CORRER, CPVC, SOLDÁVEL, DN 42MM, INSTALADO EM PRUMADA DE ÁGUA \u0096 FORNECIMENTO E INSTALAÇÃO. AF_12/2014","UN","19,46","19,71",null,19.46,19.71,"Sinapi 89824"]
["89825","TE, PVC, SERIE NORMAL, ESGOTO PREDIAL, DN 50 X 50 MM, JUNTA ELÁSTICA, FORNECIDO E INSTALADO EM PRUMADA DE ESGOTO SANITÁRIO OU VENTILAÇÃO. AF_12/2014","UN","10,22","10,46",null,10.220000000000001,10.46,"Sinapi 89825"]
["89826","LUVA DE TRANSIÇÃO, CPVC, SOLDÁVEL, DN42MM X 1.1/2\u0094, INSTALADO EM PRUMADA DE ÁGUA \u0096 FORNECIMENTO E INSTALAÇÃO. AF_12/2014","UN","78,22","78,47",null,78.22,78.47,"Sinapi 89826"]
["89827","JUNÇÃO SIMPLES, PVC, SERIE NORMAL, ESGOTO PREDIAL, DN 50 X 50 MM, JUNTA ELÁSTICA, FORNECIDO E INSTALADO EM PRUMADA DE ESGOTO SANITÁRIO OU VENTILAÇÃO. AF_12/2014","UN","11,33","11,57",null,11.33,11.57,"Sinapi 89827"]
["89828","UNIÃO, CPVC, SOLDÁVEL, DN42MM, INSTALADO EM PRUMADA DE ÁGUA \u0096 FORNECIMENTO E INSTALAÇÃO. AF_12/2014","UN","28,77","29,02",null,28.77,29.02,"Sinapi 89828"]
["89829","TE, PVC, SERIE NORMAL, ESGOTO PREDIAL, DN 75 X 75 MM, JUNTA ELÁSTICA, FORNECIDO E INSTALADO EM PRUMADA DE ESGOTO SANITÁRIO OU VENTILAÇÃO. AF_12/2014","UN","18,06","18,50",null,18.059999999999999,18.5,"Sinapi 89829"]
["89830","JUNÇÃO SIMPLES, PVC, SERIE NORMAL, ESGOTO PREDIAL, DN 75 X 75 MM, JUNTA ELÁSTICA, FORNECIDO E INSTALADO EM PRUMADA DE ESGOTO SANITÁRIO OU VENTILAÇÃO. AF_12/2014","UN","19,59","20,03",null,19.59,20.03,"Sinapi 89830"]
["89831","CONECTOR, CPVC, SOLDÁVEL, DN 42MM X 1.1/2\u0094, INSTALADO EM PRUMADA DE ÁGUA \u0096 FORNECIMENTO E INSTALAÇÃO. AF_12/2014","UN","93,20","93,45",null,93.2,93.45,"Sinapi 89831"]
["89832","BUCHA DE REDUÇÃO, CPVC, SOLDÁVEL, DN 42MM X 22MM, INSTALADO EM RAMAL DE DISTRIBUIÇÃO DE ÁGUA - FORNECIMENTO E INSTALAÇÃO. AF_12/2014","UN","20,32","20,57",null,20.32,20.57,"Sinapi 89832"]
["89833","TE, PVC, SERIE NORMAL, ESGOTO PREDIAL, DN 100 X 100 MM, JUNTA ELÁSTICA, FORNECIDO E INSTALADO EM PRUMADA DE ESGOTO SANITÁRIO OU VENTILAÇÃO. AF_12/2014","UN","22,64","23,27",null,22.64,23.27,"Sinapi 89833"]
["89834","JUNÇÃO SIMPLES, PVC, SERIE NORMAL, ESGOTO PREDIAL, DN 100 X 100 MM, JUNTA ELÁSTICA, FORNECIDO E INSTALADO EM PRUMADA DE ESGOTO SANITÁRIO OU VENTILAÇÃO. AF_12/2014","UN","26,23","26,86",null,26.23,26.86,"Sinapi 89834"]
["89835","LUVA, CPVC, SOLDÁVEL, DN 54MM, INSTALADO EM PRUMADA DE ÁGUA \u0096 FORNECIMENTO E INSTALAÇÃO. AF_12/2014","UN","20,46","20,76",null,20.46,20.76,"Sinapi 89835"]
["89836","LUVA DE TRANSIÇÃO, CPVC, SOLDÁVEL, DN 54MM X 2\u0094, INSTALADO EM PRUMADA DE ÁGUA \u0096 FORNECIMENTO E INSTALAÇÃO. AF_12/2014","UN","125,77","126,07",null,125.77,126.07,"Sinapi 89836"]
["89837","UNIÃO, CPVC, SOLDÁVEL, DN 54MM, INSTALADO EM PRUMADA DE ÁGUA \u0096 FORNECIMENTO E INSTALAÇÃO. AF_12/2014","UN","63,67","63,97",null,63.67,63.97,"Sinapi 89837"]
["89838","LUVA, CPVC, SOLDÁVEL, DN 73MM, INSTALADO EM PRUMADA DE ÁGUA \u0096 FORNECIMENTO E INSTALAÇÃO. AF_12/2014","UN","69,92","70,32",null,69.92,70.319999999999993,"Sinapi 89838"]
["89839","UNIÃO, CPVC, SOLDÁVEL, DN 73MM, INSTALADO EM PRUMADA DE ÁGUA \u0096 FORNECIMENTO E INSTALAÇÃO. AF_12/2014","UN","92,12","92,52",null,92.12,92.52,"Sinapi 89839"]
["89840","LUVA, CPVC, SOLDÁVEL, DN 89MM, INSTALADO EM PRUMADA DE ÁGUA \u0096 FORNECIMENTO E INSTALAÇÃO. AF_12/2014","UN","81,39","81,87",null,81.39,81.87,"Sinapi 89840"]
["89841","UNIÃO, CPVC, SOLDÁVEL, DN 89MM, INSTALADO EM PRUMADA DE ÁGUA \u0096 FORNECIMENTO E INSTALAÇÃO. AF_12/2014","UN","134,78","135,26",null,134.78,135.26,"Sinapi 89841"]
["89842","TÊ, CPVC, SOLDÁVEL, DN 35MM, INSTALADO EM PRUMADA DE ÁGUA \u0096 FORNECIMENTO E INSTALAÇÃO. AF_12/2014","UN","23,54","23,96",null,23.54,23.96,"Sinapi 89842"]
["89844","TE, CPVC, SOLDÁVEL, DN  42MM, INSTALADO EM PRUMADA DE ÁGUA \u0096 FORNECIMENTO E INSTALAÇÃO. AF_12/2014","UN","29,77","30,26",null,29.77,30.26,"Sinapi 89844"]
["89845","TÊ, CPVC, SOLDÁVEL, DN 54 MM, INSTALADO EM PRUMADA DE ÁGUA \u0096 FORNECIMENTO E INSTALAÇÃO. AF_12/2014","UN","45,34","45,96",null,45.34,45.96,"Sinapi 89845"]
["89846","TÊ, CPVC, SOLDÁVEL, DN 73MM, INSTALADO EM PRUMADA DE ÁGUA \u0096 FORNECIMENTO E INSTALAÇÃO. AF_12/2014","UN","98,95","99,75",null,{"$f":"IF(D3720=\"\",\"\",D3720+0)","v":98.95},{"$f":"IF(E3720=\"\",\"\",E3720+0)","v":99.75},{"$f":"IF(OR(G3720=\"\",H3720=\"\"),\"\",CONCATENATE(\"Sinapi \",A3720))","v":"Sinapi 89846"}]
["89847","TÊ, CPVC, SOLDÁVEL, DN 89MM, INSTALADO EM PRUMADA DE ÁGUA \u0096 FORNECIMENTO E INSTALAÇÃO. AF_12/2014","UN","121,97","122,93",null,121.97,122.93,"Sinapi 89847"]
["89850","JOELHO 90 GRAUS, PVC, SERIE NORMAL, ESGOTO PREDIAL, DN 100 MM, JUNTA ELÁSTICA, FORNECIDO E INSTALADO EM SUBCOLETOR AÉREO DE ESGOTO SANITÁRIO. AF_12/2014","UN","17,19","18,13",null,17.190000000000001,18.13,"Sinapi 89850"]
["89851","JOELHO 45 GRAUS, PVC, SERIE NORMAL, ESGOTO PREDIAL, DN 100 MM, JUNTA ELÁSTICA, FORNECIDO E INSTALADO EM SUBCOLETOR AÉREO DE ESGOTO SANITÁRIO. AF_12/2014","UN","17,16","18,10",null,17.16,18.100000000000001,"Sinapi 89851"]
["89852","CURVA CURTA 90 GRAUS, PVC, SERIE NORMAL, ESGOTO PREDIAL, DN 100 MM, JUNTA ELÁSTICA, FORNECIDO E INSTALADO EM SUBCOLETOR AÉREO DE ESGOTO SANITÁRIO. AF_12/2014","UN","25,88","26,82",null,25.88,26.82,"Sinapi 89852"]
["89853","CURVA LONGA 90 GRAUS, PVC, SERIE NORMAL, ESGOTO PREDIAL, DN 100 MM, JUNTA ELÁSTICA, FORNECIDO E INSTALADO EM SUBCOLETOR AÉREO DE ESGOTO SANITÁRIO. AF_12/2014","UN","41,31","42,25",null,41.31,42.25,"Sinapi 89853"]
["89854","JOELHO 90 GRAUS, PVC, SERIE NORMAL, ESGOTO PREDIAL, DN 150 MM, JUNTA ELÁSTICA, FORNECIDO E INSTALADO EM SUBCOLETOR AÉREO DE ESGOTO SANITÁRIO. AF_12/2014","UN","54,41","55,71",null,54.41,55.71,"Sinapi 89854"]
["89855","JOELHO 45 GRAUS, PVC, SERIE NORMAL, ESGOTO PREDIAL, DN 150 MM, JUNTA ELÁSTICA, FORNECIDO E INSTALADO EM SUBCOLETOR AÉREO DE ESGOTO SANITÁRIO. AF_12/2014","UN","57,52","58,82",null,57.52,58.82,"Sinapi 89855"]
["89856","LUVA SIMPLES, PVC, SERIE NORMAL, ESGOTO PREDIAL, DN 100 MM, JUNTA ELÁSTICA, FORNECIDO E INSTALADO EM SUBCOLETOR AÉREO DE ESGOTO SANITÁRIO. AF_12/2014","UN","13,10","13,73",null,13.1,13.73,"Sinapi 89856"]
["89857","LUVA DE CORRER, PVC, SERIE NORMAL, ESGOTO PREDIAL, DN 100 MM, JUNTA ELÁSTICA, FORNECIDO E INSTALADO EM SUBCOLETOR AÉREO DE ESGOTO SANITÁRIO. AF_12/2014","UN","19,80","20,43",null,19.8,20.43,"Sinapi 89857"]
["89859","LUVA DE CORRER, PVC, SERIE NORMAL, ESGOTO PREDIAL, DN 150 MM, JUNTA ELÁSTICA, FORNECIDO E INSTALADO EM SUBCOLETOR AÉREO DE ESGOTO SANITÁRIO. AF_12/2014","UN","57,90","58,77",null,57.9,58.77,"Sinapi 89859"]
["89860","TE, PVC, SERIE NORMAL, ESGOTO PREDIAL, DN 100 X 100 MM, JUNTA ELÁSTICA, FORNECIDO E INSTALADO EM SUBCOLETOR AÉREO DE ESGOTO SANITÁRIO. AF_12/2014","UN","28,31","29,57",null,28.31,29.57,"Sinapi 89860"]
["89861","JUNÇÃO SIMPLES, PVC, SERIE NORMAL, ESGOTO PREDIAL, DN 100 X 100 MM, JUNTA ELÁSTICA, FORNECIDO E INSTALADO EM SUBCOLETOR AÉREO DE ESGOTO SANITÁRIO. AF_12/2014","UN","31,90","33,16",null,31.9,33.159999999999997,"Sinapi 89861"]
["89862","TE, PVC, SERIE NORMAL, ESGOTO PREDIAL, DN 150 X 150 MM, JUNTA ELÁSTICA, FORNECIDO E INSTALADO EM SUBCOLETOR AÉREO DE ESGOTO SANITÁRIO. AF_12/2014","UN","60,74","62,47",null,60.74,62.47,"Sinapi 89862"]
["89863","JUNÇÃO SIMPLES, PVC, SERIE NORMAL, ESGOTO PREDIAL, DN 150 X 150 MM, JUNTA ELÁSTICA, FORNECIDO E INSTALADO EM SUBCOLETOR AÉREO DE ESGOTO SANITÁRIO. AF_12/2014","UN","120,77","122,50",null,120.77,122.5,"Sinapi 89863"]
["89866","JOELHO 90 GRAUS, PVC, SOLDÁVEL, DN 25MM, INSTALADO EM DRENO DE AR-CONDICIONADO - FORNECIMENTO E INSTALAÇÃO. AF_12/2014","UN","3,83","4,10",null,3.83,4.0999999999999996,"Sinapi 89866"]
["89867","JOELHO 45 GRAUS, PVC, SOLDÁVEL, DN 25MM, INSTALADO EM DRENO DE AR-CONDICIONADO - FORNECIMENTO E INSTALAÇÃO. AF_12/2014","UN","4,40","4,67",null,4.4000000000000004,4.67,"Sinapi 89867"]
["89868","LUVA, PVC, SOLDÁVEL, DN 25MM, INSTALADO EM DRENO DE AR-CONDICIONADO - FORNECIMENTO E INSTALAÇÃO. AF_12/2014","UN","2,81","2,96",null,2.81,2.96,"Sinapi 89868"]
["89869","TE, PVC, SOLDÁVEL, DN 25MM, INSTALADO EM DRENO DE AR-CONDICIONADO - FORNECIMENTO E INSTALAÇÃO. AF_12/2014","UN","6,10","6,45",null,6.1,6.45,"Sinapi 89869"]
["89979","LUVA COM BUCHA DE LATÃO, PVC, SOLDÁVEL, DN 32MM X 1 , INSTALADO EM RAMAL OU SUB-RAMAL DE ÁGUA   FORNECIMENTO E INSTALAÇÃO. AF_12/2014","UN","18,95","19,42",null,18.95,19.420000000000002,"Sinapi 89979"]
["89980","LUVA COM BUCHA DE LATÃO, PVC, SOLDÁVEL, DN 25MM X 3/4\u0094, INSTALADO EM PRUMADA DE ÁGUA - FORNECIMENTO E INSTALAÇÃO. AF_12/2014","UN","7,20","7,35",null,7.2,7.35,"Sinapi 89980"]
["89981","LUVA SOLDÁVEL E COM BUCHA DE LATÃO, PVC, SOLDÁVEL, DN 32MM X 1 , INSTALADO EM PRUMADA DE ÁGUA   FORNECIMENTO E INSTALAÇÃO. AF_12/2014","UN","16,40","16,59",null,16.399999999999999,16.59,"Sinapi 89981"]
["90373","JOELHO 90 GRAUS COM BUCHA DE LATÃO, PVC, SOLDÁVEL, DN 25MM, X 1/2\u0094 INSTALADO EM RAMAL OU SUB-RAMAL DE ÁGUA - FORNECIMENTO E INSTALAÇÃO. AF_12/2014","UN","10,70","11,28",null,10.7,11.28,"Sinapi 90373"]
["90374","TÊ COM BUCHA DE LATÃO NA BOLSA CENTRAL, PVC, SOLDÁVEL, DN 25MM X 3/4\u0094, INSTALADO EM RAMAL OU SUB-RAMAL DE ÁGUA - FORNECIMENTO E INSTALAÇÃO. AF_03/2015","UN","16,55","17,33",null,16.55,17.329999999999998,"Sinapi 90374"]
["90375","BUCHA DE REDUÇÃO, PVC, SOLDÁVEL, DN 40MM X 32MM, INSTALADO EM RAMAL OU SUB-RAMAL DE ÁGUA - FORNECIMENTO E INSTALAÇÃO. AF_03/2015","UN","6,80","7,27",null,6.8,7.27,"Sinapi 90375"]
["92287","COTOVELO EM COBRE, DN 22 MM, 90 GRAUS, SEM ANEL DE SOLDA, INSTALADO EM PRUMADA   FORNECIMENTO E INSTALAÇÃO. AF_12/2015","UN","11,18","11,56",null,11.18,11.56,"Sinapi 92287"]
["92288","COTOVELO EM COBRE, DN 28 MM, 90 GRAUS, SEM ANEL DE SOLDA, INSTALADO EM PRUMADA \u0096 FORNECIMENTO E INSTALAÇÃO. AF_12/2015","UN","16,99","17,44",null,16.989999999999998,17.440000000000001,"Sinapi 92288"]
["92289","COTOVELO EM COBRE, DN 35 MM, 90 GRAUS, SEM ANEL DE SOLDA, INSTALADO EM PRUMADA \u0096 FORNECIMENTO E INSTALAÇÃO. AF_12/2015","UN","29,32","29,84",null,29.32,29.84,"Sinapi 92289"]
["92290","COTOVELO EM COBRE, DN 42 MM, 90 GRAUS, SEM ANEL DE SOLDA, INSTALADO EM PRUMADA \u0096 FORNECIMENTO E INSTALAÇÃO. AF_12/2015","UN","44,13","44,75",null,44.13,44.75,"Sinapi 92290"]
["92291","COTOVELO EM COBRE, DN 54 MM, 90 GRAUS, SEM ANEL DE SOLDA, INSTALADO EM PRUMADA \u0096 FORNECIMENTO E INSTALAÇÃO. AF_12/2015","UN","67,26","68,00",null,67.260000000000005,68,"Sinapi 92291"]
["92292","COTOVELO EM COBRE, DN 66 MM, 90 GRAUS, SEM ANEL DE SOLDA, INSTALADO EM PRUMADA \u0096 FORNECIMENTO E INSTALAÇÃO. AF_12/2015","UN","207,21","208,09",null,207.21,208.09,"Sinapi 92292"]
["92293","LUVA EM COBRE, DN 22 MM, SEM ANEL DE SOLDA, INSTALADO EM PRUMADA \u0096 FORNECIMENTO E INSTALAÇÃO. AF_12/2015","UN","6,50","6,76",null,6.5,6.76,"Sinapi 92293"]
["92294","LUVA EM COBRE, DN 28 MM, SEM ANEL DE SOLDA, INSTALADO EM PRUMADA \u0096 FORNECIMENTO E INSTALAÇÃO. AF_12/2015","UN","10,48","10,77",null,10.48,10.77,"Sinapi 92294"]
["92295","LUVA EM COBRE, DN 35 MM, SEM ANEL DE SOLDA, INSTALADO EM PRUMADA \u0096 FORNECIMENTO E INSTALAÇÃO. AF_12/2015","UN","19,11","19,46",null,19.11,19.46,"Sinapi 92295"]
["92296","LUVA EM COBRE, DN 42 MM, SEM ANEL DE SOLDA, INSTALADO EM PRUMADA \u0096 FORNECIMENTO E INSTALAÇÃO. AF_12/2015","UN","25,31","25,72",null,25.31,25.72,"Sinapi 92296"]
["92297","LUVA EM COBRE, DN 54 MM, SEM ANEL DE SOLDA, INSTALADO EM PRUMADA \u0096 FORNECIMENTO E INSTALAÇÃO. AF_12/2015","UN","38,89","39,38",null,38.89,39.380000000000003,"Sinapi 92297"]
["92298","LUVA EM COBRE, DN 66 MM, SEM ANEL DE SOLDA, INSTALADO EM PRUMADA \u0096 FORNECIMENTO E INSTALAÇÃO. AF_12/2015","UN","107,54","108,12",null,107.54,108.12,"Sinapi 92298"]
["92299","TE EM COBRE, DN 22 MM, SEM ANEL DE SOLDA, INSTALADO EM PRUMADA \u0096 FORNECIMENTO E INSTALAÇÃO. AF_12/2015","UN","14,76","15,26",null,14.76,15.26,"Sinapi 92299"]
["92300","TE EM COBRE, DN 28 MM, SEM ANEL DE SOLDA, INSTALADO EM PRUMADA \u0096 FORNECIMENTO E INSTALAÇÃO. AF_12/2015","UN","21,71","22,30",null,21.71,22.3,"Sinapi 92300"]
["92301","TE EM COBRE, DN 35 MM, SEM ANEL DE SOLDA, INSTALADO EM PRUMADA \u0096 FORNECIMENTO E INSTALAÇÃO. AF_12/2015","UN","41,62","42,32",null,41.62,42.32,"Sinapi 92301"]
["92302","TE EM COBRE, DN 42 MM, SEM ANEL DE SOLDA, INSTALADO EM PRUMADA \u0096 FORNECIMENTO E INSTALAÇÃO. AF_12/2015","UN","54,84","55,65",null,54.84,55.65,"Sinapi 92302"]
["92303","TE EM COBRE, DN 54 MM, SEM ANEL DE SOLDA, INSTALADO EM PRUMADA \u0096 FORNECIMENTO E INSTALAÇÃO. AF_12/2015","UN","99,47","100,47",null,99.47,100.47,"Sinapi 92303"]
["92304","TE EM COBRE, DN 66 MM, SEM ANEL DE SOLDA, INSTALADO EM PRUMADA \u0096 FORNECIMENTO E INSTALAÇÃO. AF_12/2015","UN","255,89","257,06",null,255.89,257.06,"Sinapi 92304"]
["92311","COTOVELO EM COBRE, DN 15 MM, 90 GRAUS, SEM ANEL DE SOLDA, INSTALADO EM RAMAL DE DISTRIBUIÇÃO \u0096 FORNECIMENTO E INSTALAÇÃO. AF_12/2015","UN","8,47","9,01",null,8.4700000000000006,9.01,"Sinapi 92311"]
["92312","COTOVELO EM COBRE, DN 22 MM, 90 GRAUS, SEM ANEL DE SOLDA, INSTALADO EM RAMAL DE DISTRIBUIÇÃO \u0096 FORNECIMENTO E INSTALAÇÃO. AF_12/2015","UN","13,39","14,02",null,13.39,14.02,"Sinapi 92312"]
["92313","COTOVELO EM COBRE, DN 28 MM, 90 GRAUS, SEM ANEL DE SOLDA, INSTALADO EM RAMAL DE DISTRIBUIÇÃO \u0096 FORNECIMENTO E INSTALAÇÃO. AF_12/2015","UN","19,21","19,90",null,19.21,19.899999999999999,"Sinapi 92313"]
["92314","LUVA EM COBRE, DN 15 MM, SEM ANEL DE SOLDA, INSTALADO EM RAMAL DE DISTRIBUIÇÃO \u0096 FORNECIMENTO E INSTALAÇÃO. AF_12/2015","UN","5,52","5,88",null,5.52,5.88,"Sinapi 92314"]
["92315","LUVA EM COBRE, DN 22 MM, SEM ANEL DE SOLDA, INSTALADO EM RAMAL DE DISTRIBUIÇÃO \u0096 FORNECIMENTO E INSTALAÇÃO. AF_12/2015","UN","8,01","8,43",null,8.01,8.43,"Sinapi 92315"]
["92316","LUVA EM COBRE, DN 28 MM, SEM ANEL DE SOLDA, INSTALADO EM RAMAL DE DISTRIBUIÇÃO \u0096 FORNECIMENTO E INSTALAÇÃO. AF_12/2015","UN","11,99","12,45",null,11.99,12.45,"Sinapi 92316"]
["92317","TE EM COBRE, DN 15 MM, SEM ANEL DE SOLDA, INSTALADO EM RAMAL DE DISTRIBUIÇÃO \u0096 FORNECIMENTO E INSTALAÇÃO. AF_12/2015","UN","11,51","12,23",null,11.51,12.23,"Sinapi 92317"]
["92318","TE EM COBRE, DN 22 MM, SEM ANEL DE SOLDA, INSTALADO EM RAMAL DE DISTRIBUIÇÃO \u0096 FORNECIMENTO E INSTALAÇÃO. AF_12/2015","UN","17,72","18,55",null,17.72,18.55,"Sinapi 92318"]
["92319","TE EM COBRE, DN 28 MM, SEM ANEL DE SOLDA, INSTALADO EM RAMAL DE DISTRIBUIÇÃO \u0096 FORNECIMENTO E INSTALAÇÃO. AF_12/2015","UN","24,68","25,60",null,24.68,25.6,"Sinapi 92319"]
["92326","COTOVELO EM COBRE, DN 15 MM, 90 GRAUS, SEM ANEL DE SOLDA, INSTALADO EM RAMAL E SUB-RAMAL \u0096 FORNECIMENTO E INSTALAÇÃO. AF_12/2015","UN","9,41","9,96",null,9.41,9.9600000000000009,"Sinapi 92326"]
["92327","COTOVELO EM COBRE, DN 22 MM, 90 GRAUS, SEM ANEL DE SOLDA, INSTALADO EM RAMAL E SUB-RAMAL \u0096 FORNECIMENTO E INSTALAÇÃO. AF_12/2015","UN","15,44","16,29",null,15.44,16.29,"Sinapi 92327"]
["92328","COTOVELO EM COBRE, DN 28 MM, 90 GRAUS, SEM ANEL DE SOLDA, INSTALADO EM RAMAL E SUB-RAMAL \u0096 FORNECIMENTO E INSTALAÇÃO. AF_12/2015","UN","22,84","23,93",null,22.84,23.93,"Sinapi 92328"]
["92329","LUVA EM COBRE, DN 15 MM, SEM ANEL DE SOLDA, INSTALADO EM RAMAL E SUB-RAMAL \u0096 FORNECIMENTO E INSTALAÇÃO. AF_12/2015","UN","5,68","6,04",null,5.68,6.04,"Sinapi 92329"]
["92330","LUVA EM COBRE, DN 22 MM, SEM ANEL DE SOLDA, INSTALADO EM RAMAL E SUB-RAMAL \u0096 FORNECIMENTO E INSTALAÇÃO. AF_12/2015","UN","9,36","9,92",null,9.36,9.92,"Sinapi 92330"]
["92331","LUVA EM COBRE, DN 28 MM, SEM ANEL DE SOLDA, INSTALADO EM RAMAL E SUB-RAMAL \u0096 FORNECIMENTO E INSTALAÇÃO. AF_12/2015","UN","14,41","15,13",null,14.41,15.13,"Sinapi 92331"]
["92332","TE EM COBRE, DN 15 MM, SEM ANEL DE SOLDA, INSTALADO EM RAMAL E SUB-RAMAL \u0096 FORNECIMENTO E INSTALAÇÃO. AF_12/2015","UN","11,73","12,47",null,11.73,12.47,"Sinapi 92332"]
["92333","TE EM COBRE, DN 22 MM, SEM ANEL DE SOLDA, INSTALADO EM RAMAL E SUB-RAMAL \u0096 FORNECIMENTO E INSTALAÇÃO. AF_12/2015","UN","20,43","21,55",null,20.43,21.55,"Sinapi 92333"]
["92334","TE EM COBRE, DN 28 MM, SEM ANEL DE SOLDA, INSTALADO EM RAMAL E SUB-RAMAL \u0096 FORNECIMENTO E INSTALAÇÃO. AF_12/2015","UN","29,50","30,95",null,29.5,30.95,"Sinapi 92334"]
["92344","NIPLE, EM FERRO GALVANIZADO, DN 50 (2\"), CONEXÃO ROSQUEADA, INSTALADO EM PRUMADAS - FORNECIMENTO E INSTALAÇÃO. AF_12/2015","UN","41,91","44,44",null,41.91,44.44,"Sinapi 92344"]
["92345","LUVA, EM FERRO GALVANIZADO, DN 50 (2\"), CONEXÃO ROSQUEADA, INSTALADO EM PRUMADAS - FORNECIMENTO E INSTALAÇÃO. AF_12/2015","UN","41,89","44,42",null,41.89,44.42,"Sinapi 92345"]
["92346","NIPLE, EM FERRO GALVANIZADO, DN 65 (2 1/2\"), CONEXÃO ROSQUEADA, INSTALADO EM PRUMADAS - FORNECIMENTO E INSTALAÇÃO. AF_12/2015","UN","53,91","56,67",null,53.91,56.67,"Sinapi 92346"]
["92347","LUVA, EM FERRO GALVANIZADO, DN 65 (2 1/2\"), CONEXÃO ROSQUEADA, INSTALADO EM PRUMADAS - FORNECIMENTO E INSTALAÇÃO. AF_12/2015","UN","59,35","62,11",null,{"$f":"IF(D3784=\"\",\"\",D3784+0)","v":59.35},{"$f":"IF(E3784=\"\",\"\",E3784+0)","v":62.11},{"$f":"IF(OR(G3784=\"\",H3784=\"\"),\"\",CONCATENATE(\"Sinapi \",A3784))","v":"Sinapi 92347"}]
["92348","NIPLE, EM FERRO GALVANIZADO, DN 80 (3\"), CONEXÃO ROSQUEADA, INSTALADO EM PRUMADAS - FORNECIMENTO E INSTALAÇÃO. AF_12/2015","UN","73,83","76,82",null,73.83,76.819999999999993,"Sinapi 92348"]
["92349","LUVA, EM FERRO GALVANIZADO, DN 80 (3\"), CONEXÃO ROSQUEADA, INSTALADO EM PRUMADAS - FORNECIMENTO E INSTALAÇÃO. AF_12/2015","UN","78,68","81,67",null,78.680000000000007,81.67,"Sinapi 92349"]
["92350","JOELHO 45 GRAUS, EM FERRO GALVANIZADO, DN 50 (2\"), CONEXÃO ROSQUEADA, INSTALADO EM PRUMADAS - FORNECIMENTO E INSTALAÇÃO. AF_12/2015","UN","62,32","66,13",null,62.32,66.13,"Sinapi 92350"]
["92351","JOELHO 90 GRAUS, EM FERRO GALVANIZADO, DN 50 (2\"), CONEXÃO ROSQUEADA, INSTALADO EM PRUMADAS - FORNECIMENTO E INSTALAÇÃO. AF_12/2015","UN","61,11","64,92",null,61.11,64.92,"Sinapi 92351"]
["92352","JOELHO 45 GRAUS, EM FERRO GALVANIZADO, DN 65 (2 1/2\"), CONEXÃO ROSQUEADA, INSTALADO EM PRUMADAS - FORNECIMENTO E INSTALAÇÃO. AF_12/2015","UN","91,22","95,35",null,91.22,95.35,"Sinapi 92352"]
["92353","JOELHO 90 GRAUS, EM FERRO GALVANIZADO, DN 65 (2 1/2\"), CONEXÃO ROSQUEADA, INSTALADO EM PRUMADAS - FORNECIMENTO E INSTALAÇÃO. AF_12/2015","UN","85,90","90,03",null,85.9,90.03,"Sinapi 92353"]
["92354","JOELHO 45 GRAUS, EM FERRO GALVANIZADO, DN 80 (3\"), CONEXÃO ROSQUEADA, INSTALADO EM PRUMADAS - FORNECIMENTO E INSTALAÇÃO. AF_12/2015","UN","119,01","123,48",null,119.01,123.48,"Sinapi 92354"]
["92355","JOELHO 90 GRAUS, EM FERRO GALVANIZADO, DN 80 (3\"), CONEXÃO ROSQUEADA, INSTALADO EM PRUMADAS - FORNECIMENTO E INSTALAÇÃO. AF_12/2015","UN","108,74","113,21",null,108.74,113.21,"Sinapi 92355"]
["92356","TÊ, EM FERRO GALVANIZADO, DN 50 (2\"), CONEXÃO ROSQUEADA, INSTALADO EM PRUMADAS - FORNECIMENTO E INSTALAÇÃO. AF_12/2015","UN","81,50","86,56",null,81.5,86.56,"Sinapi 92356"]
["92357","TÊ, EM FERRO GALVANIZADO, DN 65 (2 1/2\"), CONEXÃO ROSQUEADA, INSTALADO EM PRUMADAS - FORNECIMENTO E INSTALAÇÃO. AF_12/2015","UN","117,24","122,76",null,117.24,122.76,"Sinapi 92357"]
["92358","TÊ, EM FERRO GALVANIZADO, DN 80 (3\"), CONEXÃO ROSQUEADA, INSTALADO EM PRUMADAS - FORNECIMENTO E INSTALAÇÃO. AF_12/2015","UN","144,04","150,01",null,144.04,150.01,"Sinapi 92358"]
["92369","NIPLE, EM FERRO GALVANIZADO, DN 25 (1\"), CONEXÃO ROSQUEADA, INSTALADO EM REDE DE ALIMENTAÇÃO PARA HIDRANTE - FORNECIMENTO E INSTALAÇÃO. AF_12/2015","UN","23,70","25,62",null,23.7,25.62,"Sinapi 92369"]
["92370","LUVA, EM FERRO GALVANIZADO, DN 25 (1\"), CONEXÃO ROSQUEADA, INSTALADO EM REDE DE ALIMENTAÇÃO PARA HIDRANTE - FORNECIMENTO E INSTALAÇÃO. AF_12/2015","UN","24,68","26,60",null,24.68,26.6,"Sinapi 92370"]
["92371","NIPLE, EM FERRO GALVANIZADO, DN 32 (1 1/4\"), CONEXÃO ROSQUEADA, INSTALADO EM REDE DE ALIMENTAÇÃO PARA HIDRANTE - FORNECIMENTO E INSTALAÇÃO. AF_12/2015","UN","28,19","30,28",null,28.19,30.28,"Sinapi 92371"]
["92372","LUVA, EM FERRO GALVANIZADO, DN 32 (1 1/4\"), CONEXÃO ROSQUEADA, INSTALADO EM REDE DE ALIMENTAÇÃO PARA HIDRANTE - FORNECIMENTO E INSTALAÇÃO. AF_12/2015","UN","29,10","31,19",null,29.1,31.19,"Sinapi 92372"]
["92373","NIPLE, EM FERRO GALVANIZADO, DN 40 (1 1/2\"), CONEXÃO ROSQUEADA, INSTALADO EM REDE DE ALIMENTAÇÃO PARA HIDRANTE - FORNECIMENTO E INSTALAÇÃO. AF_12/2015","UN","32,93","35,22",null,32.93,35.22,"Sinapi 92373"]
["92374","LUVA, EM FERRO GALVANIZADO, DN 40 (1 1/2\"), CONEXÃO ROSQUEADA, INSTALADO EM REDE DE ALIMENTAÇÃO PARA HIDRANTE - FORNECIMENTO E INSTALAÇÃO. AF_12/2015","UN","33,11","35,40",null,33.11,35.4,"Sinapi 92374"]
["92375","NIPLE, EM FERRO GALVANIZADO, DN 50 (2\"), CONEXÃO ROSQUEADA, INSTALADO EM REDE DE ALIMENTAÇÃO PARA HIDRANTE - FORNECIMENTO E INSTALAÇÃO. AF_12/2015","UN","41,87","44,40",null,41.87,44.4,"Sinapi 92375"]
["92376","LUVA, EM FERRO GALVANIZADO, DN 50 (2\"), CONEXÃO ROSQUEADA, INSTALADO EM REDE DE ALIMENTAÇÃO PARA HIDRANTE - FORNECIMENTO E INSTALAÇÃO. AF_12/2015","UN","41,85","44,38",null,41.85,44.38,"Sinapi 92376"]
["92377","NIPLE, EM FERRO GALVANIZADO, DN 65 (2 1/2\"), CONEXÃO ROSQUEADA, INSTALADO EM REDE DE ALIMENTAÇÃO PARA HIDRANTE - FORNECIMENTO E INSTALAÇÃO. AF_12/2015","UN","55,12","58,01",null,55.12,58.01,"Sinapi 92377"]
["92378","LUVA, EM FERRO GALVANIZADO, DN 65 (2 1/2\"), CONEXÃO ROSQUEADA, INSTALADO EM REDE DE ALIMENTAÇÃO PARA HIDRANTE - FORNECIMENTO E INSTALAÇÃO. AF_12/2015","UN","60,56","63,45",null,60.56,63.45,"Sinapi 92378"]
["92379","NIPLE, EM FERRO GALVANIZADO, DN 80 (3\"), CONEXÃO ROSQUEADA, INSTALADO EM REDE DE ALIMENTAÇÃO PARA HIDRANTE - FORNECIMENTO E INSTALAÇÃO. AF_12/2015","UN","76,31","79,56",null,76.31,79.56,"Sinapi 92379"]
["92380","LUVA, EM FERRO GALVANIZADO, DN 80 (3\"), CONEXÃO ROSQUEADA, INSTALADO EM REDE DE ALIMENTAÇÃO PARA HIDRANTE - FORNECIMENTO E INSTALAÇÃO. AF_12/2015","UN","81,16","84,41",null,81.16,84.41,"Sinapi 92380"]
["92381","JOELHO 45 GRAUS, EM FERRO GALVANIZADO, DN 25 (1\"), CONEXÃO ROSQUEADA, INSTALADO EM REDE DE ALIMENTAÇÃO PARA HIDRANTE - FORNECIMENTO E INSTALAÇÃO. AF_12/2015","UN","35,80","38,69",null,35.799999999999997,38.69,"Sinapi 92381"]
["92382","JOELHO 90 GRAUS, EM FERRO GALVANIZADO, DN 25 (1\"), CONEXÃO ROSQUEADA, INSTALADO EM REDE DE ALIMENTAÇÃO PARA HIDRANTE - FORNECIMENTO E INSTALAÇÃO. AF_12/2015","UN","34,50","37,39",null,34.5,37.39,"Sinapi 92382"]
["92383","JOELHO 45 GRAUS, EM FERRO GALVANIZADO, DN 32 (1 1/4\"), CONEXÃO ROSQUEADA, INSTALADO EM REDE DE ALIMENTAÇÃO PARA HIDRANTE - FORNECIMENTO E INSTALAÇÃO. AF_12/2015","UN","44,11","47,24",null,44.11,47.24,"Sinapi 92383"]
["92384","JOELHO 90 GRAUS, EM FERRO GALVANIZADO, DN 32 (1 1/4\"), CONEXÃO ROSQUEADA, INSTALADO EM REDE DE ALIMENTAÇÃO PARA HIDRANTE - FORNECIMENTO E INSTALAÇÃO. AF_12/2015","UN","41,53","44,66",null,41.53,44.66,"Sinapi 92384"]
["92385","JOELHO 45 GRAUS, EM FERRO GALVANIZADO, DN 40 (1 1/2\"), CONEXÃO ROSQUEADA, INSTALADO EM REDE DE ALIMENTAÇÃO PARA HIDRANTE - FORNECIMENTO E INSTALAÇÃO. AF_12/2015","UN","50,21","53,65",null,50.21,53.65,"Sinapi 92385"]
["92386","JOELHO 90 GRAUS, EM FERRO GALVANIZADO, DN 40 (1 1/2\"), CONEXÃO ROSQUEADA, INSTALADO EM REDE DE ALIMENTAÇÃO PARA HIDRANTE - FORNECIMENTO E INSTALAÇÃO. AF_12/2015","UN","48,43","51,87",null,48.43,51.87,"Sinapi 92386"]
["92387","JOELHO 45 GRAUS, EM FERRO GALVANIZADO, DN 50 (2\"), CONEXÃO ROSQUEADA, INSTALADO EM REDE DE ALIMENTAÇÃO PARA HIDRANTE - FORNECIMENTO E INSTALAÇÃO. AF_12/2015","UN","62,25","66,04",null,62.25,66.040000000000006,"Sinapi 92387"]
["92388","JOELHO 90 GRAUS, EM FERRO GALVANIZADO, DN 50 (2\"), CONEXÃO ROSQUEADA, INSTALADO EM REDE DE ALIMENTAÇÃO PARA HIDRANTE - FORNECIMENTO E INSTALAÇÃO. AF_12/2015","UN","61,04","64,83",null,61.04,64.83,"Sinapi 92388"]
["92389","JOELHO 45 GRAUS, EM FERRO GALVANIZADO, DN 65 (2 1/2\"), CONEXÃO ROSQUEADA, INSTALADO EM REDE DE ALIMENTAÇÃO PARA HIDRANTE - FORNECIMENTO E INSTALAÇÃO. AF_12/2015","UN","93,06","97,40",null,93.06,97.4,"Sinapi 92389"]
["92390","JOELHO 90 GRAUS, EM FERRO GALVANIZADO, DN 65 (2 1/2\"), CONEXÃO ROSQUEADA, INSTALADO EM REDE DE ALIMENTAÇÃO PARA HIDRANTE - FORNECIMENTO E INSTALAÇÃO. AF_12/2015","UN","87,74","92,08",null,87.74,92.08,"Sinapi 92390"]
["92635","JOELHO 45 GRAUS, EM FERRO GALVANIZADO, CONEXÃO ROSQUEADA, DN 80 (3\"), INSTALADO EM REDE DE ALIMENTAÇÃO PARA HIDRANTE - FORNECIMENTO E INSTALAÇÃO. AF_12/2015","UN","122,73","127,60",null,122.73,127.6,"Sinapi 92635"]
["92636","JOELHO 90 GRAUS, EM FERRO GALVANIZADO, CONEXÃO ROSQUEADA, DN 80 (3\"), INSTALADO EM REDE DE ALIMENTAÇÃO PARA HIDRANTE - FORNECIMENTO E INSTALAÇÃO. AF_12/2015","UN","112,46","117,33",null,112.46,117.33,"Sinapi 92636"]
["92637","TÊ, EM FERRO GALVANIZADO, CONEXÃO ROSQUEADA, DN 25 (1\"), INSTALADO EM REDE DE ALIMENTAÇÃO PARA HIDRANTE - FORNECIMENTO E INSTALAÇÃO. AF_12/2015","UN","46,50","50,35",null,46.5,50.35,"Sinapi 92637"]
["92638","TÊ, EM FERRO GALVANIZADO, CONEXÃO ROSQUEADA, DN 32 (1 1/4\"), INSTALADO EM REDE DE ALIMENTAÇÃO PARA HIDRANTE - FORNECIMENTO E INSTALAÇÃO. AF_12/2015","UN","55,71","59,90",null,55.71,59.9,"Sinapi 92638"]
["92639","TÊ, EM FERRO GALVANIZADO, CONEXÃO ROSQUEADA, DN 40 (1 1/2\"), INSTALADO EM REDE DE ALIMENTAÇÃO PARA HIDRANTE - FORNECIMENTO E INSTALAÇÃO. AF_12/2015","UN","63,93","68,51",null,63.93,68.510000000000005,"Sinapi 92639"]
["92640","TÊ, EM FERRO GALVANIZADO, CONEXÃO ROSQUEADA, DN 50 (2\"), INSTALADO EM REDE DE ALIMENTAÇÃO PARA HIDRANTE - FORNECIMENTO E INSTALAÇÃO. AF_12/2015","UN","81,39","86,45",null,81.39,86.45,"Sinapi 92640"]
["92642","TÊ, EM FERRO GALVANIZADO, CONEXÃO ROSQUEADA, DN 65 (2 1/2\"), INSTALADO EM REDE DE ALIMENTAÇÃO PARA HIDRANTE - FORNECIMENTO E INSTALAÇÃO. AF_12/2015","UN","119,65","125,43",null,119.65,125.43,"Sinapi 92642"]
["92644","TÊ, EM FERRO GALVANIZADO, CONEXÃO ROSQUEADA, DN 80 (3\"), INSTALADO EM REDE DE ALIMENTAÇÃO PARA HIDRANTE - FORNECIMENTO E INSTALAÇÃO. AF_12/2015","UN","149,00","155,51",null,149,155.51,"Sinapi 92644"]
["92657","NIPLE, EM FERRO GALVANIZADO, CONEXÃO ROSQUEADA, DN 25 (1\"), INSTALADO EM REDE DE ALIMENTAÇÃO PARA SPRINKLER - FORNECIMENTO E INSTALAÇÃO. AF_12/2015","UN","17,00","18,19",null,17,18.190000000000001,"Sinapi 92657"]
["92658","LUVA, EM FERRO GALVANIZADO, CONEXÃO ROSQUEADA, DN 25 (1\"), INSTALADO EM REDE DE ALIMENTAÇÃO PARA SPRINKLER - FORNECIMENTO E INSTALAÇÃO. AF_12/2015","UN","17,98","19,17",null,17.98,19.170000000000002,"Sinapi 92658"]
["92659","NIPLE, EM FERRO GALVANIZADO, CONEXÃO ROSQUEADA, DN 32 (1 1/4\"), INSTALADO EM REDE DE ALIMENTAÇÃO PARA SPRINKLER - FORNECIMENTO E INSTALAÇÃO. AF_12/2015","UN","20,58","21,82",null,20.58,21.82,"Sinapi 92659"]
["92660","LUVA, EM FERRO GALVANIZADO, CONEXÃO ROSQUEADA, DN 32 (1 1/4\"), INSTALADO EM REDE DE ALIMENTAÇÃO PARA SPRINKLER - FORNECIMENTO E INSTALAÇÃO. AF_12/2015","UN","21,49","22,73",null,21.49,22.73,"Sinapi 92660"]
["92661","NIPLE, EM FERRO GALVANIZADO, CONEXÃO ROSQUEADA, DN 40 (1 1/2\"), INSTALADO EM REDE DE ALIMENTAÇÃO PARA SPRINKLER - FORNECIMENTO E INSTALAÇÃO. AF_12/2015","UN","24,26","25,58",null,24.26,25.58,"Sinapi 92661"]
["92662","LUVA, EM FERRO GALVANIZADO, CONEXÃO ROSQUEADA, DN 40 (1 1/2\"), INSTALADO EM REDE DE ALIMENTAÇÃO PARA SPRINKLER - FORNECIMENTO E INSTALAÇÃO. AF_12/2015","UN","24,44","25,76",null,24.44,25.76,"Sinapi 92662"]
["92663","NIPLE, EM FERRO GALVANIZADO, CONEXÃO ROSQUEADA, DN 50 (2\"), INSTALADO EM REDE DE ALIMENTAÇÃO PARA SPRINKLER - FORNECIMENTO E INSTALAÇÃO. AF_12/2015","UN","31,88","33,31",null,31.88,33.31,"Sinapi 92663"]
["92664","LUVA, EM FERRO GALVANIZADO, CONEXÃO ROSQUEADA, DN 50 (2\"), INSTALADO EM REDE DE ALIMENTAÇÃO PARA SPRINKLER - FORNECIMENTO E INSTALAÇÃO. AF_12/2015","UN","31,86","33,29",null,31.86,33.29,"Sinapi 92664"]
["92665","NIPLE, EM FERRO GALVANIZADO, CONEXÃO ROSQUEADA, DN 65 (2 1/2\"), INSTALADO EM REDE DE ALIMENTAÇÃO PARA SPRINKLER - FORNECIMENTO E INSTALAÇÃO. AF_12/2015","UN","43,15","44,71",null,43.15,44.71,"Sinapi 92665"]
["92666","LUVA, EM FERRO GALVANIZADO, CONEXÃO ROSQUEADA, DN 65 (2 1/2\"), INSTALADO EM REDE DE ALIMENTAÇÃO PARA SPRINKLER - FORNECIMENTO E INSTALAÇÃO. AF_12/2015","UN","48,59","50,15",null,48.59,50.15,"Sinapi 92666"]
["92667","NIPLE, EM FERRO GALVANIZADO, CONEXÃO ROSQUEADA, DN 80 (3\"), INSTALADO EM REDE DE ALIMENTAÇÃO PARA SPRINKLER - FORNECIMENTO E INSTALAÇÃO. AF_12/2015","UN","62,40","64,11",null,62.4,64.11,"Sinapi 92667"]
["92668","LUVA, EM FERRO GALVANIZADO, CONEXÃO ROSQUEADA, DN 80 (3\"), INSTALADO EM REDE DE ALIMENTAÇÃO PARA SPRINKLER - FORNECIMENTO E INSTALAÇÃO. AF_12/2015","UN","67,25","68,96",null,67.25,68.959999999999994,"Sinapi 92668"]
["92669","JOELHO 45 GRAUS, EM FERRO GALVANIZADO, CONEXÃO ROSQUEADA, DN 25 (1\"), INSTALADO EM REDE DE ALIMENTAÇÃO PARA SPRINKLER - FORNECIMENTO E INSTALAÇÃO. AF_12/2015","UN","25,74","27,52",null,25.74,27.52,"Sinapi 92669"]
["92670","JOELHO 90 GRAUS, EM FERRO GALVANIZADO, CONEXÃO ROSQUEADA, DN 25 (1\"), INSTALADO EM REDE DE ALIMENTAÇÃO PARA SPRINKLER - FORNECIMENTO E INSTALAÇÃO. AF_12/2015","UN","24,44","26,22",null,24.44,26.22,"Sinapi 92670"]
["92671","JOELHO 45 GRAUS, EM FERRO GALVANIZADO, CONEXÃO ROSQUEADA, DN 32 (1 1/4\"), INSTALADO EM REDE DE ALIMENTAÇÃO PARA SPRINKLER - FORNECIMENTO E INSTALAÇÃO. AF_12/2015","UN","32,71","34,58",null,32.71,34.58,"Sinapi 92671"]
["92672","JOELHO 90 GRAUS, EM FERRO GALVANIZADO, CONEXÃO ROSQUEADA, DN 32 (1 1/4\"), INSTALADO EM REDE DE ALIMENTAÇÃO PARA SPRINKLER - FORNECIMENTO E INSTALAÇÃO. AF_12/2015","UN","30,13","32,00",null,30.13,32,"Sinapi 92672"]
["92673","JOELHO 45 GRAUS, EM FERRO GALVANIZADO, CONEXÃO ROSQUEADA, DN 40 (1 1/2\"), INSTALADO EM REDE DE ALIMENTAÇÃO PARA SPRINKLER - FORNECIMENTO E INSTALAÇÃO. AF_12/2015","UN","37,22","39,21",null,37.22,39.21,"Sinapi 92673"]
["92674","JOELHO 90 GRAUS, EM FERRO GALVANIZADO, CONEXÃO ROSQUEADA, DN 40 (1 1/2\"), INSTALADO EM REDE DE ALIMENTAÇÃO PARA SPRINKLER - FORNECIMENTO E INSTALAÇÃO. AF_12/2015","UN","35,44","37,43",null,35.44,37.43,"Sinapi 92674"]
["92675","JOELHO 45 GRAUS, EM FERRO GALVANIZADO, CONEXÃO ROSQUEADA, DN 50 (2\"), INSTALADO EM REDE DE ALIMENTAÇÃO PARA SPRINKLER - FORNECIMENTO E INSTALAÇÃO. AF_12/2015","UN","47,32","49,45",null,47.32,49.45,"Sinapi 92675"]
["92676","JOELHO 90 GRAUS, EM FERRO GALVANIZADO, CONEXÃO ROSQUEADA, DN 50 (2\"), INSTALADO EM REDE DE ALIMENTAÇÃO PARA SPRINKLER - FORNECIMENTO E INSTALAÇÃO. AF_12/2015","UN","46,11","48,24",null,46.11,48.24,"Sinapi 92676"]
["92677","JOELHO 45 GRAUS, EM FERRO GALVANIZADO, CONEXÃO ROSQUEADA, DN 65 (2 1/2\"), INSTALADO EM REDE DE ALIMENTAÇÃO PARA SPRINKLER - FORNECIMENTO E INSTALAÇÃO. AF_12/2015","UN","75,15","77,50",null,75.150000000000006,77.5,"Sinapi 92677"]
["92678","JOELHO 90 GRAUS, EM FERRO GALVANIZADO, CONEXÃO ROSQUEADA, DN 65 (2 1/2\"), INSTALADO EM REDE DE ALIMENTAÇÃO PARA SPRINKLER - FORNECIMENTO E INSTALAÇÃO. AF_12/2015","UN","69,83","72,18",null,69.83,72.180000000000007,"Sinapi 92678"]
["92679","JOELHO 45 GRAUS, EM FERRO GALVANIZADO, CONEXÃO ROSQUEADA, DN 80 (3\"), INSTALADO EM REDE DE ALIMENTAÇÃO PARA SPRINKLER - FORNECIMENTO E INSTALAÇÃO. AF_12/2015","UN","101,87","104,45",null,{"$f":"IF(D3848=\"\",\"\",D3848+0)","v":101.87},{"$f":"IF(E3848=\"\",\"\",E3848+0)","v":104.45},{"$f":"IF(OR(G3848=\"\",H3848=\"\"),\"\",CONCATENATE(\"Sinapi \",A3848))","v":"Sinapi 92679"}]
["92680","JOELHO 90 GRAUS, EM FERRO GALVANIZADO, CONEXÃO ROSQUEADA, DN 80 (3\"), INSTALADO EM REDE DE ALIMENTAÇÃO PARA SPRINKLER - FORNECIMENTO E INSTALAÇÃO. AF_12/2015","UN","91,60","94,18",null,91.6,94.18,"Sinapi 92680"]
["92681","TÊ, EM FERRO GALVANIZADO, CONEXÃO ROSQUEADA, DN 25 (1\"), INSTALADO EM REDE DE ALIMENTAÇÃO PARA SPRINKLER - FORNECIMENTO E INSTALAÇÃO. AF_12/2015","UN","33,08","35,45",null,33.08,35.450000000000003,"Sinapi 92681"]
["92682","TÊ, EM FERRO GALVANIZADO, CONEXÃO ROSQUEADA, DN 32 (1 1/4\"), INSTALADO EM REDE DE ALIMENTAÇÃO PARA SPRINKLER - FORNECIMENTO E INSTALAÇÃO. AF_12/2015","UN","40,46","42,96",null,40.46,42.96,"Sinapi 92682"]
["92683","TÊ, EM FERRO GALVANIZADO, CONEXÃO ROSQUEADA, DN 40 (1 1/2\"), INSTALADO EM REDE DE ALIMENTAÇÃO PARA SPRINKLER - FORNECIMENTO E INSTALAÇÃO. AF_12/2015","UN","46,63","49,28",null,46.63,49.28,"Sinapi 92683"]
["92684","TÊ, EM FERRO GALVANIZADO, CONEXÃO ROSQUEADA, DN 50 (2\"), INSTALADO EM REDE DE ALIMENTAÇÃO PARA SPRINKLER - FORNECIMENTO E INSTALAÇÃO. AF_12/2015","UN","61,46","64,31",null,61.46,64.31,"Sinapi 92684"]
["92685","TÊ, EM FERRO GALVANIZADO, CONEXÃO ROSQUEADA, DN 65 (2 1/2\"), INSTALADO EM REDE DE ALIMENTAÇÃO PARA SPRINKLER - FORNECIMENTO E INSTALAÇÃO. AF_12/2015","UN","95,80","98,93",null,95.8,98.93,"Sinapi 92685"]
["92686","TÊ, EM FERRO GALVANIZADO, CONEXÃO ROSQUEADA, DN 80 (3\"), INSTALADO EM REDE DE ALIMENTAÇÃO PARA SPRINKLER - FORNECIMENTO E INSTALAÇÃO. AF_12/2015","UN","121,18","124,60",null,121.18,124.6,"Sinapi 92686"]
["92692","NIPLE, EM FERRO GALVANIZADO, CONEXÃO ROSQUEADA, DN 15 (1/2\"), INSTALADO EM RAMAIS E SUB-RAMAIS DE GÁS - FORNECIMENTO E INSTALAÇÃO. AF_12/2015","UN","9,25","9,94",null,9.25,9.94,"Sinapi 92692"]
["92693","LUVA, EM FERRO GALVANIZADO, CONEXÃO ROSQUEADA, DN 15 (1/2\"), INSTALADO EM RAMAIS E SUB-RAMAIS DE GÁS - FORNECIMENTO E INSTALAÇÃO. AF_12/2015","UN","9,47","10,16",null,9.4700000000000006,10.16,"Sinapi 92693"]
["92694","NIPLE, EM FERRO GALVANIZADO, CONEXÃO ROSQUEADA, DN 20 (3/4\"), INSTALADO EM RAMAIS E SUB-RAMAIS DE GÁS - FORNECIMENTO E INSTALAÇÃO. AF_12/2015","UN","14,87","16,03",null,14.87,16.03,"Sinapi 92694"]
["92695","LUVA, EM FERRO GALVANIZADO, CONEXÃO ROSQUEADA, DN 20 (3/4\"), INSTALADO EM RAMAIS E SUB-RAMAIS DE GÁS - FORNECIMENTO E INSTALAÇÃO. AF_12/2015","UN","15,08","16,24",null,15.08,16.239999999999998,"Sinapi 92695"]
["92696","NIPLE, EM FERRO GALVANIZADO, CONEXÃO ROSQUEADA, DN 25 (1\"), INSTALADO EM RAMAIS E SUB-RAMAIS DE GÁS - FORNECIMENTO E INSTALAÇÃO. AF_12/2015","UN","23,41","25,31",null,23.41,25.31,"Sinapi 92696"]
["92697","LUVA, EM FERRO GALVANIZADO, CONEXÃO ROSQUEADA, DN 25 (1\"), INSTALADO EM RAMAIS E SUB-RAMAIS DE GÁS - FORNECIMENTO E INSTALAÇÃO. AF_12/2015","UN","24,39","26,29",null,24.39,26.29,"Sinapi 92697"]
["92698","JOELHO 45 GRAUS, EM FERRO GALVANIZADO, CONEXÃO ROSQUEADA, DN 15 (1/2\"), INSTALADO EM RAMAIS E SUB-RAMAIS DE GÁS - FORNECIMENTO E INSTALAÇÃO. AF_12/2015","UN","13,69","14,71",null,13.69,14.71,"Sinapi 92698"]
["92699","JOELHO 90 GRAUS, EM FERRO GALVANIZADO, CONEXÃO ROSQUEADA, DN 15 (1/2\"), INSTALADO EM RAMAIS E SUB-RAMAIS DE GÁS - FORNECIMENTO E INSTALAÇÃO. AF_12/2015","UN","12,98","14,00",null,12.98,14,"Sinapi 92699"]
["92700","JOELHO 45 GRAUS, EM FERRO GALVANIZADO, CONEXÃO ROSQUEADA, DN 20 (3/4\"), INSTALADO EM RAMAIS E SUB-RAMAIS DE GÁS - FORNECIMENTO E INSTALAÇÃO. AF_12/2015","UN","22,51","24,25",null,22.51,24.25,"Sinapi 92700"]
["92701","JOELHO 90 GRAUS, EM FERRO GALVANIZADO, CONEXÃO ROSQUEADA, DN 20 (3/4\"), INSTALADO EM RAMAIS E SUB-RAMAIS DE GÁS - FORNECIMENTO E INSTALAÇÃO. AF_12/2015","UN","21,45","23,19",null,21.45,23.19,"Sinapi 92701"]
["92702","JOELHO 45 GRAUS, EM FERRO GALVANIZADO, CONEXÃO ROSQUEADA, DN 25 (1\"), INSTALADO EM RAMAIS E SUB-RAMAIS DE GÁS - FORNECIMENTO E INSTALAÇÃO. AF_12/2015","UN","35,41","38,26",null,35.409999999999997,38.26,"Sinapi 92702"]
["92703","JOELHO 90 GRAUS, EM FERRO GALVANIZADO, CONEXÃO ROSQUEADA, DN 25 (1\"), INSTALADO EM RAMAIS E SUB-RAMAIS DE GÁS - FORNECIMENTO E INSTALAÇÃO. AF_12/2015","UN","34,11","36,96",null,34.11,36.96,"Sinapi 92703"]
["92704","TÊ, EM FERRO GALVANIZADO, CONEXÃO ROSQUEADA, DN 15 (1/2\"), INSTALADO EM RAMAIS E SUB-RAMAIS DE GÁS - FORNECIMENTO E INSTALAÇÃO. AF_12/2015","UN","17,47","18,83",null,17.47,18.829999999999998,"Sinapi 92704"]
["92705","TÊ, EM FERRO GALVANIZADO, CONEXÃO ROSQUEADA, DN 20 (3/4\"), INSTALADO EM RAMAIS E SUB-RAMAIS DE GÁS - FORNECIMENTO E INSTALAÇÃO. AF_12/2015","UN","28,40","30,72",null,28.4,30.72,"Sinapi 92705"]
["92706","TÊ, EM FERRO GALVANIZADO, CONEXÃO ROSQUEADA, DN 25 (1\"), INSTALADO EM RAMAIS E SUB-RAMAIS DE GÁS - FORNECIMENTO E INSTALAÇÃO. AF_12/2015","UN","45,97","49,76",null,45.97,49.76,"Sinapi 92706"]
["92889","UNIÃO, EM FERRO GALVANIZADO, DN 50 (2\"), CONEXÃO ROSQUEADA, INSTALADO EM PRUMADAS - FORNECIMENTO E INSTALAÇÃO. AF_12/2015","UN","77,24","79,77",null,77.239999999999995,79.77,"Sinapi 92889"]
["92890","UNIÃO, EM FERRO GALVANIZADO, DN 65 (2 1/2\"), CONEXÃO ROSQUEADA, INSTALADO EM PRUMADAS - FORNECIMENTO E INSTALAÇÃO. AF_12/2015","UN","114,67","117,43",null,114.67,117.43,"Sinapi 92890"]
["92891","UNIÃO, EM FERRO GALVANIZADO, DN 80 (3\"), CONEXÃO ROSQUEADA, INSTALADO EM PRUMADAS - FORNECIMENTO E INSTALAÇÃO. AF_12/2015","UN","165,76","168,75",null,165.76,168.75,"Sinapi 92891"]
["92892","UNIÃO, EM FERRO GALVANIZADO, DN 25 (1\"), CONEXÃO ROSQUEADA, INSTALADO EM REDE DE ALIMENTAÇÃO PARA HIDRANTE - FORNECIMENTO E INSTALAÇÃO. AF_12/2015","UN","35,20","37,12",null,35.200000000000003,37.119999999999997,"Sinapi 92892"]
["92893","UNIÃO, EM FERRO GALVANIZADO, DN 32 (1 1/4\"), CONEXÃO ROSQUEADA, INSTALADO EM REDE DE ALIMENTAÇÃO PARA HIDRANTE - FORNECIMENTO E INSTALAÇÃO. AF_12/2015","UN","48,65","50,74",null,48.65,50.74,"Sinapi 92893"]
["92894","UNIÃO, EM FERRO GALVANIZADO, DN 40 (1 1/2\"), CONEXÃO ROSQUEADA, INSTALADO EM REDE DE ALIMENTAÇÃO PARA HIDRANTE - FORNECIMENTO E INSTALAÇÃO. AF_12/2015","UN","57,65","59,94",null,57.65,59.94,"Sinapi 92894"]
["92895","UNIÃO, EM FERRO GALVANIZADO, DN 50 (2\"), CONEXÃO ROSQUEADA, INSTALADO EM REDE DE ALIMENTAÇÃO PARA HIDRANTE - FORNECIMENTO E INSTALAÇÃO. AF_12/2015","UN","77,20","79,73",null,77.2,79.73,"Sinapi 92895"]
["92896","UNIÃO, EM FERRO GALVANIZADO, DN 65 (2 1/2\"), CONEXÃO ROSQUEADA, INSTALADO EM REDE DE ALIMENTAÇÃO PARA HIDRANTE - FORNECIMENTO E INSTALAÇÃO. AF_12/2015","UN","115,88","118,77",null,115.88,118.77,"Sinapi 92896"]
["92897","UNIÃO, EM FERRO GALVANIZADO, DN 80 (3\"), CONEXÃO ROSQUEADA, INSTALADO EM REDE DE ALIMENTAÇÃO PARA HIDRANTE - FORNECIMENTO E INSTALAÇÃO. AF_12/2015","UN","168,24","171,49",null,168.24,171.49,"Sinapi 92897"]
["92898","UNIÃO, EM FERRO GALVANIZADO, CONEXÃO ROSQUEADA, DN 25 (1\"), INSTALADO EM REDE DE ALIMENTAÇÃO PARA SPRINKLER - FORNECIMENTO E INSTALAÇÃO. AF_12/2015","UN","28,50","29,69",null,28.5,29.69,"Sinapi 92898"]
["92899","UNIÃO, EM FERRO GALVANIZADO, CONEXÃO ROSQUEADA, DN 32 (1 1/4\"), INSTALADO EM REDE DE ALIMENTAÇÃO PARA SPRINKLER - FORNECIMENTO E INSTALAÇÃO. AF_12/2015","UN","41,04","42,28",null,41.04,42.28,"Sinapi 92899"]
["92900","UNIÃO, EM FERRO GALVANIZADO, CONEXÃO ROSQUEADA, DN 40 (1 1/2\"), INSTALADO EM REDE DE ALIMENTAÇÃO PARA SPRINKLER - FORNECIMENTO E INSTALAÇÃO. AF_12/2015","UN","48,98","50,30",null,48.98,50.3,"Sinapi 92900"]
["92901","UNIÃO, EM FERRO GALVANIZADO, CONEXÃO ROSQUEADA, DN 50 (2\"), INSTALADO EM REDE DE ALIMENTAÇÃO PARA SPRINKLER - FORNECIMENTO E INSTALAÇÃO. AF_12/2015","UN","67,21","68,64",null,67.209999999999994,68.64,"Sinapi 92901"]
["92902","UNIÃO, EM FERRO GALVANIZADO, CONEXÃO ROSQUEADA, DN 65 (2 1/2\"), INSTALADO EM REDE DE ALIMENTAÇÃO PARA SPRINKLER - FORNECIMENTO E INSTALAÇÃO. AF_12/2015","UN","103,91","105,47",null,103.91,105.47,"Sinapi 92902"]
["92903","UNIÃO, EM FERRO GALVANIZADO, CONEXÃO ROSQUEADA, DN 80 (3\"), INSTALADO EM REDE DE ALIMENTAÇÃO PARA SPRINKLER - FORNECIMENTO E INSTALAÇÃO. AF_12/2015","UN","154,33","156,04",null,154.33000000000001,156.04,"Sinapi 92903"]
["92904","UNIÃO, EM FERRO GALVANIZADO, CONEXÃO ROSQUEADA, DN 15 (1/2\"), INSTALADO EM RAMAIS E SUB-RAMAIS DE GÁS - FORNECIMENTO E INSTALAÇÃO. AF_12/2015","UN","19,12","19,81",null,19.12,19.809999999999999,"Sinapi 92904"]
["92905","UNIÃO, EM FERRO GALVANIZADO, CONEXÃO ROSQUEADA, DN 20 (3/4\"), INSTALADO EM RAMAIS E SUB-RAMAIS DE GÁS - FORNECIMENTO E INSTALAÇÃO. AF_12/2015","UN","27,75","28,91",null,27.75,28.91,"Sinapi 92905"]
["92906","UNIÃO, EM FERRO GALVANIZADO, CONEXÃO ROSQUEADA, DN 25 (1\"), INSTALADO EM RAMAIS E SUB-RAMAIS DE GÁS - FORNECIMENTO E INSTALAÇÃO. AF_12/2015","UN","34,91","36,81",null,34.909999999999997,36.81,"Sinapi 92906"]
["92907","LUVA DE REDUÇÃO, EM FERRO GALVANIZADO, 2\" X 1 1/2\", CONEXÃO ROSQUEADA, INSTALADO EM PRUMADAS - FORNECIMENTO E INSTALAÇÃO. AF_12/2015","UN","43,95","46,48",null,43.95,46.48,"Sinapi 92907"]
["92908","LUVA DE REDUÇÃO, EM FERRO GALVANIZADO, 2\" X 1 1/4\", CONEXÃO ROSQUEADA, INSTALADO EM PRUMADAS - FORNECIMENTO E INSTALAÇÃO. AF_12/2015","UN","43,95","46,48",null,43.95,46.48,"Sinapi 92908"]
["92909","LUVA DE REDUÇÃO, EM FERRO GALVANIZADO, 2\" X 1\", CONEXÃO ROSQUEADA, INSTALADO EM PRUMADAS - FORNECIMENTO E INSTALAÇÃO. AF_12/2015","UN","43,95","46,48",null,43.95,46.48,"Sinapi 92909"]
["92910","LUVA DE REDUÇÃO, EM FERRO GALVANIZADO, 2 1/2\" X 1 1/2\", CONEXÃO ROSQUEADA, INSTALADO EM PRUMADAS - FORNECIMENTO E INSTALAÇÃO. AF_12/2015","UN","61,65","64,41",null,61.65,64.41,"Sinapi 92910"]
["92911","LUVA DE REDUÇÃO, EM FERRO GALVANIZADO, 2 1/2\" X 2\", CONEXÃO ROSQUEADA, INSTALADO EM PRUMADAS - FORNECIMENTO E INSTALAÇÃO. AF_12/2015","UN","61,65","64,41",null,61.65,64.41,"Sinapi 92911"]
["92912","LUVA DE REDUÇÃO, EM FERRO GALVANIZADO, 3\" X 1 1/2\", CONEXÃO ROSQUEADA, INSTALADO EM PRUMADAS - FORNECIMENTO E INSTALAÇÃO. AF_12/2015","UN","80,62","83,38",null,80.62,83.38,"Sinapi 92912"]
["92913","LUVA DE REDUÇÃO, EM FERRO GALVANIZADO, 3\" X 2 1/2\", CONEXÃO ROSQUEADA, INSTALADO EM PRUMADAS - FORNECIMENTO E INSTALAÇÃO. AF_12/2015","UN","82,69","85,68",null,82.69,85.68,"Sinapi 92913"]
["92914","LUVA DE REDUÇÃO, EM FERRO GALVANIZADO, 3\" X 2\", CONEXÃO ROSQUEADA, INSTALADO EM PRUMADAS - FORNECIMENTO E INSTALAÇÃO. AF_12/2015","UN","82,69","85,68",null,82.69,85.68,"Sinapi 92914"]
["92918","LUVA DE REDUÇÃO, EM FERRO GALVANIZADO, 1\" X 1/2\", CONEXÃO ROSQUEADA, INSTALADO EM REDE DE ALIMENTAÇÃO PARA HIDRANTE - FORNECIMENTO E INSTALAÇÃO. AF_12/2015","UN","24,60","26,52",null,24.6,26.52,"Sinapi 92918"]
["92920","LUVA DE REDUÇÃO, EM FERRO GALVANIZADO, 1\" X 3/4\", CONEXÃO ROSQUEADA, INSTALADO EM REDE DE ALIMENTAÇÃO PARA HIDRANTE - FORNECIMENTO E INSTALAÇÃO. AF_12/2015","UN","24,73","26,65",null,24.73,26.65,"Sinapi 92920"]
["92925","LUVA DE REDUÇÃO, EM FERRO GALVANIZADO, 1 1/4\" X 1\", CONEXÃO ROSQUEADA, INSTALADO EM REDE DE ALIMENTAÇÃO PARA HIDRANTE - FORNECIMENTO E INSTALAÇÃO. AF_12/2015","UN","29,83","31,92",null,29.83,31.92,"Sinapi 92925"]
["92926","LUVA DE REDUÇÃO, EM FERRO GALVANIZADO, 1 1/4\" X 1/2\", CONEXÃO ROSQUEADA, INSTALADO EM REDE DE ALIMENTAÇÃO PARA HIDRANTE - FORNECIMENTO E INSTALAÇÃO. AF_12/2015","UN","29,82","31,91",null,29.82,31.91,"Sinapi 92926"]
["92927","LUVA DE REDUÇÃO, EM FERRO GALVANIZADO, 1 1/4\" X 3/4\", CONEXÃO ROSQUEADA, INSTALADO EM REDE DE ALIMENTAÇÃO PARA HIDRANTE - FORNECIMENTO E INSTALAÇÃO. AF_12/2015","UN","29,82","31,91",null,29.82,31.91,"Sinapi 92927"]
["92928","LUVA DE REDUÇÃO, EM FERRO GALVANIZADO, 1 1/2\" X 1 1/4\", CONEXÃO ROSQUEADA, INSTALADO EM REDE DE ALIMENTAÇÃO PARA HIDRANTE - FORNECIMENTO E INSTALAÇÃO. AF_12/2015","UN","33,86","36,15",null,33.86,36.15,"Sinapi 92928"]
["92929","LUVA DE REDUÇÃO, EM FERRO GALVANIZADO, 1 1/2\" X 1\", CONEXÃO ROSQUEADA, INSTALADO EM REDE DE ALIMENTAÇÃO PARA HIDRANTE - FORNECIMENTO E INSTALAÇÃO. AF_12/2015","UN","33,86","36,15",null,33.86,36.15,"Sinapi 92929"]
["92930","LUVA DE REDUÇÃO, EM FERRO GALVANIZADO, 1 1/2\" X 3/4\", CONEXÃO ROSQUEADA, INSTALADO EM REDE DE ALIMENTAÇÃO PARA HIDRANTE - FORNECIMENTO E INSTALAÇÃO. AF_12/2015","UN","33,86","36,15",null,33.86,36.15,"Sinapi 92930"]
["92931","LUVA DE REDUÇÃO, EM FERRO GALVANIZADO, 2\" X 1 1/2\", CONEXÃO ROSQUEADA, INSTALADO EM REDE DE ALIMENTAÇÃO PARA HIDRANTE - FORNECIMENTO E INSTALAÇÃO. AF_12/2015","UN","43,91","46,44",null,43.91,46.44,"Sinapi 92931"]
["92932","LUVA DE REDUÇÃO, EM FERRO GALVANIZADO, 2\" X 1 1/4\", CONEXÃO ROSQUEADA, INSTALADO EM REDE DE ALIMENTAÇÃO PARA HIDRANTE - FORNECIMENTO E INSTALAÇÃO. AF_12/2015","UN","43,91","46,44",null,43.91,46.44,"Sinapi 92932"]
["92933","LUVA DE REDUÇÃO, EM FERRO GALVANIZADO, 2\" X 1\", CONEXÃO ROSQUEADA, INSTALADO EM REDE DE ALIMENTAÇÃO PARA HIDRANTE - FORNECIMENTO E INSTALAÇÃO. AF_12/2015","UN","43,91","46,44",null,43.91,46.44,"Sinapi 92933"]
["92934","LUVA DE REDUÇÃO, EM FERRO GALVANIZADO, 2 1/2\" X 1 1/2\", CONEXÃO ROSQUEADA, INSTALADO EM REDE DE ALIMENTAÇÃO PARA HIDRANTE - FORNECIMENTO E INSTALAÇÃO. AF_12/2015","UN","62,86","65,75",null,62.86,65.75,"Sinapi 92934"]
["92935","LUVA DE REDUÇÃO, EM FERRO GALVANIZADO, 2 1/2\" X 2\", CONEXÃO ROSQUEADA, INSTALADO EM REDE DE ALIMENTAÇÃO PARA HIDRANTE - FORNECIMENTO E INSTALAÇÃO. AF_12/2015","UN","62,86","65,75",null,62.86,65.75,"Sinapi 92935"]
["92936","LUVA DE REDUÇÃO, EM FERRO GALVANIZADO, 3\" X 2 1/2\", CONEXÃO ROSQUEADA, INSTALADO EM REDE DE ALIMENTAÇÃO PARA HIDRANTE - FORNECIMENTO E INSTALAÇÃO. AF_12/2015","UN","85,17","88,42",null,85.17,88.42,"Sinapi 92936"]
["92937","LUVA DE REDUÇÃO, EM FERRO GALVANIZADO, 3\" X 2\", CONEXÃO ROSQUEADA, INSTALADO EM REDE DE ALIMENTAÇÃO PARA HIDRANTE - FORNECIMENTO E INSTALAÇÃO. AF_12/2015","UN","85,17","88,42",null,85.17,88.42,"Sinapi 92937"]
["92938","LUVA DE REDUÇÃO, EM FERRO GALVANIZADO, 1\" X 1/2\", CONEXÃO ROSQUEADA, INSTALADO EM REDE DE ALIMENTAÇÃO PARA SPRINKLER - FORNECIMENTO E INSTALAÇÃO. AF_12/2015","UN","17,90","19,09",null,{"$f":"IF(D3912=\"\",\"\",D3912+0)","v":17.899999999999999},{"$f":"IF(E3912=\"\",\"\",E3912+0)","v":19.09},{"$f":"IF(OR(G3912=\"\",H3912=\"\"),\"\",CONCATENATE(\"Sinapi \",A3912))","v":"Sinapi 92938"}]
["92939","LUVA DE REDUÇÃO, EM FERRO GALVANIZADO, 1\" X 3/4\", CONEXÃO ROSQUEADA, INSTALADO EM REDE DE ALIMENTAÇÃO PARA SPRINKLER - FORNECIMENTO E INSTALAÇÃO. AF_12/2015","UN","18,03","19,22",null,18.03,19.22,"Sinapi 92939"]
["92940","LUVA DE REDUÇÃO, EM FERRO GALVANIZADO, 1 1/4\" X 1\", CONEXÃO ROSQUEADA, INSTALADO EM REDE DE ALIMENTAÇÃO PARA SPRINKLER - FORNECIMENTO E INSTALAÇÃO. AF_12/2015","UN","22,22","23,46",null,22.22,23.46,"Sinapi 92940"]
["92941","LUVA DE REDUÇÃO, EM FERRO GALVANIZADO, 1 1/4\" X 1/2\", CONEXÃO ROSQUEADA, INSTALADO EM REDE DE ALIMENTAÇÃO PARA SPRINKLER - FORNECIMENTO E INSTALAÇÃO. AF_12/2015","UN","22,21","23,45",null,22.21,23.45,"Sinapi 92941"]
["92942","LUVA DE REDUÇÃO, EM FERRO GALVANIZADO, 1 1/4\" X 3/4\", CONEXÃO ROSQUEADA, INSTALADO EM REDE DE ALIMENTAÇÃO PARA SPRINKLER - FORNECIMENTO E INSTALAÇÃO. AF_12/2015","UN","22,21","23,45",null,22.21,23.45,"Sinapi 92942"]
["92943","LUVA DE REDUÇÃO, EM FERRO GALVANIZADO, 1 1/2\" X 1 1/4\", CONEXÃO ROSQUEADA, INSTALADO EM REDE DE ALIMENTAÇÃO PARA SPRINKLER - FORNECIMENTO E INSTALAÇÃO. AF_12/2015","UN","25,19","26,51",null,25.19,26.51,"Sinapi 92943"]
["92944","LUVA DE REDUÇÃO, EM FERRO GALVANIZADO, 1 1/2\" X 1\", CONEXÃO ROSQUEADA, INSTALADO EM REDE DE ALIMENTAÇÃO PARA SPRINKLER - FORNECIMENTO E INSTALAÇÃO. AF_12/2015","UN","25,19","26,51",null,25.19,26.51,"Sinapi 92944"]
["92945","LUVA DE REDUÇÃO, EM FERRO GALVANIZADO, 1 1/2\" X 3/4\", CONEXÃO ROSQUEADA, INSTALADO EM REDE DE ALIMENTAÇÃO PARA SPRINKLER - FORNECIMENTO E INSTALAÇÃO. AF_12/2015","UN","25,19","26,51",null,25.19,26.51,"Sinapi 92945"]
["92946","LUVA DE REDUÇÃO, EM FERRO GALVANIZADO, 2\" X 1 1/2\", CONEXÃO ROSQUEADA, INSTALADO EM REDE DE ALIMENTAÇÃO PARA SPRINKLER - FORNECIMENTO E INSTALAÇÃO. AF_12/2015","UN","33,92","35,35",null,33.92,35.35,"Sinapi 92946"]
["92947","LUVA DE REDUÇÃO, EM FERRO GALVANIZADO, 2\" X 1 1/4\", CONEXÃO ROSQUEADA, INSTALADO EM REDE DE ALIMENTAÇÃO PARA SPRINKLER - FORNECIMENTO E INSTALAÇÃO. AF_12/2015","UN","33,92","35,35",null,33.92,35.35,"Sinapi 92947"]
["92948","LUVA DE REDUÇÃO, EM FERRO GALVANIZADO, 2\" X 1\", CONEXÃO ROSQUEADA, INSTALADO EM REDE DE ALIMENTAÇÃO PARA SPRINKLER - FORNECIMENTO E INSTALAÇÃO. AF_12/2015","UN","33,92","35,35",null,33.92,35.35,"Sinapi 92948"]
["92949","LUVA DE REDUÇÃO, EM FERRO GALVANIZADO, 2 1/2\" X 1 1/2\", CONEXÃO ROSQUEADA, INSTALADO EM REDE DE ALIMENTAÇÃO PARA SPRINKLER - FORNECIMENTO E INSTALAÇÃO. AF_12/2015","UN","50,89","52,45",null,50.89,52.45,"Sinapi 92949"]
["92950","LUVA DE REDUÇÃO, EM FERRO GALVANIZADO, 2 1/2\" X 2\", CONEXÃO ROSQUEADA, INSTALADO EM REDE DE ALIMENTAÇÃO PARA SPRINKLER - FORNECIMENTO E INSTALAÇÃO. AF_12/2015","UN","50,89","52,45",null,50.89,52.45,"Sinapi 92950"]
["92951","LUVA DE REDUÇÃO, EM FERRO GALVANIZADO, 3\" X 2 1/2\", CONEXÃO ROSQUEADA, INSTALADO EM REDE DE ALIMENTAÇÃO PARA SPRINKLER - FORNECIMENTO E INSTALAÇÃO. AF_12/2015","UN","71,26","72,97",null,71.260000000000005,72.97,"Sinapi 92951"]
["92952","LUVA DE REDUÇÃO, EM FERRO GALVANIZADO, 3\" X 2\", CONEXÃO ROSQUEADA, INSTALADO EM REDE DE ALIMENTAÇÃO PARA SPRINKLER - FORNECIMENTO E INSTALAÇÃO. AF_12/2015","UN","71,26","72,97",null,71.260000000000005,72.97,"Sinapi 92952"]
["92953","LUVA DE REDUÇÃO, EM FERRO GALVANIZADO, 3/4\" X 1/2\", CONEXÃO ROSQUEADA, INSTALADO EM RAMAIS E SUB-RAMAIS DE GÁS - FORNECIMENTO E INSTALAÇÃO. AF_12/2015","UN","15,79","16,95",null,15.79,16.95,"Sinapi 92953"]
["93050","LUVA PASSANTE EM COBRE, DN 22 MM, SEM ANEL DE SOLDA, INSTALADO EM PRUMADA \u0096 FORNECIMENTO E INSTALAÇÃO. AF_01/2016","UN","7,26","7,52",null,7.26,7.52,"Sinapi 93050"]
["93051","BUCHA DE REDUÇÃO EM COBRE, DN 22 MM X 15 MM, SEM ANEL DE SOLDA, BOLSA X BOLSA, INSTALADO EM PRUMADA \u0096 FORNECIMENTO E INSTALAÇÃO. AF_01/2016","UN","6,74","7,00",null,6.74,7,"Sinapi 93051"]
["93052","JUNTA DE EXPANSÃO EM COBRE, DN 22 MM, PONTA X PONTA, INSTALADO EM PRUMADA \u0096 FORNECIMENTO E INSTALAÇÃO. AF_01/2016","UN","301,83","302,09",null,301.83,302.08999999999997,"Sinapi 93052"]
["93054","CONECTOR EM BRONZE/LATÃO, DN 22 MM X 3/4\", SEM ANEL DE SOLDA, BOLSA X ROSCA F, INSTALADO EM PRUMADA \u0096 FORNECIMENTO E INSTALAÇÃO. AF_01/2016","UN","13,40","13,66",null,13.4,13.66,"Sinapi 93054"]
["93055","CURVA DE TRANSPOSIÇÃO EM BRONZE/LATÃO, DN 22 MM, SEM ANEL DE SOLDA, BOLSA X BOLSA, INSTALADO EM PRUMADA \u0096 FORNECIMENTO E INSTALAÇÃO. AF_01/2016","UN","26,77","27,03",null,26.77,27.03,"Sinapi 93055"]
["93056","LUVA PASSANTE EM COBRE, DN 28 MM, SEM ANEL DE SOLDA, INSTALADO EM PRUMADA \u0096 FORNECIMENTO E INSTALAÇÃO. AF_01/2016","UN","10,48","10,77",null,10.48,10.77,"Sinapi 93056"]
["93057","BUCHA DE REDUÇÃO EM COBRE, DN 28 MM X 22 MM, SEM ANEL DE SOLDA, PONTA X BOLSA, INSTALADO EM PRUMADA \u0096 FORNECIMENTO E INSTALAÇÃO. AF_01/2016","UN","9,23","9,52",null,9.23,9.52,"Sinapi 93057"]
["93058","JUNTA DE EXPANSÃO EM COBRE, DN 28 MM, PONTA X PONTA, INSTALADO EM PRUMADA \u0096 FORNECIMENTO E INSTALAÇÃO. AF_01/2016","UN","331,97","332,26",null,331.97,332.26,"Sinapi 93058"]
["93059","CONECTOR EM BRONZE/LATÃO, DN 28 MM X 1/2\", SEM ANEL DE SOLDA, BOLSA X ROSCA F, INSTALADO EM PRUMADA \u0096 FORNECIMENTO E INSTALAÇÃO. AF_01/2016","UN","18,31","18,60",null,18.309999999999999,18.600000000000001,"Sinapi 93059"]
["93060","CURVA DE TRANSPOSIÇÃO EM BRONZE/LATÃO, DN 28 MM, SEM ANEL DE SOLDA, BOLSA X BOLSA, INSTALADO EM PRUMADA \u0096 FORNECIMENTO E INSTALAÇÃO. AF_01/2016","UN","46,35","46,64",null,46.35,46.64,"Sinapi 93060"]
["93061","LUVA PASSANTE EM COBRE, DN 35 MM, SEM ANEL DE SOLDA, INSTALADO EM PRUMADA \u0096 FORNECIMENTO E INSTALAÇÃO. AF_01/2016","UN","19,18","19,53",null,19.18,19.53,"Sinapi 93061"]
["93062","BUCHA DE REDUÇÃO EM COBRE, DN 35 MM X 28 MM, SEM ANEL DE SOLDA, PONTA X BOLSA, INSTALADO EM PRUMADA \u0096 FORNECIMENTO E INSTALAÇÃO. AF_01/2016","UN","16,75","17,10",null,16.75,17.100000000000001,"Sinapi 93062"]
["93063","JUNTA DE EXPANSÃO EM BRONZE/LATÃO, DN 35 MM, PONTA X PONTA, INSTALADO EM PRUMADA \u0096 FORNECIMENTO E INSTALAÇÃO. AF_01/2016","UN","380,27","380,62",null,380.27,380.62,"Sinapi 93063"]
["93064","LUVA PASSANTE EM COBRE, DN 42 MM, SEM ANEL DE SOLDA, INSTALADO EM PRUMADA \u0096 FORNECIMENTO E INSTALAÇÃO. AF_01/2016","UN","29,28","29,69",null,29.28,29.69,"Sinapi 93064"]
["93065","BUCHA DE REDUÇÃO EM COBRE, DN 42 MM X 35 MM, SEM ANEL DE SOLDA, PONTA X BOLSA, INSTALADO EM PRUMADA \u0096 FORNECIMENTO E INSTALAÇÃO. AF_01/2016","UN","27,49","27,90",null,27.49,27.9,"Sinapi 93065"]
["93066","JUNTA DE EXPANSÃO EM BRONZE/LATÃO, DN 42 MM, PONTA X PONTA, INSTALADO EM PRUMADA \u0096 FORNECIMENTO E INSTALAÇÃO. AF_01/2016","UN","477,25","477,66",null,477.25,477.66,"Sinapi 93066"]
["93067","LUVA PASSANTE EM COBRE, DN 54 MM, SEM ANEL DE SOLDA, INSTALADO EM PRUMADA \u0096 FORNECIMENTO E INSTALAÇÃO. AF_01/2016","UN","43,22","43,71",null,43.22,43.71,"Sinapi 93067"]
["93068","BUCHA DE REDUÇÃO EM COBRE, DN 54 MM X 42 MM, SEM ANEL DE SOLDA, PONTA X BOLSA, INSTALADO EM PRUMADA \u0096 FORNECIMENTO E INSTALAÇÃO. AF_01/2016","UN","37,96","38,45",null,37.96,38.450000000000003,"Sinapi 93068"]
["93069","JUNTA DE EXPANSÃO EM BRONZE/LATÃO, DN 54 MM, PONTA X PONTA, INSTALADO EM PRUMADA \u0096 FORNECIMENTO E INSTALAÇÃO. AF_01/2016","UN","661,29","661,78",null,661.29,661.78,"Sinapi 93069"]
["93070","LUVA PASSANTE EM COBRE, DN 66 MM, SEM ANEL DE SOLDA, INSTALADO EM PRUMADA \u0096 FORNECIMENTO E INSTALAÇÃO. AF_01/2016","UN","107,54","108,12",null,107.54,108.12,"Sinapi 93070"]
["93071","BUCHA DE REDUÇÃO EM COBRE, DN 66 MM X 54 MM, SEM ANEL DE SOLDA, PONTA X BOLSA, INSTALADO EM PRUMADA \u0096 FORNECIMENTO E INSTALAÇÃO. AF_01/2016","UN","99,96","100,54",null,99.96,100.54,"Sinapi 93071"]
["93072","JUNTA DE EXPANSÃO EM BRONZE/LATÃO, DN 66 MM, PONTA X PONTA, INSTALADO EM PRUMADA \u0096 FORNECIMENTO E INSTALAÇÃO. AF_01/2016","UN","872,36","872,94",null,872.36,872.94,"Sinapi 93072"]
["93073","TE DUPLA CURVA EM BRONZE/LATÃO, DN 3/4\" X 22 MM X 3/4\", SEM ANEL DE SOLDA, ROSCA F X BOLSA X ROSCA F, INSTALADO EM PRUMADA \u0096 FORNECIMENTO E INSTALAÇÃO. AF_01/2016","UN","49,06","49,56",null,49.06,49.56,"Sinapi 93073"]
["93074","CURVA EM COBRE, DN 15 MM, 45 GRAUS, SEM ANEL DE SOLDA, BOLSA X BOLSA, INSTALADO EM RAMAL DE DISTRIBUIÇÃO \u0096 FORNECIMENTO E INSTALAÇÃO. AF_01/2016","UN","8,45","8,99",null,8.4499999999999993,8.99,"Sinapi 93074"]
["93075","COTOVELO EM BRONZE/LATÃO, DN 15 MM X 1/2\", 90 GRAUS, SEM ANEL DE SOLDA, BOLSA X ROSCA F, INSTALADO EM RAMAL DE DISTRIBUIÇÃO \u0096 FORNECIMENTO E INSTALAÇÃO. AF_01/2016","UN","13,46","14,00",null,13.46,14,"Sinapi 93075"]
["93076","CURVA EM COBRE, DN 22 MM, 45 GRAUS, SEM ANEL DE SOLDA, BOLSA X BOLSA, INSTALADO EM RAMAL DE DISTRIBUIÇÃO \u0096 FORNECIMENTO E INSTALAÇÃO. AF_01/2016","UN","13,23","13,86",null,13.23,13.86,"Sinapi 93076"]
["93077","COTOVELO EM BRONZE/LATÃO, DN 22 MM X 1/2\", 90 GRAUS, SEM ANEL DE SOLDA, BOLSA X ROSCA F, INSTALADO EM RAMAL DE DISTRIBUIÇÃO \u0096 FORNECIMENTO E INSTALAÇÃO. AF_01/2016","UN","18,85","19,48",null,18.850000000000001,19.48,"Sinapi 93077"]
["93078","COTOVELO EM BRONZE/LATÃO, DN 22 MM X 3/4\", 90 GRAUS, SEM ANEL DE SOLDA, BOLSA X ROSCA F, INSTALADO EM RAMAL DE DISTRIBUIÇÃO \u0096 FORNECIMENTO E INSTALAÇÃO. AF_01/2016","UN","20,32","20,95",null,20.32,20.95,"Sinapi 93078"]
["93079","CURVA EM COBRE, DN 28 MM, 45 GRAUS, SEM ANEL DE SOLDA, BOLSA X BOLSA, INSTALADO EM RAMAL DE DISTRIBUIÇÃO \u0096 FORNECIMENTO E INSTALAÇÃO. AF_01/2016","UN","18,18","18,87",null,18.18,18.87,"Sinapi 93079"]
["93080","LUVA PASSANTE EM COBRE, DN 15 MM, SEM ANEL DE SOLDA, INSTALADO EM RAMAL DE DISTRIBUIÇÃO \u0096 FORNECIMENTO E INSTALAÇÃO. AF_01/2016","UN","5,54","5,90",null,5.54,5.9,"Sinapi 93080"]
["93081","CONECTOR EM BRONZE/LATÃO, DN 15 MM X 1/2\", SEM ANEL DE SOLDA, BOLSA X ROSCA F, INSTALADO EM RAMAL DE DISTRIBUIÇÃO \u0096 FORNECIMENTO E INSTALAÇÃO. AF_01/2016","UN","11,88","12,24",null,11.88,12.24,"Sinapi 93081"]
["93082","CURVA DE TRANSPOSIÇÃO EM BRONZE/LATÃO, DN 15 MM, SEM ANEL DE SOLDA, BOLSA X BOLSA, INSTALADO EM RAMAL DE DISTRIBUIÇÃO \u0096 FORNECIMENTO E INSTALAÇÃO. AF_01/2016","UN","14,41","14,77",null,14.41,14.77,"Sinapi 93082"]
["93083","JUNTA DE EXPANSÃO EM COBRE, DN 15 MM, PONTA X PONTA, INSTALADO EM RAMAL DE DISTRIBUIÇÃO \u0096 FORNECIMENTO E INSTALAÇÃO. AF_01/2016","UN","261,22","261,58",null,261.22000000000003,261.58,"Sinapi 93083"]
["93084","LUVA PASSANTE EM COBRE, DN 22 MM, SEM ANEL DE SOLDA, INSTALADO EM RAMAL DE DISTRIBUIÇÃO \u0096 FORNECIMENTO E INSTALAÇÃO. AF_01/2016","UN","8,77","9,19",null,8.77,9.19,"Sinapi 93084"]
["93085","BUCHA DE REDUÇÃO EM COBRE, DN 22 MM X 15 MM, SEM ANEL DE SOLDA, PONTA X BOLSA, INSTALADO EM RAMAL DE DISTRIBUIÇÃO \u0096 FORNECIMENTO E INSTALAÇÃO. AF_01/2016","UN","8,25","8,67",null,8.25,8.67,"Sinapi 93085"]
["93086","JUNTA DE EXPANSÃO EM COBRE, DN 22 MM, PONTA X PONTA, INSTALADO EM RAMAL DE DISTRIBUIÇÃO \u0096 FORNECIMENTO E INSTALAÇÃO. AF_01/2016","UN","303,34","303,76",null,303.33999999999997,303.76,"Sinapi 93086"]
["93087","CONECTOR EM BRONZE/LATÃO, DN 22 MM X 1/2\", SEM ANEL DE SOLDA, BOLSA X ROSCA F, INSTALADO EM RAMAL DE DISTRIBUIÇÃO \u0096 FORNECIMENTO E INSTALAÇÃO. AF_01/2016","UN","12,95","13,37",null,12.95,13.37,"Sinapi 93087"]
["93088","CONECTOR EM BRONZE/LATÃO, DN 22 MM X 3/4\", SEM ANEL DE SOLDA, BOLSA X ROSCA F, INSTALADO EM RAMAL DE DISTRIBUIÇÃO \u0096 FORNECIMENTO E INSTALAÇÃO. AF_01/2016","UN","15,04","15,46",null,15.04,15.46,"Sinapi 93088"]
["93089","CURVA DE TRANSPOSIÇÃO EM BRONZE/LATÃO, DN 22 MM, SEM ANEL DE SOLDA, BOLSA X BOLSA, INSTALADO EM RAMAL DE DISTRIBUIÇÃO \u0096 FORNECIMENTO E INSTALAÇÃO. AF_01/2016","UN","28,28","28,70",null,28.28,28.7,"Sinapi 93089"]
["93090","LUVA PASSANTE EM COBRE, DN 28 MM, SEM ANEL DE SOLDA, INSTALADO EM RAMAL DE DISTRIBUIÇÃO \u0096 FORNECIMENTO E INSTALAÇÃO. AF_01/2016","UN","11,99","12,45",null,11.99,12.45,"Sinapi 93090"]
["93091","BUCHA DE REDUÇÃO EM COBRE, DN 28 MM X 22 MM, SEM ANEL DE SOLDA, INSTALADO EM RAMAL DE DISTRIBUIÇÃO \u0096 FORNECIMENTO E INSTALAÇÃO. AF_01/2016","UN","10,74","11,20",null,10.74,11.2,"Sinapi 93091"]
["93092","JUNTA DE EXPANSÃO EM COBRE, DN 28 MM, PONTA X PONTA, INSTALADO EM RAMAL DE DISTRIBUIÇÃO \u0096 FORNECIMENTO E INSTALAÇÃO. AF_01/2016","UN","333,48","333,94",null,333.48,333.94,"Sinapi 93092"]
["93093","CONECTOR EM BRONZE/LATÃO, DN 28 MM X 1/2\", SEM ANEL DE SOLDA, BOLSA X ROSCA F, INSTALADO EM RAMAL DE DISTRIBUIÇÃO \u0096 FORNECIMENTO E INSTALAÇÃO. AF_01/2016","UN","19,82","20,28",null,19.82,20.28,"Sinapi 93093"]
["93094","CURVA DE TRANSPOSIÇÃO EM BRONZE/LATÃO, DN 28 MM, SEM ANEL DE SOLDA, BOLSA X BOLSA, INSTALADO EM RAMAL DE DISTRIBUIÇÃO \u0096 FORNECIMENTO E INSTALAÇÃO. AF_01/2016","UN","47,86","48,32",null,47.86,48.32,"Sinapi 93094"]
["93095","TE DUPLA CURVA EM BRONZE/LATÃO, DN 1/2\" X 15 MM X 1/2\", SEM ANEL DE SOLDA, ROSCA F X BOLSA X ROSCA F, INSTALADO EM RAMAL DE DISTRIBUIÇÃO \u0096 FORNECIMENTO E INSTALAÇÃO. AF_01/2016","UN","36,75","37,47",null,36.75,37.47,"Sinapi 93095"]
["93096","TE DUPLA CURVA EM BRONZE/LATÃO, DN 3/4\" X 22 MM X 3/4\", SEM ANEL DE SOLDA, ROSCA F X BOLSA X ROSCA F, INSTALADO EM RAMAL DE DISTRIBUIÇÃO \u0096 FORNECIMENTO E INSTALAÇÃO. AF_01/2016","UN","52,02","52,85",null,52.02,52.85,"Sinapi 93096"]
["93097","CURVA EM COBRE, DN 15 MM, 45 GRAUS, SEM ANEL DE SOLDA, BOLSA X BOLSA, INSTALADO EM RAMAL E SUB-RAMAL \u0096 FORNECIMENTO E INSTALAÇÃO. AF_01/2016","UN","8,64","9,19",null,8.64,9.19,"Sinapi 93097"]
["93098","COTOVELO EM BRONZE/LATÃO, DN 15 MM X 1/2\", 90 GRAUS, SEM ANEL DE SOLDA, BOLSA X ROSCA F, INSTALADO EM RAMAL E SUB-RAMAL \u0096 FORNECIMENTO E INSTALAÇÃO. AF_01/2016","UN","13,65","14,20",null,13.65,14.2,"Sinapi 93098"]
["93099","CURVA EM COBRE, DN 22 MM, 45 GRAUS, SEM ANEL DE SOLDA, BOLSA X BOLSA, INSTALADO EM RAMAL E SUB-RAMAL \u0096 FORNECIMENTO E INSTALAÇÃO. AF_01/2016","UN","15,28","16,13",null,{"$f":"IF(D3976=\"\",\"\",D3976+0)","v":15.28},{"$f":"IF(E3976=\"\",\"\",E3976+0)","v":16.13},{"$f":"IF(OR(G3976=\"\",H3976=\"\"),\"\",CONCATENATE(\"Sinapi \",A3976))","v":"Sinapi 93099"}]
["93100","COTOVELO EM BRONZE/LATÃO, DN 22 MM X 1/2\", 90 GRAUS, SEM ANEL DE SOLDA, BOLSA X ROSCA F, INSTALADO EM RAMAL E SUB-RAMAL \u0096 FORNECIMENTO E INSTALAÇÃO. AF_01/2016","UN","20,90","21,75",null,20.9,21.75,"Sinapi 93100"]
["93101","COTOVELO EM BRONZE/LATÃO, DN 22 MM X 3/4\", 90 GRAUS, SEM ANEL DE SOLDA, BOLSA X ROSCA F, INSTALADO EM RAMAL E SUB-RAMAL \u0096 FORNECIMENTO E INSTALAÇÃO. AF_01/2016","UN","22,37","23,22",null,22.37,23.22,"Sinapi 93101"]
["93102","CURVA EM COBRE, DN 28 MM, 45 GRAUS, SEM ANEL DE SOLDA, BOLSA X BOLSA, INSTALADO EM RAMAL E SUB-RAMAL \u0096 FORNECIMENTO E INSTALAÇÃO. AF_01/2016","UN","20,04","20,93",null,20.04,20.93,"Sinapi 93102"]
["93103","LUVA PASSANTE EM COBRE, DN 15 MM, SEM ANEL DE SOLDA, INSTALADO EM RAMAL E SUB-RAMAL \u0096 FORNECIMENTO E INSTALAÇÃO. AF_01/2016","UN","5,70","6,06",null,5.7,6.06,"Sinapi 93103"]
["93104","CONECTOR EM BRONZE/LATÃO, DN 15 MM X 1/2\", SEM ANEL DE SOLDA, BOLSA X ROSCA F, INSTALADO EM RAMAL E SUB-RAMAL \u0096 FORNECIMENTO E INSTALAÇÃO. AF_01/2016","UN","12,04","12,40",null,12.04,12.4,"Sinapi 93104"]
["93105","CURVA DE TRANSPOSIÇÃO EM BRONZE/LATÃO, DN 15 MM, SEM ANEL DE SOLDA, BOLSA X BOLSA, INSTALADO EM RAMAL E SUB-RAMAL \u0096 FORNECIMENTO E INSTALAÇÃO. AF_01/2016","UN","14,57","14,93",null,14.57,14.93,"Sinapi 93105"]
["93106","JUNTA DE EXPANSÃO EM COBRE, DN 15 MM, PONTA X PONTA, INSTALADO EM RAMAL E SUB-RAMAL \u0096 FORNECIMENTO E INSTALAÇÃO. AF_01/2016","UN","261,38","261,74",null,261.38,261.74,"Sinapi 93106"]
["93107","LUVA PASSANTE EM COBRE, DN 22 MM, SEM ANEL DE SOLDA, INSTALADO EM RAMAL E SUB-RAMAL \u0096 FORNECIMENTO E INSTALAÇÃO. AF_01/2016","UN","10,12","10,68",null,10.119999999999999,10.68,"Sinapi 93107"]
["93108","BUCHA DE REDUÇÃO EM COBRE, DN 22 MM X 15 MM, SEM ANEL DE SOLDA, PONTA X BOLSA, INSTALADO EM RAMAL E SUB-RAMAL \u0096 FORNECIMENTO E INSTALAÇÃO. AF_01/2016","UN","9,60","10,16",null,9.6,10.16,"Sinapi 93108"]
["93109","JUNTA DE EXPANSÃO EM COBRE, DN 22 MM, PONTA X PONTA, INSTALADO EM RAMAL E SUB-RAMAL \u0096 FORNECIMENTO E INSTALAÇÃO. AF_01/2016","UN","304,69","305,25",null,304.69,305.25,"Sinapi 93109"]
["93110","CONECTOR EM BRONZE/LATÃO, DN 22 MM X 1/2\", SEM ANEL DE SOLDA, BOLSA X ROSCA F, INSTALADO EM RAMAL E SUB-RAMAL \u0096 FORNECIMENTO E INSTALAÇÃO. AF_01/2016","UN","14,30","14,86",null,14.3,14.86,"Sinapi 93110"]
["93111","CONECTOR EM BRONZE/LATÃO, DN 22 MM X 3/4\", SEM ANEL DE SOLDA, BOLSA X ROSCA F, INSTALADO EM RAMAL E SUB-RAMAL \u0096 FORNECIMENTO E INSTALAÇÃO. AF_01/2016","UN","16,26","16,82",null,16.260000000000002,16.82,"Sinapi 93111"]
["93112","CURVA DE TRANSPOSIÇÃO EM BRONZE/LATÃO, DN 22 MM, SEM ANEL DE SOLDA, BOLSA X BOLSA, INSTALADO EM RAMAL E SUB-RAMAL \u0096 FORNECIMENTO E INSTALAÇÃO. AF_01/2016","UN","29,63","30,19",null,29.63,30.19,"Sinapi 93112"]
["93113","LUVA PASSANTE EM COBRE, DN 28 MM, SEM ANEL DE SOLDA, INSTALADO EM RAMAL E SUB-RAMAL \u0096 FORNECIMENTO E INSTALAÇÃO. AF_01/2016","UN","14,41","15,13",null,14.41,15.13,"Sinapi 93113"]
["93114","CONECTOR EM BRONZE/LATÃO, DN 28 MM X 1/2\", SEM ANEL DE SOLDA, BOLSA X ROSCA F, INSTALADO EM RAMAL E SUB-RAMAL \u0096 FORNECIMENTO E INSTALAÇÃO. AF_01/2016","UN","22,24","22,96",null,22.24,22.96,"Sinapi 93114"]
["93115","CURVA DE TRANSPOSIÇÃO EM BRONZE/LATÃO, DN 28 MM, SEM ANEL DE SOLDA, BOLSA X BOLSA, INSTALADO EM RAMAL E SUB-RAMAL \u0096 FORNECIMENTO E INSTALAÇÃO. AF_01/2016","UN","50,28","51,00",null,50.28,51,"Sinapi 93115"]
["93116","JUNTA DE EXPANSÃO EM COBRE, DN 28 MM, PONTA X PONTA, INSTALADO EM RAMAL E SUB-RAMAL \u0096 FORNECIMENTO E INSTALAÇÃO. AF_01/2016","UN","335,90","336,62",null,335.9,336.62,"Sinapi 93116"]
["93117","TE DUPLA CURVA EM BRONZE/LATÃO, DN 1/2\" X 15 MM X 1/2\", SEM ANEL DE SOLDA, ROSCA F X BOLSA X ROSCA F, INSTALADO EM RAMAL E SUB-RAMAL \u0096 FORNECIMENTO E INSTALAÇÃO. AF_01/2016","UN","36,97","37,71",null,36.97,37.71,"Sinapi 93117"]
["93118","TE DUPLA CURVA EM BRONZE/LATÃO, DN 3/4\" X 22 MM X 3/4\", SEM ANEL DE SOLDA, ROSCA F X BOLSA X ROSCA F, INSTALADO EM RAMAL E SUB-RAMAL \u0096 FORNECIMENTO E INSTALAÇÃO. AF_01/2016","UN","54,73","55,85",null,54.73,55.85,"Sinapi 93118"]
["93119","CURVA EM COBRE, DN 22 MM, 45 GRAUS, SEM ANEL DE SOLDA, BOLSA X BOLSA, INSTALADO EM PRUMADA \u0096 FORNECIMENTO E INSTALAÇÃO. AF_01/2016","UN","11,02","11,40",null,11.02,11.4,"Sinapi 93119"]
["93120","COTOVELO EM BRONZE/LATÃO, DN 22 MM X 1/2\", 90 GRAUS, SEM ANEL DE SOLDA, BOLSA X ROSCA F, INSTALADO EM PRUMADA \u0096 FORNECIMENTO E INSTALAÇÃO. AF_01/2016","UN","16,64","17,02",null,16.64,17.02,"Sinapi 93120"]
["93121","COTOVELO EM BRONZE/LATÃO, DN 22 MM X 3/4\", 90 GRAUS, SEM ANEL DE SOLDA, BOLSA X ROSCA F, INSTALADO EM PRUMADA \u0096 FORNECIMENTO E INSTALAÇÃO. AF_01/2016","UN","18,11","18,49",null,18.11,18.489999999999998,"Sinapi 93121"]
["93122","CURVA EM COBRE, DN 28 MM, 45 GRAUS, SEM ANEL DE SOLDA, BOLSA X BOLSA, INSTALADO EM PRUMADA \u0096 FORNECIMENTO E INSTALAÇÃO. AF_01/2016","UN","15,96","16,41",null,15.96,16.41,"Sinapi 93122"]
["93123","CURVA EM COBRE, DN 35 MM, 45 GRAUS, SEM ANEL DE SOLDA, BOLSA X BOLSA, INSTALADO EM PRUMADA \u0096 FORNECIMENTO E INSTALAÇÃO. AF_01/2016","UN","34,35","34,87",null,34.35,34.869999999999997,"Sinapi 93123"]
["93124","CURVA EM COBRE, DN 42 MM, 45 GRAUS, SEM ANEL DE SOLDA, BOLSA X BOLSA, INSTALADO EM PRUMADA \u0096 FORNECIMENTO E INSTALAÇÃO. AF_01/2016","UN","53,58","54,20",null,53.58,54.2,"Sinapi 93124"]
["93125","CURVA EM COBRE, DN 54 MM, 45 GRAUS, SEM ANEL DE SOLDA, BOLSA X BOLSA, INSTALADO EM PRUMADA \u0096 FORNECIMENTO E INSTALAÇÃO. AF_01/2016","UN","77,72","78,46",null,77.72,78.459999999999994,"Sinapi 93125"]
["93126","CURVA EM COBRE, DN 66 MM, 45 GRAUS, SEM ANEL DE SOLDA, BOLSA X BOLSA, INSTALADO EM PRUMADA \u0096 FORNECIMENTO E INSTALAÇÃO. AF_01/2016","UN","170,82","171,70",null,170.82,171.7,"Sinapi 93126"]
["93133","BUCHA DE REDUÇÃO EM COBRE, DN 28 MM X 22 MM, SEM ANEL DE SOLDA, INSTALADO EM RAMAL E SUB-RAMAL \u0096 FORNECIMENTO E INSTALAÇÃO. AF_01/2016","UN","13,16","13,88",null,13.16,13.88,"Sinapi 93133"]
["94465","LUVA, EM FERRO GALVANIZADO, CONEXÃO ROSQUEADA, DN 50 (2\u0094), INSTALADO EM RESERVAÇÃO DE ÁGUA DE EDIFICAÇÃO QUE POSSUA RESERVATÓRIO DE FIBRA/FIBROCIMENTO \u0096 FORNECIMENTO E INSTALAÇÃO. AF_06/2016","UN","31,33","32,70",null,31.33,32.700000000000003,"Sinapi 94465"]
["94466","NIPLE, EM FERRO GALVANIZADO, CONEXÃO ROSQUEADA, DN 50 (2\u0094), INSTALADO EM RESERVAÇÃO DE ÁGUA DE EDIFICAÇÃO QUE POSSUA RESERVATÓRIO DE FIBRA/FIBROCIMENTO \u0096 FORNECIMENTO E INSTALAÇÃO. AF_06/2016","UN","31,35","32,72",null,31.35,32.72,"Sinapi 94466"]
["94467","LUVA, EM FERRO GALVANIZADO, CONEXÃO ROSQUEADA, DN 65 (2 1/2\u0094), INSTALADO EM RESERVAÇÃO DE ÁGUA DE EDIFICAÇÃO QUE POSSUA RESERVATÓRIO DE FIBRA/FIBROCIMENTO \u0096 FORNECIMENTO E INSTALAÇÃO. AF_06/2016","UN","46,67","48,04",null,46.67,48.04,"Sinapi 94467"]
["94468","NIPLE, EM FERRO GALVANIZADO, CONEXÃO ROSQUEADA, DN 65 (2 1/2\u0094), INSTALADO EM RESERVAÇÃO DE ÁGUA DE EDIFICAÇÃO QUE POSSUA RESERVATÓRIO DE FIBRA/FIBROCIMENTO \u0096 FORNECIMENTO E INSTALAÇÃO. AF_06/2016","UN","41,23","42,60",null,41.23,42.6,"Sinapi 94468"]
["94469","LUVA, EM FERRO GALVANIZADO, CONEXÃO ROSQUEADA, DN 80 (3\u0094), INSTALADO EM RESERVAÇÃO DE ÁGUA DE EDIFICAÇÃO QUE POSSUA RESERVATÓRIO DE FIBRA/FIBROCIMENTO \u0096 FORNECIMENTO E INSTALAÇÃO. AF_06/2016","UN","67,15","68,86",null,67.150000000000006,68.86,"Sinapi 94469"]
["94470","NIPLE, EM FERRO GALVANIZADO, CONEXÃO ROSQUEADA, DN 80 (3\u0094), INSTALADO EM RESERVAÇÃO DE ÁGUA DE EDIFICAÇÃO QUE POSSUA RESERVATÓRIO DE FIBRA/FIBROCIMENTO \u0096 FORNECIMENTO E INSTALAÇÃO. AF_06/2016","UN","62,30","64,01",null,62.3,64.010000000000005,"Sinapi 94470"]
["94471","COTOVELO 90 GRAUS, EM FERRO GALVANIZADO, CONEXÃO ROSQUEADA, DN 50 (2\u0094), INSTALADO EM RESERVAÇÃO DE ÁGUA DE EDIFICAÇÃO QUE POSSUA RESERVATÓRIO DE FIBRA/FIBROCIMENTO \u0096 FORNECIMENTO E INSTALAÇÃO. AF_06/2016","UN","45,32","47,37",null,45.32,47.37,"Sinapi 94471"]
["94472","COTOVELO 45 GRAUS, EM FERRO GALVANIZADO, CONEXÃO ROSQUEADA, DN 50 (2\u0094), INSTALADO EM RESERVAÇÃO DE ÁGUA DE EDIFICAÇÃO QUE POSSUA RESERVATÓRIO DE FIBRA/FIBROCIMENTO \u0096 FORNECIMENTO E INSTALAÇÃO. AF_06/2016","UN","46,53","48,58",null,46.53,48.58,"Sinapi 94472"]
["94473","COTOVELO 90 GRAUS, EM FERRO GALVANIZADO, CONEXÃO ROSQUEADA, DN 65 (2 1/2\u0094), INSTALADO EM RESERVAÇÃO DE ÁGUA DE EDIFICAÇÃO QUE POSSUA RESERVATÓRIO DE FIBRA/FIBROCIMENTO \u0096 FORNECIMENTO E INSTALAÇÃO. AF_06/2016","UN","66,99","69,04",null,66.989999999999995,69.040000000000006,"Sinapi 94473"]
["94474","COTOVELO 45 GRAUS, EM FERRO GALVANIZADO, CONEXÃO ROSQUEADA, DN 65 (2 1/2\u0094), INSTALADO EM RESERVAÇÃO DE ÁGUA DE EDIFICAÇÃO QUE POSSUA RESERVATÓRIO DE FIBRA/FIBROCIMENTO \u0096 FORNECIMENTO E INSTALAÇÃO. AF_06/2016","UN","72,31","74,36",null,72.31,74.36,"Sinapi 94474"]
["94475","COTOVELO 90 GRAUS, EM FERRO GALVANIZADO, CONEXÃO ROSQUEADA, DN 80 (3\u0094), INSTALADO EM RESERVAÇÃO DE ÁGUA DE EDIFICAÇÃO QUE POSSUA RESERVATÓRIO DE FIBRA/FIBROCIMENTO \u0096 FORNECIMENTO E INSTALAÇÃO. AF_06/2016","UN","91,47","94,03",null,91.47,94.03,"Sinapi 94475"]
["94476","COTOVELO 45 GRAUS, EM FERRO GALVANIZADO, CONEXÃO ROSQUEADA, DN 80 (3\u0094), INSTALADO EM RESERVAÇÃO DE ÁGUA DE EDIFICAÇÃO QUE POSSUA RESERVATÓRIO DE FIBRA/FIBROCIMENTO \u0096 FORNECIMENTO E INSTALAÇÃO. AF_06/2016","UN","101,74","104,30",null,101.74,104.3,"Sinapi 94476"]
["94477","TÊ, EM FERRO GALVANIZADO, CONEXÃO ROSQUEADA, DN 50 (2\u0094), INSTALADO EM RESERVAÇÃO DE ÁGUA DE EDIFICAÇÃO QUE POSSUA RESERVATÓRIO DE FIBRA/FIBROCIMENTO \u0096 FORNECIMENTO E INSTALAÇÃO. AF_06/2016","UN","60,35","63,07",null,60.35,63.07,"Sinapi 94477"]
["94478","TÊ, EM FERRO GALVANIZADO, CONEXÃO ROSQUEADA, DN 65 (2 1/2\u0094), INSTALADO EM RESERVAÇÃO DE ÁGUA DE EDIFICAÇÃO QUE POSSUA RESERVATÓRIO DE FIBRA/FIBROCIMENTO \u0096 FORNECIMENTO E INSTALAÇÃO. AF_06/2016","UN","91,93","94,65",null,91.93,94.65,"Sinapi 94478"]
["94479","TÊ, EM FERRO GALVANIZADO, CONEXÃO ROSQUEADA, DN 80 (3\u0094), INSTALADO EM RESERVAÇÃO DE ÁGUA DE EDIFICAÇÃO QUE POSSUA RESERVATÓRIO DE FIBRA/FIBROCIMENTO \u0096 FORNECIMENTO E INSTALAÇÃO. AF_06/2016","UN","120,91","124,33",null,120.91,124.33,"Sinapi 94479"]
["94606","LUVA EM COBRE, DN 54 MM, SEM ANEL DE SOLDA, INSTALADO EM RESERVAÇÃO DE ÁGUA DE EDIFICAÇÃO QUE POSSUA RESERVATÓRIO DE FIBRA/FIBROCIMENTO \u0096 FORNECIMENTO E INSTALAÇÃO. AF_06/2016","UN","49,35","50,95",null,49.35,50.95,"Sinapi 94606"]
["94608","LUVA EM COBRE, DN 66 MM, SEM ANEL DE SOLDA, INSTALADO EM RESERVAÇÃO DE ÁGUA DE EDIFICAÇÃO QUE POSSUA RESERVATÓRIO DE FIBRA/FIBROCIMENTO \u0096 FORNECIMENTO E INSTALAÇÃO. AF_06/2016","UN","116,01","117,61",null,116.01,117.61,"Sinapi 94608"]
["94610","LUVA EM COBRE, DN 79 MM, SEM ANEL DE SOLDA, INSTALADO EM RESERVAÇÃO DE ÁGUA DE EDIFICAÇÃO QUE POSSUA RESERVATÓRIO DE FIBRA/FIBROCIMENTO \u0096 FORNECIMENTO E INSTALAÇÃO. AF_06/2016","UN","170,89","172,64",null,170.89,172.64,"Sinapi 94610"]
["94612","LUVA DE COBRE, DN 104 MM, SEM ANEL DE SOLDA, INSTALADO EM RESERVAÇÃO DE ÁGUA DE EDIFICAÇÃO QUE POSSUA RESERVATÓRIO DE FIBRA/FIBROCIMENTO \u0096 FORNECIMENTO E INSTALAÇÃO. AF_06/2016","UN","238,19","239,94",null,238.19,239.94,"Sinapi 94612"]
["94614","COTOVELO EM COBRE, DN 54 MM, 90 GRAUS, SEM ANEL DE SOLDA, INSTALADO EM RESERVAÇÃO DE ÁGUA DE EDIFICAÇÃO QUE POSSUA RESERVATÓRIO DE FIBRA/FIBROCIMENTO \u0096 FORNECIMENTO E INSTALAÇÃO. AF_06/2016","UN","82,77","85,18",null,82.77,85.18,"Sinapi 94614"]
["94615","CURVA EM COBRE, DN 54 MM, 45 GRAUS, SEM ANEL DE SOLDA, BOLSA X BOLSA, INSTALADO EM RESERVAÇÃO DE ÁGUA DE EDIFICAÇÃO QUE POSSUA RESERVATÓRIO DE FIBRA/FIBROCIMENTO \u0096 FORNECIMENTO E INSTALAÇÃO. AF_06/2016","UN","93,23","95,64",null,93.23,95.64,"Sinapi 94615"]
["94616","COTOVELO EM COBRE, DN 66 MM, 90 GRAUS, SEM ANEL DE SOLDA, INSTALADO EM RESERVAÇÃO DE ÁGUA DE EDIFICAÇÃO QUE POSSUA RESERVATÓRIO DE FIBRA/FIBROCIMENTO \u0096 FORNECIMENTO E INSTALAÇÃO. AF_06/2016","UN","220,31","222,72",null,220.31,222.72,"Sinapi 94616"]
["94617","CURVA EM COBRE, DN 66 MM, 45 GRAUS, SEM ANEL DE SOLDA, BOLSA X BOLSA, INSTALADO EM RESERVAÇÃO DE ÁGUA DE EDIFICAÇÃO QUE POSSUA RESERVATÓRIO DE FIBRA/FIBROCIMENTO \u0096 FORNECIMENTO E INSTALAÇÃO. AF_06/2016","UN","183,92","186,33",null,183.92,186.33,"Sinapi 94617"]
["94618","COTOVELO EM COBRE, DN 79 MM, 90 GRAUS, SEM ANEL DE SOLDA, INSTALADO EM RESERVAÇÃO DE ÁGUA DE EDIFICAÇÃO QUE POSSUA RESERVATÓRIO DE FIBRA/FIBROCIMENTO \u0096 FORNECIMENTO E INSTALAÇÃO. AF_06/2016","UN","216,94","219,56",null,216.94,219.56,"Sinapi 94618"]
["94620","COTOVELO EM COBRE, DN 104 MM, 90 GRAUS, SEM ANEL DE SOLDA, INSTALADO EM RESERVAÇÃO DE ÁGUA DE EDIFICAÇÃO QUE POSSUA RESERVATÓRIO DE FIBRA/FIBROCIMENTO \u0096 FORNECIMENTO E INSTALAÇÃO. AF_06/2016","UN","489,11","491,73",null,489.11,491.73,"Sinapi 94620"]
["94622","TE EM COBRE, DN 54 MM, SEM ANEL DE SOLDA, INSTALADO EM RESERVAÇÃO DE ÁGUA DE EDIFICAÇÃO QUE POSSUA RESERVATÓRIO DE FIBRA/FIBROCIMENTO \u0096 FORNECIMENTO E INSTALAÇÃO. AF_06/2016","UN","120,42","123,63",null,120.42,123.63,"Sinapi 94622"]
["94623","TE EM COBRE, DN 66 MM, SEM ANEL DE SOLDA, INSTALADO EM RESERVAÇÃO DE ÁGUA DE EDIFICAÇÃO QUE POSSUA RESERVATÓRIO DE FIBRA/FIBROCIMENTO \u0096 FORNECIMENTO E INSTALAÇÃO. AF_06/2016","UN","273,41","276,62",null,273.41000000000003,276.62,"Sinapi 94623"]
["94624","TE EM COBRE, DN 79 MM, SEM ANEL DE SOLDA, INSTALADO EM RESERVAÇÃO DE ÁGUA DE EDIFICAÇÃO QUE POSSUA RESERVATÓRIO DE FIBRA/FIBROCIMENTO \u0096 FORNECIMENTO E INSTALAÇÃO. AF_06/2016","UN","412,90","416,41",null,412.9,416.41,"Sinapi 94624"]
["94625","TE EM COBRE, DN 104 MM, SEM ANEL DE SOLDA, INSTALADO EM RESERVAÇÃO DE ÁGUA DE EDIFICAÇÃO QUE POSSUA RESERVATÓRIO DE FIBRA/FIBROCIMENTO \u0096 FORNECIMENTO E INSTALAÇÃO. AF_06/2016","UN","850,66","854,17",null,850.66,854.17,"Sinapi 94625"]
["94656","ADAPTADOR CURTO COM BOLSA E ROSCA PARA REGISTRO, PVC, SOLDÁVEL, DN  25 MM X 3/4 , INSTALADO EM RESERVAÇÃO DE ÁGUA DE EDIFICAÇÃO QUE POSSUA RESERVATÓRIO DE FIBRA/FIBROCIMENTO   FORNECIMENTO E INSTALAÇÃO. AF_06/2016","UN","4,69","5,00",null,4.6900000000000004,5,"Sinapi 94656"]
["94657","LUVA PVC, SOLDÁVEL, DN  25 MM, INSTALADA EM RESERVAÇÃO DE ÁGUA DE EDIFICAÇÃO QUE POSSUA RESERVATÓRIO DE FIBRA/FIBROCIMENTO   FORNECIMENTO E INSTALAÇÃO. AF_06/2016","UN","4,62","4,93",null,4.62,4.93,"Sinapi 94657"]
["94658","ADAPTADOR CURTO COM BOLSA E ROSCA PARA REGISTRO, PVC, SOLDÁVEL, DN 32 MM X 1 , INSTALADO EM RESERVAÇÃO DE ÁGUA DE EDIFICAÇÃO QUE POSSUA RESERVATÓRIO DE FIBRA/FIBROCIMENTO   FORNECIMENTO E INSTALAÇÃO. AF_06/2016","UN","5,39","5,70",null,5.39,5.7,"Sinapi 94658"]
["94659","LUVA PVC, SOLDÁVEL, DN 32 MM, INSTALADA EM RESERVAÇÃO DE ÁGUA DE EDIFICAÇÃO QUE POSSUA RESERVATÓRIO DE FIBRA/FIBROCIMENTO   FORNECIMENTO E INSTALAÇÃO. AF_06/2016","UN","5,46","5,77",null,5.46,5.77,"Sinapi 94659"]
["94660","ADAPTADOR CURTO COM BOLSA E ROSCA PARA REGISTRO, PVC, SOLDÁVEL, DN 40 MM X 1 1/4 , INSTALADO EM RESERVAÇÃO DE ÁGUA DE EDIFICAÇÃO QUE POSSUA RESERVATÓRIO DE FIBRA/FIBROCIMENTO   FORNECIMENTO E INSTALAÇÃO. AF_06/2016","UN","8,77","9,22",null,8.77,9.2200000000000006,"Sinapi 94660"]
["94661","LUVA, PVC, SOLDÁVEL, DN 40 MM, INSTALADO EM RESERVAÇÃO DE ÁGUA DE EDIFICAÇÃO QUE POSSUA RESERVATÓRIO DE FIBRA/FIBROCIMENTO   FORNECIMENTO E INSTALAÇÃO. AF_06/2016","UN","9,10","9,55",null,9.1,9.5500000000000007,"Sinapi 94661"]
["94662","ADAPTADOR CURTO COM BOLSA E ROSCA PARA REGISTRO, PVC, SOLDÁVEL, DN 50 MM X 1 1/2 , INSTALADO EM RESERVAÇÃO DE ÁGUA DE EDIFICAÇÃO QUE POSSUA RESERVATÓRIO DE FIBRA/FIBROCIMENTO   FORNECIMENTO E INSTALAÇÃO. AF_06/2016","UN","9,47","9,92",null,{"$f":"IF(D4040=\"\",\"\",D4040+0)","v":9.4700000000000006},{"$f":"IF(E4040=\"\",\"\",E4040+0)","v":9.92},{"$f":"IF(OR(G4040=\"\",H4040=\"\"),\"\",CONCATENATE(\"Sinapi \",A4040))","v":"Sinapi 94662"}]
["94663","LUVA, PVC, SOLDÁVEL, DN 50 MM, INSTALADO EM RESERVAÇÃO DE ÁGUA DE EDIFICAÇÃO QUE POSSUA RESERVATÓRIO DE FIBRA/FIBROCIMENTO   FORNECIMENTO E INSTALAÇÃO. AF_06/2016","UN","9,60","10,05",null,9.6,10.050000000000001,"Sinapi 94663"]
["94664","ADAPTADOR CURTO COM BOLSA E ROSCA PARA REGISTRO, PVC, SOLDÁVEL, DN 60 MM X 2 , INSTALADO EM RESERVAÇÃO DE ÁGUA DE EDIFICAÇÃO QUE POSSUA RESERVATÓRIO DE FIBRA/FIBROCIMENTO   FORNECIMENTO E INSTALAÇÃO. AF_06/2016","UN","20,24","20,96",null,20.239999999999998,20.96,"Sinapi 94664"]
["94665","LUVA, PVC, SOLDÁVEL, DN 60 MM, INSTALADO EM RESERVAÇÃO DE ÁGUA DE EDIFICAÇÃO QUE POSSUA RESERVATÓRIO DE FIBRA/FIBROCIMENTO   FORNECIMENTO E INSTALAÇÃO. AF_06/2016","UN","20,23","20,95",null,20.23,20.95,"Sinapi 94665"]
["94666","ADAPTADOR CURTO COM BOLSA E ROSCA PARA REGISTRO, PVC, SOLDÁVEL, DN 75 MM X 2 1/2 , INSTALADO EM RESERVAÇÃO DE ÁGUA DE EDIFICAÇÃO QUE POSSUA RESERVATÓRIO DE FIBRA/FIBROCIMENTO   FORNECIMENTO E INSTALAÇÃO. AF_06/2016","UN","24,27","24,99",null,24.27,24.99,"Sinapi 94666"]
["94667","LUVA, PVC, SOLDÁVEL, DN 75 MM, INSTALADO EM RESERVAÇÃO DE ÁGUA DE EDIFICAÇÃO QUE POSSUA RESERVATÓRIO DE FIBRA/FIBROCIMENTO   FORNECIMENTO E INSTALAÇÃO. AF_06/2016","UN","26,79","27,51",null,26.79,27.51,"Sinapi 94667"]
["94668","ADAPTADOR CURTO COM BOLSA E ROSCA PARA REGISTRO, PVC, SOLDÁVEL, DN 85 MM X 3 , INSTALADO EM RESERVAÇÃO DE ÁGUA DE EDIFICAÇÃO QUE POSSUA RESERVATÓRIO DE FIBRA/FIBROCIMENTO   FORNECIMENTO E INSTALAÇÃO. AF_06/2016","UN","41,66","42,93",null,41.66,42.93,"Sinapi 94668"]
["94669","LUVA, PVC, SOLDÁVEL, DN 85 MM, INSTALADO EM RESERVAÇÃO DE ÁGUA DE EDIFICAÇÃO QUE POSSUA RESERVATÓRIO DE FIBRA/FIBROCIMENTO   FORNECIMENTO E INSTALAÇÃO. AF_06/2016","UN","55,77","57,04",null,55.77,57.04,"Sinapi 94669"]
["94670","ADAPTADOR CURTO COM BOLSA E ROSCA PARA REGISTRO, PVC, SOLDÁVEL, DN 110 MM X 4 , INSTALADO EM RESERVAÇÃO DE ÁGUA DE EDIFICAÇÃO QUE POSSUA RESERVATÓRIO DE FIBRA/FIBROCIMENTO   FORNECIMENTO E INSTALAÇÃO. AF_06/2016","UN","54,22","55,49",null,54.22,55.49,"Sinapi 94670"]
["94671","LUVA, PVC, SOLDÁVEL, DN 110 MM, INSTALADO EM RESERVAÇÃO DE ÁGUA DE EDIFICAÇÃO QUE POSSUA RESERVATÓRIO DE FIBRA/FIBROCIMENTO   FORNECIMENTO E INSTALAÇÃO. AF_06/2016","UN","77,74","79,01",null,77.739999999999995,79.010000000000005,"Sinapi 94671"]
["94672","JOELHO 90 GRAUS COM BUCHA DE LATÃO, PVC, SOLDÁVEL, DN  25 MM, X 3/4\u0094 INSTALADO EM RESERVAÇÃO DE ÁGUA DE EDIFICAÇÃO QUE POSSUA RESERVATÓRIO DE FIBRA/FIBROCIMENTO   FORNECIMENTO E INSTALAÇÃO. AF_06/2016","UN","7,94","8,41",null,7.94,8.41,"Sinapi 94672"]
["94673","CURVA 90 GRAUS, PVC, SOLDÁVEL, DN  25 MM, INSTALADO EM RESERVAÇÃO DE ÁGUA DE EDIFICAÇÃO QUE POSSUA RESERVATÓRIO DE FIBRA/FIBROCIMENTO   FORNECIMENTO E INSTALAÇÃO. AF_06/2016","UN","7,74","8,21",null,7.74,8.2100000000000009,"Sinapi 94673"]
["94674","JOELHO 90 GRAUS, PVC, SOLDÁVEL, DN 32 MM INSTALADO EM RESERVAÇÃO DE ÁGUA DE EDIFICAÇÃO QUE POSSUA RESERVATÓRIO DE FIBRA/FIBROCIMENTO   FORNECIMENTO E INSTALAÇÃO. AF_06/2016","UN","7,09","7,56",null,7.09,7.56,"Sinapi 94674"]
["94675","CURVA 90 GRAUS, PVC, SOLDÁVEL, DN 32 MM, INSTALADO EM RESERVAÇÃO DE ÁGUA DE EDIFICAÇÃO QUE POSSUA RESERVATÓRIO DE FIBRA/FIBROCIMENTO   FORNECIMENTO E INSTALAÇÃO. AF_06/2016","UN","10,64","11,11",null,10.64,11.11,"Sinapi 94675"]
["94676","JOELHO 90 GRAUS, PVC, SOLDÁVEL, DN 40 MM INSTALADO EM RESERVAÇÃO DE ÁGUA DE EDIFICAÇÃO QUE POSSUA RESERVATÓRIO DE FIBRA/FIBROCIMENTO   FORNECIMENTO E INSTALAÇÃO. AF_06/2016","UN","12,07","12,74",null,12.07,12.74,"Sinapi 94676"]
["94677","CURVA 90 GRAUS, PVC, SOLDÁVEL, DN 40 MM, INSTALADO EM RESERVAÇÃO DE ÁGUA DE EDIFICAÇÃO QUE POSSUA RESERVATÓRIO DE FIBRA/FIBROCIMENTO   FORNECIMENTO E INSTALAÇÃO. AF_06/2016","UN","17,42","18,09",null,17.420000000000002,18.09,"Sinapi 94677"]
["94678","JOELHO 90 GRAUS, PVC, SOLDÁVEL, DN 50 MM INSTALADO EM RESERVAÇÃO DE ÁGUA DE EDIFICAÇÃO QUE POSSUA RESERVATÓRIO DE FIBRA/FIBROCIMENTO   FORNECIMENTO E INSTALAÇÃO. AF_06/2016","UN","12,38","13,05",null,12.38,13.05,"Sinapi 94678"]
["94679","CURVA 90 GRAUS, PVC, SOLDÁVEL, DN 50 MM, INSTALADO EM RESERVAÇÃO DE ÁGUA DE EDIFICAÇÃO QUE POSSUA RESERVATÓRIO DE FIBRA/FIBROCIMENTO   FORNECIMENTO E INSTALAÇÃO. AF_06/2016","UN","19,43","20,10",null,19.43,20.100000000000001,"Sinapi 94679"]
["94680","JOELHO 90 GRAUS, PVC, SOLDÁVEL, DN 60 MM INSTALADO EM RESERVAÇÃO DE ÁGUA DE EDIFICAÇÃO QUE POSSUA RESERVATÓRIO DE FIBRA/FIBROCIMENTO   FORNECIMENTO E INSTALAÇÃO. AF_06/2016","UN","32,65","33,73",null,32.65,33.729999999999997,"Sinapi 94680"]
["94681","CURVA 90 GRAUS, PVC, SOLDÁVEL, DN 60 MM, INSTALADO EM RESERVAÇÃO DE ÁGUA DE EDIFICAÇÃO QUE POSSUA RESERVATÓRIO DE FIBRA/FIBROCIMENTO   FORNECIMENTO E INSTALAÇÃO. AF_06/2016","UN","42,31","43,39",null,42.31,43.39,"Sinapi 94681"]
["94682","JOELHO 90 GRAUS, PVC, SOLDÁVEL, DN 75 MM INSTALADO EM RESERVAÇÃO DE ÁGUA DE EDIFICAÇÃO QUE POSSUA RESERVATÓRIO DE FIBRA/FIBROCIMENTO   FORNECIMENTO E INSTALAÇÃO. AF_06/2016","UN","82,32","83,40",null,82.32,83.4,"Sinapi 94682"]
["94683","CURVA 90 GRAUS, PVC, SOLDÁVEL, DN 75 MM, INSTALADO EM RESERVAÇÃO DE ÁGUA DE EDIFICAÇÃO QUE POSSUA RESERVATÓRIO DE FIBRA/FIBROCIMENTO   FORNECIMENTO E INSTALAÇÃO. AF_06/2016","UN","53,98","55,06",null,53.98,55.06,"Sinapi 94683"]
["94684","JOELHO 90 GRAUS, PVC, SOLDÁVEL, DN 85 MM INSTALADO EM RESERVAÇÃO DE ÁGUA DE EDIFICAÇÃO QUE POSSUA RESERVATÓRIO DE FIBRA/FIBROCIMENTO   FORNECIMENTO E INSTALAÇÃO. AF_06/2016","UN","106,38","108,28",null,106.38,108.28,"Sinapi 94684"]
["94685","CURVA 90 GRAUS, PVC, SOLDÁVEL, DN 85 MM, INSTALADO EM RESERVAÇÃO DE ÁGUA DE EDIFICAÇÃO QUE POSSUA RESERVATÓRIO DE FIBRA/FIBROCIMENTO   FORNECIMENTO E INSTALAÇÃO. AF_06/2016","UN","82,79","84,69",null,82.79,84.69,"Sinapi 94685"]
["94686","JOELHO 90 GRAUS, PVC, SOLDÁVEL, DN 110 MM INSTALADO EM RESERVAÇÃO DE ÁGUA DE EDIFICAÇÃO QUE POSSUA RESERVATÓRIO DE FIBRA/FIBROCIMENTO   FORNECIMENTO E INSTALAÇÃO. AF_06/2016","UN","195,32","197,22",null,195.32,197.22,"Sinapi 94686"]
["94687","CURVA 90 GRAUS, PVC, SOLDÁVEL, DN 110 MM, INSTALADO EM RESERVAÇÃO DE ÁGUA DE EDIFICAÇÃO QUE POSSUA RESERVATÓRIO DE FIBRA/FIBROCIMENTO   FORNECIMENTO E INSTALAÇÃO. AF_06/2016","UN","159,76","161,66",null,159.76,161.66,"Sinapi 94687"]
["94688","TÊ, PVC, SOLDÁVEL, DN  25 MM INSTALADO EM RESERVAÇÃO DE ÁGUA DE EDIFICAÇÃO QUE POSSUA RESERVATÓRIO DE FIBRA/FIBROCIMENTO   FORNECIMENTO E INSTALAÇÃO. AF_06/2016","UN","8,35","8,97",null,8.35,8.9700000000000006,"Sinapi 94688"]
["94689","TÊ COM BUCHA DE LATÃO NA BOLSA CENTRAL, PVC, SOLDÁVEL, DN  25 MM X 3/4 , INSTALADO EM RESERVAÇÃO DE ÁGUA DE EDIFICAÇÃO QUE POSSUA RESERVATÓRIO DE FIBRA/FIBROCIMENTO   FORNECIMENTO E INSTALAÇÃO. AF_06/2016","UN","10,90","11,52",null,10.9,11.52,"Sinapi 94689"]
["94690","TÊ, PVC, SOLDÁVEL, DN 32 MM INSTALADO EM RESERVAÇÃO DE ÁGUA DE EDIFICAÇÃO QUE POSSUA RESERVATÓRIO DE FIBRA/FIBROCIMENTO   FORNECIMENTO E INSTALAÇÃO. AF_06/2016","UN","10,49","11,11",null,10.49,11.11,"Sinapi 94690"]
["94691","TÊ DE REDUÇÃO, PVC, SOLDÁVEL, DN 32 MM X  25 MM, INSTALADO EM RESERVAÇÃO DE ÁGUA DE EDIFICAÇÃO QUE POSSUA RESERVATÓRIO DE FIBRA/FIBROCIMENTO   FORNECIMENTO E INSTALAÇÃO. AF_06/2016","UN","11,97","12,59",null,11.97,12.59,"Sinapi 94691"]
["94692","TÊ, PVC, SOLDÁVEL, DN 40 MM INSTALADO EM RESERVAÇÃO DE ÁGUA DE EDIFICAÇÃO QUE POSSUA RESERVATÓRIO DE FIBRA/FIBROCIMENTO   FORNECIMENTO E INSTALAÇÃO. AF_06/2016","UN","18,03","18,92",null,18.03,18.920000000000002,"Sinapi 94692"]
["94693","TÊ DE REDUÇÃO, PVC, SOLDÁVEL, DN 40 MM X 32 MM, INSTALADO EM RESERVAÇÃO DE ÁGUA DE EDIFICAÇÃO QUE POSSUA RESERVATÓRIO DE FIBRA/FIBROCIMENTO   FORNECIMENTO E INSTALAÇÃO. AF_06/2016","UN","18,78","19,67",null,18.78,19.670000000000002,"Sinapi 94693"]
["94694","TÊ, PVC, SOLDÁVEL, DN 50 MM INSTALADO EM RESERVAÇÃO DE ÁGUA DE EDIFICAÇÃO QUE POSSUA RESERVATÓRIO DE FIBRA/FIBROCIMENTO   FORNECIMENTO E INSTALAÇÃO. AF_06/2016","UN","18,82","19,71",null,18.82,19.71,"Sinapi 94694"]
["94695","TÊ DE REDUÇÃO, PVC, SOLDÁVEL, DN 50 MM X 40 MM, INSTALADO EM RESERVAÇÃO DE ÁGUA DE EDIFICAÇÃO QUE POSSUA RESERVATÓRIO DE FIBRA/FIBROCIMENTO   FORNECIMENTO E INSTALAÇÃO. AF_06/2016","UN","24,58","25,47",null,24.58,25.47,"Sinapi 94695"]
["94696","TÊ, PVC, SOLDÁVEL, DN 60 MM INSTALADO EM RESERVAÇÃO DE ÁGUA DE EDIFICAÇÃO QUE POSSUA RESERVATÓRIO DE FIBRA/FIBROCIMENTO   FORNECIMENTO E INSTALAÇÃO. AF_06/2016","UN","42,66","44,11",null,42.66,44.11,"Sinapi 94696"]
["94697","TÊ, PVC, SOLDÁVEL, DN 75 MM INSTALADO EM RESERVAÇÃO DE ÁGUA DE EDIFICAÇÃO QUE POSSUA RESERVATÓRIO DE FIBRA/FIBROCIMENTO   FORNECIMENTO E INSTALAÇÃO. AF_06/2016","UN","64,96","66,41",null,64.959999999999994,66.41,"Sinapi 94697"]
["94698","TÊ DE REDUÇÃO, PVC, SOLDÁVEL, DN 75 MM X 50 MM, INSTALADO EM RESERVAÇÃO DE ÁGUA DE EDIFICAÇÃO QUE POSSUA RESERVATÓRIO DE FIBRA/FIBROCIMENTO   FORNECIMENTO E INSTALAÇÃO. AF_06/2016","UN","57,12","58,57",null,57.12,58.57,"Sinapi 94698"]
["94699","TÊ, PVC, SOLDÁVEL, DN 85 MM INSTALADO EM RESERVAÇÃO DE ÁGUA DE EDIFICAÇÃO QUE POSSUA RESERVATÓRIO DE FIBRA/FIBROCIMENTO   FORNECIMENTO E INSTALAÇÃO. AF_06/2016","UN","109,66","112,20",null,109.66,112.2,"Sinapi 94699"]
["94700","TÊ DE REDUÇÃO, PVC, SOLDÁVEL, DN 85 MM X 60 MM, INSTALADO EM RESERVAÇÃO DE ÁGUA DE EDIFICAÇÃO QUE POSSUA RESERVATÓRIO DE FIBRA/FIBROCIMENTO   FORNECIMENTO E INSTALAÇÃO. AF_06/2016","UN","93,61","96,15",null,93.61,96.15,"Sinapi 94700"]
["94701","TÊ, PVC, SOLDÁVEL, DN 110 MM INSTALADO EM RESERVAÇÃO DE ÁGUA DE EDIFICAÇÃO QUE POSSUA RESERVATÓRIO DE FIBRA/FIBROCIMENTO   FORNECIMENTO E INSTALAÇÃO. AF_06/2016","UN","160,57","163,11",null,160.57,163.11000000000001,"Sinapi 94701"]
["94702","TÊ DE REDUÇÃO, PVC, SOLDÁVEL, DN 110 MM X 60 MM, INSTALADO EM RESERVAÇÃO DE ÁGUA DE EDIFICAÇÃO QUE POSSUA RESERVATÓRIO DE FIBRA/FIBROCIMENTO   FORNECIMENTO E INSTALAÇÃO. AF_06/2016","UN","152,36","154,90",null,152.36000000000001,154.9,"Sinapi 94702"]
["94703","ADAPTADOR COM FLANGE E ANEL DE VEDAÇÃO, PVC, SOLDÁVEL, DN  25 MM X 3/4 , INSTALADO EM RESERVAÇÃO DE ÁGUA DE EDIFICAÇÃO QUE POSSUA RESERVATÓRIO DE FIBRA/FIBROCIMENTO   FORNECIMENTO E INSTALAÇÃO. AF_06/2016","UN","14,45","14,98",null,14.45,14.98,"Sinapi 94703"]
["94704","ADAPTADOR COM FLANGE E ANEL DE VEDAÇÃO, PVC, SOLDÁVEL, DN 32 MM X 1 , INSTALADO EM RESERVAÇÃO DE ÁGUA DE EDIFICAÇÃO QUE POSSUA RESERVATÓRIO DE FIBRA/FIBROCIMENTO   FORNECIMENTO E INSTALAÇÃO. AF_06/2016","UN","16,92","17,45",null,16.920000000000002,17.45,"Sinapi 94704"]
["94705","ADAPTADOR COM FLANGE E ANEL DE VEDAÇÃO, PVC, SOLDÁVEL, DN 40 MM X 1 1/4 , INSTALADO EM RESERVAÇÃO DE ÁGUA DE EDIFICAÇÃO QUE POSSUA RESERVATÓRIO DE FIBRA/FIBROCIMENTO   FORNECIMENTO E INSTALAÇÃO. AF_06/2016","UN","20,65","21,18",null,20.65,21.18,"Sinapi 94705"]
["94706","ADAPTADOR COM FLANGE E ANEL DE VEDAÇÃO, PVC, SOLDÁVEL, DN 50 MM X 1 1/2 , INSTALADO EM RESERVAÇÃO DE ÁGUA DE EDIFICAÇÃO QUE POSSUA RESERVATÓRIO DE FIBRA/FIBROCIMENTO   FORNECIMENTO E INSTALAÇÃO. AF_06/2016","UN","30,03","30,74",null,30.03,30.74,"Sinapi 94706"]
["94707","ADAPTADOR COM FLANGE E ANEL DE VEDAÇÃO, PVC, SOLDÁVEL, DN 60 MM X 2 , INSTALADO EM RESERVAÇÃO DE ÁGUA DE EDIFICAÇÃO QUE POSSUA RESERVATÓRIO DE FIBRA/FIBROCIMENTO   FORNECIMENTO E INSTALAÇÃO. AF_06/2016","UN","36,95","37,66",null,36.950000000000003,37.659999999999997,"Sinapi 94707"]
["94708","ADAPTADOR COM FLANGES LIVRES, PVC, SOLDÁVEL, DN  25 MM X 3/4 , INSTALADO EM RESERVAÇÃO DE ÁGUA DE EDIFICAÇÃO QUE POSSUA RESERVATÓRIO DE FIBRA/FIBROCIMENTO   FORNECIMENTO E INSTALAÇÃO. AF_06/2016","UN","18,85","19,76",null,18.850000000000001,19.760000000000002,"Sinapi 94708"]
["94709","ADAPTADOR COM FLANGES LIVRES, PVC, SOLDÁVEL, DN 32 MM X 1 , INSTALADO EM RESERVAÇÃO DE ÁGUA DE EDIFICAÇÃO QUE POSSUA RESERVATÓRIO DE FIBRA/FIBROCIMENTO   FORNECIMENTO E INSTALAÇÃO. AF_06/2016","UN","23,76","24,67",null,23.76,24.67,"Sinapi 94709"]
["94710","ADAPTADOR COM FLANGES LIVRES, PVC, SOLDÁVEL, DN 40 MM X 1 1/4 , INSTALADO EM RESERVAÇÃO DE ÁGUA DE EDIFICAÇÃO QUE POSSUA RESERVATÓRIO DE FIBRA/FIBROCIMENTO   FORNECIMENTO E INSTALAÇÃO. AF_06/2016","UN","35,96","36,87",null,35.96,36.869999999999997,"Sinapi 94710"]
["94711","ADAPTADOR COM FLANGES LIVRES, PVC, SOLDÁVEL, DN 50 MM X 1 1/2 , INSTALADO EM RESERVAÇÃO DE ÁGUA DE EDIFICAÇÃO QUE POSSUA RESERVATÓRIO DE FIBRA/FIBROCIMENTO   FORNECIMENTO E INSTALAÇÃO. AF_06/2016","UN","43,50","44,71",null,43.5,44.71,"Sinapi 94711"]
["94712","ADAPTADOR COM FLANGES LIVRES, PVC, SOLDÁVEL, DN 60 MM X 2 , INSTALADO EM RESERVAÇÃO DE ÁGUA DE EDIFICAÇÃO QUE POSSUA RESERVATÓRIO DE FIBRA/FIBROCIMENTO   FORNECIMENTO E INSTALAÇÃO. AF_06/2016","UN","57,50","58,71",null,57.5,58.71,"Sinapi 94712"]
["94713","ADAPTADOR COM FLANGES LIVRES, PVC, SOLDÁVEL, DN 75 MM X 2 1/2 , INSTALADO EM RESERVAÇÃO DE ÁGUA DE EDIFICAÇÃO QUE POSSUA RESERVATÓRIO DE FIBRA/FIBROCIMENTO   FORNECIMENTO E INSTALAÇÃO. AF_06/2016","UN","146,32","147,53",null,146.32,147.53,"Sinapi 94713"]
["94714","ADAPTADOR COM FLANGES LIVRES, PVC, SOLDÁVEL, DN 85 MM X 3 , INSTALADO EM RESERVAÇÃO DE ÁGUA DE EDIFICAÇÃO QUE POSSUA RESERVATÓRIO DE FIBRA/FIBROCIMENTO   FORNECIMENTO E INSTALAÇÃO. AF_06/2016","UN","197,53","198,74",null,197.53,198.74,"Sinapi 94714"]
["94715","ADAPTADOR COM FLANGES LIVRES, PVC, SOLDÁVEL, DN 110 MM X 4 , INSTALADO EM RESERVAÇÃO DE ÁGUA DE EDIFICAÇÃO QUE POSSUA RESERVATÓRIO DE FIBRA/FIBROCIMENTO   FORNECIMENTO E INSTALAÇÃO. AF_06/2016","UN","271,79","273,00",null,271.79000000000002,273,"Sinapi 94715"]
["94724","CONECTOR, CPVC, SOLDÁVEL, DN 22 MM X 3/4\u0094, INSTALADO EM RESERVAÇÃO DE ÁGUA DE EDIFICAÇÃO QUE POSSUA RESERVATÓRIO DE FIBRA/FIBROCIMENTO \u0096 FORNECIMENTO E INSTALAÇÃO. AF_06/2016","UN","14,10","14,39",null,14.1,14.39,"Sinapi 94724"]
["94725","LUVA, CPVC, SOLDÁVEL, DN 22 MM, INSTALADO EM RESERVAÇÃO DE ÁGUA DE EDIFICAÇÃO QUE POSSUA RESERVATÓRIO DE FIBRA/FIBROCIMENTO \u0096 FORNECIMENTO E INSTALAÇÃO. AF_06/2016","UN","4,35","4,64",null,4.3499999999999996,4.6399999999999997,"Sinapi 94725"]
["94726","CONECTOR, CPVC, SOLDÁVEL, DN 28 MM X 1\u0094, INSTALADO EM RESERVAÇÃO DE ÁGUA DE EDIFICAÇÃO QUE POSSUA RESERVATÓRIO DE FIBRA/FIBROCIMENTO \u0096 FORNECIMENTO E INSTALAÇÃO. AF_06/2016","UN","21,07","21,36",null,21.07,21.36,"Sinapi 94726"]
["94727","LUVA, CPVC, SOLDÁVEL, DN 28 MM, INSTALADO EM RESERVAÇÃO DE ÁGUA DE EDIFICAÇÃO QUE POSSUA RESERVATÓRIO DE FIBRA/FIBROCIMENTO \u0096 FORNECIMENTO E INSTALAÇÃO. AF_06/2016","UN","5,64","5,93",null,5.64,5.93,"Sinapi 94727"]
["94728","CONECTOR, CPVC, SOLDÁVEL, DN 35 MM X 1 1/4\u0094, INSTALADO EM RESERVAÇÃO DE ÁGUA DE EDIFICAÇÃO QUE POSSUA RESERVATÓRIO DE FIBRA/FIBROCIMENTO \u0096 FORNECIMENTO E INSTALAÇÃO. AF_06/2016","UN","76,62","77,00",null,76.62,77,"Sinapi 94728"]
["94729","LUVA, CPVC, SOLDÁVEL, DN 35 MM, INSTALADO EM RESERVAÇÃO DE ÁGUA DE EDIFICAÇÃO QUE POSSUA RESERVATÓRIO DE FIBRA/FIBROCIMENTO \u0096 FORNECIMENTO E INSTALAÇÃO. AF_06/2016","UN","9,45","9,83",null,9.4499999999999993,9.83,"Sinapi 94729"]
["94730","CONECTOR, CPVC, SOLDÁVEL, DN 42 MM X 1 1/2\u0094, INSTALADO EM RESERVAÇÃO DE ÁGUA DE EDIFICAÇÃO QUE POSSUA RESERVATÓRIO DE FIBRA/FIBROCIMENTO \u0096 FORNECIMENTO E INSTALAÇÃO. AF_06/2016","UN","92,70","93,08",null,92.7,93.08,"Sinapi 94730"]
["94731","LUVA, CPVC, SOLDÁVEL, DN 42 MM, INSTALADO EM RESERVAÇÃO DE ÁGUA DE EDIFICAÇÃO QUE POSSUA RESERVATÓRIO DE FIBRA/FIBROCIMENTO \u0096 FORNECIMENTO E INSTALAÇÃO. AF_06/2016","UN","11,41","11,79",null,11.41,11.79,"Sinapi 94731"]
["94733","LUVA, CPVC, SOLDÁVEL, DN 54 MM, INSTALADO EM RESERVAÇÃO DE ÁGUA DE EDIFICAÇÃO QUE POSSUA RESERVATÓRIO DE FIBRA/FIBROCIMENTO \u0096 FORNECIMENTO E INSTALAÇÃO. AF_06/2016","UN","21,66","22,33",null,21.66,22.33,"Sinapi 94733"]
["94737","LUVA, CPVC, SOLDÁVEL, DN 89 MM, INSTALADO EM RESERVAÇÃO DE ÁGUA DE EDIFICAÇÃO QUE POSSUA RESERVATÓRIO DE FIBRA/FIBROCIMENTO \u0096 FORNECIMENTO E INSTALAÇÃO. AF_06/2016","UN","83,90","85,25",null,83.9,85.25,"Sinapi 94737"]
["94740","JOELHO 90 GRAUS, CPVC, SOLDÁVEL, DN 22 MM, INSTALADO EM RESERVAÇÃO DE ÁGUA DE EDIFICAÇÃO QUE POSSUA RESERVATÓRIO DE FIBRA/FIBROCIMENTO \u0096 FORNECIMENTO E INSTALAÇÃO. AF_06/2016","UN","6,65","7,09",null,{"$f":"IF(D4104=\"\",\"\",D4104+0)","v":6.65},{"$f":"IF(E4104=\"\",\"\",E4104+0)","v":7.09},{"$f":"IF(OR(G4104=\"\",H4104=\"\"),\"\",CONCATENATE(\"Sinapi \",A4104))","v":"Sinapi 94740"}]
["94741","CURVA 90 GRAUS, CPVC, SOLDÁVEL, DN 22 MM, INSTALADO EM RESERVAÇÃO DE ÁGUA DE EDIFICAÇÃO QUE POSSUA RESERVATÓRIO DE FIBRA/FIBROCIMENTO \u0096 FORNECIMENTO E INSTALAÇÃO. AF_06/2016","UN","7,82","8,26",null,7.82,8.26,"Sinapi 94741"]
["94742","JOELHO 90 GRAUS, CPVC, SOLDÁVEL, DN 28 MM, INSTALADO EM RESERVAÇÃO DE ÁGUA DE EDIFICAÇÃO QUE POSSUA RESERVATÓRIO DE FIBRA/FIBROCIMENTO \u0096 FORNECIMENTO E INSTALAÇÃO. AF_06/2016","UN","9,14","9,58",null,9.14,9.58,"Sinapi 94742"]
["94743","CURVA 90 GRAUS, CPVC, SOLDÁVEL, DN 28 MM, INSTALADO EM RESERVAÇÃO DE ÁGUA DE EDIFICAÇÃO QUE POSSUA RESERVATÓRIO DE FIBRA/FIBROCIMENTO \u0096 FORNECIMENTO E INSTALAÇÃO. AF_06/2016","UN","9,88","10,32",null,9.8800000000000008,10.32,"Sinapi 94743"]
["94744","JOELHO 90 GRAUS, CPVC, SOLDÁVEL, DN 35 MM, INSTALADO EM RESERVAÇÃO DE ÁGUA DE EDIFICAÇÃO QUE POSSUA RESERVATÓRIO DE FIBRA/FIBROCIMENTO \u0096 FORNECIMENTO E INSTALAÇÃO. AF_06/2016","UN","14,16","14,73",null,14.16,14.73,"Sinapi 94744"]
["94746","JOELHO 90 GRAUS, CPVC, SOLDÁVEL, DN 42 MM, INSTALADO EM RESERVAÇÃO DE ÁGUA DE EDIFICAÇÃO QUE POSSUA RESERVATÓRIO DE FIBRA/FIBROCIMENTO \u0096 FORNECIMENTO E INSTALAÇÃO. AF_06/2016","UN","19,12","19,69",null,19.12,19.690000000000001,"Sinapi 94746"]
["94748","JOELHO 90 GRAUS, CPVC, SOLDÁVEL, DN 54 MM, INSTALADO EM RESERVAÇÃO DE ÁGUA DE EDIFICAÇÃO QUE POSSUA RESERVATÓRIO DE FIBRA/FIBROCIMENTO \u0096 FORNECIMENTO E INSTALAÇÃO. AF_06/2016","UN","38,53","39,54",null,38.53,39.54,"Sinapi 94748"]
["94750","JOELHO 90 GRAUS, CPVC, SOLDÁVEL, DN 73 MM, INSTALADO EM RESERVAÇÃO DE ÁGUA DE EDIFICAÇÃO QUE POSSUA RESERVATÓRIO DE FIBRA/FIBROCIMENTO \u0096 FORNECIMENTO E INSTALAÇÃO. AF_06/2016","UN","85,47","86,48",null,85.47,86.48,"Sinapi 94750"]
["94752","JOELHO 90 GRAUS, CPVC, SOLDÁVEL, DN 89 MM, INSTALADO EM RESERVAÇÃO DE ÁGUA DE EDIFICAÇÃO QUE POSSUA RESERVATÓRIO DE FIBRA/FIBROCIMENTO \u0096 FORNECIMENTO E INSTALAÇÃO. AF_06/2016","UN","107,36","109,39",null,107.36,109.39,"Sinapi 94752"]
["94756","TE, CPVC, SOLDÁVEL, DN 22 MM, INSTALADO EM RESERVAÇÃO DE ÁGUA DE EDIFICAÇÃO QUE POSSUA RESERVATÓRIO DE FIBRA/FIBROCIMENTO \u0096 FORNECIMENTO E INSTALAÇÃO. AF_06/2016","UN","8,58","9,16",null,8.58,9.16,"Sinapi 94756"]
["94757","TE, CPVC, SOLDÁVEL, DN 28 MM, INSTALADO EM RESERVAÇÃO DE ÁGUA DE EDIFICAÇÃO QUE POSSUA RESERVATÓRIO DE FIBRA/FIBROCIMENTO \u0096 FORNECIMENTO E INSTALAÇÃO. AF_06/2016","UN","10,81","11,39",null,10.81,11.39,"Sinapi 94757"]
["94758","TE, CPVC, SOLDÁVEL, DN 35 MM, INSTALADO EM RESERVAÇÃO DE ÁGUA DE EDIFICAÇÃO QUE POSSUA RESERVATÓRIO DE FIBRA/FIBROCIMENTO \u0096 FORNECIMENTO E INSTALAÇÃO. AF_06/2016","UN","24,61","25,38",null,24.61,25.38,"Sinapi 94758"]
["94759","TE, CPVC, SOLDÁVEL, DN 42 MM, INSTALADO EM RESERVAÇÃO DE ÁGUA DE EDIFICAÇÃO QUE POSSUA RESERVATÓRIO DE FIBRA/FIBROCIMENTO \u0096 FORNECIMENTO E INSTALAÇÃO. AF_06/2016","UN","29,56","30,33",null,29.56,30.33,"Sinapi 94759"]
["94760","TE, CPVC, SOLDÁVEL, DN 54 MM, INSTALADO EM RESERVAÇÃO DE ÁGUA DE EDIFICAÇÃO QUE POSSUA RESERVATÓRIO DE FIBRA/FIBROCIMENTO \u0096 FORNECIMENTO E INSTALAÇÃO. AF_06/2016","UN","48,78","50,12",null,48.78,50.12,"Sinapi 94760"]
["94761","TE, CPVC, SOLDÁVEL, DN 73 MM, INSTALADO EM RESERVAÇÃO DE ÁGUA DE EDIFICAÇÃO QUE POSSUA RESERVATÓRIO DE FIBRA/FIBROCIMENTO \u0096 FORNECIMENTO E INSTALAÇÃO. AF_06/2016","UN","98,41","99,75",null,98.41,99.75,"Sinapi 94761"]
["94762","TE, CPVC, SOLDÁVEL, DN 89 MM, INSTALADO EM RESERVAÇÃO DE ÁGUA DE EDIFICAÇÃO QUE POSSUA RESERVATÓRIO DE FIBRA/FIBROCIMENTO \u0096 FORNECIMENTO E INSTALAÇÃO. AF_06/2016","UN","129,75","132,45",null,129.75,132.44999999999999,"Sinapi 94762"]
["94783","ADAPTADOR COM FLANGE E ANEL DE VEDAÇÃO, PVC, SOLDÁVEL, DN  20 MM X 1/2 , INSTALADO EM RESERVAÇÃO DE ÁGUA DE EDIFICAÇÃO QUE POSSUA RESERVATÓRIO DE FIBRA/FIBROCIMENTO   FORNECIMENTO E INSTALAÇÃO. AF_06/2016","UN","13,38","13,91",null,13.38,13.91,"Sinapi 94783"]
["94785","ADAPTADOR COM FLANGES LIVRES, PVC, SOLDÁVEL LONGO, DN 32 MM X 1 , INSTALADO EM RESERVAÇÃO DE ÁGUA DE EDIFICAÇÃO QUE POSSUA RESERVATÓRIO DE FIBRA/FIBROCIMENTO   FORNECIMENTO E INSTALAÇÃO. AF_06/2016","UN","24,11","25,02",null,24.11,25.02,"Sinapi 94785"]
["94786","ADAPTADOR COM FLANGES LIVRES, PVC, SOLDÁVEL LONGO, DN 40 MM X 1 1/4 , INSTALADO EM RESERVAÇÃO DE ÁGUA DE EDIFICAÇÃO QUE POSSUA RESERVATÓRIO DE FIBRA/FIBROCIMENTO   FORNECIMENTO E INSTALAÇÃO. AF_06/2016","UN","31,08","31,99",null,31.08,31.99,"Sinapi 94786"]
["94787","ADAPTADOR COM FLANGES LIVRES, PVC, SOLDÁVEL LONGO, DN 50 MM X 1 1/2 , INSTALADO EM RESERVAÇÃO DE ÁGUA DE EDIFICAÇÃO QUE POSSUA RESERVATÓRIO DE FIBRA/FIBROCIMENTO   FORNECIMENTO E INSTALAÇÃO. AF_06/2016","UN","41,66","42,87",null,41.66,42.87,"Sinapi 94787"]
["94788","ADAPTADOR COM FLANGES LIVRES, PVC, SOLDÁVEL LONGO, DN 60 MM X 2 , INSTALADO EM RESERVAÇÃO DE ÁGUA DE EDIFICAÇÃO QUE POSSUA RESERVATÓRIO DE FIBRA/FIBROCIMENTO   FORNECIMENTO E INSTALAÇÃO. AF_06/2016","UN","59,17","60,38",null,59.17,60.38,"Sinapi 94788"]
["94789","ADAPTADOR COM FLANGES LIVRES, PVC, SOLDÁVEL LONGO, DN 75 MM X 2 1/2 , INSTALADO EM RESERVAÇÃO DE ÁGUA DE EDIFICAÇÃO QUE POSSUA RESERVATÓRIO DE FIBRA/FIBROCIMENTO   FORNECIMENTO E INSTALAÇÃO. AF_06/2016","UN","180,64","181,85",null,180.64,181.85,"Sinapi 94789"]
["94790","ADAPTADOR COM FLANGES LIVRES, PVC, SOLDÁVEL LONGO, DN 85 MM X 3 , INSTALADO EM RESERVAÇÃO DE ÁGUA DE EDIFICAÇÃO QUE POSSUA RESERVATÓRIO DE FIBRA/FIBROCIMENTO   FORNECIMENTO E INSTALAÇÃO. AF_06/2016","UN","208,58","209,79",null,208.58,209.79,"Sinapi 94790"]
["94791","ADAPTADOR COM FLANGES LIVRES, PVC, SOLDÁVEL LONGO, DN 110 MM X 4 , INSTALADO EM RESERVAÇÃO DE ÁGUA DE EDIFICAÇÃO QUE POSSUA RESERVATÓRIO DE FIBRA/FIBROCIMENTO   FORNECIMENTO E INSTALAÇÃO. AF_06/2016","UN","291,25","292,46",null,291.25,292.45999999999998,"Sinapi 94791"]
["94863","LUVA, CPVC, SOLDÁVEL, DN 73 MM, INSTALADO EM RESERVAÇÃO DE ÁGUA DE EDIFICAÇÃO QUE POSSUA RESERVATÓRIO DE FIBRA/FIBROCIMENTO \u0096 FORNECIMENTO E INSTALAÇÃO. AF_06/2016","UN","69,60","70,27",null,69.599999999999994,70.27,"Sinapi 94863"]
["95141","ADAPTADOR COM FLANGES LIVRES, PVC, SOLDÁVEL LONGO, DN  25 MM X 3/4 , INSTALADO EM RESERVAÇÃO DE ÁGUA DE EDIFICAÇÃO QUE POSSUA RESERVATÓRIO DE FIBRA/FIBROCIMENTO    FORNECIMENTO E INSTALAÇÃO. AF_06/2016","UN","22,60","23,51",null,22.6,23.51,"Sinapi 95141"]
["95237","LUVA COM BUCHA DE LATÃO, PVC, SOLDÁVEL, DN 32MM X 1 , INSTALADO EM RAMAL DE DISTRIBUIÇÃO DE ÁGUA   FORNECIMENTO E INSTALAÇÃO. AF_12/2014","UN","17,21","17,49",null,17.21,17.489999999999998,"Sinapi 95237"]
["95693","LUVA SIMPLES, PVC, SÉRIE NORMAL, ESGOTO PREDIAL, DN 150 MM, JUNTA ELÁSTICA, FORNECIDO E INSTALADO EM SUBCOLETOR AÉREO DE ESGOTO SANITÁRIO. AF_12/2014","UN","36,17","37,04",null,36.17,37.04,"Sinapi 95693"]
["95694","CURVA 90 GRAUS, PVC, SERIE R, ÁGUA PLUVIAL, DN 100 MM, JUNTA ELÁSTICA, FORNECIDO E INSTALADO EM RAMAL DE ENCAMINHAMENTO. AF_12/2014","UN","44,81","45,36",null,44.81,45.36,"Sinapi 95694"]
["95695","CURVA 90 GRAUS, PVC, SERIE R, ÁGUA PLUVIAL, DN 100 MM, JUNTA ELÁSTICA, FORNECIDO E INSTALADO EM CONDUTORES VERTICAIS DE ÁGUAS PLUVIAIS. AF_12/2014","UN","43,40","43,79",null,43.4,43.79,"Sinapi 95695"]
["95696","SPRINKLER TIPO PENDENTE, 68 °C, UNIÃO POR ROSCA DN 15 (1/2\") - FORNECIMENTO E INSTALAÇÃO. AF_12/2015","UN","31,60","31,87",null,31.6,31.87,"Sinapi 95696"]
["96637","JOELHO 90 GRAUS, PPR, DN 25 MM, CLASSE PN 25, INSTALADO EM RAMAL OU SUB-RAMAL DE ÁGUA \u0096 FORNECIMENTO E INSTALAÇÃO . AF_06/2015","UN","10,33","11,25",null,10.33,11.25,"Sinapi 96637"]
["96638","JOELHO 45 GRAUS, PPR, DN 25 MM, CLASSE PN 25, INSTALADO EM RAMAL OU SUB-RAMAL DE ÁGUA \u0096 FORNECIMENTO E INSTALAÇÃO . AF_06/2015","UN","9,96","10,88",null,9.9600000000000009,10.88,"Sinapi 96638"]
["96639","LUVA, PPR, DN 25 MM, CLASSE PN 25, INSTALADO EM RAMAL OU SUB-RAMAL DE ÁGUA \u0096 FORNECIMENTO E INSTALAÇÃO . AF_06/2015","UN","7,17","7,79",null,7.17,7.79,"Sinapi 96639"]
["96640","CONECTOR MACHO, PPR, 25 X 1/2'', CLASSE PN 25, INSTALADO EM RAMAL OU SUB-RAMAL DE ÁGUA   FORNECIMENTO E INSTALAÇÃO . AF_06/2015","UN","17,32","17,94",null,17.32,17.940000000000001,"Sinapi 96640"]
["96641","CONECTOR FÊMEA, PPR, 25 X 1/2'', CLASSE PN 25, INSTALADO EM RAMAL OU SUB-RAMAL DE ÁGUA   FORNECIMENTO E INSTALAÇÃO . AF_06/2015","UN","13,69","14,31",null,13.69,14.31,"Sinapi 96641"]
["96642","TÊ NORMAL, PPR, DN 25 MM, CLASSE PN 25, INSTALADO EM RAMAL OU SUB-RAMAL DE ÁGUA \u0096 FORNECIMENTO E INSTALAÇÃO . AF_06/2015","UN","13,67","14,91",null,13.67,14.91,"Sinapi 96642"]
["96643","TÊ MISTURADOR, PPR, 25 X 3/4'' , CLASSE PN 25, INSTALADO EM RAMAL OU SUB-RAMAL DE ÁGUA \u0096 FORNECIMENTO E INSTALAÇÃO . AF_06/2015","UN","34,93","36,17",null,34.93,36.17,"Sinapi 96643"]
["96650","JOELHO 90 GRAUS, PPR, DN 25 MM, CLASSE PN 25, INSTALADO EM RAMAL DE DISTRIBUIÇÃO \u0096 FORNECIMENTO E INSTALAÇÃO . AF_06/2015","UN","7,63","8,26",null,7.63,8.26,"Sinapi 96650"]
["96651","JOELHO 45 GRAUS, PPR, DN 25 MM, CLASSE PN 25, INSTALADO EM RAMAL DE DISTRIBUIÇÃO DE ÁGUA \u0096 FORNECIMENTO E INSTALAÇÃO . AF_06/2015","UN","7,26","7,89",null,7.26,7.89,"Sinapi 96651"]
["96652","JOELHO 90 GRAUS, PPR, DN 32 MM, CLASSE PN 25, INSTALADO EM RAMAL DE DISTRIBUIÇÃO \u0096 FORNECIMENTO E INSTALAÇÃO . AF_06/2015","UN","14,63","15,92",null,14.63,15.92,"Sinapi 96652"]
["96653","JOELHO 45 GRAUS, PPR, DN 32 MM, CLASSE PN 25, INSTALADO EM RAMAL DE DISTRIBUIÇÃO DE ÁGUA \u0096 FORNECIMENTO E INSTALAÇÃO . AF_06/2015","UN","14,59","15,88",null,14.59,15.88,"Sinapi 96653"]
["96654","JOELHO 90 GRAUS, PPR, DN 40 MM, CLASSE PN 25, INSTALADO EM RAMAL DE DISTRIBUIÇÃO \u0096 FORNECIMENTO E INSTALAÇÃO . AF_06/2015","UN","24,15","26,19",null,24.15,26.19,"Sinapi 96654"]
["96655","JOELHO 45 GRAUS, PPR, DN 40 MM, CLASSE PN 25, INSTALADO EM RAMAL DE DISTRIBUIÇÃO DE ÁGUA \u0096 FORNECIMENTO E INSTALAÇÃO . AF_06/2015","UN","23,75","25,79",null,23.75,25.79,"Sinapi 96655"]
["96656","LUVA, PPR, DN 25 MM, CLASSE PN 25, INSTALADO EM RAMAL DE DISTRIBUIÇÃO DE ÁGUA \u0096 FORNECIMENTO E INSTALAÇÃO . AF_06/2015","UN","5,40","5,83",null,5.4,5.83,"Sinapi 96656"]
["96657","CONECTOR MACHO, PPR, 25 X 1/2, CLASSE PN 25, INSTALADO EM RAMAL DE DISTRIBUIÇÃO DE ÁGUA \u0096 FORNECIMENTO E INSTALAÇÃO . AF_06/2015","UN","15,55","15,98",null,15.55,15.98,"Sinapi 96657"]
["96658","CONECTOR FÊMEA, PPR, 25 X 1/2'', CLASSE PN 25, INSTALADO EM RAMAL DE DISTRIBUIÇÃO DE ÁGUA   FORNECIMENTO E INSTALAÇÃO . AF_06/2015","UN","11,92","12,35",null,11.92,12.35,"Sinapi 96658"]
["96659","LUVA, PPR, DN 32 MM, CLASSE PN 25, INSTALADO EM RAMAL DE DISTRIBUIÇÃO DE ÁGUA \u0096 FORNECIMENTO E INSTALAÇÃO. AF_06/2015","UN","9,88","10,74",null,9.8800000000000008,10.74,"Sinapi 96659"]
["96660","CONECTOR MACHO, PPR, 32 X 3/4'', CLASSE PN 25, INSTALADO EM RAMAL DE DISTRIBUIÇÃO DE ÁGUA   FORNECIMENTO E INSTALAÇÃO. AF_06/2015","UN","26,81","27,67",null,26.81,27.67,"Sinapi 96660"]
["96661","CONECTOR FÊMEA, PPR, 32 X 3/4'', CLASSE PN 25, INSTALADO EM RAMAL DE DISTRIBUIÇÃO DE ÁGUA   FORNECIMENTO E INSTALAÇÃO . AF_06/2015","UN","21,23","22,09",null,21.23,22.09,"Sinapi 96661"]
["96662","BUCHA DE REDUÇÃO, PPR, 32 X 25, CLASSE PN 25, INSTALADO EM RAMAL DE DISTRIBUIÇÃO DE ÁGUA \u0096 FORNECIMENTO E INSTALAÇÃO . AF_06/2015","UN","10,06","10,92",null,10.06,10.92,"Sinapi 96662"]
["96663","LUVA, PPR, DN 40 MM, CLASSE PN 25, INSTALADO EM RAMAL DE DISTRIBUIÇÃO DE ÁGUA \u0096 FORNECIMENTO E INSTALAÇÃO. AF_06/2015","UN","17,72","19,07",null,17.72,19.07,"Sinapi 96663"]
["96664","BUCHA DE REDUÇÃO, PPR, 40 X 25, CLASSE PN 25, INSTALADO EM RAMAL DE DISTRIBUIÇÃO DE ÁGUA \u0096 FORNECIMENTO E INSTALAÇÃO . AF_06/2015","UN","18,91","20,26",null,18.91,20.260000000000002,"Sinapi 96664"]
["96665","TÊ NORMAL, PPR, DN 25 MM, CLASSE PN 25, INSTALADO EM RAMAL DE DISTRIBUIÇÃO DE ÁGUA \u0096 FORNECIMENTO E INSTALAÇÃO . AF_06/2015","UN","10,06","10,89",null,10.06,10.89,"Sinapi 96665"]
["96666","TÊ NORMAL, PPR, DN 32 MM, CLASSE PN 25, INSTALADO EM RAMAL DE DISTRIBUIÇÃO DE ÁGUA \u0096 FORNECIMENTO E INSTALAÇÃO . AF_06/2015","UN","19,59","21,30",null,19.59,21.3,"Sinapi 96666"]
["96667","TÊ NORMAL, PPR, DN 40 MM, CLASSE PN 25, INSTALADO EM RAMAL DE DISTRIBUIÇÃO DE ÁGUA \u0096 FORNECIMENTO E INSTALAÇÃO . AF_06/2015","UN","33,86","36,58",null,33.86,36.58,"Sinapi 96667"]
["96684","JOELHO 90 GRAUS, PPR, DN 25 MM, CLASSE PN 25, INSTALADO EM PRUMADA DE ÁGUA \u0096 FORNECIMENTO E INSTALAÇÃO . AF_06/2015","UN","3,60","3,78",null,3.6,3.78,"Sinapi 96684"]
["96685","JOELHO 45 GRAUS, PPR, DN 25 MM, CLASSE PN 25, INSTALADO EM PRUMADA DE ÁGUA \u0096 FORNECIMENTO E INSTALAÇÃO . AF_06/2015","UN","3,23","3,41",null,3.23,3.41,"Sinapi 96685"]
["96686","JOELHO 90 GRAUS, PPR, DN 32 MM, CLASSE PN 25, INSTALADO EM PRUMADA DE ÁGUA \u0096 FORNECIMENTO E INSTALAÇÃO . AF_06/2015","UN","5,39","5,66",null,5.39,5.66,"Sinapi 96686"]
["96687","JOELHO 45 GRAUS, PPR, DN 32 MM, CLASSE PN 25, INSTALADO EM PRUMADA DE ÁGUA \u0096 FORNECIMENTO E INSTALAÇÃO . AF_06/2015","UN","5,35","5,62",null,5.35,5.62,"Sinapi 96687"]
["96688","JOELHO 90 GRAUS, PPR, DN 40 MM, CLASSE PN 25, INSTALADO EM PRUMADA DE ÁGUA \u0096 FORNECIMENTO E INSTALAÇÃO . AF_06/2015","UN","9,21","9,59",null,9.2100000000000009,9.59,"Sinapi 96688"]
["96689","JOELHO 45 GRAUS, PPR, DN 40 MM, CLASSE PN 25, INSTALADO EM PRUMADA DE ÁGUA \u0096 FORNECIMENTO E INSTALAÇÃO . AF_06/2015","UN","8,81","9,19",null,8.81,9.19,"Sinapi 96689"]
["96690","JOELHO 90 GRAUS, PPR, DN 50 MM, CLASSE PN 25, INSTALADO EM PRUMADA DE ÁGUA \u0096 FORNECIMENTO E INSTALAÇÃO . AF_06/2015","UN","17,02","17,58",null,17.02,17.579999999999998,"Sinapi 96690"]
["96691","JOELHO 45 GRAUS, PPR, DN 50 MM, CLASSE PN 25, INSTALADO EM PRUMADA DE ÁGUA \u0096 FORNECIMENTO E INSTALAÇÃO . AF_06/2015","UN","17,56","18,12",null,17.559999999999999,18.12,"Sinapi 96691"]
["96692","JOELHO 90 GRAUS, PPR, DN 63 MM, CLASSE PN 25, INSTALADO EM PRUMADA DE ÁGUA \u0096 FORNECIMENTO E INSTALAÇÃO . AF_06/2015","UN","25,73","26,61",null,{"$f":"IF(D4168=\"\",\"\",D4168+0)","v":25.73},{"$f":"IF(E4168=\"\",\"\",E4168+0)","v":26.61},{"$f":"IF(OR(G4168=\"\",H4168=\"\"),\"\",CONCATENATE(\"Sinapi \",A4168))","v":"Sinapi 96692"}]
["96693","JOELHO 45 GRAUS, PPR, DN 63 MM, CLASSE PN 25, INSTALADO EM PRUMADA DE ÁGUA \u0096 FORNECIMENTO E INSTALAÇÃO . AF_06/2015","UN","24,40","25,28",null,24.4,25.28,"Sinapi 96693"]
["96694","JOELHO 90 GRAUS, PPR, DN 75 MM, CLASSE PN 25, INSTALADO EM PRUMADA DE ÁGUA \u0096 FORNECIMENTO E INSTALAÇÃO . AF_06/2015","UN","56,08","57,31",null,56.08,57.31,"Sinapi 96694"]
["96695","JOELHO 45 GRAUS, PPR, DN 75 MM, CLASSE PN 25, INSTALADO EM PRUMADA DE ÁGUA \u0096 FORNECIMENTO E INSTALAÇÃO . AF_06/2015","UN","54,51","55,74",null,54.51,55.74,"Sinapi 96695"]
["96696","JOELHO 90 GRAUS, PPR, DN 90 MM, CLASSE PN 25, INSTALADO EM PRUMADA DE ÁGUA \u0096 FORNECIMENTO E INSTALAÇÃO . AF_06/2015","UN","84,37","86,10",null,84.37,86.1,"Sinapi 96696"]
["96697","JOELHO 90 GRAUS, PPR, DN 110 MM, CLASSE PN 25, INSTALADO EM PRUMADA DE ÁGUA \u0096 FORNECIMENTO E INSTALAÇÃO . AF_06/2015","UN","126,21","128,77",null,126.21,128.77000000000001,"Sinapi 96697"]
["96698","LUVA, PPR, DN 25 MM, CLASSE PN 25, INSTALADO EM PRUMADA DE ÁGUA \u0096 FORNECIMENTO E INSTALAÇÃO . AF_06/2015","UN","2,72","2,84",null,2.72,2.84,"Sinapi 96698"]
["96699","CONECTOR MACHO, PPR, 25 X 1/2'', CLASSE PN 25, INSTALADO EM PRUMADA DE ÁGUA   FORNECIMENTO E INSTALAÇÃO . AF_06/2015","UN","12,87","12,99",null,12.87,12.99,"Sinapi 96699"]
["96700","CONECTOR FÊMEA, PPR, 25 X 1/2'', CLASSE PN 25, INSTALADO EM PRUMADA DE ÁGUA   FORNECIMENTO E INSTALAÇÃO . AF_06/2015","UN","9,24","9,36",null,9.24,9.36,"Sinapi 96700"]
["96701","LUVA, PPR, DN 32 MM, CLASSE PN 25, INSTALADO EM PRUMADA DE ÁGUA \u0096 FORNECIMENTO E INSTALAÇÃO. AF_06/2015","UN","3,73","3,90",null,3.73,3.9,"Sinapi 96701"]
["96702","BUCHA DE REDUÇÃO, PPR, 32 X 25, CLASSE PN 25, INSTALADO EM PRUMADA DE ÁGUA \u0096 FORNECIMENTO E INSTALAÇÃO . AF_06/2015","UN","3,91","4,08",null,3.91,4.08,"Sinapi 96702"]
["96703","LUVA, PPR, DN 40 MM, CLASSE PN 25, INSTALADO EM PRUMADA DE ÁGUA \u0096 FORNECIMENTO E INSTALAÇÃO. AF_06/2015","UN","7,73","7,98",null,7.73,7.98,"Sinapi 96703"]
["96704","BUCHA DE REDUÇÃO, PPR, 40 X 25, CLASSE PN 25, INSTALADO EM PRUMADA DE ÁGUA \u0096 FORNECIMENTO E INSTALAÇÃO . AF_06/2015","UN","8,92","9,17",null,8.92,9.17,"Sinapi 96704"]
["96705","LUVA, PPR, DN 50 MM, CLASSE PN 25, INSTALADO EM PRUMADA DE ÁGUA \u0096 FORNECIMENTO E INSTALAÇÃO. AF_06/2015","UN","11,65","12,03",null,11.65,12.03,"Sinapi 96705"]
["96706","LUVA, PPR, DN 63 MM, CLASSE PN 25, INSTALADO EM PRUMADA DE ÁGUA \u0096 FORNECIMENTO E INSTALAÇÃO. AF_06/2015","UN","17,51","18,09",null,17.510000000000002,18.09,"Sinapi 96706"]
["96707","LUVA, PPR, DN 75 MM, CLASSE PN 25, INSTALADO EM PRUMADA DE ÁGUA \u0096 FORNECIMENTO E INSTALAÇÃO. AF_06/2015","UN","36,05","36,87",null,36.049999999999997,36.869999999999997,"Sinapi 96707"]
["96708","LUVA, PPR, DN 90 MM, CLASSE PN 25, INSTALADO EM PRUMADA DE ÁGUA \u0096 FORNECIMENTO E INSTALAÇÃO. AF_06/2015","UN","56,79","57,94",null,56.79,57.94,"Sinapi 96708"]
["96709","LUVA, PPR, DN 110 MM, CLASSE PN 25, INSTALADO EM PRUMADA DE ÁGUA \u0096 FORNECIMENTO E INSTALAÇÃO. AF_06/2015","UN","89,62","91,33",null,89.62,91.33,"Sinapi 96709"]
["96710","TÊ NORMAL, PPR, DN 25 MM, CLASSE PN 25, INSTALADO EM PRUMADA DE ÁGUA \u0096 FORNECIMENTO E INSTALAÇÃO . AF_06/2015","UN","4,71","4,96",null,4.71,4.96,"Sinapi 96710"]
["96711","TÊ NORMAL, PPR, DN 32 MM, CLASSE PN 25, INSTALADO EM PRUMADA DE ÁGUA \u0096 FORNECIMENTO E INSTALAÇÃO . AF_06/2015","UN","7,31","7,66",null,7.31,7.66,"Sinapi 96711"]
["96712","TÊ NORMAL, PPR, DN 40 MM, CLASSE PN 25, INSTALADO EM PRUMADA DE ÁGUA \u0096 FORNECIMENTO E INSTALAÇÃO . AF_06/2015","UN","13,89","14,40",null,13.89,14.4,"Sinapi 96712"]
["96713","TÊ NORMAL, PPR, DN 50 MM, CLASSE PN 25, INSTALADO EM PRUMADA DE ÁGUA \u0096 FORNECIMENTO E INSTALAÇÃO . AF_06/2015","UN","19,33","20,09",null,19.329999999999998,20.09,"Sinapi 96713"]
["96714","TÊ NORMAL, PPR, DN 63 MM, CLASSE PN 25, INSTALADO EM PRUMADA DE ÁGUA \u0096 FORNECIMENTO E INSTALAÇÃO . AF_06/2015","UN","32,52","33,68",null,32.520000000000003,33.68,"Sinapi 96714"]
["96715","TÊ NORMAL, PPR, DN 75 MM, CLASSE PN 25, INSTALADO EM PRUMADA DE ÁGUA \u0096 FORNECIMENTO E INSTALAÇÃO . AF_06/2015","UN","60,61","62,24",null,60.61,62.24,"Sinapi 96715"]
["96716","TÊ NORMAL, PPR, DN 90 MM, CLASSE PN 25, INSTALADO EM PRUMADA DE ÁGUA \u0096 FORNECIMENTO E INSTALAÇÃO . AF_06/2015","UN","90,93","93,24",null,90.93,93.24,"Sinapi 96716"]
["96717","TÊ NORMAL, PPR, DN 110 MM, CLASSE PN 25, INSTALADO EM PRUMADA DE ÁGUA \u0096 FORNECIMENTO E INSTALAÇÃO . AF_06/2015","UN","143,00","146,42",null,143,146.41999999999999,"Sinapi 96717"]
["96736","LUVA, PPR, DN 20 MM, CLASSE PN 25, INSTALADO EM RESERVAÇÃO DE ÁGUA DE EDIFICAÇÃO QUE POSSUA RESERVATÓRIO DE FIBRA/FIBROCIMENTO \u0096 FORNECIMENTO E INSTALAÇÃO. AF_06/2016","UN","4,11","4,45",null,4.1100000000000003,4.45,"Sinapi 96736"]
["96737","LUVA, PPR, DN 25 MM, CLASSE PN 25, INSTALADO EM RESERVAÇÃO DE ÁGUA DE EDIFICAÇÃO QUE POSSUA RESERVATÓRIO DE FIBRA/FIBROCIMENTO \u0096 FORNECIMENTO E INSTALAÇÃO. AF_06/2016","UN","4,67","5,01",null,4.67,5.01,"Sinapi 96737"]
["96738","CONECTOR MACHO, PPR, 25 X 1/2'', CLASSE PN 25,  INSTALADO EM RESERVAÇÃO DE ÁGUA DE EDIFICAÇÃO QUE POSSUA RESERVATÓRIO DE FIBRA/FIBROCIMENTO   FORNECIMENTO E INSTALAÇÃO. AF_06/2016","UN","14,82","15,16",null,14.82,15.16,"Sinapi 96738"]
["96739","LUVA, PPR, DN 32 MM, CLASSE PN 25, INSTALADO EM RESERVAÇÃO DE ÁGUA DE EDIFICAÇÃO QUE POSSUA RESERVATÓRIO DE FIBRA/FIBROCIMENTO \u0096 FORNECIMENTO E INSTALAÇÃO. AF_06/2016","UN","6,02","6,46",null,6.02,6.46,"Sinapi 96739"]
["96740","CONECTOR MACHO, PPR, 32 X 3/4'', CLASSE PN 25,  INSTALADO EM RESERVAÇÃO DE ÁGUA DE EDIFICAÇÃO QUE POSSUA RESERVATÓRIO DE FIBRA/FIBROCIMENTO   FORNECIMENTO E INSTALAÇÃO. AF_06/2016","UN","22,95","23,39",null,22.95,23.39,"Sinapi 96740"]
["96741","LUVA, PPR, DN 40 MM, CLASSE PN 25, INSTALADO EM RESERVAÇÃO DE ÁGUA DE EDIFICAÇÃO QUE POSSUA RESERVATÓRIO DE FIBRA/FIBROCIMENTO \u0096 FORNECIMENTO E INSTALAÇÃO. AF_06/2016","UN","9,32","9,76",null,9.32,9.76,"Sinapi 96741"]
["96742","LUVA, PPR, DN 50 MM, CLASSE PN 25, INSTALADO EM RESERVAÇÃO DE ÁGUA DE EDIFICAÇÃO QUE POSSUA RESERVATÓRIO DE FIBRA/FIBROCIMENTO \u0096 FORNECIMENTO E INSTALAÇÃO. AF_06/2016","UN","14,16","14,82",null,14.16,14.82,"Sinapi 96742"]
["96743","LUVA, PPR, DN 63 MM, CLASSE PN 25, INSTALADO EM RESERVAÇÃO DE ÁGUA DE EDIFICAÇÃO QUE POSSUA RESERVATÓRIO DE FIBRA/FIBROCIMENTO \u0096 FORNECIMENTO E INSTALAÇÃO. AF_06/2016","UN","18,18","18,84",null,18.18,18.84,"Sinapi 96743"]
["96744","LUVA, PPR, DN 75 MM, CLASSE PN 25, INSTALADO EM RESERVAÇÃO DE ÁGUA DE EDIFICAÇÃO QUE POSSUA RESERVATÓRIO DE FIBRA/FIBROCIMENTO \u0096 FORNECIMENTO E INSTALAÇÃO. AF_06/2016","UN","38,54","39,63",null,38.54,39.630000000000003,"Sinapi 96744"]
["96745","LUVA, PPR, DN 90 MM, CLASSE PN 25, INSTALADO EM RESERVAÇÃO DE ÁGUA DE EDIFICAÇÃO QUE POSSUA RESERVATÓRIO DE FIBRA/FIBROCIMENTO \u0096 FORNECIMENTO E INSTALAÇÃO. AF_06/2016","UN","56,19","57,28",null,56.19,57.28,"Sinapi 96745"]
["96746","LUVA, PPR, DN 110 MM, CLASSE PN 25, INSTALADO EM RESERVAÇÃO DE ÁGUA DE EDIFICAÇÃO QUE POSSUA RESERVATÓRIO DE FIBRA/FIBROCIMENTO \u0096 FORNECIMENTO E INSTALAÇÃO. AF_06/2016","UN","89,59","91,29",null,89.59,91.29,"Sinapi 96746"]
["96747","JOELHO 90 GRAUS, PPR, DN 20 MM, CLASSE PN 25,  INSTALADO EM RESERVAÇÃO DE ÁGUA DE EDIFICAÇÃO QUE POSSUA RESERVATÓRIO DE FIBRA/FIBROCIMENTO \u0096 FORNECIMENTO E INSTALAÇÃO. AF_06/2016","UN","5,84","6,35",null,5.84,6.35,"Sinapi 96747"]
["96748","JOELHO 90 GRAUS, PPR, DN 25 MM, CLASSE PN 25,  INSTALADO EM RESERVAÇÃO DE ÁGUA DE EDIFICAÇÃO QUE POSSUA RESERVATÓRIO DE FIBRA/FIBROCIMENTO \u0096 FORNECIMENTO E INSTALAÇÃO. AF_06/2016","UN","6,54","7,05",null,6.54,7.05,"Sinapi 96748"]
["96749","JOELHO 90 GRAUS, PPR, DN 32 MM, CLASSE PN 25,  INSTALADO EM RESERVAÇÃO DE ÁGUA DE EDIFICAÇÃO QUE POSSUA RESERVATÓRIO DE FIBRA/FIBROCIMENTO \u0096 FORNECIMENTO E INSTALAÇÃO. AF_06/2016","UN","8,86","9,51",null,8.86,9.51,"Sinapi 96749"]
["96750","JOELHO 90 GRAUS, PPR, DN 40 MM, CLASSE PN 25,  INSTALADO EM RESERVAÇÃO DE ÁGUA DE EDIFICAÇÃO QUE POSSUA RESERVATÓRIO DE FIBRA/FIBROCIMENTO \u0096 FORNECIMENTO E INSTALAÇÃO. AF_06/2016","UN","11,58","12,23",null,11.58,12.23,"Sinapi 96750"]
["96751","JOELHO 90 GRAUS, PPR, DN 50 MM, CLASSE PN 25,  INSTALADO EM RESERVAÇÃO DE ÁGUA DE EDIFICAÇÃO QUE POSSUA RESERVATÓRIO DE FIBRA/FIBROCIMENTO \u0096 FORNECIMENTO E INSTALAÇÃO. AF_06/2016","UN","20,76","21,75",null,20.76,21.75,"Sinapi 96751"]
["96752","JOELHO 90 GRAUS, PPR, DN 63 MM, CLASSE PN 25,  INSTALADO EM RESERVAÇÃO DE ÁGUA DE EDIFICAÇÃO QUE POSSUA RESERVATÓRIO DE FIBRA/FIBROCIMENTO \u0096 FORNECIMENTO E INSTALAÇÃO. AF_06/2016","UN","26,72","27,71",null,26.72,27.71,"Sinapi 96752"]
["96753","JOELHO 90 GRAUS, PPR, DN 75 MM, CLASSE PN 25,  INSTALADO EM RESERVAÇÃO DE ÁGUA DE EDIFICAÇÃO QUE POSSUA RESERVATÓRIO DE FIBRA/FIBROCIMENTO \u0096 FORNECIMENTO E INSTALAÇÃO. AF_06/2016","UN","59,80","61,44",null,59.8,61.44,"Sinapi 96753"]
["96754","JOELHO 90 GRAUS, PPR, DN 90 MM, CLASSE PN 25,  INSTALADO EM RESERVAÇÃO DE ÁGUA DE EDIFICAÇÃO QUE POSSUA RESERVATÓRIO DE FIBRA/FIBROCIMENTO \u0096 FORNECIMENTO E INSTALAÇÃO. AF_06/2016","UN","83,45","85,09",null,83.45,85.09,"Sinapi 96754"]
["96755","JOELHO 90 GRAUS, PPR, DN 110 MM, CLASSE PN 25,  INSTALADO EM RESERVAÇÃO DE ÁGUA DE EDIFICAÇÃO QUE POSSUA RESERVATÓRIO DE FIBRA/FIBROCIMENTO \u0096 FORNECIMENTO E INSTALAÇÃO. AF_06/2016","UN","126,17","128,73",null,126.17,128.72999999999999,"Sinapi 96755"]
["96756","TÊ MISTURADOR, PPR, DN 20 MM, CLASSE PN 25,  INSTALADO EM RESERVAÇÃO DE ÁGUA DE EDIFICAÇÃO QUE POSSUA RESERVATÓRIO DE FIBRA/FIBROCIMENTO \u0096 FORNECIMENTO E INSTALAÇÃO. AF_06/2016","UN","10,42","11,10",null,10.42,11.1,"Sinapi 96756"]
["96757","TÊ MISTURADOR, PPR, DN 25 MM, CLASSE PN 25,  INSTALADO EM RESERVAÇÃO DE ÁGUA DE EDIFICAÇÃO QUE POSSUA RESERVATÓRIO DE FIBRA/FIBROCIMENTO \u0096 FORNECIMENTO E INSTALAÇÃO. AF_06/2016","UN","10,05","10,73",null,10.050000000000001,10.73,"Sinapi 96757"]
["96758","TÊ, PPR, DN 32 MM, CLASSE PN 25,  INSTALADO EM RESERVAÇÃO DE ÁGUA DE EDIFICAÇÃO QUE POSSUA RESERVATÓRIO DE FIBRA/FIBROCIMENTO \u0096 FORNECIMENTO E INSTALAÇÃO. AF_06/2016","UN","11,91","12,78",null,11.91,12.78,"Sinapi 96758"]
["96759","TÊ, PPR, DN 40 MM, CLASSE PN 25,  INSTALADO EM RESERVAÇÃO DE ÁGUA DE EDIFICAÇÃO QUE POSSUA RESERVATÓRIO DE FIBRA/FIBROCIMENTO \u0096 FORNECIMENTO E INSTALAÇÃO. AF_06/2016","UN","17,08","17,95",null,17.079999999999998,17.95,"Sinapi 96759"]
["96760","TÊ, PPR, DN 50 MM, CLASSE PN 25,  INSTALADO EM RESERVAÇÃO DE ÁGUA DE EDIFICAÇÃO QUE POSSUA RESERVATÓRIO DE FIBRA/FIBROCIMENTO \u0096 FORNECIMENTO E INSTALAÇÃO. AF_06/2016","UN","24,32","25,64",null,24.32,25.64,"Sinapi 96760"]
["96761","TÊ, PPR, DN 63 MM, CLASSE PN 25,  INSTALADO EM RESERVAÇÃO DE ÁGUA DE EDIFICAÇÃO QUE POSSUA RESERVATÓRIO DE FIBRA/FIBROCIMENTO \u0096 FORNECIMENTO E INSTALAÇÃO. AF_06/2016","UN","33,86","35,18",null,33.86,35.18,"Sinapi 96761"]
["96762","TÊ, PPR, DN 75 MM, CLASSE PN 25,  INSTALADO EM RESERVAÇÃO DE ÁGUA DE EDIFICAÇÃO QUE POSSUA RESERVATÓRIO DE FIBRA/FIBROCIMENTO \u0096 FORNECIMENTO E INSTALAÇÃO. AF_06/2016","UN","65,53","67,71",null,65.53,67.709999999999994,"Sinapi 96762"]
["96763","TÊ, PPR, DN 90 MM, CLASSE PN 25,  INSTALADO EM RESERVAÇÃO DE ÁGUA DE EDIFICAÇÃO QUE POSSUA RESERVATÓRIO DE FIBRA/FIBROCIMENTO \u0096 FORNECIMENTO E INSTALAÇÃO. AF_06/2016","UN","89,68","91,86",null,89.68,91.86,"Sinapi 96763"]
["96764","TÊ, PPR, DN 110 MM, CLASSE PN 25,  INSTALADO EM RESERVAÇÃO DE ÁGUA DE EDIFICAÇÃO QUE POSSUA RESERVATÓRIO DE FIBRA/FIBROCIMENTO \u0096 FORNECIMENTO E INSTALAÇÃO. AF_06/2016","UN","142,93","146,34",null,142.93,146.34,"Sinapi 96764"]
["96802","KIT CHASSI PEX, PRÉ-FABRICADO, PARA CHUVEIRO COM REGISTROS DE PRESSÃO E CONEXÕES POR CRIMPAGEM \u0096 FORNECIMENTO E INSTALAÇÃO. AF_06/2015","UN","194,49","195,63",null,194.49,195.63,"Sinapi 96802"]
["96803","KIT CHASSI PEX, PRÉ-FABRICADO, PARA COZINHA COM CUBA SIMPLES E CONEXÕES POR CRIMPAGEM \u0096 FORNECIMENTO E INSTALAÇÃO. AF_06/2015","UN","100,11","101,03",null,100.11,101.03,"Sinapi 96803"]
["96804","KIT CHASSI PEX, PRÉ-FABRICADO, PARA ÁREA DE SERVIÇO COM TANQUE E MÁQUINA DE LAVAR ROUPA, E CONEXÕES POR CRIMPAGEM \u0096 FORNECIMENTO E INSTALAÇÃO. AF_06/2015","UN","179,79","182,40",null,179.79,182.4,"Sinapi 96804"]
["96805","KIT CHASSI PEX, PRÉ-FABRICADO, PARA CHUVEIRO COM REGISTROS DE PRESSÃO E CONEXÕES POR ANEL DESLIZANTE \u0096 FORNECIMENTO E INSTALAÇÃO. AF_06/2015","UN","201,26","203,10",null,201.26,203.1,"Sinapi 96805"]
["96806","KIT CHASSI PEX, PRÉ-FABRICADO, PARA COZINHA COM CUBA SIMPLES E CONEXÕES POR ANEL DESLIZANTE \u0096 FORNECIMENTO E INSTALAÇÃO. AF_06/2015","UN","98,15","99,79",null,98.15,99.79,"Sinapi 96806"]
["96807","KIT CHASSI PEX, PRÉ-FABRICADO, PARA ÁREA DE SERVIÇO COM TANQUE E MÁQUINA DE LAVAR ROUPA, E CONEXÕES POR ANEL DESLIZANTE \u0096 FORNECIMENTO E INSTALAÇÃO. AF_06/2015","UN","164,06","167,37",null,164.06,167.37,"Sinapi 96807"]
["96808","UNIÃO METÁLICA PARA INSTALAÇÕES EM PEX, DN 16 MM, FIXAÇÃO DAS CONEXÕES POR ANEL DESLIZANTE \u0096 FORNECIMENTO E INSTALAÇÃO . AF_06/2015","UN","9,41","9,83",null,9.41,9.83,"Sinapi 96808"]
["96809","CONEXÃO FIXA, ROSCA FÊMEA, METÁLICA, PARA INSTALAÇÕES EM PEX, DN 16 MM X 1/2\", COM ANEL DESLIZANTE. FORNECIMENTO E INSTALAÇÃO. AF_06/2015","UN","10,72","11,14",null,10.72,11.14,"Sinapi 96809"]
["96810","CONEXÃO MÓVEL, ROSCA FÊMEA, METÁLICA, PARA INSTALAÇÕES EM PEX, DN 16 MM X 3/4\", COM ANEL DESLIZANTE. FORNECIMENTO E INSTALAÇÃO. AF_06/2015","UN","11,60","12,02",null,11.6,12.02,"Sinapi 96810"]
["96811","UNIÃO METÁLICA PARA INSTALAÇÕES EM PEX, DN 20 MM, FIXAÇÃO DAS CONEXÕES POR ANEL DESLIZANTE \u0096 FORNECIMENTO E INSTALAÇÃO . AF_06/2015","UN","12,51","13,01",null,{"$f":"IF(D4232=\"\",\"\",D4232+0)","v":12.51},{"$f":"IF(E4232=\"\",\"\",E4232+0)","v":13.01},{"$f":"IF(OR(G4232=\"\",H4232=\"\"),\"\",CONCATENATE(\"Sinapi \",A4232))","v":"Sinapi 96811"}]
["96812","CONEXÃO FIXA, ROSCA FÊMEA, METÁLICA, PARA INSTALAÇÕES EM PEX, DN 20 MM X 1/2\", COM ANEL DESLIZANTE. FORNECIMENTO E INSTALAÇÃO. AF_06/2015","UN","12,04","12,54",null,12.04,12.54,"Sinapi 96812"]
["96813","CONEXÃO FIXA, ROSCA FÊMEA, METÁLICA, PARA INSTALAÇÕES EM PEX, DN 20 MM X 3/4\", COM ANEL DESLIZANTE. FORNECIMENTO E INSTALAÇÃO. AF_06/2015","UN","13,80","14,30",null,13.8,14.3,"Sinapi 96813"]
["96814","UNIÃO DE REDUÇÃO, METÁLICA, PARA INSTALAÇÕES EM PEX, DN 20 X 16 MM, CONEXÃO POR ANEL DESLIZANTE \u0096 FORNECIMENTO E INSTALAÇÃO. AF_06/2015","UN","11,74","12,24",null,11.74,12.24,"Sinapi 96814"]
["96815","UNIÃO METÁLICA PARA INSTALAÇÕES EM PEX, DN 25 MM, FIXAÇÃO DAS CONEXÕES POR ANEL DESLIZANTE   FORNECIMENTO E INSTALAÇÃO. AF_06/2015","UN","19,54","20,15",null,19.54,20.149999999999999,"Sinapi 96815"]
["96816","CONEXÃO FIXA, ROSCA FÊMEA, METÁLICA, PARA INSTALAÇÕES EM PEX, DN 25 MM X 3/4\", COM ANEL DESLIZANTE. FORNECIMENTO E INSTALAÇÃO. AF_06/2015","UN","16,19","16,80",null,16.190000000000001,16.8,"Sinapi 96816"]
["96817","CONEXÃO FIXA, ROSCA FÊMEA, METÁLICA, PARA INSTALAÇÕES EM PEX, DN 25 MM X 1\", COM ANEL DESLIZANTE. FORNECIMENTO E INSTALAÇÃO. AF_06/2015","UN","18,33","18,94",null,18.329999999999998,18.940000000000001,"Sinapi 96817"]
["96818","UNIÃO DE REDUÇÃO, METÁLICA, PEX, DN 25 X 16 MM, CONEXÃO POR ANEL DESLIZANTE \u0096 FORNECIMENTO E INSTALAÇÃO. AF_06/2015","UN","17,11","17,72",null,17.11,17.72,"Sinapi 96818"]
["96819","UNIÃO DE REDUÇÃO, METÁLICA, PEX, DN 25 X 20 MM, CONEXÃO POR ANEL DESLIZANTE \u0096 FORNECIMENTO E INSTALAÇÃO. AF_06/2015","UN","17,11","17,72",null,17.11,17.72,"Sinapi 96819"]
["96820","UNIÃO METÁLICA PARA INSTALAÇÕES EM PEX, DN 32 MM, FIXAÇÃO DAS CONEXÕES POR ANEL DESLIZANTE   FORNECIMENTO E INSTALAÇÃO. AF_06/2015","UN","30,74","31,48",null,30.74,31.48,"Sinapi 96820"]
["96821","CONEXÃO FIXA, ROSCA FÊMEA, METÁLICA, PARA INSTALAÇÕES EM PEX, DN 32 MM X 1\", COM ANEL DESLIZANTE \u0096 FORNECIMENTO E INSTALAÇÃO. AF_06/2015","UN","26,31","27,05",null,26.31,27.05,"Sinapi 96821"]
["96822","UNIÃO DE REDUÇÃO, METÁLICA, PEX, DN 32 X 25 MM, CONEXÃO POR ANEL DESLIZANTE \u0096 FORNECIMENTO E INSTALAÇÃO. AF_06/2015","UN","26,65","27,39",null,26.65,27.39,"Sinapi 96822"]
["96823","LUVA PARA INSTALAÇÕES EM PEX, DN 16 MM, CONEXÃO POR CRIMPAGEM \u0096 FORNECIMENTO E INSTALAÇÃO . AF_06/2015","UN","11,01","11,33",null,11.01,11.33,"Sinapi 96823"]
["96824","CONEXÃO FIXA, ROSCA FÊMEA, PARA INSTALAÇÕES EM PEX, DN 16MM X 1/2\", CONEXÃO POR CRIMPAGEM \u0096 FORNECIMENTO E INSTALAÇÃO. AF_06/2015","UN","12,38","12,70",null,12.38,12.7,"Sinapi 96824"]
["96825","CONEXÃO FIXA, ROSCA FÊMEA, PARA INSTALAÇÕES EM PEX, DN 16MM X 3/4\", CONEXÃO POR CRIMPAGEM \u0096 FORNECIMENTO E INSTALAÇÃO. AF_06/2015","UN","16,64","16,96",null,16.64,16.96,"Sinapi 96825"]
["96826","LUVA PARA INSTALAÇÕES EM PEX, DN 20 MM, CONEXÃO POR CRIMPAGEM   FORNECIMENTO E INSTALAÇÃO. AF_06/2015","UN","15,20","15,58",null,15.2,15.58,"Sinapi 96826"]
["96827","CONEXÃO FIXA, ROSCA FÊMEA, PARA INSTALAÇÕES EM PEX, DN 20MM X 1/2\", CONEXÃO POR CRIMPAGEM \u0096 FORNECIMENTO E INSTALAÇÃO. AF_06/2015","UN","15,76","16,14",null,15.76,16.14,"Sinapi 96827"]
["96828","CONEXÃO FIXA, ROSCA FÊMEA, PARA INSTALAÇÕES EM PEX, DN 20MM X 3/4\", CONEXÃO POR CRIMPAGEM \u0096 FORNECIMENTO E INSTALAÇÃO. AF_06/2015","UN","19,67","20,05",null,19.670000000000002,20.05,"Sinapi 96828"]
["96829","LUVA DE REDUÇÃO PARA INSTALAÇÕES EM PEX, DN 20 X 16 MM, CONEXÃO POR CRIMPAGEM \u0096 FORNECIMENTO E INSTALAÇÃO. AF_06/2015","UN","15,18","15,56",null,15.18,15.56,"Sinapi 96829"]
["96830","LUVA PARA INSTALAÇÕES EM PEX, DN 25 MM, CONEXÃO POR CRIMPAGEM   FORNECIMENTO E INSTALAÇÃO. AF_06/2015","UN","21,94","22,41",null,21.94,22.41,"Sinapi 96830"]
["96831","CONEXÃO FIXA, ROSCA FÊMEA, PARA INSTALAÇÕES EM PEX, DN 25MM X 1/2\", CONEXÃO POR CRIMPAGEM \u0096 FORNECIMENTO E INSTALAÇÃO. AF_06/2015","UN","17,99","18,46",null,17.989999999999998,18.46,"Sinapi 96831"]
["96832","CONEXÃO FIXA, ROSCA FÊMEA, PARA INSTALAÇÕES EM PEX, DN 25MM X 3/4\", CONEXÃO POR CRIMPAGEM \u0096 FORNECIMENTO E INSTALAÇÃO. AF_06/2015","UN","20,71","21,18",null,20.71,21.18,"Sinapi 96832"]
["96833","LUVA DE REDUÇÃO PARA INSTALAÇÕES EM PEX, DN 25 X 16 MM, CONEXÃO POR CRIMPAGEM \u0096 FORNECIMENTO E INSTALAÇÃO. AF_06/2015","UN","19,43","19,90",null,19.43,19.899999999999999,"Sinapi 96833"]
["96834","LUVA PARA INSTALAÇÕES EM PEX, DN 32 MM, CONEXÃO POR CRIMPAGEM \u0096 FORNECIMENTO E INSTALAÇÃO . AF_06/2015","UN","31,87","32,43",null,31.87,32.43,"Sinapi 96834"]
["96835","CONEXÃO FIXA, ROSCA FÊMEA, PARA INSTALAÇÕES EM PEX, DN 32 MM X 3/4\", CONEXÃO POR CRIMPAGEM \u0096 FORNECIMENTO E INSTALAÇÃO. AF_06/2015","UN","27,64","28,20",null,27.64,28.2,"Sinapi 96835"]
["96836","LUVA DE REDUÇÃO PARA INSTALAÇÕES EM PEX, DN 32 X 25 MM, CONEXÃO POR CRIMPAGEM \u0096 FORNECIMENTO E INSTALAÇÃO. AF_06/2015","UN","29,40","29,96",null,29.4,29.96,"Sinapi 96836"]
["96837","JOELHO 90 GRAUS, METÁLICO, PARA INSTALAÇÕES EM PEX, DN 16 MM, CONEXÃO POR ANEL DESLIZANTE   FORNECIMENTO E INSTALAÇÃO. AF_06/2015","UN","16,31","16,95",null,16.309999999999999,16.95,"Sinapi 96837"]
["96838","JOELHO 90 GRAUS, ROSCA FÊMEA TERMINAL, METÁLICO, PARA INSTALAÇÕES EM PEX, DN 16MM X 1/2\", CONEXÃO POR ANEL DESLIZANTE \u0096 FORNECIMENTO E INSTALAÇÃO. AF_06/2015","UN","15,05","15,69",null,15.05,15.69,"Sinapi 96838"]
["96839","JOELHO, ROSCA FÊMEA, COM BASE FIXA, METÁLICO, PARA INSTALAÇÕES EM PEX, DN 16MM X 1/2\", CONEXÃO POR ANEL DESLIZANTE \u0096 FORNECIMENTO E INSTALAÇÃO. AF_06/2015","UN","14,83","15,47",null,14.83,15.47,"Sinapi 96839"]
["96840","JOELHO 90 GRAUS, METÁLICO, PARA INSTALAÇÕES EM PEX, DN 20 MM, CONEXÃO POR ANEL DESLIZANTE \u0096 FORNECIMENTO E INSTALAÇÃO . AF_06/2015","UN","19,07","19,83",null,19.07,19.829999999999998,"Sinapi 96840"]
["96841","JOELHO 90 GRAUS, ROSCA FÊMEA TERMINAL, METÁLICO, PARA INSTALAÇÕES EM PEX, DN 20 MM X 1/2\", CONEXÃO POR ANEL DESLIZANTE \u0096 FORNECIMENTO E INSTALAÇÃO. AF_06/2015","UN","16,80","17,56",null,16.8,17.559999999999999,"Sinapi 96841"]
["96842","JOELHO 90 GRAUS, ROSCA FÊMEA TERMINAL, METÁLICO, PARA INSTALAÇÕES EM PEX, DN 20 MM X 3/4\", CONEXÃO POR ANEL DESLIZANTE \u0096 FORNECIMENTO E INSTALAÇÃO. AF_06/2015","UN","21,15","21,91",null,21.15,21.91,"Sinapi 96842"]
["96843","JOELHO ROSCA FÊMEA, COM BASE FIXA, METÁLICO, PARA INSTALAÇÕES EM PEX, DN 20MM X 1/2\", CONEXÃO POR ANEL DESLIZANTE \u0096 FORNECIMENTO E INSTALAÇÃO. AF_06/2015","UN","20,37","21,13",null,20.37,21.13,"Sinapi 96843"]
["96844","JOELHO ROSCA FÊMEA, MÓVEL, METÁLICO, PARA INSTALAÇÕES EM PEX, DN 20MM X 3/4\", CONEXÃO POR ANEL DESLIZANTE \u0096 FORNECIMENTO E INSTALAÇÃO. AF_06/2015","UN","27,47","28,23",null,27.47,28.23,"Sinapi 96844"]
["96845","JOELHO 90 GRAUS, METÁLICO, PARA INSTALAÇÕES EM PEX, DN 25 MM, CONEXÃO POR ANEL DESLIZANTE   FORNECIMENTO E INSTALAÇÃO. AF_06/2015","UN","29,52","30,42",null,29.52,30.42,"Sinapi 96845"]
["96846","JOELHO 90 GRAUS, ROSCA FÊMEA TERMINAL, METÁLICO, PARA INSTALAÇÕES EM PEX, DN 25 MM X 3/4\", CONEXÃO POR ANEL DESLIZANTE \u0096 FORNECIMENTO E INSTALAÇÃO. AF_06/2015","UN","23,45","24,35",null,23.45,24.35,"Sinapi 96846"]
["96847","JOELHO ROSCA FÊMEA, COM BASE FIXA, METÁLICO, PARA INSTALAÇÕES EM PEX, DN 25MM X 3/4\", CONEXÃO POR ANEL DESLIZANTE \u0096 FORNECIMENTO E INSTALAÇÃO. AF_06/2015","UN","25,68","26,58",null,25.68,26.58,"Sinapi 96847"]
["96848","JOELHO 90 GRAUS, METÁLICO, PARA INSTALAÇÕES EM PEX, DN 32 MM, CONEXÃO POR ANEL DESLIZANTE \u0096 FORNECIMENTO E INSTALAÇÃO . AF_06/2015","UN","38,21","39,31",null,38.21,39.31,"Sinapi 96848"]
["96849","JOELHO 90 GRAUS, PARA INSTALAÇÕES EM PEX, DN 16 MM, CONEXÃO POR CRIMPAGEM   FORNECIMENTO E INSTALAÇÃO. AF_06/2015","UN","13,96","14,46",null,13.96,14.46,"Sinapi 96849"]
["96850","JOELHO 90 GRAUS, ROSCA FÊMEA TERMINAL, PARA INSTALAÇÕES EM PEX, DN 16MM X 1/2\", CONEXÃO POR CRIMPAGEM \u0096 FORNECIMENTO E INSTALAÇÃO. AF_06/2015","UN","16,23","16,73",null,16.23,16.73,"Sinapi 96850"]
["96851","JOELHO 90 GRAUS, ROSCA FÊMEA TERMINAL, PARA INSTALAÇÕES EM PEX, DN 16MM X 3/4\", CONEXÃO POR CRIMPAGEM \u0096 FORNECIMENTO E INSTALAÇÃO. AF_06/2015","UN","21,31","21,81",null,21.31,21.81,"Sinapi 96851"]
["96852","JOELHO 90 GRAUS, PARA INSTALAÇÕES EM PEX, DN 20 MM, CONEXÃO POR CRIMPAGEM   FORNECIMENTO E INSTALAÇÃO. AF_06/2015","UN","18,50","19,08",null,18.5,19.079999999999998,"Sinapi 96852"]
["96853","JOELHO 90 GRAUS, ROSCA FÊMEA TERMINAL, PARA INSTALAÇÕES EM PEX, DN 20MM X 1/2\", CONEXÃO POR CRIMPAGEM \u0096 FORNECIMENTO E INSTALAÇÃO. AF_06/2015","UN","20,72","21,30",null,20.72,21.3,"Sinapi 96853"]
["96854","JOELHO 90 GRAUS, ROSCA FÊMEA TERMINAL, PARA INSTALAÇÕES EM PEX, DN 20MM X 3/4\", CONEXÃO POR CRIMPAGEM \u0096 FORNECIMENTO E INSTALAÇÃO. AF_06/2015","UN","24,65","25,23",null,24.65,25.23,"Sinapi 96854"]
["96855","JOELHO 90 GRAUS, PARA INSTALAÇÕES EM PEX, DN 25 MM, CONEXÃO POR CRIMPAGEM   FORNECIMENTO E INSTALAÇÃO. AF_06/2015","UN","22,95","23,64",null,22.95,23.64,"Sinapi 96855"]
["96856","JOELHO 90 GRAUS, ROSCA FÊMEA TERMINAL, PARA INSTALAÇÕES EM PEX, DN 25MM X 1/2\", CONEXÃO POR CRIMPAGEM \u0096 FORNECIMENTO E INSTALAÇÃO. AF_06/2015","UN","23,27","23,96",null,23.27,23.96,"Sinapi 96856"]
["96857","JOELHO 90 GRAUS, ROSCA FÊMEA TERMINAL, PARA INSTALAÇÕES EM PEX, DN 25MM X 1\u0094, CONEXÃO POR CRIMPAGEM \u0096 FORNECIMENTO E INSTALAÇÃO. AF_06/2015","UN","36,56","37,25",null,36.56,37.25,"Sinapi 96857"]
["96858","JOELHO 90 GRAUS, PARA INSTALAÇÕES EM PEX, DN 32 MM, CONEXÃO POR CRIMPAGEM   FORNECIMENTO E INSTALAÇÃO. AF_06/2015","UN","37,15","37,99",null,37.15,37.99,"Sinapi 96858"]
["96859","JOELHO 90 GRAUS, ROSCA FÊMEA TERMINAL, PARA INSTALAÇÕES EM PEX, DN 32 MM X 1\", CONEXÃO POR CRIMPAGEM \u0096 FORNECIMENTO E INSTALAÇÃO. AF_06/2015","UN","45,79","46,63",null,45.79,46.63,"Sinapi 96859"]
["96860","TÊ, METÁLICO, PARA INSTALAÇÕES EM PEX, DN 16 MM, CONEXÃO POR ANEL DESLIZANTE \u0096 FORNECIMENTO E INSTALAÇÃO. AF_06/2015","UN","19,08","19,92",null,19.079999999999998,19.920000000000002,"Sinapi 96860"]
["96861","TÊ, ROSCA FÊMEA, METÁLICO, PARA INSTALAÇÕES EM PEX, DN 16 MM X ½\u0094, CONEXÃO POR ANEL DESLIZANTE   FORNECIMENTO E INSTALAÇÃO. AF_06/2015","UN","20,51","21,35",null,20.51,21.35,"Sinapi 96861"]
["96862","TÊ, METÁLICO, PARA INSTALAÇÕES EM PEX, DN 20 MM, CONEXÃO POR ANEL DESLIZANTE \u0096 FORNECIMENTO E INSTALAÇÃO. AF_06/2015","UN","22,96","23,97",null,22.96,23.97,"Sinapi 96862"]
["96863","TÊ, ROSCA FÊMEA, METÁLICO, PARA INSTALAÇÕES EM PEX, DN 20 MM X ½\u0094, CONEXÃO POR ANEL DESLIZANTE   FORNECIMENTO E INSTALAÇÃO. AF_06/2015","UN","22,72","23,73",null,22.72,23.73,"Sinapi 96863"]
["96864","TÊ, METÁLICO, PARA INSTALAÇÕES EM PEX, DN 25 MM, CONEXÃO POR ANEL DESLIZANTE \u0096 FORNECIMENTO E INSTALAÇÃO. AF_06/2015","UN","35,50","36,71",null,35.5,36.71,"Sinapi 96864"]
["96865","TÊ, ROSCA FÊMEA, METÁLICO, PARA INSTALAÇÕES EM PEX, DN 25 MM X 3/4\", CONEXÃO POR ANEL DESLIZANTE \u0096 FORNECIMENTO E INSTALAÇÃO. AF_06/2015","UN","34,80","36,01",null,34.799999999999997,36.01,"Sinapi 96865"]
["96866","TÊ, METÁLICO, PARA INSTALAÇÕES EM PEX, DN 32 MM, CONEXÃO POR ANEL DESLIZANTE \u0096 FORNECIMENTO E INSTALAÇÃO. AF_06/2015","UN","46,55","48,03",null,46.55,48.03,"Sinapi 96866"]
["96867","TÊ, ROSCA MACHO, METÁLICO, PARA INSTALAÇÕES EM PEX, DN 32 MM X 1\", CONEXÃO POR ANEL DESLIZANTE \u0096 FORNECIMENTO E INSTALAÇÃO. AF_06/2015","UN","53,80","55,28",null,53.8,55.28,"Sinapi 96867"]
["96868","TÊ, PARA INSTALAÇÕES EM PEX, DN 16 MM, CONEXÃO POR CRIMPAGEM \u0096 FORNECIMENTO E INSTALAÇÃO. AF_06/2015","UN","21,52","22,17",null,21.52,22.17,"Sinapi 96868"]
["96869","TÊ, PARA INSTALAÇÕES EM PEX, DN 20 MM, CONEXÃO POR CRIMPAGEM \u0096 FORNECIMENTO E INSTALAÇÃO. AF_06/2015","UN","25,70","26,47",null,25.7,26.47,"Sinapi 96869"]
["96870","TÊ, PEX, DN 25 MM, CONEXÃO POR CRIMPAGEM \u0096 FORNECIMENTO E INSTALAÇÃO. AF_06/2015","UN","40,23","41,16",null,40.229999999999997,41.16,"Sinapi 96870"]
["96871","TÊ, PARA INSTALAÇÕES EM PEX, DN 32 MM, CONEXÃO POR CRIMPAGEM \u0096 FORNECIMENTO E INSTALAÇÃO. AF_06/2015","UN","58,07","59,20",null,58.07,59.2,"Sinapi 96871"]
["96872","DISTRIBUIDOR 2 SAÍDAS, METÁLICO, PARA INSTALAÇÕES EM PEX, ENTRADA DE 3/4\" X 2 SAÍDAS DE 1/2\", CONEXÃO POR ANEL DESLIZANTE \u0096 FORNECIMENTO E INSTALAÇÃO. AF_06/2015","UN","55,52","57,34",null,55.52,57.34,"Sinapi 96872"]
["96873","DISTRIBUIDOR 2 SAÍDAS, METÁLICO, PARA INSTALAÇÕES EM PEX, ENTRADA DE 1\" X 2 SAÍDAS DE 1/2\", CONEXÃO POR ANEL DESLIZANTE \u0096 FORNECIMENTO E INSTALAÇÃO. AF_06/2015","UN","63,51","65,33",null,63.51,65.33,"Sinapi 96873"]
["96874","DISTRIBUIDOR 3 SAÍDAS, METÁLICO, PARA INSTALAÇÕES EM PEX, ENTRADA DE 3/4\" X 3 SAÍDAS DE 1/2\", CONEXÃO POR ANEL DESLIZANTE \u0096 FORNECIMENTO E INSTALAÇÃO . AF_06/2015","UN","67,54","69,93",null,67.540000000000006,69.930000000000007,"Sinapi 96874"]
["96875","DISTRIBUIDOR 3 SAÍDAS, METÁLICO, PARA INSTALAÇÕES EM PEX, ENTRADA DE 1\u0094 X 3 SAÍDAS DE 1/2\u0094, CONEXÃO POR ANEL DESLIZANTE   FORNECIMENTO E INSTALAÇÃO. AF_06/2015","UN","80,40","82,79",null,{"$f":"IF(D4296=\"\",\"\",D4296+0)","v":80.400000000000006},{"$f":"IF(E4296=\"\",\"\",E4296+0)","v":82.79},{"$f":"IF(OR(G4296=\"\",H4296=\"\"),\"\",CONCATENATE(\"Sinapi \",A4296))","v":"Sinapi 96875"}]
["96876","DISTRIBUIDOR 2 SAÍDAS, PARA INSTALAÇÕES EM PEX, ENTRADA DE 32 MM X 2 SAÍDAS DE 16 MM, CONEXÃO POR CRIMPAGEM FORNECIMENTO E INSTALAÇÃO. AF_06/2015","UN","137,69","139,09",null,137.69,139.09,"Sinapi 96876"]
["96877","DISTRIBUIDOR 2 SAÍDAS, PARA INSTALAÇÕES EM PEX, ENTRADA DE 32 MM X 2 SAÍDAS DE 20 MM, CONEXÃO POR CRIMPAGEM \u0096 FORNECIMENTO E INSTALAÇÃO. AF_06/2015","UN","147,03","148,43",null,147.03,148.43,"Sinapi 96877"]
["96878","DISTRIBUIDOR 2 SAÍDAS, PARA INSTALAÇÕES EM PEX, ENTRADA DE 32 MM X 2 SAÍDAS DE 25 MM, CONEXÃO POR CRIMPAGEM \u0096 FORNECIMENTO E INSTALAÇÃO. AF_06/2015","UN","148,78","150,18",null,148.78,150.18,"Sinapi 96878"]
["96879","DISTRIBUIDOR 3 SAÍDAS, PARA INSTALAÇÕES EM PEX, ENTRADA DE 32 MM X 3 SAÍDAS DE 16 MM, CONEXÃO POR CRIMPAGEM \u0096 FORNECIMENTO E INSTALAÇÃO. AF_06/2015","UN","149,89","151,72",null,149.88999999999999,151.72,"Sinapi 96879"]
["96880","DISTRIBUIDOR 3 SAÍDAS, PARA INSTALAÇÕES EM PEX, ENTRADA DE 32 MM X 3 SAÍDAS DE 20 MM, CONEXÃO POR CRIMPAGEM \u0096 FORNECIMENTO E INSTALAÇÃO. AF_06/2015","UN","170,80","172,63",null,170.8,172.63,"Sinapi 96880"]
["96881","DISTRIBUIDOR 3 SAÍDAS, PARA INSTALAÇÕES EM PEX, ENTRADA DE 32 MM X 3 SAÍDAS DE 25 MM, CONEXÃO POR CRIMPAGEM \u0096 FORNECIMENTO E INSTALAÇÃO. AF_06/2015","UN","180,28","182,11",null,180.28,182.11,"Sinapi 96881"]
["97425","FLANGE EM AÇO, DN 15 MM X 1/2'', INSTALADO EM RESERVAÇÃO DE ÁGUA DE EDIFICAÇÃO QUE POSSUA RESERVATÓRIO DE FIBRA/FIBROCIMENTO - FORNECIMENTO E INSTALAÇÃO. AF_06/2016","UN","19,22","20,26",null,19.22,20.260000000000002,"Sinapi 97425"]
["97426","FLANGE EM AÇO, DN 20 MM X 3/4'', INSTALADO EM RESERVAÇÃO DE ÁGUA DE EDIFICAÇÃO QUE POSSUA RESERVATÓRIO DE FIBRA/FIBROCIMENTO - FORNECIMENTO E INSTALAÇÃO. AF_06/2016","UN","22,78","23,82",null,22.78,23.82,"Sinapi 97426"]
["97427","FLANGE EM AÇO, DN 25 MM X 1'', INSTALADO EM RESERVAÇÃO DE ÁGUA DE EDIFICAÇÃO QUE POSSUA RESERVATÓRIO DE FIBRA/FIBROCIMENTO - FORNECIMENTO E INSTALAÇÃO. AF_06/2016","UN","25,48","26,52",null,25.48,26.52,"Sinapi 97427"]
["97428","FLANGE EM AÇO, DN 32 MM X 1 1/4'', INSTALADO EM RESERVAÇÃO DE ÁGUA DE EDIFICAÇÃO QUE POSSUA RESERVATÓRIO DE FIBRA/FIBROCIMENTO - FORNECIMENTO E INSTALAÇÃO. AF_06/2016","UN","31,73","32,77",null,31.73,32.770000000000003,"Sinapi 97428"]
["97429","FLANGE EM AÇO, DN 40 MM X 1 1/2'', INSTALADO EM RESERVAÇÃO DE ÁGUA DE EDIFICAÇÃO QUE POSSUA RESERVATÓRIO DE FIBRA/FIBROCIMENTO - FORNECIMENTO E INSTALAÇÃO. AF_06/2016","UN","37,49","38,53",null,37.49,38.53,"Sinapi 97429"]
["97430","ACOPLAMENTO RÍGIDO EM AÇO, CONEXÃO RANHURADA, DN 50 (2\"), INSTALADO EM PRUMADAS - FORNECIMENTO E INSTALAÇÃO. AF_12/2015","UN","26,45","27,86",null,26.45,27.86,"Sinapi 97430"]
["97431","ACOPLAMENTO RÍGIDO EM AÇO, CONEXÃO RANHURADA, DN 65 (2 1/2\"), INSTALADO EM PRUMADAS - FORNECIMENTO E INSTALAÇÃO. AF_12/2015","UN","29,60","31,22",null,29.6,31.22,"Sinapi 97431"]
["97432","ACOPLAMENTO RÍGIDO EM AÇO, CONEXÃO RANHURADA, DN 80 (3\"), INSTALADO EM PRUMADAS - FORNECIMENTO E INSTALAÇÃO. AF_12/2015","UN","33,42","35,26",null,33.42,35.26,"Sinapi 97432"]
["97433","CURVA 45 GRAUS, EM AÇO, CONEXÃO RANHURADA, DN 50 (2\u0094), INSTALADO EM PRUMADAS - FORNECIMENTO E INSTALAÇÃO. AF_12/2015","UN","58,53","60,64",null,58.53,60.64,"Sinapi 97433"]
["97434","CURVA 90 GRAUS, EM AÇO, CONEXÃO RANHURADA, DN 50 (2\"), INSTALADO EM PRUMADAS - FORNECIMENTO E INSTALAÇÃO. AF_12/2015","UN","59,56","61,67",null,59.56,61.67,"Sinapi 97434"]
["97435","CURVA 45 GRAUS, EM AÇO, CONEXÃO RANHURADA, DN 65 (2 1/2\"), INSTALADO EM PRUMADAS - FORNECIMENTO E INSTALAÇÃO. AF_12/2015","UN","68,41","70,84",null,68.41,70.84,"Sinapi 97435"]
["97436","CURVA 90 GRAUS, EM AÇO, CONEXÃO RANHURADA, DN 65 (2 1/2\u0094), INSTALADO EM PRUMADAS - FORNECIMENTO E INSTALAÇÃO. AF_12/2015","UN","70,39","72,82",null,70.39,72.819999999999993,"Sinapi 97436"]
["97437","CURVA 45 GRAUS, EM AÇO, CONEXÃO RANHURADA, DN 80 (3\"), INSTALADO EM PRUMADAS - FORNECIMENTO E INSTALAÇÃO. AF_12/2015","UN","78,25","81,01",null,78.25,81.010000000000005,"Sinapi 97437"]
["97438","CURVA 90 GRAUS, EM AÇO, CONEXÃO RANHURADA, DN 80 (3\"), INSTALADO EM PRUMADAS - FORNECIMENTO E INSTALAÇÃO. AF_12/2015","UN","80,37","83,13",null,80.37,83.13,"Sinapi 97438"]
["97439","TÊ, EM AÇO, CONEXÃO RANHURADA, DN 50 (2\"), INSTALADO EM PRUMADAS - FORNECIMENTO E INSTALAÇÃO. AF_12/2015","UN","87,91","90,73",null,87.91,90.73,"Sinapi 97439"]
["97440","TÊ, EM AÇO, CONEXÃO RANHURADA, DN 65 (2 1/2\"), INSTALADO EM PRUMADAS - FORNECIMENTO E INSTALAÇÃO. AF_12/2015","UN","105,21","108,45",null,105.21,108.45,"Sinapi 97440"]
["97442","TÊ, EM AÇO, CONEXÃO RANHURADA, DN 80 (3\"), INSTALADO EM PRUMADAS - FORNECIMENTO E INSTALAÇÃO. AF_12/2015","UN","116,29","119,96",null,116.29,119.96,"Sinapi 97442"]
["97443","LUVA, EM AÇO, CONEXÃO SOLDADA, DN 50 (2\"), INSTALADO EM PRUMADAS - FORNECIMENTO E INSTALAÇÃO. AF_12/2015","UN","66,55","69,73",null,66.55,69.73,"Sinapi 97443"]
["97444","LUVA COM REDUÇÃO, EM AÇO, CONEXÃO SOLDADA, DN 50 X 40 MM (2\u0094 X 1 1/2\u0094), INSTALADO EM PRUMADAS - FORNECIMENTO E INSTALAÇÃO. AF_12/2015","UN","77,06","80,24",null,77.06,80.239999999999995,"Sinapi 97444"]
["97446","LUVA, EM AÇO, CONEXÃO SOLDADA, DN 65 (2 1/2\"), INSTALADO EM PRUMADAS - FORNECIMENTO E INSTALAÇÃO. AF_12/2015","UN","128,81","132,32",null,128.81,132.32,"Sinapi 97446"]
["97447","LUVA COM REDUÇÃO, EM AÇO, CONEXÃO SOLDADA, DN 65 X 50 MM (2 1/2\" X 2\"), INSTALADO EM PRUMADAS - FORNECIMENTO E INSTALAÇÃO. AF_12/2015","UN","128,81","132,32",null,128.81,132.32,"Sinapi 97447"]
["97449","LUVA, EM AÇO, CONEXÃO SOLDADA, DN 80 (3\u0094), INSTALADO EM PRUMADAS - FORNECIMENTO E INSTALAÇÃO. AF_12/2015","UN","137,43","141,29",null,137.43,141.29,"Sinapi 97449"]
["97450","LUVA COM REDUÇÃO, EM AÇO, CONEXÃO SOLDADA, DN 80 X 65 MM (3\" X 2 1/2\"), INSTALADO EM PRUMADAS - FORNECIMENTO E INSTALAÇÃO. AF_12/2015","UN","166,06","169,92",null,166.06,169.92,"Sinapi 97450"]
["97452","CURVA 45 GRAUS, EM AÇO, CONEXÃO SOLDADA, DN 50 (2\u0094), INSTALADO EM PRUMADAS - FORNECIMENTO E INSTALAÇÃO. AF_12/2015","UN","108,44","113,21",null,108.44,113.21,"Sinapi 97452"]
["97453","CURVA 90 GRAUS, EM AÇO, CONEXÃO SOLDADA, DN 50 (2\u0094), INSTALADO EM PRUMADAS - FORNECIMENTO E INSTALAÇÃO. AF_12/2015","UN","114,44","119,21",null,114.44,119.21,"Sinapi 97453"]
["97454","CURVA 45 GRAUS, EM AÇO, CONEXÃO SOLDADA, DN 65 (2 1/2\u0094), INSTALADO EM PRUMADAS - FORNECIMENTO E INSTALAÇÃO. AF_12/2015","UN","178,10","183,38",null,178.1,183.38,"Sinapi 97454"]
["97455","CURVA 90 GRAUS, EM AÇO, CONEXÃO SOLDADA, DN 65 (2 1/2\u0094), INSTALADO EM PRUMADAS - FORNECIMENTO E INSTALAÇÃO. AF_12/2015","UN","187,70","192,98",null,187.7,192.98,"Sinapi 97455"]
["97456","CURVA 45 GRAUS, EM AÇO, CONEXÃO SOLDADA, DN 80 (3\u0094), INSTALADO EM PRUMADAS - FORNECIMENTO E INSTALAÇÃO. AF_12/2015","UN","389,36","395,15",null,389.36,395.15,"Sinapi 97456"]
["97457","CURVA 90 GRAUS, EM AÇO, CONEXÃO SOLDADA, DN 80 (3\u0094), INSTALADO EM PRUMADAS - FORNECIMENTO E INSTALAÇÃO. AF_12/2015","UN","346,30","352,09",null,346.3,352.09,"Sinapi 97457"]
["97458","TÊ, EM AÇO, CONEXÃO SOLDADA, DN 50 (2\"), INSTALADO EM PRUMADAS - FORNECIMENTO E INSTALAÇÃO. AF_12/2015","UN","168,71","175,06",null,168.71,175.06,"Sinapi 97458"]
["97459","TÊ, EM AÇO, CONEXÃO SOLDADA, DN 65 (2 1/2\"), INSTALADO EM PRUMADAS - FORNECIMENTO E INSTALAÇÃO. AF_12/2015","UN","280,59","287,62",null,280.58999999999997,287.62,"Sinapi 97459"]
["97460","TÊ, EM AÇO, CONEXÃO SOLDADA, DN 80 (3\"), INSTALADO EM PRUMADAS - FORNECIMENTO E INSTALAÇÃO. AF_12/2015","UN","424,16","431,87",null,424.16,431.87,"Sinapi 97460"]
["97461","LUVA, EM AÇO, CONEXÃO SOLDADA, DN 25 (1\u0094), INSTALADO EM REDE DE ALIMENTAÇÃO PARA HIDRANTE - FORNECIMENTO E INSTALAÇÃO. AF_12/2015","UN","20,83","21,75",null,20.83,21.75,"Sinapi 97461"]
["97462","LUVA COM REDUÇÃO, EM AÇO, CONEXÃO SOLDADA, DN 25 X 20 MM (1\u0094 X 3/4\u0094), INSTALADO EM REDE DE ALIMENTAÇÃO PARA HIDRANTE - FORNECIMENTO E INSTALAÇÃO. AF_12/2015","UN","17,75","18,67",null,17.75,18.670000000000002,"Sinapi 97462"]
["97464","LUVA, EM AÇO, CONEXÃO SOLDADA, DN 32 (1 1/4\u0094), INSTALADO EM REDE DE ALIMENTAÇÃO PARA HIDRANTE - FORNECIMENTO E INSTALAÇÃO. AF_12/2015","UN","29,63","30,82",null,29.63,30.82,"Sinapi 97464"]
["97465","LUVA COM REDUÇÃO, EM AÇO, CONEXÃO SOLDADA, DN 32 X 25 MM (1 1/4\u0094  X 1\u0094), INSTALADO EM REDE DE ALIMENTAÇÃO PARA HIDRANTE - FORNECIMENTO E INSTALAÇÃO. AF_12/2015","UN","34,83","36,02",null,34.83,36.020000000000003,"Sinapi 97465"]
["97467","LUVA, EM AÇO, CONEXÃO SOLDADA, DN 40 (1 1/2\u0094), INSTALADO EM REDE DE ALIMENTAÇÃO PARA HIDRANTE - FORNECIMENTO E INSTALAÇÃO. AF_12/2015","UN","37,55","39,04",null,37.549999999999997,39.04,"Sinapi 97467"]
["97468","LUVA COM REDUÇÃO, EM AÇO, CONEXÃO SOLDADA, DN 40  X 32 MM (1 1/2\u0094 X 1 1/4\u0094), INSTALADO EM REDE DE ALIMENTAÇÃO PARA HIDRANTE - FORNECIMENTO E INSTALAÇÃO. AF_12/2015","UN","44,20","45,69",null,44.2,45.69,"Sinapi 97468"]
["97470","LUVA, EM AÇO, CONEXÃO SOLDADA, DN 50 (2\u0094), INSTALADO EM REDE DE ALIMENTAÇÃO PARA HIDRANTE - FORNECIMENTO E INSTALAÇÃO. AF_12/2015","UN","54,69","56,54",null,54.69,56.54,"Sinapi 97470"]
["97471","LUVA COM REDUÇÃO, EM AÇO, CONEXÃO SOLDADA, DN 50 X 40 MM (2\u0094 X 1 1/2\u0094), INSTALADO EM REDE DE ALIMENTAÇÃO PARA HIDRANTE - FORNECIMENTO E INSTALAÇÃO. AF_12/2015","UN","65,20","67,05",null,65.2,67.05,"Sinapi 97471"]
["97474","LUVA, EM AÇO, CONEXÃO SOLDADA, DN 65 (2 1/2\u0094), INSTALADO EM REDE DE ALIMENTAÇÃO PARA HIDRANTE - FORNECIMENTO E INSTALAÇÃO. AF_12/2015","UN","97,71","100,13",null,97.71,100.13,"Sinapi 97474"]
["97475","LUVA COM REDUÇÃO, EM AÇO, CONEXÃO SOLDADA, DN 65 X 50 MM (2 1/2\u0094 X 2\u0094), INSTALADO EM REDE DE ALIMENTAÇÃO PARA HIDRANTE - FORNECIMENTO E INSTALAÇÃO. AF_12/2015","UN","118,96","121,38",null,118.96,121.38,"Sinapi 97475"]
["97477","LUVA, EM AÇO, CONEXÃO SOLDADA, DN 80 (3\u0094), INSTALADO EM REDE DE ALIMENTAÇÃO PARA HIDRANTE - FORNECIMENTO E INSTALAÇÃO. AF_12/2015","UN","129,61","132,60",null,129.61000000000001,132.6,"Sinapi 97477"]
["97478","LUVA COM REDUÇÃO, EM AÇO, CONEXÃO SOLDADA, DN 80 X 65 MM (3\u0094 X 2 1/2\u0094), INSTALADO EM REDE DE ALIMENTAÇÃO PARA HIDRANTE - FORNECIMENTO E INSTALAÇÃO. AF_12/2015","UN","158,24","161,23",null,158.24,161.22999999999999,"Sinapi 97478"]
["97479","CURVA 45 GRAUS, EM AÇO, CONEXÃO SOLDADA, DN 25 (1\u0094), INSTALADO EM REDE DE ALIMENTAÇÃO PARA HIDRANTE - FORNECIMENTO E INSTALAÇÃO. AF_12/2015","UN","33,34","34,74",null,33.340000000000003,34.74,"Sinapi 97479"]
["97480","CURVA 90 GRAUS, EM AÇO, CONEXÃO SOLDADA, DN 25 (1\u0094), INSTALADO EM REDE DE ALIMENTAÇÃO PARA HIDRANTE - FORNECIMENTO E INSTALAÇÃO. AF_12/2015","UN","33,34","34,74",null,33.340000000000003,34.74,"Sinapi 97480"]
["97481","CURVA 45 GRAUS, EM AÇO, CONEXÃO SOLDADA, DN 32 (1 1/4\u0094), INSTALADO EM REDE DE ALIMENTAÇÃO PARA HIDRANTE - FORNECIMENTO E INSTALAÇÃO. AF_12/2015","UN","47,76","49,55",null,47.76,49.55,"Sinapi 97481"]
["97482","CURVA 90 GRAUS, EM AÇO, CONEXÃO SOLDADA, DN 32 (1 1/4\u0094), INSTALADO EM REDE DE ALIMENTAÇÃO PARA HIDRANTE - FORNECIMENTO E INSTALAÇÃO. AF_12/2015","UN","47,76","49,55",null,47.76,49.55,"Sinapi 97482"]
["97483","CURVA 45 GRAUS, EM AÇO, CONEXÃO SOLDADA, DN 40 (1 1/2\"), INSTALADO EM REDE DE ALIMENTAÇÃO PARA HIDRANTE - FORNECIMENTO E INSTALAÇÃO. AF_12/2015","UN","66,24","68,48",null,66.239999999999995,68.48,"Sinapi 97483"]
["97484","CURVA 90 GRAUS, EM AÇO, CONEXÃO SOLDADA, DN 40 (1 1/2\"), INSTALADO EM REDE DE ALIMENTAÇÃO PARA HIDRANTE - FORNECIMENTO E INSTALAÇÃO. AF_12/2015","UN","66,24","68,48",null,66.239999999999995,68.48,"Sinapi 97484"]
["97485","CURVA 45 GRAUS, EM AÇO, CONEXÃO SOLDADA, DN 50 (2\"), INSTALADO EM REDE DE ALIMENTAÇÃO PARA HIDRANTE - FORNECIMENTO E INSTALAÇÃO. AF_12/2015","UN","90,68","93,47",null,90.68,93.47,"Sinapi 97485"]
["97486","CURVA 90 GRAUS, EM AÇO, CONEXÃO SOLDADA, DN 50 (2\"), INSTALADO EM REDE DE ALIMENTAÇÃO PARA HIDRANTE - FORNECIMENTO E INSTALAÇÃO. AF_12/2015","UN","96,68","99,47",null,96.68,99.47,"Sinapi 97486"]
["97487","CURVA 45 GRAUS, EM AÇO, CONEXÃO SOLDADA, DN 65 (2 1/2\"), INSTALADO EM REDE DE ALIMENTAÇÃO PARA HIDRANTE - FORNECIMENTO E INSTALAÇÃO. AF_12/2015","UN","163,36","167,01",null,163.36000000000001,167.01,"Sinapi 97487"]
["97488","CURVA 90 GRAUS, EM AÇO, CONEXÃO SOLDADA, DN 65 (2 1/2\"), INSTALADO EM REDE DE ALIMENTAÇÃO PARA HIDRANTE - FORNECIMENTO E INSTALAÇÃO. AF_12/2015","UN","172,96","176,61",null,172.96,176.61,"Sinapi 97488"]
["97489","CURVA 45 GRAUS, EM AÇO, CONEXÃO SOLDADA, DN 80 (3\"), INSTALADO EM REDE DE ALIMENTAÇÃO PARA HIDRANTE - FORNECIMENTO E INSTALAÇÃO. AF_12/2015","UN","377,60","382,09",null,377.6,382.09,"Sinapi 97489"]
["97490","CURVA 90 GRAUS, EM AÇO, CONEXÃO SOLDADA, DN 80 (3\"), INSTALADO EM REDE DE ALIMENTAÇÃO PARA HIDRANTE - FORNECIMENTO E INSTALAÇÃO. AF_12/2015","UN","334,54","339,03",null,334.54,339.03,"Sinapi 97490"]
["97491","TÊ, EM AÇO, CONEXÃO SOLDADA, DN 25 (1\"), INSTALADO EM REDE DE ALIMENTAÇÃO PARA HIDRANTE - FORNECIMENTO E INSTALAÇÃO. AF_12/2015","UN","50,79","52,64",null,50.79,52.64,"Sinapi 97491"]
["97492","TÊ, EM AÇO, CONEXÃO SOLDADA, DN 32 (1 1/4\"), INSTALADO EM REDE DE ALIMENTAÇÃO PARA HIDRANTE - FORNECIMENTO E INSTALAÇÃO. AF_12/2015","UN","73,70","76,08",null,{"$f":"IF(D4360=\"\",\"\",D4360+0)","v":73.7},{"$f":"IF(E4360=\"\",\"\",E4360+0)","v":76.08},{"$f":"IF(OR(G4360=\"\",H4360=\"\"),\"\",CONCATENATE(\"Sinapi \",A4360))","v":"Sinapi 97492"}]
["97493","TÊ, EM AÇO, CONEXÃO SOLDADA, DN 40 (1 1/2\"), INSTALADO EM REDE DE ALIMENTAÇÃO PARA HIDRANTE - FORNECIMENTO E INSTALAÇÃO. AF_12/2015","UN","94,82","97,81",null,94.82,97.81,"Sinapi 97493"]
["97494","TÊ, EM AÇO, CONEXÃO SOLDADA, DN 50 (2\"), INSTALADO EM REDE DE ALIMENTAÇÃO PARA HIDRANTE - FORNECIMENTO E INSTALAÇÃO. AF_12/2015","UN","144,98","148,70",null,144.97999999999999,148.69999999999999,"Sinapi 97494"]
["97495","TÊ, EM AÇO, CONEXÃO SOLDADA, DN 65 (2 1/2\"), INSTALADO EM REDE DE ALIMENTAÇÃO PARA HIDRANTE - FORNECIMENTO E INSTALAÇÃO. AF_12/2015","UN","260,89","265,75",null,260.89,265.75,"Sinapi 97495"]
["97496","TÊ, EM AÇO, CONEXÃO SOLDADA, DN 80 (3\"), INSTALADO EM REDE DE ALIMENTAÇÃO PARA HIDRANTE - FORNECIMENTO E INSTALAÇÃO. AF_12/2015","UN","408,51","414,50",null,408.51,414.5,"Sinapi 97496"]
["97499","LUVA, EM AÇO, CONEXÃO SOLDADA, DN 25 (1\"), INSTALADO EM REDE DE ALIMENTAÇÃO PARA SPRINKLER - FORNECIMENTO E INSTALAÇÃO. AF_12/2015","UN","18,90","19,62",null,18.899999999999999,19.62,"Sinapi 97499"]
["97500","LUVA COM REDUÇÃO, EM AÇO, CONEXÃO SOLDADA, DN 25 X 20 MM (1\" X 3/4\"), INSTALADO EM REDE DE ALIMENTAÇÃO PARA SPRINKLER - FORNECIMENTO E INSTALAÇÃO. AF_12/2015","UN","15,82","16,54",null,15.82,16.54,"Sinapi 97500"]
["97502","LUVA, EM AÇO, CONEXÃO SOLDADA, DN 32 (1 1/4\"), INSTALADO EM REDE DE ALIMENTAÇÃO PARA SPRINKLER - FORNECIMENTO E INSTALAÇÃO. AF_12/2015","UN","26,07","26,87",null,26.07,26.87,"Sinapi 97502"]
["97503","LUVA COM REDUÇÃO, EM AÇO, CONEXÃO SOLDADA, DN 32 X 25 MM (1 1/4\"  X 1\"), INSTALADO EM REDE DE ALIMENTAÇÃO PARA SPRINKLER - FORNECIMENTO E INSTALAÇÃO. AF_12/2015","UN","31,45","32,27",null,31.45,32.270000000000003,"Sinapi 97503"]
["97505","LUVA, EM AÇO, CONEXÃO SOLDADA, DN 40 (1 1/2\"), INSTALADO EM REDE DE ALIMENTAÇÃO PARA SPRINKLER - FORNECIMENTO E INSTALAÇÃO. AF_12/2015","UN","32,54","33,48",null,32.54,33.479999999999997,"Sinapi 97505"]
["97506","LUVA COM REDUÇÃO, EM AÇO, CONEXÃO SOLDADA, DN 40  X 32 MM (1 1/2\" X 1 1/4\"), INSTALADO EM REDE DE ALIMENTAÇÃO PARA SPRINKLER - FORNECIMENTO E INSTALAÇÃO. AF_12/2015","UN","39,19","40,13",null,39.19,40.130000000000003,"Sinapi 97506"]
["97508","LUVA, EM AÇO, CONEXÃO SOLDADA, DN 50 (2\"), INSTALADO EM REDE DE ALIMENTAÇÃO PARA SPRINKLER - FORNECIMENTO E INSTALAÇÃO. AF_12/2015","UN","47,59","48,66",null,47.59,48.66,"Sinapi 97508"]
["97509","LUVA COM REDUÇÃO, EM AÇO, CONEXÃO SOLDADA, DN 50 X 40 MM (2\" X 1 1/2\"), INSTALADO EM REDE DE ALIMENTAÇÃO PARA SPRINKLER - FORNECIMENTO E INSTALAÇÃO. AF_12/2015","UN","58,10","59,17",null,58.1,59.17,"Sinapi 97509"]
["97511","LUVA, EM AÇO, CONEXÃO SOLDADA, DN 65 (2 1/2\"), INSTALADO EM REDE DE ALIMENTAÇÃO PARA SPRINKLER - FORNECIMENTO E INSTALAÇÃO. AF_12/2015","UN","87,53","88,83",null,87.53,88.83,"Sinapi 97511"]
["97512","LUVA COM REDUÇÃO, EM AÇO, CONEXÃO SOLDADA, DN 65 X 50 MM (2 1/2\" X 2\"), INSTALADO EM REDE DE ALIMENTAÇÃO PARA SPRINKLER - FORNECIMENTO E INSTALAÇÃO. AF_12/2015","UN","108,78","110,08",null,108.78,110.08,"Sinapi 97512"]
["97514","LUVA, EM AÇO, CONEXÃO SOLDADA, DN 80 (3\"), INSTALADO EM REDE DE ALIMENTAÇÃO PARA SPRINKLER - FORNECIMENTO E INSTALAÇÃO. AF_12/2015","UN","116,23","117,73",null,116.23,117.73,"Sinapi 97514"]
["97515","LUVA COM REDUÇÃO, EM AÇO, CONEXÃO SOLDADA, DN 80 X 65 MM (3\" X 2 1/2\"), INSTALADO EM REDE DE ALIMENTAÇÃO PARA SPRINKLER - FORNECIMENTO E INSTALAÇÃO. AF_12/2015","UN","144,86","146,36",null,144.86000000000001,146.36000000000001,"Sinapi 97515"]
["97517","CURVA 45 GRAUS, EM AÇO, CONEXÃO SOLDADA, DN 25 (1\"), INSTALADO EM REDE DE ALIMENTAÇÃO PARA SPRINKLER - FORNECIMENTO E INSTALAÇÃO. AF_12/2015","UN","30,47","31,54",null,30.47,31.54,"Sinapi 97517"]
["97518","CURVA 90 GRAUS, EM AÇO, CONEXÃO SOLDADA, DN 25 (1\"), INSTALADO EM REDE DE ALIMENTAÇÃO PARA SPRINKLER - FORNECIMENTO E INSTALAÇÃO. AF_12/2015","UN","30,47","31,54",null,30.47,31.54,"Sinapi 97518"]
["97519","CURVA 45 GRAUS, EM AÇO, CONEXÃO SOLDADA, DN 32 (1 1/4\"), INSTALADO EM REDE DE ALIMENTAÇÃO PARA SPRINKLER - FORNECIMENTO E INSTALAÇÃO. AF_12/2015","UN","42,69","43,92",null,42.69,43.92,"Sinapi 97519"]
["97520","CURVA 90 GRAUS, EM AÇO, CONEXÃO SOLDADA, DN 32 (1 1/4\"), INSTALADO EM REDE DE ALIMENTAÇÃO PARA SPRINKLER - FORNECIMENTO E INSTALAÇÃO. AF_12/2015","UN","42,69","43,92",null,42.69,43.92,"Sinapi 97520"]
["97521","CURVA 45 GRAUS, EM AÇO, CONEXÃO SOLDADA, DN 40 (1 1/2\"), INSTALADO EM REDE DE ALIMENTAÇÃO PARA SPRINKLER - FORNECIMENTO E INSTALAÇÃO. AF_12/2015","UN","58,70","60,11",null,58.7,60.11,"Sinapi 97521"]
["97522","CURVA 90 GRAUS, EM AÇO, CONEXÃO SOLDADA, DN 40 (1 1/2\"), INSTALADO EM REDE DE ALIMENTAÇÃO PARA SPRINKLER - FORNECIMENTO E INSTALAÇÃO. AF_12/2015","UN","58,70","60,11",null,58.7,60.11,"Sinapi 97522"]
["97523","CURVA 45 GRAUS, EM AÇO, CONEXÃO SOLDADA, DN 50 (2\"), INSTALADO EM REDE DE ALIMENTAÇÃO PARA SPRINKLER - FORNECIMENTO E INSTALAÇÃO. AF_12/2015","UN","80,03","81,65",null,80.03,81.650000000000006,"Sinapi 97523"]
["97524","CURVA 90 GRAUS, EM AÇO, CONEXÃO SOLDADA, DN 50 (2\"), INSTALADO EM REDE DE ALIMENTAÇÃO PARA SPRINKLER - FORNECIMENTO E INSTALAÇÃO. AF_12/2015","UN","86,03","87,65",null,86.03,87.65,"Sinapi 97524"]
["97525","CURVA 45 GRAUS, EM AÇO, CONEXÃO SOLDADA, DN 65 (2 1/2\"), INSTALADO EM REDE DE ALIMENTAÇÃO PARA SPRINKLER - FORNECIMENTO E INSTALAÇÃO. AF_12/2015","UN","148,00","149,94",null,148,149.94,"Sinapi 97525"]
["97526","CURVA 90 GRAUS, EM AÇO, CONEXÃO SOLDADA, DN 65 (2 1/2\"), INSTALADO EM REDE DE ALIMENTAÇÃO PARA SPRINKLER - FORNECIMENTO E INSTALAÇÃO. AF_12/2015","UN","157,60","159,54",null,157.6,159.54,"Sinapi 97526"]
["97527","CURVA 45 GRAUS, EM AÇO, CONEXÃO SOLDADA, DN 80 (3\"), INSTALADO EM REDE DE ALIMENTAÇÃO PARA SPRINKLER - FORNECIMENTO E INSTALAÇÃO. AF_12/2015","UN","357,57","359,84",null,357.57,359.84,"Sinapi 97527"]
["97528","CURVA 90 GRAUS, EM AÇO, CONEXÃO SOLDADA, DN 80 (3\"), INSTALADO EM REDE DE ALIMENTAÇÃO PARA SPRINKLER - FORNECIMENTO E INSTALAÇÃO. AF_12/2015","UN","314,51","316,78",null,314.51,316.77999999999997,"Sinapi 97528"]
["97529","TÊ, EM AÇO, CONEXÃO SOLDADA, DN 25 (1\"), INSTALADO EM REDE DE ALIMENTAÇÃO PARA SPRINKLER - FORNECIMENTO E INSTALAÇÃO. AF_12/2015","UN","47,01","48,45",null,47.01,48.45,"Sinapi 97529"]
["97530","TÊ, EM AÇO, CONEXÃO SOLDADA, DN 32 (1 1/4\"), INSTALADO EM REDE DE ALIMENTAÇÃO PARA SPRINKLER - FORNECIMENTO E INSTALAÇÃO. AF_12/2015","UN","66,93","68,58",null,66.930000000000007,68.58,"Sinapi 97530"]
["97531","TÊ, EM AÇO, CONEXÃO SOLDADA, DN 40 (1 1/2\"), INSTALADO EM REDE DE ALIMENTAÇÃO PARA SPRINKLER - FORNECIMENTO E INSTALAÇÃO. AF_12/2015","UN","84,75","86,63",null,84.75,86.63,"Sinapi 97531"]
["97532","TÊ, EM AÇO, CONEXÃO SOLDADA, DN 50 (2\"), INSTALADO EM REDE DE ALIMENTAÇÃO PARA SPRINKLER - FORNECIMENTO E INSTALAÇÃO. AF_12/2015","UN","130,79","132,95",null,130.79,132.94999999999999,"Sinapi 97532"]
["97533","TÊ, EM AÇO, CONEXÃO SOLDADA, DN 65 (2 1/2\"), INSTALADO EM REDE DE ALIMENTAÇÃO PARA SPRINKLER - FORNECIMENTO E INSTALAÇÃO. AF_12/2015","UN","243,44","246,37",null,243.44,246.37,"Sinapi 97533"]
["97534","TÊ, EM AÇO, CONEXÃO SOLDADA, DN 80 (3\"), INSTALADO EM REDE DE ALIMENTAÇÃO PARA SPRINKLER - FORNECIMENTO E INSTALAÇÃO. AF_12/2015","UN","381,79","384,82",null,381.79,384.82,"Sinapi 97534"]
["97537","LUVA, EM AÇO, CONEXÃO SOLDADA, DN 15 (1/2\"), INSTALADO EM RAMAIS E SUB-RAMAIS DE GÁS - FORNECIMENTO E INSTALAÇÃO. AF_12/2015","UN","14,57","15,29",null,14.57,15.29,"Sinapi 97537"]
["97540","LUVA, EM AÇO, CONEXÃO SOLDADA, DN 20 (3/4\"), INSTALADO EM RAMAIS E SUB-RAMAIS DE GÁS - FORNECIMENTO E INSTALAÇÃO. AF_12/2015","UN","20,23","21,44",null,20.23,21.44,"Sinapi 97540"]
["97541","LUVA COM REDUÇÃO, EM AÇO, CONEXÃO SOLDADA, DN 20 X 15 MM (3/4 \" X 1/2\"), INSTALADO EM RAMAIS E SUB-RAMAIS DE GÁS - FORNECIMENTO E INSTALAÇÃO. AF_12/2015","UN","17,67","18,88",null,17.670000000000002,18.88,"Sinapi 97541"]
["97543","LUVA, EM AÇO, CONEXÃO SOLDADA, DN 25 (1\"), INSTALADO EM RAMAIS E SUB-RAMAIS DE GÁS - FORNECIMENTO E INSTALAÇÃO. AF_12/2015","UN","33,82","36,19",null,33.82,36.19,"Sinapi 97543"]
["97544","LUVA COM REDUÇÃO, EM AÇO, CONEXÃO SOLDADA, DN 25 X 20 MM (1\" X 3/4\"), INSTALADO EM RAMAIS E SUB-RAMAIS DE GÁS - FORNECIMENTO E INSTALAÇÃO. AF_12/2015","UN","30,74","33,11",null,30.74,33.11,"Sinapi 97544"]
["97546","CURVA 45 GRAUS, EM AÇO, CONEXÃO SOLDADA, DN 15 (1/2\"), INSTALADO EM RAMAIS E SUB-RAMAIS DE GÁS - FORNECIMENTO E INSTALAÇÃO. AF_12/2015","UN","20,58","21,66",null,20.58,21.66,"Sinapi 97546"]
["97547","CURVA 90 GRAUS, EM AÇO, CONEXÃO SOLDADA, DN 15 (1/2\"), INSTALADO EM RAMAIS E SUB-RAMAIS DE GÁS - FORNECIMENTO E INSTALAÇÃO. AF_12/2015","UN","20,58","21,66",null,20.58,21.66,"Sinapi 97547"]
["97548","CURVA 45 GRAUS, EM AÇO, CONEXÃO SOLDADA, DN 20 (3/4\"), INSTALADO EM RAMAIS E SUB-RAMAIS DE GÁS - FORNECIMENTO E INSTALAÇÃO. AF_12/2015","UN","31,09","32,91",null,31.09,32.909999999999997,"Sinapi 97548"]
["97549","CURVA 90 GRAUS, EM AÇO, CONEXÃO SOLDADA, DN 20 (3/4\"), INSTALADO EM RAMAIS E SUB-RAMAIS DE GÁS - FORNECIMENTO E INSTALAÇÃO. AF_12/2015","UN","31,09","32,91",null,31.09,32.909999999999997,"Sinapi 97549"]
["97550","CURVA 45 GRAUS, EM AÇO, CONEXÃO SOLDADA, DN 25 (1\"), INSTALADO EM RAMAIS E SUB-RAMAIS DE GÁS - FORNECIMENTO E INSTALAÇÃO. AF_12/2015","UN","52,86","56,42",null,52.86,56.42,"Sinapi 97550"]
["97551","CURVA 90 GRAUS, EM AÇO, CONEXÃO SOLDADA, DN 25 (1\"), INSTALADO EM RAMAIS E SUB-RAMAIS DE GÁS - FORNECIMENTO E INSTALAÇÃO. AF_12/2015","UN","52,86","56,42",null,52.86,56.42,"Sinapi 97551"]
["97552","TÊ, EM AÇO, CONEXÃO SOLDADA, DN 15 (1/2\"), INSTALADO EM RAMAIS E SUB-RAMAIS DE GÁS - FORNECIMENTO E INSTALAÇÃO. AF_12/2015","UN","29,67","31,10",null,29.67,31.1,"Sinapi 97552"]
["97553","TÊ, EM AÇO, CONEXÃO SOLDADA, DN 20 (3/4\"), INSTALADO EM RAMAIS E SUB-RAMAIS DE GÁS - FORNECIMENTO E INSTALAÇÃO. AF_12/2015","UN","43,69","46,12",null,43.69,46.12,"Sinapi 97553"]
["97554","TÊ, EM AÇO, CONEXÃO SOLDADA, DN 25 (1\"), INSTALADO EM RAMAIS E SUB-RAMAIS DE GÁS - FORNECIMENTO E INSTALAÇÃO. AF_12/2015","UN","76,89","81,64",null,76.89,81.64,"Sinapi 97554"]
["98602","CONECTOR EM BRONZE/LATÃO, DN 22 MM X 1/2\", SEM ANEL DE SOLDA, BOLSA X ROSCA F, INSTALADO EM PRUMADA \u0096 FORNECIMENTO E INSTALAÇÃO. AF_01/2016","UN","11,44","11,70",null,11.44,11.7,"Sinapi 98602"]
["6171","TAMPA DE CONCRETO ARMADO 60X60X5CM PARA CAIXA","UN","23,42","24,18",null,23.42,24.18,"Sinapi 6171"]
["74166/1","CAIXA DE INSPEÇÃO EM CONCRETO PRÉ-MOLDADO DN 60CM COM TAMPA H= 60CM - FORNECIMENTO E INSTALACAO","UN","221,58","231,22",null,221.58,231.22,"Sinapi 74166/1"]
["74166/2","CAIXA DE INSPECAO EM ANEL DE CONCRETO PRE MOLDADO, COM 950MM DE ALTURA TOTAL. ANEIS COM ESP=50MM, DIAM.=600MM. EXCLUSIVE TAMPAO E ESCAVACAO - FORNECIMENTO E INSTALACAO","UN","304,50","310,79",null,304.5,310.79000000000002,"Sinapi 74166/2"]
["88503","CAIXA D´ÁGUA EM POLIETILENO, 1000 LITROS, COM ACESSÓRIOS","UN","753,87","784,13",null,753.87,784.13,"Sinapi 88503"]
["88504","CAIXA D´AGUA EM POLIETILENO, 500 LITROS, COM ACESSÓRIOS","UN","613,57","643,83",null,613.57000000000005,643.83000000000004,"Sinapi 88504"]
["97900","CAIXA ENTERRADA HIDRÁULICA RETANGULAR EM ALVENARIA COM TIJOLOS CERÂMICOS MACIÇOS, DIMENSÕES INTERNAS: 0,3X0,3X0,3 M PARA REDE DE ESGOTO. AF_05/2018","UN","137,32","147,27",null,137.32,147.27000000000001,"Sinapi 97900"]
["97901","CAIXA ENTERRADA HIDRÁULICA RETANGULAR EM ALVENARIA COM TIJOLOS CERÂMICOS MACIÇOS, DIMENSÕES INTERNAS: 0,4X0,4X0,4 M PARA REDE DE ESGOTO. AF_05/2018","UN","217,88","233,65",null,217.88,233.65,"Sinapi 97901"]
["97902","CAIXA ENTERRADA HIDRÁULICA RETANGULAR EM ALVENARIA COM TIJOLOS CERÂMICOS MACIÇOS, DIMENSÕES INTERNAS: 0,6X0,6X0,6 M PARA REDE DE ESGOTO. AF_05/2018","UN","429,03","459,43",null,429.03,459.43,"Sinapi 97902"]
["97903","CAIXA ENTERRADA HIDRÁULICA RETANGULAR EM ALVENARIA COM TIJOLOS CERÂMICOS MACIÇOS, DIMENSÕES INTERNAS: 0,8X0,8X0,6 M PARA REDE DE ESGOTO. AF_05/2018","UN","593,08","634,87",null,593.08000000000004,634.87,"Sinapi 97903"]
["97904","CAIXA ENTERRADA HIDRÁULICA RETANGULAR EM ALVENARIA COM TIJOLOS CERÂMICOS MACIÇOS, DIMENSÕES INTERNAS: 1X1X0,6 M PARA REDE DE ESGOTO. AF_05/2018","UN","700,97","747,27",null,700.97,747.27,"Sinapi 97904"]
["97905","CAIXA ENTERRADA HIDRÁULICA RETANGULAR, EM ALVENARIA COM BLOCOS DE CONCRETO, DIMENSÕES INTERNAS: 0,4X0,4X0,4 M PARA REDE DE ESGOTO. AF_05/2018","UN","176,06","188,65",null,176.06,188.65,"Sinapi 97905"]
["97906","CAIXA ENTERRADA HIDRÁULICA RETANGULAR, EM ALVENARIA COM BLOCOS DE CONCRETO, DIMENSÕES INTERNAS: 0,6X0,6X0,6 M PARA REDE DE ESGOTO. AF_05/2018","UN","328,14","351,17",null,328.14,351.17,"Sinapi 97906"]
["97907","CAIXA ENTERRADA HIDRÁULICA RETANGULAR, EM ALVENARIA COM BLOCOS DE CONCRETO, DIMENSÕES INTERNAS: 0,8X0,8X0,6 M PARA REDE DE ESGOTO. AF_05/2018","UN","464,33","496,70",null,464.33,496.7,"Sinapi 97907"]
["97908","CAIXA ENTERRADA HIDRÁULICA RETANGULAR, EM ALVENARIA COM BLOCOS DE CONCRETO, DIMENSÕES INTERNAS: 1X1X0,6 M PARA REDE DE ESGOTO. AF_05/2018","UN","548,62","583,78",null,548.62,583.78,"Sinapi 97908"]
["98102","CAIXA DE GORDURA SIMPLES, CIRCULAR, EM CONCRETO PRÉ-MOLDADO, DIÂMETRO INTERNO = 0,4 M, ALTURA INTERNA = 0,4 M. AF_05/2018","UN","79,62","80,11",null,{"$f":"IF(D4424=\"\",\"\",D4424+0)","v":79.62},{"$f":"IF(E4424=\"\",\"\",E4424+0)","v":80.11},{"$f":"IF(OR(G4424=\"\",H4424=\"\"),\"\",CONCATENATE(\"Sinapi \",A4424))","v":"Sinapi 98102"}]
["98103","CAIXA DE GORDURA DUPLA, CIRCULAR, EM CONCRETO PRÉ-MOLDADO, DIÂMETRO INTERNO = 0,6 M, ALTURA INTERNA = 0,6 M. AF_05/2018","UN","167,24","168,07",null,167.24,168.07,"Sinapi 98103"]
["98104","CAIXA DE GORDURA SIMPLES (CAPACIDADE: 36L), RETANGULAR, EM ALVENARIA COM TIJOLOS CERÂMICOS MACIÇOS, DIMENSÕES INTERNAS = 0,2X0,4 M, ALTURA INTERNA = 0,8 M. AF_05/2018","UN","288,44","309,31",null,288.44,309.31,"Sinapi 98104"]
["98105","CAIXA DE GORDURA DUPLA (CAPACIDADE: 126 L), RETANGULAR, EM ALVENARIA COM TIJOLOS CERÂMICOS MACIÇOS, DIMENSÕES INTERNAS = 0,4X0,7 M, ALTURA INTERNA = 0,8 M. AF_05/2018","UN","500,05","536,45",null,500.05,536.45000000000005,"Sinapi 98105"]
["98106","CAIXA DE GORDURA ESPECIAL (CAPACIDADE: 312 L - PARA ATÉ 146 PESSOAS SERVIDAS NO PICO), RETANGULAR, EM ALVENARIA COM TIJOLOS CERÂMICOS MACIÇOS, DIMENSÕES INTERNAS = 0,4X1,2 M, ALTURA INTERNA = 1 M. AF_05/2018","UN","826,26","886,36",null,826.26,886.36,"Sinapi 98106"]
["98107","CAIXA DE GORDURA SIMPLES (CAPACIDADE: 36 L), RETANGULAR, EM ALVENARIA COM BLOCOS DE CONCRETO, DIMENSÕES INTERNAS = 0,2X0,4 M, ALTURA INTERNA = 0,8 M. AF_05/2018","UN","209,91","225,04",null,209.91,225.04,"Sinapi 98107"]
["98108","CAIXA DE GORDURA DUPLA (CAPACIDADE: 126 L), RETANGULAR, EM ALVENARIA COM BLOCOS DE CONCRETO, DIMENSÕES INTERNAS = 0,4X0,7 M, ALTURA INTERNA = 0,8 M. AF_05/2018","UN","373,48","400,63",null,373.48,400.63,"Sinapi 98108"]
["99250","CAIXA ENTERRADA HIDRÁULICA RETANGULAR EM ALVENARIA COM TIJOLOS CERÂMICOS MACIÇOS, DIMENSÕES INTERNAS: 0,3X0,3X0,3 M PARA REDE DE DRENAGEM. AF_05/2018","UN","134,08","144,00",null,134.08000000000001,144,"Sinapi 99250"]
["99251","CAIXA ENTERRADA HIDRÁULICA RETANGULAR EM ALVENARIA COM TIJOLOS CERÂMICOS MACIÇOS, DIMENSÕES INTERNAS: 0,4X0,4X0,4 M PARA REDE DE DRENAGEM. AF_05/2018","UN","212,30","228,04",null,212.3,228.04,"Sinapi 99251"]
["99253","CAIXA ENTERRADA HIDRÁULICA RETANGULAR EM ALVENARIA COM TIJOLOS CERÂMICOS MACIÇOS, DIMENSÕES INTERNAS: 0,6X0,6X0,6 M PARA REDE DE DRENAGEM. AF_05/2018","UN","416,52","446,86",null,416.52,446.86,"Sinapi 99253"]
["99255","CAIXA ENTERRADA HIDRÁULICA RETANGULAR EM ALVENARIA COM TIJOLOS CERÂMICOS MACIÇOS, DIMENSÕES INTERNAS: 0,8X0,8X0,6 M PARA REDE DE DRENAGEM. AF_05/2018","UN","575,93","617,63",null,575.92999999999995,617.63,"Sinapi 99255"]
["99257","CAIXA ENTERRADA HIDRÁULICA RETANGULAR EM ALVENARIA COM TIJOLOS CERÂMICOS MACIÇOS, DIMENSÕES INTERNAS: 1X1X0,6 M PARA REDE DE DRENAGEM. AF_05/2018","UN","678,78","724,97",null,678.78,724.97,"Sinapi 99257"]
["99258","CAIXA ENTERRADA HIDRÁULICA RETANGULAR, EM ALVENARIA COM BLOCOS DE CONCRETO, DIMENSÕES INTERNAS: 0,4X0,4X0,4 M PARA REDE DE DRENAGEM. AF_05/2018","UN","171,46","184,02",null,171.46,184.02,"Sinapi 99258"]
["99260","CAIXA ENTERRADA HIDRÁULICA RETANGULAR, EM ALVENARIA COM BLOCOS DE CONCRETO, DIMENSÕES INTERNAS: 0,6X0,6X0,6 M PARA REDE DE DRENAGEM. AF_05/2018","UN","320,26","343,25",null,320.26,343.25,"Sinapi 99260"]
["99262","CAIXA ENTERRADA HIDRÁULICA RETANGULAR, EM ALVENARIA COM BLOCOS DE CONCRETO, DIMENSÕES INTERNAS: 0,8X0,8X0,6 M PARA REDE DE DRENAGEM. AF_05/2018","UN","453,09","485,40",null,453.09,485.4,"Sinapi 99262"]
["99264","CAIXA ENTERRADA HIDRÁULICA RETANGULAR, EM ALVENARIA COM BLOCOS DE CONCRETO, DIMENSÕES INTERNAS: 1X1X0,6 M PARA REDE DE DRENAGEM. AF_05/2018","UN","533,42","568,51",null,533.41999999999996,568.51,"Sinapi 99264"]
["89482","CAIXA SIFONADA, PVC, DN 100 X 100 X 50 MM, FORNECIDA E INSTALADA EM RAMAIS DE ENCAMINHAMENTO DE ÁGUA PLUVIAL. AF_12/2014","UN","20,41","20,94",null,20.41,20.94,"Sinapi 89482"]
["89491","CAIXA SIFONADA, PVC, DN 150 X 185 X 75 MM, FORNECIDA E INSTALADA EM RAMAIS DE ENCAMINHAMENTO DE ÁGUA PLUVIAL. AF_12/2014","UN","50,02","50,85",null,50.02,50.85,"Sinapi 89491"]
["89495","RALO SIFONADO, PVC, DN 100 X 40 MM, JUNTA SOLDÁVEL, FORNECIDO E INSTALADO EM RAMAIS DE ENCAMINHAMENTO DE ÁGUA PLUVIAL. AF_12/2014","UN","8,06","8,20",null,8.06,8.1999999999999993,"Sinapi 89495"]
["89707","CAIXA SIFONADA, PVC, DN 100 X 100 X 50 MM, JUNTA ELÁSTICA, FORNECIDA E INSTALADA EM RAMAL DE DESCARGA OU EM RAMAL DE ESGOTO SANITÁRIO. AF_12/2014","UN","24,68","25,65",null,24.68,25.65,"Sinapi 89707"]
["89708","CAIXA SIFONADA, PVC, DN 150 X 185 X 75 MM, JUNTA ELÁSTICA, FORNECIDA E INSTALADA EM RAMAL DE DESCARGA OU EM RAMAL DE ESGOTO SANITÁRIO. AF_12/2014","UN","55,79","57,28",null,55.79,57.28,"Sinapi 89708"]
["89709","RALO SIFONADO, PVC, DN 100 X 40 MM, JUNTA SOLDÁVEL, FORNECIDO E INSTALADO EM RAMAL DE DESCARGA OU EM RAMAL DE ESGOTO SANITÁRIO. AF_12/2014","UN","9,30","9,57",null,9.3000000000000007,9.57,"Sinapi 89709"]
["89710","RALO SECO, PVC, DN 100 X 40 MM, JUNTA SOLDÁVEL, FORNECIDO E INSTALADO EM RAMAL DE DESCARGA OU EM RAMAL DE ESGOTO SANITÁRIO. AF_12/2014","UN","9,12","9,39",null,9.1199999999999992,9.39,"Sinapi 89710"]
["72739","VASO SANITARIO INFANTIL SIFONADO, PARA VALVULA DE DESCARGA, EM LOUCA BRANCA, COM ACESSORIOS, INCLUSIVE ASSENTO PLASTICO, BOLSA DE BORRACHA PARA LIGACAO, TUBO PVC LIGACAO - FORNECIMENTO E INSTALACAO","UN","445,64","458,18",null,445.64,458.18,"Sinapi 72739"]
["74234/1","MICTORIO SIFONADO DE LOUCA BRANCA COM PERTENCES, COM REGISTRO DE PRESSAO 1/2\" COM CANOPLA CROMADA ACABAMENTO SIMPLES E CONJUNTO PARA FIXACAO  - FORNECIMENTO E INSTALACAO","UN","481,92","494,49",null,481.92,494.49,"Sinapi 74234/1"]
["86872","TANQUE DE LOUÇA BRANCA COM COLUNA, 30L OU EQUIVALENTE - FORNECIMENTO E INSTALAÇÃO. AF_12/2013","UN","625,99","631,12",null,625.99,631.12,"Sinapi 86872"]
["86874","TANQUE DE LOUÇA BRANCA SUSPENSO, 18L OU EQUIVALENTE - FORNECIMENTO E INSTALAÇÃO. AF_12/2013","UN","384,42","386,82",null,384.42,386.82,"Sinapi 86874"]
["86875","TANQUE DE MÁRMORE SINTÉTICO COM COLUNA, 22L OU EQUIVALENTE \u0096 FORNECIMENTO E INSTALAÇÃO. AF_12/2013","UN","334,64","337,56",null,334.64,337.56,"Sinapi 86875"]
["86876","TANQUE DE MÁRMORE SINTÉTICO SUSPENSO, 22L OU EQUIVALENTE - FORNECIMENTO E INSTALAÇÃO. AF_12/2013","UN","193,11","195,21",null,193.11,195.21,"Sinapi 86876"]
["86877","VÁLVULA EM METAL CROMADO 1.1/2\" X 1.1/2\" PARA TANQUE OU LAVATÓRIO, COM OU SEM LADRÃO - FORNECIMENTO E INSTALAÇÃO. AF_12/2013","UN","24,54","25,01",null,24.54,25.01,"Sinapi 86877"]
["86878","VÁLVULA EM METAL CROMADO TIPO AMERICANA 3.1/2\" X 1.1/2\" PARA PIA - FORNECIMENTO E INSTALAÇÃO. AF_12/2013","UN","39,13","39,60",null,39.130000000000003,39.6,"Sinapi 86878"]
["86879","VÁLVULA EM PLÁSTICO 1\" PARA PIA, TANQUE OU LAVATÓRIO, COM OU SEM LADRÃO - FORNECIMENTO E INSTALAÇÃO. AF_12/2013","UN","5,59","5,93",null,5.59,5.93,"Sinapi 86879"]
["86880","VÁLVULA EM PLÁSTICO CROMADO TIPO AMERICANA 3.1/2\" X 1.1/2\" SEM ADAPTADOR PARA PIA - FORNECIMENTO E INSTALAÇÃO. AF_12/2013","UN","15,39","15,73",null,15.39,15.73,"Sinapi 86880"]
["86881","SIFÃO DO TIPO GARRAFA EM METAL CROMADO 1 X 1.1/2\" - FORNECIMENTO E INSTALAÇÃO. AF_12/2013","UN","109,03","109,78",null,109.03,109.78,"Sinapi 86881"]
["86882","SIFÃO DO TIPO GARRAFA/COPO EM PVC 1.1/4\u0094 X 1.1/2\" - FORNECIMENTO E INSTALAÇÃO. AF_12/2013","UN","15,95","16,33",null,15.95,16.329999999999998,"Sinapi 86882"]
["86883","SIFÃO DO TIPO FLEXÍVEL EM PVC 1\u0094 X 1.1/2\u0094 - FORNECIMENTO E INSTALAÇÃO. AF_12/2013","UN","9,11","9,33",null,9.11,9.33,"Sinapi 86883"]
["86884","ENGATE FLEXÍVEL EM PLÁSTICO BRANCO, 1/2\" X 30CM - FORNECIMENTO E INSTALAÇÃO. AF_12/2013","UN","6,89","7,31",null,6.89,7.31,"Sinapi 86884"]
["86885","ENGATE FLEXÍVEL EM PLÁSTICO BRANCO, 1/2\" X 40CM - FORNECIMENTO E INSTALAÇÃO. AF_12/2013","UN","7,73","8,15",null,7.73,8.15,"Sinapi 86885"]
["86886","ENGATE FLEXÍVEL EM INOX, 1/2\u0094 X 30CM - FORNECIMENTO E INSTALAÇÃO. AF_12/2013","UN","27,20","27,62",null,27.2,27.62,"Sinapi 86886"]
["86887","ENGATE FLEXÍVEL EM INOX, 1/2\u0094 X 40CM - FORNECIMENTO E INSTALAÇÃO. AF_12/2013","UN","29,42","29,84",null,29.42,29.84,"Sinapi 86887"]
["86888","VASO SANITÁRIO SIFONADO COM CAIXA ACOPLADA LOUÇA BRANCA - FORNECIMENTO E INSTALAÇÃO. AF_12/2013","UN","368,98","371,43",null,368.98,371.43,"Sinapi 86888"]
["86889","BANCADA DE GRANITO CINZA POLIDO PARA PIA DE COZINHA 1,50 X 0,60 M - FORNECIMENTO E INSTALAÇÃO. AF_12/2013","UN","584,20","588,32",null,584.20000000000005,588.32000000000005,"Sinapi 86889"]
["86893","BANCADA DE MÁRMORE BRANCO POLIDO PARA PIA DE COZINHA 1,50 X 0,60 M - FORNECIMENTO E INSTALAÇÃO. AF_12/2013","UN","336,78","340,90",null,336.78,340.9,"Sinapi 86893"]
["86894","BANCADA DE MÁRMORE SINTÉTICO 120 X 60CM, COM CUBA INTEGRADA - FORNECIMENTO E INSTALAÇÃO. AF_12/2013","UN","183,71","186,58",null,183.71,186.58,"Sinapi 86894"]
["86895","BANCADA DE GRANITO CINZA POLIDO PARA LAVATÓRIO 0,50 X 0,60 M - FORNECIMENTO E INSTALAÇÃO. AF_12/2013","UN","270,39","275,27",null,270.39,275.27,"Sinapi 86895"]
["86899","BANCADA DE MÁRMORE BRANCO POLIDO PARA LAVATÓRIO 0,50 X 0,60 M - FORNECIMENTO E INSTALAÇÃO. AF_12/2013","UN","177,58","182,46",null,177.58,182.46,"Sinapi 86899"]
["86900","CUBA DE EMBUTIR DE AÇO INOXIDÁVEL MÉDIA - FORNECIMENTO E INSTALAÇÃO. AF_12/2013","UN","152,67","153,75",null,152.66999999999999,153.75,"Sinapi 86900"]
["86901","CUBA DE EMBUTIR OVAL EM LOUÇA BRANCA, 35 X 50CM OU EQUIVALENTE - FORNECIMENTO E INSTALAÇÃO. AF_12/2013","UN","107,81","109,73",null,107.81,109.73,"Sinapi 86901"]
["86902","LAVATÓRIO LOUÇA BRANCA COM COLUNA, *44 X 35,5* CM, PADRÃO POPULAR - FORNECIMENTO E INSTALAÇÃO. AF_12/2013","UN","221,04","223,72",null,221.04,223.72,"Sinapi 86902"]
["86903","LAVATÓRIO LOUÇA BRANCA COM COLUNA, 45 X 55CM OU EQUIVALENTE, PADRÃO MÉDIO - FORNECIMENTO E INSTALAÇÃO. AF_12/2013","UN","288,47","292,82",null,288.47000000000003,292.82,"Sinapi 86903"]
["86904","LAVATÓRIO LOUÇA BRANCA SUSPENSO, 29,5 X 39CM OU EQUIVALENTE, PADRÃO POPULAR - FORNECIMENTO E INSTALAÇÃO. AF_12/2013","UN","112,16","113,33",null,112.16,113.33,"Sinapi 86904"]
["86905","APARELHO MISTURADOR DE MESA PARA LAVATÓRIO, PADRÃO MÉDIO - FORNECIMENTO E INSTALAÇÃO. AF_12/2013","UN","202,81","204,10",null,202.81,204.1,"Sinapi 86905"]
["86906","TORNEIRA CROMADA DE MESA, 1/2\" OU 3/4\", PARA LAVATÓRIO, PADRÃO POPULAR - FORNECIMENTO E INSTALAÇÃO. AF_12/2013","UN","47,43","47,70",null,47.43,47.7,"Sinapi 86906"]
["86908","APARELHO MISTURADOR DE MESA PARA PIA DE COZINHA, PADRÃO MÉDIO - FORNECIMENTO E INSTALAÇÃO. AF_12/2013","UN","243,03","243,67",null,243.03,243.67,"Sinapi 86908"]
["86909","TORNEIRA CROMADA TUBO MÓVEL, DE MESA, 1/2\" OU 3/4\", PARA PIA DE COZINHA, PADRÃO ALTO - FORNECIMENTO E INSTALAÇÃO. AF_12/2013","UN","94,74","95,21",null,94.74,95.21,"Sinapi 86909"]
["86910","TORNEIRA CROMADA TUBO MÓVEL, DE PAREDE, 1/2\" OU 3/4\", PARA PIA DE COZINHA, PADRÃO MÉDIO - FORNECIMENTO E INSTALAÇÃO. AF_12/2013","UN","90,64","91,11",null,90.64,91.11,"Sinapi 86910"]
["86911","TORNEIRA CROMADA LONGA, DE PAREDE, 1/2\" OU 3/4\", PARA PIA DE COZINHA, PADRÃO POPULAR - FORNECIMENTO E INSTALAÇÃO. AF_12/2013","UN","40,25","40,59",null,40.25,40.590000000000003,"Sinapi 86911"]
["86912","TORNEIRA CROMADA LONGA, DE PAREDE, 1/2\" OU 3/4\", PARA PIA DE COZINHA, PADRÃO MÉDIO - FORNECIMENTO E INSTALAÇÃO. AF_12/2013","UN","40,25","40,59",null,40.25,40.590000000000003,"Sinapi 86912"]
["86913","TORNEIRA CROMADA 1/2\" OU 3/4\" PARA TANQUE, PADRÃO POPULAR - FORNECIMENTO E INSTALAÇÃO. AF_12/2013","UN","18,02","18,44",null,18.02,18.440000000000001,"Sinapi 86913"]
["86914","TORNEIRA CROMADA 1/2\" OU 3/4\" PARA TANQUE, PADRÃO MÉDIO - FORNECIMENTO E INSTALAÇÃO. AF_12/2013","UN","36,62","37,04",null,36.619999999999997,37.04,"Sinapi 86914"]
["86915","TORNEIRA CROMADA DE MESA, 1/2\" OU 3/4\", PARA LAVATÓRIO, PADRÃO MÉDIO - FORNECIMENTO E INSTALAÇÃO. AF_12/2013","UN","79,77","80,04",null,79.77,80.040000000000006,"Sinapi 86915"]
["86916","TORNEIRA PLÁSTICA 3/4\" PARA TANQUE - FORNECIMENTO E INSTALAÇÃO. AF_12/2013","UN","21,34","21,76",null,21.34,21.76,"Sinapi 86916"]
["86919","TANQUE DE LOUÇA BRANCA COM COLUNA, 30L OU EQUIVALENTE, INCLUSO SIFÃO FLEXÍVEL EM PVC, VÁLVULA METÁLICA E TORNEIRA DE METAL CROMADO PADRÃO MÉDIO - FORNECIMENTO E INSTALAÇÃO. AF_12/2013","UN","696,26","702,50",null,696.26,702.5,"Sinapi 86919"]
["86920","TANQUE DE LOUÇA BRANCA COM COLUNA, 30L OU EQUIVALENTE, INCLUSO SIFÃO FLEXÍVEL EM PVC, VÁLVULA PLÁSTICA E TORNEIRA DE METAL CROMADO PADRÃO POPULAR - FORNECIMENTO E INSTALAÇÃO. AF_12/2013","UN","658,71","664,82",null,658.71,664.82,"Sinapi 86920"]
["86921","TANQUE DE LOUÇA BRANCA COM COLUNA, 30L OU EQUIVALENTE, INCLUSO SIFÃO FLEXÍVEL EM PVC, VÁLVULA PLÁSTICA E TORNEIRA DE PLÁSTICO - FORNECIMENTO E INSTALAÇÃO. AF_12/2013","UN","662,03","668,14",null,{"$f":"IF(D4488=\"\",\"\",D4488+0)","v":662.03},{"$f":"IF(E4488=\"\",\"\",E4488+0)","v":668.14},{"$f":"IF(OR(G4488=\"\",H4488=\"\"),\"\",CONCATENATE(\"Sinapi \",A4488))","v":"Sinapi 86921"}]
["86922","TANQUE DE LOUÇA BRANCA SUSPENSO, 18L OU EQUIVALENTE, INCLUSO SIFÃO TIPO GARRAFA EM METAL CROMADO, VÁLVULA METÁLICA E TORNEIRA DE METAL CROMADO PADRÃO MÉDIO - FORNECIMENTO E INSTALAÇÃO. AF_12/2013","UN","554,61","558,65",null,554.61,558.65,"Sinapi 86922"]
["86923","TANQUE DE LOUÇA BRANCA SUSPENSO, 18L OU EQUIVALENTE, INCLUSO SIFÃO TIPO GARRAFA EM PVC, VÁLVULA PLÁSTICA E TORNEIRA DE METAL CROMADO PADRÃO POPULAR - FORNECIMENTO E INSTALAÇÃO. AF_12/2013","UN","423,98","427,52",null,423.98,427.52,"Sinapi 86923"]
["86924","TANQUE DE LOUÇA BRANCA SUSPENSO, 18L OU EQUIVALENTE, INCLUSO SIFÃO TIPO GARRAFA EM PVC, VÁLVULA PLÁSTICA E TORNEIRA DE PLÁSTICO - FORNECIMENTO E INSTALAÇÃO. AF_12/2013","UN","427,30","430,84",null,427.3,430.84,"Sinapi 86924"]
["86925","TANQUE DE MÁRMORE SINTÉTICO COM COLUNA, 22L OU EQUIVALENTE, INCLUSO SIFÃO FLEXÍVEL EM PVC, VÁLVULA PLÁSTICA E TORNEIRA DE METAL CROMADO PADRÃO POPULAR - FORNECIMENTO E INSTALAÇÃO. AF_12/2013","UN","367,36","371,26",null,367.36,371.26,"Sinapi 86925"]
["86926","TANQUE DE MÁRMORE SINTÉTICO COM COLUNA, 22L OU EQUIVALENTE, INCLUSO SIFÃO FLEXÍVEL EM PVC, VÁLVULA PLÁSTICA E TORNEIRA DE PLÁSTICO - FORNECIMENTO E INSTALAÇÃO. AF_12/2013","UN","370,68","374,58",null,370.68,374.58,"Sinapi 86926"]
["86927","TANQUE DE MÁRMORE SINTÉTICO SUSPENSO, 22L OU EQUIVALENTE, INCLUSO SIFÃO TIPO GARRAFA EM PVC, VÁLVULA PLÁSTICA E TORNEIRA DE METAL CROMADO PADRÃO POPULAR - FORNECIMENTO E INSTALAÇÃO. AF_12/2013","UN","232,67","235,91",null,232.67,235.91,"Sinapi 86927"]
["86928","TANQUE DE MÁRMORE SINTÉTICO SUSPENSO, 22L OU EQUIVALENTE, INCLUSO SIFÃO TIPO GARRAFA EM PVC, VÁLVULA PLÁSTICA E TORNEIRA DE PLÁSTICO - FORNECIMENTO E INSTALAÇÃO. AF_12/2013","UN","235,99","239,23",null,235.99,239.23,"Sinapi 86928"]
["86929","TANQUE DE MÁRMORE SINTÉTICO SUSPENSO, 22L OU EQUIVALENTE, INCLUSO SIFÃO FLEXÍVEL EM PVC, VÁLVULA PLÁSTICA E TORNEIRA DE METAL CROMADO PADRÃO POPULAR - FORNECIMENTO E INSTALAÇÃO. AF_12/2013","UN","225,83","228,91",null,225.83,228.91,"Sinapi 86929"]
["86930","TANQUE DE MÁRMORE SINTÉTICO SUSPENSO, 22L OU EQUIVALENTE, INCLUSO SIFÃO FLEXÍVEL EM PVC, VÁLVULA PLÁSTICA E TORNEIRA DE PLÁSTICO - FORNECIMENTO E INSTALAÇÃO. AF_12/2013","UN","229,15","232,23",null,229.15,232.23,"Sinapi 86930"]
["86931","VASO SANITÁRIO SIFONADO COM CAIXA ACOPLADA LOUÇA BRANCA, INCLUSO ENGATE FLEXÍVEL EM PLÁSTICO BRANCO, 1/2  X 40CM - FORNECIMENTO E INSTALAÇÃO. AF_12/2013","UN","376,71","379,58",null,376.71,379.58,"Sinapi 86931"]
["86932","VASO SANITÁRIO SIFONADO COM CAIXA ACOPLADA LOUÇA BRANCA - PADRÃO MÉDIO, INCLUSO ENGATE FLEXÍVEL EM METAL CROMADO, 1/2\u0094 X 40CM - FORNECIMENTO E INSTALAÇÃO. AF_12/2013","UN","398,40","401,27",null,398.4,401.27,"Sinapi 86932"]
["86933","BANCADA DE MÁRMORE SINTÉTICO 120 X 60CM, COM CUBA INTEGRADA, INCLUSO SIFÃO TIPO GARRAFA EM PVC, VÁLVULA EM PLÁSTICO CROMADO TIPO AMERICANA E TORNEIRA CROMADA LONGA, DE PAREDE, PADRÃO POPULAR - FORNECIMENTO E INSTALAÇÃO. AF_12/2013","UN","255,30","259,23",null,255.3,259.23,"Sinapi 86933"]
["86934","BANCADA DE MÁRMORE SINTÉTICO 120 X 60CM, COM CUBA INTEGRADA, INCLUSO SIFÃO TIPO FLEXÍVEL EM PVC, VÁLVULA EM PLÁSTICO CROMADO TIPO AMERICANA E TORNEIRA CROMADA LONGA, DE PAREDE, PADRÃO POPULAR - FORNECIMENTO E INSTALAÇÃO. AF_12/2013","UN","248,46","252,23",null,248.46,252.23,"Sinapi 86934"]
["86935","CUBA DE EMBUTIR DE AÇO INOXIDÁVEL MÉDIA, INCLUSO VÁLVULA TIPO AMERICANA EM METAL CROMADO E SIFÃO FLEXÍVEL EM PVC - FORNECIMENTO E INSTALAÇÃO. AF_12/2013","UN","200,91","202,68",null,200.91,202.68,"Sinapi 86935"]
["86936","CUBA DE EMBUTIR DE AÇO INOXIDÁVEL MÉDIA, INCLUSO VÁLVULA TIPO AMERICANA E SIFÃO TIPO GARRAFA EM METAL CROMADO - FORNECIMENTO E INSTALAÇÃO. AF_12/2013","UN","300,83","303,13",null,300.83,303.13,"Sinapi 86936"]
["86937","CUBA DE EMBUTIR OVAL EM LOUÇA BRANCA, 35 X 50CM OU EQUIVALENTE, INCLUSO VÁLVULA EM METAL CROMADO E SIFÃO FLEXÍVEL EM PVC - FORNECIMENTO E INSTALAÇÃO. AF_12/2013","UN","141,46","144,07",null,141.46,144.07,"Sinapi 86937"]
["86938","CUBA DE EMBUTIR OVAL EM LOUÇA BRANCA, 35 X 50CM OU EQUIVALENTE, INCLUSO VÁLVULA E SIFÃO TIPO GARRAFA EM METAL CROMADO - FORNECIMENTO E INSTALAÇÃO. AF_12/2013","UN","241,38","244,52",null,241.38,244.52,"Sinapi 86938"]
["86939","LAVATÓRIO LOUÇA BRANCA COM COLUNA, *44 X 35,5* CM, PADRÃO POPULAR, INCLUSO SIFÃO FLEXÍVEL EM PVC, VÁLVULA E ENGATE FLEXÍVEL 30CM EM PLÁSTICO E COM TORNEIRA CROMADA PADRÃO POPULAR - FORNECIMENTO E INSTALAÇÃO. AF_12/2013","UN","290,06","293,99",null,290.06,293.99,"Sinapi 86939"]
["86940","LAVATÓRIO LOUÇA BRANCA COM COLUNA, 45 X 55CM OU EQUIVALENTE, PADRÃO MÉDIO, INCLUSO SIFÃO TIPO GARRAFA, VÁLVULA E ENGATE FLEXÍVEL DE 40CM EM METAL CROMADO, COM APARELHO MISTURADOR PADRÃO MÉDIO - FORNECIMENTO E INSTALAÇÃO. AF_12/2013","UN","683,69","691,39",null,683.69,691.39,"Sinapi 86940"]
["86941","LAVATÓRIO LOUÇA BRANCA COM COLUNA, 45 X 55CM OU EQUIVALENTE, PADRÃO MÉDIO, INCLUSO SIFÃO TIPO GARRAFA, VÁLVULA E ENGATE FLEXÍVEL DE 40CM EM METAL CROMADO, COM TORNEIRA CROMADA DE MESA, PADRÃO MÉDIO - FORNECIMENTO E INSTALAÇÃO. AF_12/2013","UN","531,23","537,49",null,531.23,537.49,"Sinapi 86941"]
["86942","LAVATÓRIO LOUÇA BRANCA SUSPENSO, 29,5 X 39CM OU EQUIVALENTE, PADRÃO POPULAR, INCLUSO SIFÃO TIPO GARRAFA EM PVC, VÁLVULA E ENGATE FLEXÍVEL 30CM EM PLÁSTICO E TORNEIRA CROMADA DE MESA, PADRÃO POPULAR - FORNECIMENTO E INSTALAÇÃO. AF_12/2013","UN","188,02","190,60",null,188.02,190.6,"Sinapi 86942"]
["86943","LAVATÓRIO LOUÇA BRANCA SUSPENSO, 29,5 X 39CM OU EQUIVALENTE, PADRÃO POPULAR, INCLUSO SIFÃO FLEXÍVEL EM PVC, VÁLVULA E ENGATE FLEXÍVEL 30CM EM PLÁSTICO E TORNEIRA CROMADA DE MESA, PADRÃO POPULAR - FORNECIMENTO E INSTALAÇÃO. AF_12/2013","UN","181,18","183,60",null,181.18,183.6,"Sinapi 86943"]
["86947","BANCADA MÁRMORE BRANCO POLIDO 0,50X0,60M, INCLUSO CUBA DE EMBUTIR OVAL EM LOUÇA BRANCA 35 X 50CM, VÁLVULA, SIFÃO TIPO GARRAFA E ENGATE FLEXÍVEL 40CM EM METAL CROMADO E APARELHO MISTURADOR DE MESA, PADRÃO MÉDIO - FORNECIMENTO E INSTALAÇÃO. AF_12/2013","UN","680,61","690,76",null,680.61,690.76,"Sinapi 86947"]
["88571","SABONETEIRA DE SOBREPOR (FIXADA NA PAREDE), TIPO CONCHA, EM ACO INOXIDAVEL - FORNECIMENTO E INSTALACAO","UN","41,60","43,56",null,41.6,43.56,"Sinapi 88571"]
["93396","BANCADA GRANITO CINZA POLIDO 0,50 X 0,60M, INCL. CUBA DE EMBUTIR OVAL LOUÇA BRANCA 35 X 50CM, VÁLVULA METAL CROMADO, SIFÃO FLEXÍVEL PVC, ENGATE 30CM FLEXÍVEL PLÁSTICO E TORNEIRA CROMADA DE MESA, PADRÃO POPULAR - FORNEC. E INSTALAÇÃO. AF_12/2013","UN","466,17","474,35",null,466.17,474.35,"Sinapi 93396"]
["93441","BANCADA DE GRANITO CINZA POLIDO 150 X 60 CM, COM CUBA DE EMBUTIR DE AÇO INOXIDÁVEL MÉDIA, VÁLVULA AMERICANA EM METAL CROMADO, SIFÃO FLEXÍVEL EM PVC, ENGATE FLEXÍVEL 30 CM, TORNEIRA CROMADA LONGA DE PAREDE, 1/2 OU 3/4, PARA PIA DE COZINHA, PADRÃO POPULAR- FORNEC. E INSTAL. AF_12/2013","UN","832,25","838,90",null,832.25,838.9,"Sinapi 93441"]
["93442","BANCADA MÁRMORE BRANCO POLIDO 150 X 60 CM, COM CUBA DE EMBUTIR DE AÇO INOXIDÁVEL MÉDIA, VÁLVULA AMERICANA EM METAL CROMADO, SIFÃO  TIPO GARRAFA EM METAL CROMADO, ENGATE FLEXÍVEL 30 CM, TORNEIRA  CROMADA TUBO MÓVEL, DE MESA, 1/2\u0094 OU 3/4\u0094, PARA PIA DE COZINHA, PADRÃO ALTO - FORNEC. E INSTAL. AF_12/2013","UN","739,24","746,55",null,739.24,746.55,"Sinapi 93442"]
["95469","VASO SANITARIO SIFONADO CONVENCIONAL COM  LOUÇA BRANCA - FORNECIMENTO E INSTALAÇÃO. AF_10/2016","UN","177,52","179,97",null,177.52,179.97,"Sinapi 95469"]
["95470","VASO SANITARIO SIFONADO CONVENCIONAL COM LOUÇA BRANCA, INCLUSO CONJUNTO DE LIGAÇÃO PARA BACIA SANITÁRIA AJUSTÁVEL - FORNECIMENTO E INSTALAÇÃO. AF_10/2016","UN","182,76","185,21",null,182.76,185.21,"Sinapi 95470"]
["95471","VASO SANITARIO SIFONADO CONVENCIONAL PARA PCD SEM FURO FRONTAL COM  LOUÇA BRANCA SEM ASSENTO -  FORNECIMENTO E INSTALAÇÃO. AF_10/2016","UN","635,06","637,51",null,635.05999999999995,637.51,"Sinapi 95471"]
["95472","VASO SANITARIO SIFONADO CONVENCIONAL PARA PCD SEM FURO FRONTAL COM LOUÇA BRANCA SEM ASSENTO, INCLUSO CONJUNTO DE LIGAÇÃO PARA BACIA SANITÁRIA AJUSTÁVEL - FORNECIMENTO E INSTALAÇÃO. AF_10/2016","UN","640,30","642,75",null,640.29999999999995,642.75,"Sinapi 95472"]
["95542","PORTA TOALHA ROSTO EM METAL CROMADO, TIPO ARGOLA, INCLUSO FIXAÇÃO. AF_10/2016","UN","22,28","22,70",null,22.28,22.7,"Sinapi 95542"]
["95543","PORTA TOALHA BANHO EM METAL CROMADO, TIPO BARRA, INCLUSO FIXAÇÃO. AF_10/2016","UN","36,26","37,10",null,36.26,37.1,"Sinapi 95543"]
["95544","PAPELEIRA DE PAREDE EM METAL CROMADO SEM TAMPA, INCLUSO FIXAÇÃO. AF_10/2016","UN","28,06","28,48",null,28.06,28.48,"Sinapi 95544"]
["95545","SABONETEIRA DE PAREDE EM METAL CROMADO, INCLUSO FIXAÇÃO. AF_10/2016","UN","27,45","27,87",null,27.45,27.87,"Sinapi 95545"]
["95546","KIT DE ACESSORIOS PARA BANHEIRO EM METAL CROMADO, 5 PECAS, INCLUSO FIXAÇÃO. AF_10/2016","UN","84,30","86,82",null,84.3,86.82,"Sinapi 95546"]
["95547","SABONETEIRA PLASTICA TIPO DISPENSER PARA SABONETE LIQUIDO COM RESERVATORIO 800 A 1500 ML, INCLUSO FIXAÇÃO. AF_10/2016","UN","47,00","47,84",null,47,47.84,"Sinapi 95547"]
["6087","TAMPA EM CONCRETO ARMADO 60X60X5CM P/CX INSPECAO/FOSSA SEPTICA","UN","23,10","23,86",null,23.1,23.86,"Sinapi 6087"]
["98052","TANQUE SÉPTICO CIRCULAR, EM CONCRETO PRÉ-MOLDADO, DIÂMETRO INTERNO = 1,10 M, ALTURA INTERNA = 2,50 M, VOLUME ÚTIL: 2138,2 L (PARA 5 CONTRIBUINTES). AF_05/2018","UN","1.261,67","1.291,56",null,1261.67,1291.56,"Sinapi 98052"]
["98053","TANQUE SÉPTICO CIRCULAR, EM CONCRETO PRÉ-MOLDADO, DIÂMETRO INTERNO = 1,40 M, ALTURA INTERNA = 2,50 M, VOLUME ÚTIL: 3463,6 L (PARA 13 CONTRIBUINTES). AF_05/2018","UN","1.866,47","1.906,58",null,1866.47,1906.58,"Sinapi 98053"]
["98054","TANQUE SÉPTICO CIRCULAR, EM CONCRETO PRÉ-MOLDADO, DIÂMETRO INTERNO = 1,88 M, ALTURA INTERNA = 2,50 M, VOLUME ÚTIL: 6245,8 L (PARA 32 CONTRIBUINTES). AF_05/2018","UN","2.773,83","2.819,57",null,2773.83,2819.57,"Sinapi 98054"]
["98055","TANQUE SÉPTICO CIRCULAR, EM CONCRETO PRÉ-MOLDADO, DIÂMETRO INTERNO = 2,38 M, ALTURA INTERNA = 2,50 M, VOLUME ÚTIL: 10009,8 L (PARA 69 CONTRIBUINTES). AF_05/2018","UN","3.676,13","3.737,88",null,3676.13,3737.88,"Sinapi 98055"]
["98056","TANQUE SÉPTICO CIRCULAR, EM CONCRETO PRÉ-MOLDADO, DIÂMETRO INTERNO = 2,38 M, ALTURA INTERNA = 3,0 M, VOLUME ÚTIL: 12234,2 L (PARA 86 CONTRIBUINTES). AF_05/2018","UN","4.265,67","4.333,13",null,4265.67,4333.13,"Sinapi 98056"]
["98057","TANQUE SÉPTICO CIRCULAR, EM CONCRETO PRÉ-MOLDADO, DIÂMETRO INTERNO = 2,88 M, ALTURA INTERNA = 2,50 M, VOLUME ÚTIL: 14657,4 L (PARA 105 CONTRIBUINTES). AF_05/2018","UN","5.662,98","5.743,13",null,5662.98,5743.13,"Sinapi 98057"]
["98066","TANQUE SÉPTICO RETANGULAR, EM ALVENARIA COM TIJOLOS CERÂMICOS MACIÇOS, DIMENSÕES INTERNAS: 1,0 X 2,0 X 1,4 M, VOLUME ÚTIL: 2000 L (PARA 5 CONTRIBUINTES). AF_05/2018","UN","3.684,93","3.891,93",null,3684.93,3891.93,"Sinapi 98066"]
["98067","TANQUE SÉPTICO RETANGULAR, EM ALVENARIA COM TIJOLOS CERÂMICOS MACIÇOS, DIMENSÕES INTERNAS: 1,2 X 2,4 X 1,6 M, VOLUME ÚTIL: 3456 L (PARA 13 CONTRIBUINTES). AF_05/2018","UN","4.922,42","5.199,63",null,4922.42,5199.63,"Sinapi 98067"]
["98068","TANQUE SÉPTICO RETANGULAR, EM ALVENARIA COM TIJOLOS CERÂMICOS MACIÇOS, DIMENSÕES INTERNAS: 1,4 X 3,2 X 1,8 M, VOLUME ÚTIL: 6272 L (PARA 32 CONTRIBUINTES). AF_05/2018","UN","6.960,60","7.353,97",null,6960.6,7353.97,"Sinapi 98068"]
["98069","TANQUE SÉPTICO RETANGULAR, EM ALVENARIA COM TIJOLOS CERÂMICOS MACIÇOS, DIMENSÕES INTERNAS: 1,6 X 4,4 X 1,8 M, VOLUME ÚTIL: 9856 L (PARA 68 CONTRIBUINTES). AF_05/2018","UN","9.336,57","9.867,18",null,9336.57,9867.18,"Sinapi 98069"]
["98070","TANQUE SÉPTICO RETANGULAR, EM ALVENARIA COM TIJOLOS CERÂMICOS MACIÇOS, DIMENSÕES INTERNAS: 1,6 X 4,8 X 2,0 M, VOLUME ÚTIL: 12288 L (PARA 86 CONTRIBUINTES). AF_05/2018","UN","10.695,36","11.302,29",null,10695.36,11302.29,"Sinapi 98070"]
["98071","TANQUE SÉPTICO RETANGULAR, EM ALVENARIA COM TIJOLOS CERÂMICOS MACIÇOS, DIMENSÕES INTERNAS: 1,6 X 4,6 X 2,4 M, VOLUME ÚTIL: 14720 L (PARA 105 CONTRIBUINTES). AF_05/2018","UN","11.728,66","12.391,51",null,11728.66,12391.51,"Sinapi 98071"]
["98072","FILTRO ANAERÓBIO RETANGULAR, EM ALVENARIA COM TIJOLOS CERÂMICOS MACIÇOS, DIMENSÕES INTERNAS: 0,8 X 1,2 X 1,67 M, VOLUME ÚTIL: 1152 L (PARA 5 CONTRIBUINTES). AF_05/2018","UN","3.079,66","3.251,81",null,3079.66,3251.81,"Sinapi 98072"]
["98073","FILTRO ANAERÓBIO RETANGULAR, EM ALVENARIA COM TIJOLOS CERÂMICOS MACIÇOS, DIMENSÕES INTERNAS: 1,2 X 1,8 X 1,67 M, VOLUME ÚTIL: 2592 L (PARA 13 CONTRIBUINTES). AF_05/2018","UN","4.817,48","5.087,13",null,4817.4799999999996,5087.13,"Sinapi 98073"]
["98074","FILTRO ANAERÓBIO RETANGULAR, EM ALVENARIA COM TIJOLOS CERÂMICOS MACIÇOS, DIMENSÕES INTERNAS: 1,4 X 3,0 X 1,67 M, VOLUME ÚTIL: 5040 L (PARA 32 CONTRIBUINTES). AF_05/2018","UN","7.484,22","7.902,50",null,7484.22,7902.5,"Sinapi 98074"]
["98075","FILTRO ANAERÓBIO RETANGULAR, EM ALVENARIA COM TIJOLOS CERÂMICOS MACIÇOS, DIMENSÕES INTERNAS: 1,4 X 4,2 X 1,67 M, VOLUME ÚTIL: 7056 L (PARA 67 CONTRIBUINTES). AF_05/2018","UN","9.734,85","10.278,26",null,9734.85,10278.26,"Sinapi 98075"]
["98076","FILTRO ANAERÓBIO RETANGULAR, EM ALVENARIA COM TIJOLOS CERÂMICOS MACIÇOS, DIMENSÕES INTERNAS: 1,6 X 4,6 X 1,67 M, VOLUME ÚTIL: 8832 L (PARA 84 CONTRIBUINTES). AF_05/2018","UN","11.220,46","11.846,42",null,11220.46,11846.42,"Sinapi 98076"]
["98077","FILTRO ANAERÓBIO RETANGULAR, EM ALVENARIA COM TIJOLOS CERÂMICOS MACIÇOS, DIMENSÕES INTERNAS: 1,6 X 5,6 X 1,67 M, VOLUME ÚTIL: 10752 L (PARA 103 CONTRIBUINTES). AF_05/2018","UN","13.211,87","13.948,47",null,13211.87,13948.47,"Sinapi 98077"]
["98078","SUMIDOURO RETANGULAR, EM ALVENARIA COM TIJOLOS CERÂMICOS MACIÇOS, DIMENSÕES INTERNAS: 0,8 X 1,4 X 3,0 M, ÁREA DE INFILTRAÇÃO: 13,2 M² (PARA 5 CONTRIBUINTES). AF_05/2018","UN","3.043,17","3.223,10",null,3043.17,3223.1,"Sinapi 98078"]
["98079","SUMIDOURO RETANGULAR, EM ALVENARIA COM TIJOLOS CERÂMICOS MACIÇOS, DIMENSÕES INTERNAS: 1,0 X 3,0 X 3,0 M, ÁREA DE INFILTRAÇÃO: 25 M² (PARA 10 CONTRIBUINTES). AF_05/2018","UN","5.345,01","5.659,12",null,5345.01,5659.12,"Sinapi 98079"]
["98080","SUMIDOURO RETANGULAR, EM ALVENARIA COM TIJOLOS CERÂMICOS MACIÇOS, DIMENSÕES INTERNAS: 1,6 X 3,4 X 3,0 M, ÁREA DE INFILTRAÇÃO: 32,9 M² (PARA 13 CONTRIBUINTES). AF_05/2018","UN","6.893,95","7.297,29",null,6893.95,7297.29,"Sinapi 98080"]
["98081","SUMIDOURO RETANGULAR, EM ALVENARIA COM TIJOLOS CERÂMICOS MACIÇOS, DIMENSÕES INTERNAS: 1,6 X 5,8 X 3,0 M, ÁREA DE INFILTRAÇÃO: 50 M² (PARA 20 CONTRIBUINTES). AF_05/2018","UN","10.229,08","10.826,21",null,10229.08,10826.21,"Sinapi 98081"]
["98082","TANQUE SÉPTICO RETANGULAR, EM ALVENARIA COM BLOCOS DE CONCRETO, DIMENSÕES INTERNAS: 1,0 X 2,0 X 1,4 M, VOLUME ÚTIL: 2000 L (PARA 5 CONTRIBUINTES). AF_05/2018","UN","2.871,97","3.034,13",null,2871.97,3034.13,"Sinapi 98082"]
["98083","TANQUE SÉPTICO RETANGULAR, EM ALVENARIA COM BLOCOS DE CONCRETO, DIMENSÕES INTERNAS: 1,2 X 2,4 X 1,6 M, VOLUME ÚTIL: 3456 L (PARA 13 CONTRIBUINTES). AF_05/2018","UN","3.799,05","4.014,89",null,3799.05,4014.89,"Sinapi 98083"]
["98084","TANQUE SÉPTICO RETANGULAR, EM ALVENARIA COM BLOCOS DE CONCRETO, DIMENSÕES INTERNAS: 1,4 X 3,2 X 1,8 M, VOLUME ÚTIL: 6272 L (PARA 32 CONTRIBUINTES). AF_05/2018","UN","5.339,70","5.645,19",null,5339.7,5645.19,"Sinapi 98084"]
["98085","TANQUE SÉPTICO RETANGULAR, EM ALVENARIA COM BLOCOS DE CONCRETO, DIMENSÕES INTERNAS: 1,6 X 4,4 X 1,8 M, VOLUME ÚTIL: 9856 L (PARA 68 CONTRIBUINTES). AF_05/2018","UN","7.237,59","7.654,35",null,{"$f":"IF(D4552=\"\",\"\",D4552+0)","v":7237.59},{"$f":"IF(E4552=\"\",\"\",E4552+0)","v":7654.35},{"$f":"IF(OR(G4552=\"\",H4552=\"\"),\"\",CONCATENATE(\"Sinapi \",A4552))","v":"Sinapi 98085"}]
["98086","TANQUE SÉPTICO RETANGULAR, EM ALVENARIA COM BLOCOS DE CONCRETO, DIMENSÕES INTERNAS: 1,6 X 4,8 X 2,0 M, VOLUME ÚTIL: 12288 L (PARA 86 CONTRIBUINTES). AF_05/2018","UN","8.187,60","8.659,38",null,8187.6,8659.3799999999992,"Sinapi 98086"]
["98087","TANQUE SÉPTICO RETANGULAR, EM ALVENARIA COM BLOCOS DE CONCRETO, DIMENSÕES INTERNAS: 1,6 X 4,6 X 2,4 M, VOLUME ÚTIL: 14720 L (PARA 105 CONTRIBUINTES). AF_05/2018","UN","8.771,43","9.276,31",null,8771.43,9276.31,"Sinapi 98087"]
["98088","FILTRO ANAERÓBIO RETANGULAR, EM ALVENARIA COM BLOCOS DE CONCRETO, DIMENSÕES INTERNAS: 0,8 X 1,2 X 1,67 M, VOLUME ÚTIL: 1152 L (PARA 5 CONTRIBUINTES). AF_05/2018","UN","2.452,79","2.588,77",null,2452.79,2588.77,"Sinapi 98088"]
["98089","FILTRO ANAERÓBIO RETANGULAR, EM ALVENARIA COM BLOCOS DE CONCRETO, DIMENSÕES INTERNAS: 1,2 X 1,8 X 1,67 M, VOLUME ÚTIL: 2592 L (PARA 13 CONTRIBUINTES). AF_05/2018","UN","3.888,17","4.104,52",null,3888.17,4104.5200000000004,"Sinapi 98089"]
["98090","FILTRO ANAERÓBIO RETANGULAR, EM ALVENARIA COM BLOCOS DE CONCRETO, DIMENSÕES INTERNAS: 1,4 X 3,0 X 1,67 M, VOLUME ÚTIL: 5040 L (PARA 32 CONTRIBUINTES). AF_05/2018","UN","6.121,16","6.461,37",null,6121.16,6461.37,"Sinapi 98090"]
["98091","FILTRO ANAERÓBIO RETANGULAR, EM ALVENARIA COM BLOCOS DE CONCRETO, DIMENSÕES INTERNAS: 1,4 X 4,2 X 1,67 M, VOLUME ÚTIL: 7056 L (PARA 67 CONTRIBUINTES). AF_05/2018","UN","7.921,77","8.360,75",null,7921.77,8360.75,"Sinapi 98091"]
["98092","FILTRO ANAERÓBIO RETANGULAR, EM ALVENARIA COM BLOCOS DE CONCRETO, DIMENSÕES INTERNAS: 1,6 X 4,6 X 1,67 M, VOLUME ÚTIL: 8832 L (PARA 84 CONTRIBUINTES). AF_05/2018","UN","9.300,05","9.815,90",null,9300.0499999999993,9815.9,"Sinapi 98092"]
["98093","FILTRO ANAERÓBIO RETANGULAR, EM ALVENARIA COM BLOCOS DE CONCRETO, DIMENSÕES INTERNAS: 1,6 X 5,6 X 1,67 M, VOLUME ÚTIL: 10752 L (PARA 103 CONTRIBUINTES). AF_05/2018","UN","10.982,99","11.591,80",null,10982.99,11591.8,"Sinapi 98093"]
["98094","SUMIDOURO RETANGULAR, EM ALVENARIA COM BLOCOS DE CONCRETO, DIMENSÕES INTERNAS: 0,8 X 1,4 X 3,0 M, ÁREA DE INFILTRAÇÃO: 13,2 M² (PARA 5 CONTRIBUINTES). AF_05/2018","UN","2.006,25","2.115,73",null,2006.25,2115.73,"Sinapi 98094"]
["98099","SUMIDOURO RETANGULAR, EM ALVENARIA COM BLOCOS DE CONCRETO, DIMENSÕES INTERNAS: 1,0 X 3,0 X 3,0 M, ÁREA DE INFILTRAÇÃO: 25 M² (PARA 10 CONTRIBUINTES). AF_05/2018","UN","3.452,27","3.640,95",null,3452.27,3640.95,"Sinapi 98099"]
["98100","SUMIDOURO RETANGULAR, EM ALVENARIA COM BLOCOS DE CONCRETO, DIMENSÕES INTERNAS: 1,6 X 3,4 X 3,0 M, ÁREA DE INFILTRAÇÃO: 32,9 M² (PARA 13 CONTRIBUINTES). AF_05/2018","UN","4.525,73","4.773,12",null,4525.7299999999996,4773.12,"Sinapi 98100"]
["98101","SUMIDOURO RETANGULAR, EM ALVENARIA COM BLOCOS DE CONCRETO, DIMENSÕES INTERNAS: 1,6 X 5,8 X 3,0 M, ÁREA DE INFILTRAÇÃO: 50 M² (PARA 20 CONTRIBUINTES). AF_05/2018","UN","6.706,92","7.074,34",null,6706.92,7074.34,"Sinapi 98101"]
["98109","CAIXA DE GORDURA ESPECIAL (CAPACIDADE: 312 L - PARA ATÉ 146 PESSOAS SERVIDAS NO PICO), RETANGULAR, EM ALVENARIA COM BLOCOS DE CONCRETO, DIMENSÕES INTERNAS = 0,4X1,2 M, ALTURA INTERNA = 1 M. AF_05/2018","UN","607,86","651,98",null,607.86,651.98,"Sinapi 98109"]
["98110","CAIXA DE GORDURA PEQUENA (CAPACIDADE: 19 L), CIRCULAR, EM PVC, DIÂMETRO INTERNO= 0,3 M. AF_05/2018","UN","408,98","410,44",null,408.98,410.44,"Sinapi 98110"]
["98111","CAIXA DE INSPEÇÃO PARA ATERRAMENTO, CIRCULAR, EM POLIETILENO, DIÂMETRO INTERNO = 0,3 M. AF_05/2018","UN","21,56","22,34",null,21.56,22.34,"Sinapi 98111"]
["98114","TAMPA CIRCULAR PARA ESGOTO E DRENAGEM, EM FERRO FUNDIDO, DIÂMETRO INTERNO = 0,6 M. AF_05/2018","UN","375,93","381,43",null,375.93,381.43,"Sinapi 98114"]
["98115","TAMPA CIRCULAR PARA ESGOTO E DRENAGEM, EM CONCRETO PRÉ-MOLDADO, DIÂMETRO INTERNO = 0,6 M. AF_05/2018","UN","86,05","91,37",null,86.05,91.37,"Sinapi 98115"]
["89957","PONTO DE CONSUMO TERMINAL DE ÁGUA FRIA (SUBRAMAL) COM TUBULAÇÃO DE PVC, DN 25 MM, INSTALADO EM RAMAL DE ÁGUA, INCLUSOS RASGO E CHUMBAMENTO EM ALVENARIA. AF_12/2014","UN","104,92","114,63",null,104.92,114.63,"Sinapi 89957"]
["89959","PONTO DE CONSUMO TERMINAL DE ÁGUA QUENTE (SUBRAMAL) COM TUBULAÇÃO DE CPVC, DN 22 MM, INSTALADO EM RAMAL DE ÁGUA, INCLUSOS RASGO E CHUMBAMENTO EM ALVENARIA. AF_12/2014","UN","150,44","162,11",null,150.44,162.11000000000001,"Sinapi 89959"]
["74093/1","VALVULA PE COM CRIVO BRONZE 1.1/4\" - FORNECIMENTO E INSTALACAO","UN","69,95","72,10",null,69.95,72.099999999999994,"Sinapi 74093/1"]
["74169/1","REGISTRO/VALVULA GLOBO ANGULAR 45 GRAUS EM LATAO PARA HIDRANTES DE INCÊNDIO PREDIAL DN 2.1/2\u0094, COM VOLANTE, CLASSE DE PRESSAO DE ATE 200 PSI - FORNECIMENTO E INSTALACAO","UN","167,17","174,40",null,167.17,174.4,"Sinapi 74169/1"]
["89349","REGISTRO DE PRESSÃO BRUTO, LATÃO, ROSCÁVEL, 1/2\", FORNECIDO E INSTALADO EM RAMAL DE ÁGUA. AF_12/2014","UN","25,04","25,82",null,25.04,25.82,"Sinapi 89349"]
["89351","REGISTRO DE PRESSÃO BRUTO, LATÃO,  ROSCÁVEL, 3/4\u0094, FORNECIDO E INSTALADO EM RAMAL DE ÁGUA. AF_12/2014","UN","28,49","29,27",null,28.49,29.27,"Sinapi 89351"]
["89352","REGISTRO DE GAVETA BRUTO, LATÃO, ROSCÁVEL, 1/2\", FORNECIDO E INSTALADO EM RAMAL DE ÁGUA. AF_12/2014","UN","32,35","33,13",null,32.35,33.130000000000003,"Sinapi 89352"]
["89353","REGISTRO DE GAVETA BRUTO, LATÃO, ROSCÁVEL, 3/4\", FORNECIDO E INSTALADO EM RAMAL DE ÁGUA. AF_12/2014","UN","33,73","34,51",null,33.729999999999997,34.51,"Sinapi 89353"]
["89354","MISTURADOR MONOCOMANDO PARA CHUVEIRO, BASE BRUTA E ACABAMENTO CROMADO, FORNECIDO E INSTALADO EM RAMAL DE ÁGUA. AF_12/2014","UN","230,18","231,75",null,230.18,231.75,"Sinapi 89354"]
["89969","KIT DE REGISTRO DE PRESSÃO BRUTO DE LATÃO ½\", INCLUSIVE CONEXÕES,  ROSCÁVEL, INSTALADO EM RAMAL DE ÁGUA FRIA - FORNECIMENTO E INSTALAÇÃO. AF_12/2014","UN","35,60","36,92",null,35.6,36.92,"Sinapi 89969"]
["89970","KIT DE REGISTRO DE PRESSÃO BRUTO DE LATÃO ¾\", INCLUSIVE CONEXÕES, ROSCÁVEL, INSTALADO EM RAMAL DE ÁGUA FRIA - FORNECIMENTO E INSTALAÇÃO. AF_12/2014","UN","39,14","40,70",null,39.14,40.700000000000003,"Sinapi 89970"]
["89971","KIT DE REGISTRO DE GAVETA BRUTO DE LATÃO ½\", INCLUSIVE CONEXÕES, ROSCÁVEL, INSTALADO EM RAMAL DE ÁGUA FRIA - FORNECIMENTO E INSTALAÇÃO. AF_12/2014","UN","40,89","42,35",null,40.89,42.35,"Sinapi 89971"]
["89972","KIT DE REGISTRO DE GAVETA BRUTO DE LATÃO ¾\", INCLUSIVE CONEXÕES, ROSCÁVEL, INSTALADO EM RAMAL DE ÁGUA FRIA - FORNECIMENTO E INSTALAÇÃO. AF_12/2014","UN","43,83","45,39",null,43.83,45.39,"Sinapi 89972"]
["89973","KIT DE MISTURADOR BASE BRUTA DE LATÃO ¾\" MONOCOMANDO PARA CHUVEIRO, INCLUSIVE CONEXÕES, INSTALADO EM RAMAL DE ÁGUA - FORNECIMENTO E INSTALAÇÃO. AF_12/2014","UN","348,24","354,88",null,348.24,354.88,"Sinapi 89973"]
["89974","KIT DE TÊ MISTURADOR EM CPVC ¾\" COM DUPLO COMANDO PARA CHUVEIRO, INCLUSIVE CONEXÕES, INSTALADO EM RAMAL DE ÁGUA - FORNECIMENTO E INSTALAÇÃO. AF_12/2014","UN","183,82","190,81",null,183.82,190.81,"Sinapi 89974"]
["89984","REGISTRO DE PRESSÃO BRUTO, LATÃO, ROSCÁVEL, 1/2\", COM ACABAMENTO E CANOPLA CROMADOS. FORNECIDO E INSTALADO EM RAMAL DE ÁGUA. AF_12/2014","UN","68,63","69,70",null,68.63,69.7,"Sinapi 89984"]
["89985","REGISTRO DE PRESSÃO BRUTO, LATÃO, ROSCÁVEL, 3/4\", COM ACABAMENTO E CANOPLA CROMADOS. FORNECIDO E INSTALADO EM RAMAL DE ÁGUA. AF_12/2014","UN","70,62","71,69",null,70.62,71.69,"Sinapi 89985"]
["89986","REGISTRO DE GAVETA BRUTO, LATÃO, ROSCÁVEL, 1/2\", COM ACABAMENTO E CANOPLA CROMADOS. FORNECIDO E INSTALADO EM RAMAL DE ÁGUA. AF_12/2014","UN","66,95","68,02",null,66.95,68.02,"Sinapi 89986"]
["89987","REGISTRO DE GAVETA BRUTO, LATÃO, ROSCÁVEL, 3/4\", COM ACABAMENTO E CANOPLA CROMADOS. FORNECIDO E INSTALADO EM RAMAL DE ÁGUA. AF_12/2014","UN","74,29","75,36",null,74.290000000000006,75.36,"Sinapi 89987"]
["90371","REGISTRO DE ESFERA, PVC, ROSCÁVEL, 3/4\", FORNECIDO E INSTALADO EM RAMAL DE ÁGUA. AF_03/2015","UN","35,11","35,89",null,35.11,35.89,"Sinapi 90371"]
["94489","REGISTRO DE ESFERA, PVC, SOLDÁVEL, DN  25 MM, INSTALADO EM RESERVAÇÃO DE ÁGUA DE EDIFICAÇÃO QUE POSSUA RESERVATÓRIO DE FIBRA/FIBROCIMENTO   FORNECIMENTO E INSTALAÇÃO. AF_06/2016","UN","31,91","32,13",null,31.91,32.130000000000003,"Sinapi 94489"]
["94490","REGISTRO DE ESFERA, PVC, SOLDÁVEL, DN  32 MM, INSTALADO EM RESERVAÇÃO DE ÁGUA DE EDIFICAÇÃO QUE POSSUA RESERVATÓRIO DE FIBRA/FIBROCIMENTO   FORNECIMENTO E INSTALAÇÃO. AF_06/2016","UN","52,29","52,91",null,52.29,52.91,"Sinapi 94490"]
["94491","REGISTRO DE ESFERA, PVC, SOLDÁVEL, DN  40 MM, INSTALADO EM RESERVAÇÃO DE ÁGUA DE EDIFICAÇÃO QUE POSSUA RESERVATÓRIO DE FIBRA/FIBROCIMENTO   FORNECIMENTO E INSTALAÇÃO. AF_06/2016","UN","71,34","72,23",null,71.34,72.23,"Sinapi 94491"]
["94492","REGISTRO DE ESFERA, PVC, SOLDÁVEL, DN  50 MM, INSTALADO EM RESERVAÇÃO DE ÁGUA DE EDIFICAÇÃO QUE POSSUA RESERVATÓRIO DE FIBRA/FIBROCIMENTO   FORNECIMENTO E INSTALAÇÃO. AF_06/2016","UN","73,30","74,19",null,73.3,74.19,"Sinapi 94492"]
["94493","REGISTRO DE ESFERA, PVC, SOLDÁVEL, DN  60 MM, INSTALADO EM RESERVAÇÃO DE ÁGUA DE EDIFICAÇÃO QUE POSSUA RESERVATÓRIO DE FIBRA/FIBROCIMENTO   FORNECIMENTO E INSTALAÇÃO. AF_06/2016","UN","133,84","135,29",null,133.84,135.29,"Sinapi 94493"]
["94494","REGISTRO DE GAVETA BRUTO, LATÃO, ROSCÁVEL, 3/4\u0094, INSTALADO EM RESERVAÇÃO DE ÁGUA DE EDIFICAÇÃO QUE POSSUA RESERVATÓRIO DE FIBRA/FIBROCIMENTO \u0096 FORNECIMENTO E INSTALAÇÃO. AF_06/2016","UN","54,01","57,05",null,54.01,57.05,"Sinapi 94494"]
["94495","REGISTRO DE GAVETA BRUTO, LATÃO, ROSCÁVEL, 1\u0094, INSTALADO EM RESERVAÇÃO DE ÁGUA DE EDIFICAÇÃO QUE POSSUA RESERVATÓRIO DE FIBRA/FIBROCIMENTO \u0096 FORNECIMENTO E INSTALAÇÃO. AF_06/2016","UN","69,32","72,36",null,69.319999999999993,72.36,"Sinapi 94495"]
["94496","REGISTRO DE GAVETA BRUTO, LATÃO, ROSCÁVEL, 1 1/4\u0094, INSTALADO EM RESERVAÇÃO DE ÁGUA DE EDIFICAÇÃO QUE POSSUA RESERVATÓRIO DE FIBRA/FIBROCIMENTO \u0096 FORNECIMENTO E INSTALAÇÃO. AF_06/2016","UN","85,13","88,23",null,85.13,88.23,"Sinapi 94496"]
["94497","REGISTRO DE GAVETA BRUTO, LATÃO, ROSCÁVEL, 1 1/2\u0094, INSTALADO EM RESERVAÇÃO DE ÁGUA DE EDIFICAÇÃO QUE POSSUA RESERVATÓRIO DE FIBRA/FIBROCIMENTO \u0096 FORNECIMENTO E INSTALAÇÃO. AF_06/2016","UN","100,08","103,18",null,100.08,103.18,"Sinapi 94497"]
["94498","REGISTRO DE GAVETA BRUTO, LATÃO, ROSCÁVEL, 2\u0094, INSTALADO EM RESERVAÇÃO DE ÁGUA DE EDIFICAÇÃO QUE POSSUA RESERVATÓRIO DE FIBRA/FIBROCIMENTO \u0096 FORNECIMENTO E INSTALAÇÃO. AF_06/2016","UN","129,62","132,83",null,129.62,132.83000000000001,"Sinapi 94498"]
["94499","REGISTRO DE GAVETA BRUTO, LATÃO, ROSCÁVEL, 2 1/2\u0094, INSTALADO EM RESERVAÇÃO DE ÁGUA DE EDIFICAÇÃO QUE POSSUA RESERVATÓRIO DE FIBRA/FIBROCIMENTO \u0096 FORNECIMENTO E INSTALAÇÃO. AF_06/2016","UN","237,19","240,40",null,237.19,240.4,"Sinapi 94499"]
["94500","REGISTRO DE GAVETA BRUTO, LATÃO, ROSCÁVEL, 3\u0094, INSTALADO EM RESERVAÇÃO DE ÁGUA DE EDIFICAÇÃO QUE POSSUA RESERVATÓRIO DE FIBRA/FIBROCIMENTO \u0096 FORNECIMENTO E INSTALAÇÃO. AF_06/2016","UN","282,24","285,56",null,282.24,285.56,"Sinapi 94500"]
["94501","REGISTRO DE GAVETA BRUTO, LATÃO, ROSCÁVEL, 4\u0094, INSTALADO EM RESERVAÇÃO DE ÁGUA DE EDIFICAÇÃO QUE POSSUA RESERVATÓRIO DE FIBRA/FIBROCIMENTO \u0096 FORNECIMENTO E INSTALAÇÃO. AF_06/2016","UN","554,79","558,11",null,554.79,558.11,"Sinapi 94501"]
["94792","REGISTRO DE GAVETA BRUTO, LATÃO, ROSCÁVEL, 1\u0094, COM ACABAMENTO E CANOPLA CROMADOS, INSTALADO EM RESERVAÇÃO DE ÁGUA DE EDIFICAÇÃO QUE POSSUA RESERVATÓRIO DE FIBRA/FIBROCIMENTO \u0096 FORNECIMENTO E INSTALAÇÃO. AF_06/2016","UN","106,61","109,65",null,106.61,109.65,"Sinapi 94792"]
["94793","REGISTRO DE GAVETA BRUTO, LATÃO, ROSCÁVEL, 1 1/4\u0094, COM ACABAMENTO E CANOPLA CROMADOS, INSTALADO EM RESERVAÇÃO DE ÁGUA DE EDIFICAÇÃO QUE POSSUA RESERVATÓRIO DE FIBRA/FIBROCIMENTO \u0096 FORNECIMENTO E INSTALAÇÃO. AF_06/2016","UN","138,11","141,21",null,138.11000000000001,141.21,"Sinapi 94793"]
["94794","REGISTRO DE GAVETA BRUTO, LATÃO, ROSCÁVEL, 1 1/2\u0094, COM ACABAMENTO E CANOPLA CROMADOS, INSTALADO EM RESERVAÇÃO DE ÁGUA DE EDIFICAÇÃO QUE POSSUA RESERVATÓRIO DE FIBRA/FIBROCIMENTO \u0096 FORNECIMENTO E INSTALAÇÃO. AF_06/2016","UN","143,17","146,27",null,143.16999999999999,146.27000000000001,"Sinapi 94794"]
["94795","TORNEIRA DE BOIA, ROSCÁVEL, 1/2\u0094 , FORNECIDA E INSTALADA EM RESERVAÇÃO DE ÁGUA. AF_06/2016","UN","37,38","37,91",null,37.380000000000003,37.909999999999997,"Sinapi 94795"]
["94796","TORNEIRA DE BOIA, ROSCÁVEL, 3/4\u0094 , FORNECIDA E INSTALADA EM RESERVAÇÃO DE ÁGUA. AF_06/2016","UN","42,42","43,22",null,42.42,43.22,"Sinapi 94796"]
["94797","TORNEIRA DE BOIA, ROSCÁVEL, 1\u0094, FORNECIDA E INSTALADA EM RESERVAÇÃO DE ÁGUA. AF_06/2016","UN","65,49","66,55",null,65.489999999999995,66.55,"Sinapi 94797"]
["94798","TORNEIRA DE BOIA, ROSCÁVEL, 1 1/4\u0094 , FORNECIDA E INSTALADA EM RESERVAÇÃO DE ÁGUA. AF_06/2016","UN","147,94","149,27",null,147.94,149.27000000000001,"Sinapi 94798"]
["94799","TORNEIRA DE BOIA, ROSCÁVEL, 1 1/2\u0094 , FORNECIDA E INSTALADA EM RESERVAÇÃO DE ÁGUA. AF_06/2016","UN","141,69","143,28",null,141.69,143.28,"Sinapi 94799"]
["94800","TORNEIRA DE BOIA, ROSCÁVEL, 2\u0094, FORNECIDA E INSTALADA EM RESERVAÇÃO DE ÁGUA. AF_06/2016","UN","244,85","246,97",null,244.85,246.97,"Sinapi 94800"]
["95248","VÁLVULA DE ESFERA BRUTA, BRONZE, ROSCÁVEL, 1/2  , INSTALADO EM RESERVAÇÃO DE ÁGUA DE EDIFICAÇÃO QUE POSSUA RESERVATÓRIO DE FIBRA/FIBROCIMENTO - FORNECIMENTO E INSTALAÇÃO. AF_06/2016","UN","65,16","68,20",null,65.16,68.2,"Sinapi 95248"]
["95249","VÁLVULA DE ESFERA BRUTA, BRONZE, ROSCÁVEL, 3/4'', INSTALADO EM RESERVAÇÃO DE ÁGUA DE EDIFICAÇÃO QUE POSSUA RESERVATÓRIO DE FIBRA/FIBROCIMENTO - FORNECIMENTO E INSTALAÇÃO. AF_06/2016","UN","70,96","74,00",null,70.959999999999994,74,"Sinapi 95249"]
["95250","VÁLVULA DE ESFERA BRUTA, BRONZE, ROSCÁVEL, 1'', INSTALADO EM RESERVAÇÃO DE ÁGUA DE EDIFICAÇÃO QUE POSSUA RESERVATÓRIO DE FIBRA/FIBROCIMENTO -   FORNECIMENTO E INSTALAÇÃO. AF_06/2016","UN","86,17","89,21",null,86.17,89.21,"Sinapi 95250"]
["95251","VÁLVULA DE ESFERA BRUTA, BRONZE, ROSCÁVEL, 1 1/4'', INSTALADO EM RESERVAÇÃO DE ÁGUA DE EDIFICAÇÃO QUE POSSUA RESERVATÓRIO DE FIBRA/FIBROCIMENTO -   FORNECIMENTO E INSTALAÇÃO. AF_06/2016","UN","115,57","118,67",null,115.57,118.67,"Sinapi 95251"]
["95252","VÁLVULA DE ESFERA BRUTA, BRONZE, ROSCÁVEL, 1 1/2'', INSTALADO EM RESERVAÇÃO DE ÁGUA DE EDIFICAÇÃO QUE POSSUA RESERVATÓRIO DE FIBRA/FIBROCIMENTO -   FORNECIMENTO E INSTALAÇÃO. AF_06/2016","UN","133,49","136,59",null,{"$f":"IF(D4616=\"\",\"\",D4616+0)","v":133.49},{"$f":"IF(E4616=\"\",\"\",E4616+0)","v":136.59},{"$f":"IF(OR(G4616=\"\",H4616=\"\"),\"\",CONCATENATE(\"Sinapi \",A4616))","v":"Sinapi 95252"}]
["95253","VÁLVULA DE ESFERA BRUTA, BRONZE, ROSCÁVEL, 2'', INSTALADO EM RESERVAÇÃO DE ÁGUA DE EDIFICAÇÃO QUE POSSUA RESERVATÓRIO DE FIBRA/FIBROCIMENTO - FORNECIMENTO E INSTALAÇÃO. AF_06/2016","UN","191,86","195,07",null,191.86,195.07,"Sinapi 95253"]
["99619","VÁLVULA DE RETENÇÃO HORIZONTAL, DE BRONZE, ROSCÁVEL, 3/4\" - FORNECIMENTO E INSTALAÇÃO. AF_01/2019","UN","51,26","52,04",null,51.26,52.04,"Sinapi 99619"]
["99620","VÁLVULA DE RETENÇÃO HORIZONTAL, DE BRONZE, ROSCÁVEL, 1\" - FORNECIMENTO E INSTALAÇÃO. AF_01/2019","UN","87,35","90,39",null,87.35,90.39,"Sinapi 99620"]
["99621","VÁLVULA DE RETENÇÃO HORIZONTAL, DE BRONZE, ROSCÁVEL, 1 1/4\" - FORNECIMENTO E INSTALAÇÃO. AF_01/2019","UN","117,73","120,83",null,117.73,120.83,"Sinapi 99621"]
["99622","VÁLVULA DE RETENÇÃO HORIZONTAL, DE BRONZE, ROSCÁVEL, 1 1/2\"  - FORNECIMENTO E INSTALAÇÃO. AF_01/2019","UN","128,26","131,36",null,128.26,131.36000000000001,"Sinapi 99622"]
["99623","VÁLVULA DE RETENÇÃO HORIZONTAL, DE BRONZE, ROSCÁVEL, 2\"  - FORNECIMENTO E INSTALAÇÃO. AF_01/2019","UN","169,68","172,89",null,169.68,172.89,"Sinapi 99623"]
["99624","VÁLVULA DE RETENÇÃO HORIZONTAL, DE BRONZE, ROSCÁVEL, 2 1/2\" - FORNECIMENTO E INSTALAÇÃO. AF_01/2019","UN","229,98","233,19",null,229.98,233.19,"Sinapi 99624"]
["99625","VÁLVULA DE RETENÇÃO HORIZONTAL, DE BRONZE, ROSCÁVEL, 3\" - FORNECIMENTO E INSTALAÇÃO. AF_01/2019","UN","307,71","311,03",null,307.70999999999998,311.02999999999997,"Sinapi 99625"]
["99626","VÁLVULA DE RETENÇÃO HORIZONTAL, DE BRONZE, ROSCÁVEL, 4\" - FORNECIMENTO E INSTALAÇÃO. AF_01/2019","UN","460,32","463,64",null,460.32,463.64,"Sinapi 99626"]
["99627","VÁLVULA DE RETENÇÃO VERTICAL, DE BRONZE, ROSCÁVEL, 1/2\" - FORNECIMENTO E INSTALAÇÃO. AF_01/2019","UN","54,61","57,71",null,54.61,57.71,"Sinapi 99627"]
["99628","VÁLVULA DE RETENÇÃO VERTICAL, DE BRONZE, ROSCÁVEL, 3/4\" - FORNECIMENTO E INSTALAÇÃO. AF_01/2019","UN","35,46","36,24",null,35.46,36.24,"Sinapi 99628"]
["99629","VÁLVULA DE RETENÇÃO VERTICAL, DE BRONZE, ROSCÁVEL, 1\" - FORNECIMENTO E INSTALAÇÃO. AF_01/2019","UN","58,36","61,40",null,58.36,61.4,"Sinapi 99629"]
["99630","VÁLVULA DE RETENÇÃO VERTICAL, DE BRONZE, ROSCÁVEL, 1 1/4\" - FORNECIMENTO E INSTALAÇÃO. AF_01/2019","UN","74,42","77,52",null,74.42,77.52,"Sinapi 99630"]
["99631","VÁLVULA DE RETENÇÃO VERTICAL, DE BRONZE, ROSCÁVEL, 1 1/2\" - FORNECIMENTO E INSTALAÇÃO. AF_01/2019","UN","81,45","84,55",null,81.45,84.55,"Sinapi 99631"]
["99632","VÁLVULA DE RETENÇÃO VERTICAL, DE BRONZE, ROSCÁVEL, 2\" - FORNECIMENTO E INSTALAÇÃO. AF_01/2019","UN","107,09","110,30",null,107.09,110.3,"Sinapi 99632"]
["99633","VÁLVULA DE RETENÇÃO VERTICAL, DE BRONZE, ROSCÁVEL, 3\" - FORNECIMENTO E INSTALAÇÃO. AF_01/2019","UN","200,62","203,94",null,200.62,203.94,"Sinapi 99633"]
["99634","VÁLVULA DE RETENÇÃO VERTICAL, DE BRONZE, ROSCÁVEL, 4\" - FORNECIMENTO E INSTALAÇÃO. AF_01/2019","UN","325,59","328,91",null,325.58999999999997,328.91,"Sinapi 99634"]
["99635","VÁLVULA DE DESCARGA METÁLICA, BASE 1 1/2 \", ACABAMENTO METALICO CROMADO - FORNECIMENTO E INSTALAÇÃO. AF_01/2019","UN","197,07","200,17",null,197.07,200.17,"Sinapi 99635"]
["95634","KIT CAVALETE PARA MEDIÇÃO DE ÁGUA - ENTRADA PRINCIPAL, EM PVC SOLDÁVEL DN 20 (½\")   FORNECIMENTO E INSTALAÇÃO (EXCLUSIVE HIDRÔMETRO). AF_11/2016","UN","117,47","123,24",null,117.47,123.24,"Sinapi 95634"]
["95635","KIT CAVALETE PARA MEDIÇÃO DE ÁGUA - ENTRADA PRINCIPAL, EM PVC SOLDÁVEL DN 25 (¾\")   FORNECIMENTO E INSTALAÇÃO (EXCLUSIVE HIDRÔMETRO). AF_11/2016","UN","127,43","134,13",null,127.43,134.13,"Sinapi 95635"]
["95637","KIT CAVALETE PARA MEDIÇÃO DE ÁGUA - ENTRADA PRINCIPAL, EM AÇO GALVANIZADO DN 32 (1 ¼\u0094) \u0096 FORNECIMENTO E INSTALAÇÃO (EXCLUSIVE HIDRÔMETRO). AF_11/2016","UN","378,85","400,92",null,378.85,400.92,"Sinapi 95637"]
["95638","KIT CAVALETE PARA MEDIÇÃO DE ÁGUA - ENTRADA PRINCIPAL, EM AÇO GALVANIZADO DN 40 (1 ½\u0094) \u0096 FORNECIMENTO E INSTALAÇÃO (EXCLUSIVE HIDRÔMETRO). AF_11/2016","UN","457,69","483,15",null,457.69,483.15,"Sinapi 95638"]
["95639","KIT CAVALETE PARA MEDIÇÃO DE ÁGUA - ENTRADA PRINCIPAL, EM AÇO GALVANIZADO DN 50 (2\u0094) \u0096 FORNECIMENTO E INSTALAÇÃO (EXCLUSIVE HIDRÔMETRO). AF_11/2016","UN","573,53","599,74",null,573.53,599.74,"Sinapi 95639"]
["95641","KIT CAVALETE PARA MEDIÇÃO DE ÁGUA - ENTRADA INDIVIDUALIZADA, EM PVC DN 25 (¾\u0094), PARA 2 MEDIDORES \u0096 FORNECIMENTO E INSTALAÇÃO (EXCLUSIVE HIDRÔMETRO). AF_11/2016","UN","223,00","233,00",null,223,233,"Sinapi 95641"]
["95642","KIT CAVALETE PARA MEDIÇÃO DE ÁGUA - ENTRADA INDIVIDUALIZADA, EM PVC DN 25 (¾\u0094), PARA 3 MEDIDORES \u0096 FORNECIMENTO E INSTALAÇÃO (EXCLUSIVE HIDRÔMETRO). AF_11/2016","UN","329,85","344,64",null,329.85,344.64,"Sinapi 95642"]
["95643","KIT CAVALETE PARA MEDIÇÃO DE ÁGUA - ENTRADA INDIVIDUALIZADA, EM PVC DN 25 (¾\u0094), PARA 4 MEDIDORES \u0096 FORNECIMENTO E INSTALAÇÃO (EXCLUSIVE HIDRÔMETRO). AF_11/2016","UN","432,03","451,27",null,432.03,451.27,"Sinapi 95643"]
["95644","KIT CAVALETE PARA MEDIÇÃO DE ÁGUA - ENTRADA INDIVIDUALIZADA, EM PVC DN 32 (1\u0094), PARA 1 MEDIDOR \u0096 FORNECIMENTO E INSTALAÇÃO (EXCLUSIVE HIDRÔMETRO). AF_11/2016","UN","161,83","168,17",null,161.83000000000001,168.17,"Sinapi 95644"]
["95645","KIT CAVALETE PARA MEDIÇÃO DE ÁGUA - ENTRADA INDIVIDUALIZADA, EM PVC DN 32 (1\u0094), PARA 2 MEDIDORES \u0096 FORNECIMENTO E INSTALAÇÃO (EXCLUSIVE HIDRÔMETRO). AF_11/2016","UN","297,94","309,19",null,297.94,309.19,"Sinapi 95645"]
["95646","KIT CAVALETE PARA MEDIÇÃO DE ÁGUA - ENTRADA INDIVIDUALIZADA, EM PVC DN 32 (1\u0094), PARA 3 MEDIDORES \u0096 FORNECIMENTO E INSTALAÇÃO (EXCLUSIVE HIDRÔMETRO). AF_11/2016","UN","444,04","460,74",null,444.04,460.74,"Sinapi 95646"]
["95647","KIT CAVALETE PARA MEDIÇÃO DE ÁGUA - ENTRADA INDIVIDUALIZADA, EM PVC DN 32 (1\u0094), PARA 4 MEDIDORES \u0096 FORNECIMENTO E INSTALAÇÃO (EXCLUSIVE HIDRÔMETRO). AF_11/2016","UN","582,90","604,66",null,582.9,604.66,"Sinapi 95647"]
["95673","HIDRÔMETRO DN 20 (½\u0094), 1,5 M³/H \u0096 FORNECIMENTO E INSTALAÇÃO. AF_11/2016","UN","102,30","104,08",null,102.3,104.08,"Sinapi 95673"]
["95674","HIDRÔMETRO DN 20 (½\u0094), 3,0 M³/H \u0096 FORNECIMENTO E INSTALAÇÃO. AF_11/2016","UN","108,62","110,40",null,108.62,110.4,"Sinapi 95674"]
["95675","HIDRÔMETRO DN 25 (¾ ), 5,0 M³/H FORNECIMENTO E INSTALAÇÃO. AF_11/2016","UN","132,69","134,76",null,132.69,134.76,"Sinapi 95675"]
["95676","CAIXA EM CONCRETO PRÉ-MOLDADO PARA ABRIGO DE HIDRÔMETRO COM DN 20 (½\u0094) \u0096 FORNECIMENTO E INSTALAÇÃO. AF_11/2016","UN","87,73","88,58",null,87.73,88.58,"Sinapi 95676"]
["97741","KIT CAVALETE PARA MEDIÇÃO DE ÁGUA - ENTRADA INDIVIDUALIZADA, EM PVC DN 25 (¾\u0094), PARA 1 MEDIDOR \u0096 FORNECIMENTO E INSTALAÇÃO (EXCLUSIVE HIDRÔMETRO). AF_11/2016","UN","124,01","129,71",null,124.01,129.71,"Sinapi 97741"]
["72285","CAIXA DE AREIA 40X40X40CM EM ALVENARIA - EXECUÇÃO","UN","83,15","88,52",null,83.15,88.52,"Sinapi 72285"]
["90436","FURO EM ALVENARIA PARA DIÂMETROS MENORES OU IGUAIS A 40 MM. AF_05/2015","UN","10,98","12,23",null,10.98,12.23,"Sinapi 90436"]
["90437","FURO EM ALVENARIA PARA DIÂMETROS MAIORES QUE 40 MM E MENORES OU IGUAIS A 75 MM. AF_05/2015","UN","26,67","29,74",null,26.67,29.74,"Sinapi 90437"]
["90438","FURO EM ALVENARIA PARA DIÂMETROS MAIORES QUE 75 MM. AF_05/2015","UN","38,22","42,61",null,38.22,42.61,"Sinapi 90438"]
["90439","FURO EM CONCRETO PARA DIÂMETROS MENORES OU IGUAIS A 40 MM. AF_05/2015","UN","46,58","51,68",null,46.58,51.68,"Sinapi 90439"]
["90440","FURO EM CONCRETO PARA DIÂMETROS MAIORES QUE 40 MM E MENORES OU IGUAIS A 75 MM. AF_05/2015","UN","74,61","82,76",null,74.61,82.76,"Sinapi 90440"]
["90441","FURO EM CONCRETO PARA DIÂMETROS MAIORES QUE 75 MM. AF_05/2015","UN","95,30","105,71",null,95.3,105.71,"Sinapi 90441"]
["90443","RASGO EM ALVENARIA PARA RAMAIS/ DISTRIBUIÇÃO COM DIAMETROS MENORES OU IGUAIS A 40 MM. AF_05/2015","M","9,98","11,12",null,9.98,11.12,"Sinapi 90443"]
["90444","RASGO EM CONTRAPISO PARA RAMAIS/ DISTRIBUIÇÃO COM DIÂMETROS MENORES OU IGUAIS A 40 MM. AF_05/2015","M","19,99","22,18",null,19.989999999999998,22.18,"Sinapi 90444"]
["90445","RASGO EM CONTRAPISO PARA RAMAIS/ DISTRIBUIÇÃO COM DIÂMETROS MAIORES QUE 40 MM E MENORES OU IGUAIS A 75 MM. AF_05/2015","M","21,34","23,66",null,21.34,23.66,"Sinapi 90445"]
["90446","RASGO EM CONTRAPISO PARA RAMAIS/ DISTRIBUIÇÃO COM DIÂMETROS MAIORES QUE 75 MM. AF_05/2015","M","23,17","25,71",null,23.17,25.71,"Sinapi 90446"]
["90447","RASGO EM ALVENARIA PARA ELETRODUTOS COM DIAMETROS MENORES OU IGUAIS A 40 MM. AF_05/2015","M","4,94","5,50",null,4.9400000000000004,5.5,"Sinapi 90447"]
["90451","PASSANTE TIPO PEÇA EM POLIESTIRENO PARA ABERTURA PARA PASSAGEM DE 1 TUBO, FIXADO EM LAJE. AF_05/2015","UN","3,29","3,59",null,3.29,3.59,"Sinapi 90451"]
["90452","PASSANTE TIPO PEÇA EM POLIESTIRENO PARA ABERTURA PARA PASSAGEM DE MAIS DE 1 TUBO, FIXADO EM LAJE. AF_05/2015","UN","13,37","13,84",null,13.37,13.84,"Sinapi 90452"]
["90453","PASSANTE TIPO TUBO DE DIÂMETRO MENOR OU IGUAL A 40 MM, FIXADO EM LAJE. AF_05/2015","UN","2,00","2,17",null,2,2.17,"Sinapi 90453"]
["90454","PASSANTE TIPO TUBO DE DIÂMETRO MAIORES QUE 40 MM E MENORES OU IGUAIS A 75 MM, FIXADO EM LAJE. AF_05/2015","UN","3,51","3,78",null,3.51,3.78,"Sinapi 90454"]
["90455","PASSANTE TIPO TUBO DE DIÂMETRO MAIOR QUE 75 MM, FIXADO EM LAJE. AF_05/2015","UN","4,71","5,08",null,4.71,5.08,"Sinapi 90455"]
["90456","QUEBRA EM ALVENARIA PARA INSTALAÇÃO DE CAIXA DE TOMADA (4X4 OU 4X2). AF_05/2015","UN","3,20","3,57",null,3.2,3.57,"Sinapi 90456"]
["90457","QUEBRA EM ALVENARIA PARA INSTALAÇÃO DE QUADRO DISTRIBUIÇÃO PEQUENO (19X25 CM). AF_05/2015","UN","7,30","8,14",null,7.3,8.14,"Sinapi 90457"]
["90458","QUEBRA EM ALVENARIA PARA INSTALAÇÃO DE QUADRO DISTRIBUIÇÃO GRANDE (76X40 CM). AF_05/2015","UN","20,72","23,10",null,20.72,23.1,"Sinapi 90458"]
["90459","QUEBRA EM ALVENARIA PARA INSTALAÇÃO DE ABRIGO PARA MANGUEIRAS (90X60 CM). AF_05/2015","UN","29,22","32,59",null,29.22,32.590000000000003,"Sinapi 90459"]
["90460","PERFILADO DE SEÇÃO 38X76 MM PARA SUPORTE DE ATÉ 3 TUBOS HORIZONTAIS. AF_05/2015","M","26,76","26,90",null,26.76,26.9,"Sinapi 90460"]
["90461","PERFILADO DE SEÇÃO 38X76 MM PARA SUPORTE DE MAIS DE 3 TUBOS HORIZONTAIS. AF_05/2015","M","14,43","14,58",null,14.43,14.58,"Sinapi 90461"]
["90462","PERFILADO DE SEÇÃO 38X38 MM PARA SUPORTE DE ATÉ 3 TUBOS VERTICAIS. AF_05/2015","M","3,19","3,23",null,3.19,3.23,"Sinapi 90462"]
["90463","PERFILADO DE SEÇÃO 38X38 MM PARA SUPORTE DE MAIS DE 3 TUBOS VERTICAIS. AF_05/2015","M","2,51","2,55",null,2.5099999999999998,2.5499999999999998,"Sinapi 90463"]
["90466","CHUMBAMENTO LINEAR EM ALVENARIA PARA RAMAIS/DISTRIBUIÇÃO COM DIÂMETROS MENORES OU IGUAIS A 40 MM. AF_05/2015","M","9,92","10,95",null,9.92,10.95,"Sinapi 90466"]
["90467","CHUMBAMENTO LINEAR EM ALVENARIA PARA RAMAIS/DISTRIBUIÇÃO COM DIÂMETROS MAIORES QUE 40 MM E MENORES OU IGUAIS A 75 MM. AF_05/2015","M","15,69","17,30",null,15.69,17.3,"Sinapi 90467"]
["90468","CHUMBAMENTO LINEAR EM CONTRAPISO PARA RAMAIS/DISTRIBUIÇÃO COM DIÂMETROS MENORES OU IGUAIS A 40 MM. AF_05/2015","M","4,33","4,71",null,4.33,4.71,"Sinapi 90468"]
["90469","CHUMBAMENTO LINEAR EM CONTRAPISO PARA RAMAIS/DISTRIBUIÇÃO COM DIÂMETROS MAIORES QUE 40 MM E MENORES OU IGUAIS A 75 MM. AF_05/2015","M","6,93","7,54",null,{"$f":"IF(D4680=\"\",\"\",D4680+0)","v":6.93},{"$f":"IF(E4680=\"\",\"\",E4680+0)","v":7.54},{"$f":"IF(OR(G4680=\"\",H4680=\"\"),\"\",CONCATENATE(\"Sinapi \",A4680))","v":"Sinapi 90469"}]
["90470","CHUMBAMENTO LINEAR EM CONTRAPISO PARA RAMAIS/DISTRIBUIÇÃO COM DIÂMETROS MAIORES QUE 75 MM. AF_05/2015","M","9,52","10,31",null,9.52,10.31,"Sinapi 90470"]
["91166","FIXAÇÃO DE TUBOS HORIZONTAIS DE PEX DIAMETROS IGUAIS OU INFERIORES A 40 MM COM ABRAÇADEIRA PLÁSTICA 390 MM, FIXADA EM LAJE. AF_05/2015","M","3,16","3,35",null,3.16,3.35,"Sinapi 91166"]
["91167","FIXAÇÃO DE TUBOS HORIZONTAIS DE PPR DIÂMETROS MENORES OU IGUAIS A 40 MM COM ABRAÇADEIRA METÁLICA RÍGIDA TIPO D 1/2\", FIXADA EM PERFILADO EM LAJE. AF_05/2015","M","8,62","9,30",null,8.6199999999999992,9.3000000000000007,"Sinapi 91167"]
["91168","FIXAÇÃO DE TUBOS HORIZONTAIS DE PPR DIÂMETROS MAIORES QUE 40 MM E MENORES OU IGUAIS A 75 MM COM ABRAÇADEIRA METÁLICA RÍGIDA TIPO D 1 1/2\", FIXADA EM PERFILADO EM LAJE. AF_05/2015","M","6,52","7,02",null,6.52,7.02,"Sinapi 91168"]
["91169","FIXAÇÃO DE TUBOS HORIZONTAIS DE PPR DIÂMETROS MAIORES QUE 75 MM COM ABRAÇADEIRA METÁLICA RÍGIDA TIPO D 3\", FIXADA EM PERFILADO EM LAJE. AF_05/2015","M","7,72","8,31",null,7.72,8.31,"Sinapi 91169"]
["91170","FIXAÇÃO DE TUBOS HORIZONTAIS DE PVC, CPVC OU COBRE DIÂMETROS MENORES OU IGUAIS A 40 MM OU ELETROCALHAS ATÉ 150MM DE LARGURA, COM ABRAÇADEIRA METÁLICA RÍGIDA TIPO D 1/2\u0094, FIXADA EM PERFILADO EM LAJE. AF_05/2015","M","2,21","2,39",null,2.21,2.39,"Sinapi 91170"]
["91171","FIXAÇÃO DE TUBOS HORIZONTAIS DE PVC, CPVC OU COBRE DIÂMETROS MAIORES QUE 40 MM E MENORES OU IGUAIS A 75 MM COM ABRAÇADEIRA METÁLICA RÍGIDA TIPO D 1 1/2\", FIXADA EM PERFILADO EM LAJE. AF_05/2015","M","2,77","2,98",null,2.77,2.98,"Sinapi 91171"]
["91172","FIXAÇÃO DE TUBOS HORIZONTAIS DE PVC, CPVC OU COBRE DIÂMETROS MAIORES QUE 75 MM COM ABRAÇADEIRA METÁLICA RÍGIDA TIPO D 3\", FIXADA EM PERFILADO EM LAJE. AF_05/2015","M","4,07","4,39",null,4.07,4.3899999999999997,"Sinapi 91172"]
["91173","FIXAÇÃO DE TUBOS VERTICAIS DE PPR DIÂMETROS MENORES OU IGUAIS A 40 MM COM ABRAÇADEIRA METÁLICA RÍGIDA TIPO D 1/2\", FIXADA EM PERFILADO EM ALVENARIA. AF_05/2015","M","1,12","1,21",null,1.1200000000000001,1.21,"Sinapi 91173"]
["91174","FIXAÇÃO DE TUBOS VERTICAIS DE PPR DIÂMETROS MAIORES QUE 40 MM E MENORES OU IGUAIS A 75 MM COM ABRAÇADEIRA METÁLICA RÍGIDA TIPO D 1 1/2\", FIXADA EM PERFILADO EM ALVENARIA. AF_05/2015","M","2,20","2,37",null,2.2000000000000002,2.37,"Sinapi 91174"]
["91175","FIXAÇÃO DE TUBOS VERTICAIS DE PPR DIÂMETROS MAIORES QUE 75 MM COM ABRAÇADEIRA METÁLICA RÍGIDA TIPO D 3\", FIXADA EM PERFILADO EM ALVENARIA. AF_05/2015","M","3,58","3,86",null,3.58,3.86,"Sinapi 91175"]
["91176","FIXAÇÃO DE TUBOS HORIZONTAIS DE PPR DIÂMETROS MENORES OU IGUAIS A 40 MM COM ABRAÇADEIRA METÁLICA RÍGIDA TIPO  D  1/2\" , FIXADA DIRETAMENTE NA LAJE. AF_05/2015","M","36,66","38,03",null,36.659999999999997,38.03,"Sinapi 91176"]
["91177","FIXAÇÃO DE TUBOS HORIZONTAIS DE PPR DIÂMETROS MAIORES QUE 40 MM E MENORES OU IGUAIS A 75 MM COM ABRAÇADEIRA METÁLICA RÍGIDA TIPO  D  1 1/2\" , FIXADA DIRETAMENTE NA LAJE. AF_05/2015","M","16,24","17,02",null,16.239999999999998,17.02,"Sinapi 91177"]
["91178","FIXAÇÃO DE TUBOS HORIZONTAIS DE PPR DIÂMETROS MAIORES QUE 75 MM COM ABRAÇADEIRA METÁLICA RÍGIDA TIPO  D  3\" , FIXADA DIRETAMENTE NA LAJE. AF_05/2015","M","15,63","16,43",null,15.63,16.43,"Sinapi 91178"]
["91179","FIXAÇÃO DE TUBOS HORIZONTAIS DE PVC, CPVC OU COBRE DIÂMETROS MENORES OU IGUAIS A 40 MM COM ABRAÇADEIRA METÁLICA RÍGIDA TIPO  D  1/2\" , FIXADA DIRETAMENTE NA LAJE. AF_05/2015","M","9,41","9,76",null,9.41,9.76,"Sinapi 91179"]
["91180","FIXAÇÃO DE TUBOS HORIZONTAIS DE PVC, CPVC OU COBRE DIÂMETROS MAIORES QUE 40 MM E MENORES OU IGUAIS A 75 MM COM ABRAÇADEIRA METÁLICA RÍGIDA TIPO \u0093D\u0094 1 1/2\u0094, FIXADA DIRETAMENTE NA LAJE. AF_05/2015","M","7,39","7,72",null,7.39,7.72,"Sinapi 91180"]
["91181","FIXAÇÃO DE TUBOS HORIZONTAIS DE PVC, CPVC OU COBRE DIÂMETROS MAIORES QUE 75 MM COM ABRAÇADEIRA METÁLICA RÍGIDA TIPO  D  3\" , FIXADA DIRETAMENTE NA LAJE. AF_05/2015","M","7,75","8,18",null,7.75,8.18,"Sinapi 91181"]
["91182","FIXAÇÃO DE TUBOS HORIZONTAIS DE PPR DIÂMETROS MENORES OU IGUAIS A 40 MM COM ABRAÇADEIRA METÁLICA FLEXÍVEL 18 MM, FIXADA DIRETAMENTE NA LAJE. AF_05/2015","M","21,11","23,19",null,21.11,23.19,"Sinapi 91182"]
["91183","FIXAÇÃO DE TUBOS HORIZONTAIS DE PPR DIÂMETROS MAIORES QUE 40 MM E MENORES OU IGUAIS A 75 MM COM ABRAÇADEIRA METÁLICA FLEXÍVEL 18 MM, FIXADA DIRETAMENTE NA LAJE. AF_05/2015","M","10,37","11,41",null,10.37,11.41,"Sinapi 91183"]
["91184","FIXAÇÃO DE TUBOS HORIZONTAIS DE PPR DIÂMETROS MAIORES QUE 75 MM COM ABRAÇADEIRA METÁLICA FLEXÍVEL 18 MM, FIXADA DIRETAMENTE NA LAJE. AF_05/2015","M","9,66","10,65",null,9.66,10.65,"Sinapi 91184"]
["91185","FIXAÇÃO DE TUBOS HORIZONTAIS DE PVC, CPVC OU COBRE DIÂMETROS MENORES OU IGUAIS A 40 MM COM ABRAÇADEIRA METÁLICA FLEXÍVEL 18 MM, FIXADA DIRETAMENTE NA LAJE. AF_05/2015","M","5,42","5,95",null,5.42,5.95,"Sinapi 91185"]
["91186","FIXAÇÃO DE TUBOS HORIZONTAIS DE PVC, CPVC OU COBRE DIÂMETROS MAIORES QUE 40 MM E MENORES OU IGUAIS A 75 MM COM ABRAÇADEIRA METÁLICA FLEXÍVEL 18 MM, FIXADA DIRETAMENTE NA LAJE. AF_05/2015","M","4,43","4,87",null,4.43,4.87,"Sinapi 91186"]
["91187","FIXAÇÃO DE TUBOS HORIZONTAIS DE PVC, CPVC OU COBRE DIÂMETROS MAIORES QUE 75 MM COM ABRAÇADEIRA METÁLICA FLEXÍVEL 18 MM, FIXADA DIRETAMENTE NA LAJE. AF_05/2015","M","5,10","5,62",null,5.0999999999999996,5.62,"Sinapi 91187"]
["91188","CHUMBAMENTO PONTUAL DE ABERTURA EM LAJE COM PASSAGEM DE 1 TUBO DE DIAMETRO EQUIVALENTE IGUAL À  50 MM. AF_05/2015","UN","5,26","5,75",null,5.26,5.75,"Sinapi 91188"]
["91189","CHUMBAMENTO PONTUAL DE ABERTURA EM LAJE COM PASSAGEM DE MAIS DE 1 TUBO DE  DIAMETRO EQUIVALENTE IGUAL À  50 MM. AF_05/2015","UN","34,81","36,99",null,34.81,36.99,"Sinapi 91189"]
["91190","CHUMBAMENTO PONTUAL EM PASSAGEM DE TUBO COM DIÂMETRO MENOR OU IGUAL A 40 MM. AF_05/2015","UN","3,84","4,24",null,3.84,4.24,"Sinapi 91190"]
["91191","CHUMBAMENTO PONTUAL EM PASSAGEM DE TUBO COM DIÂMETROS ENTRE 40 MM E 75 MM. AF_05/2015","UN","4,07","4,50",null,4.07,4.5,"Sinapi 91191"]
["91192","CHUMBAMENTO PONTUAL EM PASSAGEM DE TUBO COM DIÂMETRO MAIOR QUE 75 MM. AF_05/2015","UN","4,52","5,00",null,4.5199999999999996,5,"Sinapi 91192"]
["91222","RASGO EM ALVENARIA PARA RAMAIS/ DISTRIBUIÇÃO COM DIÂMETROS MAIORES QUE 40 MM E MENORES OU IGUAIS A 75 MM. AF_05/2015","M","10,74","11,97",null,10.74,11.97,"Sinapi 91222"]
["94480","CONJUNTO HIDRÁULICO PARA INSTALAÇÃO DE BOMBA EM AÇO ROSCÁVEL, DN SUCÇÃO 65 (2½\u0094) E DN RECALQUE 50 (2\u0094), PARA EDIFICAÇÃO ENTRE 12 E 18 PAVIMENTOS \u0096 FORNECIMENTO E INSTALAÇÃO. AF_06/2016","UN","1.689,71","1.759,30",null,1689.71,1759.3,"Sinapi 94480"]
["94481","CONJUNTO HIDRÁULICO PARA INSTALAÇÃO DE BOMBA EM AÇO ROSCÁVEL, DN SUCÇÃO 50 (2\u0094) E DN RECALQUE 40 (1 1/2\u0094), PARA EDIFICAÇÃO ENTRE 8 E 12 PAVIMENTOS \u0096 FORNECIMENTO E INSTALAÇÃO. AF_06/2016","UN","1.210,83","1.272,70",null,1210.83,1272.7,"Sinapi 94481"]
["94482","CONJUNTO HIDRÁULICO PARA INSTALAÇÃO DE BOMBA EM AÇO ROSCÁVEL, DN SUCÇÃO 40 (1 1/2\u0094) E DN RECALQUE 32 (1 1/4\u0094), PARA EDIFICAÇÃO ENTRE 4 E 8 PAVIMENTOS \u0096 FORNECIMENTO E INSTALAÇÃO. AF_06/2016","UN","974,57","1.030,91",null,974.57,1030.9100000000001,"Sinapi 94482"]
["94483","CONJUNTO HIDRÁULICO PARA INSTALAÇÃO DE BOMBA EM AÇO ROSCÁVEL, DN SUCÇÃO 32 (1 1/4\u0094) E DN RECALQUE 25 (1\u0094), PARA EDIFICAÇÃO ATÉ 4 PAVIMENTOS \u0096 FORNECIMENTO E INSTALAÇÃO. AF_06/2016","UN","828,85","880,63",null,828.85,880.63,"Sinapi 94483"]
["95541","FIXAÇÃO UTILIZANDO PARAFUSO E BUCHA DE NYLON, SOMENTE MÃO DE OBRA. AF_10/2016","UN","3,55","3,97",null,3.55,3.97,"Sinapi 95541"]
["95573","MÃO-FRANCESA EM AÇO, ABAS IGUAIS 40 CM, CAPACIDADE MÍNIMA 70 KG, BRANCO \u0096 FORNECIMENTO E INSTALAÇÃO. AF_11/2016","UN","17,16","17,53",null,17.16,17.53,"Sinapi 95573"]
["95574","MÃO-FRANCESA EM AÇO, ABAS IGUAIS 30 CM, CAPACIDADE MÍNIMA 60 KG, BRANCO \u0096 FORNECIMENTO E INSTALAÇÃO. AF_11/2016","UN","15,22","15,59",null,15.22,15.59,"Sinapi 95574"]
["96559","PERFILADO DE SEÇÃO 38X76 MM PARA SUPORTE DE DUTO EM CHAPA GALVANIZADA BITOLA 26. AF_07/2017","M2","75,73","76,12",null,75.73,76.12,"Sinapi 96559"]
["96560","PERFILADO DE SEÇÃO 38X76 MM PARA SUPORTE DE DUTO EM CHAPA GALVANIZADA BITOLA 24. AF_07/2017","M2","37,71","38,10",null,37.71,38.1,"Sinapi 96560"]
["96561","PERFILADO DE SEÇÃO 38X76 MM PARA SUPORTE DE DUTO EM CHAPA GALVANIZADA BITOLA 22. AF_07/2017","M2","22,76","22,97",null,22.76,22.97,"Sinapi 96561"]
["96562","PERFILADO DE SEÇÃO 38X76 MM PARA SUPORTE DE ELETROCALHA LISA OU PERFURADA EM AÇO GALVANIZADO, LARGURA 200 OU 400 MM E ALTURA 50 MM. AF_07/2017","M","38,57","38,98",null,38.57,38.979999999999997,"Sinapi 96562"]
["96563","PERFILADO DE SEÇÃO 38X76 MM PARA SUPORTE DE ELETROCALHA LISA OU PERFURADA EM AÇO GALVANIZADO, LARGURA 500 OU 800 MM E ALTURA 50 MM. AF_07/2017","M","40,98","41,39",null,40.98,41.39,"Sinapi 96563"]
["73826/1","INSTALACAO DE COMPRESSOR DE AR, POTENCIA <= 5 CV","UN","389,90","430,90",null,389.9,430.9,"Sinapi 73826/1"]
["73826/2","INSTALACAO DE COMPRESSOR DE AR, POTENCIA > 5 E <= 10 CV","UN","506,87","560,17",null,506.87,560.16999999999996,"Sinapi 73826/2"]
["73834/1","INSTALACAO DE CONJ.MOTO BOMBA SUBMERSIVEL ATE 10 CV","UN","165,50","183,15",null,165.5,183.15,"Sinapi 73834/1"]
["73834/2","INSTALACAO DE CONJ.MOTO BOMBA SUBMERSIVEL DE 11 A 25 CV","UN","264,80","293,04",null,264.8,293.04000000000002,"Sinapi 73834/2"]
["73834/3","INSTALACAO DE CONJ.MOTO BOMBA SUBMERSIVEL DE 26 A 50 CV","UN","529,60","586,08",null,529.6,586.08000000000004,"Sinapi 73834/3"]
["73834/4","INSTALACAO DE CONJ.MOTO BOMBA SUBMERSIVEL DE 51 A 100 CV","UN","794,40","879,12",null,794.4,879.12,"Sinapi 73834/4"]
["73835/1","INSTALACAO DE CONJ.MOTO BOMBA VERTICAL POT <= 100 CV","UN","1.028,50","1.138,75",null,1028.5,1138.75,"Sinapi 73835/1"]
["73835/2","INSTALACAO DE CONJ.MOTO BOMBA VERTICAL 100 < POT <= 200 CV","UN","1.398,76","1.548,70",null,1398.76,1548.7,"Sinapi 73835/2"]
["73835/3","INSTALACAO DE CONJ.MOTO BOMBA VERTICAL 200 < POT <= 300 CV","UN","1.563,32","1.730,90",null,1563.32,1730.9,"Sinapi 73835/3"]
["73836/1","INSTALACAO DE CONJ.MOTO BOMBA HORIZONTAL ATE 10 CV","UN","411,40","455,50",null,411.4,455.5,"Sinapi 73836/1"]
["73836/2","INSTALACAO DE CONJ.MOTO BOMBA HORIZONTAL DE 12,5 A 25 CV","UN","534,82","592,15",null,534.82000000000005,592.15,"Sinapi 73836/2"]
["73836/3","INSTALACAO DE CONJ.MOTO BOMBA HORIZONTAL DE 30 A 75 CV","UN","822,80","911,00",null,822.8,911,"Sinapi 73836/3"]
["73836/4","INSTALACAO DE CONJ.MOTO BOMBA HORIZONTAL DE 100 A 150 CV","UN","1.316,48","1.457,60",null,1316.48,1457.6,"Sinapi 73836/4"]
["73837/1","INSTALACAO DE CONJ.MOTO BOMBA SUBMERSO ATE 5 CV","UN","165,50","183,15",null,165.5,183.15,"Sinapi 73837/1"]
["73837/2","INSTALACAO DE CONJ.MOTO BOMBA SUBMERSO DE 6 A 25 CV","UN","331,00","366,30",null,331,366.3,"Sinapi 73837/2"]
["73837/3","INSTALACAO DE CONJ.MOTO BOMBA SUBMERSO DE 26 A 50 CV","UN","662,00","732,60",null,662,732.6,"Sinapi 73837/3"]
["73612","INSTALACAO DE CLORADOR","UN","310,30","342,70",null,310.3,342.7,"Sinapi 73612"]
["73660","LEITO FILTRANTE - ASSENTAMENTO DE BLOCOS LEOPOLD","M2","74,77","79,07",null,74.77,79.069999999999993,"Sinapi 73660"]
["73693","LEITO FILTRANTE - COLOCACAO DE LONA PLASTICA","M2","20,26","21,98",null,20.260000000000002,21.98,"Sinapi 73693"]
["73694","INSTALACAO DE BOMBA DOSADORA","UN","126,83","140,62",null,126.83,140.62,"Sinapi 73694"]
["73695","INSTALACAO DE AGITADOR","UN","65,22","72,32",null,65.22,72.319999999999993,"Sinapi 73695"]
["73824/1","INSTALACAO DE MISTURADOR VERTICAL","UN","310,30","342,70",null,310.3,342.7,"Sinapi 73824/1"]
["73825/2","VERTEDOR TRIANGULAR DE ALUMINIO","M2","940,62","963,48",null,{"$f":"IF(D4744=\"\",\"\",D4744+0)","v":940.62},{"$f":"IF(E4744=\"\",\"\",E4744+0)","v":963.48},{"$f":"IF(OR(G4744=\"\",H4744=\"\"),\"\",CONCATENATE(\"Sinapi \",A4744))","v":"Sinapi 73825/2"}]
["73873/1","LEITO FILTRANTE - COLOCACAO E APILOAMENTO DE TERRA NO FILTRO","M3","74,23","82,23",null,74.23,82.23,"Sinapi 73873/1"]
["73873/2","LEITO FILTRANTE - FORN.E ENCHIMENTO C/ BRITA NO. 4","M3","183,82","193,34",null,183.82,193.34,"Sinapi 73873/2"]
["73873/3","LEITO FILTRANTE - COLOCACAO DE AREIA NOS FILTROS","M3","74,23","82,23",null,74.23,82.23,"Sinapi 73873/3"]
["73873/4","LEITO FILTRANTE - COLOCACAO DE PEDREGULHOS NOS FILTROS","M3","81,29","90,05",null,81.290000000000006,90.05,"Sinapi 73873/4"]
["73873/5","LEITO FILTRANTE - COLOCACAO DE ANTRACITO NOS FILTROS","M3","74,23","82,23",null,74.23,82.23,"Sinapi 73873/5"]
["73827/1","KIT CAVALETE PVC COM REGISTRO 1/2\" - FORNECIMENTO E INSTALAÇÃO","UN","75,13","77,09",null,75.13,77.09,"Sinapi 73827/1"]
["74218/1","KIT CAVALETE PVC COM REGISTRO 3/4\" - FORNECIMENTO E INSTALACAO","UN","73,32","74,64",null,73.319999999999993,74.64,"Sinapi 74218/1"]
["74253/1","RAMAL PREDIAL EM TUBO PEAD 20MM - FORNECIMENTO, INSTALAÇÃO, ESCAVAÇÃO E REATERRO","M","22,09","23,95",null,22.09,23.95,"Sinapi 74253/1"]
["83878","LIGACAO DA REDE 50MM AO RAMAL PREDIAL 1/2\"","UN","50,30","52,20",null,50.3,52.2,"Sinapi 83878"]
["83879","LIGACAO DA REDE 75MM AO RAMAL PREDIAL 1/2\"","UN","57,04","59,32",null,57.04,59.32,"Sinapi 83879"]
["73658","LIGAÇÃO DOMICILIAR DE ESGOTO DN 100MM, DA CASA ATÉ A CAIXA, COMPOSTO POR 10,0M TUBO DE PVC ESGOTO PREDIAL DN 100MM E CAIXA DE ALVENARIA COM TAMPA DE CONCRETO - FORNECIMENTO E INSTALAÇÃO","UN","513,05","551,05",null,513.04999999999995,551.04999999999995,"Sinapi 73658"]
["93350","COLETOR PREDIAL DE ESGOTO, DA CAIXA ATÉ A REDE (DISTÂNCIA = 10 M, LARGURA DA VALA = 0,65 M), INCLUINDO ESCAVAÇÃO MANUAL, PREPARO DE FUNDO DE VALA E REATERRO MANUAL COM COMPACTAÇÃO MECANIZADA, TUBO PVC P/ REDE COLETORA ESGOTO JEI DN 100 MM E CONEXÕES - FORNECIMENTO E INSTALAÇÃO. AF_03/2016","UN","768,13","812,10",null,768.13,812.1,"Sinapi 93350"]
["93351","COLETOR PREDIAL DE ESGOTO, DA CAIXA ATÉ A REDE (DISTÂNCIA = 8 M, LARGURA DA VALA = 0,65 M), INCLUINDO ESCAVAÇÃO MANUAL, PREPARO DE FUNDO DE VALA E REATERRO MANUAL COM COMPACTAÇÃO MECANIZADA, TUBO PVC P/ REDE COLETORA ESGOTO JEI DN 100 MM E CONEXÕES - FORNECIMENTO E INSTALAÇÃO. AF_03/2016","UN","626,23","661,38",null,626.23,661.38,"Sinapi 93351"]
["93352","COLETOR PREDIAL DE ESGOTO, DA CAIXA ATÉ A REDE (DISTÂNCIA = 6 M, LARGURA DA VALA = 0,65 M), INCLUINDO ESCAVAÇÃO MANUAL, PREPARO DE FUNDO DE VALA E REATERRO MANUAL COM COMPACTAÇÃO MECANIZADA, TUBO PVC P/ REDE COLETORA ESGOTO JEI DN 100 MM E CONEXÕES - FORNECIMENTO E INSTALAÇÃO. AF_03/2016","UN","485,15","511,68",null,485.15,511.68,"Sinapi 93352"]
["93353","COLETOR PREDIAL DE ESGOTO, DA CAIXA ATÉ A REDE (DISTÂNCIA = 4 M, LARGURA DA VALA = 0,65 M), INCLUINDO ESCAVAÇÃO MANUAL, PREPARO DE FUNDO DE VALA E REATERRO MANUAL COM COMPACTAÇÃO MECANIZADA, TUBO  PVC P/ REDE COLETORA ESGOTO JEI DN 100 MM E CONEXÕES - FORNECIMENTO E INSTALAÇÃO. AF_03/2016","UN","347,48","365,59",null,347.48,365.59,"Sinapi 93353"]
["93354","COLETOR PREDIAL DE ESGOTO, DA CAIXA ATÉ A REDE (DISTÂNCIA = 10 M, LARGURA DA VALA = 0,65 M), INCLUINDO ESCAVAÇÃO MECANIZADA, PREPARO DE FUNDO DE VALA E REATERRO COM COMPACTAÇÃO MECANIZADA, TUBO PVC P/ REDE COLETORA ESGOTO JEI DN 100 MM E CONEXÕES - FORNECIMENTO E INSTALAÇÃO. AF_03/2016","UN","498,14","512,10",null,498.14,512.1,"Sinapi 93354"]
["93355","COLETOR PREDIAL DE ESGOTO, DA CAIXA ATÉ A REDE (DISTÂNCIA = 8 M, LARGURA DA VALA = 0,65 M), INCLUINDO ESCAVAÇÃO MECANIZADA, PREPARO DE FUNDO DE VALA E REATERRO COM COMPACTAÇÃO MECANIZADA, TUBO PVC P/ REDE COLETORA ESGOTO JEI DN 100 MM E CONEXÕES - FORNECIMENTO E INSTALAÇÃO. AF_03/2016","UN","413,39","424,87",null,413.39,424.87,"Sinapi 93355"]
["93356","COLETOR PREDIAL DE ESGOTO, DA CAIXA ATÉ A REDE (DISTÂNCIA = 6 M, LARGURA DA VALA = 0,65 M), INCLUINDO ESCAVAÇÃO MECANIZADA, PREPARO DE FUNDO DE VALA E REATERRO COM COMPACTAÇÃO MECANIZADA, TUBO PVC P/ REDE COLETORA ESGOTO JEI DN 100 MM E CONEXÕES - FORNECIMENTO E INSTALAÇÃO. AF_03/2016","UN","327,88","336,91",null,327.88,336.91,"Sinapi 93356"]
["93357","COLETOR PREDIAL DE ESGOTO, DA CAIXA ATÉ A REDE (DISTÂNCIA = 4 M, LARGURA DA VALA = 0,65 M), INCLUINDO ESCAVAÇÃO MECANIZADA, PREPARO DE FUNDO DE VALA E REATERRO COM COMPACTAÇÃO MECANIZADA, TUBO PVC P/ REDE COLETORA ESGOTO JEI DN 100 MM E CONEXÕES - FORNECIMENTO E INSTALAÇÃO. AF_03/2016","UN","244,21","250,82",null,244.21,250.82,"Sinapi 93357"]
["83335","ESCAVACAO SUBMERSA COM DRAGA DE MANDIBULA","M3","31,73","32,39",null,31.73,32.39,"Sinapi 83335"]
["88548","DRAGAGEM (C/ ESCAVADEIRA DRAG LINE DE ARRASTE 140HP)","M3","25,76","25,99",null,25.76,25.99,"Sinapi 88548"]
["73903/1","LIMPEZA SUPERFICIAL DA CAMADA VEGETAL EM JAZIDA","M2","0,30","0,31",null,0.3,0.31,"Sinapi 73903/1"]
["74151/1","ESCAVACAO E CARGA MATERIAL 1A CATEGORIA, UTILIZANDO TRATOR DE ESTEIRAS DE 110 A 160HP COM LAMINA, PESO OPERACIONAL * 13T  E PA CARREGADEIRA COM 170 HP.","M3","2,50","2,57",null,2.5,2.57,"Sinapi 74151/1"]
["74154/1","ESCAVACAO, CARGA E TRANSPORTE DE  MATERIAL DE 1A CATEGORIA COM TRATOR SOBRE ESTEIRAS 347 HP E CACAMBA 6M3,  DMT 50 A 200M","M3","3,71","3,79",null,3.71,3.79,"Sinapi 74154/1"]
["74155/1","ESCAVACAO E TRANSPORTE DE MATERIAL DE  1A CAT DMT 50M COM TRATOR SOBRE  ESTEIRAS 347 HP COM LAMINA E ESCARIFICADOR","M3","1,34","1,35",null,1.34,1.35,"Sinapi 74155/1"]
["74155/2","ESCAVACAO E TRANSPORTE DE MATERIAL DE  2A CAT DMT 50M COM TRATOR SOBRE  ESTEIRAS 347 HP COM LAMINA E ESCARIFICADOR","M3","2,60","2,62",null,2.6,2.62,"Sinapi 74155/2"]
["74205/1","ESCAVACAO MECANICA DE MATERIAL 1A. CATEGORIA, PROVENIENTE DE CORTE DE SUBLEITO (C/TRATOR ESTEIRAS  160HP)","M3","1,29","1,32",null,1.29,1.32,"Sinapi 74205/1"]
["79473","CORTE E ATERRO COMPENSADO","M3","4,58","4,64",null,4.58,4.6399999999999997,"Sinapi 79473"]
["79480","ESCAVACAO MECANICA CAMPO ABERTO EM SOLO EXCETO ROCHA ATE 2,00M PROFUNDIDADE","M3","1,89","1,92",null,1.89,1.92,"Sinapi 79480"]
["83336","ESCAVACAO MECANICA PARA ACERTO DE TALUDES, EM MATERIAL DE 1A CATEGORIA, COM ESCAVADEIRA HIDRAULICA","M3","3,76","3,92",null,3.76,3.92,"Sinapi 83336"]
["83338","ESCAVACAO MECANICA, A CEU ABERTO, EM MATERIAL DE 1A CATEGORIA, COM ESCAVADEIRA HIDRAULICA, CAPACIDADE DE 0,78 M3","M3","2,05","2,12",null,2.0499999999999998,2.12,"Sinapi 83338"]
["89885","ESCAVAÇÃO VERTICAL A CÉU ABERTO, INCLUINDO CARGA, DESCARGA E TRANSPORTE, EM SOLO DE 1ª CATEGORIA COM ESCAVADEIRA HIDRÁULICA (CAÇAMBA: 0,8 M³ / 111 HP), FROTA DE 3 CAMINHÕES BASCULANTES DE 14 M³, DMT DE 0,2 KM E VELOCIDADE MÉDIA 4 KM/H. AF_12/2013","M3","6,91","7,02",null,6.91,7.02,"Sinapi 89885"]
["89886","ESCAVAÇÃO VERTICAL A CÉU ABERTO, INCLUINDO CARGA, DESCARGA E TRANSPORTE, EM SOLO DE 1ª CATEGORIA COM ESCAVADEIRA HIDRÁULICA (CAÇAMBA: 0,8 M³ / 111 HP), FROTA DE 3 CAMINHÕES BASCULANTES DE 14 M³, DMT DE 0,3 KM E VELOCIDADE MÉDIA 5,9 KM/H. AF_12/2013","M3","6,94","7,05",null,6.94,7.05,"Sinapi 89886"]
["89887","ESCAVAÇÃO VERTICAL A CÉU ABERTO, INCLUINDO CARGA, DESCARGA E TRANSPORTE, EM SOLO DE 1ª CATEGORIA COM ESCAVADEIRA HIDRÁULICA (CAÇAMBA: 0,8 M³ / 111 HP), FROTA DE 3 CAMINHÕES BASCULANTES DE 14 M³, DMT DE 0,6 KM E VELOCIDADE MÉDIA 10 KM/H. AF_12/2013","M3","7,17","7,29",null,7.17,7.29,"Sinapi 89887"]
["89888","ESCAVAÇÃO VERTICAL A CÉU ABERTO, INCLUINDO CARGA, DESCARGA E TRANSPORTE, EM SOLO DE 1ª CATEGORIA COM ESCAVADEIRA HIDRÁULICA (CAÇAMBA: 0,8 M³ / 111 HP), FROTA DE 3 CAMINHÕES BASCULANTES DE 14 M³, DMT DE 0,8 KM E VELOCIDADE MÉDIA 14 KM/H. AF_12/2013","M3","7,10","7,21",null,7.1,7.21,"Sinapi 89888"]
["89889","ESCAVAÇÃO VERTICAL A CÉU ABERTO, INCLUINDO CARGA, DESCARGA E TRANSPORTE, EM SOLO DE 1ª CATEGORIA COM ESCAVADEIRA HIDRÁULICA (CAÇAMBA: 0,8 M³ / 111 HP), FROTA DE 3 CAMINHÕES BASCULANTES DE 14 M³, DMT DE 1 KM E VELOCIDADE MÉDIA 15 KM/H. AF_12/2013","M3","7,35","7,47",null,7.35,7.47,"Sinapi 89889"]
["89890","ESCAVAÇÃO VERTICAL A CÉU ABERTO, INCLUINDO CARGA, DESCARGA E TRANSPORTE, EM SOLO DE 1ª CATEGORIA COM ESCAVADEIRA HIDRÁULICA (CAÇAMBA: 0,8 M³ / 111 HP), FROTA DE 4 CAMINHÕES BASCULANTES DE 14 M³, DMT DE 1,5 KM E VELOCIDADE MÉDIA 18 KM/H. AF_12/2013","M3","10,24","10,37",null,10.24,10.37,"Sinapi 89890"]
["89893","ESCAVAÇÃO VERTICAL A CÉU ABERTO, INCLUINDO CARGA, DESCARGA E TRANSPORTE, EM SOLO DE 1ª CATEGORIA COM ESCAVADEIRA HIDRÁULICA (CAÇAMBA: 0,8 M³ / 111 HP), FROTA DE 5 CAMINHÕES BASCULANTES DE 14 M³, DMT DE 3 KM E VELOCIDADE MÉDIA 20 KM/H. AF_12/2013","M3","12,62","12,78",null,12.62,12.78,"Sinapi 89893"]
["89894","ESCAVAÇÃO VERTICAL A CÉU ABERTO, INCLUINDO CARGA, DESCARGA E TRANSPORTE, EM SOLO DE 1ª CATEGORIA COM ESCAVADEIRA HIDRÁULICA (CAÇAMBA: 0,8 M³ / 111 HP), FROTA DE 6 CAMINHÕES BASCULANTES DE 14 M³, DMT DE 4 KM E VELOCIDADE MÉDIA 22 KM/H. AF_12/2013","M3","14,06","14,25",null,14.06,14.25,"Sinapi 89894"]
["89895","ESCAVAÇÃO VERTICAL A CÉU ABERTO, INCLUINDO CARGA, DESCARGA E TRANSPORTE, EM SOLO DE 1ª CATEGORIA COM ESCAVADEIRA HIDRÁULICA (CAÇAMBA: 0,8 M³ / 111 HP), FROTA DE 7 CAMINHÕES BASCULANTES DE 14 M³, DMT DE 6 KM E VELOCIDADE MÉDIA 22 KM/H. AF_12/2013","M3","17,07","17,29",null,17.07,17.29,"Sinapi 89895"]
["89903","ESCAVAÇÃO VERTICAL A CÉU ABERTO, INCLUINDO CARGA, DESCARGA E TRANSPORTE, EM SOLO DE 1ª CATEGORIA COM ESCAVADEIRA HIDRÁULICA (CAÇAMBA: 0,8 M³ / 111 HP), FROTA DE 2 CAMINHÕES BASCULANTES DE 18 M³, DMT DE 0,2 KM E VELOCIDADE MÉDIA 4 KM/H. AF_12/2013","M3","6,04","6,14",null,6.04,6.14,"Sinapi 89903"]
["89904","ESCAVAÇÃO VERTICAL A CÉU ABERTO, INCLUINDO CARGA, DESCARGA E TRANSPORTE, EM SOLO DE 1ª CATEGORIA COM ESCAVADEIRA HIDRÁULICA (CAÇAMBA: 0,8 M³ / 111 HP), FROTA DE 2 CAMINHÕES BASCULANTES DE 18 M³, DMT DE 0,3 KM E VELOCIDADE MÉDIA 5,9KM/H. AF_12/2013","M3","6,07","6,18",null,6.07,6.18,"Sinapi 89904"]
["89905","ESCAVAÇÃO VERTICAL A CÉU ABERTO, INCLUINDO CARGA, DESCARGA E TRANSPORTE, EM SOLO DE 1ª CATEGORIA COM ESCAVADEIRA HIDRÁULICA (CAÇAMBA: 0,8 M³ / 111 HP), FROTA DE 2 CAMINHÕES BASCULANTES DE 18 M³, DMT DE 0,6 KM E VELOCIDADE MÉDIA 10 KM/H. AF_12/2013","M3","6,28","6,37",null,6.28,6.37,"Sinapi 89905"]
["89906","ESCAVAÇÃO VERTICAL A CÉU ABERTO, INCLUINDO CARGA, DESCARGA E TRANSPORTE, EM SOLO DE 1ª CATEGORIA COM ESCAVADEIRA HIDRÁULICA (CAÇAMBA: 0,8 M³ / 111 HP), FROTA DE 2 CAMINHÕES BASCULANTES DE 18 M³, DMT DE 0,8 KM E VELOCIDADE MÉDIA 14 KM/H. AF_12/2013","M3","6,21","6,31",null,6.21,6.31,"Sinapi 89906"]
["89907","ESCAVAÇÃO VERTICAL A CÉU ABERTO, INCLUINDO CARGA, DESCARGA E TRANSPORTE, EM SOLO DE 1ª CATEGORIA COM ESCAVADEIRA HIDRÁULICA (CAÇAMBA: 0,8 M³ / 111 HP), FROTA DE 3 CAMINHÕES BASCULANTES DE 18 M³, DMT DE 1 KM E VELOCIDADE MÉDIA 15 KM/H. AF_12/2013","M3","7,02","7,14",null,7.02,7.14,"Sinapi 89907"]
["89908","ESCAVAÇÃO VERTICAL A CÉU ABERTO, INCLUINDO CARGA, DESCARGA E TRANSPORTE, EM SOLO DE 1ª CATEGORIA COM ESCAVADEIRA HIDRÁULICA (CAÇAMBA: 0,8 M³ / 111 HP), FROTA DE 4 CAMINHÕES BASCULANTES DE 18 M³, DMT DE 1,5 KM E VELOCIDADE MÉDIA 18 KM/H. AF_12/2013","M3","9,60","9,74",null,9.6,9.74,"Sinapi 89908"]
["89911","ESCAVAÇÃO VERTICAL A CÉU ABERTO, INCLUINDO CARGA, DESCARGA E TRANSPORTE, EM SOLO DE 1ª CATEGORIA COM ESCAVADEIRA HIDRÁULICA (CAÇAMBA: 0,8 M³ / 111 HP), FROTA DE 5 CAMINHÕES BASCULANTES DE 18 M³, DMT DE 3 KM E VELOCIDADE MÉDIA 20 KM/H. AF_12/2013","M3","11,72","11,88",null,11.72,11.88,"Sinapi 89911"]
["89912","ESCAVAÇÃO VERTICAL A CÉU ABERTO, INCLUINDO CARGA, DESCARGA E TRANSPORTE, EM SOLO DE 1ª CATEGORIA COM ESCAVADEIRA HIDRÁULICA (CAÇAMBA: 0,8 M³ / 111 HP), FROTA DE 5 CAMINHÕES BASCULANTES DE 18 M³, DMT DE 4 KM E VELOCIDADE MÉDIA 22 KM/H. AF_12/2013","M3","12,49","12,65",null,12.49,12.65,"Sinapi 89912"]
["89913","ESCAVAÇÃO VERTICAL A CÉU ABERTO, INCLUINDO CARGA, DESCARGA E TRANSPORTE, EM SOLO DE 1ª CATEGORIA COM ESCAVADEIRA HIDRÁULICA (CAÇAMBA: 0,8 M³ / 111 HP), FROTA DE 6 CAMINHÕES BASCULANTES DE 18 M³, DMT DE 6 KM E VELOCIDADE MÉDIA 22 KM/H. AF_12/2013","M3","15,19","15,38",null,15.19,15.38,"Sinapi 89913"]
["89921","ESCAVAÇÃO VERTICAL A CÉU ABERTO, INCLUINDO CARGA, DESCARGA E TRANSPORTE, EM SOLO DE 1ª CATEGORIA COM ESCAVADEIRA HIDRÁULICA (CAÇAMBA: 1,2 M³ / 155 HP), FROTA DE 3 CAMINHÕES BASCULANTES DE 14 M³, DMT DE 0,2 KM E VELOCIDADE MÉDIA 4 KM/H. AF_12/2013","M3","5,61","5,69",null,5.61,5.69,"Sinapi 89921"]
["89922","ESCAVAÇÃO VERTICAL A CÉU ABERTO, INCLUINDO CARGA, DESCARGA E TRANSPORTE, EM SOLO DE 1ª CATEGORIA COM ESCAVADEIRA HIDRÁULICA (CAÇAMBA: 1,2 M³ / 155 HP), FROTA DE 3 CAMINHÕES BASCULANTES DE 14 M³, DMT DE 0,3 KM E VELOCIDADE MÉDIA 5,9 KM/H. AF_12/2013","M3","5,64","5,72",null,5.64,5.72,"Sinapi 89922"]
["89923","ESCAVAÇÃO VERTICAL A CÉU ABERTO, INCLUINDO CARGA, DESCARGA E TRANSPORTE, EM SOLO DE 1ª CATEGORIA COM ESCAVADEIRA HIDRÁULICA (CAÇAMBA: 1,2 M³ / 155 HP), FROTA DE 3 CAMINHÕES BASCULANTES DE 14 M³, DMT DE 0,6 KM E VELOCIDADE MÉDIA 10 KM/H. AF_12/2013","M3","5,87","5,96",null,5.87,5.96,"Sinapi 89923"]
["89924","ESCAVAÇÃO VERTICAL A CÉU ABERTO, INCLUINDO CARGA, DESCARGA E TRANSPORTE, EM SOLO DE 1ª CATEGORIA COM ESCAVADEIRA HIDRÁULICA (CAÇAMBA: 1,2 M³ / 155 HP), FROTA DE 3 CAMINHÕES BASCULANTES DE 14 M³, DMT DE 0,8 KM E VELOCIDADE MÉDIA 14 KM/H. AF_12/2013","M3","5,80","5,89",null,5.8,5.89,"Sinapi 89924"]
["89925","ESCAVAÇÃO VERTICAL A CÉU ABERTO, INCLUINDO CARGA, DESCARGA E TRANSPORTE, EM SOLO DE 1ª CATEGORIA COM ESCAVADEIRA HIDRÁULICA (CAÇAMBA: 1,2 M³ / 155 HP), FROTA DE 3 CAMINHÕES BASCULANTES DE 14 M³, DMT DE 1 KM E VELOCIDADE MÉDIA 15 KM/H. AF_12/2013","M3","6,05","6,14",null,6.05,6.14,"Sinapi 89925"]
["89926","ESCAVAÇÃO VERTICAL A CÉU ABERTO, INCLUINDO CARGA, DESCARGA E TRANSPORTE, EM SOLO DE 1ª CATEGORIA COM ESCAVADEIRA HIDRÁULICA (CAÇAMBA: 1,2 M³ / 155 HP), FROTA DE 5 CAMINHÕES BASCULANTES DE 14 M³, DMT DE 1,5 KM E VELOCIDADE MÉDIA 18 KM/H. AF_12/2013","M3","9,19","9,31",null,9.19,9.31,"Sinapi 89926"]
["89929","ESCAVAÇÃO VERTICAL A CÉU ABERTO, INCLUINDO CARGA, DESCARGA E TRANSPORTE, EM SOLO DE 1ª CATEGORIA COM ESCAVADEIRA HIDRÁULICA (CAÇAMBA: 1,2 M³ / 155 HP), FROTA DE 7 CAMINHÕES BASCULANTES DE 14 M³, DMT DE 3 KM E VELOCIDADE MÉDIA 20 KM/H. AF_12/2013","M3","11,83","11,98",null,11.83,11.98,"Sinapi 89929"]
["89930","ESCAVAÇÃO VERTICAL A CÉU ABERTO, INCLUINDO CARGA, DESCARGA E TRANSPORTE, EM SOLO DE 1ª CATEGORIA COM ESCAVADEIRA HIDRÁULICA (CAÇAMBA: 1,2 M³ / 155 HP), FROTA DE 7 CAMINHÕES BASCULANTES DE 14 M³, DMT DE 4 KM E VELOCIDADE MÉDIA 22 KM/H. AF_12/2013","M3","12,66","12,82",null,12.66,12.82,"Sinapi 89930"]
["89931","ESCAVAÇÃO VERTICAL A CÉU ABERTO, INCLUINDO CARGA, DESCARGA E TRANSPORTE, EM SOLO DE 1ª CATEGORIA COM ESCAVADEIRA HIDRÁULICA (CAÇAMBA: 1,2 M³ / 155 HP), FROTA DE 9 CAMINHÕES BASCULANTES DE 14 M³, DMT DE 6 KM E VELOCIDADE MÉDIA 22 KM/H. AF_12/2013","M3","15,95","16,15",null,15.95,16.149999999999999,"Sinapi 89931"]
["89939","ESCAVAÇÃO VERTICAL A CÉU ABERTO, INCLUINDO CARGA, DESCARGA E TRANSPORTE, EM SOLO DE 1ª CATEGORIA COM ESCAVADEIRA HIDRÁULICA (CAÇAMBA: 1,2 M³ / 155 HP), FROTA DE 3 CAMINHÕES BASCULANTES DE 18 M³, DMT DE 0,2 KM E VELOCIDADE MÉDIA 4 KM/H. AF_12/2013","M3","5,25","5,32",null,5.25,5.32,"Sinapi 89939"]
["89940","ESCAVAÇÃO VERTICAL A CÉU ABERTO, INCLUINDO CARGA, DESCARGA E TRANSPORTE, EM SOLO DE 1ª CATEGORIA COM ESCAVADEIRA HIDRÁULICA (CAÇAMBA: 1,2 M³ / 155 HP), FROTA DE 3 CAMINHÕES BASCULANTES DE 18 M³, DMT DE 0,3 KM E VELOCIDADE MÉDIA 5,9 KM/H. AF_12/2013","M3","5,26","5,34",null,5.26,5.34,"Sinapi 89940"]
["89941","ESCAVAÇÃO VERTICAL A CÉU ABERTO, INCLUINDO CARGA, DESCARGA E TRANSPORTE, EM SOLO DE 1ª CATEGORIA COM ESCAVADEIRA HIDRÁULICA (CAÇAMBA: 1,2 M³ / 155 HP), FROTA DE 3 CAMINHÕES BASCULANTES DE 18 M³, DMT DE 0,6 KM E VELOCIDADE MÉDIA 10 KM/H. AF_12/2013","M3","5,49","5,56",null,5.49,5.56,"Sinapi 89941"]
["89942","ESCAVAÇÃO VERTICAL A CÉU ABERTO, INCLUINDO CARGA, DESCARGA E TRANSPORTE, EM SOLO DE 1ª CATEGORIA COM ESCAVADEIRA HIDRÁULICA (CAÇAMBA: 1,2 M³ / 155 HP), FROTA DE 3 CAMINHÕES BASCULANTES DE 18 M³, DMT DE 0,8 KM E VELOCIDADE MÉDIA 14 KM/H. AF_12/2013","M3","5,41","5,49",null,5.41,5.49,"Sinapi 89942"]
["89943","ESCAVAÇÃO VERTICAL A CÉU ABERTO, INCLUINDO CARGA, DESCARGA E TRANSPORTE, EM SOLO DE 1ª CATEGORIA COM ESCAVADEIRA HIDRÁULICA (CAÇAMBA: 1,2 M³ / 155 HP), FROTA DE 3 CAMINHÕES BASCULANTES DE 18 M³, DMT DE 1 KM E VELOCIDADE MÉDIA 15 KM/H. AF_12/2013","M3","5,64","5,71",null,5.64,5.71,"Sinapi 89943"]
["89944","ESCAVAÇÃO VERTICAL A CÉU ABERTO, INCLUINDO CARGA, DESCARGA E TRANSPORTE, EM SOLO DE 1ª CATEGORIA COM ESCAVADEIRA HIDRÁULICA (CAÇAMBA: 1,2 M³ / 155 HP), FROTA DE 5 CAMINHÕES BASCULANTES DE 18 M³, DMT DE 1,5 KM E VELOCIDADE MÉDIA 18 KM/H. AF_12/2013","M3","8,44","8,54",null,{"$f":"IF(D4808=\"\",\"\",D4808+0)","v":8.44},{"$f":"IF(E4808=\"\",\"\",E4808+0)","v":8.5399999999999991},{"$f":"IF(OR(G4808=\"\",H4808=\"\"),\"\",CONCATENATE(\"Sinapi \",A4808))","v":"Sinapi 89944"}]
["89947","ESCAVAÇÃO VERTICAL A CÉU ABERTO, INCLUINDO CARGA, DESCARGA E TRANSPORTE, EM SOLO DE 1ª CATEGORIA COM ESCAVADEIRA HIDRÁULICA (CAÇAMBA: 1,2 M³ / 155 HP), FROTA DE 6 CAMINHÕES BASCULANTES DE 18 M³, DMT DE 3 KM E VELOCIDADE MÉDIA 20 KM/H. AF_12/2013","M3","10,41","10,53",null,10.41,10.53,"Sinapi 89947"]
["89948","ESCAVAÇÃO VERTICAL A CÉU ABERTO, INCLUINDO CARGA, DESCARGA E TRANSPORTE, EM SOLO DE 1ª CATEGORIA COM ESCAVADEIRA HIDRÁULICA (CAÇAMBA: 1,2 M³ / 155 HP), FROTA DE 7 CAMINHÕES BASCULANTES DE 18 M³, DMT DE 4 KM E VELOCIDADE MÉDIA 22 KM/H. AF_12/2013","M3","11,54","11,69",null,11.54,11.69,"Sinapi 89948"]
["89949","ESCAVAÇÃO VERTICAL A CÉU ABERTO, INCLUINDO CARGA, DESCARGA E TRANSPORTE, EM SOLO DE 1ª CATEGORIA COM ESCAVADEIRA HIDRÁULICA (CAÇAMBA: 1,2 M³ / 155 HP), FROTA DE 8 CAMINHÕES BASCULANTES DE 18 M³, DMT DE 6 KM E VELOCIDADE MÉDIA 22 KM/H. AF_12/2013","M3","14,07","14,24",null,14.07,14.24,"Sinapi 89949"]
["96520","ESCAVAÇÃO MECANIZADA PARA BLOCO DE COROAMENTO OU SAPATA, SEM PREVISÃO DE FÔRMA, COM RETROESCAVADEIRA. AF_06/2017","M3","68,30","73,54",null,68.3,73.540000000000006,"Sinapi 96520"]
["96521","ESCAVAÇÃO MECANIZADA PARA BLOCO DE COROAMENTO OU SAPATA, COM PREVISÃO DE FÔRMA, COM RETROESCAVADEIRA. AF_06/2017","M3","27,82","29,25",null,27.82,29.25,"Sinapi 96521"]
["96522","ESCAVAÇÃO MANUAL PARA BLOCO DE COROAMENTO OU SAPATA, SEM PREVISÃO DE FÔRMA. AF_06/2017","M3","110,47","122,15",null,110.47,122.15,"Sinapi 96522"]
["96523","ESCAVAÇÃO MANUAL PARA BLOCO DE COROAMENTO OU SAPATA, COM PREVISÃO DE FÔRMA. AF_06/2017","M3","70,23","77,55",null,70.23,77.55,"Sinapi 96523"]
["96524","ESCAVAÇÃO MECANIZADA PARA VIGA BALDRAME, SEM PREVISÃO DE FÔRMA, COM MINI-ESCAVADEIRA. AF_06/2017","M3","129,23","141,43",null,129.22999999999999,141.43,"Sinapi 96524"]
["96525","ESCAVAÇÃO MECANIZADA PARA VIGA BALDRAME, COM PREVISÃO DE FÔRMA, COM MINI-ESCAVADEIRA. AF_06/2017","M3","25,56","26,91",null,25.56,26.91,"Sinapi 96525"]
["96526","ESCAVAÇÃO MANUAL DE VALA PARA VIGA BALDRAME, SEM PREVISÃO DE FÔRMA. AF_06/2017","M3","223,38","247,09",null,223.38,247.09,"Sinapi 96526"]
["96527","ESCAVAÇÃO MANUAL DE VALA PARA VIGA BALDRAME, COM PREVISÃO DE FÔRMA. AF_06/2017","M3","92,10","101,68",null,92.1,101.68,"Sinapi 96527"]
["96528","FABRICAÇÃO, MONTAGEM E DESMONTAGEM DE FÔRMA PARA BLOCO DE COROAMENTO, EM MADEIRA SERRADA, E=25 MM, 1 UTILIZAÇÃO. AF_06/2017","M2","125,10","130,76",null,125.1,130.76,"Sinapi 96528"]
["98116","ESCAVAÇÃO VERTICAL A CÉU ABERTO, INCLUINDO CARGA, DESCARGA E TRANSPORTE, EM SOLO DE 1ª CATEGORIA COM ESCAVADEIRA HIDRÁULICA (CAÇAMBA: 0,8 M³ / 111 HP), FROTA DE 4 CAMINHÕES BASCULANTES DE 14 M³, DMT DE 2 KM E VELOCIDADE MÉDIA 20 KM/H. AF_02/2018","M3","10,69","10,83",null,10.69,10.83,"Sinapi 98116"]
["98117","ESCAVAÇÃO VERTICAL A CÉU ABERTO, INCLUINDO CARGA, DESCARGA E TRANSPORTE, EM SOLO DE 1ª CATEGORIA COM ESCAVADEIRA HIDRÁULICA (CAÇAMBA: 0,8 M³ / 111 HP), FROTA DE 4 CAMINHÕES BASCULANTES DE 18 M³, DMT DE 2 KM E VELOCIDADE MÉDIA 20 KM/H. AF_02/2018","M3","9,98","10,13",null,9.98,10.130000000000001,"Sinapi 98117"]
["98118","ESCAVAÇÃO VERTICAL A CÉU ABERTO, INCLUINDO CARGA, DESCARGA E TRANSPORTE, EM SOLO DE 1ª CATEGORIA COM ESCAVADEIRA HIDRÁULICA (CAÇAMBA: 1,2 M³ / 155 HP), FROTA DE 6 CAMINHÕES BASCULANTES DE 14 M³, DMT DE 2 KM E VELOCIDADE MÉDIA 20 KM/H. AF_02/2018","M3","10,05","10,20",null,10.050000000000001,10.199999999999999,"Sinapi 98118"]
["98119","ESCAVAÇÃO VERTICAL A CÉU ABERTO, INCLUINDO CARGA, DESCARGA E TRANSPORTE, EM SOLO DE 1ª CATEGORIA COM ESCAVADEIRA HIDRÁULICA (CAÇAMBA: 1,2 M³ / 155 HP), FROTA DE 5 CAMINHÕES BASCULANTES DE 18 M³, DMT DE 2 KM E VELOCIDADE MÉDIA 20 KM/H. AF_02/2018","M3","8,83","8,93",null,8.83,8.93,"Sinapi 98119"]
["72915","ESCAVACAO MECANICA DE VALA EM MATERIAL DE 2A. CATEGORIA ATE 2 M DE PROFUNDIDADE COM UTILIZACAO DE ESCAVADEIRA HIDRAULICA","M3","8,94","9,27",null,8.94,9.27,"Sinapi 72915"]
["72917","ESCAVACAO MECANICA DE VALA EM MATERIAL 2A. CATEGORIA DE 2,01 ATE 4,00 M DE PROFUNDIDADE COM UTILIZACAO DE ESCAVADEIRA HIDRAULICA","M3","10,22","10,59",null,10.220000000000001,10.59,"Sinapi 72917"]
["72918","ESCAVACAO MECANICA DE VALA EM MATERIAL 2A. CATEGORIA DE 4,01 ATE 6,00 M DE PROFUNDIDADE COM UTILIZACAO DE ESCAVADEIRA HIDRAULICA","M3","11,92","12,36",null,11.92,12.36,"Sinapi 72918"]
["73965/9","ESCAVACAO MANUAL DE VALA EM LODO, DE 1,5 ATE 3M, EXCLUINDO ESGOTAMENTO/ESCORAMENTO.","M3","151,30","166,30",null,151.30000000000001,166.3,"Sinapi 73965/9"]
["79506/2","ESCAVAÇÃO MANUAL DE VALA/CAVA EM LODO, ENTRE 3 E 4,5M DE PROFUNDIDADE","M3","226,95","249,45",null,226.95,249.45,"Sinapi 79506/2"]
["83343","ESCAVACAO MECANICA DE VALAS (SOLO COM AGUA), PROFUNDIDADE MAIOR QUE 4,00 M ATE 6,00 M.","M3","11,37","11,82",null,11.37,11.82,"Sinapi 83343"]
["90082","ESCAVAÇÃO MECANIZADA DE VALA COM PROF. ATÉ 1,5 M (MÉDIA ENTRE MONTANTE E JUSANTE/UMA COMPOSIÇÃO POR TRECHO), COM ESCAVADEIRA HIDRÁULICA (0,8 M3), LARG. DE 1,5 M A 2,5 M, EM SOLO DE 1A CATEGORIA, EM LOCAIS COM ALTO NÍVEL DE INTERFERÊNCIA. AF_01/2015","M3","7,00","7,28",null,7,7.28,"Sinapi 90082"]
["90084","ESCAVAÇÃO MECANIZADA DE VALA COM PROF. MAIOR QUE 1,5 M ATÉ 3,0 M (MÉDIA ENTRE MONTANTE E JUSANTE/UMA COMPOSIÇÃO POR TRECHO), COM ESCAVADEIRA HIDRÁULICA (0,8 M3/111 HP), LARGURA ATÉ 1,5 M, EM SOLO DE 1A CATEGORIA, EM LOCAIS COM ALTO NÍVEL DE INTERFERÊNCIA. AF_01/2015","M3","6,80","7,07",null,6.8,7.07,"Sinapi 90084"]
["90085","ESCAVAÇÃO MECANIZADA DE VALA COM PROF. MAIOR QUE 1,5 M ATÉ 3,0 M (MÉDIA ENTRE MONTANTE E JUSANTE/UMA COMPOSIÇÃO POR TRECHO), COM ESCAVADEIRA HIDRÁULICA (0,8 M3/111 HP), LARG. DE 1,5 M A 2,5 M, EM SOLO DE 1A CATEGORIA, EM LOCAIS COM ALTO NÍVEL DE INTERFERÊNCIA. AF_01/2015","M3","6,39","6,64",null,6.39,6.64,"Sinapi 90085"]
["90086","ESCAVAÇÃO MECANIZADA DE VALA COM PROF. MAIOR QUE 3,0 M ATÉ 4,5 M(MÉDIA ENTRE MONTANTE E JUSANTE/UMA COMPOSIÇÃO POR TRECHO), COM ESCAVADEIRA HIDRÁULICA (0,8 M3/111 HP), LARG. MENOR QUE 1,5 M, EM SOLO DE 1A CATEGORIA, EM LOCAIS COM ALTO NÍVEL DE INTERFERÊNCIA. AF_01/2015","M3","6,46","6,73",null,6.46,6.73,"Sinapi 90086"]
["90087","ESCAVAÇÃO MECANIZADA DE VALA COM PROF. DE 3,0 M ATÉ 4,5 M(MÉDIA ENTRE MONTANTE E JUSANTE/UMA COMPOSIÇÃO POR TRECHO), COM ESCAVADEIRA HIDRÁULICA (1,2 M3/155 HP), LARG. DE 1,5 M A 2,5 M, EM SOLO DE 1A CATEGORIA, EM LOCAIS COM ALTO NÍVEL DE INTERFERÊNCIA. AF_01/2015","M3","5,58","5,77",null,5.58,5.77,"Sinapi 90087"]
["90088","ESCAVAÇÃO MECANIZADA DE VALA COM PROF. MAIOR QUE 4,5 M ATÉ 6,0 M(MÉDIA ENTRE MONTANTE E JUSANTE/UMA COMPOSIÇÃO POR TRECHO), COM ESCAVADEIRA HIDRÁULICA (1,2 M3/155 HP), LARG. MENOR QUE 1,5 M, EM SOLO DE 1A CATEGORIA, EM LOCAIS COM ALTO NÍVEL DE INTERFERÊNCIA. AF_01/2015","M3","5,69","5,89",null,5.69,5.89,"Sinapi 90088"]
["90090","ESCAVAÇÃO MECANIZADA DE VALA COM PROF. MAIOR QUE 4,5 M ATÉ 6,0 M(MÉDIA ENTRE MONTANTE E JUSANTE/UMA COMPOSIÇÃO POR TRECHO), COM ESCAVADEIRA HIDRÁULICA (1,2 M3/155 HP), LARG. DE 1,5 M A 2,5 M, EM SOLO DE 1A CATEGORIA, EM LOCAIS COM ALTO NÍVEL DE INTERFERÊNCIA. AF_01/2015","M3","5,46","5,65",null,5.46,5.65,"Sinapi 90090"]
["90091","ESCAVAÇÃO MECANIZADA DE VALA COM PROF. ATÉ 1,5 M(MÉDIA ENTRE MONTANTE E JUSANTE/UMA COMPOSIÇÃO POR TRECHO), COM ESCAVADEIRA HIDRÁULICA (0,8 M3), LARG. DE 1,5M A 2,5 M, EM SOLO DE 1A CATEGORIA, LOCAIS COM BAIXO NÍVEL DE INTERFERÊNCIA. AF_01/2015","M3","4,18","4,34",null,4.18,4.34,"Sinapi 90091"]
["90092","ESCAVAÇÃO MECANIZADA DE VALA COM PROF. MAIOR QUE 1,5 M E ATÉ 3,0 M(MÉDIA ENTRE MONTANTE E JUSANTE/UMA COMPOSIÇÃO POR TRECHO), COM ESCAVADEIRA HIDRÁULICA (0,8 M3/111 HP), LARG. MENOR QUE 1,5 M, EM SOLO DE 1A CATEGORIA, LOCAIS COM BAIXO NÍVEL DE INTERFERÊNCIA. AF_01/2015","M3","4,05","4,21",null,4.05,4.21,"Sinapi 90092"]
["90093","ESCAVAÇÃO MECANIZADA DE VALA COM PROF. MAIOR QUE 1,5 M ATÉ 3,0 M (MÉDIA ENTRE MONTANTE E JUSANTE/UMA COMPOSIÇÃO POR TRECHO), COM ESCAVADEIRA HIDRÁULICA (0,8 M3/111 HP), LARG. DE 1,5 M A 2,5 M, EM SOLO DE 1A CATEGORIA, LOCAIS COM BAIXO NÍVEL DE INTERFERÊNCIA. AF_01/2015","M3","3,81","3,97",null,3.81,3.97,"Sinapi 90093"]
["90094","ESCAVAÇÃO MECANIZADA DE VALA COM PROF. MAIOR QUE 3,0 M ATÉ 4,5 M (MÉDIA ENTRE MONTANTE E JUSANTE/UMA COMPOSIÇÃO POR TRECHO), COM ESCAVADEIRA HIDRÁULICA (0,8 M3/111 HP), LARG. MENOR QUE 1,5 M, EM SOLO DE 1A CATEGORIA, LOCAIS COM BAIXO NÍVEL DE INTERFERÊNCIA. AF_01/2015","M3","3,86","4,01",null,3.86,4.01,"Sinapi 90094"]
["90095","ESCAVAÇÃO MECANIZADA DE VALA COM PROF. MAIOR QUE 3,0 M ATÉ 4,5 M (MÉDIA ENTRE MONTANTE E JUSANTE/UMA COMPOSIÇÃO POR TRECHO), COM ESCAVADEIRA HIDRÁULICA (1,2 M3/155 HP), LARG. DE 1,5 M A 2,5 M, EM SOLO DE 1A CATEGORIA, LOCAIS COM BAIXO NÍVEL DE INTERFERÊNCIA. AF_01/2015","M3","3,33","3,43",null,3.33,3.43,"Sinapi 90095"]
["90096","ESCAVAÇÃO MECANIZADA DE VALA COM PROF. MAIOR QUE 4,5 M ATÉ 6,0 M (MÉDIA ENTRE MONTANTE E JUSANTE/UMA COMPOSIÇÃO POR TRECHO), COM ESCAVADEIRA HIDRÁULICA (1,2 M3/155 HP), LARG. MENOR QUE 1,5 M, EM SOLO DE 1A CATEGORIA, LOCAIS COM BAIXO NÍVEL DE INTERFERÊNCIA. AF_01/2015","M3","3,39","3,52",null,3.39,3.52,"Sinapi 90096"]
["90098","ESCAVAÇÃO MECANIZADA DE VALA COM PROF. MAIOR QUE 4,5 M ATÉ 6,0 M (MÉDIA ENTRE MONTANTE E JUSANTE/UMA COMPOSIÇÃO POR TRECHO), COM ESCAVADEIRA HIDRÁULICA (1,2 M3/155 HP), LARG. DE 1,5 M A 2,5 M, EM SOLO DE 1A CATEGORIA, LOCAIS COM BAIXO NÍVEL DE INTERFERÊNCIA. AF_01/2015","M3","3,26","3,36",null,3.26,3.36,"Sinapi 90098"]
["90099","ESCAVAÇÃO MECANIZADA DE VALA COM PROF. ATÉ 1,5 M (MÉDIA ENTRE MONTANTE E JUSANTE/UMA COMPOSIÇÃO POR TRECHO), COM RETROESCAVADEIRA (0,26 M3/88 HP), LARG. MENOR QUE 0,8 M, EM SOLO DE 1A CATEGORIA, EM LOCAIS COM ALTO NÍVEL DE INTERFERÊNCIA. AF_01/2015","M3","9,59","10,08",null,9.59,10.08,"Sinapi 90099"]
["90100","ESCAVAÇÃO MECANIZADA DE VALA COM PROF. ATÉ 1,5 M (MÉDIA ENTRE MONTANTE E JUSANTE/UMA COMPOSIÇÃO POR TRECHO), COM RETROESCAVADEIRA (0,26 M3/88 HP), LARG. DE 0,8 M A 1,5 M, EM SOLO DE 1A CATEGORIA, EM LOCAIS COM ALTO NÍVEL DE INTERFERÊNCIA. AF_01/2015","M3","8,14","8,57",null,8.14,8.57,"Sinapi 90100"]
["90101","ESCAVAÇÃO MECANIZADA DE VALA COM PROF. MAIOR QUE 1,5 M ATÉ 3,0 M (MÉDIA ENTRE MONTANTE E JUSANTE/UMA COMPOSIÇÃO POR TRECHO), COM RETROESCAVADEIRA (0,26 M3/88 HP), LARG. MENOR QUE 0,8 M, EM SOLO DE 1A CATEGORIA, EM LOCAIS COM ALTO NÍVEL DE INTERFERÊNCIA.AF_01/2015","M3","8,05","8,46",null,8.0500000000000007,8.4600000000000009,"Sinapi 90101"]
["90102","ESCAVAÇÃO MECANIZADA DE VALA COM PROF. MAIOR QUE 1,5 M ATÉ 3,0 M (MÉDIA ENTRE MONTANTE E JUSANTE/UMA COMPOSIÇÃO POR TRECHO), COM RETROESCAVADEIRA (0,26 M3/ POTÊNCIA:88 HP), LARGURA DE 0,8 M A 1,5 M, EM SOLO DE 1A CATEGORIA, EM LOCAIS COM ALTO NÍVEL DE INTERFERÊNCIA. AF_01/2015","M3","7,32","7,70",null,7.32,7.7,"Sinapi 90102"]
["90105","ESCAVAÇÃO MECANIZADA DE VALA COM PROFUNDIDADE ATÉ 1,5 M (MÉDIA ENTRE MONTANTE E JUSANTE/UMA COMPOSIÇÃO POR TRECHO) COM RETROESCAVADEIRA (CAPACIDADE DA CAÇAMBA DA RETRO: 0,26 M3 / POTÊNCIA: 88 HP), LARGURA MENOR QUE 0,8 M, EM SOLO DE 1A CATEGORIA, LOCAISCOM BAIXO NÍVEL DE INTERFERÊNCIA. AF_01/2015","M3","5,72","6,02",null,5.72,6.02,"Sinapi 90105"]
["90106","ESCAVAÇÃO MECANIZADA DE VALA COM PROFUNDIDADE ATÉ 1,5 M (MÉDIA ENTRE MONTANTE E JUSANTE/UMA COMPOSIÇÃO POR TRECHO) COM RETROESCAVADEIRA (CAPACIDADE DA CAÇAMBA DA RETRO: 0,26 M3 / POTÊNCIA: 88 HP), LARGURA DE 0,8 M A 1,5 M, EM SOLO DE 1A CATEGORIA, LOCAISCOM BAIXO NÍVEL DE INTERFERÊNCIA. AF_01/2015","M3","4,86","5,11",null,4.8600000000000003,5.1100000000000003,"Sinapi 90106"]
["90107","ESCAVAÇÃO MECANIZADA DE VALA COM PROFUNDIDADE MAIOR QUE 1,5 M ATÉ 3,0 M (MÉDIA ENTRE MONTANTE E JUSANTE/UMA COMPOSIÇÃO POR TRECHO) COM RETROESCAVADEIRA (CAPACIDADE DA CAÇAMBA DA RETRO: 0,26 M3 / POTÊNCIA: 88 HP), LARGURA MENOR QUE 0,8 M, EM SOLO DE1A CATEGORIA, LOCAIS COM BAIXO NÍVEL DE INTERFERÊNCIA. AF_01/2015","M3","4,80","5,05",null,4.8,5.05,"Sinapi 90107"]
["90108","ESCAVAÇÃO MECANIZADA DE VALA COM PROFUNDIDADE MAIOR QUE 1,5 M ATÉ 3,0 M (MÉDIA ENTRE MONTANTE E JUSANTE/UMA COMPOSIÇÃO POR TRECHO) COM RETROESCAVADEIRA (CAPACIDADE DA CAÇAMBA DA RETRO: 0,26 M3 / POTÊNCIA: 88 HP), LARGURA DE 0,8 M A 1,5 M, EM SOLO DE 1A CATEGORIA, LOCAIS COM BAIXO NÍVEL DE INTERFERÊNCIA. AF_01/2015","M3","4,37","4,59",null,4.37,4.59,"Sinapi 90108"]
["93358","ESCAVAÇÃO MANUAL DE VALA COM PROFUNDIDADE MENOR OU IGUAL A 1,30 M. AF_03/2016","M3","59,85","65,78",null,59.85,65.78,"Sinapi 93358"]
["94304","ATERRO MECANIZADO DE VALA COM ESCAVADEIRA HIDRÁULICA (CAPACIDADE DA CAÇAMBA: 0,8 M³ / POTÊNCIA: 111 HP), LARGURA DE 1,5 A 2,5 M, PROFUNDIDADE ATÉ 1,5 M, COM SOLO ARGILO-ARENOSO. AF_05/2016","M3","23,95","24,56",null,23.95,24.56,"Sinapi 94304"]
["94305","ATERRO MECANIZADO DE VALA COM ESCAVADEIRA HIDRÁULICA (CAPACIDADE DA CAÇAMBA: 0,8 M³ / POTÊNCIA: 111 HP), LARGURA ATÉ 1,5 M, PROFUNDIDADE DE 1,5 A 3,0 M, COM SOLO ARGILO-ARENOSO. AF_05/2016","M3","21,59","22,05",null,21.59,22.05,"Sinapi 94305"]
["94306","ATERRO MECANIZADO DE VALA COM ESCAVADEIRA HIDRÁULICA (CAPACIDADE DA CAÇAMBA: 0,8 M³ / POTÊNCIA: 111 HP), LARGURA DE 1,5 A 2,5 M, PROFUNDIDADE DE 1,5 A 3,0 M, COM SOLO ARGILO-ARENOSO. AF_05/2016","M3","18,62","18,88",null,18.62,18.88,"Sinapi 94306"]
["94307","ATERRO MECANIZADO DE VALA COM ESCAVADEIRA HIDRÁULICA (CAPACIDADE DA CAÇAMBA: 0,8 M³ / POTÊNCIA: 111 HP), LARGURA ATÉ 1,5 M, PROFUNDIDADE DE 3,0 A 4,5 M, COM SOLO ARGILO-ARENOSO. AF_05/2016","M3","19,29","19,60",null,19.29,19.600000000000001,"Sinapi 94307"]
["94308","ATERRO MECANIZADO DE VALA COM ESCAVADEIRA HIDRÁULICA (CAPACIDADE DA CAÇAMBA: 0,8 M³ / POTÊNCIA: 111 HP), LARGURA DE 1,5 A 2,5 M, PROFUNDIDADE DE 3,0 A 4,5 M, COM SOLO ARGILO-ARENOSO. AF_05/2016","M3","17,49","17,68",null,17.489999999999998,17.68,"Sinapi 94308"]
["94309","ATERRO MECANIZADO DE VALA COM ESCAVADEIRA HIDRÁULICA (CAPACIDADE DA CAÇAMBA: 0,8 M³ / POTÊNCIA: 111 HP), LARGURA ATÉ 1,5 M, PROFUNDIDADE DE 4,5 A 6,0 M, COM SOLO ARGILO-ARENOSO. AF_05/2016","M3","18,29","18,55",null,18.29,18.55,"Sinapi 94309"]
["94310","ATERRO MECANIZADO DE VALA COM ESCAVADEIRA HIDRÁULICA (CAPACIDADE DA CAÇAMBA: 0,8 M³ / POTÊNCIA: 111 HP), LARGURA DE 1,5 A 2,5 M, PROFUNDIDADE DE 4,5 A 6,0 M, COM SOLO ARGILO-ARENOSO. AF_05/2016","M3","16,92","17,10",null,16.920000000000002,17.100000000000001,"Sinapi 94310"]
["94315","ATERRO MECANIZADO DE VALA COM RETROESCAVADEIRA (CAPACIDADE DA CAÇAMBA DA RETRO: 0,26 M³ / POTÊNCIA: 88 HP), LARGURA ATÉ 0,8 M, PROFUNDIDADE ATÉ 1,5 M, COM SOLO ARGILO-ARENOSO. AF_05/2016","M3","29,35","30,59",null,29.35,30.59,"Sinapi 94315"]
["94316","ATERRO MECANIZADO DE VALA COM RETROESCAVADEIRA (CAPACIDADE DA CAÇAMBA DA RETRO: 0,26 M³ / POTÊNCIA: 88 HP), LARGURA DE 0,8 A 1,5 M, PROFUNDIDADE ATÉ 1,5 M, COM SOLO ARGILO-ARENOSO. AF_05/2016","M3","23,70","24,49",null,23.7,24.49,"Sinapi 94316"]
["94317","ATERRO MECANIZADO DE VALA COM RETROESCAVADEIRA (CAPACIDADE DA CAÇAMBA DA RETRO: 0,26 M³ / POTÊNCIA: 88 HP), LARGURA ATÉ 0,8 M, PROFUNDIDADE DE 1,5 A 3,0 M, COM SOLO ARGILO-ARENOSO. AF_05/2016","M3","21,20","21,81",null,21.2,21.81,"Sinapi 94317"]
["94318","ATERRO MECANIZADO DE VALA COM RETROESCAVADEIRA (CAPACIDADE DA CAÇAMBA DA RETRO: 0,26 M³ / POTÊNCIA: 88 HP), LARGURA DE 0,8 A 1,5 M, PROFUNDIDADE DE 1,5 A 3,0 M, COM SOLO ARGILO-ARENOSO. AF_05/2016","M3","17,98","18,34",null,17.98,18.34,"Sinapi 94318"]
["94319","ATERRO MANUAL DE VALAS COM SOLO ARGILO-ARENOSO E COMPACTAÇÃO MECANIZADA. AF_05/2016","M3","33,14","35,06",null,33.14,35.06,"Sinapi 94319"]
["94327","ATERRO MECANIZADO DE VALA COM ESCAVADEIRA HIDRÁULICA (CAPACIDADE DA CAÇAMBA: 0,8 M³ / POTÊNCIA: 111 HP), LARGURA DE 1,5 A 2,5 M, PROFUNDIDADE ATÉ 1,5 M, COM AREIA PARA ATERRO. AF_05/2016","M3","111,78","112,39",null,111.78,112.39,"Sinapi 94327"]
["94328","ATERRO MECANIZADO DE VALA COM ESCAVADEIRA HIDRÁULICA (CAPACIDADE DA CAÇAMBA: 0,8 M³ / POTÊNCIA: 111 HP), LARGURA ATÉ 1,5 M, PROFUNDIDADE DE 1,5 A 3,0 M, COM AREIA PARA ATERRO. AF_05/2016","M3","109,42","109,88",null,109.42,109.88,"Sinapi 94328"]
["94329","ATERRO MECANIZADO DE VALA COM ESCAVADEIRA HIDRÁULICA (CAPACIDADE DA CAÇAMBA: 0,8 M³ / POTÊNCIA: 111 HP), LARGURA DE 1,5 A 2,5 M, PROFUNDIDADE DE 1,5 A 3,0 M, COM AREIA PARA ATERRO. AF_05/2016","M3","106,45","106,71",null,106.45,106.71,"Sinapi 94329"]
["94330","ATERRO MECANIZADO DE VALA COM ESCAVADEIRA HIDRÁULICA (CAPACIDADE DA CAÇAMBA: 0,8 M³ / POTÊNCIA: 111 HP), LARGURA ATÉ 1,5 M, PROFUNDIDADE DE 3,0 A 4,5 M, COM AREIA PARA ATERRO. AF_05/2016","M3","107,12","107,43",null,107.12,107.43,"Sinapi 94330"]
["94331","ATERRO MECANIZADO DE VALA COM ESCAVADEIRA HIDRÁULICA (CAPACIDADE DA CAÇAMBA: 0,8 M³ / POTÊNCIA: 111 HP), LARGURA DE 1,5 A 2,5 M, PROFUNDIDADE DE 3,0 A 4,5 M, COM AREIA PARA ATERRO. AF_05/2016","M3","105,32","105,51",null,105.32,105.51,"Sinapi 94331"]
["94332","ATERRO MECANIZADO DE VALA COM ESCAVADEIRA HIDRÁULICA (CAPACIDADE DA CAÇAMBA: 0,8 M³ / POTÊNCIA: 111 HP), LARGURA ATÉ 1,5 M, PROFUNDIDADE DE 4,5 A 6,0 M, COM AREIA PARA ATERRO. AF_05/2016","M3","106,12","106,38",null,106.12,106.38,"Sinapi 94332"]
["94333","ATERRO MECANIZADO DE VALA COM ESCAVADEIRA HIDRÁULICA (CAPACIDADE DA CAÇAMBA: 0,8 M³ / POTÊNCIA: 111 HP), LARGURA DE 1,5 A 2,5 M, PROFUNDIDADE DE 4,5 A 6,0 M, COM AREIA PARA ATERRO. AF_05/2016","M3","104,75","104,93",null,{"$f":"IF(D4872=\"\",\"\",D4872+0)","v":104.75},{"$f":"IF(E4872=\"\",\"\",E4872+0)","v":104.93},{"$f":"IF(OR(G4872=\"\",H4872=\"\"),\"\",CONCATENATE(\"Sinapi \",A4872))","v":"Sinapi 94333"}]
["94338","ATERRO MECANIZADO DE VALA COM RETROESCAVADEIRA (CAPACIDADE DA CAÇAMBA DA RETRO: 0,26 M³ / POTÊNCIA: 88 HP), LARGURA ATÉ 0,8 M, PROFUNDIDADE ATÉ 1,5 M, COM AREIA PARA ATERRO. AF_05/2016","M3","117,18","118,42",null,117.18,118.42,"Sinapi 94338"]
["94339","ATERRO MECANIZADO DE VALA COM RETROESCAVADEIRA (CAPACIDADE DA CAÇAMBA DA RETRO: 0,26 M³ / POTÊNCIA: 88 HP), LARGURA DE 0,8 A 1,5 M, PROFUNDIDADE ATÉ 1,5 M, COM AREIA PARA ATERRO. AF_05/2016","M3","111,53","112,32",null,111.53,112.32,"Sinapi 94339"]
["94340","ATERRO MECANIZADO DE VALA COM RETROESCAVADEIRA (CAPACIDADE DA CAÇAMBA DA RETRO: 0,26 M³ / POTÊNCIA: 88 HP), LARGURA ATÉ 0,8 M, PROFUNDIDADE DE 1,5 A 3,0 M, COM AREIA PARA ATERRO. AF_05/2016","M3","109,03","109,64",null,109.03,109.64,"Sinapi 94340"]
["94341","ATERRO MECANIZADO DE VALA COM RETROESCAVADEIRA (CAPACIDADE DA CAÇAMBA DA RETRO: 0,26 M³ / POTÊNCIA: 88 HP), LARGURA DE 0,8 A 1,5 M, PROFUNDIDADE DE 1,5 A 3,0 M, COM AREIA PARA ATERRO. AF_05/2016","M3","105,81","106,17",null,105.81,106.17,"Sinapi 94341"]
["94342","ATERRO MANUAL DE VALAS COM AREIA PARA ATERRO E COMPACTAÇÃO MECANIZADA. AF_05/2016","M3","120,97","122,89",null,120.97,122.89,"Sinapi 94342"]
["96385","EXECUÇÃO E COMPACTAÇÃO DE ATERRO COM SOLO PREDOMINANTEMENTE ARGILOSO - EXCLUSIVE SOLO, ESCAVAÇÃO, CARGA E TRANSPORTE. AF_11/2019","M3","6,25","6,54",null,6.25,6.54,"Sinapi 96385"]
["96386","EXECUÇÃO E COMPACTAÇÃO DE ATERRO COM SOLO PREDOMINANTEMENTE ARENOSO - EXCLUSIVE SOLO, ESCAVAÇÃO, CARGA E TRANSPORTE. AF_11/2019","M3","4,42","4,59",null,4.42,4.59,"Sinapi 96386"]
["83346","UMEDECIMENTO DE MATERIAL PARA FECHAMENTO DE VALAS.","M3","0,97","0,99",null,0.97,0.99,"Sinapi 83346"]
["93360","REATERRO MECANIZADO DE VALA COM ESCAVADEIRA HIDRÁULICA (CAPACIDADE DA CAÇAMBA: 0,8 M³ / POTÊNCIA: 111 HP), LARGURA DE 1,5 A 2,5 M, PROFUNDIDADE ATÉ 1,5 M, COM SOLO DE 1ª CATEGORIA EM LOCAIS COM ALTO NÍVEL DE INTERFERÊNCIA. AF_04/2016","M3","13,09","13,71",null,13.09,13.71,"Sinapi 93360"]
["93361","REATERRO MECANIZADO DE VALA COM ESCAVADEIRA HIDRÁULICA (CAPACIDADE DA CAÇAMBA: 0,8 M³ / POTÊNCIA: 111 HP), LARGURA ATÉ 1,5 M, PROFUNDIDADE DE 1,5 A 3,0 M, COM SOLO DE 1ª CATEGORIA EM LOCAIS COM ALTO NÍVEL DE INTERFERÊNCIA. AF_04/2016","M3","10,79","11,28",null,10.79,11.28,"Sinapi 93361"]
["93362","REATERRO MECANIZADO DE VALA COM ESCAVADEIRA HIDRÁULICA (CAPACIDADE DA CAÇAMBA: 0,8 M³ / POTÊNCIA: 111 HP), LARGURA DE 1,5 A 2,5 M, PROFUNDIDADE DE 1,5 A 3,0 M, COM SOLO DE 1ª CATEGORIA EM LOCAIS COM ALTO NÍVEL DE INTERFERÊNCIA. AF_04/2016","M3","7,75","8,05",null,7.75,8.0500000000000007,"Sinapi 93362"]
["93363","REATERRO MECANIZADO DE VALA COM ESCAVADEIRA HIDRÁULICA (CAPACIDADE DA CAÇAMBA: 0,8 M³ / POTÊNCIA: 111 HP), LARGURA ATÉ 1,5 M, PROFUNDIDADE DE 3,0 A 4,5 M COM SOLO DE 1ª CATEGORIA EM LOCAIS COM ALTO NÍVEL DE INTERFERÊNCIA. AF_04/2016","M3","8,41","8,75",null,8.41,8.75,"Sinapi 93363"]
["93364","REATERRO MECANIZADO DE VALA COM ESCAVADEIRA HIDRÁULICA (CAPACIDADE DA CAÇAMBA: 0,8 M³ / POTÊNCIA: 111 HP), LARGURA DE 1,5 A 2,5 M, PROFUNDIDADE DE 3,0  A 4,5 M, COM SOLO (SEM SUBSTITUIÇÃO) DE 1ª CATEGORIA EM LOCAIS COM ALTO NÍVEL DE INTERFERÊNCIA. AF_04/2016","M3","6,62","6,84",null,6.62,6.84,"Sinapi 93364"]
["93365","REATERRO MECANIZADO DE VALA COM ESCAVADEIRA HIDRÁULICA (CAPACIDADE DA CAÇAMBA: 0,8 M³ / POTÊNCIA: 111 HP), LARGURA ATÉ 1,5 M, PROFUNDIDADE DE 4,5 A 6,0 M, COM SOLO DE 1ª CATEGORIA EM LOCAIS COM ALTO NÍVEL DE INTERFERÊNCIA. AF_04/2016","M3","7,37","7,65",null,7.37,7.65,"Sinapi 93365"]
["93366","REATERRO MECANIZADO DE VALA COM ESCAVADEIRA HIDRÁULICA (CAPACIDADE DA CAÇAMBA: 0,8 M³ / POTÊNCIA: 111 HP), LARGURA DE 1,5 A 2,5 M, PROFUNDIDADE DE 4,5 A 6,0 M, COM SOLO DE 1ª CATEGORIA EM LOCAIS COM ALTO NÍVEL DE INTERFERÊNCIA. AF_04/2016","M3","6,06","6,27",null,6.06,6.27,"Sinapi 93366"]
["93367","REATERRO MECANIZADO DE VALA COM ESCAVADEIRA HIDRÁULICA (CAPACIDADE DA CAÇAMBA: 0,8 M³ / POTÊNCIA: 111 HP), LARGURA DE 1,5 A 2,5 M, PROFUNDIDADE ATÉ 1,5 M, COM SOLO DE 1ª CATEGORIA EM LOCAIS COM BAIXO NÍVEL DE INTERFERÊNCIA. AF_04/2016","M3","12,25","12,85",null,12.25,12.85,"Sinapi 93367"]
["93368","REATERRO MECANIZADO DE VALA COM ESCAVADEIRA HIDRÁULICA (CAPACIDADE DA CAÇAMBA: 0,8 M³ / POTÊNCIA: 111 HP), LARGURA ATÉ 1,5 M, PROFUNDIDADE DE 1,5 A 3,0 M, COM SOLO DE 1ª CATEGORIA EM LOCAIS COM BAIXO NÍVEL DE INTERFERÊNCIA. AF_04/2016","M3","9,90","10,36",null,9.9,10.36,"Sinapi 93368"]
["93369","REATERRO MECANIZADO DE VALA COM ESCAVADEIRA HIDRÁULICA (CAPACIDADE DA CAÇAMBA: 0,8 M³ / POTÊNCIA: 111 HP), LARGURA DE 1,5 A 2,5 M, PROFUNDIDADE DE 1,5 A 3,0 M, COM SOLO (SEM SUBSTITUIÇÃO) DE 1ª CATEGORIA EM LOCAIS COM BAIXO NÍVEL DE INTERFERÊNCIA. AF_04/2016","M3","6,93","7,19",null,6.93,7.19,"Sinapi 93369"]
["93370","REATERRO MECANIZADO DE VALA COM ESCAVADEIRA HIDRÁULICA (CAPACIDADE DA CAÇAMBA: 0,8 M³ / POTÊNCIA: 111 HP), LARGURA ATÉ 1,5 M, PROFUNDIDADE DE 3,0 A 4,5 M, COM SOLO DE 1ª CATEGORIA EM LOCAIS COM BAIXO NÍVEL DE INTERFERÊNCIA. AF_04/2016","M3","7,61","7,91",null,7.61,7.91,"Sinapi 93370"]
["93371","REATERRO MECANIZADO DE VALA COM ESCAVADEIRA HIDRÁULICA (CAPACIDADE DA CAÇAMBA: 0,8 M³ / POTÊNCIA: 111 HP), LARGURA DE 1,5 A 2,5 M, PROFUNDIDADE DE 3,0 A 4,5 M, COM SOLO (SEM SUBSTITUIÇÃO) DE 1ª CATEGORIA EM LOCAIS COM BAIXO NÍVEL DE INTERFERÊNCIA. AF_04/2016","M3","5,80","5,99",null,5.8,5.99,"Sinapi 93371"]
["93372","REATERRO MECANIZADO DE VALA COM ESCAVADEIRA HIDRÁULICA (CAPACIDADE DA CAÇAMBA: 0,8 M³ / POTÊNCIA: 111 HP), LARGURA ATÉ 1,5 M, PROFUNDIDADE DE 4,5 A 6,0 M, COM SOLO DE 1ª CATEGORIA EM LOCAIS COM BAIXO NÍVEL DE INTERFERÊNCIA. AF_04/2016","M3","6,61","6,86",null,6.61,6.86,"Sinapi 93372"]
["93373","REATERRO MECANIZADO DE VALA COM ESCAVADEIRA HIDRÁULICA (CAPACIDADE DA CAÇAMBA: 0,8 M³ / POTÊNCIA: 111 HP), LARGURA DE 1,5 A 2,5 M, PROFUNDIDADE DE 4,5 A 6,0 M, COM SOLO (SEM SUBSTITUIÇÃO) DE 1ª CATEGORIA EM LOCAIS COM BAIXO NÍVEL DE INTERFERÊNCIA. AF_04/2016","M3","5,25","5,43",null,5.25,5.43,"Sinapi 93373"]
["93374","REATERRO MECANIZADO DE VALA COM RETROESCAVADEIRA (CAPACIDADE DA CAÇAMBA DA RETRO: 0,26 M³ / POTÊNCIA: 88 HP), LARGURA ATÉ 0,8 M, PROFUNDIDADE ATÉ 1,5 M, COM SOLO (SEM SUBSTITUIÇÃO) DE 1ª CATEGORIA EM LOCAIS COM ALTO NÍVEL DE INTERFERÊNCIA. AF_04/2016","M3","16,04","17,09",null,16.04,17.09,"Sinapi 93374"]
["93375","REATERRO MECANIZADO DE VALA COM RETROESCAVADEIRA (CAPACIDADE DA CAÇAMBA DA RETRO: 0,26 M³ / POTÊNCIA: 88 HP), LARGURA DE 0,8 A 1,5 M, PROFUNDIDADE ATÉ 1,5 M, COM SOLO DE 1ª CATEGORIA EM LOCAIS COM ALTO NÍVEL DE INTERFERÊNCIA. AF_04/2016","M3","12,37","13,17",null,12.37,13.17,"Sinapi 93375"]
["93376","REATERRO MECANIZADO DE VALA COM RETROESCAVADEIRA (CAPACIDADE DA CAÇAMBA DA RETRO: 0,26 M³ / POTÊNCIA: 88 HP), LARGURA ATÉ 0,8 M, PROFUNDIDADE DE 1,5 A 3,0 M, COM SOLO DE 1ª CATEGORIA EM LOCAIS COM ALTO NÍVEL DE INTERFERÊNCIA. AF_04/2016","M3","10,09","10,73",null,10.09,10.73,"Sinapi 93376"]
["93377","REATERRO MECANIZADO DE VALA COM RETROESCAVADEIRA (CAPACIDADE DA CAÇAMBA DA RETRO: 0,26 M³ / POTÊNCIA: 88 HP), LARGURA DE 0,8 A 1,5 M, PROFUNDIDADE DE 1,5 A 3,0 M, COM SOLO (SEM SUBSTITUIÇÃO) DE 1ª CATEGORIA EM LOCAIS COM ALTO NÍVEL DE INTERFERÊNCIA. AF_04/2016","M3","6,72","7,09",null,6.72,7.09,"Sinapi 93377"]
["93378","REATERRO MECANIZADO DE VALA COM RETROESCAVADEIRA (CAPACIDADE DA CAÇAMBA DA RETRO: 0,26 M³ / POTÊNCIA: 88 HP), LARGURA ATÉ 0,8 M, PROFUNDIDADE ATÉ 1,5 M, COM SOLO DE 1ª CATEGORIA EM LOCAIS COM BAIXO NÍVEL DE INTERFERÊNCIA. AF_04/2016","M3","15,05","16,04",null,15.05,16.04,"Sinapi 93378"]
["93379","REATERRO MECANIZADO DE VALA COM RETROESCAVADEIRA (CAPACIDADE DA CAÇAMBA DA RETRO: 0,26 M³ / POTÊNCIA: 88 HP), LARGURA DE 0,8 A 1,5 M, PROFUNDIDADE ATÉ 1,5 M, COM SOLO DE 1ª CATEGORIA EM LOCAIS COM BAIXO NÍVEL DE INTERFERÊNCIA. AF_04/2016","M3","11,60","12,36",null,11.6,12.36,"Sinapi 93379"]
["93380","REATERRO MECANIZADO DE VALA COM RETROESCAVADEIRA (CAPACIDADE DA CAÇAMBA DA RETRO: 0,26 M³ / POTÊNCIA: 88 HP), LARGURA ATÉ 0,8 M, PROFUNDIDADE DE 1,5 A 3,0 M, COM SOLO DE 1ª CATEGORIA EM LOCAIS COM BAIXO NÍVEL DE INTERFERÊNCIA. AF_04/2016","M3","9,50","10,10",null,9.5,10.1,"Sinapi 93380"]
["93381","REATERRO MECANIZADO DE VALA COM RETROESCAVADEIRA (CAPACIDADE DA CAÇAMBA DA RETRO: 0,26 M³ / POTÊNCIA: 88 HP), LARGURA DE 0,8 A 1,5 M, PROFUNDIDADE DE 1,5 A 3,0 M, COM SOLO (SEM SUBSTITUIÇÃO) DE 1ª CATEGORIA EM LOCAIS COM BAIXO NÍVEL DE INTERFERÊNCIA. AF_04/2016","M3","6,30","6,65",null,6.3,6.65,"Sinapi 93381"]
["93382","REATERRO MANUAL DE VALAS COM COMPACTAÇÃO MECANIZADA. AF_04/2016","M3","21,45","23,37",null,21.45,23.37,"Sinapi 93382"]
["96995","REATERRO MANUAL APILOADO COM SOQUETE. AF_10/2017","M3","36,29","39,88",null,36.29,39.880000000000003,"Sinapi 96995"]
["72838","TRANSPORTE COMERCIAL COM CAMINHAO CARROCERIA 9 T, RODOVIA EM LEITO NATURAL","TXKM","0,77","0,78",null,0.77,0.78,"Sinapi 72838"]
["72839","TRANSPORTE COMERCIAL COM CAMINHAO CARROCERIA 9 T, RODOVIA COM REVESTIMENTO PRIMARIO","TXKM","0,62","0,63",null,0.62,0.63,"Sinapi 72839"]
["72840","TRANSPORTE COMERCIAL COM CAMINHAO CARROCERIA 9 T, RODOVIA PAVIMENTADA","TXKM","0,52","0,52",null,0.52,0.52,"Sinapi 72840"]
["72844","CARGA, MANOBRAS E DESCARGA DE AREIA, BRITA, PEDRA DE MAO E SOLOS COM CAMINHAO BASCULANTE 6 M3 (DESCARGA LIVRE)","T","0,56","0,56",null,0.56000000000000005,0.56000000000000005,"Sinapi 72844"]
["72845","CARGA, MANOBRAS E DESCARGA DE BRITA PARA TRATAMENTOS SUPERFICIAIS, COM CAMINHAO BASCULANTE 6 M3","T","3,35","3,40",null,3.35,3.4,"Sinapi 72845"]
["72846","CARGA, MANOBRAS E DESCARGA DE MISTURA BETUMINOSA A QUENTE, COM CAMINHAO BASCULANTE 6 M3","T","2,77","2,81",null,2.77,2.81,"Sinapi 72846"]
["72847","CARGA, MANOBRAS E DESCARGA DE MISTURA BETUMINOSA A FRIO, COM CAMINHAO BASCULANTE 6 M3","T","5,97","6,06",null,5.97,6.06,"Sinapi 72847"]
["72848","CARGA, MANOBRAS E DESCARGA DE BRITA PARA BASE DE MACADAME, COM CAMINHAO BASCULANTE 6 M3","T","1,49","1,51",null,1.49,1.51,"Sinapi 72848"]
["72849","CARGA, MANOBRAS E DESCARGA DE MISTURAS DE SOLOS E AGREGADOS (BASES ESTABILIZADAS EM USINA) COM CAMINHAO BASCULANTE 6 M3","T","1,91","1,94",null,1.91,1.94,"Sinapi 72849"]
["72850","CARGA, MANOBRAS E DESCARGA DE MATERIAIS DIVERSOS, COM CAMINHAO CARROCERIA 9T (CARGA E DESCARGA MANUAIS)","T","9,74","9,90",null,9.74,9.9,"Sinapi 72850"]
["72882","TRANSPORTE COMERCIAL COM CAMINHAO CARROCERIA 9 T, RODOVIA EM LEITO NATURAL","M3XKM","1,15","1,17",null,1.1499999999999999,1.17,"Sinapi 72882"]
["72883","TRANSPORTE COMERCIAL COM CAMINHAO CARROCERIA 9 T, RODOVIA COM REVESTIMENTO PRIMARIO","M3XKM","0,92","0,93",null,0.92,0.93,"Sinapi 72883"]
["72884","TRANSPORTE COMERCIAL COM CAMINHAO CARROCERIA 9 T, RODOVIA PAVIMENTADA","M3XKM","0,77","0,78",null,0.77,0.78,"Sinapi 72884"]
["72888","CARGA, MANOBRAS E DESCARGA DE AREIA, BRITA, PEDRA DE MAO E SOLOS COM CAMINHAO BASCULANTE 6 M3 (DESCARGA LIVRE)","M3","0,83","0,84",null,0.83,0.84,"Sinapi 72888"]
["72890","CARGA, MANOBRAS E DESCARGA DE BRITA PARA TRATAMENTOS SUPERFICIAIS, COM CAMINHAO BASCULANTE 6 M3, DESCARGA EM DISTRIBUIDOR","M3","5,04","5,11",null,5.04,5.1100000000000003,"Sinapi 72890"]
["72891","CARGA, MANOBRAS E DESCARGA DE MISTURA BETUMINOSA A QUENTE, COM CAMINHAO BASCULANTE 6 M3, DESCARGA EM VIBRO-ACABADORA","M3","4,15","4,21",null,4.1500000000000004,4.21,"Sinapi 72891"]
["72892","CARGA, MANOBRAS E DESCARGA DE DE MISTURA BETUMINOSA A FRIO, COM CAMINHAO BASCULANTE 6 M3, DESCARGA EM VIBRO-ACABADORA","M3","8,96","9,09",null,8.9600000000000009,9.09,"Sinapi 72892"]
["72893","CARGA, MANOBRAS E DESCARGA DE BRITA PARA BASE DE MACADAME, COM CAMINHAO BASCULANTE 6 M3, DESCARGA EM DISTRIBUIDOR","M3","2,23","2,26",null,2.23,2.2599999999999998,"Sinapi 72893"]
["72894","CARGA, MANOBRAS E DESCARGA DE MISTURAS DE SOLOS E AGREGADOS, COM CAMINHAO BASCULANTE 6 M3, DESCARGA EM DISTRIBUIDOR","M3","2,86","2,91",null,2.86,2.91,"Sinapi 72894"]
["72895","CARGA, MANOBRAS E DESCARGA DE MATERIAIS DIVERSOS, COM CAMINHAO BASCULANTE 6M3 (CARGA E DESCARGA MANUAIS)","M3","15,11","15,33",null,15.11,15.33,"Sinapi 72895"]
["72897","CARGA MANUAL DE ENTULHO EM CAMINHAO BASCULANTE 6 M3","M3","18,47","19,96",null,18.47,19.96,"Sinapi 72897"]
["72898","CARGA E DESCARGA MECANIZADAS DE ENTULHO EM CAMINHAO BASCULANTE 6 M3","M3","3,21","3,28",null,3.21,3.28,"Sinapi 72898"]
["72899","TRANSPORTE DE ENTULHO COM CAMINHÃO BASCULANTE 6 M3, RODOVIA PAVIMENTADA, DMT ATE 0,5 KM","M3","3,90","3,96",null,3.9,3.96,"Sinapi 72899"]
["72900","TRANSPORTE DE ENTULHO COM CAMINHAO BASCULANTE 6 M3, RODOVIA PAVIMENTADA, DMT 0,5 A 1,0 KM","M3","4,30","4,36",null,4.3,4.3600000000000003,"Sinapi 72900"]
["74010/1","CARGA E DESCARGA MECANICA DE SOLO UTILIZANDO CAMINHAO BASCULANTE 6,0M3/16T E PA CARREGADEIRA SOBRE PNEUS 128 HP, CAPACIDADE DA CAÇAMBA 1,7 A 2,8 M3, PESO OPERACIONAL 11632 KG","M3","1,41","1,44",null,1.41,1.44,"Sinapi 74010/1"]
["83356","TRANSPORTE COMERCIAL DE BRITA","M3XKM","0,69","0,70",null,0.69,0.7,"Sinapi 83356"]
["83358","TRANSPORTE DE PAVIMENTACAO REMOVIDA (RODOVIAS NAO URBANAS)","M3XKM","1,43","1,45",null,1.43,1.45,"Sinapi 83358"]
["95303","TRANSPORTE COM CAMINHÃO BASCULANTE 10 M3 DE MASSA ASFALTICA PARA PAVIMENTAÇÃO URBANA","M3XKM","0,88","0,90",null,0.88,0.9,"Sinapi 95303"]
["97912","TRANSPORTE COM CAMINHÃO BASCULANTE DE 6 M3, EM VIA URBANA EM LEITO NATURAL (UNIDADE: M3XKM). AF_01/2018","M3XKM","1,63","1,65",null,1.63,1.65,"Sinapi 97912"]
["97913","TRANSPORTE COM CAMINHÃO BASCULANTE DE 6 M3, EM VIA URBANA EM REVESTIMENTO PRIMÁRIO (UNIDADE: M3XKM). AF_01/2018","M3XKM","1,24","1,27",null,1.24,1.27,"Sinapi 97913"]
["97914","TRANSPORTE COM CAMINHÃO BASCULANTE DE 6 M3, EM VIA URBANA PAVIMENTADA, DMT ATÉ 30 KM (UNIDADE: M3XKM). AF_01/2018","M3XKM","1,17","1,19",null,1.17,1.19,"Sinapi 97914"]
["97915","TRANSPORTE COM CAMINHÃO BASCULANTE DE 6 M3, EM VIA URBANA PAVIMENTADA, DMT ACIMA DE 30 KM (UNIDADE: M3XKM). AF_01/2018","M3XKM","0,82","0,85",null,{"$f":"IF(D4936=\"\",\"\",D4936+0)","v":0.82},{"$f":"IF(E4936=\"\",\"\",E4936+0)","v":0.85},{"$f":"IF(OR(G4936=\"\",H4936=\"\"),\"\",CONCATENATE(\"Sinapi \",A4936))","v":"Sinapi 97915"}]
["97916","TRANSPORTE COM CAMINHÃO BASCULANTE DE 6 M3, EM VIA URBANA EM LEITO NATURAL (UNIDADE: TXKM). AF_01/2018","TXKM","1,08","1,10",null,1.08,1.1000000000000001,"Sinapi 97916"]
["97917","TRANSPORTE COM CAMINHÃO BASCULANTE DE 6 M3, EM VIA URBANA EM REVESTIMENTO PRIMÁRIO (UNIDADE: TXKM). AF_01/2018","TXKM","0,82","0,85",null,0.82,0.85,"Sinapi 97917"]
["97918","TRANSPORTE COM CAMINHÃO BASCULANTE DE 6 M3, EM VIA URBANA PAVIMENTADA, DMT ATÉ 30 KM (UNIDADE: TXKM). AF_01/2018","TXKM","0,77","0,79",null,0.77,0.79,"Sinapi 97918"]
["97919","TRANSPORTE COM CAMINHÃO BASCULANTE DE 6 M3, EM VIA URBANA PAVIMENTADA, DMT ACIMA DE 30 KM (UNIDADE: TXKM). AF_01/2018","TXKM","0,54","0,56",null,0.54,0.56000000000000005,"Sinapi 97919"]
["94097","PREPARO DE FUNDO DE VALA COM LARGURA MENOR QUE 1,5 M, EM LOCAL COM NÍVEL BAIXO DE INTERFERÊNCIA. AF_06/2016","M2","4,57","5,05",null,4.57,5.05,"Sinapi 94097"]
["94098","PREPARO DE FUNDO DE VALA  COM LARGURA MENOR QUE 1,5 M, EM LOCAL COM NÍVEL ALTO DE INTERFERÊNCIA. AF_06/2016","M2","5,21","5,77",null,5.21,5.77,"Sinapi 94098"]
["94099","PREPARO DE FUNDO DE VALA COM LARGURA MAIOR OU IGUAL A 1,5 M E MENOR QUE 2,5 M, EM LOCAL COM NÍVEL BAIXO DE INTERFERÊNCIA. AF_06/2016","M2","2,30","2,53",null,2.2999999999999998,2.5299999999999998,"Sinapi 94099"]
["94100","PREPARO DE FUNDO DE VALA  COM LARGURA MAIOR OU IGUAL A 1,5 M E MENOR QUE 2,5 M, EM LOCAL COM NÍVEL ALTO DE INTERFERÊNCIA. AF_06/2016","M2","2,93","3,23",null,2.93,3.23,"Sinapi 94100"]
["94102","LASTRO DE VALA COM PREPARO DE FUNDO, LARGURA MENOR QUE 1,5 M, COM CAMADA DE AREIA, LANÇAMENTO MANUAL, EM LOCAL COM NÍVEL BAIXO DE INTERFERÊNCIA. AF_06/2016","M3","201,20","210,85",null,201.2,210.85,"Sinapi 94102"]
["94103","LASTRO DE VALA COM PREPARO DE FUNDO, LARGURA MENOR QUE 1,5 M, COM CAMADA DE BRITA, LANÇAMENTO MANUAL, EM LOCAL COM NÍVEL BAIXO DE INTERFERÊNCIA. AF_06/2016","M3","228,90","240,73",null,228.9,240.73,"Sinapi 94103"]
["94104","LASTRO DE VALA COM PREPARO DE FUNDO, LARGURA MENOR QUE 1,5 M, COM CAMADA DE AREIA, LANÇAMENTO MANUAL, EM LOCAL COM NÍVEL ALTO DE INTERFERÊNCIA. AF_06/2016","M3","204,82","214,85",null,204.82,214.85,"Sinapi 94104"]
["94105","LASTRO DE VALA COM PREPARO DE FUNDO, LARGURA MENOR QUE 1,5 M, COM CAMADA DE BRITA, LANÇAMENTO MANUAL, EM LOCAL COM NÍVEL ALTO DE INTERFERÊNCIA. AF_06/2016","M3","232,54","244,77",null,232.54,244.77,"Sinapi 94105"]
["94106","LASTRO COM PREPARO DE FUNDO, LARGURA MAIOR OU IGUAL A 1,5 M, COM CAMADA DE AREIA, LANÇAMENTO MANUAL, EM LOCAL COM NÍVEL BAIXO DE INTERFERÊNCIA. AF_06/2016","M3","182,95","190,68",null,182.95,190.68,"Sinapi 94106"]
["94107","LASTRO COM PREPARO DE FUNDO, LARGURA MAIOR OU IGUAL A 1,5 M, COM CAMADA DE BRITA, LANÇAMENTO MANUAL, EM LOCAL COM NÍVEL BAIXO DE INTERFERÊNCIA. AF_06/2016","M3","210,66","220,58",null,210.66,220.58,"Sinapi 94107"]
["94108","LASTRO COM PREPARO DE FUNDO, LARGURA MAIOR OU IGUAL A 1,5 M, COM CAMADA DE AREIA, LANÇAMENTO MANUAL, EM LOCAL COM NÍVEL ALTO DE INTERFERÊNCIA. AF_06/2016","M3","186,59","194,71",null,186.59,194.71,"Sinapi 94108"]
["94110","LASTRO COM PREPARO DE FUNDO, LARGURA MAIOR OU IGUAL A 1,5 M, COM CAMADA DE BRITA, LANÇAMENTO MANUAL, EM LOCAL COM NÍVEL ALTO DE INTERFERÊNCIA. AF_06/2016","M3","214,29","224,59",null,214.29,224.59,"Sinapi 94110"]
["94111","LASTRO DE VALA COM PREPARO DE FUNDO, LARGURA MENOR QUE 1,5 M, COM CAMADA DE AREIA, LANÇAMENTO MECANIZADO, EM LOCAL COM NÍVEL BAIXO DE INTERFERÊNCIA. AF_06/2016","M3","172,89","178,07",null,172.89,178.07,"Sinapi 94111"]
["94112","LASTRO DE VALA COM PREPARO DE FUNDO, LARGURA MENOR QUE 1,5 M, COM CAMADA DE BRITA, LANÇAMENTO MECANIZADO, EM LOCAL COM NÍVEL BAIXO DE INTERFERÊNCIA. AF_06/2016","M3","194,01","200,33",null,194.01,200.33,"Sinapi 94112"]
["94113","LASTRO DE VALA COM PREPARO DE FUNDO, LARGURA MENOR QUE 1,5 M, COM CAMADA DE AREIA, LANÇAMENTO MECANIZADO, EM LOCAL COM NÍVEL ALTO DE INTERFERÊNCIA. AF_06/2016","M3","178,41","184,01",null,178.41,184.01,"Sinapi 94113"]
["94114","LASTRO DE VALA COM PREPARO DE FUNDO, LARGURA MENOR QUE 1,5 M, COM CAMADA DE BRITA, LANÇAMENTO MECANIZADO, EM LOCAL COM NÍVEL ALTO DE INTERFERÊNCIA. AF_06/2016","M3","200,21","207,05",null,200.21,207.05,"Sinapi 94114"]
["94115","LASTRO COM PREPARO DE FUNDO, LARGURA MAIOR OU IGUAL A 1,5 M, COM CAMADA DE AREIA, LANÇAMENTO MECANIZADO, EM LOCAL COM NÍVEL BAIXO DE INTERFERÊNCIA. AF_06/2016","M3","147,03","150,06",null,147.03,150.06,"Sinapi 94115"]
["94116","LASTRO COM PREPARO DE FUNDO, LARGURA MAIOR OU IGUAL A 1,5 M, COM CAMADA DE BRITA, LANÇAMENTO MECANIZADO, EM LOCAL COM NÍVEL BAIXO DE INTERFERÊNCIA. AF_06/2016","M3","164,40","168,28",null,164.4,168.28,"Sinapi 94116"]
["94117","LASTRO COM PREPARO DE FUNDO, LARGURA MAIOR OU IGUAL A 1,5 M, COM CAMADA DE AREIA, LANÇAMENTO MECANIZADO, EM LOCAL COM NÍVEL ALTO DE INTERFERÊNCIA. AF_06/2016","M3","152,15","155,61",null,152.15,155.61000000000001,"Sinapi 94117"]
["94118","LASTRO COM PREPARO DE FUNDO, LARGURA MAIOR OU IGUAL A 1,5 M, COM CAMADA DE BRITA, LANÇAMENTO MECANIZADO, EM LOCAL COM NÍVEL ALTO DE INTERFERÊNCIA. AF_06/2016","M3","170,42","174,79",null,170.42,174.79,"Sinapi 94118"]
["6514","FORNECIMENTO E LANCAMENTO DE BRITA N. 4","M3","125,71","128,71",null,125.71,128.71,"Sinapi 6514"]
["88549","FORNECIMENTO E ASSENTAMENTO DE BRITA 2-DRENOS E FILTROS   MM","M3","102,62","104,12",null,102.62,104.12,"Sinapi 88549"]
["74005/1","COMPACTACAO MECANICA, SEM CONTROLE DO GC (C/COMPACTADOR PLACA 400 KG)","M3","4,72","5,09",null,4.72,5.09,"Sinapi 74005/1"]
["95606","UMIDIFICAÇÃO DE MATERIAL PARA VALAS COM CAMINHÃO PIPA 10000L. AF_11/2016","M3","1,29","1,32",null,1.29,1.32,"Sinapi 95606"]
["72131","ALVENARIA EM TIJOLO CERAMICO MACICO 5X10X20CM 1 VEZ (ESPESSURA 20CM), ASSENTADO COM ARGAMASSA TRACO 1:2:8 (CIMENTO, CAL E AREIA)","M2","116,26","122,68",null,116.26,122.68,"Sinapi 72131"]
["72132","ALVENARIA EM TIJOLO CERAMICO MACICO 5X10X20CM 1/2 VEZ (ESPESSURA 10CM), ASSENTADO COM ARGAMASSA TRACO 1:2:8 (CIMENTO, CAL E AREIA)","M2","59,83","63,34",null,59.83,63.34,"Sinapi 72132"]
["72133","ALVENARIA EM TIJOLO CERAMICO MACICO 5X10X20CM 1 1/2 VEZ (ESPESSURA 30CM), ASSENTADO COM ARGAMASSA TRACO 1:2:8 (CIMENTO, CAL E AREIA)","M2","207,13","219,52",null,207.13,219.52,"Sinapi 72133"]
["87471","ALVENARIA DE VEDAÇÃO DE BLOCOS CERÂMICOS FURADOS NA VERTICAL DE 9X19X39CM (ESPESSURA 9CM) DE PAREDES COM ÁREA LÍQUIDA MENOR QUE 6M² SEM VÃOS E ARGAMASSA DE ASSENTAMENTO COM PREPARO EM BETONEIRA. AF_06/2014","M2","37,98","39,87",null,37.979999999999997,39.869999999999997,"Sinapi 87471"]
["87472","ALVENARIA DE VEDAÇÃO DE BLOCOS CERÂMICOS FURADOS NA VERTICAL DE 9X19X39CM (ESPESSURA 9CM) DE PAREDES COM ÁREA LÍQUIDA MENOR QUE 6M² SEM VÃOS E ARGAMASSA DE ASSENTAMENTO COM PREPARO MANUAL. AF_06/2014","M2","38,93","40,91",null,38.93,40.909999999999997,"Sinapi 87472"]
["87473","ALVENARIA DE VEDAÇÃO DE BLOCOS CERÂMICOS FURADOS NA VERTICAL DE 14X19X39CM (ESPESSURA 14CM) DE PAREDES COM ÁREA LÍQUIDA MENOR QUE 6M² SEM VÃOS E ARGAMASSA DE ASSENTAMENTO COM PREPARO EM BETONEIRA. AF_06/2014","M2","52,51","55,24",null,52.51,55.24,"Sinapi 87473"]
["87474","ALVENARIA DE VEDAÇÃO DE BLOCOS CERÂMICOS FURADOS NA VERTICAL DE 14X19X39CM (ESPESSURA 14CM) DE PAREDES COM ÁREA LÍQUIDA MENOR QUE 6M² SEM VÃOS E ARGAMASSA DE ASSENTAMENTO COM PREPARO MANUAL. AF_06/2014","M2","53,59","56,43",null,53.59,56.43,"Sinapi 87474"]
["87475","ALVENARIA DE VEDAÇÃO DE BLOCOS CERÂMICOS FURADOS NA VERTICAL DE 19X19X39CM (ESPESSURA 19CM) DE PAREDES COM ÁREA LÍQUIDA MENOR QUE 6M² SEM VÃOS E ARGAMASSA DE ASSENTAMENTO COM PREPARO EM BETONEIRA. AF_06/2014","M2","63,03","66,17",null,63.03,66.17,"Sinapi 87475"]
["87476","ALVENARIA DE VEDAÇÃO DE BLOCOS CERÂMICOS FURADOS NA VERTICAL DE 19X19X39CM (ESPESSURA 19CM) DE PAREDES COM ÁREA LÍQUIDA MENOR QUE 6M² SEM VÃOS E ARGAMASSA DE ASSENTAMENTO COM PREPARO MANUAL. AF_06/2014","M2","64,29","67,56",null,64.290000000000006,67.56,"Sinapi 87476"]
["87477","ALVENARIA DE VEDAÇÃO DE BLOCOS CERÂMICOS FURADOS NA VERTICAL DE 9X19X39CM (ESPESSURA 9CM) DE PAREDES COM ÁREA LÍQUIDA MAIOR OU IGUAL A 6M² SEM VÃOS E ARGAMASSA DE ASSENTAMENTO COM PREPARO EM BETONEIRA. AF_06/2014","M2","34,21","35,76",null,34.21,35.76,"Sinapi 87477"]
["87478","ALVENARIA DE VEDAÇÃO DE BLOCOS CERÂMICOS FURADOS NA VERTICAL DE 9X19X39CM (ESPESSURA 9CM) DE PAREDES COM ÁREA LÍQUIDA MAIOR OU IGUAL A 6M² SEM VÃOS E ARGAMASSA DE ASSENTAMENTO COM PREPARO MANUAL. AF_06/2014","M2","35,16","36,80",null,35.159999999999997,36.799999999999997,"Sinapi 87478"]
["87479","ALVENARIA DE VEDAÇÃO DE BLOCOS CERÂMICOS FURADOS NA VERTICAL DE 14X19X39CM (ESPESSURA 14CM) DE PAREDES COM ÁREA LÍQUIDA MAIOR OU IGUAL A 6M² SEM VÃOS E ARGAMASSA DE ASSENTAMENTO COM PREPARO EM BETONEIRA. AF_06/2014","M2","48,28","50,66",null,48.28,50.66,"Sinapi 87479"]
["87480","ALVENARIA DE VEDAÇÃO DE BLOCOS CERÂMICOS FURADOS NA VERTICAL DE 14X19X39CM (ESPESSURA 14CM) DE PAREDES COM ÁREA LÍQUIDA MAIOR OU IGUAL A 6M² SEM VÃOS E ARGAMASSA DE ASSENTAMENTO COM PREPARO MANUAL. AF_06/2014","M2","49,36","51,85",null,49.36,51.85,"Sinapi 87480"]
["87481","ALVENARIA DE VEDAÇÃO DE BLOCOS CERÂMICOS FURADOS NA VERTICAL DE 19X19X39CM (ESPESSURA 19CM) DE PAREDES COM ÁREA LÍQUIDA MAIOR OU IGUAL A 6M² SEM VÃOS E ARGAMASSA DE ASSENTAMENTO COM PREPARO EM BETONEIRA. AF_06/2014","M2","58,19","60,98",null,58.19,60.98,"Sinapi 87481"]
["87482","ALVENARIA DE VEDAÇÃO DE BLOCOS CERÂMICOS FURADOS NA VERTICAL DE 19X19X39CM (ESPESSURA 19CM) DE PAREDES COM ÁREA LÍQUIDA MAIOR OU IGUAL A 6M² SEM VÃOS E ARGAMASSA DE ASSENTAMENTO COM PREPARO MANUAL. AF_06/2014","M2","59,45","62,37",null,59.45,62.37,"Sinapi 87482"]
["87483","ALVENARIA DE VEDAÇÃO DE BLOCOS CERÂMICOS FURADOS NA VERTICAL DE 9X19X39CM (ESPESSURA 9CM) DE PAREDES COM ÁREA LÍQUIDA MENOR QUE 6M² COM VÃOS E ARGAMASSA DE ASSENTAMENTO COM PREPARO EM BETONEIRA. AF_06/2014","M2","43,84","46,33",null,43.84,46.33,"Sinapi 87483"]
["87484","ALVENARIA DE VEDAÇÃO DE BLOCOS CERÂMICOS FURADOS NA VERTICAL DE 9X19X39CM (ESPESSURA 9CM) DE PAREDES COM ÁREA LÍQUIDA MENOR QUE 6M² COM VÃOS E ARGAMASSA DE ASSENTAMENTO COM PREPARO MANUAL. AF_06/2014","M2","44,79","47,37",null,44.79,47.37,"Sinapi 87484"]
["87485","ALVENARIA DE VEDAÇÃO DE BLOCOS CERÂMICOS FURADOS NA VERTICAL DE 14X19X39CM (ESPESSURA 14CM) DE PAREDES COM ÁREA LÍQUIDA MENOR QUE 6M² COM VÃOS E ARGAMASSA DE ASSENTAMENTO COM PREPARO EM BETONEIRA. AF_06/2014","M2","58,47","61,81",null,58.47,61.81,"Sinapi 87485"]
["87487","ALVENARIA DE VEDAÇÃO DE BLOCOS CERÂMICOS FURADOS NA VERTICAL DE 19X19X39CM (ESPESSURA 19CM) DE PAREDES COM ÁREA LÍQUIDA MENOR QUE 6M² COM VÃOS E ARGAMASSA DE ASSENTAMENTO COM PREPARO EM BETONEIRA. AF_06/2014","M2","68,80","72,52",null,68.8,72.52,"Sinapi 87487"]
["87488","ALVENARIA DE VEDAÇÃO DE BLOCOS CERÂMICOS FURADOS NA VERTICAL DE 19X19X39CM (ESPESSURA 19CM) DE PAREDES COM ÁREA LÍQUIDA MENOR QUE 6M² COM VÃOS E ARGAMASSA DE ASSENTAMENTO COM PREPARO MANUAL. AF_06/2014","M2","70,06","73,91",null,70.06,73.91,"Sinapi 87488"]
["87489","ALVENARIA DE VEDAÇÃO DE BLOCOS CERÂMICOS FURADOS NA VERTICAL DE 9X19X39CM (ESPESSURA 9CM) DE PAREDES COM ÁREA LÍQUIDA MAIOR OU IGUAL A 6M² COM VÃOS E ARGAMASSA DE ASSENTAMENTO COM PREPARO EM BETONEIRA. AF_06/2014","M2","37,56","39,45",null,37.56,39.450000000000003,"Sinapi 87489"]
["87490","ALVENARIA DE VEDAÇÃO DE BLOCOS CERÂMICOS FURADOS NA VERTICAL DE 9X19X39CM (ESPESSURA 9CM) DE PAREDES COM ÁREA LÍQUIDA MAIOR OU IGUAL A 6M² COM VÃOS E ARGAMASSA DE ASSENTAMENTO COM PREPARO MANUAL. AF_06/2014","M2","38,51","40,49",null,38.51,40.49,"Sinapi 87490"]
["87491","ALVENARIA DE VEDAÇÃO DE BLOCOS CERÂMICOS FURADOS NA VERTICAL DE 14X19X39CM (ESPESSURA 14CM) DE PAREDES COM ÁREA LÍQUIDA MAIOR OU IGUAL A 6M² COM VÃOS E ARGAMASSA DE ASSENTAMENTO COM PREPARO EM BETONEIRA. AF_06/2014","M2","51,73","54,46",null,51.73,54.46,"Sinapi 87491"]
["87492","ALVENARIA DE VEDAÇÃO DE BLOCOS CERÂMICOS FURADOS NA VERTICAL DE 14X19X39CM (ESPESSURA 14CM) DE PAREDES COM ÁREA LÍQUIDA MAIOR OU IGUAL A 6M² COM VÃOS E ARGAMASSA DE ASSENTAMENTO COM PREPARO MANUAL. AF_06/2014","M2","52,81","55,65",null,52.81,55.65,"Sinapi 87492"]
["87493","ALVENARIA DE VEDAÇÃO DE BLOCOS CERÂMICOS FURADOS NA VERTICAL DE 19X19X39CM (ESPESSURA 19CM) DE PAREDES COM ÁREA LÍQUIDA MAIOR OU IGUAL A 6M² COM VÃOS E ARGAMASSA DE ASSENTAMENTO COM PREPARO EM BETONEIRA. AF_06/2014","M2","61,73","64,87",null,61.73,64.87,"Sinapi 87493"]
["87494","ALVENARIA DE VEDAÇÃO DE BLOCOS CERÂMICOS FURADOS NA VERTICAL DE 19X19X39CM (ESPESSURA 19CM) DE PAREDES COM ÁREA LÍQUIDA MAIOR OU IGUAL A 6M² COM VÃOS E ARGAMASSA DE ASSENTAMENTO COM PREPARO MANUAL. AF_06/2014","M2","62,99","66,26",null,62.99,66.260000000000005,"Sinapi 87494"]
["87495","ALVENARIA DE VEDAÇÃO DE BLOCOS CERÂMICOS FURADOS NA HORIZONTAL DE 9X19X19CM (ESPESSURA 9CM) DE PAREDES COM ÁREA LÍQUIDA MENOR QUE 6M² SEM VÃOS E ARGAMASSA DE ASSENTAMENTO COM PREPARO EM BETONEIRA. AF_06/2014","M2","66,11","71,35",null,66.11,71.349999999999994,"Sinapi 87495"]
["87496","ALVENARIA DE VEDAÇÃO DE BLOCOS CERÂMICOS FURADOS NA HORIZONTAL DE 9X19X19CM (ESPESSURA 9CM) DE PAREDES COM ÁREA LÍQUIDA MENOR QUE 6M² SEM VÃOS E ARGAMASSA DE ASSENTAMENTO COM PREPARO MANUAL. AF_06/2014","M2","67,00","72,34",null,67,72.34,"Sinapi 87496"]
["87497","ALVENARIA DE VEDAÇÃO DE BLOCOS CERÂMICOS FURADOS NA HORIZONTAL DE 11,5X19X19CM (ESPESSURA 11,5CM) DE PAREDES COM ÁREA LÍQUIDA MENOR QUE 6M² SEM VÃOS E ARGAMASSA DE ASSENTAMENTO COM PREPARO EM BETONEIRA. AF_06/2014","M2","63,68","68,11",null,63.68,68.11,"Sinapi 87497"]
["87498","ALVENARIA DE VEDAÇÃO DE BLOCOS CERÂMICOS FURADOS NA HORIZONTAL DE 11,5X19X19CM (ESPESSURA 11,5CM) DE PAREDES COM ÁREA LÍQUIDA MENOR QUE 6M² SEM VÃOS E ARGAMASSA DE ASSENTAMENTO COM PREPARO MANUAL. AF_06/2014","M2","64,82","69,37",null,64.819999999999993,69.37,"Sinapi 87498"]
["87499","ALVENARIA DE VEDAÇÃO DE BLOCOS CERÂMICOS FURADOS NA HORIZONTAL DE 9X14X19CM (ESPESSURA 9CM) DE PAREDES COM ÁREA LÍQUIDA MENOR QUE 6M² SEM VÃOS E ARGAMASSA DE ASSENTAMENTO COM PREPARO EM BETONEIRA. AF_06/2014","M2","72,59","78,57",null,72.59,78.569999999999993,"Sinapi 87499"]
["87500","ALVENARIA DE VEDAÇÃO DE BLOCOS CERÂMICOS FURADOS NA HORIZONTAL DE 9X14X19CM (ESPESSURA 9CM) DE PAREDES COM ÁREA LÍQUIDA MENOR QUE 6M² SEM VÃOS E ARGAMASSA DE ASSENTAMENTO COM PREPARO MANUAL. AF_06/2014","M2","73,56","79,64",null,73.56,79.64,"Sinapi 87500"]
["87501","ALVENARIA DE VEDAÇÃO DE BLOCOS CERÂMICOS FURADOS NA HORIZONTAL DE 14X9X19CM (ESPESSURA 14CM, BLOCO DEITADO) DE PAREDES COM ÁREA LÍQUIDA MENOR QUE 6M² SEM VÃOS E ARGAMASSA DE ASSENTAMENTO COM PREPARO EM BETONEIRA. AF_06/2014","M2","112,57","121,85",null,112.57,121.85,"Sinapi 87501"]
["87502","ALVENARIA DE VEDAÇÃO DE BLOCOS CERÂMICOS FURADOS NA HORIZONTAL DE 14X9X19CM (ESPESSURA 14CM, BLOCO DEITADO) DE PAREDES COM ÁREA LÍQUIDA MENOR QUE 6M² SEM VÃOS E ARGAMASSA DE ASSENTAMENTO COM PREPARO MANUAL. AF_06/2014","M2","113,80","123,21",null,113.8,123.21,"Sinapi 87502"]
["87503","ALVENARIA DE VEDAÇÃO DE BLOCOS CERÂMICOS FURADOS NA HORIZONTAL DE 9X19X19CM (ESPESSURA 9CM) DE PAREDES COM ÁREA LÍQUIDA MAIOR OU IGUAL A 6M² SEM VÃOS E ARGAMASSA DE ASSENTAMENTO COM PREPARO EM BETONEIRA. AF_06/2014","M2","56,50","60,76",null,56.5,60.76,"Sinapi 87503"]
["87504","ALVENARIA DE VEDAÇÃO DE BLOCOS CERÂMICOS FURADOS NA HORIZONTAL DE 9X19X19CM (ESPESSURA 9CM) DE PAREDES COM ÁREA LÍQUIDA MAIOR OU IGUAL A 6M² SEM VÃOS E ARGAMASSA DE ASSENTAMENTO COM PREPARO MANUAL. AF_06/2014","M2","57,39","61,75",null,{"$f":"IF(D5000=\"\",\"\",D5000+0)","v":57.39},{"$f":"IF(E5000=\"\",\"\",E5000+0)","v":61.75},{"$f":"IF(OR(G5000=\"\",H5000=\"\"),\"\",CONCATENATE(\"Sinapi \",A5000))","v":"Sinapi 87504"}]
["87505","ALVENARIA DE VEDAÇÃO DE BLOCOS CERÂMICOS FURADOS NA HORIZONTAL DE 11,5X19X19CM (ESPESSURA 11,5M) DE PAREDES COM ÁREA LÍQUIDA MAIOR OU IGUAL A 6M² SEM VÃOS E ARGAMASSA DE ASSENTAMENTO COM PREPARO EM BETONEIRA. AF_06/2014","M2","54,04","57,52",null,54.04,57.52,"Sinapi 87505"]
["87506","ALVENARIA DE VEDAÇÃO DE BLOCOS CERÂMICOS FURADOS NA HORIZONTAL DE 11,5X19X19CM (ESPESSURA 11,5M) DE PAREDES COM ÁREA LÍQUIDA MAIOR OU IGUAL A 6M² SEM VÃOS E ARGAMASSA DE ASSENTAMENTO COM PREPARO MANUAL. AF_06/2014","M2","55,18","58,78",null,55.18,58.78,"Sinapi 87506"]
["87507","ALVENARIA DE VEDAÇÃO DE BLOCOS CERÂMICOS FURADOS NA HORIZONTAL DE 9X14X19CM (ESPESSURA 9CM) DE PAREDES COM ÁREA LÍQUIDA MAIOR OU IGUAL A 6M² SEM VÃOS E ARGAMASSA DE ASSENTAMENTO COM PREPARO EM BETONEIRA. AF_06/2014","M2","59,89","64,58",null,59.89,64.58,"Sinapi 87507"]
["87508","ALVENARIA DE VEDAÇÃO DE BLOCOS CERÂMICOS FURADOS NA HORIZONTAL DE 9X14X19CM (ESPESSURA 9CM) DE PAREDES COM ÁREA LÍQUIDA MAIOR OU IGUAL A 6M² SEM VÃOS E ARGAMASSA DE ASSENTAMENTO COM PREPARO MANUAL. AF_06/2014","M2","60,86","65,65",null,60.86,65.650000000000006,"Sinapi 87508"]
["87509","ALVENARIA DE VEDAÇÃO DE BLOCOS CERÂMICOS FURADOS NA HORIZONTAL DE 14X9X19CM (ESPESSURA 14CM, BLOCO DEITADO) DE PAREDES COM ÁREA LÍQUIDA MAIOR OU IGUAL A 6M² SEM VÃOS E ARGAMASSA DE ASSENTAMENTO COM PREPARO EM BETONEIRA. AF_06/2014","M2","92,11","99,38",null,92.11,99.38,"Sinapi 87509"]
["87510","ALVENARIA DE VEDAÇÃO DE BLOCOS CERÂMICOS FURADOS NA HORIZONTAL DE 14X9X19CM (ESPESSURA 14CM, BLOCO DEITADO) DE PAREDES COM ÁREA LÍQUIDA MAIOR OU IGUAL A 6M² SEM VÃOS E ARGAMASSA DE ASSENTAMENTO COM PREPARO MANUAL. AF_06/2014","M2","93,34","100,74",null,93.34,100.74,"Sinapi 87510"]
["87511","ALVENARIA DE VEDAÇÃO DE BLOCOS CERÂMICOS FURADOS NA HORIZONTAL DE 9X19X19CM (ESPESSURA 9CM) DE PAREDES COM ÁREA LÍQUIDA MENOR QUE 6M² COM VÃOS E ARGAMASSA DE ASSENTAMENTO COM PREPARO EM BETONEIRA. AF_06/2014","M2","74,35","80,48",null,74.349999999999994,80.48,"Sinapi 87511"]
["87512","ALVENARIA DE VEDAÇÃO DE BLOCOS CERÂMICOS FURADOS NA HORIZONTAL DE 9X19X19CM (ESPESSURA 9CM) DE PAREDES COM ÁREA LÍQUIDA MENOR QUE 6M² COM VÃOS E ARGAMASSA DE ASSENTAMENTO COM PREPARO MANUAL. AF_06/2014","M2","75,24","81,47",null,75.239999999999995,81.47,"Sinapi 87512"]
["87513","ALVENARIA DE VEDAÇÃO DE BLOCOS CERÂMICOS FURADOS NA HORIZONTAL DE 11,5X19X19CM (ESPESSURA 11,5CM) DE PAREDES COM ÁREA LÍQUIDA MENOR QUE 6M² COM VÃOS E ARGAMASSA DE ASSENTAMENTO COM PREPARO EM BETONEIRA. AF_06/2014","M2","72,24","77,60",null,72.239999999999995,77.599999999999994,"Sinapi 87513"]
["87514","ALVENARIA DE VEDAÇÃO DE BLOCOS CERÂMICOS FURADOS NA HORIZONTAL DE 11,5X19X19CM (ESPESSURA 11,5CM) DE PAREDES COM ÁREA LÍQUIDA MENOR QUE 6M² COM VÃOS E ARGAMASSA DE ASSENTAMENTO COM PREPARO MANUAL. AF_06/2014","M2","73,38","78,86",null,73.38,78.86,"Sinapi 87514"]
["87515","ALVENARIA DE VEDAÇÃO DE BLOCOS CERÂMICOS FURADOS NA HORIZONTAL DE 9X14X19CM (ESPESSURA 9CM) DE PAREDES COM ÁREA LÍQUIDA MENOR QUE 6M² COM VÃOS E ARGAMASSA DE ASSENTAMENTO COM PREPARO EM BETONEIRA. AF_06/2014","M2","84,06","91,28",null,84.06,91.28,"Sinapi 87515"]
["87516","ALVENARIA DE VEDAÇÃO DE BLOCOS CERÂMICOS FURADOS NA HORIZONTAL DE 9X14X19CM (ESPESSURA 9CM) DE PAREDES COM ÁREA LÍQUIDA MENOR QUE 6M² COM VÃOS E ARGAMASSA DE ASSENTAMENTO COM PREPARO MANUAL. AF_06/2014","M2","85,03","92,35",null,85.03,92.35,"Sinapi 87516"]
["87517","ALVENARIA DE VEDAÇÃO DE BLOCOS CERÂMICOS FURADOS NA HORIZONTAL DE 14X9X19CM (ESPESSURA 14CM, BLOCO DEITADO) DE PAREDES COM ÁREA LÍQUIDA MENOR QUE 6M² COM VÃOS E ARGAMASSA DE ASSENTAMENTO COM PREPARO EM BETONEIRA. AF_06/2014","M2","130,44","141,66",null,130.44,141.66,"Sinapi 87517"]
["87518","ALVENARIA DE VEDAÇÃO DE BLOCOS CERÂMICOS FURADOS NA HORIZONTAL DE 14X9X19CM (ESPESSURA 14CM, BLOCO DEITADO) DE PAREDES COM ÁREA LÍQUIDA MENOR QUE 6M² COM VÃOS E ARGAMASSA DE ASSENTAMENTO COM PREPARO MANUAL. AF_06/2014","M2","131,67","143,02",null,131.66999999999999,143.02000000000001,"Sinapi 87518"]
["87519","ALVENARIA DE VEDAÇÃO DE BLOCOS CERÂMICOS FURADOS NA HORIZONTAL DE 9X19X19CM (ESPESSURA 9CM) DE PAREDES COM ÁREA LÍQUIDA MAIOR OU IGUAL A 6M² COM VÃOS E ARGAMASSA DE ASSENTAMENTO COM PREPARO EM BETONEIRA. AF_06/2014","M2","61,69","66,50",null,61.69,66.5,"Sinapi 87519"]
["87520","ALVENARIA DE VEDAÇÃO DE BLOCOS CERÂMICOS FURADOS NA HORIZONTAL DE 9X19X19CM (ESPESSURA 9CM) DE PAREDES COM ÁREA LÍQUIDA MAIOR OU IGUAL A 6M² COM VÃOS E ARGAMASSA DE ASSENTAMENTO COM PREPARO MANUAL. AF_06/2014","M2","62,58","67,49",null,62.58,67.489999999999995,"Sinapi 87520"]
["87521","ALVENARIA DE VEDAÇÃO DE BLOCOS CERÂMICOS FURADOS NA HORIZONTAL DE 11,5X19X19CM (ESPESSURA 11,5CM) DE PAREDES COM ÁREA LÍQUIDA MAIOR OU IGUAL A 6M² COM VÃOS E ARGAMASSA DE ASSENTAMENTO COM PREPARO EM BETONEIRA. AF_06/2014","M2","59,27","63,31",null,59.27,63.31,"Sinapi 87521"]
["87522","ALVENARIA DE VEDAÇÃO DE BLOCOS CERÂMICOS FURADOS NA HORIZONTAL DE 11,5X19X19CM (ESPESSURA 11,5CM) DE PAREDES COM ÁREA LÍQUIDA MAIOR OU IGUAL A 6M² COM VÃOS E ARGAMASSA DE ASSENTAMENTO COM PREPARO MANUAL. AF_06/2014","M2","60,41","64,57",null,60.41,64.569999999999993,"Sinapi 87522"]
["87523","ALVENARIA DE VEDAÇÃO DE BLOCOS CERÂMICOS FURADOS NA HORIZONTAL DE 9X14X19CM (ESPESSURA 9CM) DE PAREDES COM ÁREA LÍQUIDA MAIOR OU IGUAL A 6M² COM VÃOS E ARGAMASSA DE ASSENTAMENTO COM PREPARO EM BETONEIRA. AF_06/2014","M2","66,87","72,31",null,66.87,72.31,"Sinapi 87523"]
["87524","ALVENARIA DE VEDAÇÃO DE BLOCOS CERÂMICOS FURADOS NA HORIZONTAL DE 9X14X19CM (ESPESSURA 9CM) DE PAREDES COM ÁREA LÍQUIDA MAIOR OU IGUAL A 6M² COM VÃOS E ARGAMASSA DE ASSENTAMENTO COM PREPARO MANUAL. AF_06/2014","M2","67,84","73,38",null,67.84,73.38,"Sinapi 87524"]
["87525","ALVENARIA DE VEDAÇÃO DE BLOCOS CERÂMICOS FURADOS NA HORIZONTAL DE 14X9X19CM (ESPESSURA 14CM, BLOCO DEITADO) DE PAREDES COM ÁREA LÍQUIDA MAIOR OU IGUAL A 6M² COM VÃOS E ARGAMASSA DE ASSENTAMENTO COM PREPARO EM BETONEIRA. AF_06/2014","M2","102,93","111,37",null,102.93,111.37,"Sinapi 87525"]
["87526","ALVENARIA DE VEDAÇÃO DE BLOCOS CERÂMICOS FURADOS NA HORIZONTAL DE 14X9X19CM (ESPESSURA 14CM, BLOCO DEITADO) DE PAREDES COM ÁREA LÍQUIDA MAIOR OU IGUAL A 6M² COM VÃOS E ARGAMASSA DE ASSENTAMENTO COM PREPARO MANUAL. AF_06/2014","M2","104,16","112,73",null,104.16,112.73,"Sinapi 87526"]
["89043","(COMPOSIÇÃO REPRESENTATIVA) DO SERVIÇO DE ALVENARIA DE VEDAÇÃO DE BLOCOS VAZADOS DE CERÂMICA DE 9X19X19CM (ESPESSURA 9CM), PARA EDIFICAÇÃO HABITACIONAL MULTIFAMILIAR (PRÉDIO). AF_11/2014","M2","62,90","67,83",null,62.9,67.83,"Sinapi 89043"]
["89168","(COMPOSIÇÃO REPRESENTATIVA) DO SERVIÇO DE ALVENARIA DE VEDAÇÃO DE BLOCOS VAZADOS DE CERÂMICA DE 9X19X19CM (ESPESSURA 9CM), PARA EDIFICAÇÃO HABITACIONAL UNIFAMILIAR (CASA) E EDIFICAÇÃO PÚBLICA PADRÃO. AF_11/2014","M2","64,78","69,90",null,64.78,69.900000000000006,"Sinapi 89168"]
["89977","(COMPOSIÇÃO REPRESENTATIVA) DO SERVIÇO DE ALVENARIA DE VEDAÇÃO DE BLOCOS VAZADOS DE CERÂMICA DE 14X9X19CM (ESPESSURA 14CM, BLOCO DEITADO), PARA EDIFICAÇÃO HABITACIONAL UNIFAMILIAR (CASA) E EDIFICAÇÃO PÚBLICA PADRÃO. AF_12/2014","M2","109,75","118,85",null,109.75,118.85,"Sinapi 89977"]
["90112","ALVENARIA DE VEDAÇÃO DE BLOCOS CERÂMICOS FURADOS NA VERTICAL DE 14X19X39CM (ESPESSURA 14CM) DE PAREDES COM ÁREA LÍQUIDA MENOR QUE 6M2 COM VÃOS E ARGAMASSA DE ASSENTAMENTO COM PREPARO MANUAL. AF_06/2014","M2","59,55","63,00",null,59.55,63,"Sinapi 90112"]
["95474","ALVENARIA DE EMBASAMENTO EM TIJOLOS CERAMICOS MACICOS 5X10X20CM, ASSENTADO  COM ARGAMASSA TRACO 1:2:8 (CIMENTO, CAL E AREIA)","M3","605,23","634,21",null,605.23,634.21,"Sinapi 95474"]
["89282","ALVENARIA ESTRUTURAL DE BLOCOS CERÂMICOS 14X19X39, (ESPESSURA DE 14 CM), PARA PAREDES COM ÁREA LÍQUIDA MENOR QUE 6M², SEM VÃOS, UTILIZANDO PALHETA E ARGAMASSA DE ASSENTAMENTO COM PREPARO EM BETONEIRA. AF_12/2014","M2","49,28","51,40",null,49.28,51.4,"Sinapi 89282"]
["89283","ALVENARIA ESTRUTURAL DE BLOCOS CERÂMICOS 14X19X39, (ESPESSURA DE 14 CM), PARA PAREDES COM ÁREA LÍQUIDA MENOR QUE 6M², SEM VÃOS, UTILIZANDO PALHETA E ARGAMASSA DE ASSENTAMENTO COM PREPARO MANUAL. AF_12/2014","M2","50,38","52,60",null,50.38,52.6,"Sinapi 89283"]
["89284","ALVENARIA ESTRUTURAL DE BLOCOS CERÂMICOS 14X19X39, (ESPESSURA DE 14 CM), PARA PAREDES COM ÁREA LÍQUIDA MAIOR OU IGUAL QUE 6M², SEM VÃOS, UTILIZANDO PALHETA E ARGAMASSA DE ASSENTAMENTO COM PREPARO EM BETONEIRA. AF_12/2014","M2","44,84","46,64",null,44.84,46.64,"Sinapi 89284"]
["89285","ALVENARIA ESTRUTURAL DE BLOCOS CERÂMICOS 14X19X39, (ESPESSURA DE 14 CM), PARA PAREDES COM ÁREA LÍQUIDA MAIOR OU IGUAL QUE 6M², SEM VÃOS, UTILIZANDO PALHETA E ARGAMASSA DE ASSENTAMENTO COM PREPARO MANUAL. AF_12/2014","M2","45,94","47,84",null,45.94,47.84,"Sinapi 89285"]
["89286","ALVENARIA ESTRUTURAL DE BLOCOS CERÂMICOS 14X19X39, (ESPESSURA DE 14 CM), PARA PAREDES COM ÁREA LÍQUIDA MENOR QUE 6M², COM VÃOS, UTILIZANDO PALHETA E ARGAMASSA DE ASSENTAMENTO COM PREPARO EM BETONEIRA. AF_12/2014","M2","53,42","55,88",null,53.42,55.88,"Sinapi 89286"]
["89287","ALVENARIA ESTRUTURAL DE BLOCOS CERÂMICOS 14X19X39, (ESPESSURA DE 14 CM), PARA PAREDES COM ÁREA LÍQUIDA MENOR QUE 6M², COM VÃOS, UTILIZANDO PALHETA E ARGAMASSA DE ASSENTAMENTO COM PREPARO MANUAL. AF_12/2014","M2","54,52","57,08",null,54.52,57.08,"Sinapi 89287"]
["89288","ALVENARIA ESTRUTURAL DE BLOCOS CERÂMICOS 14X19X39, (ESPESSURA DE 14 CM), PARA PAREDES COM ÁREA LÍQUIDA MAIOR OU IGUAL A 6M², COM VÃOS, UTILIZANDO PALHETA E ARGAMASSA DE ASSENTAMENTO COM PREPARO EM BETONEIRA. AF_12/2014","M2","47,30","49,27",null,47.3,49.27,"Sinapi 89288"]
["89289","ALVENARIA ESTRUTURAL DE BLOCOS CERÂMICOS 14X19X39, (ESPESSURA DE 14 CM), PARA PAREDES COM ÁREA LÍQUIDA MAIOR OU IGUAL A 6M², COM VÃOS, UTILIZANDO PALHETA E ARGAMASSA DE ASSENTAMENTO COM PREPARO MANUAL. AF_12/2014","M2","48,40","50,47",null,48.4,50.47,"Sinapi 89289"]
["89290","ALVENARIA ESTRUTURAL DE BLOCOS CERÂMICOS 14X19X29, (ESPESSURA DE 14 CM), PARA PAREDES COM ÁREA LÍQUIDA MENOR QUE 6M², SEM VÃOS, UTILIZANDO PALHETA E ARGAMASSA DE ASSENTAMENTO COM PREPARO EM BETONEIRA. AF_12/2014","M2","57,79","60,72",null,57.79,60.72,"Sinapi 89290"]
["89291","ALVENARIA ESTRUTURAL DE BLOCOS CERÂMICOS 14X19X29, (ESPESSURA DE 14 CM), PARA PAREDES COM ÁREA LÍQUIDA MENOR QUE 6M², SEM VÃOS, UTILIZANDO PALHETA E ARGAMASSA DE ASSENTAMENTO COM PREPARO MANUAL. AF_12/2014","M2","59,01","62,06",null,59.01,62.06,"Sinapi 89291"]
["89292","ALVENARIA ESTRUTURAL DE BLOCOS CERÂMICOS 14X19X29, (ESPESSURA DE 14 CM), PARA PAREDES COM ÁREA LÍQUIDA MAIOR OU IGUAL A 6M², SEM VÃOS, UTILIZANDO PALHETA E ARGAMASSA DE ASSENTAMENTO COM PREPARO EM BETONEIRA. AF_12/2014","M2","53,39","55,99",null,53.39,55.99,"Sinapi 89292"]
["89293","ALVENARIA ESTRUTURAL DE BLOCOS CERÂMICOS 14X19X29, (ESPESSURA DE 14 CM), PARA PAREDES COM ÁREA LÍQUIDA MAIOR OU IGUAL A 6M2, SEM VÃOS, UTILIZANDO PALHETA E ARGAMASSA DE ASSENTAMENTO COM PREPARO MANUAL. AF_12/2014","M2","54,61","57,33",null,54.61,57.33,"Sinapi 89293"]
["89294","ALVENARIA ESTRUTURAL DE BLOCOS CERÂMICOS 14X19X29, (ESPESSURA DE 14 CM), PARA PAREDES COM ÁREA LÍQUIDA MENOR QUE 6M², COM VÃOS, UTILIZANDO PALHETA E ARGAMASSA DE ASSENTAMENTO COM PREPARO EM BETONEIRA. AF_12/2014","M2","63,45","66,88",null,63.45,66.88,"Sinapi 89294"]
["89295","ALVENARIA ESTRUTURAL DE BLOCOS CERÂMICOS 14X19X29, (ESPESSURA DE 14 CM), PARA PAREDES COM ÁREA LÍQUIDA MENOR QUE 6M², COM VÃOS, UTILIZANDO PALHETA E ARGAMASSA DE ASSENTAMENTO COM PREPARO MANUAL. AF_12/2014","M2","64,67","68,22",null,64.67,68.22,"Sinapi 89295"]
["89296","ALVENARIA ESTRUTURAL DE BLOCOS CERÂMICOS 14X19X29, (ESPESSURA DE 14 CM), PARA PAREDES COM ÁREA LÍQUIDA MAIOR OU IGUAL A 6M², COM VÃOS, UTILIZANDO PALHETA E ARGAMASSA DE ASSENTAMENTO COM PREPARO EM BETONEIRA. AF_12/2014","M2","56,64","59,52",null,56.64,59.52,"Sinapi 89296"]
["89297","ALVENARIA ESTRUTURAL DE BLOCOS CERÂMICOS 14X19X29, (ESPESSURA DE 14 CM), PARA PAREDES COM ÁREA LÍQUIDA MAIOR OU IGUAL A 6M², COM VÃOS, UTILIZANDO PALHETA E ARGAMASSA DE ASSENTAMENTO COM PREPARO MANUAL. AF_12/2014","M2","57,86","60,86",null,57.86,60.86,"Sinapi 89297"]
["89298","ALVENARIA ESTRUTURAL DE BLOCOS CERÂMICOS 14X19X39, (ESPESSURA DE 14 CM), PARA PAREDES COM ÁREA LÍQUIDA MENOR QUE 6M², SEM VÃOS, UTILIZANDO COLHER DE PEDREIRO E ARGAMASSA DE ASSENTAMENTO COM PREPARO EM BETONEIRA. AF_12/2014","M2","59,38","62,44",null,59.38,62.44,"Sinapi 89298"]
["89299","ALVENARIA ESTRUTURAL DE BLOCOS CERÂMICOS 14X19X39, (ESPESSURA DE 14 CM), PARA PAREDES COM ÁREA LÍQUIDA MENOR QUE 6M², SEM VÃOS, UTILIZANDO COLHER DE PEDREIRO E ARGAMASSA DE ASSENTAMENTO COM PREPARO MANUAL. AF_12/2014","M2","60,94","64,14",null,60.94,64.14,"Sinapi 89299"]
["89300","ALVENARIA ESTRUTURAL DE BLOCOS CERÂMICOS 14X19X39, (ESPESSURA DE 14 CM), PARA PAREDES COM ÁREA LÍQUIDA MAIOR OU IGUAL A 6M², SEM VÃOS, UTILIZANDO COLHER DE PEDREIRO E ARGAMASSA DE ASSENTAMENTO COM PREPARO EM BETONEIRA. AF_12/2014","M2","54,94","57,67",null,54.94,57.67,"Sinapi 89300"]
["89301","ALVENARIA ESTRUTURAL DE BLOCOS CERÂMICOS 14X19X39, (ESPESSURA DE 14 CM), PARA PAREDES COM ÁREA LÍQUIDA MAIOR OU IGUAL A 6M², SEM VÃOS, UTILIZANDO COLHER DE PEDREIRO E ARGAMASSA DE ASSENTAMENTO COM PREPARO MANUAL. AF_12/2014","M2","56,50","59,37",null,56.5,59.37,"Sinapi 89301"]
["89302","ALVENARIA ESTRUTURAL DE BLOCOS CERÂMICOS 14X19X39, (ESPESSURA DE 14 CM), PARA PAREDES COM ÁREA LÍQUIDA MENOR QUE 6M², COM VÃOS, UTILIZANDO COLHER DE PEDREIRO E ARGAMASSA DE ASSENTAMENTO COM PREPARO EM BETONEIRA. AF_12/2014","M2","66,46","70,17",null,66.459999999999994,70.17,"Sinapi 89302"]
["89303","ALVENARIA ESTRUTURAL DE BLOCOS CERÂMICOS 14X19X39, (ESPESSURA DE 14 CM), PARA PAREDES COM ÁREA LÍQUIDA MENOR QUE 6M², COM VÃOS, UTILIZANDO COLHER DE PEDREIRO E ARGAMASSA DE ASSENTAMENTO COM PREPARO MANUAL. AF_12/2014","M2","68,02","71,87",null,68.02,71.87,"Sinapi 89303"]
["89304","ALVENARIA ESTRUTURAL DE BLOCOS CERÂMICOS 14X19X39, (ESPESSURA DE 14 CM), PARA PAREDES COM ÁREA LÍQUIDA MAIOR OU IGUAL A 6M², COM VÃOS, UTILIZANDO COLHER DE PEDREIRO E ARGAMASSA DE ASSENTAMENTO COM PREPARO EM BETONEIRA. AF_12/2014","M2","59,23","62,32",null,59.23,62.32,"Sinapi 89304"]
["89305","ALVENARIA ESTRUTURAL DE BLOCOS CERÂMICOS 14X19X39, (ESPESSURA DE 14 CM), PARA PAREDES COM ÁREA LÍQUIDA MAIOR OU IGUAL A 6M², COM VÃOS, UTILIZANDO COLHER DE PEDREIRO E ARGAMASSA DE ASSENTAMENTO COM PREPARO MANUAL. AF_12/2014","M2","60,79","64,02",null,60.79,64.02,"Sinapi 89305"]
["89306","ALVENARIA ESTRUTURAL DE BLOCOS CERÂMICOS 14X19X29, (ESPESSURA DE 14 CM), PARA PAREDES COM ÁREA LÍQUIDA MENOR QUE 6M², SEM VÃOS, UTILIZANDO COLHER DE PEDREIRO E ARGAMASSA DE ASSENTAMENTO COM PREPARO EM BETONEIRA. AF_12/2014","M2","68,14","72,01",null,68.14,72.010000000000005,"Sinapi 89306"]
["89307","ALVENARIA ESTRUTURAL DE BLOCOS CERÂMICOS 14X19X29, (ESPESSURA DE 14 CM), PARA PAREDES COM ÁREA LÍQUIDA MENOR QUE 6M², SEM VÃOS, UTILIZANDO COLHER DE PEDREIRO E ARGAMASSA DE ASSENTAMENTO COM PREPARO MANUAL. AF_12/2014","M2","69,86","73,90",null,69.86,73.900000000000006,"Sinapi 89307"]
["89308","ALVENARIA ESTRUTURAL DE BLOCOS CERÂMICOS 14X19X29, (ESPESSURA DE 14 CM), PARA PAREDES COM ÁREA LÍQUIDA MAIOR OU IGUAL A 6M², SEM VÃOS, UTILIZANDO COLHER DE PEDREIRO E ARGAMASSA DE ASSENTAMENTO COM PREPARO EM BETONEIRA. AF_12/2014","M2","63,75","67,28",null,63.75,67.28,"Sinapi 89308"]
["89309","ALVENARIA ESTRUTURAL DE BLOCOS CERÂMICOS 14X19X29, (ESPESSURA DE 14 CM), PARA PAREDES COM ÁREA LÍQUIDA MAIOR OU IGUAL A 6M², SEM VÃOS, UTILIZANDO COLHER DE PEDREIRO E ARGAMASSA DE ASSENTAMENTO COM PREPARO MANUAL. AF_12/2014","M2","65,47","69,17",null,65.47,69.17,"Sinapi 89309"]
["89310","ALVENARIA ESTRUTURAL DE BLOCOS CERÂMICOS 14X19X29, (ESPESSURA DE 14 CM), PARA PAREDES COM ÁREA LÍQUIDA MENOR QUE 6M², COM VÃOS, UTILIZANDO COLHER DE PEDREIRO E ARGAMASSA DE ASSENTAMENTO COM PREPARO EM BETONEIRA. AF_12/2014","M2","78,17","82,84",null,78.17,82.84,"Sinapi 89310"]
["89311","ALVENARIA ESTRUTURAL DE BLOCOS CERÂMICOS 14X19X29, (ESPESSURA DE 14 CM), PARA PAREDES COM ÁREA LÍQUIDA MENOR QUE 6M², COM VÃOS, UTILIZANDO COLHER DE PEDREIRO E ARGAMASSA DE ASSENTAMENTO COM PREPARO MANUAL. AF_12/2014","M2","79,89","84,73",null,79.89,84.73,"Sinapi 89311"]
["89312","ALVENARIA ESTRUTURAL DE BLOCOS CERÂMICOS 14X19X29, (ESPESSURA DE 14 CM), PARA PAREDES COM ÁREA LÍQUIDA MAIOR OU IGUAL A 6M², COM VÃOS, UTILIZANDO COLHER DE PEDREIRO E ARGAMASSA DE ASSENTAMENTO COM PREPARO EM BETONEIRA. AF_12/2014","M2","68,82","72,82",null,68.819999999999993,72.819999999999993,"Sinapi 89312"]
["89313","ALVENARIA ESTRUTURAL DE BLOCOS CERÂMICOS 14X19X29, (ESPESSURA DE 14 CM), PARA PAREDES COM ÁREA LÍQUIDA MAIOR OU IGUAL A 6M², COM VÃOS, UTILIZANDO COLHER DE PEDREIRO E ARGAMASSA DE ASSENTAMENTO COM PREPARO MANUAL. AF_12/2014","M2","70,54","74,71",null,70.540000000000006,74.709999999999994,"Sinapi 89313"]
["95465","COBOGO CERAMICO (ELEMENTO VAZADO), 9X20X20CM, ASSENTADO COM ARGAMASSA TRACO 1:4 DE CIMENTO E AREIA","M2","122,79","126,78",null,122.79,126.78,"Sinapi 95465"]
["87447","ALVENARIA DE VEDAÇÃO DE BLOCOS VAZADOS DE CONCRETO DE 9X19X39CM (ESPESSURA 9CM) DE PAREDES COM ÁREA LÍQUIDA MENOR QUE 6M² SEM VÃOS E ARGAMASSA DE ASSENTAMENTO COM PREPARO EM BETONEIRA. AF_06/2014","M2","47,33","49,61",null,47.33,49.61,"Sinapi 87447"]
["87448","ALVENARIA DE VEDAÇÃO DE BLOCOS VAZADOS DE CONCRETO DE 9X19X39CM (ESPESSURA 9CM) DE PAREDES COM ÁREA LÍQUIDA MENOR QUE 6M² SEM VÃOS E ARGAMASSA DE ASSENTAMENTO COM PREPARO MANUAL. AF_06/2014","M2","47,74","50,09",null,47.74,50.09,"Sinapi 87448"]
["87449","ALVENARIA DE VEDAÇÃO DE BLOCOS VAZADOS DE CONCRETO DE 14X19X39CM (ESPESSURA 14CM) DE PAREDES COM ÁREA LÍQUIDA MENOR QUE 6M² SEM VÃOS E ARGAMASSA DE ASSENTAMENTO COM PREPARO EM BETONEIRA. AF_06/2014","M2","60,35","63,46",null,60.35,63.46,"Sinapi 87449"]
["87450","ALVENARIA DE VEDAÇÃO DE BLOCOS VAZADOS DE CONCRETO DE 14X19X39CM (ESPESSURA 14CM) DE PAREDES COM ÁREA LÍQUIDA MENOR QUE 6M² SEM VÃOS E ARGAMASSA DE ASSENTAMENTO COM PREPARO MANUAL. AF_06/2014","M2","61,29","64,50",null,{"$f":"IF(D5064=\"\",\"\",D5064+0)","v":61.29},{"$f":"IF(E5064=\"\",\"\",E5064+0)","v":64.5},{"$f":"IF(OR(G5064=\"\",H5064=\"\"),\"\",CONCATENATE(\"Sinapi \",A5064))","v":"Sinapi 87450"}]
["87451","ALVENARIA DE VEDAÇÃO DE BLOCOS VAZADOS DE CONCRETO DE 19X19X39CM (ESPESSURA 19CM) DE PAREDES COM ÁREA LÍQUIDA MENOR QUE 6M² SEM VÃOS E ARGAMASSA DE ASSENTAMENTO COM PREPARO EM BETONEIRA. AF_06/2014","M2","74,68","78,32",null,74.680000000000007,78.319999999999993,"Sinapi 87451"]
["87452","ALVENARIA DE VEDAÇÃO DE BLOCOS VAZADOS DE CONCRETO DE 19X19X39CM (ESPESSURA 19CM) DE PAREDES COM ÁREA LÍQUIDA MENOR QUE 6M² SEM VÃOS E ARGAMASSA DE ASSENTAMENTO COM PREPARO MANUAL. AF_06/2014","M2","75,06","78,70",null,75.06,78.7,"Sinapi 87452"]
["87453","ALVENARIA DE VEDAÇÃO DE BLOCOS VAZADOS DE CONCRETO DE 9X19X39CM (ESPESSURA 9CM) DE PAREDES COM ÁREA LÍQUIDA MAIOR OU IGUAL A 6M² SEM VÃOS E ARGAMASSA DE ASSENTAMENTO COM PREPARO EM BETONEIRA. AF_06/2014","M2","43,84","45,80",null,43.84,45.8,"Sinapi 87453"]
["87454","ALVENARIA DE VEDAÇÃO DE BLOCOS VAZADOS DE CONCRETO DE 9X19X39CM (ESPESSURA 9CM) DE PAREDES COM ÁREA LÍQUIDA MAIOR OU IGUAL A 6M² SEM VÃOS E ARGAMASSA DE ASSENTAMENTO COM PREPARO MANUAL. AF_06/2014","M2","44,65","46,69",null,44.65,46.69,"Sinapi 87454"]
["87455","ALVENARIA DE VEDAÇÃO DE BLOCOS VAZADOS DE CONCRETO DE 14X19X39CM (ESPESSURA 14CM) DE PAREDES COM ÁREA LÍQUIDA MAIOR OU IGUAL A 6M² SEM VÃOS E ARGAMASSA DE ASSENTAMENTO COM PREPARO EM BETONEIRA. AF_06/2014","M2","56,10","58,90",null,56.1,58.9,"Sinapi 87455"]
["87456","ALVENARIA DE VEDAÇÃO DE BLOCOS VAZADOS DE CONCRETO DE 14X19X39CM (ESPESSURA 14CM) DE PAREDES COM ÁREA LÍQUIDA MAIOR OU IGUAL A 6M² SEM VÃOS E ARGAMASSA DE ASSENTAMENTO COM PREPARO MANUAL. AF_06/2014","M2","57,34","60,24",null,57.34,60.24,"Sinapi 87456"]
["87457","ALVENARIA DE VEDAÇÃO DE BLOCOS VAZADOS DE CONCRETO DE 19X19X39CM (ESPESSURA 19CM) DE PAREDES COM ÁREA LÍQUIDA MAIOR OU IGUAL A 6M² SEM VÃOS E ARGAMASSA DE ASSENTAMENTO COM PREPARO EM BETONEIRA. AF_06/2014","M2","68,93","72,15",null,68.930000000000007,72.150000000000006,"Sinapi 87457"]
["87458","ALVENARIA DE VEDAÇÃO DE BLOCOS VAZADOS DE CONCRETO DE 19X19X39CM (ESPESSURA 19CM) DE PAREDES COM ÁREA LÍQUIDA MAIOR OU IGUAL A 6M² SEM VÃOS E ARGAMASSA DE ASSENTAMENTO COM PREPARO MANUAL. AF_06/2014","M2","70,11","73,45",null,70.11,73.45,"Sinapi 87458"]
["87459","ALVENARIA DE VEDAÇÃO DE BLOCOS VAZADOS DE CONCRETO DE 9X19X39CM (ESPESSURA 9CM) DE PAREDES COM ÁREA LÍQUIDA MENOR QUE 6M² COM VÃOS E ARGAMASSA DE ASSENTAMENTO COM PREPARO EM BETONEIRA. AF_06/2014","M2","53,06","55,94",null,53.06,55.94,"Sinapi 87459"]
["87460","ALVENARIA DE VEDAÇÃO DE BLOCOS VAZADOS DE CONCRETO DE 9X19X39CM (ESPESSURA 9CM) DE PAREDES COM ÁREA LÍQUIDA MENOR QUE 6M² COM VÃOS E ARGAMASSA DE ASSENTAMENTO COM PREPARO MANUAL. AF_06/2014","M2","53,87","56,83",null,53.87,56.83,"Sinapi 87460"]
["87461","ALVENARIA DE VEDAÇÃO DE BLOCOS VAZADOS DE CONCRETO DE 14X19X39CM (ESPESSURA 14CM) DE PAREDES COM ÁREA LÍQUIDA MENOR QUE 6M² COM VÃOS E ARGAMASSA DE ASSENTAMENTO COM PREPARO EM BETONEIRA. AF_06/2014","M2","66,11","69,82",null,66.11,69.819999999999993,"Sinapi 87461"]
["87462","ALVENARIA DE VEDAÇÃO DE BLOCOS VAZADOS DE CONCRETO DE 14X19X39CM (ESPESSURA 14CM) DE PAREDES COM ÁREA LÍQUIDA MENOR QUE 6M² COM VÃOS E ARGAMASSA DE ASSENTAMENTO COM PREPARO MANUAL. AF_06/2014","M2","67,05","70,86",null,67.05,70.86,"Sinapi 87462"]
["87463","ALVENARIA DE VEDAÇÃO DE BLOCOS VAZADOS DE CONCRETO DE 19X19X39CM (ESPESSURA 19CM) DE PAREDES COM ÁREA LÍQUIDA MENOR QUE 6M² COM VÃOS E ARGAMASSA DE ASSENTAMENTO COM PREPARO EM BETONEIRA. AF_06/2014","M2","79,69","83,81",null,79.69,83.81,"Sinapi 87463"]
["87464","ALVENARIA DE VEDAÇÃO DE BLOCOS VAZADOS DE CONCRETO DE 19X19X39CM (ESPESSURA 19CM) DE PAREDES COM ÁREA LÍQUIDA MENOR QUE 6M² COM VÃOS E ARGAMASSA DE ASSENTAMENTO COM PREPARO MANUAL. AF_06/2014","M2","80,87","85,11",null,80.87,85.11,"Sinapi 87464"]
["87465","ALVENARIA DE VEDAÇÃO DE BLOCOS VAZADOS DE CONCRETO DE 9X19X39CM (ESPESSURA 9CM) DE PAREDES COM ÁREA LÍQUIDA MAIOR OU IGUAL A 6M² COM VÃOS E ARGAMASSA DE ASSENTAMENTO COM PREPARO EM BETONEIRA. AF_06/2014","M2","47,07","49,36",null,47.07,49.36,"Sinapi 87465"]
["87466","ALVENARIA DE VEDAÇÃO DE BLOCOS VAZADOS DE CONCRETO DE 9X19X39CM (ESPESSURA 9CM) DE PAREDES COM ÁREA LÍQUIDA MAIOR OU IGUAL A 6M² COM VÃOS E ARGAMASSA DE ASSENTAMENTO COM PREPARO MANUAL. AF_06/2014","M2","47,88","50,25",null,47.88,50.25,"Sinapi 87466"]
["87467","ALVENARIA DE VEDAÇÃO DE BLOCOS VAZADOS DE CONCRETO DE 14X19X39CM (ESPESSURA 14CM) DE PAREDES COM ÁREA LÍQUIDA MAIOR OU IGUAL A 6M² COM VÃOS E ARGAMASSA DE ASSENTAMENTO COM PREPARO EM BETONEIRA. AF_06/2014","M2","59,65","62,78",null,59.65,62.78,"Sinapi 87467"]
["87468","ALVENARIA DE VEDAÇÃO DE BLOCOS VAZADOS DE CONCRETO DE 14X19X39CM (ESPESSURA 14CM) DE PAREDES COM ÁREA LÍQUIDA MAIOR OU IGUAL A 6M² COM VÃOS E ARGAMASSA DE ASSENTAMENTO COM PREPARO MANUAL. AF_06/2014","M2","60,59","63,82",null,60.59,63.82,"Sinapi 87468"]
["87469","ALVENARIA DE VEDAÇÃO DE BLOCOS VAZADOS DE CONCRETO DE 19X19X39CM (ESPESSURA 19CM) DE PAREDES COM ÁREA LÍQUIDA MAIOR OU IGUAL A 6M² COM VÃOS E ARGAMASSA DE ASSENTAMENTO COM PREPARO EM BETONEIRA. AF_06/2014","M2","72,61","76,16",null,72.61,76.16,"Sinapi 87469"]
["87470","ALVENARIA DE VEDAÇÃO DE BLOCOS VAZADOS DE CONCRETO DE 19X19X39CM (ESPESSURA 19CM) DE PAREDES COM ÁREA LÍQUIDA MAIOR OU IGUAL A 6M² COM VÃOS E ARGAMASSA DE ASSENTAMENTO COM PREPARO MANUAL. AF_06/2014","M2","73,79","77,46",null,73.790000000000006,77.459999999999994,"Sinapi 87470"]
["89044","(COMPOSIÇÃO REPRESENTATIVA) DO SERVIÇO DE ALVENARIA DE VEDAÇÃO DE BLOCOS VAZADOS DE CONCRETO DE 9X19X39CM (ESPESSURA 9CM), PARA EDIFICAÇÃO HABITACIONAL MULTIFAMILIAR (PRÉDIO). AF_11/2014","M2","47,17","49,48",null,47.17,49.48,"Sinapi 89044"]
["89169","(COMPOSIÇÃO REPRESENTATIVA) DO SERVIÇO DE ALVENARIA DE VEDAÇÃO DE BLOCOS VAZADOS DE CONCRETO DE 9X19X39CM (ESPESSURA 9CM), PARA EDIFICAÇÃO HABITACIONAL UNIFAMILIAR (CASA) E EDIFICAÇÃO PÚBLICA PADRÃO. AF_11/2014","M2","47,94","50,29",null,47.94,50.29,"Sinapi 89169"]
["89978","(COMPOSIÇÃO REPRESENTATIVA) DO SERVIÇO DE ALVENARIA DE VEDAÇÃO DE BLOCOS VAZADOS DE CONCRETO DE 14X19X39CM (ESPESSURA 14CM), PARA EDIFICAÇÃO HABITACIONAL UNIFAMILIAR (CASA) E EDIFICAÇÃO PÚBLICA PADRÃO. AF_12/2014","M2","60,66","63,87",null,60.66,63.87,"Sinapi 89978"]
["73937/1","COBOGO DE CONCRETO (ELEMENTO VAZADO), 7X50X50CM, ASSENTADO COM ARGAMASSA TRACO 1:4 (CIMENTO E AREIA)","M2","106,39","109,69",null,106.39,109.69,"Sinapi 73937/1"]
["73937/3","COBOGO DE CONCRETO (ELEMENTO VAZADO), 7X50X50CM, ASSENTADO COM ARGAMASSA TRACO 1:3 (CIMENTO E AREIA)","M2","106,57","109,87",null,106.57,109.87,"Sinapi 73937/3"]
["73937/5","COBOGO DE CONCRETO (ELEMENTO VAZADO), 10X29X39CM ABERTURA COM VIDRO, ASSENTADO COM ARGAMASSA TRACO 1:4 (CIMENTO E AREIA MEDIA NAO PENEIRADA)","M2","185,13","189,04",null,185.13,189.04,"Sinapi 73937/5"]
["89453","ALVENARIA DE BLOCOS DE CONCRETO ESTRUTURAL 14X19X39 CM, (ESPESSURA 14 CM), FBK = 4,5 MPA, PARA PAREDES COM ÁREA LÍQUIDA MENOR QUE 6M², SEM VÃOS, UTILIZANDO PALHETA. AF_12/2014","M2","53,47","55,24",null,53.47,55.24,"Sinapi 89453"]
["89454","ALVENARIA DE BLOCOS DE CONCRETO ESTRUTURAL 14X19X39 CM, (ESPESSURA 14 CM), FBK = 4,5 MPA, PARA PAREDES COM ÁREA LÍQUIDA MAIOR OU IGUAL A 6M², SEM VÃOS, UTILIZANDO PALHETA. AF_12/2014","M2","50,87","52,54",null,50.87,52.54,"Sinapi 89454"]
["89455","ALVENARIA DE BLOCOS DE CONCRETO ESTRUTURAL 14X19X39 CM, (ESPESSURA 14 CM) FBK = 14,0 MPA, PARA PAREDES COM ÁREA LÍQUIDA MENOR QUE 6M², SEM VÃOS, UTILIZANDO PALHETA. AF_12/2014","M2","65,87","68,00",null,65.87,68,"Sinapi 89455"]
["89456","ALVENARIA DE BLOCOS DE CONCRETO ESTRUTURAL 14X19X39 CM, (ESPESSURA 14 CM) FBK = 14,0 MPA, PARA PAREDES COM ÁREA LÍQUIDA MAIOR OU IGUAL A 6M², SEM VÃOS, UTILIZANDO PALHETA. AF_12/2014","M2","62,75","64,74",null,62.75,64.739999999999995,"Sinapi 89456"]
["89457","ALVENARIA DE BLOCOS DE CONCRETO ESTRUTURAL 14X19X39 CM, (ESPESSURA 14 CM), FBK = 4,5 MPA, PARA PAREDES COM ÁREA LÍQUIDA MENOR QUE 6M², COM VÃOS, UTILIZANDO PALHETA. AF_12/2014","M2","57,06","59,11",null,57.06,59.11,"Sinapi 89457"]
["89458","ALVENARIA DE BLOCOS DE CONCRETO ESTRUTURAL 14X19X39 CM, (ESPESSURA 14 CM), FBK = 4,5 MPA, PARA PAREDES COM ÁREA LÍQUIDA MAIOR OU IGUAL A 6M², COM VÃOS, UTILIZANDO PALHETA. AF_12/2014","M2","52,90","54,73",null,52.9,54.73,"Sinapi 89458"]
["89459","ALVENARIA DE BLOCOS DE CONCRETO ESTRUTURAL 14X19X39 CM, (ESPESSURA 14 CM) FBK = 14,0 MPA, PARA PAREDES COM ÁREA LÍQUIDA MENOR QUE 6M², COM VÃOS, UTILIZANDO PALHETA. AF_12/2014","M2","70,79","73,23",null,70.790000000000006,73.23,"Sinapi 89459"]
["89460","ALVENARIA DE BLOCOS DE CONCRETO ESTRUTURAL 14X19X39 CM, (ESPESSURA 14 CM) FBK = 14,0 MPA, PARA PAREDES COM ÁREA LÍQUIDA MAIOR OU IGUAL A 6M², COM VÃOS, UTILIZANDO PALHETA. AF_12/2014","M2","65,72","67,91",null,65.72,67.91,"Sinapi 89460"]
["89462","ALVENARIA DE BLOCOS DE CONCRETO ESTRUTURAL 14X19X29 CM, (ESPESSURA 14 CM), FBK = 4,5 MPA, PARA PAREDES COM ÁREA LÍQUIDA MENOR QUE 6M², SEM VÃOS, UTILIZANDO PALHETA. AF_12/2014","M2","61,84","63,99",null,61.84,63.99,"Sinapi 89462"]
["89463","ALVENARIA DE BLOCOS DE CONCRETO ESTRUTURAL 14X19X29 CM, (ESPESSURA 14 CM), FBK = 4,5 MPA, PARA PAREDES COM ÁREA LÍQUIDA MAIOR OU IGUAL A 6M², SEM VÃOS, UTILIZANDO PALHETA. AF_12/2014","M2","59,49","61,55",null,59.49,61.55,"Sinapi 89463"]
["89464","ALVENARIA DE BLOCOS DE CONCRETO ESTRUTURAL 14X19X29 CM, (ESPESSURA 14 CM) FBK = 14,0 MPA, PARA PAREDES COM ÁREA LÍQUIDA MENOR QUE 6M², SEM VÃOS, UTILIZANDO PALHETA. AF_12/2014","M2","81,64","84,16",null,81.64,84.16,"Sinapi 89464"]
["89465","ALVENARIA DE BLOCOS DE CONCRETO ESTRUTURAL 14X19X29 CM, (ESPESSURA 14 CM) FBK = 14,0 MPA, PARA PAREDES COM ÁREA LÍQUIDA MAIOR OU IGUAL A 6M², SEM VÃOS, UTILIZANDO PALHETA. AF_12/2014","M2","78,85","81,25",null,78.849999999999994,81.25,"Sinapi 89465"]
["89466","ALVENARIA DE BLOCOS DE CONCRETO ESTRUTURAL 14X19X29 CM, (ESPESSURA 14 CM), FBK = 4,5 MPA, PARA PAREDES COM ÁREA LÍQUIDA MENOR QUE 6M², COM VÃOS, UTILIZANDO PALHETA. AF_12/2014","M2","65,65","68,16",null,65.650000000000006,68.16,"Sinapi 89466"]
["89467","ALVENARIA DE BLOCOS DE CONCRETO ESTRUTURAL 14X19X29 CM, (ESPESSURA 14 CM), FBK = 4,5 MPA, PARA PAREDES COM ÁREA LÍQUIDA MAIOR OU IGUAL A 6M², COM VÃOS, UTILIZANDO PALHETA. AF_12/2014","M2","61,55","63,80",null,61.55,63.8,"Sinapi 89467"]
["89468","ALVENARIA DE BLOCOS DE CONCRETO ESTRUTURAL 14X19X29 CM, (ESPESSURA 14 CM) FBK = 14,0 MPA, PARA PAREDES COM ÁREA LÍQUIDA MENOR QUE 6M², COM VÃOS, UTILIZANDO PALHETA. AF_12/2014","M2","86,31","89,21",null,86.31,89.21,"Sinapi 89468"]
["89469","ALVENARIA DE BLOCOS DE CONCRETO ESTRUTURAL 14X19X29 CM, (ESPESSURA 14 CM) FBK = 14,0 MPA, PARA PAREDES COM ÁREA LÍQUIDA MAIOR OU IGUAL A 6M², COM VÃOS, UTILIZANDO PALHETA. AF_12/2014","M2","81,40","84,03",null,81.400000000000006,84.03,"Sinapi 89469"]
["89470","ALVENARIA DE BLOCOS DE CONCRETO ESTRUTURAL 14X19X39 CM, (ESPESSURA 14 CM), FBK = 4,5 MPA, PARA PAREDES COM ÁREA LÍQUIDA MENOR QUE 6M², SEM VÃOS, UTILIZANDO COLHER DE PEDREIRO. AF_12/2014","M2","65,18","68,00",null,65.180000000000007,68,"Sinapi 89470"]
["89471","ALVENARIA DE BLOCOS DE CONCRETO ESTRUTURAL 14X19X39 CM, (ESPESSURA 14 CM), FBK = 4,5 MPA, PARA PAREDES COM ÁREA LÍQUIDA MAIOR OU IGUAL A 6M², SEM VÃOS, UTILIZANDO COLHER DE PEDREIRO. AF_12/2014","M2","62,57","65,29",null,62.57,65.290000000000006,"Sinapi 89471"]
["89472","ALVENARIA DE BLOCOS DE CONCRETO ESTRUTURAL 14X19X39 CM, (ESPESSURA 14 CM) FBK = 14,0 MPA, PARA PAREDES COM ÁREA LÍQUIDA MENOR QUE 6M², SEM VÃOS, UTILIZANDO COLHER DE PEDREIRO. AF_12/2014","M2","77,32","80,50",null,77.319999999999993,80.5,"Sinapi 89472"]
["89473","ALVENARIA DE BLOCOS DE CONCRETO ESTRUTURAL 14X19X39 CM, (ESPESSURA 14 CM) FBK = 14,0 MPA, PARA PAREDES COM ÁREA LÍQUIDA MAIOR OU IGUAL A 6M², SEM VÃOS, UTILIZANDO COLHER DE PEDREIRO. AF_12/2014","M2","74,40","77,46",null,74.400000000000006,77.459999999999994,"Sinapi 89473"]
["89474","ALVENARIA DE BLOCOS DE CONCRETO ESTRUTURAL 14X19X39 CM, (ESPESSURA 14 CM), FBK = 4,5 MPA, PARA PAREDES COM ÁREA LÍQUIDA MENOR QUE 6M², COM VÃOS, UTILIZANDO COLHER DE PEDREIRO. AF_12/2014","M2","72,00","75,44",null,72,75.44,"Sinapi 89474"]
["89475","ALVENARIA DE BLOCOS DE CONCRETO ESTRUTURAL 14X19X39 CM, (ESPESSURA 14 CM), FBK = 4,5 MPA, PARA PAREDES COM ÁREA LÍQUIDA MAIOR OU IGUAL A 6M², COM VÃOS, UTILIZANDO COLHER DE PEDREIRO. AF_12/2014","M2","66,37","69,44",null,66.37,69.44,"Sinapi 89475"]
["89476","ALVENARIA DE BLOCOS DE CONCRETO ESTRUTURAL 14X19X39 CM, (ESPESSURA 14 CM) FBK = 14,0 MPA, PARA PAREDES COM ÁREA LÍQUIDA MENOR QUE 6M², COM VÃOS, UTILIZANDO COLHER DE PEDREIRO. AF_12/2014","M2","85,67","89,53",null,85.67,89.53,"Sinapi 89476"]
["89477","ALVENARIA DE BLOCOS DE CONCRETO ESTRUTURAL 14X19X39 CM, (ESPESSURA 14 CM) FBK = 14,0 MPA, PARA PAREDES COM ÁREA LÍQUIDA MAIOR OU IGUAL A 6M², COM VÃOS, UTILIZANDO COLHER DE PEDREIRO. AF_12/2014","M2","79,35","82,81",null,79.349999999999994,82.81,"Sinapi 89477"]
["89478","ALVENARIA DE BLOCOS DE CONCRETO ESTRUTURAL 14X19X29 CM, (ESPESSURA 14 CM), FBK = 4,5 MPA, PARA PAREDES COM ÁREA LÍQUIDA MENOR QUE 6M², SEM VÃOS, UTILIZANDO COLHER DE PEDREIRO. AF_12/2014","M2","73,77","76,98",null,73.77,76.98,"Sinapi 89478"]
["89479","ALVENARIA DE BLOCOS DE CONCRETO ESTRUTURAL 14X19X29 CM, (ESPESSURA 14 CM), FBK = 4,5 MPA, PARA PAREDES COM ÁREA LÍQUIDA MAIOR OU IGUAL A 6M², SEM VÃOS, UTILIZANDO COLHER DE PEDREIRO. AF_12/2014","M2","71,43","74,53",null,71.430000000000007,74.53,"Sinapi 89479"]
["89480","ALVENARIA DE BLOCOS DE CONCRETO ESTRUTURAL 14X19X29 CM, (ESPESSURA 14 CM) FBK = 14,0 MPA, PARA PAREDES COM ÁREA LÍQUIDA MENOR QUE 6M², SEM VÃOS, UTILIZANDO COLHER DE PEDREIRO. AF_12/2014","M2","93,33","96,89",null,93.33,96.89,"Sinapi 89480"]
["89483","ALVENARIA DE BLOCOS DE CONCRETO ESTRUTURAL 14X19X29 CM, (ESPESSURA 14 CM) FBK = 14,0 MPA, PARA PAREDES COM ÁREA LÍQUIDA MAIOR OU IGUAL A 6M², SEM VÃOS, UTILIZANDO COLHER DE PEDREIRO. AF_12/2014","M2","90,74","94,19",null,90.74,94.19,"Sinapi 89483"]
["89484","ALVENARIA DE BLOCOS DE CONCRETO ESTRUTURAL 14X19X29 CM, (ESPESSURA 14 CM), FBK = 4,5 MPA, PARA PAREDES COM ÁREA LÍQUIDA MENOR QUE 6M², COM VÃOS, UTILIZANDO COLHER DE PEDREIRO. AF_12/2014","M2","80,82","84,73",null,80.819999999999993,84.73,"Sinapi 89484"]
["89486","ALVENARIA DE BLOCOS DE CONCRETO ESTRUTURAL 14X19X29 CM, (ESPESSURA 14 CM), FBK = 4,5 MPA, PARA PAREDES COM ÁREA LÍQUIDA MAIOR OU IGUAL A 6M², COM VÃOS, UTILIZANDO COLHER DE PEDREIRO. AF_12/2014","M2","75,45","78,97",null,75.45,78.97,"Sinapi 89486"]
["89487","ALVENARIA DE BLOCOS DE CONCRETO ESTRUTURAL 14X19X29 CM, (ESPESSURA 14 CM) FBK = 14,0 MPA, PARA PAREDES COM ÁREA LÍQUIDA MENOR QUE 6M², COM VÃOS, UTILIZANDO COLHER DE PEDREIRO. AF_12/2014","M2","101,41","105,73",null,101.41,105.73,"Sinapi 89487"]
["89488","ALVENARIA DE BLOCOS DE CONCRETO ESTRUTURAL 14X19X29 CM, (ESPESSURA 14 CM) FBK = 14,0 MPA, PARA PAREDES COM ÁREA LÍQUIDA MAIOR OU IGUAL A 6M², COM VÃOS, UTILIZANDO COLHER DE PEDREIRO. AF_12/2014","M2","95,25","99,16",null,95.25,99.16,"Sinapi 89488"]
["91815","(COMPOSIÇÃO REPRESENTATIVA) DE ALVENARIA DE BLOCOS DE CONCRETO ESTRUTURAL 14X19X39 CM, (ESPESSURA 14 CM), FBK = 4,5 MPA, UTILIZANDO PALHETA, PARA EDIFICAÇÃO HABITACIONAL. AF_10/2015","M2","53,45","55,28",null,53.45,55.28,"Sinapi 91815"]
["91816","COMPOSIÇÃO REPRESENTATIVA DE SERVIÇOS DE ALVENARIA DE BLOCOS DE CONCRETO ESTRUTURAL 14X19X29 CM, (ESPESSURA 14 CM), FBK = 4,5 MPA, UTILIZANDO PALHETA, PARA EDIFICAÇÃO HABITACIONAL. AF_10/2015","M2","62,01","64,23",null,62.01,64.23,"Sinapi 91816"]
["72139","BLOCOS DE VIDRO TIPO CANELADO 19X19X8CM, ASSENTADO COM ARGAMASSA TRACO 1:3 (CIMENTO E AREIA GROSSA) PREPARO MECANICO, COM REJUNTAMENTO EM CIMENTO BRANCO E BARRAS DE ACO","M2","446,94","462,29",null,446.94,462.29,"Sinapi 72139"]
["72175","BLOCOS DE VIDRO TIPO XADREZ 20X20X10CM, ASSENTADO COM ARGAMASSA TRACO 1:3 (CIMENTO E AREIA GROSSA) PREPARO MECANICO, COM REJUNTAMENTO EM CIMENTO BRANCO E BARRAS DE ACO","M2","450,18","465,53",null,450.18,465.53,"Sinapi 72175"]
["72176","BLOCOS DE VIDRO TIPO XADREZ 20X10X8CM, ASSENTADO COM ARGAMASSA TRACO 1:3 (CIMENTO E AREIA GROSSA) PREPARO MECANICO, COM REJUNTAMENTO EM CIMENTO BRANCO E BARRAS DE ACO","M2","453,18","468,53",null,453.18,468.53,"Sinapi 72176"]
["72178","RETIRADA DE DIVISORIAS EM CHAPAS DE MADEIRA, COM MONTANTES METALICOS","M2","24,14","26,89",null,{"$f":"IF(D5128=\"\",\"\",D5128+0)","v":24.14},{"$f":"IF(E5128=\"\",\"\",E5128+0)","v":26.89},{"$f":"IF(OR(G5128=\"\",H5128=\"\"),\"\",CONCATENATE(\"Sinapi \",A5128))","v":"Sinapi 72178"}]
["72179","RECOLOCACAO DE PLACAS DIVISORIAS DE GRANILITE, CONSIDERANDO REAPROVEITAMENTO DO MATERIAL","M2","50,55","56,32",null,50.55,56.32,"Sinapi 72179"]
["72180","RECOLOCACAO DE DIVISORIAS TIPO CHAPAS OU TABUAS, EXCLUSIVE ENTARUGAMENTO, CONSIDERANDO REAPROVEITAMENTO DO MATERIAL","M2","14,88","16,40",null,14.88,16.399999999999999,"Sinapi 72180"]
["72181","RECOLOCACAO DE DIVISORIAS TIPO CHAPAS OU TABUAS, INCLUSIVE ENTARUGAMENTO, CONSIDERANDO REAPROVEITAMENTO DO MATERIAL","M2","30,18","33,21",null,30.18,33.21,"Sinapi 72181"]
["73774/1","DIVISORIA EM MARMORITE ESPESSURA 35MM, CHUMBAMENTO NO PISO E PAREDE COM ARGAMASSA DE CIMENTO E AREIA, POLIMENTO MANUAL, EXCLUSIVE FERRAGENS","M2","263,98","285,53",null,263.98,285.52999999999997,"Sinapi 73774/1"]
["73909/1","DIVISORIA EM MADEIRA COMPENSADA RESINADA ESPESSURA 6MM, ESTRUTURADA EM MADEIRA DE LEI 3\"X3\"","M2","219,11","235,47",null,219.11,235.47,"Sinapi 73909/1"]
["74229/1","DIVISORIA EM MARMORE BRANCO POLIDO, ESPESSURA 3 CM, ASSENTADO COM ARGAMASSA TRACO 1:4 (CIMENTO E AREIA), ARREMATE COM CIMENTO BRANCO, EXCLUSIVE FERRAGENS","M2","438,78","450,81",null,438.78,450.81,"Sinapi 74229/1"]
["79627","DIVISORIA EM GRANITO BRANCO POLIDO, ESP = 3CM, ASSENTADO COM ARGAMASSA TRACO 1:4, ARREMATE EM CIMENTO BRANCO, EXCLUSIVE FERRAGENS","M2","671,59","683,62",null,671.59,683.62,"Sinapi 79627"]
["96358","PAREDE COM PLACAS DE GESSO ACARTONADO (DRYWALL), PARA USO INTERNO, COM DUAS FACES SIMPLES E ESTRUTURA METÁLICA COM GUIAS SIMPLES, SEM VÃOS. AF_06/2017_P","M2","77,88","78,99",null,77.88,78.989999999999995,"Sinapi 96358"]
["96359","PAREDE COM PLACAS DE GESSO ACARTONADO (DRYWALL), PARA USO INTERNO, COM DUAS FACES SIMPLES E ESTRUTURA METÁLICA COM GUIAS SIMPLES, COM VÃOS AF_06/2017_P","M2","84,91","86,21",null,84.91,86.21,"Sinapi 96359"]
["96360","PAREDE COM PLACAS DE GESSO ACARTONADO (DRYWALL), PARA USO INTERNO, COM DUAS FACES SIMPLES E ESTRUTURA METÁLICA COM GUIAS DUPLAS, SEM VÃOS. AF_06/2017_P","M2","96,85","98,27",null,96.85,98.27,"Sinapi 96360"]
["96361","PAREDE COM PLACAS DE GESSO ACARTONADO (DRYWALL), PARA USO INTERNO, COM DUAS FACES SIMPLES E ESTRUTURA METÁLICA COM GUIAS DUPLAS, COM VÃOS. AF_06/2017_P","M2","110,50","112,21",null,110.5,112.21,"Sinapi 96361"]
["96362","PAREDE COM PLACAS DE GESSO ACARTONADO (DRYWALL), PARA USO INTERNO, COM UMA FACE SIMPLES E OUTRA FACE DUPLA E ESTRUTURA METÁLICA COM GUIAS SIMPLES, SEM VÃOS. AF_06/2017_P","M2","103,79","105,11",null,103.79,105.11,"Sinapi 96362"]
["96363","PAREDE COM PLACAS DE GESSO ACARTONADO (DRYWALL), PARA USO INTERNO, COM UMA FACE SIMPLES E OUTRA FACE DUPLA E ESTRUTURA METÁLICA COM GUIAS SIMPLES, COM VÃOS. AF_06/2017_P","M2","111,09","112,61",null,111.09,112.61,"Sinapi 96363"]
["96364","PAREDE COM PLACAS DE GESSO ACARTONADO (DRYWALL), PARA USO INTERNO COM UMA FACE SIMPLES E OUTRA FACE DUPLA E ESTRUTURA METÁLICA COM GUIAS DUPLAS, SEM VÃOS. AF_06/2017_P","M2","122,77","124,38",null,122.77,124.38,"Sinapi 96364"]
["96365","PAREDE COM PLACAS DE GESSO ACARTONADO (DRYWALL), PARA USO INTERNO, COM UMA FACE SIMPLES E OUTRA FACE DUPLA E   ESTRUTURA METÁLICA COM GUIAS DUPLAS, COM VÃOS. AF_06/2017_P","M2","136,67","138,61",null,136.66999999999999,138.61000000000001,"Sinapi 96365"]
["96366","PAREDE COM PLACAS DE GESSO ACARTONADO (DRYWALL), PARA USO INTERNO, COM DUAS FACES DUPLAS E ESTRUTURA METÁLICA COM GUIAS SIMPLES, SEM VÃOS. AF_06/2017_P","M2","129,71","131,23",null,129.71,131.22999999999999,"Sinapi 96366"]
["96367","PAREDE COM PLACAS DE GESSO ACARTONADO (DRYWALL), PARA USO INTERNO, COM DUAS FACES DUPLAS E ESTRUTURA METÁLICA COM GUIAS SIMPLES, COM VÃOS. AF_06/2017_P","M2","137,28","139,02",null,137.28,139.02000000000001,"Sinapi 96367"]
["96368","PAREDE COM PLACAS DE GESSO ACARTONADO (DRYWALL), PARA USO INTERNO COM DUAS FACES DUPLAS E ESTRUTURA METÁLICA COM GUIAS DUPLAS, SEM VÃOS. AF_06/2017","M2","148,69","150,50",null,148.69,150.5,"Sinapi 96368"]
["96369","PAREDE COM PLACAS DE GESSO ACARTONADO (DRYWALL), PARA USO INTERNO, COM DUAS FACES DUPLAS E ESTRUTURA METÁLICA COM GUIAS DUPLAS, COM VÃOS. AF_06/2017_P","M2","162,86","165,03",null,162.86000000000001,165.03,"Sinapi 96369"]
["96370","PAREDE COM PLACAS DE GESSO ACARTONADO (DRYWALL), PARA USO INTERNO, COM UMA FACE SIMPLES E ESTRUTURA METÁLICA COM GUIAS SIMPLES, SEM VÃOS. AF_06/2017_P","M2","48,82","49,57",null,48.82,49.57,"Sinapi 96370"]
["96371","PAREDE COM PLACAS DE GESSO ACARTONADO (DRYWALL), PARA USO INTERNO, COM UMA FACE SIMPLES E ESTRUTURA METÁLICA COM GUIAS SIMPLES, COM VÃOS. AF_06/2017_P","M2","55,71","56,61",null,55.71,56.61,"Sinapi 96371"]
["96372","INSTALAÇÃO DE ISOLAMENTO COM LÃ DE ROCHA EM PAREDES DRYWALL. AF_06/2017","M2","22,36","22,51",null,22.36,22.51,"Sinapi 96372"]
["96373","INSTALAÇÃO DE REFORÇO METÁLICO EM PAREDE DRYWALL. AF_06/2017","M","7,00","7,14",null,7,7.14,"Sinapi 96373"]
["96374","INSTALAÇÃO DE REFORÇO DE MADEIRA EM PAREDE DRYWALL. AF_06/2017","M","27,53","27,71",null,27.53,27.71,"Sinapi 96374"]
["73863/1","ALVENARIA COM BLOCOS DE CONCRETO CELULAR 10X30X60CM, ESPESSURA 10CM, ASSENTADOS COM ARGAMASSA TRACO 1:2:9 (CIMENTO, CAL E AREIA) PREPARO MANUAL","M2","61,12","62,04",null,61.12,62.04,"Sinapi 73863/1"]
["73863/2","ALVENARIA COM BLOCOS DE CONCRETO CELULAR 20X30X60CM, ESPESSURA 20CM, ASSENTADOS COM ARGAMASSA TRACO 1:2:9 (CIMENTO, CAL E AREIA) PREPARO MANUAL","M2","125,08","126,81",null,125.08,126.81,"Sinapi 73863/2"]
["73790/2","REASSENTAMENTO DE PARALELEPIPEDO SOBRE COLCHAO DE PO DE PEDRA ESPESSURA 10CM, REJUNTADO COM BETUME E PEDRISCO, CONSIDERANDO APROVEITAMENTO DO PARALELEPIPEDO","M2","53,28","56,07",null,53.28,56.07,"Sinapi 73790/2"]
["73790/4","REASSENTAMENTO DE PARALELEPIPEDO SOBRE COLCHAO DE PO DE PEDRA ESPESSURA 10CM, REJUNTADO COM ARGAMASSA TRACO 1:3 (CIMENTO E AREIA), CONSIDERANDO APROVEITAMENTO DO PARALELEPIPEDO","M2","42,77","45,69",null,42.77,45.69,"Sinapi 73790/4"]
["83694","RECOMPOSICAO DE PAVIMENTACAO TIPO BLOKRET SOBRE COLCHAO DE AREIA COM REAPROVEITAMENTO DE MATERIAL","M2","18,83","19,70",null,18.829999999999998,19.7,"Sinapi 83694"]
["83695/1","REJUNTAMENTO PAVIMENTACAO PARALELEPIPEDO BETUME CASCALH INCL MATERIAIS","M2","25,61","26,36",null,25.61,26.36,"Sinapi 83695/1"]
["83771","RECOMPOSICAO DE REVESTIMENTO PRIMARIO MEDIDO P/ VOLUME COMPACTADO","M3","6,71","6,97",null,6.71,6.97,"Sinapi 83771"]
["92970","DEMOLIÇÃO DE PAVIMENTAÇÃO ASFÁLTICA COM UTILIZAÇÃO DE MARTELO PERFURADOR, ESPESSURA ATÉ 15 CM, EXCLUSIVE CARGA E TRANSPORTE","M2","11,64","12,32",null,11.64,12.32,"Sinapi 92970"]
["100576","REGULARIZAÇÃO E COMPACTAÇÃO DE SUBLEITO DE SOLO  PREDOMINANTEMENTE ARGILOSO. AF_11/2019","M2","1,33","1,41",null,1.33,1.41,"Sinapi 100576"]
["100577","REGULARIZAÇÃO E COMPACTAÇÃO DE SUBLEITO DE SOLO PREDOMINANTEMENTE ARENOSO. AF_11/2019","M2","0,62","0,63",null,0.62,0.63,"Sinapi 100577"]
["96388","EXECUÇÃO E COMPACTAÇÃO DE BASE E OU SUB BASE PARA PAVIMENTAÇÃO DE SOLOS DE COMPORTAMENTO LATERÍTICO (ARENOSO) - EXCLUSIVE SOLO, ESCAVAÇÃO, CARGA E TRANSPORTE. AF_11/2019","M3","6,26","6,50",null,6.26,6.5,"Sinapi 96388"]
["96389","EXECUÇÃO E COMPACTAÇÃO DE BASE E OU SUB BASE PARA PAVIMENTAÇÃO DE SOLO (PREDOMINANTEMENTE ARENOSO) MELHORADO COM CIMENTO (TEOR DE 2%) - EXCLUSIVE  SOLO, ESCAVAÇÃO, CARGA E TRANSPORTE. AF_11/2019","M3","30,17","30,57",null,30.17,30.57,"Sinapi 96389"]
["96390","EXECUÇÃO E COMPACTAÇÃO DE BASE E OU SUB BASE PARA PAVIMENTAÇÃO DE SOLO (PREDOMINANTEMENTE ARENOSO) MELHORADO COM CIMENTO (TEOR DE 4%) - EXCLUSIVE  SOLO, ESCAVAÇÃO, CARGA E TRANSPORTE. AF_11/2019","M3","48,37","48,76",null,48.37,48.76,"Sinapi 96390"]
["96391","EXECUÇÃO E COMPACTAÇÃO DE BASE E OU SUB BASE PARA PAVIMENTAÇÃO DE SOLO (PREDOMINANTEMENTE ARENOSO) COM CIMENTO (TEOR DE 6%) - EXCLUSIVE SOLO, ESCAVAÇÃO, CARGA E TRANSPORTE. AF_11/2019","M3","67,61","68,03",null,67.61,68.03,"Sinapi 96391"]
["96392","EXECUÇÃO E COMPACTAÇÃO DE BASE E OU SUB BASE PARA PAVIMENTAÇÃO DE SOLO (PREDOMINANTEMENTE ARENOSO) COM CIMENTO (TEOR DE 8%) - EXCLUSIVE SOLO, ESCAVAÇÃO, CARGA E TRANSPORTE. AF_11/2019","M3","86,13","86,55",null,86.13,86.55,"Sinapi 96392"]
["96396","EXECUÇÃO E COMPACTAÇÃO DE BASE E OU SUB BASE PARA PAVIMENTAÇÃO DE BRITA GRADUADA SIMPLES - EXCLUSIVE CARGA E TRANSPORTE. AF_11/2019","M3","143,67","144,09",null,143.66999999999999,144.09,"Sinapi 96396"]
["96397","EXECUÇÃO E COMPACTAÇÃO DE BASE E OU SUB BASE PARA PAVIMENTAÇÃO DE BRITA GRADUADA SIMPLES TRATADA COM CIMENTO - EXCLUSIVE CARGA E TRANSPORTE. AF_11/2019","M3","177,09","177,60",null,177.09,177.6,"Sinapi 96397"]
["96398","EXECUÇÃO E COMPACTAÇÃO DE BASE E OU SUB BASE PARA PAVIMENTAÇÃO DE CONCRETO COMPACTADO COM ROLO - EXCLUSIVE CARGA E TRANSPORTE. AF_11/2019","M3","190,92","191,31",null,190.92,191.31,"Sinapi 96398"]
["96399","EXECUÇÃO E COMPACTAÇÃO DE BASE E OU SUB BASE PARA PAVIMENTAÇÃO DE PEDRA RACHÃO - EXCLUSIVE ESCAVAÇÃO, CARGA E TRANSPORTE. AF_11/2019","M3","103,92","104,31",null,103.92,104.31,"Sinapi 96399"]
["96400","EXECUÇÃO E COMPACTAÇÃO DE BASE E OU SUB BASE PARA PAVIMENTAÇÃO DE MACADAME SECO - EXCLUSIVE CARGA E TRANSPORTE. AF_11/2019","M3","131,52","132,03",null,131.52000000000001,132.03,"Sinapi 96400"]
["96401","EXECUÇÃO DE IMPRIMAÇÃO COM ASFALTO DILUÍDO CM-30. AF_11/2019","M2","6,95","6,97",null,6.95,6.97,"Sinapi 96401"]
["96402","EXECUÇÃO DE PINTURA DE LIGAÇÃO COM EMULSÃO ASFÁLTICA RR-2C. AF_11/2019","M2","1,74","1,76",null,1.74,1.76,"Sinapi 96402"]
["100564","EXECUÇÃO E COMPACTAÇÃO DE BASE E OU SUB-BASE PARA PAVIMENTAÇÃO DE SOLO (PREDOMINANTEMENTE ARENOSO) BRITA - 40/60 - EXCLUSIVE SOLO, ESCAVAÇÃO, CARGA E TRANSPORTE. AF_11/2019","M3","81,43","82,08",null,81.430000000000007,82.08,"Sinapi 100564"]
["100565","EXECUÇÃO E COMPACTAÇÃO DE BASE E OU SUB-BASE PARA PAVIMENTAÇÃO DE SOLO (PREDOMINANTEMENTE ARENOSO) BRITA - 50/50 - EXCLUSIVE SOLO, ESCAVAÇÃO, CARGA E TRANSPORTE. AF_11/2019","M3","70,02","70,67",null,70.02,70.67,"Sinapi 100565"]
["100566","EXECUÇÃO E COMPACTAÇÃO DE BASE E OU SUB-BASE PARA PAVIMENTAÇÃO DE SOLO (PREDOMINANTEMENTE ARENOSO) BRITA - 40/60 COM CIMENTO (TEOR DE 4%) - EXCLUSIVE SOLO, ESCAVAÇÃO, CARGA E TRANSPORTE. AF_11/2019","M3","118,67","119,32",null,118.67,119.32,"Sinapi 100566"]
["100567","EXECUÇÃO E COMPACTAÇÃO DE BASE E OU SUB-BASE PARA PAVIMENTAÇÃO DE SOLO (PREDOMINANTEMENTE ARENOSO) BRITA - 40/60 COM CIMENTO (TEOR DE 6%) - EXCLUSIVE SOLO, ESCAVAÇÃO, CARGA E TRANSPORTE. AF_11/2019","M3","136,11","136,76",null,136.11000000000001,136.76,"Sinapi 100567"]
["100568","EXECUÇÃO E COMPACTAÇÃO DE BASE E OU SUB-BASE PARA PAVIMENTAÇÃO DE SOLO (PREDOMINANTEMENTE ARENOSO) BRITA - 40/60 COM CIMENTO (TEOR DE 8%) - EXCLUSIVE SOLO, ESCAVAÇÃO, CARGA E TRANSPORTE. AF_11/2019","M3","153,21","153,86",null,153.21,153.86000000000001,"Sinapi 100568"]
["100569","EXECUÇÃO E COMPACTAÇÃO DE BASE E OU SUB-BASE PARA PAVIMENTAÇÃO DE SOLO (PREDOMINANTEMENTE ARENOSO) BRITA - 50/50 COM CIMENTO (TEOR DE 4%)  - EXCLUSIVE SOLO, ESCAVAÇÃO, CARGA E TRANSPORTE. AF_11/2019","M3","107,67","108,32",null,107.67,108.32,"Sinapi 100569"]
["100570","EXECUÇÃO E COMPACTAÇÃO DE BASE E OU SUB-BASE PARA PAVIMENTAÇÃO DE SOLO (PREDOMINANTEMENTE ARENOSO) BRITA - 50/50 COM CIMENTO (TEOR DE 6%) - EXCLUSIVE SOLO, ESCAVAÇÃO, CARGA E TRANSPORTE. AF_11/2019","M3","126,57","127,24",null,126.57,127.24,"Sinapi 100570"]
["100571","EXECUÇÃO E COMPACTAÇÃO DE BASE E OU SUB-BASE PARA PAVIMENTAÇÃO DE SOLO (PREDOMINANTEMENTE ARENOSO) BRITA - 50/50 COM CIMENTO (TEOR DE 8%) - EXCLUSIVE SOLO, ESCAVAÇÃO, CARGA E TRANSPORTE. AF_11/2019","M3","142,71","143,36",null,142.71,143.36000000000001,"Sinapi 100571"]
["100572","EXECUÇÃO E COMPACTAÇÃO DE BASE E OU SUB-BASE PARA PAVIMENTAÇÃO DE SOLO (PREDOMINANTEMENTE ARGILOSO) BRITA - 40/60 - EXCLUSIVE SOLO, ESCAVAÇÃO, CARGA E TRANSPORTE. AF_11/2019","M3","84,51","85,34",null,84.51,85.34,"Sinapi 100572"]
["100573","EXECUÇÃO E COMPACTAÇÃO DE BASE E OU SUB-BASE PARA PAVIMENTAÇÃO DE SOLO (PREDOMINANTEMENTE ARGILOSO) BRITA - 50/50 - EXCLUSIVE SOLO, ESCAVAÇÃO, CARGA E TRANSPORTE. AF_11/2019","M3","73,10","73,93",null,73.099999999999994,73.930000000000007,"Sinapi 100573"]
["100574","ESPALHAMENTO DE MATERIAL COM TRATOR DE ESTEIRAS. AF_11/2019","M3","0,81","0,84",null,0.81,0.84,"Sinapi 100574"]
["100575","REGULARIZAÇÃO DE SUPERFÍCIES COM MOTONIVELADORA. AF_11/2019","M2","0,06","0,06",null,0.06,0.06,"Sinapi 100575"]
["72799","PAVIMENTO EM PARALELEPIPEDO SOBRE COLCHAO DE AREIA REJUNTADO COM ARGAMASSA DE CIMENTO E AREIA NO TRAÇO 1:3 (PEDRAS PEQUENAS 30 A 35 PECAS POR M2)","M2","83,30","85,51",null,83.3,85.51,"Sinapi 72799"]
["72942","PINTURA DE LIGACAO COM EMULSAO RR-1C","M2","1,67","1,70",null,1.67,1.7,"Sinapi 72942"]
["72943","PINTURA DE LIGACAO COM EMULSAO RR-2C","M2","1,89","1,92",null,1.89,1.92,"Sinapi 72943"]
["72972","CONTENCAO LATERAL COM SOLO LOCAL PARA PAVIMENTO POLIEDRICO","M2","0,80","0,88",null,0.8,0.88,"Sinapi 72972"]
["72973","CORTE E PREPARO DE CORDAO DE PEDRA PARA PAVIMENTO POLIEDRICO","M","1,51","1,66",null,1.51,1.66,"Sinapi 72973"]
["72974","CORTE E PREPARO DE PEDRA PARA PAVIMENTO POLIEDRICO","M2","5,04","5,54",null,{"$f":"IF(D5192=\"\",\"\",D5192+0)","v":5.04},{"$f":"IF(E5192=\"\",\"\",E5192+0)","v":5.54},{"$f":"IF(OR(G5192=\"\",H5192=\"\"),\"\",CONCATENATE(\"Sinapi \",A5192))","v":"Sinapi 72974"}]
["72975","DESMONTE MANUAL DE PEDRA PARA PAVIMENTO POLIEDRICO","M2","0,56","0,62",null,0.56000000000000005,0.62,"Sinapi 72975"]
["72978","EXTRACAO, CARGA E ASSENTAMENTO DE CORDAO DE PEDRA PARA PAVIMENTO POLIEDRICO, EXCLUSIVE TRANSPORTE DE PEDRA E INDENIZACAO PEDREIRA","M","5,04","5,54",null,5.04,5.54,"Sinapi 72978"]
["72979","EXTRACAO, CARGA, PREPARO E ASSENTAMENTO DE PEDRAS POLIEDRICAS, EXCLUSIVE TRANSPORTE DE PEDRA E INDENIZACAO PEDREIRA","M2","9,63","10,59",null,9.6300000000000008,10.59,"Sinapi 72979"]
["73760/1","CAPA SELANTE COMPREENDENDO APLICAÇÃO DE ASFALTO NA PROPORÇÃO DE 0,7 A 1,5L / M2, DISTRIBUIÇÃO DE AGREGADOS DE 5 A 15KG/M2 E COMPACTAÇÃO COM ROLO - COM USO DA EMULSAO RR-2C, INCLUSO APLICACAO E COMPACTACAO","M2","4,41","4,43",null,4.41,4.43,"Sinapi 73760/1"]
["73849/1","AREIA ASFALTO A QUENTE (AAUQ) COM CAP 50/70, INCLUSO USINAGEM E APLICACAO, EXCLUSIVE TRANSPORTE","M3","843,91","846,97",null,843.91,846.97,"Sinapi 73849/1"]
["73849/2","AREIA ASFALTO A FRIO (AAUF), COM EMULSAO RR-2C INCLUSO USINAGEM E APLICACAO, EXCLUSIVE TRANSPORTE","M3","662,75","665,64",null,662.75,665.64,"Sinapi 73849/2"]
["92391","EXECUÇÃO DE PAVIMENTO EM PISO INTERTRAVADO, COM BLOCO PISOGRAMA DE 35 X 25 CM, ESPESSURA 6 CM. AF_12/2015","M2","55,95","56,31",null,55.95,56.31,"Sinapi 92391"]
["92392","EXECUÇÃO DE PAVIMENTO EM PISO INTERTRAVADO, COM BLOCO PISOGRAMA DE 35 X 25 CM, ESPESSURA 8 CM. AF_12/2015","M2","58,67","59,06",null,58.67,59.06,"Sinapi 92392"]
["92393","EXECUÇÃO DE PAVIMENTO EM PISO INTERTRAVADO, COM BLOCO SEXTAVADO DE 25 X 25 CM, ESPESSURA 6 CM. AF_12/2015","M2","50,65","51,11",null,50.65,51.11,"Sinapi 92393"]
["92394","EXECUÇÃO DE PAVIMENTO EM PISO INTERTRAVADO, COM BLOCO SEXTAVADO DE 25 X 25 CM, ESPESSURA 8 CM. AF_12/2015","M2","54,40","55,08",null,54.4,55.08,"Sinapi 92394"]
["92395","EXECUÇÃO DE PAVIMENTO EM PISO INTERTRAVADO, COM BLOCO SEXTAVADO DE 25 X 25 CM, ESPESSURA 10 CM. AF_12/2015","M2","68,33","69,34",null,68.33,69.34,"Sinapi 92395"]
["92396","EXECUÇÃO DE PASSEIO EM PISO INTERTRAVADO, COM BLOCO RETANGULAR COR NATURAL DE 20 X 10 CM, ESPESSURA 6 CM. AF_12/2015","M2","60,78","62,22",null,60.78,62.22,"Sinapi 92396"]
["92397","EXECUÇÃO DE PÁTIO/ESTACIONAMENTO EM PISO INTERTRAVADO, COM BLOCO RETANGULAR COR NATURAL DE 20 X 10 CM, ESPESSURA 6 CM. AF_12/2015","M2","50,05","50,63",null,50.05,50.63,"Sinapi 92397"]
["92398","EXECUÇÃO DE PÁTIO/ESTACIONAMENTO EM PISO INTERTRAVADO, COM BLOCO RETANGULAR COR NATURAL DE 20 X 10 CM, ESPESSURA 8 CM. AF_12/2015","M2","56,21","57,12",null,56.21,57.12,"Sinapi 92398"]
["92399","EXECUÇÃO DE VIA EM PISO INTERTRAVADO, COM BLOCO RETANGULAR COR NATURAL DE 20 X 10 CM, ESPESSURA 8 CM. AF_12/2015","M2","57,37","58,36",null,57.37,58.36,"Sinapi 92399"]
["92400","EXECUÇÃO DE PÁTIO/ESTACIONAMENTO EM PISO INTERTRAVADO, COM BLOCO RETANGULAR DE 20 X 10 CM, ESPESSURA 10 CM. AF_12/2015","M2","68,51","69,76",null,68.510000000000005,69.760000000000005,"Sinapi 92400"]
["92401","EXECUÇÃO DE VIA EM PISO INTERTRAVADO, COM BLOCO RETANGULAR DE 20 X 10 CM, ESPESSURA 10 CM. AF_12/2015","M2","69,76","71,07",null,69.760000000000005,71.069999999999993,"Sinapi 92401"]
["92402","EXECUÇÃO DE PASSEIO EM PISO INTERTRAVADO, COM BLOCO 16 FACES DE 22 X 11 CM, ESPESSURA 6 CM. AF_12/2015","M2","62,26","63,83",null,62.26,63.83,"Sinapi 92402"]
["92403","EXECUÇÃO DE PÁTIO/ESTACIONAMENTO EM PISO INTERTRAVADO, COM BLOCO 16 FACES DE 22 X 11 CM, ESPESSURA 6 CM. AF_12/2015","M2","51,42","52,13",null,51.42,52.13,"Sinapi 92403"]
["92404","EXECUÇÃO DE PÁTIO/ESTACIONAMENTO EM PISO INTERTRAVADO, COM BLOCO 16 FACES DE 22 X 11 CM, ESPESSURA 8 CM. AF_12/2015","M2","57,57","58,63",null,57.57,58.63,"Sinapi 92404"]
["92405","EXECUÇÃO DE VIA EM PISO INTERTRAVADO, COM BLOCO 16 FACES DE 22 X 11 CM, ESPESSURA 8 CM. AF_12/2015","M2","58,72","59,84",null,58.72,59.84,"Sinapi 92405"]
["92406","EXECUÇÃO DE PÁTIO/ESTACIONAMENTO EM PISO INTERTRAVADO, COM BLOCO 16 FACES DE 22 X 11 CM, ESPESSURA 10 CM. AF_12/2015","M2","69,89","71,28",null,69.89,71.28,"Sinapi 92406"]
["92407","EXECUÇÃO DE VIA EM PISO INTERTRAVADO, COM BLOCO 16 FACES DE 22 X 11 CM, ESPESSURA 10 CM. AF_12/2015","M2","71,11","72,56",null,71.11,72.56,"Sinapi 92407"]
["93679","EXECUÇÃO DE PASSEIO EM PISO INTERTRAVADO, COM BLOCO RETANGULAR COLORIDO DE 20 X 10 CM, ESPESSURA 6 CM. AF_12/2015","M2","65,93","67,37",null,65.930000000000007,67.37,"Sinapi 93679"]
["93680","EXECUÇÃO DE PÁTIO/ESTACIONAMENTO EM PISO INTERTRAVADO, COM BLOCO RETANGULAR COLORIDO DE 20 X 10 CM, ESPESSURA 6 CM. AF_12/2015","M2","54,98","55,56",null,54.98,55.56,"Sinapi 93680"]
["93681","EXECUÇÃO DE PÁTIO/ESTACIONAMENTO EM PISO INTERTRAVADO, COM BLOCO RETANGULAR COLORIDO DE 20 X 10 CM, ESPESSURA 8 CM. AF_12/2015","M2","66,06","66,97",null,66.06,66.97,"Sinapi 93681"]
["93682","EXECUÇÃO DE VIA EM PISO INTERTRAVADO, COM BLOCO RETANGULAR COLORIDO DE 20 X 10 CM, ESPESSURA 8 CM. AF_12/2015","M2","67,32","68,31",null,67.319999999999993,68.31,"Sinapi 93682"]
["97114","EXECUÇÃO DE JUNTAS DE CONTRAÇÃO PARA PAVIMENTOS DE CONCRETO. AF_11/2017","M","0,36","0,39",null,0.36,0.39,"Sinapi 97114"]
["97115","APLICAÇÃO DE GRAXA EM BARRAS DE TRANSFERÊNCIA PARA EXECUÇÃO DE PAVIMENTO DE CONCRETO. AF_11/2017","KG","38,38","39,27",null,38.380000000000003,39.270000000000003,"Sinapi 97115"]
["97120","BARRAS DE LIGAÇÃO, AÇO CA-50 DE 10 MM, PARA EXECUÇÃO DE PAVIMENTO DE CONCRETO \u0096 FORNECIMENTO E INSTALAÇÃO. AF_11/2017","KG","7,22","7,38",null,7.22,7.38,"Sinapi 97120"]
["97802","CONSTRUÇÃO DE PAVIMENTO COM TRATAMENTO SUPERFICIAL SIMPLES, COM EMULSÃO ASFÁLTICA RR-2C. AF_01/2018","M2","3,94","3,95",null,3.94,3.95,"Sinapi 97802"]
["97803","CONSTRUÇÃO DE PAVIMENTO COM TRATAMENTO SUPERFICIAL SIMPLES, COM EMULSÃO ASFÁLTICA RR-2C, COM BANHO DILUÍDO. AF_01/2018","M2","4,72","4,73",null,4.72,4.7300000000000004,"Sinapi 97803"]
["97805","CONSTRUÇÃO DE PAVIMENTO COM TRATAMENTO SUPERFICIAL DUPLO, COM EMULSÃO ASFÁLTICA RR-2C. AF_01/2018","M2","8,49","8,53",null,8.49,8.5299999999999994,"Sinapi 97805"]
["97806","CONSTRUÇÃO DE PAVIMENTO COM TRATAMENTO SUPERFICIAL DUPLO, COM EMULSÃO ASFÁLTICA RR-2C, COM BANHO DILUÍDO. AF_01/2018","M2","10,33","10,38",null,10.33,10.38,"Sinapi 97806"]
["97807","CONSTRUÇÃO DE PAVIMENTO COM TRATAMENTO SUPERFICIAL DUPLO, COM EMULSÃO ASFÁLTICA RR-2C, COM CAPA SELANTE. AF_01/2018","M2","12,00","12,05",null,12,12.05,"Sinapi 97807"]
["97809","CONSTRUÇÃO DE PAVIMENTO COM TRATAMENTO SUPERFICIAL TRIPLO, COM EMULSÃO ASFÁLTICA RR-2C. AF_01/2018","M2","15,15","15,24",null,15.15,15.24,"Sinapi 97809"]
["97810","CONSTRUÇÃO DE PAVIMENTO COM TRATAMENTO SUPERFICIAL TRIPLO, COM EMULSÃO ASFÁLTICA RR-2C, COM BANHO DILUÍDO. AF_01/2018","M2","16,98","17,08",null,16.98,17.079999999999998,"Sinapi 97810"]
["97811","CONSTRUÇÃO DE PAVIMENTO COM TRATAMENTO SUPERFICIAL TRIPLO, COM EMULSÃO ASFÁLTICA RR-2C, COM CAPA SELANTE. AF_01/2018","M2","18,70","18,81",null,18.7,18.809999999999999,"Sinapi 97811"]
["97813","RECONSTRUÇÃO DE PAVIMENTO COM TRATAMENTO SUPERFICIAL SIMPLES, COM EMULSÃO ASFÁLTICA RR-2C. AF_01/2018","M2","4,08","4,09",null,4.08,4.09,"Sinapi 97813"]
["97814","RECONSTRUÇÃO DE PAVIMENTO COM TRATAMENTO SUPERFICIAL SIMPLES, COM EMULSÃO ASFÁLTICA RR-2C, COM BANHO DILUÍDO. AF_01/2018","M2","4,86","4,87",null,4.8600000000000003,4.87,"Sinapi 97814"]
["97816","RECONSTRUÇÃO DE PAVIMENTO COM TRATAMENTO SUPERFICIAL DUPLO, COM EMULSÃO ASFÁLTICA RR-2C. AF_01/2018","M2","8,93","8,99",null,8.93,8.99,"Sinapi 97816"]
["97817","RECONSTRUÇÃO DE PAVIMENTO COM TRATAMENTO SUPERFICIAL DUPLO, COM EMULSÃO ASFÁLTICA RR-2C, COM BANHO DILUÍDO. AF_01/2018","M2","10,78","10,84",null,10.78,10.84,"Sinapi 97817"]
["97818","RECONSTRUÇÃO DE PAVIMENTO COM TRATAMENTO SUPERFICIAL DUPLO, COM EMULSÃO ASFÁLTICA RR-2C, COM CAPA SELANTE. AF_01/2018","M2","12,60","12,69",null,12.6,12.69,"Sinapi 97818"]
["97820","RECONSTRUÇÃO DE PAVIMENTO COM TRATAMENTO SUPERFICIAL TRIPLO, COM EMULSÃO ASFÁLTICA RR-2C. AF_01/2018","M2","16,06","16,17",null,16.059999999999999,16.170000000000002,"Sinapi 97820"]
["97821","RECONSTRUÇÃO DE PAVIMENTO COM TRATAMENTO SUPERFICIAL TRIPLO, COM EMULSÃO ASFÁLTICA RR-2C, COM BANHO DILUÍDO. AF_01/2018","M2","17,90","18,02",null,17.899999999999999,18.02,"Sinapi 97821"]
["97822","RECONSTRUÇÃO DE PAVIMENTO COM TRATAMENTO SUPERFICIAL TRIPLO, COM EMULSÃO ASFÁLTICA RR-2C, COM CAPA SELANTE. AF_01/2018","M2","19,75","19,89",null,19.75,19.89,"Sinapi 97822"]
["72947","SINALIZACAO HORIZONTAL COM TINTA RETRORREFLETIVA A BASE DE RESINA ACRILICA COM MICROESFERAS DE VIDRO","M2","14,68","14,75",null,14.68,14.75,"Sinapi 72947"]
["83693","CAIACAO EM MEIO FIO","M2","3,67","4,03",null,3.67,4.03,"Sinapi 83693"]
["73770/1","BARREIRA PRE-MOLDADA EXTERNA CONCRETO ARMADO 0,25X0,40X1,14M FCK=25MPA ACO CA-50 INCL VIGOTA HORIZONTAL MONTANTE A CADA 1,00M  FERROS DE LIGACAO E MATERIAIS.","M","508,90","527,38",null,508.9,527.38,"Sinapi 73770/1"]
["73770/2","BARREIRA DUPLA PRE-MOL INTER CONCRETO ARMADO 0,15X0,65X0,77M FCK=25MPA ACO CA-50 INCL FERROS DE LIGACAO E MATERIAIS.","M","434,33","451,62",null,434.33,451.62,"Sinapi 73770/2"]
["83696/1","PINTURA GUARDA-CORPO GUARDA-RODA E MURETA PROTECAO COM CAL EM PONTES EVIADUTOS MEDIDA PELO DOBRO DA AREA TOTAL (LARGURAXALTURA).","M2","5,08","5,53",null,5.08,5.53,"Sinapi 83696/1"]
["72962","USINAGEM DE CBUQ COM CAP 50/70, PARA CAPA DE ROLAMENTO","T","302,21","302,48",null,302.20999999999998,302.48,"Sinapi 72962"]
["72963","USINAGEM DE CBUQ COM CAP 50/70, PARA BINDER","T","256,58","256,84",null,256.58,256.83999999999997,"Sinapi 72963"]
["73759/2","PRE-MISTURADO A FRIO COM EMULSAO RL-1C, INCLUSO USINAGEM E APLICACAO, EXCLUSIVE TRANSPORTE","M3","498,63","500,59",null,498.63,500.59,"Sinapi 73759/2"]
["95995","EXECUÇÃO DE PAVIMENTO COM APLICAÇÃO DE CONCRETO ASFÁLTICO, CAMADA DE ROLAMENTO - EXCLUSIVE CARGA E TRANSPORTE. AF_11/2019","M3","907,07","909,88",null,907.07,909.88,"Sinapi 95995"]
["95996","EXECUÇÃO DE PAVIMENTO COM APLICAÇÃO DE CONCRETO ASFÁLTICO, CAMADA DE BINDER - EXCLUSIVE CARGA E TRANSPORTE. AF_11/2019","M3","861,04","863,03",null,861.04,863.03,"Sinapi 95996"]
["96001","FRESAGEM DE PAVIMENTO ASFÁLTICO (PROFUNDIDADE ATÉ 5,0 CM) - EXCLUSIVE TRANSPORTE. AF_11/2019","M2","4,99","5,08",null,4.99,5.08,"Sinapi 96001"]
["96393","USINAGEM DE BRITA GRADUADA SIMPLES, UTILIZANDO BRITA COMERCIAL COM USINA 300 T/H. AF_06/2017","M3","136,72","136,87",null,136.72,136.87,"Sinapi 96393"]
["96394","USINAGEM DE BRITA GRADUADA TRATADA COM CIMENTO, UTILIZANDO BRITA COMERCIAL COM USINA 300 T/H. AF_06/2017","M3","169,22","169,39",null,169.22,169.39,"Sinapi 96394"]
["96395","USINAGEM DE CONCRETO PARA COMPACTAÇÃO COM ROLO, UTILIZANDO BRITA COMERCIAL. AF_06/2017","M3","183,97","184,09",null,183.97,184.09,"Sinapi 96395"]
["73445","CAIACAO INT OU EXT SOBRE REVESTIMENTO LISO C/ADOCAO DE FIXADOR COM    COM DUAS DEMAOS","M2","8,69","9,58",null,8.69,9.58,"Sinapi 73445"]
["73446","PINTURA DE SUPERFICIE C/TINTA GRAFITE","M2","19,60","21,28",null,19.600000000000001,21.28,"Sinapi 73446"]
["74133/1","EMASSAMENTO COM MASSA A OLEO, UMA DEMAO","M2","16,86","17,85",null,16.86,17.850000000000001,"Sinapi 74133/1"]
["74133/2","EMASSAMENTO COM MASSA A OLEO, DUAS DEMAOS","M2","21,15","22,32",null,{"$f":"IF(D5256=\"\",\"\",D5256+0)","v":21.15},{"$f":"IF(E5256=\"\",\"\",E5256+0)","v":22.32},{"$f":"IF(OR(G5256=\"\",H5256=\"\"),\"\",CONCATENATE(\"Sinapi \",A5256))","v":"Sinapi 74133/2"}]
["79462","EMASSAMENTO COM MASSA EPOXI, 2 DEMAOS","M2","54,96","56,47",null,54.96,56.47,"Sinapi 79462"]
["79494/1","PINTURA DE QUADRO ESCOLAR COM TINTA ESMALTE ACABAMENTO FOSCO, DUAS DEMAOS SOBRE MASSA ACRILICA","M2","12,19","12,80",null,12.19,12.8,"Sinapi 79494/1"]
["84651","PINTURA COM TINTA IMPERMEAVEL MINERAL EM PO, DUAS DEMAOS","M2","9,63","10,58",null,9.6300000000000008,10.58,"Sinapi 84651"]
["88411","APLICAÇÃO MANUAL DE FUNDO SELADOR ACRÍLICO EM PANOS COM PRESENÇA DE VÃOS DE EDIFÍCIOS DE MÚLTIPLOS PAVIMENTOS. AF_06/2014","M2","2,42","2,54",null,2.42,2.54,"Sinapi 88411"]
["88412","APLICAÇÃO MANUAL DE FUNDO SELADOR ACRÍLICO EM PANOS CEGOS DE FACHADA (SEM PRESENÇA DE VÃOS) DE EDIFÍCIOS DE MÚLTIPLOS PAVIMENTOS. AF_06/2014","M2","1,86","1,92",null,1.86,1.92,"Sinapi 88412"]
["88413","APLICAÇÃO MANUAL DE FUNDO SELADOR ACRÍLICO EM SUPERFÍCIES EXTERNAS DE SACADA DE EDIFÍCIOS DE MÚLTIPLOS PAVIMENTOS. AF_06/2014","M2","3,54","3,79",null,3.54,3.79,"Sinapi 88413"]
["88414","APLICAÇÃO MANUAL DE FUNDO SELADOR ACRÍLICO EM SUPERFÍCIES INTERNAS DA SACADA DE EDIFÍCIOS DE MÚLTIPLOS PAVIMENTOS. AF_06/2014","M2","3,90","4,18",null,3.9,4.18,"Sinapi 88414"]
["88415","APLICAÇÃO MANUAL DE FUNDO SELADOR ACRÍLICO EM PAREDES EXTERNAS DE CASAS. AF_06/2014","M2","2,60","2,74",null,2.6,2.74,"Sinapi 88415"]
["88416","APLICAÇÃO MANUAL DE PINTURA COM TINTA TEXTURIZADA ACRÍLICA EM PANOS COM PRESENÇA DE VÃOS DE EDIFÍCIOS DE MÚLTIPLOS PAVIMENTOS, UMA COR. AF_06/2014","M2","16,09","16,49",null,16.09,16.489999999999998,"Sinapi 88416"]
["88417","APLICAÇÃO MANUAL DE PINTURA COM TINTA TEXTURIZADA ACRÍLICA EM PANOS CEGOS DE FACHADA (SEM PRESENÇA DE VÃOS) DE EDIFÍCIOS DE MÚLTIPLOS PAVIMENTOS, UMA COR. AF_06/2014","M2","14,10","14,29",null,14.1,14.29,"Sinapi 88417"]
["88420","APLICAÇÃO MANUAL DE PINTURA COM TINTA TEXTURIZADA ACRÍLICA EM SUPERFÍCIES EXTERNAS DE SACADA DE EDIFÍCIOS DE MÚLTIPLOS PAVIMENTOS, UMA COR. AF_06/2014","M2","20,11","20,93",null,20.11,20.93,"Sinapi 88420"]
["88421","APLICAÇÃO MANUAL DE PINTURA COM TINTA TEXTURIZADA ACRÍLICA EM SUPERFÍCIES INTERNAS DA SACADA DE EDIFÍCIOS DE MÚLTIPLOS PAVIMENTOS, UMA COR. AF_06/2014","M2","21,38","22,34",null,21.38,22.34,"Sinapi 88421"]
["88423","APLICAÇÃO MANUAL DE PINTURA COM TINTA TEXTURIZADA ACRÍLICA EM PAREDES EXTERNAS DE CASAS, UMA COR. AF_06/2014","M2","16,71","17,18",null,16.71,17.18,"Sinapi 88423"]
["88424","APLICAÇÃO MANUAL DE PINTURA COM TINTA TEXTURIZADA ACRÍLICA EM PANOS COM PRESENÇA DE VÃOS DE EDIFÍCIOS DE MÚLTIPLOS PAVIMENTOS, DUAS CORES. AF_06/2014","M2","18,82","19,52",null,18.82,19.52,"Sinapi 88424"]
["88426","APLICAÇÃO MANUAL DE PINTURA COM TINTA TEXTURIZADA ACRÍLICA EM PANOS CEGOS DE FACHADA (SEM PRESENÇA DE VÃOS) DE EDIFÍCIOS DE MÚLTIPLOS PAVIMENTOS, DUAS CORES. AF_06/2014","M2","15,38","15,71",null,15.38,15.71,"Sinapi 88426"]
["88428","APLICAÇÃO MANUAL DE PINTURA COM TINTA TEXTURIZADA ACRÍLICA EM SUPERFÍCIES EXTERNAS DE SACADA DE EDIFÍCIOS DE MÚLTIPLOS PAVIMENTOS, DUAS CORES. AF_06/2014","M2","25,73","27,15",null,25.73,27.15,"Sinapi 88428"]
["88429","APLICAÇÃO MANUAL DE PINTURA COM TINTA TEXTURIZADA ACRÍLICA EM SUPERFÍCIES INTERNAS DA SACADA DE EDIFÍCIOS DE MÚLTIPLOS PAVIMENTOS, DUAS CORES. AF_06/2014","M2","27,94","29,60",null,27.94,29.6,"Sinapi 88429"]
["88431","APLICAÇÃO MANUAL DE PINTURA COM TINTA TEXTURIZADA ACRÍLICA EM PAREDES EXTERNAS DE CASAS, DUAS CORES. AF_06/2014","M2","19,90","20,71",null,19.899999999999999,20.71,"Sinapi 88431"]
["88432","APLICAÇÃO MANUAL DE PINTURA COM TINTA TEXTURIZADA ACRÍLICA EM MOLDURAS DE EPS, PRÉ-FABRICADOS, OU OUTROS. AF_06/2014","M2","14,33","15,33",null,14.33,15.33,"Sinapi 88432"]
["88482","APLICAÇÃO DE FUNDO SELADOR LÁTEX PVA EM TETO, UMA DEMÃO. AF_06/2014","M2","3,30","3,41",null,3.3,3.41,"Sinapi 88482"]
["88483","APLICAÇÃO DE FUNDO SELADOR LÁTEX PVA EM PAREDES, UMA DEMÃO. AF_06/2014","M2","3,07","3,14",null,3.07,3.14,"Sinapi 88483"]
["88484","APLICAÇÃO DE FUNDO SELADOR ACRÍLICO EM TETO, UMA DEMÃO. AF_06/2014","M2","2,60","2,75",null,2.6,2.75,"Sinapi 88484"]
["88485","APLICAÇÃO DE FUNDO SELADOR ACRÍLICO EM PAREDES, UMA DEMÃO. AF_06/2014","M2","2,28","2,39",null,2.2799999999999998,2.39,"Sinapi 88485"]
["88486","APLICAÇÃO MANUAL DE PINTURA COM TINTA LÁTEX PVA EM TETO, DUAS DEMÃOS. AF_06/2014","M2","10,43","10,92",null,10.43,10.92,"Sinapi 88486"]
["88487","APLICAÇÃO MANUAL DE PINTURA COM TINTA LÁTEX PVA EM PAREDES, DUAS DEMÃOS. AF_06/2014","M2","9,37","9,74",null,9.3699999999999992,9.74,"Sinapi 88487"]
["88488","APLICAÇÃO MANUAL DE PINTURA COM TINTA LÁTEX ACRÍLICA EM TETO, DUAS DEMÃOS. AF_06/2014","M2","13,34","14,04",null,13.34,14.04,"Sinapi 88488"]
["88489","APLICAÇÃO MANUAL DE PINTURA COM TINTA LÁTEX ACRÍLICA EM PAREDES, DUAS DEMÃOS. AF_06/2014","M2","11,82","12,35",null,11.82,12.35,"Sinapi 88489"]
["88490","APLICAÇÃO MECÂNICA DE PINTURA COM TINTA LÁTEX PVA EM TETO, DUAS DEMÃOS. AF_06/2014","M2","7,69","7,80",null,7.69,7.8,"Sinapi 88490"]
["88491","APLICAÇÃO MECÂNICA DE PINTURA COM TINTA LÁTEX PVA EM PAREDES, DUAS DEMÃOS. AF_06/2014","M2","7,44","7,52",null,7.44,7.52,"Sinapi 88491"]
["88492","APLICAÇÃO MECÂNICA DE PINTURA COM TINTA LÁTEX ACRÍLICA EM TETO, DUAS DEMÃOS. AF_06/2014","M2","9,22","9,38",null,9.2200000000000006,9.3800000000000008,"Sinapi 88492"]
["88493","APLICAÇÃO MECÂNICA DE PINTURA COM TINTA LÁTEX ACRÍLICA EM PAREDES, DUAS DEMÃOS. AF_06/2014","M2","8,83","8,97",null,8.83,8.9700000000000006,"Sinapi 88493"]
["88494","APLICAÇÃO E LIXAMENTO DE MASSA LÁTEX EM TETO, UMA DEMÃO. AF_06/2014","M2","16,15","17,58",null,16.149999999999999,17.579999999999998,"Sinapi 88494"]
["88495","APLICAÇÃO E LIXAMENTO DE MASSA LÁTEX EM PAREDES, UMA DEMÃO. AF_06/2014","M2","8,90","9,56",null,8.9,9.56,"Sinapi 88495"]
["88496","APLICAÇÃO E LIXAMENTO DE MASSA LÁTEX EM TETO, DUAS DEMÃOS. AF_06/2014","M2","21,96","23,87",null,21.96,23.87,"Sinapi 88496"]
["88497","APLICAÇÃO E LIXAMENTO DE MASSA LÁTEX EM PAREDES, DUAS DEMÃOS. AF_06/2014","M2","12,27","13,15",null,12.27,13.15,"Sinapi 88497"]
["95305","TEXTURA ACRÍLICA, APLICAÇÃO MANUAL EM PAREDE, UMA DEMÃO. AF_09/2016","M2","12,28","12,81",null,12.28,12.81,"Sinapi 95305"]
["95306","TEXTURA ACRÍLICA, APLICAÇÃO MANUAL EM TETO, UMA DEMÃO. AF_09/2016","M2","14,20","14,93",null,14.2,14.93,"Sinapi 95306"]
["95622","APLICAÇÃO MANUAL DE TINTA LÁTEX ACRÍLICA EM PANOS COM PRESENÇA DE VÃOS DE EDIFÍCIOS DE MÚLTIPLOS PAVIMENTOS, DUAS DEMÃOS. AF_11/2016","M2","11,87","12,69",null,11.87,12.69,"Sinapi 95622"]
["95623","APLICAÇÃO MANUAL DE TINTA LÁTEX ACRÍLICA EM PANOS SEM PRESENÇA DE VÃOS DE EDIFÍCIOS DE MÚLTIPLOS PAVIMENTOS, DUAS DEMÃOS. AF_11/2016","M2","9,15","9,69",null,9.15,9.69,"Sinapi 95623"]
["95624","APLICAÇÃO MANUAL DE TINTA LÁTEX ACRÍLICA EM SUPERFÍCIES EXTERNAS DE SACADA DE EDIFÍCIOS DE MÚLTIPLOS PAVIMENTOS, DUAS DEMÃOS. AF_11/2016","M2","17,39","18,80",null,17.39,18.8,"Sinapi 95624"]
["95625","APLICAÇÃO MANUAL DE TINTA LÁTEX ACRÍLICA EM SUPERFÍCIES INTERNAS DE SACADA DE EDIFÍCIOS DE MÚLTIPLOS PAVIMENTOS, DUAS DEMÃOS. AF_11/2016","M2","19,13","20,73",null,19.13,20.73,"Sinapi 95625"]
["95626","APLICAÇÃO MANUAL DE TINTA LÁTEX ACRÍLICA EM PAREDE EXTERNAS DE CASAS, DUAS DEMÃOS. AF_11/2016","M2","12,75","13,67",null,12.75,13.67,"Sinapi 95626"]
["96126","APLICAÇÃO MANUAL DE MASSA ACRÍLICA EM PANOS DE FACHADA COM PRESENÇA DE VÃOS, DE EDIFÍCIOS DE MÚLTIPLOS PAVIMENTOS, UMA DEMÃO. AF_05/2017","M2","14,89","15,92",null,14.89,15.92,"Sinapi 96126"]
["96127","APLICAÇÃO MANUAL DE MASSA ACRÍLICA EM PANOS DE FACHADA SEM PRESENÇA DE VÃOS, DE EDIFÍCIOS DE MÚLTIPLOS PAVIMENTOS, UMA DEMÃO. AF_05/2017","M2","11,50","12,16",null,11.5,12.16,"Sinapi 96127"]
["96128","APLICAÇÃO MANUAL DE MASSA ACRÍLICA EM SUPERFÍCIES EXTERNAS DE SACADA DE EDIFÍCIOS DE MÚLTIPLOS PAVIMENTOS, UMA DEMÃO. AF_05/2017","M2","21,76","23,52",null,21.76,23.52,"Sinapi 96128"]
["96129","APLICAÇÃO MANUAL DE MASSA ACRÍLICA EM SUPERFÍCIES INTERNAS DE SACADA DE EDIFÍCIOS DE MÚLTIPLOS PAVIMENTOS, UMA DEMÃO. AF_05/2017","M2","23,95","25,94",null,23.95,25.94,"Sinapi 96129"]
["96130","APLICAÇÃO MANUAL DE MASSA ACRÍLICA EM PAREDES EXTERNAS DE CASAS, UMA DEMÃO. AF_05/2017","M2","15,96","17,10",null,15.96,17.100000000000001,"Sinapi 96130"]
["96131","APLICAÇÃO MANUAL DE MASSA ACRÍLICA EM PANOS DE FACHADA COM PRESENÇA DE VÃOS, DE EDIFÍCIOS DE MÚLTIPLOS PAVIMENTOS, DUAS DEMÃOS. AF_05/2017","M2","20,62","21,99",null,20.62,21.99,"Sinapi 96131"]
["96132","APLICAÇÃO MANUAL DE MASSA ACRÍLICA EM PANOS DE FACHADA SEM PRESENÇA DE VÃOS, DE EDIFÍCIOS DE MÚLTIPLOS PAVIMENTOS, DUAS DEMÃOS. AF_05/2017","M2","16,10","16,99",null,16.100000000000001,16.989999999999998,"Sinapi 96132"]
["96133","APLICAÇÃO MANUAL DE MASSA ACRÍLICA EM SUPERFÍCIES EXTERNAS DE SACADA DE EDIFÍCIOS DE MÚLTIPLOS PAVIMENTOS, DUAS DEMÃOS. AF_05/2017","M2","29,76","32,10",null,29.76,32.1,"Sinapi 96133"]
["96134","APLICAÇÃO MANUAL DE MASSA ACRÍLICA EM SUPERFÍCIES INTERNAS DE SACADA DE EDIFÍCIOS DE MÚLTIPLOS PAVIMENTOS, DUAS DEMÃOS. AF_05/2017","M2","32,68","35,32",null,32.68,35.32,"Sinapi 96134"]
["96135","APLICAÇÃO MANUAL DE MASSA ACRÍLICA EM PAREDES EXTERNAS DE CASAS, DUAS DEMÃOS. AF_05/2017","M2","22,06","23,58",null,22.06,23.58,"Sinapi 96135"]
["79460","PINTURA EPOXI, DUAS DEMAOS","M2","44,02","45,46",null,44.02,45.46,"Sinapi 79460"]
["79465","PINTURA COM TINTA A BASE DE BORRACHA CLORADA, 2 DEMAOS","M2","35,79","37,54",null,35.79,37.54,"Sinapi 79465"]
["79514/1","PINTURA EPOXI, TRES DEMAOS","M2","61,84","63,59",null,61.84,63.59,"Sinapi 79514/1"]
["84647","PINTURA EPOXI INCLUSO EMASSAMENTO E FUNDO PREPARADOR","M2","134,36","141,56",null,134.36000000000001,141.56,"Sinapi 84647"]
["84656","TRATAMENTO EM  CONCRETO COM ESTUQUE E LIXAMENTO","M2","31,66","34,72",null,31.66,34.72,"Sinapi 84656"]
["6082","PINTURA EM VERNIZ SINTETICO BRILHANTE EM MADEIRA, TRES DEMAOS","M2","16,38","17,74",null,16.38,17.739999999999998,"Sinapi 6082"]
["40905","VERNIZ SINTETICO EM MADEIRA, DUAS DEMAOS","M2","21,16","22,52",null,21.16,22.52,"Sinapi 40905"]
["73739/1","PINTURA ESMALTE ACETINADO EM MADEIRA, DUAS DEMAOS","M2","16,37","17,58",null,16.37,17.579999999999998,"Sinapi 73739/1"]
["74065/1","PINTURA ESMALTE FOSCO PARA MADEIRA, DUAS DEMAOS, SOBRE FUNDO NIVELADOR BRANCO","M2","23,39","24,83",null,23.39,24.83,"Sinapi 74065/1"]
["74065/2","PINTURA ESMALTE ACETINADO PARA MADEIRA, DUAS DEMAOS, SOBRE FUNDO NIVELADOR BRANCO","M2","22,98","24,42",null,22.98,24.42,"Sinapi 74065/2"]
["74065/3","PINTURA ESMALTE BRILHANTE PARA MADEIRA, DUAS DEMAOS, SOBRE FUNDO NIVELADOR BRANCO","M2","22,86","24,30",null,22.86,24.3,"Sinapi 74065/3"]
["79463","PINTURA A OLEO, 1 DEMAO","M2","13,62","14,76",null,{"$f":"IF(D5320=\"\",\"\",D5320+0)","v":13.62},{"$f":"IF(E5320=\"\",\"\",E5320+0)","v":14.76},{"$f":"IF(OR(G5320=\"\",H5320=\"\"),\"\",CONCATENATE(\"Sinapi \",A5320))","v":"Sinapi 79463"}]
["79464","PINTURA A OLEO, 2 DEMAOS","M2","18,37","19,81",null,18.37,19.809999999999999,"Sinapi 79464"]
["79466","PINTURA COM VERNIZ POLIURETANO, 2 DEMAOS","M2","18,27","19,44",null,18.27,19.440000000000001,"Sinapi 79466"]
["79497/1","PINTURA A OLEO, 3 DEMAOS","M2","22,85","24,60",null,22.85,24.6,"Sinapi 79497/1"]
["84645","VERNIZ SINTETICO BRILHANTE, 2 DEMAOS","M2","18,01","19,18",null,18.010000000000002,19.18,"Sinapi 84645"]
["84657","FUNDO SINTETICO NIVELADOR BRANCO","M2","9,48","9,96",null,9.48,9.9600000000000009,"Sinapi 84657"]
["84659","PINTURA ESMALTE FOSCO EM MADEIRA, DUAS DEMAOS","M2","15,13","16,19",null,15.13,16.190000000000001,"Sinapi 84659"]
["84679","PINTURA IMUNIZANTE PARA MADEIRA, DUAS DEMAOS","M2","18,75","20,19",null,18.75,20.190000000000001,"Sinapi 84679"]
["95464","PINTURA VERNIZ POLIURETANO BRILHANTE EM MADEIRA, TRES DEMAOS","M2","21,25","22,61",null,21.25,22.61,"Sinapi 95464"]
["73794/1","PINTURA COM TINTA PROTETORA ACABAMENTO GRAFITE ESMALTE SOBRE SUPERFICIE METALICA, 2 DEMAOS","M2","33,76","36,79",null,33.76,36.79,"Sinapi 73794/1"]
["73865/1","FUNDO PREPARADOR PRIMER A BASE DE EPOXI, PARA ESTRUTURA METALICA, UMA DEMAO, ESPESSURA DE 25 MICRA.","M2","8,48","8,72",null,8.48,8.7200000000000006,"Sinapi 73865/1"]
["73924/1","PINTURA ESMALTE ALTO BRILHO, DUAS DEMAOS, SOBRE SUPERFICIE METALICA","M2","24,70","26,60",null,24.7,26.6,"Sinapi 73924/1"]
["73924/2","PINTURA ESMALTE ACETINADO, DUAS DEMAOS, SOBRE SUPERFICIE METALICA","M2","24,82","26,72",null,24.82,26.72,"Sinapi 73924/2"]
["73924/3","PINTURA ESMALTE FOSCO, DUAS DEMAOS, SOBRE SUPERFICIE METALICA","M2","25,23","27,13",null,25.23,27.13,"Sinapi 73924/3"]
["74064/1","FUNDO ANTICORROSIVO A BASE DE OXIDO DE FERRO (ZARCAO), DUAS DEMAOS","M2","19,28","20,64",null,19.28,20.64,"Sinapi 74064/1"]
["74064/2","FUNDO ANTICORROSIVO A BASE DE OXIDO DE FERRO (ZARCAO), UMA DEMAO","M2","12,52","13,51",null,12.52,13.51,"Sinapi 74064/2"]
["74145/1","PINTURA ESMALTE FOSCO, DUAS DEMAOS, SOBRE SUPERFICIE METALICA, INCLUSO UMA DEMAO DE FUNDO ANTICORROSIVO. UTILIZACAO DE REVOLVER ( AR-COMPRIMIDO).","M2","17,41","18,06",null,17.41,18.059999999999999,"Sinapi 74145/1"]
["79498/1","PINTURA A OLEO BRILHANTE SOBRE SUPERFICIE METALICA, UMA DEMAO INCLUSO UMA DEMAO DE FUNDO ANTICORROSIVO","M2","16,07","17,07",null,16.07,17.07,"Sinapi 79498/1"]
["79515/1","PINTURA COM TINTA PROTETORA ACABAMENTO ALUMINIO, TRES DEMAOS","M2","31,89","34,17",null,31.89,34.17,"Sinapi 79515/1"]
["84660","FUNDO PREPARADOR PRIMER SINTETICO, PARA ESTRUTURA METALICA, UMA DEMÃO, ESPESSURA DE 25 MICRA","M2","6,09","6,33",null,6.09,6.33,"Sinapi 84660"]
["84661","PINTURA COM TINTA PROTETORA ACABAMENTO ALUMINIO, UMA DEMAO SOBRE SUPERFCIE METALICA","M2","16,04","17,18",null,16.04,17.18,"Sinapi 84661"]
["84662","PINTURA COM TINTA PROTETORA ACABAMENTO ALUMINIO, DUAS DEMAOS SOBRE SUPERFICIE METALICA","M2","25,34","27,24",null,25.34,27.24,"Sinapi 84662"]
["95468","PINTURA ESMALTE BRILHANTE (2 DEMAOS) SOBRE SUPERFICIE METALICA, INCLUSIVE PROTECAO COM ZARCAO (1 DEMAO)","M2","37,05","40,08",null,37.049999999999997,40.08,"Sinapi 95468"]
["41595","PINTURA ACRILICA DE FAIXAS DE DEMARCACAO EM QUADRA POLIESPORTIVA, 5 CM DE LARGURA","M","10,24","11,22",null,10.24,11.22,"Sinapi 41595"]
["73978/1","PINTURA HIDROFUGANTE COM SILICONE SOBRE PISO CIMENTADO, UMA DEMAO","M2","16,76","17,90",null,16.760000000000002,17.899999999999999,"Sinapi 73978/1"]
["74245/1","PINTURA ACRILICA EM PISO CIMENTADO DUAS DEMAOS","M2","13,57","14,74",null,13.57,14.74,"Sinapi 74245/1"]
["79467","PINTURA COM TINTA A BASE DE BORRACHA CLORADA , DE FAIXAS DE DEMARCACAO, EM QUADRA POLIESPORTIVA, 5 CM DE LARGURA.","ML","12,15","13,13",null,12.15,13.13,"Sinapi 79467"]
["79500/2","PINTURA ACRILICA EM PISO CIMENTADO, TRES DEMAOS","M2","19,02","20,62",null,19.02,20.62,"Sinapi 79500/2"]
["84663","APLICACAO DE VERNIZ POLIURETANO FOSCO SOBRE PISO DE PEDRAS DECORATIVAS, 3 DEMAOS","M2","21,92","23,45",null,21.92,23.45,"Sinapi 84663"]
["84665","PINTURA ACRILICA PARA SINALIZAÇÃO HORIZONTAL EM PISO CIMENTADO","M2","20,61","22,25",null,20.61,22.25,"Sinapi 84665"]
["84666","POLIMENTO E ENCERAMENTO DE PISO EM MADEIRA","M2","19,47","21,44",null,19.47,21.44,"Sinapi 84666"]
["75889","PINTURA PARA TELHAS DE ALUMINIO COM TINTA ESMALTE AUTOMOTIVA","M2","18,05","19,19",null,18.05,19.190000000000001,"Sinapi 75889"]
["72191","RECOLOCACAO DE TACOS DE MADEIRA COM REAPROVEITAMENTO DE MATERIAL E ASSENTAMENTO COM ARGAMASSA 1:4 (CIMENTO E AREIA)","M2","75,07","81,84",null,75.069999999999993,81.84,"Sinapi 72191"]
["73734/1","PISO EM TACO DE MADEIRA 7X21CM, ASSENTADO COM ARGAMASSA TRACO 1:4 (CIMENTO E AREIA MEDIA)","M2","157,72","162,01",null,157.72,162.01,"Sinapi 73734/1"]
["84181","PISO EM TACO DE MADEIRA 7X21CM, FIXADO COM COLA BASE DE PVA","M2","131,85","133,58",null,131.85,133.58000000000001,"Sinapi 84181"]
["87246","REVESTIMENTO CERÂMICO PARA PISO COM PLACAS TIPO ESMALTADA EXTRA DE DIMENSÕES 35X35 CM APLICADA EM AMBIENTES DE ÁREA MENOR QUE 5 M2. AF_06/2014","M2","37,82","39,67",null,37.82,39.67,"Sinapi 87246"]
["87247","REVESTIMENTO CERÂMICO PARA PISO COM PLACAS TIPO ESMALTADA EXTRA DE DIMENSÕES 35X35 CM APLICADA EM AMBIENTES DE ÁREA ENTRE 5 M2 E 10 M2. AF_06/2014","M2","32,33","33,62",null,32.33,33.619999999999997,"Sinapi 87247"]
["87248","REVESTIMENTO CERÂMICO PARA PISO COM PLACAS TIPO ESMALTADA EXTRA DE DIMENSÕES 35X35 CM APLICADA EM AMBIENTES DE ÁREA MAIOR QUE 10 M2. AF_06/2014","M2","27,74","28,52",null,27.74,28.52,"Sinapi 87248"]
["87249","REVESTIMENTO CERÂMICO PARA PISO COM PLACAS TIPO ESMALTADA EXTRA DE DIMENSÕES 45X45 CM APLICADA EM AMBIENTES DE ÁREA MENOR QUE 5 M2. AF_06/2014","M2","42,94","45,27",null,42.94,45.27,"Sinapi 87249"]
["87250","REVESTIMENTO CERÂMICO PARA PISO COM PLACAS TIPO ESMALTADA EXTRA DE DIMENSÕES 45X45 CM APLICADA EM AMBIENTES DE ÁREA ENTRE 5 M2 E 10 M2. AF_06/2014","M2","34,25","35,70",null,34.25,35.700000000000003,"Sinapi 87250"]
["87251","REVESTIMENTO CERÂMICO PARA PISO COM PLACAS TIPO ESMALTADA EXTRA DE DIMENSÕES 45X45 CM APLICADA EM AMBIENTES DE ÁREA MAIOR QUE 10 M2. AF_06/2014","M2","28,54","29,36",null,28.54,29.36,"Sinapi 87251"]
["87255","REVESTIMENTO CERÂMICO PARA PISO COM PLACAS TIPO ESMALTADA EXTRA DE DIMENSÕES 60X60 CM APLICADA EM AMBIENTES DE ÁREA MENOR QUE 5 M2. AF_06/2014","M2","66,67","69,31",null,66.67,69.31,"Sinapi 87255"]
["87256","REVESTIMENTO CERÂMICO PARA PISO COM PLACAS TIPO ESMALTADA EXTRA DE DIMENSÕES 60X60 CM APLICADA EM AMBIENTES DE ÁREA ENTRE 5 M2 E 10 M2. AF_06/2014","M2","56,52","58,18",null,56.52,58.18,"Sinapi 87256"]
["87257","REVESTIMENTO CERÂMICO PARA PISO COM PLACAS TIPO ESMALTADA EXTRA DE DIMENSÕES 60X60 CM APLICADA EM AMBIENTES DE ÁREA MAIOR QUE 10 M2. AF_06/2014","M2","49,86","50,82",null,49.86,50.82,"Sinapi 87257"]
["87258","REVESTIMENTO CERÂMICO PARA PISO COM PLACAS TIPO PORCELANATO DE DIMENSÕES 45X45 CM APLICADA EM AMBIENTES DE ÁREA MENOR QUE 5 M². AF_06/2014","M2","86,47","89,15",null,86.47,89.15,"Sinapi 87258"]
["87259","REVESTIMENTO CERÂMICO PARA PISO COM PLACAS TIPO PORCELANATO DE DIMENSÕES 45X45 CM APLICADA EM AMBIENTES DE ÁREA ENTRE 5 M² E 10 M². AF_06/2014","M2","76,86","78,63",null,76.86,78.63,"Sinapi 87259"]
["87260","REVESTIMENTO CERÂMICO PARA PISO COM PLACAS TIPO PORCELANATO DE DIMENSÕES 45X45 CM APLICADA EM AMBIENTES DE ÁREA MAIOR QUE 10 M². AF_06/2014","M2","71,05","72,22",null,71.05,72.22,"Sinapi 87260"]
["87261","REVESTIMENTO CERÂMICO PARA PISO COM PLACAS TIPO PORCELANATO DE DIMENSÕES 60X60 CM APLICADA EM AMBIENTES DE ÁREA MENOR QUE 5 M². AF_06/2014","M2","99,23","102,22",null,99.23,102.22,"Sinapi 87261"]
["87262","REVESTIMENTO CERÂMICO PARA PISO COM PLACAS TIPO PORCELANATO DE DIMENSÕES 60X60 CM APLICADA EM AMBIENTES DE ÁREA ENTRE 5 M² E 10 M². AF_06/2014","M2","88,27","90,28",null,88.27,90.28,"Sinapi 87262"]
["87263","REVESTIMENTO CERÂMICO PARA PISO COM PLACAS TIPO PORCELANATO DE DIMENSÕES 60X60 CM APLICADA EM AMBIENTES DE ÁREA MAIOR QUE 10 M². AF_06/2014","M2","81,42","82,72",null,81.42,82.72,"Sinapi 87263"]
["89046","(COMPOSIÇÃO REPRESENTATIVA) DO SERVIÇO DE REVESTIMENTO CERÂMICO PARA PISO COM PLACAS TIPO GRÉS DE DIMENSÕES 35X35 CM, PARA EDIFICAÇÃO HABITACIONAL MULTIFAMILIAR (PRÉDIO). AF_11/2014","M2","32,04","33,30",null,32.04,33.299999999999997,"Sinapi 89046"]
["89171","(COMPOSIÇÃO REPRESENTATIVA) DO SERVIÇO DE REVESTIMENTO CERÂMICO PARA PISO COM PLACAS TIPO GRÉS DE DIMENSÕES 35X35 CM, PARA EDIFICAÇÃO HABITACIONAL UNIFAMILIAR (CASA) E EDIFICAÇÃO PÚBLICA PADRÃO. AF_11/2014","M2","29,82","30,84",null,29.82,30.84,"Sinapi 89171"]
["93389","REVESTIMENTO CERÂMICO PARA PISO COM PLACAS TIPO ESMALTADA PADRÃO POPULAR DE DIMENSÕES 35X35 CM APLICADA EM AMBIENTES DE ÁREA MENOR QUE 5 M2. AF_06/2014","M2","34,67","36,52",null,34.67,36.520000000000003,"Sinapi 93389"]
["93390","REVESTIMENTO CERÂMICO PARA PISO COM PLACAS TIPO ESMALTADA PADRÃO POPULAR DE DIMENSÕES 35X35 CM APLICADA EM AMBIENTES DE ÁREA ENTRE 5 M2 E 10 M2. AF_06/2014","M2","29,24","30,53",null,29.24,30.53,"Sinapi 93390"]
["93391","REVESTIMENTO CERÂMICO PARA PISO COM PLACAS TIPO ESMALTADA PADRÃO POPULAR DE DIMENSÕES 35X35 CM APLICADA EM AMBIENTES DE ÁREA MAIOR QUE 10 M2. AF_06/2014","M2","24,65","25,43",null,24.65,25.43,"Sinapi 93391"]
["73743/1","PISO EM PEDRA SÃO TOME ASSENTADO SOBRE ARGAMASSA 1:3 (CIMENTO E AREIA) REJUNTADO COM CIMENTO BRANCO","M2","346,96","349,80",null,346.96,349.8,"Sinapi 73743/1"]
["73921/2","PISO EM PEDRA ARDOSIA ASSENTADO SOBRE ARGAMASSA COLANTE REJUNTADO COM CIMENTO COMUM","M2","68,23","69,22",null,68.23,69.22,"Sinapi 73921/2"]
["84183","PISO EM PEDRA PORTUGUESA ASSENTADO SOBRE BASE DE AREIA, REJUNTADO COM CIMENTO COMUM","M2","237,83","241,45",null,237.83,241.45,"Sinapi 84183"]
["98670","PISO EM LADRILHO HIDRÁULICO APLICADO EM AMBIENTES INTERNOS, INCLUSO APLICAÇÃO DE RESINA. AF_06/2018","M2","123,76","130,44",null,123.76,130.44,"Sinapi 98670"]
["98671","PISO EM GRANITO APLICADO EM AMBIENTES INTERNOS. AF_06/2018","M2","328,89","331,90",null,328.89,331.9,"Sinapi 98671"]
["98672","PISO EM MÁRMORE APLICADO EM AMBIENTES INTERNOS. AF_06/2018","M2","282,96","285,97",null,282.95999999999998,285.97000000000003,"Sinapi 98672"]
["98673","PISO VINÍLICO SEMI-FLEXÍVEL EM PLACAS, PADRÃO LISO, ESPESSURA 3,2 MM, FIXADO COM COLA. AF_06/2018","M2","136,37","137,18",null,136.37,137.18,"Sinapi 98673"]
["98679","PISO CIMENTADO, TRAÇO 1:3 (CIMENTO E AREIA), ACABAMENTO LISO, ESPESSURA 2,0 CM, PREPARO MECÂNICO DA ARGAMASSA. AF_06/2018","M2","25,09","26,41",null,25.09,26.41,"Sinapi 98679"]
["98680","PISO CIMENTADO, TRAÇO 1:3 (CIMENTO E AREIA), ACABAMENTO LISO, ESPESSURA 3,0 CM, PREPARO MECÂNICO DA ARGAMASSA. AF_06/2018","M2","31,44","32,94",null,31.44,32.94,"Sinapi 98680"]
["98681","PISO CIMENTADO, TRAÇO 1:3 (CIMENTO E AREIA), ACABAMENTO RÚSTICO, ESPESSURA 2,0 CM, PREPARO MECÂNICO DA ARGAMASSA. AF_06/2018","M2","23,33","24,47",null,{"$f":"IF(D5384=\"\",\"\",D5384+0)","v":23.33},{"$f":"IF(E5384=\"\",\"\",E5384+0)","v":24.47},{"$f":"IF(OR(G5384=\"\",H5384=\"\"),\"\",CONCATENATE(\"Sinapi \",A5384))","v":"Sinapi 98681"}]
["98682","PISO CIMENTADO, TRAÇO 1:3 (CIMENTO E AREIA), ACABAMENTO RÚSTICO, ESPESSURA 3,0 CM, PREPARO MECÂNICO DA ARGAMASSA. AF_06/2018","M2","29,67","31,00",null,29.67,31,"Sinapi 98682"]
["98685","RODAPÉ EM GRANITO, ALTURA 10 CM. AF_06/2018","M","59,73","60,49",null,59.73,60.49,"Sinapi 98685"]
["98686","RODAPÉ EM LADRILHO HIDRÁULICO, ALTURA 7 CM. AF_06/2018","M","30,14","32,63",null,30.14,32.630000000000003,"Sinapi 98686"]
["98688","RODAPÉ EM POLIESTIRENO, ALTURA 5 CM. AF_06/2018","M","37,89","38,21",null,37.89,38.21,"Sinapi 98688"]
["98689","SOLEIRA EM GRANITO, LARGURA 15 CM, ESPESSURA 2,0 CM. AF_06/2018","M","84,51","85,89",null,84.51,85.89,"Sinapi 98689"]
["72187","PISO DE BORRACHA FRISADO, ESPESSURA 7MM, ASSENTADO COM ARGAMASSA TRACO 1:3 (CIMENTO E AREIA)","M2","176,47","178,31",null,176.47,178.31,"Sinapi 72187"]
["72188","PISO DE BORRACHA PASTILHADO, ESPESSURA 7MM, ASSENTADO COM ARGAMASSA TRACO 1:3 (CIMENTO E AREIA)","M2","176,47","178,31",null,176.47,178.31,"Sinapi 72188"]
["73876/1","PISO DE BORRACHA PASTILHADO, ESPESSURA 7MM, FIXADO COM COLA","M2","162,85","163,50",null,162.85,163.5,"Sinapi 73876/1"]
["84186","PISO DE BORRACHA CANELADA, ESPESSURA 3,5MM, FIXADO COM COLA","M2","72,00","72,65",null,72,72.650000000000006,"Sinapi 84186"]
["84187","ASSENTAMENTO DE PISO DE BORRACHA PASTILHADA FIXADO COM COLA","M2","15,98","16,63",null,15.98,16.63,"Sinapi 84187"]
["72815","APLICACAO DE TINTA A BASE DE EPOXI SOBRE PISO","M2","48,83","50,73",null,48.83,50.73,"Sinapi 72815"]
["84191","PISO EM GRANILITE, MARMORITE OU GRANITINA ESPESSURA 8 MM, INCLUSO JUNTAS DE DILATACAO PLASTICAS","M2","89,90","92,06",null,89.9,92.06,"Sinapi 84191"]
["74111/1","SOLEIRA / TABEIRA EM MARMORE BRANCO COMUM, POLIDO, LARGURA 5 CM, ESPESSURA 2 CM, ASSENTADA COM ARGAMASSA COLANTE","M","24,97","25,46",null,24.97,25.46,"Sinapi 74111/1"]
["98695","SOLEIRA EM MÁRMORE, LARGURA 15 CM, ESPESSURA 2,0 CM. AF_06/2018","M","52,20","53,58",null,52.2,53.58,"Sinapi 98695"]
["98697","RODAPÉ EM MÁRMORE, ALTURA 7 CM. AF_06/2018","M","34,18","34,94",null,34.18,34.94,"Sinapi 98697"]
["73886/1","RODAPE EM MADEIRA, ALTURA 7CM, FIXADO EM PECAS DE MADEIRA","M","16,65","17,22",null,16.649999999999999,17.22,"Sinapi 73886/1"]
["84162","RODAPE EM MADEIRA, ALTURA 7CM, FIXADO COM COLA","M","16,92","17,56",null,16.920000000000002,17.559999999999999,"Sinapi 84162"]
["88648","RODAPÉ CERÂMICO DE 7CM DE ALTURA COM PLACAS TIPO ESMALTADA EXTRA  DE DIMENSÕES 35X35CM. AF_06/2014","M","4,42","4,63",null,4.42,4.63,"Sinapi 88648"]
["88649","RODAPÉ CERÂMICO DE 7CM DE ALTURA COM PLACAS TIPO ESMALTADA EXTRA DE DIMENSÕES 45X45CM. AF_06/2014","M","4,96","5,18",null,4.96,5.18,"Sinapi 88649"]
["88650","RODAPÉ CERÂMICO DE 7CM DE ALTURA COM PLACAS TIPO ESMALTADA EXTRA DE DIMENSÕES 60X60CM. AF_06/2014","M","9,16","9,40",null,9.16,9.4,"Sinapi 88650"]
["96467","RODAPÉ CERÂMICO DE 7CM DE ALTURA COM PLACAS TIPO ESMALTADA COMERCIAL DE DIMENSÕES 35X35CM (PADRAO POPULAR). AF_06/2017","M","4,06","4,27",null,4.0599999999999996,4.2699999999999996,"Sinapi 96467"]
["73850/1","RODAPE EM MARMORITE, ALTURA 10CM","M","23,70","25,85",null,23.7,25.85,"Sinapi 73850/1"]
["84168","RODAPE EM ARDOSIA ASSENTADO COM ARGAMASSA TRACO 1:4 (CIMENTO E AREIA) ALTURA 10CM","M","29,37","30,08",null,29.37,30.08,"Sinapi 84168"]
["68325","PISO EM CONCRETO 20 MPA PREPARO MECANICO, ESPESSURA 7CM, INCLUSO SELANTE ELASTICO A BASE DE POLIURETANO","M2","43,70","46,01",null,43.7,46.01,"Sinapi 68325"]
["68333","PISO EM CONCRETO 20 MPA PREPARO MECANICO, ESPESSURA 7CM, INCLUSO JUNTAS DE DILATACAO EM MADEIRA","M2","46,95","49,41",null,46.95,49.41,"Sinapi 68333"]
["72183","PISO EM CONCRETO 20MPA PREPARO MECANICO, ESPESSURA 7 CM, COM ARMACAO EM TELA SOLDADA","M2","76,54","80,45",null,76.540000000000006,80.45,"Sinapi 72183"]
["94990","EXECUÇÃO DE PASSEIO (CALÇADA) OU PISO DE CONCRETO COM CONCRETO MOLDADO IN LOCO, FEITO EM OBRA, ACABAMENTO CONVENCIONAL, NÃO ARMADO. AF_07/2016","M3","572,29","596,18",null,572.29,596.17999999999995,"Sinapi 94990"]
["94991","EXECUÇÃO DE PASSEIO (CALÇADA) OU PISO DE CONCRETO COM CONCRETO MOLDADO IN LOCO, USINADO, ACABAMENTO CONVENCIONAL, NÃO ARMADO. AF_07/2016","M3","414,76","424,30",null,414.76,424.3,"Sinapi 94991"]
["94992","EXECUÇÃO DE PASSEIO (CALÇADA) OU PISO DE CONCRETO COM CONCRETO MOLDADO IN LOCO, FEITO EM OBRA, ACABAMENTO CONVENCIONAL, ESPESSURA 6 CM, ARMADO. AF_07/2016","M2","58,68","60,49",null,58.68,60.49,"Sinapi 94992"]
["94993","EXECUÇÃO DE PASSEIO (CALÇADA) OU PISO DE CONCRETO COM CONCRETO MOLDADO IN LOCO, USINADO, ACABAMENTO CONVENCIONAL, ESPESSURA 6 CM, ARMADO. AF_07/2016","M2","49,22","50,18",null,49.22,50.18,"Sinapi 94993"]
["94994","EXECUÇÃO DE PASSEIO (CALÇADA) OU PISO DE CONCRETO COM CONCRETO MOLDADO IN LOCO, FEITO EM OBRA, ACABAMENTO CONVENCIONAL, ESPESSURA 8 CM, ARMADO. AF_07/2016","M2","72,14","74,50",null,72.14,74.5,"Sinapi 94994"]
["94995","EXECUÇÃO DE PASSEIO (CALÇADA) OU PISO DE CONCRETO COM CONCRETO MOLDADO IN LOCO, USINADO, ACABAMENTO CONVENCIONAL, ESPESSURA 8 CM, ARMADO. AF_07/2016","M2","59,54","60,74",null,59.54,60.74,"Sinapi 94995"]
["94996","EXECUÇÃO DE PASSEIO (CALÇADA) OU PISO DE CONCRETO COM CONCRETO MOLDADO IN LOCO, FEITO EM OBRA, ACABAMENTO CONVENCIONAL, ESPESSURA 10 CM, ARMADO. AF_07/2016","M2","83,63","86,52",null,83.63,86.52,"Sinapi 94996"]
["94997","EXECUÇÃO DE PASSEIO (CALÇADA) OU PISO DE CONCRETO COM CONCRETO MOLDADO IN LOCO, USINADO, ACABAMENTO CONVENCIONAL, ESPESSURA 10 CM, ARMADO. AF_07/2016","M2","67,88","69,34",null,67.88,69.34,"Sinapi 94997"]
["94998","EXECUÇÃO DE PASSEIO (CALÇADA) OU PISO DE CONCRETO COM CONCRETO MOLDADO IN LOCO, FEITO EM OBRA, ACABAMENTO CONVENCIONAL, ESPESSURA 12 CM, ARMADO. AF_07/2016","M2","94,68","98,12",null,94.68,98.12,"Sinapi 94998"]
["94999","EXECUÇÃO DE PASSEIO (CALÇADA) OU PISO DE CONCRETO COM CONCRETO MOLDADO IN LOCO, USINADO, ACABAMENTO CONVENCIONAL, ESPESSURA 12 CM, ARMADO. AF_07/2016","M2","75,78","77,50",null,75.78,77.5,"Sinapi 94999"]
["87620","CONTRAPISO EM ARGAMASSA TRAÇO 1:4 (CIMENTO E AREIA), PREPARO MECÂNICO COM BETONEIRA 400 L, APLICADO EM ÁREAS SECAS SOBRE LAJE, ADERIDO, ESPESSURA 2CM. AF_06/2014","M2","25,74","26,88",null,25.74,26.88,"Sinapi 87620"]
["87622","CONTRAPISO EM ARGAMASSA TRAÇO 1:4 (CIMENTO E AREIA), PREPARO MANUAL, APLICADO EM ÁREAS SECAS SOBRE LAJE, ADERIDO, ESPESSURA 2CM. AF_06/2014","M2","28,45","29,85",null,28.45,29.85,"Sinapi 87622"]
["87623","CONTRAPISO EM ARGAMASSA PRONTA, PREPARO MECÂNICO COM MISTURADOR 300 KG, APLICADO EM ÁREAS SECAS SOBRE LAJE, ADERIDO, ESPESSURA 2CM. AF_06/2014","M2","44,74","45,83",null,44.74,45.83,"Sinapi 87623"]
["87624","CONTRAPISO EM ARGAMASSA PRONTA, PREPARO MANUAL, APLICADO EM ÁREAS SECAS SOBRE LAJE, ADERIDO, ESPESSURA 2CM. AF_06/2014","M2","49,46","50,98",null,49.46,50.98,"Sinapi 87624"]
["87630","CONTRAPISO EM ARGAMASSA TRAÇO 1:4 (CIMENTO E AREIA), PREPARO MECÂNICO COM BETONEIRA 400 L, APLICADO EM ÁREAS SECAS SOBRE LAJE, ADERIDO, ESPESSURA 3CM. AF_06/2014","M2","31,81","33,17",null,31.81,33.17,"Sinapi 87630"]
["87632","CONTRAPISO EM ARGAMASSA TRAÇO 1:4 (CIMENTO E AREIA), PREPARO MANUAL, APLICADO EM ÁREAS SECAS SOBRE LAJE, ADERIDO, ESPESSURA 3CM. AF_06/2014","M2","35,57","37,30",null,35.57,37.299999999999997,"Sinapi 87632"]
["87633","CONTRAPISO EM ARGAMASSA PRONTA, PREPARO MECÂNICO COM MISTURADOR 300 KG, APLICADO EM ÁREAS SECAS SOBRE LAJE, ADERIDO, ESPESSURA 3CM. AF_06/2014","M2","58,22","59,51",null,58.22,59.51,"Sinapi 87633"]
["87634","CONTRAPISO EM ARGAMASSA PRONTA, PREPARO MANUAL, APLICADO EM ÁREAS SECAS SOBRE LAJE, ADERIDO, ESPESSURA 3CM. AF_06/2014","M2","64,78","66,67",null,64.78,66.67,"Sinapi 87634"]
["87640","CONTRAPISO EM ARGAMASSA TRAÇO 1:4 (CIMENTO E AREIA), PREPARO MECÂNICO COM BETONEIRA 400 L, APLICADO EM ÁREAS SECAS SOBRE LAJE, ADERIDO, ESPESSURA 4CM. AF_06/2014","M2","36,70","38,23",null,36.700000000000003,38.229999999999997,"Sinapi 87640"]
["87642","CONTRAPISO EM ARGAMASSA TRAÇO 1:4 (CIMENTO E AREIA), PREPARO MANUAL, APLICADO EM ÁREAS SECAS SOBRE LAJE, ADERIDO, ESPESSURA 4CM. AF_06/2014","M2","41,33","43,31",null,41.33,43.31,"Sinapi 87642"]
["87643","CONTRAPISO EM ARGAMASSA PRONTA, PREPARO MECÂNICO COM MISTURADOR 300 KG, APLICADO EM ÁREAS SECAS SOBRE LAJE, ADERIDO, ESPESSURA 4CM. AF_06/2014","M2","69,17","70,63",null,69.17,70.63,"Sinapi 87643"]
["87644","CONTRAPISO EM ARGAMASSA PRONTA, PREPARO MANUAL, APLICADO EM ÁREAS SECAS SOBRE LAJE, ADERIDO, ESPESSURA 4CM. AF_06/2014","M2","77,24","79,43",null,77.239999999999995,79.430000000000007,"Sinapi 87644"]
["87680","CONTRAPISO EM ARGAMASSA TRAÇO 1:4 (CIMENTO E AREIA), PREPARO MECÂNICO COM BETONEIRA 400 L, APLICADO EM ÁREAS SECAS SOBRE LAJE, NÃO ADERIDO, ESPESSURA 4CM. AF_06/2014","M2","29,77","31,08",null,29.77,31.08,"Sinapi 87680"]
["87682","CONTRAPISO EM ARGAMASSA TRAÇO 1:4 (CIMENTO E AREIA), PREPARO MANUAL, APLICADO EM ÁREAS SECAS SOBRE LAJE, NÃO ADERIDO, ESPESSURA 4CM. AF_06/2014","M2","34,40","36,16",null,34.4,36.159999999999997,"Sinapi 87682"]
["87683","CONTRAPISO EM ARGAMASSA PRONTA, PREPARO MECÂNICO COM MISTURADOR 300 KG, APLICADO EM ÁREAS SECAS SOBRE LAJE, NÃO ADERIDO, ESPESSURA 4CM. AF_06/2014","M2","62,24","63,48",null,62.24,63.48,"Sinapi 87683"]
["87684","CONTRAPISO EM ARGAMASSA PRONTA, PREPARO MANUAL, APLICADO EM ÁREAS SECAS SOBRE LAJE, NÃO ADERIDO, ESPESSURA 4CM. AF_06/2014","M2","70,31","72,28",null,70.31,72.28,"Sinapi 87684"]
["87690","CONTRAPISO EM ARGAMASSA TRAÇO 1:4 (CIMENTO E AREIA), PREPARO MECÂNICO COM BETONEIRA 400 L, APLICADO EM ÁREAS SECAS SOBRE LAJE, NÃO ADERIDO, ESPESSURA 5CM. AF_06/2014","M2","34,59","36,15",null,34.590000000000003,36.15,"Sinapi 87690"]
["87692","CONTRAPISO EM ARGAMASSA TRAÇO 1:4 (CIMENTO E AREIA), PREPARO MANUAL, APLICADO EM ÁREAS SECAS SOBRE LAJE, NÃO ADERIDO, ESPESSURA 5CM. AF_06/2014","M2","39,88","41,97",null,39.880000000000003,41.97,"Sinapi 87692"]
["87693","CONTRAPISO EM ARGAMASSA PRONTA, PREPARO MECÂNICO COM MISTURADOR 300 KG, APLICADO EM ÁREAS SECAS SOBRE LAJE, NÃO ADERIDO, ESPESSURA 5CM. AF_06/2014","M2","71,78","73,26",null,71.78,73.260000000000005,"Sinapi 87693"]
["87694","CONTRAPISO EM ARGAMASSA PRONTA, PREPARO MANUAL, APLICADO EM ÁREAS SECAS SOBRE LAJE, NÃO ADERIDO, ESPESSURA 5CM. AF_06/2014","M2","81,02","83,33",null,81.02,83.33,"Sinapi 87694"]
["87700","CONTRAPISO EM ARGAMASSA TRAÇO 1:4 (CIMENTO E AREIA), PREPARO MECÂNICO COM BETONEIRA 400 L, APLICADO EM ÁREAS SECAS SOBRE LAJE, NÃO ADERIDO, ESPESSURA 6CM. AF_06/2014","M2","37,36","39,02",null,37.36,39.020000000000003,"Sinapi 87700"]
["87702","CONTRAPISO EM ARGAMASSA TRAÇO 1:4 (CIMENTO E AREIA), PREPARO MANUAL, APLICADO EM ÁREAS SECAS SOBRE LAJE, NÃO ADERIDO, ESPESSURA 6CM. AF_06/2014","M2","43,13","45,35",null,43.13,45.35,"Sinapi 87702"]
["87703","CONTRAPISO EM ARGAMASSA PRONTA, PREPARO MECÂNICO COM MISTURADOR 300 KG, APLICADO EM ÁREAS SECAS SOBRE LAJE, NÃO ADERIDO, ESPESSURA 6CM. AF_06/2014","M2","77,86","79,43",null,77.86,79.430000000000007,"Sinapi 87703"]
["87704","CONTRAPISO EM ARGAMASSA PRONTA, PREPARO MANUAL, APLICADO EM ÁREAS SECAS SOBRE LAJE, NÃO ADERIDO, ESPESSURA 6CM. AF_06/2014","M2","87,93","90,40",null,87.93,90.4,"Sinapi 87704"]
["87735","CONTRAPISO EM ARGAMASSA TRAÇO 1:4 (CIMENTO E AREIA), PREPARO MECÂNICO COM BETONEIRA 400 L, APLICADO EM ÁREAS MOLHADAS SOBRE LAJE, ADERIDO, ESPESSURA 2CM. AF_06/2014","M2","34,07","36,13",null,34.07,36.130000000000003,"Sinapi 87735"]
["87737","CONTRAPISO EM ARGAMASSA TRAÇO 1:4 (CIMENTO E AREIA), PREPARO MANUAL, APLICADO EM ÁREAS MOLHADAS SOBRE LAJE, ADERIDO, ESPESSURA 2CM. AF_06/2014","M2","36,78","39,10",null,36.78,39.1,"Sinapi 87737"]
["87738","CONTRAPISO EM ARGAMASSA PRONTA, PREPARO MECÂNICO COM MISTURADOR 300 KG, APLICADO EM ÁREAS MOLHADAS SOBRE LAJE, ADERIDO, ESPESSURA 2CM. AF_06/2014","M2","53,07","55,08",null,53.07,55.08,"Sinapi 87738"]
["87739","CONTRAPISO EM ARGAMASSA PRONTA, PREPARO MANUAL, APLICADO EM ÁREAS MOLHADAS SOBRE LAJE, ADERIDO, ESPESSURA 2CM. AF_06/2014","M2","57,79","60,23",null,{"$f":"IF(D5448=\"\",\"\",D5448+0)","v":57.79},{"$f":"IF(E5448=\"\",\"\",E5448+0)","v":60.23},{"$f":"IF(OR(G5448=\"\",H5448=\"\"),\"\",CONCATENATE(\"Sinapi \",A5448))","v":"Sinapi 87739"}]
["87745","CONTRAPISO EM ARGAMASSA TRAÇO 1:4 (CIMENTO E AREIA), PREPARO MECÂNICO COM BETONEIRA 400 L, APLICADO EM ÁREAS MOLHADAS SOBRE LAJE, ADERIDO, ESPESSURA 3CM. AF_06/2014","M2","40,14","42,42",null,40.14,42.42,"Sinapi 87745"]
["87747","CONTRAPISO EM ARGAMASSA TRAÇO 1:4 (CIMENTO E AREIA), PREPARO MANUAL, APLICADO EM ÁREAS MOLHADAS SOBRE LAJE, ADERIDO, ESPESSURA 3CM. AF_06/2014","M2","43,90","46,55",null,43.9,46.55,"Sinapi 87747"]
["87748","CONTRAPISO EM ARGAMASSA PRONTA, PREPARO MECÂNICO COM MISTURADOR 300 KG, APLICADO EM ÁREAS MOLHADAS SOBRE LAJE, ADERIDO, ESPESSURA 3CM. AF_06/2014","M2","66,55","68,76",null,66.55,68.760000000000005,"Sinapi 87748"]
["87749","CONTRAPISO EM ARGAMASSA PRONTA, PREPARO MANUAL, APLICADO EM ÁREAS MOLHADAS SOBRE LAJE, ADERIDO, ESPESSURA 3CM. AF_06/2014","M2","73,11","75,92",null,73.11,75.92,"Sinapi 87749"]
["87755","CONTRAPISO EM ARGAMASSA TRAÇO 1:4 (CIMENTO E AREIA), PREPARO MECÂNICO COM BETONEIRA 400 L, APLICADO EM ÁREAS MOLHADAS SOBRE IMPERMEABILIZAÇÃO, ESPESSURA 3CM. AF_06/2014","M2","36,20","38,56",null,36.200000000000003,38.56,"Sinapi 87755"]
["87757","CONTRAPISO EM ARGAMASSA TRAÇO 1:4 (CIMENTO E AREIA), PREPARO MANUAL, APLICADO EM ÁREAS MOLHADAS SOBRE IMPERMEABILIZAÇÃO, ESPESSURA 3CM. AF_06/2014","M2","39,96","42,69",null,39.96,42.69,"Sinapi 87757"]
["87758","CONTRAPISO EM ARGAMASSA PRONTA, PREPARO MECÂNICO COM MISTURADOR 300 KG, APLICADO EM ÁREAS MOLHADAS SOBRE IMPERMEABILIZAÇÃO, ESPESSURA 3CM. AF_06/2014","M2","62,61","64,90",null,62.61,64.900000000000006,"Sinapi 87758"]
["87759","CONTRAPISO EM ARGAMASSA PRONTA, PREPARO MANUAL, APLICADO EM ÁREAS MOLHADAS SOBRE IMPERMEABILIZAÇÃO, ESPESSURA 3CM. AF_06/2014","M2","69,17","72,06",null,69.17,72.06,"Sinapi 87759"]
["87765","CONTRAPISO EM ARGAMASSA TRAÇO 1:4 (CIMENTO E AREIA), PREPARO MECÂNICO COM BETONEIRA 400 L, APLICADO EM ÁREAS MOLHADAS SOBRE IMPERMEABILIZAÇÃO, ESPESSURA 4CM. AF_06/2014","M2","41,09","43,62",null,41.09,43.62,"Sinapi 87765"]
["87767","CONTRAPISO EM ARGAMASSA TRAÇO 1:4 (CIMENTO E AREIA), PREPARO MANUAL, APLICADO EM ÁREAS MOLHADAS SOBRE IMPERMEABILIZAÇÃO, ESPESSURA 4CM. AF_06/2014","M2","45,72","48,70",null,45.72,48.7,"Sinapi 87767"]
["87768","CONTRAPISO EM ARGAMASSA PRONTA, PREPARO MECÂNICO COM MISTURADOR 300 KG, APLICADO EM ÁREAS MOLHADAS SOBRE IMPERMEABILIZAÇÃO, ESPESSURA 4CM. AF_06/2014","M2","73,56","76,02",null,73.56,76.02,"Sinapi 87768"]
["87769","CONTRAPISO EM ARGAMASSA PRONTA, PREPARO MANUAL, APLICADO EM ÁREAS MOLHADAS SOBRE IMPERMEABILIZAÇÃO, ESPESSURA 4CM. AF_06/2014","M2","81,63","84,82",null,81.63,84.82,"Sinapi 87769"]
["88470","CONTRAPISO AUTONIVELANTE, APLICADO SOBRE LAJE, NÃO ADERIDO, ESPESSURA 3CM. AF_06/2014","M2","18,59","19,01",null,18.59,19.010000000000002,"Sinapi 88470"]
["88471","CONTRAPISO AUTONIVELANTE, APLICADO SOBRE LAJE, NÃO ADERIDO, ESPESSURA 4CM. AF_06/2014","M2","23,00","23,54",null,23,23.54,"Sinapi 88471"]
["88472","CONTRAPISO AUTONIVELANTE, APLICADO SOBRE LAJE, NÃO ADERIDO, ESPESSURA 5CM. AF_06/2014","M2","26,45","27,08",null,26.45,27.08,"Sinapi 88472"]
["88476","CONTRAPISO AUTONIVELANTE, APLICADO SOBRE LAJE, ADERIDO, ESPESSURA 2CM. AF_06/2014","M2","15,64","15,96",null,15.64,15.96,"Sinapi 88476"]
["88477","CONTRAPISO AUTONIVELANTE, APLICADO SOBRE LAJE, ADERIDO, ESPESSURA 3CM. AF_06/2014","M2","21,32","21,81",null,21.32,21.81,"Sinapi 88477"]
["88478","CONTRAPISO AUTONIVELANTE, APLICADO SOBRE LAJE, ADERIDO, ESPESSURA 4CM. AF_06/2014","M2","25,94","26,56",null,25.94,26.56,"Sinapi 88478"]
["90900","CONTRAPISO ACÚSTICO EM ARGAMASSA TRAÇO 1:4 (CIMENTO E AREIA), PREPARO MECÂNICO COM BETONEIRA 400L, APLICADO EM ÁREAS SECAS MENORES QUE 15M2, ESPESSURA 5CM. AF_10/2014","M2","56,31","58,71",null,56.31,58.71,"Sinapi 90900"]
["90902","CONTRAPISO ACÚSTICO EM ARGAMASSA TRAÇO 1:4 (CIMENTO E AREIA), PREPARO MANUAL, APLICADO EM ÁREAS SECAS MENORES QUE 15M2, ESPESSURA 5CM. AF_10/2014","M2","61,60","64,53",null,61.6,64.53,"Sinapi 90902"]
["90903","CONTRAPISO ACÚSTICO EM ARGAMASSA PRONTA, PREPARO MECÂNICO COM MISTURADOR 300 KG, APLICADO EM ÁREAS SECAS MENORES QUE 15M2, ESPESSURA 5CM. AF_10/2014","M2","93,50","95,82",null,93.5,95.82,"Sinapi 90903"]
["90904","CONTRAPISO ACÚSTICO EM ARGAMASSA PRONTA, PREPARO MANUAL, APLICADO EM ÁREAS SECAS MENORES QUE 15M2, ESPESSURA 5CM. AF_10/2014","M2","102,74","105,89",null,102.74,105.89,"Sinapi 90904"]
["90910","CONTRAPISO ACÚSTICO EM ARGAMASSA TRAÇO 1:4 (CIMENTO E AREIA), PREPARO MECÂNICO COM BETONEIRA 400L, APLICADO EM ÁREAS SECAS MENORES QUE 15M2, ESPESSURA 6CM. AF_10/2014","M2","59,82","62,42",null,59.82,62.42,"Sinapi 90910"]
["90912","CONTRAPISO ACÚSTICO EM ARGAMASSA TRAÇO 1:4 (CIMENTO E AREIA), PREPARO MANUAL, APLICADO EM ÁREAS SECAS MENORES QUE 15M2, ESPESSURA 6CM. AF_10/2014","M2","65,59","68,75",null,65.59,68.75,"Sinapi 90912"]
["90913","CONTRAPISO ACÚSTICO EM ARGAMASSA PRONTA, PREPARO MECÂNICO COM MISTURADOR 300 KG, APLICADO EM ÁREAS SECAS MENORES QUE 15M2, ESPESSURA 6CM. AF_10/2014","M2","100,32","102,83",null,100.32,102.83,"Sinapi 90913"]
["90914","CONTRAPISO ACÚSTICO EM ARGAMASSA PRONTA, PREPARO MANUAL, APLICADO EM ÁREAS SECAS MENORES QUE 15M2, ESPESSURA 6CM. AF_10/2014","M2","110,39","113,80",null,110.39,113.8,"Sinapi 90914"]
["90920","CONTRAPISO ACÚSTICO EM ARGAMASSA TRAÇO 1:4 (CIMENTO E AREIA), PREPARO MECÂNICO COM BETONEIRA 400L, APLICADO EM ÁREAS SECAS MENORES QUE 15M2, ESPESSURA 7CM. AF_10/2014","M2","66,33","69,26",null,66.33,69.260000000000005,"Sinapi 90920"]
["90922","CONTRAPISO ACÚSTICO EM ARGAMASSA TRAÇO 1:4 (CIMENTO E AREIA), PREPARO MANUAL, APLICADO EM ÁREAS SECAS MENORES QUE 15M2, ESPESSURA 7CM. AF_10/2014","M2","72,96","76,55",null,72.959999999999994,76.55,"Sinapi 90922"]
["90923","CONTRAPISO ACÚSTICO EM ARGAMASSA PRONTA, PREPARO MECÂNICO COM MISTURADOR 300 KG, APLICADO EM ÁREAS SECAS MENORES QUE 15M2, ESPESSURA 7CM. AF_10/2014","M2","112,89","115,72",null,112.89,115.72,"Sinapi 90923"]
["90924","CONTRAPISO ACÚSTICO EM ARGAMASSA PRONTA, PREPARO MANUAL, APLICADO EM ÁREAS SECAS MENORES QUE 15M2, ESPESSURA 7CM. AF_10/2014","M2","124,47","128,34",null,124.47,128.34,"Sinapi 90924"]
["90930","CONTRAPISO ACÚSTICO EM ARGAMASSA TRAÇO 1:4 (CIMENTO E AREIA), PREPARO MECÂNICO COM BETONEIRA 400L, APLICADO EM ÁREAS SECAS MAIORES QUE 15M2, ESPESSURA 5CM. AF_10/2014","M2","51,07","52,94",null,51.07,52.94,"Sinapi 90930"]
["90932","CONTRAPISO ACÚSTICO EM ARGAMASSA TRAÇO 1:4 (CIMENTO E AREIA), PREPARO MANUAL, APLICADO EM ÁREAS SECAS MAIORES QUE 15M2, ESPESSURA 5CM. AF_10/2014","M2","56,36","58,76",null,56.36,58.76,"Sinapi 90932"]
["90933","CONTRAPISO ACÚSTICO EM ARGAMASSA PRONTA, PREPARO MECÂNICO COM MISTURADOR 300 KG, APLICADO EM ÁREAS SECAS MAIORES QUE 15M2, ESPESSURA 5CM. AF_10/2014","M2","88,26","90,05",null,88.26,90.05,"Sinapi 90933"]
["90934","CONTRAPISO ACÚSTICO EM ARGAMASSA PRONTA, PREPARO MANUAL, APLICADO EM ÁREAS SECAS MAIORES QUE 15M2, ESPESSURA 5CM. AF_10/2014","M2","97,50","100,12",null,97.5,100.12,"Sinapi 90934"]
["90940","CONTRAPISO ACÚSTICO EM ARGAMASSA TRAÇO 1:4 (CIMENTO E AREIA), PREPARO MECÂNICO COM BETONEIRA 400L, APLICADO EM ÁREAS SECAS MAIORES QUE 15M2, ESPESSURA 6CM. AF_10/2014","M2","54,62","56,69",null,54.62,56.69,"Sinapi 90940"]
["90942","CONTRAPISO ACÚSTICO EM ARGAMASSA TRAÇO 1:4 (CIMENTO E AREIA), PREPARO MANUAL, APLICADO EM ÁREAS SECAS MAIORES QUE 15M2, ESPESSURA 6CM. AF_10/2014","M2","60,39","63,02",null,60.39,63.02,"Sinapi 90942"]
["90943","CONTRAPISO ACÚSTICO EM ARGAMASSA PRONTA, PREPARO MECÂNICO COM MISTURADOR 300 KG, APLICADO EM ÁREAS SECAS MAIORES QUE 15M2, ESPESSURA 6CM. AF_10/2014","M2","95,12","97,10",null,95.12,97.1,"Sinapi 90943"]
["90944","CONTRAPISO ACÚSTICO EM ARGAMASSA PRONTA, PREPARO MANUAL, APLICADO EM ÁREAS SECAS MAIORES QUE 15M2, ESPESSURA 6CM. AF_10/2014","M2","105,19","108,07",null,105.19,108.07,"Sinapi 90944"]
["90950","CONTRAPISO ACÚSTICO EM ARGAMASSA TRAÇO 1:4 (CIMENTO E AREIA), PREPARO MECÂNICO COM BETONEIRA 400L, APLICADO EM ÁREAS SECAS MAIORES QUE 15M2, ESPESSURA 7CM. AF_10/2014","M2","61,09","63,50",null,61.09,63.5,"Sinapi 90950"]
["90952","CONTRAPISO ACÚSTICO EM ARGAMASSA TRAÇO 1:4 (CIMENTO E AREIA), PREPARO MANUAL, APLICADO EM ÁREAS SECAS MAIORES QUE 15M2, ESPESSURA 7CM. AF_10/2014","M2","67,72","70,79",null,67.72,70.790000000000006,"Sinapi 90952"]
["90953","CONTRAPISO ACÚSTICO EM ARGAMASSA PRONTA, PREPARO MECÂNICO COM MISTURADOR 300 KG, APLICADO EM ÁREAS SECAS MAIORES QUE 15M2, ESPESSURA 7CM. AF_10/2014","M2","107,65","109,96",null,107.65,109.96,"Sinapi 90953"]
["90954","CONTRAPISO ACÚSTICO EM ARGAMASSA PRONTA, PREPARO MANUAL, APLICADO EM ÁREAS SECAS MAIORES QUE 15M2, ESPESSURA 7CM. AF_10/2014","M2","119,23","122,58",null,119.23,122.58,"Sinapi 90954"]
["94438","(COMPOSIÇÃO REPRESENTATIVA) DO SERVIÇO DE CONTRAPISO EM ARGAMASSA TRAÇO 1:4 (CIM E AREIA), EM BETONEIRA 400 L, ESPESSURA 3 CM ÁREAS SECAS E 3 CM ÁREAS MOLHADAS, PARA EDIFICAÇÃO HABITACIONAL UNIFAMILIAR (CASA) E EDIFICAÇÃO PÚBLICA PADRÃO. AF_11/2014","M2","34,17","35,87",null,34.17,35.869999999999997,"Sinapi 94438"]
["94439","(COMPOSIÇÃO REPRESENTATIVA) DO SERVIÇO DE CONTRAPISO EM ARGAMASSA TRAÇO 1:4 (CIM E AREIA), EM BETONEIRA 400 L, ESPESSURA 4 CM ÁREAS SECAS E AREAS MOLHADAS SOBRE LAJE E 3 CM ÁREAS MOLHADAS SOBRE IMPERMEABILIZAÇÃO, PARA EDIFICAÇÃO HABITACIONAL UNIFAMILIAR(CASA) E EDIFICAÇÃO PÚBLICA PADRÃO. AF_11/2014","M2","38,08","39,92",null,38.08,39.92,"Sinapi 94439"]
["94779","(COMPOSIÇÃO REPRESENTATIVA) DO SERVIÇO DE CONTRAPISO EM ARGAMASSA TRAÇO 1:4 (CIM E AREIA), EM BETONEIRA 400 L, ESPESSURA 3 CM ÁREAS SECAS E 3 CM ÁREAS MOLHADAS, PARA EDIFICAÇÃO HABITACIONAL MULTIFAMILIAR (PRÉDIO). AF_11/2014","M2","33,23","34,80",null,33.229999999999997,34.799999999999997,"Sinapi 94779"]
["94782","(COMPOSIÇÃO REPRESENTATIVA) DO SERVIÇO DE CONTRAPISO EM ARGAMASSA TRAÇO 1:4 (CIM E AREIA), EM BETONEIRA 400 L, ESPESSURA 4 CM ÁREAS SECAS E AREAS MOLHADAS SOBRE LAJE E 3 CM ÁREAS MOLHADAS SOBRE IMPERMEABILIZAÇÃO, PARA EDIFICAÇÃO HABITACIONAL MULTIFAMILIAR (PRÉDIO). AF_11/2014","M2","37,58","39,29",null,37.58,39.29,"Sinapi 94782"]
["72190","RODAPE BORRACHA LISO, ALTURA = 7CM, ESPESSURA = 2 MM, PARA ARGAMASSA","M","30,56","31,24",null,30.56,31.24,"Sinapi 72190"]
["87871","CHAPISCO APLICADO SOMENTE EM ESTRUTURAS DE CONCRETO EM ALVENARIAS INTERNAS, COM DESEMPENADEIRA DENTADA. ARGAMASSA INDUSTRIALIZADA COM PREPARO MANUAL. AF_06/2014","M2","12,44","12,85",null,12.44,12.85,"Sinapi 87871"]
["87872","CHAPISCO APLICADO SOMENTE EM ESTRUTURAS DE CONCRETO EM ALVENARIAS INTERNAS, COM DESEMPENADEIRA DENTADA.  ARGAMASSA INDUSTRIALIZADA COM PREPARO EM MISTURADOR 300 KG. AF_06/2014","M2","11,86","12,23",null,11.86,12.23,"Sinapi 87872"]
["87873","CHAPISCO APLICADO EM ALVENARIAS E ESTRUTURAS DE CONCRETO INTERNAS, COM ROLO PARA TEXTURA ACRÍLICA.  ARGAMASSA TRAÇO 1:4 E EMULSÃO POLIMÉRICA (ADESIVO) COM PREPARO MANUAL. AF_06/2014","M2","4,55","4,67",null,4.55,4.67,"Sinapi 87873"]
["87874","CHAPISCO APLICADO EM ALVENARIAS E ESTRUTURAS DE CONCRETO INTERNAS, COM ROLO PARA TEXTURA ACRÍLICA.  ARGAMASSA TRAÇO 1:4 E EMULSÃO POLIMÉRICA (ADESIVO) COM PREPARO EM BETONEIRA 400L. AF_06/2014","M2","4,43","4,54",null,4.43,4.54,"Sinapi 87874"]
["87876","CHAPISCO APLICADO EM ALVENARIAS E ESTRUTURAS DE CONCRETO INTERNAS, COM ROLO PARA TEXTURA ACRÍLICA.  ARGAMASSA INDUSTRIALIZADA COM PREPARO MANUAL. AF_06/2014","M2","6,43","6,57",null,6.43,6.57,"Sinapi 87876"]
["87877","CHAPISCO APLICADO EM ALVENARIAS E ESTRUTURAS DE CONCRETO INTERNAS, COM ROLO PARA TEXTURA ACRÍLICA.  ARGAMASSA INDUSTRIALIZADA COM PREPARO EM MISTURADOR 300 KG. AF_06/2014","M2","6,15","6,27",null,6.15,6.27,"Sinapi 87877"]
["87878","CHAPISCO APLICADO EM ALVENARIAS E ESTRUTURAS DE CONCRETO INTERNAS, COM COLHER DE PEDREIRO.  ARGAMASSA TRAÇO 1:3 COM PREPARO MANUAL. AF_06/2014","M2","3,39","3,63",null,3.39,3.63,"Sinapi 87878"]
["87879","CHAPISCO APLICADO EM ALVENARIAS E ESTRUTURAS DE CONCRETO INTERNAS, COM COLHER DE PEDREIRO.  ARGAMASSA TRAÇO 1:3 COM PREPARO EM BETONEIRA 400L. AF_06/2014","M2","2,98","3,18",null,2.98,3.18,"Sinapi 87879"]
["87881","CHAPISCO APLICADO NO TETO, COM ROLO PARA TEXTURA ACRÍLICA. ARGAMASSA TRAÇO 1:4 E EMULSÃO POLIMÉRICA (ADESIVO) COM PREPARO MANUAL. AF_06/2014","M2","4,46","4,58",null,4.46,4.58,"Sinapi 87881"]
["87882","CHAPISCO APLICADO NO TETO, COM ROLO PARA TEXTURA ACRÍLICA. ARGAMASSA TRAÇO 1:4 E EMULSÃO POLIMÉRICA (ADESIVO) COM PREPARO EM BETONEIRA 400L. AF_06/2014","M2","4,34","4,45",null,4.34,4.45,"Sinapi 87882"]
["87884","CHAPISCO APLICADO NO TETO, COM ROLO PARA TEXTURA ACRÍLICA. ARGAMASSA INDUSTRIALIZADA COM PREPARO MANUAL. AF_06/2014","M2","6,34","6,48",null,6.34,6.48,"Sinapi 87884"]
["87885","CHAPISCO APLICADO NO TETO, COM ROLO PARA TEXTURA ACRÍLICA. ARGAMASSA INDUSTRIALIZADA COM PREPARO EM MISTURADOR 300 KG. AF_06/2014","M2","6,06","6,18",null,6.06,6.18,"Sinapi 87885"]
["87886","CHAPISCO APLICADO NO TETO, COM DESEMPENADEIRA DENTADA. ARGAMASSA INDUSTRIALIZADA COM PREPARO MANUAL. AF_06/2014","M2","17,72","18,73",null,17.72,18.73,"Sinapi 87886"]
["87887","CHAPISCO APLICADO NO TETO, COM DESEMPENADEIRA DENTADA. ARGAMASSA INDUSTRIALIZADA COM PREPARO EM MISTURADOR 300 KG. AF_06/2014","M2","17,14","18,11",null,17.14,18.11,"Sinapi 87887"]
["87888","CHAPISCO APLICADO EM ALVENARIA (SEM PRESENÇA DE VÃOS) E ESTRUTURAS DE CONCRETO DE FACHADA, COM ROLO PARA TEXTURA ACRÍLICA.  ARGAMASSA TRAÇO 1:4 E EMULSÃO POLIMÉRICA (ADESIVO) COM PREPARO MANUAL. AF_06/2014","M2","5,66","5,90",null,5.66,5.9,"Sinapi 87888"]
["87889","CHAPISCO APLICADO EM ALVENARIA (SEM PRESENÇA DE VÃOS) E ESTRUTURAS DE CONCRETO DE FACHADA, COM ROLO PARA TEXTURA ACRÍLICA.  ARGAMASSA TRAÇO 1:4 E EMULSÃO POLIMÉRICA (ADESIVO) COM PREPARO EM BETONEIRA 400L. AF_06/2014","M2","5,54","5,77",null,5.54,5.77,"Sinapi 87889"]
["87891","CHAPISCO APLICADO EM ALVENARIA (SEM PRESENÇA DE VÃOS) E ESTRUTURAS DE CONCRETO DE FACHADA, COM ROLO PARA TEXTURA ACRÍLICA.  ARGAMASSA INDUSTRIALIZADA COM PREPARO MANUAL. AF_06/2014","M2","7,54","7,80",null,{"$f":"IF(D5512=\"\",\"\",D5512+0)","v":7.54},{"$f":"IF(E5512=\"\",\"\",E5512+0)","v":7.8},{"$f":"IF(OR(G5512=\"\",H5512=\"\"),\"\",CONCATENATE(\"Sinapi \",A5512))","v":"Sinapi 87891"}]
["87892","CHAPISCO APLICADO EM ALVENARIA (SEM PRESENÇA DE VÃOS) E ESTRUTURAS DE CONCRETO DE FACHADA, COM ROLO PARA TEXTURA ACRÍLICA.  ARGAMASSA INDUSTRIALIZADA COM PREPARO EM MISTURADOR 300 KG. AF_06/2014","M2","7,26","7,50",null,7.26,7.5,"Sinapi 87892"]
["87893","CHAPISCO APLICADO EM ALVENARIA (SEM PRESENÇA DE VÃOS) E ESTRUTURAS DE CONCRETO DE FACHADA, COM COLHER DE PEDREIRO.  ARGAMASSA TRAÇO 1:3 COM PREPARO MANUAL. AF_06/2014","M2","5,31","5,77",null,5.31,5.77,"Sinapi 87893"]
["87894","CHAPISCO APLICADO EM ALVENARIA (SEM PRESENÇA DE VÃOS) E ESTRUTURAS DE CONCRETO DE FACHADA, COM COLHER DE PEDREIRO.  ARGAMASSA TRAÇO 1:3 COM PREPARO EM BETONEIRA 400L. AF_06/2014","M2","4,90","5,32",null,4.9000000000000004,5.32,"Sinapi 87894"]
["87896","CHAPISCO APLICADO EM ALVENARIA (SEM PRESENÇA DE VÃOS) E ESTRUTURAS DE CONCRETO DE FACHADA, COM EQUIPAMENTO DE PROJEÇÃO.  ARGAMASSA TRAÇO 1:3 COM PREPARO MANUAL. AF_06/2014","M2","4,77","5,11",null,4.7699999999999996,5.1100000000000003,"Sinapi 87896"]
["87897","CHAPISCO APLICADO EM ALVENARIA (SEM PRESENÇA DE VÃOS) E ESTRUTURAS DE CONCRETO DE FACHADA, COM EQUIPAMENTO DE PROJEÇÃO.  ARGAMASSA TRAÇO 1:3 COM PREPARO EM BETONEIRA 400 L. AF_06/2014","M2","4,36","4,66",null,4.3600000000000003,4.66,"Sinapi 87897"]
["87899","CHAPISCO APLICADO EM ALVENARIA (COM PRESENÇA DE VÃOS) E ESTRUTURAS DE CONCRETO DE FACHADA, COM ROLO PARA TEXTURA ACRÍLICA.  ARGAMASSA TRAÇO 1:4 E EMULSÃO POLIMÉRICA (ADESIVO) COM PREPARO MANUAL. AF_06/2014","M2","6,64","6,99",null,6.64,6.99,"Sinapi 87899"]
["87900","CHAPISCO APLICADO EM ALVENARIA (COM PRESENÇA DE VÃOS) E ESTRUTURAS DE CONCRETO DE FACHADA, COM ROLO PARA TEXTURA ACRÍLICA.  ARGAMASSA TRAÇO 1:4 E EMULSÃO POLIMÉRICA (ADESIVO) COM PREPARO EM BETONEIRA 400L. AF_06/2014","M2","6,52","6,86",null,6.52,6.86,"Sinapi 87900"]
["87902","CHAPISCO APLICADO EM ALVENARIA (COM PRESENÇA DE VÃOS) E ESTRUTURAS DE CONCRETO DE FACHADA, COM ROLO PARA TEXTURA ACRÍLICA.  ARGAMASSA INDUSTRIALIZADA COM PREPARO MANUAL. AF_06/2014","M2","8,52","8,89",null,8.52,8.89,"Sinapi 87902"]
["87903","CHAPISCO APLICADO EM ALVENARIA (COM PRESENÇA DE VÃOS) E ESTRUTURAS DE CONCRETO DE FACHADA, COM ROLO PARA TEXTURA ACRÍLICA.  ARGAMASSA INDUSTRIALIZADA COM PREPARO EM MISTURADOR 300 KG. AF_06/2014","M2","8,24","8,59",null,8.24,8.59,"Sinapi 87903"]
["87904","CHAPISCO APLICADO EM ALVENARIA (COM PRESENÇA DE VÃOS) E ESTRUTURAS DE CONCRETO DE FACHADA, COM COLHER DE PEDREIRO.  ARGAMASSA TRAÇO 1:3 COM PREPARO MANUAL. AF_06/2014","M2","6,95","7,58",null,6.95,7.58,"Sinapi 87904"]
["87905","CHAPISCO APLICADO EM ALVENARIA (COM PRESENÇA DE VÃOS) E ESTRUTURAS DE CONCRETO DE FACHADA, COM COLHER DE PEDREIRO.  ARGAMASSA TRAÇO 1:3 COM PREPARO EM BETONEIRA 400L. AF_06/2014","M2","6,54","7,13",null,6.54,7.13,"Sinapi 87905"]
["87907","CHAPISCO APLICADO EM ALVENARIA (COM PRESENÇA DE VÃOS) E ESTRUTURAS DE CONCRETO DE FACHADA, COM EQUIPAMENTO DE PROJEÇÃO.  ARGAMASSA TRAÇO 1:3 COM PREPARO MANUAL. AF_06/2014","M2","6,15","6,63",null,6.15,6.63,"Sinapi 87907"]
["87908","CHAPISCO APLICADO EM ALVENARIA (COM PRESENÇA DE VÃOS) E ESTRUTURAS DE CONCRETO DE FACHADA, COM EQUIPAMENTO DE PROJEÇÃO.  ARGAMASSA TRAÇO 1:3 COM PREPARO EM BETONEIRA 400 L. AF_06/2014","M2","5,74","6,18",null,5.74,6.18,"Sinapi 87908"]
["87910","CHAPISCO APLICADO SOMENTE NA ESTRUTURA DE CONCRETO DA FACHADA, COM DESEMPENADEIRA DENTADA. ARGAMASSA INDUSTRIALIZADA COM PREPARO MANUAL. AF_06/2014","M2","17,48","18,44",null,17.48,18.440000000000001,"Sinapi 87910"]
["87911","CHAPISCO APLICADO SOMENTE NA ESTRUTURA DE CONCRETO DA FACHADA, COM DESEMPENADEIRA DENTADA. ARGAMASSA INDUSTRIALIZADA COM PREPARO EM MISTURADOR 300 KG. AF_06/2014","M2","16,90","17,82",null,16.899999999999999,17.82,"Sinapi 87911"]
["5991","BARRA LISA COM ARGAMASSA TRACO 1:4 (CIMENTO E AREIA GROSSA), ESPESSURA 2,0CM, INCLUSO ADITIVO IMPERMEABILIZANTE, PREPARO MECANICO DA ARGAMASSA","M2","41,31","44,97",null,41.31,44.97,"Sinapi 5991"]
["84023","BARRA LISA TRACO 1:3 (CIMENTO E AREIA MEDIA), ESPESSURA 1,5CM, PREPARO MANUAL DA ARGAMASSA","M2","38,89","42,51",null,38.89,42.51,"Sinapi 84023"]
["84024","BARRA LISA TRACO 1:3 (CIMENTO E AREIA MEDIA), ESPESSURA 1,0CM, PREPARO MANUAL DA ARGAMASSA","M2","36,67","40,23",null,36.67,40.229999999999997,"Sinapi 84024"]
["84026","BARRA LISA TRACO 1:4 (CIMENTO E AREIA MEDIA), ESPESSURA 2,0CM, PREPARO MANUAL DA ARGAMASSA","M2","45,72","49,86",null,45.72,49.86,"Sinapi 84026"]
["84027","BARRA LISA TRACO 1:3 (CIMENTO E AREIA MEDIA), ESPESSURA 0,5CM, PREPARO MANUAL DA ARGAMASSA","M2","30,92","34,03",null,30.92,34.03,"Sinapi 84027"]
["84028","BARRA LISA TRACO 1:4 (CIMENTO E AREIA MEDIA), COM CORANTE AMARELO, ESPESSURA 2,0CM, PREPARO MANUAL DA ARGAMASSA","M2","51,02","55,16",null,51.02,55.16,"Sinapi 84028"]
["84072","BARRA LISA TRACO 1:3 (CIMENTO E AREIA MEDIA NAO PENEIRADA), INCLUSO ADITIVO IMPERMEABILIZANTE, ESPESSURA 0,5CM, PREPARO MANUAL DA ARGAMASSA","M2","31,45","34,57",null,31.45,34.57,"Sinapi 84072"]
["87411","APLICAÇÃO MANUAL DE GESSO DESEMPENADO (SEM TALISCAS) EM TETO DE AMBIENTES DE ÁREA MAIOR QUE 10M², ESPESSURA DE 0,5CM. AF_06/2014","M2","12,81","13,59",null,12.81,13.59,"Sinapi 87411"]
["87412","APLICAÇÃO MANUAL DE GESSO DESEMPENADO (SEM TALISCAS) EM TETO DE AMBIENTES DE ÁREA ENTRE 5M² E 10M², ESPESSURA DE 0,5CM. AF_06/2014","M2","18,20","19,58",null,18.2,19.579999999999998,"Sinapi 87412"]
["87413","APLICAÇÃO MANUAL DE GESSO DESEMPENADO (SEM TALISCAS) EM TETO DE AMBIENTES DE ÁREA MENOR QUE 5M², ESPESSURA DE 0,5CM. AF_06/2014","M2","21,27","22,99",null,21.27,22.99,"Sinapi 87413"]
["87414","APLICAÇÃO MANUAL DE GESSO DESEMPENADO (SEM TALISCAS) EM TETO DE AMBIENTES DE ÁREA MAIOR QUE 10M², ESPESSURA DE 1,0CM. AF_06/2014","M2","19,09","20,06",null,19.09,20.059999999999999,"Sinapi 87414"]
["87415","APLICAÇÃO MANUAL DE GESSO DESEMPENADO (SEM TALISCAS) EM TETO DE AMBIENTES DE ÁREA ENTRE 5M² E 10M², ESPESSURA DE 1,0CM. AF_06/2014","M2","24,32","25,88",null,24.32,25.88,"Sinapi 87415"]
["87416","APLICAÇÃO MANUAL DE GESSO DESEMPENADO (SEM TALISCAS) EM TETO DE AMBIENTES DE ÁREA MENOR QUE 5M², ESPESSURA DE 1,0CM. AF_06/2014","M2","27,59","29,52",null,27.59,29.52,"Sinapi 87416"]
["87417","APLICAÇÃO MANUAL DE GESSO DESEMPENADO (SEM TALISCAS) EM PAREDES DE AMBIENTES DE ÁREA MAIOR QUE 10M², ESPESSURA DE 0,5CM. AF_06/2014","M2","13,57","14,43",null,13.57,14.43,"Sinapi 87417"]
["87418","APLICAÇÃO MANUAL DE GESSO DESEMPENADO (SEM TALISCAS) EM PAREDES DE AMBIENTES DE ÁREA ENTRE 5M² E 10M², ESPESSURA DE 0,5CM. AF_06/2014","M2","13,97","14,88",null,13.97,14.88,"Sinapi 87418"]
["87419","APLICAÇÃO MANUAL DE GESSO DESEMPENADO (SEM TALISCAS) EM PAREDES DE AMBIENTES DE ÁREA MENOR QUE 5M², ESPESSURA DE 0,5CM. AF_06/2014","M2","15,14","16,17",null,15.14,16.170000000000002,"Sinapi 87419"]
["87420","APLICAÇÃO MANUAL DE GESSO DESEMPENADO (SEM TALISCAS) EM PAREDES DE AMBIENTES DE ÁREA MAIOR QUE 10M², ESPESSURA DE 1,0CM. AF_06/2014","M2","20,45","21,57",null,20.45,21.57,"Sinapi 87420"]
["87421","APLICAÇÃO MANUAL DE GESSO DESEMPENADO (SEM TALISCAS) EM PAREDES DE AMBIENTES DE ÁREA ENTRE 5M² E 10M², ESPESSURA DE 1,0CM. AF_06/2014","M2","20,85","22,01",null,20.85,22.01,"Sinapi 87421"]
["87422","APLICAÇÃO MANUAL DE GESSO DESEMPENADO (SEM TALISCAS) EM PAREDES DE AMBIENTES DE ÁREA MENOR QUE 5M², ESPESSURA DE 1,0CM. AF_06/2014","M2","22,01","23,31",null,22.01,23.31,"Sinapi 87422"]
["87423","APLICAÇÃO MANUAL DE GESSO SARRAFEADO (COM TALISCAS) EM PAREDES DE AMBIENTES DE ÁREA MAIOR QUE 10M², ESPESSURA DE 1,0CM. AF_06/2014","M2","26,99","28,84",null,26.99,28.84,"Sinapi 87423"]
["87424","APLICAÇÃO MANUAL DE GESSO SARRAFEADO (COM TALISCAS) EM PAREDES DE AMBIENTES DE ÁREA ENTRE 5M² E 10M², ESPESSURA DE 1,0CM. AF_06/2014","M2","27,59","29,52",null,27.59,29.52,"Sinapi 87424"]
["87425","APLICAÇÃO MANUAL DE GESSO SARRAFEADO (COM TALISCAS) EM PAREDES DE AMBIENTES DE ÁREA MENOR QUE 5M², ESPESSURA DE 1,0CM. AF_06/2014","M2","28,56","30,58",null,28.56,30.58,"Sinapi 87425"]
["87426","APLICAÇÃO MANUAL DE GESSO SARRAFEADO (COM TALISCAS) EM PAREDES DE AMBIENTES DE ÁREA MAIOR QUE 10M², ESPESSURA DE 1,5CM. AF_06/2014","M2","31,80","33,82",null,31.8,33.82,"Sinapi 87426"]
["87427","APLICAÇÃO MANUAL DE GESSO SARRAFEADO (COM TALISCAS) EM PAREDES DE AMBIENTES DE ÁREA ENTRE 5M² E 10M², ESPESSURA DE 1,5CM. AF_06/2014","M2","32,40","34,50",null,32.4,34.5,"Sinapi 87427"]
["87428","APLICAÇÃO MANUAL DE GESSO SARRAFEADO (COM TALISCAS) EM PAREDES DE AMBIENTES DE ÁREA MENOR QUE 5M², ESPESSURA DE 1,5CM. AF_06/2014","M2","33,36","35,55",null,33.36,35.549999999999997,"Sinapi 87428"]
["87429","APLICAÇÃO DE GESSO PROJETADO COM EQUIPAMENTO DE PROJEÇÃO EM PAREDES DE AMBIENTES DE ÁREA MAIOR QUE 10M², DESEMPENADO (SEM TALISCAS), ESPESSURA DE 0,5CM. AF_06/2014","M2","15,34","16,30",null,15.34,16.3,"Sinapi 87429"]
["87430","APLICAÇÃO DE GESSO PROJETADO COM EQUIPAMENTO DE PROJEÇÃO EM PAREDES DE AMBIENTES DE ÁREA ENTRE 5M² E 10M², DESEMPENADO (SEM TALISCAS), ESPESSURA DE 0,5CM. AF_06/2014","M2","15,74","16,75",null,15.74,16.75,"Sinapi 87430"]
["87431","APLICAÇÃO DE GESSO PROJETADO COM EQUIPAMENTO DE PROJEÇÃO EM PAREDES DE AMBIENTES DE ÁREA MENOR QUE 5M², DESEMPENADO (SEM TALISCAS), ESPESSURA DE 0,5CM. AF_06/2014","M2","15,94","16,98",null,15.94,16.98,"Sinapi 87431"]
["87432","APLICAÇÃO DE GESSO PROJETADO COM EQUIPAMENTO DE PROJEÇÃO EM PAREDES DE AMBIENTES DE ÁREA MAIOR QUE 10M², DESEMPENADO (SEM TALISCAS), ESPESSURA DE 1,0CM. AF_06/2014","M2","22,22","23,36",null,22.22,23.36,"Sinapi 87432"]
["87433","APLICAÇÃO DE GESSO PROJETADO COM EQUIPAMENTO DE PROJEÇÃO EM PAREDES DE AMBIENTES DE ÁREA ENTRE 5M² E 10M², DESEMPENADO (SEM TALISCAS), ESPESSURA DE 1,0CM. AF_06/2014","M2","23,03","24,26",null,23.03,24.26,"Sinapi 87433"]
["87434","APLICAÇÃO DE GESSO PROJETADO COM EQUIPAMENTO DE PROJEÇÃO EM PAREDES DE AMBIENTES DE ÁREA MENOR QUE 5M², DESEMPENADO (SEM TALISCAS), ESPESSURA DE 1,0CM. AF_06/2014","M2","23,58","24,87",null,23.58,24.87,"Sinapi 87434"]
["87435","APLICAÇÃO DE GESSO PROJETADO COM EQUIPAMENTO DE PROJEÇÃO EM PAREDES DE AMBIENTES DE ÁREA MAIOR QUE 10M², SARRAFEADO (COM TALISCAS), ESPESSURA DE 1,0CM. AF_06/2014","M2","24,74","26,16",null,24.74,26.16,"Sinapi 87435"]
["87436","APLICAÇÃO DE GESSO PROJETADO COM EQUIPAMENTO DE PROJEÇÃO EM PAREDES DE AMBIENTES DE ÁREA ENTRE 5M² E 10M², SARRAFEADO (COM TALISCAS), ESPESSURA DE 1,0CM. AF_06/2014","M2","26,10","27,66",null,26.1,27.66,"Sinapi 87436"]
["87437","APLICAÇÃO DE GESSO PROJETADO COM EQUIPAMENTO DE PROJEÇÃO EM PAREDES DE AMBIENTES DE ÁREA MENOR QUE 5M², SARRAFEADO (COM TALISCAS), ESPESSURA DE 1,0CM. AF_06/2014","M2","27,05","28,73",null,27.05,28.73,"Sinapi 87437"]
["87438","APLICAÇÃO DE GESSO PROJETADO COM EQUIPAMENTO DE PROJEÇÃO EM PAREDES DE AMBIENTES DE ÁREA MAIOR QUE 10M², SARRAFEADO (COM TALISCAS), ESPESSURA DE 1,5CM. AF_06/2014","M2","30,57","32,20",null,30.57,32.200000000000003,"Sinapi 87438"]
["87439","APLICAÇÃO DE GESSO PROJETADO COM EQUIPAMENTO DE PROJEÇÃO EM PAREDES DE AMBIENTES DE ÁREA ENTRE 5M² E 10M², SARRAFEADO (COM TALISCAS), ESPESSURA DE 1,5CM. AF_06/2014","M2","32,28","34,11",null,32.28,34.11,"Sinapi 87439"]
["87440","APLICAÇÃO DE GESSO PROJETADO COM EQUIPAMENTO DE PROJEÇÃO EM PAREDES DE AMBIENTES DE ÁREA MENOR QUE 5M², SARRAFEADO (COM TALISCAS), ESPESSURA DE 1,5CM. AF_06/2014","M2","33,08","35,00",null,33.08,35,"Sinapi 87440"]
["87527","EMBOÇO, PARA RECEBIMENTO DE CERÂMICA, EM ARGAMASSA TRAÇO 1:2:8, PREPARO MECÂNICO COM BETONEIRA 400L, APLICADO MANUALMENTE EM FACES INTERNAS DE PAREDES, PARA AMBIENTE COM ÁREA MENOR QUE 5M2, ESPESSURA DE 20MM, COM EXECUÇÃO DE TALISCAS. AF_06/2014","M2","30,07","31,99",null,30.07,31.99,"Sinapi 87527"]
["87528","EMBOÇO, PARA RECEBIMENTO DE CERÂMICA, EM ARGAMASSA TRAÇO 1:2:8, PREPARO MANUAL, APLICADO MANUALMENTE EM FACES INTERNAS DE PAREDES, PARA AMBIENTE COM ÁREA MENOR QUE 5M2, ESPESSURA DE 20MM, COM EXECUÇÃO DE TALISCAS. AF_06/2014","M2","33,51","35,78",null,33.51,35.78,"Sinapi 87528"]
["87529","MASSA ÚNICA, PARA RECEBIMENTO DE PINTURA, EM ARGAMASSA TRAÇO 1:2:8, PREPARO MECÂNICO COM BETONEIRA 400L, APLICADA MANUALMENTE EM FACES INTERNAS DE PAREDES, ESPESSURA DE 20MM, COM EXECUÇÃO DE TALISCAS. AF_06/2014","M2","27,24","28,85",null,27.24,28.85,"Sinapi 87529"]
["87530","MASSA ÚNICA, PARA RECEBIMENTO DE PINTURA, EM ARGAMASSA TRAÇO 1:2:8, PREPARO MANUAL, APLICADA MANUALMENTE EM FACES INTERNAS DE PAREDES, ESPESSURA DE 20MM, COM EXECUÇÃO DE TALISCAS. AF_06/2014","M2","30,68","32,64",null,30.68,32.64,"Sinapi 87530"]
["87531","EMBOÇO, PARA RECEBIMENTO DE CERÂMICA, EM ARGAMASSA TRAÇO 1:2:8, PREPARO MECÂNICO COM BETONEIRA 400L, APLICADO MANUALMENTE EM FACES INTERNAS DE PAREDES, PARA AMBIENTE COM ÁREA ENTRE 5M2 E 10M2, ESPESSURA DE 20MM, COM EXECUÇÃO DE TALISCAS. AF_06/2014","M2","26,24","27,73",null,26.24,27.73,"Sinapi 87531"]
["87532","EMBOÇO, PARA RECEBIMENTO DE CERÂMICA, EM ARGAMASSA TRAÇO 1:2:8, PREPARO MANUAL, APLICADO MANUALMENTE EM FACES INTERNAS DE PAREDES, PARA AMBIENTE COM ÁREA  ENTRE 5M2 E 10M2, ESPESSURA DE 20MM, COM EXECUÇÃO DE TALISCAS. AF_06/2014","M2","29,68","31,52",null,29.68,31.52,"Sinapi 87532"]
["87535","EMBOÇO, PARA RECEBIMENTO DE CERÂMICA, EM ARGAMASSA TRAÇO 1:2:8, PREPARO MECÂNICO COM BETONEIRA 400L, APLICADO MANUALMENTE EM FACES INTERNAS DE PAREDES, PARA AMBIENTE COM ÁREA  MAIOR QUE 10M2, ESPESSURA DE 20MM, COM EXECUÇÃO DE TALISCAS. AF_06/2014","M2","23,41","24,59",null,23.41,24.59,"Sinapi 87535"]
["87536","EMBOÇO, PARA RECEBIMENTO DE CERÂMICA, EM ARGAMASSA TRAÇO 1:2:8, PREPARO MANUAL, APLICADO MANUALMENTE EM FACES INTERNAS DE PAREDES, PARA AMBIENTE COM ÁREA  MAIOR QUE 10M2, ESPESSURA DE 20MM, COM EXECUÇÃO DE TALISCAS. AF_06/2014","M2","26,85","28,38",null,26.85,28.38,"Sinapi 87536"]
["87537","EMBOÇO, PARA RECEBIMENTO DE CERÂMICA, EM ARGAMASSA INDUSTRIALIZADA, PREPARO MECÂNICO, APLICADO COM EQUIPAMENTO DE MISTURA E PROJEÇÃO DE 1,5 M3/H DE ARGAMASSA EM FACES INTERNAS DE PAREDES, PARA AMBIENTE COM ÁREA  MENOR QUE 5M2, ESPESSURA DE 20MM, COM EXECUÇÃO DE TALISCAS. AF_06/2014","M2","40,39","42,00",null,40.39,42,"Sinapi 87537"]
["87538","MASSA ÚNICA, PARA RECEBIMENTO DE PINTURA, EM ARGAMASSA INDUSTRIALIZADA, PREPARO MECÂNICO, APLICADO COM EQUIPAMENTO DE MISTURA E PROJEÇÃO DE 1,5 M3/H DE ARGAMASSA EM FACES INTERNAS DE PAREDES, ESPESSURA DE 20MM, COM EXECUÇÃO DE TALISCAS. AF_06/2014","M2","37,96","39,29",null,37.96,39.29,"Sinapi 87538"]
["87539","EMBOÇO, PARA RECEBIMENTO DE CERÂMICA, EM ARGAMASSA INDUSTRIALIZADA, PREPARO MECÂNICO, APLICADO COM EQUIPAMENTO DE MISTURA E PROJEÇÃO DE 1,5 M3/H DE ARGAMASSA EM FACES INTERNAS DE PAREDES, PARA AMBIENTE COM ÁREA ENTRE 5M2 E 10M2, ESPESSURA DE 20MM, COM EXECUÇÃO DE TALISCAS. AF_06/2014","M2","37,09","38,32",null,37.090000000000003,38.32,"Sinapi 87539"]
["87541","EMBOÇO, PARA RECEBIMENTO DE CERÂMICA, EM ARGAMASSA INDUSTRIALIZADA, PREPARO MECÂNICO, APLICADO COM EQUIPAMENTO DE MISTURA E PROJEÇÃO DE 1,5 M3/H DE ARGAMASSA EM FACES INTERNAS DE PAREDES, PARA AMBIENTE COM ÁREA MAIOR QUE 10M2, ESPESSURA DE 20MM, COM EXECUÇÃO DE TALISCAS. AF_06/2014","M2","34,65","35,61",null,{"$f":"IF(D5576=\"\",\"\",D5576+0)","v":34.65},{"$f":"IF(E5576=\"\",\"\",E5576+0)","v":35.61},{"$f":"IF(OR(G5576=\"\",H5576=\"\"),\"\",CONCATENATE(\"Sinapi \",A5576))","v":"Sinapi 87541"}]
["87543","MASSA ÚNICA, PARA RECEBIMENTO DE PINTURA OU CERÂMICA, ARGAMASSA INDUSTRIALIZADA, PREPARO MECÂNICO, APLICADO COM EQUIPAMENTO DE MISTURA E PROJEÇÃO DE 1,5 M3/H EM FACES INTERNAS DE PAREDES, ESPESSURA DE 5MM, SEM EXECUÇÃO DE TALISCAS. AF_06/2014","M2","12,96","13,54",null,12.96,13.54,"Sinapi 87543"]
["87545","EMBOÇO, PARA RECEBIMENTO DE CERÂMICA, EM ARGAMASSA TRAÇO 1:2:8, PREPARO MECÂNICO COM BETONEIRA 400L, APLICADO MANUALMENTE EM FACES INTERNAS DE PAREDES, PARA AMBIENTE COM ÁREA MENOR QUE 5M2, ESPESSURA DE 10MM, COM EXECUÇÃO DE TALISCAS. AF_06/2014","M2","20,40","21,87",null,20.399999999999999,21.87,"Sinapi 87545"]
["87546","EMBOÇO, PARA RECEBIMENTO DE CERÂMICA, EM ARGAMASSA TRAÇO 1:2:8, PREPARO MANUAL, APLICADO MANUALMENTE EM FACES INTERNAS DE PAREDES, PARA AMBIENTE COM ÁREA MENOR QUE 5M2, ESPESSURA DE 10MM, COM EXECUÇÃO DE TALISCAS. AF_06/2014","M2","22,35","24,02",null,22.35,24.02,"Sinapi 87546"]
["87547","MASSA ÚNICA, PARA RECEBIMENTO DE PINTURA, EM ARGAMASSA TRAÇO 1:2:8, PREPARO MECÂNICO COM BETONEIRA 400L, APLICADA MANUALMENTE EM FACES INTERNAS DE PAREDES, ESPESSURA DE 10MM, COM EXECUÇÃO DE TALISCAS. AF_06/2014","M2","17,58","18,74",null,17.579999999999998,18.739999999999998,"Sinapi 87547"]
["87548","MASSA ÚNICA, PARA RECEBIMENTO DE PINTURA, EM ARGAMASSA TRAÇO 1:2:8, PREPARO MANUAL, APLICADA MANUALMENTE EM FACES INTERNAS DE PAREDES, ESPESSURA DE 10MM, COM EXECUÇÃO DE TALISCAS. AF_06/2014","M2","19,53","20,89",null,19.53,20.89,"Sinapi 87548"]
["87549","EMBOÇO, PARA RECEBIMENTO DE CERÂMICA, EM ARGAMASSA TRAÇO 1:2:8, PREPARO MECÂNICO COM BETONEIRA 400L, APLICADO MANUALMENTE EM FACES INTERNAS DE PAREDES, PARA AMBIENTE COM ÁREA ENTRE 5M2 E 10M2, ESPESSURA DE 10MM, COM EXECUÇÃO DE TALISCAS. AF_06/2014","M2","16,56","17,61",null,16.559999999999999,17.61,"Sinapi 87549"]
["87550","EMBOÇO, PARA RECEBIMENTO DE CERÂMICA, EM ARGAMASSA TRAÇO 1:2:8, PREPARO MANUAL, APLICADO MANUALMENTE EM FACES INTERNAS DE PAREDES, PARA AMBIENTE COM ÁREA ENTRE 5M2 E 10M2, ESPESSURA DE 10MM, COM EXECUÇÃO DE TALISCAS. AF_06/2014","M2","18,51","19,76",null,18.510000000000002,19.760000000000002,"Sinapi 87550"]
["87553","EMBOÇO, PARA RECEBIMENTO DE CERÂMICA, EM ARGAMASSA TRAÇO 1:2:8, PREPARO MECÂNICO COM BETONEIRA 400L, APLICADO MANUALMENTE EM FACES INTERNAS DE PAREDES, PARA AMBIENTE COM ÁREA MAIOR QUE 10M2, ESPESSURA DE 10MM, COM EXECUÇÃO DE TALISCAS. AF_06/2014","M2","13,73","14,47",null,13.73,14.47,"Sinapi 87553"]
["87554","EMBOÇO, PARA RECEBIMENTO DE CERÂMICA, EM ARGAMASSA TRAÇO 1:2:8, PREPARO MANUAL, APLICADO MANUALMENTE EM FACES INTERNAS DE PAREDES, PARA AMBIENTE COM ÁREA MAIOR QUE 10M2, ESPESSURA DE 10MM, COM EXECUÇÃO DE TALISCAS. AF_06/2014","M2","15,68","16,62",null,15.68,16.62,"Sinapi 87554"]
["87555","EMBOÇO, PARA RECEBIMENTO DE CERÂMICA, EM ARGAMASSA INDUSTRIALIZADA, PREPARO MECÂNICO, APLICADO COM EQUIPAMENTO DE MISTURA E PROJEÇÃO DE 1,5 M3/H DE ARGAMASSA EM FACES INTERNAS DE PAREDES, PARA AMBIENTE COM ÁREA MENOR QUE 5M2, ESPESSURA DE 10MM, COM EXECUÇÃO DE TALISCAS. AF_06/2014","M2","25,39","26,59",null,25.39,26.59,"Sinapi 87555"]
["87556","MASSA ÚNICA, PARA RECEBIMENTO DE PINTURA, EM ARGAMASSA INDUSTRIALIZADA, PREPARO MECÂNICO, APLICADO COM EQUIPAMENTO DE MISTURA E PROJEÇÃO DE 1,5 M3/H DE ARGAMASSA EM FACES INTERNAS DE PAREDES, ESPESSURA DE 10MM, COM EXECUÇÃO DE TALISCAS. AF_06/2014","M2","22,97","23,89",null,22.97,23.89,"Sinapi 87556"]
["87557","EMBOÇO, PARA RECEBIMENTO DE CERÂMICA, EM ARGAMASSA INDUSTRIALIZADA, PREPARO MECÂNICO, APLICADO COM EQUIPAMENTO DE MISTURA E PROJEÇÃO DE 1,5 M3/H DE ARGAMASSA EM FACES INTERNAS DE PAREDES, PARA AMBIENTE COM ÁREA ENTRE 5M2 E 10M2, ESPESSURA DE 10MM, COM EXECUÇÃO DE TALISCAS. AF_06/2014","M2","22,08","22,91",null,22.08,22.91,"Sinapi 87557"]
["87559","EMBOÇO, PARA RECEBIMENTO DE CERÂMICA, EM ARGAMASSA INDUSTRIALIZADA, PREPARO MECÂNICO, APLICADO COM EQUIPAMENTO DE MISTURA E PROJEÇÃO DE 1,5 M3/H DE ARGAMASSA EM FACES INTERNAS DE PAREDES, PARA AMBIENTE COM ÁREA MAIOR QUE 10M2, ESPESSURA DE 10MM, COM EXECUÇÃO DE TALISCAS. AF_06/2014","M2","19,65","20,20",null,19.649999999999999,20.2,"Sinapi 87559"]
["87561","MASSA ÚNICA, PARA RECEBIMENTO DE PINTURA OU CERÂMICA, EM ARGAMASSA INDUSTRIALIZADA, PREPARO MECÂNICO, APLICADO COM EQUIPAMENTO DE MISTURA E PROJEÇÃO DE 1,5 M3/H DE ARGAMASSA EM FACES INTERNAS DE PAREDES, ESPESSURA DE 10MM, SEM EXECUÇÃO DE TALISCAS. AF_06/2014","M2","22,30","23,15",null,22.3,23.15,"Sinapi 87561"]
["87775","EMBOÇO OU MASSA ÚNICA EM ARGAMASSA TRAÇO 1:2:8, PREPARO MECÂNICO COM BETONEIRA 400 L, APLICADA MANUALMENTE EM PANOS DE FACHADA COM PRESENÇA DE VÃOS, ESPESSURA DE 25 MM. AF_06/2014","M2","41,88","45,08",null,41.88,45.08,"Sinapi 87775"]
["87777","EMBOÇO OU MASSA ÚNICA EM ARGAMASSA TRAÇO 1:2:8, PREPARO MANUAL, APLICADA MANUALMENTE EM PANOS DE FACHADA COM PRESENÇA DE VÃOS, ESPESSURA DE 25 MM. AF_06/2014","M2","44,75","48,24",null,44.75,48.24,"Sinapi 87777"]
["87778","EMBOÇO OU MASSA ÚNICA EM ARGAMASSA INDUSTRIALIZADA, PREPARO MECÂNICO E APLICAÇÃO COM EQUIPAMENTO DE MISTURA E PROJEÇÃO DE 1,5 M3/H DE ARGAMASSA EM PANOS DE FACHADA COM PRESENÇA DE VÃOS, ESPESSURA DE 25 MM. AF_06/2014","M2","48,39","51,08",null,48.39,51.08,"Sinapi 87778"]
["87779","EMBOÇO OU MASSA ÚNICA EM ARGAMASSA TRAÇO 1:2:8, PREPARO MECÂNICO COM BETONEIRA 400 L, APLICADA MANUALMENTE EM PANOS DE FACHADA COM PRESENÇA DE VÃOS, ESPESSURA DE 35 MM. AF_06/2014","M2","49,01","52,60",null,49.01,52.6,"Sinapi 87779"]
["87781","EMBOÇO OU MASSA ÚNICA EM ARGAMASSA TRAÇO 1:2:8, PREPARO MANUAL, APLICADA MANUALMENTE EM PANOS DE FACHADA COM PRESENÇA DE VÃOS, ESPESSURA DE 35 MM. AF_06/2014","M2","52,86","56,85",null,52.86,56.85,"Sinapi 87781"]
["87783","EMBOÇO OU MASSA ÚNICA EM ARGAMASSA INDUSTRIALIZADA, PREPARO MECÂNICO E APLICAÇÃO COM EQUIPAMENTO DE MISTURA E PROJEÇÃO DE 1,5 M3/H DE ARGAMASSA EM PANOS DE FACHADA COM PRESENÇA DE VÃOS, ESPESSURA DE 35 MM. AF_06/2014","M2","59,33","62,39",null,59.33,62.39,"Sinapi 87783"]
["87784","EMBOÇO OU MASSA ÚNICA EM ARGAMASSA TRAÇO 1:2:8, PREPARO MECÂNICO COM BETONEIRA 400 L, APLICADA MANUALMENTE EM PANOS DE FACHADA COM PRESENÇA DE VÃOS, ESPESSURA DE 45 MM. AF_06/2014","M2","56,16","60,12",null,56.16,60.12,"Sinapi 87784"]
["87786","EMBOÇO OU MASSA ÚNICA EM ARGAMASSA TRAÇO 1:2:8, PREPARO MANUAL, APLICADA MANUALMENTE EM PANOS DE FACHADA COM PRESENÇA DE VÃOS, ESPESSURA DE 45 MM. AF_06/2014","M2","60,99","65,45",null,60.99,65.45,"Sinapi 87786"]
["87787","EMBOÇO OU MASSA ÚNICA EM ARGAMASSA INDUSTRIALIZADA, PREPARO MECÂNICO E APLICAÇÃO COM EQUIPAMENTO DE MISTURA E PROJEÇÃO DE 1,5 M3/H DE ARGAMASSA EM PANOS DE FACHADA COM PRESENÇA DE VÃOS, ESPESSURA DE 45 MM. AF_06/2014","M2","70,25","73,71",null,70.25,73.709999999999994,"Sinapi 87787"]
["87788","EMBOÇO OU MASSA ÚNICA EM ARGAMASSA TRAÇO 1:2:8, PREPARO MECÂNICO COM BETONEIRA 400 L, APLICADA MANUALMENTE EM PANOS DE FACHADA COM PRESENÇA DE VÃOS, ESPESSURA MAIOR OU IGUAL A 50 MM. AF_06/2014","M2","72,08","77,57",null,72.08,77.569999999999993,"Sinapi 87788"]
["87790","EMBOÇO OU MASSA ÚNICA EM ARGAMASSA TRAÇO 1:2:8, PREPARO MANUAL, APLICADA MANUALMENTE EM PANOS DE FACHADA COM PRESENÇA DE VÃOS, ESPESSURA MAIOR OU IGUAL A 50 MM. AF_06/2014","M2","77,40","83,43",null,77.400000000000006,83.43,"Sinapi 87790"]
["87791","EMBOÇO OU MASSA ÚNICA EM ARGAMASSA INDUSTRIALIZADA, PREPARO MECÂNICO E APLICAÇÃO COM EQUIPAMENTO DE MISTURA E PROJEÇÃO DE 1,5 M3/H DE ARGAMASSA EM PANOS DE FACHADA COM PRESENÇA DE VÃOS, ESPESSURA MAIOR OU IGUAL A 50 MM. AF_06/2014","M2","84,87","89,50",null,84.87,89.5,"Sinapi 87791"]
["87792","EMBOÇO OU MASSA ÚNICA EM ARGAMASSA TRAÇO 1:2:8, PREPARO MECÂNICO COM BETONEIRA 400 L, APLICADA MANUALMENTE EM PANOS CEGOS DE FACHADA (SEM PRESENÇA DE VÃOS), ESPESSURA DE 25 MM. AF_06/2014","M2","27,81","29,56",null,27.81,29.56,"Sinapi 87792"]
["87794","EMBOÇO OU MASSA ÚNICA EM ARGAMASSA TRAÇO 1:2:8, PREPARO MANUAL, APLICADA MANUALMENTE EM PANOS CEGOS DE FACHADA (SEM PRESENÇA DE VÃOS), ESPESSURA DE 25 MM. AF_06/2014","M2","30,49","32,51",null,30.49,32.51,"Sinapi 87794"]
["87795","EMBOÇO OU MASSA ÚNICA EM ARGAMASSA INDUSTRIALIZADA, PREPARO MECÂNICO E APLICAÇÃO COM EQUIPAMENTO DE MISTURA E PROJEÇÃO DE 1,5 M3/H DE ARGAMASSA EM PANOS CEGOS DE FACHADA (SEM PRESENÇA DE VÃOS), ESPESSURA DE 25 MM. AF_06/2014","M2","33,58","34,83",null,33.58,34.83,"Sinapi 87795"]
["87797","EMBOÇO OU MASSA ÚNICA EM ARGAMASSA TRAÇO 1:2:8, PREPARO MECÂNICO COM BETONEIRA 400 L, APLICADA MANUALMENTE EM PANOS CEGOS DE FACHADA (SEM PRESENÇA DE VÃOS), ESPESSURA DE 35 MM. AF_06/2014","M2","34,67","36,79",null,34.67,36.79,"Sinapi 87797"]
["87799","EMBOÇO OU MASSA ÚNICA EM ARGAMASSA TRAÇO 1:2:8, PREPARO MANUAL, APLICADA MANUALMENTE EM PANOS CEGOS DE FACHADA (SEM PRESENÇA DE VÃOS), ESPESSURA DE 35 MM. AF_06/2014","M2","38,27","40,75",null,38.270000000000003,40.75,"Sinapi 87799"]
["87800","EMBOÇO OU MASSA ÚNICA EM ARGAMASSA INDUSTRIALIZADA, PREPARO MECÂNICO E APLICAÇÃO COM EQUIPAMENTO DE MISTURA E PROJEÇÃO DE 1,5 M3/H DE ARGAMASSA EM PANOS CEGOS DE FACHADA (SEM PRESENÇA DE VÃOS), ESPESSURA DE 35 MM. AF_06/2014","M2","43,99","45,60",null,43.99,45.6,"Sinapi 87800"]
["87801","EMBOÇO OU MASSA ÚNICA EM ARGAMASSA TRAÇO 1:2:8, PREPARO MECÂNICO COM BETONEIRA 400 L, APLICADA MANUALMENTE EM PANOS CEGOS DE FACHADA (SEM PRESENÇA DE VÃOS), ESPESSURA DE 45 MM. AF_06/2014","M2","41,53","44,03",null,41.53,44.03,"Sinapi 87801"]
["87803","EMBOÇO OU MASSA ÚNICA EM ARGAMASSA TRAÇO 1:2:8, PREPARO MANUAL, APLICADA MANUALMENTE EM PANOS CEGOS DE FACHADA (SEM PRESENÇA DE VÃOS), ESPESSURA DE 45 MM. AF_06/2014","M2","46,05","49,00",null,46.05,49,"Sinapi 87803"]
["87804","EMBOÇO OU MASSA ÚNICA EM ARGAMASSA INDUSTRIALIZADA, PREPARO MECÂNICO E APLICAÇÃO COM EQUIPAMENTO DE MISTURA E PROJEÇÃO DE 1,5 M3/H DE ARGAMASSA EM PANOS CEGOS DE FACHADA (SEM PRESENÇA DE VÃOS), ESPESSURA DE 45 MM. AF_06/2014","M2","54,39","56,37",null,54.39,56.37,"Sinapi 87804"]
["87805","EMBOÇO OU MASSA ÚNICA EM ARGAMASSA TRAÇO 1:2:8, PREPARO MECÂNICO COM BETONEIRA 400 L, APLICADA MANUALMENTE EM PANOS CEGOS DE FACHADA (SEM PRESENÇA DE VÃOS), ESPESSURA MAIOR OU IGUAL A 50 MM. AF_06/2014","M2","47,78","50,78",null,47.78,50.78,"Sinapi 87805"]
["87807","EMBOÇO OU MASSA ÚNICA EM ARGAMASSA TRAÇO 1:2:8, PREPARO MANUAL, APLICADA MANUALMENTE EM PANOS CEGOS DE FACHADA (SEM PRESENÇA DE VÃOS), ESPESSURA MAIOR OU IGUAL A 50 MM. AF_06/2014","M2","52,75","56,26",null,52.75,56.26,"Sinapi 87807"]
["87808","EMBOÇO OU MASSA ÚNICA EM ARGAMASSA INDUSTRIALIZADA, PREPARO MECÂNICO E APLICAÇÃO COM EQUIPAMENTO DE MISTURA E PROJEÇÃO DE 1,5 M3/H DE ARGAMASSA EM PANOS CEGOS DE FACHADA (SEM PRESENÇA DE VÃOS), ESPESSURA MAIOR OU IGUAL A 50 MM. AF_06/2014","M2","59,23","61,36",null,59.23,61.36,"Sinapi 87808"]
["87809","EMBOÇO OU MASSA ÚNICA EM ARGAMASSA TRAÇO 1:2:8, PREPARO MECÂNICO COM BETONEIRA 400 L, APLICADA MANUALMENTE EM SUPERFÍCIES EXTERNAS DA SACADA, ESPESSURA DE 25 MM, SEM USO DE TELA METÁLICA DE REFORÇO CONTRA FISSURAÇÃO. AF_06/2014","M2","66,60","72,72",null,66.599999999999994,72.72,"Sinapi 87809"]
["87811","EMBOÇO OU MASSA ÚNICA EM ARGAMASSA TRAÇO 1:2:8, PREPARO MANUAL, APLICADA MANUALMENTE EM SUPERFÍCIES EXTERNAS DA SACADA, ESPESSURA DE 25 MM, SEM USO DE TELA METÁLICA DE REFORÇO CONTRA FISSURAÇÃO. AF_06/2014","M2","69,28","75,67",null,69.28,75.67,"Sinapi 87811"]
["87812","EMBOÇO OU MASSA ÚNICA EM ARGAMASSA INDUSTRIALIZADA, PREPARO MECÂNICO E APLICAÇÃO COM EQUIPAMENTO DE MISTURA E PROJEÇÃO DE 1,5 M3/H EM SUPERFÍCIES EXTERNAS DA SACADA, ESPESSURA 25 MM, SEM USO DE TELA METÁLICA. AF_06/2014","M2","72,02","77,59",null,72.02,77.59,"Sinapi 87812"]
["87813","EMBOÇO OU MASSA ÚNICA EM ARGAMASSA TRAÇO 1:2:8, PREPARO MECÂNICO COM BETONEIRA 400 L, APLICADA MANUALMENTE EM SUPERFÍCIES EXTERNAS DA SACADA, ESPESSURA DE 35 MM, SEM USO DE TELA METÁLICA DE REFORÇO CONTRA FISSURAÇÃO. AF_06/2014","M2","73,45","79,95",null,73.45,79.95,"Sinapi 87813"]
["87815","EMBOÇO OU MASSA ÚNICA EM ARGAMASSA TRAÇO 1:2:8, PREPARO MANUAL, APLICADA MANUALMENTE EM SUPERFÍCIES EXTERNAS DA SACADA, ESPESSURA DE 35 MM, SEM USO DE TELA METÁLICA DE REFORÇO CONTRA FISSURAÇÃO. AF_06/2014","M2","77,05","83,91",null,77.05,83.91,"Sinapi 87815"]
["87816","EMBOÇO OU MASSA ÚNICA EM ARGAMASSA INDUSTRIALIZADA, PREPARO MECÂNICO E APLICAÇÃO COM EQUIPAMENTO DE MISTURA E PROJEÇÃO DE 1,5 M3/H EM SUPERFÍCIES EXTERNAS DA SACADA, ESPESSURA 35 MM, SEM USO DE TELA METÁLICA. AF_06/2014","M2","82,42","88,36",null,82.42,88.36,"Sinapi 87816"]
["87817","EMBOÇO OU MASSA ÚNICA EM ARGAMASSA TRAÇO 1:2:8, PREPARO MECÂNICO COM BETONEIRA 400 L, APLICADA MANUALMENTE EM SUPERFÍCIES EXTERNAS DA SACADA, ESPESSURA DE 45 MM, SEM USO DE TELA METÁLICA DE REFORÇO CONTRA FISSURAÇÃO. AF_06/2014","M2","79,96","86,81",null,79.959999999999994,86.81,"Sinapi 87817"]
["87819","EMBOÇO OU MASSA ÚNICA EM ARGAMASSA TRAÇO 1:2:8, PREPARO MANUAL, APLICADA MANUALMENTE EM SUPERFÍCIES EXTERNAS DA SACADA, ESPESSURA DE 45 MM, SEM USO DE TELA METÁLICA DE REFORÇO CONTRA FISSURAÇÃO. AF_06/2014","M2","84,48","91,78",null,84.48,91.78,"Sinapi 87819"]
["87820","EMBOÇO OU MASSA ÚNICA EM ARGAMASSA INDUSTRIALIZADA, PREPARO MECÂNICO E APLICAÇÃO COM EQUIPAMENTO DE MISTURA E PROJEÇÃO DE 1,5 M3/H EM SUPERFÍCIES EXTERNAS DA SACADA, ESPESSURA 45 MM, SEM USO DE TELA METÁLICA. AF_06/2014","M2","92,82","99,14",null,92.82,99.14,"Sinapi 87820"]
["87821","EMBOÇO OU MASSA ÚNICA EM ARGAMASSA TRAÇO 1:2:8, PREPARO MECÂNICO COM BETONEIRA 400 L, APLICADA MANUALMENTE EM SUPERFÍCIES EXTERNAS DA SACADA, ESPESSURA MAIOR OU IGUAL A 50 MM, SEM USO DE TELA METÁLICA DE REFORÇO CONTRA FISSURAÇÃO. AF_06/2014","M2","114,85","125,27",null,114.85,125.27,"Sinapi 87821"]
["87823","EMBOÇO OU MASSA ÚNICA EM ARGAMASSA TRAÇO 1:2:8, PREPARO MANUAL, APLICADA MANUALMENTE EM SUPERFÍCIES EXTERNAS DA SACADA, ESPESSURA MAIOR OU IGUAL A 50 MM, SEM USO DE TELA METÁLICA DE REFORÇO CONTRA FISSURAÇÃO. AF_06/2014","M2","119,82","130,75",null,119.82,130.75,"Sinapi 87823"]
["87824","EMBOÇO OU MASSA ÚNICA EM ARGAMASSA INDUSTRIALIZADA, PREPARO MECÂNICO E APLICAÇÃO COM EQUIPAMENTO DE MISTURA E PROJEÇÃO DE 1,5 M3/H EM SUPERFÍCIES EXTERNAS DA SACADA, ESPESSURA MAIOR OU IGUAL A 50 MM, SEM USO DE TELA METÁLICA. AF_06/2014","M2","125,94","135,47",null,125.94,135.47,"Sinapi 87824"]
["87825","EMBOÇO OU MASSA ÚNICA EM ARGAMASSA TRAÇO 1:2:8, PREPARO MECÂNICO COM BETONEIRA 400 L, APLICADA MANUALMENTE NAS PAREDES INTERNAS DA SACADA, ESPESSURA DE 25 MM, SEM USO DE TELA METÁLICA DE REFORÇO CONTRA FISSURAÇÃO. AF_06/2014","M2","52,99","57,41",null,52.99,57.41,"Sinapi 87825"]
["87827","EMBOÇO OU MASSA ÚNICA EM ARGAMASSA TRAÇO 1:2:8, PREPARO MANUAL, APLICADA MANUALMENTE NAS PAREDES INTERNAS DA SACADA, ESPESSURA DE 25 MM, SEM USO DE TELA METÁLICA DE REFORÇO CONTRA FISSURAÇÃO. AF_06/2014","M2","56,28","61,02",null,56.28,61.02,"Sinapi 87827"]
["87828","EMBOÇO OU MASSA ÚNICA EM ARGAMASSA INDUSTRIALIZADA, PREPARO MECÂNICO E APLICAÇÃO COM EQUIPAMENTO DE MISTURA E PROJEÇÃO DE 1,5 M3/H NAS PAREDES INTERNAS DA SACADA, ESPESSURA 25 MM, SEM USO DE TELA METÁLICA. AF_06/2014","M2","61,11","65,01",null,61.11,65.010000000000005,"Sinapi 87828"]
["87829","EMBOÇO OU MASSA ÚNICA EM ARGAMASSA TRAÇO 1:2:8, PREPARO MECÂNICO COM BETONEIRA 400 L, APLICADA MANUALMENTE NAS PAREDES INTERNAS DA SACADA, ESPESSURA DE 35 MM, SEM USO DE TELA METÁLICA DE REFORÇO CONTRA FISSURAÇÃO. AF_06/2014","M2","60,74","65,55",null,60.74,65.55,"Sinapi 87829"]
["87831","EMBOÇO OU MASSA ÚNICA EM ARGAMASSA TRAÇO 1:2:8, PREPARO MANUAL, APLICADA MANUALMENTE NAS PAREDES INTERNAS DA SACADA, ESPESSURA DE 35 MM, SEM USO DE TELA METÁLICA DE REFORÇO CONTRA FISSURAÇÃO. AF_06/2014","M2","65,14","70,40",null,65.14,70.400000000000006,"Sinapi 87831"]
["87832","EMBOÇO OU MASSA ÚNICA EM ARGAMASSA INDUSTRIALIZADA, PREPARO MECÂNICO E APLICAÇÃO COM EQUIPAMENTO DE MISTURA E PROJEÇÃO DE 1,5 M3/H DE ARGAMASSA NAS PAREDES INTERNAS DA SACADA, ESPESSURA 35 MM, SEM USO DE TELA METÁLICA. AF_06/2014","M2","73,17","77,47",null,73.17,77.47,"Sinapi 87832"]
["87834","REVESTIMENTO DECORATIVO MONOCAMADA APLICADO MANUALMENTE EM PANOS CEGOS DA FACHADA DE UM EDIFÍCIO DE ESTRUTURA CONVENCIONAL, COM ACABAMENTO RASPADO. AF_06/2014","M2","110,03","111,87",null,110.03,111.87,"Sinapi 87834"]
["87835","REVESTIMENTO DECORATIVO MONOCAMADA APLICADO MANUALMENTE EM PANOS CEGOS DA FACHADA DE UM EDIFÍCIO DE ALVENARIA ESTRUTURAL, COM ACABAMENTO RASPADO. AF_06/2014","M2","74,19","75,69",null,74.19,75.69,"Sinapi 87835"]
["87836","REVESTIMENTO DECORATIVO MONOCAMADA APLICADO COM EQUIPAMENTO DE PROJEÇÃO EM PANOS CEGOS DA FACHADA DE UM EDIFÍCIO DE ESTRUTURA CONVENCIONAL, COM ACABAMENTO RASPADO. AF_06/2014","M2","104,48","105,73",null,104.48,105.73,"Sinapi 87836"]
["87837","REVESTIMENTO DECORATIVO MONOCAMADA APLICADO COM EQUIPAMENTO DE PROJEÇÃO EM PANOS CEGOS DA FACHADA DE UM EDIFÍCIO DE ALVENARIA ESTRUTURAL, COM ACABAMENTO RASPADO. AF_06/2014","M2","69,16","70,12",null,69.16,70.12,"Sinapi 87837"]
["87838","REVESTIMENTO DECORATIVO MONOCAMADA APLICADO MANUALMENTE EM PANOS DA FACHADA COM PRESENÇA DE VÃOS, DE UM EDIFÍCIO DE ESTRUTURA CONVENCIONAL E ACABAMENTO RASPADO. AF_06/2014","M2","117,06","119,31",null,117.06,119.31,"Sinapi 87838"]
["87839","REVESTIMENTO DECORATIVO MONOCAMADA APLICADO MANUALMENTE EM PANOS DA FACHADA COM PRESENÇA DE VÃOS, DE UM EDIFÍCIO DE ALVENARIA ESTRUTURAL E ACABAMENTO RASPADO. AF_06/2014","M2","78,78","80,70",null,78.78,80.7,"Sinapi 87839"]
["87840","REVESTIMENTO DECORATIVO MONOCAMADA APLICADO COM EQUIPAMENTO DE PROJEÇÃO EM PANOS DA FACHADA COM PRESENÇA DE VÃOS, DE UM EDIFÍCIO DE ESTRUTURA CONVENCIONAL E ACABAMENTO RASPADO. AF_06/2014","M2","110,12","111,65",null,110.12,111.65,"Sinapi 87840"]
["87841","REVESTIMENTO DECORATIVO MONOCAMADA APLICADO COM EQUIPAMENTO DE PROJEÇÃO EM PANOS DA FACHADA COM PRESENÇA DE VÃOS, DE UM EDIFÍCIO DE ALVENARIA ESTRUTURAL E ACABAMENTO RASPADO. AF_06/2014","M2","72,34","73,59",null,{"$f":"IF(D5640=\"\",\"\",D5640+0)","v":72.34},{"$f":"IF(E5640=\"\",\"\",E5640+0)","v":73.59},{"$f":"IF(OR(G5640=\"\",H5640=\"\"),\"\",CONCATENATE(\"Sinapi \",A5640))","v":"Sinapi 87841"}]
["87842","REVESTIMENTO DECORATIVO MONOCAMADA APLICADO MANUALMENTE EM SUPERFÍCIES EXTERNAS DA SACADA DE UM EDIFÍCIO DE ESTRUTURA CONVENCIONAL E ACABAMENTO RASPADO. AF_06/2014","M2","113,14","116,51",null,113.14,116.51,"Sinapi 87842"]
["87843","REVESTIMENTO DECORATIVO MONOCAMADA APLICADO MANUALMENTE EM SUPERFÍCIES EXTERNAS DA SACADA DE UM EDIFÍCIO DE ALVENARIA ESTRUTURAL E ACABAMENTO RASPADO. AF_06/2014","M2","85,17","88,20",null,85.17,88.2,"Sinapi 87843"]
["87844","REVESTIMENTO DECORATIVO MONOCAMADA APLICADO COM EQUIPAMENTO DE PROJEÇÃO EM SUPERFÍCIES EXTERNAS DA SACADA DE UM EDIFÍCIO DE ESTRUTURA CONVENCIONAL E ACABAMENTO RASPADO. AF_06/2014","M2","102,52","104,80",null,102.52,104.8,"Sinapi 87844"]
["87845","REVESTIMENTO DECORATIVO MONOCAMADA APLICADO COM EQUIPAMENTO DE PROJEÇÃO EM SUPERFÍCIES EXTERNAS DA SACADA DE UM EDIFÍCIO DE ALVENARIA ESTRUTURAL E ACABAMENTO RASPADO. AF_06/2014","M2","75,09","77,09",null,75.09,77.09,"Sinapi 87845"]
["87846","REVESTIMENTO DECORATIVO MONOCAMADA APLICADO MANUALMENTE EM PANOS CEGOS DA FACHADA DE UM EDIFÍCIO DE ESTRUTURA CONVENCIONAL, COM ACABAMENTO TRAVERTINO. AF_06/2014","M2","119,55","121,79",null,119.55,121.79,"Sinapi 87846"]
["87847","REVESTIMENTO DECORATIVO MONOCAMADA APLICADO MANUALMENTE EM PANOS CEGOS DA FACHADA DE UM EDIFÍCIO DE ALVENARIA ESTRUTURAL, COM ACABAMENTO TRAVERTINO. AF_06/2014","M2","83,70","85,62",null,83.7,85.62,"Sinapi 87847"]
["87848","REVESTIMENTO DECORATIVO MONOCAMADA APLICADO COM EQUIPAMENTO DE PROJEÇÃO EM PANOS CEGOS DA FACHADA DE UM EDIFÍCIO DE ESTRUTURA CONVENCIONAL, COM ACABAMENTO TRAVERTINO. AF_06/2014","M2","112,94","114,50",null,112.94,114.5,"Sinapi 87848"]
["87849","REVESTIMENTO DECORATIVO MONOCAMADA APLICADO COM EQUIPAMENTO DE PROJEÇÃO EM PANOS CEGOS DA FACHADA DE UM EDIFÍCIO DE ALVENARIA ESTRUTURAL, COM ACABAMENTO TRAVERTINO. AF_06/2014","M2","77,63","78,88",null,77.63,78.88,"Sinapi 87849"]
["87850","REVESTIMENTO DECORATIVO MONOCAMADA APLICADO MANUALMENTE EM PANOS DA FACHADA COM PRESENÇA DE VÃOS, DE UM EDIFÍCIO DE ESTRUTURA CONVENCIONAL E ACABAMENTO TRAVERTINO. AF_06/2014","M2","126,59","129,27",null,126.59,129.27000000000001,"Sinapi 87850"]
["87851","REVESTIMENTO DECORATIVO MONOCAMADA APLICADO MANUALMENTE EM PANOS DA FACHADA COM PRESENÇA DE VÃOS, DE UM EDIFÍCIO DE ALVENARIA ESTRUTURAL E ACABAMENTO TRAVERTINO. AF_06/2014","M2","88,31","90,65",null,88.31,90.65,"Sinapi 87851"]
["87852","REVESTIMENTO DECORATIVO MONOCAMADA APLICADO COM EQUIPAMENTO DE PROJEÇÃO EM PANOS DA FACHADA COM PRESENÇA DE VÃOS, DE UM EDIFÍCIO DE ESTRUTURA CONVENCIONAL E ACABAMENTO TRAVERTINO. AF_06/2014","M2","118,55","120,40",null,118.55,120.4,"Sinapi 87852"]
["87853","REVESTIMENTO DECORATIVO MONOCAMADA APLICADO COM EQUIPAMENTO DE PROJEÇÃO EM PANOS DA FACHADA COM PRESENÇA DE VÃOS, DE UM EDIFÍCIO DE ALVENARIA ESTRUTURAL E ACABAMENTO TRAVERTINO. AF_06/2014","M2","80,79","82,33",null,80.790000000000006,82.33,"Sinapi 87853"]
["87854","REVESTIMENTO DECORATIVO MONOCAMADA APLICADO MANUALMENTE EM SUPERFÍCIES EXTERNAS DA SACADA DE UM EDIFÍCIO DE ESTRUTURA CONVENCIONAL E ACABAMENTO TRAVERTINO. AF_06/2014","M2","122,65","126,43",null,122.65,126.43,"Sinapi 87854"]
["87855","REVESTIMENTO DECORATIVO MONOCAMADA APLICADO MANUALMENTE EM SUPERFÍCIES EXTERNAS DA SACADA DE UM EDIFÍCIO DE ALVENARIA ESTRUTURAL E ACABAMENTO TRAVERTINO. AF_06/2014","M2","94,70","98,15",null,94.7,98.15,"Sinapi 87855"]
["87856","REVESTIMENTO DECORATIVO MONOCAMADA APLICADO COM EQUIPAMENTO DE PROJEÇÃO EM SUPERFÍCIES EXTERNAS DA SACADA DE UM EDIFÍCIO DE ESTRUTURA CONVENCIONAL E ACABAMENTO TRAVERTINO. AF_06/2014","M2","110,98","113,56",null,110.98,113.56,"Sinapi 87856"]
["87857","REVESTIMENTO DECORATIVO MONOCAMADA APLICADO COM EQUIPAMENTO DE PROJEÇÃO EM SUPERFÍCIES EXTERNAS DA SACADA DE UM EDIFÍCIO DE ALVENARIA ESTRUTURAL E ACABAMENTO TRAVERTINO. AF_06/2014","M2","83,54","85,82",null,83.54,85.82,"Sinapi 87857"]
["87858","REVESTIMENTO DECORATIVO MONOCAMADA APLICADO MANUALMENTE NAS PAREDES INTERNAS DA SACADA COM ACABAMENTO RASPADO. AF_06/2014","M2","81,50","83,97",null,81.5,83.97,"Sinapi 87858"]
["87859","REVESTIMENTO DECORATIVO MONOCAMADA APLICADO MANUALMENTE NAS PAREDES INTERNAS DA SACADA COM ACABAMENTO TRAVERTINO. AF_06/2014","M2","95,64","99,04",null,95.64,99.04,"Sinapi 87859"]
["89048","(COMPOSIÇÃO REPRESENTATIVA) DO SERVIÇO DE EMBOÇO/MASSA ÚNICA, TRAÇO 1:2:8, PREPARO MECÂNICO, COM BETONEIRA DE 400L, EM PAREDES DE AMBIENTES INTERNOS, COM EXECUÇÃO DE TALISCAS, PARA EDIFICAÇÃO HABITACIONAL MULTIFAMILIAR (PRÉDIO). AF_11/2014","M2","27,84","29,52",null,27.84,29.52,"Sinapi 89048"]
["89049","(COMPOSIÇÃO REPRESENTATIVA) DO SERVIÇO DE APLICAÇÃO MANUAL DE GESSO DESEMPENADO (SEM TALISCAS) EM TETO, ESPESSURA 0,5 CM, PARA EDIFICAÇÃO HABITACIONAL MULTIFAMILIAR (PRÉDIO). AF_11/2014","M2","17,73","19,07",null,17.73,19.07,"Sinapi 89049"]
["89173","(COMPOSIÇÃO REPRESENTATIVA) DO SERVIÇO DE EMBOÇO/MASSA ÚNICA, APLICADO MANUALMENTE, TRAÇO 1:2:8, EM BETONEIRA DE 400L, PAREDES INTERNAS, COM EXECUÇÃO DE TALISCAS, EDIFICAÇÃO HABITACIONAL UNIFAMILIAR (CASAS) E EDIFICAÇÃO PÚBLICA PADRÃO. AF_12/2014","M2","27,40","29,02",null,27.4,29.02,"Sinapi 89173"]
["90406","MASSA ÚNICA, PARA RECEBIMENTO DE PINTURA, EM ARGAMASSA TRAÇO 1:2:8, PREPARO MECÂNICO COM BETONEIRA 400L, APLICADA MANUALMENTE EM TETO, ESPESSURA DE 20MM, COM EXECUÇÃO DE TALISCAS. AF_03/2015","M2","35,50","38,02",null,35.5,38.020000000000003,"Sinapi 90406"]
["90407","MASSA ÚNICA, PARA RECEBIMENTO DE PINTURA, EM ARGAMASSA TRAÇO 1:2:8, PREPARO MANUAL, APLICADA MANUALMENTE EM TETO, ESPESSURA DE 20MM, COM EXECUÇÃO DE TALISCAS. AF_03/2015","M2","38,94","41,81",null,38.94,41.81,"Sinapi 90407"]
["90408","MASSA ÚNICA, PARA RECEBIMENTO DE PINTURA, EM ARGAMASSA TRAÇO 1:2:8, PREPARO MECÂNICO COM BETONEIRA 400L, APLICADA MANUALMENTE EM TETO, ESPESSURA DE 10MM, COM EXECUÇÃO DE TALISCAS. AF_03/2015","M2","25,59","27,64",null,25.59,27.64,"Sinapi 90408"]
["90409","MASSA ÚNICA, PARA RECEBIMENTO DE PINTURA, EM ARGAMASSA TRAÇO 1:2:8, PREPARO MANUAL, APLICADA MANUALMENTE EM TETO, ESPESSURA DE 10MM, COM EXECUÇÃO DE TALISCAS. AF_03/2015","M2","27,54","29,79",null,27.54,29.79,"Sinapi 90409"]
["84084","APICOAMENTO MANUAL DE SUPERFICIE DE CONCRETO","M2","6,05","6,65",null,6.05,6.65,"Sinapi 84084"]
["87242","REVESTIMENTO CERÂMICO PARA PAREDES EXTERNAS EM PASTILHAS DE PORCELANA 5 X 5 CM (PLACAS DE 30 X 30 CM), ALINHADAS A PRUMO, APLICADO EM PANOS COM VÃOS. AF_06/2014","M2","218,65","222,58",null,218.65,222.58,"Sinapi 87242"]
["87243","REVESTIMENTO CERÂMICO PARA PAREDES EXTERNAS EM PASTILHAS DE PORCELANA 5 X 5 CM (PLACAS DE 30 X 30 CM), ALINHADAS A PRUMO, APLICADO EM PANOS SEM VÃOS. AF_06/2014","M2","201,10","204,23",null,201.1,204.23,"Sinapi 87243"]
["87244","REVESTIMENTO CERÂMICO PARA PAREDES EXTERNAS EM PASTILHAS DE PORCELANA 5 X 5 CM (PLACAS DE 30 X 30 CM), ALINHADAS A PRUMO, APLICADO EM SUPERFÍCIES EXTERNAS DA SACADA. AF_06/2014","M2","210,88","215,08",null,210.88,215.08,"Sinapi 87244"]
["87245","REVESTIMENTO CERÂMICO PARA PAREDES EXTERNAS EM PASTILHAS DE PORCELANA 5 X 5 CM (PLACAS DE 30 X 30 CM), ALINHADAS A PRUMO, APLICADO EM SUPERFÍCIES INTERNAS DA SACADA. AF_06/2014","M2","254,71","259,87",null,254.71,259.87,"Sinapi 87245"]
["87264","REVESTIMENTO CERÂMICO PARA PAREDES INTERNAS COM PLACAS TIPO ESMALTADA EXTRA DE DIMENSÕES 20X20 CM APLICADAS EM AMBIENTES DE ÁREA MENOR QUE 5 M² NA ALTURA INTEIRA DAS PAREDES. AF_06/2014","M2","54,28","56,50",null,54.28,56.5,"Sinapi 87264"]
["87265","REVESTIMENTO CERÂMICO PARA PAREDES INTERNAS COM PLACAS TIPO ESMALTADA EXTRA DE DIMENSÕES 20X20 CM APLICADAS EM AMBIENTES DE ÁREA MAIOR QUE 5 M² NA ALTURA INTEIRA DAS PAREDES. AF_06/2014","M2","47,99","49,56",null,47.99,49.56,"Sinapi 87265"]
["87266","REVESTIMENTO CERÂMICO PARA PAREDES INTERNAS COM PLACAS TIPO ESMALTADA EXTRA DE DIMENSÕES 20X20 CM APLICADAS EM AMBIENTES DE ÁREA MENOR QUE 5 M² A MEIA ALTURA DAS PAREDES. AF_06/2014","M2","56,50","58,97",null,56.5,58.97,"Sinapi 87266"]
["87267","REVESTIMENTO CERÂMICO PARA PAREDES INTERNAS COM PLACAS TIPO ESMALTADA EXTRA DE DIMENSÕES 20X20 CM APLICADAS EM AMBIENTES DE ÁREA MAIOR QUE 5 M² A MEIA ALTURA DAS PAREDES. AF_06/2014","M2","53,73","55,89",null,53.73,55.89,"Sinapi 87267"]
["87268","REVESTIMENTO CERÂMICO PARA PAREDES INTERNAS COM PLACAS TIPO ESMALTADA EXTRA DE DIMENSÕES 25X35 CM APLICADAS EM AMBIENTES DE ÁREA MENOR QUE 5 M² NA ALTURA INTEIRA DAS PAREDES. AF_06/2014","M2","58,27","60,90",null,58.27,60.9,"Sinapi 87268"]
["87269","REVESTIMENTO CERÂMICO PARA PAREDES INTERNAS COM PLACAS TIPO ESMALTADA EXTRA DE DIMENSÕES 25X35 CM APLICADAS EM AMBIENTES DE ÁREA MAIOR QUE 5 M² NA ALTURA INTEIRA DAS PAREDES. AF_06/2014","M2","51,42","53,33",null,51.42,53.33,"Sinapi 87269"]
["87270","REVESTIMENTO CERÂMICO PARA PAREDES INTERNAS COM PLACAS TIPO ESMALTADA EXTRA DE DIMENSÕES 25X35 CM APLICADAS EM AMBIENTES DE ÁREA MENOR QUE 5 M² A MEIA ALTURA DAS PAREDES. AF_06/2014","M2","60,14","62,97",null,60.14,62.97,"Sinapi 87270"]
["87271","REVESTIMENTO CERÂMICO PARA PAREDES INTERNAS COM PLACAS TIPO ESMALTADA EXTRA DE DIMENSÕES 25X35 CM APLICADAS EM AMBIENTES DE ÁREA MAIOR QUE 5 M² A MEIA ALTURA DAS PAREDES. AF_06/2014","M2","56,87","59,37",null,56.87,59.37,"Sinapi 87271"]
["87272","REVESTIMENTO CERÂMICO PARA PAREDES INTERNAS COM PLACAS TIPO ESMALTADA EXTRA  DE DIMENSÕES 33X45 CM APLICADAS EM AMBIENTES DE ÁREA MENOR QUE 5 M² NA ALTURA INTEIRA DAS PAREDES. AF_06/2014","M2","61,72","64,66",null,61.72,64.66,"Sinapi 87272"]
["87273","REVESTIMENTO CERÂMICO PARA PAREDES INTERNAS COM PLACAS TIPO ESMALTADA EXTRA DE DIMENSÕES 33X45 CM APLICADAS EM AMBIENTES DE ÁREA MAIOR QUE 5 M² NA ALTURA INTEIRA DAS PAREDES. AF_06/2014","M2","53,36","55,41",null,53.36,55.41,"Sinapi 87273"]
["87274","REVESTIMENTO CERÂMICO PARA PAREDES INTERNAS COM PLACAS TIPO ESMALTADA EXTRA DE DIMENSÕES 33X45 CM APLICADAS EM AMBIENTES DE ÁREA MENOR QUE 5 M² A MEIA ALTURA DAS PAREDES. AF_06/2014","M2","63,03","66,11",null,63.03,66.11,"Sinapi 87274"]
["87275","REVESTIMENTO CERÂMICO PARA PAREDES INTERNAS COM PLACAS TIPO ESMALTADA EXTRA  DE DIMENSÕES 33X45 CM APLICADAS EM AMBIENTES DE ÁREA MAIOR QUE 5 M² A MEIA ALTURA DAS PAREDES. AF_06/2014","M2","60,20","62,97",null,60.2,62.97,"Sinapi 87275"]
["88786","REVESTIMENTO CERÂMICO PARA PAREDES EXTERNAS EM PASTILHAS DE PORCELANA 2,5 X 2,5 CM (PLACAS DE 30 X 30 CM), ALINHADAS A PRUMO, APLICADO EM PANOS COM VÃOS. AF_10/2014","M2","242,67","246,60",null,242.67,246.6,"Sinapi 88786"]
["88787","REVESTIMENTO CERÂMICO PARA PAREDES EXTERNAS EM PASTILHAS DE PORCELANA 2,5 X 2,5 CM (PLACAS DE 30 X 30 CM), ALINHADAS A PRUMO, APLICADO EM PANOS SEM VÃOS. AF_10/2014","M2","223,90","227,03",null,223.9,227.03,"Sinapi 88787"]
["88788","REVESTIMENTO CERÂMICO PARA PAREDES EXTERNAS EM PASTILHAS DE PORCELANA 2,5 X 2,5 CM (PLACAS DE 30 X 30 CM), ALINHADAS A PRUMO, APLICADO EM SUPERFÍCIES EXTERNAS DA SACADA. AF_10/2014","M2","233,68","237,88",null,233.68,237.88,"Sinapi 88788"]
["88789","REVESTIMENTO CERÂMICO PARA PAREDES EXTERNAS EM PASTILHAS DE PORCELANA 2,5 X 2,5 CM (PLACAS DE 30 X 30 CM), ALINHADAS A PRUMO, APLICADO EM SUPERFÍCIES INTERNAS DA SACADA. AF_10/2014","M2","281,67","286,83",null,281.67,286.83,"Sinapi 88789"]
["89045","(COMPOSIÇÃO REPRESENTATIVA) DO SERVIÇO DE REVESTIMENTO CERÂMICO PARA AMBIENTES DE ÁREAS MOLHADAS, MEIA PAREDE OU PAREDE INTEIRA, COM PLACAS TIPO GRÊS OU SEMI-GRÊS, DIMENSÕES 20X20 CM, PARA EDIFICAÇÃO HABITACIONAL MULTIFAMILIAR (PRÉDIO). AF_11/2014","M2","54,11","56,32",null,54.11,56.32,"Sinapi 89045"]
["89170","(COMPOSIÇÃO REPRESENTATIVA) DO SERVIÇO DE REVESTIMENTO CERÂMICO PARA PAREDES INTERNAS, MEIA PAREDE, OU PAREDE INTEIRA, PLACAS GRÊS OU SEMI-GRÊS DE 20X20 CM, PARA EDIFICAÇÕES HABITACIONAIS UNIFAMILIAR (CASAS) E EDIFICAÇÕES PÚBLICAS PADRÃO. AF_11/2014","M2","52,54","54,57",null,52.54,54.57,"Sinapi 89170"]
["93392","REVESTIMENTO CERÂMICO PARA PAREDES INTERNAS COM PLACAS TIPO ESMALTADA PADRÃO POPULAR DE DIMENSÕES 20X20 CM, ARGAMASSA TIPO AC I, APLICADAS EM AMBIENTES DE ÁREA MENOR QUE 5 M2 NA ALTURA INTEIRA DAS PAREDES. AF_06/2014","M2","41,56","43,78",null,41.56,43.78,"Sinapi 93392"]
["93393","REVESTIMENTO CERÂMICO PARA PAREDES INTERNAS COM PLACAS TIPO ESMALTADA PADRÃO POPULAR DE DIMENSÕES 20X20 CM, ARGAMASSA TIPO AC I, APLICADAS EM AMBIENTES DE ÁREA MAIOR QUE 5 M2 NA ALTURA INTEIRA DAS PAREDES. AF_06/2014","M2","35,39","36,96",null,35.39,36.96,"Sinapi 93393"]
["93394","REVESTIMENTO CERÂMICO PARA PAREDES INTERNAS COM PLACAS TIPO ESMALTADA PADRÃO POPULAR DE DIMENSÕES 20X20 CM, ARGAMASSA TIPO AC I, APLICADAS EM AMBIENTES DE ÁREA MENOR QUE 5 M2 A MEIA ALTURA DAS PAREDES. AF_06/2014","M2","43,78","46,25",null,43.78,46.25,"Sinapi 93394"]
["93395","REVESTIMENTO CERÂMICO PARA PAREDES INTERNAS COM PLACAS TIPO ESMALTADA PADRÃO POPULAR DE DIMENSÕES 20X20 CM, ARGAMASSA TIPO AC I, APLICADAS EM AMBIENTES DE ÁREA MAIOR QUE 5 M2 A MEIA ALTURA DAS PAREDES. AF_06/2014","M2","41,01","43,17",null,41.01,43.17,"Sinapi 93395"]
["99194","REVESTIMENTO CERÂMICO PARA PAREDES INTERNAS COM PLACAS TIPO ESMALTADA PADRÃO POPULAR DE DIMENSÕES 20X20 CM, ARGAMASSA TIPO AC III, APLICADAS EM AMBIENTES DE ÁREA MENOR QUE 5 M2 NA ALTURA INTEIRA DAS PAREDES. AF_06/2014","M2","45,54","47,76",null,45.54,47.76,"Sinapi 99194"]
["99195","REVESTIMENTO CERÂMICO PARA PAREDES INTERNAS COM PLACAS TIPO ESMALTADA PADRÃO POPULAR DE DIMENSÕES 20X20 CM, ARGAMASSA TIPO AC III, APLICADAS EM AMBIENTES DE ÁREA MAIOR QUE 5 M2 NA ALTURA INTEIRA DAS PAREDES. AF_06/2014","M2","39,37","40,94",null,39.369999999999997,40.94,"Sinapi 99195"]
["99196","REVESTIMENTO CERÂMICO PARA PAREDES INTERNAS COM PLACAS TIPO ESMALTADA PADRÃO POPULAR DE DIMENSÕES 20X20 CM, ARGAMASSA TIPO AC III, APLICADAS EM AMBIENTES DE ÁREA MENOR QUE 5 M2 A MEIA ALTURA DAS PAREDES. AF_06/2014","M2","47,76","50,23",null,47.76,50.23,"Sinapi 99196"]
["99198","REVESTIMENTO CERÂMICO PARA PAREDES INTERNAS COM PLACAS TIPO ESMALTADA PADRÃO POPULAR DE DIMENSÕES 20X20 CM, ARGAMASSA TIPO AC III, APLICADAS EM AMBIENTES DE ÁREA MAIOR QUE 5 M2 A MEIA ALTURA DAS PAREDES. AF_06/2014","M2","44,99","47,15",null,44.99,47.15,"Sinapi 99198"]
["84088","PEITORIL EM MARMORE BRANCO, LARGURA DE 15CM, ASSENTADO COM ARGAMASSA TRACO 1:4 (CIMENTO E AREIA MEDIA), PREPARO MANUAL DA ARGAMASSA","M","67,25","68,60",null,67.25,68.599999999999994,"Sinapi 84088"]
["84089","PEITORIL EM MARMORE BRANCO, LARGURA DE 25CM, ASSENTADO COM ARGAMASSA TRACO 1:3 (CIMENTO E AREIA MEDIA), PREPARO MANUAL DA ARGAMASSA","M","95,32","97,35",null,95.32,97.35,"Sinapi 84089"]
["40675","ASSENTAMENTO DE PEITORIL COM ARGAMASSA DE CIMENTO COLANTE","M","4,16","4,61",null,4.16,4.6100000000000003,"Sinapi 40675"]
["84093","TABEIRA DE MADEIRA LEI, 1A QUALIDADE, 2,5X30,0CM PARA BEIRAL DE TELHADO","M","37,86","38,92",null,37.86,38.92,"Sinapi 84093"]
["96112","FORRO EM MADEIRA PINUS, PARA AMBIENTES RESIDENCIAIS, INCLUSIVE ESTRUTURA DE FIXAÇÃO. AF_05/2017","M2","102,86","108,72",null,102.86,108.72,"Sinapi 96112"]
["96117","FORRO EM MADEIRA PINUS, PARA AMBIENTES COMERCIAIS, INCLUSIVE ESTRUTURA DE FIXAÇÃO. AF_05/2017","M2","128,25","132,89",null,128.25,132.88999999999999,"Sinapi 96117"]
["96122","ACABAMENTOS PARA FORRO (RODA-FORRO EM MADEIRA PINUS). AF_05/2017","M","30,91","31,93",null,30.91,31.93,"Sinapi 96122"]
["96109","FORRO EM PLACAS DE GESSO, PARA AMBIENTES RESIDENCIAIS. AF_05/2017_P","M2","38,16","40,58",null,{"$f":"IF(D5704=\"\",\"\",D5704+0)","v":38.159999999999997},{"$f":"IF(E5704=\"\",\"\",E5704+0)","v":40.58},{"$f":"IF(OR(G5704=\"\",H5704=\"\"),\"\",CONCATENATE(\"Sinapi \",A5704))","v":"Sinapi 96109"}]
["96110","FORRO EM DRYWALL, PARA AMBIENTES RESIDENCIAIS, INCLUSIVE ESTRUTURA DE FIXAÇÃO. AF_05/2017_P","M2","55,73","57,18",null,55.73,57.18,"Sinapi 96110"]
["96113","FORRO EM PLACAS DE GESSO, PARA AMBIENTES COMERCIAIS. AF_05/2017_P","M2","34,17","36,09",null,34.17,36.090000000000003,"Sinapi 96113"]
["96114","FORRO EM DRYWALL, PARA AMBIENTES COMERCIAIS, INCLUSIVE ESTRUTURA DE FIXAÇÃO. AF_05/2017_P","M2","56,78","57,94",null,56.78,57.94,"Sinapi 96114"]
["96120","ACABAMENTOS PARA FORRO (MOLDURA DE GESSO). AF_05/2017","M","2,63","2,77",null,2.63,2.77,"Sinapi 96120"]
["96123","ACABAMENTOS PARA FORRO (MOLDURA EM DRYWALL, COM LARGURA DE 15 CM). AF_05/2017_P","M","22,77","23,43",null,22.77,23.43,"Sinapi 96123"]
["99054","ACABAMENTOS PARA FORRO (SANCA DE GESSO MONTADA NA OBRA). AF_05/2017_P","M2","46,48","49,75",null,46.48,49.75,"Sinapi 99054"]
["72200","REVESTIMENTO EM LAMINADO MELAMINICO TEXTURIZADO, ESPESSURA 0,8 MM, FIXADO COM COLA","M2","97,75","100,89",null,97.75,100.89,"Sinapi 72200"]
["73807/1","CORRIMAO EM MARMORITE, LARGURA 15CM","M","85,45","93,44",null,85.45,93.44,"Sinapi 73807/1"]
["72201","RECOLOCACO DE FORROS EM REGUA DE PVC E PERFIS, CONSIDERANDO REAPROVEITAMENTO DO MATERIAL","M2","10,56","11,70",null,10.56,11.7,"Sinapi 72201"]
["96111","FORRO EM RÉGUAS DE PVC, FRISADO, PARA AMBIENTES RESIDENCIAIS, INCLUSIVE ESTRUTURA DE FIXAÇÃO. AF_05/2017_P","M2","33,90","34,86",null,33.9,34.86,"Sinapi 96111"]
["96116","FORRO EM RÉGUAS DE PVC, FRISADO, PARA AMBIENTES COMERCIAIS, INCLUSIVE ESTRUTURA DE FIXAÇÃO. AF_05/2017_P","M2","36,87","37,71",null,36.869999999999997,37.71,"Sinapi 96116"]
["96121","ACABAMENTOS PARA FORRO (RODA-FORRO EM PERFIL METÁLICO E PLÁSTICO). AF_05/2017","M","7,23","7,47",null,7.23,7.47,"Sinapi 96121"]
["96485","FORRO EM RÉGUAS DE PVC, LISO, PARA AMBIENTES RESIDENCIAIS, INCLUSIVE ESTRUTURA DE FIXAÇÃO. AF_05/2017_P","M2","38,66","39,62",null,38.659999999999997,39.619999999999997,"Sinapi 96485"]
["96486","FORRO DE PVC, LISO, PARA AMBIENTES COMERCIAIS, INCLUSIVE ESTRUTURA DE FIXAÇÃO. AF_05/2017_P","M2","41,92","42,76",null,41.92,42.76,"Sinapi 96486"]
["72198","ISOLAMENTO TERMICO COM ARGAMASSA TRACO 1:3 (CIMENTO E AREIA GROSSA NAO PENEIRADA), COM ADICAO DE PEROLAS DE ISOPOR, ESPESSURA 6CM, PREPARO MANUAL DA ARGAMASSA","M2","104,88","111,02",null,104.88,111.02,"Sinapi 72198"]
["73833/1","ISOLAMENTO TERMICO COM MANTA DE LA DE VIDRO, ESPESSURA 2,5CM","M2","63,29","65,57",null,63.29,65.569999999999993,"Sinapi 73833/1"]
["83730","REPARO ESTRUTURAL DE ESTRUTURAS DE CONCRETO COM ARGAMASSA POLIMERICA DE ALTO DESEMPENHO, E=2 CM","M2","152,86","156,03",null,152.86000000000001,156.03,"Sinapi 83730"]
["83736","REPARO/COLAGEM DE ESTRUTURAS DE CONCRETO COM ADESIVO ESTRUTURAL A BASE DE EPOXI, E=2 MM","M2","161,38","165,61",null,161.38,165.61,"Sinapi 83736"]
["91514","ESTUCAMENTO DE PANOS DE FACHADA SEM VÃOS DO SISTEMA DE PAREDES DE CONCRETO EM EDIFICAÇÕES DE MÚLTIPLOS PAVIMENTOS. AF_06/2015","M2","5,23","5,81",null,5.23,5.81,"Sinapi 91514"]
["91515","ESTUCAMENTO DE PANOS DE FACHADA COM VÃOS DO SISTEMA DE PAREDES DE CONCRETO EM EDIFICAÇÕES DE MÚLTIPLOS PAVIMENTOS. AF_06/2015","M2","6,93","7,70",null,6.93,7.7,"Sinapi 91515"]
["91516","ESTUCAMENTO DE SUPERFÍCIE EXTERNA DA SACADA DO SISTEMA DE PAREDES DE CONCRETO EM EDIFICAÇÕES DE MÚLTIPLOS PAVIMENTOS. AF_06/2015","M2","10,13","11,26",null,10.130000000000001,11.26,"Sinapi 91516"]
["91517","ESTUCAMENTO DE PANOS DE FACHADA SEM VÃOS DO SISTEMA DE PAREDES DE CONCRETO EM EDIFICAÇÕES DE PAVIMENTO ÚNICO. AF_06/2015","M2","11,29","12,55",null,11.29,12.55,"Sinapi 91517"]
["91519","ESTUCAMENTO DE PANOS DE FACHADA COM VÃOS DO SISTEMA DE PAREDES DE CONCRETO EM EDIFICAÇÕES DE PAVIMENTO ÚNICO. AF_06/2015","M2","12,97","14,41",null,12.97,14.41,"Sinapi 91519"]
["91520","ESTUCAMENTO DE DENSIDADE BAIXA NAS FACES INTERNAS DE PAREDES DO SISTEMA DE PAREDES DE CONCRETO. AF_06/2015","M2","1,87","2,08",null,1.87,2.08,"Sinapi 91520"]
["91522","ESTUCAMENTO, PARA QUALQUER REVESTIMENTO, EM TETO DO SISTEMA DE PAREDES DE CONCRETO. AF_06/2015","M2","2,26","2,50",null,2.2599999999999998,2.5,"Sinapi 91522"]
["91525","ESTUCAMENTO DE DENSIDADE ALTA, NAS FACES INTERNAS DE PAREDES DO SISTEMA DE PAREDES DE CONCRETO. AF_06/2015","M2","4,05","4,46",null,4.05,4.46,"Sinapi 91525"]
["87280","ARGAMASSA TRAÇO 1:7 (EM VOLUME DE CIMENTO E AREIA MÉDIA ÚMIDA) COM ADIÇÃO DE PLASTIFICANTE PARA EMBOÇO/MASSA ÚNICA/ASSENTAMENTO DE ALVENARIA DE VEDAÇÃO, PREPARO MECÂNICO COM BETONEIRA 400 L. AF_08/2019","M3","311,74","319,64",null,311.74,319.64,"Sinapi 87280"]
["87281","ARGAMASSA TRAÇO 1:7 (EM VOLUME DE CIMENTO E AREIA MÉDIA ÚMIDA) COM ADIÇÃO DE PLASTIFICANTE PARA EMBOÇO/MASSA ÚNICA/ASSENTAMENTO DE ALVENARIA DE VEDAÇÃO, PREPARO MECÂNICO COM BETONEIRA 600 L. AF_08/2019","M3","307,21","314,09",null,307.20999999999998,314.08999999999997,"Sinapi 87281"]
["87283","ARGAMASSA TRAÇO 1:6 (EM VOLUME DE CIMENTO E AREIA MÉDIA ÚMIDA) COM ADIÇÃO DE PLASTIFICANTE PARA EMBOÇO/MASSA ÚNICA/ASSENTAMENTO DE ALVENARIA DE VEDAÇÃO, PREPARO MECÂNICO COM BETONEIRA 400 L. AF_08/2019","M3","318,76","325,86",null,318.76,325.86,"Sinapi 87283"]
["87284","ARGAMASSA TRAÇO 1:6 (EM VOLUME DE CIMENTO E AREIA MÉDIA ÚMIDA) COM ADIÇÃO DE PLASTIFICANTE PARA EMBOÇO/MASSA ÚNICA/ASSENTAMENTO DE ALVENARIA DE VEDAÇÃO, PREPARO MECÂNICO COM BETONEIRA 600 L. AF_08/2019","M3","313,21","319,37",null,313.20999999999998,319.37,"Sinapi 87284"]
["87286","ARGAMASSA TRAÇO 1:1:6 (EM VOLUME DE CIMENTO, CAL E AREIA MÉDIA ÚMIDA) PARA EMBOÇO/MASSA ÚNICA/ASSENTAMENTO DE ALVENARIA DE VEDAÇÃO, PREPARO MECÂNICO COM BETONEIRA 400 L. AF_08/2019","M3","400,54","409,00",null,400.54,409,"Sinapi 87286"]
["87287","ARGAMASSA TRAÇO 1:1:6 (EM VOLUME DE CIMENTO, CAL E AREIA MÉDIA ÚMIDA) PARA EMBOÇO/MASSA ÚNICA/ASSENTAMENTO DE ALVENARIA DE VEDAÇÃO, PREPARO MECÂNICO COM BETONEIRA 600 L. AF_08/2019","M3","388,51","394,80",null,388.51,394.8,"Sinapi 87287"]
["87289","ARGAMASSA TRAÇO 1:1,5:7,5 (EM VOLUME DE CIMENTO, CAL E AREIA MÉDIA ÚMIDA) PARA EMBOÇO/MASSA ÚNICA/ASSENTAMENTO DE ALVENARIA DE VEDAÇÃO, PREPARO MECÂNICO COM BETONEIRA 400 L. AF_08/2019","M3","392,71","400,69",null,392.71,400.69,"Sinapi 87289"]
["87290","ARGAMASSA TRAÇO 1:1,5:7,5 (EM VOLUME DE CIMENTO, CAL E AREIA MÉDIA ÚMIDA) PARA EMBOÇO/MASSA ÚNICA/ASSENTAMENTO DE ALVENARIA DE VEDAÇÃO, PREPARO MECÂNICO COM BETONEIRA 600 L. AF_08/2019","M3","386,16","392,89",null,386.16,392.89,"Sinapi 87290"]
["87292","ARGAMASSA TRAÇO 1:2:8 (EM VOLUME DE CIMENTO, CAL E AREIA MÉDIA ÚMIDA) PARA EMBOÇO/MASSA ÚNICA/ASSENTAMENTO DE ALVENARIA DE VEDAÇÃO, PREPARO MECÂNICO COM BETONEIRA 400 L. AF_08/2019","M3","403,22","410,60",null,403.22,410.6,"Sinapi 87292"]
["87294","ARGAMASSA TRAÇO 1:2:9 (EM VOLUME DE CIMENTO, CAL E AREIA MÉDIA ÚMIDA) PARA EMBOÇO/MASSA ÚNICA/ASSENTAMENTO DE ALVENARIA DE VEDAÇÃO, PREPARO MECÂNICO COM BETONEIRA 600 L. AF_08/2019","M3","387,54","394,70",null,387.54,394.7,"Sinapi 87294"]
["87295","ARGAMASSA TRAÇO 1:3:12 (EM VOLUME DE CIMENTO, CAL E AREIA MÉDIA ÚMIDA) PARA EMBOÇO/MASSA ÚNICA/ASSENTAMENTO DE ALVENARIA DE VEDAÇÃO, PREPARO MECÂNICO COM BETONEIRA 400 L. AF_08/2019","M3","401,39","410,46",null,401.39,410.46,"Sinapi 87295"]
["87296","ARGAMASSA TRAÇO 1:3:12 (EM VOLUME DE CIMENTO, CAL E AREIA MÉDIA ÚMIDA) PARA EMBOÇO/MASSA ÚNICA/ASSENTAMENTO DE ALVENARIA DE VEDAÇÃO, PREPARO MECÂNICO COM BETONEIRA 600 L. AF_08/2019","M3","382,27","388,61",null,382.27,388.61,"Sinapi 87296"]
["87298","ARGAMASSA TRAÇO 1:3 (EM VOLUME DE CIMENTO E AREIA MÉDIA ÚMIDA) PARA CONTRAPISO, PREPARO MECÂNICO COM BETONEIRA 400 L. AF_08/2019","M3","443,09","450,34",null,443.09,450.34,"Sinapi 87298"]
["87299","ARGAMASSA TRAÇO 1:3 (EM VOLUME DE CIMENTO E AREIA MÉDIA ÚMIDA) PARA CONTRAPISO, PREPARO MECÂNICO COM BETONEIRA 600 L. AF_08/2019","M3","312,37","318,96",null,312.37,318.95999999999998,"Sinapi 87299"]
["87301","ARGAMASSA TRAÇO 1:4 (EM VOLUME DE CIMENTO E AREIA MÉDIA ÚMIDA) PARA CONTRAPISO, PREPARO MECÂNICO COM BETONEIRA 400 L. AF_08/2019","M3","409,92","417,88",null,409.92,417.88,"Sinapi 87301"]
["87302","ARGAMASSA TRAÇO 1:4 (EM VOLUME DE CIMENTO E AREIA MÉDIA ÚMIDA) PARA CONTRAPISO, PREPARO MECÂNICO COM BETONEIRA 600 L. AF_08/2019","M3","403,70","410,36",null,403.7,410.36,"Sinapi 87302"]
["87304","ARGAMASSA TRAÇO 1:5 (EM VOLUME DE CIMENTO E AREIA MÉDIA ÚMIDA) PARA CONTRAPISO, PREPARO MECÂNICO COM BETONEIRA 400 L. AF_08/2019","M3","378,61","385,83",null,378.61,385.83,"Sinapi 87304"]
["87305","ARGAMASSA TRAÇO 1:5 (EM VOLUME DE CIMENTO E AREIA MÉDIA ÚMIDA) PARA CONTRAPISO, PREPARO MECÂNICO COM BETONEIRA 600 L. AF_08/2019","M3","380,35","387,26",null,380.35,387.26,"Sinapi 87305"]
["87307","ARGAMASSA TRAÇO 1:6 (EM VOLUME DE CIMENTO E AREIA MÉDIA ÚMIDA) PARA CONTRAPISO, PREPARO MECÂNICO COM BETONEIRA 400 L. AF_08/2019","M3","367,11","375,07",null,367.11,375.07,"Sinapi 87307"]
["87308","ARGAMASSA TRAÇO 1:6 (EM VOLUME DE CIMENTO E AREIA MÉDIA ÚMIDA) PARA CONTRAPISO, PREPARO MECÂNICO COM BETONEIRA 600 L. AF_08/2019","M3","360,09","366,95",null,360.09,366.95,"Sinapi 87308"]
["87310","ARGAMASSA TRAÇO 1:5 (EM VOLUME DE CIMENTO E AREIA GROSSA ÚMIDA) PARA CHAPISCO CONVENCIONAL, PREPARO MECÂNICO COM BETONEIRA 400 L. AF_08/2019","M3","305,54","312,59",null,305.54000000000002,312.58999999999997,"Sinapi 87310"]
["87311","ARGAMASSA TRAÇO 1:5 (EM VOLUME DE CIMENTO E AREIA GROSSA ÚMIDA) PARA CHAPISCO CONVENCIONAL, PREPARO MECÂNICO COM BETONEIRA 600 L. AF_08/2019","M3","298,77","304,73",null,298.77,304.73,"Sinapi 87311"]
["87313","ARGAMASSA TRAÇO 1:3 (EM VOLUME DE CIMENTO E AREIA GROSSA ÚMIDA) PARA CHAPISCO CONVENCIONAL, PREPARO MECÂNICO COM BETONEIRA 400 L. AF_08/2019","M3","352,11","359,19",null,352.11,359.19,"Sinapi 87313"]
["87314","ARGAMASSA TRAÇO 1:3 (EM VOLUME DE CIMENTO E AREIA GROSSA ÚMIDA) PARA CHAPISCO CONVENCIONAL, PREPARO MECÂNICO COM BETONEIRA 600 L. AF_08/2019","M3","346,36","352,35",null,346.36,352.35,"Sinapi 87314"]
["87316","ARGAMASSA TRAÇO 1:4 (EM VOLUME DE CIMENTO E AREIA GROSSA ÚMIDA) PARA CHAPISCO CONVENCIONAL, PREPARO MECÂNICO COM BETONEIRA 400 L. AF_08/2019","M3","328,88","336,49",null,328.88,336.49,"Sinapi 87316"]
["87317","ARGAMASSA TRAÇO 1:4 (EM VOLUME DE CIMENTO E AREIA GROSSA ÚMIDA) PARA CHAPISCO CONVENCIONAL, PREPARO MECÂNICO COM BETONEIRA 600 L. AF_08/2019","M3","318,22","324,21",null,318.22000000000003,324.20999999999998,"Sinapi 87317"]
["87319","ARGAMASSA TRAÇO 1:5 (EM VOLUME DE CIMENTO E AREIA GROSSA ÚMIDA) COM ADIÇÃO DE EMULSÃO POLIMÉRICA PARA CHAPISCO ROLADO, PREPARO MECÂNICO COM BETONEIRA 400 L. AF_08/2019","M3","2.341,36","2.348,44",null,2341.36,2348.44,"Sinapi 87319"]
["87320","ARGAMASSA TRAÇO 1:5 (EM VOLUME DE CIMENTO E AREIA GROSSA ÚMIDA) COM ADIÇÃO DE EMULSÃO POLIMÉRICA PARA CHAPISCO ROLADO, PREPARO MECÂNICO COM BETONEIRA 600 L. AF_08/2019","M3","2.345,00","2.351,06",null,2345,2351.06,"Sinapi 87320"]
["87322","ARGAMASSA TRAÇO 1:3 (EM VOLUME DE CIMENTO E AREIA GROSSA ÚMIDA) COM ADIÇÃO DE EMULSÃO POLIMÉRICA PARA CHAPISCO ROLADO, PREPARO MECÂNICO COM BETONEIRA 400 L. AF_08/2019","M3","2.402,96","2.410,44",null,2402.96,2410.44,"Sinapi 87322"]
["87323","ARGAMASSA TRAÇO 1:3 (EM VOLUME DE CIMENTO E AREIA GROSSA ÚMIDA) COM ADIÇÃO DE EMULSÃO POLIMÉRICA PARA CHAPISCO ROLADO, PREPARO MECÂNICO COM BETONEIRA 600 L. AF_08/2019","M3","2.401,52","2.407,38",null,2401.52,2407.38,"Sinapi 87323"]
["87325","ARGAMASSA TRAÇO 1:4 (EM VOLUME DE CIMENTO E AREIA GROSSA ÚMIDA) COM ADIÇÃO DE EMULSÃO POLIMÉRICA PARA CHAPISCO ROLADO, PREPARO MECÂNICO COM BETONEIRA 400 L. AF_08/2019","M3","2.355,46","2.363,15",null,2355.46,2363.15,"Sinapi 87325"]
["87326","ARGAMASSA TRAÇO 1:4 (EM VOLUME DE CIMENTO E AREIA GROSSA ÚMIDA) COM ADIÇÃO DE EMULSÃO POLIMÉRICA PARA CHAPISCO ROLADO, PREPARO MECÂNICO COM BETONEIRA 600 L. AF_08/2019","M3","2.360,61","2.366,13",null,2360.61,2366.13,"Sinapi 87326"]
["87327","ARGAMASSA TRAÇO 1:7 (EM VOLUME DE CIMENTO E AREIA MÉDIA ÚMIDA) COM ADIÇÃO DE PLASTIFICANTE PARA EMBOÇO/MASSA ÚNICA/ASSENTAMENTO DE ALVENARIA DE VEDAÇÃO, PREPARO MECÂNICO COM MISTURADOR DE EIXO HORIZONTAL DE 300 KG. AF_08/2019","M3","327,63","337,21",null,327.63,337.21,"Sinapi 87327"]
["87328","ARGAMASSA TRAÇO 1:7 (EM VOLUME DE CIMENTO E AREIA MÉDIA ÚMIDA) COM ADIÇÃO DE PLASTIFICANTE PARA EMBOÇO/MASSA ÚNICA/ASSENTAMENTO DE ALVENARIA DE VEDAÇÃO, PREPARO MECÂNICO COM MISTURADOR DE EIXO HORIZONTAL DE 600 KG. AF_08/2019","M3","286,94","292,17",null,286.94,292.17,"Sinapi 87328"]
["87329","ARGAMASSA TRAÇO 1:6 (EM VOLUME DE CIMENTO E AREIA MÉDIA ÚMIDA) COM ADIÇÃO DE PLASTIFICANTE PARA EMBOÇO/MASSA ÚNICA/ASSENTAMENTO DE ALVENARIA DE VEDAÇÃO, PREPARO MECÂNICO COM MISTURADOR DE EIXO HORIZONTAL DE 300 KG. AF_08/2019","M3","347,01","357,37",null,347.01,357.37,"Sinapi 87329"]
["87330","ARGAMASSA TRAÇO 1:6 (EM VOLUME DE CIMENTO E AREIA MÉDIA ÚMIDA) COM ADIÇÃO DE PLASTIFICANTE PARA EMBOÇO/MASSA ÚNICA/ASSENTAMENTO DE ALVENARIA DE VEDAÇÃO, PREPARO MECÂNICO COM MISTURADOR DE EIXO HORIZONTAL DE 600 KG. AF_08/2019","M3","300,86","306,34",null,300.86,306.33999999999997,"Sinapi 87330"]
["87331","ARGAMASSA TRAÇO 1:1:6 (EM VOLUME DE CIMENTO, CAL E AREIA MÉDIA ÚMIDA) PARA EMBOÇO/MASSA ÚNICA/ASSENTAMENTO DE ALVENARIA DE VEDAÇÃO, PREPARO MECÂNICO COM MISTURADOR DE EIXO HORIZONTAL DE 300 KG. AF_08/2019","M3","415,98","426,15",null,415.98,426.15,"Sinapi 87331"]
["87332","ARGAMASSA TRAÇO 1:1:6 (EM VOLUME DE CIMENTO, CAL E AREIA MÉDIA ÚMIDA) PARA EMBOÇO/MASSA ÚNICA/ASSENTAMENTO DE ALVENARIA DE VEDAÇÃO, PREPARO MECÂNICO COM MISTURADOR DE EIXO HORIZONTAL DE 600 KG. AF_08/2019","M3","373,77","379,32",null,{"$f":"IF(D5768=\"\",\"\",D5768+0)","v":373.77},{"$f":"IF(E5768=\"\",\"\",E5768+0)","v":379.32},{"$f":"IF(OR(G5768=\"\",H5768=\"\"),\"\",CONCATENATE(\"Sinapi \",A5768))","v":"Sinapi 87332"}]
["87333","ARGAMASSA TRAÇO 1:1,5:7,5 (EM VOLUME DE CIMENTO, CAL E AREIA MÉDIA ÚMIDA) PARA EMBOÇO/MASSA ÚNICA/ASSENTAMENTO DE ALVENARIA DE VEDAÇÃO, PREPARO MECÂNICO COM MISTURADOR DE EIXO HORIZONTAL DE 300 KG. AF_08/2019","M3","395,45","404,24",null,395.45,404.24,"Sinapi 87333"]
["87334","ARGAMASSA TRAÇO 1:1,5:7,5 (EM VOLUME DE CIMENTO, CAL E AREIA MÉDIA ÚMIDA) PARA EMBOÇO/MASSA ÚNICA/ASSENTAMENTO DE ALVENARIA DE VEDAÇÃO, PREPARO MECÂNICO COM MISTURADOR DE EIXO HORIZONTAL DE 600 KG. AF_08/2019","M3","370,01","375,97",null,370.01,375.97,"Sinapi 87334"]
["87335","ARGAMASSA TRAÇO 1:2:8 (EM VOLUME DE CIMENTO, CAL E AREIA MÉDIA ÚMIDA) PARA EMBOÇO/MASSA ÚNICA/ASSENTAMENTO DE ALVENARIA DE VEDAÇÃO, PREPARO MECÂNICO COM MISTURADOR DE EIXO HORIZONTAL DE 300 KG. AF_08/2019","M3","390,64","398,77",null,390.64,398.77,"Sinapi 87335"]
["87336","ARGAMASSA TRAÇO 1:2:8 (EM VOLUME DE CIMENTO, CAL E AREIA MÉDIA ÚMIDA) PARA EMBOÇO/MASSA ÚNICA/ASSENTAMENTO DE ALVENARIA DE VEDAÇÃO, PREPARO MECÂNICO COM MISTURADOR DE EIXO HORIZONTAL DE 600 KG. AF_08/2019","M3","383,64","389,36",null,383.64,389.36,"Sinapi 87336"]
["87337","ARGAMASSA TRAÇO 1:2:9 (EM VOLUME DE CIMENTO, CAL E AREIA MÉDIA ÚMIDA) PARA EMBOÇO/MASSA ÚNICA/ASSENTAMENTO DE ALVENARIA DE VEDAÇÃO, PREPARO MECÂNICO COM MISTURADOR DE EIXO HORIZONTAL DE 300 KG. AF_08/2019","M3","389,07","397,07",null,389.07,397.07,"Sinapi 87337"]
["87338","ARGAMASSA TRAÇO 1:3:12 (EM VOLUME DE CIMENTO, CAL E AREIA MÉDIA ÚMIDA) PARA EMBOÇO/MASSA ÚNICA/ASSENTAMENTO DE ALVENARIA DE VEDAÇÃO, PREPARO MECÂNICO COM MISTURADOR DE EIXO HORIZONTAL DE 600 KG. AF_08/2019","M3","380,33","387,36",null,380.33,387.36,"Sinapi 87338"]
["87339","ARGAMASSA TRAÇO 1:3 (EM VOLUME DE CIMENTO E AREIA MÉDIA ÚMIDA) PARA CONTRAPISO, PREPARO MECÂNICO COM MISTURADOR DE EIXO HORIZONTAL DE 160 KG. AF_08/2019","M3","528,30","545,28",null,528.29999999999995,545.28,"Sinapi 87339"]
["87340","ARGAMASSA TRAÇO 1:3 (EM VOLUME DE CIMENTO E AREIA MÉDIA ÚMIDA) PARA CONTRAPISO, PREPARO MECÂNICO COM MISTURADOR DE EIXO HORIZONTAL DE 300 KG. AF_08/2019","M3","442,69","450,53",null,442.69,450.53,"Sinapi 87340"]
["87341","ARGAMASSA TRAÇO 1:3 (EM VOLUME DE CIMENTO E AREIA MÉDIA ÚMIDA) PARA CONTRAPISO, PREPARO MECÂNICO COM MISTURADOR DE EIXO HORIZONTAL DE 600 KG. AF_08/2019","M3","420,95","426,39",null,420.95,426.39,"Sinapi 87341"]
["87342","ARGAMASSA TRAÇO 1:4 (EM VOLUME DE CIMENTO E AREIA MÉDIA ÚMIDA) PARA CONTRAPISO, PREPARO MECÂNICO COM MISTURADOR DE EIXO HORIZONTAL DE 160 KG. AF_08/2019","M3","459,75","473,45",null,459.75,473.45,"Sinapi 87342"]
["87343","ARGAMASSA TRAÇO 1:4 (EM VOLUME DE CIMENTO E AREIA MÉDIA ÚMIDA) PARA CONTRAPISO, PREPARO MECÂNICO COM MISTURADOR DE EIXO HORIZONTAL DE 300 KG. AF_08/2019","M3","411,29","419,79",null,411.29,419.79,"Sinapi 87343"]
["87344","ARGAMASSA TRAÇO 1:4 (EM VOLUME DE CIMENTO E AREIA MÉDIA ÚMIDA) PARA CONTRAPISO, PREPARO MECÂNICO COM MISTURADOR DE EIXO HORIZONTAL DE 600 KG. AF_08/2019","M3","384,43","389,87",null,384.43,389.87,"Sinapi 87344"]
["87345","ARGAMASSA TRAÇO 1:5 (EM VOLUME DE CIMENTO E AREIA MÉDIA ÚMIDA) PARA CONTRAPISO, PREPARO MECÂNICO COM MISTURADOR DE EIXO HORIZONTAL DE 160 KG. AF_08/2019","M3","420,16","432,36",null,420.16,432.36,"Sinapi 87345"]
["87346","ARGAMASSA TRAÇO 1:5 (EM VOLUME DE CIMENTO E AREIA MÉDIA ÚMIDA) PARA CONTRAPISO, PREPARO MECÂNICO COM MISTURADOR DE EIXO HORIZONTAL DE 300 KG. AF_08/2019","M3","380,18","388,03",null,380.18,388.03,"Sinapi 87346"]
["87347","ARGAMASSA TRAÇO 1:5 (EM VOLUME DE CIMENTO E AREIA MÉDIA ÚMIDA) PARA CONTRAPISO, PREPARO MECÂNICO COM MISTURADOR DE EIXO HORIZONTAL DE 600 KG. AF_08/2019","M3","359,01","364,47",null,359.01,364.47,"Sinapi 87347"]
["87348","ARGAMASSA TRAÇO 1:6 (EM VOLUME DE CIMENTO E AREIA MÉDIA ÚMIDA) PARA CONTRAPISO, PREPARO MECÂNICO COM MISTURADOR DE EIXO HORIZONTAL DE 160 KG. AF_08/2019","M3","390,67","401,66",null,390.67,401.66,"Sinapi 87348"]
["87349","ARGAMASSA TRAÇO 1:6 (EM VOLUME DE CIMENTO E AREIA MÉDIA ÚMIDA) PARA CONTRAPISO, PREPARO MECÂNICO COM MISTURADOR DE EIXO HORIZONTAL DE 600 KG. AF_08/2019","M3","338,41","343,54",null,338.41,343.54,"Sinapi 87349"]
["87350","ARGAMASSA TRAÇO 1:5 (EM VOLUME DE CIMENTO E AREIA GROSSA ÚMIDA) PARA CHAPISCO CONVENCIONAL, PREPARO MECÂNICO COM MISTURADOR DE EIXO HORIZONTAL DE 300 KG. AF_08/2019","M3","337,29","347,80",null,337.29,347.8,"Sinapi 87350"]
["87351","ARGAMASSA TRAÇO 1:5 (EM VOLUME DE CIMENTO E AREIA GROSSA ÚMIDA) PARA CHAPISCO CONVENCIONAL, PREPARO MECÂNICO COM MISTURADOR DE EIXO HORIZONTAL DE 600 KG. AF_08/2019","M3","287,78","293,09",null,287.77999999999997,293.08999999999997,"Sinapi 87351"]
["87352","ARGAMASSA TRAÇO 1:3 (EM VOLUME DE CIMENTO E AREIA GROSSA ÚMIDA) PARA CHAPISCO CONVENCIONAL, PREPARO MECÂNICO COM MISTURADOR DE EIXO HORIZONTAL DE 160 KG. AF_08/2019","M3","408,59","421,93",null,408.59,421.93,"Sinapi 87352"]
["87353","ARGAMASSA TRAÇO 1:3 (EM VOLUME DE CIMENTO E AREIA GROSSA ÚMIDA) PARA CHAPISCO CONVENCIONAL, PREPARO MECÂNICO COM MISTURADOR DE EIXO HORIZONTAL DE 300 KG. AF_08/2019","M3","355,37","363,18",null,355.37,363.18,"Sinapi 87353"]
["87354","ARGAMASSA TRAÇO 1:3 (EM VOLUME DE CIMENTO E AREIA GROSSA ÚMIDA) PARA CHAPISCO CONVENCIONAL, PREPARO MECÂNICO COM MISTURADOR DE EIXO HORIZONTAL DE 600 KG. AF_08/2019","M3","331,63","336,68",null,331.63,336.68,"Sinapi 87354"]
["87355","ARGAMASSA TRAÇO 1:4 (EM VOLUME DE CIMENTO E AREIA GROSSA ÚMIDA) PARA CHAPISCO CONVENCIONAL, PREPARO MECÂNICO COM MISTURADOR DE EIXO HORIZONTAL DE 160 KG. AF_08/2019","M3","355,56","366,30",null,355.56,366.3,"Sinapi 87355"]
["87356","ARGAMASSA TRAÇO 1:4 (EM VOLUME DE CIMENTO E AREIA GROSSA ÚMIDA) PARA CHAPISCO CONVENCIONAL, PREPARO MECÂNICO COM MISTURADOR DE EIXO HORIZONTAL DE 300 KG. AF_08/2019","M3","319,91","326,77",null,319.91000000000003,326.77,"Sinapi 87356"]
["87357","ARGAMASSA TRAÇO 1:4 (EM VOLUME DE CIMENTO E AREIA GROSSA ÚMIDA) PARA CHAPISCO CONVENCIONAL, PREPARO MECÂNICO COM MISTURADOR DE EIXO HORIZONTAL DE 600 KG. AF_08/2019","M3","302,41","307,34",null,302.41000000000003,307.33999999999997,"Sinapi 87357"]
["87358","ARGAMASSA TRAÇO 1:5 (EM VOLUME DE CIMENTO E AREIA GROSSA ÚMIDA) COM ADIÇÃO DE EMULSÃO POLIMÉRICA PARA CHAPISCO ROLADO, PREPARO MECÂNICO COM MISTURADOR DE EIXO HORIZONTAL DE 300 KG. AF_08/2019","M3","2.316,85","2.325,65",null,2316.85,2325.65,"Sinapi 87358"]
["87359","ARGAMASSA TRAÇO 1:5 (EM VOLUME DE CIMENTO E AREIA GROSSA ÚMIDA) COM ADIÇÃO DE EMULSÃO POLIMÉRICA PARA CHAPISCO ROLADO, PREPARO MECÂNICO COM MISTURADOR DE EIXO HORIZONTAL DE 600 KG. AF_08/2019","M3","2.297,02","2.302,84",null,2297.02,2302.84,"Sinapi 87359"]
["87360","ARGAMASSA TRAÇO 1:3 (EM VOLUME DE CIMENTO E AREIA GROSSA ÚMIDA) COM ADIÇÃO DE EMULSÃO POLIMÉRICA PARA CHAPISCO ROLADO, PREPARO MECÂNICO COM MISTURADOR DE EIXO HORIZONTAL DE 160 KG. AF_08/2019","M3","2.376,69","2.387,99",null,2376.69,2387.9899999999998,"Sinapi 87360"]
["87361","ARGAMASSA TRAÇO 1:3 (EM VOLUME DE CIMENTO E AREIA GROSSA ÚMIDA) COM ADIÇÃO DE EMULSÃO POLIMÉRICA PARA CHAPISCO ROLADO, PREPARO MECÂNICO COM MISTURADOR DE EIXO HORIZONTAL DE 300 KG. AF_08/2019","M3","2.346,18","2.352,94",null,2346.1799999999998,2352.94,"Sinapi 87361"]
["87362","ARGAMASSA TRAÇO 1:3 (EM VOLUME DE CIMENTO E AREIA GROSSA ÚMIDA) COM ADIÇÃO DE EMULSÃO POLIMÉRICA PARA CHAPISCO ROLADO, PREPARO MECÂNICO COM MISTURADOR DE EIXO HORIZONTAL DE 600 KG. AF_08/2019","M3","2.344,77","2.349,67",null,2344.77,2349.67,"Sinapi 87362"]
["87363","ARGAMASSA TRAÇO 1:4 (EM VOLUME DE CIMENTO E AREIA GROSSA ÚMIDA) COM ADIÇÃO DE EMULSÃO POLIMÉRICA PARA CHAPISCO ROLADO, PREPARO MECÂNICO COM MISTURADOR DE EIXO HORIZONTAL DE 300 KG. AF_08/2019","M3","2.337,31","2.346,92",null,2337.31,2346.92,"Sinapi 87363"]
["87364","ARGAMASSA TRAÇO 1:4 (EM VOLUME DE CIMENTO E AREIA GROSSA ÚMIDA) COM ADIÇÃO DE EMULSÃO POLIMÉRICA PARA CHAPISCO ROLADO, PREPARO MECÂNICO COM MISTURADOR DE EIXO HORIZONTAL DE 600 KG. AF_08/2019","M3","2.317,46","2.322,60",null,2317.46,2322.6,"Sinapi 87364"]
["87365","ARGAMASSA TRAÇO 1:7 (EM VOLUME DE CIMENTO E AREIA MÉDIA ÚMIDA) COM ADIÇÃO DE PLASTIFICANTE PARA EMBOÇO/MASSA ÚNICA/ASSENTAMENTO DE ALVENARIA DE VEDAÇÃO, PREPARO MANUAL. AF_08/2019","M3","397,70","413,90",null,397.7,413.9,"Sinapi 87365"]
["87366","ARGAMASSA TRAÇO 1:6 (EM VOLUME DE CIMENTO E AREIA MÉDIA ÚMIDA) COM ADIÇÃO DE PLASTIFICANTE PARA EMBOÇO/MASSA ÚNICA/ASSENTAMENTO DE ALVENARIA DE VEDAÇÃO, PREPARO MANUAL. AF_08/2019","M3","414,66","431,37",null,414.66,431.37,"Sinapi 87366"]
["87367","ARGAMASSA TRAÇO 1:1:6 (EM VOLUME DE CIMENTO, CAL E AREIA MÉDIA ÚMIDA) PARA EMBOÇO/MASSA ÚNICA/ASSENTAMENTO DE ALVENARIA DE VEDAÇÃO, PREPARO MANUAL. AF_08/2019","M3","486,97","503,82",null,486.97,503.82,"Sinapi 87367"]
["87368","ARGAMASSA TRAÇO 1:1,5:7,5 (EM VOLUME DE CIMENTO, CAL E AREIA MÉDIA ÚMIDA) PARA EMBOÇO/MASSA ÚNICA/ASSENTAMENTO DE ALVENARIA DE VEDAÇÃO, PREPARO MANUAL. AF_08/2019","M3","482,09","499,07",null,482.09,499.07,"Sinapi 87368"]
["87369","ARGAMASSA TRAÇO 1:2:8 (EM VOLUME DE CIMENTO, CAL E AREIA MÉDIA ÚMIDA) PARA EMBOÇO/MASSA ÚNICA/ASSENTAMENTO DE ALVENARIA DE VEDAÇÃO, PREPARO MANUAL. AF_08/2019","M3","494,77","511,42",null,494.77,511.42,"Sinapi 87369"]
["87370","ARGAMASSA TRAÇO 1:2:9 (EM VOLUME DE CIMENTO, CAL E AREIA MÉDIA ÚMIDA) PARA EMBOÇO/MASSA ÚNICA/ASSENTAMENTO DE ALVENARIA DE VEDAÇÃO, PREPARO MANUAL. AF_08/2019","M3","479,84","496,59",null,479.84,496.59,"Sinapi 87370"]
["87371","ARGAMASSA TRAÇO 1:3:12 (EM VOLUME DE CIMENTO, CAL E AREIA MÉDIA ÚMIDA) PARA EMBOÇO/MASSA ÚNICA/ASSENTAMENTO DE ALVENARIA DE VEDAÇÃO, PREPARO MANUAL. AF_08/2019","M3","476,19","492,51",null,476.19,492.51,"Sinapi 87371"]
["87372","ARGAMASSA TRAÇO 1:3 (EM VOLUME DE CIMENTO E AREIA MÉDIA ÚMIDA) PARA CONTRAPISO, PREPARO MANUAL. AF_08/2019","M3","543,60","561,07",null,543.6,561.07000000000005,"Sinapi 87372"]
["87373","ARGAMASSA TRAÇO 1:4 (EM VOLUME DE CIMENTO E AREIA MÉDIA ÚMIDA) PARA CONTRAPISO, PREPARO MANUAL. AF_08/2019","M3","497,19","513,72",null,497.19,513.72,"Sinapi 87373"]
["87374","ARGAMASSA TRAÇO 1:5 (EM VOLUME DE CIMENTO E AREIA MÉDIA ÚMIDA) PARA CONTRAPISO, PREPARO MANUAL. AF_08/2019","M3","472,72","489,37",null,472.72,489.37,"Sinapi 87374"]
["87375","ARGAMASSA TRAÇO 1:6 (EM VOLUME DE CIMENTO E AREIA MÉDIA ÚMIDA) PARA CONTRAPISO, PREPARO MANUAL. AF_08/2019","M3","458,06","475,02",null,458.06,475.02,"Sinapi 87375"]
["87376","ARGAMASSA TRAÇO 1:5 (EM VOLUME DE CIMENTO E AREIA GROSSA ÚMIDA) PARA CHAPISCO CONVENCIONAL, PREPARO MANUAL. AF_08/2019","M3","398,44","414,64",null,398.44,414.64,"Sinapi 87376"]
["87377","ARGAMASSA TRAÇO 1:3 (EM VOLUME DE CIMENTO E AREIA GROSSA ÚMIDA) PARA CHAPISCO CONVENCIONAL, PREPARO MANUAL. AF_08/2019","M3","448,24","464,77",null,448.24,464.77,"Sinapi 87377"]
["87378","ARGAMASSA TRAÇO 1:4 (EM VOLUME DE CIMENTO E AREIA GROSSA ÚMIDA) PARA CHAPISCO CONVENCIONAL, PREPARO MANUAL. AF_08/2019","M3","414,86","430,85",null,414.86,430.85,"Sinapi 87378"]
["87379","ARGAMASSA TRAÇO 1:5 (EM VOLUME DE CIMENTO E AREIA GROSSA ÚMIDA) COM ADIÇÃO DE EMULSÃO POLIMÉRICA PARA CHAPISCO ROLADO, PREPARO MANUAL. AF_08/2019","M3","2.420,11","2.436,08",null,2420.11,2436.08,"Sinapi 87379"]
["87380","ARGAMASSA TRAÇO 1:3 (EM VOLUME DE CIMENTO E AREIA GROSSA ÚMIDA) COM ADIÇÃO DE EMULSÃO POLIMÉRICA PARA CHAPISCO ROLADO, PREPARO MANUAL. AF_08/2019","M3","2.471,55","2.487,85",null,2471.5500000000002,2487.85,"Sinapi 87380"]
["87381","ARGAMASSA TRAÇO 1:4 (EM VOLUME DE CIMENTO E AREIA GROSSA ÚMIDA) COM ADIÇÃO DE EMULSÃO POLIMÉRICA PARA CHAPISCO ROLADO, PREPARO MANUAL. AF_08/2019","M3","2.436,96","2.452,73",null,2436.96,2452.73,"Sinapi 87381"]
["87382","ARGAMASSA INDUSTRIALIZADA MULTIUSO PARA REVESTIMENTOS E ASSENTAMENTO DA ALVENARIA, PREPARO COM MISTURADOR DE EIXO HORIZONTAL DE 160 KG. AF_08/2019","M3","735,23","742,54",null,735.23,742.54,"Sinapi 87382"]
["87383","ARGAMASSA INDUSTRIALIZADA MULTIUSO PARA REVESTIMENTOS E ASSENTAMENTO DA ALVENARIA, PREPARO COM MISTURADOR DE EIXO HORIZONTAL DE 300 KG. AF_08/2019","M3","727,06","732,80",null,727.06,732.8,"Sinapi 87383"]
["87384","ARGAMASSA INDUSTRIALIZADA MULTIUSO PARA REVESTIMENTOS E ASSENTAMENTO DA ALVENARIA, PREPARO COM MISTURADOR DE EIXO HORIZONTAL DE 600 KG. AF_08/2019","M3","717,88","722,17",null,717.88,722.17,"Sinapi 87384"]
["87385","ARGAMASSA PRONTA PARA CONTRAPISO, PREPARO COM MISTURADOR DE EIXO HORIZONTAL DE 160 KG. AF_08/2019","M3","1.033,38","1.042,10",null,1033.3800000000001,1042.0999999999999,"Sinapi 87385"]
["87386","ARGAMASSA PRONTA PARA CONTRAPISO, PREPARO COM MISTURADOR DE EIXO HORIZONTAL DE 300 KG. AF_08/2019","M3","1.022,62","1.029,21",null,1022.62,1029.21,"Sinapi 87386"]
["87387","ARGAMASSA PRONTA PARA CONTRAPISO, PREPARO COM MISTURADOR DE EIXO HORIZONTAL DE 600 KG. AF_08/2019","M3","1.015,27","1.020,30",null,1015.27,1020.3,"Sinapi 87387"]
["87388","ARGAMASSA PARA REVESTIMENTO DECORATIVO MONOCAMADA (MONOCAPA), PREPARO COM MISTURADOR DE EIXO HORIZONTAL DE 160 KG. AF_08/2019","M3","2.419,00","2.426,37",null,2419,2426.37,"Sinapi 87388"]
["87389","ARGAMASSA PARA REVESTIMENTO DECORATIVO MONOCAMADA (MONOCAPA), PREPARO COM MISTURADOR DE EIXO HORIZONTAL DE 300 KG. AF_08/2019","M3","2.422,93","2.428,62",null,2422.9299999999998,2428.62,"Sinapi 87389"]
["87390","ARGAMASSA PARA REVESTIMENTO DECORATIVO MONOCAMADA (MONOCAPA), PREPARO COM MISTURADOR DE EIXO HORIZONTAL DE 600 KG. AF_08/2019","M3","2.430,81","2.435,10",null,2430.81,2435.1,"Sinapi 87390"]
["87391","ARGAMASSA INDUSTRIALIZADA PARA CHAPISCO ROLADO, PREPARO COM MISTURADOR DE EIXO HORIZONTAL DE 160 KG. AF_08/2019","M3","3.477,31","3.486,85",null,3477.31,3486.85,"Sinapi 87391"]
["87393","ARGAMASSA INDUSTRIALIZADA PARA CHAPISCO ROLADO, PREPARO COM MISTURADOR DE EIXO HORIZONTAL DE 300 KG. AF_08/2019","M3","3.505,82","3.513,56",null,3505.82,3513.56,"Sinapi 87393"]
["87394","ARGAMASSA INDUSTRIALIZADA PARA CHAPISCO ROLADO, PREPARO COM MISTURADOR DE EIXO HORIZONTAL DE 600 KG. AF_08/2019","M3","3.534,73","3.540,93",null,3534.73,3540.93,"Sinapi 87394"]
["87395","ARGAMASSA INDUSTRIALIZADA PARA CHAPISCO COLANTE, PREPARO COM MISTURADOR DE EIXO HORIZONTAL DE 160 KG. AF_08/2019","M3","2.734,42","2.743,96",null,2734.42,2743.96,"Sinapi 87395"]
["87396","ARGAMASSA INDUSTRIALIZADA PARA CHAPISCO COLANTE, PREPARO COM MISTURADOR DE EIXO HORIZONTAL DE 300 KG. AF_08/2019","M3","2.752,96","2.760,70",null,2752.96,2760.7,"Sinapi 87396"]
["87397","ARGAMASSA INDUSTRIALIZADA PARA CHAPISCO COLANTE, PREPARO COM MISTURADOR DE EIXO HORIZONTAL DE 600 KG. AF_08/2019","M3","2.772,33","2.778,53",null,{"$f":"IF(D5832=\"\",\"\",D5832+0)","v":2772.33},{"$f":"IF(E5832=\"\",\"\",E5832+0)","v":2778.53},{"$f":"IF(OR(G5832=\"\",H5832=\"\"),\"\",CONCATENATE(\"Sinapi \",A5832))","v":"Sinapi 87397"}]
["87398","ARGAMASSA INDUSTRIALIZADA MULTIUSO PARA REVESTIMENTOS E ASSENTAMENTO DA ALVENARIA, PREPARO MANUAL. AF_08/2019","M3","870,88","889,77",null,870.88,889.77,"Sinapi 87398"]
["87399","ARGAMASSA PRONTA PARA CONTRAPISO, PREPARO MANUAL. AF_08/2019","M3","1.174,90","1.195,20",null,1174.9000000000001,1195.2,"Sinapi 87399"]
["87401","ARGAMASSA INDUSTRIALIZADA PARA CHAPISCO ROLADO, PREPARO MANUAL. AF_08/2019","M3","3.690,10","3.713,77",null,3690.1,3713.77,"Sinapi 87401"]
["87402","ARGAMASSA INDUSTRIALIZADA PARA CHAPISCO COLANTE, PREPARO MANUAL. AF_08/2019","M3","2.932,00","2.955,67",null,2932,2955.67,"Sinapi 87402"]
["87404","ARGAMASSA PARA REVESTIMENTO DECORATIVO MONOCAMADA (MONOCAPA), MISTURA E PROJEÇÃO DE 1,5 M3/H DE ARGAMASSA. AF_08/2019","M3","2.531,97","2.542,27",null,2531.9699999999998,2542.27,"Sinapi 87404"]
["87405","ARGAMASSA PARA REVESTIMENTO DECORATIVO MONOCAMADA (MONOCAPA), MISTURA E PROJEÇÃO DE 2 M3/H DE ARGAMASSA. AF_06/2014","M3","2.529,37","2.537,10",null,2529.37,2537.1,"Sinapi 87405"]
["87407","ARGAMASSA INDUSTRIALIZADA PARA REVESTIMENTOS, MISTURA E PROJEÇÃO DE 1,5 M³/H DE ARGAMASSA. AF_08/2019","M3","757,26","764,21",null,757.26,764.21,"Sinapi 87407"]
["87408","ARGAMASSA INDUSTRIALIZADA PARA REVESTIMENTOS, MISTURA E PROJEÇÃO DE 2 M³/H DE ARGAMASSA. AF_06/2014","M3","744,64","749,86",null,744.64,749.86,"Sinapi 87408"]
["87410","ARGAMASSA À BASE DE GESSO, MISTURA E PROJEÇÃO DE 1,5 M³/H DE ARGAMASSA. AF_08/2019","M3","789,39","799,08",null,789.39,799.08,"Sinapi 87410"]
["88626","ARGAMASSA TRAÇO 1:0,5:4,5 (EM VOLUME DE CIMENTO, CAL E AREIA MÉDIA ÚMIDA), PREPARO MECÂNICO COM BETONEIRA 400 L. AF_08/2019","M3","377,32","383,68",null,377.32,383.68,"Sinapi 88626"]
["88627","ARGAMASSA TRAÇO 1:0,5:4,5 (EM VOLUME DE CIMENTO, CAL E AREIA MÉDIA ÚMIDA) PARA ASSENTAMENTO DE ALVENARIA, PREPARO MANUAL. AF_08/2019","M3","449,22","462,39",null,449.22,462.39,"Sinapi 88627"]
["88628","ARGAMASSA TRAÇO 1:3 (EM VOLUME DE CIMENTO E AREIA MÉDIA ÚMIDA), PREPARO MECÂNICO COM BETONEIRA 400 L. AF_08/2019","M3","368,72","374,33",null,368.72,374.33,"Sinapi 88628"]
["88629","ARGAMASSA TRAÇO 1:3 (EM VOLUME DE CIMENTO E AREIA MÉDIA ÚMIDA), PREPARO MANUAL. AF_08/2019","M3","444,33","457,18",null,444.33,457.18,"Sinapi 88629"]
["88630","ARGAMASSA TRAÇO 1:4 (CIMENTO E AREIA MÉDIA), PREPARO MECÂNICO COM BETONEIRA 400 L. AF_08/2014","M3","328,44","333,95",null,328.44,333.95,"Sinapi 88630"]
["88631","ARGAMASSA TRAÇO 1:4 (EM VOLUME DE CIMENTO E AREIA MÉDIA ÚMIDA), PREPARO MANUAL. AF_08/2019","M3","407,92","420,36",null,407.92,420.36,"Sinapi 88631"]
["88715","ARGAMASSA TRAÇO 1:2:9 (EM VOLUME DE CIMENTO, CAL E AREIA MÉDIA ÚMIDA) PARA EMBOÇO/MASSA ÚNICA/ASSENTAMENTO DE ALVENARIA DE VEDAÇÃO, PREPARO MECÂNICO COM BETONEIRA 400 L. AF_08/2019","M3","383,61","390,60",null,383.61,390.6,"Sinapi 88715"]
["95563","ARGAMASSA TRAÇO 1:1,65 (CIMENTO E AREIA MÉDIA), FCK 20 MPA, PREPARO MECÂNICO COM MISTURADOR DUPLO HORIZONTAL DE ALTA TURBULÊNCIA. AF_11/2016","M3","539,75","552,88",null,539.75,552.88,"Sinapi 95563"]
["100464","ARGAMASSA TRAÇO 1:0,5:4,5  (EM VOLUME DE CIMENTO, CAL E AREIA MÉDIA ÚMIDA), PREPARO MECÂNICO COM MISTURADOR DE EIXO HORIZONTAL DE 160 KG. AF_08/2019","M3","395,16","403,88",null,395.16,403.88,"Sinapi 100464"]
["100465","ARGAMASSA TRAÇO 1:0,5:4,5  (EM VOLUME DE CIMENTO, CAL E AREIA MÉDIA ÚMIDA), PREPARO MECÂNICO COM MISTURADOR DE EIXO HORIZONTAL DE 300 KG. AF_08/2019","M3","368,77","374,52",null,368.77,374.52,"Sinapi 100465"]
["100466","ARGAMASSA TRAÇO 1:0,5:4,5  (EM VOLUME DE CIMENTO, CAL E AREIA MÉDIA ÚMIDA), PREPARO MECÂNICO COM MISTURADOR DE EIXO HORIZONTAL DE 600 KG. AF_08/2019","M3","355,92","360,14",null,355.92,360.14,"Sinapi 100466"]
["100468","ARGAMASSA TRAÇO 1:3 (EM VOLUME DE CIMENTO E AREIA MÉDIA ÚMIDA), PREPARO MECÂNICO COM MISTURADOR DE EIXO HORIZONTAL DE 160 KG. AF_08/2019","M3","449,26","460,39",null,449.26,460.39,"Sinapi 100468"]
["100469","ARGAMASSA TRAÇO 1:3 (EM VOLUME DE CIMENTO E AREIA MÉDIA ÚMIDA), PREPARO MECÂNICO COM MISTURADOR DE EIXO HORIZONTAL DE 300 KG. AF_08/2019","M3","362,52","367,85",null,362.52,367.85,"Sinapi 100469"]
["100470","ARGAMASSA TRAÇO 1:3 (EM VOLUME DE CIMENTO E AREIA MÉDIA ÚMIDA), PREPARO MECÂNICO COM MISTURADOR DE EIXO HORIZONTAL DE 600 KG. AF_08/2019","M3","333,33","338,66",null,333.33,338.66,"Sinapi 100470"]
["100472","ARGAMASSA TRAÇO 1:4 (EM VOLUME DE CIMENTO E AREIA MÉDIA ÚMIDA), PREPARO MECÂNICO COM MISTURADOR DE EIXO HORIZONTAL DE 160 KG. AF_08/2019","M3","368,86","378,27",null,368.86,378.27,"Sinapi 100472"]
["100473","ARGAMASSA TRAÇO 1:4 (EM VOLUME DE CIMENTO E AREIA MÉDIA ÚMIDA), PREPARO MECÂNICO COM MISTURADOR DE EIXO HORIZONTAL DE 300 KG. AF_08/2019","M3","335,29","341,08",null,335.29,341.08,"Sinapi 100473"]
["100474","ARGAMASSA TRAÇO 1:4 (EM VOLUME DE CIMENTO E AREIA MÉDIA ÚMIDA), PREPARO MECÂNICO COM MISTURADOR DE EIXO HORIZONTAL DE 600 KG. AF_08/2019","M3","320,70","324,71",null,320.7,324.70999999999998,"Sinapi 100474"]
["100475","ARGAMASSA TRAÇO 1:3 (EM VOLUME DE CIMENTO E AREIA MÉDIA ÚMIDA) COM ADIÇÃO DE IMPERMEABILIZANTE, PREPARO MECÂNICO COM BETONEIRA 400 L. AF_08/2019","M3","476,96","483,11",null,476.96,483.11,"Sinapi 100475"]
["100477","ARGAMASSA TRAÇO 1:3 (EM VOLUME DE CIMENTO E AREIA MÉDIA ÚMIDA) COM ADIÇÃO DE IMPERMEABILIZANTE, PREPARO MECÂNICO COM MISTURADOR DE EIXO HORIZONTAL DE 160 KG. AF_08/2019","M3","520,21","531,89",null,520.21,531.89,"Sinapi 100477"]
["100478","ARGAMASSA TRAÇO 1:3 (EM VOLUME DE CIMENTO E AREIA MÉDIA ÚMIDA) COM ADIÇÃO DE IMPERMEABILIZANTE, PREPARO MECÂNICO COM MISTURADOR DE EIXO HORIZONTAL DE 300 KG. AF_08/2019","M3","468,30","474,17",null,468.3,474.17,"Sinapi 100478"]
["100479","ARGAMASSA TRAÇO 1:3 (EM VOLUME DE CIMENTO E AREIA MÉDIA ÚMIDA) COM ADIÇÃO DE IMPERMEABILIZANTE, PREPARO MECÂNICO COM MISTURADOR DE EIXO HORIZONTAL DE 600 KG. AF_08/2019","M3","457,16","461,66",null,457.16,461.66,"Sinapi 100479"]
["100480","ARGAMASSA TRAÇO 1:3 (EM VOLUME DE CIMENTO E AREIA MÉDIA ÚMIDA) COM ADIÇÃO DE IMPERMEABILIZANTE, PREPARO MANUAL. AF_08/2019","M3","551,87","565,22",null,551.87,565.22,"Sinapi 100480"]
["100481","ARGAMASSA TRAÇO 1:4 (EM VOLUME DE CIMENTO E AREIA MÉDIA ÚMIDA) COM ADIÇÃO DE IMPERMEABILIZANTE, PREPARO MECÂNICO COM BETONEIRA 400 L. AF_08/2019","M3","420,27","426,02",null,420.27,426.02,"Sinapi 100481"]
["100483","ARGAMASSA TRAÇO 1:4 (EM VOLUME DE CIMENTO E AREIA MÉDIA ÚMIDA) COM ADIÇÃO DE IMPERMEABILIZANTE, PREPARO MECÂNICO COM MISTURADOR DE EIXO HORIZONTAL DE 160 KG. AF_08/2019","M3","452,32","462,17",null,452.32,462.17,"Sinapi 100483"]
["100484","ARGAMASSA TRAÇO 1:4 (EM VOLUME DE CIMENTO E AREIA MÉDIA ÚMIDA) COM ADIÇÃO DE IMPERMEABILIZANTE, PREPARO MECÂNICO COM MISTURADOR DE EIXO HORIZONTAL DE 300 KG. AF_08/2019","M3","419,46","425,69",null,419.46,425.69,"Sinapi 100484"]
["100485","ARGAMASSA TRAÇO 1:4 (EM VOLUME DE CIMENTO E AREIA MÉDIA ÚMIDA) COM ADIÇÃO DE IMPERMEABILIZANTE, PREPARO MECÂNICO COM MISTURADOR DE EIXO HORIZONTAL DE 600 KG. AF_08/2019","M3","406,25","410,74",null,406.25,410.74,"Sinapi 100485"]
["100486","ARGAMASSA TRAÇO 1:4 (EM VOLUME DE CIMENTO E AREIA MÉDIA ÚMIDA) COM ADIÇÃO DE IMPERMEABILIZANTE, PREPARO MANUAL. AF_08/2019","M3","498,20","511,02",null,498.2,511.02,"Sinapi 100486"]
["100487","ARGAMASSA TRAÇO 1:2:9 (EM VOLUME DE CIMENTO, CAL E AREIA MÉDIA ÚMIDA) PARA EMBOÇO/MASSA ÚNICA/ASSENTAMENTO DE ALVENARIA DE VEDAÇÃO, PREPARO MECÂNICO COM MISTURADOR DE EIXO HORIZONTAL DE 600 KG. AF_08/2019","M3","365,95","371,45",null,365.95,371.45,"Sinapi 100487"]
["100488","ARGAMASSA TRAÇO 1:0,5:4,5 (EM VOLUME DE CIMENTO, CAL E AREIA MÉDIA ÚMIDA), PREPARO MECÂNICO COM BETONEIRA 600 L. AF_08/2019","M3","371,79","377,03",null,371.79,377.03,"Sinapi 100488"]
["100489","ARGAMASSA TRAÇO 1:3 (EM VOLUME DE CIMENTO E AREIA MÉDIA ÚMIDA), PREPARO MECÂNICO COM BETONEIRA 600 L. AF_08/2019","M3","367,63","372,76",null,367.63,372.76,"Sinapi 100489"]
["100490","ARGAMASSA TRAÇO 1:4 (EM VOLUME DE CIMENTO E AREIA MÉDIA ÚMIDA), PREPARO MECÂNICO COM BETONEIRA 600 L. AF_08/2019","M3","333,43","338,26",null,333.43,338.26,"Sinapi 100490"]
["100491","ARGAMASSA TRAÇO 1:3 (EM VOLUME DE CIMENTO E AREIA MÉDIA ÚMIDA) COM ADIÇÃO DE IMPERMEABILIZANTE, PREPARO MECÂNICO COM BETONEIRA 600 L. AF_08/2019","M3","476,71","482,43",null,476.71,482.43,"Sinapi 100491"]
["100492","ARGAMASSA TRAÇO 1:4 (EM VOLUME DE CIMENTO E AREIA MÉDIA ÚMIDA) COM ADIÇÃO DE IMPERMEABILIZANTE, PREPARO MECÂNICO COM BETONEIRA 600 L. AF_08/2019","M3","420,25","425,56",null,420.25,425.56,"Sinapi 100492"]
["92121","PENEIRAMENTO DE AREIA COM PENEIRA ELÉTRICA. AF_11/2015","M3","21,59","23,57",null,21.59,23.57,"Sinapi 92121"]
["92122","PENEIRAMENTO DE AREIA COM PENEIRA MANUAL. AF_11/2015","M3","36,28","39,87",null,36.28,39.869999999999997,"Sinapi 92122"]
["92123","ENSACAMENTO DE AREIA. AF_11/2015","M3","36,23","38,54",null,36.229999999999997,38.54,"Sinapi 92123"]
["100195","TRANSPORTE HORIZONTAL MANUAL, DE SACOS DE 50 KG (UNIDADE: KGXKM). AF_07/2019","KGXKM","0,55","0,61",null,0.55000000000000004,0.61,"Sinapi 100195"]
["100196","TRANSPORTE HORIZONTAL MANUAL, DE SACOS DE 30 KG (UNIDADE: KGXKM). AF_07/2019","KGXKM","0,92","1,01",null,0.92,1.01,"Sinapi 100196"]
["100197","TRANSPORTE HORIZONTAL MANUAL, DE SACOS DE 20 KG (UNIDADE: KGXKM). AF_07/2019","KGXKM","1,38","1,52",null,1.38,1.52,"Sinapi 100197"]
["100198","TRANSPORTE HORIZONTAL COM CARRINHO PLATAFORMA, DE SACOS DE 50 KG (UNIDADE: KGXKM). AF_07/2019","KGXKM","0,19","0,21",null,0.19,0.21,"Sinapi 100198"]
["100199","TRANSPORTE HORIZONTAL COM CARRINHO PLATAFORMA, DE SACOS DE 30 KG (UNIDADE: KGXKM). AF_07/2019","KGXKM","0,23","0,25",null,0.23,0.25,"Sinapi 100199"]
["100200","TRANSPORTE HORIZONTAL COM CARRINHO PLATAFORMA, DE SACOS DE 20 KG (UNIDADE: KGXKM). AF_07/2019","KGXKM","0,28","0,31",null,0.28000000000000003,0.31,"Sinapi 100200"]
["100201","TRANSPORTE HORIZONTAL COM CARRINHO DE MÃO, DE SACOS DE 50 KG (UNIDADE: KGXKM). AF_07/2019","KGXKM","0,56","0,62",null,0.56000000000000005,0.62,"Sinapi 100201"]
["100202","TRANSPORTE HORIZONTAL COM CARRINHO DE MÃO, DE SACOS DE 30 KG (UNIDADE: KGXKM). AF_07/2019","KGXKM","0,65","0,72",null,0.65,0.72,"Sinapi 100202"]
["100203","TRANSPORTE HORIZONTAL COM CARRINHO DE MÃO, DE SACOS DE 20 KG (UNIDADE: KGXKM). AF_07/2019","KGXKM","0,78","0,85",null,0.78,0.85,"Sinapi 100203"]
["100204","TRANSPORTE HORIZONTAL COM MANIPULADOR TELESCÓPICO, DE PÁLETE DE SACOS (UNIDADE: KGXKM). AF_07/2019","KGXKM","0,07","0,07",null,7.0000000000000007E-2,7.0000000000000007E-2,"Sinapi 100204"]
["100205","TRANSPORTE HORIZONTAL COM JERICA DE 60 L, DE MASSA/ GRANEL (UNIDADE: M3XKM). AF_07/2019","M3XKM","1.033,47","1.135,93",null,1033.47,1135.93,"Sinapi 100205"]
["100206","TRANSPORTE HORIZONTAL COM JERICA DE 90 L, DE MASSA/ GRANEL (UNIDADE: M3XKM). AF_07/2019","M3XKM","747,02","821,08",null,747.02,821.08,"Sinapi 100206"]
["100207","TRANSPORTE HORIZONTAL COM CARREGADEIRA, DE MASSA/ GRANEL (UNIDADE: M3XKM). AF_07/2019","M3XKM","280,64","294,23",null,280.64,294.23,"Sinapi 100207"]
["100208","TRANSPORTE HORIZONTAL MANUAL, DE BLOCOS VAZADOS DE CONCRETO OU CERÂMICO DE 19X19X39CM (UNIDADE: BLOCOXKM). AF_07/2019","UNXKM","13,67","15,02",null,13.67,15.02,"Sinapi 100208"]
["100209","TRANSPORTE HORIZONTAL MANUAL, DE BLOCOS CERÂMICOS FURADOS NA HORIZONTAL DE 9X19X19CM (UNIDADE: BLOCOXKM). AF_07/2019","UNXKM","6,83","7,51",null,6.83,7.51,"Sinapi 100209"]
["100210","TRANSPORTE HORIZONTAL COM CARRINHO DE MÃO, DE BLOCOS VAZADOS DE CONCRETO OU CERÂMICO DE 19X19X39CM (UNIDADE: BLOCOXKM). AF_07/2019","UNXKM","12,59","13,84",null,12.59,13.84,"Sinapi 100210"]
["100211","TRANSPORTE HORIZONTAL COM CARRINHO DE MÃO, DE BLOCOS CERÂMICOS FURADOS NA HORIZONTAL DE 9X19X19CM (UNIDADE: BLOCOXKM). AF_07/2019","UNXKM","4,86","5,34",null,4.8600000000000003,5.34,"Sinapi 100211"]
["100212","TRANSPORTE HORIZONTAL COM CARRINHO PLATAFORMA, DE BLOCOS VAZADOS DE CONCRETO OU CERÂMICO DE 19X19X39CM (UNIDADE: BLOCOXKM). AF_07/2019","UNXKM","5,36","5,90",null,5.36,5.9,"Sinapi 100212"]
["100213","TRANSPORTE HORIZONTAL COM CARRINHO PLATAFORMA, DE BLOCOS CERÂMICOS FURADOS NA HORIZONTAL DE 9X19X19CM (UNIDADE: BLOCOXKM). AF_07/2019","UNXKM","1,92","2,12",null,{"$f":"IF(D5896=\"\",\"\",D5896+0)","v":1.92},{"$f":"IF(E5896=\"\",\"\",E5896+0)","v":2.12},{"$f":"IF(OR(G5896=\"\",H5896=\"\"),\"\",CONCATENATE(\"Sinapi \",A5896))","v":"Sinapi 100213"}]
["100214","TRANSPORTE HORIZONTAL COM CARRINHO MINI PÁLETES, DE BLOCOS VAZADOS DE CONCRETO DE 19X19X39CM (UNIDADE: BLOCOXKM). AF_07/2019","UNXKM","2,96","3,25",null,2.96,3.25,"Sinapi 100214"]
["100215","TRANSPORTE HORIZONTAL COM CARRINHO MINI PÁLETES, DE BLOCOS CERÂMICOS FURADOS NA VERTICAL DE 19X19X39CM (UNIDADE: BLOCOXKM). AF_07/2019","UNXKM","2,53","2,78",null,2.5299999999999998,2.78,"Sinapi 100215"]
["100216","TRANSPORTE HORIZONTAL COM CARRINHO MINI PÁLETES, DE BLOCOS CERÂMICOS FURADOS NA HORIZONTAL DE 9X19X19CM (UNIDADE: BLOCOXKM). AF_07/2019","UNXKM","0,68","0,75",null,0.68,0.75,"Sinapi 100216"]
["100217","TRANSPORTE HORIZONTAL COM MANIPULADOR TELESCÓPICO, DE BLOCOS VAZADOS DE CONCRETO DE 19X19X39CM (UNIDADE: BLOCOXKM). AF_07/2019","UNXKM","1,92","1,99",null,1.92,1.99,"Sinapi 100217"]
["100218","TRANSPORTE HORIZONTAL COM MANIPULADOR TELESCÓPICO, DE BLOCOS CERÂMICOS FURADOS NA VERTICAL DE 19X19X39CM (UNIDADE: BLOCOXKM). AF_07/2019","UNXKM","1,32","1,37",null,1.32,1.37,"Sinapi 100218"]
["100219","TRANSPORTE HORIZONTAL COM MANIPULADOR TELESCÓPICO, DE BLOCOS CERÂMICOS FURADOS NA HORIZONTAL DE 9X19X19CM (UNIDADE: BLOCOXKM). AF_07/2019","UNXKM","0,29","0,30",null,0.28999999999999998,0.3,"Sinapi 100219"]
["100220","TRANSPORTE HORIZONTAL MANUAL, DE CAIXA COM REVESTIMENTO CERÂMICO (UNIDADE: M2XKM). AF_07/2019","M2XKM","19,64","21,58",null,19.64,21.58,"Sinapi 100220"]
["100221","TRANSPORTE HORIZONTAL COM CARRINHO DE MÃO, DE CAIXA COM REVESTIMENTO CERÂMICO (UNIDADE: M2XKM). AF_07/2019","M2XKM","22,26","24,47",null,22.26,24.47,"Sinapi 100221"]
["100222","TRANSPORTE HORIZONTAL COM CARRINHO PLATAFORMA, DE CAIXA COM REVESTIMENTO CERÂMICO (UNIDADE: M2XKM). AF_07/2019","M2XKM","8,43","9,27",null,8.43,9.27,"Sinapi 100222"]
["100223","TRANSPORTE HORIZONTAL COM CARRINHO MINI PÁLETES, DE CAIXA COM REVESTIMENTO CERÂMICO (UNIDADE: M2XKM). AF_07/2019","M2XKM","3,94","4,33",null,3.94,4.33,"Sinapi 100223"]
["100224","TRANSPORTE HORIZONTAL COM MANIPULADOR TELESCÓPICO, DE CAIXA COM REVESTIMENTO CERÂMICO (UNIDADE: M2XKM). AF_07/2019","M2XKM","1,92","1,99",null,1.92,1.99,"Sinapi 100224"]
["100225","TRANSPORTE HORIZONTAL MANUAL, DE LATA DE 18 LITROS (UNIDADE: LXKM). AF_07/2019","LXKM","1,54","1,69",null,1.54,1.69,"Sinapi 100225"]
["100226","TRANSPORTE HORIZONTAL COM CARRINHO PLATAFORMA, DE LATA DE 18 LITROS (UNIDADE: LXKM). AF_07/2019","LXKM","0,48","0,53",null,0.48,0.53,"Sinapi 100226"]
["100227","TRANSPORTE HORIZONTAL COM CARRINHO RACIONAL, DE LATA DE 18 LITROS (UNIDADE: LXKM). AF_07/2019","LXKM","0,71","0,78",null,0.71,0.78,"Sinapi 100227"]
["100228","TRANSPORTE HORIZONTAL COM MANIPULADOR TELESCÓPICO, DE LATA DE 18 LITROS (UNIDADE: LXKM). AF_07/2019","LXKM","0,19","0,19",null,0.19,0.19,"Sinapi 100228"]
["100229","TRANSPORTE VERTICAL MANUAL, 1 PAVIMENTO, DE SACOS DE 50 KG (UNIDADE: KG). AF_07/2019","KG","0,01","0,01",null,0.01,0.01,"Sinapi 100229"]
["100230","TRANSPORTE VERTICAL MANUAL, 1 PAVIMENTO, DE SACOS DE 30 KG (UNIDADE: KG). AF_07/2019","KG","0,01","0,01",null,0.01,0.01,"Sinapi 100230"]
["100231","TRANSPORTE VERTICAL MANUAL, 1 PAVIMENTO, DE SACOS DE 20 KG (UNIDADE: KG). AF_07/2019","KG","0,02","0,02",null,0.02,0.02,"Sinapi 100231"]
["100232","TRANSPORTE VERTICAL MANUAL, 1 PAVIMENTO, DE BLOCOS VAZADOS DE CONCRETO OU CERÂMICO DE 19X19X39CM (UNIDADE: BLOCO). AF_07/2019","UN","0,26","0,28",null,0.26,0.28000000000000003,"Sinapi 100232"]
["100233","TRANSPORTE VERTICAL MANUAL, 1 PAVIMENTO, DE BLOCOS CERÂMICOS FURADOS NA HORIZONTAL DE 9X19X19CM (UNIDADE: BLOCO). AF_07/2019","UN","0,13","0,14",null,0.13,0.14000000000000001,"Sinapi 100233"]
["100234","TRANSPORTE VERTICAL MANUAL, 1 PAVIMENTO, DE CAIXA COM REVESTIMENTO CERÂMICO (UNIDADE: M2). AF_07/2019","M2","0,38","0,42",null,0.38,0.42,"Sinapi 100234"]
["100235","TRANSPORTE VERTICAL MANUAL, 1 PAVIMENTO, DE LATA DE 18 LITROS (UNIDADE: L). AF_07/2019","L","0,03","0,03",null,0.03,0.03,"Sinapi 100235"]
["100236","TRANSPORTE HORIZONTAL MANUAL, DE TUBO DE PVC SOLDÁVEL COM DIÂMETRO MENOR OU IGUAL A 60 MM (UNIDADE: MXKM). AF_07/2019","MXKM","1,95","2,15",null,1.95,2.15,"Sinapi 100236"]
["100237","TRANSPORTE HORIZONTAL MANUAL, DE TUBO DE PVC SOLDÁVEL COM DIÂMETRO MAIOR QUE 60 MM E MENOR OU IGUAL A 85 MM (UNIDADE: MXKM). AF_07/2019","MXKM","2,34","2,58",null,2.34,2.58,"Sinapi 100237"]
["100238","TRANSPORTE HORIZONTAL MANUAL, DE TUBO DE CPVC COM DIÂMETRO MENOR OU IGUAL A 73 MM (UNIDADE: MXKM). AF_07/2019","MXKM","3,75","4,13",null,3.75,4.13,"Sinapi 100238"]
["100239","TRANSPORTE HORIZONTAL MANUAL, DE TUBO DE CPVC COM DIÂMETRO MAIOR QUE 73 MM E MENOR OU IGUAL A 89 MM (UNIDADE: MXKM). AF_07/2019","MXKM","4,69","5,16",null,4.6900000000000004,5.16,"Sinapi 100239"]
["100240","TRANSPORTE HORIZONTAL MANUAL, DE TUBO DE PPR - PN12 OU PN25 - COM DIÂMETRO MENOR OU IGUAL A 50 MM (UNIDADE: MXKM). AF_07/2019","MXKM","2,81","3,09",null,2.81,3.09,"Sinapi 100240"]
["100241","TRANSPORTE HORIZONTAL MANUAL, DE TUBO DE PPR - PN12 OU PN25 - COM DIÂMETRO MAIOR QUE 50 MM E MENOR OU IGUAL A 75 MM (UNIDADE: MXKM). AF_07/2019","MXKM","4,69","5,16",null,4.6900000000000004,5.16,"Sinapi 100241"]
["100242","TRANSPORTE HORIZONTAL MANUAL, DE TUBO DE PPR - PN12 OU PN25 - COM DIÂMETRO MAIOR QUE 75 MM E MENOR OU IGUAL A 110 MM (UNIDADE: MXKM). AF_07/2019","MXKM","13,88","15,26",null,13.88,15.26,"Sinapi 100242"]
["100243","TRANSPORTE HORIZONTAL MANUAL, DE TUBO DE COBRE - CLASSE E - COM DIÂMETRO MENOR OU IGUAL A 54 MM (UNIDADE: MXKM). AF_07/2019","MXKM","2,25","2,47",null,2.25,2.4700000000000002,"Sinapi 100243"]
["100244","TRANSPORTE HORIZONTAL MANUAL, DE TUBO DE COBRE - CLASSE E - COM DIÂMETRO MAIOR QUE 54 MM E MENOR OU IGUAL A 79 MM (UNIDADE: MXKM). AF_07/2019","MXKM","2,81","3,09",null,2.81,3.09,"Sinapi 100244"]
["100245","TRANSPORTE HORIZONTAL MANUAL, DE TUBO DE COBRE - CLASSE E - COM DIÂMETRO MAIOR QUE 79 MM E MENOR OU IGUAL A 104 MM (UNIDADE: MXKM). AF_07/2019","MXKM","5,63","6,19",null,5.63,6.19,"Sinapi 100245"]
["100246","TRANSPORTE HORIZONTAL MANUAL, DE TUBO DE PVC SÉRIE NORMAL - ESGOTO PREDIAL, OU REFORÇADO PARA ESGOTO OU ÁGUAS PLUVIAIS PREDIAL, COM DIÂMETRO MENOR OU IGUAL A 75 MM (UNIDADE: MXKM). AF_07/2019","MXKM","1,87","2,06",null,1.87,2.06,"Sinapi 100246"]
["100247","TRANSPORTE HORIZONTAL MANUAL, DE TUBO DE PVC SÉRIE NORMAL - ESGOTO PREDIAL, OU REFORÇADO PARA ESGOTO OU ÁGUAS PLUVIAIS PREDIAL, COM DIÂMETRO MAIOR QUE 75 MM E MENOR OU IGUAL A 100 MM (UNIDADE: MXKM). AF_07/2019","MXKM","2,34","2,58",null,2.34,2.58,"Sinapi 100247"]
["100248","TRANSPORTE HORIZONTAL MANUAL, DE TUBO DE PVC SÉRIE NORMAL - ESGOTO PREDIAL, OU REFORÇADO PARA ESGOTO OU ÁGUAS PLUVIAIS PREDIAL, COM DIÂMETRO MAIOR QUE 100 MM E MENOR OU IGUAL A 150 MM (UNIDADE: MXKM). AF_07/2019","MXKM","9,25","10,17",null,9.25,10.17,"Sinapi 100248"]
["100249","TRANSPORTE HORIZONTAL MANUAL, DE TUBO DE AÇO CARBONO LEVE OU MÉDIO, PRETO OU GALVANIZADO, COM DIÂMETRO MENOR OU IGUAL A 20 MM (UNIDADE: MXKM). AF_07/2019","MXKM","1,87","2,06",null,1.87,2.06,"Sinapi 100249"]
["100250","TRANSPORTE HORIZONTAL MANUAL, DE TUBO DE AÇO CARBONO LEVE OU MÉDIO, PRETO OU GALVANIZADO, COM DIÂMETRO MAIOR QUE 20 MM E MENOR OU IGUAL A 32 MM (UNIDADE: MXKM). AF_07/2019","MXKM","3,13","3,44",null,3.13,3.44,"Sinapi 100250"]
["100251","TRANSPORTE HORIZONTAL MANUAL, DE TUBO DE AÇO CARBONO LEVE OU MÉDIO, PRETO OU GALVANIZADO, COM DIÂMETRO MAIOR QUE 32 MM E MENOR OU IGUAL A 65 MM (UNIDADE: MXKM). AF_07/2019","MXKM","9,25","10,17",null,9.25,10.17,"Sinapi 100251"]
["100252","TRANSPORTE HORIZONTAL MANUAL, DE TUBO DE AÇO CARBONO LEVE OU MÉDIO, PRETO OU GALVANIZADO, COM DIÂMETRO MAIOR QUE 65 MM E MENOR OU IGUAL A 90 MM (UNIDADE: MXKM). AF_07/2019","MXKM","13,88","15,26",null,13.88,15.26,"Sinapi 100252"]
["100253","TRANSPORTE HORIZONTAL MANUAL, DE TUBO DE AÇO CARBONO LEVE OU MÉDIO, PRETO OU GALVANIZADO, COM DIÂMETRO MAIOR QUE 90 MM E MENOR OU IGUAL A 125 MM (UNIDADE: MXKM). AF_07/2019","MXKM","18,51","20,34",null,18.510000000000002,20.34,"Sinapi 100253"]
["100254","TRANSPORTE HORIZONTAL MANUAL, DE TUBO DE AÇO CARBONO LEVE OU MÉDIO, PRETO OU GALVANIZADO, COM DIÂMETRO MAIOR QUE 125 MM E MENOR OU IGUAL A 150 MM (UNIDADE: MXKM). AF_07/2019","MXKM","27,76","30,52",null,27.76,30.52,"Sinapi 100254"]
["100255","TRANSPORTE HORIZONTAL MANUAL, DE TÁBUAS DE MADEIRA COM SEÇÃO TRANSVERSAL DE 2,5 X 25 CM E 2,5 X 30 CM (UNIDADE: MXKM). AF_07/2019","MXKM","9,39","10,32",null,9.39,10.32,"Sinapi 100255"]
["100256","TRANSPORTE HORIZONTAL MANUAL, DE CAIBROS DE MADEIRA COM SEÇÃO TRANSVERSAL DE 7,5 X 6 CM E 6 X 8 CM (UNIDADE: MXKM). AF_07/2019","MXKM","6,26","6,88",null,6.26,6.88,"Sinapi 100256"]
["100257","TRANSPORTE HORIZONTAL MANUAL, DE RIPAS DE MADEIRA COM SEÇÃO TRANSVERSAL DE 1 X 5 CM E 2 X 5 CM (UNIDADE: MXKM). AF_07/2019","MXKM","3,75","4,13",null,3.75,4.13,"Sinapi 100257"]
["100258","TRANSPORTE HORIZONTAL MANUAL, DE VIGAS DE MADEIRA COM SEÇÃO TRANSVERSAL DE 5 X 12 CM (UNIDADE: MXKM). AF_07/2019","MXKM","9,39","10,32",null,9.39,10.32,"Sinapi 100258"]
["100259","TRANSPORTE HORIZONTAL MANUAL, DE VIGAS DE MADEIRA COM SEÇÃO TRANSVERSAL DE 6 X 16 CM (UNIDADE: MXKM). AF_07/2019","MXKM","18,51","20,34",null,18.510000000000002,20.34,"Sinapi 100259"]
["100260","TRANSPORTE HORIZONTAL MANUAL, DE VERGALHÕES DE AÇO COM DIÂMETRO DE 5 MM (UNIDADE: KGXKM). AF_07/2019","KGXKM","6,10","6,70",null,6.1,6.7,"Sinapi 100260"]
["100261","TRANSPORTE HORIZONTAL MANUAL, DE VERGALHÕES DE AÇO COM DIÂMETRO DE 6,3 MM (UNIDADE: KGXKM). AF_07/2019","KGXKM","3,83","4,21",null,3.83,4.21,"Sinapi 100261"]
["100262","TRANSPORTE HORIZONTAL MANUAL, DE VERGALHÕES DE AÇO COM DIÂMETRO DE 8 MM (UNIDADE: KGXKM). AF_07/2019","KGXKM","2,37","2,61",null,2.37,2.61,"Sinapi 100262"]
["100263","TRANSPORTE HORIZONTAL MANUAL, DE VERGALHÕES DE AÇO COM DIÂMETRO DE 10 MM; 12,5 MM; 16 MM; 20 MM; 25 MM OU 32 MM (UNIDADE: KGXKM). AF_07/2019","KGXKM","1,52","1,67",null,1.52,1.67,"Sinapi 100263"]
["100264","TRANSPORTE HORIZONTAL MANUAL, DE JANELA (UNIDADE: M2XKM). AF_07/2019","M2XKM","27,72","30,47",null,27.72,30.47,"Sinapi 100264"]
["100265","TRANSPORTE VERTICAL MANUAL, 1 PAVIMENTO, DE JANELA (UNIDADE: M2). AF_07/2019","M2","0,58","0,64",null,0.57999999999999996,0.64,"Sinapi 100265"]
["100266","TRANSPORTE HORIZONTAL MANUAL, DE PORTA (UNIDADE: UNIDXKM). AF_07/2019","UNXKM","58,92","64,76",null,58.92,64.760000000000005,"Sinapi 100266"]
["100267","TRANSPORTE VERTICAL MANUAL, 1 PAVIMENTO, DE PORTA (UNIDADE: UNID). AF_07/2019","UN","1,16","1,28",null,1.1599999999999999,1.28,"Sinapi 100267"]
["100268","TRANSPORTE HORIZONTAL MANUAL, DE BANCADA DE MÁRMORE OU GRANITO PARA COZINHA/LAVATÓRIO OU MÁRMORE SINTÉTICO COM CUBA INTEGRADA (UNIDADE: UNIDXKM). AF_07/2019","UNXKM","58,92","64,76",null,58.92,64.760000000000005,"Sinapi 100268"]
["100269","TRANSPORTE VERTICAL, BANCADA DE MÁRMORE OU GRANITO PARA COZINHA/LAVATÓRIO OU MÁRMORE SINTÉTICO COM CUBA INTEGRADA, MANUAL, 1 PAVIMENTO, (UNIDADE: UNID). AF_07/2019","UN","1,16","1,28",null,1.1599999999999999,1.28,"Sinapi 100269"]
["100270","TRANSPORTE HORIZONTAL COM CARRINHO PLATAFORMA, DE BANCADA DE MÁRMORE OU GRANITO PARA COZINHA/LAVATÓRIO OU MÁRMORE SINTÉTICO COM CUBA INTEGRADA (UNIDADE: UNIDXKM). AF_07/2019","UNXKM","44,17","48,54",null,44.17,48.54,"Sinapi 100270"]
["100271","TRANSPORTE HORIZONTAL MANUAL, DE VIDRO (UNIDADE: M2XKM). AF_07/2019","M2XKM","44,19","48,57",null,44.19,48.57,"Sinapi 100271"]
["100272","TRANSPORTE VERTICAL MANUAL, 1 PAVIMENTO, DE VIDRO (UNIDADE: M2). AF_07/2019","M2","0,87","0,96",null,0.87,0.96,"Sinapi 100272"]
["100273","TRANSPORTE HORIZONTAL MANUAL, DE TELA DE AÇO (UNIDADE: KGXKM). AF_07/2019","KGXKM","2,30","2,53",null,2.2999999999999998,2.5299999999999998,"Sinapi 100273"]
["100274","TRANSPORTE HORIZONTAL MANUAL, DE COMPENSADO DE MADEIRA (UNIDADE: M2XKM). AF_07/2019","M2XKM","19,65","21,60",null,19.649999999999999,21.6,"Sinapi 100274"]
["100275","TRANSPORTE HORIZONTAL MANUAL, DE TELHA TERMOACÚSTICA OU TELHA DE AÇO ZINCADO (UNIDADE: M2XKM). AF_07/2019","M2XKM","12,70","13,96",null,12.7,13.96,"Sinapi 100275"]
["100276","TRANSPORTE HORIZONTAL MANUAL, DE TELHA DE FIBROCIMENTO OU TELHA ESTRUTURAL DE FIBROCIMENTO, CANALETE 90 OU KALHETÃO (UNIDADE: M2XKM). AF_07/2019","M2XKM","23,18","25,48",null,23.18,25.48,"Sinapi 100276"]
["100277","TRANSPORTE HORIZONTAL COM MANIPULADOR TELESCÓPICO, DE TELHAS TERMOACÚSTICAS, FIBROCIMENTO, AÇO ZINCADO, FIBROCIMENTO ESTRUTURAL, CANALETE 90 OU KALHETÃO (UNIDADE: M2XKM). AF_07/2019","M2XKM","1,23","1,27",null,{"$f":"IF(D5960=\"\",\"\",D5960+0)","v":1.23},{"$f":"IF(E5960=\"\",\"\",E5960+0)","v":1.27},{"$f":"IF(OR(G5960=\"\",H5960=\"\"),\"\",CONCATENATE(\"Sinapi \",A5960))","v":"Sinapi 100277"}]
["100278","TRANSPORTE HORIZONTAL MANUAL, DE BACIA SANITÁRIA, CAIXA ACOPLADA, TANQUE OU PIA (UNIDADE: UNIDXKM). AF_07/2019","UNXKM","28,19","30,98",null,28.19,30.98,"Sinapi 100278"]
["100279","TRANSPORTE VERTICAL MANUAL, 1 PAVIMENTO, DE BACIA SANITÁRIA, CAIXA ACOPLADA, TANQUE OU PIA (UNIDADE: UNID). AF_07/2019","UN","0,54","0,60",null,0.54,0.6,"Sinapi 100279"]
["100280","TRANSPORTE HORIZONTAL COM CARRINHO PLATAFORMA, DE BACIA SANITÁRIA, CAIXA ACOPLADA, TANQUE OU PIA (UNIDADE: UNIDXKM). AF_07/2019","UNXKM","12,94","14,23",null,12.94,14.23,"Sinapi 100280"]
["100281","TRANSPORTE HORIZONTAL COM MANIPULADOR TELESCÓPICO, DE BACIA SANITÁRIA, CAIXA ACOPLADA, TANQUE OU PIA (UNIDADE: UNIDXKM). AF_07/2019","UNXKM","2,36","2,44",null,2.36,2.44,"Sinapi 100281"]
["100282","TRANSPORTE HORIZONTAL MANUAL, DE TELHA DE CONCRETO OU CERÂMICA (UNIDADE: M2XKM). AF_07/2019","M2XKM","110,39","121,34",null,110.39,121.34,"Sinapi 100282"]
["100283","TRANSPORTE HORIZONTAL COM CARRINHO PLATAFORMA, DE TELHA DE CONCRETO OU CERÂMICA (UNIDADE: M2XKM). AF_07/2019","M2XKM","17,83","19,60",null,17.829999999999998,19.600000000000001,"Sinapi 100283"]
["100284","TRANSPORTE HORIZONTAL COM MANIPULADOR TELESCÓPICO, DE TELHA DE CONCRETO OU CERÂMICA (UNIDADE: M2XKM). AF_07/2019","M2XKM","6,90","7,17",null,6.9,7.17,"Sinapi 100284"]
["100285","TRANSPORTE HORIZONTAL MANUAL, DE BARRAMENTO BLINDADO (UNIDADE: MXKM). AF_07/2019","MXKM","29,66","32,60",null,29.66,32.6,"Sinapi 100285"]
["100286","TRANSPORTE HORIZONTAL COM CARRINHO PLATAFORMA, DE BARRAMENTO BLINDADO (UNIDADE: MXKM). AF_07/2019","MXKM","9,66","10,62",null,9.66,10.62,"Sinapi 100286"]
["100287","TRANSPORTE HORIZONTAL MANUAL, DE CALHA QUADRADA NÚMERO 24 \u0096 CORTE 33 (UNIDADE: MXKM). AF_07/2019","MXKM","9,25","10,17",null,9.25,10.17,"Sinapi 100287"]
["84117","RASPAGEM / CALAFETACAO TACOS MADEIRA 1 DEMAO CERA","M2","18,80","20,77",null,18.8,20.77,"Sinapi 84117"]
["84120","ENCERAMENTO MANUAL EM MADEIRA - 3 DEMAOS","M2","13,27","13,84",null,13.27,13.84,"Sinapi 84120"]
["99802","LIMPEZA DE PISO CERÂMICO OU PORCELANATO COM VASSOURA A SECO. AF_04/2019","M2","0,37","0,41",null,0.37,0.41,"Sinapi 99802"]
["99803","LIMPEZA DE PISO CERÂMICO OU PORCELANATO COM PANO ÚMIDO. AF_04/2019","M2","1,46","1,61",null,1.46,1.61,"Sinapi 99803"]
["99805","LIMPEZA DE PISO CERÂMICO OU COM PEDRAS RÚSTICAS UTILIZANDO ÁCIDO MURIÁTICO. AF_04/2019","M2","7,64","8,38",null,7.64,8.3800000000000008,"Sinapi 99805"]
["99806","LIMPEZA DE REVESTIMENTO CERÂMICO EM PAREDE COM PANO ÚMIDO AF_04/2019","M2","0,60","0,66",null,0.6,0.66,"Sinapi 99806"]
["99808","LIMPEZA DE REVESTIMENTO CERÂMICO EM PAREDE UTILIZANDO ÁCIDO MURIÁTICO. AF_04/2019","M2","2,50","2,73",null,2.5,2.73,"Sinapi 99808"]
["99809","LIMPEZA DE PISO DE LADRILHO HIDRÁULICO COM PANO ÚMIDO. AF_04/2019","M2","4,17","4,58",null,4.17,4.58,"Sinapi 99809"]
["99811","LIMPEZA DE CONTRAPISO COM VASSOURA A SECO. AF_04/2019","M2","2,49","2,74",null,2.4900000000000002,2.74,"Sinapi 99811"]
["99812","LIMPEZA DE LADRILHO HIDRÁULICO EM PAREDE COM PANO ÚMIDO. AF_04/2019","M2","0,80","0,88",null,0.8,0.88,"Sinapi 99812"]
["99814","LIMPEZA DE SUPERFÍCIE COM JATO DE ALTA PRESSÃO. AF_04/2019","M2","1,35","1,49",null,1.35,1.49,"Sinapi 99814"]
["99822","LIMPEZA DE PORTA DE MADEIRA. AF_04/2019","M2","0,71","0,78",null,0.71,0.78,"Sinapi 99822"]
["99826","LIMPEZA DE FORRO REMOVÍVEL COM PANO ÚMIDO. AF_04/2019","M2","1,08","1,19",null,1.08,1.19,"Sinapi 99826"]
["74163/1","PERFURACAO DE POCO COM PERFURATRIZ PNEUMATICA","M","40,75","43,17",null,40.75,43.17,"Sinapi 74163/1"]
["74163/2","PERFURACAO DE POCO COM PERFURATRIZ A PERCUSSAO","M","71,23","78,24",null,71.23,78.239999999999995,"Sinapi 74163/2"]
["84127","REVESTIMENTO DE POCOS C/ TUBOS DE CONCRETO","M","376,50","383,94",null,376.5,383.94,"Sinapi 84127"]
["40841","ABRACADEIRA P/POCOS PROFUNDOS","UN","108,66","118,33",null,108.66,118.33,"Sinapi 40841"]
["71516","CONJUNTO DE MANGUEIRA PARA COMBATE A INCENDIO EM FIBRA DE POLIESTER PURA, COM 1.1/2\", REVESTIDA INTERNAMENTE, COM 2 LANCES DE 15M CADA","UN","480,00","480,00",null,480,480,"Sinapi 71516"]
["73361","CONCRETO CICLOPICO FCK=10MPA 30% PEDRA DE MAO INCLUSIVE LANCAMENTO","M3","390,39","409,34",null,390.39,409.34,"Sinapi 73361"]
["73714","CAIXA PARA RALO C OM GRELHA FOFO 135 KG DE ALV TIJOLO MACICO (7X10X20) PAREDES DE UMA VEZ (0.20 M) DE 0.90X1.20X1.50 M (EXTERNA) COM ARGAMASSA 1:4 CIMENTO:AREIA, BASE CONC FCK=10 MPA, EXCLUSIVE ESCAVACAO E REATERRO.","UN","1.329,77","1.394,45",null,1329.77,1394.45,"Sinapi 73714"]
["86957","MÃO FRANCESA EM BARRA DE FERRO CHATO RETANGULAR 2\" X 1/4\", REFORÇADA, 40 X 30 CM","UN","20,78","21,14",null,20.78,21.14,"Sinapi 86957"]
["86958","MÃO FRANCESA EM BARRA DE FERRO CHATO RETANGULAR 2\" X 1/4\", REFORÇADA, 30 X 25 CM","UN","17,06","17,42",null,17.059999999999999,17.420000000000002,"Sinapi 86958"]
["97010","GUARDA-CORPO FIXADO EM FÔRMA DE MADEIRA COM TRAVESSÕES EM MADEIRA PREGADA E FECHAMENTO EM TELA DE POLIPROPILENO PARA EDIFICAÇÕES COM ATÉ 2 PAVIMENTOS. AF_11/2017","M","49,73","51,17",null,49.73,51.17,"Sinapi 97010"]
["97011","GUARDA-CORPO FIXADO EM FÔRMA DE MADEIRA COM TRAVESSÕES EM MADEIRA PREGADA E FECHAMENTO EM TELA DE POLIPROPILENO PARA EDIFICAÇÕES COM  3 PAVIMENTOS. AF_11/2017","M","38,16","39,60",null,38.159999999999997,39.6,"Sinapi 97011"]
["97012","GUARDA-CORPO FIXADO EM FÔRMA DE MADEIRA COM TRAVESSÕES EM MADEIRA PREGADA E FECHAMENTO EM TELA DE POLIPROPILENO PARA EDIFICAÇÕES COM ALTURA IGUAL OU SUPERIOR A 4 PAVIMENTOS. AF_11/2017","M","32,36","33,80",null,32.36,33.799999999999997,"Sinapi 97012"]
["97013","GUARDA-CORPO FIXADO EM FÔRMA DE MADEIRA COM TRAVESSÕES EM MADEIRA PREGADA E FECHAMENTO EM PAINEL COMPENSADO PARA EDIFICAÇÕES COM ATÉ 2 PAVIMENTOS. AF_11/2017","M","56,28","57,81",null,56.28,57.81,"Sinapi 97013"]
["97014","GUARDA-CORPO FIXADO EM FÔRMA DE MADEIRA COM TRAVESSÕES EM MADEIRA PREGADA E FECHAMENTO EM PAINEL COMPENSADO PARA EDIFICAÇÕES COM 3 PAVIMENTOS. AF_11/2017","M","42,70","44,23",null,42.7,44.23,"Sinapi 97014"]
["97015","GUARDA-CORPO FIXADO EM FÔRMA DE MADEIRA COM TRAVESSÕES EM MADEIRA PREGADA E FECHAMENTO EM PAINEL COMPENSADO PARA EDIFICAÇÕES COM ALTURA IGUAL OU SUPERIOR A 4 PAVIMENTOS. AF_11/2017","M","35,82","37,35",null,35.82,37.35,"Sinapi 97015"]
["97016","GUARDA-CORPO FIXADO EM FÔRMA DE MADEIRA COM TRAVESSÕES EM MADEIRA PREGADA PRÉ-MONTADA E ENCAIXE NA FÔRMA. PARA EDIFICAÇÕES COM ATÉ 2 PAVIMENTOS. AF_11/2017","M","43,95","44,84",null,43.95,44.84,"Sinapi 97016"]
["97017","GUARDA-CORPO FIXADO EM FÔRMA DE MADEIRA COM TRAVESSÕES EM MADEIRA PREGADA PRÉ-MONTADA E ENCAIXE NA FÔRMA PARA EDIFICAÇÕES COM 3 PAVIMENTOS. AF_11/2017","M","32,96","33,85",null,32.96,33.85,"Sinapi 97017"]
["97018","GUARDA-CORPO FIXADO EM FÔRMA DE MADEIRA COM TRAVESSÕES EM MADEIRA PREGADA PRÉ-MONTADA E ENCAIXE NA FÔRMA. PARA EDIFICAÇÕES COM ALTURA IGUAL OU SUPERIOR A 4 PAVIMENTOS. AF_11/2017","M","27,24","28,13",null,27.24,28.13,"Sinapi 97018"]
["97031","GUARDA-CORPO EM LAJE PÓS-DESFÔRMA, PARA ESTRUTURAS EM CONCRETO, COM ESCORAS DE MADEIRA ESTRONCADAS NA ESTRUTURA, TRAVESSÕES DE MADEIRA PREGADOS E FECHAMENTO EM TELA DE POLIPROPILENO PARA EDIFICAÇÕES COM ALTURA ATÉ 4 PAVIMENTOS (1 MONTAGEM POR OBRA). AF_11/2017","M","69,08","70,55",null,69.08,70.55,"Sinapi 97031"]
["97032","GUARDA-CORPO EM LAJE PÓS-DESFÔRMA, PARA ESTRUTURAS EM CONCRETO, COM ESCORAS DE MADEIRA ESTRONCADAS NA ESTRUTURA, TRAVESSÕES DE MADEIRA PREGADOS E FECHAMENTO EM TELA DE POLIPROPILENO PARA EDIFICAÇÕES ACIMA DE 4 PAV. (2 MONTAGENS POR OBRA). AF_11/2017","M","42,51","43,98",null,42.51,43.98,"Sinapi 97032"]
["97033","GUARDA-CORPO EM LAJE PÓS-DESFORMA, PARA ESTRUTURAS EM CONCRETO, COM ESCORAS METÁLICAS ESTRONCADAS NA ESTRUTURA, TRAVESSÕES DE MADEIRA E FECHAMENTO EM TELA DE POLIPROPILENO PARA EDIFICAÇÕES COM ALTURA ATÉ 4 PAVIMENTOS (1 MONTAGEM POR OBRA). AF_11/2017","M","75,50","76,88",null,75.5,76.88,"Sinapi 97033"]
["97034","GUARDA-CORPO EM LAJE PÓS-DESFORMA, PARA ESTRUTURAS EM CONCRETO, COM ESCORAS METÁLICAS ESTRONCADAS NA ESTRUTURA, TRAVESSÕES DE MADEIRA E FECHAMENTO EM TELA DE POLIPROPILENO PARA EDIFICAÇÕES ACIMA DE 4 PAVIMENTOS (2 MONTAGENS POR OBRA). AF_11/2017","M","45,08","46,46",null,45.08,46.46,"Sinapi 97034"]
["97039","FECHAMENTO REMOVÍVEL DE VÃO DE PORTAS, EM MADEIRA (VÃO DO ELEVADOR) \u0096 1 MONTAGEM EM OBRA. AF_11/2017","M2","27,97","29,35",null,27.97,29.35,"Sinapi 97039"]
["97040","FECHAMENTO REMOVÍVEL DE ABERTURA DE CAIXILHO, EM MADEIRA \u0096 4 MONTAGENS EM OBRA. AF_11/2017","M2","10,48","11,33",null,10.48,11.33,"Sinapi 97040"]
["97041","FECHAMENTO REMOVÍVEL DE ABERTURA NO PISO, EM MADEIRA \u0096 1 MONTAGEM EM OBRA. AF_11/2017","M2","151,51","153,77",null,151.51,153.77000000000001,"Sinapi 97041"]
["97046","PONTEIRAS DE PROTEÇÃO DE VERGALHÕES EXPOSTOS EM FUNDAÇÕES. AF_11/2017","M2","0,25","0,26",null,0.25,0.26,"Sinapi 97046"]
["97047","PONTEIRAS DE PROTEÇÃO DE VERGALHÕES EXPOSTOS EM ESTRUTURAS DE CONCRETO ARMADO CONVENCIONAL. AF_11/2017","M2","0,09","0,09",null,0.09,0.09,"Sinapi 97047"]
["97048","PONTEIRAS DE PROTEÇÃO DE VERGALHÕES EXPOSTOS EM ALVENARIA ESTRUTURAL. AF_11/2017","M2","0,07","0,07",null,7.0000000000000007E-2,7.0000000000000007E-2,"Sinapi 97048"]
["97051","SINALIZAÇÃO COM FITA FIXADA NA ESTRUTURA. AF_11/2017","M","0,53","0,56",null,0.53,0.56000000000000005,"Sinapi 97051"]
["97053","SINALIZAÇÃO COM FITA FIXADA EM CONE PLÁSTICO, INCLUINDO CONE. AF_11/2017","M","23,14","23,76",null,23.14,23.76,"Sinapi 97053"]
["97062","COLOCAÇÃO DE TELA EM ANDAIME FACHADEIRO. AF_11/2017","M2","5,57","5,86",null,5.57,5.86,"Sinapi 97062"]
["97063","MONTAGEM E DESMONTAGEM DE ANDAIME MODULAR FACHADEIRO, COM PISO METÁLICO, PARA EDIFICAÇÕES COM MÚLTIPLOS PAVIMENTOS (EXCLUSIVE ANDAIME E LIMPEZA). AF_11/2017","M2","7,01","7,76",null,7.01,7.76,"Sinapi 97063"]
["97064","MONTAGEM E DESMONTAGEM DE ANDAIME TUBULAR TIPO \u0093TORRE\u0094 (EXCLUSIVE ANDAIME E LIMPEZA). AF_11/2017","M","12,99","14,35",null,12.99,14.35,"Sinapi 97064"]
["97065","MONTAGEM E DESMONTAGEM DE ANDAIME MULTIDIRECIONAL (EXCLUSIVE ANDAIME E LIMPEZA). AF_11/2017","M3","4,56","5,02",null,4.5599999999999996,5.0199999999999996,"Sinapi 97065"]
["97066","COBERTURA PARA PROTEÇÃO DE PEDESTRES SOBRE ESTRUTURA DE ANDAIME, INCLUSIVE MONTAGEM E DESMONTAGEM. AF_11/2017","M2","50,93","53,11",null,50.93,53.11,"Sinapi 97066"]
["97067","PLATAFORMA DE PROTEÇÃO PRINCIPAL PARA ALVENARIA ESTRUTURAL PARA SER APOIADA EM ANDAIME, INCLUSIVE MONTAGEM E DESMONTAGEM. AF_11/2017","M","590,99","614,27",null,590.99,614.27,"Sinapi 97067"]
["73916/2","PLACA ESMALTADA PARA IDENTIFICAÇÃO NR DE RUA, DIMENSÕES 45X25CM","UN","100,90","101,50",null,100.9,101.5,"Sinapi 73916/2"]
["73672","DESMATAMENTO E LIMPEZA MECANIZADA DE TERRENO COM ARVORES ATE Ø 15CM, UTILIZANDO TRATOR DE ESTEIRAS","M2","0,30","0,31",null,0.3,0.31,"Sinapi 73672"]
["73822/2","LIMPEZA MECANIZADA DE TERRENO COM REMOCAO DE CAMADA VEGETAL, UTILIZANDO MOTONIVELADORA","M2","0,44","0,45",null,0.44,0.45,"Sinapi 73822/2"]
["73859/1","DESMATAMENTO E LIMPEZA MECANIZADA DE TERRENO COM REMOCAO DE CAMADA VEGETAL, UTILIZANDO TRATOR DE ESTEIRAS","M2","0,12","0,12",null,0.12,0.12,"Sinapi 73859/1"]
["73859/2","CAPINA E LIMPEZA MANUAL DE TERRENO","M2","1,21","1,33",null,{"$f":"IF(D6024=\"\",\"\",D6024+0)","v":1.21},{"$f":"IF(E6024=\"\",\"\",E6024+0)","v":1.33},{"$f":"IF(OR(G6024=\"\",H6024=\"\"),\"\",CONCATENATE(\"Sinapi \",A6024))","v":"Sinapi 73859/2"}]
["85331","CORTE DE CAPOEIRA FINA A FOICE","M2","1,17","1,28",null,1.17,1.28,"Sinapi 85331"]
["85422","PREPARO MANUAL DE TERRENO S/ RASPAGEM SUPERFICIAL","M2","6,05","6,65",null,6.05,6.65,"Sinapi 85422"]
["74220/1","TAPUME DE CHAPA DE MADEIRA COMPENSADA, E= 6MM, COM PINTURA A CAL E REAPROVEITAMENTO DE 2X","M2","49,99","53,93",null,49.99,53.93,"Sinapi 74220/1"]
["74221/1","SINALIZACAO DE TRANSITO - NOTURNA","M","2,51","2,70",null,2.5099999999999998,2.7,"Sinapi 74221/1"]
["74219/1","PASSADICOS COM TABUAS DE MADEIRA PARA PEDESTRES","M2","61,85","65,25",null,61.85,65.25,"Sinapi 74219/1"]
["74219/2","PASSADICOS COM TABUAS DE MADEIRA PARA VEICULOS","M2","51,98","55,38",null,51.98,55.38,"Sinapi 74219/2"]
["84126","CHAPA DE ACO CARBONO 3/8 (COLOC/ USO/ RETIR) P/ PASS VEICULO SOBRE VALA MEDIDA P/ AREA CHAPA EM CADA APLICACAO","M2","32,89","35,14",null,32.89,35.14,"Sinapi 84126"]
["85421","REMOCAO DE VIDRO COMUM","M2","12,45","13,79",null,12.45,13.79,"Sinapi 85421"]
["97621","DEMOLIÇÃO DE ALVENARIA DE BLOCO FURADO, DE FORMA MANUAL, COM REAPROVEITAMENTO. AF_12/2017","M3","81,49","89,71",null,81.489999999999995,89.71,"Sinapi 97621"]
["97622","DEMOLIÇÃO DE ALVENARIA DE BLOCO FURADO, DE FORMA MANUAL, SEM REAPROVEITAMENTO. AF_12/2017","M3","39,71","43,72",null,39.71,43.72,"Sinapi 97622"]
["97623","DEMOLIÇÃO DE ALVENARIA DE TIJOLO MACIÇO, DE FORMA MANUAL, COM REAPROVEITAMENTO. AF_12/2017","M3","121,67","133,94",null,121.67,133.94,"Sinapi 97623"]
["97624","DEMOLIÇÃO DE ALVENARIA DE TIJOLO MACIÇO, DE FORMA MANUAL, SEM REAPROVEITAMENTO. AF_12/2017","M3","74,67","82,21",null,74.67,82.21,"Sinapi 97624"]
["97625","DEMOLIÇÃO DE ALVENARIA PARA QUALQUER TIPO DE BLOCO, DE FORMA MECANIZADA, SEM REAPROVEITAMENTO. AF_12/2017","M3","33,89","34,64",null,33.89,34.64,"Sinapi 97625"]
["97626","DEMOLIÇÃO DE PILARES E VIGAS EM CONCRETO ARMADO, DE FORMA MANUAL, SEM REAPROVEITAMENTO. AF_12/2017","M3","412,51","453,82",null,412.51,453.82,"Sinapi 97626"]
["97627","DEMOLIÇÃO DE PILARES E VIGAS EM CONCRETO ARMADO, DE FORMA MECANIZADA COM MARTELETE, SEM REAPROVEITAMENTO. AF_12/2017","M3","190,56","209,36",null,190.56,209.36,"Sinapi 97627"]
["97628","DEMOLIÇÃO DE LAJES, DE FORMA MANUAL, SEM REAPROVEITAMENTO. AF_12/2017","M3","196,29","216,08",null,196.29,216.08,"Sinapi 97628"]
["97629","DEMOLIÇÃO DE LAJES, DE FORMA MECANIZADA COM MARTELETE, SEM REAPROVEITAMENTO. AF_12/2017","M3","89,90","98,92",null,89.9,98.92,"Sinapi 97629"]
["97631","DEMOLIÇÃO DE ARGAMASSAS, DE FORMA MANUAL, SEM REAPROVEITAMENTO. AF_12/2017","M2","2,34","2,59",null,2.34,2.59,"Sinapi 97631"]
["97632","DEMOLIÇÃO DE RODAPÉ CERÂMICO, DE FORMA MANUAL, SEM REAPROVEITAMENTO. AF_12/2017","M","1,83","2,02",null,1.83,2.02,"Sinapi 97632"]
["97633","DEMOLIÇÃO DE REVESTIMENTO CERÂMICO, DE FORMA MANUAL, SEM REAPROVEITAMENTO. AF_12/2017","M2","16,02","17,69",null,16.02,17.690000000000001,"Sinapi 97633"]
["97634","DEMOLIÇÃO DE REVESTIMENTO CERÂMICO, DE FORMA MECANIZADA COM MARTELETE, SEM REAPROVEITAMENTO. AF_12/2017","M2","8,70","9,61",null,8.6999999999999993,9.61,"Sinapi 97634"]
["97635","DEMOLIÇÃO DE PAVIMENTO INTERTRAVADO, DE FORMA MANUAL, COM REAPROVEITAMENTO. AF_12/2017","M2","11,13","12,34",null,11.13,12.34,"Sinapi 97635"]
["97636","DEMOLIÇÃO PARCIAL DE PAVIMENTO ASFÁLTICO, DE FORMA MECANIZADA, SEM REAPROVEITAMENTO. AF_12/2017","M2","8,77","9,06",null,8.77,9.06,"Sinapi 97636"]
["97637","REMOÇÃO DE TAPUME/ CHAPAS METÁLICAS E DE MADEIRA, DE FORMA MANUAL, SEM REAPROVEITAMENTO. AF_12/2017","M2","1,84","2,03",null,1.84,2.0299999999999998,"Sinapi 97637"]
["97638","REMOÇÃO DE CHAPAS E PERFIS DE DRYWALL, DE FORMA MANUAL, SEM REAPROVEITAMENTO. AF_12/2017","M2","5,36","5,91",null,5.36,5.91,"Sinapi 97638"]
["97639","REMOÇÃO DE PLACAS E PILARETES DE CONCRETO, DE FORMA MANUAL, SEM REAPROVEITAMENTO. AF_12/2017","M2","14,20","15,68",null,14.2,15.68,"Sinapi 97639"]
["97640","REMOÇÃO DE FORROS DE DRYWALL, PVC E FIBROMINERAL, DE FORMA MANUAL, SEM REAPROVEITAMENTO. AF_12/2017","M2","1,16","1,28",null,1.1599999999999999,1.28,"Sinapi 97640"]
["97641","REMOÇÃO DE FORRO DE GESSO, DE FORMA MANUAL, SEM REAPROVEITAMENTO. AF_12/2017","M2","3,54","3,91",null,3.54,3.91,"Sinapi 97641"]
["97642","REMOÇÃO DE TRAMA METÁLICA OU DE MADEIRA PARA FORRO, DE FORMA MANUAL, SEM REAPROVEITAMENTO. AF_12/2017","M2","2,07","2,29",null,2.0699999999999998,2.29,"Sinapi 97642"]
["97643","REMOÇÃO DE PISO DE MADEIRA (ASSOALHO E BARROTE), DE FORMA MANUAL, SEM REAPROVEITAMENTO. AF_12/2017","M2","17,43","19,26",null,17.43,19.260000000000002,"Sinapi 97643"]
["97644","REMOÇÃO DE PORTAS, DE FORMA MANUAL, SEM REAPROVEITAMENTO. AF_12/2017","M2","6,55","7,25",null,6.55,7.25,"Sinapi 97644"]
["97645","REMOÇÃO DE JANELAS, DE FORMA MANUAL, SEM REAPROVEITAMENTO. AF_12/2017","M2","19,20","21,12",null,19.2,21.12,"Sinapi 97645"]
["97647","REMOÇÃO DE TELHAS, DE FIBROCIMENTO, METÁLICA E CERÂMICA, DE FORMA MANUAL, SEM REAPROVEITAMENTO. AF_12/2017","M2","2,51","2,79",null,2.5099999999999998,2.79,"Sinapi 97647"]
["97648","REMOÇÃO DE PROTEÇÃO TÉRMICA PARA COBERTURA EM EPS, DE FORMA MANUAL, SEM REAPROVEITAMENTO. AF_12/2017","M2","1,44","1,60",null,1.44,1.6,"Sinapi 97648"]
["97649","REMOÇÃO DE TELHAS DE FIBROCIMENTO, METÁLICA E CERÂMICA, DE FORMA MECANIZADA, COM USO DE GUINDASTE, SEM REAPROVEITAMENTO. AF_12/2017","M2","3,08","3,38",null,3.08,3.38,"Sinapi 97649"]
["97650","REMOÇÃO DE TRAMA DE MADEIRA PARA COBERTURA, DE FORMA MANUAL, SEM REAPROVEITAMENTO. AF_12/2017","M2","5,42","5,99",null,5.42,5.99,"Sinapi 97650"]
["97651","REMOÇÃO DE TESOURAS DE MADEIRA, COM VÃO MENOR QUE 8M, DE FORMA MANUAL, SEM REAPROVEITAMENTO. AF_12/2017","UN","60,02","66,41",null,60.02,66.41,"Sinapi 97651"]
["97652","REMOÇÃO DE TESOURAS DE MADEIRA, COM VÃO MAIOR OU IGUAL A 8M, DE FORMA MANUAL, SEM REAPROVEITAMENTO. AF_12/2017","UN","136,06","150,56",null,136.06,150.56,"Sinapi 97652"]
["97653","REMOÇÃO DE TESOURAS DE MADEIRA, COM VÃO MENOR QUE 8M, DE FORMA MECANIZADA, COM REAPROVEITAMENTO. AF_12/2017","UN","80,49","83,24",null,80.489999999999995,83.24,"Sinapi 97653"]
["97654","REMOÇÃO DE TESOURAS DE MADEIRA, COM VÃO MAIOR OU IGUAL A 8M, DE FORMA MECANIZADA, COM REAPROVEITAMENTO. AF_12/2017","UN","101,32","106,28",null,101.32,106.28,"Sinapi 97654"]
["97655","REMOÇÃO DE TRAMA METÁLICA PARA COBERTURA, DE FORMA MANUAL, SEM REAPROVEITAMENTO. AF_12/2017","M2","15,27","16,57",null,15.27,16.57,"Sinapi 97655"]
["97656","REMOÇÃO DE TESOURAS METÁLICAS, COM VÃO MENOR QUE 8M, DE FORMA MANUAL, SEM REAPROVEITAMENTO. AF_12/2017","UN","153,95","167,78",null,153.94999999999999,167.78,"Sinapi 97656"]
["97657","REMOÇÃO DE TESOURAS METÁLICAS, COM VÃO MAIOR OU IGUAL A 8M, DE FORMA MANUAL, SEM REAPROVEITAMENTO. AF_12/2017","UN","305,14","332,55",null,305.14,332.55,"Sinapi 97657"]
["97658","REMOÇÃO DE TESOURAS METÁLICAS, COM VÃO MENOR QUE 8M, DE FORMA MECANIZADA, COM REAPROVEITAMENTO. AF_12/2017","UN","117,83","123,90",null,117.83,123.9,"Sinapi 97658"]
["97659","REMOÇÃO DE TESOURAS METÁLICAS, COM VÃO MAIOR OU IGUAL A 8M, DE FORMA MECANIZADA, COM REAPROVEITAMENTO. AF_12/2017","UN","161,45","171,65",null,161.44999999999999,171.65,"Sinapi 97659"]
["97660","REMOÇÃO DE INTERRUPTORES/TOMADAS ELÉTRICAS, DE FORMA MANUAL, SEM REAPROVEITAMENTO. AF_12/2017","UN","0,47","0,52",null,0.47,0.52,"Sinapi 97660"]
["97661","REMOÇÃO DE CABOS ELÉTRICOS, DE FORMA MANUAL, SEM REAPROVEITAMENTO. AF_12/2017","M","0,47","0,52",null,0.47,0.52,"Sinapi 97661"]
["97662","REMOÇÃO DE TUBULAÇÕES (TUBOS E CONEXÕES) DE ÁGUA FRIA, DE FORMA MANUAL, SEM REAPROVEITAMENTO. AF_12/2017","M","0,35","0,38",null,0.35,0.38,"Sinapi 97662"]
["97663","REMOÇÃO DE LOUÇAS, DE FORMA MANUAL, SEM REAPROVEITAMENTO. AF_12/2017","UN","8,68","9,60",null,8.68,9.6,"Sinapi 97663"]
["97664","REMOÇÃO DE ACESSÓRIOS, DE FORMA MANUAL, SEM REAPROVEITAMENTO. AF_12/2017","UN","1,08","1,19",null,1.08,1.19,"Sinapi 97664"]
["97665","REMOÇÃO DE LUMINÁRIAS, DE FORMA MANUAL, SEM REAPROVEITAMENTO. AF_12/2017","UN","0,91","1,00",null,0.91,1,"Sinapi 97665"]
["97666","REMOÇÃO DE METAIS SANITÁRIOS, DE FORMA MANUAL, SEM REAPROVEITAMENTO. AF_12/2017","UN","6,33","7,00",null,6.33,7,"Sinapi 97666"]
["85423","ISOLAMENTO DE OBRA COM TELA PLASTICA COM MALHA DE 5MM","M2","7,27","7,68",null,7.27,7.68,"Sinapi 85423"]
["85424","ISOLAMENTO DE OBRA COM TELA PLASTICA COM MALHA DE 5MM E ESTRUTURA DE MADEIRA PONTALETEADA","M2","21,10","23,07",null,21.1,23.07,"Sinapi 85424"]
["95967","SERVIÇOS TÉCNICOS ESPECIALIZADOS PARA ACOMPANHAMENTO DE EXECUÇÃO DE FUNDAÇÕES PROFUNDAS E ESTRUTURAS DE CONTENÇÃO","H","98,57","113,93",null,98.57,113.93,"Sinapi 95967"]
["99058","LOCAÇÃO DE PONTO PARA REFERÊNCIA TOPOGRÁFICA. AF_10/2018","UN","6,53","7,18",null,6.53,7.18,"Sinapi 99058"]
["99059","LOCACAO CONVENCIONAL DE OBRA, UTILIZANDO GABARITO DE TÁBUAS CORRIDAS PONTALETADAS A CADA 2,00M -  2 UTILIZAÇÕES. AF_10/2018","M","38,32","40,99",null,38.32,40.99,"Sinapi 99059"]
["99060","CAVALETE DE OBRA COM ALTURA DE 1,00 M - 2 UTILIZAÇÕES. AF_10/2018","UN","101,31","108,67",null,101.31,108.67,"Sinapi 99060"]
["99061","CAVALETE DE OBRA COM ALTURA DE 0,50 M - 2 UTILIZAÇÕES. AF_10/2018","UN","66,79","72,18",null,66.790000000000006,72.180000000000007,"Sinapi 99061"]
["99062","MARCAÇÃO DE PONTOS EM GABARITO OU CAVALETE. AF_10/2018","UN","1,87","2,07",null,1.87,2.0699999999999998,"Sinapi 99062"]
["99063","LOCAÇÃO DE REDE DE ÁGUA OU ESGOTO. AF_10/2018","M","3,33","3,60",null,3.33,3.6,"Sinapi 99063"]
["99064","LOCAÇÃO DE PAVIMENTAÇÃO. AF_10/2018","M","0,32","0,35",null,0.32,0.35,"Sinapi 99064"]
["78472","SERVICOS TOPOGRAFICOS PARA PAVIMENTACAO, INCLUSIVE NOTA DE SERVICOS, ACOMPANHAMENTO E GREIDE","M2","0,29","0,31",null,0.28999999999999998,0.31,"Sinapi 78472"]
["93588","TRANSPORTE COM CAMINHÃO BASCULANTE DE 10 M3, EM VIA URBANA EM LEITO NATURAL (UNIDADE: M3XKM). AF_04/2016","M3XKM","1,37","1,39",null,{"$f":"IF(D6088=\"\",\"\",D6088+0)","v":1.37},{"$f":"IF(E6088=\"\",\"\",E6088+0)","v":1.39},{"$f":"IF(OR(G6088=\"\",H6088=\"\"),\"\",CONCATENATE(\"Sinapi \",A6088))","v":"Sinapi 93588"}]
["93589","TRANSPORTE COM CAMINHÃO BASCULANTE DE 10 M3, EM VIA URBANA EM REVESTIMENTO PRIMÁRIO (UNIDADE: M3XKM). AF_04/2016","M3XKM","1,05","1,06",null,1.05,1.06,"Sinapi 93589"]
["93590","TRANSPORTE COM CAMINHÃO BASCULANTE DE 10 M3, EM VIA URBANA PAVIMENTADA, DMT ACIMA DE 30KM (UNIDADE: M3XKM). AF_04/2016","M3XKM","0,69","0,70",null,0.69,0.7,"Sinapi 93590"]
["93591","TRANSPORTE COM CAMINHÃO BASCULANTE DE 14 M3, EM VIA URBANA EM LEITO NATURAL (UNIDADE: M3XKM). AF_04/2016","M3XKM","1,24","1,25",null,1.24,1.25,"Sinapi 93591"]
["93592","TRANSPORTE COM CAMINHÃO BASCULANTE DE 14 M3, EM VIA URBANA EM REVESTIMENTO PRIMÁRIO (UNIDADE: M3XKM). AF_04/2016","M3XKM","0,95","0,96",null,0.95,0.96,"Sinapi 93592"]
["93593","TRANSPORTE COM CAMINHÃO BASCULANTE DE 14 M3, EM VIA URBANA PAVIMENTADA, DMT ACIMA DE 30 KM (UNIDADE: M3XKM). AF_04/2016","M3XKM","0,63","0,64",null,0.63,0.64,"Sinapi 93593"]
["93594","TRANSPORTE COM CAMINHÃO BASCULANTE DE 10 M3, EM VIA URBANA EM LEITO NATURAL (UNIDADE: TXKM). AF_04/2016","TXKM","0,91","0,93",null,0.91,0.93,"Sinapi 93594"]
["93595","TRANSPORTE COM CAMINHÃO BASCULANTE DE 10 M3, EM VIA URBANA EM REVESTIMENTO PRIMÁRIO (UNIDADE: TXKM). AF_04/2016","TXKM","0,69","0,70",null,0.69,0.7,"Sinapi 93595"]
["93596","TRANSPORTE COM CAMINHÃO BASCULANTE DE 10 M3, EM VIA URBANA PAVIMENTADA, DMT ACIMA DE 30 KM (UNIDADE: TXKM). AF_04/2016","TXKM","0,46","0,47",null,0.46,0.47,"Sinapi 93596"]
["93597","TRANSPORTE COM CAMINHÃO BASCULANTE DE 14 M3, EM VIA URBANA EM LEITO NATURAL (UNIDADE: TXKM). AF_04/2016","TXKM","0,83","0,83",null,0.83,0.83,"Sinapi 93597"]
["93598","TRANSPORTE COM CAMINHÃO BASCULANTE DE 14 M3, EM VIA URBANA EM REVESTIMENTO PRIMÁRIO (UNIDADE: TXKM). AF_04/2016","TXKM","0,63","0,64",null,0.63,0.64,"Sinapi 93598"]
["93599","TRANSPORTE COM CAMINHÃO BASCULANTE DE 14 M3, EM VIA URBANA PAVIMENTADA, DMT ACIMA DE 30 KM (UNIDADE: TXKM). AF_04/2016","TXKM","0,42","0,42",null,0.42,0.42,"Sinapi 93599"]
["95425","TRANSPORTE COM CAMINHÃO BASCULANTE DE 18 M3, EM VIA URBANA EM LEITO NATURAL (UNIDADE: M3XKM). AF_09/2016","M3XKM","1,07","1,08",null,1.07,1.08,"Sinapi 95425"]
["95426","TRANSPORTE COM CAMINHÃO BASCULANTE DE 18 M3, EM VIA URBANA EM REVESTIMENTO PRIMÁRIO (UNIDADE: M3XKM). AF_09/2016","M3XKM","0,81","0,83",null,0.81,0.83,"Sinapi 95426"]
["95427","TRANSPORTE COM CAMINHÃO BASCULANTE DE 18 M3, EM VIA URBANA PAVIMENTADA, DMT ACIMA DE 30 KM(UNIDADE: M3XKM). AF_09/2016","M3XKM","0,54","0,54",null,0.54,0.54,"Sinapi 95427"]
["95428","TRANSPORTE COM CAMINHÃO BASCULANTE DE 18 M3, EM VIA URBANA EM LEITO NATURAL (UNIDADE: TXKM). AF_09/2016","TXKM","0,71","0,71",null,0.71,0.71,"Sinapi 95428"]
["95429","TRANSPORTE COM CAMINHÃO BASCULANTE DE 18 M3, EM VIA URBANA EM REVESTIMENTO PRIMÁRIO (UNIDADE: TXKM). AF_09/2016","TXKM","0,54","0,54",null,0.54,0.54,"Sinapi 95429"]
["95430","TRANSPORTE COM CAMINHÃO BASCULANTE DE 18 M3, EM VIA URBANA PAVIMENTADA, DMT ACIMA DE 30 KM (UNIDADE: TXKM). AF_09/2016","TXKM","0,35","0,36",null,0.35,0.36,"Sinapi 95430"]
["95875","TRANSPORTE COM CAMINHÃO BASCULANTE DE 10 M3, EM VIA URBANA PAVIMENTADA, DMT ATÉ 30 KM (UNIDADE: M3XKM). AF_12/2016","M3XKM","0,99","1,00",null,0.99,1,"Sinapi 95875"]
["95876","TRANSPORTE COM CAMINHÃO BASCULANTE DE 14 M3, EM VIA URBANA PAVIMENTADA, DMT ATÉ 30 KM (UNIDADE: M3XKM). AF_12/2016","M3XKM","0,89","0,90",null,0.89,0.9,"Sinapi 95876"]
["95877","TRANSPORTE COM CAMINHÃO BASCULANTE DE 18 M3, EM VIA URBANA PAVIMENTADA, DMT ATÉ 30 KM (UNIDADE: M3XKM). AF_12/2016","M3XKM","0,76","0,77",null,0.76,0.77,"Sinapi 95877"]
["95878","TRANSPORTE COM CAMINHÃO BASCULANTE DE 10 M3, EM VIA URBANA PAVIMENTADA, DMT ATÉ 30 KM (UNIDADE: TXKM). AF_12/2016","TXKM","0,65","0,66",null,0.65,0.66,"Sinapi 95878"]
["95879","TRANSPORTE COM CAMINHÃO BASCULANTE DE 14 M3, EM VIA URBANA PAVIMENTADA, DMT ATÉ 30 KM (UNIDADE: TXKM). AF_12/2016","TXKM","0,59","0,60",null,0.59,0.6,"Sinapi 95879"]
["95880","TRANSPORTE COM CAMINHÃO BASCULANTE DE 18 M3, EM VIA URBANA PAVIMENTADA, DMT ATÉ 30 KM (UNIDADE: TXKM). AF_12/2016","TXKM","0,50","0,51",null,0.5,0.51,"Sinapi 95880"]
["93176","TRANSPORTE DE MATERIAL ASFALTICO, COM CAMINHÃO COM CAPACIDADE DE 30000 L EM RODOVIA PAVIMENTADA PARA DISTÂNCIAS MÉDIAS DE TRANSPORTE SUPERIORES A 100 KM. AF_02/2016","TXKM","0,50","0,51",null,0.5,0.51,"Sinapi 93176"]
["93177","TRANSPORTE DE MATERIAL ASFALTICO, COM CAMINHÃO COM CAPACIDADE DE 20000 L EM RODOVIA PAVIMENTADA PARA DISTÂNCIAS MÉDIAS DE TRANSPORTE IGUAL OU INFERIOR A 100 KM. AF_02/2016","TXKM","1,76","1,78",null,1.76,1.78,"Sinapi 93177"]
["93178","TRANSPORTE DE MATERIAL ASFALTICO, COM CAMINHÃO COM CAPACIDADE DE 30000 L EM RODOVIA NÃO PAVIMENTADA PARA DISTÂNCIAS MÉDIAS DE TRANSPORTE SUPERIORES A 100 KM. AF_02/2016","TXKM","0,57","0,58",null,0.56999999999999995,0.57999999999999996,"Sinapi 93178"]
["93179","TRANSPORTE DE MATERIAL ASFALTICO, COM CAMINHÃO COM CAPACIDADE DE 20000 L EM RODOVIA NÃO PAVIMENTADA PARA DISTÂNCIAS MÉDIAS DE TRANSPORTE IGUAL OU INFERIOR A 100 KM. AF_02/2016","TXKM","1,95","1,98",null,1.95,1.98,"Sinapi 93179"]
["74038/1","PORTAO COM MOUROES DE MADEIRA ROLICA, DIAMETRO 11CM, COM 5 FIOS DE ARAME FARPADO Nº 14 CLASSE 250, SEM DOBRADICAS","M","29,14","30,96",null,29.14,30.96,"Sinapi 74038/1"]
["74039/1","CERCA COM MOUROES DE MADEIRA ROLICA, DIAMETRO 11CM, ESPACAMENTO DE 2M, ALTURA LIVRE DE 1M, CRAVADOS 0,5M, COM 5 FIOS DE ARAME FARPADO Nº 14 CLASSE 250","M","29,14","30,96",null,29.14,30.96,"Sinapi 74039/1"]
["74142/1","CERCA COM MOUROES DE CONCRETO, RETO, ESPACAMENTO DE 3M, CRAVADOS 0,5M, COM 4 FIOS DE ARAME FARPADO Nº 14 CLASSE 250","M","46,77","48,77",null,46.77,48.77,"Sinapi 74142/1"]
["74142/2","CERCA COM MOUROES DE MADEIRA, 7,5X7,5CM, ESPACAMENTO DE 2M, ALTURA LIVRE DE 2M, CRAVADOS 0,5M, COM 4 FIOS DE ARAME FARPADO Nº 14 CLASSE 250","M","24,58","25,49",null,24.58,25.49,"Sinapi 74142/2"]
["74142/3","CERCA COM MOUROES DE MADEIRA, 7,5X7,5CM, ESPACAMENTO DE 2M, ALTURA LIVRE DE 2M, CRAVADOS 0,5M, COM 8 FIOS DE ARAME FARPADO Nº 14 CLASSE 250","M","36,85","38,67",null,36.85,38.67,"Sinapi 74142/3"]
["74142/4","CERCA COM MOUROES DE CONCRETO, SECAO \"T\" PONTA INCLINADA, 10X10CM, ESPACAMENTO DE 3M, CRAVADOS 0,5M, COM 11 FIOS DE ARAME FARPADO Nº 16","M","55,23","56,99",null,55.23,56.99,"Sinapi 74142/4"]
["74143/1","CERCA COM MOUROES DE CONCRETO, RETO, 15X15CM, ESPACAMENTO DE 3M, CRAVADOS 0,5M, ESCORAS DE 10X10CM NOS CANTOS, COM 12 FIOS DE ARAME DE ACO OVALADO 15X17","M","57,06","59,00",null,57.06,59,"Sinapi 74143/1"]
["74143/2","CERCA COM MOUROES DE CONCRETO, RETO, 15X15CM, ESPACAMENTO DE 3M, CRAVADOS 0,5M, ESCORAS DE 10X10CM NOS CANTOS, COM 9 FIOS DE ARAME DE ACO OVALADO 15X17","M","54,36","56,30",null,54.36,56.3,"Sinapi 74143/2"]
["85171","RECOMPOSICAO PARCIAL DO ARAME FARPADO Nº 14 CLASSE 250, FIXADO EM CERCA COM MOURÕES DE CONCRETO, RETO, 15X15CM","M","3,91","4,16",null,3.91,4.16,"Sinapi 85171"]
["73787/1","ALAMBRADO EM TUBOS DE ACO GALVANIZADO, COM COSTURA, DIN 2440, DIAMETRO 2\", ALTURA 3M, FIXADOS A CADA 2M EM BLOCOS DE CONCRETO, COM TELA DE ARAME GALVANIZADO REVESTIDO COM PVC, FIO 12 BWG E MALHA 7,5X7,5CM","M2","183,48","194,39",null,183.48,194.39,"Sinapi 73787/1"]
["74244/1","ALAMBRADO PARA QUADRA POLIESPORTIVA, ESTRUTURADO POR TUBOS DE ACO GALVANIZADO, COM COSTURA, DIN 2440, DIAMETRO 2\", COM TELA DE ARAME GALVANIZADO, FIO 14 BWG E MALHA QUADRADA 5X5CM","M2","123,20","125,85",null,123.2,125.85,"Sinapi 74244/1"]
["73788/2","GRADE EM MADEIRA PARA PROTECAO DE MUDAS DE ARVORES","UN","102,86","107,44",null,102.86,107.44,"Sinapi 73788/2"]
["98509","PLANTIO DE ARBUSTO OU  CERCA VIVA. AF_05/2018","UN","31,78","31,99",null,31.78,31.99,"Sinapi 98509"]
["98510","PLANTIO DE ÁRVORE ORNAMENTAL COM ALTURA DE MUDA MENOR OU IGUAL A 2,00 M. AF_05/2018","UN","50,07","51,56",null,50.07,51.56,"Sinapi 98510"]
["98511","PLANTIO DE ÁRVORE ORNAMENTAL COM ALTURA DE MUDA MAIOR QUE 2,00 M E MENOR OU IGUAL A 4,00 M. AF_05/2018","UN","93,76","95,90",null,93.76,95.9,"Sinapi 98511"]
["98516","PLANTIO DE PALMEIRA COM ALTURA DE MUDA MENOR OU IGUAL A 2,00 M. AF_05/2018","UN","231,84","243,45",null,231.84,243.45,"Sinapi 98516"]
["98519","REVOLVIMENTO E LIMPEZA MANUAL DE SOLO. AF_05/2018","M2","1,51","1,67",null,1.51,1.67,"Sinapi 98519"]
["98520","APLICAÇÃO DE ADUBO EM SOLO. AF_05/2018","M2","3,60","3,73",null,3.6,3.73,"Sinapi 98520"]
["98521","APLICAÇÃO DE CALCÁRIO PARA CORREÇÃO DO PH DO SOLO. AF_05/2018","M2","0,27","0,30",null,0.27,0.3,"Sinapi 98521"]
["98522","ALAMBRADO EM MOURÕES DE CONCRETO, COM TELA DE ARAME GALVANIZADO (INCLUSIVE MURETA EM CONCRETO). AF_05/2018","M","107,07","111,57",null,107.07,111.57,"Sinapi 98522"]
["98524","LIMPEZA MANUAL DE VEGETAÇÃO EM TERRENO COM ENXADA.AF_05/2018","M2","2,48","2,75",null,2.48,2.75,"Sinapi 98524"]
["85179","PLANTIO DE GRAMA SAO CARLOS EM LEIVAS","M2","12,27","12,64",null,12.27,12.64,"Sinapi 85179"]
["85180","PLANTIO DE GRAMA ESMERALDA EM ROLO","M2","12,27","12,64",null,12.27,12.64,"Sinapi 85180"]
["98503","PLANTIO DE GRAMA EM PAVIMENTO CONCREGRAMA. AF_05/2018","M2","12,43","12,82",null,12.43,12.82,"Sinapi 98503"]
["98504","PLANTIO DE GRAMA EM PLACAS. AF_05/2018","M2","7,40","7,73",null,7.4,7.73,"Sinapi 98504"]
["98505","PLANTIO DE FORRAÇÃO. AF_05/2018","M2","45,97","46,40",null,45.97,46.4,"Sinapi 98505"]
["85184","RETIRADA DE GRAMA EM PLACAS","M2","3,78","4,15",null,3.78,4.1500000000000004,"Sinapi 85184"]
["85185","PODA E LIMPEZA DE ARBUSTO TIPO CERCA VIVA","M2","4,90","5,45",null,4.9000000000000004,5.45,"Sinapi 85185"]
["98525","LIMPEZA MECANIZADA DE CAMADA VEGETAL, VEGETAÇÃO E PEQUENAS ÁRVORES (DIÂMETRO DE TRONCO MENOR QUE 0,20 M), COM TRATOR DE ESTEIRAS.AF_05/2018","M2","0,23","0,25",null,0.23,0.25,"Sinapi 98525"]
["98526","REMOÇÃO DE RAÍZES REMANESCENTES DE TRONCO DE ÁRVORE COM DIÂMETRO MAIOR OU IGUAL A 0,20 M E MENOR QUE 0,40 M.AF_05/2018","UN","53,13","57,20",null,53.13,57.2,"Sinapi 98526"]
["98527","REMOÇÃO DE RAÍZES REMANESCENTES DE TRONCO DE ÁRVORE COM DIÂMETRO MAIOR OU IGUAL A 0,40 M E MENOR QUE 0,60 M.AF_05/2018","UN","114,40","123,15",null,114.4,123.15,"Sinapi 98527"]
["98528","REMOÇÃO DE RAÍZES REMANESCENTES DE TRONCO DE ÁRVORE COM DIÂMETRO MAIOR OU IGUAL A 0,60 M.AF_05/2018","UN","167,30","180,11",null,167.3,180.11,"Sinapi 98528"]
["98529","CORTE RASO E RECORTE DE ÁRVORE COM DIÂMETRO DE TRONCO MAIOR OU IGUAL A 0,20 M E MENOR QUE 0,40 M.AF_05/2018","UN","53,63","59,36",null,53.63,59.36,"Sinapi 98529"]
["98530","CORTE RASO E RECORTE DE ÁRVORE COM DIÂMETRO DE TRONCO MAIOR OU IGUAL A 0,40 M E MENOR QUE 0,60 M.AF_05/2018","UN","95,54","105,75",null,95.54,105.75,"Sinapi 98530"]
["98531","CORTE RASO E RECORTE DE ÁRVORE COM DIÂMETRO DE TRONCO MAIOR OU IGUAL A 0,60 M.AF_05/2018","UN","187,48","202,83",null,187.48,202.83,"Sinapi 98531"]
["98532","PODA EM ALTURA DE ÁRVORE COM DIÂMETRO DE TRONCO MENOR QUE 0,20 M.AF_05/2018","UN","68,07","71,84",null,68.069999999999993,71.84,"Sinapi 98532"]
["98533","PODA EM ALTURA DE ÁRVORE COM DIÂMETRO DE TRONCO MAIOR OU IGUAL A 0,20 M E MENOR QUE 0,40 M.AF_05/2018","UN","185,08","196,86",null,{"$f":"IF(D6152=\"\",\"\",D6152+0)","v":185.08},{"$f":"IF(E6152=\"\",\"\",E6152+0)","v":196.86},{"$f":"IF(OR(G6152=\"\",H6152=\"\"),\"\",CONCATENATE(\"Sinapi \",A6152))","v":"Sinapi 98533"}]
["98534","PODA EM ALTURA DE ÁRVORE COM DIÂMETRO DE TRONCO MAIOR OU IGUAL A 0,40 M E MENOR QUE 0,60 M.AF_05/2018","UN","475,80","504,24",null,475.8,504.24,"Sinapi 98534"]
["98535","PODA EM ALTURA DE ÁRVORE COM DIÂMETRO DE TRONCO MAIOR OU IGUAL A 0,60 M.AF_05/2018","UN","750,33","798,27",null,750.33,798.27,"Sinapi 98535"]
["88238","AJUDANTE DE ARMADOR COM ENCARGOS COMPLEMENTARES","H","15,78","17,38",null,15.78,17.38,"Sinapi 88238"]
["88239","AJUDANTE DE CARPINTEIRO COM ENCARGOS COMPLEMENTARES","H","17,07","18,87",null,17.07,18.87,"Sinapi 88239"]
["88240","AJUDANTE DE ESTRUTURA METÁLICA COM ENCARGOS COMPLEMENTARES","H","12,57","13,78",null,12.57,13.78,"Sinapi 88240"]
["88241","AJUDANTE DE OPERAÇÃO EM GERAL COM ENCARGOS COMPLEMENTARES","H","16,14","17,78",null,16.14,17.78,"Sinapi 88241"]
["88242","AJUDANTE DE PEDREIRO COM ENCARGOS COMPLEMENTARES","H","15,11","16,60",null,15.11,16.600000000000001,"Sinapi 88242"]
["88243","AJUDANTE ESPECIALIZADO COM ENCARGOS COMPLEMENTARES","H","17,84","19,76",null,17.84,19.760000000000002,"Sinapi 88243"]
["88245","ARMADOR COM ENCARGOS COMPLEMENTARES","H","20,13","22,42",null,20.13,22.42,"Sinapi 88245"]
["88246","ASSENTADOR DE TUBOS COM ENCARGOS COMPLEMENTARES","H","15,90","17,64",null,15.9,17.64,"Sinapi 88246"]
["88247","AUXILIAR DE ELETRICISTA COM ENCARGOS COMPLEMENTARES","H","16,07","17,70",null,16.07,17.7,"Sinapi 88247"]
["88248","AUXILIAR DE ENCANADOR OU BOMBEIRO HIDRÁULICO COM ENCARGOS COMPLEMENTARES","H","15,60","17,23",null,15.6,17.23,"Sinapi 88248"]
["88249","AUXILIAR DE LABORATÓRIO COM ENCARGOS COMPLEMENTARES","H","31,77","36,04",null,31.77,36.04,"Sinapi 88249"]
["88250","AUXILIAR DE MECÂNICO COM ENCARGOS COMPLEMENTARES","H","14,28","15,76",null,14.28,15.76,"Sinapi 88250"]
["88251","AUXILIAR DE SERRALHEIRO COM ENCARGOS COMPLEMENTARES","H","16,50","18,21",null,16.5,18.21,"Sinapi 88251"]
["88252","AUXILIAR DE SERVIÇOS GERAIS COM ENCARGOS COMPLEMENTARES","H","15,77","17,38",null,15.77,17.38,"Sinapi 88252"]
["88253","AUXILIAR DE TOPÓGRAFO COM ENCARGOS COMPLEMENTARES","H","10,75","11,68",null,10.75,11.68,"Sinapi 88253"]
["88255","AUXILIAR TÉCNICO DE ENGENHARIA COM ENCARGOS COMPLEMENTARES","H","29,08","33,57",null,29.08,33.57,"Sinapi 88255"]
["88256","AZULEJISTA OU LADRILHISTA COM ENCARGOS COMPLEMENTARES","H","20,16","22,45",null,20.16,22.45,"Sinapi 88256"]
["88257","BLASTER, DINAMITADOR OU CABO DE FOGO COM ENCARGOS COMPLEMENTARES","H","15,11","16,72",null,15.11,16.72,"Sinapi 88257"]
["88258","CADASTRISTA DE REDES DE AGUA E ESGOTO COM ENCARGOS COMPLEMENTARES","H","25,55","28,83",null,25.55,28.83,"Sinapi 88258"]
["88259","CALAFETADOR/CALAFATE COM ENCARGOS COMPLEMENTARES","H","23,29","26,08",null,23.29,26.08,"Sinapi 88259"]
["88260","CALCETEIRO COM ENCARGOS COMPLEMENTARES","H","19,05","21,17",null,19.05,21.17,"Sinapi 88260"]
["88261","CARPINTEIRO DE ESQUADRIA COM ENCARGOS COMPLEMENTARES","H","20,12","22,41",null,20.12,22.41,"Sinapi 88261"]
["88262","CARPINTEIRO DE FORMAS COM ENCARGOS COMPLEMENTARES","H","20,09","22,38",null,20.09,22.38,"Sinapi 88262"]
["88263","CAVOUQUEIRO OU OPERADOR PERFURATRIZ/ROMPEDOR COM ENCARGOS COMPLEMENTARES","H","13,70","15,09",null,13.7,15.09,"Sinapi 88263"]
["88264","ELETRICISTA COM ENCARGOS COMPLEMENTARES","H","20,40","22,73",null,20.399999999999999,22.73,"Sinapi 88264"]
["88265","ELETRICISTA INDUSTRIAL COM ENCARGOS COMPLEMENTARES","H","20,40","22,73",null,20.399999999999999,22.73,"Sinapi 88265"]
["88266","ELETROTÉCNICO COM ENCARGOS COMPLEMENTARES","H","27,23","30,65",null,27.23,30.65,"Sinapi 88266"]
["88267","ENCANADOR OU BOMBEIRO HIDRÁULICO COM ENCARGOS COMPLEMENTARES","H","19,80","22,10",null,19.8,22.1,"Sinapi 88267"]
["88268","ESTUCADOR COM ENCARGOS COMPLEMENTARES","H","20,81","23,21",null,20.81,23.21,"Sinapi 88268"]
["88269","GESSEIRO COM ENCARGOS COMPLEMENTARES","H","20,13","22,42",null,20.13,22.42,"Sinapi 88269"]
["88270","IMPERMEABILIZADOR COM ENCARGOS COMPLEMENTARES","H","20,22","22,53",null,20.22,22.53,"Sinapi 88270"]
["88272","MACARIQUEIRO COM ENCARGOS COMPLEMENTARES","H","20,43","22,64",null,20.43,22.64,"Sinapi 88272"]
["88273","MARCENEIRO COM ENCARGOS COMPLEMENTARES","H","20,43","22,78",null,20.43,22.78,"Sinapi 88273"]
["88274","MARMORISTA/GRANITEIRO COM ENCARGOS COMPLEMENTARES","H","17,00","18,78",null,17,18.78,"Sinapi 88274"]
["88275","MECÃNICO DE EQUIPAMENTOS PESADOS COM ENCARGOS COMPLEMENTARES","H","21,20","23,78",null,21.2,23.78,"Sinapi 88275"]
["88277","MONTADOR (TUBO AÇO/EQUIPAMENTOS) COM ENCARGOS COMPLEMENTARES","H","16,08","17,84",null,16.079999999999998,17.84,"Sinapi 88277"]
["88278","MONTADOR DE ESTRUTURA METÁLICA COM ENCARGOS COMPLEMENTARES","H","15,55","17,23",null,15.55,17.23,"Sinapi 88278"]
["88279","MONTADOR ELETROMECÃNICO COM ENCARGOS COMPLEMENTARES","H","21,11","23,55",null,21.11,23.55,"Sinapi 88279"]
["88281","MOTORISTA DE BASCULANTE COM ENCARGOS COMPLEMENTARES","H","16,07","17,84",null,16.07,17.84,"Sinapi 88281"]
["88282","MOTORISTA DE CAMINHÃO COM ENCARGOS COMPLEMENTARES","H","16,74","18,61",null,16.739999999999998,18.61,"Sinapi 88282"]
["88283","MOTORISTA DE CAMINHÃO E CARRETA COM ENCARGOS COMPLEMENTARES","H","20,66","23,16",null,20.66,23.16,"Sinapi 88283"]
["88284","MOTORISTA DE VEIÍCULO LEVE COM ENCARGOS COMPLEMENTARES","H","15,83","17,56",null,15.83,17.559999999999999,"Sinapi 88284"]
["88285","MOTORISTA DE VEÍCULO PESADO COM ENCARGOS COMPLEMENTARES","H","15,76","17,48",null,15.76,17.48,"Sinapi 88285"]
["88286","MOTORISTA OPERADOR DE MUNCK COM ENCARGOS COMPLEMENTARES","H","15,92","17,66",null,15.92,17.66,"Sinapi 88286"]
["88288","NIVELADOR COM ENCARGOS COMPLEMENTARES","H","12,28","13,44",null,12.28,13.44,"Sinapi 88288"]
["88291","OPERADOR DE BETONEIRA (CAMINHÃO) COM ENCARGOS COMPLEMENTARES","H","15,59","17,28",null,15.59,17.28,"Sinapi 88291"]
["88292","OPERADOR DE COMPRESSOR OU COMPRESSORISTA COM ENCARGOS COMPLEMENTARES","H","15,88","17,61",null,15.88,17.61,"Sinapi 88292"]
["88293","OPERADOR DE DEMARCADORA DE FAIXAS COM ENCARGOS COMPLEMENTARES","H","18,05","20,13",null,18.05,20.13,"Sinapi 88293"]
["88294","OPERADOR DE ESCAVADEIRA COM ENCARGOS COMPLEMENTARES","H","19,34","21,63",null,19.34,21.63,"Sinapi 88294"]
["88295","OPERADOR DE GUINCHO COM ENCARGOS COMPLEMENTARES","H","15,92","17,66",null,15.92,17.66,"Sinapi 88295"]
["88296","OPERADOR DE GUINDASTE COM ENCARGOS COMPLEMENTARES","H","15,92","17,66",null,15.92,17.66,"Sinapi 88296"]
["88297","OPERADOR DE MÁQUINAS E EQUIPAMENTOS COM ENCARGOS COMPLEMENTARES","H","15,90","17,63",null,15.9,17.63,"Sinapi 88297"]
["88298","OPERADOR DE MARTELETE OU MARTELETEIRO COM ENCARGOS COMPLEMENTARES","H","16,17","17,96",null,16.170000000000002,17.96,"Sinapi 88298"]
["88299","OPERADOR DE MOTO-ESCREIPER COM ENCARGOS COMPLEMENTARES","H","18,27","20,38",null,18.27,20.38,"Sinapi 88299"]
["88300","OPERADOR DE MOTONIVELADORA COM ENCARGOS COMPLEMENTARES","H","21,29","23,89",null,21.29,23.89,"Sinapi 88300"]
["88301","OPERADOR DE PÁ CARREGADEIRA COM ENCARGOS COMPLEMENTARES","H","17,42","19,40",null,17.420000000000002,19.399999999999999,"Sinapi 88301"]
["88302","OPERADOR DE PAVIMENTADORA COM ENCARGOS COMPLEMENTARES","H","18,71","20,91",null,18.71,20.91,"Sinapi 88302"]
["88303","OPERADOR DE ROLO COMPACTADOR COM ENCARGOS COMPLEMENTARES","H","15,95","17,70",null,15.95,17.7,"Sinapi 88303"]
["88304","OPERADOR DE USINA DE ASFALTO, DE SOLOS OU DE CONCRETO COM ENCARGOS COMPLEMENTARES","H","16,76","18,64",null,16.760000000000002,18.64,"Sinapi 88304"]
["88306","OPERADOR JATO DE AREIA OU JATISTA COM ENCARGOS COMPLEMENTARES","H","20,51","22,99",null,20.51,22.99,"Sinapi 88306"]
["88307","OPERADOR PARA BATE ESTACAS COM ENCARGOS COMPLEMENTARES","H","17,21","19,16",null,17.21,19.16,"Sinapi 88307"]
["88308","PASTILHEIRO COM ENCARGOS COMPLEMENTARES","H","21,46","23,97",null,{"$f":"IF(D6216=\"\",\"\",D6216+0)","v":21.46},{"$f":"IF(E6216=\"\",\"\",E6216+0)","v":23.97},{"$f":"IF(OR(G6216=\"\",H6216=\"\"),\"\",CONCATENATE(\"Sinapi \",A6216))","v":"Sinapi 88308"}]
["88309","PEDREIRO COM ENCARGOS COMPLEMENTARES","H","20,22","22,53",null,20.22,22.53,"Sinapi 88309"]
["88310","PINTOR COM ENCARGOS COMPLEMENTARES","H","21,33","23,62",null,21.33,23.62,"Sinapi 88310"]
["88311","PINTOR DE LETREIROS COM ENCARGOS COMPLEMENTARES","H","22,46","24,94",null,22.46,24.94,"Sinapi 88311"]
["88312","PINTOR PARA TINTA EPÓXI COM ENCARGOS COMPLEMENTARES","H","22,41","24,88",null,22.41,24.88,"Sinapi 88312"]
["88313","POCEIRO COM ENCARGOS COMPLEMENTARES","H","14,64","16,19",null,14.64,16.190000000000001,"Sinapi 88313"]
["88314","RASTELEIRO COM ENCARGOS COMPLEMENTARES","H","14,24","15,71",null,14.24,15.71,"Sinapi 88314"]
["88315","SERRALHEIRO COM ENCARGOS COMPLEMENTARES","H","20,13","22,42",null,20.13,22.42,"Sinapi 88315"]
["88316","SERVENTE COM ENCARGOS COMPLEMENTARES","H","15,13","16,63",null,15.13,16.63,"Sinapi 88316"]
["88317","SOLDADOR COM ENCARGOS COMPLEMENTARES","H","20,87","23,16",null,20.87,23.16,"Sinapi 88317"]
["88318","SOLDADOR A (PARA SOLDA A SER TESTADA COM RAIOS \"X\") COM ENCARGOS COMPLEMENTARES","H","22,52","25,07",null,22.52,25.07,"Sinapi 88318"]
["88320","TAQUEADOR OU TAQUEIRO COM ENCARGOS COMPLEMENTARES","H","23,34","26,14",null,23.34,26.14,"Sinapi 88320"]
["88321","TÉCNICO DE LABORATÓRIO COM ENCARGOS COMPLEMENTARES","H","43,84","50,67",null,43.84,50.67,"Sinapi 88321"]
["88322","TÉCNICO DE SONDAGEM COM ENCARGOS COMPLEMENTARES","H","20,03","23,06",null,20.03,23.06,"Sinapi 88322"]
["88323","TELHADISTA COM ENCARGOS COMPLEMENTARES","H","21,39","23,89",null,21.39,23.89,"Sinapi 88323"]
["88324","TRATORISTA COM ENCARGOS COMPLEMENTARES","H","15,88","17,61",null,15.88,17.61,"Sinapi 88324"]
["88325","VIDRACEIRO COM ENCARGOS COMPLEMENTARES","H","18,86","20,94",null,18.86,20.94,"Sinapi 88325"]
["88326","VIGIA NOTURNO COM ENCARGOS COMPLEMENTARES","H","19,00","21,13",null,19,21.13,"Sinapi 88326"]
["88377","OPERADOR DE BETONEIRA ESTACIONÁRIA/MISTURADOR COM ENCARGOS COMPLEMENTARES","H","15,22","16,86",null,15.22,16.86,"Sinapi 88377"]
["88441","JARDINEIRO COM ENCARGOS COMPLEMENTARES","H","19,60","21,81",null,19.600000000000001,21.81,"Sinapi 88441"]
["88597","DESENHISTA DETALHISTA COM ENCARGOS COMPLEMENTARES","H","23,68","27,31",null,23.68,27.31,"Sinapi 88597"]
["90766","ALMOXARIFE COM ENCARGOS COMPLEMENTARES","H","25,48","29,38",null,25.48,29.38,"Sinapi 90766"]
["90767","APONTADOR OU APROPRIADOR COM ENCARGOS COMPLEMENTARES","H","30,71","35,44",null,30.71,35.44,"Sinapi 90767"]
["90768","ARQUITETO DE OBRA JUNIOR COM ENCARGOS COMPLEMENTARES","H","53,68","62,10",null,53.68,62.1,"Sinapi 90768"]
["90769","ARQUITETO DE OBRA PLENO COM ENCARGOS COMPLEMENTARES","H","75,84","87,80",null,75.84,87.8,"Sinapi 90769"]
["90770","ARQUITETO DE OBRA SENIOR COM ENCARGOS COMPLEMENTARES","H","99,95","115,76",null,99.95,115.76,"Sinapi 90770"]
["90771","AUXILIAR DE DESENHISTA COM ENCARGOS COMPLEMENTARES","H","25,24","29,10",null,25.24,29.1,"Sinapi 90771"]
["90772","AUXILIAR DE ESCRITORIO COM ENCARGOS COMPLEMENTARES","H","21,51","24,77",null,21.51,24.77,"Sinapi 90772"]
["90773","DESENHISTA COPISTA COM ENCARGOS COMPLEMENTARES","H","11,62","13,32",null,11.62,13.32,"Sinapi 90773"]
["90775","DESENHISTA PROJETISTA COM ENCARGOS COMPLEMENTARES","H","21,28","24,52",null,21.28,24.52,"Sinapi 90775"]
["90776","ENCARREGADO GERAL COM ENCARGOS COMPLEMENTARES","H","15,86","18,17",null,15.86,18.170000000000002,"Sinapi 90776"]
["90777","ENGENHEIRO CIVIL DE OBRA JUNIOR COM ENCARGOS COMPLEMENTARES","H","72,80","84,28",null,72.8,84.28,"Sinapi 90777"]
["90778","ENGENHEIRO CIVIL DE OBRA PLENO COM ENCARGOS COMPLEMENTARES","H","82,71","95,76",null,82.71,95.76,"Sinapi 90778"]
["90779","ENGENHEIRO CIVIL DE OBRA SENIOR COM ENCARGOS COMPLEMENTARES","H","112,71","130,56",null,112.71,130.56,"Sinapi 90779"]
["90780","MESTRE DE OBRAS COM ENCARGOS COMPLEMENTARES","H","23,33","26,82",null,23.33,26.82,"Sinapi 90780"]
["90781","TOPOGRAFO COM ENCARGOS COMPLEMENTARES","H","19,23","21,51",null,19.23,21.51,"Sinapi 90781"]
["91677","ENGENHEIRO ELETRICISTA COM ENCARGOS COMPLEMENTARES","H","86,38","100,01",null,86.38,100.01,"Sinapi 91677"]
["91678","ENGENHEIRO SANITARISTA COM ENCARGOS COMPLEMENTARES","H","79,75","92,33",null,79.75,92.33,"Sinapi 91678"]
["93558","MOTORISTA DE CAMINHAO COM ENCARGOS COMPLEMENTARES","MES","3.487,48","3.894,13",null,3487.48,3894.13,"Sinapi 93558"]
["93559","DESENHISTA DETALHISTA COM ENCARGOS COMPLEMENTARES","MES","2.587,73","2.971,23",null,2587.73,2971.23,"Sinapi 93559"]
["93560","DESENHISTA COPISTA COM ENCARGOS COMPLEMENTARES","MES","1.313,41","1.492,93",null,1313.41,1492.93,"Sinapi 93560"]
["93561","DESENHISTA PROJETISTA COM ENCARGOS COMPLEMENTARES","MES","2.333,31","2.676,08",null,2333.31,2676.08,"Sinapi 93561"]
["93562","AUXILIAR DE DESENHISTA COM ENCARGOS COMPLEMENTARES","MES","2.750,74","3.160,33",null,2750.74,3160.33,"Sinapi 93562"]
["93563","ALMOXARIFE COM ENCARGOS COMPLEMENTARES","MES","4.550,20","5.246,42",null,4550.2,5246.42,"Sinapi 93563"]
["93564","APONTADOR OU APROPRIADOR COM ENCARGOS COMPLEMENTARES","MES","5.470,79","6.314,36",null,5470.79,6314.36,"Sinapi 93564"]
["93565","ENGENHEIRO CIVIL DE OBRA JUNIOR COM ENCARGOS COMPLEMENTARES","MES","12.959,74","15.003,89",null,12959.74,15003.89,"Sinapi 93565"]
["93566","AUXILIAR DE ESCRITORIO COM ENCARGOS COMPLEMENTARES","MES","3.843,60","4.426,74",null,3843.6,4426.74,"Sinapi 93566"]
["93567","ENGENHEIRO CIVIL DE OBRA PLENO COM ENCARGOS COMPLEMENTARES","MES","14.724,78","17.051,45",null,14724.78,17051.45,"Sinapi 93567"]
["93568","ENGENHEIRO CIVIL DE OBRA SENIOR COM ENCARGOS COMPLEMENTARES","MES","20.059,11","23.239,61",null,20059.11,23239.61,"Sinapi 93568"]
["93569","ARQUITETO JUNIOR COM ENCARGOS COMPLEMENTARES","MES","9.570,47","11.072,14",null,9570.4699999999993,11072.14,"Sinapi 93569"]
["93570","ARQUITETO PLENO COM ENCARGOS COMPLEMENTARES","MES","13.514,73","15.647,72",null,13514.73,15647.72,"Sinapi 93570"]
["93571","ARQUITETO SENIOR COM ENCARGOS COMPLEMENTARES","MES","17.806,91","20.626,91",null,17806.91,20626.91,"Sinapi 93571"]
["93572","ENCARREGADO GERAL DE OBRAS COM ENCARGOS COMPLEMENTARES","MES","2.834,86","3.244,97",null,2834.86,3244.97,"Sinapi 93572"]
["94295","MESTRE DE OBRAS COM ENCARGOS COMPLEMENTARES","MES","4.161,41","4.783,84",null,4161.41,4783.84,"Sinapi 94295"]
["94296","TOPOGRAFO COM ENCARGOS COMPLEMENTARES","MES","3.602,13","4.029,15",null,3602.13,4029.15,"Sinapi 94296"]
["95308","CURSO DE CAPACITAÇÃO PARA AJUDANTE DE ARMADOR (ENCARGOS COMPLEMENTARES) - HORISTA","H","0,07","0,09",null,7.0000000000000007E-2,0.09,"Sinapi 95308"]
["95309","CURSO DE CAPACITAÇÃO PARA AJUDANTE DE CARPINTEIRO (ENCARGOS COMPLEMENTARES) - HORISTA","H","0,11","0,13",null,0.11,0.13,"Sinapi 95309"]
["95310","CURSO DE CAPACITAÇÃO PARA AJUDANTE DE ESTRUTURA METÁLICA (ENCARGOS COMPLEMENTARES) - HORISTA","H","0,05","0,06",null,0.05,0.06,"Sinapi 95310"]
["95311","CURSO DE CAPACITAÇÃO PARA AJUDANTE DE OPERAÇÃO EM GERAL (ENCARGOS COMPLEMENTARES) - HORISTA","H","0,08","0,09",null,0.08,0.09,"Sinapi 95311"]
["95312","CURSO DE CAPACITAÇÃO PARA AJUDANTE DE PEDREIRO (ENCARGOS COMPLEMENTARES) - HORISTA","H","0,09","0,10",null,0.09,0.1,"Sinapi 95312"]
["95313","CURSO DE CAPACITAÇÃO PARA AJUDANTE ESPECIALIZADO (ENCARGOS COMPLEMENTARES) - HORISTA","H","0,09","0,10",null,0.09,0.1,"Sinapi 95313"]
["95314","CURSO DE CAPACITAÇÃO PARA ARMADOR (ENCARGOS COMPLEMENTARES) - HORISTA","H","0,11","0,13",null,0.11,0.13,"Sinapi 95314"]
["95315","CURSO DE CAPACITAÇÃO PARA ASSENTADOR DE TUBOS (ENCARGOS COMPLEMENTARES) - HORISTA","H","0,10","0,12",null,0.1,0.12,"Sinapi 95315"]
["95316","CURSO DE CAPACITAÇÃO PARA AUXILIAR DE ELETRICISTA (ENCARGOS COMPLEMENTARES) - HORISTA","H","0,25","0,29",null,0.25,0.28999999999999998,"Sinapi 95316"]
["95317","CURSO DE CAPACITAÇÃO PARA AUXILIAR DE ENCANADOR OU BOMBEIRO HIDRÁULICO (ENCARGOS COMPLEMENTARES) - HORISTA","H","0,12","0,14",null,{"$f":"IF(D6280=\"\",\"\",D6280+0)","v":0.12},{"$f":"IF(E6280=\"\",\"\",E6280+0)","v":0.14000000000000001},{"$f":"IF(OR(G6280=\"\",H6280=\"\"),\"\",CONCATENATE(\"Sinapi \",A6280))","v":"Sinapi 95317"}]
["95318","CURSO DE CAPACITAÇÃO PARA AUXILIAR DE LABORATÓRIO (ENCARGOS COMPLEMENTARES) - HORISTA","H","0,15","0,17",null,0.15,0.17,"Sinapi 95318"]
["95319","CURSO DE CAPACITAÇÃO PARA AUXILIAR DE MECÂNICO (ENCARGOS COMPLEMENTARES) - HORISTA","H","0,07","0,08",null,7.0000000000000007E-2,0.08,"Sinapi 95319"]
["95320","CURSO DE CAPACITAÇÃO PARA AUXILIAR DE SERRALHEIRO (ENCARGOS COMPLEMENTARES) - HORISTA","H","0,08","0,09",null,0.08,0.09,"Sinapi 95320"]
["95321","CURSO DE CAPACITAÇÃO PARA AUXILIAR DE SERVIÇOS GERAIS (ENCARGOS COMPLEMENTARES) - HORISTA","H","0,07","0,09",null,7.0000000000000007E-2,0.09,"Sinapi 95321"]
["95322","CURSO DE CAPACITAÇÃO PARA AUXILIAR DE TOPÓGRAFO (ENCARGOS COMPLEMENTARES) - HORISTA","H","0,03","0,03",null,0.03,0.03,"Sinapi 95322"]
["95323","CURSO DE CAPACITAÇÃO PARA AUXILIAR TÉCNICO DE ENGENHARIA (ENCARGOS COMPLEMENTARES) - HORISTA","H","0,15","0,18",null,0.15,0.18,"Sinapi 95323"]
["95324","CURSO DE CAPACITAÇÃO PARA AZULEJISTA OU LADRILHISTA (ENCARGOS COMPLEMENTARES) - HORISTA","H","0,14","0,16",null,0.14000000000000001,0.16,"Sinapi 95324"]
["95325","CURSO DE CAPACITAÇÃO PARA BLASTER, DINAMITADOR OU CABO DE FOGO (ENCARGOS COMPLEMENTARES) - HORISTA","H","0,12","0,14",null,0.12,0.14000000000000001,"Sinapi 95325"]
["95326","CURSO DE CAPACITAÇÃO PARA CADASTRISTA DE REDES DE AGUA E ESGOTO (ENCARGOS COMPLEMENTARES) - HORISTA","H","0,07","0,08",null,7.0000000000000007E-2,0.08,"Sinapi 95326"]
["95327","CURSO DE CAPACITAÇÃO PARA CALAFETADOR/CALAFATE (ENCARGOS COMPLEMENTARES) - HORISTA","H","0,17","0,20",null,0.17,0.2,"Sinapi 95327"]
["95328","CURSO DE CAPACITAÇÃO PARA CALCETEIRO (ENCARGOS COMPLEMENTARES) - HORISTA","H","0,10","0,12",null,0.1,0.12,"Sinapi 95328"]
["95329","CURSO DE CAPACITAÇÃO PARA CARPINTEIRO DE ESQUADRIA (ENCARGOS COMPLEMENTARES) - HORISTA","H","0,14","0,16",null,0.14000000000000001,0.16,"Sinapi 95329"]
["95330","CURSO DE CAPACITAÇÃO PARA CARPINTEIRO DE FÔRMAS (ENCARGOS COMPLEMENTARES) - HORISTA","H","0,11","0,13",null,0.11,0.13,"Sinapi 95330"]
["95331","CURSO DE CAPACITAÇÃO PARA CAVOUQUEIRO OU OPERADOR PERFURATRIZ/ROMPEDOR (ENCARGOS COMPLEMENTARES) - HORISTA","H","0,06","0,07",null,0.06,7.0000000000000007E-2,"Sinapi 95331"]
["95332","CURSO DE CAPACITAÇÃO PARA ELETRICISTA (ENCARGOS COMPLEMENTARES) - HORISTA","H","0,36","0,42",null,0.36,0.42,"Sinapi 95332"]
["95333","CURSO DE CAPACITAÇÃO PARA ELETRICISTA INDUSTRIAL (ENCARGOS COMPLEMENTARES) - HORISTA","H","0,36","0,42",null,0.36,0.42,"Sinapi 95333"]
["95334","CURSO DE CAPACITAÇÃO PARA ELETROTÉCNICO (ENCARGOS COMPLEMENTARES) - HORISTA","H","0,44","0,51",null,0.44,0.51,"Sinapi 95334"]
["95335","CURSO DE CAPACITAÇÃO PARA ENCANADOR OU BOMBEIRO HIDRÁULICO (ENCARGOS COMPLEMENTARES) - HORISTA","H","0,17","0,20",null,0.17,0.2,"Sinapi 95335"]
["95336","CURSO DE CAPACITAÇÃO PARA ESTUCADOR (ENCARGOS COMPLEMENTARES) - HORISTA","H","0,11","0,13",null,0.11,0.13,"Sinapi 95336"]
["95337","CURSO DE CAPACITAÇÃO PARA GESSEIRO (ENCARGOS COMPLEMENTARES) - HORISTA","H","0,11","0,13",null,0.11,0.13,"Sinapi 95337"]
["95338","CURSO DE CAPACITAÇÃO PARA IMPERMEABILIZADOR (ENCARGOS COMPLEMENTARES) - HORISTA","H","0,20","0,24",null,0.2,0.24,"Sinapi 95338"]
["95339","CURSO DE CAPACITAÇÃO PARA MAÇARIQUEIRO (ENCARGOS COMPLEMENTARES) - HORISTA","H","0,17","0,19",null,0.17,0.19,"Sinapi 95339"]
["95340","CURSO DE CAPACITAÇÃO PARA MARCENEIRO (ENCARGOS COMPLEMENTARES) - HORISTA","H","0,14","0,17",null,0.14000000000000001,0.17,"Sinapi 95340"]
["95341","CURSO DE CAPACITAÇÃO PARA MARMORISTA/GRANITEIRO (ENCARGOS COMPLEMENTARES) - HORISTA","H","0,11","0,13",null,0.11,0.13,"Sinapi 95341"]
["95342","CURSO DE CAPACITAÇÃO PARA MECÂNICO DE EQUIPAMENTOS PESADOS (ENCARGOS COMPLEMENTARES) - HORISTA","H","0,09","0,10",null,0.09,0.1,"Sinapi 95342"]
["95343","CURSO DE CAPACITAÇÃO PARA MONTADOR  DE TUBO AÇO/EQUIPAMENTOS (ENCARGOS COMPLEMENTARES) - HORISTA","H","0,11","0,12",null,0.11,0.12,"Sinapi 95343"]
["95344","CURSO DE CAPACITAÇÃO PARA MONTADOR DE ESTRUTURA METÁLICA (ENCARGOS COMPLEMENTARES) - HORISTA","H","0,08","0,09",null,0.08,0.09,"Sinapi 95344"]
["95345","CURSO DE CAPACITAÇÃO PARA MONTADOR ELETROMECÂNICO (ENCARGOS COMPLEMENTARES) - HORISTA","H","0,31","0,36",null,0.31,0.36,"Sinapi 95345"]
["95346","CURSO DE CAPACITAÇÃO PARA MOTORISTA DE BASCULANTE (ENCARGOS COMPLEMENTARES) - HORISTA","H","0,03","0,04",null,0.03,0.04,"Sinapi 95346"]
["95347","CURSO DE CAPACITAÇÃO PARA MOTORISTA DE CAMINHÃO (ENCARGOS COMPLEMENTARES) - HORISTA","H","0,04","0,04",null,0.04,0.04,"Sinapi 95347"]
["95348","CURSO DE CAPACITAÇÃO PARA MOTORISTA DE CAMINHÃO E CARRETA (ENCARGOS COMPLEMENTARES) - HORISTA","H","0,05","0,06",null,0.05,0.06,"Sinapi 95348"]
["95349","CURSO DE CAPACITAÇÃO PARA MOTORISTA DE VEÍCULO LEVE (ENCARGOS COMPLEMENTARES) - HORISTA","H","0,03","0,04",null,0.03,0.04,"Sinapi 95349"]
["95350","CURSO DE CAPACITAÇÃO PARA MOTORISTA DE VEÍCULO PESADO (ENCARGOS COMPLEMENTARES) - HORISTA","H","0,03","0,04",null,0.03,0.04,"Sinapi 95350"]
["95351","CURSO DE CAPACITAÇÃO PARA MOTORISTA OPERADOR DE MUNCK (ENCARGOS COMPLEMENTARES) - HORISTA","H","0,12","0,14",null,0.12,0.14000000000000001,"Sinapi 95351"]
["95352","CURSO DE CAPACITAÇÃO PARA NIVELADOR (ENCARGOS COMPLEMENTARES) - HORISTA","H","0,04","0,04",null,0.04,0.04,"Sinapi 95352"]
["95354","CURSO DE CAPACITAÇÃO PARA OPERADOR DE BETONEIRA (CAMINHÃO) (ENCARGOS COMPLEMENTARES) - HORISTA","H","0,05","0,06",null,0.05,0.06,"Sinapi 95354"]
["95355","CURSO DE CAPACITAÇÃO PARA OPERADOR DE COMPRESSOR OU COMPRESSORISTA (ENCARGOS COMPLEMENTARES) - HORISTA","H","0,06","0,07",null,0.06,7.0000000000000007E-2,"Sinapi 95355"]
["95356","CURSO DE CAPACITAÇÃO PARA OPERADOR DE DEMARCADORA DE FAIXAS (ENCARGOS COMPLEMENTARES) - HORISTA","H","0,07","0,08",null,7.0000000000000007E-2,0.08,"Sinapi 95356"]
["95357","CURSO DE CAPACITAÇÃO PARA OPERADOR DE ESCAVADEIRA (ENCARGOS COMPLEMENTARES) - HORISTA","H","0,11","0,13",null,0.11,0.13,"Sinapi 95357"]
["95358","CURSO DE CAPACITAÇÃO PARA OPERADOR DE GUINCHO (ENCARGOS COMPLEMENTARES) - HORISTA","H","0,12","0,14",null,0.12,0.14000000000000001,"Sinapi 95358"]
["95359","CURSO DE CAPACITAÇÃO PARA OPERADOR DE GUINDASTE (ENCARGOS COMPLEMENTARES) - HORISTA","H","0,12","0,14",null,0.12,0.14000000000000001,"Sinapi 95359"]
["95360","CURSO DE CAPACITAÇÃO PARA OPERADOR DE MÁQUINAS E EQUIPAMENTOS (ENCARGOS COMPLEMENTARES) - HORISTA","H","0,08","0,09",null,0.08,0.09,"Sinapi 95360"]
["95361","CURSO DE CAPACITAÇÃO PARA OPERADOR DE MARTELETE OU MARTELETEIRO (ENCARGOS COMPLEMENTARES) - HORISTA","H","0,06","0,07",null,0.06,7.0000000000000007E-2,"Sinapi 95361"]
["95362","CURSO DE CAPACITAÇÃO PARA OPERADOR DE MOTO-ESCREIPER (ENCARGOS COMPLEMENTARES) - HORISTA","H","0,07","0,08",null,7.0000000000000007E-2,0.08,"Sinapi 95362"]
["95363","CURSO DE CAPACITAÇÃO PARA OPERADOR DE MOTONIVELADORA (ENCARGOS COMPLEMENTARES) - HORISTA","H","0,09","0,10",null,0.09,0.1,"Sinapi 95363"]
["95364","CURSO DE CAPACITAÇÃO PARA OPERADOR DE PÁ CARREGADEIRA (ENCARGOS COMPLEMENTARES) - HORISTA","H","0,07","0,08",null,7.0000000000000007E-2,0.08,"Sinapi 95364"]
["95365","CURSO DE CAPACITAÇÃO PARA OPERADOR DE PAVIMENTADORA (ENCARGOS COMPLEMENTARES) - HORISTA","H","0,07","0,09",null,7.0000000000000007E-2,0.09,"Sinapi 95365"]
["95366","CURSO DE CAPACITAÇÃO PARA OPERADOR DE ROLO COMPACTADOR (ENCARGOS COMPLEMENTARES) - HORISTA","H","0,06","0,07",null,0.06,7.0000000000000007E-2,"Sinapi 95366"]
["95367","CURSO DE CAPACITAÇÃO PARA OPERADOR DE USINA DE ASFALTO, DE SOLOS OU DE CONCRETO (ENCARGOS COMPLEMENTARES) - HORISTA","H","0,06","0,07",null,0.06,7.0000000000000007E-2,"Sinapi 95367"]
["95368","CURSO DE CAPACITAÇÃO PARA OPERADOR JATO DE AREIA OU JATISTA (ENCARGOS COMPLEMENTARES) - HORISTA","H","0,12","0,14",null,0.12,0.14000000000000001,"Sinapi 95368"]
["95369","CURSO DE CAPACITAÇÃO PARA OPERADOR PARA BATE ESTACAS (ENCARGOS COMPLEMENTARES) - HORISTA","H","0,06","0,08",null,0.06,0.08,"Sinapi 95369"]
["95370","CURSO DE CAPACITAÇÃO PARA PASTILHEIRO (ENCARGOS COMPLEMENTARES) - HORISTA","H","0,15","0,18",null,0.15,0.18,"Sinapi 95370"]
["95371","CURSO DE CAPACITAÇÃO PARA PEDREIRO (ENCARGOS COMPLEMENTARES) - HORISTA","H","0,20","0,24",null,0.2,0.24,"Sinapi 95371"]
["95372","CURSO DE CAPACITAÇÃO PARA PINTOR (ENCARGOS COMPLEMENTARES) - HORISTA","H","0,14","0,16",null,0.14000000000000001,0.16,"Sinapi 95372"]
["95373","CURSO DE CAPACITAÇÃO PARA PINTOR DE LETREIROS (ENCARGOS COMPLEMENTARES) - HORISTA","H","0,15","0,18",null,0.15,0.18,"Sinapi 95373"]
["95374","CURSO DE CAPACITAÇÃO PARA PINTOR PARA TINTA EPÓXI (ENCARGOS COMPLEMENTARES) - HORISTA","H","0,15","0,18",null,0.15,0.18,"Sinapi 95374"]
["95375","CURSO DE CAPACITAÇÃO PARA POCEIRO (ENCARGOS COMPLEMENTARES) - HORISTA","H","0,13","0,16",null,0.13,0.16,"Sinapi 95375"]
["95376","CURSO DE CAPACITAÇÃO PARA RASTELEIRO (ENCARGOS COMPLEMENTARES) - HORISTA","H","0,03","0,03",null,0.03,0.03,"Sinapi 95376"]
["95377","CURSO DE CAPACITAÇÃO PARA SERRALHEIRO (ENCARGOS COMPLEMENTARES) - HORISTA","H","0,11","0,13",null,0.11,0.13,"Sinapi 95377"]
["95378","CURSO DE CAPACITAÇÃO PARA SERVENTE (ENCARGOS COMPLEMENTARES) - HORISTA","H","0,13","0,15",null,0.13,0.15,"Sinapi 95378"]
["95379","CURSO DE CAPACITAÇÃO PARA SOLDADOR (ENCARGOS COMPLEMENTARES) - HORISTA","H","0,11","0,13",null,0.11,0.13,"Sinapi 95379"]
["95380","CURSO DE CAPACITAÇÃO PARA SOLDADOR A (PARA SOLDA A SER TESTADA COM RAIOS  X ) (ENCARGOS COMPLEMENTARES) - HORISTA","H","0,12","0,14",null,0.12,0.14000000000000001,"Sinapi 95380"]
["95382","CURSO DE CAPACITAÇÃO PARA TAQUEADOR OU TAQUEIRO (ENCARGOS COMPLEMENTARES) - HORISTA","H","0,13","0,15",null,0.13,0.15,"Sinapi 95382"]
["95383","CURSO DE CAPACITAÇÃO PARA TÉCNICO DE LABORATÓRIO (ENCARGOS COMPLEMENTARES) - HORISTA","H","0,24","0,28",null,{"$f":"IF(D6344=\"\",\"\",D6344+0)","v":0.24},{"$f":"IF(E6344=\"\",\"\",E6344+0)","v":0.28000000000000003},{"$f":"IF(OR(G6344=\"\",H6344=\"\"),\"\",CONCATENATE(\"Sinapi \",A6344))","v":"Sinapi 95383"}]
["95384","CURSO DE CAPACITAÇÃO PARA TÉCNICO DE SONDAGEM (ENCARGOS COMPLEMENTARES) - HORISTA","H","0,14","0,17",null,0.14000000000000001,0.17,"Sinapi 95384"]
["95385","CURSO DE CAPACITAÇÃO PARA TELHADISTA (ENCARGOS COMPLEMENTARES) - HORISTA","H","0,12","0,14",null,0.12,0.14000000000000001,"Sinapi 95385"]
["95386","CURSO DE CAPACITAÇÃO PARA TRATORISTA (ENCARGOS COMPLEMENTARES) - HORISTA","H","0,08","0,09",null,0.08,0.09,"Sinapi 95386"]
["95387","CURSO DE CAPACITAÇÃO PARA VIDRACEIRO (ENCARGOS COMPLEMENTARES) - HORISTA","H","0,13","0,15",null,0.13,0.15,"Sinapi 95387"]
["95388","CURSO DE CAPACITAÇÃO PARA VIGIA NOTURNO (ENCARGOS COMPLEMENTARES) - HORISTA","H","0,04","0,05",null,0.04,0.05,"Sinapi 95388"]
["95389","CURSO DE CAPACITAÇÃO PARA OPERADOR DE BETONEIRA ESTACIONÁRIA/MISTURADOR (ENCARGOS COMPLEMENTARES) - HORISTA","H","0,05","0,06",null,0.05,0.06,"Sinapi 95389"]
["95390","CURSO DE CAPACITAÇÃO PARA JARDINEIRO (ENCARGOS COMPLEMENTARES) - HORISTA","H","0,04","0,05",null,0.04,0.05,"Sinapi 95390"]
["95391","CURSO DE CAPACITAÇÃO PARA DESENHISTA DETALHISTA (ENCARGOS COMPLEMENTARES) - HORISTA","H","0,07","0,09",null,7.0000000000000007E-2,0.09,"Sinapi 95391"]
["95392","CURSO DE CAPACITAÇÃO PARA ALMOXARIFE (ENCARGOS COMPLEMENTARES) - HORISTA","H","0,08","0,09",null,0.08,0.09,"Sinapi 95392"]
["95393","CURSO DE CAPACITAÇÃO PARA APONTADOR OU APROPRIADOR (ENCARGOS COMPLEMENTARES) - HORISTA","H","0,42","0,49",null,0.42,0.49,"Sinapi 95393"]
["95394","CURSO DE CAPACITAÇÃO PARA ARQUITETO DE OBRA JÚNIOR (ENCARGOS COMPLEMENTARES) - HORISTA","H","0,29","0,34",null,0.28999999999999998,0.34,"Sinapi 95394"]
["95395","CURSO DE CAPACITAÇÃO PARA ARQUITETO DE OBRA PLENO (ENCARGOS COMPLEMENTARES) - HORISTA","H","0,42","0,49",null,0.42,0.49,"Sinapi 95395"]
["95396","CURSO DE CAPACITAÇÃO PARA ARQUITETO DE OBRA SÊNIOR (ENCARGOS COMPLEMENTARES) - HORISTA","H","0,56","0,65",null,0.56000000000000005,0.65,"Sinapi 95396"]
["95397","CURSO DE CAPACITAÇÃO PARA AUXILIAR DE DESENHISTA (ENCARGOS COMPLEMENTARES) - HORISTA","H","0,08","0,09",null,0.08,0.09,"Sinapi 95397"]
["95398","CURSO DE CAPACITAÇÃO PARA AUXILIAR DE ESCRITÓRIO (ENCARGOS COMPLEMENTARES) - HORISTA","H","0,07","0,08",null,7.0000000000000007E-2,0.08,"Sinapi 95398"]
["95399","CURSO DE CAPACITAÇÃO PARA DESENHISTA COPISTA (ENCARGOS COMPLEMENTARES) - HORISTA","H","0,03","0,04",null,0.03,0.04,"Sinapi 95399"]
["95400","CURSO DE CAPACITAÇÃO PARA DESENHISTA PROJETISTA (ENCARGOS COMPLEMENTARES) - HORISTA","H","0,07","0,08",null,7.0000000000000007E-2,0.08,"Sinapi 95400"]
["95401","CURSO DE CAPACITAÇÃO PARA ENCARREGADO GERAL (ENCARGOS COMPLEMENTARES) - HORISTA","H","0,20","0,24",null,0.2,0.24,"Sinapi 95401"]
["95402","CURSO DE CAPACITAÇÃO PARA ENGENHEIRO CIVIL DE OBRA JÚNIOR (ENCARGOS COMPLEMENTARES) - HORISTA","H","0,72","0,84",null,0.72,0.84,"Sinapi 95402"]
["95403","CURSO DE CAPACITAÇÃO PARA ENGENHEIRO CIVIL DE OBRA PLENO (ENCARGOS COMPLEMENTARES) - HORISTA","H","0,82","0,95",null,0.82,0.95,"Sinapi 95403"]
["95404","CURSO DE CAPACITAÇÃO PARA ENGENHEIRO CIVIL DE OBRA SÊNIOR (ENCARGOS COMPLEMENTARES) - HORISTA","H","1,12","1,30",null,1.1200000000000001,1.3,"Sinapi 95404"]
["95405","CURSO DE CAPACITAÇÃO PARA MESTRE DE OBRAS (ENCARGOS COMPLEMENTARES) - HORISTA","H","0,31","0,36",null,0.31,0.36,"Sinapi 95405"]
["95406","CURSO DE CAPACITAÇÃO PARA TOPÓGRAFO (ENCARGOS COMPLEMENTARES) - HORISTA","H","0,08","0,09",null,0.08,0.09,"Sinapi 95406"]
["95407","CURSO DE CAPACITAÇÃO PARA ENGENHEIRO ELETRICISTA (ENCARGOS COMPLEMENTARES) - HORISTA","H","1,96","2,27",null,1.96,2.27,"Sinapi 95407"]
["95408","CURSO DE CAPACITAÇÃO  PARA MOTORISTA DE CAMINHÃO (ENCARGOS COMPLEMENTARES) - MENSALISTA","MES","6,84","7,93",null,6.84,7.93,"Sinapi 95408"]
["95409","CURSO DE CAPACITAÇÃO PARA DESENHISTA DETALHISTA (ENCARGOS COMPLEMENTARES) - MENSALISTA","MES","6,45","7,48",null,6.45,7.48,"Sinapi 95409"]
["95410","CURSO DE CAPACITAÇÃO PARA DESENHISTA COPISTA (ENCARGOS COMPLEMENTARES) - MENSALISTA","MES","3,02","3,50",null,3.02,3.5,"Sinapi 95410"]
["95411","CURSO DE CAPACITAÇÃO PARA DESENHISTA PROJETISTA (ENCARGOS COMPLEMENTARES) - MENSALISTA","MES","5,76","6,68",null,5.76,6.68,"Sinapi 95411"]
["95412","CURSO DE CAPACITAÇÃO PARA AUXILIAR DE DESENHISTA (ENCARGOS COMPLEMENTARES) - MENSALISTA","MES","6,89","7,99",null,6.89,7.99,"Sinapi 95412"]
["95413","CURSO DE CAPACITAÇÃO PARA ALMOXARIFE (ENCARGOS COMPLEMENTARES) - MENSALISTA","MES","11,71","13,58",null,11.71,13.58,"Sinapi 95413"]
["95414","CURSO DE CAPACITAÇÃO PARA APONTADOR OU APROPRIADOR (ENCARGOS COMPLEMENTARES) - MENSALISTA","MES","58,37","67,71",null,58.37,67.709999999999994,"Sinapi 95414"]
["95415","CURSO DE CAPACITAÇÃO PARA ENGENHEIRO CIVIL DE OBRA JÚNIOR (ENCARGOS COMPLEMENTARES) - MENSALISTA","MES","98,84","114,66",null,98.84,114.66,"Sinapi 95415"]
["95416","CURSO DE CAPACITAÇÃO PARA AUXILIAR DE ESCRITÓRIO (ENCARGOS COMPLEMENTARES) - MENSALISTA","MES","9,80","11,38",null,9.8000000000000007,11.38,"Sinapi 95416"]
["95417","CURSO DE CAPACITAÇÃO PARA ENGENHEIRO CIVIL DE OBRA PLENO (ENCARGOS COMPLEMENTARES) - MENSALISTA","MES","112,50","130,51",null,112.5,130.51,"Sinapi 95417"]
["95418","CURSO DE CAPACITAÇÃO PARA ENGENHEIRO CIVIL DE OBRA SÊNIOR (ENCARGOS COMPLEMENTARES) - MENSALISTA","MES","153,78","178,40",null,153.78,178.4,"Sinapi 95418"]
["95419","CURSO DE CAPACITAÇÃO PARA ARQUITETO JÚNIOR (ENCARGOS COMPLEMENTARES) - MENSALISTA","MES","41,09","47,67",null,41.09,47.67,"Sinapi 95419"]
["95420","CURSO DE CAPACITAÇÃO PARA ARQUITETO PLENO (ENCARGOS COMPLEMENTARES) - MENSALISTA","MES","58,37","67,72",null,58.37,67.72,"Sinapi 95420"]
["95421","CURSO DE CAPACITAÇÃO PARA ARQUITETO SÊNIOR (ENCARGOS COMPLEMENTARES) - MENSALISTA","MES","77,18","89,53",null,77.180000000000007,89.53,"Sinapi 95421"]
["95422","CURSO DE CAPACITAÇÃO PARA ENCARREGADO GERAL DE OBRAS (ENCARGOS COMPLEMENTARES) - MENSALISTA","MES","28,37","32,92",null,28.37,32.92,"Sinapi 95422"]
["95423","CURSO DE CAPACITAÇÃO PARA MESTRE DE OBRAS (ENCARGOS COMPLEMENTARES) - MENSALISTA","MES","43,07","49,96",null,43.07,49.96,"Sinapi 95423"]
["95424","CURSO DE CAPACITAÇÃO PARA TOPÓGRAFO (ENCARGOS COMPLEMENTARES) - MENSALISTA","MES","11,68","13,55",null,11.68,13.55,"Sinapi 95424"]
["100288","CURSO DE CAPACITAÇÃO PARA VIGIA DIURNO (ENCARGOS COMPLEMENTARES) - HORISTA","H","0,03","0,03",null,0.03,0.03,"Sinapi 100288"]
["100289","VIGIA DIURNO COM ENCARGOS COMPLEMENTARES","H","15,42","16,96",null,15.42,16.96,"Sinapi 100289"]
["100290","CURSO DE CAPACITAÇÃO PARA AUXILIAR DE ALMOXARIFE (ENCARGOS COMPLEMENTARES) - HORISTA","H","0,06","0,07",null,0.06,7.0000000000000007E-2,"Sinapi 100290"]
["100291","CURSO DE CAPACITAÇÃO PARA AJUDANTE DE PINTOR (ENCARGOS COMPLEMENTARES) - HORISTA","H","0,10","0,12",null,0.1,0.12,"Sinapi 100291"]
["100292","CURSO DE CAPACITAÇÃO PARA COORDENADOR/GERENTE DE OBRA (ENCARGOS COMPLEMENTARES) - HORISTA","H","0,36","0,42",null,0.36,0.42,"Sinapi 100292"]
["100293","CURSO DE CAPACITAÇÃO PARA AUXILIAR DE AZULEJISTA (ENCARGOS COMPLEMENTARES) - HORISTA","H","0,10","0,12",null,0.1,0.12,"Sinapi 100293"]
["100294","CURSO DE CAPACITAÇÃO PARA ARQUITETO PAISAGISTA (ENCARGOS COMPLEMENTARES) - HORISTA","H","0,20","0,23",null,0.2,0.23,"Sinapi 100294"]
["100295","CURSO DE CAPACITAÇÃO PARA MONTADOR DE ELETROELETRONICOS (ENCARGOS COMPLEMENTARES) - HORISTA","H","0,28","0,33",null,0.28000000000000003,0.33,"Sinapi 100295"]
["100296","CURSO DE CAPACITAÇÃO PARA ENGENHEIRO CIVIL JUNIOR (ENCARGOS COMPLEMENTARES) - HORISTA","H","0,56","0,66",null,0.56000000000000005,0.66,"Sinapi 100296"]
["100297","CURSO DE CAPACITAÇÃO PARA ENGENHEIRO CIVIL PLENO (ENCARGOS COMPLEMENTARES) - HORISTA","H","0,64","0,74",null,0.64,0.74,"Sinapi 100297"]
["100298","CURSO DE CAPACITAÇÃO PARA MECÂNICO DE REFRIGERAÇÃO (ENCARGOS COMPLEMENTARES) - HORISTA","H","0,38","0,45",null,0.38,0.45,"Sinapi 100298"]
["100299","CURSO DE CAPACITAÇÃO PARA TÉCNICO EM SEGURANÇA DO TRABALHO (ENCARGOS COMPLEMENTARES) - HORISTA","H","0,43","0,51",null,0.43,0.51,"Sinapi 100299"]
["100300","AUXILIAR DE ALMOXARIFE COM ENCARGOS COMPLEMENTARES","H","19,76","22,75",null,19.760000000000002,22.75,"Sinapi 100300"]
["100301","AJUDANTE DE PINTOR COM ENCARGOS COMPLEMENTARES","H","17,33","18,98",null,17.329999999999998,18.98,"Sinapi 100301"]
["100302","COORDENADOR/GERENTE DE OBRA COM ENCARGOS COMPLEMENTARES","H","105,56","122,26",null,105.56,122.26,"Sinapi 100302"]
["100303","AUXILIAR DE AZULEJISTA COM ENCARGOS COMPLEMENTARES","H","16,27","17,94",null,16.27,17.940000000000001,"Sinapi 100303"]
["100304","ARQUITETO PAISAGISTA COM ENCARGOS COMPLEMENTARES","H","59,23","68,53",null,59.23,68.53,"Sinapi 100304"]
["100305","ENGENHEIRO CIVIL JUNIOR COM ENCARGOS COMPLEMENTARES","H","73,68","85,30",null,73.680000000000007,85.3,"Sinapi 100305"]
["100306","ENGENHEIRO CIVIL PLENO COM ENCARGOS COMPLEMENTARES","H","82,99","96,09",null,82.99,96.09,"Sinapi 100306"]
["100307","MONTADOR DE ELETROELETRÔNICOS COM ENCARGOS COMPLEMENTARES","H","19,54","21,74",null,19.54,21.74,"Sinapi 100307"]
["100308","MECÂNICO DE REFRIGERAÇÃO COM ENCARGOS COMPLEMENTARES","H","22,72","25,43",null,22.72,25.43,"Sinapi 100308"]
["100309","TÉCNICO EM SEGURAÇA DO TRABALHO COM ENCARGOS COMPLEMENTARES","H","36,98","42,73",null,36.979999999999997,42.73,"Sinapi 100309"]
["100310","CURSO DE CAPACITAÇÃO PARA AUXILIAR DE ALMOXARIFE (ENCARGOS COMPLEMENTARES) - MENSALISTA","MES","8,97","10,41",null,{"$f":"IF(D6408=\"\",\"\",D6408+0)","v":8.9700000000000006},{"$f":"IF(E6408=\"\",\"\",E6408+0)","v":10.41},{"$f":"IF(OR(G6408=\"\",H6408=\"\"),\"\",CONCATENATE(\"Sinapi \",A6408))","v":"Sinapi 100310"}]
["100311","CURSO DE CAPACITAÇÃO PARA COORDENADOR/GERENTE DE OBRA (ENCARGOS COMPLEMENTARES) - MENSALISTA","MES","50,15","58,18",null,50.15,58.18,"Sinapi 100311"]
["100312","CURSO DE CAPACITAÇÃO PARA ARQUITETO PAISAGISTA (ENCARGOS COMPLEMENTARES) - MENSALISTA","MES","27,94","32,41",null,27.94,32.409999999999997,"Sinapi 100312"]
["100313","CURSO DE CAPACITAÇÃO PARA ENGENHEIRO CIVIL JUNIOR (ENCARGOS COMPLEMENTARES) - MENSALISTA","MES","78,42","90,98",null,78.42,90.98,"Sinapi 100313"]
["100314","CURSO DE CAPACITAÇÃO PARA ENGENHEIRO CIVIL PLENO (ENCARGOS COMPLEMENTARES) - MENSALISTA","MES","88,48","102,64",null,88.48,102.64,"Sinapi 100314"]
["100315","CURSO DE CAPACITAÇÃO PARA TÉCNICO EM SEGURANÇA DO TRABALHO (ENCARGOS COMPLEMENTARES) - MENSALISTA","MES","60,11","69,73",null,60.11,69.73,"Sinapi 100315"]
["100316","AUXILIAR DE ALMOXARIFE COM ENCARGOS COMPLEMENTARES","MES","3.533,45","4.066,94",null,3533.45,4066.94,"Sinapi 100316"]
["100317","COORDENADOR / GERENTE DE OBRA COM ENCARGOS COMPLEMENTARES","MES","18.815,14","21.796,53",null,18815.14,21796.53,"Sinapi 100317"]
["100318","ARQUITETO PAISAGISTA COM ENCARGOS COMPLEMENTARES","MES","10.565,10","12.225,96",null,10565.1,12225.96,"Sinapi 100318"]
["100319","ENGENHEIRO CIVIL JUNIOR COM ENCARGOS COMPLEMENTARES","MES","13.124,18","15.194,66",null,13124.18,15194.66,"Sinapi 100319"]
["100320","ENGENHEIRO CIVIL PLENO COM ENCARGOS COMPLEMENTARES","MES","14.782,48","17.118,38",null,14782.48,17118.38,"Sinapi 100320"]
["100321","TÉCNICO EM SEGURANÇA DO TRABALHO COM ENCARGOS COMPLEMENTARES","MES","6.588,48","7.610,95",null,6588.48,7610.95,"Sinapi 100321"]
["100533","TECNICO DE EDIFICACOES COM ENCARGOS COMPLEMENTARES","H","25,26","29,14",null,25.26,29.14,"Sinapi 100533"]
["100534","TECNICO DE EDIFICACOES COM ENCARGOS COMPLEMENTARES","MES","2.758,35","3.167,76",null,2758.35,3167.76,"Sinapi 100534"]
["100535","CURSO DE CAPACITAÇÃO PARA TECNICO DE EDIFICACOES (ENCARGOS COMPLEMENTARES) - HORISTA","H","0,29","0,34",null,0.28999999999999998,0.34,"Sinapi 100535"]
["100536","CURSO DE CAPACITAÇÃO PARA TECNICO DE EDIFICACOES (ENCARGOS COMPLEMENTARES) - MENSALISTA","MES","24,07","27,92",null,24.07,27.92,"Sinapi 100536"]
[null,null,null,null,null,null,{"$f":"IF(D6424=\"\",\"\",D6424+0)","v":""},{"$f":"IF(E6424=\"\",\"\",E6424+0)","v":""},{"$f":"IF(OR(G6424=\"\",H6424=\"\"),\"\",CONCATENATE(\"Sinapi \",A6424))","v":""}]
[null,null,null,null,null,null,"","",""]
[null,null,null,null,null,null,"","",""]
[null,null,null,null,null,null,"","",""]
[null,null,null,null,null,null,"","",""]
[null,null,null,null,null,null,"","",""]
[null,null,null,null,null,null,"","",""]
[null,null,null,null,null,null,"","",""]
[null,null,null,null,null,null,"","",""]
[null,null,null,null,null,null,"","",""]
[null,null,null,null,null,null,"","",""]
[null,null,null,null,null,null,"","",""]
[null,null,null,null,null,null,"","",""]
[null,null,null,null,null,null,"","",""]
[null,null,null,null,null,null,"","",""]
[null,null,null,null,null,null,"","",""]
[null,null,null,null,null,null,"","",""]
[null,null,null,null,null,null,"","",""]
[null,null,null,null,null,null,"","",""]
[null,null,null,null,null,null,"","",""]
[null,null,null,null,null,null,"","",""]
[null,null,null,null,null,null,"","",""]
[null,null,null,null,null,null,"","",""]
[null,null,null,null,null,null,"","",""]
[null,null,null,null,null,null,"","",""]
[null,null,null,null,null,null,"","",""]
[null,null,null,null,null,null,"","",""]
[null,null,null,null,null,null,"","",""]
[null,null,null,null,null,null,"","",""]
[null,null,null,null,null,null,"","",""]
[null,null,null,null,null,null,"","",""]
[null,null,null,null,null,null,"","",""]
[null,null,null,null,null,null,"","",""]
[null,null,null,null,null,null,"","",""]
[null,null,null,null,null,null,"","",""]
[null,null,null,null,null,null,"","",""]
[null,null,null,null,null,null,"","",""]
[null,null,null,null,null,null,"","",""]
[null,null,null,null,null,null,"","",""]
[null,null,null,null,null,null,"","",""]
[null,null,null,null,null,null,"","",""]
[null,null,null,null,null,null,"","",""]
[null,null,null,null,null,null,"","",""]
[null,null,null,null,null,null,"","",""]
[null,null,null,null,null,null,"","",""]
[null,null,null,null,null,null,"","",""]
[null,null,null,null,null,null,"","",""]
[null,null,null,null,null,null,"","",""]
[null,null,null,null,null,null,"","",""]
[null,null,null,null,null,null,"","",""]
[null,null,null,null,null,null,"","",""]
[null,null,null,null,null,null,"","",""]
[null,null,null,null,null,null,"","",""]
[null,null,null,null,null,null,"","",""]
[null,null,null,null,null,null,"","",""]
[null,null,null,null,null,null,"","",""]
[null,null,null,null,null,null,"","",""]
[null,null,null,null,null,null,"","",""]
[null,null,null,null,null,null,"","",""]
[null,null,null,null,null,null,"","",""]
[null,null,null,null,null,null,"","",""]
[null,null,null,null,null,null,"","",""]
[null,null,null,null,null,null,"","",""]
[null,null,null,null,null,null,"","",""]
[null,null,null,null,null,null,{"$f":"IF(D6488=\"\",\"\",D6488+0)","v":""},{"$f":"IF(E6488=\"\",\"\",E6488+0)","v":""},{"$f":"IF(OR(G6488=\"\",H6488=\"\"),\"\",CONCATENATE(\"Sinapi \",A6488))","v":""}]
[null,null,null,null,null,null,"","",""]
[null,null,null,null,null,null,"","",""]
[null,null,null,null,null,null,"","",""]
[null,null,null,null,null,null,"","",""]
[null,null,null,null,null,null,"","",""]
[null,null,null,null,null,null,"","",""]
[null,null,null,null,null,null,"","",""]
[null,null,null,null,null,null,"","",""]
[null,null,null,null,null,null,"","",""]
[null,null,null,null,null,null,"","",""]
[null,null,null,null,null,null,"","",""]
[null,null,null,null,null,null,"","",""]

{"sheet":"Insumos Sinapi","index":4,"n_rows":5400,"n_cols":8,"rows_kept":5400,"cut":false,"hidden":true,"merged":[]}
["        PRECOS DE INSUMOS"]
[""]
["MES DE COLETA: 12/2019"]
["LOCALIDADE: 4495 - BRASILIA"]
["ENCARGOS SOCIAIS (%) HORISTA 113,81  MENSALISTA  73,29"]
[""]
["CODIGO  ","DESCRICAO DO INSUMO","UNIDADE","ORIGEM DO PRECO","  PRECO MEDIANO R$",null,"  PRECO MEDIANO R$","CÓD SINAPI"]
[39680,"!EM PROCESSO DE DESATIVACAO! CAIXA DE PROTECAO PARA 1 MEDIDOR MONOFASICO, EM CHAPA DE ACO 20 USG (PADRAO DA CONCESSIONARIA LOCAL)","UN    ","CR","111,05",null,{"$f":"IF(E8=\"\",\"\",E8+0)","v":111.05},{"$f":"IF(G8=\"\",\"\",CONCATENATE(\"Sinapi \",A8))","v":"Sinapi 39680"}]
[39683,"!EM PROCESSO DE DESATIVACAO! CAIXA INTERNA/EXTERNA DE MEDICAO PARA 1 MEDIDOR MONOFASICO, COM VISOR, EM CHAPA DE ACO 18 USG (PADRAO DA CONCESSIONARIA LOCAL)","UN    ","CR","67,98",null,{"$f":"IF(E9=\"\",\"\",E9+0)","v":67.98},{"$f":"IF(G9=\"\",\"\",CONCATENATE(\"Sinapi \",A9))","v":"Sinapi 39683"}]
[2404,"!EM PROCESSO DE DESATIVACAO! DIVISORIA COLMEIA CEGA COM MONTANTE E RODAPE DE ALUMINIO ANODIZADO SIMPLES (SEM COLOCACAO)","M2    ","AS","84,90",null,84.9,"Sinapi 2404"]
[2720,"!EM PROCESSO DE DESATIVACAO! ESCAVADEIRA DRAGA DE ARRASTE, CAP. 3/4 JC 140HP (INCL MANUTENCAO/OPERACAO)","H     ","AS","156,67",null,156.66999999999999,"Sinapi 2720"]
[2719,"!EM PROCESSO DE DESATIVACAO! ESCAVADEIRA HIDRAULICA SOBRE ESTEIRAS DE 99 HP, PESO OPERACIONAL DE *16* T E CAPACIDADE DE 0,85 A 1,00 M3 (LOCACAO COM OPERADOR, COMBUSTIVEL E MANUTENCAO)","H     ","AS","132,75",null,132.75,"Sinapi 2719"]
[3378,"!EM PROCESSO DE DESATIVACAO! HASTE DE ATERRAMENTO EM ACO COM 3,00 M DE COMPRIMENTO E DN = 3/4\", REVESTIDA COM BAIXA CAMADA DE COBRE, SEM CONECTOR","UN    ","CR","66,18",null,66.180000000000007,"Sinapi 3378"]
[3380,"!EM PROCESSO DE DESATIVACAO! HASTE DE ATERRAMENTO EM ACO COM 3,00 M DE COMPRIMENTO E DN = 5/8\", REVESTIDA COM BAIXA CAMADA DE COBRE, COM CONECTOR TIPO GRAMPO","UN    ","C ","46,33",null,46.33,"Sinapi 3380"]
[3379,"!EM PROCESSO DE DESATIVACAO! HASTE DE ATERRAMENTO EM ACO COM 3,00 M DE COMPRIMENTO E DN = 5/8\", REVESTIDA COM BAIXA CAMADA DE COBRE, SEM CONECTOR","UN    ","CR","44,73",null,44.73,"Sinapi 3379"]
[3346,"!EM PROCESSO DE DESATIVACAO! LOCACAO DE GRUPO GERADOR *80 A 125* KVA, MOTOR DIESEL, REBOCAVEL, ACIONAMENTO MANUAL","H     ","AS","13,50",null,13.5,"Sinapi 3346"]
[3348,"!EM PROCESSO DE DESATIVACAO! LOCACAO DE GRUPO GERADOR ACIMA DE * 125 ATE 180* KVA, MOTOR DIESEL, REBOCAVEL, ACIONAMENTO MANUAL","H     ","AS","16,15",null,16.149999999999999,"Sinapi 3348"]
[3345,"!EM PROCESSO DE DESATIVACAO! LOCACAO DE GRUPO GERADOR ACIMA DE * 20 A 80* KVA, MOTOR DIESEL, REBOCAVEL, ACIONAMENTO MANUAL","H     ","AS","10,43",null,10.43,"Sinapi 3345"]
[39833,"!EM PROCESSO DE DESATIVACAO! LOCACAO DE GRUPO GERADOR DE *260* KVA, DIESEL REBOCAVEL, ACIONAMENTO MANUAL","H     ","AS","22,12",null,22.12,"Sinapi 39833"]
[39834,"!EM PROCESSO DE DESATIVACAO! LOCACAO DE GRUPO GERADOR DE *400* KVA, DIESEL REBOCAVEL, ACIONAMENTO MANUAL","H     ","AS","37,96",null,37.96,"Sinapi 39834"]
[39835,"!EM PROCESSO DE DESATIVACAO! LOCACAO DE GRUPO GERADOR DE *550* KVA, DIESEL REBOCAVEL, ACIONAMENTO MANUAL","H     ","AS","46,28",null,46.28,"Sinapi 39835"]
[13382,"!EM PROCESSO DE DESATIVACAO! LUMINARIA FECHADA P/ ILUMINACAO PUBLICA, TIPO ABL 50/F OU EQUIV, P/ LAMPADA A VAPOR DE MERCURIO 400W","UN    ","CR","191,77",null,191.77,"Sinapi 13382"]
[13399,"!EM PROCESSO DE DESATIVACAO! QUADRO DE DISTRIBUICAO SEM BARRAMENTO, COM PORTA, DE EMBUTIR, EM CHAPA DE ACO GALVANIZADO, PARA 3 DISJUNTORES NEMA","UN    ","CR","34,67",null,34.67,"Sinapi 13399"]
[39764,"!EM PROCESSO DE DESATIVACAO! QUADRO DE DISTRIBUICAO SEM BARRAMENTO, COM PORTA, DE EMBUTIR, EM CHAPA DE ACO GALVANIZADO, PARA 6 DISJUNTORES NEMA","UN    ","CR","47,68",null,47.68,"Sinapi 39764"]
[4126,"!EM PROCESSO DE DESATIVACAO! TERMINAL DE PORCELANA (MUFLA) UNIPOLAR, USO EXTERNO, TENSAO 3,6/6 KV, PARA CABO DE 10/16 MM2, COM ISOLAMENTO EPR","UN    ","AS","209,97",null,209.97,"Sinapi 4126"]
[10615,"!EM PROCESSO DE DESATIVACAO! VEICULO DE PASSEIO COM MOTOR 1.0 FLEX, POTENCIA 72/85 CV, 5 PORTAS, COR SOLIDA, BASICO","UN    ","C ","42.990,00",null,42990,"Sinapi 10615"]
[21136,"!EM PROCESSO DESATIVACAO! ELETRODUTO EM ACO GALVANIZADO ELETROLITICO, LEVE, DIAMETRO 1\", PAREDE DE 0,90 MM","M     ","AS","11,95",null,11.95,"Sinapi 21136"]
[21128,"!EM PROCESSO DESATIVACAO! ELETRODUTO EM ACO GALVANIZADO ELETROLITICO, LEVE, DIAMETRO 3/4\", PAREDE DE 0,90 MM","M     ","AS","9,25",null,9.25,"Sinapi 21128"]
[21130,"!EM PROCESSO DESATIVACAO! ELETRODUTO EM ACO GALVANIZADO ELETROLITICO, SEMI-PESADO, DIAMETRO 1 1/2\", PAREDE DE 1,20 MM","M     ","AS","23,36",null,23.36,"Sinapi 21130"]
[21135,"!EM PROCESSO DESATIVACAO! ELETRODUTO EM ACO GALVANIZADO ELETROLITICO, SEMI-PESADO, DIAMETRO 1 1/4\", PAREDE DE 1,20 MM","M     ","AS","23,00",null,23,"Sinapi 21135"]
[42402,"AÇO CA-25, 16,0 MM, BARRA DE TRANSFERENCIA","KG    ","CR","5,62",null,5.62,"Sinapi 42402"]
[38605,"ABERTURA PARA ENCAIXE DE CUBA OU LAVATORIO EM BANCADA DE MARMORE/ GRANITO OU OUTRO TIPO DE PEDRA NATURAL","UN    ","CR","74,43",null,74.430000000000007,"Sinapi 38605"]
[11270,"ABRACADEIRA DE LATAO PARA FIXACAO DE CABO PARA-RAIO, DIMENSOES 32 X 24 X 24 MM","UN    ","CR","1,93",null,1.93,"Sinapi 11270"]
[412,"ABRACADEIRA DE NYLON PARA AMARRACAO DE CABOS, COMPRIMENTO DE *230* X *7,6* MM","UN    ","CR","1,02",null,1.02,"Sinapi 412"]
[414,"ABRACADEIRA DE NYLON PARA AMARRACAO DE CABOS, COMPRIMENTO DE 100 X 2,5 MM","UN    ","CR","0,06",null,0.06,"Sinapi 414"]
[410,"ABRACADEIRA DE NYLON PARA AMARRACAO DE CABOS, COMPRIMENTO DE 150 X *3,6* MM","UN    ","CR","0,15",null,0.15,"Sinapi 410"]
[411,"ABRACADEIRA DE NYLON PARA AMARRACAO DE CABOS, COMPRIMENTO DE 200 X *4,6* MM","UN    ","C ","0,20",null,0.2,"Sinapi 411"]
[408,"ABRACADEIRA DE NYLON PARA AMARRACAO DE CABOS, COMPRIMENTO DE 390 X *4,6* MM","UN    ","CR","0,99",null,0.99,"Sinapi 408"]
[39131,"ABRACADEIRA EM ACO PARA AMARRACAO DE ELETRODUTOS, TIPO D, COM 1 1/2\" E CUNHA DE FIXACAO","UN    ","CR","2,21",null,2.21,"Sinapi 39131"]
[394,"ABRACADEIRA EM ACO PARA AMARRACAO DE ELETRODUTOS, TIPO D, COM 1 1/2\" E PARAFUSO DE FIXACAO","UN    ","CR","2,24",null,2.2400000000000002,"Sinapi 394"]
[39130,"ABRACADEIRA EM ACO PARA AMARRACAO DE ELETRODUTOS, TIPO D, COM 1 1/4\" E CUNHA DE FIXACAO","UN    ","CR","2,01",null,2.0099999999999998,"Sinapi 39130"]
[395,"ABRACADEIRA EM ACO PARA AMARRACAO DE ELETRODUTOS, TIPO D, COM 1 1/4\" E PARAFUSO DE FIXACAO","UN    ","CR","2,15",null,2.15,"Sinapi 395"]
[39127,"ABRACADEIRA EM ACO PARA AMARRACAO DE ELETRODUTOS, TIPO D, COM 1/2\" E CUNHA DE FIXACAO","UN    ","CR","1,06",null,1.06,"Sinapi 39127"]
[392,"ABRACADEIRA EM ACO PARA AMARRACAO DE ELETRODUTOS, TIPO D, COM 1/2\" E PARAFUSO DE FIXACAO","UN    ","CR","1,09",null,1.0900000000000001,"Sinapi 392"]
[39129,"ABRACADEIRA EM ACO PARA AMARRACAO DE ELETRODUTOS, TIPO D, COM 1\" E CUNHA DE FIXACAO","UN    ","CR","1,24",null,1.24,"Sinapi 39129"]
[393,"ABRACADEIRA EM ACO PARA AMARRACAO DE ELETRODUTOS, TIPO D, COM 1\" E PARAFUSO DE FIXACAO","UN    ","C ","1,30",null,1.3,"Sinapi 393"]
[39133,"ABRACADEIRA EM ACO PARA AMARRACAO DE ELETRODUTOS, TIPO D, COM 2 1/2\" E CUNHA DE FIXACAO","UN    ","CR","2,90",null,2.9,"Sinapi 39133"]
[397,"ABRACADEIRA EM ACO PARA AMARRACAO DE ELETRODUTOS, TIPO D, COM 2 1/2\" E PARAFUSO DE FIXACAO","UN    ","CR","3,20",null,3.2,"Sinapi 397"]
[39132,"ABRACADEIRA EM ACO PARA AMARRACAO DE ELETRODUTOS, TIPO D, COM 2\" E CUNHA DE FIXACAO","UN    ","CR","2,32",null,2.3199999999999998,"Sinapi 39132"]
[396,"ABRACADEIRA EM ACO PARA AMARRACAO DE ELETRODUTOS, TIPO D, COM 2\" E PARAFUSO DE FIXACAO","UN    ","CR","2,48",null,2.48,"Sinapi 396"]
[39135,"ABRACADEIRA EM ACO PARA AMARRACAO DE ELETRODUTOS, TIPO D, COM 3 1/2\" E CUNHA DE FIXACAO","UN    ","CR","4,64",null,4.6399999999999997,"Sinapi 39135"]
[39128,"ABRACADEIRA EM ACO PARA AMARRACAO DE ELETRODUTOS, TIPO D, COM 3/4\" E CUNHA DE FIXACAO","UN    ","CR","1,16",null,1.1599999999999999,"Sinapi 39128"]
[400,"ABRACADEIRA EM ACO PARA AMARRACAO DE ELETRODUTOS, TIPO D, COM 3/4\" E PARAFUSO DE FIXACAO","UN    ","CR","1,13",null,1.1299999999999999,"Sinapi 400"]
[39125,"ABRACADEIRA EM ACO PARA AMARRACAO DE ELETRODUTOS, TIPO D, COM 3/8\" E PARAFUSO DE FIXACAO","UN    ","CR","1,16",null,1.1599999999999999,"Sinapi 39125"]
[39134,"ABRACADEIRA EM ACO PARA AMARRACAO DE ELETRODUTOS, TIPO D, COM 3\" E CUNHA DE FIXACAO","UN    ","CR","3,87",null,3.87,"Sinapi 39134"]
[398,"ABRACADEIRA EM ACO PARA AMARRACAO DE ELETRODUTOS, TIPO D, COM 3\" E PARAFUSO DE FIXACAO","UN    ","CR","3,56",null,3.56,"Sinapi 398"]
[39126,"ABRACADEIRA EM ACO PARA AMARRACAO DE ELETRODUTOS, TIPO D, COM 4\" E CUNHA DE FIXACAO","UN    ","CR","5,22",null,5.22,"Sinapi 39126"]
[399,"ABRACADEIRA EM ACO PARA AMARRACAO DE ELETRODUTOS, TIPO D, COM 4\" E PARAFUSO DE FIXACAO","UN    ","CR","4,60",null,4.5999999999999996,"Sinapi 399"]
[39158,"ABRACADEIRA EM ACO PARA AMARRACAO DE ELETRODUTOS, TIPO ECONOMICA (GOTA), COM 8\"","UN    ","CR","12,36",null,12.36,"Sinapi 39158"]
[39141,"ABRACADEIRA EM ACO PARA AMARRACAO DE ELETRODUTOS, TIPO U SIMPLES, COM 1 1/2\"","UN    ","CR","0,89",null,0.89,"Sinapi 39141"]
[39140,"ABRACADEIRA EM ACO PARA AMARRACAO DE ELETRODUTOS, TIPO U SIMPLES, COM 1 1/4\"","UN    ","CR","0,81",null,0.81,"Sinapi 39140"]
[39137,"ABRACADEIRA EM ACO PARA AMARRACAO DE ELETRODUTOS, TIPO U SIMPLES, COM 1/2\"","UN    ","CR","0,47",null,0.47,"Sinapi 39137"]
[39139,"ABRACADEIRA EM ACO PARA AMARRACAO DE ELETRODUTOS, TIPO U SIMPLES, COM 1\"","UN    ","CR","0,67",null,0.67,"Sinapi 39139"]
[39143,"ABRACADEIRA EM ACO PARA AMARRACAO DE ELETRODUTOS, TIPO U SIMPLES, COM 2 1/2\"","UN    ","CR","1,85",null,1.85,"Sinapi 39143"]
[39142,"ABRACADEIRA EM ACO PARA AMARRACAO DE ELETRODUTOS, TIPO U SIMPLES, COM 2\"","UN    ","CR","1,32",null,1.32,"Sinapi 39142"]
[39138,"ABRACADEIRA EM ACO PARA AMARRACAO DE ELETRODUTOS, TIPO U SIMPLES, COM 3/4\"","UN    ","CR","0,49",null,0.49,"Sinapi 39138"]
[39136,"ABRACADEIRA EM ACO PARA AMARRACAO DE ELETRODUTOS, TIPO U SIMPLES, COM 3/8\"","UN    ","CR","0,33",null,0.33,"Sinapi 39136"]
[39144,"ABRACADEIRA EM ACO PARA AMARRACAO DE ELETRODUTOS, TIPO U SIMPLES, COM 3\"","UN    ","CR","2,15",null,2.15,"Sinapi 39144"]
[39145,"ABRACADEIRA EM ACO PARA AMARRACAO DE ELETRODUTOS, TIPO U SIMPLES, COM 4\"","UN    ","CR","3,55",null,3.55,"Sinapi 39145"]
[12615,"ABRACADEIRA PVC, PARA CALHA PLUVIAL, DIAMETRO ENTRE 80 E 100 MM, PARA DRENAGEM PREDIAL","UN    ","AS","3,24",null,3.24,"Sinapi 12615"]
[11927,"ABRACADEIRA, GALVANIZADA/ZINCADA, ROSCA SEM FIM, PARAFUSO INOX, LARGURA  FITA *12,6 A *14 MM, D = 2\" A 2 1/2\"","UN    ","CR","5,76",null,5.76,"Sinapi 11927"]
[11928,"ABRACADEIRA, GALVANIZADA/ZINCADA, ROSCA SEM FIM, PARAFUSO INOX, LARGURA  FITA *12,6 A *14 MM, D = 3\" A 3 3/4\"","UN    ","CR","6,60",null,6.6,"Sinapi 11928"]
[11929,"ABRACADEIRA, GALVANIZADA/ZINCADA, ROSCA SEM FIM, PARAFUSO INOX, LARGURA  FITA *12,6 A *14 MM, D = 4\" A 4 3/4\"","UN    ","CR","10,22",null,{"$f":"IF(E73=\"\",\"\",E73+0)","v":10.220000000000001},{"$f":"IF(G73=\"\",\"\",CONCATENATE(\"Sinapi \",A73))","v":"Sinapi 11929"}]
[36801,"ACABAMENTO CROMADO PARA REGISTRO PEQUENO, 1/2 \" OU 3/4 \"","UN    ","CR","20,27",null,20.27,"Sinapi 36801"]
[36246,"ACABAMENTO SIMPLES/CONVENCIONAL PARA FORRO PVC, TIPO \"U\" OU \"C\", COR BRANCA, COMPRIMENTO 6 M","M     ","CR","1,96",null,1.96,"Sinapi 36246"]
[37600,"ACESSORIO DE LIGACAO NAO ELETRICO PARA CARGAS EXPLOSIVAS, TUBO DE 6 M","UN    ","AS","59,58",null,59.58,"Sinapi 37600"]
[37599,"ACESSORIO INICIADOR NAO ELETRICO, TUBO DE 6 M, TEMPO DE RETARDO DE *160* MS","UN    ","AS","55,45",null,55.45,"Sinapi 37599"]
[1,"ACETILENO (RECARGA PARA CILINDRO DE CONJUNTO OXICORTE GRANDE)","KG    ","C ","40,00",null,40,"Sinapi 1"]
[3,"ACIDO MURIATICO, DILUICAO 10% A 12% PARA USO EM LIMPEZA","L     ","CR","4,43",null,4.43,"Sinapi 3"]
[43054,"ACO CA-25, 10,0 MM, OU 12,5 MM, OU 16,0 MM, OU 20,0 MM, OU 25,0 MM, VERGALHAO","KG    ","CR","5,88",null,5.88,"Sinapi 43054"]
[26,"ACO CA-25, 10,0 MM, VERGALHAO","KG    ","CR","4,29",null,4.29,"Sinapi 26"]
[20,"ACO CA-25, 12,5 MM, VERGALHAO","KG    ","C ","4,32",null,4.32,"Sinapi 20"]
[21,"ACO CA-25, 16,0 MM, VERGALHAO","KG    ","CR","4,32",null,4.32,"Sinapi 21"]
[42403,"ACO CA-25, 20,0 MM, BARRA DE TRANSFERENCIA","KG    ","CR","7,21",null,7.21,"Sinapi 42403"]
[24,"ACO CA-25, 20,0 MM, VERGALHAO","KG    ","CR","4,32",null,4.32,"Sinapi 24"]
[42404,"ACO CA-25, 25,0 MM, BARRA DE TRANSFERENCIA","KG    ","CR","7,17",null,7.17,"Sinapi 42404"]
[25,"ACO CA-25, 25,0 MM, VERGALHAO","KG    ","CR","4,32",null,4.32,"Sinapi 25"]
[42405,"ACO CA-25, 32,0 MM, BARRA DE TRANSFERENCIA","KG    ","CR","7,63",null,7.63,"Sinapi 42405"]
[34341,"ACO CA-25, 32,0 MM, VERGALHAO","KG    ","CR","6,62",null,6.62,"Sinapi 34341"]
[43053,"ACO CA-25, 6,3 MM OU 8,0 MM, VERGALHAO","KG    ","CR","5,25",null,5.25,"Sinapi 43053"]
[22,"ACO CA-25, 6,3 MM, VERGALHAO","KG    ","CR","4,62",null,4.62,"Sinapi 22"]
[23,"ACO CA-25, 8,0 MM, VERGALHAO","KG    ","CR","4,58",null,4.58,"Sinapi 23"]
[43058,"ACO CA-50, 10,0 MM, OU 12,5 MM, OU 16,0 MM, OU 20,0 MM, DOBRADO E CORTADO","KG    ","CR","5,44",null,5.44,"Sinapi 43058"]
[34,"ACO CA-50, 10,0 MM, VERGALHAO","KG    ","CR","5,47",null,5.47,"Sinapi 34"]
[43055,"ACO CA-50, 12,5 MM OU 16,0 MM, VERGALHAO","KG    ","C ","4,74",null,4.74,"Sinapi 43055"]
[31,"ACO CA-50, 12,5 MM, VERGALHAO","KG    ","CR","4,74",null,4.74,"Sinapi 31"]
[34443,"ACO CA-50, 16 MM, DOBRADO E CORTADO","KG    ","CR","5,31",null,5.31,"Sinapi 34443"]
[27,"ACO CA-50, 16,0 MM, VERGALHAO","KG    ","C ","4,74",null,4.74,"Sinapi 27"]
[43056,"ACO CA-50, 20,0 MM OU 25,0 MM, VERGALHAO","KG    ","CR","5,46",null,5.46,"Sinapi 43056"]
[29,"ACO CA-50, 20,0 MM, VERGALHAO","KG    ","CR","4,43",null,4.43,"Sinapi 29"]
[28,"ACO CA-50, 25,0 MM, VERGALHAO","KG    ","CR","5,12",null,5.12,"Sinapi 28"]
[43057,"ACO CA-50, 32,0 MM, VERGALHAO","KG    ","CR","6,00",null,6,"Sinapi 43057"]
[34449,"ACO CA-50, 6,3 MM, DOBRADO E CORTADO","KG    ","CR","6,42",null,6.42,"Sinapi 34449"]
[32,"ACO CA-50, 6,3 MM, VERGALHAO","KG    ","CR","5,77",null,5.77,"Sinapi 32"]
[33,"ACO CA-50, 8,0 MM, VERGALHAO","KG    ","CR","5,80",null,5.8,"Sinapi 33"]
[43061,"ACO CA-60, 4,2 MM OU 5,0 MM, DOBRADO E CORTADO","KG    ","CR","5,42",null,5.42,"Sinapi 43061"]
[43059,"ACO CA-60, 4,2 MM, OU 5,0 MM, OU 6,0 MM, OU 7,0 MM, VERGALHAO","KG    ","CR","5,18",null,5.18,"Sinapi 43059"]
[36,"ACO CA-60, 4,2 MM, VERGALHAO","KG    ","CR","4,94",null,4.9400000000000004,"Sinapi 36"]
[39,"ACO CA-60, 5,0 MM, VERGALHAO","KG    ","CR","4,94",null,4.9400000000000004,"Sinapi 39"]
[43062,"ACO CA-60, 6,0 MM OU 7,0 MM, DOBRADO E CORTADO","KG    ","CR","5,74",null,5.74,"Sinapi 43062"]
[43060,"ACO CA-60, 8,0 MM OU 9,5 MM, VERGALHAO","KG    ","CR","4,51",null,4.51,"Sinapi 43060"]
[20063,"ACOPLAMENTO DE CONDUTOR PLUVIAL, EM PVC, DIAMETRO ENTRE 80 E 100 MM, PARA DRENAGEM PREDIAL","UN    ","AS","3,22",null,3.22,"Sinapi 20063"]
[40410,"ACOPLAMENTO RIGIDO EM FERRO FUNDIDO PARA SISTEMA DE TUBULACAO RANHURADA, DN 50 MM (2\")","UN    ","AS","13,65",null,13.65,"Sinapi 40410"]
[40411,"ACOPLAMENTO RIGIDO EM FERRO FUNDIDO PARA SISTEMA DE TUBULACAO RANHURADA, DN 65 MM (2 1/2\")","UN    ","AS","14,81",null,14.81,"Sinapi 40411"]
[40412,"ACOPLAMENTO RIGIDO EM FERRO FUNDIDO PARA SISTEMA DE TUBULACAO RANHURADA, DN 80 MM (3\")","UN    ","AS","16,62",null,16.62,"Sinapi 40412"]
[38838,"ADAPTADOR DE COBRE PARA TUBULACAO PEX, DN 16 X 15 MM","UN    ","AS","6,78",null,6.78,"Sinapi 38838"]
[38839,"ADAPTADOR DE COBRE PARA TUBULACAO PEX, DN 20 X 22 MM","UN    ","AS","7,98",null,7.98,"Sinapi 38839"]
[55,"ADAPTADOR DE COMPRESSAO EM POLIPROPILENO (PP), PARA TUBO EM PEAD, 20 MM X 1/2\", PARA LIGACAO PREDIAL DE AGUA (NTS 179)","UN    ","AS","3,20",null,3.2,"Sinapi 55"]
[61,"ADAPTADOR DE COMPRESSAO EM POLIPROPILENO (PP), PARA TUBO EM PEAD, 20 MM X 3/4\", PARA LIGACAO PREDIAL DE AGUA (NTS 179)","UN    ","AS","3,02",null,3.02,"Sinapi 61"]
[62,"ADAPTADOR DE COMPRESSAO EM POLIPROPILENO (PP), PARA TUBO EM PEAD, 32 MM X 1\", PARA LIGACAO PREDIAL DE AGUA (NTS 179)","UN    ","AS","6,27",null,6.27,"Sinapi 62"]
[77,"ADAPTADOR PVC PARA SIFAO METALICO, SOLDAVEL, COM ANEL BORRACHA (JE), 40 MM X 1 1/2\"","UN    ","CR","0,84",null,0.84,"Sinapi 77"]
[76,"ADAPTADOR PVC PARA SIFAO, ROSCAVEL, 40 MM X 1 1/4\"","UN    ","CR","0,86",null,0.86,"Sinapi 76"]
[67,"ADAPTADOR PVC ROSCAVEL, COM FLANGES E ANEL DE VEDACAO, 1/2\", PARA CAIXA D' AGUA","UN    ","CR","8,27",null,8.27,"Sinapi 67"]
[71,"ADAPTADOR PVC ROSCAVEL, COM FLANGES E ANEL DE VEDACAO, 1\", PARA CAIXA D' AGUA","UN    ","CR","15,20",null,15.2,"Sinapi 71"]
[73,"ADAPTADOR PVC ROSCAVEL, COM FLANGES E ANEL DE VEDACAO, 3/4\", PARA CAIXA D' AGUA","UN    ","CR","11,35",null,11.35,"Sinapi 73"]
[103,"ADAPTADOR PVC SOLDAVEL CURTO COM BOLSA E ROSCA, 110 MM X 4\", PARA AGUA FRIA","UN    ","CR","33,76",null,33.76,"Sinapi 103"]
[107,"ADAPTADOR PVC SOLDAVEL CURTO COM BOLSA E ROSCA, 20 MM X 1/2\", PARA AGUA FRIA","UN    ","CR","0,53",null,0.53,"Sinapi 107"]
[65,"ADAPTADOR PVC SOLDAVEL CURTO COM BOLSA E ROSCA, 25 MM X 3/4\", PARA AGUA FRIA","UN    ","CR","0,65",null,0.65,"Sinapi 65"]
[108,"ADAPTADOR PVC SOLDAVEL CURTO COM BOLSA E ROSCA, 32 MM X 1\", PARA AGUA FRIA","UN    ","CR","1,35",null,1.35,"Sinapi 108"]
[110,"ADAPTADOR PVC SOLDAVEL CURTO COM BOLSA E ROSCA, 40 MM X 1 1/2\", PARA AGUA FRIA","UN    ","CR","5,21",null,5.21,"Sinapi 110"]
[109,"ADAPTADOR PVC SOLDAVEL CURTO COM BOLSA E ROSCA, 40 MM X 1 1/4\", PARA AGUA FRIA","UN    ","CR","2,57",null,2.57,"Sinapi 109"]
[111,"ADAPTADOR PVC SOLDAVEL CURTO COM BOLSA E ROSCA, 50 MM X 1 1/4\", PARA AGUA FRIA","UN    ","CR","6,01",null,6.01,"Sinapi 111"]
[112,"ADAPTADOR PVC SOLDAVEL CURTO COM BOLSA E ROSCA, 50 MM X1 1/2\", PARA AGUA FRIA","UN    ","CR","3,27",null,3.27,"Sinapi 112"]
[113,"ADAPTADOR PVC SOLDAVEL CURTO COM BOLSA E ROSCA, 60 MM X 2\", PARA AGUA FRIA","UN    ","CR","8,88",null,8.8800000000000008,"Sinapi 113"]
[104,"ADAPTADOR PVC SOLDAVEL CURTO COM BOLSA E ROSCA, 75 MM X 2 1/2\", PARA AGUA FRIA","UN    ","CR","12,91",null,12.91,"Sinapi 104"]
[102,"ADAPTADOR PVC SOLDAVEL CURTO COM BOLSA E ROSCA, 85 MM X 3\", PARA AGUA FRIA","UN    ","CR","21,20",null,21.2,"Sinapi 102"]
[95,"ADAPTADOR PVC SOLDAVEL, COM FLANGE E ANEL DE VEDACAO, 20 MM X 1/2\", PARA CAIXA D'AGUA","UN    ","CR","7,18",null,{"$f":"IF(E137=\"\",\"\",E137+0)","v":7.18},{"$f":"IF(G137=\"\",\"\",CONCATENATE(\"Sinapi \",A137))","v":"Sinapi 95"}]
[96,"ADAPTADOR PVC SOLDAVEL, COM FLANGE E ANEL DE VEDACAO, 25 MM X 3/4\", PARA CAIXA D'AGUA","UN    ","CR","8,25",null,8.25,"Sinapi 96"]
[97,"ADAPTADOR PVC SOLDAVEL, COM FLANGE E ANEL DE VEDACAO, 32 MM X 1\", PARA CAIXA D'AGUA","UN    ","CR","10,72",null,10.72,"Sinapi 97"]
[98,"ADAPTADOR PVC SOLDAVEL, COM FLANGE E ANEL DE VEDACAO, 40 MM X 1 1/4\", PARA CAIXA D'AGUA","UN    ","CR","14,45",null,14.45,"Sinapi 98"]
[99,"ADAPTADOR PVC SOLDAVEL, COM FLANGE E ANEL DE VEDACAO, 50 MM X 1 1/2\", PARA CAIXA D'AGUA","UN    ","CR","17,52",null,17.52,"Sinapi 99"]
[100,"ADAPTADOR PVC SOLDAVEL, COM FLANGES E ANEL DE VEDACAO, 60 MM X 2\", PARA CAIXA D' AGUA","UN    ","CR","24,44",null,24.44,"Sinapi 100"]
[75,"ADAPTADOR PVC SOLDAVEL, COM FLANGES LIVRES, 110 MM X 4\", PARA CAIXA D' AGUA","UN    ","CR","254,77",null,254.77,"Sinapi 75"]
[114,"ADAPTADOR PVC SOLDAVEL, COM FLANGES LIVRES, 25 MM X 3/4\", PARA CAIXA D' AGUA","UN    ","CR","9,28",null,9.2799999999999994,"Sinapi 114"]
[68,"ADAPTADOR PVC SOLDAVEL, COM FLANGES LIVRES, 32 MM X 1\", PARA CAIXA D' AGUA","UN    ","CR","14,19",null,14.19,"Sinapi 68"]
[86,"ADAPTADOR PVC SOLDAVEL, COM FLANGES LIVRES, 40 MM X 1  1/4\", PARA CAIXA D' AGUA","UN    ","CR","26,39",null,26.39,"Sinapi 86"]
[66,"ADAPTADOR PVC SOLDAVEL, COM FLANGES LIVRES, 50 MM X 1  1/2\", PARA CAIXA D' AGUA","UN    ","CR","26,48",null,26.48,"Sinapi 66"]
[69,"ADAPTADOR PVC SOLDAVEL, COM FLANGES LIVRES, 60 MM X 2\", PARA CAIXA D' AGUA","UN    ","CR","40,48",null,40.479999999999997,"Sinapi 69"]
[83,"ADAPTADOR PVC SOLDAVEL, COM FLANGES LIVRES, 75 MM X 2  1/2\", PARA CAIXA D' AGUA","UN    ","CR","129,30",null,129.30000000000001,"Sinapi 83"]
[74,"ADAPTADOR PVC SOLDAVEL, COM FLANGES LIVRES, 85 MM X 3\", PARA CAIXA D' AGUA","UN    ","CR","180,51",null,180.51,"Sinapi 74"]
[106,"ADAPTADOR PVC SOLDAVEL, LONGO, COM FLANGE LIVRE,  110 MM X 4\", PARA CAIXA D' AGUA","UN    ","CR","274,23",null,274.23,"Sinapi 106"]
[87,"ADAPTADOR PVC SOLDAVEL, LONGO, COM FLANGE LIVRE,  25 MM X 3/4\", PARA CAIXA D' AGUA","UN    ","CR","13,03",null,13.03,"Sinapi 87"]
[88,"ADAPTADOR PVC SOLDAVEL, LONGO, COM FLANGE LIVRE,  32 MM X 1\", PARA CAIXA D' AGUA","UN    ","CR","14,54",null,14.54,"Sinapi 88"]
[89,"ADAPTADOR PVC SOLDAVEL, LONGO, COM FLANGE LIVRE,  40 MM X 1 1/4\", PARA CAIXA D' AGUA","UN    ","CR","21,51",null,21.51,"Sinapi 89"]
[90,"ADAPTADOR PVC SOLDAVEL, LONGO, COM FLANGE LIVRE,  50 MM X 1 1/2\", PARA CAIXA D' AGUA","UN    ","CR","24,64",null,24.64,"Sinapi 90"]
[81,"ADAPTADOR PVC SOLDAVEL, LONGO, COM FLANGE LIVRE,  60 MM X 2\", PARA CAIXA D' AGUA","UN    ","CR","42,15",null,42.15,"Sinapi 81"]
[82,"ADAPTADOR PVC SOLDAVEL, LONGO, COM FLANGE LIVRE,  75 MM X 2 1/2\", PARA CAIXA D' AGUA","UN    ","CR","163,62",null,163.62,"Sinapi 82"]
[105,"ADAPTADOR PVC SOLDAVEL, LONGO, COM FLANGE LIVRE,  85 MM X 3\", PARA CAIXA D' AGUA","UN    ","CR","191,56",null,191.56,"Sinapi 105"]
[60,"ADAPTADOR PVC, COM REGISTRO, PARA PEAD, 20 MM X 3/4\", PARA LIGACAO PREDIAL DE AGUA","UN    ","AS","4,15",null,4.1500000000000004,"Sinapi 60"]
[72,"ADAPTADOR PVC, ROSCAVEL, COM FLANGES E ANEL DE VEDACAO, 1 1/2\", PARA CAIXA D'AGUA","UN    ","CR","25,76",null,25.76,"Sinapi 72"]
[70,"ADAPTADOR PVC, ROSCAVEL, COM FLANGES E ANEL DE VEDACAO, 1 1/4\", PARA CAIXA D' AGUA","UN    ","CR","21,55",null,21.55,"Sinapi 70"]
[85,"ADAPTADOR PVC, ROSCAVEL, COM FLANGES E ANEL DE VEDACAO, 2\", PARA CAIXA D' AGUA","UN    ","CR","31,27",null,31.27,"Sinapi 85"]
[84,"ADAPTADOR PVC, ROSCAVEL, PARA VALVULA PIA OU LAVATORIO, 40 MM","UN    ","CR","0,36",null,0.36,"Sinapi 84"]
[37997,"ADAPTADOR, CPVC, SOLDAVEL, 15 MM, PARA AGUA QUENTE","UN    ","CR","3,18",null,3.18,"Sinapi 37997"]
[37998,"ADAPTADOR, CPVC, SOLDAVEL, 22 MM, PARA AGUA QUENTE","UN    ","CR","3,30",null,3.3,"Sinapi 37998"]
[10899,"ADAPTADOR, EM LATAO, ENGATE RAPIDO 2 1/2\" X ROSCA INTERNA 5 FIOS 2 1/2\",  PARA INSTALACAO PREDIAL DE COMBATE A INCENDIO","UN    ","CR","43,80",null,43.8,"Sinapi 10899"]
[10900,"ADAPTADOR, EM LATAO, ENGATE RAPIDO1 1/2\" X ROSCA INTERNA 5 FIOS 2 1/2\",  PARA INSTALACAO PREDIAL DE COMBATE A INCENDIO","UN    ","CR","34,28",null,34.28,"Sinapi 10900"]
[46,"ADAPTADOR, PVC PBA,  BOLSA/ROSCA, JE, DN 75 / DE  85 MM","UN    ","AS","32,98",null,32.979999999999997,"Sinapi 46"]
[51,"ADAPTADOR, PVC PBA, A BOLSA DEFOFO, JE, DN 100 / DE 110 MM","UN    ","AS","90,98",null,90.98,"Sinapi 51"]
[12863,"ADAPTADOR, PVC PBA, A BOLSA DEFOFO, JE, DN 50 / DE 60 MM","UN    ","AS","20,95",null,20.95,"Sinapi 12863"]
[50,"ADAPTADOR, PVC PBA, A BOLSA DEFOFO, JE, DN 75 / DE  85 MM","UN    ","AS","47,51",null,47.51,"Sinapi 50"]
[47,"ADAPTADOR, PVC PBA, BOLSA/ROSCA, JE, DN 100 / DE 110 MM","UN    ","AS","56,39",null,56.39,"Sinapi 47"]
[48,"ADAPTADOR, PVC PBA, BOLSA/ROSCA, JE, DN 50 / DE 60 MM","UN    ","AS","14,71",null,14.71,"Sinapi 48"]
[52,"ADAPTADOR, PVC PBA, PONTA/ROSCA, JE, DN 50 / DE  60 MM","UN    ","AS","11,17",null,11.17,"Sinapi 52"]
[43,"ADAPTADOR, PVC PBA, PONTA/ROSCA, JE, DN 75 / DE  85 MM","UN    ","AS","37,71",null,37.71,"Sinapi 43"]
[4791,"ADESIVO ACRILICO/COLA DE CONTATO","KG    ","CR","24,95",null,24.95,"Sinapi 4791"]
[157,"ADESIVO ESTRUTURAL A BASE DE RESINA EPOXI PARA INJECAO EM TRINCAS, BICOMPONENTE, BAIXA VISCOSIDADE","KG    ","CR","108,24",null,108.24,"Sinapi 157"]
[156,"ADESIVO ESTRUTURAL A BASE DE RESINA EPOXI, BICOMPONENTE, FLUIDO","KG    ","CR","38,54",null,38.54,"Sinapi 156"]
[131,"ADESIVO ESTRUTURAL A BASE DE RESINA EPOXI, BICOMPONENTE, PASTOSO (TIXOTROPICO)","KG    ","CR","32,96",null,32.96,"Sinapi 131"]
[39719,"ADESIVO LIQUIDO A BASE DE RESINAS PARA COLAGEM DE ESPUMA DE ISOLAMENTO TERMICO FLEXIVEL","L     ","CR","74,76",null,74.760000000000005,"Sinapi 39719"]
[21114,"ADESIVO PARA TUBOS CPVC, *75* G","UN    ","CR","16,02",null,16.02,"Sinapi 21114"]
[119,"ADESIVO PLASTICO PARA PVC, BISNAGA COM 75 GR","UN    ","C ","6,32",null,6.32,"Sinapi 119"]
[20080,"ADESIVO PLASTICO PARA PVC, FRASCO COM 175 GR","UN    ","CR","18,12",null,18.12,"Sinapi 20080"]
[122,"ADESIVO PLASTICO PARA PVC, FRASCO COM 850 GR","UN    ","CR","57,09",null,57.09,"Sinapi 122"]
[3410,"ADESIVO/COLA PARA EPS (ISOPOR) E OUTROS MATERIAIS","KG    ","AS","19,60",null,19.600000000000001,"Sinapi 3410"]
[124,"ADITIVO ACELERADOR DE PEGA E ENDURECIMENTO PARA ARGAMASSAS E CONCRETOS, LIQUIDO E ISENTO DE CLORETOS","L     ","CR","12,71",null,12.71,"Sinapi 124"]
[7334,"ADITIVO ADESIVO LIQUIDO PARA ARGAMASSAS DE REVESTIMENTOS CIMENTICIOS","L     ","CR","11,01",null,11.01,"Sinapi 7334"]
[123,"ADITIVO IMPERMEABILIZANTE DE PEGA NORMAL PARA ARGAMASSAS E CONCRETOS SEM ARMACAO, LIQUIDO E ISENTO DE CLORETOS","L     ","C ","5,20",null,5.2,"Sinapi 123"]
[127,"ADITIVO IMPERMEABILIZANTE DE PEGA ULTRARRAPIDA, LIQUIDO E ISENTO DE CLORETOS","L     ","CR","12,41",null,12.41,"Sinapi 127"]
[41373,"ADITIVO LIQUIDO IMPERMEABILIZANTE CRISTALIZANTE","L     ","CR","17,29",null,17.29,"Sinapi 41373"]
[133,"ADITIVO LIQUIDO INCORPORADOR DE AR PARA CONCRETO E ARGAMASSA, LIQUIDO E ISENTO DE CLORETOS","L     ","CR","5,15",null,5.15,"Sinapi 133"]
[37538,"ADITIVO PLASTIFICANTE E ESTABILIZADOR PARA ARGAMASSAS DE ASSENTAMENTO E REBOCO","18L   ","CR","130,19",null,130.19,"Sinapi 37538"]
[43617,"ADITIVO PLASTIFICANTE E ESTABILIZADOR PARA ARGAMASSAS DE ASSENTAMENTO E REBOCO, LIQUIDO E ISENTO DE CLORETOS","L     ","CR","5,76",null,5.76,"Sinapi 43617"]
[132,"ADITIVO PLASTIFICANTE RETARDADOR DE PEGA E REDUTOR DE AGUA PARA CONCRETO, LIQUIDO E ISENTO DE CLORETOS","L     ","CR","5,34",null,5.34,"Sinapi 132"]
[13408,"ADITIVO SUPERPLASTIFICANTE DE PEGA NORMAL PARA CONCRETO (TAMBOR 200 KG)","200KG ","CR","2.050,97",null,2050.9699999999998,"Sinapi 13408"]
[43618,"ADITIVO SUPERPLASTIFICANTE DE PEGA NORMAL PARA CONCRETO, LIQUIDO E ISENTO DE CLORETOS","KG    ","CR","13,45",null,13.45,"Sinapi 43618"]
[37476,"ADUELA/GALERIA DE CONCRETO ARMADO, SECAO RETANGULAR 1.50 X 1.50 M (L X A), C = 1.00 M, E = 20 CM","UN    ","CR","1.924,95",null,1924.95,"Sinapi 37476"]
[37478,"ADUELA/GALERIA DE CONCRETO ARMADO, SECAO RETANGULAR 2.00 X 2.00 M (L X A), C = 1.00 M, E = 20 CM","UN    ","CR","2.723,29",null,2723.29,"Sinapi 37478"]
[37477,"ADUELA/GALERIA DE CONCRETO ARMADO, SECAO RETANGULAR 2.50 X 2.50 M (L X A), C = 1.00 M, E = 20 CM","UN    ","CR","3.332,34",null,3332.34,"Sinapi 37477"]
[37479,"ADUELA/GALERIA DE CONCRETO ARMADO, SECAO RETANGULAR 3.00 X 3.00 M (L X A), C = 1.00 M, E = 20 CM","UN    ","CR","4.166,72",null,4166.72,"Sinapi 37479"]
[4319,"AFASTADOR PARA TELHA DE FIBROCIMENTO CANALETE 90 OU KALHETAO","UN    ","CR","1,05",null,{"$f":"IF(E201=\"\",\"\",E201+0)","v":1.05},{"$f":"IF(G201=\"\",\"\",CONCATENATE(\"Sinapi \",A201))","v":"Sinapi 4319"}]
[42409,"AGENTE DE CURA, PROTETOR DA EVAPORACAO DA AGUA DE HIDRATACAO DO CONCRETO","KG    ","CR","8,47",null,8.4700000000000006,"Sinapi 42409"]
[40553,"AGREGADO RECICLADO, TIPO RACHAO RECICLADO CINZA, CLASSE A","M3    ","AS","35,00",null,35,"Sinapi 40553"]
[13003,"AGUA SANITARIA","L     ","CR","2,18",null,2.1800000000000002,"Sinapi 13003"]
[6114,"AJUDANTE DE ARMADOR","H     ","CR","11,48",null,11.48,"Sinapi 6114"]
[40912,"AJUDANTE DE ARMADOR (MENSALISTA)","MES   ","CR","2.050,40",null,2050.4,"Sinapi 40912"]
[247,"AJUDANTE DE ELETRICISTA","H     ","CR","11,58",null,11.58,"Sinapi 247"]
[40919,"AJUDANTE DE ELETRICISTA (MENSALISTA)","MES   ","CR","2.067,66",null,2067.66,"Sinapi 40919"]
[25958,"AJUDANTE DE ESTRUTURAS METALICAS","H     ","CR","8,70",null,8.6999999999999993,"Sinapi 25958"]
[40984,"AJUDANTE DE ESTRUTURAS METALICAS (MENSALISTA)","MES   ","CR","1.551,96",null,1551.96,"Sinapi 40984"]
[248,"AJUDANTE DE OPERACAO EM GERAL","H     ","CR","11,88",null,11.88,"Sinapi 248"]
[41086,"AJUDANTE DE OPERACAO EM GERAL (MENSALISTA)","MES   ","CR","2.121,69",null,2121.69,"Sinapi 41086"]
[34466,"AJUDANTE DE PINTOR","H     ","CR","11,88",null,11.88,"Sinapi 34466"]
[41083,"AJUDANTE DE PINTOR (MENSALISTA)","MES   ","CR","2.121,69",null,2121.69,"Sinapi 41083"]
[252,"AJUDANTE DE SERRALHEIRO","H     ","CR","12,31",null,12.31,"Sinapi 252"]
[40909,"AJUDANTE DE SERRALHEIRO (MENSALISTA)","MES   ","CR","2.199,25",null,2199.25,"Sinapi 40909"]
[242,"AJUDANTE ESPECIALIZADO","H     ","CR","13,91",null,13.91,"Sinapi 242"]
[41085,"AJUDANTE ESPECIALIZADO (MENSALISTA)","MES   ","CR","2.483,88",null,2483.88,"Sinapi 41085"]
[427,"ALCA PREFORMADA DE CONTRA POSTE, EM ACO GALVANIZADO, PARA CABO 3/16\", COMPRIMENTO *860* MM","UN    ","AS","4,89",null,4.8899999999999997,"Sinapi 427"]
[417,"ALCA PREFORMADA DE DISTRIBUICAO, EM ACO GALVANIZADO, PARA CABO DE ALUMINIO DIAMETRO 16 A 25 MM","UN    ","AS","2,30",null,2.2999999999999998,"Sinapi 417"]
[11273,"ALCA PREFORMADA DE DISTRIBUICAO, EM ACO GALVANIZADO, PARA CONDUTORES DE ALUMINIO AWG 1/0 (CAA 6/1 OU CA 7 FIOS)","UN    ","AS","7,15",null,7.15,"Sinapi 11273"]
[11272,"ALCA PREFORMADA DE DISTRIBUICAO, EM ACO GALVANIZADO, PARA CONDUTORES DE ALUMINIO AWG 2 (CAA 6/1 OU CA 7 FIOS)","UN    ","AS","4,31",null,4.3099999999999996,"Sinapi 11272"]
[11275,"ALCA PREFORMADA DE SERVICO, EM ACO GALVANIZADO, PARA CONDUTORES DE ALUMINIO AWG 4 (CAA 6/1)","UN    ","AS","1,73",null,1.73,"Sinapi 11275"]
[11274,"ALCA PREFORMADA DE SERVICO, EM ACO GALVANIZADO, PARA CONDUTORES DE ALUMINIO AWG 6 (CAA 6/1)","UN    ","AS","1,32",null,1.32,"Sinapi 11274"]
[38470,"ALICATE DE CORTE DIAGONAL 6 \" COM ISOLAMENTO","UN    ","C ","39,92",null,39.92,"Sinapi 38470"]
[38547,"ALICATE DE CRIMPAR RJ11, RJ12 E RJ45","UN    ","CR","108,93",null,108.93,"Sinapi 38547"]
[38469,"ALICATE DE PRESSAO PARA SOLDA DE CHAPA 18 \"","UN    ","CR","117,13",null,117.13,"Sinapi 38469"]
[38467,"ALICATE DE PRESSAO 11 \" PARA SOLDA, TIPO C","UN    ","CR","65,91",null,65.91,"Sinapi 38467"]
[38468,"ALICATE DE PRESSAO 11 \" PARA SOLDA, TIPO U","UN    ","CR","72,52",null,72.52,"Sinapi 38468"]
[38471,"ALICATE PARA ANEIS DE PISTAO, CAPACIDADE 50 A 100 MM","UN    ","CR","94,18",null,94.18,"Sinapi 38471"]
[37370,"ALIMENTACAO - HORISTA (COLETADO CAIXA)","H     ","C ","2,57",null,2.57,"Sinapi 37370"]
[40862,"ALIMENTACAO - MENSALISTA (COLETADO CAIXA)","MES   ","C ","485,20",null,485.2,"Sinapi 40862"]
[10658,"ALISADORA DE CONCRETO COM MOTOR A GASOLINA DE 5,5 HP, PESO COM MOTOR DE 78 KG, 4 PAS","UN    ","AS","6.095,00",null,6095,"Sinapi 10658"]
[253,"ALMOXARIFE","H     ","C ","28,22",null,28.22,"Sinapi 253"]
[40809,"ALMOXARIFE (MENSALISTA)","MES   ","CR","5.032,34",null,5032.34,"Sinapi 40809"]
[42428,"ALONGADOR COM TRES ALTURAS, EM TUBO DE ACO CARBONO, PINTURA NO PROCESSO ELETROSTATICO - EQUIPAMENTO DE GINASTICA PARA ACADEMIA AO AR LIVRE / ACADEMIA DA TERCEIRA IDADE - ATI","UN    ","AS","1.290,00",null,1290,"Sinapi 42428"]
[583,"ALUMINIO ANODIZADO","KG    ","AS","27,08",null,27.08,"Sinapi 583"]
[299,"ANEL BORRACHA DN 100 MM, PARA TUBO SERIE REFORCADA ESGOTO PREDIAL","UN    ","CR","2,24",null,2.2400000000000002,"Sinapi 299"]
[298,"ANEL BORRACHA DN 75 MM, PARA TUBO SERIE REFORCADA ESGOTO PREDIAL","UN    ","CR","2,25",null,2.25,"Sinapi 298"]
[295,"ANEL BORRACHA PARA TUBO ESGOTO PREDIAL DN 40 MM (NBR 5688)","UN    ","CR","1,34",null,1.34,"Sinapi 295"]
[296,"ANEL BORRACHA PARA TUBO ESGOTO PREDIAL DN 50 MM (NBR 5688)","UN    ","CR","1,39",null,1.39,"Sinapi 296"]
[297,"ANEL BORRACHA PARA TUBO ESGOTO PREDIAL DN 75 MM (NBR 5688)","UN    ","CR","1,97",null,1.97,"Sinapi 297"]
[301,"ANEL BORRACHA PARA TUBO ESGOTO PREDIAL, DN 100 MM (NBR 5688)","UN    ","C ","2,47",null,2.4700000000000002,"Sinapi 301"]
[300,"ANEL BORRACHA, DN 150 MM, PARA TUBO SERIE REFORCADA ESGOTO PREDIAL","UN    ","CR","10,37",null,10.37,"Sinapi 300"]
[20084,"ANEL BORRACHA, DN 40 MM, PARA TUBO SERIE REFORCADA ESGOTO PREDIAL","UN    ","CR","1,34",null,1.34,"Sinapi 20084"]
[20085,"ANEL BORRACHA, DN 50 MM, PARA TUBO SERIE REFORCADA ESGOTO PREDIAL","UN    ","CR","1,24",null,1.24,"Sinapi 20085"]
[311,"ANEL BORRACHA, PARA TUBO PVC DEFOFO, DN 100 MM (NBR 7665)","UN    ","CR","8,03",null,8.0299999999999994,"Sinapi 311"]
[318,"ANEL BORRACHA, PARA TUBO PVC DEFOFO, DN 150 MM (NBR 7665)","UN    ","CR","14,07",null,14.07,"Sinapi 318"]
[319,"ANEL BORRACHA, PARA TUBO PVC DEFOFO, DN 200 MM (NBR 7665)","UN    ","CR","26,57",null,26.57,"Sinapi 319"]
[320,"ANEL BORRACHA, PARA TUBO PVC DEFOFO, DN 250 MM (NBR 7665)","UN    ","CR","84,46",null,84.46,"Sinapi 320"]
[314,"ANEL BORRACHA, PARA TUBO PVC DEFOFO, DN 300 MM (NBR 7665)","UN    ","CR","129,73",null,129.72999999999999,"Sinapi 314"]
[303,"ANEL BORRACHA, PARA TUBO PVC, REDE COLETOR ESGOTO, DN 100 MM (NBR 7362)","UN    ","CR","3,36",null,3.36,"Sinapi 303"]
[304,"ANEL BORRACHA, PARA TUBO PVC, REDE COLETOR ESGOTO, DN 125 MM (NBR 7362)","UN    ","CR","5,13",null,5.13,"Sinapi 304"]
[305,"ANEL BORRACHA, PARA TUBO PVC, REDE COLETOR ESGOTO, DN 150 MM (NBR 7362)","UN    ","CR","8,78",null,8.7799999999999994,"Sinapi 305"]
[306,"ANEL BORRACHA, PARA TUBO PVC, REDE COLETOR ESGOTO, DN 200 MM (NBR 7362)","UN    ","CR","10,55",null,10.55,"Sinapi 306"]
[307,"ANEL BORRACHA, PARA TUBO PVC, REDE COLETOR ESGOTO, DN 250 MM (NBR 7362)","UN    ","CR","20,83",null,20.83,"Sinapi 307"]
[309,"ANEL BORRACHA, PARA TUBO PVC, REDE COLETOR ESGOTO, DN 350 MM (NBR 7362)","UN    ","CR","42,68",null,42.68,"Sinapi 309"]
[310,"ANEL BORRACHA, PARA TUBO PVC, REDE COLETOR ESGOTO, DN 400 MM (NBR 7362)","UN    ","CR","54,14",null,54.14,"Sinapi 310"]
[328,"ANEL BORRACHA, PARA TUBO/CONEXAO PVC PBA, DN 100 MM, PARA REDE AGUA","UN    ","CR","6,46",null,6.46,"Sinapi 328"]
[325,"ANEL BORRACHA, PARA TUBO/CONEXAO PVC PBA, DN 50 MM, PARA REDE AGUA","UN    ","CR","2,50",null,2.5,"Sinapi 325"]
[20326,"ANEL BORRACHA, PARA TUBO/CONEXAO PVC PBA, DN 60 MM, PARA REDE AGUA","UN    ","CR","6,71",null,6.71,"Sinapi 20326"]
[329,"ANEL BORRACHA, PARA TUBO/CONEXAO PVC PBA, DN 75 MM, PARA REDE AGUA","UN    ","CR","8,25",null,8.25,"Sinapi 329"]
[308,"ANEL BORRACHA, PARA TUBO, PVC REDE COLETOR ESGOTO, DN 300 MM (NBR 7362)","UN    ","CR","27,81",null,27.81,"Sinapi 308"]
[39642,"ANEL DE BORRACHA PARA VEDACAO DE DUTO PEAD CORRUGADO PARA ELETRICA, DN 1 1/2\"","UN    ","CR","1,69",null,1.69,"Sinapi 39642"]
[39641,"ANEL DE BORRACHA PARA VEDACAO DE DUTO PEAD CORRUGADO PARA ELETRICA, DN 1 1/4\"","UN    ","CR","1,17",null,{"$f":"IF(E265=\"\",\"\",E265+0)","v":1.17},{"$f":"IF(G265=\"\",\"\",CONCATENATE(\"Sinapi \",A265))","v":"Sinapi 39641"}]
[39643,"ANEL DE BORRACHA PARA VEDACAO DE DUTO PEAD CORRUGADO PARA ELETRICA, DN 2\"","UN    ","CR","4,69",null,4.6900000000000004,"Sinapi 39643"]
[39644,"ANEL DE BORRACHA PARA VEDACAO DE DUTO PEAD CORRUGADO PARA ELETRICA, DN 3\"","UN    ","CR","6,06",null,6.06,"Sinapi 39644"]
[39645,"ANEL DE BORRACHA PARA VEDACAO DE DUTO PEAD CORRUGADO PARA ELETRICA, DN 4\"","UN    ","CR","7,82",null,7.82,"Sinapi 39645"]
[12548,"ANEL DE CONCRETO ARMADO, D = *1,10* M, H = 0,30 M","UN    ","CR","96,27",null,96.27,"Sinapi 12548"]
[13113,"ANEL DE CONCRETO ARMADO, D = 0,60 M, H = 0,10 M","UN    ","CR","39,45",null,39.450000000000003,"Sinapi 13113"]
[13114,"ANEL DE CONCRETO ARMADO, D = 0,60 M, H = 0,15 M","UN    ","CR","48,03",null,48.03,"Sinapi 13114"]
[12530,"ANEL DE CONCRETO ARMADO, D = 0,60 M, H = 0,30 M","UN    ","CR","58,53",null,58.53,"Sinapi 12530"]
[12531,"ANEL DE CONCRETO ARMADO, D = 0,60 M, H = 0,40 M","UN    ","CR","65,46",null,65.459999999999994,"Sinapi 12531"]
[12532,"ANEL DE CONCRETO ARMADO, D = 0,60 M, H = 0,50 M","UN    ","CR","80,06",null,80.06,"Sinapi 12532"]
[12533,"ANEL DE CONCRETO ARMADO, D = 0,80 M, H = 0,30 M","UN    ","CR","95,50",null,95.5,"Sinapi 12533"]
[12544,"ANEL DE CONCRETO ARMADO, D = 0,80 M, H = 0,50 M","UN    ","CR","116,66",null,116.66,"Sinapi 12544"]
[12546,"ANEL DE CONCRETO ARMADO, D = 1,00 M, H = 0,40 M","UN    ","CR","120,76",null,120.76,"Sinapi 12546"]
[12547,"ANEL DE CONCRETO ARMADO, D = 1,00 M, H = 0,50 M","UN    ","CR","140,43",null,140.43,"Sinapi 12547"]
[12551,"ANEL DE CONCRETO ARMADO, D = 1,20 M, H = 0,50 M","UN    ","CR","152,92",null,152.91999999999999,"Sinapi 12551"]
[12563,"ANEL DE CONCRETO ARMADO, D = 1,50 M, H = 0,50 M","UN    ","CR","240,18",null,240.18,"Sinapi 12563"]
[12565,"ANEL DE CONCRETO ARMADO, D = 2,00 M, H = 0,50 M","UN    ","CR","377,96",null,377.96,"Sinapi 12565"]
[12567,"ANEL DE CONCRETO ARMADO, D = 2,50 M, H = 0,50 M","UN    ","CR","491,81",null,491.81,"Sinapi 12567"]
[12568,"ANEL DE CONCRETO ARMADO, D = 3,00 M, H = 0,50 M","UN    ","CR","812,07",null,812.07,"Sinapi 12568"]
[11789,"ANEL DE DISTRIBUICAO EM ACO GALVANIZADO PARA FIO FE-160","UN    ","AS","0,65",null,0.65,"Sinapi 11789"]
[20975,"ANEL DE EXPANSAO EM COBRE, ENGATE RAPIDO 1 1/2\", PARA EMPATACAO MANGUEIRA DE COMBATE A INCENDIO PREDIAL","UN    ","CR","6,87",null,6.87,"Sinapi 20975"]
[20976,"ANEL DE EXPANSAO EM COBRE, ENGATE RAPIDO 2 1/2\", PARA EMPATACAO MANGUEIRA DE COMBATE A INCENDIO PREDIAL","UN    ","CR","10,38",null,10.38,"Sinapi 20976"]
[40340,"ANEL DE VEDACAO/JUNTA ELASTICA, H = *16* MM, PARA TUBO DE CONCRETO DN 300 MM","UN    ","CR","65,41",null,65.41,"Sinapi 40340"]
[40341,"ANEL DE VEDACAO/JUNTA ELASTICA, H = *16* MM, PARA TUBO DE CONCRETO DN 400 MM","UN    ","CR","77,45",null,77.45,"Sinapi 40341"]
[40342,"ANEL DE VEDACAO/JUNTA ELASTICA, H = *16* MM, PARA TUBO DE CONCRETO DN 500 MM","UN    ","CR","98,19",null,98.19,"Sinapi 40342"]
[40343,"ANEL DE VEDACAO/JUNTA ELASTICA, H = *16* MM, PARA TUBO DE CONCRETO DN 600 MM","UN    ","CR","120,46",null,120.46,"Sinapi 40343"]
[40344,"ANEL DE VEDACAO/JUNTA ELASTICA, H = *18* MM, PARA TUBO DE CONCRETO DN 700 MM","UN    ","CR","127,36",null,127.36,"Sinapi 40344"]
[40345,"ANEL DE VEDACAO/JUNTA ELASTICA, H = *19* MM, PARA TUBO DE CONCRETO DN 800 MM","UN    ","CR","159,02",null,159.02000000000001,"Sinapi 40345"]
[40346,"ANEL DE VEDACAO/JUNTA ELASTICA, H = *19* MM, PARA TUBO DE CONCRETO DN 900 MM","UN    ","CR","149,59",null,149.59,"Sinapi 40346"]
[40347,"ANEL DE VEDACAO/JUNTA ELASTICA, H = *21* MM, PARA TUBO DE CONCRETO DN 1000 MM","UN    ","CR","184,97",null,184.97,"Sinapi 40347"]
[38840,"ANEL DESLIZANTE / TRADICIONAL, METALICO, PARA TUBO PEX, DN 16 MM","UN    ","AS","1,90",null,1.9,"Sinapi 38840"]
[38841,"ANEL DESLIZANTE / TRADICIONAL, METALICO, PARA TUBO PEX, DN 20 MM","UN    ","AS","2,10",null,2.1,"Sinapi 38841"]
[38842,"ANEL DESLIZANTE / TRADICIONAL, METALICO, PARA TUBO PEX, DN 25 MM","UN    ","AS","4,16",null,4.16,"Sinapi 38842"]
[38843,"ANEL DESLIZANTE / TRADICIONAL, METALICO, PARA TUBO PEX, DN 32 MM","UN    ","AS","6,50",null,6.5,"Sinapi 38843"]
[13761,"APARELHO CORTE OXI-ACETILENO PARA SOLDA E CORTE CONTENDO MACARICO SOLDA, BICO DE CORTE, CILINDROS, REGULADORES, MANGUEIRAS E CARRINHO","UN    ","AS","2.626,14",null,2626.14,"Sinapi 13761"]
[12888,"APARELHO DE APOIO DE NEOPRENE FRETADO, 60 X 45 X 7,6 CM, COM FRETAGEM DE ACO DE 4 MM INTERCALADAS COM ELASTOMERO DE 11 MM E REVESTIMENTO FINAL COM ELASTOMERO DE 6 MM","DM3   ","AS","133,85",null,133.85,"Sinapi 12888"]
[12889,"APARELHO DE APOIO DE NEOPRENE SIMPLES/ NAO FRETADO, 100 X 100 CM, ESPESSURA 6,3 MM","DM3   ","AS","87,41",null,87.41,"Sinapi 12889"]
[4814,"APARELHO SINALIZADOR LUMINOSO COM LED, PARA SAIDA GARAGEM, COM 2 LENTES EM POLICARBONATO, BIVOLT (INCLUI SUPORTE DE FIXACAO)","UN    ","CR","123,11",null,123.11,"Sinapi 4814"]
[25967,"APOIO DO PORTA DENTE PARA FRESADORA DE ASFALTO","UN    ","AS","1.830,58",null,1830.58,"Sinapi 25967"]
[6122,"APONTADOR OU APROPRIADOR","H     ","CR","33,88",null,33.880000000000003,"Sinapi 6122"]
[40810,"APONTADOR OU APROPRIADOR DE MAO DE OBRA (MENSALISTA)","MES   ","CR","6.046,15",null,6046.15,"Sinapi 40810"]
[21100,"AQUECEDOR DE AGUA A GAS GLP/GN COM CAPACIDADE DE ARMAZENAMENTO DE 50 A 80 L","UN    ","AS","2.569,65",null,2569.65,"Sinapi 21100"]
[11816,"AQUECEDOR DE AGUA ELETRICO  RESERVATORIO DE 100 L CILINDRICO EM COBRE, REFORCADO COM ACO CARBONO, MONOFASICO, TENSAO NOMINAL 220 V","UN    ","AS","2.740,00",null,2740,"Sinapi 11816"]
[11814,"AQUECEDOR DE AGUA ELETRICO  RESERVATORIO DE 500 L CILINDRICO EM COBRE, REFORCADO COM ACO CARBONO, MONOFASICO, TENSAO NOMINAL 220 V","UN    ","AS","5.964,29",null,5964.29,"Sinapi 11814"]
[14186,"AQUECEDOR DE AGUA ELETRICO  RESERVATORIO DE 500 L CILINDRICO EM COBRE, REFORCADO COM ACO CARBONO, TRIFASICO, TENSAO NOMINAL 220/380/400 V, POTENCIA 24 KW","UN    ","AS","7.488,97",null,7488.97,"Sinapi 14186"]
[14185,"AQUECEDOR DE AGUA ELETRICO  RESERVATORIO DE 700 L CILINDRICO EM COBRE, REFORCADO COM ACO CARBONO, MONOFASICO, TENSAO NOMINAL 220 V","UN    ","AS","9.701,14",null,9701.14,"Sinapi 14185"]
[11811,"AQUECEDOR DE AGUA ELETRICO HORIZONTAL, RESERVATORIO DE 200 L CILINDRICO EM COBRE, REFORCADO COM ACO CARBONO, MONOFASICO, TENSAO NOMINAL 220 V","UN    ","AS","3.709,35",null,3709.35,"Sinapi 11811"]
[26038,"AQUECEDOR DE OLEO BPF (FLUIDO) TERMICO, CAPACIDADE DE 300.000 KCAL/H","UN    ","AS","202.992,51",null,202992.51,"Sinapi 26038"]
[34482,"AQUECEDOR SOLAR  CAPACIDADE DO RESERVATORIO 800 L, INCLUI 8 PLACAS COLETORAS DE 1,42 M2","UN    ","AS","4.913,59",null,4913.59,"Sinapi 34482"]
[34469,"AQUECEDOR SOLAR CAPACIDADE DO RESERVATORIO 1000 L, INCLUI 10 PLACAS COLETORAS DE 1,42 M2","UN    ","AS","7.600,71",null,7600.71,"Sinapi 34469"]
[34472,"AQUECEDOR SOLAR CAPACIDADE DO RESERVATORIO 200 L, INCLUI 2 PLACAS COLETORAS DE 1,42 M2","UN    ","AS","2.338,50",null,2338.5,"Sinapi 34472"]
[34476,"AQUECEDOR SOLAR CAPACIDADE DO RESERVATORIO 400L, INCLUI 4 PLACAS COLETORAS DE 1,42 M2","UN    ","AS","3.964,09",null,3964.09,"Sinapi 34476"]
[34477,"AQUECEDOR SOLAR CAPACIDADE DO RESERVATORIO 600 L, INCLUI 6 PLACAS COLETORAS DE 1,42 M2","UN    ","AS","5.261,11",null,5261.11,"Sinapi 34477"]
[42425,"AR CONDICIONADO SPLIT INVERTER, HI-WALL (PAREDE), 12000 BTU/H, CICLO FRIO, 60HZ, CLASSIFICACAO A (SELO PROCEL), GAS HFC, CONTROLE S/FIO","UN    ","CR","1.865,06",null,1865.06,"Sinapi 42425"]
[42422,"AR CONDICIONADO SPLIT INVERTER, HI-WALL (PAREDE), 18000 BTU/H, CICLO FRIO, 60HZ, CLASSIFICACAO A (SELO PROCEL), GAS HFC, CONTROLE S/FIO","UN    ","C ","2.768,74",null,2768.74,"Sinapi 42422"]
[43184,"AR CONDICIONADO SPLIT INVERTER, HI-WALL (PAREDE), 24000 BTU/H, CICLO FRIO, 60HZ, CLASSIFICACAO A - SELO PROCEL, GAS HFC, CONTROLE S/FIO","UN    ","CR","3.826,66",null,3826.66,"Sinapi 43184"]
[42424,"AR CONDICIONADO SPLIT INVERTER, HI-WALL (PAREDE), 9000 BTU/H, CICLO FRIO, 60HZ, CLASSIFICACAO A (SELO PROCEL), GAS HFC, CONTROLE S/FIO","UN    ","CR","1.665,66",null,1665.66,"Sinapi 42424"]
[42421,"AR CONDICIONADO SPLIT INVERTER, PISO TETO, APRESENTANDO ENTRE 54000 E 58000 BTU/H, CICLO FRIO, 60HZ, CLASSIFICACAO ENERGETICA A OU B (SELO PROCEL), GAS HFC, CONTROLE S/FIO","UN    ","CR","15.165,64",null,15165.64,"Sinapi 42421"]
[42416,"AR CONDICIONADO SPLIT INVERTER, PISO TETO, 18000 BTU/H, CICLO FRIO, 60HZ, CLASSIFICACAO ENERGETICA A OU B (SELO PROCEL), GAS HFC, CONTROLE S/FIO","UN    ","CR","7.180,46",null,7180.46,"Sinapi 42416"]
[42417,"AR CONDICIONADO SPLIT INVERTER, PISO TETO, 24000 BTU/H, CICLO FRIO, 60HZ, CLASSIFICACAO ENERGETICA A OU B (SELO PROCEL), GAS HFC, CONTROLE S/FIO","UN    ","CR","8.049,88",null,8049.88,"Sinapi 42417"]
[42419,"AR CONDICIONADO SPLIT INVERTER, PISO TETO, 36000 BTU/H, CICLO FRIO, 60HZ, CLASSIFICACAO ENERGETICA A OU B (SELO PROCEL), GAS HFC, CONTROLE S/FIO","UN    ","CR","9.094,66",null,9094.66,"Sinapi 42419"]
[42420,"AR CONDICIONADO SPLIT INVERTER, PISO TETO, 48000 BTU/H, CICLO FRIO, 60HZ, CLASSIFICACAO ENERGETICA A OU B (SELO PROCEL), GAS HFC, CONTROLE S/FIO","UN    ","CR","12.499,94",null,12499.94,"Sinapi 42420"]
[43195,"AR CONDICIONADO SPLIT ON/OFF, CASSETE (TETO), FRIO 4 VIAS 18000 BTUS/H, CLASSIFICACAO ENERGETICA C - SELO PROCEL, GAS HFC, CONTROLE S/ FIO","UN    ","CR","4.401,40",null,4401.3999999999996,"Sinapi 43195"]
[43196,"AR CONDICIONADO SPLIT ON/OFF, CASSETE (TETO), FRIO 4 VIAS 24000 BTUS/H, CLASSIFICACAO ENERGETICA C - SELO PROCEL, GAS HFC, CONTROLE S/ FIO","UN    ","CR","5.454,91",null,5454.91,"Sinapi 43196"]
[43198,"AR CONDICIONADO SPLIT ON/OFF, CASSETE (TETO), FRIO 4 VIAS 36000 BTUS/H, CLASSIFICACAO ENERGETICA C - SELO PROCEL, GAS HFC, CONTROLE S/ FIO","UN    ","CR","8.105,87",null,{"$f":"IF(E329=\"\",\"\",E329+0)","v":8105.87},{"$f":"IF(G329=\"\",\"\",CONCATENATE(\"Sinapi \",A329))","v":"Sinapi 43198"}]
[43199,"AR CONDICIONADO SPLIT ON/OFF, CASSETE (TETO), FRIO 4 VIAS 48000 BTUS/H, CLASSIFICACAO ENERGETICA C - SELO PROCEL, GAS HFC, CONTROLE S/ FIO","UN    ","CR","8.402,89",null,8402.89,"Sinapi 43199"]
[43200,"AR CONDICIONADO SPLIT ON/OFF, CASSETE (TETO), FRIO 4 VIAS 60000 BTUS/H, CLASSIFICACAO ENERGETICA C - SELO PROCEL, GAS HFC, CONTROLE S/ FIO","UN    ","CR","9.642,93",null,9642.93,"Sinapi 43200"]
[39556,"AR CONDICIONADO SPLIT ON/OFF, CASSETE (TETO), 18000 BTUS/H, CICLO QUENTE/FRIO, 60 HZ, CLASSIFICACAO ENERGETICA C - SELO PROCEL, GAS HFC, CONTROLE S/ FIO","UN    ","CR","5.266,69",null,5266.69,"Sinapi 39556"]
[39557,"AR CONDICIONADO SPLIT ON/OFF, CASSETE (TETO), 24000 BTUS/H, CICLO QUENTE/FRIO, 60 HZ, CLASSIFICACAO ENERGETICA C - SELO PROCEL, GAS HFC, CONTROLE S/ FIO","UN    ","CR","5.671,07",null,5671.07,"Sinapi 39557"]
[39559,"AR CONDICIONADO SPLIT ON/OFF, CASSETE (TETO), 36000 BTUS/H, CICLO QUENTE/FRIO, 60 HZ, CLASSIFICACAO ENERGETICA A - SELO PROCEL, GAS HFC, CONTROLE S/ FIO","UN    ","CR","8.380,75",null,8380.75,"Sinapi 39559"]
[39560,"AR CONDICIONADO SPLIT ON/OFF, CASSETE (TETO), 48000 BTUS/H, CICLO QUENTE/FRIO, 60 HZ, CLASSIFICACAO ENERGETICA A - SELO PROCEL, GAS HFC, CONTROLE S/ FIO","UN    ","CR","9.695,71",null,9695.7099999999991,"Sinapi 39560"]
[39561,"AR CONDICIONADO SPLIT ON/OFF, CASSETE (TETO), 60000 BTUS/H, CICLO QUENTE/FRIO, 60 HZ, CLASSIFICACAO ENERGETICA A - SELO PROCEL, GAS HFC, CONTROLE S/ FIO","UN    ","CR","10.142,95",null,10142.950000000001,"Sinapi 39561"]
[43190,"AR CONDICIONADO SPLIT ON/OFF, HI-WALL (PAREDE), 12000 BTUS/H, CICLO FRIO, 60 HZ, CLASSIFICACAO ENERGETICA A - SELO PROCEL, GAS HFC, CONTROLE S/ FIO","UN    ","CR","1.496,83",null,1496.83,"Sinapi 43190"]
[39555,"AR CONDICIONADO SPLIT ON/OFF, HI-WALL (PAREDE), 12000 BTUS/H, CICLO QUENTE/FRIO, 60 HZ, CLASSIFICACAO ENERGETICA A - SELO PROCEL, GAS HFC, CONTROLE S/ FIO","UN    ","CR","1.619,18",null,1619.18,"Sinapi 39555"]
[43191,"AR CONDICIONADO SPLIT ON/OFF, HI-WALL (PAREDE), 18000 BTUS/H, CICLO FRIO, 60 HZ, CLASSIFICACAO ENERGETICA A - SELO PROCEL, GAS HFC, CONTROLE S/ FIO","UN    ","CR","2.153,74",null,2153.7399999999998,"Sinapi 43191"]
[39548,"AR CONDICIONADO SPLIT ON/OFF, HI-WALL (PAREDE), 18000 BTUS/H, CICLO QUENTE/FRIO, 60 HZ, CLASSIFICACAO ENERGETICA A - SELO PROCEL, GAS HFC, CONTROLE S/ FIO","UN    ","CR","2.401,75",null,2401.75,"Sinapi 39548"]
[43192,"AR CONDICIONADO SPLIT ON/OFF, HI-WALL (PAREDE), 24000 BTUS/H, CICLO FRIO, 60 HZ, CLASSIFICACAO ENERGETICA A - SELO PROCEL, GAS HFC, CONTROLE S/ FIO","UN    ","CR","2.821,20",null,2821.2,"Sinapi 43192"]
[39554,"AR CONDICIONADO SPLIT ON/OFF, HI-WALL (PAREDE), 24000 BTUS/H, CICLO QUENTE/FRIO, 60 HZ, CLASSIFICACAO ENERGETICA A - SELO PROCEL, GAS HFC, CONTROLE S/ FIO","UN    ","CR","3.175,96",null,3175.96,"Sinapi 39554"]
[43194,"AR CONDICIONADO SPLIT ON/OFF, HI-WALL (PAREDE), 9000 BTUS/H, CICLO FRIO, 60 HZ, CLASSIFICACAO ENERGETICA A - SELO PROCEL, GAS HFC, CONTROLE S/ FIO","UN    ","CR","1.282,29",null,1282.29,"Sinapi 43194"]
[39551,"AR CONDICIONADO SPLIT ON/OFF, HI-WALL (PAREDE), 9000 BTUS/H, CICLO QUENTE/FRIO, 60 HZ, CLASSIFICACAO ENERGETICA A - SELO PROCEL, GAS HFC, CONTROLE S/ FIO","UN    ","CR","1.411,94",null,1411.94,"Sinapi 39551"]
[43185,"AR CONDICIONADO SPLIT ON/OFF, PISO TETO, 18.000 BTU/H, CICLO FRIO, 60HZ, CLASSIFICACAO ENERGETICA C - SELO PROCEL, GAS HFC, CONTROLE S/FIO","UN    ","CR","4.012,48",null,4012.48,"Sinapi 43185"]
[43186,"AR CONDICIONADO SPLIT ON/OFF, PISO TETO, 24.000 BTU/H, CICLO FRIO, 60HZ, CLASSIFICACAO ENERGETICA C - SELO PROCEL, GAS HFC, CONTROLE S/FIO","UN    ","CR","4.232,35",null,4232.3500000000004,"Sinapi 43186"]
[43187,"AR CONDICIONADO SPLIT ON/OFF, PISO TETO, 36.000 BTU/H, CICLO FRIO, 60HZ, CLASSIFICACAO ENERGETICA C - SELO PROCEL, GAS HFC, CONTROLE S/FIO","UN    ","CR","5.616,37",null,5616.37,"Sinapi 43187"]
[43188,"AR CONDICIONADO SPLIT ON/OFF, PISO TETO, 48.000 BTU/H, CICLO FRIO, 60HZ, CLASSIFICACAO ENERGETICA C - SELO PROCEL, GAS HFC, CONTROLE S/FIO","UN    ","CR","6.804,98",null,6804.98,"Sinapi 43188"]
[43189,"AR CONDICIONADO SPLIT ON/OFF, PISO TETO, 60.000 BTU/H, CICLO FRIO, 60HZ, CLASSIFICACAO ENERGETICA C - SELO PROCEL, GAS HFC, CONTROLE S/FIO","UN    ","CR","7.654,47",null,7654.47,"Sinapi 43189"]
[39580,"AR-CONDICIONADO FRIO SPLITAO INVERTER 30 TR","UN    ","CR","60.320,37",null,60320.37,"Sinapi 39580"]
[39577,"AR-CONDICIONADO FRIO SPLITAO MODULAR 10 TR","UN    ","CR","18.880,15",null,18880.150000000001,"Sinapi 39577"]
[39578,"AR-CONDICIONADO FRIO SPLITAO MODULAR 15 TR","UN    ","CR","24.365,20",null,24365.200000000001,"Sinapi 39578"]
[39579,"AR-CONDICIONADO FRIO SPLITAO MODULAR 20 TR","UN    ","CR","35.449,47",null,35449.47,"Sinapi 39579"]
[39826,"AR-CONDICIONADO SPLIT INVERTER, PISO TETO, 24000 BTU/H, QUENTE/FRIO, 60HZ, CLASSIFICACAO ENERGETICA A - SELO PROCEL, GAS HFC, CONTROLE S/FIO","UN    ","CR","4.353,84",null,4353.84,"Sinapi 39826"]
[10700,"ARADO REVERSIVEL COM 3 DISCOS DE 26\" X 6MM REBOCAVEL","UN    ","AS","12.121,63",null,12121.63,"Sinapi 10700"]
[346,"ARAME DE ACO OVALADO 15 X 17 ( 45,7 KG, 700 KGF), ROLO 1000 M","KG    ","CR","16,58",null,16.579999999999998,"Sinapi 346"]
[3312,"ARAME DE AMARRACAO PARA GABIAO GALVANIZADO, DIAMETRO 2,2 MM","KG    ","AS","21,12",null,21.12,"Sinapi 3312"]
[339,"ARAME FARPADO GALVANIZADO, 14 BWG (2,11 MM), CLASSE 250","M     ","CR","0,85",null,0.85,"Sinapi 339"]
[340,"ARAME FARPADO GALVANIZADO, 16 BWG (1,65 MM), CLASSE 250","M     ","CR","0,77",null,0.77,"Sinapi 340"]
[335,"ARAME GALVANIZADO 10 BWG, 3,40 MM (0,0713 KG/M)","KG    ","CR","12,10",null,12.1,"Sinapi 335"]
[43130,"ARAME GALVANIZADO 12 BWG, D = 2,76 MM (0,048 KG/M) OU 14 BWG, D = 2,11 MM (0,026 KG/M)","KG    ","C ","14,00",null,14,"Sinapi 43130"]
[342,"ARAME GALVANIZADO 12 BWG, 2,76 MM (0,048 KG/M)","KG    ","CR","13,68",null,13.68,"Sinapi 342"]
[333,"ARAME GALVANIZADO 14 BWG, D = 2,11 MM (0,026 KG/M)","KG    ","C ","14,00",null,14,"Sinapi 333"]
[344,"ARAME GALVANIZADO 16 BWG, D = 1,65MM (0,0166 KG/M)","KG    ","CR","18,40",null,18.399999999999999,"Sinapi 344"]
[345,"ARAME GALVANIZADO 18 BWG, D = 1,24MM (0,009 KG/M)","KG    ","CR","19,97",null,19.97,"Sinapi 345"]
[43131,"ARAME GALVANIZADO 6 BWG, D = 5,16 MM (0,157 KG/M), OU 8 BWG, D = 4,19 MM (0,101 KG/M), OU 10 BWG, D = 3,40 MM (0,0713 KG/M)","KG    ","CR","16,26",null,16.260000000000002,"Sinapi 43131"]
[3313,"ARAME PROTEGIDO COM POLIMERO PARA GABIAO, DIAMETRO 2,2 MM","KG    ","AS","27,18",null,27.18,"Sinapi 3313"]
[43132,"ARAME RECOZIDO 16 BWG, D = 1,60 MM (0,016 KG/M) OU 18 BWG, D = 1,25 MM (0,01 KG/M)","KG    ","CR","13,17",null,13.17,"Sinapi 43132"]
[34562,"ARAME RECOZIDO 16 BWG, 1,60 MM (0,016 KG/M)","KG    ","CR","11,64",null,11.64,"Sinapi 34562"]
[337,"ARAME RECOZIDO 18 BWG, 1,25 MM (0,01 KG/M)","KG    ","C ","11,25",null,11.25,"Sinapi 337"]
[369,"AREIA AMARELA, AREIA BARRADA OU ARENOSO (RETIRADA NO AREAL, SEM TRANSPORTE)","M3    ","CR","66,81",null,66.81,"Sinapi 369"]
[366,"AREIA FINA - POSTO JAZIDA/FORNECEDOR (RETIRADO NA JAZIDA, SEM TRANSPORTE)","M3    ","C ","105,00",null,105,"Sinapi 366"]
[367,"AREIA GROSSA - POSTO JAZIDA/FORNECEDOR (RETIRADO NA JAZIDA, SEM TRANSPORTE)","M3    ","C ","106,15",null,106.15,"Sinapi 367"]
[370,"AREIA MEDIA - POSTO JAZIDA/FORNECEDOR (RETIRADO NA JAZIDA, SEM TRANSPORTE)","M3    ","C ","100,00",null,100,"Sinapi 370"]
[368,"AREIA PARA ATERRO - POSTO JAZIDA/FORNECEDOR (RETIRADO NA JAZIDA, SEM TRANSPORTE)","M3    ","CR","79,61",null,79.61,"Sinapi 368"]
[11075,"AREIA PARA LEITO FILTRANTE (0,42 A 1,68 MM) - POSTO JAZIDA/FORNECEDOR (RETIRADO NA JAZIDA, SEM TRANSPORTE)","M3    ","CR","1.738,20",null,1738.2,"Sinapi 11075"]
[11076,"AREIA PRETA PARA EMBOCO - POSTO JAZIDA/FORNECEDOR (RETIRADO NA JAZIDA, SEM TRANSPORTE)","M3    ","CR","132,68",null,132.68,"Sinapi 11076"]
[1381,"ARGAMASSA COLANTE AC I PARA CERAMICAS","KG    ","C ","0,40",null,0.4,"Sinapi 1381"]
[34353,"ARGAMASSA COLANTE AC-II","KG    ","CR","0,80",null,0.8,"Sinapi 34353"]
[37595,"ARGAMASSA COLANTE TIPO ACIII","KG    ","CR","1,22",null,1.22,"Sinapi 37595"]
[37596,"ARGAMASSA COLANTE TIPO ACIII E","KG    ","CR","1,81",null,1.81,"Sinapi 37596"]
[371,"ARGAMASSA INDUSTRIALIZADA MULTIUSO, PARA REVESTIMENTO INTERNO E EXTERNO E ASSENTAMENTO DE BLOCOS DIVERSOS","KG    ","CR","0,36",null,0.36,"Sinapi 371"]
[37553,"ARGAMASSA INDUSTRIALIZADA PARA CHAPISCO COLANTE","KG    ","CR","1,35",null,1.35,"Sinapi 37553"]
[37552,"ARGAMASSA INDUSTRIALIZADA PARA CHAPISCO ROLADO","KG    ","CR","1,73",null,1.73,"Sinapi 37552"]
[36880,"ARGAMASSA PARA REVESTIMENTO DECORATIVO MONOCAMADA, CORES CLARAS","KG    ","CR","1,35",null,1.35,"Sinapi 36880"]
[34355,"ARGAMASSA PISO SOBRE PISO","KG    ","CR","1,11",null,1.1100000000000001,"Sinapi 34355"]
[130,"ARGAMASSA POLIMERICA DE REPARO ESTRUTURAL, BICOMPONENTE","KG    ","CR","2,96",null,2.96,"Sinapi 130"]
[135,"ARGAMASSA POLIMERICA IMPERMEABILIZANTE SEMIFLEXIVEL, BICOMPONENTE (MEMBRANA IMPERMEABILIZANTE ACRILICA)","KG    ","CR","2,38",null,2.38,"Sinapi 135"]
[36886,"ARGAMASSA PRONTA PARA CONTRAPISO","KG    ","CR","0,42",null,0.42,"Sinapi 36886"]
[374,"ARGAMASSA PRONTA PARA REVESTIMENTO INTERNO EM PAREDES","KG    ","CR","0,31",null,0.31,"Sinapi 374"]
[38546,"ARGAMASSA USINADA AUTOADENSAVEL E AUTONIVELANTE PARA CONTRAPISO, INCLUI BOMBEAMENTO","M3    ","CR","340,45",null,340.45,"Sinapi 38546"]
[34549,"ARGILA EXPANDIDA, GRANULOMETRIA 2215","M3    ","CR","200,43",null,200.43,"Sinapi 34549"]
[6081,"ARGILA OU BARRO PARA ATERRO/REATERRO (COM TRANSPORTE ATE 10 KM)","M3    ","CR","28,39",null,{"$f":"IF(E393=\"\",\"\",E393+0)","v":28.39},{"$f":"IF(G393=\"\",\"\",CONCATENATE(\"Sinapi \",A393))","v":"Sinapi 6081"}]
[6077,"ARGILA OU BARRO PARA ATERRO/REATERRO (RETIRADO NA JAZIDA, SEM TRANSPORTE)","M3    ","CR","16,36",null,16.36,"Sinapi 6077"]
[6079,"ARGILA, ARGILA VERMELHA OU ARGILA ARENOSA (RETIRADA NA JAZIDA, SEM TRANSPORTE)","M3    ","CR","9,35",null,9.35,"Sinapi 6079"]
[1091,"ARMACAO VERTICAL COM HASTE E CONTRA-PINO, EM CHAPA DE ACO GALVANIZADO 3/16\", COM 1 ESTRIBO E 1 ISOLADOR","UN    ","AS","19,47",null,19.47,"Sinapi 1091"]
[1094,"ARMACAO VERTICAL COM HASTE E CONTRA-PINO, EM CHAPA DE ACO GALVANIZADO 3/16\", COM 1 ESTRIBO, SEM ISOLADOR","UN    ","AS","13,62",null,13.62,"Sinapi 1094"]
[1095,"ARMACAO VERTICAL COM HASTE E CONTRA-PINO, EM CHAPA DE ACO GALVANIZADO 3/16\", COM 2 ESTRIBOS, E 2 ISOLADORES","UN    ","AS","28,95",null,28.95,"Sinapi 1095"]
[1092,"ARMACAO VERTICAL COM HASTE E CONTRA-PINO, EM CHAPA DE ACO GALVANIZADO 3/16\", COM 2 ESTRIBOS, SEM ISOLADOR","UN    ","AS","22,40",null,22.4,"Sinapi 1092"]
[1093,"ARMACAO VERTICAL COM HASTE E CONTRA-PINO, EM CHAPA DE ACO GALVANIZADO 3/16\", COM 3 ESTRIBOS E 3 ISOLADORES","UN    ","AS","52,31",null,52.31,"Sinapi 1093"]
[1090,"ARMACAO VERTICAL COM HASTE E CONTRA-PINO, EM CHAPA DE ACO GALVANIZADO 3/16\", COM 3 ESTRIBOS, SEM ISOLADOR","UN    ","AS","37,45",null,37.450000000000003,"Sinapi 1090"]
[1096,"ARMACAO VERTICAL COM HASTE E CONTRA-PINO, EM CHAPA DE ACO GALVANIZADO 3/16\", COM 4 ESTRIBOS E 4 ISOLADORES","UN    ","AS","67,40",null,67.400000000000006,"Sinapi 1096"]
[1097,"ARMACAO VERTICAL COM HASTE E CONTRA-PINO, EM CHAPA DE ACO GALVANIZADO 3/16\", COM 4 ESTRIBOS, SEM ISOLADOR","UN    ","AS","57,21",null,57.21,"Sinapi 1097"]
[378,"ARMADOR","H     ","CR","16,48",null,16.48,"Sinapi 378"]
[40911,"ARMADOR (MENSALISTA)","MES   ","CR","2.939,34",null,2939.34,"Sinapi 40911"]
[33939,"ARQUITETO JUNIOR","H     ","CR","60,76",null,60.76,"Sinapi 33939"]
[40815,"ARQUITETO JUNIOR (MENSALISTA)","MES   ","CR","10.835,77",null,10835.77,"Sinapi 40815"]
[34760,"ARQUITETO PAISAGISTA","H     ","CR","67,30",null,67.3,"Sinapi 34760"]
[40935,"ARQUITETO PAISAGISTA (MENSALISTA)","MES   ","CR","12.004,85",null,12004.85,"Sinapi 40935"]
[33952,"ARQUITETO PLENO","H     ","CR","86,31",null,86.31,"Sinapi 33952"]
[40816,"ARQUITETO PLENO (MENSALISTA)","MES   ","CR","15.391,30",null,15391.3,"Sinapi 40816"]
[33953,"ARQUITETO SENIOR","H     ","CR","114,11",null,114.11,"Sinapi 33953"]
[40817,"ARQUITETO SENIOR (MENSALISTA)","MES   ","CR","20.348,68",null,20348.68,"Sinapi 40817"]
[13348,"ARRUELA  EM ACO GALVANIZADO, DIAMETRO EXTERNO = 35MM, ESPESSURA = 3MM, DIAMETRO DO FURO= 18MM","UN    ","AS","0,84",null,0.84,"Sinapi 13348"]
[39211,"ARRUELA EM ALUMINIO, COM ROSCA, DE  1 1/4\", PARA ELETRODUTO","UN    ","CR","0,91",null,0.91,"Sinapi 39211"]
[39212,"ARRUELA EM ALUMINIO, COM ROSCA, DE 1 1/2\", PARA ELETRODUTO","UN    ","CR","1,02",null,1.02,"Sinapi 39212"]
[39208,"ARRUELA EM ALUMINIO, COM ROSCA, DE 1/2\", PARA ELETRODUTO","UN    ","CR","0,27",null,0.27,"Sinapi 39208"]
[39210,"ARRUELA EM ALUMINIO, COM ROSCA, DE 1\", PARA ELETRODUTO","UN    ","CR","0,51",null,0.51,"Sinapi 39210"]
[39214,"ARRUELA EM ALUMINIO, COM ROSCA, DE 2 1/2\", PARA ELETRODUTO","UN    ","CR","1,88",null,1.88,"Sinapi 39214"]
[39213,"ARRUELA EM ALUMINIO, COM ROSCA, DE 2\", PARA ELETRODUTO","UN    ","CR","1,33",null,1.33,"Sinapi 39213"]
[39209,"ARRUELA EM ALUMINIO, COM ROSCA, DE 3/4\", PARA ELETRODUTO","UN    ","CR","0,33",null,0.33,"Sinapi 39209"]
[39207,"ARRUELA EM ALUMINIO, COM ROSCA, DE 3/8\", PARA ELETRODUTO","UN    ","CR","0,51",null,0.51,"Sinapi 39207"]
[39215,"ARRUELA EM ALUMINIO, COM ROSCA, DE 3\", PARA ELETRODUTO","UN    ","CR","3,43",null,3.43,"Sinapi 39215"]
[39216,"ARRUELA EM ALUMINIO, COM ROSCA, DE 4\", PARA ELETRODUTO","UN    ","CR","4,79",null,4.79,"Sinapi 39216"]
[379,"ARRUELA QUADRADA EM ACO GALVANIZADO, DIMENSAO = 38 MM, ESPESSURA = 3MM, DIAMETRO DO FURO= 18 MM","UN    ","AS","0,73",null,0.73,"Sinapi 379"]
[11267,"ARRUELA REDONDA DE LATAO, DIAMETRO EXTERNO = 34 MM, ESPESSURA = 2,5 MM, DIAMETRO DO FURO = 17 MM","UN    ","AS","7,35",null,7.35,"Sinapi 11267"]
[41901,"ASFALTO DILUIDO DE PETROLEO CM-30 (COLETADO CAIXA NA ANP ACRESCIDO DE ICMS)","KG    ","AS","5,18",null,5.18,"Sinapi 41901"]
[510,"ASFALTO MODIFICADO TIPO I - NBR 9910 (ASFALTO OXIDADO PARA IMPERMEABILIZACAO, COEFICIENTE DE PENETRACAO 25-40)","KG    ","AS","8,49",null,8.49,"Sinapi 510"]
[516,"ASFALTO MODIFICADO TIPO II - NBR 9910 (ASFALTO OXIDADO PARA IMPERMEABILIZACAO, COEFICIENTE DE PENETRACAO 20-35)","KG    ","AS","9,05",null,9.0500000000000007,"Sinapi 516"]
[509,"ASFALTO MODIFICADO TIPO III - NBR 9910 (ASFALTO OXIDADO PARA IMPERMEABILIZACAO, COEFICIENTE DE PENETRACAO 15-25)","KG    ","AS","9,24",null,9.24,"Sinapi 509"]
[40331,"ASSENTADOR DE MANILHAS","H     ","CR","12,50",null,12.5,"Sinapi 40331"]
[40930,"ASSENTADOR DE MANILHAS (MENSALISTA)","MES   ","CR","2.230,95",null,2230.9499999999998,"Sinapi 40930"]
[11761,"ASSENTO  VASO SANITARIO INFANTIL EM PLASTICO BRANCO","UN    ","CR","52,77",null,52.77,"Sinapi 11761"]
[377,"ASSENTO SANITARIO DE PLASTICO, TIPO CONVENCIONAL","UN    ","C ","24,80",null,24.8,"Sinapi 377"]
[7588,"AUTOMATICO DE BOIA SUPERIOR / INFERIOR, *15* A / 250 V","UN    ","C ","36,80",null,36.799999999999997,"Sinapi 7588"]
[34392,"AUXILIAR  DE ALMOXARIFE","H     ","CR","21,61",null,21.61,"Sinapi 34392"]
[40908,"AUXILIAR DE ALMOXARIFE (MENSALISTA)","MES   ","CR","3.856,03",null,3856.03,"Sinapi 40908"]
[34551,"AUXILIAR DE AZULEJISTA","H     ","CR","12,01",null,12.01,"Sinapi 34551"]
[41078,"AUXILIAR DE AZULEJISTA (MENSALISTA)","MES   ","CR","2.142,64",null,2142.64,"Sinapi 41078"]
[246,"AUXILIAR DE ENCANADOR OU BOMBEIRO HIDRAULICO","H     ","CR","11,67",null,11.67,"Sinapi 246"]
[40927,"AUXILIAR DE ENCANADOR OU BOMBEIRO HIDRAULICO (MENSALISTA)","MES   ","CR","2.083,95",null,2083.9499999999998,"Sinapi 40927"]
[2350,"AUXILIAR DE ESCRITORIO","H     ","CR","23,62",null,23.62,"Sinapi 2350"]
[40812,"AUXILIAR DE ESCRITORIO (MENSALISTA)","MES   ","CR","4.214,86",null,4214.8599999999997,"Sinapi 40812"]
[245,"AUXILIAR DE LABORATORISTA DE SOLOS E CONCRETO","H     ","CR","30,87",null,30.87,"Sinapi 245"]
[41090,"AUXILIAR DE LABORATORISTA DE SOLOS E DE CONCRETO (MENSALISTA)","MES   ","CR","5.505,50",null,5505.5,"Sinapi 41090"]
[251,"AUXILIAR DE MECANICO","H     ","CR","10,66",null,10.66,"Sinapi 251"]
[40975,"AUXILIAR DE MECANICO (MENSALISTA)","MES   ","CR","1.905,68",null,1905.68,"Sinapi 40975"]
[6127,"AUXILIAR DE PEDREIRO","H     ","CR","10,69",null,10.69,"Sinapi 6127"]
[41072,"AUXILIAR DE PEDREIRO (MENSALISTA)","MES   ","CR","1.908,44",null,1908.44,"Sinapi 41072"]
[6121,"AUXILIAR DE SERVICOS GERAIS","H     ","CR","11,54",null,11.54,"Sinapi 6121"]
[41071,"AUXILIAR DE SERVICOS GERAIS (MENSALISTA)","MES   ","CR","2.060,40",null,2060.4,"Sinapi 41071"]
[244,"AUXILIAR DE TOPOGRAFO","H     ","CR","6,71",null,6.71,"Sinapi 244"]
[41093,"AUXILIAR DE TOPOGRAFO (MENSALISTA)","MES   ","CR","1.258,69",null,1258.69,"Sinapi 41093"]
[532,"AUXILIAR TECNICO / ASSISTENTE DE ENGENHARIA","H     ","CR","32,39",null,32.39,"Sinapi 532"]
[40931,"AUXILIAR TECNICO / ASSISTENTE DE ENGENHARIA (MENSALISTA)","MES   ","CR","5.778,11",null,5778.11,"Sinapi 40931"]
[36150,"AVENTAL DE SEGURANCA DE RASPA DE COURO 1,00 X 0,60 M","UN    ","CR","32,52",null,32.520000000000003,"Sinapi 36150"]
[41069,"AZULEJISTA OU LADRILHEIRO (MENSALISTA)","MES   ","CR","2.939,34",null,{"$f":"IF(E457=\"\",\"\",E457+0)","v":2939.34},{"$f":"IF(G457=\"\",\"\",CONCATENATE(\"Sinapi \",A457))","v":"Sinapi 41069"}]
[4760,"AZULEJISTA OU LADRILHISTA","H     ","CR","16,48",null,16.48,"Sinapi 4760"]
[10422,"BACIA SANITARIA (VASO) COM CAIXA ACOPLADA, DE LOUCA BRANCA","UN    ","CR","306,36",null,306.36,"Sinapi 10422"]
[10420,"BACIA SANITARIA (VASO) CONVENCIONAL DE LOUCA BRANCA","UN    ","C ","114,90",null,114.9,"Sinapi 10420"]
[10421,"BACIA SANITARIA (VASO) CONVENCIONAL DE LOUCA COR","UN    ","CR","153,77",null,153.77000000000001,"Sinapi 10421"]
[36520,"BACIA SANITARIA (VASO) CONVENCIONAL PARA PCD SEM FURO FRONTAL, DE LOUCA BRANCA, SEM ASSENTO","UN    ","CR","572,44",null,572.44000000000005,"Sinapi 36520"]
[11784,"BACIA SANITARIA TURCA DE LOUCA BRANCA","UN    ","CR","429,94",null,429.94,"Sinapi 11784"]
[10,"BALDE PLASTICO CAPACIDADE *10* L","UN    ","CR","10,12",null,10.119999999999999,"Sinapi 10"]
[4815,"BALDE VERMELHO PARA SINALIZACAO DE VIAS","UN    ","CR","4,59",null,4.59,"Sinapi 4815"]
[541,"BANCADA DE MARMORE SINTETICO COM UMA CUBA, 120 X *60* CM","UN    ","C ","124,50",null,124.5,"Sinapi 541"]
[542,"BANCADA DE MARMORE SINTETICO COM UMA CUBA, 150 X *60* CM","UN    ","CR","156,06",null,156.06,"Sinapi 542"]
[540,"BANCADA DE MARMORE SINTETICO COM UMA CUBA, 200 X *60* CM","UN    ","CR","351,68",null,351.68,"Sinapi 540"]
[38364,"BANCADA/ BANCA EM GRANITO, POLIDO, TIPO ANDORINHA/ QUARTZ/ CASTELO/ CORUMBA OU OUTROS EQUIVALENTES DA REGIAO, COM CUBA INOX, FORMATO *120 X 60* CM, E=  *2* CM","UN    ","CR","691,82",null,691.82,"Sinapi 38364"]
[11692,"BANCADA/ BANCA EM MARMORE, POLIDO, BRANCO COMUM, E=  *3* CM","M2    ","CR","251,93",null,251.93,"Sinapi 11692"]
[1746,"BANCADA/BANCA/PIA DE ACO INOXIDAVEL (AISI 430) COM 1 CUBA CENTRAL, COM VALVULA, ESCORREDOR DUPLO, DE *0,55 X 1,20* M","UN    ","C ","183,95",null,183.95,"Sinapi 1746"]
[1748,"BANCADA/BANCA/PIA DE ACO INOXIDAVEL (AISI 430) COM 1 CUBA CENTRAL, COM VALVULA, ESCORREDOR DUPLO, DE *0,55 X 1,40* M","UN    ","CR","244,61",null,244.61,"Sinapi 1748"]
[1749,"BANCADA/BANCA/PIA DE ACO INOXIDAVEL (AISI 430) COM 1 CUBA CENTRAL, COM VALVULA, ESCORREDOR DUPLO, DE *0,55 X 1,80* M","UN    ","CR","354,39",null,354.39,"Sinapi 1749"]
[37412,"BANCADA/BANCA/PIA DE ACO INOXIDAVEL (AISI 430) COM 1 CUBA CENTRAL, COM VALVULA, LISA (SEM ESCORREDOR), DE *0,55 X 1,20* M","UN    ","CR","179,81",null,179.81,"Sinapi 37412"]
[1745,"BANCADA/BANCA/PIA DE ACO INOXIDAVEL (AISI 430) COM 1 CUBA CENTRAL, SEM VALVULA, ESCORREDOR DUPLO, DE *0,55 X 1,60* M","UN    ","CR","213,82",null,213.82,"Sinapi 1745"]
[1750,"BANCADA/BANCA/PIA DE ACO INOXIDAVEL (AISI 430) COM 2 CUBAS, COM VALVULAS, ESCORREDOR DUPLO, DE *0,55 X 2,00* M","UN    ","CR","499,66",null,499.66,"Sinapi 1750"]
[11687,"BANCADA/TAMPO ACO INOX (AISI 304), LARGURA 60 CM, COM RODABANCA (NAO INCLUI PES DE APOIO)","M     ","CR","796,11",null,796.11,"Sinapi 11687"]
[11689,"BANCADA/TAMPO ACO INOX (AISI 304), LARGURA 70 CM, COM RODABANCA (NAO INCLUI PES DE APOIO)","M     ","CR","997,48",null,997.48,"Sinapi 11689"]
[11693,"BANCADA/TAMPO LISO (SEM CUBA) EM MARMORE SINTETICO","M2    ","CR","138,04",null,138.04,"Sinapi 11693"]
[36215,"BANCO ARTICULADO PARA BANHO, EM ACO INOX POLIDO, 70* CM X 45* CM","UN    ","CR","653,55",null,653.54999999999995,"Sinapi 36215"]
[42439,"BANCO COM ENCOSTO, 1,60M* DE COMPRIMENTO, EM TUBO DE ACO CARBONO E PINTURA NO PROCESSO ELETROSTATICO - PARA ACADEMIA AO AR LIVRE / ACADEMIA DA TERCEIRA IDADE - ATI","UN    ","AS","686,09",null,686.09,"Sinapi 42439"]
[38381,"BANDEJA DE PINTURA PARA ROLO 23 CM","UN    ","CR","7,82",null,7.82,"Sinapi 38381"]
[39621,"BARRA ANTIPANICO DUPLA, CEGA LADO OPOSTO, COR CINZA","PAR   ","CR","1.349,17",null,1349.17,"Sinapi 39621"]
[39624,"BARRA ANTIPANICO DUPLA, PARA PORTA DE VIDRO, COR CINZA","PAR   ","CR","1.365,28",null,1365.28,"Sinapi 39624"]
[39615,"BARRA ANTIPANICO SIMPLES, CEGA LADO OPOSTO, COR CINZA","UN    ","CR","470,69",null,470.69,"Sinapi 39615"]
[39620,"BARRA ANTIPANICO SIMPLES, COM FECHADURA LADO OPOSTO, COR CINZA","UN    ","CR","719,56",null,719.56,"Sinapi 39620"]
[39623,"BARRA ANTIPANICO SIMPLES, PARA PORTA DE VIDRO, COR CINZA","UN    ","CR","696,77",null,696.77,"Sinapi 39623"]
[36207,"BARRA DE APOIO EM \"L\", EM ACO INOX POLIDO 70 X 70 CM, DIAMETRO MINIMO 3 CM","UN    ","CR","289,48",null,289.48,"Sinapi 36207"]
[36209,"BARRA DE APOIO EM \"L\", EM ACO INOX POLIDO 80 X 80 CM, DIAMETRO MINIMO 3 CM","UN    ","CR","332,22",null,332.22,"Sinapi 36209"]
[36210,"BARRA DE APOIO LATERAL ARTICULADA, COM TRAVA, EM ACO INOX POLIDO, 70 CM, DIAMETRO MINIMO 3 CM","UN    ","CR","359,45",null,359.45,"Sinapi 36210"]
[36204,"BARRA DE APOIO RETA, EM ACO INOX POLIDO, COMPRIMENTO 60CM, DIAMETRO MINIMO 3 CM","UN    ","CR","127,45",null,127.45,"Sinapi 36204"]
[36205,"BARRA DE APOIO RETA, EM ACO INOX POLIDO, COMPRIMENTO 70CM, DIAMETRO MINIMO 3 CM","UN    ","CR","141,54",null,141.54,"Sinapi 36205"]
[36081,"BARRA DE APOIO RETA, EM ACO INOX POLIDO, COMPRIMENTO 80CM, DIAMETRO MINIMO 3 CM","UN    ","C ","150,92",null,150.91999999999999,"Sinapi 36081"]
[36206,"BARRA DE APOIO RETA, EM ACO INOX POLIDO, COMPRIMENTO 90 CM, DIAMETRO MINIMO 3 CM","UN    ","CR","158,11",null,158.11000000000001,"Sinapi 36206"]
[36218,"BARRA DE APOIO RETA, EM ALUMINIO, COMPRIMENTO 60CM, DIAMETRO MINIMO 3 CM","UN    ","AS","95,46",null,95.46,"Sinapi 36218"]
[36220,"BARRA DE APOIO RETA, EM ALUMINIO, COMPRIMENTO 70CM, DIAMETRO MINIMO 3 CM","UN    ","AS","109,46",null,109.46,"Sinapi 36220"]
[36080,"BARRA DE APOIO RETA, EM ALUMINIO, COMPRIMENTO 80 CM, DIAMETRO MINIMO 3 CM","UN    ","AS","118,40",null,118.4,"Sinapi 36080"]
[36223,"BARRA DE APOIO RETA, EM ALUMINIO, COMPRIMENTO 90 CM, DIAMETRO MINIMO 3 CM","UN    ","AS","123,98",null,123.98,"Sinapi 36223"]
[546,"BARRA DE FERRO RETANGULAR, BARRA CHATA (QUALQUER DIMENSAO)","KG    ","C ","5,25",null,5.25,"Sinapi 546"]
[557,"BARRA DE FERRO RETANGULAR, BARRA CHATA, 1 1/2\"  X 1/2\" (L X E), 3,79 KG/M","M     ","CR","20,15",null,20.149999999999999,"Sinapi 557"]
[552,"BARRA DE FERRO RETANGULAR, BARRA CHATA, 1 1/2\" X 1/4\" (L X E), 1,89 KG/M","M     ","CR","9,92",null,9.92,"Sinapi 552"]
[555,"BARRA DE FERRO RETANGULAR, BARRA CHATA, 1\" X 1/4\" (L X E), 1,2265 KG/M","M     ","CR","6,08",null,6.08,"Sinapi 555"]
[565,"BARRA DE FERRO RETANGULAR, BARRA CHATA, 1\" X 3/16\" (L X E), 1,73 KG/M","M     ","CR","9,29",null,9.2899999999999991,"Sinapi 565"]
[549,"BARRA DE FERRO RETANGULAR, BARRA CHATA, 2\" X 1/2\" (L X E), 5,06 KG/M","M     ","CR","26,56",null,26.56,"Sinapi 549"]
[559,"BARRA DE FERRO RETANGULAR, BARRA CHATA, 2\" X 1/4\" (L X E), 2,53 KG/M","M     ","CR","13,28",null,13.28,"Sinapi 559"]
[551,"BARRA DE FERRO RETANGULAR, BARRA CHATA, 2\" X 1\" (L X E), 10,12 KG/M","M     ","CR","51,90",null,51.9,"Sinapi 551"]
[547,"BARRA DE FERRO RETANGULAR, BARRA CHATA, 2\" X 3/8\" (L X E), 3,79KG/M","M     ","CR","19,89",null,19.89,"Sinapi 547"]
[560,"BARRA DE FERRO RETANGULAR, BARRA CHATA, 2\" X 5/16\" (L X E), 3,162 KG/M","M     ","CR","16,81",null,16.809999999999999,"Sinapi 560"]
[566,"BARRA DE FERRO RETANGULAR, BARRA CHATA, 3/4\" X 1/8\" (L X E), 0,47 KG/M","M     ","CR","2,70",null,2.7,"Sinapi 566"]
[563,"BARRA DE FERRO RETANGULAR, BARRA CHATA, 3/8\" X 1 1/2\" (L X E), 2,84 KG/M","M     ","CR","15,10",null,15.1,"Sinapi 563"]
[38127,"BASE DE MISTURADOR MONOCOMANDO PARA CHUVEIRO","UN    ","CR","355,15",null,355.15,"Sinapi 38127"]
[38060,"BASE PARA MASTRO DE PARA-RAIOS DIAMETRO NOMINAL 1 1/2\"","UN    ","CR","69,88",null,69.88,"Sinapi 38060"]
[10956,"BASE PARA MASTRO DE PARA-RAIOS DIAMETRO NOMINAL 2\"","UN    ","CR","72,59",null,72.59,"Sinapi 10956"]
[39380,"BASE PARA RELE COM SUPORTE METALICO","UN    ","CR","9,97",null,9.9700000000000006,"Sinapi 39380"]
[13374,"BASE UNIPOLAR PARA FUSIVEL NH1, CORRENTE NOMINAL DE 250 A, SEM CAPA","UN    ","AS","89,96",null,89.96,"Sinapi 13374"]
[37597,"BATE-ESTACAS POR GRAVIDADE, POTENCIA160 HP, PESO DO MARTELO ATE 3 TONELADAS","UN    ","AS","332.215,39",null,332215.39,"Sinapi 37597"]
[183,"BATENTE/ PORTAL/ ADUELA/ MARCO MACICO, E= *3 CM, L= *13 CM, *60 CM A 120* CM X *210 CM,  EM CEDRINHO/ ANGELIM COMERCIAL/ EUCALIPTO/ CURUPIXA/ PEROBA/ CUMARU OU EQUIVALENTE DA REGIAO (NAO INCLUI ALIZARES)","JG    ","C ","175,00",null,175,"Sinapi 183"]
[184,"BATENTE/ PORTAL/ ADUELA/ MARCO MACICO, E= *3* CM, L= *13* CM, *60 CM A 120* CM X *210* CM, EM PINUS/ TAUARI/ VIROLA OU EQUIVALENTE DA REGIAO (NAO INCLUI ALIZARES)","JG    ","CR","115,66",null,115.66,"Sinapi 184"]
[195,"BATENTE/ PORTAL/ ADUELA/ MARCO MACICO, E= *3* CM, L= *7* CM, *60 CM A 120* CM X *210* CM,  EM CEDRINHO/ ANGELIM COMERCIAL/ EUCALIPTO/ CURUPIXA/ PEROBA/ CUMARU OU EQUIVALENTE DA REGIAO (NAO INCLUI ALIZARES)","JG    ","CR","142,16",null,142.16,"Sinapi 195"]
[194,"BATENTE/ PORTAL/ ADUELA/ MARCO MACICO, E= *3* CM, L= *7* CM, *60 CM A 120* CM X *210* CM, EM PINUS/ TAUARI/ VIROLA OU EQUIVALENTE DA REGIAO (NAO INCLUI ALIZARES)","JG    ","CR","77,28",null,77.28,"Sinapi 194"]
[20001,"BATENTE/ PORTAL/ ADUELA/MARCO MACICO, E= *3* CM, L= *15* CM, *60 CM A 120* CM  X *210* CM, EM PINUS/ TAUARI/ VIROLA OU EQUIVALENTE DA REGIAO","JG    ","CR","141,66",null,{"$f":"IF(E521=\"\",\"\",E521+0)","v":141.66},{"$f":"IF(G521=\"\",\"\",CONCATENATE(\"Sinapi \",A521))","v":"Sinapi 20001"}]
[181,"BATENTE/ PORTAL/ADUELA/ MARCO MACICO, E= *3* CM, L= *15* CM, *60 CM A 120* CM  X *210* CM,  EM CEDRINHO/ ANGELIM COMERCIAL/  EUCALIPTO/ CURUPIXA/ PEROBA/ CUMARU OU EQUIVALENTE DA REGIAO (NAO INCLUI ALIZARES)","JG    ","CR","191,66",null,191.66,"Sinapi 181"]
[39837,"BATENTE/PORTAL/ADUELA/MARCO, EM MDF/PVC WOOD/POLIESTIRENO OU MADEIRA LAMINADA, L = *9,0* CM COM GUARNICAO REGULAVEL 2 FACES = *35* MM, PRIMER","JG    ","CR","207,86",null,207.86,"Sinapi 39837"]
[10535,"BETONEIRA CAPACIDADE NOMINAL 400 L, CAPACIDADE DE MISTURA  280 L, MOTOR ELETRICO TRIFASICO 220/380 V POTENCIA 2 CV, SEM CARREGADOR","UN    ","C ","3.891,52",null,3891.52,"Sinapi 10535"]
[10537,"BETONEIRA CAPACIDADE NOMINAL 400 L, CAPACIDADE DE MISTURA 310 L, MOTOR A DIESEL POTENCIA 5 CV, SEM CARREGADOR","UN    ","CR","5.306,97",null,5306.97,"Sinapi 10537"]
[13891,"BETONEIRA CAPACIDADE NOMINAL 400 L, CAPACIDADE DE MISTURA 310 L, MOTOR A GASOLINA POTENCIA 5,5 CV, SEM CARREGADOR","UN    ","CR","4.867,69",null,4867.6899999999996,"Sinapi 13891"]
[25975,"BETONEIRA CAPACIDADE NOMINAL 600 L, CAPACIDADE DE MISTURA 440 L, MOTOR A GASOLINA POTENCIA 10 HP, COM CARREGADOR","UN    ","CR","21.172,50",null,21172.5,"Sinapi 25975"]
[36396,"BETONEIRA, CAPACIDADE NOMINAL 400 L, CAPACIDADE DE MISTURA 310L, MOTOR ELETRICO TRIFASICO 220/380V POTENCIA 2 CV, SEM CARREGADOR","UN    ","CR","4.452,16",null,4452.16,"Sinapi 36396"]
[36397,"BETONEIRA, CAPACIDADE NOMINAL 600 L, CAPACIDADE DE MISTURA  360L, MOTOR ELETRICO TRIFASICO 220/380V, POTENCIA 4CV, EXCLUSO CARREGADOR","UN    ","CR","15.829,91",null,15829.91,"Sinapi 36397"]
[36398,"BETONEIRA, CAPACIDADE NOMINAL 600 L, CAPACIDADE DE MISTURA 440 L, MOTOR A DIESEL POTENCIA 10 CV, COM CARREGADOR","UN    ","CR","19.239,93",null,19239.93,"Sinapi 36398"]
[647,"BLASTER, DINAMITADOR OU CABO DE FOGO","H     ","CR","11,56",null,11.56,"Sinapi 647"]
[40920,"BLASTER, DINAMITADOR OU CABO DE FOGO (MENSALISTA)","MES   ","CR","2.065,49",null,2065.4899999999998,"Sinapi 40920"]
[7266,"BLOCO CERAMICO (ALVENARIA DE VEDACAO), DE 9 X 19 X 19 CM","MIL   ","C ","490,00",null,490,"Sinapi 7266"]
[7270,"BLOCO CERAMICO (ALVENARIA DE VEDACAO), 4 FUROS, DE 9 X 9 X 19 CM","UN    ","CR","0,46",null,0.46,"Sinapi 7270"]
[7269,"BLOCO CERAMICO (ALVENARIA DE VEDACAO), 6 FUROS, DE 9 X 9 X 19 CM","UN    ","CR","0,33",null,0.33,"Sinapi 7269"]
[7271,"BLOCO CERAMICO (ALVENARIA DE VEDACAO), 8 FUROS, DE 9 X 19 X 19 CM","UN    ","CR","0,49",null,0.49,"Sinapi 7271"]
[7268,"BLOCO CERAMICO (ALVENARIA DE VEDACAO), 8 FUROS, DE 9 X 19 X 29 CM","UN    ","CR","0,69",null,0.69,"Sinapi 7268"]
[7267,"BLOCO CERAMICO (ALVENARIA VEDACAO), 6 FUROS, DE 9 X 14 X 19 CM","UN    ","CR","0,34",null,0.34,"Sinapi 7267"]
[38783,"BLOCO CERAMICO DE VEDACAO COM FUROS NA HORIZONTAL, 11,5 X 19 X 19 CM - 4,5 MPA (NBR 15270)","UN    ","CR","0,61",null,0.61,"Sinapi 38783"]
[37593,"BLOCO CERAMICO DE VEDACAO COM FUROS NA VERTICAL, 14 X 19 X 39 CM - 4,5 MPA (NBR 15270)","UN    ","CR","1,60",null,1.6,"Sinapi 37593"]
[37594,"BLOCO CERAMICO DE VEDACAO COM FUROS NA VERTICAL, 19 X 19 X 39 CM - 4,5 MPA (NBR 15270)","UN    ","CR","1,96",null,1.96,"Sinapi 37594"]
[37592,"BLOCO CERAMICO DE VEDACAO COM FUROS NA VERTICAL, 9 X 19 X 39 CM - 4,5 MPA (NBR 15270)","UN    ","CR","1,19",null,1.19,"Sinapi 37592"]
[34556,"BLOCO CONCRETO ESTRUTURAL 14 X 19 X 29 CM, FBK 10 MPA (NBR 6136)","UN    ","CR","2,43",null,2.4300000000000002,"Sinapi 34556"]
[37873,"BLOCO CONCRETO ESTRUTURAL 14 X 19 X 29 CM, FBK 12 MPA  (NBR 6136)","UN    ","CR","2,65",null,2.65,"Sinapi 37873"]
[34564,"BLOCO CONCRETO ESTRUTURAL 14 X 19 X 29 CM, FBK 14 MPA (NBR 6136)","UN    ","CR","3,04",null,3.04,"Sinapi 34564"]
[34565,"BLOCO CONCRETO ESTRUTURAL 14 X 19 X 29 CM, FBK 16 MPA (NBR 6136)","UN    ","CR","3,51",null,3.51,"Sinapi 34565"]
[38590,"BLOCO CONCRETO ESTRUTURAL 14 X 19 X 29 CM, FBK 4,5 MPA (NBR 6136)","UN    ","CR","2,04",null,2.04,"Sinapi 38590"]
[34566,"BLOCO CONCRETO ESTRUTURAL 14 X 19 X 29 CM, FBK 6 MPA (NBR 6136)","UN    ","CR","1,90",null,1.9,"Sinapi 34566"]
[34567,"BLOCO CONCRETO ESTRUTURAL 14 X 19 X 29 CM, FBK 8 MPA (NBR 6136)","UN    ","CR","2,14",null,2.14,"Sinapi 34567"]
[38591,"BLOCO CONCRETO ESTRUTURAL 14 X 19 X 34 CM, FBK 4,5 MPA (NBR 6136)","UN    ","CR","2,31",null,2.31,"Sinapi 38591"]
[34568,"BLOCO CONCRETO ESTRUTURAL 14 X 19 X 39 CM, FBK 10 MPA (NBR 6136)","UN    ","CR","2,79",null,2.79,"Sinapi 34568"]
[34569,"BLOCO CONCRETO ESTRUTURAL 14 X 19 X 39 CM, FBK 12 MPA (NBR 6136)","UN    ","CR","2,85",null,2.85,"Sinapi 34569"]
[34570,"BLOCO CONCRETO ESTRUTURAL 14 X 19 X 39 CM, FBK 14 MPA (NBR 6136)","UN    ","CR","3,05",null,3.05,"Sinapi 34570"]
[25070,"BLOCO CONCRETO ESTRUTURAL 14 X 19 X 39 CM, FBK 4,5 MPA (NBR 6136)","UN    ","CR","2,33",null,2.33,"Sinapi 25070"]
[34571,"BLOCO CONCRETO ESTRUTURAL 14 X 19 X 39 CM, FBK 6 MPA (NBR 6136)","UN    ","CR","2,38",null,2.38,"Sinapi 34571"]
[34573,"BLOCO CONCRETO ESTRUTURAL 14 X 19 X 39 CM, FBK 8 MPA (NBR 6136)","UN    ","CR","2,51",null,2.5099999999999998,"Sinapi 34573"]
[37107,"BLOCO CONCRETO ESTRUTURAL 14 X 19 X 39, FCK 16 MPA - NBR 6136/2007","UN    ","CR","3,70",null,3.7,"Sinapi 37107"]
[34576,"BLOCO CONCRETO ESTRUTURAL 19 X 19 X 39 CM, FBK 10 MPA (NBR 6136)","UN    ","CR","3,47",null,3.47,"Sinapi 34576"]
[34577,"BLOCO CONCRETO ESTRUTURAL 19 X 19 X 39 CM, FBK 12 MPA (NBR 6136)","UN    ","CR","3,70",null,3.7,"Sinapi 34577"]
[34578,"BLOCO CONCRETO ESTRUTURAL 19 X 19 X 39 CM, FBK 14 MPA (NBR 6136)","UN    ","CR","4,11",null,4.1100000000000003,"Sinapi 34578"]
[34579,"BLOCO CONCRETO ESTRUTURAL 19 X 19 X 39 CM, FBK 16 MPA (NBR 6136)","UN    ","CR","5,27",null,5.27,"Sinapi 34579"]
[25067,"BLOCO CONCRETO ESTRUTURAL 19 X 19 X 39 CM, FBK 4,5 MPA (NBR 6136)","UN    ","CR","3,04",null,3.04,"Sinapi 25067"]
[34580,"BLOCO CONCRETO ESTRUTURAL 19 X 19 X 39 CM, FBK 8 MPA (NBR 6136)","UN    ","CR","3,31",null,3.31,"Sinapi 34580"]
[25071,"BLOCO CONCRETO ESTRUTURAL 9 X 19 X 39 CM, FBK 4,5 MPA (NBR 6136)","UN    ","CR","1,60",null,1.6,"Sinapi 25071"]
[38395,"BLOCO DE ESPUMA MULTIUSO *23 X 13 X 8* CM","UN    ","CR","6,53",null,6.53,"Sinapi 38395"]
[34583,"BLOCO DE GESSO COMPACTO, BRANCO, E = 10 CM, *67 X 50* CM","M2    ","CR","68,92",null,68.92,"Sinapi 34583"]
[34584,"BLOCO DE GESSO VAZADO BRANCO, E = *7* CM, *67 X 50* CM","M2    ","CR","38,58",null,38.58,"Sinapi 34584"]
[709,"BLOCO DE POLIETILENO ALTA DENSIDADE, *27* X *30* X *100* CM, ACOMPANHADOS PLACAS  TERMINAIS  E LONGARINAS, PARA FUNDO DE FILTRO","M2    ","AS","484,33",null,484.33,"Sinapi 709"]
[716,"BLOCO DE VIDRO INCOLOR XADREZ, DE *20 X 20 X 10* CM","UN    ","CR","11,98",null,11.98,"Sinapi 716"]
[715,"BLOCO DE VIDRO INCOLOR, CANELADO, DE *19 X 19 X 8* CM","UN    ","C ","11,85",null,11.85,"Sinapi 715"]
[718,"BLOCO DE VIDRO/ELEMENTO VAZADO INCOLOR, VENEZIANA, DE *20 X 20 X 6* CM","UN    ","CR","17,65",null,17.649999999999999,"Sinapi 718"]
[11981,"BLOCO DE VIDRO/ELEMENTO VAZADO, INCOLOR, VENEZIANA, *20 X 10 X 8* CM","UN    ","CR","12,10",null,12.1,"Sinapi 11981"]
[10610,"BLOCO ESTRUTURAL CERAMICO - 14 X 19 X 29 CM - 4,0 MPA -  NBR 15270","UN    ","CR","1,32",null,1.32,"Sinapi 10610"]
[34585,"BLOCO ESTRUTURAL CERAMICO 14 X 19 X 29 CM, 3,0 MPA (NBR 15270)","UN    ","CR","1,34",null,1.34,"Sinapi 34585"]
[34586,"BLOCO ESTRUTURAL CERAMICO 14 X 19 X 29 CM, 6,0 MPA (NBR 15270)","UN    ","CR","1,36",null,1.36,"Sinapi 34586"]
[38603,"BLOCO ESTRUTURAL CERAMICO 14 X 19 X 34 CM, 6,0 MPA (NBR 15270)","UN    ","CR","1,57",null,1.57,"Sinapi 38603"]
[34588,"BLOCO ESTRUTURAL CERAMICO 14 X 19 X 39 CM, 6,0 MPA (NBR 15270)","UN    ","CR","1,75",null,1.75,"Sinapi 34588"]
[34590,"BLOCO ESTRUTURAL CERAMICO 19 X 19 X 29 CM, 6,0 MPA (NBR 15270)","UN    ","CR","1,89",null,1.89,"Sinapi 34590"]
[34591,"BLOCO ESTRUTURAL CERAMICO 19 X 19 X 39 CM, 6,0 MPA (NBR 15270)","UN    ","CR","2,36",null,2.36,"Sinapi 34591"]
[37103,"BLOCO VEDACAO CONCRETO APARENTE 14 X 19 X 39 CM (CLASSE C - NBR 6136)","UN    ","CR","1,99",null,1.99,"Sinapi 37103"]
[34555,"BLOCO VEDACAO CONCRETO APARENTE 19 X 19 X 39 CM  (CLASSE C - NBR 6136)","UN    ","CR","2,49",null,2.4900000000000002,"Sinapi 34555"]
[34599,"BLOCO VEDACAO CONCRETO APARENTE 9 X 19 X 39 CM (CLASSE C - NBR 6136)","UN    ","CR","1,78",null,1.78,"Sinapi 34599"]
[674,"BLOCO VEDACAO CONCRETO CELULAR AUTOCLAVADO 10 X 30 X 60 CM (E X A X C)","M2    ","AS","49,31",null,49.31,"Sinapi 674"]
[34600,"BLOCO VEDACAO CONCRETO CELULAR AUTOCLAVADO 15 X 30 X 60 CM (E X A X C)","M2    ","AS","80,12",null,80.12,"Sinapi 34600"]
[652,"BLOCO VEDACAO CONCRETO CELULAR AUTOCLAVADO 20 X 30 X 60 CM","M2    ","AS","102,04",null,{"$f":"IF(E585=\"\",\"\",E585+0)","v":102.04},{"$f":"IF(G585=\"\",\"\",CONCATENATE(\"Sinapi \",A585))","v":"Sinapi 652"}]
[34592,"BLOCO VEDACAO CONCRETO 14 X 19 X 29 CM (CLASSE C - NBR 6136)","UN    ","CR","1,69",null,1.69,"Sinapi 34592"]
[651,"BLOCO VEDACAO CONCRETO 14 X 19 X 39 CM (CLASSE C - NBR 6136)","UN    ","CR","1,94",null,1.94,"Sinapi 651"]
[654,"BLOCO VEDACAO CONCRETO 19 X 19 X 39 CM (CLASSE C - NBR 6136)","UN    ","CR","2,50",null,2.5,"Sinapi 654"]
[650,"BLOCO VEDACAO CONCRETO 9 X 19 X 39 CM (CLASSE C - NBR 6136)","UN    ","C ","1,65",null,1.65,"Sinapi 650"]
[40517,"BLOQUETE/PISO DE CONCRETO - MODELO BLOCO PISOGRAMA/CONCREGRAMA 2 FUROS, *35  CM X 15* CM, E =  *6* CM, COR NATURAL","M2    ","CR","46,37",null,46.37,"Sinapi 40517"]
[40520,"BLOQUETE/PISO DE CONCRETO - MODELO BLOCO PISOGRAMA/CONCREGRAMA 2 FUROS, *35  CM X 15* CM, E =  *8* CM, COR NATURAL","M2    ","CR","48,57",null,48.57,"Sinapi 40520"]
[40515,"BLOQUETE/PISO DE CONCRETO - MODELO PISOGRAMA/CONCREGRAMA/PAVI-GRADE/GRAMEIRO, *60  CM X 45* CM, E =  *7* CM, COR NATURAL","M2    ","CR","58,64",null,58.64,"Sinapi 40515"]
[40516,"BLOQUETE/PISO DE CONCRETO - MODELO PISOGRAMA/CONCREGRAMA/PAVI-GRADE/GRAMEIRO, *60  CM X 45* CM, E =  *9* CM, COR NATURAL","M2    ","CR","69,84",null,69.84,"Sinapi 40516"]
[40529,"BLOQUETE/PISO INTERTRAVADO DE CONCRETO - MODELO ONDA/16 FACES/RETANGULAR/TIJOLINHO/PAVER/HOLANDES/PARALELEPIPEDO, *22 CM X *11 CM, E = 10 CM, RESISTENCIA DE 50 MPA (NBR 9781), COR NATURAL","M2    ","CR","54,54",null,54.54,"Sinapi 40529"]
[36170,"BLOQUETE/PISO INTERTRAVADO DE CONCRETO - MODELO ONDA/16 FACES/RETANGULAR/TIJOLINHO/PAVER/HOLANDES/PARALELEPIPEDO, *22 CM X 11* CM, E = 8 CM, RESISTENCIA DE 35 MPA (NBR 9781), COR NATURAL","M2    ","C ","40,85",null,40.85,"Sinapi 36170"]
[40524,"BLOQUETE/PISO INTERTRAVADO DE CONCRETO - MODELO ONDA/16 FACES/RETANGULAR/TIJOLINHO/PAVER/HOLANDES/PARALELEPIPEDO, 20 CM X 10 CM, E = 10 CM, RESISTENCIA DE 35 MPA (NBR 9781), COR NATURAL","M2    ","CR","49,68",null,49.68,"Sinapi 40524"]
[36156,"BLOQUETE/PISO INTERTRAVADO DE CONCRETO - MODELO ONDA/16 FACES/RETANGULAR/TIJOLINHO/PAVER/HOLANDES/PARALELEPIPEDO, 20 CM X 10 CM, E = 6 CM, RESISTENCIA DE 35 MPA (NBR 9781), COLORIDO","M2    ","CR","43,05",null,43.05,"Sinapi 36156"]
[36155,"BLOQUETE/PISO INTERTRAVADO DE CONCRETO - MODELO ONDA/16 FACES/RETANGULAR/TIJOLINHO/PAVER/HOLANDES/PARALELEPIPEDO, 20 CM X 10 CM, E = 6 CM, RESISTENCIA DE 35 MPA (NBR 9781), COR NATURAL","M2    ","CR","38,14",null,38.14,"Sinapi 36155"]
[36154,"BLOQUETE/PISO INTERTRAVADO DE CONCRETO - MODELO ONDA/16 FACES/RETANGULAR/TIJOLINHO/PAVER/HOLANDES/PARALELEPIPEDO, 20 CM X 10 CM, E = 8 CM, RESISTENCIA DE 35 MPA (NBR 9781), COLORIDO","M2    ","CR","50,67",null,50.67,"Sinapi 36154"]
[695,"BLOQUETE/PISO INTERTRAVADO DE CONCRETO - MODELO RAQUETE, *22 CM X 13,5* CM, E = 6 CM, RESISTENCIA DE 35 MPA (NBR 9781), COR NATURAL","M2    ","CR","37,46",null,37.46,"Sinapi 695"]
[679,"BLOQUETE/PISO INTERTRAVADO DE CONCRETO - MODELO SEXTAVADO, 25 CM X 25 CM, E = 10 CM, RESISTENCIA DE 35 MPA (NBR 9781), COR NATURAL","M2    ","CR","51,33",null,51.33,"Sinapi 679"]
[711,"BLOQUETE/PISO INTERTRAVADO DE CONCRETO - MODELO SEXTAVADO, 25 CM X 25 CM, E = 6 CM, RESISTENCIA DE 35 MPA (NBR 9781), COR NATURAL","M2    ","CR","39,19",null,39.19,"Sinapi 711"]
[712,"BLOQUETE/PISO INTERTRAVADO DE CONCRETO - MODELO SEXTAVADO, 25 CM X 25 CM, E = 8 CM, RESISTENCIA DE 35 MPA (NBR 9781), COR NATURAL","M2    ","CR","40,85",null,40.85,"Sinapi 712"]
[12614,"BOCAL PVC, PARA CALHA PLUVIAL, DIAMETRO DA SAIDA ENTRE 80 E 100 MM, PARA DRENAGEM PREDIAL","UN    ","AS","15,07",null,15.07,"Sinapi 12614"]
[6140,"BOLSA DE LIGACAO EM PVC FLEXIVEL PARA VASO SANITARIO 1.1/2 \" (40 MM)","UN    ","CR","2,41",null,2.41,"Sinapi 6140"]
[38399,"BOLSA DE LONA PARA FERRAMENTAS *50 X 35 X 25* CM","UN    ","CR","152,16",null,152.16,"Sinapi 38399"]
[735,"BOMBA CENTRIFUGA  MOTOR ELETRICO TRIFASICO 1,48HP  DIAMETRO DE SUCCAO X ELEVACAO 1\" X 1\", 4 ESTAGIOS, DIAMETRO DOS ROTORES 3 X 107 MM + 1 X 100 MM, HM/Q: 10 M / 5,3 M3/H A 70 M / 1,8 M3/H","UN    ","CR","1.678,13",null,1678.13,"Sinapi 735"]
[736,"BOMBA CENTRIFUGA  MOTOR ELETRICO TRIFASICO 2,96HP, DIAMETRO DE SUCCAO X ELEVACAO 1 1/2\" X 1 1/4\", DIAMETRO DO ROTOR 148 MM, HM/Q: 34 M / 14,80 M3/H A 40 M / 8,60 M3/H","UN    ","CR","1.411,00",null,1411,"Sinapi 736"]
[729,"BOMBA CENTRIFUGA COM MOTOR ELETRICO MONOFASICO, POTENCIA 0,33 HP,  BOCAIS 1\" X 3/4\", DIAMETRO DO ROTOR 99 MM, HM/Q = 4 MCA / 8,5 M3/H A 18 MCA / 0,90 M3/H","UN    ","C ","575,00",null,575,"Sinapi 729"]
[39925,"BOMBA CENTRIFUGA MONOESTAGIO COM MOTOR ELETRICO MONOFASICO, POTENCIA 15 HP,  DIAMETRO DO ROTOR *173* MM, HM/Q = *30* MCA / *90* M3/H A *45* MCA / *55* M3/H","UN    ","CR","8.308,69",null,8308.69,"Sinapi 39925"]
[731,"BOMBA CENTRIFUGA MOTOR ELETRICO MONOFASICO 0,49 HP  BOCAIS 1\" X 3/4\", DIAMETRO DO ROTOR 110 MM, HM/Q: 6 M / 8,3 M3/H A 20 M / 1,2 M3/H","UN    ","CR","559,61",null,559.61,"Sinapi 731"]
[10575,"BOMBA CENTRIFUGA MOTOR ELETRICO MONOFASICO 0,50 CV DIAMETRO DE SUCCAO X ELEVACAO 3/4\" X 3/4\", MONOESTAGIO, DIAMETRO DOS ROTORES 114 MM, HM/Q: 2 M / 2,99 M3/H A 24 M / 0,71 M3/H","UN    ","CR","873,32",null,873.32,"Sinapi 10575"]
[733,"BOMBA CENTRIFUGA MOTOR ELETRICO MONOFASICO 0,74HP  DIAMETRO DE SUCCAO X ELEVACAO 1 1/4\" X 1\", DIAMETRO DO ROTOR 120 MM, HM/Q: 8 M / 7,70 M3/H A 24 M / 2,80 M3/H","UN    ","CR","956,18",null,956.18,"Sinapi 733"]
[732,"BOMBA CENTRIFUGA MOTOR ELETRICO TRIFASICO 0,99HP  DIAMETRO DE SUCCAO X ELEVACAO 1\" X 1\", DIAMETRO DO ROTOR 145 MM, HM/Q: 14 M / 8,4 M3/H A 40 M / 0,60 M3/H","UN    ","CR","943,33",null,943.33,"Sinapi 732"]
[737,"BOMBA CENTRIFUGA MOTOR ELETRICO TRIFASICO 14,8 HP, DIAMETRO DE SUCCAO X ELEVACAO 2 1/2\" X 2\", DIAMETRO DO ROTOR 195 MM, HM/Q: 62 M / 55,5 M3/H A 80 M / 31,50 M3/H","UN    ","CR","5.289,90",null,5289.9,"Sinapi 737"]
[738,"BOMBA CENTRIFUGA MOTOR ELETRICO TRIFASICO 5HP, DIAMETRO DE SUCCAO X ELEVACAO 2\" X 1 1/2\", DIAMETRO DO ROTOR 155 MM, HM/Q: 40 M / 20,40 M3/H A 46 M / 9,20 M3/H","UN    ","CR","2.452,89",null,2452.89,"Sinapi 738"]
[740,"BOMBA CENTRIFUGA MOTOR ELETRICO TRIFASICO 9,86 DIAMETRO DE SUCCAO X ELEVACAO 1\" X 1\", 4 ESTAGIOS, DIAMETRO DOS ROTORES 4 X 146 MM, HM/Q: 85 M / 14,9 M3/H A 140 M / 4,2 M3/H","UN    ","CR","4.976,41",null,4976.41,"Sinapi 740"]
[734,"BOMBA CENTRIFUGA,  MOTOR ELETRICO TRIFASICO 1,48HP  DIAMETRO DE SUCCAO X ELEVACAO 1 1/2\" X 1\", DIAMETRO DO ROTOR 117 MM, HM/Q: 10 M / 21,9 M3/H A 24 M / 6,1 M3/H","UN    ","CR","1.011,24",null,1011.24,"Sinapi 734"]
[39008,"BOMBA DE PROJECAO DE CONCRETO SECO, POTENCIA 10 CV, VAZAO 3 M3/H","UN    ","CR","47.438,81",null,47438.81,"Sinapi 39008"]
[39009,"BOMBA DE PROJECAO DE CONCRETO SECO, POTENCIA 10 CV, VAZAO 6 M3/H","UN    ","CR","50.824,81",null,50824.81,"Sinapi 39009"]
[10587,"BOMBA SUBMERSA PARA POCOS TUBULARES PROFUNDOS DIAMETRO DE 4 POLEGADAS, ELETRICA, MONOFASICA, POTENCIA 0,49 HP, 13 ESTAGIOS, BOCAL DE DESCARGA DIAMETRO DE UMA POLEGADA E MEIA, HM/Q = 18 M / 1,90 M3/H A 85 M / 0,60 M3/H","UN    ","CR","2.867,81",null,2867.81,"Sinapi 10587"]
[759,"BOMBA SUBMERSA PARA POCOS TUBULARES PROFUNDOS DIAMETRO DE 4 POLEGADAS, ELETRICA, TRIFASICA, POTENCIA 1,97 HP, 20 ESTAGIOS, BOCAL DE DESCARGA DIAMETRO DE UMA POLEGADA E MEIA, HM/Q = 18 M / 5,40 M3/H A 164 M / 0,80 M3/H","UN    ","CR","4.123,34",null,4123.34,"Sinapi 759"]
[761,"BOMBA SUBMERSA PARA POCOS TUBULARES PROFUNDOS DIAMETRO DE 4 POLEGADAS, ELETRICA, TRIFASICA, POTENCIA 5,42 HP, 15 ESTAGIOS, BOCAL DE DESCARGA DIAMETRO DE 2 POLEGADAS, HM/Q = 18 M / 18,10 M3/H A 121 M / 2,90 M3/H","UN    ","CR","6.989,41",null,6989.41,"Sinapi 761"]
[750,"BOMBA SUBMERSA PARA POCOS TUBULARES PROFUNDOS DIAMETRO DE 4 POLEGADAS, ELETRICA, TRIFASICA, POTENCIA 5,42 HP, 29 ESTAGIOS, BOCAL DE DESCARGA DE UMA POLEGADA E MEIA, HM/Q = 18 M / 8,10 M3/H A 201 M / 3,2 M3/H","UN    ","CR","6.635,88",null,6635.88,"Sinapi 750"]
[755,"BOMBA SUBMERSA PARA POCOS TUBULARES PROFUNDOS DIAMETRO DE 6 POLEGADAS, ELETRICA, TRIFASICA, POTENCIA 27,12 HP, 7 ESTAGIOS, BOCAL DE DESCARGA DIAMETRO DE 4 POLEGADAS, HM/Q = 13,9 M / 90 M3/H A 44,0 M / 25,0 M3/H","UN    ","CR","27.230,46",null,27230.46,"Sinapi 755"]
[749,"BOMBA SUBMERSA PARA POCOS TUBULARES PROFUNDOS DIAMETRO DE 6 POLEGADAS, ELETRICA, TRIFASICA, POTENCIA 3,45 HP, 5 ESTAGIOS, BOCAL DE DESCARGA DIAMETRO DE 2 POLEGADAS, HM/Q = 68,5 M / 6,12 M3/H A 39,5 M / 14,04 M3/H","UN    ","CR","10.014,86",null,10014.86,"Sinapi 749"]
[756,"BOMBA SUBMERSA PARA POCOS TUBULARES PROFUNDOS DIAMETRO DE 6 POLEGADAS, ELETRICA, TRIFASICA, POTENCIA 32 HP, 9 ESTAGIOS, BOCAL DE DESCARGA DIAMETRO DE 4 POLEGADAS, HM/Q = 114,0 M / 13,9 M3/H A 57,0 M / 25,0 M3/H","UN    ","CR","29.698,46",null,29698.46,"Sinapi 756"]
[757,"BOMBA SUBMERSIVEL,  ELETRICA, TRIFASICA, POTENCIA 6 HP, DIAMETRO DO ROTOR 127 MM, BOCAL DE SAIDA DIAMETRO DE 3 POLEGADAS, HM/Q = 7 M / 66,90 M3/H A 26 M / 2,88 M3/H","UN    ","CR","13.485,00",null,13485,"Sinapi 757"]
[10588,"BOMBA SUBMERSIVEL, ELETRICA, TRIFASICA, POTENCIA 0,98 HP, DIAMETRO DO ROTOR 142 MM SEMIABERTO, BOCAL DE SAIDA DIAMETRO DE 2 POLEGADAS, HM/Q = 2 M / 32 M3/H A 8 M / 16 M3/H","UN    ","CR","2.977,15",null,2977.15,"Sinapi 10588"]
[10592,"BOMBA SUBMERSIVEL, ELETRICA, TRIFASICA, POTENCIA 0,99 HP, DIAMETRO ROTOR 98 MM SEMIABERTO, BOCAL DE SAIDA DIAMETRO 2 POLEGADAS, HM/Q = 2 M / 28,90 M3/H A 14 M / 7 M3/H","UN    ","C ","3.596,00",null,3596,"Sinapi 10592"]
[10589,"BOMBA SUBMERSIVEL, ELETRICA, TRIFASICA, POTENCIA 1,97 HP, DIAMETRO DO ROTOR 144 MM SEMIABERTO, BOCAL DE SAIDA DIAMETRO DE 2 POLEGADAS, HM/Q = 2 M / 26,8 M3/H A 28 M / 4,6 M3/H","UN    ","CR","4.831,00",null,4831,"Sinapi 10589"]
[760,"BOMBA SUBMERSIVEL, ELETRICA, TRIFASICA, POTENCIA 13 HP, DIAMETRO DO ROTOR 170 MM, BOCAL DE SAIDA DIAMETRO DE 3 POLEGADAS, HM/Q = 11 M / 68,40 M3/H A 72 M / 3,6 M3/H","UN    ","CR","26.970,00",null,26970,"Sinapi 760"]
[751,"BOMBA SUBMERSIVEL, ELETRICA, TRIFASICA, POTENCIA 2,96 HP, DIAMETRO DO ROTOR 144 MM SEMIABERTO, BOCAL DE SAIDA DIAMETRO DE DUAS POLEGADAS, HM/Q = 2 M / 38,8 M3/H A 28 M / 5 M3/H","UN    ","CR","4.247,77",null,4247.7700000000004,"Sinapi 751"]
[754,"BOMBA SUBMERSIVEL, ELETRICA, TRIFASICA, POTENCIA 3,75 HP, DIAMETRO DO ROTOR 90 MM SEMIABERTO, BOCAL DE SAIDA DIAMETRO DE 2 POLEGADAS, HM/Q = 5 M / 61,2 M3/H A 25,5 M / 3,6 M3/H","UN    ","CR","6.742,50",null,6742.5,"Sinapi 754"]
[14013,"BOMBA TRIPLEX COM MOTOR A DIESEL, NACIONAL, DIAMETRO DE SUCCAO DE 2 1/2''","UN    ","CR","142.944,74",null,142944.74,"Sinapi 14013"]
[39917,"BOMBA TRIPLEX, PARA INJECAO DE CALDA DE CIMENTO, VAZAO MAXIMA DE *100* LITROS/MINUTO, PRESSAO MAXIMA DE *70* BAR, POTENCIA DE 15 CV","UN    ","CR","72.869,44",null,72869.440000000002,"Sinapi 39917"]
[5081,"BORBOLETA EM LATAO FUNDIDO CROMADO, PARA TRAVAR JANELA TIPO GUILHOTINA","PAR   ","CR","18,10",null,18.100000000000001,"Sinapi 5081"]
[38167,"BORBOLETA EM ZAMAC CROMADO, PARA TRAVAR JANELA TIPO GUILHOTINA","PAR   ","CR","15,60",null,15.6,"Sinapi 38167"]
[36145,"BOTA DE PVC PRETA, CANO MEDIO, SEM FORRO","PAR   ","CR","31,53",null,31.53,"Sinapi 36145"]
[12893,"BOTA DE SEGURANCA COM BIQUEIRA DE ACO E COLARINHO ACOLCHOADO","PAR   ","CR","52,56",null,52.56,"Sinapi 12893"]
[11685,"BRACO / CANO PARA CHUVEIRO ELETRICO, EM ALUMINIO, 30 CM X 1/2 \"","UN    ","CR","16,51",null,16.510000000000002,"Sinapi 11685"]
[11679,"BRACO OU HASTE COM CANOPLA PLASTICA, 1/2 \", PARA CHUVEIRO ELETRICO","UN    ","CR","6,77",null,6.77,"Sinapi 11679"]
[11680,"BRACO OU HASTE COM CANOPLA PLASTICA, 1/2 \", PARA CHUVEIRO SIMPLES","UN    ","CR","5,58",null,5.58,"Sinapi 11680"]
[2512,"BRACO P/ LUMINARIA PUBLICA 1 X 1,50M ROMAGNOLE OU EQUIV","UN    ","CR","19,17",null,19.170000000000002,"Sinapi 2512"]
[4374,"BUCHA DE NYLON SEM ABA S10","UN    ","CR","0,37",null,0.37,"Sinapi 4374"]
[7568,"BUCHA DE NYLON SEM ABA S10, COM PARAFUSO DE 6,10 X 65 MM EM ACO ZINCADO COM ROSCA SOBERBA, CABECA CHATA E FENDA PHILLIPS","UN    ","CR","0,61",null,0.61,"Sinapi 7568"]
[7584,"BUCHA DE NYLON SEM ABA S12, COM PARAFUSO DE 5/16\" X 80 MM EM ACO ZINCADO COM ROSCA SOBERBA E CABECA SEXTAVADA","UN    ","CR","0,93",null,0.93,"Sinapi 7584"]
[11945,"BUCHA DE NYLON SEM ABA S4","UN    ","CR","0,06",null,0.06,"Sinapi 11945"]
[11946,"BUCHA DE NYLON SEM ABA S5","UN    ","CR","0,06",null,{"$f":"IF(E649=\"\",\"\",E649+0)","v":0.06},{"$f":"IF(G649=\"\",\"\",CONCATENATE(\"Sinapi \",A649))","v":"Sinapi 11946"}]
[4375,"BUCHA DE NYLON SEM ABA S6","UN    ","C ","0,10",null,0.1,"Sinapi 4375"]
[11950,"BUCHA DE NYLON SEM ABA S6, COM PARAFUSO DE 4,20 X 40 MM EM ACO ZINCADO COM ROSCA SOBERBA, CABECA CHATA E FENDA PHILLIPS","UN    ","CR","0,20",null,0.2,"Sinapi 11950"]
[4376,"BUCHA DE NYLON SEM ABA S8","UN    ","CR","0,19",null,0.19,"Sinapi 4376"]
[7583,"BUCHA DE NYLON SEM ABA S8, COM PARAFUSO DE 4,80 X 50 MM EM ACO ZINCADO COM ROSCA SOBERBA, CABECA CHATA E FENDA PHILLIPS","UN    ","CR","0,41",null,0.41,"Sinapi 7583"]
[4350,"BUCHA DE NYLON, DIAMETRO DO FURO 8 MM, COMPRIMENTO 40 MM, COM PARAFUSO DE ROSCA SOBERBA, CABECA CHATA, FENDA SIMPLES, 4,8 X 50 MM","UN    ","CR","0,47",null,0.47,"Sinapi 4350"]
[39886,"BUCHA DE REDUCAO DE COBRE (REF 600-2) SEM ANEL DE SOLDA, PONTA X BOLSA, 22 X 15 MM","UN    ","AS","3,43",null,3.43,"Sinapi 39886"]
[39887,"BUCHA DE REDUCAO DE COBRE (REF 600-2) SEM ANEL DE SOLDA, PONTA X BOLSA, 28 X 22 MM","UN    ","AS","5,15",null,5.15,"Sinapi 39887"]
[39888,"BUCHA DE REDUCAO DE COBRE (REF 600-2) SEM ANEL DE SOLDA, PONTA X BOLSA, 35 X 28 MM","UN    ","AS","11,77",null,11.77,"Sinapi 39888"]
[39890,"BUCHA DE REDUCAO DE COBRE (REF 600-2) SEM ANEL DE SOLDA, PONTA X BOLSA, 42 X 35 MM","UN    ","AS","20,10",null,20.100000000000001,"Sinapi 39890"]
[39891,"BUCHA DE REDUCAO DE COBRE (REF 600-2) SEM ANEL DE SOLDA, PONTA X BOLSA, 54 X 42 MM","UN    ","AS","28,34",null,28.34,"Sinapi 39891"]
[39892,"BUCHA DE REDUCAO DE COBRE (REF 600-2) SEM ANEL DE SOLDA, PONTA X BOLSA, 66 X 54 MM","UN    ","AS","88,35",null,88.35,"Sinapi 39892"]
[790,"BUCHA DE REDUCAO DE FERRO GALVANIZADO, COM ROSCA BSP, DE 1 1/2\" X 1 1/4\"","UN    ","CR","10,96",null,10.96,"Sinapi 790"]
[766,"BUCHA DE REDUCAO DE FERRO GALVANIZADO, COM ROSCA BSP, DE 1 1/2\" X 1/2\"","UN    ","CR","10,96",null,10.96,"Sinapi 766"]
[791,"BUCHA DE REDUCAO DE FERRO GALVANIZADO, COM ROSCA BSP, DE 1 1/2\" X 1\"","UN    ","CR","10,96",null,10.96,"Sinapi 791"]
[767,"BUCHA DE REDUCAO DE FERRO GALVANIZADO, COM ROSCA BSP, DE 1 1/2\" X 3/4\"","UN    ","CR","10,96",null,10.96,"Sinapi 767"]
[768,"BUCHA DE REDUCAO DE FERRO GALVANIZADO, COM ROSCA BSP, DE 1 1/4\" X 1/2\"","UN    ","CR","8,61",null,8.61,"Sinapi 768"]
[789,"BUCHA DE REDUCAO DE FERRO GALVANIZADO, COM ROSCA BSP, DE 1 1/4\" X 1\"","UN    ","CR","8,42",null,8.42,"Sinapi 789"]
[769,"BUCHA DE REDUCAO DE FERRO GALVANIZADO, COM ROSCA BSP, DE 1 1/4\" X 3/4\"","UN    ","CR","8,61",null,8.61,"Sinapi 769"]
[770,"BUCHA DE REDUCAO DE FERRO GALVANIZADO, COM ROSCA BSP, DE 1/2\" X 1/4\"","UN    ","CR","3,04",null,3.04,"Sinapi 770"]
[12394,"BUCHA DE REDUCAO DE FERRO GALVANIZADO, COM ROSCA BSP, DE 1/2\" X 3/8\"","UN    ","CR","3,04",null,3.04,"Sinapi 12394"]
[764,"BUCHA DE REDUCAO DE FERRO GALVANIZADO, COM ROSCA BSP, DE 1\" X 1/2\"","UN    ","C ","5,30",null,5.3,"Sinapi 764"]
[765,"BUCHA DE REDUCAO DE FERRO GALVANIZADO, COM ROSCA BSP, DE 1\" X 3/4\"","UN    ","CR","5,30",null,5.3,"Sinapi 765"]
[787,"BUCHA DE REDUCAO DE FERRO GALVANIZADO, COM ROSCA BSP, DE 2 1/2\" X 1 1/2\"","UN    ","CR","23,67",null,23.67,"Sinapi 787"]
[774,"BUCHA DE REDUCAO DE FERRO GALVANIZADO, COM ROSCA BSP, DE 2 1/2\" X 1 1/4\"","UN    ","CR","23,67",null,23.67,"Sinapi 774"]
[773,"BUCHA DE REDUCAO DE FERRO GALVANIZADO, COM ROSCA BSP, DE 2 1/2\" X 1\"","UN    ","CR","23,67",null,23.67,"Sinapi 773"]
[775,"BUCHA DE REDUCAO DE FERRO GALVANIZADO, COM ROSCA BSP, DE 2 1/2\" X 2\"","UN    ","CR","23,67",null,23.67,"Sinapi 775"]
[788,"BUCHA DE REDUCAO DE FERRO GALVANIZADO, COM ROSCA BSP, DE 2\" X 1 1/2\"","UN    ","CR","14,71",null,14.71,"Sinapi 788"]
[772,"BUCHA DE REDUCAO DE FERRO GALVANIZADO, COM ROSCA BSP, DE 2\" X 1 1/4\"","UN    ","CR","14,71",null,14.71,"Sinapi 772"]
[771,"BUCHA DE REDUCAO DE FERRO GALVANIZADO, COM ROSCA BSP, DE 2\" X 1\"","UN    ","CR","14,71",null,14.71,"Sinapi 771"]
[779,"BUCHA DE REDUCAO DE FERRO GALVANIZADO, COM ROSCA BSP, DE 3/4\" X 1/2\"","UN    ","CR","3,66",null,3.66,"Sinapi 779"]
[776,"BUCHA DE REDUCAO DE FERRO GALVANIZADO, COM ROSCA BSP, DE 3\" X 1 1/2\"","UN    ","CR","34,90",null,34.9,"Sinapi 776"]
[777,"BUCHA DE REDUCAO DE FERRO GALVANIZADO, COM ROSCA BSP, DE 3\" X 1 1/4\"","UN    ","CR","33,92",null,33.92,"Sinapi 777"]
[780,"BUCHA DE REDUCAO DE FERRO GALVANIZADO, COM ROSCA BSP, DE 3\" X 2 1/2\"","UN    ","CR","34,09",null,34.090000000000003,"Sinapi 780"]
[778,"BUCHA DE REDUCAO DE FERRO GALVANIZADO, COM ROSCA BSP, DE 3\" X 2\"","UN    ","CR","34,90",null,34.9,"Sinapi 778"]
[781,"BUCHA DE REDUCAO DE FERRO GALVANIZADO, COM ROSCA BSP, DE 4\" X 2 1/2\"","UN    ","CR","64,48",null,64.48,"Sinapi 781"]
[786,"BUCHA DE REDUCAO DE FERRO GALVANIZADO, COM ROSCA BSP, DE 4\" X 2\"","UN    ","CR","64,48",null,64.48,"Sinapi 786"]
[782,"BUCHA DE REDUCAO DE FERRO GALVANIZADO, COM ROSCA BSP, DE 4\" X 3\"","UN    ","CR","64,48",null,64.48,"Sinapi 782"]
[783,"BUCHA DE REDUCAO DE FERRO GALVANIZADO, COM ROSCA BSP, DE 5\" X 4\"","UN    ","CR","176,48",null,176.48,"Sinapi 783"]
[785,"BUCHA DE REDUCAO DE FERRO GALVANIZADO, COM ROSCA BSP, DE 6\" X 4\"","UN    ","CR","186,47",null,186.47,"Sinapi 785"]
[784,"BUCHA DE REDUCAO DE FERRO GALVANIZADO, COM ROSCA BSP, DE 6\" X 5\"","UN    ","CR","200,03",null,200.03,"Sinapi 784"]
[831,"BUCHA DE REDUCAO DE PVC, SOLDAVEL, CURTA, COM 110 X 85 MM, PARA AGUA FRIA PREDIAL","UN    ","CR","55,26",null,55.26,"Sinapi 831"]
[828,"BUCHA DE REDUCAO DE PVC, SOLDAVEL, CURTA, COM 25 X 20 MM, PARA AGUA FRIA PREDIAL","UN    ","CR","0,32",null,0.32,"Sinapi 828"]
[829,"BUCHA DE REDUCAO DE PVC, SOLDAVEL, CURTA, COM 32 X 25 MM, PARA AGUA FRIA PREDIAL","UN    ","CR","0,67",null,0.67,"Sinapi 829"]
[812,"BUCHA DE REDUCAO DE PVC, SOLDAVEL, CURTA, COM 40 X 32 MM, PARA AGUA FRIA PREDIAL","UN    ","CR","1,45",null,1.45,"Sinapi 812"]
[819,"BUCHA DE REDUCAO DE PVC, SOLDAVEL, CURTA, COM 50 X 40 MM, PARA AGUA FRIA PREDIAL","UN    ","CR","2,38",null,2.38,"Sinapi 819"]
[818,"BUCHA DE REDUCAO DE PVC, SOLDAVEL, CURTA, COM 60 X 50 MM, PARA AGUA FRIA PREDIAL","UN    ","CR","4,01",null,4.01,"Sinapi 818"]
[823,"BUCHA DE REDUCAO DE PVC, SOLDAVEL, CURTA, COM 75 X 60 MM, PARA AGUA FRIA PREDIAL","UN    ","CR","12,09",null,12.09,"Sinapi 823"]
[830,"BUCHA DE REDUCAO DE PVC, SOLDAVEL, CURTA, COM 85 X 75 MM, PARA AGUA FRIA PREDIAL","UN    ","CR","9,95",null,9.9499999999999993,"Sinapi 830"]
[826,"BUCHA DE REDUCAO DE PVC, SOLDAVEL, LONGA, COM 110 X 60 MM, PARA AGUA FRIA PREDIAL","UN    ","CR","30,99",null,30.99,"Sinapi 826"]
[827,"BUCHA DE REDUCAO DE PVC, SOLDAVEL, LONGA, COM 110 X 75 MM, PARA AGUA FRIA PREDIAL","UN    ","CR","26,18",null,26.18,"Sinapi 827"]
[832,"BUCHA DE REDUCAO DE PVC, SOLDAVEL, LONGA, COM 32 X 20 MM, PARA AGUA FRIA PREDIAL","UN    ","CR","1,81",null,1.81,"Sinapi 832"]
[833,"BUCHA DE REDUCAO DE PVC, SOLDAVEL, LONGA, COM 40 X 20 MM, PARA AGUA FRIA PREDIAL","UN    ","CR","2,56",null,2.56,"Sinapi 833"]
[834,"BUCHA DE REDUCAO DE PVC, SOLDAVEL, LONGA, COM 40 X 25 MM, PARA AGUA FRIA PREDIAL","UN    ","CR","2,81",null,2.81,"Sinapi 834"]
[825,"BUCHA DE REDUCAO DE PVC, SOLDAVEL, LONGA, COM 50 X 20 MM, PARA AGUA FRIA PREDIAL","UN    ","CR","3,14",null,3.14,"Sinapi 825"]
[813,"BUCHA DE REDUCAO DE PVC, SOLDAVEL, LONGA, COM 50 X 25 MM, PARA AGUA FRIA PREDIAL","UN    ","CR","3,09",null,3.09,"Sinapi 813"]
[820,"BUCHA DE REDUCAO DE PVC, SOLDAVEL, LONGA, COM 50 X 32 MM, PARA AGUA FRIA PREDIAL","UN    ","CR","3,92",null,3.92,"Sinapi 820"]
[816,"BUCHA DE REDUCAO DE PVC, SOLDAVEL, LONGA, COM 60 X 25 MM, PARA AGUA FRIA PREDIAL","UN    ","CR","6,67",null,6.67,"Sinapi 816"]
[814,"BUCHA DE REDUCAO DE PVC, SOLDAVEL, LONGA, COM 60 X 32 MM, PARA AGUA FRIA PREDIAL","UN    ","CR","8,06",null,8.06,"Sinapi 814"]
[815,"BUCHA DE REDUCAO DE PVC, SOLDAVEL, LONGA, COM 60 X 40 MM, PARA AGUA FRIA PREDIAL","UN    ","CR","8,71",null,8.7100000000000009,"Sinapi 815"]
[822,"BUCHA DE REDUCAO DE PVC, SOLDAVEL, LONGA, COM 60 X 50 MM, PARA AGUA FRIA PREDIAL","UN    ","CR","10,61",null,10.61,"Sinapi 822"]
[821,"BUCHA DE REDUCAO DE PVC, SOLDAVEL, LONGA, COM 75 X 50 MM, PARA AGUA FRIA PREDIAL","UN    ","CR","12,40",null,12.4,"Sinapi 821"]
[817,"BUCHA DE REDUCAO DE PVC, SOLDAVEL, LONGA, COM 85 X 60 MM, PARA AGUA FRIA PREDIAL","UN    ","CR","14,74",null,14.74,"Sinapi 817"]
[20086,"BUCHA DE REDUCAO DE PVC, SOLDAVEL, LONGA, 50 X 40 MM, PARA ESGOTO PREDIAL","UN    ","CR","1,46",null,1.46,"Sinapi 20086"]
[39191,"BUCHA DE REDUCAO EM ALUMINIO, COM ROSCA, DE 1 1/2\" X 1 1/4\", PARA ELETRODUTO","UN    ","CR","10,71",null,{"$f":"IF(E713=\"\",\"\",E713+0)","v":10.71},{"$f":"IF(G713=\"\",\"\",CONCATENATE(\"Sinapi \",A713))","v":"Sinapi 39191"}]
[39190,"BUCHA DE REDUCAO EM ALUMINIO, COM ROSCA, DE 1 1/2\" X 1\", PARA ELETRODUTO","UN    ","CR","11,19",null,11.19,"Sinapi 39190"]
[39189,"BUCHA DE REDUCAO EM ALUMINIO, COM ROSCA, DE 1 1/2\" X 3/4\", PARA ELETRODUTO","UN    ","CR","11,84",null,11.84,"Sinapi 39189"]
[39186,"BUCHA DE REDUCAO EM ALUMINIO, COM ROSCA, DE 1 1/4\" X 1/2\", PARA ELETRODUTO","UN    ","CR","10,59",null,10.59,"Sinapi 39186"]
[39188,"BUCHA DE REDUCAO EM ALUMINIO, COM ROSCA, DE 1 1/4\" X 1\", PARA ELETRODUTO","UN    ","CR","8,72",null,8.7200000000000006,"Sinapi 39188"]
[39187,"BUCHA DE REDUCAO EM ALUMINIO, COM ROSCA, DE 1 1/4\" X 3/4\", PARA ELETRODUTO","UN    ","CR","9,14",null,9.14,"Sinapi 39187"]
[39184,"BUCHA DE REDUCAO EM ALUMINIO, COM ROSCA, DE 1\" X 1/2\", PARA ELETRODUTO","UN    ","CR","3,43",null,3.43,"Sinapi 39184"]
[39185,"BUCHA DE REDUCAO EM ALUMINIO, COM ROSCA, DE 1\" X 3/4\", PARA ELETRODUTO","UN    ","CR","3,13",null,3.13,"Sinapi 39185"]
[39198,"BUCHA DE REDUCAO EM ALUMINIO, COM ROSCA, DE 2 1/2\" X 1 1/2\", PARA ELETRODUTO","UN    ","CR","35,14",null,35.14,"Sinapi 39198"]
[39197,"BUCHA DE REDUCAO EM ALUMINIO, COM ROSCA, DE 2 1/2\" X 1 1/4\", PARA ELETRODUTO","UN    ","CR","36,71",null,36.71,"Sinapi 39197"]
[39196,"BUCHA DE REDUCAO EM ALUMINIO, COM ROSCA, DE 2 1/2\" X 1\", PARA ELETRODUTO","UN    ","CR","37,86",null,37.86,"Sinapi 39196"]
[39199,"BUCHA DE REDUCAO EM ALUMINIO, COM ROSCA, DE 2 1/2\" X 2\", PARA ELETRODUTO","UN    ","CR","33,82",null,33.82,"Sinapi 39199"]
[39195,"BUCHA DE REDUCAO EM ALUMINIO, COM ROSCA, DE 2\" X 1 1/2\", PARA ELETRODUTO","UN    ","CR","19,52",null,19.52,"Sinapi 39195"]
[39194,"BUCHA DE REDUCAO EM ALUMINIO, COM ROSCA, DE 2\" X 1 1/4\", PARA ELETRODUTO","UN    ","CR","20,89",null,20.89,"Sinapi 39194"]
[39193,"BUCHA DE REDUCAO EM ALUMINIO, COM ROSCA, DE 2\" X 1\", PARA ELETRODUTO","UN    ","CR","22,89",null,22.89,"Sinapi 39193"]
[39192,"BUCHA DE REDUCAO EM ALUMINIO, COM ROSCA, DE 2\" X 3/4\", PARA ELETRODUTO","UN    ","CR","23,81",null,23.81,"Sinapi 39192"]
[39920,"BUCHA DE REDUCAO EM ALUMINIO, COM ROSCA, DE 3/4\" X 1/2\",  PARA ELETRODUTO","UN    ","CR","2,88",null,2.88,"Sinapi 39920"]
[39201,"BUCHA DE REDUCAO EM ALUMINIO, COM ROSCA, DE 3\" X 1 1/2\", PARA ELETRODUTO","UN    ","CR","42,01",null,42.01,"Sinapi 39201"]
[39200,"BUCHA DE REDUCAO EM ALUMINIO, COM ROSCA, DE 3\" X 1 1/4\", PARA ELETRODUTO","UN    ","CR","42,35",null,42.35,"Sinapi 39200"]
[39203,"BUCHA DE REDUCAO EM ALUMINIO, COM ROSCA, DE 3\" X 2 1/2\", PARA ELETRODUTO","UN    ","CR","34,20",null,34.200000000000003,"Sinapi 39203"]
[39202,"BUCHA DE REDUCAO EM ALUMINIO, COM ROSCA, DE 3\" X 2\", PARA ELETRODUTO","UN    ","CR","40,17",null,40.17,"Sinapi 39202"]
[39205,"BUCHA DE REDUCAO EM ALUMINIO, COM ROSCA, DE 4\" X 2 1/2\", PARA ELETRODUTO","UN    ","CR","67,02",null,67.02,"Sinapi 39205"]
[39204,"BUCHA DE REDUCAO EM ALUMINIO, COM ROSCA, DE 4\" X 2\", PARA ELETRODUTO","UN    ","CR","68,64",null,68.64,"Sinapi 39204"]
[39206,"BUCHA DE REDUCAO EM ALUMINIO, COM ROSCA, DE 4\" X 3\", PARA ELETRODUTO","UN    ","CR","65,12",null,65.12,"Sinapi 39206"]
[797,"BUCHA DE REDUCAO PVC ROSCAVEL 1 1/2\" X 1\"","UN    ","CR","5,76",null,5.76,"Sinapi 797"]
[798,"BUCHA DE REDUCAO PVC ROSCAVEL 3/4\" X 1/2\"","UN    ","CR","0,79",null,0.79,"Sinapi 798"]
[796,"BUCHA DE REDUCAO PVC ROSCAVEL, 1 1/2\" X 3/4\"","UN    ","CR","5,52",null,5.52,"Sinapi 796"]
[799,"BUCHA DE REDUCAO PVC ROSCAVEL, 1\" X 1/2\"","UN    ","CR","2,60",null,2.6,"Sinapi 799"]
[792,"BUCHA DE REDUCAO PVC ROSCAVEL, 1\" X 3/4\"","UN    ","CR","2,64",null,2.64,"Sinapi 792"]
[804,"BUCHA DE REDUCAO PVC, ROSCAVEL,  2\"  X 1 1/2 \"","UN    ","CR","13,09",null,13.09,"Sinapi 804"]
[793,"BUCHA DE REDUCAO PVC, ROSCAVEL, 1 1/2\"  X1 1/4 \"","UN    ","CR","5,62",null,5.62,"Sinapi 793"]
[801,"BUCHA DE REDUCAO PVC, ROSCAVEL, 1 1/4\"  X 3/4 \"","UN    ","CR","4,01",null,4.01,"Sinapi 801"]
[794,"BUCHA DE REDUCAO PVC, ROSCAVEL, 1 1/4\" X 1 \"","UN    ","CR","4,14",null,4.1399999999999997,"Sinapi 794"]
[802,"BUCHA DE REDUCAO PVC, ROSCAVEL, 2\"  X 1 \"","UN    ","CR","11,55",null,11.55,"Sinapi 802"]
[803,"BUCHA DE REDUCAO PVC, ROSCAVEL, 2\"  X 1 1/4 \"","UN    ","CR","10,07",null,10.07,"Sinapi 803"]
[38001,"BUCHA DE REDUCAO, CPVC, SOLDAVEL, 22 X 15 MM, PARA AGUA QUENTE","UN    ","CR","0,52",null,0.52,"Sinapi 38001"]
[38002,"BUCHA DE REDUCAO, CPVC, SOLDAVEL, 28 X 22 MM, PARA AGUA QUENTE","UN    ","CR","0,97",null,0.97,"Sinapi 38002"]
[38003,"BUCHA DE REDUCAO, CPVC, SOLDAVEL, 35 X 28 MM, PARA AGUA QUENTE","UN    ","CR","11,65",null,11.65,"Sinapi 38003"]
[38004,"BUCHA DE REDUCAO, CPVC, SOLDAVEL, 42 X 22 MM, PARA AGUA QUENTE","UN    ","CR","15,58",null,15.58,"Sinapi 38004"]
[36327,"BUCHA DE REDUCAO, PPR, DN 25 X 20 MM, PARA AGUA QUENTE PREDIAL","UN    ","AS","1,45",null,1.45,"Sinapi 36327"]
[38992,"BUCHA DE REDUCAO, PPR, DN 32 X 25 MM, PARA AGUA QUENTE E FRIA PREDIAL","UN    ","AS","2,32",null,2.3199999999999998,"Sinapi 38992"]
[38993,"BUCHA DE REDUCAO, PPR, DN 40 X 25 MM, PARA AGUA QUENTE E FRIA PREDIAL","UN    ","AS","6,63",null,6.63,"Sinapi 38993"]
[38418,"BUCHA DE REDUCAO, PVC, LONGA, SERIE R, DN 50 X 40 MM, PARA ESGOTO PREDIAL","UN    ","CR","4,26",null,4.26,"Sinapi 38418"]
[39178,"BUCHA EM ALUMINIO, COM ROSCA, DE  1 1/2\", PARA ELETRODUTO","UN    ","CR","1,16",null,1.1599999999999999,"Sinapi 39178"]
[39177,"BUCHA EM ALUMINIO, COM ROSCA, DE 1 1/4\", PARA ELETRODUTO","UN    ","CR","1,04",null,1.04,"Sinapi 39177"]
[39174,"BUCHA EM ALUMINIO, COM ROSCA, DE 1/2\", PARA ELETRODUTO","UN    ","CR","0,52",null,0.52,"Sinapi 39174"]
[39176,"BUCHA EM ALUMINIO, COM ROSCA, DE 1\", PARA ELETRODUTO","UN    ","CR","0,68",null,0.68,"Sinapi 39176"]
[39180,"BUCHA EM ALUMINIO, COM ROSCA, DE 2 1/2\", PARA ELETRODUTO","UN    ","CR","3,14",null,3.14,"Sinapi 39180"]
[39179,"BUCHA EM ALUMINIO, COM ROSCA, DE 2\", PARA ELETRODUTO","UN    ","CR","2,78",null,2.78,"Sinapi 39179"]
[39175,"BUCHA EM ALUMINIO, COM ROSCA, DE 3/4\", PARA ELETRODUTO","UN    ","CR","0,64",null,0.64,"Sinapi 39175"]
[39217,"BUCHA EM ALUMINIO, COM ROSCA, DE 3/8\", PARA ELETRODUTO","UN    ","CR","0,49",null,0.49,"Sinapi 39217"]
[39181,"BUCHA EM ALUMINIO, COM ROSCA, DE 3\", PARA ELETRODUTO","UN    ","CR","4,22",null,4.22,"Sinapi 39181"]
[39182,"BUCHA EM ALUMINIO, COM ROSCA, DE 4\", PARA ELETRODUTO","UN    ","CR","5,93",null,5.93,"Sinapi 39182"]
[12616,"CABECEIRA DIREITA OU ESQUERDA, PVC, PARA CALHA PLUVIAL, DIAMETRO ENTRE 119 E 170 MM, PARA DRENAGEM PREDIAL","UN    ","AS","4,47",null,4.47,"Sinapi 12616"]
[1049,"CABECOTE PARA ENTRADA DE LINHA DE ALIMENTACAO PARA ELETRODUTO, EM LIGA DE ALUMINIO COM ACABAMENTO ANTI CORROSIVO, COM FIXACAO POR ENCAIXE LISO DE 360 GRAUS, DE 1 1/2\"","UN    ","CR","4,96",null,4.96,"Sinapi 1049"]
[1099,"CABECOTE PARA ENTRADA DE LINHA DE ALIMENTACAO PARA ELETRODUTO, EM LIGA DE ALUMINIO COM ACABAMENTO ANTI CORROSIVO, COM FIXACAO POR ENCAIXE LISO DE 360 GRAUS, DE 1 1/4\"","UN    ","CR","3,80",null,3.8,"Sinapi 1099"]
[39678,"CABECOTE PARA ENTRADA DE LINHA DE ALIMENTACAO PARA ELETRODUTO, EM LIGA DE ALUMINIO COM ACABAMENTO ANTI CORROSIVO, COM FIXACAO POR ENCAIXE LISO DE 360 GRAUS, DE 1/2\"","UN    ","CR","1,53",null,1.53,"Sinapi 39678"]
[1050,"CABECOTE PARA ENTRADA DE LINHA DE ALIMENTACAO PARA ELETRODUTO, EM LIGA DE ALUMINIO COM ACABAMENTO ANTI CORROSIVO, COM FIXACAO POR ENCAIXE LISO DE 360 GRAUS, DE 1\"","UN    ","CR","2,59",null,2.59,"Sinapi 1050"]
[1101,"CABECOTE PARA ENTRADA DE LINHA DE ALIMENTACAO PARA ELETRODUTO, EM LIGA DE ALUMINIO COM ACABAMENTO ANTI CORROSIVO, COM FIXACAO POR ENCAIXE LISO DE 360 GRAUS, DE 2 1/2\"","UN    ","CR","16,38",null,16.38,"Sinapi 1101"]
[1100,"CABECOTE PARA ENTRADA DE LINHA DE ALIMENTACAO PARA ELETRODUTO, EM LIGA DE ALUMINIO COM ACABAMENTO ANTI CORROSIVO, COM FIXACAO POR ENCAIXE LISO DE 360 GRAUS, DE 2\"","UN    ","CR","8,45",null,8.4499999999999993,"Sinapi 1100"]
[39679,"CABECOTE PARA ENTRADA DE LINHA DE ALIMENTACAO PARA ELETRODUTO, EM LIGA DE ALUMINIO COM ACABAMENTO ANTI CORROSIVO, COM FIXACAO POR ENCAIXE LISO DE 360 GRAUS, DE 3 1/2\"","UN    ","CR","32,64",null,32.64,"Sinapi 39679"]
[1098,"CABECOTE PARA ENTRADA DE LINHA DE ALIMENTACAO PARA ELETRODUTO, EM LIGA DE ALUMINIO COM ACABAMENTO ANTI CORROSIVO, COM FIXACAO POR ENCAIXE LISO DE 360 GRAUS, DE 3/4\"","UN    ","CR","2,02",null,2.02,"Sinapi 1098"]
[1102,"CABECOTE PARA ENTRADA DE LINHA DE ALIMENTACAO PARA ELETRODUTO, EM LIGA DE ALUMINIO COM ACABAMENTO ANTI CORROSIVO, COM FIXACAO POR ENCAIXE LISO DE 360 GRAUS, DE 3\"","UN    ","CR","24,42",null,24.42,"Sinapi 1102"]
[1051,"CABECOTE PARA ENTRADA DE LINHA DE ALIMENTACAO PARA ELETRODUTO, EM LIGA DE ALUMINIO COM ACABAMENTO ANTI CORROSIVO, COM FIXACAO POR ENCAIXE LISO DE 360 GRAUS, DE 4\"","UN    ","CR","35,50",null,35.5,"Sinapi 1051"]
[37399,"CABIDE/GANCHO DE BANHEIRO SIMPLES EM METAL CROMADO","UN    ","CR","16,23",null,{"$f":"IF(E777=\"\",\"\",E777+0)","v":16.23},{"$f":"IF(G777=\"\",\"\",CONCATENATE(\"Sinapi \",A777))","v":"Sinapi 37399"}]
[41955,"CABO DE ACO GALVANIZADO, DIAMETRO 12,7 MM (1/2\"), COM ALMA DE ACO CABO INDEPENDENTE 6 X 25 F","KG    ","CR","46,85",null,46.85,"Sinapi 41955"]
[41953,"CABO DE ACO GALVANIZADO, DIAMETRO 12,7 MM (1/2\"), COM ALMA DE FIBRA 6 X 25 F","KG    ","CR","44,71",null,44.71,"Sinapi 41953"]
[41954,"CABO DE ACO GALVANIZADO, DIAMETRO 9,53 MM (3/8\"), COM ALMA DE FIBRA 6 X 25 F","KG    ","CR","41,68",null,41.68,"Sinapi 41954"]
[42655,"CABO DE ACO GALVANIZADO, DIAMETRO 9,53 MM (3/8\"), COM ALMA DE FIBRA 6 X 25 F  (COLETADO CAIXA)","KG    ","CR","10,45",null,10.45,"Sinapi 42655"]
[25004,"CABO DE ALUMINIO NU COM ALMA DE ACO, BITOLA 1/0 AWG","KG    ","AS","16,10",null,16.100000000000001,"Sinapi 25004"]
[25002,"CABO DE ALUMINIO NU COM ALMA DE ACO, BITOLA 2 AWG","KG    ","AS","16,24",null,16.239999999999998,"Sinapi 25002"]
[37409,"CABO DE ALUMINIO NU COM ALMA DE ACO, BITOLA 2/0 AWG","KG    ","AS","15,97",null,15.97,"Sinapi 37409"]
[841,"CABO DE ALUMINIO NU COM ALMA DE ACO, BITOLA 4 AWG","KG    ","AS","16,50",null,16.5,"Sinapi 841"]
[25005,"CABO DE ALUMINIO NU SEM ALMA DE ACO, BITOLA 1/0 AWG","KG    ","AS","18,09",null,18.09,"Sinapi 25005"]
[25003,"CABO DE ALUMINIO NU SEM ALMA DE ACO, BITOLA 2 AWG","KG    ","AS","19,32",null,19.32,"Sinapi 25003"]
[37410,"CABO DE ALUMINIO NU SEM ALMA DE ACO, BITOLA 2/0 AWG","KG    ","AS","18,09",null,18.09,"Sinapi 37410"]
[842,"CABO DE ALUMINIO NU SEM ALMA DE ACO, BITOLA 4 AWG","KG    ","AS","20,35",null,20.350000000000001,"Sinapi 842"]
[862,"CABO DE COBRE NU 10 MM2 MEIO-DURO","M     ","CR","4,73",null,4.7300000000000004,"Sinapi 862"]
[866,"CABO DE COBRE NU 120 MM2 MEIO-DURO","M     ","CR","58,24",null,58.24,"Sinapi 866"]
[892,"CABO DE COBRE NU 150 MM2 MEIO-DURO","M     ","CR","74,06",null,74.06,"Sinapi 892"]
[857,"CABO DE COBRE NU 16 MM2 MEIO-DURO","M     ","C ","7,54",null,7.54,"Sinapi 857"]
[37404,"CABO DE COBRE NU 185 MM2 MEIO-DURO","M     ","CR","89,06",null,89.06,"Sinapi 37404"]
[868,"CABO DE COBRE NU 25 MM2 MEIO-DURO","M     ","CR","11,64",null,11.64,"Sinapi 868"]
[870,"CABO DE COBRE NU 300 MM2 MEIO-DURO","M     ","CR","153,47",null,153.47,"Sinapi 870"]
[863,"CABO DE COBRE NU 35 MM2 MEIO-DURO","M     ","CR","16,09",null,16.09,"Sinapi 863"]
[867,"CABO DE COBRE NU 50 MM2 MEIO-DURO","M     ","CR","22,40",null,22.4,"Sinapi 867"]
[891,"CABO DE COBRE NU 500 MM2 MEIO-DURO","M     ","CR","257,74",null,257.74,"Sinapi 891"]
[864,"CABO DE COBRE NU 70 MM2 MEIO-DURO","M     ","CR","31,56",null,31.56,"Sinapi 864"]
[865,"CABO DE COBRE NU 95 MM2 MEIO-DURO","M     ","CR","44,46",null,44.46,"Sinapi 865"]
[1006,"CABO DE COBRE RIGIDO, CLASSE 2, ISOLACAO EM PVC, ANTI-CHAMA BWF-B, 1 CONDUTOR, 450/750 V, DIAMETRO 120 MM2","M     ","CR","72,45",null,72.45,"Sinapi 1006"]
[948,"CABO DE COBRE UNIPOLAR 10 MM2, BLINDADO, ISOLACAO 3,6/6 KV EPR, COBERTURA EM PVC","M     ","CR","19,80",null,19.8,"Sinapi 948"]
[947,"CABO DE COBRE UNIPOLAR 16 MM2, BLINDADO, ISOLACAO 3,6/6 KV EPR, COBERTURA EM PVC","M     ","CR","20,14",null,20.14,"Sinapi 947"]
[911,"CABO DE COBRE UNIPOLAR 16 MM2, BLINDADO, ISOLACAO 6/10 KV EPR, COBERTURA EM PVC","M     ","CR","29,29",null,29.29,"Sinapi 911"]
[925,"CABO DE COBRE UNIPOLAR 25 MM2, BLINDADO, ISOLACAO 3,6/6 KV EPR, COBERTURA EM PVC","M     ","CR","27,07",null,27.07,"Sinapi 925"]
[954,"CABO DE COBRE UNIPOLAR 25MM2, BLINDADO, ISOLACAO 6/10 KV EPR, COBERTURA EM PVC","M     ","CR","29,91",null,29.91,"Sinapi 954"]
[901,"CABO DE COBRE UNIPOLAR 35 MM2, BLINDADO, ISOLACAO 12/20 KV EPR, COBERTURA EM PVC","M     ","C ","32,01",null,32.01,"Sinapi 901"]
[926,"CABO DE COBRE UNIPOLAR 35 MM2, BLINDADO, ISOLACAO 3,6/6 KV EPR, COBERTURA EM PVC","M     ","CR","33,83",null,33.83,"Sinapi 926"]
[912,"CABO DE COBRE UNIPOLAR 35 MM2, BLINDADO, ISOLACAO 6/10 KV EPR, COBERTURA EM PVC","M     ","CR","34,03",null,34.03,"Sinapi 912"]
[955,"CABO DE COBRE UNIPOLAR 50 MM2, BLINDADO, ISOLACAO 12/20 KV EPR, COBERTURA EM PVC","M     ","CR","40,62",null,40.619999999999997,"Sinapi 955"]
[946,"CABO DE COBRE UNIPOLAR 50 MM2, BLINDADO, ISOLACAO 3,6/6 KV EPR, COBERTURA EM PVC","M     ","CR","45,67",null,45.67,"Sinapi 946"]
[953,"CABO DE COBRE UNIPOLAR 50 MM2, BLINDADO, ISOLACAO 6/10 KV EPR, COBERTURA EM PVC","M     ","CR","41,56",null,41.56,"Sinapi 953"]
[902,"CABO DE COBRE UNIPOLAR 70 MM2, BLINDADO, ISOLACAO 12/20 KV EPR, COBERTURA EM PVC","M     ","CR","50,52",null,50.52,"Sinapi 902"]
[927,"CABO DE COBRE UNIPOLAR 70 MM2, BLINDADO, ISOLACAO 3,6/6 KV EPR, COBERTURA EM PVC","M     ","CR","48,97",null,48.97,"Sinapi 927"]
[913,"CABO DE COBRE UNIPOLAR 70 MM2, BLINDADO, ISOLACAO 6/10 KV EPR, COBERTURA EM PVC","M     ","CR","54,66",null,54.66,"Sinapi 913"]
[903,"CABO DE COBRE UNIPOLAR 95 MM2, BLINDADO, ISOLACAO 12/20 KV EPR, COBERTURA EM PVC","M     ","CR","61,86",null,61.86,"Sinapi 903"]
[945,"CABO DE COBRE UNIPOLAR 95 MM2, BLINDADO, ISOLACAO 3,6/6 KV EPR, COBERTURA EM PVC","M     ","CR","65,44",null,65.44,"Sinapi 945"]
[914,"CABO DE COBRE UNIPOLAR 95 MM2, BLINDADO, ISOLACAO 6/10 KV EPR, COBERTURA EM PVC","M     ","CR","67,04",null,67.040000000000006,"Sinapi 914"]
[993,"CABO DE COBRE, FLEXIVEL, CLASSE 4 OU 5, ISOLACAO EM PVC/A, ANTICHAMA BWF-B, COBERTURA PVC-ST1, ANTICHAMA BWF-B, 1 CONDUTOR, 0,6/1 KV, SECAO NOMINAL 1,5 MM2","M     ","CR","1,56",null,1.56,"Sinapi 993"]
[1020,"CABO DE COBRE, FLEXIVEL, CLASSE 4 OU 5, ISOLACAO EM PVC/A, ANTICHAMA BWF-B, COBERTURA PVC-ST1, ANTICHAMA BWF-B, 1 CONDUTOR, 0,6/1 KV, SECAO NOMINAL 10 MM2","M     ","CR","6,79",null,6.79,"Sinapi 1020"]
[1017,"CABO DE COBRE, FLEXIVEL, CLASSE 4 OU 5, ISOLACAO EM PVC/A, ANTICHAMA BWF-B, COBERTURA PVC-ST1, ANTICHAMA BWF-B, 1 CONDUTOR, 0,6/1 KV, SECAO NOMINAL 120 MM2","M     ","CR","74,64",null,74.64,"Sinapi 1017"]
[999,"CABO DE COBRE, FLEXIVEL, CLASSE 4 OU 5, ISOLACAO EM PVC/A, ANTICHAMA BWF-B, COBERTURA PVC-ST1, ANTICHAMA BWF-B, 1 CONDUTOR, 0,6/1 KV, SECAO NOMINAL 150 MM2","M     ","CR","92,48",null,92.48,"Sinapi 999"]
[995,"CABO DE COBRE, FLEXIVEL, CLASSE 4 OU 5, ISOLACAO EM PVC/A, ANTICHAMA BWF-B, COBERTURA PVC-ST1, ANTICHAMA BWF-B, 1 CONDUTOR, 0,6/1 KV, SECAO NOMINAL 16 MM2","M     ","CR","10,42",null,10.42,"Sinapi 995"]
[1000,"CABO DE COBRE, FLEXIVEL, CLASSE 4 OU 5, ISOLACAO EM PVC/A, ANTICHAMA BWF-B, COBERTURA PVC-ST1, ANTICHAMA BWF-B, 1 CONDUTOR, 0,6/1 KV, SECAO NOMINAL 185 MM2","M     ","CR","113,37",null,113.37,"Sinapi 1000"]
[1022,"CABO DE COBRE, FLEXIVEL, CLASSE 4 OU 5, ISOLACAO EM PVC/A, ANTICHAMA BWF-B, COBERTURA PVC-ST1, ANTICHAMA BWF-B, 1 CONDUTOR, 0,6/1 KV, SECAO NOMINAL 2,5 MM2","M     ","CR","2,16",null,2.16,"Sinapi 1022"]
[1015,"CABO DE COBRE, FLEXIVEL, CLASSE 4 OU 5, ISOLACAO EM PVC/A, ANTICHAMA BWF-B, COBERTURA PVC-ST1, ANTICHAMA BWF-B, 1 CONDUTOR, 0,6/1 KV, SECAO NOMINAL 240 MM2","M     ","CR","149,28",null,149.28,"Sinapi 1015"]
[996,"CABO DE COBRE, FLEXIVEL, CLASSE 4 OU 5, ISOLACAO EM PVC/A, ANTICHAMA BWF-B, COBERTURA PVC-ST1, ANTICHAMA BWF-B, 1 CONDUTOR, 0,6/1 KV, SECAO NOMINAL 25 MM2","M     ","CR","15,86",null,15.86,"Sinapi 996"]
[1001,"CABO DE COBRE, FLEXIVEL, CLASSE 4 OU 5, ISOLACAO EM PVC/A, ANTICHAMA BWF-B, COBERTURA PVC-ST1, ANTICHAMA BWF-B, 1 CONDUTOR, 0,6/1 KV, SECAO NOMINAL 300 MM2","M     ","CR","186,82",null,186.82,"Sinapi 1001"]
[1019,"CABO DE COBRE, FLEXIVEL, CLASSE 4 OU 5, ISOLACAO EM PVC/A, ANTICHAMA BWF-B, COBERTURA PVC-ST1, ANTICHAMA BWF-B, 1 CONDUTOR, 0,6/1 KV, SECAO NOMINAL 35 MM2","M     ","CR","21,86",null,21.86,"Sinapi 1019"]
[1021,"CABO DE COBRE, FLEXIVEL, CLASSE 4 OU 5, ISOLACAO EM PVC/A, ANTICHAMA BWF-B, COBERTURA PVC-ST1, ANTICHAMA BWF-B, 1 CONDUTOR, 0,6/1 KV, SECAO NOMINAL 4 MM2","M     ","CR","3,10",null,3.1,"Sinapi 1021"]
[39249,"CABO DE COBRE, FLEXIVEL, CLASSE 4 OU 5, ISOLACAO EM PVC/A, ANTICHAMA BWF-B, COBERTURA PVC-ST1, ANTICHAMA BWF-B, 1 CONDUTOR, 0,6/1 KV, SECAO NOMINAL 400 MM2","M     ","CR","243,70",null,243.7,"Sinapi 39249"]
[1018,"CABO DE COBRE, FLEXIVEL, CLASSE 4 OU 5, ISOLACAO EM PVC/A, ANTICHAMA BWF-B, COBERTURA PVC-ST1, ANTICHAMA BWF-B, 1 CONDUTOR, 0,6/1 KV, SECAO NOMINAL 50 MM2","M     ","CR","31,16",null,31.16,"Sinapi 1018"]
[39250,"CABO DE COBRE, FLEXIVEL, CLASSE 4 OU 5, ISOLACAO EM PVC/A, ANTICHAMA BWF-B, COBERTURA PVC-ST1, ANTICHAMA BWF-B, 1 CONDUTOR, 0,6/1 KV, SECAO NOMINAL 500 MM2","M     ","CR","313,06",null,313.06,"Sinapi 39250"]
[994,"CABO DE COBRE, FLEXIVEL, CLASSE 4 OU 5, ISOLACAO EM PVC/A, ANTICHAMA BWF-B, COBERTURA PVC-ST1, ANTICHAMA BWF-B, 1 CONDUTOR, 0,6/1 KV, SECAO NOMINAL 6 MM2","M     ","CR","4,24",null,4.24,"Sinapi 994"]
[977,"CABO DE COBRE, FLEXIVEL, CLASSE 4 OU 5, ISOLACAO EM PVC/A, ANTICHAMA BWF-B, COBERTURA PVC-ST1, ANTICHAMA BWF-B, 1 CONDUTOR, 0,6/1 KV, SECAO NOMINAL 70 MM2","M     ","CR","43,16",null,43.16,"Sinapi 977"]
[998,"CABO DE COBRE, FLEXIVEL, CLASSE 4 OU 5, ISOLACAO EM PVC/A, ANTICHAMA BWF-B, COBERTURA PVC-ST1, ANTICHAMA BWF-B, 1 CONDUTOR, 0,6/1 KV, SECAO NOMINAL 95 MM2","M     ","CR","57,34",null,57.34,"Sinapi 998"]
[39251,"CABO DE COBRE, FLEXIVEL, CLASSE 4 OU 5, ISOLACAO EM PVC/A, ANTICHAMA BWF-B, 1 CONDUTOR, 450/750 V, SECAO NOMINAL 0,5 MM2","M     ","CR","0,41",null,0.41,"Sinapi 39251"]
[1011,"CABO DE COBRE, FLEXIVEL, CLASSE 4 OU 5, ISOLACAO EM PVC/A, ANTICHAMA BWF-B, 1 CONDUTOR, 450/750 V, SECAO NOMINAL 0,75 MM2","M     ","CR","0,57",null,0.56999999999999995,"Sinapi 1011"]
[39252,"CABO DE COBRE, FLEXIVEL, CLASSE 4 OU 5, ISOLACAO EM PVC/A, ANTICHAMA BWF-B, 1 CONDUTOR, 450/750 V, SECAO NOMINAL 1,0 MM2","M     ","CR","0,69",null,0.69,"Sinapi 39252"]
[1013,"CABO DE COBRE, FLEXIVEL, CLASSE 4 OU 5, ISOLACAO EM PVC/A, ANTICHAMA BWF-B, 1 CONDUTOR, 450/750 V, SECAO NOMINAL 1,5 MM2","M     ","CR","0,91",null,{"$f":"IF(E841=\"\",\"\",E841+0)","v":0.91},{"$f":"IF(G841=\"\",\"\",CONCATENATE(\"Sinapi \",A841))","v":"Sinapi 1013"}]
[980,"CABO DE COBRE, FLEXIVEL, CLASSE 4 OU 5, ISOLACAO EM PVC/A, ANTICHAMA BWF-B, 1 CONDUTOR, 450/750 V, SECAO NOMINAL 10 MM2","M     ","CR","6,23",null,6.23,"Sinapi 980"]
[39237,"CABO DE COBRE, FLEXIVEL, CLASSE 4 OU 5, ISOLACAO EM PVC/A, ANTICHAMA BWF-B, 1 CONDUTOR, 450/750 V, SECAO NOMINAL 120 MM2","M     ","CR","73,86",null,73.86,"Sinapi 39237"]
[39238,"CABO DE COBRE, FLEXIVEL, CLASSE 4 OU 5, ISOLACAO EM PVC/A, ANTICHAMA BWF-B, 1 CONDUTOR, 450/750 V, SECAO NOMINAL 150 MM2","M     ","CR","92,21",null,92.21,"Sinapi 39238"]
[979,"CABO DE COBRE, FLEXIVEL, CLASSE 4 OU 5, ISOLACAO EM PVC/A, ANTICHAMA BWF-B, 1 CONDUTOR, 450/750 V, SECAO NOMINAL 16 MM2","M     ","C ","9,60",null,9.6,"Sinapi 979"]
[39239,"CABO DE COBRE, FLEXIVEL, CLASSE 4 OU 5, ISOLACAO EM PVC/A, ANTICHAMA BWF-B, 1 CONDUTOR, 450/750 V, SECAO NOMINAL 185 MM2","M     ","CR","112,22",null,112.22,"Sinapi 39239"]
[1014,"CABO DE COBRE, FLEXIVEL, CLASSE 4 OU 5, ISOLACAO EM PVC/A, ANTICHAMA BWF-B, 1 CONDUTOR, 450/750 V, SECAO NOMINAL 2,5 MM2","M     ","CR","1,45",null,1.45,"Sinapi 1014"]
[39240,"CABO DE COBRE, FLEXIVEL, CLASSE 4 OU 5, ISOLACAO EM PVC/A, ANTICHAMA BWF-B, 1 CONDUTOR, 450/750 V, SECAO NOMINAL 240 MM2","M     ","CR","148,32",null,148.32,"Sinapi 39240"]
[39232,"CABO DE COBRE, FLEXIVEL, CLASSE 4 OU 5, ISOLACAO EM PVC/A, ANTICHAMA BWF-B, 1 CONDUTOR, 450/750 V, SECAO NOMINAL 25 MM2","M     ","CR","15,40",null,15.4,"Sinapi 39232"]
[39233,"CABO DE COBRE, FLEXIVEL, CLASSE 4 OU 5, ISOLACAO EM PVC/A, ANTICHAMA BWF-B, 1 CONDUTOR, 450/750 V, SECAO NOMINAL 35 MM2","M     ","CR","21,17",null,21.17,"Sinapi 39233"]
[981,"CABO DE COBRE, FLEXIVEL, CLASSE 4 OU 5, ISOLACAO EM PVC/A, ANTICHAMA BWF-B, 1 CONDUTOR, 450/750 V, SECAO NOMINAL 4 MM2","M     ","CR","2,60",null,2.6,"Sinapi 981"]
[39234,"CABO DE COBRE, FLEXIVEL, CLASSE 4 OU 5, ISOLACAO EM PVC/A, ANTICHAMA BWF-B, 1 CONDUTOR, 450/750 V, SECAO NOMINAL 50 MM2","M     ","CR","31,07",null,31.07,"Sinapi 39234"]
[982,"CABO DE COBRE, FLEXIVEL, CLASSE 4 OU 5, ISOLACAO EM PVC/A, ANTICHAMA BWF-B, 1 CONDUTOR, 450/750 V, SECAO NOMINAL 6 MM2","M     ","CR","3,64",null,3.64,"Sinapi 982"]
[39235,"CABO DE COBRE, FLEXIVEL, CLASSE 4 OU 5, ISOLACAO EM PVC/A, ANTICHAMA BWF-B, 1 CONDUTOR, 450/750 V, SECAO NOMINAL 70 MM2","M     ","CR","43,70",null,43.7,"Sinapi 39235"]
[39236,"CABO DE COBRE, FLEXIVEL, CLASSE 4 OU 5, ISOLACAO EM PVC/A, ANTICHAMA BWF-B, 1 CONDUTOR, 450/750 V, SECAO NOMINAL 95 MM2","M     ","CR","57,30",null,57.3,"Sinapi 39236"]
[876,"CABO DE COBRE, RIGIDO, CLASSE 2, COMPACTADO, BLINDADO, ISOLACAO EM EPR OU XLPE, COBERTURA ANTICHAMA EM PVC, PEAD OU HFFR, 1 CONDUTOR, 20/35 KV, SECAO NOMINAL 120 MM2","M     ","CR","147,90",null,147.9,"Sinapi 876"]
[877,"CABO DE COBRE, RIGIDO, CLASSE 2, COMPACTADO, BLINDADO, ISOLACAO EM EPR OU XLPE, COBERTURA ANTICHAMA EM PVC, PEAD OU HFFR, 1 CONDUTOR, 20/35 KV, SECAO NOMINAL 150 MM2","M     ","CR","173,88",null,173.88,"Sinapi 877"]
[882,"CABO DE COBRE, RIGIDO, CLASSE 2, COMPACTADO, BLINDADO, ISOLACAO EM EPR OU XLPE, COBERTURA ANTICHAMA EM PVC, PEAD OU HFFR, 1 CONDUTOR, 20/35 KV, SECAO NOMINAL 185 MM2","M     ","CR","189,47",null,189.47,"Sinapi 882"]
[878,"CABO DE COBRE, RIGIDO, CLASSE 2, COMPACTADO, BLINDADO, ISOLACAO EM EPR OU XLPE, COBERTURA ANTICHAMA EM PVC, PEAD OU HFFR, 1 CONDUTOR, 20/35 KV, SECAO NOMINAL 240 MM2","M     ","CR","235,55",null,235.55,"Sinapi 878"]
[879,"CABO DE COBRE, RIGIDO, CLASSE 2, COMPACTADO, BLINDADO, ISOLACAO EM EPR OU XLPE, COBERTURA ANTICHAMA EM PVC, PEAD OU HFFR, 1 CONDUTOR, 20/35 KV, SECAO NOMINAL 300 MM2","M     ","CR","277,64",null,277.64,"Sinapi 879"]
[880,"CABO DE COBRE, RIGIDO, CLASSE 2, COMPACTADO, BLINDADO, ISOLACAO EM EPR OU XLPE, COBERTURA ANTICHAMA EM PVC, PEAD OU HFFR, 1 CONDUTOR, 20/35 KV, SECAO NOMINAL 400 MM2","M     ","CR","326,67",null,326.67,"Sinapi 880"]
[873,"CABO DE COBRE, RIGIDO, CLASSE 2, COMPACTADO, BLINDADO, ISOLACAO EM EPR OU XLPE, COBERTURA ANTICHAMA EM PVC, PEAD OU HFFR, 1 CONDUTOR, 20/35 KV, SECAO NOMINAL 50 MM2","M     ","CR","99,33",null,99.33,"Sinapi 873"]
[881,"CABO DE COBRE, RIGIDO, CLASSE 2, COMPACTADO, BLINDADO, ISOLACAO EM EPR OU XLPE, COBERTURA ANTICHAMA EM PVC, PEAD OU HFFR, 1 CONDUTOR, 20/35 KV, SECAO NOMINAL 500 MM2","M     ","CR","446,50",null,446.5,"Sinapi 881"]
[874,"CABO DE COBRE, RIGIDO, CLASSE 2, COMPACTADO, BLINDADO, ISOLACAO EM EPR OU XLPE, COBERTURA ANTICHAMA EM PVC, PEAD OU HFFR, 1 CONDUTOR, 20/35 KV, SECAO NOMINAL 70 MM2","M     ","CR","117,88",null,117.88,"Sinapi 874"]
[875,"CABO DE COBRE, RIGIDO, CLASSE 2, COMPACTADO, BLINDADO, ISOLACAO EM EPR OU XLPE, COBERTURA ANTICHAMA EM PVC, PEAD OU HFFR, 1 CONDUTOR, 20/35 KV, SECAO NOMINAL 95 MM2","M     ","CR","140,64",null,140.63999999999999,"Sinapi 875"]
[983,"CABO DE COBRE, RIGIDO, CLASSE 2, ISOLACAO EM PVC/A, ANTICHAMA BWF-B, 1 CONDUTOR, 450/750 V, SECAO NOMINAL 1,5 MM2","M     ","CR","0,88",null,0.88,"Sinapi 983"]
[985,"CABO DE COBRE, RIGIDO, CLASSE 2, ISOLACAO EM PVC/A, ANTICHAMA BWF-B, 1 CONDUTOR, 450/750 V, SECAO NOMINAL 10 MM2","M     ","CR","6,60",null,6.6,"Sinapi 985"]
[990,"CABO DE COBRE, RIGIDO, CLASSE 2, ISOLACAO EM PVC/A, ANTICHAMA BWF-B, 1 CONDUTOR, 450/750 V, SECAO NOMINAL 150 MM2","M     ","CR","90,41",null,90.41,"Sinapi 990"]
[39241,"CABO DE COBRE, RIGIDO, CLASSE 2, ISOLACAO EM PVC/A, ANTICHAMA BWF-B, 1 CONDUTOR, 450/750 V, SECAO NOMINAL 16 MM2","M     ","CR","10,33",null,10.33,"Sinapi 39241"]
[1005,"CABO DE COBRE, RIGIDO, CLASSE 2, ISOLACAO EM PVC/A, ANTICHAMA BWF-B, 1 CONDUTOR, 450/750 V, SECAO NOMINAL 185 MM2","M     ","CR","110,97",null,110.97,"Sinapi 1005"]
[984,"CABO DE COBRE, RIGIDO, CLASSE 2, ISOLACAO EM PVC/A, ANTICHAMA BWF-B, 1 CONDUTOR, 450/750 V, SECAO NOMINAL 2,5 MM2","M     ","CR","2,28",null,2.2799999999999998,"Sinapi 984"]
[991,"CABO DE COBRE, RIGIDO, CLASSE 2, ISOLACAO EM PVC/A, ANTICHAMA BWF-B, 1 CONDUTOR, 450/750 V, SECAO NOMINAL 240 MM2","M     ","CR","146,63",null,146.63,"Sinapi 991"]
[986,"CABO DE COBRE, RIGIDO, CLASSE 2, ISOLACAO EM PVC/A, ANTICHAMA BWF-B, 1 CONDUTOR, 450/750 V, SECAO NOMINAL 25 MM2","M     ","CR","15,79",null,15.79,"Sinapi 986"]
[1024,"CABO DE COBRE, RIGIDO, CLASSE 2, ISOLACAO EM PVC/A, ANTICHAMA BWF-B, 1 CONDUTOR, 450/750 V, SECAO NOMINAL 300 MM2","M     ","CR","181,48",null,181.48,"Sinapi 1024"]
[987,"CABO DE COBRE, RIGIDO, CLASSE 2, ISOLACAO EM PVC/A, ANTICHAMA BWF-B, 1 CONDUTOR, 450/750 V, SECAO NOMINAL 35 MM2","M     ","CR","21,46",null,21.46,"Sinapi 987"]
[1003,"CABO DE COBRE, RIGIDO, CLASSE 2, ISOLACAO EM PVC/A, ANTICHAMA BWF-B, 1 CONDUTOR, 450/750 V, SECAO NOMINAL 4 MM2","M     ","CR","3,34",null,3.34,"Sinapi 1003"]
[992,"CABO DE COBRE, RIGIDO, CLASSE 2, ISOLACAO EM PVC/A, ANTICHAMA BWF-B, 1 CONDUTOR, 450/750 V, SECAO NOMINAL 400 MM2","M     ","CR","234,80",null,234.8,"Sinapi 992"]
[1007,"CABO DE COBRE, RIGIDO, CLASSE 2, ISOLACAO EM PVC/A, ANTICHAMA BWF-B, 1 CONDUTOR, 450/750 V, SECAO NOMINAL 50 MM2","M     ","CR","30,45",null,30.45,"Sinapi 1007"]
[39242,"CABO DE COBRE, RIGIDO, CLASSE 2, ISOLACAO EM PVC/A, ANTICHAMA BWF-B, 1 CONDUTOR, 450/750 V, SECAO NOMINAL 500 MM2","M     ","CR","290,92",null,290.92,"Sinapi 39242"]
[1008,"CABO DE COBRE, RIGIDO, CLASSE 2, ISOLACAO EM PVC/A, ANTICHAMA BWF-B, 1 CONDUTOR, 450/750 V, SECAO NOMINAL 6 MM2","M     ","CR","3,79",null,3.79,"Sinapi 1008"]
[988,"CABO DE COBRE, RIGIDO, CLASSE 2, ISOLACAO EM PVC/A, ANTICHAMA BWF-B, 1 CONDUTOR, 450/750 V, SECAO NOMINAL 70 MM2","M     ","CR","42,06",null,42.06,"Sinapi 988"]
[989,"CABO DE COBRE, RIGIDO, CLASSE 2, ISOLACAO EM PVC/A, ANTICHAMA BWF-B, 1 CONDUTOR, 450/750 V, SECAO NOMINAL 95 MM2","M     ","CR","56,97",null,56.97,"Sinapi 989"]
[39598,"CABO DE PAR TRANCADO UTP, 4 PARES, CATEGORIA 5E","M     ","CR","1,11",null,1.1100000000000001,"Sinapi 39598"]
[39599,"CABO DE PAR TRANCADO UTP, 4 PARES, CATEGORIA 6","M     ","CR","1,67",null,1.67,"Sinapi 39599"]
[34602,"CABO FLEXIVEL PVC 750 V, 2 CONDUTORES DE 1,5 MM2","M     ","CR","1,86",null,1.86,"Sinapi 34602"]
[34603,"CABO FLEXIVEL PVC 750 V, 2 CONDUTORES DE 10,0 MM2","M     ","CR","8,97",null,8.9700000000000006,"Sinapi 34603"]
[34607,"CABO FLEXIVEL PVC 750 V, 2 CONDUTORES DE 4,0 MM2","M     ","CR","4,00",null,4,"Sinapi 34607"]
[34609,"CABO FLEXIVEL PVC 750 V, 2 CONDUTORES DE 6,0 MM2","M     ","CR","6,00",null,6,"Sinapi 34609"]
[34618,"CABO FLEXIVEL PVC 750 V, 3 CONDUTORES DE 1,5 MM2","M     ","CR","2,47",null,2.4700000000000002,"Sinapi 34618"]
[34620,"CABO FLEXIVEL PVC 750 V, 3 CONDUTORES DE 10,0 MM2","M     ","CR","12,38",null,12.38,"Sinapi 34620"]
[34621,"CABO FLEXIVEL PVC 750 V, 3 CONDUTORES DE 4,0 MM2","M     ","CR","5,74",null,5.74,"Sinapi 34621"]
[34622,"CABO FLEXIVEL PVC 750 V, 3 CONDUTORES DE 6,0 MM2","M     ","CR","8,13",null,8.1300000000000008,"Sinapi 34622"]
[34624,"CABO FLEXIVEL PVC 750 V, 4 CONDUTORES DE 1,5 MM2","M     ","CR","3,16",null,3.16,"Sinapi 34624"]
[34626,"CABO FLEXIVEL PVC 750 V, 4 CONDUTORES DE 10,0 MM2","M     ","CR","17,01",null,17.010000000000002,"Sinapi 34626"]
[34627,"CABO FLEXIVEL PVC 750 V, 4 CONDUTORES DE 4,0 MM2","M     ","CR","7,33",null,7.33,"Sinapi 34627"]
[34629,"CABO FLEXIVEL PVC 750 V, 4 CONDUTORES DE 6,0 MM2","M     ","CR","10,73",null,10.73,"Sinapi 34629"]
[39257,"CABO MULTIPOLAR DE COBRE, FLEXIVEL, CLASSE 4 OU 5, ISOLACAO EM HEPR, COBERTURA EM PVC-ST2, ANTICHAMA BWF-B, 0,6/1 KV, 3 CONDUTORES DE 1,5 MM2","M     ","CR","3,98",null,3.98,"Sinapi 39257"]
[39261,"CABO MULTIPOLAR DE COBRE, FLEXIVEL, CLASSE 4 OU 5, ISOLACAO EM HEPR, COBERTURA EM PVC-ST2, ANTICHAMA BWF-B, 0,6/1 KV, 3 CONDUTORES DE 10 MM2","M     ","CR","21,19",null,21.19,"Sinapi 39261"]
[39268,"CABO MULTIPOLAR DE COBRE, FLEXIVEL, CLASSE 4 OU 5, ISOLACAO EM HEPR, COBERTURA EM PVC-ST2, ANTICHAMA BWF-B, 0,6/1 KV, 3 CONDUTORES DE 120 MM2","M     ","CR","244,54",null,244.54,"Sinapi 39268"]
[39262,"CABO MULTIPOLAR DE COBRE, FLEXIVEL, CLASSE 4 OU 5, ISOLACAO EM HEPR, COBERTURA EM PVC-ST2, ANTICHAMA BWF-B, 0,6/1 KV, 3 CONDUTORES DE 16 MM2","M     ","CR","33,14",null,33.14,"Sinapi 39262"]
[39258,"CABO MULTIPOLAR DE COBRE, FLEXIVEL, CLASSE 4 OU 5, ISOLACAO EM HEPR, COBERTURA EM PVC-ST2, ANTICHAMA BWF-B, 0,6/1 KV, 3 CONDUTORES DE 2,5 MM2","M     ","CR","5,89",null,5.89,"Sinapi 39258"]
[39263,"CABO MULTIPOLAR DE COBRE, FLEXIVEL, CLASSE 4 OU 5, ISOLACAO EM HEPR, COBERTURA EM PVC-ST2, ANTICHAMA BWF-B, 0,6/1 KV, 3 CONDUTORES DE 25 MM2","M     ","CR","51,27",null,51.27,"Sinapi 39263"]
[39264,"CABO MULTIPOLAR DE COBRE, FLEXIVEL, CLASSE 4 OU 5, ISOLACAO EM HEPR, COBERTURA EM PVC-ST2, ANTICHAMA BWF-B, 0,6/1 KV, 3 CONDUTORES DE 35 MM2","M     ","CR","69,43",null,69.430000000000007,"Sinapi 39264"]
[39259,"CABO MULTIPOLAR DE COBRE, FLEXIVEL, CLASSE 4 OU 5, ISOLACAO EM HEPR, COBERTURA EM PVC-ST2, ANTICHAMA BWF-B, 0,6/1 KV, 3 CONDUTORES DE 4 MM2","M     ","CR","8,98",null,8.98,"Sinapi 39259"]
[39265,"CABO MULTIPOLAR DE COBRE, FLEXIVEL, CLASSE 4 OU 5, ISOLACAO EM HEPR, COBERTURA EM PVC-ST2, ANTICHAMA BWF-B, 0,6/1 KV, 3 CONDUTORES DE 50 MM2","M     ","CR","102,27",null,{"$f":"IF(E905=\"\",\"\",E905+0)","v":102.27},{"$f":"IF(G905=\"\",\"\",CONCATENATE(\"Sinapi \",A905))","v":"Sinapi 39265"}]
[39260,"CABO MULTIPOLAR DE COBRE, FLEXIVEL, CLASSE 4 OU 5, ISOLACAO EM HEPR, COBERTURA EM PVC-ST2, ANTICHAMA BWF-B, 0,6/1 KV, 3 CONDUTORES DE 6 MM2","M     ","CR","12,78",null,12.78,"Sinapi 39260"]
[39266,"CABO MULTIPOLAR DE COBRE, FLEXIVEL, CLASSE 4 OU 5, ISOLACAO EM HEPR, COBERTURA EM PVC-ST2, ANTICHAMA BWF-B, 0,6/1 KV, 3 CONDUTORES DE 70 MM2","M     ","CR","143,51",null,143.51,"Sinapi 39266"]
[39267,"CABO MULTIPOLAR DE COBRE, FLEXIVEL, CLASSE 4 OU 5, ISOLACAO EM HEPR, COBERTURA EM PVC-ST2, ANTICHAMA BWF-B, 0,6/1 KV, 3 CONDUTORES DE 95 MM2","M     ","CR","188,11",null,188.11,"Sinapi 39267"]
[11901,"CABO TELEFONICO CCI 50, 1 PAR, USO INTERNO, SEM BLINDAGEM","M     ","C ","0,60",null,0.6,"Sinapi 11901"]
[11902,"CABO TELEFONICO CCI 50, 2 PARES, USO INTERNO, SEM BLINDAGEM","M     ","CR","1,04",null,1.04,"Sinapi 11902"]
[11903,"CABO TELEFONICO CCI 50, 3 PARES, USO INTERNO, SEM BLINDAGEM","M     ","CR","1,61",null,1.61,"Sinapi 11903"]
[11904,"CABO TELEFONICO CCI 50, 4 PARES, USO INTERNO, SEM BLINDAGEM","M     ","CR","2,05",null,2.0499999999999998,"Sinapi 11904"]
[11905,"CABO TELEFONICO CCI 50, 5 PARES, USO INTERNO, SEM BLINDAGEM","M     ","CR","2,77",null,2.77,"Sinapi 11905"]
[11906,"CABO TELEFONICO CCI 50, 6 PARES, USO INTERNO, SEM BLINDAGEM","M     ","CR","3,18",null,3.18,"Sinapi 11906"]
[11919,"CABO TELEFONICO CI 50, 10 PARES, USO INTERNO","M     ","CR","6,25",null,6.25,"Sinapi 11919"]
[11920,"CABO TELEFONICO CI 50, 20 PARES, USO INTERNO","M     ","CR","12,11",null,12.11,"Sinapi 11920"]
[11924,"CABO TELEFONICO CI 50, 200 PARES, USO INTERNO","M     ","CR","117,74",null,117.74,"Sinapi 11924"]
[11921,"CABO TELEFONICO CI 50, 30 PARES, USO INTERNO","M     ","CR","16,48",null,16.48,"Sinapi 11921"]
[11922,"CABO TELEFONICO CI 50, 50 PARES, USO INTERNO","M     ","CR","29,26",null,29.26,"Sinapi 11922"]
[11923,"CABO TELEFONICO CI 50, 75 PARES, USO INTERNO","M     ","CR","47,80",null,47.8,"Sinapi 11923"]
[11916,"CABO TELEFONICO CTP - APL - 50, 10 PARES, USO EXTERNO","M     ","CR","8,11",null,8.11,"Sinapi 11916"]
[11914,"CABO TELEFONICO CTP - APL - 50, 100 PARES, USO EXTERNO","M     ","CR","58,89",null,58.89,"Sinapi 11914"]
[11917,"CABO TELEFONICO CTP - APL - 50, 20 PARES, USO EXTERNO","M     ","CR","14,11",null,14.11,"Sinapi 11917"]
[11918,"CABO TELEFONICO CTP - APL - 50, 30 PARES, USO EXTERNO","M     ","CR","19,15",null,19.149999999999999,"Sinapi 11918"]
[37734,"CACAMBA METALICA BASCULANTE COM CAPACIDADE DE 10 M3 (INCLUI MONTAGEM, NAO INCLUI CAMINHAO)","UN    ","AS","40.756,99",null,40756.99,"Sinapi 37734"]
[42251,"CACAMBA METALICA BASCULANTE COM CAPACIDADE DE 12 M3 (INCLUI MONTAGEM, NAO INCLUI CAMINHAO)","UN    ","AS","46.282,05",null,46282.05,"Sinapi 42251"]
[37733,"CACAMBA METALICA BASCULANTE COM CAPACIDADE DE 6 M3 (INCLUI MONTAGEM, NAO INCLUI CAMINHAO)","UN    ","AS","30.559,44",null,30559.439999999999,"Sinapi 37733"]
[37735,"CACAMBA METALICA BASCULANTE COM CAPACIDADE DE 8 M3 (INCLUI MONTAGEM, NAO INCLUI CAMINHAO)","UN    ","AS","36.824,12",null,36824.120000000003,"Sinapi 37735"]
[41758,"CADEADO EM ACO INOX, LARGURA DE *50* MM, COM HASTE EM ACO TEMPERADO, SEM MOLA - CHAVES INCLUIDAS","UN    ","CR","125,70",null,125.7,"Sinapi 41758"]
[5090,"CADEADO SIMPLES/COMUM, EM LATAO MACICO CROMADO, LARGURA DE 25 MM,  HASTE DE ACO TEMPERADO, CEMENTADO (NAO LONGA), INCLUI 2 CHAVES","UN    ","C ","14,40",null,14.4,"Sinapi 5090"]
[5085,"CADEADO SIMPLES, EM LATAO MACICO CROMADO, LARGURA DE 35 MM,  HASTE DE ACO TEMPERADO, CEMENTADO (NAO LONGA), INCLUI 2 CHAVES","UN    ","CR","16,05",null,16.05,"Sinapi 5085"]
[38374,"CADEIRA SUSPENSA MANUAL / BALANCIM INDIVIDUAL (NBR 14751)","UN    ","CR","790,53",null,790.53,"Sinapi 38374"]
[20212,"CAIBRO DE MADEIRA APARELHADA *6 X 8* CM, MACARANDUBA, ANGELIM OU EQUIVALENTE DA REGIAO","M     ","CR","16,07",null,16.07,"Sinapi 20212"]
[4430,"CAIBRO DE MADEIRA NAO APARELHADA *5 X 6* CM, MACARANDUBA, ANGELIM OU EQUIVALENTE DA REGIAO","M     ","C ","10,20",null,10.199999999999999,"Sinapi 4430"]
[4400,"CAIBRO DE MADEIRA NAO APARELHADA *6 X 8* CM, MACARANDUBA, ANGELIM OU EQUIVALENTE DA REGIAO","M     ","CR","12,88",null,12.88,"Sinapi 4400"]
[4500,"CAIBRO DE MADEIRA NAO APARELHADA *7,5 X 10 CM (3 X 4 \") PINUS, MISTA OU EQUIVALENTE DA REGIAO","M     ","CR","11,29",null,11.29,"Sinapi 4500"]
[4513,"CAIBRO DE MADEIRA NAO APARELHADA 5 X 5 CM (2 X 2 \") PINUS, MISTA OU EQUIVALENTE DA REGIAO","M     ","CR","3,02",null,3.02,"Sinapi 4513"]
[4496,"CAIBRO DE MADEIRA NAO APARELHADA 5 X 5 CM, CEDRINHO OU EQUIVALENTE DA REGIAO","M     ","CR","6,91",null,6.91,"Sinapi 4496"]
[11871,"CAIXA D'AGUA DE FIBRA DE VIDRO, PARA 500 LITROS, COM TAMPA","UN    ","AS","264,00",null,264,"Sinapi 11871"]
[34636,"CAIXA D'AGUA EM POLIETILENO 1000 LITROS, COM TAMPA","UN    ","C ","329,45",null,329.45,"Sinapi 34636"]
[34639,"CAIXA D'AGUA EM POLIETILENO 1500 LITROS, COM TAMPA","UN    ","CR","669,11",null,669.11,"Sinapi 34639"]
[34640,"CAIXA D'AGUA EM POLIETILENO 2000 LITROS, COM TAMPA","UN    ","CR","751,58",null,751.58,"Sinapi 34640"]
[34637,"CAIXA D'AGUA EM POLIETILENO 500 LITROS, COM TAMPA","UN    ","CR","189,15",null,189.15,"Sinapi 34637"]
[34638,"CAIXA D'AGUA EM POLIETILENO 750 LITROS, COM TAMPA","UN    ","CR","324,37",null,324.37,"Sinapi 34638"]
[11868,"CAIXA D'AGUA FIBRA DE VIDRO PARA 1000 LITROS, COM TAMPA","UN    ","AS","362,83",null,362.83,"Sinapi 11868"]
[37106,"CAIXA D'AGUA FIBRA DE VIDRO PARA 10000 LITROS, COM TAMPA","UN    ","AS","3.504,54",null,3504.54,"Sinapi 37106"]
[11869,"CAIXA D'AGUA FIBRA DE VIDRO PARA 1500 LITROS, COM TAMPA","UN    ","AS","588,69",null,588.69000000000005,"Sinapi 11869"]
[37104,"CAIXA D'AGUA FIBRA DE VIDRO PARA 2000 LITROS, COM TAMPA","UN    ","AS","758,85",null,758.85,"Sinapi 37104"]
[37105,"CAIXA D'AGUA FIBRA DE VIDRO PARA 5000 LITROS, COM TAMPA","UN    ","AS","1.690,09",null,1690.09,"Sinapi 37105"]
[43094,"CAIXA DE DERIVACAO PARA MEDIDOR DE ENERGIA, COM BARRAMENTO MONOFASICO, EM POLICARBONATO / TERMOPLASTICO - MODULO (PADRAO CONCESSIONARIA LOCAL)","UN    ","CR","192,07",null,192.07,"Sinapi 43094"]
[43093,"CAIXA DE DERIVACAO PARA MEDIDOR DE ENERGIA, COM BARRAMENTO POLIFASICO, EM POLICARBONATO / TERMOPLASTICO - MODULO (PADRAO CONCESSIONARIA LOCAL)","UN    ","CR","204,11",null,204.11,"Sinapi 43093"]
[1030,"CAIXA DE DESCARGA DE PLASTICO EXTERNA, DE *9* L, PUXADOR FIO DE NYLON, NAO INCLUSO CANO, BOLSA, ENGATE","UN    ","C ","27,70",null,27.7,"Sinapi 1030"]
[11694,"CAIXA DE DESCARGA PLASTICA DE EMBUTIR COMPLETA, COM ESPELHO PLASTICO, CAPACIDADE 6 A 10 L, ACESSORIOS INCLUSOS","UN    ","CR","612,31",null,612.30999999999995,"Sinapi 11694"]
[35277,"CAIXA DE GORDURA EM PVC, DIAMETRO MINIMO 300 MM, DIAMETRO DE SAIDA 100 MM, CAPACIDADE  APROXIMADA 18 LITROS, COM TAMPA","UN    ","CR","393,88",null,393.88,"Sinapi 35277"]
[10521,"CAIXA DE INCENDIO/ABRIGO PARA MANGUEIRA, DE EMBUTIR/INTERNA, COM 75 X 45 X 17 CM, EM CHAPA DE ACO, PORTA COM VENTILACAO, VISOR COM A INSCRICAO \"INCENDIO\", SUPORTE/CESTA INTERNA PARA A MANGUEIRA, PINTURA ELETROSTATICA VERMELHA","UN    ","CR","176,59",null,176.59,"Sinapi 10521"]
[10885,"CAIXA DE INCENDIO/ABRIGO PARA MANGUEIRA, DE EMBUTIR/INTERNA, COM 90 X 60 X 17 CM, EM CHAPA DE ACO, PORTA COM VENTILACAO, VISOR COM A INSCRICAO \"INCENDIO\", SUPORTE/CESTA INTERNA PARA A MANGUEIRA, PINTURA ELETROSTATICA VERMELHA","UN    ","CR","223,36",null,223.36,"Sinapi 10885"]
[20962,"CAIXA DE INCENDIO/ABRIGO PARA MANGUEIRA, DE SOBREPOR/EXTERNA, COM 75 X 45 X 17 CM, EM CHAPA DE ACO, PORTA COM VENTILACAO, VISOR COM A INSCRICAO \"INCENDIO\", SUPORTE/CESTA INTERNA PARA A MANGUEIRA, PINTURA ELETROSTATICA VERMELHA","UN    ","C ","185,00",null,185,"Sinapi 20962"]
[20963,"CAIXA DE INCENDIO/ABRIGO PARA MANGUEIRA, DE SOBREPOR/EXTERNA, COM 90 X 60 X 17 CM, EM CHAPA DE ACO, PORTA COM VENTILACAO, VISOR COM A INSCRICAO \"INCENDIO\", SUPORTE/CESTA INTERNA PARA A MANGUEIRA, PINTURA ELETROSTATICA VERMELHA","UN    ","CR","225,99",null,225.99,"Sinapi 20963"]
[2555,"CAIXA DE LUZ \"3 X 3\" EM ACO ESMALTADA","UN    ","CR","0,81",null,0.81,"Sinapi 2555"]
[2556,"CAIXA DE LUZ \"4 X 2\" EM ACO ESMALTADA","UN    ","CR","0,84",null,0.84,"Sinapi 2556"]
[2557,"CAIXA DE LUZ \"4 X 4\" EM ACO ESMALTADA","UN    ","CR","1,78",null,1.78,"Sinapi 2557"]
[10569,"CAIXA DE PASSAGEM / DERIVACAO / LUZ, OCTOGONAL 4 X4, EM ACO ESMALTADA, COM FUNDO MOVEL SIMPLES (FMS)","UN    ","CR","1,78",null,1.78,"Sinapi 10569"]
[39810,"CAIXA DE PASSAGEM ELETRICA DE PAREDE, DE EMBUTIR, EM PVC, COM TAMPA APARAFUSADA, DIMENSOES 120 X 120 X *75* MM","UN    ","CR","25,92",null,25.92,"Sinapi 39810"]
[39811,"CAIXA DE PASSAGEM ELETRICA DE PAREDE, DE EMBUTIR, EM PVC, COM TAMPA APARAFUSADA, DIMENSOES 150 X 150 X *75* MM","UN    ","CR","31,70",null,31.7,"Sinapi 39811"]
[39812,"CAIXA DE PASSAGEM ELETRICA DE PAREDE, DE EMBUTIR, EM PVC, COM TAMPA APARAFUSADA, DIMENSOES 200 X 200 X *90* MM","UN    ","CR","52,13",null,52.13,"Sinapi 39812"]
[43096,"CAIXA DE PASSAGEM ELETRICA DE PAREDE, DE EMBUTIR, EM TERMOPLASTICO / PVC, COM TAMPA APARAFUSADA, DIMENSOES 400 X 400 X *120* MM","UN    ","CR","172,80",null,172.8,"Sinapi 43096"]
[43102,"CAIXA DE PASSAGEM ELETRICA DE PAREDE, DE SOBREPOR, EM PVC, COM TAMPA APARAFUSADA, DIMENSOES 300 X 300 X *100* MM","UN    ","CR","105,07",null,105.07,"Sinapi 43102"]
[43103,"CAIXA DE PASSAGEM ELETRICA DE PAREDE, DE SOBREPOR, EM PVC, COM TAMPA APARAFUSADA, DIMENSOES, 400 X 400 X *120* MM","UN    ","CR","154,72",null,154.72,"Sinapi 43103"]
[43098,"CAIXA DE PASSAGEM ELETRICA DE PAREDE, DE SOBREPOR, EM TERMOPLASTICO / PVC, COM TAMPA APARAFUSA, DIMENSOES 200 X 200 X *100* MM","UN    ","CR","58,53",null,{"$f":"IF(E969=\"\",\"\",E969+0)","v":58.53},{"$f":"IF(G969=\"\",\"\",CONCATENATE(\"Sinapi \",A969))","v":"Sinapi 43098"}]
[43097,"CAIXA DE PASSAGEM ELETRICA DE PAREDE, DE SOBREPOR, EM TERMOPLASTICO / PVC, COM TAMPA APARAFUSADA, DIMENSOES, 150 X 150 X *100* MM","UN    ","CR","34,67",null,34.67,"Sinapi 43097"]
[43104,"CAIXA DE PASSAGEM ELETRICA, PARA PISO, EM PVC, DIMENSOES DE 3/4\" A 4\"","UN    ","CR","410,21",null,410.21,"Sinapi 43104"]
[39771,"CAIXA DE PASSAGEM METALICA DE SOBREPOR COM TAMPA PARAFUSADA, DIMENSOES 20 X 20 X 10 CM","UN    ","CR","17,17",null,17.170000000000002,"Sinapi 39771"]
[39772,"CAIXA DE PASSAGEM METALICA DE SOBREPOR COM TAMPA PARAFUSADA, DIMENSOES 30 X 30 X 10 CM","UN    ","CR","33,75",null,33.75,"Sinapi 39772"]
[39773,"CAIXA DE PASSAGEM METALICA DE SOBREPOR COM TAMPA PARAFUSADA, DIMENSOES 40 X 40 X 15 CM","UN    ","CR","54,24",null,54.24,"Sinapi 39773"]
[39774,"CAIXA DE PASSAGEM METALICA DE SOBREPOR COM TAMPA PARAFUSADA, DIMENSOES 50 X 50 X 15 CM","UN    ","CR","81,13",null,81.13,"Sinapi 39774"]
[39775,"CAIXA DE PASSAGEM METALICA DE SOBREPOR COM TAMPA PARAFUSADA, DIMENSOES 60 X 60 X 20 CM","UN    ","CR","108,28",null,108.28,"Sinapi 39775"]
[39776,"CAIXA DE PASSAGEM METALICA DE SOBREPOR COM TAMPA PARAFUSADA, DIMENSOES 70 X 70 X 20 CM","UN    ","CR","130,86",null,130.86000000000001,"Sinapi 39776"]
[39777,"CAIXA DE PASSAGEM METALICA DE SOBREPOR COM TAMPA PARAFUSADA, DIMENSOES 80 X 80 X 20 CM","UN    ","CR","165,87",null,165.87,"Sinapi 39777"]
[20254,"CAIXA DE PASSAGEM METALICA, DE SOBREPOR, COM TAMPA APARAFUSADA, DIMENSOES 15 X 15 X *10* CM","UN    ","CR","12,04",null,12.04,"Sinapi 20254"]
[20253,"CAIXA DE PASSAGEM METALICA, DE SOBREPOR, COM TAMPA APARAFUSADA, DIMENSOES 35 X 35 X *12* CM","UN    ","CR","39,53",null,39.53,"Sinapi 20253"]
[11247,"CAIXA DE PASSAGEM/ LUZ / TELEFONIA, DE EMBUTIR,  EM CHAPA DE ACO GALVANIZADO, DIMENSOES 150 X 150 X 15 CM (PADRAO CONCESSIONARIA LOCAL)","UN    ","CR","760,17",null,760.17,"Sinapi 11247"]
[11250,"CAIXA DE PASSAGEM/ LUZ / TELEFONIA, DE EMBUTIR,  EM CHAPA DE ACO GALVANIZADO, DIMENSOES 20 X 20 X *12* CM (PADRAO CONCESSIONARIA LOCAL)","UN    ","CR","32,72",null,32.72,"Sinapi 11250"]
[11249,"CAIXA DE PASSAGEM/ LUZ / TELEFONIA, DE EMBUTIR,  EM CHAPA DE ACO GALVANIZADO, DIMENSOES 200 X 200 X 20 CM (PADRAO CONCESSIONARIA LOCAL)","UN    ","CR","1.484,88",null,1484.88,"Sinapi 11249"]
[11251,"CAIXA DE PASSAGEM/ LUZ / TELEFONIA, DE EMBUTIR,  EM CHAPA DE ACO GALVANIZADO, DIMENSOES 40 X 40 X *12* CM (PADRAO CONCESSIONARIA LOCAL)","UN    ","CR","72,49",null,72.489999999999995,"Sinapi 11251"]
[11253,"CAIXA DE PASSAGEM/ LUZ / TELEFONIA, DE EMBUTIR,  EM CHAPA DE ACO GALVANIZADO, DIMENSOES 60 X 60 X *12* CM (PADRAO CONCESSIONARIA LOCAL)","UN    ","CR","120,12",null,120.12,"Sinapi 11253"]
[11255,"CAIXA DE PASSAGEM/ LUZ / TELEFONIA, DE EMBUTIR,  EM CHAPA DE ACO GALVANIZADO, DIMENSOES 80 X 80 X *12* CM (PADRAO CONCESSIONARIA LOCAL)","UN    ","CR","179,58",null,179.58,"Sinapi 11255"]
[14055,"CAIXA DE PASSAGEM/ LUZ / TELEFONIA, DE EMBUTIR, EM CHAPA DE ACO GALVANIZADO, DIMENSOES 120 X 120 X *12* CM (PADRAO CONCESSIONARIA LOCAL)","UN    ","CR","361,26",null,361.26,"Sinapi 14055"]
[11256,"CAIXA DE PASSAGEM/ LUZ / TELEFONIA, DE SOBREPOR,  EM CHAPA DE ACO GALVANIZADO, DIMENSOES 80 X 80 X *12* CM (PADRAO CONCESSIONARIA LOCAL)","UN    ","CR","224,94",null,224.94,"Sinapi 11256"]
[1872,"CAIXA DE PASSAGEM, EM PVC, DE 4\" X 2\", PARA ELETRODUTO FLEXIVEL CORRUGADO","UN    ","CR","1,50",null,1.5,"Sinapi 1872"]
[1873,"CAIXA DE PASSAGEM, EM PVC, DE 4\" X 4\", PARA ELETRODUTO FLEXIVEL CORRUGADO","UN    ","CR","2,99",null,2.99,"Sinapi 1873"]
[39693,"CAIXA DE PROTECAO EXTERNA PARA MEDIDOR HOROSAZONAL, DE BAIXA TENSAO, COM MODULO, EM CHAPA DE ACO (PADRAO DA CONCESSIONARIA LOCAL)","UN    ","CR","1.412,78",null,1412.78,"Sinapi 39693"]
[39692,"CAIXA DE PROTECAO PARA TRANSFORMADOR CORRENTE, EM CHAPA DE ACO 18 USG (PADRAO DA CONCESSIONARIA LOCAL)","UN    ","CR","452,05",null,452.05,"Sinapi 39692"]
[3280,"CAIXA GORDURA DUPLA, CONCRETO PRE MOLDADO, CIRCULAR, COM TAMPA, D = 60* CM","UN    ","CR","152,69",null,152.69,"Sinapi 3280"]
[11881,"CAIXA GORDURA, SIMPLES, CONCRETO PRE MOLDADO, CIRCULAR, COM TAMPA, D = 40 CM","UN    ","CR","70,91",null,70.91,"Sinapi 11881"]
[34641,"CAIXA INSPECAO EM CONCRETO PARA ATERRAMENTO E PARA RAIOS DIAMETRO = 300 MM","UN    ","CR","57,18",null,57.18,"Sinapi 34641"]
[34643,"CAIXA INSPECAO EM POLIETILENO PARA ATERRAMENTO E PARA RAIOS DIAMETRO = 300 MM","UN    ","CR","12,75",null,12.75,"Sinapi 34643"]
[3278,"CAIXA INSPECAO, CONCRETO PRE MOLDADO, CIRCULAR, COM TAMPA, D = 40* CM","UN    ","CR","80,06",null,80.06,"Sinapi 3278"]
[3279,"CAIXA INSPECAO, CONCRETO PRE MOLDADO, CIRCULAR, COM TAMPA, D = 60* CM, H= 60* CM","UN    ","CR","132,10",null,132.1,"Sinapi 3279"]
[1062,"CAIXA INTERNA/EXTERNA DE MEDICAO PARA 1 MEDIDOR TRIFASICO, COM VISOR, EM CHAPA DE ACO 18 USG (PADRAO DA CONCESSIONARIA LOCAL)","UN    ","C ","196,00",null,196,"Sinapi 1062"]
[39686,"CAIXA INTERNA/EXTERNA DE MEDICAO PARA 4 MEDIDORES MONOFASICOS, COM VISOR, EM CHAPA DE ACO 18 USG (PADRAO DA CONCESSIONARIA LOCAL)","UN    ","CR","231,97",null,231.97,"Sinapi 39686"]
[43095,"CAIXA MODULAR PARA MEDIDOR DE ENERGIA AGRUPADA, EM POLICARBONATO /  TERMOPLASTICO, COM SUPORTE PARA DISJUNTOR (PADRAO DA CONCESSIONARIA LOCAL)","UN    ","CR","113,87",null,113.87,"Sinapi 43095"]
[1871,"CAIXA OCTOGONAL DE FUNDO MOVEL, EM PVC, DE 3\" X 3\", PARA ELETRODUTO FLEXIVEL CORRUGADO","UN    ","CR","2,69",null,2.69,"Sinapi 1871"]
[12001,"CAIXA OCTOGONAL DE FUNDO MOVEL, EM PVC, DE 4\" X 4\", PARA ELETRODUTO FLEXIVEL CORRUGADO","UN    ","CR","3,88",null,3.88,"Sinapi 12001"]
[11882,"CAIXA PARA HIDROMETRO CONCRETO PRE MOLDADO","UN    ","CR","80,06",null,80.06,"Sinapi 11882"]
[1068,"CAIXA PARA MEDICAO COLETIVA TIPO L, PADRAO BIFASICO OU TRIFASICO, PARA ATE 4 MEDIDORES, SEM BARRAMENTO E COM PORTAS INFERIOR E SUPERIOR","UN    ","CR","944,98",null,944.98,"Sinapi 1068"]
[39690,"CAIXA PARA MEDICAO COLETIVA TIPO M, PADRAO BIFASICO OU TRIFASICO, PARA ATE 8 MEDIDORES, SEM BARRAMENTO E COM PORTAS INFERIOR E SUPERIOR","UN    ","CR","1.585,36",null,1585.36,"Sinapi 39690"]
[39691,"CAIXA PARA MEDICAO COLETIVA TIPO N, PADRAO BIFASICO OU TRIFASICO, PARA ATE 12 MEDIDORES, SEM BARRAMENTO E COM PORTAS INFERIOR E SUPERIOR","UN    ","CR","1.993,94",null,1993.94,"Sinapi 39691"]
[39808,"CAIXA PARA MEDIDOR MONOFASICO, EM POLICARBONATO /TERMOPLASTICO, COM DISJUNTOR (PADRAO DA CONCESSIONARIA LOCAL)","UN    ","CR","59,45",null,59.45,"Sinapi 39808"]
[39809,"CAIXA PARA MEDIDOR POLIFASICO, EM POLICARBONATO (TERMOPLASTICO), COM 1 DISJUNTOR","UN    ","CR","141,00",null,141,"Sinapi 39809"]
[11713,"CAIXA SIFONADA PVC 150 X 150 X 50MM COM TAMPA CEGA QUADRADA BRANCA","UN    ","CR","27,67",null,27.67,"Sinapi 11713"]
[11716,"CAIXA SIFONADA PVC, 100 X 100 X 40 MM, COM GRELHA REDONDA BRANCA","UN    ","CR","11,81",null,11.81,"Sinapi 11716"]
[5103,"CAIXA SIFONADA PVC, 100 X 100 X 50 MM, COM GRELHA REDONDA BRANCA","UN    ","CR","11,98",null,11.98,"Sinapi 5103"]
[11712,"CAIXA SIFONADA PVC, 150 X 150 X 50 MM, COM GRELHA QUADRADA BRANCA (NBR 5688)","UN    ","C ","27,90",null,27.9,"Sinapi 11712"]
[11717,"CAIXA SIFONADA PVC, 150 X 150 X 50 MM, COM GRELHA REDONDA BRANCA","UN    ","CR","30,31",null,30.31,"Sinapi 11717"]
[11714,"CAIXA SIFONADA PVC, 150 X 185 X 75 MM, COM GRELHA QUADRADA BRANCA","UN    ","CR","37,72",null,37.72,"Sinapi 11714"]
[11715,"CAIXA SIFONADA PVC, 150 X 185 X 75 MM, COM TAMPA CEGA QUADRADA BRANCA","UN    ","CR","43,40",null,43.4,"Sinapi 11715"]
[11880,"CAIXA SIFONADA PVC, 250 X 230 X 75 MM, COM TAMPA E PORTA TAMPA QUADRADA BRANCA","UN    ","CR","78,01",null,78.010000000000005,"Sinapi 11880"]
[1106,"CAL HIDRATADA CH-I PARA ARGAMASSAS","KG    ","C ","0,76",null,0.76,"Sinapi 1106"]
[11161,"CAL HIDRATADA PARA PINTURA","KG    ","CR","1,26",null,1.26,"Sinapi 11161"]
[1107,"CAL VIRGEM COMUM PARA ARGAMASSAS (NBR 6453)","KG    ","CR","0,87",null,0.87,"Sinapi 1107"]
[4758,"CALAFETADOR / CALAFATE","H     ","CR","20,07",null,20.07,"Sinapi 4758"]
[41080,"CALAFETADOR / CALAFATE (MENSALISTA)","MES   ","CR","3.580,88",null,3580.88,"Sinapi 41080"]
[25963,"CALCARIO DOLOMITICO A (POSTO PEDREIRA/FORNECEDOR, SEM FRETE)","KG    ","CR","0,11",null,0.11,"Sinapi 25963"]
[4759,"CALCETEIRO","H     ","CR","15,24",null,15.24,"Sinapi 4759"]
[41068,"CALCETEIRO  (MENSALISTA)","MES   ","CR","2.721,38",null,2721.38,"Sinapi 41068"]
[1108,"CALHA MOLDURA AMERICANA DE CHAPA DE ACO GALVANIZADA NUM 26, CORTE 33 CM","M     ","CR","15,41",null,15.41,"Sinapi 1108"]
[1117,"CALHA PARA AGUA FURTADA DE CHAPA DE ACO GALVANIZADA NUM 26, CORTE 40 CM","M     ","CR","15,53",null,15.53,"Sinapi 1117"]
[1118,"CALHA PARA AGUA FURTADA DE CHAPA DE ACO GALVANIZADA NUM 26, CORTE 50 CM","M     ","CR","18,35",null,18.350000000000001,"Sinapi 1118"]
[1110,"CALHA PLATIBANDA DE CHAPA DE ACO GALVANIZADA NUM 26, CORTE 45 CM","M     ","CR","18,35",null,18.350000000000001,"Sinapi 1110"]
[12618,"CALHA PLUVIAL DE PVC, DIAMETRO ENTRE 119 E 170 MM, COMPRIMENTO DE 3 M, PARA DRENAGEM PREDIAL","UN    ","AS","35,94",null,35.94,"Sinapi 12618"]
[40784,"CALHA QUADRADA DE CHAPA DE ACO GALVANIZADA NUM 24, CORTE 100 CM","M     ","CR","50,63",null,50.63,"Sinapi 40784"]
[40871,"CALHA QUADRADA DE CHAPA DE ACO GALVANIZADA NUM 24, CORTE 100 CM (COLETADO CAIXA)","M     ","CR","64,37",null,64.37,"Sinapi 40871"]
[40782,"CALHA QUADRADA DE CHAPA DE ACO GALVANIZADA NUM 24, CORTE 33 CM","M     ","CR","19,87",null,{"$f":"IF(E1033=\"\",\"\",E1033+0)","v":19.87},{"$f":"IF(G1033=\"\",\"\",CONCATENATE(\"Sinapi \",A1033))","v":"Sinapi 40782"}]
[40869,"CALHA QUADRADA DE CHAPA DE ACO GALVANIZADA NUM 24, CORTE 33 CM (COLETADO CAIXA)","M     ","CR","21,14",null,21.14,"Sinapi 40869"]
[40783,"CALHA QUADRADA DE CHAPA DE ACO GALVANIZADA NUM 24, CORTE 50 CM","M     ","CR","25,88",null,25.88,"Sinapi 40783"]
[40870,"CALHA QUADRADA DE CHAPA DE ACO GALVANIZADA NUM 24, CORTE 50 CM (COLETADO CAIXA)","M     ","CR","32,29",null,32.29,"Sinapi 40870"]
[1109,"CALHA QUADRADA DE CHAPA DE ACO GALVANIZADA NUM 26, CORTE 33 CM","M     ","CR","15,41",null,15.41,"Sinapi 1109"]
[1119,"CALHA QUADRADA DE CHAPA DE ACO GALVANIZADA NUM 28, CORTE 25 CM","M     ","CR","9,93",null,9.93,"Sinapi 1119"]
[13115,"CALHA/CANALETA DE CONCRETO SIMPLES, TIPO MEIA CANA, D = 20 CM, PARA AGUA PLUVIAL","M     ","CR","17,33",null,17.329999999999998,"Sinapi 13115"]
[10541,"CALHA/CANALETA DE CONCRETO SIMPLES, TIPO MEIA CANA, D = 30 CM, PARA AGUA PLUVIAL","M     ","CR","20,13",null,20.13,"Sinapi 10541"]
[10543,"CALHA/CANALETA DE CONCRETO SIMPLES, TIPO MEIA CANA, D = 50 CM, PARA AGUA PLUVIAL","M     ","CR","39,06",null,39.06,"Sinapi 10543"]
[10544,"CALHA/CANALETA DE CONCRETO SIMPLES, TIPO MEIA CANA, D = 60 CM, PARA AGUA PLUVIAL","M     ","CR","46,98",null,46.98,"Sinapi 10544"]
[10545,"CALHA/CANALETA DE CONCRETO SIMPLES, TIPO MEIA CANA, D = 80 CM, PARA AGUA PLUVIAL","M     ","CR","72,06",null,72.06,"Sinapi 10545"]
[10542,"CALHA/CANALETA DE CONCRETO SIMPLES, TIPO MEIA CANA, D= 40 CM, PARA AGUA PLUVIAL","M     ","CR","27,74",null,27.74,"Sinapi 10542"]
[38365,"CAMADA SEPARADORA DE FILME DE POLIETILENO 20 A 25 MICRA","M2    ","CR","1,42",null,1.42,"Sinapi 38365"]
[37745,"CAMINHAO TOCO, PESO BRUTO TOTAL 13000 KG, CARGA UTIL MAXIMA 7925 KG, DISTANCIA ENTRE EIXOS 4,80 M, POTENCIA 189 CV (INCLUI CABINE E CHASSI, NAO INCLUI CARROCERIA)","UN    ","C ","236.500,00",null,236500,"Sinapi 37745"]
[37754,"CAMINHAO TOCO, PESO BRUTO TOTAL 14300 KG, CARGA UTIL MAXIMA 9590 KG, DISTANCIA ENTRE EIXOS 4,76 M, POTENCIA 185 CV (INCLUI CABINE E CHASSI, NAO INCLUI CARROCERIA)","UN    ","CR","246.977,84",null,246977.84,"Sinapi 37754"]
[37748,"CAMINHAO TOCO, PESO BRUTO TOTAL 14300 KG, CARGA UTIL MAXIMA 9710 KG, DISTANCIA ENTRE EIXOS 3,56 M, POTENCIA 185 CV (INCLUI CABINE E CHASSI, NAO INCLUI CARROCERIA)","UN    ","CR","251.430,93",null,251430.93,"Sinapi 37748"]
[37761,"CAMINHAO TOCO, PESO BRUTO TOTAL 16000 KG, CARGA UTIL MAXIMA DE 10685 KG, DISTANCIA ENTRE EIXOS 4,8M, POTENCIA 189 CV (INCLUI CABINE E CHASSI, NAO INCLUI CARROCERIA)","UN    ","CR","208.060,11",null,208060.11,"Sinapi 37761"]
[37757,"CAMINHAO TOCO, PESO BRUTO TOTAL 16000 KG, CARGA UTIL MAXIMA 10600 KG, DISTANCIA ENTRE EIXOS 4,80 M, POTENCIA 275 CV (INCLUI CABINE E CHASSI, NAO INCLUI CARROCERIA)","UN    ","CR","289.637,64",null,289637.64,"Sinapi 37757"]
[37759,"CAMINHAO TOCO, PESO BRUTO TOTAL 16000 KG, CARGA UTIL MAXIMA 10780 KG, DISTANCIA ENTRE EIXOS 3,56 M, POTENCIA 275 CV (INCLUI CABINE E CHASSI, NAO INCLUI CARROCERIA)","UN    ","CR","290.760,28",null,290760.28000000003,"Sinapi 37759"]
[37766,"CAMINHAO TOCO, PESO BRUTO TOTAL 16000 KG, CARGA UTIL MAXIMA 11030 KG, DISTANCIA ENTRE EIXOS 3,56M, POTENCIA 186 CV (INCLUI CABINE E CHASSI, NAO INCLUI CARROCERIA)","UN    ","CR","290.760,26",null,290760.26,"Sinapi 37766"]
[37752,"CAMINHAO TOCO, PESO BRUTO TOTAL 16000 KG, CARGA UTIL MAXIMA 11130 KG, DISTANCIA ENTRE EIXOS 5,36 M, POTENCIA 185 CV (INCLUI CABINE E CHASSI, NAO INCLUI CARROCERIA)","UN    ","CR","263.667,55",null,263667.55,"Sinapi 37752"]
[37760,"CAMINHAO TOCO, PESO BRUTO TOTAL 16000 KG, CARGA UTIL MAXIMA 13071 KG, DISTANCIA ENTRE EIXOS 4,80 M, POTENCIA 230 CV (INCLUI CABINE E CHASSI, NAO INCLUI CARROCERIA)","UN    ","CR","277.662,96",null,277662.96000000002,"Sinapi 37760"]
[37765,"CAMINHAO TOCO, PESO BRUTO TOTAL 8250 KG, CARGA UTIL MAXIMA 5110 KG, DISTANCIA ENTRE EIXOS 4,30 M, POTENCIA 162 CV (INCLUI CABINE E CHASSI, NAO INCLUI CARROCERIA)","UN    ","CR","193.840,20",null,193840.2,"Sinapi 37765"]
[37746,"CAMINHAO TOCO, PESO BRUTO TOTAL 9000 KG, CARGA UTIL MAXIMA 5940 KG, DISTANCIA ENTRE EIXOS 3,69 M, POTENCIA 177 CV (INCLUI CABINE E CHASSI, NAO INCLUI CARROCERIA)","UN    ","CR","212.513,20",null,212513.2,"Sinapi 37746"]
[37750,"CAMINHAO TOCO, PESO BRUTO TOTAL 9600 KG, CARGA UTIL MAXIMA 6110 KG, DISTANCIA ENTRE EIXOS 3,70 M, POTENCIA 156 CV (INCLUI CABINE E CHASSI, NAO INCLUI CARROCERIA)","UN    ","CR","211.764,79",null,211764.79,"Sinapi 37750"]
[37753,"CAMINHAO TOCO, PESO BRUTO TOTAL 9600 KG, CARGA UTIL MAXIMA 6200 KG, DISTANCIA ENTRE EIXOS 3,10 M, POTENCIA 156 CV (INCLUI CABINE E CHASSI, NAO INCLUI CARROCERIA)","UN    ","CR","211.016,36",null,211016.36,"Sinapi 37753"]
[37756,"CAMINHAO TOCO, PESO BRUTO TOTAL 9700 KG, CARGA UTIL MAXIMA 6360 KG, DISTANCIA ENTRE EIXOS 4,30 M, POTENCIA 160 CV (INCLUI CABINE E CHASSI, NAO INCLUI CARROCERIA)","UN    ","CR","208.060,11",null,208060.11,"Sinapi 37756"]
[37755,"CAMINHAO TRUCADO, PESO BRUTO TOTAL 22000 KG, CARGA UTIL MAXIMA 15350 KG, DISTANCIA ENTRE EIXOS 5,17 M, POTENCIA 238 CV (INCLUI CABINE E CHASSI, NAO INCLUI CARROCERIA)","UN    ","CR","302.360,75",null,302360.75,"Sinapi 37755"]
[37758,"CAMINHAO TRUCADO, PESO BRUTO TOTAL 23000 KG, CARGA UTIL MAXIMA 15378 KG, DISTANCIA ENTRE EIXOS 4,80 M, POTENCIA 326 CV (INCLUI CABINE E CHASSI, NAO INCLUI CARROCERIA)","UN    ","CR","341.278,48",null,341278.48,"Sinapi 37758"]
[37747,"CAMINHAO TRUCADO, PESO BRUTO TOTAL 23000 KG, CARGA UTIL MAXIMA 15935 KG, DISTANCIA ENTRE EIXOS 4,80 M, POTENCIA 230 CV (INCLUI CABINE E CHASSI, NAO INCLUI CARROCERIA)","UN    ","CR","307.075,78",null,307075.78000000003,"Sinapi 37747"]
[37767,"CAMINHAO TRUCADO, PESO BRUTO TOTAL 23000 KG, CARGA UTIL MAXIMA 15940 KG, DISTANCIA ENTRE EIXOS 3,60 M, POTENCIA 286 CV (INCLUI CABINE E CHASSI, NAO INCLUI CARROCERIA)","UN    ","CR","324.064,88",null,324064.88,"Sinapi 37767"]
[37751,"CAMINHAO TRUCADO, PESO BRUTO TOTAL 23000 KG, CARGA UTIL MAXIMA 16190 KG, DISTANCIA ENTRE EIXOS 3,60 M, POTENCIA 286 CV (INCLUI CABINE E CHASSI, NAO INCLUI CARROCERIA)","UN    ","CR","324.064,88",null,324064.88,"Sinapi 37751"]
[37749,"CAMINHAO TRUCADO, PESO BRUTO TOTAL 23000 KG, CARGA UTIL MAXIMA 16360 KG, CABINE ESTENDIDA, DISTANCIA ENTRE EIXOS 3,56 M, POTENCIA 275 CV (INCLUI CABINE E CHASSI, NAO INCLUI CARROCERIA)","UN    ","CR","320.322,78",null,320322.78000000003,"Sinapi 37749"]
[1159,"CAMINHONETE COM MOTOR A DIESEL, POTENCIA *160* CV, CABINE DUPLA, 4X4","UN    ","CR","151.472,44",null,151472.44,"Sinapi 1159"]
[12114,"CAMPAINHA ALTA POTENCIA 110V / 220V, DIAMETRO 150 MM","UN    ","CR","125,34",null,125.34,"Sinapi 12114"]
[38106,"CAMPAINHA CIGARRA 127 V / 220 V (APENAS MODULO)","UN    ","CR","17,03",null,17.03,"Sinapi 38106"]
[38085,"CAMPAINHA CIGARRA 127 V / 220 V, CONJUNTO MONTADO PARA EMBUTIR 4\" X 2\" (PLACA + SUPORTE + MODULO)","UN    ","CR","20,12",null,20.12,"Sinapi 38085"]
[38599,"CANALETA CONCRETO ESTRUTURAL 14 X 19 X 29 CM, FBK 14 MPA (NBR 6136)","UN    ","CR","3,13",null,3.13,"Sinapi 38599"]
[38596,"CANALETA CONCRETO ESTRUTURAL 14 X 19 X 29 CM, FBK 4,5 MPA (NBR 6136)","UN    ","CR","2,14",null,2.14,"Sinapi 38596"]
[38600,"CANALETA CONCRETO ESTRUTURAL 14 X 19 X 39 CM, FBK 14 MPA (NBR 6136)","UN    ","CR","3,68",null,3.68,"Sinapi 38600"]
[38597,"CANALETA CONCRETO ESTRUTURAL 14 X 19 X 39 CM, FBK 4,5 MPA (NBR 6136)","UN    ","CR","2,61",null,2.61,"Sinapi 38597"]
[659,"CANALETA CONCRETO 14 X 19 X 19 CM (CLASSE C - NBR 6136)","UN    ","CR","1,27",null,1.27,"Sinapi 659"]
[660,"CANALETA CONCRETO 19 X 19 X 19 CM (CLASSE C - NBR 6136)","UN    ","CR","1,86",null,1.86,"Sinapi 660"]
[658,"CANALETA CONCRETO 9 X 19 X 19 CM (CLASSE C - NBR 6136)","UN    ","CR","1,02",null,1.02,"Sinapi 658"]
[38548,"CANALETA ESTRUTURAL CERAMICA, 14 X 19 X 19 CM, 6,0 MPA (NBR 15270)","UN    ","CR","1,03",null,1.03,"Sinapi 38548"]
[34647,"CANALETA ESTRUTURAL CERAMICA, 14 X 19 X 29 CM, 4,0 MPA (NBR 15270)","UN    ","CR","1,78",null,1.78,"Sinapi 34647"]
[34649,"CANALETA ESTRUTURAL CERAMICA, 14 X 19 X 29 CM, 6,0 MPA (NBR 15270)","UN    ","CR","1,83",null,1.83,"Sinapi 34649"]
[34652,"CANALETA ESTRUTURAL CERAMICA, 14 X 19 X 39 CM, 4,0 MPA (NBR 15270)","UN    ","CR","2,50",null,2.5,"Sinapi 34652"]
[34655,"CANALETA ESTRUTURAL CERAMICA, 14 X 19 X 39 CM, 6,0 MPA (NBR 15270)","UN    ","CR","2,42",null,2.42,"Sinapi 34655"]
[40607,"CANOPLA ACABAMENTO CROMADO PARA INSTALACAO DE SPRINKLER, SOB FORRO, 15 MM","UN    ","CR","4,08",null,4.08,"Sinapi 40607"]
[585,"CANTONEIRA \"U\" ALUMINIO ABAS IGUAIS 1 \", E = 3/32 \"","KG    ","AS","21,97",null,21.97,"Sinapi 585"]
[4777,"CANTONEIRA ACO ABAS IGUAIS (QUALQUER BITOLA), ESPESSURA ENTRE 1/8\" E 1/4\"","KG    ","AS","4,57",null,4.57,"Sinapi 4777"]
[587,"CANTONEIRA ALUMINIO ABAS DESIGUAIS 1\" X 3/4 \", E = 1/8 \"","KG    ","AS","23,55",null,23.55,"Sinapi 587"]
[590,"CANTONEIRA ALUMINIO ABAS DESIGUAIS 2 1/2\" X 1/2 \", E = 3/16 \"","KG    ","AS","22,76",null,22.76,"Sinapi 590"]
[592,"CANTONEIRA ALUMINIO ABAS IGUAIS 1 \", E = 1/8 \", 25,40 X 3,17 MM (0,408 KG/M)","KG    ","AS","23,55",null,23.55,"Sinapi 592"]
[586,"CANTONEIRA ALUMINIO ABAS IGUAIS 1 \", E = 3 /16 \"","M     ","AS","13,84",null,13.84,"Sinapi 586"]
[591,"CANTONEIRA ALUMINIO ABAS IGUAIS 1 1/2 \", E = 3/16 \"","KG    ","AS","21,97",null,21.97,"Sinapi 591"]
[588,"CANTONEIRA ALUMINIO ABAS IGUAIS 1 1/4 \", E = 3/16 \"","M     ","AS","21,90",null,21.9,"Sinapi 588"]
[589,"CANTONEIRA ALUMINIO ABAS IGUAIS 2 \", E = 1/4 \"","M     ","AS","37,02",null,37.020000000000003,"Sinapi 589"]
[584,"CANTONEIRA ALUMINIO ABAS IGUAIS 2 \", E = 1/8 \"","M     ","AS","23,39",null,23.39,"Sinapi 584"]
[574,"CANTONEIRA FERRO GALVANIZADO DE ABAS IGUAIS, 1 1/2\" X 1/4\" (L X E), 3,40 KG/M","M     ","CR","18,67",null,18.670000000000002,"Sinapi 574"]
[567,"CANTONEIRA FERRO GALVANIZADO DE ABAS IGUAIS, 1\" X 1/8\" (L X E) , 1,20KG/M","M     ","CR","6,92",null,6.92,"Sinapi 567"]
[568,"CANTONEIRA FERRO GALVANIZADO DE ABAS IGUAIS, 2\" X 3/8\" (L X E), 6,9 KG/M","M     ","CR","41,89",null,41.89,"Sinapi 568"]
[569,"CANTONEIRA FERRO GALVANIZADO DE ABAS IGUAIS, 3/4\" X 1/8\" (L X E)","KG    ","CR","5,82",null,5.82,"Sinapi 569"]
[1165,"CAP OU TAMPAO DE FERRO GALVANIZADO, COM ROSCA BSP, DE 1 1/2\"","UN    ","CR","10,16",null,{"$f":"IF(E1097=\"\",\"\",E1097+0)","v":10.16},{"$f":"IF(G1097=\"\",\"\",CONCATENATE(\"Sinapi \",A1097))","v":"Sinapi 1165"}]
[1164,"CAP OU TAMPAO DE FERRO GALVANIZADO, COM ROSCA BSP, DE 1 1/4\"","UN    ","CR","8,23",null,8.23,"Sinapi 1164"]
[1162,"CAP OU TAMPAO DE FERRO GALVANIZADO, COM ROSCA BSP, DE 1/2\"","UN    ","CR","2,86",null,2.86,"Sinapi 1162"]
[12395,"CAP OU TAMPAO DE FERRO GALVANIZADO, COM ROSCA BSP, DE 1/4\"","UN    ","CR","2,78",null,2.78,"Sinapi 12395"]
[1170,"CAP OU TAMPAO DE FERRO GALVANIZADO, COM ROSCA BSP, DE 1\"","UN    ","CR","5,39",null,5.39,"Sinapi 1170"]
[1169,"CAP OU TAMPAO DE FERRO GALVANIZADO, COM ROSCA BSP, DE 2 1/2\"","UN    ","CR","26,47",null,26.47,"Sinapi 1169"]
[1166,"CAP OU TAMPAO DE FERRO GALVANIZADO, COM ROSCA BSP, DE 2\"","UN    ","CR","14,68",null,14.68,"Sinapi 1166"]
[1163,"CAP OU TAMPAO DE FERRO GALVANIZADO, COM ROSCA BSP, DE 3/4\"","UN    ","CR","3,70",null,3.7,"Sinapi 1163"]
[12396,"CAP OU TAMPAO DE FERRO GALVANIZADO, COM ROSCA BSP, DE 3/8\"","UN    ","CR","2,78",null,2.78,"Sinapi 12396"]
[1168,"CAP OU TAMPAO DE FERRO GALVANIZADO, COM ROSCA BSP, DE 3\"","UN    ","CR","37,74",null,37.74,"Sinapi 1168"]
[1167,"CAP OU TAMPAO DE FERRO GALVANIZADO, COM ROSCA BSP, DE 4\"","UN    ","CR","63,13",null,63.13,"Sinapi 1167"]
[36331,"CAP PPR DN 20 MM, PARA AGUA QUENTE PREDIAL","UN    ","AS","1,12",null,1.1200000000000001,"Sinapi 36331"]
[36346,"CAP PPR DN 25 MM, PARA AGUA QUENTE PREDIAL","UN    ","AS","1,93",null,1.93,"Sinapi 36346"]
[1210,"CAP PVC, ROSCAVEL, 1 1/2\",  AGUA FRIA PREDIAL","UN    ","CR","8,92",null,8.92,"Sinapi 1210"]
[1203,"CAP PVC, ROSCAVEL, 1 1/4\",  AGUA FRIA PREDIAL","UN    ","CR","8,65",null,8.65,"Sinapi 1203"]
[1197,"CAP PVC, ROSCAVEL, 1/2\", PARA AGUA FRIA PREDIAL","UN    ","CR","1,10",null,1.1000000000000001,"Sinapi 1197"]
[1202,"CAP PVC, ROSCAVEL, 1\",  PARA AGUA FRIA PREDIAL","UN    ","CR","2,97",null,2.97,"Sinapi 1202"]
[1188,"CAP PVC, ROSCAVEL, 2 1/2\",  AGUA FRIA PREDIAL","UN    ","CR","17,58",null,17.579999999999998,"Sinapi 1188"]
[1211,"CAP PVC, ROSCAVEL, 2\",  AGUA FRIA PREDIAL","UN    ","CR","9,08",null,9.08,"Sinapi 1211"]
[1198,"CAP PVC, ROSCAVEL, 3/4\",  PARA AGUA FRIA PREDIAL","UN    ","CR","1,63",null,1.63,"Sinapi 1198"]
[1199,"CAP PVC, ROSCAVEL, 3\",  AGUA FRIA PREDIAL","UN    ","CR","22,97",null,22.97,"Sinapi 1199"]
[20088,"CAP PVC, SERIE R, DN 100 MM, PARA ESGOTO PREDIAL","UN    ","CR","9,80",null,9.8000000000000007,"Sinapi 20088"]
[20089,"CAP PVC, SERIE R, DN 150 MM, PARA ESGOTO PREDIAL","UN    ","CR","46,75",null,46.75,"Sinapi 20089"]
[20087,"CAP PVC, SERIE R, DN 75 MM, PARA ESGOTO PREDIAL","UN    ","CR","7,06",null,7.06,"Sinapi 20087"]
[1200,"CAP PVC, SOLDAVEL, DN 100 MM, SERIE NORMAL, PARA ESGOTO PREDIAL","UN    ","CR","5,73",null,5.73,"Sinapi 1200"]
[12909,"CAP PVC, SOLDAVEL, DN 50 MM, SERIE NORMAL, PARA ESGOTO PREDIAL","UN    ","CR","2,60",null,2.6,"Sinapi 12909"]
[12910,"CAP PVC, SOLDAVEL, DN 75 MM, SERIE NORMAL, PARA ESGOTO PREDIAL","UN    ","CR","4,34",null,4.34,"Sinapi 12910"]
[1184,"CAP PVC, SOLDAVEL, 110 MM, PARA AGUA FRIA PREDIAL","UN    ","CR","56,48",null,56.48,"Sinapi 1184"]
[1191,"CAP PVC, SOLDAVEL, 20 MM, PARA AGUA FRIA PREDIAL","UN    ","CR","0,80",null,0.8,"Sinapi 1191"]
[1185,"CAP PVC, SOLDAVEL, 25 MM, PARA AGUA FRIA PREDIAL","UN    ","CR","0,91",null,0.91,"Sinapi 1185"]
[1189,"CAP PVC, SOLDAVEL, 32 MM, PARA AGUA FRIA PREDIAL","UN    ","CR","1,59",null,1.59,"Sinapi 1189"]
[1193,"CAP PVC, SOLDAVEL, 40 MM, PARA AGUA FRIA PREDIAL","UN    ","CR","3,06",null,3.06,"Sinapi 1193"]
[1194,"CAP PVC, SOLDAVEL, 50 MM, PARA AGUA FRIA PREDIAL","UN    ","CR","5,79",null,5.79,"Sinapi 1194"]
[1195,"CAP PVC, SOLDAVEL, 60 MM, PARA AGUA FRIA PREDIAL","UN    ","CR","8,71",null,8.7100000000000009,"Sinapi 1195"]
[1204,"CAP PVC, SOLDAVEL, 75 MM, PARA AGUA FRIA PREDIAL","UN    ","CR","15,84",null,15.84,"Sinapi 1204"]
[1205,"CAP PVC, SOLDAVEL, 85 MM, PARA AGUA FRIA PREDIAL","UN    ","CR","37,58",null,37.58,"Sinapi 1205"]
[1207,"CAP, PVC PBA, JE, DN 100 / DE 110 MM,  PARA REDE DE AGUA (NBR 10351)","UN    ","AS","23,10",null,23.1,"Sinapi 1207"]
[1206,"CAP, PVC PBA, JE, DN 50 / DE 60 MM,  PARA REDE DE AGUA (NBR 10351)","UN    ","AS","5,79",null,5.79,"Sinapi 1206"]
[1183,"CAP, PVC PBA, JE, DN 75 / DE 85 MM,  PARA REDE DE AGUA (NBR 10351)","UN    ","AS","15,08",null,15.08,"Sinapi 1183"]
[42685,"CAP, PVC, JE, OCRE, DN 150 MM (CONEXAO PARA TUBO COLETOR DE ESGOTO)","UN    ","AS","45,06",null,45.06,"Sinapi 42685"]
[42686,"CAP, PVC, JE, OCRE, DN 200 MM (CONEXAO PARA TUBO COLETOR DE ESGOTO)","UN    ","AS","70,15",null,70.150000000000006,"Sinapi 42686"]
[12894,"CAPA PARA CHUVA EM PVC COM FORRO DE POLIESTER, COM CAPUZ (AMARELA OU AZUL)","UN    ","CR","14,23",null,14.23,"Sinapi 12894"]
[12895,"CAPACETE DE SEGURANCA ABA FRONTAL COM SUSPENSAO DE POLIETILENO, SEM JUGULAR (CLASSE B)","UN    ","C ","10,95",null,10.95,"Sinapi 12895"]
[1631,"CAPACITOR TRIFASICO, POTENCIA 2,5 KVAR, TENSAO 220 V, FORNECIDO COM CAPA PROTETORA, RESISTOR INTERNO A UNIDADE CAPACITIVA","UN    ","AS","125,56",null,125.56,"Sinapi 1631"]
[1633,"CAPACITOR TRIFASICO, POTENCIA 5 KVAR, TENSAO 220 V, FORNECIDO COM CAPA PROTETORA, RESISTOR INTERNO A UNIDADE CAPACITIVA","UN    ","AS","213,34",null,213.34,"Sinapi 1633"]
[10818,"CAPIM BRAQUIARIA DECUMBENS/ BRAQUIARINHA, VC *70*% MINIMO","KG    ","CR","19,71",null,19.71,"Sinapi 10818"]
[39359,"CARENAGEM /TAMPA, EM PLASTICO, COR BRANCA, UTILIZADO EM KIT CHASSI METALICO PARA INSTALACAO HIDRAULICA DE CUBA SIMPLES SEM MAQUINA DE LAVAR ROUPA, LARGURA *355* MM X ALTURA *670* MM (COM FUROS E DEMAIS ENCAIXES)","UN    ","AS","21,46",null,21.46,"Sinapi 39359"]
[39360,"CARENAGEM /TAMPA, EM PLASTICO, COR BRANCA, UTILIZADO EM KIT CHASSI METALICO PARA INSTALACAO HIDRAULICA DE TANQUE COM MAQUINA DE LAVAR ROUPA, LARGURA *360* MM X ALTURA *470* MM (COM FUROS E DEMAIS ENCAIXES)","UN    ","AS","19,50",null,19.5,"Sinapi 39360"]
[10710,"CARPETE DE NYLON EM MANTA PARA TRAFEGO COMERCIAL PESADO, E = 6 A 7 MM (INSTALADO)","M2    ","C ","82,00",null,82,"Sinapi 10710"]
[10709,"CARPETE DE NYLON EM MANTA PARA TRAFEGO COMERCIAL PESADO, E = 9 A 10 MM (INSTALADO)","M2    ","CR","100,74",null,100.74,"Sinapi 10709"]
[39636,"CARPETE DE NYLON EM PLACAS 50 X 50 CM PARA TRAFEGO COMERCIAL PESADO, E = 6,5 MM (INSTALADO)","M2    ","CR","102,87",null,102.87,"Sinapi 39636"]
[10708,"CARPETE DE POLIESTER EM MANTA PARA TRAFEGO COMERCIAL PESADO, E = 4 A 5 MM (INSTALADO)","M2    ","CR","31,74",null,31.74,"Sinapi 10708"]
[39635,"CARPETE DE POLIPROPILENO EM MANTA PARA TRAFEGO COMERCIAL MEDIO, E = 5 A 6 MM (INSTALADO)","M2    ","CR","54,04",null,54.04,"Sinapi 39635"]
[6117,"CARPINTEIRO AUXILIAR","H     ","CR","12,97",null,12.97,"Sinapi 6117"]
[40913,"CARPINTEIRO AUXILIAR (MENSALISTA)","MES   ","CR","2.315,77",null,2315.77,"Sinapi 40913"]
[1214,"CARPINTEIRO DE ESQUADRIAS","H     ","CR","16,48",null,16.48,"Sinapi 1214"]
[40915,"CARPINTEIRO DE ESQUADRIAS (MENSALISTA)","MES   ","CR","2.939,34",null,2939.34,"Sinapi 40915"]
[1213,"CARPINTEIRO DE FORMAS","H     ","C ","16,48",null,16.48,"Sinapi 1213"]
[40914,"CARPINTEIRO DE FORMAS (MENSALISTA)","MES   ","CR","2.939,34",null,2939.34,"Sinapi 40914"]
[5091,"CARRANCA PARA JANELA VENEZIANA DE ABRIR, EM LATAO CROMADO, SIMPLES, PARA APARAFUSAR NA PAREDE","UN    ","CR","14,06",null,14.06,"Sinapi 5091"]
[14615,"CARRINHO COM 2 PNEUS PARA TRANSPORTAR TUBO CONCRETO, ALTURA ATE 1,0 M E DIAMETRO ATE 1000MM, COM ESTRUTURA EM PERFIL OU TUBO METALICO","UN    ","AS","3.371,77",null,3371.77,"Sinapi 14615"]
[2711,"CARRINHO DE MAO DE ACO CAPACIDADE 50 A 60 L, PNEU COM CAMARA","UN    ","C ","123,14",null,123.14,"Sinapi 2711"]
[37727,"CARROCERIA FIXA ABERTA DE MADEIRA PARA TRANSPORTE GERAL DE CARGA SECA DIMENSOES APROXIMADAS 2,25 X 4,10 X 0,50 M (INCLUI MONTAGEM, NAO INCLUI CAMINHAO)","UN    ","AS","9.500,00",null,9500,"Sinapi 37727"]
[37728,"CARROCERIA FIXA ABERTA DE MADEIRA PARA TRANSPORTE GERAL DE CARGA SECA DIMENSOES APROXIMADAS 2,5 X 5,5 X 0,50 M (INCLUI MONTAGEM, NAO INCLUI CAMINHAO)","UN    ","AS","12.888,11",null,12888.11,"Sinapi 37728"]
[37729,"CARROCERIA FIXA ABERTA DE MADEIRA PARA TRANSPORTE GERAL DE CARGA SECA DIMENSOES APROXIMADAS 2,5 X 6,00 X 0,50 M (INCLUI MONTAGEM, NAO INCLUI CAMINHAO)","UN    ","AS","13.951,04",null,{"$f":"IF(E1161=\"\",\"\",E1161+0)","v":13951.04},{"$f":"IF(G1161=\"\",\"\",CONCATENATE(\"Sinapi \",A1161))","v":"Sinapi 37729"}]
[37730,"CARROCERIA FIXA ABERTA DE MADEIRA PARA TRANSPORTE GERAL DE CARGA SECA DIMENSOES APROXIMADAS 2,5 X 6,5 X 0,50 M (INCLUI MONTAGEM, NAO INCLUI CAMINHAO)","UN    ","AS","15.013,98",null,15013.98,"Sinapi 37730"]
[37731,"CARROCERIA FIXA ABERTA DE MADEIRA PARA TRANSPORTE GERAL DE CARGA SECA DIMENSOES APROXIMADAS 2,5 X 7,00 X 0,50 M (INCLUI MONTAGEM, NAO INCLUI CAMINHAO)","UN    ","AS","16.076,92",null,16076.92,"Sinapi 37731"]
[37732,"CARROCERIA FIXA ABERTA DE MADEIRA PARA TRANSPORTE GERAL DE CARGA SECA DIMENSOES APROXIMADAS 2,5 X 7,5 X 0,50 M (INCLUI MONTAGEM, NAO INCLUI CAMINHAO)","UN    ","AS","18.335,66",null,18335.66,"Sinapi 37732"]
[42250,"CARVAO ANTRACITO PARA FILTRO, GRAO VARIANDO DE 0,8 ATE 1,1 MM, COEFICIENTE DE UNIFORMIDADE MENOR QUE 1,7 MM","T     ","CR","2.227,80",null,2227.8000000000002,"Sinapi 42250"]
[42256,"CARVAO ANTRACITO PARA FILTRO, GRAO VARIANDO DE 0,8 ATE 1,1 MM, COEFICIENTE DE UNIFORMIDADE MENOR QUE 1,7 MM (DISTRIBUIDOR)","KG    ","CR","4,67",null,4.67,"Sinapi 42256"]
[4743,"CASCALHO DE CAVA","M3    ","CR","38,63",null,38.630000000000003,"Sinapi 4743"]
[4744,"CASCALHO DE RIO","M3    ","CR","50,50",null,50.5,"Sinapi 4744"]
[4745,"CASCALHO LAVADO","M3    ","CR","67,66",null,67.66,"Sinapi 4745"]
[36496,"CAVALETE PARA TALHA COM ESTRUTURA EM TUBO METALICO ALTURA MINIMA 3,2 M EQUIPADO COM RODAS DE BORRACHA PARA MOVIMENTACAO DE TUBOS DE CONCRETO NA CENTRAL DE PREMOLDADOS COM CAPACIDADE DE CARGA DE 3 TONELADAS","UN    ","AS","8.560,87",null,8560.8700000000008,"Sinapi 36496"]
[10630,"CAVALO MECANICO TRACAO 4X2, PESO BRUTO TOTAL COMBINADO 49000 KG, CAPACIDADE MAXIMA DE TRACAO *66000* KG, POTENCIA *360* CV (INCLUI CABINE E CHASSI, NAO INCLUI SEMIRREBOQUE)","UN    ","AS","441.712,46",null,441712.46,"Sinapi 10630"]
[37762,"CAVALO MECANICO TRACAO 4X2, PESO BRUTO TOTAL 16000 KG, CAPACIDADE MAXIMA DE TRACAO *36000* KG, DISTANCIA ENTRE EIXOS *3,56* M, POTENCIA *286* CV (INCLUI CABINE E CHASSI, NAO INCLUI SEMIRREBOQUE)","UN    ","AS","378.829,86",null,378829.86,"Sinapi 37762"]
[37763,"CAVALO MECANICO TRACAO 4X2, PESO BRUTO TOTAL 16000 KG, CAPACIDADE MAXIMA DE TRACAO *45000* KG, DISTANCIA ENTRE EIXOS *3,56* M, POTENCIA *330* CV (INCLUI CABINE E CHASSI, NAO INCLUI SEMIRREBOQUE)","UN    ","AS","383.430,97",null,383430.97,"Sinapi 37763"]
[41992,"CAVALO MECANICO TRACAO 4X2, PESO BRUTO TOTAL 16000 KG, CAPACIDADE MAXIMA DE TRACAO *80000* KG, POTENCIA *380* CV (INCLUI CABINE E CHASSI, NAO INCLUI SEMIRREBOQUE)","UN    ","AS","435.884,39",null,435884.39,"Sinapi 41992"]
[13215,"CAVALO MECANICO TRACAO 6X2, PESO BRUTO TOTAL COMBINADO 56000 KG, CAPACIDADE MAXIMA DE TRACAO *66000* KG, POTENCIA *360* CV (INCLUI CABINE E CHASSI, NAO INCLUI SEMIRREBOQUE)","UN    ","AS","534.502,79",null,534502.79,"Sinapi 13215"]
[4235,"CAVOUQUEIRO OU OPERADOR DE PERFURATRIZ / ROMPEDOR","H     ","CR","10,00",null,10,"Sinapi 4235"]
[40976,"CAVOUQUEIRO OU OPERADOR DE PERFURATRIZ / ROMPEDOR (MENSALISTA)","MES   ","CR","1.787,08",null,1787.08,"Sinapi 40976"]
[39013,"CENTRALIZADOR DE BARRA DE ACO (CHUMBADOR TIPO CARAMBOLA), PARA ACO ATE 20 MM","UN    ","AS","0,98",null,0.98,"Sinapi 39013"]
[43091,"CENTRO DE MEDICAO AGRUPADA, EM POLICARBONATO / PVC, COM 12 MEDIDORES E PROTECAO GERAL (INCLUI BARRAMENTO, DISJUNTORES E ACESSORIOS DE FIXACAO) (PADRAO CONCESSIONARIA LOCAL)","UN    ","CR","4.756,08",null,4756.08,"Sinapi 43091"]
[43092,"CENTRO DE MEDICAO AGRUPADA, EM POLICARBONATO / PVC, COM 16 MEDIDORES E PROTECAO GERAL (INCLUI BARRAMENTO, DISJUNTORES E ACESSORIOS DE FIXACAO) (PADRAO CONCESSIONARIA LOCAL)","UN    ","CR","6.341,44",null,6341.44,"Sinapi 43092"]
[43089,"CENTRO DE MEDICAO AGRUPADA, EM POLICARBONATO / PVC, COM 4 MEDIDORES E PROTECAO GERAL (INCLUI BARRAMENTO, DISJUNTORES E ACESSORIOS DE FIXACAO) (PADRAO CONCESSIONARIA LOCAL)","UN    ","CR","1.105,17",null,1105.17,"Sinapi 43089"]
[43090,"CENTRO DE MEDICAO AGRUPADA, EM POLICARBONATO / PVC, COM 8 MEDIDORES E PROTECAO GERAL (INCLUI BARRAMENTO, DISJUNTORES E ACESSORIOS DE FIXACAO) (PADRAO CONCESSIONARIA LOCAL)","UN    ","CR","2.439,01",null,2439.0100000000002,"Sinapi 43090"]
[41967,"CERA  LIQUIDA","L     ","CR","6,45",null,6.45,"Sinapi 41967"]
[12760,"CHAPA ACO INOX AISI 304 NUMERO 4 (E = 6 MM), ACABAMENTO NUMERO 1 (LAMINADO A QUENTE, FOSCO)","M2    ","CR","1.069,66",null,1069.6600000000001,"Sinapi 12760"]
[12759,"CHAPA ACO INOX AISI 304 NUMERO 9 (E = 4 MM), ACABAMENTO NUMERO 1 (LAMINADO A QUENTE, FOSCO)","M2    ","CR","713,10",null,713.1,"Sinapi 12759"]
[43105,"CHAPA DE ACO CARBONO GALVANIZADA, PERFURADA (GRADE FUROS) E = 1,5 MM, DIAMETRO DO FURO = 9,52 MM (FUROS ALTERNADOS HORIZ.)","KG    ","CR","20,04",null,20.04,"Sinapi 43105"]
[40424,"CHAPA DE ACO CARBONO LAMINADO A QUENTE, QUALIDADE ESTRUTURAL, BITOLA 3/16\", E =4,75 MM (37,29 KG/M2)","KG    ","CR","5,09",null,5.09,"Sinapi 40424"]
[1325,"CHAPA DE ACO FINA A FRIO BITOLA MSG 20, E = 0,90 MM (7,20 KG/M2)","KG    ","CR","5,57",null,5.57,"Sinapi 1325"]
[1327,"CHAPA DE ACO FINA A FRIO BITOLA MSG 24, E = 0,60 MM (4,80 KG/M2)","KG    ","CR","5,94",null,5.94,"Sinapi 1327"]
[1328,"CHAPA DE ACO FINA A FRIO BITOLA MSG 26, E = 0,45 MM (3,60 KG/M2)","KG    ","CR","5,59",null,5.59,"Sinapi 1328"]
[1321,"CHAPA DE ACO FINA A QUENTE BITOLA MSG 13, E = 2,25 MM (18,00 KG/M2)","KG    ","CR","5,17",null,5.17,"Sinapi 1321"]
[1318,"CHAPA DE ACO FINA A QUENTE BITOLA MSG 14, E = 2,00 MM (16,0 KG/M2)","KG    ","CR","5,18",null,5.18,"Sinapi 1318"]
[1322,"CHAPA DE ACO FINA A QUENTE BITOLA MSG 16, E = 1,50 MM (12,00 KG/M2)","KG    ","CR","5,47",null,5.47,"Sinapi 1322"]
[1323,"CHAPA DE ACO FINA A QUENTE BITOLA MSG 18, E = 1,20 MM (9,60 KG/M2)","KG    ","CR","5,47",null,5.47,"Sinapi 1323"]
[1319,"CHAPA DE ACO FINA A QUENTE BITOLA MSG 3/16 \", E = 4,75 MM (38,00 KG/M2)","KG    ","CR","4,61",null,4.6100000000000003,"Sinapi 1319"]
[11026,"CHAPA DE ACO GALVANIZADA BITOLA GSG 14, E = 1,95 MM (15,60 KG/M2)","KG    ","CR","6,34",null,6.34,"Sinapi 11026"]
[11027,"CHAPA DE ACO GALVANIZADA BITOLA GSG 16, E = 1,55 MM (12,40 KG/M2)","KG    ","CR","6,60",null,6.6,"Sinapi 11027"]
[11046,"CHAPA DE ACO GALVANIZADA BITOLA GSG 18, E = 1,25 MM (10,00 KG/M2)","KG    ","CR","6,32",null,6.32,"Sinapi 11046"]
[11047,"CHAPA DE ACO GALVANIZADA BITOLA GSG 19, E = 1,11 MM (8,88 KG/M2)","KG    ","CR","6,89",null,6.89,"Sinapi 11047"]
[43668,"CHAPA DE ACO GALVANIZADA BITOLA GSG 20, E = 0,95 MM (7,60 KG/M2)","KG    ","CR","6,08",null,6.08,"Sinapi 43668"]
[39630,"CHAPA DE ACO GALVANIZADA BITOLA GSG 20, E = 0,95 MM (7,60 KG/M2)","M2    ","CR","49,67",null,49.67,"Sinapi 39630"]
[11049,"CHAPA DE ACO GALVANIZADA BITOLA GSG 22, E = 0,80 MM (6,40 KG/M2)","KG    ","C ","6,59",null,6.59,"Sinapi 11049"]
[43106,"CHAPA DE ACO GALVANIZADA BITOLA GSG 24, E = 0,64 (5,12 KG/M2)","KG    ","CR","6,63",null,6.63,"Sinapi 43106"]
[39632,"CHAPA DE ACO GALVANIZADA BITOLA GSG 24, E = 0,65 MM (5,20 KG/M2)","M2    ","CR","34,66",null,34.659999999999997,"Sinapi 39632"]
[11051,"CHAPA DE ACO GALVANIZADA BITOLA GSG 26, E = 0,50 MM (4,00 KG/M2)","KG    ","CR","6,91",null,6.91,"Sinapi 11051"]
[11061,"CHAPA DE ACO GALVANIZADA BITOLA GSG 30, E = 0,35 MM (2,80 KG/M2)","KG    ","CR","8,30",null,8.3000000000000007,"Sinapi 11061"]
[43667,"CHAPA DE ACO GROSSA, ASTM A36, E = 1 \" (25,40 MM) 199,18 KG/M2","KG    ","CR","6,03",null,6.03,"Sinapi 43667"]
[1336,"CHAPA DE ACO GROSSA, ASTM A36, E = 1 \" (25,40 MM) 199,18 KG/M2","M2    ","CR","1.325,36",null,1325.36,"Sinapi 1336"]
[1333,"CHAPA DE ACO GROSSA, ASTM A36, E = 1/2 \" (12,70 MM) 99,59 KG/M2","KG    ","CR","5,02",null,5.0199999999999996,"Sinapi 1333"]
[1330,"CHAPA DE ACO GROSSA, ASTM A36, E = 1/4 \" (6,35 MM) 49,79 KG/M2","KG    ","CR","4,98",null,4.9800000000000004,"Sinapi 1330"]
[10957,"CHAPA DE ACO GROSSA, ASTM A36, E = 3/4 \" (19,05 MM) 149,39 KG/M2","KG    ","CR","5,74",null,5.74,"Sinapi 10957"]
[1332,"CHAPA DE ACO GROSSA, ASTM A36, E = 3/8 \" (9,53 MM) 74,69 KG/M2","KG    ","CR","5,10",null,5.0999999999999996,"Sinapi 1332"]
[1334,"CHAPA DE ACO GROSSA, ASTM A36, E = 5/8 \" (15,88 MM) 124,49 KG/M2","KG    ","CR","5,66",null,5.66,"Sinapi 1334"]
[1335,"CHAPA DE ACO GROSSA, ASTM A36, E = 7/8 \" (22,23 MM) 174,28 KG/M2","KG    ","CR","5,85",null,5.85,"Sinapi 1335"]
[40425,"CHAPA DE ACO GROSSA, SAE 1020, BITOLA 1/4\", E = 6,35 MM (49,85 KG/M2)","KG    ","CR","5,00",null,5,"Sinapi 40425"]
[1337,"CHAPA DE ACO XADREZ PARA PISOS, E = 1/4 \" (6,30 MM) 54,53 KG/M2","KG    ","CR","5,74",null,5.74,"Sinapi 1337"]
[39416,"CHAPA DE GESSO ACARTONADO, RESISTENTE A UMIDADE (RU), COR VERDE, E = 12,5 MM, 1200 X 1800 MM (L X C)","M2    ","CR","30,33",null,30.33,"Sinapi 39416"]
[39417,"CHAPA DE GESSO ACARTONADO, RESISTENTE A UMIDADE (RU), COR VERDE, E = 12,5 MM, 1200 X 2400 MM (L X C)","M2    ","CR","31,80",null,31.8,"Sinapi 39417"]
[39414,"CHAPA DE GESSO ACARTONADO, RESISTENTE AO FOGO (RF), COR ROSA, E = 12,5 MM, 1200 X 1800 MM (L X C)","M2    ","CR","28,48",null,28.48,"Sinapi 39414"]
[39415,"CHAPA DE GESSO ACARTONADO, RESISTENTE AO FOGO (RF), COR ROSA, E = 12,5 MM, 1200 X 2400 MM (L X C)","M2    ","CR","30,18",null,30.18,"Sinapi 39415"]
[39412,"CHAPA DE GESSO ACARTONADO, STANDARD (ST), COR BRANCA, E = 12,5 MM, 1200 X 1800 MM (L X C)","M2    ","CR","21,44",null,21.44,"Sinapi 39412"]
[39413,"CHAPA DE GESSO ACARTONADO, STANDARD (ST), COR BRANCA, E = 12,5 MM, 1200 X 2400 MM (L X C)","M2    ","CR","21,24",null,21.24,"Sinapi 39413"]
[1338,"CHAPA DE LAMINADO MELAMINICO, LISO BRILHANTE, DE *1,25 X 3,08* M, E = 0,8 MM","M2    ","C ","28,70",null,28.7,"Sinapi 1338"]
[1340,"CHAPA DE LAMINADO MELAMINICO, LISO FOSCO, DE *1,25 X 3,08* M, E = 0,8 MM","M2    ","CR","33,18",null,33.18,"Sinapi 1340"]
[1341,"CHAPA DE LAMINADO MELAMINICO, TEXTURIZADO, DE *1,25 X 3,08* M, E = 0,8 MM","M2    ","CR","31,96",null,{"$f":"IF(E1225=\"\",\"\",E1225+0)","v":31.96},{"$f":"IF(G1225=\"\",\"\",CONCATENATE(\"Sinapi \",A1225))","v":"Sinapi 1341"}]
[1364,"CHAPA DE MADEIRA COMPENSADA DE PINUS, VIROLA OU EQUIVALENTE, DE *2,2 X 1,6* M, E = 10 MM","M2    ","CR","28,19",null,28.19,"Sinapi 1364"]
[1361,"CHAPA DE MADEIRA COMPENSADA DE PINUS, VIROLA OU EQUIVALENTE, DE *2,2 X 1,6* M, E = 12 MM","UN    ","CR","117,58",null,117.58,"Sinapi 1361"]
[1362,"CHAPA DE MADEIRA COMPENSADA DE PINUS, VIROLA OU EQUIVALENTE, DE *2,2 X 1,6* M, E = 15 MM","M2    ","CR","39,25",null,39.25,"Sinapi 1362"]
[11131,"CHAPA DE MADEIRA COMPENSADA DE PINUS, VIROLA OU EQUIVALENTE, DE *2,2 X 1,6* M, E = 20 MM","M2    ","CR","50,23",null,50.23,"Sinapi 11131"]
[11132,"CHAPA DE MADEIRA COMPENSADA DE PINUS, VIROLA OU EQUIVALENTE, DE *2,2 X 1,6* M, E = 25 MM","M2    ","CR","59,39",null,59.39,"Sinapi 11132"]
[1363,"CHAPA DE MADEIRA COMPENSADA DE PINUS, VIROLA OU EQUIVALENTE, DE *2,2 X 1,6* M, E = 6 MM","M2    ","C ","19,97",null,19.97,"Sinapi 1363"]
[11130,"CHAPA DE MADEIRA COMPENSADA DE PINUS, VIROLA OU EQUIVALENTE, DE *2,2 X 1,6* M, E = 8 MM","M2    ","CR","25,30",null,25.3,"Sinapi 11130"]
[11134,"CHAPA DE MADEIRA COMPENSADA NAVAL (COM COLA FENOLICA), E = 10 MM, DE *1,60 X 2,20* M","M2    ","C ","42,49",null,42.49,"Sinapi 11134"]
[11135,"CHAPA DE MADEIRA COMPENSADA NAVAL (COM COLA FENOLICA), E = 12 MM, DE *1,60 X 2,20* M","M2    ","CR","51,79",null,51.79,"Sinapi 11135"]
[11136,"CHAPA DE MADEIRA COMPENSADA NAVAL (COM COLA FENOLICA), E = 15 MM, DE *1,60 X 2,20* M","M2    ","CR","56,03",null,56.03,"Sinapi 11136"]
[34743,"CHAPA DE MADEIRA COMPENSADA NAVAL (COM COLA FENOLICA), E = 18 MM, DE *1,60 X 2,20* M","M2    ","CR","71,32",null,71.319999999999993,"Sinapi 34743"]
[11137,"CHAPA DE MADEIRA COMPENSADA NAVAL (COM COLA FENOLICA), E = 20 MM, DE *1,60 X 2,20* M","M2    ","CR","79,54",null,79.540000000000006,"Sinapi 11137"]
[34745,"CHAPA DE MADEIRA COMPENSADA NAVAL (COM COLA FENOLICA), E = 25 MM, DE *1,60 X 2,20* M","M2    ","CR","90,64",null,90.64,"Sinapi 34745"]
[34746,"CHAPA DE MADEIRA COMPENSADA NAVAL (COM COLA FENOLICA), E = 4 MM, DE *1,60 X 2,20* M","M2    ","CR","23,34",null,23.34,"Sinapi 34746"]
[1360,"CHAPA DE MADEIRA COMPENSADA NAVAL (COM COLA FENOLICA), E = 6 MM, DE *1,60 X 2,20* M","M2    ","CR","28,83",null,28.83,"Sinapi 1360"]
[1346,"CHAPA DE MADEIRA COMPENSADA PLASTIFICADA PARA FORMA DE CONCRETO, DE 2,20 x 1,10 M, E = 10 MM","M2    ","CR","23,16",null,23.16,"Sinapi 1346"]
[1345,"CHAPA DE MADEIRA COMPENSADA PLASTIFICADA PARA FORMA DE CONCRETO, DE 2,20 x 1,10 M, E = 18 MM","M2    ","CR","37,53",null,37.53,"Sinapi 1345"]
[1344,"CHAPA DE MADEIRA COMPENSADA PLASTIFICADA PARA FORMA DE CONCRETO, DE 2,20 x 1,10 M, E = 6 MM","UN    ","CR","40,36",null,40.36,"Sinapi 1344"]
[1342,"CHAPA DE MADEIRA COMPENSADA PLASTIFICADA PARA FORMA DE CONCRETO, DE 2,20 X 1,10 m, E = 14 MM","UN    ","CR","71,35",null,71.349999999999994,"Sinapi 1342"]
[1347,"CHAPA DE MADEIRA COMPENSADA PLASTIFICADA PARA FORMA DE CONCRETO, DE 2,20 X 1,10 M, E = 12 MM","M2    ","C ","27,68",null,27.68,"Sinapi 1347"]
[1349,"CHAPA DE MADEIRA COMPENSADA PLASTIFICADA PARA FORMA DE CONCRETO, DE 2,20 X 1,10 M, E = 20 MM","UN    ","CR","101,75",null,101.75,"Sinapi 1349"]
[1350,"CHAPA DE MADEIRA COMPENSADA RESINADA PARA FORMA DE CONCRETO, DE *2,2 X 1,1* M, E = 10 MM","UN    ","C ","37,51",null,37.51,"Sinapi 1350"]
[1357,"CHAPA DE MADEIRA COMPENSADA RESINADA PARA FORMA DE CONCRETO, DE *2,2 X 1,1* M, E = 12 MM","UN    ","CR","47,78",null,47.78,"Sinapi 1357"]
[1355,"CHAPA DE MADEIRA COMPENSADA RESINADA PARA FORMA DE CONCRETO, DE *2,2 X 1,1* M, E = 14 MM","M2    ","CR","21,99",null,21.99,"Sinapi 1355"]
[1358,"CHAPA DE MADEIRA COMPENSADA RESINADA PARA FORMA DE CONCRETO, DE *2,2 X 1,1* M, E = 17 MM","M2    ","CR","25,47",null,25.47,"Sinapi 1358"]
[1359,"CHAPA DE MADEIRA COMPENSADA RESINADA PARA FORMA DE CONCRETO, DE *2,2 X 1,1* M, E = 20 MM","UN    ","CR","73,82",null,73.819999999999993,"Sinapi 1359"]
[1351,"CHAPA DE MADEIRA COMPENSADA RESINADA PARA FORMA DE CONCRETO, DE *2,2 X 1,1* M, E = 6 MM","UN    ","CR","23,79",null,23.79,"Sinapi 1351"]
[34659,"CHAPA DE MDF BRANCO LISO 1 FACE, E = 12 MM, DE *2,75 X 1,85* M","M2    ","CR","26,26",null,26.26,"Sinapi 34659"]
[34514,"CHAPA DE MDF BRANCO LISO 1 FACE, E = 15 MM, DE *2,75 X 1,85* M","M2    ","C ","29,09",null,29.09,"Sinapi 34514"]
[34660,"CHAPA DE MDF BRANCO LISO 1 FACE, E = 18 MM, DE *2,75 X 1,85* M","M2    ","CR","36,92",null,36.92,"Sinapi 34660"]
[34661,"CHAPA DE MDF BRANCO LISO 1 FACE, E = 25 MM, DE *2,75 X 1,85* M","M2    ","CR","53,02",null,53.02,"Sinapi 34661"]
[34667,"CHAPA DE MDF BRANCO LISO 1 FACE, E = 6 MM, DE *2,75 X 1,85* M","M2    ","CR","19,20",null,19.2,"Sinapi 34667"]
[34668,"CHAPA DE MDF BRANCO LISO 1 FACE, E = 9 MM, DE *2,75 X 1,85* M","M2    ","CR","25,09",null,25.09,"Sinapi 34668"]
[34741,"CHAPA DE MDF BRANCO LISO 2 FACES, E = 12 MM, DE *2,75 X 1,85* M","M2    ","CR","27,61",null,27.61,"Sinapi 34741"]
[34664,"CHAPA DE MDF BRANCO LISO 2 FACES, E = 15 MM, DE *2,75 X 1,85* M","M2    ","CR","30,13",null,30.13,"Sinapi 34664"]
[34665,"CHAPA DE MDF BRANCO LISO 2 FACES, E = 18 MM, DE *2,75 X 1,85* M","M2    ","CR","37,40",null,37.4,"Sinapi 34665"]
[34666,"CHAPA DE MDF BRANCO LISO 2 FACES, E = 25 MM, DE *2,75 X 1,85* M","M2    ","CR","56,49",null,56.49,"Sinapi 34666"]
[34669,"CHAPA DE MDF BRANCO LISO 2 FACES, E = 6 MM, DE *2,75 X 1,85* M","M2    ","CR","20,71",null,20.71,"Sinapi 34669"]
[34670,"CHAPA DE MDF BRANCO LISO 2 FACES, E = 9 MM, DE *2,75 X 1,85* M","M2    ","CR","25,33",null,25.33,"Sinapi 34670"]
[34671,"CHAPA DE MDF CRU, E = 12 MM, DE *2,75 X 1,85* M","M2    ","CR","21,14",null,21.14,"Sinapi 34671"]
[34672,"CHAPA DE MDF CRU, E = 15 MM, DE *2,75 X 1,85* M","M2    ","CR","22,30",null,22.3,"Sinapi 34672"]
[34673,"CHAPA DE MDF CRU, E = 18 MM, DE *2,75 X 1,85* M","M2    ","CR","27,21",null,27.21,"Sinapi 34673"]
[34674,"CHAPA DE MDF CRU, E = 20 MM, DE *2,75 X 1,85* M","M2    ","CR","36,17",null,36.17,"Sinapi 34674"]
[34675,"CHAPA DE MDF CRU, E = 25 MM, DE *2,75 X 1,85* M","M2    ","CR","44,10",null,44.1,"Sinapi 34675"]
[34676,"CHAPA DE MDF CRU, E = 6 MM, DE *2,75 X 1,85* M","M2    ","CR","12,69",null,12.69,"Sinapi 34676"]
[34677,"CHAPA DE MDF CRU, E = 9 MM, DE *2,75 X 1,85* M","M2    ","CR","17,07",null,17.07,"Sinapi 34677"]
[43126,"CHAPA EM ACO GALVANIZADO PARA STEEL DECK, COM NERVURAS TRAPEZOIDAIS, LARGURA UTIL DE 915 MM E ESPESSURA DE 0,80 MM","M2    ","AS","64,06",null,64.06,"Sinapi 43126"]
[43124,"CHAPA EM ACO GALVANIZADO PARA STEEL DECK, COM NERVURAS TRAPEZOIDAIS, LARGURA UTIL DE 915 MM E ESPESSURA DE 0,95 MM","M2    ","AS","74,79",null,74.790000000000006,"Sinapi 43124"]
[43125,"CHAPA EM ACO GALVANIZADO PARA STEEL DECK, COM NERVURAS TRAPEZOIDAIS, LARGURA UTIL DE 915 MM E ESPESSURA DE 1,25 MM","M2    ","AS","97,00",null,97,"Sinapi 43125"]
[40623,"CHAPA PARA EMENDA DE VIGA, EM ACO GROSSO, QUALIDADE ESTRUTURAL, BITOLA 3/16 \", E= 4,75 MM, 4 FUROS, LARGURA 45 MM, COMPRIMENTO 500 MM","PAR   ","CR","55,89",null,55.89,"Sinapi 40623"]
[11112,"CHAPA/BOBINA LISA EM ALUMINIO, ESPESSURA DE 0,50 MM, LARGURA DE 300 MM (LIGA 1.200 - H14)","KG    ","AS","24,80",null,24.8,"Sinapi 11112"]
[11115,"CHAPA/BOBINA LISA EM ALUMINIO, ESPESSURA DE 0,80 MM, LARGURA DE 1.000 MM (LIGA 1.200 - H14)","M     ","AS","207,27",null,207.27,"Sinapi 11115"]
[11113,"CHAPA/BOBINA LISA EM ALUMINIO, ESPESSURA DE 0,80 MM, LARGURA DE 500 MM (LIGA 1.200 - H14)","KG    ","AS","70,32",null,70.319999999999993,"Sinapi 11113"]
[11114,"CHAPA/BOBINA LISA EM ALUMINIO, ESPESSURA DE 0,80 MM, LARGURA DE 600 MM (LIGA 1.200 - H14)","M     ","AS","91,01",null,91.01,"Sinapi 11114"]
[11122,"CHAPA/BOBINA LISA EM ALUMINIO, ESPESSURA DE 3,00 MM, LARGURA DE 1.000 MM (LIGA 1.200 - H14)","KG    ","AS","515,43",null,515.42999999999995,"Sinapi 11122"]
[11123,"CHAPA/BOBINA LISA EM ALUMINIO, ESPESSURA DE 4,00 MM, LARGURA DE 1.000 MM (LIGA 1.200 - H14)","KG    ","AS","24,80",null,24.8,"Sinapi 11123"]
[11125,"CHAPA/BOBINA LISA EM ALUMINIO, ESPESSURA DE 5,00 MM, LARGURA DE 1.060 MM (LIGA 1.200 - H14)","KG    ","AS","954,31",null,954.31,"Sinapi 11125"]
[12083,"CHAVE BLINDADA TRIPOLAR PARA MOTORES, DO TIPO FACA, COM PORTA FUSIVEL DO TIPO CARTUCHO, CORRENTE NOMINAL DE 100 A, TENSAO NOMINAL DE 250 V","UN    ","AS","635,83",null,635.83000000000004,"Sinapi 12083"]
[12081,"CHAVE BLINDADA TRIPOLAR PARA MOTORES, DO TIPO FACA, COM PORTA FUSIVEL DO TIPO CARTUCHO, CORRENTE NOMINAL DE 30 A, TENSAO NOMINAL DE 250 V","UN    ","AS","215,02",null,215.02,"Sinapi 12081"]
[12082,"CHAVE BLINDADA TRIPOLAR PARA MOTORES, DO TIPO FACA, COM PORTA FUSIVEL DO TIPO CARTUCHO, CORRENTE NOMINAL DE 60 A, TENSAO NOMINAL DE 250 V","UN    ","AS","337,93",null,337.93,"Sinapi 12082"]
[13354,"CHAVE DE PARTIDA DIRETA TRIFASICA, COM CAIXA TERMOPLASTICA, COM FUSIVEL DE 25 A, PARA MOTOR COM POTENCIA DE 7,5 CV E TENSAO DE 380 V","UN    ","AS","504,70",null,504.7,"Sinapi 13354"]
[14057,"CHAVE DE PARTIDA DIRETA TRIFASICA, COM CAIXA TERMOPLASTICA, COM FUSIVEL DE 35 A, PARA MOTOR COM POTENCIA DE 5 CV E TENSAO DE 220 V","UN    ","AS","281,78",null,281.77999999999997,"Sinapi 14057"]
[14058,"CHAVE DE PARTIDA DIRETA TRIFASICA, COM CAIXA TERMOPLASTICA, COM FUSIVEL DE 63 A, PARA MOTOR COM POTENCIA DE 10 CV E TENSAO DE 220 V","UN    ","AS","444,51",null,444.51,"Sinapi 14058"]
[20971,"CHAVE DUPLA PARA CONEXOES TIPO STORZ, ENGATE RAPIDO 1 1/2\" X 2 1/2\", EM LATAO, PARA INSTALACAO PREDIAL COMBATE A INCENDIO","UN    ","CR","9,52",null,{"$f":"IF(E1289=\"\",\"\",E1289+0)","v":9.52},{"$f":"IF(G1289=\"\",\"\",CONCATENATE(\"Sinapi \",A1289))","v":"Sinapi 20971"}]
[5047,"CHAVE FUSIVEL PARA REDES DE DISTRIBUICAO, TENSAO DE 15,0 KV, CORRENTE NOMINAL DO PORTA FUSIVEL DE 100 A, CAPACIDADE DE INTERRUPCAO SIMETRICA DE 7,10 KA, CAPACIDADE DE INTERRUPCAO ASSIMETRICA 10,00 KA","UN    ","AS","302,85",null,302.85000000000002,"Sinapi 5047"]
[13369,"CHAVE SECCIONADORA-FUSIVEL BLINDADA TRIPOLAR, ABERTURA COM CARGA, PARA FUSIVEL NH00, CORRENTE NOMINAL DE 160 A, TENSAO DE 500 V","UN    ","AS","328,51",null,328.51,"Sinapi 13369"]
[13370,"CHAVE SECCIONADORA-FUSIVEL BLINDADA TRIPOLAR, ABERTURA COM CARGA, PARA FUSIVEL NH01, CORRENTE NOMINAL DE 250 A, TENSAO DE 500 V","UN    ","AS","455,39",null,455.39,"Sinapi 13370"]
[13279,"CHUMBADOR DE ACO TIPO PARABOLT, * 5/8\" X 200* MM,  COM PORCA E ARRUELA","KG    ","CR","15,40",null,15.4,"Sinapi 13279"]
[11977,"CHUMBADOR DE ACO, DIAMETRO 1/2\", COMPRIMENTO 75 MM","UN    ","CR","7,97",null,7.97,"Sinapi 11977"]
[11975,"CHUMBADOR DE ACO, DIAMETRO 5/8\", COMPRIMENTO 6\", COM PORCA","UN    ","CR","17,48",null,17.48,"Sinapi 11975"]
[39746,"CHUMBADOR DE ACO, 1\" X 600 MM, PARA POSTES DE ACO COM BASE, INCLUSO PORCA E ARRUELA","UN    ","CR","194,56",null,194.56,"Sinapi 39746"]
[11976,"CHUMBADOR, DIAMETRO 1/4\" COM PARAFUSO 1/4\" X 40 MM","UN    ","CR","0,89",null,0.89,"Sinapi 11976"]
[1368,"CHUVEIRO COMUM EM PLASTICO BRANCO, COM CANO, 3 TEMPERATURAS, 5500 W (110/220 V)","UN    ","C ","52,40",null,52.4,"Sinapi 1368"]
[1367,"CHUVEIRO COMUM EM PLASTICO CROMADO, COM CANO, 4 TEMPERATURAS (110/220 V)","UN    ","CR","169,50",null,169.5,"Sinapi 1367"]
[7608,"CHUVEIRO PLASTICO BRANCO SIMPLES 5 '' PARA ACOPLAR EM HASTE 1/2 \", AGUA FRIA","UN    ","CR","4,79",null,4.79,"Sinapi 7608"]
[41900,"CIMENTO ASFALTICO DE PETROLEO A GRANEL (CAP) 30/45 (COLETADO CAIXA NA ANP ACRESCIDO DE ICMS)","KG    ","AS","3,11",null,3.11,"Sinapi 41900"]
[41899,"CIMENTO ASFALTICO DE PETROLEO A GRANEL (CAP) 50/70 (COLETADO CAIXA NA ANP ACRESCIDO DE ICMS)","T     ","AS","3.293,21",null,3293.21,"Sinapi 41899"]
[1380,"CIMENTO BRANCO","KG    ","CR","2,57",null,2.57,"Sinapi 1380"]
[1375,"CIMENTO IMPERMEABILIZANTE DE PEGA ULTRARRAPIDA PARA TAMPONAMENTOS","KG    ","CR","12,25",null,12.25,"Sinapi 1375"]
[1379,"CIMENTO PORTLAND COMPOSTO CP II-32","KG    ","CR","0,43",null,0.43,"Sinapi 1379"]
[10511,"CIMENTO PORTLAND COMPOSTO CP II-32 (SACO DE 50 KG)","50KG  ","C ","21,90",null,21.9,"Sinapi 10511"]
[13284,"CIMENTO PORTLAND DE ALTO FORNO (AF) CP III-32","KG    ","CR","0,37",null,0.37,"Sinapi 13284"]
[25974,"CIMENTO PORTLAND ESTRUTURAL BRANCO CPB-32","KG    ","CR","1,46",null,1.46,"Sinapi 25974"]
[1382,"CIMENTO PORTLAND POZOLANICO CP IV- 32","50KG  ","CR","21,10",null,21.1,"Sinapi 1382"]
[34753,"CIMENTO PORTLAND POZOLANICO CP IV-32","KG    ","CR","0,42",null,0.42,"Sinapi 34753"]
[420,"CINTA CIRCULAR EM ACO GALVANIZADO DE 150 MM DE DIAMETRO PARA FIXACAO DE CAIXA MEDICAO, INCLUI PARAFUSOS E PORCAS","UN    ","AS","20,31",null,20.309999999999999,"Sinapi 420"]
[12327,"CINTA CIRCULAR EM ACO GALVANIZADO DE 210 MM DE DIAMETRO PARA INSTALACAO DE TRANSFORMADOR EM POSTE DE CONCRETO","UN    ","AS","24,19",null,24.19,"Sinapi 12327"]
[36148,"CINTURAO DE SEGURANCA TIPO PARAQUEDISTA, FIVELA EM ACO, AJUSTE NO SUSPENSARIO, CINTURA E PERNAS","UN    ","CR","52,56",null,52.56,"Sinapi 36148"]
[12329,"COBRE ELETROLITICO EM BARRA OU CHAPA","KG    ","CR","69,15",null,69.150000000000006,"Sinapi 12329"]
[1339,"COLA A BASE DE RESINA SINTETICA PARA CHAPA DE LAMINADO MELAMINICO","KG    ","CR","28,77",null,28.77,"Sinapi 1339"]
[11849,"COLA BRANCA BASE PVA","L     ","CR","17,14",null,17.14,"Sinapi 11849"]
[37418,"COLAR DE TOMADA EM POLIPROPILENO, PP, COM PARAFUSOS, PARA PEAD, 63 X 1/2\" - LIGACAO PREDIAL DE AGUA","UN    ","AS","12,73",null,12.73,"Sinapi 37418"]
[37419,"COLAR DE TOMADA EM POLIPROPILENO, PP, COM PARAFUSOS, PARA PEAD, 63 X 3/4\" - LIGACAO PREDIAL DE AGUA","UN    ","AS","13,08",null,13.08,"Sinapi 37419"]
[1427,"COLAR TOMADA PVC, COM TRAVAS, SAIDA COM ROSCA, DE 110 MM X 1/2\" OU 110 MM X 3/4\", PARA LIGACAO PREDIAL DE AGUA","UN    ","AS","13,58",null,13.58,"Sinapi 1427"]
[1402,"COLAR TOMADA PVC, COM TRAVAS, SAIDA COM ROSCA, DE 32 MM X 1/2\" OU 32 MM X 3/4\", PARA LIGACAO PREDIAL DE AGUA","UN    ","AS","4,70",null,4.7,"Sinapi 1402"]
[1420,"COLAR TOMADA PVC, COM TRAVAS, SAIDA COM ROSCA, DE 40 MM X 1/2\" OU 40 MM X 3/4\", PARA LIGACAO PREDIAL DE AGUA","UN    ","AS","6,04",null,6.04,"Sinapi 1420"]
[1419,"COLAR TOMADA PVC, COM TRAVAS, SAIDA COM ROSCA, DE 50 MM X 1/2\" OU 50 MM X 3/4\", PARA LIGACAO PREDIAL DE AGUA","UN    ","AS","7,30",null,7.3,"Sinapi 1419"]
[1414,"COLAR TOMADA PVC, COM TRAVAS, SAIDA COM ROSCA, DE 60 MM X 1/2\" OU 60 MM X 3/4\", PARA LIGACAO PREDIAL DE AGUA","UN    ","AS","7,14",null,7.14,"Sinapi 1414"]
[1413,"COLAR TOMADA PVC, COM TRAVAS, SAIDA COM ROSCA, DE 75 MM X 1/2\" OU 75 MM X 3/4\", PARA LIGACAO PREDIAL DE AGUA","UN    ","AS","10,55",null,10.55,"Sinapi 1413"]
[1412,"COLAR TOMADA PVC, COM TRAVAS, SAIDA COM ROSCA, DE 85 MM X 1/2\" OU 85 MM X 3/4\", PARA LIGACAO PREDIAL DE AGUA","UN    ","AS","8,94",null,8.94,"Sinapi 1412"]
[1411,"COLAR TOMADA PVC, COM TRAVAS, SAIDA ROSCAVEL COM BUCHA DE LATAO, DE 110 MM X 1/2\" OU 110 MM X 3/4\", PARA LIGACAO PREDIAL DE AGUA","UN    ","AS","16,27",null,16.27,"Sinapi 1411"]
[1406,"COLAR TOMADA PVC, COM TRAVAS, SAIDA ROSCAVEL COM BUCHA DE LATAO, DE 60 MM X 1/2\" OU 60 MM X 3/4\", PARA LIGACAO PREDIAL DE AGUA","UN    ","AS","10,79",null,10.79,"Sinapi 1406"]
[1407,"COLAR TOMADA PVC, COM TRAVAS, SAIDA ROSCAVEL COM BUCHA DE LATAO, DE 75 MM X 1/2\" OU 75 MM X 3/4\", PARA LIGACAO PREDIAL DE AGUA","UN    ","AS","13,45",null,13.45,"Sinapi 1407"]
[1404,"COLAR TOMADA PVC, COM TRAVAS, SAIDA ROSCAVEL COM BUCHA DE LATAO, DE 85 MM X 1/2\" OU 85 MM X 3/4\", PARA LIGACAO PREDIAL DE AGUA","UN    ","AS","14,30",null,14.3,"Sinapi 1404"]
[11281,"COMPACTADOR DE SOLO A PERCUSSAO (SOQUETE), COM MOTOR GASOLINA DE 4 TEMPOS, PESO ENTRE 55 E 65 KG, FORCA DE IMPACTO DE 1.000 A 1.500 KGF, FREQUENCIA DE 600 A 700 GOLPES POR MINUTO, VELOCIDADE DE TRABALHO ENTRE 10 E 15 M/MIN, POTENCIA ENTRE 2,00 E 3,00 HP","UN    ","C ","11.000,00",null,11000,"Sinapi 11281"]
[1442,"COMPACTADOR DE SOLO TIPO PLACA VIBRATORIA REVERSIVEL, A GASOLINA, 4 TEMPOS, PESO DE 125 A 150 KG, FORCA CENTRIFUGA DE 2500 A 2800 KGF, LARG. TRABALHO DE 400 A 450 MM, FREQ VIBRACAO DE 4300 A 4500 RPM, VELOC. TRABALHO DE 15 A 20 M/MIN, POT. DE 5,5 A 6,0 HP","UN    ","CR","9.234,41",null,9234.41,"Sinapi 1442"]
[13457,"COMPACTADOR DE SOLO TIPO PLACA VIBRATORIA REVERSIVEL, A GASOLINA, 4 TEMPOS, PESO DE 150 A 175 KG, FORCA CENTRIFUGA DE 2800 A 3100 KGF, LARG. TRABALHO DE 450 A 520 MM, FREQ VIBRACAO DE 4000 A 4300 RPM, VELOC. TRABALHO DE 15 A 20 M/MIN, POT. DE 6,0 A 7,0 HP","UN    ","CR","7.971,01",null,7971.01,"Sinapi 13457"]
[40699,"COMPACTADOR DE SOLO, TIPO PLACA VIBRATORIA NAO REVERSIVEL, COM MOTOR A GASOLINA DE 4 TEMPOS, PESO ENTRE 80 E 120 KG, FORCA CENTRIFUGA ENTRE 1300 E 2000 KGF, LARGURA DE TRABALHO ENTRE 400 E 500 MM, FREQUENCIA DE VIBRACAO ENTRE 4800 E 6000 RPM, VELOCIDADEDE TRABALHO ENTRE 20 E 30 M/MIN, POTENCIA ENTRE 5,0 E 6,0 HP","UN    ","CR","6.161,89",null,6161.89,"Sinapi 40699"]
[40701,"COMPACTADOR DE SOLO, TIPO PLACA VIBRATORIA REVERSIVEL, COM MOTOR A DIESEL, PESO ENTRE 700 E 820 KG, FORCA CENTRIFUGA ENTRE 6.200 E 10.000 KGF, LARGURA DE TRABALHO ENTRE 650 E 720 MM, FREQUENCIA DE VIBRACAO ENTRE 3.000 E 3.500 RPM, VELOCIDADE DE TRABALHOENTRE 25 E 30 M/MIN, POTENCIA ENTRE 13,0 E 15,0 HP","UN    ","CR","108.950,77",null,108950.77,"Sinapi 40701"]
[40700,"COMPACTADOR DE SOLO, TIPO PLACA VIBRATORIA REVERSIVEL, COM MOTOR A GASOLINA DE 4 TEMPOS, PESO ENTRE 160 E 265 KG, FORCA CENTRIFUGA ENTRE 2750 E 4000 KGF, LARGURA DE TRABALHO ENTRE 430 E 550 MM, FREQUENCIA DE VIBRACAO ENTRE 4000 E 5500 RPM, VELOCIDADE DETRABALHO ENTRE 20 E 25 M/MIN, POTENCIA ENTRE 7,5 E 9,0 HP","UN    ","CR","14.344,09",null,14344.09,"Sinapi 40700"]
[13458,"COMPACTADOR DE SOLOS DE PERCURSAO (SOQUETE) COM MOTOR A GASOLINA 4 TEMPOS DE 4 HP (4 CV)","UN    ","CR","13.630,43",null,13630.43,"Sinapi 13458"]
[36524,"COMPRESSOR DE AR ESTACIONARIO, VAZAO 620 PCM, PRESSAO EFETIVA DE TRABALHO 109 PSI, MOTOR ELETRICO, POTENCIA 127 CV","UN    ","AS","86.280,46",null,86280.46,"Sinapi 36524"]
[36526,"COMPRESSOR DE AR REBOCAVEL VAZAO 400 PCM, PRESSAO EFETIVA DE TRABALHO 102 PSI, MOTOR DIESEL, POTENCIA 110 CV","UN    ","AS","69.528,30",null,69528.3,"Sinapi 36526"]
[36523,"COMPRESSOR DE AR REBOCAVEL VAZAO 748 PCM, PRESSAO EFETIVA DE TRABALHO 102 PSI, MOTOR DIESEL, POTENCIA 210 CV","UN    ","AS","148.850,72",null,148850.72,"Sinapi 36523"]
[36527,"COMPRESSOR DE AR REBOCAVEL VAZAO 860 PCM, PRESSAO EFETIVA DE TRABALHO 102 PSI, MOTOR DIESEL, POTENCIA 250 CV","UN    ","AS","161.682,54",null,161682.54,"Sinapi 36527"]
[13803,"COMPRESSOR DE AR REBOCAVEL, VAZAO *89* PCM, PRESSAO EFETIVA DE TRABALHO *102* PSI, MOTOR DIESEL, POTENCIA *20* CV","UN    ","AS","58.463,00",null,58463,"Sinapi 13803"]
[38642,"COMPRESSOR DE AR REBOCAVEL, VAZAO 152 PCM, PRESSAO EFETIVA DE TRABALHO 102 PSI, MOTOR DIESEL, POTENCIA 31,5 KW","UN    ","AS","37.643,84",null,37643.839999999997,"Sinapi 38642"]
[36522,"COMPRESSOR DE AR REBOCAVEL, VAZAO 189 PCM, PRESSAO EFETIVA DE TRABALHO 102 PSI, MOTOR DIESEL, POTENCIA 63 CV","UN    ","AS","43.779,34",null,43779.34,"Sinapi 36522"]
[36525,"COMPRESSOR DE AR REBOCAVEL, VAZAO 250 PCM, PRESSAO EFETIVA DE TRABALHO 102 PSI, MOTOR DIESEL, POTENCIA 81 CV","UN    ","AS","58.630,76",null,58630.76,"Sinapi 36525"]
[41991,"COMPRESSOR DE AR, VAZAO DE 10 PCM, RESERVATORIO 100 L, PRESSAO DE TRABALHO ENTRE 6,9 E 9,7 BAR,  POTENCIA 2 HP, TENSAO 110/220 V (COLETADO CAIXA)","UN    ","AS","2.166,49",null,2166.4899999999998,"Sinapi 41991"]
[34348,"CONCERTINA CLIPADA (DUPLA) EM ACO GALVANIZADO DE ALTA RESISTENCIA, COM ESPIRAL DE 300 MM, D = 2,76 MM","M     ","CR","13,80",null,13.8,"Sinapi 34348"]
[34347,"CONCERTINA SIMPLES EM ACO GALVANIZADO DE ALTA RESISTENCIA, COM ESPIRAL DE 300 MM, D = 2,76 MM","M     ","CR","10,48",null,10.48,"Sinapi 34347"]
[11146,"CONCRETO AUTOADENSAVEL (CAA) CLASSE DE RESISTENCIA C15, ESPALHAMENTO SF2, INCLUI SERVICO DE BOMBEAMENTO (NBR 15823)","M3    ","CR","272,84",null,272.83999999999997,"Sinapi 11146"]
[11147,"CONCRETO AUTOADENSAVEL (CAA) CLASSE DE RESISTENCIA C20, ESPALHAMENTO SF2, INCLUI SERVICO DE BOMBEAMENTO (NBR 15823)","M3    ","CR","282,94",null,282.94,"Sinapi 11147"]
[34872,"CONCRETO AUTOADENSAVEL (CAA) CLASSE DE RESISTENCIA C25, ESPALHAMENTO SF2, INCLUI SERVICO DE BOMBEAMENTO (NBR 15823)","M3    ","CR","293,05",null,293.05,"Sinapi 34872"]
[34491,"CONCRETO AUTOADENSAVEL (CAA) CLASSE DE RESISTENCIA C30, ESPALHAMENTO SF2, INCLUI SERVICO DE BOMBEAMENTO (NBR 15823)","M3    ","CR","298,98",null,298.98,"Sinapi 34491"]
[34770,"CONCRETO BETUMINOSO USINADO A QUENTE (CBUQ) PARA PAVIMENTACAO ASFALTICA, PADRAO DNIT, FAIXA C, COM CAP 30/45 - AQUISICAO POSTO USINA","T     ","AS","302,55",null,302.55,"Sinapi 34770"]
[1518,"CONCRETO BETUMINOSO USINADO A QUENTE (CBUQ) PARA PAVIMENTACAO ASFALTICA, PADRAO DNIT, FAIXA C, COM CAP 50/70 - AQUISICAO POSTO USINA","T     ","AS","326,52",null,{"$f":"IF(E1353=\"\",\"\",E1353+0)","v":326.52},{"$f":"IF(G1353=\"\",\"\",CONCATENATE(\"Sinapi \",A1353))","v":"Sinapi 1518"}]
[41965,"CONCRETO BETUMINOSO USINADO A QUENTE (CBUQ) PARA PAVIMENTACAO ASFALTICA, PADRAO DNIT, PARA BINDER, COM CAP 50/70 - AQUISICAO POSTO USINA","T     ","AS","316,33",null,316.33,"Sinapi 41965"]
[34492,"CONCRETO USINADO BOMBEAVEL, CLASSE DE RESISTENCIA C20, COM BRITA 0 E 1, SLUMP = 100 +/- 20 MM, EXCLUI SERVICO DE BOMBEAMENTO (NBR 8953)","M3    ","CR","247,57",null,247.57,"Sinapi 34492"]
[1524,"CONCRETO USINADO BOMBEAVEL, CLASSE DE RESISTENCIA C20, COM BRITA 0 E 1, SLUMP = 100 +/- 20 MM, INCLUI SERVICO DE BOMBEAMENTO (NBR 8953)","M3    ","C ","288,00",null,288,"Sinapi 1524"]
[38404,"CONCRETO USINADO BOMBEAVEL, CLASSE DE RESISTENCIA C20, COM BRITA 0 E 1, SLUMP = 130 +/- 20 MM, EXCLUI SERVICO DE BOMBEAMENTO (NBR 8953)","M3    ","CR","303,97",null,303.97000000000003,"Sinapi 38404"]
[39849,"CONCRETO USINADO BOMBEAVEL, CLASSE DE RESISTENCIA C20, COM BRITA 0 E 1, SLUMP = 190 +/- 20 MM, INCLUI SERVICO DE BOMBEAMENTO (NBR 8953)","M3    ","CR","303,32",null,303.32,"Sinapi 39849"]
[38464,"CONCRETO USINADO BOMBEAVEL, CLASSE DE RESISTENCIA C20, COM BRITA 0, SLUMP = 220 +/- 20 MM, INCLUI SERVICO DE BOMBEAMENTO (NBR 8953)","M3    ","CR","367,20",null,367.2,"Sinapi 38464"]
[34493,"CONCRETO USINADO BOMBEAVEL, CLASSE DE RESISTENCIA C25, COM BRITA 0 E 1, SLUMP = 100 +/- 20 MM, EXCLUI SERVICO DE BOMBEAMENTO (NBR 8953)","M3    ","CR","257,17",null,257.17,"Sinapi 34493"]
[1527,"CONCRETO USINADO BOMBEAVEL, CLASSE DE RESISTENCIA C25, COM BRITA 0 E 1, SLUMP = 100 +/- 20 MM, INCLUI SERVICO DE BOMBEAMENTO (NBR 8953)","M3    ","CR","300,12",null,300.12,"Sinapi 1527"]
[38405,"CONCRETO USINADO BOMBEAVEL, CLASSE DE RESISTENCIA C25, COM BRITA 0 E 1, SLUMP = 130 +/- 20 MM, EXCLUI SERVICO DE BOMBEAMENTO (NBR 8953)","M3    ","CR","322,21",null,322.20999999999998,"Sinapi 38405"]
[38408,"CONCRETO USINADO BOMBEAVEL, CLASSE DE RESISTENCIA C25, COM BRITA 0 E 1, SLUMP = 190 +/- 20 MM, EXCLUI SERVICO DE BOMBEAMENTO (NBR 8953)","M3    ","CR","335,05",null,335.05,"Sinapi 38408"]
[34494,"CONCRETO USINADO BOMBEAVEL, CLASSE DE RESISTENCIA C30, COM BRITA 0 E 1, SLUMP = 100 +/- 20 MM, EXCLUI SERVICO DE BOMBEAMENTO (NBR 8953)","M3    ","CR","268,59",null,268.58999999999997,"Sinapi 34494"]
[1525,"CONCRETO USINADO BOMBEAVEL, CLASSE DE RESISTENCIA C30, COM BRITA 0 E 1, SLUMP = 100 +/- 20 MM, INCLUI SERVICO DE BOMBEAMENTO (NBR 8953)","M3    ","CR","310,23",null,310.23,"Sinapi 1525"]
[38406,"CONCRETO USINADO BOMBEAVEL, CLASSE DE RESISTENCIA C30, COM BRITA 0 E 1, SLUMP = 130 +/- 20 MM, EXCLUI SERVICO DE BOMBEAMENTO (NBR 8953)","M3    ","CR","338,54",null,338.54,"Sinapi 38406"]
[38409,"CONCRETO USINADO BOMBEAVEL, CLASSE DE RESISTENCIA C30, COM BRITA 0 E 1, SLUMP = 190 +/- 20 MM, EXCLUI SERVICO DE BOMBEAMENTO (NBR 8953)","M3    ","CR","361,16",null,361.16,"Sinapi 38409"]
[34495,"CONCRETO USINADO BOMBEAVEL, CLASSE DE RESISTENCIA C35, COM BRITA 0 E 1, SLUMP = 100 +/- 20 MM, EXCLUI SERVICO DE BOMBEAMENTO (NBR 8953)","M3    ","CR","280,06",null,280.06,"Sinapi 34495"]
[11145,"CONCRETO USINADO BOMBEAVEL, CLASSE DE RESISTENCIA C35, COM BRITA 0 E 1, SLUMP = 100 +/- 20 MM, INCLUI SERVICO DE BOMBEAMENTO (NBR 8953)","M3    ","CR","321,34",null,321.33999999999997,"Sinapi 11145"]
[34496,"CONCRETO USINADO BOMBEAVEL, CLASSE DE RESISTENCIA C40, COM BRITA 0 E 1, SLUMP = 100 +/- 20 MM, EXCLUI SERVICO DE BOMBEAMENTO (NBR 8953)","M3    ","CR","292,54",null,292.54000000000002,"Sinapi 34496"]
[34479,"CONCRETO USINADO BOMBEAVEL, CLASSE DE RESISTENCIA C40, COM BRITA 0 E 1, SLUMP = 100 +/- 20 MM, INCLUI SERVICO DE BOMBEAMENTO (NBR 8953)","M3    ","CR","333,47",null,333.47,"Sinapi 34479"]
[34481,"CONCRETO USINADO BOMBEAVEL, CLASSE DE RESISTENCIA C45, COM BRITA 0 E 1, SLUMP = 100 +/- 20 MM, INCLUI SERVICO DE BOMBEAMENTO (NBR 8953)","M3    ","CR","374,90",null,374.9,"Sinapi 34481"]
[34483,"CONCRETO USINADO BOMBEAVEL, CLASSE DE RESISTENCIA C50, COM BRITA 0 E 1, SLUMP = 100 +/- 20 MM, INCLUI SERVICO DE BOMBEAMENTO (NBR 8953)","M3    ","CR","444,63",null,444.63,"Sinapi 34483"]
[34485,"CONCRETO USINADO BOMBEAVEL, CLASSE DE RESISTENCIA C60, COM BRITA 0 E 1, SLUMP = 100 +/- 20 MM, INCLUI SERVICO DE BOMBEAMENTO (NBR 8953)","M3    ","CR","570,94",null,570.94000000000005,"Sinapi 34485"]
[34497,"CONCRETO USINADO BOMBEAVEL, CLASSE DE RESISTENCIA C80, COM BRITA 0 E 1, SLUMP = 100 +/- 20 MM, EXCLUI SERVICO DE BOMBEAMENTO (NBR 8953)","M3    ","CR","788,21",null,788.21,"Sinapi 34497"]
[14041,"CONCRETO USINADO CONVENCIONAL (NAO BOMBEAVEL) CLASSE DE RESISTENCIA C10, COM BRITA 1 E 2, SLUMP = 80 MM +/- 10 MM (NBR 8953)","M3    ","CR","247,03",null,247.03,"Sinapi 14041"]
[1523,"CONCRETO USINADO CONVENCIONAL (NAO BOMBEAVEL) CLASSE DE RESISTENCIA C15, COM BRITA 1 E 2, SLUMP = 80 MM +/- 10 MM (NBR 8953)","M3    ","CR","249,39",null,249.39,"Sinapi 1523"]
[14052,"CONDULETE DE ALUMINIO TIPO B, PARA ELETRODUTO ROSCAVEL DE 1/2\", COM TAMPA CEGA","UN    ","CR","6,86",null,6.86,"Sinapi 14052"]
[14054,"CONDULETE DE ALUMINIO TIPO B, PARA ELETRODUTO ROSCAVEL DE 1\", COM TAMPA CEGA","UN    ","CR","8,91",null,8.91,"Sinapi 14054"]
[14053,"CONDULETE DE ALUMINIO TIPO B, PARA ELETRODUTO ROSCAVEL DE 3/4\", COM TAMPA CEGA","UN    ","CR","6,96",null,6.96,"Sinapi 14053"]
[2558,"CONDULETE DE ALUMINIO TIPO C, PARA ELETRODUTO ROSCAVEL DE 1/2\", COM TAMPA CEGA","UN    ","CR","5,24",null,5.24,"Sinapi 2558"]
[2560,"CONDULETE DE ALUMINIO TIPO C, PARA ELETRODUTO ROSCAVEL DE 1\", COM TAMPA CEGA","UN    ","CR","9,23",null,9.23,"Sinapi 2560"]
[2559,"CONDULETE DE ALUMINIO TIPO C, PARA ELETRODUTO ROSCAVEL DE 3/4\", COM TAMPA CEGA","UN    ","C ","7,38",null,7.38,"Sinapi 2559"]
[2592,"CONDULETE DE ALUMINIO TIPO C, PARA ELETRODUTO ROSCAVEL DE 4\", COM TAMPA CEGA","UN    ","CR","122,34",null,122.34,"Sinapi 2592"]
[2566,"CONDULETE DE ALUMINIO TIPO E, PARA ELETRODUTO ROSCAVEL DE 1  1/4\", COM TAMPA CEGA","UN    ","CR","12,31",null,12.31,"Sinapi 2566"]
[2589,"CONDULETE DE ALUMINIO TIPO E, PARA ELETRODUTO ROSCAVEL DE 1 1/2\", COM TAMPA CEGA","UN    ","CR","16,36",null,16.36,"Sinapi 2589"]
[2591,"CONDULETE DE ALUMINIO TIPO E, PARA ELETRODUTO ROSCAVEL DE 1/2\", COM TAMPA CEGA","UN    ","CR","5,97",null,5.97,"Sinapi 2591"]
[2590,"CONDULETE DE ALUMINIO TIPO E, PARA ELETRODUTO ROSCAVEL DE 1\", COM TAMPA CEGA","UN    ","CR","10,04",null,10.039999999999999,"Sinapi 2590"]
[2567,"CONDULETE DE ALUMINIO TIPO E, PARA ELETRODUTO ROSCAVEL DE 2\", COM TAMPA CEGA","UN    ","CR","24,00",null,24,"Sinapi 2567"]
[2565,"CONDULETE DE ALUMINIO TIPO E, PARA ELETRODUTO ROSCAVEL DE 3/4\", COM TAMPA CEGA","UN    ","CR","5,98",null,5.98,"Sinapi 2565"]
[2568,"CONDULETE DE ALUMINIO TIPO E, PARA ELETRODUTO ROSCAVEL DE 3\", COM TAMPA CEGA","UN    ","CR","66,65",null,66.650000000000006,"Sinapi 2568"]
[2594,"CONDULETE DE ALUMINIO TIPO E, PARA ELETRODUTO ROSCAVEL DE 4\", COM TAMPA CEGA","UN    ","CR","111,04",null,111.04,"Sinapi 2594"]
[2587,"CONDULETE DE ALUMINIO TIPO LR, PARA ELETRODUTO ROSCAVEL DE 1 1/2\", COM TAMPA CEGA","UN    ","CR","18,92",null,18.920000000000002,"Sinapi 2587"]
[2588,"CONDULETE DE ALUMINIO TIPO LR, PARA ELETRODUTO ROSCAVEL DE 1 1/4\", COM TAMPA CEGA","UN    ","CR","15,03",null,15.03,"Sinapi 2588"]
[2569,"CONDULETE DE ALUMINIO TIPO LR, PARA ELETRODUTO ROSCAVEL DE 1/2\", COM TAMPA CEGA","UN    ","CR","5,79",null,5.79,"Sinapi 2569"]
[2570,"CONDULETE DE ALUMINIO TIPO LR, PARA ELETRODUTO ROSCAVEL DE 1\", COM TAMPA CEGA","UN    ","CR","9,71",null,9.7100000000000009,"Sinapi 2570"]
[2571,"CONDULETE DE ALUMINIO TIPO LR, PARA ELETRODUTO ROSCAVEL DE 2\", COM TAMPA CEGA","UN    ","CR","28,82",null,28.82,"Sinapi 2571"]
[2593,"CONDULETE DE ALUMINIO TIPO LR, PARA ELETRODUTO ROSCAVEL DE 3/4\", COM TAMPA CEGA","UN    ","CR","6,17",null,6.17,"Sinapi 2593"]
[2572,"CONDULETE DE ALUMINIO TIPO LR, PARA ELETRODUTO ROSCAVEL DE 3\", COM TAMPA CEGA","UN    ","CR","85,24",null,85.24,"Sinapi 2572"]
[2595,"CONDULETE DE ALUMINIO TIPO LR, PARA ELETRODUTO ROSCAVEL DE 4\", COM TAMPA CEGA","UN    ","CR","132,99",null,132.99,"Sinapi 2595"]
[2576,"CONDULETE DE ALUMINIO TIPO T, PARA ELETRODUTO ROSCAVEL DE 1 1/2\", COM TAMPA CEGA","UN    ","CR","22,67",null,22.67,"Sinapi 2576"]
[2575,"CONDULETE DE ALUMINIO TIPO T, PARA ELETRODUTO ROSCAVEL DE 1 1/4\", COM TAMPA CEGA","UN    ","CR","17,04",null,17.04,"Sinapi 2575"]
[2573,"CONDULETE DE ALUMINIO TIPO T, PARA ELETRODUTO ROSCAVEL DE 1/2\", COM TAMPA CEGA","UN    ","CR","7,07",null,7.07,"Sinapi 2573"]
[2586,"CONDULETE DE ALUMINIO TIPO T, PARA ELETRODUTO ROSCAVEL DE 1\", COM TAMPA CEGA","UN    ","CR","11,47",null,11.47,"Sinapi 2586"]
[2577,"CONDULETE DE ALUMINIO TIPO T, PARA ELETRODUTO ROSCAVEL DE 2\", COM TAMPA CEGA","UN    ","CR","30,72",null,30.72,"Sinapi 2577"]
[2574,"CONDULETE DE ALUMINIO TIPO T, PARA ELETRODUTO ROSCAVEL DE 3/4\", COM TAMPA CEGA","UN    ","CR","7,12",null,7.12,"Sinapi 2574"]
[2578,"CONDULETE DE ALUMINIO TIPO T, PARA ELETRODUTO ROSCAVEL DE 3\", COM TAMPA CEGA","UN    ","CR","95,91",null,95.91,"Sinapi 2578"]
[2585,"CONDULETE DE ALUMINIO TIPO T, PARA ELETRODUTO ROSCAVEL DE 4\", COM TAMPA CEGA","UN    ","CR","131,61",null,131.61000000000001,"Sinapi 2585"]
[12008,"CONDULETE DE ALUMINIO TIPO TB, PARA ELETRODUTO ROSCAVEL DE 3\", COM TAMPA CEGA","UN    ","CR","70,61",null,70.61,"Sinapi 12008"]
[2582,"CONDULETE DE ALUMINIO TIPO X, PARA ELETRODUTO ROSCAVEL DE 1 1/2\", COM TAMPA CEGA","UN    ","CR","21,03",null,21.03,"Sinapi 2582"]
[2597,"CONDULETE DE ALUMINIO TIPO X, PARA ELETRODUTO ROSCAVEL DE 1 1/4\", COM TAMPA CEGA","UN    ","CR","18,02",null,18.02,"Sinapi 2597"]
[2579,"CONDULETE DE ALUMINIO TIPO X, PARA ELETRODUTO ROSCAVEL DE 1/2\", COM TAMPA CEGA","UN    ","CR","8,58",null,8.58,"Sinapi 2579"]
[2581,"CONDULETE DE ALUMINIO TIPO X, PARA ELETRODUTO ROSCAVEL DE 1\", COM TAMPA CEGA","UN    ","CR","10,98",null,10.98,"Sinapi 2581"]
[2596,"CONDULETE DE ALUMINIO TIPO X, PARA ELETRODUTO ROSCAVEL DE 2\", COM TAMPA CEGA","UN    ","CR","32,47",null,32.47,"Sinapi 2596"]
[2580,"CONDULETE DE ALUMINIO TIPO X, PARA ELETRODUTO ROSCAVEL DE 3/4\", COM TAMPA CEGA","UN    ","CR","9,40",null,9.4,"Sinapi 2580"]
[2583,"CONDULETE DE ALUMINIO TIPO X, PARA ELETRODUTO ROSCAVEL DE 3\", COM TAMPA CEGA","UN    ","CR","78,98",null,78.98,"Sinapi 2583"]
[2584,"CONDULETE DE ALUMINIO TIPO X, PARA ELETRODUTO ROSCAVEL DE 4\", COM TAMPA CEGA","UN    ","CR","131,48",null,{"$f":"IF(E1417=\"\",\"\",E1417+0)","v":131.47999999999999},{"$f":"IF(G1417=\"\",\"\",CONCATENATE(\"Sinapi \",A1417))","v":"Sinapi 2584"}]
[12010,"CONDULETE EM PVC, TIPO \"B\", SEM TAMPA, DE 1/2\" OU 3/4\"","UN    ","CR","6,32",null,6.32,"Sinapi 12010"]
[39329,"CONDULETE EM PVC, TIPO \"B\", SEM TAMPA, DE 1\"","UN    ","CR","6,61",null,6.61,"Sinapi 39329"]
[39330,"CONDULETE EM PVC, TIPO \"C\", SEM TAMPA, DE 1/2\"","UN    ","CR","6,95",null,6.95,"Sinapi 39330"]
[39332,"CONDULETE EM PVC, TIPO \"C\", SEM TAMPA, DE 1\"","UN    ","CR","7,77",null,7.77,"Sinapi 39332"]
[39331,"CONDULETE EM PVC, TIPO \"C\", SEM TAMPA, DE 3/4\"","UN    ","CR","6,18",null,6.18,"Sinapi 39331"]
[39333,"CONDULETE EM PVC, TIPO \"E\", SEM TAMPA, DE 1/2\"","UN    ","CR","6,03",null,6.03,"Sinapi 39333"]
[39335,"CONDULETE EM PVC, TIPO \"E\", SEM TAMPA, DE 1\"","UN    ","CR","6,97",null,6.97,"Sinapi 39335"]
[39334,"CONDULETE EM PVC, TIPO \"E\", SEM TAMPA, DE 3/4\"","UN    ","CR","5,54",null,5.54,"Sinapi 39334"]
[12016,"CONDULETE EM PVC, TIPO \"LB\", SEM TAMPA, DE 1/2\" OU 3/4\"","UN    ","CR","6,96",null,6.96,"Sinapi 12016"]
[12015,"CONDULETE EM PVC, TIPO \"LB\", SEM TAMPA, DE 1\"","UN    ","CR","8,10",null,8.1,"Sinapi 12015"]
[12020,"CONDULETE EM PVC, TIPO \"LL\", SEM TAMPA, DE 1/2\" OU 3/4\"","UN    ","CR","6,96",null,6.96,"Sinapi 12020"]
[12019,"CONDULETE EM PVC, TIPO \"LL\", SEM TAMPA, DE 1\"","UN    ","CR","8,10",null,8.1,"Sinapi 12019"]
[39336,"CONDULETE EM PVC, TIPO \"LR\", SEM TAMPA, DE 1/2\"","UN    ","CR","6,95",null,6.95,"Sinapi 39336"]
[39338,"CONDULETE EM PVC, TIPO \"LR\", SEM TAMPA, DE 1\"","UN    ","CR","7,77",null,7.77,"Sinapi 39338"]
[39337,"CONDULETE EM PVC, TIPO \"LR\", SEM TAMPA, DE 3/4\"","UN    ","CR","6,18",null,6.18,"Sinapi 39337"]
[39341,"CONDULETE EM PVC, TIPO \"T\", SEM TAMPA, DE 1\"","UN    ","CR","10,13",null,10.130000000000001,"Sinapi 39341"]
[39340,"CONDULETE EM PVC, TIPO \"T\", SEM TAMPA, DE 3/4\"","UN    ","CR","7,43",null,7.43,"Sinapi 39340"]
[12025,"CONDULETE EM PVC, TIPO \"TB\", SEM TAMPA, DE 1/2\" OU 3/4\"","UN    ","CR","7,68",null,7.68,"Sinapi 12025"]
[39342,"CONDULETE EM PVC, TIPO \"TB\", SEM TAMPA, DE 1\"","UN    ","CR","10,13",null,10.130000000000001,"Sinapi 39342"]
[39343,"CONDULETE EM PVC, TIPO \"X\", SEM TAMPA, DE 1/2\"","UN    ","CR","8,55",null,8.5500000000000007,"Sinapi 39343"]
[39345,"CONDULETE EM PVC, TIPO \"X\", SEM TAMPA, DE 1\"","UN    ","CR","11,57",null,11.57,"Sinapi 39345"]
[39344,"CONDULETE EM PVC, TIPO \"X\", SEM TAMPA, DE 3/4\"","UN    ","CR","8,27",null,8.27,"Sinapi 39344"]
[12623,"CONDUTOR PLUVIAL, PVC, CIRCULAR, DIAMETRO ENTRE 80 E 100 MM, PARA DRENAGEM PREDIAL","M     ","AS","9,36",null,9.36,"Sinapi 12623"]
[34498,"CONE DE SINALIZACAO EM PVC FLEXIVEL, H = 70 / 76 CM (NBR 15071)","UN    ","CR","99,61",null,99.61,"Sinapi 34498"]
[13244,"CONE DE SINALIZACAO EM PVC RIGIDO COM FAIXA REFLETIVA, H = 70 / 76 CM","UN    ","C ","41,93",null,41.93,"Sinapi 13244"]
[38998,"CONECTOR / ADAPTADOR FEMEA, COM INSERTO METALICO, PPR, DN 25 MM X 1/2\", PARA AGUA QUENTE E FRIA PREDIAL","UN    ","AS","8,15",null,8.15,"Sinapi 38998"]
[38999,"CONECTOR / ADAPTADOR FEMEA, COM INSERTO METALICO, PPR, DN 32 MM X 3/4\", PARA AGUA QUENTE E FRIA PREDIAL","UN    ","AS","13,49",null,13.49,"Sinapi 38999"]
[38996,"CONECTOR / ADAPTADOR MACHO, COM INSERTO METALICO, PPR, DN 25 MM X 1/2\", PARA AGUA QUENTE E FRIA PREDIAL","UN    ","AS","11,78",null,11.78,"Sinapi 38996"]
[38997,"CONECTOR / ADAPTADOR MACHO, COM INSERTO METALICO, PPR, DN 32 MM X 3/4\", PARA AGUA QUENTE E FRIA PREDIAL","UN    ","AS","19,07",null,19.07,"Sinapi 38997"]
[39862,"CONECTOR BRONZE/LATAO (REF 603) SEM ANEL DE SOLDA, BOLSA X ROSCA F, 15 MM X 1/2\"","UN    ","AS","8,02",null,8.02,"Sinapi 39862"]
[39863,"CONECTOR BRONZE/LATAO (REF 603) SEM ANEL DE SOLDA, BOLSA X ROSCA F, 22 MM X 1/2\"","UN    ","AS","8,13",null,8.1300000000000008,"Sinapi 39863"]
[39864,"CONECTOR BRONZE/LATAO (REF 603) SEM ANEL DE SOLDA, BOLSA X ROSCA F, 22 MM X 3/4\"","UN    ","AS","10,09",null,10.09,"Sinapi 39864"]
[39865,"CONECTOR BRONZE/LATAO (REF 603) SEM ANEL DE SOLDA, BOLSA X ROSCA F, 28 MM X 1/2\"","UN    ","AS","14,23",null,14.23,"Sinapi 39865"]
[2517,"CONECTOR CURVO 90 GRAUS DE ALUMINIO, BITOLA 1 1/2\", PARA ADAPTAR ENTRADA DE ELETRODUTO METALICO FLEXIVEL EM QUADROS","UN    ","CR","13,10",null,13.1,"Sinapi 2517"]
[2522,"CONECTOR CURVO 90 GRAUS DE ALUMINIO, BITOLA 1 1/4\", PARA ADAPTAR ENTRADA DE ELETRODUTO METALICO FLEXIVEL EM QUADROS","UN    ","CR","8,46",null,8.4600000000000009,"Sinapi 2522"]
[2548,"CONECTOR CURVO 90 GRAUS DE ALUMINIO, BITOLA 1/2\", PARA ADAPTAR ENTRADA DE ELETRODUTO METALICO FLEXIVEL EM QUADROS","UN    ","CR","5,20",null,5.2,"Sinapi 2548"]
[2516,"CONECTOR CURVO 90 GRAUS DE ALUMINIO, BITOLA 1\", PARA ADAPTAR ENTRADA DE ELETRODUTO METALICO FLEXIVEL EM QUADROS","UN    ","CR","6,79",null,6.79,"Sinapi 2516"]
[2518,"CONECTOR CURVO 90 GRAUS DE ALUMINIO, BITOLA 2 1/2\", PARA ADAPTAR ENTRADA DE ELETRODUTO METALICO FLEXIVEL EM QUADROS","UN    ","CR","62,35",null,62.35,"Sinapi 2518"]
[2521,"CONECTOR CURVO 90 GRAUS DE ALUMINIO, BITOLA 2\", PARA ADAPTAR ENTRADA DE ELETRODUTO METALICO FLEXIVEL EM QUADROS","UN    ","CR","26,54",null,26.54,"Sinapi 2521"]
[2515,"CONECTOR CURVO 90 GRAUS DE ALUMINIO, BITOLA 3/4\", PARA ADAPTAR ENTRADA DE ELETRODUTO METALICO FLEXIVEL EM QUADROS","UN    ","CR","5,65",null,5.65,"Sinapi 2515"]
[2519,"CONECTOR CURVO 90 GRAUS DE ALUMINIO, BITOLA 3\", PARA ADAPTAR ENTRADA DE ELETRODUTO METALICO FLEXIVEL EM QUADROS","UN    ","CR","75,18",null,75.180000000000007,"Sinapi 2519"]
[2520,"CONECTOR CURVO 90 GRAUS DE ALUMINIO, BITOLA 4\", PARA ADAPTAR ENTRADA DE ELETRODUTO METALICO FLEXIVEL EM QUADROS","UN    ","CR","138,38",null,138.38,"Sinapi 2520"]
[1602,"CONECTOR DE ALUMINIO TIPO PRENSA CABO, BITOLA 1 1/2\", PARA CABOS DE DIAMETRO DE 37 A 40 MM","UN    ","CR","29,22",null,29.22,"Sinapi 1602"]
[1601,"CONECTOR DE ALUMINIO TIPO PRENSA CABO, BITOLA 1 1/4\", PARA CABOS DE DIAMETRO DE 31 A 34 MM","UN    ","CR","26,04",null,26.04,"Sinapi 1601"]
[1598,"CONECTOR DE ALUMINIO TIPO PRENSA CABO, BITOLA 1/2\", PARA CABOS DE DIAMETRO DE 12,5 A 15 MM","UN    ","CR","7,71",null,7.71,"Sinapi 1598"]
[1600,"CONECTOR DE ALUMINIO TIPO PRENSA CABO, BITOLA 1\", PARA CABOS DE DIAMETRO DE 22,5 A 25 MM","UN    ","CR","11,37",null,11.37,"Sinapi 1600"]
[1603,"CONECTOR DE ALUMINIO TIPO PRENSA CABO, BITOLA 2\", PARA CABOS DE DIAMETRO DE 47,5 A 50 MM","UN    ","CR","44,12",null,44.12,"Sinapi 1603"]
[1599,"CONECTOR DE ALUMINIO TIPO PRENSA CABO, BITOLA 3/4\", PARA CABOS DE DIAMETRO DE 17,5 A 20 MM","UN    ","CR","8,94",null,8.94,"Sinapi 1599"]
[1597,"CONECTOR DE ALUMINIO TIPO PRENSA CABO, BITOLA 3/8\", PARA CABOS DE DIAMETRO DE 9 A 10 MM","UN    ","CR","7,24",null,7.24,"Sinapi 1597"]
[39600,"CONECTOR FEMEA RJ - 45, CATEGORIA 5 E","UN    ","CR","9,46",null,9.4600000000000009,"Sinapi 39600"]
[39601,"CONECTOR FEMEA RJ - 45, CATEGORIA 6","UN    ","CR","16,46",null,16.46,"Sinapi 39601"]
[39602,"CONECTOR MACHO RJ - 45, CATEGORIA 5 E","UN    ","CR","1,08",null,1.08,"Sinapi 39602"]
[39603,"CONECTOR MACHO RJ - 45, CATEGORIA 6","UN    ","CR","1,85",null,1.85,"Sinapi 39603"]
[11821,"CONECTOR METALICO TIPO PARAFUSO FENDIDO (SPLIT BOLT), COM SEPARADOR DE CABOS BIMETALICOS, PARA CABOS ATE 25 MM2","UN    ","CR","5,95",null,5.95,"Sinapi 11821"]
[1562,"CONECTOR METALICO TIPO PARAFUSO FENDIDO (SPLIT BOLT), COM SEPARADOR DE CABOS BIMETALICOS, PARA CABOS ATE 50 MM2","UN    ","CR","9,75",null,9.75,"Sinapi 1562"]
[1563,"CONECTOR METALICO TIPO PARAFUSO FENDIDO (SPLIT BOLT), COM SEPARADOR DE CABOS BIMETALICOS, PARA CABOS ATE 70 MM2","UN    ","CR","13,08",null,13.08,"Sinapi 1563"]
[11856,"CONECTOR METALICO TIPO PARAFUSO FENDIDO (SPLIT BOLT), PARA CABOS ATE 10 MM2","UN    ","C ","3,90",null,3.9,"Sinapi 11856"]
[11857,"CONECTOR METALICO TIPO PARAFUSO FENDIDO (SPLIT BOLT), PARA CABOS ATE 120 MM2","UN    ","CR","20,52",null,20.52,"Sinapi 11857"]
[11858,"CONECTOR METALICO TIPO PARAFUSO FENDIDO (SPLIT BOLT), PARA CABOS ATE 150 MM2","UN    ","CR","25,47",null,25.47,"Sinapi 11858"]
[1539,"CONECTOR METALICO TIPO PARAFUSO FENDIDO (SPLIT BOLT), PARA CABOS ATE 16 MM2","UN    ","CR","4,58",null,4.58,"Sinapi 1539"]
[11859,"CONECTOR METALICO TIPO PARAFUSO FENDIDO (SPLIT BOLT), PARA CABOS ATE 185 MM2","UN    ","CR","34,66",null,34.659999999999997,"Sinapi 11859"]
[1550,"CONECTOR METALICO TIPO PARAFUSO FENDIDO (SPLIT BOLT), PARA CABOS ATE 25 MM2","UN    ","CR","4,83",null,4.83,"Sinapi 1550"]
[11854,"CONECTOR METALICO TIPO PARAFUSO FENDIDO (SPLIT BOLT), PARA CABOS ATE 35 MM2","UN    ","CR","6,04",null,6.04,"Sinapi 11854"]
[11862,"CONECTOR METALICO TIPO PARAFUSO FENDIDO (SPLIT BOLT), PARA CABOS ATE 50 MM2","UN    ","CR","8,47",null,{"$f":"IF(E1481=\"\",\"\",E1481+0)","v":8.4700000000000006},{"$f":"IF(G1481=\"\",\"\",CONCATENATE(\"Sinapi \",A1481))","v":"Sinapi 11862"}]
[11863,"CONECTOR METALICO TIPO PARAFUSO FENDIDO (SPLIT BOLT), PARA CABOS ATE 6 MM2","UN    ","CR","3,42",null,3.42,"Sinapi 11863"]
[11855,"CONECTOR METALICO TIPO PARAFUSO FENDIDO (SPLIT BOLT), PARA CABOS ATE 70 MM2","UN    ","CR","12,65",null,12.65,"Sinapi 11855"]
[11864,"CONECTOR METALICO TIPO PARAFUSO FENDIDO (SPLIT BOLT), PARA CABOS ATE 95 MM2","UN    ","CR","19,12",null,19.12,"Sinapi 11864"]
[2527,"CONECTOR RETO DE ALUMINIO PARA ELETRODUTO DE 1 1/2\", PARA ADAPTAR ENTRADA DE ELETRODUTO METALICO FLEXIVEL EM QUADROS","UN    ","CR","4,69",null,4.6900000000000004,"Sinapi 2527"]
[2526,"CONECTOR RETO DE ALUMINIO PARA ELETRODUTO DE 1 1/4\", PARA ADAPTAR ENTRADA DE ELETRODUTO METALICO FLEXIVEL EM QUADROS","UN    ","CR","3,00",null,3,"Sinapi 2526"]
[2487,"CONECTOR RETO DE ALUMINIO PARA ELETRODUTO DE 1/2\", PARA ADAPTAR ENTRADA DE ELETRODUTO METALICO FLEXIVEL EM QUADROS","UN    ","CR","1,02",null,1.02,"Sinapi 2487"]
[2483,"CONECTOR RETO DE ALUMINIO PARA ELETRODUTO DE 1\", PARA ADAPTAR ENTRADA DE ELETRODUTO METALICO FLEXIVEL EM QUADROS","UN    ","CR","2,14",null,2.14,"Sinapi 2483"]
[2528,"CONECTOR RETO DE ALUMINIO PARA ELETRODUTO DE 2 1/2\", PARA ADAPTAR ENTRADA DE ELETRODUTO METALICO FLEXIVEL EM QUADROS","UN    ","CR","11,80",null,11.8,"Sinapi 2528"]
[2489,"CONECTOR RETO DE ALUMINIO PARA ELETRODUTO DE 2\", PARA ADAPTAR ENTRADA DE ELETRODUTO METALICO FLEXIVEL EM QUADROS","UN    ","CR","5,19",null,5.19,"Sinapi 2489"]
[2488,"CONECTOR RETO DE ALUMINIO PARA ELETRODUTO DE 3/4\", PARA ADAPTAR ENTRADA DE ELETRODUTO METALICO FLEXIVEL EM QUADROS","UN    ","CR","1,20",null,1.2,"Sinapi 2488"]
[2484,"CONECTOR RETO DE ALUMINIO PARA ELETRODUTO DE 3\", PARA ADAPTAR ENTRADA DE ELETRODUTO METALICO FLEXIVEL EM QUADROS","UN    ","CR","17,13",null,17.13,"Sinapi 2484"]
[2485,"CONECTOR RETO DE ALUMINIO PARA ELETRODUTO DE 4\", PARA ADAPTAR ENTRADA DE ELETRODUTO METALICO FLEXIVEL EM QUADROS","UN    ","CR","26,86",null,26.86,"Sinapi 2485"]
[38005,"CONECTOR, CPVC, SOLDAVEL, 15 MM X 1/2\", PARA AGUA QUENTE","UN    ","CR","9,56",null,9.56,"Sinapi 38005"]
[38006,"CONECTOR, CPVC, SOLDAVEL, 22 MM X 1/2\", PARA AGUA QUENTE","UN    ","CR","11,74",null,11.74,"Sinapi 38006"]
[38428,"CONECTOR, CPVC, SOLDAVEL, 22 MM X 3/4\", PARA AGUA QUENTE","UN    ","CR","11,00",null,11,"Sinapi 38428"]
[38007,"CONECTOR, CPVC, SOLDAVEL, 28 MM X 1\", PARA AGUA QUENTE","UN    ","CR","17,97",null,17.97,"Sinapi 38007"]
[38008,"CONECTOR, CPVC, SOLDAVEL, 35 MM X 1 1/4\", PARA AGUA QUENTE","UN    ","CR","72,38",null,72.38,"Sinapi 38008"]
[38009,"CONECTOR, CPVC, SOLDAVEL, 42 MM X 1 1/2\", PARA AGUA QUENTE","UN    ","CR","88,46",null,88.46,"Sinapi 38009"]
[39279,"CONEXAO FIXA, ROSCA FEMEA, EM PLASTICO, DN 16 MM X 1/2\", PARA CONEXAO COM CRIMPAGEM EM TUBO PEX","UN    ","AS","9,54",null,9.5399999999999991,"Sinapi 39279"]
[38845,"CONEXAO FIXA, ROSCA FEMEA, EM PLASTICO, DN 16 MM X 3/4\", PARA CONEXAO COM CRIMPAGEM EM TUBO PEX","UN    ","AS","13,80",null,13.8,"Sinapi 38845"]
[39280,"CONEXAO FIXA, ROSCA FEMEA, EM PLASTICO, DN 20 MM X 1/2\", PARA CONEXAO COM CRIMPAGEM EM TUBO PEX","UN    ","AS","12,37",null,12.37,"Sinapi 39280"]
[39281,"CONEXAO FIXA, ROSCA FEMEA, EM PLASTICO, DN 20 MM X 3/4\", PARA CONEXAO COM CRIMPAGEM EM TUBO PEX","UN    ","AS","16,28",null,16.28,"Sinapi 39281"]
[38849,"CONEXAO FIXA, ROSCA FEMEA, EM PLASTICO, DN 25 MM X 1/2\", PARA CONEXAO COM CRIMPAGEM EM TUBO PEX","UN    ","AS","13,95",null,13.95,"Sinapi 38849"]
[39282,"CONEXAO FIXA, ROSCA FEMEA, EM PLASTICO, DN 25 MM X 3/4\", PARA CONEXAO COM CRIMPAGEM EM TUBO PEX","UN    ","AS","16,67",null,16.670000000000002,"Sinapi 39282"]
[38852,"CONEXAO FIXA, ROSCA FEMEA, EM PLASTICO, DN 32 MM X 3/4\", PARA CONEXAO COM CRIMPAGEM EM TUBO PEX","UN    ","AS","22,68",null,22.68,"Sinapi 38852"]
[38844,"CONEXAO FIXA, ROSCA FEMEA, METALICA, COM ANEL DESLIZANTE, DN 16 MM X 1/2\", PARA TUBO PEX","UN    ","AS","6,97",null,6.97,"Sinapi 38844"]
[38846,"CONEXAO FIXA, ROSCA FEMEA, METALICA, COM ANEL DESLIZANTE, DN 20 MM X 1/2\", PARA TUBO PEX","UN    ","AS","7,62",null,7.62,"Sinapi 38846"]
[38847,"CONEXAO FIXA, ROSCA FEMEA, METALICA, COM ANEL DESLIZANTE, DN 20 MM X 3/4\", PARA TUBO PEX","UN    ","AS","9,38",null,9.3800000000000008,"Sinapi 38847"]
[38850,"CONEXAO FIXA, ROSCA FEMEA, METALICA, COM ANEL DESLIZANTE, DN 25 MM X 1\", PARA TUBO PEX","UN    ","AS","13,04",null,13.04,"Sinapi 38850"]
[38848,"CONEXAO FIXA, ROSCA FEMEA, METALICA, COM ANEL DESLIZANTE, DN 25 MM X 3/4\", PARA TUBO PEX","UN    ","AS","10,90",null,10.9,"Sinapi 38848"]
[38851,"CONEXAO FIXA, ROSCA FEMEA, METALICA, COM ANEL DESLIZANTE, DN 32 MM X 1\", PARA TUBO PEX","UN    ","AS","19,82",null,19.82,"Sinapi 38851"]
[38860,"CONEXAO FIXA, ROSCA MACHO, METALICA, PARA TUBO PEX, DN 16 MM X 1/2\"","UN    ","AS","5,60",null,5.6,"Sinapi 38860"]
[38861,"CONEXAO FIXA, ROSCA MACHO, METALICA, PARA TUBO PEX, DN 16 MM X 3/4\"","UN    ","AS","7,54",null,7.54,"Sinapi 38861"]
[38862,"CONEXAO FIXA, ROSCA MACHO, METALICA, PARA TUBO PEX, DN 20 MM X 1/2\"","UN    ","AS","6,35",null,6.35,"Sinapi 38862"]
[38863,"CONEXAO FIXA, ROSCA MACHO, METALICA, PARA TUBO PEX, DN 20 MM X 3/4\"","UN    ","AS","7,30",null,7.3,"Sinapi 38863"]
[38865,"CONEXAO FIXA, ROSCA MACHO, METALICA, PARA TUBO PEX, DN 25 MM X 1/2\"","UN    ","AS","9,91",null,9.91,"Sinapi 38865"]
[38864,"CONEXAO FIXA, ROSCA MACHO, METALICA, PARA TUBO PEX, DN 25 MM X 1\"","UN    ","AS","15,15",null,15.15,"Sinapi 38864"]
[38866,"CONEXAO FIXA, ROSCA MACHO, METALICA, PARA TUBO PEX, DN 25 MM X 3/4\"","UN    ","AS","10,67",null,10.67,"Sinapi 38866"]
[38868,"CONEXAO FIXA, ROSCA MACHO, METALICA, PARA TUBO PEX, DN 32 MM X 1\"","UN    ","AS","17,78",null,17.78,"Sinapi 38868"]
[38853,"CONEXAO MOVEL, ROSCA FEMEA, METALICA, COM ANEL DESLIZANTE, PARA TUBO PEX, DN 16 MM X 1/2\"","UN    ","AS","5,74",null,5.74,"Sinapi 38853"]
[38854,"CONEXAO MOVEL, ROSCA FEMEA, METALICA, COM ANEL DESLIZANTE, PARA TUBO PEX, DN 16 MM X 3/4\"","UN    ","AS","7,85",null,7.85,"Sinapi 38854"]
[38855,"CONEXAO MOVEL, ROSCA FEMEA, METALICA, COM ANEL DESLIZANTE, PARA TUBO PEX, DN 20 MM X 1/2\"","UN    ","AS","5,82",null,5.82,"Sinapi 38855"]
[38856,"CONEXAO MOVEL, ROSCA FEMEA, METALICA, COM ANEL DESLIZANTE, PARA TUBO PEX, DN 20 MM X 3/4\"","UN    ","AS","9,35",null,9.35,"Sinapi 38856"]
[38857,"CONEXAO MOVEL, ROSCA FEMEA, METALICA, COM ANEL DESLIZANTE, PARA TUBO PEX, DN 25 MM X 1\"","UN    ","AS","12,37",null,12.37,"Sinapi 38857"]
[38858,"CONEXAO MOVEL, ROSCA FEMEA, METALICA, COM ANEL DESLIZANTE, PARA TUBO PEX, DN 25 MM X 3/4\"","UN    ","AS","11,25",null,11.25,"Sinapi 38858"]
[38859,"CONEXAO MOVEL, ROSCA FEMEA, METALICA, COM ANEL DESLIZANTE, PARA TUBO PEX, DN 32 MM X 1\"","UN    ","AS","18,22",null,18.22,"Sinapi 38859"]
[1607,"CONJUNTO ARRUELAS DE VEDACAO 5/16\" PARA TELHA FIBROCIMENTO (UMA ARRUELA METALICA E UMA ARRUELA PVC - CONICAS)","CJ    ","CR","0,15",null,0.15,"Sinapi 1607"]
[11467,"CONJUNTO DE FECHADURA DE SOBREPOR EM FERRO PINTADO, SEM MACANETA, COM CHAVE GRANDE (SEM CILINDRO) - TIPO CAIXAO - COMPLETA","UN    ","CR","16,04",null,16.04,"Sinapi 11467"]
[38169,"CONJUNTO DE FERRAGENS PIVO, PARA PORTA PIVOTANTE DE ATE 100 KG, REGULAVEL COM ESFERA , CROMADO - SUPERIOR E INFERIOR - COMPLETO","CJ    ","CR","56,91",null,56.91,"Sinapi 38169"]
[6142,"CONJUNTO DE LIGACAO PARA BACIA SANITARIA AJUSTAVEL, EM PLASTICO BRANCO, COM TUBO, CANOPLA E ESPUDE","UN    ","CR","5,24",null,5.24,"Sinapi 6142"]
[11686,"CONJUNTO DE LIGACAO PARA BACIA SANITARIA EM PLASTICO BRANCO COM TUBO, CANOPLA E ANEL DE EXPANSAO (TUBO 1.1/2 '' X 20 CM)","UN    ","CR","7,27",null,7.27,"Sinapi 11686"]
[37598,"CONJUNTO MONTADO ESTOPIM COM ESPOLETA COMUM NUMERO 8, COM CABECA ACENDEDORA, 1,5 M","UN    ","AS","21,65",null,21.65,"Sinapi 37598"]
[25398,"CONJUNTO PARA FUTSAL COM TRAVES OFICIAIS DE 3,00 X 2,00 M EM TUBO DE ACO GALVANIZADO 3\" COM REQUADRO EM TUBO DE 1\", PINTURA EM PRIMER COM TINTA ESMALTE SINTETICO E REDES DE POLIETILENO FIO 4 MM","UN    ","AS","2.307,08",null,2307.08,"Sinapi 25398"]
[25399,"CONJUNTO PARA QUADRA DE  VOLEI COM POSTES EM TUBO DE ACO GALVANIZADO 3\", H = *255* CM, PINTURA EM TINTA ESMALTE SINTETICO, REDE DE NYLON COM 2 MM, MALHA 10 X 10 CM E ANTENAS OFICIAIS EM FIBRA DE VIDRO","UN    ","AS","1.400,60",null,1400.6,"Sinapi 25399"]
[10667,"CONTAINER ALMOXARIFADO, DE *2,40* X *6,00* M, PADRAO SIMPLES, SEM REVESTIMENTO E SEM DIVISORIAS INTERNOS E SEM SANITARIO, PARA USO EM CANTEIRO DE OBRAS","UN    ","AS","11.987,85",null,11987.85,"Sinapi 10667"]
[1613,"CONTATOR TRIPOLAR, CORRENTE DE *110* A, TENSAO NOMINAL DE *500* V, CATEGORIA AC-2 E AC-3","UN    ","AS","1.260,26",null,1260.26,"Sinapi 1613"]
[1626,"CONTATOR TRIPOLAR, CORRENTE DE *185* A, TENSAO NOMINAL DE *500* V, CATEGORIA AC-2 E AC-3","UN    ","AS","1.884,87",null,1884.87,"Sinapi 1626"]
[1625,"CONTATOR TRIPOLAR, CORRENTE DE *22* A, TENSAO NOMINAL DE *500* V, CATEGORIA AC-2 E AC-3","UN    ","AS","131,65",null,131.65,"Sinapi 1625"]
[1622,"CONTATOR TRIPOLAR, CORRENTE DE *265* A, TENSAO NOMINAL DE *500* V, CATEGORIA AC-2 E AC-3","UN    ","AS","4.253,39",null,4253.3900000000003,"Sinapi 1622"]
[1620,"CONTATOR TRIPOLAR, CORRENTE DE *38* A, TENSAO NOMINAL DE *500* V, CATEGORIA AC-2 E AC-3","UN    ","AS","277,33",null,277.33,"Sinapi 1620"]
[1629,"CONTATOR TRIPOLAR, CORRENTE DE *500* A, TENSAO NOMINAL DE *500* V, CATEGORIA AC-2 E AC-3","UN    ","AS","10.351,73",null,10351.73,"Sinapi 1629"]
[1627,"CONTATOR TRIPOLAR, CORRENTE DE *65* A, TENSAO NOMINAL DE *500* V, CATEGORIA AC-2 E AC-3","UN    ","AS","530,10",null,530.1,"Sinapi 1627"]
[1623,"CONTATOR TRIPOLAR, CORRENTE DE 12 A, TENSAO NOMINAL DE *500* V, CATEGORIA AC-2 E AC-3","UN    ","AS","107,36",null,107.36,"Sinapi 1623"]
[1619,"CONTATOR TRIPOLAR, CORRENTE DE 25 A, TENSAO NOMINAL DE *500* V, CATEGORIA AC-2 E AC-3","UN    ","AS","147,69",null,{"$f":"IF(E1545=\"\",\"\",E1545+0)","v":147.69},{"$f":"IF(G1545=\"\",\"\",CONCATENATE(\"Sinapi \",A1545))","v":"Sinapi 1619"}]
[1630,"CONTATOR TRIPOLAR, CORRENTE DE 250 A, TENSAO NOMINAL DE *500* V, PARA ACIONAMENTO DE CAPACITORES","UN    ","AS","3.251,80",null,3251.8,"Sinapi 1630"]
[1616,"CONTATOR TRIPOLAR, CORRENTE DE 300 A, TENSAO NOMINAL DE *500* V, CATEGORIA AC-2 E AC-3","UN    ","AS","5.001,33",null,5001.33,"Sinapi 1616"]
[1614,"CONTATOR TRIPOLAR, CORRENTE DE 32 A, TENSAO NOMINAL DE *500* V, CATEGORIA AC-2 E AC-3","UN    ","AS","228,58",null,228.58,"Sinapi 1614"]
[1617,"CONTATOR TRIPOLAR, CORRENTE DE 400 A, TENSAO NOMINAL DE *500* V, CATEGORIA AC-2 E AC-3","UN    ","AS","5.970,50",null,5970.5,"Sinapi 1617"]
[1621,"CONTATOR TRIPOLAR, CORRENTE DE 45 A, TENSAO NOMINAL DE *500* V, CATEGORIA AC-2 E AC-3","UN    ","AS","408,80",null,408.8,"Sinapi 1621"]
[1624,"CONTATOR TRIPOLAR, CORRENTE DE 630 A, TENSAO NOMINAL DE *500* V, CATEGORIA AC-2 E AC-3","UN    ","AS","14.675,79",null,14675.79,"Sinapi 1624"]
[1615,"CONTATOR TRIPOLAR, CORRENTE DE 75 A, TENSAO NOMINAL DE *500* V, CATEGORIA AC-2 E AC-3","UN    ","AS","767,67",null,767.67,"Sinapi 1615"]
[1612,"CONTATOR TRIPOLAR, CORRENTE DE 9 A, TENSAO NOMINAL DE *500* V, CATEGORIA AC-2 E AC-3","UN    ","AS","101,11",null,101.11,"Sinapi 1612"]
[1618,"CONTATOR TRIPOLAR, CORRENTE DE 95 A, TENSAO NOMINAL DE *500* V, CATEGORIA AC-2 E AC-3","UN    ","AS","1.054,90",null,1054.9000000000001,"Sinapi 1618"]
[14211,"CONTRA-PORCA SEXTAVADA, DIAMETRO NOMINAL 1 3/8\", ALTURA 35 MM","UN    ","CR","33,32",null,33.32,"Sinapi 14211"]
[34500,"COORDENADOR / GERENTE DE OBRA","H     ","CR","120,84",null,120.84,"Sinapi 34500"]
[40934,"COORDENADOR / GERENTE DE OBRA (MENSALISTA)","MES   ","CR","21.549,65",null,21549.65,"Sinapi 40934"]
[5328,"CORANTE LIQUIDO PARA TINTA PVA, BISNAGA 50 ML","UN    ","CR","3,84",null,3.84,"Sinapi 5328"]
[38200,"CORDA DE POLIAMIDA 12 MM TIPO BOMBEIRO, PARA TRABALHO EM ALTURA","100M  ","CR","467,37",null,467.37,"Sinapi 38200"]
[39269,"CORDAO DE COBRE, FLEXIVEL, TORCIDO, CLASSE 4 OU 5, ISOLACAO EM PVC/D, 300 V, 2 CONDUTORES DE 0,5 MM2","M     ","CR","0,88",null,0.88,"Sinapi 39269"]
[11889,"CORDAO DE COBRE, FLEXIVEL, TORCIDO, CLASSE 4 OU 5, ISOLACAO EM PVC/D, 300 V, 2 CONDUTORES DE 0,75 MM2","M     ","CR","1,22",null,1.22,"Sinapi 11889"]
[39270,"CORDAO DE COBRE, FLEXIVEL, TORCIDO, CLASSE 4 OU 5, ISOLACAO EM PVC/D, 300 V, 2 CONDUTORES DE 1,0 MM2","M     ","CR","1,45",null,1.45,"Sinapi 39270"]
[11890,"CORDAO DE COBRE, FLEXIVEL, TORCIDO, CLASSE 4 OU 5, ISOLACAO EM PVC/D, 300 V, 2 CONDUTORES DE 1,5 MM2","M     ","CR","1,89",null,1.89,"Sinapi 11890"]
[11891,"CORDAO DE COBRE, FLEXIVEL, TORCIDO, CLASSE 4 OU 5, ISOLACAO EM PVC/D, 300 V, 2 CONDUTORES DE 2,5 MM2","M     ","CR","3,12",null,3.12,"Sinapi 11891"]
[11892,"CORDAO DE COBRE, FLEXIVEL, TORCIDO, CLASSE 4 OU 5, ISOLACAO EM PVC/D, 300 V, 2 CONDUTORES DE 4 MM2","M     ","CR","4,81",null,4.8099999999999996,"Sinapi 11892"]
[37601,"CORDEL DETONANTE, NP 05 G/M","M     ","AS","4,81",null,4.8099999999999996,"Sinapi 37601"]
[1634,"CORDEL DETONANTE, NP 10 G/M","M     ","AS","4,97",null,4.97,"Sinapi 1634"]
[5086,"CORRENTE DE ELO CURTO COMUM, SOLDADA, GALVANIZADA, ESPESSURA DO ELO = 1/2\" (12,5 MM)","KG    ","CR","23,56",null,23.56,"Sinapi 5086"]
[11280,"CORTADEIRA DE PISO DE CONCRETO E ASFALTO, PARA DISCO PADRAO DE DIAMETRO 350 MM (14\") OU 450 MM (18\") , MOTOR A GASOLINA, POTENCIA 13 HP, SEM DISCO","UN    ","CR","8.184,33",null,8184.33,"Sinapi 11280"]
[40519,"CORTADEIRA HIDRAULICA DE VERGALHAO, PARA ACO DE DIAMETRO ATE 50 MM, MOTOR ELETRICO TRIFASICO, POTENCIA DE 5,5 HP A 7,5 HP","UN    ","CR","67.468,88",null,67468.88,"Sinapi 40519"]
[39869,"COTOVELO BRONZE/LATAO (REF 707-3) SEM ANEL DE SOLDA, BOLSA X ROSCA F, 15MM X 1/2\"","UN    ","AS","7,97",null,7.97,"Sinapi 39869"]
[39870,"COTOVELO BRONZE/LATAO (REF 707-3) SEM ANEL DE SOLDA, BOLSA X ROSCA F, 22MM X 1/2\"","UN    ","AS","12,19",null,12.19,"Sinapi 39870"]
[39871,"COTOVELO BRONZE/LATAO (REF 707-3) SEM ANEL DE SOLDA, BOLSA X ROSCA F, 22MM X 3/4\"","UN    ","AS","13,66",null,13.66,"Sinapi 39871"]
[12722,"COTOVELO DE COBRE 90 GRAUS (REF 607) SEM ANEL DE SOLDA, BOLSA X BOLSA, 104 MM","UN    ","AS","457,19",null,457.19,"Sinapi 12722"]
[12714,"COTOVELO DE COBRE 90 GRAUS (REF 607) SEM ANEL DE SOLDA, BOLSA X BOLSA, 15 MM","UN    ","AS","2,98",null,2.98,"Sinapi 12714"]
[12715,"COTOVELO DE COBRE 90 GRAUS (REF 607) SEM ANEL DE SOLDA, BOLSA X BOLSA, 22 MM","UN    ","AS","6,73",null,6.73,"Sinapi 12715"]
[12716,"COTOVELO DE COBRE 90 GRAUS (REF 607) SEM ANEL DE SOLDA, BOLSA X BOLSA, 28 MM","UN    ","AS","11,57",null,11.57,"Sinapi 12716"]
[12717,"COTOVELO DE COBRE 90 GRAUS (REF 607) SEM ANEL DE SOLDA, BOLSA X BOLSA, 35 MM","UN    ","AS","22,74",null,22.74,"Sinapi 12717"]
[12718,"COTOVELO DE COBRE 90 GRAUS (REF 607) SEM ANEL DE SOLDA, BOLSA X BOLSA, 42 MM","UN    ","AS","34,90",null,34.9,"Sinapi 12718"]
[12719,"COTOVELO DE COBRE 90 GRAUS (REF 607) SEM ANEL DE SOLDA, BOLSA X BOLSA, 54 MM","UN    ","AS","55,41",null,55.41,"Sinapi 12719"]
[12720,"COTOVELO DE COBRE 90 GRAUS (REF 607) SEM ANEL DE SOLDA, BOLSA X BOLSA, 66 MM","UN    ","AS","192,95",null,192.95,"Sinapi 12720"]
[12721,"COTOVELO DE COBRE 90 GRAUS (REF 607) SEM ANEL DE SOLDA, BOLSA X BOLSA, 79 MM","UN    ","AS","185,02",null,185.02,"Sinapi 12721"]
[3468,"COTOVELO DE REDUCAO 90 GRAUS DE FERRO GALVANIZADO, COM ROSCA BSP, DE 1 1/2\" X 1\"","UN    ","CR","22,48",null,22.48,"Sinapi 3468"]
[3465,"COTOVELO DE REDUCAO 90 GRAUS DE FERRO GALVANIZADO, COM ROSCA BSP, DE 1 1/2\" X 3/4\"","UN    ","CR","22,47",null,22.47,"Sinapi 3465"]
[12403,"COTOVELO DE REDUCAO 90 GRAUS DE FERRO GALVANIZADO, COM ROSCA BSP, DE 1 1/4\" X 1\"","UN    ","CR","16,02",null,16.02,"Sinapi 12403"]
[3463,"COTOVELO DE REDUCAO 90 GRAUS DE FERRO GALVANIZADO, COM ROSCA BSP, DE 1\" X 1/2\"","UN    ","CR","9,36",null,9.36,"Sinapi 3463"]
[3464,"COTOVELO DE REDUCAO 90 GRAUS DE FERRO GALVANIZADO, COM ROSCA BSP, DE 1\" X 3/4\"","UN    ","CR","9,36",null,9.36,"Sinapi 3464"]
[3466,"COTOVELO DE REDUCAO 90 GRAUS DE FERRO GALVANIZADO, COM ROSCA BSP, DE 2 1/2\" X 2\"","UN    ","CR","57,08",null,57.08,"Sinapi 3466"]
[3467,"COTOVELO DE REDUCAO 90 GRAUS DE FERRO GALVANIZADO, COM ROSCA BSP, DE 2\" X 1 1/2\"","UN    ","CR","32,24",null,32.24,"Sinapi 3467"]
[3462,"COTOVELO DE REDUCAO 90 GRAUS DE FERRO GALVANIZADO, COM ROSCA BSP, DE 3/4\" X 1/2\"","UN    ","CR","6,17",null,6.17,"Sinapi 3462"]
[3446,"COTOVELO 45 GRAUS DE FERRO GALVANIZADO, COM ROSCA BSP, DE 1 1/2\"","UN    ","CR","19,00",null,19,"Sinapi 3446"]
[3445,"COTOVELO 45 GRAUS DE FERRO GALVANIZADO, COM ROSCA BSP, DE 1 1/4\"","UN    ","CR","15,51",null,15.51,"Sinapi 3445"]
[3441,"COTOVELO 45 GRAUS DE FERRO GALVANIZADO, COM ROSCA BSP, DE 1/2\"","UN    ","CR","4,38",null,4.38,"Sinapi 3441"]
[3444,"COTOVELO 45 GRAUS DE FERRO GALVANIZADO, COM ROSCA BSP, DE 1\"","UN    ","CR","9,55",null,9.5500000000000007,"Sinapi 3444"]
[12402,"COTOVELO 45 GRAUS DE FERRO GALVANIZADO, COM ROSCA BSP, DE 2 1/2\"","UN    ","CR","53,42",null,53.42,"Sinapi 12402"]
[3447,"COTOVELO 45 GRAUS DE FERRO GALVANIZADO, COM ROSCA BSP, DE 2\"","UN    ","CR","27,64",null,27.64,"Sinapi 3447"]
[3442,"COTOVELO 45 GRAUS DE FERRO GALVANIZADO, COM ROSCA BSP, DE 3/4\"","UN    ","CR","6,55",null,6.55,"Sinapi 3442"]
[3448,"COTOVELO 45 GRAUS DE FERRO GALVANIZADO, COM ROSCA BSP, DE 3\"","UN    ","CR","78,11",null,78.11,"Sinapi 3448"]
[3449,"COTOVELO 45 GRAUS DE FERRO GALVANIZADO, COM ROSCA BSP, DE 4\"","UN    ","CR","136,86",null,136.86000000000001,"Sinapi 3449"]
[37438,"COTOVELO 45 GRAUS, PEAD PE 100, DE 125 MM, PARA ELETROFUSAO","UN    ","AS","151,84",null,151.84,"Sinapi 37438"]
[37439,"COTOVELO 45 GRAUS, PEAD PE 100, DE 200 MM, PARA ELETROFUSAO","UN    ","AS","992,75",null,992.75,"Sinapi 37439"]
[37435,"COTOVELO 45 GRAUS, PEAD PE 100, DE 32 MM, PARA ELETROFUSAO","UN    ","AS","17,84",null,17.84,"Sinapi 37435"]
[37436,"COTOVELO 45 GRAUS, PEAD PE 100, DE 40 MM, PARA ELETROFUSAO","UN    ","AS","21,06",null,21.06,"Sinapi 37436"]
[37437,"COTOVELO 45 GRAUS, PEAD PE 100, DE 63 MM, PARA ELETROFUSAO","UN    ","AS","30,46",null,30.46,"Sinapi 37437"]
[3473,"COTOVELO 90 GRAUS DE FERRO GALVANIZADO, COM ROSCA BSP MACHO/FEMEA, DE 1 1/2\"","UN    ","CR","21,49",null,21.49,"Sinapi 3473"]
[3474,"COTOVELO 90 GRAUS DE FERRO GALVANIZADO, COM ROSCA BSP MACHO/FEMEA, DE 1 1/4\"","UN    ","CR","17,71",null,17.71,"Sinapi 3474"]
[3450,"COTOVELO 90 GRAUS DE FERRO GALVANIZADO, COM ROSCA BSP MACHO/FEMEA, DE 1/2\"","UN    ","CR","5,13",null,5.13,"Sinapi 3450"]
[3443,"COTOVELO 90 GRAUS DE FERRO GALVANIZADO, COM ROSCA BSP MACHO/FEMEA, DE 1\"","UN    ","CR","11,02",null,11.02,"Sinapi 3443"]
[3453,"COTOVELO 90 GRAUS DE FERRO GALVANIZADO, COM ROSCA BSP MACHO/FEMEA, DE 2 1/2\"","UN    ","CR","62,72",null,{"$f":"IF(E1609=\"\",\"\",E1609+0)","v":62.72},{"$f":"IF(G1609=\"\",\"\",CONCATENATE(\"Sinapi \",A1609))","v":"Sinapi 3453"}]
[3452,"COTOVELO 90 GRAUS DE FERRO GALVANIZADO, COM ROSCA BSP MACHO/FEMEA, DE 2\"","UN    ","CR","30,96",null,30.96,"Sinapi 3452"]
[3451,"COTOVELO 90 GRAUS DE FERRO GALVANIZADO, COM ROSCA BSP MACHO/FEMEA, DE 3/4\"","UN    ","CR","6,14",null,6.14,"Sinapi 3451"]
[3454,"COTOVELO 90 GRAUS DE FERRO GALVANIZADO, COM ROSCA BSP MACHO/FEMEA, DE 3\"","UN    ","CR","95,40",null,95.4,"Sinapi 3454"]
[3458,"COTOVELO 90 GRAUS DE FERRO GALVANIZADO, COM ROSCA BSP, DE 1 1/2\"","UN    ","CR","17,22",null,17.22,"Sinapi 3458"]
[3457,"COTOVELO 90 GRAUS DE FERRO GALVANIZADO, COM ROSCA BSP, DE 1 1/4\"","UN    ","CR","12,93",null,12.93,"Sinapi 3457"]
[3455,"COTOVELO 90 GRAUS DE FERRO GALVANIZADO, COM ROSCA BSP, DE 1/2\"","UN    ","CR","3,67",null,3.67,"Sinapi 3455"]
[3472,"COTOVELO 90 GRAUS DE FERRO GALVANIZADO, COM ROSCA BSP, DE 1\"","UN    ","CR","8,25",null,8.25,"Sinapi 3472"]
[3470,"COTOVELO 90 GRAUS DE FERRO GALVANIZADO, COM ROSCA BSP, DE 2 1/2\"","UN    ","CR","48,10",null,48.1,"Sinapi 3470"]
[3471,"COTOVELO 90 GRAUS DE FERRO GALVANIZADO, COM ROSCA BSP, DE 2\"","UN    ","CR","26,43",null,26.43,"Sinapi 3471"]
[3456,"COTOVELO 90 GRAUS DE FERRO GALVANIZADO, COM ROSCA BSP, DE 3/4\"","UN    ","CR","5,49",null,5.49,"Sinapi 3456"]
[3459,"COTOVELO 90 GRAUS DE FERRO GALVANIZADO, COM ROSCA BSP, DE 3\"","UN    ","CR","67,84",null,67.84,"Sinapi 3459"]
[3469,"COTOVELO 90 GRAUS DE FERRO GALVANIZADO, COM ROSCA BSP, DE 4\"","UN    ","CR","129,02",null,129.02000000000001,"Sinapi 3469"]
[3460,"COTOVELO 90 GRAUS DE FERRO GALVANIZADO, COM ROSCA BSP, DE 5\"","UN    ","CR","188,26",null,188.26,"Sinapi 3460"]
[3461,"COTOVELO 90 GRAUS DE FERRO GALVANIZADO, COM ROSCA BSP, DE 6\"","UN    ","CR","481,18",null,481.18,"Sinapi 3461"]
[37433,"COTOVELO 90 GRAUS, PEAD PE 100, DE 125 MM, PARA ELETROFUSAO","UN    ","AS","151,84",null,151.84,"Sinapi 37433"]
[37430,"COTOVELO 90 GRAUS, PEAD PE 100, DE 20 MM, PARA ELETROFUSAO","UN    ","AS","19,03",null,19.03,"Sinapi 37430"]
[37434,"COTOVELO 90 GRAUS, PEAD PE 100, DE 200 MM, PARA ELETROFUSAO","UN    ","AS","1.415,79",null,1415.79,"Sinapi 37434"]
[37431,"COTOVELO 90 GRAUS, PEAD PE 100, DE 32 MM, PARA ELETROFUSAO","UN    ","AS","25,81",null,25.81,"Sinapi 37431"]
[37432,"COTOVELO 90 GRAUS, PEAD PE 100, DE 63 MM, PARA ELETROFUSAO","UN    ","AS","47,61",null,47.61,"Sinapi 37432"]
[37413,"COTOVELO/JOELHO COM ADAPTADOR, 90 GRAUS, EM POLIPROPILENO, PN 16, PARA TUBOS PEAD, 20 MM X 1/2\" - LIGACAO PREDIAL DE AGUA","UN    ","AS","2,92",null,2.92,"Sinapi 37413"]
[37414,"COTOVELO/JOELHO COM ADAPTADOR, 90 GRAUS, EM POLIPROPILENO, PN 16, PARA TUBOS PEAD, 20 MM X 3/4\" - LIGACAO PREDIAL DE AGUA","UN    ","AS","3,31",null,3.31,"Sinapi 37414"]
[37415,"COTOVELO/JOELHO COM ADAPTADOR, 90 GRAUS, EM POLIPROPILENO, PN 16, PARA TUBOS PEAD, 32 MM X 1\" - LIGACAO PREDIAL DE AGUA","UN    ","AS","6,02",null,6.02,"Sinapi 37415"]
[37416,"COTOVELO/JOELHO 90 GRAUS, EM POLIPROPILENO, PN 16, PARA TUBOS PEAD, 20 X 20 MM - LIGACAO PREDIAL DE AGUA","UN    ","AS","2,73",null,2.73,"Sinapi 37416"]
[37417,"COTOVELO/JOELHO 90 GRAUS, EM POLIPROPILENO, PN 16, PARA TUBOS PEAD, 32 X 32 MM - LIGACAO PREDIAL DE AGUA","UN    ","AS","3,92",null,3.92,"Sinapi 37417"]
[3112,"CREMONA COM CASTANHA BIPARTIDA, COM VARA DE 1.20 M, EM LATAO CROMADO, PARA PORTAS E JANELAS - COMPLETA","CJ    ","CR","47,60",null,47.6,"Sinapi 3112"]
[3113,"CREMONA COM CASTANHA BIPARTIDA, COM VARA DE 1.50 M, EM LATAO CROMADO, PARA PORTAS E JANELAS - COMPLETA","CJ    ","CR","54,84",null,54.84,"Sinapi 3113"]
[3114,"CREMONA LATAO CROMADO, COM CASTANHA BIPARTIDA E PRESILHAS, MEDIDAS APROXIMADAS DE 113 X 40 X 35 MM (NAO INCL VARA FERRO)","UN    ","CR","24,77",null,24.77,"Sinapi 3114"]
[34519,"CRUZETA DE CONCRETO LEVE, COMP. 2000 MM SECAO, 90 X 90 MM","UN    ","AS","71,82",null,71.819999999999993,"Sinapi 34519"]
[10510,"CRUZETA DE EUCALIPTO TRATADO, OU EQUIVALENTE DA REGIAO, *2,4* M, SECAO *9 X 11,5* CM","UN    ","CR","73,20",null,73.2,"Sinapi 10510"]
[1649,"CRUZETA DE FERRO GALVANIZADO, COM ROSCA BSP, DE 1 1/2\"","UN    ","CR","40,62",null,40.619999999999997,"Sinapi 1649"]
[1653,"CRUZETA DE FERRO GALVANIZADO, COM ROSCA BSP, DE 1 1/4\"","UN    ","CR","31,82",null,31.82,"Sinapi 1653"]
[1647,"CRUZETA DE FERRO GALVANIZADO, COM ROSCA BSP, DE 1/2\"","UN    ","CR","11,39",null,11.39,"Sinapi 1647"]
[1648,"CRUZETA DE FERRO GALVANIZADO, COM ROSCA BSP, DE 1\"","UN    ","CR","21,88",null,21.88,"Sinapi 1648"]
[1651,"CRUZETA DE FERRO GALVANIZADO, COM ROSCA BSP, DE 2 1/2\"","UN    ","CR","101,49",null,101.49,"Sinapi 1651"]
[1650,"CRUZETA DE FERRO GALVANIZADO, COM ROSCA BSP, DE 2\"","UN    ","CR","56,10",null,56.1,"Sinapi 1650"]
[1654,"CRUZETA DE FERRO GALVANIZADO, COM ROSCA BSP, DE 3/4\"","UN    ","CR","15,64",null,15.64,"Sinapi 1654"]
[1652,"CRUZETA DE FERRO GALVANIZADO, COM ROSCA BSP, DE 3\"","UN    ","CR","145,67",null,145.66999999999999,"Sinapi 1652"]
[1747,"CUBA ACO INOX (AISI 304) DE EMBUTIR COM VALVULA DE 3 1/2 \", DE *56 X 33 X 12* CM","UN    ","CR","146,73",null,146.72999999999999,"Sinapi 1747"]
[1744,"CUBA ACO INOX (AISI 304) DE EMBUTIR COM VALVULA 3 1/2 \", DE *40 X 34 X 12* CM","UN    ","CR","101,63",null,101.63,"Sinapi 1744"]
[1743,"CUBA ACO INOX (AISI 304) DE EMBUTIR COM VALVULA 3 1/2 \", DE *46 X 30 X 12* CM","UN    ","CR","133,46",null,133.46,"Sinapi 1743"]
[39640,"CUMEEIRA ARTICULADA (ABA INFERIOR) PARA TELHA ONDULADA DE FIBROCIMENTO E = 4 MM, ABA *330* MM, COMPRIMENTO 500 MM (SEM AMIANTO)","UN    ","CR","4,72",null,4.72,"Sinapi 39640"]
[11013,"CUMEEIRA ARTICULADA (ABA INTERNA INFERIOR OU EXTERNA SUPERIOR) PARA TELHA ESTRUTURAL DE FIBROCIMENTO, 1 ABA, E = 6 MM (SEM AMIANTO)","UN    ","CR","9,72",null,9.7200000000000006,"Sinapi 11013"]
[11017,"CUMEEIRA ARTICULADA (ABA SUPERIOR) PARA TELHA ONDULADA DE FIBROCIMENTO E = 4 MM, ABA *330* MM, COMPRIMENTO 500 MM (SEM AMIANTO)","UN    ","CR","4,14",null,4.1399999999999997,"Sinapi 11017"]
[20236,"CUMEEIRA ARTICULADA (PAR) PARA TELHA ONDULADA DE FIBROCIMENTO, E = 6 MM, ABA 350 MM, COMPRIMENTO 1100 MM (SEM AMIANTO)","UN    ","CR","18,26",null,18.260000000000002,"Sinapi 20236"]
[7215,"CUMEEIRA NORMAL PARA TELHA ESTRUTURAL DE FIBROCIMENTO 1 ABA, E = 6 MM, COMPRIMENTO 608 MM (SEM AMIANTO)","UN    ","CR","15,63",null,15.63,"Sinapi 7215"]
[7216,"CUMEEIRA NORMAL PARA TELHA ESTRUTURAL DE FIBROCIMENTO 2 ABAS, E = 6 MM, DE 1050 X 935 MM (SEM AMIANTO)","UN    ","CR","65,36",null,65.36,"Sinapi 7216"]
[20235,"CUMEEIRA NORMAL PARA TELHA ONDULADA DE FIBROCIMENTO, E = 6 MM, ABA 300 MM, COMPRIMENTO 1100 MM (SEM AMIANTO)","UN    ","CR","33,04",null,33.04,"Sinapi 20235"]
[7181,"CUMEEIRA PARA TELHA CERAMICA, COMPRIMENTO DE *41* CM, RENDIMENTO DE *3* TELHAS/M","UN    ","CR","2,29",null,2.29,"Sinapi 7181"]
[40866,"CUMEEIRA PARA TELHA DE CONCRETO, PARA 2 AGUAS DE TELHADO, COR CINZA, RENDIMENTO DE *3* TELHAS/M (COLETADO CAIXA)","UN    ","CR","6,52",null,6.52,"Sinapi 40866"]
[7214,"CUMEEIRA SHED PARA TELHA ONDULADA DE FIBROCIMENTO, E = 6 MM, ABA 280 MM, COMPRIMENTO 1100 MM (SEM AMIANTO)","UN    ","CR","22,39",null,22.39,"Sinapi 7214"]
[7219,"CUMEEIRA UNIVERSAL PARA TELHA ONDULADA DE FIBROCIMENTO, E = 6 MM, ABA 210 MM, COMPRIMENTO 1100 MM (SEM AMIANTO)","UN    ","CR","23,17",null,23.17,"Sinapi 7219"]
[37972,"CURVA CPVC, 90 GRAUS, SOLDAVEL, 22 MM, PARA AGUA QUENTE","UN    ","CR","3,42",null,3.42,"Sinapi 37972"]
[37973,"CURVA CPVC, 90 GRAUS, SOLDAVEL, 28 MM, PARA AGUA QUENTE","UN    ","CR","5,48",null,5.48,"Sinapi 37973"]
[37971,"CURVA CPVC, 90 GRAUS, SOLDAVEL,15 MM, PARA AGUA QUENTE","UN    ","CR","2,05",null,2.0499999999999998,"Sinapi 37971"]
[20094,"CURVA CURTA PVC, PB, JE, 45 GRAUS, DN 100 MM, PARA REDE COLETORA ESGOTO (NBR 10569)","UN    ","AS","14,56",null,14.56,"Sinapi 20094"]
[20095,"CURVA CURTA PVC, PB, JE, 90 GRAUS, DN 100 MM, PARA REDE COLETORA ESGOTO (NBR 10569)","UN    ","AS","18,54",null,18.54,"Sinapi 20095"]
[1954,"CURVA DE PVC 45 GRAUS, SOLDAVEL, 110 MM, PARA AGUA FRIA PREDIAL (NBR 5648)","UN    ","CR","100,73",null,100.73,"Sinapi 1954"]
[1926,"CURVA DE PVC 45 GRAUS, SOLDAVEL, 20 MM, PARA AGUA FRIA PREDIAL (NBR 5648)","UN    ","CR","1,33",null,1.33,"Sinapi 1926"]
[1927,"CURVA DE PVC 45 GRAUS, SOLDAVEL, 25 MM, PARA AGUA FRIA PREDIAL (NBR 5648)","UN    ","CR","1,75",null,1.75,"Sinapi 1927"]
[1923,"CURVA DE PVC 45 GRAUS, SOLDAVEL, 32 MM, PARA AGUA FRIA PREDIAL (NBR 5648)","UN    ","CR","2,87",null,2.87,"Sinapi 1923"]
[1929,"CURVA DE PVC 45 GRAUS, SOLDAVEL, 40 MM, PARA AGUA FRIA PREDIAL (NBR 5648)","UN    ","CR","4,70",null,4.7,"Sinapi 1929"]
[1930,"CURVA DE PVC 45 GRAUS, SOLDAVEL, 50 MM, PARA AGUA FRIA PREDIAL (NBR 5648)","UN    ","CR","9,12",null,9.1199999999999992,"Sinapi 1930"]
[1924,"CURVA DE PVC 45 GRAUS, SOLDAVEL, 60 MM, PARA AGUA FRIA PREDIAL (NBR 5648)","UN    ","CR","15,72",null,15.72,"Sinapi 1924"]
[1922,"CURVA DE PVC 45 GRAUS, SOLDAVEL, 75 MM, PARA AGUA FRIA PREDIAL (NBR 5648)","UN    ","CR","23,35",null,{"$f":"IF(E1673=\"\",\"\",E1673+0)","v":23.35},{"$f":"IF(G1673=\"\",\"\",CONCATENATE(\"Sinapi \",A1673))","v":"Sinapi 1922"}]
[1953,"CURVA DE PVC 45 GRAUS, SOLDAVEL, 85 MM, PARA AGUA FRIA PREDIAL (NBR 5648)","UN    ","CR","40,81",null,40.81,"Sinapi 1953"]
[1962,"CURVA DE PVC 90 GRAUS, SOLDAVEL, 110 MM, PARA AGUA FRIA PREDIAL (NBR 5648)","UN    ","CR","133,53",null,133.53,"Sinapi 1962"]
[1955,"CURVA DE PVC 90 GRAUS, SOLDAVEL, 20 MM, PARA AGUA FRIA PREDIAL (NBR 5648)","UN    ","CR","1,76",null,1.76,"Sinapi 1955"]
[1956,"CURVA DE PVC 90 GRAUS, SOLDAVEL, 25 MM, PARA AGUA FRIA PREDIAL (NBR 5648)","UN    ","CR","2,27",null,2.27,"Sinapi 1956"]
[1957,"CURVA DE PVC 90 GRAUS, SOLDAVEL, 32 MM, PARA AGUA FRIA PREDIAL (NBR 5648)","UN    ","CR","5,17",null,5.17,"Sinapi 1957"]
[1958,"CURVA DE PVC 90 GRAUS, SOLDAVEL, 40 MM, PARA AGUA FRIA PREDIAL (NBR 5648)","UN    ","CR","9,19",null,9.19,"Sinapi 1958"]
[1959,"CURVA DE PVC 90 GRAUS, SOLDAVEL, 50 MM, PARA AGUA FRIA PREDIAL (NBR 5648)","UN    ","CR","11,20",null,11.2,"Sinapi 1959"]
[1925,"CURVA DE PVC 90 GRAUS, SOLDAVEL, 60 MM, PARA AGUA FRIA PREDIAL (NBR 5648)","UN    ","CR","27,69",null,27.69,"Sinapi 1925"]
[1960,"CURVA DE PVC 90 GRAUS, SOLDAVEL, 75 MM, PARA AGUA FRIA PREDIAL (NBR 5648)","UN    ","CR","39,36",null,39.36,"Sinapi 1960"]
[1961,"CURVA DE PVC 90 GRAUS, SOLDAVEL, 85 MM, PARA AGUA FRIA PREDIAL (NBR 5648)","UN    ","CR","56,56",null,56.56,"Sinapi 1961"]
[38426,"CURVA DE PVC, 45 GRAUS, SERIE R, DN 100 MM, PARA ESGOTO PREDIAL","UN    ","CR","16,06",null,16.059999999999999,"Sinapi 38426"]
[38423,"CURVA DE PVC, 90 GRAUS, SERIE R, DN 100 MM, PARA ESGOTO PREDIAL","UN    ","CR","36,43",null,36.43,"Sinapi 38423"]
[38421,"CURVA DE PVC, 90 GRAUS, SERIE R, DN 50 MM, PARA ESGOTO PREDIAL","UN    ","CR","17,20",null,17.2,"Sinapi 38421"]
[38422,"CURVA DE PVC, 90 GRAUS, SERIE R, DN 75 MM, PARA ESGOTO PREDIAL","UN    ","CR","25,14",null,25.14,"Sinapi 38422"]
[39866,"CURVA DE TRANSPOSICAO BRONZE/LATAO (REF 736) SEM ANEL DE SOLDA, BOLSA X BOLSA, 15 MM","UN    ","AS","10,55",null,10.55,"Sinapi 39866"]
[39867,"CURVA DE TRANSPOSICAO BRONZE/LATAO (REF 736) SEM ANEL DE SOLDA, BOLSA X BOLSA, 22 MM","UN    ","AS","23,46",null,23.46,"Sinapi 39867"]
[39868,"CURVA DE TRANSPOSICAO BRONZE/LATAO (REF 736) SEM ANEL DE SOLDA, BOLSA X BOLSA, 28 MM","UN    ","AS","42,27",null,42.27,"Sinapi 39868"]
[37999,"CURVA DE TRANSPOSICAO, CPVC, SOLDAVEL, 15 MM","UN    ","CR","3,28",null,3.28,"Sinapi 37999"]
[38000,"CURVA DE TRANSPOSICAO, CPVC, SOLDAVEL, 22 MM","UN    ","CR","4,34",null,4.34,"Sinapi 38000"]
[38129,"CURVA DE TRANSPOSICAO, PVC SOLDAVEL, 20 MM, PARA AGUA FRIA PREDIAL","UN    ","CR","3,06",null,3.06,"Sinapi 38129"]
[38025,"CURVA DE TRANSPOSICAO, PVC, SOLDAVEL, 25 MM, PARA AGUA FRIA PREDIAL","UN    ","CR","5,11",null,5.1100000000000003,"Sinapi 38025"]
[38026,"CURVA DE TRANSPOSICAO, PVC, SOLDAVEL, 32 MM, PARA AGUA FRIA PREDIAL","UN    ","CR","13,69",null,13.69,"Sinapi 38026"]
[1858,"CURVA LONGA PVC, PB, JE, 45 GRAUS, DN 100 MM, PARA REDE COLETORA ESGOTO (NBR 10569)","UN    ","AS","20,39",null,20.39,"Sinapi 1858"]
[1844,"CURVA LONGA PVC, PB, JE, 45 GRAUS, DN 150 MM, PARA REDE COLETORA ESGOTO (NBR 10569)","UN    ","AS","75,17",null,75.17,"Sinapi 1844"]
[1863,"CURVA LONGA PVC, PB, JE, 90 GRAUS, DN 100 MM, PARA REDE COLETORA ESGOTO (NBR 10569)","UN    ","AS","29,59",null,29.59,"Sinapi 1863"]
[1865,"CURVA LONGA PVC, PB, JE, 90 GRAUS, DN 150 MM, PARA REDE COLETORA ESGOTO (NBR 10569)","UN    ","AS","107,95",null,107.95,"Sinapi 1865"]
[36355,"CURVA PPR 90 GRAUS, DN 20 MM, PARA AGUA QUENTE PREDIAL","UN    ","AS","4,51",null,4.51,"Sinapi 36355"]
[36356,"CURVA PPR 90 GRAUS, DN 25 MM, PARA AGUA QUENTE PREDIAL","UN    ","AS","7,58",null,7.58,"Sinapi 36356"]
[1932,"CURVA PVC CURTA 90 G, DN 50 MM, PARA ESGOTO PREDIAL","UN    ","CR","6,20",null,6.2,"Sinapi 1932"]
[1933,"CURVA PVC CURTA 90 GRAUS, DN 40 MM, PARA ESGOTO PREDIAL","UN    ","CR","2,73",null,2.73,"Sinapi 1933"]
[1951,"CURVA PVC CURTA 90 GRAUS, DN 75 MM, PARA ESGOTO PREDIAL","UN    ","CR","12,14",null,12.14,"Sinapi 1951"]
[1966,"CURVA PVC CURTA 90 GRAUS, 100 MM, PARA ESGOTO PREDIAL","UN    ","CR","13,96",null,13.96,"Sinapi 1966"]
[1952,"CURVA PVC LEVE, 90 GRAUS, COM PONTA E BOLSA LISA, DN 150 MM","UN    ","CR","52,45",null,52.45,"Sinapi 1952"]
[20104,"CURVA PVC LEVE, 90 GRAUS, COM PONTA E BOLSA LISA, DN 250 MM","UN    ","CR","387,57",null,387.57,"Sinapi 20104"]
[20105,"CURVA PVC LEVE, 90 GRAUS, COM PONTA E BOLSA LISA, DN 300 MM","UN    ","CR","603,68",null,603.67999999999995,"Sinapi 20105"]
[1965,"CURVA PVC LONGA 45 GRAUS, 100 MM, PARA ESGOTO PREDIAL","UN    ","CR","28,31",null,28.31,"Sinapi 1965"]
[10765,"CURVA PVC LONGA 45G, DN 50 MM, PARA ESGOTO PREDIAL","UN    ","CR","7,15",null,7.15,"Sinapi 10765"]
[10767,"CURVA PVC LONGA 45G, DN 75 MM, PARA ESGOTO PREDIAL","UN    ","CR","23,45",null,23.45,"Sinapi 10767"]
[1970,"CURVA PVC LONGA 90 GRAUS, 100 MM, PARA ESGOTO PREDIAL","UN    ","CR","29,39",null,29.39,"Sinapi 1970"]
[1967,"CURVA PVC LONGA 90 GRAUS, 40 MM, PARA ESGOTO PREDIAL","UN    ","CR","3,27",null,3.27,"Sinapi 1967"]
[1968,"CURVA PVC LONGA 90 GRAUS, 50 MM, PARA ESGOTO PREDIAL","UN    ","CR","6,85",null,6.85,"Sinapi 1968"]
[1969,"CURVA PVC LONGA 90 GRAUS, 75 MM, PARA ESGOTO PREDIAL","UN    ","CR","20,16",null,20.16,"Sinapi 1969"]
[1839,"CURVA PVC PBA, JE, PB, 22 GRAUS, DN 100 / DE 110 MM, PARA REDE AGUA (NBR 10351)","UN    ","AS","97,35",null,97.35,"Sinapi 1839"]
[1835,"CURVA PVC PBA, JE, PB, 22 GRAUS, DN 50 / DE 60 MM, PARA REDE AGUA (NBR 10351)","UN    ","AS","20,69",null,20.69,"Sinapi 1835"]
[1823,"CURVA PVC PBA, JE, PB, 22 GRAUS, DN 75 / DE 85 MM, PARA REDE AGUA (NBR 10351)","UN    ","AS","40,02",null,40.020000000000003,"Sinapi 1823"]
[1827,"CURVA PVC PBA, JE, PB, 45 GRAUS, DN 100 / DE 110 MM, PARA REDE AGUA (NBR 10351)","UN    ","AS","96,41",null,96.41,"Sinapi 1827"]
[1831,"CURVA PVC PBA, JE, PB, 45 GRAUS, DN 50 / DE 60 MM, PARA REDE AGUA (NBR 10351)","UN    ","AS","21,04",null,21.04,"Sinapi 1831"]
[1825,"CURVA PVC PBA, JE, PB, 45 GRAUS, DN 75 / DE 85 MM, PARA REDE AGUA (NBR 10351)","UN    ","AS","51,94",null,51.94,"Sinapi 1825"]
[1828,"CURVA PVC PBA, JE, PB, 90 GRAUS, DN 100 / DE 110 MM, PARA REDE AGUA (NBR 10351)","UN    ","AS","117,65",null,117.65,"Sinapi 1828"]
[1845,"CURVA PVC PBA, JE, PB, 90 GRAUS, DN 50 / DE 60 MM, PARA REDE AGUA (NBR 10351)","UN    ","AS","26,37",null,26.37,"Sinapi 1845"]
[1824,"CURVA PVC PBA, JE, PB, 90 GRAUS, DN 75 / DE 85 MM, PARA REDE AGUA (NBR 10351)","UN    ","AS","62,26",null,62.26,"Sinapi 1824"]
[1941,"CURVA PVC 90 GRAUS, ROSCAVEL, 1 1/2\",  AGUA FRIA PREDIAL","UN    ","CR","19,73",null,19.73,"Sinapi 1941"]
[1940,"CURVA PVC 90 GRAUS, ROSCAVEL, 1 1/4\",  AGUA FRIA PREDIAL","UN    ","CR","14,91",null,14.91,"Sinapi 1940"]
[1937,"CURVA PVC 90 GRAUS, ROSCAVEL, 1/2\",  AGUA FRIA PREDIAL","UN    ","CR","3,09",null,3.09,"Sinapi 1937"]
[1939,"CURVA PVC 90 GRAUS, ROSCAVEL, 1\",  AGUA FRIA PREDIAL","UN    ","CR","6,13",null,6.13,"Sinapi 1939"]
[1942,"CURVA PVC 90 GRAUS, ROSCAVEL, 2\",  AGUA FRIA PREDIAL","UN    ","CR","28,16",null,28.16,"Sinapi 1942"]
[1938,"CURVA PVC 90 GRAUS, ROSCAVEL, 3/4\",  AGUA FRIA PREDIAL","UN    ","CR","3,92",null,3.92,"Sinapi 1938"]
[42692,"CURVA PVC, BB, JE, 45 GRAUS, DN 200 MM, PARA TUBO CORRUGADO E/OU LISO, REDE COLETORA ESGOTO (NBR 10569)","UN    ","AS","239,51",null,239.51,"Sinapi 42692"]
[42693,"CURVA PVC, BB, JE, 45 GRAUS, DN 250 MM, PARA TUBO CORRUGADO E/OU LISO, REDE COLETORA ESGOTO (NBR 10569)","UN    ","AS","393,97",null,393.97,"Sinapi 42693"]
[42695,"CURVA PVC, BB, JE, 90 GRAUS, DN 200 MM, PARA TUBO CORRUGADO E/OU LISO, REDE COLETORA ESGOTO (NBR 10569)","UN    ","AS","299,56",null,299.56,"Sinapi 42695"]
[42694,"CURVA PVC, BB, JE, 90 GRAUS, DN 250 MM, PARA TUBO CORRUGADO E/OU LISO, REDE COLETORA ESGOTO (NBR 10569)","UN    ","AS","442,86",null,442.86,"Sinapi 42694"]
[20097,"CURVA PVC, SERIE R, 87.30 GRAUS, CURTA, 100 MM, PARA ESGOTO PREDIAL (PARA PE-DE-COLUNA)","UN    ","CR","27,76",null,27.76,"Sinapi 20097"]
[20098,"CURVA PVC, SERIE R, 87.30 GRAUS, CURTA, 150 MM, PARA ESGOTO PREDIAL (PARA PE-DE-COLUNA)","UN    ","CR","93,62",null,93.62,"Sinapi 20098"]
[20096,"CURVA PVC, SERIE R, 87.30 GRAUS, CURTA, 75 MM, PARA ESGOTO PREDIAL (PARA PE-DE-COLUNA)","UN    ","CR","18,16",null,{"$f":"IF(E1737=\"\",\"\",E1737+0)","v":18.16},{"$f":"IF(G1737=\"\",\"\",CONCATENATE(\"Sinapi \",A1737))","v":"Sinapi 20096"}]
[1964,"CURVA PVC, 45 GRAUS, CURTA, PB, DN 100 MM, PARA ESGOTO PREDIAL","UN    ","CR","16,79",null,16.79,"Sinapi 1964"]
[1880,"CURVA 135 GRAUS, DE PVC RIGIDO ROSCAVEL, DE 1\", PARA ELETRODUTO","UN    ","CR","2,06",null,2.06,"Sinapi 1880"]
[39274,"CURVA 135 GRAUS, DE PVC RIGIDO ROSCAVEL, DE 3/4\", PARA ELETRODUTO","UN    ","CR","1,60",null,1.6,"Sinapi 39274"]
[2628,"CURVA 135 GRAUS, PARA ELETRODUTO, EM ACO GALVANIZADO ELETROLITICO, DIAMETRO DE 100 MM (4\")","UN    ","AS","199,84",null,199.84,"Sinapi 2628"]
[2622,"CURVA 135 GRAUS, PARA ELETRODUTO, EM ACO GALVANIZADO ELETROLITICO, DIAMETRO DE 15 MM (1/2\")","UN    ","AS","4,74",null,4.74,"Sinapi 2622"]
[2623,"CURVA 135 GRAUS, PARA ELETRODUTO, EM ACO GALVANIZADO ELETROLITICO, DIAMETRO DE 20 MM (3/4\")","UN    ","AS","5,71",null,5.71,"Sinapi 2623"]
[2624,"CURVA 135 GRAUS, PARA ELETRODUTO, EM ACO GALVANIZADO ELETROLITICO, DIAMETRO DE 25 MM (1\")","UN    ","AS","9,08",null,9.08,"Sinapi 2624"]
[2625,"CURVA 135 GRAUS, PARA ELETRODUTO, EM ACO GALVANIZADO ELETROLITICO, DIAMETRO DE 32 MM (1 1/4\")","UN    ","AS","19,17",null,19.170000000000002,"Sinapi 2625"]
[2626,"CURVA 135 GRAUS, PARA ELETRODUTO, EM ACO GALVANIZADO ELETROLITICO, DIAMETRO DE 40 MM (1 1/2\")","UN    ","AS","28,09",null,28.09,"Sinapi 2626"]
[2630,"CURVA 135 GRAUS, PARA ELETRODUTO, EM ACO GALVANIZADO ELETROLITICO, DIAMETRO DE 50 MM (2\")","UN    ","AS","42,73",null,42.73,"Sinapi 2630"]
[2627,"CURVA 135 GRAUS, PARA ELETRODUTO, EM ACO GALVANIZADO ELETROLITICO, DIAMETRO DE 65 MM (2 1/2\")","UN    ","AS","75,27",null,75.27,"Sinapi 2627"]
[2629,"CURVA 135 GRAUS, PARA ELETRODUTO, EM ACO GALVANIZADO ELETROLITICO, DIAMETRO DE 80 MM (3\")","UN    ","AS","101,81",null,101.81,"Sinapi 2629"]
[12033,"CURVA 180 GRAUS, DE PVC RIGIDO ROSCAVEL, DE 1 1/2\", PARA ELETRODUTO","UN    ","CR","6,60",null,6.6,"Sinapi 12033"]
[40408,"CURVA 180 GRAUS, DE PVC RIGIDO ROSCAVEL, DE 1 1/4\", PARA ELETRODUTO","UN    ","CR","4,33",null,4.33,"Sinapi 40408"]
[40409,"CURVA 180 GRAUS, DE PVC RIGIDO ROSCAVEL, DE 1/2\", PARA ELETRODUTO","UN    ","CR","1,53",null,1.53,"Sinapi 40409"]
[39276,"CURVA 180 GRAUS, DE PVC RIGIDO ROSCAVEL, DE 1\", PARA ELETRODUTO","UN    ","CR","3,90",null,3.9,"Sinapi 39276"]
[39277,"CURVA 180 GRAUS, DE PVC RIGIDO ROSCAVEL, DE 2\", PARA ELETRODUTO","UN    ","CR","10,54",null,10.54,"Sinapi 39277"]
[12034,"CURVA 180 GRAUS, DE PVC RIGIDO ROSCAVEL, DE 3/4\", PARA ELETRODUTO","UN    ","CR","2,99",null,2.99,"Sinapi 12034"]
[39879,"CURVA 45 GRAUS DE COBRE (REF 606) SEM ANEL DE SOLDA, BOLSA X BOLSA, 15 MM","UN    ","AS","2,96",null,2.96,"Sinapi 39879"]
[39880,"CURVA 45 GRAUS DE COBRE (REF 606) SEM ANEL DE SOLDA, BOLSA X BOLSA, 22 MM","UN    ","AS","6,57",null,6.57,"Sinapi 39880"]
[39881,"CURVA 45 GRAUS DE COBRE (REF 606) SEM ANEL DE SOLDA, BOLSA X BOLSA, 28 MM","UN    ","AS","10,54",null,10.54,"Sinapi 39881"]
[39882,"CURVA 45 GRAUS DE COBRE (REF 606) SEM ANEL DE SOLDA, BOLSA X BOLSA, 35 MM","UN    ","AS","27,77",null,27.77,"Sinapi 39882"]
[39883,"CURVA 45 GRAUS DE COBRE (REF 606) SEM ANEL DE SOLDA, BOLSA X BOLSA, 42 MM","UN    ","AS","44,35",null,44.35,"Sinapi 39883"]
[39884,"CURVA 45 GRAUS DE COBRE (REF 606) SEM ANEL DE SOLDA, BOLSA X BOLSA, 54 MM","UN    ","AS","65,87",null,65.87,"Sinapi 39884"]
[39885,"CURVA 45 GRAUS DE COBRE (REF 606) SEM ANEL DE SOLDA, BOLSA X BOLSA, 66 MM","UN    ","AS","156,56",null,156.56,"Sinapi 39885"]
[1777,"CURVA 45 GRAUS DE FERRO GALVANIZADO, COM ROSCA BSP FEMEA, DE 1 1/2\"","UN    ","CR","43,80",null,43.8,"Sinapi 1777"]
[1819,"CURVA 45 GRAUS DE FERRO GALVANIZADO, COM ROSCA BSP FEMEA, DE 1 1/4\"","UN    ","CR","31,86",null,31.86,"Sinapi 1819"]
[1775,"CURVA 45 GRAUS DE FERRO GALVANIZADO, COM ROSCA BSP FEMEA, DE 1/2\"","UN    ","CR","9,53",null,9.5299999999999994,"Sinapi 1775"]
[1776,"CURVA 45 GRAUS DE FERRO GALVANIZADO, COM ROSCA BSP FEMEA, DE 1\"","UN    ","CR","25,92",null,25.92,"Sinapi 1776"]
[1778,"CURVA 45 GRAUS DE FERRO GALVANIZADO, COM ROSCA BSP FEMEA, DE 2 1/2\"","UN    ","CR","106,02",null,106.02,"Sinapi 1778"]
[1818,"CURVA 45 GRAUS DE FERRO GALVANIZADO, COM ROSCA BSP FEMEA, DE 2\"","UN    ","CR","70,37",null,70.37,"Sinapi 1818"]
[1820,"CURVA 45 GRAUS DE FERRO GALVANIZADO, COM ROSCA BSP FEMEA, DE 3/4\"","UN    ","CR","13,76",null,13.76,"Sinapi 1820"]
[1779,"CURVA 45 GRAUS DE FERRO GALVANIZADO, COM ROSCA BSP FEMEA, DE 3\"","UN    ","CR","154,18",null,154.18,"Sinapi 1779"]
[1780,"CURVA 45 GRAUS DE FERRO GALVANIZADO, COM ROSCA BSP FEMEA, DE 4\"","UN    ","CR","317,86",null,317.86,"Sinapi 1780"]
[1783,"CURVA 45 GRAUS DE FERRO GALVANIZADO, COM ROSCA BSP MACHO/FEMEA, DE 1 1/2\"","UN    ","CR","33,60",null,33.6,"Sinapi 1783"]
[1782,"CURVA 45 GRAUS DE FERRO GALVANIZADO, COM ROSCA BSP MACHO/FEMEA, DE 1 1/4\"","UN    ","CR","26,57",null,26.57,"Sinapi 1782"]
[1817,"CURVA 45 GRAUS DE FERRO GALVANIZADO, COM ROSCA BSP MACHO/FEMEA, DE 1/2\"","UN    ","CR","7,91",null,7.91,"Sinapi 1817"]
[1781,"CURVA 45 GRAUS DE FERRO GALVANIZADO, COM ROSCA BSP MACHO/FEMEA, DE 1\"","UN    ","CR","17,31",null,17.309999999999999,"Sinapi 1781"]
[1784,"CURVA 45 GRAUS DE FERRO GALVANIZADO, COM ROSCA BSP MACHO/FEMEA, DE 2 1/2\"","UN    ","CR","94,90",null,94.9,"Sinapi 1784"]
[1810,"CURVA 45 GRAUS DE FERRO GALVANIZADO, COM ROSCA BSP MACHO/FEMEA, DE 2\"","UN    ","CR","52,63",null,52.63,"Sinapi 1810"]
[1811,"CURVA 45 GRAUS DE FERRO GALVANIZADO, COM ROSCA BSP MACHO/FEMEA, DE 3/4\"","UN    ","CR","11,38",null,11.38,"Sinapi 1811"]
[1812,"CURVA 45 GRAUS DE FERRO GALVANIZADO, COM ROSCA BSP MACHO/FEMEA, DE 3\"","UN    ","CR","132,88",null,132.88,"Sinapi 1812"]
[40386,"CURVA 45 GRAUS EM ACO CARBONO, SOLDAVEL, PRESSAO 3.000 LBS, DN 1 1/2\"","UN    ","AS","45,52",null,45.52,"Sinapi 40386"]
[40384,"CURVA 45 GRAUS EM ACO CARBONO, SOLDAVEL, PRESSAO 3.000 LBS, DN 1 1/4\"","UN    ","AS","31,16",null,31.16,"Sinapi 40384"]
[40379,"CURVA 45 GRAUS EM ACO CARBONO, SOLDAVEL, PRESSAO 3.000 LBS, DN 1/2\"","UN    ","AS","10,77",null,10.77,"Sinapi 40379"]
[40423,"CURVA 45 GRAUS EM ACO CARBONO, SOLDAVEL, PRESSAO 3.000 LBS, DN 1\"","UN    ","AS","20,39",null,20.39,"Sinapi 40423"]
[40389,"CURVA 45 GRAUS EM ACO CARBONO, SOLDAVEL, PRESSAO 3.000 LBS, DN 2 1/2\"","UN    ","AS","129,29",null,129.29,"Sinapi 40389"]
[40388,"CURVA 45 GRAUS EM ACO CARBONO, SOLDAVEL, PRESSAO 3.000 LBS, DN 2\"","UN    ","AS","64,71",null,64.709999999999994,"Sinapi 40388"]
[40381,"CURVA 45 GRAUS EM ACO CARBONO, SOLDAVEL, PRESSAO 3.000 LBS, DN 3/4\"","UN    ","AS","14,36",null,14.36,"Sinapi 40381"]
[40391,"CURVA 45 GRAUS EM ACO CARBONO, SOLDAVEL, PRESSAO 3.000 LBS, DN 3\"","UN    ","AS","335,57",null,335.57,"Sinapi 40391"]
[40414,"CURVA 45 GRAUS RANHURADA EM FERRO FUNDIDO, DN 50 MM (2\")","UN    ","AS","11,95",null,11.95,"Sinapi 40414"]
[40416,"CURVA 45 GRAUS RANHURADA EM FERRO FUNDIDO, DN 65 MM (2 1/2\")","UN    ","AS","16,52",null,16.52,"Sinapi 40416"]
[40418,"CURVA 45 GRAUS RANHURADA EM FERRO FUNDIDO, DN 80 MM (3\")","UN    ","AS","19,70",null,19.7,"Sinapi 40418"]
[2609,"CURVA 45 GRAUS, PARA ELETRODUTO, EM ACO GALVANIZADO ELETROLITICO, DIAMETRO DE 20 MM (3/4\")","UN    ","AS","4,46",null,4.46,"Sinapi 2609"]
[2634,"CURVA 45 GRAUS, PARA ELETRODUTO, EM ACO GALVANIZADO ELETROLITICO, DIAMETRO DE 25 MM (1\")","UN    ","AS","5,85",null,5.85,"Sinapi 2634"]
[2611,"CURVA 45 GRAUS, PARA ELETRODUTO, EM ACO GALVANIZADO ELETROLITICO, DIAMETRO DE 40 MM (1 1/2\")","UN    ","AS","16,50",null,16.5,"Sinapi 2611"]
[34359,"CURVA 90 GRAUS DE BARRA CHATA EM ALUMINIO 3/4 \" X 1/4 \" X 300 MM","UN    ","AS","6,98",null,6.98,"Sinapi 34359"]
[1789,"CURVA 90 GRAUS DE FERRO GALVANIZADO, COM ROSCA BSP FEMEA, DE 1 1/2\"","UN    ","CR","42,03",null,42.03,"Sinapi 1789"]
[1788,"CURVA 90 GRAUS DE FERRO GALVANIZADO, COM ROSCA BSP FEMEA, DE 1 1/4\"","UN    ","CR","33,69",null,33.69,"Sinapi 1788"]
[1786,"CURVA 90 GRAUS DE FERRO GALVANIZADO, COM ROSCA BSP FEMEA, DE 1/2\"","UN    ","CR","8,36",null,8.36,"Sinapi 1786"]
[1787,"CURVA 90 GRAUS DE FERRO GALVANIZADO, COM ROSCA BSP FEMEA, DE 1\"","UN    ","CR","20,03",null,20.03,"Sinapi 1787"]
[1791,"CURVA 90 GRAUS DE FERRO GALVANIZADO, COM ROSCA BSP FEMEA, DE 2 1/2\"","UN    ","CR","121,49",null,121.49,"Sinapi 1791"]
[1790,"CURVA 90 GRAUS DE FERRO GALVANIZADO, COM ROSCA BSP FEMEA, DE 2\"","UN    ","CR","70,00",null,70,"Sinapi 1790"]
[1813,"CURVA 90 GRAUS DE FERRO GALVANIZADO, COM ROSCA BSP FEMEA, DE 3/4\"","UN    ","CR","13,28",null,{"$f":"IF(E1801=\"\",\"\",E1801+0)","v":13.28},{"$f":"IF(G1801=\"\",\"\",CONCATENATE(\"Sinapi \",A1801))","v":"Sinapi 1813"}]
[1792,"CURVA 90 GRAUS DE FERRO GALVANIZADO, COM ROSCA BSP FEMEA, DE 3\"","UN    ","CR","163,99",null,163.99,"Sinapi 1792"]
[1793,"CURVA 90 GRAUS DE FERRO GALVANIZADO, COM ROSCA BSP FEMEA, DE 4\"","UN    ","CR","331,37",null,331.37,"Sinapi 1793"]
[1809,"CURVA 90 GRAUS DE FERRO GALVANIZADO, COM ROSCA BSP MACHO/FEMEA, DE 1 1/2\"","UN    ","CR","39,41",null,39.409999999999997,"Sinapi 1809"]
[1814,"CURVA 90 GRAUS DE FERRO GALVANIZADO, COM ROSCA BSP MACHO/FEMEA, DE 1 1/4\"","UN    ","CR","32,37",null,32.369999999999997,"Sinapi 1814"]
[1803,"CURVA 90 GRAUS DE FERRO GALVANIZADO, COM ROSCA BSP MACHO/FEMEA, DE 1/2\"","UN    ","CR","8,18",null,8.18,"Sinapi 1803"]
[1805,"CURVA 90 GRAUS DE FERRO GALVANIZADO, COM ROSCA BSP MACHO/FEMEA, DE 1\"","UN    ","CR","18,79",null,18.79,"Sinapi 1805"]
[1821,"CURVA 90 GRAUS DE FERRO GALVANIZADO, COM ROSCA BSP MACHO/FEMEA, DE 2 1/2\"","UN    ","CR","111,00",null,111,"Sinapi 1821"]
[1806,"CURVA 90 GRAUS DE FERRO GALVANIZADO, COM ROSCA BSP MACHO/FEMEA, DE 2\"","UN    ","CR","66,06",null,66.06,"Sinapi 1806"]
[1804,"CURVA 90 GRAUS DE FERRO GALVANIZADO, COM ROSCA BSP MACHO/FEMEA, DE 3/4\"","UN    ","CR","11,64",null,11.64,"Sinapi 1804"]
[1807,"CURVA 90 GRAUS DE FERRO GALVANIZADO, COM ROSCA BSP MACHO/FEMEA, DE 3\"","UN    ","CR","158,74",null,158.74,"Sinapi 1807"]
[1808,"CURVA 90 GRAUS DE FERRO GALVANIZADO, COM ROSCA BSP MACHO/FEMEA, DE 4\"","UN    ","CR","318,25",null,318.25,"Sinapi 1808"]
[1797,"CURVA 90 GRAUS DE FERRO GALVANIZADO, COM ROSCA BSP MACHO, DE 1 1/2\"","UN    ","CR","47,73",null,47.73,"Sinapi 1797"]
[1796,"CURVA 90 GRAUS DE FERRO GALVANIZADO, COM ROSCA BSP MACHO, DE 1 1/4\"","UN    ","CR","36,61",null,36.61,"Sinapi 1796"]
[1794,"CURVA 90 GRAUS DE FERRO GALVANIZADO, COM ROSCA BSP MACHO, DE 1/2\"","UN    ","CR","8,74",null,8.74,"Sinapi 1794"]
[1816,"CURVA 90 GRAUS DE FERRO GALVANIZADO, COM ROSCA BSP MACHO, DE 1\"","UN    ","CR","19,71",null,19.71,"Sinapi 1816"]
[1815,"CURVA 90 GRAUS DE FERRO GALVANIZADO, COM ROSCA BSP MACHO, DE 2 1/2\"","UN    ","CR","151,34",null,151.34,"Sinapi 1815"]
[1798,"CURVA 90 GRAUS DE FERRO GALVANIZADO, COM ROSCA BSP MACHO, DE 2\"","UN    ","CR","67,72",null,67.72,"Sinapi 1798"]
[1795,"CURVA 90 GRAUS DE FERRO GALVANIZADO, COM ROSCA BSP MACHO, DE 3/4\"","UN    ","CR","12,11",null,12.11,"Sinapi 1795"]
[1799,"CURVA 90 GRAUS DE FERRO GALVANIZADO, COM ROSCA BSP MACHO, DE 3\"","UN    ","CR","197,11",null,197.11,"Sinapi 1799"]
[1800,"CURVA 90 GRAUS DE FERRO GALVANIZADO, COM ROSCA BSP MACHO, DE 4\"","UN    ","CR","376,32",null,376.32,"Sinapi 1800"]
[1802,"CURVA 90 GRAUS DE FERRO GALVANIZADO, COM ROSCA BSP MACHO, DE 6\"","UN    ","CR","941,32",null,941.32,"Sinapi 1802"]
[40385,"CURVA 90 GRAUS EM ACO CARBONO, RAIO CURTO, SOLDAVEL, PRESSAO 3.000 LBS, DN 1 1/2\"","UN    ","AS","45,52",null,45.52,"Sinapi 40385"]
[40383,"CURVA 90 GRAUS EM ACO CARBONO, RAIO CURTO, SOLDAVEL, PRESSAO 3.000 LBS, DN 1 1/4\"","UN    ","AS","31,16",null,31.16,"Sinapi 40383"]
[40378,"CURVA 90 GRAUS EM ACO CARBONO, RAIO CURTO, SOLDAVEL, PRESSAO 3.000 LBS, DN 1/2\"","UN    ","AS","10,77",null,10.77,"Sinapi 40378"]
[40382,"CURVA 90 GRAUS EM ACO CARBONO, RAIO CURTO, SOLDAVEL, PRESSAO 3.000 LBS, DN 1\"","UN    ","AS","20,39",null,20.39,"Sinapi 40382"]
[40422,"CURVA 90 GRAUS EM ACO CARBONO, RAIO CURTO, SOLDAVEL, PRESSAO 3.000 LBS, DN 2 1/2\"","UN    ","AS","138,89",null,138.88999999999999,"Sinapi 40422"]
[40387,"CURVA 90 GRAUS EM ACO CARBONO, RAIO CURTO, SOLDAVEL, PRESSAO 3.000 LBS, DN 2\"","UN    ","AS","70,71",null,70.709999999999994,"Sinapi 40387"]
[40380,"CURVA 90 GRAUS EM ACO CARBONO, RAIO CURTO, SOLDAVEL, PRESSAO 3.000 LBS, DN 3/4\"","UN    ","AS","14,36",null,14.36,"Sinapi 40380"]
[40390,"CURVA 90 GRAUS EM ACO CARBONO, RAIO CURTO, SOLDAVEL, PRESSAO 3.000 LBS, DN 3\"","UN    ","AS","292,51",null,292.51,"Sinapi 40390"]
[40413,"CURVA 90 GRAUS RANHURADA EM FERRO FUNDIDO, DN 50 MM (2\")","UN    ","AS","12,98",null,12.98,"Sinapi 40413"]
[40415,"CURVA 90 GRAUS RANHURADA EM FERRO FUNDIDO, DN 65 MM (2 1/2\")","UN    ","AS","18,50",null,18.5,"Sinapi 40415"]
[40417,"CURVA 90 GRAUS RANHURADA EM FERRO FUNDIDO, DN 80 MM (3\")","UN    ","AS","21,82",null,21.82,"Sinapi 40417"]
[39271,"CURVA 90 GRAUS, CURTA, DE PVC RIGIDO ROSCAVEL, DE 1/2\", PARA ELETRODUTO","UN    ","CR","1,33",null,1.33,"Sinapi 39271"]
[39273,"CURVA 90 GRAUS, CURTA, DE PVC RIGIDO ROSCAVEL, DE 1\", PARA ELETRODUTO","UN    ","CR","2,25",null,2.25,"Sinapi 39273"]
[39272,"CURVA 90 GRAUS, CURTA, DE PVC RIGIDO ROSCAVEL, DE 3/4\", PARA ELETRODUTO","UN    ","CR","1,63",null,1.63,"Sinapi 39272"]
[1875,"CURVA 90 GRAUS, LONGA, DE PVC RIGIDO ROSCAVEL, DE 1 1/2\", PARA ELETRODUTO","UN    ","CR","3,60",null,3.6,"Sinapi 1875"]
[1874,"CURVA 90 GRAUS, LONGA, DE PVC RIGIDO ROSCAVEL, DE 1 1/4\", PARA ELETRODUTO","UN    ","CR","2,98",null,2.98,"Sinapi 1874"]
[1870,"CURVA 90 GRAUS, LONGA, DE PVC RIGIDO ROSCAVEL, DE 1/2\", PARA ELETRODUTO","UN    ","C ","1,72",null,1.72,"Sinapi 1870"]
[1884,"CURVA 90 GRAUS, LONGA, DE PVC RIGIDO ROSCAVEL, DE 1\", PARA ELETRODUTO","UN    ","CR","2,64",null,2.64,"Sinapi 1884"]
[1887,"CURVA 90 GRAUS, LONGA, DE PVC RIGIDO ROSCAVEL, DE 2 1/2\", PARA ELETRODUTO","UN    ","CR","14,95",null,14.95,"Sinapi 1887"]
[1876,"CURVA 90 GRAUS, LONGA, DE PVC RIGIDO ROSCAVEL, DE 2\", PARA ELETRODUTO","UN    ","CR","5,86",null,5.86,"Sinapi 1876"]
[1879,"CURVA 90 GRAUS, LONGA, DE PVC RIGIDO ROSCAVEL, DE 3/4\", PARA ELETRODUTO","UN    ","CR","1,74",null,1.74,"Sinapi 1879"]
[1877,"CURVA 90 GRAUS, LONGA, DE PVC RIGIDO ROSCAVEL, DE 3\", PARA ELETRODUTO","UN    ","CR","14,97",null,14.97,"Sinapi 1877"]
[1878,"CURVA 90 GRAUS, LONGA, DE PVC RIGIDO ROSCAVEL, DE 4\", PARA ELETRODUTO","UN    ","CR","30,08",null,30.08,"Sinapi 1878"]
[2621,"CURVA 90 GRAUS, PARA ELETRODUTO, EM ACO GALVANIZADO ELETROLITICO, DIAMETRO DE 100 MM (4\")","UN    ","AS","141,19",null,141.19,"Sinapi 2621"]
[2616,"CURVA 90 GRAUS, PARA ELETRODUTO, EM ACO GALVANIZADO ELETROLITICO, DIAMETRO DE 15 MM (1/2\")","UN    ","AS","3,99",null,3.99,"Sinapi 2616"]
[2633,"CURVA 90 GRAUS, PARA ELETRODUTO, EM ACO GALVANIZADO ELETROLITICO, DIAMETRO DE 20 MM (3/4\")","UN    ","AS","4,52",null,4.5199999999999996,"Sinapi 2633"]
[2617,"CURVA 90 GRAUS, PARA ELETRODUTO, EM ACO GALVANIZADO ELETROLITICO, DIAMETRO DE 25 MM (1\")","UN    ","AS","6,14",null,6.14,"Sinapi 2617"]
[2618,"CURVA 90 GRAUS, PARA ELETRODUTO, EM ACO GALVANIZADO ELETROLITICO, DIAMETRO DE 32 MM (1 1/4\")","UN    ","AS","13,98",null,13.98,"Sinapi 2618"]
[2632,"CURVA 90 GRAUS, PARA ELETRODUTO, EM ACO GALVANIZADO ELETROLITICO, DIAMETRO DE 40 MM (1 1/2\")","UN    ","AS","17,06",null,17.059999999999999,"Sinapi 2632"]
[2631,"CURVA 90 GRAUS, PARA ELETRODUTO, EM ACO GALVANIZADO ELETROLITICO, DIAMETRO DE 50 MM (2\")","UN    ","AS","25,04",null,25.04,"Sinapi 2631"]
[2619,"CURVA 90 GRAUS, PARA ELETRODUTO, EM ACO GALVANIZADO ELETROLITICO, DIAMETRO DE 65 MM (2 1/2\")","UN    ","AS","63,41",null,63.41,"Sinapi 2619"]
[2620,"CURVA 90 GRAUS, PARA ELETRODUTO, EM ACO GALVANIZADO ELETROLITICO, DIAMETRO DE 80 MM (3\")","UN    ","AS","83,25",null,83.25,"Sinapi 2620"]
[25968,"DENTE PARA FRESADORA","UN    ","AS","41,38",null,41.38,"Sinapi 25968"]
[38369,"DESEMPENADEIRA DE ACO DENTADA 12 X *25* CM, DENTES 8 X 8 MM, CABO FECHADO DE MADEIRA","UN    ","CR","12,32",null,12.32,"Sinapi 38369"]
[38370,"DESEMPENADEIRA DE ACO LISA 12 X *25* CM COM CABO FECHADO DE MADEIRA","UN    ","CR","12,32",null,12.32,"Sinapi 38370"]
[38372,"DESEMPENADEIRA PLASTICA LISA *14 X 27* CM","UN    ","CR","15,85",null,15.85,"Sinapi 38372"]
[2357,"DESENHISTA COPISTA","H     ","CR","12,27",null,12.27,"Sinapi 2357"]
[40806,"DESENHISTA COPISTA (MENSALISTA)","MES   ","CR","1.297,64",null,1297.6400000000001,"Sinapi 40806"]
[2355,"DESENHISTA DETALHISTA","H     ","CR","26,21",null,26.21,"Sinapi 2355"]
[40805,"DESENHISTA DETALHISTA (MENSALISTA)","MES   ","CR","2.771,96",null,2771.96,"Sinapi 40805"]
[2358,"DESENHISTA PROJETISTA","H     ","CR","23,43",null,23.43,"Sinapi 2358"]
[40807,"DESENHISTA PROJETISTA (MENSALISTA)","MES   ","CR","2.477,61",null,2477.61,"Sinapi 40807"]
[2359,"DESENHISTA TECNICO AUXILIAR","H     ","CR","28,00",null,{"$f":"IF(E1865=\"\",\"\",E1865+0)","v":28},{"$f":"IF(G1865=\"\",\"\",CONCATENATE(\"Sinapi \",A1865))","v":"Sinapi 2359"}]
[40808,"DESENHISTA TECNICO AUXILIAR (MENSALISTA)","MES   ","CR","2.960,55",null,2960.55,"Sinapi 40808"]
[43144,"DESMOLDANTE PARA CONCRETO ESTAMPADO","KG    ","CR","27,17",null,27.17,"Sinapi 43144"]
[39397,"DESMOLDANTE PARA FORMAS METALICAS A BASE DE OLEO VEGETAL","L     ","CR","12,38",null,12.38,"Sinapi 39397"]
[2692,"DESMOLDANTE PROTETOR PARA FORMAS DE MADEIRA, DE BASE OLEOSA EMULSIONADA EM AGUA","L     ","CR","4,99",null,4.99,"Sinapi 2692"]
[6,"DETERGENTE AMONIACO (AMONIA DILUIDA)","L     ","CR","3,11",null,3.11,"Sinapi 6"]
[5330,"DILUENTE EPOXI","L     ","CR","32,56",null,32.56,"Sinapi 5330"]
[26017,"DISCO DE BORRACHA PARA LIXADEIRA RIGIDO 7 \" COM ARRUELA CENTRAL","UN    ","CR","40,79",null,40.79,"Sinapi 26017"]
[25931,"DISCO DE CORTE DIAMANTADO SEGMENTADO DIAMETRO DE 180 MM PARA ESMERILHADEIRA 7 \"","UN    ","CR","129,64",null,129.63999999999999,"Sinapi 25931"]
[38140,"DISCO DE CORTE DIAMANTADO SEGMENTADO PARA CONCRETO, DIAMETRO DE 110 MM, FURO DE 20 MM","UN    ","C ","31,44",null,31.44,"Sinapi 38140"]
[13887,"DISCO DE CORTE DIAMANTADO SEGMENTADO PARA CONCRETO, DIAMETRO DE 350 MM, FURO DE 1 \" (14 X 1 \")","UN    ","CR","744,36",null,744.36,"Sinapi 13887"]
[26018,"DISCO DE CORTE PARA METAL COM DUAS TELAS 12 X 1/8 X 3/4 \" (300 X 3,2 X 19,05 MM)","UN    ","CR","33,13",null,33.130000000000003,"Sinapi 26018"]
[26019,"DISCO DE DESBASTE PARA METAL FERROSO EM GERAL, COM TRES TELAS,  9 X 1/4 X 7/8 \" (228,6 X 6,4 X 22,2 MM)","UN    ","CR","31,29",null,31.29,"Sinapi 26019"]
[26020,"DISCO DE LIXA PARA METAL, DIAMETRO = 180 MM, GRAO 120","UN    ","CR","8,15",null,8.15,"Sinapi 26020"]
[34544,"DISJUNTOR  TERMOMAGNETICO TRIPOLAR 3 X 400 A / ICC - 25 KA","UN    ","CR","1.375,10",null,1375.1,"Sinapi 34544"]
[34729,"DISJUNTOR TERMICO E MAGNETICO AJUSTAVEIS, TRIPOLAR DE 100 ATE 250A, CAPACIDADE DE INTERRUPCAO DE 35KA","UN    ","CR","1.081,73",null,1081.73,"Sinapi 34729"]
[34734,"DISJUNTOR TERMICO E MAGNETICO AJUSTAVEIS, TRIPOLAR DE 300 ATE 400A, CAPACIDADE DE INTERRUPCAO DE 35KA","UN    ","CR","1.674,86",null,1674.86,"Sinapi 34734"]
[34738,"DISJUNTOR TERMICO E MAGNETICO AJUSTAVEIS, TRIPOLAR DE 450 ATE 600A, CAPACIDADE DE INTERRUPCAO DE 35KA","UN    ","CR","3.913,00",null,3913,"Sinapi 34738"]
[2391,"DISJUNTOR TERMOMAGNETICO TRIPOLAR 125A","UN    ","CR","318,25",null,318.25,"Sinapi 2391"]
[2374,"DISJUNTOR TERMOMAGNETICO TRIPOLAR 150 A / 600 V, TIPO FXD / ICC - 35 KA","UN    ","CR","361,05",null,361.05,"Sinapi 2374"]
[2377,"DISJUNTOR TERMOMAGNETICO TRIPOLAR 200 A / 600 V, TIPO FXD / ICC - 35 KA","UN    ","CR","506,70",null,506.7,"Sinapi 2377"]
[2393,"DISJUNTOR TERMOMAGNETICO TRIPOLAR 250 A / 600 V, TIPO FXD","UN    ","CR","848,53",null,848.53,"Sinapi 2393"]
[34705,"DISJUNTOR TERMOMAGNETICO TRIPOLAR 3  X 250 A/ICC - 25 KA","UN    ","CR","742,16",null,742.16,"Sinapi 34705"]
[34707,"DISJUNTOR TERMOMAGNETICO TRIPOLAR 3 X 350 A/ICC - 25 KA","UN    ","CR","1.375,24",null,1375.24,"Sinapi 34707"]
[2378,"DISJUNTOR TERMOMAGNETICO TRIPOLAR 300 A / 600 V, TIPO JXD / ICC - 40 KA","UN    ","CR","1.165,57",null,1165.57,"Sinapi 2378"]
[2379,"DISJUNTOR TERMOMAGNETICO TRIPOLAR 400 A / 600 V, TIPO JXD / ICC - 40 KA","UN    ","CR","1.165,57",null,1165.57,"Sinapi 2379"]
[2376,"DISJUNTOR TERMOMAGNETICO TRIPOLAR 600 A / 600 V, TIPO LXD / ICC - 40 KA","UN    ","CR","1.919,69",null,1919.69,"Sinapi 2376"]
[2394,"DISJUNTOR TERMOMAGNETICO TRIPOLAR 800 A / 600 V, TIPO LMXD","UN    ","CR","4.103,95",null,4103.95,"Sinapi 2394"]
[34686,"DISJUNTOR TIPO DIN / IEC, MONOPOLAR DE 40  ATE 50A","UN    ","CR","12,32",null,12.32,"Sinapi 34686"]
[34616,"DISJUNTOR TIPO DIN/IEC, BIPOLAR DE 6 ATE 32A","UN    ","CR","47,62",null,47.62,"Sinapi 34616"]
[34623,"DISJUNTOR TIPO DIN/IEC, BIPOLAR 40 ATE 50A","UN    ","CR","46,89",null,46.89,"Sinapi 34623"]
[34628,"DISJUNTOR TIPO DIN/IEC, BIPOLAR 63 A","UN    ","CR","67,16",null,67.16,"Sinapi 34628"]
[34653,"DISJUNTOR TIPO DIN/IEC, MONOPOLAR DE 6  ATE  32A","UN    ","CR","8,30",null,8.3000000000000007,"Sinapi 34653"]
[34688,"DISJUNTOR TIPO DIN/IEC, MONOPOLAR DE 63 A","UN    ","CR","15,05",null,15.05,"Sinapi 34688"]
[34709,"DISJUNTOR TIPO DIN/IEC, TRIPOLAR DE 10 ATE 50A","UN    ","CR","58,34",null,58.34,"Sinapi 34709"]
[34714,"DISJUNTOR TIPO DIN/IEC, TRIPOLAR 63 A","UN    ","CR","69,68",null,69.680000000000007,"Sinapi 34714"]
[2388,"DISJUNTOR TIPO NEMA, BIPOLAR 10  ATE  50 A, TENSAO MAXIMA 415 V","UN    ","CR","57,91",null,57.91,"Sinapi 2388"]
[34606,"DISJUNTOR TIPO NEMA, BIPOLAR 60 ATE 100A, TENSAO MAXIMA 415 V","UN    ","CR","88,83",null,88.83,"Sinapi 34606"]
[34689,"DISJUNTOR TIPO NEMA, MONOPOLAR DE 60 ATE 70A, TENSAO MAXIMA DE 240 V","UN    ","CR","28,28",null,28.28,"Sinapi 34689"]
[2370,"DISJUNTOR TIPO NEMA, MONOPOLAR 10 ATE 30A, TENSAO MAXIMA DE 240 V","UN    ","C ","10,76",null,10.76,"Sinapi 2370"]
[2386,"DISJUNTOR TIPO NEMA, MONOPOLAR 35  ATE  50 A, TENSAO MAXIMA DE 240 V","UN    ","CR","18,05",null,18.05,"Sinapi 2386"]
[2392,"DISJUNTOR TIPO NEMA, TRIPOLAR 10  ATE  50A, TENSAO MAXIMA DE 415 V","UN    ","CR","72,23",null,72.23,"Sinapi 2392"]
[2373,"DISJUNTOR TIPO NEMA, TRIPOLAR 60 ATE 100 A, TENSAO MAXIMA DE 415 V","UN    ","CR","101,76",null,101.76,"Sinapi 2373"]
[39465,"DISPOSITIVO DPS CLASSE II, 1 POLO, TENSAO MAXIMA DE 175 V, CORRENTE MAXIMA DE *20* KA (TIPO AC)","UN    ","CR","62,16",null,62.16,"Sinapi 39465"]
[39466,"DISPOSITIVO DPS CLASSE II, 1 POLO, TENSAO MAXIMA DE 175 V, CORRENTE MAXIMA DE *30* KA (TIPO AC)","UN    ","CR","69,94",null,69.94,"Sinapi 39466"]
[39467,"DISPOSITIVO DPS CLASSE II, 1 POLO, TENSAO MAXIMA DE 175 V, CORRENTE MAXIMA DE *45* KA (TIPO AC)","UN    ","CR","89,46",null,89.46,"Sinapi 39467"]
[39468,"DISPOSITIVO DPS CLASSE II, 1 POLO, TENSAO MAXIMA DE 175 V, CORRENTE MAXIMA DE *90* KA (TIPO AC)","UN    ","CR","159,01",null,159.01,"Sinapi 39468"]
[39469,"DISPOSITIVO DPS CLASSE II, 1 POLO, TENSAO MAXIMA DE 275 V, CORRENTE MAXIMA DE *20* KA (TIPO AC)","UN    ","CR","64,77",null,64.77,"Sinapi 39469"]
[39470,"DISPOSITIVO DPS CLASSE II, 1 POLO, TENSAO MAXIMA DE 275 V, CORRENTE MAXIMA DE *30* KA (TIPO AC)","UN    ","CR","79,58",null,79.58,"Sinapi 39470"]
[39471,"DISPOSITIVO DPS CLASSE II, 1 POLO, TENSAO MAXIMA DE 275 V, CORRENTE MAXIMA DE *45* KA (TIPO AC)","UN    ","CR","95,64",null,95.64,"Sinapi 39471"]
[39472,"DISPOSITIVO DPS CLASSE II, 1 POLO, TENSAO MAXIMA DE 275 V, CORRENTE MAXIMA DE *90* KA (TIPO AC)","UN    ","CR","166,18",null,166.18,"Sinapi 39472"]
[39473,"DISPOSITIVO DPS CLASSE II, 1 POLO, TENSAO MAXIMA DE 385 V, CORRENTE MAXIMA DE *20* KA (TIPO AC)","UN    ","CR","107,35",null,107.35,"Sinapi 39473"]
[39474,"DISPOSITIVO DPS CLASSE II, 1 POLO, TENSAO MAXIMA DE 385 V, CORRENTE MAXIMA DE *30* KA (TIPO AC)","UN    ","CR","114,44",null,114.44,"Sinapi 39474"]
[39475,"DISPOSITIVO DPS CLASSE II, 1 POLO, TENSAO MAXIMA DE 385 V, CORRENTE MAXIMA DE *45* KA (TIPO AC)","UN    ","CR","129,84",null,129.84,"Sinapi 39475"]
[39476,"DISPOSITIVO DPS CLASSE II, 1 POLO, TENSAO MAXIMA DE 385 V, CORRENTE MAXIMA DE *90* KA (TIPO AC)","UN    ","CR","244,43",null,244.43,"Sinapi 39476"]
[39477,"DISPOSITIVO DPS CLASSE II, 1 POLO, TENSAO MAXIMA DE 460 V, CORRENTE MAXIMA DE *20* KA (TIPO AC)","UN    ","CR","119,76",null,119.76,"Sinapi 39477"]
[39478,"DISPOSITIVO DPS CLASSE II, 1 POLO, TENSAO MAXIMA DE 460 V, CORRENTE MAXIMA DE *30* KA (TIPO AC)","UN    ","CR","123,47",null,123.47,"Sinapi 39478"]
[39479,"DISPOSITIVO DPS CLASSE II, 1 POLO, TENSAO MAXIMA DE 460 V, CORRENTE MAXIMA DE *45* KA (TIPO AC)","UN    ","CR","145,47",null,145.47,"Sinapi 39479"]
[39480,"DISPOSITIVO DPS CLASSE II, 1 POLO, TENSAO MAXIMA DE 460 V, CORRENTE MAXIMA DE *90* KA (TIPO AC)","UN    ","CR","300,18",null,300.18,"Sinapi 39480"]
[39459,"DISPOSITIVO DR, 2 POLOS, SENSIBILIDADE DE 30 MA, CORRENTE DE 100 A, TIPO AC","UN    ","CR","254,77",null,254.77,"Sinapi 39459"]
[39445,"DISPOSITIVO DR, 2 POLOS, SENSIBILIDADE DE 30 MA, CORRENTE DE 25 A, TIPO AC","UN    ","CR","127,92",null,127.92,"Sinapi 39445"]
[39446,"DISPOSITIVO DR, 2 POLOS, SENSIBILIDADE DE 30 MA, CORRENTE DE 40 A, TIPO AC","UN    ","CR","130,20",null,130.19999999999999,"Sinapi 39446"]
[39447,"DISPOSITIVO DR, 2 POLOS, SENSIBILIDADE DE 30 MA, CORRENTE DE 63 A, TIPO AC","UN    ","CR","139,23",null,139.22999999999999,"Sinapi 39447"]
[39448,"DISPOSITIVO DR, 2 POLOS, SENSIBILIDADE DE 30 MA, CORRENTE DE 80 A, TIPO AC","UN    ","CR","237,41",null,237.41,"Sinapi 39448"]
[39450,"DISPOSITIVO DR, 2 POLOS, SENSIBILIDADE DE 300 MA, CORRENTE DE 25 A, TIPO AC","UN    ","CR","144,85",null,{"$f":"IF(E1929=\"\",\"\",E1929+0)","v":144.85},{"$f":"IF(G1929=\"\",\"\",CONCATENATE(\"Sinapi \",A1929))","v":"Sinapi 39450"}]
[39451,"DISPOSITIVO DR, 2 POLOS, SENSIBILIDADE DE 300 MA, CORRENTE DE 40 A, TIPO AC","UN    ","CR","157,99",null,157.99,"Sinapi 39451"]
[39452,"DISPOSITIVO DR, 2 POLOS, SENSIBILIDADE DE 300 MA, CORRENTE DE 63 A, TIPO AC","UN    ","CR","158,93",null,158.93,"Sinapi 39452"]
[39523,"DISPOSITIVO DR, 2 POLOS, SENSIBILIDADE DE 300 MA, CORRENTE DE 80 A, TIPO  AC","UN    ","CR","265,97",null,265.97000000000003,"Sinapi 39523"]
[39449,"DISPOSITIVO DR, 4 POLOS, SENSIBILIDADE DE 30 MA, CORRENTE DE 100 A, TIPO AC","UN    ","CR","294,54",null,294.54000000000002,"Sinapi 39449"]
[39455,"DISPOSITIVO DR, 4 POLOS, SENSIBILIDADE DE 30 MA, CORRENTE DE 25 A, TIPO AC","UN    ","CR","145,75",null,145.75,"Sinapi 39455"]
[39456,"DISPOSITIVO DR, 4 POLOS, SENSIBILIDADE DE 30 MA, CORRENTE DE 40 A, TIPO AC","UN    ","CR","145,85",null,145.85,"Sinapi 39456"]
[39457,"DISPOSITIVO DR, 4 POLOS, SENSIBILIDADE DE 30 MA, CORRENTE DE 63 A, TIPO AC","UN    ","CR","159,00",null,159,"Sinapi 39457"]
[39458,"DISPOSITIVO DR, 4 POLOS, SENSIBILIDADE DE 30 MA, CORRENTE DE 80 A, TIPO AC","UN    ","CR","296,71",null,296.70999999999998,"Sinapi 39458"]
[39464,"DISPOSITIVO DR, 4 POLOS, SENSIBILIDADE DE 300 MA, CORRENTE DE 100 A, TIPO AC","UN    ","CR","477,14",null,477.14,"Sinapi 39464"]
[39460,"DISPOSITIVO DR, 4 POLOS, SENSIBILIDADE DE 300 MA, CORRENTE DE 25 A, TIPO AC","UN    ","CR","180,97",null,180.97,"Sinapi 39460"]
[39461,"DISPOSITIVO DR, 4 POLOS, SENSIBILIDADE DE 300 MA, CORRENTE DE 40 A, TIPO AC","UN    ","CR","212,05",null,212.05,"Sinapi 39461"]
[39462,"DISPOSITIVO DR, 4 POLOS, SENSIBILIDADE DE 300 MA, CORRENTE DE 63 A, TIPO AC","UN    ","CR","204,36",null,204.36,"Sinapi 39462"]
[39463,"DISPOSITIVO DR, 4 POLOS, SENSIBILIDADE DE 300 MA, CORRENTE DE 80 A, TIPO AC","UN    ","CR","473,44",null,473.44,"Sinapi 39463"]
[26039,"DISTRIBUIDOR DE AGREGADOS AUTOPROPELIDO, CAP 3 M3, A DIESEL, 6 CC, 176 CV","UN    ","AS","249.588,52",null,249588.52,"Sinapi 26039"]
[2401,"DISTRIBUIDOR DE AGREGADOS REBOCAVEL, CAPACIDADE 1,9 M3, LARGURA DE TRABALHO 3,66 M","UN    ","AS","57.408,12",null,57408.12,"Sinapi 2401"]
[38870,"DISTRIBUIDOR METALICO, COM ROSCA, 2 SAIDAS, DN 1\" X 1/2\", PARA CONEXAO COM ANEL DESLIZANTE EM TUBO PEX","UN    ","AS","32,61",null,32.61,"Sinapi 38870"]
[38869,"DISTRIBUIDOR METALICO, COM ROSCA, 2 SAIDAS, DN 3/4\" X 1/2\", PARA CONEXAO COM ANEL DESLIZANTE EM TUBO PEX","UN    ","AS","28,77",null,28.77,"Sinapi 38869"]
[38872,"DISTRIBUIDOR METALICO, COM ROSCA, 3 SAIDAS, DN 1\" X 1/2\", PARA CONEXAO COM ANEL DESLIZANTE EM TUBO PEX","UN    ","AS","44,55",null,44.55,"Sinapi 38872"]
[38871,"DISTRIBUIDOR METALICO, COM ROSCA, 3 SAIDAS, DN 3/4\" X 1/2\", PARA CONEXAO COM ANEL DESLIZANTE EM TUBO PEX","UN    ","AS","35,84",null,35.840000000000003,"Sinapi 38871"]
[39283,"DISTRIBUIDOR, PLASTICO, 2 SAIDAS, DN 32 X 16 MM, PARA CONEXAO COM CRIMPAGEM EM TUBO PEX","UN    ","AS","111,62",null,111.62,"Sinapi 39283"]
[39284,"DISTRIBUIDOR, PLASTICO, 2 SAIDAS, DN 32 X 20 MM, PARA CONEXAO COM CRIMPAGEM EM TUBO PEX","UN    ","AS","120,96",null,120.96,"Sinapi 39284"]
[39285,"DISTRIBUIDOR, PLASTICO, 2 SAIDAS, DN 32 X 25 MM, PARA CONEXAO COM CRIMPAGEM EM TUBO PEX","UN    ","AS","122,71",null,122.71,"Sinapi 39285"]
[39286,"DISTRIBUIDOR, PLASTICO, 3 SAIDAS, DN 32 X 16 MM, PARA CONEXAO COM CRIMPAGEM EM TUBO PEX","UN    ","AS","120,03",null,120.03,"Sinapi 39286"]
[39287,"DISTRIBUIDOR, PLASTICO, 3 SAIDAS, DN 32 X 20 MM, PARA CONEXAO COM CRIMPAGEM EM TUBO PEX","UN    ","AS","140,94",null,140.94,"Sinapi 39287"]
[39288,"DISTRIBUIDOR, PLASTICO, 3 SAIDAS, DN 32 X 25 MM, PARA CONEXAO COM CRIMPAGEM EM TUBO PEX","UN    ","AS","150,42",null,150.41999999999999,"Sinapi 39288"]
[2414,"DIVISORIA (N2) PAINEL/VIDRO - PAINEL C/ MSO/COMEIA E=35MM - MONTANTE/RODAPE DUPLO ACO GALV PINTADO - COLOCADA","M2    ","AS","95,81",null,95.81,"Sinapi 2414"]
[2413,"DIVISORIA (N2) PAINEL/VIDRO - PAINEL C/ MSO/COMEIA E=35MM - PERFIS SIMPLES ACO GALV PINTADO - COLOCADA","M2    ","AS","92,17",null,92.17,"Sinapi 2413"]
[2405,"DIVISORIA (N2) PAINEL/VIDRO - PAINEL MSO/COMEIA E=35MM - MONTANTE/RODAPE DUPLO ALUMINIO ANOD NAT - COLOCADA","M2    ","AS","107,28",null,107.28,"Sinapi 2405"]
[13361,"DIVISORIA (N2) PAINEL/VIDRO - PAINEL MSO/COMEIA E=35MM - PERFIS SIMPLES ALUMINIO ANOD NAT - COLOCADA","M2    ","AS","89,75",null,89.75,"Sinapi 13361"]
[11987,"DIVISORIA (N2) PAINEL/VIDRO - PAINEL VERMICULITA E=35MM - PERFIS SIMPLES ALUMINIO ANOD NATURAL - COLOCADA","M2    ","AS","240,14",null,240.14,"Sinapi 11987"]
[2416,"DIVISORIA (N3) PAINEL/VIDRO/PAINEL MSO/COMEIA E=35MM - MONTANTE/RODAPE DUPLO ACO GALV PINTADO - COLOCADA","M2    ","AS","106,24",null,106.24,"Sinapi 2416"]
[2412,"DIVISORIA (N3) PAINEL/VIDRO/PAINEL MSO/COMEIA E=35MM - MONTANTE/RODAPE DUPLO ALUMINIO ANOD NAT - COLOCADA","M2    ","AS","102,60",null,102.6,"Sinapi 2412"]
[2411,"DIVISORIA (N3) PAINEL/VIDRO/PAINEL MSO/COMEIA E=35MM - PERFIS SIMPLES ACO GALV PINTADO - COLOCADA","M2    ","AS","89,75",null,89.75,"Sinapi 2411"]
[2406,"DIVISORIA (N3) PAINEL/VIDRO/PAINEL MSO/COMEIA E=35MM - PERFIS SIMPLES ALUMINIO ANOD NAT - COLOCADA","M2    ","AS","87,32",null,87.32,"Sinapi 2406"]
[10571,"DIVISORIA (N3) PAINEL/VIDRO/PAINEL VERMICULITA E=35MM - MONTANTE/RODAPE DUPLO ALUMINIO ANOD NATURAL - COLOCADA","M2    ","AS","213,46",null,213.46,"Sinapi 10571"]
[11985,"DIVISORIA (N3) PAINEL/VIDRO/PAINEL VERMICULITA E=35MM - MONTANTE/RODAPE PERFIL DUPLO ACO GALV PINTADO - COLOCADA","M2    ","AS","206,18",null,206.18,"Sinapi 11985"]
[2410,"DIVISORIA CEGA (N1) - PAINEL MSO/COMEIA E=35MM - MONTANTE/RODAPE DUPLO   ACO GALV PINTADO - COLOCADA","M2    ","AS","90,96",null,90.96,"Sinapi 2410"]
[2417,"DIVISORIA CEGA (N1) - PAINEL MSO/COMEIA E=35MM - MONTANTE/RODAPE DUPLO ALUMINIO ANOD NAT - COLOCADA","M2    ","AS","97,02",null,97.02,"Sinapi 2417"]
[2415,"DIVISORIA CEGA (N1) - PAINEL MSO/COMEIA E=35MM - PERFIS SIMPLES ACO GALV PINTADO   - COLOCADA","M2    ","AS","77,62",null,77.62,"Sinapi 2415"]
[13360,"DIVISORIA CEGA (N1) - PAINEL MSO/COMEIA E=35MM - PERFIS SIMPLES ALUMINIO ANOD NAT - COLOCADA","M2    ","AS","77,62",null,77.62,"Sinapi 13360"]
[11983,"DIVISORIA CEGA (N1) - PAINEL VERMICULITA E=35MM - MONTANTE/RODAPE PERFIS SIMPLES ACO GALV PINTADO - COLOCADA","M2    ","AS","189,20",null,189.2,"Sinapi 11983"]
[11986,"DIVISORIA CEGA (N1) - PAINEL VERMICULITA E=35MM - PERFIS SIMPLES ALUMINIO ANOD NATURAL - COLOCADA","M2    ","AS","230,44",null,230.44,"Sinapi 11986"]
[25976,"DIVISORIA EM GRANITO, COM DUAS FACES POLIDAS, TIPO ANDORINHA/ QUARTZ/ CASTELO/ CORUMBA OU OUTROS EQUIVALENTES DA REGIAO, E=  *3,0* CM","M2    ","CR","552,07",null,552.07000000000005,"Sinapi 25976"]
[10629,"DIVISORIA EM MARMORE, COM DUAS FACES POLIDAS, BRANCO COMUM, E=  *3,0* CM","M2    ","CR","319,26",null,319.26,"Sinapi 10629"]
[10698,"DIVISORIA, PLACA  PRE-MOLDADA EM GRANILITE, MARMORITE OU GRANITINA,  E = *3 CM","M2    ","CR","119,56",null,119.56,"Sinapi 10698"]
[40521,"DOBRADEIRA ELETROMECANICA DE VERGALHAO, PARA ACO DE DIAMETRO ATE 1 1/2 \"Â\u0094, MOTOR ELETRICO TRIFASICO, POTENCIA DE 3 HP ATE 5 HP","UN    ","CR","71.506,16",null,71506.16,"Sinapi 40521"]
[2432,"DOBRADICA EM ACO/FERRO, 3 1/2\" X  3\", E= 1,9  A 2 MM, COM ANEL,  CROMADO OU ZINCADO, TAMPA BOLA, COM PARAFUSOS","UN    ","CR","19,38",null,19.38,"Sinapi 2432"]
[2418,"DOBRADICA EM ACO/FERRO, 3\" X 2 1/2\", E= 1,2 A 1,8 MM, SEM ANEL,  CROMADO OU ZINCADO, TAMPA BOLA, COM PARAFUSOS","UN    ","C ","8,99",null,8.99,"Sinapi 2418"]
[2433,"DOBRADICA EM ACO/FERRO, 3\" X 2 1/2\", E= 1,2 A 1,8 MM, SEM ANEL,  CROMADO OU ZINCADO, TAMPA CHATA, COM PARAFUSOS","UN    ","CR","6,56",null,6.56,"Sinapi 2433"]
[2420,"DOBRADICA EM ACO/FERRO, 3\" X 2 1/2\", E= 1,9 A 2 MM, SEM ANEL,  CROMADO OU ZINCADO, TAMPA BOLA, COM PARAFUSOS","UN    ","CR","11,27",null,11.27,"Sinapi 2420"]
[2421,"DOBRADICA EM ACO/FERRO, 4\" X 3\", E= 2,2 A 3,0 MM, COM ANEL, CROMADO OU ZINCADO,TAMPA BOLA, COM PARAFUSOS","UN    ","CR","24,60",null,24.6,"Sinapi 2421"]
[11447,"DOBRADICA EM LATAO, 3 \" X 2 1/2 \", E= 1,9 A 2 MM, COM ANEL, CROMADO, TAMPA BOLA, COM PARAFUSOS","UN    ","CR","22,28",null,22.28,"Sinapi 11447"]
[2429,"DOBRADICA EM LATAO, 4\" X 3\", E= 2,2 A 3,0 MM, COM ANEL,  TAMPA BOLA, COM PARAFUSOS","UN    ","CR","56,40",null,56.4,"Sinapi 2429"]
[11449,"DOBRADICA TIPO PIANO EM ACO/FERRO, 1'' X 3 M, GALVANIZADO, COM PARAFUSOS","UN    ","CR","60,75",null,60.75,"Sinapi 11449"]
[11451,"DOBRADICA TIPO VAI-E-VEM EM ACO/FERRO, TAMANHO 3'', GALVANIZADO, COM PARAFUSOS","UN    ","CR","59,74",null,59.74,"Sinapi 11451"]
[11116,"DOMOS INDIVIDUAL EM ACRILICO BRANCO *95 X 95* CM, SEM INSTALACAO","UN    ","AS","444,59",null,444.59,"Sinapi 11116"]
[38411,"DOSADOR DE AREIA, CAPACIDADE DE *26* LITROS","UN    ","CR","1.289,29",null,1289.29,"Sinapi 38411"]
[1370,"DUCHA HIGIENICA PLASTICA COM REGISTRO METALICO 1/2 \"","UN    ","CR","71,35",null,71.349999999999994,"Sinapi 1370"]
[38189,"DUCHA METALICA DE PAREDE, ARTICULAVEL, COM BRACO/CANO, SEM DESVIADOR","UN    ","CR","174,25",null,174.25,"Sinapi 38189"]
[38190,"DUCHA METALICA DE PAREDE, ARTICULAVEL, COM DESVIADOR E DUCHA MANUAL","UN    ","CR","391,85",null,391.85,"Sinapi 38190"]
[36516,"DUMPER COM CAPACIDADE DE CARGA DE 1700 KG, PARTIDA ELETRICA, MOTOR DIESEL COM POTENCIA DE 16 CV","UN    ","AS","71.282,39",null,71282.39,"Sinapi 36516"]
[34777,"ELEMENTO VAZADO CERAMICO 25 X 18 X 7 CM","UN    ","CR","1,44",null,1.44,"Sinapi 34777"]
[7273,"ELEMENTO VAZADO CERAMICO 7 X 20 X 20 CM","UN    ","CR","2,37",null,2.37,"Sinapi 7273"]
[7272,"ELEMENTO VAZADO CERAMICO 9 X 20 X 20 CM","UN    ","CR","3,31",null,{"$f":"IF(E1993=\"\",\"\",E1993+0)","v":3.31},{"$f":"IF(G1993=\"\",\"\",CONCATENATE(\"Sinapi \",A1993))","v":"Sinapi 7272"}]
[10605,"ELEMENTO VAZADO DE CONCRETO, QUADRICULADO, 1 FURO *10 X 10 X 10* CM","UN    ","CR","1,81",null,1.81,"Sinapi 10605"]
[10604,"ELEMENTO VAZADO DE CONCRETO, QUADRICULADO, 1 FURO *20 X 10 X 7* CM","UN    ","CR","3,60",null,3.6,"Sinapi 10604"]
[672,"ELEMENTO VAZADO DE CONCRETO, QUADRICULADO, 1 FURO *20 X 20 X 6,5* CM","UN    ","CR","3,64",null,3.64,"Sinapi 672"]
[668,"ELEMENTO VAZADO DE CONCRETO, QUADRICULADO, 16 FUROS *29 X 29 X 6* CM","UN    ","CR","5,73",null,5.73,"Sinapi 668"]
[10578,"ELEMENTO VAZADO DE CONCRETO, QUADRICULADO, 16 FUROS *33 X 33 X 10* CM","UN    ","CR","10,00",null,10,"Sinapi 10578"]
[666,"ELEMENTO VAZADO DE CONCRETO, QUADRICULADO, 16 FUROS *40 X 40 X 7* CM","UN    ","CR","9,93",null,9.93,"Sinapi 666"]
[665,"ELEMENTO VAZADO DE CONCRETO, QUADRICULADO, 16 FUROS *50 X 50 X 7* CM","UN    ","CR","18,60",null,18.600000000000001,"Sinapi 665"]
[10577,"ELEMENTO VAZADO DE CONCRETO, QUADRICULADO, 25 FUROS *50 X 50 X 5* CM","UN    ","CR","14,56",null,14.56,"Sinapi 10577"]
[10583,"ELEMENTO VAZADO DE CONCRETO, VENEZIANA *39 X 22 X 15* CM","UN    ","CR","8,16",null,8.16,"Sinapi 10583"]
[10579,"ELEMENTO VAZADO DE CONCRETO, VENEZIANA *39 X 29 X 10* CM","UN    ","CR","13,32",null,13.32,"Sinapi 10579"]
[10582,"ELEMENTO VAZADO DE CONCRETO, VENEZIANA *40 X 10 X 10* CM","UN    ","CR","4,66",null,4.66,"Sinapi 10582"]
[2436,"ELETRICISTA","H     ","C ","16,48",null,16.48,"Sinapi 2436"]
[40918,"ELETRICISTA (MENSALISTA)","MES   ","CR","2.939,34",null,2939.34,"Sinapi 40918"]
[2439,"ELETRICISTA DE MANUTENCAO INDUSTRIAL","H     ","CR","16,48",null,16.48,"Sinapi 2439"]
[40923,"ELETRICISTA DE MANUTENCAO INDUSTRIAL (MENSALISTA)","MES   ","CR","2.942,74",null,2942.74,"Sinapi 40923"]
[10998,"ELETRODO REVESTIDO AWS - E-6010, DIAMETRO IGUAL A 4,00 MM","KG    ","CR","18,21",null,18.21,"Sinapi 10998"]
[11002,"ELETRODO REVESTIDO AWS - E6013, DIAMETRO IGUAL A 2,50 MM","KG    ","CR","16,69",null,16.690000000000001,"Sinapi 11002"]
[10999,"ELETRODO REVESTIDO AWS - E6013, DIAMETRO IGUAL A 4,00 MM","KG    ","CR","16,03",null,16.03,"Sinapi 10999"]
[10997,"ELETRODO REVESTIDO AWS - E7018, DIAMETRO IGUAL A 4,00 MM","KG    ","C ","17,38",null,17.38,"Sinapi 10997"]
[2685,"ELETRODUTO DE PVC RIGIDO ROSCAVEL DE 1 \", SEM LUVA","M     ","CR","4,51",null,4.51,"Sinapi 2685"]
[2680,"ELETRODUTO DE PVC RIGIDO ROSCAVEL DE 1 1/2 \", SEM LUVA","M     ","CR","6,60",null,6.6,"Sinapi 2680"]
[2684,"ELETRODUTO DE PVC RIGIDO ROSCAVEL DE 1 1/4 \", SEM LUVA","M     ","CR","6,01",null,6.01,"Sinapi 2684"]
[2673,"ELETRODUTO DE PVC RIGIDO ROSCAVEL DE 1/2 \", SEM LUVA","M     ","C ","2,32",null,2.3199999999999998,"Sinapi 2673"]
[2681,"ELETRODUTO DE PVC RIGIDO ROSCAVEL DE 2 \", SEM LUVA","M     ","CR","10,79",null,10.79,"Sinapi 2681"]
[2682,"ELETRODUTO DE PVC RIGIDO ROSCAVEL DE 2 1/2 \", SEM LUVA","M     ","CR","15,75",null,15.75,"Sinapi 2682"]
[2686,"ELETRODUTO DE PVC RIGIDO ROSCAVEL DE 3 \", SEM LUVA","M     ","CR","19,75",null,19.75,"Sinapi 2686"]
[2674,"ELETRODUTO DE PVC RIGIDO ROSCAVEL DE 3/4 \", SEM LUVA","M     ","CR","2,89",null,2.89,"Sinapi 2674"]
[2683,"ELETRODUTO DE PVC RIGIDO ROSCAVEL DE 4 \", SEM LUVA","M     ","CR","31,12",null,31.12,"Sinapi 2683"]
[2676,"ELETRODUTO DE PVC RIGIDO SOLDAVEL, CLASSE B, DE 20 MM","M     ","CR","1,35",null,1.35,"Sinapi 2676"]
[2678,"ELETRODUTO DE PVC RIGIDO SOLDAVEL, CLASSE B, DE 25 MM","M     ","CR","1,69",null,1.69,"Sinapi 2678"]
[2679,"ELETRODUTO DE PVC RIGIDO SOLDAVEL, CLASSE B, DE 32 MM","M     ","CR","2,60",null,2.6,"Sinapi 2679"]
[12070,"ELETRODUTO DE PVC RIGIDO SOLDAVEL, CLASSE B, DE 40 MM","M     ","CR","3,62",null,3.62,"Sinapi 12070"]
[2675,"ELETRODUTO DE PVC RIGIDO SOLDAVEL, CLASSE B, DE 50 MM","M     ","CR","4,71",null,4.71,"Sinapi 2675"]
[12067,"ELETRODUTO DE PVC RIGIDO SOLDAVEL, CLASSE B, DE 60 MM","M     ","CR","6,39",null,6.39,"Sinapi 12067"]
[40401,"ELETRODUTO FLEXIVEL PLANO EM PEAD, COR PRETA E LARANJA,  DIAMETRO 32 MM","M     ","AS","2,08",null,2.08,"Sinapi 40401"]
[40402,"ELETRODUTO FLEXIVEL PLANO EM PEAD, COR PRETA E LARANJA,  DIAMETRO 40 MM","M     ","AS","2,67",null,2.67,"Sinapi 40402"]
[40400,"ELETRODUTO FLEXIVEL PLANO EM PEAD, COR PRETA E LARANJA, DIAMETRO 25 MM","M     ","AS","1,41",null,1.41,"Sinapi 40400"]
[2504,"ELETRODUTO FLEXIVEL, EM ACO GALVANIZADO, REVESTIDO EXTERNAMENTE COM PVC PRETO, DIAMETRO EXTERNO DE 25 MM (3/4\"), TIPO SEALTUBO","M     ","AS","10,26",null,10.26,"Sinapi 2504"]
[2501,"ELETRODUTO FLEXIVEL, EM ACO GALVANIZADO, REVESTIDO EXTERNAMENTE COM PVC PRETO, DIAMETRO EXTERNO DE 32 MM (1\"), TIPO SEALTUBO","M     ","AS","13,46",null,13.46,"Sinapi 2501"]
[2502,"ELETRODUTO FLEXIVEL, EM ACO GALVANIZADO, REVESTIDO EXTERNAMENTE COM PVC PRETO, DIAMETRO EXTERNO DE 40 MM (1 1/4\"), TIPO SEALTUBO","M     ","AS","20,31",null,20.309999999999999,"Sinapi 2502"]
[2503,"ELETRODUTO FLEXIVEL, EM ACO GALVANIZADO, REVESTIDO EXTERNAMENTE COM PVC PRETO, DIAMETRO EXTERNO DE 50 MM( 1 1/2\"), TIPO SEALTUBO","M     ","AS","26,14",null,26.14,"Sinapi 2503"]
[2500,"ELETRODUTO FLEXIVEL, EM ACO GALVANIZADO, REVESTIDO EXTERNAMENTE COM PVC PRETO, DIAMETRO EXTERNO DE 60 MM (2\"), TIPO SEALTUBO","M     ","AS","34,81",null,34.81,"Sinapi 2500"]
[2505,"ELETRODUTO FLEXIVEL, EM ACO GALVANIZADO, REVESTIDO EXTERNAMENTE COM PVC PRETO, DIAMETRO EXTERNO DE 75 MM (2 1/2\"), TIPO SEALTUBO","M     ","AS","54,26",null,54.26,"Sinapi 2505"]
[12056,"ELETRODUTO FLEXIVEL, EM ACO, TIPO CONDUITE, DIAMETRO DE 1 1/2\"","M     ","AS","21,92",null,21.92,"Sinapi 12056"]
[12057,"ELETRODUTO FLEXIVEL, EM ACO, TIPO CONDUITE, DIAMETRO DE 1 1/4\"","M     ","AS","18,62",null,18.62,"Sinapi 12057"]
[12059,"ELETRODUTO FLEXIVEL, EM ACO, TIPO CONDUITE, DIAMETRO DE 1/2\"","M     ","AS","6,53",null,6.53,"Sinapi 12059"]
[12058,"ELETRODUTO FLEXIVEL, EM ACO, TIPO CONDUITE, DIAMETRO DE 1\"","M     ","AS","11,61",null,11.61,"Sinapi 12058"]
[12060,"ELETRODUTO FLEXIVEL, EM ACO, TIPO CONDUITE, DIAMETRO DE 2 1/2\"","M     ","AS","48,38",null,48.38,"Sinapi 12060"]
[12061,"ELETRODUTO FLEXIVEL, EM ACO, TIPO CONDUITE, DIAMETRO DE 2\"","M     ","AS","29,54",null,29.54,"Sinapi 12061"]
[12062,"ELETRODUTO FLEXIVEL, EM ACO, TIPO CONDUITE, DIAMETRO DE 3\"","M     ","AS","54,48",null,54.48,"Sinapi 12062"]
[21137,"ELETRODUTO METALICO FLEXIVEL REVESTIDO COM PVC PRETO, DIAMETRO EXTERNO DE 15 MM (3/8\"), TIPO COPEX","M     ","AS","9,47",null,9.4700000000000006,"Sinapi 21137"]
[2687,"ELETRODUTO PVC FLEXIVEL CORRUGADO, COR AMARELA, DE 16 MM","M     ","CR","1,17",null,1.17,"Sinapi 2687"]
[2689,"ELETRODUTO PVC FLEXIVEL CORRUGADO, COR AMARELA, DE 20 MM","M     ","CR","1,40",null,1.4,"Sinapi 2689"]
[2688,"ELETRODUTO PVC FLEXIVEL CORRUGADO, COR AMARELA, DE 25 MM","M     ","CR","1,52",null,1.52,"Sinapi 2688"]
[2690,"ELETRODUTO PVC FLEXIVEL CORRUGADO, COR AMARELA, DE 32 MM","M     ","CR","2,60",null,2.6,"Sinapi 2690"]
[39243,"ELETRODUTO PVC FLEXIVEL CORRUGADO, REFORCADO, COR LARANJA, DE 20 MM, PARA LAJES E PISOS","M     ","CR","1,71",null,1.71,"Sinapi 39243"]
[39244,"ELETRODUTO PVC FLEXIVEL CORRUGADO, REFORCADO, COR LARANJA, DE 25 MM, PARA LAJES E PISOS","M     ","CR","2,31",null,2.31,"Sinapi 39244"]
[39245,"ELETRODUTO PVC FLEXIVEL CORRUGADO, REFORCADO, COR LARANJA, DE 32 MM, PARA LAJES E PISOS","M     ","CR","4,45",null,4.45,"Sinapi 39245"]
[39254,"ELETRODUTO/CONDULETE DE PVC RIGIDO, LISO, COR CINZA, DE 1/2\", PARA INSTALACOES APARENTES (NBR 5410)","M     ","CR","6,66",null,6.66,"Sinapi 39254"]
[39255,"ELETRODUTO/CONDULETE DE PVC RIGIDO, LISO, COR CINZA, DE 1\", PARA INSTALACOES APARENTES (NBR 5410)","M     ","CR","12,33",null,12.33,"Sinapi 39255"]
[39253,"ELETRODUTO/CONDULETE DE PVC RIGIDO, LISO, COR CINZA, DE 3/4\", PARA INSTALACOES APARENTES (NBR 5410)","M     ","CR","8,49",null,8.49,"Sinapi 39253"]
[2446,"ELETRODUTO/DUTO PEAD FLEXIVEL PAREDE SIMPLES, CORRUGACAO HELICOIDAL, COR PRETA, SEM ROSCA, DE 2\",  PARA CABEAMENTO SUBTERRANEO (NBR 15715)","M     ","AS","5,19",null,5.19,"Sinapi 2446"]
[2442,"ELETRODUTO/DUTO PEAD FLEXIVEL PAREDE SIMPLES, CORRUGACAO HELICOIDAL, COR PRETA, SEM ROSCA, DE 3\",  PARA CABEAMENTO SUBTERRANEO (NBR 15715)","M     ","AS","7,27",null,7.27,"Sinapi 2442"]
[39246,"ELETRODUTODUTO PEAD FLEXIVEL PAREDE SIMPLES, CORRUGACAO HELICOIDAL, COR PRETA, SEM ROSCA, DE 1 1/2\",  PARA CABEAMENTO SUBTERRANEO (NBR 15715)","M     ","AS","3,61",null,{"$f":"IF(E2057=\"\",\"\",E2057+0)","v":3.61},{"$f":"IF(G2057=\"\",\"\",CONCATENATE(\"Sinapi \",A2057))","v":"Sinapi 39246"}]
[39247,"ELETRODUTODUTO PEAD FLEXIVEL PAREDE SIMPLES, CORRUGACAO HELICOIDAL, COR PRETA, SEM ROSCA, DE 1 1/4\",  PARA CABEAMENTO SUBTERRANEO (NBR 15715)","M     ","AS","3,15",null,3.15,"Sinapi 39247"]
[39248,"ELETRODUTODUTO PEAD FLEXIVEL PAREDE SIMPLES, CORRUGACAO HELICOIDAL, COR PRETA, SEM ROSCA, DE 4\",  PARA CABEAMENTO SUBTERRANEO (NBR 15715)","M     ","AS","10,13",null,10.130000000000001,"Sinapi 39248"]
[2438,"ELETROTECNICO","H     ","CR","24,31",null,24.31,"Sinapi 2438"]
[40922,"ELETROTECNICO (MENSALISTA)","MES   ","CR","4.335,71",null,4335.71,"Sinapi 40922"]
[36486,"ELEVADOR DE CARGA A CABO, CABINE SEMI FECHADA 2,0 X 1,5 X 2,0 M, CAPACIDADE DE CARGA 1000 KG, TORRE  2,38 X 2,21 X 15 M, GUINCHO DE EMBREAGEM, FREIO DE SEGURANCA, LIMITADOR DE VELOCIDADE E CANCELA","UN    ","AS","36.823,49",null,36823.49,"Sinapi 36486"]
[37777,"ELEVADOR DE CREMALHEIRA CABINE FECHADA 1,5 X 2,5 X 2,35 M (UMA POR TORRE), CAPACIDADE DE CARGA 1200 KG (15 PESSOAS), TORRE  24 M (16 MODULOS), FREIO DE SEGURANCA, LIMITADOR DE CARGA","UN    ","AS","173.364,31",null,173364.31,"Sinapi 37777"]
[12624,"EMENDA PARA CALHA PLUVIAL, PVC, DIAMETRO ENTRE 119 E 170 MM, PARA DRENAGEM PREDIAL","UN    ","AS","8,99",null,8.99,"Sinapi 12624"]
[10638,"EMPILHADEIRA SOBRE PNEUS COM TORRE DE TRES ESTAGIOS, 4,70M DE ELEVACAO, C/ DESLOCADOR LATERAL DOS GARFOS, MOTOR GLP 4.3L, CAPACIDADE NOMINAL DE CARGA DE 6T","UN    ","AS","323.092,78",null,323092.78000000003,"Sinapi 10638"]
[10635,"EMPILHADEIRA SOBRE PNEUS COM TORRE DE TRES ESTAGIOS, 4,80M DE ELEVACAO, C/ DESLOCADOR LATERAL DOS GARFOS, MOTOR GLP 2.2L, CAPACIDADE NOMINAL DE CARGA DE 3T","UN    ","AS","111.677,29",null,111677.29,"Sinapi 10635"]
[10634,"EMPILHADEIRA SOBRE PNEUS COM TORRE DE TRES ESTAGIOS, 4,80M DE ELEVACAO, C/ DESLOCADOR LATERAL DOS GARFOS, MOTOR GLP 2.4L, CAPACIDADE NOMINAL DE CARGA DE 2,5T","UN    ","AS","95.630,00",null,95630,"Sinapi 10634"]
[10636,"EMPILHADEIRA SOBRE PNEUS COM TORRE DE TRES ESTAGIOS, 4,80M DE ELEVACAO, C/ DESLOCADOR LATERAL DOS GARFOS, MOTOR GLP 4.3L, CAPACIDADE NOMINAL DE CARGA DE 4T","UN    ","AS","210.600,67",null,210600.67,"Sinapi 10636"]
[10637,"EMPILHADEIRA SOBRE PNEUS COM TORRE DE TRES ESTAGIOS, 4,80M DE ELEVACAO, C/ DESLOCADOR LATERAL DOS GARFOS, MOTOR GLP 4.3L, CAPACIDADE NOMINAL DE CARGA DE 5T","UN    ","AS","220.290,53",null,220290.53,"Sinapi 10637"]
[517,"EMULSAO ASFALTICA ANIONICA","L     ","AS","8,26",null,8.26,"Sinapi 517"]
[41904,"EMULSAO ASFALTICA CATIONICA RL-1C PARA USO EM PAVIMENTACAO ASFALTICA (COLETADO CAIXA NA ANP ACRESCIDO DE ICMS)","T     ","AS","2.448,40",null,2448.4,"Sinapi 41904"]
[41905,"EMULSAO ASFALTICA CATIONICA RR-1C PARA USO EM PAVIMENTACAO ASFALTICA (COLETADO CAIXA NA ANP ACRESCIDO DE ICMS)","KG    ","AS","2,19",null,2.19,"Sinapi 41905"]
[41903,"EMULSAO ASFALTICA CATIONICA RR-2C PARA USO EM PAVIMENTACAO ASFALTICA (COLETADO CAIXA NA ANP ACRESCIDO DE ICMS)","KG    ","AS","2,62",null,2.62,"Sinapi 41903"]
[37534,"EMULSAO EXPLOSIVA EM CARTUCHOS DE 1\" X 12\", DENSIDADE 1.15 G/CM3, INICIACAO ESPOLETA N. 8 / CORDEL","KG    ","AS","15,19",null,15.19,"Sinapi 37534"]
[37535,"EMULSAO EXPLOSIVA EM CARTUCHOS DE 1\" X 24\", DENSIDADE 1.15 G/CM3, INICIACAO ESPOLETA N. 8 / CORDEL","KG    ","AS","15,19",null,15.19,"Sinapi 37535"]
[37533,"EMULSAO EXPLOSIVA EM CARTUCHOS DE 1\" X 8\", DENSIDADE 1.15 G/CM3, INICIACAO ESPOLETA N. 8 / CORDEL","KG    ","AS","15,19",null,15.19,"Sinapi 37533"]
[37537,"EMULSAO EXPLOSIVA EM CARTUCHOS DE 2 1/2\" X 24\", DENSIDADE 1.15 G/CM3, INICIACAO ESPOLETA N. 8 / CORDEL","KG    ","AS","11,50",null,11.5,"Sinapi 37537"]
[37536,"EMULSAO EXPLOSIVA EM CARTUCHOS DE 2 1/4\" X 24\", DENSIDADE 1.15 G/CM3, INICIACAO ESPOLETA N. 8 / CORDEL","KG    ","AS","11,50",null,11.5,"Sinapi 37536"]
[37532,"EMULSAO EXPLOSIVA EM CARTUCHOS DE 2\" X 24\", DENSIDADE 1.15 G/CM3, INICIACAO ESPOLETA N. 8 / CORDEL","KG    ","AS","11,50",null,11.5,"Sinapi 37532"]
[2696,"ENCANADOR OU BOMBEIRO HIDRAULICO","H     ","C ","16,48",null,16.48,"Sinapi 2696"]
[40928,"ENCANADOR OU BOMBEIRO HIDRAULICO (MENSALISTA)","MES   ","CR","2.939,34",null,2939.34,"Sinapi 40928"]
[4083,"ENCARREGADO GERAL DE OBRAS","H     ","C ","16,48",null,16.48,"Sinapi 4083"]
[40818,"ENCARREGADO GERAL DE OBRAS (MENSALISTA)","MES   ","CR","2.939,34",null,2939.34,"Sinapi 40818"]
[43146,"ENDURECEDOR MINERAL DE BASE CIMENTICIA PARA PISO DE CONCRETO","KG    ","CR","6,40",null,6.4,"Sinapi 43146"]
[2705,"ENERGIA ELETRICA ATE 2000 KWH INDUSTRIAL, SEM DEMANDA","KW/H  ","CR","0,62",null,0.62,"Sinapi 2705"]
[14250,"ENERGIA ELETRICA COMERCIAL, BAIXA TENSAO, RELATIVA AO CONSUMO DE ATE 100 KWH, INCLUINDO ICMS, PIS/PASEP E COFINS","KW/H  ","C ","0,63",null,0.63,"Sinapi 14250"]
[11683,"ENGATE / RABICHO FLEXIVEL INOX 1/2 \" X 30 CM","UN    ","CR","23,42",null,23.42,"Sinapi 11683"]
[11684,"ENGATE / RABICHO FLEXIVEL INOX 1/2 \" X 40 CM","UN    ","CR","25,64",null,25.64,"Sinapi 11684"]
[6141,"ENGATE/RABICHO FLEXIVEL PLASTICO (PVC OU ABS) BRANCO 1/2 \" X 30 CM","UN    ","CR","3,11",null,3.11,"Sinapi 6141"]
[11681,"ENGATE/RABICHO FLEXIVEL PLASTICO (PVC OU ABS) BRANCO 1/2 \" X 40 CM","UN    ","CR","3,95",null,3.95,"Sinapi 11681"]
[2706,"ENGENHEIRO CIVIL DE OBRA JUNIOR","H     ","C ","82,44",null,82.44,"Sinapi 2706"]
[40811,"ENGENHEIRO CIVIL DE OBRA JUNIOR (MENSALISTA)","MES   ","CR","14.700,53",null,14700.53,"Sinapi 40811"]
[2707,"ENGENHEIRO CIVIL DE OBRA PLENO","H     ","CR","93,81",null,93.81,"Sinapi 2707"]
[40813,"ENGENHEIRO CIVIL DE OBRA PLENO (MENSALISTA)","MES   ","CR","16.732,24",null,16732.240000000002,"Sinapi 40813"]
[2708,"ENGENHEIRO CIVIL DE OBRA SENIOR","H     ","CR","128,26",null,128.26,"Sinapi 2708"]
[40814,"ENGENHEIRO CIVIL DE OBRA SENIOR (MENSALISTA)","MES   ","CR","22.872,51",null,22872.51,"Sinapi 40814"]
[34779,"ENGENHEIRO CIVIL JUNIOR","H     ","CR","83,64",null,83.64,"Sinapi 34779"]
[40936,"ENGENHEIRO CIVIL JUNIOR (MENSALISTA)","MES   ","CR","14.914,98",null,14914.98,"Sinapi 40936"]
[34780,"ENGENHEIRO CIVIL PLENO","H     ","CR","94,35",null,94.35,"Sinapi 34780"]
[40937,"ENGENHEIRO CIVIL PLENO (MENSALISTA)","MES   ","CR","16.827,04",null,16827.04,"Sinapi 40937"]
[34782,"ENGENHEIRO CIVIL SENIOR","H     ","CR","129,31",null,129.31,"Sinapi 34782"]
[40938,"ENGENHEIRO CIVIL SENIOR (MENSALISTA)","MES   ","CR","23.059,87",null,23059.87,"Sinapi 40938"]
[34783,"ENGENHEIRO ELETRICISTA","H     ","CR","96,74",null,96.74,"Sinapi 34783"]
[40939,"ENGENHEIRO ELETRICISTA (MENSALISTA)","MES   ","CR","17.251,33",null,17251.330000000002,"Sinapi 40939"]
[34785,"ENGENHEIRO SANITARISTA","H     ","CR","91,33",null,91.33,"Sinapi 34785"]
[40940,"ENGENHEIRO SANITARISTA (MENSALISTA)","MES   ","CR","16.290,05",null,16290.05,"Sinapi 40940"]
[38403,"ENXADA ESTREITA *25 X 23* CM COM CABO","UN    ","CR","30,50",null,30.5,"Sinapi 38403"]
[43482,"EPI - FAMILIA ALMOXARIFE - HORISTA (ENCARGOS COMPLEMENTARES - COLETADO CAIXA)","H     ","C ","0,61",null,0.61,"Sinapi 43482"]
[43494,"EPI - FAMILIA ALMOXARIFE - MENSALISTA (ENCARGOS COMPLEMENTARES - COLETADO CAIXA)","MES   ","C ","114,12",null,114.12,"Sinapi 43494"]
[43483,"EPI - FAMILIA CARPINTEIRO DE FORMAS - HORISTA (ENCARGOS COMPLEMENTARES - COLETADO CAIXA)","H     ","C ","1,08",null,1.08,"Sinapi 43483"]
[43495,"EPI - FAMILIA CARPINTEIRO DE FORMAS - MENSALISTA (ENCARGOS COMPLEMENTARES - COLETADO CAIXA)","MES   ","C ","203,86",null,203.86,"Sinapi 43495"]
[43484,"EPI - FAMILIA ELETRICISTA - HORISTA (ENCARGOS COMPLEMENTARES - COLETADO CAIXA)","H     ","C ","0,93",null,0.93,"Sinapi 43484"]
[43496,"EPI - FAMILIA ELETRICISTA - MENSALISTA (ENCARGOS COMPLEMENTARES - COLETADO CAIXA)","MES   ","C ","175,10",null,175.1,"Sinapi 43496"]
[43485,"EPI - FAMILIA ENCANADOR - HORISTA (ENCARGOS COMPLEMENTARES - COLETADO CAIXA)","H     ","C ","0,83",null,0.83,"Sinapi 43485"]
[43497,"EPI - FAMILIA ENCANADOR - MENSALISTA (ENCARGOS COMPLEMENTARES - COLETADO CAIXA)","MES   ","C ","156,65",null,156.65,"Sinapi 43497"]
[43487,"EPI - FAMILIA ENCARREGADO GERAL - HORISTA (ENCARGOS COMPLEMENTARES - COLETADO CAIXA)","H     ","C ","0,95",null,0.95,"Sinapi 43487"]
[43499,"EPI - FAMILIA ENCARREGADO GERAL - MENSALISTA (ENCARGOS COMPLEMENTARES - COLETADO CAIXA)","MES   ","C ","179,44",null,179.44,"Sinapi 43499"]
[43486,"EPI - FAMILIA ENGENHEIRO CIVIL - HORISTA (ENCARGOS COMPLEMENTARES - COLETADO CAIXA)","H     ","C ","0,57",null,0.56999999999999995,"Sinapi 43486"]
[43498,"EPI - FAMILIA ENGENHEIRO CIVIL - MENSALISTA (ENCARGOS COMPLEMENTARES - COLETADO CAIXA)","MES   ","C ","108,24",null,108.24,"Sinapi 43498"]
[43488,"EPI - FAMILIA OPERADOR ESCAVADEIRA - HORISTA (ENCARGOS COMPLEMENTARES - COLETADO CAIXA)","H     ","C ","0,66",null,0.66,"Sinapi 43488"]
[43500,"EPI - FAMILIA OPERADOR ESCAVADEIRA - MENSALISTA (ENCARGOS COMPLEMENTARES - COLETADO CAIXA)","MES   ","C ","125,38",null,{"$f":"IF(E2121=\"\",\"\",E2121+0)","v":125.38},{"$f":"IF(G2121=\"\",\"\",CONCATENATE(\"Sinapi \",A2121))","v":"Sinapi 43500"}]
[43489,"EPI - FAMILIA PEDREIRO - HORISTA (ENCARGOS COMPLEMENTARES - COLETADO CAIXA)","H     ","C ","0,96",null,0.96,"Sinapi 43489"]
[43501,"EPI - FAMILIA PEDREIRO - MENSALISTA (ENCARGOS COMPLEMENTARES - COLETADO CAIXA)","MES   ","C ","181,88",null,181.88,"Sinapi 43501"]
[43490,"EPI - FAMILIA PINTOR - HORISTA (ENCARGOS COMPLEMENTARES - COLETADO CAIXA)","H     ","C ","1,46",null,1.46,"Sinapi 43490"]
[43502,"EPI - FAMILIA PINTOR - MENSALISTA (ENCARGOS COMPLEMENTARES - COLETADO CAIXA)","MES   ","C ","275,92",null,275.92,"Sinapi 43502"]
[43491,"EPI - FAMILIA SERVENTE - HORISTA (ENCARGOS COMPLEMENTARES - COLETADO CAIXA)","H     ","C ","1,02",null,1.02,"Sinapi 43491"]
[43503,"EPI - FAMILIA SERVENTE - MENSALISTA (ENCARGOS COMPLEMENTARES - COLETADO CAIXA)","MES   ","C ","192,76",null,192.76,"Sinapi 43503"]
[43492,"EPI - FAMILIA SOLDADOR - HORISTA (ENCARGOS COMPLEMENTARES - COLETADO CAIXA)","H     ","C ","1,36",null,1.36,"Sinapi 43492"]
[43504,"EPI - FAMILIA SOLDADOR - MENSALISTA (ENCARGOS COMPLEMENTARES - COLETADO CAIXA)","MES   ","C ","255,78",null,255.78,"Sinapi 43504"]
[43493,"EPI - FAMILIA TOPOGRAFO - HORISTA (ENCARGOS COMPLEMENTARES - COLETADO CAIXA)","H     ","C ","0,54",null,0.54,"Sinapi 43493"]
[43505,"EPI - FAMILIA TOPOGRAFO - MENSALISTA (ENCARGOS COMPLEMENTARES - COLETADO CAIXA)","MES   ","C ","102,76",null,102.76,"Sinapi 43505"]
[37774,"EQUIPAMENTO DE LIMPEZA COMBINADO (VACUO/ALTA PRESSAO) 95% VACUO, TANQUE 7000 L, BOMBA 140 KGF/CM2 66 L/MIN COM MOTOR INDEPENDENTE A DIESEL DE 60 CV (INCLUI MONTAGEM, NAO INCLUI CAMINHAO)","UN    ","AS","188.694,18",null,188694.18,"Sinapi 37774"]
[38630,"EQUIPAMENTO PARA DEMARCACAO DE FAIXAS DE TRAFEGO A FRIO, A SER MONTADO SOBRE CAMINHAO DE PBT MINIMO DE 9 T E DISTANCIA MINIMA ENTRE EIXOS DE 4,3 M, CAPACIDADE PARA 800 L DE TINTA (INCLUI MONTAGEM, NAO INCLUI CAMINHAO)","UN    ","AS","972.265,62",null,972265.62,"Sinapi 38630"]
[38629,"EQUIPAMENTO PARA DEMARCACAO DE FAIXAS DE TRAFEGO A QUENTE, A SER MONTADO SOBRE CAMINHAO DE PBT MINIMO DE 17 T E DISTANCIA MINIMA ENTRE EIXOS DE 5,2 M, CAPACIDADE PARA 1.000 KG DE MATERIAL TERMOPLASTICO (INCLUI MONTAGEM, NAO INCLUI CAMINHAO E NEM COMPRESSOR DE AR)","UN    ","AS","1.447.265,62",null,1447265.62,"Sinapi 38629"]
[38476,"ESCADA DUPLA DE ABRIR EM ALUMINIO, MODELO PINTOR, 8 DEGRAUS","UN    ","CR","229,26",null,229.26,"Sinapi 38476"]
[38477,"ESCADA EXTENSIVEL EM ALUMINIO COM 6,00 M ESTENDIDA","UN    ","CR","649,28",null,649.28,"Sinapi 38477"]
[40635,"ESCAVADEIRA HIDRAULICA SOBRE ESTEIRA, COM GARRA GIRATORIA DE MANDIBULAS, PESO OPERACIONAL ENTRE 22,00 E 25,50 TON, POTENCIA LIQUIDA ENTRE 150 E 160 HP","UN    ","AS","485.006,48",null,485006.48,"Sinapi 40635"]
[36483,"ESCAVADEIRA HIDRAULICA SOBRE ESTEIRAS CACAMBA 0,40 A 1,20 M3, PESO OPERACIONAL 21,19 T, POTENCIA LIQUIDA 173 HP","UN    ","AS","439.493,56",null,439493.56,"Sinapi 36483"]
[14525,"ESCAVADEIRA HIDRAULICA SOBRE ESTEIRAS COM CACAMBA DE 1,20 M3, PESO OPERACIONAL 21 T, POTENCIA BRUTA 155 HP","UN    ","AS","460.175,61",null,460175.61,"Sinapi 14525"]
[36482,"ESCAVADEIRA HIDRAULICA SOBRE ESTEIRAS, CACAMBA  0,80 M3, PESO OPERACIONAL 17,8 T, POTENCIA LIQUIDA 110 HP","UN    ","AS","394.664,68",null,394664.68,"Sinapi 36482"]
[36408,"ESCAVADEIRA HIDRAULICA SOBRE ESTEIRAS, CACAMBA 0,4 A 1,70 M3, PESO OPERACIONAL 23,2 T, POTENCIA BRUTA 183 HP","UN    ","AS","471.550,74",null,471550.74,"Sinapi 36408"]
[2723,"ESCAVADEIRA HIDRAULICA SOBRE ESTEIRAS, CACAMBA 0,62M3, PESO OPERACIONAL 12,61T, POTENCIA LIQUIDA 95HP","UN    ","AS","361.935,87",null,361935.87,"Sinapi 2723"]
[36481,"ESCAVADEIRA HIDRAULICA SOBRE ESTEIRAS, CACAMBA 0,80 A 1,30 M3, PESO OPERACIONAL 22,18 T, POTENCIA LIQUIDA 170 HP","UN    ","AS","431.737,79",null,431737.79,"Sinapi 36481"]
[10685,"ESCAVADEIRA HIDRAULICA SOBRE ESTEIRAS, CACAMBA 0,80M3, PESO OPERACIONAL 17T, POTENCIA BRUTA 111HP","UN    ","AS","413.641,00",null,413641,"Sinapi 10685"]
[40636,"ESCAVADEIRA HIDRAULICA SOBRE ESTEIRAS, CAPACIDADE DA CACAMBA ENTRE 1,20 E 1,50 M3, PESO OPERACIONAL ENTRE 20,00 E 22,00 TON, POTENCIA LIQUIDA ENTRE 150 E 155 HP, EQUIPADA COM CLAMSHELL","UN    ","AS","466.909,68",null,466909.68,"Sinapi 40636"]
[4111,"ESCORA PRE-MOLDADA EM CONCRETO, *10 X 10* CM, H = 2,30M","UN    ","CR","35,11",null,35.11,"Sinapi 4111"]
[26021,"ESCOVA CIRCULAR EM ACO LATONADO, 6 X 1 \" (DIAMETRO X ESPESSURA), FURO DE 1 1/4 \", FIO ONDULADO *0,30* MM","UN    ","CR","75,33",null,75.33,"Sinapi 26021"]
[12,"ESCOVA DE ACO, COM CABO, *4  X 15* FILEIRAS DE CERDAS","UN    ","C ","9,90",null,9.9,"Sinapi 12"]
[37554,"ESGUICHO JATO REGULAVEL, TIPO ELKHART, ENGATE RAPIDO 1 1/2\", PARA COMBATE A INCENDIO","UN    ","CR","117,43",null,117.43,"Sinapi 37554"]
[37555,"ESGUICHO JATO REGULAVEL, TIPO ELKHART, ENGATE RAPIDO 2 1/2\", PARA COMBATE A INCENDIO","UN    ","CR","142,85",null,142.85,"Sinapi 37555"]
[10902,"ESGUICHO TIPO JATO SOLIDO, EM LATAO, ENGATE RAPIDO 1 1/2\" X 13 MM, PARA MANGUEIRA EM INSTALACAO PREDIAL COMBATE A INCENDIO","UN    ","CR","35,84",null,35.840000000000003,"Sinapi 10902"]
[20965,"ESGUICHO TIPO JATO SOLIDO, EM LATAO, ENGATE RAPIDO 1 1/2\" X 16 MM, PARA MANGUEIRA EM INSTALACAO PREDIAL COMBATE A INCENDIO","UN    ","CR","36,18",null,36.18,"Sinapi 20965"]
[20966,"ESGUICHO TIPO JATO SOLIDO, EM LATAO, ENGATE RAPIDO 1 1/2\" X 19 MM, PARA MANGUEIRA EM INSTALACAO PREDIAL COMBATE A INCENDIO","UN    ","CR","38,95",null,38.950000000000003,"Sinapi 20966"]
[10903,"ESGUICHO TIPO JATO SOLIDO, EM LATAO, ENGATE RAPIDO 2 1/2\" X 13 MM, PARA MANGUEIRA EM INSTALACAO PREDIAL COMBATE A INCENDIO","UN    ","CR","59,04",null,59.04,"Sinapi 10903"]
[20967,"ESGUICHO TIPO JATO SOLIDO, EM LATAO, ENGATE RAPIDO 2 1/2\" X 16 MM, PARA MANGUEIRA EM INSTALACAO PREDIAL COMBATE A INCENDIO","UN    ","CR","59,04",null,59.04,"Sinapi 20967"]
[20968,"ESGUICHO TIPO JATO SOLIDO, EM LATAO, ENGATE RAPIDO 2 1/2\" X 19 MM, PARA MANGUEIRA EM INSTALACAO PREDIAL COMBATE A INCENDIO","UN    ","CR","64,76",null,64.760000000000005,"Sinapi 20968"]
[11359,"ESMERILHADEIRA ANGULAR ELETRICA, DIAMETRO DO DISCO 7 '' (180 MM), ROTACAO 8500 RPM, POTENCIA 2400 W","UN    ","C ","592,40",null,592.4,"Sinapi 11359"]
[39017,"ESPACADOR / DISTANCIADOR CIRCULAR COM ENTRADA LATERAL, EM PLASTICO, PARA VERGALHAO *4,2 A 12,5* MM, COBRIMENTO 20 MM","UN    ","AS","0,14",null,0.14000000000000001,"Sinapi 39017"]
[39315,"ESPACADOR / DISTANCIADOR TIPO GARRA DUPLA, EM PLASTICO, COBRIMENTO *20* MM, PARA FERRAGENS DE LAJES E FUNDO DE VIGAS","UN    ","AS","0,23",null,0.23,"Sinapi 39315"]
[39016,"ESPACADOR / DISTANCIADOR TIPO PINO EM PLASTICO, PARA VERGALHAO ATE 10 MM, PARA APOIO DE ARMADURA","UN    ","AS","0,23",null,0.23,"Sinapi 39016"]
[40432,"ESPACADOR / SEPARADOR DE BARRA , METALICO, TIPO CARAMBOLA, PARA TIRANTES, 25 X 84 MM","UN    ","AS","1,82",null,1.82,"Sinapi 40432"]
[39481,"ESPACADOR OU DISTANCIADOR, EM PLASTICO, TIPO APOIO DE CORDOALHA (CARANGUEJO), PARA ARMADURA NEGATIVA E PROTENSAO, COBRIMENTO 50 MM","UN    ","AS","1,15",null,1.1499999999999999,"Sinapi 39481"]
[40433,"ESPACADOR/SEPARADOR DE CORDOALHA TIPO DISCO 12 FUROS DE 14 MM, PARA TIRANTES","UN    ","AS","1,01",null,1.01,"Sinapi 40433"]
[20219,"ESPARGIDOR DE ASFALTO PRESSURIZADO, REBOCAVEL, TANQUE DE 2500 L, PNEUMATICO,  COM MOTOR A GASOLINA 3,4HP","UN    ","AS","74.000,00",null,74000,"Sinapi 20219"]
[36484,"ESPARGIDOR DE ASFALTO PRESSURIZADO, TANQUE 6 M3 COM ISOLACAO TERMICA, AQUECIDO COM 2 MACARICOS, COM BARRA ESPARGIDORA 3,60 M, A SER MONTADO SOBRE CAMINHAO","UN    ","AS","157.088,52",null,157088.51999999999,"Sinapi 36484"]
[38367,"ESPATULA DE ACO INOX COM CABO DE MADEIRA, LARGURA 8 CM","UN    ","CR","12,32",null,12.32,"Sinapi 38367"]
[38368,"ESPATULA DE PLASTICO LISA, LARGURA 10 CM","UN    ","CR","6,16",null,6.16,"Sinapi 38368"]
[38091,"ESPELHO / PLACA CEGA 4\" X 2\", PARA INSTALACAO DE TOMADAS E INTERRUPTORES","UN    ","CR","2,24",null,2.2400000000000002,"Sinapi 38091"]
[38095,"ESPELHO / PLACA CEGA 4\" X 4\", PARA INSTALACAO DE TOMADAS E INTERRUPTORES","UN    ","CR","4,74",null,4.74,"Sinapi 38095"]
[38092,"ESPELHO / PLACA DE 1 POSTO 4\" X 2\", PARA INSTALACAO DE TOMADAS E INTERRUPTORES","UN    ","CR","2,12",null,2.12,"Sinapi 38092"]
[38093,"ESPELHO / PLACA DE 2 POSTOS 4\" X 2\", PARA INSTALACAO DE TOMADAS E INTERRUPTORES","UN    ","CR","2,20",null,2.2000000000000002,"Sinapi 38093"]
[38096,"ESPELHO / PLACA DE 2 POSTOS 4\" X 4\", PARA INSTALACAO DE TOMADAS E INTERRUPTORES","UN    ","CR","5,10",null,5.0999999999999996,"Sinapi 38096"]
[38094,"ESPELHO / PLACA DE 3 POSTOS 4\" X 2\", PARA INSTALACAO DE TOMADAS E INTERRUPTORES","UN    ","CR","2,69",null,2.69,"Sinapi 38094"]
[38097,"ESPELHO / PLACA DE 4 POSTOS 4\" X 4\", PARA INSTALACAO DE TOMADAS E INTERRUPTORES","UN    ","CR","5,47",null,5.47,"Sinapi 38097"]
[38098,"ESPELHO / PLACA DE 6 POSTOS 4\" X 4\", PARA INSTALACAO DE TOMADAS E INTERRUPTORES","UN    ","CR","5,47",null,5.47,"Sinapi 38098"]
[11186,"ESPELHO CRISTAL E = 4 MM","M2    ","CR","269,46",null,269.45999999999998,"Sinapi 11186"]
[11558,"ESPELHO, RETO OU CURVO, EM LATAO CROMADO, ESPESSURA ATE 6 MM, LARGURA *40*MM, ALTURA *180*MM - PARA FECHADURA DE EMBUTIR","PAR   ","CR","10,32",null,10.32,"Sinapi 11558"]
[11557,"ESPELHO, RETO OU CURVO, EM LATAO CROMADO, ESPESSURA MINIMA 6 MM, LARGURA *43*MM, ALTURA *230*MM - PARA FECHADURA DE EMBUTIR","PAR   ","CR","26,13",null,26.13,"Sinapi 11557"]
[2759,"ESPOLETA SIMPLES N 8.","UN    ","AS","5,50",null,5.5,"Sinapi 2759"]
[38124,"ESPUMA EXPANSIVA DE POLIURETANO, APLICACAO MANUAL - 500 ML","UN    ","C ","23,15",null,23.15,"Sinapi 38124"]
[38380,"ESQUADRO DE ACO 12 \" (300 MM), CABO DE ALUMINIO","UN    ","CR","19,57",null,19.57,"Sinapi 38380"]
[20059,"ESQUADRO INTERNO OU EXTERNO PARA CALHA PLUVIAL, PVC, DIAMETRO ENTRE 119 E 170 MM, PARA DRENAGEM PREDIAL","UN    ","AS","12,75",null,12.75,"Sinapi 20059"]
[42429,"ESQUI TRIPLO, EM TUBO DE ACO CARBONO, PINTURA NO PROCESSO ELETROSTATICO - EQUIPAMENTO DE GINASTICA PARA ACADEMIA AO AR LIVRE / ACADEMIA DA TERCEIRA IDADE - ATI","UN    ","AS","3.422,44",null,3422.44,"Sinapi 42429"]
[38538,"ESTACA PRE-MOLDADA MACICA DE CONCRETO VIBRADO ARMADO, PARA CARGA DE 25 T, SECAO QUADRADA DE *16 X 16*, COM ANEL METALICO INCORPORADO A PECA (SOMENTE FORNECIMENTO)","M     ","AS","38,35",null,38.35,"Sinapi 38538"]
[38539,"ESTACA PRE-MOLDADA MACICA DE CONCRETO VIBRADO ARMADO, PARA CARGA DE 50 T, SECAO QUADRADA, COM ANEL METALICO INCORPORADO A PECA (SOMENTE FORNECIMENTO)","M     ","AS","52,15",null,{"$f":"IF(E2185=\"\",\"\",E2185+0)","v":52.15},{"$f":"IF(G2185=\"\",\"\",CONCATENATE(\"Sinapi \",A2185))","v":"Sinapi 38539"}]
[38540,"ESTACA PRE-MOLDADA VAZADA DE CONCRETO CENTRIFUGADO, PARA CARGA DE 100 T, SECAO CIRCULAR, COM ANEL METALICO INCORPORADO A PECA (SOMENTE FORNECIMENTO)","M     ","AS","133,65",null,133.65,"Sinapi 38540"]
[38384,"ESTILETE DE METAL, LAMINA 18 MM","UN    ","CR","15,97",null,15.97,"Sinapi 38384"]
[13,"ESTOPA","KG    ","CR","15,24",null,15.24,"Sinapi 13"]
[2762,"ESTOPIM SIMPLES","M     ","AS","6,87",null,6.87,"Sinapi 2762"]
[21142,"ESTRIBO COM PARAFUSO EM CHAPA DE FERRO FUNDIDO DE 2\" X 3/16\" X 35 CM, SECAO \"U\", PARA MADEIRAMENTO DE TELHADO","UN    ","CR","19,32",null,19.32,"Sinapi 21142"]
[12865,"ESTUCADOR","H     ","CR","17,27",null,17.27,"Sinapi 12865"]
[41074,"ESTUCADOR (MENSALISTA)","MES   ","CR","3.083,99",null,3083.99,"Sinapi 41074"]
[4223,"ETANOL","L     ","C ","3,38",null,3.38,"Sinapi 4223"]
[37372,"EXAMES - HORISTA (COLETADO CAIXA)","H     ","C ","0,35",null,0.35,"Sinapi 37372"]
[40863,"EXAMES - MENSALISTA (COLETADO CAIXA)","MES   ","C ","65,94",null,65.94,"Sinapi 40863"]
[38475,"EXTENSAO DE SOLDA 201 ACETILENO, E = *1,5 A 2,5* MM","UN    ","CR","30,09",null,30.09,"Sinapi 38475"]
[38474,"EXTENSAO DE SOLDA 201 GLP, E = *2,5 A 4,0* MM","UN    ","CR","37,20",null,37.200000000000003,"Sinapi 38474"]
[10886,"EXTINTOR DE INCENDIO PORTATIL COM CARGA DE AGUA PRESSURIZADA DE 10 L, CLASSE A","UN    ","CR","150,93",null,150.93,"Sinapi 10886"]
[10888,"EXTINTOR DE INCENDIO PORTATIL COM CARGA DE GAS CARBONICO CO2 DE 4 KG, CLASSE BC","UN    ","CR","477,69",null,477.69,"Sinapi 10888"]
[10889,"EXTINTOR DE INCENDIO PORTATIL COM CARGA DE GAS CARBONICO CO2 DE 6 KG, CLASSE BC","UN    ","CR","517,50",null,517.5,"Sinapi 10889"]
[10890,"EXTINTOR DE INCENDIO PORTATIL COM CARGA DE PO QUIMICO SECO (PQS) DE 12 KG, CLASSE BC","UN    ","CR","238,84",null,238.84,"Sinapi 10890"]
[10891,"EXTINTOR DE INCENDIO PORTATIL COM CARGA DE PO QUIMICO SECO (PQS) DE 4 KG, CLASSE BC","UN    ","CR","145,96",null,145.96,"Sinapi 10891"]
[10892,"EXTINTOR DE INCENDIO PORTATIL COM CARGA DE PO QUIMICO SECO (PQS) DE 6 KG, CLASSE BC","UN    ","C ","172,50",null,172.5,"Sinapi 10892"]
[20977,"EXTINTOR DE INCENDIO PORTATIL COM CARGA DE PO QUIMICO SECO (PQS) DE 8 KG, CLASSE BC","UN    ","CR","205,67",null,205.67,"Sinapi 20977"]
[3073,"EXTREMIDADE PVC PBA, BF, JE, DN 100/ DE 110 MM (NBR 10351)","UN    ","AS","141,79",null,141.79,"Sinapi 3073"]
[3068,"EXTREMIDADE PVC PBA, BF, JE, DN 50 / DE 60 MM (NBR 10351)","UN    ","AS","28,34",null,28.34,"Sinapi 3068"]
[3074,"EXTREMIDADE PVC PBA, BF, JE, DN 75/ DE 85 MM (NBR 10351)","UN    ","AS","89,52",null,89.52,"Sinapi 3074"]
[3076,"EXTREMIDADE PVC PBA, PF, JE, DN 100 / DE 110 MM (NBR 10351)","UN    ","AS","116,57",null,116.57,"Sinapi 3076"]
[3072,"EXTREMIDADE PVC PBA, PF, JE, DN 50/ DE 60 MM (NBR 10351)","UN    ","AS","29,36",null,29.36,"Sinapi 3072"]
[3075,"EXTREMIDADE PVC PBA, PF, JE, DN 75 / DE 85 MM (NBR 10351)","UN    ","AS","73,66",null,73.66,"Sinapi 3075"]
[10780,"EXTREMIDADE/TUBETE PARA HIDROMETRO PVC, COM ROSCA, CURTA, COM BUCHA LATAO, 1/2\"","UN    ","AS","6,22",null,6.22,"Sinapi 10780"]
[10781,"EXTREMIDADE/TUBETE PARA HIDROMETRO PVC, COM ROSCA, CURTA, COM BUCHA LATAO, 3/4\"","UN    ","AS","9,99",null,9.99,"Sinapi 10781"]
[20106,"EXTREMIDADE/TUBETE PARA HIDROMETRO PVC, COM ROSCA, CURTA, SEM BUCHA LATAO, 1/2\"","UN    ","AS","3,29",null,3.29,"Sinapi 20106"]
[20107,"EXTREMIDADE/TUBETE PARA HIDROMETRO PVC, COM ROSCA, CURTA, SEM BUCHA LATAO, 3/4\"","UN    ","AS","3,77",null,3.77,"Sinapi 20107"]
[20108,"EXTREMIDADE/TUBETE PARA HIDROMETRO PVC, COM ROSCA, LONGA, SEM BUCHA LATAO, 1/2\"","UN    ","AS","4,98",null,4.9800000000000004,"Sinapi 20108"]
[20109,"EXTREMIDADE/TUBETE PARA HIDROMETRO PVC, COM ROSCA, LONGA, SEM BUCHA LATAO, 3/4\"","UN    ","AS","6,22",null,6.22,"Sinapi 20109"]
[34795,"FAIXA / FILETE / LISTELO EM CERAMICA, DECORADA, *8 X 30* CM (L X C)","M2    ","CR","272,18",null,272.18,"Sinapi 34795"]
[34796,"FAIXA / FILETE / LISTELO EM CERAMICA, LISO OU CORDAO, BRANCO, *2 X 30* CM (L X C)","M     ","CR","11,95",null,11.95,"Sinapi 34796"]
[11474,"FECHADURA AUXILIAR DE EMBUTIR PARA PORTA DE ARMARIO DE MADEIRA, CROMADA, CHAVE TIPO GORGES, CAIXA COM LINGUETA, CHAPA TESTA E CONTRA CHAPA","UN    ","CR","34,77",null,34.770000000000003,"Sinapi 11474"]
[11470,"FECHADURA AUXILIAR DE EMBUTIR PARA PORTA DE ARMARIO, CROMADA, CAIXA COM CILINDRO REDONDO, CHAPA TESTA E LINGUETA","UN    ","CR","22,78",null,22.78,"Sinapi 11470"]
[11480,"FECHADURA AUXILIAR SEGURANCA, DE EMBUTIR, REFORCADA, MAQUINA DE 40 A 55 MM, COM CILINDRO, CROMADA, PARA PORTA EXTERNA - COMPLETA","CJ    ","CR","56,88",null,56.88,"Sinapi 11480"]
[38154,"FECHADURA AUXILIAR TRAVA DE SEGURANCA SIMPLES, CROMADA, MAQUINA *40* MM, INCLUI CHAVE TETRA E ROSETA REDONDA - COMPLETA","CJ    ","CR","35,61",null,35.61,"Sinapi 38154"]
[11482,"FECHADURA BICO DE PAPAGAIO, MAQUINA *45* MM, CROMADA, COM CHAVE TIPO GORGES BIPARTIDA, PARA PORTA DE CORRER INTERNA - COMPLETA","CJ    ","CR","51,66",null,51.66,"Sinapi 11482"]
[3084,"FECHADURA BICO DE PAPAGAIO, MAQUINA *45* MM, CROMADA, COM CILINDRO, PARA PORTA DE CORRER EXTERNA - COMPLETA","CJ    ","CR","66,42",null,66.42,"Sinapi 3084"]
[3103,"FECHADURA C/ CILINDRO LATAO CROMADO P/ PORTA VIDRO TP AROUCA 2171-L OU EQUIV","UN    ","CR","59,37",null,59.37,"Sinapi 3103"]
[11481,"FECHADURA DE EMBUTIR PARA PORTA DE BANHEIRO, CHAVE TIPO TRANQUETA, MAQUINA 40 MM, SEM MACANETA, SEM ESPELHO (SOMENTE MAQUINA) - NIVEL SEGURANCA MEDIO","UN    ","CR","17,91",null,17.91,"Sinapi 11481"]
[3097,"FECHADURA DE EMBUTIR PARA PORTA DE BANHEIRO, TIPO TRANQUETA, MAQUINA 40 MM, MACANETAS ALAVANCA E ROSETAS REDONDAS EM METAL CROMADO - NIVEL SEGURANCA MEDIO - COMPLETA","CJ    ","CR","36,79",null,36.79,"Sinapi 3097"]
[38153,"FECHADURA DE EMBUTIR PARA PORTA DE BANHEIRO, TIPO TRANQUETA, MAQUINA 40 MM, MACANETAS ALAVANCA, ESPELHO EM METAL CROMADO - NIVEL SEGURANCA MEDIO - COMPLETA","CJ    ","CR","33,74",null,33.74,"Sinapi 38153"]
[3099,"FECHADURA DE EMBUTIR PARA PORTA DE BANHEIRO, TIPO TRANQUETA, MAQUINA 55 MM, MACANETAS ALAVANCA E ROSETAS REDONDAS EM METAL CROMADO - NIVEL SEGURANCA MEDIO - COMPLETA","CJ    ","CR","58,85",null,58.85,"Sinapi 3099"]
[3080,"FECHADURA DE EMBUTIR PARA PORTA EXTERNA / ENTRADA, MAQUINA 40 MM, COM CILINDRO, MACANETA ALAVANCA E ESPELHO EM METAL CROMADO - NIVEL SEGURANCA MEDIO - COMPLETA","CJ    ","C ","49,17",null,49.17,"Sinapi 3080"]
[3081,"FECHADURA DE EMBUTIR PARA PORTA EXTERNA / ENTRADA, MAQUINA 55 MM, COM CILINDRO, MACANETA ALAVANCA E ESPELHO EM METAL CROMADO - NIVEL SEGURANCA MEDIO - COMPLETA","CJ    ","CR","74,42",null,74.42,"Sinapi 3081"]
[38151,"FECHADURA DE EMBUTIR PARA PORTA EXTERNA, MAQUINA 40 MM, COM CILINDRO, MACANETA ALAVANCA E ROSETA REDONDA EM METAL CROMADO - NIVEL DE SEGURANCA MEDIO - COMPLETA","CJ    ","CR","46,59",null,46.59,"Sinapi 38151"]
[11479,"FECHADURA DE EMBUTIR PARA PORTA EXTERNA, MAQUINA 40 MM, SEM MACANETA, SEM ESPELHO (SOMENTE MAQUINA) - NIVEL DE SEGURANCA MEDIO","UN    ","CR","27,09",null,27.09,"Sinapi 11479"]
[38152,"FECHADURA DE EMBUTIR PARA PORTA EXTERNA, MAQUINA 55 MM, COM CILINDRO, MACANETA ALAVANCA E ROSETA REDONDA EM METAL CROMADO - NIVEL DE SEGURANCA MEDIO - COMPLETA","CJ    ","CR","67,42",null,67.42,"Sinapi 38152"]
[11478,"FECHADURA DE EMBUTIR PARA PORTA EXTERNA, MAQUINA 55 MM, SEM ESPELHO, SEM MACANETA (SOMENTE MAQUINA) - NIVEL DE SEGURANCA MEDIO","UN    ","CR","47,52",null,47.52,"Sinapi 11478"]
[3090,"FECHADURA DE EMBUTIR PARA PORTA INTERNA, TIPO GORGES (CHAVE GRANDE), MAQUINA 40 MM, MACANETA ALAVANCA E ESPELHO EM METAL CROMADO - NIVEL SEGURANCA MEDIO - COMPLETA","CJ    ","CR","39,76",null,39.76,"Sinapi 3090"]
[3093,"FECHADURA DE EMBUTIR PARA PORTA INTERNA, TIPO GORGES (CHAVE GRANDE), MAQUINA 55 MM, MACANETAS ALAVANCA E ROSETAS REDONDAS EM METAL CROMADO - NIVEL SEGURANCA MEDIO - COMPLETA","CJ    ","CR","66,07",null,66.069999999999993,"Sinapi 3093"]
[11476,"FECHADURA DE EMBUTIR PARA PORTA INTERNA, TIPO GORGES, MAQUINA 55 MM (SOMENTE MAQUINA, SEM ESPELHO E SEM MACANETA) - NIVEL DE SEGURANCA MEDIO","UN    ","CR","28,47",null,28.47,"Sinapi 11476"]
[3082,"FECHADURA DE SOBREPOR EM FERRO PINTADO, COM MACANETA ALAVANCA, CHAVE GRANDE - COMPLETA","CJ    ","CR","45,99",null,45.99,"Sinapi 3082"]
[11484,"FECHADURA DE SOBREPOR PARA PORTAO, CAIXA *100* MM, COM CILINDRO, CHAVE SIMPLES, TRINCO LATERAL, EM  LATAO OU ACO CROMADO OU POLIDO, COM OU SEM PINTURA - COMPLETA","UN    ","CR","32,81",null,32.81,"Sinapi 11484"]
[38155,"FECHADURA DE SOBREPOR PARA PORTAO, COM CHAVE TETRA, CAIXA *100* MM, TRINCO LATERAL, EM LATAO OU ACO CROMADO, PINTADO - COMPLETA","UN    ","CR","44,73",null,44.73,"Sinapi 38155"]
[11468,"FECHADURA DE SOBREPOR, CROMADA, COM CILINDRO REDONDO, PARA ARMARIO E GAVETA DE MADEIRA, COM PORTA DE APROXIMADAMENTE 20 MM","UN    ","CR","10,04",null,10.039999999999999,"Sinapi 11468"]
[11469,"FECHADURA TRADICIONAL DE EMBUTIR, CROMADA, COM CILINDRO, PARA GAVETAS E MOVEIS DE MADEIRA - COM ABINHAS LATERAIS CURVAS, CHAVES COM PROTECAO PLASTICA","UN    ","CR","11,99",null,11.99,"Sinapi 11469"]
[11477,"FECHADURA TUBULAR CROMADA, MACANETA DIAMETRO *30* MM, CILINDRO CENTRAL COM CHAVE EXTERNA E BOTAO INTERNO, MAQUINA *70* MM - COMPLETA","CJ    ","CR","54,48",null,54.48,"Sinapi 11477"]
[40311,"FECHADURA TUBULAR, ACABAMENTO CROMADO, DISTANCIA DE BROCA 90 MM, CILINDRO CENTRAL COM CHAVE EXTERNA E BOTAO INTERNO, MACANETA FORMATO TULIPA/TACA/BOLA - COMPLETA","CJ    ","CR","52,62",null,52.62,"Sinapi 40311"]
[38165,"FECHO / FECHADURA COM PUXADOR CONCHA, COM TRANCA TIPO TRAVA, PARA JANELA / PORTA DE CORRER (INCLUI TESTA, FECHADURA, PUXADOR) - COMPLETA","CJ    ","CR","49,66",null,49.66,"Sinapi 38165"]
[3096,"FECHO / FECHADURA CONCHA COM ALAVANCA / TRAVA, DE EMBUTIR, PARA PORTA OU JANELA DE CORRER EM LATAO OU ACO INOX - COMPLETO","CJ    ","CR","30,25",null,30.25,"Sinapi 3096"]
[11456,"FECHO / TRINCO / FERROLHO FIO REDONDO, DE SOBREPOR, 12\", EM ACO GALVANIZADO / ZINCADO","UN    ","CR","11,00",null,11,"Sinapi 11456"]
[3119,"FECHO / TRINCO / FERROLHO FIO REDONDO, DE SOBREPOR, 2\", EM ACO GALVANIZADO / ZINCADO","UN    ","CR","1,63",null,{"$f":"IF(E2249=\"\",\"\",E2249+0)","v":1.63},{"$f":"IF(G2249=\"\",\"\",CONCATENATE(\"Sinapi \",A2249))","v":"Sinapi 3119"}]
[3122,"FECHO / TRINCO / FERROLHO FIO REDONDO, DE SOBREPOR, 4\", EM ACO GALVANIZADO / ZINCADO","UN    ","CR","2,30",null,2.2999999999999998,"Sinapi 3122"]
[3121,"FECHO / TRINCO / FERROLHO FIO REDONDO, DE SOBREPOR, 5\", EM ACO GALVANIZADO / ZINCADO","UN    ","CR","3,56",null,3.56,"Sinapi 3121"]
[3120,"FECHO / TRINCO / FERROLHO FIO REDONDO, DE SOBREPOR, 6\", EM ACO GALVANIZADO / ZINCADO","UN    ","CR","5,62",null,5.62,"Sinapi 3120"]
[11455,"FECHO / TRINCO / FERROLHO FIO REDONDO, DE SOBREPOR, 8\", EM ACO GALVANIZADO / ZINCADO","UN    ","CR","7,88",null,7.88,"Sinapi 11455"]
[3111,"FECHO DE EMBUTIR, TIPO UNHA, COMANDO COM ALAVANCA, EM ACO CROMADO, 22 CM, PARA PORTAS E JANELAS - INCLUI PARAFUSOS","UN    ","CR","18,87",null,18.87,"Sinapi 3111"]
[3108,"FECHO DE EMBUTIR, TIPO UNHA, COMANDO COM ALAVANCA, EM LATAO CROMADO, 22 CM, PARA PORTAS E JANELAS - INCLUI PARAFUSOS","UN    ","CR","19,80",null,19.8,"Sinapi 3108"]
[3105,"FECHO DE EMBUTIR, TIPO UNHA, COMANDO COM ALAVANCA, EM LATAO CROMADO, 40 CM, PARA PORTAS E JANELAS - INCLUI PARAFUSOS","UN    ","CR","30,76",null,30.76,"Sinapi 3105"]
[38178,"FECHO DE EMBUTIR, TIPO UNHA, COMANDO DESLIZANTE, COM TRAVA, 120 MM, EM LATAO CROMADO","UN    ","CR","20,11",null,20.11,"Sinapi 38178"]
[11458,"FECHO DE SEGURANCA, TIPO BATOM, EM LATAO / ZAMAC, CROMADO, PARA PORTAS E JANELAS - INCLUI PARAFUSOS","UN    ","CR","17,61",null,17.61,"Sinapi 11458"]
[42481,"FELTRO EM LA DE ROCHA, 1 FACE REVESTIDA COM PAPEL ALUMINIZADO, EM ROLO, DENSIDADE = 32 KG/M3, E=*50* MM (COLETADO CAIXA)","M2    ","AS","21,06",null,21.06,"Sinapi 42481"]
[43458,"FERRAMENTAS - FAMILIA ALMOXARIFE - HORISTA (ENCARGOS COMPLEMENTARES - COLETADO CAIXA)","H     ","C ","0,04",null,0.04,"Sinapi 43458"]
[43470,"FERRAMENTAS - FAMILIA ALMOXARIFE - MENSALISTA (ENCARGOS COMPLEMENTARES - COLETADO CAIXA)","MES   ","C ","7,37",null,7.37,"Sinapi 43470"]
[43459,"FERRAMENTAS - FAMILIA CARPINTEIRO DE FORMAS - HORISTA (ENCARGOS COMPLEMENTARES - COLETADO CAIXA)","H     ","C ","0,34",null,0.34,"Sinapi 43459"]
[43471,"FERRAMENTAS - FAMILIA CARPINTEIRO DE FORMAS - MENSALISTA (ENCARGOS COMPLEMENTARES - COLETADO CAIXA)","MES   ","C ","64,51",null,64.510000000000005,"Sinapi 43471"]
[43460,"FERRAMENTAS - FAMILIA ELETRICISTA - HORISTA (ENCARGOS COMPLEMENTARES - COLETADO CAIXA)","H     ","C ","0,55",null,0.55000000000000004,"Sinapi 43460"]
[43472,"FERRAMENTAS - FAMILIA ELETRICISTA - MENSALISTA (ENCARGOS COMPLEMENTARES - COLETADO CAIXA)","MES   ","C ","103,89",null,103.89,"Sinapi 43472"]
[43461,"FERRAMENTAS - FAMILIA ENCANADOR - HORISTA (ENCARGOS COMPLEMENTARES - COLETADO CAIXA)","H     ","C ","0,24",null,0.24,"Sinapi 43461"]
[43473,"FERRAMENTAS - FAMILIA ENCANADOR - MENSALISTA (ENCARGOS COMPLEMENTARES - COLETADO CAIXA)","MES   ","C ","45,78",null,45.78,"Sinapi 43473"]
[43463,"FERRAMENTAS - FAMILIA ENCARREGADO GERAL - HORISTA (ENCARGOS COMPLEMENTARES - COLETADO CAIXA)","H     ","C ","0,08",null,0.08,"Sinapi 43463"]
[43475,"FERRAMENTAS - FAMILIA ENCARREGADO GERAL - MENSALISTA (ENCARGOS COMPLEMENTARES - COLETADO CAIXA)","MES   ","C ","14,26",null,14.26,"Sinapi 43475"]
[43462,"FERRAMENTAS - FAMILIA ENGENHEIRO CIVIL - HORISTA (ENCARGOS COMPLEMENTARES - COLETADO CAIXA)","H     ","C ","0,01",null,0.01,"Sinapi 43462"]
[43474,"FERRAMENTAS - FAMILIA ENGENHEIRO CIVIL - MENSALISTA (ENCARGOS COMPLEMENTARES - COLETADO CAIXA)","MES   ","C ","1,45",null,1.45,"Sinapi 43474"]
[43464,"FERRAMENTAS - FAMILIA OPERADOR ESCAVADEIRA - HORISTA (ENCARGOS COMPLEMENTARES - COLETADO CAIXA)","H     ","C ","0,01",null,0.01,"Sinapi 43464"]
[43476,"FERRAMENTAS - FAMILIA OPERADOR ESCAVADEIRA - MENSALISTA (ENCARGOS COMPLEMENTARES - COLETADO CAIXA)","MES   ","C ","0,01",null,0.01,"Sinapi 43476"]
[43465,"FERRAMENTAS - FAMILIA PEDREIRO - HORISTA (ENCARGOS COMPLEMENTARES - COLETADO CAIXA)","H     ","C ","0,50",null,0.5,"Sinapi 43465"]
[43477,"FERRAMENTAS - FAMILIA PEDREIRO - MENSALISTA (ENCARGOS COMPLEMENTARES - COLETADO CAIXA)","MES   ","C ","94,89",null,94.89,"Sinapi 43477"]
[43466,"FERRAMENTAS - FAMILIA PINTOR - HORISTA (ENCARGOS COMPLEMENTARES - COLETADO CAIXA)","H     ","C ","1,17",null,1.17,"Sinapi 43466"]
[43478,"FERRAMENTAS - FAMILIA PINTOR - MENSALISTA (ENCARGOS COMPLEMENTARES - COLETADO CAIXA)","MES   ","C ","220,02",null,220.02,"Sinapi 43478"]
[43467,"FERRAMENTAS - FAMILIA SERVENTE - HORISTA (ENCARGOS COMPLEMENTARES - COLETADO CAIXA)","H     ","C ","0,38",null,0.38,"Sinapi 43467"]
[43479,"FERRAMENTAS - FAMILIA SERVENTE - MENSALISTA (ENCARGOS COMPLEMENTARES - COLETADO CAIXA)","MES   ","C ","71,29",null,71.290000000000006,"Sinapi 43479"]
[43468,"FERRAMENTAS - FAMILIA SOLDADOR - HORISTA (ENCARGOS COMPLEMENTARES - COLETADO CAIXA)","H     ","C ","0,84",null,0.84,"Sinapi 43468"]
[43480,"FERRAMENTAS - FAMILIA SOLDADOR - MENSALISTA (ENCARGOS COMPLEMENTARES - COLETADO CAIXA)","MES   ","C ","157,85",null,157.85,"Sinapi 43480"]
[43469,"FERRAMENTAS - FAMILIA TOPOGRAFO - HORISTA (ENCARGOS COMPLEMENTARES - COLETADO CAIXA)","H     ","C ","0,05",null,0.05,"Sinapi 43469"]
[43481,"FERRAMENTAS - FAMILIA TOPOGRAFO - MENSALISTA (ENCARGOS COMPLEMENTARES - COLETADO CAIXA)","MES   ","C ","10,02",null,10.02,"Sinapi 43481"]
[11461,"FERROLHO / FECHO CHATO, DE SOBREPOR, EM FERRO ZINCADO, REFORCADO, 5\", COM PORTA CADEADO, PARA PORTAO, PORTA E JANELA - INCLUI PARAFUSOS","UN    ","CR","4,47",null,4.47,"Sinapi 11461"]
[3106,"FERROLHO / FECHO CHATO, DE SOBREPOR, EM FERRO ZINCADO, REFORCADO, 6\", COM PORTA CADEADO, PARA PORTAO, PORTA E JANELA - INCLUI PARAFUSOS","UN    ","CR","3,39",null,3.39,"Sinapi 3106"]
[3107,"FERROLHO / FECHO CHATO, EM FERRO ZINCADO, LEVE, 3\", COM PORTA CADEADO, PARA PORTAO, PORTA E JANELA - INCLUI PARAFUSOS","UN    ","CR","2,86",null,2.86,"Sinapi 3107"]
[25951,"FERTILIZANTE NPK - 10:10:10","KG    ","CR","2,49",null,2.4900000000000002,"Sinapi 25951"]
[3123,"FERTILIZANTE NPK - 4: 14: 8","KG    ","C ","2,32",null,2.3199999999999998,"Sinapi 3123"]
[38125,"FERTILIZANTE ORGANICO COMPOSTO, CLASSE A","KG    ","CR","0,85",null,0.85,"Sinapi 38125"]
[39014,"FIBRA DE ACO PARA REFORCO DO CONCRETO, SOLTA, TIPO A-I, FATOR DE FORMA *50* L / D, COMPRIMENTO DE *30* MM E RESISTENCIA A TRACAO DO ACO MAIOR 1000 MPA","KG    ","CR","4,73",null,4.7300000000000004,"Sinapi 39014"]
[11894,"FILTRO ANAEROBIO CILINDRICO CONCRETO PRE MOLDADO 1,20 X 1,50 (DIAMETROXALTURA) PARA 4 A 5 CONTRIBUINTES (NBR 13969)","UN    ","CR","691,97",null,691.97,"Sinapi 11894"]
[39365,"FILTRO ANAEROBIO, EM POLIETILENO DE ALTA DENSIDADE (PEAD), CAPACIDADE *1100* LITROS (NBR 13969)","UN    ","CR","885,68",null,885.68,"Sinapi 39365"]
[39366,"FILTRO ANAEROBIO, EM POLIETILENO DE ALTA DENSIDADE (PEAD), CAPACIDADE *2800* LITROS (NBR 13969)","UN    ","CR","2.267,73",null,2267.73,"Sinapi 39366"]
[39367,"FILTRO ANAEROBIO, EM POLIETILENO DE ALTA DENSIDADE (PEAD), CAPACIDADE *5000* LITROS (NBR 13969)","UN    ","CR","3.099,57",null,3099.57,"Sinapi 39367"]
[37394,"FINCAPINO CURTO CALIBRE 22 VERMELHO, CARGA MEDIA (ACAO DIRETA)","CENTO ","AS","29,35",null,29.35,"Sinapi 37394"]
[14146,"FINCAPINO LONGO CALIBRE 22, CARGA FORTE (ACAO DIRETA)","CENTO ","AS","47,20",null,47.2,"Sinapi 14146"]
[38134,"FIO COBRE NU DE 150 A 500 MM2, PARA TENSOES DE ATE 600 V","KG    ","CR","49,00",null,49,"Sinapi 38134"]
[38132,"FIO COBRE NU DE 16 A 35 MM2, PARA TENSOES DE ATE 600 V","KG    ","CR","49,97",null,49.97,"Sinapi 38132"]
[38133,"FIO COBRE NU DE 50 A 120 MM2, PARA TENSOES DE ATE 600 V","KG    ","CR","48,34",null,48.34,"Sinapi 38133"]
[938,"FIO DE COBRE, SOLIDO, CLASSE 1, ISOLACAO EM PVC/A, ANTICHAMA BWF-B, 450/750V, SECAO NOMINAL 1,5 MM2","M     ","CR","0,93",null,0.93,"Sinapi 938"]
[937,"FIO DE COBRE, SOLIDO, CLASSE 1, ISOLACAO EM PVC/A, ANTICHAMA BWF-B, 450/750V, SECAO NOMINAL 10 MM2","M     ","CR","5,79",null,5.79,"Sinapi 937"]
[939,"FIO DE COBRE, SOLIDO, CLASSE 1, ISOLACAO EM PVC/A, ANTICHAMA BWF-B, 450/750V, SECAO NOMINAL 2,5 MM2","M     ","CR","1,50",null,1.5,"Sinapi 939"]
[944,"FIO DE COBRE, SOLIDO, CLASSE 1, ISOLACAO EM PVC/A, ANTICHAMA BWF-B, 450/750V, SECAO NOMINAL 4 MM2","M     ","CR","2,56",null,2.56,"Sinapi 944"]
[940,"FIO DE COBRE, SOLIDO, CLASSE 1, ISOLACAO EM PVC/A, ANTICHAMA BWF-B, 450/750V, SECAO NOMINAL 6 MM2","M     ","CR","3,54",null,3.54,"Sinapi 940"]
[936,"FIO TELEFONICO EXTERNO (FE) EM ACO COBREADO, ISOLACAO EM PEAD OU PVC ANTI-CHAMA, 2 CONDUTORES","M     ","CR","1,28",null,1.28,"Sinapi 936"]
[935,"FIO TELEFONICO INTERNO (FI) EM COBRE ESTANHADO, ISOLACAO EM PVC ANTICHAMA, 2 CONDUTORES DE 0,6 MM (NBR 9115:2005)","M     ","CR","0,98",null,0.98,"Sinapi 935"]
[406,"FITA ACO INOX PARA CINTAR POSTE, L = 19 MM, E = 0,5 MM (ROLO DE 30M)","UN    ","CR","63,40",null,63.4,"Sinapi 406"]
[42529,"FITA ADESIVA ALUMINIZADA, PARA INSTALACAO DE MANTAS DE SUBCOBERTURA,  L = *5* CM","M     ","CR","0,90",null,0.9,"Sinapi 42529"]
[39634,"FITA ADESIVA ANTICORROSIVA DE PVC FLEXIVEL, COR PRETA, PARA PROTECAO TUBULACAO, 50 MM X 30 M (L X C), E= *0,25* MM","M     ","CR","7,01",null,7.01,"Sinapi 39634"]
[39701,"FITA ADESIVA ASFALTICA ALUMINIZADA MULTIUSO, L = 10 CM, ROLO DE 10 M","UN    ","CR","66,02",null,66.02,"Sinapi 39701"]
[12815,"FITA CREPE ROLO DE 25 MM X 50 M","UN    ","CR","7,03",null,7.03,"Sinapi 12815"]
[407,"FITA DE ALUMINIO PARA PROTECAO DO CONDUTOR LARGURA 10 MM","KG    ","AS","37,68",null,37.68,"Sinapi 407"]
[39431,"FITA DE PAPEL MICROPERFURADO, 50 X 150 MM, PARA TRATAMENTO DE JUNTAS DE CHAPA DE GESSO PARA DRYWALL","M     ","CR","0,24",null,{"$f":"IF(E2313=\"\",\"\",E2313+0)","v":0.24},{"$f":"IF(G2313=\"\",\"\",CONCATENATE(\"Sinapi \",A2313))","v":"Sinapi 39431"}]
[39432,"FITA DE PAPEL REFORCADA COM LAMINA DE METAL PARA REFORCO DE CANTOS DE CHAPA DE GESSO PARA DRYWALL","M     ","CR","3,14",null,3.14,"Sinapi 39432"]
[20111,"FITA ISOLANTE ADESIVA ANTICHAMA, USO ATE 750 V, EM ROLO DE 19 MM X 20 M","UN    ","C ","10,93",null,10.93,"Sinapi 20111"]
[21127,"FITA ISOLANTE ADESIVA ANTICHAMA, USO ATE 750 V, EM ROLO DE 19 MM X 5 M","UN    ","CR","4,13",null,4.13,"Sinapi 21127"]
[404,"FITA ISOLANTE DE BORRACHA AUTOFUSAO, USO ATE 69 KV (ALTA TENSAO)","M     ","CR","1,49",null,1.49,"Sinapi 404"]
[14151,"FITA METALICA GRAVADA, L = 17 MM, ROLO DE 25 M, CARGA RECOMENDADA = *120* KGF","UN    ","AS","33,92",null,33.92,"Sinapi 14151"]
[14153,"FITA METALICA PERFURADA, L = *18* MM, ROLO DE 30 M, CARGA RECOMENDADA = *30* KGF","UN    ","AS","38,35",null,38.35,"Sinapi 14153"]
[14152,"FITA METALICA PERFURADA, L = 17 MM, ROLO DE 30 M, CARGA RECOMENDADA = *19* KGF","UN    ","AS","29,44",null,29.44,"Sinapi 14152"]
[14154,"FITA METALICA PERFURADA, L = 25 MM, ROLO DE 30 M, CARGA RECOMENDADA = *222,5* KGF","UN    ","AS","103,04",null,103.04,"Sinapi 14154"]
[42015,"FITA PLASTICA ZEBRADA PARA DEMARCACAO DE AREAS, LARGURA = 7 CM, SEM ADESIVO (COLETADO CAIXA)","M     ","AS","0,09",null,0.09,"Sinapi 42015"]
[3146,"FITA VEDA ROSCA EM ROLOS DE 18 MM X 10 M (L X C)","UN    ","C ","3,60",null,3.6,"Sinapi 3146"]
[3143,"FITA VEDA ROSCA EM ROLOS DE 18 MM X 25 M (L X C)","UN    ","CR","8,19",null,8.19,"Sinapi 3143"]
[3148,"FITA VEDA ROSCA EM ROLOS DE 18 MM X 50 M (L X C)","UN    ","CR","13,27",null,13.27,"Sinapi 3148"]
[4310,"FIXADOR DE ABA AUTOTRAVANTE PARA TELHA DE FIBROCIMENTO, TIPO CANALETE 90 OU KALHETAO","UN    ","CR","1,84",null,1.84,"Sinapi 4310"]
[4311,"FIXADOR DE ABA SIMPLES PARA TELHA DE FIBROCIMENTO, TIPO CANALETA 49 OU KALHETA","UN    ","CR","1,30",null,1.3,"Sinapi 4311"]
[4312,"FIXADOR DE ABA SIMPLES PARA TELHA DE FIBROCIMENTO, TIPO CANALETA 90 OU KALHETAO","UN    ","CR","1,82",null,1.82,"Sinapi 4312"]
[11162,"FIXADOR DE CAL (SACHE 150 ML)","UN    ","CR","1,62",null,1.62,"Sinapi 11162"]
[13261,"FLANELA *30 X 40* CM","UN    ","CR","2,34",null,2.34,"Sinapi 13261"]
[3255,"FLANGE PVC, ROSCAVEL SEXTAVADO SEM FUROS 3/4\"","UN    ","CR","5,63",null,5.63,"Sinapi 3255"]
[3254,"FLANGE PVC, ROSCAVEL, SEXTAVADO, SEM FUROS 3\"","UN    ","CR","91,44",null,91.44,"Sinapi 3254"]
[3259,"FLANGE PVC, ROSCAVEL, SEXTAVADO, SEM FUROS, 1 1/2\"","UN    ","CR","10,99",null,10.99,"Sinapi 3259"]
[3258,"FLANGE PVC, ROSCAVEL, SEXTAVADO, SEM FUROS, 1 1/4\"","UN    ","CR","6,64",null,6.64,"Sinapi 3258"]
[3251,"FLANGE PVC, ROSCAVEL, SEXTAVADO, SEM FUROS, 1/2\"","UN    ","CR","3,91",null,3.91,"Sinapi 3251"]
[3256,"FLANGE PVC, ROSCAVEL, SEXTAVADO, SEM FUROS, 1\"","UN    ","CR","7,41",null,7.41,"Sinapi 3256"]
[3261,"FLANGE PVC, ROSCAVEL, SEXTAVADO, SEM FUROS, 2 1/2\"","UN    ","CR","80,87",null,80.87,"Sinapi 3261"]
[3260,"FLANGE PVC, ROSCAVEL, SEXTAVADO, SEM FUROS, 2\"","UN    ","CR","13,89",null,13.89,"Sinapi 3260"]
[3272,"FLANGE SEXTAVADO DE FERRO GALVANIZADO, COM ROSCA BSP, DE 1 1/2\"","UN    ","CR","28,01",null,28.01,"Sinapi 3272"]
[3265,"FLANGE SEXTAVADO DE FERRO GALVANIZADO, COM ROSCA BSP, DE 1 1/4\"","UN    ","CR","22,25",null,22.25,"Sinapi 3265"]
[3262,"FLANGE SEXTAVADO DE FERRO GALVANIZADO, COM ROSCA BSP, DE 1/2\"","UN    ","CR","9,74",null,9.74,"Sinapi 3262"]
[3264,"FLANGE SEXTAVADO DE FERRO GALVANIZADO, COM ROSCA BSP, DE 1\"","UN    ","CR","16,00",null,16,"Sinapi 3264"]
[3267,"FLANGE SEXTAVADO DE FERRO GALVANIZADO, COM ROSCA BSP, DE 2 1/2\"","UN    ","CR","52,25",null,52.25,"Sinapi 3267"]
[3266,"FLANGE SEXTAVADO DE FERRO GALVANIZADO, COM ROSCA BSP, DE 2\"","UN    ","CR","33,24",null,33.24,"Sinapi 3266"]
[3263,"FLANGE SEXTAVADO DE FERRO GALVANIZADO, COM ROSCA BSP, DE 3/4\"","UN    ","CR","13,30",null,13.3,"Sinapi 3263"]
[3268,"FLANGE SEXTAVADO DE FERRO GALVANIZADO, COM ROSCA BSP, DE 3\"","UN    ","CR","70,65",null,70.650000000000006,"Sinapi 3268"]
[3271,"FLANGE SEXTAVADO DE FERRO GALVANIZADO, COM ROSCA BSP, DE 4\"","UN    ","CR","104,45",null,104.45,"Sinapi 3271"]
[3270,"FLANGE SEXTAVADO DE FERRO GALVANIZADO, COM ROSCA BSP, DE 6\"","UN    ","CR","175,49",null,175.49,"Sinapi 3270"]
[3275,"FORRO COMPOSTO POR PAINEIS DE LA DE VIDRO, REVESTIDOS EM PVC MICROPERFURADO, DE *1250 X 625* MM, ESPESSURA 15 MM (COM COLOCACAO)","M2    ","CR","58,63",null,58.63,"Sinapi 3275"]
[39512,"FORRO DE FIBRA MINERAL EM PLACAS DE 1250 X 625 MM, E = 15 MM, BORDA RETA, COM PINTURA ANTIMOFO, APOIADO EM PERFIL DE ACO GALVANIZADO COM 24 MM DE BASE - INSTALADO","M2    ","AS","74,08",null,74.08,"Sinapi 39512"]
[39511,"FORRO DE FIBRA MINERAL EM PLACAS DE 625 X 625 MM, E = 15 MM, BORDA RETA, COM PINTURA ANTIMOFO, APOIADO EM PERFIL DE ACO GALVANIZADO COM 24 MM DE BASE - INSTALADO","M2    ","AS","80,80",null,80.8,"Sinapi 39511"]
[39513,"FORRO DE FIBRA MINERAL EM PLACAS DE 625 X 625 MM, E = 15/16 MM, BORDA REBAIXADA, COM PINTURA ANTIMOFO, APOIADO EM PERFIL DE ACO GALVANIZADO COM 24 MM DE BASE - INSTALADO","M2    ","AS","86,67",null,86.67,"Sinapi 39513"]
[3286,"FORRO DE MADEIRA CEDRINHO OU EQUIVALENTE DA REGIAO, ENCAIXE MACHO/FEMEA COM FRISO, *10 X 1* CM (SEM COLOCACAO)","M2    ","CR","59,55",null,59.55,"Sinapi 3286"]
[3287,"FORRO DE MADEIRA CUMARU/IPE CHAMPANHE OU EQUIVALENTE DA REGIAO, ENCAIXE MACHO/FEMEA COM FRISO, *10 X 1* CM (SEM COLOCACAO)","M2    ","CR","90,00",null,90,"Sinapi 3287"]
[3283,"FORRO DE MADEIRA PINUS OU EQUIVALENTE DA REGIAO, ENCAIXE MACHO/FEMEA COM FRISO, *10 X 1* CM (SEM COLOCACAO)","M2    ","CR","18,90",null,18.899999999999999,"Sinapi 3283"]
[11587,"FORRO DE PVC LISO, BRANCO, REGUA DE 10 CM, ESPESSURA DE 8 MM A 10 MM (COM COLOCACAO / SEM ESTRUTURA METALICA)","M2    ","CR","40,20",null,40.200000000000003,"Sinapi 11587"]
[36225,"FORRO DE PVC LISO, BRANCO, REGUA DE 20 CM, ESPESSURA DE 8 MM A 10 MM, COMPRIMENTO 6 M (SEM COLOCACAO)","M2    ","CR","16,33",null,16.329999999999998,"Sinapi 36225"]
[36230,"FORRO DE PVC, FRISADO, BRANCO, REGUA DE 10 CM, ESPESSURA DE 8 MM A 10 MM E COMPRIMENTO 6 M (SEM COLOCACAO)","M2    ","C ","12,00",null,12,"Sinapi 36230"]
[36238,"FORRO DE PVC, FRISADO, BRANCO, REGUA DE 20 CM, ESPESSURA DE 8 MM A 10 MM E COMPRIMENTO 6 M (SEM COLOCACAO)","M2    ","CR","11,72",null,11.72,"Sinapi 36238"]
[11887,"FOSSA SEPTICA CILINDRICA TIPO \"IMHOFF\", COM TAMPA, PARA 50 CONTRIBUINTES","UN    ","CR","3.259,72",null,3259.72,"Sinapi 11887"]
[11883,"FOSSA SEPTICA CILINDRICA, TIPO \"IMHOFF\", COM TAMPA, PARA 100 CONTRIBUINTES","UN    ","CR","4.792,36",null,4792.3599999999997,"Sinapi 11883"]
[11884,"FOSSA SEPTICA CILINDRICA, TIPO \"IMHOFF\", COM TAMPA, PARA 150 CONTRIBUINTES","UN    ","CR","5.141,77",null,5141.7700000000004,"Sinapi 11884"]
[11885,"FOSSA SEPTICA CILINDRICA, TIPO \"IMHOFF\", COM TAMPA, PARA 200 CONTRIBUINTES","UN    ","CR","5.734,82",null,5734.82,"Sinapi 11885"]
[11886,"FOSSA SEPTICA CILINDRICA, TIPO \"IMHOFF\", COM TAMPA, PARA 30 CONTRIBUINTES","UN    ","CR","1.848,31",null,1848.31,"Sinapi 11886"]
[11888,"FOSSA SEPTICA CILINDRICA, TIPO \"IMHOFF\", COM TAMPA, PARA 75 CONTRIBUINTES","UN    ","CR","4.340,57",null,4340.57,"Sinapi 11888"]
[3277,"FOSSA SEPTICA CONCRETO PRE MOLDADO PARA 10 CONTRIBUINTES - *90 X 90* CM","UN    ","CR","732,00",null,732,"Sinapi 3277"]
[3281,"FOSSA SEPTICA CONCRETO PRE MOLDADO PARA 5 CONTRIBUINTES *90 X 70* CM","UN    ","CR","606,19",null,606.19000000000005,"Sinapi 3281"]
[39363,"FOSSA SEPTICA, SEM FILTRO, PARA 15 A 30 CONTRIBUINTES, CILINDRICA, COM TAMPA, EM POLIETILENO DE ALTA DENSIDADE (PEAD), CAPACIDADE APROXIMADA DE 5500 LITROS (NBR 7229)","UN    ","CR","3.607,75",null,3607.75,"Sinapi 39363"]
[39361,"FOSSA SEPTICA, SEM FILTRO, PARA 4 A 7 CONTRIBUINTES, CILINDRICA,  COM TAMPA, EM POLIETILENO DE ALTA DENSIDADE (PEAD), CAPACIDADE APROXIMADA DE 1100 LITROS (NBR 7229)","UN    ","CR","927,70",null,927.7,"Sinapi 39361"]
[39362,"FOSSA SEPTICA, SEM FILTRO, PARA 8 A 14 CONTRIBUINTES, CILINDRICA, COM TAMPA, EM POLIETILENO DE ALTA DENSIDADE (PEAD), CAPACIDADE APROXIMADA DE 3000 LITROS (NBR 7229)","UN    ","CR","2.854,79",null,2854.79,"Sinapi 39362"]
[39364,"FOSSA SEPTICA,SEM FILTRO, PARA 40 A 52 CONTRIBUINTES, CILINDRICA, COM TAMPA, EM POLIETILENO DE ALTA DENSIDADE (PEAD), CAPACIDADE APROXIMADA DE 10000 LITROS (NBR 7229)","UN    ","CR","8.246,30",null,8246.2999999999993,"Sinapi 39364"]
[14576,"FRESADORA DE ASFALTO A FRIO SOBRE ESTEIRAS, LARG. FRESAGEM 2,00 M, POT. 410 KW/550 HP","UN    ","AS","4.529.764,59",null,4529764.59,"Sinapi 14576"]
[13877,"FRESADORA DE ASFALTO A FRIO SOBRE RODAS, LARG. FRESAGEM 1,00 M, POT. 155 KW/208 HP","UN    ","AS","1.939.124,66",null,1939124.66,"Sinapi 13877"]
[7307,"FUNDO ANTICORROSIVO PARA METAIS FERROSOS (ZARCAO)","L     ","CR","25,94",null,25.94,"Sinapi 7307"]
[38122,"FUNDO PREPARADOR ACRILICO BASE AGUA","L     ","CR","13,01",null,13.01,"Sinapi 38122"]
[6086,"FUNDO SINTETICO NIVELADOR BRANCO FOSCO PARA MADEIRA","GL    ","CR","77,64",null,77.64,"Sinapi 6086"]
[38633,"FURO PARA TORNEIRA OU OUTROS ACESSORIOS  EM BANCADA DE MARMORE/ GRANITO OU OUTRO TIPO DE PEDRA NATURAL","UN    ","CR","11,16",null,{"$f":"IF(E2377=\"\",\"\",E2377+0)","v":11.16},{"$f":"IF(G2377=\"\",\"\",CONCATENATE(\"Sinapi \",A2377))","v":"Sinapi 38633"}]
[12344,"FUSIVEL DIAZED 20 A TAMANHO DII, CAPACIDADE DE INTERRUPCAO DE 50 KA EM VCA E 8 KA EM VCC, TENSAO NOMIMNAL DE 500 V","UN    ","CR","2,43",null,2.4300000000000002,"Sinapi 12344"]
[12343,"FUSIVEL DIAZED 35 A TAMANHO DIII, CAPACIDADE DE INTERRUPCAO DE 50 KA EM VCA E 8 KA EM VCC, TENSAO NOMIMNAL DE 500 V","UN    ","CR","3,77",null,3.77,"Sinapi 12343"]
[3295,"FUSIVEL NH *36* A 80 AMPERES, TAMANHO 00, CAPACIDADE DE INTERRUPCAO DE 120 KA, TENSAO NOMIMNAL DE 500 V","UN    ","CR","13,17",null,13.17,"Sinapi 3295"]
[3302,"FUSIVEL NH 100 A TAMANHO 00, CAPACIDADE DE INTERRUPCAO DE 120 KA, TENSAO NOMIMNAL DE 500 V","UN    ","CR","13,77",null,13.77,"Sinapi 3302"]
[3297,"FUSIVEL NH 125 A TAMANHO 00, CAPACIDADE DE INTERRUPCAO DE 120 KA, TENSAO NOMIMNAL DE 500 V","UN    ","CR","14,70",null,14.7,"Sinapi 3297"]
[3294,"FUSIVEL NH 160 A TAMANHO 00, CAPACIDADE DE INTERRUPCAO DE 120 KA, TENSAO NOMIMNAL DE 500 V","UN    ","CR","14,92",null,14.92,"Sinapi 3294"]
[3292,"FUSIVEL NH 20 A TAMANHO 000, CAPACIDADE DE INTERRUPCAO DE 120 KA, TENSAO NOMIMNAL DE 500 V","UN    ","C ","14,02",null,14.02,"Sinapi 3292"]
[3298,"FUSIVEL NH 200 A 250 AMPERES, TAMANHO 1, CAPACIDADE DE INTERRUPCAO DE 120 KA, TENSAO NOMIMNAL DE 500 V","UN    ","CR","32,85",null,32.85,"Sinapi 3298"]
[11596,"GABIAO  TIPO CAIXA, MALHA HEXAGONAL 8 X 10 CM (ZN/AL), FIO 2,7 MM, DIMENSOES 2,0 X 1,0 X 0,5 M (C X L X A)","UN    ","AS","427,37",null,427.37,"Sinapi 11596"]
[34802,"GABIAO MANTA (COLCHAO) MALHA HEXAGONAL 6 X 8 CM (ZN/AL REVESTIDO COM POLIMERO), DIMENSOES 4,0 X 2,0 X 0,17 M (C X L X A) FIO 2 MM","UN    ","AS","1.173,69",null,1173.69,"Sinapi 34802"]
[11588,"GABIAO MANTA (COLCHAO) MALHA HEXAGONAL 6 X 8 CM (ZN/AL REVESTIDO COM POLIMERO), FIO 2 MM, DIMENSOES 4,0 X 2,0 X 0,23 M (C X L X A)","UN    ","AS","1.266,23",null,1266.23,"Sinapi 11588"]
[34383,"GABIAO MANTA (COLCHAO) MALHA HEXAGONAL 6 X 8 CM (ZN/AL REVESTIDO COM POLIMERO), FIO 2 MM, DIMENSOES 4,0 X 2,0 X 0,3 M (C X L X A)","UN    ","AS","1.392,94",null,1392.94,"Sinapi 34383"]
[40451,"GABIAO MANTA (COLCHAO) MALHA HEXAGONAL 6 X 8 CM (ZN/AL REVESTIDO COM POLIMERO), FIO 2,0 MM, DIMENSOES 5,0 X 2,0 X 0,17 M (C X L X A)","M2    ","AS","112,60",null,112.6,"Sinapi 40451"]
[40453,"GABIAO MANTA (COLCHAO) MALHA HEXAGONAL 6 X 8 CM (ZN/AL REVESTIDO COM POLIMERO), FIO 2,0 MM, DIMENSOES 5,0 X 2,0 X 0,23 M (C X L X A)","M2    ","AS","121,83",null,121.83,"Sinapi 40453"]
[40452,"GABIAO MANTA (COLCHAO) MALHA HEXAGONAL 6 X 8 CM (ZN/AL REVESTIDO COM POLIMERO), FIO 2,0 MM, DIMENSOES 5,0 X 2,0 X 0,30 M (C X L X A)","M2    ","AS","133,63",null,133.63,"Sinapi 40452"]
[11594,"GABIAO SACO MALHA HEXAGONAL 8 X 10 CM (ZN/AL REVESTIDO COM POLIMERO),  FIO 2,4 MM, DIMENSOES 3,0 X 0,65 M","UN    ","AS","403,58",null,403.58,"Sinapi 11594"]
[3311,"GABIAO SACO MALHA HEXAGONAL 8 X 10 CM (ZN/AL REVESTIDO COM POLIMERO), FIO 2,4 MM, H = 0,65 M","M3    ","AS","403,58",null,403.58,"Sinapi 3311"]
[11599,"GABIAO SACO MALHA HEXAGONAL 8 X 10 CM (ZN/AL), FIO 2,7 MM, DIMENSOES 4,0 X 0,65 M","UN    ","AS","536,72",null,536.72,"Sinapi 11599"]
[11593,"GABIAO TIPO CAIXA MALHA HEXAGONAL 8 X 10 CM (ZN/AL REVESTIDO COM POLIMERO),  FIO 2,4 MM, DIMENSOES 2,0 X 1,0 X 1,0 M (C X L X A)","UN    ","AS","752,44",null,752.44,"Sinapi 11593"]
[3314,"GABIAO TIPO CAIXA MALHA HEXAGONAL 8 X 10 CM (ZN/AL REVESTIDO COM POLIMERO),  FIO 2,4 MM, H = 0,50 M","M3    ","AS","538,15",null,538.15,"Sinapi 3314"]
[11597,"GABIAO TIPO CAIXA MALHA HEXAGONAL 8 X 10 CM (ZN/AL), FIO 2,7 MM, DIMENSOES 2,0 X 1,0 X 1,0 M (C X L X A)","UN    ","AS","625,80",null,625.79999999999995,"Sinapi 11597"]
[3309,"GABIAO TIPO CAIXA MALHA HEXAGONAL 8 X 10 CM (ZN/AL), FIO 2,7 MM, H = 0,50 M","M3    ","AS","427,37",null,427.37,"Sinapi 3309"]
[34612,"GABIAO TIPO CAIXA PARA SOLO REFORCADO, MALHA HEXAGONAL DE DUPLA TORCAO 8 X 10 CM (ZN/AL REVESTIDO COM POLIMERO), FIO 2,7 MM, DIMENSOES 2,0 X 1,0 X 0,5 M, COM CAUDA DE 3,0 M","UN    ","AS","774,01",null,774.01,"Sinapi 34612"]
[34635,"GABIAO TIPO CAIXA PARA SOLO REFORCADO, MALHA HEXAGONAL DE DUPLA TORCAO 8 X 10 CM (ZN/AL REVESTIDO COM POLIMERO), FIO 2,7 MM, DIMENSOES 2,0 X 1,0 X 1,0 M, COM CAUDA DE 3,0 M","UN    ","AS","995,34",null,995.34,"Sinapi 34635"]
[34633,"GABIAO TIPO CAIXA PARA SOLO REFORCADO, MALHA HEXAGONAL DE DUPLA TORCAO 8 X 10 CM (ZN/AL REVESTIDO COM POLIMERO), FIO 2,7 MM, DIMENSOES 2,0 X 1,0 X 1,0 M, COM CAUDA DE 4,0 M","UN    ","AS","1.097,13",null,1097.1300000000001,"Sinapi 34633"]
[40440,"GABIAO TIPO CAIXA PARA SOLO REFORCADO, MALHA HEXAGONAL 8 X 10 CM (ZN/AL REVESTIDO COM POLIMERO), FIO 2,7 MM, DIMENSOES 2,0 X 1,0 X 0,5 M, COM CAUDA DE 4,0 M","M3    ","AS","560,54",null,560.54,"Sinapi 40440"]
[40441,"GABIAO TIPO CAIXA PARA SOLO REFORCADO, MALHA HEXAGONAL 8 X 10 CM (ZN/AL REVESTIDO COM POLIMERO), FIO 2,7 MM, DIMENSOES 2,0 X 1,0 X 1,0 M, COM CAUDA DE 4,0 M","M3    ","AS","357,87",null,357.87,"Sinapi 40441"]
[40449,"GABIAO TIPO CAIXA TRAPEZOIDAL, MALHA HEXAGONAL 10 X 12 CM (ZN/AL REVESTIDO COM POLIMERO) FIO 2,7 MM, FACE COM 65 GRAUS, COM GEOSSINTETICO, DIMENSOES 2,0 X 1,5 X 1,0 M (C X L X A)","M3    ","AS","300,85",null,300.85000000000002,"Sinapi 40449"]
[34800,"GABIAO TIPO CAIXA, MALHA HEXAGONAL 8 X 10 CM (ZN/AL REVESTIDO COM POLIMERO), FIO DE 2,4 MM, DIMENSOES 2,0 x 1,0 x 1,0 M (C X L X A)","M3    ","AS","376,22",null,376.22,"Sinapi 34800"]
[11592,"GABIAO TIPO CAIXA, MALHA HEXAGONAL 8 X 10 CM (ZN/AL REVESTIDO COM POLIMERO), FIO 2,4 MM, DIMENSOES 2,0 X 1,0 X 0,5 M (C X L X A)","UN    ","AS","538,15",null,538.15,"Sinapi 11592"]
[40438,"GABIAO TIPO CAIXA, MALHA HEXAGONAL 8 X 10 CM (ZN/AL), FIO DE 2,7 MM, DIMENSOES 2,0 X 1,0 X 1,0 M (C X L X A)","M3    ","AS","250,64",null,250.64,"Sinapi 40438"]
[40436,"GABIAO TIPO CAIXA, MALHA HEXAGONAL 8 X 10 CM (ZN/AL), FIO DE 2,7 MM, DIMENSOES 5,0 X 1,0 X 1,0 M (C X L X A)","M3    ","AS","312,53",null,312.52999999999997,"Sinapi 40436"]
[4315,"GANCHO CHATO EM FERRO GALVANIZADO,  L = 110 MM, RECOBRIMENTO = 100MM, SECAO 1/8 X 1/2\" (3 MM X 12 MM), PARA FIXAR TELHA DE FIBROCIMENTO ONDULADA","UN    ","CR","1,34",null,1.34,"Sinapi 4315"]
[42482,"GANCHO L COM ROSCA, PARA FIXAR TELHA EM MADEIRA, 1/4\" X 350 MM (COLETADO CAIXA)","UN    ","CR","1,78",null,1.78,"Sinapi 42482"]
[402,"GANCHO OLHAL EM ACO GALVANIZADO, ESPESSURA 16MM, ABERTURA 21MM","UN    ","AS","9,04",null,9.0399999999999991,"Sinapi 402"]
[4226,"GAS DE COZINHA - GLP","KG    ","C ","5,62",null,5.62,"Sinapi 4226"]
[4222,"GASOLINA COMUM","L     ","C ","4,51",null,4.51,"Sinapi 4222"]
[34804,"GEOGRELHA TECIDA COM FILAMENTOS DE POLIESTER + PVC, RESISTENCIA LONGITUDINAL: 90 KN/M, RESISTENCIA TRANSVERSAL: 30 KN/M, ALONGAMENTO = 12 POR CENTO","M2    ","AS","45,43",null,45.43,"Sinapi 34804"]
[4013,"GEOTEXTIL NAO TECIDO AGULHADO DE FILAMENTOS CONTINUOS 100% POLIESTER, RESITENCIA A TRACAO = 09 KN/M","M2    ","CR","4,65",null,4.6500000000000004,"Sinapi 4013"]
[4011,"GEOTEXTIL NAO TECIDO AGULHADO DE FILAMENTOS CONTINUOS 100% POLIESTER, RESITENCIA A TRACAO = 10 KN/M","M2    ","CR","5,20",null,5.2,"Sinapi 4011"]
[4021,"GEOTEXTIL NAO TECIDO AGULHADO DE FILAMENTOS CONTINUOS 100% POLIESTER, RESITENCIA A TRACAO = 14 KN/M","M2    ","CR","6,48",null,6.48,"Sinapi 4021"]
[4019,"GEOTEXTIL NAO TECIDO AGULHADO DE FILAMENTOS CONTINUOS 100% POLIESTER, RESITENCIA A TRACAO = 16 KN/M","M2    ","CR","7,78",null,7.78,"Sinapi 4019"]
[4012,"GEOTEXTIL NAO TECIDO AGULHADO DE FILAMENTOS CONTINUOS 100% POLIESTER, RESITENCIA A TRACAO = 21 KN/M","M2    ","CR","10,43",null,10.43,"Sinapi 4012"]
[4020,"GEOTEXTIL NAO TECIDO AGULHADO DE FILAMENTOS CONTINUOS 100% POLIESTER, RESITENCIA A TRACAO = 26 KN/M","M2    ","CR","13,06",null,13.06,"Sinapi 4020"]
[4018,"GEOTEXTIL NAO TECIDO AGULHADO DE FILAMENTOS CONTINUOS 100% POLIESTER, RESITENCIA A TRACAO = 31 KN/M","M2    ","CR","15,65",null,15.65,"Sinapi 4018"]
[36498,"GERADOR PORTATIL MONOFASICO, POTENCIA 5500 VA, MOTOR A GASOLINA, POTENCIA DO MOTOR 13 CV","UN    ","AS","5.027,60",null,5027.6000000000004,"Sinapi 36498"]
[12872,"GESSEIRO","H     ","CR","16,48",null,16.48,"Sinapi 12872"]
[41075,"GESSEIRO (MENSALISTA)","MES   ","CR","2.939,34",null,2939.34,"Sinapi 41075"]
[3315,"GESSO EM PO PARA REVESTIMENTOS/MOLDURAS/SANCAS","KG    ","CR","0,61",null,0.61,"Sinapi 3315"]
[36870,"GESSO PROJETADO","KG    ","CR","0,61",null,0.61,"Sinapi 36870"]
[5092,"GONZO DE EMBUTIR, EM LATAO / ZAMAC, *20 X 48* MM, PARA JANELA BASCULANTE / PIVOTANTE -  INCLUI PARAFUSOS","PAR   ","CR","12,63",null,12.63,"Sinapi 5092"]
[11462,"GONZO DE SOBREPOR, EM LATAO / ZAMAC, PARA JANELA PIVOTANTE - INCLUI PARAFUSOS","PAR   ","CR","12,92",null,12.92,"Sinapi 11462"]
[36529,"GRADE DE DISCOS COM CONTROLE REMOTO, REBOCAVEL, COM 24 DISCOS 24\" X 6 MM, COM PNEUS PARA TRANSPORTE","UN    ","AS","33.396,60",null,33396.6,"Sinapi 36529"]
[3318,"GRADE DE DISCOS MECANICA 20X24\" COM 20 DISCOS 24\" X 6MM  COM PNEUS PARA TRANSPORTE","UN    ","AS","26.182,94",null,26182.94,"Sinapi 3318"]
[38968,"GRADIL *1320 X 2170* MM (A X L) EM BARRA DE ACO CHATA *25 MM X 2* MM, ENTRELACADA COM BARRA ACO REDONDA *5* MM, MALHA *65 X 132* MM, GALVANIZADO E PINTURA ELETROSTATICA, COR PRETO","M2    ","CR","299,56",null,299.56,"Sinapi 38968"]
[3324,"GRAMA BATATAIS EM PLACAS, SEM PLANTIO","M2    ","CR","4,28",null,4.28,"Sinapi 3324"]
[3322,"GRAMA ESMERALDA OU SAO CARLOS OU CURITIBANA, EM PLACAS, SEM PLANTIO","M2    ","C ","6,00",null,6,"Sinapi 3322"]
[43390,"GRAMA SINTETICA, ALTURA /ESPESSURA DE 52MM ( 2MM DE BASE E 50MM DE FIOS EXPOSTOS), BASE TRIPLA, MINIMO DE 8.000 PONTOS POR M2, INCLUINDO MAO DE OBRA E SISTEMA DE INSTALACAO (FLUTUANTE, UNIAO DOS ROLOS COM TAPEDE 30CM, COLA PU, 30 KG/M2 DE AREIA CLASSIFICADA GRANULOMETRIA 40/45 OU 50/60 E 10 KG/M2 DE GRANULO DE BORRACHA SBR PRETA MALHA 10 (0,7 A 2,0 MM)) (COLETADO CAIXA)","M2    ","C ","74,50",null,74.5,"Sinapi 43390"]
[5076,"GRAMPO DE ACO POLIDO 1 \" X 9","KG    ","CR","10,22",null,10.220000000000001,"Sinapi 5076"]
[5077,"GRAMPO DE ACO POLIDO 7/8 \" X 9","KG    ","CR","11,30",null,11.3,"Sinapi 5077"]
[11837,"GRAMPO LINHA VIVA DE LATAO ESTANHADO, DIAMETRO DO CONDUTOR PRINCIPAL DE 10 A 120 MM2, DIAMETRO DA DERIVACAO DE 10 A 70 MM2","UN    ","CR","45,59",null,45.59,"Sinapi 11837"]
[38055,"GRAMPO METALICO TIPO OLHAL PARA HASTE DE ATERRAMENTO DE 1/2'', CONDUTOR DE *10* A 50 MM2","UN    ","CR","4,13",null,4.13,"Sinapi 38055"]
[415,"GRAMPO METALICO TIPO OLHAL PARA HASTE DE ATERRAMENTO DE 1'', CONDUTOR DE *10* A 50 MM2","UN    ","CR","18,69",null,18.690000000000001,"Sinapi 415"]
[416,"GRAMPO METALICO TIPO OLHAL PARA HASTE DE ATERRAMENTO DE 3/4'', CONDUTOR DE *10* A 50 MM2","UN    ","CR","6,84",null,{"$f":"IF(E2441=\"\",\"\",E2441+0)","v":6.84},{"$f":"IF(G2441=\"\",\"\",CONCATENATE(\"Sinapi \",A2441))","v":"Sinapi 416"}]
[425,"GRAMPO METALICO TIPO OLHAL PARA HASTE DE ATERRAMENTO DE 5/8'', CONDUTOR DE *10* A 50 MM2","UN    ","CR","4,24",null,4.24,"Sinapi 425"]
[426,"GRAMPO METALICO TIPO U PARA HASTE DE ATERRAMENTO DE ATE 3/4'', CONDUTOR DE 10 A 25 MM2","UN    ","CR","23,37",null,23.37,"Sinapi 426"]
[38056,"GRAMPO METALICO TIPO U PARA HASTE DE ATERRAMENTO DE ATE 5/8'', CONDUTOR DE 10 A 25 MM2","UN    ","CR","22,82",null,22.82,"Sinapi 38056"]
[1564,"GRAMPO PARALELO METALICO PARA CABO DE 6 A 50 MM2, COM 2 PARAFUSOS","UN    ","CR","8,71",null,8.7100000000000009,"Sinapi 1564"]
[11032,"GRAMPO U DE 5/8 \" N8 EM FERRO GALVANIZADO","UN    ","CR","7,54",null,7.54,"Sinapi 11032"]
[36786,"GRANALHA DE ACO, ANGULAR (GRIT), PARA JATEAMENTO, PENEIRA 0,117 A 1,00 MM, (SAE G-40 A G-80)","SC25KG","AS","128,39",null,128.38999999999999,"Sinapi 36786"]
[36785,"GRANALHA DE ACO, ANGULAR (GRIT), PARA JATEAMENTO, PENEIRA 1,41 A 1,19 MM (SAE G16)","SC25KG","AS","111,57",null,111.57,"Sinapi 36785"]
[36782,"GRANALHA DE ACO, ESFERICA (SHOT), PARA JATEAMENTO, PENEIRA 0,40 A 1,00 MM (SAE S-170 A S-280)","SC25KG","AS","133,17",null,133.16999999999999,"Sinapi 36782"]
[25930,"GRANALHA DE ACO, ESFERICA (SHOT), PARA JATEAMENTO, PENEIRA 1,19 A 1,00 MM (SAE S390)","SC25KG","AS","150,00",null,150,"Sinapi 25930"]
[4824,"GRANILHA/ GRANA/ PEDRISCO OU AGREGADO EM MARMORE/ GRANITO/ QUARTZO E CALCARIO, PRETO, CINZA, PALHA OU BRANCO","KG    ","CR","0,29",null,0.28999999999999998,"Sinapi 4824"]
[11795,"GRANITO PARA BANCADA, POLIDO, TIPO ANDORINHA/ QUARTZ/ CASTELO/ CORUMBA OU OUTROS EQUIVALENTES DA REGIAO, E=  *2,5* CM","M2    ","CR","498,11",null,498.11,"Sinapi 11795"]
[134,"GRAUTE CIMENTICIO PARA USO GERAL","KG    ","CR","1,22",null,1.22,"Sinapi 134"]
[4229,"GRAXA LUBRIFICANTE","KG    ","CR","29,36",null,29.36,"Sinapi 4229"]
[11244,"GRELHA FOFO ARTICULADA, CARGA MAXIMA 1,5 T, *300 X 1000* MM, E= *15* MM","UN    ","AS","140,57",null,140.57,"Sinapi 11244"]
[11245,"GRELHA FOFO SIMPLES COM REQUADRO, CARGA MAXIMA  12,5 T, *300 X 1000* MM, E= *15* MM, AREA ESTACIONAMENTO CARRO PASSEIO","UN    ","AS","194,43",null,194.43,"Sinapi 11245"]
[11235,"GRELHA FOFO SIMPLES COM REQUADRO, CARGA MAXIMA 1,5 T, 150 X 1000 MM, E= *15* MM","UN    ","AS","107,27",null,107.27,"Sinapi 11235"]
[11236,"GRELHA FOFO SIMPLES COM REQUADRO, CARGA MAXIMA 1,5 T, 200 X 1000 MM, E= *15* MM","UN    ","AS","136,32",null,136.32,"Sinapi 11236"]
[11731,"GRELHA PVC BRANCA QUADRADA, 150 X 150 MM","UN    ","CR","4,49",null,4.49,"Sinapi 11731"]
[11732,"GRELHA PVC CROMADA REDONDA, 150 MM","UN    ","CR","22,84",null,22.84,"Sinapi 11732"]
[36494,"GRUA ASCENCIONAL, LANCA DE 30 M, CAPACIDADE DE 1,0 T A 30 M, ALTURA ATE 39 M","UN    ","AS","377.809,08",null,377809.08,"Sinapi 36494"]
[36493,"GRUA ASCENCIONAL, LANCA DE 42 M, CAPACIDADE DE 1,5 T A 30 M, ALTURA ATE 39 M","UN    ","AS","428.042,35",null,428042.35,"Sinapi 36493"]
[36492,"GRUA ASCENCIONAL, LANCA DE 50 M, CAPACIDADE DE 2,33 T A 30 M, ALTURA ATE 48 M","UN    ","AS","795.140,35",null,795140.35,"Sinapi 36492"]
[13333,"GRUPO DE SOLDAGEM C/ GERADOR A DIESEL 60 CV PARA SOLDA ELETRICA, SOBRE 04 RODAS, COM MOTOR 4 CILINDROS","UN    ","AS","139.225,88",null,139225.88,"Sinapi 13333"]
[13533,"GRUPO DE SOLDAGEM COM GERADOR A DIESEL 30 CV, PARA SOLDA ELETRICA, SOBRE DUAS RODAS","UN    ","AS","124.452,47",null,124452.47,"Sinapi 13533"]
[36499,"GRUPO GERADOR A GASOLINA, POTENCIA NOMINAL 2,2 KW, TENSAO DE SAIDA 110/220 V, MOTOR POTENCIA 6,5 HP","UN    ","AS","2.714,90",null,2714.9,"Sinapi 36499"]
[39585,"GRUPO GERADOR DIESEL, COM CARENAGEM, POTENCIA STANDART ENTRE 100 E 110 KVA, VELOCIDADE DE 1800 RPM, FREQUENCIA DE 60 HZ","UN    ","AS","89.898,14",null,89898.14,"Sinapi 39585"]
[39586,"GRUPO GERADOR DIESEL, COM CARENAGEM, POTENCIA STANDART ENTRE 140 E 150 KVA, VELOCIDADE DE 1800 RPM, FREQUENCIA DE 60 HZ","UN    ","AS","105.444,44",null,105444.44,"Sinapi 39586"]
[39587,"GRUPO GERADOR DIESEL, COM CARENAGEM, POTENCIA STANDART ENTRE 210 E 220 KVA, VELOCIDADE DE 1800 RPM, FREQUENCIA DE 60 HZ","UN    ","AS","128.425,92",null,128425.92,"Sinapi 39587"]
[39588,"GRUPO GERADOR DIESEL, COM CARENAGEM, POTENCIA STANDART ENTRE 250 E 260 KVA, VELOCIDADE DE 1800 RPM, FREQUENCIA DE 60 HZ","UN    ","AS","148.703,70",null,148703.70000000001,"Sinapi 39588"]
[39584,"GRUPO GERADOR DIESEL, COM CARENAGEM, POTENCIA STANDART ENTRE 50 E 55 KVA, VELOCIDADE DE 1800 RPM, FREQUENCIA DE 60 HZ","UN    ","AS","80.056,66",null,80056.66,"Sinapi 39584"]
[39590,"GRUPO GERADOR DIESEL, SEM CARENAGEM, POTENCIA STANDART ENTRE 100 E 110 KVA, VELOCIDADE DE 1800 RPM, FREQUENCIA DE 60 HZ","UN    ","AS","78.137,03",null,78137.03,"Sinapi 39590"]
[39592,"GRUPO GERADOR DIESEL, SEM CARENAGEM, POTENCIA STANDART ENTRE 210 E 220 KVA, VELOCIDADE DE 1800 RPM, FREQUENCIA DE 60 HZ","UN    ","AS","112.284,81",null,112284.81,"Sinapi 39592"]
[39593,"GRUPO GERADOR DIESEL, SEM CARENAGEM, POTENCIA STANDART ENTRE 250 E 260 KVA, VELOCIDADE DE 1800 RPM, FREQUENCIA DE 60 HZ","UN    ","AS","128.425,92",null,128425.92,"Sinapi 39593"]
[14254,"GRUPO GERADOR DIESEL, SEM CARENAGEM, POTENCIA STANDART ENTRE 80 E 90 KVA, VELOCIDADE DE 1800 RPM, FREQUENCIA DE 60 HZ","UN    ","AS","73.000,00",null,73000,"Sinapi 14254"]
[25987,"GRUPO GERADOR ESTACIONARIO SILENCIADO, POTENCIA 50 KVA, MOTOR DIESEL","UN    ","AS","60.960,82",null,60960.82,"Sinapi 25987"]
[25019,"GRUPO GERADOR ESTACIONARIO, MOTOR DIESEL POTENCIA 170 KVA","UN    ","AS","104.493,66",null,104493.66,"Sinapi 25019"]
[36501,"GRUPO GERADOR ESTACIONARIO, POTENCIA 150 KVA, MOTOR DIESEL","UN    ","AS","93.035,37",null,93035.37,"Sinapi 36501"]
[25986,"GRUPO GERADOR ESTACIONARIO, SILENCIADO, POTENCIA 180 KVA, MOTOR DIESEL","UN    ","AS","111.846,34",null,111846.34,"Sinapi 25986"]
[36500,"GRUPO GERADOR REBOCAVEL, POTENCIA *66* KVA, MOTOR A DIESEL","UN    ","AS","65.745,55",null,65745.55,"Sinapi 36500"]
[20017,"GUARNICAO/ ALIZAR/ VISTA MACICA, E= *1* CM, L= *4,5* CM, EM CEDRINHO/ ANGELIM COMERCIAL/  EUCALIPTO/ CURUPIXA/ PEROBA/ CUMARU OU EQUIVALENTE DA REGIAO","M     ","CR","5,29",null,5.29,"Sinapi 20017"]
[20007,"GUARNICAO/ ALIZAR/ VISTA MACICA, E= *1* CM, L= *4,5* CM, EM PINUS/ TAUARI/ VIROLA OU EQUIVALENTE DA REGIAO","M     ","CR","4,06",null,4.0599999999999996,"Sinapi 20007"]
[39836,"GUARNICAO/ALIZAR/VISTA, E = *1,3* CM, L = *5,0* CM HASTE REGULAVEL = *35* MM, EM MDF/PVC WOOD/ POLIESTIRENO OU MADEIRA LAMINADA, PRIMER BRANCO","JG    ","CR","142,95",null,142.94999999999999,"Sinapi 39836"]
[39830,"GUARNICAO/ALIZAR/VISTA, E = *1,3* CM, L = *7,0* CM, EM POLIESTIRENO, BRANCO","JG    ","CR","163,03",null,163.03,"Sinapi 39830"]
[39831,"GUARNICAO/ALIZAR/VISTA, E = *1,5* CM, L = *5,0* CM, EM POLIESTIRENO, BRANCO","JG    ","CR","162,68",null,162.68,"Sinapi 39831"]
[36888,"GUARNICAO/MOLDURA DE ACABAMENTO PARA ESQUADRIA DE ALUMINIO ANODIZADO NATURAL, PARA 1 FACE","M     ","AS","6,31",null,6.31,"Sinapi 36888"]
[40527,"GUINCHO DE ALAVANCA MANUAL, CAPACIDADE DE 1,6 T, COM 20 M DE CABO DE ACO (AQUISICAO)","UN    ","AS","2.200,79",null,2200.79,"Sinapi 40527"]
[36497,"GUINCHO DE ALAVANCA MANUAL, CAPACIDADE 3,2 T COM 20 M DE CABO DE ACO DIAMETRO 16,3 MM","UN    ","AS","2.512,44",null,2512.44,"Sinapi 36497"]
[36487,"GUINCHO ELETRICO DE COLUNA, CAPACIDADE 400 KG, COM MOTO FREIO, MOTOR TRIFASICO DE 1,25 CV","UN    ","AS","4.374,55",null,4374.55,"Sinapi 36487"]
[25952,"GUINDASTE HIDRAULICO AUTOPROPELIDO, COM LANCA TELESCOPICA 28,80 M, CAPACIDADE MAXIMA 30 T, POTENCIA 97 KW, TRACAO 4 X 4","UN    ","AS","660.657,27",null,660657.27,"Sinapi 25952"]
[25954,"GUINDASTE HIDRAULICO AUTOPROPELIDO, COM LANCA TELESCOPICA 40 M, CAPACIDADE MAXIMA 60 T, POTENCIA 260 KW, TRACAO 6 X 6","UN    ","AS","1.270.494,75",null,1270494.75,"Sinapi 25954"]
[25953,"GUINDASTE HIDRAULICO AUTOPROPELIDO, COM LANCA TELESCOPICA 50 M, CAPACIDADE MAXIMA 100 T, POTENCIA 350 KW, TRACAO 10 X 6","UN    ","AS","2.159.841,08",null,2159841.08,"Sinapi 25953"]
[37776,"GUINDAUTO HIDRAULICO, CAPACIDADE MAXIMA DE CARGA 10000 KG, MOMENTO MAXIMO DE CARGA 23 TM , ALCANCE MAXIMO HORIZONTAL 11,80 M, PARA MONTAGEM SOBRE CHASSI DE CAMINHAO PBT MINIMO 15000 KG (INCLUI MONTAGEM, NAO INCLUI CAMINHAO)","UN    ","AS","132.370,65",null,132370.65,"Sinapi 37776"]
[37775,"GUINDAUTO HIDRAULICO, CAPACIDADE MAXIMA DE CARGA 14340 KG, MOMENTO MAXIMO DE CARGA 42,3 TM, ALCANCE MAXIMO HORIZONTAL 16,80 M, PARA MONTAGEM SOBRE CHASSI DE CAMINHAO PBT MINIMO 23000 KG (INCLUI MONTAGEM, NAO INCLUI CAMINHAO)","UN    ","AS","208.493,79",null,208493.79,"Sinapi 37775"]
[36491,"GUINDAUTO HIDRAULICO, CAPACIDADE MAXIMA DE CARGA 30000 KG, MOMENTO MAXIMO DE CARGA 92,2 TM , ALCANCE MAXIMO HORIZONTAL  22,00 M, PARA MONTAGEM SOBRE CHASSI DE CAMINHAO PBT MINIMO 30000 KG (INCLUI MONTAGEM, NAO INCLUI CAMINHAO)","UN    ","AS","772.114,39",null,772114.39,"Sinapi 36491"]
[10712,"GUINDAUTO HIDRAULICO, CAPACIDADE MAXIMA DE CARGA 3300 KG, MOMENTO MAXIMO DE CARGA 5,8 TM , ALCANCE MAXIMO HORIZONTAL  7,60 M, PARA MONTAGEM SOBRE CHASSI DE CAMINHAO PBT MINIMO 8000 KG (INCLUI MONTAGEM, NAO INCLUI CAMINHAO)","UN    ","AS","52.123,44",null,52123.44,"Sinapi 10712"]
[3363,"GUINDAUTO HIDRAULICO, CAPACIDADE MAXIMA DE CARGA 6200 KG, MOMENTO MAXIMO DE CARGA 11,7 TM , ALCANCE MAXIMO HORIZONTAL  9,70 M, PARA MONTAGEM SOBRE CHASSI DE CAMINHAO PBT MINIMO 13000 KG (INCLUI MONTAGEM, NAO INCLUI CAMINHAO)","UN    ","AS","73.316,50",null,73316.5,"Sinapi 3363"]
[3365,"GUINDAUTO HIDRAULICO, CAPACIDADE MAXIMA DE CARGA 8500 KG, MOMENTO MAXIMO DE CARGA 30,4 TM , ALCANCE MAXIMO HORIZONTAL  14,30 M, PARA MONTAGEM SOBRE CHASSI DE CAMINHAO PBT MINIMO 23000 KG (INCLUI MONTAGEM, NAO INCLUI CAMINHAO)","UN    ","AS","171.377,31",null,171377.31,"Sinapi 3365"]
[7569,"HASTE ANCORA EM ACO GALVANIZADO, DIMENSOES 16 MM X 2000 MM","UN    ","AS","42,25",null,42.25,"Sinapi 7569"]
[34349,"HASTE DE ACO GALVANIZADO PARA FIXACAO DE CONCERTINA 2 \"/3 M","UN    ","CR","17,95",null,17.95,"Sinapi 34349"]
[11991,"HASTE DE ATERRAMENTO EM ACO GALVANIZADO TIPO CANTONEIRA COM 2,00 M DE COMPRIMENTO, 25 X 25 MM E CHAPA DE 3/16\"","UN    ","CR","51,93",null,51.93,"Sinapi 11991"]
[20062,"HASTE METALICA PARA FIXACAO DE CALHA PLUVIAL,  ZINCADA, DOBRADA 90 GRAUS","UN    ","AS","11,16",null,11.16,"Sinapi 20062"]
[11029,"HASTE RETA PARA GANCHO DE FERRO GALVANIZADO, COM ROSCA 1/4 \" X 30 CM PARA FIXACAO DE TELHA METALICA, INCLUI PORCA E ARRUELAS DE VEDACAO","CJ    ","CR","1,15",null,1.1499999999999999,"Sinapi 11029"]
[4316,"HASTE RETA PARA GANCHO DE FERRO GALVANIZADO, COM ROSCA 1/4 \" X 40 CM PARA FIXACAO DE TELHA DE FIBROCIMENTO, INCLUI PORCA SEXTAVADA DE  ZINCO","UN    ","CR","1,17",null,1.17,"Sinapi 4316"]
[4313,"HASTE RETA PARA GANCHO DE FERRO GALVANIZADO, COM ROSCA 5/16\" X 35 CM PARA FIXACAO DE TELHA DE FIBROCIMENTO, INCLUI PORCA E ARRUELAS DE VEDACAO","CJ    ","CR","1,67",null,{"$f":"IF(E2505=\"\",\"\",E2505+0)","v":1.67},{"$f":"IF(G2505=\"\",\"\",CONCATENATE(\"Sinapi \",A2505))","v":"Sinapi 4313"}]
[4317,"HASTE RETA PARA GANCHO DE FERRO GALVANIZADO, COM ROSCA 5/16\" X 40 CM PARA FIXACAO DE TELHA DE FIBROCIMENTO, INCLUI PORCA SEXTAVADA DE  ZINCO","UN    ","CR","1,91",null,1.91,"Sinapi 4317"]
[4314,"HASTE RETA PARA GANCHO DE FERRO GALVANIZADO, COM ROSCA 5/16\" X 45 CM PARA FIXACAO DE TELHA DE FIBROCIMENTO, INCLUI PORCA E ARRUELAS DE VEDACAO","CJ    ","CR","2,23",null,2.23,"Sinapi 4314"]
[10561,"HEXAMETAFOSFATO DE SODIO","KG    ","CR","0,42",null,0.42,"Sinapi 10561"]
[10921,"HIDRANTE DE COLUNA COMPLETO, EM FERRO FUNDIDO, DN = 100 MM, COM REGISTRO, CUNHA DE BORRACHA, CURVA DESSIMETRICA, EXTREMIDADE E TAMPAS (INCLUI KIT FIXACAO)","UN    ","AS","3.400,00",null,3400,"Sinapi 10921"]
[10922,"HIDRANTE DE COLUNA COMPLETO, EM FERRO FUNDIDO, DN = 75 MM, COM REGISTRO, CUNHA DE BORRACHA, CURVA DESSIMETRICA, EXTREMIDADE E TAMPAS (INCLUI KIT FIXACAO)","UN    ","AS","3.079,63",null,3079.63,"Sinapi 10922"]
[10923,"HIDRANTE SUBTERRANEO, EM FERRO FUNDIDO, COM CURVA CURTA E CAIXA, DN 75 MM","UN    ","AS","1.820,19",null,1820.19,"Sinapi 10923"]
[10924,"HIDRANTE SUBTERRANEO, EM FERRO FUNDIDO, COM CURVA LONGA E CAIXA, DN 75 MM","UN    ","AS","1.917,02",null,1917.02,"Sinapi 10924"]
[37772,"HIDROJATEADORA PARA DESOBSTRUCAO DE REDES E GALERIAS, TANQUE 7000 L, BOMBA TRIPLEX 120 KGF/CM2 128 L/MIN (INCLUI MONTAGEM, NAO INCLUI CAMINHAO)","UN    ","AS","114.526,71",null,114526.71,"Sinapi 37772"]
[37771,"HIDROJATEADORA PARA DESOBSTRUCAO DE REDES E GALERIAS, TANQUE 7000 L, BOMBA TRIPLEX 140 KGF/CM2 260 L/MIN ALIMENTADA POR MOTOR INDEPENDENTE A DIESEL POTENCIA 125 CV (INCLUI MONTAGEM, NAO INCLUI CAMINHAO)","UN    ","AS","121.838,18",null,121838.18,"Sinapi 37771"]
[12770,"HIDROMETRO MULTIJATO, VAZAO MAXIMA DE 10,0 M3/H, DE 1\"","UN    ","AS","448,97",null,448.97,"Sinapi 12770"]
[12772,"HIDROMETRO MULTIJATO, VAZAO MAXIMA DE 20,0 M3/H, DE 1 1/2\"","UN    ","AS","746,17",null,746.17,"Sinapi 12772"]
[12768,"HIDROMETRO MULTIJATO, VAZAO MAXIMA DE 30,0 M3/H, DE 2\"","UN    ","AS","1.049,70",null,1049.7,"Sinapi 12768"]
[12775,"HIDROMETRO MULTIJATO, VAZAO MAXIMA DE 7,0 M3/H, DE 1\"","UN    ","AS","328,82",null,328.82,"Sinapi 12775"]
[12769,"HIDROMETRO UNIJATO, VAZAO MAXIMA DE 1,5 M3/H, DE 1/2\"","UN    ","AS","86,00",null,86,"Sinapi 12769"]
[12773,"HIDROMETRO UNIJATO, VAZAO MAXIMA DE 3,0 M3/H, DE 1/2\"","UN    ","AS","92,32",null,92.32,"Sinapi 12773"]
[12774,"HIDROMETRO UNIJATO, VAZAO MAXIMA DE 5,0 M3/H, DE 3/4\"","UN    ","AS","113,82",null,113.82,"Sinapi 12774"]
[12776,"HIDROMETRO WOLTMANN, VAZAO MAXIMA DE 50,0 M3/H, DE 2\"","UN    ","AS","1.694,70",null,1694.7,"Sinapi 12776"]
[12777,"HIDROMETRO WOLTMANN, VAZAO MAXIMA DE 80,0 M3/H, DE 3\"","UN    ","AS","2.213,23",null,2213.23,"Sinapi 12777"]
[3391,"IGNITOR PARA LAMPADA DE VAPOR DE SODIO / VAPOR METALICO ATE 2000 W, TENSAO DE PULSO ENTRE 600 A 750 V","UN    ","AS","41,44",null,41.44,"Sinapi 3391"]
[3389,"IGNITOR PARA LAMPADA DE VAPOR DE SODIO / VAPOR METALICO ATE 400 W, TENSAO DE PULSO ENTRE 3000 A 4500 V","UN    ","AS","21,50",null,21.5,"Sinapi 3389"]
[3390,"IGNITOR PARA LAMPADA DE VAPOR DE SODIO / VAPOR METALICO ATE 400 W, TENSAO DE PULSO ENTRE 580 A 750 V","UN    ","AS","24,19",null,24.19,"Sinapi 3390"]
[12873,"IMPERMEABILIZADOR","H     ","CR","16,48",null,16.48,"Sinapi 12873"]
[41076,"IMPERMEABILIZADOR (MENSALISTA)","MES   ","CR","2.939,34",null,2939.34,"Sinapi 41076"]
[140,"IMPERMEABILIZANTE FLEXIVEL BRANCO DE BASE ACRILICA PARA COBERTURAS","KG    ","CR","13,67",null,13.67,"Sinapi 140"]
[151,"IMPERMEABILIZANTE INCOLOR PARA TRATAMENTO DE FACHADAS E TELHAS, BASE SILICONE","L     ","CR","20,17",null,20.170000000000002,"Sinapi 151"]
[7340,"IMUNIZANTE PARA MADEIRA, INCOLOR","L     ","CR","20,56",null,20.56,"Sinapi 7340"]
[2701,"INSTALADOR DE TUBULACOES (TUBOS/EQUIPAMENTOS)","H     ","CR","12,70",null,12.7,"Sinapi 2701"]
[40929,"INSTALADOR DE TUBULACOES (TUBOS/EQUIPAMENTOS) (MENSALISTA)","MES   ","CR","2.265,16",null,2265.16,"Sinapi 40929"]
[38114,"INTERRUPTOR BIPOLAR SIMPLES 10 A, 250 V (APENAS MODULO)","UN    ","CR","16,47",null,16.47,"Sinapi 38114"]
[38064,"INTERRUPTOR BIPOLAR 10A, 250V, CONJUNTO MONTADO PARA EMBUTIR 4\" X 2\" (PLACA + SUPORTE + MODULO)","UN    ","CR","18,41",null,18.41,"Sinapi 38064"]
[38115,"INTERRUPTOR INTERMEDIARIO 10 A, 250 V (APENAS MODULO)","UN    ","CR","17,58",null,17.579999999999998,"Sinapi 38115"]
[38065,"INTERRUPTOR INTERMEDIARIO 10A, 250V, CONJUNTO MONTADO PARA EMBUTIR 4\" X 2\" (PLACA + SUPORTE + MODULO)","UN    ","CR","26,12",null,26.12,"Sinapi 38065"]
[38078,"INTERRUPTOR PARALELO + TOMADA 2P+T 10A, 250V, CONJUNTO MONTADO PARA EMBUTIR 4\" X 2\" (PLACA + SUPORTE + MODULOS)","UN    ","CR","15,24",null,15.24,"Sinapi 38078"]
[38113,"INTERRUPTOR PARALELO 10A, 250V (APENAS MODULO)","UN    ","CR","8,28",null,8.2799999999999994,"Sinapi 38113"]
[38063,"INTERRUPTOR PARALELO 10A, 250V, CONJUNTO MONTADO PARA EMBUTIR 4\" X 2\" (PLACA + SUPORTE + MODULO)","UN    ","CR","8,88",null,8.8800000000000008,"Sinapi 38063"]
[38080,"INTERRUPTOR SIMPLES + INTERRUPTOR PARALELO + TOMADA 2P+T 10A, 250V, CONJUNTO MONTADO PARA EMBUTIR 4\" X 2\" (PLACA + SUPORTE + MODULOS)","UN    ","CR","26,47",null,26.47,"Sinapi 38080"]
[38069,"INTERRUPTOR SIMPLES + INTERRUPTOR PARALELO 10A, 250V, CONJUNTO MONTADO PARA EMBUTIR 4\" X 2\" (PLACA + SUPORTE + MODULOS)","UN    ","CR","14,48",null,14.48,"Sinapi 38069"]
[38077,"INTERRUPTOR SIMPLES + TOMADA 2P+T 10A, 250V, CONJUNTO MONTADO PARA EMBUTIR 4\" X 2\" (PLACA + SUPORTE + MODULOS)","UN    ","CR","14,15",null,14.15,"Sinapi 38077"]
[38073,"INTERRUPTOR SIMPLES + 2 INTERRUPTORES PARALELOS 10A, 250V, CONJUNTO MONTADO PARA EMBUTIR 4\" X 2\" (PLACA + SUPORTE + MODULOS)","UN    ","CR","21,55",null,21.55,"Sinapi 38073"]
[38112,"INTERRUPTOR SIMPLES 10A, 250V (APENAS MODULO)","UN    ","CR","6,35",null,6.35,"Sinapi 38112"]
[38062,"INTERRUPTOR SIMPLES 10A, 250V, CONJUNTO MONTADO PARA EMBUTIR 4\" X 2\" (PLACA + SUPORTE + MODULO)","UN    ","CR","6,52",null,6.52,"Sinapi 38062"]
[12128,"INTERRUPTOR SIMPLES 10A, 250V, CONJUNTO MONTADO PARA SOBREPOR 4\" X 2\" (CAIXA + MODULO)","UN    ","CR","8,72",null,8.7200000000000006,"Sinapi 12128"]
[12129,"INTERRUPTOR SIMPLES 10A, 250V, CONJUNTO MONTADO PARA SOBREPOR 4\" X 2\" (CAIXA + 2 MODULOS)","UN    ","CR","11,53",null,11.53,"Sinapi 12129"]
[38081,"INTERRUPTORES PARALELOS (2 MODULOS) + TOMADA 2P+T 10A, 250V, CONJUNTO MONTADO PARA EMBUTIR 4\" X 2\" (PLACA + SUPORTE + MODULOS)","UN    ","CR","22,45",null,22.45,"Sinapi 38081"]
[38070,"INTERRUPTORES PARALELOS (2 MODULOS) 10A, 250V, CONJUNTO MONTADO PARA EMBUTIR 4\" X 2\" (PLACA + SUPORTE + MODULOS)","UN    ","CR","15,47",null,15.47,"Sinapi 38070"]
[38074,"INTERRUPTORES PARALELOS (3 MODULOS) 10A, 250V, CONJUNTO MONTADO PARA EMBUTIR 4\" X 2\" (PLACA + SUPORTE + MODULO)","UN    ","CR","23,52",null,23.52,"Sinapi 38074"]
[38079,"INTERRUPTORES SIMPLES (2 MODULOS) + TOMADA 2P+T 10A, 250V, CONJUNTO MONTADO PARA EMBUTIR 4\" X 2\" (PLACA + SUPORTE + MODULOS)","UN    ","CR","20,19",null,20.190000000000001,"Sinapi 38079"]
[38072,"INTERRUPTORES SIMPLES (2 MODULOS) + 1 INTERRUPTOR PARALELO 10A, 250V, CONJUNTO MONTADO PARA EMBUTIR 4\" X 2\" (PLACA + SUPORTE + MODULOS)","UN    ","CR","19,40",null,19.399999999999999,"Sinapi 38072"]
[38068,"INTERRUPTORES SIMPLES (2 MODULOS) 10A, 250V, CONJUNTO MONTADO PARA EMBUTIR 4\" X 2\" (PLACA + SUPORTE + MODULOS)","UN    ","CR","13,39",null,13.39,"Sinapi 38068"]
[38071,"INTERRUPTORES SIMPLES (3 MODULOS) 10A, 250V, CONJUNTO MONTADO PARA EMBUTIR 4\" X 2\" (PLACA + SUPORTE + MODULOS)","UN    ","CR","16,01",null,16.010000000000002,"Sinapi 38071"]
[38412,"INVERSOR DE SOLDA MONOFASICO DE 160 A, POTENCIA DE 5400 W, TENSAO DE 220 V, TURBO VENTILADO, PROTECAO POR FUSIVEL TERMICO, PARA ELETRODOS DE 2,0 A 4,0 MM","UN    ","AS","999,14",null,999.14,"Sinapi 38412"]
[3405,"ISOLADOR DE PORCELANA SUSPENSO, DISCO TIPO GARFO OLHAL, DIAMETRO DE 152 MM, PARA TENSAO DE *15* KV","UN    ","AS","63,25",null,63.25,"Sinapi 3405"]
[3394,"ISOLADOR DE PORCELANA, TIPO BUCHA, PARA TENSAO DE *15* KV","UN    ","AS","333,87",null,333.87,"Sinapi 3394"]
[3393,"ISOLADOR DE PORCELANA, TIPO BUCHA, PARA TENSAO DE *35* KV","UN    ","AS","568,45",null,568.45000000000005,"Sinapi 3393"]
[3406,"ISOLADOR DE PORCELANA, TIPO PINO MONOCORPO, PARA TENSAO DE *15* KV","UN    ","AS","19,36",null,19.36,"Sinapi 3406"]
[3395,"ISOLADOR DE PORCELANA, TIPO PINO MONOCORPO, PARA TENSAO DE *35* KV","UN    ","AS","81,67",null,81.67,"Sinapi 3395"]
[3398,"ISOLADOR DE PORCELANA, TIPO ROLDANA, DIMENSOES DE *72* X *72* MM, PARA USO EM BAIXA TENSAO","UN    ","AS","3,88",null,3.88,"Sinapi 3398"]
[34379,"JANELA BASCULANTE EM ALUMINIO, 100 X 100 CM (A X L), ACABAMENTO ACET OU BRILHANTE, BATENTE/REQUADRO DE 3 A 14 CM, COM VIDRO, SEM GUARNICAO/ALIZAR","UN    ","AS","192,47",null,192.47,"Sinapi 34379"]
[34378,"JANELA BASCULANTE EM ALUMINIO, 100 X 80 CM (A X L), ACABAMENTO ACET OU BRILHANTE, BATENTE/REQUADRO DE 3 A 14 CM, COM VIDRO, SEM GUARNICAO/ALIZAR","UN    ","AS","155,02",null,155.02000000000001,"Sinapi 34378"]
[34377,"JANELA BASCULANTE EM ALUMINIO, 80 X 60 CM (A X L), ACABAMENTO ACET OU BRILHANTE, BATENTE/REQUADRO DE 3 A 14 CM, COM VIDRO, SEM GUARNICAO/ALIZAR","UN    ","AS","142,96",null,142.96,"Sinapi 34377"]
[581,"JANELA BASCULANTE EM ALUMINIO, 80 X 60 CM (A X L), BATENTE/REQUADRO DE 3 A 14 CM, COM VIDRO, SEM GUARNICAO/ALIZAR","M2    ","AS","271,53",null,271.52999999999997,"Sinapi 581"]
[40662,"JANELA BASCULANTE EM MADEIRA PINUS/ EUCALIPTO/ TAUARI/ VIROLA OU EQUIVALENTE DA REGIAO, *60 X 60*, CAIXA DO BATENTE/ MARCO E = *10* CM, 2 BASCULAS PARA VIDRO, COM FERRAGENS (SEM VIDRO, SEM GUARNICAO/ALIZAR E SEM ACABAMENTO)","UN    ","AS","201,19",null,201.19,"Sinapi 40662"]
[3437,"JANELA BASCULANTE EM MADEIRA PINUS/ EUCALIPTO/ TAUARI/ VIROLA OU EQUIVALENTE DA REGIAO, CAIXA DO BATENTE/ MARCO *10* CM, *2* FOLHAS BASCULANTES PARA VIDRO, COM FERRAGENS (SEM VIDRO, SEM GUARNICAO/ALIZAR E SEM ACABAMENTO)","M2    ","AS","558,88",null,558.88,"Sinapi 3437"]
[11183,"JANELA BASCULANTE, ACO, COM BATENTE/REQUADRO, 100 X 100 CM (SEM VIDROS)","UN    ","CR","311,63",null,{"$f":"IF(E2569=\"\",\"\",E2569+0)","v":311.63},{"$f":"IF(G2569=\"\",\"\",CONCATENATE(\"Sinapi \",A2569))","v":"Sinapi 11183"}]
[11190,"JANELA BASCULANTE, ACO, COM BATENTE/REQUADRO, 60 X 60 CM (SEM VIDROS)","UN    ","C ","144,56",null,144.56,"Sinapi 11190"]
[616,"JANELA BASCULANTE, ACO, COM BATENTE/REQUADRO, 60 X 80 CM (SEM VIDROS)","UN    ","CR","170,01",null,170.01,"Sinapi 616"]
[615,"JANELA BASCULANTE, ACO, COM BATENTE/REQUADRO, 60 X 80 CM (SEM VIDROS)","M2    ","CR","354,19",null,354.19,"Sinapi 615"]
[11192,"JANELA BASCULANTE, ACO, COM BATENTE/REQUADRO, 80 X 80 CM (SEM VIDROS)","UN    ","CR","265,98",null,265.98,"Sinapi 11192"]
[11231,"JANELA BASCULANTE, ACO, COM BATENTE/REQUADRO, 80 X 80 CM (SEM VIDROS)","M2    ","CR","415,59",null,415.59,"Sinapi 11231"]
[3428,"JANELA DE ABRIR EM MADEIRA IMBUIA/CEDRO ARANA/CEDRO ROSA OU EQUIVALENTE DA REGIAO, CAIXA DO BATENTE/MARCO *10* CM, 2 FOLHAS DE ABRIR TIPO VENEZIANA E 2 FOLHAS DE ABRIR PARA VIDRO, COM GUARNICAO/ALIZAR, COM FERRAGENS, (SEM VIDRO E SEM ACABAMENTO)","M2    ","AS","829,00",null,829,"Sinapi 3428"]
[3429,"JANELA DE ABRIR EM MADEIRA PINUS/EUCALIPTO/ TAUARI/ VIROLA OU EQUIVALENTE DA REGIAO, CAIXA DO BATENTE/MARCO *10* CM, 2 FOLHAS DE ABRIR TIPO VENEZIANA E 2 FOLHAS GUILHOTINA PARA VIDRO, COM FERRAGENS (SEM VIDRO,SEM GUARNICAO/ALIZAR E SEM ACABAMENTO)","M2    ","AS","473,64",null,473.64,"Sinapi 3429"]
[34371,"JANELA DE CORRER EM ALUMINIO, VENEZIANA, 120  X 150 CM (A X L), 3 FLS (2 VENEZIANAS E 1 VIDRO), SEM BANDEIRA, ACABAMENTO ACET OU BRILHANTE, BATENTE/REQUADRO DE 6 A 14 CM, COM VIDRO, SEM GUARNICAO/ALIZAR","UN    ","AS","523,28",null,523.28,"Sinapi 34371"]
[34370,"JANELA DE CORRER EM ALUMINIO, VENEZIANA, 120 X 120 CM (A X L), 3 FLS (2 VENEZIANAS E 1 VIDRO), SEM BANDEIRA, ACABAMENTO ACET OU BRILHANTE, BATENTE/REQUADRO DE 6 A 14 CM, COM VIDRO, SEM GUARNICAO/ALIZAR","UN    ","AS","433,96",null,433.96,"Sinapi 34370"]
[34372,"JANELA DE CORRER EM ALUMINIO, VENEZIANA, 120 X 150 CM (A X L), 6 FLS (4 VENEZIANAS E 2 VIDROS), SEM BANDEIRA, ACABAMENTO ACET OU BRILHANTE, BATENTE/REQUADRO DE 6 A 14 CM, COM VIDRO, SEM GUARNICAO/ALIZAR","UN    ","AS","603,70",null,603.70000000000005,"Sinapi 34372"]
[34373,"JANELA DE CORRER EM ALUMINIO, VENEZIANA, 120 X 200 CM (A X L), 6 FLS (4 VENEZIANAS E 2 VIDROS), SEM BANDEIRA, ACABAMENTO ACET OU BRILHANTE,  BATENTE/REQUADRO DE 6 A 14 CM, COM VIDRO, SEM GUARNICAO/ALIZAR","UN    ","AS","747,29",null,747.29,"Sinapi 34373"]
[36896,"JANELA DE CORRER EM ALUMINIO, 100 X 120 CM (A X L), 2 FLS,  SEM BANDEIRA,  ACABAMENTO ACET OU BRILHANTE, BATENTE/REQUADRO DE 6 A 14 CM, COM VIDRO, SEM GUARNICAO","UN    ","AS","249,00",null,249,"Sinapi 36896"]
[34367,"JANELA DE CORRER EM ALUMINIO, 100 X 150 CM (A X L), 2 FLS,  SEM BANDEIRA,  ACABAMENTO ACET OU BRILHANTE, BATENTE/REQUADRO DE 6 A 14 CM, COM VIDRO, SEM GUARNICAO/ALIZAR","UN    ","AS","292,48",null,292.48,"Sinapi 34367"]
[36897,"JANELA DE CORRER EM ALUMINIO, 100 X 150 CM (A X L), 4 FLS, SEM BANDEIRA, ACABAMENTO ACET OU BRILHANTE, BATENTE/REQUADRO DE 6 A 14 CM, COM VIDRO, SEM GUARNICAO/ALIZAR","UN    ","AS","344,90",null,344.9,"Sinapi 36897"]
[36884,"JANELA DE CORRER EM ALUMINIO, 100 X 150 CM (A X L), 4 FLS, SEM BANDEIRA, ACABAMENTO ACET OU BRILHANTE, BATENTE/REQUADRO DE 6 A 14 CM, COM VIDRO, SEM GUARNICAO/ALIZAR","M2    ","AS","242,24",null,242.24,"Sinapi 36884"]
[597,"JANELA DE CORRER EM ALUMINIO, 100 X 150 CM (A X L), 4 FLS, SEM BANDEIRA, ACABAMENTO ACET OU BRILHANTE, COM VIDRO, COM GUARNICAO PARA 1 FACE","M2    ","AS","254,75",null,254.75,"Sinapi 597"]
[34369,"JANELA DE CORRER EM ALUMINIO, 100 X 200 CM, 4 FLS,  BANDEIRA COM BASCULA,  ACABAMENTO ACET OU BRILHANTE, BATENTE/REQUADRO DE 6 A 14 CM, COM VIDRO, SEM GUARNICAO/ALIZAR","UN    ","AS","408,64",null,408.64,"Sinapi 34369"]
[34362,"JANELA DE CORRER EM ALUMINIO, 120 X 120 CM (A X L), 2 FLS, SEM BANDEIRA, ACABAMENTO ACET OU BRILHANTE,  BATENTE/REQUADRO DE 6 A 14 CM, COM VIDRO, SEM GUARNICAO/ALIZAR","UN    ","AS","283,55",null,283.55,"Sinapi 34362"]
[34363,"JANELA DE CORRER EM ALUMINIO, 120 X 150 CM (A X L), 2 FLS, SEM BANDEIRA, ACABAMENTO ACET OU BRILHANTE, BATENTE/REQUADRO DE 6 A 14 CM, COM VIDRO, SEM GUARNICAO/ALIZAR","UN    ","AS","320,48",null,320.48,"Sinapi 34363"]
[34364,"JANELA DE CORRER EM ALUMINIO, 120 X 150 CM (A X L), 4 FLS, BANDEIRA COM BASCULA,  ACABAMENTO ACET OU BRILHANTE, BATENTE/REQUADRO DE 6 A 14 CM, COM VIDRO, SEM GUARNICAO/ALIZAR","UN    ","AS","399,71",null,399.71,"Sinapi 34364"]
[34365,"JANELA DE CORRER EM ALUMINIO, 120 X 200 CM (A X L), 4 FLS, BANDEIRA COM BASCULA,  ACABAMENTO ACET OU BRILHANTE, BATENTE/REQUADRO DE 6 A 14 CM, COM VIDRO, SEM GUARNICAO/ALIZAR","UN    ","AS","450,34",null,450.34,"Sinapi 34365"]
[11199,"JANELA DE CORRER, ACO, BATENTE/REQUADRO DE 6 A 14 CM,  COM DIVISAO HORIZ , PINT ANTICORROSIVA, SEM VIDRO, BANDEIRA COM BASCULA, 4 FLS, 120  X 150 CM (A X L)","UN    ","CR","798,38",null,798.38,"Sinapi 11199"]
[34801,"JANELA DE CORRER, ACO, BATENTE/REQUADRO DE 6 A 14 CM, QUADRICULADA, PINT ANTICORROSIVA, SEM VIDRO, BANDEIRA COM BASCULA, 4 FLS, 120  X 150 CM (A X L)","UN    ","CR","1.001,51",null,1001.51,"Sinapi 34801"]
[34799,"JANELA DE CORRER, ACO, BATENTE/REQUADRO DE 6 A 14 CM, QUADRICULADA, PINT ANTICORROSIVA, SEM VIDRO, BANDEIRA COM BASCULA, 4 FLS, 120  X 200 CM (A X L)","UN    ","CR","1.235,07",null,1235.07,"Sinapi 34799"]
[622,"JANELA DE CORRER, ACO, BATENTE/REQUADRO DE 6 A 14 CM, QUADRICULADA, PINT ANTICORROSIVA, SEM VIDRO, SEM BANDEIRA, 4 FLS, 100  X 120 CM (A X L)","UN    ","CR","556,03",null,556.03,"Sinapi 622"]
[34805,"JANELA DE CORRER, ACO, BATENTE/REQUADRO DE 6 A 14 CM, QUADRICULADA, PINT ANTICORROSIVA, SEM VIDRO, SEM BANDEIRA, 4 FLS, 120  X 150 CM (A X L)","M2    ","CR","416,15",null,416.15,"Sinapi 34805"]
[34803,"JANELA DE CORRER, ACO, BATENTE/REQUADRO DE 6 A 14 CM, QUADRICULADA, PINT ANTICORROSIVA, SEM VIDRO, SEM BANDEIRA, 4 FLS, 120  X 200 CM (A X L)","UN    ","CR","503,21",null,503.21,"Sinapi 34803"]
[606,"JANELA DE CORRER, ACO, BATENTE/REQUADRO DE 6 A 14 CM, QUADRICULADA, PINTURA ANTICORROSIVA, SEM VIDRO, BANDEIRA COM BASCULA, 4 FLS, 120  X 150 CM (A X L)","M2    ","CR","556,39",null,556.39,"Sinapi 606"]
[11227,"JANELA DE CORRER, ACO, BATENTE/REQUADRO DE 6 A 14 CM, SEM  DIVISAO, PINT ANTICORROSIVA, SEM VIDRO, BANDEIRA COM BASCULA, 4 FLS, 120  X 200 CM (A X L)","UN    ","CR","589,30",null,589.29999999999995,"Sinapi 11227"]
[11193,"JANELA DE CORRER, ACO, BATENTE/REQUADRO DE 6 A 14 CM, VENEZIANA, PINT ANTICORROSIVA, PINT ACABAMENTO, COM VIDRO, 6 FLS, 120  X 150 CM (A X L)","M2    ","CR","564,13",null,564.13,"Sinapi 11193"]
[11194,"JANELA DE CORRER, ACO, BATENTE/REQUADRO DE 6 A 14 CM, VENEZIANA, PINT ANTICORROSIVA, SEM VIDRO, 6 FLS, 120  X 150 CM (A X L)","M2    ","CR","507,93",null,507.93,"Sinapi 11194"]
[605,"JANELA DE CORRER, ACO, COM BATENTE/REQUADRO DE 6 A 14 CM, SEM DIVISAO, PINT ANTICORROSIVA, PINT ACABAMENTO, COM VIDRO, SEM BANDEIRA, COM GRADE, 4 FLS, 100  X 120 CM (A X L)","M2    ","CR","637,91",null,637.91,"Sinapi 605"]
[11197,"JANELA DE CORRER, ACO, COM BATENTE/REQUADRO DE 6 A 14 CM, SEM DIVISAO, PINT ANTICORROSIVA, PINT ACABAMENTO, COM VIDRO, SEM BANDEIRA, 2 FLS, 120  X 150 CM (A X L)","UN    ","CR","772,58",null,772.58,"Sinapi 11197"]
[40659,"JANELA DE 6 FOLHAS DE CORRER EM MADEIRA CEDRINHO/ ANGELIM COMERCIAL/ CURUPIXA/ CUMARU OU EQUIVALENTE DA REGIAO, CAIXA DO BATENTE/MARCO *10* CM, 2 FOLHAS DE CORRER VENEZIANA, 2 FOLHAS FIXAS VENEZIANA E 2 FOLHAS DE CORRER PARA VIDRO, COM FERRAGENS (SEM VIDRO, SEM ACABAMENTO E SEM GUARNICAO/ALIZAR)","M2    ","AS","790,73",null,790.73,"Sinapi 40659"]
[40660,"JANELA DE 6 FOLHAS DE CORRER EM MADEIRA IMBUIA/CEDRO ARANA/CEDRO ROSA OU EQUIVALENTE DA REGIAO, CAIXA DO BATENTE/MARCO *10* CM, 2 FOLHAS DE CORRER VENEZIANA, 2 FOLHAS FIXAS VENEZIANA E 2 FOLHAS DE CORRER PARA VIDRO, COM FERRAGENS (SEM VIDRO, SEM ACABAMENTO E SEM GUARNICAO/ALIZAR)","M2    ","AS","1.002,16",null,1002.16,"Sinapi 40660"]
[40661,"JANELA DE 6 FOLHAS DE CORRER EM MADEIRA PINUS/ EUCALIPTO/ TAUARI/ VIROLA OU  EQUIVALENTE DA REGIAO, CAIXA DO BATENTE/MARCO *10* CM, 2 FOLHAS DE CORRER VENEZIANA, 2 FOLHAS FIXAS VENEZIANA E 2 FOLHAS DE CORRER PARA VIDRO, COM FERRAGENS (SEM VIDRO, SEM ACABAMENTO E SEM GUARNICAO/ALIZAR)","M2    ","AS","616,15",null,616.15,"Sinapi 40661"]
[3421,"JANELA EM MADEIRA CEDRINHO/ ANGELIM COMERCIAL/ CURUPIXA/ CUMARU OU EQUIVALENTE DA REGIAO, CAIXA DO BATENTE/MARCO *10* CM, 2 FOLHAS DE ABRIR TIPO VENEZIANA E 2 FOLHAS GUILHOTINA PARA VIDRO, COM GUARNICAO/ALIZAR, COM FERRAGENS (SEM VIDRO E SEM ACABAMENTO)","M2    ","AS","620,87",null,620.87,"Sinapi 3421"]
[599,"JANELA FIXA EM ALUMINIO, 60  X 80 CM (A X L), BATENTE/REQUADRO DE 3 A 14 CM, COM VIDRO, SEM GUARNICAO/ALIZAR","M2    ","AS","215,93",null,215.93,"Sinapi 599"]
[34380,"JANELA FIXA EM ALUMINIO, 60 X 80 CM (A X L), BATENTE/REQUADRO DE 3 A 14 CM, COM VIDRO, SEM GUARNICAO/ALIZAR","UN    ","AS","111,99",null,111.99,"Sinapi 34380"]
[34381,"JANELA MAXIM AR EM ALUMINIO, 80 X 60 CM (A X L), BATENTE/REQUADRO DE 4 A 14 CM, COM VIDRO, SEM GUARNICAO/ALIZAR","UN    ","AS","145,94",null,145.94,"Sinapi 34381"]
[601,"JANELA MAXIM AR EM ALUMINIO, 80 X 60 CM (A X L), BATENTE/REQUADRO DE 4 A 14 CM, COM VIDRO, SEM GUARNICAO/ALIZAR","M2    ","AS","291,30",null,291.3,"Sinapi 601"]
[3423,"JANELA MAXIM AR EM MADEIRA CEDRINHO/ ANGELIM COMERCIAL/ CURUPIXA/ CUMARU OU EQUIVALENTE DA REGIAO, CAIXA DO BATENTE/MARCO *10* CM, 1 FOLHA  PARA VIDRO, COM GUARNICAO/ALIZAR, COM FERRAGENS, (SEM VIDRO E SEM ACABAMENTO)","M2    ","AS","875,57",null,875.57,"Sinapi 3423"]
[34797,"JANELA MAXIMO AR, ACO, BATENTE / REQUADRO DE 6 A 14 CM, PINT ANTICORROSIVA, SEM VIDRO, COM GRADE, 1 FL, 60  X 80 CM (A X L)","UN    ","CR","314,87",null,314.87,"Sinapi 34797"]
[624,"JANELA MAXIMO AR, ACO, BATENTE/REQUADRO DE 6 A 14 CM, PINT ANTICORROSIVA, SEM VIDRO, COM GRADE, 1 FL, 60  X 80 CM (A X L)","M2    ","CR","655,99",null,655.99,"Sinapi 624"]
[623,"JANELA MAXIMO AR, ACO, BATENTE/REQUADRO DE 6 A 14 CM, PINT ANTICORROSIVA, SEM VIDRO, SEM GRADE, 1 FL, 60  X 80 CM (A X L)","M2    ","CR","246,32",null,246.32,"Sinapi 623"]
[25964,"JARDINEIRO","H     ","CR","15,95",null,15.95,"Sinapi 25964"]
[41077,"JARDINEIRO (MENSALISTA)","MES   ","CR","2.844,98",null,2844.98,"Sinapi 41077"]
[20159,"JOELHO COM VISITA, PVC SERIE R, 90 GRAUS, 100 X 75 MM, PARA ESGOTO PREDIAL","UN    ","CR","34,66",null,34.659999999999997,"Sinapi 20159"]
[37963,"JOELHO CPVC, SOLDAVEL, 45 GRAUS, 15 MM, PARA AGUA QUENTE","UN    ","CR","1,88",null,1.88,"Sinapi 37963"]
[37964,"JOELHO CPVC, SOLDAVEL, 45 GRAUS, 22 MM, PARA AGUA QUENTE","UN    ","CR","3,13",null,3.13,"Sinapi 37964"]
[37965,"JOELHO CPVC, SOLDAVEL, 45 GRAUS, 28 MM, PARA AGUA QUENTE","UN    ","CR","4,54",null,4.54,"Sinapi 37965"]
[37966,"JOELHO CPVC, SOLDAVEL, 45 GRAUS, 35 MM, PARA AGUA QUENTE","UN    ","CR","8,22",null,8.2200000000000006,"Sinapi 37966"]
[37967,"JOELHO CPVC, SOLDAVEL, 45 GRAUS, 42 MM, PARA AGUA QUENTE","UN    ","CR","13,18",null,13.18,"Sinapi 37967"]
[37968,"JOELHO CPVC, SOLDAVEL, 45 GRAUS, 54 MM, PARA AGUA QUENTE","UN    ","CR","28,92",null,28.92,"Sinapi 37968"]
[37969,"JOELHO CPVC, SOLDAVEL, 45 GRAUS, 73 MM, PARA AGUA QUENTE","UN    ","CR","77,26",null,77.260000000000005,"Sinapi 37969"]
[37970,"JOELHO CPVC, SOLDAVEL, 45 GRAUS, 89 MM, PARA AGUA QUENTE","UN    ","CR","90,13",null,90.13,"Sinapi 37970"]
[21118,"JOELHO CPVC, SOLDAVEL, 90 GRAUS, 15 MM, PARA AGUA QUENTE","UN    ","C ","1,42",null,1.42,"Sinapi 21118"]
[37956,"JOELHO CPVC, SOLDAVEL, 90 GRAUS, 22 MM, PARA AGUA QUENTE","UN    ","CR","2,25",null,2.25,"Sinapi 37956"]
[37957,"JOELHO CPVC, SOLDAVEL, 90 GRAUS, 28 MM, PARA AGUA QUENTE","UN    ","CR","4,74",null,4.74,"Sinapi 37957"]
[37958,"JOELHO CPVC, SOLDAVEL, 90 GRAUS, 35 MM, PARA AGUA QUENTE","UN    ","CR","8,22",null,8.2200000000000006,"Sinapi 37958"]
[37959,"JOELHO CPVC, SOLDAVEL, 90 GRAUS, 42 MM, PARA AGUA QUENTE","UN    ","CR","13,18",null,13.18,"Sinapi 37959"]
[37960,"JOELHO CPVC, SOLDAVEL, 90 GRAUS, 54 MM, PARA AGUA QUENTE","UN    ","CR","28,40",null,28.4,"Sinapi 37960"]
[37961,"JOELHO CPVC, SOLDAVEL, 90 GRAUS, 73 MM, PARA AGUA QUENTE","UN    ","CR","75,34",null,75.34,"Sinapi 37961"]
[37962,"JOELHO CPVC, SOLDAVEL, 90 GRAUS, 89 MM, PARA AGUA QUENTE","UN    ","CR","87,55",null,{"$f":"IF(E2633=\"\",\"\",E2633+0)","v":87.55},{"$f":"IF(G2633=\"\",\"\",CONCATENATE(\"Sinapi \",A2633))","v":"Sinapi 37962"}]
[3533,"JOELHO DE REDUCAO, PVC SOLDAVEL, 90 GRAUS,  25 MM X 20 MM, PARA AGUA FRIA PREDIAL","UN    ","CR","1,68",null,1.68,"Sinapi 3533"]
[3538,"JOELHO DE REDUCAO, PVC SOLDAVEL, 90 GRAUS,  32 MM X 25 MM, PARA AGUA FRIA PREDIAL","UN    ","CR","2,91",null,2.91,"Sinapi 3538"]
[3497,"JOELHO DE REDUCAO, PVC, ROSCAVEL COM BUCHA DE LATAO, 90 GRAUS,  3/4\" X 1/2\", PARA AGUA FRIA PREDIAL","UN    ","CR","10,87",null,10.87,"Sinapi 3497"]
[3498,"JOELHO DE REDUCAO, PVC, ROSCAVEL, 90 GRAUS, 1\" X 3/4\", PARA AGUA FRIA PREDIAL","UN    ","CR","3,45",null,3.45,"Sinapi 3498"]
[3496,"JOELHO DE REDUCAO, PVC, ROSCAVEL, 90 GRAUS, 3/4\" X 1/2\", PARA AGUA FRIA PREDIAL","UN    ","CR","2,79",null,2.79,"Sinapi 3496"]
[38429,"JOELHO DE TRANSICAO, CPVC, SOLDAVEL, 90 GRAUS, 15 MM X 1/2\", PARA AGUA QUENTE","UN    ","CR","4,79",null,4.79,"Sinapi 38429"]
[38431,"JOELHO DE TRANSICAO, CPVC, SOLDAVEL, 90 GRAUS, 22 MM X 1/2\", PARA AGUA QUENTE","UN    ","CR","7,59",null,7.59,"Sinapi 38431"]
[38430,"JOELHO DE TRANSICAO, CPVC, SOLDAVEL, 90 GRAUS, 22 MM X 3/4\", PARA AGUA QUENTE","UN    ","CR","9,70",null,9.6999999999999993,"Sinapi 38430"]
[36348,"JOELHO PPR 45 GRAUS, SOLDAVEL,  DN 20 MM, PARA AGUA QUENTE PREDIAL","UN    ","AS","1,07",null,1.07,"Sinapi 36348"]
[36349,"JOELHO PPR 45 GRAUS, SOLDAVEL, DN 25 MM, PARA AGUA QUENTE PREDIAL","UN    ","AS","1,61",null,1.61,"Sinapi 36349"]
[38433,"JOELHO PPR, 45 GRAUS, SOLDAVEL, DN 32 MM, PARA AGUA QUENTE PREDIAL","UN    ","AS","2,99",null,2.99,"Sinapi 38433"]
[38440,"JOELHO PPR, 90 GRAUS, SOLDAVEL, DN 110 MM, PARA AGUA QUENTE PREDIAL","UN    ","AS","103,14",null,103.14,"Sinapi 38440"]
[36359,"JOELHO PPR, 90 GRAUS, SOLDAVEL, DN 20 MM, PARA AGUA QUENTE PREDIAL","UN    ","AS","1,28",null,1.28,"Sinapi 36359"]
[36360,"JOELHO PPR, 90 GRAUS, SOLDAVEL, DN 25 MM, PARA AGUA QUENTE PREDIAL","UN    ","AS","1,98",null,1.98,"Sinapi 36360"]
[38434,"JOELHO PPR, 90 GRAUS, SOLDAVEL, DN 32 MM, PARA AGUA QUENTE PREDIAL","UN    ","AS","3,03",null,3.03,"Sinapi 38434"]
[38435,"JOELHO PPR, 90 GRAUS, SOLDAVEL, DN 40 MM, PARA AGUA QUENTE PREDIAL","UN    ","AS","5,75",null,5.75,"Sinapi 38435"]
[38436,"JOELHO PPR, 90 GRAUS, SOLDAVEL, DN 50 MM, PARA AGUA QUENTE PREDIAL","UN    ","AS","11,89",null,11.89,"Sinapi 38436"]
[38437,"JOELHO PPR, 90 GRAUS, SOLDAVEL, DN 63 MM, PARA AGUA QUENTE PREDIAL","UN    ","AS","17,85",null,17.850000000000001,"Sinapi 38437"]
[38438,"JOELHO PPR, 90 GRAUS, SOLDAVEL, DN 75 MM, PARA AGUA QUENTE PREDIAL","UN    ","AS","45,12",null,45.12,"Sinapi 38438"]
[38439,"JOELHO PPR, 90 GRAUS, SOLDAVEL, DN 90 MM, PARA AGUA QUENTE PREDIAL","UN    ","AS","68,77",null,68.77,"Sinapi 38439"]
[10836,"JOELHO PVC COM VISITA, 90 GRAUS, DN 100 X 50 MM, SERIE NORMAL, PARA ESGOTO PREDIAL","UN    ","CR","12,15",null,12.15,"Sinapi 10836"]
[20128,"JOELHO PVC LEVE, 45 GRAUS, DN 150 MM, PARA ESGOTO PREDIAL","UN    ","CR","35,61",null,35.61,"Sinapi 20128"]
[20131,"JOELHO PVC LEVE, 90 GRAUS, DN 150 MM, PARA ESGOTO PREDIAL","UN    ","CR","32,50",null,32.5,"Sinapi 20131"]
[3521,"JOELHO PVC,  SOLDAVEL COM ROSCA, 90 GRAUS, 20 MM X 1/2\", PARA AGUA FRIA PREDIAL","UN    ","CR","1,46",null,1.46,"Sinapi 3521"]
[3531,"JOELHO PVC,  SOLDAVEL COM ROSCA, 90 GRAUS, 25 MM X 1/2\", PARA AGUA FRIA PREDIAL","UN    ","CR","1,66",null,1.66,"Sinapi 3531"]
[3522,"JOELHO PVC,  SOLDAVEL COM ROSCA, 90 GRAUS, 25 MM X 3/4\", PARA AGUA FRIA PREDIAL","UN    ","CR","2,47",null,2.4700000000000002,"Sinapi 3522"]
[3527,"JOELHO PVC,  SOLDAVEL COM ROSCA, 90 GRAUS, 32 MM X 3/4\", PARA AGUA FRIA PREDIAL","UN    ","CR","8,48",null,8.48,"Sinapi 3527"]
[10835,"JOELHO PVC, COM BOLSA E ANEL, 90 GRAUS, DN 40 X *38* MM, SERIE NORMAL, PARA ESGOTO PREDIAL","UN    ","CR","2,54",null,2.54,"Sinapi 10835"]
[3475,"JOELHO PVC, ROSCAVEL, 45 GRAUS, 1/2\", PARA AGUA FRIA PREDIAL","UN    ","CR","2,85",null,2.85,"Sinapi 3475"]
[3485,"JOELHO PVC, ROSCAVEL, 45 GRAUS, 1\", PARA AGUA FRIA PREDIAL","UN    ","CR","9,11",null,9.11,"Sinapi 3485"]
[3534,"JOELHO PVC, ROSCAVEL, 45 GRAUS, 3/4\", PARA AGUA FRIA PREDIAL","UN    ","CR","3,60",null,3.6,"Sinapi 3534"]
[3543,"JOELHO PVC, ROSCAVEL, 90 GRAUS, 1/2\", PARA AGUA FRIA PREDIAL","UN    ","CR","1,81",null,1.81,"Sinapi 3543"]
[3482,"JOELHO PVC, ROSCAVEL, 90 GRAUS, 1\", PARA AGUA FRIA PREDIAL","UN    ","CR","4,58",null,4.58,"Sinapi 3482"]
[3505,"JOELHO PVC, ROSCAVEL, 90 GRAUS, 3/4\", PARA AGUA FRIA PREDIAL","UN    ","CR","2,59",null,2.59,"Sinapi 3505"]
[3516,"JOELHO PVC, SOLDAVEL, BB, 45 GRAUS, DN 40 MM, PARA ESGOTO PREDIAL","UN    ","CR","0,66",null,0.66,"Sinapi 3516"]
[3517,"JOELHO PVC, SOLDAVEL, BB, 90 GRAUS, DN 40 MM, PARA ESGOTO PREDIAL","UN    ","CR","2,32",null,2.3199999999999998,"Sinapi 3517"]
[3515,"JOELHO PVC, SOLDAVEL, COM BUCHA DE LATAO, 90 GRAUS, 20 MM X 1/2\", PARA AGUA FRIA PREDIAL","UN    ","CR","4,20",null,4.2,"Sinapi 3515"]
[20147,"JOELHO PVC, SOLDAVEL, COM BUCHA DE LATAO, 90 GRAUS, 25 MM X 1/2\", PARA AGUA FRIA PREDIAL","UN    ","CR","4,53",null,4.53,"Sinapi 20147"]
[3524,"JOELHO PVC, SOLDAVEL, COM BUCHA DE LATAO, 90 GRAUS, 25 MM X 3/4\", PARA AGUA FRIA PREDIAL","UN    ","CR","5,37",null,5.37,"Sinapi 3524"]
[3532,"JOELHO PVC, SOLDAVEL, COM BUCHA DE LATAO, 90 GRAUS, 32 MM X 3/4\", PARA AGUA FRIA PREDIAL","UN    ","CR","9,82",null,9.82,"Sinapi 3532"]
[3528,"JOELHO PVC, SOLDAVEL, PB, 45 GRAUS, DN 100 MM, PARA ESGOTO PREDIAL","UN    ","CR","5,24",null,5.24,"Sinapi 3528"]
[37952,"JOELHO PVC, SOLDAVEL, PB, 45 GRAUS, DN 150 MM, PARA ESGOTO PREDIAL","UN    ","CR","37,33",null,37.33,"Sinapi 37952"]
[37951,"JOELHO PVC, SOLDAVEL, PB, 45 GRAUS, DN 40 MM, PARA ESGOTO PREDIAL","UN    ","CR","1,36",null,1.36,"Sinapi 37951"]
[3518,"JOELHO PVC, SOLDAVEL, PB, 45 GRAUS, DN 50 MM, PARA ESGOTO PREDIAL","UN    ","CR","1,99",null,1.99,"Sinapi 3518"]
[3519,"JOELHO PVC, SOLDAVEL, PB, 45 GRAUS, DN 75 MM, PARA ESGOTO PREDIAL","UN    ","CR","4,70",null,4.7,"Sinapi 3519"]
[3520,"JOELHO PVC, SOLDAVEL, PB, 90 GRAUS, DN 100 MM, PARA ESGOTO PREDIAL","UN    ","CR","5,27",null,5.27,"Sinapi 3520"]
[37950,"JOELHO PVC, SOLDAVEL, PB, 90 GRAUS, DN 150 MM, PARA ESGOTO PREDIAL","UN    ","CR","32,50",null,32.5,"Sinapi 37950"]
[37949,"JOELHO PVC, SOLDAVEL, PB, 90 GRAUS, DN 40 MM, PARA ESGOTO PREDIAL","UN    ","CR","1,19",null,1.19,"Sinapi 37949"]
[3526,"JOELHO PVC, SOLDAVEL, PB, 90 GRAUS, DN 50 MM, PARA ESGOTO PREDIAL","UN    ","CR","1,59",null,1.59,"Sinapi 3526"]
[3509,"JOELHO PVC, SOLDAVEL, PB, 90 GRAUS, DN 75 MM, PARA ESGOTO PREDIAL","UN    ","CR","4,15",null,4.1500000000000004,"Sinapi 3509"]
[3530,"JOELHO PVC, SOLDAVEL, 90 GRAUS, 110 MM, PARA AGUA FRIA PREDIAL","UN    ","CR","169,09",null,169.09,"Sinapi 3530"]
[3542,"JOELHO PVC, SOLDAVEL, 90 GRAUS, 20 MM, PARA AGUA FRIA PREDIAL","UN    ","CR","0,39",null,0.39,"Sinapi 3542"]
[3529,"JOELHO PVC, SOLDAVEL, 90 GRAUS, 25 MM, PARA AGUA FRIA PREDIAL","UN    ","CR","0,54",null,0.54,"Sinapi 3529"]
[3536,"JOELHO PVC, SOLDAVEL, 90 GRAUS, 32 MM, PARA AGUA FRIA PREDIAL","UN    ","CR","1,62",null,1.62,"Sinapi 3536"]
[3535,"JOELHO PVC, SOLDAVEL, 90 GRAUS, 40 MM, PARA AGUA FRIA PREDIAL","UN    ","CR","3,84",null,3.84,"Sinapi 3535"]
[3540,"JOELHO PVC, SOLDAVEL, 90 GRAUS, 50 MM, PARA AGUA FRIA PREDIAL","UN    ","CR","4,15",null,4.1500000000000004,"Sinapi 3540"]
[3539,"JOELHO PVC, SOLDAVEL, 90 GRAUS, 60 MM, PARA AGUA FRIA PREDIAL","UN    ","CR","18,03",null,18.03,"Sinapi 3539"]
[3513,"JOELHO PVC, SOLDAVEL, 90 GRAUS, 85 MM, PARA AGUA FRIA PREDIAL","UN    ","CR","80,15",null,80.150000000000006,"Sinapi 3513"]
[3492,"JOELHO PVC, 45 GRAUS, ROSCAVEL,  1 1/2\", AGUA FRIA PREDIAL","UN    ","CR","15,43",null,15.43,"Sinapi 3492"]
[3491,"JOELHO PVC, 45 GRAUS, ROSCAVEL, 1 1/4\",  AGUA FRIA PREDIAL","UN    ","CR","8,80",null,8.8000000000000007,"Sinapi 3491"]
[3493,"JOELHO PVC, 45 GRAUS, ROSCAVEL, 2\", AGUA FRIA PREDIAL","UN    ","CR","21,09",null,21.09,"Sinapi 3493"]
[12628,"JOELHO PVC, 60 GRAUS, DIAMETRO ENTRE 80 E 100 MM, PARA DRENAGEM PLUVIAL PREDIAL","UN    ","AS","5,65",null,5.65,"Sinapi 12628"]
[12629,"JOELHO PVC, 90 GRAUS, DIAMETRO ENTRE 80 E 100 MM, PARA DRENAGEM PLUVIAL PREDIAL","UN    ","AS","6,14",null,6.14,"Sinapi 12629"]
[3481,"JOELHO PVC, 90 GRAUS, ROSCAVEL, 1 1/2\",  AGUA FRIA PREDIAL","UN    ","CR","10,68",null,{"$f":"IF(E2697=\"\",\"\",E2697+0)","v":10.68},{"$f":"IF(G2697=\"\",\"\",CONCATENATE(\"Sinapi \",A2697))","v":"Sinapi 3481"}]
[3510,"JOELHO PVC, 90 GRAUS, ROSCAVEL, 1 1/4\", AGUA FRIA PREDIAL","UN    ","CR","9,98",null,9.98,"Sinapi 3510"]
[3508,"JOELHO PVC, 90 GRAUS, ROSCAVEL, 2\", AGUA FRIA PREDIAL","UN    ","CR","26,11",null,26.11,"Sinapi 3508"]
[38939,"JOELHO ROSCA FEMEA MOVEL, METALICO, PARA CONEXAO COM ANEL DESLIZANTE EM TUBO PEX, DN 16 MM X 1/2\"","UN    ","AS","11,55",null,11.55,"Sinapi 38939"]
[38940,"JOELHO ROSCA FEMEA MOVEL, METALICO, PARA CONEXAO COM ANEL DESLIZANTE EM TUBO PEX, DN 20 MM X 1/2\"","UN    ","AS","17,63",null,17.63,"Sinapi 38940"]
[38941,"JOELHO ROSCA FEMEA MOVEL, METALICO, PARA CONEXAO COM ANEL DESLIZANTE EM TUBO PEX, DN 20 MM X 3/4\"","UN    ","AS","20,83",null,20.83,"Sinapi 38941"]
[38942,"JOELHO ROSCA FEMEA MOVEL, METALICO, PARA CONEXAO COM ANEL DESLIZANTE EM TUBO PEX, DN 25 MM X 3/4\"","UN    ","AS","23,33",null,23.33,"Sinapi 38942"]
[38987,"JOELHO 45 GRAUS, PPR, SOLDAVEL, F/ F, DN 40 MM, PARA AQUA QUENTE E FRIA PREDIAL","UN    ","AS","5,35",null,5.35,"Sinapi 38987"]
[38988,"JOELHO 45 GRAUS, PPR, SOLDAVEL, F/ F, DN 50 MM, PARA AQUA QUENTE E FRIA PREDIAL","UN    ","AS","12,43",null,12.43,"Sinapi 38988"]
[38989,"JOELHO 45 GRAUS, PPR, SOLDAVEL, F/ F, DN 63 MM, PARA AQUA QUENTE E FRIA PREDIAL","UN    ","AS","16,52",null,16.52,"Sinapi 38989"]
[38990,"JOELHO 45 GRAUS, PPR, SOLDAVEL, F/ F, DN 75 MM, PARA AQUA QUENTE E FRIA PREDIAL","UN    ","AS","43,55",null,43.55,"Sinapi 38990"]
[38991,"JOELHO 45 GRAUS, PPR, SOLDAVEL, F/ F, DN 90 MM, PARA AQUA QUENTE E FRIA PREDIAL","UN    ","AS","88,00",null,88,"Sinapi 38991"]
[38913,"JOELHO 90 GRAUS, METALICO, PARA CONEXAO COM ANEL DESLIZANTE EM TUBO PEX, DN 16 MM","UN    ","AS","10,71",null,10.71,"Sinapi 38913"]
[38914,"JOELHO 90 GRAUS, METALICO, PARA CONEXAO COM ANEL DESLIZANTE EM TUBO PEX, DN 20 MM","UN    ","AS","12,43",null,12.43,"Sinapi 38914"]
[38915,"JOELHO 90 GRAUS, METALICO, PARA CONEXAO COM ANEL DESLIZANTE EM TUBO PEX, DN 25 MM","UN    ","AS","21,58",null,21.58,"Sinapi 38915"]
[38916,"JOELHO 90 GRAUS, METALICO, PARA CONEXAO COM ANEL DESLIZANTE EM TUBO PEX, DN 32 MM","UN    ","AS","28,47",null,28.47,"Sinapi 38916"]
[39300,"JOELHO 90 GRAUS, PLASTICO, PARA CONEXAO COM CRIMPAGEM EM TUBO PEX, DN 16 MM","UN    ","AS","9,68",null,9.68,"Sinapi 39300"]
[39301,"JOELHO 90 GRAUS, PLASTICO, PARA CONEXAO COM CRIMPAGEM EM TUBO PEX, DN 20 MM","UN    ","AS","13,43",null,13.43,"Sinapi 39301"]
[39302,"JOELHO 90 GRAUS, PLASTICO, PARA CONEXAO COM CRIMPAGEM EM TUBO PEX, DN 25 MM","UN    ","AS","16,88",null,16.88,"Sinapi 39302"]
[39303,"JOELHO 90 GRAUS, PLASTICO, PARA CONEXAO COM CRIMPAGEM EM TUBO PEX, DN 32 MM","UN    ","AS","29,67",null,29.67,"Sinapi 39303"]
[38923,"JOELHO 90 GRAUS, ROSCA FEMEA TERMINAL, METALICO, PARA CONEXAO COM ANEL DESLIZANTE EM TUBO PEX, DN 16 MM X 1/2\"","UN    ","AS","9,45",null,9.4499999999999993,"Sinapi 38923"]
[38925,"JOELHO 90 GRAUS, ROSCA FEMEA TERMINAL, METALICO, PARA CONEXAO COM ANEL DESLIZANTE EM TUBO PEX, DN 20 MM X 1/2\"","UN    ","AS","10,16",null,10.16,"Sinapi 38925"]
[38926,"JOELHO 90 GRAUS, ROSCA FEMEA TERMINAL, METALICO, PARA CONEXAO COM ANEL DESLIZANTE EM TUBO PEX, DN 20 MM X 3/4\"","UN    ","AS","14,51",null,14.51,"Sinapi 38926"]
[38927,"JOELHO 90 GRAUS, ROSCA FEMEA TERMINAL, METALICO, PARA CONEXAO COM ANEL DESLIZANTE EM TUBO PEX, DN 25 MM X 3/4\"","UN    ","AS","15,51",null,15.51,"Sinapi 38927"]
[39304,"JOELHO 90 GRAUS, ROSCA FEMEA TERMINAL, PLASTICO, PARA CONEXAO COM CRIMPAGEM EM TUBO PEX, DN 16 MM X 1/2\"","UN    ","AS","11,95",null,11.95,"Sinapi 39304"]
[38924,"JOELHO 90 GRAUS, ROSCA FEMEA TERMINAL, PLASTICO, PARA CONEXAO COM CRIMPAGEM EM TUBO PEX, DN 16 MM X 3/4\"","UN    ","AS","17,03",null,17.03,"Sinapi 38924"]
[39305,"JOELHO 90 GRAUS, ROSCA FEMEA TERMINAL, PLASTICO, PARA CONEXAO COM CRIMPAGEM EM TUBO PEX, DN 20 MM X 1/2\"","UN    ","AS","15,65",null,15.65,"Sinapi 39305"]
[39306,"JOELHO 90 GRAUS, ROSCA FEMEA TERMINAL, PLASTICO, PARA CONEXAO COM CRIMPAGEM EM TUBO PEX, DN 20 MM X 3/4\"","UN    ","AS","19,58",null,19.579999999999998,"Sinapi 39306"]
[38928,"JOELHO 90 GRAUS, ROSCA FEMEA TERMINAL, PLASTICO, PARA CONEXAO COM CRIMPAGEM EM TUBO PEX, DN 25 MM X 1/2\"","UN    ","AS","17,20",null,17.2,"Sinapi 38928"]
[38929,"JOELHO 90 GRAUS, ROSCA FEMEA TERMINAL, PLASTICO, PARA CONEXAO COM CRIMPAGEM EM TUBO PEX, DN 25 MM X 1\"","UN    ","AS","30,49",null,30.49,"Sinapi 38929"]
[39307,"JOELHO 90 GRAUS, ROSCA FEMEA TERMINAL, PLASTICO, PARA CONEXAO COM CRIMPAGEM EM TUBO PEX, DN 25 MM X 3/4\"","UN    ","AS","22,53",null,22.53,"Sinapi 39307"]
[38930,"JOELHO 90 GRAUS, ROSCA FEMEA TERMINAL, PLASTICO, PARA CONEXAO COM CRIMPAGEM EM TUBO PEX, DN 32 MM X 1\"","UN    ","AS","38,31",null,38.31,"Sinapi 38930"]
[38931,"JOELHO 90 GRAUS, ROSCA MACHO TERMINAL, METALICO, PARA CONEXAO COM ANEL DESLIZANTE EM TUBO PEX, DN 16 MM X 1/2\"","UN    ","AS","9,64",null,9.64,"Sinapi 38931"]
[38932,"JOELHO 90 GRAUS, ROSCA MACHO TERMINAL, METALICO, PARA CONEXAO COM ANEL DESLIZANTE EM TUBO PEX, DN 20 MM X 1/2\"","UN    ","AS","9,74",null,9.74,"Sinapi 38932"]
[38934,"JOELHO 90 GRAUS, ROSCA MACHO TERMINAL, METALICO, PARA CONEXAO COM ANEL DESLIZANTE EM TUBO PEX, DN 20 MM X 3/4\"","UN    ","AS","14,40",null,14.4,"Sinapi 38934"]
[38935,"JOELHO 90 GRAUS, ROSCA MACHO TERMINAL, METALICO, PARA CONEXAO COM ANEL DESLIZANTE EM TUBO PEX, DN 25 MM X 3/4\"","UN    ","AS","15,41",null,15.41,"Sinapi 38935"]
[38936,"JOELHO 90 GRAUS, ROSCA MACHO TERMINAL, PLASTICO, PARA CONEXAO COM CRIMPAGEM EM TUBO PEX, DN 25 MM X 1/2\"","UN    ","AS","16,50",null,16.5,"Sinapi 38936"]
[38937,"JOELHO 90 GRAUS, ROSCA MACHO TERMINAL, PLASTICO, PARA CONEXAO COM CRIMPAGEM EM TUBO PEX, DN 25 MM X 1\"","UN    ","AS","20,11",null,20.11,"Sinapi 38937"]
[38938,"JOELHO 90 GRAUS, ROSCA MACHO TERMINAL, PLASTICO, PARA CONEXAO COM CRIMPAGEM EM TUBO PEX, DN 32 MM X 1\"","UN    ","AS","29,90",null,29.9,"Sinapi 38938"]
[3489,"JOELHO, PVC COM ROSCA E BUCHA LATAO, 90 GRAUS,  3/4\", PARA AGUA FRIA PREDIAL","UN    ","CR","9,87",null,9.8699999999999992,"Sinapi 3489"]
[20151,"JOELHO, PVC SERIE R, 45 GRAUS, DN 100 MM, PARA ESGOTO PREDIAL","UN    ","CR","14,64",null,14.64,"Sinapi 20151"]
[20152,"JOELHO, PVC SERIE R, 45 GRAUS, DN 150 MM, PARA ESGOTO PREDIAL","UN    ","CR","50,93",null,50.93,"Sinapi 20152"]
[20148,"JOELHO, PVC SERIE R, 45 GRAUS, DN 40 MM, PARA ESGOTO PREDIAL","UN    ","CR","2,91",null,2.91,"Sinapi 20148"]
[20149,"JOELHO, PVC SERIE R, 45 GRAUS, DN 50 MM, PARA ESGOTO PREDIAL","UN    ","CR","4,50",null,4.5,"Sinapi 20149"]
[20150,"JOELHO, PVC SERIE R, 45 GRAUS, DN 75 MM, PARA ESGOTO PREDIAL","UN    ","CR","10,51",null,10.51,"Sinapi 20150"]
[20157,"JOELHO, PVC SERIE R, 90 GRAUS, DN 100 MM, PARA ESGOTO PREDIAL","UN    ","CR","19,75",null,19.75,"Sinapi 20157"]
[20158,"JOELHO, PVC SERIE R, 90 GRAUS, DN 150 MM, PARA ESGOTO PREDIAL","UN    ","CR","65,61",null,65.61,"Sinapi 20158"]
[20154,"JOELHO, PVC SERIE R, 90 GRAUS, DN 40 MM, PARA ESGOTO PREDIAL","UN    ","CR","3,74",null,3.74,"Sinapi 20154"]
[20155,"JOELHO, PVC SERIE R, 90 GRAUS, DN 50 MM, PARA ESGOTO PREDIAL","UN    ","CR","5,60",null,5.6,"Sinapi 20155"]
[20156,"JOELHO, PVC SERIE R, 90 GRAUS, DN 75 MM, PARA ESGOTO PREDIAL","UN    ","CR","12,61",null,12.61,"Sinapi 20156"]
[3512,"JOELHO, PVC SOLDAVEL, 45 GRAUS, 110 MM, PARA AGUA FRIA PREDIAL","UN    ","CR","154,63",null,154.63,"Sinapi 3512"]
[3499,"JOELHO, PVC SOLDAVEL, 45 GRAUS, 20 MM, PARA AGUA FRIA PREDIAL","UN    ","CR","0,65",null,0.65,"Sinapi 3499"]
[3500,"JOELHO, PVC SOLDAVEL, 45 GRAUS, 25 MM, PARA AGUA FRIA PREDIAL","UN    ","CR","1,11",null,1.1100000000000001,"Sinapi 3500"]
[3501,"JOELHO, PVC SOLDAVEL, 45 GRAUS, 32 MM, PARA AGUA FRIA PREDIAL","UN    ","CR","3,20",null,3.2,"Sinapi 3501"]
[3502,"JOELHO, PVC SOLDAVEL, 45 GRAUS, 40 MM, PARA AGUA FRIA PREDIAL","UN    ","CR","4,56",null,4.5599999999999996,"Sinapi 3502"]
[3503,"JOELHO, PVC SOLDAVEL, 45 GRAUS, 50 MM, PARA AGUA FRIA PREDIAL","UN    ","CR","5,46",null,5.46,"Sinapi 3503"]
[3477,"JOELHO, PVC SOLDAVEL, 45 GRAUS, 60 MM, PARA AGUA FRIA PREDIAL","UN    ","CR","21,16",null,21.16,"Sinapi 3477"]
[3478,"JOELHO, PVC SOLDAVEL, 45 GRAUS, 75 MM, PARA AGUA FRIA PREDIAL","UN    ","CR","48,64",null,48.64,"Sinapi 3478"]
[3525,"JOELHO, PVC SOLDAVEL, 45 GRAUS, 85 MM, PARA AGUA FRIA PREDIAL","UN    ","CR","57,70",null,57.7,"Sinapi 3525"]
[3511,"JOELHO, PVC SOLDAVEL, 90 GRAUS, 75 MM, PARA AGUA FRIA PREDIAL","UN    ","CR","67,70",null,67.7,"Sinapi 3511"]
[38917,"JOELHO, ROSCA FEMEA, COM BASE FIXA, METALICO, PARA CONEXAO COM ANEL DESLIZANTE EM TUBO PEX, DN 16 MM X 1/2\"","UN    ","AS","9,23",null,9.23,"Sinapi 38917"]
[38919,"JOELHO, ROSCA FEMEA, COM BASE FIXA, METALICO, PARA CONEXAO COM ANEL DESLIZANTE EM TUBO PEX, DN 20 MM X 1/2\"","UN    ","AS","13,73",null,13.73,"Sinapi 38919"]
[38922,"JOELHO, ROSCA FEMEA, COM BASE FIXA, METALICO, PARA CONEXAO COM ANEL DESLIZANTE EM TUBO PEX, DN 25 MM X 3/4\"","UN    ","AS","17,74",null,17.739999999999998,"Sinapi 38922"]
[38921,"JOELHO, ROSCA FEMEA, COM BASE FIXA, PLASTICO, PARA CONEXAO COM CRIMPAGEM EM TUBO PEX, DN 25 MM X 1/2\"","UN    ","AS","21,93",null,21.93,"Sinapi 38921"]
[38918,"JOELHO, ROSCA FEMEA, COM BASE FIXA, PLASTICO, PARA CONEXAO POR CRIMPAGEM EM TUBO PEX, DN 16 MM X 3/4\"","UN    ","AS","20,84",null,{"$f":"IF(E2761=\"\",\"\",E2761+0)","v":20.84},{"$f":"IF(G2761=\"\",\"\",CONCATENATE(\"Sinapi \",A2761))","v":"Sinapi 38918"}]
[38920,"JOELHO, ROSCA FEMEA, COM BASE FIXA, PLASTICO, PARA CONEXAO POR CRIMPAGEM EM TUBO PEX, DN 20 MM X 3/4\"","UN    ","AS","26,06",null,26.06,"Sinapi 38920"]
[3104,"JOGO DE FERRAGENS CROMADAS P/ PORTA DE VIDRO TEMPERADO, UMA FOLHA COMPOSTA: DOBRADICA SUPERIOR (101) E INFERIOR (103),TRINCO (502), FECHADURA (520),CONTRA FECHADURA (531),COM CAPUCHINHO","CJ    ","CR","415,62",null,415.62,"Sinapi 3104"]
[12032,"JOGO DE TRANQUETA E ROSETA QUADRADA DE SOBREPOR SEM FUROS, EM LATAO CROMADO, *50 X 50* MM, PARA FECHADURA DE PORTA DE BANHEIRO","JG    ","CR","39,32",null,39.32,"Sinapi 12032"]
[12030,"JOGO DE TRANQUETA E ROSETA REDONDA DE SOBREPOR SEM FUROS, EM LATAO CROMADO, DIAMETRO *50* MM, PARA FECHADURA DE PORTA DE BANHEIRO","JG    ","CR","36,95",null,36.950000000000003,"Sinapi 12030"]
[10908,"JUNCAO DE REDUCAO INVERTIDA, PVC SOLDAVEL, 100 X 50 MM, SERIE NORMAL PARA ESGOTO PREDIAL","UN    ","CR","11,06",null,11.06,"Sinapi 10908"]
[10909,"JUNCAO DE REDUCAO INVERTIDA, PVC SOLDAVEL, 100 X 75 MM, SERIE NORMAL PARA ESGOTO PREDIAL","UN    ","CR","17,63",null,17.63,"Sinapi 10909"]
[3669,"JUNCAO DE REDUCAO INVERTIDA, PVC SOLDAVEL, 75 X 50 MM, SERIE NORMAL PARA ESGOTO PREDIAL","UN    ","CR","7,55",null,7.55,"Sinapi 3669"]
[20138,"JUNCAO DE REDUCAO SIMPLES, COM BOLSA PARA ANEL, PVC LEVE,  150 X 100 MM, PARA ESGOTO PREDIAL","UN    ","CR","37,54",null,37.54,"Sinapi 20138"]
[20139,"JUNCAO DUPLA, PVC SERIE R, DN 100 X 100 X 100 MM, PARA ESGOTO PREDIAL","UN    ","CR","63,07",null,63.07,"Sinapi 20139"]
[3668,"JUNCAO DUPLA, PVC SOLDAVEL, DN 100 X 100 X 100 MM , SERIE NORMAL PARA ESGOTO PREDIAL","UN    ","CR","25,01",null,25.01,"Sinapi 3668"]
[3656,"JUNCAO DUPLA, PVC SOLDAVEL, DN 75 X 75 X 75 MM , SERIE NORMAL PARA ESGOTO PREDIAL","UN    ","CR","12,39",null,12.39,"Sinapi 3656"]
[10911,"JUNCAO INVERTIDA, PVC SOLDAVEL, 75 X 75 MM, SERIE NORMAL PARA ESGOTO PREDIAL","UN    ","CR","13,75",null,13.75,"Sinapi 10911"]
[3654,"JUNCAO PVC  ROSCAVEL, 45 GRAUS, 1/2\", PARA AGUA FRIA PREDIAL","UN    ","CR","3,43",null,3.43,"Sinapi 3654"]
[3664,"JUNCAO PVC  ROSCAVEL, 45 GRAUS, 3/4\", PARA AGUA FRIA PREDIAL","UN    ","CR","4,26",null,4.26,"Sinapi 3664"]
[3657,"JUNCAO PVC, 45 GRAUS, ROSCAVEL, 1 1/4\", AGUA FRIA PREDIAL","UN    ","CR","4,59",null,4.59,"Sinapi 3657"]
[12625,"JUNCAO PVC, 60 GRAUS, CIRCULAR,  DIAMETRO ENTRE 80 E 100 MM, PARA DRENAGEM PLUVIAL PREDIAL","UN    ","AS","7,76",null,7.76,"Sinapi 12625"]
[20136,"JUNCAO SIMPLES, PVC LEVE, 150 MM, PARA ESGOTO PREDIAL","UN    ","CR","84,72",null,84.72,"Sinapi 20136"]
[20144,"JUNCAO SIMPLES, PVC SERIE R, DN 100 X 100 MM, PARA ESGOTO PREDIAL","UN    ","CR","37,21",null,37.21,"Sinapi 20144"]
[20143,"JUNCAO SIMPLES, PVC SERIE R, DN 100 X 75 MM, PARA ESGOTO PREDIAL","UN    ","CR","34,75",null,34.75,"Sinapi 20143"]
[20145,"JUNCAO SIMPLES, PVC SERIE R, DN 150 X 100 MM, PARA ESGOTO PREDIAL","UN    ","CR","98,62",null,98.62,"Sinapi 20145"]
[20146,"JUNCAO SIMPLES, PVC SERIE R, DN 150 X 150 MM, PARA ESGOTO PREDIAL","UN    ","CR","111,21",null,111.21,"Sinapi 20146"]
[20140,"JUNCAO SIMPLES, PVC SERIE R, DN 40 X 40 MM, PARA ESGOTO PREDIAL","UN    ","CR","4,43",null,4.43,"Sinapi 20140"]
[20141,"JUNCAO SIMPLES, PVC SERIE R, DN 50 X 50 MM, PARA ESGOTO PREDIAL","UN    ","CR","7,77",null,7.77,"Sinapi 20141"]
[20142,"JUNCAO SIMPLES, PVC SERIE R, DN 75 X 75 MM, PARA ESGOTO PREDIAL","UN    ","CR","23,78",null,23.78,"Sinapi 20142"]
[3659,"JUNCAO SIMPLES, PVC, DN 100 X 50 MM, SERIE NORMAL PARA ESGOTO PREDIAL","UN    ","CR","10,31",null,10.31,"Sinapi 3659"]
[3660,"JUNCAO SIMPLES, PVC, DN 100 X 75 MM, SERIE NORMAL PARA ESGOTO PREDIAL","UN    ","CR","14,87",null,14.87,"Sinapi 3660"]
[3662,"JUNCAO SIMPLES, PVC, DN 50 X 50 MM, SERIE NORMAL PARA ESGOTO PREDIAL","UN    ","CR","5,61",null,5.61,"Sinapi 3662"]
[3661,"JUNCAO SIMPLES, PVC, DN 75 X 50 MM, SERIE NORMAL PARA ESGOTO PREDIAL","UN    ","CR","8,26",null,8.26,"Sinapi 3661"]
[3658,"JUNCAO SIMPLES, PVC, DN 75 X 75 MM, SERIE NORMAL PARA ESGOTO PREDIAL","UN    ","CR","10,52",null,10.52,"Sinapi 3658"]
[3670,"JUNCAO SIMPLES, PVC, 45 GRAUS, DN 100 X 100 MM, SERIE NORMAL PARA ESGOTO PREDIAL","UN    ","CR","13,72",null,13.72,"Sinapi 3670"]
[3666,"JUNCAO SIMPLES, PVC, 45 GRAUS, DN 40 X 40 MM, SERIE NORMAL PARA ESGOTO PREDIAL","UN    ","CR","2,32",null,2.3199999999999998,"Sinapi 3666"]
[14157,"JUNCAO 2 GARRAS PARA FITA PERFURADA","UN    ","AS","0,87",null,0.87,"Sinapi 14157"]
[3653,"JUNCAO, PVC, 45 GRAUS, JE, BBB, DN 100 MM, PARA REDE COLETORA DE ESGOTO (NBR 10569)","UN    ","AS","60,31",null,60.31,"Sinapi 3653"]
[3649,"JUNCAO, PVC, 45 GRAUS, JE, BBB, DN 150 MM, PARA REDE COLETORA DE ESGOTO (NBR 10569)","UN    ","AS","124,91",null,124.91,"Sinapi 3649"]
[42696,"JUNCAO, PVC, 45 GRAUS, JE, BBB, DN 150 MM, PARA TUBO CORRUGADO E/OU LISO, REDE COLETORA DE ESGOTO (NBR 10569)","UN    ","AS","349,49",null,349.49,"Sinapi 42696"]
[42697,"JUNCAO, PVC, 45 GRAUS, JE, BBB, DN 200 MM, PARA TUBO CORRUGADO E/OU LISO, REDE COLETORA DE ESGOTO (NBR 10569)","UN    ","AS","526,35",null,526.35,"Sinapi 42697"]
[42698,"JUNCAO, PVC, 45 GRAUS, JE, BBB, DN 250 MM, PARA TUBO CORRUGADO E/OU LISO, REDE COLETORA DE ESGOTO (NBR 10569)","UN    ","AS","733,19",null,733.19,"Sinapi 42698"]
[39875,"JUNTA DE EXPANSAO BRONZE/LATAO (REF 900), PONTA X PONTA, 35 MM","UN    ","AS","375,29",null,375.29,"Sinapi 39875"]
[39876,"JUNTA DE EXPANSAO BRONZE/LATAO (REF 900), PONTA X PONTA, 42 MM","UN    ","AS","469,86",null,469.86,"Sinapi 39876"]
[39877,"JUNTA DE EXPANSAO BRONZE/LATAO (REF 900), PONTA X PONTA, 54 MM","UN    ","AS","651,67",null,651.66999999999996,"Sinapi 39877"]
[39878,"JUNTA DE EXPANSAO BRONZE/LATAO (REF 900), PONTA X PONTA, 66 MM","UN    ","AS","860,75",null,860.75,"Sinapi 39878"]
[39872,"JUNTA DE EXPANSAO DE COBRE (REF 900), PONTA X PONTA, 15 MM","UN    ","AS","257,36",null,257.36,"Sinapi 39872"]
[39873,"JUNTA DE EXPANSAO DE COBRE (REF 900), PONTA X PONTA, 22 MM","UN    ","AS","298,52",null,298.52,"Sinapi 39873"]
[39874,"JUNTA DE EXPANSAO DE COBRE (REF 900), PONTA X PONTA, 28 MM","UN    ","AS","327,89",null,327.89,"Sinapi 39874"]
[3674,"JUNTA DILATACAO ELASTICA PARA CONCRETO (FUGENBAND) O-12, ATE 5 MCA","M     ","CR","53,68",null,53.68,"Sinapi 3674"]
[3681,"JUNTA DILATACAO ELASTICA PARA CONCRETO (FUGENBAND) O-22, ATE 30 MCA","M     ","CR","79,86",null,79.86,"Sinapi 3681"]
[3676,"JUNTA DILATACAO ELASTICA PARA CONCRETO (FUGENBAND) O-35/10, ATE 100 MCA","M     ","CR","300,57",null,300.57,"Sinapi 3676"]
[3679,"JUNTA DILATACAO ELASTICA PARA CONCRETO (FUGENBAND) O-35/6, ATE 100 MCA","M     ","CR","248,66",null,248.66,"Sinapi 3679"]
[3672,"JUNTA PLASTICA DE DILATACAO PARA PISOS, COR CINZA, 10 X 4,5 MM (ALTURA X ESPESSURA)","M     ","CR","0,84",null,0.84,"Sinapi 3672"]
[3671,"JUNTA PLASTICA DE DILATACAO PARA PISOS, COR CINZA, 17 X 3 MM (ALTURA X ESPESSURA)","M     ","C ","0,80",null,0.8,"Sinapi 3671"]
[3673,"JUNTA PLASTICA DE DILATACAO PARA PISOS, COR CINZA, 27 X 3 MM (ALTURA X ESPESSURA)","M     ","CR","1,25",null,1.25,"Sinapi 3673"]
[38394,"KIT ACESSORIOS PARA COMPRESSOR DE AR, 5 PECAS (PISTOLAS PINTURA, LIMPEZA E PULVERIZACAO, CALIBRADOR E MANGUEIRA)","UN    ","CR","252,00",null,252,"Sinapi 38394"]
[3729,"KIT CAVALETE, PVC, COM REGISTRO, PARA HIDROMETRO, BITOLAS 1/2\" OU 3/4\" - COMPLETO","UN    ","CR","57,41",null,57.41,"Sinapi 3729"]
[39357,"KIT CHASSI COZINHA, CUBA SIMPLES SEM MAQUINA LAVAR LOUCA PARA INSTALACAO PEX, QUADRO METALICO COM TRAVESSA COM FURO PARA ESGOTO DN 50 MM E FUROS SUPERIORES PARA AGUA, LARGURA *340* MM X ALTURA *650* MM, PARA CONEXAO COM ANEL DESLIZANTE (INCLUI TUBOS E CONEXOES PEX E TUBO E CONEXAO ESGOTO, NAO INCLUI CARENAGEM)","UN    ","AS","83,84",null,83.84,"Sinapi 39357"]
[39358,"KIT CHASSI COZINHA, CUBA SIMPLES SEM MAQUINA LAVAR LOUCA PARA INSTALACAO PEX, QUADRO METALICO COM TRAVESSA COM FURO PARA ESGOTO DN 50 MM E FUROS SUPERIORES PARA AGUA, LARGURA *340* MM X ALTURA *650* MM, PARA CONEXAO COM CRIMPAGEM (INCLUI TUBOS E CONEXOESPEX E TUBO E CONEXAO ESGOTO, NAO INCLUI CARENAGEM)","UN    ","AS","91,94",null,91.94,"Sinapi 39358"]
[39356,"KIT CHASSI TANQUE COM MAQUINA LAVAR ROUPA PARA INSTALACAO PEX, QUADRO METALICO COM TRAVESSA COM  FURO PARA ESGOTO DN 50 MM, FURO LATERAL PARA MAQUINA E FUROS SUPERIORES PARA AGUA, LARGURA *344* MM X ALTURA *442* MM, PARA CONEXAO COM CRIMPAGEM (INCLUI TUBOS E CONEXOES PEX E TUBO E CONEXAO ESGOTO, NAO INCLUI CARENAGEM)","UN    ","AS","156,85",null,156.85,"Sinapi 39356"]
[39355,"KIT CHASSI TANQUE COM MAQUINA LAVAR ROUPA PARA INSTALACAO PEX, QUADRO METALICO COM TRAVESSA COM FURO PARA ESGOTO DN 50 MM, FURO LATERAL PARA MAQUINA E FUROS SUPERIORES PARA AGUA, LARGURA *344* MM X ALTURA *442* MM, PARA CONEXAO COM ANEL DESLIZANTE (INCLUI TUBOS E CONEXOES PEX E TUBO E CONEXAO ESGOTO, NAO INCLUI CARENAGEM)","UN    ","AS","134,97",null,134.97,"Sinapi 39355"]
[39353,"KIT CHUVEIRO PARA INSTALACAO PEX, QUADRO METALICO COM 2 TRAVESSAS, SUPERIOR COM ESPERA PARA CHUVEIRO E INFERIOR COM 2 REGISTROS DE PRESSAO DE 1/2 \", LARGURA DE *390* MM X ALTURA DE *900* MM, PARA CONEXAO COM ANEL DESLIZANTE (INCLUI REGISTROS PRESSAO E TUBOS PEX COM CONEXOES, SEM REGISTRO GAVETA, NAO INCLUI CARENAGEM)","UN    ","AS","185,09",null,185.09,"Sinapi 39353"]
[39354,"KIT CHUVEIRO PARA INSTALACAO PEX, QUADRO METALICO COM 2 TRAVESSAS, SUPERIOR COM ESPERA PARA CHUVEIRO E INFERIOR COM 2 REGISTROS DE PRESSAO DE 1/2 \", LARGURA DE *390* MM X ALTURA DE *900* MM, PARA CONEXAO COM CRIMPAGEM (INCLUI REGISTROS PRESSAO E TUBOS PEX COM CONEXOES, SEM REGISTRO GAVETA, NAO INCLUI CARENAGEM)","UN    ","AS","184,47",null,184.47,"Sinapi 39354"]
[39398,"KIT DE ACESSORIOS PARA BANHEIRO EM METAL CROMADO, 5 PECAS","UN    ","CR","63,00",null,63,"Sinapi 39398"]
[13343,"KIT DE MATERIAIS PARA BRACADEIRA PARA FIXACAO EM POSTE CIRCULAR, CONTEM TRES FIXADORES E UM ROLO DE FITA DE 3 M EM ACO CARBONO","UN    ","CR","33,18",null,33.18,"Sinapi 13343"]
[12118,"KIT DE PROTECAO ARSTOP PARA AR CONDICIONADO, TOMADA PADRAO 2P+T 20 A, COM DISJUNTOR UNIPOLAR DIN 20A","UN    ","CR","20,92",null,20.92,"Sinapi 12118"]
[39482,"KIT PORTA PRONTA DE MADEIRA, FOLHA LEVE (NBR 15930) DE 60 X 210 CM, E = *35* MM, COM MARCO EM ACO, NUCLEO COLMEIA, CAPA LISA EM HDF, ACABAMENTO MELAMINICO BRANCO (INCLUI MARCO, ALIZARES, DOBRADICAS E FECHADURA)","UN    ","CR","336,11",null,336.11,"Sinapi 39482"]
[39486,"KIT PORTA PRONTA DE MADEIRA, FOLHA LEVE (NBR 15930) DE 60 X 210 CM, E = 35 MM, NUCLEO COLMEIA, ESTRUTURA USINADA PARA FECHADURA, CAPA LISA EM HDF, ACABAMENTO EM PRIMER PARA PINTURA (INCLUI MARCO, ALIZARES E DOBRADICAS)","UN    ","CR","296,12",null,{"$f":"IF(E2825=\"\",\"\",E2825+0)","v":296.12},{"$f":"IF(G2825=\"\",\"\",CONCATENATE(\"Sinapi \",A2825))","v":"Sinapi 39486"}]
[39483,"KIT PORTA PRONTA DE MADEIRA, FOLHA LEVE (NBR 15930) DE 70 X 210 CM, E = *35* MM, COM MARCO EM ACO, NUCLEO COLMEIA, CAPA LISA EM HDF, ACABAMENTO MELAMINICO BRANCO (INCLUI MARCO, ALIZARES, DOBRADICAS E FECHADURA)","UN    ","CR","320,57",null,320.57,"Sinapi 39483"]
[39487,"KIT PORTA PRONTA DE MADEIRA, FOLHA LEVE (NBR 15930) DE 70 X 210 CM, E = 35 MM, NUCLEO COLMEIA, ESTRUTURA USINADA PARA FECHADURA, CAPA LISA EM HDF, ACABAMENTO EM PRIMER PARA PINTURA (INCLUI MARCO, ALIZARES E DOBRADICAS)","UN    ","CR","299,18",null,299.18,"Sinapi 39487"]
[39484,"KIT PORTA PRONTA DE MADEIRA, FOLHA LEVE (NBR 15930) DE 80 X 210 CM, E = *35* MM, COM MARCO EM ACO, NUCLEO COLMEIA, CAPA LISA EM HDF, ACABAMENTO MELAMINICO BRANCO (INCLUI MARCO, ALIZARES, DOBRADICAS E FECHADURA)","UN    ","CR","323,62",null,323.62,"Sinapi 39484"]
[39488,"KIT PORTA PRONTA DE MADEIRA, FOLHA LEVE (NBR 15930) DE 80 X 210 CM, E = 35 MM, NUCLEO COLMEIA, ESTRUTURA USINADA PARA FECHADURA, CAPA LISA EM HDF, ACABAMENTO EM PRIMER PARA PINTURA (INCLUI MARCO, ALIZARES E DOBRADICAS)","UN    ","CR","302,23",null,302.23,"Sinapi 39488"]
[39485,"KIT PORTA PRONTA DE MADEIRA, FOLHA LEVE (NBR 15930) DE 90 X 210 CM, E = *35* MM, COM MARCO EM ACO, NUCLEO COLMEIA, CAPA LISA EM HDF, ACABAMENTO MELAMINICO BRANCO (INCLUI MARCO, ALIZARES, DOBRADICAS E FECHADURA)","UN    ","CR","338,92",null,338.92,"Sinapi 39485"]
[39489,"KIT PORTA PRONTA DE MADEIRA, FOLHA LEVE (NBR 15930) DE 90 X 210 CM, E = 35 MM, NUCLEO COLMEIA, ESTRUTURA USINADA PARA FECHADURA, CAPA LISA EM HDF, ACABAMENTO EM PRIMER PARA PINTURA (INCLUI MARCO, ALIZARES E DOBRADICAS)","UN    ","CR","317,53",null,317.52999999999997,"Sinapi 39489"]
[39494,"KIT PORTA PRONTA DE MADEIRA, FOLHA MEDIA (NBR 15930) DE 60 X 210 CM, E = 35 MM, NUCLEO SARRAFEADO, ESTRUTURA USINADA PARA FECHADURA, CAPA LISA EM HDF, ACABAMENTO EM PRIMER PARA PINTURA (INCLUI MARCO, ALIZARES E DOBRADICAS)","UN    ","CR","323,88",null,323.88,"Sinapi 39494"]
[39490,"KIT PORTA PRONTA DE MADEIRA, FOLHA MEDIA (NBR 15930) DE 60 X 210 CM, E = 35 MM, NUCLEO SARRAFEADO, ESTRUTURA USINADA PARA FECHADURA, CAPA LISA EM HDF, ACABAMENTO MELAMINICO BRANCO (INCLUI MARCO, ALIZARES E DOBRADICAS)","UN    ","CR","367,15",null,367.15,"Sinapi 39490"]
[39495,"KIT PORTA PRONTA DE MADEIRA, FOLHA MEDIA (NBR 15930) DE 70 X 210 CM, E = 35 MM, NUCLEO SARRAFEADO, ESTRUTURA USINADA PARA FECHADURA, CAPA LISA EM HDF, ACABAMENTO EM PRIMER PARA PINTURA (INCLUI MARCO, ALIZARES E DOBRADICAS)","UN    ","CR","336,11",null,336.11,"Sinapi 39495"]
[39491,"KIT PORTA PRONTA DE MADEIRA, FOLHA MEDIA (NBR 15930) DE 70 X 210 CM, E = 35 MM, NUCLEO SARRAFEADO, ESTRUTURA USINADA PARA FECHADURA, CAPA LISA EM HDF, ACABAMENTO MELAMINICO BRANCO (INCLUI MARCO, ALIZARES E DOBRADICAS)","UN    ","CR","378,88",null,378.88,"Sinapi 39491"]
[39496,"KIT PORTA PRONTA DE MADEIRA, FOLHA MEDIA (NBR 15930) DE 80 X 210 CM, E = 35 MM, NUCLEO SARRAFEADO, ESTRUTURA USINADA PARA FECHADURA, CAPA LISA EM HDF, ACABAMENTO EM PRIMER PARA PINTURA (INCLUI MARCO, ALIZARES E DOBRADICAS)","UN    ","CR","348,21",null,348.21,"Sinapi 39496"]
[39492,"KIT PORTA PRONTA DE MADEIRA, FOLHA MEDIA (NBR 15930) DE 80 X 210 CM, E = 35 MM, NUCLEO SARRAFEADO, ESTRUTURA USINADA PARA FECHADURA, CAPA LISA EM HDF, ACABAMENTO MELAMINICO BRANCO (INCLUI MARCO, ALIZARES E DOBRADICAS)","UN    ","CR","381,21",null,381.21,"Sinapi 39492"]
[39497,"KIT PORTA PRONTA DE MADEIRA, FOLHA MEDIA (NBR 15930) DE 90 X 210 CM, E = 35 MM, NUCLEO SARRAFEADO, ESTRUTURA USINADA PARA FECHADURA, CAPA LISA EM HDF, ACABAMENTO EM PRIMER PARA PINTURA (INCLUI MARCO, ALIZARES E DOBRADICAS)","UN    ","CR","360,43",null,360.43,"Sinapi 39497"]
[39493,"KIT PORTA PRONTA DE MADEIRA, FOLHA MEDIA (NBR 15930) DE 90 X 210 CM, E = 35 MM, NUCLEO SARRAFEADO, ESTRUTURA USINADA PARA FECHADURA, CAPA LISA EM HDF, ACABAMENTO MELAMINICO BRANCO (INCLUI MARCO, ALIZARES E DOBRADICAS)","UN    ","CR","403,33",null,403.33,"Sinapi 39493"]
[39500,"KIT PORTA PRONTA DE MADEIRA, FOLHA PESADA (NBR 15930) DE 80 X 210 CM, E = 35 MM, NUCLEO SOLIDO, CAPA LISA EM HDF, ACABAMENTO MELAMINICO BRANCO (INCLUI MARCO, ALIZARES, DOBRADICAS E FECHADURA EXTERNA)","UN    ","CR","404,65",null,404.65,"Sinapi 39500"]
[39498,"KIT PORTA PRONTA DE MADEIRA, FOLHA PESADA (NBR 15930) DE 80 X 210 CM, E = 35 MM, NUCLEO SOLIDO, ESTRUTURA USINADA PARA FECHADURA, CAPA LISA EM HDF, ACABAMENTO EM LAMINADO NATURAL COM VERNIZ (INCLUI MARCO, ALIZARES E DOBRADICAS)","UN    ","CR","449,96",null,449.96,"Sinapi 39498"]
[39501,"KIT PORTA PRONTA DE MADEIRA, FOLHA PESADA (NBR 15930) DE 90 X 210 CM, E = 35 MM, NUCLEO SOLIDO, CAPA LISA EM HDF, ACABAMENTO MELAMINICO BRANCO (INCLUI MARCO, ALIZARES, DOBRADICAS E FECHADURA EXTERNA)","UN    ","CR","415,18",null,415.18,"Sinapi 39501"]
[39499,"KIT PORTA PRONTA DE MADEIRA, FOLHA PESADA (NBR 15930) DE 90 X 210 CM, E = 35 MM, NUCLEO SOLIDO, ESTRUTURA USINADA PARA FECHADURA, CAPA LISA EM HDF, ACABAMENTO EM LAMINADO NATURAL COM VERNIZ (INCLUI MARCO, ALIZARES E DOBRADICAS)","UN    ","CR","488,12",null,488.12,"Sinapi 39499"]
[3733,"LADRILHO HIDRAULICO, *20 x 20* CM, E= 2 CM, PADRAO COPACABANA, 2 CORES (PRETO E BRANCO)","M2    ","AS","47,40",null,47.4,"Sinapi 3733"]
[3731,"LADRILHO HIDRAULICO, *20 X 20* CM, E= 2 CM, DADOS, COR NATURAL","M2    ","AS","44,00",null,44,"Sinapi 3731"]
[38137,"LADRILHO HIDRAULICO, *20 X 20* CM, E= 2 CM, RAMPA, NATURAL","M2    ","AS","44,26",null,44.26,"Sinapi 38137"]
[38135,"LADRILHO HIDRAULICO, *20 X 20* CM, E= 2 CM, TATIL ALERTA OU DIRECIONAL, AMARELO","M2    ","AS","56,10",null,56.1,"Sinapi 38135"]
[38138,"LADRILHO HIDRAULICO, *30 X 30* CM, E= 2 CM, MILANO, NATURAL","M2    ","AS","43,46",null,43.46,"Sinapi 38138"]
[3736,"LAJE PRE-MOLDADA CONVENCIONAL (LAJOTAS + VIGOTAS) PARA FORRO, UNIDIRECIONAL, SOBRECARGA DE 100 KG/M2, VAO ATE 4,00 M (SEM COLOCACAO)","M2    ","C ","30,00",null,30,"Sinapi 3736"]
[3741,"LAJE PRE-MOLDADA CONVENCIONAL (LAJOTAS + VIGOTAS) PARA FORRO, UNIDIRECIONAL, SOBRECARGA DE 100 KG/M2, VAO ATE 4,50 M (SEM COLOCACAO)","M2    ","CR","31,27",null,31.27,"Sinapi 3741"]
[3745,"LAJE PRE-MOLDADA CONVENCIONAL (LAJOTAS + VIGOTAS) PARA FORRO, UNIDIRECIONAL, SOBRECARGA 100 KG/M2, VAO ATE 5,00 M (SEM COLOCACAO)","M2    ","CR","33,72",null,33.72,"Sinapi 3745"]
[3743,"LAJE PRE-MOLDADA CONVENCIONAL (LAJOTAS + VIGOTAS) PARA PISO, UNIDIRECIONAL, SOBRECARGA DE 200 KG/M2, VAO ATE 3,50 M (SEM COLOCACAO)","M2    ","CR","31,16",null,31.16,"Sinapi 3743"]
[3744,"LAJE PRE-MOLDADA CONVENCIONAL (LAJOTAS + VIGOTAS) PARA PISO, UNIDIRECIONAL, SOBRECARGA DE 200 KG/M2, VAO ATE 4,50 M (SEM COLOCACAO)","M2    ","CR","34,30",null,34.299999999999997,"Sinapi 3744"]
[3739,"LAJE PRE-MOLDADA CONVENCIONAL (LAJOTAS + VIGOTAS) PARA PISO, UNIDIRECIONAL, SOBRECARGA DE 200 KG/M2, VAO ATE 5,00 M (SEM COLOCACAO)","M2    ","CR","36,04",null,36.04,"Sinapi 3739"]
[3737,"LAJE PRE-MOLDADA CONVENCIONAL (LAJOTAS + VIGOTAS) PARA PISO, UNIDIRECIONAL, SOBRECARGA DE 350 KG/M2, VAO ATE 4,50 M (SEM COLOCACAO)","M2    ","CR","37,79",null,37.79,"Sinapi 3737"]
[3738,"LAJE PRE-MOLDADA CONVENCIONAL (LAJOTAS + VIGOTAS) PARA PISO, UNIDIRECIONAL, SOBRECARGA DE 350 KG/M2, VAO ATE 5,00 M (SEM COLOCACAO)","M2    ","CR","43,60",null,43.6,"Sinapi 3738"]
[3747,"LAJE PRE-MOLDADA CONVENCIONAL (LAJOTAS + VIGOTAS) PARA PISO, UNIDIRECIONAL, SOBRECARGA 350 KG/M2 VAO ATE 3,50 M (SEM COLOCACAO)","M2    ","CR","34,30",null,34.299999999999997,"Sinapi 3747"]
[11649,"LAJE PRE-MOLDADA DE TRANSICAO EXCENTRICA EM CONCRETO ARMADO, DN 1200 MM, FURO CIRCULAR DN 600 MM, ESPESSURA 12 CM","UN    ","CR","248,83",null,248.83,"Sinapi 11649"]
[11650,"LAJE PRE-MOLDADA DE TRANSICAO EXCENTRICA EM CONCRETO ARMADO, DN 1500 MM, FURO CIRCULAR DN 530 MM, ESPESSURA 15 CM","UN    ","CR","424,12",null,424.12,"Sinapi 11650"]
[3742,"LAJE PRE-MOLDADA TRELICADA (LAJOTAS + VIGOTAS) PARA FORRO, UNIDIRECIONAL, SOBRECARGA DE 100 KG/M2, VAO ATE 6,00 M (SEM COLOCACAO)","M2    ","CR","45,23",null,45.23,"Sinapi 3742"]
[3746,"LAJE PRE-MOLDADA TRELICADA (LAJOTAS + VIGOTAS) PARA PISO, UNIDIRECIONAL, SOBRECARGA DE 200 KG/M2, VAO ATE 6,00 M (SEM COLOCACAO)","M2    ","CR","52,81",null,52.81,"Sinapi 3746"]
[21106,"LAMBRI EM ALUMINIO, DE APROXIMADAMENTE 0,6 KG/M, COM APROXIMADAMENTE 168,0 MM DE LARGURA, 6,0 MM DE ALTURA E 6,0 M DE EXTENSAO","KG    ","AS","234,90",null,234.9,"Sinapi 21106"]
[3755,"LAMPADA DE LUZ MISTA 160 W, BASE E27 (220 V)","UN    ","AS","17,88",null,17.88,"Sinapi 3755"]
[3750,"LAMPADA DE LUZ MISTA 250 W, BASE E27 (220 V)","UN    ","AS","24,05",null,24.05,"Sinapi 3750"]
[3756,"LAMPADA DE LUZ MISTA 500 W, BASE E40 (220 V)","UN    ","AS","44,94",null,44.94,"Sinapi 3756"]
[39377,"LAMPADA FLUORESCENTE COMPACTA BRANCA 135 W, BASE E40 (127/220 V)","UN    ","AS","133,12",null,133.12,"Sinapi 39377"]
[38191,"LAMPADA FLUORESCENTE COMPACTA 2U BRANCA 15 W, BASE E27 (127/220 V)","UN    ","AS","9,91",null,9.91,"Sinapi 38191"]
[39381,"LAMPADA FLUORESCENTE COMPACTA 2U/3U BRANCA 9/10 W, BASE E27 (127/220 V)","UN    ","AS","9,24",null,9.24,"Sinapi 39381"]
[38780,"LAMPADA FLUORESCENTE COMPACTA 3U BRANCA 20 W, BASE E27 (127/220 V)","UN    ","AS","11,31",null,11.31,"Sinapi 38780"]
[38781,"LAMPADA FLUORESCENTE ESPIRAL BRANCA 45 W, BASE E27 (127/220 V)","UN    ","AS","38,18",null,38.18,"Sinapi 38781"]
[38192,"LAMPADA FLUORESCENTE ESPIRAL BRANCA 65 W, BASE E27 (127/220 V)","UN    ","AS","69,09",null,69.09,"Sinapi 38192"]
[3753,"LAMPADA FLUORESCENTE TUBULAR T10, DE 20 OU 40 W, BIVOLT","UN    ","AS","6,05",null,6.05,"Sinapi 3753"]
[38782,"LAMPADA FLUORESCENTE TUBULAR T5 DE 14 W, BIVOLT","UN    ","AS","7,87",null,7.87,"Sinapi 38782"]
[38778,"LAMPADA FLUORESCENTE TUBULAR T8 DE 16/18 W, BIVOLT","UN    ","AS","5,91",null,5.91,"Sinapi 38778"]
[38779,"LAMPADA FLUORESCENTE TUBULAR T8 DE 32/36 W, BIVOLT","UN    ","AS","6,26",null,6.26,"Sinapi 38779"]
[39388,"LAMPADA LED TIPO DICROICA BIVOLT, LUZ BRANCA, 5 W (BASE GU10)","UN    ","AS","30,52",null,30.52,"Sinapi 39388"]
[39387,"LAMPADA LED TUBULAR BIVOLT 18/20 W, BASE G13","UN    ","AS","51,48",null,51.48,"Sinapi 39387"]
[39386,"LAMPADA LED TUBULAR BIVOLT 9/10 W, BASE G13","UN    ","AS","34,05",null,34.049999999999997,"Sinapi 39386"]
[38194,"LAMPADA LED 10 W BIVOLT BRANCA, FORMATO TRADICIONAL (BASE E27)","UN    ","AS","29,02",null,29.02,"Sinapi 38194"]
[38193,"LAMPADA LED 6 W BIVOLT BRANCA, FORMATO TRADICIONAL (BASE E27)","UN    ","AS","21,47",null,21.47,"Sinapi 38193"]
[12216,"LAMPADA VAPOR DE SODIO OVOIDE 150 W (BASE E40)","UN    ","AS","34,55",null,34.549999999999997,"Sinapi 12216"]
[3757,"LAMPADA VAPOR DE SODIO OVOIDE 250 W (BASE E40)","UN    ","AS","39,95",null,39.950000000000003,"Sinapi 3757"]
[3758,"LAMPADA VAPOR DE SODIO OVOIDE 400 W (BASE E40)","UN    ","AS","46,58",null,46.58,"Sinapi 3758"]
[12214,"LAMPADA VAPOR MERCURIO 125 W (BASE E27)","UN    ","AS","15,95",null,15.95,"Sinapi 12214"]
[3749,"LAMPADA VAPOR MERCURIO 250 W (BASE E40)","UN    ","AS","28,43",null,28.43,"Sinapi 3749"]
[3751,"LAMPADA VAPOR MERCURIO 400 W (BASE E40)","UN    ","AS","38,80",null,38.799999999999997,"Sinapi 3751"]
[39376,"LAMPADA VAPOR METALICO OVOIDE 150 W, BASE E27/E40","UN    ","AS","32,71",null,32.71,"Sinapi 39376"]
[3752,"LAMPADA VAPOR METALICO TUBULAR 400 W (BASE E40)","UN    ","AS","64,00",null,64,"Sinapi 3752"]
[746,"LAVADORA DE ALTA PRESSAO (LAVA-JATO) PARA AGUA FRIA, PRESSAO DE OPERACAO ENTRE 1400 E 1900 LIB/POL2, VAZAO MAXIMA ENTRE  400 E 700 L/H","UN    ","AS","2.100,00",null,{"$f":"IF(E2889=\"\",\"\",E2889+0)","v":2100},{"$f":"IF(G2889=\"\",\"\",CONCATENATE(\"Sinapi \",A2889))","v":"Sinapi 746"}]
[36521,"LAVATORIO DE CANTO LOUCA BRANCA SUSPENSO *40 X 30* CM","UN    ","CR","115,81",null,115.81,"Sinapi 36521"]
[36794,"LAVATORIO LOUCA BRANCA COM COLUNA *44 X 35,5* CM","UN    ","CR","118,06",null,118.06,"Sinapi 36794"]
[10426,"LAVATORIO LOUCA BRANCA COM COLUNA *54 X 44* CM","UN    ","CR","170,03",null,170.03,"Sinapi 10426"]
[10425,"LAVATORIO LOUCA BRANCA SUSPENSO *40 X 30* CM","UN    ","CR","74,98",null,74.98,"Sinapi 10425"]
[10431,"LAVATORIO LOUCA COR COM COLUNA *54 X 44* CM","UN    ","CR","186,54",null,186.54,"Sinapi 10431"]
[10429,"LAVATORIO LOUCA COR SUSPENSO *40 X 30* CM","UN    ","CR","89,43",null,89.43,"Sinapi 10429"]
[20269,"LAVATORIO/CUBA DE EMBUTIR OVAL LOUCA BRANCA SEM LADRAO *50 X 35* CM","UN    ","CR","73,70",null,73.7,"Sinapi 20269"]
[20270,"LAVATORIO/CUBA DE EMBUTIR OVAL LOUCA COR SEM LADRAO *50 X 35* CM","UN    ","CR","80,26",null,80.260000000000005,"Sinapi 20270"]
[11696,"LAVATORIO/CUBA DE SOBREPOR OVAL PEQUENA LOUCA BRANCA SEM LADRAO *31 X 44*","UN    ","CR","117,25",null,117.25,"Sinapi 11696"]
[10427,"LAVATORIO/CUBA DE SOBREPOR RETANGULAR LOUCA BRANCA COM LADRAO *52 X 45* CM","UN    ","CR","210,24",null,210.24,"Sinapi 10427"]
[10428,"LAVATORIO/CUBA DE SOBREPOR RETANGULAR LOUCA COR COM LADRAO *52 X 45* CM","UN    ","CR","213,37",null,213.37,"Sinapi 10428"]
[2354,"LEITURISTA OU CADASTRISTA DE REDES DE AGUA E ESGOTO","H     ","CR","23,75",null,23.75,"Sinapi 2354"]
[40932,"LEITURISTA OU CADASTRISTA DE REDES DE AGUA E ESGOTO (MENSALISTA)","MES   ","CR","4.236,69",null,4236.6899999999996,"Sinapi 40932"]
[10853,"LETRA ACO INOX (AISI 304), CHAPA NUM. 22, RECORTADO, H= 20 CM (SEM RELEVO)","UN    ","CR","74,92",null,74.92,"Sinapi 10853"]
[5093,"LEVANTADOR DE JANELA GUILHOTINA, EM LATAO CROMADO","PAR   ","CR","12,49",null,12.49,"Sinapi 5093"]
[37768,"LIMPADORA A SUCCAO, TANQUE 12000 L, BASCULAMENTO HIDRAULICO, BOMBA 12 M3/MIN 95% VACUO (INCLUI MONTAGEM, NAO INCLUI CAMINHAO)","UN    ","AS","98.500,00",null,98500,"Sinapi 37768"]
[37773,"LIMPADORA DE SUCCAO TANQUE 7000 L, BOMBA 12 M3/MIN 95% VACUO (INCLUI MONTAGEM, NAO INCLUI CAMINHAO)","UN    ","AS","83.643,10",null,83643.100000000006,"Sinapi 37773"]
[37769,"LIMPADORA DE SUCCAO, TANQUE 11000 L, BOMBA 340 M3/MIN (INCLUI MONTAGEM, NAO INCLUI CAMINHAO)","UN    ","AS","140.029,09",null,140029.09,"Sinapi 37769"]
[37770,"LIMPADORA DE SUCCAO, TANQUE 5500 L, BOMBA 60M3/MIN, VACUO 500 MBAR (INCLUI MONTAGEM, NAO INCLUI CAMINHAO)","UN    ","AS","237.651,71",null,237651.71,"Sinapi 37770"]
[38382,"LINHA DE PEDREIRO LISA 100 M","UN    ","CR","9,17",null,9.17,"Sinapi 38382"]
[6091,"LIQUIDO PARA BRILHO PAREDES INTERNAS","L     ","CR","20,90",null,20.9,"Sinapi 6091"]
[38383,"LIXA D'AGUA EM FOLHA, GRAO 100","UN    ","CR","1,71",null,1.71,"Sinapi 38383"]
[3768,"LIXA EM FOLHA PARA FERRO, NUMERO 150","UN    ","CR","2,88",null,2.88,"Sinapi 3768"]
[3767,"LIXA EM FOLHA PARA PAREDE OU MADEIRA, NUMERO 120 (COR VERMELHA)","UN    ","CR","0,68",null,0.68,"Sinapi 3767"]
[13192,"LIXADEIRA ELETRICA ANGULAR PARA CONCRETO, POTENCIA 1.400 W, PRATO DIAMANTADO DE 5''","UN    ","CR","3.692,94",null,3692.94,"Sinapi 13192"]
[38413,"LIXADEIRA ELETRICA ANGULAR, PARA DISCO DE 7 \" (180 MM), POTENCIA DE 2.200 W, *5.000* RPM, 220 V","UN    ","CR","610,76",null,610.76,"Sinapi 38413"]
[42440,"LIXEIRA DUPLA, COM CAPACIDADE VOLUMETRICA DE 60L*, FABRICADA EM TUBO DE ACO CARBONO, CESTOS EM CHAPA DE ACO E PINTURA NO PROCESSO ELETROSTATICO - PARA ACADEMIA AO AR LIVRE / ACADEMIA DA TERCEIRA IDADE - ATI","UN    ","AS","702,04",null,702.04,"Sinapi 42440"]
[20193,"LOCACAO DE ANDAIME METALICO TIPO FACHADEIRO, LARGURA DE 1,20 M, ALTURA POR PECA DE 2,0 M, INCLUINDO SAPATAS E ITENS NECESSARIOS A INSTALACAO","M2XMES","CR","3,99",null,3.99,"Sinapi 20193"]
[10527,"LOCACAO DE ANDAIME METALICO TUBULAR DE ENCAIXE, TIPO DE TORRE, COM LARGURA DE 1 ATE 1,5 M E ALTURA DE *1,00* M","MXMES ","C ","12,00",null,12,"Sinapi 10527"]
[41805,"LOCACAO DE ANDAIME SUSPENSO OU BALANCIM MANUAL, CAPACIDADE DE CARGA TOTAL DE APROXIMADAMENTE 250 KG/M2, PLATAFORMA DE 1,50 M X 0,80 M (C X L), CABO DE 45 M","MES   ","C ","570,00",null,570,"Sinapi 41805"]
[40271,"LOCACAO DE APRUMADOR METALICO DE PILAR, COM ALTURA E ANGULO REGULAVEIS, EXTENSAO DE *1,50* A *2,80* M","MES   ","CR","7,80",null,7.8,"Sinapi 40271"]
[40287,"LOCACAO DE BARRA DE ANCORAGEM DE 0,80 A 1,20 M DE EXTENSAO, COM ROSCA DE 5/8\", INCLUINDO PORCA E FLANGE","MES   ","CR","3,00",null,3,"Sinapi 40287"]
[40295,"LOCACAO DE BOMBA MANUAL PARA TESTE HIDROSTATICO ATE 30 BAR","H     ","AS","1,97",null,1.97,"Sinapi 40295"]
[745,"LOCACAO DE BOMBA MANUAL PARA TESTE HIDROSTATICO ATE 60 BAR","H     ","AS","2,09",null,2.09,"Sinapi 745"]
[4084,"LOCACAO DE BOMBA SUBMERSIVEL PARA DRENAGEM E ESGOTAMENTO, MOTOR ELETRICO TRIFASICO, POTENCIA DE 1 CV, DIAMETRO DE RECALQUE DE 2\". FAIXA DE OPERACAO: Q=25 M3/H (+ OU - 1 M3/H) E AMT=2 M; Q=12 M3/H (+ OU - 2 M3/H) E AMT = 12 M (+ OU - 2 M)","H     ","CR","3,38",null,3.38,"Sinapi 4084"]
[743,"LOCACAO DE BOMBA SUBMERSIVEL PARA DRENAGEM E ESGOTAMENTO, MOTOR ELETRICO TRIFASICO, POTENCIA DE 2 CV, DIAMETRO DE RECALQUE DE 2\". FAIXA DE OPERACAO: Q=35 M3/H (+ OU - 3 M3/H) E AMT=2 M; Q=13 M3/H (+ OU - 3 M3/H) E AMT = 17 M (+ OU - 3 M)","H     ","C ","3,38",null,3.38,"Sinapi 743"]
[40293,"LOCACAO DE BOMBA SUBMERSIVEL PARA DRENAGEM E ESGOTAMENTO, MOTOR ELETRICO TRIFASICO, POTENCIA DE 2 CV, DIAMETRO DE RECALQUE DE 3\". FAIXA DE OPERACAO: Q=70 M3/H (+ OU - 2 M3/H) E AMT=2 M; Q=9,5 M3/H (+ OU - 3,5 M3/H) E AMT = 10 M (+ OU - 2 M)","H     ","CR","4,05",null,4.05,"Sinapi 40293"]
[40294,"LOCACAO DE BOMBA SUBMERSIVEL PARA DRENAGEM E ESGOTAMENTO, MOTOR ELETRICO TRIFASICO, POTENCIA DE 3 CV, DIAMETRO DE RECALQUE DE 2\". FAIXA DE OPERACAO: Q=84 M3/H (+ OU - 2,5 M3/H) E AMT=2 M; Q=9,1 M3/H (+ OU - 2 M3/H) E AMT = 12 M (+ OU - 2 M)","H     ","CR","3,38",null,3.38,"Sinapi 40294"]
[4085,"LOCACAO DE BOMBA SUBMERSIVEL PARA DRENAGEM E ESGOTAMENTO, MOTOR ELETRICO TRIFASICO, POTENCIA DE 4 CV, DIAMETRO DE RECALQUE DE 3\". FAIXA DE OPERACAO: Q=60 M3/H (+ OU - 1 M3/H) E AMT=2 M; Q=11 M3/H (+ OU - 1 M3/H) E AMT = 23 M (+ OU - 1 M)","H     ","CR","4,73",null,4.7300000000000004,"Sinapi 4085"]
[10775,"LOCACAO DE CONTAINER 2,30  X  6,00 M, ALT. 2,50 M, COM 1 SANITARIO, PARA ESCRITORIO, COMPLETO, SEM DIVISORIAS INTERNAS","MES   ","AS","515,00",null,515,"Sinapi 10775"]
[10776,"LOCACAO DE CONTAINER 2,30  X  6,00 M, ALT. 2,50 M, PARA ESCRITORIO, SEM DIVISORIAS INTERNAS E SEM SANITARIO","MES   ","AS","402,34",null,402.34,"Sinapi 10776"]
[10779,"LOCACAO DE CONTAINER 2,30 X 4,30 M, ALT. 2,50 M, P/ SANITARIO, C/ 5 BACIAS, 1 LAVATORIO E 4 MICTORIOS","MES   ","AS","643,75",null,643.75,"Sinapi 10779"]
[10777,"LOCACAO DE CONTAINER 2,30 X 4,30 M, ALT. 2,50 M, PARA SANITARIO, COM 3 BACIAS, 4 CHUVEIROS, 1 LAVATORIO E 1 MICTORIO","MES   ","AS","584,73",null,584.73,"Sinapi 10777"]
[10778,"LOCACAO DE CONTAINER 2,30 X 6,00 M, ALT. 2,50 M,  PARA SANITARIO,  COM 4 BACIAS, 8 CHUVEIROS,1 LAVATORIO E 1 MICTORIO","MES   ","AS","643,75",null,643.75,"Sinapi 10778"]
[40339,"LOCACAO DE CRUZETA PARA ESCORA METALICA","MES   ","CR","3,00",null,3,"Sinapi 40339"]
[3355,"LOCACAO DE ELEVADOR DE CARGA A CABO, CABINE SEMI FECHADA *2,0* X *1,5* X *2,0* M, CAPACIDADE DE CARGA 1000 KG, TORRE  *2,38* X *2,21* X 15 M, GUINCHO DE EMBREAGEM, FREIO DE SEGURANCA, LIMITADOR DE VELOCIDADE E CANCELA","H     ","AS","20,25",null,20.25,"Sinapi 3355"]
[39814,"LOCACAO DE ELEVADOR DE CREMALHEIRA CABINE SIMPLES FECHADA 1,5 X 2,5 X 2,35 M (UMA POR TORRE), CAPACIDADE DE CARGA *1200* KG (15 PESSOAS), TORRE DE 24 M (16 MODULOS), 16 PARADAS, FREIO DE SEGURANCA, LIMITADOR DE CARGA","H     ","AS","37,96",null,37.96,"Sinapi 39814"]
[10749,"LOCACAO DE ESCORA METALICA TELESCOPICA, COM ALTURA REGULAVEL DE *1,80* A *3,20* M, COM CAPACIDADE DE CARGA DE NO MINIMO 1000 KGF (10 KN), INCLUSO TRIPE E FORCADO","MES   ","CR","5,49",null,5.49,"Sinapi 10749"]
[40290,"LOCACAO DE FORMA PLASTICA PARA LAJE NERVURADA, DIMENSOES *60* X *60* X *16* CM","MES   ","CR","7,92",null,7.92,"Sinapi 40290"]
[7252,"LOCACAO DE NIVEL OPTICO, COM PRECISAO DE 0,7 MM, AUMENTO DE 32X","H     ","AS","2,09",null,2.09,"Sinapi 7252"]
[4778,"LOCACAO DE PERFURATRIZ PNEUMATICA DE PESO MEDIO, * 18 * KG, PARA ROCHA","H     ","AS","2,70",null,2.7,"Sinapi 4778"]
[4780,"LOCACAO DE PERFURATRIZ PNEUMATICA DE PESO MEDIO, * 24 * KG, PARA ROCHA","H     ","AS","2,92",null,2.92,"Sinapi 4780"]
[10809,"LOCACAO DE TALHA ELETRICA 3 T, VELOCIDADE  2,1 M / MIN, POTENCIA 1,3 KW","H     ","CR","1,71",null,1.71,"Sinapi 10809"]
[10811,"LOCACAO DE TALHA MANUAL DE CORRENTE, CAPACIDADE DE 2 T COM ELEVACAO DE 3 M","H     ","C ","1,46",null,1.46,"Sinapi 10811"]
[7247,"LOCACAO DE TEODOLITO ELETRONICO, PRECISAO ANGULAR DE 5 A 7 SEGUNDOS, INCLUINDO TRIPE","H     ","AS","2,09",null,2.09,"Sinapi 7247"]
[40291,"LOCACAO DE TORRE METALICA COMPLETA PARA UMA CARGA DE 8 TF (80 KN)  E PE DIREITO DE 6 M, INCLUINDO MODULOS , DIAGONAIS, SAPATAS E FORCADOS","MES   ","CR","418,61",null,418.61,"Sinapi 40291"]
[40275,"LOCACAO DE VIGA SANDUICHE METALICA VAZADA PARA TRAVAMENTO DE PILARES, ALTURA DE *8* CM, LARGURA DE *6* CM E EXTENSAO DE 2 M","MES   ","CR","12,00",null,12,"Sinapi 40275"]
[3777,"LONA PLASTICA PRETA, E= 150 MICRA","M2    ","C ","1,00",null,1,"Sinapi 3777"]
[43067,"LONA PLASTICA PRETA, E= 200 MICRA (COLETADO CAIXA)","M2    ","CR","1,03",null,1.03,"Sinapi 43067"]
[3779,"LONA PLASTICA, PRETA, LARGURA  8 M, E= 150 MICRA","M     ","CR","8,33",null,8.33,"Sinapi 3779"]
[3798,"LUMINARIA ABERTA P/ ILUMINACAO PUBLICA, TIPO X-57 PETERCO OU EQUIV","UN    ","CR","41,09",null,41.09,"Sinapi 3798"]
[38769,"LUMINARIA ARANDELA TIPO MEIA-LUA COM VIDRO FOSCO *30 X 15* CM, PARA 1 LAMPADA, BASE E27, POTENCIA MAXIMA 40/60 W (NAO INCLUI LAMPADA)","UN    ","CR","32,09",null,32.090000000000003,"Sinapi 38769"]
[39510,"LUMINARIA DE EMBUTIR EM CHAPA DE ACO PARA 2 LAMPADAS FLUORESCENTES DE 14 W COM REFLETOR E ALETAS EM ALUMINIO, COMPLETA (INCLUI REATOR E LAMPADAS)","UN    ","CR","129,89",null,129.88999999999999,"Sinapi 39510"]
[38776,"LUMINARIA DE EMBUTIR EM CHAPA DE ACO PARA 4 LAMPADAS FLUORESCENTES DE 14 W *60 X 60 CM* ALETADA (NAO INCLUI REATOR E LAMPADAS)","UN    ","CR","137,85",null,{"$f":"IF(E2953=\"\",\"\",E2953+0)","v":137.85},{"$f":"IF(G2953=\"\",\"\",CONCATENATE(\"Sinapi \",A2953))","v":"Sinapi 38776"}]
[38774,"LUMINARIA DE EMERGENCIA 30 LEDS, POTENCIA 2 W, BATERIA DE LITIO, AUTONOMIA DE 6 HORAS","UN    ","CR","32,53",null,32.53,"Sinapi 38774"]
[42977,"LUMINARIA DE LED PARA ILUMINACAO PUBLICA, DE 98 W  ATE 137 W, INVOLUCRO EM ALUMINIO OU ACO INOX (COLETADO CAIXA)","UN    ","AS","939,68",null,939.68,"Sinapi 42977"]
[38889,"LUMINARIA DE SOBREPOR EM CHAPA DE ACO COM ALETAS PLASTICAS, PARA 1 LAMPADA, BASE E27, POTENCIA MAXIMA 40/60 W (NAO INCLUI LAMPADA)","UN    ","CR","24,60",null,24.6,"Sinapi 38889"]
[38784,"LUMINARIA DE SOBREPOR EM CHAPA DE ACO COM ALETAS PLASTICAS, PARA 2 LAMPADAS, BASE E27, POTENCIA MAXIMA 40/60 W (NAO INCLUI LAMPADAS)","UN    ","CR","32,91",null,32.909999999999997,"Sinapi 38784"]
[3788,"LUMINARIA DE SOBREPOR EM CHAPA DE ACO PARA 1 LAMPADA FLUORESCENTE DE *18* W, ALETADA, COMPLETA (LAMPADA E REATOR INCLUSOS)","UN    ","CR","34,29",null,34.29,"Sinapi 3788"]
[12230,"LUMINARIA DE SOBREPOR EM CHAPA DE ACO PARA 1 LAMPADA FLUORESCENTE DE *18* W, PERFIL COMERCIAL (NAO INCLUI REATOR E LAMPADA)","UN    ","CR","8,82",null,8.82,"Sinapi 12230"]
[3780,"LUMINARIA DE SOBREPOR EM CHAPA DE ACO PARA 1 LAMPADA FLUORESCENTE DE *36* W, ALETADA, COMPLETA (LAMPADA E REATOR INCLUSOS)","UN    ","C ","50,60",null,50.6,"Sinapi 3780"]
[12231,"LUMINARIA DE SOBREPOR EM CHAPA DE ACO PARA 1 LAMPADA FLUORESCENTE DE *36* W, PERFIL COMERCIAL (NAO INCLUI REATOR E LAMPADA)","UN    ","CR","14,67",null,14.67,"Sinapi 12231"]
[3811,"LUMINARIA DE SOBREPOR EM CHAPA DE ACO PARA 2 LAMPADAS FLUORESCENTES DE *18* W, ALETADA, COMPLETA (LAMPADAS E REATOR INCLUSOS)","UN    ","CR","47,53",null,47.53,"Sinapi 3811"]
[12232,"LUMINARIA DE SOBREPOR EM CHAPA DE ACO PARA 2 LAMPADAS FLUORESCENTES DE *18* W, PERFIL COMERCIAL (NAO INCLUI REATOR E LAMPADAS)","UN    ","CR","15,37",null,15.37,"Sinapi 12232"]
[3799,"LUMINARIA DE SOBREPOR EM CHAPA DE ACO PARA 2 LAMPADAS FLUORESCENTES DE *36* W, ALETADA, COMPLETA (LAMPADAS E REATOR INCLUSOS)","UN    ","CR","67,21",null,67.209999999999994,"Sinapi 3799"]
[12239,"LUMINARIA DE SOBREPOR EM CHAPA DE ACO PARA 2 LAMPADAS FLUORESCENTES DE *36* W, PERFIL COMERCIAL (NAO INCLUI REATOR E LAMPADAS)","UN    ","CR","20,12",null,20.12,"Sinapi 12239"]
[38773,"LUMINARIA DE TETO PLAFON/PLAFONIER EM PLASTICO COM BASE E27, POTENCIA MAXIMA 60 W (NAO INCLUI LAMPADA)","UN    ","CR","3,22",null,3.22,"Sinapi 38773"]
[12271,"LUMINARIA DUPLA P/SINALIZACAO, TIPO WETZEL AS-2/110 OU EQUIV","UN    ","CR","179,97",null,179.97,"Sinapi 12271"]
[38785,"LUMINARIA HERMETICA IP-65 PARA 2 DUAS LAMPADAS DE 14/16/18/20 W (NAO INCLUI REATOR E LAMPADAS)","UN    ","CR","85,21",null,85.21,"Sinapi 38785"]
[38786,"LUMINARIA HERMETICA IP-65 PARA 2 DUAS LAMPADAS DE 28/32/36/40 W (NAO INCLUI REATOR E LAMPADAS)","UN    ","CR","104,95",null,104.95,"Sinapi 38786"]
[39385,"LUMINARIA LED PLAFON REDONDO DE SOBREPOR BIVOLT 12/13 W,  D = *17* CM","UN    ","CR","79,39",null,79.39,"Sinapi 39385"]
[39389,"LUMINARIA LED REFLETOR RETANGULAR BIVOLT, LUZ BRANCA, 10 W","UN    ","CR","65,85",null,65.849999999999994,"Sinapi 39389"]
[39390,"LUMINARIA LED REFLETOR RETANGULAR BIVOLT, LUZ BRANCA, 30 W","UN    ","CR","127,54",null,127.54,"Sinapi 39390"]
[39391,"LUMINARIA LED REFLETOR RETANGULAR BIVOLT, LUZ BRANCA, 50 W","UN    ","CR","236,05",null,236.05,"Sinapi 39391"]
[3803,"LUMINARIA PLAFON REDONDO COM VIDRO FOSCO DIAMETRO *25* CM, PARA 1 LAMPADA, BASE E27, POTENCIA MAXIMA 40/60 W (NAO INCLUI LAMPADA)","UN    ","CR","30,43",null,30.43,"Sinapi 3803"]
[38770,"LUMINARIA PLAFON REDONDO COM VIDRO FOSCO DIAMETRO *30* CM, PARA 2 LAMPADAS, BASE E27, POTENCIA MAXIMA 40/60 W (NAO INCLUI LAMPADAS)","UN    ","CR","35,24",null,35.24,"Sinapi 38770"]
[12267,"LUMINARIA PROVA DE TEMPO PETERCO Y.31/1","UN    ","CR","103,26",null,103.26,"Sinapi 12267"]
[43068,"LUMINARIA SOLAR EXTERNA, LED, SPOT REFLETOR, POTENCIA DE 10 W, INCLUINDO BATERIA RECARREGAVEL COM ENERGIA SOLAR E BOTAO LIGA/ DESLIGA, DIA/ NOITE AUTOMATICO COM SENSOR DE LUMINOSIDADE, EM PP ABS E ACO INOXIDAVEL, RESISTENTE AO FRIO E AO CALOR,  IMPERMEAVEL, IP55, TEMPO DE CARREGAMENTO 5 A 7 HORAS, TEMPO DE ILUMINACAO 5 A 6 HORAS (COLETADO CAIXA).","UN    ","AS","65,17",null,65.17,"Sinapi 43068"]
[12266,"LUMINARIA SPOT DE SOBREPOR EM ALUMINIO COM ALETA PLASTICA PARA 1 LAMPADA, BASE E27, POTENCIA MAXIMA 40/60 W (NAO INCLUI LAMPADA)","UN    ","CR","52,85",null,52.85,"Sinapi 12266"]
[39378,"LUMINARIA SPOT DE SOBREPOR EM ALUMINIO COM ALETA PLASTICA PARA 2 LAMPADAS, BASE E27, POTENCIA MAXIMA 40/60 W (NAO INCLUI LAMPADA)","UN    ","CR","37,47",null,37.47,"Sinapi 39378"]
[43543,"LUMINARIA TIPO TARTARUGA A PROVA DE TEMPO, GASES, VAPOR E PO, EM ALUMINIO, COM GRADE, BASE E27, POTENCIA MAXIMA 100 W - REF Y 25/1 (NAO INCLUI LAMPADA)","UN    ","CR","78,06",null,78.06,"Sinapi 43543"]
[38775,"LUMINARIA TIPO TARTARUGA PARA AREA EXTERNA EM ALUMINIO, COM GRADE, PARA 1 LAMPADA, BASE E27, POTENCIA MAXIMA 40/60 W (NAO INCLUI LAMPADA)","UN    ","CR","39,72",null,39.72,"Sinapi 38775"]
[21119,"LUVA CPVC, SOLDAVEL, 15 MM, PARA AGUA QUENTE PREDIAL","UN    ","CR","0,84",null,0.84,"Sinapi 21119"]
[37974,"LUVA CPVC, SOLDAVEL, 22 MM, PARA AGUA QUENTE PREDIAL","UN    ","CR","1,25",null,1.25,"Sinapi 37974"]
[37975,"LUVA CPVC, SOLDAVEL, 28 MM, PARA AGUA QUENTE PREDIAL","UN    ","CR","2,54",null,2.54,"Sinapi 37975"]
[37976,"LUVA CPVC, SOLDAVEL, 35 MM, PARA AGUA QUENTE PREDIAL","UN    ","CR","5,21",null,5.21,"Sinapi 37976"]
[37977,"LUVA CPVC, SOLDAVEL, 42 MM, PARA AGUA QUENTE PREDIAL","UN    ","CR","7,17",null,7.17,"Sinapi 37977"]
[37978,"LUVA CPVC, SOLDAVEL, 54 MM, PARA AGUA QUENTE PREDIAL","UN    ","CR","14,54",null,14.54,"Sinapi 37978"]
[37979,"LUVA CPVC, SOLDAVEL, 73 MM, PARA AGUA QUENTE PREDIAL","UN    ","CR","62,48",null,62.48,"Sinapi 37979"]
[37980,"LUVA CPVC, SOLDAVEL, 89 MM, PARA AGUA QUENTE PREDIAL","UN    ","CR","70,21",null,70.209999999999994,"Sinapi 37980"]
[36147,"LUVA DE BORRACHA ISOLANTE PARA ALTA TENSAO, RESISTENTE A OZONIO, TENSAO DE ENSAIO 2,5 KV (PAR)","PAR   ","CR","283,34",null,283.33999999999997,"Sinapi 36147"]
[12731,"LUVA DE COBRE (REF 600) SEM ANEL DE SOLDA, BOLSA X BOLSA, 104 MM","UN    ","AS","214,17",null,214.17,"Sinapi 12731"]
[12723,"LUVA DE COBRE (REF 600) SEM ANEL DE SOLDA, BOLSA X BOLSA, 15 MM","UN    ","AS","1,66",null,1.66,"Sinapi 12723"]
[12724,"LUVA DE COBRE (REF 600) SEM ANEL DE SOLDA, BOLSA X BOLSA, 22 MM","UN    ","AS","3,19",null,3.19,"Sinapi 12724"]
[12725,"LUVA DE COBRE (REF 600) SEM ANEL DE SOLDA, BOLSA X BOLSA, 28 MM","UN    ","AS","6,40",null,6.4,"Sinapi 12725"]
[12726,"LUVA DE COBRE (REF 600) SEM ANEL DE SOLDA, BOLSA X BOLSA, 35 MM","UN    ","AS","14,13",null,14.13,"Sinapi 12726"]
[12727,"LUVA DE COBRE (REF 600) SEM ANEL DE SOLDA, BOLSA X BOLSA, 42 MM","UN    ","AS","17,92",null,17.920000000000002,"Sinapi 12727"]
[12728,"LUVA DE COBRE (REF 600) SEM ANEL DE SOLDA, BOLSA X BOLSA, 54 MM","UN    ","AS","29,27",null,29.27,"Sinapi 12728"]
[12729,"LUVA DE COBRE (REF 600) SEM ANEL DE SOLDA, BOLSA X BOLSA, 66 MM","UN    ","AS","95,93",null,95.93,"Sinapi 12729"]
[12730,"LUVA DE COBRE (REF 600) SEM ANEL DE SOLDA, BOLSA X BOLSA, 79 MM","UN    ","AS","146,87",null,146.87,"Sinapi 12730"]
[3840,"LUVA DE CORRER DEFOFO, PVC, JE, DN 100 MM","UN    ","AS","37,27",null,37.270000000000003,"Sinapi 3840"]
[3838,"LUVA DE CORRER DEFOFO, PVC, JE, DN 150 MM","UN    ","AS","82,27",null,82.27,"Sinapi 3838"]
[3844,"LUVA DE CORRER DEFOFO, PVC, JE, DN 200 MM","UN    ","AS","146,74",null,146.74,"Sinapi 3844"]
[3839,"LUVA DE CORRER DEFOFO, PVC, JE, DN 250 MM","UN    ","AS","267,29",null,267.29000000000002,"Sinapi 3839"]
[3843,"LUVA DE CORRER DEFOFO, PVC, JE, DN 300 MM","UN    ","AS","366,86",null,366.86,"Sinapi 3843"]
[3900,"LUVA DE CORRER PARA TUBO ROSCAVEL, PVC, 1 1/2\", PARA AGUA FRIA PREDIAL","UN    ","CR","30,97",null,30.97,"Sinapi 3900"]
[3846,"LUVA DE CORRER PARA TUBO ROSCAVEL, PVC, 1/2\", PARA AGUA FRIA PREDIAL","UN    ","CR","9,76",null,9.76,"Sinapi 3846"]
[3886,"LUVA DE CORRER PARA TUBO ROSCAVEL, PVC, 3/4\", PARA AGUA FRIA PREDIAL","UN    ","CR","10,28",null,10.28,"Sinapi 3886"]
[3854,"LUVA DE CORRER PARA TUBO SOLDAVEL, PVC, 20 MM, PARA AGUA FRIA PREDIAL","UN    ","CR","5,71",null,5.71,"Sinapi 3854"]
[3873,"LUVA DE CORRER PARA TUBO SOLDAVEL, PVC, 25 MM, PARA AGUA FRIA PREDIAL","UN    ","CR","7,56",null,7.56,"Sinapi 3873"]
[38021,"LUVA DE CORRER PARA TUBO SOLDAVEL, PVC, 32 MM, PARA AGUA FRIA PREDIAL","UN    ","CR","18,08",null,18.079999999999998,"Sinapi 38021"]
[3847,"LUVA DE CORRER PARA TUBO SOLDAVEL, PVC, 50 MM, PARA AGUA FRIA PREDIAL","UN    ","CR","20,53",null,20.53,"Sinapi 3847"]
[38022,"LUVA DE CORRER PARA TUBO SOLDAVEL, PVC, 60 MM, PARA AGUA FRIA PREDIAL","UN    ","CR","32,07",null,32.07,"Sinapi 38022"]
[3833,"LUVA DE CORRER PVC, JE, DN 100 MM, PARA REDE COLETORA DE ESGOTO (NBR 10569)","UN    ","AS","12,65",null,12.65,"Sinapi 3833"]
[3835,"LUVA DE CORRER PVC, JE, DN 150 MM, PARA REDE COLETORA DE ESGOTO (NBR 10569)","UN    ","AS","41,20",null,41.2,"Sinapi 3835"]
[3836,"LUVA DE CORRER PVC, JE, DN 200 MM, PARA REDE COLETORA DE ESGOTO (NBR 10569)","UN    ","AS","88,68",null,88.68,"Sinapi 3836"]
[3830,"LUVA DE CORRER PVC, JE, DN 250 MM, PARA REDE COLETORA DE ESGOTO (NBR 10569)","UN    ","AS","145,00",null,145,"Sinapi 3830"]
[3831,"LUVA DE CORRER PVC, JE, DN 300 MM, PARA REDE COLETORA DE ESGOTO (NBR 10569)","UN    ","AS","242,39",null,{"$f":"IF(E3017=\"\",\"\",E3017+0)","v":242.39},{"$f":"IF(G3017=\"\",\"\",CONCATENATE(\"Sinapi \",A3017))","v":"Sinapi 3831"}]
[37981,"LUVA DE CORRER, CPVC, SOLDAVEL, 15 MM, PARA AGUA QUENTE PREDIAL","UN    ","CR","2,86",null,2.86,"Sinapi 37981"]
[37982,"LUVA DE CORRER, CPVC, SOLDAVEL, 22 MM, PARA AGUA QUENTE PREDIAL","UN    ","CR","4,34",null,4.34,"Sinapi 37982"]
[37983,"LUVA DE CORRER, CPVC, SOLDAVEL, 28 MM, PARA AGUA QUENTE PREDIAL","UN    ","CR","6,08",null,6.08,"Sinapi 37983"]
[37984,"LUVA DE CORRER, CPVC, SOLDAVEL, 35 MM, PARA AGUA QUENTE PREDIAL","UN    ","CR","10,51",null,10.51,"Sinapi 37984"]
[37985,"LUVA DE CORRER, CPVC, SOLDAVEL, 42 MM, PARA AGUA QUENTE PREDIAL","UN    ","CR","14,72",null,14.72,"Sinapi 37985"]
[3826,"LUVA DE CORRER, PVC PBA, JE, DN 100 / DE 110 MM, PARA REDE AGUA (NBR 10351)","UN    ","AS","36,99",null,36.99,"Sinapi 3826"]
[3825,"LUVA DE CORRER, PVC PBA, JE, DN 50 / DE 60 MM, PARA REDE AGUA (NBR 10351)","UN    ","AS","10,63",null,10.63,"Sinapi 3825"]
[3827,"LUVA DE CORRER, PVC PBA, JE, DN 75 / DE 85 MM, PARA REDE AGUA (NBR 10351)","UN    ","AS","23,24",null,23.24,"Sinapi 3827"]
[20165,"LUVA DE CORRER, PVC SERIE REFORCADA - R, 100 MM, PARA ESGOTO PREDIAL","UN    ","CR","16,36",null,16.36,"Sinapi 20165"]
[20166,"LUVA DE CORRER, PVC SERIE REFORCADA - R, 150 MM, PARA ESGOTO PREDIAL","UN    ","CR","52,88",null,52.88,"Sinapi 20166"]
[20164,"LUVA DE CORRER, PVC SERIE REFORCADA - R, 75 MM, PARA ESGOTO PREDIAL","UN    ","CR","8,64",null,8.64,"Sinapi 20164"]
[3893,"LUVA DE CORRER, PVC, DN 100 MM, PARA ESGOTO PREDIAL","UN    ","CR","10,72",null,10.72,"Sinapi 3893"]
[3848,"LUVA DE CORRER, PVC, DN 50 MM, PARA ESGOTO PREDIAL","UN    ","CR","6,51",null,6.51,"Sinapi 3848"]
[3895,"LUVA DE CORRER, PVC, DN 75 MM, PARA ESGOTO PREDIAL","UN    ","CR","7,09",null,7.09,"Sinapi 3895"]
[12404,"LUVA DE FERRO GALVANIZADO, COM ROSCA BSP MACHO/FEMEA, DE 3/4\"","UN    ","CR","5,89",null,5.89,"Sinapi 12404"]
[3939,"LUVA DE FERRO GALVANIZADO, COM ROSCA BSP, DE 1 1/2\"","UN    ","CR","12,15",null,12.15,"Sinapi 3939"]
[3911,"LUVA DE FERRO GALVANIZADO, COM ROSCA BSP, DE 1 1/4\"","UN    ","CR","9,92",null,9.92,"Sinapi 3911"]
[3908,"LUVA DE FERRO GALVANIZADO, COM ROSCA BSP, DE 1/2\"","UN    ","CR","3,21",null,3.21,"Sinapi 3908"]
[3910,"LUVA DE FERRO GALVANIZADO, COM ROSCA BSP, DE 1\"","UN    ","CR","7,10",null,7.1,"Sinapi 3910"]
[3913,"LUVA DE FERRO GALVANIZADO, COM ROSCA BSP, DE 2 1/2\"","UN    ","CR","33,94",null,33.94,"Sinapi 3913"]
[3912,"LUVA DE FERRO GALVANIZADO, COM ROSCA BSP, DE 2\"","UN    ","CR","18,60",null,18.600000000000001,"Sinapi 3912"]
[3909,"LUVA DE FERRO GALVANIZADO, COM ROSCA BSP, DE 3/4\"","UN    ","CR","4,36",null,4.3600000000000003,"Sinapi 3909"]
[3914,"LUVA DE FERRO GALVANIZADO, COM ROSCA BSP, DE 3\"","UN    ","CR","51,20",null,51.2,"Sinapi 3914"]
[3915,"LUVA DE FERRO GALVANIZADO, COM ROSCA BSP, DE 4\"","UN    ","CR","80,74",null,80.739999999999995,"Sinapi 3915"]
[3916,"LUVA DE FERRO GALVANIZADO, COM ROSCA BSP, DE 5\"","UN    ","CR","147,10",null,147.1,"Sinapi 3916"]
[3917,"LUVA DE FERRO GALVANIZADO, COM ROSCA BSP, DE 6\"","UN    ","CR","242,62",null,242.62,"Sinapi 3917"]
[1904,"LUVA DE PRESSAO, EM PVC, DE 20 MM, PARA ELETRODUTO FLEXIVEL","UN    ","CR","0,59",null,0.59,"Sinapi 1904"]
[1899,"LUVA DE PRESSAO, EM PVC, DE 25 MM, PARA ELETRODUTO FLEXIVEL","UN    ","CR","0,67",null,0.67,"Sinapi 1899"]
[1900,"LUVA DE PRESSAO, EM PVC, DE 32 MM, PARA ELETRODUTO FLEXIVEL","UN    ","CR","1,09",null,1.0900000000000001,"Sinapi 1900"]
[12407,"LUVA DE REDUCAO DE FERRO GALVANIZADO, COM ROSCA BSP MACHO/FEMEA, DE 1 1/2\" X 1\"","UN    ","CR","18,36",null,18.36,"Sinapi 12407"]
[12408,"LUVA DE REDUCAO DE FERRO GALVANIZADO, COM ROSCA BSP MACHO/FEMEA, DE 1\" X 1/2\"","UN    ","CR","10,36",null,10.36,"Sinapi 12408"]
[12409,"LUVA DE REDUCAO DE FERRO GALVANIZADO, COM ROSCA BSP MACHO/FEMEA, DE 1\" X 3/4\"","UN    ","CR","10,36",null,10.36,"Sinapi 12409"]
[12410,"LUVA DE REDUCAO DE FERRO GALVANIZADO, COM ROSCA BSP MACHO/FEMEA, DE 3/4\" X 1/2\"","UN    ","CR","7,14",null,7.14,"Sinapi 12410"]
[3936,"LUVA DE REDUCAO DE FERRO GALVANIZADO, COM ROSCA BSP, DE 1 1/2\" X 1 1/4\"","UN    ","CR","12,90",null,12.9,"Sinapi 3936"]
[3922,"LUVA DE REDUCAO DE FERRO GALVANIZADO, COM ROSCA BSP, DE 1 1/2\" X 1/2\"","UN    ","CR","11,87",null,11.87,"Sinapi 3922"]
[3924,"LUVA DE REDUCAO DE FERRO GALVANIZADO, COM ROSCA BSP, DE 1 1/2\" X 1\"","UN    ","CR","12,90",null,12.9,"Sinapi 3924"]
[3923,"LUVA DE REDUCAO DE FERRO GALVANIZADO, COM ROSCA BSP, DE 1 1/2\" X 3/4\"","UN    ","CR","12,90",null,12.9,"Sinapi 3923"]
[3937,"LUVA DE REDUCAO DE FERRO GALVANIZADO, COM ROSCA BSP, DE 1 1/4\" X 1/2\"","UN    ","CR","10,64",null,10.64,"Sinapi 3937"]
[3921,"LUVA DE REDUCAO DE FERRO GALVANIZADO, COM ROSCA BSP, DE 1 1/4\" X 1\"","UN    ","CR","10,65",null,10.65,"Sinapi 3921"]
[3920,"LUVA DE REDUCAO DE FERRO GALVANIZADO, COM ROSCA BSP, DE 1 1/4\" X 3/4\"","UN    ","CR","10,64",null,10.64,"Sinapi 3920"]
[3938,"LUVA DE REDUCAO DE FERRO GALVANIZADO, COM ROSCA BSP, DE 1\" X 1/2\"","UN    ","CR","7,02",null,7.02,"Sinapi 3938"]
[3919,"LUVA DE REDUCAO DE FERRO GALVANIZADO, COM ROSCA BSP, DE 1\" X 3/4\"","UN    ","CR","7,15",null,7.15,"Sinapi 3919"]
[3927,"LUVA DE REDUCAO DE FERRO GALVANIZADO, COM ROSCA BSP, DE 2 1/2\" X 1 1/2\"","UN    ","CR","36,24",null,36.24,"Sinapi 3927"]
[3928,"LUVA DE REDUCAO DE FERRO GALVANIZADO, COM ROSCA BSP, DE 2 1/2\" X 2\"","UN    ","CR","36,24",null,36.24,"Sinapi 3928"]
[3926,"LUVA DE REDUCAO DE FERRO GALVANIZADO, COM ROSCA BSP, DE 2\" X 1 1/2\"","UN    ","CR","20,66",null,20.66,"Sinapi 3926"]
[3935,"LUVA DE REDUCAO DE FERRO GALVANIZADO, COM ROSCA BSP, DE 2\" X 1 1/4\"","UN    ","CR","20,66",null,20.66,"Sinapi 3935"]
[3925,"LUVA DE REDUCAO DE FERRO GALVANIZADO, COM ROSCA BSP, DE 2\" X 1\"","UN    ","CR","20,66",null,20.66,"Sinapi 3925"]
[12406,"LUVA DE REDUCAO DE FERRO GALVANIZADO, COM ROSCA BSP, DE 3/4\" X 1/2\"","UN    ","CR","5,07",null,5.07,"Sinapi 12406"]
[3929,"LUVA DE REDUCAO DE FERRO GALVANIZADO, COM ROSCA BSP, DE 3\" X 1 1/2\"","UN    ","CR","55,21",null,55.21,"Sinapi 3929"]
[3931,"LUVA DE REDUCAO DE FERRO GALVANIZADO, COM ROSCA BSP, DE 3\" X 2 1/2\"","UN    ","CR","55,21",null,55.21,"Sinapi 3931"]
[3930,"LUVA DE REDUCAO DE FERRO GALVANIZADO, COM ROSCA BSP, DE 3\" X 2\"","UN    ","CR","55,21",null,55.21,"Sinapi 3930"]
[3932,"LUVA DE REDUCAO DE FERRO GALVANIZADO, COM ROSCA BSP, DE 4\" X 2 1/2\"","UN    ","CR","95,34",null,95.34,"Sinapi 3932"]
[3933,"LUVA DE REDUCAO DE FERRO GALVANIZADO, COM ROSCA BSP, DE 4\" X 2\"","UN    ","CR","95,34",null,95.34,"Sinapi 3933"]
[3934,"LUVA DE REDUCAO DE FERRO GALVANIZADO, COM ROSCA BSP, DE 4\" X 3\"","UN    ","CR","95,34",null,95.34,"Sinapi 3934"]
[40355,"LUVA DE REDUCAO EM ACO CARBONO, COM ENCAIXE PARA SOLDA DN SW, PRESSAO 3.000 LBS,  3/4 \" X 1/2\"","UN    ","AS","6,45",null,6.45,"Sinapi 40355"]
[40364,"LUVA DE REDUCAO EM ACO CARBONO, COM ENCAIXE PARA SOLDA DN SW, PRESSAO 3.000 LBS, DN 1 1/2\" X 1 1/4\"","UN    ","AS","30,23",null,30.23,"Sinapi 40364"]
[40361,"LUVA DE REDUCAO EM ACO CARBONO, COM ENCAIXE PARA SOLDA DN SW, PRESSAO 3.000 LBS, DN 1 1/4\"  X 1\"","UN    ","AS","23,64",null,23.64,"Sinapi 40361"]
[40358,"LUVA DE REDUCAO EM ACO CARBONO, COM ENCAIXE PARA SOLDA DN SW, PRESSAO 3.000 LBS, DN 1\" X 3/4\"","UN    ","AS","9,01",null,9.01,"Sinapi 40358"]
[40370,"LUVA DE REDUCAO EM ACO CARBONO, COM ENCAIXE PARA SOLDA DN SW, PRESSAO 3.000 LBS, DN 2 1/2\" X 2\"","UN    ","AS","95,92",null,95.92,"Sinapi 40370"]
[40367,"LUVA DE REDUCAO EM ACO CARBONO, COM ENCAIXE PARA SOLDA DN SW, PRESSAO 3.000 LBS, DN 2\" X 1 1/2\"","UN    ","AS","47,67",null,47.67,"Sinapi 40367"]
[40373,"LUVA DE REDUCAO EM ACO CARBONO, COM ENCAIXE PARA SOLDA DN SW, PRESSAO 3.000 LBS, DN 3\" X 2 1/2\"","UN    ","AS","129,71",null,129.71,"Sinapi 40373"]
[38947,"LUVA DE REDUCAO PARA TUBO PEX, METALICA, PARA CONEXAO COM ANEL DESLIZANTE, DN 20 X 16 MM","UN    ","AS","5,43",null,5.43,"Sinapi 38947"]
[38948,"LUVA DE REDUCAO PARA TUBO PEX, METALICA, PARA CONEXAO COM ANEL DESLIZANTE, DN 25 X 16 MM","UN    ","AS","8,66",null,8.66,"Sinapi 38948"]
[38949,"LUVA DE REDUCAO PARA TUBO PEX, METALICA, PARA CONEXAO COM ANEL DESLIZANTE, DN 25 X 20 MM","UN    ","AS","9,61",null,{"$f":"IF(E3081=\"\",\"\",E3081+0)","v":9.61},{"$f":"IF(G3081=\"\",\"\",CONCATENATE(\"Sinapi \",A3081))","v":"Sinapi 38949"}]
[38951,"LUVA DE REDUCAO PARA TUBO PEX, METALICA, PARA CONEXAO COM ANEL DESLIZANTE, DN 32 X 25 MM","UN    ","AS","15,20",null,15.2,"Sinapi 38951"]
[39312,"LUVA DE REDUCAO PARA TUBO PEX, PLASTICA, PARA CONEXAO COM CRIMPAGEM, DN 20 X 16 MM","UN    ","AS","11,79",null,11.79,"Sinapi 39312"]
[39313,"LUVA DE REDUCAO PARA TUBO PEX, PLASTICA, PARA CONEXAO COM CRIMPAGEM, DN 25 X 16 MM","UN    ","AS","15,39",null,15.39,"Sinapi 39313"]
[38950,"LUVA DE REDUCAO PARA TUBO PEX, PLASTICA, PARA CONEXAO COM CRIMPAGEM, DN 32 X 20 MM","UN    ","AS","23,16",null,23.16,"Sinapi 38950"]
[39314,"LUVA DE REDUCAO PARA TUBO PEX, PLASTICA, PARA CONEXAO COM CRIMPAGEM, DN 32 X 25 MM","UN    ","AS","24,44",null,24.44,"Sinapi 39314"]
[3907,"LUVA DE REDUCAO ROSCAVEL, PVC, 1\" X 3/4\", PARA AGUA FRIA PREDIAL","UN    ","CR","3,20",null,3.2,"Sinapi 3907"]
[3889,"LUVA DE REDUCAO ROSCAVEL, PVC, 3/4\" X 1/2\", PARA AGUA FRIA PREDIAL","UN    ","CR","2,45",null,2.4500000000000002,"Sinapi 3889"]
[3868,"LUVA DE REDUCAO SOLDAVEL, PVC, 25 MM X 20 MM, PARA AGUA FRIA PREDIAL","UN    ","CR","0,95",null,0.95,"Sinapi 3868"]
[3869,"LUVA DE REDUCAO SOLDAVEL, PVC, 32 MM X 25 MM, PARA AGUA FRIA PREDIAL","UN    ","CR","2,72",null,2.72,"Sinapi 3869"]
[3872,"LUVA DE REDUCAO SOLDAVEL, PVC, 40 MM X 32 MM, PARA AGUA FRIA PREDIAL","UN    ","CR","3,31",null,3.31,"Sinapi 3872"]
[3850,"LUVA DE REDUCAO SOLDAVEL, PVC, 60 MM X 50 MM, PARA AGUA FRIA PREDIAL","UN    ","CR","8,53",null,8.5299999999999994,"Sinapi 3850"]
[38023,"LUVA DE REDUCAO, PVC, SOLDAVEL, 50 X 25 MM, PARA AGUA FRIA PREDIAL","UN    ","CR","3,60",null,3.6,"Sinapi 38023"]
[37986,"LUVA DE TRANSICAO DE CPVC X PVC, SOLDAVEL, 22 X 25 MM, PARA AGUA QUENTE","UN    ","CR","0,98",null,0.98,"Sinapi 37986"]
[37987,"LUVA DE TRANSICAO, CPVC, SOLDAVEL, 42 MM X 1 1/2\", PARA AGUA QUENTE","UN    ","CR","73,48",null,73.48,"Sinapi 37987"]
[37988,"LUVA DE TRANSICAO, CPVC, SOLDAVEL, 54 MM X 2\", PARA AGUA QUENTE PREDIAL","UN    ","CR","119,85",null,119.85,"Sinapi 37988"]
[21120,"LUVA DE TRANSICAO, CPVC, 15 MM X 1/2\", PARA AGUA QUENTE PREDIAL","UN    ","CR","5,97",null,5.97,"Sinapi 21120"]
[39318,"LUVA DE TRANSICAO, CPVC, 22 MM X 1/2\", PARA AGUA QUENTE","UN    ","CR","4,92",null,4.92,"Sinapi 39318"]
[20162,"LUVA DUPLA, PVC LEVE, DN 150 MM","UN    ","CR","11,36",null,11.36,"Sinapi 20162"]
[40366,"LUVA EM ACO CARBONO, SOLDAVEL, PRESSAO 3.000 LBS, DN 1 1/2\"","UN    ","AS","23,58",null,23.58,"Sinapi 40366"]
[40363,"LUVA EM ACO CARBONO, SOLDAVEL, PRESSAO 3.000 LBS, DN 1 1/4\"","UN    ","AS","18,44",null,18.440000000000001,"Sinapi 40363"]
[40354,"LUVA EM ACO CARBONO, SOLDAVEL, PRESSAO 3.000 LBS, DN 1/2\"","UN    ","AS","8,03",null,8.0299999999999994,"Sinapi 40354"]
[40360,"LUVA EM ACO CARBONO, SOLDAVEL, PRESSAO 3.000 LBS, DN 1\"","UN    ","AS","12,09",null,12.09,"Sinapi 40360"]
[40372,"LUVA EM ACO CARBONO, SOLDAVEL, PRESSAO 3.000 LBS, DN 2 1/2\"","UN    ","AS","74,67",null,74.67,"Sinapi 40372"]
[40369,"LUVA EM ACO CARBONO, SOLDAVEL, PRESSAO 3.000 LBS, DN 2\"","UN    ","AS","37,16",null,37.159999999999997,"Sinapi 40369"]
[40357,"LUVA EM ACO CARBONO, SOLDAVEL, PRESSAO 3.000 LBS, DN 3/4\"","UN    ","AS","9,01",null,9.01,"Sinapi 40357"]
[40375,"LUVA EM ACO CARBONO, SOLDAVEL, PRESSAO 3.000 LBS, DN 3\"","UN    ","AS","101,08",null,101.08,"Sinapi 40375"]
[1893,"LUVA EM PVC RIGIDO ROSCAVEL, DE 1 1/2\", PARA ELETRODUTO","UN    ","CR","2,25",null,2.25,"Sinapi 1893"]
[1902,"LUVA EM PVC RIGIDO ROSCAVEL, DE 1 1/4\", PARA ELETRODUTO","UN    ","CR","1,64",null,1.64,"Sinapi 1902"]
[1901,"LUVA EM PVC RIGIDO ROSCAVEL, DE 1/2\", PARA ELETRODUTO","UN    ","CR","0,51",null,0.51,"Sinapi 1901"]
[1892,"LUVA EM PVC RIGIDO ROSCAVEL, DE 1\", PARA ELETRODUTO","UN    ","CR","1,05",null,1.05,"Sinapi 1892"]
[1907,"LUVA EM PVC RIGIDO ROSCAVEL, DE 2 1/2\", PARA ELETRODUTO","UN    ","CR","7,24",null,7.24,"Sinapi 1907"]
[1894,"LUVA EM PVC RIGIDO ROSCAVEL, DE 2\", PARA ELETRODUTO","UN    ","CR","3,26",null,3.26,"Sinapi 1894"]
[1891,"LUVA EM PVC RIGIDO ROSCAVEL, DE 3/4\", PARA ELETRODUTO","UN    ","CR","0,75",null,0.75,"Sinapi 1891"]
[1896,"LUVA EM PVC RIGIDO ROSCAVEL, DE 3\", PARA ELETRODUTO","UN    ","CR","9,73",null,9.73,"Sinapi 1896"]
[1895,"LUVA EM PVC RIGIDO ROSCAVEL, DE 4\", PARA ELETRODUTO","UN    ","CR","17,10",null,17.100000000000001,"Sinapi 1895"]
[2641,"LUVA PARA ELETRODUTO, EM ACO GALVANIZADO ELETROLITICO, DIAMETRO DE 100 MM (4\")","UN    ","AS","24,86",null,24.86,"Sinapi 2641"]
[2636,"LUVA PARA ELETRODUTO, EM ACO GALVANIZADO ELETROLITICO, DIAMETRO DE 15 MM (1/2\")","UN    ","AS","1,60",null,1.6,"Sinapi 2636"]
[2637,"LUVA PARA ELETRODUTO, EM ACO GALVANIZADO ELETROLITICO, DIAMETRO DE 20 MM (3/4\")","UN    ","AS","1,70",null,1.7,"Sinapi 2637"]
[2638,"LUVA PARA ELETRODUTO, EM ACO GALVANIZADO ELETROLITICO, DIAMETRO DE 25 MM (1\")","UN    ","AS","1,98",null,1.98,"Sinapi 2638"]
[2639,"LUVA PARA ELETRODUTO, EM ACO GALVANIZADO ELETROLITICO, DIAMETRO DE 32 MM (1 1/4\")","UN    ","AS","3,51",null,3.51,"Sinapi 2639"]
[2644,"LUVA PARA ELETRODUTO, EM ACO GALVANIZADO ELETROLITICO, DIAMETRO DE 40 MM (1 1/2\")","UN    ","AS","5,08",null,5.08,"Sinapi 2644"]
[2643,"LUVA PARA ELETRODUTO, EM ACO GALVANIZADO ELETROLITICO, DIAMETRO DE 50 MM (2\")","UN    ","AS","7,09",null,7.09,"Sinapi 2643"]
[2640,"LUVA PARA ELETRODUTO, EM ACO GALVANIZADO ELETROLITICO, DIAMETRO DE 65 MM (2 1/2\")","UN    ","AS","10,34",null,10.34,"Sinapi 2640"]
[2642,"LUVA PARA ELETRODUTO, EM ACO GALVANIZADO ELETROLITICO, DIAMETRO DE 80 MM (3\")","UN    ","AS","15,75",null,15.75,"Sinapi 2642"]
[38943,"LUVA PARA TUBO PEX, METALICO, PARA CONEXAO COM ANEL DESLIZANTE, DN 16 MM","UN    ","AS","4,01",null,4.01,"Sinapi 38943"]
[38944,"LUVA PARA TUBO PEX, METALICO, PARA CONEXAO COM ANEL DESLIZANTE, DN 20 MM","UN    ","AS","6,19",null,6.19,"Sinapi 38944"]
[38945,"LUVA PARA TUBO PEX, METALICO, PARA CONEXAO COM ANEL DESLIZANTE, DN 25 MM","UN    ","AS","12,56",null,12.56,"Sinapi 38945"]
[38946,"LUVA PARA TUBO PEX, METALICO, PARA CONEXAO COM ANEL DESLIZANTE, DN 32 MM","UN    ","AS","18,74",null,18.739999999999998,"Sinapi 38946"]
[39308,"LUVA PARA TUBO PEX, PLASTICA, PARA CONEXAO COM CRIMPAGEM, DN 16 MM","UN    ","AS","8,17",null,8.17,"Sinapi 39308"]
[39309,"LUVA PARA TUBO PEX, PLASTICA, PARA CONEXAO COM CRIMPAGEM, DN 20 MM","UN    ","AS","11,81",null,11.81,"Sinapi 39309"]
[39310,"LUVA PARA TUBO PEX, PLASTICA, PARA CONEXAO COM CRIMPAGEM, DN 25 MM","UN    ","AS","17,90",null,17.899999999999999,"Sinapi 39310"]
[39311,"LUVA PARA TUBO PEX, PLASTICA, PARA CONEXAO COM CRIMPAGEM, DN 32 MM","UN    ","AS","26,91",null,26.91,"Sinapi 39311"]
[39855,"LUVA PASSANTE DE COBRE (REF 601) SEM ANEL DE SOLDA, BOLSA 15 MM","UN    ","AS","1,68",null,1.68,"Sinapi 39855"]
[39856,"LUVA PASSANTE DE COBRE (REF 601) SEM ANEL DE SOLDA, BOLSA 22 MM","UN    ","AS","3,95",null,3.95,"Sinapi 39856"]
[39857,"LUVA PASSANTE DE COBRE (REF 601) SEM ANEL DE SOLDA, BOLSA 28 MM","UN    ","AS","6,40",null,6.4,"Sinapi 39857"]
[39858,"LUVA PASSANTE DE COBRE (REF 601) SEM ANEL DE SOLDA, BOLSA 35 MM","UN    ","AS","14,20",null,14.2,"Sinapi 39858"]
[39859,"LUVA PASSANTE DE COBRE (REF 601) SEM ANEL DE SOLDA, BOLSA 42 MM","UN    ","AS","21,89",null,21.89,"Sinapi 39859"]
[39860,"LUVA PASSANTE DE COBRE (REF 601) SEM ANEL DE SOLDA, BOLSA 54 MM","UN    ","AS","33,60",null,33.6,"Sinapi 39860"]
[39861,"LUVA PASSANTE DE COBRE (REF 601) SEM ANEL DE SOLDA, BOLSA 66 MM","UN    ","AS","95,93",null,95.93,"Sinapi 39861"]
[38447,"LUVA PPR, SOLDAVEL, DN 110 MM, PARA AGUA QUENTE PREDIAL","UN    ","AS","74,23",null,74.23,"Sinapi 38447"]
[36320,"LUVA PPR, SOLDAVEL, DN 20 MM, PARA AGUA QUENTE PREDIAL","UN    ","AS","1,07",null,1.07,"Sinapi 36320"]
[36324,"LUVA PPR, SOLDAVEL, DN 25 MM, PARA AGUA QUENTE PREDIAL","UN    ","AS","1,63",null,1.63,"Sinapi 36324"]
[38441,"LUVA PPR, SOLDAVEL, DN 32 MM, PARA AGUA QUENTE PREDIAL","UN    ","AS","2,14",null,2.14,"Sinapi 38441"]
[38442,"LUVA PPR, SOLDAVEL, DN 40 MM, PARA AGUA QUENTE PREDIAL","UN    ","AS","5,44",null,{"$f":"IF(E3145=\"\",\"\",E3145+0)","v":5.44},{"$f":"IF(G3145=\"\",\"\",CONCATENATE(\"Sinapi \",A3145))","v":"Sinapi 38442"}]
[38443,"LUVA PPR, SOLDAVEL, DN 50 MM, PARA AGUA QUENTE PREDIAL","UN    ","AS","8,22",null,8.2200000000000006,"Sinapi 38443"]
[38444,"LUVA PPR, SOLDAVEL, DN 63 MM, PARA AGUA QUENTE PREDIAL","UN    ","AS","12,24",null,12.24,"Sinapi 38444"]
[38445,"LUVA PPR, SOLDAVEL, DN 75 MM, PARA AGUA QUENTE PREDIAL","UN    ","AS","28,74",null,28.74,"Sinapi 38445"]
[38446,"LUVA PPR, SOLDAVEL, DN 90 MM, PARA AGUA QUENTE PREDIAL","UN    ","AS","46,39",null,46.39,"Sinapi 38446"]
[3867,"LUVA PVC SOLDAVEL, 110 MM, PARA AGUA FRIA PREDIAL","UN    ","CR","57,28",null,57.28,"Sinapi 3867"]
[3861,"LUVA PVC SOLDAVEL, 20 MM, PARA AGUA FRIA PREDIAL","UN    ","CR","0,47",null,0.47,"Sinapi 3861"]
[3904,"LUVA PVC SOLDAVEL, 25 MM, PARA AGUA FRIA PREDIAL","UN    ","CR","0,58",null,0.57999999999999996,"Sinapi 3904"]
[3903,"LUVA PVC SOLDAVEL, 32 MM, PARA AGUA FRIA PREDIAL","UN    ","CR","1,42",null,1.42,"Sinapi 3903"]
[3862,"LUVA PVC SOLDAVEL, 40 MM, PARA AGUA FRIA PREDIAL","UN    ","CR","2,90",null,2.9,"Sinapi 3862"]
[3863,"LUVA PVC SOLDAVEL, 50 MM, PARA AGUA FRIA PREDIAL","UN    ","CR","3,40",null,3.4,"Sinapi 3863"]
[3864,"LUVA PVC SOLDAVEL, 60 MM, PARA AGUA FRIA PREDIAL","UN    ","CR","8,87",null,8.8699999999999992,"Sinapi 3864"]
[3865,"LUVA PVC SOLDAVEL, 75 MM, PARA AGUA FRIA PREDIAL","UN    ","CR","15,43",null,15.43,"Sinapi 3865"]
[3866,"LUVA PVC SOLDAVEL, 85 MM, PARA AGUA FRIA PREDIAL","UN    ","CR","35,31",null,35.31,"Sinapi 3866"]
[3902,"LUVA PVC, ROSCAVEL,  2 1/2\",  AGUA FRIA PREDIAL","UN    ","CR","17,17",null,17.170000000000002,"Sinapi 3902"]
[3878,"LUVA PVC, ROSCAVEL, 1 1/2\",  AGUA FRIA PREDIAL","UN    ","CR","5,42",null,5.42,"Sinapi 3878"]
[3877,"LUVA PVC, ROSCAVEL, 1 1/4\", AGUA FRIA PREDIAL","UN    ","CR","4,96",null,4.96,"Sinapi 3877"]
[3879,"LUVA PVC, ROSCAVEL, 2\",  AGUA FRIA PREDIAL","UN    ","CR","10,94",null,10.94,"Sinapi 3879"]
[3880,"LUVA PVC, ROSCAVEL, 3\", AGUA FRIA PREDIAL","UN    ","CR","24,69",null,24.69,"Sinapi 3880"]
[12892,"LUVA RASPA DE COURO, CANO CURTO (PUNHO *7* CM)","PAR   ","CR","9,85",null,9.85,"Sinapi 12892"]
[3883,"LUVA ROSCAVEL, PVC, 1/2\", AGUA FRIA PREDIAL","UN    ","CR","1,14",null,1.1399999999999999,"Sinapi 3883"]
[3876,"LUVA ROSCAVEL, PVC, 1\", AGUA FRIA PREDIAL","UN    ","CR","2,85",null,2.85,"Sinapi 3876"]
[3884,"LUVA ROSCAVEL, PVC, 3/4\", AGUA FRIA PREDIAL","UN    ","CR","1,71",null,1.71,"Sinapi 3884"]
[3837,"LUVA SIMPLES, PVC PBA, JE, DN 100 / DE 110 MM, PARA REDE AGUA (NBR 10351)","UN    ","AS","32,11",null,32.11,"Sinapi 3837"]
[3845,"LUVA SIMPLES, PVC PBA, JE, DN 50 / DE 60 MM, PARA REDE AGUA (NBR 10351)","UN    ","AS","11,73",null,11.73,"Sinapi 3845"]
[11045,"LUVA SIMPLES, PVC PBA, JE, DN 75 / DE 85 MM, PARA REDE AGUA (NBR 10351)","UN    ","AS","22,62",null,22.62,"Sinapi 11045"]
[20170,"LUVA SIMPLES, PVC SERIE REFORCADA - R, 100 MM, PARA ESGOTO PREDIAL","UN    ","CR","9,21",null,9.2100000000000009,"Sinapi 20170"]
[20171,"LUVA SIMPLES, PVC SERIE REFORCADA - R, 150 MM, PARA ESGOTO PREDIAL","UN    ","CR","27,36",null,27.36,"Sinapi 20171"]
[20167,"LUVA SIMPLES, PVC SERIE REFORCADA - R, 40 MM, PARA ESGOTO PREDIAL","UN    ","CR","3,42",null,3.42,"Sinapi 20167"]
[20168,"LUVA SIMPLES, PVC SERIE REFORCADA - R, 50 MM, PARA ESGOTO PREDIAL","UN    ","CR","5,36",null,5.36,"Sinapi 20168"]
[20169,"LUVA SIMPLES, PVC SERIE REFORCADA - R, 75 MM, PARA ESGOTO PREDIAL","UN    ","CR","7,59",null,7.59,"Sinapi 20169"]
[3899,"LUVA SIMPLES, PVC, SOLDAVEL, DN 100 MM, SERIE NORMAL, PARA ESGOTO PREDIAL","UN    ","CR","4,02",null,4.0199999999999996,"Sinapi 3899"]
[38676,"LUVA SIMPLES, PVC, SOLDAVEL, DN 150 MM, SERIE NORMAL, PARA ESGOTO PREDIAL","UN    ","CR","19,47",null,19.47,"Sinapi 38676"]
[3897,"LUVA SIMPLES, PVC, SOLDAVEL, DN 40 MM, SERIE NORMAL, PARA ESGOTO PREDIAL","UN    ","CR","0,84",null,0.84,"Sinapi 3897"]
[3875,"LUVA SIMPLES, PVC, SOLDAVEL, DN 50 MM, SERIE NORMAL, PARA ESGOTO PREDIAL","UN    ","CR","1,83",null,1.83,"Sinapi 3875"]
[3898,"LUVA SIMPLES, PVC, SOLDAVEL, DN 75 MM, SERIE NORMAL, PARA ESGOTO PREDIAL","UN    ","CR","3,47",null,3.47,"Sinapi 3898"]
[3855,"LUVA SOLDAVEL COM BUCHA DE LATAO, PVC, 20 MM X 1/2\"","UN    ","CR","3,79",null,3.79,"Sinapi 3855"]
[3874,"LUVA SOLDAVEL COM BUCHA DE LATAO, PVC, 25 MM X 1/2\"","UN    ","CR","4,02",null,4.0199999999999996,"Sinapi 3874"]
[3870,"LUVA SOLDAVEL COM BUCHA DE LATAO, PVC, 25 MM X 3/4\"","UN    ","CR","4,99",null,4.99,"Sinapi 3870"]
[38678,"LUVA SOLDAVEL COM BUCHA DE LATAO, PVC, 32 MM X 1\"","UN    ","CR","13,60",null,13.6,"Sinapi 38678"]
[3859,"LUVA SOLDAVEL COM ROSCA, PVC, 20 MM X 1/2\", PARA AGUA FRIA PREDIAL","UN    ","CR","1,00",null,1,"Sinapi 3859"]
[3856,"LUVA SOLDAVEL COM ROSCA, PVC, 25 MM X 1/2\", PARA AGUA FRIA PREDIAL","UN    ","CR","1,28",null,1.28,"Sinapi 3856"]
[3906,"LUVA SOLDAVEL COM ROSCA, PVC, 25 MM X 3/4\", PARA AGUA FRIA PREDIAL","UN    ","CR","1,20",null,1.2,"Sinapi 3906"]
[3860,"LUVA SOLDAVEL COM ROSCA, PVC, 32 MM X 1\", PARA AGUA FRIA PREDIAL","UN    ","CR","3,95",null,3.95,"Sinapi 3860"]
[3905,"LUVA SOLDAVEL COM ROSCA, PVC, 40 MM X 1 1/4\", PARA AGUA FRIA PREDIAL","UN    ","CR","8,75",null,8.75,"Sinapi 3905"]
[3871,"LUVA SOLDAVEL COM ROSCA, PVC, 50 MM X 1 1/2\", PARA AGUA FRIA PREDIAL","UN    ","CR","18,16",null,18.16,"Sinapi 3871"]
[37429,"LUVA, PEAD PE 100,  DE 400 MM, PARA ELETROFUSAO","UN    ","AS","1.743,13",null,1743.13,"Sinapi 37429"]
[37426,"LUVA, PEAD PE 100,  DE 63 MM, PARA ELETROFUSAO","UN    ","AS","16,76",null,16.760000000000002,"Sinapi 37426"]
[37427,"LUVA, PEAD PE 100, DE 125 MM, PARA ELETROFUSAO","UN    ","AS","39,99",null,39.99,"Sinapi 37427"]
[37424,"LUVA, PEAD PE 100, DE 20 MM, PARA ELETROFUSAO","UN    ","AS","7,70",null,7.7,"Sinapi 37424"]
[37428,"LUVA, PEAD PE 100, DE 200 MM, PARA ELETROFUSAO","UN    ","AS","137,84",null,137.84,"Sinapi 37428"]
[37425,"LUVA, PEAD PE 100, DE 32 MM, PARA ELETROFUSAO","UN    ","AS","8,30",null,8.3000000000000007,"Sinapi 37425"]
[11519,"MACANETA ALAVANCA, RETA OU CURVA, MACICA, CROMADA, COMPRIMENTO DE 10 A 16 CM, ACABAMENTO PADRAO MEDIO - SOMENTE MACANETAS","PAR   ","CR","31,18",null,31.18,"Sinapi 11519"]
[11520,"MACANETA ALAVANCA, RETA SIMPLES / OCA, CROMADA, COMPRIMENTO DE 10 A 16 CM, ACABAMENTO PADRAO POPULAR - SOMENTE MACANETAS","PAR   ","CR","12,36",null,12.36,"Sinapi 11520"]
[11518,"MACANETA TIPO BOLA, CROMADA,  DIAMETRO APROXIMADO DE *2 1/2*\", (SOMENTE MACANETAS)","PAR   ","CR","35,97",null,35.97,"Sinapi 11518"]
[38473,"MACARICO DE SOLDA 201 PARA EXTENSAO GLP OU ACETILENO","UN    ","CR","125,23",null,125.23,"Sinapi 38473"]
[4244,"MACARIQUEIRO","H     ","CR","15,90",null,15.9,"Sinapi 4244"]
[40977,"MACARIQUEIRO (MENSALISTA)","MES   ","CR","2.837,76",null,2837.76,"Sinapi 40977"]
[2742,"MADEIRA ROLICA SEM TRATAMENTO, EUCALIPTO OU EQUIVALENTE DA REGIAO, H = 3 M, D = 12 A 15 CM (PARA ESCORAMENTO)","M     ","CR","1,81",null,1.81,"Sinapi 2742"]
[2748,"MADEIRA ROLICA SEM TRATAMENTO, EUCALIPTO OU EQUIVALENTE DA REGIAO, H = 3 M, D = 16 A 19 CM (PARA ESCORAMENTO)","M     ","CR","5,32",null,5.32,"Sinapi 2748"]
[2736,"MADEIRA ROLICA SEM TRATAMENTO, EUCALIPTO OU EQUIVALENTE DA REGIAO, H = 3 M, D = 20 A 24 CM (PARA ESCORAMENTO)","M     ","CR","7,43",null,7.43,"Sinapi 2736"]
[2745,"MADEIRA ROLICA SEM TRATAMENTO, EUCALIPTO OU EQUIVALENTE DA REGIAO, H = 3 M, D = 8 A 11 CM (PARA ESCORAMENTO)","M     ","C ","1,50",null,1.5,"Sinapi 2745"]
[2751,"MADEIRA ROLICA SEM TRATAMENTO, EUCALIPTO OU EQUIVALENTE DA REGIAO, H = 6 M, D = 12 A 15 CM (PARA ESCORAMENTO)","M     ","CR","1,92",null,1.92,"Sinapi 2751"]
[14439,"MADEIRA ROLICA SEM TRATAMENTO, EUCALIPTO OU EQUIVALENTE DA REGIAO, H = 6 M, D = 8 A 11 CM (PARA ESCORAMENTO)","M     ","CR","1,70",null,1.7,"Sinapi 14439"]
[2731,"MADEIRA ROLICA TRATADA, EUCALIPTO OU EQUIVALENTE DA REGIAO, H = 12 M, D = 20 A 24 CM (PARA POSTE)","M     ","CR","56,03",null,{"$f":"IF(E3209=\"\",\"\",E3209+0)","v":56.03},{"$f":"IF(G3209=\"\",\"\",CONCATENATE(\"Sinapi \",A3209))","v":"Sinapi 2731"}]
[21138,"MADEIRA ROLICA TRATADA, EUCALIPTO OU EQUIVALENTE DA REGIAO, H = 2,2 M, D = 8 A 11 CM (PARA CERCA)","M     ","C ","6,08",null,6.08,"Sinapi 21138"]
[2747,"MADEIRA ROLICA TRATADA, EUCALIPTO OU EQUIVALENTE DA REGIAO, H = 2,20 M, D = 16 A 19 CM (PARA CERCA)","M     ","CR","15,02",null,15.02,"Sinapi 2747"]
[4115,"MADEIRA ROLICA TRATADA, EUCALIPTO OU EQUIVALENTE DA REGIAO, H = 3 M, D = 12 A 15 CM","M     ","CR","11,76",null,11.76,"Sinapi 4115"]
[2729,"MADEIRA ROLICA TRATADA, EUCALIPTO OU EQUIVALENTE DA REGIAO, H = 3 M, D = 4 A 7 CM (PARA CAIBRO)","UN    ","CR","14,16",null,14.16,"Sinapi 2729"]
[4119,"MADEIRA ROLICA TRATADA, EUCALIPTO OU EQUIVALENTE DA REGIAO, H = 6 M, D = 16 A 19 CM","M     ","CR","23,67",null,23.67,"Sinapi 4119"]
[2794,"MADEIRA ROLICA TRATADA, EUCALIPTO OU EQUIVALENTE DA REGIAO, H = 6,5 M, D = 25 A 29 CM","M     ","CR","58,43",null,58.43,"Sinapi 2794"]
[2788,"MADEIRA ROLICA TRATADA, EUCALIPTO OU EQUIVALENTE DA REGIAO, H = 6,5 M, D = 30 A 34 CM","M     ","CR","118,14",null,118.14,"Sinapi 2788"]
[4006,"MADEIRA SERRADA NAO APARELHADA DE PINUS, MISTA OU EQUIVALENTE DA REGIAO","M3    ","CR","1.045,55",null,1045.55,"Sinapi 4006"]
[36151,"MANGOTE DE SEGURANCA EM RASPA DE COURO","UN    ","CR","21,90",null,21.9,"Sinapi 36151"]
[37457,"MANGUEIRA CRISTAL PARA NIVEL, LISA, PVC TRANSPARENTE, 3/8\" X1,5 MM","M     ","AS","1,91",null,1.91,"Sinapi 37457"]
[37456,"MANGUEIRA CRISTAL PARA NIVEL, LISA, PVC TRANSPARENTE, 5/16\" X1 MM","M     ","AS","1,00",null,1,"Sinapi 37456"]
[37461,"MANGUEIRA CRISTAL TRANCADA, PVC COM REFORCO, COM PRESSAO DE TRABALHO (PT) 250 LBS/POL2, DE 3/4\" X *2,8* MM","M     ","AS","7,09",null,7.09,"Sinapi 37461"]
[37460,"MANGUEIRA CRISTAL TRANCADA, PVC COM REFORCO, PRESSAO DE TRABALHO (PT) 250 LBS/POL2, DE 1\" X *3,4* MM","M     ","AS","9,69",null,9.69,"Sinapi 37460"]
[37458,"MANGUEIRA CRISTAL, LISA, PVC TRANSPARENTE, 1/2\" X 2 MM","M     ","AS","2,84",null,2.84,"Sinapi 37458"]
[37454,"MANGUEIRA CRISTAL, LISA, PVC TRANSPARENTE, 1/4\" X1 MM","M     ","AS","0,74",null,0.74,"Sinapi 37454"]
[37455,"MANGUEIRA CRISTAL, LISA, PVC TRANSPARENTE, 1/4\" X1,5 MM","M     ","AS","1,25",null,1.25,"Sinapi 37455"]
[37459,"MANGUEIRA CRISTAL, LISA, PVC TRANSPARENTE, 3/4\" X 2 MM","M     ","AS","3,98",null,3.98,"Sinapi 37459"]
[21029,"MANGUEIRA DE INCENDIO, TIPO 1, DE 1 1/2\", COMPRIMENTO = 15 M, TECIDO EM FIO DE POLIESTER E TUBO INTERNO EM BORRACHA SINTETICA, COM UNIOES ENGATE RAPIDO","UN    ","C ","240,00",null,240,"Sinapi 21029"]
[21030,"MANGUEIRA DE INCENDIO, TIPO 1, DE 1 1/2\", COMPRIMENTO = 20 M, TECIDO EM FIO DE POLIESTER E TUBO INTERNO EM BORRACHA SINTETICA, COM UNIOES ENGATE RAPIDO","UN    ","CR","295,84",null,295.83999999999997,"Sinapi 21030"]
[21031,"MANGUEIRA DE INCENDIO, TIPO 1, DE 1 1/2\", COMPRIMENTO = 25 M, TECIDO EM FIO DE POLIESTER E TUBO INTERNO EM BORRACHA SINTETICA, COM UNIOES ENGATE RAPIDO","UN    ","CR","368,31",null,368.31,"Sinapi 21031"]
[21032,"MANGUEIRA DE INCENDIO, TIPO 1, DE 1 1/2\", COMPRIMENTO = 30 M, TECIDO EM FIO DE POLIESTER E TUBO INTERNO EM BORRACHA SINTETICA, COM UNIOES ENGATE RAPIDO","UN    ","CR","393,26",null,393.26,"Sinapi 21032"]
[37527,"MANGUEIRA DE INCENDIO, TIPO 2, DE 1 1/2\", COMPRIMENTO = 15 M, TECIDO EM FIO DE POLIESTER E TUBO INTERNO EM BORRACHA SINTETICA, COM UNIOES ENGATE RAPIDO","UN    ","CR","355,24",null,355.24,"Sinapi 37527"]
[37528,"MANGUEIRA DE INCENDIO, TIPO 2, DE 1 1/2\", COMPRIMENTO = 20 M, TECIDO EM FIO DE POLIESTER E TUBO INTERNO EM BORRACHA SINTETICA, COM UNIOES","UN    ","CR","423,56",null,423.56,"Sinapi 37528"]
[37529,"MANGUEIRA DE INCENDIO, TIPO 2, DE 1 1/2\", COMPRIMENTO = 25 M, TECIDO EM FIO DE POLIESTER E TUBO INTERNO EM BORRACHA SINTETICA, COM UNIOES","UN    ","CR","427,72",null,427.72,"Sinapi 37529"]
[37530,"MANGUEIRA DE INCENDIO, TIPO 2, DE 1 1/2\", COMPRIMENTO = 30 M, TECIDO EM FIO DE POLIESTER E TUBO INTERNO EM BORRACHA SINTETICA, COM UNIOES","UN    ","CR","558,41",null,558.41,"Sinapi 37530"]
[21034,"MANGUEIRA DE INCENDIO, TIPO 2, DE 2 1/2\", COMPRIMENTO = 15 M, TECIDO EM FIO DE POLIESTER E TUBO INTERNO EM BORRACHA SINTETICA, COM UNIOES ENGATE RAPIDO","UN    ","CR","476,43",null,476.43,"Sinapi 21034"]
[37531,"MANGUEIRA DE INCENDIO, TIPO 2, DE 2 1/2\", COMPRIMENTO = 20 M, TECIDO EM FIO DE POLIESTER E TUBO INTERNO EM BORRACHA SINTETICA, COM UNIOES","UN    ","CR","600,00",null,600,"Sinapi 37531"]
[21036,"MANGUEIRA DE INCENDIO, TIPO 2, DE 2 1/2\", COMPRIMENTO = 25 M, TECIDO EM FIO DE POLIESTER E TUBO INTERNO EM BORRACHA SINTETICA, COM UNIOES ENGATE RAPIDO","UN    ","CR","729,50",null,729.5,"Sinapi 21036"]
[21037,"MANGUEIRA DE INCENDIO, TIPO 2, DE 2 1/2\", COMPRIMENTO = 30 M, TECIDO EM FIO DE POLIESTER E TUBO INTERNO EM BORRACHA SINTETICA, COM UNIOES ENGATE RAPIDO","UN    ","CR","831,68",null,831.68,"Sinapi 21037"]
[20185,"MANGUEIRA DE PVC FLEXIVEL,TIPO FLAT/ACHATADA, COR LARANJA, D = 1 1/2\" (40 MM), PARA CONDUCAO DE AGUA, SERVICOS LEVES E MEDIOS","M     ","AS","11,53",null,11.53,"Sinapi 20185"]
[20260,"MANGUEIRA PARA GAS - GLP, PVC, TRANCADA, DIAMETRO DE 3/8\", COMPRIMENTO DE 1M (NORMATIZADA)","UN    ","AS","9,27",null,9.27,"Sinapi 20260"]
[37523,"MANIPULADOR TELESCOPICO, POTENCIA DE 101 HP, CAPACIDADE DE CARGA DE 3.500 KG, ALTURA MAXIMA DE ELEVACAO DE 12 M","UN    ","AS","367.288,77",null,367288.77,"Sinapi 37523"]
[37515,"MANIPULADOR TELESCOPICO, POTENCIA DE 85 HP, CAPACIDADE DE CARGA DE 3.500 KG, ALTURA MAXIMA DE ELEVACAO DE 12,3 M","UN    ","AS","326.538,50",null,326538.5,"Sinapi 37515"]
[12899,"MANOMETRO COM CAIXA EM ACO PINTADO, ESCALA *10* KGF/CM2 (*10* BAR), DIAMETRO NOMINAL DE *63* MM, CONEXAO DE 1/4\"","UN    ","AS","97,71",null,97.71,"Sinapi 12899"]
[12898,"MANOMETRO COM CAIXA EM ACO PINTADO, ESCALA *10* KGF/CM2 (*10* BAR), DIAMETRO NOMINAL DE 100 MM, CONEXAO DE 1/2\"","UN    ","AS","155,00",null,155,"Sinapi 12898"]
[42528,"MANTA ALUMINIZADA NAS DUAS FACES, PARA SUBCOBERTURA,  E = *2* MM","M2    ","CR","6,08",null,6.08,"Sinapi 42528"]
[39696,"MANTA ALUMINIZADA 1 FACE PARA SUBCOBERTURA, E = *1* MM","M2    ","C ","4,28",null,4.28,"Sinapi 39696"]
[39700,"MANTA ANTIRRUIDO DE POLIESTER (PET) PARA CONTRAPISO E = *8* MM","M2    ","CR","17,89",null,17.89,"Sinapi 39700"]
[11621,"MANTA ASFALTICA ELASTOMERICA EM POLIESTER ALUMINIZADA 3 MM, TIPO III, CLASSE B (NBR 9952)","M2    ","CR","35,59",null,35.590000000000003,"Sinapi 11621"]
[4014,"MANTA ASFALTICA ELASTOMERICA EM POLIESTER 3 MM, TIPO III, CLASSE B, ACABAMENTO PP (NBR 9952)","M2    ","CR","36,82",null,36.82,"Sinapi 4014"]
[4015,"MANTA ASFALTICA ELASTOMERICA EM POLIESTER 4 MM, TIPO III, CLASSE B, ACABAMENTO PP (NBR 9952)","M2    ","CR","45,22",null,45.22,"Sinapi 4015"]
[4017,"MANTA ASFALTICA ELASTOMERICA EM POLIESTER 5 MM, TIPO III, CLASSE B, ACABAMENTO PP (NBR 9952)","M2    ","CR","65,80",null,65.8,"Sinapi 4017"]
[4016,"MANTA ASFALTICA ELASTOMERICA TIPO GLASS 3 MM, TIPO II, CLASSE C, ACABAMENTO PP (NBR 9952)","M2    ","C ","25,99",null,25.99,"Sinapi 4016"]
[39699,"MANTA DE BORRACHA ANTIRRUIDO 5 MM","M2    ","CR","11,19",null,11.19,"Sinapi 39699"]
[38544,"MANTA DE POLIETILENO EXPANDIDO (PEBD) ANTICHAMAS, E = 8 MM","M2    ","CR","6,67",null,6.67,"Sinapi 38544"]
[38545,"MANTA DE POLIETILENO EXPANDIDO (PEBD), E = 5 MM","M2    ","CR","4,28",null,4.28,"Sinapi 38545"]
[42527,"MANTA DE POLIETILENO EXPANDIDO, COM 1 FACE METALIZADA PARA SUBCOBERTURA,  E = *5* MM","M2    ","CR","16,08",null,16.079999999999998,"Sinapi 42527"]
[39323,"MANTA GEOTEXTIL TECIDO DE LAMINETES DE POLIPROPILENO, RESISTENCIA A TRACAO = *25* KN/M","M2    ","CR","16,35",null,16.350000000000001,"Sinapi 39323"]
[626,"MANTA LIQUIDA DE BASE ASFALTICA MODIFICADA COM A ADICAO DE ELASTOMEROS DILUIDOS EM SOLVENTE ORGANICO, APLICACAO A FRIO (MEMBRANA IMPERMEABILIZANTE ASFASTICA)","KG    ","C ","13,60",null,13.6,"Sinapi 626"]
[25860,"MANTA TERMOPLASTICA, PEAD, GEOMEMBRANA LISA, E = 0,50 MM ( NBR 15352)","M2    ","AS","8,79",null,8.7899999999999991,"Sinapi 25860"]
[25861,"MANTA TERMOPLASTICA, PEAD, GEOMEMBRANA LISA, E = 0,75 MM ( NBR 15352)","M2    ","AS","13,27",null,13.27,"Sinapi 25861"]
[25862,"MANTA TERMOPLASTICA, PEAD, GEOMEMBRANA LISA, E = 0,80 MM ( NBR 15352)","M2    ","AS","14,09",null,14.09,"Sinapi 25862"]
[25863,"MANTA TERMOPLASTICA, PEAD, GEOMEMBRANA LISA, E = 1,00 MM ( NBR 15352)","M2    ","AS","17,61",null,17.61,"Sinapi 25863"]
[25864,"MANTA TERMOPLASTICA, PEAD, GEOMEMBRANA LISA, E = 1,50 MM ( NBR 15352)","M2    ","AS","26,41",null,26.41,"Sinapi 25864"]
[25865,"MANTA TERMOPLASTICA, PEAD, GEOMEMBRANA LISA, E = 2,00 MM ( NBR 15352)","M2    ","AS","35,38",null,35.380000000000003,"Sinapi 25865"]
[25866,"MANTA TERMOPLASTICA, PEAD, GEOMEMBRANA LISA, E = 2,50 MM ( NBR 15352)","M2    ","AS","43,93",null,43.93,"Sinapi 25866"]
[25868,"MANTA TERMOPLASTICA, PEAD, GEOMEMBRANA TEXTURIZADA EM AMBAS AS FACES, E = 0,50 MM (NBR 15352)","M2    ","AS","9,80",null,9.8000000000000007,"Sinapi 25868"]
[25869,"MANTA TERMOPLASTICA, PEAD, GEOMEMBRANA TEXTURIZADA EM AMBAS AS FACES, E = 0,75 MM (NBR 15352)","M2    ","AS","13,84",null,13.84,"Sinapi 25869"]
[25870,"MANTA TERMOPLASTICA, PEAD, GEOMEMBRANA TEXTURIZADA EM AMBAS AS FACES, E = 0,80 MM (NBR 15352)","M2    ","AS","15,69",null,15.69,"Sinapi 25870"]
[25871,"MANTA TERMOPLASTICA, PEAD, GEOMEMBRANA TEXTURIZADA EM AMBAS AS FACES, E = 1,00 MM (NBR 15352)","M2    ","AS","19,26",null,19.260000000000002,"Sinapi 25871"]
[25867,"MANTA TERMOPLASTICA, PEAD, GEOMEMBRANA TEXTURIZADA EM AMBAS AS FACES, E = 1,50 MM (NBR 15352)","M2    ","AS","28,52",null,28.52,"Sinapi 25867"]
[25872,"MANTA TERMOPLASTICA, PEAD, GEOMEMBRANA TEXTURIZADA EM AMBAS AS FACES, E = 2,00 MM (NBR 15352)","M2    ","AS","38,54",null,38.54,"Sinapi 25872"]
[25873,"MANTA TERMOPLASTICA, PEAD, GEOMEMBRANA TEXTURIZADA EM AMBAS AS FACES, E = 2,50 MM (NBR 15352)","M2    ","AS","48,07",null,48.07,"Sinapi 25873"]
[40637,"MAQUINA DEMARCADORA DE FAIXA DE TRAFEGO A FRIO, AUTOPROPELIDA, MOTOR DIESEL 38 HP","UN    ","AS","505.925,24",null,{"$f":"IF(E3273=\"\",\"\",E3273+0)","v":505925.24},{"$f":"IF(G3273=\"\",\"\",CONCATENATE(\"Sinapi \",A3273))","v":"Sinapi 40637"}]
[13836,"MAQUINA EXTRUSORA DE CONCRETO PARA GUIAS E SARJETAS, COM MOTOR A DIESEL DE 14 CV","UN    ","AS","78.291,97",null,78291.97,"Sinapi 13836"]
[14534,"MAQUINA MANUAL TIPO PRENSA PARA PRODUCAO DE BLOCOS E PAVIMENTOS DE CONCRETO, COM MOTOR ELETRICO TRIFASICO PARA VIBRACAO, POTENCIA TOTAL INSTALADA DE 1,5 KW","UN    ","AS","32.775,09",null,32775.089999999997,"Sinapi 14534"]
[14619,"MAQUINA PARA CORTE COM DISCO ABRASIVO DE DIAMETRO DE 18'' (450 MM), COM MOTOR ELETRICO TRIFASICO DE 10 CV","UN    ","CR","10.438,94",null,10438.94,"Sinapi 14619"]
[14535,"MAQUINA TIPO PRENSA HIDRAULICA, PARA FABRICACAO DE TUBOS DE CONCRETO PARA AGUAS PLUVIAIS, DN 200 A DN 600 MM X 1000 MM DE COMPRIMENTO, COM MOTOR PRINCIPAL DE 20 CV","UN    ","AS","325.295,92",null,325295.92,"Sinapi 14535"]
[39813,"MAQUINA TIPO VASO/TANQUE/JATO DE PRESSAO PORTATIL PARA JATEAMENTO, CONTROLE AUTOMATICO E REMOTO, CAMARA DE 1 SAIDA, 280 L, DIAM. *670* MM, BICO JATO CURTO VENTURI DE 5/16\", MANGUEIRA DE 1\" DE 10 M, COMPLETA (VALVULAS POP UP E DOSADORA, FUNDO CONICO ETC)","UN    ","AS","17.291,87",null,17291.87,"Sinapi 39813"]
[40403,"MAQUINA TRANSFORMADORA MONOFASICA PARA SOLDA ELETRICA, TENSAO DE 220 V, FREQUENCIA DE 60 HZ, FAIXA DE CORRENTE ENTRE 80 A (+/- 10 A) E 250 A, POTENCIA ENTRE 14,00 KVA E 15,0 KVA, CICLO DE TRABALHO ENTRE 10% E 20% A 250 A","UN    ","AS","484,92",null,484.92,"Sinapi 40403"]
[12868,"MARCENEIRO","H     ","CR","16,84",null,16.84,"Sinapi 12868"]
[40916,"MARCENEIRO (MENSALISTA)","MES   ","CR","3.004,41",null,3004.41,"Sinapi 40916"]
[4755,"MARMORISTA / GRANITEIRO","H     ","CR","12,84",null,12.84,"Sinapi 4755"]
[41067,"MARMORISTA / GRANITEIRO (MENSALISTA)","MES   ","CR","2.291,82",null,2291.8200000000002,"Sinapi 41067"]
[38463,"MARTELO DE SOLDADOR/PICADOR DE SOLDA","UN    ","CR","30,42",null,30.42,"Sinapi 38463"]
[40703,"MARTELO DEMOLIDOR ELETRICO, COM POTENCIA DE 2.000 W, FREQUENCIA DE 1.000 IMPACTOS POR MINUTO, FORÇA DE IMPACTO ENTRE 60 E 65 J, PESO DE 30 KG","UN    ","C ","6.199,70",null,6199.7,"Sinapi 40703"]
[14531,"MARTELO DEMOLIDOR PNEUMATICO MANUAL, COM REDUCAO DE VIBRACAO, PESO DE 21 KG","UN    ","CR","11.558,57",null,11558.57,"Sinapi 14531"]
[36533,"MARTELO DEMOLIDOR PNEUMATICO MANUAL, COM REDUCAO DE VIBRACAO, PESO DE 31,5 KG","UN    ","CR","13.300,96",null,13300.96,"Sinapi 36533"]
[11616,"MARTELO DEMOLIDOR PNEUMATICO MANUAL, PADRAO, PESO DE 32 KG","UN    ","CR","12.562,56",null,12562.56,"Sinapi 11616"]
[41898,"MARTELO DEMOLIDOR PNEUMATICO MANUAL, PESO  DE 28 KG, COM SILENCIADOR","UN    ","CR","14.134,59",null,14134.59,"Sinapi 41898"]
[13447,"MARTELO PERFURADOR PNEUMATICO MANUAL, DE SUPERFICIE, COM AVANCO DE COLUNA, PESO DE 22 KG","UN    ","CR","26.008,62",null,26008.62,"Sinapi 13447"]
[14529,"MARTELO PERFURADOR PNEUMATICO MANUAL, HASTE 25 X 75 MM, 21 KG","UN    ","CR","14.545,96",null,14545.96,"Sinapi 14529"]
[10747,"MARTELO PERFURADOR PNEUMATICO MANUAL, PESO DE 25 KG, COM SILENCIADOR","UN    ","CR","14.271,81",null,14271.81,"Sinapi 10747"]
[36141,"MASCARA DE SEGURANCA PARA SOLDA COM ESCUDO DE CELERON E CARNEIRA DE PLASTICO COM REGULAGEM","UN    ","CR","29,56",null,29.56,"Sinapi 36141"]
[4053,"MASSA A OLEO PARA MADEIRA","GL    ","CR","59,84",null,59.84,"Sinapi 4053"]
[4052,"MASSA ACRILICA","18L   ","CR","122,05",null,122.05,"Sinapi 4052"]
[4056,"MASSA ACRILICA PARA PAREDES INTERIOR/EXTERIOR","GL    ","CR","31,47",null,31.47,"Sinapi 4056"]
[4051,"MASSA CORRIDA PVA PARA PAREDES INTERNAS","18L   ","CR","78,55",null,78.55,"Sinapi 4051"]
[4047,"MASSA CORRIDA PVA PARA PAREDES INTERNAS","GL    ","C ","15,71",null,15.71,"Sinapi 4047"]
[4048,"MASSA CORRIDA PVA PARA PAREDES INTERNAS","L     ","CR","4,36",null,4.3600000000000003,"Sinapi 4048"]
[39434,"MASSA DE REJUNTE EM PO PARA DRYWALL, A BASE DE GESSO, SECAGEM RAPIDA, PARA TRATAMENTO DE JUNTAS DE CHAPA DE GESSO (COM ADICAO DE AGUA)","KG    ","CR","4,22",null,4.22,"Sinapi 39434"]
[39433,"MASSA DE REJUNTE PRONTA PARA TRATAMENTO DE JUNTAS DE CHAPA DE GESSO PARA DRYWALL, SEM ADICAO DE AGUA","KG    ","CR","3,03",null,3.03,"Sinapi 39433"]
[4049,"MASSA EPOXI BICOMPONENTE (MASSA + CATALIZADOR)","L     ","CR","49,21",null,49.21,"Sinapi 4049"]
[38120,"MASSA EPOXI BICOMPONENTE PARA REPAROS","KG    ","CR","96,78",null,96.78,"Sinapi 38120"]
[38877,"MASSA PARA TEXTURA LISA DE BASE ACRILICA, USO INTERNO E EXTERNO","KG    ","CR","6,35",null,6.35,"Sinapi 38877"]
[34546,"MASSA PARA TEXTURA RUSTICA DE BASE ACRILICA, COR BRANCA, USO INTERNO E EXTERNO","KG    ","CR","6,40",null,6.4,"Sinapi 34546"]
[10498,"MASSA PARA VIDRO","KG    ","CR","5,97",null,5.97,"Sinapi 10498"]
[4823,"MASSA PLASTICA PARA MARMORE/GRANITO","KG    ","CR","29,56",null,29.56,"Sinapi 4823"]
[12357,"MASTRO SIMPLES GALVANIZADO DIAMETRO NOMINAL 1 1/2\", COMPRIMENTO 3 M","UN    ","CR","160,15",null,160.15,"Sinapi 12357"]
[12358,"MASTRO SIMPLES GALVANIZADO DIAMETRO NOMINAL 2\", COMPRIMENTO 3 M","UN    ","CR","180,14",null,180.14,"Sinapi 12358"]
[11079,"MATERIAL FILTRANTE (PEDREGULHO) 0,6 A 25,46 MM (POSTO PEDREIRA/FORNECEDOR, SEM FRETE)","M3    ","CR","1.039,62",null,1039.6199999999999,"Sinapi 11079"]
[11082,"MATERIAL FILTRANTE (PEDREGULHO) 38 A 25,4 MM (POSTO PEDREIRA/FORNECEDOR, SEM FRETE)","M3    ","CR","1.060,67",null,1060.67,"Sinapi 11082"]
[4058,"MECANICO DE EQUIPAMENTOS PESADOS","H     ","CR","18,66",null,18.66,"Sinapi 4058"]
[40974,"MECANICO DE EQUIPAMENTOS PESADOS (MENSALISTA)","MES   ","CR","3.331,15",null,3331.15,"Sinapi 40974"]
[34794,"MECANICO DE REFRIGERACAO","H     ","CR","19,15",null,19.149999999999999,"Sinapi 34794"]
[40925,"MECANICO DE REFRIGERACAO (MENSALISTA)","MES   ","CR","3.416,10",null,3416.1,"Sinapi 40925"]
[13741,"MEDIDOR DE NIVEL ESTATICO E DINAMICO PARA POCO, COMPRIMENTO DE 200 M","UN    ","CR","1.961,26",null,1961.26,"Sinapi 13741"]
[3288,"MEIA CANA DE MADEIRA CEDRINHO OU EQUIVALENTE DA REGIAO, ACABAMENTO PARA FORRO PAULISTA, *2,5 X 2,5* CM","M     ","C ","4,50",null,4.5,"Sinapi 3288"]
[13587,"MEIA CANA DE MADEIRA PINUS OU EQUIVALENTE DA REGIAO, ACABAMENTO PARA FORRO PAULISTA, *2,5 X 2,5* CM","M     ","CR","2,71",null,2.71,"Sinapi 13587"]
[38598,"MEIA CANALETA CONCRETO ESTRUTURAL 14 X 19 X 19 CM, FBK 14 MPA (NBR 6136)","UN    ","CR","2,05",null,2.0499999999999998,"Sinapi 38598"]
[38595,"MEIA CANALETA CONCRETO ESTRUTURAL 14 X 19 X 19 CM, FBK 4,5 MPA (NBR 6136)","UN    ","CR","1,41",null,1.41,"Sinapi 38595"]
[38592,"MEIO BLOCO CONCRETO ESTRUTURAL 14 X 19 X 14 CM, FBK 14 MPA (NBR 6136)","UN    ","CR","1,85",null,1.85,"Sinapi 38592"]
[38588,"MEIO BLOCO CONCRETO ESTRUTURAL 14 X 19 X 14 CM, FBK 4,5 MPA (NBR 6136)","UN    ","CR","1,16",null,1.1599999999999999,"Sinapi 38588"]
[38593,"MEIO BLOCO CONCRETO ESTRUTURAL 14 X 19 X 19 CM, FBK 14 MPA (NBR 6136)","UN    ","CR","1,99",null,1.99,"Sinapi 38593"]
[38589,"MEIO BLOCO CONCRETO ESTRUTURAL 14 X 19 X 19 CM, FBK 4,5 MPA (NBR 6136)","UN    ","CR","1,42",null,1.42,"Sinapi 38589"]
[38594,"MEIO BLOCO CONCRETO ESTRUTURAL 14 X 19 X 34 CM, FBK 14 MPA (NBR 6136)","UN    ","CR","2,95",null,2.95,"Sinapi 38594"]
[34787,"MEIO BLOCO ESTRUTURAL CERAMICO 14 X 19 X 14 CM, 4,0 MPA (NBR 15270)","UN    ","CR","0,83",null,0.83,"Sinapi 34787"]
[34788,"MEIO BLOCO ESTRUTURAL CERAMICO 14 X 19 X 14 CM, 6,0 MPA (NBR 15270)","UN    ","CR","0,84",null,0.84,"Sinapi 34788"]
[34784,"MEIO BLOCO ESTRUTURAL CERAMICO 14 X 19 X 19 CM, 4,0 MPA (NBR 15270)","UN    ","CR","0,92",null,0.92,"Sinapi 34784"]
[34781,"MEIO BLOCO ESTRUTURAL CERAMICO 14 X 19 X 19 CM, 6,0 MPA (NBR 15270)","UN    ","CR","1,04",null,1.04,"Sinapi 34781"]
[34773,"MEIO BLOCO VEDACAO CONCRETO APARENTE 14 X 19 X 19 CM  (CLASSE C - NBR 6136)","UN    ","CR","1,47",null,1.47,"Sinapi 34773"]
[34769,"MEIO BLOCO VEDACAO CONCRETO APARENTE 19 X 19 X 19 CM (CLASSE C - NBR 6136)","UN    ","CR","1,71",null,1.71,"Sinapi 34769"]
[34763,"MEIO BLOCO VEDACAO CONCRETO APARENTE 9  X 19 X 19 CM (CLASSE C - NBR 6136)","UN    ","CR","0,99",null,0.99,"Sinapi 34763"]
[34774,"MEIO BLOCO VEDACAO CONCRETO 14 X 19 X 19 CM (CLASSE C - NBR 6136)","UN    ","CR","1,32",null,1.32,"Sinapi 34774"]
[34771,"MEIO BLOCO VEDACAO CONCRETO 19 X 19 X 19 CM (CLASSE C - NBR 6136)","UN    ","CR","1,51",null,1.51,"Sinapi 34771"]
[34764,"MEIO BLOCO VEDACAO CONCRETO 9 X 19 X 19 CM (CLASSE C - NBR 6136)","UN    ","CR","0,92",null,0.92,"Sinapi 34764"]
[4062,"MEIO-FIO OU GUIA DE CONCRETO, PRE-MOLDADO, COMP 1 M, *30 X 15* CM (H X L)","UN    ","CR","14,19",null,14.19,"Sinapi 4062"]
[4059,"MEIO-FIO OU GUIA DE CONCRETO, PRE-MOLDADO, COMP 1 M, *30 X 15/ 12* CM (H X L1/L2)","M     ","C ","17,20",null,{"$f":"IF(E3337=\"\",\"\",E3337+0)","v":17.2},{"$f":"IF(G3337=\"\",\"\",CONCATENATE(\"Sinapi \",A3337))","v":"Sinapi 4059"}]
[4061,"MEIO-FIO OU GUIA DE CONCRETO, PRE-MOLDADO, COMP 80 CM, *45 X 18 /12* CM (H X L1/L2)","UN    ","CR","13,76",null,13.76,"Sinapi 4061"]
[41315,"MEMBRANA IMPERMEABILIZANTE A BASE DE POLIUREIA, BICOMPONENTE, APLICACAO A FRIO","KG    ","CR","63,72",null,63.72,"Sinapi 41315"]
[43148,"MEMBRANA IMPERMEABILIZANTE A BASE DE POLIURETANO","KG    ","CR","43,25",null,43.25,"Sinapi 43148"]
[43147,"MEMBRANA IMPERMEABILIZANTE ACRILICA MONOCOMPONENTE","KG    ","CR","16,75",null,16.75,"Sinapi 43147"]
[10608,"MESA VIBRATORIA COM DIMENSOES DE 2,0 X 1,0 M, COM MOTOR ELETRICO DE 2 POLOS E POTENCIA DE 3 CV","UN    ","AS","11.200,00",null,11200,"Sinapi 10608"]
[4069,"MESTRE DE OBRAS","H     ","CR","25,01",null,25.01,"Sinapi 4069"]
[40819,"MESTRE DE OBRAS (MENSALISTA)","MES   ","CR","4.461,17",null,4461.17,"Sinapi 40819"]
[34361,"METACAULIM DE ALTA REATIVIDADE/CAULIM CALCINADO","KG    ","CR","12,19",null,12.19,"Sinapi 34361"]
[36512,"MICRO-TRATOR CORTADOR DE GRAMA COM LARGURA DO CORTE DE 107 CM, COM  2 LAMINAS E DESCARTE LATERAL","UN    ","AS","10.534,64",null,10534.64,"Sinapi 36512"]
[25972,"MICROESFERAS DE VIDRO PARA SINALIZACAO HORIZONTAL VIARIA, TIPO I-B (PREMIX) - NBR 16184","KG    ","CR","7,83",null,7.83,"Sinapi 25972"]
[25973,"MICROESFERAS DE VIDRO PARA SINALIZACAO HORIZONTAL VIARIA, TIPO II-A (DROP-ON) - NBR 16184","KG    ","CR","7,83",null,7.83,"Sinapi 25973"]
[11697,"MICTORIO COLETIVO ACO INOX (AISI 304), E = 0,8 MM, DE *100 X 40 X 30* CM (C X A X P)","UN    ","CR","512,65",null,512.65,"Sinapi 11697"]
[11698,"MICTORIO COLETIVO ACO INOX (AISI 304), E = 0,8 MM, DE *100 X 50 X 35* CM (C X A X P)","UN    ","CR","611,56",null,611.55999999999995,"Sinapi 11698"]
[11699,"MICTORIO INDIVIDUAL ACO INOX (AISI 304), E = 0,8 MM, DE *50  X 45  X 35* (C X A X P)","UN    ","CR","675,91",null,675.91,"Sinapi 11699"]
[10432,"MICTORIO SIFONADO LOUCA BRANCA SEM COMPLEMENTOS","UN    ","CR","261,21",null,261.20999999999998,"Sinapi 10432"]
[10430,"MICTORIO SIFONADO LOUCA COR SEM COMPLEMENTOS","UN    ","CR","281,31",null,281.31,"Sinapi 10430"]
[37514,"MINICARREGADEIRA SOBRE RODAS, POTENCIA LIQUIDA DE *47* HP, CAPACIDADE NOMINAL DE OPERACAO DE *646* KG","UN    ","AS","144.877,50",null,144877.5,"Sinapi 37514"]
[37519,"MINICARREGADEIRA SOBRE RODAS, POTENCIA LIQUIDA DE *72* HP, CAPACIDADE NOMINAL DE OPERACAO DE *1200* KG","UN    ","AS","223.588,48",null,223588.48000000001,"Sinapi 37519"]
[37520,"MINIESCAVADEIRA SOBRE ESTEIRAS, POTENCIA LIQUIDA DE *30* HP, PESO OPERACIONAL DE *3.500* KG","UN    ","AS","219.923,10",null,219923.1,"Sinapi 37520"]
[37521,"MINIESCAVADEIRA SOBRE ESTEIRAS, POTENCIA LIQUIDA DE *42* HP, PESO OPERACIONAL DE *4.500* KG","UN    ","AS","268.306,19",null,268306.19,"Sinapi 37521"]
[37522,"MINIESCAVADEIRA SOBRE ESTEIRAS, POTENCIA LIQUIDA DE *42* HP, PESO OPERACIONAL DE *5.300* KG","UN    ","AS","276.378,38",null,276378.38,"Sinapi 37522"]
[21109,"MINUTERIA ELETRONICA COLETIVA COM POTENCIA MAXIMA RESISTIVA PARA LAMPADAS FLUORESCENTES DE *300* W ( 110 V ) / *600* W ( 110 V )","UN    ","AS","55,88",null,55.88,"Sinapi 21109"]
[36800,"MISTURADOR BASE PARA CHUVEIRO/BANHEIRA, 1/2 \" OU 3/4 \", SOLDAVEL OU ROSCAVEL","UN    ","CR","78,04",null,78.040000000000006,"Sinapi 36800"]
[11769,"MISTURADOR CROMADO DE MESA BICA BAIXA PARA LAVATORIO (REF 1875)","UN    ","CR","191,24",null,191.24,"Sinapi 11769"]
[36793,"MISTURADOR CROMADO DE PAREDE PARA LAVATORIO (REF 1178)","UN    ","CR","309,64",null,309.64,"Sinapi 36793"]
[37546,"MISTURADOR DE ARGAMASSA, EIXO HORIZONTAL, CAPACIDADE DE MISTURA 160 KG, MOTOR ELETRICO TRIFASICO 220/380 V, POTENCIA 3 CV","UN    ","CR","9.752,03",null,9752.0300000000007,"Sinapi 37546"]
[37544,"MISTURADOR DE ARGAMASSA, EIXO HORIZONTAL, CAPACIDADE DE MISTURA 300 KG, MOTOR ELETRICO TRIFASICO 220/380 V, POTENCIA 5 CV","UN    ","CR","10.314,41",null,10314.41,"Sinapi 37544"]
[37545,"MISTURADOR DE ARGAMASSA, EIXO HORIZONTAL, CAPACIDADE DE MISTURA 600 KG, MOTOR ELETRICO TRIFASICO 220/380 V, POTENCIA 7,5 CV","UN    ","CR","12.272,77",null,12272.77,"Sinapi 37545"]
[11771,"MISTURADOR DE PAREDE CROMADO PARA COZINHA BICA MOVEL COM AREJADOR (REF 1258)","UN    ","CR","237,22",null,237.22,"Sinapi 11771"]
[39919,"MISTURADOR DUPLO HORIZONTAL DE ALTA TURBULENCIA, CAPACIDADE / VOLUME 2 X 500 LITROS, MOTORES ELETRICOS MINIMO 5 CV CADA,  PARA NATA CIMENTO, ARGAMASSA E OUTROS","UN    ","CR","48.814,32",null,48814.32,"Sinapi 39919"]
[38385,"MISTURADOR MANUAL DE TINTAS PARA FURADEIRA, HASTE METALICA *60* CM, COM HELICE  (MEXEDOR DE TINTA)","UN    ","CR","37,58",null,37.58,"Sinapi 38385"]
[37587,"MISTURADOR MONOCOMANDO PARA CHUVEIRO, BASE BRUTA E ACABAMENTO CROMADO","UN    ","CR","215,76",null,215.76,"Sinapi 37587"]
[11571,"MOLA AEREA FECHA PORTA, PARA PORTAS COM LARGURA ACIMA DE 110 CM","UN    ","CR","168,39",null,168.39,"Sinapi 11571"]
[11561,"MOLA AEREA FECHA PORTA, PARA PORTAS COM LARGURA ATE 110 CM","UN    ","CR","130,23",null,130.22999999999999,"Sinapi 11561"]
[11560,"MOLA AEREA FECHA PORTA, PARA PORTAS COM LARGURA ATE 95 CM","UN    ","CR","110,85",null,110.85,"Sinapi 11560"]
[11499,"MOLA HIDRAULICA DE PISO P/ VIDRO TEMPERADO 10MM","UN    ","CR","1.240,26",null,1240.26,"Sinapi 11499"]
[34761,"MONTADOR DE ELETROELETRONICOS","H     ","CR","15,58",null,15.58,"Sinapi 34761"]
[40924,"MONTADOR DE ELETROELETRONICOS (MENSALISTA)","MES   ","CR","2.779,38",null,2779.38,"Sinapi 40924"]
[25957,"MONTADOR DE ESTRUTURAS METALICAS","H     ","CR","12,12",null,12.12,"Sinapi 25957"]
[40983,"MONTADOR DE ESTRUTURAS METALICAS (MENSALISTA)","MES   ","CR","2.162,69",null,2162.69,"Sinapi 40983"]
[2437,"MONTADOR DE MAQUINAS","H     ","CR","17,36",null,17.36,"Sinapi 2437"]
[40921,"MONTADOR DE MAQUINAS (MENSALISTA)","MES   ","CR","3.098,11",null,3098.11,"Sinapi 40921"]
[40534,"MONTANTE EM BARRA CHATA ACO GALVANIZADO, *65 X 8* MM, ALTURA *1420* MM, PINTURA ELETROSTATICA, COR PRETA","UN    ","CR","198,93",null,198.93,"Sinapi 40534"]
[14252,"MOTOBOMBA AUTOESCORVANTE MOTOR A GASOLINA, POTENCIA 6,0HP, BOCAIS 3\" X 3\", HM/Q = 5 MCA / 24 M3/H A 52,5 MCA / 5,0 M3/H","UN    ","CR","1.902,65",null,1902.65,"Sinapi 14252"]
[730,"MOTOBOMBA AUTOESCORVANTE MOTOR ELETRICO TRIFASICO 7,4HP BOCA DIAMETRO DE SUCCAO X RECLAQUE: 2\"X2\", HM/ Q = 10 M / 73,5 M3/H A 28 M / 8,2 M3 /H","UN    ","CR","5.083,52",null,5083.5200000000004,"Sinapi 730"]
[723,"MOTOBOMBA AUTOESCORVANTE POTENCIA 5,42 HP, BOCAIS SUCCAO X RECALQUE 2\" X 2\", A GASOLINA, DIAMETRO DO ROTOR 122 MM HM/Q = 6 MCA / 33,0 M3/H A 28 MCA / 8,0 M3/H","UN    ","CR","2.526,69",null,2526.69,"Sinapi 723"]
[36502,"MOTOBOMBA CENTRIFUGA, MOTOR A GASOLINA, POTENCIA 5,42 HP, BOCAIS 1 1/2\" X 1\", DIAMETRO ROTOR 143 MM HM/Q = 6 MCA / 16,8 M3/H A 38 MCA / 6,6 M3/H","UN    ","CR","2.374,78",null,2374.7800000000002,"Sinapi 36502"]
[36503,"MOTOBOMBA TRASH (PARA AGUA SUJA) AUTO ESCORVANTE, MOTOR GASOLINA DE 6,41 HP, DIAMETROS DE SUCCAO X RECALQUE: 3\" X 3\", HM/Q: 10/60 A 23/0","UN    ","CR","2.928,39",null,2928.39,"Sinapi 36503"]
[4090,"MOTONIVELADORA POTENCIA BASICA LIQUIDA (PRIMEIRA MARCHA) 125 HP , PESO BRUTO 13843 KG, LARGURA DA LAMINA DE 3,7 M","UN    ","AS","547.000,00",null,547000,"Sinapi 4090"]
[13227,"MOTONIVELADORA POTENCIA BASICA LIQUIDA (PRIMEIRA MARCHA) 171 HP, PESO BRUTO 14768 KG, LARGURA DA LAMINA DE 3,7 M","UN    ","AS","679.715,71",null,679715.71,"Sinapi 13227"]
[10597,"MOTONIVELADORA POTENCIA BASICA LIQUIDA (PRIMEIRA MARCHA) 186 HP, PESO BRUTO 15785 KG, LARGURA DA LAMINA DE 4,3 M","UN    ","AS","715.488,47",null,715488.47,"Sinapi 10597"]
[39628,"MOTOR A DIESEL PARA VIBRADOR DE IMERSAO, DE *4,7* CV","UN    ","AS","2.503,56",null,2503.56,"Sinapi 39628"]
[39404,"MOTOR A GASOLINA PARA VIBRADOR DE IMERSAO, 4 TEMPOS, DE 5,5 CV","UN    ","AS","1.241,43",null,1241.43,"Sinapi 39404"]
[39402,"MOTOR ELETRICO PARA VIBRADOR DE IMERSAO, DE 2 CV, MONOFASICO, 110/220 V","UN    ","AS","1.022,70",null,1022.7,"Sinapi 39402"]
[39403,"MOTOR ELETRICO PARA VIBRADOR DE IMERSAO, DE 2 CV, TRIFASICO, 220/380 V","UN    ","AS","1.000,46",null,1000.46,"Sinapi 39403"]
[4093,"MOTORISTA DE CAMINHAO","H     ","CR","13,55",null,13.55,"Sinapi 4093"]
[10512,"MOTORISTA DE CAMINHAO (MENSALISTA)","MES   ","CR","2.939,34",null,2939.34,"Sinapi 10512"]
[20020,"MOTORISTA DE CAMINHAO-BASCULANTE","H     ","CR","12,78",null,12.78,"Sinapi 20020"]
[41038,"MOTORISTA DE CAMINHAO-BASCULANTE (MENSALISTA)","MES   ","CR","2.772,53",null,2772.53,"Sinapi 41038"]
[4094,"MOTORISTA DE CAMINHAO-CARRETA","H     ","CR","18,08",null,18.079999999999998,"Sinapi 4094"]
[40988,"MOTORISTA DE CAMINHAO-CARRETA (MENSALISTA)","MES   ","CR","3.925,29",null,3925.29,"Sinapi 40988"]
[4095,"MOTORISTA DE CARRO DE PASSEIO","H     ","CR","12,50",null,12.5,"Sinapi 4095"]
[40990,"MOTORISTA DE CARRO DE PASSEIO (MENSALISTA)","MES   ","CR","2.757,07",null,2757.07,"Sinapi 40990"]
[4097,"MOTORISTA DE ONIBUS / MICRO-ONIBUS","H     ","CR","12,42",null,{"$f":"IF(E3401=\"\",\"\",E3401+0)","v":12.42},{"$f":"IF(G3401=\"\",\"\",CONCATENATE(\"Sinapi \",A3401))","v":"Sinapi 4097"}]
[40994,"MOTORISTA DE ONIBUS / MICRO-ONIBUS (MENSALISTA)","MES   ","CR","2.740,71",null,2740.71,"Sinapi 40994"]
[4096,"MOTORISTA OPERADOR DE CAMINHAO COM MUNCK","H     ","CR","12,50",null,12.5,"Sinapi 4096"]
[40992,"MOTORISTA OPERADOR DE CAMINHAO COM MUNCK (MENSALISTA)","MES   ","CR","2.757,07",null,2757.07,"Sinapi 40992"]
[13955,"MOTOSSERRA PORTATIL COM MOTOR A GASOLINA DE *60* CC","UN    ","AS","2.581,92",null,2581.92,"Sinapi 13955"]
[4114,"MOURAO CONCRETO CURVO, SECAO \"T\", H = 2,80 M + CURVA COM 0,45 M, COM FUROS PARA FIOS","UN    ","CR","44,29",null,44.29,"Sinapi 4114"]
[36797,"MOURAO DE CONCRETO CURVO,10 X 10 CM, H= *2,60* M + CURVA DE 0,40 M","UN    ","CR","38,73",null,38.729999999999997,"Sinapi 36797"]
[4107,"MOURAO DE CONCRETO RETO, *10 X 10* CM, H= 2,30 M","UN    ","CR","37,29",null,37.29,"Sinapi 4107"]
[36799,"MOURAO DE CONCRETO RETO, TIPO ESTICADOR, *10 X 10* CM, H= 2,50 M","UN    ","CR","35,61",null,35.61,"Sinapi 36799"]
[4108,"MOURAO DE CONCRETO RETO, 10 X 10 CM, H= 2,00 M","UN    ","CR","29,98",null,29.98,"Sinapi 4108"]
[4102,"MOURAO DE CONCRETO RETO, 10 X 10 CM, H= 3,00 M","UN    ","C ","44,61",null,44.61,"Sinapi 4102"]
[10826,"MUDA DE ARBUSTO FLORIFERO, CLUSIA/GARDENIA/MOREIA BRANCA/ AZALEIA OU EQUIVALENTE DA REGIAO, H= *50 A 70* CM","UN    ","CR","47,98",null,47.98,"Sinapi 10826"]
[365,"MUDA DE ARBUSTO FOLHAGEM, SANSAO-DO-CAMPO OU EQUIVALENTE DA REGIAO, H= *50 A 70* CM","UN    ","CR","29,75",null,29.75,"Sinapi 365"]
[38639,"MUDA DE ARBUSTO, BUXINHO, H= *50* M","UN    ","CR","115,17",null,115.17,"Sinapi 38639"]
[38640,"MUDA DE ARBUSTO, PINGO DE OURO/ VIOLETEIRA, H = *10 A 20* CM","UN    ","CR","1,72",null,1.72,"Sinapi 38640"]
[358,"MUDA DE ARVORE ORNAMENTAL, OITI/AROEIRA SALSA/ANGICO/IPE/JACARANDA OU EQUIVALENTE  DA REGIAO, H= *1* M","UN    ","CR","35,51",null,35.51,"Sinapi 358"]
[359,"MUDA DE ARVORE ORNAMENTAL, OITI/AROEIRA SALSA/ANGICO/IPE/JACARANDA OU EQUIVALENTE  DA REGIAO, H= *2* M","UN    ","CR","72,94",null,72.94,"Sinapi 359"]
[38641,"MUDA DE PALMEIRA, ARECA, H= *1,50* CM","UN    ","CR","71,98",null,71.98,"Sinapi 38641"]
[360,"MUDA DE RASTEIRA/FORRACAO, AMENDOIM RASTEIRO/ONZE HORAS/AZULZINHA/IMPATIENS OU EQUIVALENTE DA REGIAO","UN    ","C ","1,67",null,1.67,"Sinapi 360"]
[4127,"MUFLA TERMINAL PRIMARIA UNIPOLAR USO EXTERNO PARA CABO 25/70MM2 ISOL, 3,6/6KV EM EPR - BORRACHA DE SILICONE","UN    ","AS","210,82",null,210.82,"Sinapi 4127"]
[4154,"MUFLA TERMINAL PRIMARIA UNIPOLAR USO INTERNO PARA CABO 25/70MM2 ISOL 6/10KV EM EPR- BORRACHA DE SILICONE","UN    ","AS","257,57",null,257.57,"Sinapi 4154"]
[4168,"MUFLA TERMINAL PRIMARIA UNIPOLAR USO INTERNO PARA CABO 35/120MM2 ISOLACAO 15/25KV EM EPR - BORRACHA DE SILICONE","UN    ","AS","272,02",null,272.02,"Sinapi 4168"]
[4161,"MUFLA TERMINAL PRIMARIA UNIPOLAR USO INTERNO PARA CABO 35/70MM2 ISOLACAO 8,7/15KV EM EPR - BORRACHA DE SILICONE","UN    ","AS","261,82",null,261.82,"Sinapi 4161"]
[42430,"MULTIEXERCITADOR COM SEIS FUNCOES, EM TUBO DE ACO CARBONO, PINTURA NO PROCESSO ELETROSTATICO - EQUIPAMENTO DE GINASTICA PARA ACADEMIA AO AR LIVRE / ACADEMIA DA TERCEIRA IDADE - ATI","UN    ","AS","3.654,84",null,3654.84,"Sinapi 42430"]
[4214,"NIPEL PVC, ROSCAVEL, 1 1/2\",  AGUA FRIA PREDIAL","UN    ","CR","6,79",null,6.79,"Sinapi 4214"]
[4215,"NIPEL PVC, ROSCAVEL, 1 1/4\",  AGUA FRIA PREDIAL","UN    ","CR","4,47",null,4.47,"Sinapi 4215"]
[4210,"NIPEL PVC, ROSCAVEL, 1/2\",  AGUA FRIA PREDIAL","UN    ","CR","0,75",null,0.75,"Sinapi 4210"]
[4212,"NIPEL PVC, ROSCAVEL, 1\",  AGUA FRIA PREDIAL","UN    ","CR","2,16",null,2.16,"Sinapi 4212"]
[4213,"NIPEL PVC, ROSCAVEL, 2\",  AGUA FRIA PREDIAL","UN    ","CR","9,65",null,9.65,"Sinapi 4213"]
[4211,"NIPEL PVC, ROSCAVEL, 3/4\",  AGUA FRIA PREDIAL","UN    ","CR","1,08",null,1.08,"Sinapi 4211"]
[4209,"NIPLE DE FERRO GALVANIZADO, COM ROSCA BSP, DE 1 1/2\"","UN    ","CR","11,97",null,11.97,"Sinapi 4209"]
[4180,"NIPLE DE FERRO GALVANIZADO, COM ROSCA BSP, DE 1 1/4\"","UN    ","CR","9,01",null,9.01,"Sinapi 4180"]
[4177,"NIPLE DE FERRO GALVANIZADO, COM ROSCA BSP, DE 1/2\"","UN    ","CR","2,99",null,2.99,"Sinapi 4177"]
[4179,"NIPLE DE FERRO GALVANIZADO, COM ROSCA BSP, DE 1\"","UN    ","CR","6,12",null,6.12,"Sinapi 4179"]
[4208,"NIPLE DE FERRO GALVANIZADO, COM ROSCA BSP, DE 2 1/2\"","UN    ","CR","28,50",null,28.5,"Sinapi 4208"]
[4181,"NIPLE DE FERRO GALVANIZADO, COM ROSCA BSP, DE 2\"","UN    ","CR","18,62",null,18.62,"Sinapi 4181"]
[4178,"NIPLE DE FERRO GALVANIZADO, COM ROSCA BSP, DE 3/4\"","UN    ","CR","4,15",null,4.1500000000000004,"Sinapi 4178"]
[4182,"NIPLE DE FERRO GALVANIZADO, COM ROSCA BSP, DE 3\"","UN    ","CR","46,35",null,46.35,"Sinapi 4182"]
[4183,"NIPLE DE FERRO GALVANIZADO, COM ROSCA BSP, DE 4\"","UN    ","CR","74,63",null,74.63,"Sinapi 4183"]
[4184,"NIPLE DE FERRO GALVANIZADO, COM ROSCA BSP, DE 5\"","UN    ","CR","164,74",null,164.74,"Sinapi 4184"]
[4185,"NIPLE DE FERRO GALVANIZADO, COM ROSCA BSP, DE 6\"","UN    ","CR","273,73",null,273.73,"Sinapi 4185"]
[4205,"NIPLE DE REDUCAO DE FERRO GALVANIZADO, COM ROSCA BSP, DE 1 1/2\" X 1 1/4\"","UN    ","CR","15,81",null,15.81,"Sinapi 4205"]
[4192,"NIPLE DE REDUCAO DE FERRO GALVANIZADO, COM ROSCA BSP, DE 1 1/2\" X 1\"","UN    ","CR","15,81",null,15.81,"Sinapi 4192"]
[4191,"NIPLE DE REDUCAO DE FERRO GALVANIZADO, COM ROSCA BSP, DE 1 1/2\" X 3/4\"","UN    ","CR","15,81",null,15.81,"Sinapi 4191"]
[4207,"NIPLE DE REDUCAO DE FERRO GALVANIZADO, COM ROSCA BSP, DE 1 1/4\" X 1/2\"","UN    ","CR","12,72",null,12.72,"Sinapi 4207"]
[4206,"NIPLE DE REDUCAO DE FERRO GALVANIZADO, COM ROSCA BSP, DE 1 1/4\" X 1\"","UN    ","CR","12,35",null,12.35,"Sinapi 4206"]
[4190,"NIPLE DE REDUCAO DE FERRO GALVANIZADO, COM ROSCA BSP, DE 1 1/4\" X 3/4\"","UN    ","CR","12,35",null,12.35,"Sinapi 4190"]
[4186,"NIPLE DE REDUCAO DE FERRO GALVANIZADO, COM ROSCA BSP, DE 1/2\" X 1/4\"","UN    ","CR","3,65",null,3.65,"Sinapi 4186"]
[4188,"NIPLE DE REDUCAO DE FERRO GALVANIZADO, COM ROSCA BSP, DE 1\" X 1/2\"","UN    ","CR","7,45",null,7.45,"Sinapi 4188"]
[4189,"NIPLE DE REDUCAO DE FERRO GALVANIZADO, COM ROSCA BSP, DE 1\" X 3/4\"","UN    ","CR","7,45",null,7.45,"Sinapi 4189"]
[4197,"NIPLE DE REDUCAO DE FERRO GALVANIZADO, COM ROSCA BSP, DE 2 1/2\" X 2\"","UN    ","CR","39,47",null,39.47,"Sinapi 4197"]
[4194,"NIPLE DE REDUCAO DE FERRO GALVANIZADO, COM ROSCA BSP, DE 2\" X 1 1/2\"","UN    ","CR","23,85",null,23.85,"Sinapi 4194"]
[4193,"NIPLE DE REDUCAO DE FERRO GALVANIZADO, COM ROSCA BSP, DE 2\" X 1 1/4\"","UN    ","CR","23,85",null,23.85,"Sinapi 4193"]
[4204,"NIPLE DE REDUCAO DE FERRO GALVANIZADO, COM ROSCA BSP, DE 2\" X 1\"","UN    ","CR","23,85",null,23.85,"Sinapi 4204"]
[4187,"NIPLE DE REDUCAO DE FERRO GALVANIZADO, COM ROSCA BSP, DE 3/4\" X 1/2\"","UN    ","CR","4,75",null,4.75,"Sinapi 4187"]
[4202,"NIPLE DE REDUCAO DE FERRO GALVANIZADO, COM ROSCA BSP, DE 3\" X 2 1/2\"","UN    ","CR","72,09",null,72.09,"Sinapi 4202"]
[4203,"NIPLE DE REDUCAO DE FERRO GALVANIZADO, COM ROSCA BSP, DE 3\" X 2\"","UN    ","CR","63,66",null,63.66,"Sinapi 4203"]
[40368,"NIPLE SEXTAVADO EM ACO CARBONO, COM ROSCA BSP, PRESSAO 3.000 LBS, DN 1 1/2\"","UN    ","AS","28,89",null,28.89,"Sinapi 40368"]
[40365,"NIPLE SEXTAVADO EM ACO CARBONO, COM ROSCA BSP, PRESSAO 3.000 LBS, DN 1 1/4\"","UN    ","AS","19,49",null,19.489999999999998,"Sinapi 40365"]
[40356,"NIPLE SEXTAVADO EM ACO CARBONO, COM ROSCA BSP, PRESSAO 3.000 LBS, DN 1/2\"","UN    ","AS","6,66",null,6.66,"Sinapi 40356"]
[40362,"NIPLE SEXTAVADO EM ACO CARBONO, COM ROSCA BSP, PRESSAO 3.000 LBS, DN 1\"","UN    ","AS","12,91",null,12.91,"Sinapi 40362"]
[40374,"NIPLE SEXTAVADO EM ACO CARBONO, COM ROSCA BSP, PRESSAO 3.000 LBS, DN 2 1/2\"","UN    ","AS","75,50",null,75.5,"Sinapi 40374"]
[40371,"NIPLE SEXTAVADO EM ACO CARBONO, COM ROSCA BSP, PRESSAO 3.000 LBS, DN 2\"","UN    ","AS","47,53",null,47.53,"Sinapi 40371"]
[40359,"NIPLE SEXTAVADO EM ACO CARBONO, COM ROSCA BSP, PRESSAO 3.000 LBS, DN 3/4\"","UN    ","AS","8,60",null,8.6,"Sinapi 40359"]
[7595,"NIVELADOR","H     ","CR","8,46",null,{"$f":"IF(E3465=\"\",\"\",E3465+0)","v":8.4600000000000009},{"$f":"IF(G3465=\"\",\"\",CONCATENATE(\"Sinapi \",A3465))","v":"Sinapi 7595"}]
[41094,"NIVELADOR (MENSALISTA)","MES   ","CR","1.585,62",null,1585.62,"Sinapi 41094"]
[38175,"NUMERO / ALGARISMO PARA PORTA, TAMANHO *40* MM, EM ZAMAC, (MODELO DE 0 A 9), FIXACAO POR PARAFUSOS","UN    ","CR","2,24",null,2.2400000000000002,"Sinapi 38175"]
[38176,"NUMERO / ALGARISMO PARA RESIDENCIA (FACHADA), TAMANHO *120* MM, EM ZAMAC, (MODELO DE 0 A 9), FIXACAO POR PARAFUSOS","UN    ","CR","6,09",null,6.09,"Sinapi 38176"]
[36152,"OCULOS DE SEGURANCA CONTRA IMPACTOS COM LENTE INCOLOR, ARMACAO NYLON, COM PROTECAO UVA E UVB","UN    ","CR","4,27",null,4.2699999999999996,"Sinapi 36152"]
[11138,"OLEO COMBUSTIVEL BPF A GRANEL","L     ","CR","2,46",null,2.46,"Sinapi 11138"]
[5333,"OLEO DE LINHACA","L     ","CR","16,73",null,16.73,"Sinapi 5333"]
[4221,"OLEO DIESEL COMBUSTIVEL COMUM","L     ","C ","3,83",null,3.83,"Sinapi 4221"]
[4227,"OLEO LUBRIFICANTE PARA MOTORES DE EQUIPAMENTOS PESADOS (CAMINHOES, TRATORES, RETROS E ETC)","L     ","C ","20,00",null,20,"Sinapi 4227"]
[38170,"OLHO MAGICO / VISOR PARA PORTA DE *25 A 46* MM DE ESPESSURA, ANGULO DE VISAO APROXIMADO DE 200 GRAUS, LATAO CROMADO, COM FECHO JANELA","UN    ","CR","10,26",null,10.26,"Sinapi 38170"]
[4252,"OPERADOR DE BATE-ESTACAS","H     ","CR","14,06",null,14.06,"Sinapi 4252"]
[40980,"OPERADOR DE BATE-ESTACAS (MENSALISTA)","MES   ","CR","2.511,28",null,2511.2800000000002,"Sinapi 40980"]
[4243,"OPERADOR DE BETONEIRA (CAMINHAO)","H     ","CR","12,20",null,12.2,"Sinapi 4243"]
[41031,"OPERADOR DE BETONEIRA (CAMINHAO) (MENSALISTA)","MES   ","CR","2.180,10",null,2180.1,"Sinapi 41031"]
[40986,"OPERADOR DE BETONEIRA ESTACIONARIA / MISTURADOR (MENSALISTA)","MES   ","CR","2.103,87",null,2103.87,"Sinapi 40986"]
[37666,"OPERADOR DE BETONEIRA ESTACIONARIA/MISTURADOR","H     ","CR","11,78",null,11.78,"Sinapi 37666"]
[4250,"OPERADOR DE COMPRESSOR DE AR OU COMPRESSORISTA","H     ","CR","12,52",null,12.52,"Sinapi 4250"]
[40978,"OPERADOR DE COMPRESSOR DE AR OU COMPRESSORISTA (MENSALISTA)","MES   ","CR","2.236,65",null,2236.65,"Sinapi 40978"]
[25960,"OPERADOR DE DEMARCADORA DE FAIXAS DE TRAFEGO","H     ","CR","15,03",null,15.03,"Sinapi 25960"]
[41043,"OPERADOR DE DEMARCADORA DE FAIXAS DE TRAFEGO (MENSALISTA)","MES   ","CR","2.683,20",null,2683.2,"Sinapi 41043"]
[4234,"OPERADOR DE ESCAVADEIRA","H     ","C ","16,48",null,16.48,"Sinapi 4234"]
[40987,"OPERADOR DE ESCAVADEIRA (MENSALISTA)","MES   ","CR","2.939,34",null,2939.34,"Sinapi 40987"]
[4253,"OPERADOR DE GUINCHO","H     ","CR","12,50",null,12.5,"Sinapi 4253"]
[40981,"OPERADOR DE GUINCHO OU GUINCHEIRO (MENSALISTA)","MES   ","CR","2.230,95",null,2230.9499999999998,"Sinapi 40981"]
[4254,"OPERADOR DE GUINDASTE","H     ","CR","12,50",null,12.5,"Sinapi 4254"]
[41036,"OPERADOR DE GUINDASTE (MENSALISTA)","MES   ","CR","2.230,95",null,2230.9499999999998,"Sinapi 41036"]
[4251,"OPERADOR DE JATO ABRASIVO OU JATISTA","H     ","CR","17,83",null,17.829999999999998,"Sinapi 4251"]
[40979,"OPERADOR DE JATO ABRASIVO OU JATISTA (MENSALISTA)","MES   ","CR","3.183,14",null,3183.14,"Sinapi 40979"]
[4230,"OPERADOR DE MAQUINAS E TRATORES DIVERSOS (TERRAPLANAGEM)","H     ","CR","12,52",null,12.52,"Sinapi 4230"]
[40998,"OPERADOR DE MAQUINAS E TRATORES DIVERSOS (TERRAPLANAGEM) (MENSALISTA)","MES   ","CR","2.235,37",null,2235.37,"Sinapi 40998"]
[4257,"OPERADOR DE MARTELETE OU MARTELETEIRO","H     ","CR","12,87",null,12.87,"Sinapi 4257"]
[40982,"OPERADOR DE MARTELETE OU MARTELETEIRO (MENSALISTA)","MES   ","CR","2.296,30",null,2296.3000000000002,"Sinapi 40982"]
[4240,"OPERADOR DE MOTO SCRAPER","H     ","CR","15,28",null,15.28,"Sinapi 4240"]
[41026,"OPERADOR DE MOTO SCRAPER (MENSALISTA)","MES   ","CR","2.728,95",null,2728.95,"Sinapi 41026"]
[4239,"OPERADOR DE MOTONIVELADORA","H     ","CR","18,77",null,18.77,"Sinapi 4239"]
[41024,"OPERADOR DE MOTONIVELADORA (MENSALISTA)","MES   ","CR","3.347,91",null,3347.91,"Sinapi 41024"]
[4248,"OPERADOR DE PA CARREGADEIRA","H     ","CR","14,30",null,14.3,"Sinapi 4248"]
[41033,"OPERADOR DE PA CARREGADEIRA (MENSALISTA)","MES   ","CR","2.552,19",null,2552.19,"Sinapi 41033"]
[25959,"OPERADOR DE PAVIMENTADORA","H     ","CR","15,80",null,15.8,"Sinapi 25959"]
[41040,"OPERADOR DE PAVIMENTADORA/MESA VIBROACABADORA (MENSALISTA)","MES   ","CR","2.817,36",null,2817.36,"Sinapi 41040"]
[4238,"OPERADOR DE ROLO COMPACTADOR","H     ","CR","12,61",null,12.61,"Sinapi 4238"]
[41012,"OPERADOR DE ROLO COMPACTADOR (MENSALISTA)","MES   ","CR","2.250,36",null,2250.36,"Sinapi 41012"]
[4237,"OPERADOR DE TRATOR - EXCLUSIVE AGROPECUARIA","H     ","CR","12,50",null,12.5,"Sinapi 4237"]
[41002,"OPERADOR DE TRATOR - EXCLUSIVE AGROPECUARIA (MENSALISTA)","MES   ","CR","2.230,95",null,2230.9499999999998,"Sinapi 41002"]
[4233,"OPERADOR DE USINA DE ASFALTO, DE SOLOS OU DE CONCRETO","H     ","CR","13,55",null,13.55,"Sinapi 4233"]
[41001,"OPERADOR DE USINA DE ASFALTO, DE SOLOS OU DE CONCRETO (MENSALISTA)","MES   ","CR","2.419,45",null,2419.4499999999998,"Sinapi 41001"]
[2,"OXIGENIO, RECARGA PARA CILINDRO DE CONJUNTO OXICORTE GRANDE","M3    ","CR","8,76",null,8.76,"Sinapi 2"]
[36517,"PA CARREGADEIRA SOBRE RODAS, POTENCIA BRUTA *127* CV, CAPACIDADE DA CACAMBA DE 2,0 A 2,4 M3, PESO OPERACIONAL DE 10330 KG","UN    ","AS","325.565,66",null,325565.65999999997,"Sinapi 36517"]
[4262,"PA CARREGADEIRA SOBRE RODAS, POTENCIA LIQUIDA 128 HP, CAPACIDADE DA CACAMBA DE 1,7 A 2,8 M3, PESO OPERACIONAL DE 11632 KG","UN    ","AS","366.628,00",null,366628,"Sinapi 4262"]
[4263,"PA CARREGADEIRA SOBRE RODAS, POTENCIA LIQUIDA 197 HP, CAPACIDADE DA CACAMBA DE 2,5 A 3,5 M3, PESO OPERACIONAL DE 18338 KG","UN    ","AS","508.390,80",null,508390.8,"Sinapi 4263"]
[36518,"PA CARREGADEIRA SOBRE RODAS, POTENCIA LIQUIDA 213 HP, CAPACIDADE DA CACAMBA DE 1,9 A 3,5 M3, PESO OPERACIONAL DE 19234 KG","UN    ","AS","578.783,37",null,578783.37,"Sinapi 36518"]
[14221,"PA CARREGADEIRA SOBRE RODAS, POTENCIA 152 HP, CAPACIDADE DA CACAMBA DE 1,53 A 2,30 M3, PESO OPERACIONAL DE 10216 KG","UN    ","AS","337.786,58",null,337786.58,"Sinapi 14221"]
[38402,"PA DE LIXO PLASTICA, CABO LONGO","UN    ","CR","9,58",null,9.58,"Sinapi 38402"]
[3412,"PAINEL DE LA DE VIDRO SEM REVESTIMENTO PSI 20, E = 25 MM, DE 1200 X 600 MM","M2    ","AS","13,69",null,13.69,"Sinapi 3412"]
[3413,"PAINEL DE LA DE VIDRO SEM REVESTIMENTO PSI 20, E = 50 MM, DE 1200 X 600 MM","M2    ","AS","30,82",null,30.82,"Sinapi 3413"]
[39744,"PAINEL DE LA DE VIDRO SEM REVESTIMENTO PSI 40, E = 25 MM, DE 1200 X 600 MM","M2    ","AS","23,93",null,23.93,"Sinapi 39744"]
[39745,"PAINEL DE LA DE VIDRO SEM REVESTIMENTO PSI 40, E = 50 MM, DE 1200 X 600 MM","M2    ","AS","50,51",null,50.51,"Sinapi 39745"]
[39637,"PAINEL ESTRUTURAL PARA LAJE SECA REVESTIDO EM PLACA CIMENTICIA, DE 1,20 X 2,50 M, E = 23 MM","M2    ","CR","52,77",null,52.77,"Sinapi 39637"]
[39638,"PAINEL ESTRUTURAL PARA LAJE SECA REVESTIDO EM PLACA CIMENTICIA, DE 1,20 X 2,50 M, E = 40 MM","M2    ","CR","98,27",null,98.27,"Sinapi 39638"]
[39639,"PAINEL ESTRUTURAL PARA LAJE SECA REVESTIDO EM PLACA CIMENTICIA, DE 1,20 X 2,50 M, E = 55 MM","M2    ","CR","129,56",null,129.56,"Sinapi 39639"]
[39517,"PAINEL TERMOISOLANTE PARA FECHAMENTOS VERTICAIS (INCLUI PARAFUSOS DE FIXACAO) REVESTIDO EM ACO GALVALUME, LARGURA UTIL DE 1100 MM, REVESTIMENTO COM ESPESSURA DE 0,50 MM, COM PRE-PINTURA NAS DUAS FACES, NUCLEO EM POLIURETANO (PUR) COM ESPESSURA 40/50 MM","M2    ","AS","141,03",null,141.03,"Sinapi 39517"]
[39518,"PAINEL TERMOISOLANTE PARA FECHAMENTOS VERTICAIS (INCLUI PARAFUSOS DE FIXACAO) REVESTIDO EM ACO GALVALUME, LARGURA UTIL DE 1100 MM, REVESTIMENTO COM ESPESSURA DE 0,50 MM, COM PRE-PINTURA NAS DUAS FACES, NUCLEO EM POLIURETANO (PUR) COM ESPESSURA 70/80 MM","M2    ","AS","167,20",null,167.2,"Sinapi 39518"]
[38366,"PAPEL KRAFT BETUMADO","M2    ","CR","3,78",null,3.78,"Sinapi 38366"]
[11703,"PAPELEIRA DE PAREDE EM METAL CROMADO SEM TAMPA","UN    ","CR","24,51",null,24.51,"Sinapi 11703"]
[37400,"PAPELEIRA PLASTICA TIPO DISPENSER PARA PAPEL HIGIENICO ROLAO","UN    ","CR","41,54",null,{"$f":"IF(E3529=\"\",\"\",E3529+0)","v":41.54},{"$f":"IF(G3529=\"\",\"\",CONCATENATE(\"Sinapi \",A3529))","v":"Sinapi 37400"}]
[25400,"PAR DE TABELAS DE BASQUETE EM COMPENSADO NAVAL DE *1,80 X 1,20* M, COM ARO DE METAL E REDE (SEM SUPORTE DE FIXACAO)","UN    ","CR","1.712,76",null,1712.76,"Sinapi 25400"]
[4272,"PARA-RAIOS DE BAIXA TENSAO, TENSAO DE OPERACAO *280* V , CORRENTE MAXIMA *20* KA","UN    ","CR","91,95",null,91.95,"Sinapi 4272"]
[4276,"PARA-RAIOS DE DISTRIBUICAO, TENSAO NOMINAL 15 KV, CORRENTE NOMINAL DE DESCARGA 5 KA","UN    ","CR","271,39",null,271.39,"Sinapi 4276"]
[4273,"PARA-RAIOS DE DISTRIBUICAO, TENSAO NOMINAL 30 KV, CORRENTE NOMINAL DE DESCARGA 10 KA","UN    ","CR","450,83",null,450.83,"Sinapi 4273"]
[4274,"PARA-RAIOS TIPO FRANKLIN 350 MM, EM LATAO CROMADO, DUAS DESCIDAS, PARA PROTECAO DE EDIFICACOES CONTRA DESCARGAS ATMOSFERICAS","UN    ","C ","104,54",null,104.54,"Sinapi 4274"]
[39438,"PARAFUSO CABECA TROMBETA E PONTA AGULHA (GN55), COMPRIMENTO 55 MM, EM ACO FOSFATIZADO, PARA FIXAR CHAPA DE GESSO EM PERFIL DRYWALL METALICO MAXIMO 0,7 MM","UN    ","CR","0,19",null,0.19,"Sinapi 39438"]
[11963,"PARAFUSO DE ACO TIPO CHUMBADOR PARABOLT, DIAMETRO 1/2\", COMPRIMENTO 75 MM","UN    ","CR","7,04",null,7.04,"Sinapi 11963"]
[11964,"PARAFUSO DE ACO TIPO CHUMBADOR PARABOLT, DIAMETRO 3/8\", COMPRIMENTO 75 MM","UN    ","CR","1,77",null,1.77,"Sinapi 11964"]
[4379,"PARAFUSO DE ACO ZINCADO COM ROSCA SOBERBA, CABECA CHATA E FENDA SIMPLES, DIAMETRO 2,5 MM, COMPRIMENTO * 9,5 * MM","UN    ","CR","0,03",null,0.03,"Sinapi 4379"]
[4377,"PARAFUSO DE ACO ZINCADO COM ROSCA SOBERBA, CABECA CHATA E FENDA SIMPLES, DIAMETRO 4,2 MM, COMPRIMENTO * 32 * MM","UN    ","CR","0,13",null,0.13,"Sinapi 4377"]
[4356,"PARAFUSO DE ACO ZINCADO COM ROSCA SOBERBA, CABECA CHATA E FENDA SIMPLES, DIAMETRO 4,8 MM, COMPRIMENTO 45 MM","UN    ","CR","0,19",null,0.19,"Sinapi 4356"]
[13246,"PARAFUSO DE FERRO POLIDO, SEXTAVADO, COM ROSCA INTEIRA, DIAMETRO 5/16\", COMPRIMENTO 3/4\", COM PORCA E ARRUELA LISA LEVE","UN    ","CR","0,33",null,0.33,"Sinapi 13246"]
[4346,"PARAFUSO DE FERRO POLIDO, SEXTAVADO, COM ROSCA PARCIAL, DIAMETRO 5/8\", COMPRIMENTO 6\", COM PORCA E ARRUELA DE PRESSAO MEDIA","UN    ","CR","7,54",null,7.54,"Sinapi 4346"]
[11955,"PARAFUSO DE LATAO COM ACABAMENTO CROMADO PARA FIXAR PECA SANITARIA, INCLUI PORCA CEGA, ARRUELA E BUCHA DE NYLON TAMANHO S-10","UN    ","CR","3,30",null,3.3,"Sinapi 11955"]
[11960,"PARAFUSO DE LATAO COM ROSCA SOBERBA, CABECA CHATA E FENDA SIMPLES, DIAMETRO 2,5 MM, COMPRIMENTO 12 MM","UN    ","CR","0,11",null,0.11,"Sinapi 11960"]
[4333,"PARAFUSO DE LATAO COM ROSCA SOBERBA, CABECA CHATA E FENDA SIMPLES, DIAMETRO 3,2 MM, COMPRIMENTO 16 MM","UN    ","CR","0,19",null,0.19,"Sinapi 4333"]
[4358,"PARAFUSO DE LATAO COM ROSCA SOBERBA, CABECA CHATA E FENDA SIMPLES, DIAMETRO 4,8 MM, COMPRIMENTO 65 MM","UN    ","CR","1,51",null,1.51,"Sinapi 4358"]
[39435,"PARAFUSO DRY WALL, EM ACO FOSFATIZADO, CABECA TROMBETA E PONTA AGULHA (TA), COMPRIMENTO 25 MM","UN    ","CR","0,07",null,7.0000000000000007E-2,"Sinapi 39435"]
[39436,"PARAFUSO DRY WALL, EM ACO FOSFATIZADO, CABECA TROMBETA E PONTA AGULHA (TA), COMPRIMENTO 35 MM","UN    ","CR","0,13",null,0.13,"Sinapi 39436"]
[39437,"PARAFUSO DRY WALL, EM ACO FOSFATIZADO, CABECA TROMBETA E PONTA AGULHA (TA), COMPRIMENTO 45 MM","UN    ","CR","0,17",null,0.17,"Sinapi 39437"]
[39439,"PARAFUSO DRY WALL, EM ACO FOSFATIZADO, CABECA TROMBETA E PONTA BROCA (TB), COMPRIMENTO 25 MM","UN    ","CR","0,11",null,0.11,"Sinapi 39439"]
[39440,"PARAFUSO DRY WALL, EM ACO FOSFATIZADO, CABECA TROMBETA E PONTA BROCA (TB), COMPRIMENTO 35 MM","UN    ","CR","0,15",null,0.15,"Sinapi 39440"]
[39441,"PARAFUSO DRY WALL, EM ACO FOSFATIZADO, CABECA TROMBETA E PONTA BROCA (TB), COMPRIMENTO 45 MM","UN    ","CR","0,19",null,0.19,"Sinapi 39441"]
[39442,"PARAFUSO DRY WALL, EM ACO ZINCADO, CABECA LENTILHA E PONTA AGULHA (LA), LARGURA 4,2 MM, COMPRIMENTO 13 MM","UN    ","CR","0,13",null,0.13,"Sinapi 39442"]
[39443,"PARAFUSO DRY WALL, EM ACO ZINCADO, CABECA LENTILHA E PONTA BROCA (LB), LARGURA 4,2 MM, COMPRIMENTO 13 MM","UN    ","CR","0,18",null,0.18,"Sinapi 39443"]
[4329,"PARAFUSO EM ACO GALVANIZADO, TIPO MAQUINA, SEXTAVADO, SEM PORCA, DIAMETRO 1/2\", COMPRIMENTO 2\"","UN    ","C ","1,61",null,1.61,"Sinapi 4329"]
[4383,"PARAFUSO FRANCES METRICO ZINCADO, DIAMETRO 12 MM, COMPRIMENTO 140MM, COM PORCA SEXTAVADA E ARRUELA DE PRESSAO MEDIA","UN    ","CR","14,56",null,14.56,"Sinapi 4383"]
[4344,"PARAFUSO FRANCES METRICO ZINCADO, DIAMETRO 12 MM, COMPRIMENTO 150 MM, COM PORCA SEXTAVADA E ARRUELA DE PRESSAO MEDIA","UN    ","CR","15,26",null,15.26,"Sinapi 4344"]
[436,"PARAFUSO FRANCES M16 EM ACO GALVANIZADO, COMPRIMENTO = 150 MM, DIAMETRO = 16 MM, CABECA ABAULADA","UN    ","AS","6,23",null,6.23,"Sinapi 436"]
[442,"PARAFUSO FRANCES M16 EM ACO GALVANIZADO, COMPRIMENTO = 45 MM, DIAMETRO = 16 MM, CABECA ABAULADA","UN    ","AS","3,68",null,3.68,"Sinapi 442"]
[11953,"PARAFUSO FRANCES ZINCADO, DIAMETRO 1/2'', COMPRIMENTO 2'', COM PORCA E ARRUELA","UN    ","CR","2,42",null,2.42,"Sinapi 11953"]
[4335,"PARAFUSO FRANCES ZINCADO, DIAMETRO 1/2\", COMPRIMENTO 12\", COM PORCA E ARRUELA LISA MEDIA","UN    ","CR","10,24",null,10.24,"Sinapi 4335"]
[4334,"PARAFUSO FRANCES ZINCADO, DIAMETRO 1/2\", COMPRIMENTO 15\", COM PORCA E ARRUELA LISA MEDIA","UN    ","CR","14,05",null,14.05,"Sinapi 4334"]
[4343,"PARAFUSO FRANCES ZINCADO, DIAMETRO 1/2\", COMPRIMENTO 4\", COM PORCA E ARRUELA","UN    ","CR","3,45",null,3.45,"Sinapi 4343"]
[430,"PARAFUSO M16 EM ACO GALVANIZADO, COMPRIMENTO = 125 MM, DIAMETRO = 16 MM, ROSCA MAQUINA, CABECA QUADRADA","UN    ","AS","5,57",null,5.57,"Sinapi 430"]
[441,"PARAFUSO M16 EM ACO GALVANIZADO, COMPRIMENTO = 150 MM, DIAMETRO = 16 MM, ROSCA MAQUINA, CABECA QUADRADA","UN    ","AS","6,13",null,6.13,"Sinapi 441"]
[431,"PARAFUSO M16 EM ACO GALVANIZADO, COMPRIMENTO = 200 MM, DIAMETRO = 16 MM, ROSCA MAQUINA, CABECA QUADRADA","UN    ","AS","7,41",null,7.41,"Sinapi 431"]
[432,"PARAFUSO M16 EM ACO GALVANIZADO, COMPRIMENTO = 250 MM, DIAMETRO = 16 MM, ROSCA MAQUINA, CABECA QUADRADA","UN    ","AS","8,18",null,8.18,"Sinapi 432"]
[429,"PARAFUSO M16 EM ACO GALVANIZADO, COMPRIMENTO = 300 MM, DIAMETRO = 16 MM, ROSCA DUPLA","UN    ","AS","11,02",null,11.02,"Sinapi 429"]
[439,"PARAFUSO M16 EM ACO GALVANIZADO, COMPRIMENTO = 300 MM, DIAMETRO = 16 MM, ROSCA MAQUINA, CABECA QUADRADA","UN    ","AS","9,39",null,9.39,"Sinapi 439"]
[433,"PARAFUSO M16 EM ACO GALVANIZADO, COMPRIMENTO = 350 MM, DIAMETRO = 16 MM, ROSCA MAQUINA, CABECA QUADRADA","UN    ","AS","10,96",null,10.96,"Sinapi 433"]
[437,"PARAFUSO M16 EM ACO GALVANIZADO, COMPRIMENTO = 400 MM, DIAMETRO = 16 MM, ROSCA DUPLA","UN    ","AS","14,57",null,14.57,"Sinapi 437"]
[11790,"PARAFUSO M16 EM ACO GALVANIZADO, COMPRIMENTO = 450 MM, DIAMETRO = 16 MM, ROSCA MAQUINA, CABECA QUADRADA","UN    ","AS","16,52",null,16.52,"Sinapi 11790"]
[428,"PARAFUSO M16 EM ACO GALVANIZADO, COMPRIMENTO = 500 MM, DIAMETRO = 16 MM, ROSCA MAQUINA, COM CABECA SEXTAVADA E PORCA","UN    ","AS","17,97",null,17.97,"Sinapi 428"]
[4384,"PARAFUSO NIQUELADO COM ACABAMENTO CROMADO PARA FIXAR PECA SANITARIA, INCLUI PORCA CEGA, ARRUELA E BUCHA DE NYLON TAMANHO S-10","UN    ","CR","16,72",null,16.72,"Sinapi 4384"]
[4351,"PARAFUSO NIQUELADO 3 1/2\" COM ACABAMENTO CROMADO PARA FIXAR PECA SANITARIA, INCLUI PORCA CEGA, ARRUELA E BUCHA DE NYLON TAMANHO S-8","UN    ","CR","12,40",null,12.4,"Sinapi 4351"]
[11054,"PARAFUSO ROSCA SOBERBA ZINCADO CABECA CHATA FENDA SIMPLES 3,2 X 20 MM (3/4 \")","UN    ","CR","0,02",null,0.02,"Sinapi 11054"]
[11055,"PARAFUSO ROSCA SOBERBA ZINCADO CABECA CHATA FENDA SIMPLES 3,5 X 25 MM (1 \")","UN    ","CR","0,04",null,0.04,"Sinapi 11055"]
[11056,"PARAFUSO ROSCA SOBERBA ZINCADO CABECA CHATA FENDA SIMPLES 3,8 X 30 MM (1.1/4 \")","UN    ","CR","0,05",null,0.05,"Sinapi 11056"]
[11057,"PARAFUSO ROSCA SOBERBA ZINCADO CABECA CHATA FENDA SIMPLES 4,8 X 40 MM (1.1/2 \")","UN    ","CR","0,10",null,0.1,"Sinapi 11057"]
[11059,"PARAFUSO ROSCA SOBERBA ZINCADO CABECA CHATA FENDA SIMPLES 5,5 X 50 MM (2 \")","UN    ","CR","0,20",null,0.2,"Sinapi 11059"]
[11058,"PARAFUSO ROSCA SOBERBA ZINCADO CABECA CHATA FENDA SIMPLES 5,5 X 65 MM (2.1/2 \")","UN    ","CR","0,26",null,0.26,"Sinapi 11058"]
[4380,"PARAFUSO ZINCADO ROSCA SOBERBA 5/16 \" X 120 MM PARA TELHA FIBROCIMENTO","UN    ","CR","0,87",null,0.87,"Sinapi 4380"]
[4299,"PARAFUSO ZINCADO ROSCA SOBERBA, CABECA SEXTAVADA, 5/16 \" X 110 MM, PARA FIXACAO DE TELHA EM MADEIRA","UN    ","C ","0,82",null,0.82,"Sinapi 4299"]
[4304,"PARAFUSO ZINCADO ROSCA SOBERBA, CABECA SEXTAVADA, 5/16 \" X 150 MM, PARA FIXACAO DE TELHA EM MADEIRA","UN    ","CR","1,11",null,1.1100000000000001,"Sinapi 4304"]
[4305,"PARAFUSO ZINCADO ROSCA SOBERBA, CABECA SEXTAVADA, 5/16 \" X 180 MM, PARA FIXACAO DE TELHA EM MADEIRA","UN    ","CR","1,30",null,1.3,"Sinapi 4305"]
[4306,"PARAFUSO ZINCADO ROSCA SOBERBA, CABECA SEXTAVADA, 5/16 \" X 200 MM, PARA FIXACAO DE TELHA EM MADEIRA","UN    ","CR","1,50",null,1.5,"Sinapi 4306"]
[4308,"PARAFUSO ZINCADO ROSCA SOBERBA, CABECA SEXTAVADA, 5/16 \" X 230 MM, PARA FIXACAO DE TELHA EM MADEIRA","UN    ","CR","3,12",null,3.12,"Sinapi 4308"]
[4302,"PARAFUSO ZINCADO ROSCA SOBERBA, CABECA SEXTAVADA, 5/16 \" X 250 MM, PARA FIXACAO DE TELHA EM MADEIRA","UN    ","CR","2,34",null,2.34,"Sinapi 4302"]
[4300,"PARAFUSO ZINCADO ROSCA SOBERBA, CABECA SEXTAVADA, 5/16 \" X 50 MM, PARA FIXACAO DE TELHA EM MADEIRA","UN    ","CR","0,55",null,0.55000000000000004,"Sinapi 4300"]
[4301,"PARAFUSO ZINCADO ROSCA SOBERBA, CABECA SEXTAVADA, 5/16 \" X 85 MM, PARA FIXACAO DE TELHA EM MADEIRA","UN    ","CR","0,68",null,0.68,"Sinapi 4301"]
[4320,"PARAFUSO ZINCADO 5/16 \" X 250 MM PARA FIXACAO DE TELHA DE FIBROCIMENTO CANALETE 49, INCLUI BUCHA NYLON S-10","UN    ","CR","2,06",null,2.06,"Sinapi 4320"]
[4318,"PARAFUSO ZINCADO 5/16 \" X 85 MM PARA FIXACAO DE TELHA DE FIBROCIMENTO CANALETE 90, INCLUI BUCHA NYLON S-10","UN    ","CR","1,00",null,1,"Sinapi 4318"]
[40547,"PARAFUSO ZINCADO, AUTOBROCANTE, FLANGEADO, 4,2 MM X 19 MM","CENTO ","CR","20,32",null,{"$f":"IF(E3593=\"\",\"\",E3593+0)","v":20.32},{"$f":"IF(G3593=\"\",\"\",CONCATENATE(\"Sinapi \",A3593))","v":"Sinapi 40547"}]
[11962,"PARAFUSO ZINCADO, SEXTAVADO, COM ROSCA INTEIRA, DIAMETRO 1/4\", COMPRIMENTO 1/2\"","UN    ","CR","0,16",null,0.16,"Sinapi 11962"]
[4332,"PARAFUSO ZINCADO, SEXTAVADO, COM ROSCA INTEIRA, DIAMETRO 3/8\", COMPRIMENTO 2\"","UN    ","CR","0,81",null,0.81,"Sinapi 4332"]
[4331,"PARAFUSO ZINCADO, SEXTAVADO, COM ROSCA INTEIRA, DIAMETRO 5/8\", COMPRIMENTO 2 1/4\"","UN    ","CR","3,05",null,3.05,"Sinapi 4331"]
[4336,"PARAFUSO ZINCADO, SEXTAVADO, COM ROSCA INTEIRA, DIAMETRO 5/8\", COMPRIMENTO 3\", COM PORCA E ARRUELA DE PRESSAO MEDIA","UN    ","CR","3,90",null,3.9,"Sinapi 4336"]
[13294,"PARAFUSO ZINCADO, SEXTAVADO, COM ROSCA SOBERBA, DIAMETRO 3/8\", COMPRIMENTO 80 MM","UN    ","CR","1,12",null,1.1200000000000001,"Sinapi 13294"]
[11948,"PARAFUSO ZINCADO, SEXTAVADO, COM ROSCA SOBERBA, DIAMETRO 5/16\", COMPRIMENTO 40 MM","UN    ","CR","0,50",null,0.5,"Sinapi 11948"]
[4382,"PARAFUSO ZINCADO, SEXTAVADO, COM ROSCA SOBERBA, DIAMETRO 5/16\", COMPRIMENTO 80 MM","UN    ","CR","0,83",null,0.83,"Sinapi 4382"]
[4354,"PARAFUSO ZINCADO, SEXTAVADO, GRAU 5, ROSCA INTEIRA, DIAMETRO 1 1/2\", COMPRIMENTO 4\"","UN    ","CR","34,99",null,34.99,"Sinapi 4354"]
[40839,"PARAFUSO, ASTM A307 - GRAU A, SEXTAVADO, ZINCADO, DIAMETRO 3/8\" (9,52 MM), COMPRIMENTO 1 \" (25,4 MM)","CENTO ","CR","84,21",null,84.21,"Sinapi 40839"]
[40552,"PARAFUSO, AUTO ATARRACHANTE, CABECA CHATA, FENDA SIMPLES, 1/4\u0094 (6,35 MM) X 25 MM","CENTO ","CR","34,84",null,34.840000000000003,"Sinapi 40552"]
[40549,"PARAFUSO, COMUM, ASTM A307, SEXTAVADO, DIAMETRO 1/2\" (12,7 MM), COMPRIMENTO 1\" (25,4 MM)","CENTO ","CR","137,94",null,137.94,"Sinapi 40549"]
[4385,"PARALELEPIPEDO GRANITICO OU BASALTICO, PARA PAVIMENTACAO, SEM FRETE,  *30 A 35* PECAS POR M2","MIL   ","AS","1.285,71",null,1285.71,"Sinapi 4385"]
[38397,"PASTA DESENGRAXANTE PARA MAOS","KG    ","CR","4,48",null,4.4800000000000004,"Sinapi 38397"]
[20078,"PASTA LUBRIFICANTE PARA TUBOS E CONEXOES COM JUNTA ELASTICA (USO EM PVC, ACO, POLIETILENO E OUTROS) ( DE *400* G)","UN    ","CR","20,90",null,20.9,"Sinapi 20078"]
[20079,"PASTA LUBRIFICANTE PARA TUBOS E CONEXOES COM JUNTA ELASTICA (USO EM PVC, ACO, POLIETILENO E OUTROS) (POTE DE 3.500* G)","UN    ","CR","130,37",null,130.37,"Sinapi 20079"]
[39897,"PASTA PARA SOLDA DE TUBOS E CONEXOES DE COBRE (EMBALAGEM COM 250 G)","UN    ","AS","30,80",null,30.8,"Sinapi 39897"]
[118,"PASTA VEDA JUNTAS/ROSCA, LATA DE *500* G, PARA INSTALACOES DE GAS E OUTROS","UN    ","CR","79,02",null,79.02,"Sinapi 118"]
[4396,"PASTILHA CERAMICA/PORCELANA, REVEST INT/EXT E  PISCINA, CORES BRANCA OU FRIAS, *2,5 X 2,5* CM","M2    ","C ","162,96",null,162.96,"Sinapi 4396"]
[36881,"PASTILHA CERAMICA/PORCELANA, REVEST INT/EXT E  PISCINA, CORES FRIAS *5 X 5* CM","M2    ","CR","145,62",null,145.62,"Sinapi 36881"]
[36882,"PASTILHA CERAMICA/PORCELANA, REVEST INT/EXT E  PISCINA, CORES QUENTES *5 X 5* CM","M2    ","CR","169,89",null,169.89,"Sinapi 36882"]
[4397,"PASTILHA CERAMICA/PORCELANA, REVEST INT/EXT E  PISCINA, CORES QUENTES, *2,5 X 2,5* CM","M2    ","CR","264,25",null,264.25,"Sinapi 4397"]
[34754,"PASTILHA DE VIDRO CRISTAL, NACIONAL, REVEST INT/EXT E PISCINA, TODAS AS CORES, E MAIOR OU IGUAL A 5 MM  *2,0 X 2,0* CM","M2    ","CR","489,32",null,489.32,"Sinapi 34754"]
[25962,"PASTILHA DE VIDRO PIGMENTADA *2,0 X 2,0* CM, NACIONAL, PARA REVESTIMENTO INTERNO/EXTERNO E PISCINA, BRANCA OU CORES FRIAS, ESPESSURA MAIOR OU IGUAL A 5 MM","M2    ","CR","309,91",null,309.91000000000003,"Sinapi 25962"]
[34752,"PASTILHA DE VIDRO PIGMENTADA, NACIONAL, REVEST INT/EXT E PISCINA, CORES QUENTES, ESPESSURA MAIOR OU IGUAL A 5 MM  *2,0 X 2,0* CM","M2    ","CR","545,75",null,545.75,"Sinapi 34752"]
[4751,"PASTILHEIRO","H     ","CR","17,98",null,17.98,"Sinapi 4751"]
[41066,"PASTILHEIRO (MENSALISTA)","MES   ","CR","3.209,50",null,3209.5,"Sinapi 41066"]
[39604,"PATCH CORD, CATEGORIA 5 E, EXTENSAO DE 1,50 M","UN    ","CR","9,35",null,9.35,"Sinapi 39604"]
[39605,"PATCH CORD, CATEGORIA 5 E, EXTENSAO DE 2,50 M","UN    ","CR","12,97",null,12.97,"Sinapi 39605"]
[39606,"PATCH CORD, CATEGORIA 6, EXTENSAO DE 1,50 M","UN    ","CR","16,48",null,16.48,"Sinapi 39606"]
[39607,"PATCH CORD, CATEGORIA 6, EXTENSAO DE 2,50 M","UN    ","CR","18,90",null,18.899999999999999,"Sinapi 39607"]
[39594,"PATCH PANEL, 24 PORTAS, CATEGORIA 5E, COM RACKS DE 19\" E 1 U DE ALTURA","UN    ","C ","179,00",null,179,"Sinapi 39594"]
[39596,"PATCH PANEL, 24 PORTAS, CATEGORIA 6, COM RACKS DE 19\" E 1 U DE ALTURA","UN    ","CR","311,99",null,311.99,"Sinapi 39596"]
[39595,"PATCH PANEL, 48 PORTAS, CATEGORIA 5E, COM RACKS DE 19\" E 2 U DE ALTURA","UN    ","CR","261,89",null,261.89,"Sinapi 39595"]
[39597,"PATCH PANEL, 48 PORTAS, CATEGORIA 6, COM RACKS DE 19\" E 2 U DE ALTURA","UN    ","CR","420,73",null,420.73,"Sinapi 39597"]
[20209,"PECA DE MADEIRA APARELHADA *7,5 X 7,5* CM (3 X 3 \") MACARANDUBA, ANGELIM OU EQUIVALENTE DA REGIAO","M     ","CR","16,96",null,16.96,"Sinapi 20209"]
[4433,"PECA DE MADEIRA NAO APARELHADA *7,5 X 7,5* CM (3 X 3 \") MACARANDUBA, ANGELIM OU EQUIVALENTE DA REGIAO","M     ","CR","12,34",null,12.34,"Sinapi 4433"]
[10731,"PEDRA ARDOSIA, CINZA, *40 X 40* CM, E= *1 CM","M2    ","C ","51,54",null,51.54,"Sinapi 10731"]
[4704,"PEDRA ARDOSIA, CINZA, 20  X  40 CM,  E=  *1 CM","M2    ","CR","46,51",null,46.51,"Sinapi 4704"]
[10730,"PEDRA ARDOSIA, CINZA, 30  X  30,  E= *1 CM","M2    ","CR","49,83",null,49.83,"Sinapi 10730"]
[4729,"PEDRA BRITADA GRADUADA, CLASSIFICADA (POSTO PEDREIRA/FORNECEDOR, SEM FRETE)","M3    ","CR","97,31",null,97.31,"Sinapi 4729"]
[4720,"PEDRA BRITADA N. 0, OU PEDRISCO (4,8 A 9,5 MM) POSTO PEDREIRA/FORNECEDOR, SEM FRETE","M3    ","CR","106,40",null,106.4,"Sinapi 4720"]
[4721,"PEDRA BRITADA N. 1 (9,5 a 19 MM) POSTO PEDREIRA/FORNECEDOR, SEM FRETE","M3    ","CR","83,33",null,83.33,"Sinapi 4721"]
[4718,"PEDRA BRITADA N. 2 (19 A 38 MM) POSTO PEDREIRA/FORNECEDOR, SEM FRETE","M3    ","C ","83,33",null,83.33,"Sinapi 4718"]
[4722,"PEDRA BRITADA N. 3 (38 A 50 MM) POSTO PEDREIRA/FORNECEDOR, SEM FRETE","M3    ","CR","83,33",null,83.33,"Sinapi 4722"]
[4723,"PEDRA BRITADA N. 4 (50 A 76 MM) POSTO PEDREIRA/FORNECEDOR, SEM FRETE","M3    ","CR","90,91",null,90.91,"Sinapi 4723"]
[4727,"PEDRA BRITADA N. 5 (76 A 100 MM) POSTO PEDREIRA/FORNECEDOR, SEM FRETE","M3    ","CR","93,44",null,93.44,"Sinapi 4727"]
[4748,"PEDRA BRITADA OU BICA CORRIDA, NAO CLASSIFICADA (POSTO PEDREIRA/FORNECEDOR, SEM FRETE)","M3    ","CR","90,15",null,90.15,"Sinapi 4748"]
[4730,"PEDRA DE MAO OU PEDRA RACHAO PARA ARRIMO/FUNDACAO (POSTO PEDREIRA/FORNECEDOR, SEM FRETE)","M3    ","CR","87,12",null,87.12,"Sinapi 4730"]
[13186,"PEDRA GRANITICA OU BASALTICA IRREGULAR, FAIXA GRANULOMETRICA 100 A 150 MM PARA PAVIMENTACAO OU CALCAMENTO POLIEDRICO, POSTO PEDREIRA / FORNECEDOR (SEM FRETE)","M3    ","AS","76,46",null,76.459999999999994,"Sinapi 13186"]
[10737,"PEDRA GRANITICA OU BASALTO, CACO, RETALHO, CAVACO, TIPO MIRACEMA, MADEIRA, PADUANA, RACHINHA, SANTA ISABEL OU OUTRAS SIMILARES, E=  *1,0 A *2,0 CM","M2    ","CR","161,97",null,161.97,"Sinapi 10737"]
[10734,"PEDRA GRANITICA, SERRADA, TIPO MIRACEMA, MADEIRA, PADUANA, RACHINHA, SANTA ISABEL OU OUTRAS SIMILARES, *11,5 X  *23 CM, E=  *1,0 A *2,0 CM","M2    ","CR","96,35",null,96.35,"Sinapi 10734"]
[4708,"PEDRA PORTUGUESA  OU PETIT PAVE, BRANCA OU PRETA","M2    ","CR","186,88",null,186.88,"Sinapi 4708"]
[4712,"PEDRA QUARTZITO OU CALCARIO LAMINADO, CACO, TIPO CARIRI, ITACOLOMI, LAGOA SANTA, LUMINARIA, PIRENOPOLIS, SAO TOME OU OUTRAS SIMILARES DA REGIAO, E=  *1,5 A *2,5 CM","M2    ","CR","91,36",null,91.36,"Sinapi 4712"]
[4710,"PEDRA QUARTZITO OU CALCARIO LAMINADO, SERRADA, TIPO CARIRI, ITACOLOMI, LAGOA SANTA, LUMINARIA, PIRENOPOLIS, SAO TOME OU OUTRAS SIMILARES DA REGIAO, *20 X *40 CM, E=  *1,5 A *2,5 CM","M2    ","CR","293,00",null,293,"Sinapi 4710"]
[4746,"PEDREGULHO OU PICARRA DE JAZIDA, AO NATURAL, PARA BASE DE PAVIMENTACAO (RETIRADO NA JAZIDA, SEM TRANSPORTE)","M3    ","CR","80,81",null,80.81,"Sinapi 4746"]
[4750,"PEDREIRO","H     ","C ","16,48",null,16.48,"Sinapi 4750"]
[41065,"PEDREIRO (MENSALISTA)","MES   ","CR","2.939,34",null,2939.34,"Sinapi 41065"]
[34747,"PEITORIL EM MARMORE, POLIDO, BRANCO COMUM, L= *15* CM, E=  *2,0* CM, COM PINGADEIRA","M     ","CR","49,46",null,49.46,"Sinapi 34747"]
[4826,"PEITORIL EM MARMORE, POLIDO, BRANCO COMUM, L= *15* CM, E=  *3* CM, CORTE RETO","M     ","CR","53,18",null,53.18,"Sinapi 4826"]
[41975,"PEITORIL PRE-MOLDADO EM GRANILITE, MARMORITE OU GRANITINA, L = *15* CM","M2    ","CR","54,34",null,54.34,"Sinapi 41975"]
[4825,"PEITORIL/ SOLEIRA EM MARMORE, POLIDO, BRANCO COMUM, L= *25* CM, E=  *3* CM, CORTE RETO","M     ","CR","73,61",null,73.61,"Sinapi 4825"]
[34744,"PELICULA REFLETIVA, GT 7 ANOS PARA SINALIZACAO VERTICAL","M2    ","CR","26,50",null,26.5,"Sinapi 34744"]
[39430,"PENDURAL OU PRESILHA REGULADORA, EM ACO GALVANIZADO, COM CORPO, MOLA E REBITE, PARA PERFIL TIPO CANALETA DE ESTRUTURA EM FORROS DRYWALL","UN    ","CR","1,19",null,1.19,"Sinapi 39430"]
[39573,"PENDURAL OU REGULADOR, COM MOLA, EM ACO GALVANIZADO, PARA PERFIL TIPO T CLICADO DE FORROS REMOVIVEL","UN    ","CR","1,18",null,{"$f":"IF(E3657=\"\",\"\",E3657+0)","v":1.18},{"$f":"IF(G3657=\"\",\"\",CONCATENATE(\"Sinapi \",A3657))","v":"Sinapi 39573"}]
[38410,"PENEIRA ROTATIVA COM MOTOR ELETRICO TRIFASICO DE 2 CV, CILINDRO DE 1 M X 0,60 M, COM FUROS DE 3,17 MM","UN    ","CR","11.419,49",null,11419.49,"Sinapi 38410"]
[41596,"PERFIL \"H\" DE ACO LAMINADO, \"HP\" 250 X 62,0","KG    ","AS","6,21",null,6.21,"Sinapi 41596"]
[41598,"PERFIL \"H\" DE ACO LAMINADO, \"HP\" 310 X 79,0","KG    ","AS","6,21",null,6.21,"Sinapi 41598"]
[41594,"PERFIL \"H\" DE ACO LAMINADO, \"W\" 200 X 35,9","KG    ","AS","6,31",null,6.31,"Sinapi 41594"]
[4765,"PERFIL \"I\" DE ACO LAMINADO, \"I\" 102 X 12,7","M     ","AS","71,76",null,71.760000000000005,"Sinapi 4765"]
[10963,"PERFIL \"I\" DE ACO LAMINADO, \"I\" 203  X  34,3","M     ","AS","195,96",null,195.96,"Sinapi 10963"]
[34742,"PERFIL \"I\" DE ACO LAMINADO, \"W\" 250 X 32,7","KG    ","AS","5,70",null,5.7,"Sinapi 34742"]
[4773,"PERFIL \"I\" DE ACO LAMINADO, \"W\" 250 X 44,8","M     ","AS","247,36",null,247.36,"Sinapi 4773"]
[4774,"PERFIL \"I\" DE ACO LAMINADO, \"W\" 410 X 67","KG    ","AS","5,72",null,5.72,"Sinapi 4774"]
[43663,"PERFIL \"I\" DE ACO LAMINADO, ABAS INCLINADAS, \"I\" 102 X 12,7","KG    ","AS","5,20",null,5.2,"Sinapi 43663"]
[4766,"PERFIL \"I\" DE ACO LAMINADO, ABAS INCLINADAS, \"I\" 152 X 22","KG    ","AS","4,90",null,4.9000000000000004,"Sinapi 4766"]
[43664,"PERFIL \"I\" DE ACO LAMINADO, ABAS INCLINADAS, \"I\" 203 X 34,3","KG    ","AS","5,23",null,5.23,"Sinapi 43664"]
[43082,"PERFIL \"I\" DE ACO LAMINADO, ABAS PARALELAS, \"W\", QUALQUER BITOLA","KG    ","AS","5,70",null,5.7,"Sinapi 43082"]
[40313,"PERFIL \"I\" DE ACO LAMINADO, W 250 X 38,50","KG    ","AS","5,70",null,5.7,"Sinapi 40313"]
[13340,"PERFIL \"U\" CHAPA ACO DOBRADA,  E = 3,04 MM , H = 20 CM, ABAS = 5 CM (4,47 KG/M)","M     ","AS","24,18",null,24.18,"Sinapi 13340"]
[10965,"PERFIL \"U\" DE ACO LAMINADO, \"U\" 102 X 9,3","M     ","AS","51,58",null,51.58,"Sinapi 10965"]
[43665,"PERFIL \"U\" DE ACO LAMINADO, \"U\" 102 X 9,3","KG    ","AS","4,90",null,4.9000000000000004,"Sinapi 43665"]
[10966,"PERFIL \"U\" DE ACO LAMINADO, \"U\" 152 X 15,6","KG    ","AS","5,20",null,5.2,"Sinapi 10966"]
[43666,"PERFIL \"U\" EM CHAPA ACO DOBRADA, E = 3,04 MM, H = 20 CM, ABAS = 5 CM (4,47 KG/M)","JG    ","AS","5,20",null,5.2,"Sinapi 43666"]
[40537,"PERFIL \"U\" ENRIJECIDO DE  ACO GALVANIZADO, DOBRADO, 200 X 75 X 25 MM, E = 3,75 MM","KG    ","AS","6,30",null,6.3,"Sinapi 40537"]
[40536,"PERFIL \"U\" ENRIJECIDO DE ACO GALVANIZADO, DOBRADO, 150 X 60 X 20 MM, E = 3,00 MM","KG    ","AS","6,30",null,6.3,"Sinapi 40536"]
[43083,"PERFIL \"U\" ENRIJECIDO DE ACO GALVANIZADO, DOBRADO, 150 X 60 X 20 MM, E = 3,00 MM OU 200 X 75 X 25 MM, E = 3,75 MM","KG    ","AS","4,93",null,4.93,"Sinapi 43083"]
[40535,"PERFIL \"U\" SIMPLES DE ACO GALVANIZADO DOBRADO 75 X *40* MM, E = 2,65 MM","KG    ","AS","4,93",null,4.93,"Sinapi 40535"]
[39427,"PERFIL CANALETA, FORMATO C, EM ACO ZINCADO, PARA ESTRUTURA FORRO DRYWALL, E = 0,5 MM, *46 X 18* (L X H), COMPRIMENTO 3 M","M     ","CR","3,17",null,3.17,"Sinapi 39427"]
[39424,"PERFIL CANTONEIRA L, LISA, EM ACO, 25 X 30 MM, E = 0,5 MM, PARA ESTRUTURA DRYWALL","M     ","CR","1,89",null,1.89,"Sinapi 39424"]
[39425,"PERFIL CANTONEIRA L, PERFURADA, EM ACO, 23 X 23 MM, E = 0,5 MM, PARA ESTRUTURA DRYWALL","M     ","CR","1,86",null,1.86,"Sinapi 39425"]
[40664,"PERFIL CARTOLA DE ACO GALVANIZADO, *20 X 30 X 10* MM, E =  0,8 MM","KG    ","AS","10,13",null,10.130000000000001,"Sinapi 40664"]
[34360,"PERFIL DE ALUMINIO ANODIZADO","KG    ","AS","27,47",null,27.47,"Sinapi 34360"]
[20259,"PERFIL DE BORRACHA EPDM MACICO *12 X 15* MM PARA ESQUADRIAS","M     ","CR","8,00",null,8,"Sinapi 20259"]
[14077,"PERFIL ELASTOMERICO PRE-FORMADO EM EPMD, PARA JUNTA DE DILATACAO DE PISOS COM POUCA SOLICITACAO, 15 MM DE LARGURA, MOVIMENTACAO DE *11 A 19* MM","M     ","CR","122,44",null,122.44,"Sinapi 14077"]
[3678,"PERFIL ELASTOMERICO PRE-FORMADO EM EPMD, PARA JUNTA DE DILATACAO DE USO GERAL EM MEDIAS SOLICITACOES, 8 MM DE LARGURA, MOVIMENTACAO DE *5 A 11* MM","M     ","CR","55,34",null,55.34,"Sinapi 3678"]
[39418,"PERFIL GUIA, FORMATO U, EM ACO ZINCADO, PARA ESTRUTURA PAREDE DRYWALL, E = 0,5 MM, 48  X 3000 MM (L X C)","M     ","CR","3,54",null,3.54,"Sinapi 39418"]
[39419,"PERFIL GUIA, FORMATO U, EM ACO ZINCADO, PARA ESTRUTURA PAREDE DRYWALL, E = 0,5 MM, 70 X 3000 MM (L X C)","M     ","CR","4,32",null,4.32,"Sinapi 39419"]
[39420,"PERFIL GUIA, FORMATO U, EM ACO ZINCADO, PARA ESTRUTURA PAREDE DRYWALL, E = 0,5 MM, 90 X 3000 MM (L X C)","M     ","CR","4,76",null,4.76,"Sinapi 39420"]
[39571,"PERFIL LONGARINA (PRINCIPAL), T CLICADO, EM ACO, BRANCO, PARA FORRO REMOVIVEL, 24 X 3750 MM (L X C)","M     ","CR","2,88",null,2.88,"Sinapi 39571"]
[39421,"PERFIL MONTANTE, FORMATO C, EM ACO ZINCADO, PARA ESTRUTURA PAREDE DRYWALL, E = 0,5 MM, 48 X 3000 MM (L X C)","M     ","CR","4,19",null,4.1900000000000004,"Sinapi 39421"]
[39422,"PERFIL MONTANTE, FORMATO C, EM ACO ZINCADO, PARA ESTRUTURA PAREDE DRYWALL, E = 0,5 MM, 70 X 3000 MM (L X C)","M     ","C ","4,90",null,4.9000000000000004,"Sinapi 39422"]
[39423,"PERFIL MONTANTE, FORMATO C, EM ACO ZINCADO, PARA ESTRUTURA PAREDE DRYWALL, E = 0,5 MM, 90 X 3000 MM (L X C)","M     ","CR","5,69",null,5.69,"Sinapi 39423"]
[39426,"PERFIL RODAPE DE IMPERMEABILIZACAO, FORMATO L, EM ACO ZINCADO, PARA ESTRUTURA DRYWALL, E = 0,5 MM, 220 X 3000 MM (H X C)","M     ","CR","12,79",null,12.79,"Sinapi 39426"]
[39429,"PERFIL TABICA ABERTA, PERFURADA, FORMATO Z, EM ACO GALVANIZADO NATURAL, LARGURA APROXIMADA 40 MM, PARA ESTRUTURA FORRO DRYWALL","M     ","CR","4,03",null,4.03,"Sinapi 39429"]
[39428,"PERFIL TABICA FECHADA, LISA, FORMATO Z, EM ACO GALVANIZADO NATURAL, LARGURA TOTAL NA HORIZONTAL *40* MM, PARA ESTRUTURA FORRO DRYWALL","M     ","CR","3,08",null,3.08,"Sinapi 39428"]
[39572,"PERFIL TIPO CANTONEIRA EM L, EM ACO GALVANIZADO, BRANCO, PARA FORRO REMOVIVEL, *23* X 3000 MM (L X C)","M     ","CR","2,67",null,2.67,"Sinapi 39572"]
[39570,"PERFIL TRAVESSA (SECUNDARIO), T CLICADO, EM ACO GALVANIZADO , BRANCO, PARA FORRO REMOVIVEL, 24 X 1250 MM (L X C)","M     ","CR","2,83",null,2.83,"Sinapi 39570"]
[39569,"PERFIL TRAVESSA (SECUNDARIO), T CLICADO, EM ACO GALVANIZADO, BRANCO, PARA FORRO REMOVIVEL, 24 X 625 MM (L X C)","M     ","CR","2,79",null,2.79,"Sinapi 39569"]
[11552,"PERFIL U / CANALETA DE ALUMINIO, DE ABAS IGUAIS, 1/2\" (1,27 X 1,27 CM), PARA PORTA OU JANELA DE CORRER","M     ","CR","7,75",null,7.75,"Sinapi 11552"]
[40598,"PERFIL UDC (\"U\" DOBRADO DE CHAPA) SIMPLES DE ACO LAMINADO, GALVANIZADO, ASTM A36, 127 X 50 MM, E= 3 MM","KG    ","AS","4,81",null,4.8099999999999996,"Sinapi 40598"]
[39029,"PERFILADO PERFURADO DUPLO 38 X 76 MM, CHAPA 22","M     ","CR","9,03",null,9.0299999999999994,"Sinapi 39029"]
[39028,"PERFILADO PERFURADO SIMPLES 38 X 38 MM, CHAPA 22","M     ","CR","5,25",null,5.25,"Sinapi 39028"]
[39328,"PERFILADO PERFURADO 19 X 38 MM, CHAPA 22","M     ","CR","2,89",null,2.89,"Sinapi 39328"]
[38541,"PERFURATRIZ COM TORRE METALICA PARA EXECUCAO DE ESTACA HELICE CONTINUA, PROFUNDIDADE MAXIMA DE 30 M, DIAMETRO MAXIMO DE 800 MM, POTENCIA INSTALADA DE 268 HP, MESA ROTATIVA COM TORQUE MAXIMO DE 170 KNM","UN    ","AS","2.030.106,47",null,2030106.47,"Sinapi 38541"]
[38542,"PERFURATRIZ COM TORRE METALICA PARA EXECUCAO DE ESTACA HELICE CONTINUA, PROFUNDIDADE MAXIMA DE 32 M, DIAMETRO MAXIMO DE 1000 MM, POTENCIA INSTALADA DE 350 HP, MESA ROTATIVA COM TORQUE MAXIMO DE 263 KNM","UN    ","AS","3.156.733,92",null,3156733.92,"Sinapi 38542"]
[38543,"PERFURATRIZ HIDRAULICA COM TRADO CURTO ACOPLADO, PROFUNDIDADE MAXIMA DE 20 M, DIAMETRO MAXIMO DE 1500 MM, POTENCIA INSTALADA DE 137 HP, MESA ROTATIVA COM TORQUE MAXIMO DE 30 KNM (INCLUI MONTAGEM, NAO INCLUI CAMINHAO)","UN    ","AS","772.855,57",null,772855.57,"Sinapi 38543"]
[40406,"PERFURATRIZ MANUAL, TORQUE MAXIMO 55 KGF.M, POTENCIA 5 CV, COM DIAMETRO MAXIMO 8 1/2\" (INCLUI SUPORTE/CHASSI TIPO MESA)","UN    ","CR","41.750,23",null,41750.230000000003,"Sinapi 40406"]
[40789,"PERFURATRIZ MANUAL, TORQUE MAXIMO 83 N.M, POTENCIA 5 CV, COM DIAMETRO MAXIMO 4\" (NAO INCLUI SUPORTE / CHASSI)","UN    ","CR","6.016,63",null,6016.63,"Sinapi 40789"]
[40791,"PERFURATRIZ MANUAL, TORQUE MAXIMO 83 N.M, POTENCIA 5 CV, COM DIAMETRO MAXIMO 4\", PARA SOLO GRAMPEADO (INCLUI SUPORTE OU CHASSI TIPO MESA)","UN    ","CR","18.834,69",null,18834.689999999999,"Sinapi 40791"]
[11651,"PERFURATRIZ PNEUMATICA MANUAL DE PESO MEDIO, 18KG, COMPRIMENTO DE CURSO DE 6 M, DIAMETRO DO PISTAO DE 5,5 CM","UN    ","CR","10.300,96",null,10300.959999999999,"Sinapi 11651"]
[42002,"PERFURATRIZ ROTATIVA SOBRE ESTEIRA, TORQUE MAXIMO 2500 KGM, POTENCIA 110 HP, MOTOR DIESEL  (COLETADO CAIXA)","UN    ","AS","661.931,74",null,661931.74,"Sinapi 42002"]
[40435,"PERFURATRIZ SOBRE ESTEIRA, TORQUE MAXIMO DE 600 KGF, POTENCIA ENTRE 50 E 60 HP, DIAMETRO MAXIMO DE 10\"","UN    ","AS","423.982,02",null,423982.02,"Sinapi 40435"]
[39012,"PERFURATRIZ SOBRE ESTEIRA, TORQUE MAXIMO 600 KGF, PESO MEDIO 1000 KG, POTENCIA 20 HP, DIAMETRO MAXIMO 10\"","UN    ","AS","442.366,63",null,442366.63,"Sinapi 39012"]
[13617,"PICAPE CABINE SIMPLES COM MOTOR 1.6 FLEX, CAMBIO MANUAL, POTENCIA 101/104 CV, 2 PORTAS","UN    ","CR","46.194,01",null,46194.01,"Sinapi 13617"]
[5327,"PIGMENTO EM PO PARA ARGAMASSAS, CIMENTOS E OUTROS","KG    ","CR","26,54",null,26.54,"Sinapi 5327"]
[35274,"PILAR DE MADEIRA NAO APARELHADA *10 X 10* CM, MACARANDUBA, ANGELIM OU EQUIVALENTE DA REGIAO","M     ","CR","37,96",null,37.96,"Sinapi 35274"]
[35275,"PILAR DE MADEIRA NAO APARELHADA *15 X 15* CM, MACARANDUBA, ANGELIM OU EQUIVALENTE DA REGIAO","M     ","CR","81,06",null,81.06,"Sinapi 35275"]
[35276,"PILAR DE MADEIRA NAO APARELHADA *20 X 20* CM, MACARANDUBA, ANGELIM OU EQUIVALENTE DA REGIAO","M     ","CR","132,54",null,{"$f":"IF(E3721=\"\",\"\",E3721+0)","v":132.54},{"$f":"IF(G3721=\"\",\"\",CONCATENATE(\"Sinapi \",A3721))","v":"Sinapi 35276"}]
[38386,"PINCEL CHATO (TRINCHA) CERDAS GRIS 1.1/2 \" (38 MM)","UN    ","CR","4,03",null,4.03,"Sinapi 38386"]
[11091,"PINGADEIRA PLASTICA PARA TELHA DE FIBROCIMENTO CANALETE 49/KALHETA OU CANALETE 90/KALHETAO","UN    ","CR","1,00",null,1,"Sinapi 11091"]
[37586,"PINO DE ACO COM ARRUELA CONICA, DIAMETRO ARRUELA = *23* MM E COMP HASTE = *27* MM (ACAO INDIRETA)","CENTO ","AS","32,42",null,32.42,"Sinapi 37586"]
[37395,"PINO DE ACO COM FURO, HASTE = 27 MM (ACAO DIRETA)","CENTO ","AS","27,87",null,27.87,"Sinapi 37395"]
[14147,"PINO DE ACO COM ROSCA 1/4 \", COMPRIMENTO DA HASTE = 30 MM E ROSCA = 20 MM (ACAO DIRETA)","CENTO ","AS","36,97",null,36.97,"Sinapi 14147"]
[37396,"PINO DE ACO LISO 1/4 \", HASTE = *36,5* MM (ACAO DIRETA)","CENTO ","AS","22,81",null,22.81,"Sinapi 37396"]
[37397,"PINO DE ACO LISO 1/4 \", HASTE = *53* MM (ACAO DIRETA)","CENTO ","AS","23,89",null,23.89,"Sinapi 37397"]
[11559,"PINO GUIA, RETO, COM CHAPA DE LATAO CROMADO, 3/4\", PARA PORTA / JANELA DE CORRER","UN    ","CR","3,56",null,3.56,"Sinapi 11559"]
[444,"PINO ROSCA EXTERNA, EM ACO GALVANIZADO, PARA ISOLADOR DE 15KV, DIAMETRO 25 MM, COMPRIMENTO *290* MM","UN    ","AS","17,92",null,17.920000000000002,"Sinapi 444"]
[445,"PINO ROSCA EXTERNA, EM ACO GALVANIZADO, PARA ISOLADOR DE 25KV, DIAMETRO 35MM, COMPRIMENTO *320* MM","UN    ","AS","24,52",null,24.52,"Sinapi 445"]
[4783,"PINTOR","H     ","C ","16,48",null,16.48,"Sinapi 4783"]
[41079,"PINTOR (MENSALISTA)","MES   ","CR","2.939,34",null,2939.34,"Sinapi 41079"]
[12874,"PINTOR DE LETREIROS","H     ","CR","17,78",null,17.78,"Sinapi 12874"]
[41082,"PINTOR DE LETREIROS (MENSALISTA)","MES   ","CR","3.172,33",null,3172.33,"Sinapi 41082"]
[4785,"PINTOR PARA TINTA EPOXI","H     ","CR","17,72",null,17.72,"Sinapi 4785"]
[41081,"PINTOR PARA TINTA EPOXI (MENSALISTA)","MES   ","CR","3.161,57",null,3161.57,"Sinapi 41081"]
[4801,"PISO DE BORRACHA CANELADO EM PLACAS 50 X 50 CM, E = *3,5* MM, PARA COLA","M2    ","CR","53,36",null,53.36,"Sinapi 4801"]
[4794,"PISO DE BORRACHA ESPORTIVO EM PLACAS 50 X 50 CM, E = 15 MM, PARA ARGAMASSA, PRETO","M2    ","CR","243,05",null,243.05,"Sinapi 4794"]
[4796,"PISO DE BORRACHA FRISADO OU PASTILHADO, PRETO, EM PLACAS 50 X 50 CM, E = 7 MM, PARA ARGAMASSA","M2    ","CR","147,62",null,147.62,"Sinapi 4796"]
[4800,"PISO DE BORRACHA PASTILHADO EM PLACAS 50 X 50 CM, E = *3,5* MM, PARA COLA, PRETO","M2    ","CR","40,59",null,40.590000000000003,"Sinapi 4800"]
[4795,"PISO DE BORRACHA PASTILHADO EM PLACAS 50 X 50 CM, E = 15 MM, PARA ARGAMASSA, PRETO","M2    ","CR","236,60",null,236.6,"Sinapi 4795"]
[39694,"PISO ELEVADO COM 2 PLACAS DE ACO COM ENCHIMENTO DE CONCRETO CELULAR, INCLUSO BASE/HASTE/CRUZETAS, 60 X 60 CM, H = *28* CM, RESISTENCIA CARGA CONCENTRADA 496 KG (COM COLOCACAO)","M2    ","CR","188,48",null,188.48,"Sinapi 39694"]
[1292,"PISO EM CERAMICA ESMALTADA EXTRA, PEI MAIOR OU IGUAL A 4, FORMATO MAIOR QUE 2025 CM2","M2    ","CR","34,83",null,34.83,"Sinapi 1292"]
[1287,"PISO EM CERAMICA ESMALTADA EXTRA, PEI MAIOR OU IGUAL A 4, FORMATO MENOR OU IGUAL A 2025 CM2","M2    ","C ","17,09",null,17.09,"Sinapi 1287"]
[1297,"PISO EM CERAMICA ESMALTADA, COMERCIAL (PADRAO POPULAR), PEI MAIOR OU IGUAL A 3, FORMATO MENOR OU IGUAL A  2025 CM2","M2    ","CR","14,17",null,14.17,"Sinapi 1297"]
[4786,"PISO EM GRANILITE, MARMORITE OU GRANITINA, AGREGADO COR PRETO, CINZA, PALHA OU BRANCO, E=  *8* MM (INCLUSO EXECUCAO)","M2    ","C ","62,50",null,62.5,"Sinapi 4786"]
[10840,"PISO EM GRANITO, POLIDO, TIPO AMENDOA/ AMARELO CAPRI/ AMARELO DOURADO CARIOCA OU OUTROS EQUIVALENTES DA REGIAO, FORMATO MENOR OU IGUAL A 3025 CM2, E=  *2* CM","M2    ","C ","330,00",null,330,"Sinapi 10840"]
[10841,"PISO EM GRANITO, POLIDO, TIPO ANDORINHA/ QUARTZ/ CASTELO/ CORUMBA OU OUTROS EQUIVALENTES DA REGIAO, FORMATO MENOR OU IGUAL A 3025 CM2, E=  *2* CM","M2    ","CR","249,05",null,249.05,"Sinapi 10841"]
[25980,"PISO EM GRANITO, POLIDO, TIPO MARFIM, DALLAS, CARAVELAS OU OUTROS EQUIVALENTES DA REGIAO, FORMATO MENOR OU IGUAL A 3025 CM2, E=  *2* CM","M2    ","CR","318,23",null,318.23,"Sinapi 25980"]
[10842,"PISO EM GRANITO, POLIDO, TIPO PRETO SAO GABRIEL/ TIJUCA OU OUTROS EQUIVALENTES DA REGIAO, FORMATO MENOR OU IGUAL A 3025 CM2, E=  *2* CM","M2    ","CR","359,74",null,359.74,"Sinapi 10842"]
[21108,"PISO EM PORCELANATO RETIFICADO EXTRA, FORMATO MENOR OU IGUAL A 2025 CM2","M2    ","CR","46,43",null,46.43,"Sinapi 21108"]
[38180,"PISO EM REGUA VINILICA SEMIFLEXIVEL, ENCAIXE CLICADO, E = 4 MM (SEM COLOCACAO)","M2    ","CR","118,86",null,118.86,"Sinapi 38180"]
[40648,"PISO EPOXI AUTONIVELANTE, ESPESSURA *4* MM (INCLUSO EXECUCAO)","M2    ","CR","120,00",null,120,"Sinapi 40648"]
[40649,"PISO EPOXI MULTILAYER, ESPESSURA *2* MM (INCLUSO EXECUCAO)","M2    ","CR","69,90",null,69.900000000000006,"Sinapi 40649"]
[40650,"PISO FULGET (GRANITO LAVADO) EM PLACAS DE *40 X 40* CM (SEM COLOCACAO)","M2    ","CR","90,00",null,90,"Sinapi 40650"]
[40651,"PISO FULGET (GRANITO LAVADO) EM PLACAS DE *75 X 75* CM (SEM COLOCACAO)","M2    ","CR","166,00",null,166,"Sinapi 40651"]
[40652,"PISO FULGET (GRANITO LAVADO) MOLDADO IN LOCO (INCLUSO EXECUCAO)","M2    ","CR","89,00",null,89,"Sinapi 40652"]
[40647,"PISO INDUSTRIAL EM CONCRETO ARMADO DE ACABAMENTO POLIDO, ESPESSURA 12 CM (CIMENTO QUEIMADO) (INCLUSO EXECUCAO)","M2    ","CR","98,00",null,98,"Sinapi 40647"]
[40653,"PISO KORODUR (INCLUSO EXECUCAO)","M2    ","CR","75,00",null,75,"Sinapi 40653"]
[36178,"PISO PODOTATIL DE CONCRETO - DIRECIONAL E ALERTA, *40 X 40 X 2,5* CM","UN    ","CR","7,72",null,7.72,"Sinapi 36178"]
[38195,"PISO PORCELANATO, BORDA RETA, EXTRA, FORMATO MAIOR QUE 2025 CM2","M2    ","CR","54,84",null,54.84,"Sinapi 38195"]
[38181,"PISO TATIL ALERTA OU DIRECIONAL, DE BORRACHA, COLORIDO, 25 X 25 CM, E = 5 MM, PARA COLA","M2    ","CR","162,25",null,162.25,"Sinapi 38181"]
[38182,"PISO TATIL DE ALERTA OU DIRECIONAL DE BORRACHA, PRETO, 25 X 25 CM, E = 5 MM, PARA COLA","M2    ","CR","154,55",null,154.55000000000001,"Sinapi 38182"]
[38186,"PISO TATIL DE ALERTA OU DIRECIONAL, DE BORRACHA, COLORIDO, 25 X 25 CM, E = 12 MM, PARA ARGAMASSA","M2    ","CR","401,75",null,401.75,"Sinapi 38186"]
[38185,"PISO TATIL DE ALERTA OU DIRECIONAL, DE BORRACHA, PRETO, 25 X 25 CM, E = 12 MM, PARA ARGAMASSA","M2    ","CR","357,69",null,357.69,"Sinapi 38185"]
[40654,"PISO URETANO, VERSAO REVESTIMENTO AUTONIVELANTE, ESPESSURA VARIÁVEL DE 3 A 4 MM (INCLUSO EXECUCAO)","M2    ","CR","116,50",null,116.5,"Sinapi 40654"]
[25981,"PISO/ REVESTIMENTO EM GRANITO, POLIDO, TIPO ANDORINHA/ QUARTZ/ CASTELO/ CORUMBA OU OUTROS EQUIVALENTES DA REGIAO, FORMATO MAIOR OU IGUAL A 3025 CM2, E = *2* CM","M2    ","CR","262,89",null,262.89,"Sinapi 25981"]
[4822,"PISO/ REVESTIMENTO EM MARMORE, POLIDO, BRANCO COMUM, FORMATO MAIOR OU IGUAL A 3025 CM2, E = *2* CM","M2    ","CR","203,77",null,203.77,"Sinapi 4822"]
[4818,"PISO/ REVESTIMENTO EM MARMORE, POLIDO, BRANCO COMUM, FORMATO MENOR OU IGUAL A 3025 CM2, E = *2* CM","M2    ","C ","209,45",null,209.45,"Sinapi 4818"]
[39567,"PLACA / CHAPA DE GESSO ACARTONADO, ACABAMENTO VINILICO LISO EM UMA DAS FACES, COR BRANCA, BORDA QUADRADA, E = 9,5 MM, 625 X 1250 MM (L X C), PARA FORRO REMOVIVEL","M2    ","CR","50,27",null,50.27,"Sinapi 39567"]
[39566,"PLACA / CHAPA DE GESSO ACARTONADO, ACABAMENTO VINILICO LISO EM UMA DAS FACES, COR BRANCA, BORDA QUADRADA, E = 9,5 MM, 625 X 625 MM (L X C), PARA FORRO REMOVIVEL","M2    ","CR","58,06",null,58.06,"Sinapi 39566"]
[11062,"PLACA CIMENTICIA LISA E = 10 MM, DE 1,20 X 3,00 M (SEM AMIANTO)","M2    ","CR","37,74",null,37.74,"Sinapi 11062"]
[11063,"PLACA CIMENTICIA LISA E = 6 MM, DE 1,20 X 3,00 M (SEM AMIANTO)","M2    ","CR","36,54",null,36.54,"Sinapi 11063"]
[13521,"PLACA DE ACO ESMALTADA PARA  IDENTIFICACAO DE RUA, *45 CM X 20* CM","UN    ","CR","94,05",null,94.05,"Sinapi 13521"]
[10851,"PLACA DE ACRILICO TRANSPARENTE ADESIVADA PARA SINALIZACAO DE PORTAS, BORDA POLIDA, DE *25 X 8*, E = 6 MM (NAO INCLUI ACESSORIOS PARA FIXACAO)","UN    ","AS","43,79",null,43.79,"Sinapi 10851"]
[39515,"PLACA DE FIBRA MINERAL PARA FORRO, DE 1250 X 625 MM, E = 15 MM, BORDA RETA, COM PINTURA ANTIMOFO (NAO INCLUI PERFIS)","UN    ","AS","34,31",null,34.31,"Sinapi 39515"]
[39516,"PLACA DE FIBRA MINERAL PARA FORRO, DE 625 X 625 MM, E = 15 MM, BORDA REBAIXADA PARA PERFIL 24 MM, COM PINTURA ANTIMOFO (NAO INCLUI PERFIS)","UN    ","AS","28,93",null,28.93,"Sinapi 39516"]
[39514,"PLACA DE FIBRA MINERAL PARA FORRO, DE 625 X 625 MM, E = 15 MM, BORDA RETA, COM PINTURA ANTIMOFO (NAO INCLUI PERFIS)","UN    ","AS","18,00",null,18,"Sinapi 39514"]
[4812,"PLACA DE GESSO PARA FORRO, DE  *60 X 60* CM E ESPESSURA DE 12 MM (30 MM NAS BORDAS) SEM COLOCACAO","M2    ","C ","13,89",null,13.89,"Sinapi 4812"]
[10849,"PLACA DE INAUGURACAO EM BRONZE *35X 50*CM","UN    ","CR","1.368,01",null,1368.01,"Sinapi 10849"]
[10848,"PLACA DE INAUGURACAO METALICA, *40* CM X *60* CM","UN    ","CR","859,28",null,859.28,"Sinapi 10848"]
[4813,"PLACA DE OBRA (PARA CONSTRUCAO CIVIL) EM CHAPA GALVANIZADA *N. 22*, ADESIVADA, DE *2,0 X 1,125* M","M2    ","C ","285,00",null,285,"Sinapi 4813"]
[37560,"PLACA DE SINALIZACAO DE SEGURANCA CONTRA INCENDIO - ALERTA, TRIANGULAR, BASE DE *30* CM, EM PVC *2* MM ANTI-CHAMAS (SIMBOLOS, CORES E PICTOGRAMAS CONFORME NBR 13434)","UN    ","CR","49,21",null,49.21,"Sinapi 37560"]
[37557,"PLACA DE SINALIZACAO DE SEGURANCA CONTRA INCENDIO, FOTOLUMINESCENTE, QUADRADA, *14 X 14* CM, EM PVC *2* MM ANTI-CHAMAS (SIMBOLOS, CORES E PICTOGRAMAS CONFORME NBR 13434)","UN    ","CR","14,94",null,{"$f":"IF(E3785=\"\",\"\",E3785+0)","v":14.94},{"$f":"IF(G3785=\"\",\"\",CONCATENATE(\"Sinapi \",A3785))","v":"Sinapi 37557"}]
[37556,"PLACA DE SINALIZACAO DE SEGURANCA CONTRA INCENDIO, FOTOLUMINESCENTE, QUADRADA, *20 X 20* CM, EM PVC *2* MM ANTI-CHAMAS (SIMBOLOS, CORES E PICTOGRAMAS CONFORME NBR 13434)","UN    ","CR","28,91",null,28.91,"Sinapi 37556"]
[37559,"PLACA DE SINALIZACAO DE SEGURANCA CONTRA INCENDIO, FOTOLUMINESCENTE, RETANGULAR, *12 X 40* CM, EM PVC *2* MM ANTI-CHAMAS (SIMBOLOS, CORES E PICTOGRAMAS CONFORME NBR 13434)","UN    ","CR","35,47",null,35.47,"Sinapi 37559"]
[37539,"PLACA DE SINALIZACAO DE SEGURANCA CONTRA INCENDIO, FOTOLUMINESCENTE, RETANGULAR, *13 X 26* CM, EM PVC *2* MM ANTI-CHAMAS (SIMBOLOS, CORES E PICTOGRAMAS CONFORME NBR 13434)","UN    ","C ","25,00",null,25,"Sinapi 37539"]
[37558,"PLACA DE SINALIZACAO DE SEGURANCA CONTRA INCENDIO, FOTOLUMINESCENTE, RETANGULAR, *20 X 40* CM, EM PVC *2* MM ANTI-CHAMAS (SIMBOLOS, CORES E PICTOGRAMAS CONFORME NBR 13434)","UN    ","CR","46,61",null,46.61,"Sinapi 37558"]
[34723,"PLACA DE SINALIZACAO EM CHAPA DE ACO NUM 16 COM PINTURA REFLETIVA","M2    ","CR","658,35",null,658.35,"Sinapi 34723"]
[34721,"PLACA DE SINALIZACAO EM CHAPA DE ALUMINIO COM PINTURA REFLETIVA, E = 2 MM","M2    ","CR","820,80",null,820.8,"Sinapi 34721"]
[4309,"PLACA DE VENTILACAO PARA TELHA DE FIBROCIMENTO CANALETE 49 KALHETA","UN    ","CR","4,49",null,4.49,"Sinapi 4309"]
[4307,"PLACA DE VENTILACAO PARA TELHA DE FIBROCIMENTO, CANALETE 90 OU KALHETAO","UN    ","CR","7,67",null,7.67,"Sinapi 4307"]
[10850,"PLACA NUMERACAO RESIDENCIAL EM CHAPA GALVANIZADA ESMALTADA 12 X 18 CM","UN    ","CR","42,75",null,42.75,"Sinapi 10850"]
[42438,"PLACA ORIENTATIVA SOBRE EXERCÍCIOS, 2,00M X 1,00M, EM TUBO DE ACO CARBONO, PINTURA NO PROCESSO ELETROSTATICO - PARA ACADEMIA AO AR LIVRE / ACADEMIA DA TERCEIRA IDADE - ATI","UN    ","AS","1.187,61",null,1187.6099999999999,"Sinapi 42438"]
[4792,"PLACA VINILICA SEMIFLEXIVEL PARA PISOS, E = 3,2 MM, 30 X 30 CM (SEM COLOCACAO)","M2    ","CR","114,09",null,114.09,"Sinapi 4792"]
[4790,"PLACA VINILICA SEMIFLEXIVEL PARA REVESTIMENTO DE PISOS E PAREDES, E = 2 MM (SEM COLOCACAO)","M2    ","C ","68,60",null,68.599999999999994,"Sinapi 4790"]
[40671,"PLACA/PISO DE CONCRETO POROSO/ PAVIMENTO PERMEAVEL/BLOCO DRENANTE DE CONCRETO, 40 CM X 40 CM, E = 6 CM, COR NATURAL","M2    ","CR","44,05",null,44.05,"Sinapi 40671"]
[7552,"PLACA/TAMPA CEGA EM LATAO ESCOVADO PARA CONDULETE EM LIGA DE ALUMINIO 4 X 4\"","UN    ","AS","23,12",null,23.12,"Sinapi 7552"]
[4893,"PLUG OU BUJAO DE FERRO GALVANIZADO, DE 1 1/2\"","UN    ","CR","7,47",null,7.47,"Sinapi 4893"]
[4894,"PLUG OU BUJAO DE FERRO GALVANIZADO, DE 1 1/4\"","UN    ","CR","6,40",null,6.4,"Sinapi 4894"]
[4888,"PLUG OU BUJAO DE FERRO GALVANIZADO, DE 1/2\"","UN    ","CR","2,18",null,2.1800000000000002,"Sinapi 4888"]
[4890,"PLUG OU BUJAO DE FERRO GALVANIZADO, DE 1\"","UN    ","CR","4,10",null,4.0999999999999996,"Sinapi 4890"]
[12411,"PLUG OU BUJAO DE FERRO GALVANIZADO, DE 2 1/2\"","UN    ","CR","22,08",null,22.08,"Sinapi 12411"]
[4891,"PLUG OU BUJAO DE FERRO GALVANIZADO, DE 2\"","UN    ","CR","11,04",null,11.04,"Sinapi 4891"]
[4889,"PLUG OU BUJAO DE FERRO GALVANIZADO, DE 3/4\"","UN    ","CR","2,95",null,2.95,"Sinapi 4889"]
[4892,"PLUG OU BUJAO DE FERRO GALVANIZADO, DE 3\"","UN    ","CR","30,92",null,30.92,"Sinapi 4892"]
[12412,"PLUG OU BUJAO DE FERRO GALVANIZADO, DE 4\"","UN    ","CR","57,46",null,57.46,"Sinapi 12412"]
[11073,"PLUG PVC P/ ESG PREDIAL  75MM","UN    ","CR","3,46",null,3.46,"Sinapi 11073"]
[11071,"PLUG PVC P/ ESG PREDIAL 100MM","UN    ","CR","5,60",null,5.6,"Sinapi 11071"]
[11072,"PLUG PVC P/ ESG PREDIAL 50MM","UN    ","CR","1,95",null,1.95,"Sinapi 11072"]
[4895,"PLUG PVC ROSCAVEL,  1/2\",  AGUA FRIA PREDIAL (NBR 5648)","UN    ","CR","0,40",null,0.4,"Sinapi 4895"]
[4907,"PLUG PVC,  JE, DN 100 MM, PARA REDE COLETORA ESGOTO (NBR 10569)","UN    ","AS","17,64",null,17.64,"Sinapi 4907"]
[4902,"PLUG PVC, JE, DN 150 MM, PARA REDE COLETORA ESGOTO (NBR 10569)","UN    ","AS","39,93",null,39.93,"Sinapi 4902"]
[4908,"PLUG PVC, JE, DN 200 MM, PARA REDE COLETORA ESGOTO (NBR 10569)","UN    ","AS","81,08",null,81.08,"Sinapi 4908"]
[4909,"PLUG PVC, JE, DN 250 MM, PARA REDE COLETORA ESGOTO (NBR 10569)","UN    ","AS","156,59",null,156.59,"Sinapi 4909"]
[4903,"PLUG PVC, JE, DN 350 MM, PARA REDE COLETORA ESGOTO (NBR 10569)","UN    ","AS","460,43",null,460.43,"Sinapi 4903"]
[4897,"PLUG PVC, ROSCAVEL 1\", PARA AGUA FRIA PREDIAL","UN    ","CR","1,71",null,1.71,"Sinapi 4897"]
[4896,"PLUG PVC, ROSCAVEL 3/4\", PARA  AGUA FRIA PREDIAL","UN    ","CR","0,61",null,0.61,"Sinapi 4896"]
[4900,"PLUG PVC, ROSCAVEL, 1 1/2\",  AGUA FRIA PREDIAL","UN    ","CR","5,10",null,5.0999999999999996,"Sinapi 4900"]
[4898,"PLUG PVC, ROSCAVEL, 1 1/4\",  AGUA FRIA PREDIAL","UN    ","CR","1,90",null,1.9,"Sinapi 4898"]
[4899,"PLUG PVC, ROSCAVEL, 2\",  AGUA FRIA PREDIAL","UN    ","CR","7,00",null,7,"Sinapi 4899"]
[11096,"PO DE MARMORE (POSTO PEDREIRA/FORNECEDOR, SEM FRETE)","KG    ","CR","0,42",null,0.42,"Sinapi 11096"]
[4741,"PO DE PEDRA (POSTO PEDREIRA/FORNECEDOR, SEM FRETE)","M3    ","CR","79,55",null,79.55,"Sinapi 4741"]
[4752,"POCEIRO / ESCAVADOR DE VALAS E TUBULOES","H     ","CR","11,01",null,11.01,"Sinapi 4752"]
[41091,"POCEIRO / ESCAVADOR DE VALAS E TUBULOES (MENSALISTA)","MES   ","CR","1.964,50",null,1964.5,"Sinapi 41091"]
[13954,"POLIDORA DE PISO (POLITRIZ) ELETRICA, MOTOR MONOFASICO DE 4 HP, PESO DE 100 KG, DIAMETRO DO TRABALHO DE 450 MM","UN    ","AS","5.606,14",null,5606.14,"Sinapi 13954"]
[3411,"POLIESTIRENO EXPANDIDO/EPS (ISOPOR), PEROLAS, PARA CONCRETO LEVE","KG    ","AS","38,43",null,38.43,"Sinapi 3411"]
[39995,"POLIESTIRENO EXPANDIDO/EPS (ISOPOR), TIPO 2F, BLOCO","M3    ","AS","295,65",null,295.64999999999998,"Sinapi 39995"]
[11615,"POLIESTIRENO EXPANDIDO/EPS (ISOPOR), TIPO 2F, PLACA, ISOLAMENTO TERMOACUSTICO, E = 10 MM, 1000 X 500 MM","M2    ","AS","2,50",null,2.5,"Sinapi 11615"]
[3408,"POLIESTIRENO EXPANDIDO/EPS (ISOPOR), TIPO 2F, PLACA, ISOLAMENTO TERMOACUSTICO, E = 20 MM, 1000 X 500 MM","M2    ","AS","6,66",null,6.66,"Sinapi 3408"]
[3409,"POLIESTIRENO EXPANDIDO/EPS (ISOPOR), TIPO 2F, PLACA, ISOLAMENTO TERMOACUSTICO, E = 50 MM, 1000 X 500 MM","M2    ","AS","16,65",null,16.649999999999999,"Sinapi 3409"]
[11427,"POLVORA NEGRA","KG    ","AS","76,66",null,76.66,"Sinapi 11427"]
[4491,"PONTALETE DE MADEIRA NAO APARELHADA *7,5 X 7,5* CM (3 X 3 \") PINUS, MISTA OU EQUIVALENTE DA REGIAO","M     ","CR","3,46",null,3.46,"Sinapi 4491"]
[26022,"PONTEIRO PARA MARTELO ROMPEDOR, DIAMETRO = *28* MM, COMPRIMENTO = *520* MM, ENCAIXE SEXTAVADO","UN    ","CR","209,19",null,209.19,"Sinapi 26022"]
[421,"PORCA OLHAL EM ACO GALVANIZADO, DIAMETRO NOMINAL DE 16 MM","UN    ","AS","10,85",null,10.85,"Sinapi 421"]
[12362,"PORCA OLHAL EM ACO GALVANIZADO, ESPESSURA 16MM, ABERTURA 21MM","UN    ","AS","9,73",null,9.73,"Sinapi 12362"]
[14148,"PORCA UNIAO/JUNCAO ZINCADA SEXTAVADA 1/4 \", CHAVE 7/16 \", COMPRIMENTO = 25 MM","UN    ","AS","0,62",null,0.62,"Sinapi 14148"]
[4341,"PORCA ZINCADA, QUADRADA, DIAMETRO 3/8\"","UN    ","CR","0,75",null,0.75,"Sinapi 4341"]
[4337,"PORCA ZINCADA, QUADRADA, DIAMETRO 5/8\"","UN    ","CR","1,90",null,1.9,"Sinapi 4337"]
[4339,"PORCA ZINCADA, SEXTAVADA, DIAMETRO 1/2\"","UN    ","CR","0,40",null,0.4,"Sinapi 4339"]
[39997,"PORCA ZINCADA, SEXTAVADA, DIAMETRO 1/4\"","UN    ","CR","0,22",null,0.22,"Sinapi 39997"]
[11971,"PORCA ZINCADA, SEXTAVADA, DIAMETRO 1\"","UN    ","CR","3,14",null,3.14,"Sinapi 11971"]
[4342,"PORCA ZINCADA, SEXTAVADA, DIAMETRO 3/8\"","UN    ","CR","0,16",null,0.16,"Sinapi 4342"]
[4330,"PORCA ZINCADA, SEXTAVADA, DIAMETRO 5/16\"","UN    ","CR","0,11",null,0.11,"Sinapi 4330"]
[4340,"PORCA ZINCADA, SEXTAVADA, DIAMETRO 5/8\"","UN    ","CR","0,88",null,0.88,"Sinapi 4340"]
[5088,"PORTA CADEADO,  3 1/2\", EM ACO ZINCADO, PRETO, PARA PORTAO E JANELA","UN    ","CR","2,28",null,2.2799999999999998,"Sinapi 5088"]
[11154,"PORTA CORTA-FOGO PARA SAIDA DE EMERGENCIA, COM FECHADURA, VAO LUZ DE 90 X 210 CM, CLASSE P-90 (NBR 11742)","UN    ","CR","667,13",null,667.13,"Sinapi 11154"]
[39021,"PORTA DE ABRIR EM ACO COM DIVISAO HORIZONTAL  PARA VIDROS, COM FUNDO ANTICORROSIVO/PRIMER DE PROTECAO, SEM GUARNICAO/ALIZAR/VISTA, VIDROS NAO INCLUSOS, 87 X 210 CM","UN    ","CR","300,07",null,{"$f":"IF(E3849=\"\",\"\",E3849+0)","v":300.07},{"$f":"IF(G3849=\"\",\"\",CONCATENATE(\"Sinapi \",A3849))","v":"Sinapi 39021"}]
[39022,"PORTA DE ABRIR EM ACO TIPO VENEZIANA, COM FUNDO ANTICORROSIVO / PRIMER DE PROTECAO, SEM GUARNICAO/ALIZAR/VISTA, 87 X 210 CM","UN    ","C ","371,10",null,371.1,"Sinapi 39022"]
[39024,"PORTA DE ABRIR EM ALUMINIO COM DIVISAO HORIZONTAL  PARA VIDROS,  ACABAMENTO ANODIZADO NATURAL, VIDROS INCLUSOS, SEM GUARNICAO/ALIZAR/VISTA , 87 X 210 CM","UN    ","AS","562,91",null,562.91,"Sinapi 39024"]
[4914,"PORTA DE ABRIR EM ALUMINIO COM LAMBRI HORIZONTAL/LAMINADA, ACABAMENTO ANODIZADO NATURAL, SEM GUARNICAO/ALIZAR/VISTA","M2    ","AS","456,42",null,456.42,"Sinapi 4914"]
[4917,"PORTA DE ABRIR EM ALUMINIO TIPO VENEZIANA, ACABAMENTO ANODIZADO NATURAL, SEM GUARNICAO/ALIZAR/VISTA","M2    ","AS","315,21",null,315.20999999999998,"Sinapi 4917"]
[39025,"PORTA DE ABRIR EM ALUMINIO TIPO VENEZIANA, ACABAMENTO ANODIZADO NATURAL, SEM GUARNICAO/ALIZAR/VISTA, 87 X 210 CM","UN    ","AS","577,21",null,577.21,"Sinapi 39025"]
[4930,"PORTA DE ABRIR EM GRADIL COM BARRA CHATA 3 CM X 1/4\", COM REQUADRO E GUARNICAO - COMPLETO - ACABAMENTO NATURAL","M2    ","CR","322,49",null,322.49,"Sinapi 4930"]
[4922,"PORTA DE CORRER EM ALUMINIO, DUAS FOLHAS MOVEIS COM VIDRO, FECHADURA E PUXADOR EMBUTIDO, ACABAMENTO ANODIZADO NATURAL, SEM GUARNICAO/ALIZAR/VISTA","M2    ","AS","292,38",null,292.38,"Sinapi 4922"]
[4911,"PORTA DE ENROLAR MANUAL COMPLETA, ARTICULADA RAIADA LARGA, EM ACO GALVANIZADO NATURAL, CHAPA NUMERO 24 (SEM INSTALACAO)","M2    ","CR","184,52",null,184.52,"Sinapi 4911"]
[37518,"PORTA DE ENROLAR MANUAL COMPLETA, PERFIL MEIA CANA CEGA, EM ACO GALVANIZADO COM PINTURA ELETROSTATICA, CHAPA NUMERO 24 \" (SEM INSTALACAO)","M2    ","CR","299,84",null,299.83999999999997,"Sinapi 37518"]
[4910,"PORTA DE ENROLAR MANUAL COMPLETA, PERFIL MEIA CANA CEGA, EM ACO GALVANIZADO NATURAL, CHAPA NUMERO 24 (SEM INSTALACAO)","M2    ","AS","163,67",null,163.66999999999999,"Sinapi 4910"]
[4943,"PORTA DE ENROLAR MANUAL COMPLETA, PERFIL MEIA CANA VAZADA TIJOLINHO, EM ACO GALVANIZADO NATURAL, CHAPA NUMERO 24 (SEM INSTALACAO)","M2    ","CR","376,57",null,376.57,"Sinapi 4943"]
[5002,"PORTA DE MADEIRA QUADRICULADA PARA VIDRO, DE CORRER (EUCALIPTO OU EQUIVALENTE REGIONAL), E = *3,5* CM","M2    ","AS","288,59",null,288.58999999999997,"Sinapi 5002"]
[4977,"PORTA DE MADEIRA TIPO VENEZIANA (EUCALIPTO OU EQUIVALENTE REGIONAL), E = *3,5* CM","M2    ","AS","194,81",null,194.81,"Sinapi 4977"]
[5028,"PORTA DE MADEIRA-DE-LEI QUADRICULADA PARA VIDRO, DE CORRER (ANGELIM OU EQUIVALENTE REGIONAL), E = *3,5* CM","M2    ","AS","476,67",null,476.67,"Sinapi 5028"]
[4998,"PORTA DE MADEIRA-DE-LEI TIPO MEXICANA SEM EMENDA (ANGELIM OU EQUIVALENTE REGIONAL), E = *3,5* CM","M2    ","AS","395,88",null,395.88,"Sinapi 4998"]
[4969,"PORTA DE MADEIRA-DE-LEI TIPO VENEZIANA (ANGELIM OU EQUIVALENTE REGIONAL), E = *3,5* CM","M2    ","AS","275,52",null,275.52,"Sinapi 4969"]
[11364,"PORTA DE MADEIRA, FOLHA LEVE (NBR 15930) DE 60 X 210 CM, E = *35* MM, NUCLEO COLMEIA, CAPA LISA EM HDF, ACABAMENTO EM PRIMER PARA PINTURA","UN    ","CR","91,15",null,91.15,"Sinapi 11364"]
[11365,"PORTA DE MADEIRA, FOLHA LEVE (NBR 15930) DE 70 X 210 CM, E = *35* MM, NUCLEO COLMEIA, CAPA LISA EM HDF, ACABAMENTO EM PRIMER PARA PINTURA","UN    ","CR","98,16",null,98.16,"Sinapi 11365"]
[11366,"PORTA DE MADEIRA, FOLHA LEVE (NBR 15930) DE 80 X 210 CM, E = *35* MM, NUCLEO COLMEIA, CAPA LISA EM HDF, ACABAMENTO EM PRIMER PARA PINTURA","UN    ","CR","103,88",null,103.88,"Sinapi 11366"]
[11367,"PORTA DE MADEIRA, FOLHA LEVE (NBR 15930), E = *35* MM, NUCLEO COLMEIA, CAPA LISA EM HDF, ACABAMENTO MELAMINICO EM PADRAO MADEIRA","M2    ","CR","80,02",null,80.02,"Sinapi 11367"]
[4989,"PORTA DE MADEIRA, FOLHA MEDIA (NBR 15930) DE 100 X 210 CM, E = 35 MM, NUCLEO SARRAFEADO, CAPA LISA EM HDF, ACABAMENTO EM LAMINADO NATURAL PARA VERNIZ","UN    ","CR","207,65",null,207.65,"Sinapi 4989"]
[4982,"PORTA DE MADEIRA, FOLHA MEDIA (NBR 15930) DE 100 X 210 CM, E = 35 MM, NUCLEO SARRAFEADO, CAPA LISA EM HDF, ACABAMENTO EM PRIMER PARA PINTURA","UN    ","CR","180,27",null,180.27,"Sinapi 4982"]
[20322,"PORTA DE MADEIRA, FOLHA MEDIA (NBR 15930) DE 60 X 210 CM, E = 35 MM, NUCLEO SARRAFEADO, CAPA FRISADA EM HDF, ACABAMENTO MELAMINICO EM PADRAO MADEIRA","UN    ","CR","158,88",null,158.88,"Sinapi 20322"]
[10553,"PORTA DE MADEIRA, FOLHA MEDIA (NBR 15930) DE 60 X 210 CM, E = 35 MM, NUCLEO SARRAFEADO, CAPA LISA EM HDF, ACABAMENTO EM PRIMER PARA PINTURA","UN    ","CR","169,40",null,169.4,"Sinapi 10553"]
[5020,"PORTA DE MADEIRA, FOLHA MEDIA (NBR 15930) DE 60 X 210 CM, E = 35 MM, NUCLEO SARRAFEADO, CAPA LISA EM HDF, ACABAMENTO LAMINADO NATURAL PARA VERNIZ","UN    ","CR","175,63",null,175.63,"Sinapi 5020"]
[4962,"PORTA DE MADEIRA, FOLHA MEDIA (NBR 15930) DE 70 X 210 CM, E = 35 MM, NUCLEO SARRAFEADO, CAPA FRISADA EM HDF, ACABAMENTO MELAMINICO EM PADRAO MADEIRA","UN    ","CR","171,11",null,171.11,"Sinapi 4962"]
[4981,"PORTA DE MADEIRA, FOLHA MEDIA (NBR 15930) DE 70 X 210 CM, E = 35 MM, NUCLEO SARRAFEADO, CAPA LISA EM HDF, ACABAMENTO EM LAMINADO NATURAL PARA VERNIZ","UN    ","C ","121,00",null,121,"Sinapi 4981"]
[10554,"PORTA DE MADEIRA, FOLHA MEDIA (NBR 15930) DE 70 X 210 CM, E = 35 MM, NUCLEO SARRAFEADO, CAPA LISA EM HDF, ACABAMENTO EM PRIMER PARA PINTURA","UN    ","CR","189,32",null,189.32,"Sinapi 10554"]
[4964,"PORTA DE MADEIRA, FOLHA MEDIA (NBR 15930) DE 80 X 210 CM, E = 35 MM, NUCLEO SARRAFEADO, CAPA FRISADA EM HDF, ACABAMENTO MELAMINICO EM PADRAO MADEIRA","UN    ","CR","207,77",null,207.77,"Sinapi 4964"]
[4992,"PORTA DE MADEIRA, FOLHA MEDIA (NBR 15930) DE 80 X 210 CM, E = 35 MM, NUCLEO SARRAFEADO, CAPA LISA EM HDF, ACABAMENTO EM LAMINADO NATURAL PARA VERNIZ","UN    ","CR","206,06",null,206.06,"Sinapi 4992"]
[10555,"PORTA DE MADEIRA, FOLHA MEDIA (NBR 15930) DE 80 X 210 CM, E = 35 MM, NUCLEO SARRAFEADO, CAPA LISA EM HDF, ACABAMENTO EM PRIMER PARA PINTURA","UN    ","CR","182,72",null,182.72,"Sinapi 10555"]
[4987,"PORTA DE MADEIRA, FOLHA MEDIA (NBR 15930) DE 90 X 210 CM, E = 35 MM, NUCLEO SARRAFEADO, CAPA LISA EM HDF, ACABAMENTO EM LAMINADO NATURAL PARA VERNIZ","UN    ","CR","189,32",null,189.32,"Sinapi 4987"]
[10556,"PORTA DE MADEIRA, FOLHA MEDIA (NBR 15930) DE 90 X 210 CM, E = 35 MM, NUCLEO SARRAFEADO, CAPA LISA EM HDF, ACABAMENTO EM PRIMER PARA PINTURA","UN    ","CR","194,11",null,194.11,"Sinapi 10556"]
[4958,"PORTA DE MADEIRA, FOLHA MEDIA (NBR 15930), E = 35 MM, NUCLEO SARRAFEADO, CAPA FRISADA EM HDF, ACABAMENTO MELAMINICO EM PADRAO MADEIRA","M2    ","CR","110,94",null,110.94,"Sinapi 4958"]
[39502,"PORTA DE MADEIRA, FOLHA PESADA (NBR 15930) DE 80 X 210 CM, E = 35 MM, NUCLEO SOLIDO, CAPA LISA EM HDF, ACABAMENTO EM LAMINADO NATURAL PARA VERNIZ","UN    ","CR","268,88",null,268.88,"Sinapi 39502"]
[39504,"PORTA DE MADEIRA, FOLHA PESADA (NBR 15930) DE 80 X 210 CM, E = 35 MM, NUCLEO SOLIDO, CAPA LISA EM HDF, ACABAMENTO EM PRIMER PARA PINTURA","UN    ","CR","190,66",null,190.66,"Sinapi 39504"]
[39503,"PORTA DE MADEIRA, FOLHA PESADA (NBR 15930) DE 90 X 210 CM, E = 35 MM, NUCLEO SOLIDO, CAPA LISA EM HDF, ACABAMENTO EM LAMINADO NATURAL PARA VERNIZ","UN    ","CR","292,11",null,292.11,"Sinapi 39503"]
[39505,"PORTA DE MADEIRA, FOLHA PESADA (NBR 15930) DE 90 X 210 CM, E = 35 MM, NUCLEO SOLIDO, CAPA LISA EM HDF, ACABAMENTO EM PRIMER PARA PINTURA","UN    ","CR","207,77",null,207.77,"Sinapi 39505"]
[25969,"PORTA DENTE PARA FRESADORA","UN    ","AS","389,68",null,389.68,"Sinapi 25969"]
[4944,"PORTA GRADE DE ENROLAR MANUAL COMPLETA, PERFIL TUBULAR TIJOLINHO 3/4 \", EM ACO GALVANIZADO NATURAL (SEM INSTALACAO)","M2    ","CR","562,97",null,562.97,"Sinapi 4944"]
[21102,"PORTA TOALHA BANHO EM METAL CROMADO, TIPO BARRA","UN    ","CR","29,16",null,29.16,"Sinapi 21102"]
[21101,"PORTA TOALHA ROSTO EM METAL CROMADO, TIPO ARGOLA","UN    ","CR","18,73",null,18.73,"Sinapi 21101"]
[34713,"PORTA VIDRO TEMPERADO INCOLOR, 2 FOLHAS DE CORRER, E = 10 MM (SEM FERRAGENS E SEM COLOCACAO)","M2    ","CR","127,97",null,127.97,"Sinapi 34713"]
[4947,"PORTAO BASCULANTE MANUAL EM ACO GALVANIZADO NATURAL, TIPO LAMBRIL COM REQUADRO/BATENTE, CHAPA NUMERO 26, INCLUI FECHADURA (SEM INSTALACAO)","M2    ","CR","414,42",null,414.42,"Sinapi 4947"]
[37563,"PORTAO BASCULANTE, MANUAL, EM CHAPA TIPO LAMBRIL QUADRADO, COM REQUADRO, ACABAMENTO NATURAL","M2    ","CR","318,21",null,318.20999999999998,"Sinapi 37563"]
[4948,"PORTAO DE ABRIR EM GRADIL DE METALON REDONDO DE 3/4\"  VERTICAL, COM REQUADRO, ACABAMENTO NATURAL - COMPLETO","M2    ","CR","288,79",null,288.79000000000002,"Sinapi 4948"]
[37561,"PORTAO DE CORRER EM CHAPA TIPO PAINEL LAMBRIL QUADRADO, COM PORTA SOCIAL COMPLETA INCLUIDA, COM REQUADRO, ACABAMENTO NATURAL, COM TRILHOS E ROLDANAS","M2    ","CR","594,02",null,594.02,"Sinapi 37561"]
[37562,"PORTAO DE CORRER EM GRADIL FIXO DE BARRA DE FERRO CHATA DE 3 X 1/4\" NA VERTICAL, SEM REQUADRO, ACABAMENTO NATURAL, COM TRILHOS E ROLDANAS","M2    ","CR","381,00",null,381,"Sinapi 37562"]
[37585,"PORTINHOLA DE ABRIR EM ALUMINIO DE 60 X 80 CM, VENEZIANA VENTILADA 1 FOLHA, ACABAMENTO ANODIZADO NATURAL","UN    ","AS","157,16",null,157.16,"Sinapi 37585"]
[14164,"POSTE CONICO CONTINUO EM ACO GALVANIZADO, CURVO, BRACO DUPLO, ENGASTADO,  H = 9 M, DIAMETRO INFERIOR = *135* MM","UN    ","AS","1.041,38",null,1041.3800000000001,"Sinapi 14164"]
[14163,"POSTE CONICO CONTINUO EM ACO GALVANIZADO, CURVO, BRACO DUPLO, FLANGEADO,  H = 9 M, DIAMETRO INFERIOR = *135* MM","UN    ","AS","1.183,59",null,1183.5899999999999,"Sinapi 14163"]
[5051,"POSTE CONICO CONTINUO EM ACO GALVANIZADO, CURVO, BRACO SIMPLES, ENGASTADO,  H = 9 M, DIAMETRO INFERIOR = *135* MM","UN    ","AS","1.006,63",null,1006.63,"Sinapi 5051"]
[14162,"POSTE CONICO CONTINUO EM ACO GALVANIZADO, CURVO, BRACO SIMPLES, FLANGEADO,  H = 9 M, DIAMETRO INFERIOR = *135* MM","UN    ","AS","1.005,17",null,1005.17,"Sinapi 14162"]
[5052,"POSTE CONICO CONTINUO EM ACO GALVANIZADO, CURVO, BRACO SIMPLES, FLANGEADO, H = 7 M, DIAMETRO INFERIOR = *125* MM","UN    ","AS","750,00",null,750,"Sinapi 5052"]
[14166,"POSTE CONICO CONTINUO EM ACO GALVANIZADO, RETO, ENGASTADO,  H = 7 M, DIAMETRO INFERIOR = *125* MM","UN    ","AS","759,52",null,759.52,"Sinapi 14166"]
[14165,"POSTE CONICO CONTINUO EM ACO GALVANIZADO, RETO, ENGASTADO,  H = 9 M, DIAMETRO INFERIOR = *145* MM","UN    ","AS","1.052,21",null,1052.21,"Sinapi 14165"]
[5050,"POSTE CONICO CONTINUO EM ACO GALVANIZADO, RETO, FLANGEADO,  H = 3 M, DIAMETRO INFERIOR = *95* MM","UN    ","AS","258,97",null,258.97000000000003,"Sinapi 5050"]
[12378,"POSTE CONICO CONTINUO EM ACO GALVANIZADO, RETO, FLANGEADO, H = 6 M, DIAMETRO INFERIOR = *90* CM","UN    ","AS","615,57",null,615.57000000000005,"Sinapi 12378"]
[12366,"POSTE DE CONCRETO CIRCULAR, 150 KG, H = 10 M (NBR 8451)","UN    ","AS","540,11",null,540.11,"Sinapi 12366"]
[5045,"POSTE DE CONCRETO CIRCULAR, 200 KG, H = 11 M (NBR 8451)","UN    ","AS","752,13",null,752.13,"Sinapi 5045"]
[5044,"POSTE DE CONCRETO CIRCULAR, 200 KG, H = 9 M (NBR 8451)","UN    ","AS","530,64",null,530.64,"Sinapi 5044"]
[5055,"POSTE DE CONCRETO CIRCULAR, 300 KG, H = 11 M (NBR 8451)","UN    ","AS","754,43",null,754.43,"Sinapi 5055"]
[5053,"POSTE DE CONCRETO CIRCULAR, 300 KG, H = 9 M (NBR 8451)","UN    ","AS","587,19",null,587.19000000000005,"Sinapi 5053"]
[5035,"POSTE DE CONCRETO CIRCULAR, 400 KG, H = 11 M (NBR 8451)","UN    ","AS","960,05",null,{"$f":"IF(E3913=\"\",\"\",E3913+0)","v":960.05},{"$f":"IF(G3913=\"\",\"\",CONCATENATE(\"Sinapi \",A3913))","v":"Sinapi 5035"}]
[5036,"POSTE DE CONCRETO CIRCULAR, 400 KG, H = 14 M (NBR 8451)","UN    ","AS","1.602,64",null,1602.64,"Sinapi 5036"]
[5059,"POSTE DE CONCRETO CIRCULAR, 400 KG, H = 9 M (NBR 8451)","UN    ","AS","750,85",null,750.85,"Sinapi 5059"]
[5034,"POSTE DE CONCRETO CIRCULAR, 600 KG, H = 10 M (NBR 8451)","UN    ","AS","1.036,10",null,1036.0999999999999,"Sinapi 5034"]
[5056,"POSTE DE CONCRETO DUPLO T ,TIPO B, 500 KG, H = 9 M (NBR 8451)","UN    ","AS","805,07",null,805.07,"Sinapi 5056"]
[5057,"POSTE DE CONCRETO DUPLO T, TIPO B, 300 KG, H = 10 M (NBR 8451)","UN    ","AS","645,66",null,645.66,"Sinapi 5057"]
[5033,"POSTE DE CONCRETO DUPLO T, TIPO B, 300 KG, H = 9 M (NBR 8451)","UN    ","AS","536,00",null,536,"Sinapi 5033"]
[5038,"POSTE DE CONCRETO DUPLO T, TIPO D, 200 KG, H = 9 M (NBR 8451)","UN    ","AS","436,84",null,436.84,"Sinapi 5038"]
[12372,"POSTE DE CONCRETO DUPLO T, 200 KG, H = 11 M (NBR 8451)","UN    ","AS","575,66",null,575.66,"Sinapi 12372"]
[13339,"POSTE DE CONCRETO DUPLO T, 300 KG, H = 12 M (NBR 8451)","UN    ","AS","855,78",null,855.78,"Sinapi 13339"]
[12373,"POSTE DE CONCRETO DUPLO T, 400 KG,H = 12 M (NBR 8451)","UN    ","AS","896,19",null,896.19,"Sinapi 12373"]
[12388,"POSTE DECORATIVO PARA JARDIM EM ACO TUBULAR, SEM LUMINARIA, H = *2,5* M","UN    ","AS","153,29",null,153.29,"Sinapi 12388"]
[34695,"POSTE PADRAO SUBTERRANEO 100 A, H = 2,5 M","UN    ","AS","616,40",null,616.4,"Sinapi 34695"]
[34692,"POSTE PADRAO SUBTERRANEO 200 A, H = 2,5 M","UN    ","AS","1.479,36",null,1479.36,"Sinapi 34692"]
[26028,"POZOLANA DE CLASSE C","T     ","CR","253,24",null,253.24,"Sinapi 26028"]
[11844,"PRANCHA DE MADEIRA APARELHADA *4 X 30* CM, MACARANDUBA, ANGELIM OU EQUIVALENTE DA REGIAO","M     ","CR","51,53",null,51.53,"Sinapi 11844"]
[4465,"PRANCHA DE MADEIRA NAO APARELHADA *6 X 25* CM, MACARANDUBA, ANGELIM OU EQUIVALENTE DA REGIAO","M     ","CR","49,38",null,49.38,"Sinapi 4465"]
[35273,"PRANCHA DE MADEIRA NAO APARELHADA *6 X 30* CM, MACARANDUBA, ANGELIM OU EQUIVALENTE DA REGIAO","M     ","CR","54,57",null,54.57,"Sinapi 35273"]
[4470,"PRANCHA DE MADEIRA NAO APARELHADA *6 X 40* CM, MACARANDUBA, ANGELIM OU EQUIVALENTE DA REGIAO","M     ","CR","81,54",null,81.540000000000006,"Sinapi 4470"]
[20204,"PRANCHAO DE MADEIRA APARELHADA *7,5 X 23* CM (3 X 9 \") MACARANDUBA, ANGELIM OU EQUIVALENTE DA REGIAO","M     ","CR","72,77",null,72.77,"Sinapi 20204"]
[20208,"PRANCHAO DE MADEIRA APARELHADA *8 X 30* CM, MACARANDUBA, ANGELIM OU EQUIVALENTE DA REGIAO","M     ","CR","85,44",null,85.44,"Sinapi 20208"]
[4437,"PRANCHAO DE MADEIRA NAO APARELHADA *7,5 X 23* CM (3 x 9 \") MACARANDUBA, ANGELIM OU EQUIVALENTE DA REGIAO","M     ","CR","59,05",null,59.05,"Sinapi 4437"]
[14580,"PRANCHAO DE MADEIRA NAO APARELHADA *8 X 30* CM, MACARANDUBA, ANGELIM OU EQUIVALENTE DA REGIAO","M     ","CR","64,31",null,64.31,"Sinapi 14580"]
[40304,"PREGO DE ACO POLIDO COM CABECA DUPLA 17 X 27 (2 1/2 X 11)","KG    ","CR","12,49",null,12.49,"Sinapi 40304"]
[5065,"PREGO DE ACO POLIDO COM CABECA 10 X 10 (7/8 X 17)","KG    ","CR","19,25",null,19.25,"Sinapi 5065"]
[5072,"PREGO DE ACO POLIDO COM CABECA 10 X 11 (1 X 17)","KG    ","CR","17,81",null,17.809999999999999,"Sinapi 5072"]
[5066,"PREGO DE ACO POLIDO COM CABECA 12 X 12","KG    ","CR","13,33",null,13.33,"Sinapi 5066"]
[5063,"PREGO DE ACO POLIDO COM CABECA 14 X 18 (1 1/2 X 14)","KG    ","CR","12,07",null,12.07,"Sinapi 5063"]
[20247,"PREGO DE ACO POLIDO COM CABECA 15 X 15 (1 1/4 X 13)","KG    ","CR","11,20",null,11.2,"Sinapi 20247"]
[5074,"PREGO DE ACO POLIDO COM CABECA 15 X 18 (1 1/2 X 13)","KG    ","CR","11,34",null,11.34,"Sinapi 5074"]
[5067,"PREGO DE ACO POLIDO COM CABECA 16 X 24 (2 1/4 X 12)","KG    ","CR","10,78",null,10.78,"Sinapi 5067"]
[5078,"PREGO DE ACO POLIDO COM CABECA 16 X 27 (2 1/2 X 12)","KG    ","CR","10,66",null,10.66,"Sinapi 5078"]
[5068,"PREGO DE ACO POLIDO COM CABECA 17 X 21 (2 X 11)","KG    ","CR","10,12",null,10.119999999999999,"Sinapi 5068"]
[5073,"PREGO DE ACO POLIDO COM CABECA 17 X 24 (2 1/4 X 11)","KG    ","CR","10,31",null,10.31,"Sinapi 5073"]
[5069,"PREGO DE ACO POLIDO COM CABECA 17 X 27 (2 1/2 X 11)","KG    ","CR","10,31",null,10.31,"Sinapi 5069"]
[5070,"PREGO DE ACO POLIDO COM CABECA 17 X 30 (2 3/4 X 11)","KG    ","CR","10,43",null,10.43,"Sinapi 5070"]
[5071,"PREGO DE ACO POLIDO COM CABECA 18 X 24 (2 1/4 X 10)","KG    ","CR","10,12",null,10.119999999999999,"Sinapi 5071"]
[5061,"PREGO DE ACO POLIDO COM CABECA 18 X 27 (2 1/2 X 10)","KG    ","C ","9,95",null,9.9499999999999993,"Sinapi 5061"]
[5075,"PREGO DE ACO POLIDO COM CABECA 18 X 30 (2 3/4 X 10)","KG    ","CR","10,12",null,10.119999999999999,"Sinapi 5075"]
[39027,"PREGO DE ACO POLIDO COM CABECA 19  X 36 (3 1/4  X  9)","KG    ","CR","10,11",null,10.11,"Sinapi 39027"]
[5062,"PREGO DE ACO POLIDO COM CABECA 19 X 33 (3 X 9)","KG    ","CR","10,25",null,10.25,"Sinapi 5062"]
[40568,"PREGO DE ACO POLIDO COM CABECA 22 X 48 (4 1/4 X 5)","KG    ","CR","10,19",null,10.19,"Sinapi 40568"]
[39026,"PREGO DE ACO POLIDO SEM CABECA 15 X 15 (1 1/4 X 13)","KG    ","CR","11,38",null,11.38,"Sinapi 39026"]
[11572,"PRENDEDOR / TRAVA DE PORTA, MONTAGEM PISO / PORTA, EM LATAO / ZAMAC, CROMADO","UN    ","CR","14,29",null,14.29,"Sinapi 11572"]
[42431,"PRESSAO DE PERNAS TRIPLO, EM TUBO DE ACO CARBONO, PINTURA NO PROCESSO ELETROSTATICO - EQUIPAMENTO DE GINASTICA PARA ACADEMIA AO AR LIVRE / ACADEMIA DA TERCEIRA IDADE - ATI","UN    ","AS","2.248,18",null,2248.1799999999998,"Sinapi 42431"]
[11149,"PRIMER EPOXI","GL    ","CR","155,75",null,155.75,"Sinapi 11149"]
[511,"PRIMER PARA MANTA ASFALTICA A BASE DE ASFALTO MODIFICADO DILUIDO EM SOLVENTE, APLICACAO A FRIO","L     ","AS","15,81",null,15.81,"Sinapi 511"]
[11174,"PRIMER UNIVERSAL, FUNDO ANTICORROSIVO TIPO ZARCAO","18L   ","CR","442,24",null,442.24,"Sinapi 11174"]
[37540,"PROJETOR DE ARGAMASSA, CAPACIDADE DE PROJECAO 1,5 M3/H, ALCANCE DA PROJECAO 30 ATE 60 M, MOTOR ELETRICO TRIFASICO","UN    ","CR","63.452,55",null,63452.55,"Sinapi 37540"]
[37548,"PROJETOR DE ARGAMASSA, CAPACIDADE DE PROJECAO 2,0 M3/H, ALCANCE DA PROJECAO ATE 50 M, MOTOR ELETRICO TRIFASICO","UN    ","CR","84.106,04",null,84106.04,"Sinapi 37548"]
[39828,"PROJETOR PNEUMATICO DE ARGAMASSA PARA CHAPISCO E REBOCO COM RECIPIENTE ACOPLADO, TIPO CANEQUNHA, COM VOLUME DE 1,50 L, SEM COMPRESSOR","UN    ","CR","504,55",null,504.55,"Sinapi 39828"]
[12273,"PROJETOR RETANGULAR FECHADO PARA LAMPADA VAPOR DE MERCURIO/SODIO 250 W A 500 W, CABECEIRAS EM ALUMINIO FUNDIDO, CORPO EM ALUMINIO ANODIZADO, PARA LAMPADA E40 FECHAMENTO EM VIDRO TEMPERADO.","UN    ","CR","53,10",null,53.1,"Sinapi 12273"]
[38392,"PROLONGADOR/EXTENSOR PARA ROLO DE PINTURA 3 M","UN    ","CR","44,48",null,44.48,"Sinapi 38392"]
[11735,"PROLONGAMENTO PVC PARA CAIXA SIFONADA  100 MM X 200 MM (NBR 5688)","UN    ","CR","4,11",null,4.1100000000000003,"Sinapi 11735"]
[11733,"PROLONGAMENTO PVC PARA CAIXA SIFONADA 100 MM X 100 MM (NBR 5688)","UN    ","CR","2,01",null,2.0099999999999998,"Sinapi 11733"]
[11734,"PROLONGAMENTO PVC PARA CAIXA SIFONADA, 100 MM X 150 MM (NBR 5688)","UN    ","CR","3,10",null,3.1,"Sinapi 11734"]
[11737,"PROLONGAMENTO PVC PARA CAIXA SIFONADA, 150 MM X 150 MM (NBR 5688)","UN    ","CR","5,49",null,5.49,"Sinapi 11737"]
[11738,"PROLONGAMENTO PVC PARA CAIXA SIFONADA, 150 MM X 200 MM (NBR 5688)","UN    ","CR","8,93",null,8.93,"Sinapi 11738"]
[36143,"PROTETOR AUDITIVO TIPO CONCHA COM ABAFADOR DE RUIDOS, ATENUACAO ACIMA DE 22 DB","UN    ","CR","22,44",null,22.44,"Sinapi 36143"]
[36142,"PROTETOR AUDITIVO TIPO PLUG DE INSERCAO COM CORDAO, ATENUACAO SUPERIOR A 15 DB","UN    ","CR","1,64",null,1.64,"Sinapi 36142"]
[36146,"PROTETOR SOLAR FPS 30, EMBALAGEM 2 LITROS","UN    ","CR","186,15",null,186.15,"Sinapi 36146"]
[39015,"PROTETOR/PONTEIRA PLASTICA PARA PONTA DE VERGALHAO DE ATE 1\", TIPO PROTETOR DE ESPERA","UN    ","AS","0,64",null,0.64,"Sinapi 39015"]
[38377,"PRUMO DE CENTRO EM ACO *400* G","UN    ","CR","24,75",null,24.75,"Sinapi 38377"]
[38376,"PRUMO DE PAREDE EM ACO 700 A 750 G","UN    ","CR","28,22",null,28.22,"Sinapi 38376"]
[38116,"PULSADOR CAMPAINHA 10A, 250V (APENAS MODULO)","UN    ","CR","5,32",null,{"$f":"IF(E3977=\"\",\"\",E3977+0)","v":5.32},{"$f":"IF(G3977=\"\",\"\",CONCATENATE(\"Sinapi \",A3977))","v":"Sinapi 38116"}]
[38066,"PULSADOR CAMPAINHA 10A, 250V, CONJUNTO MONTADO PARA EMBUTIR 4\" X 2\" (PLACA + SUPORTE + MODULO)","UN    ","CR","8,79",null,8.7899999999999991,"Sinapi 38066"]
[38117,"PULSADOR MINUTERIA 10A, 250V (APENAS MODULO)","UN    ","CR","9,07",null,9.07,"Sinapi 38117"]
[38067,"PULSADOR MINUTERIA 10A, 250V, CONJUNTO MONTADO PARA EMBUTIR 4\" X 2\" (PLACA + SUPORTE + MODULO)","UN    ","CR","12,37",null,12.37,"Sinapi 38067"]
[41757,"PULVERIZADOR DE TINTA ELETRICO / MAQUINA DE PINTURA AIRLESS, VAZAO *2* L/MIN (COLETADO CAIXA)","UN    ","AS","3.427,69",null,3427.69,"Sinapi 41757"]
[5080,"PUXADOR CENTRAL, TIPO ALCA, EM ZAMAC CROMADO, COM ROSETAS, COMPRIMENTO *100* MM, PARA PORTA / JANELA EM MADEIRA OU METALICA - INCLUI PARAFUSOS","UN    ","CR","10,13",null,10.130000000000001,"Sinapi 5080"]
[11522,"PUXADOR CONCHA DE EMBUTIR PARA JANELA / PORTA DE CORRER, EM LATAO CROMADO, COM FURO CENTRAL PARA CHAVE E FUROS PARA PARAFUSOS, *40 X 100* MM  (LARGURA X ALTURA) - SEM FECHADURA","UN    ","CR","12,66",null,12.66,"Sinapi 11522"]
[11523,"PUXADOR CONCHA DE EMBUTIR, EM LATAO CROMADO, PARA PORTA / JANELA DE CORRER, LISO, SEM FURO PARA CHAVE, COM FUROS PARA FIXAR PARAFUSOS, *30 X 90* MM (LARGURA X ALTURA)","UN    ","CR","11,85",null,11.85,"Sinapi 11523"]
[11524,"PUXADOR TIPO PUNHO REDONDO, CENTRAL, EM LATAO CROMADO, COMPRIMENTO DE *110* MM, PARA JANELAS / PORTAS DE CORRER - INCLUI PARAFUSOS","UN    ","CR","24,40",null,24.4,"Sinapi 11524"]
[38168,"PUXADOR TUBULAR RETO, DUPLO, EM ALUMINIO POLIDO, DIAMETRO APROX.DE 1\", COMPRIMENTO APROX. DE 400 MM, PARA PORTAS DE MADEIRA OU VIDRO","UN    ","CR","117,79",null,117.79,"Sinapi 38168"]
[13393,"QUADRO DE DISTRIBUICAO COM BARRAMENTO TRIFASICO, DE EMBUTIR, EM CHAPA DE ACO GALVANIZADO, PARA 12 DISJUNTORES DIN, 100 A","UN    ","CR","191,45",null,191.45,"Sinapi 13393"]
[13395,"QUADRO DE DISTRIBUICAO COM BARRAMENTO TRIFASICO, DE EMBUTIR, EM CHAPA DE ACO GALVANIZADO, PARA 18 DISJUNTORES DIN, 100 A, INCLUINDO BARRAMENTO","UN    ","CR","268,30",null,268.3,"Sinapi 13395"]
[12039,"QUADRO DE DISTRIBUICAO COM BARRAMENTO TRIFASICO, DE EMBUTIR, EM CHAPA DE ACO GALVANIZADO, PARA 24 DISJUNTORES DIN, 100 A","UN    ","CR","281,96",null,281.95999999999998,"Sinapi 12039"]
[13396,"QUADRO DE DISTRIBUICAO COM BARRAMENTO TRIFASICO, DE EMBUTIR, EM CHAPA DE ACO GALVANIZADO, PARA 28 DISJUNTORES DIN, 100 A","UN    ","CR","395,99",null,395.99,"Sinapi 13396"]
[12041,"QUADRO DE DISTRIBUICAO COM BARRAMENTO TRIFASICO, DE EMBUTIR, EM CHAPA DE ACO GALVANIZADO, PARA 30 DISJUNTORES DIN, 150 A","UN    ","CR","323,35",null,323.35000000000002,"Sinapi 12041"]
[12043,"QUADRO DE DISTRIBUICAO COM BARRAMENTO TRIFASICO, DE EMBUTIR, EM CHAPA DE ACO GALVANIZADO, PARA 30 DISJUNTORES DIN, 225 A","UN    ","CR","682,71",null,682.71,"Sinapi 12043"]
[39762,"QUADRO DE DISTRIBUICAO COM BARRAMENTO TRIFASICO, DE EMBUTIR, EM CHAPA DE ACO GALVANIZADO, PARA 36 DISJUNTORES DIN, 100 A","UN    ","CR","324,99",null,324.99,"Sinapi 39762"]
[12042,"QUADRO DE DISTRIBUICAO COM BARRAMENTO TRIFASICO, DE EMBUTIR, EM CHAPA DE ACO GALVANIZADO, PARA 40 DISJUNTORES DIN, 100 A","UN    ","CR","474,47",null,474.47,"Sinapi 12042"]
[39763,"QUADRO DE DISTRIBUICAO COM BARRAMENTO TRIFASICO, DE EMBUTIR, EM CHAPA DE ACO GALVANIZADO, PARA 48 DISJUNTORES DIN, 100 A","UN    ","CR","555,31",null,555.30999999999995,"Sinapi 39763"]
[39756,"QUADRO DE DISTRIBUICAO COM BARRAMENTO TRIFASICO, DE SOBREPOR, EM CHAPA DE ACO GALVANIZADO, PARA 12 DISJUNTORES DIN, 100 A","UN    ","CR","198,73",null,198.73,"Sinapi 39756"]
[12038,"QUADRO DE DISTRIBUICAO COM BARRAMENTO TRIFASICO, DE SOBREPOR, EM CHAPA DE ACO GALVANIZADO, PARA 18 DISJUNTORES DIN, 100 A","UN    ","CR","248,32",null,248.32,"Sinapi 12038"]
[39757,"QUADRO DE DISTRIBUICAO COM BARRAMENTO TRIFASICO, DE SOBREPOR, EM CHAPA DE ACO GALVANIZADO, PARA 28 DISJUNTORES DIN, 100 A","UN    ","CR","229,62",null,229.62,"Sinapi 39757"]
[39758,"QUADRO DE DISTRIBUICAO COM BARRAMENTO TRIFASICO, DE SOBREPOR, EM CHAPA DE ACO GALVANIZADO, PARA 30 DISJUNTORES DIN, 100 A","UN    ","CR","334,64",null,334.64,"Sinapi 39758"]
[39759,"QUADRO DE DISTRIBUICAO COM BARRAMENTO TRIFASICO, DE SOBREPOR, EM CHAPA DE ACO GALVANIZADO, PARA 36 DISJUNTORES DIN, 100 A","UN    ","CR","413,28",null,413.28,"Sinapi 39759"]
[39760,"QUADRO DE DISTRIBUICAO COM BARRAMENTO TRIFASICO, DE SOBREPOR, EM CHAPA DE ACO GALVANIZADO, PARA 40 DISJUNTORES DIN, 100 A","UN    ","CR","553,48",null,553.48,"Sinapi 39760"]
[39761,"QUADRO DE DISTRIBUICAO COM BARRAMENTO TRIFASICO, DE SOBREPOR, EM CHAPA DE ACO GALVANIZADO, PARA 48 DISJUNTORES DIN, 100 A","UN    ","CR","496,78",null,496.78,"Sinapi 39761"]
[39805,"QUADRO DE DISTRIBUICAO, EM PVC, DE EMBUTIR, COM BARRAMENTO TERRA / NEUTRO, PARA 12 DISJUNTORES NEMA OU 16 DISJUNTORES DIN","UN    ","CR","108,20",null,108.2,"Sinapi 39805"]
[39806,"QUADRO DE DISTRIBUICAO, EM PVC, DE EMBUTIR, COM BARRAMENTO TERRA / NEUTRO, PARA 18 DISJUNTORES NEMA OU 24 DISJUNTORES DIN","UN    ","CR","200,46",null,200.46,"Sinapi 39806"]
[39807,"QUADRO DE DISTRIBUICAO, EM PVC, DE EMBUTIR, COM BARRAMENTO TERRA / NEUTRO, PARA 27 DISJUNTORES NEMA OU 36 DISJUNTORES DIN","UN    ","CR","434,44",null,434.44,"Sinapi 39807"]
[43100,"QUADRO DE DISTRIBUICAO, EM PVC, DE EMBUTIR, COM BARRAMENTO TERRA / NEUTRO, PARA 48 DISJUNTORES DIN","UN    ","CR","339,64",null,339.64,"Sinapi 43100"]
[39804,"QUADRO DE DISTRIBUICAO, EM PVC, DE EMBUTIR, COM BARRAMENTO TERRA / NEUTRO, PARA 6 DISJUNTORES NEMA OU 8 DISJUNTORES DIN","UN    ","CR","63,53",null,63.53,"Sinapi 39804"]
[39796,"QUADRO DE DISTRIBUICAO, SEM BARRAMENTO, EM PVC, DE EMBUTIR, PARA 12 DISJUNTORES NEMA OU 16 DISJUNTORES DIN","UN    ","CR","65,80",null,65.8,"Sinapi 39796"]
[39797,"QUADRO DE DISTRIBUICAO, SEM BARRAMENTO, EM PVC, DE EMBUTIR, PARA 18 DISJUNTORES NEMA OU 24 DISJUNTORES DIN","UN    ","C ","103,30",null,103.3,"Sinapi 39797"]
[39798,"QUADRO DE DISTRIBUICAO, SEM BARRAMENTO, EM PVC, DE EMBUTIR, PARA 27 DISJUNTORES NEMA OU 36 DISJUNTORES DIN","UN    ","CR","177,19",null,177.19,"Sinapi 39798"]
[39794,"QUADRO DE DISTRIBUICAO, SEM BARRAMENTO, EM PVC, DE EMBUTIR, PARA 3 DISJUNTORES NEMA OU 4 DISJUNTORES DIN","UN    ","CR","27,93",null,27.93,"Sinapi 39794"]
[39795,"QUADRO DE DISTRIBUICAO, SEM BARRAMENTO, EM PVC, DE EMBUTIR, PARA 6 DISJUNTORES NEMA OU 8 DISJUNTORES DIN","UN    ","CR","44,13",null,44.13,"Sinapi 39795"]
[39799,"QUADRO DE DISTRIBUICAO, SEM BARRAMENTO, EM PVC, DE SOBREPOR,  PARA 3 DISJUNTORES NEMA OU 4 DISJUNTORES DIN","UN    ","CR","32,56",null,32.56,"Sinapi 39799"]
[39801,"QUADRO DE DISTRIBUICAO, SEM BARRAMENTO, EM PVC, DE SOBREPOR, PARA 12 DISJUNTORES NEMA OU 16 DISJUNTORES DIN","UN    ","CR","93,18",null,93.18,"Sinapi 39801"]
[39802,"QUADRO DE DISTRIBUICAO, SEM BARRAMENTO, EM PVC, DE SOBREPOR, PARA 18 DISJUNTORES NEMA OU 24 DISJUNTORES DIN","UN    ","CR","136,59",null,136.59,"Sinapi 39802"]
[39803,"QUADRO DE DISTRIBUICAO, SEM BARRAMENTO, EM PVC, DE SOBREPOR, PARA 27 DISJUNTORES NEMA OU 36 DISJUNTORES DIN","UN    ","CR","190,54",null,190.54,"Sinapi 39803"]
[39800,"QUADRO DE DISTRIBUICAO, SEM BARRAMENTO, EM PVC, DE SOBREPOR, PARA 6 DISJUNTORES NEMA OU 8 DISJUNTORES DIN","UN    ","CR","55,46",null,55.46,"Sinapi 39800"]
[4224,"QUEROSENE","L     ","CR","11,58",null,11.58,"Sinapi 4224"]
[21059,"RALO FOFO COM REQUADRO, QUADRADO 150 X 150 MM","UN    ","AS","30,84",null,30.84,"Sinapi 21059"]
[11234,"RALO FOFO COM REQUADRO, QUADRADO 200 X 200 MM","UN    ","AS","46,48",null,46.48,"Sinapi 11234"]
[21060,"RALO FOFO COM REQUADRO, QUADRADO 250 X 250 MM","UN    ","AS","57,21",null,57.21,"Sinapi 21060"]
[21061,"RALO FOFO COM REQUADRO, QUADRADO 300 X 300 MM","UN    ","AS","71,51",null,71.510000000000005,"Sinapi 21061"]
[21062,"RALO FOFO COM REQUADRO, QUADRADO 400 X 400 MM","UN    ","AS","112,63",null,112.63,"Sinapi 21062"]
[11708,"RALO FOFO SEMIESFERICO, 100 MM, PARA LAJES/ CALHAS","UN    ","AS","12,29",null,12.29,"Sinapi 11708"]
[11709,"RALO FOFO SEMIESFERICO, 150 MM, PARA LAJES/ CALHAS","UN    ","AS","28,87",null,28.87,"Sinapi 11709"]
[11710,"RALO FOFO SEMIESFERICO, 200 MM, PARA LAJES/ CALHAS","UN    ","AS","66,37",null,66.37,"Sinapi 11710"]
[11707,"RALO FOFO SEMIESFERICO, 75 MM, PARA LAJES/ CALHAS","UN    ","AS","9,20",null,9.1999999999999993,"Sinapi 11707"]
[11739,"RALO SECO PVC CONICO, 100 X 40 MM,  COM GRELHA REDONDA BRANCA","UN    ","CR","5,99",null,5.99,"Sinapi 11739"]
[11711,"RALO SECO PVC CONICO, 100 X 40 MM, COM GRELHA QUADRADA","UN    ","CR","8,77",null,8.77,"Sinapi 11711"]
[5102,"RALO SECO PVC QUADRADO, 100 X 100 X 53 MM, SAIDA 40 MM, COM GRELHA BRANCA","UN    ","CR","8,48",null,8.48,"Sinapi 5102"]
[11741,"RALO SIFONADO PVC CILINDRICO, 100 X 40 MM,  COM GRELHA REDONDA BRANCA","UN    ","CR","6,17",null,6.17,"Sinapi 11741"]
[11743,"RALO SIFONADO PVC REDONDO CONICO, 100 X 40 MM, COM GRELHA  BRANCA REDONDA","UN    ","CR","5,61",null,5.61,"Sinapi 11743"]
[11745,"RALO SIFONADO PVC, QUADRADO, 100 X 100 X 53 MM, SAIDA 40 MM, COM GRELHA BRANCA","UN    ","CR","7,96",null,7.96,"Sinapi 11745"]
[25961,"RASTELEIRO","H     ","CR","10,66",null,10.66,"Sinapi 25961"]
[40985,"RASTELEIRO (MENSALISTA)","MES   ","CR","1.905,68",null,1905.68,"Sinapi 40985"]
[1088,"REATOR ELETRONICO BIVOLT PARA 1 LAMPADA FLUORESCENTE DE 18/20 W","UN    ","CR","14,11",null,14.11,"Sinapi 1088"]
[1087,"REATOR ELETRONICO BIVOLT PARA 1 LAMPADA FLUORESCENTE DE 36/40 W","UN    ","CR","17,62",null,17.62,"Sinapi 1087"]
[38777,"REATOR ELETRONICO BIVOLT PARA 2 LAMPADAS FLUORESCENTES DE 14 W","UN    ","CR","35,10",null,35.1,"Sinapi 38777"]
[1086,"REATOR ELETRONICO BIVOLT PARA 2 LAMPADAS FLUORESCENTES DE 18/20 W","UN    ","CR","18,52",null,18.52,"Sinapi 1086"]
[1079,"REATOR ELETRONICO BIVOLT PARA 2 LAMPADAS FLUORESCENTES DE 36/40 W","UN    ","CR","19,14",null,19.14,"Sinapi 1079"]
[39374,"REATOR INTERNO/INTEGRADO PARA LAMPADA VAPOR METALICO 400 W, ALTO FATOR DE POTENCIA","UN    ","C ","144,54",null,{"$f":"IF(E4041=\"\",\"\",E4041+0)","v":144.54},{"$f":"IF(G4041=\"\",\"\",CONCATENATE(\"Sinapi \",A4041))","v":"Sinapi 39374"}]
[1082,"REATOR P/ LAMPADA VAPOR DE SODIO 250W USO EXT","UN    ","CR","120,37",null,120.37,"Sinapi 1082"]
[12316,"REATOR P/ 1 LAMPADA VAPOR DE MERCURIO 125W USO EXT","UN    ","CR","55,17",null,55.17,"Sinapi 12316"]
[12317,"REATOR P/ 1 LAMPADA VAPOR DE MERCURIO 250W USO EXT","UN    ","CR","65,79",null,65.790000000000006,"Sinapi 12317"]
[12318,"REATOR P/ 1 LAMPADA VAPOR DE MERCURIO 400W USO EXT","UN    ","CR","75,79",null,75.790000000000006,"Sinapi 12318"]
[5104,"REBITE DE ALUMINIO VAZADO DE REPUXO, 3,2 X 8 MM (1KG = 1025 UNIDADES)","KG    ","AS","44,79",null,44.79,"Sinapi 5104"]
[26023,"REBOLO ABRASIVO RETO DE USO GERAL GRAO 36, DE 6 X 1 \" (DIAMETRO X ALTURA)","UN    ","CR","74,31",null,74.31,"Sinapi 26023"]
[2710,"REBOLO ABRASIVO RETO DE USO GERAL GRAO 36, DE 6 X 3/4 \" (DIAMETRO X ALTURA)","UN    ","CR","59,34",null,59.34,"Sinapi 2710"]
[14575,"RECICLADORA DE ASFALTO A FRIO SOBRE RODAS, LARG. FRESAGEM 2,00 M, POT. 315 KW/422 HP","UN    ","AS","3.936.076,18",null,3936076.18,"Sinapi 14575"]
[20034,"REDUCAO EXCENTRICA PVC NBR 10569 P/REDE COLET ESG PB JE 150 X 100MM","UN    ","AS","57,68",null,57.68,"Sinapi 20034"]
[20036,"REDUCAO EXCENTRICA PVC NBR 10569 P/REDE COLET ESG PB JE 200 X 150MM","UN    ","AS","110,96",null,110.96,"Sinapi 20036"]
[20037,"REDUCAO EXCENTRICA PVC NBR 10569 P/REDE COLET ESG PB JE 250 X 200MM","UN    ","AS","209,29",null,209.29,"Sinapi 20037"]
[20043,"REDUCAO EXCENTRICA PVC P/ ESG PREDIAL DN 100 X 50MM","UN    ","CR","4,70",null,4.7,"Sinapi 20043"]
[20044,"REDUCAO EXCENTRICA PVC P/ ESG PREDIAL DN 100 X 75MM","UN    ","CR","5,49",null,5.49,"Sinapi 20044"]
[20042,"REDUCAO EXCENTRICA PVC P/ ESG PREDIAL DN 75 X 50MM","UN    ","CR","3,98",null,3.98,"Sinapi 20042"]
[20046,"REDUCAO EXCENTRICA PVC, SERIE R, DN 100 X 75 MM, PARA ESGOTO PREDIAL","UN    ","CR","11,66",null,11.66,"Sinapi 20046"]
[20047,"REDUCAO EXCENTRICA PVC, SERIE R, DN 150 X 100 MM, PARA ESGOTO PREDIAL","UN    ","CR","31,88",null,31.88,"Sinapi 20047"]
[20045,"REDUCAO EXCENTRICA PVC, SERIE R, DN 75 X 50 MM, PARA ESGOTO PREDIAL","UN    ","CR","4,79",null,4.79,"Sinapi 20045"]
[20972,"REDUCAO FIXA TIPO STORZ, ENGATE RAPIDO 2.1/2\" X 1.1/2\", EM LATAO, PARA INSTALACAO PREDIAL COMBATE A INCENDIO PREDIAL","UN    ","CR","71,42",null,71.42,"Sinapi 20972"]
[20032,"REDUCAO PVC PBA, JE, BB, DN 75 X 50 / DE 85 X 60 MM, PARA REDE DE AGUA","UN    ","AS","45,77",null,45.77,"Sinapi 20032"]
[11321,"REDUCAO PVC PBA, JE, PB, DN 100 X 50 / DE 110 X 60 MM, PARA REDE DE AGUA","UN    ","AS","20,87",null,20.87,"Sinapi 11321"]
[11323,"REDUCAO PVC PBA, JE, PB, DN 100 X 75 / DE 110 X 85 MM, PARA REDE DE AGUA","UN    ","AS","24,00",null,24,"Sinapi 11323"]
[20327,"REDUCAO PVC PBA, JE, PB, DN 75 X 50 / DE 85 X 60 MM, PARA REDE DE AGUA","UN    ","AS","13,62",null,13.62,"Sinapi 20327"]
[25966,"REDUTOR TIPO THINNER PARA ACABAMENTO","L     ","CR","14,80",null,14.8,"Sinapi 25966"]
[13390,"REFLETOR REDONDO EM ALUMINIO ANODIZADO PARA LAMPADA VAPOR DE MERCURIO/SODIO, CORPO EM ALUMINIO COM PINTURA EPOXI, PARA LAMPADA E-27 DE 300 W, COM SUPORTE REDONDO E ALCA REGULAVEL PARA FIXACAO.","UN    ","CR","69,63",null,69.63,"Sinapi 13390"]
[6034,"REGISTRO DE ESFERA DE PASSEIO, PVC PARA POLIETILENO, 20 MM","UN    ","CR","13,75",null,13.75,"Sinapi 6034"]
[6036,"REGISTRO DE ESFERA PVC, COM BORBOLETA, COM ROSCA EXTERNA, DE 1/2\"","UN    ","CR","18,72",null,18.72,"Sinapi 6036"]
[6031,"REGISTRO DE ESFERA PVC, COM BORBOLETA, COM ROSCA EXTERNA, DE 3/4\"","UN    ","C ","22,00",null,22,"Sinapi 6031"]
[6029,"REGISTRO DE ESFERA PVC, COM CABECA QUADRADA, COM ROSCA EXTERNA, 1/2\"","UN    ","CR","22,23",null,22.23,"Sinapi 6029"]
[6033,"REGISTRO DE ESFERA PVC, COM CABECA QUADRADA, COM ROSCA EXTERNA, 3/4\"","UN    ","CR","29,30",null,29.3,"Sinapi 6033"]
[11672,"REGISTRO DE ESFERA, PVC, COM VOLANTE, VS, ROSCAVEL, DN 1 1/2\", COM CORPO DIVIDIDO","UN    ","CR","63,74",null,63.74,"Sinapi 11672"]
[11669,"REGISTRO DE ESFERA, PVC, COM VOLANTE, VS, ROSCAVEL, DN 1 1/4\", COM CORPO DIVIDIDO","UN    ","CR","60,70",null,60.7,"Sinapi 11669"]
[11670,"REGISTRO DE ESFERA, PVC, COM VOLANTE, VS, ROSCAVEL, DN 1/2\", COM CORPO DIVIDIDO","UN    ","CR","23,25",null,23.25,"Sinapi 11670"]
[20055,"REGISTRO DE ESFERA, PVC, COM VOLANTE, VS, ROSCAVEL, DN 1\", COM CORPO DIVIDIDO","UN    ","CR","45,46",null,45.46,"Sinapi 20055"]
[11671,"REGISTRO DE ESFERA, PVC, COM VOLANTE, VS, ROSCAVEL, DN 2\", COM CORPO DIVIDIDO","UN    ","CR","97,55",null,97.55,"Sinapi 11671"]
[6032,"REGISTRO DE ESFERA, PVC, COM VOLANTE, VS, ROSCAVEL, DN 3/4\", COM CORPO DIVIDIDO","UN    ","CR","27,86",null,27.86,"Sinapi 6032"]
[11673,"REGISTRO DE ESFERA, PVC, COM VOLANTE, VS, SOLDAVEL, DN 20 MM, COM CORPO DIVIDIDO","UN    ","CR","21,94",null,21.94,"Sinapi 11673"]
[11674,"REGISTRO DE ESFERA, PVC, COM VOLANTE, VS, SOLDAVEL, DN 25 MM, COM CORPO DIVIDIDO","UN    ","CR","28,25",null,28.25,"Sinapi 11674"]
[11675,"REGISTRO DE ESFERA, PVC, COM VOLANTE, VS, SOLDAVEL, DN 32 MM, COM CORPO DIVIDIDO","UN    ","CR","44,86",null,44.86,"Sinapi 11675"]
[11676,"REGISTRO DE ESFERA, PVC, COM VOLANTE, VS, SOLDAVEL, DN 40 MM, COM CORPO DIVIDIDO","UN    ","CR","60,00",null,60,"Sinapi 11676"]
[11677,"REGISTRO DE ESFERA, PVC, COM VOLANTE, VS, SOLDAVEL, DN 50 MM, COM CORPO DIVIDIDO","UN    ","CR","61,96",null,61.96,"Sinapi 11677"]
[11678,"REGISTRO DE ESFERA, PVC, COM VOLANTE, VS, SOLDAVEL, DN 60 MM, COM CORPO DIVIDIDO","UN    ","CR","113,48",null,113.48,"Sinapi 11678"]
[6038,"REGISTRO DE PRESSAO PVC, ROSCAVEL, VOLANTE SIMPLES, DE 1/2\"","UN    ","CR","7,20",null,7.2,"Sinapi 6038"]
[11718,"REGISTRO DE PRESSAO PVC, ROSCAVEL, VOLANTE SIMPLES, DE 3/4\"","UN    ","CR","20,53",null,20.53,"Sinapi 11718"]
[6037,"REGISTRO DE PRESSAO PVC, SOLDAVEL, VOLANTE SIMPLES, DE 20 MM","UN    ","CR","14,98",null,14.98,"Sinapi 6037"]
[11719,"REGISTRO DE PRESSAO PVC, SOLDAVEL, VOLANTE SIMPLES, DE 25 MM","UN    ","CR","16,65",null,16.649999999999999,"Sinapi 11719"]
[6019,"REGISTRO GAVETA BRUTO EM LATAO FORJADO, BITOLA 1 \" (REF 1509)","UN    ","CR","41,79",null,41.79,"Sinapi 6019"]
[6010,"REGISTRO GAVETA BRUTO EM LATAO FORJADO, BITOLA 1 1/2 \" (REF 1509)","UN    ","CR","71,91",null,71.91,"Sinapi 6010"]
[6017,"REGISTRO GAVETA BRUTO EM LATAO FORJADO, BITOLA 1 1/4 \" (REF 1509)","UN    ","CR","56,96",null,56.96,"Sinapi 6017"]
[6020,"REGISTRO GAVETA BRUTO EM LATAO FORJADO, BITOLA 1/2 \" (REF 1509)","UN    ","CR","25,10",null,25.1,"Sinapi 6020"]
[6028,"REGISTRO GAVETA BRUTO EM LATAO FORJADO, BITOLA 2 \" (REF 1509)","UN    ","CR","100,17",null,100.17,"Sinapi 6028"]
[6011,"REGISTRO GAVETA BRUTO EM LATAO FORJADO, BITOLA 2 1/2 \" (REF 1509)","UN    ","CR","207,74",null,207.74,"Sinapi 6011"]
[6012,"REGISTRO GAVETA BRUTO EM LATAO FORJADO, BITOLA 3 \" (REF 1509)","UN    ","CR","251,51",null,251.51,"Sinapi 6012"]
[6016,"REGISTRO GAVETA BRUTO EM LATAO FORJADO, BITOLA 3/4 \" (REF 1509)","UN    ","CR","26,48",null,26.48,"Sinapi 6016"]
[6027,"REGISTRO GAVETA BRUTO EM LATAO FORJADO, BITOLA 4 \" (REF 1509)","UN    ","CR","524,06",null,524.05999999999995,"Sinapi 6027"]
[6013,"REGISTRO GAVETA COM ACABAMENTO E CANOPLA CROMADOS, SIMPLES, BITOLA 1 \" (REF 1509)","UN    ","CR","79,08",null,79.08,"Sinapi 6013"]
[6015,"REGISTRO GAVETA COM ACABAMENTO E CANOPLA CROMADOS, SIMPLES, BITOLA 1 1/2 \" (REF 1509)","UN    ","CR","115,00",null,115,"Sinapi 6015"]
[6014,"REGISTRO GAVETA COM ACABAMENTO E CANOPLA CROMADOS, SIMPLES, BITOLA 1 1/4 \" (REF 1509)","UN    ","CR","109,94",null,109.94,"Sinapi 6014"]
[6006,"REGISTRO GAVETA COM ACABAMENTO E CANOPLA CROMADOS, SIMPLES, BITOLA 1/2 \" (REF 1509)","UN    ","CR","57,26",null,57.26,"Sinapi 6006"]
[6005,"REGISTRO GAVETA COM ACABAMENTO E CANOPLA CROMADOS, SIMPLES, BITOLA 3/4 \" (REF 1509)","UN    ","C ","64,60",null,64.599999999999994,"Sinapi 6005"]
[11756,"REGISTRO OU REGULADOR DE GAS COZINHA, VAZAO DE 2 KG/H, 2,8 KPA","UN    ","CR","30,85",null,30.85,"Sinapi 11756"]
[10904,"REGISTRO OU VALVULA GLOBO ANGULAR EM LATAO, PARA HIDRANTES EM INSTALACAO PREDIAL DE INCENDIO, 45 GRAUS, DIAMETRO DE 2 1/2\", COM VOLANTE, CLASSE DE PRESSAO DE ATE 200 PSI","UN    ","C ","100,00",null,100,"Sinapi 10904"]
[11752,"REGISTRO PRESSAO BRUTO EM LATAO FORJADO, BITOLA 1/2 \" (REF 1400)","UN    ","CR","17,79",null,17.79,"Sinapi 11752"]
[11753,"REGISTRO PRESSAO BRUTO EM LATAO FORJADO, BITOLA 3/4 \" (REF 1400)","UN    ","CR","21,24",null,21.24,"Sinapi 11753"]
[6021,"REGISTRO PRESSAO COM ACABAMENTO E CANOPLA CROMADA, SIMPLES, BITOLA 1/2 \" (REF 1416)","UN    ","CR","58,94",null,{"$f":"IF(E4105=\"\",\"\",E4105+0)","v":58.94},{"$f":"IF(G4105=\"\",\"\",CONCATENATE(\"Sinapi \",A4105))","v":"Sinapi 6021"}]
[6024,"REGISTRO PRESSAO COM ACABAMENTO E CANOPLA CROMADA, SIMPLES, BITOLA 3/4 \" (REF 1416)","UN    ","CR","60,93",null,60.93,"Sinapi 6024"]
[38379,"REGUA DE ALUMINIO PARA PEDREIRO 2 X 1 \"","M     ","CR","33,12",null,33.119999999999997,"Sinapi 38379"]
[13897,"REGUA VIBRADORA DUPLA PARA CONCRETO A GASOLINA 5,5 HP, PESO DE 60 KG, COMPRIMENTO 4 M","UN    ","AS","5.112,80",null,5112.8,"Sinapi 13897"]
[10640,"REGUA VIBRATORIA DE CONCRETO TRELICADA, EQUIPADA COM MOTOR A GASOLINA DE 9 HP","UN    ","AS","11.073,25",null,11073.25,"Sinapi 10640"]
[11086,"REJEITO DE MINERIO DE FERRO PARA PAVIMENTACAO (POSTO PEDREIRA/FORNECEDOR, SEM FRETE)","M3    ","CR","74,92",null,74.92,"Sinapi 11086"]
[34356,"REJUNTE BRANCO, CIMENTICIO","KG    ","CR","2,29",null,2.29,"Sinapi 34356"]
[34357,"REJUNTE COLORIDO, CIMENTICIO","KG    ","CR","2,54",null,2.54,"Sinapi 34357"]
[37329,"REJUNTE EPOXI BRANCO","KG    ","CR","35,44",null,35.44,"Sinapi 37329"]
[37398,"REJUNTE EPOXI COR","KG    ","CR","45,36",null,45.36,"Sinapi 37398"]
[2510,"RELE FOTOELETRICO INTERNO E EXTERNO BIVOLT 1000 W, DE CONECTOR, SEM BASE","UN    ","CR","17,44",null,17.440000000000001,"Sinapi 2510"]
[12359,"RELE TERMICO BIMETAL PARA USO EM MOTORES TRIFASICOS, TENSAO 380 V, POTENCIA ATE 15 CV, CORRENTE NOMINAL MAXIMA 22 A","UN    ","AS","109,29",null,109.29,"Sinapi 12359"]
[5320,"REMOVEDOR DE TINTA OLEO/ESMALTE VERNIZ","L     ","CR","29,60",null,29.6,"Sinapi 5320"]
[7353,"RESINA ACRILICA BASE AGUA - COR BRANCA","L     ","CR","23,88",null,23.88,"Sinapi 7353"]
[36144,"RESPIRADOR DESCARTAVEL SEM VALVULA DE EXALACAO, PFF 1","UN    ","CR","1,22",null,1.22,"Sinapi 36144"]
[10518,"RETARDO PARA CORDEL DETONANTE","UN    ","AS","66,45",null,66.45,"Sinapi 10518"]
[36530,"RETROESCAVADEIRA SOBRE RODAS COM CARREGADEIRA, TRACAO 4 X 2, POTENCIA LIQUIDA 79 HP, PESO OPERACIONAL MINIMO DE 6570 KG, CAPACIDADE DA CARREGADEIRA DE 1,00 M3 E DA  RETROESCAVADEIRA MINIMA DE 0,20 M3, PROFUNDIDADE DE ESCAVACAO MAXIMA DE 4,37 M","UN    ","AS","216.658,53",null,216658.53,"Sinapi 36530"]
[6046,"RETROESCAVADEIRA SOBRE RODAS COM CARREGADEIRA, TRACAO 4 X 4, POTENCIA LIQUIDA 72 HP, PESO OPERACIONAL MINIMO DE 7140 KG, CAPACIDADE MINIMA DA CARREGADEIRA DE 0,79 M3 E DA RETROESCAVADEIRA MINIMA DE 0,18 M3, PROFUNDIDADE DE ESCAVACAO MAXIMA DE 4,50 M","UN    ","AS","235.000,00",null,235000,"Sinapi 6046"]
[36531,"RETROESCAVADEIRA SOBRE RODAS COM CARREGADEIRA, TRACAO 4 X 4, POTENCIA LIQUIDA 88 HP, PESO OPERACIONAL MINIMO DE 6674 KG, CAPACIDADE DA CARREGADEIRA DE 1,00 M3 E DA  RETROESCAVADEIRA MINIMA DE 0,26 M3, PROFUNDIDADE DE ESCAVACAO MAXIMA DE 4,37 M","UN    ","AS","243.597,54",null,243597.54,"Sinapi 36531"]
[34684,"REVESTIMENTO DE PAREDE EM GRANILITE, MARMORITE OU GRANITINA - ESP = 5 MM (INCLUSO EXECUCAO)","M2    ","CR","147,82",null,147.82,"Sinapi 34684"]
[34683,"REVESTIMENTO DE PAREDE EM GRANILITE, MARMORITE OU GRANITINA COLORIDO - ESP = 5 MM (INCLUSO EXECUCAO)","M2    ","CR","92,39",null,92.39,"Sinapi 34683"]
[533,"REVESTIMENTO EM CERAMICA ESMALTADA COMERCIAL, PEI MENOR OU IGUAL A 3, FORMATO MENOR OU IGUAL A 2025 CM2","M2    ","CR","17,28",null,17.28,"Sinapi 533"]
[10515,"REVESTIMENTO EM CERAMICA ESMALTADA EXTRA, PEI MAIOR OU IGUAL 4, FORMATO MAIOR A 2025 CM2","M2    ","CR","44,56",null,44.56,"Sinapi 10515"]
[536,"REVESTIMENTO EM CERAMICA ESMALTADA EXTRA, PEI MENOR OU IGUAL A 3, FORMATO MENOR OU IGUAL A 2025 CM2","M2    ","C ","29,28",null,29.28,"Sinapi 536"]
[153,"REVESTIMENTO EPOXI DE ALTA RESISTENCIA QUIMICA, ISENTO DE SOLVENTES, BICOMPONENTE","L     ","CR","70,14",null,70.14,"Sinapi 153"]
[34682,"REVESTIMENTO PARA ESCADA EM GRANILITE, MARMORITE OU GRANITINA ESP = 8 MM (INCLUSO EXECUCAO)","M2    ","CR","70,65",null,70.650000000000006,"Sinapi 34682"]
[20205,"RIPA DE MADEIRA APARELHADA *1,5 X 5* CM, MACARANDUBA, ANGELIM OU EQUIVALENTE DA REGIAO","M     ","CR","2,63",null,2.63,"Sinapi 20205"]
[4412,"RIPA DE MADEIRA NAO APARELHADA *1 X 3* CM, MACARANDUBA, ANGELIM OU EQUIVALENTE DA REGIAO","M     ","CR","1,66",null,1.66,"Sinapi 4412"]
[4408,"RIPA DE MADEIRA NAO APARELHADA *1,5 X 5* CM, MACARANDUBA, ANGELIM OU EQUIVALENTE DA REGIAO","M     ","CR","2,25",null,2.25,"Sinapi 4408"]
[4505,"RIPA DE MADEIRA NAO APARELHADA *2 X 7* CM, PINUS, MISTA OU EQUIVALENTE DA REGIAO","M     ","CR","1,55",null,1.55,"Sinapi 4505"]
[10559,"ROCADEIRA COSTAL COM MOTOR A GASOLINA DE *32* CC","UN    ","AS","2.635,00",null,2635,"Sinapi 10559"]
[10664,"ROCADEIRA DESLOCAVEL, LARGURA DE TRABALHO DE 1,3 M","UN    ","AS","7.161,36",null,7161.36,"Sinapi 10664"]
[36250,"RODAFORRO EM PVC, PARA FORRO DE PVC, COMPRIMENTO 6 M","M     ","CR","2,23",null,2.23,"Sinapi 36250"]
[10857,"RODAPE ARDOSIA, CINZA, 10 CM, E= *1CM","M     ","CR","20,08",null,20.079999999999998,"Sinapi 10857"]
[4803,"RODAPE DE BORRACHA LISO, H = 70 MM, E = *2* MM, PARA ARGAMASSA, PRETO","M     ","CR","21,69",null,21.69,"Sinapi 4803"]
[6186,"RODAPE DE MADEIRA MACICA CUMARU/IPE CHAMPANHE OU EQUIVALENTE DA REGIAO, *1,5 X 7 CM","M     ","AS","9,80",null,9.8000000000000007,"Sinapi 6186"]
[4829,"RODAPE EM MARMORE, POLIDO, BRANCO COMUM, L= *7* CM, E=  *2* CM, CORTE RETO","M     ","CR","24,93",null,24.93,"Sinapi 4829"]
[39829,"RODAPE EM POLIESTIRENO, BRANCO, H = *5* CM, E = *1,5* CM","M     ","C ","20,00",null,20,"Sinapi 39829"]
[20231,"RODAPE OU RODABANCADA EM GRANITO, POLIDO, TIPO ANDORINHA/ QUARTZ/ CASTELO/ CORUMBA OU OUTROS EQUIVALENTES DA REGIAO, H= 10 CM, E=  *2,0* CM","M     ","CR","49,11",null,49.11,"Sinapi 20231"]
[4804,"RODAPE PLANO PARA PISO VINILICO, H = 5 CM","M     ","CR","16,65",null,16.649999999999999,"Sinapi 4804"]
[34680,"RODAPE PRE-MOLDADO DE GRANILITE, MARMORITE OU GRANITINA L = 10 CM","M     ","CR","21,73",null,21.73,"Sinapi 34680"]
[11573,"RODIZIO PARA TRILHO (TIPO NAPOLEAO),  EM LATAO, COM ROLAMENTO EM ACO, 6 MM, PARA JANELA DE CORRER","UN    ","CR","5,73",null,5.73,"Sinapi 11573"]
[38401,"RODO PARA CHAO 40 CM COM CABO","UN    ","CR","11,40",null,11.4,"Sinapi 38401"]
[38179,"ROLDANA CONCOVA DUPLA, EM CHAPA DE ACO, ROLAMENTO INTERNO BLINDADO DE ACO REVESTIDO EM NYLON, PARA PORTA DE CORRER","UN    ","CR","25,12",null,25.12,"Sinapi 38179"]
[11575,"ROLDANA DUPLA, EM ZAMAC COM CHAPA DE LATAO, ROLAMENTOS EM ACO, PARA PORTA E JANELA DE CORRER","UN    ","CR","27,11",null,27.11,"Sinapi 11575"]
[20256,"ROLDANA PLASTICA COM PREGO, TAMANHO 30 X 30 MM, PARA INSTALACAO ELETRICA APARENTE","UN    ","CR","0,29",null,0.28999999999999998,"Sinapi 20256"]
[14511,"ROLO COMPACTADOR DE PNEUS, ESTATICO, PRESSAO VARIAVEL, POTENCIA 110 HP, PESO SEM/COM LASTRO 10,8/27 T, LARGURA DE ROLAGEM 2,30 M","UN    ","AS","478.796,97",null,478796.97,"Sinapi 14511"]
[10642,"ROLO COMPACTADOR DE PNEUS, ESTATICO, PRESSAO VARIAVEL, POTENCIA 111 HP, PESO SEM/COM LASTRO 9,5/26,0 T, LARGURA DE ROLAGEM 1,90 M","UN    ","AS","451.050,00",null,451050,"Sinapi 10642"]
[14489,"ROLO COMPACTADOR PE DE CARNEIRO VIBRATORIO, POTENCIA 125 HP, PESO OPERACIONAL SEM/COM LASTRO 11,95/13,30 T, IMPACTO DINAMICO 38,5/22,5 T, LARGURA DE TRABALHO 2,15 M","UN    ","AS","400.072,96",null,400072.96000000002,"Sinapi 14489"]
[14513,"ROLO COMPACTADOR PE DE CARNEIRO VIBRATORIO, POTENCIA 80 HP, PESO OPERACIONAL SEM/COM LASTRO 7,4/8,8 T, LARGURA DE TRABALHO 1,68 M","UN    ","AS","300.064,21",null,300064.21000000002,"Sinapi 14513"]
[13600,"ROLO COMPACTADOR VIBRATORIO DE UM CILINDRO LISO DE ACO, POTENCIA 125 HP, PESO SEM/COM LASTRO 10,75/12,92 T, IMPACTO DINAMICO 31,5/18,5 T, LARGURA TRABALHO 2,15 M","UN    ","AS","387.167,33",null,387167.33,"Sinapi 13600"]
[10646,"ROLO COMPACTADOR VIBRATORIO DE UM CILINDRO, ACO LISO, POTENCIA 80 HP, PESO OPERACIONAL MAXIMO 8,1 T, IMPACTO DINAMICO 16,15/9,5 T, LARGURA TRABALHO 1,68 M","UN    ","AS","288.607,45",null,288607.45,"Sinapi 10646"]
[6070,"ROLO COMPACTADOR VIBRATORIO PE DE CARNEIRO, COM CONTROLE REMOTO POR RADIO, POTENCIA  12,5 KW, PESO OPERACIONAL DE 1,675 T, LARGURA DE TRABALHO 0,85 M","UN    ","AS","394.346,56",null,394346.56,"Sinapi 6070"]
[6069,"ROLO COMPACTADOR VIBRATORIO REBOCAVEL, CILINDRO DE ACO LISO, POTENCIA DE TRACAO DE 65 CV, PESO DE 4,7 T, IMPACTO DINAMICO TOTAL DE 18,3 T, LARGURA DO ROLO 1,67 M","UN    ","AS","87.117,10",null,87117.1,"Sinapi 6069"]
[14626,"ROLO COMPACTADOR VIBRATORIO TANDEM, ACO LISO, POTENCIA 125 HP, PESO SEM/COM LASTRO 10,20/11,65 T, LARGURA DE TRABALHO 1,73 M","UN    ","AS","431.719,30",null,431719.3,"Sinapi 14626"]
[6067,"ROLO COMPACTADOR VIBRATORIO TANDEM, ACO LISO, POTENCIA 58 CV, PESO SEM/COM LASTRO 6,5/9,4 T, LARGURA DE TRABALHO 1,20 M","UN    ","AS","354.396,43",null,354396.43,"Sinapi 6067"]
[38393,"ROLO DE ESPUMA POLIESTER 23 CM (SEM CABO)","UN    ","C ","12,46",null,12.46,"Sinapi 38393"]
[38390,"ROLO DE LA DE CARNEIRO 23 CM (SEM CABO)","UN    ","CR","27,63",null,27.63,"Sinapi 38390"]
[36532,"ROMPEDOR ELETRICO PESO 26 KG, POTENCIA OPERACIONAL DE 2,5 KW","UN    ","CR","16.109,08",null,16109.08,"Sinapi 36532"]
[11578,"ROSETA QUADRADA, SEM FUROS, EM ACO INOX POLIDO, LARGURA APROXIMADA DE 50 MM, PARA FECHADURA DE PORTA - PARAFUSOS INCLUIDOS","UN    ","CR","8,70",null,8.6999999999999993,"Sinapi 11578"]
[11577,"ROSETA REDONDA DE SOBREPOR, SEM FUROS, EM ACO INOX POLIDO, DIAMETRO APROXIMADO DE 50 MM, PARA FECHADURA DE PORTA - PARAFUSOS INCLUIDOS","UN    ","CR","8,31",null,8.31,"Sinapi 11577"]
[42432,"ROTACAO DIAGONAL DUPLA, APARELHO TRIPLO, EM TUBO DE ACO CARBONO, PINTURA NO PROCESSO ELETROSTATICO - EQUIPAMENTO DE GINASTICA PARA ACADEMIA AO AR LIVRE / ACADEMIA DA TERCEIRA IDADE - ATI","UN    ","AS","1.377,27",null,1377.27,"Sinapi 42432"]
[42437,"ROTACAO VERTICAL DUPLO, EM TUBO DE ACO CARBONO, PINTURA NO PROCESSO ELETROSTATICO - EQUIPAMENTO DE GINASTICA PARA ACADEMIA AO AR LIVRE / ACADEMIA DA TERCEIRA IDADE - ATI","UN    ","AS","1.047,09",null,1047.0899999999999,"Sinapi 42437"]
[1116,"RUFO EXTERNO DE CHAPA DE ACO GALVANIZADA NUM 26, CORTE 25 CM","M     ","CR","11,00",null,11,"Sinapi 1116"]
[1115,"RUFO EXTERNO DE CHAPA DE ACO GALVANIZADA NUM 26, CORTE 28 CM","M     ","CR","13,18",null,{"$f":"IF(E4169=\"\",\"\",E4169+0)","v":13.18},{"$f":"IF(G4169=\"\",\"\",CONCATENATE(\"Sinapi \",A4169))","v":"Sinapi 1115"}]
[1113,"RUFO EXTERNO/INTERNO DE CHAPA DE ACO GALVANIZADA NUM 26, CORTE 33 CM","M     ","CR","15,41",null,15.41,"Sinapi 1113"]
[1114,"RUFO INTERNO DE CHAPA DE ACO GALVANIZADA NUM 26, CORTE 50 CM","M     ","CR","18,35",null,18.350000000000001,"Sinapi 1114"]
[40873,"RUFO INTERNO/EXTERNO DE CHAPA DE ACO GALVANIZADA NUM 24, CORTE 25 CM","M     ","CR","14,36",null,14.36,"Sinapi 40873"]
[40872,"RUFO INTERNO/EXTERNO DE CHAPA DE ACO GALVANIZADA NUM 24, CORTE 25 CM (COLETADO CAIXA)","M     ","CR","16,18",null,16.18,"Sinapi 40872"]
[20214,"RUFO PARA TELHA ESTRUTURAL DE FIBROCIMENTO 1 ABA (SEM AMIANTO)","UN    ","CR","24,80",null,24.8,"Sinapi 20214"]
[11064,"RUFO PARA TELHA ESTRUTURAL DE FIBROCIMENTO 2 ABAS, COMPRIMENTO DE 1031 MM (SEM AMIANTO)","UN    ","CR","10,51",null,10.51,"Sinapi 11064"]
[7237,"RUFO PARA TELHA ONDULADA DE FIBROCIMENTO, E = 6 MM, ABA *260* MM, COMPRIMENTO 1100 MM (SEM AMIANTO)","UN    ","CR","14,34",null,14.34,"Sinapi 7237"]
[16,"SABAO EM PO","KG    ","CR","6,17",null,6.17,"Sinapi 16"]
[11757,"SABONETEIRA DE PAREDE EM METAL CROMADO","UN    ","C ","23,90",null,23.9,"Sinapi 11757"]
[11758,"SABONETEIRA PLASTICA TIPO DISPENSER PARA SABONETE LIQUIDO COM RESERVATORIO 800 A 1500 ML","UN    ","C ","39,90",null,39.9,"Sinapi 11758"]
[37526,"SACO DE RAFIA PARA ENTULHO, NOVO, LISO (SEM CLICHE), *60 x 90* CM","UN    ","AS","2,55",null,2.5499999999999998,"Sinapi 37526"]
[6076,"SAIBRO PARA ARGAMASSA (COLETADO NO COMERCIO)","M3    ","C ","53,45",null,53.45,"Sinapi 6076"]
[13109,"SAPATA DE PVC ADITIVADO NERVURADO D = 6\"","UN    ","AS","176,02",null,176.02,"Sinapi 13109"]
[13110,"SAPATA DE PVC ADITIVADO NERVURADO D = 8\"","UN    ","AS","231,65",null,231.65,"Sinapi 13110"]
[7581,"SAPATILHA EM ACO GALVANIZADO PARA CABOS COM DIAMETRO NOMINAL ATE 5/8\"","UN    ","AS","2,57",null,2.57,"Sinapi 7581"]
[20206,"SARRAFO DE MADEIRA APARELHADA *2 X 10* CM, MACARANDUBA, ANGELIM OU EQUIVALENTE DA REGIAO","M     ","CR","7,78",null,7.78,"Sinapi 20206"]
[4460,"SARRAFO DE MADEIRA NAO APARELHADA *2,5 X 10 CM, MACARANDUBA, ANGELIM OU EQUIVALENTE DA REGIAO","M     ","CR","9,34",null,9.34,"Sinapi 4460"]
[6204,"SARRAFO DE MADEIRA NAO APARELHADA *2,5 X 15* CM, MACARANDUBA, ANGELIM OU EQUIVALENTE DA REGIAO","M     ","CR","13,95",null,13.95,"Sinapi 6204"]
[4417,"SARRAFO DE MADEIRA NAO APARELHADA *2,5 X 7* CM, MACARANDUBA, ANGELIM OU EQUIVALENTE DA REGIAO","M     ","CR","5,36",null,5.36,"Sinapi 4417"]
[4517,"SARRAFO DE MADEIRA NAO APARELHADA *2,5 X 7,5* CM (1 X 3 \") PINUS, MISTA OU EQUIVALENTE DA REGIAO","M     ","CR","1,24",null,1.24,"Sinapi 4517"]
[4512,"SARRAFO DE MADEIRA NAO APARELHADA 2,5 X 5 CM (1 X 2 \") PINUS, MISTA OU EQUIVALENTE DA REGIAO","M     ","CR","0,90",null,0.9,"Sinapi 4512"]
[4415,"SARRAFO DE MADEIRA NAO APARELHADA 2,5 X 5 CM, MACARANDUBA, ANGELIM OU EQUIVALENTE DA REGIAO","M     ","CR","4,50",null,4.5,"Sinapi 4415"]
[37373,"SEGURO - HORISTA (COLETADO CAIXA)","H     ","C ","0,07",null,7.0000000000000007E-2,"Sinapi 37373"]
[40864,"SEGURO - MENSALISTA (COLETADO CAIXA)","MES   ","C ","13,07",null,13.07,"Sinapi 40864"]
[4734,"SEIXO ROLADO PARA APLICACAO EM CONCRETO (POSTO PEDREIRA/FORNECEDOR, SEM FRETE)","M3    ","CR","106,62",null,106.62,"Sinapi 4734"]
[6085,"SELADOR ACRILICO PAREDES INTERNAS/EXTERNAS","L     ","C ","7,75",null,7.75,"Sinapi 6085"]
[38396,"SELADOR HORIZONTAL PARA FITA DE ACO 1 \"","UN    ","CR","513,66",null,513.66,"Sinapi 38396"]
[6090,"SELADOR PVA PAREDES INTERNAS","L     ","CR","14,72",null,14.72,"Sinapi 6090"]
[11622,"SELANTE A BASE DE ALCATRAO E POLIURETANO PARA JUNTAS HORIZONTAIS","KG    ","CR","52,85",null,52.85,"Sinapi 11622"]
[6094,"SELANTE A BASE DE RESINAS ACRILICAS PARA TRINCAS","KG    ","CR","24,90",null,24.9,"Sinapi 6094"]
[43143,"SELANTE ACRILICO PARA TRATAMENTO / ACABAMENTO SUPERFICIAL DE CONCRETO ESTAMPADO, APARENTE, PEDRAS E OUTROS","L     ","CR","19,96",null,19.96,"Sinapi 43143"]
[7317,"SELANTE DE BASE ASFALTICA PARA VEDACAO","KG    ","CR","28,66",null,28.66,"Sinapi 7317"]
[142,"SELANTE ELASTICO MONOCOMPONENTE A BASE DE POLIURETANO (PU) PARA JUNTAS DIVERSAS","310ML ","CR","24,94",null,24.94,"Sinapi 142"]
[43142,"SELANTE MONOCOMPONENTE A BASE DE SILICONE DE BAIXO MODULO, PARA JUNTAS DE PAVIMENTACAO","L     ","CR","113,28",null,113.28,"Sinapi 43142"]
[38123,"SELANTE TIPO VEDA CALHA PARA METAL E FIBROCIMENTO","KG    ","C ","49,64",null,49.64,"Sinapi 38123"]
[42701,"SELIM COMPACTO EM PVC, SEM TRAVA,  DN 150 X 100 MM, PARA REDE COLETORA ESGOTO (NBR 10569)","UN    ","AS","26,82",null,26.82,"Sinapi 42701"]
[42702,"SELIM COMPACTO EM PVC, SEM TRAVA,  DN 200 X 100 MM, PARA REDE COLETORA ESGOTO (NBR 10569)","UN    ","AS","47,67",null,47.67,"Sinapi 42702"]
[37955,"SELIM COMPACTO EM PVC, SEM TRAVAS,  DN 300 X 100 MM, PARA REDE COLETORA ESGOTO (NBR 10569)","UN    ","AS","61,77",null,61.77,"Sinapi 37955"]
[42699,"SELIM PVC, COM TRAVA, JE, 90 GRAUS,  DN 125 X 100 MM OU 150 X 100 MM, PARA REDE COLETORA ESGOTO (NBR 10569)","UN    ","AS","16,38",null,16.38,"Sinapi 42699"]
[42700,"SELIM PVC, SOLDAVEL, SEM TRAVA, JE, 90 GRAUS,  DN 200 X 100 MM, PARA REDE COLETORA ESGOTO (NBR 10569)","UN    ","AS","46,71",null,46.71,"Sinapi 42700"]
[37743,"SEMIRREBOQUE COM DOIS EIXOS EM TANDEM TIPO BASCULANTE COM CACAMBA METALICA 14 M3  (INCLUI MONTAGEM, NAO INCLUI CAVALO MECANICO)","UN    ","AS","118.650,34",null,118650.34,"Sinapi 37743"]
[37744,"SEMIRREBOQUE COM TRES EIXOS EM TANDEM TIPO BASCULANTE COM CACAMBA METALICA 18 M3 (INCLUI MONTAGEM, NAO INCLUI CAVALO MECANICO)","UN    ","AS","139.510,48",null,139510.48000000001,"Sinapi 37744"]
[37741,"SEMIRREBOQUE COM TRES EIXOS, PARA TRANSPORTE DE CARGA SECA, DIMENSOES APROXIMADAS 2,60 X 12,50 X 0,50 M (NAO INCLUI CAVALO MECANICO)","UN    ","AS","107.888,11",null,107888.11,"Sinapi 37741"]
[39396,"SENSOR DE PRESENCA BIVOLT COM FOTOCELULA PARA QUALQUER TIPO DE LAMPADA, POTENCIA MAXIM